{"text_format":"3","workbook":"xlsx","n_sheets":10,"sheets":["Rest of cables (2)","Rest of cables (3)","Combined","Racking","FRI","Duvha Ps","Duvha","Kusile","Racking and Earthing","BOQ"],"not_rendered":{"external_links":20,"defined_names":1174,"comments":3},"read":"whole","date_system":"1900"}

{"sheet":"Rest of cables (2)","index":0,"n_rows":180,"n_cols":17,"rows_kept":180,"hidden":true,"merged":[[3,0,3,2],[3,5,3,7]]}
[]
["Tutuka Power Station: GX COAL PROJECTS"]
[]
["Pricing Schudule",{"$nulls":4},"CONTRACT BOQ"]
[{"$nulls":9},"U6 Sub east"]
[null,"ITEM","DESCRIPTION","CPA Formula","UOM","Qty","Rate","Total",null,"Qty","Rate","CPA","Grand Rate","-Profit Margin 20%","Amount"]
[null,null," UNIT 1 - 6 MV CABLES",null,"m"]
[null,null,"Installation of New MV Cables including fixing materials ","`","m"]
[null,null,"XLPE 11KV",null,"m"]
[null,null,"500mm2 x 1 core (EXX01WCV) 6.35kV/11kV  (Trefoil clamps) Cut & Join",null,"m"]
[{"$f":"C10","v":"500mm2 x 1 core (EXX01WCV) 6.35kV/11kV  (Trefoil clamps) Cut & Join"},2.001,"Supply","E","m",20000,{"v":1422.22,"d":"1,422.22"},{"$f":"G11*F11","v":{"v":28444400,"d":"28,444,400.00"}},null,null,{"v":1422.22,"d":"1,422.22"},{"$f":"0.330975870321115*K11","v":{"v":470.72050228809616,"d":"470.72"}},{"$f":"L11+K11","v":{"v":1892.9405022880962,"d":"1,892.94"}},{"v":1577.45,"d":"1,577.45"},{"$f":"N11*J11","v":0}]
[{"$f":"C10","v":"500mm2 x 1 core (EXX01WCV) 6.35kV/11kV  (Trefoil clamps) Cut & Join"},2.002,"Installation","A","m",20000,117.05,{"$f":"G12*F12","v":{"v":2341000,"d":"2,341,000.00"}},{"$nulls":3},{"$f":"0.330975870321115*K12","v":0},{"$f":"L12+K12","v":0},0,{"$f":"N12*J12","v":0}]
[null,null,"500mm2 x 1 core (EXX01WCV) 6.35kV/11kV  (Trefoil clamps) New",null,"m",null,null,0,{"$nulls":3},0,0,0,0]
[{"$f":"C13","v":"500mm2 x 1 core (EXX01WCV) 6.35kV/11kV  (Trefoil clamps) New"},2.003,"Supply","E","m",8020,{"v":1422.22,"d":"1,422.22"},{"v":11406204.4,"d":"11,406,204.40"},null,{"v":7800,"d":"7,800.00"},{"v":1422.22,"d":"1,422.22"},{"v":470.72050228809616,"d":"470.72"},{"v":1892.9405022880962,"d":"1,892.94"},{"v":1577.45,"d":"1,577.45"},{"v":12304110,"d":"12,304,110.00"}]
[{"$f":"C13","v":"500mm2 x 1 core (EXX01WCV) 6.35kV/11kV  (Trefoil clamps) New"},2.004,"Installation","A","m",8020,117.05,{"v":938741,"d":"938,741.00"},{"$nulls":3},0,0,0,0]
[null,null,"XLPE 11KV",null,"m",null,null,0,{"$nulls":3},0,0,0,0]
[null,null,"300mm2 x 1 core (EXX01UCM) 6.35kV/11kV   ",null,"m",null,null,0,{"$nulls":3},0,0,0,0]
[{"$f":"C17","v":"300mm2 x 1 core (EXX01UCM) 6.35kV/11kV   "},2.005,"Supply","E","m",7500,905.62,{"v":6792150,"d":"6,792,150.00"},null,null,905.62,{"v":299.73836768020817,"d":"299.74"},{"v":1205.3583676802082,"d":"1,205.36"},{"v":1004.47,"d":"1,004.47"},0]
[{"$f":"C17","v":"300mm2 x 1 core (EXX01UCM) 6.35kV/11kV   "},2.006,"Installation","A","m",7500,103.38,{"v":775350,"d":"775,350.00"},{"$nulls":3},0,0,0,0]
[null,null,"120mm2 x 1core (EXX01QCV) 6.35 kV/11kV New",null,"m",null,null,0,{"$nulls":3},0,0,0,0]
[{"$f":"C20","v":"120mm2 x 1core (EXX01QCV) 6.35 kV/11kV New"},2.007,"Supply","E","m",14400,417.34,{"v":6009696,"d":"6,009,696.00"},null,null,417.34,{"v":138.12946971981413,"d":"138.13"},{"v":555.4694697198141,"d":"555.47"},462.89,0]
[{"$f":"C20","v":"120mm2 x 1core (EXX01QCV) 6.35 kV/11kV New"},2.008,"Installation","A","m",14400,52.17,{"v":751248,"d":"751,248.00"},{"$nulls":3},0,0,0,0]
[null,null,"150mm2 x 1core (EXX01RCV) 6.35 kV/11kV Cut & Join\n",null,"m",null,null,0,{"$nulls":3},0,0,0,0]
[{"$f":"C23","v":"150mm2 x 1core (EXX01RCV) 6.35 kV/11kV Cut & Join\n"},2.009,"Supply","E","m",1200,501.98,{"v":602376,"d":"602,376.00"},null,null,501.98,{"v":166.1432673837933,"d":"166.14"},{"v":668.1232673837933,"d":"668.12"},556.77,0]
[{"$f":"C23","v":"150mm2 x 1core (EXX01RCV) 6.35 kV/11kV Cut & Join\n"},{"v":2.01,"d":"2.010"},"Installation","A","m",1200,76.72,{"v":92064,"d":"92,064.00"},{"$nulls":3},0,0,0,0]
[null,null,"XLPE 3.3kV",null,"m",null,null,0,{"$nulls":3},0,0,0,0]
[null,null,"630mm2 x 1core (CXX01XCV)  3.8kV/6.6kV",null,"m",null,null,0,{"$nulls":3},0,0,0,0]
[{"$f":"C27","v":"630mm2 x 1core (CXX01XCV)  3.8kV/6.6kV"},2.011,"Supply","E","m",5000,{"v":1820.02,"d":"1,820.02"},{"v":9100100,"d":"9,100,100.00"},null,{"v":2700,"d":"2,700.00"},{"v":1820.02,"d":"1,820.02"},{"v":602.3827035018356,"d":"602.38"},{"v":2422.4027035018357,"d":"2,422.40"},{"v":2018.67,"d":"2,018.67"},{"v":5450409,"d":"5,450,409.00"}]
[{"$f":"C27","v":"630mm2 x 1core (CXX01XCV)  3.8kV/6.6kV"},2.012,"Installation","A","m",5000,117.05,{"v":585250,"d":"585,250.00"},{"$nulls":3},0,0,0,0]
[null,null,"120mm x 3 core (CXX03QCV) 3.8kV/6.6kV",null,"m",null,null,0,{"$nulls":3},0,0,0,0]
[{"$f":"C30","v":"120mm x 3 core (CXX03QCV) 3.8kV/6.6kV"},2.013,"Supply","E","m",720,{"v":1472.65,"d":"1,472.65"},{"v":1060308,"d":"1,060,308.00"},null,{"v":300,"d":"300.00"},{"v":1472.65,"d":"1,472.65"},{"v":487.41161542839,"d":"487.41"},{"v":1960.06161542839,"d":"1,960.06"},{"v":1633.38,"d":"1,633.38"},{"v":490014.00000000006,"d":"490,014.00"}]
[{"$f":"C30","v":"120mm x 3 core (CXX03QCV) 3.8kV/6.6kV"},2.014,"Installation","A","m",720,73.47,{"v":52898.4,"d":"52,898.40"},{"$nulls":3},0,0,0,0]
[null,null,"70mm2 x 3 core (CXX03NCV) 3.8kV/6.6kV",null,"m",null,null,0,{"$nulls":3},0,0,0,0]
[{"$f":"C33","v":"70mm2 x 3 core (CXX03NCV) 3.8kV/6.6kV"},2.015,"Supply","E","m",2160,860.35,{"v":1858356,"d":"1,858,356.00"},null,{"v":600,"d":"600.00"},860.35,{"v":284.75509003077127,"d":"284.76"},{"v":1145.1050900307714,"d":"1,145.11"},954.25,{"v":572550,"d":"572,550.00"}]
[{"$f":"C33","v":"70mm2 x 3 core (CXX03NCV) 3.8kV/6.6kV"},2.016,"Installation","A","m",2160,64.61,{"v":139557.6,"d":"139,557.60"},{"$nulls":3},0,0,0,0]
[null,null,"240mm2 x 3 core (CXX03TCV) 3.8kV/6.6kV",null,"m",null,null,0,{"$nulls":3},0,0,0,0]
[{"$f":"C36","v":"240mm2 x 3 core (CXX03TCV) 3.8kV/6.6kV"},2.017,"Supply","E","m",1080,{"v":2399.34,"d":"2,399.34"},{"v":2591287.2,"d":"2,591,287.20"},null,{"$f":"300+300","v":{"v":600,"d":"600.00"}},{"v":2399.34,"d":"2,399.34"},{"v":794.123644696264,"d":"794.12"},{"v":3193.463644696264,"d":"3,193.46"},{"v":2661.22,"d":"2,661.22"},{"v":1596731.9999999998,"d":"1,596,732.00"}]
[{"$f":"C36","v":"240mm2 x 3 core (CXX03TCV) 3.8kV/6.6kV"},2.018,"Installation","A","m",1080,167.14,{"v":180511.19999999998,"d":"180,511.20"},{"$nulls":3},0,0,0,0]
[{"$nulls":4},"m",null,null,0,{"$nulls":3},0,0,0,0]
[null,null,"Sub-Total for per unit",null,"m",null,null,0,{"$nulls":3},0,0,0,0]
[{"$nulls":4},"m",null,null,0,{"$nulls":3},0,0,0,0]
[{"$nulls":4},"m",null,null,0,{"$nulls":3},0,0,0,0]
[null,null,"COMMON PLANT - MV CABLES ",null,"m",null,null,0,{"$nulls":3},0,0,0,0]
[null,null,"Installation of New MV Cables includiding fixing materials ",null,"m",null,null,0,{"$nulls":3},0,0,0,0]
[null,null,"XLPE 11kV",null,"m",null,null,0,{"$nulls":3},0,0,0,0]
[null,null,"500mm2 x 1 core (EXX01WCV) 6.35kV/11kV  (Trefoil clamps) ",null,"m",null,null,0,{"$nulls":3},0,0,0,0]
[{"$f":"C46","v":"500mm2 x 1 core (EXX01WCV) 6.35kV/11kV  (Trefoil clamps) "},2.059,"Supply","E","m",5940,{"v":1400.31,"d":"1,400.31"},{"v":8317841.399999999,"d":"8,317,841.40"},null,{"v":4200,"d":"4,200.00"},{"v":1400.31,"d":"1,400.31"},{"v":463.4688209693605,"d":"463.47"},{"v":1863.7788209693604,"d":"1,863.78"},{"v":1553.15,"d":"1,553.15"},{"v":6523230,"d":"6,523,230.00"}]
[{"$f":"C46","v":"500mm2 x 1 core (EXX01WCV) 6.35kV/11kV  (Trefoil clamps) "},{"v":2.06,"d":"2.060"},"Installation","A","m",5940,117.05,{"v":695277,"d":"695,277.00"},{"$nulls":3},0,0,0,0]
[null,null,"185mm2 x 3 core (EXX03SCV) 6.35 kV/11kV ",null,"m",null,null,0,{"$nulls":3},0,0,0,0]
[{"$f":"C49","v":"185mm2 x 3 core (EXX03SCV) 6.35 kV/11kV "},2.061,"Supply","E","m",400,{"v":2555.47,"d":"2,555.47"},{"v":1022187.9999999999,"d":"1,022,188.00"},null,null,{"v":2555.47,"d":"2,555.47"},{"v":845.7989073294996,"d":"845.80"},{"v":3401.2689073294996,"d":"3,401.27"},{"v":2834.39,"d":"2,834.39"},0]
[{"$f":"C49","v":"185mm2 x 3 core (EXX03SCV) 6.35 kV/11kV "},2.062,"Installation","A","m",400,152.62,{"v":61048,"d":"61,048.00"},{"$nulls":3},0,0,0,0]
[null,null,"150mm2 x 1core (EXX01RCV) 6.35 kV/11kV \n",null,"m",null,null,0,{"$nulls":3},0,0,0,0]
[{"$f":"C52","v":"150mm2 x 1core (EXX01RCV) 6.35 kV/11kV \n"},2.063,"Supply","E","m",6910,510.09,{"v":3524721.9,"d":"3,524,721.90"},null,{"v":3000,"d":"3,000.00"},510.09,{"v":168.82748169209754,"d":"168.83"},{"v":678.9174816920975,"d":"678.92"},565.76,{"v":1697280,"d":"1,697,280.00"}]
[{"$f":"C52","v":"150mm2 x 1core (EXX01RCV) 6.35 kV/11kV \n"},2.064,"Installation","A","m",6910,76.72,{"v":530135.2,"d":"530,135.20"},{"$nulls":3},0,0,0,0]
[null,null,"95mm2 x 3core (EXX03PCV) 6.35 kV/11kV ",null,"m",null,null,0,{"$nulls":3},0,0,0,0]
[{"$f":"C55","v":"95mm2 x 3core (EXX03PCV) 6.35 kV/11kV "},2.065,"Supply","E","m",150,984.89,{"v":147733.5,"d":"147,733.50"},null,null,984.89,{"v":325.9748249205629,"d":"325.97"},{"v":1310.864824920563,"d":"1,310.86"},{"v":1092.39,"d":"1,092.39"},0]
[{"$f":"C55","v":"95mm2 x 3core (EXX03PCV) 6.35 kV/11kV "},2.066,"Installation","A","m",150,72.68,{"v":10902.000000000002,"d":"10,902.00"},{"$nulls":3},0,0,0,0]
[null,null,"XLPE 3.3kV",null,"m",null,null,0,{"$nulls":3},0,0,0,0]
[null,null,"630mm2 x 1core (CXX01XCV)  3.8kV/6.6kV",null,"m",null,null,0,{"$nulls":3},0,0,0,0]
[{"$f":"C59","v":"630mm2 x 1core (CXX01XCV)  3.8kV/6.6kV"},2.067,"Supply","E","m",540,{"v":1941.99,"d":"1,941.99"},{"v":1048674.6,"d":"1,048,674.60"},null,null,{"v":1941.99,"d":"1,941.99"},{"v":642.7518304049021,"d":"642.75"},{"v":2584.741830404902,"d":"2,584.74"},{"v":2153.95,"d":"2,153.95"},0]
[{"$f":"C59","v":"630mm2 x 1core (CXX01XCV)  3.8kV/6.6kV"},2.068,"Installation","A","m",540,117.05,{"v":63207,"d":"63,207.00"},{"$nulls":3},0,0,0,0]
[null,null,"240mm2 x 3 core (CXX03TCV) 3.8kV/6.6kV",null,"m",null,null,0,{"$nulls":3},0,0,0,0]
[{"$f":"C62","v":"240mm2 x 3 core (CXX03TCV) 3.8kV/6.6kV"},2.069,"Supply","E","m",390,{"v":2105.75,"d":"2,105.75"},{"v":821242.5,"d":"821,242.50"},null,null,{"v":2105.75,"d":"2,105.75"},{"v":696.9524389286879,"d":"696.95"},{"v":2802.702438928688,"d":"2,802.70"},{"v":2335.59,"d":"2,335.59"},0]
[{"$f":"C62","v":"240mm2 x 3 core (CXX03TCV) 3.8kV/6.6kV"},{"v":2.07,"d":"2.070"},"Installation","A","m",390,167.14,{"v":65184.59999999999,"d":"65,184.60"},{"$nulls":3},0,0,0,0]
[null,null,"120mm x 3 core (CXX03QCV) 3.8kV/6.6kV",null,"m",null,null,0,{"$nulls":3},0,0,0,0]
[{"$f":"C65","v":"120mm x 3 core (CXX03QCV) 3.8kV/6.6kV"},2.071,"Supply","E","m",420,{"v":1149.79,"d":"1,149.79"},{"v":482911.8,"d":"482,911.80"},null,null,{"v":1149.79,"d":"1,149.79"},{"v":380.5527459365148,"d":"380.55"},{"v":1530.3427459365148,"d":"1,530.34"},{"v":1275.29,"d":"1,275.29"},0]
[{"$f":"C65","v":"120mm x 3 core (CXX03QCV) 3.8kV/6.6kV"},2.072,"Installation","A","m",420,73.47,{"v":30857.399999999998,"d":"30,857.40"},{"$nulls":3},0,0,0,0]
[null,null,"70mm2 x 3 core (CXX03NCV) 3.8kV/6.6kV",null,"m",null,null,0,{"$nulls":3},0,0,0,0]
[{"$f":"C68","v":"70mm2 x 3 core (CXX03NCV) 3.8kV/6.6kV"},2.073,"Supply","E","m",300,764.75,{"v":229425,"d":"229,425.00"},null,null,764.75,{"v":253.11379682807268,"d":"253.11"},{"v":1017.8637968280727,"d":"1,017.86"},848.22,0]
[{"$f":"C68","v":"70mm2 x 3 core (CXX03NCV) 3.8kV/6.6kV"},2.074,"Installation","A","m",300,64.61,{"v":19383,"d":"19,383.00"},{"$nulls":3},0,0,0,0]
[{"$nulls":4},"m",null,null,0,{"$nulls":3},0,0,0,0]
[null,null,"Install new LV Cables including fixing materials",null,"m",null,null,0,{"$nulls":3},0,0,0,0]
[{"$nulls":4},"m",null,null,0,{"$nulls":3},0,0,0,0]
[null,null,"Twisted pair",null,"m",null,null,0,{"$nulls":3},0,0,0,0]
[{"$f":"C74","v":"Twisted pair"},2.198,"Supply","D","m",350,24.03,{"v":8410.5,"d":"8,410.50"},null,null,24.03,{"$f":"0.245591278401759*K75","v":{"v":5.901558419994269,"d":"5.90"}},{"v":29.93155841999427,"d":"29.93"},24.94,0]
[{"$f":"C74","v":"Twisted pair"},2.199,"Install","A","m",350,7.39,{"$f":"G76*F76","v":{"v":2586.5,"d":"2,586.50"}},{"$nulls":3},{"$f":"0.245591278401759*K76","v":0},{"$f":"L76+K76","v":0},0,{"$f":"N76*J76","v":0}]
[null,null,"0.5mm2 x 48core  (UVG48ACM)",null,"m",null,null,0,{"$nulls":3},0,0,0,0]
[{"$f":"C77","v":"0.5mm2 x 48core  (UVG48ACM)"},{"v":2.2,"d":"2.200"},"Supply","D","m",1500,158.72,{"v":238080,"d":"238,080.00"},null,null,158.72,{"v":38.98024770792719,"d":"38.98"},{"v":197.7002477079272,"d":"197.70"},164.75,0]
[{"$f":"C77","v":"0.5mm2 x 48core  (UVG48ACM)"},2.201,"Installation","A","m",1500,39.29,{"v":58935,"d":"58,935.00"},{"$nulls":3},0,0,0,0]
[null,null,"0.5 mm2 x 8core   (UVG08ACV)",null,"m",null,null,0,{"$nulls":3},0,0,0,0]
[{"$f":"C80","v":"0.5 mm2 x 8core   (UVG08ACV)"},2.202,"Supply","D","m",1095,44.79,{"v":49045.049999999996,"d":"49,045.05"},null,null,44.79,{"v":11.000033359614786,"d":"11.00"},{"v":55.79003335961478,"d":"55.79"},46.49,0]
[{"$f":"C80","v":"0.5 mm2 x 8core   (UVG08ACV)"},2.203,"Install","A","m",1095,8.06,{"v":8825.7,"d":"8,825.70"},{"$nulls":3},0,0,0,0]
[null,null,"0.75mm2 x 4core  (BVS04BCV",null,"m",null,null,0,{"$nulls":3},0,0,0,0]
[{"$f":"C83","v":"0.75mm2 x 4core  (BVS04BCV"},2.204,"Supply","D","m",320,14.65,{"v":4688,"d":"4,688.00"},null,null,14.65,{"v":3.5979122285857694,"d":"3.60"},{"v":18.24791222858577,"d":"18.25"},15.21,0]
[{"$f":"C83","v":"0.75mm2 x 4core  (BVS04BCV"},2.205,"Install","A","m",320,8.53,{"v":2729.6,"d":"2,729.60"},{"$nulls":3},0,0,0,0]
[null,null,"0.75mm2 x 16core  (UVG16ADV) Quoted for 0.5mm2",null,"m",null,null,0,{"$nulls":3},0,0,0,0]
[{"$f":"C86","v":"0.75mm2 x 16core  (UVG16ADV) Quoted for 0.5mm2"},2.206,"Supply","D","m",2755,70.48,{"v":194172.40000000002,"d":"194,172.40"},null,null,70.48,{"v":17.309273301755976,"d":"17.31"},{"v":87.78927330175598,"d":"87.79"},73.16,0]
[{"$f":"C86","v":"0.75mm2 x 16core  (UVG16ADV) Quoted for 0.5mm2"},2.207,"Install","A","m",2755,10.72,{"v":29533.600000000002,"d":"29,533.60"},{"$nulls":3},0,0,0,0]
[null,null,"0.75mm2 x 20core  (UVG20ACV Quoted for 0.5mm2",null,"m",null,null,0,{"$nulls":3},0,0,0,0]
[{"$f":"C89","v":"0.75mm2 x 20core  (UVG20ACV Quoted for 0.5mm2"},2.208,"Supply","D","m",2568,78.06,{"v":200458.08000000002,"d":"200,458.08"},null,null,78.06,{"v":19.17085519204131,"d":"19.17"},{"v":97.2308551920413,"d":"97.23"},81.03,0]
[{"$f":"C89","v":"0.75mm2 x 20core  (UVG20ACV Quoted for 0.5mm2"},2.209,"Install","A","m",2568,13.41,{"v":34436.88,"d":"34,436.88"},{"$nulls":3},0,0,0,0]
[null,null,"0.75mm2 x 32core  (UVG32ADV Quoted for 0.5mm2 x 32pr",null,"m",null,null,0,{"$nulls":3},0,0,0,0]
[{"$f":"C92","v":"0.75mm2 x 32core  (UVG32ADV Quoted for 0.5mm2 x 32pr"},{"v":2.21,"d":"2.210"},"Supply","D","m",462,{"v":129.8,"d":"129.80"},{"v":59967.600000000006,"d":"59,967.60"},null,null,{"v":129.8,"d":"129.80"},{"v":31.87774793654832,"d":"31.88"},{"v":161.67774793654834,"d":"161.68"},134.73,0]
[{"$f":"C92","v":"0.75mm2 x 32core  (UVG32ADV Quoted for 0.5mm2 x 32pr"},2.211,"Install","A","m",462,17.87,{"v":8255.94,"d":"8,255.94"},{"$nulls":3},0,0,0,0]
[null,null,"1.5mm2 x 2 core (BVX02CCV)",null,"m",null,null,0,{"$nulls":3},0,0,0,0]
[{"$f":"C95","v":"1.5mm2 x 2 core (BVX02CCV)"},2.212,"Supply","D","m",2000,45.07,{"v":90140,"d":"90,140.00"},null,{"v":2000,"d":"2,000.00"},45.07,{"v":11.068798917567278,"d":"11.07"},{"v":56.13879891756728,"d":"56.14"},46.78,{"v":93560,"d":"93,560.00"}]
[{"$f":"C95","v":"1.5mm2 x 2 core (BVX02CCV)"},2.213,"Install","A","m",2000,7.39,{"v":14780,"d":"14,780.00"},{"$nulls":3},0,0,0,0]
[null,null,"2.5mm2 x 2core  (BVX02DCV)",null,"m",null,null,0,{"$nulls":3},0,0,0,0]
[{"$f":"C98","v":"2.5mm2 x 2core  (BVX02DCV)"},2.214,"Supply","D","m",30000,46.28,{"v":1388400,"d":"1,388,400.00"},null,null,46.28,{"v":11.365964364433408,"d":"11.37"},{"v":57.64596436443341,"d":"57.65"},48.04,0]
[{"$f":"C98","v":"2.5mm2 x 2core  (BVX02DCV)"},2.215,"Install","A","m",30000,8.06,{"v":241800.00000000003,"d":"241,800.00"},{"$nulls":3},0,0,0,0]
[null,null,"2.5mm2 x 4core  (BVX04DCV",null,"m",null,null,0,{"$nulls":3},0,0,0,0]
[{"$f":"C101","v":"2.5mm2 x 4core  (BVX04DCV"},2.216,"Supply","D","m",7966,59.17,{"v":471348.22000000003,"d":"471,348.22"},null,{"v":7966,"d":"7,966.00"},59.17,{"v":14.53163594303208,"d":"14.53"},{"v":73.70163594303209,"d":"73.70"},61.42,{"v":489271.72000000003,"d":"489,271.72"}]
[{"$f":"C101","v":"2.5mm2 x 4core  (BVX04DCV"},2.217,"Install","A","m",7966,8.88,{"v":70738.08,"d":"70,738.08"},{"$nulls":3},0,0,0,0]
[null,null,"2.5mm2 x 3 core (BVX3DCV)",null,"m",null,null,0,{"$nulls":3},0,0,0,0]
[{"$f":"C104","v":"2.5mm2 x 3 core (BVX3DCV)"},2.218,"Supply","D","m",7133,52.31,{"v":373127.23000000004,"d":"373,127.23"},null,{"v":7133,"d":"7,133.00"},52.31,{"v":12.846879773196015,"d":"12.85"},{"v":65.15687977319601,"d":"65.16"},{"v":54.3,"d":"54.30"},{"v":387321.89999999997,"d":"387,321.90"}]
[{"$f":"C104","v":"2.5mm2 x 3 core (BVX3DCV)"},2.219,"Install","A","m",7133,8.38,{"v":59774.54000000001,"d":"59,774.54"},{"$nulls":3},0,0,0,0]
[null,null,"2.5mm2 x4 core cabtyre",null,"m",null,null,0,{"$nulls":3},0,0,0,0]
[{"$f":"C107","v":"2.5mm2 x4 core cabtyre"},{"v":2.22,"d":"2.220"},"Supply","D","m",2500,{"v":22.9,"d":"22.90"},{"v":57250,"d":"57,250.00"},null,null,{"v":22.9,"d":"22.90"},{"v":5.624040275400281,"d":"5.62"},{"v":28.52404027540028,"d":"28.52"},23.77,0]
[{"$f":"C107","v":"2.5mm2 x4 core cabtyre"},2.221,"Install","A","m",2500,9.87,{"v":24674.999999999996,"d":"24,675.00"},{"$nulls":3},0,0,0,0]
[null,null,"2.5mm2 x4 core flexible tail ",null,"m",null,null,0,{"$nulls":3},0,0,0,0]
[{"$f":"C110","v":"2.5mm2 x4 core flexible tail "},2.222,"Supply","D","m",1000,40.42,{"v":40420,"d":"40,420.00"},null,null,40.42,{"v":9.9267994729991,"d":"9.93"},{"v":50.3467994729991,"d":"50.35"},41.96,0]
[{"$f":"C110","v":"2.5mm2 x4 core flexible tail "},2.223,"Install","A","m",1000,{"v":11.1,"d":"11.10"},{"v":11100,"d":"11,100.00"},{"$nulls":3},0,0,0,0]
[null,null,"2.5mm2 x 7core  (BVX07DCV",null,"m",null,null,0,{"$nulls":3},0,0,0,0]
[{"$f":"C113","v":"2.5mm2 x 7core  (BVX07DCV"},2.224,"Supply","D","m",7357,78.71,{"v":579069.47,"d":"579,069.47"},null,null,78.71,{"v":19.33048952300245,"d":"19.33"},{"v":98.04048952300244,"d":"98.04"},{"v":81.7,"d":"81.70"},0]
[{"$f":"C113","v":"2.5mm2 x 7core  (BVX07DCV"},2.225,"Install","A","m",7357,{"v":11.1,"d":"11.10"},{"v":81662.7,"d":"81,662.70"},{"$nulls":3},0,0,0,0]
[null,null,"2.5mm2 x 12 core (BVX12DCV)",null,"m",null,null,0,{"$nulls":3},0,0,0,0]
[{"$f":"C116","v":"2.5mm2 x 12 core (BVX12DCV)"},2.226,"Supply","D","m",2200,114.54,{"v":251988,"d":"251,988.00"},null,null,114.54,{"v":28.130025028137478,"d":"28.13"},{"v":142.67002502813747,"d":"142.67"},118.89,0]
[{"$f":"C116","v":"2.5mm2 x 12 core (BVX12DCV)"},2.227,"Install","A","m",2200,12.67,{"v":27874,"d":"27,874.00"},{"$nulls":3},0,0,0,0]
[null,null,"2.5mm2 x 19core  (BVX19DCV",null,"m",null,null,0,{"$nulls":3},0,0,0,0]
[{"$f":"C119","v":"2.5mm2 x 19core  (BVX19DCV"},2.228,"Supply","D","m",3040,160.46,{"v":487798.4,"d":"487,798.40"},null,null,160.46,{"v":39.407576532346255,"d":"39.41"},{"v":199.86757653234628,"d":"199.87"},166.56,0]
[{"$f":"C119","v":"2.5mm2 x 19core  (BVX19DCV"},2.229,"Install","A","m",3040,17.87,{"v":54324.8,"d":"54,324.80"},{"$nulls":3},0,0,0,0]
[null,null,"2.5mm2 x 37core  (BVX37DCV",null,"m",null,null,0,{"$nulls":3},0,0,0,0]
[{"$f":"C122","v":"2.5mm2 x 37core  (BVX37DCV"},{"v":2.23,"d":"2.230"},"Supply","D","m",2463,284.86,{"v":701610.18,"d":"701,610.18"},null,null,284.86,{"v":69.95913156552507,"d":"69.96"},{"v":354.8191315655251,"d":"354.82"},295.68,0]
[{"$f":"C122","v":"2.5mm2 x 37core  (BVX37DCV"},2.231,"Install","A","m",2463,20.96,{"v":51624.48,"d":"51,624.48"},{"$nulls":3},0,0,0,0]
[null,null,"4mm2 x 2 core (BVX02ECV)",null,"m",null,null,0,{"$nulls":3},0,0,0,0]
[{"$f":"C125","v":"4mm2 x 2 core (BVX02ECV)"},2.232,"Supply","D","m",14620,55.15,{"v":806293,"d":"806,293.00"},null,{"$f":"2500+2000","v":{"v":4500,"d":"4,500.00"}},55.15,{"v":13.544359003857009,"d":"13.54"},{"v":68.694359003857,"d":"68.69"},57.25,{"v":257625,"d":"257,625.00"}]
[{"$f":"C125","v":"4mm2 x 2 core (BVX02ECV)"},2.233,"Install","A","m",14620,8.88,{"v":129825.6,"d":"129,825.60"},{"$nulls":3},0,0,0,0]
[null,null,"4mm2 x 3 core (BVX03ECV)",null,"m",null,null,0,{"$nulls":3},0,0,0,0]
[{"$f":"C128","v":"4mm2 x 3 core (BVX03ECV)"},2.234,"Supply","D","m",7311,64.19,{"v":469293.08999999997,"d":"469,293.09"},null,null,64.19,{"v":15.76450416060891,"d":"15.76"},{"v":79.9545041606089,"d":"79.95"},66.63,0]
[{"$f":"C128","v":"4mm2 x 3 core (BVX03ECV)"},2.235,"Install","A","m",7311,9.87,{"v":72159.56999999999,"d":"72,159.57"},{"$nulls":3},0,0,0,0]
[null,null,"4mm2 x 4core  BVX04ECV",null,"m",null,null,0,{"$nulls":3},0,0,0,0]
[{"$f":"C131","v":"4mm2 x 4core  BVX04ECV"},{"v":2.2359999999999998,"d":"2.236"},"Supply","D","m",15000,74.74,{"v":1121100,"d":"1,121,100.00"},null,{"$f":"6500+1000","v":{"v":7500,"d":"7,500.00"}},74.74,{"v":18.355492147747466,"d":"18.36"},{"v":93.09549214774746,"d":"93.10"},77.58,{"v":581850,"d":"581,850.00"}]
[{"$f":"C131","v":"4mm2 x 4core  BVX04ECV"},2.237,"Install","A","m",15000,{"v":11.1,"d":"11.10"},{"v":166500,"d":"166,500.00"},{"$nulls":3},0,0,0,0]
[null,null,"4mm2 x 7core     (BVX07ECV",null,"m",null,null,0,{"$nulls":3},0,0,0,0]
[{"$f":"C134","v":"4mm2 x 7core     (BVX07ECV"},2.238,"Supply","D","m",3151,105.47,{"v":332335.97,"d":"332,335.97"},null,null,105.47,{"v":25.90251213303352,"d":"25.90"},{"v":131.37251213303352,"d":"131.37"},109.48,0]
[{"$f":"C134","v":"4mm2 x 7core     (BVX07ECV"},2.239,"Install","A","m",3151,12.67,{"v":39923.17,"d":"39,923.17"},{"$nulls":3},0,0,0,0]
[null,null,"4mm2 x 12core  (BVX12ECV",null,"m",null,null,0,{"$nulls":3},0,0,0,0]
[{"$f":"C137","v":"4mm2 x 12core  (BVX12ECV"},{"v":2.24,"d":"2.240"},"Supply","D","m",1622,163.33,{"v":264921.26,"d":"264,921.26"},null,null,163.33,{"v":40.1124235013593,"d":"40.11"},{"v":203.44242350135931,"d":"203.44"},169.54,0]
[{"$f":"C137","v":"4mm2 x 12core  (BVX12ECV"},2.241,"Install","A","m",1622,15.32,{"v":24849.04,"d":"24,849.04"},{"$nulls":3},0,0,0,0]
[null,null,"4mm2 x 19core    (BVX19ECV",null,"m",null,null,{"$f":"G140*F140","v":0},{"$nulls":3},{"$f":"0.245591278401759*K140","v":0},{"$f":"L140+K140","v":0},0,{"$f":"N140*J140","v":0}]
[{"$f":"C140","v":"4mm2 x 19core    (BVX19ECV"},2.242,"Supply","D","m",451,237.77,{"v":107234.27,"d":"107,234.27"},null,null,237.77,{"v":58.394238265586246,"d":"58.39"},{"v":296.1642382655863,"d":"296.16"},{"v":246.8,"d":"246.80"},0]
[{"$f":"C140","v":"4mm2 x 19core    (BVX19ECV"},2.243,"Install","A","m",451,20.96,{"v":9452.960000000001,"d":"9,452.96"},{"$nulls":3},0,0,0,0]
[null,null,"4mm2 x 37 core (BVX37ECV)",null,"m",null,null,0,{"$nulls":3},0,0,0,0]
[{"$f":"C143","v":"4mm2 x 37 core (BVX37ECV)"},{"v":2.2439999999999998,"d":"2.244"},"Supply","D","m",300,425.05,{"v":127515,"d":"127,515.00"},null,null,425.05,{"v":104.38857288466767,"d":"104.39"},{"v":529.4385728846677,"d":"529.44"},{"v":441.2,"d":"441.20"},0]
[{"$f":"C143","v":"4mm2 x 37 core (BVX37ECV)"},2.245,"Install","A","m",300,24.03,{"v":7209,"d":"7,209.00"},{"$nulls":3},0,0,0,0]
[null,null,"6mm2 x 2 core BVX02FCV",null,"m",null,null,0,{"$nulls":3},0,0,0,0]
[{"$f":"C146","v":"6mm2 x 2 core BVX02FCV"},2.246,"Supply","D","m",2400,{"v":65.4,"d":"65.40"},{"v":156960,"d":"156,960.00"},null,null,{"v":65.4,"d":"65.40"},{"v":16.06166960747504,"d":"16.06"},{"v":81.46166960747505,"d":"81.46"},67.88,0]
[{"$f":"C146","v":"6mm2 x 2 core BVX02FCV"},2.247,"Install","A","m",2400,9.87,{"v":23687.999999999996,"d":"23,688.00"},{"$nulls":3},0,0,0,0]
[null,null,"16mm2 x 2core   (BVX02HCV",null,"m",null,null,0,{"$nulls":3},0,0,0,0]
[{"$f":"C149","v":"16mm2 x 2core   (BVX02HCV"},2.248,"Supply","D","m",6179,104.86,{"v":647929.94,"d":"647,929.94"},null,{"$f":"900+1200","v":{"v":2100,"d":"2,100.00"}},104.86,{"v":25.75270145320845,"d":"25.75"},{"v":130.61270145320844,"d":"130.61"},108.84,{"v":228564,"d":"228,564.00"}]
[{"$f":"C149","v":"16mm2 x 2core   (BVX02HCV"},2.249,"Install","A","m",6179,{"v":11.1,"d":"11.10"},{"v":68586.9,"d":"68,586.90"},{"$nulls":3},0,0,0,0]
[null,null,"25mm2 x 3 core (BVX03KCV)",null,"m",null,null,0,{"$nulls":3},0,0,0,0]
[{"$f":"C152","v":"25mm2 x 3 core (BVX03KCV)"},{"v":2.25,"d":"2.250"},"Supply","D","m",1200,{"v":216.9,"d":"216.90"},{"v":260280,"d":"260,280.00"},null,null,{"v":216.9,"d":"216.90"},{"v":53.26874828534153,"d":"53.27"},{"v":270.1687482853415,"d":"270.17"},225.14,{"$f":"N153*J153","v":0}]
[{"$f":"C152","v":"25mm2 x 3 core (BVX03KCV)"},2.251,"Install","A","m",1200,13.87,{"v":16644,"d":"16,644.00"},{"$nulls":3},0,0,0,0]
[null,null,"35mm2 x 4 core BVX04LCV",null,"m",null,null,0,{"$nulls":3},0,0,0,0]
[{"$f":"C155","v":"35mm2 x 4 core BVX04LCV"},2.252,"Supply","D","m",10000,{"v":214.1,"d":"214.10"},{"v":2141000,"d":"2,141,000.00"},null,null,{"v":214.1,"d":"214.10"},{"v":52.5810927058166,"d":"52.58"},{"v":266.6810927058166,"d":"266.68"},222.23,{"$f":"N156*J156","v":0}]
[{"$f":"C155","v":"35mm2 x 4 core BVX04LCV"},2.253,"Install","A","m",10000,17.75,{"v":177500,"d":"177,500.00"},{"$nulls":3},0,0,0,0]
[null,null,"95mm2 x 2core (BVX02PCV)",null,"m",null,null,0,{"$nulls":3},0,0,0,0]
[{"$f":"C158","v":"95mm2 x 2core (BVX02PCV)"},2.254,"Supply","D","m",8116,517.95,{"v":4203682.2,"d":"4,203,682.20"},null,null,517.95,{"v":127.20400264819109,"d":"127.20"},{"v":645.1540026481912,"d":"645.15"},537.63,0]
[{"$f":"C158","v":"95mm2 x 2core (BVX02PCV)"},2.255,"Install","A","m",8116,19.42,{"v":157612.72,"d":"157,612.72"},{"$nulls":3},0,0,0,0]
[null,null,"95mm2 X 3 core BVX03PCV",null,"m",null,null,0,{"$nulls":3},0,0,0,0]
[{"$f":"C161","v":"95mm2 X 3 core BVX03PCV"},{"v":2.2560000000000002,"d":"2.256"},"Supply","D","m",5520,716.21,{"v":3953479.2,"d":"3,953,479.20"},null,null,716.21,{"v":175.89492950412384,"d":"175.89"},{"v":892.1049295041239,"d":"892.10"},743.42,0,null,"20% Value"]
[{"$f":"C161","v":"95mm2 X 3 core BVX03PCV"},2.257,"Install","A","m",5520,23.29,{"v":128560.79999999999,"d":"128,560.80"},{"$nulls":3},0,0,0,0]
[null,null,"95mm2 x 4 core BVX04SCV",null,"m",null,null,0,{"$nulls":3},0,0,0,0,null,"30% Time"]
[{"$f":"C164","v":"95mm2 x 4 core BVX04SCV"},2.258,"Supply","D","m",1776,{"v":813.9,"d":"813.90"},{"v":1445486.4,"d":"1,445,486.40"},null,null,{"v":813.9,"d":"813.90"},{"v":199.88674149119166,"d":"199.89"},{"v":1013.7867414911916,"d":"1,013.79"},844.82,0]
[{"$f":"C164","v":"95mm2 x 4 core BVX04SCV"},2.259,"Install","A","m",1776,25.33,{"v":44986.079999999994,"d":"44,986.08"},{"$nulls":3},0,0,0,0]
[null,null,"185mm2 x 3 core BVX03SCV",null,"m",null,null,0,{"$nulls":3},0,0,0,0,null,{"$f":"24*30%","v":{"v":7.199999999999999,"d":"7.20"}}]
[{"$f":"C167","v":"185mm2 x 3 core BVX03SCV"},{"v":2.26,"d":"2.260"},"Supply","D","m",2880,{"v":1377.56,"d":"1,377.56"},{"v":3967372.8,"d":"3,967,372.80"},null,null,{"v":1377.56,"d":"1,377.56"},{"v":338.3167214751271,"d":"338.32"},{"$f":"L168+K168","v":{"v":1715.876721475127,"d":"1,715.88"}},{"v":1429.9,"d":"1,429.90"},0]
[{"$f":"C167","v":"185mm2 x 3 core BVX03SCV"},2.261,"Install","A","m",2880,56.51,{"v":162748.8,"d":"162,748.80"},{"$nulls":3},{"$f":"0.330975870321115*K169","v":0},0,0,0]
[{"$nulls":4},"m",null,null,0,{"$nulls":3},0,null,0,0]
[{"$nulls":4},"m",null,null,0,{"$nulls":5},0,0]
[null,null,"TOTAL (Excluding VAT) ",{"$nulls":4},{"$f":"SUM(H11:H171)","v":{"v":118006990.42000002,"d":"118,006,990.42"}},{"$nulls":6},{"$f":"SUM(O11:O171)","v":{"v":30672517.619999997,"d":"30,672,517.62"}}]
[]
[null,null,"Grand Total (Excluding VAT)",{"$nulls":4},{"$f":"SUM(H172:H173)","v":{"v":118006990.42000002,"d":"118,006,990.42"}},{"$nulls":6},{"$f":"SUM(O172:O173)","v":{"v":30672517.619999997,"d":"30,672,517.62"}}]
[]
[]
[{"$nulls":14},{"v":162260342.18,"d":"162,260,342.18"}]
[]
[]
[{"$nulls":14},{"$f":"O177*20%","v":{"v":32452068.436000004,"d":"32,452,068.44"}}]

{"sheet":"Rest of cables (3)","index":1,"n_rows":131,"n_cols":17,"rows_kept":131,"hidden":true,"merged":[[3,0,3,2],[3,5,3,7]]}
[]
["Tutuka Power Station: GX COAL PROJECTS"]
[]
["Pricing Schudule",{"$nulls":4},"CONTRACT BOQ"]
[{"$nulls":9},"U6 Sub east"]
[null,"ITEM","DESCRIPTION","CPA Formula","UOM","Qty","Rate","Total",null,"Qty","Rate","CPA","Grand Rate","-Profit Margin 20%","Amount"]
[null,null," UNIT 1 - 6 MV CABLES",null,"m"]
[null,null,"Installation of New MV Cables including fixing materials ","`","m"]
[null,null,"XLPE 11KV",null,"m"]
[null,null,"500mm2 x 1 core (EXX01WCV) 6.35kV/11kV  (Trefoil clamps) Cut & Join",null,"m"]
[{"$f":"C10","v":"500mm2 x 1 core (EXX01WCV) 6.35kV/11kV  (Trefoil clamps) Cut & Join"},2.001,"Supply","E","m",20000,{"v":1422.22,"d":"1,422.22"},{"$f":"G11*F11","v":{"v":28444400,"d":"28,444,400.00"}},null,null,{"v":1422.22,"d":"1,422.22"},{"$f":"0.330975870321115*K11","v":{"v":470.72050228809616,"d":"470.72"}},{"$f":"L11+K11","v":{"v":1892.9405022880962,"d":"1,892.94"}},{"v":1577.45,"d":"1,577.45"},{"$f":"N11*J11","v":0},{"$f":"F11-J11","v":{"v":20000,"d":"20,000.00"}}]
[null,null,"500mm2 x 1 core (EXX01WCV) 6.35kV/11kV  (Trefoil clamps) New",null,"m",null,null,{"$f":"G12*F12","v":0},{"$nulls":3},{"$f":"0.330975870321115*K12","v":0},{"$f":"L12+K12","v":0},0,{"$f":"N12*J12","v":0},{"$f":"F12-J12","v":0}]
[{"$f":"C12","v":"500mm2 x 1 core (EXX01WCV) 6.35kV/11kV  (Trefoil clamps) New"},2.003,"Supply","E","m",8020,{"v":1422.22,"d":"1,422.22"},{"v":11406204.4,"d":"11,406,204.40"},null,{"v":7800,"d":"7,800.00"},{"v":1422.22,"d":"1,422.22"},{"v":470.72050228809616,"d":"470.72"},{"v":1892.9405022880962,"d":"1,892.94"},{"v":1577.45,"d":"1,577.45"},{"v":12304110,"d":"12,304,110.00"},{"v":220,"d":"220.00"}]
[null,null,"XLPE 11KV",null,"m",null,null,0,{"$nulls":3},0,0,0,0,0]
[null,null,"300mm2 x 1 core (EXX01UCM) 6.35kV/11kV   ",null,"m",null,null,0,{"$nulls":3},0,0,0,0,0]
[{"$f":"C15","v":"300mm2 x 1 core (EXX01UCM) 6.35kV/11kV   "},2.005,"Supply","E","m",7500,905.62,{"v":6792150,"d":"6,792,150.00"},null,null,905.62,{"v":299.73836768020817,"d":"299.74"},{"v":1205.3583676802082,"d":"1,205.36"},{"v":1004.47,"d":"1,004.47"},0,{"v":7500,"d":"7,500.00"}]
[null,null,"120mm2 x 1core (EXX01QCV) 6.35 kV/11kV New",null,"m",null,null,0,{"$nulls":3},0,0,0,0,0]
[{"$f":"C17","v":"120mm2 x 1core (EXX01QCV) 6.35 kV/11kV New"},2.007,"Supply","E","m",14400,417.34,{"v":6009696,"d":"6,009,696.00"},null,null,417.34,{"v":138.12946971981413,"d":"138.13"},{"v":555.4694697198141,"d":"555.47"},462.89,0,{"v":14400,"d":"14,400.00"}]
[null,null,"150mm2 x 1core (EXX01RCV) 6.35 kV/11kV Cut & Join\n",null,"m",null,null,0,{"$nulls":3},0,0,0,0,0]
[{"$f":"C19","v":"150mm2 x 1core (EXX01RCV) 6.35 kV/11kV Cut & Join\n"},2.009,"Supply","E","m",1200,501.98,{"v":602376,"d":"602,376.00"},null,null,501.98,{"v":166.1432673837933,"d":"166.14"},{"v":668.1232673837933,"d":"668.12"},556.77,0,{"v":1200,"d":"1,200.00"}]
[null,null,"XLPE 3.3kV",null,"m",null,null,0,{"$nulls":3},0,0,0,0,0]
[null,null,"630mm2 x 1core (CXX01XCV)  3.8kV/6.6kV",null,"m",null,null,0,{"$nulls":3},0,0,0,0,0]
[{"$f":"C22","v":"630mm2 x 1core (CXX01XCV)  3.8kV/6.6kV"},2.011,"Supply","E","m",5000,{"v":1820.02,"d":"1,820.02"},{"v":9100100,"d":"9,100,100.00"},null,{"v":2700,"d":"2,700.00"},{"v":1820.02,"d":"1,820.02"},{"v":602.3827035018356,"d":"602.38"},{"v":2422.4027035018357,"d":"2,422.40"},{"v":2018.67,"d":"2,018.67"},{"v":5450409,"d":"5,450,409.00"},{"v":2300,"d":"2,300.00"}]
[null,null,"120mm x 3 core (CXX03QCV) 3.8kV/6.6kV",null,"m",null,null,0,{"$nulls":3},0,0,0,0,0]
[{"$f":"C24","v":"120mm x 3 core (CXX03QCV) 3.8kV/6.6kV"},2.013,"Supply","E","m",720,{"v":1472.65,"d":"1,472.65"},{"v":1060308,"d":"1,060,308.00"},null,{"v":300,"d":"300.00"},{"v":1472.65,"d":"1,472.65"},{"v":487.41161542839,"d":"487.41"},{"v":1960.06161542839,"d":"1,960.06"},{"v":1633.38,"d":"1,633.38"},{"v":490014.00000000006,"d":"490,014.00"},{"v":420,"d":"420.00"}]
[null,null,"70mm2 x 3 core (CXX03NCV) 3.8kV/6.6kV",null,"m",null,null,0,{"$nulls":3},0,0,0,0,0]
[{"$f":"C26","v":"70mm2 x 3 core (CXX03NCV) 3.8kV/6.6kV"},2.015,"Supply","E","m",2160,860.35,{"v":1858356,"d":"1,858,356.00"},null,{"v":600,"d":"600.00"},860.35,{"v":284.75509003077127,"d":"284.76"},{"v":1145.1050900307714,"d":"1,145.11"},954.25,{"v":572550,"d":"572,550.00"},{"v":1560,"d":"1,560.00"}]
[null,null,"240mm2 x 3 core (CXX03TCV) 3.8kV/6.6kV",null,"m",null,null,0,{"$nulls":3},0,0,0,0,0]
[{"$f":"C28","v":"240mm2 x 3 core (CXX03TCV) 3.8kV/6.6kV"},2.017,"Supply","E","m",1080,{"v":2399.34,"d":"2,399.34"},{"v":2591287.2,"d":"2,591,287.20"},null,{"$f":"300+300","v":{"v":600,"d":"600.00"}},{"v":2399.34,"d":"2,399.34"},{"v":794.123644696264,"d":"794.12"},{"v":3193.463644696264,"d":"3,193.46"},{"v":2661.22,"d":"2,661.22"},{"v":1596731.9999999998,"d":"1,596,732.00"},{"v":480,"d":"480.00"}]
[{"$nulls":4},"m",null,null,0,{"$nulls":3},0,0,0,0,0]
[null,null,"Sub-Total for per unit",null,"m",null,null,0,{"$nulls":3},0,0,0,0,0]
[{"$nulls":4},"m",null,null,0,{"$nulls":3},0,0,0,0,0]
[{"$nulls":4},"m",null,null,0,{"$nulls":3},0,0,0,0,0]
[null,null,"COMMON PLANT - MV CABLES ",null,"m",null,null,0,{"$nulls":3},0,0,0,0,0]
[null,null,"Installation of New MV Cables includiding fixing materials ",null,"m",null,null,0,{"$nulls":3},0,0,0,0,0]
[null,null,"XLPE 11kV",null,"m",null,null,0,{"$nulls":3},0,0,0,0,0]
[null,null,"500mm2 x 1 core (EXX01WCV) 6.35kV/11kV  (Trefoil clamps) ",null,"m",null,null,0,{"$nulls":3},0,0,0,0,0]
[{"$f":"C37","v":"500mm2 x 1 core (EXX01WCV) 6.35kV/11kV  (Trefoil clamps) "},2.059,"Supply","E","m",5940,{"v":1400.31,"d":"1,400.31"},{"v":8317841.399999999,"d":"8,317,841.40"},null,{"v":4200,"d":"4,200.00"},{"v":1400.31,"d":"1,400.31"},{"v":463.4688209693605,"d":"463.47"},{"v":1863.7788209693604,"d":"1,863.78"},{"v":1553.15,"d":"1,553.15"},{"v":6523230,"d":"6,523,230.00"},{"v":1740,"d":"1,740.00"}]
[null,null,"185mm2 x 3 core (EXX03SCV) 6.35 kV/11kV ",null,"m",null,null,0,{"$nulls":3},0,0,0,0,0]
[{"$f":"C39","v":"185mm2 x 3 core (EXX03SCV) 6.35 kV/11kV "},2.061,"Supply","E","m",400,{"v":2555.47,"d":"2,555.47"},{"v":1022187.9999999999,"d":"1,022,188.00"},null,null,{"v":2555.47,"d":"2,555.47"},{"v":845.7989073294996,"d":"845.80"},{"v":3401.2689073294996,"d":"3,401.27"},{"v":2834.39,"d":"2,834.39"},0,{"v":400,"d":"400.00"}]
[null,null,"150mm2 x 1core (EXX01RCV) 6.35 kV/11kV \n",null,"m",null,null,0,{"$nulls":3},0,0,0,0,0]
[{"$f":"C41","v":"150mm2 x 1core (EXX01RCV) 6.35 kV/11kV \n"},2.063,"Supply","E","m",6910,510.09,{"v":3524721.9,"d":"3,524,721.90"},null,{"v":3000,"d":"3,000.00"},510.09,{"v":168.82748169209754,"d":"168.83"},{"v":678.9174816920975,"d":"678.92"},565.76,{"v":1697280,"d":"1,697,280.00"},{"v":3910,"d":"3,910.00"}]
[null,null,"95mm2 x 3core (EXX03PCV) 6.35 kV/11kV ",null,"m",null,null,0,{"$nulls":3},0,0,0,0,0]
[{"$f":"C43","v":"95mm2 x 3core (EXX03PCV) 6.35 kV/11kV "},2.065,"Supply","E","m",150,984.89,{"v":147733.5,"d":"147,733.50"},null,null,984.89,{"v":325.9748249205629,"d":"325.97"},{"v":1310.864824920563,"d":"1,310.86"},{"v":1092.39,"d":"1,092.39"},0,{"v":150,"d":"150.00"}]
[null,null,"XLPE 3.3kV",null,"m",null,null,0,{"$nulls":3},0,0,0,0,0]
[null,null,"630mm2 x 1core (CXX01XCV)  3.8kV/6.6kV",null,"m",null,null,0,{"$nulls":3},0,0,0,0,0]
[{"$f":"C46","v":"630mm2 x 1core (CXX01XCV)  3.8kV/6.6kV"},2.067,"Supply","E","m",540,{"v":1941.99,"d":"1,941.99"},{"v":1048674.6,"d":"1,048,674.60"},null,null,{"v":1941.99,"d":"1,941.99"},{"v":642.7518304049021,"d":"642.75"},{"v":2584.741830404902,"d":"2,584.74"},{"v":2153.95,"d":"2,153.95"},0,{"v":540,"d":"540.00"}]
[null,null,"240mm2 x 3 core (CXX03TCV) 3.8kV/6.6kV",null,"m",null,null,0,{"$nulls":3},0,0,0,0,0]
[{"$f":"C48","v":"240mm2 x 3 core (CXX03TCV) 3.8kV/6.6kV"},2.069,"Supply","E","m",390,{"v":2105.75,"d":"2,105.75"},{"v":821242.5,"d":"821,242.50"},null,null,{"v":2105.75,"d":"2,105.75"},{"v":696.9524389286879,"d":"696.95"},{"v":2802.702438928688,"d":"2,802.70"},{"v":2335.59,"d":"2,335.59"},0,{"v":390,"d":"390.00"}]
[null,null,"120mm x 3 core (CXX03QCV) 3.8kV/6.6kV",null,"m",null,null,0,{"$nulls":3},0,0,0,0,0]
[{"$f":"C50","v":"120mm x 3 core (CXX03QCV) 3.8kV/6.6kV"},2.071,"Supply","E","m",420,{"v":1149.79,"d":"1,149.79"},{"v":482911.8,"d":"482,911.80"},null,null,{"v":1149.79,"d":"1,149.79"},{"v":380.5527459365148,"d":"380.55"},{"v":1530.3427459365148,"d":"1,530.34"},{"v":1275.29,"d":"1,275.29"},0,{"v":420,"d":"420.00"}]
[null,null,"70mm2 x 3 core (CXX03NCV) 3.8kV/6.6kV",null,"m",null,null,0,{"$nulls":3},0,0,0,0,0]
[{"$f":"C52","v":"70mm2 x 3 core (CXX03NCV) 3.8kV/6.6kV"},2.073,"Supply","E","m",300,764.75,{"v":229425,"d":"229,425.00"},null,null,764.75,{"v":253.11379682807268,"d":"253.11"},{"v":1017.8637968280727,"d":"1,017.86"},848.22,0,{"v":300,"d":"300.00"}]
[{"$nulls":4},"m",null,null,0,{"$nulls":3},0,0,0,0,0]
[null,null,"Install new LV Cables including fixing materials",null,"m",null,null,0,{"$nulls":3},0,0,0,0,0]
[{"$nulls":4},"m",null,null,0,{"$nulls":3},0,0,0,0,0]
[null,null,"Twisted pair",null,"m",null,null,0,{"$nulls":3},0,0,0,0,0]
[{"$f":"C57","v":"Twisted pair"},2.198,"Supply","D","m",350,24.03,{"v":8410.5,"d":"8,410.50"},null,null,24.03,{"$f":"0.245591278401759*K58","v":{"v":5.901558419994269,"d":"5.90"}},{"v":29.93155841999427,"d":"29.93"},24.94,0,{"v":350,"d":"350.00"}]
[null,null,"0.5mm2 x 48core  (UVG48ACM)",null,"m",null,null,0,{"$nulls":3},{"$f":"0.245591278401759*K59","v":0},0,0,0,0]
[{"$f":"C59","v":"0.5mm2 x 48core  (UVG48ACM)"},{"v":2.2,"d":"2.200"},"Supply","D","m",1500,158.72,{"v":238080,"d":"238,080.00"},null,null,158.72,{"v":38.98024770792719,"d":"38.98"},{"v":197.7002477079272,"d":"197.70"},164.75,0,{"v":1500,"d":"1,500.00"}]
[null,null,"0.5 mm2 x 8core   (UVG08ACV)",null,"m",null,null,0,{"$nulls":3},0,0,0,0,0]
[{"$f":"C61","v":"0.5 mm2 x 8core   (UVG08ACV)"},2.202,"Supply","D","m",1095,44.79,{"v":49045.049999999996,"d":"49,045.05"},null,null,44.79,{"v":11.000033359614786,"d":"11.00"},{"v":55.79003335961478,"d":"55.79"},46.49,0,{"v":1095,"d":"1,095.00"}]
[null,null,"0.75mm2 x 4core  (BVS04BCV",null,"m",null,null,0,{"$nulls":3},0,0,0,0,0]
[{"$f":"C63","v":"0.75mm2 x 4core  (BVS04BCV"},2.204,"Supply","D","m",320,14.65,{"v":4688,"d":"4,688.00"},null,null,14.65,{"v":3.5979122285857694,"d":"3.60"},{"v":18.24791222858577,"d":"18.25"},15.21,0,{"v":320,"d":"320.00"}]
[null,null,"0.75mm2 x 16core  (UVG16ADV) Quoted for 0.5mm2",null,"m",null,null,0,{"$nulls":3},0,0,0,0,0]
[{"$f":"C65","v":"0.75mm2 x 16core  (UVG16ADV) Quoted for 0.5mm2"},2.206,"Supply","D","m",2755,70.48,{"v":194172.40000000002,"d":"194,172.40"},null,null,70.48,{"v":17.309273301755976,"d":"17.31"},{"v":87.78927330175598,"d":"87.79"},73.16,0,{"v":2755,"d":"2,755.00"}]
[null,null,"0.75mm2 x 20core  (UVG20ACV Quoted for 0.5mm2",null,"m",null,null,0,{"$nulls":3},0,0,0,0,0]
[{"$f":"C67","v":"0.75mm2 x 20core  (UVG20ACV Quoted for 0.5mm2"},2.208,"Supply","D","m",2568,78.06,{"v":200458.08000000002,"d":"200,458.08"},null,null,78.06,{"v":19.17085519204131,"d":"19.17"},{"v":97.2308551920413,"d":"97.23"},81.03,0,{"v":2568,"d":"2,568.00"}]
[null,null,"0.75mm2 x 32core  (UVG32ADV Quoted for 0.5mm2 x 32pr",null,"m",null,null,0,{"$nulls":3},0,0,0,0,0]
[{"$f":"C69","v":"0.75mm2 x 32core  (UVG32ADV Quoted for 0.5mm2 x 32pr"},{"v":2.21,"d":"2.210"},"Supply","D","m",462,{"v":129.8,"d":"129.80"},{"v":59967.600000000006,"d":"59,967.60"},null,null,{"v":129.8,"d":"129.80"},{"v":31.87774793654832,"d":"31.88"},{"v":161.67774793654834,"d":"161.68"},134.73,0,{"v":462,"d":"462.00"}]
[null,null,"1.5mm2 x 2 core (BVX02CCV)",null,"m",null,null,0,{"$nulls":3},0,0,0,0,0]
[{"$f":"C71","v":"1.5mm2 x 2 core (BVX02CCV)"},2.212,"Supply","D","m",2000,45.07,{"v":90140,"d":"90,140.00"},null,{"v":2000,"d":"2,000.00"},45.07,{"v":11.068798917567278,"d":"11.07"},{"v":56.13879891756728,"d":"56.14"},46.78,{"v":93560,"d":"93,560.00"},0]
[null,null,"2.5mm2 x 2core  (BVX02DCV)",null,"m",null,null,0,{"$nulls":3},0,0,0,0,0]
[{"$f":"C73","v":"2.5mm2 x 2core  (BVX02DCV)"},2.214,"Supply","D","m",30000,46.28,{"v":1388400,"d":"1,388,400.00"},null,null,46.28,{"v":11.365964364433408,"d":"11.37"},{"v":57.64596436443341,"d":"57.65"},48.04,0,{"v":30000,"d":"30,000.00"}]
[null,null,"2.5mm2 x 4core  (BVX04DCV",null,"m",null,null,0,{"$nulls":3},0,0,0,0,0]
[{"$f":"C75","v":"2.5mm2 x 4core  (BVX04DCV"},2.216,"Supply","D","m",7966,59.17,{"$f":"G76*F76","v":{"v":471348.22000000003,"d":"471,348.22"}},null,{"v":7966,"d":"7,966.00"},59.17,{"v":14.53163594303208,"d":"14.53"},{"$f":"L76+K76","v":{"v":73.70163594303209,"d":"73.70"}},61.42,{"$f":"N76*J76","v":{"v":489271.72000000003,"d":"489,271.72"}},{"$f":"F76-J76","v":0}]
[null,null,"2.5mm2 x 3 core (BVX3DCV)",null,"m",null,null,0,{"$nulls":3},0,0,0,0,0]
[{"$f":"C77","v":"2.5mm2 x 3 core (BVX3DCV)"},2.218,"Supply","D","m",7133,52.31,{"v":373127.23000000004,"d":"373,127.23"},null,{"v":7133,"d":"7,133.00"},52.31,{"v":12.846879773196015,"d":"12.85"},{"v":65.15687977319601,"d":"65.16"},{"v":54.3,"d":"54.30"},{"v":387321.89999999997,"d":"387,321.90"},0]
[null,null,"2.5mm2 x4 core cabtyre",null,"m",null,null,0,{"$nulls":3},0,0,0,0,0]
[{"$f":"C79","v":"2.5mm2 x4 core cabtyre"},{"v":2.22,"d":"2.220"},"Supply","D","m",2500,{"v":22.9,"d":"22.90"},{"v":57250,"d":"57,250.00"},null,null,{"v":22.9,"d":"22.90"},{"v":5.624040275400281,"d":"5.62"},{"v":28.52404027540028,"d":"28.52"},23.77,0,{"v":2500,"d":"2,500.00"}]
[null,null,"2.5mm2 x4 core flexible tail ",null,"m",null,null,0,{"$nulls":3},0,0,0,0,0]
[{"$f":"C81","v":"2.5mm2 x4 core flexible tail "},2.222,"Supply","D","m",1000,40.42,{"v":40420,"d":"40,420.00"},null,null,40.42,{"v":9.9267994729991,"d":"9.93"},{"v":50.3467994729991,"d":"50.35"},41.96,0,{"v":1000,"d":"1,000.00"}]
[null,null,"2.5mm2 x 7core  (BVX07DCV",null,"m",null,null,0,{"$nulls":3},0,0,0,0,0]
[{"$f":"C83","v":"2.5mm2 x 7core  (BVX07DCV"},2.224,"Supply","D","m",7357,78.71,{"v":579069.47,"d":"579,069.47"},null,null,78.71,{"v":19.33048952300245,"d":"19.33"},{"v":98.04048952300244,"d":"98.04"},{"v":81.7,"d":"81.70"},0,{"v":7357,"d":"7,357.00"}]
[null,null,"2.5mm2 x 12 core (BVX12DCV)",null,"m",null,null,0,{"$nulls":3},0,0,0,0,0]
[{"$f":"C85","v":"2.5mm2 x 12 core (BVX12DCV)"},2.226,"Supply","D","m",2200,114.54,{"v":251988,"d":"251,988.00"},null,null,114.54,{"v":28.130025028137478,"d":"28.13"},{"v":142.67002502813747,"d":"142.67"},118.89,0,{"v":2200,"d":"2,200.00"}]
[null,null,"2.5mm2 x 19core  (BVX19DCV",null,"m",null,null,0,{"$nulls":3},0,0,0,0,0]
[{"$f":"C87","v":"2.5mm2 x 19core  (BVX19DCV"},2.228,"Supply","D","m",3040,160.46,{"v":487798.4,"d":"487,798.40"},null,null,160.46,{"v":39.407576532346255,"d":"39.41"},{"v":199.86757653234628,"d":"199.87"},166.56,0,{"v":3040,"d":"3,040.00"}]
[null,null,"2.5mm2 x 37core  (BVX37DCV",null,"m",null,null,0,{"$nulls":3},0,0,0,0,0]
[{"$f":"C89","v":"2.5mm2 x 37core  (BVX37DCV"},{"v":2.23,"d":"2.230"},"Supply","D","m",2463,284.86,{"v":701610.18,"d":"701,610.18"},null,null,284.86,{"v":69.95913156552507,"d":"69.96"},{"v":354.8191315655251,"d":"354.82"},295.68,0,{"v":2463,"d":"2,463.00"}]
[null,null,"4mm2 x 2 core (BVX02ECV)",null,"m",null,null,0,{"$nulls":3},0,0,0,0,0]
[{"$f":"C91","v":"4mm2 x 2 core (BVX02ECV)"},2.232,"Supply","D","m",14620,55.15,{"v":806293,"d":"806,293.00"},null,{"$f":"2500+2000","v":{"v":4500,"d":"4,500.00"}},55.15,{"v":13.544359003857009,"d":"13.54"},{"v":68.694359003857,"d":"68.69"},57.25,{"v":257625,"d":"257,625.00"},{"v":10120,"d":"10,120.00"}]
[null,null,"4mm2 x 3 core (BVX03ECV)",null,"m",null,null,0,{"$nulls":3},0,0,0,0,0]
[{"$f":"C93","v":"4mm2 x 3 core (BVX03ECV)"},2.234,"Supply","D","m",7311,64.19,{"v":469293.08999999997,"d":"469,293.09"},null,null,64.19,{"v":15.76450416060891,"d":"15.76"},{"v":79.9545041606089,"d":"79.95"},66.63,0,{"v":7311,"d":"7,311.00"}]
[null,null,"4mm2 x 4core  BVX04ECV",null,"m",null,null,0,{"$nulls":3},0,0,0,0,0]
[{"$f":"C95","v":"4mm2 x 4core  BVX04ECV"},{"v":2.2359999999999998,"d":"2.236"},"Supply","D","m",15000,74.74,{"v":1121100,"d":"1,121,100.00"},null,{"$f":"6500+1000","v":{"v":7500,"d":"7,500.00"}},74.74,{"v":18.355492147747466,"d":"18.36"},{"v":93.09549214774746,"d":"93.10"},77.58,{"v":581850,"d":"581,850.00"},{"v":7500,"d":"7,500.00"}]
[null,null,"4mm2 x 7core     (BVX07ECV",null,"m",null,null,0,{"$nulls":3},0,0,0,0,0]
[{"$f":"C97","v":"4mm2 x 7core     (BVX07ECV"},2.238,"Supply","D","m",3151,105.47,{"v":332335.97,"d":"332,335.97"},null,null,105.47,{"v":25.90251213303352,"d":"25.90"},{"v":131.37251213303352,"d":"131.37"},109.48,0,{"v":3151,"d":"3,151.00"}]
[null,null,"4mm2 x 12core  (BVX12ECV",null,"m",null,null,0,{"$nulls":3},0,0,0,0,0]
[{"$f":"C99","v":"4mm2 x 12core  (BVX12ECV"},{"v":2.24,"d":"2.240"},"Supply","D","m",1622,163.33,{"v":264921.26,"d":"264,921.26"},null,null,163.33,{"v":40.1124235013593,"d":"40.11"},{"v":203.44242350135931,"d":"203.44"},169.54,0,{"v":1622,"d":"1,622.00"}]
[null,null,"4mm2 x 19core    (BVX19ECV",null,"m",null,null,0,{"$nulls":3},0,0,0,0,0]
[{"$f":"C101","v":"4mm2 x 19core    (BVX19ECV"},2.242,"Supply","D","m",451,237.77,{"v":107234.27,"d":"107,234.27"},null,null,237.77,{"v":58.394238265586246,"d":"58.39"},{"v":296.1642382655863,"d":"296.16"},{"v":246.8,"d":"246.80"},0,{"v":451,"d":"451.00"}]
[null,null,"4mm2 x 37 core (BVX37ECV)",null,"m",null,null,0,{"$nulls":3},0,0,0,0,0]
[{"$f":"C103","v":"4mm2 x 37 core (BVX37ECV)"},{"v":2.2439999999999998,"d":"2.244"},"Supply","D","m",300,425.05,{"v":127515,"d":"127,515.00"},null,null,425.05,{"v":104.38857288466767,"d":"104.39"},{"v":529.4385728846677,"d":"529.44"},{"v":441.2,"d":"441.20"},0,{"v":300,"d":"300.00"}]
[null,null,"6mm2 x 2 core BVX02FCV",null,"m",null,null,0,{"$nulls":3},0,0,0,0,0]
[{"$f":"C105","v":"6mm2 x 2 core BVX02FCV"},2.246,"Supply","D","m",2400,{"v":65.4,"d":"65.40"},{"v":156960,"d":"156,960.00"},null,null,{"v":65.4,"d":"65.40"},{"v":16.06166960747504,"d":"16.06"},{"v":81.46166960747505,"d":"81.46"},67.88,0,{"v":2400,"d":"2,400.00"}]
[null,null,"16mm2 x 2core   (BVX02HCV",null,"m",null,null,0,{"$nulls":3},0,0,0,0,0]
[{"$f":"C107","v":"16mm2 x 2core   (BVX02HCV"},2.248,"Supply","D","m",6179,104.86,{"v":647929.94,"d":"647,929.94"},null,{"$f":"900+1200","v":{"v":2100,"d":"2,100.00"}},104.86,{"v":25.75270145320845,"d":"25.75"},{"v":130.61270145320844,"d":"130.61"},108.84,{"v":228564,"d":"228,564.00"},{"v":4079,"d":"4,079.00"}]
[null,null,"25mm2 x 3 core (BVX03KCV)",null,"m",null,null,0,{"$nulls":3},0,0,0,0,0]
[{"$f":"C109","v":"25mm2 x 3 core (BVX03KCV)"},{"v":2.25,"d":"2.250"},"Supply","D","m",1200,{"v":216.9,"d":"216.90"},{"v":260280,"d":"260,280.00"},null,null,{"v":216.9,"d":"216.90"},{"v":53.26874828534153,"d":"53.27"},{"v":270.1687482853415,"d":"270.17"},225.14,{"$f":"N110*J110","v":0},{"v":1200,"d":"1,200.00"}]
[null,null,"35mm2 x 4 core BVX04LCV",null,"m",null,null,0,{"$nulls":3},0,0,0,0,0]
[{"$f":"C111","v":"35mm2 x 4 core BVX04LCV"},2.252,"Supply","D","m",10000,{"v":214.1,"d":"214.10"},{"v":2141000,"d":"2,141,000.00"},null,null,{"v":214.1,"d":"214.10"},{"v":52.5810927058166,"d":"52.58"},{"v":266.6810927058166,"d":"266.68"},222.23,{"$f":"N112*J112","v":0},{"v":10000,"d":"10,000.00"}]
[null,null,"95mm2 x 2core (BVX02PCV)",null,"m",null,null,0,{"$nulls":3},0,0,0,0,0]
[{"$f":"C113","v":"95mm2 x 2core (BVX02PCV)"},2.254,"Supply","D","m",8116,517.95,{"v":4203682.2,"d":"4,203,682.20"},null,null,517.95,{"v":127.20400264819109,"d":"127.20"},{"v":645.1540026481912,"d":"645.15"},537.63,0,{"v":8116,"d":"8,116.00"}]
[null,null,"95mm2 X 3 core BVX03PCV",null,"m",null,null,0,{"$nulls":3},0,0,0,0,0]
[{"$f":"C115","v":"95mm2 X 3 core BVX03PCV"},{"v":2.2560000000000002,"d":"2.256"},"Supply","D","m",5520,716.21,{"v":3953479.2,"d":"3,953,479.20"},null,null,716.21,{"v":175.89492950412384,"d":"175.89"},{"v":892.1049295041239,"d":"892.10"},743.42,0,{"v":5520,"d":"5,520.00"},"20% Value"]
[null,null,"95mm2 x 4 core BVX04SCV",null,"m",null,null,0,{"$nulls":3},0,0,0,0,0,"30% Time"]
[{"$f":"C117","v":"95mm2 x 4 core BVX04SCV"},2.258,"Supply","D","m",1776,{"v":813.9,"d":"813.90"},{"v":1445486.4,"d":"1,445,486.40"},null,null,{"v":813.9,"d":"813.90"},{"v":199.88674149119166,"d":"199.89"},{"v":1013.7867414911916,"d":"1,013.79"},844.82,0,{"v":1776,"d":"1,776.00"}]
[null,null,"185mm2 x 3 core BVX03SCV",null,"m",null,null,0,{"$nulls":3},0,0,0,0,0,{"$f":"24*30%","v":{"v":7.199999999999999,"d":"7.20"}}]
[{"$f":"C119","v":"185mm2 x 3 core BVX03SCV"},{"v":2.26,"d":"2.260"},"Supply","D","m",2880,{"v":1377.56,"d":"1,377.56"},{"v":3967372.8,"d":"3,967,372.80"},null,null,{"v":1377.56,"d":"1,377.56"},{"v":338.3167214751271,"d":"338.32"},{"$f":"L120+K120","v":{"v":1715.876721475127,"d":"1,715.88"}},{"v":1429.9,"d":"1,429.90"},0,{"v":2880,"d":"2,880.00"}]
[{"$nulls":4},"m",null,null,0,{"$nulls":3},{"$f":"0.330975870321115*K121","v":0},null,0,0,{"$f":"F121:G121-J121","v":0},0]
[{"$nulls":4},"m",null,null,0,{"$nulls":5},0,0,{"$f":"F122:G122-J122","v":0},0]
[null,null,"TOTAL (Excluding VAT) ",{"$nulls":4},{"$f":"SUM(H11:H122)","v":{"v":108660472.56000002,"d":"108,660,472.56"}},{"$nulls":6},{"$f":"SUM(O11:O122)","v":{"v":30672517.619999997,"d":"30,672,517.62"}}]
[]
[null,null,"Grand Total (Excluding VAT)",{"$nulls":4},{"$f":"SUM(H123:H124)","v":{"v":108660472.56000002,"d":"108,660,472.56"}},{"$nulls":6},{"$f":"SUM(O123:O124)","v":{"v":30672517.619999997,"d":"30,672,517.62"}}]
[]
[]
[{"$nulls":14},{"v":162260342.18,"d":"162,260,342.18"}]
[]
[]
[{"$nulls":14},{"$f":"O128*20%","v":{"v":32452068.436000004,"d":"32,452,068.44"}}]

{"sheet":"Combined","index":2,"n_rows":83,"n_cols":8,"rows_kept":83,"hidden":true}
["Tutuka Racking Quantifications"]
["Description","Unit","Qty","Rate"]
["Wire mesh cable tray Hot dip galvanized 5mm wire with 75mm sidewall height"]
["300mm width","m",{"$f":"[19]unit_6!G4+[19]Sub_East!F4","v":3150},{"v":225.03333333333333,"d":" R225.03 "},{"$f":"C4*D4","v":{"v":708855,"d":" R708,855.00 "}}]
["600mm width","m",{"$f":"[19]unit_6!G5+[19]Sub_East!F5","v":3150},{"v":380.4166666666667,"d":" R380.42 "},{"v":1198312.5,"d":" R1,198,312.50 "}]
["Wire Mesh Cable Trays WM75 and WM75/1",{"$nulls":3},0]
["Horizontal Bend wire mesh cable tray 300m","Ea",20,{"v":418.6,"d":" R418.60 "},{"v":8372,"d":" R8,372.00 "}]
["Internal Bend wire mesh cable tray 300m","Ea",10,{"v":338,"d":" R338.00 "},{"v":3380,"d":" R3,380.00 "}]
["External Bend wire mesh cable tray 300m","Ea",10,{"v":338,"d":" R338.00 "},{"v":3380,"d":" R3,380.00 "}]
["Tee wire mesh cable tray 300m","Ea",10,{"v":915.2,"d":" R915.20 "},{"v":9152,"d":" R9,152.00 "}]
["Horizontal Bend wire mesh cable tray 600m","Ea",20,{"v":657.8,"d":" R657.80 "},{"v":13156,"d":" R13,156.00 "}]
["Internal Bend wire mesh cable tray 600m","Ea",10,{"v":533,"d":" R533.00 "},{"v":5330,"d":" R5,330.00 "}]
["External Bend wire mesh cable tray 600m","Ea",10,{"v":533,"d":" R533.00 "},{"v":5330,"d":" R5,330.00 "}]
["Tee wire mesh cable tray 600m","Ea",10,{"v":1424.8,"d":" R1,424.80 "},{"v":14248,"d":" R14,248.00 "}]
[{"$nulls":4},0]
["Fixings",{"$nulls":3},0]
["Wire connector set for wire mesh 75mm wall (splice)","ea",{"$f":"[19]unit_6!G17+[19]Sub_East!F13","v":14000},{"v":4.07,"d":" R4.07 "},{"v":56980.00000000001,"d":" R56,980.00 "}]
["Hold down clamps for wire mesh 75mm wall ","ea",{"$f":"[19]unit_6!G18+[19]Sub_East!F14","v":14000},{"v":3.05,"d":" R3.05 "},{"v":42700,"d":" R42,700.00 "}]
[{"$nulls":4},0]
["Hot dip galvanised single Unistrut P1000 6m length","m",{"$f":"[19]unit_6!G20+[19]Sub_East!F16","v":800},{"v":290,"d":" R290.00 "},{"v":232000,"d":" R232,000.00 "}]
["Hot dip galvanised double Unistrut P1001 6m length","m",{"$f":"[19]unit_6!G21+[19]Sub_East!F17","v":1100},{"v":336,"d":" R336.00 "},{"v":369600,"d":" R369,600.00 "}]
[{"$nulls":4},0]
["Hot diped galvanised General Fittings",{"$nulls":3},0]
["Hot diped galvanised  F2072/S1 Post base","ea",{"$f":"[19]unit_6!G24","v":360},{"$f":"165/20","v":{"v":8.25,"d":" R8.25 "}},{"v":2970,"d":" R2,970.00 "}]
["Hot diped galvanised  F2073/A Post base","ea",{"$f":"[19]unit_6!G25","v":600},{"$f":"400/10","v":{"v":40,"d":" R40.00 "}},{"v":24000,"d":" R24,000.00 "}]
["Hot diped galvanised  F1271 Beam clamps","ea",{"$f":"[19]unit_6!G26","v":600},{"$f":"137/10","v":{"v":13.7,"d":" R13.70 "}},{"v":8220,"d":" R8,220.00 "}]
["Hot diped galvanised  F2785 Beam clamps","ea",{"$f":"[19]unit_6!G27","v":720},{"$f":"120/20","v":{"v":6,"d":" R6.00 "}},{"v":4320,"d":" R4,320.00 "}]
["Hot diped galvanised  F1796 Beam clamps","ea",{"$f":"[19]unit_6!G28","v":720},{"$f":"144/20","v":{"v":7.2,"d":" R7.20 "}},{"v":5184,"d":" R5,184.00 "}]
["Hot diped galvanised  F2786 Beam clamps","ea",{"$f":"[19]unit_6!G29","v":1200},{"$f":"135/20","v":{"v":6.75,"d":" R6.75 "}},{"v":8100,"d":" R8,100.00 "}]
[{"$nulls":4},0]
["Hot diped galvanised FLAT fittings",{"$nulls":3},0]
["F1062","ea",{"$f":"[19]unit_6!G32+[19]Sub_East!F20","v":2800},{"v":3.97,"d":" R3.97 "},{"v":11116,"d":" R11,116.00 "}]
["F1031","ea",{"$f":"[19]unit_6!G33+[19]Sub_East!F21","v":1700},{"$f":"90/25","v":{"v":3.6,"d":" R3.60 "}},{"v":6120,"d":" R6,120.00 "}]
["F1036","ea",{"$f":"[19]unit_6!G34","v":720},{"$f":"118/25","v":{"v":4.72,"d":" R4.72 "}},{"v":3398.3999999999996,"d":" R3,398.40 "}]
["F1028","ea",{"$f":"[19]unit_6!G35","v":480},{"$f":"247/15","v":{"v":16.466666666666665,"d":" R16.47 "}},{"v":7903.999999999999,"d":" R7,904.00 "}]
["F1067","ea",{"$f":"[19]unit_6!G36","v":600},{"$f":"101/25","v":{"v":4.04,"d":" R4.04 "}},{"v":2424,"d":" R2,424.00 "}]
[{"$nulls":4},0]
["Hot diped galvanised \"U\" fittings",{"$nulls":3},0]
["F1377","ea",{"$f":"[19]unit_6!G39","v":480},{"v":28,"d":" R28.00 "},{"v":13440,"d":" R13,440.00 "}]
["F4047","ea",{"$f":"[19]unit_6!G40","v":180},{"$f":"90/25","v":{"v":3.6,"d":" R3.60 "}},{"v":648,"d":" R648.00 "}]
[{"$nulls":4},0]
["Hot diped galvanised angular fittings",{"$nulls":3},0]
["F1026","ea",{"$f":"[19]unit_6!G43+[19]Sub_East!F23","v":3500},{"v":11.25,"d":" R11.25 "},{"v":39375,"d":" R39,375.00 "},{"$f":"45/5","v":9}]
["F2484","ea",{"$f":"[19]unit_6!G44","v":480},{"v":18,"d":" R18.00 "},{"v":8640,"d":" R8,640.00 "}]
["F1326","ea",{"$f":"[19]unit_6!G45+[19]Sub_East!F24","v":3200},{"v":15.8,"d":" R15.80 "},{"v":50560,"d":" R50,560.00 "}]
["F1546-45","ea",{"$f":"[19]unit_6!G46","v":360},{"$f":"75/25","v":{"v":3,"d":" R3.00 "}},{"v":1080,"d":" R1,080.00 "}]
["F1074","ea",{"$f":"[19]unit_6!G47","v":240},{"$f":"200/20","v":{"v":10,"d":" R10.00 "}},{"v":2400,"d":" R2,400.00 "}]
[{"$nulls":4},0]
["Cantilever Brackets",{"$nulls":3},0]
["F254 - Singe hot dip galvanized unistrut 250mm","ea",{"$f":"[19]unit_6!G50","v":720},{"v":180,"d":" R180.00 "},{"v":129600,"d":" R129,600.00 "}]
["F254 - Singe hot dip galvanized unistrut 550mm","ea",{"$f":"[19]unit_6!G51","v":600},{"v":306,"d":" R306.00 "},{"v":183600,"d":" R183,600.00 "}]
["F254S Staggered hot dip galvanized unistrut 650mm","ea",{"$f":"[19]unit_6!G52","v":720},{"v":474,"d":" R474.00 "},{"v":341280,"d":" R341,280.00 "}]
["F254D Double hot dip galvanized unistrut 650mm","ea",{"$f":"[19]unit_6!G53","v":600},{"v":619,"d":" R619.00 "},{"v":371400,"d":" R371,400.00 "}]
["F254D Double hot dip galvanized unistrut 850mm","ea",{"$f":"[19]unit_6!G54","v":600},{"v":771,"d":" R771.00 "},{"v":462600,"d":" R462,600.00 "}]
[{"$nulls":4},0]
["Fasteners and Anchors",{"$nulls":3},0]
["Hex set screw 40mm M8 electro galvanised","ea",{"$f":"[19]unit_6!G57","v":3600},{"v":3.9,"d":" R3.90 "},{"v":14040,"d":" R14,040.00 "}]
["Hex set screw 40mm M10 electro galvanised","ea",{"$f":"[19]unit_6!G58","v":5400},{"v":6.7,"d":" R6.70 "},{"v":36180,"d":" R36,180.00 "},null,null,{"$f":"5.5/4","v":1.375}]
["Hex set screw 40mm M12 electro galvanised","ea",{"$f":"[19]unit_6!G59","v":5400},{"v":9.8,"d":" R9.80 "},{"v":52920.00000000001,"d":" R52,920.00 "}]
["Hex set screw 50mm M8 electro galvanised","ea",{"$f":"[19]unit_6!G60","v":3600},{"v":4.73,"d":" R4.73 "},{"v":17028,"d":" R17,028.00 "}]
["Hex set screw 50mm M10 electro galvanised","ea",{"$f":"[19]unit_6!G61","v":5400},{"v":7.7,"d":" R7.70 "},{"v":41580,"d":" R41,580.00 "}]
["Hex set screw 50mm M12 electro galvanised","ea",{"$f":"[19]unit_6!G62","v":5400},{"v":11.1,"d":" R11.10 "},{"v":59940,"d":" R59,940.00 "}]
[{"$nulls":4},0]
["Hex nut electro galvanised M8","ea",{"$f":"[19]unit_6!G64+[19]Sub_East!F27","v":8600},{"v":0.9,"d":" R0.90 "},{"v":7740,"d":" R7,740.00 "}]
["Hex nut electro galvanised M10","ea",{"$f":"[19]unit_6!G65+[19]Sub_East!F28","v":10400},{"v":2,"d":" R2.00 "},{"v":20800,"d":" R20,800.00 "}]
["Hex nut electro galvanised M12","ea",{"$f":"[19]unit_6!G66","v":5400},{"v":2.9,"d":" R2.90 "},{"v":15660,"d":" R15,660.00 "}]
["Flat washer electro galvanised M8","ea",{"$f":"[19]unit_6!G67+[19]Sub_East!F29","v":12200},{"v":0.2,"d":" R0.20 "},{"v":2440,"d":" R2,440.00 "}]
["Flat washer electro galvanised M10","ea",{"$f":"[19]unit_6!G68+[19]Sub_East!F30","v":15800},{"v":0.4,"d":" R0.40 "},{"$f":"C68*D68","v":{"v":6320,"d":" R6,320.00 "}}]
["Flat washer electro galvanised M12","ea",{"$f":"[19]unit_6!G69","v":10800},{"v":0.6,"d":" R0.60 "},{"v":6480,"d":" R6,480.00 "}]
[{"$nulls":4},0]
["Spring nut electro galvanised M6","ea",{"$f":"[19]unit_6!G71","v":600},{"v":6.9,"d":" R6.90 "},{"v":4140,"d":" R4,140.00 "}]
["Spring nut electro galvanised M8","ea",{"$f":"[19]unit_6!G72+[19]Sub_East!F32","v":8600},{"v":8.3,"d":" R8.30 "},{"v":71380,"d":" R71,380.00 "}]
["Spring nut electro galvanised M10","ea",{"$f":"[19]unit_6!G73+[19]Sub_East!F33","v":15800},{"v":9,"d":" R9.00 "},{"v":142200,"d":" R142,200.00 "}]
["Spring nut electro galvanised M12","ea",{"$f":"[19]unit_6!G74","v":10800},{"v":11,"d":" R11.00 "},{"v":118800,"d":" R118,800.00 "}]
[{"$nulls":4},0]
["Overhead treaded rod support",{"$nulls":3},0]
["Electro galvanised Jockey Clamp with M8","ea",{"$f":"[19]unit_6!G77","v":360},{"v":40,"d":" R40.00 "},{"v":14400,"d":" R14,400.00 "}]
["Electro galvanised Jockey Clamp with M10","ea",{"$f":"[19]unit_6!G78","v":600},{"v":70,"d":" R70.00 "},{"v":42000,"d":" R42,000.00 "}]
["Electro galvanised Jockey Clamp with M12","ea",{"$f":"[19]unit_6!G79","v":600},{"v":100,"d":" R100.00 "},{"v":60000,"d":" R60,000.00 "}]
["Electro galvanised Threaded rod M8 in 3m length","m",{"$f":"[19]unit_6!G80","v":480},{"$f":"20","v":{"v":20,"d":" R20.00 "}},{"v":9600,"d":" R9,600.00 "}]
["Electro galvanised Threaded rod M10 in 3m length","m",{"$f":"[19]unit_6!G81","v":1800},{"v":26,"d":" R26.00 "},{"v":46800,"d":" R46,800.00 "}]
["Electro galvanised Threaded rod M12 in 3m length","m",{"$f":"[19]unit_6!G82","v":480},{"v":32,"d":" R32.00 "},{"v":15360,"d":" R15,360.00 "}]
[{"$nulls":4},{"$f":"SUM(E4:E82)","v":{"v":5164982.9,"d":" R5,164,982.90 "}}]

{"sheet":"Racking","index":3,"n_rows":270,"n_cols":8,"rows_kept":270,"merged":[[3,0,3,2],[3,5,3,7]]}
[]
["Tutuka, Duvha and Kusile Power Station"]
[]
["Pricing Schudule: Racking and Earthing"]
[]
[null,"ITEM","DESCRIPTION","CPA","UOM","Qty","Rate","Total"]
[null,1,"MV Cables"]
[null,2,"RACKING"]
[null,3,"CABLE TRAY AND ACCESSORIES"]
[null,4,"Wire mesh cable tray Hot dip galvanized 5mm wire with 75mm sidewall height-Straight Rack"]
[null,5,"650mm Long x 89mm high (O-L 251-650)"]
[null,6,"Supply","C","each",300,null,{"$f":"G12*F12","v":0}]
[null,7,"UNI-STRUT"]
[null,8,"Double Uni-strut (90 x 45mm) Rack Support"]
[null,9,"Supply","C","m",{"$f":"3500+500+3900","v":7900},null,{"$f":"G15*F15","v":0}]
[null,10,"Single Uni-strut (45 x 45mm) Rack Support"]
[null,11,"Supply","C","m",{"$f":"1800+2400+9000","v":13200},null,{"$f":"G17*F17","v":0}]
[null,12,"CABLE TRAY AND ACCESSORIES"]
[null,13,"Wire mesh cable tray Hot dip galvanized 5mm wire with 75mm sidewall height-Straight Rack "]
[null,14,"300mm x 75mm"]
[null,15,"Supply","C","m",13500,null,{"$f":"G21*F21","v":0}]
[null,16,"600mm x 75mm"]
[null,17,"Supply","C","m",13500,null,{"$f":"G23*F23","v":0}]
[null,18,"Hot dipped  galvanized wire mesh cable tray fittings / accessories normal bending radius"]
[null,19,"300mm Wide x 75mm 90 degree horizontal bend"]
[null,20,"Supply","C","each",350,null,{"$f":"G26*F26","v":0}]
[null,21,"300mm Wide x 75mm 90 degree external/int bend"]
[null,22,"Supply","C","each",350,null,{"$f":"G28*F28","v":0}]
[null,23,"600mm Wide x 75mm 90 degree horizontal bend"]
[null,24,"Supply","C","each",350,null,0]
[null,25,"600mm Wide x 75mm 90 degree external/int bend"]
[null,26,"Supply","C","each",350,null,0]
[null,27,"300mm Wide x 75mm tee"]
[null,28,"Supply","C","each",160,null,0]
[null,29,"600mm Wide x 75mm tee"]
[null,30,"Supply","C","each",160,null,0]
[null,31,"CABLE SUPPORT SYSTEM"]
[null,32,"Hot Dipped Galvanized steel channel forming frame support"]
[null,33,"Complete with bolts, spring nuts, nuts and washers, fixed in all positions, to all heights above floor level, and to all areas."]
[null,34,"41.3mm x 41.3mm x 2.5mm Thick (O-L 1000)"]
[null,35,"Supply","C","m",0,null,0]
[null,36,"82.6mm x 41.3mm x 2.5mm Thick (O-L 1001)"]
[null,37,"Supply","C","m",0,null,0]
[null,38,"41.3mm x 41.3mm x 2.5mm Thick (O-L 1000) - covers F1184"]
[null,39,"Supply","C","m",700,null,{"$f":"G45*F45","v":0}]
[null,40,"HOT DIPPED GALVANIZED CONDUIT"]
[null,41,"Surface mounted and fixed in all positions, etc., to all heights above floor level, and to all areas."]
[null,42,"20mm Diameter"]
[null,43,"Supply","C","m",480,null,0]
[null,44,"25mm Diameter"]
[null,45,"Supply","C","m",840,null,0]
[null,46,"50mm Diameter"]
[null,47,"Supply","C","m",816,null,0]
[null,48,"HOT DIPPED GALVANIZED THREADED ROD"]
[null,49,"12 mm Threaded rods with nuts and washers"]
[null,50,"Supply","C","m",720,null,0]
[null,51,"WIRING CHANNELS"]
[null,52,"Hot Dipped Galvanized steel channel complete with galvanized cover surface mounted and fixed in all positions, etc., to all heights above floor level, etc and to all areas."]
[null,53,"41.3 x 41.3 x 1.6mm Thick (O-L 2000)"]
[null,54,"Supply","C","m",{"$f":"1000+3000","v":4000},null,0]
[null,55,"MISCELLANEOUS STEELWORK"]
[null,56,"Painted steel for support of racking, including all necessary fixing, bolts, nuts, washers, welding, holes, notches, fixed in all positions, to all heights above floor level, etc and to all areas."]
[null,57,"25mm x 25mm x 5mm Angle section"]
[null,58,"Supply","C","m",1700,null,0]
[null,59,"50mm x 50mm x 6mm Angle section"]
[null,60,"Supply","C","m",1700,null,0]
[null,61,"76mm x 38mm x 6mm Channel  iron"]
[null,62,"Supply","C","m",1700,null,0]
[null,63,"Fixings"]
[null,64,"Wire connector set for wire mesh 75mm wall (splice)","C","ea",{"$f":"14000+400","v":14400},null,0]
[null,65,"Hold down clamps for wire mesh 75mm wall ","C","ea",2000,null,{"$f":"G71*F71","v":0}]
[null,66,"Hot diped galvanised General Fittings"]
[null,67,"Hot diped galvanised  F2072/S1 Post base","C","ea",60,null,0]
[null,68,"Hot diped galvanised  F2073/A Post base","C","ea",100,null,0]
[null,69,"Hot diped galvanised  F1271 Beam clamps","C","ea",100,null,0]
[null,70,"Hot diped galvanised  F2785 Beam clamps","C","ea",120,null,0]
[null,71,"Hot diped galvanised  F1796 Beam clamps","C","ea",120,null,0]
[null,72,"Hot diped galvanised  F2786 Beam clamps","C","ea",200,null,0]
[null,73,"Hot diped galvanised FLAT fittings"]
[null,74,"F1062","C","ea",400,null,0]
[null,75,"F1031","C","ea",250,null,0]
[null,76,"F1036","C","ea",120,null,0]
[null,77,"F1028","C","ea",80,null,0]
[null,78,"F1067","C","ea",100,null,0]
[null,79,"Hot diped galvanised \"U\" fittings"]
[null,80,"F1377","C","ea",80,null,0]
[null,81,"F4047","C","ea",30,null,0]
[null,82,"Hot diped galvanised angular fittings"]
[null,83,"F1026","C","ea",550,null,0]
[null,84,"F2484","C","ea",80,null,0]
[null,85,"F1326","C","ea",520,null,0]
[null,86,"F1546-45","C","ea",60,null,0]
[null,87,"F1074","C","ea",40,null,0]
[null,88,"Cantilever Brackets"]
[null,89,"F254 - Singe hot dip galvanized unistrut 250mm","C","ea",120,null,0]
[null,90,"F254 - Singe hot dip galvanized unistrut 550mm","C","ea",100,null,0]
[null,91,"F254S Staggered hot dip galvanized unistrut 650mm","C","ea",120,null,0]
[null,92,"F254D Double hot dip galvanized unistrut 650mm","C","ea",100,null,0]
[null,93,"F254D Double hot dip galvanized unistrut 850mm","C","ea",100,null,0]
[null,94,"Fasteners and Anchors"]
[null,95,"Hex set screw 40mm M8 electro galvanised","C","ea",600,null,0]
[null,96,"Hex set screw 40mm M10 electro galvanised","C","ea",900,null,0]
[null,97,"Hex set screw 40mm M12 electro galvanised","C","ea",900,null,0]
[null,98,"Hex set screw 50mm M8 electro galvanised","C","ea",600,null,0]
[null,99,"Hex set screw 50mm M10 electro galvanised","C","ea",900,null,0]
[null,100,"Hex set screw 50mm M12 electro galvanised","C","ea",900,null,0]
[null,101,"Hex nut electro galvanised M8","C","ea",1100,null,0]
[null,102,"Hex nut electro galvanised M10","C","ea",1400,null,{"$f":"G108*F108","v":0}]
[null,103,"Hex nut electro galvanised M12","C","ea",900,null,0]
[null,104,"Flat washer electro galvanised M8","C","ea",1700,null,{"$f":"G110*F110","v":0}]
[null,105,"Flat washer electro galvanised M10","C","ea",2300,null,0]
[null,106,"Flat washer electro galvanised M12","C","ea",1800,null,0]
[null,107,"Spring nut electro galvanised M6","C","ea",100,null,0]
[null,108,"Spring nut electro galvanised M8","C","ea",1100,null,0]
[null,109,"Spring nut electro galvanised M10","C","ea",2300,null,0]
[null,110,"Spring nut electro galvanised M12","C","ea",1800,null,0]
[null,111,"Overhead treaded rod support"]
[null,112,"Electro galvanised Jockey Clamp with M8","C","ea",60,null,0]
[null,113,"Electro galvanised Jockey Clamp with M10","C","ea",100,null,0]
[null,114,"Electro galvanised Jockey Clamp with M12","C","ea",100,null,0]
[null,115,"Electro galvanised Threaded rod M8 in 3m length","C","m",80,null,0]
[null,116,"Electro galvanised Threaded rod M10 in 3m length","C","m",300,null,0]
[null,117,"Electro galvanised Threaded rod M12 in 3m length","C","m",80,null,0]
[null,118,"Overhead treaded rod support"]
[null,119,"Electro galvanised Threaded rod M10 in 3m length","C","m",10,null,{"$f":"G125*F125","v":0}]
[null,120,"Cab -strut Aluminuim Trefoil clamps"]
[null,121,"3 x 30 O.D TR.30","C","ea",1000,null,{"$f":"G127*F127","v":0}]
[null,122,"3 x 37 O.D TR.37","C","ea",1000,null,0]
[null,123,"3 x 42 O.D TR.42","C","ea",6000,null,0]
[null,124,"3 x 57 O.D TR.57","C","ea",9000,null,0]
[null,125,"3 x 63 O.D TR.63","C","ea",12000,null,0]
[null,126,"White PVC Bosal End cabs"]
[null,127,"20mm","C","m",1000,null,0]
[null,128,"25mm","C","m",2000,null,0]
[null,129,"32mm","C","m",2000,null,0]
[null,130,"50mm","C","m",500,null,0]
[null,131,"K & U pipes and cables clamps strut"]
[null,132,"26mm","C","m",500,null,0]
[null,133,"32mm","C","m",500,null,0]
[null,134,"52mm","C","m",500,null,0]
[null,135,"Heavy duty Galvanised saddles"]
[null,136,"20mm","C","m",3000,null,{"$f":"G142*F142","v":0}]
[null,137,"25mm","C","m",5000,null,0]
[null,138,"32mm","C","m",5000,null,0]
[null,139,"50mm","C","m",1000,null,0]
[null,140,"Half round galvanised electrical saddles"]
[null,141,"20mm","C","m",3000,null,0]
[null,142,"25mm","C","m",5000,null,0]
[null,143,"32mm","C","m",5000,null,0]
[null,144,"50mm","C","m",1000,null,0]
[null,145,"Stainless steel Bandic strap "]
[null,146,"30m roll","C","roll",100,null,0]
[null,147,"Stainless steel Buckles/tensioner 3/4"]
[null,148,"3/4 boxes","C","ea",500,null,0]
[null,149,"Rawl bolts/Steel anchor"]
[null,150,"M6","C","ea",500,null,0]
[null,151,"M8","C","ea",1000,null,0]
[null,152,"M10","C","ea",1000,null,0]
[null,153,"Stainless steel Hilti anchor"]
[null,154,"M16/65","C","ea",2000,null,0]
[null,155,"P2000 Material"]
[null,156,"6m P2000 trunking 41/41/1mm","C",null,0,null,0]
[null,157,"Internal splices P2000","C",null,0,null,0]
[null,158,"Horizontal elbow P2000","C","ea",400,null,0]
[null,159,"Tee piece P2000","C","ea",100,null,0]
[null,160,"Hangers C/W (P1000,P2000 & P3000)","C","ea",600,null,0]
[null,161,"Wire Mash racking"]
[null,162,"Horizontal Bends 150 x 75mm","C","m",500,null,0]
[null,163,"Internal Bends 150 x 75mm","C","m",300,null,0]
[null,164,"Straight Cover HDG"]
[null,165,"150mm","C","Metre",1000,null,{"$f":"G171*F171","v":0}]
[null,166,"200mm","C","Metre",1000,null,{"$f":"G172*F172","v":0}]
[null,167,"300mm","C","Metre",1000,null,0]
[null,168,"400mm","C","Metre",1000,null,0]
[null,169,"500mm","C","Metre",1000,null,0]
[null,170,"600mm","C","Metre",1000,null,0]
[null,171,"800mm","C","Metre",1000,null,0]
[null,172,"1000mm","C","Metre",1000,null,0]
[null,173,"PS Cover Clamp EG","C","Ea",20000,null,0]
[null,174,"90° Horizontal Bend Cover - 650R HDG"]
[null,175,"150mm","C","Ea",600,null,0]
[null,176,"200mm","C","Ea",600,null,0]
[null,177,"300mm","C","Ea",600,null,0]
[null,178,"400mm","C","Ea",600,null,0]
[null,179,"500mm","C","Ea",600,null,0]
[null,180,"600mm","C","Ea",600,null,0]
[null,181,"800mm","C","Ea",600,null,0]
[null,182,"1000mm","C","Ea",600,null,0]
[null,183,"45° Horizontal Bend Cover - 650R HDG"]
[null,184,"150mm","C","Ea",600,null,0]
[null,185,"200mm","C","Ea",600,null,0]
[null,186,"300mm","C","Ea",600,null,0]
[null,187,"400mm","C","Ea",600,null,0]
[null,188,"500mm","C","Ea",600,null,0]
[null,189,"600mm","C","Ea",600,null,0]
[null,190,"800mm","C","Ea",600,null,0]
[null,191,"1000mm","C","Ea",600,null,0]
[null,192,"Perforated Sun Shield lids HDG"]
[null,193,"Straight Cover","C"]
[null,194,"76mm","C","ea",5000,null,0]
[null,195,"114mm","C","ea",2000,null,0]
[null,196,"152mm","C","ea",1000,null,0]
[null,197,"228mm","C","ea",1000,null,0]
[null,198,"304mm","C","ea",1000,null,0]
[null,199,"457mm","C","ea",1000,null,0]
[null,200,"609mm","C","ea",1000,null,0]
[null,201,"800mm","C","ea",1000,null,0]
[null,202,"1000mm","C","ea",1000,null,0]
[null,203,"PT76 Cover Clamp EG","C","ea",20000,null,0]
[null,204,"90° Horizontal Bend Cover - 650R HDG"]
[null,205,"76mm","C","ea",3500,null,0]
[null,206,"114mm","C","ea",1500,null,0]
[null,207,"152mm","C","ea",700,null,0]
[null,208,"228mm","C","ea",700,null,0]
[null,209,"304mm","C","ea",700,null,0]
[null,210,"457mm","C","ea",700,null,0]
[null,211,"609mm","C","ea",700,null,0]
[null,212,"90° Horizontal Bend Cover - 250R HDG"]
[null,213,"76mm","C","ea",1500,null,0]
[null,214,"114mm","C","ea",1000,null,0]
[null,215,"90° Horizontal Bend Cover - 450R HDG"]
[null,216,"76mm","C","ea",1000,null,0]
[null,217,"114mm","C","ea",1000,null,0]
[null,218,"90° Internal / External Bend Cover - 650R HDG"]
[null,219,"76mm","C","ea",3500,null,{"$f":"G225*F225","v":0}]
[null,220,"114mm","C","ea",1500,null,0]
[null,221,"152mm","C","ea",700,null,0]
[null,222,"228mm","C","ea",700,null,0]
[null,223,"304mm","C","ea",700,null,0]
[null,224,"457mm","C","ea",700,null,0]
[null,225,"609mm","C","ea",700,null,0]
[null,226,"90° Internal / External Bend Cover - 250R HDG"]
[null,227,"76mm","C","ea",1000,null,0]
[null,228,"114mm","C","ea",1000,null,0]
[null,229,"Tee Cover - 650R HDG"]
[null,230,"76mm","C","ea",550,null,0]
[null,231,"114mm","C","ea",500,null,0]
[null,232,"152mm","C","ea",250,null,0]
[null,233,"228mm","C","ea",250,null,0]
[null,234,"304mm","C","ea",250,null,0]
[null,235,"457mm","C","ea",250,null,0]
[null,236,"609mm","C","ea",250,null,0]
[null,237,"Cantilever HDG"]
[null,238,"435mm ARM:CANTILEVER, DOUBLE,435 MM,SPEC ARM 195","C","ea",400,null,0]
[null,239,"535mm ARM:CANTILEVER DOUBLE,535 MM,SPEC ARM 105","C","ea",400,null,0]
[null,240,"335mm ARM:CANTILEVER, DOUBLE,335 MM,SPEC ARM 36","C","ea",400,null,0]
[null,241,"850mm ARM:CANTILEVER, DOUBLE,850 MM,SPEC ARM 36","C","ea",400,null,0]
[null,242,"EARTHING"]
[null,243,"10mm Solid Round Copper Rod","C","Kg",1400,null,0]
[null,244,"Copper C-Crimpets for the above","C","ea",600,null,0]
[null,245,"Set of Dies for the above","C","set",2,null,0]
[null,246,"50 x 3 earth bar copper ","C","kg",{"$f":"2238.80597014925+465.67+74.62","v":{"v":2779.0959701492498,"d":"2779"}},null,0]
[null,247,"25 x 3 flat copper ","C","kg",{"v":1388.888888888889,"d":"1389"},null,{"$f":"G253*F253","v":0}]
[null,248,"50x6 flat copper with saddles","C","m",{"$f":"150*4+500","v":1100},null,0]
[null,249,"50x6 aluminium bars","C","m",500,null,0]
[null,250,"Bi-metallic plates 60X50mm ,1-2mm thick (No Holes)","C","ea",{"$f":"60*4","v":240},null,0]
[null,251,"Bio- metal Lugs 150mm","C","ea",1000,null,0]
[null,252,"Aluminium Lugs 150mm","C","ea",1000,null,0]
[null,253,"Bio - metal plates 50mm x 60mm (1mm thick)","C","ea",1000,null,0]
[null,254,"Aluminium Tee - Ferrules 150mm","C","ea",1000,null,0]
[null,255,"Aluminium Clamps ( Saddle /Joint for 17 mm Diameter Aluminium conductor","C","ea",20000,null,0]
[null,256,"17mm all aluminium earth conductor","C","m",10000,null,0]
[null,257]
[null,258,"Sub-total ",{"$nulls":4},{"$f":"SUM(H12:H263)","v":0}]
[null,259]
[null,260]
[null,261]
[null,262]
[null,263]
[null,264,"GRAND TOTAL",{"$nulls":4},{"$f":"SUM(H264:H269)","v":0}]

{"sheet":"FRI","index":4,"n_rows":0,"n_cols":0,"rows_kept":0}

{"sheet":"Duvha Ps","index":5,"n_rows":57,"n_cols":10,"rows_kept":57,"hidden":true}
[]
[null,"Item No","Description",null,null,"Qty","Rate","Amount"]
[null,1,"Cab -strut Aluminuim Trefoil clamps"]
[null,2,"3 x 30 O.D TR.30",null,null,1000,{"v":3.2266666666666666,"d":"3.23"},{"$f":"G4*F4","v":{"v":3226.6666666666665,"d":"3,226.67"}}]
[null,3,"3 x 37 O.D TR.37",null,null,1000,5.26,{"$f":"G5*F5","v":{"v":5260,"d":"5,260.00"}}]
[null,4,"3 x 42 O.D TR.42",null,null,6000,6.08,{"v":36480,"d":"36,480.00"}]
[null,5,"3 x 57 O.D TR.57",null,null,9000,{"v":7,"d":"7.00"},{"v":63000,"d":"63,000.00"}]
[null,6,"3 x 63 O.D TR.63",null,null,12000,7.14,{"v":85680,"d":"85,680.00"}]
[null,7,{"$nulls":5},0]
[null,8,"White PVC Bosal End cabs",{"$nulls":4},0]
[null,9,"20mm",null,null,1000,{"v":2.5,"d":"2.50"},{"v":2500,"d":"2,500.00"}]
[null,10,"25mm",null,null,2000,5.35,{"v":10700,"d":"10,700.00"}]
[null,11,"32mm",null,null,2000,{"v":9.3,"d":"9.30"},{"v":18600,"d":"18,600.00"}]
[null,12,"50mm",null,null,500,13.25,{"v":6625,"d":"6,625.00"}]
[null,13,{"$nulls":5},0]
[null,14,"K & U pipes and cables clamps strut",{"$nulls":4},0]
[null,15,{"$nulls":5},0]
[null,16,"26mm",null,null,500,{"v":0.7,"d":"0.70"},{"v":350,"d":"350.00"}]
[null,17,"32mm",null,null,500,0.85,{"v":425,"d":"425.00"}]
[null,18,"52mm",null,null,500,{"v":1.3,"d":"1.30"},{"v":650,"d":"650.00"}]
[null,19,{"$nulls":5},0,null,{"$f":"18*3","v":54}]
[null,20,"Heavy duty Galvanised saddles",{"$nulls":4},0]
[null,21,"20mm",null,null,3000,{"v":2.5,"d":"2.50"},{"v":7500,"d":"7,500.00"},null,55]
[null,22,"25mm",null,null,5000,{"v":2.5,"d":"2.50"},{"v":12500,"d":"12,500.00"}]
[null,23,"32mm",null,null,5000,{"v":2.5,"d":"2.50"},{"v":12500,"d":"12,500.00"}]
[null,24,"50mm",null,null,1000,{"v":4.5,"d":"4.50"},{"v":4500,"d":"4,500.00"}]
[null,25,{"$nulls":5},0]
[null,26,"Half round galvanised electrical saddles",{"$nulls":4},0]
[null,27,"20mm",null,null,3000,{"v":2.5,"d":"2.50"},{"v":7500,"d":"7,500.00"}]
[null,28,"25mm",null,null,5000,{"v":2.5,"d":"2.50"},{"v":12500,"d":"12,500.00"}]
[null,29,"32mm",null,null,5000,{"v":2.5,"d":"2.50"},{"v":12500,"d":"12,500.00"}]
[null,30,"50mm",null,null,1000,{"v":4.5,"d":"4.50"},{"v":4500,"d":"4,500.00"}]
[null,31,"Stainless steel Bandic strap ",{"$nulls":4},0]
[null,32,"30m roll",null,null,100,{"v":200,"d":"200.00"},{"v":20000,"d":"20,000.00"}]
[null,33,{"$nulls":5},0]
[null,34,"Stainless steel Buckles/tensioner 3/4",{"$nulls":4},0]
[null,35,"3/4 boxes",null,null,500,{"$f":"95","v":{"v":95,"d":"95.00"}},{"v":47500,"d":"47,500.00"}]
[null,36,{"$nulls":5},0]
[null,37,"Rawl bolts/Steel anchor",{"$nulls":4},0]
[null,38,"M6",null,null,500,{"v":6.9,"d":"6.90"},{"v":3450,"d":"3,450.00"}]
[null,39,"M8",null,null,1000,{"v":8.3,"d":"8.30"},{"v":8300,"d":"8,300.00"}]
[null,40,"M10",null,null,1000,{"v":9,"d":"9.00"},{"v":9000,"d":"9,000.00"}]
[null,41,{"$nulls":5},0]
[null,42,"Stainless steel Hilti anchor",{"$nulls":4},0]
[null,43,"M16/65",null,null,2000,{"v":10,"d":"10.00"},{"$f":"G45*F45","v":{"v":20000,"d":"20,000.00"}}]
[null,44,{"$nulls":5},0]
[null,45,"P2000 Material",{"$nulls":4},0]
[null,46,"6m P2000 trunking 41/41/1mm",null,null,3000,{"v":105,"d":"105.00"},{"v":315000,"d":"315,000.00"}]
[null,47,"Internal splices P2000",null,null,400,{"v":35,"d":"35.00"},{"v":14000,"d":"14,000.00"}]
[null,48,"Horizontal elbow P2000",null,null,400,{"v":35,"d":"35.00"},{"v":14000,"d":"14,000.00"}]
[null,49,"Tee piece P2000",null,null,100,{"v":35,"d":"35.00"},{"v":3500,"d":"3,500.00"}]
[null,50,"Hangers C/W (P1000,P2000 & P3000)",null,null,600,{"v":35,"d":"35.00"},{"v":21000,"d":"21,000.00"}]
[null,51,{"$nulls":5},0]
[null,52,"Wire Mash racking",{"$nulls":4},0]
[null,53,"Horizontal Bends 150 x 75mm",null,null,500,{"v":458,"d":"458.00"},{"$f":"G55*F55","v":{"v":229000,"d":"229,000.00"}}]
[null,54,"Internal Bends 150 x 75mm",null,null,300,{"v":458,"d":"458.00"},{"$f":"G56*F56","v":{"v":137400,"d":"137,400.00"}}]
[{"$nulls":7},{"$f":"SUM(H4:H56)","v":{"v":1149646.6666666665,"d":"1,149,646.67"}}]

{"sheet":"Duvha","index":6,"n_rows":55,"n_cols":5,"rows_kept":55,"hidden":true}
[]
["Cab -strut Aluminuim Trefoil clamps"]
["3 x 30 O.D","TR.30",null,null,1000]
["3 x 37 O.D","TR.37",null,null,1000]
["3 x 42 O.D","TR.42",null,null,6000]
["3 x 57 O.D","TR.57",null,null,9000]
["3 x 63 O.D","TR.63",null,null,12000]
[]
["White PVC Bosal End cabs"]
["20mm",{"$nulls":3},1000]
["25mm",{"$nulls":3},2000]
["32mm",{"$nulls":3},2000]
["50mm",{"$nulls":3},500]
[]
["K & U pipes and cables clamps strut"]
[]
["26mm",{"$nulls":3},500]
["32mm",{"$nulls":3},500]
["52mm",{"$nulls":3},500]
[]
["Heavy duty Galvanised saddles"]
["20mm",{"$nulls":3},3000]
["25mm",{"$nulls":3},5000]
["32mm",{"$nulls":3},5000]
["50mm",{"$nulls":3},1000]
[]
["Half round galvanised electrical saddles"]
["20mm",{"$nulls":3},3000]
["25mm",{"$nulls":3},5000]
["32mm",{"$nulls":3},5000]
["50mm",{"$nulls":3},1000]
["Stainless steel Bandic strap "]
["30m roll",{"$nulls":3},100]
[]
["Stainless steel Buckles/tensioner 3/4"]
["3/4 boxes",{"$nulls":3},500]
[]
["Rawl bolts/Steel anchor"]
["M6",{"$nulls":3},500]
["M8",{"$nulls":3},1000]
["M10",{"$nulls":3},1000]
[]
["Stainless steel Hilti anchor"]
["M16/65",{"$nulls":3},2000]
[]
["P2000 Material"]
["6m P2000 trunking 41/41/1mm",{"$nulls":3},3000]
["Internal splices P2000",{"$nulls":3},400]
["Horizontal elbow P2000",{"$nulls":3},400]
["Tee piece P2000",{"$nulls":3},100]
["Hangers C/W (P1000,P2000 & P3000)",{"$nulls":3},600]
[]
["Wire Mash racking"]
["Horizontal Bends 150 x 75mm",{"$nulls":3},500]
["Internal Bends 150 x 75mm",{"$nulls":3},300]

{"sheet":"Kusile","index":7,"n_rows":100,"n_cols":10,"rows_kept":100,"hidden":true}
[]
[]
[]
[null,null,"Straight Cover HDG",null,"Metre","Price","Qty","Amount"]
[]
[null,null,"150mm",null,"Metre",155.5,{"v":1000,"d":"1,000.00"},{"$f":"F6*G6","v":{"v":155500,"d":"155,500.00"}}]
[null,null,"200mm",null,"Metre",180.2,{"v":1000,"d":"1,000.00"},{"v":180200,"d":"180,200.00"}]
[null,null,"300mm",null,"Metre",283.7,{"v":1000,"d":"1,000.00"},{"v":283700,"d":"283,700.00"}]
[null,null,"400mm",null,"Metre",356.5,{"v":1000,"d":"1,000.00"},{"v":356500,"d":"356,500.00"}]
[null,null,"500mm",null,"Metre",371.9,{"v":1000,"d":"1,000.00"},{"v":371900,"d":"371,900.00"}]
[null,null,"600mm",null,"Metre",425.8,{"v":1000,"d":"1,000.00"},{"v":425800,"d":"425,800.00"}]
[null,null,"800mm",null,"Metre",656.4,{"v":1000,"d":"1,000.00"},{"v":656400,"d":"656,400.00"}]
[null,null,"1000mm",null,"Metre",778.6,{"v":1000,"d":"1,000.00"},{"v":778600,"d":"778,600.00"}]
[{"$nulls":7},0]
[null,null,"PS Cover Clamp EG",null,"Ea",9.1,{"v":20000,"d":"20,000.00"},{"v":182000,"d":"182,000.00"}]
[{"$nulls":7},0]
[null,null,"90° Horizontal Bend Cover - 650R HDG",{"$nulls":4},0]
[{"$nulls":7},0]
[null,null,"150mm",null,"Ea",487.2,{"v":600,"d":"600.00"},{"v":292320,"d":"292,320.00"}]
[null,null,"200mm",null,"Ea",593.7,{"v":600,"d":"600.00"},{"v":356220,"d":"356,220.00"}]
[null,null,"300mm",null,"Ea",681,{"v":600,"d":"600.00"},{"v":408600,"d":"408,600.00"}]
[null,null,"400mm",null,"Ea",809.5,{"v":600,"d":"600.00"},{"v":485700,"d":"485,700.00"}]
[null,null,"500mm",null,"Ea",1144.9,{"v":600,"d":"600.00"},{"v":686940,"d":"686,940.00"}]
[null,null,"600mm",null,"Ea",2202.2,{"v":600,"d":"600.00"},{"v":1321320,"d":"1,321,320.00"}]
[null,null,"800mm",null,"Ea",2307.6,{"v":600,"d":"600.00"},{"v":1384560,"d":"1,384,560.00"}]
[null,null,"1000mm",null,"Ea",2459.8,{"v":600,"d":"600.00"},{"v":1475880,"d":"1,475,880.00"}]
[{"$nulls":7},0]
[null,null,"45° Horizontal Bend Cover - 650R HDG",{"$nulls":4},0]
[{"$nulls":7},0]
[null,null,"150mm",null,"Ea",312.3,{"v":600,"d":"600.00"},{"v":187380,"d":"187,380.00"}]
[null,null,"200mm",null,"Ea",347.9,{"v":600,"d":"600.00"},{"v":208740,"d":"208,740.00"}]
[null,null,"300mm",null,"Ea",424.2,{"v":600,"d":"600.00"},{"v":254520,"d":"254,520.00"}]
[null,null,"400mm",null,"Ea",509,{"v":600,"d":"600.00"},{"v":305400,"d":"305,400.00"}]
[null,null,"500mm",null,"Ea",1355.6,{"v":600,"d":"600.00"},{"v":813360,"d":"813,360.00"}]
[null,null,"600mm",null,"Ea",1577,{"v":600,"d":"600.00"},{"v":946200,"d":"946,200.00"}]
[null,null,"800mm",null,"Ea",2048.3,{"v":600,"d":"600.00"},{"v":1228980,"d":"1,228,980.00"}]
[null,null,"1000mm",null,"Ea",2580.8,{"v":600,"d":"600.00"},{"v":1548480,"d":"1,548,480.00"}]
[{"$nulls":7},{"$f":"F38*G38","v":0}]
[{"$nulls":7},0]
[null,null,"Perforated Sun Shield lids HDG",{"$nulls":4},0]
[{"$nulls":7},0]
[null,null,"Straight Cover",{"$nulls":4},0]
[null,null,"76mm",null,"ea",93,{"v":5000,"d":"5,000.00"},{"v":465000,"d":"465,000.00"}]
[null,null,"114mm",null,"ea",119,{"v":2000,"d":"2,000.00"},{"v":238000,"d":"238,000.00"}]
[null,null,"152mm",null,"ea",149.5,{"v":1000,"d":"1,000.00"},{"v":149500,"d":"149,500.00"}]
[null,null,"228mm",null,"ea",206.4,{"v":1000,"d":"1,000.00"},{"v":206400,"d":"206,400.00"}]
[null,null,"304mm",null,"ea",262.8,{"v":1000,"d":"1,000.00"},{"v":262800,"d":"262,800.00"}]
[null,null,"457mm",null,"ea",377.3,{"v":1000,"d":"1,000.00"},{"v":377300,"d":"377,300.00"}]
[null,null,"609mm",null,"ea",490.3,{"v":1000,"d":"1,000.00"},{"v":490300,"d":"490,300.00"}]
[null,null,"800mm",null,"ea",523.36,{"v":1000,"d":"1,000.00"},{"v":523360,"d":"523,360.00"}]
[null,null,"1000mm",null,"ea",640.96,{"v":1000,"d":"1,000.00"},{"v":640960,"d":"640,960.00"}]
[{"$nulls":7},0]
[null,null,"PT76 Cover Clamp EG",null,null,12.9,{"v":20000,"d":"20,000.00"},{"v":258000,"d":"258,000.00"}]
[{"$nulls":7},0]
[null,null,"90° Horizontal Bend Cover - 650R HDG",{"$nulls":4},0]
[null,null,"76mm",null,"ea",468.2,{"v":3500,"d":"3,500.00"},{"v":1638700,"d":"1,638,700.00"}]
[null,null,"114mm",null,"ea",477.8,{"v":1500,"d":"1,500.00"},{"v":716700,"d":"716,700.00"}]
[null,null,"152mm",null,"ea",487.5,{"v":700,"d":"700.00"},{"v":341250,"d":"341,250.00"}]
[null,null,"228mm",null,"ea",594.1,{"v":700,"d":"700.00"},{"v":415870,"d":"415,870.00"}]
[null,null,"304mm",null,"ea",681.2,{"v":700,"d":"700.00"},{"v":476840.00000000006,"d":"476,840.00"}]
[null,null,"457mm",null,"ea",1145.3,{"v":700,"d":"700.00"},{"v":801710,"d":"801,710.00"}]
[null,null,"609mm",null,"ea",2308.8,{"v":700,"d":"700.00"},{"v":1616160.0000000002,"d":"1,616,160.00"}]
[null,null,"90° Horizontal Bend Cover - 250R HDG",{"$nulls":4},0]
[null,null,"76mm",null,"ea",468.2,{"v":1500,"d":"1,500.00"},{"v":702300,"d":"702,300.00"}]
[null,null,"114mm",null,"ea",477.8,{"v":1000,"d":"1,000.00"},{"v":477800,"d":"477,800.00"}]
[{"$nulls":7},0]
[null,null,"90° Horizontal Bend Cover - 450R HDG",{"$nulls":4},0]
[{"$nulls":7},0]
[null,null,"76mm",null,"ea",468.2,{"v":1000,"d":"1,000.00"},{"v":468200,"d":"468,200.00"}]
[null,null,"114mm",null,"ea",477.8,{"v":1000,"d":"1,000.00"},{"$f":"F70*G70","v":{"v":477800,"d":"477,800.00"}}]
[{"$nulls":7},0]
[null,null,"90° Internal / External Bend Cover - 650R HDG",{"$nulls":4},0]
[null,null,"76mm",null,"ea",337.2,{"v":3500,"d":"3,500.00"},{"v":1180200,"d":"1,180,200.00"}]
[null,null,"114mm",null,"ea",344,{"v":1500,"d":"1,500.00"},{"v":516000,"d":"516,000.00"}]
[null,null,"152mm",null,"ea",351,{"v":700,"d":"700.00"},{"v":245700,"d":"245,700.00"}]
[null,null,"228mm",null,"ea",313.3,{"v":700,"d":"700.00"},{"v":219310,"d":"219,310.00"}]
[null,null,"304mm",null,"ea",447.2,{"v":700,"d":"700.00"},{"v":313040,"d":"313,040.00"}]
[null,null,"457mm",null,"ea",631.8,{"v":700,"d":"700.00"},{"v":442259.99999999994,"d":"442,260.00"}]
[null,null,"609mm",null,"ea",1177.8,{"v":700,"d":"700.00"},{"v":824460,"d":"824,460.00"}]
[{"$nulls":7},0]
[null,null,"90° Internal / External Bend Cover - 250R HDG",{"$nulls":4},0]
[null,null,"76mm",null,"ea",337.2,{"v":1000,"d":"1,000.00"},{"v":337200,"d":"337,200.00"}]
[null,null,"114mm",null,"ea",344,{"v":1000,"d":"1,000.00"},{"v":344000,"d":"344,000.00"}]
[{"$nulls":7},0]
[null,null,"Tee Cover - 650R HDG",{"$nulls":4},0]
[null,null,"76mm",null,"ea",829.1,{"v":550,"d":"550.00"},{"v":456005,"d":"456,005.00"}]
[null,null,"114mm",null,"ea",846,{"v":500,"d":"500.00"},{"v":423000,"d":"423,000.00"}]
[null,null,"152mm",null,"ea",863.2,{"v":250,"d":"250.00"},{"v":215800,"d":"215,800.00"}]
[null,null,"228mm",null,"ea",882.7,{"v":250,"d":"250.00"},{"v":220675,"d":"220,675.00"}]
[null,null,"304mm",null,"ea",1011.4,{"v":250,"d":"250.00"},{"v":252850,"d":"252,850.00"}]
[null,null,"457mm",null,"ea",2267.2,{"v":250,"d":"250.00"},{"v":566800,"d":"566,800.00"}]
[null,null,"609mm",null,"ea",2542.8,{"v":250,"d":"250.00"},{"v":635700,"d":"635,700.00"}]
[{"$nulls":7},0]
[null,null,"Cantilever HDG",{"$nulls":4},0]
[null,null,"435mm ARM:CANTILEVER, DOUBLE,435 MM,SPEC ARM 195",null,"ea",300,{"v":400,"d":"400.00"},{"v":120000,"d":"120,000.00"}]
[null,null,"535mm ARM:CANTILEVER DOUBLE,535 MM,SPEC ARM 105",null,"ea",317,{"v":400,"d":"400.00"},{"v":126800,"d":"126,800.00"}]
[null,null,"335mm ARM:CANTILEVER, DOUBLE,335 MM,SPEC ARM 36",null,"ea",280,{"v":400,"d":"400.00"},{"v":112000,"d":"112,000.00"}]
[null,null,"850mm ARM:CANTILEVER, DOUBLE,850 MM,SPEC ARM 36",null,"ea",334,{"v":400,"d":"400.00"},{"v":133600,"d":"133,600.00"}]
[{"$nulls":7},{"$f":"F99*G99","v":0}]
[{"$nulls":7},{"$f":"SUM(H6:H99)","v":{"v":34725550,"d":"34,725,550.00"}},null,{"$f":"H100+Racking!H266","v":{"v":34725550,"d":"34,725,550.00"}}]

{"sheet":"Racking and Earthing","index":8,"n_rows":274,"n_cols":15,"rows_kept":274,"hidden":true,"merged":[[3,0,3,2],[3,5,3,7],[263,4,263,6],[264,4,264,6],[265,4,265,6],[266,4,266,6],[267,4,267,6],[268,4,268,6],[269,4,269,6],[271,4,271,6],[272,4,272,6],[273,4,273,6]]}
[]
["Tutuka Power Station: GX COAL PROJECTS"]
[]
["Pricing Schudule",{"$nulls":4},"CONTRACT BOQ"]
[]
[null,"ITEM","DESCRIPTION","CPA Formula","UOM","Qty","Rate","Total"]
[null,null,"MV Cables",{"$nulls":4},{"$f":"G7*F7","v":0}]
[null,null,"RACKING",{"$nulls":4},0]
[null,null,"CABLE TRAY AND ACCESSORIES",{"$nulls":4},0]
[null,null,"Cold drawn high tensile galvanized wire mesh cable tray (O-L GRIDSPAN GS 50x50) fixed in all positions, etc., to all heights above floor level, etc and to all areas. Complete with splice clamp sets, hold down brackets, bolts, nuts and washers, etc.",{"$nulls":4},0]
[null,null,"650mm Long x 89mm high (O-L 251-650)",{"$nulls":4},0]
[{"$f":"C11","v":"650mm Long x 89mm high (O-L 251-650)"},2.115,"Supply","C","each",150,126.45,{"v":18967.5,"d":"18,967.50"},null,null,150,null,{"$f":"K12+F12","v":300},null,300]
[{"$f":"C11","v":"650mm Long x 89mm high (O-L 251-650)"},2.116,"Installation","A","each",150,161.71,{"v":24256.5,"d":"24,256.50"},null,null,150,null,{"$f":"K13+F13","v":300},null,300]
[null,null,"UNI-STRUT",{"$nulls":4},0,{"$nulls":4},0,null,0]
[null,null,"Double Uni-strut (90 x 45mm) Rack Support",{"$nulls":4},0,{"$nulls":4},0,null,0]
[{"$f":"C15","v":"Double Uni-strut (90 x 45mm) Rack Support"},2.117,"Supply","C","m",3500,297.03,{"v":1039604.9999999999,"d":"1,039,605.00"},null,null,500,null,4000,null,4000]
[{"$f":"C15","v":"Double Uni-strut (90 x 45mm) Rack Support"},2.118,"Installation","A","m",3500,242.45,{"v":848575,"d":"848,575.00"},null,null,500,null,4000,null,4000]
[null,null,"Single Uni-strut (45 x 45mm) Rack Support",{"$nulls":4},0,{"$nulls":4},0,null,0]
[{"$f":"C18","v":"Single Uni-strut (45 x 45mm) Rack Support"},{"v":2.1189999999999998,"d":"2.119"},"Supply","C","m",1800,131.66,{"v":236988,"d":"236,988.00"},null,null,2400,null,4200,null,4200]
[{"$f":"C18","v":"Single Uni-strut (45 x 45mm) Rack Support"},{"v":2.12,"d":"2.120"},"Installation","A","m",1800,220.41,{"v":396738,"d":"396,738.00"},null,null,2400,null,4200,null,4200]
[{"$nulls":7},0,{"$nulls":4},0,null,0]
[null,null,"CABLE TRAY AND ACCESSORIES",{"$nulls":4},0,{"$nulls":4},0,null,0]
[null,null,"Cold drawn high tensile galvanized wire mesh cable tray (O-L GRIDSPAN GS 50x50) fixed in all positions, to all heights above floor level, brackets, bolts, nuts and washers, etc.",{"$nulls":4},0,{"$nulls":4},0,null,0]
[null,null,"300mm x 75mm",{"$nulls":4},0,{"$nulls":4},0,null,0]
[{"$f":"C24","v":"300mm x 75mm"},2.121,"Supply","C","m",700,254.06,{"v":177842,"d":"177,842.00"},null,null,12800,null,13500,null,13500]
[{"$f":"C24","v":"300mm x 75mm"},2.122,"Installation","A","m",700,194.04,{"v":135828,"d":"135,828.00"},null,null,12800,null,13500,null,13500]
[null,null,"600mm x 75mm",{"$nulls":4},0,{"$nulls":4},0,null,0]
[{"$f":"C27","v":"600mm x 75mm"},2.123,"Supply","C","m",700,290.24,{"v":203168,"d":"203,168.00"},null,null,12800,null,13500,null,13500]
[{"$f":"C27","v":"600mm x 75mm"},2.124,"Installation","A","m",700,{"v":277.2,"d":"277.20"},{"v":194040,"d":"194,040.00"},null,null,12800,null,13500,null,13500]
[null,null,"Cold drawn high tensile galvanized wire mesh cable tray fittings / accessories normal bending radius",{"$nulls":4},0,{"$nulls":4},0,null,0]
[null,null,"300mm Wide x 75mm 90 degree horizontal bend",{"$nulls":4},0,{"$nulls":4},0,null,0]
[{"$f":"C31","v":"300mm Wide x 75mm 90 degree horizontal bend"},2.125,"Supply","C","each",50,617.01,{"v":30850.5,"d":"30,850.50"},null,null,300,null,350,null,350]
[{"$f":"C31","v":"300mm Wide x 75mm 90 degree horizontal bend"},2.126,"Installation","A","each",50,{"v":323.4,"d":"323.40"},{"v":16169.999999999998,"d":"16,170.00"},null,null,300,null,350,null,350]
[null,null,"300mm Wide x 75mm 90 degree external/int bend",{"$nulls":4},0,{"$nulls":4},0,null,0]
[{"$f":"C34","v":"300mm Wide x 75mm 90 degree external/int bend"},2.127,"Supply","C","each",50,397.07,{"v":19853.5,"d":"19,853.50"},null,null,300,null,350,null,350]
[{"$f":"C34","v":"300mm Wide x 75mm 90 degree external/int bend"},2.128,"Installation","A","each",50,{"v":323.4,"d":"323.40"},{"v":16169.999999999998,"d":"16,170.00"},null,null,300,null,350,null,350]
[null,null,"600mm Wide x 75mm 90 degree horizontal bend",{"$nulls":4},0,{"$nulls":4},0,null,0]
[{"$f":"C37","v":"600mm Wide x 75mm 90 degree horizontal bend"},2.129,"Supply","C","each",50,{"v":1473.45,"d":"1,473.45"},{"v":73672.5,"d":"73,672.50"},null,null,300,null,350,null,350]
[{"$f":"C37","v":"600mm Wide x 75mm 90 degree horizontal bend"},{"v":2.13,"d":"2.130"},"Installation","A","each",50,527.07,{"v":26353.500000000004,"d":"26,353.50"},null,null,300,null,350,null,350]
[null,null,"600mm Wide x 75mm 90 degree external/int bend",{"$nulls":4},0,{"$nulls":4},0,null,0]
[{"$f":"C40","v":"600mm Wide x 75mm 90 degree external/int bend"},{"v":2.1310000000000002,"d":"2.131"},"Supply","C","each",50,524.46,{"v":26223,"d":"26,223.00"},null,null,300,null,350,null,350]
[{"$f":"C40","v":"600mm Wide x 75mm 90 degree external/int bend"},2.132,"Installation","A","each",50,527.07,{"v":26353.500000000004,"d":"26,353.50"},null,null,300,null,350,null,350]
[null,null,"300mm Wide x 75mm tee",{"$nulls":4},0,{"$nulls":4},0,null,0]
[{"$f":"C43","v":"300mm Wide x 75mm tee"},2.133,"Supply","C","each",10,778.36,{"v":7783.6,"d":"7,783.60"},null,null,150,null,160,null,160]
[{"$f":"C43","v":"300mm Wide x 75mm tee"},2.134,"Installation","A","each",10,510.64,{"v":5106.4,"d":"5,106.40"},null,null,150,null,160,null,160]
[null,null,"600mm Wide x 75mm tee",{"$nulls":4},0,{"$nulls":4},0,null,0]
[{"$f":"C46","v":"600mm Wide x 75mm tee"},2.135,"Supply","C","each",10,{"v":1096.14,"d":"1,096.14"},{"v":10961.400000000001,"d":"10,961.40"},null,null,150,null,160,null,160]
[{"$f":"C46","v":"600mm Wide x 75mm tee"},2.136,"Installation","A","each",10,612.26,{"v":6122.6,"d":"6,122.60"},null,null,150,null,160,null,160]
[{"$nulls":7},{"$f":"G49*F49","v":0},{"$nulls":4},0,null,0]
[null,null,"CABLE SUPPORT SYSTEM",{"$nulls":4},0,{"$nulls":4},0,null,0]
[null,null,"Galvanized steel channel forming frame support",{"$nulls":4},0,{"$nulls":4},0,null,0]
[null,null,"Complete with bolts, spring nuts, nuts and washers, fixed in all positions, to all heights above floor level, and to all areas.",{"$nulls":4},0,{"$nulls":4},0,null,0]
[null,null,"41.3mm x 41.3mm x 2.5mm Thick (O-L 1000)",{"$nulls":4},0,{"$nulls":4},0,null,0]
[{"$f":"C53","v":"41.3mm x 41.3mm x 2.5mm Thick (O-L 1000)"},2.137,"Supply","C","m",3000,131.66,{"v":394980,"d":"394,980.00"},null,null,6000,null,9000,null,9000]
[{"$f":"C53","v":"41.3mm x 41.3mm x 2.5mm Thick (O-L 1000)"},2.138,"Installation","A","m",3000,220.41,{"v":661230,"d":"661,230.00"},null,null,6000,null,9000,null,9000]
[null,null,"82.6mm x 41.3mm x 2.5mm Thick (O-L 1001)",{"$nulls":4},0,{"$nulls":4},0,null,0]
[{"$f":"C56","v":"82.6mm x 41.3mm x 2.5mm Thick (O-L 1001)"},{"v":2.1390000000000002,"d":"2.139"},"Supply","C","m",1300,297.03,{"v":386138.99999999994,"d":"386,139.00"},null,null,2600,null,3900,null,3900]
[{"$f":"C56","v":"82.6mm x 41.3mm x 2.5mm Thick (O-L 1001)"},{"v":2.14,"d":"2.140"},"Installation","A","m",1300,242.45,{"v":315185,"d":"315,185.00"},null,null,2600,null,3900,null,3900]
[null,null,"41.3mm x 41.3mm x 2.5mm Thick (O-L 1000) - covers F1184",{"$nulls":4},0,{"$nulls":4},0,null,0]
[{"$f":"C59","v":"41.3mm x 41.3mm x 2.5mm Thick (O-L 1000) - covers F1184"},2.141,"Supply","C","m",300,123.45,{"v":37035,"d":"37,035.00"},null,null,400,null,700,null,700]
[{"$f":"C59","v":"41.3mm x 41.3mm x 2.5mm Thick (O-L 1000) - covers F1184"},2.142,"Installation","A","m",300,202.04,{"v":60612,"d":"60,612.00"},null,null,400,null,700,null,700]
[{"$nulls":7},0,{"$nulls":4},0,null,0]
[null,null,"GALVANIZED CONDUIT",{"$nulls":4},0,{"$nulls":4},0,null,0]
[null,null,"Surface mounted and fixed in all positions, etc., to all heights above floor level, and to all areas.",{"$nulls":4},0,{"$nulls":4},0,null,0]
[null,null,"20mm Diameter",{"$nulls":4},0,{"$nulls":4},0,null,0]
[{"$f":"C65","v":"20mm Diameter"},2.143,"Supply","C","m",240,146.81,{"v":35234.4,"d":"35,234.40"},null,null,240,null,480,null,480]
[{"$f":"C65","v":"20mm Diameter"},2.144,"Installation","A","m",240,97.02,{"v":23284.8,"d":"23,284.80"},null,null,240,null,480,null,480]
[null,null,"25mm Diameter",{"$nulls":4},0,{"$nulls":4},0,null,0]
[{"$f":"C68","v":"25mm Diameter"},2.145,"Supply","C","m",420,157.17,{"v":66011.4,"d":"66,011.40"},null,null,420,null,840,null,840]
[{"$f":"C68","v":"25mm Diameter"},2.146,"Installation","A","m",420,121.27,{"v":50933.4,"d":"50,933.40"},null,null,420,null,840,null,840]
[null,null,"50mm Diameter",{"$nulls":4},0,{"$nulls":4},0,null,0]
[{"$f":"C71","v":"50mm Diameter"},2.147,"Supply","C","m",408,263.92,{"v":107679.36,"d":"107,679.36"},null,null,408,null,816,null,816]
[{"$f":"C71","v":"50mm Diameter"},2.148,"Installation","A","m",408,194.04,{"v":79168.31999999999,"d":"79,168.32"},null,null,408,null,816,null,816]
[null,null,"GALVANIZED THREADED ROD",{"$nulls":4},0,{"$nulls":4},0,null,0]
[null,null,"12 mm Threaded rods with nuts and washers",{"$nulls":4},0,{"$nulls":4},0,null,0]
[{"$f":"C75","v":"12 mm Threaded rods with nuts and washers"},2.149,"Supply","C","m",360,62.26,{"v":22413.6,"d":"22,413.60"},null,null,360,null,720,null,720]
[{"$f":"C75","v":"12 mm Threaded rods with nuts and washers"},{"v":2.15,"d":"2.150"},"Installation","A","m",360,60.63,{"v":21826.8,"d":"21,826.80"},null,null,360,null,{"$f":"K77+F77","v":720},null,720]
[{"$nulls":7},0,{"$nulls":4},0,null,0]
[null,null,"WIRING CHANNELS",{"$nulls":4},0,{"$nulls":4},0,null,0]
[null,null,"Galvanized steel channel complete with galvanized cover surface mounted and fixed in all positions, etc., to all heights above floor level, etc and to all areas.",{"$nulls":4},0,{"$nulls":4},0,null,0]
[null,null,"41.3 x 41.3 x 1.6mm Thick (O-L 2000)",{"$nulls":4},0,{"$nulls":4},0,null,0]
[{"$f":"C81","v":"41.3 x 41.3 x 1.6mm Thick (O-L 2000)"},2.151,"Supply","C","m",500,98.16,{"v":49080,"d":"49,080.00"},null,null,500,null,1000,null,1000]
[{"$f":"C81","v":"41.3 x 41.3 x 1.6mm Thick (O-L 2000)"},2.152,"Installation","A","m",500,84.32,{"v":42160,"d":"42,160.00"},null,null,500,null,1000,null,1000]
[{"$nulls":7},0,{"$nulls":4},0,null,0]
[null,null,"MISCELLANEOUS STEELWORK",{"$nulls":4},0,{"$nulls":4},0,null,0]
[null,null,"Painted steel for support of racking, including all necessary fixing, bolts, nuts, washers, welding, holes, notches, fixed in all positions, to all heights above floor level, etc and to all areas.",{"$nulls":4},0,{"$nulls":4},0,null,0]
[null,null,"25mm x 25mm x 5mm Angle section",{"$nulls":4},0,{"$nulls":4},0,null,0]
[{"$f":"C87","v":"25mm x 25mm x 5mm Angle section"},2.153,"Supply","C","m",850,{"v":55.8,"d":"55.80"},{"v":47430,"d":"47,430.00"},null,null,850,null,1700,null,1700]
[{"$f":"C87","v":"25mm x 25mm x 5mm Angle section"},2.154,"Installation","A","m",850,{"v":215.6,"d":"215.60"},{"v":183260,"d":"183,260.00"},null,null,850,null,1700,null,1700]
[null,null,"50mm x 50mm x 6mm Angle section",{"$nulls":4},0,{"$nulls":4},0,null,0]
[{"$f":"C90","v":"50mm x 50mm x 6mm Angle section"},2.155,"Supply","C","m",850,134.35,{"v":114197.5,"d":"114,197.50"},null,null,850,null,1700,null,1700]
[{"$f":"C90","v":"50mm x 50mm x 6mm Angle section"},2.156,"Installation","A","m",850,{"v":323.4,"d":"323.40"},{"v":274890,"d":"274,890.00"},null,null,850,null,1700,null,1700]
[null,null,"76mm x 38mm x 6mm Channel  iron",{"$nulls":4},0,{"$nulls":4},0,null,0]
[{"$f":"C93","v":"76mm x 38mm x 6mm Channel  iron"},2.157,"Supply","C","m",850,191.53,{"v":162800.5,"d":"162,800.50"},null,null,850,null,1700,null,1700]
[{"$f":"C93","v":"76mm x 38mm x 6mm Channel  iron"},2.158,"Installation","A","m",850,161.71,{"v":137453.5,"d":"137,453.50"},null,null,850,null,1700,null,1700]
[{"$nulls":7},0,{"$nulls":4},0,null,0]
[{"$nulls":7},0,{"$nulls":4},0,null,0]
[null,null,"EARTHING",{"$nulls":4},0,{"$nulls":4},0,null,0]
[null,null,"Earth connection to ex earth on racking 2,5 Green / Yellow",{"$nulls":4},0,{"$nulls":4},0,null,0]
[{"$f":"C100","v":"Test of earth mat to reference point"},2.159,"Test of earth mat to reference point","C","no",100,{"v":845.4,"d":"845.40"},{"v":84540,"d":"84,540.00"},null,null,600,null,700,null,700]
[null,null,"50 x 3 mm Flat Cu +saddles",{"$nulls":4},0,{"$nulls":4},0,null,0]
[{"$f":"C101","v":"50 x 3 mm Flat Cu +saddles"},{"v":2.16,"d":"2.160"},"Supply","C","m",300,243.55,{"v":73065,"d":"73,065.00"},null,null,100,null,400,null,400]
[{"$f":"C101","v":"50 x 3 mm Flat Cu +saddles"},2.161,"Installation","A","m",300,93.69,{"v":28107,"d":"28,107.00"},null,null,100,null,400,null,400]
[null,null,"50 x 6 mm Flat Cu +saddles",{"$nulls":4},0,{"$nulls":4},0,null,0]
[{"$f":"C104","v":"50 x 6 mm Flat Cu +saddles"},2.162,"Supply","C","m",3000,{"v":487.1,"d":"487.10"},{"v":1461300,"d":"1,461,300.00"},null,null,3000,null,6000,null,6000]
[{"$f":"C104","v":"50 x 6 mm Flat Cu +saddles"},2.163,"Installation","A","m",3000,93.69,{"v":281070,"d":"281,070.00"},null,null,3000,null,6000,null,6000]
[null,null,"Terminations, Joints,cross overs, tee's",{"$nulls":4},0,{"$nulls":4},0,null,0]
[{"$f":"C107","v":"Terminations, Joints,cross overs, tee's"},2.164,"Supply","C","each",5000,288.19,{"v":1440950,"d":"1,440,950.00"},null,null,5000,null,10000,null,10000]
[{"$f":"C107","v":"Terminations, Joints,cross overs, tee's"},2.165,"Installation","A","each",5000,{"v":190.9,"d":"190.90"},{"v":954500,"d":"954,500.00"},null,null,5000,null,10000,null,10000]
[null,null,"50 x 3 mm Copper bars",{"$nulls":4},0,{"$nulls":4},0,null,0]
[{"$f":"C110","v":"50 x 3 mm Copper bars"},2.166,"Supply","C","m",100,{"v":487.1,"d":"487.10"},{"v":48710,"d":"48,710.00"},null,null,100,null,200,null,200]
[{"$f":"C110","v":"50 x 3 mm Copper bars"},2.167,"Installation","A","m",100,93.69,{"v":9369,"d":"9,369.00"},null,null,100,null,200,null,200]
[null,null,"50 x 6 mm Aluminium bars",{"$nulls":4},{"$f":"G113*F113","v":0},{"$nulls":4},0,null,0]
[{"$f":"C113","v":"50 x 6 mm Aluminium bars"},2.168,"Supply","C","m",2500,{"v":2497.58,"d":"2,497.58"},{"v":6243950,"d":"6,243,950.00"},null,null,7200,null,9700,null,9700]
[{"$f":"C113","v":"50 x 6 mm Aluminium bars"},2.169,"Installation","A","m",2500,169.47,{"v":423675,"d":"423,675.00"},null,null,7200,null,9700,null,9700]
[null,null,"50 x 6 mm Copper bars",{"$nulls":4},0,{"$nulls":4},0,null,0]
[{"$f":"C116","v":"50 x 6 mm Copper bars"},{"v":2.17,"d":"2.170"},"Supply","C","m",2500,{"v":487.1,"d":"487.10"},{"v":1217750,"d":"1,217,750.00"},null,null,7200,null,9700,null,9700]
[{"$f":"C116","v":"50 x 6 mm Copper bars"},2.171,"Installation","A","m",2500,93.69,{"v":234225,"d":"234,225.00"},null,null,7200,null,9700,null,9700]
[{"$nulls":7},0,{"$nulls":4},0,null,0]
[null,null,"LV Cables",{"$nulls":4},{"$f":"G120*F120","v":0}]
[null,null,"RACKING",{"$nulls":4},0,{"$nulls":6},{"$f":"SUM(O12:O120)","v":192252}]
[null,null,"Galvanized steel single arm cantilever with tongue",{"$nulls":4},0]
[null,null,"Type bracket complete with bolts,spring nuts, nuts and washers, etc",{"$nulls":4},0]
[null,null,"650mm Long x 89mm high (O-L 251-650)",{"$nulls":4},0]
[{"$f":"C124","v":"650mm Long x 89mm high (O-L 251-650)"},{"v":2.4050000000000002,"d":"2.405"},"Supply","C","each",150,126.45,{"v":18967.5,"d":"18,967.50"}]
[{"$f":"C124","v":"650mm Long x 89mm high (O-L 251-650)"},2.406,"Install","A","each",150,161.71,{"v":24256.5,"d":"24,256.50"}]
[null,null,"UNI-STRUT",{"$nulls":4},0]
[null,null,"Double Uni-strut (90 x 45mm) Rack Support",{"$nulls":4},0]
[{"$f":"C128","v":"Double Uni-strut (90 x 45mm) Rack Support"},2.407,"Supply","C","m",500,297.03,{"v":148515,"d":"148,515.00"}]
[{"$f":"C128","v":"Double Uni-strut (90 x 45mm) Rack Support"},2.408,"Install","A","m",500,242.45,{"v":121225,"d":"121,225.00"}]
[{"$nulls":7},0]
[{"$f":"C132","v":"Single Uni-strut (45 x 45mm) Rack Support"},2.409,"Single Uni-strut (45 x 45mm) Rack Support","C","m",2400,131.66,{"v":315984,"d":"315,984.00"}]
[{"$f":"C132","v":"Single Uni-strut (45 x 45mm) Rack Support"},{"v":2.41,"d":"2.410"},"Supply","C","m",2400,220.41,{"v":528984,"d":"528,984.00"}]
[{"$f":"C132","v":"Single Uni-strut (45 x 45mm) Rack Support"},null,"Install",{"$nulls":4},0]
[{"$nulls":7},0]
[null,null,"CABLE TRAY AND ACCESSORIES",{"$nulls":4},0]
[null,null,"Cold drawn high tensile galvanized wire mesh cable tray (O-L GRIDSPAN GS 50x50) fixed in all positions, to all heights above floor level, brackets, bolts, nuts and washers, etc.",{"$nulls":4},0]
[null,null,"300mm x 75mm",{"$nulls":4},0]
[{"$f":"C138","v":"300mm x 75mm"},2.411,"Supply","C","m",12800,254.06,{"v":3251968,"d":"3,251,968.00"}]
[{"$f":"C138","v":"300mm x 75mm"},2.412,"Install","A","m",12800,194.04,{"v":2483712,"d":"2,483,712.00"}]
[null,null,"600mm x 75mm",{"$nulls":4},0]
[{"$f":"C141","v":"600mm x 75mm"},2.413,"Supply","C","m",12800,290.24,{"v":3715072,"d":"3,715,072.00"}]
[{"$f":"C141","v":"600mm x 75mm"},2.414,"Install","A","m",12800,{"v":277.2,"d":"277.20"},{"v":3548160,"d":"3,548,160.00"}]
[null,null,"Cold drawn high tensile galvanized wire mesh cable tray fittings / accessories normal bending radius",{"$nulls":4},0]
[null,null,"300mm Wide x 75mm 90 degree horizontal bend",{"$nulls":4},0]
[{"$f":"C145","v":"300mm Wide x 75mm 90 degree horizontal bend"},2.415,"Supply","C","each",300,617.01,{"v":185103,"d":"185,103.00"}]
[{"$f":"C145","v":"300mm Wide x 75mm 90 degree horizontal bend"},2.416,"Install","A","each",300,{"v":323.4,"d":"323.40"},{"v":97020,"d":"97,020.00"}]
[null,null,"300mm Wide x 75mm 90 degree external/int bend",{"$nulls":4},0]
[{"$f":"C148","v":"300mm Wide x 75mm 90 degree external/int bend"},2.417,"Supply","C","each",300,397.07,{"v":119121,"d":"119,121.00"}]
[{"$f":"C148","v":"300mm Wide x 75mm 90 degree external/int bend"},2.418,"Install","A","each",300,{"v":323.4,"d":"323.40"},{"v":97020,"d":"97,020.00"}]
[null,null,"600mm Wide x 75mm 90 degree horizontal bend",{"$nulls":4},0]
[{"$f":"C151","v":"600mm Wide x 75mm 90 degree horizontal bend"},2.419,"Supply","C","each",300,{"v":1473.45,"d":"1,473.45"},{"v":442035,"d":"442,035.00"}]
[{"$f":"C151","v":"600mm Wide x 75mm 90 degree horizontal bend"},{"v":2.42,"d":"2.420"},"Install","A","each",300,563.97,{"v":169191,"d":"169,191.00"}]
[null,null,"600mm Wide x 75mm 90 degree external/int bend",{"$nulls":4},0]
[{"$f":"C154","v":"600mm Wide x 75mm 90 degree external/int bend"},2.421,"Supply","C","each",300,561.17,{"v":168351,"d":"168,351.00"}]
[{"$f":"C154","v":"600mm Wide x 75mm 90 degree external/int bend"},2.422,"Install","A","each",300,563.97,{"$f":"G156*F156","v":{"v":169191,"d":"169,191.00"}}]
[null,null,"300mm Wide x 75mm tee",{"$nulls":4},0]
[{"$f":"C157","v":"300mm Wide x 75mm tee"},2.423,"Supply","C","each",150,832.84,{"v":124926,"d":"124,926.00"}]
[{"$f":"C157","v":"300mm Wide x 75mm tee"},2.424,"Install","A","each",150,546.38,{"v":81957,"d":"81,957.00"}]
[null,null,"600mm Wide x 75mm tee",{"$nulls":4},0]
[{"$f":"C160","v":"600mm Wide x 75mm tee"},2.425,"Supply","C","each",150,{"v":1172.86,"d":"1,172.86"},{"v":175928.99999999997,"d":"175,929.00"}]
[{"$f":"C160","v":"600mm Wide x 75mm tee"},2.426,"Install","A","each",150,655.11,{"v":98266.5,"d":"98,266.50"}]
[{"$nulls":7},0]
[null,null,"CABLE SUPPORT SYSTEM",{"$nulls":4},0]
[null,null,"Galvanized steel channel forming frame support",{"$nulls":4},0]
[null,null,"Complete with bolts, spring nuts, nuts and washers, fixed in all positions, to all heights above floor level, and to all areas.",{"$nulls":4},0]
[null,null,"41.3mm x 41.3mm x 2.5mm Thick (O-L 1000)",{"$nulls":4},0]
[{"$f":"C167","v":"41.3mm x 41.3mm x 2.5mm Thick (O-L 1000)"},2.427,"Supply","C","m",6000,140.87,{"v":845220,"d":"845,220.00"}]
[{"$f":"C167","v":"41.3mm x 41.3mm x 2.5mm Thick (O-L 1000)"},2.428,"Install","A","m",6000,235.84,{"v":1415040,"d":"1,415,040.00"}]
[null,null,"82.6mm x 41.3mm x 2.5mm Thick (O-L 1001)",{"$nulls":4},0]
[{"$f":"C170","v":"82.6mm x 41.3mm x 2.5mm Thick (O-L 1001)"},2.429,"Supply","C","m",2600,317.82,{"v":826332,"d":"826,332.00"}]
[{"$f":"C170","v":"82.6mm x 41.3mm x 2.5mm Thick (O-L 1001)"},{"v":2.43,"d":"2.430"},"Install","A","m",2600,259.42,{"v":674492,"d":"674,492.00"}]
[null,null,"41.3mm x 41.3mm x 2.5mm Thick (O-L 1000) - covers F1184",{"$nulls":4},0]
[{"$f":"C173","v":"41.3mm x 41.3mm x 2.5mm Thick (O-L 1000) - covers F1184"},2.431,"Supply","C","m",400,132.09,{"v":52836,"d":"52,836.00"}]
[{"$f":"C173","v":"41.3mm x 41.3mm x 2.5mm Thick (O-L 1000) - covers F1184"},2.432,"Install","A","m",400,216.19,{"v":86476,"d":"86,476.00"}]
[{"$nulls":7},0]
[null,null,"GALVANIZED CONDUIT",{"$nulls":4},0]
[null,null,"Surface mounted and fixed in all positions, etc., to all heights above floor level, and to all areas.",{"$nulls":4},0]
[null,null,"20mm Diameter",{"$nulls":4},0]
[{"$f":"C179","v":"20mm Diameter"},2.433,"Supply","C","m",240,157.09,{"v":37701.6,"d":"37,701.60"}]
[{"$f":"C179","v":"20mm Diameter"},2.434,"Install","A","m",240,103.82,{"v":24916.8,"d":"24,916.80"}]
[null,null,"25mm Diameter",{"$nulls":4},0]
[{"$f":"C182","v":"25mm Diameter"},2.435,"Supply","C","m",420,168.17,{"v":70631.4,"d":"70,631.40"}]
[{"$f":"C182","v":"25mm Diameter"},2.436,"Install","A","m",420,129.76,{"v":54499.2,"d":"54,499.20"}]
[null,null,"50mm Diameter",{"$nulls":4},0]
[{"$f":"C185","v":"50mm Diameter"},2.437,"Supply","C","m",408,{"v":282.4,"d":"282.40"},{"v":115219.2,"d":"115,219.20"}]
[{"$f":"C185","v":"50mm Diameter"},2.438,"Install","A","m",408,207.62,{"v":84708.96,"d":"84,708.96"}]
[{"$nulls":7},0]
[null,null,"GALVANIZED THREADED ROD",{"$nulls":4},0]
[null,null,"12 mm Threaded rods with nuts and washers",{"$nulls":4},0]
[{"$f":"C190","v":"12 mm Threaded rods with nuts and washers"},2.439,"Supply","C","m",360,66.62,{"v":23983.2,"d":"23,983.20"}]
[{"$f":"C190","v":"12 mm Threaded rods with nuts and washers"},{"v":2.44,"d":"2.440"},"Install","A","m",360,64.88,{"v":23356.8,"d":"23,356.80"}]
[{"$nulls":7},0]
[null,null,"WIRING CHANNELS",{"$nulls":4},0]
[null,null,"Galvanized steel channel complete with galvanized cover surface mounted and fixed in all positions, etc., to all heights above floor level, etc and to all areas.",{"$nulls":4},0]
[null,null,"41.3 x 41.3 x 1.6mm Thick (O-L 2000)",{"$nulls":4},0]
[{"$f":"C196","v":"41.3 x 41.3 x 1.6mm Thick (O-L 2000)"},2.441,"Supply","C","m",500,105.03,{"v":52515,"d":"52,515.00"}]
[{"$f":"C196","v":"41.3 x 41.3 x 1.6mm Thick (O-L 2000)"},2.442,"Install","A","m",500,90.23,{"v":45115,"d":"45,115.00"}]
[{"$nulls":7},0]
[null,null,"MISCELLANEOUS STEELWORK",{"$nulls":4},0]
[null,null,"Painted steel for support of racking, including all necessary fixing, bolts, nuts, washers, welding, holes, notches, fixed in all positions, to all heights above floor level, etc and to all areas.",{"$nulls":4},0]
[null,null,"25mm x 25mm x 5mm Angle section",{"$nulls":4},0]
[{"$f":"C202","v":"25mm x 25mm x 5mm Angle section"},2.443,"Supply","C","m",850,{"v":59.7,"d":"59.70"},{"v":50745,"d":"50,745.00"}]
[{"$f":"C202","v":"25mm x 25mm x 5mm Angle section"},2.444,"Install","A","m",850,230.69,{"v":196086.5,"d":"196,086.50"}]
[null,null,"50mm x 50mm x 6mm Angle section",{"$nulls":4},0]
[{"$f":"C205","v":"50mm x 50mm x 6mm Angle section"},2.445,"Supply","C","m",850,143.76,{"v":122195.99999999999,"d":"122,196.00"}]
[{"$f":"C205","v":"50mm x 50mm x 6mm Angle section"},2.446,"Install","A","m",850,346.04,{"v":294134,"d":"294,134.00"}]
[null,null,"76mm x 38mm x 6mm Channel  iron",{"$nulls":4},0]
[{"$f":"C208","v":"76mm x 38mm x 6mm Channel  iron"},2.447,"Supply","C","m",850,204.94,{"v":174199,"d":"174,199.00"}]
[{"$f":"C208","v":"76mm x 38mm x 6mm Channel  iron"},2.448,"Install","A","m",850,173.03,{"v":147075.5,"d":"147,075.50"}]
[{"$nulls":7},0]
[null,null,"EARTHING",{"$nulls":4},0]
[null,null,"Earth connection to ex earth on racking 2,5 Green / Yellow",{"$nulls":4},0]
[{"$f":"C214","v":"Test of earth mat to reference point"},2.449,"Test of earth mat to reference point","A","no",600,904.58,{"v":542748,"d":"542,748.00"}]
[null,null,"50 x 3 mm Flat Cu +saddles",{"$nulls":4},0]
[{"$f":"C215","v":"50 x 3 mm Flat Cu +saddles"},{"v":2.45,"d":"2.450"},"Supply","C","m",100,{"v":260.6,"d":"260.60"},{"v":26060.000000000004,"d":"26,060.00"}]
[{"$f":"C215","v":"50 x 3 mm Flat Cu +saddles"},2.451,"Install","A","m",100,100.24,{"v":10024,"d":"10,024.00"},0.233958548088113]
[null,null,"50 x 6 mm Flat Cu +saddles",{"$nulls":4},0]
[{"$f":"C218","v":"50 x 6 mm Flat Cu +saddles"},2.452,"Supply","C","m",3000,{"v":487.1,"d":"487.10"},{"v":1461300,"d":"1,461,300.00"}]
[{"$f":"C218","v":"50 x 6 mm Flat Cu +saddles"},2.453,"Install","A","m",3000,93.69,{"$f":"G220*F220","v":{"v":281070,"d":"281,070.00"}}]
[null,null,"Terminations, Joints,cross overs, tee's",{"$nulls":4},0]
[{"$f":"C221","v":"Terminations, Joints,cross overs, tee's"},2.454,"Supply","C","each",5000,308.36,{"v":1541800,"d":"1,541,800.00"}]
[{"$f":"C221","v":"Terminations, Joints,cross overs, tee's"},2.455,"Install","A","each",5000,204.27,{"v":1021350,"d":"1,021,350.00"}]
[null,null,"50 x 3 mm Copper bars",{"$nulls":4},0]
[{"$f":"C224","v":"50 x 3 mm Copper bars"},2.456,"Supply","C","m",100,{"v":487.1,"d":"487.10"},{"v":48710,"d":"48,710.00"}]
[{"$f":"C224","v":"50 x 3 mm Copper bars"},2.457,"Install","A","m",100,93.69,{"v":9369,"d":"9,369.00"}]
[null,null,"50 x 6 mm Aluminium bars",{"$nulls":4},0]
[{"$f":"C227","v":"50 x 6 mm Aluminium bars"},2.458,"Supply","C","m",7200,{"v":2497.58,"d":"2,497.58"},{"v":17982576,"d":"17,982,576.00"}]
[{"$f":"C227","v":"50 x 6 mm Aluminium bars"},2.459,"Install","A","m",7200,169.47,{"v":1220184,"d":"1,220,184.00"}]
[null,null,"50 x 6 mm Copper bars",{"$nulls":4},0]
[{"$f":"C230","v":"50 x 6 mm Copper bars"},{"v":2.46,"d":"2.460"},"Supply","C","m",7200,{"v":487.1,"d":"487.10"},{"v":3507120,"d":"3,507,120.00"}]
[{"$f":"C230","v":"50 x 6 mm Copper bars"},2.461,"Install","A","m",7200,93.69,{"v":674568,"d":"674,568.00"}]
[null,null,"Small Power and Lighting",{"$nulls":4},0]
[null,null,"Luminaires on wire channel from roof",{"$nulls":4},0]
[{"$f":"C234","v":"Luminaires on wire channel from roof"},2.462,"Supply","C","no",710,256.23,{"v":181923.30000000002,"d":"181,923.30"}]
[{"$f":"C234","v":"Luminaires on wire channel from roof"},2.463,"Install","A","no",710,242.55,{"v":172210.5,"d":"172,210.50"}]
[null,null,"Emergency luminaire",{"$nulls":4},0]
[{"$f":"C237","v":"Emergency luminaire"},2.464,"Supply","C","no",560,{"v":5388.29,"d":"5,388.29"},{"v":3017442.4,"d":"3,017,442.40"}]
[{"$f":"C237","v":"Emergency luminaire"},2.465,"Install","A","no",560,{"v":485.1,"d":"485.10"},{"v":271656,"d":"271,656.00"}]
[null,null,"Wiring (PVC 2.5mm2 )",{"$nulls":4},0]
[{"$f":"C240","v":"Wiring (PVC 2.5mm2 )"},2.466,"Supply","C","m",9800,26.77,{"v":262346,"d":"262,346.00"}]
[{"$f":"C240","v":"Wiring (PVC 2.5mm2 )"},2.467,"Install","A","m",9800,{"v":33.1,"d":"33.10"},{"v":324380,"d":"324,380.00"}]
[{"$f":"C243","v":"Explosion proof lights in battery room"},2.468,"Explosion proof lights in battery room","C","no",12,{"v":2930.09,"d":"2,930.09"},{"v":35161.08,"d":"35,161.08"}]
[{"$nulls":7},0]
[{"$nulls":7},{"$f":"G245*F245","v":0}]
[null,null,"TOTAL (Excluding VAT) ",{"$nulls":4},{"$f":"SUM(H7:H245)","v":{"v":73410276.02000001,"d":"73,410,276.02"}}]
[]
[null,null,"Grand Total (Excluding VAT)",{"$nulls":4},{"$f":"SUM(H246:H247)","v":{"v":73410276.02000001,"d":"73,410,276.02"}}]
[]
[]
[null,null,"CPA ","A",{"$nulls":3},{"$f":"SUMIFS($H$7:$H$245,$D$7:$D$245,D251)","v":{"v":19940122.580000002,"d":"19,940,122.58"}}]
[null,null,"CPA ","B",{"$nulls":3},{"$f":"SUMIFS($H$7:$H$245,$D$7:$D$245,D252)","v":0}]
[null,null,"CPA ","C",{"$nulls":3},{"$f":"SUMIFS($H$7:$H$245,$D$7:$D$245,D253)","v":{"v":53470153.43999999,"d":"53,470,153.44"}}]
[null,null,"CPA ","D",{"$nulls":3},{"$f":"SUMIFS($H$7:$H$245,$D$7:$D$245,D254)","v":0}]
[null,null,"CPA ","E",{"$nulls":3},{"$f":"SUMIFS($H$7:$H$245,$D$7:$D$245,D255)","v":0}]
[]
[{"$nulls":7},{"$f":"SUM(H251:H256)","v":{"v":73410276.02,"d":"73,410,276.02"}}]
[]
[]
[{"$nulls":3},"Other",{"$nulls":3},{"$f":"H247+#REF!+#REF!+#REF!+#REF!+#REF!+#REF!","v":{"$error":"#REF!"}}]
[{"$nulls":7},{"$f":"H257+H260","v":{"$error":"#REF!"}}]
[]
[]
[{"$nulls":4},"Assessment prepared by:",null,null,"Date"]
[{"$nulls":4},"Quantity Surveyor "]
[{"$nulls":4},"Nkhesani Mathebala",null,null,"2022-02-24"]
[{"$nulls":6},"DATE"]
[{"$nulls":4},"Certified by the Employer:"]
[{"$nulls":4},"Project Manager "]
[{"$nulls":4},"Mandla Ndlovu",null,null,"2022-02-24"]
[]
[{"$nulls":4},"Accepted by the Contractor :"]
[{"$nulls":4},"Project Manager"]
[{"$nulls":4},"Phumzile Mkhonza",null,null,"2022-02-24"]

{"sheet":"BOQ","index":9,"n_rows":1104,"n_cols":76,"rows_kept":1104,"hidden":true,"merged":[[3,0,3,2],[3,5,3,7],[1093,4,1093,6],[1094,4,1094,6],[1095,4,1095,6],[1096,4,1096,6],[1097,4,1097,6],[1098,4,1098,6],[1099,4,1099,6],[1101,4,1101,6],[1102,4,1102,6],[1103,4,1103,6]]}
[]
["Tutuka Power Station: GX COAL PROJECTS"]
[]
["Pricing Schudule",{"$nulls":4},"CONTRACT BOQ",{"$nulls":12},"Total",null,"Total",null,"Total",null,"Total",null,"Total"]
[{"$nulls":17},"Qty","2022-02-01","Qty","2022-03-01",null,"2022-04-01",null,"2022-05-01",null,"2022-06-01","2022-07-01","2022-08-01","2022-09-01","2022-10-01","2022-11-01","2022-12-01"]
[null,"ITEM","DESCRIPTION","CPA Formula","UOM","Qty","Rate","Total",null,null,"Cumulative Qty","Claimed Previous  (ZAR)","Claimed to date  (ZAR)",null,"Qty remaining","Balance to date (ZAR)",null,null,"Cert.1",null,"Cert.2",null,"Cert.3",null,"Cert.4",null,"Cert.5","Cert.6","Cert.7","Cert.8","Cert.9","Cert.10","Cert.11","Cert.12","Cert.13","Cert.14","Cert.15","Cert.16","Cert.17","Cert.18","Cert.19","Cert.20","Cert.21","Cert.22","Cert.23","Cert.24","Cert.25","Cert.26","Cert.27","Cert.28","Cert.29","Cert.30","Cert.31","Cert.32","Cert.33","Cert.34","Cert.35","Cert.36","Cert.37","Cert.38","Cert.39","Cert.40","Cert.41","Cert.42","Cert.43","Cert.44","Cert.45","Cert.46","Cert.47","Cert.48","Cert.49","Cert.50","Cert.51","Cert.52","Cert.53","Cert.54"]
[null,null," UNIT 1 - 6 MV CABLES"]
[null,null,"Installation of New MV Cables including fixing materials ","`"]
[null,null,"XLPE 11KV"]
[null,null,"500mm2 x 1 core (EXX01WCV) 6.35kV/11kV  (Trefoil clamps) Cut & Join"]
[{"$f":"C10","v":"500mm2 x 1 core (EXX01WCV) 6.35kV/11kV  (Trefoil clamps) Cut & Join"},2.001,"Supply","E","m",20000,{"v":1422.22,"d":"1,422.22"},{"$f":"G11*F11","v":{"v":28444400,"d":"28,444,400.00"}},null,null,{"$f":"M11/G11","v":{"$error":"#VALUE!"}},{"$f":"SUMIF(R4:Y4,S4,R11:Y11)","v":{"$error":"#VALUE!"}},{"$f":"SUMIF(R4:BX4,S4,R11:BX11)","v":{"$error":"#VALUE!"}},null,{"$f":"F11-K11","v":{"$error":"#VALUE!"}},{"$f":"H11-M11","v":{"$error":"#VALUE!"}},null,{"$f":"SUMIFS('[20]WorkDone DATA'!$L:$L,'[20]WorkDone DATA'!$N:$N,BOQ!S$6,'[20]WorkDone DATA'!$G:$G,BOQ!$B11)","v":{"$error":"#VALUE!"}},{"$f":"R11*G11","v":{"$error":"#VALUE!"}},{"$f":"SUMIFS('[20]WorkDone DATA'!$L:$L,'[20]WorkDone DATA'!$N:$N,BOQ!U$6,'[20]WorkDone DATA'!$G:$G,BOQ!$B11)","v":{"$error":"#VALUE!"}},{"$f":"T11*G11","v":{"$error":"#VALUE!"}},null,{"$f":"SUMIFS('[20]WorkDone DATA'!$L:$L,'[20]WorkDone DATA'!$N:$N,BOQ!W$6,'[20]WorkDone DATA'!$G:$G,BOQ!$B11)*$G11","v":{"$error":"#VALUE!"}},null,{"$f":"SUMIFS('[20]WorkDone DATA'!$L:$L,'[20]WorkDone DATA'!$N:$N,BOQ!Y$6,'[20]WorkDone DATA'!$G:$G,BOQ!$B11)*$G11","v":{"$error":"#VALUE!"}},null,{"$f":"SUMIFS('[20]WorkDone DATA'!$L:$L,'[20]WorkDone DATA'!$N:$N,BOQ!AA$6,'[20]WorkDone DATA'!$G:$G,BOQ!$B11)*$G11","v":{"$error":"#VALUE!"}},{"$f":"SUMIFS('[20]WorkDone DATA'!$L:$L,'[20]WorkDone DATA'!$N:$N,BOQ!AB$6,'[20]WorkDone DATA'!$G:$G,BOQ!$B11)*$G11","v":{"$error":"#VALUE!"}},{"$f":"SUMIFS('[20]WorkDone DATA'!$L:$L,'[20]WorkDone DATA'!$N:$N,BOQ!AC$6,'[20]WorkDone DATA'!$G:$G,BOQ!$B11)*$G11","v":{"$error":"#VALUE!"}},{"$f":"SUMIFS('[20]WorkDone DATA'!$L:$L,'[20]WorkDone DATA'!$N:$N,BOQ!AD$6,'[20]WorkDone DATA'!$G:$G,BOQ!$B11)*$G11","v":{"$error":"#VALUE!"}},{"$f":"SUMIFS('[20]WorkDone DATA'!$L:$L,'[20]WorkDone DATA'!$N:$N,BOQ!AE$6,'[20]WorkDone DATA'!$G:$G,BOQ!$B11)*$G11","v":{"$error":"#VALUE!"}},{"$f":"SUMIFS('[20]WorkDone DATA'!$L:$L,'[20]WorkDone DATA'!$N:$N,BOQ!AF$6,'[20]WorkDone DATA'!$G:$G,BOQ!$B11)*$G11","v":{"$error":"#VALUE!"}},{"$f":"SUMIFS('[20]WorkDone DATA'!$L:$L,'[20]WorkDone DATA'!$N:$N,BOQ!AG$6,'[20]WorkDone DATA'!$G:$G,BOQ!$B11)*$G11","v":{"$error":"#VALUE!"}},{"$f":"SUMIFS('[20]WorkDone DATA'!$L:$L,'[20]WorkDone DATA'!$N:$N,BOQ!AH$6,'[20]WorkDone DATA'!$G:$G,BOQ!$B11)*$G11","v":{"$error":"#VALUE!"}},{"$f":"SUMIFS('[20]WorkDone DATA'!$L:$L,'[20]WorkDone DATA'!$N:$N,BOQ!AI$6,'[20]WorkDone DATA'!$G:$G,BOQ!$B11)*$G11","v":{"$error":"#VALUE!"}},{"$f":"SUMIFS('[20]WorkDone DATA'!$L:$L,'[20]WorkDone DATA'!$N:$N,BOQ!AJ$6,'[20]WorkDone DATA'!$G:$G,BOQ!$B11)*$G11","v":{"$error":"#VALUE!"}},{"$f":"SUMIFS('[20]WorkDone DATA'!$L:$L,'[20]WorkDone DATA'!$N:$N,BOQ!AK$6,'[20]WorkDone DATA'!$G:$G,BOQ!$B11)*$G11","v":{"$error":"#VALUE!"}},{"$f":"SUMIFS('[20]WorkDone DATA'!$L:$L,'[20]WorkDone DATA'!$N:$N,BOQ!AL$6,'[20]WorkDone DATA'!$G:$G,BOQ!$B11)*$G11","v":{"$error":"#VALUE!"}},{"$f":"SUMIFS('[20]WorkDone DATA'!$L:$L,'[20]WorkDone DATA'!$N:$N,BOQ!AM$6,'[20]WorkDone DATA'!$G:$G,BOQ!$B11)*$G11","v":{"$error":"#VALUE!"}},{"$f":"SUMIFS('[20]WorkDone DATA'!$L:$L,'[20]WorkDone DATA'!$N:$N,BOQ!AN$6,'[20]WorkDone DATA'!$G:$G,BOQ!$B11)*$G11","v":{"$error":"#VALUE!"}},{"$f":"SUMIFS('[20]WorkDone DATA'!$L:$L,'[20]WorkDone DATA'!$N:$N,BOQ!AO$6,'[20]WorkDone DATA'!$G:$G,BOQ!$B11)*$G11","v":{"$error":"#VALUE!"}},{"$f":"SUMIFS('[20]WorkDone DATA'!$L:$L,'[20]WorkDone DATA'!$N:$N,BOQ!AP$6,'[20]WorkDone DATA'!$G:$G,BOQ!$B11)*$G11","v":{"$error":"#VALUE!"}},{"$f":"SUMIFS('[20]WorkDone DATA'!$L:$L,'[20]WorkDone DATA'!$N:$N,BOQ!AQ$6,'[20]WorkDone DATA'!$G:$G,BOQ!$B11)*$G11","v":{"$error":"#VALUE!"}},{"$f":"SUMIFS('[20]WorkDone DATA'!$L:$L,'[20]WorkDone DATA'!$N:$N,BOQ!AR$6,'[20]WorkDone DATA'!$G:$G,BOQ!$B11)*$G11","v":{"$error":"#VALUE!"}},{"$f":"SUMIFS('[20]WorkDone DATA'!$L:$L,'[20]WorkDone DATA'!$N:$N,BOQ!AS$6,'[20]WorkDone DATA'!$G:$G,BOQ!$B11)*$G11","v":{"$error":"#VALUE!"}},{"$f":"SUMIFS('[20]WorkDone DATA'!$L:$L,'[20]WorkDone DATA'!$N:$N,BOQ!AT$6,'[20]WorkDone DATA'!$G:$G,BOQ!$B11)*$G11","v":{"$error":"#VALUE!"}},{"$f":"SUMIFS('[20]WorkDone DATA'!$L:$L,'[20]WorkDone DATA'!$N:$N,BOQ!AU$6,'[20]WorkDone DATA'!$G:$G,BOQ!$B11)*$G11","v":{"$error":"#VALUE!"}},{"$f":"SUMIFS('[20]WorkDone DATA'!$L:$L,'[20]WorkDone DATA'!$N:$N,BOQ!AV$6,'[20]WorkDone DATA'!$G:$G,BOQ!$B11)*$G11","v":{"$error":"#VALUE!"}},{"$f":"SUMIFS('[20]WorkDone DATA'!$L:$L,'[20]WorkDone DATA'!$N:$N,BOQ!AW$6,'[20]WorkDone DATA'!$G:$G,BOQ!$B11)*$G11","v":{"$error":"#VALUE!"}},{"$f":"SUMIFS('[20]WorkDone DATA'!$L:$L,'[20]WorkDone DATA'!$N:$N,BOQ!AX$6,'[20]WorkDone DATA'!$G:$G,BOQ!$B11)*$G11","v":{"$error":"#VALUE!"}},{"$f":"SUMIFS('[20]WorkDone DATA'!$L:$L,'[20]WorkDone DATA'!$N:$N,BOQ!AY$6,'[20]WorkDone DATA'!$G:$G,BOQ!$B11)*$G11","v":{"$error":"#VALUE!"}},{"$f":"SUMIFS('[20]WorkDone DATA'!$L:$L,'[20]WorkDone DATA'!$N:$N,BOQ!AZ$6,'[20]WorkDone DATA'!$G:$G,BOQ!$B11)*$G11","v":{"$error":"#VALUE!"}},{"$f":"SUMIFS('[20]WorkDone DATA'!$L:$L,'[20]WorkDone DATA'!$N:$N,BOQ!BA$6,'[20]WorkDone DATA'!$G:$G,BOQ!$B11)*$G11","v":{"$error":"#VALUE!"}},{"$f":"SUMIFS('[20]WorkDone DATA'!$L:$L,'[20]WorkDone DATA'!$N:$N,BOQ!BB$6,'[20]WorkDone DATA'!$G:$G,BOQ!$B11)*$G11","v":{"$error":"#VALUE!"}},{"$f":"SUMIFS('[20]WorkDone DATA'!$L:$L,'[20]WorkDone DATA'!$N:$N,BOQ!BC$6,'[20]WorkDone DATA'!$G:$G,BOQ!$B11)*$G11","v":{"$error":"#VALUE!"}},{"$f":"SUMIFS('[20]WorkDone DATA'!$L:$L,'[20]WorkDone DATA'!$N:$N,BOQ!BD$6,'[20]WorkDone DATA'!$G:$G,BOQ!$B11)*$G11","v":{"$error":"#VALUE!"}},{"$f":"SUMIFS('[20]WorkDone DATA'!$L:$L,'[20]WorkDone DATA'!$N:$N,BOQ!BE$6,'[20]WorkDone DATA'!$G:$G,BOQ!$B11)*$G11","v":{"$error":"#VALUE!"}},{"$f":"SUMIFS('[20]WorkDone DATA'!$L:$L,'[20]WorkDone DATA'!$N:$N,BOQ!BF$6,'[20]WorkDone DATA'!$G:$G,BOQ!$B11)*$G11","v":{"$error":"#VALUE!"}},{"$f":"SUMIFS('[20]WorkDone DATA'!$L:$L,'[20]WorkDone DATA'!$N:$N,BOQ!BG$6,'[20]WorkDone DATA'!$G:$G,BOQ!$B11)*$G11","v":{"$error":"#VALUE!"}},{"$f":"SUMIFS('[20]WorkDone DATA'!$L:$L,'[20]WorkDone DATA'!$N:$N,BOQ!BH$6,'[20]WorkDone DATA'!$G:$G,BOQ!$B11)*$G11","v":{"$error":"#VALUE!"}},{"$f":"SUMIFS('[20]WorkDone DATA'!$L:$L,'[20]WorkDone DATA'!$N:$N,BOQ!BI$6,'[20]WorkDone DATA'!$G:$G,BOQ!$B11)*$G11","v":{"$error":"#VALUE!"}},{"$f":"SUMIFS('[20]WorkDone DATA'!$L:$L,'[20]WorkDone DATA'!$N:$N,BOQ!BJ$6,'[20]WorkDone DATA'!$G:$G,BOQ!$B11)*$G11","v":{"$error":"#VALUE!"}},{"$f":"SUMIFS('[20]WorkDone DATA'!$L:$L,'[20]WorkDone DATA'!$N:$N,BOQ!BK$6,'[20]WorkDone DATA'!$G:$G,BOQ!$B11)*$G11","v":{"$error":"#VALUE!"}},{"$f":"SUMIFS('[20]WorkDone DATA'!$L:$L,'[20]WorkDone DATA'!$N:$N,BOQ!BL$6,'[20]WorkDone DATA'!$G:$G,BOQ!$B11)*$G11","v":{"$error":"#VALUE!"}},{"$f":"SUMIFS('[20]WorkDone DATA'!$L:$L,'[20]WorkDone DATA'!$N:$N,BOQ!BM$6,'[20]WorkDone DATA'!$G:$G,BOQ!$B11)*$G11","v":{"$error":"#VALUE!"}},{"$f":"SUMIFS('[20]WorkDone DATA'!$L:$L,'[20]WorkDone DATA'!$N:$N,BOQ!BN$6,'[20]WorkDone DATA'!$G:$G,BOQ!$B11)*$G11","v":{"$error":"#VALUE!"}},{"$f":"SUMIFS('[20]WorkDone DATA'!$L:$L,'[20]WorkDone DATA'!$N:$N,BOQ!BO$6,'[20]WorkDone DATA'!$G:$G,BOQ!$B11)*$G11","v":{"$error":"#VALUE!"}},{"$f":"SUMIFS('[20]WorkDone DATA'!$L:$L,'[20]WorkDone DATA'!$N:$N,BOQ!BP$6,'[20]WorkDone DATA'!$G:$G,BOQ!$B11)*$G11","v":{"$error":"#VALUE!"}},{"$f":"SUMIFS('[20]WorkDone DATA'!$L:$L,'[20]WorkDone DATA'!$N:$N,BOQ!BQ$6,'[20]WorkDone DATA'!$G:$G,BOQ!$B11)*$G11","v":{"$error":"#VALUE!"}},{"$f":"SUMIFS('[20]WorkDone DATA'!$L:$L,'[20]WorkDone DATA'!$N:$N,BOQ!BR$6,'[20]WorkDone DATA'!$G:$G,BOQ!$B11)*$G11","v":{"$error":"#VALUE!"}},{"$f":"SUMIFS('[20]WorkDone DATA'!$L:$L,'[20]WorkDone DATA'!$N:$N,BOQ!BS$6,'[20]WorkDone DATA'!$G:$G,BOQ!$B11)*$G11","v":{"$error":"#VALUE!"}},{"$f":"SUMIFS('[20]WorkDone DATA'!$L:$L,'[20]WorkDone DATA'!$N:$N,BOQ!BT$6,'[20]WorkDone DATA'!$G:$G,BOQ!$B11)*$G11","v":{"$error":"#VALUE!"}},{"$f":"SUMIFS('[20]WorkDone DATA'!$L:$L,'[20]WorkDone DATA'!$N:$N,BOQ!BU$6,'[20]WorkDone DATA'!$G:$G,BOQ!$B11)*$G11","v":{"$error":"#VALUE!"}},{"$f":"SUMIFS('[20]WorkDone DATA'!$L:$L,'[20]WorkDone DATA'!$N:$N,BOQ!BV$6,'[20]WorkDone DATA'!$G:$G,BOQ!$B11)*$G11","v":{"$error":"#VALUE!"}},{"$f":"SUMIFS('[20]WorkDone DATA'!$L:$L,'[20]WorkDone DATA'!$N:$N,BOQ!BW$6,'[20]WorkDone DATA'!$G:$G,BOQ!$B11)*$G11","v":{"$error":"#VALUE!"}},{"$f":"SUMIFS('[20]WorkDone DATA'!$L:$L,'[20]WorkDone DATA'!$N:$N,BOQ!BX$6,'[20]WorkDone DATA'!$G:$G,BOQ!$B11)*$G11","v":{"$error":"#VALUE!"}}]
[{"$f":"C10","v":"500mm2 x 1 core (EXX01WCV) 6.35kV/11kV  (Trefoil clamps) Cut & Join"},2.002,"Installation","A","m",20000,117.05,{"$f":"G12*F12","v":{"v":2341000,"d":"2,341,000.00"}},null,null,{"$f":"M12/G12","v":{"$error":"#VALUE!"}},{"$f":"SUMIF(R5:Y5,S5,R12:Y12)","v":{"$error":"#VALUE!"}},{"$f":"SUMIF(R5:BX5,S5,R12:BX12)","v":{"$error":"#VALUE!"}},null,{"$f":"F12-K12","v":{"$error":"#VALUE!"}},{"$f":"H12-M12","v":{"$error":"#VALUE!"}},null,{"$f":"SUMIFS('[20]WorkDone DATA'!$L:$L,'[20]WorkDone DATA'!$N:$N,BOQ!S$6,'[20]WorkDone DATA'!$G:$G,BOQ!$B12)","v":{"$error":"#VALUE!"}},{"$f":"R12*G12","v":{"$error":"#VALUE!"}},{"$f":"SUMIFS('[20]WorkDone DATA'!$L:$L,'[20]WorkDone DATA'!$N:$N,BOQ!U$6,'[20]WorkDone DATA'!$G:$G,BOQ!$B12)","v":{"$error":"#VALUE!"}},{"$f":"T12*G12","v":{"$error":"#VALUE!"}},null,{"$f":"SUMIFS('[20]WorkDone DATA'!$L:$L,'[20]WorkDone DATA'!$N:$N,BOQ!W$6,'[20]WorkDone DATA'!$G:$G,BOQ!$B12)*$G12","v":{"$error":"#VALUE!"}},null,{"$f":"SUMIFS('[20]WorkDone DATA'!$L:$L,'[20]WorkDone DATA'!$N:$N,BOQ!Y$6,'[20]WorkDone DATA'!$G:$G,BOQ!$B12)*$G12","v":{"$error":"#VALUE!"}},null,{"$f":"SUMIFS('[20]WorkDone DATA'!$L:$L,'[20]WorkDone DATA'!$N:$N,BOQ!AA$6,'[20]WorkDone DATA'!$G:$G,BOQ!$B12)*$G12","v":{"$error":"#VALUE!"}},{"$f":"SUMIFS('[20]WorkDone DATA'!$L:$L,'[20]WorkDone DATA'!$N:$N,BOQ!AB$6,'[20]WorkDone DATA'!$G:$G,BOQ!$B12)*$G12","v":{"$error":"#VALUE!"}},{"$f":"SUMIFS('[20]WorkDone DATA'!$L:$L,'[20]WorkDone DATA'!$N:$N,BOQ!AC$6,'[20]WorkDone DATA'!$G:$G,BOQ!$B12)*$G12","v":{"$error":"#VALUE!"}},{"$f":"SUMIFS('[20]WorkDone DATA'!$L:$L,'[20]WorkDone DATA'!$N:$N,BOQ!AD$6,'[20]WorkDone DATA'!$G:$G,BOQ!$B12)*$G12","v":{"$error":"#VALUE!"}},{"$f":"SUMIFS('[20]WorkDone DATA'!$L:$L,'[20]WorkDone DATA'!$N:$N,BOQ!AE$6,'[20]WorkDone DATA'!$G:$G,BOQ!$B12)*$G12","v":{"$error":"#VALUE!"}},{"$f":"SUMIFS('[20]WorkDone DATA'!$L:$L,'[20]WorkDone DATA'!$N:$N,BOQ!AF$6,'[20]WorkDone DATA'!$G:$G,BOQ!$B12)*$G12","v":{"$error":"#VALUE!"}},{"$f":"SUMIFS('[20]WorkDone DATA'!$L:$L,'[20]WorkDone DATA'!$N:$N,BOQ!AG$6,'[20]WorkDone DATA'!$G:$G,BOQ!$B12)*$G12","v":{"$error":"#VALUE!"}},{"$f":"SUMIFS('[20]WorkDone DATA'!$L:$L,'[20]WorkDone DATA'!$N:$N,BOQ!AH$6,'[20]WorkDone DATA'!$G:$G,BOQ!$B12)*$G12","v":{"$error":"#VALUE!"}},{"$f":"SUMIFS('[20]WorkDone DATA'!$L:$L,'[20]WorkDone DATA'!$N:$N,BOQ!AI$6,'[20]WorkDone DATA'!$G:$G,BOQ!$B12)*$G12","v":{"$error":"#VALUE!"}},{"$f":"SUMIFS('[20]WorkDone DATA'!$L:$L,'[20]WorkDone DATA'!$N:$N,BOQ!AJ$6,'[20]WorkDone DATA'!$G:$G,BOQ!$B12)*$G12","v":{"$error":"#VALUE!"}},{"$f":"SUMIFS('[20]WorkDone DATA'!$L:$L,'[20]WorkDone DATA'!$N:$N,BOQ!AK$6,'[20]WorkDone DATA'!$G:$G,BOQ!$B12)*$G12","v":{"$error":"#VALUE!"}},{"$f":"SUMIFS('[20]WorkDone DATA'!$L:$L,'[20]WorkDone DATA'!$N:$N,BOQ!AL$6,'[20]WorkDone DATA'!$G:$G,BOQ!$B12)*$G12","v":{"$error":"#VALUE!"}},{"$f":"SUMIFS('[20]WorkDone DATA'!$L:$L,'[20]WorkDone DATA'!$N:$N,BOQ!AM$6,'[20]WorkDone DATA'!$G:$G,BOQ!$B12)*$G12","v":{"$error":"#VALUE!"}},{"$f":"SUMIFS('[20]WorkDone DATA'!$L:$L,'[20]WorkDone DATA'!$N:$N,BOQ!AN$6,'[20]WorkDone DATA'!$G:$G,BOQ!$B12)*$G12","v":{"$error":"#VALUE!"}},{"$f":"SUMIFS('[20]WorkDone DATA'!$L:$L,'[20]WorkDone DATA'!$N:$N,BOQ!AO$6,'[20]WorkDone DATA'!$G:$G,BOQ!$B12)*$G12","v":{"$error":"#VALUE!"}},{"$f":"SUMIFS('[20]WorkDone DATA'!$L:$L,'[20]WorkDone DATA'!$N:$N,BOQ!AP$6,'[20]WorkDone DATA'!$G:$G,BOQ!$B12)*$G12","v":{"$error":"#VALUE!"}},{"$f":"SUMIFS('[20]WorkDone DATA'!$L:$L,'[20]WorkDone DATA'!$N:$N,BOQ!AQ$6,'[20]WorkDone DATA'!$G:$G,BOQ!$B12)*$G12","v":{"$error":"#VALUE!"}},{"$f":"SUMIFS('[20]WorkDone DATA'!$L:$L,'[20]WorkDone DATA'!$N:$N,BOQ!AR$6,'[20]WorkDone DATA'!$G:$G,BOQ!$B12)*$G12","v":{"$error":"#VALUE!"}},{"$f":"SUMIFS('[20]WorkDone DATA'!$L:$L,'[20]WorkDone DATA'!$N:$N,BOQ!AS$6,'[20]WorkDone DATA'!$G:$G,BOQ!$B12)*$G12","v":{"$error":"#VALUE!"}},{"$f":"SUMIFS('[20]WorkDone DATA'!$L:$L,'[20]WorkDone DATA'!$N:$N,BOQ!AT$6,'[20]WorkDone DATA'!$G:$G,BOQ!$B12)*$G12","v":{"$error":"#VALUE!"}},{"$f":"SUMIFS('[20]WorkDone DATA'!$L:$L,'[20]WorkDone DATA'!$N:$N,BOQ!AU$6,'[20]WorkDone DATA'!$G:$G,BOQ!$B12)*$G12","v":{"$error":"#VALUE!"}},{"$f":"SUMIFS('[20]WorkDone DATA'!$L:$L,'[20]WorkDone DATA'!$N:$N,BOQ!AV$6,'[20]WorkDone DATA'!$G:$G,BOQ!$B12)*$G12","v":{"$error":"#VALUE!"}},{"$f":"SUMIFS('[20]WorkDone DATA'!$L:$L,'[20]WorkDone DATA'!$N:$N,BOQ!AW$6,'[20]WorkDone DATA'!$G:$G,BOQ!$B12)*$G12","v":{"$error":"#VALUE!"}},{"$f":"SUMIFS('[20]WorkDone DATA'!$L:$L,'[20]WorkDone DATA'!$N:$N,BOQ!AX$6,'[20]WorkDone DATA'!$G:$G,BOQ!$B12)*$G12","v":{"$error":"#VALUE!"}},{"$f":"SUMIFS('[20]WorkDone DATA'!$L:$L,'[20]WorkDone DATA'!$N:$N,BOQ!AY$6,'[20]WorkDone DATA'!$G:$G,BOQ!$B12)*$G12","v":{"$error":"#VALUE!"}},{"$f":"SUMIFS('[20]WorkDone DATA'!$L:$L,'[20]WorkDone DATA'!$N:$N,BOQ!AZ$6,'[20]WorkDone DATA'!$G:$G,BOQ!$B12)*$G12","v":{"$error":"#VALUE!"}},{"$f":"SUMIFS('[20]WorkDone DATA'!$L:$L,'[20]WorkDone DATA'!$N:$N,BOQ!BA$6,'[20]WorkDone DATA'!$G:$G,BOQ!$B12)*$G12","v":{"$error":"#VALUE!"}},{"$f":"SUMIFS('[20]WorkDone DATA'!$L:$L,'[20]WorkDone DATA'!$N:$N,BOQ!BB$6,'[20]WorkDone DATA'!$G:$G,BOQ!$B12)*$G12","v":{"$error":"#VALUE!"}},{"$f":"SUMIFS('[20]WorkDone DATA'!$L:$L,'[20]WorkDone DATA'!$N:$N,BOQ!BC$6,'[20]WorkDone DATA'!$G:$G,BOQ!$B12)*$G12","v":{"$error":"#VALUE!"}},{"$f":"SUMIFS('[20]WorkDone DATA'!$L:$L,'[20]WorkDone DATA'!$N:$N,BOQ!BD$6,'[20]WorkDone DATA'!$G:$G,BOQ!$B12)*$G12","v":{"$error":"#VALUE!"}},{"$f":"SUMIFS('[20]WorkDone DATA'!$L:$L,'[20]WorkDone DATA'!$N:$N,BOQ!BE$6,'[20]WorkDone DATA'!$G:$G,BOQ!$B12)*$G12","v":{"$error":"#VALUE!"}},{"$f":"SUMIFS('[20]WorkDone DATA'!$L:$L,'[20]WorkDone DATA'!$N:$N,BOQ!BF$6,'[20]WorkDone DATA'!$G:$G,BOQ!$B12)*$G12","v":{"$error":"#VALUE!"}},{"$f":"SUMIFS('[20]WorkDone DATA'!$L:$L,'[20]WorkDone DATA'!$N:$N,BOQ!BG$6,'[20]WorkDone DATA'!$G:$G,BOQ!$B12)*$G12","v":{"$error":"#VALUE!"}},{"$f":"SUMIFS('[20]WorkDone DATA'!$L:$L,'[20]WorkDone DATA'!$N:$N,BOQ!BH$6,'[20]WorkDone DATA'!$G:$G,BOQ!$B12)*$G12","v":{"$error":"#VALUE!"}},{"$f":"SUMIFS('[20]WorkDone DATA'!$L:$L,'[20]WorkDone DATA'!$N:$N,BOQ!BI$6,'[20]WorkDone DATA'!$G:$G,BOQ!$B12)*$G12","v":{"$error":"#VALUE!"}},{"$f":"SUMIFS('[20]WorkDone DATA'!$L:$L,'[20]WorkDone DATA'!$N:$N,BOQ!BJ$6,'[20]WorkDone DATA'!$G:$G,BOQ!$B12)*$G12","v":{"$error":"#VALUE!"}},{"$f":"SUMIFS('[20]WorkDone DATA'!$L:$L,'[20]WorkDone DATA'!$N:$N,BOQ!BK$6,'[20]WorkDone DATA'!$G:$G,BOQ!$B12)*$G12","v":{"$error":"#VALUE!"}},{"$f":"SUMIFS('[20]WorkDone DATA'!$L:$L,'[20]WorkDone DATA'!$N:$N,BOQ!BL$6,'[20]WorkDone DATA'!$G:$G,BOQ!$B12)*$G12","v":{"$error":"#VALUE!"}},{"$f":"SUMIFS('[20]WorkDone DATA'!$L:$L,'[20]WorkDone DATA'!$N:$N,BOQ!BM$6,'[20]WorkDone DATA'!$G:$G,BOQ!$B12)*$G12","v":{"$error":"#VALUE!"}},{"$f":"SUMIFS('[20]WorkDone DATA'!$L:$L,'[20]WorkDone DATA'!$N:$N,BOQ!BN$6,'[20]WorkDone DATA'!$G:$G,BOQ!$B12)*$G12","v":{"$error":"#VALUE!"}},{"$f":"SUMIFS('[20]WorkDone DATA'!$L:$L,'[20]WorkDone DATA'!$N:$N,BOQ!BO$6,'[20]WorkDone DATA'!$G:$G,BOQ!$B12)*$G12","v":{"$error":"#VALUE!"}},{"$f":"SUMIFS('[20]WorkDone DATA'!$L:$L,'[20]WorkDone DATA'!$N:$N,BOQ!BP$6,'[20]WorkDone DATA'!$G:$G,BOQ!$B12)*$G12","v":{"$error":"#VALUE!"}},{"$f":"SUMIFS('[20]WorkDone DATA'!$L:$L,'[20]WorkDone DATA'!$N:$N,BOQ!BQ$6,'[20]WorkDone DATA'!$G:$G,BOQ!$B12)*$G12","v":{"$error":"#VALUE!"}},{"$f":"SUMIFS('[20]WorkDone DATA'!$L:$L,'[20]WorkDone DATA'!$N:$N,BOQ!BR$6,'[20]WorkDone DATA'!$G:$G,BOQ!$B12)*$G12","v":{"$error":"#VALUE!"}},{"$f":"SUMIFS('[20]WorkDone DATA'!$L:$L,'[20]WorkDone DATA'!$N:$N,BOQ!BS$6,'[20]WorkDone DATA'!$G:$G,BOQ!$B12)*$G12","v":{"$error":"#VALUE!"}},{"$f":"SUMIFS('[20]WorkDone DATA'!$L:$L,'[20]WorkDone DATA'!$N:$N,BOQ!BT$6,'[20]WorkDone DATA'!$G:$G,BOQ!$B12)*$G12","v":{"$error":"#VALUE!"}},{"$f":"SUMIFS('[20]WorkDone DATA'!$L:$L,'[20]WorkDone DATA'!$N:$N,BOQ!BU$6,'[20]WorkDone DATA'!$G:$G,BOQ!$B12)*$G12","v":{"$error":"#VALUE!"}},{"$f":"SUMIFS('[20]WorkDone DATA'!$L:$L,'[20]WorkDone DATA'!$N:$N,BOQ!BV$6,'[20]WorkDone DATA'!$G:$G,BOQ!$B12)*$G12","v":{"$error":"#VALUE!"}},{"$f":"SUMIFS('[20]WorkDone DATA'!$L:$L,'[20]WorkDone DATA'!$N:$N,BOQ!BW$6,'[20]WorkDone DATA'!$G:$G,BOQ!$B12)*$G12","v":{"$error":"#VALUE!"}},{"$f":"SUMIFS('[20]WorkDone DATA'!$L:$L,'[20]WorkDone DATA'!$N:$N,BOQ!BX$6,'[20]WorkDone DATA'!$G:$G,BOQ!$B12)*$G12","v":{"$error":"#VALUE!"}}]
[null,null,"500mm2 x 1 core (EXX01WCV) 6.35kV/11kV  (Trefoil clamps) New",{"$nulls":4},0,{"$nulls":3},{"$error":"#VALUE!"},{"$error":"#VALUE!"},null,0,{"$error":"#VALUE!"},null,{"$f":"SUMIFS('[20]WorkDone DATA'!$L:$L,'[20]WorkDone DATA'!$N:$N,BOQ!S$6,'[20]WorkDone DATA'!$G:$G,BOQ!$B13)","v":{"$error":"#VALUE!"}},{"$error":"#VALUE!"},{"$f":"SUMIFS('[20]WorkDone DATA'!$L:$L,'[20]WorkDone DATA'!$N:$N,BOQ!U$6,'[20]WorkDone DATA'!$G:$G,BOQ!$B13)","v":{"$error":"#VALUE!"}},{"$f":"T13*G13","v":{"$error":"#VALUE!"}},null,{"$f":"SUMIFS('[20]WorkDone DATA'!$L:$L,'[20]WorkDone DATA'!$N:$N,BOQ!W$6,'[20]WorkDone DATA'!$G:$G,BOQ!$B13)*$G13","v":{"$error":"#VALUE!"}},null,{"$f":"SUMIFS('[20]WorkDone DATA'!$L:$L,'[20]WorkDone DATA'!$N:$N,BOQ!Y$6,'[20]WorkDone DATA'!$G:$G,BOQ!$B13)*$G13","v":{"$error":"#VALUE!"}},null,{"$f":"SUMIFS('[20]WorkDone DATA'!$L:$L,'[20]WorkDone DATA'!$N:$N,BOQ!AA$6,'[20]WorkDone DATA'!$G:$G,BOQ!$B13)*$G13","v":{"$error":"#VALUE!"}},{"$f":"SUMIFS('[20]WorkDone DATA'!$L:$L,'[20]WorkDone DATA'!$N:$N,BOQ!AB$6,'[20]WorkDone DATA'!$G:$G,BOQ!$B13)*$G13","v":{"$error":"#VALUE!"}},{"$f":"SUMIFS('[20]WorkDone DATA'!$L:$L,'[20]WorkDone DATA'!$N:$N,BOQ!AC$6,'[20]WorkDone DATA'!$G:$G,BOQ!$B13)*$G13","v":{"$error":"#VALUE!"}},{"$f":"SUMIFS('[20]WorkDone DATA'!$L:$L,'[20]WorkDone DATA'!$N:$N,BOQ!AD$6,'[20]WorkDone DATA'!$G:$G,BOQ!$B13)*$G13","v":{"$error":"#VALUE!"}},{"$f":"SUMIFS('[20]WorkDone DATA'!$L:$L,'[20]WorkDone DATA'!$N:$N,BOQ!AE$6,'[20]WorkDone DATA'!$G:$G,BOQ!$B13)*$G13","v":{"$error":"#VALUE!"}},{"$f":"SUMIFS('[20]WorkDone DATA'!$L:$L,'[20]WorkDone DATA'!$N:$N,BOQ!AF$6,'[20]WorkDone DATA'!$G:$G,BOQ!$B13)*$G13","v":{"$error":"#VALUE!"}},{"$f":"SUMIFS('[20]WorkDone DATA'!$L:$L,'[20]WorkDone DATA'!$N:$N,BOQ!AG$6,'[20]WorkDone DATA'!$G:$G,BOQ!$B13)*$G13","v":{"$error":"#VALUE!"}},{"$f":"SUMIFS('[20]WorkDone DATA'!$L:$L,'[20]WorkDone DATA'!$N:$N,BOQ!AH$6,'[20]WorkDone DATA'!$G:$G,BOQ!$B13)*$G13","v":{"$error":"#VALUE!"}},{"$f":"SUMIFS('[20]WorkDone DATA'!$L:$L,'[20]WorkDone DATA'!$N:$N,BOQ!AI$6,'[20]WorkDone DATA'!$G:$G,BOQ!$B13)*$G13","v":{"$error":"#VALUE!"}},{"$f":"SUMIFS('[20]WorkDone DATA'!$L:$L,'[20]WorkDone DATA'!$N:$N,BOQ!AJ$6,'[20]WorkDone DATA'!$G:$G,BOQ!$B13)*$G13","v":{"$error":"#VALUE!"}},{"$f":"SUMIFS('[20]WorkDone DATA'!$L:$L,'[20]WorkDone DATA'!$N:$N,BOQ!AK$6,'[20]WorkDone DATA'!$G:$G,BOQ!$B13)*$G13","v":{"$error":"#VALUE!"}},{"$f":"SUMIFS('[20]WorkDone DATA'!$L:$L,'[20]WorkDone DATA'!$N:$N,BOQ!AL$6,'[20]WorkDone DATA'!$G:$G,BOQ!$B13)*$G13","v":{"$error":"#VALUE!"}},{"$f":"SUMIFS('[20]WorkDone DATA'!$L:$L,'[20]WorkDone DATA'!$N:$N,BOQ!AM$6,'[20]WorkDone DATA'!$G:$G,BOQ!$B13)*$G13","v":{"$error":"#VALUE!"}},{"$f":"SUMIFS('[20]WorkDone DATA'!$L:$L,'[20]WorkDone DATA'!$N:$N,BOQ!AN$6,'[20]WorkDone DATA'!$G:$G,BOQ!$B13)*$G13","v":{"$error":"#VALUE!"}},{"$f":"SUMIFS('[20]WorkDone DATA'!$L:$L,'[20]WorkDone DATA'!$N:$N,BOQ!AO$6,'[20]WorkDone DATA'!$G:$G,BOQ!$B13)*$G13","v":{"$error":"#VALUE!"}},{"$f":"SUMIFS('[20]WorkDone DATA'!$L:$L,'[20]WorkDone DATA'!$N:$N,BOQ!AP$6,'[20]WorkDone DATA'!$G:$G,BOQ!$B13)*$G13","v":{"$error":"#VALUE!"}},{"$f":"SUMIFS('[20]WorkDone DATA'!$L:$L,'[20]WorkDone DATA'!$N:$N,BOQ!AQ$6,'[20]WorkDone DATA'!$G:$G,BOQ!$B13)*$G13","v":{"$error":"#VALUE!"}},{"$f":"SUMIFS('[20]WorkDone DATA'!$L:$L,'[20]WorkDone DATA'!$N:$N,BOQ!AR$6,'[20]WorkDone DATA'!$G:$G,BOQ!$B13)*$G13","v":{"$error":"#VALUE!"}},{"$f":"SUMIFS('[20]WorkDone DATA'!$L:$L,'[20]WorkDone DATA'!$N:$N,BOQ!AS$6,'[20]WorkDone DATA'!$G:$G,BOQ!$B13)*$G13","v":{"$error":"#VALUE!"}},{"$f":"SUMIFS('[20]WorkDone DATA'!$L:$L,'[20]WorkDone DATA'!$N:$N,BOQ!AT$6,'[20]WorkDone DATA'!$G:$G,BOQ!$B13)*$G13","v":{"$error":"#VALUE!"}},{"$f":"SUMIFS('[20]WorkDone DATA'!$L:$L,'[20]WorkDone DATA'!$N:$N,BOQ!AU$6,'[20]WorkDone DATA'!$G:$G,BOQ!$B13)*$G13","v":{"$error":"#VALUE!"}},{"$f":"SUMIFS('[20]WorkDone DATA'!$L:$L,'[20]WorkDone DATA'!$N:$N,BOQ!AV$6,'[20]WorkDone DATA'!$G:$G,BOQ!$B13)*$G13","v":{"$error":"#VALUE!"}},{"$f":"SUMIFS('[20]WorkDone DATA'!$L:$L,'[20]WorkDone DATA'!$N:$N,BOQ!AW$6,'[20]WorkDone DATA'!$G:$G,BOQ!$B13)*$G13","v":{"$error":"#VALUE!"}},{"$f":"SUMIFS('[20]WorkDone DATA'!$L:$L,'[20]WorkDone DATA'!$N:$N,BOQ!AX$6,'[20]WorkDone DATA'!$G:$G,BOQ!$B13)*$G13","v":{"$error":"#VALUE!"}},{"$f":"SUMIFS('[20]WorkDone DATA'!$L:$L,'[20]WorkDone DATA'!$N:$N,BOQ!AY$6,'[20]WorkDone DATA'!$G:$G,BOQ!$B13)*$G13","v":{"$error":"#VALUE!"}},{"$f":"SUMIFS('[20]WorkDone DATA'!$L:$L,'[20]WorkDone DATA'!$N:$N,BOQ!AZ$6,'[20]WorkDone DATA'!$G:$G,BOQ!$B13)*$G13","v":{"$error":"#VALUE!"}},{"$f":"SUMIFS('[20]WorkDone DATA'!$L:$L,'[20]WorkDone DATA'!$N:$N,BOQ!BA$6,'[20]WorkDone DATA'!$G:$G,BOQ!$B13)*$G13","v":{"$error":"#VALUE!"}},{"$f":"SUMIFS('[20]WorkDone DATA'!$L:$L,'[20]WorkDone DATA'!$N:$N,BOQ!BB$6,'[20]WorkDone DATA'!$G:$G,BOQ!$B13)*$G13","v":{"$error":"#VALUE!"}},{"$f":"SUMIFS('[20]WorkDone DATA'!$L:$L,'[20]WorkDone DATA'!$N:$N,BOQ!BC$6,'[20]WorkDone DATA'!$G:$G,BOQ!$B13)*$G13","v":{"$error":"#VALUE!"}},{"$f":"SUMIFS('[20]WorkDone DATA'!$L:$L,'[20]WorkDone DATA'!$N:$N,BOQ!BD$6,'[20]WorkDone DATA'!$G:$G,BOQ!$B13)*$G13","v":{"$error":"#VALUE!"}},{"$f":"SUMIFS('[20]WorkDone DATA'!$L:$L,'[20]WorkDone DATA'!$N:$N,BOQ!BE$6,'[20]WorkDone DATA'!$G:$G,BOQ!$B13)*$G13","v":{"$error":"#VALUE!"}},{"$f":"SUMIFS('[20]WorkDone DATA'!$L:$L,'[20]WorkDone DATA'!$N:$N,BOQ!BF$6,'[20]WorkDone DATA'!$G:$G,BOQ!$B13)*$G13","v":{"$error":"#VALUE!"}},{"$f":"SUMIFS('[20]WorkDone DATA'!$L:$L,'[20]WorkDone DATA'!$N:$N,BOQ!BG$6,'[20]WorkDone DATA'!$G:$G,BOQ!$B13)*$G13","v":{"$error":"#VALUE!"}},{"$f":"SUMIFS('[20]WorkDone DATA'!$L:$L,'[20]WorkDone DATA'!$N:$N,BOQ!BH$6,'[20]WorkDone DATA'!$G:$G,BOQ!$B13)*$G13","v":{"$error":"#VALUE!"}},{"$f":"SUMIFS('[20]WorkDone DATA'!$L:$L,'[20]WorkDone DATA'!$N:$N,BOQ!BI$6,'[20]WorkDone DATA'!$G:$G,BOQ!$B13)*$G13","v":{"$error":"#VALUE!"}},{"$f":"SUMIFS('[20]WorkDone DATA'!$L:$L,'[20]WorkDone DATA'!$N:$N,BOQ!BJ$6,'[20]WorkDone DATA'!$G:$G,BOQ!$B13)*$G13","v":{"$error":"#VALUE!"}},{"$f":"SUMIFS('[20]WorkDone DATA'!$L:$L,'[20]WorkDone DATA'!$N:$N,BOQ!BK$6,'[20]WorkDone DATA'!$G:$G,BOQ!$B13)*$G13","v":{"$error":"#VALUE!"}},{"$f":"SUMIFS('[20]WorkDone DATA'!$L:$L,'[20]WorkDone DATA'!$N:$N,BOQ!BL$6,'[20]WorkDone DATA'!$G:$G,BOQ!$B13)*$G13","v":{"$error":"#VALUE!"}},{"$f":"SUMIFS('[20]WorkDone DATA'!$L:$L,'[20]WorkDone DATA'!$N:$N,BOQ!BM$6,'[20]WorkDone DATA'!$G:$G,BOQ!$B13)*$G13","v":{"$error":"#VALUE!"}},{"$f":"SUMIFS('[20]WorkDone DATA'!$L:$L,'[20]WorkDone DATA'!$N:$N,BOQ!BN$6,'[20]WorkDone DATA'!$G:$G,BOQ!$B13)*$G13","v":{"$error":"#VALUE!"}},{"$f":"SUMIFS('[20]WorkDone DATA'!$L:$L,'[20]WorkDone DATA'!$N:$N,BOQ!BO$6,'[20]WorkDone DATA'!$G:$G,BOQ!$B13)*$G13","v":{"$error":"#VALUE!"}},{"$f":"SUMIFS('[20]WorkDone DATA'!$L:$L,'[20]WorkDone DATA'!$N:$N,BOQ!BP$6,'[20]WorkDone DATA'!$G:$G,BOQ!$B13)*$G13","v":{"$error":"#VALUE!"}},{"$f":"SUMIFS('[20]WorkDone DATA'!$L:$L,'[20]WorkDone DATA'!$N:$N,BOQ!BQ$6,'[20]WorkDone DATA'!$G:$G,BOQ!$B13)*$G13","v":{"$error":"#VALUE!"}},{"$f":"SUMIFS('[20]WorkDone DATA'!$L:$L,'[20]WorkDone DATA'!$N:$N,BOQ!BR$6,'[20]WorkDone DATA'!$G:$G,BOQ!$B13)*$G13","v":{"$error":"#VALUE!"}},{"$f":"SUMIFS('[20]WorkDone DATA'!$L:$L,'[20]WorkDone DATA'!$N:$N,BOQ!BS$6,'[20]WorkDone DATA'!$G:$G,BOQ!$B13)*$G13","v":{"$error":"#VALUE!"}},{"$f":"SUMIFS('[20]WorkDone DATA'!$L:$L,'[20]WorkDone DATA'!$N:$N,BOQ!BT$6,'[20]WorkDone DATA'!$G:$G,BOQ!$B13)*$G13","v":{"$error":"#VALUE!"}},{"$f":"SUMIFS('[20]WorkDone DATA'!$L:$L,'[20]WorkDone DATA'!$N:$N,BOQ!BU$6,'[20]WorkDone DATA'!$G:$G,BOQ!$B13)*$G13","v":{"$error":"#VALUE!"}},{"$f":"SUMIFS('[20]WorkDone DATA'!$L:$L,'[20]WorkDone DATA'!$N:$N,BOQ!BV$6,'[20]WorkDone DATA'!$G:$G,BOQ!$B13)*$G13","v":{"$error":"#VALUE!"}},{"$f":"SUMIFS('[20]WorkDone DATA'!$L:$L,'[20]WorkDone DATA'!$N:$N,BOQ!BW$6,'[20]WorkDone DATA'!$G:$G,BOQ!$B13)*$G13","v":{"$error":"#VALUE!"}},{"$f":"SUMIFS('[20]WorkDone DATA'!$L:$L,'[20]WorkDone DATA'!$N:$N,BOQ!BX$6,'[20]WorkDone DATA'!$G:$G,BOQ!$B13)*$G13","v":{"$error":"#VALUE!"}}]
[{"$f":"C13","v":"500mm2 x 1 core (EXX01WCV) 6.35kV/11kV  (Trefoil clamps) New"},2.003,"Supply","E","m",8020,{"v":1422.22,"d":"1,422.22"},{"v":11406204.4,"d":"11,406,204.40"},null,null,0,0,0,null,{"v":8020,"d":"8,020.00"},{"v":11406204.4,"d":"11,406,204.40"},null,{"$f":"SUMIFS('[20]WorkDone DATA'!$L:$L,'[20]WorkDone DATA'!$N:$N,BOQ!S$6,'[20]WorkDone DATA'!$G:$G,BOQ!$B14)","v":{"$error":"#VALUE!"}},{"$error":"#VALUE!"},{"$f":"SUMIFS('[20]WorkDone DATA'!$L:$L,'[20]WorkDone DATA'!$N:$N,BOQ!U$6,'[20]WorkDone DATA'!$G:$G,BOQ!$B14)","v":{"$error":"#VALUE!"}},{"$error":"#VALUE!"},null,{"$f":"SUMIFS('[20]WorkDone DATA'!$L:$L,'[20]WorkDone DATA'!$N:$N,BOQ!W$6,'[20]WorkDone DATA'!$G:$G,BOQ!$B14)*$G14","v":{"$error":"#VALUE!"}},null,{"$f":"SUMIFS('[20]WorkDone DATA'!$L:$L,'[20]WorkDone DATA'!$N:$N,BOQ!Y$6,'[20]WorkDone DATA'!$G:$G,BOQ!$B14)*$G14","v":{"$error":"#VALUE!"}},null,{"$f":"SUMIFS('[20]WorkDone DATA'!$L:$L,'[20]WorkDone DATA'!$N:$N,BOQ!AA$6,'[20]WorkDone DATA'!$G:$G,BOQ!$B14)*$G14","v":{"$error":"#VALUE!"}},{"$f":"SUMIFS('[20]WorkDone DATA'!$L:$L,'[20]WorkDone DATA'!$N:$N,BOQ!AB$6,'[20]WorkDone DATA'!$G:$G,BOQ!$B14)*$G14","v":{"$error":"#VALUE!"}},{"$f":"SUMIFS('[20]WorkDone DATA'!$L:$L,'[20]WorkDone DATA'!$N:$N,BOQ!AC$6,'[20]WorkDone DATA'!$G:$G,BOQ!$B14)*$G14","v":{"$error":"#VALUE!"}},{"$f":"SUMIFS('[20]WorkDone DATA'!$L:$L,'[20]WorkDone DATA'!$N:$N,BOQ!AD$6,'[20]WorkDone DATA'!$G:$G,BOQ!$B14)*$G14","v":{"$error":"#VALUE!"}},{"$f":"SUMIFS('[20]WorkDone DATA'!$L:$L,'[20]WorkDone DATA'!$N:$N,BOQ!AE$6,'[20]WorkDone DATA'!$G:$G,BOQ!$B14)*$G14","v":{"$error":"#VALUE!"}},{"$f":"SUMIFS('[20]WorkDone DATA'!$L:$L,'[20]WorkDone DATA'!$N:$N,BOQ!AF$6,'[20]WorkDone DATA'!$G:$G,BOQ!$B14)*$G14","v":{"$error":"#VALUE!"}},{"$f":"SUMIFS('[20]WorkDone DATA'!$L:$L,'[20]WorkDone DATA'!$N:$N,BOQ!AG$6,'[20]WorkDone DATA'!$G:$G,BOQ!$B14)*$G14","v":{"$error":"#VALUE!"}},{"$f":"SUMIFS('[20]WorkDone DATA'!$L:$L,'[20]WorkDone DATA'!$N:$N,BOQ!AH$6,'[20]WorkDone DATA'!$G:$G,BOQ!$B14)*$G14","v":{"$error":"#VALUE!"}},{"$f":"SUMIFS('[20]WorkDone DATA'!$L:$L,'[20]WorkDone DATA'!$N:$N,BOQ!AI$6,'[20]WorkDone DATA'!$G:$G,BOQ!$B14)*$G14","v":{"$error":"#VALUE!"}},{"$f":"SUMIFS('[20]WorkDone DATA'!$L:$L,'[20]WorkDone DATA'!$N:$N,BOQ!AJ$6,'[20]WorkDone DATA'!$G:$G,BOQ!$B14)*$G14","v":{"$error":"#VALUE!"}},{"$f":"SUMIFS('[20]WorkDone DATA'!$L:$L,'[20]WorkDone DATA'!$N:$N,BOQ!AK$6,'[20]WorkDone DATA'!$G:$G,BOQ!$B14)*$G14","v":{"$error":"#VALUE!"}},{"$f":"SUMIFS('[20]WorkDone DATA'!$L:$L,'[20]WorkDone DATA'!$N:$N,BOQ!AL$6,'[20]WorkDone DATA'!$G:$G,BOQ!$B14)*$G14","v":{"$error":"#VALUE!"}},{"$f":"SUMIFS('[20]WorkDone DATA'!$L:$L,'[20]WorkDone DATA'!$N:$N,BOQ!AM$6,'[20]WorkDone DATA'!$G:$G,BOQ!$B14)*$G14","v":{"$error":"#VALUE!"}},{"$f":"SUMIFS('[20]WorkDone DATA'!$L:$L,'[20]WorkDone DATA'!$N:$N,BOQ!AN$6,'[20]WorkDone DATA'!$G:$G,BOQ!$B14)*$G14","v":{"$error":"#VALUE!"}},{"$f":"SUMIFS('[20]WorkDone DATA'!$L:$L,'[20]WorkDone DATA'!$N:$N,BOQ!AO$6,'[20]WorkDone DATA'!$G:$G,BOQ!$B14)*$G14","v":{"$error":"#VALUE!"}},{"$f":"SUMIFS('[20]WorkDone DATA'!$L:$L,'[20]WorkDone DATA'!$N:$N,BOQ!AP$6,'[20]WorkDone DATA'!$G:$G,BOQ!$B14)*$G14","v":{"$error":"#VALUE!"}},{"$f":"SUMIFS('[20]WorkDone DATA'!$L:$L,'[20]WorkDone DATA'!$N:$N,BOQ!AQ$6,'[20]WorkDone DATA'!$G:$G,BOQ!$B14)*$G14","v":{"$error":"#VALUE!"}},{"$f":"SUMIFS('[20]WorkDone DATA'!$L:$L,'[20]WorkDone DATA'!$N:$N,BOQ!AR$6,'[20]WorkDone DATA'!$G:$G,BOQ!$B14)*$G14","v":{"$error":"#VALUE!"}},{"$f":"SUMIFS('[20]WorkDone DATA'!$L:$L,'[20]WorkDone DATA'!$N:$N,BOQ!AS$6,'[20]WorkDone DATA'!$G:$G,BOQ!$B14)*$G14","v":{"$error":"#VALUE!"}},{"$f":"SUMIFS('[20]WorkDone DATA'!$L:$L,'[20]WorkDone DATA'!$N:$N,BOQ!AT$6,'[20]WorkDone DATA'!$G:$G,BOQ!$B14)*$G14","v":{"$error":"#VALUE!"}},{"$f":"SUMIFS('[20]WorkDone DATA'!$L:$L,'[20]WorkDone DATA'!$N:$N,BOQ!AU$6,'[20]WorkDone DATA'!$G:$G,BOQ!$B14)*$G14","v":{"$error":"#VALUE!"}},{"$f":"SUMIFS('[20]WorkDone DATA'!$L:$L,'[20]WorkDone DATA'!$N:$N,BOQ!AV$6,'[20]WorkDone DATA'!$G:$G,BOQ!$B14)*$G14","v":{"$error":"#VALUE!"}},{"$f":"SUMIFS('[20]WorkDone DATA'!$L:$L,'[20]WorkDone DATA'!$N:$N,BOQ!AW$6,'[20]WorkDone DATA'!$G:$G,BOQ!$B14)*$G14","v":{"$error":"#VALUE!"}},{"$f":"SUMIFS('[20]WorkDone DATA'!$L:$L,'[20]WorkDone DATA'!$N:$N,BOQ!AX$6,'[20]WorkDone DATA'!$G:$G,BOQ!$B14)*$G14","v":{"$error":"#VALUE!"}},{"$f":"SUMIFS('[20]WorkDone DATA'!$L:$L,'[20]WorkDone DATA'!$N:$N,BOQ!AY$6,'[20]WorkDone DATA'!$G:$G,BOQ!$B14)*$G14","v":{"$error":"#VALUE!"}},{"$f":"SUMIFS('[20]WorkDone DATA'!$L:$L,'[20]WorkDone DATA'!$N:$N,BOQ!AZ$6,'[20]WorkDone DATA'!$G:$G,BOQ!$B14)*$G14","v":{"$error":"#VALUE!"}},{"$f":"SUMIFS('[20]WorkDone DATA'!$L:$L,'[20]WorkDone DATA'!$N:$N,BOQ!BA$6,'[20]WorkDone DATA'!$G:$G,BOQ!$B14)*$G14","v":{"$error":"#VALUE!"}},{"$f":"SUMIFS('[20]WorkDone DATA'!$L:$L,'[20]WorkDone DATA'!$N:$N,BOQ!BB$6,'[20]WorkDone DATA'!$G:$G,BOQ!$B14)*$G14","v":{"$error":"#VALUE!"}},{"$f":"SUMIFS('[20]WorkDone DATA'!$L:$L,'[20]WorkDone DATA'!$N:$N,BOQ!BC$6,'[20]WorkDone DATA'!$G:$G,BOQ!$B14)*$G14","v":{"$error":"#VALUE!"}},{"$f":"SUMIFS('[20]WorkDone DATA'!$L:$L,'[20]WorkDone DATA'!$N:$N,BOQ!BD$6,'[20]WorkDone DATA'!$G:$G,BOQ!$B14)*$G14","v":{"$error":"#VALUE!"}},{"$f":"SUMIFS('[20]WorkDone DATA'!$L:$L,'[20]WorkDone DATA'!$N:$N,BOQ!BE$6,'[20]WorkDone DATA'!$G:$G,BOQ!$B14)*$G14","v":{"$error":"#VALUE!"}},{"$f":"SUMIFS('[20]WorkDone DATA'!$L:$L,'[20]WorkDone DATA'!$N:$N,BOQ!BF$6,'[20]WorkDone DATA'!$G:$G,BOQ!$B14)*$G14","v":{"$error":"#VALUE!"}},{"$f":"SUMIFS('[20]WorkDone DATA'!$L:$L,'[20]WorkDone DATA'!$N:$N,BOQ!BG$6,'[20]WorkDone DATA'!$G:$G,BOQ!$B14)*$G14","v":{"$error":"#VALUE!"}},{"$f":"SUMIFS('[20]WorkDone DATA'!$L:$L,'[20]WorkDone DATA'!$N:$N,BOQ!BH$6,'[20]WorkDone DATA'!$G:$G,BOQ!$B14)*$G14","v":{"$error":"#VALUE!"}},{"$f":"SUMIFS('[20]WorkDone DATA'!$L:$L,'[20]WorkDone DATA'!$N:$N,BOQ!BI$6,'[20]WorkDone DATA'!$G:$G,BOQ!$B14)*$G14","v":{"$error":"#VALUE!"}},{"$f":"SUMIFS('[20]WorkDone DATA'!$L:$L,'[20]WorkDone DATA'!$N:$N,BOQ!BJ$6,'[20]WorkDone DATA'!$G:$G,BOQ!$B14)*$G14","v":{"$error":"#VALUE!"}},{"$f":"SUMIFS('[20]WorkDone DATA'!$L:$L,'[20]WorkDone DATA'!$N:$N,BOQ!BK$6,'[20]WorkDone DATA'!$G:$G,BOQ!$B14)*$G14","v":{"$error":"#VALUE!"}},{"$f":"SUMIFS('[20]WorkDone DATA'!$L:$L,'[20]WorkDone DATA'!$N:$N,BOQ!BL$6,'[20]WorkDone DATA'!$G:$G,BOQ!$B14)*$G14","v":{"$error":"#VALUE!"}},{"$f":"SUMIFS('[20]WorkDone DATA'!$L:$L,'[20]WorkDone DATA'!$N:$N,BOQ!BM$6,'[20]WorkDone DATA'!$G:$G,BOQ!$B14)*$G14","v":{"$error":"#VALUE!"}},{"$f":"SUMIFS('[20]WorkDone DATA'!$L:$L,'[20]WorkDone DATA'!$N:$N,BOQ!BN$6,'[20]WorkDone DATA'!$G:$G,BOQ!$B14)*$G14","v":{"$error":"#VALUE!"}},{"$f":"SUMIFS('[20]WorkDone DATA'!$L:$L,'[20]WorkDone DATA'!$N:$N,BOQ!BO$6,'[20]WorkDone DATA'!$G:$G,BOQ!$B14)*$G14","v":{"$error":"#VALUE!"}},{"$f":"SUMIFS('[20]WorkDone DATA'!$L:$L,'[20]WorkDone DATA'!$N:$N,BOQ!BP$6,'[20]WorkDone DATA'!$G:$G,BOQ!$B14)*$G14","v":{"$error":"#VALUE!"}},{"$f":"SUMIFS('[20]WorkDone DATA'!$L:$L,'[20]WorkDone DATA'!$N:$N,BOQ!BQ$6,'[20]WorkDone DATA'!$G:$G,BOQ!$B14)*$G14","v":{"$error":"#VALUE!"}},{"$f":"SUMIFS('[20]WorkDone DATA'!$L:$L,'[20]WorkDone DATA'!$N:$N,BOQ!BR$6,'[20]WorkDone DATA'!$G:$G,BOQ!$B14)*$G14","v":{"$error":"#VALUE!"}},{"$f":"SUMIFS('[20]WorkDone DATA'!$L:$L,'[20]WorkDone DATA'!$N:$N,BOQ!BS$6,'[20]WorkDone DATA'!$G:$G,BOQ!$B14)*$G14","v":{"$error":"#VALUE!"}},{"$f":"SUMIFS('[20]WorkDone DATA'!$L:$L,'[20]WorkDone DATA'!$N:$N,BOQ!BT$6,'[20]WorkDone DATA'!$G:$G,BOQ!$B14)*$G14","v":{"$error":"#VALUE!"}},{"$f":"SUMIFS('[20]WorkDone DATA'!$L:$L,'[20]WorkDone DATA'!$N:$N,BOQ!BU$6,'[20]WorkDone DATA'!$G:$G,BOQ!$B14)*$G14","v":{"$error":"#VALUE!"}},{"$f":"SUMIFS('[20]WorkDone DATA'!$L:$L,'[20]WorkDone DATA'!$N:$N,BOQ!BV$6,'[20]WorkDone DATA'!$G:$G,BOQ!$B14)*$G14","v":{"$error":"#VALUE!"}},{"$f":"SUMIFS('[20]WorkDone DATA'!$L:$L,'[20]WorkDone DATA'!$N:$N,BOQ!BW$6,'[20]WorkDone DATA'!$G:$G,BOQ!$B14)*$G14","v":{"$error":"#VALUE!"}},{"$f":"SUMIFS('[20]WorkDone DATA'!$L:$L,'[20]WorkDone DATA'!$N:$N,BOQ!BX$6,'[20]WorkDone DATA'!$G:$G,BOQ!$B14)*$G14","v":{"$error":"#VALUE!"}}]
[{"$f":"C13","v":"500mm2 x 1 core (EXX01WCV) 6.35kV/11kV  (Trefoil clamps) New"},2.004,"Installation","A","m",8020,117.05,{"v":938741,"d":"938,741.00"},null,null,0,0,0,null,{"v":8020,"d":"8,020.00"},{"v":938741,"d":"938,741.00"},null,{"$f":"SUMIFS('[20]WorkDone DATA'!$L:$L,'[20]WorkDone DATA'!$N:$N,BOQ!S$6,'[20]WorkDone DATA'!$G:$G,BOQ!$B15)","v":{"$error":"#VALUE!"}},{"$error":"#VALUE!"},{"$f":"SUMIFS('[20]WorkDone DATA'!$L:$L,'[20]WorkDone DATA'!$N:$N,BOQ!U$6,'[20]WorkDone DATA'!$G:$G,BOQ!$B15)","v":{"$error":"#VALUE!"}},{"$error":"#VALUE!"},null,{"$f":"SUMIFS('[20]WorkDone DATA'!$L:$L,'[20]WorkDone DATA'!$N:$N,BOQ!W$6,'[20]WorkDone DATA'!$G:$G,BOQ!$B15)*$G15","v":{"$error":"#VALUE!"}},null,{"$f":"SUMIFS('[20]WorkDone DATA'!$L:$L,'[20]WorkDone DATA'!$N:$N,BOQ!Y$6,'[20]WorkDone DATA'!$G:$G,BOQ!$B15)*$G15","v":{"$error":"#VALUE!"}},null,{"$f":"SUMIFS('[20]WorkDone DATA'!$L:$L,'[20]WorkDone DATA'!$N:$N,BOQ!AA$6,'[20]WorkDone DATA'!$G:$G,BOQ!$B15)*$G15","v":{"$error":"#VALUE!"}},{"$f":"SUMIFS('[20]WorkDone DATA'!$L:$L,'[20]WorkDone DATA'!$N:$N,BOQ!AB$6,'[20]WorkDone DATA'!$G:$G,BOQ!$B15)*$G15","v":{"$error":"#VALUE!"}},{"$f":"SUMIFS('[20]WorkDone DATA'!$L:$L,'[20]WorkDone DATA'!$N:$N,BOQ!AC$6,'[20]WorkDone DATA'!$G:$G,BOQ!$B15)*$G15","v":{"$error":"#VALUE!"}},{"$f":"SUMIFS('[20]WorkDone DATA'!$L:$L,'[20]WorkDone DATA'!$N:$N,BOQ!AD$6,'[20]WorkDone DATA'!$G:$G,BOQ!$B15)*$G15","v":{"$error":"#VALUE!"}},{"$f":"SUMIFS('[20]WorkDone DATA'!$L:$L,'[20]WorkDone DATA'!$N:$N,BOQ!AE$6,'[20]WorkDone DATA'!$G:$G,BOQ!$B15)*$G15","v":{"$error":"#VALUE!"}},{"$f":"SUMIFS('[20]WorkDone DATA'!$L:$L,'[20]WorkDone DATA'!$N:$N,BOQ!AF$6,'[20]WorkDone DATA'!$G:$G,BOQ!$B15)*$G15","v":{"$error":"#VALUE!"}},{"$f":"SUMIFS('[20]WorkDone DATA'!$L:$L,'[20]WorkDone DATA'!$N:$N,BOQ!AG$6,'[20]WorkDone DATA'!$G:$G,BOQ!$B15)*$G15","v":{"$error":"#VALUE!"}},{"$f":"SUMIFS('[20]WorkDone DATA'!$L:$L,'[20]WorkDone DATA'!$N:$N,BOQ!AH$6,'[20]WorkDone DATA'!$G:$G,BOQ!$B15)*$G15","v":{"$error":"#VALUE!"}},{"$f":"SUMIFS('[20]WorkDone DATA'!$L:$L,'[20]WorkDone DATA'!$N:$N,BOQ!AI$6,'[20]WorkDone DATA'!$G:$G,BOQ!$B15)*$G15","v":{"$error":"#VALUE!"}},{"$f":"SUMIFS('[20]WorkDone DATA'!$L:$L,'[20]WorkDone DATA'!$N:$N,BOQ!AJ$6,'[20]WorkDone DATA'!$G:$G,BOQ!$B15)*$G15","v":{"$error":"#VALUE!"}},{"$f":"SUMIFS('[20]WorkDone DATA'!$L:$L,'[20]WorkDone DATA'!$N:$N,BOQ!AK$6,'[20]WorkDone DATA'!$G:$G,BOQ!$B15)*$G15","v":{"$error":"#VALUE!"}},{"$f":"SUMIFS('[20]WorkDone DATA'!$L:$L,'[20]WorkDone DATA'!$N:$N,BOQ!AL$6,'[20]WorkDone DATA'!$G:$G,BOQ!$B15)*$G15","v":{"$error":"#VALUE!"}},{"$f":"SUMIFS('[20]WorkDone DATA'!$L:$L,'[20]WorkDone DATA'!$N:$N,BOQ!AM$6,'[20]WorkDone DATA'!$G:$G,BOQ!$B15)*$G15","v":{"$error":"#VALUE!"}},{"$f":"SUMIFS('[20]WorkDone DATA'!$L:$L,'[20]WorkDone DATA'!$N:$N,BOQ!AN$6,'[20]WorkDone DATA'!$G:$G,BOQ!$B15)*$G15","v":{"$error":"#VALUE!"}},{"$f":"SUMIFS('[20]WorkDone DATA'!$L:$L,'[20]WorkDone DATA'!$N:$N,BOQ!AO$6,'[20]WorkDone DATA'!$G:$G,BOQ!$B15)*$G15","v":{"$error":"#VALUE!"}},{"$f":"SUMIFS('[20]WorkDone DATA'!$L:$L,'[20]WorkDone DATA'!$N:$N,BOQ!AP$6,'[20]WorkDone DATA'!$G:$G,BOQ!$B15)*$G15","v":{"$error":"#VALUE!"}},{"$f":"SUMIFS('[20]WorkDone DATA'!$L:$L,'[20]WorkDone DATA'!$N:$N,BOQ!AQ$6,'[20]WorkDone DATA'!$G:$G,BOQ!$B15)*$G15","v":{"$error":"#VALUE!"}},{"$f":"SUMIFS('[20]WorkDone DATA'!$L:$L,'[20]WorkDone DATA'!$N:$N,BOQ!AR$6,'[20]WorkDone DATA'!$G:$G,BOQ!$B15)*$G15","v":{"$error":"#VALUE!"}},{"$f":"SUMIFS('[20]WorkDone DATA'!$L:$L,'[20]WorkDone DATA'!$N:$N,BOQ!AS$6,'[20]WorkDone DATA'!$G:$G,BOQ!$B15)*$G15","v":{"$error":"#VALUE!"}},{"$f":"SUMIFS('[20]WorkDone DATA'!$L:$L,'[20]WorkDone DATA'!$N:$N,BOQ!AT$6,'[20]WorkDone DATA'!$G:$G,BOQ!$B15)*$G15","v":{"$error":"#VALUE!"}},{"$f":"SUMIFS('[20]WorkDone DATA'!$L:$L,'[20]WorkDone DATA'!$N:$N,BOQ!AU$6,'[20]WorkDone DATA'!$G:$G,BOQ!$B15)*$G15","v":{"$error":"#VALUE!"}},{"$f":"SUMIFS('[20]WorkDone DATA'!$L:$L,'[20]WorkDone DATA'!$N:$N,BOQ!AV$6,'[20]WorkDone DATA'!$G:$G,BOQ!$B15)*$G15","v":{"$error":"#VALUE!"}},{"$f":"SUMIFS('[20]WorkDone DATA'!$L:$L,'[20]WorkDone DATA'!$N:$N,BOQ!AW$6,'[20]WorkDone DATA'!$G:$G,BOQ!$B15)*$G15","v":{"$error":"#VALUE!"}},{"$f":"SUMIFS('[20]WorkDone DATA'!$L:$L,'[20]WorkDone DATA'!$N:$N,BOQ!AX$6,'[20]WorkDone DATA'!$G:$G,BOQ!$B15)*$G15","v":{"$error":"#VALUE!"}},{"$f":"SUMIFS('[20]WorkDone DATA'!$L:$L,'[20]WorkDone DATA'!$N:$N,BOQ!AY$6,'[20]WorkDone DATA'!$G:$G,BOQ!$B15)*$G15","v":{"$error":"#VALUE!"}},{"$f":"SUMIFS('[20]WorkDone DATA'!$L:$L,'[20]WorkDone DATA'!$N:$N,BOQ!AZ$6,'[20]WorkDone DATA'!$G:$G,BOQ!$B15)*$G15","v":{"$error":"#VALUE!"}},{"$f":"SUMIFS('[20]WorkDone DATA'!$L:$L,'[20]WorkDone DATA'!$N:$N,BOQ!BA$6,'[20]WorkDone DATA'!$G:$G,BOQ!$B15)*$G15","v":{"$error":"#VALUE!"}},{"$f":"SUMIFS('[20]WorkDone DATA'!$L:$L,'[20]WorkDone DATA'!$N:$N,BOQ!BB$6,'[20]WorkDone DATA'!$G:$G,BOQ!$B15)*$G15","v":{"$error":"#VALUE!"}},{"$f":"SUMIFS('[20]WorkDone DATA'!$L:$L,'[20]WorkDone DATA'!$N:$N,BOQ!BC$6,'[20]WorkDone DATA'!$G:$G,BOQ!$B15)*$G15","v":{"$error":"#VALUE!"}},{"$f":"SUMIFS('[20]WorkDone DATA'!$L:$L,'[20]WorkDone DATA'!$N:$N,BOQ!BD$6,'[20]WorkDone DATA'!$G:$G,BOQ!$B15)*$G15","v":{"$error":"#VALUE!"}},{"$f":"SUMIFS('[20]WorkDone DATA'!$L:$L,'[20]WorkDone DATA'!$N:$N,BOQ!BE$6,'[20]WorkDone DATA'!$G:$G,BOQ!$B15)*$G15","v":{"$error":"#VALUE!"}},{"$f":"SUMIFS('[20]WorkDone DATA'!$L:$L,'[20]WorkDone DATA'!$N:$N,BOQ!BF$6,'[20]WorkDone DATA'!$G:$G,BOQ!$B15)*$G15","v":{"$error":"#VALUE!"}},{"$f":"SUMIFS('[20]WorkDone DATA'!$L:$L,'[20]WorkDone DATA'!$N:$N,BOQ!BG$6,'[20]WorkDone DATA'!$G:$G,BOQ!$B15)*$G15","v":{"$error":"#VALUE!"}},{"$f":"SUMIFS('[20]WorkDone DATA'!$L:$L,'[20]WorkDone DATA'!$N:$N,BOQ!BH$6,'[20]WorkDone DATA'!$G:$G,BOQ!$B15)*$G15","v":{"$error":"#VALUE!"}},{"$f":"SUMIFS('[20]WorkDone DATA'!$L:$L,'[20]WorkDone DATA'!$N:$N,BOQ!BI$6,'[20]WorkDone DATA'!$G:$G,BOQ!$B15)*$G15","v":{"$error":"#VALUE!"}},{"$f":"SUMIFS('[20]WorkDone DATA'!$L:$L,'[20]WorkDone DATA'!$N:$N,BOQ!BJ$6,'[20]WorkDone DATA'!$G:$G,BOQ!$B15)*$G15","v":{"$error":"#VALUE!"}},{"$f":"SUMIFS('[20]WorkDone DATA'!$L:$L,'[20]WorkDone DATA'!$N:$N,BOQ!BK$6,'[20]WorkDone DATA'!$G:$G,BOQ!$B15)*$G15","v":{"$error":"#VALUE!"}},{"$f":"SUMIFS('[20]WorkDone DATA'!$L:$L,'[20]WorkDone DATA'!$N:$N,BOQ!BL$6,'[20]WorkDone DATA'!$G:$G,BOQ!$B15)*$G15","v":{"$error":"#VALUE!"}},{"$f":"SUMIFS('[20]WorkDone DATA'!$L:$L,'[20]WorkDone DATA'!$N:$N,BOQ!BM$6,'[20]WorkDone DATA'!$G:$G,BOQ!$B15)*$G15","v":{"$error":"#VALUE!"}},{"$f":"SUMIFS('[20]WorkDone DATA'!$L:$L,'[20]WorkDone DATA'!$N:$N,BOQ!BN$6,'[20]WorkDone DATA'!$G:$G,BOQ!$B15)*$G15","v":{"$error":"#VALUE!"}},{"$f":"SUMIFS('[20]WorkDone DATA'!$L:$L,'[20]WorkDone DATA'!$N:$N,BOQ!BO$6,'[20]WorkDone DATA'!$G:$G,BOQ!$B15)*$G15","v":{"$error":"#VALUE!"}},{"$f":"SUMIFS('[20]WorkDone DATA'!$L:$L,'[20]WorkDone DATA'!$N:$N,BOQ!BP$6,'[20]WorkDone DATA'!$G:$G,BOQ!$B15)*$G15","v":{"$error":"#VALUE!"}},{"$f":"SUMIFS('[20]WorkDone DATA'!$L:$L,'[20]WorkDone DATA'!$N:$N,BOQ!BQ$6,'[20]WorkDone DATA'!$G:$G,BOQ!$B15)*$G15","v":{"$error":"#VALUE!"}},{"$f":"SUMIFS('[20]WorkDone DATA'!$L:$L,'[20]WorkDone DATA'!$N:$N,BOQ!BR$6,'[20]WorkDone DATA'!$G:$G,BOQ!$B15)*$G15","v":{"$error":"#VALUE!"}},{"$f":"SUMIFS('[20]WorkDone DATA'!$L:$L,'[20]WorkDone DATA'!$N:$N,BOQ!BS$6,'[20]WorkDone DATA'!$G:$G,BOQ!$B15)*$G15","v":{"$error":"#VALUE!"}},{"$f":"SUMIFS('[20]WorkDone DATA'!$L:$L,'[20]WorkDone DATA'!$N:$N,BOQ!BT$6,'[20]WorkDone DATA'!$G:$G,BOQ!$B15)*$G15","v":{"$error":"#VALUE!"}},{"$f":"SUMIFS('[20]WorkDone DATA'!$L:$L,'[20]WorkDone DATA'!$N:$N,BOQ!BU$6,'[20]WorkDone DATA'!$G:$G,BOQ!$B15)*$G15","v":{"$error":"#VALUE!"}},{"$f":"SUMIFS('[20]WorkDone DATA'!$L:$L,'[20]WorkDone DATA'!$N:$N,BOQ!BV$6,'[20]WorkDone DATA'!$G:$G,BOQ!$B15)*$G15","v":{"$error":"#VALUE!"}},{"$f":"SUMIFS('[20]WorkDone DATA'!$L:$L,'[20]WorkDone DATA'!$N:$N,BOQ!BW$6,'[20]WorkDone DATA'!$G:$G,BOQ!$B15)*$G15","v":{"$error":"#VALUE!"}},{"$f":"SUMIFS('[20]WorkDone DATA'!$L:$L,'[20]WorkDone DATA'!$N:$N,BOQ!BX$6,'[20]WorkDone DATA'!$G:$G,BOQ!$B15)*$G15","v":{"$error":"#VALUE!"}}]
[null,null,"XLPE 11KV",{"$nulls":4},0,{"$nulls":3},0,0,null,0,0,null,{"$f":"SUMIFS('[20]WorkDone DATA'!$L:$L,'[20]WorkDone DATA'!$N:$N,BOQ!S$6,'[20]WorkDone DATA'!$G:$G,BOQ!$B16)","v":{"$error":"#VALUE!"}},{"$error":"#VALUE!"},{"$f":"SUMIFS('[20]WorkDone DATA'!$L:$L,'[20]WorkDone DATA'!$N:$N,BOQ!U$6,'[20]WorkDone DATA'!$G:$G,BOQ!$B16)","v":{"$error":"#VALUE!"}},{"$error":"#VALUE!"},null,{"$f":"SUMIFS('[20]WorkDone DATA'!$L:$L,'[20]WorkDone DATA'!$N:$N,BOQ!W$6,'[20]WorkDone DATA'!$G:$G,BOQ!$B16)*$G16","v":{"$error":"#VALUE!"}},null,{"$f":"SUMIFS('[20]WorkDone DATA'!$L:$L,'[20]WorkDone DATA'!$N:$N,BOQ!Y$6,'[20]WorkDone DATA'!$G:$G,BOQ!$B16)*$G16","v":{"$error":"#VALUE!"}},null,{"$f":"SUMIFS('[20]WorkDone DATA'!$L:$L,'[20]WorkDone DATA'!$N:$N,BOQ!AA$6,'[20]WorkDone DATA'!$G:$G,BOQ!$B16)*$G16","v":{"$error":"#VALUE!"}},{"$f":"SUMIFS('[20]WorkDone DATA'!$L:$L,'[20]WorkDone DATA'!$N:$N,BOQ!AB$6,'[20]WorkDone DATA'!$G:$G,BOQ!$B16)*$G16","v":{"$error":"#VALUE!"}},{"$f":"SUMIFS('[20]WorkDone DATA'!$L:$L,'[20]WorkDone DATA'!$N:$N,BOQ!AC$6,'[20]WorkDone DATA'!$G:$G,BOQ!$B16)*$G16","v":{"$error":"#VALUE!"}},{"$f":"SUMIFS('[20]WorkDone DATA'!$L:$L,'[20]WorkDone DATA'!$N:$N,BOQ!AD$6,'[20]WorkDone DATA'!$G:$G,BOQ!$B16)*$G16","v":{"$error":"#VALUE!"}},{"$f":"SUMIFS('[20]WorkDone DATA'!$L:$L,'[20]WorkDone DATA'!$N:$N,BOQ!AE$6,'[20]WorkDone DATA'!$G:$G,BOQ!$B16)*$G16","v":{"$error":"#VALUE!"}},{"$f":"SUMIFS('[20]WorkDone DATA'!$L:$L,'[20]WorkDone DATA'!$N:$N,BOQ!AF$6,'[20]WorkDone DATA'!$G:$G,BOQ!$B16)*$G16","v":{"$error":"#VALUE!"}},{"$f":"SUMIFS('[20]WorkDone DATA'!$L:$L,'[20]WorkDone DATA'!$N:$N,BOQ!AG$6,'[20]WorkDone DATA'!$G:$G,BOQ!$B16)*$G16","v":{"$error":"#VALUE!"}},{"$f":"SUMIFS('[20]WorkDone DATA'!$L:$L,'[20]WorkDone DATA'!$N:$N,BOQ!AH$6,'[20]WorkDone DATA'!$G:$G,BOQ!$B16)*$G16","v":{"$error":"#VALUE!"}},{"$f":"SUMIFS('[20]WorkDone DATA'!$L:$L,'[20]WorkDone DATA'!$N:$N,BOQ!AI$6,'[20]WorkDone DATA'!$G:$G,BOQ!$B16)*$G16","v":{"$error":"#VALUE!"}},{"$f":"SUMIFS('[20]WorkDone DATA'!$L:$L,'[20]WorkDone DATA'!$N:$N,BOQ!AJ$6,'[20]WorkDone DATA'!$G:$G,BOQ!$B16)*$G16","v":{"$error":"#VALUE!"}},{"$f":"SUMIFS('[20]WorkDone DATA'!$L:$L,'[20]WorkDone DATA'!$N:$N,BOQ!AK$6,'[20]WorkDone DATA'!$G:$G,BOQ!$B16)*$G16","v":{"$error":"#VALUE!"}},{"$f":"SUMIFS('[20]WorkDone DATA'!$L:$L,'[20]WorkDone DATA'!$N:$N,BOQ!AL$6,'[20]WorkDone DATA'!$G:$G,BOQ!$B16)*$G16","v":{"$error":"#VALUE!"}},{"$f":"SUMIFS('[20]WorkDone DATA'!$L:$L,'[20]WorkDone DATA'!$N:$N,BOQ!AM$6,'[20]WorkDone DATA'!$G:$G,BOQ!$B16)*$G16","v":{"$error":"#VALUE!"}},{"$f":"SUMIFS('[20]WorkDone DATA'!$L:$L,'[20]WorkDone DATA'!$N:$N,BOQ!AN$6,'[20]WorkDone DATA'!$G:$G,BOQ!$B16)*$G16","v":{"$error":"#VALUE!"}},{"$f":"SUMIFS('[20]WorkDone DATA'!$L:$L,'[20]WorkDone DATA'!$N:$N,BOQ!AO$6,'[20]WorkDone DATA'!$G:$G,BOQ!$B16)*$G16","v":{"$error":"#VALUE!"}},{"$f":"SUMIFS('[20]WorkDone DATA'!$L:$L,'[20]WorkDone DATA'!$N:$N,BOQ!AP$6,'[20]WorkDone DATA'!$G:$G,BOQ!$B16)*$G16","v":{"$error":"#VALUE!"}},{"$f":"SUMIFS('[20]WorkDone DATA'!$L:$L,'[20]WorkDone DATA'!$N:$N,BOQ!AQ$6,'[20]WorkDone DATA'!$G:$G,BOQ!$B16)*$G16","v":{"$error":"#VALUE!"}},{"$f":"SUMIFS('[20]WorkDone DATA'!$L:$L,'[20]WorkDone DATA'!$N:$N,BOQ!AR$6,'[20]WorkDone DATA'!$G:$G,BOQ!$B16)*$G16","v":{"$error":"#VALUE!"}},{"$f":"SUMIFS('[20]WorkDone DATA'!$L:$L,'[20]WorkDone DATA'!$N:$N,BOQ!AS$6,'[20]WorkDone DATA'!$G:$G,BOQ!$B16)*$G16","v":{"$error":"#VALUE!"}},{"$f":"SUMIFS('[20]WorkDone DATA'!$L:$L,'[20]WorkDone DATA'!$N:$N,BOQ!AT$6,'[20]WorkDone DATA'!$G:$G,BOQ!$B16)*$G16","v":{"$error":"#VALUE!"}},{"$f":"SUMIFS('[20]WorkDone DATA'!$L:$L,'[20]WorkDone DATA'!$N:$N,BOQ!AU$6,'[20]WorkDone DATA'!$G:$G,BOQ!$B16)*$G16","v":{"$error":"#VALUE!"}},{"$f":"SUMIFS('[20]WorkDone DATA'!$L:$L,'[20]WorkDone DATA'!$N:$N,BOQ!AV$6,'[20]WorkDone DATA'!$G:$G,BOQ!$B16)*$G16","v":{"$error":"#VALUE!"}},{"$f":"SUMIFS('[20]WorkDone DATA'!$L:$L,'[20]WorkDone DATA'!$N:$N,BOQ!AW$6,'[20]WorkDone DATA'!$G:$G,BOQ!$B16)*$G16","v":{"$error":"#VALUE!"}},{"$f":"SUMIFS('[20]WorkDone DATA'!$L:$L,'[20]WorkDone DATA'!$N:$N,BOQ!AX$6,'[20]WorkDone DATA'!$G:$G,BOQ!$B16)*$G16","v":{"$error":"#VALUE!"}},{"$f":"SUMIFS('[20]WorkDone DATA'!$L:$L,'[20]WorkDone DATA'!$N:$N,BOQ!AY$6,'[20]WorkDone DATA'!$G:$G,BOQ!$B16)*$G16","v":{"$error":"#VALUE!"}},{"$f":"SUMIFS('[20]WorkDone DATA'!$L:$L,'[20]WorkDone DATA'!$N:$N,BOQ!AZ$6,'[20]WorkDone DATA'!$G:$G,BOQ!$B16)*$G16","v":{"$error":"#VALUE!"}},{"$f":"SUMIFS('[20]WorkDone DATA'!$L:$L,'[20]WorkDone DATA'!$N:$N,BOQ!BA$6,'[20]WorkDone DATA'!$G:$G,BOQ!$B16)*$G16","v":{"$error":"#VALUE!"}},{"$f":"SUMIFS('[20]WorkDone DATA'!$L:$L,'[20]WorkDone DATA'!$N:$N,BOQ!BB$6,'[20]WorkDone DATA'!$G:$G,BOQ!$B16)*$G16","v":{"$error":"#VALUE!"}},{"$f":"SUMIFS('[20]WorkDone DATA'!$L:$L,'[20]WorkDone DATA'!$N:$N,BOQ!BC$6,'[20]WorkDone DATA'!$G:$G,BOQ!$B16)*$G16","v":{"$error":"#VALUE!"}},{"$f":"SUMIFS('[20]WorkDone DATA'!$L:$L,'[20]WorkDone DATA'!$N:$N,BOQ!BD$6,'[20]WorkDone DATA'!$G:$G,BOQ!$B16)*$G16","v":{"$error":"#VALUE!"}},{"$f":"SUMIFS('[20]WorkDone DATA'!$L:$L,'[20]WorkDone DATA'!$N:$N,BOQ!BE$6,'[20]WorkDone DATA'!$G:$G,BOQ!$B16)*$G16","v":{"$error":"#VALUE!"}},{"$f":"SUMIFS('[20]WorkDone DATA'!$L:$L,'[20]WorkDone DATA'!$N:$N,BOQ!BF$6,'[20]WorkDone DATA'!$G:$G,BOQ!$B16)*$G16","v":{"$error":"#VALUE!"}},{"$f":"SUMIFS('[20]WorkDone DATA'!$L:$L,'[20]WorkDone DATA'!$N:$N,BOQ!BG$6,'[20]WorkDone DATA'!$G:$G,BOQ!$B16)*$G16","v":{"$error":"#VALUE!"}},{"$f":"SUMIFS('[20]WorkDone DATA'!$L:$L,'[20]WorkDone DATA'!$N:$N,BOQ!BH$6,'[20]WorkDone DATA'!$G:$G,BOQ!$B16)*$G16","v":{"$error":"#VALUE!"}},{"$f":"SUMIFS('[20]WorkDone DATA'!$L:$L,'[20]WorkDone DATA'!$N:$N,BOQ!BI$6,'[20]WorkDone DATA'!$G:$G,BOQ!$B16)*$G16","v":{"$error":"#VALUE!"}},{"$f":"SUMIFS('[20]WorkDone DATA'!$L:$L,'[20]WorkDone DATA'!$N:$N,BOQ!BJ$6,'[20]WorkDone DATA'!$G:$G,BOQ!$B16)*$G16","v":{"$error":"#VALUE!"}},{"$f":"SUMIFS('[20]WorkDone DATA'!$L:$L,'[20]WorkDone DATA'!$N:$N,BOQ!BK$6,'[20]WorkDone DATA'!$G:$G,BOQ!$B16)*$G16","v":{"$error":"#VALUE!"}},{"$f":"SUMIFS('[20]WorkDone DATA'!$L:$L,'[20]WorkDone DATA'!$N:$N,BOQ!BL$6,'[20]WorkDone DATA'!$G:$G,BOQ!$B16)*$G16","v":{"$error":"#VALUE!"}},{"$f":"SUMIFS('[20]WorkDone DATA'!$L:$L,'[20]WorkDone DATA'!$N:$N,BOQ!BM$6,'[20]WorkDone DATA'!$G:$G,BOQ!$B16)*$G16","v":{"$error":"#VALUE!"}},{"$f":"SUMIFS('[20]WorkDone DATA'!$L:$L,'[20]WorkDone DATA'!$N:$N,BOQ!BN$6,'[20]WorkDone DATA'!$G:$G,BOQ!$B16)*$G16","v":{"$error":"#VALUE!"}},{"$f":"SUMIFS('[20]WorkDone DATA'!$L:$L,'[20]WorkDone DATA'!$N:$N,BOQ!BO$6,'[20]WorkDone DATA'!$G:$G,BOQ!$B16)*$G16","v":{"$error":"#VALUE!"}},{"$f":"SUMIFS('[20]WorkDone DATA'!$L:$L,'[20]WorkDone DATA'!$N:$N,BOQ!BP$6,'[20]WorkDone DATA'!$G:$G,BOQ!$B16)*$G16","v":{"$error":"#VALUE!"}},{"$f":"SUMIFS('[20]WorkDone DATA'!$L:$L,'[20]WorkDone DATA'!$N:$N,BOQ!BQ$6,'[20]WorkDone DATA'!$G:$G,BOQ!$B16)*$G16","v":{"$error":"#VALUE!"}},{"$f":"SUMIFS('[20]WorkDone DATA'!$L:$L,'[20]WorkDone DATA'!$N:$N,BOQ!BR$6,'[20]WorkDone DATA'!$G:$G,BOQ!$B16)*$G16","v":{"$error":"#VALUE!"}},{"$f":"SUMIFS('[20]WorkDone DATA'!$L:$L,'[20]WorkDone DATA'!$N:$N,BOQ!BS$6,'[20]WorkDone DATA'!$G:$G,BOQ!$B16)*$G16","v":{"$error":"#VALUE!"}},{"$f":"SUMIFS('[20]WorkDone DATA'!$L:$L,'[20]WorkDone DATA'!$N:$N,BOQ!BT$6,'[20]WorkDone DATA'!$G:$G,BOQ!$B16)*$G16","v":{"$error":"#VALUE!"}},{"$f":"SUMIFS('[20]WorkDone DATA'!$L:$L,'[20]WorkDone DATA'!$N:$N,BOQ!BU$6,'[20]WorkDone DATA'!$G:$G,BOQ!$B16)*$G16","v":{"$error":"#VALUE!"}},{"$f":"SUMIFS('[20]WorkDone DATA'!$L:$L,'[20]WorkDone DATA'!$N:$N,BOQ!BV$6,'[20]WorkDone DATA'!$G:$G,BOQ!$B16)*$G16","v":{"$error":"#VALUE!"}},{"$f":"SUMIFS('[20]WorkDone DATA'!$L:$L,'[20]WorkDone DATA'!$N:$N,BOQ!BW$6,'[20]WorkDone DATA'!$G:$G,BOQ!$B16)*$G16","v":{"$error":"#VALUE!"}},{"$f":"SUMIFS('[20]WorkDone DATA'!$L:$L,'[20]WorkDone DATA'!$N:$N,BOQ!BX$6,'[20]WorkDone DATA'!$G:$G,BOQ!$B16)*$G16","v":{"$error":"#VALUE!"}}]
[null,null,"300mm2 x 1 core (EXX01UCM) 6.35kV/11kV   ",{"$nulls":4},0,{"$nulls":3},0,0,null,0,0,null,{"$f":"SUMIFS('[20]WorkDone DATA'!$L:$L,'[20]WorkDone DATA'!$N:$N,BOQ!S$6,'[20]WorkDone DATA'!$G:$G,BOQ!$B17)","v":{"$error":"#VALUE!"}},{"$error":"#VALUE!"},{"$f":"SUMIFS('[20]WorkDone DATA'!$L:$L,'[20]WorkDone DATA'!$N:$N,BOQ!U$6,'[20]WorkDone DATA'!$G:$G,BOQ!$B17)","v":{"$error":"#VALUE!"}},{"$error":"#VALUE!"},null,{"$f":"SUMIFS('[20]WorkDone DATA'!$L:$L,'[20]WorkDone DATA'!$N:$N,BOQ!W$6,'[20]WorkDone DATA'!$G:$G,BOQ!$B17)*$G17","v":{"$error":"#VALUE!"}},null,{"$f":"SUMIFS('[20]WorkDone DATA'!$L:$L,'[20]WorkDone DATA'!$N:$N,BOQ!Y$6,'[20]WorkDone DATA'!$G:$G,BOQ!$B17)*$G17","v":{"$error":"#VALUE!"}},null,{"$f":"SUMIFS('[20]WorkDone DATA'!$L:$L,'[20]WorkDone DATA'!$N:$N,BOQ!AA$6,'[20]WorkDone DATA'!$G:$G,BOQ!$B17)*$G17","v":{"$error":"#VALUE!"}},{"$f":"SUMIFS('[20]WorkDone DATA'!$L:$L,'[20]WorkDone DATA'!$N:$N,BOQ!AB$6,'[20]WorkDone DATA'!$G:$G,BOQ!$B17)*$G17","v":{"$error":"#VALUE!"}},{"$f":"SUMIFS('[20]WorkDone DATA'!$L:$L,'[20]WorkDone DATA'!$N:$N,BOQ!AC$6,'[20]WorkDone DATA'!$G:$G,BOQ!$B17)*$G17","v":{"$error":"#VALUE!"}},{"$f":"SUMIFS('[20]WorkDone DATA'!$L:$L,'[20]WorkDone DATA'!$N:$N,BOQ!AD$6,'[20]WorkDone DATA'!$G:$G,BOQ!$B17)*$G17","v":{"$error":"#VALUE!"}},{"$f":"SUMIFS('[20]WorkDone DATA'!$L:$L,'[20]WorkDone DATA'!$N:$N,BOQ!AE$6,'[20]WorkDone DATA'!$G:$G,BOQ!$B17)*$G17","v":{"$error":"#VALUE!"}},{"$f":"SUMIFS('[20]WorkDone DATA'!$L:$L,'[20]WorkDone DATA'!$N:$N,BOQ!AF$6,'[20]WorkDone DATA'!$G:$G,BOQ!$B17)*$G17","v":{"$error":"#VALUE!"}},{"$f":"SUMIFS('[20]WorkDone DATA'!$L:$L,'[20]WorkDone DATA'!$N:$N,BOQ!AG$6,'[20]WorkDone DATA'!$G:$G,BOQ!$B17)*$G17","v":{"$error":"#VALUE!"}},{"$f":"SUMIFS('[20]WorkDone DATA'!$L:$L,'[20]WorkDone DATA'!$N:$N,BOQ!AH$6,'[20]WorkDone DATA'!$G:$G,BOQ!$B17)*$G17","v":{"$error":"#VALUE!"}},{"$f":"SUMIFS('[20]WorkDone DATA'!$L:$L,'[20]WorkDone DATA'!$N:$N,BOQ!AI$6,'[20]WorkDone DATA'!$G:$G,BOQ!$B17)*$G17","v":{"$error":"#VALUE!"}},{"$f":"SUMIFS('[20]WorkDone DATA'!$L:$L,'[20]WorkDone DATA'!$N:$N,BOQ!AJ$6,'[20]WorkDone DATA'!$G:$G,BOQ!$B17)*$G17","v":{"$error":"#VALUE!"}},{"$f":"SUMIFS('[20]WorkDone DATA'!$L:$L,'[20]WorkDone DATA'!$N:$N,BOQ!AK$6,'[20]WorkDone DATA'!$G:$G,BOQ!$B17)*$G17","v":{"$error":"#VALUE!"}},{"$f":"SUMIFS('[20]WorkDone DATA'!$L:$L,'[20]WorkDone DATA'!$N:$N,BOQ!AL$6,'[20]WorkDone DATA'!$G:$G,BOQ!$B17)*$G17","v":{"$error":"#VALUE!"}},{"$f":"SUMIFS('[20]WorkDone DATA'!$L:$L,'[20]WorkDone DATA'!$N:$N,BOQ!AM$6,'[20]WorkDone DATA'!$G:$G,BOQ!$B17)*$G17","v":{"$error":"#VALUE!"}},{"$f":"SUMIFS('[20]WorkDone DATA'!$L:$L,'[20]WorkDone DATA'!$N:$N,BOQ!AN$6,'[20]WorkDone DATA'!$G:$G,BOQ!$B17)*$G17","v":{"$error":"#VALUE!"}},{"$f":"SUMIFS('[20]WorkDone DATA'!$L:$L,'[20]WorkDone DATA'!$N:$N,BOQ!AO$6,'[20]WorkDone DATA'!$G:$G,BOQ!$B17)*$G17","v":{"$error":"#VALUE!"}},{"$f":"SUMIFS('[20]WorkDone DATA'!$L:$L,'[20]WorkDone DATA'!$N:$N,BOQ!AP$6,'[20]WorkDone DATA'!$G:$G,BOQ!$B17)*$G17","v":{"$error":"#VALUE!"}},{"$f":"SUMIFS('[20]WorkDone DATA'!$L:$L,'[20]WorkDone DATA'!$N:$N,BOQ!AQ$6,'[20]WorkDone DATA'!$G:$G,BOQ!$B17)*$G17","v":{"$error":"#VALUE!"}},{"$f":"SUMIFS('[20]WorkDone DATA'!$L:$L,'[20]WorkDone DATA'!$N:$N,BOQ!AR$6,'[20]WorkDone DATA'!$G:$G,BOQ!$B17)*$G17","v":{"$error":"#VALUE!"}},{"$f":"SUMIFS('[20]WorkDone DATA'!$L:$L,'[20]WorkDone DATA'!$N:$N,BOQ!AS$6,'[20]WorkDone DATA'!$G:$G,BOQ!$B17)*$G17","v":{"$error":"#VALUE!"}},{"$f":"SUMIFS('[20]WorkDone DATA'!$L:$L,'[20]WorkDone DATA'!$N:$N,BOQ!AT$6,'[20]WorkDone DATA'!$G:$G,BOQ!$B17)*$G17","v":{"$error":"#VALUE!"}},{"$f":"SUMIFS('[20]WorkDone DATA'!$L:$L,'[20]WorkDone DATA'!$N:$N,BOQ!AU$6,'[20]WorkDone DATA'!$G:$G,BOQ!$B17)*$G17","v":{"$error":"#VALUE!"}},{"$f":"SUMIFS('[20]WorkDone DATA'!$L:$L,'[20]WorkDone DATA'!$N:$N,BOQ!AV$6,'[20]WorkDone DATA'!$G:$G,BOQ!$B17)*$G17","v":{"$error":"#VALUE!"}},{"$f":"SUMIFS('[20]WorkDone DATA'!$L:$L,'[20]WorkDone DATA'!$N:$N,BOQ!AW$6,'[20]WorkDone DATA'!$G:$G,BOQ!$B17)*$G17","v":{"$error":"#VALUE!"}},{"$f":"SUMIFS('[20]WorkDone DATA'!$L:$L,'[20]WorkDone DATA'!$N:$N,BOQ!AX$6,'[20]WorkDone DATA'!$G:$G,BOQ!$B17)*$G17","v":{"$error":"#VALUE!"}},{"$f":"SUMIFS('[20]WorkDone DATA'!$L:$L,'[20]WorkDone DATA'!$N:$N,BOQ!AY$6,'[20]WorkDone DATA'!$G:$G,BOQ!$B17)*$G17","v":{"$error":"#VALUE!"}},{"$f":"SUMIFS('[20]WorkDone DATA'!$L:$L,'[20]WorkDone DATA'!$N:$N,BOQ!AZ$6,'[20]WorkDone DATA'!$G:$G,BOQ!$B17)*$G17","v":{"$error":"#VALUE!"}},{"$f":"SUMIFS('[20]WorkDone DATA'!$L:$L,'[20]WorkDone DATA'!$N:$N,BOQ!BA$6,'[20]WorkDone DATA'!$G:$G,BOQ!$B17)*$G17","v":{"$error":"#VALUE!"}},{"$f":"SUMIFS('[20]WorkDone DATA'!$L:$L,'[20]WorkDone DATA'!$N:$N,BOQ!BB$6,'[20]WorkDone DATA'!$G:$G,BOQ!$B17)*$G17","v":{"$error":"#VALUE!"}},{"$f":"SUMIFS('[20]WorkDone DATA'!$L:$L,'[20]WorkDone DATA'!$N:$N,BOQ!BC$6,'[20]WorkDone DATA'!$G:$G,BOQ!$B17)*$G17","v":{"$error":"#VALUE!"}},{"$f":"SUMIFS('[20]WorkDone DATA'!$L:$L,'[20]WorkDone DATA'!$N:$N,BOQ!BD$6,'[20]WorkDone DATA'!$G:$G,BOQ!$B17)*$G17","v":{"$error":"#VALUE!"}},{"$f":"SUMIFS('[20]WorkDone DATA'!$L:$L,'[20]WorkDone DATA'!$N:$N,BOQ!BE$6,'[20]WorkDone DATA'!$G:$G,BOQ!$B17)*$G17","v":{"$error":"#VALUE!"}},{"$f":"SUMIFS('[20]WorkDone DATA'!$L:$L,'[20]WorkDone DATA'!$N:$N,BOQ!BF$6,'[20]WorkDone DATA'!$G:$G,BOQ!$B17)*$G17","v":{"$error":"#VALUE!"}},{"$f":"SUMIFS('[20]WorkDone DATA'!$L:$L,'[20]WorkDone DATA'!$N:$N,BOQ!BG$6,'[20]WorkDone DATA'!$G:$G,BOQ!$B17)*$G17","v":{"$error":"#VALUE!"}},{"$f":"SUMIFS('[20]WorkDone DATA'!$L:$L,'[20]WorkDone DATA'!$N:$N,BOQ!BH$6,'[20]WorkDone DATA'!$G:$G,BOQ!$B17)*$G17","v":{"$error":"#VALUE!"}},{"$f":"SUMIFS('[20]WorkDone DATA'!$L:$L,'[20]WorkDone DATA'!$N:$N,BOQ!BI$6,'[20]WorkDone DATA'!$G:$G,BOQ!$B17)*$G17","v":{"$error":"#VALUE!"}},{"$f":"SUMIFS('[20]WorkDone DATA'!$L:$L,'[20]WorkDone DATA'!$N:$N,BOQ!BJ$6,'[20]WorkDone DATA'!$G:$G,BOQ!$B17)*$G17","v":{"$error":"#VALUE!"}},{"$f":"SUMIFS('[20]WorkDone DATA'!$L:$L,'[20]WorkDone DATA'!$N:$N,BOQ!BK$6,'[20]WorkDone DATA'!$G:$G,BOQ!$B17)*$G17","v":{"$error":"#VALUE!"}},{"$f":"SUMIFS('[20]WorkDone DATA'!$L:$L,'[20]WorkDone DATA'!$N:$N,BOQ!BL$6,'[20]WorkDone DATA'!$G:$G,BOQ!$B17)*$G17","v":{"$error":"#VALUE!"}},{"$f":"SUMIFS('[20]WorkDone DATA'!$L:$L,'[20]WorkDone DATA'!$N:$N,BOQ!BM$6,'[20]WorkDone DATA'!$G:$G,BOQ!$B17)*$G17","v":{"$error":"#VALUE!"}},{"$f":"SUMIFS('[20]WorkDone DATA'!$L:$L,'[20]WorkDone DATA'!$N:$N,BOQ!BN$6,'[20]WorkDone DATA'!$G:$G,BOQ!$B17)*$G17","v":{"$error":"#VALUE!"}},{"$f":"SUMIFS('[20]WorkDone DATA'!$L:$L,'[20]WorkDone DATA'!$N:$N,BOQ!BO$6,'[20]WorkDone DATA'!$G:$G,BOQ!$B17)*$G17","v":{"$error":"#VALUE!"}},{"$f":"SUMIFS('[20]WorkDone DATA'!$L:$L,'[20]WorkDone DATA'!$N:$N,BOQ!BP$6,'[20]WorkDone DATA'!$G:$G,BOQ!$B17)*$G17","v":{"$error":"#VALUE!"}},{"$f":"SUMIFS('[20]WorkDone DATA'!$L:$L,'[20]WorkDone DATA'!$N:$N,BOQ!BQ$6,'[20]WorkDone DATA'!$G:$G,BOQ!$B17)*$G17","v":{"$error":"#VALUE!"}},{"$f":"SUMIFS('[20]WorkDone DATA'!$L:$L,'[20]WorkDone DATA'!$N:$N,BOQ!BR$6,'[20]WorkDone DATA'!$G:$G,BOQ!$B17)*$G17","v":{"$error":"#VALUE!"}},{"$f":"SUMIFS('[20]WorkDone DATA'!$L:$L,'[20]WorkDone DATA'!$N:$N,BOQ!BS$6,'[20]WorkDone DATA'!$G:$G,BOQ!$B17)*$G17","v":{"$error":"#VALUE!"}},{"$f":"SUMIFS('[20]WorkDone DATA'!$L:$L,'[20]WorkDone DATA'!$N:$N,BOQ!BT$6,'[20]WorkDone DATA'!$G:$G,BOQ!$B17)*$G17","v":{"$error":"#VALUE!"}},{"$f":"SUMIFS('[20]WorkDone DATA'!$L:$L,'[20]WorkDone DATA'!$N:$N,BOQ!BU$6,'[20]WorkDone DATA'!$G:$G,BOQ!$B17)*$G17","v":{"$error":"#VALUE!"}},{"$f":"SUMIFS('[20]WorkDone DATA'!$L:$L,'[20]WorkDone DATA'!$N:$N,BOQ!BV$6,'[20]WorkDone DATA'!$G:$G,BOQ!$B17)*$G17","v":{"$error":"#VALUE!"}},{"$f":"SUMIFS('[20]WorkDone DATA'!$L:$L,'[20]WorkDone DATA'!$N:$N,BOQ!BW$6,'[20]WorkDone DATA'!$G:$G,BOQ!$B17)*$G17","v":{"$error":"#VALUE!"}},{"$f":"SUMIFS('[20]WorkDone DATA'!$L:$L,'[20]WorkDone DATA'!$N:$N,BOQ!BX$6,'[20]WorkDone DATA'!$G:$G,BOQ!$B17)*$G17","v":{"$error":"#VALUE!"}}]
[{"$f":"C17","v":"300mm2 x 1 core (EXX01UCM) 6.35kV/11kV   "},2.005,"Supply","E","m",7500,905.62,{"v":6792150,"d":"6,792,150.00"},null,null,{"$error":"#VALUE!"},{"$error":"#VALUE!"},{"$error":"#VALUE!"},null,{"$error":"#VALUE!"},{"$error":"#VALUE!"},null,{"$f":"SUMIFS('[20]WorkDone DATA'!$L:$L,'[20]WorkDone DATA'!$N:$N,BOQ!S$6,'[20]WorkDone DATA'!$G:$G,BOQ!$B18)","v":{"$error":"#VALUE!"}},{"$error":"#VALUE!"},{"$f":"SUMIFS('[20]WorkDone DATA'!$L:$L,'[20]WorkDone DATA'!$N:$N,BOQ!U$6,'[20]WorkDone DATA'!$G:$G,BOQ!$B18)","v":{"$error":"#VALUE!"}},{"$error":"#VALUE!"},null,{"$f":"SUMIFS('[20]WorkDone DATA'!$L:$L,'[20]WorkDone DATA'!$N:$N,BOQ!W$6,'[20]WorkDone DATA'!$G:$G,BOQ!$B18)*$G18","v":{"$error":"#VALUE!"}},null,{"$f":"SUMIFS('[20]WorkDone DATA'!$L:$L,'[20]WorkDone DATA'!$N:$N,BOQ!Y$6,'[20]WorkDone DATA'!$G:$G,BOQ!$B18)*$G18","v":{"$error":"#VALUE!"}},null,{"$f":"SUMIFS('[20]WorkDone DATA'!$L:$L,'[20]WorkDone DATA'!$N:$N,BOQ!AA$6,'[20]WorkDone DATA'!$G:$G,BOQ!$B18)*$G18","v":{"$error":"#VALUE!"}},{"$f":"SUMIFS('[20]WorkDone DATA'!$L:$L,'[20]WorkDone DATA'!$N:$N,BOQ!AB$6,'[20]WorkDone DATA'!$G:$G,BOQ!$B18)*$G18","v":{"$error":"#VALUE!"}},{"$f":"SUMIFS('[20]WorkDone DATA'!$L:$L,'[20]WorkDone DATA'!$N:$N,BOQ!AC$6,'[20]WorkDone DATA'!$G:$G,BOQ!$B18)*$G18","v":{"$error":"#VALUE!"}},{"$f":"SUMIFS('[20]WorkDone DATA'!$L:$L,'[20]WorkDone DATA'!$N:$N,BOQ!AD$6,'[20]WorkDone DATA'!$G:$G,BOQ!$B18)*$G18","v":{"$error":"#VALUE!"}},{"$f":"SUMIFS('[20]WorkDone DATA'!$L:$L,'[20]WorkDone DATA'!$N:$N,BOQ!AE$6,'[20]WorkDone DATA'!$G:$G,BOQ!$B18)*$G18","v":{"$error":"#VALUE!"}},{"$f":"SUMIFS('[20]WorkDone DATA'!$L:$L,'[20]WorkDone DATA'!$N:$N,BOQ!AF$6,'[20]WorkDone DATA'!$G:$G,BOQ!$B18)*$G18","v":{"$error":"#VALUE!"}},{"$f":"SUMIFS('[20]WorkDone DATA'!$L:$L,'[20]WorkDone DATA'!$N:$N,BOQ!AG$6,'[20]WorkDone DATA'!$G:$G,BOQ!$B18)*$G18","v":{"$error":"#VALUE!"}},{"$f":"SUMIFS('[20]WorkDone DATA'!$L:$L,'[20]WorkDone DATA'!$N:$N,BOQ!AH$6,'[20]WorkDone DATA'!$G:$G,BOQ!$B18)*$G18","v":{"$error":"#VALUE!"}},{"$f":"SUMIFS('[20]WorkDone DATA'!$L:$L,'[20]WorkDone DATA'!$N:$N,BOQ!AI$6,'[20]WorkDone DATA'!$G:$G,BOQ!$B18)*$G18","v":{"$error":"#VALUE!"}},{"$f":"SUMIFS('[20]WorkDone DATA'!$L:$L,'[20]WorkDone DATA'!$N:$N,BOQ!AJ$6,'[20]WorkDone DATA'!$G:$G,BOQ!$B18)*$G18","v":{"$error":"#VALUE!"}},{"$f":"SUMIFS('[20]WorkDone DATA'!$L:$L,'[20]WorkDone DATA'!$N:$N,BOQ!AK$6,'[20]WorkDone DATA'!$G:$G,BOQ!$B18)*$G18","v":{"$error":"#VALUE!"}},{"$f":"SUMIFS('[20]WorkDone DATA'!$L:$L,'[20]WorkDone DATA'!$N:$N,BOQ!AL$6,'[20]WorkDone DATA'!$G:$G,BOQ!$B18)*$G18","v":{"$error":"#VALUE!"}},{"$f":"SUMIFS('[20]WorkDone DATA'!$L:$L,'[20]WorkDone DATA'!$N:$N,BOQ!AM$6,'[20]WorkDone DATA'!$G:$G,BOQ!$B18)*$G18","v":{"$error":"#VALUE!"}},{"$f":"SUMIFS('[20]WorkDone DATA'!$L:$L,'[20]WorkDone DATA'!$N:$N,BOQ!AN$6,'[20]WorkDone DATA'!$G:$G,BOQ!$B18)*$G18","v":{"$error":"#VALUE!"}},{"$f":"SUMIFS('[20]WorkDone DATA'!$L:$L,'[20]WorkDone DATA'!$N:$N,BOQ!AO$6,'[20]WorkDone DATA'!$G:$G,BOQ!$B18)*$G18","v":{"$error":"#VALUE!"}},{"$f":"SUMIFS('[20]WorkDone DATA'!$L:$L,'[20]WorkDone DATA'!$N:$N,BOQ!AP$6,'[20]WorkDone DATA'!$G:$G,BOQ!$B18)*$G18","v":{"$error":"#VALUE!"}},{"$f":"SUMIFS('[20]WorkDone DATA'!$L:$L,'[20]WorkDone DATA'!$N:$N,BOQ!AQ$6,'[20]WorkDone DATA'!$G:$G,BOQ!$B18)*$G18","v":{"$error":"#VALUE!"}},{"$f":"SUMIFS('[20]WorkDone DATA'!$L:$L,'[20]WorkDone DATA'!$N:$N,BOQ!AR$6,'[20]WorkDone DATA'!$G:$G,BOQ!$B18)*$G18","v":{"$error":"#VALUE!"}},{"$f":"SUMIFS('[20]WorkDone DATA'!$L:$L,'[20]WorkDone DATA'!$N:$N,BOQ!AS$6,'[20]WorkDone DATA'!$G:$G,BOQ!$B18)*$G18","v":{"$error":"#VALUE!"}},{"$f":"SUMIFS('[20]WorkDone DATA'!$L:$L,'[20]WorkDone DATA'!$N:$N,BOQ!AT$6,'[20]WorkDone DATA'!$G:$G,BOQ!$B18)*$G18","v":{"$error":"#VALUE!"}},{"$f":"SUMIFS('[20]WorkDone DATA'!$L:$L,'[20]WorkDone DATA'!$N:$N,BOQ!AU$6,'[20]WorkDone DATA'!$G:$G,BOQ!$B18)*$G18","v":{"$error":"#VALUE!"}},{"$f":"SUMIFS('[20]WorkDone DATA'!$L:$L,'[20]WorkDone DATA'!$N:$N,BOQ!AV$6,'[20]WorkDone DATA'!$G:$G,BOQ!$B18)*$G18","v":{"$error":"#VALUE!"}},{"$f":"SUMIFS('[20]WorkDone DATA'!$L:$L,'[20]WorkDone DATA'!$N:$N,BOQ!AW$6,'[20]WorkDone DATA'!$G:$G,BOQ!$B18)*$G18","v":{"$error":"#VALUE!"}},{"$f":"SUMIFS('[20]WorkDone DATA'!$L:$L,'[20]WorkDone DATA'!$N:$N,BOQ!AX$6,'[20]WorkDone DATA'!$G:$G,BOQ!$B18)*$G18","v":{"$error":"#VALUE!"}},{"$f":"SUMIFS('[20]WorkDone DATA'!$L:$L,'[20]WorkDone DATA'!$N:$N,BOQ!AY$6,'[20]WorkDone DATA'!$G:$G,BOQ!$B18)*$G18","v":{"$error":"#VALUE!"}},{"$f":"SUMIFS('[20]WorkDone DATA'!$L:$L,'[20]WorkDone DATA'!$N:$N,BOQ!AZ$6,'[20]WorkDone DATA'!$G:$G,BOQ!$B18)*$G18","v":{"$error":"#VALUE!"}},{"$f":"SUMIFS('[20]WorkDone DATA'!$L:$L,'[20]WorkDone DATA'!$N:$N,BOQ!BA$6,'[20]WorkDone DATA'!$G:$G,BOQ!$B18)*$G18","v":{"$error":"#VALUE!"}},{"$f":"SUMIFS('[20]WorkDone DATA'!$L:$L,'[20]WorkDone DATA'!$N:$N,BOQ!BB$6,'[20]WorkDone DATA'!$G:$G,BOQ!$B18)*$G18","v":{"$error":"#VALUE!"}},{"$f":"SUMIFS('[20]WorkDone DATA'!$L:$L,'[20]WorkDone DATA'!$N:$N,BOQ!BC$6,'[20]WorkDone DATA'!$G:$G,BOQ!$B18)*$G18","v":{"$error":"#VALUE!"}},{"$f":"SUMIFS('[20]WorkDone DATA'!$L:$L,'[20]WorkDone DATA'!$N:$N,BOQ!BD$6,'[20]WorkDone DATA'!$G:$G,BOQ!$B18)*$G18","v":{"$error":"#VALUE!"}},{"$f":"SUMIFS('[20]WorkDone DATA'!$L:$L,'[20]WorkDone DATA'!$N:$N,BOQ!BE$6,'[20]WorkDone DATA'!$G:$G,BOQ!$B18)*$G18","v":{"$error":"#VALUE!"}},{"$f":"SUMIFS('[20]WorkDone DATA'!$L:$L,'[20]WorkDone DATA'!$N:$N,BOQ!BF$6,'[20]WorkDone DATA'!$G:$G,BOQ!$B18)*$G18","v":{"$error":"#VALUE!"}},{"$f":"SUMIFS('[20]WorkDone DATA'!$L:$L,'[20]WorkDone DATA'!$N:$N,BOQ!BG$6,'[20]WorkDone DATA'!$G:$G,BOQ!$B18)*$G18","v":{"$error":"#VALUE!"}},{"$f":"SUMIFS('[20]WorkDone DATA'!$L:$L,'[20]WorkDone DATA'!$N:$N,BOQ!BH$6,'[20]WorkDone DATA'!$G:$G,BOQ!$B18)*$G18","v":{"$error":"#VALUE!"}},{"$f":"SUMIFS('[20]WorkDone DATA'!$L:$L,'[20]WorkDone DATA'!$N:$N,BOQ!BI$6,'[20]WorkDone DATA'!$G:$G,BOQ!$B18)*$G18","v":{"$error":"#VALUE!"}},{"$f":"SUMIFS('[20]WorkDone DATA'!$L:$L,'[20]WorkDone DATA'!$N:$N,BOQ!BJ$6,'[20]WorkDone DATA'!$G:$G,BOQ!$B18)*$G18","v":{"$error":"#VALUE!"}},{"$f":"SUMIFS('[20]WorkDone DATA'!$L:$L,'[20]WorkDone DATA'!$N:$N,BOQ!BK$6,'[20]WorkDone DATA'!$G:$G,BOQ!$B18)*$G18","v":{"$error":"#VALUE!"}},{"$f":"SUMIFS('[20]WorkDone DATA'!$L:$L,'[20]WorkDone DATA'!$N:$N,BOQ!BL$6,'[20]WorkDone DATA'!$G:$G,BOQ!$B18)*$G18","v":{"$error":"#VALUE!"}},{"$f":"SUMIFS('[20]WorkDone DATA'!$L:$L,'[20]WorkDone DATA'!$N:$N,BOQ!BM$6,'[20]WorkDone DATA'!$G:$G,BOQ!$B18)*$G18","v":{"$error":"#VALUE!"}},{"$f":"SUMIFS('[20]WorkDone DATA'!$L:$L,'[20]WorkDone DATA'!$N:$N,BOQ!BN$6,'[20]WorkDone DATA'!$G:$G,BOQ!$B18)*$G18","v":{"$error":"#VALUE!"}},{"$f":"SUMIFS('[20]WorkDone DATA'!$L:$L,'[20]WorkDone DATA'!$N:$N,BOQ!BO$6,'[20]WorkDone DATA'!$G:$G,BOQ!$B18)*$G18","v":{"$error":"#VALUE!"}},{"$f":"SUMIFS('[20]WorkDone DATA'!$L:$L,'[20]WorkDone DATA'!$N:$N,BOQ!BP$6,'[20]WorkDone DATA'!$G:$G,BOQ!$B18)*$G18","v":{"$error":"#VALUE!"}},{"$f":"SUMIFS('[20]WorkDone DATA'!$L:$L,'[20]WorkDone DATA'!$N:$N,BOQ!BQ$6,'[20]WorkDone DATA'!$G:$G,BOQ!$B18)*$G18","v":{"$error":"#VALUE!"}},{"$f":"SUMIFS('[20]WorkDone DATA'!$L:$L,'[20]WorkDone DATA'!$N:$N,BOQ!BR$6,'[20]WorkDone DATA'!$G:$G,BOQ!$B18)*$G18","v":{"$error":"#VALUE!"}},{"$f":"SUMIFS('[20]WorkDone DATA'!$L:$L,'[20]WorkDone DATA'!$N:$N,BOQ!BS$6,'[20]WorkDone DATA'!$G:$G,BOQ!$B18)*$G18","v":{"$error":"#VALUE!"}},{"$f":"SUMIFS('[20]WorkDone DATA'!$L:$L,'[20]WorkDone DATA'!$N:$N,BOQ!BT$6,'[20]WorkDone DATA'!$G:$G,BOQ!$B18)*$G18","v":{"$error":"#VALUE!"}},{"$f":"SUMIFS('[20]WorkDone DATA'!$L:$L,'[20]WorkDone DATA'!$N:$N,BOQ!BU$6,'[20]WorkDone DATA'!$G:$G,BOQ!$B18)*$G18","v":{"$error":"#VALUE!"}},{"$f":"SUMIFS('[20]WorkDone DATA'!$L:$L,'[20]WorkDone DATA'!$N:$N,BOQ!BV$6,'[20]WorkDone DATA'!$G:$G,BOQ!$B18)*$G18","v":{"$error":"#VALUE!"}},{"$f":"SUMIFS('[20]WorkDone DATA'!$L:$L,'[20]WorkDone DATA'!$N:$N,BOQ!BW$6,'[20]WorkDone DATA'!$G:$G,BOQ!$B18)*$G18","v":{"$error":"#VALUE!"}},{"$f":"SUMIFS('[20]WorkDone DATA'!$L:$L,'[20]WorkDone DATA'!$N:$N,BOQ!BX$6,'[20]WorkDone DATA'!$G:$G,BOQ!$B18)*$G18","v":{"$error":"#VALUE!"}}]
[{"$f":"C17","v":"300mm2 x 1 core (EXX01UCM) 6.35kV/11kV   "},2.006,"Installation","A","m",7500,103.38,{"v":775350,"d":"775,350.00"},null,null,{"$error":"#VALUE!"},{"$error":"#VALUE!"},{"$error":"#VALUE!"},null,{"$error":"#VALUE!"},{"$error":"#VALUE!"},null,{"$f":"SUMIFS('[20]WorkDone DATA'!$L:$L,'[20]WorkDone DATA'!$N:$N,BOQ!S$6,'[20]WorkDone DATA'!$G:$G,BOQ!$B19)","v":{"$error":"#VALUE!"}},{"$error":"#VALUE!"},{"$f":"SUMIFS('[20]WorkDone DATA'!$L:$L,'[20]WorkDone DATA'!$N:$N,BOQ!U$6,'[20]WorkDone DATA'!$G:$G,BOQ!$B19)","v":{"$error":"#VALUE!"}},{"$error":"#VALUE!"},null,{"$f":"SUMIFS('[20]WorkDone DATA'!$L:$L,'[20]WorkDone DATA'!$N:$N,BOQ!W$6,'[20]WorkDone DATA'!$G:$G,BOQ!$B19)*$G19","v":{"$error":"#VALUE!"}},null,{"$f":"SUMIFS('[20]WorkDone DATA'!$L:$L,'[20]WorkDone DATA'!$N:$N,BOQ!Y$6,'[20]WorkDone DATA'!$G:$G,BOQ!$B19)*$G19","v":{"$error":"#VALUE!"}},null,{"$f":"SUMIFS('[20]WorkDone DATA'!$L:$L,'[20]WorkDone DATA'!$N:$N,BOQ!AA$6,'[20]WorkDone DATA'!$G:$G,BOQ!$B19)*$G19","v":{"$error":"#VALUE!"}},{"$f":"SUMIFS('[20]WorkDone DATA'!$L:$L,'[20]WorkDone DATA'!$N:$N,BOQ!AB$6,'[20]WorkDone DATA'!$G:$G,BOQ!$B19)*$G19","v":{"$error":"#VALUE!"}},{"$f":"SUMIFS('[20]WorkDone DATA'!$L:$L,'[20]WorkDone DATA'!$N:$N,BOQ!AC$6,'[20]WorkDone DATA'!$G:$G,BOQ!$B19)*$G19","v":{"$error":"#VALUE!"}},{"$f":"SUMIFS('[20]WorkDone DATA'!$L:$L,'[20]WorkDone DATA'!$N:$N,BOQ!AD$6,'[20]WorkDone DATA'!$G:$G,BOQ!$B19)*$G19","v":{"$error":"#VALUE!"}},{"$f":"SUMIFS('[20]WorkDone DATA'!$L:$L,'[20]WorkDone DATA'!$N:$N,BOQ!AE$6,'[20]WorkDone DATA'!$G:$G,BOQ!$B19)*$G19","v":{"$error":"#VALUE!"}},{"$f":"SUMIFS('[20]WorkDone DATA'!$L:$L,'[20]WorkDone DATA'!$N:$N,BOQ!AF$6,'[20]WorkDone DATA'!$G:$G,BOQ!$B19)*$G19","v":{"$error":"#VALUE!"}},{"$f":"SUMIFS('[20]WorkDone DATA'!$L:$L,'[20]WorkDone DATA'!$N:$N,BOQ!AG$6,'[20]WorkDone DATA'!$G:$G,BOQ!$B19)*$G19","v":{"$error":"#VALUE!"}},{"$f":"SUMIFS('[20]WorkDone DATA'!$L:$L,'[20]WorkDone DATA'!$N:$N,BOQ!AH$6,'[20]WorkDone DATA'!$G:$G,BOQ!$B19)*$G19","v":{"$error":"#VALUE!"}},{"$f":"SUMIFS('[20]WorkDone DATA'!$L:$L,'[20]WorkDone DATA'!$N:$N,BOQ!AI$6,'[20]WorkDone DATA'!$G:$G,BOQ!$B19)*$G19","v":{"$error":"#VALUE!"}},{"$f":"SUMIFS('[20]WorkDone DATA'!$L:$L,'[20]WorkDone DATA'!$N:$N,BOQ!AJ$6,'[20]WorkDone DATA'!$G:$G,BOQ!$B19)*$G19","v":{"$error":"#VALUE!"}},{"$f":"SUMIFS('[20]WorkDone DATA'!$L:$L,'[20]WorkDone DATA'!$N:$N,BOQ!AK$6,'[20]WorkDone DATA'!$G:$G,BOQ!$B19)*$G19","v":{"$error":"#VALUE!"}},{"$f":"SUMIFS('[20]WorkDone DATA'!$L:$L,'[20]WorkDone DATA'!$N:$N,BOQ!AL$6,'[20]WorkDone DATA'!$G:$G,BOQ!$B19)*$G19","v":{"$error":"#VALUE!"}},{"$f":"SUMIFS('[20]WorkDone DATA'!$L:$L,'[20]WorkDone DATA'!$N:$N,BOQ!AM$6,'[20]WorkDone DATA'!$G:$G,BOQ!$B19)*$G19","v":{"$error":"#VALUE!"}},{"$f":"SUMIFS('[20]WorkDone DATA'!$L:$L,'[20]WorkDone DATA'!$N:$N,BOQ!AN$6,'[20]WorkDone DATA'!$G:$G,BOQ!$B19)*$G19","v":{"$error":"#VALUE!"}},{"$f":"SUMIFS('[20]WorkDone DATA'!$L:$L,'[20]WorkDone DATA'!$N:$N,BOQ!AO$6,'[20]WorkDone DATA'!$G:$G,BOQ!$B19)*$G19","v":{"$error":"#VALUE!"}},{"$f":"SUMIFS('[20]WorkDone DATA'!$L:$L,'[20]WorkDone DATA'!$N:$N,BOQ!AP$6,'[20]WorkDone DATA'!$G:$G,BOQ!$B19)*$G19","v":{"$error":"#VALUE!"}},{"$f":"SUMIFS('[20]WorkDone DATA'!$L:$L,'[20]WorkDone DATA'!$N:$N,BOQ!AQ$6,'[20]WorkDone DATA'!$G:$G,BOQ!$B19)*$G19","v":{"$error":"#VALUE!"}},{"$f":"SUMIFS('[20]WorkDone DATA'!$L:$L,'[20]WorkDone DATA'!$N:$N,BOQ!AR$6,'[20]WorkDone DATA'!$G:$G,BOQ!$B19)*$G19","v":{"$error":"#VALUE!"}},{"$f":"SUMIFS('[20]WorkDone DATA'!$L:$L,'[20]WorkDone DATA'!$N:$N,BOQ!AS$6,'[20]WorkDone DATA'!$G:$G,BOQ!$B19)*$G19","v":{"$error":"#VALUE!"}},{"$f":"SUMIFS('[20]WorkDone DATA'!$L:$L,'[20]WorkDone DATA'!$N:$N,BOQ!AT$6,'[20]WorkDone DATA'!$G:$G,BOQ!$B19)*$G19","v":{"$error":"#VALUE!"}},{"$f":"SUMIFS('[20]WorkDone DATA'!$L:$L,'[20]WorkDone DATA'!$N:$N,BOQ!AU$6,'[20]WorkDone DATA'!$G:$G,BOQ!$B19)*$G19","v":{"$error":"#VALUE!"}},{"$f":"SUMIFS('[20]WorkDone DATA'!$L:$L,'[20]WorkDone DATA'!$N:$N,BOQ!AV$6,'[20]WorkDone DATA'!$G:$G,BOQ!$B19)*$G19","v":{"$error":"#VALUE!"}},{"$f":"SUMIFS('[20]WorkDone DATA'!$L:$L,'[20]WorkDone DATA'!$N:$N,BOQ!AW$6,'[20]WorkDone DATA'!$G:$G,BOQ!$B19)*$G19","v":{"$error":"#VALUE!"}},{"$f":"SUMIFS('[20]WorkDone DATA'!$L:$L,'[20]WorkDone DATA'!$N:$N,BOQ!AX$6,'[20]WorkDone DATA'!$G:$G,BOQ!$B19)*$G19","v":{"$error":"#VALUE!"}},{"$f":"SUMIFS('[20]WorkDone DATA'!$L:$L,'[20]WorkDone DATA'!$N:$N,BOQ!AY$6,'[20]WorkDone DATA'!$G:$G,BOQ!$B19)*$G19","v":{"$error":"#VALUE!"}},{"$f":"SUMIFS('[20]WorkDone DATA'!$L:$L,'[20]WorkDone DATA'!$N:$N,BOQ!AZ$6,'[20]WorkDone DATA'!$G:$G,BOQ!$B19)*$G19","v":{"$error":"#VALUE!"}},{"$f":"SUMIFS('[20]WorkDone DATA'!$L:$L,'[20]WorkDone DATA'!$N:$N,BOQ!BA$6,'[20]WorkDone DATA'!$G:$G,BOQ!$B19)*$G19","v":{"$error":"#VALUE!"}},{"$f":"SUMIFS('[20]WorkDone DATA'!$L:$L,'[20]WorkDone DATA'!$N:$N,BOQ!BB$6,'[20]WorkDone DATA'!$G:$G,BOQ!$B19)*$G19","v":{"$error":"#VALUE!"}},{"$f":"SUMIFS('[20]WorkDone DATA'!$L:$L,'[20]WorkDone DATA'!$N:$N,BOQ!BC$6,'[20]WorkDone DATA'!$G:$G,BOQ!$B19)*$G19","v":{"$error":"#VALUE!"}},{"$f":"SUMIFS('[20]WorkDone DATA'!$L:$L,'[20]WorkDone DATA'!$N:$N,BOQ!BD$6,'[20]WorkDone DATA'!$G:$G,BOQ!$B19)*$G19","v":{"$error":"#VALUE!"}},{"$f":"SUMIFS('[20]WorkDone DATA'!$L:$L,'[20]WorkDone DATA'!$N:$N,BOQ!BE$6,'[20]WorkDone DATA'!$G:$G,BOQ!$B19)*$G19","v":{"$error":"#VALUE!"}},{"$f":"SUMIFS('[20]WorkDone DATA'!$L:$L,'[20]WorkDone DATA'!$N:$N,BOQ!BF$6,'[20]WorkDone DATA'!$G:$G,BOQ!$B19)*$G19","v":{"$error":"#VALUE!"}},{"$f":"SUMIFS('[20]WorkDone DATA'!$L:$L,'[20]WorkDone DATA'!$N:$N,BOQ!BG$6,'[20]WorkDone DATA'!$G:$G,BOQ!$B19)*$G19","v":{"$error":"#VALUE!"}},{"$f":"SUMIFS('[20]WorkDone DATA'!$L:$L,'[20]WorkDone DATA'!$N:$N,BOQ!BH$6,'[20]WorkDone DATA'!$G:$G,BOQ!$B19)*$G19","v":{"$error":"#VALUE!"}},{"$f":"SUMIFS('[20]WorkDone DATA'!$L:$L,'[20]WorkDone DATA'!$N:$N,BOQ!BI$6,'[20]WorkDone DATA'!$G:$G,BOQ!$B19)*$G19","v":{"$error":"#VALUE!"}},{"$f":"SUMIFS('[20]WorkDone DATA'!$L:$L,'[20]WorkDone DATA'!$N:$N,BOQ!BJ$6,'[20]WorkDone DATA'!$G:$G,BOQ!$B19)*$G19","v":{"$error":"#VALUE!"}},{"$f":"SUMIFS('[20]WorkDone DATA'!$L:$L,'[20]WorkDone DATA'!$N:$N,BOQ!BK$6,'[20]WorkDone DATA'!$G:$G,BOQ!$B19)*$G19","v":{"$error":"#VALUE!"}},{"$f":"SUMIFS('[20]WorkDone DATA'!$L:$L,'[20]WorkDone DATA'!$N:$N,BOQ!BL$6,'[20]WorkDone DATA'!$G:$G,BOQ!$B19)*$G19","v":{"$error":"#VALUE!"}},{"$f":"SUMIFS('[20]WorkDone DATA'!$L:$L,'[20]WorkDone DATA'!$N:$N,BOQ!BM$6,'[20]WorkDone DATA'!$G:$G,BOQ!$B19)*$G19","v":{"$error":"#VALUE!"}},{"$f":"SUMIFS('[20]WorkDone DATA'!$L:$L,'[20]WorkDone DATA'!$N:$N,BOQ!BN$6,'[20]WorkDone DATA'!$G:$G,BOQ!$B19)*$G19","v":{"$error":"#VALUE!"}},{"$f":"SUMIFS('[20]WorkDone DATA'!$L:$L,'[20]WorkDone DATA'!$N:$N,BOQ!BO$6,'[20]WorkDone DATA'!$G:$G,BOQ!$B19)*$G19","v":{"$error":"#VALUE!"}},{"$f":"SUMIFS('[20]WorkDone DATA'!$L:$L,'[20]WorkDone DATA'!$N:$N,BOQ!BP$6,'[20]WorkDone DATA'!$G:$G,BOQ!$B19)*$G19","v":{"$error":"#VALUE!"}},{"$f":"SUMIFS('[20]WorkDone DATA'!$L:$L,'[20]WorkDone DATA'!$N:$N,BOQ!BQ$6,'[20]WorkDone DATA'!$G:$G,BOQ!$B19)*$G19","v":{"$error":"#VALUE!"}},{"$f":"SUMIFS('[20]WorkDone DATA'!$L:$L,'[20]WorkDone DATA'!$N:$N,BOQ!BR$6,'[20]WorkDone DATA'!$G:$G,BOQ!$B19)*$G19","v":{"$error":"#VALUE!"}},{"$f":"SUMIFS('[20]WorkDone DATA'!$L:$L,'[20]WorkDone DATA'!$N:$N,BOQ!BS$6,'[20]WorkDone DATA'!$G:$G,BOQ!$B19)*$G19","v":{"$error":"#VALUE!"}},{"$f":"SUMIFS('[20]WorkDone DATA'!$L:$L,'[20]WorkDone DATA'!$N:$N,BOQ!BT$6,'[20]WorkDone DATA'!$G:$G,BOQ!$B19)*$G19","v":{"$error":"#VALUE!"}},{"$f":"SUMIFS('[20]WorkDone DATA'!$L:$L,'[20]WorkDone DATA'!$N:$N,BOQ!BU$6,'[20]WorkDone DATA'!$G:$G,BOQ!$B19)*$G19","v":{"$error":"#VALUE!"}},{"$f":"SUMIFS('[20]WorkDone DATA'!$L:$L,'[20]WorkDone DATA'!$N:$N,BOQ!BV$6,'[20]WorkDone DATA'!$G:$G,BOQ!$B19)*$G19","v":{"$error":"#VALUE!"}},{"$f":"SUMIFS('[20]WorkDone DATA'!$L:$L,'[20]WorkDone DATA'!$N:$N,BOQ!BW$6,'[20]WorkDone DATA'!$G:$G,BOQ!$B19)*$G19","v":{"$error":"#VALUE!"}},{"$f":"SUMIFS('[20]WorkDone DATA'!$L:$L,'[20]WorkDone DATA'!$N:$N,BOQ!BX$6,'[20]WorkDone DATA'!$G:$G,BOQ!$B19)*$G19","v":{"$error":"#VALUE!"}}]
[null,null,"120mm2 x 1core (EXX01QCV) 6.35 kV/11kV New",{"$nulls":4},0,{"$nulls":3},{"$error":"#VALUE!"},{"$error":"#VALUE!"},null,0,{"$error":"#VALUE!"},null,{"$f":"SUMIFS('[20]WorkDone DATA'!$L:$L,'[20]WorkDone DATA'!$N:$N,BOQ!S$6,'[20]WorkDone DATA'!$G:$G,BOQ!$B20)","v":{"$error":"#VALUE!"}},{"$error":"#VALUE!"},{"$f":"SUMIFS('[20]WorkDone DATA'!$L:$L,'[20]WorkDone DATA'!$N:$N,BOQ!U$6,'[20]WorkDone DATA'!$G:$G,BOQ!$B20)","v":{"$error":"#VALUE!"}},{"$error":"#VALUE!"},null,{"$f":"SUMIFS('[20]WorkDone DATA'!$L:$L,'[20]WorkDone DATA'!$N:$N,BOQ!W$6,'[20]WorkDone DATA'!$G:$G,BOQ!$B20)*$G20","v":{"$error":"#VALUE!"}},null,{"$f":"SUMIFS('[20]WorkDone DATA'!$L:$L,'[20]WorkDone DATA'!$N:$N,BOQ!Y$6,'[20]WorkDone DATA'!$G:$G,BOQ!$B20)*$G20","v":{"$error":"#VALUE!"}},null,{"$f":"SUMIFS('[20]WorkDone DATA'!$L:$L,'[20]WorkDone DATA'!$N:$N,BOQ!AA$6,'[20]WorkDone DATA'!$G:$G,BOQ!$B20)*$G20","v":{"$error":"#VALUE!"}},{"$f":"SUMIFS('[20]WorkDone DATA'!$L:$L,'[20]WorkDone DATA'!$N:$N,BOQ!AB$6,'[20]WorkDone DATA'!$G:$G,BOQ!$B20)*$G20","v":{"$error":"#VALUE!"}},{"$f":"SUMIFS('[20]WorkDone DATA'!$L:$L,'[20]WorkDone DATA'!$N:$N,BOQ!AC$6,'[20]WorkDone DATA'!$G:$G,BOQ!$B20)*$G20","v":{"$error":"#VALUE!"}},{"$f":"SUMIFS('[20]WorkDone DATA'!$L:$L,'[20]WorkDone DATA'!$N:$N,BOQ!AD$6,'[20]WorkDone DATA'!$G:$G,BOQ!$B20)*$G20","v":{"$error":"#VALUE!"}},{"$f":"SUMIFS('[20]WorkDone DATA'!$L:$L,'[20]WorkDone DATA'!$N:$N,BOQ!AE$6,'[20]WorkDone DATA'!$G:$G,BOQ!$B20)*$G20","v":{"$error":"#VALUE!"}},{"$f":"SUMIFS('[20]WorkDone DATA'!$L:$L,'[20]WorkDone DATA'!$N:$N,BOQ!AF$6,'[20]WorkDone DATA'!$G:$G,BOQ!$B20)*$G20","v":{"$error":"#VALUE!"}},{"$f":"SUMIFS('[20]WorkDone DATA'!$L:$L,'[20]WorkDone DATA'!$N:$N,BOQ!AG$6,'[20]WorkDone DATA'!$G:$G,BOQ!$B20)*$G20","v":{"$error":"#VALUE!"}},{"$f":"SUMIFS('[20]WorkDone DATA'!$L:$L,'[20]WorkDone DATA'!$N:$N,BOQ!AH$6,'[20]WorkDone DATA'!$G:$G,BOQ!$B20)*$G20","v":{"$error":"#VALUE!"}},{"$f":"SUMIFS('[20]WorkDone DATA'!$L:$L,'[20]WorkDone DATA'!$N:$N,BOQ!AI$6,'[20]WorkDone DATA'!$G:$G,BOQ!$B20)*$G20","v":{"$error":"#VALUE!"}},{"$f":"SUMIFS('[20]WorkDone DATA'!$L:$L,'[20]WorkDone DATA'!$N:$N,BOQ!AJ$6,'[20]WorkDone DATA'!$G:$G,BOQ!$B20)*$G20","v":{"$error":"#VALUE!"}},{"$f":"SUMIFS('[20]WorkDone DATA'!$L:$L,'[20]WorkDone DATA'!$N:$N,BOQ!AK$6,'[20]WorkDone DATA'!$G:$G,BOQ!$B20)*$G20","v":{"$error":"#VALUE!"}},{"$f":"SUMIFS('[20]WorkDone DATA'!$L:$L,'[20]WorkDone DATA'!$N:$N,BOQ!AL$6,'[20]WorkDone DATA'!$G:$G,BOQ!$B20)*$G20","v":{"$error":"#VALUE!"}},{"$f":"SUMIFS('[20]WorkDone DATA'!$L:$L,'[20]WorkDone DATA'!$N:$N,BOQ!AM$6,'[20]WorkDone DATA'!$G:$G,BOQ!$B20)*$G20","v":{"$error":"#VALUE!"}},{"$f":"SUMIFS('[20]WorkDone DATA'!$L:$L,'[20]WorkDone DATA'!$N:$N,BOQ!AN$6,'[20]WorkDone DATA'!$G:$G,BOQ!$B20)*$G20","v":{"$error":"#VALUE!"}},{"$f":"SUMIFS('[20]WorkDone DATA'!$L:$L,'[20]WorkDone DATA'!$N:$N,BOQ!AO$6,'[20]WorkDone DATA'!$G:$G,BOQ!$B20)*$G20","v":{"$error":"#VALUE!"}},{"$f":"SUMIFS('[20]WorkDone DATA'!$L:$L,'[20]WorkDone DATA'!$N:$N,BOQ!AP$6,'[20]WorkDone DATA'!$G:$G,BOQ!$B20)*$G20","v":{"$error":"#VALUE!"}},{"$f":"SUMIFS('[20]WorkDone DATA'!$L:$L,'[20]WorkDone DATA'!$N:$N,BOQ!AQ$6,'[20]WorkDone DATA'!$G:$G,BOQ!$B20)*$G20","v":{"$error":"#VALUE!"}},{"$f":"SUMIFS('[20]WorkDone DATA'!$L:$L,'[20]WorkDone DATA'!$N:$N,BOQ!AR$6,'[20]WorkDone DATA'!$G:$G,BOQ!$B20)*$G20","v":{"$error":"#VALUE!"}},{"$f":"SUMIFS('[20]WorkDone DATA'!$L:$L,'[20]WorkDone DATA'!$N:$N,BOQ!AS$6,'[20]WorkDone DATA'!$G:$G,BOQ!$B20)*$G20","v":{"$error":"#VALUE!"}},{"$f":"SUMIFS('[20]WorkDone DATA'!$L:$L,'[20]WorkDone DATA'!$N:$N,BOQ!AT$6,'[20]WorkDone DATA'!$G:$G,BOQ!$B20)*$G20","v":{"$error":"#VALUE!"}},{"$f":"SUMIFS('[20]WorkDone DATA'!$L:$L,'[20]WorkDone DATA'!$N:$N,BOQ!AU$6,'[20]WorkDone DATA'!$G:$G,BOQ!$B20)*$G20","v":{"$error":"#VALUE!"}},{"$f":"SUMIFS('[20]WorkDone DATA'!$L:$L,'[20]WorkDone DATA'!$N:$N,BOQ!AV$6,'[20]WorkDone DATA'!$G:$G,BOQ!$B20)*$G20","v":{"$error":"#VALUE!"}},{"$f":"SUMIFS('[20]WorkDone DATA'!$L:$L,'[20]WorkDone DATA'!$N:$N,BOQ!AW$6,'[20]WorkDone DATA'!$G:$G,BOQ!$B20)*$G20","v":{"$error":"#VALUE!"}},{"$f":"SUMIFS('[20]WorkDone DATA'!$L:$L,'[20]WorkDone DATA'!$N:$N,BOQ!AX$6,'[20]WorkDone DATA'!$G:$G,BOQ!$B20)*$G20","v":{"$error":"#VALUE!"}},{"$f":"SUMIFS('[20]WorkDone DATA'!$L:$L,'[20]WorkDone DATA'!$N:$N,BOQ!AY$6,'[20]WorkDone DATA'!$G:$G,BOQ!$B20)*$G20","v":{"$error":"#VALUE!"}},{"$f":"SUMIFS('[20]WorkDone DATA'!$L:$L,'[20]WorkDone DATA'!$N:$N,BOQ!AZ$6,'[20]WorkDone DATA'!$G:$G,BOQ!$B20)*$G20","v":{"$error":"#VALUE!"}},{"$f":"SUMIFS('[20]WorkDone DATA'!$L:$L,'[20]WorkDone DATA'!$N:$N,BOQ!BA$6,'[20]WorkDone DATA'!$G:$G,BOQ!$B20)*$G20","v":{"$error":"#VALUE!"}},{"$f":"SUMIFS('[20]WorkDone DATA'!$L:$L,'[20]WorkDone DATA'!$N:$N,BOQ!BB$6,'[20]WorkDone DATA'!$G:$G,BOQ!$B20)*$G20","v":{"$error":"#VALUE!"}},{"$f":"SUMIFS('[20]WorkDone DATA'!$L:$L,'[20]WorkDone DATA'!$N:$N,BOQ!BC$6,'[20]WorkDone DATA'!$G:$G,BOQ!$B20)*$G20","v":{"$error":"#VALUE!"}},{"$f":"SUMIFS('[20]WorkDone DATA'!$L:$L,'[20]WorkDone DATA'!$N:$N,BOQ!BD$6,'[20]WorkDone DATA'!$G:$G,BOQ!$B20)*$G20","v":{"$error":"#VALUE!"}},{"$f":"SUMIFS('[20]WorkDone DATA'!$L:$L,'[20]WorkDone DATA'!$N:$N,BOQ!BE$6,'[20]WorkDone DATA'!$G:$G,BOQ!$B20)*$G20","v":{"$error":"#VALUE!"}},{"$f":"SUMIFS('[20]WorkDone DATA'!$L:$L,'[20]WorkDone DATA'!$N:$N,BOQ!BF$6,'[20]WorkDone DATA'!$G:$G,BOQ!$B20)*$G20","v":{"$error":"#VALUE!"}},{"$f":"SUMIFS('[20]WorkDone DATA'!$L:$L,'[20]WorkDone DATA'!$N:$N,BOQ!BG$6,'[20]WorkDone DATA'!$G:$G,BOQ!$B20)*$G20","v":{"$error":"#VALUE!"}},{"$f":"SUMIFS('[20]WorkDone DATA'!$L:$L,'[20]WorkDone DATA'!$N:$N,BOQ!BH$6,'[20]WorkDone DATA'!$G:$G,BOQ!$B20)*$G20","v":{"$error":"#VALUE!"}},{"$f":"SUMIFS('[20]WorkDone DATA'!$L:$L,'[20]WorkDone DATA'!$N:$N,BOQ!BI$6,'[20]WorkDone DATA'!$G:$G,BOQ!$B20)*$G20","v":{"$error":"#VALUE!"}},{"$f":"SUMIFS('[20]WorkDone DATA'!$L:$L,'[20]WorkDone DATA'!$N:$N,BOQ!BJ$6,'[20]WorkDone DATA'!$G:$G,BOQ!$B20)*$G20","v":{"$error":"#VALUE!"}},{"$f":"SUMIFS('[20]WorkDone DATA'!$L:$L,'[20]WorkDone DATA'!$N:$N,BOQ!BK$6,'[20]WorkDone DATA'!$G:$G,BOQ!$B20)*$G20","v":{"$error":"#VALUE!"}},{"$f":"SUMIFS('[20]WorkDone DATA'!$L:$L,'[20]WorkDone DATA'!$N:$N,BOQ!BL$6,'[20]WorkDone DATA'!$G:$G,BOQ!$B20)*$G20","v":{"$error":"#VALUE!"}},{"$f":"SUMIFS('[20]WorkDone DATA'!$L:$L,'[20]WorkDone DATA'!$N:$N,BOQ!BM$6,'[20]WorkDone DATA'!$G:$G,BOQ!$B20)*$G20","v":{"$error":"#VALUE!"}},{"$f":"SUMIFS('[20]WorkDone DATA'!$L:$L,'[20]WorkDone DATA'!$N:$N,BOQ!BN$6,'[20]WorkDone DATA'!$G:$G,BOQ!$B20)*$G20","v":{"$error":"#VALUE!"}},{"$f":"SUMIFS('[20]WorkDone DATA'!$L:$L,'[20]WorkDone DATA'!$N:$N,BOQ!BO$6,'[20]WorkDone DATA'!$G:$G,BOQ!$B20)*$G20","v":{"$error":"#VALUE!"}},{"$f":"SUMIFS('[20]WorkDone DATA'!$L:$L,'[20]WorkDone DATA'!$N:$N,BOQ!BP$6,'[20]WorkDone DATA'!$G:$G,BOQ!$B20)*$G20","v":{"$error":"#VALUE!"}},{"$f":"SUMIFS('[20]WorkDone DATA'!$L:$L,'[20]WorkDone DATA'!$N:$N,BOQ!BQ$6,'[20]WorkDone DATA'!$G:$G,BOQ!$B20)*$G20","v":{"$error":"#VALUE!"}},{"$f":"SUMIFS('[20]WorkDone DATA'!$L:$L,'[20]WorkDone DATA'!$N:$N,BOQ!BR$6,'[20]WorkDone DATA'!$G:$G,BOQ!$B20)*$G20","v":{"$error":"#VALUE!"}},{"$f":"SUMIFS('[20]WorkDone DATA'!$L:$L,'[20]WorkDone DATA'!$N:$N,BOQ!BS$6,'[20]WorkDone DATA'!$G:$G,BOQ!$B20)*$G20","v":{"$error":"#VALUE!"}},{"$f":"SUMIFS('[20]WorkDone DATA'!$L:$L,'[20]WorkDone DATA'!$N:$N,BOQ!BT$6,'[20]WorkDone DATA'!$G:$G,BOQ!$B20)*$G20","v":{"$error":"#VALUE!"}},{"$f":"SUMIFS('[20]WorkDone DATA'!$L:$L,'[20]WorkDone DATA'!$N:$N,BOQ!BU$6,'[20]WorkDone DATA'!$G:$G,BOQ!$B20)*$G20","v":{"$error":"#VALUE!"}},{"$f":"SUMIFS('[20]WorkDone DATA'!$L:$L,'[20]WorkDone DATA'!$N:$N,BOQ!BV$6,'[20]WorkDone DATA'!$G:$G,BOQ!$B20)*$G20","v":{"$error":"#VALUE!"}},{"$f":"SUMIFS('[20]WorkDone DATA'!$L:$L,'[20]WorkDone DATA'!$N:$N,BOQ!BW$6,'[20]WorkDone DATA'!$G:$G,BOQ!$B20)*$G20","v":{"$error":"#VALUE!"}},{"$f":"SUMIFS('[20]WorkDone DATA'!$L:$L,'[20]WorkDone DATA'!$N:$N,BOQ!BX$6,'[20]WorkDone DATA'!$G:$G,BOQ!$B20)*$G20","v":{"$error":"#VALUE!"}}]
[{"$f":"C20","v":"120mm2 x 1core (EXX01QCV) 6.35 kV/11kV New"},2.007,"Supply","E","m",14400,417.34,{"v":6009696,"d":"6,009,696.00"},null,null,{"$error":"#VALUE!"},{"$error":"#VALUE!"},{"$error":"#VALUE!"},null,{"$error":"#VALUE!"},{"$error":"#VALUE!"},null,{"$f":"SUMIFS('[20]WorkDone DATA'!$L:$L,'[20]WorkDone DATA'!$N:$N,BOQ!S$6,'[20]WorkDone DATA'!$G:$G,BOQ!$B21)","v":{"$error":"#VALUE!"}},{"$error":"#VALUE!"},{"$f":"SUMIFS('[20]WorkDone DATA'!$L:$L,'[20]WorkDone DATA'!$N:$N,BOQ!U$6,'[20]WorkDone DATA'!$G:$G,BOQ!$B21)","v":{"$error":"#VALUE!"}},{"$f":"T21*G21","v":{"$error":"#VALUE!"}},null,{"$f":"SUMIFS('[20]WorkDone DATA'!$L:$L,'[20]WorkDone DATA'!$N:$N,BOQ!W$6,'[20]WorkDone DATA'!$G:$G,BOQ!$B21)*$G21","v":{"$error":"#VALUE!"}},null,{"$f":"SUMIFS('[20]WorkDone DATA'!$L:$L,'[20]WorkDone DATA'!$N:$N,BOQ!Y$6,'[20]WorkDone DATA'!$G:$G,BOQ!$B21)*$G21","v":{"$error":"#VALUE!"}},null,{"$f":"SUMIFS('[20]WorkDone DATA'!$L:$L,'[20]WorkDone DATA'!$N:$N,BOQ!AA$6,'[20]WorkDone DATA'!$G:$G,BOQ!$B21)*$G21","v":{"$error":"#VALUE!"}},{"$f":"SUMIFS('[20]WorkDone DATA'!$L:$L,'[20]WorkDone DATA'!$N:$N,BOQ!AB$6,'[20]WorkDone DATA'!$G:$G,BOQ!$B21)*$G21","v":{"$error":"#VALUE!"}},{"$f":"SUMIFS('[20]WorkDone DATA'!$L:$L,'[20]WorkDone DATA'!$N:$N,BOQ!AC$6,'[20]WorkDone DATA'!$G:$G,BOQ!$B21)*$G21","v":{"$error":"#VALUE!"}},{"$f":"SUMIFS('[20]WorkDone DATA'!$L:$L,'[20]WorkDone DATA'!$N:$N,BOQ!AD$6,'[20]WorkDone DATA'!$G:$G,BOQ!$B21)*$G21","v":{"$error":"#VALUE!"}},{"$f":"SUMIFS('[20]WorkDone DATA'!$L:$L,'[20]WorkDone DATA'!$N:$N,BOQ!AE$6,'[20]WorkDone DATA'!$G:$G,BOQ!$B21)*$G21","v":{"$error":"#VALUE!"}},{"$f":"SUMIFS('[20]WorkDone DATA'!$L:$L,'[20]WorkDone DATA'!$N:$N,BOQ!AF$6,'[20]WorkDone DATA'!$G:$G,BOQ!$B21)*$G21","v":{"$error":"#VALUE!"}},{"$f":"SUMIFS('[20]WorkDone DATA'!$L:$L,'[20]WorkDone DATA'!$N:$N,BOQ!AG$6,'[20]WorkDone DATA'!$G:$G,BOQ!$B21)*$G21","v":{"$error":"#VALUE!"}},{"$f":"SUMIFS('[20]WorkDone DATA'!$L:$L,'[20]WorkDone DATA'!$N:$N,BOQ!AH$6,'[20]WorkDone DATA'!$G:$G,BOQ!$B21)*$G21","v":{"$error":"#VALUE!"}},{"$f":"SUMIFS('[20]WorkDone DATA'!$L:$L,'[20]WorkDone DATA'!$N:$N,BOQ!AI$6,'[20]WorkDone DATA'!$G:$G,BOQ!$B21)*$G21","v":{"$error":"#VALUE!"}},{"$f":"SUMIFS('[20]WorkDone DATA'!$L:$L,'[20]WorkDone DATA'!$N:$N,BOQ!AJ$6,'[20]WorkDone DATA'!$G:$G,BOQ!$B21)*$G21","v":{"$error":"#VALUE!"}},{"$f":"SUMIFS('[20]WorkDone DATA'!$L:$L,'[20]WorkDone DATA'!$N:$N,BOQ!AK$6,'[20]WorkDone DATA'!$G:$G,BOQ!$B21)*$G21","v":{"$error":"#VALUE!"}},{"$f":"SUMIFS('[20]WorkDone DATA'!$L:$L,'[20]WorkDone DATA'!$N:$N,BOQ!AL$6,'[20]WorkDone DATA'!$G:$G,BOQ!$B21)*$G21","v":{"$error":"#VALUE!"}},{"$f":"SUMIFS('[20]WorkDone DATA'!$L:$L,'[20]WorkDone DATA'!$N:$N,BOQ!AM$6,'[20]WorkDone DATA'!$G:$G,BOQ!$B21)*$G21","v":{"$error":"#VALUE!"}},{"$f":"SUMIFS('[20]WorkDone DATA'!$L:$L,'[20]WorkDone DATA'!$N:$N,BOQ!AN$6,'[20]WorkDone DATA'!$G:$G,BOQ!$B21)*$G21","v":{"$error":"#VALUE!"}},{"$f":"SUMIFS('[20]WorkDone DATA'!$L:$L,'[20]WorkDone DATA'!$N:$N,BOQ!AO$6,'[20]WorkDone DATA'!$G:$G,BOQ!$B21)*$G21","v":{"$error":"#VALUE!"}},{"$f":"SUMIFS('[20]WorkDone DATA'!$L:$L,'[20]WorkDone DATA'!$N:$N,BOQ!AP$6,'[20]WorkDone DATA'!$G:$G,BOQ!$B21)*$G21","v":{"$error":"#VALUE!"}},{"$f":"SUMIFS('[20]WorkDone DATA'!$L:$L,'[20]WorkDone DATA'!$N:$N,BOQ!AQ$6,'[20]WorkDone DATA'!$G:$G,BOQ!$B21)*$G21","v":{"$error":"#VALUE!"}},{"$f":"SUMIFS('[20]WorkDone DATA'!$L:$L,'[20]WorkDone DATA'!$N:$N,BOQ!AR$6,'[20]WorkDone DATA'!$G:$G,BOQ!$B21)*$G21","v":{"$error":"#VALUE!"}},{"$f":"SUMIFS('[20]WorkDone DATA'!$L:$L,'[20]WorkDone DATA'!$N:$N,BOQ!AS$6,'[20]WorkDone DATA'!$G:$G,BOQ!$B21)*$G21","v":{"$error":"#VALUE!"}},{"$f":"SUMIFS('[20]WorkDone DATA'!$L:$L,'[20]WorkDone DATA'!$N:$N,BOQ!AT$6,'[20]WorkDone DATA'!$G:$G,BOQ!$B21)*$G21","v":{"$error":"#VALUE!"}},{"$f":"SUMIFS('[20]WorkDone DATA'!$L:$L,'[20]WorkDone DATA'!$N:$N,BOQ!AU$6,'[20]WorkDone DATA'!$G:$G,BOQ!$B21)*$G21","v":{"$error":"#VALUE!"}},{"$f":"SUMIFS('[20]WorkDone DATA'!$L:$L,'[20]WorkDone DATA'!$N:$N,BOQ!AV$6,'[20]WorkDone DATA'!$G:$G,BOQ!$B21)*$G21","v":{"$error":"#VALUE!"}},{"$f":"SUMIFS('[20]WorkDone DATA'!$L:$L,'[20]WorkDone DATA'!$N:$N,BOQ!AW$6,'[20]WorkDone DATA'!$G:$G,BOQ!$B21)*$G21","v":{"$error":"#VALUE!"}},{"$f":"SUMIFS('[20]WorkDone DATA'!$L:$L,'[20]WorkDone DATA'!$N:$N,BOQ!AX$6,'[20]WorkDone DATA'!$G:$G,BOQ!$B21)*$G21","v":{"$error":"#VALUE!"}},{"$f":"SUMIFS('[20]WorkDone DATA'!$L:$L,'[20]WorkDone DATA'!$N:$N,BOQ!AY$6,'[20]WorkDone DATA'!$G:$G,BOQ!$B21)*$G21","v":{"$error":"#VALUE!"}},{"$f":"SUMIFS('[20]WorkDone DATA'!$L:$L,'[20]WorkDone DATA'!$N:$N,BOQ!AZ$6,'[20]WorkDone DATA'!$G:$G,BOQ!$B21)*$G21","v":{"$error":"#VALUE!"}},{"$f":"SUMIFS('[20]WorkDone DATA'!$L:$L,'[20]WorkDone DATA'!$N:$N,BOQ!BA$6,'[20]WorkDone DATA'!$G:$G,BOQ!$B21)*$G21","v":{"$error":"#VALUE!"}},{"$f":"SUMIFS('[20]WorkDone DATA'!$L:$L,'[20]WorkDone DATA'!$N:$N,BOQ!BB$6,'[20]WorkDone DATA'!$G:$G,BOQ!$B21)*$G21","v":{"$error":"#VALUE!"}},{"$f":"SUMIFS('[20]WorkDone DATA'!$L:$L,'[20]WorkDone DATA'!$N:$N,BOQ!BC$6,'[20]WorkDone DATA'!$G:$G,BOQ!$B21)*$G21","v":{"$error":"#VALUE!"}},{"$f":"SUMIFS('[20]WorkDone DATA'!$L:$L,'[20]WorkDone DATA'!$N:$N,BOQ!BD$6,'[20]WorkDone DATA'!$G:$G,BOQ!$B21)*$G21","v":{"$error":"#VALUE!"}},{"$f":"SUMIFS('[20]WorkDone DATA'!$L:$L,'[20]WorkDone DATA'!$N:$N,BOQ!BE$6,'[20]WorkDone DATA'!$G:$G,BOQ!$B21)*$G21","v":{"$error":"#VALUE!"}},{"$f":"SUMIFS('[20]WorkDone DATA'!$L:$L,'[20]WorkDone DATA'!$N:$N,BOQ!BF$6,'[20]WorkDone DATA'!$G:$G,BOQ!$B21)*$G21","v":{"$error":"#VALUE!"}},{"$f":"SUMIFS('[20]WorkDone DATA'!$L:$L,'[20]WorkDone DATA'!$N:$N,BOQ!BG$6,'[20]WorkDone DATA'!$G:$G,BOQ!$B21)*$G21","v":{"$error":"#VALUE!"}},{"$f":"SUMIFS('[20]WorkDone DATA'!$L:$L,'[20]WorkDone DATA'!$N:$N,BOQ!BH$6,'[20]WorkDone DATA'!$G:$G,BOQ!$B21)*$G21","v":{"$error":"#VALUE!"}},{"$f":"SUMIFS('[20]WorkDone DATA'!$L:$L,'[20]WorkDone DATA'!$N:$N,BOQ!BI$6,'[20]WorkDone DATA'!$G:$G,BOQ!$B21)*$G21","v":{"$error":"#VALUE!"}},{"$f":"SUMIFS('[20]WorkDone DATA'!$L:$L,'[20]WorkDone DATA'!$N:$N,BOQ!BJ$6,'[20]WorkDone DATA'!$G:$G,BOQ!$B21)*$G21","v":{"$error":"#VALUE!"}},{"$f":"SUMIFS('[20]WorkDone DATA'!$L:$L,'[20]WorkDone DATA'!$N:$N,BOQ!BK$6,'[20]WorkDone DATA'!$G:$G,BOQ!$B21)*$G21","v":{"$error":"#VALUE!"}},{"$f":"SUMIFS('[20]WorkDone DATA'!$L:$L,'[20]WorkDone DATA'!$N:$N,BOQ!BL$6,'[20]WorkDone DATA'!$G:$G,BOQ!$B21)*$G21","v":{"$error":"#VALUE!"}},{"$f":"SUMIFS('[20]WorkDone DATA'!$L:$L,'[20]WorkDone DATA'!$N:$N,BOQ!BM$6,'[20]WorkDone DATA'!$G:$G,BOQ!$B21)*$G21","v":{"$error":"#VALUE!"}},{"$f":"SUMIFS('[20]WorkDone DATA'!$L:$L,'[20]WorkDone DATA'!$N:$N,BOQ!BN$6,'[20]WorkDone DATA'!$G:$G,BOQ!$B21)*$G21","v":{"$error":"#VALUE!"}},{"$f":"SUMIFS('[20]WorkDone DATA'!$L:$L,'[20]WorkDone DATA'!$N:$N,BOQ!BO$6,'[20]WorkDone DATA'!$G:$G,BOQ!$B21)*$G21","v":{"$error":"#VALUE!"}},{"$f":"SUMIFS('[20]WorkDone DATA'!$L:$L,'[20]WorkDone DATA'!$N:$N,BOQ!BP$6,'[20]WorkDone DATA'!$G:$G,BOQ!$B21)*$G21","v":{"$error":"#VALUE!"}},{"$f":"SUMIFS('[20]WorkDone DATA'!$L:$L,'[20]WorkDone DATA'!$N:$N,BOQ!BQ$6,'[20]WorkDone DATA'!$G:$G,BOQ!$B21)*$G21","v":{"$error":"#VALUE!"}},{"$f":"SUMIFS('[20]WorkDone DATA'!$L:$L,'[20]WorkDone DATA'!$N:$N,BOQ!BR$6,'[20]WorkDone DATA'!$G:$G,BOQ!$B21)*$G21","v":{"$error":"#VALUE!"}},{"$f":"SUMIFS('[20]WorkDone DATA'!$L:$L,'[20]WorkDone DATA'!$N:$N,BOQ!BS$6,'[20]WorkDone DATA'!$G:$G,BOQ!$B21)*$G21","v":{"$error":"#VALUE!"}},{"$f":"SUMIFS('[20]WorkDone DATA'!$L:$L,'[20]WorkDone DATA'!$N:$N,BOQ!BT$6,'[20]WorkDone DATA'!$G:$G,BOQ!$B21)*$G21","v":{"$error":"#VALUE!"}},{"$f":"SUMIFS('[20]WorkDone DATA'!$L:$L,'[20]WorkDone DATA'!$N:$N,BOQ!BU$6,'[20]WorkDone DATA'!$G:$G,BOQ!$B21)*$G21","v":{"$error":"#VALUE!"}},{"$f":"SUMIFS('[20]WorkDone DATA'!$L:$L,'[20]WorkDone DATA'!$N:$N,BOQ!BV$6,'[20]WorkDone DATA'!$G:$G,BOQ!$B21)*$G21","v":{"$error":"#VALUE!"}},{"$f":"SUMIFS('[20]WorkDone DATA'!$L:$L,'[20]WorkDone DATA'!$N:$N,BOQ!BW$6,'[20]WorkDone DATA'!$G:$G,BOQ!$B21)*$G21","v":{"$error":"#VALUE!"}},{"$f":"SUMIFS('[20]WorkDone DATA'!$L:$L,'[20]WorkDone DATA'!$N:$N,BOQ!BX$6,'[20]WorkDone DATA'!$G:$G,BOQ!$B21)*$G21","v":{"$error":"#VALUE!"}}]
[{"$f":"C20","v":"120mm2 x 1core (EXX01QCV) 6.35 kV/11kV New"},2.008,"Installation","A","m",14400,52.17,{"v":751248,"d":"751,248.00"},null,null,{"$error":"#VALUE!"},{"$error":"#VALUE!"},{"$error":"#VALUE!"},null,{"$error":"#VALUE!"},{"$error":"#VALUE!"},null,{"$f":"SUMIFS('[20]WorkDone DATA'!$L:$L,'[20]WorkDone DATA'!$N:$N,BOQ!S$6,'[20]WorkDone DATA'!$G:$G,BOQ!$B22)","v":{"$error":"#VALUE!"}},{"$error":"#VALUE!"},{"$f":"SUMIFS('[20]WorkDone DATA'!$L:$L,'[20]WorkDone DATA'!$N:$N,BOQ!U$6,'[20]WorkDone DATA'!$G:$G,BOQ!$B22)","v":{"$error":"#VALUE!"}},{"$error":"#VALUE!"},null,{"$f":"SUMIFS('[20]WorkDone DATA'!$L:$L,'[20]WorkDone DATA'!$N:$N,BOQ!W$6,'[20]WorkDone DATA'!$G:$G,BOQ!$B22)*$G22","v":{"$error":"#VALUE!"}},null,{"$f":"SUMIFS('[20]WorkDone DATA'!$L:$L,'[20]WorkDone DATA'!$N:$N,BOQ!Y$6,'[20]WorkDone DATA'!$G:$G,BOQ!$B22)*$G22","v":{"$error":"#VALUE!"}},null,{"$f":"SUMIFS('[20]WorkDone DATA'!$L:$L,'[20]WorkDone DATA'!$N:$N,BOQ!AA$6,'[20]WorkDone DATA'!$G:$G,BOQ!$B22)*$G22","v":{"$error":"#VALUE!"}},{"$f":"SUMIFS('[20]WorkDone DATA'!$L:$L,'[20]WorkDone DATA'!$N:$N,BOQ!AB$6,'[20]WorkDone DATA'!$G:$G,BOQ!$B22)*$G22","v":{"$error":"#VALUE!"}},{"$f":"SUMIFS('[20]WorkDone DATA'!$L:$L,'[20]WorkDone DATA'!$N:$N,BOQ!AC$6,'[20]WorkDone DATA'!$G:$G,BOQ!$B22)*$G22","v":{"$error":"#VALUE!"}},{"$f":"SUMIFS('[20]WorkDone DATA'!$L:$L,'[20]WorkDone DATA'!$N:$N,BOQ!AD$6,'[20]WorkDone DATA'!$G:$G,BOQ!$B22)*$G22","v":{"$error":"#VALUE!"}},{"$f":"SUMIFS('[20]WorkDone DATA'!$L:$L,'[20]WorkDone DATA'!$N:$N,BOQ!AE$6,'[20]WorkDone DATA'!$G:$G,BOQ!$B22)*$G22","v":{"$error":"#VALUE!"}},{"$f":"SUMIFS('[20]WorkDone DATA'!$L:$L,'[20]WorkDone DATA'!$N:$N,BOQ!AF$6,'[20]WorkDone DATA'!$G:$G,BOQ!$B22)*$G22","v":{"$error":"#VALUE!"}},{"$f":"SUMIFS('[20]WorkDone DATA'!$L:$L,'[20]WorkDone DATA'!$N:$N,BOQ!AG$6,'[20]WorkDone DATA'!$G:$G,BOQ!$B22)*$G22","v":{"$error":"#VALUE!"}},{"$f":"SUMIFS('[20]WorkDone DATA'!$L:$L,'[20]WorkDone DATA'!$N:$N,BOQ!AH$6,'[20]WorkDone DATA'!$G:$G,BOQ!$B22)*$G22","v":{"$error":"#VALUE!"}},{"$f":"SUMIFS('[20]WorkDone DATA'!$L:$L,'[20]WorkDone DATA'!$N:$N,BOQ!AI$6,'[20]WorkDone DATA'!$G:$G,BOQ!$B22)*$G22","v":{"$error":"#VALUE!"}},{"$f":"SUMIFS('[20]WorkDone DATA'!$L:$L,'[20]WorkDone DATA'!$N:$N,BOQ!AJ$6,'[20]WorkDone DATA'!$G:$G,BOQ!$B22)*$G22","v":{"$error":"#VALUE!"}},{"$f":"SUMIFS('[20]WorkDone DATA'!$L:$L,'[20]WorkDone DATA'!$N:$N,BOQ!AK$6,'[20]WorkDone DATA'!$G:$G,BOQ!$B22)*$G22","v":{"$error":"#VALUE!"}},{"$f":"SUMIFS('[20]WorkDone DATA'!$L:$L,'[20]WorkDone DATA'!$N:$N,BOQ!AL$6,'[20]WorkDone DATA'!$G:$G,BOQ!$B22)*$G22","v":{"$error":"#VALUE!"}},{"$f":"SUMIFS('[20]WorkDone DATA'!$L:$L,'[20]WorkDone DATA'!$N:$N,BOQ!AM$6,'[20]WorkDone DATA'!$G:$G,BOQ!$B22)*$G22","v":{"$error":"#VALUE!"}},{"$f":"SUMIFS('[20]WorkDone DATA'!$L:$L,'[20]WorkDone DATA'!$N:$N,BOQ!AN$6,'[20]WorkDone DATA'!$G:$G,BOQ!$B22)*$G22","v":{"$error":"#VALUE!"}},{"$f":"SUMIFS('[20]WorkDone DATA'!$L:$L,'[20]WorkDone DATA'!$N:$N,BOQ!AO$6,'[20]WorkDone DATA'!$G:$G,BOQ!$B22)*$G22","v":{"$error":"#VALUE!"}},{"$f":"SUMIFS('[20]WorkDone DATA'!$L:$L,'[20]WorkDone DATA'!$N:$N,BOQ!AP$6,'[20]WorkDone DATA'!$G:$G,BOQ!$B22)*$G22","v":{"$error":"#VALUE!"}},{"$f":"SUMIFS('[20]WorkDone DATA'!$L:$L,'[20]WorkDone DATA'!$N:$N,BOQ!AQ$6,'[20]WorkDone DATA'!$G:$G,BOQ!$B22)*$G22","v":{"$error":"#VALUE!"}},{"$f":"SUMIFS('[20]WorkDone DATA'!$L:$L,'[20]WorkDone DATA'!$N:$N,BOQ!AR$6,'[20]WorkDone DATA'!$G:$G,BOQ!$B22)*$G22","v":{"$error":"#VALUE!"}},{"$f":"SUMIFS('[20]WorkDone DATA'!$L:$L,'[20]WorkDone DATA'!$N:$N,BOQ!AS$6,'[20]WorkDone DATA'!$G:$G,BOQ!$B22)*$G22","v":{"$error":"#VALUE!"}},{"$f":"SUMIFS('[20]WorkDone DATA'!$L:$L,'[20]WorkDone DATA'!$N:$N,BOQ!AT$6,'[20]WorkDone DATA'!$G:$G,BOQ!$B22)*$G22","v":{"$error":"#VALUE!"}},{"$f":"SUMIFS('[20]WorkDone DATA'!$L:$L,'[20]WorkDone DATA'!$N:$N,BOQ!AU$6,'[20]WorkDone DATA'!$G:$G,BOQ!$B22)*$G22","v":{"$error":"#VALUE!"}},{"$f":"SUMIFS('[20]WorkDone DATA'!$L:$L,'[20]WorkDone DATA'!$N:$N,BOQ!AV$6,'[20]WorkDone DATA'!$G:$G,BOQ!$B22)*$G22","v":{"$error":"#VALUE!"}},{"$f":"SUMIFS('[20]WorkDone DATA'!$L:$L,'[20]WorkDone DATA'!$N:$N,BOQ!AW$6,'[20]WorkDone DATA'!$G:$G,BOQ!$B22)*$G22","v":{"$error":"#VALUE!"}},{"$f":"SUMIFS('[20]WorkDone DATA'!$L:$L,'[20]WorkDone DATA'!$N:$N,BOQ!AX$6,'[20]WorkDone DATA'!$G:$G,BOQ!$B22)*$G22","v":{"$error":"#VALUE!"}},{"$f":"SUMIFS('[20]WorkDone DATA'!$L:$L,'[20]WorkDone DATA'!$N:$N,BOQ!AY$6,'[20]WorkDone DATA'!$G:$G,BOQ!$B22)*$G22","v":{"$error":"#VALUE!"}},{"$f":"SUMIFS('[20]WorkDone DATA'!$L:$L,'[20]WorkDone DATA'!$N:$N,BOQ!AZ$6,'[20]WorkDone DATA'!$G:$G,BOQ!$B22)*$G22","v":{"$error":"#VALUE!"}},{"$f":"SUMIFS('[20]WorkDone DATA'!$L:$L,'[20]WorkDone DATA'!$N:$N,BOQ!BA$6,'[20]WorkDone DATA'!$G:$G,BOQ!$B22)*$G22","v":{"$error":"#VALUE!"}},{"$f":"SUMIFS('[20]WorkDone DATA'!$L:$L,'[20]WorkDone DATA'!$N:$N,BOQ!BB$6,'[20]WorkDone DATA'!$G:$G,BOQ!$B22)*$G22","v":{"$error":"#VALUE!"}},{"$f":"SUMIFS('[20]WorkDone DATA'!$L:$L,'[20]WorkDone DATA'!$N:$N,BOQ!BC$6,'[20]WorkDone DATA'!$G:$G,BOQ!$B22)*$G22","v":{"$error":"#VALUE!"}},{"$f":"SUMIFS('[20]WorkDone DATA'!$L:$L,'[20]WorkDone DATA'!$N:$N,BOQ!BD$6,'[20]WorkDone DATA'!$G:$G,BOQ!$B22)*$G22","v":{"$error":"#VALUE!"}},{"$f":"SUMIFS('[20]WorkDone DATA'!$L:$L,'[20]WorkDone DATA'!$N:$N,BOQ!BE$6,'[20]WorkDone DATA'!$G:$G,BOQ!$B22)*$G22","v":{"$error":"#VALUE!"}},{"$f":"SUMIFS('[20]WorkDone DATA'!$L:$L,'[20]WorkDone DATA'!$N:$N,BOQ!BF$6,'[20]WorkDone DATA'!$G:$G,BOQ!$B22)*$G22","v":{"$error":"#VALUE!"}},{"$f":"SUMIFS('[20]WorkDone DATA'!$L:$L,'[20]WorkDone DATA'!$N:$N,BOQ!BG$6,'[20]WorkDone DATA'!$G:$G,BOQ!$B22)*$G22","v":{"$error":"#VALUE!"}},{"$f":"SUMIFS('[20]WorkDone DATA'!$L:$L,'[20]WorkDone DATA'!$N:$N,BOQ!BH$6,'[20]WorkDone DATA'!$G:$G,BOQ!$B22)*$G22","v":{"$error":"#VALUE!"}},{"$f":"SUMIFS('[20]WorkDone DATA'!$L:$L,'[20]WorkDone DATA'!$N:$N,BOQ!BI$6,'[20]WorkDone DATA'!$G:$G,BOQ!$B22)*$G22","v":{"$error":"#VALUE!"}},{"$f":"SUMIFS('[20]WorkDone DATA'!$L:$L,'[20]WorkDone DATA'!$N:$N,BOQ!BJ$6,'[20]WorkDone DATA'!$G:$G,BOQ!$B22)*$G22","v":{"$error":"#VALUE!"}},{"$f":"SUMIFS('[20]WorkDone DATA'!$L:$L,'[20]WorkDone DATA'!$N:$N,BOQ!BK$6,'[20]WorkDone DATA'!$G:$G,BOQ!$B22)*$G22","v":{"$error":"#VALUE!"}},{"$f":"SUMIFS('[20]WorkDone DATA'!$L:$L,'[20]WorkDone DATA'!$N:$N,BOQ!BL$6,'[20]WorkDone DATA'!$G:$G,BOQ!$B22)*$G22","v":{"$error":"#VALUE!"}},{"$f":"SUMIFS('[20]WorkDone DATA'!$L:$L,'[20]WorkDone DATA'!$N:$N,BOQ!BM$6,'[20]WorkDone DATA'!$G:$G,BOQ!$B22)*$G22","v":{"$error":"#VALUE!"}},{"$f":"SUMIFS('[20]WorkDone DATA'!$L:$L,'[20]WorkDone DATA'!$N:$N,BOQ!BN$6,'[20]WorkDone DATA'!$G:$G,BOQ!$B22)*$G22","v":{"$error":"#VALUE!"}},{"$f":"SUMIFS('[20]WorkDone DATA'!$L:$L,'[20]WorkDone DATA'!$N:$N,BOQ!BO$6,'[20]WorkDone DATA'!$G:$G,BOQ!$B22)*$G22","v":{"$error":"#VALUE!"}},{"$f":"SUMIFS('[20]WorkDone DATA'!$L:$L,'[20]WorkDone DATA'!$N:$N,BOQ!BP$6,'[20]WorkDone DATA'!$G:$G,BOQ!$B22)*$G22","v":{"$error":"#VALUE!"}},{"$f":"SUMIFS('[20]WorkDone DATA'!$L:$L,'[20]WorkDone DATA'!$N:$N,BOQ!BQ$6,'[20]WorkDone DATA'!$G:$G,BOQ!$B22)*$G22","v":{"$error":"#VALUE!"}},{"$f":"SUMIFS('[20]WorkDone DATA'!$L:$L,'[20]WorkDone DATA'!$N:$N,BOQ!BR$6,'[20]WorkDone DATA'!$G:$G,BOQ!$B22)*$G22","v":{"$error":"#VALUE!"}},{"$f":"SUMIFS('[20]WorkDone DATA'!$L:$L,'[20]WorkDone DATA'!$N:$N,BOQ!BS$6,'[20]WorkDone DATA'!$G:$G,BOQ!$B22)*$G22","v":{"$error":"#VALUE!"}},{"$f":"SUMIFS('[20]WorkDone DATA'!$L:$L,'[20]WorkDone DATA'!$N:$N,BOQ!BT$6,'[20]WorkDone DATA'!$G:$G,BOQ!$B22)*$G22","v":{"$error":"#VALUE!"}},{"$f":"SUMIFS('[20]WorkDone DATA'!$L:$L,'[20]WorkDone DATA'!$N:$N,BOQ!BU$6,'[20]WorkDone DATA'!$G:$G,BOQ!$B22)*$G22","v":{"$error":"#VALUE!"}},{"$f":"SUMIFS('[20]WorkDone DATA'!$L:$L,'[20]WorkDone DATA'!$N:$N,BOQ!BV$6,'[20]WorkDone DATA'!$G:$G,BOQ!$B22)*$G22","v":{"$error":"#VALUE!"}},{"$f":"SUMIFS('[20]WorkDone DATA'!$L:$L,'[20]WorkDone DATA'!$N:$N,BOQ!BW$6,'[20]WorkDone DATA'!$G:$G,BOQ!$B22)*$G22","v":{"$error":"#VALUE!"}},{"$f":"SUMIFS('[20]WorkDone DATA'!$L:$L,'[20]WorkDone DATA'!$N:$N,BOQ!BX$6,'[20]WorkDone DATA'!$G:$G,BOQ!$B22)*$G22","v":{"$error":"#VALUE!"}}]
[null,null,"150mm2 x 1core (EXX01RCV) 6.35 kV/11kV Cut & Join\n",{"$nulls":4},0,{"$nulls":3},{"$error":"#VALUE!"},{"$error":"#VALUE!"},null,0,{"$error":"#VALUE!"},null,{"$f":"SUMIFS('[20]WorkDone DATA'!$L:$L,'[20]WorkDone DATA'!$N:$N,BOQ!S$6,'[20]WorkDone DATA'!$G:$G,BOQ!$B23)","v":{"$error":"#VALUE!"}},{"$error":"#VALUE!"},{"$f":"SUMIFS('[20]WorkDone DATA'!$L:$L,'[20]WorkDone DATA'!$N:$N,BOQ!U$6,'[20]WorkDone DATA'!$G:$G,BOQ!$B23)","v":{"$error":"#VALUE!"}},{"$error":"#VALUE!"},null,{"$f":"SUMIFS('[20]WorkDone DATA'!$L:$L,'[20]WorkDone DATA'!$N:$N,BOQ!W$6,'[20]WorkDone DATA'!$G:$G,BOQ!$B23)*$G23","v":{"$error":"#VALUE!"}},null,{"$f":"SUMIFS('[20]WorkDone DATA'!$L:$L,'[20]WorkDone DATA'!$N:$N,BOQ!Y$6,'[20]WorkDone DATA'!$G:$G,BOQ!$B23)*$G23","v":{"$error":"#VALUE!"}},null,{"$f":"SUMIFS('[20]WorkDone DATA'!$L:$L,'[20]WorkDone DATA'!$N:$N,BOQ!AA$6,'[20]WorkDone DATA'!$G:$G,BOQ!$B23)*$G23","v":{"$error":"#VALUE!"}},{"$f":"SUMIFS('[20]WorkDone DATA'!$L:$L,'[20]WorkDone DATA'!$N:$N,BOQ!AB$6,'[20]WorkDone DATA'!$G:$G,BOQ!$B23)*$G23","v":{"$error":"#VALUE!"}},{"$f":"SUMIFS('[20]WorkDone DATA'!$L:$L,'[20]WorkDone DATA'!$N:$N,BOQ!AC$6,'[20]WorkDone DATA'!$G:$G,BOQ!$B23)*$G23","v":{"$error":"#VALUE!"}},{"$f":"SUMIFS('[20]WorkDone DATA'!$L:$L,'[20]WorkDone DATA'!$N:$N,BOQ!AD$6,'[20]WorkDone DATA'!$G:$G,BOQ!$B23)*$G23","v":{"$error":"#VALUE!"}},{"$f":"SUMIFS('[20]WorkDone DATA'!$L:$L,'[20]WorkDone DATA'!$N:$N,BOQ!AE$6,'[20]WorkDone DATA'!$G:$G,BOQ!$B23)*$G23","v":{"$error":"#VALUE!"}},{"$f":"SUMIFS('[20]WorkDone DATA'!$L:$L,'[20]WorkDone DATA'!$N:$N,BOQ!AF$6,'[20]WorkDone DATA'!$G:$G,BOQ!$B23)*$G23","v":{"$error":"#VALUE!"}},{"$f":"SUMIFS('[20]WorkDone DATA'!$L:$L,'[20]WorkDone DATA'!$N:$N,BOQ!AG$6,'[20]WorkDone DATA'!$G:$G,BOQ!$B23)*$G23","v":{"$error":"#VALUE!"}},{"$f":"SUMIFS('[20]WorkDone DATA'!$L:$L,'[20]WorkDone DATA'!$N:$N,BOQ!AH$6,'[20]WorkDone DATA'!$G:$G,BOQ!$B23)*$G23","v":{"$error":"#VALUE!"}},{"$f":"SUMIFS('[20]WorkDone DATA'!$L:$L,'[20]WorkDone DATA'!$N:$N,BOQ!AI$6,'[20]WorkDone DATA'!$G:$G,BOQ!$B23)*$G23","v":{"$error":"#VALUE!"}},{"$f":"SUMIFS('[20]WorkDone DATA'!$L:$L,'[20]WorkDone DATA'!$N:$N,BOQ!AJ$6,'[20]WorkDone DATA'!$G:$G,BOQ!$B23)*$G23","v":{"$error":"#VALUE!"}},{"$f":"SUMIFS('[20]WorkDone DATA'!$L:$L,'[20]WorkDone DATA'!$N:$N,BOQ!AK$6,'[20]WorkDone DATA'!$G:$G,BOQ!$B23)*$G23","v":{"$error":"#VALUE!"}},{"$f":"SUMIFS('[20]WorkDone DATA'!$L:$L,'[20]WorkDone DATA'!$N:$N,BOQ!AL$6,'[20]WorkDone DATA'!$G:$G,BOQ!$B23)*$G23","v":{"$error":"#VALUE!"}},{"$f":"SUMIFS('[20]WorkDone DATA'!$L:$L,'[20]WorkDone DATA'!$N:$N,BOQ!AM$6,'[20]WorkDone DATA'!$G:$G,BOQ!$B23)*$G23","v":{"$error":"#VALUE!"}},{"$f":"SUMIFS('[20]WorkDone DATA'!$L:$L,'[20]WorkDone DATA'!$N:$N,BOQ!AN$6,'[20]WorkDone DATA'!$G:$G,BOQ!$B23)*$G23","v":{"$error":"#VALUE!"}},{"$f":"SUMIFS('[20]WorkDone DATA'!$L:$L,'[20]WorkDone DATA'!$N:$N,BOQ!AO$6,'[20]WorkDone DATA'!$G:$G,BOQ!$B23)*$G23","v":{"$error":"#VALUE!"}},{"$f":"SUMIFS('[20]WorkDone DATA'!$L:$L,'[20]WorkDone DATA'!$N:$N,BOQ!AP$6,'[20]WorkDone DATA'!$G:$G,BOQ!$B23)*$G23","v":{"$error":"#VALUE!"}},{"$f":"SUMIFS('[20]WorkDone DATA'!$L:$L,'[20]WorkDone DATA'!$N:$N,BOQ!AQ$6,'[20]WorkDone DATA'!$G:$G,BOQ!$B23)*$G23","v":{"$error":"#VALUE!"}},{"$f":"SUMIFS('[20]WorkDone DATA'!$L:$L,'[20]WorkDone DATA'!$N:$N,BOQ!AR$6,'[20]WorkDone DATA'!$G:$G,BOQ!$B23)*$G23","v":{"$error":"#VALUE!"}},{"$f":"SUMIFS('[20]WorkDone DATA'!$L:$L,'[20]WorkDone DATA'!$N:$N,BOQ!AS$6,'[20]WorkDone DATA'!$G:$G,BOQ!$B23)*$G23","v":{"$error":"#VALUE!"}},{"$f":"SUMIFS('[20]WorkDone DATA'!$L:$L,'[20]WorkDone DATA'!$N:$N,BOQ!AT$6,'[20]WorkDone DATA'!$G:$G,BOQ!$B23)*$G23","v":{"$error":"#VALUE!"}},{"$f":"SUMIFS('[20]WorkDone DATA'!$L:$L,'[20]WorkDone DATA'!$N:$N,BOQ!AU$6,'[20]WorkDone DATA'!$G:$G,BOQ!$B23)*$G23","v":{"$error":"#VALUE!"}},{"$f":"SUMIFS('[20]WorkDone DATA'!$L:$L,'[20]WorkDone DATA'!$N:$N,BOQ!AV$6,'[20]WorkDone DATA'!$G:$G,BOQ!$B23)*$G23","v":{"$error":"#VALUE!"}},{"$f":"SUMIFS('[20]WorkDone DATA'!$L:$L,'[20]WorkDone DATA'!$N:$N,BOQ!AW$6,'[20]WorkDone DATA'!$G:$G,BOQ!$B23)*$G23","v":{"$error":"#VALUE!"}},{"$f":"SUMIFS('[20]WorkDone DATA'!$L:$L,'[20]WorkDone DATA'!$N:$N,BOQ!AX$6,'[20]WorkDone DATA'!$G:$G,BOQ!$B23)*$G23","v":{"$error":"#VALUE!"}},{"$f":"SUMIFS('[20]WorkDone DATA'!$L:$L,'[20]WorkDone DATA'!$N:$N,BOQ!AY$6,'[20]WorkDone DATA'!$G:$G,BOQ!$B23)*$G23","v":{"$error":"#VALUE!"}},{"$f":"SUMIFS('[20]WorkDone DATA'!$L:$L,'[20]WorkDone DATA'!$N:$N,BOQ!AZ$6,'[20]WorkDone DATA'!$G:$G,BOQ!$B23)*$G23","v":{"$error":"#VALUE!"}},{"$f":"SUMIFS('[20]WorkDone DATA'!$L:$L,'[20]WorkDone DATA'!$N:$N,BOQ!BA$6,'[20]WorkDone DATA'!$G:$G,BOQ!$B23)*$G23","v":{"$error":"#VALUE!"}},{"$f":"SUMIFS('[20]WorkDone DATA'!$L:$L,'[20]WorkDone DATA'!$N:$N,BOQ!BB$6,'[20]WorkDone DATA'!$G:$G,BOQ!$B23)*$G23","v":{"$error":"#VALUE!"}},{"$f":"SUMIFS('[20]WorkDone DATA'!$L:$L,'[20]WorkDone DATA'!$N:$N,BOQ!BC$6,'[20]WorkDone DATA'!$G:$G,BOQ!$B23)*$G23","v":{"$error":"#VALUE!"}},{"$f":"SUMIFS('[20]WorkDone DATA'!$L:$L,'[20]WorkDone DATA'!$N:$N,BOQ!BD$6,'[20]WorkDone DATA'!$G:$G,BOQ!$B23)*$G23","v":{"$error":"#VALUE!"}},{"$f":"SUMIFS('[20]WorkDone DATA'!$L:$L,'[20]WorkDone DATA'!$N:$N,BOQ!BE$6,'[20]WorkDone DATA'!$G:$G,BOQ!$B23)*$G23","v":{"$error":"#VALUE!"}},{"$f":"SUMIFS('[20]WorkDone DATA'!$L:$L,'[20]WorkDone DATA'!$N:$N,BOQ!BF$6,'[20]WorkDone DATA'!$G:$G,BOQ!$B23)*$G23","v":{"$error":"#VALUE!"}},{"$f":"SUMIFS('[20]WorkDone DATA'!$L:$L,'[20]WorkDone DATA'!$N:$N,BOQ!BG$6,'[20]WorkDone DATA'!$G:$G,BOQ!$B23)*$G23","v":{"$error":"#VALUE!"}},{"$f":"SUMIFS('[20]WorkDone DATA'!$L:$L,'[20]WorkDone DATA'!$N:$N,BOQ!BH$6,'[20]WorkDone DATA'!$G:$G,BOQ!$B23)*$G23","v":{"$error":"#VALUE!"}},{"$f":"SUMIFS('[20]WorkDone DATA'!$L:$L,'[20]WorkDone DATA'!$N:$N,BOQ!BI$6,'[20]WorkDone DATA'!$G:$G,BOQ!$B23)*$G23","v":{"$error":"#VALUE!"}},{"$f":"SUMIFS('[20]WorkDone DATA'!$L:$L,'[20]WorkDone DATA'!$N:$N,BOQ!BJ$6,'[20]WorkDone DATA'!$G:$G,BOQ!$B23)*$G23","v":{"$error":"#VALUE!"}},{"$f":"SUMIFS('[20]WorkDone DATA'!$L:$L,'[20]WorkDone DATA'!$N:$N,BOQ!BK$6,'[20]WorkDone DATA'!$G:$G,BOQ!$B23)*$G23","v":{"$error":"#VALUE!"}},{"$f":"SUMIFS('[20]WorkDone DATA'!$L:$L,'[20]WorkDone DATA'!$N:$N,BOQ!BL$6,'[20]WorkDone DATA'!$G:$G,BOQ!$B23)*$G23","v":{"$error":"#VALUE!"}},{"$f":"SUMIFS('[20]WorkDone DATA'!$L:$L,'[20]WorkDone DATA'!$N:$N,BOQ!BM$6,'[20]WorkDone DATA'!$G:$G,BOQ!$B23)*$G23","v":{"$error":"#VALUE!"}},{"$f":"SUMIFS('[20]WorkDone DATA'!$L:$L,'[20]WorkDone DATA'!$N:$N,BOQ!BN$6,'[20]WorkDone DATA'!$G:$G,BOQ!$B23)*$G23","v":{"$error":"#VALUE!"}},{"$f":"SUMIFS('[20]WorkDone DATA'!$L:$L,'[20]WorkDone DATA'!$N:$N,BOQ!BO$6,'[20]WorkDone DATA'!$G:$G,BOQ!$B23)*$G23","v":{"$error":"#VALUE!"}},{"$f":"SUMIFS('[20]WorkDone DATA'!$L:$L,'[20]WorkDone DATA'!$N:$N,BOQ!BP$6,'[20]WorkDone DATA'!$G:$G,BOQ!$B23)*$G23","v":{"$error":"#VALUE!"}},{"$f":"SUMIFS('[20]WorkDone DATA'!$L:$L,'[20]WorkDone DATA'!$N:$N,BOQ!BQ$6,'[20]WorkDone DATA'!$G:$G,BOQ!$B23)*$G23","v":{"$error":"#VALUE!"}},{"$f":"SUMIFS('[20]WorkDone DATA'!$L:$L,'[20]WorkDone DATA'!$N:$N,BOQ!BR$6,'[20]WorkDone DATA'!$G:$G,BOQ!$B23)*$G23","v":{"$error":"#VALUE!"}},{"$f":"SUMIFS('[20]WorkDone DATA'!$L:$L,'[20]WorkDone DATA'!$N:$N,BOQ!BS$6,'[20]WorkDone DATA'!$G:$G,BOQ!$B23)*$G23","v":{"$error":"#VALUE!"}},{"$f":"SUMIFS('[20]WorkDone DATA'!$L:$L,'[20]WorkDone DATA'!$N:$N,BOQ!BT$6,'[20]WorkDone DATA'!$G:$G,BOQ!$B23)*$G23","v":{"$error":"#VALUE!"}},{"$f":"SUMIFS('[20]WorkDone DATA'!$L:$L,'[20]WorkDone DATA'!$N:$N,BOQ!BU$6,'[20]WorkDone DATA'!$G:$G,BOQ!$B23)*$G23","v":{"$error":"#VALUE!"}},{"$f":"SUMIFS('[20]WorkDone DATA'!$L:$L,'[20]WorkDone DATA'!$N:$N,BOQ!BV$6,'[20]WorkDone DATA'!$G:$G,BOQ!$B23)*$G23","v":{"$error":"#VALUE!"}},{"$f":"SUMIFS('[20]WorkDone DATA'!$L:$L,'[20]WorkDone DATA'!$N:$N,BOQ!BW$6,'[20]WorkDone DATA'!$G:$G,BOQ!$B23)*$G23","v":{"$error":"#VALUE!"}},{"$f":"SUMIFS('[20]WorkDone DATA'!$L:$L,'[20]WorkDone DATA'!$N:$N,BOQ!BX$6,'[20]WorkDone DATA'!$G:$G,BOQ!$B23)*$G23","v":{"$error":"#VALUE!"}}]
[{"$f":"C23","v":"150mm2 x 1core (EXX01RCV) 6.35 kV/11kV Cut & Join\n"},2.009,"Supply","E","m",1200,501.98,{"v":602376,"d":"602,376.00"},null,null,{"$error":"#VALUE!"},{"$error":"#VALUE!"},{"$error":"#VALUE!"},null,{"$error":"#VALUE!"},{"$error":"#VALUE!"},null,{"$f":"SUMIFS('[20]WorkDone DATA'!$L:$L,'[20]WorkDone DATA'!$N:$N,BOQ!S$6,'[20]WorkDone DATA'!$G:$G,BOQ!$B24)","v":{"$error":"#VALUE!"}},{"$error":"#VALUE!"},{"$f":"SUMIFS('[20]WorkDone DATA'!$L:$L,'[20]WorkDone DATA'!$N:$N,BOQ!U$6,'[20]WorkDone DATA'!$G:$G,BOQ!$B24)","v":{"$error":"#VALUE!"}},{"$error":"#VALUE!"},null,{"$f":"SUMIFS('[20]WorkDone DATA'!$L:$L,'[20]WorkDone DATA'!$N:$N,BOQ!W$6,'[20]WorkDone DATA'!$G:$G,BOQ!$B24)*$G24","v":{"$error":"#VALUE!"}},null,{"$f":"SUMIFS('[20]WorkDone DATA'!$L:$L,'[20]WorkDone DATA'!$N:$N,BOQ!Y$6,'[20]WorkDone DATA'!$G:$G,BOQ!$B24)*$G24","v":{"$error":"#VALUE!"}},null,{"$f":"SUMIFS('[20]WorkDone DATA'!$L:$L,'[20]WorkDone DATA'!$N:$N,BOQ!AA$6,'[20]WorkDone DATA'!$G:$G,BOQ!$B24)*$G24","v":{"$error":"#VALUE!"}},{"$f":"SUMIFS('[20]WorkDone DATA'!$L:$L,'[20]WorkDone DATA'!$N:$N,BOQ!AB$6,'[20]WorkDone DATA'!$G:$G,BOQ!$B24)*$G24","v":{"$error":"#VALUE!"}},{"$f":"SUMIFS('[20]WorkDone DATA'!$L:$L,'[20]WorkDone DATA'!$N:$N,BOQ!AC$6,'[20]WorkDone DATA'!$G:$G,BOQ!$B24)*$G24","v":{"$error":"#VALUE!"}},{"$f":"SUMIFS('[20]WorkDone DATA'!$L:$L,'[20]WorkDone DATA'!$N:$N,BOQ!AD$6,'[20]WorkDone DATA'!$G:$G,BOQ!$B24)*$G24","v":{"$error":"#VALUE!"}},{"$f":"SUMIFS('[20]WorkDone DATA'!$L:$L,'[20]WorkDone DATA'!$N:$N,BOQ!AE$6,'[20]WorkDone DATA'!$G:$G,BOQ!$B24)*$G24","v":{"$error":"#VALUE!"}},{"$f":"SUMIFS('[20]WorkDone DATA'!$L:$L,'[20]WorkDone DATA'!$N:$N,BOQ!AF$6,'[20]WorkDone DATA'!$G:$G,BOQ!$B24)*$G24","v":{"$error":"#VALUE!"}},{"$f":"SUMIFS('[20]WorkDone DATA'!$L:$L,'[20]WorkDone DATA'!$N:$N,BOQ!AG$6,'[20]WorkDone DATA'!$G:$G,BOQ!$B24)*$G24","v":{"$error":"#VALUE!"}},{"$f":"SUMIFS('[20]WorkDone DATA'!$L:$L,'[20]WorkDone DATA'!$N:$N,BOQ!AH$6,'[20]WorkDone DATA'!$G:$G,BOQ!$B24)*$G24","v":{"$error":"#VALUE!"}},{"$f":"SUMIFS('[20]WorkDone DATA'!$L:$L,'[20]WorkDone DATA'!$N:$N,BOQ!AI$6,'[20]WorkDone DATA'!$G:$G,BOQ!$B24)*$G24","v":{"$error":"#VALUE!"}},{"$f":"SUMIFS('[20]WorkDone DATA'!$L:$L,'[20]WorkDone DATA'!$N:$N,BOQ!AJ$6,'[20]WorkDone DATA'!$G:$G,BOQ!$B24)*$G24","v":{"$error":"#VALUE!"}},{"$f":"SUMIFS('[20]WorkDone DATA'!$L:$L,'[20]WorkDone DATA'!$N:$N,BOQ!AK$6,'[20]WorkDone DATA'!$G:$G,BOQ!$B24)*$G24","v":{"$error":"#VALUE!"}},{"$f":"SUMIFS('[20]WorkDone DATA'!$L:$L,'[20]WorkDone DATA'!$N:$N,BOQ!AL$6,'[20]WorkDone DATA'!$G:$G,BOQ!$B24)*$G24","v":{"$error":"#VALUE!"}},{"$f":"SUMIFS('[20]WorkDone DATA'!$L:$L,'[20]WorkDone DATA'!$N:$N,BOQ!AM$6,'[20]WorkDone DATA'!$G:$G,BOQ!$B24)*$G24","v":{"$error":"#VALUE!"}},{"$f":"SUMIFS('[20]WorkDone DATA'!$L:$L,'[20]WorkDone DATA'!$N:$N,BOQ!AN$6,'[20]WorkDone DATA'!$G:$G,BOQ!$B24)*$G24","v":{"$error":"#VALUE!"}},{"$f":"SUMIFS('[20]WorkDone DATA'!$L:$L,'[20]WorkDone DATA'!$N:$N,BOQ!AO$6,'[20]WorkDone DATA'!$G:$G,BOQ!$B24)*$G24","v":{"$error":"#VALUE!"}},{"$f":"SUMIFS('[20]WorkDone DATA'!$L:$L,'[20]WorkDone DATA'!$N:$N,BOQ!AP$6,'[20]WorkDone DATA'!$G:$G,BOQ!$B24)*$G24","v":{"$error":"#VALUE!"}},{"$f":"SUMIFS('[20]WorkDone DATA'!$L:$L,'[20]WorkDone DATA'!$N:$N,BOQ!AQ$6,'[20]WorkDone DATA'!$G:$G,BOQ!$B24)*$G24","v":{"$error":"#VALUE!"}},{"$f":"SUMIFS('[20]WorkDone DATA'!$L:$L,'[20]WorkDone DATA'!$N:$N,BOQ!AR$6,'[20]WorkDone DATA'!$G:$G,BOQ!$B24)*$G24","v":{"$error":"#VALUE!"}},{"$f":"SUMIFS('[20]WorkDone DATA'!$L:$L,'[20]WorkDone DATA'!$N:$N,BOQ!AS$6,'[20]WorkDone DATA'!$G:$G,BOQ!$B24)*$G24","v":{"$error":"#VALUE!"}},{"$f":"SUMIFS('[20]WorkDone DATA'!$L:$L,'[20]WorkDone DATA'!$N:$N,BOQ!AT$6,'[20]WorkDone DATA'!$G:$G,BOQ!$B24)*$G24","v":{"$error":"#VALUE!"}},{"$f":"SUMIFS('[20]WorkDone DATA'!$L:$L,'[20]WorkDone DATA'!$N:$N,BOQ!AU$6,'[20]WorkDone DATA'!$G:$G,BOQ!$B24)*$G24","v":{"$error":"#VALUE!"}},{"$f":"SUMIFS('[20]WorkDone DATA'!$L:$L,'[20]WorkDone DATA'!$N:$N,BOQ!AV$6,'[20]WorkDone DATA'!$G:$G,BOQ!$B24)*$G24","v":{"$error":"#VALUE!"}},{"$f":"SUMIFS('[20]WorkDone DATA'!$L:$L,'[20]WorkDone DATA'!$N:$N,BOQ!AW$6,'[20]WorkDone DATA'!$G:$G,BOQ!$B24)*$G24","v":{"$error":"#VALUE!"}},{"$f":"SUMIFS('[20]WorkDone DATA'!$L:$L,'[20]WorkDone DATA'!$N:$N,BOQ!AX$6,'[20]WorkDone DATA'!$G:$G,BOQ!$B24)*$G24","v":{"$error":"#VALUE!"}},{"$f":"SUMIFS('[20]WorkDone DATA'!$L:$L,'[20]WorkDone DATA'!$N:$N,BOQ!AY$6,'[20]WorkDone DATA'!$G:$G,BOQ!$B24)*$G24","v":{"$error":"#VALUE!"}},{"$f":"SUMIFS('[20]WorkDone DATA'!$L:$L,'[20]WorkDone DATA'!$N:$N,BOQ!AZ$6,'[20]WorkDone DATA'!$G:$G,BOQ!$B24)*$G24","v":{"$error":"#VALUE!"}},{"$f":"SUMIFS('[20]WorkDone DATA'!$L:$L,'[20]WorkDone DATA'!$N:$N,BOQ!BA$6,'[20]WorkDone DATA'!$G:$G,BOQ!$B24)*$G24","v":{"$error":"#VALUE!"}},{"$f":"SUMIFS('[20]WorkDone DATA'!$L:$L,'[20]WorkDone DATA'!$N:$N,BOQ!BB$6,'[20]WorkDone DATA'!$G:$G,BOQ!$B24)*$G24","v":{"$error":"#VALUE!"}},{"$f":"SUMIFS('[20]WorkDone DATA'!$L:$L,'[20]WorkDone DATA'!$N:$N,BOQ!BC$6,'[20]WorkDone DATA'!$G:$G,BOQ!$B24)*$G24","v":{"$error":"#VALUE!"}},{"$f":"SUMIFS('[20]WorkDone DATA'!$L:$L,'[20]WorkDone DATA'!$N:$N,BOQ!BD$6,'[20]WorkDone DATA'!$G:$G,BOQ!$B24)*$G24","v":{"$error":"#VALUE!"}},{"$f":"SUMIFS('[20]WorkDone DATA'!$L:$L,'[20]WorkDone DATA'!$N:$N,BOQ!BE$6,'[20]WorkDone DATA'!$G:$G,BOQ!$B24)*$G24","v":{"$error":"#VALUE!"}},{"$f":"SUMIFS('[20]WorkDone DATA'!$L:$L,'[20]WorkDone DATA'!$N:$N,BOQ!BF$6,'[20]WorkDone DATA'!$G:$G,BOQ!$B24)*$G24","v":{"$error":"#VALUE!"}},{"$f":"SUMIFS('[20]WorkDone DATA'!$L:$L,'[20]WorkDone DATA'!$N:$N,BOQ!BG$6,'[20]WorkDone DATA'!$G:$G,BOQ!$B24)*$G24","v":{"$error":"#VALUE!"}},{"$f":"SUMIFS('[20]WorkDone DATA'!$L:$L,'[20]WorkDone DATA'!$N:$N,BOQ!BH$6,'[20]WorkDone DATA'!$G:$G,BOQ!$B24)*$G24","v":{"$error":"#VALUE!"}},{"$f":"SUMIFS('[20]WorkDone DATA'!$L:$L,'[20]WorkDone DATA'!$N:$N,BOQ!BI$6,'[20]WorkDone DATA'!$G:$G,BOQ!$B24)*$G24","v":{"$error":"#VALUE!"}},{"$f":"SUMIFS('[20]WorkDone DATA'!$L:$L,'[20]WorkDone DATA'!$N:$N,BOQ!BJ$6,'[20]WorkDone DATA'!$G:$G,BOQ!$B24)*$G24","v":{"$error":"#VALUE!"}},{"$f":"SUMIFS('[20]WorkDone DATA'!$L:$L,'[20]WorkDone DATA'!$N:$N,BOQ!BK$6,'[20]WorkDone DATA'!$G:$G,BOQ!$B24)*$G24","v":{"$error":"#VALUE!"}},{"$f":"SUMIFS('[20]WorkDone DATA'!$L:$L,'[20]WorkDone DATA'!$N:$N,BOQ!BL$6,'[20]WorkDone DATA'!$G:$G,BOQ!$B24)*$G24","v":{"$error":"#VALUE!"}},{"$f":"SUMIFS('[20]WorkDone DATA'!$L:$L,'[20]WorkDone DATA'!$N:$N,BOQ!BM$6,'[20]WorkDone DATA'!$G:$G,BOQ!$B24)*$G24","v":{"$error":"#VALUE!"}},{"$f":"SUMIFS('[20]WorkDone DATA'!$L:$L,'[20]WorkDone DATA'!$N:$N,BOQ!BN$6,'[20]WorkDone DATA'!$G:$G,BOQ!$B24)*$G24","v":{"$error":"#VALUE!"}},{"$f":"SUMIFS('[20]WorkDone DATA'!$L:$L,'[20]WorkDone DATA'!$N:$N,BOQ!BO$6,'[20]WorkDone DATA'!$G:$G,BOQ!$B24)*$G24","v":{"$error":"#VALUE!"}},{"$f":"SUMIFS('[20]WorkDone DATA'!$L:$L,'[20]WorkDone DATA'!$N:$N,BOQ!BP$6,'[20]WorkDone DATA'!$G:$G,BOQ!$B24)*$G24","v":{"$error":"#VALUE!"}},{"$f":"SUMIFS('[20]WorkDone DATA'!$L:$L,'[20]WorkDone DATA'!$N:$N,BOQ!BQ$6,'[20]WorkDone DATA'!$G:$G,BOQ!$B24)*$G24","v":{"$error":"#VALUE!"}},{"$f":"SUMIFS('[20]WorkDone DATA'!$L:$L,'[20]WorkDone DATA'!$N:$N,BOQ!BR$6,'[20]WorkDone DATA'!$G:$G,BOQ!$B24)*$G24","v":{"$error":"#VALUE!"}},{"$f":"SUMIFS('[20]WorkDone DATA'!$L:$L,'[20]WorkDone DATA'!$N:$N,BOQ!BS$6,'[20]WorkDone DATA'!$G:$G,BOQ!$B24)*$G24","v":{"$error":"#VALUE!"}},{"$f":"SUMIFS('[20]WorkDone DATA'!$L:$L,'[20]WorkDone DATA'!$N:$N,BOQ!BT$6,'[20]WorkDone DATA'!$G:$G,BOQ!$B24)*$G24","v":{"$error":"#VALUE!"}},{"$f":"SUMIFS('[20]WorkDone DATA'!$L:$L,'[20]WorkDone DATA'!$N:$N,BOQ!BU$6,'[20]WorkDone DATA'!$G:$G,BOQ!$B24)*$G24","v":{"$error":"#VALUE!"}},{"$f":"SUMIFS('[20]WorkDone DATA'!$L:$L,'[20]WorkDone DATA'!$N:$N,BOQ!BV$6,'[20]WorkDone DATA'!$G:$G,BOQ!$B24)*$G24","v":{"$error":"#VALUE!"}},{"$f":"SUMIFS('[20]WorkDone DATA'!$L:$L,'[20]WorkDone DATA'!$N:$N,BOQ!BW$6,'[20]WorkDone DATA'!$G:$G,BOQ!$B24)*$G24","v":{"$error":"#VALUE!"}},{"$f":"SUMIFS('[20]WorkDone DATA'!$L:$L,'[20]WorkDone DATA'!$N:$N,BOQ!BX$6,'[20]WorkDone DATA'!$G:$G,BOQ!$B24)*$G24","v":{"$error":"#VALUE!"}}]
[{"$f":"C23","v":"150mm2 x 1core (EXX01RCV) 6.35 kV/11kV Cut & Join\n"},{"v":2.01,"d":"2.010"},"Installation","A","m",1200,76.72,{"v":92064,"d":"92,064.00"},null,null,{"$error":"#VALUE!"},{"$error":"#VALUE!"},{"$error":"#VALUE!"},null,{"$error":"#VALUE!"},{"$error":"#VALUE!"},null,{"$f":"SUMIFS('[20]WorkDone DATA'!$L:$L,'[20]WorkDone DATA'!$N:$N,BOQ!S$6,'[20]WorkDone DATA'!$G:$G,BOQ!$B25)","v":{"$error":"#VALUE!"}},{"$error":"#VALUE!"},{"$f":"SUMIFS('[20]WorkDone DATA'!$L:$L,'[20]WorkDone DATA'!$N:$N,BOQ!U$6,'[20]WorkDone DATA'!$G:$G,BOQ!$B25)","v":{"$error":"#VALUE!"}},{"$error":"#VALUE!"},null,{"$f":"SUMIFS('[20]WorkDone DATA'!$L:$L,'[20]WorkDone DATA'!$N:$N,BOQ!W$6,'[20]WorkDone DATA'!$G:$G,BOQ!$B25)*$G25","v":{"$error":"#VALUE!"}},null,{"$f":"SUMIFS('[20]WorkDone DATA'!$L:$L,'[20]WorkDone DATA'!$N:$N,BOQ!Y$6,'[20]WorkDone DATA'!$G:$G,BOQ!$B25)*$G25","v":{"$error":"#VALUE!"}},null,{"$f":"SUMIFS('[20]WorkDone DATA'!$L:$L,'[20]WorkDone DATA'!$N:$N,BOQ!AA$6,'[20]WorkDone DATA'!$G:$G,BOQ!$B25)*$G25","v":{"$error":"#VALUE!"}},{"$f":"SUMIFS('[20]WorkDone DATA'!$L:$L,'[20]WorkDone DATA'!$N:$N,BOQ!AB$6,'[20]WorkDone DATA'!$G:$G,BOQ!$B25)*$G25","v":{"$error":"#VALUE!"}},{"$f":"SUMIFS('[20]WorkDone DATA'!$L:$L,'[20]WorkDone DATA'!$N:$N,BOQ!AC$6,'[20]WorkDone DATA'!$G:$G,BOQ!$B25)*$G25","v":{"$error":"#VALUE!"}},{"$f":"SUMIFS('[20]WorkDone DATA'!$L:$L,'[20]WorkDone DATA'!$N:$N,BOQ!AD$6,'[20]WorkDone DATA'!$G:$G,BOQ!$B25)*$G25","v":{"$error":"#VALUE!"}},{"$f":"SUMIFS('[20]WorkDone DATA'!$L:$L,'[20]WorkDone DATA'!$N:$N,BOQ!AE$6,'[20]WorkDone DATA'!$G:$G,BOQ!$B25)*$G25","v":{"$error":"#VALUE!"}},{"$f":"SUMIFS('[20]WorkDone DATA'!$L:$L,'[20]WorkDone DATA'!$N:$N,BOQ!AF$6,'[20]WorkDone DATA'!$G:$G,BOQ!$B25)*$G25","v":{"$error":"#VALUE!"}},{"$f":"SUMIFS('[20]WorkDone DATA'!$L:$L,'[20]WorkDone DATA'!$N:$N,BOQ!AG$6,'[20]WorkDone DATA'!$G:$G,BOQ!$B25)*$G25","v":{"$error":"#VALUE!"}},{"$f":"SUMIFS('[20]WorkDone DATA'!$L:$L,'[20]WorkDone DATA'!$N:$N,BOQ!AH$6,'[20]WorkDone DATA'!$G:$G,BOQ!$B25)*$G25","v":{"$error":"#VALUE!"}},{"$f":"SUMIFS('[20]WorkDone DATA'!$L:$L,'[20]WorkDone DATA'!$N:$N,BOQ!AI$6,'[20]WorkDone DATA'!$G:$G,BOQ!$B25)*$G25","v":{"$error":"#VALUE!"}},{"$f":"SUMIFS('[20]WorkDone DATA'!$L:$L,'[20]WorkDone DATA'!$N:$N,BOQ!AJ$6,'[20]WorkDone DATA'!$G:$G,BOQ!$B25)*$G25","v":{"$error":"#VALUE!"}},{"$f":"SUMIFS('[20]WorkDone DATA'!$L:$L,'[20]WorkDone DATA'!$N:$N,BOQ!AK$6,'[20]WorkDone DATA'!$G:$G,BOQ!$B25)*$G25","v":{"$error":"#VALUE!"}},{"$f":"SUMIFS('[20]WorkDone DATA'!$L:$L,'[20]WorkDone DATA'!$N:$N,BOQ!AL$6,'[20]WorkDone DATA'!$G:$G,BOQ!$B25)*$G25","v":{"$error":"#VALUE!"}},{"$f":"SUMIFS('[20]WorkDone DATA'!$L:$L,'[20]WorkDone DATA'!$N:$N,BOQ!AM$6,'[20]WorkDone DATA'!$G:$G,BOQ!$B25)*$G25","v":{"$error":"#VALUE!"}},{"$f":"SUMIFS('[20]WorkDone DATA'!$L:$L,'[20]WorkDone DATA'!$N:$N,BOQ!AN$6,'[20]WorkDone DATA'!$G:$G,BOQ!$B25)*$G25","v":{"$error":"#VALUE!"}},{"$f":"SUMIFS('[20]WorkDone DATA'!$L:$L,'[20]WorkDone DATA'!$N:$N,BOQ!AO$6,'[20]WorkDone DATA'!$G:$G,BOQ!$B25)*$G25","v":{"$error":"#VALUE!"}},{"$f":"SUMIFS('[20]WorkDone DATA'!$L:$L,'[20]WorkDone DATA'!$N:$N,BOQ!AP$6,'[20]WorkDone DATA'!$G:$G,BOQ!$B25)*$G25","v":{"$error":"#VALUE!"}},{"$f":"SUMIFS('[20]WorkDone DATA'!$L:$L,'[20]WorkDone DATA'!$N:$N,BOQ!AQ$6,'[20]WorkDone DATA'!$G:$G,BOQ!$B25)*$G25","v":{"$error":"#VALUE!"}},{"$f":"SUMIFS('[20]WorkDone DATA'!$L:$L,'[20]WorkDone DATA'!$N:$N,BOQ!AR$6,'[20]WorkDone DATA'!$G:$G,BOQ!$B25)*$G25","v":{"$error":"#VALUE!"}},{"$f":"SUMIFS('[20]WorkDone DATA'!$L:$L,'[20]WorkDone DATA'!$N:$N,BOQ!AS$6,'[20]WorkDone DATA'!$G:$G,BOQ!$B25)*$G25","v":{"$error":"#VALUE!"}},{"$f":"SUMIFS('[20]WorkDone DATA'!$L:$L,'[20]WorkDone DATA'!$N:$N,BOQ!AT$6,'[20]WorkDone DATA'!$G:$G,BOQ!$B25)*$G25","v":{"$error":"#VALUE!"}},{"$f":"SUMIFS('[20]WorkDone DATA'!$L:$L,'[20]WorkDone DATA'!$N:$N,BOQ!AU$6,'[20]WorkDone DATA'!$G:$G,BOQ!$B25)*$G25","v":{"$error":"#VALUE!"}},{"$f":"SUMIFS('[20]WorkDone DATA'!$L:$L,'[20]WorkDone DATA'!$N:$N,BOQ!AV$6,'[20]WorkDone DATA'!$G:$G,BOQ!$B25)*$G25","v":{"$error":"#VALUE!"}},{"$f":"SUMIFS('[20]WorkDone DATA'!$L:$L,'[20]WorkDone DATA'!$N:$N,BOQ!AW$6,'[20]WorkDone DATA'!$G:$G,BOQ!$B25)*$G25","v":{"$error":"#VALUE!"}},{"$f":"SUMIFS('[20]WorkDone DATA'!$L:$L,'[20]WorkDone DATA'!$N:$N,BOQ!AX$6,'[20]WorkDone DATA'!$G:$G,BOQ!$B25)*$G25","v":{"$error":"#VALUE!"}},{"$f":"SUMIFS('[20]WorkDone DATA'!$L:$L,'[20]WorkDone DATA'!$N:$N,BOQ!AY$6,'[20]WorkDone DATA'!$G:$G,BOQ!$B25)*$G25","v":{"$error":"#VALUE!"}},{"$f":"SUMIFS('[20]WorkDone DATA'!$L:$L,'[20]WorkDone DATA'!$N:$N,BOQ!AZ$6,'[20]WorkDone DATA'!$G:$G,BOQ!$B25)*$G25","v":{"$error":"#VALUE!"}},{"$f":"SUMIFS('[20]WorkDone DATA'!$L:$L,'[20]WorkDone DATA'!$N:$N,BOQ!BA$6,'[20]WorkDone DATA'!$G:$G,BOQ!$B25)*$G25","v":{"$error":"#VALUE!"}},{"$f":"SUMIFS('[20]WorkDone DATA'!$L:$L,'[20]WorkDone DATA'!$N:$N,BOQ!BB$6,'[20]WorkDone DATA'!$G:$G,BOQ!$B25)*$G25","v":{"$error":"#VALUE!"}},{"$f":"SUMIFS('[20]WorkDone DATA'!$L:$L,'[20]WorkDone DATA'!$N:$N,BOQ!BC$6,'[20]WorkDone DATA'!$G:$G,BOQ!$B25)*$G25","v":{"$error":"#VALUE!"}},{"$f":"SUMIFS('[20]WorkDone DATA'!$L:$L,'[20]WorkDone DATA'!$N:$N,BOQ!BD$6,'[20]WorkDone DATA'!$G:$G,BOQ!$B25)*$G25","v":{"$error":"#VALUE!"}},{"$f":"SUMIFS('[20]WorkDone DATA'!$L:$L,'[20]WorkDone DATA'!$N:$N,BOQ!BE$6,'[20]WorkDone DATA'!$G:$G,BOQ!$B25)*$G25","v":{"$error":"#VALUE!"}},{"$f":"SUMIFS('[20]WorkDone DATA'!$L:$L,'[20]WorkDone DATA'!$N:$N,BOQ!BF$6,'[20]WorkDone DATA'!$G:$G,BOQ!$B25)*$G25","v":{"$error":"#VALUE!"}},{"$f":"SUMIFS('[20]WorkDone DATA'!$L:$L,'[20]WorkDone DATA'!$N:$N,BOQ!BG$6,'[20]WorkDone DATA'!$G:$G,BOQ!$B25)*$G25","v":{"$error":"#VALUE!"}},{"$f":"SUMIFS('[20]WorkDone DATA'!$L:$L,'[20]WorkDone DATA'!$N:$N,BOQ!BH$6,'[20]WorkDone DATA'!$G:$G,BOQ!$B25)*$G25","v":{"$error":"#VALUE!"}},{"$f":"SUMIFS('[20]WorkDone DATA'!$L:$L,'[20]WorkDone DATA'!$N:$N,BOQ!BI$6,'[20]WorkDone DATA'!$G:$G,BOQ!$B25)*$G25","v":{"$error":"#VALUE!"}},{"$f":"SUMIFS('[20]WorkDone DATA'!$L:$L,'[20]WorkDone DATA'!$N:$N,BOQ!BJ$6,'[20]WorkDone DATA'!$G:$G,BOQ!$B25)*$G25","v":{"$error":"#VALUE!"}},{"$f":"SUMIFS('[20]WorkDone DATA'!$L:$L,'[20]WorkDone DATA'!$N:$N,BOQ!BK$6,'[20]WorkDone DATA'!$G:$G,BOQ!$B25)*$G25","v":{"$error":"#VALUE!"}},{"$f":"SUMIFS('[20]WorkDone DATA'!$L:$L,'[20]WorkDone DATA'!$N:$N,BOQ!BL$6,'[20]WorkDone DATA'!$G:$G,BOQ!$B25)*$G25","v":{"$error":"#VALUE!"}},{"$f":"SUMIFS('[20]WorkDone DATA'!$L:$L,'[20]WorkDone DATA'!$N:$N,BOQ!BM$6,'[20]WorkDone DATA'!$G:$G,BOQ!$B25)*$G25","v":{"$error":"#VALUE!"}},{"$f":"SUMIFS('[20]WorkDone DATA'!$L:$L,'[20]WorkDone DATA'!$N:$N,BOQ!BN$6,'[20]WorkDone DATA'!$G:$G,BOQ!$B25)*$G25","v":{"$error":"#VALUE!"}},{"$f":"SUMIFS('[20]WorkDone DATA'!$L:$L,'[20]WorkDone DATA'!$N:$N,BOQ!BO$6,'[20]WorkDone DATA'!$G:$G,BOQ!$B25)*$G25","v":{"$error":"#VALUE!"}},{"$f":"SUMIFS('[20]WorkDone DATA'!$L:$L,'[20]WorkDone DATA'!$N:$N,BOQ!BP$6,'[20]WorkDone DATA'!$G:$G,BOQ!$B25)*$G25","v":{"$error":"#VALUE!"}},{"$f":"SUMIFS('[20]WorkDone DATA'!$L:$L,'[20]WorkDone DATA'!$N:$N,BOQ!BQ$6,'[20]WorkDone DATA'!$G:$G,BOQ!$B25)*$G25","v":{"$error":"#VALUE!"}},{"$f":"SUMIFS('[20]WorkDone DATA'!$L:$L,'[20]WorkDone DATA'!$N:$N,BOQ!BR$6,'[20]WorkDone DATA'!$G:$G,BOQ!$B25)*$G25","v":{"$error":"#VALUE!"}},{"$f":"SUMIFS('[20]WorkDone DATA'!$L:$L,'[20]WorkDone DATA'!$N:$N,BOQ!BS$6,'[20]WorkDone DATA'!$G:$G,BOQ!$B25)*$G25","v":{"$error":"#VALUE!"}},{"$f":"SUMIFS('[20]WorkDone DATA'!$L:$L,'[20]WorkDone DATA'!$N:$N,BOQ!BT$6,'[20]WorkDone DATA'!$G:$G,BOQ!$B25)*$G25","v":{"$error":"#VALUE!"}},{"$f":"SUMIFS('[20]WorkDone DATA'!$L:$L,'[20]WorkDone DATA'!$N:$N,BOQ!BU$6,'[20]WorkDone DATA'!$G:$G,BOQ!$B25)*$G25","v":{"$error":"#VALUE!"}},{"$f":"SUMIFS('[20]WorkDone DATA'!$L:$L,'[20]WorkDone DATA'!$N:$N,BOQ!BV$6,'[20]WorkDone DATA'!$G:$G,BOQ!$B25)*$G25","v":{"$error":"#VALUE!"}},{"$f":"SUMIFS('[20]WorkDone DATA'!$L:$L,'[20]WorkDone DATA'!$N:$N,BOQ!BW$6,'[20]WorkDone DATA'!$G:$G,BOQ!$B25)*$G25","v":{"$error":"#VALUE!"}},{"$f":"SUMIFS('[20]WorkDone DATA'!$L:$L,'[20]WorkDone DATA'!$N:$N,BOQ!BX$6,'[20]WorkDone DATA'!$G:$G,BOQ!$B25)*$G25","v":{"$error":"#VALUE!"}}]
[null,null,"XLPE 3.3kV",{"$nulls":4},0,{"$nulls":3},{"$error":"#VALUE!"},{"$error":"#VALUE!"},null,0,{"$error":"#VALUE!"},null,{"$f":"SUMIFS('[20]WorkDone DATA'!$L:$L,'[20]WorkDone DATA'!$N:$N,BOQ!S$6,'[20]WorkDone DATA'!$G:$G,BOQ!$B26)","v":{"$error":"#VALUE!"}},{"$error":"#VALUE!"},{"$f":"SUMIFS('[20]WorkDone DATA'!$L:$L,'[20]WorkDone DATA'!$N:$N,BOQ!U$6,'[20]WorkDone DATA'!$G:$G,BOQ!$B26)","v":{"$error":"#VALUE!"}},{"$error":"#VALUE!"},null,{"$f":"SUMIFS('[20]WorkDone DATA'!$L:$L,'[20]WorkDone DATA'!$N:$N,BOQ!W$6,'[20]WorkDone DATA'!$G:$G,BOQ!$B26)*$G26","v":{"$error":"#VALUE!"}},null,{"$f":"SUMIFS('[20]WorkDone DATA'!$L:$L,'[20]WorkDone DATA'!$N:$N,BOQ!Y$6,'[20]WorkDone DATA'!$G:$G,BOQ!$B26)*$G26","v":{"$error":"#VALUE!"}},null,{"$f":"SUMIFS('[20]WorkDone DATA'!$L:$L,'[20]WorkDone DATA'!$N:$N,BOQ!AA$6,'[20]WorkDone DATA'!$G:$G,BOQ!$B26)*$G26","v":{"$error":"#VALUE!"}},{"$f":"SUMIFS('[20]WorkDone DATA'!$L:$L,'[20]WorkDone DATA'!$N:$N,BOQ!AB$6,'[20]WorkDone DATA'!$G:$G,BOQ!$B26)*$G26","v":{"$error":"#VALUE!"}},{"$f":"SUMIFS('[20]WorkDone DATA'!$L:$L,'[20]WorkDone DATA'!$N:$N,BOQ!AC$6,'[20]WorkDone DATA'!$G:$G,BOQ!$B26)*$G26","v":{"$error":"#VALUE!"}},{"$f":"SUMIFS('[20]WorkDone DATA'!$L:$L,'[20]WorkDone DATA'!$N:$N,BOQ!AD$6,'[20]WorkDone DATA'!$G:$G,BOQ!$B26)*$G26","v":{"$error":"#VALUE!"}},{"$f":"SUMIFS('[20]WorkDone DATA'!$L:$L,'[20]WorkDone DATA'!$N:$N,BOQ!AE$6,'[20]WorkDone DATA'!$G:$G,BOQ!$B26)*$G26","v":{"$error":"#VALUE!"}},{"$f":"SUMIFS('[20]WorkDone DATA'!$L:$L,'[20]WorkDone DATA'!$N:$N,BOQ!AF$6,'[20]WorkDone DATA'!$G:$G,BOQ!$B26)*$G26","v":{"$error":"#VALUE!"}},{"$f":"SUMIFS('[20]WorkDone DATA'!$L:$L,'[20]WorkDone DATA'!$N:$N,BOQ!AG$6,'[20]WorkDone DATA'!$G:$G,BOQ!$B26)*$G26","v":{"$error":"#VALUE!"}},{"$f":"SUMIFS('[20]WorkDone DATA'!$L:$L,'[20]WorkDone DATA'!$N:$N,BOQ!AH$6,'[20]WorkDone DATA'!$G:$G,BOQ!$B26)*$G26","v":{"$error":"#VALUE!"}},{"$f":"SUMIFS('[20]WorkDone DATA'!$L:$L,'[20]WorkDone DATA'!$N:$N,BOQ!AI$6,'[20]WorkDone DATA'!$G:$G,BOQ!$B26)*$G26","v":{"$error":"#VALUE!"}},{"$f":"SUMIFS('[20]WorkDone DATA'!$L:$L,'[20]WorkDone DATA'!$N:$N,BOQ!AJ$6,'[20]WorkDone DATA'!$G:$G,BOQ!$B26)*$G26","v":{"$error":"#VALUE!"}},{"$f":"SUMIFS('[20]WorkDone DATA'!$L:$L,'[20]WorkDone DATA'!$N:$N,BOQ!AK$6,'[20]WorkDone DATA'!$G:$G,BOQ!$B26)*$G26","v":{"$error":"#VALUE!"}},{"$f":"SUMIFS('[20]WorkDone DATA'!$L:$L,'[20]WorkDone DATA'!$N:$N,BOQ!AL$6,'[20]WorkDone DATA'!$G:$G,BOQ!$B26)*$G26","v":{"$error":"#VALUE!"}},{"$f":"SUMIFS('[20]WorkDone DATA'!$L:$L,'[20]WorkDone DATA'!$N:$N,BOQ!AM$6,'[20]WorkDone DATA'!$G:$G,BOQ!$B26)*$G26","v":{"$error":"#VALUE!"}},{"$f":"SUMIFS('[20]WorkDone DATA'!$L:$L,'[20]WorkDone DATA'!$N:$N,BOQ!AN$6,'[20]WorkDone DATA'!$G:$G,BOQ!$B26)*$G26","v":{"$error":"#VALUE!"}},{"$f":"SUMIFS('[20]WorkDone DATA'!$L:$L,'[20]WorkDone DATA'!$N:$N,BOQ!AO$6,'[20]WorkDone DATA'!$G:$G,BOQ!$B26)*$G26","v":{"$error":"#VALUE!"}},{"$f":"SUMIFS('[20]WorkDone DATA'!$L:$L,'[20]WorkDone DATA'!$N:$N,BOQ!AP$6,'[20]WorkDone DATA'!$G:$G,BOQ!$B26)*$G26","v":{"$error":"#VALUE!"}},{"$f":"SUMIFS('[20]WorkDone DATA'!$L:$L,'[20]WorkDone DATA'!$N:$N,BOQ!AQ$6,'[20]WorkDone DATA'!$G:$G,BOQ!$B26)*$G26","v":{"$error":"#VALUE!"}},{"$f":"SUMIFS('[20]WorkDone DATA'!$L:$L,'[20]WorkDone DATA'!$N:$N,BOQ!AR$6,'[20]WorkDone DATA'!$G:$G,BOQ!$B26)*$G26","v":{"$error":"#VALUE!"}},{"$f":"SUMIFS('[20]WorkDone DATA'!$L:$L,'[20]WorkDone DATA'!$N:$N,BOQ!AS$6,'[20]WorkDone DATA'!$G:$G,BOQ!$B26)*$G26","v":{"$error":"#VALUE!"}},{"$f":"SUMIFS('[20]WorkDone DATA'!$L:$L,'[20]WorkDone DATA'!$N:$N,BOQ!AT$6,'[20]WorkDone DATA'!$G:$G,BOQ!$B26)*$G26","v":{"$error":"#VALUE!"}},{"$f":"SUMIFS('[20]WorkDone DATA'!$L:$L,'[20]WorkDone DATA'!$N:$N,BOQ!AU$6,'[20]WorkDone DATA'!$G:$G,BOQ!$B26)*$G26","v":{"$error":"#VALUE!"}},{"$f":"SUMIFS('[20]WorkDone DATA'!$L:$L,'[20]WorkDone DATA'!$N:$N,BOQ!AV$6,'[20]WorkDone DATA'!$G:$G,BOQ!$B26)*$G26","v":{"$error":"#VALUE!"}},{"$f":"SUMIFS('[20]WorkDone DATA'!$L:$L,'[20]WorkDone DATA'!$N:$N,BOQ!AW$6,'[20]WorkDone DATA'!$G:$G,BOQ!$B26)*$G26","v":{"$error":"#VALUE!"}},{"$f":"SUMIFS('[20]WorkDone DATA'!$L:$L,'[20]WorkDone DATA'!$N:$N,BOQ!AX$6,'[20]WorkDone DATA'!$G:$G,BOQ!$B26)*$G26","v":{"$error":"#VALUE!"}},{"$f":"SUMIFS('[20]WorkDone DATA'!$L:$L,'[20]WorkDone DATA'!$N:$N,BOQ!AY$6,'[20]WorkDone DATA'!$G:$G,BOQ!$B26)*$G26","v":{"$error":"#VALUE!"}},{"$f":"SUMIFS('[20]WorkDone DATA'!$L:$L,'[20]WorkDone DATA'!$N:$N,BOQ!AZ$6,'[20]WorkDone DATA'!$G:$G,BOQ!$B26)*$G26","v":{"$error":"#VALUE!"}},{"$f":"SUMIFS('[20]WorkDone DATA'!$L:$L,'[20]WorkDone DATA'!$N:$N,BOQ!BA$6,'[20]WorkDone DATA'!$G:$G,BOQ!$B26)*$G26","v":{"$error":"#VALUE!"}},{"$f":"SUMIFS('[20]WorkDone DATA'!$L:$L,'[20]WorkDone DATA'!$N:$N,BOQ!BB$6,'[20]WorkDone DATA'!$G:$G,BOQ!$B26)*$G26","v":{"$error":"#VALUE!"}},{"$f":"SUMIFS('[20]WorkDone DATA'!$L:$L,'[20]WorkDone DATA'!$N:$N,BOQ!BC$6,'[20]WorkDone DATA'!$G:$G,BOQ!$B26)*$G26","v":{"$error":"#VALUE!"}},{"$f":"SUMIFS('[20]WorkDone DATA'!$L:$L,'[20]WorkDone DATA'!$N:$N,BOQ!BD$6,'[20]WorkDone DATA'!$G:$G,BOQ!$B26)*$G26","v":{"$error":"#VALUE!"}},{"$f":"SUMIFS('[20]WorkDone DATA'!$L:$L,'[20]WorkDone DATA'!$N:$N,BOQ!BE$6,'[20]WorkDone DATA'!$G:$G,BOQ!$B26)*$G26","v":{"$error":"#VALUE!"}},{"$f":"SUMIFS('[20]WorkDone DATA'!$L:$L,'[20]WorkDone DATA'!$N:$N,BOQ!BF$6,'[20]WorkDone DATA'!$G:$G,BOQ!$B26)*$G26","v":{"$error":"#VALUE!"}},{"$f":"SUMIFS('[20]WorkDone DATA'!$L:$L,'[20]WorkDone DATA'!$N:$N,BOQ!BG$6,'[20]WorkDone DATA'!$G:$G,BOQ!$B26)*$G26","v":{"$error":"#VALUE!"}},{"$f":"SUMIFS('[20]WorkDone DATA'!$L:$L,'[20]WorkDone DATA'!$N:$N,BOQ!BH$6,'[20]WorkDone DATA'!$G:$G,BOQ!$B26)*$G26","v":{"$error":"#VALUE!"}},{"$f":"SUMIFS('[20]WorkDone DATA'!$L:$L,'[20]WorkDone DATA'!$N:$N,BOQ!BI$6,'[20]WorkDone DATA'!$G:$G,BOQ!$B26)*$G26","v":{"$error":"#VALUE!"}},{"$f":"SUMIFS('[20]WorkDone DATA'!$L:$L,'[20]WorkDone DATA'!$N:$N,BOQ!BJ$6,'[20]WorkDone DATA'!$G:$G,BOQ!$B26)*$G26","v":{"$error":"#VALUE!"}},{"$f":"SUMIFS('[20]WorkDone DATA'!$L:$L,'[20]WorkDone DATA'!$N:$N,BOQ!BK$6,'[20]WorkDone DATA'!$G:$G,BOQ!$B26)*$G26","v":{"$error":"#VALUE!"}},{"$f":"SUMIFS('[20]WorkDone DATA'!$L:$L,'[20]WorkDone DATA'!$N:$N,BOQ!BL$6,'[20]WorkDone DATA'!$G:$G,BOQ!$B26)*$G26","v":{"$error":"#VALUE!"}},{"$f":"SUMIFS('[20]WorkDone DATA'!$L:$L,'[20]WorkDone DATA'!$N:$N,BOQ!BM$6,'[20]WorkDone DATA'!$G:$G,BOQ!$B26)*$G26","v":{"$error":"#VALUE!"}},{"$f":"SUMIFS('[20]WorkDone DATA'!$L:$L,'[20]WorkDone DATA'!$N:$N,BOQ!BN$6,'[20]WorkDone DATA'!$G:$G,BOQ!$B26)*$G26","v":{"$error":"#VALUE!"}},{"$f":"SUMIFS('[20]WorkDone DATA'!$L:$L,'[20]WorkDone DATA'!$N:$N,BOQ!BO$6,'[20]WorkDone DATA'!$G:$G,BOQ!$B26)*$G26","v":{"$error":"#VALUE!"}},{"$f":"SUMIFS('[20]WorkDone DATA'!$L:$L,'[20]WorkDone DATA'!$N:$N,BOQ!BP$6,'[20]WorkDone DATA'!$G:$G,BOQ!$B26)*$G26","v":{"$error":"#VALUE!"}},{"$f":"SUMIFS('[20]WorkDone DATA'!$L:$L,'[20]WorkDone DATA'!$N:$N,BOQ!BQ$6,'[20]WorkDone DATA'!$G:$G,BOQ!$B26)*$G26","v":{"$error":"#VALUE!"}},{"$f":"SUMIFS('[20]WorkDone DATA'!$L:$L,'[20]WorkDone DATA'!$N:$N,BOQ!BR$6,'[20]WorkDone DATA'!$G:$G,BOQ!$B26)*$G26","v":{"$error":"#VALUE!"}},{"$f":"SUMIFS('[20]WorkDone DATA'!$L:$L,'[20]WorkDone DATA'!$N:$N,BOQ!BS$6,'[20]WorkDone DATA'!$G:$G,BOQ!$B26)*$G26","v":{"$error":"#VALUE!"}},{"$f":"SUMIFS('[20]WorkDone DATA'!$L:$L,'[20]WorkDone DATA'!$N:$N,BOQ!BT$6,'[20]WorkDone DATA'!$G:$G,BOQ!$B26)*$G26","v":{"$error":"#VALUE!"}},{"$f":"SUMIFS('[20]WorkDone DATA'!$L:$L,'[20]WorkDone DATA'!$N:$N,BOQ!BU$6,'[20]WorkDone DATA'!$G:$G,BOQ!$B26)*$G26","v":{"$error":"#VALUE!"}},{"$f":"SUMIFS('[20]WorkDone DATA'!$L:$L,'[20]WorkDone DATA'!$N:$N,BOQ!BV$6,'[20]WorkDone DATA'!$G:$G,BOQ!$B26)*$G26","v":{"$error":"#VALUE!"}},{"$f":"SUMIFS('[20]WorkDone DATA'!$L:$L,'[20]WorkDone DATA'!$N:$N,BOQ!BW$6,'[20]WorkDone DATA'!$G:$G,BOQ!$B26)*$G26","v":{"$error":"#VALUE!"}},{"$f":"SUMIFS('[20]WorkDone DATA'!$L:$L,'[20]WorkDone DATA'!$N:$N,BOQ!BX$6,'[20]WorkDone DATA'!$G:$G,BOQ!$B26)*$G26","v":{"$error":"#VALUE!"}}]
[null,null,"630mm2 x 1core (CXX01XCV)  3.8kV/6.6kV",{"$nulls":4},0,{"$nulls":3},{"$error":"#VALUE!"},{"$error":"#VALUE!"},null,0,{"$error":"#VALUE!"},null,{"$f":"SUMIFS('[20]WorkDone DATA'!$L:$L,'[20]WorkDone DATA'!$N:$N,BOQ!S$6,'[20]WorkDone DATA'!$G:$G,BOQ!$B27)","v":{"$error":"#VALUE!"}},{"$error":"#VALUE!"},{"$f":"SUMIFS('[20]WorkDone DATA'!$L:$L,'[20]WorkDone DATA'!$N:$N,BOQ!U$6,'[20]WorkDone DATA'!$G:$G,BOQ!$B27)","v":{"$error":"#VALUE!"}},{"$error":"#VALUE!"},null,{"$f":"SUMIFS('[20]WorkDone DATA'!$L:$L,'[20]WorkDone DATA'!$N:$N,BOQ!W$6,'[20]WorkDone DATA'!$G:$G,BOQ!$B27)*$G27","v":{"$error":"#VALUE!"}},null,{"$f":"SUMIFS('[20]WorkDone DATA'!$L:$L,'[20]WorkDone DATA'!$N:$N,BOQ!Y$6,'[20]WorkDone DATA'!$G:$G,BOQ!$B27)*$G27","v":{"$error":"#VALUE!"}},null,{"$f":"SUMIFS('[20]WorkDone DATA'!$L:$L,'[20]WorkDone DATA'!$N:$N,BOQ!AA$6,'[20]WorkDone DATA'!$G:$G,BOQ!$B27)*$G27","v":{"$error":"#VALUE!"}},{"$f":"SUMIFS('[20]WorkDone DATA'!$L:$L,'[20]WorkDone DATA'!$N:$N,BOQ!AB$6,'[20]WorkDone DATA'!$G:$G,BOQ!$B27)*$G27","v":{"$error":"#VALUE!"}},{"$f":"SUMIFS('[20]WorkDone DATA'!$L:$L,'[20]WorkDone DATA'!$N:$N,BOQ!AC$6,'[20]WorkDone DATA'!$G:$G,BOQ!$B27)*$G27","v":{"$error":"#VALUE!"}},{"$f":"SUMIFS('[20]WorkDone DATA'!$L:$L,'[20]WorkDone DATA'!$N:$N,BOQ!AD$6,'[20]WorkDone DATA'!$G:$G,BOQ!$B27)*$G27","v":{"$error":"#VALUE!"}},{"$f":"SUMIFS('[20]WorkDone DATA'!$L:$L,'[20]WorkDone DATA'!$N:$N,BOQ!AE$6,'[20]WorkDone DATA'!$G:$G,BOQ!$B27)*$G27","v":{"$error":"#VALUE!"}},{"$f":"SUMIFS('[20]WorkDone DATA'!$L:$L,'[20]WorkDone DATA'!$N:$N,BOQ!AF$6,'[20]WorkDone DATA'!$G:$G,BOQ!$B27)*$G27","v":{"$error":"#VALUE!"}},{"$f":"SUMIFS('[20]WorkDone DATA'!$L:$L,'[20]WorkDone DATA'!$N:$N,BOQ!AG$6,'[20]WorkDone DATA'!$G:$G,BOQ!$B27)*$G27","v":{"$error":"#VALUE!"}},{"$f":"SUMIFS('[20]WorkDone DATA'!$L:$L,'[20]WorkDone DATA'!$N:$N,BOQ!AH$6,'[20]WorkDone DATA'!$G:$G,BOQ!$B27)*$G27","v":{"$error":"#VALUE!"}},{"$f":"SUMIFS('[20]WorkDone DATA'!$L:$L,'[20]WorkDone DATA'!$N:$N,BOQ!AI$6,'[20]WorkDone DATA'!$G:$G,BOQ!$B27)*$G27","v":{"$error":"#VALUE!"}},{"$f":"SUMIFS('[20]WorkDone DATA'!$L:$L,'[20]WorkDone DATA'!$N:$N,BOQ!AJ$6,'[20]WorkDone DATA'!$G:$G,BOQ!$B27)*$G27","v":{"$error":"#VALUE!"}},{"$f":"SUMIFS('[20]WorkDone DATA'!$L:$L,'[20]WorkDone DATA'!$N:$N,BOQ!AK$6,'[20]WorkDone DATA'!$G:$G,BOQ!$B27)*$G27","v":{"$error":"#VALUE!"}},{"$f":"SUMIFS('[20]WorkDone DATA'!$L:$L,'[20]WorkDone DATA'!$N:$N,BOQ!AL$6,'[20]WorkDone DATA'!$G:$G,BOQ!$B27)*$G27","v":{"$error":"#VALUE!"}},{"$f":"SUMIFS('[20]WorkDone DATA'!$L:$L,'[20]WorkDone DATA'!$N:$N,BOQ!AM$6,'[20]WorkDone DATA'!$G:$G,BOQ!$B27)*$G27","v":{"$error":"#VALUE!"}},{"$f":"SUMIFS('[20]WorkDone DATA'!$L:$L,'[20]WorkDone DATA'!$N:$N,BOQ!AN$6,'[20]WorkDone DATA'!$G:$G,BOQ!$B27)*$G27","v":{"$error":"#VALUE!"}},{"$f":"SUMIFS('[20]WorkDone DATA'!$L:$L,'[20]WorkDone DATA'!$N:$N,BOQ!AO$6,'[20]WorkDone DATA'!$G:$G,BOQ!$B27)*$G27","v":{"$error":"#VALUE!"}},{"$f":"SUMIFS('[20]WorkDone DATA'!$L:$L,'[20]WorkDone DATA'!$N:$N,BOQ!AP$6,'[20]WorkDone DATA'!$G:$G,BOQ!$B27)*$G27","v":{"$error":"#VALUE!"}},{"$f":"SUMIFS('[20]WorkDone DATA'!$L:$L,'[20]WorkDone DATA'!$N:$N,BOQ!AQ$6,'[20]WorkDone DATA'!$G:$G,BOQ!$B27)*$G27","v":{"$error":"#VALUE!"}},{"$f":"SUMIFS('[20]WorkDone DATA'!$L:$L,'[20]WorkDone DATA'!$N:$N,BOQ!AR$6,'[20]WorkDone DATA'!$G:$G,BOQ!$B27)*$G27","v":{"$error":"#VALUE!"}},{"$f":"SUMIFS('[20]WorkDone DATA'!$L:$L,'[20]WorkDone DATA'!$N:$N,BOQ!AS$6,'[20]WorkDone DATA'!$G:$G,BOQ!$B27)*$G27","v":{"$error":"#VALUE!"}},{"$f":"SUMIFS('[20]WorkDone DATA'!$L:$L,'[20]WorkDone DATA'!$N:$N,BOQ!AT$6,'[20]WorkDone DATA'!$G:$G,BOQ!$B27)*$G27","v":{"$error":"#VALUE!"}},{"$f":"SUMIFS('[20]WorkDone DATA'!$L:$L,'[20]WorkDone DATA'!$N:$N,BOQ!AU$6,'[20]WorkDone DATA'!$G:$G,BOQ!$B27)*$G27","v":{"$error":"#VALUE!"}},{"$f":"SUMIFS('[20]WorkDone DATA'!$L:$L,'[20]WorkDone DATA'!$N:$N,BOQ!AV$6,'[20]WorkDone DATA'!$G:$G,BOQ!$B27)*$G27","v":{"$error":"#VALUE!"}},{"$f":"SUMIFS('[20]WorkDone DATA'!$L:$L,'[20]WorkDone DATA'!$N:$N,BOQ!AW$6,'[20]WorkDone DATA'!$G:$G,BOQ!$B27)*$G27","v":{"$error":"#VALUE!"}},{"$f":"SUMIFS('[20]WorkDone DATA'!$L:$L,'[20]WorkDone DATA'!$N:$N,BOQ!AX$6,'[20]WorkDone DATA'!$G:$G,BOQ!$B27)*$G27","v":{"$error":"#VALUE!"}},{"$f":"SUMIFS('[20]WorkDone DATA'!$L:$L,'[20]WorkDone DATA'!$N:$N,BOQ!AY$6,'[20]WorkDone DATA'!$G:$G,BOQ!$B27)*$G27","v":{"$error":"#VALUE!"}},{"$f":"SUMIFS('[20]WorkDone DATA'!$L:$L,'[20]WorkDone DATA'!$N:$N,BOQ!AZ$6,'[20]WorkDone DATA'!$G:$G,BOQ!$B27)*$G27","v":{"$error":"#VALUE!"}},{"$f":"SUMIFS('[20]WorkDone DATA'!$L:$L,'[20]WorkDone DATA'!$N:$N,BOQ!BA$6,'[20]WorkDone DATA'!$G:$G,BOQ!$B27)*$G27","v":{"$error":"#VALUE!"}},{"$f":"SUMIFS('[20]WorkDone DATA'!$L:$L,'[20]WorkDone DATA'!$N:$N,BOQ!BB$6,'[20]WorkDone DATA'!$G:$G,BOQ!$B27)*$G27","v":{"$error":"#VALUE!"}},{"$f":"SUMIFS('[20]WorkDone DATA'!$L:$L,'[20]WorkDone DATA'!$N:$N,BOQ!BC$6,'[20]WorkDone DATA'!$G:$G,BOQ!$B27)*$G27","v":{"$error":"#VALUE!"}},{"$f":"SUMIFS('[20]WorkDone DATA'!$L:$L,'[20]WorkDone DATA'!$N:$N,BOQ!BD$6,'[20]WorkDone DATA'!$G:$G,BOQ!$B27)*$G27","v":{"$error":"#VALUE!"}},{"$f":"SUMIFS('[20]WorkDone DATA'!$L:$L,'[20]WorkDone DATA'!$N:$N,BOQ!BE$6,'[20]WorkDone DATA'!$G:$G,BOQ!$B27)*$G27","v":{"$error":"#VALUE!"}},{"$f":"SUMIFS('[20]WorkDone DATA'!$L:$L,'[20]WorkDone DATA'!$N:$N,BOQ!BF$6,'[20]WorkDone DATA'!$G:$G,BOQ!$B27)*$G27","v":{"$error":"#VALUE!"}},{"$f":"SUMIFS('[20]WorkDone DATA'!$L:$L,'[20]WorkDone DATA'!$N:$N,BOQ!BG$6,'[20]WorkDone DATA'!$G:$G,BOQ!$B27)*$G27","v":{"$error":"#VALUE!"}},{"$f":"SUMIFS('[20]WorkDone DATA'!$L:$L,'[20]WorkDone DATA'!$N:$N,BOQ!BH$6,'[20]WorkDone DATA'!$G:$G,BOQ!$B27)*$G27","v":{"$error":"#VALUE!"}},{"$f":"SUMIFS('[20]WorkDone DATA'!$L:$L,'[20]WorkDone DATA'!$N:$N,BOQ!BI$6,'[20]WorkDone DATA'!$G:$G,BOQ!$B27)*$G27","v":{"$error":"#VALUE!"}},{"$f":"SUMIFS('[20]WorkDone DATA'!$L:$L,'[20]WorkDone DATA'!$N:$N,BOQ!BJ$6,'[20]WorkDone DATA'!$G:$G,BOQ!$B27)*$G27","v":{"$error":"#VALUE!"}},{"$f":"SUMIFS('[20]WorkDone DATA'!$L:$L,'[20]WorkDone DATA'!$N:$N,BOQ!BK$6,'[20]WorkDone DATA'!$G:$G,BOQ!$B27)*$G27","v":{"$error":"#VALUE!"}},{"$f":"SUMIFS('[20]WorkDone DATA'!$L:$L,'[20]WorkDone DATA'!$N:$N,BOQ!BL$6,'[20]WorkDone DATA'!$G:$G,BOQ!$B27)*$G27","v":{"$error":"#VALUE!"}},{"$f":"SUMIFS('[20]WorkDone DATA'!$L:$L,'[20]WorkDone DATA'!$N:$N,BOQ!BM$6,'[20]WorkDone DATA'!$G:$G,BOQ!$B27)*$G27","v":{"$error":"#VALUE!"}},{"$f":"SUMIFS('[20]WorkDone DATA'!$L:$L,'[20]WorkDone DATA'!$N:$N,BOQ!BN$6,'[20]WorkDone DATA'!$G:$G,BOQ!$B27)*$G27","v":{"$error":"#VALUE!"}},{"$f":"SUMIFS('[20]WorkDone DATA'!$L:$L,'[20]WorkDone DATA'!$N:$N,BOQ!BO$6,'[20]WorkDone DATA'!$G:$G,BOQ!$B27)*$G27","v":{"$error":"#VALUE!"}},{"$f":"SUMIFS('[20]WorkDone DATA'!$L:$L,'[20]WorkDone DATA'!$N:$N,BOQ!BP$6,'[20]WorkDone DATA'!$G:$G,BOQ!$B27)*$G27","v":{"$error":"#VALUE!"}},{"$f":"SUMIFS('[20]WorkDone DATA'!$L:$L,'[20]WorkDone DATA'!$N:$N,BOQ!BQ$6,'[20]WorkDone DATA'!$G:$G,BOQ!$B27)*$G27","v":{"$error":"#VALUE!"}},{"$f":"SUMIFS('[20]WorkDone DATA'!$L:$L,'[20]WorkDone DATA'!$N:$N,BOQ!BR$6,'[20]WorkDone DATA'!$G:$G,BOQ!$B27)*$G27","v":{"$error":"#VALUE!"}},{"$f":"SUMIFS('[20]WorkDone DATA'!$L:$L,'[20]WorkDone DATA'!$N:$N,BOQ!BS$6,'[20]WorkDone DATA'!$G:$G,BOQ!$B27)*$G27","v":{"$error":"#VALUE!"}},{"$f":"SUMIFS('[20]WorkDone DATA'!$L:$L,'[20]WorkDone DATA'!$N:$N,BOQ!BT$6,'[20]WorkDone DATA'!$G:$G,BOQ!$B27)*$G27","v":{"$error":"#VALUE!"}},{"$f":"SUMIFS('[20]WorkDone DATA'!$L:$L,'[20]WorkDone DATA'!$N:$N,BOQ!BU$6,'[20]WorkDone DATA'!$G:$G,BOQ!$B27)*$G27","v":{"$error":"#VALUE!"}},{"$f":"SUMIFS('[20]WorkDone DATA'!$L:$L,'[20]WorkDone DATA'!$N:$N,BOQ!BV$6,'[20]WorkDone DATA'!$G:$G,BOQ!$B27)*$G27","v":{"$error":"#VALUE!"}},{"$f":"SUMIFS('[20]WorkDone DATA'!$L:$L,'[20]WorkDone DATA'!$N:$N,BOQ!BW$6,'[20]WorkDone DATA'!$G:$G,BOQ!$B27)*$G27","v":{"$error":"#VALUE!"}},{"$f":"SUMIFS('[20]WorkDone DATA'!$L:$L,'[20]WorkDone DATA'!$N:$N,BOQ!BX$6,'[20]WorkDone DATA'!$G:$G,BOQ!$B27)*$G27","v":{"$error":"#VALUE!"}}]
[{"$f":"C27","v":"630mm2 x 1core (CXX01XCV)  3.8kV/6.6kV"},2.011,"Supply","E","m",5000,{"v":1820.02,"d":"1,820.02"},{"v":9100100,"d":"9,100,100.00"},null,null,{"$error":"#VALUE!"},{"$error":"#VALUE!"},{"$error":"#VALUE!"},null,{"$error":"#VALUE!"},{"$error":"#VALUE!"},null,{"$f":"SUMIFS('[20]WorkDone DATA'!$L:$L,'[20]WorkDone DATA'!$N:$N,BOQ!S$6,'[20]WorkDone DATA'!$G:$G,BOQ!$B28)","v":{"$error":"#VALUE!"}},{"$error":"#VALUE!"},{"$f":"SUMIFS('[20]WorkDone DATA'!$L:$L,'[20]WorkDone DATA'!$N:$N,BOQ!U$6,'[20]WorkDone DATA'!$G:$G,BOQ!$B28)","v":{"$error":"#VALUE!"}},{"$error":"#VALUE!"},null,{"$f":"SUMIFS('[20]WorkDone DATA'!$L:$L,'[20]WorkDone DATA'!$N:$N,BOQ!W$6,'[20]WorkDone DATA'!$G:$G,BOQ!$B28)*$G28","v":{"$error":"#VALUE!"}},null,{"$f":"SUMIFS('[20]WorkDone DATA'!$L:$L,'[20]WorkDone DATA'!$N:$N,BOQ!Y$6,'[20]WorkDone DATA'!$G:$G,BOQ!$B28)*$G28","v":{"$error":"#VALUE!"}},null,{"$f":"SUMIFS('[20]WorkDone DATA'!$L:$L,'[20]WorkDone DATA'!$N:$N,BOQ!AA$6,'[20]WorkDone DATA'!$G:$G,BOQ!$B28)*$G28","v":{"$error":"#VALUE!"}},{"$f":"SUMIFS('[20]WorkDone DATA'!$L:$L,'[20]WorkDone DATA'!$N:$N,BOQ!AB$6,'[20]WorkDone DATA'!$G:$G,BOQ!$B28)*$G28","v":{"$error":"#VALUE!"}},{"$f":"SUMIFS('[20]WorkDone DATA'!$L:$L,'[20]WorkDone DATA'!$N:$N,BOQ!AC$6,'[20]WorkDone DATA'!$G:$G,BOQ!$B28)*$G28","v":{"$error":"#VALUE!"}},{"$f":"SUMIFS('[20]WorkDone DATA'!$L:$L,'[20]WorkDone DATA'!$N:$N,BOQ!AD$6,'[20]WorkDone DATA'!$G:$G,BOQ!$B28)*$G28","v":{"$error":"#VALUE!"}},{"$f":"SUMIFS('[20]WorkDone DATA'!$L:$L,'[20]WorkDone DATA'!$N:$N,BOQ!AE$6,'[20]WorkDone DATA'!$G:$G,BOQ!$B28)*$G28","v":{"$error":"#VALUE!"}},{"$f":"SUMIFS('[20]WorkDone DATA'!$L:$L,'[20]WorkDone DATA'!$N:$N,BOQ!AF$6,'[20]WorkDone DATA'!$G:$G,BOQ!$B28)*$G28","v":{"$error":"#VALUE!"}},{"$f":"SUMIFS('[20]WorkDone DATA'!$L:$L,'[20]WorkDone DATA'!$N:$N,BOQ!AG$6,'[20]WorkDone DATA'!$G:$G,BOQ!$B28)*$G28","v":{"$error":"#VALUE!"}},{"$f":"SUMIFS('[20]WorkDone DATA'!$L:$L,'[20]WorkDone DATA'!$N:$N,BOQ!AH$6,'[20]WorkDone DATA'!$G:$G,BOQ!$B28)*$G28","v":{"$error":"#VALUE!"}},{"$f":"SUMIFS('[20]WorkDone DATA'!$L:$L,'[20]WorkDone DATA'!$N:$N,BOQ!AI$6,'[20]WorkDone DATA'!$G:$G,BOQ!$B28)*$G28","v":{"$error":"#VALUE!"}},{"$f":"SUMIFS('[20]WorkDone DATA'!$L:$L,'[20]WorkDone DATA'!$N:$N,BOQ!AJ$6,'[20]WorkDone DATA'!$G:$G,BOQ!$B28)*$G28","v":{"$error":"#VALUE!"}},{"$f":"SUMIFS('[20]WorkDone DATA'!$L:$L,'[20]WorkDone DATA'!$N:$N,BOQ!AK$6,'[20]WorkDone DATA'!$G:$G,BOQ!$B28)*$G28","v":{"$error":"#VALUE!"}},{"$f":"SUMIFS('[20]WorkDone DATA'!$L:$L,'[20]WorkDone DATA'!$N:$N,BOQ!AL$6,'[20]WorkDone DATA'!$G:$G,BOQ!$B28)*$G28","v":{"$error":"#VALUE!"}},{"$f":"SUMIFS('[20]WorkDone DATA'!$L:$L,'[20]WorkDone DATA'!$N:$N,BOQ!AM$6,'[20]WorkDone DATA'!$G:$G,BOQ!$B28)*$G28","v":{"$error":"#VALUE!"}},{"$f":"SUMIFS('[20]WorkDone DATA'!$L:$L,'[20]WorkDone DATA'!$N:$N,BOQ!AN$6,'[20]WorkDone DATA'!$G:$G,BOQ!$B28)*$G28","v":{"$error":"#VALUE!"}},{"$f":"SUMIFS('[20]WorkDone DATA'!$L:$L,'[20]WorkDone DATA'!$N:$N,BOQ!AO$6,'[20]WorkDone DATA'!$G:$G,BOQ!$B28)*$G28","v":{"$error":"#VALUE!"}},{"$f":"SUMIFS('[20]WorkDone DATA'!$L:$L,'[20]WorkDone DATA'!$N:$N,BOQ!AP$6,'[20]WorkDone DATA'!$G:$G,BOQ!$B28)*$G28","v":{"$error":"#VALUE!"}},{"$f":"SUMIFS('[20]WorkDone DATA'!$L:$L,'[20]WorkDone DATA'!$N:$N,BOQ!AQ$6,'[20]WorkDone DATA'!$G:$G,BOQ!$B28)*$G28","v":{"$error":"#VALUE!"}},{"$f":"SUMIFS('[20]WorkDone DATA'!$L:$L,'[20]WorkDone DATA'!$N:$N,BOQ!AR$6,'[20]WorkDone DATA'!$G:$G,BOQ!$B28)*$G28","v":{"$error":"#VALUE!"}},{"$f":"SUMIFS('[20]WorkDone DATA'!$L:$L,'[20]WorkDone DATA'!$N:$N,BOQ!AS$6,'[20]WorkDone DATA'!$G:$G,BOQ!$B28)*$G28","v":{"$error":"#VALUE!"}},{"$f":"SUMIFS('[20]WorkDone DATA'!$L:$L,'[20]WorkDone DATA'!$N:$N,BOQ!AT$6,'[20]WorkDone DATA'!$G:$G,BOQ!$B28)*$G28","v":{"$error":"#VALUE!"}},{"$f":"SUMIFS('[20]WorkDone DATA'!$L:$L,'[20]WorkDone DATA'!$N:$N,BOQ!AU$6,'[20]WorkDone DATA'!$G:$G,BOQ!$B28)*$G28","v":{"$error":"#VALUE!"}},{"$f":"SUMIFS('[20]WorkDone DATA'!$L:$L,'[20]WorkDone DATA'!$N:$N,BOQ!AV$6,'[20]WorkDone DATA'!$G:$G,BOQ!$B28)*$G28","v":{"$error":"#VALUE!"}},{"$f":"SUMIFS('[20]WorkDone DATA'!$L:$L,'[20]WorkDone DATA'!$N:$N,BOQ!AW$6,'[20]WorkDone DATA'!$G:$G,BOQ!$B28)*$G28","v":{"$error":"#VALUE!"}},{"$f":"SUMIFS('[20]WorkDone DATA'!$L:$L,'[20]WorkDone DATA'!$N:$N,BOQ!AX$6,'[20]WorkDone DATA'!$G:$G,BOQ!$B28)*$G28","v":{"$error":"#VALUE!"}},{"$f":"SUMIFS('[20]WorkDone DATA'!$L:$L,'[20]WorkDone DATA'!$N:$N,BOQ!AY$6,'[20]WorkDone DATA'!$G:$G,BOQ!$B28)*$G28","v":{"$error":"#VALUE!"}},{"$f":"SUMIFS('[20]WorkDone DATA'!$L:$L,'[20]WorkDone DATA'!$N:$N,BOQ!AZ$6,'[20]WorkDone DATA'!$G:$G,BOQ!$B28)*$G28","v":{"$error":"#VALUE!"}},{"$f":"SUMIFS('[20]WorkDone DATA'!$L:$L,'[20]WorkDone DATA'!$N:$N,BOQ!BA$6,'[20]WorkDone DATA'!$G:$G,BOQ!$B28)*$G28","v":{"$error":"#VALUE!"}},{"$f":"SUMIFS('[20]WorkDone DATA'!$L:$L,'[20]WorkDone DATA'!$N:$N,BOQ!BB$6,'[20]WorkDone DATA'!$G:$G,BOQ!$B28)*$G28","v":{"$error":"#VALUE!"}},{"$f":"SUMIFS('[20]WorkDone DATA'!$L:$L,'[20]WorkDone DATA'!$N:$N,BOQ!BC$6,'[20]WorkDone DATA'!$G:$G,BOQ!$B28)*$G28","v":{"$error":"#VALUE!"}},{"$f":"SUMIFS('[20]WorkDone DATA'!$L:$L,'[20]WorkDone DATA'!$N:$N,BOQ!BD$6,'[20]WorkDone DATA'!$G:$G,BOQ!$B28)*$G28","v":{"$error":"#VALUE!"}},{"$f":"SUMIFS('[20]WorkDone DATA'!$L:$L,'[20]WorkDone DATA'!$N:$N,BOQ!BE$6,'[20]WorkDone DATA'!$G:$G,BOQ!$B28)*$G28","v":{"$error":"#VALUE!"}},{"$f":"SUMIFS('[20]WorkDone DATA'!$L:$L,'[20]WorkDone DATA'!$N:$N,BOQ!BF$6,'[20]WorkDone DATA'!$G:$G,BOQ!$B28)*$G28","v":{"$error":"#VALUE!"}},{"$f":"SUMIFS('[20]WorkDone DATA'!$L:$L,'[20]WorkDone DATA'!$N:$N,BOQ!BG$6,'[20]WorkDone DATA'!$G:$G,BOQ!$B28)*$G28","v":{"$error":"#VALUE!"}},{"$f":"SUMIFS('[20]WorkDone DATA'!$L:$L,'[20]WorkDone DATA'!$N:$N,BOQ!BH$6,'[20]WorkDone DATA'!$G:$G,BOQ!$B28)*$G28","v":{"$error":"#VALUE!"}},{"$f":"SUMIFS('[20]WorkDone DATA'!$L:$L,'[20]WorkDone DATA'!$N:$N,BOQ!BI$6,'[20]WorkDone DATA'!$G:$G,BOQ!$B28)*$G28","v":{"$error":"#VALUE!"}},{"$f":"SUMIFS('[20]WorkDone DATA'!$L:$L,'[20]WorkDone DATA'!$N:$N,BOQ!BJ$6,'[20]WorkDone DATA'!$G:$G,BOQ!$B28)*$G28","v":{"$error":"#VALUE!"}},{"$f":"SUMIFS('[20]WorkDone DATA'!$L:$L,'[20]WorkDone DATA'!$N:$N,BOQ!BK$6,'[20]WorkDone DATA'!$G:$G,BOQ!$B28)*$G28","v":{"$error":"#VALUE!"}},{"$f":"SUMIFS('[20]WorkDone DATA'!$L:$L,'[20]WorkDone DATA'!$N:$N,BOQ!BL$6,'[20]WorkDone DATA'!$G:$G,BOQ!$B28)*$G28","v":{"$error":"#VALUE!"}},{"$f":"SUMIFS('[20]WorkDone DATA'!$L:$L,'[20]WorkDone DATA'!$N:$N,BOQ!BM$6,'[20]WorkDone DATA'!$G:$G,BOQ!$B28)*$G28","v":{"$error":"#VALUE!"}},{"$f":"SUMIFS('[20]WorkDone DATA'!$L:$L,'[20]WorkDone DATA'!$N:$N,BOQ!BN$6,'[20]WorkDone DATA'!$G:$G,BOQ!$B28)*$G28","v":{"$error":"#VALUE!"}},{"$f":"SUMIFS('[20]WorkDone DATA'!$L:$L,'[20]WorkDone DATA'!$N:$N,BOQ!BO$6,'[20]WorkDone DATA'!$G:$G,BOQ!$B28)*$G28","v":{"$error":"#VALUE!"}},{"$f":"SUMIFS('[20]WorkDone DATA'!$L:$L,'[20]WorkDone DATA'!$N:$N,BOQ!BP$6,'[20]WorkDone DATA'!$G:$G,BOQ!$B28)*$G28","v":{"$error":"#VALUE!"}},{"$f":"SUMIFS('[20]WorkDone DATA'!$L:$L,'[20]WorkDone DATA'!$N:$N,BOQ!BQ$6,'[20]WorkDone DATA'!$G:$G,BOQ!$B28)*$G28","v":{"$error":"#VALUE!"}},{"$f":"SUMIFS('[20]WorkDone DATA'!$L:$L,'[20]WorkDone DATA'!$N:$N,BOQ!BR$6,'[20]WorkDone DATA'!$G:$G,BOQ!$B28)*$G28","v":{"$error":"#VALUE!"}},{"$f":"SUMIFS('[20]WorkDone DATA'!$L:$L,'[20]WorkDone DATA'!$N:$N,BOQ!BS$6,'[20]WorkDone DATA'!$G:$G,BOQ!$B28)*$G28","v":{"$error":"#VALUE!"}},{"$f":"SUMIFS('[20]WorkDone DATA'!$L:$L,'[20]WorkDone DATA'!$N:$N,BOQ!BT$6,'[20]WorkDone DATA'!$G:$G,BOQ!$B28)*$G28","v":{"$error":"#VALUE!"}},{"$f":"SUMIFS('[20]WorkDone DATA'!$L:$L,'[20]WorkDone DATA'!$N:$N,BOQ!BU$6,'[20]WorkDone DATA'!$G:$G,BOQ!$B28)*$G28","v":{"$error":"#VALUE!"}},{"$f":"SUMIFS('[20]WorkDone DATA'!$L:$L,'[20]WorkDone DATA'!$N:$N,BOQ!BV$6,'[20]WorkDone DATA'!$G:$G,BOQ!$B28)*$G28","v":{"$error":"#VALUE!"}},{"$f":"SUMIFS('[20]WorkDone DATA'!$L:$L,'[20]WorkDone DATA'!$N:$N,BOQ!BW$6,'[20]WorkDone DATA'!$G:$G,BOQ!$B28)*$G28","v":{"$error":"#VALUE!"}},{"$f":"SUMIFS('[20]WorkDone DATA'!$L:$L,'[20]WorkDone DATA'!$N:$N,BOQ!BX$6,'[20]WorkDone DATA'!$G:$G,BOQ!$B28)*$G28","v":{"$error":"#VALUE!"}}]
[{"$f":"C27","v":"630mm2 x 1core (CXX01XCV)  3.8kV/6.6kV"},2.012,"Installation","A","m",5000,117.05,{"v":585250,"d":"585,250.00"},null,null,{"$error":"#VALUE!"},{"$error":"#VALUE!"},{"$error":"#VALUE!"},null,{"$error":"#VALUE!"},{"$error":"#VALUE!"},null,{"$f":"SUMIFS('[20]WorkDone DATA'!$L:$L,'[20]WorkDone DATA'!$N:$N,BOQ!S$6,'[20]WorkDone DATA'!$G:$G,BOQ!$B29)","v":{"$error":"#VALUE!"}},{"$error":"#VALUE!"},{"$f":"SUMIFS('[20]WorkDone DATA'!$L:$L,'[20]WorkDone DATA'!$N:$N,BOQ!U$6,'[20]WorkDone DATA'!$G:$G,BOQ!$B29)","v":{"$error":"#VALUE!"}},{"$error":"#VALUE!"},null,{"$f":"SUMIFS('[20]WorkDone DATA'!$L:$L,'[20]WorkDone DATA'!$N:$N,BOQ!W$6,'[20]WorkDone DATA'!$G:$G,BOQ!$B29)*$G29","v":{"$error":"#VALUE!"}},null,{"$f":"SUMIFS('[20]WorkDone DATA'!$L:$L,'[20]WorkDone DATA'!$N:$N,BOQ!Y$6,'[20]WorkDone DATA'!$G:$G,BOQ!$B29)*$G29","v":{"$error":"#VALUE!"}},null,{"$f":"SUMIFS('[20]WorkDone DATA'!$L:$L,'[20]WorkDone DATA'!$N:$N,BOQ!AA$6,'[20]WorkDone DATA'!$G:$G,BOQ!$B29)*$G29","v":{"$error":"#VALUE!"}},{"$f":"SUMIFS('[20]WorkDone DATA'!$L:$L,'[20]WorkDone DATA'!$N:$N,BOQ!AB$6,'[20]WorkDone DATA'!$G:$G,BOQ!$B29)*$G29","v":{"$error":"#VALUE!"}},{"$f":"SUMIFS('[20]WorkDone DATA'!$L:$L,'[20]WorkDone DATA'!$N:$N,BOQ!AC$6,'[20]WorkDone DATA'!$G:$G,BOQ!$B29)*$G29","v":{"$error":"#VALUE!"}},{"$f":"SUMIFS('[20]WorkDone DATA'!$L:$L,'[20]WorkDone DATA'!$N:$N,BOQ!AD$6,'[20]WorkDone DATA'!$G:$G,BOQ!$B29)*$G29","v":{"$error":"#VALUE!"}},{"$f":"SUMIFS('[20]WorkDone DATA'!$L:$L,'[20]WorkDone DATA'!$N:$N,BOQ!AE$6,'[20]WorkDone DATA'!$G:$G,BOQ!$B29)*$G29","v":{"$error":"#VALUE!"}},{"$f":"SUMIFS('[20]WorkDone DATA'!$L:$L,'[20]WorkDone DATA'!$N:$N,BOQ!AF$6,'[20]WorkDone DATA'!$G:$G,BOQ!$B29)*$G29","v":{"$error":"#VALUE!"}},{"$f":"SUMIFS('[20]WorkDone DATA'!$L:$L,'[20]WorkDone DATA'!$N:$N,BOQ!AG$6,'[20]WorkDone DATA'!$G:$G,BOQ!$B29)*$G29","v":{"$error":"#VALUE!"}},{"$f":"SUMIFS('[20]WorkDone DATA'!$L:$L,'[20]WorkDone DATA'!$N:$N,BOQ!AH$6,'[20]WorkDone DATA'!$G:$G,BOQ!$B29)*$G29","v":{"$error":"#VALUE!"}},{"$f":"SUMIFS('[20]WorkDone DATA'!$L:$L,'[20]WorkDone DATA'!$N:$N,BOQ!AI$6,'[20]WorkDone DATA'!$G:$G,BOQ!$B29)*$G29","v":{"$error":"#VALUE!"}},{"$f":"SUMIFS('[20]WorkDone DATA'!$L:$L,'[20]WorkDone DATA'!$N:$N,BOQ!AJ$6,'[20]WorkDone DATA'!$G:$G,BOQ!$B29)*$G29","v":{"$error":"#VALUE!"}},{"$f":"SUMIFS('[20]WorkDone DATA'!$L:$L,'[20]WorkDone DATA'!$N:$N,BOQ!AK$6,'[20]WorkDone DATA'!$G:$G,BOQ!$B29)*$G29","v":{"$error":"#VALUE!"}},{"$f":"SUMIFS('[20]WorkDone DATA'!$L:$L,'[20]WorkDone DATA'!$N:$N,BOQ!AL$6,'[20]WorkDone DATA'!$G:$G,BOQ!$B29)*$G29","v":{"$error":"#VALUE!"}},{"$f":"SUMIFS('[20]WorkDone DATA'!$L:$L,'[20]WorkDone DATA'!$N:$N,BOQ!AM$6,'[20]WorkDone DATA'!$G:$G,BOQ!$B29)*$G29","v":{"$error":"#VALUE!"}},{"$f":"SUMIFS('[20]WorkDone DATA'!$L:$L,'[20]WorkDone DATA'!$N:$N,BOQ!AN$6,'[20]WorkDone DATA'!$G:$G,BOQ!$B29)*$G29","v":{"$error":"#VALUE!"}},{"$f":"SUMIFS('[20]WorkDone DATA'!$L:$L,'[20]WorkDone DATA'!$N:$N,BOQ!AO$6,'[20]WorkDone DATA'!$G:$G,BOQ!$B29)*$G29","v":{"$error":"#VALUE!"}},{"$f":"SUMIFS('[20]WorkDone DATA'!$L:$L,'[20]WorkDone DATA'!$N:$N,BOQ!AP$6,'[20]WorkDone DATA'!$G:$G,BOQ!$B29)*$G29","v":{"$error":"#VALUE!"}},{"$f":"SUMIFS('[20]WorkDone DATA'!$L:$L,'[20]WorkDone DATA'!$N:$N,BOQ!AQ$6,'[20]WorkDone DATA'!$G:$G,BOQ!$B29)*$G29","v":{"$error":"#VALUE!"}},{"$f":"SUMIFS('[20]WorkDone DATA'!$L:$L,'[20]WorkDone DATA'!$N:$N,BOQ!AR$6,'[20]WorkDone DATA'!$G:$G,BOQ!$B29)*$G29","v":{"$error":"#VALUE!"}},{"$f":"SUMIFS('[20]WorkDone DATA'!$L:$L,'[20]WorkDone DATA'!$N:$N,BOQ!AS$6,'[20]WorkDone DATA'!$G:$G,BOQ!$B29)*$G29","v":{"$error":"#VALUE!"}},{"$f":"SUMIFS('[20]WorkDone DATA'!$L:$L,'[20]WorkDone DATA'!$N:$N,BOQ!AT$6,'[20]WorkDone DATA'!$G:$G,BOQ!$B29)*$G29","v":{"$error":"#VALUE!"}},{"$f":"SUMIFS('[20]WorkDone DATA'!$L:$L,'[20]WorkDone DATA'!$N:$N,BOQ!AU$6,'[20]WorkDone DATA'!$G:$G,BOQ!$B29)*$G29","v":{"$error":"#VALUE!"}},{"$f":"SUMIFS('[20]WorkDone DATA'!$L:$L,'[20]WorkDone DATA'!$N:$N,BOQ!AV$6,'[20]WorkDone DATA'!$G:$G,BOQ!$B29)*$G29","v":{"$error":"#VALUE!"}},{"$f":"SUMIFS('[20]WorkDone DATA'!$L:$L,'[20]WorkDone DATA'!$N:$N,BOQ!AW$6,'[20]WorkDone DATA'!$G:$G,BOQ!$B29)*$G29","v":{"$error":"#VALUE!"}},{"$f":"SUMIFS('[20]WorkDone DATA'!$L:$L,'[20]WorkDone DATA'!$N:$N,BOQ!AX$6,'[20]WorkDone DATA'!$G:$G,BOQ!$B29)*$G29","v":{"$error":"#VALUE!"}},{"$f":"SUMIFS('[20]WorkDone DATA'!$L:$L,'[20]WorkDone DATA'!$N:$N,BOQ!AY$6,'[20]WorkDone DATA'!$G:$G,BOQ!$B29)*$G29","v":{"$error":"#VALUE!"}},{"$f":"SUMIFS('[20]WorkDone DATA'!$L:$L,'[20]WorkDone DATA'!$N:$N,BOQ!AZ$6,'[20]WorkDone DATA'!$G:$G,BOQ!$B29)*$G29","v":{"$error":"#VALUE!"}},{"$f":"SUMIFS('[20]WorkDone DATA'!$L:$L,'[20]WorkDone DATA'!$N:$N,BOQ!BA$6,'[20]WorkDone DATA'!$G:$G,BOQ!$B29)*$G29","v":{"$error":"#VALUE!"}},{"$f":"SUMIFS('[20]WorkDone DATA'!$L:$L,'[20]WorkDone DATA'!$N:$N,BOQ!BB$6,'[20]WorkDone DATA'!$G:$G,BOQ!$B29)*$G29","v":{"$error":"#VALUE!"}},{"$f":"SUMIFS('[20]WorkDone DATA'!$L:$L,'[20]WorkDone DATA'!$N:$N,BOQ!BC$6,'[20]WorkDone DATA'!$G:$G,BOQ!$B29)*$G29","v":{"$error":"#VALUE!"}},{"$f":"SUMIFS('[20]WorkDone DATA'!$L:$L,'[20]WorkDone DATA'!$N:$N,BOQ!BD$6,'[20]WorkDone DATA'!$G:$G,BOQ!$B29)*$G29","v":{"$error":"#VALUE!"}},{"$f":"SUMIFS('[20]WorkDone DATA'!$L:$L,'[20]WorkDone DATA'!$N:$N,BOQ!BE$6,'[20]WorkDone DATA'!$G:$G,BOQ!$B29)*$G29","v":{"$error":"#VALUE!"}},{"$f":"SUMIFS('[20]WorkDone DATA'!$L:$L,'[20]WorkDone DATA'!$N:$N,BOQ!BF$6,'[20]WorkDone DATA'!$G:$G,BOQ!$B29)*$G29","v":{"$error":"#VALUE!"}},{"$f":"SUMIFS('[20]WorkDone DATA'!$L:$L,'[20]WorkDone DATA'!$N:$N,BOQ!BG$6,'[20]WorkDone DATA'!$G:$G,BOQ!$B29)*$G29","v":{"$error":"#VALUE!"}},{"$f":"SUMIFS('[20]WorkDone DATA'!$L:$L,'[20]WorkDone DATA'!$N:$N,BOQ!BH$6,'[20]WorkDone DATA'!$G:$G,BOQ!$B29)*$G29","v":{"$error":"#VALUE!"}},{"$f":"SUMIFS('[20]WorkDone DATA'!$L:$L,'[20]WorkDone DATA'!$N:$N,BOQ!BI$6,'[20]WorkDone DATA'!$G:$G,BOQ!$B29)*$G29","v":{"$error":"#VALUE!"}},{"$f":"SUMIFS('[20]WorkDone DATA'!$L:$L,'[20]WorkDone DATA'!$N:$N,BOQ!BJ$6,'[20]WorkDone DATA'!$G:$G,BOQ!$B29)*$G29","v":{"$error":"#VALUE!"}},{"$f":"SUMIFS('[20]WorkDone DATA'!$L:$L,'[20]WorkDone DATA'!$N:$N,BOQ!BK$6,'[20]WorkDone DATA'!$G:$G,BOQ!$B29)*$G29","v":{"$error":"#VALUE!"}},{"$f":"SUMIFS('[20]WorkDone DATA'!$L:$L,'[20]WorkDone DATA'!$N:$N,BOQ!BL$6,'[20]WorkDone DATA'!$G:$G,BOQ!$B29)*$G29","v":{"$error":"#VALUE!"}},{"$f":"SUMIFS('[20]WorkDone DATA'!$L:$L,'[20]WorkDone DATA'!$N:$N,BOQ!BM$6,'[20]WorkDone DATA'!$G:$G,BOQ!$B29)*$G29","v":{"$error":"#VALUE!"}},{"$f":"SUMIFS('[20]WorkDone DATA'!$L:$L,'[20]WorkDone DATA'!$N:$N,BOQ!BN$6,'[20]WorkDone DATA'!$G:$G,BOQ!$B29)*$G29","v":{"$error":"#VALUE!"}},{"$f":"SUMIFS('[20]WorkDone DATA'!$L:$L,'[20]WorkDone DATA'!$N:$N,BOQ!BO$6,'[20]WorkDone DATA'!$G:$G,BOQ!$B29)*$G29","v":{"$error":"#VALUE!"}},{"$f":"SUMIFS('[20]WorkDone DATA'!$L:$L,'[20]WorkDone DATA'!$N:$N,BOQ!BP$6,'[20]WorkDone DATA'!$G:$G,BOQ!$B29)*$G29","v":{"$error":"#VALUE!"}},{"$f":"SUMIFS('[20]WorkDone DATA'!$L:$L,'[20]WorkDone DATA'!$N:$N,BOQ!BQ$6,'[20]WorkDone DATA'!$G:$G,BOQ!$B29)*$G29","v":{"$error":"#VALUE!"}},{"$f":"SUMIFS('[20]WorkDone DATA'!$L:$L,'[20]WorkDone DATA'!$N:$N,BOQ!BR$6,'[20]WorkDone DATA'!$G:$G,BOQ!$B29)*$G29","v":{"$error":"#VALUE!"}},{"$f":"SUMIFS('[20]WorkDone DATA'!$L:$L,'[20]WorkDone DATA'!$N:$N,BOQ!BS$6,'[20]WorkDone DATA'!$G:$G,BOQ!$B29)*$G29","v":{"$error":"#VALUE!"}},{"$f":"SUMIFS('[20]WorkDone DATA'!$L:$L,'[20]WorkDone DATA'!$N:$N,BOQ!BT$6,'[20]WorkDone DATA'!$G:$G,BOQ!$B29)*$G29","v":{"$error":"#VALUE!"}},{"$f":"SUMIFS('[20]WorkDone DATA'!$L:$L,'[20]WorkDone DATA'!$N:$N,BOQ!BU$6,'[20]WorkDone DATA'!$G:$G,BOQ!$B29)*$G29","v":{"$error":"#VALUE!"}},{"$f":"SUMIFS('[20]WorkDone DATA'!$L:$L,'[20]WorkDone DATA'!$N:$N,BOQ!BV$6,'[20]WorkDone DATA'!$G:$G,BOQ!$B29)*$G29","v":{"$error":"#VALUE!"}},{"$f":"SUMIFS('[20]WorkDone DATA'!$L:$L,'[20]WorkDone DATA'!$N:$N,BOQ!BW$6,'[20]WorkDone DATA'!$G:$G,BOQ!$B29)*$G29","v":{"$error":"#VALUE!"}},{"$f":"SUMIFS('[20]WorkDone DATA'!$L:$L,'[20]WorkDone DATA'!$N:$N,BOQ!BX$6,'[20]WorkDone DATA'!$G:$G,BOQ!$B29)*$G29","v":{"$error":"#VALUE!"}}]
[null,null,"120mm x 3 core (CXX03QCV) 3.8kV/6.6kV",{"$nulls":4},0,{"$nulls":3},{"$error":"#VALUE!"},{"$error":"#VALUE!"},null,0,{"$error":"#VALUE!"},null,{"$f":"SUMIFS('[20]WorkDone DATA'!$L:$L,'[20]WorkDone DATA'!$N:$N,BOQ!S$6,'[20]WorkDone DATA'!$G:$G,BOQ!$B30)","v":{"$error":"#VALUE!"}},{"$error":"#VALUE!"},{"$f":"SUMIFS('[20]WorkDone DATA'!$L:$L,'[20]WorkDone DATA'!$N:$N,BOQ!U$6,'[20]WorkDone DATA'!$G:$G,BOQ!$B30)","v":{"$error":"#VALUE!"}},{"$error":"#VALUE!"},null,{"$f":"SUMIFS('[20]WorkDone DATA'!$L:$L,'[20]WorkDone DATA'!$N:$N,BOQ!W$6,'[20]WorkDone DATA'!$G:$G,BOQ!$B30)*$G30","v":{"$error":"#VALUE!"}},null,{"$f":"SUMIFS('[20]WorkDone DATA'!$L:$L,'[20]WorkDone DATA'!$N:$N,BOQ!Y$6,'[20]WorkDone DATA'!$G:$G,BOQ!$B30)*$G30","v":{"$error":"#VALUE!"}},null,{"$f":"SUMIFS('[20]WorkDone DATA'!$L:$L,'[20]WorkDone DATA'!$N:$N,BOQ!AA$6,'[20]WorkDone DATA'!$G:$G,BOQ!$B30)*$G30","v":{"$error":"#VALUE!"}},{"$f":"SUMIFS('[20]WorkDone DATA'!$L:$L,'[20]WorkDone DATA'!$N:$N,BOQ!AB$6,'[20]WorkDone DATA'!$G:$G,BOQ!$B30)*$G30","v":{"$error":"#VALUE!"}},{"$f":"SUMIFS('[20]WorkDone DATA'!$L:$L,'[20]WorkDone DATA'!$N:$N,BOQ!AC$6,'[20]WorkDone DATA'!$G:$G,BOQ!$B30)*$G30","v":{"$error":"#VALUE!"}},{"$f":"SUMIFS('[20]WorkDone DATA'!$L:$L,'[20]WorkDone DATA'!$N:$N,BOQ!AD$6,'[20]WorkDone DATA'!$G:$G,BOQ!$B30)*$G30","v":{"$error":"#VALUE!"}},{"$f":"SUMIFS('[20]WorkDone DATA'!$L:$L,'[20]WorkDone DATA'!$N:$N,BOQ!AE$6,'[20]WorkDone DATA'!$G:$G,BOQ!$B30)*$G30","v":{"$error":"#VALUE!"}},{"$f":"SUMIFS('[20]WorkDone DATA'!$L:$L,'[20]WorkDone DATA'!$N:$N,BOQ!AF$6,'[20]WorkDone DATA'!$G:$G,BOQ!$B30)*$G30","v":{"$error":"#VALUE!"}},{"$f":"SUMIFS('[20]WorkDone DATA'!$L:$L,'[20]WorkDone DATA'!$N:$N,BOQ!AG$6,'[20]WorkDone DATA'!$G:$G,BOQ!$B30)*$G30","v":{"$error":"#VALUE!"}},{"$f":"SUMIFS('[20]WorkDone DATA'!$L:$L,'[20]WorkDone DATA'!$N:$N,BOQ!AH$6,'[20]WorkDone DATA'!$G:$G,BOQ!$B30)*$G30","v":{"$error":"#VALUE!"}},{"$f":"SUMIFS('[20]WorkDone DATA'!$L:$L,'[20]WorkDone DATA'!$N:$N,BOQ!AI$6,'[20]WorkDone DATA'!$G:$G,BOQ!$B30)*$G30","v":{"$error":"#VALUE!"}},{"$f":"SUMIFS('[20]WorkDone DATA'!$L:$L,'[20]WorkDone DATA'!$N:$N,BOQ!AJ$6,'[20]WorkDone DATA'!$G:$G,BOQ!$B30)*$G30","v":{"$error":"#VALUE!"}},{"$f":"SUMIFS('[20]WorkDone DATA'!$L:$L,'[20]WorkDone DATA'!$N:$N,BOQ!AK$6,'[20]WorkDone DATA'!$G:$G,BOQ!$B30)*$G30","v":{"$error":"#VALUE!"}},{"$f":"SUMIFS('[20]WorkDone DATA'!$L:$L,'[20]WorkDone DATA'!$N:$N,BOQ!AL$6,'[20]WorkDone DATA'!$G:$G,BOQ!$B30)*$G30","v":{"$error":"#VALUE!"}},{"$f":"SUMIFS('[20]WorkDone DATA'!$L:$L,'[20]WorkDone DATA'!$N:$N,BOQ!AM$6,'[20]WorkDone DATA'!$G:$G,BOQ!$B30)*$G30","v":{"$error":"#VALUE!"}},{"$f":"SUMIFS('[20]WorkDone DATA'!$L:$L,'[20]WorkDone DATA'!$N:$N,BOQ!AN$6,'[20]WorkDone DATA'!$G:$G,BOQ!$B30)*$G30","v":{"$error":"#VALUE!"}},{"$f":"SUMIFS('[20]WorkDone DATA'!$L:$L,'[20]WorkDone DATA'!$N:$N,BOQ!AO$6,'[20]WorkDone DATA'!$G:$G,BOQ!$B30)*$G30","v":{"$error":"#VALUE!"}},{"$f":"SUMIFS('[20]WorkDone DATA'!$L:$L,'[20]WorkDone DATA'!$N:$N,BOQ!AP$6,'[20]WorkDone DATA'!$G:$G,BOQ!$B30)*$G30","v":{"$error":"#VALUE!"}},{"$f":"SUMIFS('[20]WorkDone DATA'!$L:$L,'[20]WorkDone DATA'!$N:$N,BOQ!AQ$6,'[20]WorkDone DATA'!$G:$G,BOQ!$B30)*$G30","v":{"$error":"#VALUE!"}},{"$f":"SUMIFS('[20]WorkDone DATA'!$L:$L,'[20]WorkDone DATA'!$N:$N,BOQ!AR$6,'[20]WorkDone DATA'!$G:$G,BOQ!$B30)*$G30","v":{"$error":"#VALUE!"}},{"$f":"SUMIFS('[20]WorkDone DATA'!$L:$L,'[20]WorkDone DATA'!$N:$N,BOQ!AS$6,'[20]WorkDone DATA'!$G:$G,BOQ!$B30)*$G30","v":{"$error":"#VALUE!"}},{"$f":"SUMIFS('[20]WorkDone DATA'!$L:$L,'[20]WorkDone DATA'!$N:$N,BOQ!AT$6,'[20]WorkDone DATA'!$G:$G,BOQ!$B30)*$G30","v":{"$error":"#VALUE!"}},{"$f":"SUMIFS('[20]WorkDone DATA'!$L:$L,'[20]WorkDone DATA'!$N:$N,BOQ!AU$6,'[20]WorkDone DATA'!$G:$G,BOQ!$B30)*$G30","v":{"$error":"#VALUE!"}},{"$f":"SUMIFS('[20]WorkDone DATA'!$L:$L,'[20]WorkDone DATA'!$N:$N,BOQ!AV$6,'[20]WorkDone DATA'!$G:$G,BOQ!$B30)*$G30","v":{"$error":"#VALUE!"}},{"$f":"SUMIFS('[20]WorkDone DATA'!$L:$L,'[20]WorkDone DATA'!$N:$N,BOQ!AW$6,'[20]WorkDone DATA'!$G:$G,BOQ!$B30)*$G30","v":{"$error":"#VALUE!"}},{"$f":"SUMIFS('[20]WorkDone DATA'!$L:$L,'[20]WorkDone DATA'!$N:$N,BOQ!AX$6,'[20]WorkDone DATA'!$G:$G,BOQ!$B30)*$G30","v":{"$error":"#VALUE!"}},{"$f":"SUMIFS('[20]WorkDone DATA'!$L:$L,'[20]WorkDone DATA'!$N:$N,BOQ!AY$6,'[20]WorkDone DATA'!$G:$G,BOQ!$B30)*$G30","v":{"$error":"#VALUE!"}},{"$f":"SUMIFS('[20]WorkDone DATA'!$L:$L,'[20]WorkDone DATA'!$N:$N,BOQ!AZ$6,'[20]WorkDone DATA'!$G:$G,BOQ!$B30)*$G30","v":{"$error":"#VALUE!"}},{"$f":"SUMIFS('[20]WorkDone DATA'!$L:$L,'[20]WorkDone DATA'!$N:$N,BOQ!BA$6,'[20]WorkDone DATA'!$G:$G,BOQ!$B30)*$G30","v":{"$error":"#VALUE!"}},{"$f":"SUMIFS('[20]WorkDone DATA'!$L:$L,'[20]WorkDone DATA'!$N:$N,BOQ!BB$6,'[20]WorkDone DATA'!$G:$G,BOQ!$B30)*$G30","v":{"$error":"#VALUE!"}},{"$f":"SUMIFS('[20]WorkDone DATA'!$L:$L,'[20]WorkDone DATA'!$N:$N,BOQ!BC$6,'[20]WorkDone DATA'!$G:$G,BOQ!$B30)*$G30","v":{"$error":"#VALUE!"}},{"$f":"SUMIFS('[20]WorkDone DATA'!$L:$L,'[20]WorkDone DATA'!$N:$N,BOQ!BD$6,'[20]WorkDone DATA'!$G:$G,BOQ!$B30)*$G30","v":{"$error":"#VALUE!"}},{"$f":"SUMIFS('[20]WorkDone DATA'!$L:$L,'[20]WorkDone DATA'!$N:$N,BOQ!BE$6,'[20]WorkDone DATA'!$G:$G,BOQ!$B30)*$G30","v":{"$error":"#VALUE!"}},{"$f":"SUMIFS('[20]WorkDone DATA'!$L:$L,'[20]WorkDone DATA'!$N:$N,BOQ!BF$6,'[20]WorkDone DATA'!$G:$G,BOQ!$B30)*$G30","v":{"$error":"#VALUE!"}},{"$f":"SUMIFS('[20]WorkDone DATA'!$L:$L,'[20]WorkDone DATA'!$N:$N,BOQ!BG$6,'[20]WorkDone DATA'!$G:$G,BOQ!$B30)*$G30","v":{"$error":"#VALUE!"}},{"$f":"SUMIFS('[20]WorkDone DATA'!$L:$L,'[20]WorkDone DATA'!$N:$N,BOQ!BH$6,'[20]WorkDone DATA'!$G:$G,BOQ!$B30)*$G30","v":{"$error":"#VALUE!"}},{"$f":"SUMIFS('[20]WorkDone DATA'!$L:$L,'[20]WorkDone DATA'!$N:$N,BOQ!BI$6,'[20]WorkDone DATA'!$G:$G,BOQ!$B30)*$G30","v":{"$error":"#VALUE!"}},{"$f":"SUMIFS('[20]WorkDone DATA'!$L:$L,'[20]WorkDone DATA'!$N:$N,BOQ!BJ$6,'[20]WorkDone DATA'!$G:$G,BOQ!$B30)*$G30","v":{"$error":"#VALUE!"}},{"$f":"SUMIFS('[20]WorkDone DATA'!$L:$L,'[20]WorkDone DATA'!$N:$N,BOQ!BK$6,'[20]WorkDone DATA'!$G:$G,BOQ!$B30)*$G30","v":{"$error":"#VALUE!"}},{"$f":"SUMIFS('[20]WorkDone DATA'!$L:$L,'[20]WorkDone DATA'!$N:$N,BOQ!BL$6,'[20]WorkDone DATA'!$G:$G,BOQ!$B30)*$G30","v":{"$error":"#VALUE!"}},{"$f":"SUMIFS('[20]WorkDone DATA'!$L:$L,'[20]WorkDone DATA'!$N:$N,BOQ!BM$6,'[20]WorkDone DATA'!$G:$G,BOQ!$B30)*$G30","v":{"$error":"#VALUE!"}},{"$f":"SUMIFS('[20]WorkDone DATA'!$L:$L,'[20]WorkDone DATA'!$N:$N,BOQ!BN$6,'[20]WorkDone DATA'!$G:$G,BOQ!$B30)*$G30","v":{"$error":"#VALUE!"}},{"$f":"SUMIFS('[20]WorkDone DATA'!$L:$L,'[20]WorkDone DATA'!$N:$N,BOQ!BO$6,'[20]WorkDone DATA'!$G:$G,BOQ!$B30)*$G30","v":{"$error":"#VALUE!"}},{"$f":"SUMIFS('[20]WorkDone DATA'!$L:$L,'[20]WorkDone DATA'!$N:$N,BOQ!BP$6,'[20]WorkDone DATA'!$G:$G,BOQ!$B30)*$G30","v":{"$error":"#VALUE!"}},{"$f":"SUMIFS('[20]WorkDone DATA'!$L:$L,'[20]WorkDone DATA'!$N:$N,BOQ!BQ$6,'[20]WorkDone DATA'!$G:$G,BOQ!$B30)*$G30","v":{"$error":"#VALUE!"}},{"$f":"SUMIFS('[20]WorkDone DATA'!$L:$L,'[20]WorkDone DATA'!$N:$N,BOQ!BR$6,'[20]WorkDone DATA'!$G:$G,BOQ!$B30)*$G30","v":{"$error":"#VALUE!"}},{"$f":"SUMIFS('[20]WorkDone DATA'!$L:$L,'[20]WorkDone DATA'!$N:$N,BOQ!BS$6,'[20]WorkDone DATA'!$G:$G,BOQ!$B30)*$G30","v":{"$error":"#VALUE!"}},{"$f":"SUMIFS('[20]WorkDone DATA'!$L:$L,'[20]WorkDone DATA'!$N:$N,BOQ!BT$6,'[20]WorkDone DATA'!$G:$G,BOQ!$B30)*$G30","v":{"$error":"#VALUE!"}},{"$f":"SUMIFS('[20]WorkDone DATA'!$L:$L,'[20]WorkDone DATA'!$N:$N,BOQ!BU$6,'[20]WorkDone DATA'!$G:$G,BOQ!$B30)*$G30","v":{"$error":"#VALUE!"}},{"$f":"SUMIFS('[20]WorkDone DATA'!$L:$L,'[20]WorkDone DATA'!$N:$N,BOQ!BV$6,'[20]WorkDone DATA'!$G:$G,BOQ!$B30)*$G30","v":{"$error":"#VALUE!"}},{"$f":"SUMIFS('[20]WorkDone DATA'!$L:$L,'[20]WorkDone DATA'!$N:$N,BOQ!BW$6,'[20]WorkDone DATA'!$G:$G,BOQ!$B30)*$G30","v":{"$error":"#VALUE!"}},{"$f":"SUMIFS('[20]WorkDone DATA'!$L:$L,'[20]WorkDone DATA'!$N:$N,BOQ!BX$6,'[20]WorkDone DATA'!$G:$G,BOQ!$B30)*$G30","v":{"$error":"#VALUE!"}}]
[{"$f":"C30","v":"120mm x 3 core (CXX03QCV) 3.8kV/6.6kV"},2.013,"Supply","E","m",720,{"v":1472.65,"d":"1,472.65"},{"v":1060308,"d":"1,060,308.00"},null,null,{"$error":"#VALUE!"},{"$error":"#VALUE!"},{"$error":"#VALUE!"},null,{"$error":"#VALUE!"},{"$error":"#VALUE!"},null,{"$f":"SUMIFS('[20]WorkDone DATA'!$L:$L,'[20]WorkDone DATA'!$N:$N,BOQ!S$6,'[20]WorkDone DATA'!$G:$G,BOQ!$B31)","v":{"$error":"#VALUE!"}},{"$error":"#VALUE!"},{"$f":"SUMIFS('[20]WorkDone DATA'!$L:$L,'[20]WorkDone DATA'!$N:$N,BOQ!U$6,'[20]WorkDone DATA'!$G:$G,BOQ!$B31)","v":{"$error":"#VALUE!"}},{"$error":"#VALUE!"},null,{"$f":"SUMIFS('[20]WorkDone DATA'!$L:$L,'[20]WorkDone DATA'!$N:$N,BOQ!W$6,'[20]WorkDone DATA'!$G:$G,BOQ!$B31)*$G31","v":{"$error":"#VALUE!"}},null,{"$f":"SUMIFS('[20]WorkDone DATA'!$L:$L,'[20]WorkDone DATA'!$N:$N,BOQ!Y$6,'[20]WorkDone DATA'!$G:$G,BOQ!$B31)*$G31","v":{"$error":"#VALUE!"}},null,{"$f":"SUMIFS('[20]WorkDone DATA'!$L:$L,'[20]WorkDone DATA'!$N:$N,BOQ!AA$6,'[20]WorkDone DATA'!$G:$G,BOQ!$B31)*$G31","v":{"$error":"#VALUE!"}},{"$f":"SUMIFS('[20]WorkDone DATA'!$L:$L,'[20]WorkDone DATA'!$N:$N,BOQ!AB$6,'[20]WorkDone DATA'!$G:$G,BOQ!$B31)*$G31","v":{"$error":"#VALUE!"}},{"$f":"SUMIFS('[20]WorkDone DATA'!$L:$L,'[20]WorkDone DATA'!$N:$N,BOQ!AC$6,'[20]WorkDone DATA'!$G:$G,BOQ!$B31)*$G31","v":{"$error":"#VALUE!"}},{"$f":"SUMIFS('[20]WorkDone DATA'!$L:$L,'[20]WorkDone DATA'!$N:$N,BOQ!AD$6,'[20]WorkDone DATA'!$G:$G,BOQ!$B31)*$G31","v":{"$error":"#VALUE!"}},{"$f":"SUMIFS('[20]WorkDone DATA'!$L:$L,'[20]WorkDone DATA'!$N:$N,BOQ!AE$6,'[20]WorkDone DATA'!$G:$G,BOQ!$B31)*$G31","v":{"$error":"#VALUE!"}},{"$f":"SUMIFS('[20]WorkDone DATA'!$L:$L,'[20]WorkDone DATA'!$N:$N,BOQ!AF$6,'[20]WorkDone DATA'!$G:$G,BOQ!$B31)*$G31","v":{"$error":"#VALUE!"}},{"$f":"SUMIFS('[20]WorkDone DATA'!$L:$L,'[20]WorkDone DATA'!$N:$N,BOQ!AG$6,'[20]WorkDone DATA'!$G:$G,BOQ!$B31)*$G31","v":{"$error":"#VALUE!"}},{"$f":"SUMIFS('[20]WorkDone DATA'!$L:$L,'[20]WorkDone DATA'!$N:$N,BOQ!AH$6,'[20]WorkDone DATA'!$G:$G,BOQ!$B31)*$G31","v":{"$error":"#VALUE!"}},{"$f":"SUMIFS('[20]WorkDone DATA'!$L:$L,'[20]WorkDone DATA'!$N:$N,BOQ!AI$6,'[20]WorkDone DATA'!$G:$G,BOQ!$B31)*$G31","v":{"$error":"#VALUE!"}},{"$f":"SUMIFS('[20]WorkDone DATA'!$L:$L,'[20]WorkDone DATA'!$N:$N,BOQ!AJ$6,'[20]WorkDone DATA'!$G:$G,BOQ!$B31)*$G31","v":{"$error":"#VALUE!"}},{"$f":"SUMIFS('[20]WorkDone DATA'!$L:$L,'[20]WorkDone DATA'!$N:$N,BOQ!AK$6,'[20]WorkDone DATA'!$G:$G,BOQ!$B31)*$G31","v":{"$error":"#VALUE!"}},{"$f":"SUMIFS('[20]WorkDone DATA'!$L:$L,'[20]WorkDone DATA'!$N:$N,BOQ!AL$6,'[20]WorkDone DATA'!$G:$G,BOQ!$B31)*$G31","v":{"$error":"#VALUE!"}},{"$f":"SUMIFS('[20]WorkDone DATA'!$L:$L,'[20]WorkDone DATA'!$N:$N,BOQ!AM$6,'[20]WorkDone DATA'!$G:$G,BOQ!$B31)*$G31","v":{"$error":"#VALUE!"}},{"$f":"SUMIFS('[20]WorkDone DATA'!$L:$L,'[20]WorkDone DATA'!$N:$N,BOQ!AN$6,'[20]WorkDone DATA'!$G:$G,BOQ!$B31)*$G31","v":{"$error":"#VALUE!"}},{"$f":"SUMIFS('[20]WorkDone DATA'!$L:$L,'[20]WorkDone DATA'!$N:$N,BOQ!AO$6,'[20]WorkDone DATA'!$G:$G,BOQ!$B31)*$G31","v":{"$error":"#VALUE!"}},{"$f":"SUMIFS('[20]WorkDone DATA'!$L:$L,'[20]WorkDone DATA'!$N:$N,BOQ!AP$6,'[20]WorkDone DATA'!$G:$G,BOQ!$B31)*$G31","v":{"$error":"#VALUE!"}},{"$f":"SUMIFS('[20]WorkDone DATA'!$L:$L,'[20]WorkDone DATA'!$N:$N,BOQ!AQ$6,'[20]WorkDone DATA'!$G:$G,BOQ!$B31)*$G31","v":{"$error":"#VALUE!"}},{"$f":"SUMIFS('[20]WorkDone DATA'!$L:$L,'[20]WorkDone DATA'!$N:$N,BOQ!AR$6,'[20]WorkDone DATA'!$G:$G,BOQ!$B31)*$G31","v":{"$error":"#VALUE!"}},{"$f":"SUMIFS('[20]WorkDone DATA'!$L:$L,'[20]WorkDone DATA'!$N:$N,BOQ!AS$6,'[20]WorkDone DATA'!$G:$G,BOQ!$B31)*$G31","v":{"$error":"#VALUE!"}},{"$f":"SUMIFS('[20]WorkDone DATA'!$L:$L,'[20]WorkDone DATA'!$N:$N,BOQ!AT$6,'[20]WorkDone DATA'!$G:$G,BOQ!$B31)*$G31","v":{"$error":"#VALUE!"}},{"$f":"SUMIFS('[20]WorkDone DATA'!$L:$L,'[20]WorkDone DATA'!$N:$N,BOQ!AU$6,'[20]WorkDone DATA'!$G:$G,BOQ!$B31)*$G31","v":{"$error":"#VALUE!"}},{"$f":"SUMIFS('[20]WorkDone DATA'!$L:$L,'[20]WorkDone DATA'!$N:$N,BOQ!AV$6,'[20]WorkDone DATA'!$G:$G,BOQ!$B31)*$G31","v":{"$error":"#VALUE!"}},{"$f":"SUMIFS('[20]WorkDone DATA'!$L:$L,'[20]WorkDone DATA'!$N:$N,BOQ!AW$6,'[20]WorkDone DATA'!$G:$G,BOQ!$B31)*$G31","v":{"$error":"#VALUE!"}},{"$f":"SUMIFS('[20]WorkDone DATA'!$L:$L,'[20]WorkDone DATA'!$N:$N,BOQ!AX$6,'[20]WorkDone DATA'!$G:$G,BOQ!$B31)*$G31","v":{"$error":"#VALUE!"}},{"$f":"SUMIFS('[20]WorkDone DATA'!$L:$L,'[20]WorkDone DATA'!$N:$N,BOQ!AY$6,'[20]WorkDone DATA'!$G:$G,BOQ!$B31)*$G31","v":{"$error":"#VALUE!"}},{"$f":"SUMIFS('[20]WorkDone DATA'!$L:$L,'[20]WorkDone DATA'!$N:$N,BOQ!AZ$6,'[20]WorkDone DATA'!$G:$G,BOQ!$B31)*$G31","v":{"$error":"#VALUE!"}},{"$f":"SUMIFS('[20]WorkDone DATA'!$L:$L,'[20]WorkDone DATA'!$N:$N,BOQ!BA$6,'[20]WorkDone DATA'!$G:$G,BOQ!$B31)*$G31","v":{"$error":"#VALUE!"}},{"$f":"SUMIFS('[20]WorkDone DATA'!$L:$L,'[20]WorkDone DATA'!$N:$N,BOQ!BB$6,'[20]WorkDone DATA'!$G:$G,BOQ!$B31)*$G31","v":{"$error":"#VALUE!"}},{"$f":"SUMIFS('[20]WorkDone DATA'!$L:$L,'[20]WorkDone DATA'!$N:$N,BOQ!BC$6,'[20]WorkDone DATA'!$G:$G,BOQ!$B31)*$G31","v":{"$error":"#VALUE!"}},{"$f":"SUMIFS('[20]WorkDone DATA'!$L:$L,'[20]WorkDone DATA'!$N:$N,BOQ!BD$6,'[20]WorkDone DATA'!$G:$G,BOQ!$B31)*$G31","v":{"$error":"#VALUE!"}},{"$f":"SUMIFS('[20]WorkDone DATA'!$L:$L,'[20]WorkDone DATA'!$N:$N,BOQ!BE$6,'[20]WorkDone DATA'!$G:$G,BOQ!$B31)*$G31","v":{"$error":"#VALUE!"}},{"$f":"SUMIFS('[20]WorkDone DATA'!$L:$L,'[20]WorkDone DATA'!$N:$N,BOQ!BF$6,'[20]WorkDone DATA'!$G:$G,BOQ!$B31)*$G31","v":{"$error":"#VALUE!"}},{"$f":"SUMIFS('[20]WorkDone DATA'!$L:$L,'[20]WorkDone DATA'!$N:$N,BOQ!BG$6,'[20]WorkDone DATA'!$G:$G,BOQ!$B31)*$G31","v":{"$error":"#VALUE!"}},{"$f":"SUMIFS('[20]WorkDone DATA'!$L:$L,'[20]WorkDone DATA'!$N:$N,BOQ!BH$6,'[20]WorkDone DATA'!$G:$G,BOQ!$B31)*$G31","v":{"$error":"#VALUE!"}},{"$f":"SUMIFS('[20]WorkDone DATA'!$L:$L,'[20]WorkDone DATA'!$N:$N,BOQ!BI$6,'[20]WorkDone DATA'!$G:$G,BOQ!$B31)*$G31","v":{"$error":"#VALUE!"}},{"$f":"SUMIFS('[20]WorkDone DATA'!$L:$L,'[20]WorkDone DATA'!$N:$N,BOQ!BJ$6,'[20]WorkDone DATA'!$G:$G,BOQ!$B31)*$G31","v":{"$error":"#VALUE!"}},{"$f":"SUMIFS('[20]WorkDone DATA'!$L:$L,'[20]WorkDone DATA'!$N:$N,BOQ!BK$6,'[20]WorkDone DATA'!$G:$G,BOQ!$B31)*$G31","v":{"$error":"#VALUE!"}},{"$f":"SUMIFS('[20]WorkDone DATA'!$L:$L,'[20]WorkDone DATA'!$N:$N,BOQ!BL$6,'[20]WorkDone DATA'!$G:$G,BOQ!$B31)*$G31","v":{"$error":"#VALUE!"}},{"$f":"SUMIFS('[20]WorkDone DATA'!$L:$L,'[20]WorkDone DATA'!$N:$N,BOQ!BM$6,'[20]WorkDone DATA'!$G:$G,BOQ!$B31)*$G31","v":{"$error":"#VALUE!"}},{"$f":"SUMIFS('[20]WorkDone DATA'!$L:$L,'[20]WorkDone DATA'!$N:$N,BOQ!BN$6,'[20]WorkDone DATA'!$G:$G,BOQ!$B31)*$G31","v":{"$error":"#VALUE!"}},{"$f":"SUMIFS('[20]WorkDone DATA'!$L:$L,'[20]WorkDone DATA'!$N:$N,BOQ!BO$6,'[20]WorkDone DATA'!$G:$G,BOQ!$B31)*$G31","v":{"$error":"#VALUE!"}},{"$f":"SUMIFS('[20]WorkDone DATA'!$L:$L,'[20]WorkDone DATA'!$N:$N,BOQ!BP$6,'[20]WorkDone DATA'!$G:$G,BOQ!$B31)*$G31","v":{"$error":"#VALUE!"}},{"$f":"SUMIFS('[20]WorkDone DATA'!$L:$L,'[20]WorkDone DATA'!$N:$N,BOQ!BQ$6,'[20]WorkDone DATA'!$G:$G,BOQ!$B31)*$G31","v":{"$error":"#VALUE!"}},{"$f":"SUMIFS('[20]WorkDone DATA'!$L:$L,'[20]WorkDone DATA'!$N:$N,BOQ!BR$6,'[20]WorkDone DATA'!$G:$G,BOQ!$B31)*$G31","v":{"$error":"#VALUE!"}},{"$f":"SUMIFS('[20]WorkDone DATA'!$L:$L,'[20]WorkDone DATA'!$N:$N,BOQ!BS$6,'[20]WorkDone DATA'!$G:$G,BOQ!$B31)*$G31","v":{"$error":"#VALUE!"}},{"$f":"SUMIFS('[20]WorkDone DATA'!$L:$L,'[20]WorkDone DATA'!$N:$N,BOQ!BT$6,'[20]WorkDone DATA'!$G:$G,BOQ!$B31)*$G31","v":{"$error":"#VALUE!"}},{"$f":"SUMIFS('[20]WorkDone DATA'!$L:$L,'[20]WorkDone DATA'!$N:$N,BOQ!BU$6,'[20]WorkDone DATA'!$G:$G,BOQ!$B31)*$G31","v":{"$error":"#VALUE!"}},{"$f":"SUMIFS('[20]WorkDone DATA'!$L:$L,'[20]WorkDone DATA'!$N:$N,BOQ!BV$6,'[20]WorkDone DATA'!$G:$G,BOQ!$B31)*$G31","v":{"$error":"#VALUE!"}},{"$f":"SUMIFS('[20]WorkDone DATA'!$L:$L,'[20]WorkDone DATA'!$N:$N,BOQ!BW$6,'[20]WorkDone DATA'!$G:$G,BOQ!$B31)*$G31","v":{"$error":"#VALUE!"}},{"$f":"SUMIFS('[20]WorkDone DATA'!$L:$L,'[20]WorkDone DATA'!$N:$N,BOQ!BX$6,'[20]WorkDone DATA'!$G:$G,BOQ!$B31)*$G31","v":{"$error":"#VALUE!"}}]
[{"$f":"C30","v":"120mm x 3 core (CXX03QCV) 3.8kV/6.6kV"},2.014,"Installation","A","m",720,73.47,{"v":52898.4,"d":"52,898.40"},null,null,{"$error":"#VALUE!"},{"$error":"#VALUE!"},{"$error":"#VALUE!"},null,{"$error":"#VALUE!"},{"$error":"#VALUE!"},null,{"$f":"SUMIFS('[20]WorkDone DATA'!$L:$L,'[20]WorkDone DATA'!$N:$N,BOQ!S$6,'[20]WorkDone DATA'!$G:$G,BOQ!$B32)","v":{"$error":"#VALUE!"}},{"$error":"#VALUE!"},{"$f":"SUMIFS('[20]WorkDone DATA'!$L:$L,'[20]WorkDone DATA'!$N:$N,BOQ!U$6,'[20]WorkDone DATA'!$G:$G,BOQ!$B32)","v":{"$error":"#VALUE!"}},{"$error":"#VALUE!"},null,{"$f":"SUMIFS('[20]WorkDone DATA'!$L:$L,'[20]WorkDone DATA'!$N:$N,BOQ!W$6,'[20]WorkDone DATA'!$G:$G,BOQ!$B32)*$G32","v":{"$error":"#VALUE!"}},null,{"$f":"SUMIFS('[20]WorkDone DATA'!$L:$L,'[20]WorkDone DATA'!$N:$N,BOQ!Y$6,'[20]WorkDone DATA'!$G:$G,BOQ!$B32)*$G32","v":{"$error":"#VALUE!"}},null,{"$f":"SUMIFS('[20]WorkDone DATA'!$L:$L,'[20]WorkDone DATA'!$N:$N,BOQ!AA$6,'[20]WorkDone DATA'!$G:$G,BOQ!$B32)*$G32","v":{"$error":"#VALUE!"}},{"$f":"SUMIFS('[20]WorkDone DATA'!$L:$L,'[20]WorkDone DATA'!$N:$N,BOQ!AB$6,'[20]WorkDone DATA'!$G:$G,BOQ!$B32)*$G32","v":{"$error":"#VALUE!"}},{"$f":"SUMIFS('[20]WorkDone DATA'!$L:$L,'[20]WorkDone DATA'!$N:$N,BOQ!AC$6,'[20]WorkDone DATA'!$G:$G,BOQ!$B32)*$G32","v":{"$error":"#VALUE!"}},{"$f":"SUMIFS('[20]WorkDone DATA'!$L:$L,'[20]WorkDone DATA'!$N:$N,BOQ!AD$6,'[20]WorkDone DATA'!$G:$G,BOQ!$B32)*$G32","v":{"$error":"#VALUE!"}},{"$f":"SUMIFS('[20]WorkDone DATA'!$L:$L,'[20]WorkDone DATA'!$N:$N,BOQ!AE$6,'[20]WorkDone DATA'!$G:$G,BOQ!$B32)*$G32","v":{"$error":"#VALUE!"}},{"$f":"SUMIFS('[20]WorkDone DATA'!$L:$L,'[20]WorkDone DATA'!$N:$N,BOQ!AF$6,'[20]WorkDone DATA'!$G:$G,BOQ!$B32)*$G32","v":{"$error":"#VALUE!"}},{"$f":"SUMIFS('[20]WorkDone DATA'!$L:$L,'[20]WorkDone DATA'!$N:$N,BOQ!AG$6,'[20]WorkDone DATA'!$G:$G,BOQ!$B32)*$G32","v":{"$error":"#VALUE!"}},{"$f":"SUMIFS('[20]WorkDone DATA'!$L:$L,'[20]WorkDone DATA'!$N:$N,BOQ!AH$6,'[20]WorkDone DATA'!$G:$G,BOQ!$B32)*$G32","v":{"$error":"#VALUE!"}},{"$f":"SUMIFS('[20]WorkDone DATA'!$L:$L,'[20]WorkDone DATA'!$N:$N,BOQ!AI$6,'[20]WorkDone DATA'!$G:$G,BOQ!$B32)*$G32","v":{"$error":"#VALUE!"}},{"$f":"SUMIFS('[20]WorkDone DATA'!$L:$L,'[20]WorkDone DATA'!$N:$N,BOQ!AJ$6,'[20]WorkDone DATA'!$G:$G,BOQ!$B32)*$G32","v":{"$error":"#VALUE!"}},{"$f":"SUMIFS('[20]WorkDone DATA'!$L:$L,'[20]WorkDone DATA'!$N:$N,BOQ!AK$6,'[20]WorkDone DATA'!$G:$G,BOQ!$B32)*$G32","v":{"$error":"#VALUE!"}},{"$f":"SUMIFS('[20]WorkDone DATA'!$L:$L,'[20]WorkDone DATA'!$N:$N,BOQ!AL$6,'[20]WorkDone DATA'!$G:$G,BOQ!$B32)*$G32","v":{"$error":"#VALUE!"}},{"$f":"SUMIFS('[20]WorkDone DATA'!$L:$L,'[20]WorkDone DATA'!$N:$N,BOQ!AM$6,'[20]WorkDone DATA'!$G:$G,BOQ!$B32)*$G32","v":{"$error":"#VALUE!"}},{"$f":"SUMIFS('[20]WorkDone DATA'!$L:$L,'[20]WorkDone DATA'!$N:$N,BOQ!AN$6,'[20]WorkDone DATA'!$G:$G,BOQ!$B32)*$G32","v":{"$error":"#VALUE!"}},{"$f":"SUMIFS('[20]WorkDone DATA'!$L:$L,'[20]WorkDone DATA'!$N:$N,BOQ!AO$6,'[20]WorkDone DATA'!$G:$G,BOQ!$B32)*$G32","v":{"$error":"#VALUE!"}},{"$f":"SUMIFS('[20]WorkDone DATA'!$L:$L,'[20]WorkDone DATA'!$N:$N,BOQ!AP$6,'[20]WorkDone DATA'!$G:$G,BOQ!$B32)*$G32","v":{"$error":"#VALUE!"}},{"$f":"SUMIFS('[20]WorkDone DATA'!$L:$L,'[20]WorkDone DATA'!$N:$N,BOQ!AQ$6,'[20]WorkDone DATA'!$G:$G,BOQ!$B32)*$G32","v":{"$error":"#VALUE!"}},{"$f":"SUMIFS('[20]WorkDone DATA'!$L:$L,'[20]WorkDone DATA'!$N:$N,BOQ!AR$6,'[20]WorkDone DATA'!$G:$G,BOQ!$B32)*$G32","v":{"$error":"#VALUE!"}},{"$f":"SUMIFS('[20]WorkDone DATA'!$L:$L,'[20]WorkDone DATA'!$N:$N,BOQ!AS$6,'[20]WorkDone DATA'!$G:$G,BOQ!$B32)*$G32","v":{"$error":"#VALUE!"}},{"$f":"SUMIFS('[20]WorkDone DATA'!$L:$L,'[20]WorkDone DATA'!$N:$N,BOQ!AT$6,'[20]WorkDone DATA'!$G:$G,BOQ!$B32)*$G32","v":{"$error":"#VALUE!"}},{"$f":"SUMIFS('[20]WorkDone DATA'!$L:$L,'[20]WorkDone DATA'!$N:$N,BOQ!AU$6,'[20]WorkDone DATA'!$G:$G,BOQ!$B32)*$G32","v":{"$error":"#VALUE!"}},{"$f":"SUMIFS('[20]WorkDone DATA'!$L:$L,'[20]WorkDone DATA'!$N:$N,BOQ!AV$6,'[20]WorkDone DATA'!$G:$G,BOQ!$B32)*$G32","v":{"$error":"#VALUE!"}},{"$f":"SUMIFS('[20]WorkDone DATA'!$L:$L,'[20]WorkDone DATA'!$N:$N,BOQ!AW$6,'[20]WorkDone DATA'!$G:$G,BOQ!$B32)*$G32","v":{"$error":"#VALUE!"}},{"$f":"SUMIFS('[20]WorkDone DATA'!$L:$L,'[20]WorkDone DATA'!$N:$N,BOQ!AX$6,'[20]WorkDone DATA'!$G:$G,BOQ!$B32)*$G32","v":{"$error":"#VALUE!"}},{"$f":"SUMIFS('[20]WorkDone DATA'!$L:$L,'[20]WorkDone DATA'!$N:$N,BOQ!AY$6,'[20]WorkDone DATA'!$G:$G,BOQ!$B32)*$G32","v":{"$error":"#VALUE!"}},{"$f":"SUMIFS('[20]WorkDone DATA'!$L:$L,'[20]WorkDone DATA'!$N:$N,BOQ!AZ$6,'[20]WorkDone DATA'!$G:$G,BOQ!$B32)*$G32","v":{"$error":"#VALUE!"}},{"$f":"SUMIFS('[20]WorkDone DATA'!$L:$L,'[20]WorkDone DATA'!$N:$N,BOQ!BA$6,'[20]WorkDone DATA'!$G:$G,BOQ!$B32)*$G32","v":{"$error":"#VALUE!"}},{"$f":"SUMIFS('[20]WorkDone DATA'!$L:$L,'[20]WorkDone DATA'!$N:$N,BOQ!BB$6,'[20]WorkDone DATA'!$G:$G,BOQ!$B32)*$G32","v":{"$error":"#VALUE!"}},{"$f":"SUMIFS('[20]WorkDone DATA'!$L:$L,'[20]WorkDone DATA'!$N:$N,BOQ!BC$6,'[20]WorkDone DATA'!$G:$G,BOQ!$B32)*$G32","v":{"$error":"#VALUE!"}},{"$f":"SUMIFS('[20]WorkDone DATA'!$L:$L,'[20]WorkDone DATA'!$N:$N,BOQ!BD$6,'[20]WorkDone DATA'!$G:$G,BOQ!$B32)*$G32","v":{"$error":"#VALUE!"}},{"$f":"SUMIFS('[20]WorkDone DATA'!$L:$L,'[20]WorkDone DATA'!$N:$N,BOQ!BE$6,'[20]WorkDone DATA'!$G:$G,BOQ!$B32)*$G32","v":{"$error":"#VALUE!"}},{"$f":"SUMIFS('[20]WorkDone DATA'!$L:$L,'[20]WorkDone DATA'!$N:$N,BOQ!BF$6,'[20]WorkDone DATA'!$G:$G,BOQ!$B32)*$G32","v":{"$error":"#VALUE!"}},{"$f":"SUMIFS('[20]WorkDone DATA'!$L:$L,'[20]WorkDone DATA'!$N:$N,BOQ!BG$6,'[20]WorkDone DATA'!$G:$G,BOQ!$B32)*$G32","v":{"$error":"#VALUE!"}},{"$f":"SUMIFS('[20]WorkDone DATA'!$L:$L,'[20]WorkDone DATA'!$N:$N,BOQ!BH$6,'[20]WorkDone DATA'!$G:$G,BOQ!$B32)*$G32","v":{"$error":"#VALUE!"}},{"$f":"SUMIFS('[20]WorkDone DATA'!$L:$L,'[20]WorkDone DATA'!$N:$N,BOQ!BI$6,'[20]WorkDone DATA'!$G:$G,BOQ!$B32)*$G32","v":{"$error":"#VALUE!"}},{"$f":"SUMIFS('[20]WorkDone DATA'!$L:$L,'[20]WorkDone DATA'!$N:$N,BOQ!BJ$6,'[20]WorkDone DATA'!$G:$G,BOQ!$B32)*$G32","v":{"$error":"#VALUE!"}},{"$f":"SUMIFS('[20]WorkDone DATA'!$L:$L,'[20]WorkDone DATA'!$N:$N,BOQ!BK$6,'[20]WorkDone DATA'!$G:$G,BOQ!$B32)*$G32","v":{"$error":"#VALUE!"}},{"$f":"SUMIFS('[20]WorkDone DATA'!$L:$L,'[20]WorkDone DATA'!$N:$N,BOQ!BL$6,'[20]WorkDone DATA'!$G:$G,BOQ!$B32)*$G32","v":{"$error":"#VALUE!"}},{"$f":"SUMIFS('[20]WorkDone DATA'!$L:$L,'[20]WorkDone DATA'!$N:$N,BOQ!BM$6,'[20]WorkDone DATA'!$G:$G,BOQ!$B32)*$G32","v":{"$error":"#VALUE!"}},{"$f":"SUMIFS('[20]WorkDone DATA'!$L:$L,'[20]WorkDone DATA'!$N:$N,BOQ!BN$6,'[20]WorkDone DATA'!$G:$G,BOQ!$B32)*$G32","v":{"$error":"#VALUE!"}},{"$f":"SUMIFS('[20]WorkDone DATA'!$L:$L,'[20]WorkDone DATA'!$N:$N,BOQ!BO$6,'[20]WorkDone DATA'!$G:$G,BOQ!$B32)*$G32","v":{"$error":"#VALUE!"}},{"$f":"SUMIFS('[20]WorkDone DATA'!$L:$L,'[20]WorkDone DATA'!$N:$N,BOQ!BP$6,'[20]WorkDone DATA'!$G:$G,BOQ!$B32)*$G32","v":{"$error":"#VALUE!"}},{"$f":"SUMIFS('[20]WorkDone DATA'!$L:$L,'[20]WorkDone DATA'!$N:$N,BOQ!BQ$6,'[20]WorkDone DATA'!$G:$G,BOQ!$B32)*$G32","v":{"$error":"#VALUE!"}},{"$f":"SUMIFS('[20]WorkDone DATA'!$L:$L,'[20]WorkDone DATA'!$N:$N,BOQ!BR$6,'[20]WorkDone DATA'!$G:$G,BOQ!$B32)*$G32","v":{"$error":"#VALUE!"}},{"$f":"SUMIFS('[20]WorkDone DATA'!$L:$L,'[20]WorkDone DATA'!$N:$N,BOQ!BS$6,'[20]WorkDone DATA'!$G:$G,BOQ!$B32)*$G32","v":{"$error":"#VALUE!"}},{"$f":"SUMIFS('[20]WorkDone DATA'!$L:$L,'[20]WorkDone DATA'!$N:$N,BOQ!BT$6,'[20]WorkDone DATA'!$G:$G,BOQ!$B32)*$G32","v":{"$error":"#VALUE!"}},{"$f":"SUMIFS('[20]WorkDone DATA'!$L:$L,'[20]WorkDone DATA'!$N:$N,BOQ!BU$6,'[20]WorkDone DATA'!$G:$G,BOQ!$B32)*$G32","v":{"$error":"#VALUE!"}},{"$f":"SUMIFS('[20]WorkDone DATA'!$L:$L,'[20]WorkDone DATA'!$N:$N,BOQ!BV$6,'[20]WorkDone DATA'!$G:$G,BOQ!$B32)*$G32","v":{"$error":"#VALUE!"}},{"$f":"SUMIFS('[20]WorkDone DATA'!$L:$L,'[20]WorkDone DATA'!$N:$N,BOQ!BW$6,'[20]WorkDone DATA'!$G:$G,BOQ!$B32)*$G32","v":{"$error":"#VALUE!"}},{"$f":"SUMIFS('[20]WorkDone DATA'!$L:$L,'[20]WorkDone DATA'!$N:$N,BOQ!BX$6,'[20]WorkDone DATA'!$G:$G,BOQ!$B32)*$G32","v":{"$error":"#VALUE!"}}]
[null,null,"70mm2 x 3 core (CXX03NCV) 3.8kV/6.6kV",{"$nulls":4},0,{"$nulls":3},{"$error":"#VALUE!"},{"$error":"#VALUE!"},null,0,{"$error":"#VALUE!"},null,{"$f":"SUMIFS('[20]WorkDone DATA'!$L:$L,'[20]WorkDone DATA'!$N:$N,BOQ!S$6,'[20]WorkDone DATA'!$G:$G,BOQ!$B33)","v":{"$error":"#VALUE!"}},{"$error":"#VALUE!"},{"$f":"SUMIFS('[20]WorkDone DATA'!$L:$L,'[20]WorkDone DATA'!$N:$N,BOQ!U$6,'[20]WorkDone DATA'!$G:$G,BOQ!$B33)","v":{"$error":"#VALUE!"}},{"$error":"#VALUE!"},null,{"$f":"SUMIFS('[20]WorkDone DATA'!$L:$L,'[20]WorkDone DATA'!$N:$N,BOQ!W$6,'[20]WorkDone DATA'!$G:$G,BOQ!$B33)*$G33","v":{"$error":"#VALUE!"}},null,{"$f":"SUMIFS('[20]WorkDone DATA'!$L:$L,'[20]WorkDone DATA'!$N:$N,BOQ!Y$6,'[20]WorkDone DATA'!$G:$G,BOQ!$B33)*$G33","v":{"$error":"#VALUE!"}},null,{"$f":"SUMIFS('[20]WorkDone DATA'!$L:$L,'[20]WorkDone DATA'!$N:$N,BOQ!AA$6,'[20]WorkDone DATA'!$G:$G,BOQ!$B33)*$G33","v":{"$error":"#VALUE!"}},{"$f":"SUMIFS('[20]WorkDone DATA'!$L:$L,'[20]WorkDone DATA'!$N:$N,BOQ!AB$6,'[20]WorkDone DATA'!$G:$G,BOQ!$B33)*$G33","v":{"$error":"#VALUE!"}},{"$f":"SUMIFS('[20]WorkDone DATA'!$L:$L,'[20]WorkDone DATA'!$N:$N,BOQ!AC$6,'[20]WorkDone DATA'!$G:$G,BOQ!$B33)*$G33","v":{"$error":"#VALUE!"}},{"$f":"SUMIFS('[20]WorkDone DATA'!$L:$L,'[20]WorkDone DATA'!$N:$N,BOQ!AD$6,'[20]WorkDone DATA'!$G:$G,BOQ!$B33)*$G33","v":{"$error":"#VALUE!"}},{"$f":"SUMIFS('[20]WorkDone DATA'!$L:$L,'[20]WorkDone DATA'!$N:$N,BOQ!AE$6,'[20]WorkDone DATA'!$G:$G,BOQ!$B33)*$G33","v":{"$error":"#VALUE!"}},{"$f":"SUMIFS('[20]WorkDone DATA'!$L:$L,'[20]WorkDone DATA'!$N:$N,BOQ!AF$6,'[20]WorkDone DATA'!$G:$G,BOQ!$B33)*$G33","v":{"$error":"#VALUE!"}},{"$f":"SUMIFS('[20]WorkDone DATA'!$L:$L,'[20]WorkDone DATA'!$N:$N,BOQ!AG$6,'[20]WorkDone DATA'!$G:$G,BOQ!$B33)*$G33","v":{"$error":"#VALUE!"}},{"$f":"SUMIFS('[20]WorkDone DATA'!$L:$L,'[20]WorkDone DATA'!$N:$N,BOQ!AH$6,'[20]WorkDone DATA'!$G:$G,BOQ!$B33)*$G33","v":{"$error":"#VALUE!"}},{"$f":"SUMIFS('[20]WorkDone DATA'!$L:$L,'[20]WorkDone DATA'!$N:$N,BOQ!AI$6,'[20]WorkDone DATA'!$G:$G,BOQ!$B33)*$G33","v":{"$error":"#VALUE!"}},{"$f":"SUMIFS('[20]WorkDone DATA'!$L:$L,'[20]WorkDone DATA'!$N:$N,BOQ!AJ$6,'[20]WorkDone DATA'!$G:$G,BOQ!$B33)*$G33","v":{"$error":"#VALUE!"}},{"$f":"SUMIFS('[20]WorkDone DATA'!$L:$L,'[20]WorkDone DATA'!$N:$N,BOQ!AK$6,'[20]WorkDone DATA'!$G:$G,BOQ!$B33)*$G33","v":{"$error":"#VALUE!"}},{"$f":"SUMIFS('[20]WorkDone DATA'!$L:$L,'[20]WorkDone DATA'!$N:$N,BOQ!AL$6,'[20]WorkDone DATA'!$G:$G,BOQ!$B33)*$G33","v":{"$error":"#VALUE!"}},{"$f":"SUMIFS('[20]WorkDone DATA'!$L:$L,'[20]WorkDone DATA'!$N:$N,BOQ!AM$6,'[20]WorkDone DATA'!$G:$G,BOQ!$B33)*$G33","v":{"$error":"#VALUE!"}},{"$f":"SUMIFS('[20]WorkDone DATA'!$L:$L,'[20]WorkDone DATA'!$N:$N,BOQ!AN$6,'[20]WorkDone DATA'!$G:$G,BOQ!$B33)*$G33","v":{"$error":"#VALUE!"}},{"$f":"SUMIFS('[20]WorkDone DATA'!$L:$L,'[20]WorkDone DATA'!$N:$N,BOQ!AO$6,'[20]WorkDone DATA'!$G:$G,BOQ!$B33)*$G33","v":{"$error":"#VALUE!"}},{"$f":"SUMIFS('[20]WorkDone DATA'!$L:$L,'[20]WorkDone DATA'!$N:$N,BOQ!AP$6,'[20]WorkDone DATA'!$G:$G,BOQ!$B33)*$G33","v":{"$error":"#VALUE!"}},{"$f":"SUMIFS('[20]WorkDone DATA'!$L:$L,'[20]WorkDone DATA'!$N:$N,BOQ!AQ$6,'[20]WorkDone DATA'!$G:$G,BOQ!$B33)*$G33","v":{"$error":"#VALUE!"}},{"$f":"SUMIFS('[20]WorkDone DATA'!$L:$L,'[20]WorkDone DATA'!$N:$N,BOQ!AR$6,'[20]WorkDone DATA'!$G:$G,BOQ!$B33)*$G33","v":{"$error":"#VALUE!"}},{"$f":"SUMIFS('[20]WorkDone DATA'!$L:$L,'[20]WorkDone DATA'!$N:$N,BOQ!AS$6,'[20]WorkDone DATA'!$G:$G,BOQ!$B33)*$G33","v":{"$error":"#VALUE!"}},{"$f":"SUMIFS('[20]WorkDone DATA'!$L:$L,'[20]WorkDone DATA'!$N:$N,BOQ!AT$6,'[20]WorkDone DATA'!$G:$G,BOQ!$B33)*$G33","v":{"$error":"#VALUE!"}},{"$f":"SUMIFS('[20]WorkDone DATA'!$L:$L,'[20]WorkDone DATA'!$N:$N,BOQ!AU$6,'[20]WorkDone DATA'!$G:$G,BOQ!$B33)*$G33","v":{"$error":"#VALUE!"}},{"$f":"SUMIFS('[20]WorkDone DATA'!$L:$L,'[20]WorkDone DATA'!$N:$N,BOQ!AV$6,'[20]WorkDone DATA'!$G:$G,BOQ!$B33)*$G33","v":{"$error":"#VALUE!"}},{"$f":"SUMIFS('[20]WorkDone DATA'!$L:$L,'[20]WorkDone DATA'!$N:$N,BOQ!AW$6,'[20]WorkDone DATA'!$G:$G,BOQ!$B33)*$G33","v":{"$error":"#VALUE!"}},{"$f":"SUMIFS('[20]WorkDone DATA'!$L:$L,'[20]WorkDone DATA'!$N:$N,BOQ!AX$6,'[20]WorkDone DATA'!$G:$G,BOQ!$B33)*$G33","v":{"$error":"#VALUE!"}},{"$f":"SUMIFS('[20]WorkDone DATA'!$L:$L,'[20]WorkDone DATA'!$N:$N,BOQ!AY$6,'[20]WorkDone DATA'!$G:$G,BOQ!$B33)*$G33","v":{"$error":"#VALUE!"}},{"$f":"SUMIFS('[20]WorkDone DATA'!$L:$L,'[20]WorkDone DATA'!$N:$N,BOQ!AZ$6,'[20]WorkDone DATA'!$G:$G,BOQ!$B33)*$G33","v":{"$error":"#VALUE!"}},{"$f":"SUMIFS('[20]WorkDone DATA'!$L:$L,'[20]WorkDone DATA'!$N:$N,BOQ!BA$6,'[20]WorkDone DATA'!$G:$G,BOQ!$B33)*$G33","v":{"$error":"#VALUE!"}},{"$f":"SUMIFS('[20]WorkDone DATA'!$L:$L,'[20]WorkDone DATA'!$N:$N,BOQ!BB$6,'[20]WorkDone DATA'!$G:$G,BOQ!$B33)*$G33","v":{"$error":"#VALUE!"}},{"$f":"SUMIFS('[20]WorkDone DATA'!$L:$L,'[20]WorkDone DATA'!$N:$N,BOQ!BC$6,'[20]WorkDone DATA'!$G:$G,BOQ!$B33)*$G33","v":{"$error":"#VALUE!"}},{"$f":"SUMIFS('[20]WorkDone DATA'!$L:$L,'[20]WorkDone DATA'!$N:$N,BOQ!BD$6,'[20]WorkDone DATA'!$G:$G,BOQ!$B33)*$G33","v":{"$error":"#VALUE!"}},{"$f":"SUMIFS('[20]WorkDone DATA'!$L:$L,'[20]WorkDone DATA'!$N:$N,BOQ!BE$6,'[20]WorkDone DATA'!$G:$G,BOQ!$B33)*$G33","v":{"$error":"#VALUE!"}},{"$f":"SUMIFS('[20]WorkDone DATA'!$L:$L,'[20]WorkDone DATA'!$N:$N,BOQ!BF$6,'[20]WorkDone DATA'!$G:$G,BOQ!$B33)*$G33","v":{"$error":"#VALUE!"}},{"$f":"SUMIFS('[20]WorkDone DATA'!$L:$L,'[20]WorkDone DATA'!$N:$N,BOQ!BG$6,'[20]WorkDone DATA'!$G:$G,BOQ!$B33)*$G33","v":{"$error":"#VALUE!"}},{"$f":"SUMIFS('[20]WorkDone DATA'!$L:$L,'[20]WorkDone DATA'!$N:$N,BOQ!BH$6,'[20]WorkDone DATA'!$G:$G,BOQ!$B33)*$G33","v":{"$error":"#VALUE!"}},{"$f":"SUMIFS('[20]WorkDone DATA'!$L:$L,'[20]WorkDone DATA'!$N:$N,BOQ!BI$6,'[20]WorkDone DATA'!$G:$G,BOQ!$B33)*$G33","v":{"$error":"#VALUE!"}},{"$f":"SUMIFS('[20]WorkDone DATA'!$L:$L,'[20]WorkDone DATA'!$N:$N,BOQ!BJ$6,'[20]WorkDone DATA'!$G:$G,BOQ!$B33)*$G33","v":{"$error":"#VALUE!"}},{"$f":"SUMIFS('[20]WorkDone DATA'!$L:$L,'[20]WorkDone DATA'!$N:$N,BOQ!BK$6,'[20]WorkDone DATA'!$G:$G,BOQ!$B33)*$G33","v":{"$error":"#VALUE!"}},{"$f":"SUMIFS('[20]WorkDone DATA'!$L:$L,'[20]WorkDone DATA'!$N:$N,BOQ!BL$6,'[20]WorkDone DATA'!$G:$G,BOQ!$B33)*$G33","v":{"$error":"#VALUE!"}},{"$f":"SUMIFS('[20]WorkDone DATA'!$L:$L,'[20]WorkDone DATA'!$N:$N,BOQ!BM$6,'[20]WorkDone DATA'!$G:$G,BOQ!$B33)*$G33","v":{"$error":"#VALUE!"}},{"$f":"SUMIFS('[20]WorkDone DATA'!$L:$L,'[20]WorkDone DATA'!$N:$N,BOQ!BN$6,'[20]WorkDone DATA'!$G:$G,BOQ!$B33)*$G33","v":{"$error":"#VALUE!"}},{"$f":"SUMIFS('[20]WorkDone DATA'!$L:$L,'[20]WorkDone DATA'!$N:$N,BOQ!BO$6,'[20]WorkDone DATA'!$G:$G,BOQ!$B33)*$G33","v":{"$error":"#VALUE!"}},{"$f":"SUMIFS('[20]WorkDone DATA'!$L:$L,'[20]WorkDone DATA'!$N:$N,BOQ!BP$6,'[20]WorkDone DATA'!$G:$G,BOQ!$B33)*$G33","v":{"$error":"#VALUE!"}},{"$f":"SUMIFS('[20]WorkDone DATA'!$L:$L,'[20]WorkDone DATA'!$N:$N,BOQ!BQ$6,'[20]WorkDone DATA'!$G:$G,BOQ!$B33)*$G33","v":{"$error":"#VALUE!"}},{"$f":"SUMIFS('[20]WorkDone DATA'!$L:$L,'[20]WorkDone DATA'!$N:$N,BOQ!BR$6,'[20]WorkDone DATA'!$G:$G,BOQ!$B33)*$G33","v":{"$error":"#VALUE!"}},{"$f":"SUMIFS('[20]WorkDone DATA'!$L:$L,'[20]WorkDone DATA'!$N:$N,BOQ!BS$6,'[20]WorkDone DATA'!$G:$G,BOQ!$B33)*$G33","v":{"$error":"#VALUE!"}},{"$f":"SUMIFS('[20]WorkDone DATA'!$L:$L,'[20]WorkDone DATA'!$N:$N,BOQ!BT$6,'[20]WorkDone DATA'!$G:$G,BOQ!$B33)*$G33","v":{"$error":"#VALUE!"}},{"$f":"SUMIFS('[20]WorkDone DATA'!$L:$L,'[20]WorkDone DATA'!$N:$N,BOQ!BU$6,'[20]WorkDone DATA'!$G:$G,BOQ!$B33)*$G33","v":{"$error":"#VALUE!"}},{"$f":"SUMIFS('[20]WorkDone DATA'!$L:$L,'[20]WorkDone DATA'!$N:$N,BOQ!BV$6,'[20]WorkDone DATA'!$G:$G,BOQ!$B33)*$G33","v":{"$error":"#VALUE!"}},{"$f":"SUMIFS('[20]WorkDone DATA'!$L:$L,'[20]WorkDone DATA'!$N:$N,BOQ!BW$6,'[20]WorkDone DATA'!$G:$G,BOQ!$B33)*$G33","v":{"$error":"#VALUE!"}},{"$f":"SUMIFS('[20]WorkDone DATA'!$L:$L,'[20]WorkDone DATA'!$N:$N,BOQ!BX$6,'[20]WorkDone DATA'!$G:$G,BOQ!$B33)*$G33","v":{"$error":"#VALUE!"}}]
[{"$f":"C33","v":"70mm2 x 3 core (CXX03NCV) 3.8kV/6.6kV"},2.015,"Supply","E","m",2160,860.35,{"v":1858356,"d":"1,858,356.00"},null,null,{"$error":"#VALUE!"},{"$error":"#VALUE!"},{"$error":"#VALUE!"},null,{"$error":"#VALUE!"},{"$error":"#VALUE!"},null,{"$f":"SUMIFS('[20]WorkDone DATA'!$L:$L,'[20]WorkDone DATA'!$N:$N,BOQ!S$6,'[20]WorkDone DATA'!$G:$G,BOQ!$B34)","v":{"$error":"#VALUE!"}},{"$error":"#VALUE!"},{"$f":"SUMIFS('[20]WorkDone DATA'!$L:$L,'[20]WorkDone DATA'!$N:$N,BOQ!U$6,'[20]WorkDone DATA'!$G:$G,BOQ!$B34)","v":{"$error":"#VALUE!"}},{"$error":"#VALUE!"},null,{"$f":"SUMIFS('[20]WorkDone DATA'!$L:$L,'[20]WorkDone DATA'!$N:$N,BOQ!W$6,'[20]WorkDone DATA'!$G:$G,BOQ!$B34)*$G34","v":{"$error":"#VALUE!"}},null,{"$f":"SUMIFS('[20]WorkDone DATA'!$L:$L,'[20]WorkDone DATA'!$N:$N,BOQ!Y$6,'[20]WorkDone DATA'!$G:$G,BOQ!$B34)*$G34","v":{"$error":"#VALUE!"}},null,{"$f":"SUMIFS('[20]WorkDone DATA'!$L:$L,'[20]WorkDone DATA'!$N:$N,BOQ!AA$6,'[20]WorkDone DATA'!$G:$G,BOQ!$B34)*$G34","v":{"$error":"#VALUE!"}},{"$f":"SUMIFS('[20]WorkDone DATA'!$L:$L,'[20]WorkDone DATA'!$N:$N,BOQ!AB$6,'[20]WorkDone DATA'!$G:$G,BOQ!$B34)*$G34","v":{"$error":"#VALUE!"}},{"$f":"SUMIFS('[20]WorkDone DATA'!$L:$L,'[20]WorkDone DATA'!$N:$N,BOQ!AC$6,'[20]WorkDone DATA'!$G:$G,BOQ!$B34)*$G34","v":{"$error":"#VALUE!"}},{"$f":"SUMIFS('[20]WorkDone DATA'!$L:$L,'[20]WorkDone DATA'!$N:$N,BOQ!AD$6,'[20]WorkDone DATA'!$G:$G,BOQ!$B34)*$G34","v":{"$error":"#VALUE!"}},{"$f":"SUMIFS('[20]WorkDone DATA'!$L:$L,'[20]WorkDone DATA'!$N:$N,BOQ!AE$6,'[20]WorkDone DATA'!$G:$G,BOQ!$B34)*$G34","v":{"$error":"#VALUE!"}},{"$f":"SUMIFS('[20]WorkDone DATA'!$L:$L,'[20]WorkDone DATA'!$N:$N,BOQ!AF$6,'[20]WorkDone DATA'!$G:$G,BOQ!$B34)*$G34","v":{"$error":"#VALUE!"}},{"$f":"SUMIFS('[20]WorkDone DATA'!$L:$L,'[20]WorkDone DATA'!$N:$N,BOQ!AG$6,'[20]WorkDone DATA'!$G:$G,BOQ!$B34)*$G34","v":{"$error":"#VALUE!"}},{"$f":"SUMIFS('[20]WorkDone DATA'!$L:$L,'[20]WorkDone DATA'!$N:$N,BOQ!AH$6,'[20]WorkDone DATA'!$G:$G,BOQ!$B34)*$G34","v":{"$error":"#VALUE!"}},{"$f":"SUMIFS('[20]WorkDone DATA'!$L:$L,'[20]WorkDone DATA'!$N:$N,BOQ!AI$6,'[20]WorkDone DATA'!$G:$G,BOQ!$B34)*$G34","v":{"$error":"#VALUE!"}},{"$f":"SUMIFS('[20]WorkDone DATA'!$L:$L,'[20]WorkDone DATA'!$N:$N,BOQ!AJ$6,'[20]WorkDone DATA'!$G:$G,BOQ!$B34)*$G34","v":{"$error":"#VALUE!"}},{"$f":"SUMIFS('[20]WorkDone DATA'!$L:$L,'[20]WorkDone DATA'!$N:$N,BOQ!AK$6,'[20]WorkDone DATA'!$G:$G,BOQ!$B34)*$G34","v":{"$error":"#VALUE!"}},{"$f":"SUMIFS('[20]WorkDone DATA'!$L:$L,'[20]WorkDone DATA'!$N:$N,BOQ!AL$6,'[20]WorkDone DATA'!$G:$G,BOQ!$B34)*$G34","v":{"$error":"#VALUE!"}},{"$f":"SUMIFS('[20]WorkDone DATA'!$L:$L,'[20]WorkDone DATA'!$N:$N,BOQ!AM$6,'[20]WorkDone DATA'!$G:$G,BOQ!$B34)*$G34","v":{"$error":"#VALUE!"}},{"$f":"SUMIFS('[20]WorkDone DATA'!$L:$L,'[20]WorkDone DATA'!$N:$N,BOQ!AN$6,'[20]WorkDone DATA'!$G:$G,BOQ!$B34)*$G34","v":{"$error":"#VALUE!"}},{"$f":"SUMIFS('[20]WorkDone DATA'!$L:$L,'[20]WorkDone DATA'!$N:$N,BOQ!AO$6,'[20]WorkDone DATA'!$G:$G,BOQ!$B34)*$G34","v":{"$error":"#VALUE!"}},{"$f":"SUMIFS('[20]WorkDone DATA'!$L:$L,'[20]WorkDone DATA'!$N:$N,BOQ!AP$6,'[20]WorkDone DATA'!$G:$G,BOQ!$B34)*$G34","v":{"$error":"#VALUE!"}},{"$f":"SUMIFS('[20]WorkDone DATA'!$L:$L,'[20]WorkDone DATA'!$N:$N,BOQ!AQ$6,'[20]WorkDone DATA'!$G:$G,BOQ!$B34)*$G34","v":{"$error":"#VALUE!"}},{"$f":"SUMIFS('[20]WorkDone DATA'!$L:$L,'[20]WorkDone DATA'!$N:$N,BOQ!AR$6,'[20]WorkDone DATA'!$G:$G,BOQ!$B34)*$G34","v":{"$error":"#VALUE!"}},{"$f":"SUMIFS('[20]WorkDone DATA'!$L:$L,'[20]WorkDone DATA'!$N:$N,BOQ!AS$6,'[20]WorkDone DATA'!$G:$G,BOQ!$B34)*$G34","v":{"$error":"#VALUE!"}},{"$f":"SUMIFS('[20]WorkDone DATA'!$L:$L,'[20]WorkDone DATA'!$N:$N,BOQ!AT$6,'[20]WorkDone DATA'!$G:$G,BOQ!$B34)*$G34","v":{"$error":"#VALUE!"}},{"$f":"SUMIFS('[20]WorkDone DATA'!$L:$L,'[20]WorkDone DATA'!$N:$N,BOQ!AU$6,'[20]WorkDone DATA'!$G:$G,BOQ!$B34)*$G34","v":{"$error":"#VALUE!"}},{"$f":"SUMIFS('[20]WorkDone DATA'!$L:$L,'[20]WorkDone DATA'!$N:$N,BOQ!AV$6,'[20]WorkDone DATA'!$G:$G,BOQ!$B34)*$G34","v":{"$error":"#VALUE!"}},{"$f":"SUMIFS('[20]WorkDone DATA'!$L:$L,'[20]WorkDone DATA'!$N:$N,BOQ!AW$6,'[20]WorkDone DATA'!$G:$G,BOQ!$B34)*$G34","v":{"$error":"#VALUE!"}},{"$f":"SUMIFS('[20]WorkDone DATA'!$L:$L,'[20]WorkDone DATA'!$N:$N,BOQ!AX$6,'[20]WorkDone DATA'!$G:$G,BOQ!$B34)*$G34","v":{"$error":"#VALUE!"}},{"$f":"SUMIFS('[20]WorkDone DATA'!$L:$L,'[20]WorkDone DATA'!$N:$N,BOQ!AY$6,'[20]WorkDone DATA'!$G:$G,BOQ!$B34)*$G34","v":{"$error":"#VALUE!"}},{"$f":"SUMIFS('[20]WorkDone DATA'!$L:$L,'[20]WorkDone DATA'!$N:$N,BOQ!AZ$6,'[20]WorkDone DATA'!$G:$G,BOQ!$B34)*$G34","v":{"$error":"#VALUE!"}},{"$f":"SUMIFS('[20]WorkDone DATA'!$L:$L,'[20]WorkDone DATA'!$N:$N,BOQ!BA$6,'[20]WorkDone DATA'!$G:$G,BOQ!$B34)*$G34","v":{"$error":"#VALUE!"}},{"$f":"SUMIFS('[20]WorkDone DATA'!$L:$L,'[20]WorkDone DATA'!$N:$N,BOQ!BB$6,'[20]WorkDone DATA'!$G:$G,BOQ!$B34)*$G34","v":{"$error":"#VALUE!"}},{"$f":"SUMIFS('[20]WorkDone DATA'!$L:$L,'[20]WorkDone DATA'!$N:$N,BOQ!BC$6,'[20]WorkDone DATA'!$G:$G,BOQ!$B34)*$G34","v":{"$error":"#VALUE!"}},{"$f":"SUMIFS('[20]WorkDone DATA'!$L:$L,'[20]WorkDone DATA'!$N:$N,BOQ!BD$6,'[20]WorkDone DATA'!$G:$G,BOQ!$B34)*$G34","v":{"$error":"#VALUE!"}},{"$f":"SUMIFS('[20]WorkDone DATA'!$L:$L,'[20]WorkDone DATA'!$N:$N,BOQ!BE$6,'[20]WorkDone DATA'!$G:$G,BOQ!$B34)*$G34","v":{"$error":"#VALUE!"}},{"$f":"SUMIFS('[20]WorkDone DATA'!$L:$L,'[20]WorkDone DATA'!$N:$N,BOQ!BF$6,'[20]WorkDone DATA'!$G:$G,BOQ!$B34)*$G34","v":{"$error":"#VALUE!"}},{"$f":"SUMIFS('[20]WorkDone DATA'!$L:$L,'[20]WorkDone DATA'!$N:$N,BOQ!BG$6,'[20]WorkDone DATA'!$G:$G,BOQ!$B34)*$G34","v":{"$error":"#VALUE!"}},{"$f":"SUMIFS('[20]WorkDone DATA'!$L:$L,'[20]WorkDone DATA'!$N:$N,BOQ!BH$6,'[20]WorkDone DATA'!$G:$G,BOQ!$B34)*$G34","v":{"$error":"#VALUE!"}},{"$f":"SUMIFS('[20]WorkDone DATA'!$L:$L,'[20]WorkDone DATA'!$N:$N,BOQ!BI$6,'[20]WorkDone DATA'!$G:$G,BOQ!$B34)*$G34","v":{"$error":"#VALUE!"}},{"$f":"SUMIFS('[20]WorkDone DATA'!$L:$L,'[20]WorkDone DATA'!$N:$N,BOQ!BJ$6,'[20]WorkDone DATA'!$G:$G,BOQ!$B34)*$G34","v":{"$error":"#VALUE!"}},{"$f":"SUMIFS('[20]WorkDone DATA'!$L:$L,'[20]WorkDone DATA'!$N:$N,BOQ!BK$6,'[20]WorkDone DATA'!$G:$G,BOQ!$B34)*$G34","v":{"$error":"#VALUE!"}},{"$f":"SUMIFS('[20]WorkDone DATA'!$L:$L,'[20]WorkDone DATA'!$N:$N,BOQ!BL$6,'[20]WorkDone DATA'!$G:$G,BOQ!$B34)*$G34","v":{"$error":"#VALUE!"}},{"$f":"SUMIFS('[20]WorkDone DATA'!$L:$L,'[20]WorkDone DATA'!$N:$N,BOQ!BM$6,'[20]WorkDone DATA'!$G:$G,BOQ!$B34)*$G34","v":{"$error":"#VALUE!"}},{"$f":"SUMIFS('[20]WorkDone DATA'!$L:$L,'[20]WorkDone DATA'!$N:$N,BOQ!BN$6,'[20]WorkDone DATA'!$G:$G,BOQ!$B34)*$G34","v":{"$error":"#VALUE!"}},{"$f":"SUMIFS('[20]WorkDone DATA'!$L:$L,'[20]WorkDone DATA'!$N:$N,BOQ!BO$6,'[20]WorkDone DATA'!$G:$G,BOQ!$B34)*$G34","v":{"$error":"#VALUE!"}},{"$f":"SUMIFS('[20]WorkDone DATA'!$L:$L,'[20]WorkDone DATA'!$N:$N,BOQ!BP$6,'[20]WorkDone DATA'!$G:$G,BOQ!$B34)*$G34","v":{"$error":"#VALUE!"}},{"$f":"SUMIFS('[20]WorkDone DATA'!$L:$L,'[20]WorkDone DATA'!$N:$N,BOQ!BQ$6,'[20]WorkDone DATA'!$G:$G,BOQ!$B34)*$G34","v":{"$error":"#VALUE!"}},{"$f":"SUMIFS('[20]WorkDone DATA'!$L:$L,'[20]WorkDone DATA'!$N:$N,BOQ!BR$6,'[20]WorkDone DATA'!$G:$G,BOQ!$B34)*$G34","v":{"$error":"#VALUE!"}},{"$f":"SUMIFS('[20]WorkDone DATA'!$L:$L,'[20]WorkDone DATA'!$N:$N,BOQ!BS$6,'[20]WorkDone DATA'!$G:$G,BOQ!$B34)*$G34","v":{"$error":"#VALUE!"}},{"$f":"SUMIFS('[20]WorkDone DATA'!$L:$L,'[20]WorkDone DATA'!$N:$N,BOQ!BT$6,'[20]WorkDone DATA'!$G:$G,BOQ!$B34)*$G34","v":{"$error":"#VALUE!"}},{"$f":"SUMIFS('[20]WorkDone DATA'!$L:$L,'[20]WorkDone DATA'!$N:$N,BOQ!BU$6,'[20]WorkDone DATA'!$G:$G,BOQ!$B34)*$G34","v":{"$error":"#VALUE!"}},{"$f":"SUMIFS('[20]WorkDone DATA'!$L:$L,'[20]WorkDone DATA'!$N:$N,BOQ!BV$6,'[20]WorkDone DATA'!$G:$G,BOQ!$B34)*$G34","v":{"$error":"#VALUE!"}},{"$f":"SUMIFS('[20]WorkDone DATA'!$L:$L,'[20]WorkDone DATA'!$N:$N,BOQ!BW$6,'[20]WorkDone DATA'!$G:$G,BOQ!$B34)*$G34","v":{"$error":"#VALUE!"}},{"$f":"SUMIFS('[20]WorkDone DATA'!$L:$L,'[20]WorkDone DATA'!$N:$N,BOQ!BX$6,'[20]WorkDone DATA'!$G:$G,BOQ!$B34)*$G34","v":{"$error":"#VALUE!"}}]
[{"$f":"C33","v":"70mm2 x 3 core (CXX03NCV) 3.8kV/6.6kV"},2.016,"Installation","A","m",2160,64.61,{"v":139557.6,"d":"139,557.60"},null,null,{"$error":"#VALUE!"},{"$error":"#VALUE!"},{"$error":"#VALUE!"},null,{"$error":"#VALUE!"},{"$error":"#VALUE!"},null,{"$f":"SUMIFS('[20]WorkDone DATA'!$L:$L,'[20]WorkDone DATA'!$N:$N,BOQ!S$6,'[20]WorkDone DATA'!$G:$G,BOQ!$B35)","v":{"$error":"#VALUE!"}},{"$error":"#VALUE!"},{"$f":"SUMIFS('[20]WorkDone DATA'!$L:$L,'[20]WorkDone DATA'!$N:$N,BOQ!U$6,'[20]WorkDone DATA'!$G:$G,BOQ!$B35)","v":{"$error":"#VALUE!"}},{"$error":"#VALUE!"},null,{"$f":"SUMIFS('[20]WorkDone DATA'!$L:$L,'[20]WorkDone DATA'!$N:$N,BOQ!W$6,'[20]WorkDone DATA'!$G:$G,BOQ!$B35)*$G35","v":{"$error":"#VALUE!"}},null,{"$f":"SUMIFS('[20]WorkDone DATA'!$L:$L,'[20]WorkDone DATA'!$N:$N,BOQ!Y$6,'[20]WorkDone DATA'!$G:$G,BOQ!$B35)*$G35","v":{"$error":"#VALUE!"}},null,{"$f":"SUMIFS('[20]WorkDone DATA'!$L:$L,'[20]WorkDone DATA'!$N:$N,BOQ!AA$6,'[20]WorkDone DATA'!$G:$G,BOQ!$B35)*$G35","v":{"$error":"#VALUE!"}},{"$f":"SUMIFS('[20]WorkDone DATA'!$L:$L,'[20]WorkDone DATA'!$N:$N,BOQ!AB$6,'[20]WorkDone DATA'!$G:$G,BOQ!$B35)*$G35","v":{"$error":"#VALUE!"}},{"$f":"SUMIFS('[20]WorkDone DATA'!$L:$L,'[20]WorkDone DATA'!$N:$N,BOQ!AC$6,'[20]WorkDone DATA'!$G:$G,BOQ!$B35)*$G35","v":{"$error":"#VALUE!"}},{"$f":"SUMIFS('[20]WorkDone DATA'!$L:$L,'[20]WorkDone DATA'!$N:$N,BOQ!AD$6,'[20]WorkDone DATA'!$G:$G,BOQ!$B35)*$G35","v":{"$error":"#VALUE!"}},{"$f":"SUMIFS('[20]WorkDone DATA'!$L:$L,'[20]WorkDone DATA'!$N:$N,BOQ!AE$6,'[20]WorkDone DATA'!$G:$G,BOQ!$B35)*$G35","v":{"$error":"#VALUE!"}},{"$f":"SUMIFS('[20]WorkDone DATA'!$L:$L,'[20]WorkDone DATA'!$N:$N,BOQ!AF$6,'[20]WorkDone DATA'!$G:$G,BOQ!$B35)*$G35","v":{"$error":"#VALUE!"}},{"$f":"SUMIFS('[20]WorkDone DATA'!$L:$L,'[20]WorkDone DATA'!$N:$N,BOQ!AG$6,'[20]WorkDone DATA'!$G:$G,BOQ!$B35)*$G35","v":{"$error":"#VALUE!"}},{"$f":"SUMIFS('[20]WorkDone DATA'!$L:$L,'[20]WorkDone DATA'!$N:$N,BOQ!AH$6,'[20]WorkDone DATA'!$G:$G,BOQ!$B35)*$G35","v":{"$error":"#VALUE!"}},{"$f":"SUMIFS('[20]WorkDone DATA'!$L:$L,'[20]WorkDone DATA'!$N:$N,BOQ!AI$6,'[20]WorkDone DATA'!$G:$G,BOQ!$B35)*$G35","v":{"$error":"#VALUE!"}},{"$f":"SUMIFS('[20]WorkDone DATA'!$L:$L,'[20]WorkDone DATA'!$N:$N,BOQ!AJ$6,'[20]WorkDone DATA'!$G:$G,BOQ!$B35)*$G35","v":{"$error":"#VALUE!"}},{"$f":"SUMIFS('[20]WorkDone DATA'!$L:$L,'[20]WorkDone DATA'!$N:$N,BOQ!AK$6,'[20]WorkDone DATA'!$G:$G,BOQ!$B35)*$G35","v":{"$error":"#VALUE!"}},{"$f":"SUMIFS('[20]WorkDone DATA'!$L:$L,'[20]WorkDone DATA'!$N:$N,BOQ!AL$6,'[20]WorkDone DATA'!$G:$G,BOQ!$B35)*$G35","v":{"$error":"#VALUE!"}},{"$f":"SUMIFS('[20]WorkDone DATA'!$L:$L,'[20]WorkDone DATA'!$N:$N,BOQ!AM$6,'[20]WorkDone DATA'!$G:$G,BOQ!$B35)*$G35","v":{"$error":"#VALUE!"}},{"$f":"SUMIFS('[20]WorkDone DATA'!$L:$L,'[20]WorkDone DATA'!$N:$N,BOQ!AN$6,'[20]WorkDone DATA'!$G:$G,BOQ!$B35)*$G35","v":{"$error":"#VALUE!"}},{"$f":"SUMIFS('[20]WorkDone DATA'!$L:$L,'[20]WorkDone DATA'!$N:$N,BOQ!AO$6,'[20]WorkDone DATA'!$G:$G,BOQ!$B35)*$G35","v":{"$error":"#VALUE!"}},{"$f":"SUMIFS('[20]WorkDone DATA'!$L:$L,'[20]WorkDone DATA'!$N:$N,BOQ!AP$6,'[20]WorkDone DATA'!$G:$G,BOQ!$B35)*$G35","v":{"$error":"#VALUE!"}},{"$f":"SUMIFS('[20]WorkDone DATA'!$L:$L,'[20]WorkDone DATA'!$N:$N,BOQ!AQ$6,'[20]WorkDone DATA'!$G:$G,BOQ!$B35)*$G35","v":{"$error":"#VALUE!"}},{"$f":"SUMIFS('[20]WorkDone DATA'!$L:$L,'[20]WorkDone DATA'!$N:$N,BOQ!AR$6,'[20]WorkDone DATA'!$G:$G,BOQ!$B35)*$G35","v":{"$error":"#VALUE!"}},{"$f":"SUMIFS('[20]WorkDone DATA'!$L:$L,'[20]WorkDone DATA'!$N:$N,BOQ!AS$6,'[20]WorkDone DATA'!$G:$G,BOQ!$B35)*$G35","v":{"$error":"#VALUE!"}},{"$f":"SUMIFS('[20]WorkDone DATA'!$L:$L,'[20]WorkDone DATA'!$N:$N,BOQ!AT$6,'[20]WorkDone DATA'!$G:$G,BOQ!$B35)*$G35","v":{"$error":"#VALUE!"}},{"$f":"SUMIFS('[20]WorkDone DATA'!$L:$L,'[20]WorkDone DATA'!$N:$N,BOQ!AU$6,'[20]WorkDone DATA'!$G:$G,BOQ!$B35)*$G35","v":{"$error":"#VALUE!"}},{"$f":"SUMIFS('[20]WorkDone DATA'!$L:$L,'[20]WorkDone DATA'!$N:$N,BOQ!AV$6,'[20]WorkDone DATA'!$G:$G,BOQ!$B35)*$G35","v":{"$error":"#VALUE!"}},{"$f":"SUMIFS('[20]WorkDone DATA'!$L:$L,'[20]WorkDone DATA'!$N:$N,BOQ!AW$6,'[20]WorkDone DATA'!$G:$G,BOQ!$B35)*$G35","v":{"$error":"#VALUE!"}},{"$f":"SUMIFS('[20]WorkDone DATA'!$L:$L,'[20]WorkDone DATA'!$N:$N,BOQ!AX$6,'[20]WorkDone DATA'!$G:$G,BOQ!$B35)*$G35","v":{"$error":"#VALUE!"}},{"$f":"SUMIFS('[20]WorkDone DATA'!$L:$L,'[20]WorkDone DATA'!$N:$N,BOQ!AY$6,'[20]WorkDone DATA'!$G:$G,BOQ!$B35)*$G35","v":{"$error":"#VALUE!"}},{"$f":"SUMIFS('[20]WorkDone DATA'!$L:$L,'[20]WorkDone DATA'!$N:$N,BOQ!AZ$6,'[20]WorkDone DATA'!$G:$G,BOQ!$B35)*$G35","v":{"$error":"#VALUE!"}},{"$f":"SUMIFS('[20]WorkDone DATA'!$L:$L,'[20]WorkDone DATA'!$N:$N,BOQ!BA$6,'[20]WorkDone DATA'!$G:$G,BOQ!$B35)*$G35","v":{"$error":"#VALUE!"}},{"$f":"SUMIFS('[20]WorkDone DATA'!$L:$L,'[20]WorkDone DATA'!$N:$N,BOQ!BB$6,'[20]WorkDone DATA'!$G:$G,BOQ!$B35)*$G35","v":{"$error":"#VALUE!"}},{"$f":"SUMIFS('[20]WorkDone DATA'!$L:$L,'[20]WorkDone DATA'!$N:$N,BOQ!BC$6,'[20]WorkDone DATA'!$G:$G,BOQ!$B35)*$G35","v":{"$error":"#VALUE!"}},{"$f":"SUMIFS('[20]WorkDone DATA'!$L:$L,'[20]WorkDone DATA'!$N:$N,BOQ!BD$6,'[20]WorkDone DATA'!$G:$G,BOQ!$B35)*$G35","v":{"$error":"#VALUE!"}},{"$f":"SUMIFS('[20]WorkDone DATA'!$L:$L,'[20]WorkDone DATA'!$N:$N,BOQ!BE$6,'[20]WorkDone DATA'!$G:$G,BOQ!$B35)*$G35","v":{"$error":"#VALUE!"}},{"$f":"SUMIFS('[20]WorkDone DATA'!$L:$L,'[20]WorkDone DATA'!$N:$N,BOQ!BF$6,'[20]WorkDone DATA'!$G:$G,BOQ!$B35)*$G35","v":{"$error":"#VALUE!"}},{"$f":"SUMIFS('[20]WorkDone DATA'!$L:$L,'[20]WorkDone DATA'!$N:$N,BOQ!BG$6,'[20]WorkDone DATA'!$G:$G,BOQ!$B35)*$G35","v":{"$error":"#VALUE!"}},{"$f":"SUMIFS('[20]WorkDone DATA'!$L:$L,'[20]WorkDone DATA'!$N:$N,BOQ!BH$6,'[20]WorkDone DATA'!$G:$G,BOQ!$B35)*$G35","v":{"$error":"#VALUE!"}},{"$f":"SUMIFS('[20]WorkDone DATA'!$L:$L,'[20]WorkDone DATA'!$N:$N,BOQ!BI$6,'[20]WorkDone DATA'!$G:$G,BOQ!$B35)*$G35","v":{"$error":"#VALUE!"}},{"$f":"SUMIFS('[20]WorkDone DATA'!$L:$L,'[20]WorkDone DATA'!$N:$N,BOQ!BJ$6,'[20]WorkDone DATA'!$G:$G,BOQ!$B35)*$G35","v":{"$error":"#VALUE!"}},{"$f":"SUMIFS('[20]WorkDone DATA'!$L:$L,'[20]WorkDone DATA'!$N:$N,BOQ!BK$6,'[20]WorkDone DATA'!$G:$G,BOQ!$B35)*$G35","v":{"$error":"#VALUE!"}},{"$f":"SUMIFS('[20]WorkDone DATA'!$L:$L,'[20]WorkDone DATA'!$N:$N,BOQ!BL$6,'[20]WorkDone DATA'!$G:$G,BOQ!$B35)*$G35","v":{"$error":"#VALUE!"}},{"$f":"SUMIFS('[20]WorkDone DATA'!$L:$L,'[20]WorkDone DATA'!$N:$N,BOQ!BM$6,'[20]WorkDone DATA'!$G:$G,BOQ!$B35)*$G35","v":{"$error":"#VALUE!"}},{"$f":"SUMIFS('[20]WorkDone DATA'!$L:$L,'[20]WorkDone DATA'!$N:$N,BOQ!BN$6,'[20]WorkDone DATA'!$G:$G,BOQ!$B35)*$G35","v":{"$error":"#VALUE!"}},{"$f":"SUMIFS('[20]WorkDone DATA'!$L:$L,'[20]WorkDone DATA'!$N:$N,BOQ!BO$6,'[20]WorkDone DATA'!$G:$G,BOQ!$B35)*$G35","v":{"$error":"#VALUE!"}},{"$f":"SUMIFS('[20]WorkDone DATA'!$L:$L,'[20]WorkDone DATA'!$N:$N,BOQ!BP$6,'[20]WorkDone DATA'!$G:$G,BOQ!$B35)*$G35","v":{"$error":"#VALUE!"}},{"$f":"SUMIFS('[20]WorkDone DATA'!$L:$L,'[20]WorkDone DATA'!$N:$N,BOQ!BQ$6,'[20]WorkDone DATA'!$G:$G,BOQ!$B35)*$G35","v":{"$error":"#VALUE!"}},{"$f":"SUMIFS('[20]WorkDone DATA'!$L:$L,'[20]WorkDone DATA'!$N:$N,BOQ!BR$6,'[20]WorkDone DATA'!$G:$G,BOQ!$B35)*$G35","v":{"$error":"#VALUE!"}},{"$f":"SUMIFS('[20]WorkDone DATA'!$L:$L,'[20]WorkDone DATA'!$N:$N,BOQ!BS$6,'[20]WorkDone DATA'!$G:$G,BOQ!$B35)*$G35","v":{"$error":"#VALUE!"}},{"$f":"SUMIFS('[20]WorkDone DATA'!$L:$L,'[20]WorkDone DATA'!$N:$N,BOQ!BT$6,'[20]WorkDone DATA'!$G:$G,BOQ!$B35)*$G35","v":{"$error":"#VALUE!"}},{"$f":"SUMIFS('[20]WorkDone DATA'!$L:$L,'[20]WorkDone DATA'!$N:$N,BOQ!BU$6,'[20]WorkDone DATA'!$G:$G,BOQ!$B35)*$G35","v":{"$error":"#VALUE!"}},{"$f":"SUMIFS('[20]WorkDone DATA'!$L:$L,'[20]WorkDone DATA'!$N:$N,BOQ!BV$6,'[20]WorkDone DATA'!$G:$G,BOQ!$B35)*$G35","v":{"$error":"#VALUE!"}},{"$f":"SUMIFS('[20]WorkDone DATA'!$L:$L,'[20]WorkDone DATA'!$N:$N,BOQ!BW$6,'[20]WorkDone DATA'!$G:$G,BOQ!$B35)*$G35","v":{"$error":"#VALUE!"}},{"$f":"SUMIFS('[20]WorkDone DATA'!$L:$L,'[20]WorkDone DATA'!$N:$N,BOQ!BX$6,'[20]WorkDone DATA'!$G:$G,BOQ!$B35)*$G35","v":{"$error":"#VALUE!"}}]
[null,null,"240mm2 x 3 core (CXX03TCV) 3.8kV/6.6kV",{"$nulls":4},0,{"$nulls":3},{"$error":"#VALUE!"},{"$error":"#VALUE!"},null,0,{"$error":"#VALUE!"},null,{"$f":"SUMIFS('[20]WorkDone DATA'!$L:$L,'[20]WorkDone DATA'!$N:$N,BOQ!S$6,'[20]WorkDone DATA'!$G:$G,BOQ!$B36)","v":{"$error":"#VALUE!"}},{"$error":"#VALUE!"},{"$f":"SUMIFS('[20]WorkDone DATA'!$L:$L,'[20]WorkDone DATA'!$N:$N,BOQ!U$6,'[20]WorkDone DATA'!$G:$G,BOQ!$B36)","v":{"$error":"#VALUE!"}},{"$error":"#VALUE!"},null,{"$f":"SUMIFS('[20]WorkDone DATA'!$L:$L,'[20]WorkDone DATA'!$N:$N,BOQ!W$6,'[20]WorkDone DATA'!$G:$G,BOQ!$B36)*$G36","v":{"$error":"#VALUE!"}},null,{"$f":"SUMIFS('[20]WorkDone DATA'!$L:$L,'[20]WorkDone DATA'!$N:$N,BOQ!Y$6,'[20]WorkDone DATA'!$G:$G,BOQ!$B36)*$G36","v":{"$error":"#VALUE!"}},null,{"$f":"SUMIFS('[20]WorkDone DATA'!$L:$L,'[20]WorkDone DATA'!$N:$N,BOQ!AA$6,'[20]WorkDone DATA'!$G:$G,BOQ!$B36)*$G36","v":{"$error":"#VALUE!"}},{"$f":"SUMIFS('[20]WorkDone DATA'!$L:$L,'[20]WorkDone DATA'!$N:$N,BOQ!AB$6,'[20]WorkDone DATA'!$G:$G,BOQ!$B36)*$G36","v":{"$error":"#VALUE!"}},{"$f":"SUMIFS('[20]WorkDone DATA'!$L:$L,'[20]WorkDone DATA'!$N:$N,BOQ!AC$6,'[20]WorkDone DATA'!$G:$G,BOQ!$B36)*$G36","v":{"$error":"#VALUE!"}},{"$f":"SUMIFS('[20]WorkDone DATA'!$L:$L,'[20]WorkDone DATA'!$N:$N,BOQ!AD$6,'[20]WorkDone DATA'!$G:$G,BOQ!$B36)*$G36","v":{"$error":"#VALUE!"}},{"$f":"SUMIFS('[20]WorkDone DATA'!$L:$L,'[20]WorkDone DATA'!$N:$N,BOQ!AE$6,'[20]WorkDone DATA'!$G:$G,BOQ!$B36)*$G36","v":{"$error":"#VALUE!"}},{"$f":"SUMIFS('[20]WorkDone DATA'!$L:$L,'[20]WorkDone DATA'!$N:$N,BOQ!AF$6,'[20]WorkDone DATA'!$G:$G,BOQ!$B36)*$G36","v":{"$error":"#VALUE!"}},{"$f":"SUMIFS('[20]WorkDone DATA'!$L:$L,'[20]WorkDone DATA'!$N:$N,BOQ!AG$6,'[20]WorkDone DATA'!$G:$G,BOQ!$B36)*$G36","v":{"$error":"#VALUE!"}},{"$f":"SUMIFS('[20]WorkDone DATA'!$L:$L,'[20]WorkDone DATA'!$N:$N,BOQ!AH$6,'[20]WorkDone DATA'!$G:$G,BOQ!$B36)*$G36","v":{"$error":"#VALUE!"}},{"$f":"SUMIFS('[20]WorkDone DATA'!$L:$L,'[20]WorkDone DATA'!$N:$N,BOQ!AI$6,'[20]WorkDone DATA'!$G:$G,BOQ!$B36)*$G36","v":{"$error":"#VALUE!"}},{"$f":"SUMIFS('[20]WorkDone DATA'!$L:$L,'[20]WorkDone DATA'!$N:$N,BOQ!AJ$6,'[20]WorkDone DATA'!$G:$G,BOQ!$B36)*$G36","v":{"$error":"#VALUE!"}},{"$f":"SUMIFS('[20]WorkDone DATA'!$L:$L,'[20]WorkDone DATA'!$N:$N,BOQ!AK$6,'[20]WorkDone DATA'!$G:$G,BOQ!$B36)*$G36","v":{"$error":"#VALUE!"}},{"$f":"SUMIFS('[20]WorkDone DATA'!$L:$L,'[20]WorkDone DATA'!$N:$N,BOQ!AL$6,'[20]WorkDone DATA'!$G:$G,BOQ!$B36)*$G36","v":{"$error":"#VALUE!"}},{"$f":"SUMIFS('[20]WorkDone DATA'!$L:$L,'[20]WorkDone DATA'!$N:$N,BOQ!AM$6,'[20]WorkDone DATA'!$G:$G,BOQ!$B36)*$G36","v":{"$error":"#VALUE!"}},{"$f":"SUMIFS('[20]WorkDone DATA'!$L:$L,'[20]WorkDone DATA'!$N:$N,BOQ!AN$6,'[20]WorkDone DATA'!$G:$G,BOQ!$B36)*$G36","v":{"$error":"#VALUE!"}},{"$f":"SUMIFS('[20]WorkDone DATA'!$L:$L,'[20]WorkDone DATA'!$N:$N,BOQ!AO$6,'[20]WorkDone DATA'!$G:$G,BOQ!$B36)*$G36","v":{"$error":"#VALUE!"}},{"$f":"SUMIFS('[20]WorkDone DATA'!$L:$L,'[20]WorkDone DATA'!$N:$N,BOQ!AP$6,'[20]WorkDone DATA'!$G:$G,BOQ!$B36)*$G36","v":{"$error":"#VALUE!"}},{"$f":"SUMIFS('[20]WorkDone DATA'!$L:$L,'[20]WorkDone DATA'!$N:$N,BOQ!AQ$6,'[20]WorkDone DATA'!$G:$G,BOQ!$B36)*$G36","v":{"$error":"#VALUE!"}},{"$f":"SUMIFS('[20]WorkDone DATA'!$L:$L,'[20]WorkDone DATA'!$N:$N,BOQ!AR$6,'[20]WorkDone DATA'!$G:$G,BOQ!$B36)*$G36","v":{"$error":"#VALUE!"}},{"$f":"SUMIFS('[20]WorkDone DATA'!$L:$L,'[20]WorkDone DATA'!$N:$N,BOQ!AS$6,'[20]WorkDone DATA'!$G:$G,BOQ!$B36)*$G36","v":{"$error":"#VALUE!"}},{"$f":"SUMIFS('[20]WorkDone DATA'!$L:$L,'[20]WorkDone DATA'!$N:$N,BOQ!AT$6,'[20]WorkDone DATA'!$G:$G,BOQ!$B36)*$G36","v":{"$error":"#VALUE!"}},{"$f":"SUMIFS('[20]WorkDone DATA'!$L:$L,'[20]WorkDone DATA'!$N:$N,BOQ!AU$6,'[20]WorkDone DATA'!$G:$G,BOQ!$B36)*$G36","v":{"$error":"#VALUE!"}},{"$f":"SUMIFS('[20]WorkDone DATA'!$L:$L,'[20]WorkDone DATA'!$N:$N,BOQ!AV$6,'[20]WorkDone DATA'!$G:$G,BOQ!$B36)*$G36","v":{"$error":"#VALUE!"}},{"$f":"SUMIFS('[20]WorkDone DATA'!$L:$L,'[20]WorkDone DATA'!$N:$N,BOQ!AW$6,'[20]WorkDone DATA'!$G:$G,BOQ!$B36)*$G36","v":{"$error":"#VALUE!"}},{"$f":"SUMIFS('[20]WorkDone DATA'!$L:$L,'[20]WorkDone DATA'!$N:$N,BOQ!AX$6,'[20]WorkDone DATA'!$G:$G,BOQ!$B36)*$G36","v":{"$error":"#VALUE!"}},{"$f":"SUMIFS('[20]WorkDone DATA'!$L:$L,'[20]WorkDone DATA'!$N:$N,BOQ!AY$6,'[20]WorkDone DATA'!$G:$G,BOQ!$B36)*$G36","v":{"$error":"#VALUE!"}},{"$f":"SUMIFS('[20]WorkDone DATA'!$L:$L,'[20]WorkDone DATA'!$N:$N,BOQ!AZ$6,'[20]WorkDone DATA'!$G:$G,BOQ!$B36)*$G36","v":{"$error":"#VALUE!"}},{"$f":"SUMIFS('[20]WorkDone DATA'!$L:$L,'[20]WorkDone DATA'!$N:$N,BOQ!BA$6,'[20]WorkDone DATA'!$G:$G,BOQ!$B36)*$G36","v":{"$error":"#VALUE!"}},{"$f":"SUMIFS('[20]WorkDone DATA'!$L:$L,'[20]WorkDone DATA'!$N:$N,BOQ!BB$6,'[20]WorkDone DATA'!$G:$G,BOQ!$B36)*$G36","v":{"$error":"#VALUE!"}},{"$f":"SUMIFS('[20]WorkDone DATA'!$L:$L,'[20]WorkDone DATA'!$N:$N,BOQ!BC$6,'[20]WorkDone DATA'!$G:$G,BOQ!$B36)*$G36","v":{"$error":"#VALUE!"}},{"$f":"SUMIFS('[20]WorkDone DATA'!$L:$L,'[20]WorkDone DATA'!$N:$N,BOQ!BD$6,'[20]WorkDone DATA'!$G:$G,BOQ!$B36)*$G36","v":{"$error":"#VALUE!"}},{"$f":"SUMIFS('[20]WorkDone DATA'!$L:$L,'[20]WorkDone DATA'!$N:$N,BOQ!BE$6,'[20]WorkDone DATA'!$G:$G,BOQ!$B36)*$G36","v":{"$error":"#VALUE!"}},{"$f":"SUMIFS('[20]WorkDone DATA'!$L:$L,'[20]WorkDone DATA'!$N:$N,BOQ!BF$6,'[20]WorkDone DATA'!$G:$G,BOQ!$B36)*$G36","v":{"$error":"#VALUE!"}},{"$f":"SUMIFS('[20]WorkDone DATA'!$L:$L,'[20]WorkDone DATA'!$N:$N,BOQ!BG$6,'[20]WorkDone DATA'!$G:$G,BOQ!$B36)*$G36","v":{"$error":"#VALUE!"}},{"$f":"SUMIFS('[20]WorkDone DATA'!$L:$L,'[20]WorkDone DATA'!$N:$N,BOQ!BH$6,'[20]WorkDone DATA'!$G:$G,BOQ!$B36)*$G36","v":{"$error":"#VALUE!"}},{"$f":"SUMIFS('[20]WorkDone DATA'!$L:$L,'[20]WorkDone DATA'!$N:$N,BOQ!BI$6,'[20]WorkDone DATA'!$G:$G,BOQ!$B36)*$G36","v":{"$error":"#VALUE!"}},{"$f":"SUMIFS('[20]WorkDone DATA'!$L:$L,'[20]WorkDone DATA'!$N:$N,BOQ!BJ$6,'[20]WorkDone DATA'!$G:$G,BOQ!$B36)*$G36","v":{"$error":"#VALUE!"}},{"$f":"SUMIFS('[20]WorkDone DATA'!$L:$L,'[20]WorkDone DATA'!$N:$N,BOQ!BK$6,'[20]WorkDone DATA'!$G:$G,BOQ!$B36)*$G36","v":{"$error":"#VALUE!"}},{"$f":"SUMIFS('[20]WorkDone DATA'!$L:$L,'[20]WorkDone DATA'!$N:$N,BOQ!BL$6,'[20]WorkDone DATA'!$G:$G,BOQ!$B36)*$G36","v":{"$error":"#VALUE!"}},{"$f":"SUMIFS('[20]WorkDone DATA'!$L:$L,'[20]WorkDone DATA'!$N:$N,BOQ!BM$6,'[20]WorkDone DATA'!$G:$G,BOQ!$B36)*$G36","v":{"$error":"#VALUE!"}},{"$f":"SUMIFS('[20]WorkDone DATA'!$L:$L,'[20]WorkDone DATA'!$N:$N,BOQ!BN$6,'[20]WorkDone DATA'!$G:$G,BOQ!$B36)*$G36","v":{"$error":"#VALUE!"}},{"$f":"SUMIFS('[20]WorkDone DATA'!$L:$L,'[20]WorkDone DATA'!$N:$N,BOQ!BO$6,'[20]WorkDone DATA'!$G:$G,BOQ!$B36)*$G36","v":{"$error":"#VALUE!"}},{"$f":"SUMIFS('[20]WorkDone DATA'!$L:$L,'[20]WorkDone DATA'!$N:$N,BOQ!BP$6,'[20]WorkDone DATA'!$G:$G,BOQ!$B36)*$G36","v":{"$error":"#VALUE!"}},{"$f":"SUMIFS('[20]WorkDone DATA'!$L:$L,'[20]WorkDone DATA'!$N:$N,BOQ!BQ$6,'[20]WorkDone DATA'!$G:$G,BOQ!$B36)*$G36","v":{"$error":"#VALUE!"}},{"$f":"SUMIFS('[20]WorkDone DATA'!$L:$L,'[20]WorkDone DATA'!$N:$N,BOQ!BR$6,'[20]WorkDone DATA'!$G:$G,BOQ!$B36)*$G36","v":{"$error":"#VALUE!"}},{"$f":"SUMIFS('[20]WorkDone DATA'!$L:$L,'[20]WorkDone DATA'!$N:$N,BOQ!BS$6,'[20]WorkDone DATA'!$G:$G,BOQ!$B36)*$G36","v":{"$error":"#VALUE!"}},{"$f":"SUMIFS('[20]WorkDone DATA'!$L:$L,'[20]WorkDone DATA'!$N:$N,BOQ!BT$6,'[20]WorkDone DATA'!$G:$G,BOQ!$B36)*$G36","v":{"$error":"#VALUE!"}},{"$f":"SUMIFS('[20]WorkDone DATA'!$L:$L,'[20]WorkDone DATA'!$N:$N,BOQ!BU$6,'[20]WorkDone DATA'!$G:$G,BOQ!$B36)*$G36","v":{"$error":"#VALUE!"}},{"$f":"SUMIFS('[20]WorkDone DATA'!$L:$L,'[20]WorkDone DATA'!$N:$N,BOQ!BV$6,'[20]WorkDone DATA'!$G:$G,BOQ!$B36)*$G36","v":{"$error":"#VALUE!"}},{"$f":"SUMIFS('[20]WorkDone DATA'!$L:$L,'[20]WorkDone DATA'!$N:$N,BOQ!BW$6,'[20]WorkDone DATA'!$G:$G,BOQ!$B36)*$G36","v":{"$error":"#VALUE!"}},{"$f":"SUMIFS('[20]WorkDone DATA'!$L:$L,'[20]WorkDone DATA'!$N:$N,BOQ!BX$6,'[20]WorkDone DATA'!$G:$G,BOQ!$B36)*$G36","v":{"$error":"#VALUE!"}}]
[{"$f":"C36","v":"240mm2 x 3 core (CXX03TCV) 3.8kV/6.6kV"},2.017,"Supply","E","m",1080,{"v":2399.34,"d":"2,399.34"},{"v":2591287.2,"d":"2,591,287.20"},null,null,{"$error":"#VALUE!"},{"$error":"#VALUE!"},{"$error":"#VALUE!"},null,{"$error":"#VALUE!"},{"$error":"#VALUE!"},null,{"$f":"SUMIFS('[20]WorkDone DATA'!$L:$L,'[20]WorkDone DATA'!$N:$N,BOQ!S$6,'[20]WorkDone DATA'!$G:$G,BOQ!$B37)","v":{"$error":"#VALUE!"}},{"$error":"#VALUE!"},{"$f":"SUMIFS('[20]WorkDone DATA'!$L:$L,'[20]WorkDone DATA'!$N:$N,BOQ!U$6,'[20]WorkDone DATA'!$G:$G,BOQ!$B37)","v":{"$error":"#VALUE!"}},{"$error":"#VALUE!"},null,{"$f":"SUMIFS('[20]WorkDone DATA'!$L:$L,'[20]WorkDone DATA'!$N:$N,BOQ!W$6,'[20]WorkDone DATA'!$G:$G,BOQ!$B37)*$G37","v":{"$error":"#VALUE!"}},null,{"$f":"SUMIFS('[20]WorkDone DATA'!$L:$L,'[20]WorkDone DATA'!$N:$N,BOQ!Y$6,'[20]WorkDone DATA'!$G:$G,BOQ!$B37)*$G37","v":{"$error":"#VALUE!"}},null,{"$f":"SUMIFS('[20]WorkDone DATA'!$L:$L,'[20]WorkDone DATA'!$N:$N,BOQ!AA$6,'[20]WorkDone DATA'!$G:$G,BOQ!$B37)*$G37","v":{"$error":"#VALUE!"}},{"$f":"SUMIFS('[20]WorkDone DATA'!$L:$L,'[20]WorkDone DATA'!$N:$N,BOQ!AB$6,'[20]WorkDone DATA'!$G:$G,BOQ!$B37)*$G37","v":{"$error":"#VALUE!"}},{"$f":"SUMIFS('[20]WorkDone DATA'!$L:$L,'[20]WorkDone DATA'!$N:$N,BOQ!AC$6,'[20]WorkDone DATA'!$G:$G,BOQ!$B37)*$G37","v":{"$error":"#VALUE!"}},{"$f":"SUMIFS('[20]WorkDone DATA'!$L:$L,'[20]WorkDone DATA'!$N:$N,BOQ!AD$6,'[20]WorkDone DATA'!$G:$G,BOQ!$B37)*$G37","v":{"$error":"#VALUE!"}},{"$f":"SUMIFS('[20]WorkDone DATA'!$L:$L,'[20]WorkDone DATA'!$N:$N,BOQ!AE$6,'[20]WorkDone DATA'!$G:$G,BOQ!$B37)*$G37","v":{"$error":"#VALUE!"}},{"$f":"SUMIFS('[20]WorkDone DATA'!$L:$L,'[20]WorkDone DATA'!$N:$N,BOQ!AF$6,'[20]WorkDone DATA'!$G:$G,BOQ!$B37)*$G37","v":{"$error":"#VALUE!"}},{"$f":"SUMIFS('[20]WorkDone DATA'!$L:$L,'[20]WorkDone DATA'!$N:$N,BOQ!AG$6,'[20]WorkDone DATA'!$G:$G,BOQ!$B37)*$G37","v":{"$error":"#VALUE!"}},{"$f":"SUMIFS('[20]WorkDone DATA'!$L:$L,'[20]WorkDone DATA'!$N:$N,BOQ!AH$6,'[20]WorkDone DATA'!$G:$G,BOQ!$B37)*$G37","v":{"$error":"#VALUE!"}},{"$f":"SUMIFS('[20]WorkDone DATA'!$L:$L,'[20]WorkDone DATA'!$N:$N,BOQ!AI$6,'[20]WorkDone DATA'!$G:$G,BOQ!$B37)*$G37","v":{"$error":"#VALUE!"}},{"$f":"SUMIFS('[20]WorkDone DATA'!$L:$L,'[20]WorkDone DATA'!$N:$N,BOQ!AJ$6,'[20]WorkDone DATA'!$G:$G,BOQ!$B37)*$G37","v":{"$error":"#VALUE!"}},{"$f":"SUMIFS('[20]WorkDone DATA'!$L:$L,'[20]WorkDone DATA'!$N:$N,BOQ!AK$6,'[20]WorkDone DATA'!$G:$G,BOQ!$B37)*$G37","v":{"$error":"#VALUE!"}},{"$f":"SUMIFS('[20]WorkDone DATA'!$L:$L,'[20]WorkDone DATA'!$N:$N,BOQ!AL$6,'[20]WorkDone DATA'!$G:$G,BOQ!$B37)*$G37","v":{"$error":"#VALUE!"}},{"$f":"SUMIFS('[20]WorkDone DATA'!$L:$L,'[20]WorkDone DATA'!$N:$N,BOQ!AM$6,'[20]WorkDone DATA'!$G:$G,BOQ!$B37)*$G37","v":{"$error":"#VALUE!"}},{"$f":"SUMIFS('[20]WorkDone DATA'!$L:$L,'[20]WorkDone DATA'!$N:$N,BOQ!AN$6,'[20]WorkDone DATA'!$G:$G,BOQ!$B37)*$G37","v":{"$error":"#VALUE!"}},{"$f":"SUMIFS('[20]WorkDone DATA'!$L:$L,'[20]WorkDone DATA'!$N:$N,BOQ!AO$6,'[20]WorkDone DATA'!$G:$G,BOQ!$B37)*$G37","v":{"$error":"#VALUE!"}},{"$f":"SUMIFS('[20]WorkDone DATA'!$L:$L,'[20]WorkDone DATA'!$N:$N,BOQ!AP$6,'[20]WorkDone DATA'!$G:$G,BOQ!$B37)*$G37","v":{"$error":"#VALUE!"}},{"$f":"SUMIFS('[20]WorkDone DATA'!$L:$L,'[20]WorkDone DATA'!$N:$N,BOQ!AQ$6,'[20]WorkDone DATA'!$G:$G,BOQ!$B37)*$G37","v":{"$error":"#VALUE!"}},{"$f":"SUMIFS('[20]WorkDone DATA'!$L:$L,'[20]WorkDone DATA'!$N:$N,BOQ!AR$6,'[20]WorkDone DATA'!$G:$G,BOQ!$B37)*$G37","v":{"$error":"#VALUE!"}},{"$f":"SUMIFS('[20]WorkDone DATA'!$L:$L,'[20]WorkDone DATA'!$N:$N,BOQ!AS$6,'[20]WorkDone DATA'!$G:$G,BOQ!$B37)*$G37","v":{"$error":"#VALUE!"}},{"$f":"SUMIFS('[20]WorkDone DATA'!$L:$L,'[20]WorkDone DATA'!$N:$N,BOQ!AT$6,'[20]WorkDone DATA'!$G:$G,BOQ!$B37)*$G37","v":{"$error":"#VALUE!"}},{"$f":"SUMIFS('[20]WorkDone DATA'!$L:$L,'[20]WorkDone DATA'!$N:$N,BOQ!AU$6,'[20]WorkDone DATA'!$G:$G,BOQ!$B37)*$G37","v":{"$error":"#VALUE!"}},{"$f":"SUMIFS('[20]WorkDone DATA'!$L:$L,'[20]WorkDone DATA'!$N:$N,BOQ!AV$6,'[20]WorkDone DATA'!$G:$G,BOQ!$B37)*$G37","v":{"$error":"#VALUE!"}},{"$f":"SUMIFS('[20]WorkDone DATA'!$L:$L,'[20]WorkDone DATA'!$N:$N,BOQ!AW$6,'[20]WorkDone DATA'!$G:$G,BOQ!$B37)*$G37","v":{"$error":"#VALUE!"}},{"$f":"SUMIFS('[20]WorkDone DATA'!$L:$L,'[20]WorkDone DATA'!$N:$N,BOQ!AX$6,'[20]WorkDone DATA'!$G:$G,BOQ!$B37)*$G37","v":{"$error":"#VALUE!"}},{"$f":"SUMIFS('[20]WorkDone DATA'!$L:$L,'[20]WorkDone DATA'!$N:$N,BOQ!AY$6,'[20]WorkDone DATA'!$G:$G,BOQ!$B37)*$G37","v":{"$error":"#VALUE!"}},{"$f":"SUMIFS('[20]WorkDone DATA'!$L:$L,'[20]WorkDone DATA'!$N:$N,BOQ!AZ$6,'[20]WorkDone DATA'!$G:$G,BOQ!$B37)*$G37","v":{"$error":"#VALUE!"}},{"$f":"SUMIFS('[20]WorkDone DATA'!$L:$L,'[20]WorkDone DATA'!$N:$N,BOQ!BA$6,'[20]WorkDone DATA'!$G:$G,BOQ!$B37)*$G37","v":{"$error":"#VALUE!"}},{"$f":"SUMIFS('[20]WorkDone DATA'!$L:$L,'[20]WorkDone DATA'!$N:$N,BOQ!BB$6,'[20]WorkDone DATA'!$G:$G,BOQ!$B37)*$G37","v":{"$error":"#VALUE!"}},{"$f":"SUMIFS('[20]WorkDone DATA'!$L:$L,'[20]WorkDone DATA'!$N:$N,BOQ!BC$6,'[20]WorkDone DATA'!$G:$G,BOQ!$B37)*$G37","v":{"$error":"#VALUE!"}},{"$f":"SUMIFS('[20]WorkDone DATA'!$L:$L,'[20]WorkDone DATA'!$N:$N,BOQ!BD$6,'[20]WorkDone DATA'!$G:$G,BOQ!$B37)*$G37","v":{"$error":"#VALUE!"}},{"$f":"SUMIFS('[20]WorkDone DATA'!$L:$L,'[20]WorkDone DATA'!$N:$N,BOQ!BE$6,'[20]WorkDone DATA'!$G:$G,BOQ!$B37)*$G37","v":{"$error":"#VALUE!"}},{"$f":"SUMIFS('[20]WorkDone DATA'!$L:$L,'[20]WorkDone DATA'!$N:$N,BOQ!BF$6,'[20]WorkDone DATA'!$G:$G,BOQ!$B37)*$G37","v":{"$error":"#VALUE!"}},{"$f":"SUMIFS('[20]WorkDone DATA'!$L:$L,'[20]WorkDone DATA'!$N:$N,BOQ!BG$6,'[20]WorkDone DATA'!$G:$G,BOQ!$B37)*$G37","v":{"$error":"#VALUE!"}},{"$f":"SUMIFS('[20]WorkDone DATA'!$L:$L,'[20]WorkDone DATA'!$N:$N,BOQ!BH$6,'[20]WorkDone DATA'!$G:$G,BOQ!$B37)*$G37","v":{"$error":"#VALUE!"}},{"$f":"SUMIFS('[20]WorkDone DATA'!$L:$L,'[20]WorkDone DATA'!$N:$N,BOQ!BI$6,'[20]WorkDone DATA'!$G:$G,BOQ!$B37)*$G37","v":{"$error":"#VALUE!"}},{"$f":"SUMIFS('[20]WorkDone DATA'!$L:$L,'[20]WorkDone DATA'!$N:$N,BOQ!BJ$6,'[20]WorkDone DATA'!$G:$G,BOQ!$B37)*$G37","v":{"$error":"#VALUE!"}},{"$f":"SUMIFS('[20]WorkDone DATA'!$L:$L,'[20]WorkDone DATA'!$N:$N,BOQ!BK$6,'[20]WorkDone DATA'!$G:$G,BOQ!$B37)*$G37","v":{"$error":"#VALUE!"}},{"$f":"SUMIFS('[20]WorkDone DATA'!$L:$L,'[20]WorkDone DATA'!$N:$N,BOQ!BL$6,'[20]WorkDone DATA'!$G:$G,BOQ!$B37)*$G37","v":{"$error":"#VALUE!"}},{"$f":"SUMIFS('[20]WorkDone DATA'!$L:$L,'[20]WorkDone DATA'!$N:$N,BOQ!BM$6,'[20]WorkDone DATA'!$G:$G,BOQ!$B37)*$G37","v":{"$error":"#VALUE!"}},{"$f":"SUMIFS('[20]WorkDone DATA'!$L:$L,'[20]WorkDone DATA'!$N:$N,BOQ!BN$6,'[20]WorkDone DATA'!$G:$G,BOQ!$B37)*$G37","v":{"$error":"#VALUE!"}},{"$f":"SUMIFS('[20]WorkDone DATA'!$L:$L,'[20]WorkDone DATA'!$N:$N,BOQ!BO$6,'[20]WorkDone DATA'!$G:$G,BOQ!$B37)*$G37","v":{"$error":"#VALUE!"}},{"$f":"SUMIFS('[20]WorkDone DATA'!$L:$L,'[20]WorkDone DATA'!$N:$N,BOQ!BP$6,'[20]WorkDone DATA'!$G:$G,BOQ!$B37)*$G37","v":{"$error":"#VALUE!"}},{"$f":"SUMIFS('[20]WorkDone DATA'!$L:$L,'[20]WorkDone DATA'!$N:$N,BOQ!BQ$6,'[20]WorkDone DATA'!$G:$G,BOQ!$B37)*$G37","v":{"$error":"#VALUE!"}},{"$f":"SUMIFS('[20]WorkDone DATA'!$L:$L,'[20]WorkDone DATA'!$N:$N,BOQ!BR$6,'[20]WorkDone DATA'!$G:$G,BOQ!$B37)*$G37","v":{"$error":"#VALUE!"}},{"$f":"SUMIFS('[20]WorkDone DATA'!$L:$L,'[20]WorkDone DATA'!$N:$N,BOQ!BS$6,'[20]WorkDone DATA'!$G:$G,BOQ!$B37)*$G37","v":{"$error":"#VALUE!"}},{"$f":"SUMIFS('[20]WorkDone DATA'!$L:$L,'[20]WorkDone DATA'!$N:$N,BOQ!BT$6,'[20]WorkDone DATA'!$G:$G,BOQ!$B37)*$G37","v":{"$error":"#VALUE!"}},{"$f":"SUMIFS('[20]WorkDone DATA'!$L:$L,'[20]WorkDone DATA'!$N:$N,BOQ!BU$6,'[20]WorkDone DATA'!$G:$G,BOQ!$B37)*$G37","v":{"$error":"#VALUE!"}},{"$f":"SUMIFS('[20]WorkDone DATA'!$L:$L,'[20]WorkDone DATA'!$N:$N,BOQ!BV$6,'[20]WorkDone DATA'!$G:$G,BOQ!$B37)*$G37","v":{"$error":"#VALUE!"}},{"$f":"SUMIFS('[20]WorkDone DATA'!$L:$L,'[20]WorkDone DATA'!$N:$N,BOQ!BW$6,'[20]WorkDone DATA'!$G:$G,BOQ!$B37)*$G37","v":{"$error":"#VALUE!"}},{"$f":"SUMIFS('[20]WorkDone DATA'!$L:$L,'[20]WorkDone DATA'!$N:$N,BOQ!BX$6,'[20]WorkDone DATA'!$G:$G,BOQ!$B37)*$G37","v":{"$error":"#VALUE!"}}]
[{"$f":"C36","v":"240mm2 x 3 core (CXX03TCV) 3.8kV/6.6kV"},2.018,"Installation","A","m",1080,167.14,{"v":180511.19999999998,"d":"180,511.20"},null,null,{"$error":"#VALUE!"},{"$error":"#VALUE!"},{"$error":"#VALUE!"},null,{"$error":"#VALUE!"},{"$error":"#VALUE!"},null,{"$f":"SUMIFS('[20]WorkDone DATA'!$L:$L,'[20]WorkDone DATA'!$N:$N,BOQ!S$6,'[20]WorkDone DATA'!$G:$G,BOQ!$B38)","v":{"$error":"#VALUE!"}},{"$error":"#VALUE!"},{"$f":"SUMIFS('[20]WorkDone DATA'!$L:$L,'[20]WorkDone DATA'!$N:$N,BOQ!U$6,'[20]WorkDone DATA'!$G:$G,BOQ!$B38)","v":{"$error":"#VALUE!"}},{"$error":"#VALUE!"},null,{"$f":"SUMIFS('[20]WorkDone DATA'!$L:$L,'[20]WorkDone DATA'!$N:$N,BOQ!W$6,'[20]WorkDone DATA'!$G:$G,BOQ!$B38)*$G38","v":{"$error":"#VALUE!"}},null,{"$f":"SUMIFS('[20]WorkDone DATA'!$L:$L,'[20]WorkDone DATA'!$N:$N,BOQ!Y$6,'[20]WorkDone DATA'!$G:$G,BOQ!$B38)*$G38","v":{"$error":"#VALUE!"}},null,{"$f":"SUMIFS('[20]WorkDone DATA'!$L:$L,'[20]WorkDone DATA'!$N:$N,BOQ!AA$6,'[20]WorkDone DATA'!$G:$G,BOQ!$B38)*$G38","v":{"$error":"#VALUE!"}},{"$f":"SUMIFS('[20]WorkDone DATA'!$L:$L,'[20]WorkDone DATA'!$N:$N,BOQ!AB$6,'[20]WorkDone DATA'!$G:$G,BOQ!$B38)*$G38","v":{"$error":"#VALUE!"}},{"$f":"SUMIFS('[20]WorkDone DATA'!$L:$L,'[20]WorkDone DATA'!$N:$N,BOQ!AC$6,'[20]WorkDone DATA'!$G:$G,BOQ!$B38)*$G38","v":{"$error":"#VALUE!"}},{"$f":"SUMIFS('[20]WorkDone DATA'!$L:$L,'[20]WorkDone DATA'!$N:$N,BOQ!AD$6,'[20]WorkDone DATA'!$G:$G,BOQ!$B38)*$G38","v":{"$error":"#VALUE!"}},{"$f":"SUMIFS('[20]WorkDone DATA'!$L:$L,'[20]WorkDone DATA'!$N:$N,BOQ!AE$6,'[20]WorkDone DATA'!$G:$G,BOQ!$B38)*$G38","v":{"$error":"#VALUE!"}},{"$f":"SUMIFS('[20]WorkDone DATA'!$L:$L,'[20]WorkDone DATA'!$N:$N,BOQ!AF$6,'[20]WorkDone DATA'!$G:$G,BOQ!$B38)*$G38","v":{"$error":"#VALUE!"}},{"$f":"SUMIFS('[20]WorkDone DATA'!$L:$L,'[20]WorkDone DATA'!$N:$N,BOQ!AG$6,'[20]WorkDone DATA'!$G:$G,BOQ!$B38)*$G38","v":{"$error":"#VALUE!"}},{"$f":"SUMIFS('[20]WorkDone DATA'!$L:$L,'[20]WorkDone DATA'!$N:$N,BOQ!AH$6,'[20]WorkDone DATA'!$G:$G,BOQ!$B38)*$G38","v":{"$error":"#VALUE!"}},{"$f":"SUMIFS('[20]WorkDone DATA'!$L:$L,'[20]WorkDone DATA'!$N:$N,BOQ!AI$6,'[20]WorkDone DATA'!$G:$G,BOQ!$B38)*$G38","v":{"$error":"#VALUE!"}},{"$f":"SUMIFS('[20]WorkDone DATA'!$L:$L,'[20]WorkDone DATA'!$N:$N,BOQ!AJ$6,'[20]WorkDone DATA'!$G:$G,BOQ!$B38)*$G38","v":{"$error":"#VALUE!"}},{"$f":"SUMIFS('[20]WorkDone DATA'!$L:$L,'[20]WorkDone DATA'!$N:$N,BOQ!AK$6,'[20]WorkDone DATA'!$G:$G,BOQ!$B38)*$G38","v":{"$error":"#VALUE!"}},{"$f":"SUMIFS('[20]WorkDone DATA'!$L:$L,'[20]WorkDone DATA'!$N:$N,BOQ!AL$6,'[20]WorkDone DATA'!$G:$G,BOQ!$B38)*$G38","v":{"$error":"#VALUE!"}},{"$f":"SUMIFS('[20]WorkDone DATA'!$L:$L,'[20]WorkDone DATA'!$N:$N,BOQ!AM$6,'[20]WorkDone DATA'!$G:$G,BOQ!$B38)*$G38","v":{"$error":"#VALUE!"}},{"$f":"SUMIFS('[20]WorkDone DATA'!$L:$L,'[20]WorkDone DATA'!$N:$N,BOQ!AN$6,'[20]WorkDone DATA'!$G:$G,BOQ!$B38)*$G38","v":{"$error":"#VALUE!"}},{"$f":"SUMIFS('[20]WorkDone DATA'!$L:$L,'[20]WorkDone DATA'!$N:$N,BOQ!AO$6,'[20]WorkDone DATA'!$G:$G,BOQ!$B38)*$G38","v":{"$error":"#VALUE!"}},{"$f":"SUMIFS('[20]WorkDone DATA'!$L:$L,'[20]WorkDone DATA'!$N:$N,BOQ!AP$6,'[20]WorkDone DATA'!$G:$G,BOQ!$B38)*$G38","v":{"$error":"#VALUE!"}},{"$f":"SUMIFS('[20]WorkDone DATA'!$L:$L,'[20]WorkDone DATA'!$N:$N,BOQ!AQ$6,'[20]WorkDone DATA'!$G:$G,BOQ!$B38)*$G38","v":{"$error":"#VALUE!"}},{"$f":"SUMIFS('[20]WorkDone DATA'!$L:$L,'[20]WorkDone DATA'!$N:$N,BOQ!AR$6,'[20]WorkDone DATA'!$G:$G,BOQ!$B38)*$G38","v":{"$error":"#VALUE!"}},{"$f":"SUMIFS('[20]WorkDone DATA'!$L:$L,'[20]WorkDone DATA'!$N:$N,BOQ!AS$6,'[20]WorkDone DATA'!$G:$G,BOQ!$B38)*$G38","v":{"$error":"#VALUE!"}},{"$f":"SUMIFS('[20]WorkDone DATA'!$L:$L,'[20]WorkDone DATA'!$N:$N,BOQ!AT$6,'[20]WorkDone DATA'!$G:$G,BOQ!$B38)*$G38","v":{"$error":"#VALUE!"}},{"$f":"SUMIFS('[20]WorkDone DATA'!$L:$L,'[20]WorkDone DATA'!$N:$N,BOQ!AU$6,'[20]WorkDone DATA'!$G:$G,BOQ!$B38)*$G38","v":{"$error":"#VALUE!"}},{"$f":"SUMIFS('[20]WorkDone DATA'!$L:$L,'[20]WorkDone DATA'!$N:$N,BOQ!AV$6,'[20]WorkDone DATA'!$G:$G,BOQ!$B38)*$G38","v":{"$error":"#VALUE!"}},{"$f":"SUMIFS('[20]WorkDone DATA'!$L:$L,'[20]WorkDone DATA'!$N:$N,BOQ!AW$6,'[20]WorkDone DATA'!$G:$G,BOQ!$B38)*$G38","v":{"$error":"#VALUE!"}},{"$f":"SUMIFS('[20]WorkDone DATA'!$L:$L,'[20]WorkDone DATA'!$N:$N,BOQ!AX$6,'[20]WorkDone DATA'!$G:$G,BOQ!$B38)*$G38","v":{"$error":"#VALUE!"}},{"$f":"SUMIFS('[20]WorkDone DATA'!$L:$L,'[20]WorkDone DATA'!$N:$N,BOQ!AY$6,'[20]WorkDone DATA'!$G:$G,BOQ!$B38)*$G38","v":{"$error":"#VALUE!"}},{"$f":"SUMIFS('[20]WorkDone DATA'!$L:$L,'[20]WorkDone DATA'!$N:$N,BOQ!AZ$6,'[20]WorkDone DATA'!$G:$G,BOQ!$B38)*$G38","v":{"$error":"#VALUE!"}},{"$f":"SUMIFS('[20]WorkDone DATA'!$L:$L,'[20]WorkDone DATA'!$N:$N,BOQ!BA$6,'[20]WorkDone DATA'!$G:$G,BOQ!$B38)*$G38","v":{"$error":"#VALUE!"}},{"$f":"SUMIFS('[20]WorkDone DATA'!$L:$L,'[20]WorkDone DATA'!$N:$N,BOQ!BB$6,'[20]WorkDone DATA'!$G:$G,BOQ!$B38)*$G38","v":{"$error":"#VALUE!"}},{"$f":"SUMIFS('[20]WorkDone DATA'!$L:$L,'[20]WorkDone DATA'!$N:$N,BOQ!BC$6,'[20]WorkDone DATA'!$G:$G,BOQ!$B38)*$G38","v":{"$error":"#VALUE!"}},{"$f":"SUMIFS('[20]WorkDone DATA'!$L:$L,'[20]WorkDone DATA'!$N:$N,BOQ!BD$6,'[20]WorkDone DATA'!$G:$G,BOQ!$B38)*$G38","v":{"$error":"#VALUE!"}},{"$f":"SUMIFS('[20]WorkDone DATA'!$L:$L,'[20]WorkDone DATA'!$N:$N,BOQ!BE$6,'[20]WorkDone DATA'!$G:$G,BOQ!$B38)*$G38","v":{"$error":"#VALUE!"}},{"$f":"SUMIFS('[20]WorkDone DATA'!$L:$L,'[20]WorkDone DATA'!$N:$N,BOQ!BF$6,'[20]WorkDone DATA'!$G:$G,BOQ!$B38)*$G38","v":{"$error":"#VALUE!"}},{"$f":"SUMIFS('[20]WorkDone DATA'!$L:$L,'[20]WorkDone DATA'!$N:$N,BOQ!BG$6,'[20]WorkDone DATA'!$G:$G,BOQ!$B38)*$G38","v":{"$error":"#VALUE!"}},{"$f":"SUMIFS('[20]WorkDone DATA'!$L:$L,'[20]WorkDone DATA'!$N:$N,BOQ!BH$6,'[20]WorkDone DATA'!$G:$G,BOQ!$B38)*$G38","v":{"$error":"#VALUE!"}},{"$f":"SUMIFS('[20]WorkDone DATA'!$L:$L,'[20]WorkDone DATA'!$N:$N,BOQ!BI$6,'[20]WorkDone DATA'!$G:$G,BOQ!$B38)*$G38","v":{"$error":"#VALUE!"}},{"$f":"SUMIFS('[20]WorkDone DATA'!$L:$L,'[20]WorkDone DATA'!$N:$N,BOQ!BJ$6,'[20]WorkDone DATA'!$G:$G,BOQ!$B38)*$G38","v":{"$error":"#VALUE!"}},{"$f":"SUMIFS('[20]WorkDone DATA'!$L:$L,'[20]WorkDone DATA'!$N:$N,BOQ!BK$6,'[20]WorkDone DATA'!$G:$G,BOQ!$B38)*$G38","v":{"$error":"#VALUE!"}},{"$f":"SUMIFS('[20]WorkDone DATA'!$L:$L,'[20]WorkDone DATA'!$N:$N,BOQ!BL$6,'[20]WorkDone DATA'!$G:$G,BOQ!$B38)*$G38","v":{"$error":"#VALUE!"}},{"$f":"SUMIFS('[20]WorkDone DATA'!$L:$L,'[20]WorkDone DATA'!$N:$N,BOQ!BM$6,'[20]WorkDone DATA'!$G:$G,BOQ!$B38)*$G38","v":{"$error":"#VALUE!"}},{"$f":"SUMIFS('[20]WorkDone DATA'!$L:$L,'[20]WorkDone DATA'!$N:$N,BOQ!BN$6,'[20]WorkDone DATA'!$G:$G,BOQ!$B38)*$G38","v":{"$error":"#VALUE!"}},{"$f":"SUMIFS('[20]WorkDone DATA'!$L:$L,'[20]WorkDone DATA'!$N:$N,BOQ!BO$6,'[20]WorkDone DATA'!$G:$G,BOQ!$B38)*$G38","v":{"$error":"#VALUE!"}},{"$f":"SUMIFS('[20]WorkDone DATA'!$L:$L,'[20]WorkDone DATA'!$N:$N,BOQ!BP$6,'[20]WorkDone DATA'!$G:$G,BOQ!$B38)*$G38","v":{"$error":"#VALUE!"}},{"$f":"SUMIFS('[20]WorkDone DATA'!$L:$L,'[20]WorkDone DATA'!$N:$N,BOQ!BQ$6,'[20]WorkDone DATA'!$G:$G,BOQ!$B38)*$G38","v":{"$error":"#VALUE!"}},{"$f":"SUMIFS('[20]WorkDone DATA'!$L:$L,'[20]WorkDone DATA'!$N:$N,BOQ!BR$6,'[20]WorkDone DATA'!$G:$G,BOQ!$B38)*$G38","v":{"$error":"#VALUE!"}},{"$f":"SUMIFS('[20]WorkDone DATA'!$L:$L,'[20]WorkDone DATA'!$N:$N,BOQ!BS$6,'[20]WorkDone DATA'!$G:$G,BOQ!$B38)*$G38","v":{"$error":"#VALUE!"}},{"$f":"SUMIFS('[20]WorkDone DATA'!$L:$L,'[20]WorkDone DATA'!$N:$N,BOQ!BT$6,'[20]WorkDone DATA'!$G:$G,BOQ!$B38)*$G38","v":{"$error":"#VALUE!"}},{"$f":"SUMIFS('[20]WorkDone DATA'!$L:$L,'[20]WorkDone DATA'!$N:$N,BOQ!BU$6,'[20]WorkDone DATA'!$G:$G,BOQ!$B38)*$G38","v":{"$error":"#VALUE!"}},{"$f":"SUMIFS('[20]WorkDone DATA'!$L:$L,'[20]WorkDone DATA'!$N:$N,BOQ!BV$6,'[20]WorkDone DATA'!$G:$G,BOQ!$B38)*$G38","v":{"$error":"#VALUE!"}},{"$f":"SUMIFS('[20]WorkDone DATA'!$L:$L,'[20]WorkDone DATA'!$N:$N,BOQ!BW$6,'[20]WorkDone DATA'!$G:$G,BOQ!$B38)*$G38","v":{"$error":"#VALUE!"}},{"$f":"SUMIFS('[20]WorkDone DATA'!$L:$L,'[20]WorkDone DATA'!$N:$N,BOQ!BX$6,'[20]WorkDone DATA'!$G:$G,BOQ!$B38)*$G38","v":{"$error":"#VALUE!"}}]
[{"$nulls":7},0,{"$nulls":3},{"$error":"#VALUE!"},{"$error":"#VALUE!"},null,0,{"$error":"#VALUE!"},null,{"$f":"SUMIFS('[20]WorkDone DATA'!$L:$L,'[20]WorkDone DATA'!$N:$N,BOQ!S$6,'[20]WorkDone DATA'!$G:$G,BOQ!$B39)","v":{"$error":"#VALUE!"}},{"$error":"#VALUE!"},{"$f":"SUMIFS('[20]WorkDone DATA'!$L:$L,'[20]WorkDone DATA'!$N:$N,BOQ!U$6,'[20]WorkDone DATA'!$G:$G,BOQ!$B39)","v":{"$error":"#VALUE!"}},{"$error":"#VALUE!"},null,{"$f":"SUMIFS('[20]WorkDone DATA'!$L:$L,'[20]WorkDone DATA'!$N:$N,BOQ!W$6,'[20]WorkDone DATA'!$G:$G,BOQ!$B39)*$G39","v":{"$error":"#VALUE!"}},null,{"$f":"SUMIFS('[20]WorkDone DATA'!$L:$L,'[20]WorkDone DATA'!$N:$N,BOQ!Y$6,'[20]WorkDone DATA'!$G:$G,BOQ!$B39)*$G39","v":{"$error":"#VALUE!"}},null,{"$f":"SUMIFS('[20]WorkDone DATA'!$L:$L,'[20]WorkDone DATA'!$N:$N,BOQ!AA$6,'[20]WorkDone DATA'!$G:$G,BOQ!$B39)*$G39","v":{"$error":"#VALUE!"}},{"$f":"SUMIFS('[20]WorkDone DATA'!$L:$L,'[20]WorkDone DATA'!$N:$N,BOQ!AB$6,'[20]WorkDone DATA'!$G:$G,BOQ!$B39)*$G39","v":{"$error":"#VALUE!"}},{"$f":"SUMIFS('[20]WorkDone DATA'!$L:$L,'[20]WorkDone DATA'!$N:$N,BOQ!AC$6,'[20]WorkDone DATA'!$G:$G,BOQ!$B39)*$G39","v":{"$error":"#VALUE!"}},{"$f":"SUMIFS('[20]WorkDone DATA'!$L:$L,'[20]WorkDone DATA'!$N:$N,BOQ!AD$6,'[20]WorkDone DATA'!$G:$G,BOQ!$B39)*$G39","v":{"$error":"#VALUE!"}},{"$f":"SUMIFS('[20]WorkDone DATA'!$L:$L,'[20]WorkDone DATA'!$N:$N,BOQ!AE$6,'[20]WorkDone DATA'!$G:$G,BOQ!$B39)*$G39","v":{"$error":"#VALUE!"}},{"$f":"SUMIFS('[20]WorkDone DATA'!$L:$L,'[20]WorkDone DATA'!$N:$N,BOQ!AF$6,'[20]WorkDone DATA'!$G:$G,BOQ!$B39)*$G39","v":{"$error":"#VALUE!"}},{"$f":"SUMIFS('[20]WorkDone DATA'!$L:$L,'[20]WorkDone DATA'!$N:$N,BOQ!AG$6,'[20]WorkDone DATA'!$G:$G,BOQ!$B39)*$G39","v":{"$error":"#VALUE!"}},{"$f":"SUMIFS('[20]WorkDone DATA'!$L:$L,'[20]WorkDone DATA'!$N:$N,BOQ!AH$6,'[20]WorkDone DATA'!$G:$G,BOQ!$B39)*$G39","v":{"$error":"#VALUE!"}},{"$f":"SUMIFS('[20]WorkDone DATA'!$L:$L,'[20]WorkDone DATA'!$N:$N,BOQ!AI$6,'[20]WorkDone DATA'!$G:$G,BOQ!$B39)*$G39","v":{"$error":"#VALUE!"}},{"$f":"SUMIFS('[20]WorkDone DATA'!$L:$L,'[20]WorkDone DATA'!$N:$N,BOQ!AJ$6,'[20]WorkDone DATA'!$G:$G,BOQ!$B39)*$G39","v":{"$error":"#VALUE!"}},{"$f":"SUMIFS('[20]WorkDone DATA'!$L:$L,'[20]WorkDone DATA'!$N:$N,BOQ!AK$6,'[20]WorkDone DATA'!$G:$G,BOQ!$B39)*$G39","v":{"$error":"#VALUE!"}},{"$f":"SUMIFS('[20]WorkDone DATA'!$L:$L,'[20]WorkDone DATA'!$N:$N,BOQ!AL$6,'[20]WorkDone DATA'!$G:$G,BOQ!$B39)*$G39","v":{"$error":"#VALUE!"}},{"$f":"SUMIFS('[20]WorkDone DATA'!$L:$L,'[20]WorkDone DATA'!$N:$N,BOQ!AM$6,'[20]WorkDone DATA'!$G:$G,BOQ!$B39)*$G39","v":{"$error":"#VALUE!"}},{"$f":"SUMIFS('[20]WorkDone DATA'!$L:$L,'[20]WorkDone DATA'!$N:$N,BOQ!AN$6,'[20]WorkDone DATA'!$G:$G,BOQ!$B39)*$G39","v":{"$error":"#VALUE!"}},{"$f":"SUMIFS('[20]WorkDone DATA'!$L:$L,'[20]WorkDone DATA'!$N:$N,BOQ!AO$6,'[20]WorkDone DATA'!$G:$G,BOQ!$B39)*$G39","v":{"$error":"#VALUE!"}},{"$f":"SUMIFS('[20]WorkDone DATA'!$L:$L,'[20]WorkDone DATA'!$N:$N,BOQ!AP$6,'[20]WorkDone DATA'!$G:$G,BOQ!$B39)*$G39","v":{"$error":"#VALUE!"}},{"$f":"SUMIFS('[20]WorkDone DATA'!$L:$L,'[20]WorkDone DATA'!$N:$N,BOQ!AQ$6,'[20]WorkDone DATA'!$G:$G,BOQ!$B39)*$G39","v":{"$error":"#VALUE!"}},{"$f":"SUMIFS('[20]WorkDone DATA'!$L:$L,'[20]WorkDone DATA'!$N:$N,BOQ!AR$6,'[20]WorkDone DATA'!$G:$G,BOQ!$B39)*$G39","v":{"$error":"#VALUE!"}},{"$f":"SUMIFS('[20]WorkDone DATA'!$L:$L,'[20]WorkDone DATA'!$N:$N,BOQ!AS$6,'[20]WorkDone DATA'!$G:$G,BOQ!$B39)*$G39","v":{"$error":"#VALUE!"}},{"$f":"SUMIFS('[20]WorkDone DATA'!$L:$L,'[20]WorkDone DATA'!$N:$N,BOQ!AT$6,'[20]WorkDone DATA'!$G:$G,BOQ!$B39)*$G39","v":{"$error":"#VALUE!"}},{"$f":"SUMIFS('[20]WorkDone DATA'!$L:$L,'[20]WorkDone DATA'!$N:$N,BOQ!AU$6,'[20]WorkDone DATA'!$G:$G,BOQ!$B39)*$G39","v":{"$error":"#VALUE!"}},{"$f":"SUMIFS('[20]WorkDone DATA'!$L:$L,'[20]WorkDone DATA'!$N:$N,BOQ!AV$6,'[20]WorkDone DATA'!$G:$G,BOQ!$B39)*$G39","v":{"$error":"#VALUE!"}},{"$f":"SUMIFS('[20]WorkDone DATA'!$L:$L,'[20]WorkDone DATA'!$N:$N,BOQ!AW$6,'[20]WorkDone DATA'!$G:$G,BOQ!$B39)*$G39","v":{"$error":"#VALUE!"}},{"$f":"SUMIFS('[20]WorkDone DATA'!$L:$L,'[20]WorkDone DATA'!$N:$N,BOQ!AX$6,'[20]WorkDone DATA'!$G:$G,BOQ!$B39)*$G39","v":{"$error":"#VALUE!"}},{"$f":"SUMIFS('[20]WorkDone DATA'!$L:$L,'[20]WorkDone DATA'!$N:$N,BOQ!AY$6,'[20]WorkDone DATA'!$G:$G,BOQ!$B39)*$G39","v":{"$error":"#VALUE!"}},{"$f":"SUMIFS('[20]WorkDone DATA'!$L:$L,'[20]WorkDone DATA'!$N:$N,BOQ!AZ$6,'[20]WorkDone DATA'!$G:$G,BOQ!$B39)*$G39","v":{"$error":"#VALUE!"}},{"$f":"SUMIFS('[20]WorkDone DATA'!$L:$L,'[20]WorkDone DATA'!$N:$N,BOQ!BA$6,'[20]WorkDone DATA'!$G:$G,BOQ!$B39)*$G39","v":{"$error":"#VALUE!"}},{"$f":"SUMIFS('[20]WorkDone DATA'!$L:$L,'[20]WorkDone DATA'!$N:$N,BOQ!BB$6,'[20]WorkDone DATA'!$G:$G,BOQ!$B39)*$G39","v":{"$error":"#VALUE!"}},{"$f":"SUMIFS('[20]WorkDone DATA'!$L:$L,'[20]WorkDone DATA'!$N:$N,BOQ!BC$6,'[20]WorkDone DATA'!$G:$G,BOQ!$B39)*$G39","v":{"$error":"#VALUE!"}},{"$f":"SUMIFS('[20]WorkDone DATA'!$L:$L,'[20]WorkDone DATA'!$N:$N,BOQ!BD$6,'[20]WorkDone DATA'!$G:$G,BOQ!$B39)*$G39","v":{"$error":"#VALUE!"}},{"$f":"SUMIFS('[20]WorkDone DATA'!$L:$L,'[20]WorkDone DATA'!$N:$N,BOQ!BE$6,'[20]WorkDone DATA'!$G:$G,BOQ!$B39)*$G39","v":{"$error":"#VALUE!"}},{"$f":"SUMIFS('[20]WorkDone DATA'!$L:$L,'[20]WorkDone DATA'!$N:$N,BOQ!BF$6,'[20]WorkDone DATA'!$G:$G,BOQ!$B39)*$G39","v":{"$error":"#VALUE!"}},{"$f":"SUMIFS('[20]WorkDone DATA'!$L:$L,'[20]WorkDone DATA'!$N:$N,BOQ!BG$6,'[20]WorkDone DATA'!$G:$G,BOQ!$B39)*$G39","v":{"$error":"#VALUE!"}},{"$f":"SUMIFS('[20]WorkDone DATA'!$L:$L,'[20]WorkDone DATA'!$N:$N,BOQ!BH$6,'[20]WorkDone DATA'!$G:$G,BOQ!$B39)*$G39","v":{"$error":"#VALUE!"}},{"$f":"SUMIFS('[20]WorkDone DATA'!$L:$L,'[20]WorkDone DATA'!$N:$N,BOQ!BI$6,'[20]WorkDone DATA'!$G:$G,BOQ!$B39)*$G39","v":{"$error":"#VALUE!"}},{"$f":"SUMIFS('[20]WorkDone DATA'!$L:$L,'[20]WorkDone DATA'!$N:$N,BOQ!BJ$6,'[20]WorkDone DATA'!$G:$G,BOQ!$B39)*$G39","v":{"$error":"#VALUE!"}},{"$f":"SUMIFS('[20]WorkDone DATA'!$L:$L,'[20]WorkDone DATA'!$N:$N,BOQ!BK$6,'[20]WorkDone DATA'!$G:$G,BOQ!$B39)*$G39","v":{"$error":"#VALUE!"}},{"$f":"SUMIFS('[20]WorkDone DATA'!$L:$L,'[20]WorkDone DATA'!$N:$N,BOQ!BL$6,'[20]WorkDone DATA'!$G:$G,BOQ!$B39)*$G39","v":{"$error":"#VALUE!"}},{"$f":"SUMIFS('[20]WorkDone DATA'!$L:$L,'[20]WorkDone DATA'!$N:$N,BOQ!BM$6,'[20]WorkDone DATA'!$G:$G,BOQ!$B39)*$G39","v":{"$error":"#VALUE!"}},{"$f":"SUMIFS('[20]WorkDone DATA'!$L:$L,'[20]WorkDone DATA'!$N:$N,BOQ!BN$6,'[20]WorkDone DATA'!$G:$G,BOQ!$B39)*$G39","v":{"$error":"#VALUE!"}},{"$f":"SUMIFS('[20]WorkDone DATA'!$L:$L,'[20]WorkDone DATA'!$N:$N,BOQ!BO$6,'[20]WorkDone DATA'!$G:$G,BOQ!$B39)*$G39","v":{"$error":"#VALUE!"}},{"$f":"SUMIFS('[20]WorkDone DATA'!$L:$L,'[20]WorkDone DATA'!$N:$N,BOQ!BP$6,'[20]WorkDone DATA'!$G:$G,BOQ!$B39)*$G39","v":{"$error":"#VALUE!"}},{"$f":"SUMIFS('[20]WorkDone DATA'!$L:$L,'[20]WorkDone DATA'!$N:$N,BOQ!BQ$6,'[20]WorkDone DATA'!$G:$G,BOQ!$B39)*$G39","v":{"$error":"#VALUE!"}},{"$f":"SUMIFS('[20]WorkDone DATA'!$L:$L,'[20]WorkDone DATA'!$N:$N,BOQ!BR$6,'[20]WorkDone DATA'!$G:$G,BOQ!$B39)*$G39","v":{"$error":"#VALUE!"}},{"$f":"SUMIFS('[20]WorkDone DATA'!$L:$L,'[20]WorkDone DATA'!$N:$N,BOQ!BS$6,'[20]WorkDone DATA'!$G:$G,BOQ!$B39)*$G39","v":{"$error":"#VALUE!"}},{"$f":"SUMIFS('[20]WorkDone DATA'!$L:$L,'[20]WorkDone DATA'!$N:$N,BOQ!BT$6,'[20]WorkDone DATA'!$G:$G,BOQ!$B39)*$G39","v":{"$error":"#VALUE!"}},{"$f":"SUMIFS('[20]WorkDone DATA'!$L:$L,'[20]WorkDone DATA'!$N:$N,BOQ!BU$6,'[20]WorkDone DATA'!$G:$G,BOQ!$B39)*$G39","v":{"$error":"#VALUE!"}},{"$f":"SUMIFS('[20]WorkDone DATA'!$L:$L,'[20]WorkDone DATA'!$N:$N,BOQ!BV$6,'[20]WorkDone DATA'!$G:$G,BOQ!$B39)*$G39","v":{"$error":"#VALUE!"}},{"$f":"SUMIFS('[20]WorkDone DATA'!$L:$L,'[20]WorkDone DATA'!$N:$N,BOQ!BW$6,'[20]WorkDone DATA'!$G:$G,BOQ!$B39)*$G39","v":{"$error":"#VALUE!"}},{"$f":"SUMIFS('[20]WorkDone DATA'!$L:$L,'[20]WorkDone DATA'!$N:$N,BOQ!BX$6,'[20]WorkDone DATA'!$G:$G,BOQ!$B39)*$G39","v":{"$error":"#VALUE!"}}]
[null,null,"Sub-Total for per unit",{"$nulls":4},0,{"$nulls":3},{"$error":"#VALUE!"},{"$error":"#VALUE!"},null,0,{"$error":"#VALUE!"},null,{"$f":"SUMIFS('[20]WorkDone DATA'!$L:$L,'[20]WorkDone DATA'!$N:$N,BOQ!S$6,'[20]WorkDone DATA'!$G:$G,BOQ!$B40)","v":{"$error":"#VALUE!"}},{"$error":"#VALUE!"},{"$f":"SUMIFS('[20]WorkDone DATA'!$L:$L,'[20]WorkDone DATA'!$N:$N,BOQ!U$6,'[20]WorkDone DATA'!$G:$G,BOQ!$B40)","v":{"$error":"#VALUE!"}},{"$error":"#VALUE!"},null,{"$f":"SUMIFS('[20]WorkDone DATA'!$L:$L,'[20]WorkDone DATA'!$N:$N,BOQ!W$6,'[20]WorkDone DATA'!$G:$G,BOQ!$B40)*$G40","v":{"$error":"#VALUE!"}},null,{"$f":"SUMIFS('[20]WorkDone DATA'!$L:$L,'[20]WorkDone DATA'!$N:$N,BOQ!Y$6,'[20]WorkDone DATA'!$G:$G,BOQ!$B40)*$G40","v":{"$error":"#VALUE!"}},null,{"$f":"SUMIFS('[20]WorkDone DATA'!$L:$L,'[20]WorkDone DATA'!$N:$N,BOQ!AA$6,'[20]WorkDone DATA'!$G:$G,BOQ!$B40)*$G40","v":{"$error":"#VALUE!"}},{"$f":"SUMIFS('[20]WorkDone DATA'!$L:$L,'[20]WorkDone DATA'!$N:$N,BOQ!AB$6,'[20]WorkDone DATA'!$G:$G,BOQ!$B40)*$G40","v":{"$error":"#VALUE!"}},{"$f":"SUMIFS('[20]WorkDone DATA'!$L:$L,'[20]WorkDone DATA'!$N:$N,BOQ!AC$6,'[20]WorkDone DATA'!$G:$G,BOQ!$B40)*$G40","v":{"$error":"#VALUE!"}},{"$f":"SUMIFS('[20]WorkDone DATA'!$L:$L,'[20]WorkDone DATA'!$N:$N,BOQ!AD$6,'[20]WorkDone DATA'!$G:$G,BOQ!$B40)*$G40","v":{"$error":"#VALUE!"}},{"$f":"SUMIFS('[20]WorkDone DATA'!$L:$L,'[20]WorkDone DATA'!$N:$N,BOQ!AE$6,'[20]WorkDone DATA'!$G:$G,BOQ!$B40)*$G40","v":{"$error":"#VALUE!"}},{"$f":"SUMIFS('[20]WorkDone DATA'!$L:$L,'[20]WorkDone DATA'!$N:$N,BOQ!AF$6,'[20]WorkDone DATA'!$G:$G,BOQ!$B40)*$G40","v":{"$error":"#VALUE!"}},{"$f":"SUMIFS('[20]WorkDone DATA'!$L:$L,'[20]WorkDone DATA'!$N:$N,BOQ!AG$6,'[20]WorkDone DATA'!$G:$G,BOQ!$B40)*$G40","v":{"$error":"#VALUE!"}},{"$f":"SUMIFS('[20]WorkDone DATA'!$L:$L,'[20]WorkDone DATA'!$N:$N,BOQ!AH$6,'[20]WorkDone DATA'!$G:$G,BOQ!$B40)*$G40","v":{"$error":"#VALUE!"}},{"$f":"SUMIFS('[20]WorkDone DATA'!$L:$L,'[20]WorkDone DATA'!$N:$N,BOQ!AI$6,'[20]WorkDone DATA'!$G:$G,BOQ!$B40)*$G40","v":{"$error":"#VALUE!"}},{"$f":"SUMIFS('[20]WorkDone DATA'!$L:$L,'[20]WorkDone DATA'!$N:$N,BOQ!AJ$6,'[20]WorkDone DATA'!$G:$G,BOQ!$B40)*$G40","v":{"$error":"#VALUE!"}},{"$f":"SUMIFS('[20]WorkDone DATA'!$L:$L,'[20]WorkDone DATA'!$N:$N,BOQ!AK$6,'[20]WorkDone DATA'!$G:$G,BOQ!$B40)*$G40","v":{"$error":"#VALUE!"}},{"$f":"SUMIFS('[20]WorkDone DATA'!$L:$L,'[20]WorkDone DATA'!$N:$N,BOQ!AL$6,'[20]WorkDone DATA'!$G:$G,BOQ!$B40)*$G40","v":{"$error":"#VALUE!"}},{"$f":"SUMIFS('[20]WorkDone DATA'!$L:$L,'[20]WorkDone DATA'!$N:$N,BOQ!AM$6,'[20]WorkDone DATA'!$G:$G,BOQ!$B40)*$G40","v":{"$error":"#VALUE!"}},{"$f":"SUMIFS('[20]WorkDone DATA'!$L:$L,'[20]WorkDone DATA'!$N:$N,BOQ!AN$6,'[20]WorkDone DATA'!$G:$G,BOQ!$B40)*$G40","v":{"$error":"#VALUE!"}},{"$f":"SUMIFS('[20]WorkDone DATA'!$L:$L,'[20]WorkDone DATA'!$N:$N,BOQ!AO$6,'[20]WorkDone DATA'!$G:$G,BOQ!$B40)*$G40","v":{"$error":"#VALUE!"}},{"$f":"SUMIFS('[20]WorkDone DATA'!$L:$L,'[20]WorkDone DATA'!$N:$N,BOQ!AP$6,'[20]WorkDone DATA'!$G:$G,BOQ!$B40)*$G40","v":{"$error":"#VALUE!"}},{"$f":"SUMIFS('[20]WorkDone DATA'!$L:$L,'[20]WorkDone DATA'!$N:$N,BOQ!AQ$6,'[20]WorkDone DATA'!$G:$G,BOQ!$B40)*$G40","v":{"$error":"#VALUE!"}},{"$f":"SUMIFS('[20]WorkDone DATA'!$L:$L,'[20]WorkDone DATA'!$N:$N,BOQ!AR$6,'[20]WorkDone DATA'!$G:$G,BOQ!$B40)*$G40","v":{"$error":"#VALUE!"}},{"$f":"SUMIFS('[20]WorkDone DATA'!$L:$L,'[20]WorkDone DATA'!$N:$N,BOQ!AS$6,'[20]WorkDone DATA'!$G:$G,BOQ!$B40)*$G40","v":{"$error":"#VALUE!"}},{"$f":"SUMIFS('[20]WorkDone DATA'!$L:$L,'[20]WorkDone DATA'!$N:$N,BOQ!AT$6,'[20]WorkDone DATA'!$G:$G,BOQ!$B40)*$G40","v":{"$error":"#VALUE!"}},{"$f":"SUMIFS('[20]WorkDone DATA'!$L:$L,'[20]WorkDone DATA'!$N:$N,BOQ!AU$6,'[20]WorkDone DATA'!$G:$G,BOQ!$B40)*$G40","v":{"$error":"#VALUE!"}},{"$f":"SUMIFS('[20]WorkDone DATA'!$L:$L,'[20]WorkDone DATA'!$N:$N,BOQ!AV$6,'[20]WorkDone DATA'!$G:$G,BOQ!$B40)*$G40","v":{"$error":"#VALUE!"}},{"$f":"SUMIFS('[20]WorkDone DATA'!$L:$L,'[20]WorkDone DATA'!$N:$N,BOQ!AW$6,'[20]WorkDone DATA'!$G:$G,BOQ!$B40)*$G40","v":{"$error":"#VALUE!"}},{"$f":"SUMIFS('[20]WorkDone DATA'!$L:$L,'[20]WorkDone DATA'!$N:$N,BOQ!AX$6,'[20]WorkDone DATA'!$G:$G,BOQ!$B40)*$G40","v":{"$error":"#VALUE!"}},{"$f":"SUMIFS('[20]WorkDone DATA'!$L:$L,'[20]WorkDone DATA'!$N:$N,BOQ!AY$6,'[20]WorkDone DATA'!$G:$G,BOQ!$B40)*$G40","v":{"$error":"#VALUE!"}},{"$f":"SUMIFS('[20]WorkDone DATA'!$L:$L,'[20]WorkDone DATA'!$N:$N,BOQ!AZ$6,'[20]WorkDone DATA'!$G:$G,BOQ!$B40)*$G40","v":{"$error":"#VALUE!"}},{"$f":"SUMIFS('[20]WorkDone DATA'!$L:$L,'[20]WorkDone DATA'!$N:$N,BOQ!BA$6,'[20]WorkDone DATA'!$G:$G,BOQ!$B40)*$G40","v":{"$error":"#VALUE!"}},{"$f":"SUMIFS('[20]WorkDone DATA'!$L:$L,'[20]WorkDone DATA'!$N:$N,BOQ!BB$6,'[20]WorkDone DATA'!$G:$G,BOQ!$B40)*$G40","v":{"$error":"#VALUE!"}},{"$f":"SUMIFS('[20]WorkDone DATA'!$L:$L,'[20]WorkDone DATA'!$N:$N,BOQ!BC$6,'[20]WorkDone DATA'!$G:$G,BOQ!$B40)*$G40","v":{"$error":"#VALUE!"}},{"$f":"SUMIFS('[20]WorkDone DATA'!$L:$L,'[20]WorkDone DATA'!$N:$N,BOQ!BD$6,'[20]WorkDone DATA'!$G:$G,BOQ!$B40)*$G40","v":{"$error":"#VALUE!"}},{"$f":"SUMIFS('[20]WorkDone DATA'!$L:$L,'[20]WorkDone DATA'!$N:$N,BOQ!BE$6,'[20]WorkDone DATA'!$G:$G,BOQ!$B40)*$G40","v":{"$error":"#VALUE!"}},{"$f":"SUMIFS('[20]WorkDone DATA'!$L:$L,'[20]WorkDone DATA'!$N:$N,BOQ!BF$6,'[20]WorkDone DATA'!$G:$G,BOQ!$B40)*$G40","v":{"$error":"#VALUE!"}},{"$f":"SUMIFS('[20]WorkDone DATA'!$L:$L,'[20]WorkDone DATA'!$N:$N,BOQ!BG$6,'[20]WorkDone DATA'!$G:$G,BOQ!$B40)*$G40","v":{"$error":"#VALUE!"}},{"$f":"SUMIFS('[20]WorkDone DATA'!$L:$L,'[20]WorkDone DATA'!$N:$N,BOQ!BH$6,'[20]WorkDone DATA'!$G:$G,BOQ!$B40)*$G40","v":{"$error":"#VALUE!"}},{"$f":"SUMIFS('[20]WorkDone DATA'!$L:$L,'[20]WorkDone DATA'!$N:$N,BOQ!BI$6,'[20]WorkDone DATA'!$G:$G,BOQ!$B40)*$G40","v":{"$error":"#VALUE!"}},{"$f":"SUMIFS('[20]WorkDone DATA'!$L:$L,'[20]WorkDone DATA'!$N:$N,BOQ!BJ$6,'[20]WorkDone DATA'!$G:$G,BOQ!$B40)*$G40","v":{"$error":"#VALUE!"}},{"$f":"SUMIFS('[20]WorkDone DATA'!$L:$L,'[20]WorkDone DATA'!$N:$N,BOQ!BK$6,'[20]WorkDone DATA'!$G:$G,BOQ!$B40)*$G40","v":{"$error":"#VALUE!"}},{"$f":"SUMIFS('[20]WorkDone DATA'!$L:$L,'[20]WorkDone DATA'!$N:$N,BOQ!BL$6,'[20]WorkDone DATA'!$G:$G,BOQ!$B40)*$G40","v":{"$error":"#VALUE!"}},{"$f":"SUMIFS('[20]WorkDone DATA'!$L:$L,'[20]WorkDone DATA'!$N:$N,BOQ!BM$6,'[20]WorkDone DATA'!$G:$G,BOQ!$B40)*$G40","v":{"$error":"#VALUE!"}},{"$f":"SUMIFS('[20]WorkDone DATA'!$L:$L,'[20]WorkDone DATA'!$N:$N,BOQ!BN$6,'[20]WorkDone DATA'!$G:$G,BOQ!$B40)*$G40","v":{"$error":"#VALUE!"}},{"$f":"SUMIFS('[20]WorkDone DATA'!$L:$L,'[20]WorkDone DATA'!$N:$N,BOQ!BO$6,'[20]WorkDone DATA'!$G:$G,BOQ!$B40)*$G40","v":{"$error":"#VALUE!"}},{"$f":"SUMIFS('[20]WorkDone DATA'!$L:$L,'[20]WorkDone DATA'!$N:$N,BOQ!BP$6,'[20]WorkDone DATA'!$G:$G,BOQ!$B40)*$G40","v":{"$error":"#VALUE!"}},{"$f":"SUMIFS('[20]WorkDone DATA'!$L:$L,'[20]WorkDone DATA'!$N:$N,BOQ!BQ$6,'[20]WorkDone DATA'!$G:$G,BOQ!$B40)*$G40","v":{"$error":"#VALUE!"}},{"$f":"SUMIFS('[20]WorkDone DATA'!$L:$L,'[20]WorkDone DATA'!$N:$N,BOQ!BR$6,'[20]WorkDone DATA'!$G:$G,BOQ!$B40)*$G40","v":{"$error":"#VALUE!"}},{"$f":"SUMIFS('[20]WorkDone DATA'!$L:$L,'[20]WorkDone DATA'!$N:$N,BOQ!BS$6,'[20]WorkDone DATA'!$G:$G,BOQ!$B40)*$G40","v":{"$error":"#VALUE!"}},{"$f":"SUMIFS('[20]WorkDone DATA'!$L:$L,'[20]WorkDone DATA'!$N:$N,BOQ!BT$6,'[20]WorkDone DATA'!$G:$G,BOQ!$B40)*$G40","v":{"$error":"#VALUE!"}},{"$f":"SUMIFS('[20]WorkDone DATA'!$L:$L,'[20]WorkDone DATA'!$N:$N,BOQ!BU$6,'[20]WorkDone DATA'!$G:$G,BOQ!$B40)*$G40","v":{"$error":"#VALUE!"}},{"$f":"SUMIFS('[20]WorkDone DATA'!$L:$L,'[20]WorkDone DATA'!$N:$N,BOQ!BV$6,'[20]WorkDone DATA'!$G:$G,BOQ!$B40)*$G40","v":{"$error":"#VALUE!"}},{"$f":"SUMIFS('[20]WorkDone DATA'!$L:$L,'[20]WorkDone DATA'!$N:$N,BOQ!BW$6,'[20]WorkDone DATA'!$G:$G,BOQ!$B40)*$G40","v":{"$error":"#VALUE!"}},{"$f":"SUMIFS('[20]WorkDone DATA'!$L:$L,'[20]WorkDone DATA'!$N:$N,BOQ!BX$6,'[20]WorkDone DATA'!$G:$G,BOQ!$B40)*$G40","v":{"$error":"#VALUE!"}}]
[{"$nulls":7},0,{"$nulls":3},{"$error":"#VALUE!"},{"$error":"#VALUE!"},null,0,{"$error":"#VALUE!"},null,{"$f":"SUMIFS('[20]WorkDone DATA'!$L:$L,'[20]WorkDone DATA'!$N:$N,BOQ!S$6,'[20]WorkDone DATA'!$G:$G,BOQ!$B41)","v":{"$error":"#VALUE!"}},{"$error":"#VALUE!"},{"$f":"SUMIFS('[20]WorkDone DATA'!$L:$L,'[20]WorkDone DATA'!$N:$N,BOQ!U$6,'[20]WorkDone DATA'!$G:$G,BOQ!$B41)","v":{"$error":"#VALUE!"}},{"$error":"#VALUE!"},null,{"$f":"SUMIFS('[20]WorkDone DATA'!$L:$L,'[20]WorkDone DATA'!$N:$N,BOQ!W$6,'[20]WorkDone DATA'!$G:$G,BOQ!$B41)*$G41","v":{"$error":"#VALUE!"}},null,{"$f":"SUMIFS('[20]WorkDone DATA'!$L:$L,'[20]WorkDone DATA'!$N:$N,BOQ!Y$6,'[20]WorkDone DATA'!$G:$G,BOQ!$B41)*$G41","v":{"$error":"#VALUE!"}},null,{"$f":"SUMIFS('[20]WorkDone DATA'!$L:$L,'[20]WorkDone DATA'!$N:$N,BOQ!AA$6,'[20]WorkDone DATA'!$G:$G,BOQ!$B41)*$G41","v":{"$error":"#VALUE!"}},{"$f":"SUMIFS('[20]WorkDone DATA'!$L:$L,'[20]WorkDone DATA'!$N:$N,BOQ!AB$6,'[20]WorkDone DATA'!$G:$G,BOQ!$B41)*$G41","v":{"$error":"#VALUE!"}},{"$f":"SUMIFS('[20]WorkDone DATA'!$L:$L,'[20]WorkDone DATA'!$N:$N,BOQ!AC$6,'[20]WorkDone DATA'!$G:$G,BOQ!$B41)*$G41","v":{"$error":"#VALUE!"}},{"$f":"SUMIFS('[20]WorkDone DATA'!$L:$L,'[20]WorkDone DATA'!$N:$N,BOQ!AD$6,'[20]WorkDone DATA'!$G:$G,BOQ!$B41)*$G41","v":{"$error":"#VALUE!"}},{"$f":"SUMIFS('[20]WorkDone DATA'!$L:$L,'[20]WorkDone DATA'!$N:$N,BOQ!AE$6,'[20]WorkDone DATA'!$G:$G,BOQ!$B41)*$G41","v":{"$error":"#VALUE!"}},{"$f":"SUMIFS('[20]WorkDone DATA'!$L:$L,'[20]WorkDone DATA'!$N:$N,BOQ!AF$6,'[20]WorkDone DATA'!$G:$G,BOQ!$B41)*$G41","v":{"$error":"#VALUE!"}},{"$f":"SUMIFS('[20]WorkDone DATA'!$L:$L,'[20]WorkDone DATA'!$N:$N,BOQ!AG$6,'[20]WorkDone DATA'!$G:$G,BOQ!$B41)*$G41","v":{"$error":"#VALUE!"}},{"$f":"SUMIFS('[20]WorkDone DATA'!$L:$L,'[20]WorkDone DATA'!$N:$N,BOQ!AH$6,'[20]WorkDone DATA'!$G:$G,BOQ!$B41)*$G41","v":{"$error":"#VALUE!"}},{"$f":"SUMIFS('[20]WorkDone DATA'!$L:$L,'[20]WorkDone DATA'!$N:$N,BOQ!AI$6,'[20]WorkDone DATA'!$G:$G,BOQ!$B41)*$G41","v":{"$error":"#VALUE!"}},{"$f":"SUMIFS('[20]WorkDone DATA'!$L:$L,'[20]WorkDone DATA'!$N:$N,BOQ!AJ$6,'[20]WorkDone DATA'!$G:$G,BOQ!$B41)*$G41","v":{"$error":"#VALUE!"}},{"$f":"SUMIFS('[20]WorkDone DATA'!$L:$L,'[20]WorkDone DATA'!$N:$N,BOQ!AK$6,'[20]WorkDone DATA'!$G:$G,BOQ!$B41)*$G41","v":{"$error":"#VALUE!"}},{"$f":"SUMIFS('[20]WorkDone DATA'!$L:$L,'[20]WorkDone DATA'!$N:$N,BOQ!AL$6,'[20]WorkDone DATA'!$G:$G,BOQ!$B41)*$G41","v":{"$error":"#VALUE!"}},{"$f":"SUMIFS('[20]WorkDone DATA'!$L:$L,'[20]WorkDone DATA'!$N:$N,BOQ!AM$6,'[20]WorkDone DATA'!$G:$G,BOQ!$B41)*$G41","v":{"$error":"#VALUE!"}},{"$f":"SUMIFS('[20]WorkDone DATA'!$L:$L,'[20]WorkDone DATA'!$N:$N,BOQ!AN$6,'[20]WorkDone DATA'!$G:$G,BOQ!$B41)*$G41","v":{"$error":"#VALUE!"}},{"$f":"SUMIFS('[20]WorkDone DATA'!$L:$L,'[20]WorkDone DATA'!$N:$N,BOQ!AO$6,'[20]WorkDone DATA'!$G:$G,BOQ!$B41)*$G41","v":{"$error":"#VALUE!"}},{"$f":"SUMIFS('[20]WorkDone DATA'!$L:$L,'[20]WorkDone DATA'!$N:$N,BOQ!AP$6,'[20]WorkDone DATA'!$G:$G,BOQ!$B41)*$G41","v":{"$error":"#VALUE!"}},{"$f":"SUMIFS('[20]WorkDone DATA'!$L:$L,'[20]WorkDone DATA'!$N:$N,BOQ!AQ$6,'[20]WorkDone DATA'!$G:$G,BOQ!$B41)*$G41","v":{"$error":"#VALUE!"}},{"$f":"SUMIFS('[20]WorkDone DATA'!$L:$L,'[20]WorkDone DATA'!$N:$N,BOQ!AR$6,'[20]WorkDone DATA'!$G:$G,BOQ!$B41)*$G41","v":{"$error":"#VALUE!"}},{"$f":"SUMIFS('[20]WorkDone DATA'!$L:$L,'[20]WorkDone DATA'!$N:$N,BOQ!AS$6,'[20]WorkDone DATA'!$G:$G,BOQ!$B41)*$G41","v":{"$error":"#VALUE!"}},{"$f":"SUMIFS('[20]WorkDone DATA'!$L:$L,'[20]WorkDone DATA'!$N:$N,BOQ!AT$6,'[20]WorkDone DATA'!$G:$G,BOQ!$B41)*$G41","v":{"$error":"#VALUE!"}},{"$f":"SUMIFS('[20]WorkDone DATA'!$L:$L,'[20]WorkDone DATA'!$N:$N,BOQ!AU$6,'[20]WorkDone DATA'!$G:$G,BOQ!$B41)*$G41","v":{"$error":"#VALUE!"}},{"$f":"SUMIFS('[20]WorkDone DATA'!$L:$L,'[20]WorkDone DATA'!$N:$N,BOQ!AV$6,'[20]WorkDone DATA'!$G:$G,BOQ!$B41)*$G41","v":{"$error":"#VALUE!"}},{"$f":"SUMIFS('[20]WorkDone DATA'!$L:$L,'[20]WorkDone DATA'!$N:$N,BOQ!AW$6,'[20]WorkDone DATA'!$G:$G,BOQ!$B41)*$G41","v":{"$error":"#VALUE!"}},{"$f":"SUMIFS('[20]WorkDone DATA'!$L:$L,'[20]WorkDone DATA'!$N:$N,BOQ!AX$6,'[20]WorkDone DATA'!$G:$G,BOQ!$B41)*$G41","v":{"$error":"#VALUE!"}},{"$f":"SUMIFS('[20]WorkDone DATA'!$L:$L,'[20]WorkDone DATA'!$N:$N,BOQ!AY$6,'[20]WorkDone DATA'!$G:$G,BOQ!$B41)*$G41","v":{"$error":"#VALUE!"}},{"$f":"SUMIFS('[20]WorkDone DATA'!$L:$L,'[20]WorkDone DATA'!$N:$N,BOQ!AZ$6,'[20]WorkDone DATA'!$G:$G,BOQ!$B41)*$G41","v":{"$error":"#VALUE!"}},{"$f":"SUMIFS('[20]WorkDone DATA'!$L:$L,'[20]WorkDone DATA'!$N:$N,BOQ!BA$6,'[20]WorkDone DATA'!$G:$G,BOQ!$B41)*$G41","v":{"$error":"#VALUE!"}},{"$f":"SUMIFS('[20]WorkDone DATA'!$L:$L,'[20]WorkDone DATA'!$N:$N,BOQ!BB$6,'[20]WorkDone DATA'!$G:$G,BOQ!$B41)*$G41","v":{"$error":"#VALUE!"}},{"$f":"SUMIFS('[20]WorkDone DATA'!$L:$L,'[20]WorkDone DATA'!$N:$N,BOQ!BC$6,'[20]WorkDone DATA'!$G:$G,BOQ!$B41)*$G41","v":{"$error":"#VALUE!"}},{"$f":"SUMIFS('[20]WorkDone DATA'!$L:$L,'[20]WorkDone DATA'!$N:$N,BOQ!BD$6,'[20]WorkDone DATA'!$G:$G,BOQ!$B41)*$G41","v":{"$error":"#VALUE!"}},{"$f":"SUMIFS('[20]WorkDone DATA'!$L:$L,'[20]WorkDone DATA'!$N:$N,BOQ!BE$6,'[20]WorkDone DATA'!$G:$G,BOQ!$B41)*$G41","v":{"$error":"#VALUE!"}},{"$f":"SUMIFS('[20]WorkDone DATA'!$L:$L,'[20]WorkDone DATA'!$N:$N,BOQ!BF$6,'[20]WorkDone DATA'!$G:$G,BOQ!$B41)*$G41","v":{"$error":"#VALUE!"}},{"$f":"SUMIFS('[20]WorkDone DATA'!$L:$L,'[20]WorkDone DATA'!$N:$N,BOQ!BG$6,'[20]WorkDone DATA'!$G:$G,BOQ!$B41)*$G41","v":{"$error":"#VALUE!"}},{"$f":"SUMIFS('[20]WorkDone DATA'!$L:$L,'[20]WorkDone DATA'!$N:$N,BOQ!BH$6,'[20]WorkDone DATA'!$G:$G,BOQ!$B41)*$G41","v":{"$error":"#VALUE!"}},{"$f":"SUMIFS('[20]WorkDone DATA'!$L:$L,'[20]WorkDone DATA'!$N:$N,BOQ!BI$6,'[20]WorkDone DATA'!$G:$G,BOQ!$B41)*$G41","v":{"$error":"#VALUE!"}},{"$f":"SUMIFS('[20]WorkDone DATA'!$L:$L,'[20]WorkDone DATA'!$N:$N,BOQ!BJ$6,'[20]WorkDone DATA'!$G:$G,BOQ!$B41)*$G41","v":{"$error":"#VALUE!"}},{"$f":"SUMIFS('[20]WorkDone DATA'!$L:$L,'[20]WorkDone DATA'!$N:$N,BOQ!BK$6,'[20]WorkDone DATA'!$G:$G,BOQ!$B41)*$G41","v":{"$error":"#VALUE!"}},{"$f":"SUMIFS('[20]WorkDone DATA'!$L:$L,'[20]WorkDone DATA'!$N:$N,BOQ!BL$6,'[20]WorkDone DATA'!$G:$G,BOQ!$B41)*$G41","v":{"$error":"#VALUE!"}},{"$f":"SUMIFS('[20]WorkDone DATA'!$L:$L,'[20]WorkDone DATA'!$N:$N,BOQ!BM$6,'[20]WorkDone DATA'!$G:$G,BOQ!$B41)*$G41","v":{"$error":"#VALUE!"}},{"$f":"SUMIFS('[20]WorkDone DATA'!$L:$L,'[20]WorkDone DATA'!$N:$N,BOQ!BN$6,'[20]WorkDone DATA'!$G:$G,BOQ!$B41)*$G41","v":{"$error":"#VALUE!"}},{"$f":"SUMIFS('[20]WorkDone DATA'!$L:$L,'[20]WorkDone DATA'!$N:$N,BOQ!BO$6,'[20]WorkDone DATA'!$G:$G,BOQ!$B41)*$G41","v":{"$error":"#VALUE!"}},{"$f":"SUMIFS('[20]WorkDone DATA'!$L:$L,'[20]WorkDone DATA'!$N:$N,BOQ!BP$6,'[20]WorkDone DATA'!$G:$G,BOQ!$B41)*$G41","v":{"$error":"#VALUE!"}},{"$f":"SUMIFS('[20]WorkDone DATA'!$L:$L,'[20]WorkDone DATA'!$N:$N,BOQ!BQ$6,'[20]WorkDone DATA'!$G:$G,BOQ!$B41)*$G41","v":{"$error":"#VALUE!"}},{"$f":"SUMIFS('[20]WorkDone DATA'!$L:$L,'[20]WorkDone DATA'!$N:$N,BOQ!BR$6,'[20]WorkDone DATA'!$G:$G,BOQ!$B41)*$G41","v":{"$error":"#VALUE!"}},{"$f":"SUMIFS('[20]WorkDone DATA'!$L:$L,'[20]WorkDone DATA'!$N:$N,BOQ!BS$6,'[20]WorkDone DATA'!$G:$G,BOQ!$B41)*$G41","v":{"$error":"#VALUE!"}},{"$f":"SUMIFS('[20]WorkDone DATA'!$L:$L,'[20]WorkDone DATA'!$N:$N,BOQ!BT$6,'[20]WorkDone DATA'!$G:$G,BOQ!$B41)*$G41","v":{"$error":"#VALUE!"}},{"$f":"SUMIFS('[20]WorkDone DATA'!$L:$L,'[20]WorkDone DATA'!$N:$N,BOQ!BU$6,'[20]WorkDone DATA'!$G:$G,BOQ!$B41)*$G41","v":{"$error":"#VALUE!"}},{"$f":"SUMIFS('[20]WorkDone DATA'!$L:$L,'[20]WorkDone DATA'!$N:$N,BOQ!BV$6,'[20]WorkDone DATA'!$G:$G,BOQ!$B41)*$G41","v":{"$error":"#VALUE!"}},{"$f":"SUMIFS('[20]WorkDone DATA'!$L:$L,'[20]WorkDone DATA'!$N:$N,BOQ!BW$6,'[20]WorkDone DATA'!$G:$G,BOQ!$B41)*$G41","v":{"$error":"#VALUE!"}},{"$f":"SUMIFS('[20]WorkDone DATA'!$L:$L,'[20]WorkDone DATA'!$N:$N,BOQ!BX$6,'[20]WorkDone DATA'!$G:$G,BOQ!$B41)*$G41","v":{"$error":"#VALUE!"}}]
[null,null,"TERMINATION",{"$nulls":4},0,{"$nulls":3},{"$error":"#VALUE!"},{"$error":"#VALUE!"},null,0,{"$error":"#VALUE!"},null,{"$f":"SUMIFS('[20]WorkDone DATA'!$L:$L,'[20]WorkDone DATA'!$N:$N,BOQ!S$6,'[20]WorkDone DATA'!$G:$G,BOQ!$B42)","v":{"$error":"#VALUE!"}},{"$error":"#VALUE!"},{"$f":"SUMIFS('[20]WorkDone DATA'!$L:$L,'[20]WorkDone DATA'!$N:$N,BOQ!U$6,'[20]WorkDone DATA'!$G:$G,BOQ!$B42)","v":{"$error":"#VALUE!"}},{"$error":"#VALUE!"},null,{"$f":"SUMIFS('[20]WorkDone DATA'!$L:$L,'[20]WorkDone DATA'!$N:$N,BOQ!W$6,'[20]WorkDone DATA'!$G:$G,BOQ!$B42)*$G42","v":{"$error":"#VALUE!"}},null,{"$f":"SUMIFS('[20]WorkDone DATA'!$L:$L,'[20]WorkDone DATA'!$N:$N,BOQ!Y$6,'[20]WorkDone DATA'!$G:$G,BOQ!$B42)*$G42","v":{"$error":"#VALUE!"}},null,{"$f":"SUMIFS('[20]WorkDone DATA'!$L:$L,'[20]WorkDone DATA'!$N:$N,BOQ!AA$6,'[20]WorkDone DATA'!$G:$G,BOQ!$B42)*$G42","v":{"$error":"#VALUE!"}},{"$f":"SUMIFS('[20]WorkDone DATA'!$L:$L,'[20]WorkDone DATA'!$N:$N,BOQ!AB$6,'[20]WorkDone DATA'!$G:$G,BOQ!$B42)*$G42","v":{"$error":"#VALUE!"}},{"$f":"SUMIFS('[20]WorkDone DATA'!$L:$L,'[20]WorkDone DATA'!$N:$N,BOQ!AC$6,'[20]WorkDone DATA'!$G:$G,BOQ!$B42)*$G42","v":{"$error":"#VALUE!"}},{"$f":"SUMIFS('[20]WorkDone DATA'!$L:$L,'[20]WorkDone DATA'!$N:$N,BOQ!AD$6,'[20]WorkDone DATA'!$G:$G,BOQ!$B42)*$G42","v":{"$error":"#VALUE!"}},{"$f":"SUMIFS('[20]WorkDone DATA'!$L:$L,'[20]WorkDone DATA'!$N:$N,BOQ!AE$6,'[20]WorkDone DATA'!$G:$G,BOQ!$B42)*$G42","v":{"$error":"#VALUE!"}},{"$f":"SUMIFS('[20]WorkDone DATA'!$L:$L,'[20]WorkDone DATA'!$N:$N,BOQ!AF$6,'[20]WorkDone DATA'!$G:$G,BOQ!$B42)*$G42","v":{"$error":"#VALUE!"}},{"$f":"SUMIFS('[20]WorkDone DATA'!$L:$L,'[20]WorkDone DATA'!$N:$N,BOQ!AG$6,'[20]WorkDone DATA'!$G:$G,BOQ!$B42)*$G42","v":{"$error":"#VALUE!"}},{"$f":"SUMIFS('[20]WorkDone DATA'!$L:$L,'[20]WorkDone DATA'!$N:$N,BOQ!AH$6,'[20]WorkDone DATA'!$G:$G,BOQ!$B42)*$G42","v":{"$error":"#VALUE!"}},{"$f":"SUMIFS('[20]WorkDone DATA'!$L:$L,'[20]WorkDone DATA'!$N:$N,BOQ!AI$6,'[20]WorkDone DATA'!$G:$G,BOQ!$B42)*$G42","v":{"$error":"#VALUE!"}},{"$f":"SUMIFS('[20]WorkDone DATA'!$L:$L,'[20]WorkDone DATA'!$N:$N,BOQ!AJ$6,'[20]WorkDone DATA'!$G:$G,BOQ!$B42)*$G42","v":{"$error":"#VALUE!"}},{"$f":"SUMIFS('[20]WorkDone DATA'!$L:$L,'[20]WorkDone DATA'!$N:$N,BOQ!AK$6,'[20]WorkDone DATA'!$G:$G,BOQ!$B42)*$G42","v":{"$error":"#VALUE!"}},{"$f":"SUMIFS('[20]WorkDone DATA'!$L:$L,'[20]WorkDone DATA'!$N:$N,BOQ!AL$6,'[20]WorkDone DATA'!$G:$G,BOQ!$B42)*$G42","v":{"$error":"#VALUE!"}},{"$f":"SUMIFS('[20]WorkDone DATA'!$L:$L,'[20]WorkDone DATA'!$N:$N,BOQ!AM$6,'[20]WorkDone DATA'!$G:$G,BOQ!$B42)*$G42","v":{"$error":"#VALUE!"}},{"$f":"SUMIFS('[20]WorkDone DATA'!$L:$L,'[20]WorkDone DATA'!$N:$N,BOQ!AN$6,'[20]WorkDone DATA'!$G:$G,BOQ!$B42)*$G42","v":{"$error":"#VALUE!"}},{"$f":"SUMIFS('[20]WorkDone DATA'!$L:$L,'[20]WorkDone DATA'!$N:$N,BOQ!AO$6,'[20]WorkDone DATA'!$G:$G,BOQ!$B42)*$G42","v":{"$error":"#VALUE!"}},{"$f":"SUMIFS('[20]WorkDone DATA'!$L:$L,'[20]WorkDone DATA'!$N:$N,BOQ!AP$6,'[20]WorkDone DATA'!$G:$G,BOQ!$B42)*$G42","v":{"$error":"#VALUE!"}},{"$f":"SUMIFS('[20]WorkDone DATA'!$L:$L,'[20]WorkDone DATA'!$N:$N,BOQ!AQ$6,'[20]WorkDone DATA'!$G:$G,BOQ!$B42)*$G42","v":{"$error":"#VALUE!"}},{"$f":"SUMIFS('[20]WorkDone DATA'!$L:$L,'[20]WorkDone DATA'!$N:$N,BOQ!AR$6,'[20]WorkDone DATA'!$G:$G,BOQ!$B42)*$G42","v":{"$error":"#VALUE!"}},{"$f":"SUMIFS('[20]WorkDone DATA'!$L:$L,'[20]WorkDone DATA'!$N:$N,BOQ!AS$6,'[20]WorkDone DATA'!$G:$G,BOQ!$B42)*$G42","v":{"$error":"#VALUE!"}},{"$f":"SUMIFS('[20]WorkDone DATA'!$L:$L,'[20]WorkDone DATA'!$N:$N,BOQ!AT$6,'[20]WorkDone DATA'!$G:$G,BOQ!$B42)*$G42","v":{"$error":"#VALUE!"}},{"$f":"SUMIFS('[20]WorkDone DATA'!$L:$L,'[20]WorkDone DATA'!$N:$N,BOQ!AU$6,'[20]WorkDone DATA'!$G:$G,BOQ!$B42)*$G42","v":{"$error":"#VALUE!"}},{"$f":"SUMIFS('[20]WorkDone DATA'!$L:$L,'[20]WorkDone DATA'!$N:$N,BOQ!AV$6,'[20]WorkDone DATA'!$G:$G,BOQ!$B42)*$G42","v":{"$error":"#VALUE!"}},{"$f":"SUMIFS('[20]WorkDone DATA'!$L:$L,'[20]WorkDone DATA'!$N:$N,BOQ!AW$6,'[20]WorkDone DATA'!$G:$G,BOQ!$B42)*$G42","v":{"$error":"#VALUE!"}},{"$f":"SUMIFS('[20]WorkDone DATA'!$L:$L,'[20]WorkDone DATA'!$N:$N,BOQ!AX$6,'[20]WorkDone DATA'!$G:$G,BOQ!$B42)*$G42","v":{"$error":"#VALUE!"}},{"$f":"SUMIFS('[20]WorkDone DATA'!$L:$L,'[20]WorkDone DATA'!$N:$N,BOQ!AY$6,'[20]WorkDone DATA'!$G:$G,BOQ!$B42)*$G42","v":{"$error":"#VALUE!"}},{"$f":"SUMIFS('[20]WorkDone DATA'!$L:$L,'[20]WorkDone DATA'!$N:$N,BOQ!AZ$6,'[20]WorkDone DATA'!$G:$G,BOQ!$B42)*$G42","v":{"$error":"#VALUE!"}},{"$f":"SUMIFS('[20]WorkDone DATA'!$L:$L,'[20]WorkDone DATA'!$N:$N,BOQ!BA$6,'[20]WorkDone DATA'!$G:$G,BOQ!$B42)*$G42","v":{"$error":"#VALUE!"}},{"$f":"SUMIFS('[20]WorkDone DATA'!$L:$L,'[20]WorkDone DATA'!$N:$N,BOQ!BB$6,'[20]WorkDone DATA'!$G:$G,BOQ!$B42)*$G42","v":{"$error":"#VALUE!"}},{"$f":"SUMIFS('[20]WorkDone DATA'!$L:$L,'[20]WorkDone DATA'!$N:$N,BOQ!BC$6,'[20]WorkDone DATA'!$G:$G,BOQ!$B42)*$G42","v":{"$error":"#VALUE!"}},{"$f":"SUMIFS('[20]WorkDone DATA'!$L:$L,'[20]WorkDone DATA'!$N:$N,BOQ!BD$6,'[20]WorkDone DATA'!$G:$G,BOQ!$B42)*$G42","v":{"$error":"#VALUE!"}},{"$f":"SUMIFS('[20]WorkDone DATA'!$L:$L,'[20]WorkDone DATA'!$N:$N,BOQ!BE$6,'[20]WorkDone DATA'!$G:$G,BOQ!$B42)*$G42","v":{"$error":"#VALUE!"}},{"$f":"SUMIFS('[20]WorkDone DATA'!$L:$L,'[20]WorkDone DATA'!$N:$N,BOQ!BF$6,'[20]WorkDone DATA'!$G:$G,BOQ!$B42)*$G42","v":{"$error":"#VALUE!"}},{"$f":"SUMIFS('[20]WorkDone DATA'!$L:$L,'[20]WorkDone DATA'!$N:$N,BOQ!BG$6,'[20]WorkDone DATA'!$G:$G,BOQ!$B42)*$G42","v":{"$error":"#VALUE!"}},{"$f":"SUMIFS('[20]WorkDone DATA'!$L:$L,'[20]WorkDone DATA'!$N:$N,BOQ!BH$6,'[20]WorkDone DATA'!$G:$G,BOQ!$B42)*$G42","v":{"$error":"#VALUE!"}},{"$f":"SUMIFS('[20]WorkDone DATA'!$L:$L,'[20]WorkDone DATA'!$N:$N,BOQ!BI$6,'[20]WorkDone DATA'!$G:$G,BOQ!$B42)*$G42","v":{"$error":"#VALUE!"}},{"$f":"SUMIFS('[20]WorkDone DATA'!$L:$L,'[20]WorkDone DATA'!$N:$N,BOQ!BJ$6,'[20]WorkDone DATA'!$G:$G,BOQ!$B42)*$G42","v":{"$error":"#VALUE!"}},{"$f":"SUMIFS('[20]WorkDone DATA'!$L:$L,'[20]WorkDone DATA'!$N:$N,BOQ!BK$6,'[20]WorkDone DATA'!$G:$G,BOQ!$B42)*$G42","v":{"$error":"#VALUE!"}},{"$f":"SUMIFS('[20]WorkDone DATA'!$L:$L,'[20]WorkDone DATA'!$N:$N,BOQ!BL$6,'[20]WorkDone DATA'!$G:$G,BOQ!$B42)*$G42","v":{"$error":"#VALUE!"}},{"$f":"SUMIFS('[20]WorkDone DATA'!$L:$L,'[20]WorkDone DATA'!$N:$N,BOQ!BM$6,'[20]WorkDone DATA'!$G:$G,BOQ!$B42)*$G42","v":{"$error":"#VALUE!"}},{"$f":"SUMIFS('[20]WorkDone DATA'!$L:$L,'[20]WorkDone DATA'!$N:$N,BOQ!BN$6,'[20]WorkDone DATA'!$G:$G,BOQ!$B42)*$G42","v":{"$error":"#VALUE!"}},{"$f":"SUMIFS('[20]WorkDone DATA'!$L:$L,'[20]WorkDone DATA'!$N:$N,BOQ!BO$6,'[20]WorkDone DATA'!$G:$G,BOQ!$B42)*$G42","v":{"$error":"#VALUE!"}},{"$f":"SUMIFS('[20]WorkDone DATA'!$L:$L,'[20]WorkDone DATA'!$N:$N,BOQ!BP$6,'[20]WorkDone DATA'!$G:$G,BOQ!$B42)*$G42","v":{"$error":"#VALUE!"}},{"$f":"SUMIFS('[20]WorkDone DATA'!$L:$L,'[20]WorkDone DATA'!$N:$N,BOQ!BQ$6,'[20]WorkDone DATA'!$G:$G,BOQ!$B42)*$G42","v":{"$error":"#VALUE!"}},{"$f":"SUMIFS('[20]WorkDone DATA'!$L:$L,'[20]WorkDone DATA'!$N:$N,BOQ!BR$6,'[20]WorkDone DATA'!$G:$G,BOQ!$B42)*$G42","v":{"$error":"#VALUE!"}},{"$f":"SUMIFS('[20]WorkDone DATA'!$L:$L,'[20]WorkDone DATA'!$N:$N,BOQ!BS$6,'[20]WorkDone DATA'!$G:$G,BOQ!$B42)*$G42","v":{"$error":"#VALUE!"}},{"$f":"SUMIFS('[20]WorkDone DATA'!$L:$L,'[20]WorkDone DATA'!$N:$N,BOQ!BT$6,'[20]WorkDone DATA'!$G:$G,BOQ!$B42)*$G42","v":{"$error":"#VALUE!"}},{"$f":"SUMIFS('[20]WorkDone DATA'!$L:$L,'[20]WorkDone DATA'!$N:$N,BOQ!BU$6,'[20]WorkDone DATA'!$G:$G,BOQ!$B42)*$G42","v":{"$error":"#VALUE!"}},{"$f":"SUMIFS('[20]WorkDone DATA'!$L:$L,'[20]WorkDone DATA'!$N:$N,BOQ!BV$6,'[20]WorkDone DATA'!$G:$G,BOQ!$B42)*$G42","v":{"$error":"#VALUE!"}},{"$f":"SUMIFS('[20]WorkDone DATA'!$L:$L,'[20]WorkDone DATA'!$N:$N,BOQ!BW$6,'[20]WorkDone DATA'!$G:$G,BOQ!$B42)*$G42","v":{"$error":"#VALUE!"}},{"$f":"SUMIFS('[20]WorkDone DATA'!$L:$L,'[20]WorkDone DATA'!$N:$N,BOQ!BX$6,'[20]WorkDone DATA'!$G:$G,BOQ!$B42)*$G42","v":{"$error":"#VALUE!"}}]
[null,null,"Termination complete, for 3.3kV and 11KV  XLPE indoor complete with earthing 650mm tails and Glands where require",{"$nulls":4},0,{"$nulls":3},{"$error":"#VALUE!"},{"$error":"#VALUE!"},null,0,{"$error":"#VALUE!"},null,{"$f":"SUMIFS('[20]WorkDone DATA'!$L:$L,'[20]WorkDone DATA'!$N:$N,BOQ!S$6,'[20]WorkDone DATA'!$G:$G,BOQ!$B43)","v":{"$error":"#VALUE!"}},{"$error":"#VALUE!"},{"$f":"SUMIFS('[20]WorkDone DATA'!$L:$L,'[20]WorkDone DATA'!$N:$N,BOQ!U$6,'[20]WorkDone DATA'!$G:$G,BOQ!$B43)","v":{"$error":"#VALUE!"}},{"$error":"#VALUE!"},null,{"$f":"SUMIFS('[20]WorkDone DATA'!$L:$L,'[20]WorkDone DATA'!$N:$N,BOQ!W$6,'[20]WorkDone DATA'!$G:$G,BOQ!$B43)*$G43","v":{"$error":"#VALUE!"}},null,{"$f":"SUMIFS('[20]WorkDone DATA'!$L:$L,'[20]WorkDone DATA'!$N:$N,BOQ!Y$6,'[20]WorkDone DATA'!$G:$G,BOQ!$B43)*$G43","v":{"$error":"#VALUE!"}},null,{"$f":"SUMIFS('[20]WorkDone DATA'!$L:$L,'[20]WorkDone DATA'!$N:$N,BOQ!AA$6,'[20]WorkDone DATA'!$G:$G,BOQ!$B43)*$G43","v":{"$error":"#VALUE!"}},{"$f":"SUMIFS('[20]WorkDone DATA'!$L:$L,'[20]WorkDone DATA'!$N:$N,BOQ!AB$6,'[20]WorkDone DATA'!$G:$G,BOQ!$B43)*$G43","v":{"$error":"#VALUE!"}},{"$f":"SUMIFS('[20]WorkDone DATA'!$L:$L,'[20]WorkDone DATA'!$N:$N,BOQ!AC$6,'[20]WorkDone DATA'!$G:$G,BOQ!$B43)*$G43","v":{"$error":"#VALUE!"}},{"$f":"SUMIFS('[20]WorkDone DATA'!$L:$L,'[20]WorkDone DATA'!$N:$N,BOQ!AD$6,'[20]WorkDone DATA'!$G:$G,BOQ!$B43)*$G43","v":{"$error":"#VALUE!"}},{"$f":"SUMIFS('[20]WorkDone DATA'!$L:$L,'[20]WorkDone DATA'!$N:$N,BOQ!AE$6,'[20]WorkDone DATA'!$G:$G,BOQ!$B43)*$G43","v":{"$error":"#VALUE!"}},{"$f":"SUMIFS('[20]WorkDone DATA'!$L:$L,'[20]WorkDone DATA'!$N:$N,BOQ!AF$6,'[20]WorkDone DATA'!$G:$G,BOQ!$B43)*$G43","v":{"$error":"#VALUE!"}},{"$f":"SUMIFS('[20]WorkDone DATA'!$L:$L,'[20]WorkDone DATA'!$N:$N,BOQ!AG$6,'[20]WorkDone DATA'!$G:$G,BOQ!$B43)*$G43","v":{"$error":"#VALUE!"}},{"$f":"SUMIFS('[20]WorkDone DATA'!$L:$L,'[20]WorkDone DATA'!$N:$N,BOQ!AH$6,'[20]WorkDone DATA'!$G:$G,BOQ!$B43)*$G43","v":{"$error":"#VALUE!"}},{"$f":"SUMIFS('[20]WorkDone DATA'!$L:$L,'[20]WorkDone DATA'!$N:$N,BOQ!AI$6,'[20]WorkDone DATA'!$G:$G,BOQ!$B43)*$G43","v":{"$error":"#VALUE!"}},{"$f":"SUMIFS('[20]WorkDone DATA'!$L:$L,'[20]WorkDone DATA'!$N:$N,BOQ!AJ$6,'[20]WorkDone DATA'!$G:$G,BOQ!$B43)*$G43","v":{"$error":"#VALUE!"}},{"$f":"SUMIFS('[20]WorkDone DATA'!$L:$L,'[20]WorkDone DATA'!$N:$N,BOQ!AK$6,'[20]WorkDone DATA'!$G:$G,BOQ!$B43)*$G43","v":{"$error":"#VALUE!"}},{"$f":"SUMIFS('[20]WorkDone DATA'!$L:$L,'[20]WorkDone DATA'!$N:$N,BOQ!AL$6,'[20]WorkDone DATA'!$G:$G,BOQ!$B43)*$G43","v":{"$error":"#VALUE!"}},{"$f":"SUMIFS('[20]WorkDone DATA'!$L:$L,'[20]WorkDone DATA'!$N:$N,BOQ!AM$6,'[20]WorkDone DATA'!$G:$G,BOQ!$B43)*$G43","v":{"$error":"#VALUE!"}},{"$f":"SUMIFS('[20]WorkDone DATA'!$L:$L,'[20]WorkDone DATA'!$N:$N,BOQ!AN$6,'[20]WorkDone DATA'!$G:$G,BOQ!$B43)*$G43","v":{"$error":"#VALUE!"}},{"$f":"SUMIFS('[20]WorkDone DATA'!$L:$L,'[20]WorkDone DATA'!$N:$N,BOQ!AO$6,'[20]WorkDone DATA'!$G:$G,BOQ!$B43)*$G43","v":{"$error":"#VALUE!"}},{"$f":"SUMIFS('[20]WorkDone DATA'!$L:$L,'[20]WorkDone DATA'!$N:$N,BOQ!AP$6,'[20]WorkDone DATA'!$G:$G,BOQ!$B43)*$G43","v":{"$error":"#VALUE!"}},{"$f":"SUMIFS('[20]WorkDone DATA'!$L:$L,'[20]WorkDone DATA'!$N:$N,BOQ!AQ$6,'[20]WorkDone DATA'!$G:$G,BOQ!$B43)*$G43","v":{"$error":"#VALUE!"}},{"$f":"SUMIFS('[20]WorkDone DATA'!$L:$L,'[20]WorkDone DATA'!$N:$N,BOQ!AR$6,'[20]WorkDone DATA'!$G:$G,BOQ!$B43)*$G43","v":{"$error":"#VALUE!"}},{"$f":"SUMIFS('[20]WorkDone DATA'!$L:$L,'[20]WorkDone DATA'!$N:$N,BOQ!AS$6,'[20]WorkDone DATA'!$G:$G,BOQ!$B43)*$G43","v":{"$error":"#VALUE!"}},{"$f":"SUMIFS('[20]WorkDone DATA'!$L:$L,'[20]WorkDone DATA'!$N:$N,BOQ!AT$6,'[20]WorkDone DATA'!$G:$G,BOQ!$B43)*$G43","v":{"$error":"#VALUE!"}},{"$f":"SUMIFS('[20]WorkDone DATA'!$L:$L,'[20]WorkDone DATA'!$N:$N,BOQ!AU$6,'[20]WorkDone DATA'!$G:$G,BOQ!$B43)*$G43","v":{"$error":"#VALUE!"}},{"$f":"SUMIFS('[20]WorkDone DATA'!$L:$L,'[20]WorkDone DATA'!$N:$N,BOQ!AV$6,'[20]WorkDone DATA'!$G:$G,BOQ!$B43)*$G43","v":{"$error":"#VALUE!"}},{"$f":"SUMIFS('[20]WorkDone DATA'!$L:$L,'[20]WorkDone DATA'!$N:$N,BOQ!AW$6,'[20]WorkDone DATA'!$G:$G,BOQ!$B43)*$G43","v":{"$error":"#VALUE!"}},{"$f":"SUMIFS('[20]WorkDone DATA'!$L:$L,'[20]WorkDone DATA'!$N:$N,BOQ!AX$6,'[20]WorkDone DATA'!$G:$G,BOQ!$B43)*$G43","v":{"$error":"#VALUE!"}},{"$f":"SUMIFS('[20]WorkDone DATA'!$L:$L,'[20]WorkDone DATA'!$N:$N,BOQ!AY$6,'[20]WorkDone DATA'!$G:$G,BOQ!$B43)*$G43","v":{"$error":"#VALUE!"}},{"$f":"SUMIFS('[20]WorkDone DATA'!$L:$L,'[20]WorkDone DATA'!$N:$N,BOQ!AZ$6,'[20]WorkDone DATA'!$G:$G,BOQ!$B43)*$G43","v":{"$error":"#VALUE!"}},{"$f":"SUMIFS('[20]WorkDone DATA'!$L:$L,'[20]WorkDone DATA'!$N:$N,BOQ!BA$6,'[20]WorkDone DATA'!$G:$G,BOQ!$B43)*$G43","v":{"$error":"#VALUE!"}},{"$f":"SUMIFS('[20]WorkDone DATA'!$L:$L,'[20]WorkDone DATA'!$N:$N,BOQ!BB$6,'[20]WorkDone DATA'!$G:$G,BOQ!$B43)*$G43","v":{"$error":"#VALUE!"}},{"$f":"SUMIFS('[20]WorkDone DATA'!$L:$L,'[20]WorkDone DATA'!$N:$N,BOQ!BC$6,'[20]WorkDone DATA'!$G:$G,BOQ!$B43)*$G43","v":{"$error":"#VALUE!"}},{"$f":"SUMIFS('[20]WorkDone DATA'!$L:$L,'[20]WorkDone DATA'!$N:$N,BOQ!BD$6,'[20]WorkDone DATA'!$G:$G,BOQ!$B43)*$G43","v":{"$error":"#VALUE!"}},{"$f":"SUMIFS('[20]WorkDone DATA'!$L:$L,'[20]WorkDone DATA'!$N:$N,BOQ!BE$6,'[20]WorkDone DATA'!$G:$G,BOQ!$B43)*$G43","v":{"$error":"#VALUE!"}},{"$f":"SUMIFS('[20]WorkDone DATA'!$L:$L,'[20]WorkDone DATA'!$N:$N,BOQ!BF$6,'[20]WorkDone DATA'!$G:$G,BOQ!$B43)*$G43","v":{"$error":"#VALUE!"}},{"$f":"SUMIFS('[20]WorkDone DATA'!$L:$L,'[20]WorkDone DATA'!$N:$N,BOQ!BG$6,'[20]WorkDone DATA'!$G:$G,BOQ!$B43)*$G43","v":{"$error":"#VALUE!"}},{"$f":"SUMIFS('[20]WorkDone DATA'!$L:$L,'[20]WorkDone DATA'!$N:$N,BOQ!BH$6,'[20]WorkDone DATA'!$G:$G,BOQ!$B43)*$G43","v":{"$error":"#VALUE!"}},{"$f":"SUMIFS('[20]WorkDone DATA'!$L:$L,'[20]WorkDone DATA'!$N:$N,BOQ!BI$6,'[20]WorkDone DATA'!$G:$G,BOQ!$B43)*$G43","v":{"$error":"#VALUE!"}},{"$f":"SUMIFS('[20]WorkDone DATA'!$L:$L,'[20]WorkDone DATA'!$N:$N,BOQ!BJ$6,'[20]WorkDone DATA'!$G:$G,BOQ!$B43)*$G43","v":{"$error":"#VALUE!"}},{"$f":"SUMIFS('[20]WorkDone DATA'!$L:$L,'[20]WorkDone DATA'!$N:$N,BOQ!BK$6,'[20]WorkDone DATA'!$G:$G,BOQ!$B43)*$G43","v":{"$error":"#VALUE!"}},{"$f":"SUMIFS('[20]WorkDone DATA'!$L:$L,'[20]WorkDone DATA'!$N:$N,BOQ!BL$6,'[20]WorkDone DATA'!$G:$G,BOQ!$B43)*$G43","v":{"$error":"#VALUE!"}},{"$f":"SUMIFS('[20]WorkDone DATA'!$L:$L,'[20]WorkDone DATA'!$N:$N,BOQ!BM$6,'[20]WorkDone DATA'!$G:$G,BOQ!$B43)*$G43","v":{"$error":"#VALUE!"}},{"$f":"SUMIFS('[20]WorkDone DATA'!$L:$L,'[20]WorkDone DATA'!$N:$N,BOQ!BN$6,'[20]WorkDone DATA'!$G:$G,BOQ!$B43)*$G43","v":{"$error":"#VALUE!"}},{"$f":"SUMIFS('[20]WorkDone DATA'!$L:$L,'[20]WorkDone DATA'!$N:$N,BOQ!BO$6,'[20]WorkDone DATA'!$G:$G,BOQ!$B43)*$G43","v":{"$error":"#VALUE!"}},{"$f":"SUMIFS('[20]WorkDone DATA'!$L:$L,'[20]WorkDone DATA'!$N:$N,BOQ!BP$6,'[20]WorkDone DATA'!$G:$G,BOQ!$B43)*$G43","v":{"$error":"#VALUE!"}},{"$f":"SUMIFS('[20]WorkDone DATA'!$L:$L,'[20]WorkDone DATA'!$N:$N,BOQ!BQ$6,'[20]WorkDone DATA'!$G:$G,BOQ!$B43)*$G43","v":{"$error":"#VALUE!"}},{"$f":"SUMIFS('[20]WorkDone DATA'!$L:$L,'[20]WorkDone DATA'!$N:$N,BOQ!BR$6,'[20]WorkDone DATA'!$G:$G,BOQ!$B43)*$G43","v":{"$error":"#VALUE!"}},{"$f":"SUMIFS('[20]WorkDone DATA'!$L:$L,'[20]WorkDone DATA'!$N:$N,BOQ!BS$6,'[20]WorkDone DATA'!$G:$G,BOQ!$B43)*$G43","v":{"$error":"#VALUE!"}},{"$f":"SUMIFS('[20]WorkDone DATA'!$L:$L,'[20]WorkDone DATA'!$N:$N,BOQ!BT$6,'[20]WorkDone DATA'!$G:$G,BOQ!$B43)*$G43","v":{"$error":"#VALUE!"}},{"$f":"SUMIFS('[20]WorkDone DATA'!$L:$L,'[20]WorkDone DATA'!$N:$N,BOQ!BU$6,'[20]WorkDone DATA'!$G:$G,BOQ!$B43)*$G43","v":{"$error":"#VALUE!"}},{"$f":"SUMIFS('[20]WorkDone DATA'!$L:$L,'[20]WorkDone DATA'!$N:$N,BOQ!BV$6,'[20]WorkDone DATA'!$G:$G,BOQ!$B43)*$G43","v":{"$error":"#VALUE!"}},{"$f":"SUMIFS('[20]WorkDone DATA'!$L:$L,'[20]WorkDone DATA'!$N:$N,BOQ!BW$6,'[20]WorkDone DATA'!$G:$G,BOQ!$B43)*$G43","v":{"$error":"#VALUE!"}},{"$f":"SUMIFS('[20]WorkDone DATA'!$L:$L,'[20]WorkDone DATA'!$N:$N,BOQ!BX$6,'[20]WorkDone DATA'!$G:$G,BOQ!$B43)*$G43","v":{"$error":"#VALUE!"}}]
[null,null,"Cleats else where",{"$nulls":4},0,{"$nulls":3},{"$error":"#VALUE!"},{"$error":"#VALUE!"},null,0,{"$error":"#VALUE!"},null,{"$f":"SUMIFS('[20]WorkDone DATA'!$L:$L,'[20]WorkDone DATA'!$N:$N,BOQ!S$6,'[20]WorkDone DATA'!$G:$G,BOQ!$B44)","v":{"$error":"#VALUE!"}},{"$error":"#VALUE!"},{"$f":"SUMIFS('[20]WorkDone DATA'!$L:$L,'[20]WorkDone DATA'!$N:$N,BOQ!U$6,'[20]WorkDone DATA'!$G:$G,BOQ!$B44)","v":{"$error":"#VALUE!"}},{"$error":"#VALUE!"},null,{"$f":"SUMIFS('[20]WorkDone DATA'!$L:$L,'[20]WorkDone DATA'!$N:$N,BOQ!W$6,'[20]WorkDone DATA'!$G:$G,BOQ!$B44)*$G44","v":{"$error":"#VALUE!"}},null,{"$f":"SUMIFS('[20]WorkDone DATA'!$L:$L,'[20]WorkDone DATA'!$N:$N,BOQ!Y$6,'[20]WorkDone DATA'!$G:$G,BOQ!$B44)*$G44","v":{"$error":"#VALUE!"}},null,{"$f":"SUMIFS('[20]WorkDone DATA'!$L:$L,'[20]WorkDone DATA'!$N:$N,BOQ!AA$6,'[20]WorkDone DATA'!$G:$G,BOQ!$B44)*$G44","v":{"$error":"#VALUE!"}},{"$f":"SUMIFS('[20]WorkDone DATA'!$L:$L,'[20]WorkDone DATA'!$N:$N,BOQ!AB$6,'[20]WorkDone DATA'!$G:$G,BOQ!$B44)*$G44","v":{"$error":"#VALUE!"}},{"$f":"SUMIFS('[20]WorkDone DATA'!$L:$L,'[20]WorkDone DATA'!$N:$N,BOQ!AC$6,'[20]WorkDone DATA'!$G:$G,BOQ!$B44)*$G44","v":{"$error":"#VALUE!"}},{"$f":"SUMIFS('[20]WorkDone DATA'!$L:$L,'[20]WorkDone DATA'!$N:$N,BOQ!AD$6,'[20]WorkDone DATA'!$G:$G,BOQ!$B44)*$G44","v":{"$error":"#VALUE!"}},{"$f":"SUMIFS('[20]WorkDone DATA'!$L:$L,'[20]WorkDone DATA'!$N:$N,BOQ!AE$6,'[20]WorkDone DATA'!$G:$G,BOQ!$B44)*$G44","v":{"$error":"#VALUE!"}},{"$f":"SUMIFS('[20]WorkDone DATA'!$L:$L,'[20]WorkDone DATA'!$N:$N,BOQ!AF$6,'[20]WorkDone DATA'!$G:$G,BOQ!$B44)*$G44","v":{"$error":"#VALUE!"}},{"$f":"SUMIFS('[20]WorkDone DATA'!$L:$L,'[20]WorkDone DATA'!$N:$N,BOQ!AG$6,'[20]WorkDone DATA'!$G:$G,BOQ!$B44)*$G44","v":{"$error":"#VALUE!"}},{"$f":"SUMIFS('[20]WorkDone DATA'!$L:$L,'[20]WorkDone DATA'!$N:$N,BOQ!AH$6,'[20]WorkDone DATA'!$G:$G,BOQ!$B44)*$G44","v":{"$error":"#VALUE!"}},{"$f":"SUMIFS('[20]WorkDone DATA'!$L:$L,'[20]WorkDone DATA'!$N:$N,BOQ!AI$6,'[20]WorkDone DATA'!$G:$G,BOQ!$B44)*$G44","v":{"$error":"#VALUE!"}},{"$f":"SUMIFS('[20]WorkDone DATA'!$L:$L,'[20]WorkDone DATA'!$N:$N,BOQ!AJ$6,'[20]WorkDone DATA'!$G:$G,BOQ!$B44)*$G44","v":{"$error":"#VALUE!"}},{"$f":"SUMIFS('[20]WorkDone DATA'!$L:$L,'[20]WorkDone DATA'!$N:$N,BOQ!AK$6,'[20]WorkDone DATA'!$G:$G,BOQ!$B44)*$G44","v":{"$error":"#VALUE!"}},{"$f":"SUMIFS('[20]WorkDone DATA'!$L:$L,'[20]WorkDone DATA'!$N:$N,BOQ!AL$6,'[20]WorkDone DATA'!$G:$G,BOQ!$B44)*$G44","v":{"$error":"#VALUE!"}},{"$f":"SUMIFS('[20]WorkDone DATA'!$L:$L,'[20]WorkDone DATA'!$N:$N,BOQ!AM$6,'[20]WorkDone DATA'!$G:$G,BOQ!$B44)*$G44","v":{"$error":"#VALUE!"}},{"$f":"SUMIFS('[20]WorkDone DATA'!$L:$L,'[20]WorkDone DATA'!$N:$N,BOQ!AN$6,'[20]WorkDone DATA'!$G:$G,BOQ!$B44)*$G44","v":{"$error":"#VALUE!"}},{"$f":"SUMIFS('[20]WorkDone DATA'!$L:$L,'[20]WorkDone DATA'!$N:$N,BOQ!AO$6,'[20]WorkDone DATA'!$G:$G,BOQ!$B44)*$G44","v":{"$error":"#VALUE!"}},{"$f":"SUMIFS('[20]WorkDone DATA'!$L:$L,'[20]WorkDone DATA'!$N:$N,BOQ!AP$6,'[20]WorkDone DATA'!$G:$G,BOQ!$B44)*$G44","v":{"$error":"#VALUE!"}},{"$f":"SUMIFS('[20]WorkDone DATA'!$L:$L,'[20]WorkDone DATA'!$N:$N,BOQ!AQ$6,'[20]WorkDone DATA'!$G:$G,BOQ!$B44)*$G44","v":{"$error":"#VALUE!"}},{"$f":"SUMIFS('[20]WorkDone DATA'!$L:$L,'[20]WorkDone DATA'!$N:$N,BOQ!AR$6,'[20]WorkDone DATA'!$G:$G,BOQ!$B44)*$G44","v":{"$error":"#VALUE!"}},{"$f":"SUMIFS('[20]WorkDone DATA'!$L:$L,'[20]WorkDone DATA'!$N:$N,BOQ!AS$6,'[20]WorkDone DATA'!$G:$G,BOQ!$B44)*$G44","v":{"$error":"#VALUE!"}},{"$f":"SUMIFS('[20]WorkDone DATA'!$L:$L,'[20]WorkDone DATA'!$N:$N,BOQ!AT$6,'[20]WorkDone DATA'!$G:$G,BOQ!$B44)*$G44","v":{"$error":"#VALUE!"}},{"$f":"SUMIFS('[20]WorkDone DATA'!$L:$L,'[20]WorkDone DATA'!$N:$N,BOQ!AU$6,'[20]WorkDone DATA'!$G:$G,BOQ!$B44)*$G44","v":{"$error":"#VALUE!"}},{"$f":"SUMIFS('[20]WorkDone DATA'!$L:$L,'[20]WorkDone DATA'!$N:$N,BOQ!AV$6,'[20]WorkDone DATA'!$G:$G,BOQ!$B44)*$G44","v":{"$error":"#VALUE!"}},{"$f":"SUMIFS('[20]WorkDone DATA'!$L:$L,'[20]WorkDone DATA'!$N:$N,BOQ!AW$6,'[20]WorkDone DATA'!$G:$G,BOQ!$B44)*$G44","v":{"$error":"#VALUE!"}},{"$f":"SUMIFS('[20]WorkDone DATA'!$L:$L,'[20]WorkDone DATA'!$N:$N,BOQ!AX$6,'[20]WorkDone DATA'!$G:$G,BOQ!$B44)*$G44","v":{"$error":"#VALUE!"}},{"$f":"SUMIFS('[20]WorkDone DATA'!$L:$L,'[20]WorkDone DATA'!$N:$N,BOQ!AY$6,'[20]WorkDone DATA'!$G:$G,BOQ!$B44)*$G44","v":{"$error":"#VALUE!"}},{"$f":"SUMIFS('[20]WorkDone DATA'!$L:$L,'[20]WorkDone DATA'!$N:$N,BOQ!AZ$6,'[20]WorkDone DATA'!$G:$G,BOQ!$B44)*$G44","v":{"$error":"#VALUE!"}},{"$f":"SUMIFS('[20]WorkDone DATA'!$L:$L,'[20]WorkDone DATA'!$N:$N,BOQ!BA$6,'[20]WorkDone DATA'!$G:$G,BOQ!$B44)*$G44","v":{"$error":"#VALUE!"}},{"$f":"SUMIFS('[20]WorkDone DATA'!$L:$L,'[20]WorkDone DATA'!$N:$N,BOQ!BB$6,'[20]WorkDone DATA'!$G:$G,BOQ!$B44)*$G44","v":{"$error":"#VALUE!"}},{"$f":"SUMIFS('[20]WorkDone DATA'!$L:$L,'[20]WorkDone DATA'!$N:$N,BOQ!BC$6,'[20]WorkDone DATA'!$G:$G,BOQ!$B44)*$G44","v":{"$error":"#VALUE!"}},{"$f":"SUMIFS('[20]WorkDone DATA'!$L:$L,'[20]WorkDone DATA'!$N:$N,BOQ!BD$6,'[20]WorkDone DATA'!$G:$G,BOQ!$B44)*$G44","v":{"$error":"#VALUE!"}},{"$f":"SUMIFS('[20]WorkDone DATA'!$L:$L,'[20]WorkDone DATA'!$N:$N,BOQ!BE$6,'[20]WorkDone DATA'!$G:$G,BOQ!$B44)*$G44","v":{"$error":"#VALUE!"}},{"$f":"SUMIFS('[20]WorkDone DATA'!$L:$L,'[20]WorkDone DATA'!$N:$N,BOQ!BF$6,'[20]WorkDone DATA'!$G:$G,BOQ!$B44)*$G44","v":{"$error":"#VALUE!"}},{"$f":"SUMIFS('[20]WorkDone DATA'!$L:$L,'[20]WorkDone DATA'!$N:$N,BOQ!BG$6,'[20]WorkDone DATA'!$G:$G,BOQ!$B44)*$G44","v":{"$error":"#VALUE!"}},{"$f":"SUMIFS('[20]WorkDone DATA'!$L:$L,'[20]WorkDone DATA'!$N:$N,BOQ!BH$6,'[20]WorkDone DATA'!$G:$G,BOQ!$B44)*$G44","v":{"$error":"#VALUE!"}},{"$f":"SUMIFS('[20]WorkDone DATA'!$L:$L,'[20]WorkDone DATA'!$N:$N,BOQ!BI$6,'[20]WorkDone DATA'!$G:$G,BOQ!$B44)*$G44","v":{"$error":"#VALUE!"}},{"$f":"SUMIFS('[20]WorkDone DATA'!$L:$L,'[20]WorkDone DATA'!$N:$N,BOQ!BJ$6,'[20]WorkDone DATA'!$G:$G,BOQ!$B44)*$G44","v":{"$error":"#VALUE!"}},{"$f":"SUMIFS('[20]WorkDone DATA'!$L:$L,'[20]WorkDone DATA'!$N:$N,BOQ!BK$6,'[20]WorkDone DATA'!$G:$G,BOQ!$B44)*$G44","v":{"$error":"#VALUE!"}},{"$f":"SUMIFS('[20]WorkDone DATA'!$L:$L,'[20]WorkDone DATA'!$N:$N,BOQ!BL$6,'[20]WorkDone DATA'!$G:$G,BOQ!$B44)*$G44","v":{"$error":"#VALUE!"}},{"$f":"SUMIFS('[20]WorkDone DATA'!$L:$L,'[20]WorkDone DATA'!$N:$N,BOQ!BM$6,'[20]WorkDone DATA'!$G:$G,BOQ!$B44)*$G44","v":{"$error":"#VALUE!"}},{"$f":"SUMIFS('[20]WorkDone DATA'!$L:$L,'[20]WorkDone DATA'!$N:$N,BOQ!BN$6,'[20]WorkDone DATA'!$G:$G,BOQ!$B44)*$G44","v":{"$error":"#VALUE!"}},{"$f":"SUMIFS('[20]WorkDone DATA'!$L:$L,'[20]WorkDone DATA'!$N:$N,BOQ!BO$6,'[20]WorkDone DATA'!$G:$G,BOQ!$B44)*$G44","v":{"$error":"#VALUE!"}},{"$f":"SUMIFS('[20]WorkDone DATA'!$L:$L,'[20]WorkDone DATA'!$N:$N,BOQ!BP$6,'[20]WorkDone DATA'!$G:$G,BOQ!$B44)*$G44","v":{"$error":"#VALUE!"}},{"$f":"SUMIFS('[20]WorkDone DATA'!$L:$L,'[20]WorkDone DATA'!$N:$N,BOQ!BQ$6,'[20]WorkDone DATA'!$G:$G,BOQ!$B44)*$G44","v":{"$error":"#VALUE!"}},{"$f":"SUMIFS('[20]WorkDone DATA'!$L:$L,'[20]WorkDone DATA'!$N:$N,BOQ!BR$6,'[20]WorkDone DATA'!$G:$G,BOQ!$B44)*$G44","v":{"$error":"#VALUE!"}},{"$f":"SUMIFS('[20]WorkDone DATA'!$L:$L,'[20]WorkDone DATA'!$N:$N,BOQ!BS$6,'[20]WorkDone DATA'!$G:$G,BOQ!$B44)*$G44","v":{"$error":"#VALUE!"}},{"$f":"SUMIFS('[20]WorkDone DATA'!$L:$L,'[20]WorkDone DATA'!$N:$N,BOQ!BT$6,'[20]WorkDone DATA'!$G:$G,BOQ!$B44)*$G44","v":{"$error":"#VALUE!"}},{"$f":"SUMIFS('[20]WorkDone DATA'!$L:$L,'[20]WorkDone DATA'!$N:$N,BOQ!BU$6,'[20]WorkDone DATA'!$G:$G,BOQ!$B44)*$G44","v":{"$error":"#VALUE!"}},{"$f":"SUMIFS('[20]WorkDone DATA'!$L:$L,'[20]WorkDone DATA'!$N:$N,BOQ!BV$6,'[20]WorkDone DATA'!$G:$G,BOQ!$B44)*$G44","v":{"$error":"#VALUE!"}},{"$f":"SUMIFS('[20]WorkDone DATA'!$L:$L,'[20]WorkDone DATA'!$N:$N,BOQ!BW$6,'[20]WorkDone DATA'!$G:$G,BOQ!$B44)*$G44","v":{"$error":"#VALUE!"}},{"$f":"SUMIFS('[20]WorkDone DATA'!$L:$L,'[20]WorkDone DATA'!$N:$N,BOQ!BX$6,'[20]WorkDone DATA'!$G:$G,BOQ!$B44)*$G44","v":{"$error":"#VALUE!"}}]
[null,null,"Terminate both ends on MV only",{"$nulls":4},0,{"$nulls":3},{"$error":"#VALUE!"},{"$error":"#VALUE!"},null,0,{"$error":"#VALUE!"},null,{"$f":"SUMIFS('[20]WorkDone DATA'!$L:$L,'[20]WorkDone DATA'!$N:$N,BOQ!S$6,'[20]WorkDone DATA'!$G:$G,BOQ!$B45)","v":{"$error":"#VALUE!"}},{"$error":"#VALUE!"},{"$f":"SUMIFS('[20]WorkDone DATA'!$L:$L,'[20]WorkDone DATA'!$N:$N,BOQ!U$6,'[20]WorkDone DATA'!$G:$G,BOQ!$B45)","v":{"$error":"#VALUE!"}},{"$error":"#VALUE!"},null,{"$f":"SUMIFS('[20]WorkDone DATA'!$L:$L,'[20]WorkDone DATA'!$N:$N,BOQ!W$6,'[20]WorkDone DATA'!$G:$G,BOQ!$B45)*$G45","v":{"$error":"#VALUE!"}},null,{"$f":"SUMIFS('[20]WorkDone DATA'!$L:$L,'[20]WorkDone DATA'!$N:$N,BOQ!Y$6,'[20]WorkDone DATA'!$G:$G,BOQ!$B45)*$G45","v":{"$error":"#VALUE!"}},null,{"$f":"SUMIFS('[20]WorkDone DATA'!$L:$L,'[20]WorkDone DATA'!$N:$N,BOQ!AA$6,'[20]WorkDone DATA'!$G:$G,BOQ!$B45)*$G45","v":{"$error":"#VALUE!"}},{"$f":"SUMIFS('[20]WorkDone DATA'!$L:$L,'[20]WorkDone DATA'!$N:$N,BOQ!AB$6,'[20]WorkDone DATA'!$G:$G,BOQ!$B45)*$G45","v":{"$error":"#VALUE!"}},{"$f":"SUMIFS('[20]WorkDone DATA'!$L:$L,'[20]WorkDone DATA'!$N:$N,BOQ!AC$6,'[20]WorkDone DATA'!$G:$G,BOQ!$B45)*$G45","v":{"$error":"#VALUE!"}},{"$f":"SUMIFS('[20]WorkDone DATA'!$L:$L,'[20]WorkDone DATA'!$N:$N,BOQ!AD$6,'[20]WorkDone DATA'!$G:$G,BOQ!$B45)*$G45","v":{"$error":"#VALUE!"}},{"$f":"SUMIFS('[20]WorkDone DATA'!$L:$L,'[20]WorkDone DATA'!$N:$N,BOQ!AE$6,'[20]WorkDone DATA'!$G:$G,BOQ!$B45)*$G45","v":{"$error":"#VALUE!"}},{"$f":"SUMIFS('[20]WorkDone DATA'!$L:$L,'[20]WorkDone DATA'!$N:$N,BOQ!AF$6,'[20]WorkDone DATA'!$G:$G,BOQ!$B45)*$G45","v":{"$error":"#VALUE!"}},{"$f":"SUMIFS('[20]WorkDone DATA'!$L:$L,'[20]WorkDone DATA'!$N:$N,BOQ!AG$6,'[20]WorkDone DATA'!$G:$G,BOQ!$B45)*$G45","v":{"$error":"#VALUE!"}},{"$f":"SUMIFS('[20]WorkDone DATA'!$L:$L,'[20]WorkDone DATA'!$N:$N,BOQ!AH$6,'[20]WorkDone DATA'!$G:$G,BOQ!$B45)*$G45","v":{"$error":"#VALUE!"}},{"$f":"SUMIFS('[20]WorkDone DATA'!$L:$L,'[20]WorkDone DATA'!$N:$N,BOQ!AI$6,'[20]WorkDone DATA'!$G:$G,BOQ!$B45)*$G45","v":{"$error":"#VALUE!"}},{"$f":"SUMIFS('[20]WorkDone DATA'!$L:$L,'[20]WorkDone DATA'!$N:$N,BOQ!AJ$6,'[20]WorkDone DATA'!$G:$G,BOQ!$B45)*$G45","v":{"$error":"#VALUE!"}},{"$f":"SUMIFS('[20]WorkDone DATA'!$L:$L,'[20]WorkDone DATA'!$N:$N,BOQ!AK$6,'[20]WorkDone DATA'!$G:$G,BOQ!$B45)*$G45","v":{"$error":"#VALUE!"}},{"$f":"SUMIFS('[20]WorkDone DATA'!$L:$L,'[20]WorkDone DATA'!$N:$N,BOQ!AL$6,'[20]WorkDone DATA'!$G:$G,BOQ!$B45)*$G45","v":{"$error":"#VALUE!"}},{"$f":"SUMIFS('[20]WorkDone DATA'!$L:$L,'[20]WorkDone DATA'!$N:$N,BOQ!AM$6,'[20]WorkDone DATA'!$G:$G,BOQ!$B45)*$G45","v":{"$error":"#VALUE!"}},{"$f":"SUMIFS('[20]WorkDone DATA'!$L:$L,'[20]WorkDone DATA'!$N:$N,BOQ!AN$6,'[20]WorkDone DATA'!$G:$G,BOQ!$B45)*$G45","v":{"$error":"#VALUE!"}},{"$f":"SUMIFS('[20]WorkDone DATA'!$L:$L,'[20]WorkDone DATA'!$N:$N,BOQ!AO$6,'[20]WorkDone DATA'!$G:$G,BOQ!$B45)*$G45","v":{"$error":"#VALUE!"}},{"$f":"SUMIFS('[20]WorkDone DATA'!$L:$L,'[20]WorkDone DATA'!$N:$N,BOQ!AP$6,'[20]WorkDone DATA'!$G:$G,BOQ!$B45)*$G45","v":{"$error":"#VALUE!"}},{"$f":"SUMIFS('[20]WorkDone DATA'!$L:$L,'[20]WorkDone DATA'!$N:$N,BOQ!AQ$6,'[20]WorkDone DATA'!$G:$G,BOQ!$B45)*$G45","v":{"$error":"#VALUE!"}},{"$f":"SUMIFS('[20]WorkDone DATA'!$L:$L,'[20]WorkDone DATA'!$N:$N,BOQ!AR$6,'[20]WorkDone DATA'!$G:$G,BOQ!$B45)*$G45","v":{"$error":"#VALUE!"}},{"$f":"SUMIFS('[20]WorkDone DATA'!$L:$L,'[20]WorkDone DATA'!$N:$N,BOQ!AS$6,'[20]WorkDone DATA'!$G:$G,BOQ!$B45)*$G45","v":{"$error":"#VALUE!"}},{"$f":"SUMIFS('[20]WorkDone DATA'!$L:$L,'[20]WorkDone DATA'!$N:$N,BOQ!AT$6,'[20]WorkDone DATA'!$G:$G,BOQ!$B45)*$G45","v":{"$error":"#VALUE!"}},{"$f":"SUMIFS('[20]WorkDone DATA'!$L:$L,'[20]WorkDone DATA'!$N:$N,BOQ!AU$6,'[20]WorkDone DATA'!$G:$G,BOQ!$B45)*$G45","v":{"$error":"#VALUE!"}},{"$f":"SUMIFS('[20]WorkDone DATA'!$L:$L,'[20]WorkDone DATA'!$N:$N,BOQ!AV$6,'[20]WorkDone DATA'!$G:$G,BOQ!$B45)*$G45","v":{"$error":"#VALUE!"}},{"$f":"SUMIFS('[20]WorkDone DATA'!$L:$L,'[20]WorkDone DATA'!$N:$N,BOQ!AW$6,'[20]WorkDone DATA'!$G:$G,BOQ!$B45)*$G45","v":{"$error":"#VALUE!"}},{"$f":"SUMIFS('[20]WorkDone DATA'!$L:$L,'[20]WorkDone DATA'!$N:$N,BOQ!AX$6,'[20]WorkDone DATA'!$G:$G,BOQ!$B45)*$G45","v":{"$error":"#VALUE!"}},{"$f":"SUMIFS('[20]WorkDone DATA'!$L:$L,'[20]WorkDone DATA'!$N:$N,BOQ!AY$6,'[20]WorkDone DATA'!$G:$G,BOQ!$B45)*$G45","v":{"$error":"#VALUE!"}},{"$f":"SUMIFS('[20]WorkDone DATA'!$L:$L,'[20]WorkDone DATA'!$N:$N,BOQ!AZ$6,'[20]WorkDone DATA'!$G:$G,BOQ!$B45)*$G45","v":{"$error":"#VALUE!"}},{"$f":"SUMIFS('[20]WorkDone DATA'!$L:$L,'[20]WorkDone DATA'!$N:$N,BOQ!BA$6,'[20]WorkDone DATA'!$G:$G,BOQ!$B45)*$G45","v":{"$error":"#VALUE!"}},{"$f":"SUMIFS('[20]WorkDone DATA'!$L:$L,'[20]WorkDone DATA'!$N:$N,BOQ!BB$6,'[20]WorkDone DATA'!$G:$G,BOQ!$B45)*$G45","v":{"$error":"#VALUE!"}},{"$f":"SUMIFS('[20]WorkDone DATA'!$L:$L,'[20]WorkDone DATA'!$N:$N,BOQ!BC$6,'[20]WorkDone DATA'!$G:$G,BOQ!$B45)*$G45","v":{"$error":"#VALUE!"}},{"$f":"SUMIFS('[20]WorkDone DATA'!$L:$L,'[20]WorkDone DATA'!$N:$N,BOQ!BD$6,'[20]WorkDone DATA'!$G:$G,BOQ!$B45)*$G45","v":{"$error":"#VALUE!"}},{"$f":"SUMIFS('[20]WorkDone DATA'!$L:$L,'[20]WorkDone DATA'!$N:$N,BOQ!BE$6,'[20]WorkDone DATA'!$G:$G,BOQ!$B45)*$G45","v":{"$error":"#VALUE!"}},{"$f":"SUMIFS('[20]WorkDone DATA'!$L:$L,'[20]WorkDone DATA'!$N:$N,BOQ!BF$6,'[20]WorkDone DATA'!$G:$G,BOQ!$B45)*$G45","v":{"$error":"#VALUE!"}},{"$f":"SUMIFS('[20]WorkDone DATA'!$L:$L,'[20]WorkDone DATA'!$N:$N,BOQ!BG$6,'[20]WorkDone DATA'!$G:$G,BOQ!$B45)*$G45","v":{"$error":"#VALUE!"}},{"$f":"SUMIFS('[20]WorkDone DATA'!$L:$L,'[20]WorkDone DATA'!$N:$N,BOQ!BH$6,'[20]WorkDone DATA'!$G:$G,BOQ!$B45)*$G45","v":{"$error":"#VALUE!"}},{"$f":"SUMIFS('[20]WorkDone DATA'!$L:$L,'[20]WorkDone DATA'!$N:$N,BOQ!BI$6,'[20]WorkDone DATA'!$G:$G,BOQ!$B45)*$G45","v":{"$error":"#VALUE!"}},{"$f":"SUMIFS('[20]WorkDone DATA'!$L:$L,'[20]WorkDone DATA'!$N:$N,BOQ!BJ$6,'[20]WorkDone DATA'!$G:$G,BOQ!$B45)*$G45","v":{"$error":"#VALUE!"}},{"$f":"SUMIFS('[20]WorkDone DATA'!$L:$L,'[20]WorkDone DATA'!$N:$N,BOQ!BK$6,'[20]WorkDone DATA'!$G:$G,BOQ!$B45)*$G45","v":{"$error":"#VALUE!"}},{"$f":"SUMIFS('[20]WorkDone DATA'!$L:$L,'[20]WorkDone DATA'!$N:$N,BOQ!BL$6,'[20]WorkDone DATA'!$G:$G,BOQ!$B45)*$G45","v":{"$error":"#VALUE!"}},{"$f":"SUMIFS('[20]WorkDone DATA'!$L:$L,'[20]WorkDone DATA'!$N:$N,BOQ!BM$6,'[20]WorkDone DATA'!$G:$G,BOQ!$B45)*$G45","v":{"$error":"#VALUE!"}},{"$f":"SUMIFS('[20]WorkDone DATA'!$L:$L,'[20]WorkDone DATA'!$N:$N,BOQ!BN$6,'[20]WorkDone DATA'!$G:$G,BOQ!$B45)*$G45","v":{"$error":"#VALUE!"}},{"$f":"SUMIFS('[20]WorkDone DATA'!$L:$L,'[20]WorkDone DATA'!$N:$N,BOQ!BO$6,'[20]WorkDone DATA'!$G:$G,BOQ!$B45)*$G45","v":{"$error":"#VALUE!"}},{"$f":"SUMIFS('[20]WorkDone DATA'!$L:$L,'[20]WorkDone DATA'!$N:$N,BOQ!BP$6,'[20]WorkDone DATA'!$G:$G,BOQ!$B45)*$G45","v":{"$error":"#VALUE!"}},{"$f":"SUMIFS('[20]WorkDone DATA'!$L:$L,'[20]WorkDone DATA'!$N:$N,BOQ!BQ$6,'[20]WorkDone DATA'!$G:$G,BOQ!$B45)*$G45","v":{"$error":"#VALUE!"}},{"$f":"SUMIFS('[20]WorkDone DATA'!$L:$L,'[20]WorkDone DATA'!$N:$N,BOQ!BR$6,'[20]WorkDone DATA'!$G:$G,BOQ!$B45)*$G45","v":{"$error":"#VALUE!"}},{"$f":"SUMIFS('[20]WorkDone DATA'!$L:$L,'[20]WorkDone DATA'!$N:$N,BOQ!BS$6,'[20]WorkDone DATA'!$G:$G,BOQ!$B45)*$G45","v":{"$error":"#VALUE!"}},{"$f":"SUMIFS('[20]WorkDone DATA'!$L:$L,'[20]WorkDone DATA'!$N:$N,BOQ!BT$6,'[20]WorkDone DATA'!$G:$G,BOQ!$B45)*$G45","v":{"$error":"#VALUE!"}},{"$f":"SUMIFS('[20]WorkDone DATA'!$L:$L,'[20]WorkDone DATA'!$N:$N,BOQ!BU$6,'[20]WorkDone DATA'!$G:$G,BOQ!$B45)*$G45","v":{"$error":"#VALUE!"}},{"$f":"SUMIFS('[20]WorkDone DATA'!$L:$L,'[20]WorkDone DATA'!$N:$N,BOQ!BV$6,'[20]WorkDone DATA'!$G:$G,BOQ!$B45)*$G45","v":{"$error":"#VALUE!"}},{"$f":"SUMIFS('[20]WorkDone DATA'!$L:$L,'[20]WorkDone DATA'!$N:$N,BOQ!BW$6,'[20]WorkDone DATA'!$G:$G,BOQ!$B45)*$G45","v":{"$error":"#VALUE!"}},{"$f":"SUMIFS('[20]WorkDone DATA'!$L:$L,'[20]WorkDone DATA'!$N:$N,BOQ!BX$6,'[20]WorkDone DATA'!$G:$G,BOQ!$B45)*$G45","v":{"$error":"#VALUE!"}}]
[null,null,"500mm2 x 1 core (EXX01WCV) 6.35kV/11kV  ",{"$nulls":4},0,{"$nulls":3},{"$error":"#VALUE!"},{"$error":"#VALUE!"},null,0,{"$error":"#VALUE!"},null,{"$f":"SUMIFS('[20]WorkDone DATA'!$L:$L,'[20]WorkDone DATA'!$N:$N,BOQ!S$6,'[20]WorkDone DATA'!$G:$G,BOQ!$B46)","v":{"$error":"#VALUE!"}},{"$error":"#VALUE!"},{"$f":"SUMIFS('[20]WorkDone DATA'!$L:$L,'[20]WorkDone DATA'!$N:$N,BOQ!U$6,'[20]WorkDone DATA'!$G:$G,BOQ!$B46)","v":{"$error":"#VALUE!"}},{"$error":"#VALUE!"},null,{"$f":"SUMIFS('[20]WorkDone DATA'!$L:$L,'[20]WorkDone DATA'!$N:$N,BOQ!W$6,'[20]WorkDone DATA'!$G:$G,BOQ!$B46)*$G46","v":{"$error":"#VALUE!"}},null,{"$f":"SUMIFS('[20]WorkDone DATA'!$L:$L,'[20]WorkDone DATA'!$N:$N,BOQ!Y$6,'[20]WorkDone DATA'!$G:$G,BOQ!$B46)*$G46","v":{"$error":"#VALUE!"}},null,{"$f":"SUMIFS('[20]WorkDone DATA'!$L:$L,'[20]WorkDone DATA'!$N:$N,BOQ!AA$6,'[20]WorkDone DATA'!$G:$G,BOQ!$B46)*$G46","v":{"$error":"#VALUE!"}},{"$f":"SUMIFS('[20]WorkDone DATA'!$L:$L,'[20]WorkDone DATA'!$N:$N,BOQ!AB$6,'[20]WorkDone DATA'!$G:$G,BOQ!$B46)*$G46","v":{"$error":"#VALUE!"}},{"$f":"SUMIFS('[20]WorkDone DATA'!$L:$L,'[20]WorkDone DATA'!$N:$N,BOQ!AC$6,'[20]WorkDone DATA'!$G:$G,BOQ!$B46)*$G46","v":{"$error":"#VALUE!"}},{"$f":"SUMIFS('[20]WorkDone DATA'!$L:$L,'[20]WorkDone DATA'!$N:$N,BOQ!AD$6,'[20]WorkDone DATA'!$G:$G,BOQ!$B46)*$G46","v":{"$error":"#VALUE!"}},{"$f":"SUMIFS('[20]WorkDone DATA'!$L:$L,'[20]WorkDone DATA'!$N:$N,BOQ!AE$6,'[20]WorkDone DATA'!$G:$G,BOQ!$B46)*$G46","v":{"$error":"#VALUE!"}},{"$f":"SUMIFS('[20]WorkDone DATA'!$L:$L,'[20]WorkDone DATA'!$N:$N,BOQ!AF$6,'[20]WorkDone DATA'!$G:$G,BOQ!$B46)*$G46","v":{"$error":"#VALUE!"}},{"$f":"SUMIFS('[20]WorkDone DATA'!$L:$L,'[20]WorkDone DATA'!$N:$N,BOQ!AG$6,'[20]WorkDone DATA'!$G:$G,BOQ!$B46)*$G46","v":{"$error":"#VALUE!"}},{"$f":"SUMIFS('[20]WorkDone DATA'!$L:$L,'[20]WorkDone DATA'!$N:$N,BOQ!AH$6,'[20]WorkDone DATA'!$G:$G,BOQ!$B46)*$G46","v":{"$error":"#VALUE!"}},{"$f":"SUMIFS('[20]WorkDone DATA'!$L:$L,'[20]WorkDone DATA'!$N:$N,BOQ!AI$6,'[20]WorkDone DATA'!$G:$G,BOQ!$B46)*$G46","v":{"$error":"#VALUE!"}},{"$f":"SUMIFS('[20]WorkDone DATA'!$L:$L,'[20]WorkDone DATA'!$N:$N,BOQ!AJ$6,'[20]WorkDone DATA'!$G:$G,BOQ!$B46)*$G46","v":{"$error":"#VALUE!"}},{"$f":"SUMIFS('[20]WorkDone DATA'!$L:$L,'[20]WorkDone DATA'!$N:$N,BOQ!AK$6,'[20]WorkDone DATA'!$G:$G,BOQ!$B46)*$G46","v":{"$error":"#VALUE!"}},{"$f":"SUMIFS('[20]WorkDone DATA'!$L:$L,'[20]WorkDone DATA'!$N:$N,BOQ!AL$6,'[20]WorkDone DATA'!$G:$G,BOQ!$B46)*$G46","v":{"$error":"#VALUE!"}},{"$f":"SUMIFS('[20]WorkDone DATA'!$L:$L,'[20]WorkDone DATA'!$N:$N,BOQ!AM$6,'[20]WorkDone DATA'!$G:$G,BOQ!$B46)*$G46","v":{"$error":"#VALUE!"}},{"$f":"SUMIFS('[20]WorkDone DATA'!$L:$L,'[20]WorkDone DATA'!$N:$N,BOQ!AN$6,'[20]WorkDone DATA'!$G:$G,BOQ!$B46)*$G46","v":{"$error":"#VALUE!"}},{"$f":"SUMIFS('[20]WorkDone DATA'!$L:$L,'[20]WorkDone DATA'!$N:$N,BOQ!AO$6,'[20]WorkDone DATA'!$G:$G,BOQ!$B46)*$G46","v":{"$error":"#VALUE!"}},{"$f":"SUMIFS('[20]WorkDone DATA'!$L:$L,'[20]WorkDone DATA'!$N:$N,BOQ!AP$6,'[20]WorkDone DATA'!$G:$G,BOQ!$B46)*$G46","v":{"$error":"#VALUE!"}},{"$f":"SUMIFS('[20]WorkDone DATA'!$L:$L,'[20]WorkDone DATA'!$N:$N,BOQ!AQ$6,'[20]WorkDone DATA'!$G:$G,BOQ!$B46)*$G46","v":{"$error":"#VALUE!"}},{"$f":"SUMIFS('[20]WorkDone DATA'!$L:$L,'[20]WorkDone DATA'!$N:$N,BOQ!AR$6,'[20]WorkDone DATA'!$G:$G,BOQ!$B46)*$G46","v":{"$error":"#VALUE!"}},{"$f":"SUMIFS('[20]WorkDone DATA'!$L:$L,'[20]WorkDone DATA'!$N:$N,BOQ!AS$6,'[20]WorkDone DATA'!$G:$G,BOQ!$B46)*$G46","v":{"$error":"#VALUE!"}},{"$f":"SUMIFS('[20]WorkDone DATA'!$L:$L,'[20]WorkDone DATA'!$N:$N,BOQ!AT$6,'[20]WorkDone DATA'!$G:$G,BOQ!$B46)*$G46","v":{"$error":"#VALUE!"}},{"$f":"SUMIFS('[20]WorkDone DATA'!$L:$L,'[20]WorkDone DATA'!$N:$N,BOQ!AU$6,'[20]WorkDone DATA'!$G:$G,BOQ!$B46)*$G46","v":{"$error":"#VALUE!"}},{"$f":"SUMIFS('[20]WorkDone DATA'!$L:$L,'[20]WorkDone DATA'!$N:$N,BOQ!AV$6,'[20]WorkDone DATA'!$G:$G,BOQ!$B46)*$G46","v":{"$error":"#VALUE!"}},{"$f":"SUMIFS('[20]WorkDone DATA'!$L:$L,'[20]WorkDone DATA'!$N:$N,BOQ!AW$6,'[20]WorkDone DATA'!$G:$G,BOQ!$B46)*$G46","v":{"$error":"#VALUE!"}},{"$f":"SUMIFS('[20]WorkDone DATA'!$L:$L,'[20]WorkDone DATA'!$N:$N,BOQ!AX$6,'[20]WorkDone DATA'!$G:$G,BOQ!$B46)*$G46","v":{"$error":"#VALUE!"}},{"$f":"SUMIFS('[20]WorkDone DATA'!$L:$L,'[20]WorkDone DATA'!$N:$N,BOQ!AY$6,'[20]WorkDone DATA'!$G:$G,BOQ!$B46)*$G46","v":{"$error":"#VALUE!"}},{"$f":"SUMIFS('[20]WorkDone DATA'!$L:$L,'[20]WorkDone DATA'!$N:$N,BOQ!AZ$6,'[20]WorkDone DATA'!$G:$G,BOQ!$B46)*$G46","v":{"$error":"#VALUE!"}},{"$f":"SUMIFS('[20]WorkDone DATA'!$L:$L,'[20]WorkDone DATA'!$N:$N,BOQ!BA$6,'[20]WorkDone DATA'!$G:$G,BOQ!$B46)*$G46","v":{"$error":"#VALUE!"}},{"$f":"SUMIFS('[20]WorkDone DATA'!$L:$L,'[20]WorkDone DATA'!$N:$N,BOQ!BB$6,'[20]WorkDone DATA'!$G:$G,BOQ!$B46)*$G46","v":{"$error":"#VALUE!"}},{"$f":"SUMIFS('[20]WorkDone DATA'!$L:$L,'[20]WorkDone DATA'!$N:$N,BOQ!BC$6,'[20]WorkDone DATA'!$G:$G,BOQ!$B46)*$G46","v":{"$error":"#VALUE!"}},{"$f":"SUMIFS('[20]WorkDone DATA'!$L:$L,'[20]WorkDone DATA'!$N:$N,BOQ!BD$6,'[20]WorkDone DATA'!$G:$G,BOQ!$B46)*$G46","v":{"$error":"#VALUE!"}},{"$f":"SUMIFS('[20]WorkDone DATA'!$L:$L,'[20]WorkDone DATA'!$N:$N,BOQ!BE$6,'[20]WorkDone DATA'!$G:$G,BOQ!$B46)*$G46","v":{"$error":"#VALUE!"}},{"$f":"SUMIFS('[20]WorkDone DATA'!$L:$L,'[20]WorkDone DATA'!$N:$N,BOQ!BF$6,'[20]WorkDone DATA'!$G:$G,BOQ!$B46)*$G46","v":{"$error":"#VALUE!"}},{"$f":"SUMIFS('[20]WorkDone DATA'!$L:$L,'[20]WorkDone DATA'!$N:$N,BOQ!BG$6,'[20]WorkDone DATA'!$G:$G,BOQ!$B46)*$G46","v":{"$error":"#VALUE!"}},{"$f":"SUMIFS('[20]WorkDone DATA'!$L:$L,'[20]WorkDone DATA'!$N:$N,BOQ!BH$6,'[20]WorkDone DATA'!$G:$G,BOQ!$B46)*$G46","v":{"$error":"#VALUE!"}},{"$f":"SUMIFS('[20]WorkDone DATA'!$L:$L,'[20]WorkDone DATA'!$N:$N,BOQ!BI$6,'[20]WorkDone DATA'!$G:$G,BOQ!$B46)*$G46","v":{"$error":"#VALUE!"}},{"$f":"SUMIFS('[20]WorkDone DATA'!$L:$L,'[20]WorkDone DATA'!$N:$N,BOQ!BJ$6,'[20]WorkDone DATA'!$G:$G,BOQ!$B46)*$G46","v":{"$error":"#VALUE!"}},{"$f":"SUMIFS('[20]WorkDone DATA'!$L:$L,'[20]WorkDone DATA'!$N:$N,BOQ!BK$6,'[20]WorkDone DATA'!$G:$G,BOQ!$B46)*$G46","v":{"$error":"#VALUE!"}},{"$f":"SUMIFS('[20]WorkDone DATA'!$L:$L,'[20]WorkDone DATA'!$N:$N,BOQ!BL$6,'[20]WorkDone DATA'!$G:$G,BOQ!$B46)*$G46","v":{"$error":"#VALUE!"}},{"$f":"SUMIFS('[20]WorkDone DATA'!$L:$L,'[20]WorkDone DATA'!$N:$N,BOQ!BM$6,'[20]WorkDone DATA'!$G:$G,BOQ!$B46)*$G46","v":{"$error":"#VALUE!"}},{"$f":"SUMIFS('[20]WorkDone DATA'!$L:$L,'[20]WorkDone DATA'!$N:$N,BOQ!BN$6,'[20]WorkDone DATA'!$G:$G,BOQ!$B46)*$G46","v":{"$error":"#VALUE!"}},{"$f":"SUMIFS('[20]WorkDone DATA'!$L:$L,'[20]WorkDone DATA'!$N:$N,BOQ!BO$6,'[20]WorkDone DATA'!$G:$G,BOQ!$B46)*$G46","v":{"$error":"#VALUE!"}},{"$f":"SUMIFS('[20]WorkDone DATA'!$L:$L,'[20]WorkDone DATA'!$N:$N,BOQ!BP$6,'[20]WorkDone DATA'!$G:$G,BOQ!$B46)*$G46","v":{"$error":"#VALUE!"}},{"$f":"SUMIFS('[20]WorkDone DATA'!$L:$L,'[20]WorkDone DATA'!$N:$N,BOQ!BQ$6,'[20]WorkDone DATA'!$G:$G,BOQ!$B46)*$G46","v":{"$error":"#VALUE!"}},{"$f":"SUMIFS('[20]WorkDone DATA'!$L:$L,'[20]WorkDone DATA'!$N:$N,BOQ!BR$6,'[20]WorkDone DATA'!$G:$G,BOQ!$B46)*$G46","v":{"$error":"#VALUE!"}},{"$f":"SUMIFS('[20]WorkDone DATA'!$L:$L,'[20]WorkDone DATA'!$N:$N,BOQ!BS$6,'[20]WorkDone DATA'!$G:$G,BOQ!$B46)*$G46","v":{"$error":"#VALUE!"}},{"$f":"SUMIFS('[20]WorkDone DATA'!$L:$L,'[20]WorkDone DATA'!$N:$N,BOQ!BT$6,'[20]WorkDone DATA'!$G:$G,BOQ!$B46)*$G46","v":{"$error":"#VALUE!"}},{"$f":"SUMIFS('[20]WorkDone DATA'!$L:$L,'[20]WorkDone DATA'!$N:$N,BOQ!BU$6,'[20]WorkDone DATA'!$G:$G,BOQ!$B46)*$G46","v":{"$error":"#VALUE!"}},{"$f":"SUMIFS('[20]WorkDone DATA'!$L:$L,'[20]WorkDone DATA'!$N:$N,BOQ!BV$6,'[20]WorkDone DATA'!$G:$G,BOQ!$B46)*$G46","v":{"$error":"#VALUE!"}},{"$f":"SUMIFS('[20]WorkDone DATA'!$L:$L,'[20]WorkDone DATA'!$N:$N,BOQ!BW$6,'[20]WorkDone DATA'!$G:$G,BOQ!$B46)*$G46","v":{"$error":"#VALUE!"}},{"$f":"SUMIFS('[20]WorkDone DATA'!$L:$L,'[20]WorkDone DATA'!$N:$N,BOQ!BX$6,'[20]WorkDone DATA'!$G:$G,BOQ!$B46)*$G46","v":{"$error":"#VALUE!"}}]
[{"$f":"C46","v":"500mm2 x 1 core (EXX01WCV) 6.35kV/11kV  "},2.019,"Supply","E","set",1458,{"v":6766.19,"d":"6,766.19"},{"v":9865105.02,"d":"9,865,105.02"},null,null,{"$error":"#VALUE!"},{"$error":"#VALUE!"},{"$error":"#VALUE!"},null,{"$error":"#VALUE!"},{"$error":"#VALUE!"},null,{"$f":"SUMIFS('[20]WorkDone DATA'!$L:$L,'[20]WorkDone DATA'!$N:$N,BOQ!S$6,'[20]WorkDone DATA'!$G:$G,BOQ!$B47)","v":{"$error":"#VALUE!"}},{"$error":"#VALUE!"},{"$f":"SUMIFS('[20]WorkDone DATA'!$L:$L,'[20]WorkDone DATA'!$N:$N,BOQ!U$6,'[20]WorkDone DATA'!$G:$G,BOQ!$B47)","v":{"$error":"#VALUE!"}},{"$error":"#VALUE!"},null,{"$f":"SUMIFS('[20]WorkDone DATA'!$L:$L,'[20]WorkDone DATA'!$N:$N,BOQ!W$6,'[20]WorkDone DATA'!$G:$G,BOQ!$B47)*$G47","v":{"$error":"#VALUE!"}},null,{"$f":"SUMIFS('[20]WorkDone DATA'!$L:$L,'[20]WorkDone DATA'!$N:$N,BOQ!Y$6,'[20]WorkDone DATA'!$G:$G,BOQ!$B47)*$G47","v":{"$error":"#VALUE!"}},null,{"$f":"SUMIFS('[20]WorkDone DATA'!$L:$L,'[20]WorkDone DATA'!$N:$N,BOQ!AA$6,'[20]WorkDone DATA'!$G:$G,BOQ!$B47)*$G47","v":{"$error":"#VALUE!"}},{"$f":"SUMIFS('[20]WorkDone DATA'!$L:$L,'[20]WorkDone DATA'!$N:$N,BOQ!AB$6,'[20]WorkDone DATA'!$G:$G,BOQ!$B47)*$G47","v":{"$error":"#VALUE!"}},{"$f":"SUMIFS('[20]WorkDone DATA'!$L:$L,'[20]WorkDone DATA'!$N:$N,BOQ!AC$6,'[20]WorkDone DATA'!$G:$G,BOQ!$B47)*$G47","v":{"$error":"#VALUE!"}},{"$f":"SUMIFS('[20]WorkDone DATA'!$L:$L,'[20]WorkDone DATA'!$N:$N,BOQ!AD$6,'[20]WorkDone DATA'!$G:$G,BOQ!$B47)*$G47","v":{"$error":"#VALUE!"}},{"$f":"SUMIFS('[20]WorkDone DATA'!$L:$L,'[20]WorkDone DATA'!$N:$N,BOQ!AE$6,'[20]WorkDone DATA'!$G:$G,BOQ!$B47)*$G47","v":{"$error":"#VALUE!"}},{"$f":"SUMIFS('[20]WorkDone DATA'!$L:$L,'[20]WorkDone DATA'!$N:$N,BOQ!AF$6,'[20]WorkDone DATA'!$G:$G,BOQ!$B47)*$G47","v":{"$error":"#VALUE!"}},{"$f":"SUMIFS('[20]WorkDone DATA'!$L:$L,'[20]WorkDone DATA'!$N:$N,BOQ!AG$6,'[20]WorkDone DATA'!$G:$G,BOQ!$B47)*$G47","v":{"$error":"#VALUE!"}},{"$f":"SUMIFS('[20]WorkDone DATA'!$L:$L,'[20]WorkDone DATA'!$N:$N,BOQ!AH$6,'[20]WorkDone DATA'!$G:$G,BOQ!$B47)*$G47","v":{"$error":"#VALUE!"}},{"$f":"SUMIFS('[20]WorkDone DATA'!$L:$L,'[20]WorkDone DATA'!$N:$N,BOQ!AI$6,'[20]WorkDone DATA'!$G:$G,BOQ!$B47)*$G47","v":{"$error":"#VALUE!"}},{"$f":"SUMIFS('[20]WorkDone DATA'!$L:$L,'[20]WorkDone DATA'!$N:$N,BOQ!AJ$6,'[20]WorkDone DATA'!$G:$G,BOQ!$B47)*$G47","v":{"$error":"#VALUE!"}},{"$f":"SUMIFS('[20]WorkDone DATA'!$L:$L,'[20]WorkDone DATA'!$N:$N,BOQ!AK$6,'[20]WorkDone DATA'!$G:$G,BOQ!$B47)*$G47","v":{"$error":"#VALUE!"}},{"$f":"SUMIFS('[20]WorkDone DATA'!$L:$L,'[20]WorkDone DATA'!$N:$N,BOQ!AL$6,'[20]WorkDone DATA'!$G:$G,BOQ!$B47)*$G47","v":{"$error":"#VALUE!"}},{"$f":"SUMIFS('[20]WorkDone DATA'!$L:$L,'[20]WorkDone DATA'!$N:$N,BOQ!AM$6,'[20]WorkDone DATA'!$G:$G,BOQ!$B47)*$G47","v":{"$error":"#VALUE!"}},{"$f":"SUMIFS('[20]WorkDone DATA'!$L:$L,'[20]WorkDone DATA'!$N:$N,BOQ!AN$6,'[20]WorkDone DATA'!$G:$G,BOQ!$B47)*$G47","v":{"$error":"#VALUE!"}},{"$f":"SUMIFS('[20]WorkDone DATA'!$L:$L,'[20]WorkDone DATA'!$N:$N,BOQ!AO$6,'[20]WorkDone DATA'!$G:$G,BOQ!$B47)*$G47","v":{"$error":"#VALUE!"}},{"$f":"SUMIFS('[20]WorkDone DATA'!$L:$L,'[20]WorkDone DATA'!$N:$N,BOQ!AP$6,'[20]WorkDone DATA'!$G:$G,BOQ!$B47)*$G47","v":{"$error":"#VALUE!"}},{"$f":"SUMIFS('[20]WorkDone DATA'!$L:$L,'[20]WorkDone DATA'!$N:$N,BOQ!AQ$6,'[20]WorkDone DATA'!$G:$G,BOQ!$B47)*$G47","v":{"$error":"#VALUE!"}},{"$f":"SUMIFS('[20]WorkDone DATA'!$L:$L,'[20]WorkDone DATA'!$N:$N,BOQ!AR$6,'[20]WorkDone DATA'!$G:$G,BOQ!$B47)*$G47","v":{"$error":"#VALUE!"}},{"$f":"SUMIFS('[20]WorkDone DATA'!$L:$L,'[20]WorkDone DATA'!$N:$N,BOQ!AS$6,'[20]WorkDone DATA'!$G:$G,BOQ!$B47)*$G47","v":{"$error":"#VALUE!"}},{"$f":"SUMIFS('[20]WorkDone DATA'!$L:$L,'[20]WorkDone DATA'!$N:$N,BOQ!AT$6,'[20]WorkDone DATA'!$G:$G,BOQ!$B47)*$G47","v":{"$error":"#VALUE!"}},{"$f":"SUMIFS('[20]WorkDone DATA'!$L:$L,'[20]WorkDone DATA'!$N:$N,BOQ!AU$6,'[20]WorkDone DATA'!$G:$G,BOQ!$B47)*$G47","v":{"$error":"#VALUE!"}},{"$f":"SUMIFS('[20]WorkDone DATA'!$L:$L,'[20]WorkDone DATA'!$N:$N,BOQ!AV$6,'[20]WorkDone DATA'!$G:$G,BOQ!$B47)*$G47","v":{"$error":"#VALUE!"}},{"$f":"SUMIFS('[20]WorkDone DATA'!$L:$L,'[20]WorkDone DATA'!$N:$N,BOQ!AW$6,'[20]WorkDone DATA'!$G:$G,BOQ!$B47)*$G47","v":{"$error":"#VALUE!"}},{"$f":"SUMIFS('[20]WorkDone DATA'!$L:$L,'[20]WorkDone DATA'!$N:$N,BOQ!AX$6,'[20]WorkDone DATA'!$G:$G,BOQ!$B47)*$G47","v":{"$error":"#VALUE!"}},{"$f":"SUMIFS('[20]WorkDone DATA'!$L:$L,'[20]WorkDone DATA'!$N:$N,BOQ!AY$6,'[20]WorkDone DATA'!$G:$G,BOQ!$B47)*$G47","v":{"$error":"#VALUE!"}},{"$f":"SUMIFS('[20]WorkDone DATA'!$L:$L,'[20]WorkDone DATA'!$N:$N,BOQ!AZ$6,'[20]WorkDone DATA'!$G:$G,BOQ!$B47)*$G47","v":{"$error":"#VALUE!"}},{"$f":"SUMIFS('[20]WorkDone DATA'!$L:$L,'[20]WorkDone DATA'!$N:$N,BOQ!BA$6,'[20]WorkDone DATA'!$G:$G,BOQ!$B47)*$G47","v":{"$error":"#VALUE!"}},{"$f":"SUMIFS('[20]WorkDone DATA'!$L:$L,'[20]WorkDone DATA'!$N:$N,BOQ!BB$6,'[20]WorkDone DATA'!$G:$G,BOQ!$B47)*$G47","v":{"$error":"#VALUE!"}},{"$f":"SUMIFS('[20]WorkDone DATA'!$L:$L,'[20]WorkDone DATA'!$N:$N,BOQ!BC$6,'[20]WorkDone DATA'!$G:$G,BOQ!$B47)*$G47","v":{"$error":"#VALUE!"}},{"$f":"SUMIFS('[20]WorkDone DATA'!$L:$L,'[20]WorkDone DATA'!$N:$N,BOQ!BD$6,'[20]WorkDone DATA'!$G:$G,BOQ!$B47)*$G47","v":{"$error":"#VALUE!"}},{"$f":"SUMIFS('[20]WorkDone DATA'!$L:$L,'[20]WorkDone DATA'!$N:$N,BOQ!BE$6,'[20]WorkDone DATA'!$G:$G,BOQ!$B47)*$G47","v":{"$error":"#VALUE!"}},{"$f":"SUMIFS('[20]WorkDone DATA'!$L:$L,'[20]WorkDone DATA'!$N:$N,BOQ!BF$6,'[20]WorkDone DATA'!$G:$G,BOQ!$B47)*$G47","v":{"$error":"#VALUE!"}},{"$f":"SUMIFS('[20]WorkDone DATA'!$L:$L,'[20]WorkDone DATA'!$N:$N,BOQ!BG$6,'[20]WorkDone DATA'!$G:$G,BOQ!$B47)*$G47","v":{"$error":"#VALUE!"}},{"$f":"SUMIFS('[20]WorkDone DATA'!$L:$L,'[20]WorkDone DATA'!$N:$N,BOQ!BH$6,'[20]WorkDone DATA'!$G:$G,BOQ!$B47)*$G47","v":{"$error":"#VALUE!"}},{"$f":"SUMIFS('[20]WorkDone DATA'!$L:$L,'[20]WorkDone DATA'!$N:$N,BOQ!BI$6,'[20]WorkDone DATA'!$G:$G,BOQ!$B47)*$G47","v":{"$error":"#VALUE!"}},{"$f":"SUMIFS('[20]WorkDone DATA'!$L:$L,'[20]WorkDone DATA'!$N:$N,BOQ!BJ$6,'[20]WorkDone DATA'!$G:$G,BOQ!$B47)*$G47","v":{"$error":"#VALUE!"}},{"$f":"SUMIFS('[20]WorkDone DATA'!$L:$L,'[20]WorkDone DATA'!$N:$N,BOQ!BK$6,'[20]WorkDone DATA'!$G:$G,BOQ!$B47)*$G47","v":{"$error":"#VALUE!"}},{"$f":"SUMIFS('[20]WorkDone DATA'!$L:$L,'[20]WorkDone DATA'!$N:$N,BOQ!BL$6,'[20]WorkDone DATA'!$G:$G,BOQ!$B47)*$G47","v":{"$error":"#VALUE!"}},{"$f":"SUMIFS('[20]WorkDone DATA'!$L:$L,'[20]WorkDone DATA'!$N:$N,BOQ!BM$6,'[20]WorkDone DATA'!$G:$G,BOQ!$B47)*$G47","v":{"$error":"#VALUE!"}},{"$f":"SUMIFS('[20]WorkDone DATA'!$L:$L,'[20]WorkDone DATA'!$N:$N,BOQ!BN$6,'[20]WorkDone DATA'!$G:$G,BOQ!$B47)*$G47","v":{"$error":"#VALUE!"}},{"$f":"SUMIFS('[20]WorkDone DATA'!$L:$L,'[20]WorkDone DATA'!$N:$N,BOQ!BO$6,'[20]WorkDone DATA'!$G:$G,BOQ!$B47)*$G47","v":{"$error":"#VALUE!"}},{"$f":"SUMIFS('[20]WorkDone DATA'!$L:$L,'[20]WorkDone DATA'!$N:$N,BOQ!BP$6,'[20]WorkDone DATA'!$G:$G,BOQ!$B47)*$G47","v":{"$error":"#VALUE!"}},{"$f":"SUMIFS('[20]WorkDone DATA'!$L:$L,'[20]WorkDone DATA'!$N:$N,BOQ!BQ$6,'[20]WorkDone DATA'!$G:$G,BOQ!$B47)*$G47","v":{"$error":"#VALUE!"}},{"$f":"SUMIFS('[20]WorkDone DATA'!$L:$L,'[20]WorkDone DATA'!$N:$N,BOQ!BR$6,'[20]WorkDone DATA'!$G:$G,BOQ!$B47)*$G47","v":{"$error":"#VALUE!"}},{"$f":"SUMIFS('[20]WorkDone DATA'!$L:$L,'[20]WorkDone DATA'!$N:$N,BOQ!BS$6,'[20]WorkDone DATA'!$G:$G,BOQ!$B47)*$G47","v":{"$error":"#VALUE!"}},{"$f":"SUMIFS('[20]WorkDone DATA'!$L:$L,'[20]WorkDone DATA'!$N:$N,BOQ!BT$6,'[20]WorkDone DATA'!$G:$G,BOQ!$B47)*$G47","v":{"$error":"#VALUE!"}},{"$f":"SUMIFS('[20]WorkDone DATA'!$L:$L,'[20]WorkDone DATA'!$N:$N,BOQ!BU$6,'[20]WorkDone DATA'!$G:$G,BOQ!$B47)*$G47","v":{"$error":"#VALUE!"}},{"$f":"SUMIFS('[20]WorkDone DATA'!$L:$L,'[20]WorkDone DATA'!$N:$N,BOQ!BV$6,'[20]WorkDone DATA'!$G:$G,BOQ!$B47)*$G47","v":{"$error":"#VALUE!"}},{"$f":"SUMIFS('[20]WorkDone DATA'!$L:$L,'[20]WorkDone DATA'!$N:$N,BOQ!BW$6,'[20]WorkDone DATA'!$G:$G,BOQ!$B47)*$G47","v":{"$error":"#VALUE!"}},{"$f":"SUMIFS('[20]WorkDone DATA'!$L:$L,'[20]WorkDone DATA'!$N:$N,BOQ!BX$6,'[20]WorkDone DATA'!$G:$G,BOQ!$B47)*$G47","v":{"$error":"#VALUE!"}}]
[{"$f":"C46","v":"500mm2 x 1 core (EXX01WCV) 6.35kV/11kV  "},{"v":2.02,"d":"2.020"},"Installation","A","set",1458,{"v":3609.98,"d":"3,609.98"},{"v":5263350.84,"d":"5,263,350.84"},null,null,{"$error":"#VALUE!"},{"$error":"#VALUE!"},{"$error":"#VALUE!"},null,{"$error":"#VALUE!"},{"$error":"#VALUE!"},null,{"$f":"SUMIFS('[20]WorkDone DATA'!$L:$L,'[20]WorkDone DATA'!$N:$N,BOQ!S$6,'[20]WorkDone DATA'!$G:$G,BOQ!$B48)","v":{"$error":"#VALUE!"}},{"$error":"#VALUE!"},{"$f":"SUMIFS('[20]WorkDone DATA'!$L:$L,'[20]WorkDone DATA'!$N:$N,BOQ!U$6,'[20]WorkDone DATA'!$G:$G,BOQ!$B48)","v":{"$error":"#VALUE!"}},{"$error":"#VALUE!"},null,{"$f":"SUMIFS('[20]WorkDone DATA'!$L:$L,'[20]WorkDone DATA'!$N:$N,BOQ!W$6,'[20]WorkDone DATA'!$G:$G,BOQ!$B48)*$G48","v":{"$error":"#VALUE!"}},null,{"$f":"SUMIFS('[20]WorkDone DATA'!$L:$L,'[20]WorkDone DATA'!$N:$N,BOQ!Y$6,'[20]WorkDone DATA'!$G:$G,BOQ!$B48)*$G48","v":{"$error":"#VALUE!"}},null,{"$f":"SUMIFS('[20]WorkDone DATA'!$L:$L,'[20]WorkDone DATA'!$N:$N,BOQ!AA$6,'[20]WorkDone DATA'!$G:$G,BOQ!$B48)*$G48","v":{"$error":"#VALUE!"}},{"$f":"SUMIFS('[20]WorkDone DATA'!$L:$L,'[20]WorkDone DATA'!$N:$N,BOQ!AB$6,'[20]WorkDone DATA'!$G:$G,BOQ!$B48)*$G48","v":{"$error":"#VALUE!"}},{"$f":"SUMIFS('[20]WorkDone DATA'!$L:$L,'[20]WorkDone DATA'!$N:$N,BOQ!AC$6,'[20]WorkDone DATA'!$G:$G,BOQ!$B48)*$G48","v":{"$error":"#VALUE!"}},{"$f":"SUMIFS('[20]WorkDone DATA'!$L:$L,'[20]WorkDone DATA'!$N:$N,BOQ!AD$6,'[20]WorkDone DATA'!$G:$G,BOQ!$B48)*$G48","v":{"$error":"#VALUE!"}},{"$f":"SUMIFS('[20]WorkDone DATA'!$L:$L,'[20]WorkDone DATA'!$N:$N,BOQ!AE$6,'[20]WorkDone DATA'!$G:$G,BOQ!$B48)*$G48","v":{"$error":"#VALUE!"}},{"$f":"SUMIFS('[20]WorkDone DATA'!$L:$L,'[20]WorkDone DATA'!$N:$N,BOQ!AF$6,'[20]WorkDone DATA'!$G:$G,BOQ!$B48)*$G48","v":{"$error":"#VALUE!"}},{"$f":"SUMIFS('[20]WorkDone DATA'!$L:$L,'[20]WorkDone DATA'!$N:$N,BOQ!AG$6,'[20]WorkDone DATA'!$G:$G,BOQ!$B48)*$G48","v":{"$error":"#VALUE!"}},{"$f":"SUMIFS('[20]WorkDone DATA'!$L:$L,'[20]WorkDone DATA'!$N:$N,BOQ!AH$6,'[20]WorkDone DATA'!$G:$G,BOQ!$B48)*$G48","v":{"$error":"#VALUE!"}},{"$f":"SUMIFS('[20]WorkDone DATA'!$L:$L,'[20]WorkDone DATA'!$N:$N,BOQ!AI$6,'[20]WorkDone DATA'!$G:$G,BOQ!$B48)*$G48","v":{"$error":"#VALUE!"}},{"$f":"SUMIFS('[20]WorkDone DATA'!$L:$L,'[20]WorkDone DATA'!$N:$N,BOQ!AJ$6,'[20]WorkDone DATA'!$G:$G,BOQ!$B48)*$G48","v":{"$error":"#VALUE!"}},{"$f":"SUMIFS('[20]WorkDone DATA'!$L:$L,'[20]WorkDone DATA'!$N:$N,BOQ!AK$6,'[20]WorkDone DATA'!$G:$G,BOQ!$B48)*$G48","v":{"$error":"#VALUE!"}},{"$f":"SUMIFS('[20]WorkDone DATA'!$L:$L,'[20]WorkDone DATA'!$N:$N,BOQ!AL$6,'[20]WorkDone DATA'!$G:$G,BOQ!$B48)*$G48","v":{"$error":"#VALUE!"}},{"$f":"SUMIFS('[20]WorkDone DATA'!$L:$L,'[20]WorkDone DATA'!$N:$N,BOQ!AM$6,'[20]WorkDone DATA'!$G:$G,BOQ!$B48)*$G48","v":{"$error":"#VALUE!"}},{"$f":"SUMIFS('[20]WorkDone DATA'!$L:$L,'[20]WorkDone DATA'!$N:$N,BOQ!AN$6,'[20]WorkDone DATA'!$G:$G,BOQ!$B48)*$G48","v":{"$error":"#VALUE!"}},{"$f":"SUMIFS('[20]WorkDone DATA'!$L:$L,'[20]WorkDone DATA'!$N:$N,BOQ!AO$6,'[20]WorkDone DATA'!$G:$G,BOQ!$B48)*$G48","v":{"$error":"#VALUE!"}},{"$f":"SUMIFS('[20]WorkDone DATA'!$L:$L,'[20]WorkDone DATA'!$N:$N,BOQ!AP$6,'[20]WorkDone DATA'!$G:$G,BOQ!$B48)*$G48","v":{"$error":"#VALUE!"}},{"$f":"SUMIFS('[20]WorkDone DATA'!$L:$L,'[20]WorkDone DATA'!$N:$N,BOQ!AQ$6,'[20]WorkDone DATA'!$G:$G,BOQ!$B48)*$G48","v":{"$error":"#VALUE!"}},{"$f":"SUMIFS('[20]WorkDone DATA'!$L:$L,'[20]WorkDone DATA'!$N:$N,BOQ!AR$6,'[20]WorkDone DATA'!$G:$G,BOQ!$B48)*$G48","v":{"$error":"#VALUE!"}},{"$f":"SUMIFS('[20]WorkDone DATA'!$L:$L,'[20]WorkDone DATA'!$N:$N,BOQ!AS$6,'[20]WorkDone DATA'!$G:$G,BOQ!$B48)*$G48","v":{"$error":"#VALUE!"}},{"$f":"SUMIFS('[20]WorkDone DATA'!$L:$L,'[20]WorkDone DATA'!$N:$N,BOQ!AT$6,'[20]WorkDone DATA'!$G:$G,BOQ!$B48)*$G48","v":{"$error":"#VALUE!"}},{"$f":"SUMIFS('[20]WorkDone DATA'!$L:$L,'[20]WorkDone DATA'!$N:$N,BOQ!AU$6,'[20]WorkDone DATA'!$G:$G,BOQ!$B48)*$G48","v":{"$error":"#VALUE!"}},{"$f":"SUMIFS('[20]WorkDone DATA'!$L:$L,'[20]WorkDone DATA'!$N:$N,BOQ!AV$6,'[20]WorkDone DATA'!$G:$G,BOQ!$B48)*$G48","v":{"$error":"#VALUE!"}},{"$f":"SUMIFS('[20]WorkDone DATA'!$L:$L,'[20]WorkDone DATA'!$N:$N,BOQ!AW$6,'[20]WorkDone DATA'!$G:$G,BOQ!$B48)*$G48","v":{"$error":"#VALUE!"}},{"$f":"SUMIFS('[20]WorkDone DATA'!$L:$L,'[20]WorkDone DATA'!$N:$N,BOQ!AX$6,'[20]WorkDone DATA'!$G:$G,BOQ!$B48)*$G48","v":{"$error":"#VALUE!"}},{"$f":"SUMIFS('[20]WorkDone DATA'!$L:$L,'[20]WorkDone DATA'!$N:$N,BOQ!AY$6,'[20]WorkDone DATA'!$G:$G,BOQ!$B48)*$G48","v":{"$error":"#VALUE!"}},{"$f":"SUMIFS('[20]WorkDone DATA'!$L:$L,'[20]WorkDone DATA'!$N:$N,BOQ!AZ$6,'[20]WorkDone DATA'!$G:$G,BOQ!$B48)*$G48","v":{"$error":"#VALUE!"}},{"$f":"SUMIFS('[20]WorkDone DATA'!$L:$L,'[20]WorkDone DATA'!$N:$N,BOQ!BA$6,'[20]WorkDone DATA'!$G:$G,BOQ!$B48)*$G48","v":{"$error":"#VALUE!"}},{"$f":"SUMIFS('[20]WorkDone DATA'!$L:$L,'[20]WorkDone DATA'!$N:$N,BOQ!BB$6,'[20]WorkDone DATA'!$G:$G,BOQ!$B48)*$G48","v":{"$error":"#VALUE!"}},{"$f":"SUMIFS('[20]WorkDone DATA'!$L:$L,'[20]WorkDone DATA'!$N:$N,BOQ!BC$6,'[20]WorkDone DATA'!$G:$G,BOQ!$B48)*$G48","v":{"$error":"#VALUE!"}},{"$f":"SUMIFS('[20]WorkDone DATA'!$L:$L,'[20]WorkDone DATA'!$N:$N,BOQ!BD$6,'[20]WorkDone DATA'!$G:$G,BOQ!$B48)*$G48","v":{"$error":"#VALUE!"}},{"$f":"SUMIFS('[20]WorkDone DATA'!$L:$L,'[20]WorkDone DATA'!$N:$N,BOQ!BE$6,'[20]WorkDone DATA'!$G:$G,BOQ!$B48)*$G48","v":{"$error":"#VALUE!"}},{"$f":"SUMIFS('[20]WorkDone DATA'!$L:$L,'[20]WorkDone DATA'!$N:$N,BOQ!BF$6,'[20]WorkDone DATA'!$G:$G,BOQ!$B48)*$G48","v":{"$error":"#VALUE!"}},{"$f":"SUMIFS('[20]WorkDone DATA'!$L:$L,'[20]WorkDone DATA'!$N:$N,BOQ!BG$6,'[20]WorkDone DATA'!$G:$G,BOQ!$B48)*$G48","v":{"$error":"#VALUE!"}},{"$f":"SUMIFS('[20]WorkDone DATA'!$L:$L,'[20]WorkDone DATA'!$N:$N,BOQ!BH$6,'[20]WorkDone DATA'!$G:$G,BOQ!$B48)*$G48","v":{"$error":"#VALUE!"}},{"$f":"SUMIFS('[20]WorkDone DATA'!$L:$L,'[20]WorkDone DATA'!$N:$N,BOQ!BI$6,'[20]WorkDone DATA'!$G:$G,BOQ!$B48)*$G48","v":{"$error":"#VALUE!"}},{"$f":"SUMIFS('[20]WorkDone DATA'!$L:$L,'[20]WorkDone DATA'!$N:$N,BOQ!BJ$6,'[20]WorkDone DATA'!$G:$G,BOQ!$B48)*$G48","v":{"$error":"#VALUE!"}},{"$f":"SUMIFS('[20]WorkDone DATA'!$L:$L,'[20]WorkDone DATA'!$N:$N,BOQ!BK$6,'[20]WorkDone DATA'!$G:$G,BOQ!$B48)*$G48","v":{"$error":"#VALUE!"}},{"$f":"SUMIFS('[20]WorkDone DATA'!$L:$L,'[20]WorkDone DATA'!$N:$N,BOQ!BL$6,'[20]WorkDone DATA'!$G:$G,BOQ!$B48)*$G48","v":{"$error":"#VALUE!"}},{"$f":"SUMIFS('[20]WorkDone DATA'!$L:$L,'[20]WorkDone DATA'!$N:$N,BOQ!BM$6,'[20]WorkDone DATA'!$G:$G,BOQ!$B48)*$G48","v":{"$error":"#VALUE!"}},{"$f":"SUMIFS('[20]WorkDone DATA'!$L:$L,'[20]WorkDone DATA'!$N:$N,BOQ!BN$6,'[20]WorkDone DATA'!$G:$G,BOQ!$B48)*$G48","v":{"$error":"#VALUE!"}},{"$f":"SUMIFS('[20]WorkDone DATA'!$L:$L,'[20]WorkDone DATA'!$N:$N,BOQ!BO$6,'[20]WorkDone DATA'!$G:$G,BOQ!$B48)*$G48","v":{"$error":"#VALUE!"}},{"$f":"SUMIFS('[20]WorkDone DATA'!$L:$L,'[20]WorkDone DATA'!$N:$N,BOQ!BP$6,'[20]WorkDone DATA'!$G:$G,BOQ!$B48)*$G48","v":{"$error":"#VALUE!"}},{"$f":"SUMIFS('[20]WorkDone DATA'!$L:$L,'[20]WorkDone DATA'!$N:$N,BOQ!BQ$6,'[20]WorkDone DATA'!$G:$G,BOQ!$B48)*$G48","v":{"$error":"#VALUE!"}},{"$f":"SUMIFS('[20]WorkDone DATA'!$L:$L,'[20]WorkDone DATA'!$N:$N,BOQ!BR$6,'[20]WorkDone DATA'!$G:$G,BOQ!$B48)*$G48","v":{"$error":"#VALUE!"}},{"$f":"SUMIFS('[20]WorkDone DATA'!$L:$L,'[20]WorkDone DATA'!$N:$N,BOQ!BS$6,'[20]WorkDone DATA'!$G:$G,BOQ!$B48)*$G48","v":{"$error":"#VALUE!"}},{"$f":"SUMIFS('[20]WorkDone DATA'!$L:$L,'[20]WorkDone DATA'!$N:$N,BOQ!BT$6,'[20]WorkDone DATA'!$G:$G,BOQ!$B48)*$G48","v":{"$error":"#VALUE!"}},{"$f":"SUMIFS('[20]WorkDone DATA'!$L:$L,'[20]WorkDone DATA'!$N:$N,BOQ!BU$6,'[20]WorkDone DATA'!$G:$G,BOQ!$B48)*$G48","v":{"$error":"#VALUE!"}},{"$f":"SUMIFS('[20]WorkDone DATA'!$L:$L,'[20]WorkDone DATA'!$N:$N,BOQ!BV$6,'[20]WorkDone DATA'!$G:$G,BOQ!$B48)*$G48","v":{"$error":"#VALUE!"}},{"$f":"SUMIFS('[20]WorkDone DATA'!$L:$L,'[20]WorkDone DATA'!$N:$N,BOQ!BW$6,'[20]WorkDone DATA'!$G:$G,BOQ!$B48)*$G48","v":{"$error":"#VALUE!"}},{"$f":"SUMIFS('[20]WorkDone DATA'!$L:$L,'[20]WorkDone DATA'!$N:$N,BOQ!BX$6,'[20]WorkDone DATA'!$G:$G,BOQ!$B48)*$G48","v":{"$error":"#VALUE!"}}]
[null,null,"300mm2 x 1 core (EXX01UCM) 6.35kV/11kV   ",{"$nulls":4},0,{"$nulls":3},{"$error":"#VALUE!"},{"$error":"#VALUE!"},null,0,{"$error":"#VALUE!"},null,{"$f":"SUMIFS('[20]WorkDone DATA'!$L:$L,'[20]WorkDone DATA'!$N:$N,BOQ!S$6,'[20]WorkDone DATA'!$G:$G,BOQ!$B49)","v":{"$error":"#VALUE!"}},{"$error":"#VALUE!"},{"$f":"SUMIFS('[20]WorkDone DATA'!$L:$L,'[20]WorkDone DATA'!$N:$N,BOQ!U$6,'[20]WorkDone DATA'!$G:$G,BOQ!$B49)","v":{"$error":"#VALUE!"}},{"$error":"#VALUE!"},null,{"$f":"SUMIFS('[20]WorkDone DATA'!$L:$L,'[20]WorkDone DATA'!$N:$N,BOQ!W$6,'[20]WorkDone DATA'!$G:$G,BOQ!$B49)*$G49","v":{"$error":"#VALUE!"}},null,{"$f":"SUMIFS('[20]WorkDone DATA'!$L:$L,'[20]WorkDone DATA'!$N:$N,BOQ!Y$6,'[20]WorkDone DATA'!$G:$G,BOQ!$B49)*$G49","v":{"$error":"#VALUE!"}},null,{"$f":"SUMIFS('[20]WorkDone DATA'!$L:$L,'[20]WorkDone DATA'!$N:$N,BOQ!AA$6,'[20]WorkDone DATA'!$G:$G,BOQ!$B49)*$G49","v":{"$error":"#VALUE!"}},{"$f":"SUMIFS('[20]WorkDone DATA'!$L:$L,'[20]WorkDone DATA'!$N:$N,BOQ!AB$6,'[20]WorkDone DATA'!$G:$G,BOQ!$B49)*$G49","v":{"$error":"#VALUE!"}},{"$f":"SUMIFS('[20]WorkDone DATA'!$L:$L,'[20]WorkDone DATA'!$N:$N,BOQ!AC$6,'[20]WorkDone DATA'!$G:$G,BOQ!$B49)*$G49","v":{"$error":"#VALUE!"}},{"$f":"SUMIFS('[20]WorkDone DATA'!$L:$L,'[20]WorkDone DATA'!$N:$N,BOQ!AD$6,'[20]WorkDone DATA'!$G:$G,BOQ!$B49)*$G49","v":{"$error":"#VALUE!"}},{"$f":"SUMIFS('[20]WorkDone DATA'!$L:$L,'[20]WorkDone DATA'!$N:$N,BOQ!AE$6,'[20]WorkDone DATA'!$G:$G,BOQ!$B49)*$G49","v":{"$error":"#VALUE!"}},{"$f":"SUMIFS('[20]WorkDone DATA'!$L:$L,'[20]WorkDone DATA'!$N:$N,BOQ!AF$6,'[20]WorkDone DATA'!$G:$G,BOQ!$B49)*$G49","v":{"$error":"#VALUE!"}},{"$f":"SUMIFS('[20]WorkDone DATA'!$L:$L,'[20]WorkDone DATA'!$N:$N,BOQ!AG$6,'[20]WorkDone DATA'!$G:$G,BOQ!$B49)*$G49","v":{"$error":"#VALUE!"}},{"$f":"SUMIFS('[20]WorkDone DATA'!$L:$L,'[20]WorkDone DATA'!$N:$N,BOQ!AH$6,'[20]WorkDone DATA'!$G:$G,BOQ!$B49)*$G49","v":{"$error":"#VALUE!"}},{"$f":"SUMIFS('[20]WorkDone DATA'!$L:$L,'[20]WorkDone DATA'!$N:$N,BOQ!AI$6,'[20]WorkDone DATA'!$G:$G,BOQ!$B49)*$G49","v":{"$error":"#VALUE!"}},{"$f":"SUMIFS('[20]WorkDone DATA'!$L:$L,'[20]WorkDone DATA'!$N:$N,BOQ!AJ$6,'[20]WorkDone DATA'!$G:$G,BOQ!$B49)*$G49","v":{"$error":"#VALUE!"}},{"$f":"SUMIFS('[20]WorkDone DATA'!$L:$L,'[20]WorkDone DATA'!$N:$N,BOQ!AK$6,'[20]WorkDone DATA'!$G:$G,BOQ!$B49)*$G49","v":{"$error":"#VALUE!"}},{"$f":"SUMIFS('[20]WorkDone DATA'!$L:$L,'[20]WorkDone DATA'!$N:$N,BOQ!AL$6,'[20]WorkDone DATA'!$G:$G,BOQ!$B49)*$G49","v":{"$error":"#VALUE!"}},{"$f":"SUMIFS('[20]WorkDone DATA'!$L:$L,'[20]WorkDone DATA'!$N:$N,BOQ!AM$6,'[20]WorkDone DATA'!$G:$G,BOQ!$B49)*$G49","v":{"$error":"#VALUE!"}},{"$f":"SUMIFS('[20]WorkDone DATA'!$L:$L,'[20]WorkDone DATA'!$N:$N,BOQ!AN$6,'[20]WorkDone DATA'!$G:$G,BOQ!$B49)*$G49","v":{"$error":"#VALUE!"}},{"$f":"SUMIFS('[20]WorkDone DATA'!$L:$L,'[20]WorkDone DATA'!$N:$N,BOQ!AO$6,'[20]WorkDone DATA'!$G:$G,BOQ!$B49)*$G49","v":{"$error":"#VALUE!"}},{"$f":"SUMIFS('[20]WorkDone DATA'!$L:$L,'[20]WorkDone DATA'!$N:$N,BOQ!AP$6,'[20]WorkDone DATA'!$G:$G,BOQ!$B49)*$G49","v":{"$error":"#VALUE!"}},{"$f":"SUMIFS('[20]WorkDone DATA'!$L:$L,'[20]WorkDone DATA'!$N:$N,BOQ!AQ$6,'[20]WorkDone DATA'!$G:$G,BOQ!$B49)*$G49","v":{"$error":"#VALUE!"}},{"$f":"SUMIFS('[20]WorkDone DATA'!$L:$L,'[20]WorkDone DATA'!$N:$N,BOQ!AR$6,'[20]WorkDone DATA'!$G:$G,BOQ!$B49)*$G49","v":{"$error":"#VALUE!"}},{"$f":"SUMIFS('[20]WorkDone DATA'!$L:$L,'[20]WorkDone DATA'!$N:$N,BOQ!AS$6,'[20]WorkDone DATA'!$G:$G,BOQ!$B49)*$G49","v":{"$error":"#VALUE!"}},{"$f":"SUMIFS('[20]WorkDone DATA'!$L:$L,'[20]WorkDone DATA'!$N:$N,BOQ!AT$6,'[20]WorkDone DATA'!$G:$G,BOQ!$B49)*$G49","v":{"$error":"#VALUE!"}},{"$f":"SUMIFS('[20]WorkDone DATA'!$L:$L,'[20]WorkDone DATA'!$N:$N,BOQ!AU$6,'[20]WorkDone DATA'!$G:$G,BOQ!$B49)*$G49","v":{"$error":"#VALUE!"}},{"$f":"SUMIFS('[20]WorkDone DATA'!$L:$L,'[20]WorkDone DATA'!$N:$N,BOQ!AV$6,'[20]WorkDone DATA'!$G:$G,BOQ!$B49)*$G49","v":{"$error":"#VALUE!"}},{"$f":"SUMIFS('[20]WorkDone DATA'!$L:$L,'[20]WorkDone DATA'!$N:$N,BOQ!AW$6,'[20]WorkDone DATA'!$G:$G,BOQ!$B49)*$G49","v":{"$error":"#VALUE!"}},{"$f":"SUMIFS('[20]WorkDone DATA'!$L:$L,'[20]WorkDone DATA'!$N:$N,BOQ!AX$6,'[20]WorkDone DATA'!$G:$G,BOQ!$B49)*$G49","v":{"$error":"#VALUE!"}},{"$f":"SUMIFS('[20]WorkDone DATA'!$L:$L,'[20]WorkDone DATA'!$N:$N,BOQ!AY$6,'[20]WorkDone DATA'!$G:$G,BOQ!$B49)*$G49","v":{"$error":"#VALUE!"}},{"$f":"SUMIFS('[20]WorkDone DATA'!$L:$L,'[20]WorkDone DATA'!$N:$N,BOQ!AZ$6,'[20]WorkDone DATA'!$G:$G,BOQ!$B49)*$G49","v":{"$error":"#VALUE!"}},{"$f":"SUMIFS('[20]WorkDone DATA'!$L:$L,'[20]WorkDone DATA'!$N:$N,BOQ!BA$6,'[20]WorkDone DATA'!$G:$G,BOQ!$B49)*$G49","v":{"$error":"#VALUE!"}},{"$f":"SUMIFS('[20]WorkDone DATA'!$L:$L,'[20]WorkDone DATA'!$N:$N,BOQ!BB$6,'[20]WorkDone DATA'!$G:$G,BOQ!$B49)*$G49","v":{"$error":"#VALUE!"}},{"$f":"SUMIFS('[20]WorkDone DATA'!$L:$L,'[20]WorkDone DATA'!$N:$N,BOQ!BC$6,'[20]WorkDone DATA'!$G:$G,BOQ!$B49)*$G49","v":{"$error":"#VALUE!"}},{"$f":"SUMIFS('[20]WorkDone DATA'!$L:$L,'[20]WorkDone DATA'!$N:$N,BOQ!BD$6,'[20]WorkDone DATA'!$G:$G,BOQ!$B49)*$G49","v":{"$error":"#VALUE!"}},{"$f":"SUMIFS('[20]WorkDone DATA'!$L:$L,'[20]WorkDone DATA'!$N:$N,BOQ!BE$6,'[20]WorkDone DATA'!$G:$G,BOQ!$B49)*$G49","v":{"$error":"#VALUE!"}},{"$f":"SUMIFS('[20]WorkDone DATA'!$L:$L,'[20]WorkDone DATA'!$N:$N,BOQ!BF$6,'[20]WorkDone DATA'!$G:$G,BOQ!$B49)*$G49","v":{"$error":"#VALUE!"}},{"$f":"SUMIFS('[20]WorkDone DATA'!$L:$L,'[20]WorkDone DATA'!$N:$N,BOQ!BG$6,'[20]WorkDone DATA'!$G:$G,BOQ!$B49)*$G49","v":{"$error":"#VALUE!"}},{"$f":"SUMIFS('[20]WorkDone DATA'!$L:$L,'[20]WorkDone DATA'!$N:$N,BOQ!BH$6,'[20]WorkDone DATA'!$G:$G,BOQ!$B49)*$G49","v":{"$error":"#VALUE!"}},{"$f":"SUMIFS('[20]WorkDone DATA'!$L:$L,'[20]WorkDone DATA'!$N:$N,BOQ!BI$6,'[20]WorkDone DATA'!$G:$G,BOQ!$B49)*$G49","v":{"$error":"#VALUE!"}},{"$f":"SUMIFS('[20]WorkDone DATA'!$L:$L,'[20]WorkDone DATA'!$N:$N,BOQ!BJ$6,'[20]WorkDone DATA'!$G:$G,BOQ!$B49)*$G49","v":{"$error":"#VALUE!"}},{"$f":"SUMIFS('[20]WorkDone DATA'!$L:$L,'[20]WorkDone DATA'!$N:$N,BOQ!BK$6,'[20]WorkDone DATA'!$G:$G,BOQ!$B49)*$G49","v":{"$error":"#VALUE!"}},{"$f":"SUMIFS('[20]WorkDone DATA'!$L:$L,'[20]WorkDone DATA'!$N:$N,BOQ!BL$6,'[20]WorkDone DATA'!$G:$G,BOQ!$B49)*$G49","v":{"$error":"#VALUE!"}},{"$f":"SUMIFS('[20]WorkDone DATA'!$L:$L,'[20]WorkDone DATA'!$N:$N,BOQ!BM$6,'[20]WorkDone DATA'!$G:$G,BOQ!$B49)*$G49","v":{"$error":"#VALUE!"}},{"$f":"SUMIFS('[20]WorkDone DATA'!$L:$L,'[20]WorkDone DATA'!$N:$N,BOQ!BN$6,'[20]WorkDone DATA'!$G:$G,BOQ!$B49)*$G49","v":{"$error":"#VALUE!"}},{"$f":"SUMIFS('[20]WorkDone DATA'!$L:$L,'[20]WorkDone DATA'!$N:$N,BOQ!BO$6,'[20]WorkDone DATA'!$G:$G,BOQ!$B49)*$G49","v":{"$error":"#VALUE!"}},{"$f":"SUMIFS('[20]WorkDone DATA'!$L:$L,'[20]WorkDone DATA'!$N:$N,BOQ!BP$6,'[20]WorkDone DATA'!$G:$G,BOQ!$B49)*$G49","v":{"$error":"#VALUE!"}},{"$f":"SUMIFS('[20]WorkDone DATA'!$L:$L,'[20]WorkDone DATA'!$N:$N,BOQ!BQ$6,'[20]WorkDone DATA'!$G:$G,BOQ!$B49)*$G49","v":{"$error":"#VALUE!"}},{"$f":"SUMIFS('[20]WorkDone DATA'!$L:$L,'[20]WorkDone DATA'!$N:$N,BOQ!BR$6,'[20]WorkDone DATA'!$G:$G,BOQ!$B49)*$G49","v":{"$error":"#VALUE!"}},{"$f":"SUMIFS('[20]WorkDone DATA'!$L:$L,'[20]WorkDone DATA'!$N:$N,BOQ!BS$6,'[20]WorkDone DATA'!$G:$G,BOQ!$B49)*$G49","v":{"$error":"#VALUE!"}},{"$f":"SUMIFS('[20]WorkDone DATA'!$L:$L,'[20]WorkDone DATA'!$N:$N,BOQ!BT$6,'[20]WorkDone DATA'!$G:$G,BOQ!$B49)*$G49","v":{"$error":"#VALUE!"}},{"$f":"SUMIFS('[20]WorkDone DATA'!$L:$L,'[20]WorkDone DATA'!$N:$N,BOQ!BU$6,'[20]WorkDone DATA'!$G:$G,BOQ!$B49)*$G49","v":{"$error":"#VALUE!"}},{"$f":"SUMIFS('[20]WorkDone DATA'!$L:$L,'[20]WorkDone DATA'!$N:$N,BOQ!BV$6,'[20]WorkDone DATA'!$G:$G,BOQ!$B49)*$G49","v":{"$error":"#VALUE!"}},{"$f":"SUMIFS('[20]WorkDone DATA'!$L:$L,'[20]WorkDone DATA'!$N:$N,BOQ!BW$6,'[20]WorkDone DATA'!$G:$G,BOQ!$B49)*$G49","v":{"$error":"#VALUE!"}},{"$f":"SUMIFS('[20]WorkDone DATA'!$L:$L,'[20]WorkDone DATA'!$N:$N,BOQ!BX$6,'[20]WorkDone DATA'!$G:$G,BOQ!$B49)*$G49","v":{"$error":"#VALUE!"}}]
[{"$f":"C49","v":"300mm2 x 1 core (EXX01UCM) 6.35kV/11kV   "},2.021,"Supply","E","set",40,{"v":2704.28,"d":"2,704.28"},{"v":108171.20000000001,"d":"108,171.20"},null,null,{"$error":"#VALUE!"},{"$error":"#VALUE!"},{"$error":"#VALUE!"},null,{"$error":"#VALUE!"},{"$error":"#VALUE!"},null,{"$f":"SUMIFS('[20]WorkDone DATA'!$L:$L,'[20]WorkDone DATA'!$N:$N,BOQ!S$6,'[20]WorkDone DATA'!$G:$G,BOQ!$B50)","v":{"$error":"#VALUE!"}},{"$error":"#VALUE!"},{"$f":"SUMIFS('[20]WorkDone DATA'!$L:$L,'[20]WorkDone DATA'!$N:$N,BOQ!U$6,'[20]WorkDone DATA'!$G:$G,BOQ!$B50)","v":{"$error":"#VALUE!"}},{"$error":"#VALUE!"},null,{"$f":"SUMIFS('[20]WorkDone DATA'!$L:$L,'[20]WorkDone DATA'!$N:$N,BOQ!W$6,'[20]WorkDone DATA'!$G:$G,BOQ!$B50)*$G50","v":{"$error":"#VALUE!"}},null,{"$f":"SUMIFS('[20]WorkDone DATA'!$L:$L,'[20]WorkDone DATA'!$N:$N,BOQ!Y$6,'[20]WorkDone DATA'!$G:$G,BOQ!$B50)*$G50","v":{"$error":"#VALUE!"}},null,{"$f":"SUMIFS('[20]WorkDone DATA'!$L:$L,'[20]WorkDone DATA'!$N:$N,BOQ!AA$6,'[20]WorkDone DATA'!$G:$G,BOQ!$B50)*$G50","v":{"$error":"#VALUE!"}},{"$f":"SUMIFS('[20]WorkDone DATA'!$L:$L,'[20]WorkDone DATA'!$N:$N,BOQ!AB$6,'[20]WorkDone DATA'!$G:$G,BOQ!$B50)*$G50","v":{"$error":"#VALUE!"}},{"$f":"SUMIFS('[20]WorkDone DATA'!$L:$L,'[20]WorkDone DATA'!$N:$N,BOQ!AC$6,'[20]WorkDone DATA'!$G:$G,BOQ!$B50)*$G50","v":{"$error":"#VALUE!"}},{"$f":"SUMIFS('[20]WorkDone DATA'!$L:$L,'[20]WorkDone DATA'!$N:$N,BOQ!AD$6,'[20]WorkDone DATA'!$G:$G,BOQ!$B50)*$G50","v":{"$error":"#VALUE!"}},{"$f":"SUMIFS('[20]WorkDone DATA'!$L:$L,'[20]WorkDone DATA'!$N:$N,BOQ!AE$6,'[20]WorkDone DATA'!$G:$G,BOQ!$B50)*$G50","v":{"$error":"#VALUE!"}},{"$f":"SUMIFS('[20]WorkDone DATA'!$L:$L,'[20]WorkDone DATA'!$N:$N,BOQ!AF$6,'[20]WorkDone DATA'!$G:$G,BOQ!$B50)*$G50","v":{"$error":"#VALUE!"}},{"$f":"SUMIFS('[20]WorkDone DATA'!$L:$L,'[20]WorkDone DATA'!$N:$N,BOQ!AG$6,'[20]WorkDone DATA'!$G:$G,BOQ!$B50)*$G50","v":{"$error":"#VALUE!"}},{"$f":"SUMIFS('[20]WorkDone DATA'!$L:$L,'[20]WorkDone DATA'!$N:$N,BOQ!AH$6,'[20]WorkDone DATA'!$G:$G,BOQ!$B50)*$G50","v":{"$error":"#VALUE!"}},{"$f":"SUMIFS('[20]WorkDone DATA'!$L:$L,'[20]WorkDone DATA'!$N:$N,BOQ!AI$6,'[20]WorkDone DATA'!$G:$G,BOQ!$B50)*$G50","v":{"$error":"#VALUE!"}},{"$f":"SUMIFS('[20]WorkDone DATA'!$L:$L,'[20]WorkDone DATA'!$N:$N,BOQ!AJ$6,'[20]WorkDone DATA'!$G:$G,BOQ!$B50)*$G50","v":{"$error":"#VALUE!"}},{"$f":"SUMIFS('[20]WorkDone DATA'!$L:$L,'[20]WorkDone DATA'!$N:$N,BOQ!AK$6,'[20]WorkDone DATA'!$G:$G,BOQ!$B50)*$G50","v":{"$error":"#VALUE!"}},{"$f":"SUMIFS('[20]WorkDone DATA'!$L:$L,'[20]WorkDone DATA'!$N:$N,BOQ!AL$6,'[20]WorkDone DATA'!$G:$G,BOQ!$B50)*$G50","v":{"$error":"#VALUE!"}},{"$f":"SUMIFS('[20]WorkDone DATA'!$L:$L,'[20]WorkDone DATA'!$N:$N,BOQ!AM$6,'[20]WorkDone DATA'!$G:$G,BOQ!$B50)*$G50","v":{"$error":"#VALUE!"}},{"$f":"SUMIFS('[20]WorkDone DATA'!$L:$L,'[20]WorkDone DATA'!$N:$N,BOQ!AN$6,'[20]WorkDone DATA'!$G:$G,BOQ!$B50)*$G50","v":{"$error":"#VALUE!"}},{"$f":"SUMIFS('[20]WorkDone DATA'!$L:$L,'[20]WorkDone DATA'!$N:$N,BOQ!AO$6,'[20]WorkDone DATA'!$G:$G,BOQ!$B50)*$G50","v":{"$error":"#VALUE!"}},{"$f":"SUMIFS('[20]WorkDone DATA'!$L:$L,'[20]WorkDone DATA'!$N:$N,BOQ!AP$6,'[20]WorkDone DATA'!$G:$G,BOQ!$B50)*$G50","v":{"$error":"#VALUE!"}},{"$f":"SUMIFS('[20]WorkDone DATA'!$L:$L,'[20]WorkDone DATA'!$N:$N,BOQ!AQ$6,'[20]WorkDone DATA'!$G:$G,BOQ!$B50)*$G50","v":{"$error":"#VALUE!"}},{"$f":"SUMIFS('[20]WorkDone DATA'!$L:$L,'[20]WorkDone DATA'!$N:$N,BOQ!AR$6,'[20]WorkDone DATA'!$G:$G,BOQ!$B50)*$G50","v":{"$error":"#VALUE!"}},{"$f":"SUMIFS('[20]WorkDone DATA'!$L:$L,'[20]WorkDone DATA'!$N:$N,BOQ!AS$6,'[20]WorkDone DATA'!$G:$G,BOQ!$B50)*$G50","v":{"$error":"#VALUE!"}},{"$f":"SUMIFS('[20]WorkDone DATA'!$L:$L,'[20]WorkDone DATA'!$N:$N,BOQ!AT$6,'[20]WorkDone DATA'!$G:$G,BOQ!$B50)*$G50","v":{"$error":"#VALUE!"}},{"$f":"SUMIFS('[20]WorkDone DATA'!$L:$L,'[20]WorkDone DATA'!$N:$N,BOQ!AU$6,'[20]WorkDone DATA'!$G:$G,BOQ!$B50)*$G50","v":{"$error":"#VALUE!"}},{"$f":"SUMIFS('[20]WorkDone DATA'!$L:$L,'[20]WorkDone DATA'!$N:$N,BOQ!AV$6,'[20]WorkDone DATA'!$G:$G,BOQ!$B50)*$G50","v":{"$error":"#VALUE!"}},{"$f":"SUMIFS('[20]WorkDone DATA'!$L:$L,'[20]WorkDone DATA'!$N:$N,BOQ!AW$6,'[20]WorkDone DATA'!$G:$G,BOQ!$B50)*$G50","v":{"$error":"#VALUE!"}},{"$f":"SUMIFS('[20]WorkDone DATA'!$L:$L,'[20]WorkDone DATA'!$N:$N,BOQ!AX$6,'[20]WorkDone DATA'!$G:$G,BOQ!$B50)*$G50","v":{"$error":"#VALUE!"}},{"$f":"SUMIFS('[20]WorkDone DATA'!$L:$L,'[20]WorkDone DATA'!$N:$N,BOQ!AY$6,'[20]WorkDone DATA'!$G:$G,BOQ!$B50)*$G50","v":{"$error":"#VALUE!"}},{"$f":"SUMIFS('[20]WorkDone DATA'!$L:$L,'[20]WorkDone DATA'!$N:$N,BOQ!AZ$6,'[20]WorkDone DATA'!$G:$G,BOQ!$B50)*$G50","v":{"$error":"#VALUE!"}},{"$f":"SUMIFS('[20]WorkDone DATA'!$L:$L,'[20]WorkDone DATA'!$N:$N,BOQ!BA$6,'[20]WorkDone DATA'!$G:$G,BOQ!$B50)*$G50","v":{"$error":"#VALUE!"}},{"$f":"SUMIFS('[20]WorkDone DATA'!$L:$L,'[20]WorkDone DATA'!$N:$N,BOQ!BB$6,'[20]WorkDone DATA'!$G:$G,BOQ!$B50)*$G50","v":{"$error":"#VALUE!"}},{"$f":"SUMIFS('[20]WorkDone DATA'!$L:$L,'[20]WorkDone DATA'!$N:$N,BOQ!BC$6,'[20]WorkDone DATA'!$G:$G,BOQ!$B50)*$G50","v":{"$error":"#VALUE!"}},{"$f":"SUMIFS('[20]WorkDone DATA'!$L:$L,'[20]WorkDone DATA'!$N:$N,BOQ!BD$6,'[20]WorkDone DATA'!$G:$G,BOQ!$B50)*$G50","v":{"$error":"#VALUE!"}},{"$f":"SUMIFS('[20]WorkDone DATA'!$L:$L,'[20]WorkDone DATA'!$N:$N,BOQ!BE$6,'[20]WorkDone DATA'!$G:$G,BOQ!$B50)*$G50","v":{"$error":"#VALUE!"}},{"$f":"SUMIFS('[20]WorkDone DATA'!$L:$L,'[20]WorkDone DATA'!$N:$N,BOQ!BF$6,'[20]WorkDone DATA'!$G:$G,BOQ!$B50)*$G50","v":{"$error":"#VALUE!"}},{"$f":"SUMIFS('[20]WorkDone DATA'!$L:$L,'[20]WorkDone DATA'!$N:$N,BOQ!BG$6,'[20]WorkDone DATA'!$G:$G,BOQ!$B50)*$G50","v":{"$error":"#VALUE!"}},{"$f":"SUMIFS('[20]WorkDone DATA'!$L:$L,'[20]WorkDone DATA'!$N:$N,BOQ!BH$6,'[20]WorkDone DATA'!$G:$G,BOQ!$B50)*$G50","v":{"$error":"#VALUE!"}},{"$f":"SUMIFS('[20]WorkDone DATA'!$L:$L,'[20]WorkDone DATA'!$N:$N,BOQ!BI$6,'[20]WorkDone DATA'!$G:$G,BOQ!$B50)*$G50","v":{"$error":"#VALUE!"}},{"$f":"SUMIFS('[20]WorkDone DATA'!$L:$L,'[20]WorkDone DATA'!$N:$N,BOQ!BJ$6,'[20]WorkDone DATA'!$G:$G,BOQ!$B50)*$G50","v":{"$error":"#VALUE!"}},{"$f":"SUMIFS('[20]WorkDone DATA'!$L:$L,'[20]WorkDone DATA'!$N:$N,BOQ!BK$6,'[20]WorkDone DATA'!$G:$G,BOQ!$B50)*$G50","v":{"$error":"#VALUE!"}},{"$f":"SUMIFS('[20]WorkDone DATA'!$L:$L,'[20]WorkDone DATA'!$N:$N,BOQ!BL$6,'[20]WorkDone DATA'!$G:$G,BOQ!$B50)*$G50","v":{"$error":"#VALUE!"}},{"$f":"SUMIFS('[20]WorkDone DATA'!$L:$L,'[20]WorkDone DATA'!$N:$N,BOQ!BM$6,'[20]WorkDone DATA'!$G:$G,BOQ!$B50)*$G50","v":{"$error":"#VALUE!"}},{"$f":"SUMIFS('[20]WorkDone DATA'!$L:$L,'[20]WorkDone DATA'!$N:$N,BOQ!BN$6,'[20]WorkDone DATA'!$G:$G,BOQ!$B50)*$G50","v":{"$error":"#VALUE!"}},{"$f":"SUMIFS('[20]WorkDone DATA'!$L:$L,'[20]WorkDone DATA'!$N:$N,BOQ!BO$6,'[20]WorkDone DATA'!$G:$G,BOQ!$B50)*$G50","v":{"$error":"#VALUE!"}},{"$f":"SUMIFS('[20]WorkDone DATA'!$L:$L,'[20]WorkDone DATA'!$N:$N,BOQ!BP$6,'[20]WorkDone DATA'!$G:$G,BOQ!$B50)*$G50","v":{"$error":"#VALUE!"}},{"$f":"SUMIFS('[20]WorkDone DATA'!$L:$L,'[20]WorkDone DATA'!$N:$N,BOQ!BQ$6,'[20]WorkDone DATA'!$G:$G,BOQ!$B50)*$G50","v":{"$error":"#VALUE!"}},{"$f":"SUMIFS('[20]WorkDone DATA'!$L:$L,'[20]WorkDone DATA'!$N:$N,BOQ!BR$6,'[20]WorkDone DATA'!$G:$G,BOQ!$B50)*$G50","v":{"$error":"#VALUE!"}},{"$f":"SUMIFS('[20]WorkDone DATA'!$L:$L,'[20]WorkDone DATA'!$N:$N,BOQ!BS$6,'[20]WorkDone DATA'!$G:$G,BOQ!$B50)*$G50","v":{"$error":"#VALUE!"}},{"$f":"SUMIFS('[20]WorkDone DATA'!$L:$L,'[20]WorkDone DATA'!$N:$N,BOQ!BT$6,'[20]WorkDone DATA'!$G:$G,BOQ!$B50)*$G50","v":{"$error":"#VALUE!"}},{"$f":"SUMIFS('[20]WorkDone DATA'!$L:$L,'[20]WorkDone DATA'!$N:$N,BOQ!BU$6,'[20]WorkDone DATA'!$G:$G,BOQ!$B50)*$G50","v":{"$error":"#VALUE!"}},{"$f":"SUMIFS('[20]WorkDone DATA'!$L:$L,'[20]WorkDone DATA'!$N:$N,BOQ!BV$6,'[20]WorkDone DATA'!$G:$G,BOQ!$B50)*$G50","v":{"$error":"#VALUE!"}},{"$f":"SUMIFS('[20]WorkDone DATA'!$L:$L,'[20]WorkDone DATA'!$N:$N,BOQ!BW$6,'[20]WorkDone DATA'!$G:$G,BOQ!$B50)*$G50","v":{"$error":"#VALUE!"}},{"$f":"SUMIFS('[20]WorkDone DATA'!$L:$L,'[20]WorkDone DATA'!$N:$N,BOQ!BX$6,'[20]WorkDone DATA'!$G:$G,BOQ!$B50)*$G50","v":{"$error":"#VALUE!"}}]
[{"$f":"C49","v":"300mm2 x 1 core (EXX01UCM) 6.35kV/11kV   "},2.022,"Installation","A","set",40,{"v":3176.13,"d":"3,176.13"},{"v":127045.20000000001,"d":"127,045.20"},null,null,{"$error":"#VALUE!"},{"$error":"#VALUE!"},{"$error":"#VALUE!"},null,{"$error":"#VALUE!"},{"$error":"#VALUE!"},null,{"$f":"SUMIFS('[20]WorkDone DATA'!$L:$L,'[20]WorkDone DATA'!$N:$N,BOQ!S$6,'[20]WorkDone DATA'!$G:$G,BOQ!$B51)","v":{"$error":"#VALUE!"}},{"$error":"#VALUE!"},{"$f":"SUMIFS('[20]WorkDone DATA'!$L:$L,'[20]WorkDone DATA'!$N:$N,BOQ!U$6,'[20]WorkDone DATA'!$G:$G,BOQ!$B51)","v":{"$error":"#VALUE!"}},{"$error":"#VALUE!"},null,{"$f":"SUMIFS('[20]WorkDone DATA'!$L:$L,'[20]WorkDone DATA'!$N:$N,BOQ!W$6,'[20]WorkDone DATA'!$G:$G,BOQ!$B51)*$G51","v":{"$error":"#VALUE!"}},null,{"$f":"SUMIFS('[20]WorkDone DATA'!$L:$L,'[20]WorkDone DATA'!$N:$N,BOQ!Y$6,'[20]WorkDone DATA'!$G:$G,BOQ!$B51)*$G51","v":{"$error":"#VALUE!"}},null,{"$f":"SUMIFS('[20]WorkDone DATA'!$L:$L,'[20]WorkDone DATA'!$N:$N,BOQ!AA$6,'[20]WorkDone DATA'!$G:$G,BOQ!$B51)*$G51","v":{"$error":"#VALUE!"}},{"$f":"SUMIFS('[20]WorkDone DATA'!$L:$L,'[20]WorkDone DATA'!$N:$N,BOQ!AB$6,'[20]WorkDone DATA'!$G:$G,BOQ!$B51)*$G51","v":{"$error":"#VALUE!"}},{"$f":"SUMIFS('[20]WorkDone DATA'!$L:$L,'[20]WorkDone DATA'!$N:$N,BOQ!AC$6,'[20]WorkDone DATA'!$G:$G,BOQ!$B51)*$G51","v":{"$error":"#VALUE!"}},{"$f":"SUMIFS('[20]WorkDone DATA'!$L:$L,'[20]WorkDone DATA'!$N:$N,BOQ!AD$6,'[20]WorkDone DATA'!$G:$G,BOQ!$B51)*$G51","v":{"$error":"#VALUE!"}},{"$f":"SUMIFS('[20]WorkDone DATA'!$L:$L,'[20]WorkDone DATA'!$N:$N,BOQ!AE$6,'[20]WorkDone DATA'!$G:$G,BOQ!$B51)*$G51","v":{"$error":"#VALUE!"}},{"$f":"SUMIFS('[20]WorkDone DATA'!$L:$L,'[20]WorkDone DATA'!$N:$N,BOQ!AF$6,'[20]WorkDone DATA'!$G:$G,BOQ!$B51)*$G51","v":{"$error":"#VALUE!"}},{"$f":"SUMIFS('[20]WorkDone DATA'!$L:$L,'[20]WorkDone DATA'!$N:$N,BOQ!AG$6,'[20]WorkDone DATA'!$G:$G,BOQ!$B51)*$G51","v":{"$error":"#VALUE!"}},{"$f":"SUMIFS('[20]WorkDone DATA'!$L:$L,'[20]WorkDone DATA'!$N:$N,BOQ!AH$6,'[20]WorkDone DATA'!$G:$G,BOQ!$B51)*$G51","v":{"$error":"#VALUE!"}},{"$f":"SUMIFS('[20]WorkDone DATA'!$L:$L,'[20]WorkDone DATA'!$N:$N,BOQ!AI$6,'[20]WorkDone DATA'!$G:$G,BOQ!$B51)*$G51","v":{"$error":"#VALUE!"}},{"$f":"SUMIFS('[20]WorkDone DATA'!$L:$L,'[20]WorkDone DATA'!$N:$N,BOQ!AJ$6,'[20]WorkDone DATA'!$G:$G,BOQ!$B51)*$G51","v":{"$error":"#VALUE!"}},{"$f":"SUMIFS('[20]WorkDone DATA'!$L:$L,'[20]WorkDone DATA'!$N:$N,BOQ!AK$6,'[20]WorkDone DATA'!$G:$G,BOQ!$B51)*$G51","v":{"$error":"#VALUE!"}},{"$f":"SUMIFS('[20]WorkDone DATA'!$L:$L,'[20]WorkDone DATA'!$N:$N,BOQ!AL$6,'[20]WorkDone DATA'!$G:$G,BOQ!$B51)*$G51","v":{"$error":"#VALUE!"}},{"$f":"SUMIFS('[20]WorkDone DATA'!$L:$L,'[20]WorkDone DATA'!$N:$N,BOQ!AM$6,'[20]WorkDone DATA'!$G:$G,BOQ!$B51)*$G51","v":{"$error":"#VALUE!"}},{"$f":"SUMIFS('[20]WorkDone DATA'!$L:$L,'[20]WorkDone DATA'!$N:$N,BOQ!AN$6,'[20]WorkDone DATA'!$G:$G,BOQ!$B51)*$G51","v":{"$error":"#VALUE!"}},{"$f":"SUMIFS('[20]WorkDone DATA'!$L:$L,'[20]WorkDone DATA'!$N:$N,BOQ!AO$6,'[20]WorkDone DATA'!$G:$G,BOQ!$B51)*$G51","v":{"$error":"#VALUE!"}},{"$f":"SUMIFS('[20]WorkDone DATA'!$L:$L,'[20]WorkDone DATA'!$N:$N,BOQ!AP$6,'[20]WorkDone DATA'!$G:$G,BOQ!$B51)*$G51","v":{"$error":"#VALUE!"}},{"$f":"SUMIFS('[20]WorkDone DATA'!$L:$L,'[20]WorkDone DATA'!$N:$N,BOQ!AQ$6,'[20]WorkDone DATA'!$G:$G,BOQ!$B51)*$G51","v":{"$error":"#VALUE!"}},{"$f":"SUMIFS('[20]WorkDone DATA'!$L:$L,'[20]WorkDone DATA'!$N:$N,BOQ!AR$6,'[20]WorkDone DATA'!$G:$G,BOQ!$B51)*$G51","v":{"$error":"#VALUE!"}},{"$f":"SUMIFS('[20]WorkDone DATA'!$L:$L,'[20]WorkDone DATA'!$N:$N,BOQ!AS$6,'[20]WorkDone DATA'!$G:$G,BOQ!$B51)*$G51","v":{"$error":"#VALUE!"}},{"$f":"SUMIFS('[20]WorkDone DATA'!$L:$L,'[20]WorkDone DATA'!$N:$N,BOQ!AT$6,'[20]WorkDone DATA'!$G:$G,BOQ!$B51)*$G51","v":{"$error":"#VALUE!"}},{"$f":"SUMIFS('[20]WorkDone DATA'!$L:$L,'[20]WorkDone DATA'!$N:$N,BOQ!AU$6,'[20]WorkDone DATA'!$G:$G,BOQ!$B51)*$G51","v":{"$error":"#VALUE!"}},{"$f":"SUMIFS('[20]WorkDone DATA'!$L:$L,'[20]WorkDone DATA'!$N:$N,BOQ!AV$6,'[20]WorkDone DATA'!$G:$G,BOQ!$B51)*$G51","v":{"$error":"#VALUE!"}},{"$f":"SUMIFS('[20]WorkDone DATA'!$L:$L,'[20]WorkDone DATA'!$N:$N,BOQ!AW$6,'[20]WorkDone DATA'!$G:$G,BOQ!$B51)*$G51","v":{"$error":"#VALUE!"}},{"$f":"SUMIFS('[20]WorkDone DATA'!$L:$L,'[20]WorkDone DATA'!$N:$N,BOQ!AX$6,'[20]WorkDone DATA'!$G:$G,BOQ!$B51)*$G51","v":{"$error":"#VALUE!"}},{"$f":"SUMIFS('[20]WorkDone DATA'!$L:$L,'[20]WorkDone DATA'!$N:$N,BOQ!AY$6,'[20]WorkDone DATA'!$G:$G,BOQ!$B51)*$G51","v":{"$error":"#VALUE!"}},{"$f":"SUMIFS('[20]WorkDone DATA'!$L:$L,'[20]WorkDone DATA'!$N:$N,BOQ!AZ$6,'[20]WorkDone DATA'!$G:$G,BOQ!$B51)*$G51","v":{"$error":"#VALUE!"}},{"$f":"SUMIFS('[20]WorkDone DATA'!$L:$L,'[20]WorkDone DATA'!$N:$N,BOQ!BA$6,'[20]WorkDone DATA'!$G:$G,BOQ!$B51)*$G51","v":{"$error":"#VALUE!"}},{"$f":"SUMIFS('[20]WorkDone DATA'!$L:$L,'[20]WorkDone DATA'!$N:$N,BOQ!BB$6,'[20]WorkDone DATA'!$G:$G,BOQ!$B51)*$G51","v":{"$error":"#VALUE!"}},{"$f":"SUMIFS('[20]WorkDone DATA'!$L:$L,'[20]WorkDone DATA'!$N:$N,BOQ!BC$6,'[20]WorkDone DATA'!$G:$G,BOQ!$B51)*$G51","v":{"$error":"#VALUE!"}},{"$f":"SUMIFS('[20]WorkDone DATA'!$L:$L,'[20]WorkDone DATA'!$N:$N,BOQ!BD$6,'[20]WorkDone DATA'!$G:$G,BOQ!$B51)*$G51","v":{"$error":"#VALUE!"}},{"$f":"SUMIFS('[20]WorkDone DATA'!$L:$L,'[20]WorkDone DATA'!$N:$N,BOQ!BE$6,'[20]WorkDone DATA'!$G:$G,BOQ!$B51)*$G51","v":{"$error":"#VALUE!"}},{"$f":"SUMIFS('[20]WorkDone DATA'!$L:$L,'[20]WorkDone DATA'!$N:$N,BOQ!BF$6,'[20]WorkDone DATA'!$G:$G,BOQ!$B51)*$G51","v":{"$error":"#VALUE!"}},{"$f":"SUMIFS('[20]WorkDone DATA'!$L:$L,'[20]WorkDone DATA'!$N:$N,BOQ!BG$6,'[20]WorkDone DATA'!$G:$G,BOQ!$B51)*$G51","v":{"$error":"#VALUE!"}},{"$f":"SUMIFS('[20]WorkDone DATA'!$L:$L,'[20]WorkDone DATA'!$N:$N,BOQ!BH$6,'[20]WorkDone DATA'!$G:$G,BOQ!$B51)*$G51","v":{"$error":"#VALUE!"}},{"$f":"SUMIFS('[20]WorkDone DATA'!$L:$L,'[20]WorkDone DATA'!$N:$N,BOQ!BI$6,'[20]WorkDone DATA'!$G:$G,BOQ!$B51)*$G51","v":{"$error":"#VALUE!"}},{"$f":"SUMIFS('[20]WorkDone DATA'!$L:$L,'[20]WorkDone DATA'!$N:$N,BOQ!BJ$6,'[20]WorkDone DATA'!$G:$G,BOQ!$B51)*$G51","v":{"$error":"#VALUE!"}},{"$f":"SUMIFS('[20]WorkDone DATA'!$L:$L,'[20]WorkDone DATA'!$N:$N,BOQ!BK$6,'[20]WorkDone DATA'!$G:$G,BOQ!$B51)*$G51","v":{"$error":"#VALUE!"}},{"$f":"SUMIFS('[20]WorkDone DATA'!$L:$L,'[20]WorkDone DATA'!$N:$N,BOQ!BL$6,'[20]WorkDone DATA'!$G:$G,BOQ!$B51)*$G51","v":{"$error":"#VALUE!"}},{"$f":"SUMIFS('[20]WorkDone DATA'!$L:$L,'[20]WorkDone DATA'!$N:$N,BOQ!BM$6,'[20]WorkDone DATA'!$G:$G,BOQ!$B51)*$G51","v":{"$error":"#VALUE!"}},{"$f":"SUMIFS('[20]WorkDone DATA'!$L:$L,'[20]WorkDone DATA'!$N:$N,BOQ!BN$6,'[20]WorkDone DATA'!$G:$G,BOQ!$B51)*$G51","v":{"$error":"#VALUE!"}},{"$f":"SUMIFS('[20]WorkDone DATA'!$L:$L,'[20]WorkDone DATA'!$N:$N,BOQ!BO$6,'[20]WorkDone DATA'!$G:$G,BOQ!$B51)*$G51","v":{"$error":"#VALUE!"}},{"$f":"SUMIFS('[20]WorkDone DATA'!$L:$L,'[20]WorkDone DATA'!$N:$N,BOQ!BP$6,'[20]WorkDone DATA'!$G:$G,BOQ!$B51)*$G51","v":{"$error":"#VALUE!"}},{"$f":"SUMIFS('[20]WorkDone DATA'!$L:$L,'[20]WorkDone DATA'!$N:$N,BOQ!BQ$6,'[20]WorkDone DATA'!$G:$G,BOQ!$B51)*$G51","v":{"$error":"#VALUE!"}},{"$f":"SUMIFS('[20]WorkDone DATA'!$L:$L,'[20]WorkDone DATA'!$N:$N,BOQ!BR$6,'[20]WorkDone DATA'!$G:$G,BOQ!$B51)*$G51","v":{"$error":"#VALUE!"}},{"$f":"SUMIFS('[20]WorkDone DATA'!$L:$L,'[20]WorkDone DATA'!$N:$N,BOQ!BS$6,'[20]WorkDone DATA'!$G:$G,BOQ!$B51)*$G51","v":{"$error":"#VALUE!"}},{"$f":"SUMIFS('[20]WorkDone DATA'!$L:$L,'[20]WorkDone DATA'!$N:$N,BOQ!BT$6,'[20]WorkDone DATA'!$G:$G,BOQ!$B51)*$G51","v":{"$error":"#VALUE!"}},{"$f":"SUMIFS('[20]WorkDone DATA'!$L:$L,'[20]WorkDone DATA'!$N:$N,BOQ!BU$6,'[20]WorkDone DATA'!$G:$G,BOQ!$B51)*$G51","v":{"$error":"#VALUE!"}},{"$f":"SUMIFS('[20]WorkDone DATA'!$L:$L,'[20]WorkDone DATA'!$N:$N,BOQ!BV$6,'[20]WorkDone DATA'!$G:$G,BOQ!$B51)*$G51","v":{"$error":"#VALUE!"}},{"$f":"SUMIFS('[20]WorkDone DATA'!$L:$L,'[20]WorkDone DATA'!$N:$N,BOQ!BW$6,'[20]WorkDone DATA'!$G:$G,BOQ!$B51)*$G51","v":{"$error":"#VALUE!"}},{"$f":"SUMIFS('[20]WorkDone DATA'!$L:$L,'[20]WorkDone DATA'!$N:$N,BOQ!BX$6,'[20]WorkDone DATA'!$G:$G,BOQ!$B51)*$G51","v":{"$error":"#VALUE!"}}]
[null,null,"120mm2 x 1core (EXX01QCV) 6.35 kV/11kV",{"$nulls":4},0,{"$nulls":3},{"$error":"#VALUE!"},{"$error":"#VALUE!"},null,0,{"$error":"#VALUE!"},null,{"$f":"SUMIFS('[20]WorkDone DATA'!$L:$L,'[20]WorkDone DATA'!$N:$N,BOQ!S$6,'[20]WorkDone DATA'!$G:$G,BOQ!$B52)","v":{"$error":"#VALUE!"}},{"$error":"#VALUE!"},{"$f":"SUMIFS('[20]WorkDone DATA'!$L:$L,'[20]WorkDone DATA'!$N:$N,BOQ!U$6,'[20]WorkDone DATA'!$G:$G,BOQ!$B52)","v":{"$error":"#VALUE!"}},{"$error":"#VALUE!"},null,{"$f":"SUMIFS('[20]WorkDone DATA'!$L:$L,'[20]WorkDone DATA'!$N:$N,BOQ!W$6,'[20]WorkDone DATA'!$G:$G,BOQ!$B52)*$G52","v":{"$error":"#VALUE!"}},null,{"$f":"SUMIFS('[20]WorkDone DATA'!$L:$L,'[20]WorkDone DATA'!$N:$N,BOQ!Y$6,'[20]WorkDone DATA'!$G:$G,BOQ!$B52)*$G52","v":{"$error":"#VALUE!"}},null,{"$f":"SUMIFS('[20]WorkDone DATA'!$L:$L,'[20]WorkDone DATA'!$N:$N,BOQ!AA$6,'[20]WorkDone DATA'!$G:$G,BOQ!$B52)*$G52","v":{"$error":"#VALUE!"}},{"$f":"SUMIFS('[20]WorkDone DATA'!$L:$L,'[20]WorkDone DATA'!$N:$N,BOQ!AB$6,'[20]WorkDone DATA'!$G:$G,BOQ!$B52)*$G52","v":{"$error":"#VALUE!"}},{"$f":"SUMIFS('[20]WorkDone DATA'!$L:$L,'[20]WorkDone DATA'!$N:$N,BOQ!AC$6,'[20]WorkDone DATA'!$G:$G,BOQ!$B52)*$G52","v":{"$error":"#VALUE!"}},{"$f":"SUMIFS('[20]WorkDone DATA'!$L:$L,'[20]WorkDone DATA'!$N:$N,BOQ!AD$6,'[20]WorkDone DATA'!$G:$G,BOQ!$B52)*$G52","v":{"$error":"#VALUE!"}},{"$f":"SUMIFS('[20]WorkDone DATA'!$L:$L,'[20]WorkDone DATA'!$N:$N,BOQ!AE$6,'[20]WorkDone DATA'!$G:$G,BOQ!$B52)*$G52","v":{"$error":"#VALUE!"}},{"$f":"SUMIFS('[20]WorkDone DATA'!$L:$L,'[20]WorkDone DATA'!$N:$N,BOQ!AF$6,'[20]WorkDone DATA'!$G:$G,BOQ!$B52)*$G52","v":{"$error":"#VALUE!"}},{"$f":"SUMIFS('[20]WorkDone DATA'!$L:$L,'[20]WorkDone DATA'!$N:$N,BOQ!AG$6,'[20]WorkDone DATA'!$G:$G,BOQ!$B52)*$G52","v":{"$error":"#VALUE!"}},{"$f":"SUMIFS('[20]WorkDone DATA'!$L:$L,'[20]WorkDone DATA'!$N:$N,BOQ!AH$6,'[20]WorkDone DATA'!$G:$G,BOQ!$B52)*$G52","v":{"$error":"#VALUE!"}},{"$f":"SUMIFS('[20]WorkDone DATA'!$L:$L,'[20]WorkDone DATA'!$N:$N,BOQ!AI$6,'[20]WorkDone DATA'!$G:$G,BOQ!$B52)*$G52","v":{"$error":"#VALUE!"}},{"$f":"SUMIFS('[20]WorkDone DATA'!$L:$L,'[20]WorkDone DATA'!$N:$N,BOQ!AJ$6,'[20]WorkDone DATA'!$G:$G,BOQ!$B52)*$G52","v":{"$error":"#VALUE!"}},{"$f":"SUMIFS('[20]WorkDone DATA'!$L:$L,'[20]WorkDone DATA'!$N:$N,BOQ!AK$6,'[20]WorkDone DATA'!$G:$G,BOQ!$B52)*$G52","v":{"$error":"#VALUE!"}},{"$f":"SUMIFS('[20]WorkDone DATA'!$L:$L,'[20]WorkDone DATA'!$N:$N,BOQ!AL$6,'[20]WorkDone DATA'!$G:$G,BOQ!$B52)*$G52","v":{"$error":"#VALUE!"}},{"$f":"SUMIFS('[20]WorkDone DATA'!$L:$L,'[20]WorkDone DATA'!$N:$N,BOQ!AM$6,'[20]WorkDone DATA'!$G:$G,BOQ!$B52)*$G52","v":{"$error":"#VALUE!"}},{"$f":"SUMIFS('[20]WorkDone DATA'!$L:$L,'[20]WorkDone DATA'!$N:$N,BOQ!AN$6,'[20]WorkDone DATA'!$G:$G,BOQ!$B52)*$G52","v":{"$error":"#VALUE!"}},{"$f":"SUMIFS('[20]WorkDone DATA'!$L:$L,'[20]WorkDone DATA'!$N:$N,BOQ!AO$6,'[20]WorkDone DATA'!$G:$G,BOQ!$B52)*$G52","v":{"$error":"#VALUE!"}},{"$f":"SUMIFS('[20]WorkDone DATA'!$L:$L,'[20]WorkDone DATA'!$N:$N,BOQ!AP$6,'[20]WorkDone DATA'!$G:$G,BOQ!$B52)*$G52","v":{"$error":"#VALUE!"}},{"$f":"SUMIFS('[20]WorkDone DATA'!$L:$L,'[20]WorkDone DATA'!$N:$N,BOQ!AQ$6,'[20]WorkDone DATA'!$G:$G,BOQ!$B52)*$G52","v":{"$error":"#VALUE!"}},{"$f":"SUMIFS('[20]WorkDone DATA'!$L:$L,'[20]WorkDone DATA'!$N:$N,BOQ!AR$6,'[20]WorkDone DATA'!$G:$G,BOQ!$B52)*$G52","v":{"$error":"#VALUE!"}},{"$f":"SUMIFS('[20]WorkDone DATA'!$L:$L,'[20]WorkDone DATA'!$N:$N,BOQ!AS$6,'[20]WorkDone DATA'!$G:$G,BOQ!$B52)*$G52","v":{"$error":"#VALUE!"}},{"$f":"SUMIFS('[20]WorkDone DATA'!$L:$L,'[20]WorkDone DATA'!$N:$N,BOQ!AT$6,'[20]WorkDone DATA'!$G:$G,BOQ!$B52)*$G52","v":{"$error":"#VALUE!"}},{"$f":"SUMIFS('[20]WorkDone DATA'!$L:$L,'[20]WorkDone DATA'!$N:$N,BOQ!AU$6,'[20]WorkDone DATA'!$G:$G,BOQ!$B52)*$G52","v":{"$error":"#VALUE!"}},{"$f":"SUMIFS('[20]WorkDone DATA'!$L:$L,'[20]WorkDone DATA'!$N:$N,BOQ!AV$6,'[20]WorkDone DATA'!$G:$G,BOQ!$B52)*$G52","v":{"$error":"#VALUE!"}},{"$f":"SUMIFS('[20]WorkDone DATA'!$L:$L,'[20]WorkDone DATA'!$N:$N,BOQ!AW$6,'[20]WorkDone DATA'!$G:$G,BOQ!$B52)*$G52","v":{"$error":"#VALUE!"}},{"$f":"SUMIFS('[20]WorkDone DATA'!$L:$L,'[20]WorkDone DATA'!$N:$N,BOQ!AX$6,'[20]WorkDone DATA'!$G:$G,BOQ!$B52)*$G52","v":{"$error":"#VALUE!"}},{"$f":"SUMIFS('[20]WorkDone DATA'!$L:$L,'[20]WorkDone DATA'!$N:$N,BOQ!AY$6,'[20]WorkDone DATA'!$G:$G,BOQ!$B52)*$G52","v":{"$error":"#VALUE!"}},{"$f":"SUMIFS('[20]WorkDone DATA'!$L:$L,'[20]WorkDone DATA'!$N:$N,BOQ!AZ$6,'[20]WorkDone DATA'!$G:$G,BOQ!$B52)*$G52","v":{"$error":"#VALUE!"}},{"$f":"SUMIFS('[20]WorkDone DATA'!$L:$L,'[20]WorkDone DATA'!$N:$N,BOQ!BA$6,'[20]WorkDone DATA'!$G:$G,BOQ!$B52)*$G52","v":{"$error":"#VALUE!"}},{"$f":"SUMIFS('[20]WorkDone DATA'!$L:$L,'[20]WorkDone DATA'!$N:$N,BOQ!BB$6,'[20]WorkDone DATA'!$G:$G,BOQ!$B52)*$G52","v":{"$error":"#VALUE!"}},{"$f":"SUMIFS('[20]WorkDone DATA'!$L:$L,'[20]WorkDone DATA'!$N:$N,BOQ!BC$6,'[20]WorkDone DATA'!$G:$G,BOQ!$B52)*$G52","v":{"$error":"#VALUE!"}},{"$f":"SUMIFS('[20]WorkDone DATA'!$L:$L,'[20]WorkDone DATA'!$N:$N,BOQ!BD$6,'[20]WorkDone DATA'!$G:$G,BOQ!$B52)*$G52","v":{"$error":"#VALUE!"}},{"$f":"SUMIFS('[20]WorkDone DATA'!$L:$L,'[20]WorkDone DATA'!$N:$N,BOQ!BE$6,'[20]WorkDone DATA'!$G:$G,BOQ!$B52)*$G52","v":{"$error":"#VALUE!"}},{"$f":"SUMIFS('[20]WorkDone DATA'!$L:$L,'[20]WorkDone DATA'!$N:$N,BOQ!BF$6,'[20]WorkDone DATA'!$G:$G,BOQ!$B52)*$G52","v":{"$error":"#VALUE!"}},{"$f":"SUMIFS('[20]WorkDone DATA'!$L:$L,'[20]WorkDone DATA'!$N:$N,BOQ!BG$6,'[20]WorkDone DATA'!$G:$G,BOQ!$B52)*$G52","v":{"$error":"#VALUE!"}},{"$f":"SUMIFS('[20]WorkDone DATA'!$L:$L,'[20]WorkDone DATA'!$N:$N,BOQ!BH$6,'[20]WorkDone DATA'!$G:$G,BOQ!$B52)*$G52","v":{"$error":"#VALUE!"}},{"$f":"SUMIFS('[20]WorkDone DATA'!$L:$L,'[20]WorkDone DATA'!$N:$N,BOQ!BI$6,'[20]WorkDone DATA'!$G:$G,BOQ!$B52)*$G52","v":{"$error":"#VALUE!"}},{"$f":"SUMIFS('[20]WorkDone DATA'!$L:$L,'[20]WorkDone DATA'!$N:$N,BOQ!BJ$6,'[20]WorkDone DATA'!$G:$G,BOQ!$B52)*$G52","v":{"$error":"#VALUE!"}},{"$f":"SUMIFS('[20]WorkDone DATA'!$L:$L,'[20]WorkDone DATA'!$N:$N,BOQ!BK$6,'[20]WorkDone DATA'!$G:$G,BOQ!$B52)*$G52","v":{"$error":"#VALUE!"}},{"$f":"SUMIFS('[20]WorkDone DATA'!$L:$L,'[20]WorkDone DATA'!$N:$N,BOQ!BL$6,'[20]WorkDone DATA'!$G:$G,BOQ!$B52)*$G52","v":{"$error":"#VALUE!"}},{"$f":"SUMIFS('[20]WorkDone DATA'!$L:$L,'[20]WorkDone DATA'!$N:$N,BOQ!BM$6,'[20]WorkDone DATA'!$G:$G,BOQ!$B52)*$G52","v":{"$error":"#VALUE!"}},{"$f":"SUMIFS('[20]WorkDone DATA'!$L:$L,'[20]WorkDone DATA'!$N:$N,BOQ!BN$6,'[20]WorkDone DATA'!$G:$G,BOQ!$B52)*$G52","v":{"$error":"#VALUE!"}},{"$f":"SUMIFS('[20]WorkDone DATA'!$L:$L,'[20]WorkDone DATA'!$N:$N,BOQ!BO$6,'[20]WorkDone DATA'!$G:$G,BOQ!$B52)*$G52","v":{"$error":"#VALUE!"}},{"$f":"SUMIFS('[20]WorkDone DATA'!$L:$L,'[20]WorkDone DATA'!$N:$N,BOQ!BP$6,'[20]WorkDone DATA'!$G:$G,BOQ!$B52)*$G52","v":{"$error":"#VALUE!"}},{"$f":"SUMIFS('[20]WorkDone DATA'!$L:$L,'[20]WorkDone DATA'!$N:$N,BOQ!BQ$6,'[20]WorkDone DATA'!$G:$G,BOQ!$B52)*$G52","v":{"$error":"#VALUE!"}},{"$f":"SUMIFS('[20]WorkDone DATA'!$L:$L,'[20]WorkDone DATA'!$N:$N,BOQ!BR$6,'[20]WorkDone DATA'!$G:$G,BOQ!$B52)*$G52","v":{"$error":"#VALUE!"}},{"$f":"SUMIFS('[20]WorkDone DATA'!$L:$L,'[20]WorkDone DATA'!$N:$N,BOQ!BS$6,'[20]WorkDone DATA'!$G:$G,BOQ!$B52)*$G52","v":{"$error":"#VALUE!"}},{"$f":"SUMIFS('[20]WorkDone DATA'!$L:$L,'[20]WorkDone DATA'!$N:$N,BOQ!BT$6,'[20]WorkDone DATA'!$G:$G,BOQ!$B52)*$G52","v":{"$error":"#VALUE!"}},{"$f":"SUMIFS('[20]WorkDone DATA'!$L:$L,'[20]WorkDone DATA'!$N:$N,BOQ!BU$6,'[20]WorkDone DATA'!$G:$G,BOQ!$B52)*$G52","v":{"$error":"#VALUE!"}},{"$f":"SUMIFS('[20]WorkDone DATA'!$L:$L,'[20]WorkDone DATA'!$N:$N,BOQ!BV$6,'[20]WorkDone DATA'!$G:$G,BOQ!$B52)*$G52","v":{"$error":"#VALUE!"}},{"$f":"SUMIFS('[20]WorkDone DATA'!$L:$L,'[20]WorkDone DATA'!$N:$N,BOQ!BW$6,'[20]WorkDone DATA'!$G:$G,BOQ!$B52)*$G52","v":{"$error":"#VALUE!"}},{"$f":"SUMIFS('[20]WorkDone DATA'!$L:$L,'[20]WorkDone DATA'!$N:$N,BOQ!BX$6,'[20]WorkDone DATA'!$G:$G,BOQ!$B52)*$G52","v":{"$error":"#VALUE!"}}]
[{"$f":"C52","v":"120mm2 x 1core (EXX01QCV) 6.35 kV/11kV"},2.023,"Supply","E","set",72,{"v":2995.91,"d":"2,995.91"},{"v":215705.52,"d":"215,705.52"},null,null,{"$error":"#VALUE!"},{"$error":"#VALUE!"},{"$error":"#VALUE!"},null,{"$error":"#VALUE!"},{"$error":"#VALUE!"},null,{"$f":"SUMIFS('[20]WorkDone DATA'!$L:$L,'[20]WorkDone DATA'!$N:$N,BOQ!S$6,'[20]WorkDone DATA'!$G:$G,BOQ!$B53)","v":{"$error":"#VALUE!"}},{"$error":"#VALUE!"},{"$f":"SUMIFS('[20]WorkDone DATA'!$L:$L,'[20]WorkDone DATA'!$N:$N,BOQ!U$6,'[20]WorkDone DATA'!$G:$G,BOQ!$B53)","v":{"$error":"#VALUE!"}},{"$error":"#VALUE!"},null,{"$f":"SUMIFS('[20]WorkDone DATA'!$L:$L,'[20]WorkDone DATA'!$N:$N,BOQ!W$6,'[20]WorkDone DATA'!$G:$G,BOQ!$B53)*$G53","v":{"$error":"#VALUE!"}},null,{"$f":"SUMIFS('[20]WorkDone DATA'!$L:$L,'[20]WorkDone DATA'!$N:$N,BOQ!Y$6,'[20]WorkDone DATA'!$G:$G,BOQ!$B53)*$G53","v":{"$error":"#VALUE!"}},null,{"$f":"SUMIFS('[20]WorkDone DATA'!$L:$L,'[20]WorkDone DATA'!$N:$N,BOQ!AA$6,'[20]WorkDone DATA'!$G:$G,BOQ!$B53)*$G53","v":{"$error":"#VALUE!"}},{"$f":"SUMIFS('[20]WorkDone DATA'!$L:$L,'[20]WorkDone DATA'!$N:$N,BOQ!AB$6,'[20]WorkDone DATA'!$G:$G,BOQ!$B53)*$G53","v":{"$error":"#VALUE!"}},{"$f":"SUMIFS('[20]WorkDone DATA'!$L:$L,'[20]WorkDone DATA'!$N:$N,BOQ!AC$6,'[20]WorkDone DATA'!$G:$G,BOQ!$B53)*$G53","v":{"$error":"#VALUE!"}},{"$f":"SUMIFS('[20]WorkDone DATA'!$L:$L,'[20]WorkDone DATA'!$N:$N,BOQ!AD$6,'[20]WorkDone DATA'!$G:$G,BOQ!$B53)*$G53","v":{"$error":"#VALUE!"}},{"$f":"SUMIFS('[20]WorkDone DATA'!$L:$L,'[20]WorkDone DATA'!$N:$N,BOQ!AE$6,'[20]WorkDone DATA'!$G:$G,BOQ!$B53)*$G53","v":{"$error":"#VALUE!"}},{"$f":"SUMIFS('[20]WorkDone DATA'!$L:$L,'[20]WorkDone DATA'!$N:$N,BOQ!AF$6,'[20]WorkDone DATA'!$G:$G,BOQ!$B53)*$G53","v":{"$error":"#VALUE!"}},{"$f":"SUMIFS('[20]WorkDone DATA'!$L:$L,'[20]WorkDone DATA'!$N:$N,BOQ!AG$6,'[20]WorkDone DATA'!$G:$G,BOQ!$B53)*$G53","v":{"$error":"#VALUE!"}},{"$f":"SUMIFS('[20]WorkDone DATA'!$L:$L,'[20]WorkDone DATA'!$N:$N,BOQ!AH$6,'[20]WorkDone DATA'!$G:$G,BOQ!$B53)*$G53","v":{"$error":"#VALUE!"}},{"$f":"SUMIFS('[20]WorkDone DATA'!$L:$L,'[20]WorkDone DATA'!$N:$N,BOQ!AI$6,'[20]WorkDone DATA'!$G:$G,BOQ!$B53)*$G53","v":{"$error":"#VALUE!"}},{"$f":"SUMIFS('[20]WorkDone DATA'!$L:$L,'[20]WorkDone DATA'!$N:$N,BOQ!AJ$6,'[20]WorkDone DATA'!$G:$G,BOQ!$B53)*$G53","v":{"$error":"#VALUE!"}},{"$f":"SUMIFS('[20]WorkDone DATA'!$L:$L,'[20]WorkDone DATA'!$N:$N,BOQ!AK$6,'[20]WorkDone DATA'!$G:$G,BOQ!$B53)*$G53","v":{"$error":"#VALUE!"}},{"$f":"SUMIFS('[20]WorkDone DATA'!$L:$L,'[20]WorkDone DATA'!$N:$N,BOQ!AL$6,'[20]WorkDone DATA'!$G:$G,BOQ!$B53)*$G53","v":{"$error":"#VALUE!"}},{"$f":"SUMIFS('[20]WorkDone DATA'!$L:$L,'[20]WorkDone DATA'!$N:$N,BOQ!AM$6,'[20]WorkDone DATA'!$G:$G,BOQ!$B53)*$G53","v":{"$error":"#VALUE!"}},{"$f":"SUMIFS('[20]WorkDone DATA'!$L:$L,'[20]WorkDone DATA'!$N:$N,BOQ!AN$6,'[20]WorkDone DATA'!$G:$G,BOQ!$B53)*$G53","v":{"$error":"#VALUE!"}},{"$f":"SUMIFS('[20]WorkDone DATA'!$L:$L,'[20]WorkDone DATA'!$N:$N,BOQ!AO$6,'[20]WorkDone DATA'!$G:$G,BOQ!$B53)*$G53","v":{"$error":"#VALUE!"}},{"$f":"SUMIFS('[20]WorkDone DATA'!$L:$L,'[20]WorkDone DATA'!$N:$N,BOQ!AP$6,'[20]WorkDone DATA'!$G:$G,BOQ!$B53)*$G53","v":{"$error":"#VALUE!"}},{"$f":"SUMIFS('[20]WorkDone DATA'!$L:$L,'[20]WorkDone DATA'!$N:$N,BOQ!AQ$6,'[20]WorkDone DATA'!$G:$G,BOQ!$B53)*$G53","v":{"$error":"#VALUE!"}},{"$f":"SUMIFS('[20]WorkDone DATA'!$L:$L,'[20]WorkDone DATA'!$N:$N,BOQ!AR$6,'[20]WorkDone DATA'!$G:$G,BOQ!$B53)*$G53","v":{"$error":"#VALUE!"}},{"$f":"SUMIFS('[20]WorkDone DATA'!$L:$L,'[20]WorkDone DATA'!$N:$N,BOQ!AS$6,'[20]WorkDone DATA'!$G:$G,BOQ!$B53)*$G53","v":{"$error":"#VALUE!"}},{"$f":"SUMIFS('[20]WorkDone DATA'!$L:$L,'[20]WorkDone DATA'!$N:$N,BOQ!AT$6,'[20]WorkDone DATA'!$G:$G,BOQ!$B53)*$G53","v":{"$error":"#VALUE!"}},{"$f":"SUMIFS('[20]WorkDone DATA'!$L:$L,'[20]WorkDone DATA'!$N:$N,BOQ!AU$6,'[20]WorkDone DATA'!$G:$G,BOQ!$B53)*$G53","v":{"$error":"#VALUE!"}},{"$f":"SUMIFS('[20]WorkDone DATA'!$L:$L,'[20]WorkDone DATA'!$N:$N,BOQ!AV$6,'[20]WorkDone DATA'!$G:$G,BOQ!$B53)*$G53","v":{"$error":"#VALUE!"}},{"$f":"SUMIFS('[20]WorkDone DATA'!$L:$L,'[20]WorkDone DATA'!$N:$N,BOQ!AW$6,'[20]WorkDone DATA'!$G:$G,BOQ!$B53)*$G53","v":{"$error":"#VALUE!"}},{"$f":"SUMIFS('[20]WorkDone DATA'!$L:$L,'[20]WorkDone DATA'!$N:$N,BOQ!AX$6,'[20]WorkDone DATA'!$G:$G,BOQ!$B53)*$G53","v":{"$error":"#VALUE!"}},{"$f":"SUMIFS('[20]WorkDone DATA'!$L:$L,'[20]WorkDone DATA'!$N:$N,BOQ!AY$6,'[20]WorkDone DATA'!$G:$G,BOQ!$B53)*$G53","v":{"$error":"#VALUE!"}},{"$f":"SUMIFS('[20]WorkDone DATA'!$L:$L,'[20]WorkDone DATA'!$N:$N,BOQ!AZ$6,'[20]WorkDone DATA'!$G:$G,BOQ!$B53)*$G53","v":{"$error":"#VALUE!"}},{"$f":"SUMIFS('[20]WorkDone DATA'!$L:$L,'[20]WorkDone DATA'!$N:$N,BOQ!BA$6,'[20]WorkDone DATA'!$G:$G,BOQ!$B53)*$G53","v":{"$error":"#VALUE!"}},{"$f":"SUMIFS('[20]WorkDone DATA'!$L:$L,'[20]WorkDone DATA'!$N:$N,BOQ!BB$6,'[20]WorkDone DATA'!$G:$G,BOQ!$B53)*$G53","v":{"$error":"#VALUE!"}},{"$f":"SUMIFS('[20]WorkDone DATA'!$L:$L,'[20]WorkDone DATA'!$N:$N,BOQ!BC$6,'[20]WorkDone DATA'!$G:$G,BOQ!$B53)*$G53","v":{"$error":"#VALUE!"}},{"$f":"SUMIFS('[20]WorkDone DATA'!$L:$L,'[20]WorkDone DATA'!$N:$N,BOQ!BD$6,'[20]WorkDone DATA'!$G:$G,BOQ!$B53)*$G53","v":{"$error":"#VALUE!"}},{"$f":"SUMIFS('[20]WorkDone DATA'!$L:$L,'[20]WorkDone DATA'!$N:$N,BOQ!BE$6,'[20]WorkDone DATA'!$G:$G,BOQ!$B53)*$G53","v":{"$error":"#VALUE!"}},{"$f":"SUMIFS('[20]WorkDone DATA'!$L:$L,'[20]WorkDone DATA'!$N:$N,BOQ!BF$6,'[20]WorkDone DATA'!$G:$G,BOQ!$B53)*$G53","v":{"$error":"#VALUE!"}},{"$f":"SUMIFS('[20]WorkDone DATA'!$L:$L,'[20]WorkDone DATA'!$N:$N,BOQ!BG$6,'[20]WorkDone DATA'!$G:$G,BOQ!$B53)*$G53","v":{"$error":"#VALUE!"}},{"$f":"SUMIFS('[20]WorkDone DATA'!$L:$L,'[20]WorkDone DATA'!$N:$N,BOQ!BH$6,'[20]WorkDone DATA'!$G:$G,BOQ!$B53)*$G53","v":{"$error":"#VALUE!"}},{"$f":"SUMIFS('[20]WorkDone DATA'!$L:$L,'[20]WorkDone DATA'!$N:$N,BOQ!BI$6,'[20]WorkDone DATA'!$G:$G,BOQ!$B53)*$G53","v":{"$error":"#VALUE!"}},{"$f":"SUMIFS('[20]WorkDone DATA'!$L:$L,'[20]WorkDone DATA'!$N:$N,BOQ!BJ$6,'[20]WorkDone DATA'!$G:$G,BOQ!$B53)*$G53","v":{"$error":"#VALUE!"}},{"$f":"SUMIFS('[20]WorkDone DATA'!$L:$L,'[20]WorkDone DATA'!$N:$N,BOQ!BK$6,'[20]WorkDone DATA'!$G:$G,BOQ!$B53)*$G53","v":{"$error":"#VALUE!"}},{"$f":"SUMIFS('[20]WorkDone DATA'!$L:$L,'[20]WorkDone DATA'!$N:$N,BOQ!BL$6,'[20]WorkDone DATA'!$G:$G,BOQ!$B53)*$G53","v":{"$error":"#VALUE!"}},{"$f":"SUMIFS('[20]WorkDone DATA'!$L:$L,'[20]WorkDone DATA'!$N:$N,BOQ!BM$6,'[20]WorkDone DATA'!$G:$G,BOQ!$B53)*$G53","v":{"$error":"#VALUE!"}},{"$f":"SUMIFS('[20]WorkDone DATA'!$L:$L,'[20]WorkDone DATA'!$N:$N,BOQ!BN$6,'[20]WorkDone DATA'!$G:$G,BOQ!$B53)*$G53","v":{"$error":"#VALUE!"}},{"$f":"SUMIFS('[20]WorkDone DATA'!$L:$L,'[20]WorkDone DATA'!$N:$N,BOQ!BO$6,'[20]WorkDone DATA'!$G:$G,BOQ!$B53)*$G53","v":{"$error":"#VALUE!"}},{"$f":"SUMIFS('[20]WorkDone DATA'!$L:$L,'[20]WorkDone DATA'!$N:$N,BOQ!BP$6,'[20]WorkDone DATA'!$G:$G,BOQ!$B53)*$G53","v":{"$error":"#VALUE!"}},{"$f":"SUMIFS('[20]WorkDone DATA'!$L:$L,'[20]WorkDone DATA'!$N:$N,BOQ!BQ$6,'[20]WorkDone DATA'!$G:$G,BOQ!$B53)*$G53","v":{"$error":"#VALUE!"}},{"$f":"SUMIFS('[20]WorkDone DATA'!$L:$L,'[20]WorkDone DATA'!$N:$N,BOQ!BR$6,'[20]WorkDone DATA'!$G:$G,BOQ!$B53)*$G53","v":{"$error":"#VALUE!"}},{"$f":"SUMIFS('[20]WorkDone DATA'!$L:$L,'[20]WorkDone DATA'!$N:$N,BOQ!BS$6,'[20]WorkDone DATA'!$G:$G,BOQ!$B53)*$G53","v":{"$error":"#VALUE!"}},{"$f":"SUMIFS('[20]WorkDone DATA'!$L:$L,'[20]WorkDone DATA'!$N:$N,BOQ!BT$6,'[20]WorkDone DATA'!$G:$G,BOQ!$B53)*$G53","v":{"$error":"#VALUE!"}},{"$f":"SUMIFS('[20]WorkDone DATA'!$L:$L,'[20]WorkDone DATA'!$N:$N,BOQ!BU$6,'[20]WorkDone DATA'!$G:$G,BOQ!$B53)*$G53","v":{"$error":"#VALUE!"}},{"$f":"SUMIFS('[20]WorkDone DATA'!$L:$L,'[20]WorkDone DATA'!$N:$N,BOQ!BV$6,'[20]WorkDone DATA'!$G:$G,BOQ!$B53)*$G53","v":{"$error":"#VALUE!"}},{"$f":"SUMIFS('[20]WorkDone DATA'!$L:$L,'[20]WorkDone DATA'!$N:$N,BOQ!BW$6,'[20]WorkDone DATA'!$G:$G,BOQ!$B53)*$G53","v":{"$error":"#VALUE!"}},{"$f":"SUMIFS('[20]WorkDone DATA'!$L:$L,'[20]WorkDone DATA'!$N:$N,BOQ!BX$6,'[20]WorkDone DATA'!$G:$G,BOQ!$B53)*$G53","v":{"$error":"#VALUE!"}}]
[{"$f":"C52","v":"120mm2 x 1core (EXX01QCV) 6.35 kV/11kV"},2.024,"Installation","A","set",72,{"v":1332.69,"d":"1,332.69"},{"v":95953.68000000001,"d":"95,953.68"},null,null,{"$error":"#VALUE!"},{"$error":"#VALUE!"},{"$error":"#VALUE!"},null,{"$error":"#VALUE!"},{"$error":"#VALUE!"},null,{"$f":"SUMIFS('[20]WorkDone DATA'!$L:$L,'[20]WorkDone DATA'!$N:$N,BOQ!S$6,'[20]WorkDone DATA'!$G:$G,BOQ!$B54)","v":{"$error":"#VALUE!"}},{"$error":"#VALUE!"},{"$f":"SUMIFS('[20]WorkDone DATA'!$L:$L,'[20]WorkDone DATA'!$N:$N,BOQ!U$6,'[20]WorkDone DATA'!$G:$G,BOQ!$B54)","v":{"$error":"#VALUE!"}},{"$error":"#VALUE!"},null,{"$f":"SUMIFS('[20]WorkDone DATA'!$L:$L,'[20]WorkDone DATA'!$N:$N,BOQ!W$6,'[20]WorkDone DATA'!$G:$G,BOQ!$B54)*$G54","v":{"$error":"#VALUE!"}},null,{"$f":"SUMIFS('[20]WorkDone DATA'!$L:$L,'[20]WorkDone DATA'!$N:$N,BOQ!Y$6,'[20]WorkDone DATA'!$G:$G,BOQ!$B54)*$G54","v":{"$error":"#VALUE!"}},null,{"$f":"SUMIFS('[20]WorkDone DATA'!$L:$L,'[20]WorkDone DATA'!$N:$N,BOQ!AA$6,'[20]WorkDone DATA'!$G:$G,BOQ!$B54)*$G54","v":{"$error":"#VALUE!"}},{"$f":"SUMIFS('[20]WorkDone DATA'!$L:$L,'[20]WorkDone DATA'!$N:$N,BOQ!AB$6,'[20]WorkDone DATA'!$G:$G,BOQ!$B54)*$G54","v":{"$error":"#VALUE!"}},{"$f":"SUMIFS('[20]WorkDone DATA'!$L:$L,'[20]WorkDone DATA'!$N:$N,BOQ!AC$6,'[20]WorkDone DATA'!$G:$G,BOQ!$B54)*$G54","v":{"$error":"#VALUE!"}},{"$f":"SUMIFS('[20]WorkDone DATA'!$L:$L,'[20]WorkDone DATA'!$N:$N,BOQ!AD$6,'[20]WorkDone DATA'!$G:$G,BOQ!$B54)*$G54","v":{"$error":"#VALUE!"}},{"$f":"SUMIFS('[20]WorkDone DATA'!$L:$L,'[20]WorkDone DATA'!$N:$N,BOQ!AE$6,'[20]WorkDone DATA'!$G:$G,BOQ!$B54)*$G54","v":{"$error":"#VALUE!"}},{"$f":"SUMIFS('[20]WorkDone DATA'!$L:$L,'[20]WorkDone DATA'!$N:$N,BOQ!AF$6,'[20]WorkDone DATA'!$G:$G,BOQ!$B54)*$G54","v":{"$error":"#VALUE!"}},{"$f":"SUMIFS('[20]WorkDone DATA'!$L:$L,'[20]WorkDone DATA'!$N:$N,BOQ!AG$6,'[20]WorkDone DATA'!$G:$G,BOQ!$B54)*$G54","v":{"$error":"#VALUE!"}},{"$f":"SUMIFS('[20]WorkDone DATA'!$L:$L,'[20]WorkDone DATA'!$N:$N,BOQ!AH$6,'[20]WorkDone DATA'!$G:$G,BOQ!$B54)*$G54","v":{"$error":"#VALUE!"}},{"$f":"SUMIFS('[20]WorkDone DATA'!$L:$L,'[20]WorkDone DATA'!$N:$N,BOQ!AI$6,'[20]WorkDone DATA'!$G:$G,BOQ!$B54)*$G54","v":{"$error":"#VALUE!"}},{"$f":"SUMIFS('[20]WorkDone DATA'!$L:$L,'[20]WorkDone DATA'!$N:$N,BOQ!AJ$6,'[20]WorkDone DATA'!$G:$G,BOQ!$B54)*$G54","v":{"$error":"#VALUE!"}},{"$f":"SUMIFS('[20]WorkDone DATA'!$L:$L,'[20]WorkDone DATA'!$N:$N,BOQ!AK$6,'[20]WorkDone DATA'!$G:$G,BOQ!$B54)*$G54","v":{"$error":"#VALUE!"}},{"$f":"SUMIFS('[20]WorkDone DATA'!$L:$L,'[20]WorkDone DATA'!$N:$N,BOQ!AL$6,'[20]WorkDone DATA'!$G:$G,BOQ!$B54)*$G54","v":{"$error":"#VALUE!"}},{"$f":"SUMIFS('[20]WorkDone DATA'!$L:$L,'[20]WorkDone DATA'!$N:$N,BOQ!AM$6,'[20]WorkDone DATA'!$G:$G,BOQ!$B54)*$G54","v":{"$error":"#VALUE!"}},{"$f":"SUMIFS('[20]WorkDone DATA'!$L:$L,'[20]WorkDone DATA'!$N:$N,BOQ!AN$6,'[20]WorkDone DATA'!$G:$G,BOQ!$B54)*$G54","v":{"$error":"#VALUE!"}},{"$f":"SUMIFS('[20]WorkDone DATA'!$L:$L,'[20]WorkDone DATA'!$N:$N,BOQ!AO$6,'[20]WorkDone DATA'!$G:$G,BOQ!$B54)*$G54","v":{"$error":"#VALUE!"}},{"$f":"SUMIFS('[20]WorkDone DATA'!$L:$L,'[20]WorkDone DATA'!$N:$N,BOQ!AP$6,'[20]WorkDone DATA'!$G:$G,BOQ!$B54)*$G54","v":{"$error":"#VALUE!"}},{"$f":"SUMIFS('[20]WorkDone DATA'!$L:$L,'[20]WorkDone DATA'!$N:$N,BOQ!AQ$6,'[20]WorkDone DATA'!$G:$G,BOQ!$B54)*$G54","v":{"$error":"#VALUE!"}},{"$f":"SUMIFS('[20]WorkDone DATA'!$L:$L,'[20]WorkDone DATA'!$N:$N,BOQ!AR$6,'[20]WorkDone DATA'!$G:$G,BOQ!$B54)*$G54","v":{"$error":"#VALUE!"}},{"$f":"SUMIFS('[20]WorkDone DATA'!$L:$L,'[20]WorkDone DATA'!$N:$N,BOQ!AS$6,'[20]WorkDone DATA'!$G:$G,BOQ!$B54)*$G54","v":{"$error":"#VALUE!"}},{"$f":"SUMIFS('[20]WorkDone DATA'!$L:$L,'[20]WorkDone DATA'!$N:$N,BOQ!AT$6,'[20]WorkDone DATA'!$G:$G,BOQ!$B54)*$G54","v":{"$error":"#VALUE!"}},{"$f":"SUMIFS('[20]WorkDone DATA'!$L:$L,'[20]WorkDone DATA'!$N:$N,BOQ!AU$6,'[20]WorkDone DATA'!$G:$G,BOQ!$B54)*$G54","v":{"$error":"#VALUE!"}},{"$f":"SUMIFS('[20]WorkDone DATA'!$L:$L,'[20]WorkDone DATA'!$N:$N,BOQ!AV$6,'[20]WorkDone DATA'!$G:$G,BOQ!$B54)*$G54","v":{"$error":"#VALUE!"}},{"$f":"SUMIFS('[20]WorkDone DATA'!$L:$L,'[20]WorkDone DATA'!$N:$N,BOQ!AW$6,'[20]WorkDone DATA'!$G:$G,BOQ!$B54)*$G54","v":{"$error":"#VALUE!"}},{"$f":"SUMIFS('[20]WorkDone DATA'!$L:$L,'[20]WorkDone DATA'!$N:$N,BOQ!AX$6,'[20]WorkDone DATA'!$G:$G,BOQ!$B54)*$G54","v":{"$error":"#VALUE!"}},{"$f":"SUMIFS('[20]WorkDone DATA'!$L:$L,'[20]WorkDone DATA'!$N:$N,BOQ!AY$6,'[20]WorkDone DATA'!$G:$G,BOQ!$B54)*$G54","v":{"$error":"#VALUE!"}},{"$f":"SUMIFS('[20]WorkDone DATA'!$L:$L,'[20]WorkDone DATA'!$N:$N,BOQ!AZ$6,'[20]WorkDone DATA'!$G:$G,BOQ!$B54)*$G54","v":{"$error":"#VALUE!"}},{"$f":"SUMIFS('[20]WorkDone DATA'!$L:$L,'[20]WorkDone DATA'!$N:$N,BOQ!BA$6,'[20]WorkDone DATA'!$G:$G,BOQ!$B54)*$G54","v":{"$error":"#VALUE!"}},{"$f":"SUMIFS('[20]WorkDone DATA'!$L:$L,'[20]WorkDone DATA'!$N:$N,BOQ!BB$6,'[20]WorkDone DATA'!$G:$G,BOQ!$B54)*$G54","v":{"$error":"#VALUE!"}},{"$f":"SUMIFS('[20]WorkDone DATA'!$L:$L,'[20]WorkDone DATA'!$N:$N,BOQ!BC$6,'[20]WorkDone DATA'!$G:$G,BOQ!$B54)*$G54","v":{"$error":"#VALUE!"}},{"$f":"SUMIFS('[20]WorkDone DATA'!$L:$L,'[20]WorkDone DATA'!$N:$N,BOQ!BD$6,'[20]WorkDone DATA'!$G:$G,BOQ!$B54)*$G54","v":{"$error":"#VALUE!"}},{"$f":"SUMIFS('[20]WorkDone DATA'!$L:$L,'[20]WorkDone DATA'!$N:$N,BOQ!BE$6,'[20]WorkDone DATA'!$G:$G,BOQ!$B54)*$G54","v":{"$error":"#VALUE!"}},{"$f":"SUMIFS('[20]WorkDone DATA'!$L:$L,'[20]WorkDone DATA'!$N:$N,BOQ!BF$6,'[20]WorkDone DATA'!$G:$G,BOQ!$B54)*$G54","v":{"$error":"#VALUE!"}},{"$f":"SUMIFS('[20]WorkDone DATA'!$L:$L,'[20]WorkDone DATA'!$N:$N,BOQ!BG$6,'[20]WorkDone DATA'!$G:$G,BOQ!$B54)*$G54","v":{"$error":"#VALUE!"}},{"$f":"SUMIFS('[20]WorkDone DATA'!$L:$L,'[20]WorkDone DATA'!$N:$N,BOQ!BH$6,'[20]WorkDone DATA'!$G:$G,BOQ!$B54)*$G54","v":{"$error":"#VALUE!"}},{"$f":"SUMIFS('[20]WorkDone DATA'!$L:$L,'[20]WorkDone DATA'!$N:$N,BOQ!BI$6,'[20]WorkDone DATA'!$G:$G,BOQ!$B54)*$G54","v":{"$error":"#VALUE!"}},{"$f":"SUMIFS('[20]WorkDone DATA'!$L:$L,'[20]WorkDone DATA'!$N:$N,BOQ!BJ$6,'[20]WorkDone DATA'!$G:$G,BOQ!$B54)*$G54","v":{"$error":"#VALUE!"}},{"$f":"SUMIFS('[20]WorkDone DATA'!$L:$L,'[20]WorkDone DATA'!$N:$N,BOQ!BK$6,'[20]WorkDone DATA'!$G:$G,BOQ!$B54)*$G54","v":{"$error":"#VALUE!"}},{"$f":"SUMIFS('[20]WorkDone DATA'!$L:$L,'[20]WorkDone DATA'!$N:$N,BOQ!BL$6,'[20]WorkDone DATA'!$G:$G,BOQ!$B54)*$G54","v":{"$error":"#VALUE!"}},{"$f":"SUMIFS('[20]WorkDone DATA'!$L:$L,'[20]WorkDone DATA'!$N:$N,BOQ!BM$6,'[20]WorkDone DATA'!$G:$G,BOQ!$B54)*$G54","v":{"$error":"#VALUE!"}},{"$f":"SUMIFS('[20]WorkDone DATA'!$L:$L,'[20]WorkDone DATA'!$N:$N,BOQ!BN$6,'[20]WorkDone DATA'!$G:$G,BOQ!$B54)*$G54","v":{"$error":"#VALUE!"}},{"$f":"SUMIFS('[20]WorkDone DATA'!$L:$L,'[20]WorkDone DATA'!$N:$N,BOQ!BO$6,'[20]WorkDone DATA'!$G:$G,BOQ!$B54)*$G54","v":{"$error":"#VALUE!"}},{"$f":"SUMIFS('[20]WorkDone DATA'!$L:$L,'[20]WorkDone DATA'!$N:$N,BOQ!BP$6,'[20]WorkDone DATA'!$G:$G,BOQ!$B54)*$G54","v":{"$error":"#VALUE!"}},{"$f":"SUMIFS('[20]WorkDone DATA'!$L:$L,'[20]WorkDone DATA'!$N:$N,BOQ!BQ$6,'[20]WorkDone DATA'!$G:$G,BOQ!$B54)*$G54","v":{"$error":"#VALUE!"}},{"$f":"SUMIFS('[20]WorkDone DATA'!$L:$L,'[20]WorkDone DATA'!$N:$N,BOQ!BR$6,'[20]WorkDone DATA'!$G:$G,BOQ!$B54)*$G54","v":{"$error":"#VALUE!"}},{"$f":"SUMIFS('[20]WorkDone DATA'!$L:$L,'[20]WorkDone DATA'!$N:$N,BOQ!BS$6,'[20]WorkDone DATA'!$G:$G,BOQ!$B54)*$G54","v":{"$error":"#VALUE!"}},{"$f":"SUMIFS('[20]WorkDone DATA'!$L:$L,'[20]WorkDone DATA'!$N:$N,BOQ!BT$6,'[20]WorkDone DATA'!$G:$G,BOQ!$B54)*$G54","v":{"$error":"#VALUE!"}},{"$f":"SUMIFS('[20]WorkDone DATA'!$L:$L,'[20]WorkDone DATA'!$N:$N,BOQ!BU$6,'[20]WorkDone DATA'!$G:$G,BOQ!$B54)*$G54","v":{"$error":"#VALUE!"}},{"$f":"SUMIFS('[20]WorkDone DATA'!$L:$L,'[20]WorkDone DATA'!$N:$N,BOQ!BV$6,'[20]WorkDone DATA'!$G:$G,BOQ!$B54)*$G54","v":{"$error":"#VALUE!"}},{"$f":"SUMIFS('[20]WorkDone DATA'!$L:$L,'[20]WorkDone DATA'!$N:$N,BOQ!BW$6,'[20]WorkDone DATA'!$G:$G,BOQ!$B54)*$G54","v":{"$error":"#VALUE!"}},{"$f":"SUMIFS('[20]WorkDone DATA'!$L:$L,'[20]WorkDone DATA'!$N:$N,BOQ!BX$6,'[20]WorkDone DATA'!$G:$G,BOQ!$B54)*$G54","v":{"$error":"#VALUE!"}}]
[null,null,"630mm2 x 1core (CXX01XCV)  3.8kV/6.6kV",{"$nulls":4},0,{"$nulls":3},{"$error":"#VALUE!"},{"$error":"#VALUE!"},null,0,{"$error":"#VALUE!"},null,{"$f":"SUMIFS('[20]WorkDone DATA'!$L:$L,'[20]WorkDone DATA'!$N:$N,BOQ!S$6,'[20]WorkDone DATA'!$G:$G,BOQ!$B55)","v":{"$error":"#VALUE!"}},{"$error":"#VALUE!"},{"$f":"SUMIFS('[20]WorkDone DATA'!$L:$L,'[20]WorkDone DATA'!$N:$N,BOQ!U$6,'[20]WorkDone DATA'!$G:$G,BOQ!$B55)","v":{"$error":"#VALUE!"}},{"$error":"#VALUE!"},null,{"$f":"SUMIFS('[20]WorkDone DATA'!$L:$L,'[20]WorkDone DATA'!$N:$N,BOQ!W$6,'[20]WorkDone DATA'!$G:$G,BOQ!$B55)*$G55","v":{"$error":"#VALUE!"}},null,{"$f":"SUMIFS('[20]WorkDone DATA'!$L:$L,'[20]WorkDone DATA'!$N:$N,BOQ!Y$6,'[20]WorkDone DATA'!$G:$G,BOQ!$B55)*$G55","v":{"$error":"#VALUE!"}},null,{"$f":"SUMIFS('[20]WorkDone DATA'!$L:$L,'[20]WorkDone DATA'!$N:$N,BOQ!AA$6,'[20]WorkDone DATA'!$G:$G,BOQ!$B55)*$G55","v":{"$error":"#VALUE!"}},{"$f":"SUMIFS('[20]WorkDone DATA'!$L:$L,'[20]WorkDone DATA'!$N:$N,BOQ!AB$6,'[20]WorkDone DATA'!$G:$G,BOQ!$B55)*$G55","v":{"$error":"#VALUE!"}},{"$f":"SUMIFS('[20]WorkDone DATA'!$L:$L,'[20]WorkDone DATA'!$N:$N,BOQ!AC$6,'[20]WorkDone DATA'!$G:$G,BOQ!$B55)*$G55","v":{"$error":"#VALUE!"}},{"$f":"SUMIFS('[20]WorkDone DATA'!$L:$L,'[20]WorkDone DATA'!$N:$N,BOQ!AD$6,'[20]WorkDone DATA'!$G:$G,BOQ!$B55)*$G55","v":{"$error":"#VALUE!"}},{"$f":"SUMIFS('[20]WorkDone DATA'!$L:$L,'[20]WorkDone DATA'!$N:$N,BOQ!AE$6,'[20]WorkDone DATA'!$G:$G,BOQ!$B55)*$G55","v":{"$error":"#VALUE!"}},{"$f":"SUMIFS('[20]WorkDone DATA'!$L:$L,'[20]WorkDone DATA'!$N:$N,BOQ!AF$6,'[20]WorkDone DATA'!$G:$G,BOQ!$B55)*$G55","v":{"$error":"#VALUE!"}},{"$f":"SUMIFS('[20]WorkDone DATA'!$L:$L,'[20]WorkDone DATA'!$N:$N,BOQ!AG$6,'[20]WorkDone DATA'!$G:$G,BOQ!$B55)*$G55","v":{"$error":"#VALUE!"}},{"$f":"SUMIFS('[20]WorkDone DATA'!$L:$L,'[20]WorkDone DATA'!$N:$N,BOQ!AH$6,'[20]WorkDone DATA'!$G:$G,BOQ!$B55)*$G55","v":{"$error":"#VALUE!"}},{"$f":"SUMIFS('[20]WorkDone DATA'!$L:$L,'[20]WorkDone DATA'!$N:$N,BOQ!AI$6,'[20]WorkDone DATA'!$G:$G,BOQ!$B55)*$G55","v":{"$error":"#VALUE!"}},{"$f":"SUMIFS('[20]WorkDone DATA'!$L:$L,'[20]WorkDone DATA'!$N:$N,BOQ!AJ$6,'[20]WorkDone DATA'!$G:$G,BOQ!$B55)*$G55","v":{"$error":"#VALUE!"}},{"$f":"SUMIFS('[20]WorkDone DATA'!$L:$L,'[20]WorkDone DATA'!$N:$N,BOQ!AK$6,'[20]WorkDone DATA'!$G:$G,BOQ!$B55)*$G55","v":{"$error":"#VALUE!"}},{"$f":"SUMIFS('[20]WorkDone DATA'!$L:$L,'[20]WorkDone DATA'!$N:$N,BOQ!AL$6,'[20]WorkDone DATA'!$G:$G,BOQ!$B55)*$G55","v":{"$error":"#VALUE!"}},{"$f":"SUMIFS('[20]WorkDone DATA'!$L:$L,'[20]WorkDone DATA'!$N:$N,BOQ!AM$6,'[20]WorkDone DATA'!$G:$G,BOQ!$B55)*$G55","v":{"$error":"#VALUE!"}},{"$f":"SUMIFS('[20]WorkDone DATA'!$L:$L,'[20]WorkDone DATA'!$N:$N,BOQ!AN$6,'[20]WorkDone DATA'!$G:$G,BOQ!$B55)*$G55","v":{"$error":"#VALUE!"}},{"$f":"SUMIFS('[20]WorkDone DATA'!$L:$L,'[20]WorkDone DATA'!$N:$N,BOQ!AO$6,'[20]WorkDone DATA'!$G:$G,BOQ!$B55)*$G55","v":{"$error":"#VALUE!"}},{"$f":"SUMIFS('[20]WorkDone DATA'!$L:$L,'[20]WorkDone DATA'!$N:$N,BOQ!AP$6,'[20]WorkDone DATA'!$G:$G,BOQ!$B55)*$G55","v":{"$error":"#VALUE!"}},{"$f":"SUMIFS('[20]WorkDone DATA'!$L:$L,'[20]WorkDone DATA'!$N:$N,BOQ!AQ$6,'[20]WorkDone DATA'!$G:$G,BOQ!$B55)*$G55","v":{"$error":"#VALUE!"}},{"$f":"SUMIFS('[20]WorkDone DATA'!$L:$L,'[20]WorkDone DATA'!$N:$N,BOQ!AR$6,'[20]WorkDone DATA'!$G:$G,BOQ!$B55)*$G55","v":{"$error":"#VALUE!"}},{"$f":"SUMIFS('[20]WorkDone DATA'!$L:$L,'[20]WorkDone DATA'!$N:$N,BOQ!AS$6,'[20]WorkDone DATA'!$G:$G,BOQ!$B55)*$G55","v":{"$error":"#VALUE!"}},{"$f":"SUMIFS('[20]WorkDone DATA'!$L:$L,'[20]WorkDone DATA'!$N:$N,BOQ!AT$6,'[20]WorkDone DATA'!$G:$G,BOQ!$B55)*$G55","v":{"$error":"#VALUE!"}},{"$f":"SUMIFS('[20]WorkDone DATA'!$L:$L,'[20]WorkDone DATA'!$N:$N,BOQ!AU$6,'[20]WorkDone DATA'!$G:$G,BOQ!$B55)*$G55","v":{"$error":"#VALUE!"}},{"$f":"SUMIFS('[20]WorkDone DATA'!$L:$L,'[20]WorkDone DATA'!$N:$N,BOQ!AV$6,'[20]WorkDone DATA'!$G:$G,BOQ!$B55)*$G55","v":{"$error":"#VALUE!"}},{"$f":"SUMIFS('[20]WorkDone DATA'!$L:$L,'[20]WorkDone DATA'!$N:$N,BOQ!AW$6,'[20]WorkDone DATA'!$G:$G,BOQ!$B55)*$G55","v":{"$error":"#VALUE!"}},{"$f":"SUMIFS('[20]WorkDone DATA'!$L:$L,'[20]WorkDone DATA'!$N:$N,BOQ!AX$6,'[20]WorkDone DATA'!$G:$G,BOQ!$B55)*$G55","v":{"$error":"#VALUE!"}},{"$f":"SUMIFS('[20]WorkDone DATA'!$L:$L,'[20]WorkDone DATA'!$N:$N,BOQ!AY$6,'[20]WorkDone DATA'!$G:$G,BOQ!$B55)*$G55","v":{"$error":"#VALUE!"}},{"$f":"SUMIFS('[20]WorkDone DATA'!$L:$L,'[20]WorkDone DATA'!$N:$N,BOQ!AZ$6,'[20]WorkDone DATA'!$G:$G,BOQ!$B55)*$G55","v":{"$error":"#VALUE!"}},{"$f":"SUMIFS('[20]WorkDone DATA'!$L:$L,'[20]WorkDone DATA'!$N:$N,BOQ!BA$6,'[20]WorkDone DATA'!$G:$G,BOQ!$B55)*$G55","v":{"$error":"#VALUE!"}},{"$f":"SUMIFS('[20]WorkDone DATA'!$L:$L,'[20]WorkDone DATA'!$N:$N,BOQ!BB$6,'[20]WorkDone DATA'!$G:$G,BOQ!$B55)*$G55","v":{"$error":"#VALUE!"}},{"$f":"SUMIFS('[20]WorkDone DATA'!$L:$L,'[20]WorkDone DATA'!$N:$N,BOQ!BC$6,'[20]WorkDone DATA'!$G:$G,BOQ!$B55)*$G55","v":{"$error":"#VALUE!"}},{"$f":"SUMIFS('[20]WorkDone DATA'!$L:$L,'[20]WorkDone DATA'!$N:$N,BOQ!BD$6,'[20]WorkDone DATA'!$G:$G,BOQ!$B55)*$G55","v":{"$error":"#VALUE!"}},{"$f":"SUMIFS('[20]WorkDone DATA'!$L:$L,'[20]WorkDone DATA'!$N:$N,BOQ!BE$6,'[20]WorkDone DATA'!$G:$G,BOQ!$B55)*$G55","v":{"$error":"#VALUE!"}},{"$f":"SUMIFS('[20]WorkDone DATA'!$L:$L,'[20]WorkDone DATA'!$N:$N,BOQ!BF$6,'[20]WorkDone DATA'!$G:$G,BOQ!$B55)*$G55","v":{"$error":"#VALUE!"}},{"$f":"SUMIFS('[20]WorkDone DATA'!$L:$L,'[20]WorkDone DATA'!$N:$N,BOQ!BG$6,'[20]WorkDone DATA'!$G:$G,BOQ!$B55)*$G55","v":{"$error":"#VALUE!"}},{"$f":"SUMIFS('[20]WorkDone DATA'!$L:$L,'[20]WorkDone DATA'!$N:$N,BOQ!BH$6,'[20]WorkDone DATA'!$G:$G,BOQ!$B55)*$G55","v":{"$error":"#VALUE!"}},{"$f":"SUMIFS('[20]WorkDone DATA'!$L:$L,'[20]WorkDone DATA'!$N:$N,BOQ!BI$6,'[20]WorkDone DATA'!$G:$G,BOQ!$B55)*$G55","v":{"$error":"#VALUE!"}},{"$f":"SUMIFS('[20]WorkDone DATA'!$L:$L,'[20]WorkDone DATA'!$N:$N,BOQ!BJ$6,'[20]WorkDone DATA'!$G:$G,BOQ!$B55)*$G55","v":{"$error":"#VALUE!"}},{"$f":"SUMIFS('[20]WorkDone DATA'!$L:$L,'[20]WorkDone DATA'!$N:$N,BOQ!BK$6,'[20]WorkDone DATA'!$G:$G,BOQ!$B55)*$G55","v":{"$error":"#VALUE!"}},{"$f":"SUMIFS('[20]WorkDone DATA'!$L:$L,'[20]WorkDone DATA'!$N:$N,BOQ!BL$6,'[20]WorkDone DATA'!$G:$G,BOQ!$B55)*$G55","v":{"$error":"#VALUE!"}},{"$f":"SUMIFS('[20]WorkDone DATA'!$L:$L,'[20]WorkDone DATA'!$N:$N,BOQ!BM$6,'[20]WorkDone DATA'!$G:$G,BOQ!$B55)*$G55","v":{"$error":"#VALUE!"}},{"$f":"SUMIFS('[20]WorkDone DATA'!$L:$L,'[20]WorkDone DATA'!$N:$N,BOQ!BN$6,'[20]WorkDone DATA'!$G:$G,BOQ!$B55)*$G55","v":{"$error":"#VALUE!"}},{"$f":"SUMIFS('[20]WorkDone DATA'!$L:$L,'[20]WorkDone DATA'!$N:$N,BOQ!BO$6,'[20]WorkDone DATA'!$G:$G,BOQ!$B55)*$G55","v":{"$error":"#VALUE!"}},{"$f":"SUMIFS('[20]WorkDone DATA'!$L:$L,'[20]WorkDone DATA'!$N:$N,BOQ!BP$6,'[20]WorkDone DATA'!$G:$G,BOQ!$B55)*$G55","v":{"$error":"#VALUE!"}},{"$f":"SUMIFS('[20]WorkDone DATA'!$L:$L,'[20]WorkDone DATA'!$N:$N,BOQ!BQ$6,'[20]WorkDone DATA'!$G:$G,BOQ!$B55)*$G55","v":{"$error":"#VALUE!"}},{"$f":"SUMIFS('[20]WorkDone DATA'!$L:$L,'[20]WorkDone DATA'!$N:$N,BOQ!BR$6,'[20]WorkDone DATA'!$G:$G,BOQ!$B55)*$G55","v":{"$error":"#VALUE!"}},{"$f":"SUMIFS('[20]WorkDone DATA'!$L:$L,'[20]WorkDone DATA'!$N:$N,BOQ!BS$6,'[20]WorkDone DATA'!$G:$G,BOQ!$B55)*$G55","v":{"$error":"#VALUE!"}},{"$f":"SUMIFS('[20]WorkDone DATA'!$L:$L,'[20]WorkDone DATA'!$N:$N,BOQ!BT$6,'[20]WorkDone DATA'!$G:$G,BOQ!$B55)*$G55","v":{"$error":"#VALUE!"}},{"$f":"SUMIFS('[20]WorkDone DATA'!$L:$L,'[20]WorkDone DATA'!$N:$N,BOQ!BU$6,'[20]WorkDone DATA'!$G:$G,BOQ!$B55)*$G55","v":{"$error":"#VALUE!"}},{"$f":"SUMIFS('[20]WorkDone DATA'!$L:$L,'[20]WorkDone DATA'!$N:$N,BOQ!BV$6,'[20]WorkDone DATA'!$G:$G,BOQ!$B55)*$G55","v":{"$error":"#VALUE!"}},{"$f":"SUMIFS('[20]WorkDone DATA'!$L:$L,'[20]WorkDone DATA'!$N:$N,BOQ!BW$6,'[20]WorkDone DATA'!$G:$G,BOQ!$B55)*$G55","v":{"$error":"#VALUE!"}},{"$f":"SUMIFS('[20]WorkDone DATA'!$L:$L,'[20]WorkDone DATA'!$N:$N,BOQ!BX$6,'[20]WorkDone DATA'!$G:$G,BOQ!$B55)*$G55","v":{"$error":"#VALUE!"}}]
[{"$f":"C55","v":"630mm2 x 1core (CXX01XCV)  3.8kV/6.6kV"},2.025,"Supply","E","set",252,{"v":6766.19,"d":"6,766.19"},{"v":1705079.88,"d":"1,705,079.88"},null,null,{"$error":"#VALUE!"},{"$error":"#VALUE!"},{"$error":"#VALUE!"},null,{"$error":"#VALUE!"},{"$error":"#VALUE!"},null,{"$f":"SUMIFS('[20]WorkDone DATA'!$L:$L,'[20]WorkDone DATA'!$N:$N,BOQ!S$6,'[20]WorkDone DATA'!$G:$G,BOQ!$B56)","v":{"$error":"#VALUE!"}},{"$error":"#VALUE!"},{"$f":"SUMIFS('[20]WorkDone DATA'!$L:$L,'[20]WorkDone DATA'!$N:$N,BOQ!U$6,'[20]WorkDone DATA'!$G:$G,BOQ!$B56)","v":{"$error":"#VALUE!"}},{"$error":"#VALUE!"},null,{"$f":"SUMIFS('[20]WorkDone DATA'!$L:$L,'[20]WorkDone DATA'!$N:$N,BOQ!W$6,'[20]WorkDone DATA'!$G:$G,BOQ!$B56)*$G56","v":{"$error":"#VALUE!"}},null,{"$f":"SUMIFS('[20]WorkDone DATA'!$L:$L,'[20]WorkDone DATA'!$N:$N,BOQ!Y$6,'[20]WorkDone DATA'!$G:$G,BOQ!$B56)*$G56","v":{"$error":"#VALUE!"}},null,{"$f":"SUMIFS('[20]WorkDone DATA'!$L:$L,'[20]WorkDone DATA'!$N:$N,BOQ!AA$6,'[20]WorkDone DATA'!$G:$G,BOQ!$B56)*$G56","v":{"$error":"#VALUE!"}},{"$f":"SUMIFS('[20]WorkDone DATA'!$L:$L,'[20]WorkDone DATA'!$N:$N,BOQ!AB$6,'[20]WorkDone DATA'!$G:$G,BOQ!$B56)*$G56","v":{"$error":"#VALUE!"}},{"$f":"SUMIFS('[20]WorkDone DATA'!$L:$L,'[20]WorkDone DATA'!$N:$N,BOQ!AC$6,'[20]WorkDone DATA'!$G:$G,BOQ!$B56)*$G56","v":{"$error":"#VALUE!"}},{"$f":"SUMIFS('[20]WorkDone DATA'!$L:$L,'[20]WorkDone DATA'!$N:$N,BOQ!AD$6,'[20]WorkDone DATA'!$G:$G,BOQ!$B56)*$G56","v":{"$error":"#VALUE!"}},{"$f":"SUMIFS('[20]WorkDone DATA'!$L:$L,'[20]WorkDone DATA'!$N:$N,BOQ!AE$6,'[20]WorkDone DATA'!$G:$G,BOQ!$B56)*$G56","v":{"$error":"#VALUE!"}},{"$f":"SUMIFS('[20]WorkDone DATA'!$L:$L,'[20]WorkDone DATA'!$N:$N,BOQ!AF$6,'[20]WorkDone DATA'!$G:$G,BOQ!$B56)*$G56","v":{"$error":"#VALUE!"}},{"$f":"SUMIFS('[20]WorkDone DATA'!$L:$L,'[20]WorkDone DATA'!$N:$N,BOQ!AG$6,'[20]WorkDone DATA'!$G:$G,BOQ!$B56)*$G56","v":{"$error":"#VALUE!"}},{"$f":"SUMIFS('[20]WorkDone DATA'!$L:$L,'[20]WorkDone DATA'!$N:$N,BOQ!AH$6,'[20]WorkDone DATA'!$G:$G,BOQ!$B56)*$G56","v":{"$error":"#VALUE!"}},{"$f":"SUMIFS('[20]WorkDone DATA'!$L:$L,'[20]WorkDone DATA'!$N:$N,BOQ!AI$6,'[20]WorkDone DATA'!$G:$G,BOQ!$B56)*$G56","v":{"$error":"#VALUE!"}},{"$f":"SUMIFS('[20]WorkDone DATA'!$L:$L,'[20]WorkDone DATA'!$N:$N,BOQ!AJ$6,'[20]WorkDone DATA'!$G:$G,BOQ!$B56)*$G56","v":{"$error":"#VALUE!"}},{"$f":"SUMIFS('[20]WorkDone DATA'!$L:$L,'[20]WorkDone DATA'!$N:$N,BOQ!AK$6,'[20]WorkDone DATA'!$G:$G,BOQ!$B56)*$G56","v":{"$error":"#VALUE!"}},{"$f":"SUMIFS('[20]WorkDone DATA'!$L:$L,'[20]WorkDone DATA'!$N:$N,BOQ!AL$6,'[20]WorkDone DATA'!$G:$G,BOQ!$B56)*$G56","v":{"$error":"#VALUE!"}},{"$f":"SUMIFS('[20]WorkDone DATA'!$L:$L,'[20]WorkDone DATA'!$N:$N,BOQ!AM$6,'[20]WorkDone DATA'!$G:$G,BOQ!$B56)*$G56","v":{"$error":"#VALUE!"}},{"$f":"SUMIFS('[20]WorkDone DATA'!$L:$L,'[20]WorkDone DATA'!$N:$N,BOQ!AN$6,'[20]WorkDone DATA'!$G:$G,BOQ!$B56)*$G56","v":{"$error":"#VALUE!"}},{"$f":"SUMIFS('[20]WorkDone DATA'!$L:$L,'[20]WorkDone DATA'!$N:$N,BOQ!AO$6,'[20]WorkDone DATA'!$G:$G,BOQ!$B56)*$G56","v":{"$error":"#VALUE!"}},{"$f":"SUMIFS('[20]WorkDone DATA'!$L:$L,'[20]WorkDone DATA'!$N:$N,BOQ!AP$6,'[20]WorkDone DATA'!$G:$G,BOQ!$B56)*$G56","v":{"$error":"#VALUE!"}},{"$f":"SUMIFS('[20]WorkDone DATA'!$L:$L,'[20]WorkDone DATA'!$N:$N,BOQ!AQ$6,'[20]WorkDone DATA'!$G:$G,BOQ!$B56)*$G56","v":{"$error":"#VALUE!"}},{"$f":"SUMIFS('[20]WorkDone DATA'!$L:$L,'[20]WorkDone DATA'!$N:$N,BOQ!AR$6,'[20]WorkDone DATA'!$G:$G,BOQ!$B56)*$G56","v":{"$error":"#VALUE!"}},{"$f":"SUMIFS('[20]WorkDone DATA'!$L:$L,'[20]WorkDone DATA'!$N:$N,BOQ!AS$6,'[20]WorkDone DATA'!$G:$G,BOQ!$B56)*$G56","v":{"$error":"#VALUE!"}},{"$f":"SUMIFS('[20]WorkDone DATA'!$L:$L,'[20]WorkDone DATA'!$N:$N,BOQ!AT$6,'[20]WorkDone DATA'!$G:$G,BOQ!$B56)*$G56","v":{"$error":"#VALUE!"}},{"$f":"SUMIFS('[20]WorkDone DATA'!$L:$L,'[20]WorkDone DATA'!$N:$N,BOQ!AU$6,'[20]WorkDone DATA'!$G:$G,BOQ!$B56)*$G56","v":{"$error":"#VALUE!"}},{"$f":"SUMIFS('[20]WorkDone DATA'!$L:$L,'[20]WorkDone DATA'!$N:$N,BOQ!AV$6,'[20]WorkDone DATA'!$G:$G,BOQ!$B56)*$G56","v":{"$error":"#VALUE!"}},{"$f":"SUMIFS('[20]WorkDone DATA'!$L:$L,'[20]WorkDone DATA'!$N:$N,BOQ!AW$6,'[20]WorkDone DATA'!$G:$G,BOQ!$B56)*$G56","v":{"$error":"#VALUE!"}},{"$f":"SUMIFS('[20]WorkDone DATA'!$L:$L,'[20]WorkDone DATA'!$N:$N,BOQ!AX$6,'[20]WorkDone DATA'!$G:$G,BOQ!$B56)*$G56","v":{"$error":"#VALUE!"}},{"$f":"SUMIFS('[20]WorkDone DATA'!$L:$L,'[20]WorkDone DATA'!$N:$N,BOQ!AY$6,'[20]WorkDone DATA'!$G:$G,BOQ!$B56)*$G56","v":{"$error":"#VALUE!"}},{"$f":"SUMIFS('[20]WorkDone DATA'!$L:$L,'[20]WorkDone DATA'!$N:$N,BOQ!AZ$6,'[20]WorkDone DATA'!$G:$G,BOQ!$B56)*$G56","v":{"$error":"#VALUE!"}},{"$f":"SUMIFS('[20]WorkDone DATA'!$L:$L,'[20]WorkDone DATA'!$N:$N,BOQ!BA$6,'[20]WorkDone DATA'!$G:$G,BOQ!$B56)*$G56","v":{"$error":"#VALUE!"}},{"$f":"SUMIFS('[20]WorkDone DATA'!$L:$L,'[20]WorkDone DATA'!$N:$N,BOQ!BB$6,'[20]WorkDone DATA'!$G:$G,BOQ!$B56)*$G56","v":{"$error":"#VALUE!"}},{"$f":"SUMIFS('[20]WorkDone DATA'!$L:$L,'[20]WorkDone DATA'!$N:$N,BOQ!BC$6,'[20]WorkDone DATA'!$G:$G,BOQ!$B56)*$G56","v":{"$error":"#VALUE!"}},{"$f":"SUMIFS('[20]WorkDone DATA'!$L:$L,'[20]WorkDone DATA'!$N:$N,BOQ!BD$6,'[20]WorkDone DATA'!$G:$G,BOQ!$B56)*$G56","v":{"$error":"#VALUE!"}},{"$f":"SUMIFS('[20]WorkDone DATA'!$L:$L,'[20]WorkDone DATA'!$N:$N,BOQ!BE$6,'[20]WorkDone DATA'!$G:$G,BOQ!$B56)*$G56","v":{"$error":"#VALUE!"}},{"$f":"SUMIFS('[20]WorkDone DATA'!$L:$L,'[20]WorkDone DATA'!$N:$N,BOQ!BF$6,'[20]WorkDone DATA'!$G:$G,BOQ!$B56)*$G56","v":{"$error":"#VALUE!"}},{"$f":"SUMIFS('[20]WorkDone DATA'!$L:$L,'[20]WorkDone DATA'!$N:$N,BOQ!BG$6,'[20]WorkDone DATA'!$G:$G,BOQ!$B56)*$G56","v":{"$error":"#VALUE!"}},{"$f":"SUMIFS('[20]WorkDone DATA'!$L:$L,'[20]WorkDone DATA'!$N:$N,BOQ!BH$6,'[20]WorkDone DATA'!$G:$G,BOQ!$B56)*$G56","v":{"$error":"#VALUE!"}},{"$f":"SUMIFS('[20]WorkDone DATA'!$L:$L,'[20]WorkDone DATA'!$N:$N,BOQ!BI$6,'[20]WorkDone DATA'!$G:$G,BOQ!$B56)*$G56","v":{"$error":"#VALUE!"}},{"$f":"SUMIFS('[20]WorkDone DATA'!$L:$L,'[20]WorkDone DATA'!$N:$N,BOQ!BJ$6,'[20]WorkDone DATA'!$G:$G,BOQ!$B56)*$G56","v":{"$error":"#VALUE!"}},{"$f":"SUMIFS('[20]WorkDone DATA'!$L:$L,'[20]WorkDone DATA'!$N:$N,BOQ!BK$6,'[20]WorkDone DATA'!$G:$G,BOQ!$B56)*$G56","v":{"$error":"#VALUE!"}},{"$f":"SUMIFS('[20]WorkDone DATA'!$L:$L,'[20]WorkDone DATA'!$N:$N,BOQ!BL$6,'[20]WorkDone DATA'!$G:$G,BOQ!$B56)*$G56","v":{"$error":"#VALUE!"}},{"$f":"SUMIFS('[20]WorkDone DATA'!$L:$L,'[20]WorkDone DATA'!$N:$N,BOQ!BM$6,'[20]WorkDone DATA'!$G:$G,BOQ!$B56)*$G56","v":{"$error":"#VALUE!"}},{"$f":"SUMIFS('[20]WorkDone DATA'!$L:$L,'[20]WorkDone DATA'!$N:$N,BOQ!BN$6,'[20]WorkDone DATA'!$G:$G,BOQ!$B56)*$G56","v":{"$error":"#VALUE!"}},{"$f":"SUMIFS('[20]WorkDone DATA'!$L:$L,'[20]WorkDone DATA'!$N:$N,BOQ!BO$6,'[20]WorkDone DATA'!$G:$G,BOQ!$B56)*$G56","v":{"$error":"#VALUE!"}},{"$f":"SUMIFS('[20]WorkDone DATA'!$L:$L,'[20]WorkDone DATA'!$N:$N,BOQ!BP$6,'[20]WorkDone DATA'!$G:$G,BOQ!$B56)*$G56","v":{"$error":"#VALUE!"}},{"$f":"SUMIFS('[20]WorkDone DATA'!$L:$L,'[20]WorkDone DATA'!$N:$N,BOQ!BQ$6,'[20]WorkDone DATA'!$G:$G,BOQ!$B56)*$G56","v":{"$error":"#VALUE!"}},{"$f":"SUMIFS('[20]WorkDone DATA'!$L:$L,'[20]WorkDone DATA'!$N:$N,BOQ!BR$6,'[20]WorkDone DATA'!$G:$G,BOQ!$B56)*$G56","v":{"$error":"#VALUE!"}},{"$f":"SUMIFS('[20]WorkDone DATA'!$L:$L,'[20]WorkDone DATA'!$N:$N,BOQ!BS$6,'[20]WorkDone DATA'!$G:$G,BOQ!$B56)*$G56","v":{"$error":"#VALUE!"}},{"$f":"SUMIFS('[20]WorkDone DATA'!$L:$L,'[20]WorkDone DATA'!$N:$N,BOQ!BT$6,'[20]WorkDone DATA'!$G:$G,BOQ!$B56)*$G56","v":{"$error":"#VALUE!"}},{"$f":"SUMIFS('[20]WorkDone DATA'!$L:$L,'[20]WorkDone DATA'!$N:$N,BOQ!BU$6,'[20]WorkDone DATA'!$G:$G,BOQ!$B56)*$G56","v":{"$error":"#VALUE!"}},{"$f":"SUMIFS('[20]WorkDone DATA'!$L:$L,'[20]WorkDone DATA'!$N:$N,BOQ!BV$6,'[20]WorkDone DATA'!$G:$G,BOQ!$B56)*$G56","v":{"$error":"#VALUE!"}},{"$f":"SUMIFS('[20]WorkDone DATA'!$L:$L,'[20]WorkDone DATA'!$N:$N,BOQ!BW$6,'[20]WorkDone DATA'!$G:$G,BOQ!$B56)*$G56","v":{"$error":"#VALUE!"}},{"$f":"SUMIFS('[20]WorkDone DATA'!$L:$L,'[20]WorkDone DATA'!$N:$N,BOQ!BX$6,'[20]WorkDone DATA'!$G:$G,BOQ!$B56)*$G56","v":{"$error":"#VALUE!"}}]
[{"$f":"C55","v":"630mm2 x 1core (CXX01XCV)  3.8kV/6.6kV"},2.026,"Installation","A","set",252,{"v":3609.98,"d":"3,609.98"},{"v":909714.96,"d":"909,714.96"},null,null,{"$error":"#VALUE!"},{"$error":"#VALUE!"},{"$error":"#VALUE!"},null,{"$error":"#VALUE!"},{"$error":"#VALUE!"},null,{"$f":"SUMIFS('[20]WorkDone DATA'!$L:$L,'[20]WorkDone DATA'!$N:$N,BOQ!S$6,'[20]WorkDone DATA'!$G:$G,BOQ!$B57)","v":{"$error":"#VALUE!"}},{"$error":"#VALUE!"},{"$f":"SUMIFS('[20]WorkDone DATA'!$L:$L,'[20]WorkDone DATA'!$N:$N,BOQ!U$6,'[20]WorkDone DATA'!$G:$G,BOQ!$B57)","v":{"$error":"#VALUE!"}},{"$error":"#VALUE!"},null,{"$f":"SUMIFS('[20]WorkDone DATA'!$L:$L,'[20]WorkDone DATA'!$N:$N,BOQ!W$6,'[20]WorkDone DATA'!$G:$G,BOQ!$B57)*$G57","v":{"$error":"#VALUE!"}},null,{"$f":"SUMIFS('[20]WorkDone DATA'!$L:$L,'[20]WorkDone DATA'!$N:$N,BOQ!Y$6,'[20]WorkDone DATA'!$G:$G,BOQ!$B57)*$G57","v":{"$error":"#VALUE!"}},null,{"$f":"SUMIFS('[20]WorkDone DATA'!$L:$L,'[20]WorkDone DATA'!$N:$N,BOQ!AA$6,'[20]WorkDone DATA'!$G:$G,BOQ!$B57)*$G57","v":{"$error":"#VALUE!"}},{"$f":"SUMIFS('[20]WorkDone DATA'!$L:$L,'[20]WorkDone DATA'!$N:$N,BOQ!AB$6,'[20]WorkDone DATA'!$G:$G,BOQ!$B57)*$G57","v":{"$error":"#VALUE!"}},{"$f":"SUMIFS('[20]WorkDone DATA'!$L:$L,'[20]WorkDone DATA'!$N:$N,BOQ!AC$6,'[20]WorkDone DATA'!$G:$G,BOQ!$B57)*$G57","v":{"$error":"#VALUE!"}},{"$f":"SUMIFS('[20]WorkDone DATA'!$L:$L,'[20]WorkDone DATA'!$N:$N,BOQ!AD$6,'[20]WorkDone DATA'!$G:$G,BOQ!$B57)*$G57","v":{"$error":"#VALUE!"}},{"$f":"SUMIFS('[20]WorkDone DATA'!$L:$L,'[20]WorkDone DATA'!$N:$N,BOQ!AE$6,'[20]WorkDone DATA'!$G:$G,BOQ!$B57)*$G57","v":{"$error":"#VALUE!"}},{"$f":"SUMIFS('[20]WorkDone DATA'!$L:$L,'[20]WorkDone DATA'!$N:$N,BOQ!AF$6,'[20]WorkDone DATA'!$G:$G,BOQ!$B57)*$G57","v":{"$error":"#VALUE!"}},{"$f":"SUMIFS('[20]WorkDone DATA'!$L:$L,'[20]WorkDone DATA'!$N:$N,BOQ!AG$6,'[20]WorkDone DATA'!$G:$G,BOQ!$B57)*$G57","v":{"$error":"#VALUE!"}},{"$f":"SUMIFS('[20]WorkDone DATA'!$L:$L,'[20]WorkDone DATA'!$N:$N,BOQ!AH$6,'[20]WorkDone DATA'!$G:$G,BOQ!$B57)*$G57","v":{"$error":"#VALUE!"}},{"$f":"SUMIFS('[20]WorkDone DATA'!$L:$L,'[20]WorkDone DATA'!$N:$N,BOQ!AI$6,'[20]WorkDone DATA'!$G:$G,BOQ!$B57)*$G57","v":{"$error":"#VALUE!"}},{"$f":"SUMIFS('[20]WorkDone DATA'!$L:$L,'[20]WorkDone DATA'!$N:$N,BOQ!AJ$6,'[20]WorkDone DATA'!$G:$G,BOQ!$B57)*$G57","v":{"$error":"#VALUE!"}},{"$f":"SUMIFS('[20]WorkDone DATA'!$L:$L,'[20]WorkDone DATA'!$N:$N,BOQ!AK$6,'[20]WorkDone DATA'!$G:$G,BOQ!$B57)*$G57","v":{"$error":"#VALUE!"}},{"$f":"SUMIFS('[20]WorkDone DATA'!$L:$L,'[20]WorkDone DATA'!$N:$N,BOQ!AL$6,'[20]WorkDone DATA'!$G:$G,BOQ!$B57)*$G57","v":{"$error":"#VALUE!"}},{"$f":"SUMIFS('[20]WorkDone DATA'!$L:$L,'[20]WorkDone DATA'!$N:$N,BOQ!AM$6,'[20]WorkDone DATA'!$G:$G,BOQ!$B57)*$G57","v":{"$error":"#VALUE!"}},{"$f":"SUMIFS('[20]WorkDone DATA'!$L:$L,'[20]WorkDone DATA'!$N:$N,BOQ!AN$6,'[20]WorkDone DATA'!$G:$G,BOQ!$B57)*$G57","v":{"$error":"#VALUE!"}},{"$f":"SUMIFS('[20]WorkDone DATA'!$L:$L,'[20]WorkDone DATA'!$N:$N,BOQ!AO$6,'[20]WorkDone DATA'!$G:$G,BOQ!$B57)*$G57","v":{"$error":"#VALUE!"}},{"$f":"SUMIFS('[20]WorkDone DATA'!$L:$L,'[20]WorkDone DATA'!$N:$N,BOQ!AP$6,'[20]WorkDone DATA'!$G:$G,BOQ!$B57)*$G57","v":{"$error":"#VALUE!"}},{"$f":"SUMIFS('[20]WorkDone DATA'!$L:$L,'[20]WorkDone DATA'!$N:$N,BOQ!AQ$6,'[20]WorkDone DATA'!$G:$G,BOQ!$B57)*$G57","v":{"$error":"#VALUE!"}},{"$f":"SUMIFS('[20]WorkDone DATA'!$L:$L,'[20]WorkDone DATA'!$N:$N,BOQ!AR$6,'[20]WorkDone DATA'!$G:$G,BOQ!$B57)*$G57","v":{"$error":"#VALUE!"}},{"$f":"SUMIFS('[20]WorkDone DATA'!$L:$L,'[20]WorkDone DATA'!$N:$N,BOQ!AS$6,'[20]WorkDone DATA'!$G:$G,BOQ!$B57)*$G57","v":{"$error":"#VALUE!"}},{"$f":"SUMIFS('[20]WorkDone DATA'!$L:$L,'[20]WorkDone DATA'!$N:$N,BOQ!AT$6,'[20]WorkDone DATA'!$G:$G,BOQ!$B57)*$G57","v":{"$error":"#VALUE!"}},{"$f":"SUMIFS('[20]WorkDone DATA'!$L:$L,'[20]WorkDone DATA'!$N:$N,BOQ!AU$6,'[20]WorkDone DATA'!$G:$G,BOQ!$B57)*$G57","v":{"$error":"#VALUE!"}},{"$f":"SUMIFS('[20]WorkDone DATA'!$L:$L,'[20]WorkDone DATA'!$N:$N,BOQ!AV$6,'[20]WorkDone DATA'!$G:$G,BOQ!$B57)*$G57","v":{"$error":"#VALUE!"}},{"$f":"SUMIFS('[20]WorkDone DATA'!$L:$L,'[20]WorkDone DATA'!$N:$N,BOQ!AW$6,'[20]WorkDone DATA'!$G:$G,BOQ!$B57)*$G57","v":{"$error":"#VALUE!"}},{"$f":"SUMIFS('[20]WorkDone DATA'!$L:$L,'[20]WorkDone DATA'!$N:$N,BOQ!AX$6,'[20]WorkDone DATA'!$G:$G,BOQ!$B57)*$G57","v":{"$error":"#VALUE!"}},{"$f":"SUMIFS('[20]WorkDone DATA'!$L:$L,'[20]WorkDone DATA'!$N:$N,BOQ!AY$6,'[20]WorkDone DATA'!$G:$G,BOQ!$B57)*$G57","v":{"$error":"#VALUE!"}},{"$f":"SUMIFS('[20]WorkDone DATA'!$L:$L,'[20]WorkDone DATA'!$N:$N,BOQ!AZ$6,'[20]WorkDone DATA'!$G:$G,BOQ!$B57)*$G57","v":{"$error":"#VALUE!"}},{"$f":"SUMIFS('[20]WorkDone DATA'!$L:$L,'[20]WorkDone DATA'!$N:$N,BOQ!BA$6,'[20]WorkDone DATA'!$G:$G,BOQ!$B57)*$G57","v":{"$error":"#VALUE!"}},{"$f":"SUMIFS('[20]WorkDone DATA'!$L:$L,'[20]WorkDone DATA'!$N:$N,BOQ!BB$6,'[20]WorkDone DATA'!$G:$G,BOQ!$B57)*$G57","v":{"$error":"#VALUE!"}},{"$f":"SUMIFS('[20]WorkDone DATA'!$L:$L,'[20]WorkDone DATA'!$N:$N,BOQ!BC$6,'[20]WorkDone DATA'!$G:$G,BOQ!$B57)*$G57","v":{"$error":"#VALUE!"}},{"$f":"SUMIFS('[20]WorkDone DATA'!$L:$L,'[20]WorkDone DATA'!$N:$N,BOQ!BD$6,'[20]WorkDone DATA'!$G:$G,BOQ!$B57)*$G57","v":{"$error":"#VALUE!"}},{"$f":"SUMIFS('[20]WorkDone DATA'!$L:$L,'[20]WorkDone DATA'!$N:$N,BOQ!BE$6,'[20]WorkDone DATA'!$G:$G,BOQ!$B57)*$G57","v":{"$error":"#VALUE!"}},{"$f":"SUMIFS('[20]WorkDone DATA'!$L:$L,'[20]WorkDone DATA'!$N:$N,BOQ!BF$6,'[20]WorkDone DATA'!$G:$G,BOQ!$B57)*$G57","v":{"$error":"#VALUE!"}},{"$f":"SUMIFS('[20]WorkDone DATA'!$L:$L,'[20]WorkDone DATA'!$N:$N,BOQ!BG$6,'[20]WorkDone DATA'!$G:$G,BOQ!$B57)*$G57","v":{"$error":"#VALUE!"}},{"$f":"SUMIFS('[20]WorkDone DATA'!$L:$L,'[20]WorkDone DATA'!$N:$N,BOQ!BH$6,'[20]WorkDone DATA'!$G:$G,BOQ!$B57)*$G57","v":{"$error":"#VALUE!"}},{"$f":"SUMIFS('[20]WorkDone DATA'!$L:$L,'[20]WorkDone DATA'!$N:$N,BOQ!BI$6,'[20]WorkDone DATA'!$G:$G,BOQ!$B57)*$G57","v":{"$error":"#VALUE!"}},{"$f":"SUMIFS('[20]WorkDone DATA'!$L:$L,'[20]WorkDone DATA'!$N:$N,BOQ!BJ$6,'[20]WorkDone DATA'!$G:$G,BOQ!$B57)*$G57","v":{"$error":"#VALUE!"}},{"$f":"SUMIFS('[20]WorkDone DATA'!$L:$L,'[20]WorkDone DATA'!$N:$N,BOQ!BK$6,'[20]WorkDone DATA'!$G:$G,BOQ!$B57)*$G57","v":{"$error":"#VALUE!"}},{"$f":"SUMIFS('[20]WorkDone DATA'!$L:$L,'[20]WorkDone DATA'!$N:$N,BOQ!BL$6,'[20]WorkDone DATA'!$G:$G,BOQ!$B57)*$G57","v":{"$error":"#VALUE!"}},{"$f":"SUMIFS('[20]WorkDone DATA'!$L:$L,'[20]WorkDone DATA'!$N:$N,BOQ!BM$6,'[20]WorkDone DATA'!$G:$G,BOQ!$B57)*$G57","v":{"$error":"#VALUE!"}},{"$f":"SUMIFS('[20]WorkDone DATA'!$L:$L,'[20]WorkDone DATA'!$N:$N,BOQ!BN$6,'[20]WorkDone DATA'!$G:$G,BOQ!$B57)*$G57","v":{"$error":"#VALUE!"}},{"$f":"SUMIFS('[20]WorkDone DATA'!$L:$L,'[20]WorkDone DATA'!$N:$N,BOQ!BO$6,'[20]WorkDone DATA'!$G:$G,BOQ!$B57)*$G57","v":{"$error":"#VALUE!"}},{"$f":"SUMIFS('[20]WorkDone DATA'!$L:$L,'[20]WorkDone DATA'!$N:$N,BOQ!BP$6,'[20]WorkDone DATA'!$G:$G,BOQ!$B57)*$G57","v":{"$error":"#VALUE!"}},{"$f":"SUMIFS('[20]WorkDone DATA'!$L:$L,'[20]WorkDone DATA'!$N:$N,BOQ!BQ$6,'[20]WorkDone DATA'!$G:$G,BOQ!$B57)*$G57","v":{"$error":"#VALUE!"}},{"$f":"SUMIFS('[20]WorkDone DATA'!$L:$L,'[20]WorkDone DATA'!$N:$N,BOQ!BR$6,'[20]WorkDone DATA'!$G:$G,BOQ!$B57)*$G57","v":{"$error":"#VALUE!"}},{"$f":"SUMIFS('[20]WorkDone DATA'!$L:$L,'[20]WorkDone DATA'!$N:$N,BOQ!BS$6,'[20]WorkDone DATA'!$G:$G,BOQ!$B57)*$G57","v":{"$error":"#VALUE!"}},{"$f":"SUMIFS('[20]WorkDone DATA'!$L:$L,'[20]WorkDone DATA'!$N:$N,BOQ!BT$6,'[20]WorkDone DATA'!$G:$G,BOQ!$B57)*$G57","v":{"$error":"#VALUE!"}},{"$f":"SUMIFS('[20]WorkDone DATA'!$L:$L,'[20]WorkDone DATA'!$N:$N,BOQ!BU$6,'[20]WorkDone DATA'!$G:$G,BOQ!$B57)*$G57","v":{"$error":"#VALUE!"}},{"$f":"SUMIFS('[20]WorkDone DATA'!$L:$L,'[20]WorkDone DATA'!$N:$N,BOQ!BV$6,'[20]WorkDone DATA'!$G:$G,BOQ!$B57)*$G57","v":{"$error":"#VALUE!"}},{"$f":"SUMIFS('[20]WorkDone DATA'!$L:$L,'[20]WorkDone DATA'!$N:$N,BOQ!BW$6,'[20]WorkDone DATA'!$G:$G,BOQ!$B57)*$G57","v":{"$error":"#VALUE!"}},{"$f":"SUMIFS('[20]WorkDone DATA'!$L:$L,'[20]WorkDone DATA'!$N:$N,BOQ!BX$6,'[20]WorkDone DATA'!$G:$G,BOQ!$B57)*$G57","v":{"$error":"#VALUE!"}}]
[null,null,"120mm x 3 core (CXX03QCV) 3.8kV/6.6kV",{"$nulls":4},0,{"$nulls":3},{"$error":"#VALUE!"},{"$error":"#VALUE!"},null,0,{"$error":"#VALUE!"},null,{"$f":"SUMIFS('[20]WorkDone DATA'!$L:$L,'[20]WorkDone DATA'!$N:$N,BOQ!S$6,'[20]WorkDone DATA'!$G:$G,BOQ!$B58)","v":{"$error":"#VALUE!"}},{"$error":"#VALUE!"},{"$f":"SUMIFS('[20]WorkDone DATA'!$L:$L,'[20]WorkDone DATA'!$N:$N,BOQ!U$6,'[20]WorkDone DATA'!$G:$G,BOQ!$B58)","v":{"$error":"#VALUE!"}},{"$error":"#VALUE!"},null,{"$f":"SUMIFS('[20]WorkDone DATA'!$L:$L,'[20]WorkDone DATA'!$N:$N,BOQ!W$6,'[20]WorkDone DATA'!$G:$G,BOQ!$B58)*$G58","v":{"$error":"#VALUE!"}},null,{"$f":"SUMIFS('[20]WorkDone DATA'!$L:$L,'[20]WorkDone DATA'!$N:$N,BOQ!Y$6,'[20]WorkDone DATA'!$G:$G,BOQ!$B58)*$G58","v":{"$error":"#VALUE!"}},null,{"$f":"SUMIFS('[20]WorkDone DATA'!$L:$L,'[20]WorkDone DATA'!$N:$N,BOQ!AA$6,'[20]WorkDone DATA'!$G:$G,BOQ!$B58)*$G58","v":{"$error":"#VALUE!"}},{"$f":"SUMIFS('[20]WorkDone DATA'!$L:$L,'[20]WorkDone DATA'!$N:$N,BOQ!AB$6,'[20]WorkDone DATA'!$G:$G,BOQ!$B58)*$G58","v":{"$error":"#VALUE!"}},{"$f":"SUMIFS('[20]WorkDone DATA'!$L:$L,'[20]WorkDone DATA'!$N:$N,BOQ!AC$6,'[20]WorkDone DATA'!$G:$G,BOQ!$B58)*$G58","v":{"$error":"#VALUE!"}},{"$f":"SUMIFS('[20]WorkDone DATA'!$L:$L,'[20]WorkDone DATA'!$N:$N,BOQ!AD$6,'[20]WorkDone DATA'!$G:$G,BOQ!$B58)*$G58","v":{"$error":"#VALUE!"}},{"$f":"SUMIFS('[20]WorkDone DATA'!$L:$L,'[20]WorkDone DATA'!$N:$N,BOQ!AE$6,'[20]WorkDone DATA'!$G:$G,BOQ!$B58)*$G58","v":{"$error":"#VALUE!"}},{"$f":"SUMIFS('[20]WorkDone DATA'!$L:$L,'[20]WorkDone DATA'!$N:$N,BOQ!AF$6,'[20]WorkDone DATA'!$G:$G,BOQ!$B58)*$G58","v":{"$error":"#VALUE!"}},{"$f":"SUMIFS('[20]WorkDone DATA'!$L:$L,'[20]WorkDone DATA'!$N:$N,BOQ!AG$6,'[20]WorkDone DATA'!$G:$G,BOQ!$B58)*$G58","v":{"$error":"#VALUE!"}},{"$f":"SUMIFS('[20]WorkDone DATA'!$L:$L,'[20]WorkDone DATA'!$N:$N,BOQ!AH$6,'[20]WorkDone DATA'!$G:$G,BOQ!$B58)*$G58","v":{"$error":"#VALUE!"}},{"$f":"SUMIFS('[20]WorkDone DATA'!$L:$L,'[20]WorkDone DATA'!$N:$N,BOQ!AI$6,'[20]WorkDone DATA'!$G:$G,BOQ!$B58)*$G58","v":{"$error":"#VALUE!"}},{"$f":"SUMIFS('[20]WorkDone DATA'!$L:$L,'[20]WorkDone DATA'!$N:$N,BOQ!AJ$6,'[20]WorkDone DATA'!$G:$G,BOQ!$B58)*$G58","v":{"$error":"#VALUE!"}},{"$f":"SUMIFS('[20]WorkDone DATA'!$L:$L,'[20]WorkDone DATA'!$N:$N,BOQ!AK$6,'[20]WorkDone DATA'!$G:$G,BOQ!$B58)*$G58","v":{"$error":"#VALUE!"}},{"$f":"SUMIFS('[20]WorkDone DATA'!$L:$L,'[20]WorkDone DATA'!$N:$N,BOQ!AL$6,'[20]WorkDone DATA'!$G:$G,BOQ!$B58)*$G58","v":{"$error":"#VALUE!"}},{"$f":"SUMIFS('[20]WorkDone DATA'!$L:$L,'[20]WorkDone DATA'!$N:$N,BOQ!AM$6,'[20]WorkDone DATA'!$G:$G,BOQ!$B58)*$G58","v":{"$error":"#VALUE!"}},{"$f":"SUMIFS('[20]WorkDone DATA'!$L:$L,'[20]WorkDone DATA'!$N:$N,BOQ!AN$6,'[20]WorkDone DATA'!$G:$G,BOQ!$B58)*$G58","v":{"$error":"#VALUE!"}},{"$f":"SUMIFS('[20]WorkDone DATA'!$L:$L,'[20]WorkDone DATA'!$N:$N,BOQ!AO$6,'[20]WorkDone DATA'!$G:$G,BOQ!$B58)*$G58","v":{"$error":"#VALUE!"}},{"$f":"SUMIFS('[20]WorkDone DATA'!$L:$L,'[20]WorkDone DATA'!$N:$N,BOQ!AP$6,'[20]WorkDone DATA'!$G:$G,BOQ!$B58)*$G58","v":{"$error":"#VALUE!"}},{"$f":"SUMIFS('[20]WorkDone DATA'!$L:$L,'[20]WorkDone DATA'!$N:$N,BOQ!AQ$6,'[20]WorkDone DATA'!$G:$G,BOQ!$B58)*$G58","v":{"$error":"#VALUE!"}},{"$f":"SUMIFS('[20]WorkDone DATA'!$L:$L,'[20]WorkDone DATA'!$N:$N,BOQ!AR$6,'[20]WorkDone DATA'!$G:$G,BOQ!$B58)*$G58","v":{"$error":"#VALUE!"}},{"$f":"SUMIFS('[20]WorkDone DATA'!$L:$L,'[20]WorkDone DATA'!$N:$N,BOQ!AS$6,'[20]WorkDone DATA'!$G:$G,BOQ!$B58)*$G58","v":{"$error":"#VALUE!"}},{"$f":"SUMIFS('[20]WorkDone DATA'!$L:$L,'[20]WorkDone DATA'!$N:$N,BOQ!AT$6,'[20]WorkDone DATA'!$G:$G,BOQ!$B58)*$G58","v":{"$error":"#VALUE!"}},{"$f":"SUMIFS('[20]WorkDone DATA'!$L:$L,'[20]WorkDone DATA'!$N:$N,BOQ!AU$6,'[20]WorkDone DATA'!$G:$G,BOQ!$B58)*$G58","v":{"$error":"#VALUE!"}},{"$f":"SUMIFS('[20]WorkDone DATA'!$L:$L,'[20]WorkDone DATA'!$N:$N,BOQ!AV$6,'[20]WorkDone DATA'!$G:$G,BOQ!$B58)*$G58","v":{"$error":"#VALUE!"}},{"$f":"SUMIFS('[20]WorkDone DATA'!$L:$L,'[20]WorkDone DATA'!$N:$N,BOQ!AW$6,'[20]WorkDone DATA'!$G:$G,BOQ!$B58)*$G58","v":{"$error":"#VALUE!"}},{"$f":"SUMIFS('[20]WorkDone DATA'!$L:$L,'[20]WorkDone DATA'!$N:$N,BOQ!AX$6,'[20]WorkDone DATA'!$G:$G,BOQ!$B58)*$G58","v":{"$error":"#VALUE!"}},{"$f":"SUMIFS('[20]WorkDone DATA'!$L:$L,'[20]WorkDone DATA'!$N:$N,BOQ!AY$6,'[20]WorkDone DATA'!$G:$G,BOQ!$B58)*$G58","v":{"$error":"#VALUE!"}},{"$f":"SUMIFS('[20]WorkDone DATA'!$L:$L,'[20]WorkDone DATA'!$N:$N,BOQ!AZ$6,'[20]WorkDone DATA'!$G:$G,BOQ!$B58)*$G58","v":{"$error":"#VALUE!"}},{"$f":"SUMIFS('[20]WorkDone DATA'!$L:$L,'[20]WorkDone DATA'!$N:$N,BOQ!BA$6,'[20]WorkDone DATA'!$G:$G,BOQ!$B58)*$G58","v":{"$error":"#VALUE!"}},{"$f":"SUMIFS('[20]WorkDone DATA'!$L:$L,'[20]WorkDone DATA'!$N:$N,BOQ!BB$6,'[20]WorkDone DATA'!$G:$G,BOQ!$B58)*$G58","v":{"$error":"#VALUE!"}},{"$f":"SUMIFS('[20]WorkDone DATA'!$L:$L,'[20]WorkDone DATA'!$N:$N,BOQ!BC$6,'[20]WorkDone DATA'!$G:$G,BOQ!$B58)*$G58","v":{"$error":"#VALUE!"}},{"$f":"SUMIFS('[20]WorkDone DATA'!$L:$L,'[20]WorkDone DATA'!$N:$N,BOQ!BD$6,'[20]WorkDone DATA'!$G:$G,BOQ!$B58)*$G58","v":{"$error":"#VALUE!"}},{"$f":"SUMIFS('[20]WorkDone DATA'!$L:$L,'[20]WorkDone DATA'!$N:$N,BOQ!BE$6,'[20]WorkDone DATA'!$G:$G,BOQ!$B58)*$G58","v":{"$error":"#VALUE!"}},{"$f":"SUMIFS('[20]WorkDone DATA'!$L:$L,'[20]WorkDone DATA'!$N:$N,BOQ!BF$6,'[20]WorkDone DATA'!$G:$G,BOQ!$B58)*$G58","v":{"$error":"#VALUE!"}},{"$f":"SUMIFS('[20]WorkDone DATA'!$L:$L,'[20]WorkDone DATA'!$N:$N,BOQ!BG$6,'[20]WorkDone DATA'!$G:$G,BOQ!$B58)*$G58","v":{"$error":"#VALUE!"}},{"$f":"SUMIFS('[20]WorkDone DATA'!$L:$L,'[20]WorkDone DATA'!$N:$N,BOQ!BH$6,'[20]WorkDone DATA'!$G:$G,BOQ!$B58)*$G58","v":{"$error":"#VALUE!"}},{"$f":"SUMIFS('[20]WorkDone DATA'!$L:$L,'[20]WorkDone DATA'!$N:$N,BOQ!BI$6,'[20]WorkDone DATA'!$G:$G,BOQ!$B58)*$G58","v":{"$error":"#VALUE!"}},{"$f":"SUMIFS('[20]WorkDone DATA'!$L:$L,'[20]WorkDone DATA'!$N:$N,BOQ!BJ$6,'[20]WorkDone DATA'!$G:$G,BOQ!$B58)*$G58","v":{"$error":"#VALUE!"}},{"$f":"SUMIFS('[20]WorkDone DATA'!$L:$L,'[20]WorkDone DATA'!$N:$N,BOQ!BK$6,'[20]WorkDone DATA'!$G:$G,BOQ!$B58)*$G58","v":{"$error":"#VALUE!"}},{"$f":"SUMIFS('[20]WorkDone DATA'!$L:$L,'[20]WorkDone DATA'!$N:$N,BOQ!BL$6,'[20]WorkDone DATA'!$G:$G,BOQ!$B58)*$G58","v":{"$error":"#VALUE!"}},{"$f":"SUMIFS('[20]WorkDone DATA'!$L:$L,'[20]WorkDone DATA'!$N:$N,BOQ!BM$6,'[20]WorkDone DATA'!$G:$G,BOQ!$B58)*$G58","v":{"$error":"#VALUE!"}},{"$f":"SUMIFS('[20]WorkDone DATA'!$L:$L,'[20]WorkDone DATA'!$N:$N,BOQ!BN$6,'[20]WorkDone DATA'!$G:$G,BOQ!$B58)*$G58","v":{"$error":"#VALUE!"}},{"$f":"SUMIFS('[20]WorkDone DATA'!$L:$L,'[20]WorkDone DATA'!$N:$N,BOQ!BO$6,'[20]WorkDone DATA'!$G:$G,BOQ!$B58)*$G58","v":{"$error":"#VALUE!"}},{"$f":"SUMIFS('[20]WorkDone DATA'!$L:$L,'[20]WorkDone DATA'!$N:$N,BOQ!BP$6,'[20]WorkDone DATA'!$G:$G,BOQ!$B58)*$G58","v":{"$error":"#VALUE!"}},{"$f":"SUMIFS('[20]WorkDone DATA'!$L:$L,'[20]WorkDone DATA'!$N:$N,BOQ!BQ$6,'[20]WorkDone DATA'!$G:$G,BOQ!$B58)*$G58","v":{"$error":"#VALUE!"}},{"$f":"SUMIFS('[20]WorkDone DATA'!$L:$L,'[20]WorkDone DATA'!$N:$N,BOQ!BR$6,'[20]WorkDone DATA'!$G:$G,BOQ!$B58)*$G58","v":{"$error":"#VALUE!"}},{"$f":"SUMIFS('[20]WorkDone DATA'!$L:$L,'[20]WorkDone DATA'!$N:$N,BOQ!BS$6,'[20]WorkDone DATA'!$G:$G,BOQ!$B58)*$G58","v":{"$error":"#VALUE!"}},{"$f":"SUMIFS('[20]WorkDone DATA'!$L:$L,'[20]WorkDone DATA'!$N:$N,BOQ!BT$6,'[20]WorkDone DATA'!$G:$G,BOQ!$B58)*$G58","v":{"$error":"#VALUE!"}},{"$f":"SUMIFS('[20]WorkDone DATA'!$L:$L,'[20]WorkDone DATA'!$N:$N,BOQ!BU$6,'[20]WorkDone DATA'!$G:$G,BOQ!$B58)*$G58","v":{"$error":"#VALUE!"}},{"$f":"SUMIFS('[20]WorkDone DATA'!$L:$L,'[20]WorkDone DATA'!$N:$N,BOQ!BV$6,'[20]WorkDone DATA'!$G:$G,BOQ!$B58)*$G58","v":{"$error":"#VALUE!"}},{"$f":"SUMIFS('[20]WorkDone DATA'!$L:$L,'[20]WorkDone DATA'!$N:$N,BOQ!BW$6,'[20]WorkDone DATA'!$G:$G,BOQ!$B58)*$G58","v":{"$error":"#VALUE!"}},{"$f":"SUMIFS('[20]WorkDone DATA'!$L:$L,'[20]WorkDone DATA'!$N:$N,BOQ!BX$6,'[20]WorkDone DATA'!$G:$G,BOQ!$B58)*$G58","v":{"$error":"#VALUE!"}}]
[{"$f":"C58","v":"120mm x 3 core (CXX03QCV) 3.8kV/6.6kV"},2.027,"Supply","E","set",72,{"v":2995.91,"d":"2,995.91"},{"v":215705.52,"d":"215,705.52"},null,null,{"$error":"#VALUE!"},{"$error":"#VALUE!"},{"$error":"#VALUE!"},null,{"$error":"#VALUE!"},{"$error":"#VALUE!"},null,{"$f":"SUMIFS('[20]WorkDone DATA'!$L:$L,'[20]WorkDone DATA'!$N:$N,BOQ!S$6,'[20]WorkDone DATA'!$G:$G,BOQ!$B59)","v":{"$error":"#VALUE!"}},{"$error":"#VALUE!"},{"$f":"SUMIFS('[20]WorkDone DATA'!$L:$L,'[20]WorkDone DATA'!$N:$N,BOQ!U$6,'[20]WorkDone DATA'!$G:$G,BOQ!$B59)","v":{"$error":"#VALUE!"}},{"$error":"#VALUE!"},null,{"$f":"SUMIFS('[20]WorkDone DATA'!$L:$L,'[20]WorkDone DATA'!$N:$N,BOQ!W$6,'[20]WorkDone DATA'!$G:$G,BOQ!$B59)*$G59","v":{"$error":"#VALUE!"}},null,{"$f":"SUMIFS('[20]WorkDone DATA'!$L:$L,'[20]WorkDone DATA'!$N:$N,BOQ!Y$6,'[20]WorkDone DATA'!$G:$G,BOQ!$B59)*$G59","v":{"$error":"#VALUE!"}},null,{"$f":"SUMIFS('[20]WorkDone DATA'!$L:$L,'[20]WorkDone DATA'!$N:$N,BOQ!AA$6,'[20]WorkDone DATA'!$G:$G,BOQ!$B59)*$G59","v":{"$error":"#VALUE!"}},{"$f":"SUMIFS('[20]WorkDone DATA'!$L:$L,'[20]WorkDone DATA'!$N:$N,BOQ!AB$6,'[20]WorkDone DATA'!$G:$G,BOQ!$B59)*$G59","v":{"$error":"#VALUE!"}},{"$f":"SUMIFS('[20]WorkDone DATA'!$L:$L,'[20]WorkDone DATA'!$N:$N,BOQ!AC$6,'[20]WorkDone DATA'!$G:$G,BOQ!$B59)*$G59","v":{"$error":"#VALUE!"}},{"$f":"SUMIFS('[20]WorkDone DATA'!$L:$L,'[20]WorkDone DATA'!$N:$N,BOQ!AD$6,'[20]WorkDone DATA'!$G:$G,BOQ!$B59)*$G59","v":{"$error":"#VALUE!"}},{"$f":"SUMIFS('[20]WorkDone DATA'!$L:$L,'[20]WorkDone DATA'!$N:$N,BOQ!AE$6,'[20]WorkDone DATA'!$G:$G,BOQ!$B59)*$G59","v":{"$error":"#VALUE!"}},{"$f":"SUMIFS('[20]WorkDone DATA'!$L:$L,'[20]WorkDone DATA'!$N:$N,BOQ!AF$6,'[20]WorkDone DATA'!$G:$G,BOQ!$B59)*$G59","v":{"$error":"#VALUE!"}},{"$f":"SUMIFS('[20]WorkDone DATA'!$L:$L,'[20]WorkDone DATA'!$N:$N,BOQ!AG$6,'[20]WorkDone DATA'!$G:$G,BOQ!$B59)*$G59","v":{"$error":"#VALUE!"}},{"$f":"SUMIFS('[20]WorkDone DATA'!$L:$L,'[20]WorkDone DATA'!$N:$N,BOQ!AH$6,'[20]WorkDone DATA'!$G:$G,BOQ!$B59)*$G59","v":{"$error":"#VALUE!"}},{"$f":"SUMIFS('[20]WorkDone DATA'!$L:$L,'[20]WorkDone DATA'!$N:$N,BOQ!AI$6,'[20]WorkDone DATA'!$G:$G,BOQ!$B59)*$G59","v":{"$error":"#VALUE!"}},{"$f":"SUMIFS('[20]WorkDone DATA'!$L:$L,'[20]WorkDone DATA'!$N:$N,BOQ!AJ$6,'[20]WorkDone DATA'!$G:$G,BOQ!$B59)*$G59","v":{"$error":"#VALUE!"}},{"$f":"SUMIFS('[20]WorkDone DATA'!$L:$L,'[20]WorkDone DATA'!$N:$N,BOQ!AK$6,'[20]WorkDone DATA'!$G:$G,BOQ!$B59)*$G59","v":{"$error":"#VALUE!"}},{"$f":"SUMIFS('[20]WorkDone DATA'!$L:$L,'[20]WorkDone DATA'!$N:$N,BOQ!AL$6,'[20]WorkDone DATA'!$G:$G,BOQ!$B59)*$G59","v":{"$error":"#VALUE!"}},{"$f":"SUMIFS('[20]WorkDone DATA'!$L:$L,'[20]WorkDone DATA'!$N:$N,BOQ!AM$6,'[20]WorkDone DATA'!$G:$G,BOQ!$B59)*$G59","v":{"$error":"#VALUE!"}},{"$f":"SUMIFS('[20]WorkDone DATA'!$L:$L,'[20]WorkDone DATA'!$N:$N,BOQ!AN$6,'[20]WorkDone DATA'!$G:$G,BOQ!$B59)*$G59","v":{"$error":"#VALUE!"}},{"$f":"SUMIFS('[20]WorkDone DATA'!$L:$L,'[20]WorkDone DATA'!$N:$N,BOQ!AO$6,'[20]WorkDone DATA'!$G:$G,BOQ!$B59)*$G59","v":{"$error":"#VALUE!"}},{"$f":"SUMIFS('[20]WorkDone DATA'!$L:$L,'[20]WorkDone DATA'!$N:$N,BOQ!AP$6,'[20]WorkDone DATA'!$G:$G,BOQ!$B59)*$G59","v":{"$error":"#VALUE!"}},{"$f":"SUMIFS('[20]WorkDone DATA'!$L:$L,'[20]WorkDone DATA'!$N:$N,BOQ!AQ$6,'[20]WorkDone DATA'!$G:$G,BOQ!$B59)*$G59","v":{"$error":"#VALUE!"}},{"$f":"SUMIFS('[20]WorkDone DATA'!$L:$L,'[20]WorkDone DATA'!$N:$N,BOQ!AR$6,'[20]WorkDone DATA'!$G:$G,BOQ!$B59)*$G59","v":{"$error":"#VALUE!"}},{"$f":"SUMIFS('[20]WorkDone DATA'!$L:$L,'[20]WorkDone DATA'!$N:$N,BOQ!AS$6,'[20]WorkDone DATA'!$G:$G,BOQ!$B59)*$G59","v":{"$error":"#VALUE!"}},{"$f":"SUMIFS('[20]WorkDone DATA'!$L:$L,'[20]WorkDone DATA'!$N:$N,BOQ!AT$6,'[20]WorkDone DATA'!$G:$G,BOQ!$B59)*$G59","v":{"$error":"#VALUE!"}},{"$f":"SUMIFS('[20]WorkDone DATA'!$L:$L,'[20]WorkDone DATA'!$N:$N,BOQ!AU$6,'[20]WorkDone DATA'!$G:$G,BOQ!$B59)*$G59","v":{"$error":"#VALUE!"}},{"$f":"SUMIFS('[20]WorkDone DATA'!$L:$L,'[20]WorkDone DATA'!$N:$N,BOQ!AV$6,'[20]WorkDone DATA'!$G:$G,BOQ!$B59)*$G59","v":{"$error":"#VALUE!"}},{"$f":"SUMIFS('[20]WorkDone DATA'!$L:$L,'[20]WorkDone DATA'!$N:$N,BOQ!AW$6,'[20]WorkDone DATA'!$G:$G,BOQ!$B59)*$G59","v":{"$error":"#VALUE!"}},{"$f":"SUMIFS('[20]WorkDone DATA'!$L:$L,'[20]WorkDone DATA'!$N:$N,BOQ!AX$6,'[20]WorkDone DATA'!$G:$G,BOQ!$B59)*$G59","v":{"$error":"#VALUE!"}},{"$f":"SUMIFS('[20]WorkDone DATA'!$L:$L,'[20]WorkDone DATA'!$N:$N,BOQ!AY$6,'[20]WorkDone DATA'!$G:$G,BOQ!$B59)*$G59","v":{"$error":"#VALUE!"}},{"$f":"SUMIFS('[20]WorkDone DATA'!$L:$L,'[20]WorkDone DATA'!$N:$N,BOQ!AZ$6,'[20]WorkDone DATA'!$G:$G,BOQ!$B59)*$G59","v":{"$error":"#VALUE!"}},{"$f":"SUMIFS('[20]WorkDone DATA'!$L:$L,'[20]WorkDone DATA'!$N:$N,BOQ!BA$6,'[20]WorkDone DATA'!$G:$G,BOQ!$B59)*$G59","v":{"$error":"#VALUE!"}},{"$f":"SUMIFS('[20]WorkDone DATA'!$L:$L,'[20]WorkDone DATA'!$N:$N,BOQ!BB$6,'[20]WorkDone DATA'!$G:$G,BOQ!$B59)*$G59","v":{"$error":"#VALUE!"}},{"$f":"SUMIFS('[20]WorkDone DATA'!$L:$L,'[20]WorkDone DATA'!$N:$N,BOQ!BC$6,'[20]WorkDone DATA'!$G:$G,BOQ!$B59)*$G59","v":{"$error":"#VALUE!"}},{"$f":"SUMIFS('[20]WorkDone DATA'!$L:$L,'[20]WorkDone DATA'!$N:$N,BOQ!BD$6,'[20]WorkDone DATA'!$G:$G,BOQ!$B59)*$G59","v":{"$error":"#VALUE!"}},{"$f":"SUMIFS('[20]WorkDone DATA'!$L:$L,'[20]WorkDone DATA'!$N:$N,BOQ!BE$6,'[20]WorkDone DATA'!$G:$G,BOQ!$B59)*$G59","v":{"$error":"#VALUE!"}},{"$f":"SUMIFS('[20]WorkDone DATA'!$L:$L,'[20]WorkDone DATA'!$N:$N,BOQ!BF$6,'[20]WorkDone DATA'!$G:$G,BOQ!$B59)*$G59","v":{"$error":"#VALUE!"}},{"$f":"SUMIFS('[20]WorkDone DATA'!$L:$L,'[20]WorkDone DATA'!$N:$N,BOQ!BG$6,'[20]WorkDone DATA'!$G:$G,BOQ!$B59)*$G59","v":{"$error":"#VALUE!"}},{"$f":"SUMIFS('[20]WorkDone DATA'!$L:$L,'[20]WorkDone DATA'!$N:$N,BOQ!BH$6,'[20]WorkDone DATA'!$G:$G,BOQ!$B59)*$G59","v":{"$error":"#VALUE!"}},{"$f":"SUMIFS('[20]WorkDone DATA'!$L:$L,'[20]WorkDone DATA'!$N:$N,BOQ!BI$6,'[20]WorkDone DATA'!$G:$G,BOQ!$B59)*$G59","v":{"$error":"#VALUE!"}},{"$f":"SUMIFS('[20]WorkDone DATA'!$L:$L,'[20]WorkDone DATA'!$N:$N,BOQ!BJ$6,'[20]WorkDone DATA'!$G:$G,BOQ!$B59)*$G59","v":{"$error":"#VALUE!"}},{"$f":"SUMIFS('[20]WorkDone DATA'!$L:$L,'[20]WorkDone DATA'!$N:$N,BOQ!BK$6,'[20]WorkDone DATA'!$G:$G,BOQ!$B59)*$G59","v":{"$error":"#VALUE!"}},{"$f":"SUMIFS('[20]WorkDone DATA'!$L:$L,'[20]WorkDone DATA'!$N:$N,BOQ!BL$6,'[20]WorkDone DATA'!$G:$G,BOQ!$B59)*$G59","v":{"$error":"#VALUE!"}},{"$f":"SUMIFS('[20]WorkDone DATA'!$L:$L,'[20]WorkDone DATA'!$N:$N,BOQ!BM$6,'[20]WorkDone DATA'!$G:$G,BOQ!$B59)*$G59","v":{"$error":"#VALUE!"}},{"$f":"SUMIFS('[20]WorkDone DATA'!$L:$L,'[20]WorkDone DATA'!$N:$N,BOQ!BN$6,'[20]WorkDone DATA'!$G:$G,BOQ!$B59)*$G59","v":{"$error":"#VALUE!"}},{"$f":"SUMIFS('[20]WorkDone DATA'!$L:$L,'[20]WorkDone DATA'!$N:$N,BOQ!BO$6,'[20]WorkDone DATA'!$G:$G,BOQ!$B59)*$G59","v":{"$error":"#VALUE!"}},{"$f":"SUMIFS('[20]WorkDone DATA'!$L:$L,'[20]WorkDone DATA'!$N:$N,BOQ!BP$6,'[20]WorkDone DATA'!$G:$G,BOQ!$B59)*$G59","v":{"$error":"#VALUE!"}},{"$f":"SUMIFS('[20]WorkDone DATA'!$L:$L,'[20]WorkDone DATA'!$N:$N,BOQ!BQ$6,'[20]WorkDone DATA'!$G:$G,BOQ!$B59)*$G59","v":{"$error":"#VALUE!"}},{"$f":"SUMIFS('[20]WorkDone DATA'!$L:$L,'[20]WorkDone DATA'!$N:$N,BOQ!BR$6,'[20]WorkDone DATA'!$G:$G,BOQ!$B59)*$G59","v":{"$error":"#VALUE!"}},{"$f":"SUMIFS('[20]WorkDone DATA'!$L:$L,'[20]WorkDone DATA'!$N:$N,BOQ!BS$6,'[20]WorkDone DATA'!$G:$G,BOQ!$B59)*$G59","v":{"$error":"#VALUE!"}},{"$f":"SUMIFS('[20]WorkDone DATA'!$L:$L,'[20]WorkDone DATA'!$N:$N,BOQ!BT$6,'[20]WorkDone DATA'!$G:$G,BOQ!$B59)*$G59","v":{"$error":"#VALUE!"}},{"$f":"SUMIFS('[20]WorkDone DATA'!$L:$L,'[20]WorkDone DATA'!$N:$N,BOQ!BU$6,'[20]WorkDone DATA'!$G:$G,BOQ!$B59)*$G59","v":{"$error":"#VALUE!"}},{"$f":"SUMIFS('[20]WorkDone DATA'!$L:$L,'[20]WorkDone DATA'!$N:$N,BOQ!BV$6,'[20]WorkDone DATA'!$G:$G,BOQ!$B59)*$G59","v":{"$error":"#VALUE!"}},{"$f":"SUMIFS('[20]WorkDone DATA'!$L:$L,'[20]WorkDone DATA'!$N:$N,BOQ!BW$6,'[20]WorkDone DATA'!$G:$G,BOQ!$B59)*$G59","v":{"$error":"#VALUE!"}},{"$f":"SUMIFS('[20]WorkDone DATA'!$L:$L,'[20]WorkDone DATA'!$N:$N,BOQ!BX$6,'[20]WorkDone DATA'!$G:$G,BOQ!$B59)*$G59","v":{"$error":"#VALUE!"}}]
[{"$f":"C58","v":"120mm x 3 core (CXX03QCV) 3.8kV/6.6kV"},2.028,"Installation","A","set",72,{"v":1865.76,"d":"1,865.76"},{"v":134334.72,"d":"134,334.72"},null,null,{"$error":"#VALUE!"},{"$error":"#VALUE!"},{"$error":"#VALUE!"},null,{"$error":"#VALUE!"},{"$error":"#VALUE!"},null,{"$f":"SUMIFS('[20]WorkDone DATA'!$L:$L,'[20]WorkDone DATA'!$N:$N,BOQ!S$6,'[20]WorkDone DATA'!$G:$G,BOQ!$B60)","v":{"$error":"#VALUE!"}},{"$error":"#VALUE!"},{"$f":"SUMIFS('[20]WorkDone DATA'!$L:$L,'[20]WorkDone DATA'!$N:$N,BOQ!U$6,'[20]WorkDone DATA'!$G:$G,BOQ!$B60)","v":{"$error":"#VALUE!"}},{"$error":"#VALUE!"},null,{"$f":"SUMIFS('[20]WorkDone DATA'!$L:$L,'[20]WorkDone DATA'!$N:$N,BOQ!W$6,'[20]WorkDone DATA'!$G:$G,BOQ!$B60)*$G60","v":{"$error":"#VALUE!"}},null,{"$f":"SUMIFS('[20]WorkDone DATA'!$L:$L,'[20]WorkDone DATA'!$N:$N,BOQ!Y$6,'[20]WorkDone DATA'!$G:$G,BOQ!$B60)*$G60","v":{"$error":"#VALUE!"}},null,{"$f":"SUMIFS('[20]WorkDone DATA'!$L:$L,'[20]WorkDone DATA'!$N:$N,BOQ!AA$6,'[20]WorkDone DATA'!$G:$G,BOQ!$B60)*$G60","v":{"$error":"#VALUE!"}},{"$f":"SUMIFS('[20]WorkDone DATA'!$L:$L,'[20]WorkDone DATA'!$N:$N,BOQ!AB$6,'[20]WorkDone DATA'!$G:$G,BOQ!$B60)*$G60","v":{"$error":"#VALUE!"}},{"$f":"SUMIFS('[20]WorkDone DATA'!$L:$L,'[20]WorkDone DATA'!$N:$N,BOQ!AC$6,'[20]WorkDone DATA'!$G:$G,BOQ!$B60)*$G60","v":{"$error":"#VALUE!"}},{"$f":"SUMIFS('[20]WorkDone DATA'!$L:$L,'[20]WorkDone DATA'!$N:$N,BOQ!AD$6,'[20]WorkDone DATA'!$G:$G,BOQ!$B60)*$G60","v":{"$error":"#VALUE!"}},{"$f":"SUMIFS('[20]WorkDone DATA'!$L:$L,'[20]WorkDone DATA'!$N:$N,BOQ!AE$6,'[20]WorkDone DATA'!$G:$G,BOQ!$B60)*$G60","v":{"$error":"#VALUE!"}},{"$f":"SUMIFS('[20]WorkDone DATA'!$L:$L,'[20]WorkDone DATA'!$N:$N,BOQ!AF$6,'[20]WorkDone DATA'!$G:$G,BOQ!$B60)*$G60","v":{"$error":"#VALUE!"}},{"$f":"SUMIFS('[20]WorkDone DATA'!$L:$L,'[20]WorkDone DATA'!$N:$N,BOQ!AG$6,'[20]WorkDone DATA'!$G:$G,BOQ!$B60)*$G60","v":{"$error":"#VALUE!"}},{"$f":"SUMIFS('[20]WorkDone DATA'!$L:$L,'[20]WorkDone DATA'!$N:$N,BOQ!AH$6,'[20]WorkDone DATA'!$G:$G,BOQ!$B60)*$G60","v":{"$error":"#VALUE!"}},{"$f":"SUMIFS('[20]WorkDone DATA'!$L:$L,'[20]WorkDone DATA'!$N:$N,BOQ!AI$6,'[20]WorkDone DATA'!$G:$G,BOQ!$B60)*$G60","v":{"$error":"#VALUE!"}},{"$f":"SUMIFS('[20]WorkDone DATA'!$L:$L,'[20]WorkDone DATA'!$N:$N,BOQ!AJ$6,'[20]WorkDone DATA'!$G:$G,BOQ!$B60)*$G60","v":{"$error":"#VALUE!"}},{"$f":"SUMIFS('[20]WorkDone DATA'!$L:$L,'[20]WorkDone DATA'!$N:$N,BOQ!AK$6,'[20]WorkDone DATA'!$G:$G,BOQ!$B60)*$G60","v":{"$error":"#VALUE!"}},{"$f":"SUMIFS('[20]WorkDone DATA'!$L:$L,'[20]WorkDone DATA'!$N:$N,BOQ!AL$6,'[20]WorkDone DATA'!$G:$G,BOQ!$B60)*$G60","v":{"$error":"#VALUE!"}},{"$f":"SUMIFS('[20]WorkDone DATA'!$L:$L,'[20]WorkDone DATA'!$N:$N,BOQ!AM$6,'[20]WorkDone DATA'!$G:$G,BOQ!$B60)*$G60","v":{"$error":"#VALUE!"}},{"$f":"SUMIFS('[20]WorkDone DATA'!$L:$L,'[20]WorkDone DATA'!$N:$N,BOQ!AN$6,'[20]WorkDone DATA'!$G:$G,BOQ!$B60)*$G60","v":{"$error":"#VALUE!"}},{"$f":"SUMIFS('[20]WorkDone DATA'!$L:$L,'[20]WorkDone DATA'!$N:$N,BOQ!AO$6,'[20]WorkDone DATA'!$G:$G,BOQ!$B60)*$G60","v":{"$error":"#VALUE!"}},{"$f":"SUMIFS('[20]WorkDone DATA'!$L:$L,'[20]WorkDone DATA'!$N:$N,BOQ!AP$6,'[20]WorkDone DATA'!$G:$G,BOQ!$B60)*$G60","v":{"$error":"#VALUE!"}},{"$f":"SUMIFS('[20]WorkDone DATA'!$L:$L,'[20]WorkDone DATA'!$N:$N,BOQ!AQ$6,'[20]WorkDone DATA'!$G:$G,BOQ!$B60)*$G60","v":{"$error":"#VALUE!"}},{"$f":"SUMIFS('[20]WorkDone DATA'!$L:$L,'[20]WorkDone DATA'!$N:$N,BOQ!AR$6,'[20]WorkDone DATA'!$G:$G,BOQ!$B60)*$G60","v":{"$error":"#VALUE!"}},{"$f":"SUMIFS('[20]WorkDone DATA'!$L:$L,'[20]WorkDone DATA'!$N:$N,BOQ!AS$6,'[20]WorkDone DATA'!$G:$G,BOQ!$B60)*$G60","v":{"$error":"#VALUE!"}},{"$f":"SUMIFS('[20]WorkDone DATA'!$L:$L,'[20]WorkDone DATA'!$N:$N,BOQ!AT$6,'[20]WorkDone DATA'!$G:$G,BOQ!$B60)*$G60","v":{"$error":"#VALUE!"}},{"$f":"SUMIFS('[20]WorkDone DATA'!$L:$L,'[20]WorkDone DATA'!$N:$N,BOQ!AU$6,'[20]WorkDone DATA'!$G:$G,BOQ!$B60)*$G60","v":{"$error":"#VALUE!"}},{"$f":"SUMIFS('[20]WorkDone DATA'!$L:$L,'[20]WorkDone DATA'!$N:$N,BOQ!AV$6,'[20]WorkDone DATA'!$G:$G,BOQ!$B60)*$G60","v":{"$error":"#VALUE!"}},{"$f":"SUMIFS('[20]WorkDone DATA'!$L:$L,'[20]WorkDone DATA'!$N:$N,BOQ!AW$6,'[20]WorkDone DATA'!$G:$G,BOQ!$B60)*$G60","v":{"$error":"#VALUE!"}},{"$f":"SUMIFS('[20]WorkDone DATA'!$L:$L,'[20]WorkDone DATA'!$N:$N,BOQ!AX$6,'[20]WorkDone DATA'!$G:$G,BOQ!$B60)*$G60","v":{"$error":"#VALUE!"}},{"$f":"SUMIFS('[20]WorkDone DATA'!$L:$L,'[20]WorkDone DATA'!$N:$N,BOQ!AY$6,'[20]WorkDone DATA'!$G:$G,BOQ!$B60)*$G60","v":{"$error":"#VALUE!"}},{"$f":"SUMIFS('[20]WorkDone DATA'!$L:$L,'[20]WorkDone DATA'!$N:$N,BOQ!AZ$6,'[20]WorkDone DATA'!$G:$G,BOQ!$B60)*$G60","v":{"$error":"#VALUE!"}},{"$f":"SUMIFS('[20]WorkDone DATA'!$L:$L,'[20]WorkDone DATA'!$N:$N,BOQ!BA$6,'[20]WorkDone DATA'!$G:$G,BOQ!$B60)*$G60","v":{"$error":"#VALUE!"}},{"$f":"SUMIFS('[20]WorkDone DATA'!$L:$L,'[20]WorkDone DATA'!$N:$N,BOQ!BB$6,'[20]WorkDone DATA'!$G:$G,BOQ!$B60)*$G60","v":{"$error":"#VALUE!"}},{"$f":"SUMIFS('[20]WorkDone DATA'!$L:$L,'[20]WorkDone DATA'!$N:$N,BOQ!BC$6,'[20]WorkDone DATA'!$G:$G,BOQ!$B60)*$G60","v":{"$error":"#VALUE!"}},{"$f":"SUMIFS('[20]WorkDone DATA'!$L:$L,'[20]WorkDone DATA'!$N:$N,BOQ!BD$6,'[20]WorkDone DATA'!$G:$G,BOQ!$B60)*$G60","v":{"$error":"#VALUE!"}},{"$f":"SUMIFS('[20]WorkDone DATA'!$L:$L,'[20]WorkDone DATA'!$N:$N,BOQ!BE$6,'[20]WorkDone DATA'!$G:$G,BOQ!$B60)*$G60","v":{"$error":"#VALUE!"}},{"$f":"SUMIFS('[20]WorkDone DATA'!$L:$L,'[20]WorkDone DATA'!$N:$N,BOQ!BF$6,'[20]WorkDone DATA'!$G:$G,BOQ!$B60)*$G60","v":{"$error":"#VALUE!"}},{"$f":"SUMIFS('[20]WorkDone DATA'!$L:$L,'[20]WorkDone DATA'!$N:$N,BOQ!BG$6,'[20]WorkDone DATA'!$G:$G,BOQ!$B60)*$G60","v":{"$error":"#VALUE!"}},{"$f":"SUMIFS('[20]WorkDone DATA'!$L:$L,'[20]WorkDone DATA'!$N:$N,BOQ!BH$6,'[20]WorkDone DATA'!$G:$G,BOQ!$B60)*$G60","v":{"$error":"#VALUE!"}},{"$f":"SUMIFS('[20]WorkDone DATA'!$L:$L,'[20]WorkDone DATA'!$N:$N,BOQ!BI$6,'[20]WorkDone DATA'!$G:$G,BOQ!$B60)*$G60","v":{"$error":"#VALUE!"}},{"$f":"SUMIFS('[20]WorkDone DATA'!$L:$L,'[20]WorkDone DATA'!$N:$N,BOQ!BJ$6,'[20]WorkDone DATA'!$G:$G,BOQ!$B60)*$G60","v":{"$error":"#VALUE!"}},{"$f":"SUMIFS('[20]WorkDone DATA'!$L:$L,'[20]WorkDone DATA'!$N:$N,BOQ!BK$6,'[20]WorkDone DATA'!$G:$G,BOQ!$B60)*$G60","v":{"$error":"#VALUE!"}},{"$f":"SUMIFS('[20]WorkDone DATA'!$L:$L,'[20]WorkDone DATA'!$N:$N,BOQ!BL$6,'[20]WorkDone DATA'!$G:$G,BOQ!$B60)*$G60","v":{"$error":"#VALUE!"}},{"$f":"SUMIFS('[20]WorkDone DATA'!$L:$L,'[20]WorkDone DATA'!$N:$N,BOQ!BM$6,'[20]WorkDone DATA'!$G:$G,BOQ!$B60)*$G60","v":{"$error":"#VALUE!"}},{"$f":"SUMIFS('[20]WorkDone DATA'!$L:$L,'[20]WorkDone DATA'!$N:$N,BOQ!BN$6,'[20]WorkDone DATA'!$G:$G,BOQ!$B60)*$G60","v":{"$error":"#VALUE!"}},{"$f":"SUMIFS('[20]WorkDone DATA'!$L:$L,'[20]WorkDone DATA'!$N:$N,BOQ!BO$6,'[20]WorkDone DATA'!$G:$G,BOQ!$B60)*$G60","v":{"$error":"#VALUE!"}},{"$f":"SUMIFS('[20]WorkDone DATA'!$L:$L,'[20]WorkDone DATA'!$N:$N,BOQ!BP$6,'[20]WorkDone DATA'!$G:$G,BOQ!$B60)*$G60","v":{"$error":"#VALUE!"}},{"$f":"SUMIFS('[20]WorkDone DATA'!$L:$L,'[20]WorkDone DATA'!$N:$N,BOQ!BQ$6,'[20]WorkDone DATA'!$G:$G,BOQ!$B60)*$G60","v":{"$error":"#VALUE!"}},{"$f":"SUMIFS('[20]WorkDone DATA'!$L:$L,'[20]WorkDone DATA'!$N:$N,BOQ!BR$6,'[20]WorkDone DATA'!$G:$G,BOQ!$B60)*$G60","v":{"$error":"#VALUE!"}},{"$f":"SUMIFS('[20]WorkDone DATA'!$L:$L,'[20]WorkDone DATA'!$N:$N,BOQ!BS$6,'[20]WorkDone DATA'!$G:$G,BOQ!$B60)*$G60","v":{"$error":"#VALUE!"}},{"$f":"SUMIFS('[20]WorkDone DATA'!$L:$L,'[20]WorkDone DATA'!$N:$N,BOQ!BT$6,'[20]WorkDone DATA'!$G:$G,BOQ!$B60)*$G60","v":{"$error":"#VALUE!"}},{"$f":"SUMIFS('[20]WorkDone DATA'!$L:$L,'[20]WorkDone DATA'!$N:$N,BOQ!BU$6,'[20]WorkDone DATA'!$G:$G,BOQ!$B60)*$G60","v":{"$error":"#VALUE!"}},{"$f":"SUMIFS('[20]WorkDone DATA'!$L:$L,'[20]WorkDone DATA'!$N:$N,BOQ!BV$6,'[20]WorkDone DATA'!$G:$G,BOQ!$B60)*$G60","v":{"$error":"#VALUE!"}},{"$f":"SUMIFS('[20]WorkDone DATA'!$L:$L,'[20]WorkDone DATA'!$N:$N,BOQ!BW$6,'[20]WorkDone DATA'!$G:$G,BOQ!$B60)*$G60","v":{"$error":"#VALUE!"}},{"$f":"SUMIFS('[20]WorkDone DATA'!$L:$L,'[20]WorkDone DATA'!$N:$N,BOQ!BX$6,'[20]WorkDone DATA'!$G:$G,BOQ!$B60)*$G60","v":{"$error":"#VALUE!"}}]
[null,null,"70mm2 x 3 core (CXX03NCV) 3.8kV/6.6kV",{"$nulls":4},0,{"$nulls":3},{"$error":"#VALUE!"},{"$error":"#VALUE!"},null,0,{"$error":"#VALUE!"},null,{"$f":"SUMIFS('[20]WorkDone DATA'!$L:$L,'[20]WorkDone DATA'!$N:$N,BOQ!S$6,'[20]WorkDone DATA'!$G:$G,BOQ!$B61)","v":{"$error":"#VALUE!"}},{"$error":"#VALUE!"},{"$f":"SUMIFS('[20]WorkDone DATA'!$L:$L,'[20]WorkDone DATA'!$N:$N,BOQ!U$6,'[20]WorkDone DATA'!$G:$G,BOQ!$B61)","v":{"$error":"#VALUE!"}},{"$error":"#VALUE!"},null,{"$f":"SUMIFS('[20]WorkDone DATA'!$L:$L,'[20]WorkDone DATA'!$N:$N,BOQ!W$6,'[20]WorkDone DATA'!$G:$G,BOQ!$B61)*$G61","v":{"$error":"#VALUE!"}},null,{"$f":"SUMIFS('[20]WorkDone DATA'!$L:$L,'[20]WorkDone DATA'!$N:$N,BOQ!Y$6,'[20]WorkDone DATA'!$G:$G,BOQ!$B61)*$G61","v":{"$error":"#VALUE!"}},null,{"$f":"SUMIFS('[20]WorkDone DATA'!$L:$L,'[20]WorkDone DATA'!$N:$N,BOQ!AA$6,'[20]WorkDone DATA'!$G:$G,BOQ!$B61)*$G61","v":{"$error":"#VALUE!"}},{"$f":"SUMIFS('[20]WorkDone DATA'!$L:$L,'[20]WorkDone DATA'!$N:$N,BOQ!AB$6,'[20]WorkDone DATA'!$G:$G,BOQ!$B61)*$G61","v":{"$error":"#VALUE!"}},{"$f":"SUMIFS('[20]WorkDone DATA'!$L:$L,'[20]WorkDone DATA'!$N:$N,BOQ!AC$6,'[20]WorkDone DATA'!$G:$G,BOQ!$B61)*$G61","v":{"$error":"#VALUE!"}},{"$f":"SUMIFS('[20]WorkDone DATA'!$L:$L,'[20]WorkDone DATA'!$N:$N,BOQ!AD$6,'[20]WorkDone DATA'!$G:$G,BOQ!$B61)*$G61","v":{"$error":"#VALUE!"}},{"$f":"SUMIFS('[20]WorkDone DATA'!$L:$L,'[20]WorkDone DATA'!$N:$N,BOQ!AE$6,'[20]WorkDone DATA'!$G:$G,BOQ!$B61)*$G61","v":{"$error":"#VALUE!"}},{"$f":"SUMIFS('[20]WorkDone DATA'!$L:$L,'[20]WorkDone DATA'!$N:$N,BOQ!AF$6,'[20]WorkDone DATA'!$G:$G,BOQ!$B61)*$G61","v":{"$error":"#VALUE!"}},{"$f":"SUMIFS('[20]WorkDone DATA'!$L:$L,'[20]WorkDone DATA'!$N:$N,BOQ!AG$6,'[20]WorkDone DATA'!$G:$G,BOQ!$B61)*$G61","v":{"$error":"#VALUE!"}},{"$f":"SUMIFS('[20]WorkDone DATA'!$L:$L,'[20]WorkDone DATA'!$N:$N,BOQ!AH$6,'[20]WorkDone DATA'!$G:$G,BOQ!$B61)*$G61","v":{"$error":"#VALUE!"}},{"$f":"SUMIFS('[20]WorkDone DATA'!$L:$L,'[20]WorkDone DATA'!$N:$N,BOQ!AI$6,'[20]WorkDone DATA'!$G:$G,BOQ!$B61)*$G61","v":{"$error":"#VALUE!"}},{"$f":"SUMIFS('[20]WorkDone DATA'!$L:$L,'[20]WorkDone DATA'!$N:$N,BOQ!AJ$6,'[20]WorkDone DATA'!$G:$G,BOQ!$B61)*$G61","v":{"$error":"#VALUE!"}},{"$f":"SUMIFS('[20]WorkDone DATA'!$L:$L,'[20]WorkDone DATA'!$N:$N,BOQ!AK$6,'[20]WorkDone DATA'!$G:$G,BOQ!$B61)*$G61","v":{"$error":"#VALUE!"}},{"$f":"SUMIFS('[20]WorkDone DATA'!$L:$L,'[20]WorkDone DATA'!$N:$N,BOQ!AL$6,'[20]WorkDone DATA'!$G:$G,BOQ!$B61)*$G61","v":{"$error":"#VALUE!"}},{"$f":"SUMIFS('[20]WorkDone DATA'!$L:$L,'[20]WorkDone DATA'!$N:$N,BOQ!AM$6,'[20]WorkDone DATA'!$G:$G,BOQ!$B61)*$G61","v":{"$error":"#VALUE!"}},{"$f":"SUMIFS('[20]WorkDone DATA'!$L:$L,'[20]WorkDone DATA'!$N:$N,BOQ!AN$6,'[20]WorkDone DATA'!$G:$G,BOQ!$B61)*$G61","v":{"$error":"#VALUE!"}},{"$f":"SUMIFS('[20]WorkDone DATA'!$L:$L,'[20]WorkDone DATA'!$N:$N,BOQ!AO$6,'[20]WorkDone DATA'!$G:$G,BOQ!$B61)*$G61","v":{"$error":"#VALUE!"}},{"$f":"SUMIFS('[20]WorkDone DATA'!$L:$L,'[20]WorkDone DATA'!$N:$N,BOQ!AP$6,'[20]WorkDone DATA'!$G:$G,BOQ!$B61)*$G61","v":{"$error":"#VALUE!"}},{"$f":"SUMIFS('[20]WorkDone DATA'!$L:$L,'[20]WorkDone DATA'!$N:$N,BOQ!AQ$6,'[20]WorkDone DATA'!$G:$G,BOQ!$B61)*$G61","v":{"$error":"#VALUE!"}},{"$f":"SUMIFS('[20]WorkDone DATA'!$L:$L,'[20]WorkDone DATA'!$N:$N,BOQ!AR$6,'[20]WorkDone DATA'!$G:$G,BOQ!$B61)*$G61","v":{"$error":"#VALUE!"}},{"$f":"SUMIFS('[20]WorkDone DATA'!$L:$L,'[20]WorkDone DATA'!$N:$N,BOQ!AS$6,'[20]WorkDone DATA'!$G:$G,BOQ!$B61)*$G61","v":{"$error":"#VALUE!"}},{"$f":"SUMIFS('[20]WorkDone DATA'!$L:$L,'[20]WorkDone DATA'!$N:$N,BOQ!AT$6,'[20]WorkDone DATA'!$G:$G,BOQ!$B61)*$G61","v":{"$error":"#VALUE!"}},{"$f":"SUMIFS('[20]WorkDone DATA'!$L:$L,'[20]WorkDone DATA'!$N:$N,BOQ!AU$6,'[20]WorkDone DATA'!$G:$G,BOQ!$B61)*$G61","v":{"$error":"#VALUE!"}},{"$f":"SUMIFS('[20]WorkDone DATA'!$L:$L,'[20]WorkDone DATA'!$N:$N,BOQ!AV$6,'[20]WorkDone DATA'!$G:$G,BOQ!$B61)*$G61","v":{"$error":"#VALUE!"}},{"$f":"SUMIFS('[20]WorkDone DATA'!$L:$L,'[20]WorkDone DATA'!$N:$N,BOQ!AW$6,'[20]WorkDone DATA'!$G:$G,BOQ!$B61)*$G61","v":{"$error":"#VALUE!"}},{"$f":"SUMIFS('[20]WorkDone DATA'!$L:$L,'[20]WorkDone DATA'!$N:$N,BOQ!AX$6,'[20]WorkDone DATA'!$G:$G,BOQ!$B61)*$G61","v":{"$error":"#VALUE!"}},{"$f":"SUMIFS('[20]WorkDone DATA'!$L:$L,'[20]WorkDone DATA'!$N:$N,BOQ!AY$6,'[20]WorkDone DATA'!$G:$G,BOQ!$B61)*$G61","v":{"$error":"#VALUE!"}},{"$f":"SUMIFS('[20]WorkDone DATA'!$L:$L,'[20]WorkDone DATA'!$N:$N,BOQ!AZ$6,'[20]WorkDone DATA'!$G:$G,BOQ!$B61)*$G61","v":{"$error":"#VALUE!"}},{"$f":"SUMIFS('[20]WorkDone DATA'!$L:$L,'[20]WorkDone DATA'!$N:$N,BOQ!BA$6,'[20]WorkDone DATA'!$G:$G,BOQ!$B61)*$G61","v":{"$error":"#VALUE!"}},{"$f":"SUMIFS('[20]WorkDone DATA'!$L:$L,'[20]WorkDone DATA'!$N:$N,BOQ!BB$6,'[20]WorkDone DATA'!$G:$G,BOQ!$B61)*$G61","v":{"$error":"#VALUE!"}},{"$f":"SUMIFS('[20]WorkDone DATA'!$L:$L,'[20]WorkDone DATA'!$N:$N,BOQ!BC$6,'[20]WorkDone DATA'!$G:$G,BOQ!$B61)*$G61","v":{"$error":"#VALUE!"}},{"$f":"SUMIFS('[20]WorkDone DATA'!$L:$L,'[20]WorkDone DATA'!$N:$N,BOQ!BD$6,'[20]WorkDone DATA'!$G:$G,BOQ!$B61)*$G61","v":{"$error":"#VALUE!"}},{"$f":"SUMIFS('[20]WorkDone DATA'!$L:$L,'[20]WorkDone DATA'!$N:$N,BOQ!BE$6,'[20]WorkDone DATA'!$G:$G,BOQ!$B61)*$G61","v":{"$error":"#VALUE!"}},{"$f":"SUMIFS('[20]WorkDone DATA'!$L:$L,'[20]WorkDone DATA'!$N:$N,BOQ!BF$6,'[20]WorkDone DATA'!$G:$G,BOQ!$B61)*$G61","v":{"$error":"#VALUE!"}},{"$f":"SUMIFS('[20]WorkDone DATA'!$L:$L,'[20]WorkDone DATA'!$N:$N,BOQ!BG$6,'[20]WorkDone DATA'!$G:$G,BOQ!$B61)*$G61","v":{"$error":"#VALUE!"}},{"$f":"SUMIFS('[20]WorkDone DATA'!$L:$L,'[20]WorkDone DATA'!$N:$N,BOQ!BH$6,'[20]WorkDone DATA'!$G:$G,BOQ!$B61)*$G61","v":{"$error":"#VALUE!"}},{"$f":"SUMIFS('[20]WorkDone DATA'!$L:$L,'[20]WorkDone DATA'!$N:$N,BOQ!BI$6,'[20]WorkDone DATA'!$G:$G,BOQ!$B61)*$G61","v":{"$error":"#VALUE!"}},{"$f":"SUMIFS('[20]WorkDone DATA'!$L:$L,'[20]WorkDone DATA'!$N:$N,BOQ!BJ$6,'[20]WorkDone DATA'!$G:$G,BOQ!$B61)*$G61","v":{"$error":"#VALUE!"}},{"$f":"SUMIFS('[20]WorkDone DATA'!$L:$L,'[20]WorkDone DATA'!$N:$N,BOQ!BK$6,'[20]WorkDone DATA'!$G:$G,BOQ!$B61)*$G61","v":{"$error":"#VALUE!"}},{"$f":"SUMIFS('[20]WorkDone DATA'!$L:$L,'[20]WorkDone DATA'!$N:$N,BOQ!BL$6,'[20]WorkDone DATA'!$G:$G,BOQ!$B61)*$G61","v":{"$error":"#VALUE!"}},{"$f":"SUMIFS('[20]WorkDone DATA'!$L:$L,'[20]WorkDone DATA'!$N:$N,BOQ!BM$6,'[20]WorkDone DATA'!$G:$G,BOQ!$B61)*$G61","v":{"$error":"#VALUE!"}},{"$f":"SUMIFS('[20]WorkDone DATA'!$L:$L,'[20]WorkDone DATA'!$N:$N,BOQ!BN$6,'[20]WorkDone DATA'!$G:$G,BOQ!$B61)*$G61","v":{"$error":"#VALUE!"}},{"$f":"SUMIFS('[20]WorkDone DATA'!$L:$L,'[20]WorkDone DATA'!$N:$N,BOQ!BO$6,'[20]WorkDone DATA'!$G:$G,BOQ!$B61)*$G61","v":{"$error":"#VALUE!"}},{"$f":"SUMIFS('[20]WorkDone DATA'!$L:$L,'[20]WorkDone DATA'!$N:$N,BOQ!BP$6,'[20]WorkDone DATA'!$G:$G,BOQ!$B61)*$G61","v":{"$error":"#VALUE!"}},{"$f":"SUMIFS('[20]WorkDone DATA'!$L:$L,'[20]WorkDone DATA'!$N:$N,BOQ!BQ$6,'[20]WorkDone DATA'!$G:$G,BOQ!$B61)*$G61","v":{"$error":"#VALUE!"}},{"$f":"SUMIFS('[20]WorkDone DATA'!$L:$L,'[20]WorkDone DATA'!$N:$N,BOQ!BR$6,'[20]WorkDone DATA'!$G:$G,BOQ!$B61)*$G61","v":{"$error":"#VALUE!"}},{"$f":"SUMIFS('[20]WorkDone DATA'!$L:$L,'[20]WorkDone DATA'!$N:$N,BOQ!BS$6,'[20]WorkDone DATA'!$G:$G,BOQ!$B61)*$G61","v":{"$error":"#VALUE!"}},{"$f":"SUMIFS('[20]WorkDone DATA'!$L:$L,'[20]WorkDone DATA'!$N:$N,BOQ!BT$6,'[20]WorkDone DATA'!$G:$G,BOQ!$B61)*$G61","v":{"$error":"#VALUE!"}},{"$f":"SUMIFS('[20]WorkDone DATA'!$L:$L,'[20]WorkDone DATA'!$N:$N,BOQ!BU$6,'[20]WorkDone DATA'!$G:$G,BOQ!$B61)*$G61","v":{"$error":"#VALUE!"}},{"$f":"SUMIFS('[20]WorkDone DATA'!$L:$L,'[20]WorkDone DATA'!$N:$N,BOQ!BV$6,'[20]WorkDone DATA'!$G:$G,BOQ!$B61)*$G61","v":{"$error":"#VALUE!"}},{"$f":"SUMIFS('[20]WorkDone DATA'!$L:$L,'[20]WorkDone DATA'!$N:$N,BOQ!BW$6,'[20]WorkDone DATA'!$G:$G,BOQ!$B61)*$G61","v":{"$error":"#VALUE!"}},{"$f":"SUMIFS('[20]WorkDone DATA'!$L:$L,'[20]WorkDone DATA'!$N:$N,BOQ!BX$6,'[20]WorkDone DATA'!$G:$G,BOQ!$B61)*$G61","v":{"$error":"#VALUE!"}}]
[{"$f":"C61","v":"70mm2 x 3 core (CXX03NCV) 3.8kV/6.6kV"},2.029,"Supply","E","set",216,{"v":2898.89,"d":"2,898.89"},{"v":626160.24,"d":"626,160.24"},null,null,{"$error":"#VALUE!"},{"$error":"#VALUE!"},{"$error":"#VALUE!"},null,{"$error":"#VALUE!"},{"$error":"#VALUE!"},null,{"$f":"SUMIFS('[20]WorkDone DATA'!$L:$L,'[20]WorkDone DATA'!$N:$N,BOQ!S$6,'[20]WorkDone DATA'!$G:$G,BOQ!$B62)","v":{"$error":"#VALUE!"}},{"$error":"#VALUE!"},{"$f":"SUMIFS('[20]WorkDone DATA'!$L:$L,'[20]WorkDone DATA'!$N:$N,BOQ!U$6,'[20]WorkDone DATA'!$G:$G,BOQ!$B62)","v":{"$error":"#VALUE!"}},{"$error":"#VALUE!"},null,{"$f":"SUMIFS('[20]WorkDone DATA'!$L:$L,'[20]WorkDone DATA'!$N:$N,BOQ!W$6,'[20]WorkDone DATA'!$G:$G,BOQ!$B62)*$G62","v":{"$error":"#VALUE!"}},null,{"$f":"SUMIFS('[20]WorkDone DATA'!$L:$L,'[20]WorkDone DATA'!$N:$N,BOQ!Y$6,'[20]WorkDone DATA'!$G:$G,BOQ!$B62)*$G62","v":{"$error":"#VALUE!"}},null,{"$f":"SUMIFS('[20]WorkDone DATA'!$L:$L,'[20]WorkDone DATA'!$N:$N,BOQ!AA$6,'[20]WorkDone DATA'!$G:$G,BOQ!$B62)*$G62","v":{"$error":"#VALUE!"}},{"$f":"SUMIFS('[20]WorkDone DATA'!$L:$L,'[20]WorkDone DATA'!$N:$N,BOQ!AB$6,'[20]WorkDone DATA'!$G:$G,BOQ!$B62)*$G62","v":{"$error":"#VALUE!"}},{"$f":"SUMIFS('[20]WorkDone DATA'!$L:$L,'[20]WorkDone DATA'!$N:$N,BOQ!AC$6,'[20]WorkDone DATA'!$G:$G,BOQ!$B62)*$G62","v":{"$error":"#VALUE!"}},{"$f":"SUMIFS('[20]WorkDone DATA'!$L:$L,'[20]WorkDone DATA'!$N:$N,BOQ!AD$6,'[20]WorkDone DATA'!$G:$G,BOQ!$B62)*$G62","v":{"$error":"#VALUE!"}},{"$f":"SUMIFS('[20]WorkDone DATA'!$L:$L,'[20]WorkDone DATA'!$N:$N,BOQ!AE$6,'[20]WorkDone DATA'!$G:$G,BOQ!$B62)*$G62","v":{"$error":"#VALUE!"}},{"$f":"SUMIFS('[20]WorkDone DATA'!$L:$L,'[20]WorkDone DATA'!$N:$N,BOQ!AF$6,'[20]WorkDone DATA'!$G:$G,BOQ!$B62)*$G62","v":{"$error":"#VALUE!"}},{"$f":"SUMIFS('[20]WorkDone DATA'!$L:$L,'[20]WorkDone DATA'!$N:$N,BOQ!AG$6,'[20]WorkDone DATA'!$G:$G,BOQ!$B62)*$G62","v":{"$error":"#VALUE!"}},{"$f":"SUMIFS('[20]WorkDone DATA'!$L:$L,'[20]WorkDone DATA'!$N:$N,BOQ!AH$6,'[20]WorkDone DATA'!$G:$G,BOQ!$B62)*$G62","v":{"$error":"#VALUE!"}},{"$f":"SUMIFS('[20]WorkDone DATA'!$L:$L,'[20]WorkDone DATA'!$N:$N,BOQ!AI$6,'[20]WorkDone DATA'!$G:$G,BOQ!$B62)*$G62","v":{"$error":"#VALUE!"}},{"$f":"SUMIFS('[20]WorkDone DATA'!$L:$L,'[20]WorkDone DATA'!$N:$N,BOQ!AJ$6,'[20]WorkDone DATA'!$G:$G,BOQ!$B62)*$G62","v":{"$error":"#VALUE!"}},{"$f":"SUMIFS('[20]WorkDone DATA'!$L:$L,'[20]WorkDone DATA'!$N:$N,BOQ!AK$6,'[20]WorkDone DATA'!$G:$G,BOQ!$B62)*$G62","v":{"$error":"#VALUE!"}},{"$f":"SUMIFS('[20]WorkDone DATA'!$L:$L,'[20]WorkDone DATA'!$N:$N,BOQ!AL$6,'[20]WorkDone DATA'!$G:$G,BOQ!$B62)*$G62","v":{"$error":"#VALUE!"}},{"$f":"SUMIFS('[20]WorkDone DATA'!$L:$L,'[20]WorkDone DATA'!$N:$N,BOQ!AM$6,'[20]WorkDone DATA'!$G:$G,BOQ!$B62)*$G62","v":{"$error":"#VALUE!"}},{"$f":"SUMIFS('[20]WorkDone DATA'!$L:$L,'[20]WorkDone DATA'!$N:$N,BOQ!AN$6,'[20]WorkDone DATA'!$G:$G,BOQ!$B62)*$G62","v":{"$error":"#VALUE!"}},{"$f":"SUMIFS('[20]WorkDone DATA'!$L:$L,'[20]WorkDone DATA'!$N:$N,BOQ!AO$6,'[20]WorkDone DATA'!$G:$G,BOQ!$B62)*$G62","v":{"$error":"#VALUE!"}},{"$f":"SUMIFS('[20]WorkDone DATA'!$L:$L,'[20]WorkDone DATA'!$N:$N,BOQ!AP$6,'[20]WorkDone DATA'!$G:$G,BOQ!$B62)*$G62","v":{"$error":"#VALUE!"}},{"$f":"SUMIFS('[20]WorkDone DATA'!$L:$L,'[20]WorkDone DATA'!$N:$N,BOQ!AQ$6,'[20]WorkDone DATA'!$G:$G,BOQ!$B62)*$G62","v":{"$error":"#VALUE!"}},{"$f":"SUMIFS('[20]WorkDone DATA'!$L:$L,'[20]WorkDone DATA'!$N:$N,BOQ!AR$6,'[20]WorkDone DATA'!$G:$G,BOQ!$B62)*$G62","v":{"$error":"#VALUE!"}},{"$f":"SUMIFS('[20]WorkDone DATA'!$L:$L,'[20]WorkDone DATA'!$N:$N,BOQ!AS$6,'[20]WorkDone DATA'!$G:$G,BOQ!$B62)*$G62","v":{"$error":"#VALUE!"}},{"$f":"SUMIFS('[20]WorkDone DATA'!$L:$L,'[20]WorkDone DATA'!$N:$N,BOQ!AT$6,'[20]WorkDone DATA'!$G:$G,BOQ!$B62)*$G62","v":{"$error":"#VALUE!"}},{"$f":"SUMIFS('[20]WorkDone DATA'!$L:$L,'[20]WorkDone DATA'!$N:$N,BOQ!AU$6,'[20]WorkDone DATA'!$G:$G,BOQ!$B62)*$G62","v":{"$error":"#VALUE!"}},{"$f":"SUMIFS('[20]WorkDone DATA'!$L:$L,'[20]WorkDone DATA'!$N:$N,BOQ!AV$6,'[20]WorkDone DATA'!$G:$G,BOQ!$B62)*$G62","v":{"$error":"#VALUE!"}},{"$f":"SUMIFS('[20]WorkDone DATA'!$L:$L,'[20]WorkDone DATA'!$N:$N,BOQ!AW$6,'[20]WorkDone DATA'!$G:$G,BOQ!$B62)*$G62","v":{"$error":"#VALUE!"}},{"$f":"SUMIFS('[20]WorkDone DATA'!$L:$L,'[20]WorkDone DATA'!$N:$N,BOQ!AX$6,'[20]WorkDone DATA'!$G:$G,BOQ!$B62)*$G62","v":{"$error":"#VALUE!"}},{"$f":"SUMIFS('[20]WorkDone DATA'!$L:$L,'[20]WorkDone DATA'!$N:$N,BOQ!AY$6,'[20]WorkDone DATA'!$G:$G,BOQ!$B62)*$G62","v":{"$error":"#VALUE!"}},{"$f":"SUMIFS('[20]WorkDone DATA'!$L:$L,'[20]WorkDone DATA'!$N:$N,BOQ!AZ$6,'[20]WorkDone DATA'!$G:$G,BOQ!$B62)*$G62","v":{"$error":"#VALUE!"}},{"$f":"SUMIFS('[20]WorkDone DATA'!$L:$L,'[20]WorkDone DATA'!$N:$N,BOQ!BA$6,'[20]WorkDone DATA'!$G:$G,BOQ!$B62)*$G62","v":{"$error":"#VALUE!"}},{"$f":"SUMIFS('[20]WorkDone DATA'!$L:$L,'[20]WorkDone DATA'!$N:$N,BOQ!BB$6,'[20]WorkDone DATA'!$G:$G,BOQ!$B62)*$G62","v":{"$error":"#VALUE!"}},{"$f":"SUMIFS('[20]WorkDone DATA'!$L:$L,'[20]WorkDone DATA'!$N:$N,BOQ!BC$6,'[20]WorkDone DATA'!$G:$G,BOQ!$B62)*$G62","v":{"$error":"#VALUE!"}},{"$f":"SUMIFS('[20]WorkDone DATA'!$L:$L,'[20]WorkDone DATA'!$N:$N,BOQ!BD$6,'[20]WorkDone DATA'!$G:$G,BOQ!$B62)*$G62","v":{"$error":"#VALUE!"}},{"$f":"SUMIFS('[20]WorkDone DATA'!$L:$L,'[20]WorkDone DATA'!$N:$N,BOQ!BE$6,'[20]WorkDone DATA'!$G:$G,BOQ!$B62)*$G62","v":{"$error":"#VALUE!"}},{"$f":"SUMIFS('[20]WorkDone DATA'!$L:$L,'[20]WorkDone DATA'!$N:$N,BOQ!BF$6,'[20]WorkDone DATA'!$G:$G,BOQ!$B62)*$G62","v":{"$error":"#VALUE!"}},{"$f":"SUMIFS('[20]WorkDone DATA'!$L:$L,'[20]WorkDone DATA'!$N:$N,BOQ!BG$6,'[20]WorkDone DATA'!$G:$G,BOQ!$B62)*$G62","v":{"$error":"#VALUE!"}},{"$f":"SUMIFS('[20]WorkDone DATA'!$L:$L,'[20]WorkDone DATA'!$N:$N,BOQ!BH$6,'[20]WorkDone DATA'!$G:$G,BOQ!$B62)*$G62","v":{"$error":"#VALUE!"}},{"$f":"SUMIFS('[20]WorkDone DATA'!$L:$L,'[20]WorkDone DATA'!$N:$N,BOQ!BI$6,'[20]WorkDone DATA'!$G:$G,BOQ!$B62)*$G62","v":{"$error":"#VALUE!"}},{"$f":"SUMIFS('[20]WorkDone DATA'!$L:$L,'[20]WorkDone DATA'!$N:$N,BOQ!BJ$6,'[20]WorkDone DATA'!$G:$G,BOQ!$B62)*$G62","v":{"$error":"#VALUE!"}},{"$f":"SUMIFS('[20]WorkDone DATA'!$L:$L,'[20]WorkDone DATA'!$N:$N,BOQ!BK$6,'[20]WorkDone DATA'!$G:$G,BOQ!$B62)*$G62","v":{"$error":"#VALUE!"}},{"$f":"SUMIFS('[20]WorkDone DATA'!$L:$L,'[20]WorkDone DATA'!$N:$N,BOQ!BL$6,'[20]WorkDone DATA'!$G:$G,BOQ!$B62)*$G62","v":{"$error":"#VALUE!"}},{"$f":"SUMIFS('[20]WorkDone DATA'!$L:$L,'[20]WorkDone DATA'!$N:$N,BOQ!BM$6,'[20]WorkDone DATA'!$G:$G,BOQ!$B62)*$G62","v":{"$error":"#VALUE!"}},{"$f":"SUMIFS('[20]WorkDone DATA'!$L:$L,'[20]WorkDone DATA'!$N:$N,BOQ!BN$6,'[20]WorkDone DATA'!$G:$G,BOQ!$B62)*$G62","v":{"$error":"#VALUE!"}},{"$f":"SUMIFS('[20]WorkDone DATA'!$L:$L,'[20]WorkDone DATA'!$N:$N,BOQ!BO$6,'[20]WorkDone DATA'!$G:$G,BOQ!$B62)*$G62","v":{"$error":"#VALUE!"}},{"$f":"SUMIFS('[20]WorkDone DATA'!$L:$L,'[20]WorkDone DATA'!$N:$N,BOQ!BP$6,'[20]WorkDone DATA'!$G:$G,BOQ!$B62)*$G62","v":{"$error":"#VALUE!"}},{"$f":"SUMIFS('[20]WorkDone DATA'!$L:$L,'[20]WorkDone DATA'!$N:$N,BOQ!BQ$6,'[20]WorkDone DATA'!$G:$G,BOQ!$B62)*$G62","v":{"$error":"#VALUE!"}},{"$f":"SUMIFS('[20]WorkDone DATA'!$L:$L,'[20]WorkDone DATA'!$N:$N,BOQ!BR$6,'[20]WorkDone DATA'!$G:$G,BOQ!$B62)*$G62","v":{"$error":"#VALUE!"}},{"$f":"SUMIFS('[20]WorkDone DATA'!$L:$L,'[20]WorkDone DATA'!$N:$N,BOQ!BS$6,'[20]WorkDone DATA'!$G:$G,BOQ!$B62)*$G62","v":{"$error":"#VALUE!"}},{"$f":"SUMIFS('[20]WorkDone DATA'!$L:$L,'[20]WorkDone DATA'!$N:$N,BOQ!BT$6,'[20]WorkDone DATA'!$G:$G,BOQ!$B62)*$G62","v":{"$error":"#VALUE!"}},{"$f":"SUMIFS('[20]WorkDone DATA'!$L:$L,'[20]WorkDone DATA'!$N:$N,BOQ!BU$6,'[20]WorkDone DATA'!$G:$G,BOQ!$B62)*$G62","v":{"$error":"#VALUE!"}},{"$f":"SUMIFS('[20]WorkDone DATA'!$L:$L,'[20]WorkDone DATA'!$N:$N,BOQ!BV$6,'[20]WorkDone DATA'!$G:$G,BOQ!$B62)*$G62","v":{"$error":"#VALUE!"}},{"$f":"SUMIFS('[20]WorkDone DATA'!$L:$L,'[20]WorkDone DATA'!$N:$N,BOQ!BW$6,'[20]WorkDone DATA'!$G:$G,BOQ!$B62)*$G62","v":{"$error":"#VALUE!"}},{"$f":"SUMIFS('[20]WorkDone DATA'!$L:$L,'[20]WorkDone DATA'!$N:$N,BOQ!BX$6,'[20]WorkDone DATA'!$G:$G,BOQ!$B62)*$G62","v":{"$error":"#VALUE!"}}]
[{"$f":"C61","v":"70mm2 x 3 core (CXX03NCV) 3.8kV/6.6kV"},{"v":2.03,"d":"2.030"},"Installation","A","set",216,{"v":1814.46,"d":"1,814.46"},{"v":391923.36,"d":"391,923.36"},null,null,{"$error":"#VALUE!"},{"$error":"#VALUE!"},{"$error":"#VALUE!"},null,{"$error":"#VALUE!"},{"$error":"#VALUE!"},null,{"$f":"SUMIFS('[20]WorkDone DATA'!$L:$L,'[20]WorkDone DATA'!$N:$N,BOQ!S$6,'[20]WorkDone DATA'!$G:$G,BOQ!$B63)","v":{"$error":"#VALUE!"}},{"$error":"#VALUE!"},{"$f":"SUMIFS('[20]WorkDone DATA'!$L:$L,'[20]WorkDone DATA'!$N:$N,BOQ!U$6,'[20]WorkDone DATA'!$G:$G,BOQ!$B63)","v":{"$error":"#VALUE!"}},{"$error":"#VALUE!"},null,{"$f":"SUMIFS('[20]WorkDone DATA'!$L:$L,'[20]WorkDone DATA'!$N:$N,BOQ!W$6,'[20]WorkDone DATA'!$G:$G,BOQ!$B63)*$G63","v":{"$error":"#VALUE!"}},null,{"$f":"SUMIFS('[20]WorkDone DATA'!$L:$L,'[20]WorkDone DATA'!$N:$N,BOQ!Y$6,'[20]WorkDone DATA'!$G:$G,BOQ!$B63)*$G63","v":{"$error":"#VALUE!"}},null,{"$f":"SUMIFS('[20]WorkDone DATA'!$L:$L,'[20]WorkDone DATA'!$N:$N,BOQ!AA$6,'[20]WorkDone DATA'!$G:$G,BOQ!$B63)*$G63","v":{"$error":"#VALUE!"}},{"$f":"SUMIFS('[20]WorkDone DATA'!$L:$L,'[20]WorkDone DATA'!$N:$N,BOQ!AB$6,'[20]WorkDone DATA'!$G:$G,BOQ!$B63)*$G63","v":{"$error":"#VALUE!"}},{"$f":"SUMIFS('[20]WorkDone DATA'!$L:$L,'[20]WorkDone DATA'!$N:$N,BOQ!AC$6,'[20]WorkDone DATA'!$G:$G,BOQ!$B63)*$G63","v":{"$error":"#VALUE!"}},{"$f":"SUMIFS('[20]WorkDone DATA'!$L:$L,'[20]WorkDone DATA'!$N:$N,BOQ!AD$6,'[20]WorkDone DATA'!$G:$G,BOQ!$B63)*$G63","v":{"$error":"#VALUE!"}},{"$f":"SUMIFS('[20]WorkDone DATA'!$L:$L,'[20]WorkDone DATA'!$N:$N,BOQ!AE$6,'[20]WorkDone DATA'!$G:$G,BOQ!$B63)*$G63","v":{"$error":"#VALUE!"}},{"$f":"SUMIFS('[20]WorkDone DATA'!$L:$L,'[20]WorkDone DATA'!$N:$N,BOQ!AF$6,'[20]WorkDone DATA'!$G:$G,BOQ!$B63)*$G63","v":{"$error":"#VALUE!"}},{"$f":"SUMIFS('[20]WorkDone DATA'!$L:$L,'[20]WorkDone DATA'!$N:$N,BOQ!AG$6,'[20]WorkDone DATA'!$G:$G,BOQ!$B63)*$G63","v":{"$error":"#VALUE!"}},{"$f":"SUMIFS('[20]WorkDone DATA'!$L:$L,'[20]WorkDone DATA'!$N:$N,BOQ!AH$6,'[20]WorkDone DATA'!$G:$G,BOQ!$B63)*$G63","v":{"$error":"#VALUE!"}},{"$f":"SUMIFS('[20]WorkDone DATA'!$L:$L,'[20]WorkDone DATA'!$N:$N,BOQ!AI$6,'[20]WorkDone DATA'!$G:$G,BOQ!$B63)*$G63","v":{"$error":"#VALUE!"}},{"$f":"SUMIFS('[20]WorkDone DATA'!$L:$L,'[20]WorkDone DATA'!$N:$N,BOQ!AJ$6,'[20]WorkDone DATA'!$G:$G,BOQ!$B63)*$G63","v":{"$error":"#VALUE!"}},{"$f":"SUMIFS('[20]WorkDone DATA'!$L:$L,'[20]WorkDone DATA'!$N:$N,BOQ!AK$6,'[20]WorkDone DATA'!$G:$G,BOQ!$B63)*$G63","v":{"$error":"#VALUE!"}},{"$f":"SUMIFS('[20]WorkDone DATA'!$L:$L,'[20]WorkDone DATA'!$N:$N,BOQ!AL$6,'[20]WorkDone DATA'!$G:$G,BOQ!$B63)*$G63","v":{"$error":"#VALUE!"}},{"$f":"SUMIFS('[20]WorkDone DATA'!$L:$L,'[20]WorkDone DATA'!$N:$N,BOQ!AM$6,'[20]WorkDone DATA'!$G:$G,BOQ!$B63)*$G63","v":{"$error":"#VALUE!"}},{"$f":"SUMIFS('[20]WorkDone DATA'!$L:$L,'[20]WorkDone DATA'!$N:$N,BOQ!AN$6,'[20]WorkDone DATA'!$G:$G,BOQ!$B63)*$G63","v":{"$error":"#VALUE!"}},{"$f":"SUMIFS('[20]WorkDone DATA'!$L:$L,'[20]WorkDone DATA'!$N:$N,BOQ!AO$6,'[20]WorkDone DATA'!$G:$G,BOQ!$B63)*$G63","v":{"$error":"#VALUE!"}},{"$f":"SUMIFS('[20]WorkDone DATA'!$L:$L,'[20]WorkDone DATA'!$N:$N,BOQ!AP$6,'[20]WorkDone DATA'!$G:$G,BOQ!$B63)*$G63","v":{"$error":"#VALUE!"}},{"$f":"SUMIFS('[20]WorkDone DATA'!$L:$L,'[20]WorkDone DATA'!$N:$N,BOQ!AQ$6,'[20]WorkDone DATA'!$G:$G,BOQ!$B63)*$G63","v":{"$error":"#VALUE!"}},{"$f":"SUMIFS('[20]WorkDone DATA'!$L:$L,'[20]WorkDone DATA'!$N:$N,BOQ!AR$6,'[20]WorkDone DATA'!$G:$G,BOQ!$B63)*$G63","v":{"$error":"#VALUE!"}},{"$f":"SUMIFS('[20]WorkDone DATA'!$L:$L,'[20]WorkDone DATA'!$N:$N,BOQ!AS$6,'[20]WorkDone DATA'!$G:$G,BOQ!$B63)*$G63","v":{"$error":"#VALUE!"}},{"$f":"SUMIFS('[20]WorkDone DATA'!$L:$L,'[20]WorkDone DATA'!$N:$N,BOQ!AT$6,'[20]WorkDone DATA'!$G:$G,BOQ!$B63)*$G63","v":{"$error":"#VALUE!"}},{"$f":"SUMIFS('[20]WorkDone DATA'!$L:$L,'[20]WorkDone DATA'!$N:$N,BOQ!AU$6,'[20]WorkDone DATA'!$G:$G,BOQ!$B63)*$G63","v":{"$error":"#VALUE!"}},{"$f":"SUMIFS('[20]WorkDone DATA'!$L:$L,'[20]WorkDone DATA'!$N:$N,BOQ!AV$6,'[20]WorkDone DATA'!$G:$G,BOQ!$B63)*$G63","v":{"$error":"#VALUE!"}},{"$f":"SUMIFS('[20]WorkDone DATA'!$L:$L,'[20]WorkDone DATA'!$N:$N,BOQ!AW$6,'[20]WorkDone DATA'!$G:$G,BOQ!$B63)*$G63","v":{"$error":"#VALUE!"}},{"$f":"SUMIFS('[20]WorkDone DATA'!$L:$L,'[20]WorkDone DATA'!$N:$N,BOQ!AX$6,'[20]WorkDone DATA'!$G:$G,BOQ!$B63)*$G63","v":{"$error":"#VALUE!"}},{"$f":"SUMIFS('[20]WorkDone DATA'!$L:$L,'[20]WorkDone DATA'!$N:$N,BOQ!AY$6,'[20]WorkDone DATA'!$G:$G,BOQ!$B63)*$G63","v":{"$error":"#VALUE!"}},{"$f":"SUMIFS('[20]WorkDone DATA'!$L:$L,'[20]WorkDone DATA'!$N:$N,BOQ!AZ$6,'[20]WorkDone DATA'!$G:$G,BOQ!$B63)*$G63","v":{"$error":"#VALUE!"}},{"$f":"SUMIFS('[20]WorkDone DATA'!$L:$L,'[20]WorkDone DATA'!$N:$N,BOQ!BA$6,'[20]WorkDone DATA'!$G:$G,BOQ!$B63)*$G63","v":{"$error":"#VALUE!"}},{"$f":"SUMIFS('[20]WorkDone DATA'!$L:$L,'[20]WorkDone DATA'!$N:$N,BOQ!BB$6,'[20]WorkDone DATA'!$G:$G,BOQ!$B63)*$G63","v":{"$error":"#VALUE!"}},{"$f":"SUMIFS('[20]WorkDone DATA'!$L:$L,'[20]WorkDone DATA'!$N:$N,BOQ!BC$6,'[20]WorkDone DATA'!$G:$G,BOQ!$B63)*$G63","v":{"$error":"#VALUE!"}},{"$f":"SUMIFS('[20]WorkDone DATA'!$L:$L,'[20]WorkDone DATA'!$N:$N,BOQ!BD$6,'[20]WorkDone DATA'!$G:$G,BOQ!$B63)*$G63","v":{"$error":"#VALUE!"}},{"$f":"SUMIFS('[20]WorkDone DATA'!$L:$L,'[20]WorkDone DATA'!$N:$N,BOQ!BE$6,'[20]WorkDone DATA'!$G:$G,BOQ!$B63)*$G63","v":{"$error":"#VALUE!"}},{"$f":"SUMIFS('[20]WorkDone DATA'!$L:$L,'[20]WorkDone DATA'!$N:$N,BOQ!BF$6,'[20]WorkDone DATA'!$G:$G,BOQ!$B63)*$G63","v":{"$error":"#VALUE!"}},{"$f":"SUMIFS('[20]WorkDone DATA'!$L:$L,'[20]WorkDone DATA'!$N:$N,BOQ!BG$6,'[20]WorkDone DATA'!$G:$G,BOQ!$B63)*$G63","v":{"$error":"#VALUE!"}},{"$f":"SUMIFS('[20]WorkDone DATA'!$L:$L,'[20]WorkDone DATA'!$N:$N,BOQ!BH$6,'[20]WorkDone DATA'!$G:$G,BOQ!$B63)*$G63","v":{"$error":"#VALUE!"}},{"$f":"SUMIFS('[20]WorkDone DATA'!$L:$L,'[20]WorkDone DATA'!$N:$N,BOQ!BI$6,'[20]WorkDone DATA'!$G:$G,BOQ!$B63)*$G63","v":{"$error":"#VALUE!"}},{"$f":"SUMIFS('[20]WorkDone DATA'!$L:$L,'[20]WorkDone DATA'!$N:$N,BOQ!BJ$6,'[20]WorkDone DATA'!$G:$G,BOQ!$B63)*$G63","v":{"$error":"#VALUE!"}},{"$f":"SUMIFS('[20]WorkDone DATA'!$L:$L,'[20]WorkDone DATA'!$N:$N,BOQ!BK$6,'[20]WorkDone DATA'!$G:$G,BOQ!$B63)*$G63","v":{"$error":"#VALUE!"}},{"$f":"SUMIFS('[20]WorkDone DATA'!$L:$L,'[20]WorkDone DATA'!$N:$N,BOQ!BL$6,'[20]WorkDone DATA'!$G:$G,BOQ!$B63)*$G63","v":{"$error":"#VALUE!"}},{"$f":"SUMIFS('[20]WorkDone DATA'!$L:$L,'[20]WorkDone DATA'!$N:$N,BOQ!BM$6,'[20]WorkDone DATA'!$G:$G,BOQ!$B63)*$G63","v":{"$error":"#VALUE!"}},{"$f":"SUMIFS('[20]WorkDone DATA'!$L:$L,'[20]WorkDone DATA'!$N:$N,BOQ!BN$6,'[20]WorkDone DATA'!$G:$G,BOQ!$B63)*$G63","v":{"$error":"#VALUE!"}},{"$f":"SUMIFS('[20]WorkDone DATA'!$L:$L,'[20]WorkDone DATA'!$N:$N,BOQ!BO$6,'[20]WorkDone DATA'!$G:$G,BOQ!$B63)*$G63","v":{"$error":"#VALUE!"}},{"$f":"SUMIFS('[20]WorkDone DATA'!$L:$L,'[20]WorkDone DATA'!$N:$N,BOQ!BP$6,'[20]WorkDone DATA'!$G:$G,BOQ!$B63)*$G63","v":{"$error":"#VALUE!"}},{"$f":"SUMIFS('[20]WorkDone DATA'!$L:$L,'[20]WorkDone DATA'!$N:$N,BOQ!BQ$6,'[20]WorkDone DATA'!$G:$G,BOQ!$B63)*$G63","v":{"$error":"#VALUE!"}},{"$f":"SUMIFS('[20]WorkDone DATA'!$L:$L,'[20]WorkDone DATA'!$N:$N,BOQ!BR$6,'[20]WorkDone DATA'!$G:$G,BOQ!$B63)*$G63","v":{"$error":"#VALUE!"}},{"$f":"SUMIFS('[20]WorkDone DATA'!$L:$L,'[20]WorkDone DATA'!$N:$N,BOQ!BS$6,'[20]WorkDone DATA'!$G:$G,BOQ!$B63)*$G63","v":{"$error":"#VALUE!"}},{"$f":"SUMIFS('[20]WorkDone DATA'!$L:$L,'[20]WorkDone DATA'!$N:$N,BOQ!BT$6,'[20]WorkDone DATA'!$G:$G,BOQ!$B63)*$G63","v":{"$error":"#VALUE!"}},{"$f":"SUMIFS('[20]WorkDone DATA'!$L:$L,'[20]WorkDone DATA'!$N:$N,BOQ!BU$6,'[20]WorkDone DATA'!$G:$G,BOQ!$B63)*$G63","v":{"$error":"#VALUE!"}},{"$f":"SUMIFS('[20]WorkDone DATA'!$L:$L,'[20]WorkDone DATA'!$N:$N,BOQ!BV$6,'[20]WorkDone DATA'!$G:$G,BOQ!$B63)*$G63","v":{"$error":"#VALUE!"}},{"$f":"SUMIFS('[20]WorkDone DATA'!$L:$L,'[20]WorkDone DATA'!$N:$N,BOQ!BW$6,'[20]WorkDone DATA'!$G:$G,BOQ!$B63)*$G63","v":{"$error":"#VALUE!"}},{"$f":"SUMIFS('[20]WorkDone DATA'!$L:$L,'[20]WorkDone DATA'!$N:$N,BOQ!BX$6,'[20]WorkDone DATA'!$G:$G,BOQ!$B63)*$G63","v":{"$error":"#VALUE!"}}]
[null,null,"240mm2 x 3 core (CXX03TCV) 3.8kV/6.6kV",{"$nulls":4},0,{"$nulls":3},{"$error":"#VALUE!"},{"$error":"#VALUE!"},null,0,{"$error":"#VALUE!"},null,{"$f":"SUMIFS('[20]WorkDone DATA'!$L:$L,'[20]WorkDone DATA'!$N:$N,BOQ!S$6,'[20]WorkDone DATA'!$G:$G,BOQ!$B64)","v":{"$error":"#VALUE!"}},{"$error":"#VALUE!"},{"$f":"SUMIFS('[20]WorkDone DATA'!$L:$L,'[20]WorkDone DATA'!$N:$N,BOQ!U$6,'[20]WorkDone DATA'!$G:$G,BOQ!$B64)","v":{"$error":"#VALUE!"}},{"$error":"#VALUE!"},null,{"$f":"SUMIFS('[20]WorkDone DATA'!$L:$L,'[20]WorkDone DATA'!$N:$N,BOQ!W$6,'[20]WorkDone DATA'!$G:$G,BOQ!$B64)*$G64","v":{"$error":"#VALUE!"}},null,{"$f":"SUMIFS('[20]WorkDone DATA'!$L:$L,'[20]WorkDone DATA'!$N:$N,BOQ!Y$6,'[20]WorkDone DATA'!$G:$G,BOQ!$B64)*$G64","v":{"$error":"#VALUE!"}},null,{"$f":"SUMIFS('[20]WorkDone DATA'!$L:$L,'[20]WorkDone DATA'!$N:$N,BOQ!AA$6,'[20]WorkDone DATA'!$G:$G,BOQ!$B64)*$G64","v":{"$error":"#VALUE!"}},{"$f":"SUMIFS('[20]WorkDone DATA'!$L:$L,'[20]WorkDone DATA'!$N:$N,BOQ!AB$6,'[20]WorkDone DATA'!$G:$G,BOQ!$B64)*$G64","v":{"$error":"#VALUE!"}},{"$f":"SUMIFS('[20]WorkDone DATA'!$L:$L,'[20]WorkDone DATA'!$N:$N,BOQ!AC$6,'[20]WorkDone DATA'!$G:$G,BOQ!$B64)*$G64","v":{"$error":"#VALUE!"}},{"$f":"SUMIFS('[20]WorkDone DATA'!$L:$L,'[20]WorkDone DATA'!$N:$N,BOQ!AD$6,'[20]WorkDone DATA'!$G:$G,BOQ!$B64)*$G64","v":{"$error":"#VALUE!"}},{"$f":"SUMIFS('[20]WorkDone DATA'!$L:$L,'[20]WorkDone DATA'!$N:$N,BOQ!AE$6,'[20]WorkDone DATA'!$G:$G,BOQ!$B64)*$G64","v":{"$error":"#VALUE!"}},{"$f":"SUMIFS('[20]WorkDone DATA'!$L:$L,'[20]WorkDone DATA'!$N:$N,BOQ!AF$6,'[20]WorkDone DATA'!$G:$G,BOQ!$B64)*$G64","v":{"$error":"#VALUE!"}},{"$f":"SUMIFS('[20]WorkDone DATA'!$L:$L,'[20]WorkDone DATA'!$N:$N,BOQ!AG$6,'[20]WorkDone DATA'!$G:$G,BOQ!$B64)*$G64","v":{"$error":"#VALUE!"}},{"$f":"SUMIFS('[20]WorkDone DATA'!$L:$L,'[20]WorkDone DATA'!$N:$N,BOQ!AH$6,'[20]WorkDone DATA'!$G:$G,BOQ!$B64)*$G64","v":{"$error":"#VALUE!"}},{"$f":"SUMIFS('[20]WorkDone DATA'!$L:$L,'[20]WorkDone DATA'!$N:$N,BOQ!AI$6,'[20]WorkDone DATA'!$G:$G,BOQ!$B64)*$G64","v":{"$error":"#VALUE!"}},{"$f":"SUMIFS('[20]WorkDone DATA'!$L:$L,'[20]WorkDone DATA'!$N:$N,BOQ!AJ$6,'[20]WorkDone DATA'!$G:$G,BOQ!$B64)*$G64","v":{"$error":"#VALUE!"}},{"$f":"SUMIFS('[20]WorkDone DATA'!$L:$L,'[20]WorkDone DATA'!$N:$N,BOQ!AK$6,'[20]WorkDone DATA'!$G:$G,BOQ!$B64)*$G64","v":{"$error":"#VALUE!"}},{"$f":"SUMIFS('[20]WorkDone DATA'!$L:$L,'[20]WorkDone DATA'!$N:$N,BOQ!AL$6,'[20]WorkDone DATA'!$G:$G,BOQ!$B64)*$G64","v":{"$error":"#VALUE!"}},{"$f":"SUMIFS('[20]WorkDone DATA'!$L:$L,'[20]WorkDone DATA'!$N:$N,BOQ!AM$6,'[20]WorkDone DATA'!$G:$G,BOQ!$B64)*$G64","v":{"$error":"#VALUE!"}},{"$f":"SUMIFS('[20]WorkDone DATA'!$L:$L,'[20]WorkDone DATA'!$N:$N,BOQ!AN$6,'[20]WorkDone DATA'!$G:$G,BOQ!$B64)*$G64","v":{"$error":"#VALUE!"}},{"$f":"SUMIFS('[20]WorkDone DATA'!$L:$L,'[20]WorkDone DATA'!$N:$N,BOQ!AO$6,'[20]WorkDone DATA'!$G:$G,BOQ!$B64)*$G64","v":{"$error":"#VALUE!"}},{"$f":"SUMIFS('[20]WorkDone DATA'!$L:$L,'[20]WorkDone DATA'!$N:$N,BOQ!AP$6,'[20]WorkDone DATA'!$G:$G,BOQ!$B64)*$G64","v":{"$error":"#VALUE!"}},{"$f":"SUMIFS('[20]WorkDone DATA'!$L:$L,'[20]WorkDone DATA'!$N:$N,BOQ!AQ$6,'[20]WorkDone DATA'!$G:$G,BOQ!$B64)*$G64","v":{"$error":"#VALUE!"}},{"$f":"SUMIFS('[20]WorkDone DATA'!$L:$L,'[20]WorkDone DATA'!$N:$N,BOQ!AR$6,'[20]WorkDone DATA'!$G:$G,BOQ!$B64)*$G64","v":{"$error":"#VALUE!"}},{"$f":"SUMIFS('[20]WorkDone DATA'!$L:$L,'[20]WorkDone DATA'!$N:$N,BOQ!AS$6,'[20]WorkDone DATA'!$G:$G,BOQ!$B64)*$G64","v":{"$error":"#VALUE!"}},{"$f":"SUMIFS('[20]WorkDone DATA'!$L:$L,'[20]WorkDone DATA'!$N:$N,BOQ!AT$6,'[20]WorkDone DATA'!$G:$G,BOQ!$B64)*$G64","v":{"$error":"#VALUE!"}},{"$f":"SUMIFS('[20]WorkDone DATA'!$L:$L,'[20]WorkDone DATA'!$N:$N,BOQ!AU$6,'[20]WorkDone DATA'!$G:$G,BOQ!$B64)*$G64","v":{"$error":"#VALUE!"}},{"$f":"SUMIFS('[20]WorkDone DATA'!$L:$L,'[20]WorkDone DATA'!$N:$N,BOQ!AV$6,'[20]WorkDone DATA'!$G:$G,BOQ!$B64)*$G64","v":{"$error":"#VALUE!"}},{"$f":"SUMIFS('[20]WorkDone DATA'!$L:$L,'[20]WorkDone DATA'!$N:$N,BOQ!AW$6,'[20]WorkDone DATA'!$G:$G,BOQ!$B64)*$G64","v":{"$error":"#VALUE!"}},{"$f":"SUMIFS('[20]WorkDone DATA'!$L:$L,'[20]WorkDone DATA'!$N:$N,BOQ!AX$6,'[20]WorkDone DATA'!$G:$G,BOQ!$B64)*$G64","v":{"$error":"#VALUE!"}},{"$f":"SUMIFS('[20]WorkDone DATA'!$L:$L,'[20]WorkDone DATA'!$N:$N,BOQ!AY$6,'[20]WorkDone DATA'!$G:$G,BOQ!$B64)*$G64","v":{"$error":"#VALUE!"}},{"$f":"SUMIFS('[20]WorkDone DATA'!$L:$L,'[20]WorkDone DATA'!$N:$N,BOQ!AZ$6,'[20]WorkDone DATA'!$G:$G,BOQ!$B64)*$G64","v":{"$error":"#VALUE!"}},{"$f":"SUMIFS('[20]WorkDone DATA'!$L:$L,'[20]WorkDone DATA'!$N:$N,BOQ!BA$6,'[20]WorkDone DATA'!$G:$G,BOQ!$B64)*$G64","v":{"$error":"#VALUE!"}},{"$f":"SUMIFS('[20]WorkDone DATA'!$L:$L,'[20]WorkDone DATA'!$N:$N,BOQ!BB$6,'[20]WorkDone DATA'!$G:$G,BOQ!$B64)*$G64","v":{"$error":"#VALUE!"}},{"$f":"SUMIFS('[20]WorkDone DATA'!$L:$L,'[20]WorkDone DATA'!$N:$N,BOQ!BC$6,'[20]WorkDone DATA'!$G:$G,BOQ!$B64)*$G64","v":{"$error":"#VALUE!"}},{"$f":"SUMIFS('[20]WorkDone DATA'!$L:$L,'[20]WorkDone DATA'!$N:$N,BOQ!BD$6,'[20]WorkDone DATA'!$G:$G,BOQ!$B64)*$G64","v":{"$error":"#VALUE!"}},{"$f":"SUMIFS('[20]WorkDone DATA'!$L:$L,'[20]WorkDone DATA'!$N:$N,BOQ!BE$6,'[20]WorkDone DATA'!$G:$G,BOQ!$B64)*$G64","v":{"$error":"#VALUE!"}},{"$f":"SUMIFS('[20]WorkDone DATA'!$L:$L,'[20]WorkDone DATA'!$N:$N,BOQ!BF$6,'[20]WorkDone DATA'!$G:$G,BOQ!$B64)*$G64","v":{"$error":"#VALUE!"}},{"$f":"SUMIFS('[20]WorkDone DATA'!$L:$L,'[20]WorkDone DATA'!$N:$N,BOQ!BG$6,'[20]WorkDone DATA'!$G:$G,BOQ!$B64)*$G64","v":{"$error":"#VALUE!"}},{"$f":"SUMIFS('[20]WorkDone DATA'!$L:$L,'[20]WorkDone DATA'!$N:$N,BOQ!BH$6,'[20]WorkDone DATA'!$G:$G,BOQ!$B64)*$G64","v":{"$error":"#VALUE!"}},{"$f":"SUMIFS('[20]WorkDone DATA'!$L:$L,'[20]WorkDone DATA'!$N:$N,BOQ!BI$6,'[20]WorkDone DATA'!$G:$G,BOQ!$B64)*$G64","v":{"$error":"#VALUE!"}},{"$f":"SUMIFS('[20]WorkDone DATA'!$L:$L,'[20]WorkDone DATA'!$N:$N,BOQ!BJ$6,'[20]WorkDone DATA'!$G:$G,BOQ!$B64)*$G64","v":{"$error":"#VALUE!"}},{"$f":"SUMIFS('[20]WorkDone DATA'!$L:$L,'[20]WorkDone DATA'!$N:$N,BOQ!BK$6,'[20]WorkDone DATA'!$G:$G,BOQ!$B64)*$G64","v":{"$error":"#VALUE!"}},{"$f":"SUMIFS('[20]WorkDone DATA'!$L:$L,'[20]WorkDone DATA'!$N:$N,BOQ!BL$6,'[20]WorkDone DATA'!$G:$G,BOQ!$B64)*$G64","v":{"$error":"#VALUE!"}},{"$f":"SUMIFS('[20]WorkDone DATA'!$L:$L,'[20]WorkDone DATA'!$N:$N,BOQ!BM$6,'[20]WorkDone DATA'!$G:$G,BOQ!$B64)*$G64","v":{"$error":"#VALUE!"}},{"$f":"SUMIFS('[20]WorkDone DATA'!$L:$L,'[20]WorkDone DATA'!$N:$N,BOQ!BN$6,'[20]WorkDone DATA'!$G:$G,BOQ!$B64)*$G64","v":{"$error":"#VALUE!"}},{"$f":"SUMIFS('[20]WorkDone DATA'!$L:$L,'[20]WorkDone DATA'!$N:$N,BOQ!BO$6,'[20]WorkDone DATA'!$G:$G,BOQ!$B64)*$G64","v":{"$error":"#VALUE!"}},{"$f":"SUMIFS('[20]WorkDone DATA'!$L:$L,'[20]WorkDone DATA'!$N:$N,BOQ!BP$6,'[20]WorkDone DATA'!$G:$G,BOQ!$B64)*$G64","v":{"$error":"#VALUE!"}},{"$f":"SUMIFS('[20]WorkDone DATA'!$L:$L,'[20]WorkDone DATA'!$N:$N,BOQ!BQ$6,'[20]WorkDone DATA'!$G:$G,BOQ!$B64)*$G64","v":{"$error":"#VALUE!"}},{"$f":"SUMIFS('[20]WorkDone DATA'!$L:$L,'[20]WorkDone DATA'!$N:$N,BOQ!BR$6,'[20]WorkDone DATA'!$G:$G,BOQ!$B64)*$G64","v":{"$error":"#VALUE!"}},{"$f":"SUMIFS('[20]WorkDone DATA'!$L:$L,'[20]WorkDone DATA'!$N:$N,BOQ!BS$6,'[20]WorkDone DATA'!$G:$G,BOQ!$B64)*$G64","v":{"$error":"#VALUE!"}},{"$f":"SUMIFS('[20]WorkDone DATA'!$L:$L,'[20]WorkDone DATA'!$N:$N,BOQ!BT$6,'[20]WorkDone DATA'!$G:$G,BOQ!$B64)*$G64","v":{"$error":"#VALUE!"}},{"$f":"SUMIFS('[20]WorkDone DATA'!$L:$L,'[20]WorkDone DATA'!$N:$N,BOQ!BU$6,'[20]WorkDone DATA'!$G:$G,BOQ!$B64)*$G64","v":{"$error":"#VALUE!"}},{"$f":"SUMIFS('[20]WorkDone DATA'!$L:$L,'[20]WorkDone DATA'!$N:$N,BOQ!BV$6,'[20]WorkDone DATA'!$G:$G,BOQ!$B64)*$G64","v":{"$error":"#VALUE!"}},{"$f":"SUMIFS('[20]WorkDone DATA'!$L:$L,'[20]WorkDone DATA'!$N:$N,BOQ!BW$6,'[20]WorkDone DATA'!$G:$G,BOQ!$B64)*$G64","v":{"$error":"#VALUE!"}},{"$f":"SUMIFS('[20]WorkDone DATA'!$L:$L,'[20]WorkDone DATA'!$N:$N,BOQ!BX$6,'[20]WorkDone DATA'!$G:$G,BOQ!$B64)*$G64","v":{"$error":"#VALUE!"}}]
[{"$f":"C64","v":"240mm2 x 3 core (CXX03TCV) 3.8kV/6.6kV"},2.031,"Supply","E","set",108,{"v":4606.36,"d":"4,606.36"},{"v":497486.87999999995,"d":"497,486.88"},null,null,{"$error":"#VALUE!"},{"$error":"#VALUE!"},{"$error":"#VALUE!"},null,{"$error":"#VALUE!"},{"$error":"#VALUE!"},null,{"$f":"SUMIFS('[20]WorkDone DATA'!$L:$L,'[20]WorkDone DATA'!$N:$N,BOQ!S$6,'[20]WorkDone DATA'!$G:$G,BOQ!$B65)","v":{"$error":"#VALUE!"}},{"$error":"#VALUE!"},{"$f":"SUMIFS('[20]WorkDone DATA'!$L:$L,'[20]WorkDone DATA'!$N:$N,BOQ!U$6,'[20]WorkDone DATA'!$G:$G,BOQ!$B65)","v":{"$error":"#VALUE!"}},{"$error":"#VALUE!"},null,{"$f":"SUMIFS('[20]WorkDone DATA'!$L:$L,'[20]WorkDone DATA'!$N:$N,BOQ!W$6,'[20]WorkDone DATA'!$G:$G,BOQ!$B65)*$G65","v":{"$error":"#VALUE!"}},null,{"$f":"SUMIFS('[20]WorkDone DATA'!$L:$L,'[20]WorkDone DATA'!$N:$N,BOQ!Y$6,'[20]WorkDone DATA'!$G:$G,BOQ!$B65)*$G65","v":{"$error":"#VALUE!"}},null,{"$f":"SUMIFS('[20]WorkDone DATA'!$L:$L,'[20]WorkDone DATA'!$N:$N,BOQ!AA$6,'[20]WorkDone DATA'!$G:$G,BOQ!$B65)*$G65","v":{"$error":"#VALUE!"}},{"$f":"SUMIFS('[20]WorkDone DATA'!$L:$L,'[20]WorkDone DATA'!$N:$N,BOQ!AB$6,'[20]WorkDone DATA'!$G:$G,BOQ!$B65)*$G65","v":{"$error":"#VALUE!"}},{"$f":"SUMIFS('[20]WorkDone DATA'!$L:$L,'[20]WorkDone DATA'!$N:$N,BOQ!AC$6,'[20]WorkDone DATA'!$G:$G,BOQ!$B65)*$G65","v":{"$error":"#VALUE!"}},{"$f":"SUMIFS('[20]WorkDone DATA'!$L:$L,'[20]WorkDone DATA'!$N:$N,BOQ!AD$6,'[20]WorkDone DATA'!$G:$G,BOQ!$B65)*$G65","v":{"$error":"#VALUE!"}},{"$f":"SUMIFS('[20]WorkDone DATA'!$L:$L,'[20]WorkDone DATA'!$N:$N,BOQ!AE$6,'[20]WorkDone DATA'!$G:$G,BOQ!$B65)*$G65","v":{"$error":"#VALUE!"}},{"$f":"SUMIFS('[20]WorkDone DATA'!$L:$L,'[20]WorkDone DATA'!$N:$N,BOQ!AF$6,'[20]WorkDone DATA'!$G:$G,BOQ!$B65)*$G65","v":{"$error":"#VALUE!"}},{"$f":"SUMIFS('[20]WorkDone DATA'!$L:$L,'[20]WorkDone DATA'!$N:$N,BOQ!AG$6,'[20]WorkDone DATA'!$G:$G,BOQ!$B65)*$G65","v":{"$error":"#VALUE!"}},{"$f":"SUMIFS('[20]WorkDone DATA'!$L:$L,'[20]WorkDone DATA'!$N:$N,BOQ!AH$6,'[20]WorkDone DATA'!$G:$G,BOQ!$B65)*$G65","v":{"$error":"#VALUE!"}},{"$f":"SUMIFS('[20]WorkDone DATA'!$L:$L,'[20]WorkDone DATA'!$N:$N,BOQ!AI$6,'[20]WorkDone DATA'!$G:$G,BOQ!$B65)*$G65","v":{"$error":"#VALUE!"}},{"$f":"SUMIFS('[20]WorkDone DATA'!$L:$L,'[20]WorkDone DATA'!$N:$N,BOQ!AJ$6,'[20]WorkDone DATA'!$G:$G,BOQ!$B65)*$G65","v":{"$error":"#VALUE!"}},{"$f":"SUMIFS('[20]WorkDone DATA'!$L:$L,'[20]WorkDone DATA'!$N:$N,BOQ!AK$6,'[20]WorkDone DATA'!$G:$G,BOQ!$B65)*$G65","v":{"$error":"#VALUE!"}},{"$f":"SUMIFS('[20]WorkDone DATA'!$L:$L,'[20]WorkDone DATA'!$N:$N,BOQ!AL$6,'[20]WorkDone DATA'!$G:$G,BOQ!$B65)*$G65","v":{"$error":"#VALUE!"}},{"$f":"SUMIFS('[20]WorkDone DATA'!$L:$L,'[20]WorkDone DATA'!$N:$N,BOQ!AM$6,'[20]WorkDone DATA'!$G:$G,BOQ!$B65)*$G65","v":{"$error":"#VALUE!"}},{"$f":"SUMIFS('[20]WorkDone DATA'!$L:$L,'[20]WorkDone DATA'!$N:$N,BOQ!AN$6,'[20]WorkDone DATA'!$G:$G,BOQ!$B65)*$G65","v":{"$error":"#VALUE!"}},{"$f":"SUMIFS('[20]WorkDone DATA'!$L:$L,'[20]WorkDone DATA'!$N:$N,BOQ!AO$6,'[20]WorkDone DATA'!$G:$G,BOQ!$B65)*$G65","v":{"$error":"#VALUE!"}},{"$f":"SUMIFS('[20]WorkDone DATA'!$L:$L,'[20]WorkDone DATA'!$N:$N,BOQ!AP$6,'[20]WorkDone DATA'!$G:$G,BOQ!$B65)*$G65","v":{"$error":"#VALUE!"}},{"$f":"SUMIFS('[20]WorkDone DATA'!$L:$L,'[20]WorkDone DATA'!$N:$N,BOQ!AQ$6,'[20]WorkDone DATA'!$G:$G,BOQ!$B65)*$G65","v":{"$error":"#VALUE!"}},{"$f":"SUMIFS('[20]WorkDone DATA'!$L:$L,'[20]WorkDone DATA'!$N:$N,BOQ!AR$6,'[20]WorkDone DATA'!$G:$G,BOQ!$B65)*$G65","v":{"$error":"#VALUE!"}},{"$f":"SUMIFS('[20]WorkDone DATA'!$L:$L,'[20]WorkDone DATA'!$N:$N,BOQ!AS$6,'[20]WorkDone DATA'!$G:$G,BOQ!$B65)*$G65","v":{"$error":"#VALUE!"}},{"$f":"SUMIFS('[20]WorkDone DATA'!$L:$L,'[20]WorkDone DATA'!$N:$N,BOQ!AT$6,'[20]WorkDone DATA'!$G:$G,BOQ!$B65)*$G65","v":{"$error":"#VALUE!"}},{"$f":"SUMIFS('[20]WorkDone DATA'!$L:$L,'[20]WorkDone DATA'!$N:$N,BOQ!AU$6,'[20]WorkDone DATA'!$G:$G,BOQ!$B65)*$G65","v":{"$error":"#VALUE!"}},{"$f":"SUMIFS('[20]WorkDone DATA'!$L:$L,'[20]WorkDone DATA'!$N:$N,BOQ!AV$6,'[20]WorkDone DATA'!$G:$G,BOQ!$B65)*$G65","v":{"$error":"#VALUE!"}},{"$f":"SUMIFS('[20]WorkDone DATA'!$L:$L,'[20]WorkDone DATA'!$N:$N,BOQ!AW$6,'[20]WorkDone DATA'!$G:$G,BOQ!$B65)*$G65","v":{"$error":"#VALUE!"}},{"$f":"SUMIFS('[20]WorkDone DATA'!$L:$L,'[20]WorkDone DATA'!$N:$N,BOQ!AX$6,'[20]WorkDone DATA'!$G:$G,BOQ!$B65)*$G65","v":{"$error":"#VALUE!"}},{"$f":"SUMIFS('[20]WorkDone DATA'!$L:$L,'[20]WorkDone DATA'!$N:$N,BOQ!AY$6,'[20]WorkDone DATA'!$G:$G,BOQ!$B65)*$G65","v":{"$error":"#VALUE!"}},{"$f":"SUMIFS('[20]WorkDone DATA'!$L:$L,'[20]WorkDone DATA'!$N:$N,BOQ!AZ$6,'[20]WorkDone DATA'!$G:$G,BOQ!$B65)*$G65","v":{"$error":"#VALUE!"}},{"$f":"SUMIFS('[20]WorkDone DATA'!$L:$L,'[20]WorkDone DATA'!$N:$N,BOQ!BA$6,'[20]WorkDone DATA'!$G:$G,BOQ!$B65)*$G65","v":{"$error":"#VALUE!"}},{"$f":"SUMIFS('[20]WorkDone DATA'!$L:$L,'[20]WorkDone DATA'!$N:$N,BOQ!BB$6,'[20]WorkDone DATA'!$G:$G,BOQ!$B65)*$G65","v":{"$error":"#VALUE!"}},{"$f":"SUMIFS('[20]WorkDone DATA'!$L:$L,'[20]WorkDone DATA'!$N:$N,BOQ!BC$6,'[20]WorkDone DATA'!$G:$G,BOQ!$B65)*$G65","v":{"$error":"#VALUE!"}},{"$f":"SUMIFS('[20]WorkDone DATA'!$L:$L,'[20]WorkDone DATA'!$N:$N,BOQ!BD$6,'[20]WorkDone DATA'!$G:$G,BOQ!$B65)*$G65","v":{"$error":"#VALUE!"}},{"$f":"SUMIFS('[20]WorkDone DATA'!$L:$L,'[20]WorkDone DATA'!$N:$N,BOQ!BE$6,'[20]WorkDone DATA'!$G:$G,BOQ!$B65)*$G65","v":{"$error":"#VALUE!"}},{"$f":"SUMIFS('[20]WorkDone DATA'!$L:$L,'[20]WorkDone DATA'!$N:$N,BOQ!BF$6,'[20]WorkDone DATA'!$G:$G,BOQ!$B65)*$G65","v":{"$error":"#VALUE!"}},{"$f":"SUMIFS('[20]WorkDone DATA'!$L:$L,'[20]WorkDone DATA'!$N:$N,BOQ!BG$6,'[20]WorkDone DATA'!$G:$G,BOQ!$B65)*$G65","v":{"$error":"#VALUE!"}},{"$f":"SUMIFS('[20]WorkDone DATA'!$L:$L,'[20]WorkDone DATA'!$N:$N,BOQ!BH$6,'[20]WorkDone DATA'!$G:$G,BOQ!$B65)*$G65","v":{"$error":"#VALUE!"}},{"$f":"SUMIFS('[20]WorkDone DATA'!$L:$L,'[20]WorkDone DATA'!$N:$N,BOQ!BI$6,'[20]WorkDone DATA'!$G:$G,BOQ!$B65)*$G65","v":{"$error":"#VALUE!"}},{"$f":"SUMIFS('[20]WorkDone DATA'!$L:$L,'[20]WorkDone DATA'!$N:$N,BOQ!BJ$6,'[20]WorkDone DATA'!$G:$G,BOQ!$B65)*$G65","v":{"$error":"#VALUE!"}},{"$f":"SUMIFS('[20]WorkDone DATA'!$L:$L,'[20]WorkDone DATA'!$N:$N,BOQ!BK$6,'[20]WorkDone DATA'!$G:$G,BOQ!$B65)*$G65","v":{"$error":"#VALUE!"}},{"$f":"SUMIFS('[20]WorkDone DATA'!$L:$L,'[20]WorkDone DATA'!$N:$N,BOQ!BL$6,'[20]WorkDone DATA'!$G:$G,BOQ!$B65)*$G65","v":{"$error":"#VALUE!"}},{"$f":"SUMIFS('[20]WorkDone DATA'!$L:$L,'[20]WorkDone DATA'!$N:$N,BOQ!BM$6,'[20]WorkDone DATA'!$G:$G,BOQ!$B65)*$G65","v":{"$error":"#VALUE!"}},{"$f":"SUMIFS('[20]WorkDone DATA'!$L:$L,'[20]WorkDone DATA'!$N:$N,BOQ!BN$6,'[20]WorkDone DATA'!$G:$G,BOQ!$B65)*$G65","v":{"$error":"#VALUE!"}},{"$f":"SUMIFS('[20]WorkDone DATA'!$L:$L,'[20]WorkDone DATA'!$N:$N,BOQ!BO$6,'[20]WorkDone DATA'!$G:$G,BOQ!$B65)*$G65","v":{"$error":"#VALUE!"}},{"$f":"SUMIFS('[20]WorkDone DATA'!$L:$L,'[20]WorkDone DATA'!$N:$N,BOQ!BP$6,'[20]WorkDone DATA'!$G:$G,BOQ!$B65)*$G65","v":{"$error":"#VALUE!"}},{"$f":"SUMIFS('[20]WorkDone DATA'!$L:$L,'[20]WorkDone DATA'!$N:$N,BOQ!BQ$6,'[20]WorkDone DATA'!$G:$G,BOQ!$B65)*$G65","v":{"$error":"#VALUE!"}},{"$f":"SUMIFS('[20]WorkDone DATA'!$L:$L,'[20]WorkDone DATA'!$N:$N,BOQ!BR$6,'[20]WorkDone DATA'!$G:$G,BOQ!$B65)*$G65","v":{"$error":"#VALUE!"}},{"$f":"SUMIFS('[20]WorkDone DATA'!$L:$L,'[20]WorkDone DATA'!$N:$N,BOQ!BS$6,'[20]WorkDone DATA'!$G:$G,BOQ!$B65)*$G65","v":{"$error":"#VALUE!"}},{"$f":"SUMIFS('[20]WorkDone DATA'!$L:$L,'[20]WorkDone DATA'!$N:$N,BOQ!BT$6,'[20]WorkDone DATA'!$G:$G,BOQ!$B65)*$G65","v":{"$error":"#VALUE!"}},{"$f":"SUMIFS('[20]WorkDone DATA'!$L:$L,'[20]WorkDone DATA'!$N:$N,BOQ!BU$6,'[20]WorkDone DATA'!$G:$G,BOQ!$B65)*$G65","v":{"$error":"#VALUE!"}},{"$f":"SUMIFS('[20]WorkDone DATA'!$L:$L,'[20]WorkDone DATA'!$N:$N,BOQ!BV$6,'[20]WorkDone DATA'!$G:$G,BOQ!$B65)*$G65","v":{"$error":"#VALUE!"}},{"$f":"SUMIFS('[20]WorkDone DATA'!$L:$L,'[20]WorkDone DATA'!$N:$N,BOQ!BW$6,'[20]WorkDone DATA'!$G:$G,BOQ!$B65)*$G65","v":{"$error":"#VALUE!"}},{"$f":"SUMIFS('[20]WorkDone DATA'!$L:$L,'[20]WorkDone DATA'!$N:$N,BOQ!BX$6,'[20]WorkDone DATA'!$G:$G,BOQ!$B65)*$G65","v":{"$error":"#VALUE!"}}]
[{"$f":"C64","v":"240mm2 x 3 core (CXX03TCV) 3.8kV/6.6kV"},2.032,"Installation","A","set",108,{"v":2864.77,"d":"2,864.77"},{"v":309395.16,"d":"309,395.16"},null,null,{"$error":"#VALUE!"},{"$error":"#VALUE!"},{"$error":"#VALUE!"},null,{"$error":"#VALUE!"},{"$error":"#VALUE!"},null,{"$f":"SUMIFS('[20]WorkDone DATA'!$L:$L,'[20]WorkDone DATA'!$N:$N,BOQ!S$6,'[20]WorkDone DATA'!$G:$G,BOQ!$B66)","v":{"$error":"#VALUE!"}},{"$error":"#VALUE!"},{"$f":"SUMIFS('[20]WorkDone DATA'!$L:$L,'[20]WorkDone DATA'!$N:$N,BOQ!U$6,'[20]WorkDone DATA'!$G:$G,BOQ!$B66)","v":{"$error":"#VALUE!"}},{"$error":"#VALUE!"},null,{"$f":"SUMIFS('[20]WorkDone DATA'!$L:$L,'[20]WorkDone DATA'!$N:$N,BOQ!W$6,'[20]WorkDone DATA'!$G:$G,BOQ!$B66)*$G66","v":{"$error":"#VALUE!"}},null,{"$f":"SUMIFS('[20]WorkDone DATA'!$L:$L,'[20]WorkDone DATA'!$N:$N,BOQ!Y$6,'[20]WorkDone DATA'!$G:$G,BOQ!$B66)*$G66","v":{"$error":"#VALUE!"}},null,{"$f":"SUMIFS('[20]WorkDone DATA'!$L:$L,'[20]WorkDone DATA'!$N:$N,BOQ!AA$6,'[20]WorkDone DATA'!$G:$G,BOQ!$B66)*$G66","v":{"$error":"#VALUE!"}},{"$f":"SUMIFS('[20]WorkDone DATA'!$L:$L,'[20]WorkDone DATA'!$N:$N,BOQ!AB$6,'[20]WorkDone DATA'!$G:$G,BOQ!$B66)*$G66","v":{"$error":"#VALUE!"}},{"$f":"SUMIFS('[20]WorkDone DATA'!$L:$L,'[20]WorkDone DATA'!$N:$N,BOQ!AC$6,'[20]WorkDone DATA'!$G:$G,BOQ!$B66)*$G66","v":{"$error":"#VALUE!"}},{"$f":"SUMIFS('[20]WorkDone DATA'!$L:$L,'[20]WorkDone DATA'!$N:$N,BOQ!AD$6,'[20]WorkDone DATA'!$G:$G,BOQ!$B66)*$G66","v":{"$error":"#VALUE!"}},{"$f":"SUMIFS('[20]WorkDone DATA'!$L:$L,'[20]WorkDone DATA'!$N:$N,BOQ!AE$6,'[20]WorkDone DATA'!$G:$G,BOQ!$B66)*$G66","v":{"$error":"#VALUE!"}},{"$f":"SUMIFS('[20]WorkDone DATA'!$L:$L,'[20]WorkDone DATA'!$N:$N,BOQ!AF$6,'[20]WorkDone DATA'!$G:$G,BOQ!$B66)*$G66","v":{"$error":"#VALUE!"}},{"$f":"SUMIFS('[20]WorkDone DATA'!$L:$L,'[20]WorkDone DATA'!$N:$N,BOQ!AG$6,'[20]WorkDone DATA'!$G:$G,BOQ!$B66)*$G66","v":{"$error":"#VALUE!"}},{"$f":"SUMIFS('[20]WorkDone DATA'!$L:$L,'[20]WorkDone DATA'!$N:$N,BOQ!AH$6,'[20]WorkDone DATA'!$G:$G,BOQ!$B66)*$G66","v":{"$error":"#VALUE!"}},{"$f":"SUMIFS('[20]WorkDone DATA'!$L:$L,'[20]WorkDone DATA'!$N:$N,BOQ!AI$6,'[20]WorkDone DATA'!$G:$G,BOQ!$B66)*$G66","v":{"$error":"#VALUE!"}},{"$f":"SUMIFS('[20]WorkDone DATA'!$L:$L,'[20]WorkDone DATA'!$N:$N,BOQ!AJ$6,'[20]WorkDone DATA'!$G:$G,BOQ!$B66)*$G66","v":{"$error":"#VALUE!"}},{"$f":"SUMIFS('[20]WorkDone DATA'!$L:$L,'[20]WorkDone DATA'!$N:$N,BOQ!AK$6,'[20]WorkDone DATA'!$G:$G,BOQ!$B66)*$G66","v":{"$error":"#VALUE!"}},{"$f":"SUMIFS('[20]WorkDone DATA'!$L:$L,'[20]WorkDone DATA'!$N:$N,BOQ!AL$6,'[20]WorkDone DATA'!$G:$G,BOQ!$B66)*$G66","v":{"$error":"#VALUE!"}},{"$f":"SUMIFS('[20]WorkDone DATA'!$L:$L,'[20]WorkDone DATA'!$N:$N,BOQ!AM$6,'[20]WorkDone DATA'!$G:$G,BOQ!$B66)*$G66","v":{"$error":"#VALUE!"}},{"$f":"SUMIFS('[20]WorkDone DATA'!$L:$L,'[20]WorkDone DATA'!$N:$N,BOQ!AN$6,'[20]WorkDone DATA'!$G:$G,BOQ!$B66)*$G66","v":{"$error":"#VALUE!"}},{"$f":"SUMIFS('[20]WorkDone DATA'!$L:$L,'[20]WorkDone DATA'!$N:$N,BOQ!AO$6,'[20]WorkDone DATA'!$G:$G,BOQ!$B66)*$G66","v":{"$error":"#VALUE!"}},{"$f":"SUMIFS('[20]WorkDone DATA'!$L:$L,'[20]WorkDone DATA'!$N:$N,BOQ!AP$6,'[20]WorkDone DATA'!$G:$G,BOQ!$B66)*$G66","v":{"$error":"#VALUE!"}},{"$f":"SUMIFS('[20]WorkDone DATA'!$L:$L,'[20]WorkDone DATA'!$N:$N,BOQ!AQ$6,'[20]WorkDone DATA'!$G:$G,BOQ!$B66)*$G66","v":{"$error":"#VALUE!"}},{"$f":"SUMIFS('[20]WorkDone DATA'!$L:$L,'[20]WorkDone DATA'!$N:$N,BOQ!AR$6,'[20]WorkDone DATA'!$G:$G,BOQ!$B66)*$G66","v":{"$error":"#VALUE!"}},{"$f":"SUMIFS('[20]WorkDone DATA'!$L:$L,'[20]WorkDone DATA'!$N:$N,BOQ!AS$6,'[20]WorkDone DATA'!$G:$G,BOQ!$B66)*$G66","v":{"$error":"#VALUE!"}},{"$f":"SUMIFS('[20]WorkDone DATA'!$L:$L,'[20]WorkDone DATA'!$N:$N,BOQ!AT$6,'[20]WorkDone DATA'!$G:$G,BOQ!$B66)*$G66","v":{"$error":"#VALUE!"}},{"$f":"SUMIFS('[20]WorkDone DATA'!$L:$L,'[20]WorkDone DATA'!$N:$N,BOQ!AU$6,'[20]WorkDone DATA'!$G:$G,BOQ!$B66)*$G66","v":{"$error":"#VALUE!"}},{"$f":"SUMIFS('[20]WorkDone DATA'!$L:$L,'[20]WorkDone DATA'!$N:$N,BOQ!AV$6,'[20]WorkDone DATA'!$G:$G,BOQ!$B66)*$G66","v":{"$error":"#VALUE!"}},{"$f":"SUMIFS('[20]WorkDone DATA'!$L:$L,'[20]WorkDone DATA'!$N:$N,BOQ!AW$6,'[20]WorkDone DATA'!$G:$G,BOQ!$B66)*$G66","v":{"$error":"#VALUE!"}},{"$f":"SUMIFS('[20]WorkDone DATA'!$L:$L,'[20]WorkDone DATA'!$N:$N,BOQ!AX$6,'[20]WorkDone DATA'!$G:$G,BOQ!$B66)*$G66","v":{"$error":"#VALUE!"}},{"$f":"SUMIFS('[20]WorkDone DATA'!$L:$L,'[20]WorkDone DATA'!$N:$N,BOQ!AY$6,'[20]WorkDone DATA'!$G:$G,BOQ!$B66)*$G66","v":{"$error":"#VALUE!"}},{"$f":"SUMIFS('[20]WorkDone DATA'!$L:$L,'[20]WorkDone DATA'!$N:$N,BOQ!AZ$6,'[20]WorkDone DATA'!$G:$G,BOQ!$B66)*$G66","v":{"$error":"#VALUE!"}},{"$f":"SUMIFS('[20]WorkDone DATA'!$L:$L,'[20]WorkDone DATA'!$N:$N,BOQ!BA$6,'[20]WorkDone DATA'!$G:$G,BOQ!$B66)*$G66","v":{"$error":"#VALUE!"}},{"$f":"SUMIFS('[20]WorkDone DATA'!$L:$L,'[20]WorkDone DATA'!$N:$N,BOQ!BB$6,'[20]WorkDone DATA'!$G:$G,BOQ!$B66)*$G66","v":{"$error":"#VALUE!"}},{"$f":"SUMIFS('[20]WorkDone DATA'!$L:$L,'[20]WorkDone DATA'!$N:$N,BOQ!BC$6,'[20]WorkDone DATA'!$G:$G,BOQ!$B66)*$G66","v":{"$error":"#VALUE!"}},{"$f":"SUMIFS('[20]WorkDone DATA'!$L:$L,'[20]WorkDone DATA'!$N:$N,BOQ!BD$6,'[20]WorkDone DATA'!$G:$G,BOQ!$B66)*$G66","v":{"$error":"#VALUE!"}},{"$f":"SUMIFS('[20]WorkDone DATA'!$L:$L,'[20]WorkDone DATA'!$N:$N,BOQ!BE$6,'[20]WorkDone DATA'!$G:$G,BOQ!$B66)*$G66","v":{"$error":"#VALUE!"}},{"$f":"SUMIFS('[20]WorkDone DATA'!$L:$L,'[20]WorkDone DATA'!$N:$N,BOQ!BF$6,'[20]WorkDone DATA'!$G:$G,BOQ!$B66)*$G66","v":{"$error":"#VALUE!"}},{"$f":"SUMIFS('[20]WorkDone DATA'!$L:$L,'[20]WorkDone DATA'!$N:$N,BOQ!BG$6,'[20]WorkDone DATA'!$G:$G,BOQ!$B66)*$G66","v":{"$error":"#VALUE!"}},{"$f":"SUMIFS('[20]WorkDone DATA'!$L:$L,'[20]WorkDone DATA'!$N:$N,BOQ!BH$6,'[20]WorkDone DATA'!$G:$G,BOQ!$B66)*$G66","v":{"$error":"#VALUE!"}},{"$f":"SUMIFS('[20]WorkDone DATA'!$L:$L,'[20]WorkDone DATA'!$N:$N,BOQ!BI$6,'[20]WorkDone DATA'!$G:$G,BOQ!$B66)*$G66","v":{"$error":"#VALUE!"}},{"$f":"SUMIFS('[20]WorkDone DATA'!$L:$L,'[20]WorkDone DATA'!$N:$N,BOQ!BJ$6,'[20]WorkDone DATA'!$G:$G,BOQ!$B66)*$G66","v":{"$error":"#VALUE!"}},{"$f":"SUMIFS('[20]WorkDone DATA'!$L:$L,'[20]WorkDone DATA'!$N:$N,BOQ!BK$6,'[20]WorkDone DATA'!$G:$G,BOQ!$B66)*$G66","v":{"$error":"#VALUE!"}},{"$f":"SUMIFS('[20]WorkDone DATA'!$L:$L,'[20]WorkDone DATA'!$N:$N,BOQ!BL$6,'[20]WorkDone DATA'!$G:$G,BOQ!$B66)*$G66","v":{"$error":"#VALUE!"}},{"$f":"SUMIFS('[20]WorkDone DATA'!$L:$L,'[20]WorkDone DATA'!$N:$N,BOQ!BM$6,'[20]WorkDone DATA'!$G:$G,BOQ!$B66)*$G66","v":{"$error":"#VALUE!"}},{"$f":"SUMIFS('[20]WorkDone DATA'!$L:$L,'[20]WorkDone DATA'!$N:$N,BOQ!BN$6,'[20]WorkDone DATA'!$G:$G,BOQ!$B66)*$G66","v":{"$error":"#VALUE!"}},{"$f":"SUMIFS('[20]WorkDone DATA'!$L:$L,'[20]WorkDone DATA'!$N:$N,BOQ!BO$6,'[20]WorkDone DATA'!$G:$G,BOQ!$B66)*$G66","v":{"$error":"#VALUE!"}},{"$f":"SUMIFS('[20]WorkDone DATA'!$L:$L,'[20]WorkDone DATA'!$N:$N,BOQ!BP$6,'[20]WorkDone DATA'!$G:$G,BOQ!$B66)*$G66","v":{"$error":"#VALUE!"}},{"$f":"SUMIFS('[20]WorkDone DATA'!$L:$L,'[20]WorkDone DATA'!$N:$N,BOQ!BQ$6,'[20]WorkDone DATA'!$G:$G,BOQ!$B66)*$G66","v":{"$error":"#VALUE!"}},{"$f":"SUMIFS('[20]WorkDone DATA'!$L:$L,'[20]WorkDone DATA'!$N:$N,BOQ!BR$6,'[20]WorkDone DATA'!$G:$G,BOQ!$B66)*$G66","v":{"$error":"#VALUE!"}},{"$f":"SUMIFS('[20]WorkDone DATA'!$L:$L,'[20]WorkDone DATA'!$N:$N,BOQ!BS$6,'[20]WorkDone DATA'!$G:$G,BOQ!$B66)*$G66","v":{"$error":"#VALUE!"}},{"$f":"SUMIFS('[20]WorkDone DATA'!$L:$L,'[20]WorkDone DATA'!$N:$N,BOQ!BT$6,'[20]WorkDone DATA'!$G:$G,BOQ!$B66)*$G66","v":{"$error":"#VALUE!"}},{"$f":"SUMIFS('[20]WorkDone DATA'!$L:$L,'[20]WorkDone DATA'!$N:$N,BOQ!BU$6,'[20]WorkDone DATA'!$G:$G,BOQ!$B66)*$G66","v":{"$error":"#VALUE!"}},{"$f":"SUMIFS('[20]WorkDone DATA'!$L:$L,'[20]WorkDone DATA'!$N:$N,BOQ!BV$6,'[20]WorkDone DATA'!$G:$G,BOQ!$B66)*$G66","v":{"$error":"#VALUE!"}},{"$f":"SUMIFS('[20]WorkDone DATA'!$L:$L,'[20]WorkDone DATA'!$N:$N,BOQ!BW$6,'[20]WorkDone DATA'!$G:$G,BOQ!$B66)*$G66","v":{"$error":"#VALUE!"}},{"$f":"SUMIFS('[20]WorkDone DATA'!$L:$L,'[20]WorkDone DATA'!$N:$N,BOQ!BX$6,'[20]WorkDone DATA'!$G:$G,BOQ!$B66)*$G66","v":{"$error":"#VALUE!"}}]
[{"$nulls":7},0,{"$nulls":3},{"$error":"#VALUE!"},{"$error":"#VALUE!"},null,0,{"$error":"#VALUE!"},null,{"$f":"SUMIFS('[20]WorkDone DATA'!$L:$L,'[20]WorkDone DATA'!$N:$N,BOQ!S$6,'[20]WorkDone DATA'!$G:$G,BOQ!$B67)","v":{"$error":"#VALUE!"}},{"$error":"#VALUE!"},{"$f":"SUMIFS('[20]WorkDone DATA'!$L:$L,'[20]WorkDone DATA'!$N:$N,BOQ!U$6,'[20]WorkDone DATA'!$G:$G,BOQ!$B67)","v":{"$error":"#VALUE!"}},{"$error":"#VALUE!"},null,{"$f":"SUMIFS('[20]WorkDone DATA'!$L:$L,'[20]WorkDone DATA'!$N:$N,BOQ!W$6,'[20]WorkDone DATA'!$G:$G,BOQ!$B67)*$G67","v":{"$error":"#VALUE!"}},null,{"$f":"SUMIFS('[20]WorkDone DATA'!$L:$L,'[20]WorkDone DATA'!$N:$N,BOQ!Y$6,'[20]WorkDone DATA'!$G:$G,BOQ!$B67)*$G67","v":{"$error":"#VALUE!"}},null,{"$f":"SUMIFS('[20]WorkDone DATA'!$L:$L,'[20]WorkDone DATA'!$N:$N,BOQ!AA$6,'[20]WorkDone DATA'!$G:$G,BOQ!$B67)*$G67","v":{"$error":"#VALUE!"}},{"$f":"SUMIFS('[20]WorkDone DATA'!$L:$L,'[20]WorkDone DATA'!$N:$N,BOQ!AB$6,'[20]WorkDone DATA'!$G:$G,BOQ!$B67)*$G67","v":{"$error":"#VALUE!"}},{"$f":"SUMIFS('[20]WorkDone DATA'!$L:$L,'[20]WorkDone DATA'!$N:$N,BOQ!AC$6,'[20]WorkDone DATA'!$G:$G,BOQ!$B67)*$G67","v":{"$error":"#VALUE!"}},{"$f":"SUMIFS('[20]WorkDone DATA'!$L:$L,'[20]WorkDone DATA'!$N:$N,BOQ!AD$6,'[20]WorkDone DATA'!$G:$G,BOQ!$B67)*$G67","v":{"$error":"#VALUE!"}},{"$f":"SUMIFS('[20]WorkDone DATA'!$L:$L,'[20]WorkDone DATA'!$N:$N,BOQ!AE$6,'[20]WorkDone DATA'!$G:$G,BOQ!$B67)*$G67","v":{"$error":"#VALUE!"}},{"$f":"SUMIFS('[20]WorkDone DATA'!$L:$L,'[20]WorkDone DATA'!$N:$N,BOQ!AF$6,'[20]WorkDone DATA'!$G:$G,BOQ!$B67)*$G67","v":{"$error":"#VALUE!"}},{"$f":"SUMIFS('[20]WorkDone DATA'!$L:$L,'[20]WorkDone DATA'!$N:$N,BOQ!AG$6,'[20]WorkDone DATA'!$G:$G,BOQ!$B67)*$G67","v":{"$error":"#VALUE!"}},{"$f":"SUMIFS('[20]WorkDone DATA'!$L:$L,'[20]WorkDone DATA'!$N:$N,BOQ!AH$6,'[20]WorkDone DATA'!$G:$G,BOQ!$B67)*$G67","v":{"$error":"#VALUE!"}},{"$f":"SUMIFS('[20]WorkDone DATA'!$L:$L,'[20]WorkDone DATA'!$N:$N,BOQ!AI$6,'[20]WorkDone DATA'!$G:$G,BOQ!$B67)*$G67","v":{"$error":"#VALUE!"}},{"$f":"SUMIFS('[20]WorkDone DATA'!$L:$L,'[20]WorkDone DATA'!$N:$N,BOQ!AJ$6,'[20]WorkDone DATA'!$G:$G,BOQ!$B67)*$G67","v":{"$error":"#VALUE!"}},{"$f":"SUMIFS('[20]WorkDone DATA'!$L:$L,'[20]WorkDone DATA'!$N:$N,BOQ!AK$6,'[20]WorkDone DATA'!$G:$G,BOQ!$B67)*$G67","v":{"$error":"#VALUE!"}},{"$f":"SUMIFS('[20]WorkDone DATA'!$L:$L,'[20]WorkDone DATA'!$N:$N,BOQ!AL$6,'[20]WorkDone DATA'!$G:$G,BOQ!$B67)*$G67","v":{"$error":"#VALUE!"}},{"$f":"SUMIFS('[20]WorkDone DATA'!$L:$L,'[20]WorkDone DATA'!$N:$N,BOQ!AM$6,'[20]WorkDone DATA'!$G:$G,BOQ!$B67)*$G67","v":{"$error":"#VALUE!"}},{"$f":"SUMIFS('[20]WorkDone DATA'!$L:$L,'[20]WorkDone DATA'!$N:$N,BOQ!AN$6,'[20]WorkDone DATA'!$G:$G,BOQ!$B67)*$G67","v":{"$error":"#VALUE!"}},{"$f":"SUMIFS('[20]WorkDone DATA'!$L:$L,'[20]WorkDone DATA'!$N:$N,BOQ!AO$6,'[20]WorkDone DATA'!$G:$G,BOQ!$B67)*$G67","v":{"$error":"#VALUE!"}},{"$f":"SUMIFS('[20]WorkDone DATA'!$L:$L,'[20]WorkDone DATA'!$N:$N,BOQ!AP$6,'[20]WorkDone DATA'!$G:$G,BOQ!$B67)*$G67","v":{"$error":"#VALUE!"}},{"$f":"SUMIFS('[20]WorkDone DATA'!$L:$L,'[20]WorkDone DATA'!$N:$N,BOQ!AQ$6,'[20]WorkDone DATA'!$G:$G,BOQ!$B67)*$G67","v":{"$error":"#VALUE!"}},{"$f":"SUMIFS('[20]WorkDone DATA'!$L:$L,'[20]WorkDone DATA'!$N:$N,BOQ!AR$6,'[20]WorkDone DATA'!$G:$G,BOQ!$B67)*$G67","v":{"$error":"#VALUE!"}},{"$f":"SUMIFS('[20]WorkDone DATA'!$L:$L,'[20]WorkDone DATA'!$N:$N,BOQ!AS$6,'[20]WorkDone DATA'!$G:$G,BOQ!$B67)*$G67","v":{"$error":"#VALUE!"}},{"$f":"SUMIFS('[20]WorkDone DATA'!$L:$L,'[20]WorkDone DATA'!$N:$N,BOQ!AT$6,'[20]WorkDone DATA'!$G:$G,BOQ!$B67)*$G67","v":{"$error":"#VALUE!"}},{"$f":"SUMIFS('[20]WorkDone DATA'!$L:$L,'[20]WorkDone DATA'!$N:$N,BOQ!AU$6,'[20]WorkDone DATA'!$G:$G,BOQ!$B67)*$G67","v":{"$error":"#VALUE!"}},{"$f":"SUMIFS('[20]WorkDone DATA'!$L:$L,'[20]WorkDone DATA'!$N:$N,BOQ!AV$6,'[20]WorkDone DATA'!$G:$G,BOQ!$B67)*$G67","v":{"$error":"#VALUE!"}},{"$f":"SUMIFS('[20]WorkDone DATA'!$L:$L,'[20]WorkDone DATA'!$N:$N,BOQ!AW$6,'[20]WorkDone DATA'!$G:$G,BOQ!$B67)*$G67","v":{"$error":"#VALUE!"}},{"$f":"SUMIFS('[20]WorkDone DATA'!$L:$L,'[20]WorkDone DATA'!$N:$N,BOQ!AX$6,'[20]WorkDone DATA'!$G:$G,BOQ!$B67)*$G67","v":{"$error":"#VALUE!"}},{"$f":"SUMIFS('[20]WorkDone DATA'!$L:$L,'[20]WorkDone DATA'!$N:$N,BOQ!AY$6,'[20]WorkDone DATA'!$G:$G,BOQ!$B67)*$G67","v":{"$error":"#VALUE!"}},{"$f":"SUMIFS('[20]WorkDone DATA'!$L:$L,'[20]WorkDone DATA'!$N:$N,BOQ!AZ$6,'[20]WorkDone DATA'!$G:$G,BOQ!$B67)*$G67","v":{"$error":"#VALUE!"}},{"$f":"SUMIFS('[20]WorkDone DATA'!$L:$L,'[20]WorkDone DATA'!$N:$N,BOQ!BA$6,'[20]WorkDone DATA'!$G:$G,BOQ!$B67)*$G67","v":{"$error":"#VALUE!"}},{"$f":"SUMIFS('[20]WorkDone DATA'!$L:$L,'[20]WorkDone DATA'!$N:$N,BOQ!BB$6,'[20]WorkDone DATA'!$G:$G,BOQ!$B67)*$G67","v":{"$error":"#VALUE!"}},{"$f":"SUMIFS('[20]WorkDone DATA'!$L:$L,'[20]WorkDone DATA'!$N:$N,BOQ!BC$6,'[20]WorkDone DATA'!$G:$G,BOQ!$B67)*$G67","v":{"$error":"#VALUE!"}},{"$f":"SUMIFS('[20]WorkDone DATA'!$L:$L,'[20]WorkDone DATA'!$N:$N,BOQ!BD$6,'[20]WorkDone DATA'!$G:$G,BOQ!$B67)*$G67","v":{"$error":"#VALUE!"}},{"$f":"SUMIFS('[20]WorkDone DATA'!$L:$L,'[20]WorkDone DATA'!$N:$N,BOQ!BE$6,'[20]WorkDone DATA'!$G:$G,BOQ!$B67)*$G67","v":{"$error":"#VALUE!"}},{"$f":"SUMIFS('[20]WorkDone DATA'!$L:$L,'[20]WorkDone DATA'!$N:$N,BOQ!BF$6,'[20]WorkDone DATA'!$G:$G,BOQ!$B67)*$G67","v":{"$error":"#VALUE!"}},{"$f":"SUMIFS('[20]WorkDone DATA'!$L:$L,'[20]WorkDone DATA'!$N:$N,BOQ!BG$6,'[20]WorkDone DATA'!$G:$G,BOQ!$B67)*$G67","v":{"$error":"#VALUE!"}},{"$f":"SUMIFS('[20]WorkDone DATA'!$L:$L,'[20]WorkDone DATA'!$N:$N,BOQ!BH$6,'[20]WorkDone DATA'!$G:$G,BOQ!$B67)*$G67","v":{"$error":"#VALUE!"}},{"$f":"SUMIFS('[20]WorkDone DATA'!$L:$L,'[20]WorkDone DATA'!$N:$N,BOQ!BI$6,'[20]WorkDone DATA'!$G:$G,BOQ!$B67)*$G67","v":{"$error":"#VALUE!"}},{"$f":"SUMIFS('[20]WorkDone DATA'!$L:$L,'[20]WorkDone DATA'!$N:$N,BOQ!BJ$6,'[20]WorkDone DATA'!$G:$G,BOQ!$B67)*$G67","v":{"$error":"#VALUE!"}},{"$f":"SUMIFS('[20]WorkDone DATA'!$L:$L,'[20]WorkDone DATA'!$N:$N,BOQ!BK$6,'[20]WorkDone DATA'!$G:$G,BOQ!$B67)*$G67","v":{"$error":"#VALUE!"}},{"$f":"SUMIFS('[20]WorkDone DATA'!$L:$L,'[20]WorkDone DATA'!$N:$N,BOQ!BL$6,'[20]WorkDone DATA'!$G:$G,BOQ!$B67)*$G67","v":{"$error":"#VALUE!"}},{"$f":"SUMIFS('[20]WorkDone DATA'!$L:$L,'[20]WorkDone DATA'!$N:$N,BOQ!BM$6,'[20]WorkDone DATA'!$G:$G,BOQ!$B67)*$G67","v":{"$error":"#VALUE!"}},{"$f":"SUMIFS('[20]WorkDone DATA'!$L:$L,'[20]WorkDone DATA'!$N:$N,BOQ!BN$6,'[20]WorkDone DATA'!$G:$G,BOQ!$B67)*$G67","v":{"$error":"#VALUE!"}},{"$f":"SUMIFS('[20]WorkDone DATA'!$L:$L,'[20]WorkDone DATA'!$N:$N,BOQ!BO$6,'[20]WorkDone DATA'!$G:$G,BOQ!$B67)*$G67","v":{"$error":"#VALUE!"}},{"$f":"SUMIFS('[20]WorkDone DATA'!$L:$L,'[20]WorkDone DATA'!$N:$N,BOQ!BP$6,'[20]WorkDone DATA'!$G:$G,BOQ!$B67)*$G67","v":{"$error":"#VALUE!"}},{"$f":"SUMIFS('[20]WorkDone DATA'!$L:$L,'[20]WorkDone DATA'!$N:$N,BOQ!BQ$6,'[20]WorkDone DATA'!$G:$G,BOQ!$B67)*$G67","v":{"$error":"#VALUE!"}},{"$f":"SUMIFS('[20]WorkDone DATA'!$L:$L,'[20]WorkDone DATA'!$N:$N,BOQ!BR$6,'[20]WorkDone DATA'!$G:$G,BOQ!$B67)*$G67","v":{"$error":"#VALUE!"}},{"$f":"SUMIFS('[20]WorkDone DATA'!$L:$L,'[20]WorkDone DATA'!$N:$N,BOQ!BS$6,'[20]WorkDone DATA'!$G:$G,BOQ!$B67)*$G67","v":{"$error":"#VALUE!"}},{"$f":"SUMIFS('[20]WorkDone DATA'!$L:$L,'[20]WorkDone DATA'!$N:$N,BOQ!BT$6,'[20]WorkDone DATA'!$G:$G,BOQ!$B67)*$G67","v":{"$error":"#VALUE!"}},{"$f":"SUMIFS('[20]WorkDone DATA'!$L:$L,'[20]WorkDone DATA'!$N:$N,BOQ!BU$6,'[20]WorkDone DATA'!$G:$G,BOQ!$B67)*$G67","v":{"$error":"#VALUE!"}},{"$f":"SUMIFS('[20]WorkDone DATA'!$L:$L,'[20]WorkDone DATA'!$N:$N,BOQ!BV$6,'[20]WorkDone DATA'!$G:$G,BOQ!$B67)*$G67","v":{"$error":"#VALUE!"}},{"$f":"SUMIFS('[20]WorkDone DATA'!$L:$L,'[20]WorkDone DATA'!$N:$N,BOQ!BW$6,'[20]WorkDone DATA'!$G:$G,BOQ!$B67)*$G67","v":{"$error":"#VALUE!"}},{"$f":"SUMIFS('[20]WorkDone DATA'!$L:$L,'[20]WorkDone DATA'!$N:$N,BOQ!BX$6,'[20]WorkDone DATA'!$G:$G,BOQ!$B67)*$G67","v":{"$error":"#VALUE!"}}]
[null,null,"Termination of existing cable ",{"$nulls":4},0,{"$nulls":3},{"$error":"#VALUE!"},{"$error":"#VALUE!"},null,0,{"$error":"#VALUE!"},null,{"$f":"SUMIFS('[20]WorkDone DATA'!$L:$L,'[20]WorkDone DATA'!$N:$N,BOQ!S$6,'[20]WorkDone DATA'!$G:$G,BOQ!$B68)","v":{"$error":"#VALUE!"}},{"$error":"#VALUE!"},{"$f":"SUMIFS('[20]WorkDone DATA'!$L:$L,'[20]WorkDone DATA'!$N:$N,BOQ!U$6,'[20]WorkDone DATA'!$G:$G,BOQ!$B68)","v":{"$error":"#VALUE!"}},{"$error":"#VALUE!"},null,{"$f":"SUMIFS('[20]WorkDone DATA'!$L:$L,'[20]WorkDone DATA'!$N:$N,BOQ!W$6,'[20]WorkDone DATA'!$G:$G,BOQ!$B68)*$G68","v":{"$error":"#VALUE!"}},null,{"$f":"SUMIFS('[20]WorkDone DATA'!$L:$L,'[20]WorkDone DATA'!$N:$N,BOQ!Y$6,'[20]WorkDone DATA'!$G:$G,BOQ!$B68)*$G68","v":{"$error":"#VALUE!"}},null,{"$f":"SUMIFS('[20]WorkDone DATA'!$L:$L,'[20]WorkDone DATA'!$N:$N,BOQ!AA$6,'[20]WorkDone DATA'!$G:$G,BOQ!$B68)*$G68","v":{"$error":"#VALUE!"}},{"$f":"SUMIFS('[20]WorkDone DATA'!$L:$L,'[20]WorkDone DATA'!$N:$N,BOQ!AB$6,'[20]WorkDone DATA'!$G:$G,BOQ!$B68)*$G68","v":{"$error":"#VALUE!"}},{"$f":"SUMIFS('[20]WorkDone DATA'!$L:$L,'[20]WorkDone DATA'!$N:$N,BOQ!AC$6,'[20]WorkDone DATA'!$G:$G,BOQ!$B68)*$G68","v":{"$error":"#VALUE!"}},{"$f":"SUMIFS('[20]WorkDone DATA'!$L:$L,'[20]WorkDone DATA'!$N:$N,BOQ!AD$6,'[20]WorkDone DATA'!$G:$G,BOQ!$B68)*$G68","v":{"$error":"#VALUE!"}},{"$f":"SUMIFS('[20]WorkDone DATA'!$L:$L,'[20]WorkDone DATA'!$N:$N,BOQ!AE$6,'[20]WorkDone DATA'!$G:$G,BOQ!$B68)*$G68","v":{"$error":"#VALUE!"}},{"$f":"SUMIFS('[20]WorkDone DATA'!$L:$L,'[20]WorkDone DATA'!$N:$N,BOQ!AF$6,'[20]WorkDone DATA'!$G:$G,BOQ!$B68)*$G68","v":{"$error":"#VALUE!"}},{"$f":"SUMIFS('[20]WorkDone DATA'!$L:$L,'[20]WorkDone DATA'!$N:$N,BOQ!AG$6,'[20]WorkDone DATA'!$G:$G,BOQ!$B68)*$G68","v":{"$error":"#VALUE!"}},{"$f":"SUMIFS('[20]WorkDone DATA'!$L:$L,'[20]WorkDone DATA'!$N:$N,BOQ!AH$6,'[20]WorkDone DATA'!$G:$G,BOQ!$B68)*$G68","v":{"$error":"#VALUE!"}},{"$f":"SUMIFS('[20]WorkDone DATA'!$L:$L,'[20]WorkDone DATA'!$N:$N,BOQ!AI$6,'[20]WorkDone DATA'!$G:$G,BOQ!$B68)*$G68","v":{"$error":"#VALUE!"}},{"$f":"SUMIFS('[20]WorkDone DATA'!$L:$L,'[20]WorkDone DATA'!$N:$N,BOQ!AJ$6,'[20]WorkDone DATA'!$G:$G,BOQ!$B68)*$G68","v":{"$error":"#VALUE!"}},{"$f":"SUMIFS('[20]WorkDone DATA'!$L:$L,'[20]WorkDone DATA'!$N:$N,BOQ!AK$6,'[20]WorkDone DATA'!$G:$G,BOQ!$B68)*$G68","v":{"$error":"#VALUE!"}},{"$f":"SUMIFS('[20]WorkDone DATA'!$L:$L,'[20]WorkDone DATA'!$N:$N,BOQ!AL$6,'[20]WorkDone DATA'!$G:$G,BOQ!$B68)*$G68","v":{"$error":"#VALUE!"}},{"$f":"SUMIFS('[20]WorkDone DATA'!$L:$L,'[20]WorkDone DATA'!$N:$N,BOQ!AM$6,'[20]WorkDone DATA'!$G:$G,BOQ!$B68)*$G68","v":{"$error":"#VALUE!"}},{"$f":"SUMIFS('[20]WorkDone DATA'!$L:$L,'[20]WorkDone DATA'!$N:$N,BOQ!AN$6,'[20]WorkDone DATA'!$G:$G,BOQ!$B68)*$G68","v":{"$error":"#VALUE!"}},{"$f":"SUMIFS('[20]WorkDone DATA'!$L:$L,'[20]WorkDone DATA'!$N:$N,BOQ!AO$6,'[20]WorkDone DATA'!$G:$G,BOQ!$B68)*$G68","v":{"$error":"#VALUE!"}},{"$f":"SUMIFS('[20]WorkDone DATA'!$L:$L,'[20]WorkDone DATA'!$N:$N,BOQ!AP$6,'[20]WorkDone DATA'!$G:$G,BOQ!$B68)*$G68","v":{"$error":"#VALUE!"}},{"$f":"SUMIFS('[20]WorkDone DATA'!$L:$L,'[20]WorkDone DATA'!$N:$N,BOQ!AQ$6,'[20]WorkDone DATA'!$G:$G,BOQ!$B68)*$G68","v":{"$error":"#VALUE!"}},{"$f":"SUMIFS('[20]WorkDone DATA'!$L:$L,'[20]WorkDone DATA'!$N:$N,BOQ!AR$6,'[20]WorkDone DATA'!$G:$G,BOQ!$B68)*$G68","v":{"$error":"#VALUE!"}},{"$f":"SUMIFS('[20]WorkDone DATA'!$L:$L,'[20]WorkDone DATA'!$N:$N,BOQ!AS$6,'[20]WorkDone DATA'!$G:$G,BOQ!$B68)*$G68","v":{"$error":"#VALUE!"}},{"$f":"SUMIFS('[20]WorkDone DATA'!$L:$L,'[20]WorkDone DATA'!$N:$N,BOQ!AT$6,'[20]WorkDone DATA'!$G:$G,BOQ!$B68)*$G68","v":{"$error":"#VALUE!"}},{"$f":"SUMIFS('[20]WorkDone DATA'!$L:$L,'[20]WorkDone DATA'!$N:$N,BOQ!AU$6,'[20]WorkDone DATA'!$G:$G,BOQ!$B68)*$G68","v":{"$error":"#VALUE!"}},{"$f":"SUMIFS('[20]WorkDone DATA'!$L:$L,'[20]WorkDone DATA'!$N:$N,BOQ!AV$6,'[20]WorkDone DATA'!$G:$G,BOQ!$B68)*$G68","v":{"$error":"#VALUE!"}},{"$f":"SUMIFS('[20]WorkDone DATA'!$L:$L,'[20]WorkDone DATA'!$N:$N,BOQ!AW$6,'[20]WorkDone DATA'!$G:$G,BOQ!$B68)*$G68","v":{"$error":"#VALUE!"}},{"$f":"SUMIFS('[20]WorkDone DATA'!$L:$L,'[20]WorkDone DATA'!$N:$N,BOQ!AX$6,'[20]WorkDone DATA'!$G:$G,BOQ!$B68)*$G68","v":{"$error":"#VALUE!"}},{"$f":"SUMIFS('[20]WorkDone DATA'!$L:$L,'[20]WorkDone DATA'!$N:$N,BOQ!AY$6,'[20]WorkDone DATA'!$G:$G,BOQ!$B68)*$G68","v":{"$error":"#VALUE!"}},{"$f":"SUMIFS('[20]WorkDone DATA'!$L:$L,'[20]WorkDone DATA'!$N:$N,BOQ!AZ$6,'[20]WorkDone DATA'!$G:$G,BOQ!$B68)*$G68","v":{"$error":"#VALUE!"}},{"$f":"SUMIFS('[20]WorkDone DATA'!$L:$L,'[20]WorkDone DATA'!$N:$N,BOQ!BA$6,'[20]WorkDone DATA'!$G:$G,BOQ!$B68)*$G68","v":{"$error":"#VALUE!"}},{"$f":"SUMIFS('[20]WorkDone DATA'!$L:$L,'[20]WorkDone DATA'!$N:$N,BOQ!BB$6,'[20]WorkDone DATA'!$G:$G,BOQ!$B68)*$G68","v":{"$error":"#VALUE!"}},{"$f":"SUMIFS('[20]WorkDone DATA'!$L:$L,'[20]WorkDone DATA'!$N:$N,BOQ!BC$6,'[20]WorkDone DATA'!$G:$G,BOQ!$B68)*$G68","v":{"$error":"#VALUE!"}},{"$f":"SUMIFS('[20]WorkDone DATA'!$L:$L,'[20]WorkDone DATA'!$N:$N,BOQ!BD$6,'[20]WorkDone DATA'!$G:$G,BOQ!$B68)*$G68","v":{"$error":"#VALUE!"}},{"$f":"SUMIFS('[20]WorkDone DATA'!$L:$L,'[20]WorkDone DATA'!$N:$N,BOQ!BE$6,'[20]WorkDone DATA'!$G:$G,BOQ!$B68)*$G68","v":{"$error":"#VALUE!"}},{"$f":"SUMIFS('[20]WorkDone DATA'!$L:$L,'[20]WorkDone DATA'!$N:$N,BOQ!BF$6,'[20]WorkDone DATA'!$G:$G,BOQ!$B68)*$G68","v":{"$error":"#VALUE!"}},{"$f":"SUMIFS('[20]WorkDone DATA'!$L:$L,'[20]WorkDone DATA'!$N:$N,BOQ!BG$6,'[20]WorkDone DATA'!$G:$G,BOQ!$B68)*$G68","v":{"$error":"#VALUE!"}},{"$f":"SUMIFS('[20]WorkDone DATA'!$L:$L,'[20]WorkDone DATA'!$N:$N,BOQ!BH$6,'[20]WorkDone DATA'!$G:$G,BOQ!$B68)*$G68","v":{"$error":"#VALUE!"}},{"$f":"SUMIFS('[20]WorkDone DATA'!$L:$L,'[20]WorkDone DATA'!$N:$N,BOQ!BI$6,'[20]WorkDone DATA'!$G:$G,BOQ!$B68)*$G68","v":{"$error":"#VALUE!"}},{"$f":"SUMIFS('[20]WorkDone DATA'!$L:$L,'[20]WorkDone DATA'!$N:$N,BOQ!BJ$6,'[20]WorkDone DATA'!$G:$G,BOQ!$B68)*$G68","v":{"$error":"#VALUE!"}},{"$f":"SUMIFS('[20]WorkDone DATA'!$L:$L,'[20]WorkDone DATA'!$N:$N,BOQ!BK$6,'[20]WorkDone DATA'!$G:$G,BOQ!$B68)*$G68","v":{"$error":"#VALUE!"}},{"$f":"SUMIFS('[20]WorkDone DATA'!$L:$L,'[20]WorkDone DATA'!$N:$N,BOQ!BL$6,'[20]WorkDone DATA'!$G:$G,BOQ!$B68)*$G68","v":{"$error":"#VALUE!"}},{"$f":"SUMIFS('[20]WorkDone DATA'!$L:$L,'[20]WorkDone DATA'!$N:$N,BOQ!BM$6,'[20]WorkDone DATA'!$G:$G,BOQ!$B68)*$G68","v":{"$error":"#VALUE!"}},{"$f":"SUMIFS('[20]WorkDone DATA'!$L:$L,'[20]WorkDone DATA'!$N:$N,BOQ!BN$6,'[20]WorkDone DATA'!$G:$G,BOQ!$B68)*$G68","v":{"$error":"#VALUE!"}},{"$f":"SUMIFS('[20]WorkDone DATA'!$L:$L,'[20]WorkDone DATA'!$N:$N,BOQ!BO$6,'[20]WorkDone DATA'!$G:$G,BOQ!$B68)*$G68","v":{"$error":"#VALUE!"}},{"$f":"SUMIFS('[20]WorkDone DATA'!$L:$L,'[20]WorkDone DATA'!$N:$N,BOQ!BP$6,'[20]WorkDone DATA'!$G:$G,BOQ!$B68)*$G68","v":{"$error":"#VALUE!"}},{"$f":"SUMIFS('[20]WorkDone DATA'!$L:$L,'[20]WorkDone DATA'!$N:$N,BOQ!BQ$6,'[20]WorkDone DATA'!$G:$G,BOQ!$B68)*$G68","v":{"$error":"#VALUE!"}},{"$f":"SUMIFS('[20]WorkDone DATA'!$L:$L,'[20]WorkDone DATA'!$N:$N,BOQ!BR$6,'[20]WorkDone DATA'!$G:$G,BOQ!$B68)*$G68","v":{"$error":"#VALUE!"}},{"$f":"SUMIFS('[20]WorkDone DATA'!$L:$L,'[20]WorkDone DATA'!$N:$N,BOQ!BS$6,'[20]WorkDone DATA'!$G:$G,BOQ!$B68)*$G68","v":{"$error":"#VALUE!"}},{"$f":"SUMIFS('[20]WorkDone DATA'!$L:$L,'[20]WorkDone DATA'!$N:$N,BOQ!BT$6,'[20]WorkDone DATA'!$G:$G,BOQ!$B68)*$G68","v":{"$error":"#VALUE!"}},{"$f":"SUMIFS('[20]WorkDone DATA'!$L:$L,'[20]WorkDone DATA'!$N:$N,BOQ!BU$6,'[20]WorkDone DATA'!$G:$G,BOQ!$B68)*$G68","v":{"$error":"#VALUE!"}},{"$f":"SUMIFS('[20]WorkDone DATA'!$L:$L,'[20]WorkDone DATA'!$N:$N,BOQ!BV$6,'[20]WorkDone DATA'!$G:$G,BOQ!$B68)*$G68","v":{"$error":"#VALUE!"}},{"$f":"SUMIFS('[20]WorkDone DATA'!$L:$L,'[20]WorkDone DATA'!$N:$N,BOQ!BW$6,'[20]WorkDone DATA'!$G:$G,BOQ!$B68)*$G68","v":{"$error":"#VALUE!"}},{"$f":"SUMIFS('[20]WorkDone DATA'!$L:$L,'[20]WorkDone DATA'!$N:$N,BOQ!BX$6,'[20]WorkDone DATA'!$G:$G,BOQ!$B68)*$G68","v":{"$error":"#VALUE!"}}]
[{"$nulls":7},0,{"$nulls":3},{"$error":"#VALUE!"},{"$error":"#VALUE!"},null,0,{"$error":"#VALUE!"},null,{"$f":"SUMIFS('[20]WorkDone DATA'!$L:$L,'[20]WorkDone DATA'!$N:$N,BOQ!S$6,'[20]WorkDone DATA'!$G:$G,BOQ!$B69)","v":{"$error":"#VALUE!"}},{"$error":"#VALUE!"},{"$f":"SUMIFS('[20]WorkDone DATA'!$L:$L,'[20]WorkDone DATA'!$N:$N,BOQ!U$6,'[20]WorkDone DATA'!$G:$G,BOQ!$B69)","v":{"$error":"#VALUE!"}},{"$error":"#VALUE!"},null,{"$f":"SUMIFS('[20]WorkDone DATA'!$L:$L,'[20]WorkDone DATA'!$N:$N,BOQ!W$6,'[20]WorkDone DATA'!$G:$G,BOQ!$B69)*$G69","v":{"$error":"#VALUE!"}},null,{"$f":"SUMIFS('[20]WorkDone DATA'!$L:$L,'[20]WorkDone DATA'!$N:$N,BOQ!Y$6,'[20]WorkDone DATA'!$G:$G,BOQ!$B69)*$G69","v":{"$error":"#VALUE!"}},null,{"$f":"SUMIFS('[20]WorkDone DATA'!$L:$L,'[20]WorkDone DATA'!$N:$N,BOQ!AA$6,'[20]WorkDone DATA'!$G:$G,BOQ!$B69)*$G69","v":{"$error":"#VALUE!"}},{"$f":"SUMIFS('[20]WorkDone DATA'!$L:$L,'[20]WorkDone DATA'!$N:$N,BOQ!AB$6,'[20]WorkDone DATA'!$G:$G,BOQ!$B69)*$G69","v":{"$error":"#VALUE!"}},{"$f":"SUMIFS('[20]WorkDone DATA'!$L:$L,'[20]WorkDone DATA'!$N:$N,BOQ!AC$6,'[20]WorkDone DATA'!$G:$G,BOQ!$B69)*$G69","v":{"$error":"#VALUE!"}},{"$f":"SUMIFS('[20]WorkDone DATA'!$L:$L,'[20]WorkDone DATA'!$N:$N,BOQ!AD$6,'[20]WorkDone DATA'!$G:$G,BOQ!$B69)*$G69","v":{"$error":"#VALUE!"}},{"$f":"SUMIFS('[20]WorkDone DATA'!$L:$L,'[20]WorkDone DATA'!$N:$N,BOQ!AE$6,'[20]WorkDone DATA'!$G:$G,BOQ!$B69)*$G69","v":{"$error":"#VALUE!"}},{"$f":"SUMIFS('[20]WorkDone DATA'!$L:$L,'[20]WorkDone DATA'!$N:$N,BOQ!AF$6,'[20]WorkDone DATA'!$G:$G,BOQ!$B69)*$G69","v":{"$error":"#VALUE!"}},{"$f":"SUMIFS('[20]WorkDone DATA'!$L:$L,'[20]WorkDone DATA'!$N:$N,BOQ!AG$6,'[20]WorkDone DATA'!$G:$G,BOQ!$B69)*$G69","v":{"$error":"#VALUE!"}},{"$f":"SUMIFS('[20]WorkDone DATA'!$L:$L,'[20]WorkDone DATA'!$N:$N,BOQ!AH$6,'[20]WorkDone DATA'!$G:$G,BOQ!$B69)*$G69","v":{"$error":"#VALUE!"}},{"$f":"SUMIFS('[20]WorkDone DATA'!$L:$L,'[20]WorkDone DATA'!$N:$N,BOQ!AI$6,'[20]WorkDone DATA'!$G:$G,BOQ!$B69)*$G69","v":{"$error":"#VALUE!"}},{"$f":"SUMIFS('[20]WorkDone DATA'!$L:$L,'[20]WorkDone DATA'!$N:$N,BOQ!AJ$6,'[20]WorkDone DATA'!$G:$G,BOQ!$B69)*$G69","v":{"$error":"#VALUE!"}},{"$f":"SUMIFS('[20]WorkDone DATA'!$L:$L,'[20]WorkDone DATA'!$N:$N,BOQ!AK$6,'[20]WorkDone DATA'!$G:$G,BOQ!$B69)*$G69","v":{"$error":"#VALUE!"}},{"$f":"SUMIFS('[20]WorkDone DATA'!$L:$L,'[20]WorkDone DATA'!$N:$N,BOQ!AL$6,'[20]WorkDone DATA'!$G:$G,BOQ!$B69)*$G69","v":{"$error":"#VALUE!"}},{"$f":"SUMIFS('[20]WorkDone DATA'!$L:$L,'[20]WorkDone DATA'!$N:$N,BOQ!AM$6,'[20]WorkDone DATA'!$G:$G,BOQ!$B69)*$G69","v":{"$error":"#VALUE!"}},{"$f":"SUMIFS('[20]WorkDone DATA'!$L:$L,'[20]WorkDone DATA'!$N:$N,BOQ!AN$6,'[20]WorkDone DATA'!$G:$G,BOQ!$B69)*$G69","v":{"$error":"#VALUE!"}},{"$f":"SUMIFS('[20]WorkDone DATA'!$L:$L,'[20]WorkDone DATA'!$N:$N,BOQ!AO$6,'[20]WorkDone DATA'!$G:$G,BOQ!$B69)*$G69","v":{"$error":"#VALUE!"}},{"$f":"SUMIFS('[20]WorkDone DATA'!$L:$L,'[20]WorkDone DATA'!$N:$N,BOQ!AP$6,'[20]WorkDone DATA'!$G:$G,BOQ!$B69)*$G69","v":{"$error":"#VALUE!"}},{"$f":"SUMIFS('[20]WorkDone DATA'!$L:$L,'[20]WorkDone DATA'!$N:$N,BOQ!AQ$6,'[20]WorkDone DATA'!$G:$G,BOQ!$B69)*$G69","v":{"$error":"#VALUE!"}},{"$f":"SUMIFS('[20]WorkDone DATA'!$L:$L,'[20]WorkDone DATA'!$N:$N,BOQ!AR$6,'[20]WorkDone DATA'!$G:$G,BOQ!$B69)*$G69","v":{"$error":"#VALUE!"}},{"$f":"SUMIFS('[20]WorkDone DATA'!$L:$L,'[20]WorkDone DATA'!$N:$N,BOQ!AS$6,'[20]WorkDone DATA'!$G:$G,BOQ!$B69)*$G69","v":{"$error":"#VALUE!"}},{"$f":"SUMIFS('[20]WorkDone DATA'!$L:$L,'[20]WorkDone DATA'!$N:$N,BOQ!AT$6,'[20]WorkDone DATA'!$G:$G,BOQ!$B69)*$G69","v":{"$error":"#VALUE!"}},{"$f":"SUMIFS('[20]WorkDone DATA'!$L:$L,'[20]WorkDone DATA'!$N:$N,BOQ!AU$6,'[20]WorkDone DATA'!$G:$G,BOQ!$B69)*$G69","v":{"$error":"#VALUE!"}},{"$f":"SUMIFS('[20]WorkDone DATA'!$L:$L,'[20]WorkDone DATA'!$N:$N,BOQ!AV$6,'[20]WorkDone DATA'!$G:$G,BOQ!$B69)*$G69","v":{"$error":"#VALUE!"}},{"$f":"SUMIFS('[20]WorkDone DATA'!$L:$L,'[20]WorkDone DATA'!$N:$N,BOQ!AW$6,'[20]WorkDone DATA'!$G:$G,BOQ!$B69)*$G69","v":{"$error":"#VALUE!"}},{"$f":"SUMIFS('[20]WorkDone DATA'!$L:$L,'[20]WorkDone DATA'!$N:$N,BOQ!AX$6,'[20]WorkDone DATA'!$G:$G,BOQ!$B69)*$G69","v":{"$error":"#VALUE!"}},{"$f":"SUMIFS('[20]WorkDone DATA'!$L:$L,'[20]WorkDone DATA'!$N:$N,BOQ!AY$6,'[20]WorkDone DATA'!$G:$G,BOQ!$B69)*$G69","v":{"$error":"#VALUE!"}},{"$f":"SUMIFS('[20]WorkDone DATA'!$L:$L,'[20]WorkDone DATA'!$N:$N,BOQ!AZ$6,'[20]WorkDone DATA'!$G:$G,BOQ!$B69)*$G69","v":{"$error":"#VALUE!"}},{"$f":"SUMIFS('[20]WorkDone DATA'!$L:$L,'[20]WorkDone DATA'!$N:$N,BOQ!BA$6,'[20]WorkDone DATA'!$G:$G,BOQ!$B69)*$G69","v":{"$error":"#VALUE!"}},{"$f":"SUMIFS('[20]WorkDone DATA'!$L:$L,'[20]WorkDone DATA'!$N:$N,BOQ!BB$6,'[20]WorkDone DATA'!$G:$G,BOQ!$B69)*$G69","v":{"$error":"#VALUE!"}},{"$f":"SUMIFS('[20]WorkDone DATA'!$L:$L,'[20]WorkDone DATA'!$N:$N,BOQ!BC$6,'[20]WorkDone DATA'!$G:$G,BOQ!$B69)*$G69","v":{"$error":"#VALUE!"}},{"$f":"SUMIFS('[20]WorkDone DATA'!$L:$L,'[20]WorkDone DATA'!$N:$N,BOQ!BD$6,'[20]WorkDone DATA'!$G:$G,BOQ!$B69)*$G69","v":{"$error":"#VALUE!"}},{"$f":"SUMIFS('[20]WorkDone DATA'!$L:$L,'[20]WorkDone DATA'!$N:$N,BOQ!BE$6,'[20]WorkDone DATA'!$G:$G,BOQ!$B69)*$G69","v":{"$error":"#VALUE!"}},{"$f":"SUMIFS('[20]WorkDone DATA'!$L:$L,'[20]WorkDone DATA'!$N:$N,BOQ!BF$6,'[20]WorkDone DATA'!$G:$G,BOQ!$B69)*$G69","v":{"$error":"#VALUE!"}},{"$f":"SUMIFS('[20]WorkDone DATA'!$L:$L,'[20]WorkDone DATA'!$N:$N,BOQ!BG$6,'[20]WorkDone DATA'!$G:$G,BOQ!$B69)*$G69","v":{"$error":"#VALUE!"}},{"$f":"SUMIFS('[20]WorkDone DATA'!$L:$L,'[20]WorkDone DATA'!$N:$N,BOQ!BH$6,'[20]WorkDone DATA'!$G:$G,BOQ!$B69)*$G69","v":{"$error":"#VALUE!"}},{"$f":"SUMIFS('[20]WorkDone DATA'!$L:$L,'[20]WorkDone DATA'!$N:$N,BOQ!BI$6,'[20]WorkDone DATA'!$G:$G,BOQ!$B69)*$G69","v":{"$error":"#VALUE!"}},{"$f":"SUMIFS('[20]WorkDone DATA'!$L:$L,'[20]WorkDone DATA'!$N:$N,BOQ!BJ$6,'[20]WorkDone DATA'!$G:$G,BOQ!$B69)*$G69","v":{"$error":"#VALUE!"}},{"$f":"SUMIFS('[20]WorkDone DATA'!$L:$L,'[20]WorkDone DATA'!$N:$N,BOQ!BK$6,'[20]WorkDone DATA'!$G:$G,BOQ!$B69)*$G69","v":{"$error":"#VALUE!"}},{"$f":"SUMIFS('[20]WorkDone DATA'!$L:$L,'[20]WorkDone DATA'!$N:$N,BOQ!BL$6,'[20]WorkDone DATA'!$G:$G,BOQ!$B69)*$G69","v":{"$error":"#VALUE!"}},{"$f":"SUMIFS('[20]WorkDone DATA'!$L:$L,'[20]WorkDone DATA'!$N:$N,BOQ!BM$6,'[20]WorkDone DATA'!$G:$G,BOQ!$B69)*$G69","v":{"$error":"#VALUE!"}},{"$f":"SUMIFS('[20]WorkDone DATA'!$L:$L,'[20]WorkDone DATA'!$N:$N,BOQ!BN$6,'[20]WorkDone DATA'!$G:$G,BOQ!$B69)*$G69","v":{"$error":"#VALUE!"}},{"$f":"SUMIFS('[20]WorkDone DATA'!$L:$L,'[20]WorkDone DATA'!$N:$N,BOQ!BO$6,'[20]WorkDone DATA'!$G:$G,BOQ!$B69)*$G69","v":{"$error":"#VALUE!"}},{"$f":"SUMIFS('[20]WorkDone DATA'!$L:$L,'[20]WorkDone DATA'!$N:$N,BOQ!BP$6,'[20]WorkDone DATA'!$G:$G,BOQ!$B69)*$G69","v":{"$error":"#VALUE!"}},{"$f":"SUMIFS('[20]WorkDone DATA'!$L:$L,'[20]WorkDone DATA'!$N:$N,BOQ!BQ$6,'[20]WorkDone DATA'!$G:$G,BOQ!$B69)*$G69","v":{"$error":"#VALUE!"}},{"$f":"SUMIFS('[20]WorkDone DATA'!$L:$L,'[20]WorkDone DATA'!$N:$N,BOQ!BR$6,'[20]WorkDone DATA'!$G:$G,BOQ!$B69)*$G69","v":{"$error":"#VALUE!"}},{"$f":"SUMIFS('[20]WorkDone DATA'!$L:$L,'[20]WorkDone DATA'!$N:$N,BOQ!BS$6,'[20]WorkDone DATA'!$G:$G,BOQ!$B69)*$G69","v":{"$error":"#VALUE!"}},{"$f":"SUMIFS('[20]WorkDone DATA'!$L:$L,'[20]WorkDone DATA'!$N:$N,BOQ!BT$6,'[20]WorkDone DATA'!$G:$G,BOQ!$B69)*$G69","v":{"$error":"#VALUE!"}},{"$f":"SUMIFS('[20]WorkDone DATA'!$L:$L,'[20]WorkDone DATA'!$N:$N,BOQ!BU$6,'[20]WorkDone DATA'!$G:$G,BOQ!$B69)*$G69","v":{"$error":"#VALUE!"}},{"$f":"SUMIFS('[20]WorkDone DATA'!$L:$L,'[20]WorkDone DATA'!$N:$N,BOQ!BV$6,'[20]WorkDone DATA'!$G:$G,BOQ!$B69)*$G69","v":{"$error":"#VALUE!"}},{"$f":"SUMIFS('[20]WorkDone DATA'!$L:$L,'[20]WorkDone DATA'!$N:$N,BOQ!BW$6,'[20]WorkDone DATA'!$G:$G,BOQ!$B69)*$G69","v":{"$error":"#VALUE!"}},{"$f":"SUMIFS('[20]WorkDone DATA'!$L:$L,'[20]WorkDone DATA'!$N:$N,BOQ!BX$6,'[20]WorkDone DATA'!$G:$G,BOQ!$B69)*$G69","v":{"$error":"#VALUE!"}}]
[null,null,"150mm2 x 1core (EXX01RCV) 6.35 kV/11kV \n",{"$nulls":4},0,{"$nulls":3},{"$error":"#VALUE!"},{"$error":"#VALUE!"},null,0,{"$error":"#VALUE!"},null,{"$f":"SUMIFS('[20]WorkDone DATA'!$L:$L,'[20]WorkDone DATA'!$N:$N,BOQ!S$6,'[20]WorkDone DATA'!$G:$G,BOQ!$B70)","v":{"$error":"#VALUE!"}},{"$error":"#VALUE!"},{"$f":"SUMIFS('[20]WorkDone DATA'!$L:$L,'[20]WorkDone DATA'!$N:$N,BOQ!U$6,'[20]WorkDone DATA'!$G:$G,BOQ!$B70)","v":{"$error":"#VALUE!"}},{"$error":"#VALUE!"},null,{"$f":"SUMIFS('[20]WorkDone DATA'!$L:$L,'[20]WorkDone DATA'!$N:$N,BOQ!W$6,'[20]WorkDone DATA'!$G:$G,BOQ!$B70)*$G70","v":{"$error":"#VALUE!"}},null,{"$f":"SUMIFS('[20]WorkDone DATA'!$L:$L,'[20]WorkDone DATA'!$N:$N,BOQ!Y$6,'[20]WorkDone DATA'!$G:$G,BOQ!$B70)*$G70","v":{"$error":"#VALUE!"}},null,{"$f":"SUMIFS('[20]WorkDone DATA'!$L:$L,'[20]WorkDone DATA'!$N:$N,BOQ!AA$6,'[20]WorkDone DATA'!$G:$G,BOQ!$B70)*$G70","v":{"$error":"#VALUE!"}},{"$f":"SUMIFS('[20]WorkDone DATA'!$L:$L,'[20]WorkDone DATA'!$N:$N,BOQ!AB$6,'[20]WorkDone DATA'!$G:$G,BOQ!$B70)*$G70","v":{"$error":"#VALUE!"}},{"$f":"SUMIFS('[20]WorkDone DATA'!$L:$L,'[20]WorkDone DATA'!$N:$N,BOQ!AC$6,'[20]WorkDone DATA'!$G:$G,BOQ!$B70)*$G70","v":{"$error":"#VALUE!"}},{"$f":"SUMIFS('[20]WorkDone DATA'!$L:$L,'[20]WorkDone DATA'!$N:$N,BOQ!AD$6,'[20]WorkDone DATA'!$G:$G,BOQ!$B70)*$G70","v":{"$error":"#VALUE!"}},{"$f":"SUMIFS('[20]WorkDone DATA'!$L:$L,'[20]WorkDone DATA'!$N:$N,BOQ!AE$6,'[20]WorkDone DATA'!$G:$G,BOQ!$B70)*$G70","v":{"$error":"#VALUE!"}},{"$f":"SUMIFS('[20]WorkDone DATA'!$L:$L,'[20]WorkDone DATA'!$N:$N,BOQ!AF$6,'[20]WorkDone DATA'!$G:$G,BOQ!$B70)*$G70","v":{"$error":"#VALUE!"}},{"$f":"SUMIFS('[20]WorkDone DATA'!$L:$L,'[20]WorkDone DATA'!$N:$N,BOQ!AG$6,'[20]WorkDone DATA'!$G:$G,BOQ!$B70)*$G70","v":{"$error":"#VALUE!"}},{"$f":"SUMIFS('[20]WorkDone DATA'!$L:$L,'[20]WorkDone DATA'!$N:$N,BOQ!AH$6,'[20]WorkDone DATA'!$G:$G,BOQ!$B70)*$G70","v":{"$error":"#VALUE!"}},{"$f":"SUMIFS('[20]WorkDone DATA'!$L:$L,'[20]WorkDone DATA'!$N:$N,BOQ!AI$6,'[20]WorkDone DATA'!$G:$G,BOQ!$B70)*$G70","v":{"$error":"#VALUE!"}},{"$f":"SUMIFS('[20]WorkDone DATA'!$L:$L,'[20]WorkDone DATA'!$N:$N,BOQ!AJ$6,'[20]WorkDone DATA'!$G:$G,BOQ!$B70)*$G70","v":{"$error":"#VALUE!"}},{"$f":"SUMIFS('[20]WorkDone DATA'!$L:$L,'[20]WorkDone DATA'!$N:$N,BOQ!AK$6,'[20]WorkDone DATA'!$G:$G,BOQ!$B70)*$G70","v":{"$error":"#VALUE!"}},{"$f":"SUMIFS('[20]WorkDone DATA'!$L:$L,'[20]WorkDone DATA'!$N:$N,BOQ!AL$6,'[20]WorkDone DATA'!$G:$G,BOQ!$B70)*$G70","v":{"$error":"#VALUE!"}},{"$f":"SUMIFS('[20]WorkDone DATA'!$L:$L,'[20]WorkDone DATA'!$N:$N,BOQ!AM$6,'[20]WorkDone DATA'!$G:$G,BOQ!$B70)*$G70","v":{"$error":"#VALUE!"}},{"$f":"SUMIFS('[20]WorkDone DATA'!$L:$L,'[20]WorkDone DATA'!$N:$N,BOQ!AN$6,'[20]WorkDone DATA'!$G:$G,BOQ!$B70)*$G70","v":{"$error":"#VALUE!"}},{"$f":"SUMIFS('[20]WorkDone DATA'!$L:$L,'[20]WorkDone DATA'!$N:$N,BOQ!AO$6,'[20]WorkDone DATA'!$G:$G,BOQ!$B70)*$G70","v":{"$error":"#VALUE!"}},{"$f":"SUMIFS('[20]WorkDone DATA'!$L:$L,'[20]WorkDone DATA'!$N:$N,BOQ!AP$6,'[20]WorkDone DATA'!$G:$G,BOQ!$B70)*$G70","v":{"$error":"#VALUE!"}},{"$f":"SUMIFS('[20]WorkDone DATA'!$L:$L,'[20]WorkDone DATA'!$N:$N,BOQ!AQ$6,'[20]WorkDone DATA'!$G:$G,BOQ!$B70)*$G70","v":{"$error":"#VALUE!"}},{"$f":"SUMIFS('[20]WorkDone DATA'!$L:$L,'[20]WorkDone DATA'!$N:$N,BOQ!AR$6,'[20]WorkDone DATA'!$G:$G,BOQ!$B70)*$G70","v":{"$error":"#VALUE!"}},{"$f":"SUMIFS('[20]WorkDone DATA'!$L:$L,'[20]WorkDone DATA'!$N:$N,BOQ!AS$6,'[20]WorkDone DATA'!$G:$G,BOQ!$B70)*$G70","v":{"$error":"#VALUE!"}},{"$f":"SUMIFS('[20]WorkDone DATA'!$L:$L,'[20]WorkDone DATA'!$N:$N,BOQ!AT$6,'[20]WorkDone DATA'!$G:$G,BOQ!$B70)*$G70","v":{"$error":"#VALUE!"}},{"$f":"SUMIFS('[20]WorkDone DATA'!$L:$L,'[20]WorkDone DATA'!$N:$N,BOQ!AU$6,'[20]WorkDone DATA'!$G:$G,BOQ!$B70)*$G70","v":{"$error":"#VALUE!"}},{"$f":"SUMIFS('[20]WorkDone DATA'!$L:$L,'[20]WorkDone DATA'!$N:$N,BOQ!AV$6,'[20]WorkDone DATA'!$G:$G,BOQ!$B70)*$G70","v":{"$error":"#VALUE!"}},{"$f":"SUMIFS('[20]WorkDone DATA'!$L:$L,'[20]WorkDone DATA'!$N:$N,BOQ!AW$6,'[20]WorkDone DATA'!$G:$G,BOQ!$B70)*$G70","v":{"$error":"#VALUE!"}},{"$f":"SUMIFS('[20]WorkDone DATA'!$L:$L,'[20]WorkDone DATA'!$N:$N,BOQ!AX$6,'[20]WorkDone DATA'!$G:$G,BOQ!$B70)*$G70","v":{"$error":"#VALUE!"}},{"$f":"SUMIFS('[20]WorkDone DATA'!$L:$L,'[20]WorkDone DATA'!$N:$N,BOQ!AY$6,'[20]WorkDone DATA'!$G:$G,BOQ!$B70)*$G70","v":{"$error":"#VALUE!"}},{"$f":"SUMIFS('[20]WorkDone DATA'!$L:$L,'[20]WorkDone DATA'!$N:$N,BOQ!AZ$6,'[20]WorkDone DATA'!$G:$G,BOQ!$B70)*$G70","v":{"$error":"#VALUE!"}},{"$f":"SUMIFS('[20]WorkDone DATA'!$L:$L,'[20]WorkDone DATA'!$N:$N,BOQ!BA$6,'[20]WorkDone DATA'!$G:$G,BOQ!$B70)*$G70","v":{"$error":"#VALUE!"}},{"$f":"SUMIFS('[20]WorkDone DATA'!$L:$L,'[20]WorkDone DATA'!$N:$N,BOQ!BB$6,'[20]WorkDone DATA'!$G:$G,BOQ!$B70)*$G70","v":{"$error":"#VALUE!"}},{"$f":"SUMIFS('[20]WorkDone DATA'!$L:$L,'[20]WorkDone DATA'!$N:$N,BOQ!BC$6,'[20]WorkDone DATA'!$G:$G,BOQ!$B70)*$G70","v":{"$error":"#VALUE!"}},{"$f":"SUMIFS('[20]WorkDone DATA'!$L:$L,'[20]WorkDone DATA'!$N:$N,BOQ!BD$6,'[20]WorkDone DATA'!$G:$G,BOQ!$B70)*$G70","v":{"$error":"#VALUE!"}},{"$f":"SUMIFS('[20]WorkDone DATA'!$L:$L,'[20]WorkDone DATA'!$N:$N,BOQ!BE$6,'[20]WorkDone DATA'!$G:$G,BOQ!$B70)*$G70","v":{"$error":"#VALUE!"}},{"$f":"SUMIFS('[20]WorkDone DATA'!$L:$L,'[20]WorkDone DATA'!$N:$N,BOQ!BF$6,'[20]WorkDone DATA'!$G:$G,BOQ!$B70)*$G70","v":{"$error":"#VALUE!"}},{"$f":"SUMIFS('[20]WorkDone DATA'!$L:$L,'[20]WorkDone DATA'!$N:$N,BOQ!BG$6,'[20]WorkDone DATA'!$G:$G,BOQ!$B70)*$G70","v":{"$error":"#VALUE!"}},{"$f":"SUMIFS('[20]WorkDone DATA'!$L:$L,'[20]WorkDone DATA'!$N:$N,BOQ!BH$6,'[20]WorkDone DATA'!$G:$G,BOQ!$B70)*$G70","v":{"$error":"#VALUE!"}},{"$f":"SUMIFS('[20]WorkDone DATA'!$L:$L,'[20]WorkDone DATA'!$N:$N,BOQ!BI$6,'[20]WorkDone DATA'!$G:$G,BOQ!$B70)*$G70","v":{"$error":"#VALUE!"}},{"$f":"SUMIFS('[20]WorkDone DATA'!$L:$L,'[20]WorkDone DATA'!$N:$N,BOQ!BJ$6,'[20]WorkDone DATA'!$G:$G,BOQ!$B70)*$G70","v":{"$error":"#VALUE!"}},{"$f":"SUMIFS('[20]WorkDone DATA'!$L:$L,'[20]WorkDone DATA'!$N:$N,BOQ!BK$6,'[20]WorkDone DATA'!$G:$G,BOQ!$B70)*$G70","v":{"$error":"#VALUE!"}},{"$f":"SUMIFS('[20]WorkDone DATA'!$L:$L,'[20]WorkDone DATA'!$N:$N,BOQ!BL$6,'[20]WorkDone DATA'!$G:$G,BOQ!$B70)*$G70","v":{"$error":"#VALUE!"}},{"$f":"SUMIFS('[20]WorkDone DATA'!$L:$L,'[20]WorkDone DATA'!$N:$N,BOQ!BM$6,'[20]WorkDone DATA'!$G:$G,BOQ!$B70)*$G70","v":{"$error":"#VALUE!"}},{"$f":"SUMIFS('[20]WorkDone DATA'!$L:$L,'[20]WorkDone DATA'!$N:$N,BOQ!BN$6,'[20]WorkDone DATA'!$G:$G,BOQ!$B70)*$G70","v":{"$error":"#VALUE!"}},{"$f":"SUMIFS('[20]WorkDone DATA'!$L:$L,'[20]WorkDone DATA'!$N:$N,BOQ!BO$6,'[20]WorkDone DATA'!$G:$G,BOQ!$B70)*$G70","v":{"$error":"#VALUE!"}},{"$f":"SUMIFS('[20]WorkDone DATA'!$L:$L,'[20]WorkDone DATA'!$N:$N,BOQ!BP$6,'[20]WorkDone DATA'!$G:$G,BOQ!$B70)*$G70","v":{"$error":"#VALUE!"}},{"$f":"SUMIFS('[20]WorkDone DATA'!$L:$L,'[20]WorkDone DATA'!$N:$N,BOQ!BQ$6,'[20]WorkDone DATA'!$G:$G,BOQ!$B70)*$G70","v":{"$error":"#VALUE!"}},{"$f":"SUMIFS('[20]WorkDone DATA'!$L:$L,'[20]WorkDone DATA'!$N:$N,BOQ!BR$6,'[20]WorkDone DATA'!$G:$G,BOQ!$B70)*$G70","v":{"$error":"#VALUE!"}},{"$f":"SUMIFS('[20]WorkDone DATA'!$L:$L,'[20]WorkDone DATA'!$N:$N,BOQ!BS$6,'[20]WorkDone DATA'!$G:$G,BOQ!$B70)*$G70","v":{"$error":"#VALUE!"}},{"$f":"SUMIFS('[20]WorkDone DATA'!$L:$L,'[20]WorkDone DATA'!$N:$N,BOQ!BT$6,'[20]WorkDone DATA'!$G:$G,BOQ!$B70)*$G70","v":{"$error":"#VALUE!"}},{"$f":"SUMIFS('[20]WorkDone DATA'!$L:$L,'[20]WorkDone DATA'!$N:$N,BOQ!BU$6,'[20]WorkDone DATA'!$G:$G,BOQ!$B70)*$G70","v":{"$error":"#VALUE!"}},{"$f":"SUMIFS('[20]WorkDone DATA'!$L:$L,'[20]WorkDone DATA'!$N:$N,BOQ!BV$6,'[20]WorkDone DATA'!$G:$G,BOQ!$B70)*$G70","v":{"$error":"#VALUE!"}},{"$f":"SUMIFS('[20]WorkDone DATA'!$L:$L,'[20]WorkDone DATA'!$N:$N,BOQ!BW$6,'[20]WorkDone DATA'!$G:$G,BOQ!$B70)*$G70","v":{"$error":"#VALUE!"}},{"$f":"SUMIFS('[20]WorkDone DATA'!$L:$L,'[20]WorkDone DATA'!$N:$N,BOQ!BX$6,'[20]WorkDone DATA'!$G:$G,BOQ!$B70)*$G70","v":{"$error":"#VALUE!"}}]
[{"$f":"C70","v":"150mm2 x 1core (EXX01RCV) 6.35 kV/11kV \n"},2.033,"Supply","E","set",162,{"v":2994.45,"d":"2,994.45"},{"v":485100.89999999997,"d":"485,100.90"},null,null,{"$error":"#VALUE!"},{"$error":"#VALUE!"},{"$error":"#VALUE!"},null,{"$error":"#VALUE!"},{"$error":"#VALUE!"},null,{"$f":"SUMIFS('[20]WorkDone DATA'!$L:$L,'[20]WorkDone DATA'!$N:$N,BOQ!S$6,'[20]WorkDone DATA'!$G:$G,BOQ!$B71)","v":{"$error":"#VALUE!"}},{"$error":"#VALUE!"},{"$f":"SUMIFS('[20]WorkDone DATA'!$L:$L,'[20]WorkDone DATA'!$N:$N,BOQ!U$6,'[20]WorkDone DATA'!$G:$G,BOQ!$B71)","v":{"$error":"#VALUE!"}},{"$error":"#VALUE!"},null,{"$f":"SUMIFS('[20]WorkDone DATA'!$L:$L,'[20]WorkDone DATA'!$N:$N,BOQ!W$6,'[20]WorkDone DATA'!$G:$G,BOQ!$B71)*$G71","v":{"$error":"#VALUE!"}},null,{"$f":"SUMIFS('[20]WorkDone DATA'!$L:$L,'[20]WorkDone DATA'!$N:$N,BOQ!Y$6,'[20]WorkDone DATA'!$G:$G,BOQ!$B71)*$G71","v":{"$error":"#VALUE!"}},null,{"$f":"SUMIFS('[20]WorkDone DATA'!$L:$L,'[20]WorkDone DATA'!$N:$N,BOQ!AA$6,'[20]WorkDone DATA'!$G:$G,BOQ!$B71)*$G71","v":{"$error":"#VALUE!"}},{"$f":"SUMIFS('[20]WorkDone DATA'!$L:$L,'[20]WorkDone DATA'!$N:$N,BOQ!AB$6,'[20]WorkDone DATA'!$G:$G,BOQ!$B71)*$G71","v":{"$error":"#VALUE!"}},{"$f":"SUMIFS('[20]WorkDone DATA'!$L:$L,'[20]WorkDone DATA'!$N:$N,BOQ!AC$6,'[20]WorkDone DATA'!$G:$G,BOQ!$B71)*$G71","v":{"$error":"#VALUE!"}},{"$f":"SUMIFS('[20]WorkDone DATA'!$L:$L,'[20]WorkDone DATA'!$N:$N,BOQ!AD$6,'[20]WorkDone DATA'!$G:$G,BOQ!$B71)*$G71","v":{"$error":"#VALUE!"}},{"$f":"SUMIFS('[20]WorkDone DATA'!$L:$L,'[20]WorkDone DATA'!$N:$N,BOQ!AE$6,'[20]WorkDone DATA'!$G:$G,BOQ!$B71)*$G71","v":{"$error":"#VALUE!"}},{"$f":"SUMIFS('[20]WorkDone DATA'!$L:$L,'[20]WorkDone DATA'!$N:$N,BOQ!AF$6,'[20]WorkDone DATA'!$G:$G,BOQ!$B71)*$G71","v":{"$error":"#VALUE!"}},{"$f":"SUMIFS('[20]WorkDone DATA'!$L:$L,'[20]WorkDone DATA'!$N:$N,BOQ!AG$6,'[20]WorkDone DATA'!$G:$G,BOQ!$B71)*$G71","v":{"$error":"#VALUE!"}},{"$f":"SUMIFS('[20]WorkDone DATA'!$L:$L,'[20]WorkDone DATA'!$N:$N,BOQ!AH$6,'[20]WorkDone DATA'!$G:$G,BOQ!$B71)*$G71","v":{"$error":"#VALUE!"}},{"$f":"SUMIFS('[20]WorkDone DATA'!$L:$L,'[20]WorkDone DATA'!$N:$N,BOQ!AI$6,'[20]WorkDone DATA'!$G:$G,BOQ!$B71)*$G71","v":{"$error":"#VALUE!"}},{"$f":"SUMIFS('[20]WorkDone DATA'!$L:$L,'[20]WorkDone DATA'!$N:$N,BOQ!AJ$6,'[20]WorkDone DATA'!$G:$G,BOQ!$B71)*$G71","v":{"$error":"#VALUE!"}},{"$f":"SUMIFS('[20]WorkDone DATA'!$L:$L,'[20]WorkDone DATA'!$N:$N,BOQ!AK$6,'[20]WorkDone DATA'!$G:$G,BOQ!$B71)*$G71","v":{"$error":"#VALUE!"}},{"$f":"SUMIFS('[20]WorkDone DATA'!$L:$L,'[20]WorkDone DATA'!$N:$N,BOQ!AL$6,'[20]WorkDone DATA'!$G:$G,BOQ!$B71)*$G71","v":{"$error":"#VALUE!"}},{"$f":"SUMIFS('[20]WorkDone DATA'!$L:$L,'[20]WorkDone DATA'!$N:$N,BOQ!AM$6,'[20]WorkDone DATA'!$G:$G,BOQ!$B71)*$G71","v":{"$error":"#VALUE!"}},{"$f":"SUMIFS('[20]WorkDone DATA'!$L:$L,'[20]WorkDone DATA'!$N:$N,BOQ!AN$6,'[20]WorkDone DATA'!$G:$G,BOQ!$B71)*$G71","v":{"$error":"#VALUE!"}},{"$f":"SUMIFS('[20]WorkDone DATA'!$L:$L,'[20]WorkDone DATA'!$N:$N,BOQ!AO$6,'[20]WorkDone DATA'!$G:$G,BOQ!$B71)*$G71","v":{"$error":"#VALUE!"}},{"$f":"SUMIFS('[20]WorkDone DATA'!$L:$L,'[20]WorkDone DATA'!$N:$N,BOQ!AP$6,'[20]WorkDone DATA'!$G:$G,BOQ!$B71)*$G71","v":{"$error":"#VALUE!"}},{"$f":"SUMIFS('[20]WorkDone DATA'!$L:$L,'[20]WorkDone DATA'!$N:$N,BOQ!AQ$6,'[20]WorkDone DATA'!$G:$G,BOQ!$B71)*$G71","v":{"$error":"#VALUE!"}},{"$f":"SUMIFS('[20]WorkDone DATA'!$L:$L,'[20]WorkDone DATA'!$N:$N,BOQ!AR$6,'[20]WorkDone DATA'!$G:$G,BOQ!$B71)*$G71","v":{"$error":"#VALUE!"}},{"$f":"SUMIFS('[20]WorkDone DATA'!$L:$L,'[20]WorkDone DATA'!$N:$N,BOQ!AS$6,'[20]WorkDone DATA'!$G:$G,BOQ!$B71)*$G71","v":{"$error":"#VALUE!"}},{"$f":"SUMIFS('[20]WorkDone DATA'!$L:$L,'[20]WorkDone DATA'!$N:$N,BOQ!AT$6,'[20]WorkDone DATA'!$G:$G,BOQ!$B71)*$G71","v":{"$error":"#VALUE!"}},{"$f":"SUMIFS('[20]WorkDone DATA'!$L:$L,'[20]WorkDone DATA'!$N:$N,BOQ!AU$6,'[20]WorkDone DATA'!$G:$G,BOQ!$B71)*$G71","v":{"$error":"#VALUE!"}},{"$f":"SUMIFS('[20]WorkDone DATA'!$L:$L,'[20]WorkDone DATA'!$N:$N,BOQ!AV$6,'[20]WorkDone DATA'!$G:$G,BOQ!$B71)*$G71","v":{"$error":"#VALUE!"}},{"$f":"SUMIFS('[20]WorkDone DATA'!$L:$L,'[20]WorkDone DATA'!$N:$N,BOQ!AW$6,'[20]WorkDone DATA'!$G:$G,BOQ!$B71)*$G71","v":{"$error":"#VALUE!"}},{"$f":"SUMIFS('[20]WorkDone DATA'!$L:$L,'[20]WorkDone DATA'!$N:$N,BOQ!AX$6,'[20]WorkDone DATA'!$G:$G,BOQ!$B71)*$G71","v":{"$error":"#VALUE!"}},{"$f":"SUMIFS('[20]WorkDone DATA'!$L:$L,'[20]WorkDone DATA'!$N:$N,BOQ!AY$6,'[20]WorkDone DATA'!$G:$G,BOQ!$B71)*$G71","v":{"$error":"#VALUE!"}},{"$f":"SUMIFS('[20]WorkDone DATA'!$L:$L,'[20]WorkDone DATA'!$N:$N,BOQ!AZ$6,'[20]WorkDone DATA'!$G:$G,BOQ!$B71)*$G71","v":{"$error":"#VALUE!"}},{"$f":"SUMIFS('[20]WorkDone DATA'!$L:$L,'[20]WorkDone DATA'!$N:$N,BOQ!BA$6,'[20]WorkDone DATA'!$G:$G,BOQ!$B71)*$G71","v":{"$error":"#VALUE!"}},{"$f":"SUMIFS('[20]WorkDone DATA'!$L:$L,'[20]WorkDone DATA'!$N:$N,BOQ!BB$6,'[20]WorkDone DATA'!$G:$G,BOQ!$B71)*$G71","v":{"$error":"#VALUE!"}},{"$f":"SUMIFS('[20]WorkDone DATA'!$L:$L,'[20]WorkDone DATA'!$N:$N,BOQ!BC$6,'[20]WorkDone DATA'!$G:$G,BOQ!$B71)*$G71","v":{"$error":"#VALUE!"}},{"$f":"SUMIFS('[20]WorkDone DATA'!$L:$L,'[20]WorkDone DATA'!$N:$N,BOQ!BD$6,'[20]WorkDone DATA'!$G:$G,BOQ!$B71)*$G71","v":{"$error":"#VALUE!"}},{"$f":"SUMIFS('[20]WorkDone DATA'!$L:$L,'[20]WorkDone DATA'!$N:$N,BOQ!BE$6,'[20]WorkDone DATA'!$G:$G,BOQ!$B71)*$G71","v":{"$error":"#VALUE!"}},{"$f":"SUMIFS('[20]WorkDone DATA'!$L:$L,'[20]WorkDone DATA'!$N:$N,BOQ!BF$6,'[20]WorkDone DATA'!$G:$G,BOQ!$B71)*$G71","v":{"$error":"#VALUE!"}},{"$f":"SUMIFS('[20]WorkDone DATA'!$L:$L,'[20]WorkDone DATA'!$N:$N,BOQ!BG$6,'[20]WorkDone DATA'!$G:$G,BOQ!$B71)*$G71","v":{"$error":"#VALUE!"}},{"$f":"SUMIFS('[20]WorkDone DATA'!$L:$L,'[20]WorkDone DATA'!$N:$N,BOQ!BH$6,'[20]WorkDone DATA'!$G:$G,BOQ!$B71)*$G71","v":{"$error":"#VALUE!"}},{"$f":"SUMIFS('[20]WorkDone DATA'!$L:$L,'[20]WorkDone DATA'!$N:$N,BOQ!BI$6,'[20]WorkDone DATA'!$G:$G,BOQ!$B71)*$G71","v":{"$error":"#VALUE!"}},{"$f":"SUMIFS('[20]WorkDone DATA'!$L:$L,'[20]WorkDone DATA'!$N:$N,BOQ!BJ$6,'[20]WorkDone DATA'!$G:$G,BOQ!$B71)*$G71","v":{"$error":"#VALUE!"}},{"$f":"SUMIFS('[20]WorkDone DATA'!$L:$L,'[20]WorkDone DATA'!$N:$N,BOQ!BK$6,'[20]WorkDone DATA'!$G:$G,BOQ!$B71)*$G71","v":{"$error":"#VALUE!"}},{"$f":"SUMIFS('[20]WorkDone DATA'!$L:$L,'[20]WorkDone DATA'!$N:$N,BOQ!BL$6,'[20]WorkDone DATA'!$G:$G,BOQ!$B71)*$G71","v":{"$error":"#VALUE!"}},{"$f":"SUMIFS('[20]WorkDone DATA'!$L:$L,'[20]WorkDone DATA'!$N:$N,BOQ!BM$6,'[20]WorkDone DATA'!$G:$G,BOQ!$B71)*$G71","v":{"$error":"#VALUE!"}},{"$f":"SUMIFS('[20]WorkDone DATA'!$L:$L,'[20]WorkDone DATA'!$N:$N,BOQ!BN$6,'[20]WorkDone DATA'!$G:$G,BOQ!$B71)*$G71","v":{"$error":"#VALUE!"}},{"$f":"SUMIFS('[20]WorkDone DATA'!$L:$L,'[20]WorkDone DATA'!$N:$N,BOQ!BO$6,'[20]WorkDone DATA'!$G:$G,BOQ!$B71)*$G71","v":{"$error":"#VALUE!"}},{"$f":"SUMIFS('[20]WorkDone DATA'!$L:$L,'[20]WorkDone DATA'!$N:$N,BOQ!BP$6,'[20]WorkDone DATA'!$G:$G,BOQ!$B71)*$G71","v":{"$error":"#VALUE!"}},{"$f":"SUMIFS('[20]WorkDone DATA'!$L:$L,'[20]WorkDone DATA'!$N:$N,BOQ!BQ$6,'[20]WorkDone DATA'!$G:$G,BOQ!$B71)*$G71","v":{"$error":"#VALUE!"}},{"$f":"SUMIFS('[20]WorkDone DATA'!$L:$L,'[20]WorkDone DATA'!$N:$N,BOQ!BR$6,'[20]WorkDone DATA'!$G:$G,BOQ!$B71)*$G71","v":{"$error":"#VALUE!"}},{"$f":"SUMIFS('[20]WorkDone DATA'!$L:$L,'[20]WorkDone DATA'!$N:$N,BOQ!BS$6,'[20]WorkDone DATA'!$G:$G,BOQ!$B71)*$G71","v":{"$error":"#VALUE!"}},{"$f":"SUMIFS('[20]WorkDone DATA'!$L:$L,'[20]WorkDone DATA'!$N:$N,BOQ!BT$6,'[20]WorkDone DATA'!$G:$G,BOQ!$B71)*$G71","v":{"$error":"#VALUE!"}},{"$f":"SUMIFS('[20]WorkDone DATA'!$L:$L,'[20]WorkDone DATA'!$N:$N,BOQ!BU$6,'[20]WorkDone DATA'!$G:$G,BOQ!$B71)*$G71","v":{"$error":"#VALUE!"}},{"$f":"SUMIFS('[20]WorkDone DATA'!$L:$L,'[20]WorkDone DATA'!$N:$N,BOQ!BV$6,'[20]WorkDone DATA'!$G:$G,BOQ!$B71)*$G71","v":{"$error":"#VALUE!"}},{"$f":"SUMIFS('[20]WorkDone DATA'!$L:$L,'[20]WorkDone DATA'!$N:$N,BOQ!BW$6,'[20]WorkDone DATA'!$G:$G,BOQ!$B71)*$G71","v":{"$error":"#VALUE!"}},{"$f":"SUMIFS('[20]WorkDone DATA'!$L:$L,'[20]WorkDone DATA'!$N:$N,BOQ!BX$6,'[20]WorkDone DATA'!$G:$G,BOQ!$B71)*$G71","v":{"$error":"#VALUE!"}}]
[{"$f":"C70","v":"150mm2 x 1core (EXX01RCV) 6.35 kV/11kV \n"},2.034,"Installation","A","set",162,{"v":2325.35,"d":"2,325.35"},{"v":376706.7,"d":"376,706.70"},null,null,{"$error":"#VALUE!"},{"$error":"#VALUE!"},{"$error":"#VALUE!"},null,{"$error":"#VALUE!"},{"$error":"#VALUE!"},null,{"$f":"SUMIFS('[20]WorkDone DATA'!$L:$L,'[20]WorkDone DATA'!$N:$N,BOQ!S$6,'[20]WorkDone DATA'!$G:$G,BOQ!$B72)","v":{"$error":"#VALUE!"}},{"$error":"#VALUE!"},{"$f":"SUMIFS('[20]WorkDone DATA'!$L:$L,'[20]WorkDone DATA'!$N:$N,BOQ!U$6,'[20]WorkDone DATA'!$G:$G,BOQ!$B72)","v":{"$error":"#VALUE!"}},{"$error":"#VALUE!"},null,{"$f":"SUMIFS('[20]WorkDone DATA'!$L:$L,'[20]WorkDone DATA'!$N:$N,BOQ!W$6,'[20]WorkDone DATA'!$G:$G,BOQ!$B72)*$G72","v":{"$error":"#VALUE!"}},null,{"$f":"SUMIFS('[20]WorkDone DATA'!$L:$L,'[20]WorkDone DATA'!$N:$N,BOQ!Y$6,'[20]WorkDone DATA'!$G:$G,BOQ!$B72)*$G72","v":{"$error":"#VALUE!"}},null,{"$f":"SUMIFS('[20]WorkDone DATA'!$L:$L,'[20]WorkDone DATA'!$N:$N,BOQ!AA$6,'[20]WorkDone DATA'!$G:$G,BOQ!$B72)*$G72","v":{"$error":"#VALUE!"}},{"$f":"SUMIFS('[20]WorkDone DATA'!$L:$L,'[20]WorkDone DATA'!$N:$N,BOQ!AB$6,'[20]WorkDone DATA'!$G:$G,BOQ!$B72)*$G72","v":{"$error":"#VALUE!"}},{"$f":"SUMIFS('[20]WorkDone DATA'!$L:$L,'[20]WorkDone DATA'!$N:$N,BOQ!AC$6,'[20]WorkDone DATA'!$G:$G,BOQ!$B72)*$G72","v":{"$error":"#VALUE!"}},{"$f":"SUMIFS('[20]WorkDone DATA'!$L:$L,'[20]WorkDone DATA'!$N:$N,BOQ!AD$6,'[20]WorkDone DATA'!$G:$G,BOQ!$B72)*$G72","v":{"$error":"#VALUE!"}},{"$f":"SUMIFS('[20]WorkDone DATA'!$L:$L,'[20]WorkDone DATA'!$N:$N,BOQ!AE$6,'[20]WorkDone DATA'!$G:$G,BOQ!$B72)*$G72","v":{"$error":"#VALUE!"}},{"$f":"SUMIFS('[20]WorkDone DATA'!$L:$L,'[20]WorkDone DATA'!$N:$N,BOQ!AF$6,'[20]WorkDone DATA'!$G:$G,BOQ!$B72)*$G72","v":{"$error":"#VALUE!"}},{"$f":"SUMIFS('[20]WorkDone DATA'!$L:$L,'[20]WorkDone DATA'!$N:$N,BOQ!AG$6,'[20]WorkDone DATA'!$G:$G,BOQ!$B72)*$G72","v":{"$error":"#VALUE!"}},{"$f":"SUMIFS('[20]WorkDone DATA'!$L:$L,'[20]WorkDone DATA'!$N:$N,BOQ!AH$6,'[20]WorkDone DATA'!$G:$G,BOQ!$B72)*$G72","v":{"$error":"#VALUE!"}},{"$f":"SUMIFS('[20]WorkDone DATA'!$L:$L,'[20]WorkDone DATA'!$N:$N,BOQ!AI$6,'[20]WorkDone DATA'!$G:$G,BOQ!$B72)*$G72","v":{"$error":"#VALUE!"}},{"$f":"SUMIFS('[20]WorkDone DATA'!$L:$L,'[20]WorkDone DATA'!$N:$N,BOQ!AJ$6,'[20]WorkDone DATA'!$G:$G,BOQ!$B72)*$G72","v":{"$error":"#VALUE!"}},{"$f":"SUMIFS('[20]WorkDone DATA'!$L:$L,'[20]WorkDone DATA'!$N:$N,BOQ!AK$6,'[20]WorkDone DATA'!$G:$G,BOQ!$B72)*$G72","v":{"$error":"#VALUE!"}},{"$f":"SUMIFS('[20]WorkDone DATA'!$L:$L,'[20]WorkDone DATA'!$N:$N,BOQ!AL$6,'[20]WorkDone DATA'!$G:$G,BOQ!$B72)*$G72","v":{"$error":"#VALUE!"}},{"$f":"SUMIFS('[20]WorkDone DATA'!$L:$L,'[20]WorkDone DATA'!$N:$N,BOQ!AM$6,'[20]WorkDone DATA'!$G:$G,BOQ!$B72)*$G72","v":{"$error":"#VALUE!"}},{"$f":"SUMIFS('[20]WorkDone DATA'!$L:$L,'[20]WorkDone DATA'!$N:$N,BOQ!AN$6,'[20]WorkDone DATA'!$G:$G,BOQ!$B72)*$G72","v":{"$error":"#VALUE!"}},{"$f":"SUMIFS('[20]WorkDone DATA'!$L:$L,'[20]WorkDone DATA'!$N:$N,BOQ!AO$6,'[20]WorkDone DATA'!$G:$G,BOQ!$B72)*$G72","v":{"$error":"#VALUE!"}},{"$f":"SUMIFS('[20]WorkDone DATA'!$L:$L,'[20]WorkDone DATA'!$N:$N,BOQ!AP$6,'[20]WorkDone DATA'!$G:$G,BOQ!$B72)*$G72","v":{"$error":"#VALUE!"}},{"$f":"SUMIFS('[20]WorkDone DATA'!$L:$L,'[20]WorkDone DATA'!$N:$N,BOQ!AQ$6,'[20]WorkDone DATA'!$G:$G,BOQ!$B72)*$G72","v":{"$error":"#VALUE!"}},{"$f":"SUMIFS('[20]WorkDone DATA'!$L:$L,'[20]WorkDone DATA'!$N:$N,BOQ!AR$6,'[20]WorkDone DATA'!$G:$G,BOQ!$B72)*$G72","v":{"$error":"#VALUE!"}},{"$f":"SUMIFS('[20]WorkDone DATA'!$L:$L,'[20]WorkDone DATA'!$N:$N,BOQ!AS$6,'[20]WorkDone DATA'!$G:$G,BOQ!$B72)*$G72","v":{"$error":"#VALUE!"}},{"$f":"SUMIFS('[20]WorkDone DATA'!$L:$L,'[20]WorkDone DATA'!$N:$N,BOQ!AT$6,'[20]WorkDone DATA'!$G:$G,BOQ!$B72)*$G72","v":{"$error":"#VALUE!"}},{"$f":"SUMIFS('[20]WorkDone DATA'!$L:$L,'[20]WorkDone DATA'!$N:$N,BOQ!AU$6,'[20]WorkDone DATA'!$G:$G,BOQ!$B72)*$G72","v":{"$error":"#VALUE!"}},{"$f":"SUMIFS('[20]WorkDone DATA'!$L:$L,'[20]WorkDone DATA'!$N:$N,BOQ!AV$6,'[20]WorkDone DATA'!$G:$G,BOQ!$B72)*$G72","v":{"$error":"#VALUE!"}},{"$f":"SUMIFS('[20]WorkDone DATA'!$L:$L,'[20]WorkDone DATA'!$N:$N,BOQ!AW$6,'[20]WorkDone DATA'!$G:$G,BOQ!$B72)*$G72","v":{"$error":"#VALUE!"}},{"$f":"SUMIFS('[20]WorkDone DATA'!$L:$L,'[20]WorkDone DATA'!$N:$N,BOQ!AX$6,'[20]WorkDone DATA'!$G:$G,BOQ!$B72)*$G72","v":{"$error":"#VALUE!"}},{"$f":"SUMIFS('[20]WorkDone DATA'!$L:$L,'[20]WorkDone DATA'!$N:$N,BOQ!AY$6,'[20]WorkDone DATA'!$G:$G,BOQ!$B72)*$G72","v":{"$error":"#VALUE!"}},{"$f":"SUMIFS('[20]WorkDone DATA'!$L:$L,'[20]WorkDone DATA'!$N:$N,BOQ!AZ$6,'[20]WorkDone DATA'!$G:$G,BOQ!$B72)*$G72","v":{"$error":"#VALUE!"}},{"$f":"SUMIFS('[20]WorkDone DATA'!$L:$L,'[20]WorkDone DATA'!$N:$N,BOQ!BA$6,'[20]WorkDone DATA'!$G:$G,BOQ!$B72)*$G72","v":{"$error":"#VALUE!"}},{"$f":"SUMIFS('[20]WorkDone DATA'!$L:$L,'[20]WorkDone DATA'!$N:$N,BOQ!BB$6,'[20]WorkDone DATA'!$G:$G,BOQ!$B72)*$G72","v":{"$error":"#VALUE!"}},{"$f":"SUMIFS('[20]WorkDone DATA'!$L:$L,'[20]WorkDone DATA'!$N:$N,BOQ!BC$6,'[20]WorkDone DATA'!$G:$G,BOQ!$B72)*$G72","v":{"$error":"#VALUE!"}},{"$f":"SUMIFS('[20]WorkDone DATA'!$L:$L,'[20]WorkDone DATA'!$N:$N,BOQ!BD$6,'[20]WorkDone DATA'!$G:$G,BOQ!$B72)*$G72","v":{"$error":"#VALUE!"}},{"$f":"SUMIFS('[20]WorkDone DATA'!$L:$L,'[20]WorkDone DATA'!$N:$N,BOQ!BE$6,'[20]WorkDone DATA'!$G:$G,BOQ!$B72)*$G72","v":{"$error":"#VALUE!"}},{"$f":"SUMIFS('[20]WorkDone DATA'!$L:$L,'[20]WorkDone DATA'!$N:$N,BOQ!BF$6,'[20]WorkDone DATA'!$G:$G,BOQ!$B72)*$G72","v":{"$error":"#VALUE!"}},{"$f":"SUMIFS('[20]WorkDone DATA'!$L:$L,'[20]WorkDone DATA'!$N:$N,BOQ!BG$6,'[20]WorkDone DATA'!$G:$G,BOQ!$B72)*$G72","v":{"$error":"#VALUE!"}},{"$f":"SUMIFS('[20]WorkDone DATA'!$L:$L,'[20]WorkDone DATA'!$N:$N,BOQ!BH$6,'[20]WorkDone DATA'!$G:$G,BOQ!$B72)*$G72","v":{"$error":"#VALUE!"}},{"$f":"SUMIFS('[20]WorkDone DATA'!$L:$L,'[20]WorkDone DATA'!$N:$N,BOQ!BI$6,'[20]WorkDone DATA'!$G:$G,BOQ!$B72)*$G72","v":{"$error":"#VALUE!"}},{"$f":"SUMIFS('[20]WorkDone DATA'!$L:$L,'[20]WorkDone DATA'!$N:$N,BOQ!BJ$6,'[20]WorkDone DATA'!$G:$G,BOQ!$B72)*$G72","v":{"$error":"#VALUE!"}},{"$f":"SUMIFS('[20]WorkDone DATA'!$L:$L,'[20]WorkDone DATA'!$N:$N,BOQ!BK$6,'[20]WorkDone DATA'!$G:$G,BOQ!$B72)*$G72","v":{"$error":"#VALUE!"}},{"$f":"SUMIFS('[20]WorkDone DATA'!$L:$L,'[20]WorkDone DATA'!$N:$N,BOQ!BL$6,'[20]WorkDone DATA'!$G:$G,BOQ!$B72)*$G72","v":{"$error":"#VALUE!"}},{"$f":"SUMIFS('[20]WorkDone DATA'!$L:$L,'[20]WorkDone DATA'!$N:$N,BOQ!BM$6,'[20]WorkDone DATA'!$G:$G,BOQ!$B72)*$G72","v":{"$error":"#VALUE!"}},{"$f":"SUMIFS('[20]WorkDone DATA'!$L:$L,'[20]WorkDone DATA'!$N:$N,BOQ!BN$6,'[20]WorkDone DATA'!$G:$G,BOQ!$B72)*$G72","v":{"$error":"#VALUE!"}},{"$f":"SUMIFS('[20]WorkDone DATA'!$L:$L,'[20]WorkDone DATA'!$N:$N,BOQ!BO$6,'[20]WorkDone DATA'!$G:$G,BOQ!$B72)*$G72","v":{"$error":"#VALUE!"}},{"$f":"SUMIFS('[20]WorkDone DATA'!$L:$L,'[20]WorkDone DATA'!$N:$N,BOQ!BP$6,'[20]WorkDone DATA'!$G:$G,BOQ!$B72)*$G72","v":{"$error":"#VALUE!"}},{"$f":"SUMIFS('[20]WorkDone DATA'!$L:$L,'[20]WorkDone DATA'!$N:$N,BOQ!BQ$6,'[20]WorkDone DATA'!$G:$G,BOQ!$B72)*$G72","v":{"$error":"#VALUE!"}},{"$f":"SUMIFS('[20]WorkDone DATA'!$L:$L,'[20]WorkDone DATA'!$N:$N,BOQ!BR$6,'[20]WorkDone DATA'!$G:$G,BOQ!$B72)*$G72","v":{"$error":"#VALUE!"}},{"$f":"SUMIFS('[20]WorkDone DATA'!$L:$L,'[20]WorkDone DATA'!$N:$N,BOQ!BS$6,'[20]WorkDone DATA'!$G:$G,BOQ!$B72)*$G72","v":{"$error":"#VALUE!"}},{"$f":"SUMIFS('[20]WorkDone DATA'!$L:$L,'[20]WorkDone DATA'!$N:$N,BOQ!BT$6,'[20]WorkDone DATA'!$G:$G,BOQ!$B72)*$G72","v":{"$error":"#VALUE!"}},{"$f":"SUMIFS('[20]WorkDone DATA'!$L:$L,'[20]WorkDone DATA'!$N:$N,BOQ!BU$6,'[20]WorkDone DATA'!$G:$G,BOQ!$B72)*$G72","v":{"$error":"#VALUE!"}},{"$f":"SUMIFS('[20]WorkDone DATA'!$L:$L,'[20]WorkDone DATA'!$N:$N,BOQ!BV$6,'[20]WorkDone DATA'!$G:$G,BOQ!$B72)*$G72","v":{"$error":"#VALUE!"}},{"$f":"SUMIFS('[20]WorkDone DATA'!$L:$L,'[20]WorkDone DATA'!$N:$N,BOQ!BW$6,'[20]WorkDone DATA'!$G:$G,BOQ!$B72)*$G72","v":{"$error":"#VALUE!"}},{"$f":"SUMIFS('[20]WorkDone DATA'!$L:$L,'[20]WorkDone DATA'!$N:$N,BOQ!BX$6,'[20]WorkDone DATA'!$G:$G,BOQ!$B72)*$G72","v":{"$error":"#VALUE!"}}]
[{"$nulls":7},0,{"$nulls":3},{"$error":"#VALUE!"},{"$error":"#VALUE!"},null,0,{"$error":"#VALUE!"},null,{"$f":"SUMIFS('[20]WorkDone DATA'!$L:$L,'[20]WorkDone DATA'!$N:$N,BOQ!S$6,'[20]WorkDone DATA'!$G:$G,BOQ!$B73)","v":{"$error":"#VALUE!"}},{"$error":"#VALUE!"},{"$f":"SUMIFS('[20]WorkDone DATA'!$L:$L,'[20]WorkDone DATA'!$N:$N,BOQ!U$6,'[20]WorkDone DATA'!$G:$G,BOQ!$B73)","v":{"$error":"#VALUE!"}},{"$error":"#VALUE!"},null,{"$f":"SUMIFS('[20]WorkDone DATA'!$L:$L,'[20]WorkDone DATA'!$N:$N,BOQ!W$6,'[20]WorkDone DATA'!$G:$G,BOQ!$B73)*$G73","v":{"$error":"#VALUE!"}},null,{"$f":"SUMIFS('[20]WorkDone DATA'!$L:$L,'[20]WorkDone DATA'!$N:$N,BOQ!Y$6,'[20]WorkDone DATA'!$G:$G,BOQ!$B73)*$G73","v":{"$error":"#VALUE!"}},null,{"$f":"SUMIFS('[20]WorkDone DATA'!$L:$L,'[20]WorkDone DATA'!$N:$N,BOQ!AA$6,'[20]WorkDone DATA'!$G:$G,BOQ!$B73)*$G73","v":{"$error":"#VALUE!"}},{"$f":"SUMIFS('[20]WorkDone DATA'!$L:$L,'[20]WorkDone DATA'!$N:$N,BOQ!AB$6,'[20]WorkDone DATA'!$G:$G,BOQ!$B73)*$G73","v":{"$error":"#VALUE!"}},{"$f":"SUMIFS('[20]WorkDone DATA'!$L:$L,'[20]WorkDone DATA'!$N:$N,BOQ!AC$6,'[20]WorkDone DATA'!$G:$G,BOQ!$B73)*$G73","v":{"$error":"#VALUE!"}},{"$f":"SUMIFS('[20]WorkDone DATA'!$L:$L,'[20]WorkDone DATA'!$N:$N,BOQ!AD$6,'[20]WorkDone DATA'!$G:$G,BOQ!$B73)*$G73","v":{"$error":"#VALUE!"}},{"$f":"SUMIFS('[20]WorkDone DATA'!$L:$L,'[20]WorkDone DATA'!$N:$N,BOQ!AE$6,'[20]WorkDone DATA'!$G:$G,BOQ!$B73)*$G73","v":{"$error":"#VALUE!"}},{"$f":"SUMIFS('[20]WorkDone DATA'!$L:$L,'[20]WorkDone DATA'!$N:$N,BOQ!AF$6,'[20]WorkDone DATA'!$G:$G,BOQ!$B73)*$G73","v":{"$error":"#VALUE!"}},{"$f":"SUMIFS('[20]WorkDone DATA'!$L:$L,'[20]WorkDone DATA'!$N:$N,BOQ!AG$6,'[20]WorkDone DATA'!$G:$G,BOQ!$B73)*$G73","v":{"$error":"#VALUE!"}},{"$f":"SUMIFS('[20]WorkDone DATA'!$L:$L,'[20]WorkDone DATA'!$N:$N,BOQ!AH$6,'[20]WorkDone DATA'!$G:$G,BOQ!$B73)*$G73","v":{"$error":"#VALUE!"}},{"$f":"SUMIFS('[20]WorkDone DATA'!$L:$L,'[20]WorkDone DATA'!$N:$N,BOQ!AI$6,'[20]WorkDone DATA'!$G:$G,BOQ!$B73)*$G73","v":{"$error":"#VALUE!"}},{"$f":"SUMIFS('[20]WorkDone DATA'!$L:$L,'[20]WorkDone DATA'!$N:$N,BOQ!AJ$6,'[20]WorkDone DATA'!$G:$G,BOQ!$B73)*$G73","v":{"$error":"#VALUE!"}},{"$f":"SUMIFS('[20]WorkDone DATA'!$L:$L,'[20]WorkDone DATA'!$N:$N,BOQ!AK$6,'[20]WorkDone DATA'!$G:$G,BOQ!$B73)*$G73","v":{"$error":"#VALUE!"}},{"$f":"SUMIFS('[20]WorkDone DATA'!$L:$L,'[20]WorkDone DATA'!$N:$N,BOQ!AL$6,'[20]WorkDone DATA'!$G:$G,BOQ!$B73)*$G73","v":{"$error":"#VALUE!"}},{"$f":"SUMIFS('[20]WorkDone DATA'!$L:$L,'[20]WorkDone DATA'!$N:$N,BOQ!AM$6,'[20]WorkDone DATA'!$G:$G,BOQ!$B73)*$G73","v":{"$error":"#VALUE!"}},{"$f":"SUMIFS('[20]WorkDone DATA'!$L:$L,'[20]WorkDone DATA'!$N:$N,BOQ!AN$6,'[20]WorkDone DATA'!$G:$G,BOQ!$B73)*$G73","v":{"$error":"#VALUE!"}},{"$f":"SUMIFS('[20]WorkDone DATA'!$L:$L,'[20]WorkDone DATA'!$N:$N,BOQ!AO$6,'[20]WorkDone DATA'!$G:$G,BOQ!$B73)*$G73","v":{"$error":"#VALUE!"}},{"$f":"SUMIFS('[20]WorkDone DATA'!$L:$L,'[20]WorkDone DATA'!$N:$N,BOQ!AP$6,'[20]WorkDone DATA'!$G:$G,BOQ!$B73)*$G73","v":{"$error":"#VALUE!"}},{"$f":"SUMIFS('[20]WorkDone DATA'!$L:$L,'[20]WorkDone DATA'!$N:$N,BOQ!AQ$6,'[20]WorkDone DATA'!$G:$G,BOQ!$B73)*$G73","v":{"$error":"#VALUE!"}},{"$f":"SUMIFS('[20]WorkDone DATA'!$L:$L,'[20]WorkDone DATA'!$N:$N,BOQ!AR$6,'[20]WorkDone DATA'!$G:$G,BOQ!$B73)*$G73","v":{"$error":"#VALUE!"}},{"$f":"SUMIFS('[20]WorkDone DATA'!$L:$L,'[20]WorkDone DATA'!$N:$N,BOQ!AS$6,'[20]WorkDone DATA'!$G:$G,BOQ!$B73)*$G73","v":{"$error":"#VALUE!"}},{"$f":"SUMIFS('[20]WorkDone DATA'!$L:$L,'[20]WorkDone DATA'!$N:$N,BOQ!AT$6,'[20]WorkDone DATA'!$G:$G,BOQ!$B73)*$G73","v":{"$error":"#VALUE!"}},{"$f":"SUMIFS('[20]WorkDone DATA'!$L:$L,'[20]WorkDone DATA'!$N:$N,BOQ!AU$6,'[20]WorkDone DATA'!$G:$G,BOQ!$B73)*$G73","v":{"$error":"#VALUE!"}},{"$f":"SUMIFS('[20]WorkDone DATA'!$L:$L,'[20]WorkDone DATA'!$N:$N,BOQ!AV$6,'[20]WorkDone DATA'!$G:$G,BOQ!$B73)*$G73","v":{"$error":"#VALUE!"}},{"$f":"SUMIFS('[20]WorkDone DATA'!$L:$L,'[20]WorkDone DATA'!$N:$N,BOQ!AW$6,'[20]WorkDone DATA'!$G:$G,BOQ!$B73)*$G73","v":{"$error":"#VALUE!"}},{"$f":"SUMIFS('[20]WorkDone DATA'!$L:$L,'[20]WorkDone DATA'!$N:$N,BOQ!AX$6,'[20]WorkDone DATA'!$G:$G,BOQ!$B73)*$G73","v":{"$error":"#VALUE!"}},{"$f":"SUMIFS('[20]WorkDone DATA'!$L:$L,'[20]WorkDone DATA'!$N:$N,BOQ!AY$6,'[20]WorkDone DATA'!$G:$G,BOQ!$B73)*$G73","v":{"$error":"#VALUE!"}},{"$f":"SUMIFS('[20]WorkDone DATA'!$L:$L,'[20]WorkDone DATA'!$N:$N,BOQ!AZ$6,'[20]WorkDone DATA'!$G:$G,BOQ!$B73)*$G73","v":{"$error":"#VALUE!"}},{"$f":"SUMIFS('[20]WorkDone DATA'!$L:$L,'[20]WorkDone DATA'!$N:$N,BOQ!BA$6,'[20]WorkDone DATA'!$G:$G,BOQ!$B73)*$G73","v":{"$error":"#VALUE!"}},{"$f":"SUMIFS('[20]WorkDone DATA'!$L:$L,'[20]WorkDone DATA'!$N:$N,BOQ!BB$6,'[20]WorkDone DATA'!$G:$G,BOQ!$B73)*$G73","v":{"$error":"#VALUE!"}},{"$f":"SUMIFS('[20]WorkDone DATA'!$L:$L,'[20]WorkDone DATA'!$N:$N,BOQ!BC$6,'[20]WorkDone DATA'!$G:$G,BOQ!$B73)*$G73","v":{"$error":"#VALUE!"}},{"$f":"SUMIFS('[20]WorkDone DATA'!$L:$L,'[20]WorkDone DATA'!$N:$N,BOQ!BD$6,'[20]WorkDone DATA'!$G:$G,BOQ!$B73)*$G73","v":{"$error":"#VALUE!"}},{"$f":"SUMIFS('[20]WorkDone DATA'!$L:$L,'[20]WorkDone DATA'!$N:$N,BOQ!BE$6,'[20]WorkDone DATA'!$G:$G,BOQ!$B73)*$G73","v":{"$error":"#VALUE!"}},{"$f":"SUMIFS('[20]WorkDone DATA'!$L:$L,'[20]WorkDone DATA'!$N:$N,BOQ!BF$6,'[20]WorkDone DATA'!$G:$G,BOQ!$B73)*$G73","v":{"$error":"#VALUE!"}},{"$f":"SUMIFS('[20]WorkDone DATA'!$L:$L,'[20]WorkDone DATA'!$N:$N,BOQ!BG$6,'[20]WorkDone DATA'!$G:$G,BOQ!$B73)*$G73","v":{"$error":"#VALUE!"}},{"$f":"SUMIFS('[20]WorkDone DATA'!$L:$L,'[20]WorkDone DATA'!$N:$N,BOQ!BH$6,'[20]WorkDone DATA'!$G:$G,BOQ!$B73)*$G73","v":{"$error":"#VALUE!"}},{"$f":"SUMIFS('[20]WorkDone DATA'!$L:$L,'[20]WorkDone DATA'!$N:$N,BOQ!BI$6,'[20]WorkDone DATA'!$G:$G,BOQ!$B73)*$G73","v":{"$error":"#VALUE!"}},{"$f":"SUMIFS('[20]WorkDone DATA'!$L:$L,'[20]WorkDone DATA'!$N:$N,BOQ!BJ$6,'[20]WorkDone DATA'!$G:$G,BOQ!$B73)*$G73","v":{"$error":"#VALUE!"}},{"$f":"SUMIFS('[20]WorkDone DATA'!$L:$L,'[20]WorkDone DATA'!$N:$N,BOQ!BK$6,'[20]WorkDone DATA'!$G:$G,BOQ!$B73)*$G73","v":{"$error":"#VALUE!"}},{"$f":"SUMIFS('[20]WorkDone DATA'!$L:$L,'[20]WorkDone DATA'!$N:$N,BOQ!BL$6,'[20]WorkDone DATA'!$G:$G,BOQ!$B73)*$G73","v":{"$error":"#VALUE!"}},{"$f":"SUMIFS('[20]WorkDone DATA'!$L:$L,'[20]WorkDone DATA'!$N:$N,BOQ!BM$6,'[20]WorkDone DATA'!$G:$G,BOQ!$B73)*$G73","v":{"$error":"#VALUE!"}},{"$f":"SUMIFS('[20]WorkDone DATA'!$L:$L,'[20]WorkDone DATA'!$N:$N,BOQ!BN$6,'[20]WorkDone DATA'!$G:$G,BOQ!$B73)*$G73","v":{"$error":"#VALUE!"}},{"$f":"SUMIFS('[20]WorkDone DATA'!$L:$L,'[20]WorkDone DATA'!$N:$N,BOQ!BO$6,'[20]WorkDone DATA'!$G:$G,BOQ!$B73)*$G73","v":{"$error":"#VALUE!"}},{"$f":"SUMIFS('[20]WorkDone DATA'!$L:$L,'[20]WorkDone DATA'!$N:$N,BOQ!BP$6,'[20]WorkDone DATA'!$G:$G,BOQ!$B73)*$G73","v":{"$error":"#VALUE!"}},{"$f":"SUMIFS('[20]WorkDone DATA'!$L:$L,'[20]WorkDone DATA'!$N:$N,BOQ!BQ$6,'[20]WorkDone DATA'!$G:$G,BOQ!$B73)*$G73","v":{"$error":"#VALUE!"}},{"$f":"SUMIFS('[20]WorkDone DATA'!$L:$L,'[20]WorkDone DATA'!$N:$N,BOQ!BR$6,'[20]WorkDone DATA'!$G:$G,BOQ!$B73)*$G73","v":{"$error":"#VALUE!"}},{"$f":"SUMIFS('[20]WorkDone DATA'!$L:$L,'[20]WorkDone DATA'!$N:$N,BOQ!BS$6,'[20]WorkDone DATA'!$G:$G,BOQ!$B73)*$G73","v":{"$error":"#VALUE!"}},{"$f":"SUMIFS('[20]WorkDone DATA'!$L:$L,'[20]WorkDone DATA'!$N:$N,BOQ!BT$6,'[20]WorkDone DATA'!$G:$G,BOQ!$B73)*$G73","v":{"$error":"#VALUE!"}},{"$f":"SUMIFS('[20]WorkDone DATA'!$L:$L,'[20]WorkDone DATA'!$N:$N,BOQ!BU$6,'[20]WorkDone DATA'!$G:$G,BOQ!$B73)*$G73","v":{"$error":"#VALUE!"}},{"$f":"SUMIFS('[20]WorkDone DATA'!$L:$L,'[20]WorkDone DATA'!$N:$N,BOQ!BV$6,'[20]WorkDone DATA'!$G:$G,BOQ!$B73)*$G73","v":{"$error":"#VALUE!"}},{"$f":"SUMIFS('[20]WorkDone DATA'!$L:$L,'[20]WorkDone DATA'!$N:$N,BOQ!BW$6,'[20]WorkDone DATA'!$G:$G,BOQ!$B73)*$G73","v":{"$error":"#VALUE!"}},{"$f":"SUMIFS('[20]WorkDone DATA'!$L:$L,'[20]WorkDone DATA'!$N:$N,BOQ!BX$6,'[20]WorkDone DATA'!$G:$G,BOQ!$B73)*$G73","v":{"$error":"#VALUE!"}}]
[null,null,"Sub-Total for 6 Units",{"$nulls":4},0,{"$nulls":3},{"$error":"#VALUE!"},{"$error":"#VALUE!"},null,0,{"$error":"#VALUE!"},null,{"$f":"SUMIFS('[20]WorkDone DATA'!$L:$L,'[20]WorkDone DATA'!$N:$N,BOQ!S$6,'[20]WorkDone DATA'!$G:$G,BOQ!$B74)","v":{"$error":"#VALUE!"}},{"$error":"#VALUE!"},{"$f":"SUMIFS('[20]WorkDone DATA'!$L:$L,'[20]WorkDone DATA'!$N:$N,BOQ!U$6,'[20]WorkDone DATA'!$G:$G,BOQ!$B74)","v":{"$error":"#VALUE!"}},{"$error":"#VALUE!"},null,{"$f":"SUMIFS('[20]WorkDone DATA'!$L:$L,'[20]WorkDone DATA'!$N:$N,BOQ!W$6,'[20]WorkDone DATA'!$G:$G,BOQ!$B74)*$G74","v":{"$error":"#VALUE!"}},null,{"$f":"SUMIFS('[20]WorkDone DATA'!$L:$L,'[20]WorkDone DATA'!$N:$N,BOQ!Y$6,'[20]WorkDone DATA'!$G:$G,BOQ!$B74)*$G74","v":{"$error":"#VALUE!"}},null,{"$f":"SUMIFS('[20]WorkDone DATA'!$L:$L,'[20]WorkDone DATA'!$N:$N,BOQ!AA$6,'[20]WorkDone DATA'!$G:$G,BOQ!$B74)*$G74","v":{"$error":"#VALUE!"}},{"$f":"SUMIFS('[20]WorkDone DATA'!$L:$L,'[20]WorkDone DATA'!$N:$N,BOQ!AB$6,'[20]WorkDone DATA'!$G:$G,BOQ!$B74)*$G74","v":{"$error":"#VALUE!"}},{"$f":"SUMIFS('[20]WorkDone DATA'!$L:$L,'[20]WorkDone DATA'!$N:$N,BOQ!AC$6,'[20]WorkDone DATA'!$G:$G,BOQ!$B74)*$G74","v":{"$error":"#VALUE!"}},{"$f":"SUMIFS('[20]WorkDone DATA'!$L:$L,'[20]WorkDone DATA'!$N:$N,BOQ!AD$6,'[20]WorkDone DATA'!$G:$G,BOQ!$B74)*$G74","v":{"$error":"#VALUE!"}},{"$f":"SUMIFS('[20]WorkDone DATA'!$L:$L,'[20]WorkDone DATA'!$N:$N,BOQ!AE$6,'[20]WorkDone DATA'!$G:$G,BOQ!$B74)*$G74","v":{"$error":"#VALUE!"}},{"$f":"SUMIFS('[20]WorkDone DATA'!$L:$L,'[20]WorkDone DATA'!$N:$N,BOQ!AF$6,'[20]WorkDone DATA'!$G:$G,BOQ!$B74)*$G74","v":{"$error":"#VALUE!"}},{"$f":"SUMIFS('[20]WorkDone DATA'!$L:$L,'[20]WorkDone DATA'!$N:$N,BOQ!AG$6,'[20]WorkDone DATA'!$G:$G,BOQ!$B74)*$G74","v":{"$error":"#VALUE!"}},{"$f":"SUMIFS('[20]WorkDone DATA'!$L:$L,'[20]WorkDone DATA'!$N:$N,BOQ!AH$6,'[20]WorkDone DATA'!$G:$G,BOQ!$B74)*$G74","v":{"$error":"#VALUE!"}},{"$f":"SUMIFS('[20]WorkDone DATA'!$L:$L,'[20]WorkDone DATA'!$N:$N,BOQ!AI$6,'[20]WorkDone DATA'!$G:$G,BOQ!$B74)*$G74","v":{"$error":"#VALUE!"}},{"$f":"SUMIFS('[20]WorkDone DATA'!$L:$L,'[20]WorkDone DATA'!$N:$N,BOQ!AJ$6,'[20]WorkDone DATA'!$G:$G,BOQ!$B74)*$G74","v":{"$error":"#VALUE!"}},{"$f":"SUMIFS('[20]WorkDone DATA'!$L:$L,'[20]WorkDone DATA'!$N:$N,BOQ!AK$6,'[20]WorkDone DATA'!$G:$G,BOQ!$B74)*$G74","v":{"$error":"#VALUE!"}},{"$f":"SUMIFS('[20]WorkDone DATA'!$L:$L,'[20]WorkDone DATA'!$N:$N,BOQ!AL$6,'[20]WorkDone DATA'!$G:$G,BOQ!$B74)*$G74","v":{"$error":"#VALUE!"}},{"$f":"SUMIFS('[20]WorkDone DATA'!$L:$L,'[20]WorkDone DATA'!$N:$N,BOQ!AM$6,'[20]WorkDone DATA'!$G:$G,BOQ!$B74)*$G74","v":{"$error":"#VALUE!"}},{"$f":"SUMIFS('[20]WorkDone DATA'!$L:$L,'[20]WorkDone DATA'!$N:$N,BOQ!AN$6,'[20]WorkDone DATA'!$G:$G,BOQ!$B74)*$G74","v":{"$error":"#VALUE!"}},{"$f":"SUMIFS('[20]WorkDone DATA'!$L:$L,'[20]WorkDone DATA'!$N:$N,BOQ!AO$6,'[20]WorkDone DATA'!$G:$G,BOQ!$B74)*$G74","v":{"$error":"#VALUE!"}},{"$f":"SUMIFS('[20]WorkDone DATA'!$L:$L,'[20]WorkDone DATA'!$N:$N,BOQ!AP$6,'[20]WorkDone DATA'!$G:$G,BOQ!$B74)*$G74","v":{"$error":"#VALUE!"}},{"$f":"SUMIFS('[20]WorkDone DATA'!$L:$L,'[20]WorkDone DATA'!$N:$N,BOQ!AQ$6,'[20]WorkDone DATA'!$G:$G,BOQ!$B74)*$G74","v":{"$error":"#VALUE!"}},{"$f":"SUMIFS('[20]WorkDone DATA'!$L:$L,'[20]WorkDone DATA'!$N:$N,BOQ!AR$6,'[20]WorkDone DATA'!$G:$G,BOQ!$B74)*$G74","v":{"$error":"#VALUE!"}},{"$f":"SUMIFS('[20]WorkDone DATA'!$L:$L,'[20]WorkDone DATA'!$N:$N,BOQ!AS$6,'[20]WorkDone DATA'!$G:$G,BOQ!$B74)*$G74","v":{"$error":"#VALUE!"}},{"$f":"SUMIFS('[20]WorkDone DATA'!$L:$L,'[20]WorkDone DATA'!$N:$N,BOQ!AT$6,'[20]WorkDone DATA'!$G:$G,BOQ!$B74)*$G74","v":{"$error":"#VALUE!"}},{"$f":"SUMIFS('[20]WorkDone DATA'!$L:$L,'[20]WorkDone DATA'!$N:$N,BOQ!AU$6,'[20]WorkDone DATA'!$G:$G,BOQ!$B74)*$G74","v":{"$error":"#VALUE!"}},{"$f":"SUMIFS('[20]WorkDone DATA'!$L:$L,'[20]WorkDone DATA'!$N:$N,BOQ!AV$6,'[20]WorkDone DATA'!$G:$G,BOQ!$B74)*$G74","v":{"$error":"#VALUE!"}},{"$f":"SUMIFS('[20]WorkDone DATA'!$L:$L,'[20]WorkDone DATA'!$N:$N,BOQ!AW$6,'[20]WorkDone DATA'!$G:$G,BOQ!$B74)*$G74","v":{"$error":"#VALUE!"}},{"$f":"SUMIFS('[20]WorkDone DATA'!$L:$L,'[20]WorkDone DATA'!$N:$N,BOQ!AX$6,'[20]WorkDone DATA'!$G:$G,BOQ!$B74)*$G74","v":{"$error":"#VALUE!"}},{"$f":"SUMIFS('[20]WorkDone DATA'!$L:$L,'[20]WorkDone DATA'!$N:$N,BOQ!AY$6,'[20]WorkDone DATA'!$G:$G,BOQ!$B74)*$G74","v":{"$error":"#VALUE!"}},{"$f":"SUMIFS('[20]WorkDone DATA'!$L:$L,'[20]WorkDone DATA'!$N:$N,BOQ!AZ$6,'[20]WorkDone DATA'!$G:$G,BOQ!$B74)*$G74","v":{"$error":"#VALUE!"}},{"$f":"SUMIFS('[20]WorkDone DATA'!$L:$L,'[20]WorkDone DATA'!$N:$N,BOQ!BA$6,'[20]WorkDone DATA'!$G:$G,BOQ!$B74)*$G74","v":{"$error":"#VALUE!"}},{"$f":"SUMIFS('[20]WorkDone DATA'!$L:$L,'[20]WorkDone DATA'!$N:$N,BOQ!BB$6,'[20]WorkDone DATA'!$G:$G,BOQ!$B74)*$G74","v":{"$error":"#VALUE!"}},{"$f":"SUMIFS('[20]WorkDone DATA'!$L:$L,'[20]WorkDone DATA'!$N:$N,BOQ!BC$6,'[20]WorkDone DATA'!$G:$G,BOQ!$B74)*$G74","v":{"$error":"#VALUE!"}},{"$f":"SUMIFS('[20]WorkDone DATA'!$L:$L,'[20]WorkDone DATA'!$N:$N,BOQ!BD$6,'[20]WorkDone DATA'!$G:$G,BOQ!$B74)*$G74","v":{"$error":"#VALUE!"}},{"$f":"SUMIFS('[20]WorkDone DATA'!$L:$L,'[20]WorkDone DATA'!$N:$N,BOQ!BE$6,'[20]WorkDone DATA'!$G:$G,BOQ!$B74)*$G74","v":{"$error":"#VALUE!"}},{"$f":"SUMIFS('[20]WorkDone DATA'!$L:$L,'[20]WorkDone DATA'!$N:$N,BOQ!BF$6,'[20]WorkDone DATA'!$G:$G,BOQ!$B74)*$G74","v":{"$error":"#VALUE!"}},{"$f":"SUMIFS('[20]WorkDone DATA'!$L:$L,'[20]WorkDone DATA'!$N:$N,BOQ!BG$6,'[20]WorkDone DATA'!$G:$G,BOQ!$B74)*$G74","v":{"$error":"#VALUE!"}},{"$f":"SUMIFS('[20]WorkDone DATA'!$L:$L,'[20]WorkDone DATA'!$N:$N,BOQ!BH$6,'[20]WorkDone DATA'!$G:$G,BOQ!$B74)*$G74","v":{"$error":"#VALUE!"}},{"$f":"SUMIFS('[20]WorkDone DATA'!$L:$L,'[20]WorkDone DATA'!$N:$N,BOQ!BI$6,'[20]WorkDone DATA'!$G:$G,BOQ!$B74)*$G74","v":{"$error":"#VALUE!"}},{"$f":"SUMIFS('[20]WorkDone DATA'!$L:$L,'[20]WorkDone DATA'!$N:$N,BOQ!BJ$6,'[20]WorkDone DATA'!$G:$G,BOQ!$B74)*$G74","v":{"$error":"#VALUE!"}},{"$f":"SUMIFS('[20]WorkDone DATA'!$L:$L,'[20]WorkDone DATA'!$N:$N,BOQ!BK$6,'[20]WorkDone DATA'!$G:$G,BOQ!$B74)*$G74","v":{"$error":"#VALUE!"}},{"$f":"SUMIFS('[20]WorkDone DATA'!$L:$L,'[20]WorkDone DATA'!$N:$N,BOQ!BL$6,'[20]WorkDone DATA'!$G:$G,BOQ!$B74)*$G74","v":{"$error":"#VALUE!"}},{"$f":"SUMIFS('[20]WorkDone DATA'!$L:$L,'[20]WorkDone DATA'!$N:$N,BOQ!BM$6,'[20]WorkDone DATA'!$G:$G,BOQ!$B74)*$G74","v":{"$error":"#VALUE!"}},{"$f":"SUMIFS('[20]WorkDone DATA'!$L:$L,'[20]WorkDone DATA'!$N:$N,BOQ!BN$6,'[20]WorkDone DATA'!$G:$G,BOQ!$B74)*$G74","v":{"$error":"#VALUE!"}},{"$f":"SUMIFS('[20]WorkDone DATA'!$L:$L,'[20]WorkDone DATA'!$N:$N,BOQ!BO$6,'[20]WorkDone DATA'!$G:$G,BOQ!$B74)*$G74","v":{"$error":"#VALUE!"}},{"$f":"SUMIFS('[20]WorkDone DATA'!$L:$L,'[20]WorkDone DATA'!$N:$N,BOQ!BP$6,'[20]WorkDone DATA'!$G:$G,BOQ!$B74)*$G74","v":{"$error":"#VALUE!"}},{"$f":"SUMIFS('[20]WorkDone DATA'!$L:$L,'[20]WorkDone DATA'!$N:$N,BOQ!BQ$6,'[20]WorkDone DATA'!$G:$G,BOQ!$B74)*$G74","v":{"$error":"#VALUE!"}},{"$f":"SUMIFS('[20]WorkDone DATA'!$L:$L,'[20]WorkDone DATA'!$N:$N,BOQ!BR$6,'[20]WorkDone DATA'!$G:$G,BOQ!$B74)*$G74","v":{"$error":"#VALUE!"}},{"$f":"SUMIFS('[20]WorkDone DATA'!$L:$L,'[20]WorkDone DATA'!$N:$N,BOQ!BS$6,'[20]WorkDone DATA'!$G:$G,BOQ!$B74)*$G74","v":{"$error":"#VALUE!"}},{"$f":"SUMIFS('[20]WorkDone DATA'!$L:$L,'[20]WorkDone DATA'!$N:$N,BOQ!BT$6,'[20]WorkDone DATA'!$G:$G,BOQ!$B74)*$G74","v":{"$error":"#VALUE!"}},{"$f":"SUMIFS('[20]WorkDone DATA'!$L:$L,'[20]WorkDone DATA'!$N:$N,BOQ!BU$6,'[20]WorkDone DATA'!$G:$G,BOQ!$B74)*$G74","v":{"$error":"#VALUE!"}},{"$f":"SUMIFS('[20]WorkDone DATA'!$L:$L,'[20]WorkDone DATA'!$N:$N,BOQ!BV$6,'[20]WorkDone DATA'!$G:$G,BOQ!$B74)*$G74","v":{"$error":"#VALUE!"}},{"$f":"SUMIFS('[20]WorkDone DATA'!$L:$L,'[20]WorkDone DATA'!$N:$N,BOQ!BW$6,'[20]WorkDone DATA'!$G:$G,BOQ!$B74)*$G74","v":{"$error":"#VALUE!"}},{"$f":"SUMIFS('[20]WorkDone DATA'!$L:$L,'[20]WorkDone DATA'!$N:$N,BOQ!BX$6,'[20]WorkDone DATA'!$G:$G,BOQ!$B74)*$G74","v":{"$error":"#VALUE!"}}]
[{"$nulls":7},0,{"$nulls":3},{"$error":"#VALUE!"},{"$error":"#VALUE!"},null,0,{"$error":"#VALUE!"},null,{"$f":"SUMIFS('[20]WorkDone DATA'!$L:$L,'[20]WorkDone DATA'!$N:$N,BOQ!S$6,'[20]WorkDone DATA'!$G:$G,BOQ!$B75)","v":{"$error":"#VALUE!"}},{"$error":"#VALUE!"},{"$f":"SUMIFS('[20]WorkDone DATA'!$L:$L,'[20]WorkDone DATA'!$N:$N,BOQ!U$6,'[20]WorkDone DATA'!$G:$G,BOQ!$B75)","v":{"$error":"#VALUE!"}},{"$error":"#VALUE!"},null,{"$f":"SUMIFS('[20]WorkDone DATA'!$L:$L,'[20]WorkDone DATA'!$N:$N,BOQ!W$6,'[20]WorkDone DATA'!$G:$G,BOQ!$B75)*$G75","v":{"$error":"#VALUE!"}},null,{"$f":"SUMIFS('[20]WorkDone DATA'!$L:$L,'[20]WorkDone DATA'!$N:$N,BOQ!Y$6,'[20]WorkDone DATA'!$G:$G,BOQ!$B75)*$G75","v":{"$error":"#VALUE!"}},null,{"$f":"SUMIFS('[20]WorkDone DATA'!$L:$L,'[20]WorkDone DATA'!$N:$N,BOQ!AA$6,'[20]WorkDone DATA'!$G:$G,BOQ!$B75)*$G75","v":{"$error":"#VALUE!"}},{"$f":"SUMIFS('[20]WorkDone DATA'!$L:$L,'[20]WorkDone DATA'!$N:$N,BOQ!AB$6,'[20]WorkDone DATA'!$G:$G,BOQ!$B75)*$G75","v":{"$error":"#VALUE!"}},{"$f":"SUMIFS('[20]WorkDone DATA'!$L:$L,'[20]WorkDone DATA'!$N:$N,BOQ!AC$6,'[20]WorkDone DATA'!$G:$G,BOQ!$B75)*$G75","v":{"$error":"#VALUE!"}},{"$f":"SUMIFS('[20]WorkDone DATA'!$L:$L,'[20]WorkDone DATA'!$N:$N,BOQ!AD$6,'[20]WorkDone DATA'!$G:$G,BOQ!$B75)*$G75","v":{"$error":"#VALUE!"}},{"$f":"SUMIFS('[20]WorkDone DATA'!$L:$L,'[20]WorkDone DATA'!$N:$N,BOQ!AE$6,'[20]WorkDone DATA'!$G:$G,BOQ!$B75)*$G75","v":{"$error":"#VALUE!"}},{"$f":"SUMIFS('[20]WorkDone DATA'!$L:$L,'[20]WorkDone DATA'!$N:$N,BOQ!AF$6,'[20]WorkDone DATA'!$G:$G,BOQ!$B75)*$G75","v":{"$error":"#VALUE!"}},{"$f":"SUMIFS('[20]WorkDone DATA'!$L:$L,'[20]WorkDone DATA'!$N:$N,BOQ!AG$6,'[20]WorkDone DATA'!$G:$G,BOQ!$B75)*$G75","v":{"$error":"#VALUE!"}},{"$f":"SUMIFS('[20]WorkDone DATA'!$L:$L,'[20]WorkDone DATA'!$N:$N,BOQ!AH$6,'[20]WorkDone DATA'!$G:$G,BOQ!$B75)*$G75","v":{"$error":"#VALUE!"}},{"$f":"SUMIFS('[20]WorkDone DATA'!$L:$L,'[20]WorkDone DATA'!$N:$N,BOQ!AI$6,'[20]WorkDone DATA'!$G:$G,BOQ!$B75)*$G75","v":{"$error":"#VALUE!"}},{"$f":"SUMIFS('[20]WorkDone DATA'!$L:$L,'[20]WorkDone DATA'!$N:$N,BOQ!AJ$6,'[20]WorkDone DATA'!$G:$G,BOQ!$B75)*$G75","v":{"$error":"#VALUE!"}},{"$f":"SUMIFS('[20]WorkDone DATA'!$L:$L,'[20]WorkDone DATA'!$N:$N,BOQ!AK$6,'[20]WorkDone DATA'!$G:$G,BOQ!$B75)*$G75","v":{"$error":"#VALUE!"}},{"$f":"SUMIFS('[20]WorkDone DATA'!$L:$L,'[20]WorkDone DATA'!$N:$N,BOQ!AL$6,'[20]WorkDone DATA'!$G:$G,BOQ!$B75)*$G75","v":{"$error":"#VALUE!"}},{"$f":"SUMIFS('[20]WorkDone DATA'!$L:$L,'[20]WorkDone DATA'!$N:$N,BOQ!AM$6,'[20]WorkDone DATA'!$G:$G,BOQ!$B75)*$G75","v":{"$error":"#VALUE!"}},{"$f":"SUMIFS('[20]WorkDone DATA'!$L:$L,'[20]WorkDone DATA'!$N:$N,BOQ!AN$6,'[20]WorkDone DATA'!$G:$G,BOQ!$B75)*$G75","v":{"$error":"#VALUE!"}},{"$f":"SUMIFS('[20]WorkDone DATA'!$L:$L,'[20]WorkDone DATA'!$N:$N,BOQ!AO$6,'[20]WorkDone DATA'!$G:$G,BOQ!$B75)*$G75","v":{"$error":"#VALUE!"}},{"$f":"SUMIFS('[20]WorkDone DATA'!$L:$L,'[20]WorkDone DATA'!$N:$N,BOQ!AP$6,'[20]WorkDone DATA'!$G:$G,BOQ!$B75)*$G75","v":{"$error":"#VALUE!"}},{"$f":"SUMIFS('[20]WorkDone DATA'!$L:$L,'[20]WorkDone DATA'!$N:$N,BOQ!AQ$6,'[20]WorkDone DATA'!$G:$G,BOQ!$B75)*$G75","v":{"$error":"#VALUE!"}},{"$f":"SUMIFS('[20]WorkDone DATA'!$L:$L,'[20]WorkDone DATA'!$N:$N,BOQ!AR$6,'[20]WorkDone DATA'!$G:$G,BOQ!$B75)*$G75","v":{"$error":"#VALUE!"}},{"$f":"SUMIFS('[20]WorkDone DATA'!$L:$L,'[20]WorkDone DATA'!$N:$N,BOQ!AS$6,'[20]WorkDone DATA'!$G:$G,BOQ!$B75)*$G75","v":{"$error":"#VALUE!"}},{"$f":"SUMIFS('[20]WorkDone DATA'!$L:$L,'[20]WorkDone DATA'!$N:$N,BOQ!AT$6,'[20]WorkDone DATA'!$G:$G,BOQ!$B75)*$G75","v":{"$error":"#VALUE!"}},{"$f":"SUMIFS('[20]WorkDone DATA'!$L:$L,'[20]WorkDone DATA'!$N:$N,BOQ!AU$6,'[20]WorkDone DATA'!$G:$G,BOQ!$B75)*$G75","v":{"$error":"#VALUE!"}},{"$f":"SUMIFS('[20]WorkDone DATA'!$L:$L,'[20]WorkDone DATA'!$N:$N,BOQ!AV$6,'[20]WorkDone DATA'!$G:$G,BOQ!$B75)*$G75","v":{"$error":"#VALUE!"}},{"$f":"SUMIFS('[20]WorkDone DATA'!$L:$L,'[20]WorkDone DATA'!$N:$N,BOQ!AW$6,'[20]WorkDone DATA'!$G:$G,BOQ!$B75)*$G75","v":{"$error":"#VALUE!"}},{"$f":"SUMIFS('[20]WorkDone DATA'!$L:$L,'[20]WorkDone DATA'!$N:$N,BOQ!AX$6,'[20]WorkDone DATA'!$G:$G,BOQ!$B75)*$G75","v":{"$error":"#VALUE!"}},{"$f":"SUMIFS('[20]WorkDone DATA'!$L:$L,'[20]WorkDone DATA'!$N:$N,BOQ!AY$6,'[20]WorkDone DATA'!$G:$G,BOQ!$B75)*$G75","v":{"$error":"#VALUE!"}},{"$f":"SUMIFS('[20]WorkDone DATA'!$L:$L,'[20]WorkDone DATA'!$N:$N,BOQ!AZ$6,'[20]WorkDone DATA'!$G:$G,BOQ!$B75)*$G75","v":{"$error":"#VALUE!"}},{"$f":"SUMIFS('[20]WorkDone DATA'!$L:$L,'[20]WorkDone DATA'!$N:$N,BOQ!BA$6,'[20]WorkDone DATA'!$G:$G,BOQ!$B75)*$G75","v":{"$error":"#VALUE!"}},{"$f":"SUMIFS('[20]WorkDone DATA'!$L:$L,'[20]WorkDone DATA'!$N:$N,BOQ!BB$6,'[20]WorkDone DATA'!$G:$G,BOQ!$B75)*$G75","v":{"$error":"#VALUE!"}},{"$f":"SUMIFS('[20]WorkDone DATA'!$L:$L,'[20]WorkDone DATA'!$N:$N,BOQ!BC$6,'[20]WorkDone DATA'!$G:$G,BOQ!$B75)*$G75","v":{"$error":"#VALUE!"}},{"$f":"SUMIFS('[20]WorkDone DATA'!$L:$L,'[20]WorkDone DATA'!$N:$N,BOQ!BD$6,'[20]WorkDone DATA'!$G:$G,BOQ!$B75)*$G75","v":{"$error":"#VALUE!"}},{"$f":"SUMIFS('[20]WorkDone DATA'!$L:$L,'[20]WorkDone DATA'!$N:$N,BOQ!BE$6,'[20]WorkDone DATA'!$G:$G,BOQ!$B75)*$G75","v":{"$error":"#VALUE!"}},{"$f":"SUMIFS('[20]WorkDone DATA'!$L:$L,'[20]WorkDone DATA'!$N:$N,BOQ!BF$6,'[20]WorkDone DATA'!$G:$G,BOQ!$B75)*$G75","v":{"$error":"#VALUE!"}},{"$f":"SUMIFS('[20]WorkDone DATA'!$L:$L,'[20]WorkDone DATA'!$N:$N,BOQ!BG$6,'[20]WorkDone DATA'!$G:$G,BOQ!$B75)*$G75","v":{"$error":"#VALUE!"}},{"$f":"SUMIFS('[20]WorkDone DATA'!$L:$L,'[20]WorkDone DATA'!$N:$N,BOQ!BH$6,'[20]WorkDone DATA'!$G:$G,BOQ!$B75)*$G75","v":{"$error":"#VALUE!"}},{"$f":"SUMIFS('[20]WorkDone DATA'!$L:$L,'[20]WorkDone DATA'!$N:$N,BOQ!BI$6,'[20]WorkDone DATA'!$G:$G,BOQ!$B75)*$G75","v":{"$error":"#VALUE!"}},{"$f":"SUMIFS('[20]WorkDone DATA'!$L:$L,'[20]WorkDone DATA'!$N:$N,BOQ!BJ$6,'[20]WorkDone DATA'!$G:$G,BOQ!$B75)*$G75","v":{"$error":"#VALUE!"}},{"$f":"SUMIFS('[20]WorkDone DATA'!$L:$L,'[20]WorkDone DATA'!$N:$N,BOQ!BK$6,'[20]WorkDone DATA'!$G:$G,BOQ!$B75)*$G75","v":{"$error":"#VALUE!"}},{"$f":"SUMIFS('[20]WorkDone DATA'!$L:$L,'[20]WorkDone DATA'!$N:$N,BOQ!BL$6,'[20]WorkDone DATA'!$G:$G,BOQ!$B75)*$G75","v":{"$error":"#VALUE!"}},{"$f":"SUMIFS('[20]WorkDone DATA'!$L:$L,'[20]WorkDone DATA'!$N:$N,BOQ!BM$6,'[20]WorkDone DATA'!$G:$G,BOQ!$B75)*$G75","v":{"$error":"#VALUE!"}},{"$f":"SUMIFS('[20]WorkDone DATA'!$L:$L,'[20]WorkDone DATA'!$N:$N,BOQ!BN$6,'[20]WorkDone DATA'!$G:$G,BOQ!$B75)*$G75","v":{"$error":"#VALUE!"}},{"$f":"SUMIFS('[20]WorkDone DATA'!$L:$L,'[20]WorkDone DATA'!$N:$N,BOQ!BO$6,'[20]WorkDone DATA'!$G:$G,BOQ!$B75)*$G75","v":{"$error":"#VALUE!"}},{"$f":"SUMIFS('[20]WorkDone DATA'!$L:$L,'[20]WorkDone DATA'!$N:$N,BOQ!BP$6,'[20]WorkDone DATA'!$G:$G,BOQ!$B75)*$G75","v":{"$error":"#VALUE!"}},{"$f":"SUMIFS('[20]WorkDone DATA'!$L:$L,'[20]WorkDone DATA'!$N:$N,BOQ!BQ$6,'[20]WorkDone DATA'!$G:$G,BOQ!$B75)*$G75","v":{"$error":"#VALUE!"}},{"$f":"SUMIFS('[20]WorkDone DATA'!$L:$L,'[20]WorkDone DATA'!$N:$N,BOQ!BR$6,'[20]WorkDone DATA'!$G:$G,BOQ!$B75)*$G75","v":{"$error":"#VALUE!"}},{"$f":"SUMIFS('[20]WorkDone DATA'!$L:$L,'[20]WorkDone DATA'!$N:$N,BOQ!BS$6,'[20]WorkDone DATA'!$G:$G,BOQ!$B75)*$G75","v":{"$error":"#VALUE!"}},{"$f":"SUMIFS('[20]WorkDone DATA'!$L:$L,'[20]WorkDone DATA'!$N:$N,BOQ!BT$6,'[20]WorkDone DATA'!$G:$G,BOQ!$B75)*$G75","v":{"$error":"#VALUE!"}},{"$f":"SUMIFS('[20]WorkDone DATA'!$L:$L,'[20]WorkDone DATA'!$N:$N,BOQ!BU$6,'[20]WorkDone DATA'!$G:$G,BOQ!$B75)*$G75","v":{"$error":"#VALUE!"}},{"$f":"SUMIFS('[20]WorkDone DATA'!$L:$L,'[20]WorkDone DATA'!$N:$N,BOQ!BV$6,'[20]WorkDone DATA'!$G:$G,BOQ!$B75)*$G75","v":{"$error":"#VALUE!"}},{"$f":"SUMIFS('[20]WorkDone DATA'!$L:$L,'[20]WorkDone DATA'!$N:$N,BOQ!BW$6,'[20]WorkDone DATA'!$G:$G,BOQ!$B75)*$G75","v":{"$error":"#VALUE!"}},{"$f":"SUMIFS('[20]WorkDone DATA'!$L:$L,'[20]WorkDone DATA'!$N:$N,BOQ!BX$6,'[20]WorkDone DATA'!$G:$G,BOQ!$B75)*$G75","v":{"$error":"#VALUE!"}}]
[null,null,"MV Cables Joints",{"$nulls":4},{"$f":"G76*F76","v":0},{"$nulls":3},{"$f":"SUMIF(R69:Y69,S69,R76:Y76)","v":{"$error":"#VALUE!"}},{"$f":"SUMIF(R69:BX69,S69,R76:BX76)","v":{"$error":"#VALUE!"}},null,{"$f":"F76-K76","v":0},{"$f":"H76-M76","v":{"$error":"#VALUE!"}},null,{"$f":"SUMIFS('[20]WorkDone DATA'!$L:$L,'[20]WorkDone DATA'!$N:$N,BOQ!S$6,'[20]WorkDone DATA'!$G:$G,BOQ!$B76)","v":{"$error":"#VALUE!"}},{"$f":"R76*G76","v":{"$error":"#VALUE!"}},{"$f":"SUMIFS('[20]WorkDone DATA'!$L:$L,'[20]WorkDone DATA'!$N:$N,BOQ!U$6,'[20]WorkDone DATA'!$G:$G,BOQ!$B76)","v":{"$error":"#VALUE!"}},{"$error":"#VALUE!"},null,{"$f":"SUMIFS('[20]WorkDone DATA'!$L:$L,'[20]WorkDone DATA'!$N:$N,BOQ!W$6,'[20]WorkDone DATA'!$G:$G,BOQ!$B76)*$G76","v":{"$error":"#VALUE!"}},null,{"$f":"SUMIFS('[20]WorkDone DATA'!$L:$L,'[20]WorkDone DATA'!$N:$N,BOQ!Y$6,'[20]WorkDone DATA'!$G:$G,BOQ!$B76)*$G76","v":{"$error":"#VALUE!"}},null,{"$f":"SUMIFS('[20]WorkDone DATA'!$L:$L,'[20]WorkDone DATA'!$N:$N,BOQ!AA$6,'[20]WorkDone DATA'!$G:$G,BOQ!$B76)*$G76","v":{"$error":"#VALUE!"}},{"$f":"SUMIFS('[20]WorkDone DATA'!$L:$L,'[20]WorkDone DATA'!$N:$N,BOQ!AB$6,'[20]WorkDone DATA'!$G:$G,BOQ!$B76)*$G76","v":{"$error":"#VALUE!"}},{"$f":"SUMIFS('[20]WorkDone DATA'!$L:$L,'[20]WorkDone DATA'!$N:$N,BOQ!AC$6,'[20]WorkDone DATA'!$G:$G,BOQ!$B76)*$G76","v":{"$error":"#VALUE!"}},{"$f":"SUMIFS('[20]WorkDone DATA'!$L:$L,'[20]WorkDone DATA'!$N:$N,BOQ!AD$6,'[20]WorkDone DATA'!$G:$G,BOQ!$B76)*$G76","v":{"$error":"#VALUE!"}},{"$f":"SUMIFS('[20]WorkDone DATA'!$L:$L,'[20]WorkDone DATA'!$N:$N,BOQ!AE$6,'[20]WorkDone DATA'!$G:$G,BOQ!$B76)*$G76","v":{"$error":"#VALUE!"}},{"$f":"SUMIFS('[20]WorkDone DATA'!$L:$L,'[20]WorkDone DATA'!$N:$N,BOQ!AF$6,'[20]WorkDone DATA'!$G:$G,BOQ!$B76)*$G76","v":{"$error":"#VALUE!"}},{"$f":"SUMIFS('[20]WorkDone DATA'!$L:$L,'[20]WorkDone DATA'!$N:$N,BOQ!AG$6,'[20]WorkDone DATA'!$G:$G,BOQ!$B76)*$G76","v":{"$error":"#VALUE!"}},{"$f":"SUMIFS('[20]WorkDone DATA'!$L:$L,'[20]WorkDone DATA'!$N:$N,BOQ!AH$6,'[20]WorkDone DATA'!$G:$G,BOQ!$B76)*$G76","v":{"$error":"#VALUE!"}},{"$f":"SUMIFS('[20]WorkDone DATA'!$L:$L,'[20]WorkDone DATA'!$N:$N,BOQ!AI$6,'[20]WorkDone DATA'!$G:$G,BOQ!$B76)*$G76","v":{"$error":"#VALUE!"}},{"$f":"SUMIFS('[20]WorkDone DATA'!$L:$L,'[20]WorkDone DATA'!$N:$N,BOQ!AJ$6,'[20]WorkDone DATA'!$G:$G,BOQ!$B76)*$G76","v":{"$error":"#VALUE!"}},{"$f":"SUMIFS('[20]WorkDone DATA'!$L:$L,'[20]WorkDone DATA'!$N:$N,BOQ!AK$6,'[20]WorkDone DATA'!$G:$G,BOQ!$B76)*$G76","v":{"$error":"#VALUE!"}},{"$f":"SUMIFS('[20]WorkDone DATA'!$L:$L,'[20]WorkDone DATA'!$N:$N,BOQ!AL$6,'[20]WorkDone DATA'!$G:$G,BOQ!$B76)*$G76","v":{"$error":"#VALUE!"}},{"$f":"SUMIFS('[20]WorkDone DATA'!$L:$L,'[20]WorkDone DATA'!$N:$N,BOQ!AM$6,'[20]WorkDone DATA'!$G:$G,BOQ!$B76)*$G76","v":{"$error":"#VALUE!"}},{"$f":"SUMIFS('[20]WorkDone DATA'!$L:$L,'[20]WorkDone DATA'!$N:$N,BOQ!AN$6,'[20]WorkDone DATA'!$G:$G,BOQ!$B76)*$G76","v":{"$error":"#VALUE!"}},{"$f":"SUMIFS('[20]WorkDone DATA'!$L:$L,'[20]WorkDone DATA'!$N:$N,BOQ!AO$6,'[20]WorkDone DATA'!$G:$G,BOQ!$B76)*$G76","v":{"$error":"#VALUE!"}},{"$f":"SUMIFS('[20]WorkDone DATA'!$L:$L,'[20]WorkDone DATA'!$N:$N,BOQ!AP$6,'[20]WorkDone DATA'!$G:$G,BOQ!$B76)*$G76","v":{"$error":"#VALUE!"}},{"$f":"SUMIFS('[20]WorkDone DATA'!$L:$L,'[20]WorkDone DATA'!$N:$N,BOQ!AQ$6,'[20]WorkDone DATA'!$G:$G,BOQ!$B76)*$G76","v":{"$error":"#VALUE!"}},{"$f":"SUMIFS('[20]WorkDone DATA'!$L:$L,'[20]WorkDone DATA'!$N:$N,BOQ!AR$6,'[20]WorkDone DATA'!$G:$G,BOQ!$B76)*$G76","v":{"$error":"#VALUE!"}},{"$f":"SUMIFS('[20]WorkDone DATA'!$L:$L,'[20]WorkDone DATA'!$N:$N,BOQ!AS$6,'[20]WorkDone DATA'!$G:$G,BOQ!$B76)*$G76","v":{"$error":"#VALUE!"}},{"$f":"SUMIFS('[20]WorkDone DATA'!$L:$L,'[20]WorkDone DATA'!$N:$N,BOQ!AT$6,'[20]WorkDone DATA'!$G:$G,BOQ!$B76)*$G76","v":{"$error":"#VALUE!"}},{"$f":"SUMIFS('[20]WorkDone DATA'!$L:$L,'[20]WorkDone DATA'!$N:$N,BOQ!AU$6,'[20]WorkDone DATA'!$G:$G,BOQ!$B76)*$G76","v":{"$error":"#VALUE!"}},{"$f":"SUMIFS('[20]WorkDone DATA'!$L:$L,'[20]WorkDone DATA'!$N:$N,BOQ!AV$6,'[20]WorkDone DATA'!$G:$G,BOQ!$B76)*$G76","v":{"$error":"#VALUE!"}},{"$f":"SUMIFS('[20]WorkDone DATA'!$L:$L,'[20]WorkDone DATA'!$N:$N,BOQ!AW$6,'[20]WorkDone DATA'!$G:$G,BOQ!$B76)*$G76","v":{"$error":"#VALUE!"}},{"$f":"SUMIFS('[20]WorkDone DATA'!$L:$L,'[20]WorkDone DATA'!$N:$N,BOQ!AX$6,'[20]WorkDone DATA'!$G:$G,BOQ!$B76)*$G76","v":{"$error":"#VALUE!"}},{"$f":"SUMIFS('[20]WorkDone DATA'!$L:$L,'[20]WorkDone DATA'!$N:$N,BOQ!AY$6,'[20]WorkDone DATA'!$G:$G,BOQ!$B76)*$G76","v":{"$error":"#VALUE!"}},{"$f":"SUMIFS('[20]WorkDone DATA'!$L:$L,'[20]WorkDone DATA'!$N:$N,BOQ!AZ$6,'[20]WorkDone DATA'!$G:$G,BOQ!$B76)*$G76","v":{"$error":"#VALUE!"}},{"$f":"SUMIFS('[20]WorkDone DATA'!$L:$L,'[20]WorkDone DATA'!$N:$N,BOQ!BA$6,'[20]WorkDone DATA'!$G:$G,BOQ!$B76)*$G76","v":{"$error":"#VALUE!"}},{"$f":"SUMIFS('[20]WorkDone DATA'!$L:$L,'[20]WorkDone DATA'!$N:$N,BOQ!BB$6,'[20]WorkDone DATA'!$G:$G,BOQ!$B76)*$G76","v":{"$error":"#VALUE!"}},{"$f":"SUMIFS('[20]WorkDone DATA'!$L:$L,'[20]WorkDone DATA'!$N:$N,BOQ!BC$6,'[20]WorkDone DATA'!$G:$G,BOQ!$B76)*$G76","v":{"$error":"#VALUE!"}},{"$f":"SUMIFS('[20]WorkDone DATA'!$L:$L,'[20]WorkDone DATA'!$N:$N,BOQ!BD$6,'[20]WorkDone DATA'!$G:$G,BOQ!$B76)*$G76","v":{"$error":"#VALUE!"}},{"$f":"SUMIFS('[20]WorkDone DATA'!$L:$L,'[20]WorkDone DATA'!$N:$N,BOQ!BE$6,'[20]WorkDone DATA'!$G:$G,BOQ!$B76)*$G76","v":{"$error":"#VALUE!"}},{"$f":"SUMIFS('[20]WorkDone DATA'!$L:$L,'[20]WorkDone DATA'!$N:$N,BOQ!BF$6,'[20]WorkDone DATA'!$G:$G,BOQ!$B76)*$G76","v":{"$error":"#VALUE!"}},{"$f":"SUMIFS('[20]WorkDone DATA'!$L:$L,'[20]WorkDone DATA'!$N:$N,BOQ!BG$6,'[20]WorkDone DATA'!$G:$G,BOQ!$B76)*$G76","v":{"$error":"#VALUE!"}},{"$f":"SUMIFS('[20]WorkDone DATA'!$L:$L,'[20]WorkDone DATA'!$N:$N,BOQ!BH$6,'[20]WorkDone DATA'!$G:$G,BOQ!$B76)*$G76","v":{"$error":"#VALUE!"}},{"$f":"SUMIFS('[20]WorkDone DATA'!$L:$L,'[20]WorkDone DATA'!$N:$N,BOQ!BI$6,'[20]WorkDone DATA'!$G:$G,BOQ!$B76)*$G76","v":{"$error":"#VALUE!"}},{"$f":"SUMIFS('[20]WorkDone DATA'!$L:$L,'[20]WorkDone DATA'!$N:$N,BOQ!BJ$6,'[20]WorkDone DATA'!$G:$G,BOQ!$B76)*$G76","v":{"$error":"#VALUE!"}},{"$f":"SUMIFS('[20]WorkDone DATA'!$L:$L,'[20]WorkDone DATA'!$N:$N,BOQ!BK$6,'[20]WorkDone DATA'!$G:$G,BOQ!$B76)*$G76","v":{"$error":"#VALUE!"}},{"$f":"SUMIFS('[20]WorkDone DATA'!$L:$L,'[20]WorkDone DATA'!$N:$N,BOQ!BL$6,'[20]WorkDone DATA'!$G:$G,BOQ!$B76)*$G76","v":{"$error":"#VALUE!"}},{"$f":"SUMIFS('[20]WorkDone DATA'!$L:$L,'[20]WorkDone DATA'!$N:$N,BOQ!BM$6,'[20]WorkDone DATA'!$G:$G,BOQ!$B76)*$G76","v":{"$error":"#VALUE!"}},{"$f":"SUMIFS('[20]WorkDone DATA'!$L:$L,'[20]WorkDone DATA'!$N:$N,BOQ!BN$6,'[20]WorkDone DATA'!$G:$G,BOQ!$B76)*$G76","v":{"$error":"#VALUE!"}},{"$f":"SUMIFS('[20]WorkDone DATA'!$L:$L,'[20]WorkDone DATA'!$N:$N,BOQ!BO$6,'[20]WorkDone DATA'!$G:$G,BOQ!$B76)*$G76","v":{"$error":"#VALUE!"}},{"$f":"SUMIFS('[20]WorkDone DATA'!$L:$L,'[20]WorkDone DATA'!$N:$N,BOQ!BP$6,'[20]WorkDone DATA'!$G:$G,BOQ!$B76)*$G76","v":{"$error":"#VALUE!"}},{"$f":"SUMIFS('[20]WorkDone DATA'!$L:$L,'[20]WorkDone DATA'!$N:$N,BOQ!BQ$6,'[20]WorkDone DATA'!$G:$G,BOQ!$B76)*$G76","v":{"$error":"#VALUE!"}},{"$f":"SUMIFS('[20]WorkDone DATA'!$L:$L,'[20]WorkDone DATA'!$N:$N,BOQ!BR$6,'[20]WorkDone DATA'!$G:$G,BOQ!$B76)*$G76","v":{"$error":"#VALUE!"}},{"$f":"SUMIFS('[20]WorkDone DATA'!$L:$L,'[20]WorkDone DATA'!$N:$N,BOQ!BS$6,'[20]WorkDone DATA'!$G:$G,BOQ!$B76)*$G76","v":{"$error":"#VALUE!"}},{"$f":"SUMIFS('[20]WorkDone DATA'!$L:$L,'[20]WorkDone DATA'!$N:$N,BOQ!BT$6,'[20]WorkDone DATA'!$G:$G,BOQ!$B76)*$G76","v":{"$error":"#VALUE!"}},{"$f":"SUMIFS('[20]WorkDone DATA'!$L:$L,'[20]WorkDone DATA'!$N:$N,BOQ!BU$6,'[20]WorkDone DATA'!$G:$G,BOQ!$B76)*$G76","v":{"$error":"#VALUE!"}},{"$f":"SUMIFS('[20]WorkDone DATA'!$L:$L,'[20]WorkDone DATA'!$N:$N,BOQ!BV$6,'[20]WorkDone DATA'!$G:$G,BOQ!$B76)*$G76","v":{"$error":"#VALUE!"}},{"$f":"SUMIFS('[20]WorkDone DATA'!$L:$L,'[20]WorkDone DATA'!$N:$N,BOQ!BW$6,'[20]WorkDone DATA'!$G:$G,BOQ!$B76)*$G76","v":{"$error":"#VALUE!"}},{"$f":"SUMIFS('[20]WorkDone DATA'!$L:$L,'[20]WorkDone DATA'!$N:$N,BOQ!BX$6,'[20]WorkDone DATA'!$G:$G,BOQ!$B76)*$G76","v":{"$error":"#VALUE!"}}]
[null,null,"Inline Tri-furcation joint complete for 11kV PILC to XLPE stranded copper cable (Ferrules)",{"$nulls":4},0,{"$nulls":3},{"$error":"#VALUE!"},{"$error":"#VALUE!"},null,0,{"$error":"#VALUE!"},null,{"$f":"SUMIFS('[20]WorkDone DATA'!$L:$L,'[20]WorkDone DATA'!$N:$N,BOQ!S$6,'[20]WorkDone DATA'!$G:$G,BOQ!$B77)","v":{"$error":"#VALUE!"}},{"$error":"#VALUE!"},{"$f":"SUMIFS('[20]WorkDone DATA'!$L:$L,'[20]WorkDone DATA'!$N:$N,BOQ!U$6,'[20]WorkDone DATA'!$G:$G,BOQ!$B77)","v":{"$error":"#VALUE!"}},{"$f":"T77*G77","v":{"$error":"#VALUE!"}},null,{"$f":"SUMIFS('[20]WorkDone DATA'!$L:$L,'[20]WorkDone DATA'!$N:$N,BOQ!W$6,'[20]WorkDone DATA'!$G:$G,BOQ!$B77)*$G77","v":{"$error":"#VALUE!"}},null,{"$f":"SUMIFS('[20]WorkDone DATA'!$L:$L,'[20]WorkDone DATA'!$N:$N,BOQ!Y$6,'[20]WorkDone DATA'!$G:$G,BOQ!$B77)*$G77","v":{"$error":"#VALUE!"}},null,{"$f":"SUMIFS('[20]WorkDone DATA'!$L:$L,'[20]WorkDone DATA'!$N:$N,BOQ!AA$6,'[20]WorkDone DATA'!$G:$G,BOQ!$B77)*$G77","v":{"$error":"#VALUE!"}},{"$f":"SUMIFS('[20]WorkDone DATA'!$L:$L,'[20]WorkDone DATA'!$N:$N,BOQ!AB$6,'[20]WorkDone DATA'!$G:$G,BOQ!$B77)*$G77","v":{"$error":"#VALUE!"}},{"$f":"SUMIFS('[20]WorkDone DATA'!$L:$L,'[20]WorkDone DATA'!$N:$N,BOQ!AC$6,'[20]WorkDone DATA'!$G:$G,BOQ!$B77)*$G77","v":{"$error":"#VALUE!"}},{"$f":"SUMIFS('[20]WorkDone DATA'!$L:$L,'[20]WorkDone DATA'!$N:$N,BOQ!AD$6,'[20]WorkDone DATA'!$G:$G,BOQ!$B77)*$G77","v":{"$error":"#VALUE!"}},{"$f":"SUMIFS('[20]WorkDone DATA'!$L:$L,'[20]WorkDone DATA'!$N:$N,BOQ!AE$6,'[20]WorkDone DATA'!$G:$G,BOQ!$B77)*$G77","v":{"$error":"#VALUE!"}},{"$f":"SUMIFS('[20]WorkDone DATA'!$L:$L,'[20]WorkDone DATA'!$N:$N,BOQ!AF$6,'[20]WorkDone DATA'!$G:$G,BOQ!$B77)*$G77","v":{"$error":"#VALUE!"}},{"$f":"SUMIFS('[20]WorkDone DATA'!$L:$L,'[20]WorkDone DATA'!$N:$N,BOQ!AG$6,'[20]WorkDone DATA'!$G:$G,BOQ!$B77)*$G77","v":{"$error":"#VALUE!"}},{"$f":"SUMIFS('[20]WorkDone DATA'!$L:$L,'[20]WorkDone DATA'!$N:$N,BOQ!AH$6,'[20]WorkDone DATA'!$G:$G,BOQ!$B77)*$G77","v":{"$error":"#VALUE!"}},{"$f":"SUMIFS('[20]WorkDone DATA'!$L:$L,'[20]WorkDone DATA'!$N:$N,BOQ!AI$6,'[20]WorkDone DATA'!$G:$G,BOQ!$B77)*$G77","v":{"$error":"#VALUE!"}},{"$f":"SUMIFS('[20]WorkDone DATA'!$L:$L,'[20]WorkDone DATA'!$N:$N,BOQ!AJ$6,'[20]WorkDone DATA'!$G:$G,BOQ!$B77)*$G77","v":{"$error":"#VALUE!"}},{"$f":"SUMIFS('[20]WorkDone DATA'!$L:$L,'[20]WorkDone DATA'!$N:$N,BOQ!AK$6,'[20]WorkDone DATA'!$G:$G,BOQ!$B77)*$G77","v":{"$error":"#VALUE!"}},{"$f":"SUMIFS('[20]WorkDone DATA'!$L:$L,'[20]WorkDone DATA'!$N:$N,BOQ!AL$6,'[20]WorkDone DATA'!$G:$G,BOQ!$B77)*$G77","v":{"$error":"#VALUE!"}},{"$f":"SUMIFS('[20]WorkDone DATA'!$L:$L,'[20]WorkDone DATA'!$N:$N,BOQ!AM$6,'[20]WorkDone DATA'!$G:$G,BOQ!$B77)*$G77","v":{"$error":"#VALUE!"}},{"$f":"SUMIFS('[20]WorkDone DATA'!$L:$L,'[20]WorkDone DATA'!$N:$N,BOQ!AN$6,'[20]WorkDone DATA'!$G:$G,BOQ!$B77)*$G77","v":{"$error":"#VALUE!"}},{"$f":"SUMIFS('[20]WorkDone DATA'!$L:$L,'[20]WorkDone DATA'!$N:$N,BOQ!AO$6,'[20]WorkDone DATA'!$G:$G,BOQ!$B77)*$G77","v":{"$error":"#VALUE!"}},{"$f":"SUMIFS('[20]WorkDone DATA'!$L:$L,'[20]WorkDone DATA'!$N:$N,BOQ!AP$6,'[20]WorkDone DATA'!$G:$G,BOQ!$B77)*$G77","v":{"$error":"#VALUE!"}},{"$f":"SUMIFS('[20]WorkDone DATA'!$L:$L,'[20]WorkDone DATA'!$N:$N,BOQ!AQ$6,'[20]WorkDone DATA'!$G:$G,BOQ!$B77)*$G77","v":{"$error":"#VALUE!"}},{"$f":"SUMIFS('[20]WorkDone DATA'!$L:$L,'[20]WorkDone DATA'!$N:$N,BOQ!AR$6,'[20]WorkDone DATA'!$G:$G,BOQ!$B77)*$G77","v":{"$error":"#VALUE!"}},{"$f":"SUMIFS('[20]WorkDone DATA'!$L:$L,'[20]WorkDone DATA'!$N:$N,BOQ!AS$6,'[20]WorkDone DATA'!$G:$G,BOQ!$B77)*$G77","v":{"$error":"#VALUE!"}},{"$f":"SUMIFS('[20]WorkDone DATA'!$L:$L,'[20]WorkDone DATA'!$N:$N,BOQ!AT$6,'[20]WorkDone DATA'!$G:$G,BOQ!$B77)*$G77","v":{"$error":"#VALUE!"}},{"$f":"SUMIFS('[20]WorkDone DATA'!$L:$L,'[20]WorkDone DATA'!$N:$N,BOQ!AU$6,'[20]WorkDone DATA'!$G:$G,BOQ!$B77)*$G77","v":{"$error":"#VALUE!"}},{"$f":"SUMIFS('[20]WorkDone DATA'!$L:$L,'[20]WorkDone DATA'!$N:$N,BOQ!AV$6,'[20]WorkDone DATA'!$G:$G,BOQ!$B77)*$G77","v":{"$error":"#VALUE!"}},{"$f":"SUMIFS('[20]WorkDone DATA'!$L:$L,'[20]WorkDone DATA'!$N:$N,BOQ!AW$6,'[20]WorkDone DATA'!$G:$G,BOQ!$B77)*$G77","v":{"$error":"#VALUE!"}},{"$f":"SUMIFS('[20]WorkDone DATA'!$L:$L,'[20]WorkDone DATA'!$N:$N,BOQ!AX$6,'[20]WorkDone DATA'!$G:$G,BOQ!$B77)*$G77","v":{"$error":"#VALUE!"}},{"$f":"SUMIFS('[20]WorkDone DATA'!$L:$L,'[20]WorkDone DATA'!$N:$N,BOQ!AY$6,'[20]WorkDone DATA'!$G:$G,BOQ!$B77)*$G77","v":{"$error":"#VALUE!"}},{"$f":"SUMIFS('[20]WorkDone DATA'!$L:$L,'[20]WorkDone DATA'!$N:$N,BOQ!AZ$6,'[20]WorkDone DATA'!$G:$G,BOQ!$B77)*$G77","v":{"$error":"#VALUE!"}},{"$f":"SUMIFS('[20]WorkDone DATA'!$L:$L,'[20]WorkDone DATA'!$N:$N,BOQ!BA$6,'[20]WorkDone DATA'!$G:$G,BOQ!$B77)*$G77","v":{"$error":"#VALUE!"}},{"$f":"SUMIFS('[20]WorkDone DATA'!$L:$L,'[20]WorkDone DATA'!$N:$N,BOQ!BB$6,'[20]WorkDone DATA'!$G:$G,BOQ!$B77)*$G77","v":{"$error":"#VALUE!"}},{"$f":"SUMIFS('[20]WorkDone DATA'!$L:$L,'[20]WorkDone DATA'!$N:$N,BOQ!BC$6,'[20]WorkDone DATA'!$G:$G,BOQ!$B77)*$G77","v":{"$error":"#VALUE!"}},{"$f":"SUMIFS('[20]WorkDone DATA'!$L:$L,'[20]WorkDone DATA'!$N:$N,BOQ!BD$6,'[20]WorkDone DATA'!$G:$G,BOQ!$B77)*$G77","v":{"$error":"#VALUE!"}},{"$f":"SUMIFS('[20]WorkDone DATA'!$L:$L,'[20]WorkDone DATA'!$N:$N,BOQ!BE$6,'[20]WorkDone DATA'!$G:$G,BOQ!$B77)*$G77","v":{"$error":"#VALUE!"}},{"$f":"SUMIFS('[20]WorkDone DATA'!$L:$L,'[20]WorkDone DATA'!$N:$N,BOQ!BF$6,'[20]WorkDone DATA'!$G:$G,BOQ!$B77)*$G77","v":{"$error":"#VALUE!"}},{"$f":"SUMIFS('[20]WorkDone DATA'!$L:$L,'[20]WorkDone DATA'!$N:$N,BOQ!BG$6,'[20]WorkDone DATA'!$G:$G,BOQ!$B77)*$G77","v":{"$error":"#VALUE!"}},{"$f":"SUMIFS('[20]WorkDone DATA'!$L:$L,'[20]WorkDone DATA'!$N:$N,BOQ!BH$6,'[20]WorkDone DATA'!$G:$G,BOQ!$B77)*$G77","v":{"$error":"#VALUE!"}},{"$f":"SUMIFS('[20]WorkDone DATA'!$L:$L,'[20]WorkDone DATA'!$N:$N,BOQ!BI$6,'[20]WorkDone DATA'!$G:$G,BOQ!$B77)*$G77","v":{"$error":"#VALUE!"}},{"$f":"SUMIFS('[20]WorkDone DATA'!$L:$L,'[20]WorkDone DATA'!$N:$N,BOQ!BJ$6,'[20]WorkDone DATA'!$G:$G,BOQ!$B77)*$G77","v":{"$error":"#VALUE!"}},{"$f":"SUMIFS('[20]WorkDone DATA'!$L:$L,'[20]WorkDone DATA'!$N:$N,BOQ!BK$6,'[20]WorkDone DATA'!$G:$G,BOQ!$B77)*$G77","v":{"$error":"#VALUE!"}},{"$f":"SUMIFS('[20]WorkDone DATA'!$L:$L,'[20]WorkDone DATA'!$N:$N,BOQ!BL$6,'[20]WorkDone DATA'!$G:$G,BOQ!$B77)*$G77","v":{"$error":"#VALUE!"}},{"$f":"SUMIFS('[20]WorkDone DATA'!$L:$L,'[20]WorkDone DATA'!$N:$N,BOQ!BM$6,'[20]WorkDone DATA'!$G:$G,BOQ!$B77)*$G77","v":{"$error":"#VALUE!"}},{"$f":"SUMIFS('[20]WorkDone DATA'!$L:$L,'[20]WorkDone DATA'!$N:$N,BOQ!BN$6,'[20]WorkDone DATA'!$G:$G,BOQ!$B77)*$G77","v":{"$error":"#VALUE!"}},{"$f":"SUMIFS('[20]WorkDone DATA'!$L:$L,'[20]WorkDone DATA'!$N:$N,BOQ!BO$6,'[20]WorkDone DATA'!$G:$G,BOQ!$B77)*$G77","v":{"$error":"#VALUE!"}},{"$f":"SUMIFS('[20]WorkDone DATA'!$L:$L,'[20]WorkDone DATA'!$N:$N,BOQ!BP$6,'[20]WorkDone DATA'!$G:$G,BOQ!$B77)*$G77","v":{"$error":"#VALUE!"}},{"$f":"SUMIFS('[20]WorkDone DATA'!$L:$L,'[20]WorkDone DATA'!$N:$N,BOQ!BQ$6,'[20]WorkDone DATA'!$G:$G,BOQ!$B77)*$G77","v":{"$error":"#VALUE!"}},{"$f":"SUMIFS('[20]WorkDone DATA'!$L:$L,'[20]WorkDone DATA'!$N:$N,BOQ!BR$6,'[20]WorkDone DATA'!$G:$G,BOQ!$B77)*$G77","v":{"$error":"#VALUE!"}},{"$f":"SUMIFS('[20]WorkDone DATA'!$L:$L,'[20]WorkDone DATA'!$N:$N,BOQ!BS$6,'[20]WorkDone DATA'!$G:$G,BOQ!$B77)*$G77","v":{"$error":"#VALUE!"}},{"$f":"SUMIFS('[20]WorkDone DATA'!$L:$L,'[20]WorkDone DATA'!$N:$N,BOQ!BT$6,'[20]WorkDone DATA'!$G:$G,BOQ!$B77)*$G77","v":{"$error":"#VALUE!"}},{"$f":"SUMIFS('[20]WorkDone DATA'!$L:$L,'[20]WorkDone DATA'!$N:$N,BOQ!BU$6,'[20]WorkDone DATA'!$G:$G,BOQ!$B77)*$G77","v":{"$error":"#VALUE!"}},{"$f":"SUMIFS('[20]WorkDone DATA'!$L:$L,'[20]WorkDone DATA'!$N:$N,BOQ!BV$6,'[20]WorkDone DATA'!$G:$G,BOQ!$B77)*$G77","v":{"$error":"#VALUE!"}},{"$f":"SUMIFS('[20]WorkDone DATA'!$L:$L,'[20]WorkDone DATA'!$N:$N,BOQ!BW$6,'[20]WorkDone DATA'!$G:$G,BOQ!$B77)*$G77","v":{"$error":"#VALUE!"}},{"$f":"SUMIFS('[20]WorkDone DATA'!$L:$L,'[20]WorkDone DATA'!$N:$N,BOQ!BX$6,'[20]WorkDone DATA'!$G:$G,BOQ!$B77)*$G77","v":{"$error":"#VALUE!"}}]
[null,null,"Normal Joints",{"$nulls":4},0,{"$nulls":3},{"$error":"#VALUE!"},{"$error":"#VALUE!"},null,0,{"$error":"#VALUE!"},null,{"$f":"SUMIFS('[20]WorkDone DATA'!$L:$L,'[20]WorkDone DATA'!$N:$N,BOQ!S$6,'[20]WorkDone DATA'!$G:$G,BOQ!$B78)","v":{"$error":"#VALUE!"}},{"$error":"#VALUE!"},{"$f":"SUMIFS('[20]WorkDone DATA'!$L:$L,'[20]WorkDone DATA'!$N:$N,BOQ!U$6,'[20]WorkDone DATA'!$G:$G,BOQ!$B78)","v":{"$error":"#VALUE!"}},{"$error":"#VALUE!"},null,{"$f":"SUMIFS('[20]WorkDone DATA'!$L:$L,'[20]WorkDone DATA'!$N:$N,BOQ!W$6,'[20]WorkDone DATA'!$G:$G,BOQ!$B78)*$G78","v":{"$error":"#VALUE!"}},null,{"$f":"SUMIFS('[20]WorkDone DATA'!$L:$L,'[20]WorkDone DATA'!$N:$N,BOQ!Y$6,'[20]WorkDone DATA'!$G:$G,BOQ!$B78)*$G78","v":{"$error":"#VALUE!"}},null,{"$f":"SUMIFS('[20]WorkDone DATA'!$L:$L,'[20]WorkDone DATA'!$N:$N,BOQ!AA$6,'[20]WorkDone DATA'!$G:$G,BOQ!$B78)*$G78","v":{"$error":"#VALUE!"}},{"$f":"SUMIFS('[20]WorkDone DATA'!$L:$L,'[20]WorkDone DATA'!$N:$N,BOQ!AB$6,'[20]WorkDone DATA'!$G:$G,BOQ!$B78)*$G78","v":{"$error":"#VALUE!"}},{"$f":"SUMIFS('[20]WorkDone DATA'!$L:$L,'[20]WorkDone DATA'!$N:$N,BOQ!AC$6,'[20]WorkDone DATA'!$G:$G,BOQ!$B78)*$G78","v":{"$error":"#VALUE!"}},{"$f":"SUMIFS('[20]WorkDone DATA'!$L:$L,'[20]WorkDone DATA'!$N:$N,BOQ!AD$6,'[20]WorkDone DATA'!$G:$G,BOQ!$B78)*$G78","v":{"$error":"#VALUE!"}},{"$f":"SUMIFS('[20]WorkDone DATA'!$L:$L,'[20]WorkDone DATA'!$N:$N,BOQ!AE$6,'[20]WorkDone DATA'!$G:$G,BOQ!$B78)*$G78","v":{"$error":"#VALUE!"}},{"$f":"SUMIFS('[20]WorkDone DATA'!$L:$L,'[20]WorkDone DATA'!$N:$N,BOQ!AF$6,'[20]WorkDone DATA'!$G:$G,BOQ!$B78)*$G78","v":{"$error":"#VALUE!"}},{"$f":"SUMIFS('[20]WorkDone DATA'!$L:$L,'[20]WorkDone DATA'!$N:$N,BOQ!AG$6,'[20]WorkDone DATA'!$G:$G,BOQ!$B78)*$G78","v":{"$error":"#VALUE!"}},{"$f":"SUMIFS('[20]WorkDone DATA'!$L:$L,'[20]WorkDone DATA'!$N:$N,BOQ!AH$6,'[20]WorkDone DATA'!$G:$G,BOQ!$B78)*$G78","v":{"$error":"#VALUE!"}},{"$f":"SUMIFS('[20]WorkDone DATA'!$L:$L,'[20]WorkDone DATA'!$N:$N,BOQ!AI$6,'[20]WorkDone DATA'!$G:$G,BOQ!$B78)*$G78","v":{"$error":"#VALUE!"}},{"$f":"SUMIFS('[20]WorkDone DATA'!$L:$L,'[20]WorkDone DATA'!$N:$N,BOQ!AJ$6,'[20]WorkDone DATA'!$G:$G,BOQ!$B78)*$G78","v":{"$error":"#VALUE!"}},{"$f":"SUMIFS('[20]WorkDone DATA'!$L:$L,'[20]WorkDone DATA'!$N:$N,BOQ!AK$6,'[20]WorkDone DATA'!$G:$G,BOQ!$B78)*$G78","v":{"$error":"#VALUE!"}},{"$f":"SUMIFS('[20]WorkDone DATA'!$L:$L,'[20]WorkDone DATA'!$N:$N,BOQ!AL$6,'[20]WorkDone DATA'!$G:$G,BOQ!$B78)*$G78","v":{"$error":"#VALUE!"}},{"$f":"SUMIFS('[20]WorkDone DATA'!$L:$L,'[20]WorkDone DATA'!$N:$N,BOQ!AM$6,'[20]WorkDone DATA'!$G:$G,BOQ!$B78)*$G78","v":{"$error":"#VALUE!"}},{"$f":"SUMIFS('[20]WorkDone DATA'!$L:$L,'[20]WorkDone DATA'!$N:$N,BOQ!AN$6,'[20]WorkDone DATA'!$G:$G,BOQ!$B78)*$G78","v":{"$error":"#VALUE!"}},{"$f":"SUMIFS('[20]WorkDone DATA'!$L:$L,'[20]WorkDone DATA'!$N:$N,BOQ!AO$6,'[20]WorkDone DATA'!$G:$G,BOQ!$B78)*$G78","v":{"$error":"#VALUE!"}},{"$f":"SUMIFS('[20]WorkDone DATA'!$L:$L,'[20]WorkDone DATA'!$N:$N,BOQ!AP$6,'[20]WorkDone DATA'!$G:$G,BOQ!$B78)*$G78","v":{"$error":"#VALUE!"}},{"$f":"SUMIFS('[20]WorkDone DATA'!$L:$L,'[20]WorkDone DATA'!$N:$N,BOQ!AQ$6,'[20]WorkDone DATA'!$G:$G,BOQ!$B78)*$G78","v":{"$error":"#VALUE!"}},{"$f":"SUMIFS('[20]WorkDone DATA'!$L:$L,'[20]WorkDone DATA'!$N:$N,BOQ!AR$6,'[20]WorkDone DATA'!$G:$G,BOQ!$B78)*$G78","v":{"$error":"#VALUE!"}},{"$f":"SUMIFS('[20]WorkDone DATA'!$L:$L,'[20]WorkDone DATA'!$N:$N,BOQ!AS$6,'[20]WorkDone DATA'!$G:$G,BOQ!$B78)*$G78","v":{"$error":"#VALUE!"}},{"$f":"SUMIFS('[20]WorkDone DATA'!$L:$L,'[20]WorkDone DATA'!$N:$N,BOQ!AT$6,'[20]WorkDone DATA'!$G:$G,BOQ!$B78)*$G78","v":{"$error":"#VALUE!"}},{"$f":"SUMIFS('[20]WorkDone DATA'!$L:$L,'[20]WorkDone DATA'!$N:$N,BOQ!AU$6,'[20]WorkDone DATA'!$G:$G,BOQ!$B78)*$G78","v":{"$error":"#VALUE!"}},{"$f":"SUMIFS('[20]WorkDone DATA'!$L:$L,'[20]WorkDone DATA'!$N:$N,BOQ!AV$6,'[20]WorkDone DATA'!$G:$G,BOQ!$B78)*$G78","v":{"$error":"#VALUE!"}},{"$f":"SUMIFS('[20]WorkDone DATA'!$L:$L,'[20]WorkDone DATA'!$N:$N,BOQ!AW$6,'[20]WorkDone DATA'!$G:$G,BOQ!$B78)*$G78","v":{"$error":"#VALUE!"}},{"$f":"SUMIFS('[20]WorkDone DATA'!$L:$L,'[20]WorkDone DATA'!$N:$N,BOQ!AX$6,'[20]WorkDone DATA'!$G:$G,BOQ!$B78)*$G78","v":{"$error":"#VALUE!"}},{"$f":"SUMIFS('[20]WorkDone DATA'!$L:$L,'[20]WorkDone DATA'!$N:$N,BOQ!AY$6,'[20]WorkDone DATA'!$G:$G,BOQ!$B78)*$G78","v":{"$error":"#VALUE!"}},{"$f":"SUMIFS('[20]WorkDone DATA'!$L:$L,'[20]WorkDone DATA'!$N:$N,BOQ!AZ$6,'[20]WorkDone DATA'!$G:$G,BOQ!$B78)*$G78","v":{"$error":"#VALUE!"}},{"$f":"SUMIFS('[20]WorkDone DATA'!$L:$L,'[20]WorkDone DATA'!$N:$N,BOQ!BA$6,'[20]WorkDone DATA'!$G:$G,BOQ!$B78)*$G78","v":{"$error":"#VALUE!"}},{"$f":"SUMIFS('[20]WorkDone DATA'!$L:$L,'[20]WorkDone DATA'!$N:$N,BOQ!BB$6,'[20]WorkDone DATA'!$G:$G,BOQ!$B78)*$G78","v":{"$error":"#VALUE!"}},{"$f":"SUMIFS('[20]WorkDone DATA'!$L:$L,'[20]WorkDone DATA'!$N:$N,BOQ!BC$6,'[20]WorkDone DATA'!$G:$G,BOQ!$B78)*$G78","v":{"$error":"#VALUE!"}},{"$f":"SUMIFS('[20]WorkDone DATA'!$L:$L,'[20]WorkDone DATA'!$N:$N,BOQ!BD$6,'[20]WorkDone DATA'!$G:$G,BOQ!$B78)*$G78","v":{"$error":"#VALUE!"}},{"$f":"SUMIFS('[20]WorkDone DATA'!$L:$L,'[20]WorkDone DATA'!$N:$N,BOQ!BE$6,'[20]WorkDone DATA'!$G:$G,BOQ!$B78)*$G78","v":{"$error":"#VALUE!"}},{"$f":"SUMIFS('[20]WorkDone DATA'!$L:$L,'[20]WorkDone DATA'!$N:$N,BOQ!BF$6,'[20]WorkDone DATA'!$G:$G,BOQ!$B78)*$G78","v":{"$error":"#VALUE!"}},{"$f":"SUMIFS('[20]WorkDone DATA'!$L:$L,'[20]WorkDone DATA'!$N:$N,BOQ!BG$6,'[20]WorkDone DATA'!$G:$G,BOQ!$B78)*$G78","v":{"$error":"#VALUE!"}},{"$f":"SUMIFS('[20]WorkDone DATA'!$L:$L,'[20]WorkDone DATA'!$N:$N,BOQ!BH$6,'[20]WorkDone DATA'!$G:$G,BOQ!$B78)*$G78","v":{"$error":"#VALUE!"}},{"$f":"SUMIFS('[20]WorkDone DATA'!$L:$L,'[20]WorkDone DATA'!$N:$N,BOQ!BI$6,'[20]WorkDone DATA'!$G:$G,BOQ!$B78)*$G78","v":{"$error":"#VALUE!"}},{"$f":"SUMIFS('[20]WorkDone DATA'!$L:$L,'[20]WorkDone DATA'!$N:$N,BOQ!BJ$6,'[20]WorkDone DATA'!$G:$G,BOQ!$B78)*$G78","v":{"$error":"#VALUE!"}},{"$f":"SUMIFS('[20]WorkDone DATA'!$L:$L,'[20]WorkDone DATA'!$N:$N,BOQ!BK$6,'[20]WorkDone DATA'!$G:$G,BOQ!$B78)*$G78","v":{"$error":"#VALUE!"}},{"$f":"SUMIFS('[20]WorkDone DATA'!$L:$L,'[20]WorkDone DATA'!$N:$N,BOQ!BL$6,'[20]WorkDone DATA'!$G:$G,BOQ!$B78)*$G78","v":{"$error":"#VALUE!"}},{"$f":"SUMIFS('[20]WorkDone DATA'!$L:$L,'[20]WorkDone DATA'!$N:$N,BOQ!BM$6,'[20]WorkDone DATA'!$G:$G,BOQ!$B78)*$G78","v":{"$error":"#VALUE!"}},{"$f":"SUMIFS('[20]WorkDone DATA'!$L:$L,'[20]WorkDone DATA'!$N:$N,BOQ!BN$6,'[20]WorkDone DATA'!$G:$G,BOQ!$B78)*$G78","v":{"$error":"#VALUE!"}},{"$f":"SUMIFS('[20]WorkDone DATA'!$L:$L,'[20]WorkDone DATA'!$N:$N,BOQ!BO$6,'[20]WorkDone DATA'!$G:$G,BOQ!$B78)*$G78","v":{"$error":"#VALUE!"}},{"$f":"SUMIFS('[20]WorkDone DATA'!$L:$L,'[20]WorkDone DATA'!$N:$N,BOQ!BP$6,'[20]WorkDone DATA'!$G:$G,BOQ!$B78)*$G78","v":{"$error":"#VALUE!"}},{"$f":"SUMIFS('[20]WorkDone DATA'!$L:$L,'[20]WorkDone DATA'!$N:$N,BOQ!BQ$6,'[20]WorkDone DATA'!$G:$G,BOQ!$B78)*$G78","v":{"$error":"#VALUE!"}},{"$f":"SUMIFS('[20]WorkDone DATA'!$L:$L,'[20]WorkDone DATA'!$N:$N,BOQ!BR$6,'[20]WorkDone DATA'!$G:$G,BOQ!$B78)*$G78","v":{"$error":"#VALUE!"}},{"$f":"SUMIFS('[20]WorkDone DATA'!$L:$L,'[20]WorkDone DATA'!$N:$N,BOQ!BS$6,'[20]WorkDone DATA'!$G:$G,BOQ!$B78)*$G78","v":{"$error":"#VALUE!"}},{"$f":"SUMIFS('[20]WorkDone DATA'!$L:$L,'[20]WorkDone DATA'!$N:$N,BOQ!BT$6,'[20]WorkDone DATA'!$G:$G,BOQ!$B78)*$G78","v":{"$error":"#VALUE!"}},{"$f":"SUMIFS('[20]WorkDone DATA'!$L:$L,'[20]WorkDone DATA'!$N:$N,BOQ!BU$6,'[20]WorkDone DATA'!$G:$G,BOQ!$B78)*$G78","v":{"$error":"#VALUE!"}},{"$f":"SUMIFS('[20]WorkDone DATA'!$L:$L,'[20]WorkDone DATA'!$N:$N,BOQ!BV$6,'[20]WorkDone DATA'!$G:$G,BOQ!$B78)*$G78","v":{"$error":"#VALUE!"}},{"$f":"SUMIFS('[20]WorkDone DATA'!$L:$L,'[20]WorkDone DATA'!$N:$N,BOQ!BW$6,'[20]WorkDone DATA'!$G:$G,BOQ!$B78)*$G78","v":{"$error":"#VALUE!"}},{"$f":"SUMIFS('[20]WorkDone DATA'!$L:$L,'[20]WorkDone DATA'!$N:$N,BOQ!BX$6,'[20]WorkDone DATA'!$G:$G,BOQ!$B78)*$G78","v":{"$error":"#VALUE!"}}]
[null,null,"XLPE 11kV",{"$nulls":4},0,{"$nulls":3},{"$error":"#VALUE!"},{"$error":"#VALUE!"},null,0,{"$error":"#VALUE!"},null,{"$f":"SUMIFS('[20]WorkDone DATA'!$L:$L,'[20]WorkDone DATA'!$N:$N,BOQ!S$6,'[20]WorkDone DATA'!$G:$G,BOQ!$B79)","v":{"$error":"#VALUE!"}},{"$error":"#VALUE!"},{"$f":"SUMIFS('[20]WorkDone DATA'!$L:$L,'[20]WorkDone DATA'!$N:$N,BOQ!U$6,'[20]WorkDone DATA'!$G:$G,BOQ!$B79)","v":{"$error":"#VALUE!"}},{"$error":"#VALUE!"},null,{"$f":"SUMIFS('[20]WorkDone DATA'!$L:$L,'[20]WorkDone DATA'!$N:$N,BOQ!W$6,'[20]WorkDone DATA'!$G:$G,BOQ!$B79)*$G79","v":{"$error":"#VALUE!"}},null,{"$f":"SUMIFS('[20]WorkDone DATA'!$L:$L,'[20]WorkDone DATA'!$N:$N,BOQ!Y$6,'[20]WorkDone DATA'!$G:$G,BOQ!$B79)*$G79","v":{"$error":"#VALUE!"}},null,{"$f":"SUMIFS('[20]WorkDone DATA'!$L:$L,'[20]WorkDone DATA'!$N:$N,BOQ!AA$6,'[20]WorkDone DATA'!$G:$G,BOQ!$B79)*$G79","v":{"$error":"#VALUE!"}},{"$f":"SUMIFS('[20]WorkDone DATA'!$L:$L,'[20]WorkDone DATA'!$N:$N,BOQ!AB$6,'[20]WorkDone DATA'!$G:$G,BOQ!$B79)*$G79","v":{"$error":"#VALUE!"}},{"$f":"SUMIFS('[20]WorkDone DATA'!$L:$L,'[20]WorkDone DATA'!$N:$N,BOQ!AC$6,'[20]WorkDone DATA'!$G:$G,BOQ!$B79)*$G79","v":{"$error":"#VALUE!"}},{"$f":"SUMIFS('[20]WorkDone DATA'!$L:$L,'[20]WorkDone DATA'!$N:$N,BOQ!AD$6,'[20]WorkDone DATA'!$G:$G,BOQ!$B79)*$G79","v":{"$error":"#VALUE!"}},{"$f":"SUMIFS('[20]WorkDone DATA'!$L:$L,'[20]WorkDone DATA'!$N:$N,BOQ!AE$6,'[20]WorkDone DATA'!$G:$G,BOQ!$B79)*$G79","v":{"$error":"#VALUE!"}},{"$f":"SUMIFS('[20]WorkDone DATA'!$L:$L,'[20]WorkDone DATA'!$N:$N,BOQ!AF$6,'[20]WorkDone DATA'!$G:$G,BOQ!$B79)*$G79","v":{"$error":"#VALUE!"}},{"$f":"SUMIFS('[20]WorkDone DATA'!$L:$L,'[20]WorkDone DATA'!$N:$N,BOQ!AG$6,'[20]WorkDone DATA'!$G:$G,BOQ!$B79)*$G79","v":{"$error":"#VALUE!"}},{"$f":"SUMIFS('[20]WorkDone DATA'!$L:$L,'[20]WorkDone DATA'!$N:$N,BOQ!AH$6,'[20]WorkDone DATA'!$G:$G,BOQ!$B79)*$G79","v":{"$error":"#VALUE!"}},{"$f":"SUMIFS('[20]WorkDone DATA'!$L:$L,'[20]WorkDone DATA'!$N:$N,BOQ!AI$6,'[20]WorkDone DATA'!$G:$G,BOQ!$B79)*$G79","v":{"$error":"#VALUE!"}},{"$f":"SUMIFS('[20]WorkDone DATA'!$L:$L,'[20]WorkDone DATA'!$N:$N,BOQ!AJ$6,'[20]WorkDone DATA'!$G:$G,BOQ!$B79)*$G79","v":{"$error":"#VALUE!"}},{"$f":"SUMIFS('[20]WorkDone DATA'!$L:$L,'[20]WorkDone DATA'!$N:$N,BOQ!AK$6,'[20]WorkDone DATA'!$G:$G,BOQ!$B79)*$G79","v":{"$error":"#VALUE!"}},{"$f":"SUMIFS('[20]WorkDone DATA'!$L:$L,'[20]WorkDone DATA'!$N:$N,BOQ!AL$6,'[20]WorkDone DATA'!$G:$G,BOQ!$B79)*$G79","v":{"$error":"#VALUE!"}},{"$f":"SUMIFS('[20]WorkDone DATA'!$L:$L,'[20]WorkDone DATA'!$N:$N,BOQ!AM$6,'[20]WorkDone DATA'!$G:$G,BOQ!$B79)*$G79","v":{"$error":"#VALUE!"}},{"$f":"SUMIFS('[20]WorkDone DATA'!$L:$L,'[20]WorkDone DATA'!$N:$N,BOQ!AN$6,'[20]WorkDone DATA'!$G:$G,BOQ!$B79)*$G79","v":{"$error":"#VALUE!"}},{"$f":"SUMIFS('[20]WorkDone DATA'!$L:$L,'[20]WorkDone DATA'!$N:$N,BOQ!AO$6,'[20]WorkDone DATA'!$G:$G,BOQ!$B79)*$G79","v":{"$error":"#VALUE!"}},{"$f":"SUMIFS('[20]WorkDone DATA'!$L:$L,'[20]WorkDone DATA'!$N:$N,BOQ!AP$6,'[20]WorkDone DATA'!$G:$G,BOQ!$B79)*$G79","v":{"$error":"#VALUE!"}},{"$f":"SUMIFS('[20]WorkDone DATA'!$L:$L,'[20]WorkDone DATA'!$N:$N,BOQ!AQ$6,'[20]WorkDone DATA'!$G:$G,BOQ!$B79)*$G79","v":{"$error":"#VALUE!"}},{"$f":"SUMIFS('[20]WorkDone DATA'!$L:$L,'[20]WorkDone DATA'!$N:$N,BOQ!AR$6,'[20]WorkDone DATA'!$G:$G,BOQ!$B79)*$G79","v":{"$error":"#VALUE!"}},{"$f":"SUMIFS('[20]WorkDone DATA'!$L:$L,'[20]WorkDone DATA'!$N:$N,BOQ!AS$6,'[20]WorkDone DATA'!$G:$G,BOQ!$B79)*$G79","v":{"$error":"#VALUE!"}},{"$f":"SUMIFS('[20]WorkDone DATA'!$L:$L,'[20]WorkDone DATA'!$N:$N,BOQ!AT$6,'[20]WorkDone DATA'!$G:$G,BOQ!$B79)*$G79","v":{"$error":"#VALUE!"}},{"$f":"SUMIFS('[20]WorkDone DATA'!$L:$L,'[20]WorkDone DATA'!$N:$N,BOQ!AU$6,'[20]WorkDone DATA'!$G:$G,BOQ!$B79)*$G79","v":{"$error":"#VALUE!"}},{"$f":"SUMIFS('[20]WorkDone DATA'!$L:$L,'[20]WorkDone DATA'!$N:$N,BOQ!AV$6,'[20]WorkDone DATA'!$G:$G,BOQ!$B79)*$G79","v":{"$error":"#VALUE!"}},{"$f":"SUMIFS('[20]WorkDone DATA'!$L:$L,'[20]WorkDone DATA'!$N:$N,BOQ!AW$6,'[20]WorkDone DATA'!$G:$G,BOQ!$B79)*$G79","v":{"$error":"#VALUE!"}},{"$f":"SUMIFS('[20]WorkDone DATA'!$L:$L,'[20]WorkDone DATA'!$N:$N,BOQ!AX$6,'[20]WorkDone DATA'!$G:$G,BOQ!$B79)*$G79","v":{"$error":"#VALUE!"}},{"$f":"SUMIFS('[20]WorkDone DATA'!$L:$L,'[20]WorkDone DATA'!$N:$N,BOQ!AY$6,'[20]WorkDone DATA'!$G:$G,BOQ!$B79)*$G79","v":{"$error":"#VALUE!"}},{"$f":"SUMIFS('[20]WorkDone DATA'!$L:$L,'[20]WorkDone DATA'!$N:$N,BOQ!AZ$6,'[20]WorkDone DATA'!$G:$G,BOQ!$B79)*$G79","v":{"$error":"#VALUE!"}},{"$f":"SUMIFS('[20]WorkDone DATA'!$L:$L,'[20]WorkDone DATA'!$N:$N,BOQ!BA$6,'[20]WorkDone DATA'!$G:$G,BOQ!$B79)*$G79","v":{"$error":"#VALUE!"}},{"$f":"SUMIFS('[20]WorkDone DATA'!$L:$L,'[20]WorkDone DATA'!$N:$N,BOQ!BB$6,'[20]WorkDone DATA'!$G:$G,BOQ!$B79)*$G79","v":{"$error":"#VALUE!"}},{"$f":"SUMIFS('[20]WorkDone DATA'!$L:$L,'[20]WorkDone DATA'!$N:$N,BOQ!BC$6,'[20]WorkDone DATA'!$G:$G,BOQ!$B79)*$G79","v":{"$error":"#VALUE!"}},{"$f":"SUMIFS('[20]WorkDone DATA'!$L:$L,'[20]WorkDone DATA'!$N:$N,BOQ!BD$6,'[20]WorkDone DATA'!$G:$G,BOQ!$B79)*$G79","v":{"$error":"#VALUE!"}},{"$f":"SUMIFS('[20]WorkDone DATA'!$L:$L,'[20]WorkDone DATA'!$N:$N,BOQ!BE$6,'[20]WorkDone DATA'!$G:$G,BOQ!$B79)*$G79","v":{"$error":"#VALUE!"}},{"$f":"SUMIFS('[20]WorkDone DATA'!$L:$L,'[20]WorkDone DATA'!$N:$N,BOQ!BF$6,'[20]WorkDone DATA'!$G:$G,BOQ!$B79)*$G79","v":{"$error":"#VALUE!"}},{"$f":"SUMIFS('[20]WorkDone DATA'!$L:$L,'[20]WorkDone DATA'!$N:$N,BOQ!BG$6,'[20]WorkDone DATA'!$G:$G,BOQ!$B79)*$G79","v":{"$error":"#VALUE!"}},{"$f":"SUMIFS('[20]WorkDone DATA'!$L:$L,'[20]WorkDone DATA'!$N:$N,BOQ!BH$6,'[20]WorkDone DATA'!$G:$G,BOQ!$B79)*$G79","v":{"$error":"#VALUE!"}},{"$f":"SUMIFS('[20]WorkDone DATA'!$L:$L,'[20]WorkDone DATA'!$N:$N,BOQ!BI$6,'[20]WorkDone DATA'!$G:$G,BOQ!$B79)*$G79","v":{"$error":"#VALUE!"}},{"$f":"SUMIFS('[20]WorkDone DATA'!$L:$L,'[20]WorkDone DATA'!$N:$N,BOQ!BJ$6,'[20]WorkDone DATA'!$G:$G,BOQ!$B79)*$G79","v":{"$error":"#VALUE!"}},{"$f":"SUMIFS('[20]WorkDone DATA'!$L:$L,'[20]WorkDone DATA'!$N:$N,BOQ!BK$6,'[20]WorkDone DATA'!$G:$G,BOQ!$B79)*$G79","v":{"$error":"#VALUE!"}},{"$f":"SUMIFS('[20]WorkDone DATA'!$L:$L,'[20]WorkDone DATA'!$N:$N,BOQ!BL$6,'[20]WorkDone DATA'!$G:$G,BOQ!$B79)*$G79","v":{"$error":"#VALUE!"}},{"$f":"SUMIFS('[20]WorkDone DATA'!$L:$L,'[20]WorkDone DATA'!$N:$N,BOQ!BM$6,'[20]WorkDone DATA'!$G:$G,BOQ!$B79)*$G79","v":{"$error":"#VALUE!"}},{"$f":"SUMIFS('[20]WorkDone DATA'!$L:$L,'[20]WorkDone DATA'!$N:$N,BOQ!BN$6,'[20]WorkDone DATA'!$G:$G,BOQ!$B79)*$G79","v":{"$error":"#VALUE!"}},{"$f":"SUMIFS('[20]WorkDone DATA'!$L:$L,'[20]WorkDone DATA'!$N:$N,BOQ!BO$6,'[20]WorkDone DATA'!$G:$G,BOQ!$B79)*$G79","v":{"$error":"#VALUE!"}},{"$f":"SUMIFS('[20]WorkDone DATA'!$L:$L,'[20]WorkDone DATA'!$N:$N,BOQ!BP$6,'[20]WorkDone DATA'!$G:$G,BOQ!$B79)*$G79","v":{"$error":"#VALUE!"}},{"$f":"SUMIFS('[20]WorkDone DATA'!$L:$L,'[20]WorkDone DATA'!$N:$N,BOQ!BQ$6,'[20]WorkDone DATA'!$G:$G,BOQ!$B79)*$G79","v":{"$error":"#VALUE!"}},{"$f":"SUMIFS('[20]WorkDone DATA'!$L:$L,'[20]WorkDone DATA'!$N:$N,BOQ!BR$6,'[20]WorkDone DATA'!$G:$G,BOQ!$B79)*$G79","v":{"$error":"#VALUE!"}},{"$f":"SUMIFS('[20]WorkDone DATA'!$L:$L,'[20]WorkDone DATA'!$N:$N,BOQ!BS$6,'[20]WorkDone DATA'!$G:$G,BOQ!$B79)*$G79","v":{"$error":"#VALUE!"}},{"$f":"SUMIFS('[20]WorkDone DATA'!$L:$L,'[20]WorkDone DATA'!$N:$N,BOQ!BT$6,'[20]WorkDone DATA'!$G:$G,BOQ!$B79)*$G79","v":{"$error":"#VALUE!"}},{"$f":"SUMIFS('[20]WorkDone DATA'!$L:$L,'[20]WorkDone DATA'!$N:$N,BOQ!BU$6,'[20]WorkDone DATA'!$G:$G,BOQ!$B79)*$G79","v":{"$error":"#VALUE!"}},{"$f":"SUMIFS('[20]WorkDone DATA'!$L:$L,'[20]WorkDone DATA'!$N:$N,BOQ!BV$6,'[20]WorkDone DATA'!$G:$G,BOQ!$B79)*$G79","v":{"$error":"#VALUE!"}},{"$f":"SUMIFS('[20]WorkDone DATA'!$L:$L,'[20]WorkDone DATA'!$N:$N,BOQ!BW$6,'[20]WorkDone DATA'!$G:$G,BOQ!$B79)*$G79","v":{"$error":"#VALUE!"}},{"$f":"SUMIFS('[20]WorkDone DATA'!$L:$L,'[20]WorkDone DATA'!$N:$N,BOQ!BX$6,'[20]WorkDone DATA'!$G:$G,BOQ!$B79)*$G79","v":{"$error":"#VALUE!"}}]
[null,null,"500mm2 x 1 core (EXX01WCV) 6.35kV/11kV  ",{"$nulls":4},0,{"$nulls":3},{"$error":"#VALUE!"},{"$error":"#VALUE!"},null,0,{"$error":"#VALUE!"},null,{"$f":"SUMIFS('[20]WorkDone DATA'!$L:$L,'[20]WorkDone DATA'!$N:$N,BOQ!S$6,'[20]WorkDone DATA'!$G:$G,BOQ!$B80)","v":{"$error":"#VALUE!"}},{"$error":"#VALUE!"},{"$f":"SUMIFS('[20]WorkDone DATA'!$L:$L,'[20]WorkDone DATA'!$N:$N,BOQ!U$6,'[20]WorkDone DATA'!$G:$G,BOQ!$B80)","v":{"$error":"#VALUE!"}},{"$error":"#VALUE!"},null,{"$f":"SUMIFS('[20]WorkDone DATA'!$L:$L,'[20]WorkDone DATA'!$N:$N,BOQ!W$6,'[20]WorkDone DATA'!$G:$G,BOQ!$B80)*$G80","v":{"$error":"#VALUE!"}},null,{"$f":"SUMIFS('[20]WorkDone DATA'!$L:$L,'[20]WorkDone DATA'!$N:$N,BOQ!Y$6,'[20]WorkDone DATA'!$G:$G,BOQ!$B80)*$G80","v":{"$error":"#VALUE!"}},null,{"$f":"SUMIFS('[20]WorkDone DATA'!$L:$L,'[20]WorkDone DATA'!$N:$N,BOQ!AA$6,'[20]WorkDone DATA'!$G:$G,BOQ!$B80)*$G80","v":{"$error":"#VALUE!"}},{"$f":"SUMIFS('[20]WorkDone DATA'!$L:$L,'[20]WorkDone DATA'!$N:$N,BOQ!AB$6,'[20]WorkDone DATA'!$G:$G,BOQ!$B80)*$G80","v":{"$error":"#VALUE!"}},{"$f":"SUMIFS('[20]WorkDone DATA'!$L:$L,'[20]WorkDone DATA'!$N:$N,BOQ!AC$6,'[20]WorkDone DATA'!$G:$G,BOQ!$B80)*$G80","v":{"$error":"#VALUE!"}},{"$f":"SUMIFS('[20]WorkDone DATA'!$L:$L,'[20]WorkDone DATA'!$N:$N,BOQ!AD$6,'[20]WorkDone DATA'!$G:$G,BOQ!$B80)*$G80","v":{"$error":"#VALUE!"}},{"$f":"SUMIFS('[20]WorkDone DATA'!$L:$L,'[20]WorkDone DATA'!$N:$N,BOQ!AE$6,'[20]WorkDone DATA'!$G:$G,BOQ!$B80)*$G80","v":{"$error":"#VALUE!"}},{"$f":"SUMIFS('[20]WorkDone DATA'!$L:$L,'[20]WorkDone DATA'!$N:$N,BOQ!AF$6,'[20]WorkDone DATA'!$G:$G,BOQ!$B80)*$G80","v":{"$error":"#VALUE!"}},{"$f":"SUMIFS('[20]WorkDone DATA'!$L:$L,'[20]WorkDone DATA'!$N:$N,BOQ!AG$6,'[20]WorkDone DATA'!$G:$G,BOQ!$B80)*$G80","v":{"$error":"#VALUE!"}},{"$f":"SUMIFS('[20]WorkDone DATA'!$L:$L,'[20]WorkDone DATA'!$N:$N,BOQ!AH$6,'[20]WorkDone DATA'!$G:$G,BOQ!$B80)*$G80","v":{"$error":"#VALUE!"}},{"$f":"SUMIFS('[20]WorkDone DATA'!$L:$L,'[20]WorkDone DATA'!$N:$N,BOQ!AI$6,'[20]WorkDone DATA'!$G:$G,BOQ!$B80)*$G80","v":{"$error":"#VALUE!"}},{"$f":"SUMIFS('[20]WorkDone DATA'!$L:$L,'[20]WorkDone DATA'!$N:$N,BOQ!AJ$6,'[20]WorkDone DATA'!$G:$G,BOQ!$B80)*$G80","v":{"$error":"#VALUE!"}},{"$f":"SUMIFS('[20]WorkDone DATA'!$L:$L,'[20]WorkDone DATA'!$N:$N,BOQ!AK$6,'[20]WorkDone DATA'!$G:$G,BOQ!$B80)*$G80","v":{"$error":"#VALUE!"}},{"$f":"SUMIFS('[20]WorkDone DATA'!$L:$L,'[20]WorkDone DATA'!$N:$N,BOQ!AL$6,'[20]WorkDone DATA'!$G:$G,BOQ!$B80)*$G80","v":{"$error":"#VALUE!"}},{"$f":"SUMIFS('[20]WorkDone DATA'!$L:$L,'[20]WorkDone DATA'!$N:$N,BOQ!AM$6,'[20]WorkDone DATA'!$G:$G,BOQ!$B80)*$G80","v":{"$error":"#VALUE!"}},{"$f":"SUMIFS('[20]WorkDone DATA'!$L:$L,'[20]WorkDone DATA'!$N:$N,BOQ!AN$6,'[20]WorkDone DATA'!$G:$G,BOQ!$B80)*$G80","v":{"$error":"#VALUE!"}},{"$f":"SUMIFS('[20]WorkDone DATA'!$L:$L,'[20]WorkDone DATA'!$N:$N,BOQ!AO$6,'[20]WorkDone DATA'!$G:$G,BOQ!$B80)*$G80","v":{"$error":"#VALUE!"}},{"$f":"SUMIFS('[20]WorkDone DATA'!$L:$L,'[20]WorkDone DATA'!$N:$N,BOQ!AP$6,'[20]WorkDone DATA'!$G:$G,BOQ!$B80)*$G80","v":{"$error":"#VALUE!"}},{"$f":"SUMIFS('[20]WorkDone DATA'!$L:$L,'[20]WorkDone DATA'!$N:$N,BOQ!AQ$6,'[20]WorkDone DATA'!$G:$G,BOQ!$B80)*$G80","v":{"$error":"#VALUE!"}},{"$f":"SUMIFS('[20]WorkDone DATA'!$L:$L,'[20]WorkDone DATA'!$N:$N,BOQ!AR$6,'[20]WorkDone DATA'!$G:$G,BOQ!$B80)*$G80","v":{"$error":"#VALUE!"}},{"$f":"SUMIFS('[20]WorkDone DATA'!$L:$L,'[20]WorkDone DATA'!$N:$N,BOQ!AS$6,'[20]WorkDone DATA'!$G:$G,BOQ!$B80)*$G80","v":{"$error":"#VALUE!"}},{"$f":"SUMIFS('[20]WorkDone DATA'!$L:$L,'[20]WorkDone DATA'!$N:$N,BOQ!AT$6,'[20]WorkDone DATA'!$G:$G,BOQ!$B80)*$G80","v":{"$error":"#VALUE!"}},{"$f":"SUMIFS('[20]WorkDone DATA'!$L:$L,'[20]WorkDone DATA'!$N:$N,BOQ!AU$6,'[20]WorkDone DATA'!$G:$G,BOQ!$B80)*$G80","v":{"$error":"#VALUE!"}},{"$f":"SUMIFS('[20]WorkDone DATA'!$L:$L,'[20]WorkDone DATA'!$N:$N,BOQ!AV$6,'[20]WorkDone DATA'!$G:$G,BOQ!$B80)*$G80","v":{"$error":"#VALUE!"}},{"$f":"SUMIFS('[20]WorkDone DATA'!$L:$L,'[20]WorkDone DATA'!$N:$N,BOQ!AW$6,'[20]WorkDone DATA'!$G:$G,BOQ!$B80)*$G80","v":{"$error":"#VALUE!"}},{"$f":"SUMIFS('[20]WorkDone DATA'!$L:$L,'[20]WorkDone DATA'!$N:$N,BOQ!AX$6,'[20]WorkDone DATA'!$G:$G,BOQ!$B80)*$G80","v":{"$error":"#VALUE!"}},{"$f":"SUMIFS('[20]WorkDone DATA'!$L:$L,'[20]WorkDone DATA'!$N:$N,BOQ!AY$6,'[20]WorkDone DATA'!$G:$G,BOQ!$B80)*$G80","v":{"$error":"#VALUE!"}},{"$f":"SUMIFS('[20]WorkDone DATA'!$L:$L,'[20]WorkDone DATA'!$N:$N,BOQ!AZ$6,'[20]WorkDone DATA'!$G:$G,BOQ!$B80)*$G80","v":{"$error":"#VALUE!"}},{"$f":"SUMIFS('[20]WorkDone DATA'!$L:$L,'[20]WorkDone DATA'!$N:$N,BOQ!BA$6,'[20]WorkDone DATA'!$G:$G,BOQ!$B80)*$G80","v":{"$error":"#VALUE!"}},{"$f":"SUMIFS('[20]WorkDone DATA'!$L:$L,'[20]WorkDone DATA'!$N:$N,BOQ!BB$6,'[20]WorkDone DATA'!$G:$G,BOQ!$B80)*$G80","v":{"$error":"#VALUE!"}},{"$f":"SUMIFS('[20]WorkDone DATA'!$L:$L,'[20]WorkDone DATA'!$N:$N,BOQ!BC$6,'[20]WorkDone DATA'!$G:$G,BOQ!$B80)*$G80","v":{"$error":"#VALUE!"}},{"$f":"SUMIFS('[20]WorkDone DATA'!$L:$L,'[20]WorkDone DATA'!$N:$N,BOQ!BD$6,'[20]WorkDone DATA'!$G:$G,BOQ!$B80)*$G80","v":{"$error":"#VALUE!"}},{"$f":"SUMIFS('[20]WorkDone DATA'!$L:$L,'[20]WorkDone DATA'!$N:$N,BOQ!BE$6,'[20]WorkDone DATA'!$G:$G,BOQ!$B80)*$G80","v":{"$error":"#VALUE!"}},{"$f":"SUMIFS('[20]WorkDone DATA'!$L:$L,'[20]WorkDone DATA'!$N:$N,BOQ!BF$6,'[20]WorkDone DATA'!$G:$G,BOQ!$B80)*$G80","v":{"$error":"#VALUE!"}},{"$f":"SUMIFS('[20]WorkDone DATA'!$L:$L,'[20]WorkDone DATA'!$N:$N,BOQ!BG$6,'[20]WorkDone DATA'!$G:$G,BOQ!$B80)*$G80","v":{"$error":"#VALUE!"}},{"$f":"SUMIFS('[20]WorkDone DATA'!$L:$L,'[20]WorkDone DATA'!$N:$N,BOQ!BH$6,'[20]WorkDone DATA'!$G:$G,BOQ!$B80)*$G80","v":{"$error":"#VALUE!"}},{"$f":"SUMIFS('[20]WorkDone DATA'!$L:$L,'[20]WorkDone DATA'!$N:$N,BOQ!BI$6,'[20]WorkDone DATA'!$G:$G,BOQ!$B80)*$G80","v":{"$error":"#VALUE!"}},{"$f":"SUMIFS('[20]WorkDone DATA'!$L:$L,'[20]WorkDone DATA'!$N:$N,BOQ!BJ$6,'[20]WorkDone DATA'!$G:$G,BOQ!$B80)*$G80","v":{"$error":"#VALUE!"}},{"$f":"SUMIFS('[20]WorkDone DATA'!$L:$L,'[20]WorkDone DATA'!$N:$N,BOQ!BK$6,'[20]WorkDone DATA'!$G:$G,BOQ!$B80)*$G80","v":{"$error":"#VALUE!"}},{"$f":"SUMIFS('[20]WorkDone DATA'!$L:$L,'[20]WorkDone DATA'!$N:$N,BOQ!BL$6,'[20]WorkDone DATA'!$G:$G,BOQ!$B80)*$G80","v":{"$error":"#VALUE!"}},{"$f":"SUMIFS('[20]WorkDone DATA'!$L:$L,'[20]WorkDone DATA'!$N:$N,BOQ!BM$6,'[20]WorkDone DATA'!$G:$G,BOQ!$B80)*$G80","v":{"$error":"#VALUE!"}},{"$f":"SUMIFS('[20]WorkDone DATA'!$L:$L,'[20]WorkDone DATA'!$N:$N,BOQ!BN$6,'[20]WorkDone DATA'!$G:$G,BOQ!$B80)*$G80","v":{"$error":"#VALUE!"}},{"$f":"SUMIFS('[20]WorkDone DATA'!$L:$L,'[20]WorkDone DATA'!$N:$N,BOQ!BO$6,'[20]WorkDone DATA'!$G:$G,BOQ!$B80)*$G80","v":{"$error":"#VALUE!"}},{"$f":"SUMIFS('[20]WorkDone DATA'!$L:$L,'[20]WorkDone DATA'!$N:$N,BOQ!BP$6,'[20]WorkDone DATA'!$G:$G,BOQ!$B80)*$G80","v":{"$error":"#VALUE!"}},{"$f":"SUMIFS('[20]WorkDone DATA'!$L:$L,'[20]WorkDone DATA'!$N:$N,BOQ!BQ$6,'[20]WorkDone DATA'!$G:$G,BOQ!$B80)*$G80","v":{"$error":"#VALUE!"}},{"$f":"SUMIFS('[20]WorkDone DATA'!$L:$L,'[20]WorkDone DATA'!$N:$N,BOQ!BR$6,'[20]WorkDone DATA'!$G:$G,BOQ!$B80)*$G80","v":{"$error":"#VALUE!"}},{"$f":"SUMIFS('[20]WorkDone DATA'!$L:$L,'[20]WorkDone DATA'!$N:$N,BOQ!BS$6,'[20]WorkDone DATA'!$G:$G,BOQ!$B80)*$G80","v":{"$error":"#VALUE!"}},{"$f":"SUMIFS('[20]WorkDone DATA'!$L:$L,'[20]WorkDone DATA'!$N:$N,BOQ!BT$6,'[20]WorkDone DATA'!$G:$G,BOQ!$B80)*$G80","v":{"$error":"#VALUE!"}},{"$f":"SUMIFS('[20]WorkDone DATA'!$L:$L,'[20]WorkDone DATA'!$N:$N,BOQ!BU$6,'[20]WorkDone DATA'!$G:$G,BOQ!$B80)*$G80","v":{"$error":"#VALUE!"}},{"$f":"SUMIFS('[20]WorkDone DATA'!$L:$L,'[20]WorkDone DATA'!$N:$N,BOQ!BV$6,'[20]WorkDone DATA'!$G:$G,BOQ!$B80)*$G80","v":{"$error":"#VALUE!"}},{"$f":"SUMIFS('[20]WorkDone DATA'!$L:$L,'[20]WorkDone DATA'!$N:$N,BOQ!BW$6,'[20]WorkDone DATA'!$G:$G,BOQ!$B80)*$G80","v":{"$error":"#VALUE!"}},{"$f":"SUMIFS('[20]WorkDone DATA'!$L:$L,'[20]WorkDone DATA'!$N:$N,BOQ!BX$6,'[20]WorkDone DATA'!$G:$G,BOQ!$B80)*$G80","v":{"$error":"#VALUE!"}}]
[{"$f":"C80","v":"500mm2 x 1 core (EXX01WCV) 6.35kV/11kV  "},2.035,"Supply","E","each",360,{"v":4454.51,"d":"4,454.51"},{"v":1603623.6,"d":"1,603,623.60"},null,null,{"$f":"M81/G81","v":{"$error":"#VALUE!"}},{"$error":"#VALUE!"},{"$error":"#VALUE!"},null,{"$error":"#VALUE!"},{"$error":"#VALUE!"},null,{"$f":"SUMIFS('[20]WorkDone DATA'!$L:$L,'[20]WorkDone DATA'!$N:$N,BOQ!S$6,'[20]WorkDone DATA'!$G:$G,BOQ!$B81)","v":{"$error":"#VALUE!"}},{"$error":"#VALUE!"},{"$f":"SUMIFS('[20]WorkDone DATA'!$L:$L,'[20]WorkDone DATA'!$N:$N,BOQ!U$6,'[20]WorkDone DATA'!$G:$G,BOQ!$B81)","v":{"$error":"#VALUE!"}},{"$error":"#VALUE!"},null,{"$f":"SUMIFS('[20]WorkDone DATA'!$L:$L,'[20]WorkDone DATA'!$N:$N,BOQ!W$6,'[20]WorkDone DATA'!$G:$G,BOQ!$B81)*$G81","v":{"$error":"#VALUE!"}},null,{"$f":"SUMIFS('[20]WorkDone DATA'!$L:$L,'[20]WorkDone DATA'!$N:$N,BOQ!Y$6,'[20]WorkDone DATA'!$G:$G,BOQ!$B81)*$G81","v":{"$error":"#VALUE!"}},null,{"$f":"SUMIFS('[20]WorkDone DATA'!$L:$L,'[20]WorkDone DATA'!$N:$N,BOQ!AA$6,'[20]WorkDone DATA'!$G:$G,BOQ!$B81)*$G81","v":{"$error":"#VALUE!"}},{"$f":"SUMIFS('[20]WorkDone DATA'!$L:$L,'[20]WorkDone DATA'!$N:$N,BOQ!AB$6,'[20]WorkDone DATA'!$G:$G,BOQ!$B81)*$G81","v":{"$error":"#VALUE!"}},{"$f":"SUMIFS('[20]WorkDone DATA'!$L:$L,'[20]WorkDone DATA'!$N:$N,BOQ!AC$6,'[20]WorkDone DATA'!$G:$G,BOQ!$B81)*$G81","v":{"$error":"#VALUE!"}},{"$f":"SUMIFS('[20]WorkDone DATA'!$L:$L,'[20]WorkDone DATA'!$N:$N,BOQ!AD$6,'[20]WorkDone DATA'!$G:$G,BOQ!$B81)*$G81","v":{"$error":"#VALUE!"}},{"$f":"SUMIFS('[20]WorkDone DATA'!$L:$L,'[20]WorkDone DATA'!$N:$N,BOQ!AE$6,'[20]WorkDone DATA'!$G:$G,BOQ!$B81)*$G81","v":{"$error":"#VALUE!"}},{"$f":"SUMIFS('[20]WorkDone DATA'!$L:$L,'[20]WorkDone DATA'!$N:$N,BOQ!AF$6,'[20]WorkDone DATA'!$G:$G,BOQ!$B81)*$G81","v":{"$error":"#VALUE!"}},{"$f":"SUMIFS('[20]WorkDone DATA'!$L:$L,'[20]WorkDone DATA'!$N:$N,BOQ!AG$6,'[20]WorkDone DATA'!$G:$G,BOQ!$B81)*$G81","v":{"$error":"#VALUE!"}},{"$f":"SUMIFS('[20]WorkDone DATA'!$L:$L,'[20]WorkDone DATA'!$N:$N,BOQ!AH$6,'[20]WorkDone DATA'!$G:$G,BOQ!$B81)*$G81","v":{"$error":"#VALUE!"}},{"$f":"SUMIFS('[20]WorkDone DATA'!$L:$L,'[20]WorkDone DATA'!$N:$N,BOQ!AI$6,'[20]WorkDone DATA'!$G:$G,BOQ!$B81)*$G81","v":{"$error":"#VALUE!"}},{"$f":"SUMIFS('[20]WorkDone DATA'!$L:$L,'[20]WorkDone DATA'!$N:$N,BOQ!AJ$6,'[20]WorkDone DATA'!$G:$G,BOQ!$B81)*$G81","v":{"$error":"#VALUE!"}},{"$f":"SUMIFS('[20]WorkDone DATA'!$L:$L,'[20]WorkDone DATA'!$N:$N,BOQ!AK$6,'[20]WorkDone DATA'!$G:$G,BOQ!$B81)*$G81","v":{"$error":"#VALUE!"}},{"$f":"SUMIFS('[20]WorkDone DATA'!$L:$L,'[20]WorkDone DATA'!$N:$N,BOQ!AL$6,'[20]WorkDone DATA'!$G:$G,BOQ!$B81)*$G81","v":{"$error":"#VALUE!"}},{"$f":"SUMIFS('[20]WorkDone DATA'!$L:$L,'[20]WorkDone DATA'!$N:$N,BOQ!AM$6,'[20]WorkDone DATA'!$G:$G,BOQ!$B81)*$G81","v":{"$error":"#VALUE!"}},{"$f":"SUMIFS('[20]WorkDone DATA'!$L:$L,'[20]WorkDone DATA'!$N:$N,BOQ!AN$6,'[20]WorkDone DATA'!$G:$G,BOQ!$B81)*$G81","v":{"$error":"#VALUE!"}},{"$f":"SUMIFS('[20]WorkDone DATA'!$L:$L,'[20]WorkDone DATA'!$N:$N,BOQ!AO$6,'[20]WorkDone DATA'!$G:$G,BOQ!$B81)*$G81","v":{"$error":"#VALUE!"}},{"$f":"SUMIFS('[20]WorkDone DATA'!$L:$L,'[20]WorkDone DATA'!$N:$N,BOQ!AP$6,'[20]WorkDone DATA'!$G:$G,BOQ!$B81)*$G81","v":{"$error":"#VALUE!"}},{"$f":"SUMIFS('[20]WorkDone DATA'!$L:$L,'[20]WorkDone DATA'!$N:$N,BOQ!AQ$6,'[20]WorkDone DATA'!$G:$G,BOQ!$B81)*$G81","v":{"$error":"#VALUE!"}},{"$f":"SUMIFS('[20]WorkDone DATA'!$L:$L,'[20]WorkDone DATA'!$N:$N,BOQ!AR$6,'[20]WorkDone DATA'!$G:$G,BOQ!$B81)*$G81","v":{"$error":"#VALUE!"}},{"$f":"SUMIFS('[20]WorkDone DATA'!$L:$L,'[20]WorkDone DATA'!$N:$N,BOQ!AS$6,'[20]WorkDone DATA'!$G:$G,BOQ!$B81)*$G81","v":{"$error":"#VALUE!"}},{"$f":"SUMIFS('[20]WorkDone DATA'!$L:$L,'[20]WorkDone DATA'!$N:$N,BOQ!AT$6,'[20]WorkDone DATA'!$G:$G,BOQ!$B81)*$G81","v":{"$error":"#VALUE!"}},{"$f":"SUMIFS('[20]WorkDone DATA'!$L:$L,'[20]WorkDone DATA'!$N:$N,BOQ!AU$6,'[20]WorkDone DATA'!$G:$G,BOQ!$B81)*$G81","v":{"$error":"#VALUE!"}},{"$f":"SUMIFS('[20]WorkDone DATA'!$L:$L,'[20]WorkDone DATA'!$N:$N,BOQ!AV$6,'[20]WorkDone DATA'!$G:$G,BOQ!$B81)*$G81","v":{"$error":"#VALUE!"}},{"$f":"SUMIFS('[20]WorkDone DATA'!$L:$L,'[20]WorkDone DATA'!$N:$N,BOQ!AW$6,'[20]WorkDone DATA'!$G:$G,BOQ!$B81)*$G81","v":{"$error":"#VALUE!"}},{"$f":"SUMIFS('[20]WorkDone DATA'!$L:$L,'[20]WorkDone DATA'!$N:$N,BOQ!AX$6,'[20]WorkDone DATA'!$G:$G,BOQ!$B81)*$G81","v":{"$error":"#VALUE!"}},{"$f":"SUMIFS('[20]WorkDone DATA'!$L:$L,'[20]WorkDone DATA'!$N:$N,BOQ!AY$6,'[20]WorkDone DATA'!$G:$G,BOQ!$B81)*$G81","v":{"$error":"#VALUE!"}},{"$f":"SUMIFS('[20]WorkDone DATA'!$L:$L,'[20]WorkDone DATA'!$N:$N,BOQ!AZ$6,'[20]WorkDone DATA'!$G:$G,BOQ!$B81)*$G81","v":{"$error":"#VALUE!"}},{"$f":"SUMIFS('[20]WorkDone DATA'!$L:$L,'[20]WorkDone DATA'!$N:$N,BOQ!BA$6,'[20]WorkDone DATA'!$G:$G,BOQ!$B81)*$G81","v":{"$error":"#VALUE!"}},{"$f":"SUMIFS('[20]WorkDone DATA'!$L:$L,'[20]WorkDone DATA'!$N:$N,BOQ!BB$6,'[20]WorkDone DATA'!$G:$G,BOQ!$B81)*$G81","v":{"$error":"#VALUE!"}},{"$f":"SUMIFS('[20]WorkDone DATA'!$L:$L,'[20]WorkDone DATA'!$N:$N,BOQ!BC$6,'[20]WorkDone DATA'!$G:$G,BOQ!$B81)*$G81","v":{"$error":"#VALUE!"}},{"$f":"SUMIFS('[20]WorkDone DATA'!$L:$L,'[20]WorkDone DATA'!$N:$N,BOQ!BD$6,'[20]WorkDone DATA'!$G:$G,BOQ!$B81)*$G81","v":{"$error":"#VALUE!"}},{"$f":"SUMIFS('[20]WorkDone DATA'!$L:$L,'[20]WorkDone DATA'!$N:$N,BOQ!BE$6,'[20]WorkDone DATA'!$G:$G,BOQ!$B81)*$G81","v":{"$error":"#VALUE!"}},{"$f":"SUMIFS('[20]WorkDone DATA'!$L:$L,'[20]WorkDone DATA'!$N:$N,BOQ!BF$6,'[20]WorkDone DATA'!$G:$G,BOQ!$B81)*$G81","v":{"$error":"#VALUE!"}},{"$f":"SUMIFS('[20]WorkDone DATA'!$L:$L,'[20]WorkDone DATA'!$N:$N,BOQ!BG$6,'[20]WorkDone DATA'!$G:$G,BOQ!$B81)*$G81","v":{"$error":"#VALUE!"}},{"$f":"SUMIFS('[20]WorkDone DATA'!$L:$L,'[20]WorkDone DATA'!$N:$N,BOQ!BH$6,'[20]WorkDone DATA'!$G:$G,BOQ!$B81)*$G81","v":{"$error":"#VALUE!"}},{"$f":"SUMIFS('[20]WorkDone DATA'!$L:$L,'[20]WorkDone DATA'!$N:$N,BOQ!BI$6,'[20]WorkDone DATA'!$G:$G,BOQ!$B81)*$G81","v":{"$error":"#VALUE!"}},{"$f":"SUMIFS('[20]WorkDone DATA'!$L:$L,'[20]WorkDone DATA'!$N:$N,BOQ!BJ$6,'[20]WorkDone DATA'!$G:$G,BOQ!$B81)*$G81","v":{"$error":"#VALUE!"}},{"$f":"SUMIFS('[20]WorkDone DATA'!$L:$L,'[20]WorkDone DATA'!$N:$N,BOQ!BK$6,'[20]WorkDone DATA'!$G:$G,BOQ!$B81)*$G81","v":{"$error":"#VALUE!"}},{"$f":"SUMIFS('[20]WorkDone DATA'!$L:$L,'[20]WorkDone DATA'!$N:$N,BOQ!BL$6,'[20]WorkDone DATA'!$G:$G,BOQ!$B81)*$G81","v":{"$error":"#VALUE!"}},{"$f":"SUMIFS('[20]WorkDone DATA'!$L:$L,'[20]WorkDone DATA'!$N:$N,BOQ!BM$6,'[20]WorkDone DATA'!$G:$G,BOQ!$B81)*$G81","v":{"$error":"#VALUE!"}},{"$f":"SUMIFS('[20]WorkDone DATA'!$L:$L,'[20]WorkDone DATA'!$N:$N,BOQ!BN$6,'[20]WorkDone DATA'!$G:$G,BOQ!$B81)*$G81","v":{"$error":"#VALUE!"}},{"$f":"SUMIFS('[20]WorkDone DATA'!$L:$L,'[20]WorkDone DATA'!$N:$N,BOQ!BO$6,'[20]WorkDone DATA'!$G:$G,BOQ!$B81)*$G81","v":{"$error":"#VALUE!"}},{"$f":"SUMIFS('[20]WorkDone DATA'!$L:$L,'[20]WorkDone DATA'!$N:$N,BOQ!BP$6,'[20]WorkDone DATA'!$G:$G,BOQ!$B81)*$G81","v":{"$error":"#VALUE!"}},{"$f":"SUMIFS('[20]WorkDone DATA'!$L:$L,'[20]WorkDone DATA'!$N:$N,BOQ!BQ$6,'[20]WorkDone DATA'!$G:$G,BOQ!$B81)*$G81","v":{"$error":"#VALUE!"}},{"$f":"SUMIFS('[20]WorkDone DATA'!$L:$L,'[20]WorkDone DATA'!$N:$N,BOQ!BR$6,'[20]WorkDone DATA'!$G:$G,BOQ!$B81)*$G81","v":{"$error":"#VALUE!"}},{"$f":"SUMIFS('[20]WorkDone DATA'!$L:$L,'[20]WorkDone DATA'!$N:$N,BOQ!BS$6,'[20]WorkDone DATA'!$G:$G,BOQ!$B81)*$G81","v":{"$error":"#VALUE!"}},{"$f":"SUMIFS('[20]WorkDone DATA'!$L:$L,'[20]WorkDone DATA'!$N:$N,BOQ!BT$6,'[20]WorkDone DATA'!$G:$G,BOQ!$B81)*$G81","v":{"$error":"#VALUE!"}},{"$f":"SUMIFS('[20]WorkDone DATA'!$L:$L,'[20]WorkDone DATA'!$N:$N,BOQ!BU$6,'[20]WorkDone DATA'!$G:$G,BOQ!$B81)*$G81","v":{"$error":"#VALUE!"}},{"$f":"SUMIFS('[20]WorkDone DATA'!$L:$L,'[20]WorkDone DATA'!$N:$N,BOQ!BV$6,'[20]WorkDone DATA'!$G:$G,BOQ!$B81)*$G81","v":{"$error":"#VALUE!"}},{"$f":"SUMIFS('[20]WorkDone DATA'!$L:$L,'[20]WorkDone DATA'!$N:$N,BOQ!BW$6,'[20]WorkDone DATA'!$G:$G,BOQ!$B81)*$G81","v":{"$error":"#VALUE!"}},{"$f":"SUMIFS('[20]WorkDone DATA'!$L:$L,'[20]WorkDone DATA'!$N:$N,BOQ!BX$6,'[20]WorkDone DATA'!$G:$G,BOQ!$B81)*$G81","v":{"$error":"#VALUE!"}}]
[{"$f":"C80","v":"500mm2 x 1 core (EXX01WCV) 6.35kV/11kV  "},2.036,"Installation","A","each",360,{"v":3609.98,"d":"3,609.98"},{"v":1299592.8,"d":"1,299,592.80"},null,null,{"$error":"#VALUE!"},{"$error":"#VALUE!"},{"$error":"#VALUE!"},null,{"$error":"#VALUE!"},{"$error":"#VALUE!"},null,{"$f":"SUMIFS('[20]WorkDone DATA'!$L:$L,'[20]WorkDone DATA'!$N:$N,BOQ!S$6,'[20]WorkDone DATA'!$G:$G,BOQ!$B82)","v":{"$error":"#VALUE!"}},{"$error":"#VALUE!"},{"$f":"SUMIFS('[20]WorkDone DATA'!$L:$L,'[20]WorkDone DATA'!$N:$N,BOQ!U$6,'[20]WorkDone DATA'!$G:$G,BOQ!$B82)","v":{"$error":"#VALUE!"}},{"$error":"#VALUE!"},null,{"$f":"SUMIFS('[20]WorkDone DATA'!$L:$L,'[20]WorkDone DATA'!$N:$N,BOQ!W$6,'[20]WorkDone DATA'!$G:$G,BOQ!$B82)*$G82","v":{"$error":"#VALUE!"}},null,{"$f":"SUMIFS('[20]WorkDone DATA'!$L:$L,'[20]WorkDone DATA'!$N:$N,BOQ!Y$6,'[20]WorkDone DATA'!$G:$G,BOQ!$B82)*$G82","v":{"$error":"#VALUE!"}},null,{"$f":"SUMIFS('[20]WorkDone DATA'!$L:$L,'[20]WorkDone DATA'!$N:$N,BOQ!AA$6,'[20]WorkDone DATA'!$G:$G,BOQ!$B82)*$G82","v":{"$error":"#VALUE!"}},{"$f":"SUMIFS('[20]WorkDone DATA'!$L:$L,'[20]WorkDone DATA'!$N:$N,BOQ!AB$6,'[20]WorkDone DATA'!$G:$G,BOQ!$B82)*$G82","v":{"$error":"#VALUE!"}},{"$f":"SUMIFS('[20]WorkDone DATA'!$L:$L,'[20]WorkDone DATA'!$N:$N,BOQ!AC$6,'[20]WorkDone DATA'!$G:$G,BOQ!$B82)*$G82","v":{"$error":"#VALUE!"}},{"$f":"SUMIFS('[20]WorkDone DATA'!$L:$L,'[20]WorkDone DATA'!$N:$N,BOQ!AD$6,'[20]WorkDone DATA'!$G:$G,BOQ!$B82)*$G82","v":{"$error":"#VALUE!"}},{"$f":"SUMIFS('[20]WorkDone DATA'!$L:$L,'[20]WorkDone DATA'!$N:$N,BOQ!AE$6,'[20]WorkDone DATA'!$G:$G,BOQ!$B82)*$G82","v":{"$error":"#VALUE!"}},{"$f":"SUMIFS('[20]WorkDone DATA'!$L:$L,'[20]WorkDone DATA'!$N:$N,BOQ!AF$6,'[20]WorkDone DATA'!$G:$G,BOQ!$B82)*$G82","v":{"$error":"#VALUE!"}},{"$f":"SUMIFS('[20]WorkDone DATA'!$L:$L,'[20]WorkDone DATA'!$N:$N,BOQ!AG$6,'[20]WorkDone DATA'!$G:$G,BOQ!$B82)*$G82","v":{"$error":"#VALUE!"}},{"$f":"SUMIFS('[20]WorkDone DATA'!$L:$L,'[20]WorkDone DATA'!$N:$N,BOQ!AH$6,'[20]WorkDone DATA'!$G:$G,BOQ!$B82)*$G82","v":{"$error":"#VALUE!"}},{"$f":"SUMIFS('[20]WorkDone DATA'!$L:$L,'[20]WorkDone DATA'!$N:$N,BOQ!AI$6,'[20]WorkDone DATA'!$G:$G,BOQ!$B82)*$G82","v":{"$error":"#VALUE!"}},{"$f":"SUMIFS('[20]WorkDone DATA'!$L:$L,'[20]WorkDone DATA'!$N:$N,BOQ!AJ$6,'[20]WorkDone DATA'!$G:$G,BOQ!$B82)*$G82","v":{"$error":"#VALUE!"}},{"$f":"SUMIFS('[20]WorkDone DATA'!$L:$L,'[20]WorkDone DATA'!$N:$N,BOQ!AK$6,'[20]WorkDone DATA'!$G:$G,BOQ!$B82)*$G82","v":{"$error":"#VALUE!"}},{"$f":"SUMIFS('[20]WorkDone DATA'!$L:$L,'[20]WorkDone DATA'!$N:$N,BOQ!AL$6,'[20]WorkDone DATA'!$G:$G,BOQ!$B82)*$G82","v":{"$error":"#VALUE!"}},{"$f":"SUMIFS('[20]WorkDone DATA'!$L:$L,'[20]WorkDone DATA'!$N:$N,BOQ!AM$6,'[20]WorkDone DATA'!$G:$G,BOQ!$B82)*$G82","v":{"$error":"#VALUE!"}},{"$f":"SUMIFS('[20]WorkDone DATA'!$L:$L,'[20]WorkDone DATA'!$N:$N,BOQ!AN$6,'[20]WorkDone DATA'!$G:$G,BOQ!$B82)*$G82","v":{"$error":"#VALUE!"}},{"$f":"SUMIFS('[20]WorkDone DATA'!$L:$L,'[20]WorkDone DATA'!$N:$N,BOQ!AO$6,'[20]WorkDone DATA'!$G:$G,BOQ!$B82)*$G82","v":{"$error":"#VALUE!"}},{"$f":"SUMIFS('[20]WorkDone DATA'!$L:$L,'[20]WorkDone DATA'!$N:$N,BOQ!AP$6,'[20]WorkDone DATA'!$G:$G,BOQ!$B82)*$G82","v":{"$error":"#VALUE!"}},{"$f":"SUMIFS('[20]WorkDone DATA'!$L:$L,'[20]WorkDone DATA'!$N:$N,BOQ!AQ$6,'[20]WorkDone DATA'!$G:$G,BOQ!$B82)*$G82","v":{"$error":"#VALUE!"}},{"$f":"SUMIFS('[20]WorkDone DATA'!$L:$L,'[20]WorkDone DATA'!$N:$N,BOQ!AR$6,'[20]WorkDone DATA'!$G:$G,BOQ!$B82)*$G82","v":{"$error":"#VALUE!"}},{"$f":"SUMIFS('[20]WorkDone DATA'!$L:$L,'[20]WorkDone DATA'!$N:$N,BOQ!AS$6,'[20]WorkDone DATA'!$G:$G,BOQ!$B82)*$G82","v":{"$error":"#VALUE!"}},{"$f":"SUMIFS('[20]WorkDone DATA'!$L:$L,'[20]WorkDone DATA'!$N:$N,BOQ!AT$6,'[20]WorkDone DATA'!$G:$G,BOQ!$B82)*$G82","v":{"$error":"#VALUE!"}},{"$f":"SUMIFS('[20]WorkDone DATA'!$L:$L,'[20]WorkDone DATA'!$N:$N,BOQ!AU$6,'[20]WorkDone DATA'!$G:$G,BOQ!$B82)*$G82","v":{"$error":"#VALUE!"}},{"$f":"SUMIFS('[20]WorkDone DATA'!$L:$L,'[20]WorkDone DATA'!$N:$N,BOQ!AV$6,'[20]WorkDone DATA'!$G:$G,BOQ!$B82)*$G82","v":{"$error":"#VALUE!"}},{"$f":"SUMIFS('[20]WorkDone DATA'!$L:$L,'[20]WorkDone DATA'!$N:$N,BOQ!AW$6,'[20]WorkDone DATA'!$G:$G,BOQ!$B82)*$G82","v":{"$error":"#VALUE!"}},{"$f":"SUMIFS('[20]WorkDone DATA'!$L:$L,'[20]WorkDone DATA'!$N:$N,BOQ!AX$6,'[20]WorkDone DATA'!$G:$G,BOQ!$B82)*$G82","v":{"$error":"#VALUE!"}},{"$f":"SUMIFS('[20]WorkDone DATA'!$L:$L,'[20]WorkDone DATA'!$N:$N,BOQ!AY$6,'[20]WorkDone DATA'!$G:$G,BOQ!$B82)*$G82","v":{"$error":"#VALUE!"}},{"$f":"SUMIFS('[20]WorkDone DATA'!$L:$L,'[20]WorkDone DATA'!$N:$N,BOQ!AZ$6,'[20]WorkDone DATA'!$G:$G,BOQ!$B82)*$G82","v":{"$error":"#VALUE!"}},{"$f":"SUMIFS('[20]WorkDone DATA'!$L:$L,'[20]WorkDone DATA'!$N:$N,BOQ!BA$6,'[20]WorkDone DATA'!$G:$G,BOQ!$B82)*$G82","v":{"$error":"#VALUE!"}},{"$f":"SUMIFS('[20]WorkDone DATA'!$L:$L,'[20]WorkDone DATA'!$N:$N,BOQ!BB$6,'[20]WorkDone DATA'!$G:$G,BOQ!$B82)*$G82","v":{"$error":"#VALUE!"}},{"$f":"SUMIFS('[20]WorkDone DATA'!$L:$L,'[20]WorkDone DATA'!$N:$N,BOQ!BC$6,'[20]WorkDone DATA'!$G:$G,BOQ!$B82)*$G82","v":{"$error":"#VALUE!"}},{"$f":"SUMIFS('[20]WorkDone DATA'!$L:$L,'[20]WorkDone DATA'!$N:$N,BOQ!BD$6,'[20]WorkDone DATA'!$G:$G,BOQ!$B82)*$G82","v":{"$error":"#VALUE!"}},{"$f":"SUMIFS('[20]WorkDone DATA'!$L:$L,'[20]WorkDone DATA'!$N:$N,BOQ!BE$6,'[20]WorkDone DATA'!$G:$G,BOQ!$B82)*$G82","v":{"$error":"#VALUE!"}},{"$f":"SUMIFS('[20]WorkDone DATA'!$L:$L,'[20]WorkDone DATA'!$N:$N,BOQ!BF$6,'[20]WorkDone DATA'!$G:$G,BOQ!$B82)*$G82","v":{"$error":"#VALUE!"}},{"$f":"SUMIFS('[20]WorkDone DATA'!$L:$L,'[20]WorkDone DATA'!$N:$N,BOQ!BG$6,'[20]WorkDone DATA'!$G:$G,BOQ!$B82)*$G82","v":{"$error":"#VALUE!"}},{"$f":"SUMIFS('[20]WorkDone DATA'!$L:$L,'[20]WorkDone DATA'!$N:$N,BOQ!BH$6,'[20]WorkDone DATA'!$G:$G,BOQ!$B82)*$G82","v":{"$error":"#VALUE!"}},{"$f":"SUMIFS('[20]WorkDone DATA'!$L:$L,'[20]WorkDone DATA'!$N:$N,BOQ!BI$6,'[20]WorkDone DATA'!$G:$G,BOQ!$B82)*$G82","v":{"$error":"#VALUE!"}},{"$f":"SUMIFS('[20]WorkDone DATA'!$L:$L,'[20]WorkDone DATA'!$N:$N,BOQ!BJ$6,'[20]WorkDone DATA'!$G:$G,BOQ!$B82)*$G82","v":{"$error":"#VALUE!"}},{"$f":"SUMIFS('[20]WorkDone DATA'!$L:$L,'[20]WorkDone DATA'!$N:$N,BOQ!BK$6,'[20]WorkDone DATA'!$G:$G,BOQ!$B82)*$G82","v":{"$error":"#VALUE!"}},{"$f":"SUMIFS('[20]WorkDone DATA'!$L:$L,'[20]WorkDone DATA'!$N:$N,BOQ!BL$6,'[20]WorkDone DATA'!$G:$G,BOQ!$B82)*$G82","v":{"$error":"#VALUE!"}},{"$f":"SUMIFS('[20]WorkDone DATA'!$L:$L,'[20]WorkDone DATA'!$N:$N,BOQ!BM$6,'[20]WorkDone DATA'!$G:$G,BOQ!$B82)*$G82","v":{"$error":"#VALUE!"}},{"$f":"SUMIFS('[20]WorkDone DATA'!$L:$L,'[20]WorkDone DATA'!$N:$N,BOQ!BN$6,'[20]WorkDone DATA'!$G:$G,BOQ!$B82)*$G82","v":{"$error":"#VALUE!"}},{"$f":"SUMIFS('[20]WorkDone DATA'!$L:$L,'[20]WorkDone DATA'!$N:$N,BOQ!BO$6,'[20]WorkDone DATA'!$G:$G,BOQ!$B82)*$G82","v":{"$error":"#VALUE!"}},{"$f":"SUMIFS('[20]WorkDone DATA'!$L:$L,'[20]WorkDone DATA'!$N:$N,BOQ!BP$6,'[20]WorkDone DATA'!$G:$G,BOQ!$B82)*$G82","v":{"$error":"#VALUE!"}},{"$f":"SUMIFS('[20]WorkDone DATA'!$L:$L,'[20]WorkDone DATA'!$N:$N,BOQ!BQ$6,'[20]WorkDone DATA'!$G:$G,BOQ!$B82)*$G82","v":{"$error":"#VALUE!"}},{"$f":"SUMIFS('[20]WorkDone DATA'!$L:$L,'[20]WorkDone DATA'!$N:$N,BOQ!BR$6,'[20]WorkDone DATA'!$G:$G,BOQ!$B82)*$G82","v":{"$error":"#VALUE!"}},{"$f":"SUMIFS('[20]WorkDone DATA'!$L:$L,'[20]WorkDone DATA'!$N:$N,BOQ!BS$6,'[20]WorkDone DATA'!$G:$G,BOQ!$B82)*$G82","v":{"$error":"#VALUE!"}},{"$f":"SUMIFS('[20]WorkDone DATA'!$L:$L,'[20]WorkDone DATA'!$N:$N,BOQ!BT$6,'[20]WorkDone DATA'!$G:$G,BOQ!$B82)*$G82","v":{"$error":"#VALUE!"}},{"$f":"SUMIFS('[20]WorkDone DATA'!$L:$L,'[20]WorkDone DATA'!$N:$N,BOQ!BU$6,'[20]WorkDone DATA'!$G:$G,BOQ!$B82)*$G82","v":{"$error":"#VALUE!"}},{"$f":"SUMIFS('[20]WorkDone DATA'!$L:$L,'[20]WorkDone DATA'!$N:$N,BOQ!BV$6,'[20]WorkDone DATA'!$G:$G,BOQ!$B82)*$G82","v":{"$error":"#VALUE!"}},{"$f":"SUMIFS('[20]WorkDone DATA'!$L:$L,'[20]WorkDone DATA'!$N:$N,BOQ!BW$6,'[20]WorkDone DATA'!$G:$G,BOQ!$B82)*$G82","v":{"$error":"#VALUE!"}},{"$f":"SUMIFS('[20]WorkDone DATA'!$L:$L,'[20]WorkDone DATA'!$N:$N,BOQ!BX$6,'[20]WorkDone DATA'!$G:$G,BOQ!$B82)*$G82","v":{"$error":"#VALUE!"}}]
[null,null,"300mm2 x 1 core (EXX01UCM) 6.35kV/11kV   ",{"$nulls":4},0,{"$nulls":3},{"$error":"#VALUE!"},{"$error":"#VALUE!"},null,0,{"$error":"#VALUE!"},null,{"$f":"SUMIFS('[20]WorkDone DATA'!$L:$L,'[20]WorkDone DATA'!$N:$N,BOQ!S$6,'[20]WorkDone DATA'!$G:$G,BOQ!$B83)","v":{"$error":"#VALUE!"}},{"$error":"#VALUE!"},{"$f":"SUMIFS('[20]WorkDone DATA'!$L:$L,'[20]WorkDone DATA'!$N:$N,BOQ!U$6,'[20]WorkDone DATA'!$G:$G,BOQ!$B83)","v":{"$error":"#VALUE!"}},{"$error":"#VALUE!"},null,{"$f":"SUMIFS('[20]WorkDone DATA'!$L:$L,'[20]WorkDone DATA'!$N:$N,BOQ!W$6,'[20]WorkDone DATA'!$G:$G,BOQ!$B83)*$G83","v":{"$error":"#VALUE!"}},null,{"$f":"SUMIFS('[20]WorkDone DATA'!$L:$L,'[20]WorkDone DATA'!$N:$N,BOQ!Y$6,'[20]WorkDone DATA'!$G:$G,BOQ!$B83)*$G83","v":{"$error":"#VALUE!"}},null,{"$f":"SUMIFS('[20]WorkDone DATA'!$L:$L,'[20]WorkDone DATA'!$N:$N,BOQ!AA$6,'[20]WorkDone DATA'!$G:$G,BOQ!$B83)*$G83","v":{"$error":"#VALUE!"}},{"$f":"SUMIFS('[20]WorkDone DATA'!$L:$L,'[20]WorkDone DATA'!$N:$N,BOQ!AB$6,'[20]WorkDone DATA'!$G:$G,BOQ!$B83)*$G83","v":{"$error":"#VALUE!"}},{"$f":"SUMIFS('[20]WorkDone DATA'!$L:$L,'[20]WorkDone DATA'!$N:$N,BOQ!AC$6,'[20]WorkDone DATA'!$G:$G,BOQ!$B83)*$G83","v":{"$error":"#VALUE!"}},{"$f":"SUMIFS('[20]WorkDone DATA'!$L:$L,'[20]WorkDone DATA'!$N:$N,BOQ!AD$6,'[20]WorkDone DATA'!$G:$G,BOQ!$B83)*$G83","v":{"$error":"#VALUE!"}},{"$f":"SUMIFS('[20]WorkDone DATA'!$L:$L,'[20]WorkDone DATA'!$N:$N,BOQ!AE$6,'[20]WorkDone DATA'!$G:$G,BOQ!$B83)*$G83","v":{"$error":"#VALUE!"}},{"$f":"SUMIFS('[20]WorkDone DATA'!$L:$L,'[20]WorkDone DATA'!$N:$N,BOQ!AF$6,'[20]WorkDone DATA'!$G:$G,BOQ!$B83)*$G83","v":{"$error":"#VALUE!"}},{"$f":"SUMIFS('[20]WorkDone DATA'!$L:$L,'[20]WorkDone DATA'!$N:$N,BOQ!AG$6,'[20]WorkDone DATA'!$G:$G,BOQ!$B83)*$G83","v":{"$error":"#VALUE!"}},{"$f":"SUMIFS('[20]WorkDone DATA'!$L:$L,'[20]WorkDone DATA'!$N:$N,BOQ!AH$6,'[20]WorkDone DATA'!$G:$G,BOQ!$B83)*$G83","v":{"$error":"#VALUE!"}},{"$f":"SUMIFS('[20]WorkDone DATA'!$L:$L,'[20]WorkDone DATA'!$N:$N,BOQ!AI$6,'[20]WorkDone DATA'!$G:$G,BOQ!$B83)*$G83","v":{"$error":"#VALUE!"}},{"$f":"SUMIFS('[20]WorkDone DATA'!$L:$L,'[20]WorkDone DATA'!$N:$N,BOQ!AJ$6,'[20]WorkDone DATA'!$G:$G,BOQ!$B83)*$G83","v":{"$error":"#VALUE!"}},{"$f":"SUMIFS('[20]WorkDone DATA'!$L:$L,'[20]WorkDone DATA'!$N:$N,BOQ!AK$6,'[20]WorkDone DATA'!$G:$G,BOQ!$B83)*$G83","v":{"$error":"#VALUE!"}},{"$f":"SUMIFS('[20]WorkDone DATA'!$L:$L,'[20]WorkDone DATA'!$N:$N,BOQ!AL$6,'[20]WorkDone DATA'!$G:$G,BOQ!$B83)*$G83","v":{"$error":"#VALUE!"}},{"$f":"SUMIFS('[20]WorkDone DATA'!$L:$L,'[20]WorkDone DATA'!$N:$N,BOQ!AM$6,'[20]WorkDone DATA'!$G:$G,BOQ!$B83)*$G83","v":{"$error":"#VALUE!"}},{"$f":"SUMIFS('[20]WorkDone DATA'!$L:$L,'[20]WorkDone DATA'!$N:$N,BOQ!AN$6,'[20]WorkDone DATA'!$G:$G,BOQ!$B83)*$G83","v":{"$error":"#VALUE!"}},{"$f":"SUMIFS('[20]WorkDone DATA'!$L:$L,'[20]WorkDone DATA'!$N:$N,BOQ!AO$6,'[20]WorkDone DATA'!$G:$G,BOQ!$B83)*$G83","v":{"$error":"#VALUE!"}},{"$f":"SUMIFS('[20]WorkDone DATA'!$L:$L,'[20]WorkDone DATA'!$N:$N,BOQ!AP$6,'[20]WorkDone DATA'!$G:$G,BOQ!$B83)*$G83","v":{"$error":"#VALUE!"}},{"$f":"SUMIFS('[20]WorkDone DATA'!$L:$L,'[20]WorkDone DATA'!$N:$N,BOQ!AQ$6,'[20]WorkDone DATA'!$G:$G,BOQ!$B83)*$G83","v":{"$error":"#VALUE!"}},{"$f":"SUMIFS('[20]WorkDone DATA'!$L:$L,'[20]WorkDone DATA'!$N:$N,BOQ!AR$6,'[20]WorkDone DATA'!$G:$G,BOQ!$B83)*$G83","v":{"$error":"#VALUE!"}},{"$f":"SUMIFS('[20]WorkDone DATA'!$L:$L,'[20]WorkDone DATA'!$N:$N,BOQ!AS$6,'[20]WorkDone DATA'!$G:$G,BOQ!$B83)*$G83","v":{"$error":"#VALUE!"}},{"$f":"SUMIFS('[20]WorkDone DATA'!$L:$L,'[20]WorkDone DATA'!$N:$N,BOQ!AT$6,'[20]WorkDone DATA'!$G:$G,BOQ!$B83)*$G83","v":{"$error":"#VALUE!"}},{"$f":"SUMIFS('[20]WorkDone DATA'!$L:$L,'[20]WorkDone DATA'!$N:$N,BOQ!AU$6,'[20]WorkDone DATA'!$G:$G,BOQ!$B83)*$G83","v":{"$error":"#VALUE!"}},{"$f":"SUMIFS('[20]WorkDone DATA'!$L:$L,'[20]WorkDone DATA'!$N:$N,BOQ!AV$6,'[20]WorkDone DATA'!$G:$G,BOQ!$B83)*$G83","v":{"$error":"#VALUE!"}},{"$f":"SUMIFS('[20]WorkDone DATA'!$L:$L,'[20]WorkDone DATA'!$N:$N,BOQ!AW$6,'[20]WorkDone DATA'!$G:$G,BOQ!$B83)*$G83","v":{"$error":"#VALUE!"}},{"$f":"SUMIFS('[20]WorkDone DATA'!$L:$L,'[20]WorkDone DATA'!$N:$N,BOQ!AX$6,'[20]WorkDone DATA'!$G:$G,BOQ!$B83)*$G83","v":{"$error":"#VALUE!"}},{"$f":"SUMIFS('[20]WorkDone DATA'!$L:$L,'[20]WorkDone DATA'!$N:$N,BOQ!AY$6,'[20]WorkDone DATA'!$G:$G,BOQ!$B83)*$G83","v":{"$error":"#VALUE!"}},{"$f":"SUMIFS('[20]WorkDone DATA'!$L:$L,'[20]WorkDone DATA'!$N:$N,BOQ!AZ$6,'[20]WorkDone DATA'!$G:$G,BOQ!$B83)*$G83","v":{"$error":"#VALUE!"}},{"$f":"SUMIFS('[20]WorkDone DATA'!$L:$L,'[20]WorkDone DATA'!$N:$N,BOQ!BA$6,'[20]WorkDone DATA'!$G:$G,BOQ!$B83)*$G83","v":{"$error":"#VALUE!"}},{"$f":"SUMIFS('[20]WorkDone DATA'!$L:$L,'[20]WorkDone DATA'!$N:$N,BOQ!BB$6,'[20]WorkDone DATA'!$G:$G,BOQ!$B83)*$G83","v":{"$error":"#VALUE!"}},{"$f":"SUMIFS('[20]WorkDone DATA'!$L:$L,'[20]WorkDone DATA'!$N:$N,BOQ!BC$6,'[20]WorkDone DATA'!$G:$G,BOQ!$B83)*$G83","v":{"$error":"#VALUE!"}},{"$f":"SUMIFS('[20]WorkDone DATA'!$L:$L,'[20]WorkDone DATA'!$N:$N,BOQ!BD$6,'[20]WorkDone DATA'!$G:$G,BOQ!$B83)*$G83","v":{"$error":"#VALUE!"}},{"$f":"SUMIFS('[20]WorkDone DATA'!$L:$L,'[20]WorkDone DATA'!$N:$N,BOQ!BE$6,'[20]WorkDone DATA'!$G:$G,BOQ!$B83)*$G83","v":{"$error":"#VALUE!"}},{"$f":"SUMIFS('[20]WorkDone DATA'!$L:$L,'[20]WorkDone DATA'!$N:$N,BOQ!BF$6,'[20]WorkDone DATA'!$G:$G,BOQ!$B83)*$G83","v":{"$error":"#VALUE!"}},{"$f":"SUMIFS('[20]WorkDone DATA'!$L:$L,'[20]WorkDone DATA'!$N:$N,BOQ!BG$6,'[20]WorkDone DATA'!$G:$G,BOQ!$B83)*$G83","v":{"$error":"#VALUE!"}},{"$f":"SUMIFS('[20]WorkDone DATA'!$L:$L,'[20]WorkDone DATA'!$N:$N,BOQ!BH$6,'[20]WorkDone DATA'!$G:$G,BOQ!$B83)*$G83","v":{"$error":"#VALUE!"}},{"$f":"SUMIFS('[20]WorkDone DATA'!$L:$L,'[20]WorkDone DATA'!$N:$N,BOQ!BI$6,'[20]WorkDone DATA'!$G:$G,BOQ!$B83)*$G83","v":{"$error":"#VALUE!"}},{"$f":"SUMIFS('[20]WorkDone DATA'!$L:$L,'[20]WorkDone DATA'!$N:$N,BOQ!BJ$6,'[20]WorkDone DATA'!$G:$G,BOQ!$B83)*$G83","v":{"$error":"#VALUE!"}},{"$f":"SUMIFS('[20]WorkDone DATA'!$L:$L,'[20]WorkDone DATA'!$N:$N,BOQ!BK$6,'[20]WorkDone DATA'!$G:$G,BOQ!$B83)*$G83","v":{"$error":"#VALUE!"}},{"$f":"SUMIFS('[20]WorkDone DATA'!$L:$L,'[20]WorkDone DATA'!$N:$N,BOQ!BL$6,'[20]WorkDone DATA'!$G:$G,BOQ!$B83)*$G83","v":{"$error":"#VALUE!"}},{"$f":"SUMIFS('[20]WorkDone DATA'!$L:$L,'[20]WorkDone DATA'!$N:$N,BOQ!BM$6,'[20]WorkDone DATA'!$G:$G,BOQ!$B83)*$G83","v":{"$error":"#VALUE!"}},{"$f":"SUMIFS('[20]WorkDone DATA'!$L:$L,'[20]WorkDone DATA'!$N:$N,BOQ!BN$6,'[20]WorkDone DATA'!$G:$G,BOQ!$B83)*$G83","v":{"$error":"#VALUE!"}},{"$f":"SUMIFS('[20]WorkDone DATA'!$L:$L,'[20]WorkDone DATA'!$N:$N,BOQ!BO$6,'[20]WorkDone DATA'!$G:$G,BOQ!$B83)*$G83","v":{"$error":"#VALUE!"}},{"$f":"SUMIFS('[20]WorkDone DATA'!$L:$L,'[20]WorkDone DATA'!$N:$N,BOQ!BP$6,'[20]WorkDone DATA'!$G:$G,BOQ!$B83)*$G83","v":{"$error":"#VALUE!"}},{"$f":"SUMIFS('[20]WorkDone DATA'!$L:$L,'[20]WorkDone DATA'!$N:$N,BOQ!BQ$6,'[20]WorkDone DATA'!$G:$G,BOQ!$B83)*$G83","v":{"$error":"#VALUE!"}},{"$f":"SUMIFS('[20]WorkDone DATA'!$L:$L,'[20]WorkDone DATA'!$N:$N,BOQ!BR$6,'[20]WorkDone DATA'!$G:$G,BOQ!$B83)*$G83","v":{"$error":"#VALUE!"}},{"$f":"SUMIFS('[20]WorkDone DATA'!$L:$L,'[20]WorkDone DATA'!$N:$N,BOQ!BS$6,'[20]WorkDone DATA'!$G:$G,BOQ!$B83)*$G83","v":{"$error":"#VALUE!"}},{"$f":"SUMIFS('[20]WorkDone DATA'!$L:$L,'[20]WorkDone DATA'!$N:$N,BOQ!BT$6,'[20]WorkDone DATA'!$G:$G,BOQ!$B83)*$G83","v":{"$error":"#VALUE!"}},{"$f":"SUMIFS('[20]WorkDone DATA'!$L:$L,'[20]WorkDone DATA'!$N:$N,BOQ!BU$6,'[20]WorkDone DATA'!$G:$G,BOQ!$B83)*$G83","v":{"$error":"#VALUE!"}},{"$f":"SUMIFS('[20]WorkDone DATA'!$L:$L,'[20]WorkDone DATA'!$N:$N,BOQ!BV$6,'[20]WorkDone DATA'!$G:$G,BOQ!$B83)*$G83","v":{"$error":"#VALUE!"}},{"$f":"SUMIFS('[20]WorkDone DATA'!$L:$L,'[20]WorkDone DATA'!$N:$N,BOQ!BW$6,'[20]WorkDone DATA'!$G:$G,BOQ!$B83)*$G83","v":{"$error":"#VALUE!"}},{"$f":"SUMIFS('[20]WorkDone DATA'!$L:$L,'[20]WorkDone DATA'!$N:$N,BOQ!BX$6,'[20]WorkDone DATA'!$G:$G,BOQ!$B83)*$G83","v":{"$error":"#VALUE!"}}]
[{"$f":"C83","v":"300mm2 x 1 core (EXX01UCM) 6.35kV/11kV   "},2.037,"Supply","E","set",40,{"v":2551.41,"d":"2,551.41"},{"v":102056.4,"d":"102,056.40"},null,null,{"$error":"#VALUE!"},{"$error":"#VALUE!"},{"$error":"#VALUE!"},null,{"$error":"#VALUE!"},{"$error":"#VALUE!"},null,{"$f":"SUMIFS('[20]WorkDone DATA'!$L:$L,'[20]WorkDone DATA'!$N:$N,BOQ!S$6,'[20]WorkDone DATA'!$G:$G,BOQ!$B84)","v":{"$error":"#VALUE!"}},{"$error":"#VALUE!"},{"$f":"SUMIFS('[20]WorkDone DATA'!$L:$L,'[20]WorkDone DATA'!$N:$N,BOQ!U$6,'[20]WorkDone DATA'!$G:$G,BOQ!$B84)","v":{"$error":"#VALUE!"}},{"$error":"#VALUE!"},null,{"$f":"SUMIFS('[20]WorkDone DATA'!$L:$L,'[20]WorkDone DATA'!$N:$N,BOQ!W$6,'[20]WorkDone DATA'!$G:$G,BOQ!$B84)*$G84","v":{"$error":"#VALUE!"}},null,{"$f":"SUMIFS('[20]WorkDone DATA'!$L:$L,'[20]WorkDone DATA'!$N:$N,BOQ!Y$6,'[20]WorkDone DATA'!$G:$G,BOQ!$B84)*$G84","v":{"$error":"#VALUE!"}},null,{"$f":"SUMIFS('[20]WorkDone DATA'!$L:$L,'[20]WorkDone DATA'!$N:$N,BOQ!AA$6,'[20]WorkDone DATA'!$G:$G,BOQ!$B84)*$G84","v":{"$error":"#VALUE!"}},{"$f":"SUMIFS('[20]WorkDone DATA'!$L:$L,'[20]WorkDone DATA'!$N:$N,BOQ!AB$6,'[20]WorkDone DATA'!$G:$G,BOQ!$B84)*$G84","v":{"$error":"#VALUE!"}},{"$f":"SUMIFS('[20]WorkDone DATA'!$L:$L,'[20]WorkDone DATA'!$N:$N,BOQ!AC$6,'[20]WorkDone DATA'!$G:$G,BOQ!$B84)*$G84","v":{"$error":"#VALUE!"}},{"$f":"SUMIFS('[20]WorkDone DATA'!$L:$L,'[20]WorkDone DATA'!$N:$N,BOQ!AD$6,'[20]WorkDone DATA'!$G:$G,BOQ!$B84)*$G84","v":{"$error":"#VALUE!"}},{"$f":"SUMIFS('[20]WorkDone DATA'!$L:$L,'[20]WorkDone DATA'!$N:$N,BOQ!AE$6,'[20]WorkDone DATA'!$G:$G,BOQ!$B84)*$G84","v":{"$error":"#VALUE!"}},{"$f":"SUMIFS('[20]WorkDone DATA'!$L:$L,'[20]WorkDone DATA'!$N:$N,BOQ!AF$6,'[20]WorkDone DATA'!$G:$G,BOQ!$B84)*$G84","v":{"$error":"#VALUE!"}},{"$f":"SUMIFS('[20]WorkDone DATA'!$L:$L,'[20]WorkDone DATA'!$N:$N,BOQ!AG$6,'[20]WorkDone DATA'!$G:$G,BOQ!$B84)*$G84","v":{"$error":"#VALUE!"}},{"$f":"SUMIFS('[20]WorkDone DATA'!$L:$L,'[20]WorkDone DATA'!$N:$N,BOQ!AH$6,'[20]WorkDone DATA'!$G:$G,BOQ!$B84)*$G84","v":{"$error":"#VALUE!"}},{"$f":"SUMIFS('[20]WorkDone DATA'!$L:$L,'[20]WorkDone DATA'!$N:$N,BOQ!AI$6,'[20]WorkDone DATA'!$G:$G,BOQ!$B84)*$G84","v":{"$error":"#VALUE!"}},{"$f":"SUMIFS('[20]WorkDone DATA'!$L:$L,'[20]WorkDone DATA'!$N:$N,BOQ!AJ$6,'[20]WorkDone DATA'!$G:$G,BOQ!$B84)*$G84","v":{"$error":"#VALUE!"}},{"$f":"SUMIFS('[20]WorkDone DATA'!$L:$L,'[20]WorkDone DATA'!$N:$N,BOQ!AK$6,'[20]WorkDone DATA'!$G:$G,BOQ!$B84)*$G84","v":{"$error":"#VALUE!"}},{"$f":"SUMIFS('[20]WorkDone DATA'!$L:$L,'[20]WorkDone DATA'!$N:$N,BOQ!AL$6,'[20]WorkDone DATA'!$G:$G,BOQ!$B84)*$G84","v":{"$error":"#VALUE!"}},{"$f":"SUMIFS('[20]WorkDone DATA'!$L:$L,'[20]WorkDone DATA'!$N:$N,BOQ!AM$6,'[20]WorkDone DATA'!$G:$G,BOQ!$B84)*$G84","v":{"$error":"#VALUE!"}},{"$f":"SUMIFS('[20]WorkDone DATA'!$L:$L,'[20]WorkDone DATA'!$N:$N,BOQ!AN$6,'[20]WorkDone DATA'!$G:$G,BOQ!$B84)*$G84","v":{"$error":"#VALUE!"}},{"$f":"SUMIFS('[20]WorkDone DATA'!$L:$L,'[20]WorkDone DATA'!$N:$N,BOQ!AO$6,'[20]WorkDone DATA'!$G:$G,BOQ!$B84)*$G84","v":{"$error":"#VALUE!"}},{"$f":"SUMIFS('[20]WorkDone DATA'!$L:$L,'[20]WorkDone DATA'!$N:$N,BOQ!AP$6,'[20]WorkDone DATA'!$G:$G,BOQ!$B84)*$G84","v":{"$error":"#VALUE!"}},{"$f":"SUMIFS('[20]WorkDone DATA'!$L:$L,'[20]WorkDone DATA'!$N:$N,BOQ!AQ$6,'[20]WorkDone DATA'!$G:$G,BOQ!$B84)*$G84","v":{"$error":"#VALUE!"}},{"$f":"SUMIFS('[20]WorkDone DATA'!$L:$L,'[20]WorkDone DATA'!$N:$N,BOQ!AR$6,'[20]WorkDone DATA'!$G:$G,BOQ!$B84)*$G84","v":{"$error":"#VALUE!"}},{"$f":"SUMIFS('[20]WorkDone DATA'!$L:$L,'[20]WorkDone DATA'!$N:$N,BOQ!AS$6,'[20]WorkDone DATA'!$G:$G,BOQ!$B84)*$G84","v":{"$error":"#VALUE!"}},{"$f":"SUMIFS('[20]WorkDone DATA'!$L:$L,'[20]WorkDone DATA'!$N:$N,BOQ!AT$6,'[20]WorkDone DATA'!$G:$G,BOQ!$B84)*$G84","v":{"$error":"#VALUE!"}},{"$f":"SUMIFS('[20]WorkDone DATA'!$L:$L,'[20]WorkDone DATA'!$N:$N,BOQ!AU$6,'[20]WorkDone DATA'!$G:$G,BOQ!$B84)*$G84","v":{"$error":"#VALUE!"}},{"$f":"SUMIFS('[20]WorkDone DATA'!$L:$L,'[20]WorkDone DATA'!$N:$N,BOQ!AV$6,'[20]WorkDone DATA'!$G:$G,BOQ!$B84)*$G84","v":{"$error":"#VALUE!"}},{"$f":"SUMIFS('[20]WorkDone DATA'!$L:$L,'[20]WorkDone DATA'!$N:$N,BOQ!AW$6,'[20]WorkDone DATA'!$G:$G,BOQ!$B84)*$G84","v":{"$error":"#VALUE!"}},{"$f":"SUMIFS('[20]WorkDone DATA'!$L:$L,'[20]WorkDone DATA'!$N:$N,BOQ!AX$6,'[20]WorkDone DATA'!$G:$G,BOQ!$B84)*$G84","v":{"$error":"#VALUE!"}},{"$f":"SUMIFS('[20]WorkDone DATA'!$L:$L,'[20]WorkDone DATA'!$N:$N,BOQ!AY$6,'[20]WorkDone DATA'!$G:$G,BOQ!$B84)*$G84","v":{"$error":"#VALUE!"}},{"$f":"SUMIFS('[20]WorkDone DATA'!$L:$L,'[20]WorkDone DATA'!$N:$N,BOQ!AZ$6,'[20]WorkDone DATA'!$G:$G,BOQ!$B84)*$G84","v":{"$error":"#VALUE!"}},{"$f":"SUMIFS('[20]WorkDone DATA'!$L:$L,'[20]WorkDone DATA'!$N:$N,BOQ!BA$6,'[20]WorkDone DATA'!$G:$G,BOQ!$B84)*$G84","v":{"$error":"#VALUE!"}},{"$f":"SUMIFS('[20]WorkDone DATA'!$L:$L,'[20]WorkDone DATA'!$N:$N,BOQ!BB$6,'[20]WorkDone DATA'!$G:$G,BOQ!$B84)*$G84","v":{"$error":"#VALUE!"}},{"$f":"SUMIFS('[20]WorkDone DATA'!$L:$L,'[20]WorkDone DATA'!$N:$N,BOQ!BC$6,'[20]WorkDone DATA'!$G:$G,BOQ!$B84)*$G84","v":{"$error":"#VALUE!"}},{"$f":"SUMIFS('[20]WorkDone DATA'!$L:$L,'[20]WorkDone DATA'!$N:$N,BOQ!BD$6,'[20]WorkDone DATA'!$G:$G,BOQ!$B84)*$G84","v":{"$error":"#VALUE!"}},{"$f":"SUMIFS('[20]WorkDone DATA'!$L:$L,'[20]WorkDone DATA'!$N:$N,BOQ!BE$6,'[20]WorkDone DATA'!$G:$G,BOQ!$B84)*$G84","v":{"$error":"#VALUE!"}},{"$f":"SUMIFS('[20]WorkDone DATA'!$L:$L,'[20]WorkDone DATA'!$N:$N,BOQ!BF$6,'[20]WorkDone DATA'!$G:$G,BOQ!$B84)*$G84","v":{"$error":"#VALUE!"}},{"$f":"SUMIFS('[20]WorkDone DATA'!$L:$L,'[20]WorkDone DATA'!$N:$N,BOQ!BG$6,'[20]WorkDone DATA'!$G:$G,BOQ!$B84)*$G84","v":{"$error":"#VALUE!"}},{"$f":"SUMIFS('[20]WorkDone DATA'!$L:$L,'[20]WorkDone DATA'!$N:$N,BOQ!BH$6,'[20]WorkDone DATA'!$G:$G,BOQ!$B84)*$G84","v":{"$error":"#VALUE!"}},{"$f":"SUMIFS('[20]WorkDone DATA'!$L:$L,'[20]WorkDone DATA'!$N:$N,BOQ!BI$6,'[20]WorkDone DATA'!$G:$G,BOQ!$B84)*$G84","v":{"$error":"#VALUE!"}},{"$f":"SUMIFS('[20]WorkDone DATA'!$L:$L,'[20]WorkDone DATA'!$N:$N,BOQ!BJ$6,'[20]WorkDone DATA'!$G:$G,BOQ!$B84)*$G84","v":{"$error":"#VALUE!"}},{"$f":"SUMIFS('[20]WorkDone DATA'!$L:$L,'[20]WorkDone DATA'!$N:$N,BOQ!BK$6,'[20]WorkDone DATA'!$G:$G,BOQ!$B84)*$G84","v":{"$error":"#VALUE!"}},{"$f":"SUMIFS('[20]WorkDone DATA'!$L:$L,'[20]WorkDone DATA'!$N:$N,BOQ!BL$6,'[20]WorkDone DATA'!$G:$G,BOQ!$B84)*$G84","v":{"$error":"#VALUE!"}},{"$f":"SUMIFS('[20]WorkDone DATA'!$L:$L,'[20]WorkDone DATA'!$N:$N,BOQ!BM$6,'[20]WorkDone DATA'!$G:$G,BOQ!$B84)*$G84","v":{"$error":"#VALUE!"}},{"$f":"SUMIFS('[20]WorkDone DATA'!$L:$L,'[20]WorkDone DATA'!$N:$N,BOQ!BN$6,'[20]WorkDone DATA'!$G:$G,BOQ!$B84)*$G84","v":{"$error":"#VALUE!"}},{"$f":"SUMIFS('[20]WorkDone DATA'!$L:$L,'[20]WorkDone DATA'!$N:$N,BOQ!BO$6,'[20]WorkDone DATA'!$G:$G,BOQ!$B84)*$G84","v":{"$error":"#VALUE!"}},{"$f":"SUMIFS('[20]WorkDone DATA'!$L:$L,'[20]WorkDone DATA'!$N:$N,BOQ!BP$6,'[20]WorkDone DATA'!$G:$G,BOQ!$B84)*$G84","v":{"$error":"#VALUE!"}},{"$f":"SUMIFS('[20]WorkDone DATA'!$L:$L,'[20]WorkDone DATA'!$N:$N,BOQ!BQ$6,'[20]WorkDone DATA'!$G:$G,BOQ!$B84)*$G84","v":{"$error":"#VALUE!"}},{"$f":"SUMIFS('[20]WorkDone DATA'!$L:$L,'[20]WorkDone DATA'!$N:$N,BOQ!BR$6,'[20]WorkDone DATA'!$G:$G,BOQ!$B84)*$G84","v":{"$error":"#VALUE!"}},{"$f":"SUMIFS('[20]WorkDone DATA'!$L:$L,'[20]WorkDone DATA'!$N:$N,BOQ!BS$6,'[20]WorkDone DATA'!$G:$G,BOQ!$B84)*$G84","v":{"$error":"#VALUE!"}},{"$f":"SUMIFS('[20]WorkDone DATA'!$L:$L,'[20]WorkDone DATA'!$N:$N,BOQ!BT$6,'[20]WorkDone DATA'!$G:$G,BOQ!$B84)*$G84","v":{"$error":"#VALUE!"}},{"$f":"SUMIFS('[20]WorkDone DATA'!$L:$L,'[20]WorkDone DATA'!$N:$N,BOQ!BU$6,'[20]WorkDone DATA'!$G:$G,BOQ!$B84)*$G84","v":{"$error":"#VALUE!"}},{"$f":"SUMIFS('[20]WorkDone DATA'!$L:$L,'[20]WorkDone DATA'!$N:$N,BOQ!BV$6,'[20]WorkDone DATA'!$G:$G,BOQ!$B84)*$G84","v":{"$error":"#VALUE!"}},{"$f":"SUMIFS('[20]WorkDone DATA'!$L:$L,'[20]WorkDone DATA'!$N:$N,BOQ!BW$6,'[20]WorkDone DATA'!$G:$G,BOQ!$B84)*$G84","v":{"$error":"#VALUE!"}},{"$f":"SUMIFS('[20]WorkDone DATA'!$L:$L,'[20]WorkDone DATA'!$N:$N,BOQ!BX$6,'[20]WorkDone DATA'!$G:$G,BOQ!$B84)*$G84","v":{"$error":"#VALUE!"}}]
[{"$f":"C83","v":"300mm2 x 1 core (EXX01UCM) 6.35kV/11kV   "},2.038,"Installation","A","set",40,{"v":3698.08,"d":"3,698.08"},{"v":147923.2,"d":"147,923.20"},null,null,{"$error":"#VALUE!"},{"$error":"#VALUE!"},{"$error":"#VALUE!"},null,{"$error":"#VALUE!"},{"$error":"#VALUE!"},null,{"$f":"SUMIFS('[20]WorkDone DATA'!$L:$L,'[20]WorkDone DATA'!$N:$N,BOQ!S$6,'[20]WorkDone DATA'!$G:$G,BOQ!$B85)","v":{"$error":"#VALUE!"}},{"$error":"#VALUE!"},{"$f":"SUMIFS('[20]WorkDone DATA'!$L:$L,'[20]WorkDone DATA'!$N:$N,BOQ!U$6,'[20]WorkDone DATA'!$G:$G,BOQ!$B85)","v":{"$error":"#VALUE!"}},{"$error":"#VALUE!"},null,{"$f":"SUMIFS('[20]WorkDone DATA'!$L:$L,'[20]WorkDone DATA'!$N:$N,BOQ!W$6,'[20]WorkDone DATA'!$G:$G,BOQ!$B85)*$G85","v":{"$error":"#VALUE!"}},null,{"$f":"SUMIFS('[20]WorkDone DATA'!$L:$L,'[20]WorkDone DATA'!$N:$N,BOQ!Y$6,'[20]WorkDone DATA'!$G:$G,BOQ!$B85)*$G85","v":{"$error":"#VALUE!"}},null,{"$f":"SUMIFS('[20]WorkDone DATA'!$L:$L,'[20]WorkDone DATA'!$N:$N,BOQ!AA$6,'[20]WorkDone DATA'!$G:$G,BOQ!$B85)*$G85","v":{"$error":"#VALUE!"}},{"$f":"SUMIFS('[20]WorkDone DATA'!$L:$L,'[20]WorkDone DATA'!$N:$N,BOQ!AB$6,'[20]WorkDone DATA'!$G:$G,BOQ!$B85)*$G85","v":{"$error":"#VALUE!"}},{"$f":"SUMIFS('[20]WorkDone DATA'!$L:$L,'[20]WorkDone DATA'!$N:$N,BOQ!AC$6,'[20]WorkDone DATA'!$G:$G,BOQ!$B85)*$G85","v":{"$error":"#VALUE!"}},{"$f":"SUMIFS('[20]WorkDone DATA'!$L:$L,'[20]WorkDone DATA'!$N:$N,BOQ!AD$6,'[20]WorkDone DATA'!$G:$G,BOQ!$B85)*$G85","v":{"$error":"#VALUE!"}},{"$f":"SUMIFS('[20]WorkDone DATA'!$L:$L,'[20]WorkDone DATA'!$N:$N,BOQ!AE$6,'[20]WorkDone DATA'!$G:$G,BOQ!$B85)*$G85","v":{"$error":"#VALUE!"}},{"$f":"SUMIFS('[20]WorkDone DATA'!$L:$L,'[20]WorkDone DATA'!$N:$N,BOQ!AF$6,'[20]WorkDone DATA'!$G:$G,BOQ!$B85)*$G85","v":{"$error":"#VALUE!"}},{"$f":"SUMIFS('[20]WorkDone DATA'!$L:$L,'[20]WorkDone DATA'!$N:$N,BOQ!AG$6,'[20]WorkDone DATA'!$G:$G,BOQ!$B85)*$G85","v":{"$error":"#VALUE!"}},{"$f":"SUMIFS('[20]WorkDone DATA'!$L:$L,'[20]WorkDone DATA'!$N:$N,BOQ!AH$6,'[20]WorkDone DATA'!$G:$G,BOQ!$B85)*$G85","v":{"$error":"#VALUE!"}},{"$f":"SUMIFS('[20]WorkDone DATA'!$L:$L,'[20]WorkDone DATA'!$N:$N,BOQ!AI$6,'[20]WorkDone DATA'!$G:$G,BOQ!$B85)*$G85","v":{"$error":"#VALUE!"}},{"$f":"SUMIFS('[20]WorkDone DATA'!$L:$L,'[20]WorkDone DATA'!$N:$N,BOQ!AJ$6,'[20]WorkDone DATA'!$G:$G,BOQ!$B85)*$G85","v":{"$error":"#VALUE!"}},{"$f":"SUMIFS('[20]WorkDone DATA'!$L:$L,'[20]WorkDone DATA'!$N:$N,BOQ!AK$6,'[20]WorkDone DATA'!$G:$G,BOQ!$B85)*$G85","v":{"$error":"#VALUE!"}},{"$f":"SUMIFS('[20]WorkDone DATA'!$L:$L,'[20]WorkDone DATA'!$N:$N,BOQ!AL$6,'[20]WorkDone DATA'!$G:$G,BOQ!$B85)*$G85","v":{"$error":"#VALUE!"}},{"$f":"SUMIFS('[20]WorkDone DATA'!$L:$L,'[20]WorkDone DATA'!$N:$N,BOQ!AM$6,'[20]WorkDone DATA'!$G:$G,BOQ!$B85)*$G85","v":{"$error":"#VALUE!"}},{"$f":"SUMIFS('[20]WorkDone DATA'!$L:$L,'[20]WorkDone DATA'!$N:$N,BOQ!AN$6,'[20]WorkDone DATA'!$G:$G,BOQ!$B85)*$G85","v":{"$error":"#VALUE!"}},{"$f":"SUMIFS('[20]WorkDone DATA'!$L:$L,'[20]WorkDone DATA'!$N:$N,BOQ!AO$6,'[20]WorkDone DATA'!$G:$G,BOQ!$B85)*$G85","v":{"$error":"#VALUE!"}},{"$f":"SUMIFS('[20]WorkDone DATA'!$L:$L,'[20]WorkDone DATA'!$N:$N,BOQ!AP$6,'[20]WorkDone DATA'!$G:$G,BOQ!$B85)*$G85","v":{"$error":"#VALUE!"}},{"$f":"SUMIFS('[20]WorkDone DATA'!$L:$L,'[20]WorkDone DATA'!$N:$N,BOQ!AQ$6,'[20]WorkDone DATA'!$G:$G,BOQ!$B85)*$G85","v":{"$error":"#VALUE!"}},{"$f":"SUMIFS('[20]WorkDone DATA'!$L:$L,'[20]WorkDone DATA'!$N:$N,BOQ!AR$6,'[20]WorkDone DATA'!$G:$G,BOQ!$B85)*$G85","v":{"$error":"#VALUE!"}},{"$f":"SUMIFS('[20]WorkDone DATA'!$L:$L,'[20]WorkDone DATA'!$N:$N,BOQ!AS$6,'[20]WorkDone DATA'!$G:$G,BOQ!$B85)*$G85","v":{"$error":"#VALUE!"}},{"$f":"SUMIFS('[20]WorkDone DATA'!$L:$L,'[20]WorkDone DATA'!$N:$N,BOQ!AT$6,'[20]WorkDone DATA'!$G:$G,BOQ!$B85)*$G85","v":{"$error":"#VALUE!"}},{"$f":"SUMIFS('[20]WorkDone DATA'!$L:$L,'[20]WorkDone DATA'!$N:$N,BOQ!AU$6,'[20]WorkDone DATA'!$G:$G,BOQ!$B85)*$G85","v":{"$error":"#VALUE!"}},{"$f":"SUMIFS('[20]WorkDone DATA'!$L:$L,'[20]WorkDone DATA'!$N:$N,BOQ!AV$6,'[20]WorkDone DATA'!$G:$G,BOQ!$B85)*$G85","v":{"$error":"#VALUE!"}},{"$f":"SUMIFS('[20]WorkDone DATA'!$L:$L,'[20]WorkDone DATA'!$N:$N,BOQ!AW$6,'[20]WorkDone DATA'!$G:$G,BOQ!$B85)*$G85","v":{"$error":"#VALUE!"}},{"$f":"SUMIFS('[20]WorkDone DATA'!$L:$L,'[20]WorkDone DATA'!$N:$N,BOQ!AX$6,'[20]WorkDone DATA'!$G:$G,BOQ!$B85)*$G85","v":{"$error":"#VALUE!"}},{"$f":"SUMIFS('[20]WorkDone DATA'!$L:$L,'[20]WorkDone DATA'!$N:$N,BOQ!AY$6,'[20]WorkDone DATA'!$G:$G,BOQ!$B85)*$G85","v":{"$error":"#VALUE!"}},{"$f":"SUMIFS('[20]WorkDone DATA'!$L:$L,'[20]WorkDone DATA'!$N:$N,BOQ!AZ$6,'[20]WorkDone DATA'!$G:$G,BOQ!$B85)*$G85","v":{"$error":"#VALUE!"}},{"$f":"SUMIFS('[20]WorkDone DATA'!$L:$L,'[20]WorkDone DATA'!$N:$N,BOQ!BA$6,'[20]WorkDone DATA'!$G:$G,BOQ!$B85)*$G85","v":{"$error":"#VALUE!"}},{"$f":"SUMIFS('[20]WorkDone DATA'!$L:$L,'[20]WorkDone DATA'!$N:$N,BOQ!BB$6,'[20]WorkDone DATA'!$G:$G,BOQ!$B85)*$G85","v":{"$error":"#VALUE!"}},{"$f":"SUMIFS('[20]WorkDone DATA'!$L:$L,'[20]WorkDone DATA'!$N:$N,BOQ!BC$6,'[20]WorkDone DATA'!$G:$G,BOQ!$B85)*$G85","v":{"$error":"#VALUE!"}},{"$f":"SUMIFS('[20]WorkDone DATA'!$L:$L,'[20]WorkDone DATA'!$N:$N,BOQ!BD$6,'[20]WorkDone DATA'!$G:$G,BOQ!$B85)*$G85","v":{"$error":"#VALUE!"}},{"$f":"SUMIFS('[20]WorkDone DATA'!$L:$L,'[20]WorkDone DATA'!$N:$N,BOQ!BE$6,'[20]WorkDone DATA'!$G:$G,BOQ!$B85)*$G85","v":{"$error":"#VALUE!"}},{"$f":"SUMIFS('[20]WorkDone DATA'!$L:$L,'[20]WorkDone DATA'!$N:$N,BOQ!BF$6,'[20]WorkDone DATA'!$G:$G,BOQ!$B85)*$G85","v":{"$error":"#VALUE!"}},{"$f":"SUMIFS('[20]WorkDone DATA'!$L:$L,'[20]WorkDone DATA'!$N:$N,BOQ!BG$6,'[20]WorkDone DATA'!$G:$G,BOQ!$B85)*$G85","v":{"$error":"#VALUE!"}},{"$f":"SUMIFS('[20]WorkDone DATA'!$L:$L,'[20]WorkDone DATA'!$N:$N,BOQ!BH$6,'[20]WorkDone DATA'!$G:$G,BOQ!$B85)*$G85","v":{"$error":"#VALUE!"}},{"$f":"SUMIFS('[20]WorkDone DATA'!$L:$L,'[20]WorkDone DATA'!$N:$N,BOQ!BI$6,'[20]WorkDone DATA'!$G:$G,BOQ!$B85)*$G85","v":{"$error":"#VALUE!"}},{"$f":"SUMIFS('[20]WorkDone DATA'!$L:$L,'[20]WorkDone DATA'!$N:$N,BOQ!BJ$6,'[20]WorkDone DATA'!$G:$G,BOQ!$B85)*$G85","v":{"$error":"#VALUE!"}},{"$f":"SUMIFS('[20]WorkDone DATA'!$L:$L,'[20]WorkDone DATA'!$N:$N,BOQ!BK$6,'[20]WorkDone DATA'!$G:$G,BOQ!$B85)*$G85","v":{"$error":"#VALUE!"}},{"$f":"SUMIFS('[20]WorkDone DATA'!$L:$L,'[20]WorkDone DATA'!$N:$N,BOQ!BL$6,'[20]WorkDone DATA'!$G:$G,BOQ!$B85)*$G85","v":{"$error":"#VALUE!"}},{"$f":"SUMIFS('[20]WorkDone DATA'!$L:$L,'[20]WorkDone DATA'!$N:$N,BOQ!BM$6,'[20]WorkDone DATA'!$G:$G,BOQ!$B85)*$G85","v":{"$error":"#VALUE!"}},{"$f":"SUMIFS('[20]WorkDone DATA'!$L:$L,'[20]WorkDone DATA'!$N:$N,BOQ!BN$6,'[20]WorkDone DATA'!$G:$G,BOQ!$B85)*$G85","v":{"$error":"#VALUE!"}},{"$f":"SUMIFS('[20]WorkDone DATA'!$L:$L,'[20]WorkDone DATA'!$N:$N,BOQ!BO$6,'[20]WorkDone DATA'!$G:$G,BOQ!$B85)*$G85","v":{"$error":"#VALUE!"}},{"$f":"SUMIFS('[20]WorkDone DATA'!$L:$L,'[20]WorkDone DATA'!$N:$N,BOQ!BP$6,'[20]WorkDone DATA'!$G:$G,BOQ!$B85)*$G85","v":{"$error":"#VALUE!"}},{"$f":"SUMIFS('[20]WorkDone DATA'!$L:$L,'[20]WorkDone DATA'!$N:$N,BOQ!BQ$6,'[20]WorkDone DATA'!$G:$G,BOQ!$B85)*$G85","v":{"$error":"#VALUE!"}},{"$f":"SUMIFS('[20]WorkDone DATA'!$L:$L,'[20]WorkDone DATA'!$N:$N,BOQ!BR$6,'[20]WorkDone DATA'!$G:$G,BOQ!$B85)*$G85","v":{"$error":"#VALUE!"}},{"$f":"SUMIFS('[20]WorkDone DATA'!$L:$L,'[20]WorkDone DATA'!$N:$N,BOQ!BS$6,'[20]WorkDone DATA'!$G:$G,BOQ!$B85)*$G85","v":{"$error":"#VALUE!"}},{"$f":"SUMIFS('[20]WorkDone DATA'!$L:$L,'[20]WorkDone DATA'!$N:$N,BOQ!BT$6,'[20]WorkDone DATA'!$G:$G,BOQ!$B85)*$G85","v":{"$error":"#VALUE!"}},{"$f":"SUMIFS('[20]WorkDone DATA'!$L:$L,'[20]WorkDone DATA'!$N:$N,BOQ!BU$6,'[20]WorkDone DATA'!$G:$G,BOQ!$B85)*$G85","v":{"$error":"#VALUE!"}},{"$f":"SUMIFS('[20]WorkDone DATA'!$L:$L,'[20]WorkDone DATA'!$N:$N,BOQ!BV$6,'[20]WorkDone DATA'!$G:$G,BOQ!$B85)*$G85","v":{"$error":"#VALUE!"}},{"$f":"SUMIFS('[20]WorkDone DATA'!$L:$L,'[20]WorkDone DATA'!$N:$N,BOQ!BW$6,'[20]WorkDone DATA'!$G:$G,BOQ!$B85)*$G85","v":{"$error":"#VALUE!"}},{"$f":"SUMIFS('[20]WorkDone DATA'!$L:$L,'[20]WorkDone DATA'!$N:$N,BOQ!BX$6,'[20]WorkDone DATA'!$G:$G,BOQ!$B85)*$G85","v":{"$error":"#VALUE!"}}]
[null,null,"150mm2 x 1core (EXX01RCV) 6.35 kV/11kV \n",{"$nulls":4},0,{"$nulls":3},{"$error":"#VALUE!"},{"$error":"#VALUE!"},null,0,{"$error":"#VALUE!"},null,{"$f":"SUMIFS('[20]WorkDone DATA'!$L:$L,'[20]WorkDone DATA'!$N:$N,BOQ!S$6,'[20]WorkDone DATA'!$G:$G,BOQ!$B86)","v":{"$error":"#VALUE!"}},{"$error":"#VALUE!"},{"$f":"SUMIFS('[20]WorkDone DATA'!$L:$L,'[20]WorkDone DATA'!$N:$N,BOQ!U$6,'[20]WorkDone DATA'!$G:$G,BOQ!$B86)","v":{"$error":"#VALUE!"}},{"$error":"#VALUE!"},null,{"$f":"SUMIFS('[20]WorkDone DATA'!$L:$L,'[20]WorkDone DATA'!$N:$N,BOQ!W$6,'[20]WorkDone DATA'!$G:$G,BOQ!$B86)*$G86","v":{"$error":"#VALUE!"}},null,{"$f":"SUMIFS('[20]WorkDone DATA'!$L:$L,'[20]WorkDone DATA'!$N:$N,BOQ!Y$6,'[20]WorkDone DATA'!$G:$G,BOQ!$B86)*$G86","v":{"$error":"#VALUE!"}},null,{"$f":"SUMIFS('[20]WorkDone DATA'!$L:$L,'[20]WorkDone DATA'!$N:$N,BOQ!AA$6,'[20]WorkDone DATA'!$G:$G,BOQ!$B86)*$G86","v":{"$error":"#VALUE!"}},{"$f":"SUMIFS('[20]WorkDone DATA'!$L:$L,'[20]WorkDone DATA'!$N:$N,BOQ!AB$6,'[20]WorkDone DATA'!$G:$G,BOQ!$B86)*$G86","v":{"$error":"#VALUE!"}},{"$f":"SUMIFS('[20]WorkDone DATA'!$L:$L,'[20]WorkDone DATA'!$N:$N,BOQ!AC$6,'[20]WorkDone DATA'!$G:$G,BOQ!$B86)*$G86","v":{"$error":"#VALUE!"}},{"$f":"SUMIFS('[20]WorkDone DATA'!$L:$L,'[20]WorkDone DATA'!$N:$N,BOQ!AD$6,'[20]WorkDone DATA'!$G:$G,BOQ!$B86)*$G86","v":{"$error":"#VALUE!"}},{"$f":"SUMIFS('[20]WorkDone DATA'!$L:$L,'[20]WorkDone DATA'!$N:$N,BOQ!AE$6,'[20]WorkDone DATA'!$G:$G,BOQ!$B86)*$G86","v":{"$error":"#VALUE!"}},{"$f":"SUMIFS('[20]WorkDone DATA'!$L:$L,'[20]WorkDone DATA'!$N:$N,BOQ!AF$6,'[20]WorkDone DATA'!$G:$G,BOQ!$B86)*$G86","v":{"$error":"#VALUE!"}},{"$f":"SUMIFS('[20]WorkDone DATA'!$L:$L,'[20]WorkDone DATA'!$N:$N,BOQ!AG$6,'[20]WorkDone DATA'!$G:$G,BOQ!$B86)*$G86","v":{"$error":"#VALUE!"}},{"$f":"SUMIFS('[20]WorkDone DATA'!$L:$L,'[20]WorkDone DATA'!$N:$N,BOQ!AH$6,'[20]WorkDone DATA'!$G:$G,BOQ!$B86)*$G86","v":{"$error":"#VALUE!"}},{"$f":"SUMIFS('[20]WorkDone DATA'!$L:$L,'[20]WorkDone DATA'!$N:$N,BOQ!AI$6,'[20]WorkDone DATA'!$G:$G,BOQ!$B86)*$G86","v":{"$error":"#VALUE!"}},{"$f":"SUMIFS('[20]WorkDone DATA'!$L:$L,'[20]WorkDone DATA'!$N:$N,BOQ!AJ$6,'[20]WorkDone DATA'!$G:$G,BOQ!$B86)*$G86","v":{"$error":"#VALUE!"}},{"$f":"SUMIFS('[20]WorkDone DATA'!$L:$L,'[20]WorkDone DATA'!$N:$N,BOQ!AK$6,'[20]WorkDone DATA'!$G:$G,BOQ!$B86)*$G86","v":{"$error":"#VALUE!"}},{"$f":"SUMIFS('[20]WorkDone DATA'!$L:$L,'[20]WorkDone DATA'!$N:$N,BOQ!AL$6,'[20]WorkDone DATA'!$G:$G,BOQ!$B86)*$G86","v":{"$error":"#VALUE!"}},{"$f":"SUMIFS('[20]WorkDone DATA'!$L:$L,'[20]WorkDone DATA'!$N:$N,BOQ!AM$6,'[20]WorkDone DATA'!$G:$G,BOQ!$B86)*$G86","v":{"$error":"#VALUE!"}},{"$f":"SUMIFS('[20]WorkDone DATA'!$L:$L,'[20]WorkDone DATA'!$N:$N,BOQ!AN$6,'[20]WorkDone DATA'!$G:$G,BOQ!$B86)*$G86","v":{"$error":"#VALUE!"}},{"$f":"SUMIFS('[20]WorkDone DATA'!$L:$L,'[20]WorkDone DATA'!$N:$N,BOQ!AO$6,'[20]WorkDone DATA'!$G:$G,BOQ!$B86)*$G86","v":{"$error":"#VALUE!"}},{"$f":"SUMIFS('[20]WorkDone DATA'!$L:$L,'[20]WorkDone DATA'!$N:$N,BOQ!AP$6,'[20]WorkDone DATA'!$G:$G,BOQ!$B86)*$G86","v":{"$error":"#VALUE!"}},{"$f":"SUMIFS('[20]WorkDone DATA'!$L:$L,'[20]WorkDone DATA'!$N:$N,BOQ!AQ$6,'[20]WorkDone DATA'!$G:$G,BOQ!$B86)*$G86","v":{"$error":"#VALUE!"}},{"$f":"SUMIFS('[20]WorkDone DATA'!$L:$L,'[20]WorkDone DATA'!$N:$N,BOQ!AR$6,'[20]WorkDone DATA'!$G:$G,BOQ!$B86)*$G86","v":{"$error":"#VALUE!"}},{"$f":"SUMIFS('[20]WorkDone DATA'!$L:$L,'[20]WorkDone DATA'!$N:$N,BOQ!AS$6,'[20]WorkDone DATA'!$G:$G,BOQ!$B86)*$G86","v":{"$error":"#VALUE!"}},{"$f":"SUMIFS('[20]WorkDone DATA'!$L:$L,'[20]WorkDone DATA'!$N:$N,BOQ!AT$6,'[20]WorkDone DATA'!$G:$G,BOQ!$B86)*$G86","v":{"$error":"#VALUE!"}},{"$f":"SUMIFS('[20]WorkDone DATA'!$L:$L,'[20]WorkDone DATA'!$N:$N,BOQ!AU$6,'[20]WorkDone DATA'!$G:$G,BOQ!$B86)*$G86","v":{"$error":"#VALUE!"}},{"$f":"SUMIFS('[20]WorkDone DATA'!$L:$L,'[20]WorkDone DATA'!$N:$N,BOQ!AV$6,'[20]WorkDone DATA'!$G:$G,BOQ!$B86)*$G86","v":{"$error":"#VALUE!"}},{"$f":"SUMIFS('[20]WorkDone DATA'!$L:$L,'[20]WorkDone DATA'!$N:$N,BOQ!AW$6,'[20]WorkDone DATA'!$G:$G,BOQ!$B86)*$G86","v":{"$error":"#VALUE!"}},{"$f":"SUMIFS('[20]WorkDone DATA'!$L:$L,'[20]WorkDone DATA'!$N:$N,BOQ!AX$6,'[20]WorkDone DATA'!$G:$G,BOQ!$B86)*$G86","v":{"$error":"#VALUE!"}},{"$f":"SUMIFS('[20]WorkDone DATA'!$L:$L,'[20]WorkDone DATA'!$N:$N,BOQ!AY$6,'[20]WorkDone DATA'!$G:$G,BOQ!$B86)*$G86","v":{"$error":"#VALUE!"}},{"$f":"SUMIFS('[20]WorkDone DATA'!$L:$L,'[20]WorkDone DATA'!$N:$N,BOQ!AZ$6,'[20]WorkDone DATA'!$G:$G,BOQ!$B86)*$G86","v":{"$error":"#VALUE!"}},{"$f":"SUMIFS('[20]WorkDone DATA'!$L:$L,'[20]WorkDone DATA'!$N:$N,BOQ!BA$6,'[20]WorkDone DATA'!$G:$G,BOQ!$B86)*$G86","v":{"$error":"#VALUE!"}},{"$f":"SUMIFS('[20]WorkDone DATA'!$L:$L,'[20]WorkDone DATA'!$N:$N,BOQ!BB$6,'[20]WorkDone DATA'!$G:$G,BOQ!$B86)*$G86","v":{"$error":"#VALUE!"}},{"$f":"SUMIFS('[20]WorkDone DATA'!$L:$L,'[20]WorkDone DATA'!$N:$N,BOQ!BC$6,'[20]WorkDone DATA'!$G:$G,BOQ!$B86)*$G86","v":{"$error":"#VALUE!"}},{"$f":"SUMIFS('[20]WorkDone DATA'!$L:$L,'[20]WorkDone DATA'!$N:$N,BOQ!BD$6,'[20]WorkDone DATA'!$G:$G,BOQ!$B86)*$G86","v":{"$error":"#VALUE!"}},{"$f":"SUMIFS('[20]WorkDone DATA'!$L:$L,'[20]WorkDone DATA'!$N:$N,BOQ!BE$6,'[20]WorkDone DATA'!$G:$G,BOQ!$B86)*$G86","v":{"$error":"#VALUE!"}},{"$f":"SUMIFS('[20]WorkDone DATA'!$L:$L,'[20]WorkDone DATA'!$N:$N,BOQ!BF$6,'[20]WorkDone DATA'!$G:$G,BOQ!$B86)*$G86","v":{"$error":"#VALUE!"}},{"$f":"SUMIFS('[20]WorkDone DATA'!$L:$L,'[20]WorkDone DATA'!$N:$N,BOQ!BG$6,'[20]WorkDone DATA'!$G:$G,BOQ!$B86)*$G86","v":{"$error":"#VALUE!"}},{"$f":"SUMIFS('[20]WorkDone DATA'!$L:$L,'[20]WorkDone DATA'!$N:$N,BOQ!BH$6,'[20]WorkDone DATA'!$G:$G,BOQ!$B86)*$G86","v":{"$error":"#VALUE!"}},{"$f":"SUMIFS('[20]WorkDone DATA'!$L:$L,'[20]WorkDone DATA'!$N:$N,BOQ!BI$6,'[20]WorkDone DATA'!$G:$G,BOQ!$B86)*$G86","v":{"$error":"#VALUE!"}},{"$f":"SUMIFS('[20]WorkDone DATA'!$L:$L,'[20]WorkDone DATA'!$N:$N,BOQ!BJ$6,'[20]WorkDone DATA'!$G:$G,BOQ!$B86)*$G86","v":{"$error":"#VALUE!"}},{"$f":"SUMIFS('[20]WorkDone DATA'!$L:$L,'[20]WorkDone DATA'!$N:$N,BOQ!BK$6,'[20]WorkDone DATA'!$G:$G,BOQ!$B86)*$G86","v":{"$error":"#VALUE!"}},{"$f":"SUMIFS('[20]WorkDone DATA'!$L:$L,'[20]WorkDone DATA'!$N:$N,BOQ!BL$6,'[20]WorkDone DATA'!$G:$G,BOQ!$B86)*$G86","v":{"$error":"#VALUE!"}},{"$f":"SUMIFS('[20]WorkDone DATA'!$L:$L,'[20]WorkDone DATA'!$N:$N,BOQ!BM$6,'[20]WorkDone DATA'!$G:$G,BOQ!$B86)*$G86","v":{"$error":"#VALUE!"}},{"$f":"SUMIFS('[20]WorkDone DATA'!$L:$L,'[20]WorkDone DATA'!$N:$N,BOQ!BN$6,'[20]WorkDone DATA'!$G:$G,BOQ!$B86)*$G86","v":{"$error":"#VALUE!"}},{"$f":"SUMIFS('[20]WorkDone DATA'!$L:$L,'[20]WorkDone DATA'!$N:$N,BOQ!BO$6,'[20]WorkDone DATA'!$G:$G,BOQ!$B86)*$G86","v":{"$error":"#VALUE!"}},{"$f":"SUMIFS('[20]WorkDone DATA'!$L:$L,'[20]WorkDone DATA'!$N:$N,BOQ!BP$6,'[20]WorkDone DATA'!$G:$G,BOQ!$B86)*$G86","v":{"$error":"#VALUE!"}},{"$f":"SUMIFS('[20]WorkDone DATA'!$L:$L,'[20]WorkDone DATA'!$N:$N,BOQ!BQ$6,'[20]WorkDone DATA'!$G:$G,BOQ!$B86)*$G86","v":{"$error":"#VALUE!"}},{"$f":"SUMIFS('[20]WorkDone DATA'!$L:$L,'[20]WorkDone DATA'!$N:$N,BOQ!BR$6,'[20]WorkDone DATA'!$G:$G,BOQ!$B86)*$G86","v":{"$error":"#VALUE!"}},{"$f":"SUMIFS('[20]WorkDone DATA'!$L:$L,'[20]WorkDone DATA'!$N:$N,BOQ!BS$6,'[20]WorkDone DATA'!$G:$G,BOQ!$B86)*$G86","v":{"$error":"#VALUE!"}},{"$f":"SUMIFS('[20]WorkDone DATA'!$L:$L,'[20]WorkDone DATA'!$N:$N,BOQ!BT$6,'[20]WorkDone DATA'!$G:$G,BOQ!$B86)*$G86","v":{"$error":"#VALUE!"}},{"$f":"SUMIFS('[20]WorkDone DATA'!$L:$L,'[20]WorkDone DATA'!$N:$N,BOQ!BU$6,'[20]WorkDone DATA'!$G:$G,BOQ!$B86)*$G86","v":{"$error":"#VALUE!"}},{"$f":"SUMIFS('[20]WorkDone DATA'!$L:$L,'[20]WorkDone DATA'!$N:$N,BOQ!BV$6,'[20]WorkDone DATA'!$G:$G,BOQ!$B86)*$G86","v":{"$error":"#VALUE!"}},{"$f":"SUMIFS('[20]WorkDone DATA'!$L:$L,'[20]WorkDone DATA'!$N:$N,BOQ!BW$6,'[20]WorkDone DATA'!$G:$G,BOQ!$B86)*$G86","v":{"$error":"#VALUE!"}},{"$f":"SUMIFS('[20]WorkDone DATA'!$L:$L,'[20]WorkDone DATA'!$N:$N,BOQ!BX$6,'[20]WorkDone DATA'!$G:$G,BOQ!$B86)*$G86","v":{"$error":"#VALUE!"}}]
[{"$f":"C86","v":"150mm2 x 1core (EXX01RCV) 6.35 kV/11kV \n"},2.039,"Supply","E","each",162,{"v":2475,"d":"2,475.00"},{"v":400950,"d":"400,950.00"},null,null,{"$error":"#VALUE!"},{"$error":"#VALUE!"},{"$error":"#VALUE!"},null,{"$error":"#VALUE!"},{"$error":"#VALUE!"},null,{"$f":"SUMIFS('[20]WorkDone DATA'!$L:$L,'[20]WorkDone DATA'!$N:$N,BOQ!S$6,'[20]WorkDone DATA'!$G:$G,BOQ!$B87)","v":{"$error":"#VALUE!"}},{"$error":"#VALUE!"},{"$f":"SUMIFS('[20]WorkDone DATA'!$L:$L,'[20]WorkDone DATA'!$N:$N,BOQ!U$6,'[20]WorkDone DATA'!$G:$G,BOQ!$B87)","v":{"$error":"#VALUE!"}},{"$error":"#VALUE!"},null,{"$f":"SUMIFS('[20]WorkDone DATA'!$L:$L,'[20]WorkDone DATA'!$N:$N,BOQ!W$6,'[20]WorkDone DATA'!$G:$G,BOQ!$B87)*$G87","v":{"$error":"#VALUE!"}},null,{"$f":"SUMIFS('[20]WorkDone DATA'!$L:$L,'[20]WorkDone DATA'!$N:$N,BOQ!Y$6,'[20]WorkDone DATA'!$G:$G,BOQ!$B87)*$G87","v":{"$error":"#VALUE!"}},null,{"$f":"SUMIFS('[20]WorkDone DATA'!$L:$L,'[20]WorkDone DATA'!$N:$N,BOQ!AA$6,'[20]WorkDone DATA'!$G:$G,BOQ!$B87)*$G87","v":{"$error":"#VALUE!"}},{"$f":"SUMIFS('[20]WorkDone DATA'!$L:$L,'[20]WorkDone DATA'!$N:$N,BOQ!AB$6,'[20]WorkDone DATA'!$G:$G,BOQ!$B87)*$G87","v":{"$error":"#VALUE!"}},{"$f":"SUMIFS('[20]WorkDone DATA'!$L:$L,'[20]WorkDone DATA'!$N:$N,BOQ!AC$6,'[20]WorkDone DATA'!$G:$G,BOQ!$B87)*$G87","v":{"$error":"#VALUE!"}},{"$f":"SUMIFS('[20]WorkDone DATA'!$L:$L,'[20]WorkDone DATA'!$N:$N,BOQ!AD$6,'[20]WorkDone DATA'!$G:$G,BOQ!$B87)*$G87","v":{"$error":"#VALUE!"}},{"$f":"SUMIFS('[20]WorkDone DATA'!$L:$L,'[20]WorkDone DATA'!$N:$N,BOQ!AE$6,'[20]WorkDone DATA'!$G:$G,BOQ!$B87)*$G87","v":{"$error":"#VALUE!"}},{"$f":"SUMIFS('[20]WorkDone DATA'!$L:$L,'[20]WorkDone DATA'!$N:$N,BOQ!AF$6,'[20]WorkDone DATA'!$G:$G,BOQ!$B87)*$G87","v":{"$error":"#VALUE!"}},{"$f":"SUMIFS('[20]WorkDone DATA'!$L:$L,'[20]WorkDone DATA'!$N:$N,BOQ!AG$6,'[20]WorkDone DATA'!$G:$G,BOQ!$B87)*$G87","v":{"$error":"#VALUE!"}},{"$f":"SUMIFS('[20]WorkDone DATA'!$L:$L,'[20]WorkDone DATA'!$N:$N,BOQ!AH$6,'[20]WorkDone DATA'!$G:$G,BOQ!$B87)*$G87","v":{"$error":"#VALUE!"}},{"$f":"SUMIFS('[20]WorkDone DATA'!$L:$L,'[20]WorkDone DATA'!$N:$N,BOQ!AI$6,'[20]WorkDone DATA'!$G:$G,BOQ!$B87)*$G87","v":{"$error":"#VALUE!"}},{"$f":"SUMIFS('[20]WorkDone DATA'!$L:$L,'[20]WorkDone DATA'!$N:$N,BOQ!AJ$6,'[20]WorkDone DATA'!$G:$G,BOQ!$B87)*$G87","v":{"$error":"#VALUE!"}},{"$f":"SUMIFS('[20]WorkDone DATA'!$L:$L,'[20]WorkDone DATA'!$N:$N,BOQ!AK$6,'[20]WorkDone DATA'!$G:$G,BOQ!$B87)*$G87","v":{"$error":"#VALUE!"}},{"$f":"SUMIFS('[20]WorkDone DATA'!$L:$L,'[20]WorkDone DATA'!$N:$N,BOQ!AL$6,'[20]WorkDone DATA'!$G:$G,BOQ!$B87)*$G87","v":{"$error":"#VALUE!"}},{"$f":"SUMIFS('[20]WorkDone DATA'!$L:$L,'[20]WorkDone DATA'!$N:$N,BOQ!AM$6,'[20]WorkDone DATA'!$G:$G,BOQ!$B87)*$G87","v":{"$error":"#VALUE!"}},{"$f":"SUMIFS('[20]WorkDone DATA'!$L:$L,'[20]WorkDone DATA'!$N:$N,BOQ!AN$6,'[20]WorkDone DATA'!$G:$G,BOQ!$B87)*$G87","v":{"$error":"#VALUE!"}},{"$f":"SUMIFS('[20]WorkDone DATA'!$L:$L,'[20]WorkDone DATA'!$N:$N,BOQ!AO$6,'[20]WorkDone DATA'!$G:$G,BOQ!$B87)*$G87","v":{"$error":"#VALUE!"}},{"$f":"SUMIFS('[20]WorkDone DATA'!$L:$L,'[20]WorkDone DATA'!$N:$N,BOQ!AP$6,'[20]WorkDone DATA'!$G:$G,BOQ!$B87)*$G87","v":{"$error":"#VALUE!"}},{"$f":"SUMIFS('[20]WorkDone DATA'!$L:$L,'[20]WorkDone DATA'!$N:$N,BOQ!AQ$6,'[20]WorkDone DATA'!$G:$G,BOQ!$B87)*$G87","v":{"$error":"#VALUE!"}},{"$f":"SUMIFS('[20]WorkDone DATA'!$L:$L,'[20]WorkDone DATA'!$N:$N,BOQ!AR$6,'[20]WorkDone DATA'!$G:$G,BOQ!$B87)*$G87","v":{"$error":"#VALUE!"}},{"$f":"SUMIFS('[20]WorkDone DATA'!$L:$L,'[20]WorkDone DATA'!$N:$N,BOQ!AS$6,'[20]WorkDone DATA'!$G:$G,BOQ!$B87)*$G87","v":{"$error":"#VALUE!"}},{"$f":"SUMIFS('[20]WorkDone DATA'!$L:$L,'[20]WorkDone DATA'!$N:$N,BOQ!AT$6,'[20]WorkDone DATA'!$G:$G,BOQ!$B87)*$G87","v":{"$error":"#VALUE!"}},{"$f":"SUMIFS('[20]WorkDone DATA'!$L:$L,'[20]WorkDone DATA'!$N:$N,BOQ!AU$6,'[20]WorkDone DATA'!$G:$G,BOQ!$B87)*$G87","v":{"$error":"#VALUE!"}},{"$f":"SUMIFS('[20]WorkDone DATA'!$L:$L,'[20]WorkDone DATA'!$N:$N,BOQ!AV$6,'[20]WorkDone DATA'!$G:$G,BOQ!$B87)*$G87","v":{"$error":"#VALUE!"}},{"$f":"SUMIFS('[20]WorkDone DATA'!$L:$L,'[20]WorkDone DATA'!$N:$N,BOQ!AW$6,'[20]WorkDone DATA'!$G:$G,BOQ!$B87)*$G87","v":{"$error":"#VALUE!"}},{"$f":"SUMIFS('[20]WorkDone DATA'!$L:$L,'[20]WorkDone DATA'!$N:$N,BOQ!AX$6,'[20]WorkDone DATA'!$G:$G,BOQ!$B87)*$G87","v":{"$error":"#VALUE!"}},{"$f":"SUMIFS('[20]WorkDone DATA'!$L:$L,'[20]WorkDone DATA'!$N:$N,BOQ!AY$6,'[20]WorkDone DATA'!$G:$G,BOQ!$B87)*$G87","v":{"$error":"#VALUE!"}},{"$f":"SUMIFS('[20]WorkDone DATA'!$L:$L,'[20]WorkDone DATA'!$N:$N,BOQ!AZ$6,'[20]WorkDone DATA'!$G:$G,BOQ!$B87)*$G87","v":{"$error":"#VALUE!"}},{"$f":"SUMIFS('[20]WorkDone DATA'!$L:$L,'[20]WorkDone DATA'!$N:$N,BOQ!BA$6,'[20]WorkDone DATA'!$G:$G,BOQ!$B87)*$G87","v":{"$error":"#VALUE!"}},{"$f":"SUMIFS('[20]WorkDone DATA'!$L:$L,'[20]WorkDone DATA'!$N:$N,BOQ!BB$6,'[20]WorkDone DATA'!$G:$G,BOQ!$B87)*$G87","v":{"$error":"#VALUE!"}},{"$f":"SUMIFS('[20]WorkDone DATA'!$L:$L,'[20]WorkDone DATA'!$N:$N,BOQ!BC$6,'[20]WorkDone DATA'!$G:$G,BOQ!$B87)*$G87","v":{"$error":"#VALUE!"}},{"$f":"SUMIFS('[20]WorkDone DATA'!$L:$L,'[20]WorkDone DATA'!$N:$N,BOQ!BD$6,'[20]WorkDone DATA'!$G:$G,BOQ!$B87)*$G87","v":{"$error":"#VALUE!"}},{"$f":"SUMIFS('[20]WorkDone DATA'!$L:$L,'[20]WorkDone DATA'!$N:$N,BOQ!BE$6,'[20]WorkDone DATA'!$G:$G,BOQ!$B87)*$G87","v":{"$error":"#VALUE!"}},{"$f":"SUMIFS('[20]WorkDone DATA'!$L:$L,'[20]WorkDone DATA'!$N:$N,BOQ!BF$6,'[20]WorkDone DATA'!$G:$G,BOQ!$B87)*$G87","v":{"$error":"#VALUE!"}},{"$f":"SUMIFS('[20]WorkDone DATA'!$L:$L,'[20]WorkDone DATA'!$N:$N,BOQ!BG$6,'[20]WorkDone DATA'!$G:$G,BOQ!$B87)*$G87","v":{"$error":"#VALUE!"}},{"$f":"SUMIFS('[20]WorkDone DATA'!$L:$L,'[20]WorkDone DATA'!$N:$N,BOQ!BH$6,'[20]WorkDone DATA'!$G:$G,BOQ!$B87)*$G87","v":{"$error":"#VALUE!"}},{"$f":"SUMIFS('[20]WorkDone DATA'!$L:$L,'[20]WorkDone DATA'!$N:$N,BOQ!BI$6,'[20]WorkDone DATA'!$G:$G,BOQ!$B87)*$G87","v":{"$error":"#VALUE!"}},{"$f":"SUMIFS('[20]WorkDone DATA'!$L:$L,'[20]WorkDone DATA'!$N:$N,BOQ!BJ$6,'[20]WorkDone DATA'!$G:$G,BOQ!$B87)*$G87","v":{"$error":"#VALUE!"}},{"$f":"SUMIFS('[20]WorkDone DATA'!$L:$L,'[20]WorkDone DATA'!$N:$N,BOQ!BK$6,'[20]WorkDone DATA'!$G:$G,BOQ!$B87)*$G87","v":{"$error":"#VALUE!"}},{"$f":"SUMIFS('[20]WorkDone DATA'!$L:$L,'[20]WorkDone DATA'!$N:$N,BOQ!BL$6,'[20]WorkDone DATA'!$G:$G,BOQ!$B87)*$G87","v":{"$error":"#VALUE!"}},{"$f":"SUMIFS('[20]WorkDone DATA'!$L:$L,'[20]WorkDone DATA'!$N:$N,BOQ!BM$6,'[20]WorkDone DATA'!$G:$G,BOQ!$B87)*$G87","v":{"$error":"#VALUE!"}},{"$f":"SUMIFS('[20]WorkDone DATA'!$L:$L,'[20]WorkDone DATA'!$N:$N,BOQ!BN$6,'[20]WorkDone DATA'!$G:$G,BOQ!$B87)*$G87","v":{"$error":"#VALUE!"}},{"$f":"SUMIFS('[20]WorkDone DATA'!$L:$L,'[20]WorkDone DATA'!$N:$N,BOQ!BO$6,'[20]WorkDone DATA'!$G:$G,BOQ!$B87)*$G87","v":{"$error":"#VALUE!"}},{"$f":"SUMIFS('[20]WorkDone DATA'!$L:$L,'[20]WorkDone DATA'!$N:$N,BOQ!BP$6,'[20]WorkDone DATA'!$G:$G,BOQ!$B87)*$G87","v":{"$error":"#VALUE!"}},{"$f":"SUMIFS('[20]WorkDone DATA'!$L:$L,'[20]WorkDone DATA'!$N:$N,BOQ!BQ$6,'[20]WorkDone DATA'!$G:$G,BOQ!$B87)*$G87","v":{"$error":"#VALUE!"}},{"$f":"SUMIFS('[20]WorkDone DATA'!$L:$L,'[20]WorkDone DATA'!$N:$N,BOQ!BR$6,'[20]WorkDone DATA'!$G:$G,BOQ!$B87)*$G87","v":{"$error":"#VALUE!"}},{"$f":"SUMIFS('[20]WorkDone DATA'!$L:$L,'[20]WorkDone DATA'!$N:$N,BOQ!BS$6,'[20]WorkDone DATA'!$G:$G,BOQ!$B87)*$G87","v":{"$error":"#VALUE!"}},{"$f":"SUMIFS('[20]WorkDone DATA'!$L:$L,'[20]WorkDone DATA'!$N:$N,BOQ!BT$6,'[20]WorkDone DATA'!$G:$G,BOQ!$B87)*$G87","v":{"$error":"#VALUE!"}},{"$f":"SUMIFS('[20]WorkDone DATA'!$L:$L,'[20]WorkDone DATA'!$N:$N,BOQ!BU$6,'[20]WorkDone DATA'!$G:$G,BOQ!$B87)*$G87","v":{"$error":"#VALUE!"}},{"$f":"SUMIFS('[20]WorkDone DATA'!$L:$L,'[20]WorkDone DATA'!$N:$N,BOQ!BV$6,'[20]WorkDone DATA'!$G:$G,BOQ!$B87)*$G87","v":{"$error":"#VALUE!"}},{"$f":"SUMIFS('[20]WorkDone DATA'!$L:$L,'[20]WorkDone DATA'!$N:$N,BOQ!BW$6,'[20]WorkDone DATA'!$G:$G,BOQ!$B87)*$G87","v":{"$error":"#VALUE!"}},{"$f":"SUMIFS('[20]WorkDone DATA'!$L:$L,'[20]WorkDone DATA'!$N:$N,BOQ!BX$6,'[20]WorkDone DATA'!$G:$G,BOQ!$B87)*$G87","v":{"$error":"#VALUE!"}}]
[{"$f":"C86","v":"150mm2 x 1core (EXX01RCV) 6.35 kV/11kV \n"},{"v":2.04,"d":"2.040"},"Installation","A","each",162,{"v":2325.35,"d":"2,325.35"},{"v":376706.7,"d":"376,706.70"},null,null,{"$error":"#VALUE!"},{"$error":"#VALUE!"},{"$error":"#VALUE!"},null,{"$error":"#VALUE!"},{"$error":"#VALUE!"},null,{"$f":"SUMIFS('[20]WorkDone DATA'!$L:$L,'[20]WorkDone DATA'!$N:$N,BOQ!S$6,'[20]WorkDone DATA'!$G:$G,BOQ!$B88)","v":{"$error":"#VALUE!"}},{"$error":"#VALUE!"},{"$f":"SUMIFS('[20]WorkDone DATA'!$L:$L,'[20]WorkDone DATA'!$N:$N,BOQ!U$6,'[20]WorkDone DATA'!$G:$G,BOQ!$B88)","v":{"$error":"#VALUE!"}},{"$error":"#VALUE!"},null,{"$f":"SUMIFS('[20]WorkDone DATA'!$L:$L,'[20]WorkDone DATA'!$N:$N,BOQ!W$6,'[20]WorkDone DATA'!$G:$G,BOQ!$B88)*$G88","v":{"$error":"#VALUE!"}},null,{"$f":"SUMIFS('[20]WorkDone DATA'!$L:$L,'[20]WorkDone DATA'!$N:$N,BOQ!Y$6,'[20]WorkDone DATA'!$G:$G,BOQ!$B88)*$G88","v":{"$error":"#VALUE!"}},null,{"$f":"SUMIFS('[20]WorkDone DATA'!$L:$L,'[20]WorkDone DATA'!$N:$N,BOQ!AA$6,'[20]WorkDone DATA'!$G:$G,BOQ!$B88)*$G88","v":{"$error":"#VALUE!"}},{"$f":"SUMIFS('[20]WorkDone DATA'!$L:$L,'[20]WorkDone DATA'!$N:$N,BOQ!AB$6,'[20]WorkDone DATA'!$G:$G,BOQ!$B88)*$G88","v":{"$error":"#VALUE!"}},{"$f":"SUMIFS('[20]WorkDone DATA'!$L:$L,'[20]WorkDone DATA'!$N:$N,BOQ!AC$6,'[20]WorkDone DATA'!$G:$G,BOQ!$B88)*$G88","v":{"$error":"#VALUE!"}},{"$f":"SUMIFS('[20]WorkDone DATA'!$L:$L,'[20]WorkDone DATA'!$N:$N,BOQ!AD$6,'[20]WorkDone DATA'!$G:$G,BOQ!$B88)*$G88","v":{"$error":"#VALUE!"}},{"$f":"SUMIFS('[20]WorkDone DATA'!$L:$L,'[20]WorkDone DATA'!$N:$N,BOQ!AE$6,'[20]WorkDone DATA'!$G:$G,BOQ!$B88)*$G88","v":{"$error":"#VALUE!"}},{"$f":"SUMIFS('[20]WorkDone DATA'!$L:$L,'[20]WorkDone DATA'!$N:$N,BOQ!AF$6,'[20]WorkDone DATA'!$G:$G,BOQ!$B88)*$G88","v":{"$error":"#VALUE!"}},{"$f":"SUMIFS('[20]WorkDone DATA'!$L:$L,'[20]WorkDone DATA'!$N:$N,BOQ!AG$6,'[20]WorkDone DATA'!$G:$G,BOQ!$B88)*$G88","v":{"$error":"#VALUE!"}},{"$f":"SUMIFS('[20]WorkDone DATA'!$L:$L,'[20]WorkDone DATA'!$N:$N,BOQ!AH$6,'[20]WorkDone DATA'!$G:$G,BOQ!$B88)*$G88","v":{"$error":"#VALUE!"}},{"$f":"SUMIFS('[20]WorkDone DATA'!$L:$L,'[20]WorkDone DATA'!$N:$N,BOQ!AI$6,'[20]WorkDone DATA'!$G:$G,BOQ!$B88)*$G88","v":{"$error":"#VALUE!"}},{"$f":"SUMIFS('[20]WorkDone DATA'!$L:$L,'[20]WorkDone DATA'!$N:$N,BOQ!AJ$6,'[20]WorkDone DATA'!$G:$G,BOQ!$B88)*$G88","v":{"$error":"#VALUE!"}},{"$f":"SUMIFS('[20]WorkDone DATA'!$L:$L,'[20]WorkDone DATA'!$N:$N,BOQ!AK$6,'[20]WorkDone DATA'!$G:$G,BOQ!$B88)*$G88","v":{"$error":"#VALUE!"}},{"$f":"SUMIFS('[20]WorkDone DATA'!$L:$L,'[20]WorkDone DATA'!$N:$N,BOQ!AL$6,'[20]WorkDone DATA'!$G:$G,BOQ!$B88)*$G88","v":{"$error":"#VALUE!"}},{"$f":"SUMIFS('[20]WorkDone DATA'!$L:$L,'[20]WorkDone DATA'!$N:$N,BOQ!AM$6,'[20]WorkDone DATA'!$G:$G,BOQ!$B88)*$G88","v":{"$error":"#VALUE!"}},{"$f":"SUMIFS('[20]WorkDone DATA'!$L:$L,'[20]WorkDone DATA'!$N:$N,BOQ!AN$6,'[20]WorkDone DATA'!$G:$G,BOQ!$B88)*$G88","v":{"$error":"#VALUE!"}},{"$f":"SUMIFS('[20]WorkDone DATA'!$L:$L,'[20]WorkDone DATA'!$N:$N,BOQ!AO$6,'[20]WorkDone DATA'!$G:$G,BOQ!$B88)*$G88","v":{"$error":"#VALUE!"}},{"$f":"SUMIFS('[20]WorkDone DATA'!$L:$L,'[20]WorkDone DATA'!$N:$N,BOQ!AP$6,'[20]WorkDone DATA'!$G:$G,BOQ!$B88)*$G88","v":{"$error":"#VALUE!"}},{"$f":"SUMIFS('[20]WorkDone DATA'!$L:$L,'[20]WorkDone DATA'!$N:$N,BOQ!AQ$6,'[20]WorkDone DATA'!$G:$G,BOQ!$B88)*$G88","v":{"$error":"#VALUE!"}},{"$f":"SUMIFS('[20]WorkDone DATA'!$L:$L,'[20]WorkDone DATA'!$N:$N,BOQ!AR$6,'[20]WorkDone DATA'!$G:$G,BOQ!$B88)*$G88","v":{"$error":"#VALUE!"}},{"$f":"SUMIFS('[20]WorkDone DATA'!$L:$L,'[20]WorkDone DATA'!$N:$N,BOQ!AS$6,'[20]WorkDone DATA'!$G:$G,BOQ!$B88)*$G88","v":{"$error":"#VALUE!"}},{"$f":"SUMIFS('[20]WorkDone DATA'!$L:$L,'[20]WorkDone DATA'!$N:$N,BOQ!AT$6,'[20]WorkDone DATA'!$G:$G,BOQ!$B88)*$G88","v":{"$error":"#VALUE!"}},{"$f":"SUMIFS('[20]WorkDone DATA'!$L:$L,'[20]WorkDone DATA'!$N:$N,BOQ!AU$6,'[20]WorkDone DATA'!$G:$G,BOQ!$B88)*$G88","v":{"$error":"#VALUE!"}},{"$f":"SUMIFS('[20]WorkDone DATA'!$L:$L,'[20]WorkDone DATA'!$N:$N,BOQ!AV$6,'[20]WorkDone DATA'!$G:$G,BOQ!$B88)*$G88","v":{"$error":"#VALUE!"}},{"$f":"SUMIFS('[20]WorkDone DATA'!$L:$L,'[20]WorkDone DATA'!$N:$N,BOQ!AW$6,'[20]WorkDone DATA'!$G:$G,BOQ!$B88)*$G88","v":{"$error":"#VALUE!"}},{"$f":"SUMIFS('[20]WorkDone DATA'!$L:$L,'[20]WorkDone DATA'!$N:$N,BOQ!AX$6,'[20]WorkDone DATA'!$G:$G,BOQ!$B88)*$G88","v":{"$error":"#VALUE!"}},{"$f":"SUMIFS('[20]WorkDone DATA'!$L:$L,'[20]WorkDone DATA'!$N:$N,BOQ!AY$6,'[20]WorkDone DATA'!$G:$G,BOQ!$B88)*$G88","v":{"$error":"#VALUE!"}},{"$f":"SUMIFS('[20]WorkDone DATA'!$L:$L,'[20]WorkDone DATA'!$N:$N,BOQ!AZ$6,'[20]WorkDone DATA'!$G:$G,BOQ!$B88)*$G88","v":{"$error":"#VALUE!"}},{"$f":"SUMIFS('[20]WorkDone DATA'!$L:$L,'[20]WorkDone DATA'!$N:$N,BOQ!BA$6,'[20]WorkDone DATA'!$G:$G,BOQ!$B88)*$G88","v":{"$error":"#VALUE!"}},{"$f":"SUMIFS('[20]WorkDone DATA'!$L:$L,'[20]WorkDone DATA'!$N:$N,BOQ!BB$6,'[20]WorkDone DATA'!$G:$G,BOQ!$B88)*$G88","v":{"$error":"#VALUE!"}},{"$f":"SUMIFS('[20]WorkDone DATA'!$L:$L,'[20]WorkDone DATA'!$N:$N,BOQ!BC$6,'[20]WorkDone DATA'!$G:$G,BOQ!$B88)*$G88","v":{"$error":"#VALUE!"}},{"$f":"SUMIFS('[20]WorkDone DATA'!$L:$L,'[20]WorkDone DATA'!$N:$N,BOQ!BD$6,'[20]WorkDone DATA'!$G:$G,BOQ!$B88)*$G88","v":{"$error":"#VALUE!"}},{"$f":"SUMIFS('[20]WorkDone DATA'!$L:$L,'[20]WorkDone DATA'!$N:$N,BOQ!BE$6,'[20]WorkDone DATA'!$G:$G,BOQ!$B88)*$G88","v":{"$error":"#VALUE!"}},{"$f":"SUMIFS('[20]WorkDone DATA'!$L:$L,'[20]WorkDone DATA'!$N:$N,BOQ!BF$6,'[20]WorkDone DATA'!$G:$G,BOQ!$B88)*$G88","v":{"$error":"#VALUE!"}},{"$f":"SUMIFS('[20]WorkDone DATA'!$L:$L,'[20]WorkDone DATA'!$N:$N,BOQ!BG$6,'[20]WorkDone DATA'!$G:$G,BOQ!$B88)*$G88","v":{"$error":"#VALUE!"}},{"$f":"SUMIFS('[20]WorkDone DATA'!$L:$L,'[20]WorkDone DATA'!$N:$N,BOQ!BH$6,'[20]WorkDone DATA'!$G:$G,BOQ!$B88)*$G88","v":{"$error":"#VALUE!"}},{"$f":"SUMIFS('[20]WorkDone DATA'!$L:$L,'[20]WorkDone DATA'!$N:$N,BOQ!BI$6,'[20]WorkDone DATA'!$G:$G,BOQ!$B88)*$G88","v":{"$error":"#VALUE!"}},{"$f":"SUMIFS('[20]WorkDone DATA'!$L:$L,'[20]WorkDone DATA'!$N:$N,BOQ!BJ$6,'[20]WorkDone DATA'!$G:$G,BOQ!$B88)*$G88","v":{"$error":"#VALUE!"}},{"$f":"SUMIFS('[20]WorkDone DATA'!$L:$L,'[20]WorkDone DATA'!$N:$N,BOQ!BK$6,'[20]WorkDone DATA'!$G:$G,BOQ!$B88)*$G88","v":{"$error":"#VALUE!"}},{"$f":"SUMIFS('[20]WorkDone DATA'!$L:$L,'[20]WorkDone DATA'!$N:$N,BOQ!BL$6,'[20]WorkDone DATA'!$G:$G,BOQ!$B88)*$G88","v":{"$error":"#VALUE!"}},{"$f":"SUMIFS('[20]WorkDone DATA'!$L:$L,'[20]WorkDone DATA'!$N:$N,BOQ!BM$6,'[20]WorkDone DATA'!$G:$G,BOQ!$B88)*$G88","v":{"$error":"#VALUE!"}},{"$f":"SUMIFS('[20]WorkDone DATA'!$L:$L,'[20]WorkDone DATA'!$N:$N,BOQ!BN$6,'[20]WorkDone DATA'!$G:$G,BOQ!$B88)*$G88","v":{"$error":"#VALUE!"}},{"$f":"SUMIFS('[20]WorkDone DATA'!$L:$L,'[20]WorkDone DATA'!$N:$N,BOQ!BO$6,'[20]WorkDone DATA'!$G:$G,BOQ!$B88)*$G88","v":{"$error":"#VALUE!"}},{"$f":"SUMIFS('[20]WorkDone DATA'!$L:$L,'[20]WorkDone DATA'!$N:$N,BOQ!BP$6,'[20]WorkDone DATA'!$G:$G,BOQ!$B88)*$G88","v":{"$error":"#VALUE!"}},{"$f":"SUMIFS('[20]WorkDone DATA'!$L:$L,'[20]WorkDone DATA'!$N:$N,BOQ!BQ$6,'[20]WorkDone DATA'!$G:$G,BOQ!$B88)*$G88","v":{"$error":"#VALUE!"}},{"$f":"SUMIFS('[20]WorkDone DATA'!$L:$L,'[20]WorkDone DATA'!$N:$N,BOQ!BR$6,'[20]WorkDone DATA'!$G:$G,BOQ!$B88)*$G88","v":{"$error":"#VALUE!"}},{"$f":"SUMIFS('[20]WorkDone DATA'!$L:$L,'[20]WorkDone DATA'!$N:$N,BOQ!BS$6,'[20]WorkDone DATA'!$G:$G,BOQ!$B88)*$G88","v":{"$error":"#VALUE!"}},{"$f":"SUMIFS('[20]WorkDone DATA'!$L:$L,'[20]WorkDone DATA'!$N:$N,BOQ!BT$6,'[20]WorkDone DATA'!$G:$G,BOQ!$B88)*$G88","v":{"$error":"#VALUE!"}},{"$f":"SUMIFS('[20]WorkDone DATA'!$L:$L,'[20]WorkDone DATA'!$N:$N,BOQ!BU$6,'[20]WorkDone DATA'!$G:$G,BOQ!$B88)*$G88","v":{"$error":"#VALUE!"}},{"$f":"SUMIFS('[20]WorkDone DATA'!$L:$L,'[20]WorkDone DATA'!$N:$N,BOQ!BV$6,'[20]WorkDone DATA'!$G:$G,BOQ!$B88)*$G88","v":{"$error":"#VALUE!"}},{"$f":"SUMIFS('[20]WorkDone DATA'!$L:$L,'[20]WorkDone DATA'!$N:$N,BOQ!BW$6,'[20]WorkDone DATA'!$G:$G,BOQ!$B88)*$G88","v":{"$error":"#VALUE!"}},{"$f":"SUMIFS('[20]WorkDone DATA'!$L:$L,'[20]WorkDone DATA'!$N:$N,BOQ!BX$6,'[20]WorkDone DATA'!$G:$G,BOQ!$B88)*$G88","v":{"$error":"#VALUE!"}}]
[null,null,"630mm2 x 1core (CXX01XCV)  3.8kV/6.6kV",{"$nulls":4},0,{"$nulls":3},{"$error":"#VALUE!"},{"$error":"#VALUE!"},null,0,{"$error":"#VALUE!"},null,{"$f":"SUMIFS('[20]WorkDone DATA'!$L:$L,'[20]WorkDone DATA'!$N:$N,BOQ!S$6,'[20]WorkDone DATA'!$G:$G,BOQ!$B89)","v":{"$error":"#VALUE!"}},{"$error":"#VALUE!"},{"$f":"SUMIFS('[20]WorkDone DATA'!$L:$L,'[20]WorkDone DATA'!$N:$N,BOQ!U$6,'[20]WorkDone DATA'!$G:$G,BOQ!$B89)","v":{"$error":"#VALUE!"}},{"$error":"#VALUE!"},null,{"$f":"SUMIFS('[20]WorkDone DATA'!$L:$L,'[20]WorkDone DATA'!$N:$N,BOQ!W$6,'[20]WorkDone DATA'!$G:$G,BOQ!$B89)*$G89","v":{"$error":"#VALUE!"}},null,{"$f":"SUMIFS('[20]WorkDone DATA'!$L:$L,'[20]WorkDone DATA'!$N:$N,BOQ!Y$6,'[20]WorkDone DATA'!$G:$G,BOQ!$B89)*$G89","v":{"$error":"#VALUE!"}},null,{"$f":"SUMIFS('[20]WorkDone DATA'!$L:$L,'[20]WorkDone DATA'!$N:$N,BOQ!AA$6,'[20]WorkDone DATA'!$G:$G,BOQ!$B89)*$G89","v":{"$error":"#VALUE!"}},{"$f":"SUMIFS('[20]WorkDone DATA'!$L:$L,'[20]WorkDone DATA'!$N:$N,BOQ!AB$6,'[20]WorkDone DATA'!$G:$G,BOQ!$B89)*$G89","v":{"$error":"#VALUE!"}},{"$f":"SUMIFS('[20]WorkDone DATA'!$L:$L,'[20]WorkDone DATA'!$N:$N,BOQ!AC$6,'[20]WorkDone DATA'!$G:$G,BOQ!$B89)*$G89","v":{"$error":"#VALUE!"}},{"$f":"SUMIFS('[20]WorkDone DATA'!$L:$L,'[20]WorkDone DATA'!$N:$N,BOQ!AD$6,'[20]WorkDone DATA'!$G:$G,BOQ!$B89)*$G89","v":{"$error":"#VALUE!"}},{"$f":"SUMIFS('[20]WorkDone DATA'!$L:$L,'[20]WorkDone DATA'!$N:$N,BOQ!AE$6,'[20]WorkDone DATA'!$G:$G,BOQ!$B89)*$G89","v":{"$error":"#VALUE!"}},{"$f":"SUMIFS('[20]WorkDone DATA'!$L:$L,'[20]WorkDone DATA'!$N:$N,BOQ!AF$6,'[20]WorkDone DATA'!$G:$G,BOQ!$B89)*$G89","v":{"$error":"#VALUE!"}},{"$f":"SUMIFS('[20]WorkDone DATA'!$L:$L,'[20]WorkDone DATA'!$N:$N,BOQ!AG$6,'[20]WorkDone DATA'!$G:$G,BOQ!$B89)*$G89","v":{"$error":"#VALUE!"}},{"$f":"SUMIFS('[20]WorkDone DATA'!$L:$L,'[20]WorkDone DATA'!$N:$N,BOQ!AH$6,'[20]WorkDone DATA'!$G:$G,BOQ!$B89)*$G89","v":{"$error":"#VALUE!"}},{"$f":"SUMIFS('[20]WorkDone DATA'!$L:$L,'[20]WorkDone DATA'!$N:$N,BOQ!AI$6,'[20]WorkDone DATA'!$G:$G,BOQ!$B89)*$G89","v":{"$error":"#VALUE!"}},{"$f":"SUMIFS('[20]WorkDone DATA'!$L:$L,'[20]WorkDone DATA'!$N:$N,BOQ!AJ$6,'[20]WorkDone DATA'!$G:$G,BOQ!$B89)*$G89","v":{"$error":"#VALUE!"}},{"$f":"SUMIFS('[20]WorkDone DATA'!$L:$L,'[20]WorkDone DATA'!$N:$N,BOQ!AK$6,'[20]WorkDone DATA'!$G:$G,BOQ!$B89)*$G89","v":{"$error":"#VALUE!"}},{"$f":"SUMIFS('[20]WorkDone DATA'!$L:$L,'[20]WorkDone DATA'!$N:$N,BOQ!AL$6,'[20]WorkDone DATA'!$G:$G,BOQ!$B89)*$G89","v":{"$error":"#VALUE!"}},{"$f":"SUMIFS('[20]WorkDone DATA'!$L:$L,'[20]WorkDone DATA'!$N:$N,BOQ!AM$6,'[20]WorkDone DATA'!$G:$G,BOQ!$B89)*$G89","v":{"$error":"#VALUE!"}},{"$f":"SUMIFS('[20]WorkDone DATA'!$L:$L,'[20]WorkDone DATA'!$N:$N,BOQ!AN$6,'[20]WorkDone DATA'!$G:$G,BOQ!$B89)*$G89","v":{"$error":"#VALUE!"}},{"$f":"SUMIFS('[20]WorkDone DATA'!$L:$L,'[20]WorkDone DATA'!$N:$N,BOQ!AO$6,'[20]WorkDone DATA'!$G:$G,BOQ!$B89)*$G89","v":{"$error":"#VALUE!"}},{"$f":"SUMIFS('[20]WorkDone DATA'!$L:$L,'[20]WorkDone DATA'!$N:$N,BOQ!AP$6,'[20]WorkDone DATA'!$G:$G,BOQ!$B89)*$G89","v":{"$error":"#VALUE!"}},{"$f":"SUMIFS('[20]WorkDone DATA'!$L:$L,'[20]WorkDone DATA'!$N:$N,BOQ!AQ$6,'[20]WorkDone DATA'!$G:$G,BOQ!$B89)*$G89","v":{"$error":"#VALUE!"}},{"$f":"SUMIFS('[20]WorkDone DATA'!$L:$L,'[20]WorkDone DATA'!$N:$N,BOQ!AR$6,'[20]WorkDone DATA'!$G:$G,BOQ!$B89)*$G89","v":{"$error":"#VALUE!"}},{"$f":"SUMIFS('[20]WorkDone DATA'!$L:$L,'[20]WorkDone DATA'!$N:$N,BOQ!AS$6,'[20]WorkDone DATA'!$G:$G,BOQ!$B89)*$G89","v":{"$error":"#VALUE!"}},{"$f":"SUMIFS('[20]WorkDone DATA'!$L:$L,'[20]WorkDone DATA'!$N:$N,BOQ!AT$6,'[20]WorkDone DATA'!$G:$G,BOQ!$B89)*$G89","v":{"$error":"#VALUE!"}},{"$f":"SUMIFS('[20]WorkDone DATA'!$L:$L,'[20]WorkDone DATA'!$N:$N,BOQ!AU$6,'[20]WorkDone DATA'!$G:$G,BOQ!$B89)*$G89","v":{"$error":"#VALUE!"}},{"$f":"SUMIFS('[20]WorkDone DATA'!$L:$L,'[20]WorkDone DATA'!$N:$N,BOQ!AV$6,'[20]WorkDone DATA'!$G:$G,BOQ!$B89)*$G89","v":{"$error":"#VALUE!"}},{"$f":"SUMIFS('[20]WorkDone DATA'!$L:$L,'[20]WorkDone DATA'!$N:$N,BOQ!AW$6,'[20]WorkDone DATA'!$G:$G,BOQ!$B89)*$G89","v":{"$error":"#VALUE!"}},{"$f":"SUMIFS('[20]WorkDone DATA'!$L:$L,'[20]WorkDone DATA'!$N:$N,BOQ!AX$6,'[20]WorkDone DATA'!$G:$G,BOQ!$B89)*$G89","v":{"$error":"#VALUE!"}},{"$f":"SUMIFS('[20]WorkDone DATA'!$L:$L,'[20]WorkDone DATA'!$N:$N,BOQ!AY$6,'[20]WorkDone DATA'!$G:$G,BOQ!$B89)*$G89","v":{"$error":"#VALUE!"}},{"$f":"SUMIFS('[20]WorkDone DATA'!$L:$L,'[20]WorkDone DATA'!$N:$N,BOQ!AZ$6,'[20]WorkDone DATA'!$G:$G,BOQ!$B89)*$G89","v":{"$error":"#VALUE!"}},{"$f":"SUMIFS('[20]WorkDone DATA'!$L:$L,'[20]WorkDone DATA'!$N:$N,BOQ!BA$6,'[20]WorkDone DATA'!$G:$G,BOQ!$B89)*$G89","v":{"$error":"#VALUE!"}},{"$f":"SUMIFS('[20]WorkDone DATA'!$L:$L,'[20]WorkDone DATA'!$N:$N,BOQ!BB$6,'[20]WorkDone DATA'!$G:$G,BOQ!$B89)*$G89","v":{"$error":"#VALUE!"}},{"$f":"SUMIFS('[20]WorkDone DATA'!$L:$L,'[20]WorkDone DATA'!$N:$N,BOQ!BC$6,'[20]WorkDone DATA'!$G:$G,BOQ!$B89)*$G89","v":{"$error":"#VALUE!"}},{"$f":"SUMIFS('[20]WorkDone DATA'!$L:$L,'[20]WorkDone DATA'!$N:$N,BOQ!BD$6,'[20]WorkDone DATA'!$G:$G,BOQ!$B89)*$G89","v":{"$error":"#VALUE!"}},{"$f":"SUMIFS('[20]WorkDone DATA'!$L:$L,'[20]WorkDone DATA'!$N:$N,BOQ!BE$6,'[20]WorkDone DATA'!$G:$G,BOQ!$B89)*$G89","v":{"$error":"#VALUE!"}},{"$f":"SUMIFS('[20]WorkDone DATA'!$L:$L,'[20]WorkDone DATA'!$N:$N,BOQ!BF$6,'[20]WorkDone DATA'!$G:$G,BOQ!$B89)*$G89","v":{"$error":"#VALUE!"}},{"$f":"SUMIFS('[20]WorkDone DATA'!$L:$L,'[20]WorkDone DATA'!$N:$N,BOQ!BG$6,'[20]WorkDone DATA'!$G:$G,BOQ!$B89)*$G89","v":{"$error":"#VALUE!"}},{"$f":"SUMIFS('[20]WorkDone DATA'!$L:$L,'[20]WorkDone DATA'!$N:$N,BOQ!BH$6,'[20]WorkDone DATA'!$G:$G,BOQ!$B89)*$G89","v":{"$error":"#VALUE!"}},{"$f":"SUMIFS('[20]WorkDone DATA'!$L:$L,'[20]WorkDone DATA'!$N:$N,BOQ!BI$6,'[20]WorkDone DATA'!$G:$G,BOQ!$B89)*$G89","v":{"$error":"#VALUE!"}},{"$f":"SUMIFS('[20]WorkDone DATA'!$L:$L,'[20]WorkDone DATA'!$N:$N,BOQ!BJ$6,'[20]WorkDone DATA'!$G:$G,BOQ!$B89)*$G89","v":{"$error":"#VALUE!"}},{"$f":"SUMIFS('[20]WorkDone DATA'!$L:$L,'[20]WorkDone DATA'!$N:$N,BOQ!BK$6,'[20]WorkDone DATA'!$G:$G,BOQ!$B89)*$G89","v":{"$error":"#VALUE!"}},{"$f":"SUMIFS('[20]WorkDone DATA'!$L:$L,'[20]WorkDone DATA'!$N:$N,BOQ!BL$6,'[20]WorkDone DATA'!$G:$G,BOQ!$B89)*$G89","v":{"$error":"#VALUE!"}},{"$f":"SUMIFS('[20]WorkDone DATA'!$L:$L,'[20]WorkDone DATA'!$N:$N,BOQ!BM$6,'[20]WorkDone DATA'!$G:$G,BOQ!$B89)*$G89","v":{"$error":"#VALUE!"}},{"$f":"SUMIFS('[20]WorkDone DATA'!$L:$L,'[20]WorkDone DATA'!$N:$N,BOQ!BN$6,'[20]WorkDone DATA'!$G:$G,BOQ!$B89)*$G89","v":{"$error":"#VALUE!"}},{"$f":"SUMIFS('[20]WorkDone DATA'!$L:$L,'[20]WorkDone DATA'!$N:$N,BOQ!BO$6,'[20]WorkDone DATA'!$G:$G,BOQ!$B89)*$G89","v":{"$error":"#VALUE!"}},{"$f":"SUMIFS('[20]WorkDone DATA'!$L:$L,'[20]WorkDone DATA'!$N:$N,BOQ!BP$6,'[20]WorkDone DATA'!$G:$G,BOQ!$B89)*$G89","v":{"$error":"#VALUE!"}},{"$f":"SUMIFS('[20]WorkDone DATA'!$L:$L,'[20]WorkDone DATA'!$N:$N,BOQ!BQ$6,'[20]WorkDone DATA'!$G:$G,BOQ!$B89)*$G89","v":{"$error":"#VALUE!"}},{"$f":"SUMIFS('[20]WorkDone DATA'!$L:$L,'[20]WorkDone DATA'!$N:$N,BOQ!BR$6,'[20]WorkDone DATA'!$G:$G,BOQ!$B89)*$G89","v":{"$error":"#VALUE!"}},{"$f":"SUMIFS('[20]WorkDone DATA'!$L:$L,'[20]WorkDone DATA'!$N:$N,BOQ!BS$6,'[20]WorkDone DATA'!$G:$G,BOQ!$B89)*$G89","v":{"$error":"#VALUE!"}},{"$f":"SUMIFS('[20]WorkDone DATA'!$L:$L,'[20]WorkDone DATA'!$N:$N,BOQ!BT$6,'[20]WorkDone DATA'!$G:$G,BOQ!$B89)*$G89","v":{"$error":"#VALUE!"}},{"$f":"SUMIFS('[20]WorkDone DATA'!$L:$L,'[20]WorkDone DATA'!$N:$N,BOQ!BU$6,'[20]WorkDone DATA'!$G:$G,BOQ!$B89)*$G89","v":{"$error":"#VALUE!"}},{"$f":"SUMIFS('[20]WorkDone DATA'!$L:$L,'[20]WorkDone DATA'!$N:$N,BOQ!BV$6,'[20]WorkDone DATA'!$G:$G,BOQ!$B89)*$G89","v":{"$error":"#VALUE!"}},{"$f":"SUMIFS('[20]WorkDone DATA'!$L:$L,'[20]WorkDone DATA'!$N:$N,BOQ!BW$6,'[20]WorkDone DATA'!$G:$G,BOQ!$B89)*$G89","v":{"$error":"#VALUE!"}},{"$f":"SUMIFS('[20]WorkDone DATA'!$L:$L,'[20]WorkDone DATA'!$N:$N,BOQ!BX$6,'[20]WorkDone DATA'!$G:$G,BOQ!$B89)*$G89","v":{"$error":"#VALUE!"}}]
[{"$f":"C89","v":"630mm2 x 1core (CXX01XCV)  3.8kV/6.6kV"},2.041,"Supply","E","each",252,{"v":4576.1,"d":"4,576.10"},{"v":1153177.2000000002,"d":"1,153,177.20"},null,null,{"$error":"#VALUE!"},{"$error":"#VALUE!"},{"$error":"#VALUE!"},null,{"$error":"#VALUE!"},{"$error":"#VALUE!"},null,{"$f":"SUMIFS('[20]WorkDone DATA'!$L:$L,'[20]WorkDone DATA'!$N:$N,BOQ!S$6,'[20]WorkDone DATA'!$G:$G,BOQ!$B90)","v":{"$error":"#VALUE!"}},{"$error":"#VALUE!"},{"$f":"SUMIFS('[20]WorkDone DATA'!$L:$L,'[20]WorkDone DATA'!$N:$N,BOQ!U$6,'[20]WorkDone DATA'!$G:$G,BOQ!$B90)","v":{"$error":"#VALUE!"}},{"$error":"#VALUE!"},null,{"$f":"SUMIFS('[20]WorkDone DATA'!$L:$L,'[20]WorkDone DATA'!$N:$N,BOQ!W$6,'[20]WorkDone DATA'!$G:$G,BOQ!$B90)*$G90","v":{"$error":"#VALUE!"}},null,{"$f":"SUMIFS('[20]WorkDone DATA'!$L:$L,'[20]WorkDone DATA'!$N:$N,BOQ!Y$6,'[20]WorkDone DATA'!$G:$G,BOQ!$B90)*$G90","v":{"$error":"#VALUE!"}},null,{"$f":"SUMIFS('[20]WorkDone DATA'!$L:$L,'[20]WorkDone DATA'!$N:$N,BOQ!AA$6,'[20]WorkDone DATA'!$G:$G,BOQ!$B90)*$G90","v":{"$error":"#VALUE!"}},{"$f":"SUMIFS('[20]WorkDone DATA'!$L:$L,'[20]WorkDone DATA'!$N:$N,BOQ!AB$6,'[20]WorkDone DATA'!$G:$G,BOQ!$B90)*$G90","v":{"$error":"#VALUE!"}},{"$f":"SUMIFS('[20]WorkDone DATA'!$L:$L,'[20]WorkDone DATA'!$N:$N,BOQ!AC$6,'[20]WorkDone DATA'!$G:$G,BOQ!$B90)*$G90","v":{"$error":"#VALUE!"}},{"$f":"SUMIFS('[20]WorkDone DATA'!$L:$L,'[20]WorkDone DATA'!$N:$N,BOQ!AD$6,'[20]WorkDone DATA'!$G:$G,BOQ!$B90)*$G90","v":{"$error":"#VALUE!"}},{"$f":"SUMIFS('[20]WorkDone DATA'!$L:$L,'[20]WorkDone DATA'!$N:$N,BOQ!AE$6,'[20]WorkDone DATA'!$G:$G,BOQ!$B90)*$G90","v":{"$error":"#VALUE!"}},{"$f":"SUMIFS('[20]WorkDone DATA'!$L:$L,'[20]WorkDone DATA'!$N:$N,BOQ!AF$6,'[20]WorkDone DATA'!$G:$G,BOQ!$B90)*$G90","v":{"$error":"#VALUE!"}},{"$f":"SUMIFS('[20]WorkDone DATA'!$L:$L,'[20]WorkDone DATA'!$N:$N,BOQ!AG$6,'[20]WorkDone DATA'!$G:$G,BOQ!$B90)*$G90","v":{"$error":"#VALUE!"}},{"$f":"SUMIFS('[20]WorkDone DATA'!$L:$L,'[20]WorkDone DATA'!$N:$N,BOQ!AH$6,'[20]WorkDone DATA'!$G:$G,BOQ!$B90)*$G90","v":{"$error":"#VALUE!"}},{"$f":"SUMIFS('[20]WorkDone DATA'!$L:$L,'[20]WorkDone DATA'!$N:$N,BOQ!AI$6,'[20]WorkDone DATA'!$G:$G,BOQ!$B90)*$G90","v":{"$error":"#VALUE!"}},{"$f":"SUMIFS('[20]WorkDone DATA'!$L:$L,'[20]WorkDone DATA'!$N:$N,BOQ!AJ$6,'[20]WorkDone DATA'!$G:$G,BOQ!$B90)*$G90","v":{"$error":"#VALUE!"}},{"$f":"SUMIFS('[20]WorkDone DATA'!$L:$L,'[20]WorkDone DATA'!$N:$N,BOQ!AK$6,'[20]WorkDone DATA'!$G:$G,BOQ!$B90)*$G90","v":{"$error":"#VALUE!"}},{"$f":"SUMIFS('[20]WorkDone DATA'!$L:$L,'[20]WorkDone DATA'!$N:$N,BOQ!AL$6,'[20]WorkDone DATA'!$G:$G,BOQ!$B90)*$G90","v":{"$error":"#VALUE!"}},{"$f":"SUMIFS('[20]WorkDone DATA'!$L:$L,'[20]WorkDone DATA'!$N:$N,BOQ!AM$6,'[20]WorkDone DATA'!$G:$G,BOQ!$B90)*$G90","v":{"$error":"#VALUE!"}},{"$f":"SUMIFS('[20]WorkDone DATA'!$L:$L,'[20]WorkDone DATA'!$N:$N,BOQ!AN$6,'[20]WorkDone DATA'!$G:$G,BOQ!$B90)*$G90","v":{"$error":"#VALUE!"}},{"$f":"SUMIFS('[20]WorkDone DATA'!$L:$L,'[20]WorkDone DATA'!$N:$N,BOQ!AO$6,'[20]WorkDone DATA'!$G:$G,BOQ!$B90)*$G90","v":{"$error":"#VALUE!"}},{"$f":"SUMIFS('[20]WorkDone DATA'!$L:$L,'[20]WorkDone DATA'!$N:$N,BOQ!AP$6,'[20]WorkDone DATA'!$G:$G,BOQ!$B90)*$G90","v":{"$error":"#VALUE!"}},{"$f":"SUMIFS('[20]WorkDone DATA'!$L:$L,'[20]WorkDone DATA'!$N:$N,BOQ!AQ$6,'[20]WorkDone DATA'!$G:$G,BOQ!$B90)*$G90","v":{"$error":"#VALUE!"}},{"$f":"SUMIFS('[20]WorkDone DATA'!$L:$L,'[20]WorkDone DATA'!$N:$N,BOQ!AR$6,'[20]WorkDone DATA'!$G:$G,BOQ!$B90)*$G90","v":{"$error":"#VALUE!"}},{"$f":"SUMIFS('[20]WorkDone DATA'!$L:$L,'[20]WorkDone DATA'!$N:$N,BOQ!AS$6,'[20]WorkDone DATA'!$G:$G,BOQ!$B90)*$G90","v":{"$error":"#VALUE!"}},{"$f":"SUMIFS('[20]WorkDone DATA'!$L:$L,'[20]WorkDone DATA'!$N:$N,BOQ!AT$6,'[20]WorkDone DATA'!$G:$G,BOQ!$B90)*$G90","v":{"$error":"#VALUE!"}},{"$f":"SUMIFS('[20]WorkDone DATA'!$L:$L,'[20]WorkDone DATA'!$N:$N,BOQ!AU$6,'[20]WorkDone DATA'!$G:$G,BOQ!$B90)*$G90","v":{"$error":"#VALUE!"}},{"$f":"SUMIFS('[20]WorkDone DATA'!$L:$L,'[20]WorkDone DATA'!$N:$N,BOQ!AV$6,'[20]WorkDone DATA'!$G:$G,BOQ!$B90)*$G90","v":{"$error":"#VALUE!"}},{"$f":"SUMIFS('[20]WorkDone DATA'!$L:$L,'[20]WorkDone DATA'!$N:$N,BOQ!AW$6,'[20]WorkDone DATA'!$G:$G,BOQ!$B90)*$G90","v":{"$error":"#VALUE!"}},{"$f":"SUMIFS('[20]WorkDone DATA'!$L:$L,'[20]WorkDone DATA'!$N:$N,BOQ!AX$6,'[20]WorkDone DATA'!$G:$G,BOQ!$B90)*$G90","v":{"$error":"#VALUE!"}},{"$f":"SUMIFS('[20]WorkDone DATA'!$L:$L,'[20]WorkDone DATA'!$N:$N,BOQ!AY$6,'[20]WorkDone DATA'!$G:$G,BOQ!$B90)*$G90","v":{"$error":"#VALUE!"}},{"$f":"SUMIFS('[20]WorkDone DATA'!$L:$L,'[20]WorkDone DATA'!$N:$N,BOQ!AZ$6,'[20]WorkDone DATA'!$G:$G,BOQ!$B90)*$G90","v":{"$error":"#VALUE!"}},{"$f":"SUMIFS('[20]WorkDone DATA'!$L:$L,'[20]WorkDone DATA'!$N:$N,BOQ!BA$6,'[20]WorkDone DATA'!$G:$G,BOQ!$B90)*$G90","v":{"$error":"#VALUE!"}},{"$f":"SUMIFS('[20]WorkDone DATA'!$L:$L,'[20]WorkDone DATA'!$N:$N,BOQ!BB$6,'[20]WorkDone DATA'!$G:$G,BOQ!$B90)*$G90","v":{"$error":"#VALUE!"}},{"$f":"SUMIFS('[20]WorkDone DATA'!$L:$L,'[20]WorkDone DATA'!$N:$N,BOQ!BC$6,'[20]WorkDone DATA'!$G:$G,BOQ!$B90)*$G90","v":{"$error":"#VALUE!"}},{"$f":"SUMIFS('[20]WorkDone DATA'!$L:$L,'[20]WorkDone DATA'!$N:$N,BOQ!BD$6,'[20]WorkDone DATA'!$G:$G,BOQ!$B90)*$G90","v":{"$error":"#VALUE!"}},{"$f":"SUMIFS('[20]WorkDone DATA'!$L:$L,'[20]WorkDone DATA'!$N:$N,BOQ!BE$6,'[20]WorkDone DATA'!$G:$G,BOQ!$B90)*$G90","v":{"$error":"#VALUE!"}},{"$f":"SUMIFS('[20]WorkDone DATA'!$L:$L,'[20]WorkDone DATA'!$N:$N,BOQ!BF$6,'[20]WorkDone DATA'!$G:$G,BOQ!$B90)*$G90","v":{"$error":"#VALUE!"}},{"$f":"SUMIFS('[20]WorkDone DATA'!$L:$L,'[20]WorkDone DATA'!$N:$N,BOQ!BG$6,'[20]WorkDone DATA'!$G:$G,BOQ!$B90)*$G90","v":{"$error":"#VALUE!"}},{"$f":"SUMIFS('[20]WorkDone DATA'!$L:$L,'[20]WorkDone DATA'!$N:$N,BOQ!BH$6,'[20]WorkDone DATA'!$G:$G,BOQ!$B90)*$G90","v":{"$error":"#VALUE!"}},{"$f":"SUMIFS('[20]WorkDone DATA'!$L:$L,'[20]WorkDone DATA'!$N:$N,BOQ!BI$6,'[20]WorkDone DATA'!$G:$G,BOQ!$B90)*$G90","v":{"$error":"#VALUE!"}},{"$f":"SUMIFS('[20]WorkDone DATA'!$L:$L,'[20]WorkDone DATA'!$N:$N,BOQ!BJ$6,'[20]WorkDone DATA'!$G:$G,BOQ!$B90)*$G90","v":{"$error":"#VALUE!"}},{"$f":"SUMIFS('[20]WorkDone DATA'!$L:$L,'[20]WorkDone DATA'!$N:$N,BOQ!BK$6,'[20]WorkDone DATA'!$G:$G,BOQ!$B90)*$G90","v":{"$error":"#VALUE!"}},{"$f":"SUMIFS('[20]WorkDone DATA'!$L:$L,'[20]WorkDone DATA'!$N:$N,BOQ!BL$6,'[20]WorkDone DATA'!$G:$G,BOQ!$B90)*$G90","v":{"$error":"#VALUE!"}},{"$f":"SUMIFS('[20]WorkDone DATA'!$L:$L,'[20]WorkDone DATA'!$N:$N,BOQ!BM$6,'[20]WorkDone DATA'!$G:$G,BOQ!$B90)*$G90","v":{"$error":"#VALUE!"}},{"$f":"SUMIFS('[20]WorkDone DATA'!$L:$L,'[20]WorkDone DATA'!$N:$N,BOQ!BN$6,'[20]WorkDone DATA'!$G:$G,BOQ!$B90)*$G90","v":{"$error":"#VALUE!"}},{"$f":"SUMIFS('[20]WorkDone DATA'!$L:$L,'[20]WorkDone DATA'!$N:$N,BOQ!BO$6,'[20]WorkDone DATA'!$G:$G,BOQ!$B90)*$G90","v":{"$error":"#VALUE!"}},{"$f":"SUMIFS('[20]WorkDone DATA'!$L:$L,'[20]WorkDone DATA'!$N:$N,BOQ!BP$6,'[20]WorkDone DATA'!$G:$G,BOQ!$B90)*$G90","v":{"$error":"#VALUE!"}},{"$f":"SUMIFS('[20]WorkDone DATA'!$L:$L,'[20]WorkDone DATA'!$N:$N,BOQ!BQ$6,'[20]WorkDone DATA'!$G:$G,BOQ!$B90)*$G90","v":{"$error":"#VALUE!"}},{"$f":"SUMIFS('[20]WorkDone DATA'!$L:$L,'[20]WorkDone DATA'!$N:$N,BOQ!BR$6,'[20]WorkDone DATA'!$G:$G,BOQ!$B90)*$G90","v":{"$error":"#VALUE!"}},{"$f":"SUMIFS('[20]WorkDone DATA'!$L:$L,'[20]WorkDone DATA'!$N:$N,BOQ!BS$6,'[20]WorkDone DATA'!$G:$G,BOQ!$B90)*$G90","v":{"$error":"#VALUE!"}},{"$f":"SUMIFS('[20]WorkDone DATA'!$L:$L,'[20]WorkDone DATA'!$N:$N,BOQ!BT$6,'[20]WorkDone DATA'!$G:$G,BOQ!$B90)*$G90","v":{"$error":"#VALUE!"}},{"$f":"SUMIFS('[20]WorkDone DATA'!$L:$L,'[20]WorkDone DATA'!$N:$N,BOQ!BU$6,'[20]WorkDone DATA'!$G:$G,BOQ!$B90)*$G90","v":{"$error":"#VALUE!"}},{"$f":"SUMIFS('[20]WorkDone DATA'!$L:$L,'[20]WorkDone DATA'!$N:$N,BOQ!BV$6,'[20]WorkDone DATA'!$G:$G,BOQ!$B90)*$G90","v":{"$error":"#VALUE!"}},{"$f":"SUMIFS('[20]WorkDone DATA'!$L:$L,'[20]WorkDone DATA'!$N:$N,BOQ!BW$6,'[20]WorkDone DATA'!$G:$G,BOQ!$B90)*$G90","v":{"$error":"#VALUE!"}},{"$f":"SUMIFS('[20]WorkDone DATA'!$L:$L,'[20]WorkDone DATA'!$N:$N,BOQ!BX$6,'[20]WorkDone DATA'!$G:$G,BOQ!$B90)*$G90","v":{"$error":"#VALUE!"}}]
[{"$f":"C89","v":"630mm2 x 1core (CXX01XCV)  3.8kV/6.6kV"},2.042,"Installation","A","each",252,{"v":3609.98,"d":"3,609.98"},{"v":909714.96,"d":"909,714.96"},null,null,{"$error":"#VALUE!"},{"$error":"#VALUE!"},{"$error":"#VALUE!"},null,{"$error":"#VALUE!"},{"$error":"#VALUE!"},null,{"$f":"SUMIFS('[20]WorkDone DATA'!$L:$L,'[20]WorkDone DATA'!$N:$N,BOQ!S$6,'[20]WorkDone DATA'!$G:$G,BOQ!$B91)","v":{"$error":"#VALUE!"}},{"$error":"#VALUE!"},{"$f":"SUMIFS('[20]WorkDone DATA'!$L:$L,'[20]WorkDone DATA'!$N:$N,BOQ!U$6,'[20]WorkDone DATA'!$G:$G,BOQ!$B91)","v":{"$error":"#VALUE!"}},{"$error":"#VALUE!"},null,{"$f":"SUMIFS('[20]WorkDone DATA'!$L:$L,'[20]WorkDone DATA'!$N:$N,BOQ!W$6,'[20]WorkDone DATA'!$G:$G,BOQ!$B91)*$G91","v":{"$error":"#VALUE!"}},null,{"$f":"SUMIFS('[20]WorkDone DATA'!$L:$L,'[20]WorkDone DATA'!$N:$N,BOQ!Y$6,'[20]WorkDone DATA'!$G:$G,BOQ!$B91)*$G91","v":{"$error":"#VALUE!"}},null,{"$f":"SUMIFS('[20]WorkDone DATA'!$L:$L,'[20]WorkDone DATA'!$N:$N,BOQ!AA$6,'[20]WorkDone DATA'!$G:$G,BOQ!$B91)*$G91","v":{"$error":"#VALUE!"}},{"$f":"SUMIFS('[20]WorkDone DATA'!$L:$L,'[20]WorkDone DATA'!$N:$N,BOQ!AB$6,'[20]WorkDone DATA'!$G:$G,BOQ!$B91)*$G91","v":{"$error":"#VALUE!"}},{"$f":"SUMIFS('[20]WorkDone DATA'!$L:$L,'[20]WorkDone DATA'!$N:$N,BOQ!AC$6,'[20]WorkDone DATA'!$G:$G,BOQ!$B91)*$G91","v":{"$error":"#VALUE!"}},{"$f":"SUMIFS('[20]WorkDone DATA'!$L:$L,'[20]WorkDone DATA'!$N:$N,BOQ!AD$6,'[20]WorkDone DATA'!$G:$G,BOQ!$B91)*$G91","v":{"$error":"#VALUE!"}},{"$f":"SUMIFS('[20]WorkDone DATA'!$L:$L,'[20]WorkDone DATA'!$N:$N,BOQ!AE$6,'[20]WorkDone DATA'!$G:$G,BOQ!$B91)*$G91","v":{"$error":"#VALUE!"}},{"$f":"SUMIFS('[20]WorkDone DATA'!$L:$L,'[20]WorkDone DATA'!$N:$N,BOQ!AF$6,'[20]WorkDone DATA'!$G:$G,BOQ!$B91)*$G91","v":{"$error":"#VALUE!"}},{"$f":"SUMIFS('[20]WorkDone DATA'!$L:$L,'[20]WorkDone DATA'!$N:$N,BOQ!AG$6,'[20]WorkDone DATA'!$G:$G,BOQ!$B91)*$G91","v":{"$error":"#VALUE!"}},{"$f":"SUMIFS('[20]WorkDone DATA'!$L:$L,'[20]WorkDone DATA'!$N:$N,BOQ!AH$6,'[20]WorkDone DATA'!$G:$G,BOQ!$B91)*$G91","v":{"$error":"#VALUE!"}},{"$f":"SUMIFS('[20]WorkDone DATA'!$L:$L,'[20]WorkDone DATA'!$N:$N,BOQ!AI$6,'[20]WorkDone DATA'!$G:$G,BOQ!$B91)*$G91","v":{"$error":"#VALUE!"}},{"$f":"SUMIFS('[20]WorkDone DATA'!$L:$L,'[20]WorkDone DATA'!$N:$N,BOQ!AJ$6,'[20]WorkDone DATA'!$G:$G,BOQ!$B91)*$G91","v":{"$error":"#VALUE!"}},{"$f":"SUMIFS('[20]WorkDone DATA'!$L:$L,'[20]WorkDone DATA'!$N:$N,BOQ!AK$6,'[20]WorkDone DATA'!$G:$G,BOQ!$B91)*$G91","v":{"$error":"#VALUE!"}},{"$f":"SUMIFS('[20]WorkDone DATA'!$L:$L,'[20]WorkDone DATA'!$N:$N,BOQ!AL$6,'[20]WorkDone DATA'!$G:$G,BOQ!$B91)*$G91","v":{"$error":"#VALUE!"}},{"$f":"SUMIFS('[20]WorkDone DATA'!$L:$L,'[20]WorkDone DATA'!$N:$N,BOQ!AM$6,'[20]WorkDone DATA'!$G:$G,BOQ!$B91)*$G91","v":{"$error":"#VALUE!"}},{"$f":"SUMIFS('[20]WorkDone DATA'!$L:$L,'[20]WorkDone DATA'!$N:$N,BOQ!AN$6,'[20]WorkDone DATA'!$G:$G,BOQ!$B91)*$G91","v":{"$error":"#VALUE!"}},{"$f":"SUMIFS('[20]WorkDone DATA'!$L:$L,'[20]WorkDone DATA'!$N:$N,BOQ!AO$6,'[20]WorkDone DATA'!$G:$G,BOQ!$B91)*$G91","v":{"$error":"#VALUE!"}},{"$f":"SUMIFS('[20]WorkDone DATA'!$L:$L,'[20]WorkDone DATA'!$N:$N,BOQ!AP$6,'[20]WorkDone DATA'!$G:$G,BOQ!$B91)*$G91","v":{"$error":"#VALUE!"}},{"$f":"SUMIFS('[20]WorkDone DATA'!$L:$L,'[20]WorkDone DATA'!$N:$N,BOQ!AQ$6,'[20]WorkDone DATA'!$G:$G,BOQ!$B91)*$G91","v":{"$error":"#VALUE!"}},{"$f":"SUMIFS('[20]WorkDone DATA'!$L:$L,'[20]WorkDone DATA'!$N:$N,BOQ!AR$6,'[20]WorkDone DATA'!$G:$G,BOQ!$B91)*$G91","v":{"$error":"#VALUE!"}},{"$f":"SUMIFS('[20]WorkDone DATA'!$L:$L,'[20]WorkDone DATA'!$N:$N,BOQ!AS$6,'[20]WorkDone DATA'!$G:$G,BOQ!$B91)*$G91","v":{"$error":"#VALUE!"}},{"$f":"SUMIFS('[20]WorkDone DATA'!$L:$L,'[20]WorkDone DATA'!$N:$N,BOQ!AT$6,'[20]WorkDone DATA'!$G:$G,BOQ!$B91)*$G91","v":{"$error":"#VALUE!"}},{"$f":"SUMIFS('[20]WorkDone DATA'!$L:$L,'[20]WorkDone DATA'!$N:$N,BOQ!AU$6,'[20]WorkDone DATA'!$G:$G,BOQ!$B91)*$G91","v":{"$error":"#VALUE!"}},{"$f":"SUMIFS('[20]WorkDone DATA'!$L:$L,'[20]WorkDone DATA'!$N:$N,BOQ!AV$6,'[20]WorkDone DATA'!$G:$G,BOQ!$B91)*$G91","v":{"$error":"#VALUE!"}},{"$f":"SUMIFS('[20]WorkDone DATA'!$L:$L,'[20]WorkDone DATA'!$N:$N,BOQ!AW$6,'[20]WorkDone DATA'!$G:$G,BOQ!$B91)*$G91","v":{"$error":"#VALUE!"}},{"$f":"SUMIFS('[20]WorkDone DATA'!$L:$L,'[20]WorkDone DATA'!$N:$N,BOQ!AX$6,'[20]WorkDone DATA'!$G:$G,BOQ!$B91)*$G91","v":{"$error":"#VALUE!"}},{"$f":"SUMIFS('[20]WorkDone DATA'!$L:$L,'[20]WorkDone DATA'!$N:$N,BOQ!AY$6,'[20]WorkDone DATA'!$G:$G,BOQ!$B91)*$G91","v":{"$error":"#VALUE!"}},{"$f":"SUMIFS('[20]WorkDone DATA'!$L:$L,'[20]WorkDone DATA'!$N:$N,BOQ!AZ$6,'[20]WorkDone DATA'!$G:$G,BOQ!$B91)*$G91","v":{"$error":"#VALUE!"}},{"$f":"SUMIFS('[20]WorkDone DATA'!$L:$L,'[20]WorkDone DATA'!$N:$N,BOQ!BA$6,'[20]WorkDone DATA'!$G:$G,BOQ!$B91)*$G91","v":{"$error":"#VALUE!"}},{"$f":"SUMIFS('[20]WorkDone DATA'!$L:$L,'[20]WorkDone DATA'!$N:$N,BOQ!BB$6,'[20]WorkDone DATA'!$G:$G,BOQ!$B91)*$G91","v":{"$error":"#VALUE!"}},{"$f":"SUMIFS('[20]WorkDone DATA'!$L:$L,'[20]WorkDone DATA'!$N:$N,BOQ!BC$6,'[20]WorkDone DATA'!$G:$G,BOQ!$B91)*$G91","v":{"$error":"#VALUE!"}},{"$f":"SUMIFS('[20]WorkDone DATA'!$L:$L,'[20]WorkDone DATA'!$N:$N,BOQ!BD$6,'[20]WorkDone DATA'!$G:$G,BOQ!$B91)*$G91","v":{"$error":"#VALUE!"}},{"$f":"SUMIFS('[20]WorkDone DATA'!$L:$L,'[20]WorkDone DATA'!$N:$N,BOQ!BE$6,'[20]WorkDone DATA'!$G:$G,BOQ!$B91)*$G91","v":{"$error":"#VALUE!"}},{"$f":"SUMIFS('[20]WorkDone DATA'!$L:$L,'[20]WorkDone DATA'!$N:$N,BOQ!BF$6,'[20]WorkDone DATA'!$G:$G,BOQ!$B91)*$G91","v":{"$error":"#VALUE!"}},{"$f":"SUMIFS('[20]WorkDone DATA'!$L:$L,'[20]WorkDone DATA'!$N:$N,BOQ!BG$6,'[20]WorkDone DATA'!$G:$G,BOQ!$B91)*$G91","v":{"$error":"#VALUE!"}},{"$f":"SUMIFS('[20]WorkDone DATA'!$L:$L,'[20]WorkDone DATA'!$N:$N,BOQ!BH$6,'[20]WorkDone DATA'!$G:$G,BOQ!$B91)*$G91","v":{"$error":"#VALUE!"}},{"$f":"SUMIFS('[20]WorkDone DATA'!$L:$L,'[20]WorkDone DATA'!$N:$N,BOQ!BI$6,'[20]WorkDone DATA'!$G:$G,BOQ!$B91)*$G91","v":{"$error":"#VALUE!"}},{"$f":"SUMIFS('[20]WorkDone DATA'!$L:$L,'[20]WorkDone DATA'!$N:$N,BOQ!BJ$6,'[20]WorkDone DATA'!$G:$G,BOQ!$B91)*$G91","v":{"$error":"#VALUE!"}},{"$f":"SUMIFS('[20]WorkDone DATA'!$L:$L,'[20]WorkDone DATA'!$N:$N,BOQ!BK$6,'[20]WorkDone DATA'!$G:$G,BOQ!$B91)*$G91","v":{"$error":"#VALUE!"}},{"$f":"SUMIFS('[20]WorkDone DATA'!$L:$L,'[20]WorkDone DATA'!$N:$N,BOQ!BL$6,'[20]WorkDone DATA'!$G:$G,BOQ!$B91)*$G91","v":{"$error":"#VALUE!"}},{"$f":"SUMIFS('[20]WorkDone DATA'!$L:$L,'[20]WorkDone DATA'!$N:$N,BOQ!BM$6,'[20]WorkDone DATA'!$G:$G,BOQ!$B91)*$G91","v":{"$error":"#VALUE!"}},{"$f":"SUMIFS('[20]WorkDone DATA'!$L:$L,'[20]WorkDone DATA'!$N:$N,BOQ!BN$6,'[20]WorkDone DATA'!$G:$G,BOQ!$B91)*$G91","v":{"$error":"#VALUE!"}},{"$f":"SUMIFS('[20]WorkDone DATA'!$L:$L,'[20]WorkDone DATA'!$N:$N,BOQ!BO$6,'[20]WorkDone DATA'!$G:$G,BOQ!$B91)*$G91","v":{"$error":"#VALUE!"}},{"$f":"SUMIFS('[20]WorkDone DATA'!$L:$L,'[20]WorkDone DATA'!$N:$N,BOQ!BP$6,'[20]WorkDone DATA'!$G:$G,BOQ!$B91)*$G91","v":{"$error":"#VALUE!"}},{"$f":"SUMIFS('[20]WorkDone DATA'!$L:$L,'[20]WorkDone DATA'!$N:$N,BOQ!BQ$6,'[20]WorkDone DATA'!$G:$G,BOQ!$B91)*$G91","v":{"$error":"#VALUE!"}},{"$f":"SUMIFS('[20]WorkDone DATA'!$L:$L,'[20]WorkDone DATA'!$N:$N,BOQ!BR$6,'[20]WorkDone DATA'!$G:$G,BOQ!$B91)*$G91","v":{"$error":"#VALUE!"}},{"$f":"SUMIFS('[20]WorkDone DATA'!$L:$L,'[20]WorkDone DATA'!$N:$N,BOQ!BS$6,'[20]WorkDone DATA'!$G:$G,BOQ!$B91)*$G91","v":{"$error":"#VALUE!"}},{"$f":"SUMIFS('[20]WorkDone DATA'!$L:$L,'[20]WorkDone DATA'!$N:$N,BOQ!BT$6,'[20]WorkDone DATA'!$G:$G,BOQ!$B91)*$G91","v":{"$error":"#VALUE!"}},{"$f":"SUMIFS('[20]WorkDone DATA'!$L:$L,'[20]WorkDone DATA'!$N:$N,BOQ!BU$6,'[20]WorkDone DATA'!$G:$G,BOQ!$B91)*$G91","v":{"$error":"#VALUE!"}},{"$f":"SUMIFS('[20]WorkDone DATA'!$L:$L,'[20]WorkDone DATA'!$N:$N,BOQ!BV$6,'[20]WorkDone DATA'!$G:$G,BOQ!$B91)*$G91","v":{"$error":"#VALUE!"}},{"$f":"SUMIFS('[20]WorkDone DATA'!$L:$L,'[20]WorkDone DATA'!$N:$N,BOQ!BW$6,'[20]WorkDone DATA'!$G:$G,BOQ!$B91)*$G91","v":{"$error":"#VALUE!"}},{"$f":"SUMIFS('[20]WorkDone DATA'!$L:$L,'[20]WorkDone DATA'!$N:$N,BOQ!BX$6,'[20]WorkDone DATA'!$G:$G,BOQ!$B91)*$G91","v":{"$error":"#VALUE!"}}]
[null,null,"120mm x 3 core (CXX03QCV) 3.8kV/6.6kV",{"$nulls":4},0,{"$nulls":3},{"$error":"#VALUE!"},{"$error":"#VALUE!"},null,0,{"$error":"#VALUE!"},null,{"$f":"SUMIFS('[20]WorkDone DATA'!$L:$L,'[20]WorkDone DATA'!$N:$N,BOQ!S$6,'[20]WorkDone DATA'!$G:$G,BOQ!$B92)","v":{"$error":"#VALUE!"}},{"$error":"#VALUE!"},{"$f":"SUMIFS('[20]WorkDone DATA'!$L:$L,'[20]WorkDone DATA'!$N:$N,BOQ!U$6,'[20]WorkDone DATA'!$G:$G,BOQ!$B92)","v":{"$error":"#VALUE!"}},{"$error":"#VALUE!"},null,{"$f":"SUMIFS('[20]WorkDone DATA'!$L:$L,'[20]WorkDone DATA'!$N:$N,BOQ!W$6,'[20]WorkDone DATA'!$G:$G,BOQ!$B92)*$G92","v":{"$error":"#VALUE!"}},null,{"$f":"SUMIFS('[20]WorkDone DATA'!$L:$L,'[20]WorkDone DATA'!$N:$N,BOQ!Y$6,'[20]WorkDone DATA'!$G:$G,BOQ!$B92)*$G92","v":{"$error":"#VALUE!"}},null,{"$f":"SUMIFS('[20]WorkDone DATA'!$L:$L,'[20]WorkDone DATA'!$N:$N,BOQ!AA$6,'[20]WorkDone DATA'!$G:$G,BOQ!$B92)*$G92","v":{"$error":"#VALUE!"}},{"$f":"SUMIFS('[20]WorkDone DATA'!$L:$L,'[20]WorkDone DATA'!$N:$N,BOQ!AB$6,'[20]WorkDone DATA'!$G:$G,BOQ!$B92)*$G92","v":{"$error":"#VALUE!"}},{"$f":"SUMIFS('[20]WorkDone DATA'!$L:$L,'[20]WorkDone DATA'!$N:$N,BOQ!AC$6,'[20]WorkDone DATA'!$G:$G,BOQ!$B92)*$G92","v":{"$error":"#VALUE!"}},{"$f":"SUMIFS('[20]WorkDone DATA'!$L:$L,'[20]WorkDone DATA'!$N:$N,BOQ!AD$6,'[20]WorkDone DATA'!$G:$G,BOQ!$B92)*$G92","v":{"$error":"#VALUE!"}},{"$f":"SUMIFS('[20]WorkDone DATA'!$L:$L,'[20]WorkDone DATA'!$N:$N,BOQ!AE$6,'[20]WorkDone DATA'!$G:$G,BOQ!$B92)*$G92","v":{"$error":"#VALUE!"}},{"$f":"SUMIFS('[20]WorkDone DATA'!$L:$L,'[20]WorkDone DATA'!$N:$N,BOQ!AF$6,'[20]WorkDone DATA'!$G:$G,BOQ!$B92)*$G92","v":{"$error":"#VALUE!"}},{"$f":"SUMIFS('[20]WorkDone DATA'!$L:$L,'[20]WorkDone DATA'!$N:$N,BOQ!AG$6,'[20]WorkDone DATA'!$G:$G,BOQ!$B92)*$G92","v":{"$error":"#VALUE!"}},{"$f":"SUMIFS('[20]WorkDone DATA'!$L:$L,'[20]WorkDone DATA'!$N:$N,BOQ!AH$6,'[20]WorkDone DATA'!$G:$G,BOQ!$B92)*$G92","v":{"$error":"#VALUE!"}},{"$f":"SUMIFS('[20]WorkDone DATA'!$L:$L,'[20]WorkDone DATA'!$N:$N,BOQ!AI$6,'[20]WorkDone DATA'!$G:$G,BOQ!$B92)*$G92","v":{"$error":"#VALUE!"}},{"$f":"SUMIFS('[20]WorkDone DATA'!$L:$L,'[20]WorkDone DATA'!$N:$N,BOQ!AJ$6,'[20]WorkDone DATA'!$G:$G,BOQ!$B92)*$G92","v":{"$error":"#VALUE!"}},{"$f":"SUMIFS('[20]WorkDone DATA'!$L:$L,'[20]WorkDone DATA'!$N:$N,BOQ!AK$6,'[20]WorkDone DATA'!$G:$G,BOQ!$B92)*$G92","v":{"$error":"#VALUE!"}},{"$f":"SUMIFS('[20]WorkDone DATA'!$L:$L,'[20]WorkDone DATA'!$N:$N,BOQ!AL$6,'[20]WorkDone DATA'!$G:$G,BOQ!$B92)*$G92","v":{"$error":"#VALUE!"}},{"$f":"SUMIFS('[20]WorkDone DATA'!$L:$L,'[20]WorkDone DATA'!$N:$N,BOQ!AM$6,'[20]WorkDone DATA'!$G:$G,BOQ!$B92)*$G92","v":{"$error":"#VALUE!"}},{"$f":"SUMIFS('[20]WorkDone DATA'!$L:$L,'[20]WorkDone DATA'!$N:$N,BOQ!AN$6,'[20]WorkDone DATA'!$G:$G,BOQ!$B92)*$G92","v":{"$error":"#VALUE!"}},{"$f":"SUMIFS('[20]WorkDone DATA'!$L:$L,'[20]WorkDone DATA'!$N:$N,BOQ!AO$6,'[20]WorkDone DATA'!$G:$G,BOQ!$B92)*$G92","v":{"$error":"#VALUE!"}},{"$f":"SUMIFS('[20]WorkDone DATA'!$L:$L,'[20]WorkDone DATA'!$N:$N,BOQ!AP$6,'[20]WorkDone DATA'!$G:$G,BOQ!$B92)*$G92","v":{"$error":"#VALUE!"}},{"$f":"SUMIFS('[20]WorkDone DATA'!$L:$L,'[20]WorkDone DATA'!$N:$N,BOQ!AQ$6,'[20]WorkDone DATA'!$G:$G,BOQ!$B92)*$G92","v":{"$error":"#VALUE!"}},{"$f":"SUMIFS('[20]WorkDone DATA'!$L:$L,'[20]WorkDone DATA'!$N:$N,BOQ!AR$6,'[20]WorkDone DATA'!$G:$G,BOQ!$B92)*$G92","v":{"$error":"#VALUE!"}},{"$f":"SUMIFS('[20]WorkDone DATA'!$L:$L,'[20]WorkDone DATA'!$N:$N,BOQ!AS$6,'[20]WorkDone DATA'!$G:$G,BOQ!$B92)*$G92","v":{"$error":"#VALUE!"}},{"$f":"SUMIFS('[20]WorkDone DATA'!$L:$L,'[20]WorkDone DATA'!$N:$N,BOQ!AT$6,'[20]WorkDone DATA'!$G:$G,BOQ!$B92)*$G92","v":{"$error":"#VALUE!"}},{"$f":"SUMIFS('[20]WorkDone DATA'!$L:$L,'[20]WorkDone DATA'!$N:$N,BOQ!AU$6,'[20]WorkDone DATA'!$G:$G,BOQ!$B92)*$G92","v":{"$error":"#VALUE!"}},{"$f":"SUMIFS('[20]WorkDone DATA'!$L:$L,'[20]WorkDone DATA'!$N:$N,BOQ!AV$6,'[20]WorkDone DATA'!$G:$G,BOQ!$B92)*$G92","v":{"$error":"#VALUE!"}},{"$f":"SUMIFS('[20]WorkDone DATA'!$L:$L,'[20]WorkDone DATA'!$N:$N,BOQ!AW$6,'[20]WorkDone DATA'!$G:$G,BOQ!$B92)*$G92","v":{"$error":"#VALUE!"}},{"$f":"SUMIFS('[20]WorkDone DATA'!$L:$L,'[20]WorkDone DATA'!$N:$N,BOQ!AX$6,'[20]WorkDone DATA'!$G:$G,BOQ!$B92)*$G92","v":{"$error":"#VALUE!"}},{"$f":"SUMIFS('[20]WorkDone DATA'!$L:$L,'[20]WorkDone DATA'!$N:$N,BOQ!AY$6,'[20]WorkDone DATA'!$G:$G,BOQ!$B92)*$G92","v":{"$error":"#VALUE!"}},{"$f":"SUMIFS('[20]WorkDone DATA'!$L:$L,'[20]WorkDone DATA'!$N:$N,BOQ!AZ$6,'[20]WorkDone DATA'!$G:$G,BOQ!$B92)*$G92","v":{"$error":"#VALUE!"}},{"$f":"SUMIFS('[20]WorkDone DATA'!$L:$L,'[20]WorkDone DATA'!$N:$N,BOQ!BA$6,'[20]WorkDone DATA'!$G:$G,BOQ!$B92)*$G92","v":{"$error":"#VALUE!"}},{"$f":"SUMIFS('[20]WorkDone DATA'!$L:$L,'[20]WorkDone DATA'!$N:$N,BOQ!BB$6,'[20]WorkDone DATA'!$G:$G,BOQ!$B92)*$G92","v":{"$error":"#VALUE!"}},{"$f":"SUMIFS('[20]WorkDone DATA'!$L:$L,'[20]WorkDone DATA'!$N:$N,BOQ!BC$6,'[20]WorkDone DATA'!$G:$G,BOQ!$B92)*$G92","v":{"$error":"#VALUE!"}},{"$f":"SUMIFS('[20]WorkDone DATA'!$L:$L,'[20]WorkDone DATA'!$N:$N,BOQ!BD$6,'[20]WorkDone DATA'!$G:$G,BOQ!$B92)*$G92","v":{"$error":"#VALUE!"}},{"$f":"SUMIFS('[20]WorkDone DATA'!$L:$L,'[20]WorkDone DATA'!$N:$N,BOQ!BE$6,'[20]WorkDone DATA'!$G:$G,BOQ!$B92)*$G92","v":{"$error":"#VALUE!"}},{"$f":"SUMIFS('[20]WorkDone DATA'!$L:$L,'[20]WorkDone DATA'!$N:$N,BOQ!BF$6,'[20]WorkDone DATA'!$G:$G,BOQ!$B92)*$G92","v":{"$error":"#VALUE!"}},{"$f":"SUMIFS('[20]WorkDone DATA'!$L:$L,'[20]WorkDone DATA'!$N:$N,BOQ!BG$6,'[20]WorkDone DATA'!$G:$G,BOQ!$B92)*$G92","v":{"$error":"#VALUE!"}},{"$f":"SUMIFS('[20]WorkDone DATA'!$L:$L,'[20]WorkDone DATA'!$N:$N,BOQ!BH$6,'[20]WorkDone DATA'!$G:$G,BOQ!$B92)*$G92","v":{"$error":"#VALUE!"}},{"$f":"SUMIFS('[20]WorkDone DATA'!$L:$L,'[20]WorkDone DATA'!$N:$N,BOQ!BI$6,'[20]WorkDone DATA'!$G:$G,BOQ!$B92)*$G92","v":{"$error":"#VALUE!"}},{"$f":"SUMIFS('[20]WorkDone DATA'!$L:$L,'[20]WorkDone DATA'!$N:$N,BOQ!BJ$6,'[20]WorkDone DATA'!$G:$G,BOQ!$B92)*$G92","v":{"$error":"#VALUE!"}},{"$f":"SUMIFS('[20]WorkDone DATA'!$L:$L,'[20]WorkDone DATA'!$N:$N,BOQ!BK$6,'[20]WorkDone DATA'!$G:$G,BOQ!$B92)*$G92","v":{"$error":"#VALUE!"}},{"$f":"SUMIFS('[20]WorkDone DATA'!$L:$L,'[20]WorkDone DATA'!$N:$N,BOQ!BL$6,'[20]WorkDone DATA'!$G:$G,BOQ!$B92)*$G92","v":{"$error":"#VALUE!"}},{"$f":"SUMIFS('[20]WorkDone DATA'!$L:$L,'[20]WorkDone DATA'!$N:$N,BOQ!BM$6,'[20]WorkDone DATA'!$G:$G,BOQ!$B92)*$G92","v":{"$error":"#VALUE!"}},{"$f":"SUMIFS('[20]WorkDone DATA'!$L:$L,'[20]WorkDone DATA'!$N:$N,BOQ!BN$6,'[20]WorkDone DATA'!$G:$G,BOQ!$B92)*$G92","v":{"$error":"#VALUE!"}},{"$f":"SUMIFS('[20]WorkDone DATA'!$L:$L,'[20]WorkDone DATA'!$N:$N,BOQ!BO$6,'[20]WorkDone DATA'!$G:$G,BOQ!$B92)*$G92","v":{"$error":"#VALUE!"}},{"$f":"SUMIFS('[20]WorkDone DATA'!$L:$L,'[20]WorkDone DATA'!$N:$N,BOQ!BP$6,'[20]WorkDone DATA'!$G:$G,BOQ!$B92)*$G92","v":{"$error":"#VALUE!"}},{"$f":"SUMIFS('[20]WorkDone DATA'!$L:$L,'[20]WorkDone DATA'!$N:$N,BOQ!BQ$6,'[20]WorkDone DATA'!$G:$G,BOQ!$B92)*$G92","v":{"$error":"#VALUE!"}},{"$f":"SUMIFS('[20]WorkDone DATA'!$L:$L,'[20]WorkDone DATA'!$N:$N,BOQ!BR$6,'[20]WorkDone DATA'!$G:$G,BOQ!$B92)*$G92","v":{"$error":"#VALUE!"}},{"$f":"SUMIFS('[20]WorkDone DATA'!$L:$L,'[20]WorkDone DATA'!$N:$N,BOQ!BS$6,'[20]WorkDone DATA'!$G:$G,BOQ!$B92)*$G92","v":{"$error":"#VALUE!"}},{"$f":"SUMIFS('[20]WorkDone DATA'!$L:$L,'[20]WorkDone DATA'!$N:$N,BOQ!BT$6,'[20]WorkDone DATA'!$G:$G,BOQ!$B92)*$G92","v":{"$error":"#VALUE!"}},{"$f":"SUMIFS('[20]WorkDone DATA'!$L:$L,'[20]WorkDone DATA'!$N:$N,BOQ!BU$6,'[20]WorkDone DATA'!$G:$G,BOQ!$B92)*$G92","v":{"$error":"#VALUE!"}},{"$f":"SUMIFS('[20]WorkDone DATA'!$L:$L,'[20]WorkDone DATA'!$N:$N,BOQ!BV$6,'[20]WorkDone DATA'!$G:$G,BOQ!$B92)*$G92","v":{"$error":"#VALUE!"}},{"$f":"SUMIFS('[20]WorkDone DATA'!$L:$L,'[20]WorkDone DATA'!$N:$N,BOQ!BW$6,'[20]WorkDone DATA'!$G:$G,BOQ!$B92)*$G92","v":{"$error":"#VALUE!"}},{"$f":"SUMIFS('[20]WorkDone DATA'!$L:$L,'[20]WorkDone DATA'!$N:$N,BOQ!BX$6,'[20]WorkDone DATA'!$G:$G,BOQ!$B92)*$G92","v":{"$error":"#VALUE!"}}]
[{"$f":"C92","v":"120mm x 3 core (CXX03QCV) 3.8kV/6.6kV"},2.043,"Supply","E","each",72,{"v":6401.18,"d":"6,401.18"},{"v":460884.96,"d":"460,884.96"},null,null,{"$error":"#VALUE!"},{"$error":"#VALUE!"},{"$error":"#VALUE!"},null,{"$error":"#VALUE!"},{"$error":"#VALUE!"},null,{"$f":"SUMIFS('[20]WorkDone DATA'!$L:$L,'[20]WorkDone DATA'!$N:$N,BOQ!S$6,'[20]WorkDone DATA'!$G:$G,BOQ!$B93)","v":{"$error":"#VALUE!"}},{"$error":"#VALUE!"},{"$f":"SUMIFS('[20]WorkDone DATA'!$L:$L,'[20]WorkDone DATA'!$N:$N,BOQ!U$6,'[20]WorkDone DATA'!$G:$G,BOQ!$B93)","v":{"$error":"#VALUE!"}},{"$error":"#VALUE!"},null,{"$f":"SUMIFS('[20]WorkDone DATA'!$L:$L,'[20]WorkDone DATA'!$N:$N,BOQ!W$6,'[20]WorkDone DATA'!$G:$G,BOQ!$B93)*$G93","v":{"$error":"#VALUE!"}},null,{"$f":"SUMIFS('[20]WorkDone DATA'!$L:$L,'[20]WorkDone DATA'!$N:$N,BOQ!Y$6,'[20]WorkDone DATA'!$G:$G,BOQ!$B93)*$G93","v":{"$error":"#VALUE!"}},null,{"$f":"SUMIFS('[20]WorkDone DATA'!$L:$L,'[20]WorkDone DATA'!$N:$N,BOQ!AA$6,'[20]WorkDone DATA'!$G:$G,BOQ!$B93)*$G93","v":{"$error":"#VALUE!"}},{"$f":"SUMIFS('[20]WorkDone DATA'!$L:$L,'[20]WorkDone DATA'!$N:$N,BOQ!AB$6,'[20]WorkDone DATA'!$G:$G,BOQ!$B93)*$G93","v":{"$error":"#VALUE!"}},{"$f":"SUMIFS('[20]WorkDone DATA'!$L:$L,'[20]WorkDone DATA'!$N:$N,BOQ!AC$6,'[20]WorkDone DATA'!$G:$G,BOQ!$B93)*$G93","v":{"$error":"#VALUE!"}},{"$f":"SUMIFS('[20]WorkDone DATA'!$L:$L,'[20]WorkDone DATA'!$N:$N,BOQ!AD$6,'[20]WorkDone DATA'!$G:$G,BOQ!$B93)*$G93","v":{"$error":"#VALUE!"}},{"$f":"SUMIFS('[20]WorkDone DATA'!$L:$L,'[20]WorkDone DATA'!$N:$N,BOQ!AE$6,'[20]WorkDone DATA'!$G:$G,BOQ!$B93)*$G93","v":{"$error":"#VALUE!"}},{"$f":"SUMIFS('[20]WorkDone DATA'!$L:$L,'[20]WorkDone DATA'!$N:$N,BOQ!AF$6,'[20]WorkDone DATA'!$G:$G,BOQ!$B93)*$G93","v":{"$error":"#VALUE!"}},{"$f":"SUMIFS('[20]WorkDone DATA'!$L:$L,'[20]WorkDone DATA'!$N:$N,BOQ!AG$6,'[20]WorkDone DATA'!$G:$G,BOQ!$B93)*$G93","v":{"$error":"#VALUE!"}},{"$f":"SUMIFS('[20]WorkDone DATA'!$L:$L,'[20]WorkDone DATA'!$N:$N,BOQ!AH$6,'[20]WorkDone DATA'!$G:$G,BOQ!$B93)*$G93","v":{"$error":"#VALUE!"}},{"$f":"SUMIFS('[20]WorkDone DATA'!$L:$L,'[20]WorkDone DATA'!$N:$N,BOQ!AI$6,'[20]WorkDone DATA'!$G:$G,BOQ!$B93)*$G93","v":{"$error":"#VALUE!"}},{"$f":"SUMIFS('[20]WorkDone DATA'!$L:$L,'[20]WorkDone DATA'!$N:$N,BOQ!AJ$6,'[20]WorkDone DATA'!$G:$G,BOQ!$B93)*$G93","v":{"$error":"#VALUE!"}},{"$f":"SUMIFS('[20]WorkDone DATA'!$L:$L,'[20]WorkDone DATA'!$N:$N,BOQ!AK$6,'[20]WorkDone DATA'!$G:$G,BOQ!$B93)*$G93","v":{"$error":"#VALUE!"}},{"$f":"SUMIFS('[20]WorkDone DATA'!$L:$L,'[20]WorkDone DATA'!$N:$N,BOQ!AL$6,'[20]WorkDone DATA'!$G:$G,BOQ!$B93)*$G93","v":{"$error":"#VALUE!"}},{"$f":"SUMIFS('[20]WorkDone DATA'!$L:$L,'[20]WorkDone DATA'!$N:$N,BOQ!AM$6,'[20]WorkDone DATA'!$G:$G,BOQ!$B93)*$G93","v":{"$error":"#VALUE!"}},{"$f":"SUMIFS('[20]WorkDone DATA'!$L:$L,'[20]WorkDone DATA'!$N:$N,BOQ!AN$6,'[20]WorkDone DATA'!$G:$G,BOQ!$B93)*$G93","v":{"$error":"#VALUE!"}},{"$f":"SUMIFS('[20]WorkDone DATA'!$L:$L,'[20]WorkDone DATA'!$N:$N,BOQ!AO$6,'[20]WorkDone DATA'!$G:$G,BOQ!$B93)*$G93","v":{"$error":"#VALUE!"}},{"$f":"SUMIFS('[20]WorkDone DATA'!$L:$L,'[20]WorkDone DATA'!$N:$N,BOQ!AP$6,'[20]WorkDone DATA'!$G:$G,BOQ!$B93)*$G93","v":{"$error":"#VALUE!"}},{"$f":"SUMIFS('[20]WorkDone DATA'!$L:$L,'[20]WorkDone DATA'!$N:$N,BOQ!AQ$6,'[20]WorkDone DATA'!$G:$G,BOQ!$B93)*$G93","v":{"$error":"#VALUE!"}},{"$f":"SUMIFS('[20]WorkDone DATA'!$L:$L,'[20]WorkDone DATA'!$N:$N,BOQ!AR$6,'[20]WorkDone DATA'!$G:$G,BOQ!$B93)*$G93","v":{"$error":"#VALUE!"}},{"$f":"SUMIFS('[20]WorkDone DATA'!$L:$L,'[20]WorkDone DATA'!$N:$N,BOQ!AS$6,'[20]WorkDone DATA'!$G:$G,BOQ!$B93)*$G93","v":{"$error":"#VALUE!"}},{"$f":"SUMIFS('[20]WorkDone DATA'!$L:$L,'[20]WorkDone DATA'!$N:$N,BOQ!AT$6,'[20]WorkDone DATA'!$G:$G,BOQ!$B93)*$G93","v":{"$error":"#VALUE!"}},{"$f":"SUMIFS('[20]WorkDone DATA'!$L:$L,'[20]WorkDone DATA'!$N:$N,BOQ!AU$6,'[20]WorkDone DATA'!$G:$G,BOQ!$B93)*$G93","v":{"$error":"#VALUE!"}},{"$f":"SUMIFS('[20]WorkDone DATA'!$L:$L,'[20]WorkDone DATA'!$N:$N,BOQ!AV$6,'[20]WorkDone DATA'!$G:$G,BOQ!$B93)*$G93","v":{"$error":"#VALUE!"}},{"$f":"SUMIFS('[20]WorkDone DATA'!$L:$L,'[20]WorkDone DATA'!$N:$N,BOQ!AW$6,'[20]WorkDone DATA'!$G:$G,BOQ!$B93)*$G93","v":{"$error":"#VALUE!"}},{"$f":"SUMIFS('[20]WorkDone DATA'!$L:$L,'[20]WorkDone DATA'!$N:$N,BOQ!AX$6,'[20]WorkDone DATA'!$G:$G,BOQ!$B93)*$G93","v":{"$error":"#VALUE!"}},{"$f":"SUMIFS('[20]WorkDone DATA'!$L:$L,'[20]WorkDone DATA'!$N:$N,BOQ!AY$6,'[20]WorkDone DATA'!$G:$G,BOQ!$B93)*$G93","v":{"$error":"#VALUE!"}},{"$f":"SUMIFS('[20]WorkDone DATA'!$L:$L,'[20]WorkDone DATA'!$N:$N,BOQ!AZ$6,'[20]WorkDone DATA'!$G:$G,BOQ!$B93)*$G93","v":{"$error":"#VALUE!"}},{"$f":"SUMIFS('[20]WorkDone DATA'!$L:$L,'[20]WorkDone DATA'!$N:$N,BOQ!BA$6,'[20]WorkDone DATA'!$G:$G,BOQ!$B93)*$G93","v":{"$error":"#VALUE!"}},{"$f":"SUMIFS('[20]WorkDone DATA'!$L:$L,'[20]WorkDone DATA'!$N:$N,BOQ!BB$6,'[20]WorkDone DATA'!$G:$G,BOQ!$B93)*$G93","v":{"$error":"#VALUE!"}},{"$f":"SUMIFS('[20]WorkDone DATA'!$L:$L,'[20]WorkDone DATA'!$N:$N,BOQ!BC$6,'[20]WorkDone DATA'!$G:$G,BOQ!$B93)*$G93","v":{"$error":"#VALUE!"}},{"$f":"SUMIFS('[20]WorkDone DATA'!$L:$L,'[20]WorkDone DATA'!$N:$N,BOQ!BD$6,'[20]WorkDone DATA'!$G:$G,BOQ!$B93)*$G93","v":{"$error":"#VALUE!"}},{"$f":"SUMIFS('[20]WorkDone DATA'!$L:$L,'[20]WorkDone DATA'!$N:$N,BOQ!BE$6,'[20]WorkDone DATA'!$G:$G,BOQ!$B93)*$G93","v":{"$error":"#VALUE!"}},{"$f":"SUMIFS('[20]WorkDone DATA'!$L:$L,'[20]WorkDone DATA'!$N:$N,BOQ!BF$6,'[20]WorkDone DATA'!$G:$G,BOQ!$B93)*$G93","v":{"$error":"#VALUE!"}},{"$f":"SUMIFS('[20]WorkDone DATA'!$L:$L,'[20]WorkDone DATA'!$N:$N,BOQ!BG$6,'[20]WorkDone DATA'!$G:$G,BOQ!$B93)*$G93","v":{"$error":"#VALUE!"}},{"$f":"SUMIFS('[20]WorkDone DATA'!$L:$L,'[20]WorkDone DATA'!$N:$N,BOQ!BH$6,'[20]WorkDone DATA'!$G:$G,BOQ!$B93)*$G93","v":{"$error":"#VALUE!"}},{"$f":"SUMIFS('[20]WorkDone DATA'!$L:$L,'[20]WorkDone DATA'!$N:$N,BOQ!BI$6,'[20]WorkDone DATA'!$G:$G,BOQ!$B93)*$G93","v":{"$error":"#VALUE!"}},{"$f":"SUMIFS('[20]WorkDone DATA'!$L:$L,'[20]WorkDone DATA'!$N:$N,BOQ!BJ$6,'[20]WorkDone DATA'!$G:$G,BOQ!$B93)*$G93","v":{"$error":"#VALUE!"}},{"$f":"SUMIFS('[20]WorkDone DATA'!$L:$L,'[20]WorkDone DATA'!$N:$N,BOQ!BK$6,'[20]WorkDone DATA'!$G:$G,BOQ!$B93)*$G93","v":{"$error":"#VALUE!"}},{"$f":"SUMIFS('[20]WorkDone DATA'!$L:$L,'[20]WorkDone DATA'!$N:$N,BOQ!BL$6,'[20]WorkDone DATA'!$G:$G,BOQ!$B93)*$G93","v":{"$error":"#VALUE!"}},{"$f":"SUMIFS('[20]WorkDone DATA'!$L:$L,'[20]WorkDone DATA'!$N:$N,BOQ!BM$6,'[20]WorkDone DATA'!$G:$G,BOQ!$B93)*$G93","v":{"$error":"#VALUE!"}},{"$f":"SUMIFS('[20]WorkDone DATA'!$L:$L,'[20]WorkDone DATA'!$N:$N,BOQ!BN$6,'[20]WorkDone DATA'!$G:$G,BOQ!$B93)*$G93","v":{"$error":"#VALUE!"}},{"$f":"SUMIFS('[20]WorkDone DATA'!$L:$L,'[20]WorkDone DATA'!$N:$N,BOQ!BO$6,'[20]WorkDone DATA'!$G:$G,BOQ!$B93)*$G93","v":{"$error":"#VALUE!"}},{"$f":"SUMIFS('[20]WorkDone DATA'!$L:$L,'[20]WorkDone DATA'!$N:$N,BOQ!BP$6,'[20]WorkDone DATA'!$G:$G,BOQ!$B93)*$G93","v":{"$error":"#VALUE!"}},{"$f":"SUMIFS('[20]WorkDone DATA'!$L:$L,'[20]WorkDone DATA'!$N:$N,BOQ!BQ$6,'[20]WorkDone DATA'!$G:$G,BOQ!$B93)*$G93","v":{"$error":"#VALUE!"}},{"$f":"SUMIFS('[20]WorkDone DATA'!$L:$L,'[20]WorkDone DATA'!$N:$N,BOQ!BR$6,'[20]WorkDone DATA'!$G:$G,BOQ!$B93)*$G93","v":{"$error":"#VALUE!"}},{"$f":"SUMIFS('[20]WorkDone DATA'!$L:$L,'[20]WorkDone DATA'!$N:$N,BOQ!BS$6,'[20]WorkDone DATA'!$G:$G,BOQ!$B93)*$G93","v":{"$error":"#VALUE!"}},{"$f":"SUMIFS('[20]WorkDone DATA'!$L:$L,'[20]WorkDone DATA'!$N:$N,BOQ!BT$6,'[20]WorkDone DATA'!$G:$G,BOQ!$B93)*$G93","v":{"$error":"#VALUE!"}},{"$f":"SUMIFS('[20]WorkDone DATA'!$L:$L,'[20]WorkDone DATA'!$N:$N,BOQ!BU$6,'[20]WorkDone DATA'!$G:$G,BOQ!$B93)*$G93","v":{"$error":"#VALUE!"}},{"$f":"SUMIFS('[20]WorkDone DATA'!$L:$L,'[20]WorkDone DATA'!$N:$N,BOQ!BV$6,'[20]WorkDone DATA'!$G:$G,BOQ!$B93)*$G93","v":{"$error":"#VALUE!"}},{"$f":"SUMIFS('[20]WorkDone DATA'!$L:$L,'[20]WorkDone DATA'!$N:$N,BOQ!BW$6,'[20]WorkDone DATA'!$G:$G,BOQ!$B93)*$G93","v":{"$error":"#VALUE!"}},{"$f":"SUMIFS('[20]WorkDone DATA'!$L:$L,'[20]WorkDone DATA'!$N:$N,BOQ!BX$6,'[20]WorkDone DATA'!$G:$G,BOQ!$B93)*$G93","v":{"$error":"#VALUE!"}}]
[{"$f":"C92","v":"120mm x 3 core (CXX03QCV) 3.8kV/6.6kV"},2.044,"Installation","A","each",72,{"v":1865.76,"d":"1,865.76"},{"v":134334.72,"d":"134,334.72"},null,null,{"$error":"#VALUE!"},{"$error":"#VALUE!"},{"$error":"#VALUE!"},null,{"$error":"#VALUE!"},{"$error":"#VALUE!"},null,{"$f":"SUMIFS('[20]WorkDone DATA'!$L:$L,'[20]WorkDone DATA'!$N:$N,BOQ!S$6,'[20]WorkDone DATA'!$G:$G,BOQ!$B94)","v":{"$error":"#VALUE!"}},{"$error":"#VALUE!"},{"$f":"SUMIFS('[20]WorkDone DATA'!$L:$L,'[20]WorkDone DATA'!$N:$N,BOQ!U$6,'[20]WorkDone DATA'!$G:$G,BOQ!$B94)","v":{"$error":"#VALUE!"}},{"$error":"#VALUE!"},null,{"$f":"SUMIFS('[20]WorkDone DATA'!$L:$L,'[20]WorkDone DATA'!$N:$N,BOQ!W$6,'[20]WorkDone DATA'!$G:$G,BOQ!$B94)*$G94","v":{"$error":"#VALUE!"}},null,{"$f":"SUMIFS('[20]WorkDone DATA'!$L:$L,'[20]WorkDone DATA'!$N:$N,BOQ!Y$6,'[20]WorkDone DATA'!$G:$G,BOQ!$B94)*$G94","v":{"$error":"#VALUE!"}},null,{"$f":"SUMIFS('[20]WorkDone DATA'!$L:$L,'[20]WorkDone DATA'!$N:$N,BOQ!AA$6,'[20]WorkDone DATA'!$G:$G,BOQ!$B94)*$G94","v":{"$error":"#VALUE!"}},{"$f":"SUMIFS('[20]WorkDone DATA'!$L:$L,'[20]WorkDone DATA'!$N:$N,BOQ!AB$6,'[20]WorkDone DATA'!$G:$G,BOQ!$B94)*$G94","v":{"$error":"#VALUE!"}},{"$f":"SUMIFS('[20]WorkDone DATA'!$L:$L,'[20]WorkDone DATA'!$N:$N,BOQ!AC$6,'[20]WorkDone DATA'!$G:$G,BOQ!$B94)*$G94","v":{"$error":"#VALUE!"}},{"$f":"SUMIFS('[20]WorkDone DATA'!$L:$L,'[20]WorkDone DATA'!$N:$N,BOQ!AD$6,'[20]WorkDone DATA'!$G:$G,BOQ!$B94)*$G94","v":{"$error":"#VALUE!"}},{"$f":"SUMIFS('[20]WorkDone DATA'!$L:$L,'[20]WorkDone DATA'!$N:$N,BOQ!AE$6,'[20]WorkDone DATA'!$G:$G,BOQ!$B94)*$G94","v":{"$error":"#VALUE!"}},{"$f":"SUMIFS('[20]WorkDone DATA'!$L:$L,'[20]WorkDone DATA'!$N:$N,BOQ!AF$6,'[20]WorkDone DATA'!$G:$G,BOQ!$B94)*$G94","v":{"$error":"#VALUE!"}},{"$f":"SUMIFS('[20]WorkDone DATA'!$L:$L,'[20]WorkDone DATA'!$N:$N,BOQ!AG$6,'[20]WorkDone DATA'!$G:$G,BOQ!$B94)*$G94","v":{"$error":"#VALUE!"}},{"$f":"SUMIFS('[20]WorkDone DATA'!$L:$L,'[20]WorkDone DATA'!$N:$N,BOQ!AH$6,'[20]WorkDone DATA'!$G:$G,BOQ!$B94)*$G94","v":{"$error":"#VALUE!"}},{"$f":"SUMIFS('[20]WorkDone DATA'!$L:$L,'[20]WorkDone DATA'!$N:$N,BOQ!AI$6,'[20]WorkDone DATA'!$G:$G,BOQ!$B94)*$G94","v":{"$error":"#VALUE!"}},{"$f":"SUMIFS('[20]WorkDone DATA'!$L:$L,'[20]WorkDone DATA'!$N:$N,BOQ!AJ$6,'[20]WorkDone DATA'!$G:$G,BOQ!$B94)*$G94","v":{"$error":"#VALUE!"}},{"$f":"SUMIFS('[20]WorkDone DATA'!$L:$L,'[20]WorkDone DATA'!$N:$N,BOQ!AK$6,'[20]WorkDone DATA'!$G:$G,BOQ!$B94)*$G94","v":{"$error":"#VALUE!"}},{"$f":"SUMIFS('[20]WorkDone DATA'!$L:$L,'[20]WorkDone DATA'!$N:$N,BOQ!AL$6,'[20]WorkDone DATA'!$G:$G,BOQ!$B94)*$G94","v":{"$error":"#VALUE!"}},{"$f":"SUMIFS('[20]WorkDone DATA'!$L:$L,'[20]WorkDone DATA'!$N:$N,BOQ!AM$6,'[20]WorkDone DATA'!$G:$G,BOQ!$B94)*$G94","v":{"$error":"#VALUE!"}},{"$f":"SUMIFS('[20]WorkDone DATA'!$L:$L,'[20]WorkDone DATA'!$N:$N,BOQ!AN$6,'[20]WorkDone DATA'!$G:$G,BOQ!$B94)*$G94","v":{"$error":"#VALUE!"}},{"$f":"SUMIFS('[20]WorkDone DATA'!$L:$L,'[20]WorkDone DATA'!$N:$N,BOQ!AO$6,'[20]WorkDone DATA'!$G:$G,BOQ!$B94)*$G94","v":{"$error":"#VALUE!"}},{"$f":"SUMIFS('[20]WorkDone DATA'!$L:$L,'[20]WorkDone DATA'!$N:$N,BOQ!AP$6,'[20]WorkDone DATA'!$G:$G,BOQ!$B94)*$G94","v":{"$error":"#VALUE!"}},{"$f":"SUMIFS('[20]WorkDone DATA'!$L:$L,'[20]WorkDone DATA'!$N:$N,BOQ!AQ$6,'[20]WorkDone DATA'!$G:$G,BOQ!$B94)*$G94","v":{"$error":"#VALUE!"}},{"$f":"SUMIFS('[20]WorkDone DATA'!$L:$L,'[20]WorkDone DATA'!$N:$N,BOQ!AR$6,'[20]WorkDone DATA'!$G:$G,BOQ!$B94)*$G94","v":{"$error":"#VALUE!"}},{"$f":"SUMIFS('[20]WorkDone DATA'!$L:$L,'[20]WorkDone DATA'!$N:$N,BOQ!AS$6,'[20]WorkDone DATA'!$G:$G,BOQ!$B94)*$G94","v":{"$error":"#VALUE!"}},{"$f":"SUMIFS('[20]WorkDone DATA'!$L:$L,'[20]WorkDone DATA'!$N:$N,BOQ!AT$6,'[20]WorkDone DATA'!$G:$G,BOQ!$B94)*$G94","v":{"$error":"#VALUE!"}},{"$f":"SUMIFS('[20]WorkDone DATA'!$L:$L,'[20]WorkDone DATA'!$N:$N,BOQ!AU$6,'[20]WorkDone DATA'!$G:$G,BOQ!$B94)*$G94","v":{"$error":"#VALUE!"}},{"$f":"SUMIFS('[20]WorkDone DATA'!$L:$L,'[20]WorkDone DATA'!$N:$N,BOQ!AV$6,'[20]WorkDone DATA'!$G:$G,BOQ!$B94)*$G94","v":{"$error":"#VALUE!"}},{"$f":"SUMIFS('[20]WorkDone DATA'!$L:$L,'[20]WorkDone DATA'!$N:$N,BOQ!AW$6,'[20]WorkDone DATA'!$G:$G,BOQ!$B94)*$G94","v":{"$error":"#VALUE!"}},{"$f":"SUMIFS('[20]WorkDone DATA'!$L:$L,'[20]WorkDone DATA'!$N:$N,BOQ!AX$6,'[20]WorkDone DATA'!$G:$G,BOQ!$B94)*$G94","v":{"$error":"#VALUE!"}},{"$f":"SUMIFS('[20]WorkDone DATA'!$L:$L,'[20]WorkDone DATA'!$N:$N,BOQ!AY$6,'[20]WorkDone DATA'!$G:$G,BOQ!$B94)*$G94","v":{"$error":"#VALUE!"}},{"$f":"SUMIFS('[20]WorkDone DATA'!$L:$L,'[20]WorkDone DATA'!$N:$N,BOQ!AZ$6,'[20]WorkDone DATA'!$G:$G,BOQ!$B94)*$G94","v":{"$error":"#VALUE!"}},{"$f":"SUMIFS('[20]WorkDone DATA'!$L:$L,'[20]WorkDone DATA'!$N:$N,BOQ!BA$6,'[20]WorkDone DATA'!$G:$G,BOQ!$B94)*$G94","v":{"$error":"#VALUE!"}},{"$f":"SUMIFS('[20]WorkDone DATA'!$L:$L,'[20]WorkDone DATA'!$N:$N,BOQ!BB$6,'[20]WorkDone DATA'!$G:$G,BOQ!$B94)*$G94","v":{"$error":"#VALUE!"}},{"$f":"SUMIFS('[20]WorkDone DATA'!$L:$L,'[20]WorkDone DATA'!$N:$N,BOQ!BC$6,'[20]WorkDone DATA'!$G:$G,BOQ!$B94)*$G94","v":{"$error":"#VALUE!"}},{"$f":"SUMIFS('[20]WorkDone DATA'!$L:$L,'[20]WorkDone DATA'!$N:$N,BOQ!BD$6,'[20]WorkDone DATA'!$G:$G,BOQ!$B94)*$G94","v":{"$error":"#VALUE!"}},{"$f":"SUMIFS('[20]WorkDone DATA'!$L:$L,'[20]WorkDone DATA'!$N:$N,BOQ!BE$6,'[20]WorkDone DATA'!$G:$G,BOQ!$B94)*$G94","v":{"$error":"#VALUE!"}},{"$f":"SUMIFS('[20]WorkDone DATA'!$L:$L,'[20]WorkDone DATA'!$N:$N,BOQ!BF$6,'[20]WorkDone DATA'!$G:$G,BOQ!$B94)*$G94","v":{"$error":"#VALUE!"}},{"$f":"SUMIFS('[20]WorkDone DATA'!$L:$L,'[20]WorkDone DATA'!$N:$N,BOQ!BG$6,'[20]WorkDone DATA'!$G:$G,BOQ!$B94)*$G94","v":{"$error":"#VALUE!"}},{"$f":"SUMIFS('[20]WorkDone DATA'!$L:$L,'[20]WorkDone DATA'!$N:$N,BOQ!BH$6,'[20]WorkDone DATA'!$G:$G,BOQ!$B94)*$G94","v":{"$error":"#VALUE!"}},{"$f":"SUMIFS('[20]WorkDone DATA'!$L:$L,'[20]WorkDone DATA'!$N:$N,BOQ!BI$6,'[20]WorkDone DATA'!$G:$G,BOQ!$B94)*$G94","v":{"$error":"#VALUE!"}},{"$f":"SUMIFS('[20]WorkDone DATA'!$L:$L,'[20]WorkDone DATA'!$N:$N,BOQ!BJ$6,'[20]WorkDone DATA'!$G:$G,BOQ!$B94)*$G94","v":{"$error":"#VALUE!"}},{"$f":"SUMIFS('[20]WorkDone DATA'!$L:$L,'[20]WorkDone DATA'!$N:$N,BOQ!BK$6,'[20]WorkDone DATA'!$G:$G,BOQ!$B94)*$G94","v":{"$error":"#VALUE!"}},{"$f":"SUMIFS('[20]WorkDone DATA'!$L:$L,'[20]WorkDone DATA'!$N:$N,BOQ!BL$6,'[20]WorkDone DATA'!$G:$G,BOQ!$B94)*$G94","v":{"$error":"#VALUE!"}},{"$f":"SUMIFS('[20]WorkDone DATA'!$L:$L,'[20]WorkDone DATA'!$N:$N,BOQ!BM$6,'[20]WorkDone DATA'!$G:$G,BOQ!$B94)*$G94","v":{"$error":"#VALUE!"}},{"$f":"SUMIFS('[20]WorkDone DATA'!$L:$L,'[20]WorkDone DATA'!$N:$N,BOQ!BN$6,'[20]WorkDone DATA'!$G:$G,BOQ!$B94)*$G94","v":{"$error":"#VALUE!"}},{"$f":"SUMIFS('[20]WorkDone DATA'!$L:$L,'[20]WorkDone DATA'!$N:$N,BOQ!BO$6,'[20]WorkDone DATA'!$G:$G,BOQ!$B94)*$G94","v":{"$error":"#VALUE!"}},{"$f":"SUMIFS('[20]WorkDone DATA'!$L:$L,'[20]WorkDone DATA'!$N:$N,BOQ!BP$6,'[20]WorkDone DATA'!$G:$G,BOQ!$B94)*$G94","v":{"$error":"#VALUE!"}},{"$f":"SUMIFS('[20]WorkDone DATA'!$L:$L,'[20]WorkDone DATA'!$N:$N,BOQ!BQ$6,'[20]WorkDone DATA'!$G:$G,BOQ!$B94)*$G94","v":{"$error":"#VALUE!"}},{"$f":"SUMIFS('[20]WorkDone DATA'!$L:$L,'[20]WorkDone DATA'!$N:$N,BOQ!BR$6,'[20]WorkDone DATA'!$G:$G,BOQ!$B94)*$G94","v":{"$error":"#VALUE!"}},{"$f":"SUMIFS('[20]WorkDone DATA'!$L:$L,'[20]WorkDone DATA'!$N:$N,BOQ!BS$6,'[20]WorkDone DATA'!$G:$G,BOQ!$B94)*$G94","v":{"$error":"#VALUE!"}},{"$f":"SUMIFS('[20]WorkDone DATA'!$L:$L,'[20]WorkDone DATA'!$N:$N,BOQ!BT$6,'[20]WorkDone DATA'!$G:$G,BOQ!$B94)*$G94","v":{"$error":"#VALUE!"}},{"$f":"SUMIFS('[20]WorkDone DATA'!$L:$L,'[20]WorkDone DATA'!$N:$N,BOQ!BU$6,'[20]WorkDone DATA'!$G:$G,BOQ!$B94)*$G94","v":{"$error":"#VALUE!"}},{"$f":"SUMIFS('[20]WorkDone DATA'!$L:$L,'[20]WorkDone DATA'!$N:$N,BOQ!BV$6,'[20]WorkDone DATA'!$G:$G,BOQ!$B94)*$G94","v":{"$error":"#VALUE!"}},{"$f":"SUMIFS('[20]WorkDone DATA'!$L:$L,'[20]WorkDone DATA'!$N:$N,BOQ!BW$6,'[20]WorkDone DATA'!$G:$G,BOQ!$B94)*$G94","v":{"$error":"#VALUE!"}},{"$f":"SUMIFS('[20]WorkDone DATA'!$L:$L,'[20]WorkDone DATA'!$N:$N,BOQ!BX$6,'[20]WorkDone DATA'!$G:$G,BOQ!$B94)*$G94","v":{"$error":"#VALUE!"}}]
[null,null,"70mm2 x 3 core (CXX03NCV) 3.8kV/6.6kV",{"$nulls":4},0,{"$nulls":3},{"$error":"#VALUE!"},{"$error":"#VALUE!"},null,0,{"$error":"#VALUE!"},null,{"$f":"SUMIFS('[20]WorkDone DATA'!$L:$L,'[20]WorkDone DATA'!$N:$N,BOQ!S$6,'[20]WorkDone DATA'!$G:$G,BOQ!$B95)","v":{"$error":"#VALUE!"}},{"$error":"#VALUE!"},{"$f":"SUMIFS('[20]WorkDone DATA'!$L:$L,'[20]WorkDone DATA'!$N:$N,BOQ!U$6,'[20]WorkDone DATA'!$G:$G,BOQ!$B95)","v":{"$error":"#VALUE!"}},{"$error":"#VALUE!"},null,{"$f":"SUMIFS('[20]WorkDone DATA'!$L:$L,'[20]WorkDone DATA'!$N:$N,BOQ!W$6,'[20]WorkDone DATA'!$G:$G,BOQ!$B95)*$G95","v":{"$error":"#VALUE!"}},null,{"$f":"SUMIFS('[20]WorkDone DATA'!$L:$L,'[20]WorkDone DATA'!$N:$N,BOQ!Y$6,'[20]WorkDone DATA'!$G:$G,BOQ!$B95)*$G95","v":{"$error":"#VALUE!"}},null,{"$f":"SUMIFS('[20]WorkDone DATA'!$L:$L,'[20]WorkDone DATA'!$N:$N,BOQ!AA$6,'[20]WorkDone DATA'!$G:$G,BOQ!$B95)*$G95","v":{"$error":"#VALUE!"}},{"$f":"SUMIFS('[20]WorkDone DATA'!$L:$L,'[20]WorkDone DATA'!$N:$N,BOQ!AB$6,'[20]WorkDone DATA'!$G:$G,BOQ!$B95)*$G95","v":{"$error":"#VALUE!"}},{"$f":"SUMIFS('[20]WorkDone DATA'!$L:$L,'[20]WorkDone DATA'!$N:$N,BOQ!AC$6,'[20]WorkDone DATA'!$G:$G,BOQ!$B95)*$G95","v":{"$error":"#VALUE!"}},{"$f":"SUMIFS('[20]WorkDone DATA'!$L:$L,'[20]WorkDone DATA'!$N:$N,BOQ!AD$6,'[20]WorkDone DATA'!$G:$G,BOQ!$B95)*$G95","v":{"$error":"#VALUE!"}},{"$f":"SUMIFS('[20]WorkDone DATA'!$L:$L,'[20]WorkDone DATA'!$N:$N,BOQ!AE$6,'[20]WorkDone DATA'!$G:$G,BOQ!$B95)*$G95","v":{"$error":"#VALUE!"}},{"$f":"SUMIFS('[20]WorkDone DATA'!$L:$L,'[20]WorkDone DATA'!$N:$N,BOQ!AF$6,'[20]WorkDone DATA'!$G:$G,BOQ!$B95)*$G95","v":{"$error":"#VALUE!"}},{"$f":"SUMIFS('[20]WorkDone DATA'!$L:$L,'[20]WorkDone DATA'!$N:$N,BOQ!AG$6,'[20]WorkDone DATA'!$G:$G,BOQ!$B95)*$G95","v":{"$error":"#VALUE!"}},{"$f":"SUMIFS('[20]WorkDone DATA'!$L:$L,'[20]WorkDone DATA'!$N:$N,BOQ!AH$6,'[20]WorkDone DATA'!$G:$G,BOQ!$B95)*$G95","v":{"$error":"#VALUE!"}},{"$f":"SUMIFS('[20]WorkDone DATA'!$L:$L,'[20]WorkDone DATA'!$N:$N,BOQ!AI$6,'[20]WorkDone DATA'!$G:$G,BOQ!$B95)*$G95","v":{"$error":"#VALUE!"}},{"$f":"SUMIFS('[20]WorkDone DATA'!$L:$L,'[20]WorkDone DATA'!$N:$N,BOQ!AJ$6,'[20]WorkDone DATA'!$G:$G,BOQ!$B95)*$G95","v":{"$error":"#VALUE!"}},{"$f":"SUMIFS('[20]WorkDone DATA'!$L:$L,'[20]WorkDone DATA'!$N:$N,BOQ!AK$6,'[20]WorkDone DATA'!$G:$G,BOQ!$B95)*$G95","v":{"$error":"#VALUE!"}},{"$f":"SUMIFS('[20]WorkDone DATA'!$L:$L,'[20]WorkDone DATA'!$N:$N,BOQ!AL$6,'[20]WorkDone DATA'!$G:$G,BOQ!$B95)*$G95","v":{"$error":"#VALUE!"}},{"$f":"SUMIFS('[20]WorkDone DATA'!$L:$L,'[20]WorkDone DATA'!$N:$N,BOQ!AM$6,'[20]WorkDone DATA'!$G:$G,BOQ!$B95)*$G95","v":{"$error":"#VALUE!"}},{"$f":"SUMIFS('[20]WorkDone DATA'!$L:$L,'[20]WorkDone DATA'!$N:$N,BOQ!AN$6,'[20]WorkDone DATA'!$G:$G,BOQ!$B95)*$G95","v":{"$error":"#VALUE!"}},{"$f":"SUMIFS('[20]WorkDone DATA'!$L:$L,'[20]WorkDone DATA'!$N:$N,BOQ!AO$6,'[20]WorkDone DATA'!$G:$G,BOQ!$B95)*$G95","v":{"$error":"#VALUE!"}},{"$f":"SUMIFS('[20]WorkDone DATA'!$L:$L,'[20]WorkDone DATA'!$N:$N,BOQ!AP$6,'[20]WorkDone DATA'!$G:$G,BOQ!$B95)*$G95","v":{"$error":"#VALUE!"}},{"$f":"SUMIFS('[20]WorkDone DATA'!$L:$L,'[20]WorkDone DATA'!$N:$N,BOQ!AQ$6,'[20]WorkDone DATA'!$G:$G,BOQ!$B95)*$G95","v":{"$error":"#VALUE!"}},{"$f":"SUMIFS('[20]WorkDone DATA'!$L:$L,'[20]WorkDone DATA'!$N:$N,BOQ!AR$6,'[20]WorkDone DATA'!$G:$G,BOQ!$B95)*$G95","v":{"$error":"#VALUE!"}},{"$f":"SUMIFS('[20]WorkDone DATA'!$L:$L,'[20]WorkDone DATA'!$N:$N,BOQ!AS$6,'[20]WorkDone DATA'!$G:$G,BOQ!$B95)*$G95","v":{"$error":"#VALUE!"}},{"$f":"SUMIFS('[20]WorkDone DATA'!$L:$L,'[20]WorkDone DATA'!$N:$N,BOQ!AT$6,'[20]WorkDone DATA'!$G:$G,BOQ!$B95)*$G95","v":{"$error":"#VALUE!"}},{"$f":"SUMIFS('[20]WorkDone DATA'!$L:$L,'[20]WorkDone DATA'!$N:$N,BOQ!AU$6,'[20]WorkDone DATA'!$G:$G,BOQ!$B95)*$G95","v":{"$error":"#VALUE!"}},{"$f":"SUMIFS('[20]WorkDone DATA'!$L:$L,'[20]WorkDone DATA'!$N:$N,BOQ!AV$6,'[20]WorkDone DATA'!$G:$G,BOQ!$B95)*$G95","v":{"$error":"#VALUE!"}},{"$f":"SUMIFS('[20]WorkDone DATA'!$L:$L,'[20]WorkDone DATA'!$N:$N,BOQ!AW$6,'[20]WorkDone DATA'!$G:$G,BOQ!$B95)*$G95","v":{"$error":"#VALUE!"}},{"$f":"SUMIFS('[20]WorkDone DATA'!$L:$L,'[20]WorkDone DATA'!$N:$N,BOQ!AX$6,'[20]WorkDone DATA'!$G:$G,BOQ!$B95)*$G95","v":{"$error":"#VALUE!"}},{"$f":"SUMIFS('[20]WorkDone DATA'!$L:$L,'[20]WorkDone DATA'!$N:$N,BOQ!AY$6,'[20]WorkDone DATA'!$G:$G,BOQ!$B95)*$G95","v":{"$error":"#VALUE!"}},{"$f":"SUMIFS('[20]WorkDone DATA'!$L:$L,'[20]WorkDone DATA'!$N:$N,BOQ!AZ$6,'[20]WorkDone DATA'!$G:$G,BOQ!$B95)*$G95","v":{"$error":"#VALUE!"}},{"$f":"SUMIFS('[20]WorkDone DATA'!$L:$L,'[20]WorkDone DATA'!$N:$N,BOQ!BA$6,'[20]WorkDone DATA'!$G:$G,BOQ!$B95)*$G95","v":{"$error":"#VALUE!"}},{"$f":"SUMIFS('[20]WorkDone DATA'!$L:$L,'[20]WorkDone DATA'!$N:$N,BOQ!BB$6,'[20]WorkDone DATA'!$G:$G,BOQ!$B95)*$G95","v":{"$error":"#VALUE!"}},{"$f":"SUMIFS('[20]WorkDone DATA'!$L:$L,'[20]WorkDone DATA'!$N:$N,BOQ!BC$6,'[20]WorkDone DATA'!$G:$G,BOQ!$B95)*$G95","v":{"$error":"#VALUE!"}},{"$f":"SUMIFS('[20]WorkDone DATA'!$L:$L,'[20]WorkDone DATA'!$N:$N,BOQ!BD$6,'[20]WorkDone DATA'!$G:$G,BOQ!$B95)*$G95","v":{"$error":"#VALUE!"}},{"$f":"SUMIFS('[20]WorkDone DATA'!$L:$L,'[20]WorkDone DATA'!$N:$N,BOQ!BE$6,'[20]WorkDone DATA'!$G:$G,BOQ!$B95)*$G95","v":{"$error":"#VALUE!"}},{"$f":"SUMIFS('[20]WorkDone DATA'!$L:$L,'[20]WorkDone DATA'!$N:$N,BOQ!BF$6,'[20]WorkDone DATA'!$G:$G,BOQ!$B95)*$G95","v":{"$error":"#VALUE!"}},{"$f":"SUMIFS('[20]WorkDone DATA'!$L:$L,'[20]WorkDone DATA'!$N:$N,BOQ!BG$6,'[20]WorkDone DATA'!$G:$G,BOQ!$B95)*$G95","v":{"$error":"#VALUE!"}},{"$f":"SUMIFS('[20]WorkDone DATA'!$L:$L,'[20]WorkDone DATA'!$N:$N,BOQ!BH$6,'[20]WorkDone DATA'!$G:$G,BOQ!$B95)*$G95","v":{"$error":"#VALUE!"}},{"$f":"SUMIFS('[20]WorkDone DATA'!$L:$L,'[20]WorkDone DATA'!$N:$N,BOQ!BI$6,'[20]WorkDone DATA'!$G:$G,BOQ!$B95)*$G95","v":{"$error":"#VALUE!"}},{"$f":"SUMIFS('[20]WorkDone DATA'!$L:$L,'[20]WorkDone DATA'!$N:$N,BOQ!BJ$6,'[20]WorkDone DATA'!$G:$G,BOQ!$B95)*$G95","v":{"$error":"#VALUE!"}},{"$f":"SUMIFS('[20]WorkDone DATA'!$L:$L,'[20]WorkDone DATA'!$N:$N,BOQ!BK$6,'[20]WorkDone DATA'!$G:$G,BOQ!$B95)*$G95","v":{"$error":"#VALUE!"}},{"$f":"SUMIFS('[20]WorkDone DATA'!$L:$L,'[20]WorkDone DATA'!$N:$N,BOQ!BL$6,'[20]WorkDone DATA'!$G:$G,BOQ!$B95)*$G95","v":{"$error":"#VALUE!"}},{"$f":"SUMIFS('[20]WorkDone DATA'!$L:$L,'[20]WorkDone DATA'!$N:$N,BOQ!BM$6,'[20]WorkDone DATA'!$G:$G,BOQ!$B95)*$G95","v":{"$error":"#VALUE!"}},{"$f":"SUMIFS('[20]WorkDone DATA'!$L:$L,'[20]WorkDone DATA'!$N:$N,BOQ!BN$6,'[20]WorkDone DATA'!$G:$G,BOQ!$B95)*$G95","v":{"$error":"#VALUE!"}},{"$f":"SUMIFS('[20]WorkDone DATA'!$L:$L,'[20]WorkDone DATA'!$N:$N,BOQ!BO$6,'[20]WorkDone DATA'!$G:$G,BOQ!$B95)*$G95","v":{"$error":"#VALUE!"}},{"$f":"SUMIFS('[20]WorkDone DATA'!$L:$L,'[20]WorkDone DATA'!$N:$N,BOQ!BP$6,'[20]WorkDone DATA'!$G:$G,BOQ!$B95)*$G95","v":{"$error":"#VALUE!"}},{"$f":"SUMIFS('[20]WorkDone DATA'!$L:$L,'[20]WorkDone DATA'!$N:$N,BOQ!BQ$6,'[20]WorkDone DATA'!$G:$G,BOQ!$B95)*$G95","v":{"$error":"#VALUE!"}},{"$f":"SUMIFS('[20]WorkDone DATA'!$L:$L,'[20]WorkDone DATA'!$N:$N,BOQ!BR$6,'[20]WorkDone DATA'!$G:$G,BOQ!$B95)*$G95","v":{"$error":"#VALUE!"}},{"$f":"SUMIFS('[20]WorkDone DATA'!$L:$L,'[20]WorkDone DATA'!$N:$N,BOQ!BS$6,'[20]WorkDone DATA'!$G:$G,BOQ!$B95)*$G95","v":{"$error":"#VALUE!"}},{"$f":"SUMIFS('[20]WorkDone DATA'!$L:$L,'[20]WorkDone DATA'!$N:$N,BOQ!BT$6,'[20]WorkDone DATA'!$G:$G,BOQ!$B95)*$G95","v":{"$error":"#VALUE!"}},{"$f":"SUMIFS('[20]WorkDone DATA'!$L:$L,'[20]WorkDone DATA'!$N:$N,BOQ!BU$6,'[20]WorkDone DATA'!$G:$G,BOQ!$B95)*$G95","v":{"$error":"#VALUE!"}},{"$f":"SUMIFS('[20]WorkDone DATA'!$L:$L,'[20]WorkDone DATA'!$N:$N,BOQ!BV$6,'[20]WorkDone DATA'!$G:$G,BOQ!$B95)*$G95","v":{"$error":"#VALUE!"}},{"$f":"SUMIFS('[20]WorkDone DATA'!$L:$L,'[20]WorkDone DATA'!$N:$N,BOQ!BW$6,'[20]WorkDone DATA'!$G:$G,BOQ!$B95)*$G95","v":{"$error":"#VALUE!"}},{"$f":"SUMIFS('[20]WorkDone DATA'!$L:$L,'[20]WorkDone DATA'!$N:$N,BOQ!BX$6,'[20]WorkDone DATA'!$G:$G,BOQ!$B95)*$G95","v":{"$error":"#VALUE!"}}]
[{"$f":"C95","v":"70mm2 x 3 core (CXX03NCV) 3.8kV/6.6kV"},2.045,"Supply","E","each",216,{"v":4771.75,"d":"4,771.75"},{"v":1030698,"d":"1,030,698.00"},null,null,{"$error":"#VALUE!"},{"$error":"#VALUE!"},{"$error":"#VALUE!"},null,{"$error":"#VALUE!"},{"$error":"#VALUE!"},null,{"$f":"SUMIFS('[20]WorkDone DATA'!$L:$L,'[20]WorkDone DATA'!$N:$N,BOQ!S$6,'[20]WorkDone DATA'!$G:$G,BOQ!$B96)","v":{"$error":"#VALUE!"}},{"$error":"#VALUE!"},{"$f":"SUMIFS('[20]WorkDone DATA'!$L:$L,'[20]WorkDone DATA'!$N:$N,BOQ!U$6,'[20]WorkDone DATA'!$G:$G,BOQ!$B96)","v":{"$error":"#VALUE!"}},{"$error":"#VALUE!"},null,{"$f":"SUMIFS('[20]WorkDone DATA'!$L:$L,'[20]WorkDone DATA'!$N:$N,BOQ!W$6,'[20]WorkDone DATA'!$G:$G,BOQ!$B96)*$G96","v":{"$error":"#VALUE!"}},null,{"$f":"SUMIFS('[20]WorkDone DATA'!$L:$L,'[20]WorkDone DATA'!$N:$N,BOQ!Y$6,'[20]WorkDone DATA'!$G:$G,BOQ!$B96)*$G96","v":{"$error":"#VALUE!"}},null,{"$f":"SUMIFS('[20]WorkDone DATA'!$L:$L,'[20]WorkDone DATA'!$N:$N,BOQ!AA$6,'[20]WorkDone DATA'!$G:$G,BOQ!$B96)*$G96","v":{"$error":"#VALUE!"}},{"$f":"SUMIFS('[20]WorkDone DATA'!$L:$L,'[20]WorkDone DATA'!$N:$N,BOQ!AB$6,'[20]WorkDone DATA'!$G:$G,BOQ!$B96)*$G96","v":{"$error":"#VALUE!"}},{"$f":"SUMIFS('[20]WorkDone DATA'!$L:$L,'[20]WorkDone DATA'!$N:$N,BOQ!AC$6,'[20]WorkDone DATA'!$G:$G,BOQ!$B96)*$G96","v":{"$error":"#VALUE!"}},{"$f":"SUMIFS('[20]WorkDone DATA'!$L:$L,'[20]WorkDone DATA'!$N:$N,BOQ!AD$6,'[20]WorkDone DATA'!$G:$G,BOQ!$B96)*$G96","v":{"$error":"#VALUE!"}},{"$f":"SUMIFS('[20]WorkDone DATA'!$L:$L,'[20]WorkDone DATA'!$N:$N,BOQ!AE$6,'[20]WorkDone DATA'!$G:$G,BOQ!$B96)*$G96","v":{"$error":"#VALUE!"}},{"$f":"SUMIFS('[20]WorkDone DATA'!$L:$L,'[20]WorkDone DATA'!$N:$N,BOQ!AF$6,'[20]WorkDone DATA'!$G:$G,BOQ!$B96)*$G96","v":{"$error":"#VALUE!"}},{"$f":"SUMIFS('[20]WorkDone DATA'!$L:$L,'[20]WorkDone DATA'!$N:$N,BOQ!AG$6,'[20]WorkDone DATA'!$G:$G,BOQ!$B96)*$G96","v":{"$error":"#VALUE!"}},{"$f":"SUMIFS('[20]WorkDone DATA'!$L:$L,'[20]WorkDone DATA'!$N:$N,BOQ!AH$6,'[20]WorkDone DATA'!$G:$G,BOQ!$B96)*$G96","v":{"$error":"#VALUE!"}},{"$f":"SUMIFS('[20]WorkDone DATA'!$L:$L,'[20]WorkDone DATA'!$N:$N,BOQ!AI$6,'[20]WorkDone DATA'!$G:$G,BOQ!$B96)*$G96","v":{"$error":"#VALUE!"}},{"$f":"SUMIFS('[20]WorkDone DATA'!$L:$L,'[20]WorkDone DATA'!$N:$N,BOQ!AJ$6,'[20]WorkDone DATA'!$G:$G,BOQ!$B96)*$G96","v":{"$error":"#VALUE!"}},{"$f":"SUMIFS('[20]WorkDone DATA'!$L:$L,'[20]WorkDone DATA'!$N:$N,BOQ!AK$6,'[20]WorkDone DATA'!$G:$G,BOQ!$B96)*$G96","v":{"$error":"#VALUE!"}},{"$f":"SUMIFS('[20]WorkDone DATA'!$L:$L,'[20]WorkDone DATA'!$N:$N,BOQ!AL$6,'[20]WorkDone DATA'!$G:$G,BOQ!$B96)*$G96","v":{"$error":"#VALUE!"}},{"$f":"SUMIFS('[20]WorkDone DATA'!$L:$L,'[20]WorkDone DATA'!$N:$N,BOQ!AM$6,'[20]WorkDone DATA'!$G:$G,BOQ!$B96)*$G96","v":{"$error":"#VALUE!"}},{"$f":"SUMIFS('[20]WorkDone DATA'!$L:$L,'[20]WorkDone DATA'!$N:$N,BOQ!AN$6,'[20]WorkDone DATA'!$G:$G,BOQ!$B96)*$G96","v":{"$error":"#VALUE!"}},{"$f":"SUMIFS('[20]WorkDone DATA'!$L:$L,'[20]WorkDone DATA'!$N:$N,BOQ!AO$6,'[20]WorkDone DATA'!$G:$G,BOQ!$B96)*$G96","v":{"$error":"#VALUE!"}},{"$f":"SUMIFS('[20]WorkDone DATA'!$L:$L,'[20]WorkDone DATA'!$N:$N,BOQ!AP$6,'[20]WorkDone DATA'!$G:$G,BOQ!$B96)*$G96","v":{"$error":"#VALUE!"}},{"$f":"SUMIFS('[20]WorkDone DATA'!$L:$L,'[20]WorkDone DATA'!$N:$N,BOQ!AQ$6,'[20]WorkDone DATA'!$G:$G,BOQ!$B96)*$G96","v":{"$error":"#VALUE!"}},{"$f":"SUMIFS('[20]WorkDone DATA'!$L:$L,'[20]WorkDone DATA'!$N:$N,BOQ!AR$6,'[20]WorkDone DATA'!$G:$G,BOQ!$B96)*$G96","v":{"$error":"#VALUE!"}},{"$f":"SUMIFS('[20]WorkDone DATA'!$L:$L,'[20]WorkDone DATA'!$N:$N,BOQ!AS$6,'[20]WorkDone DATA'!$G:$G,BOQ!$B96)*$G96","v":{"$error":"#VALUE!"}},{"$f":"SUMIFS('[20]WorkDone DATA'!$L:$L,'[20]WorkDone DATA'!$N:$N,BOQ!AT$6,'[20]WorkDone DATA'!$G:$G,BOQ!$B96)*$G96","v":{"$error":"#VALUE!"}},{"$f":"SUMIFS('[20]WorkDone DATA'!$L:$L,'[20]WorkDone DATA'!$N:$N,BOQ!AU$6,'[20]WorkDone DATA'!$G:$G,BOQ!$B96)*$G96","v":{"$error":"#VALUE!"}},{"$f":"SUMIFS('[20]WorkDone DATA'!$L:$L,'[20]WorkDone DATA'!$N:$N,BOQ!AV$6,'[20]WorkDone DATA'!$G:$G,BOQ!$B96)*$G96","v":{"$error":"#VALUE!"}},{"$f":"SUMIFS('[20]WorkDone DATA'!$L:$L,'[20]WorkDone DATA'!$N:$N,BOQ!AW$6,'[20]WorkDone DATA'!$G:$G,BOQ!$B96)*$G96","v":{"$error":"#VALUE!"}},{"$f":"SUMIFS('[20]WorkDone DATA'!$L:$L,'[20]WorkDone DATA'!$N:$N,BOQ!AX$6,'[20]WorkDone DATA'!$G:$G,BOQ!$B96)*$G96","v":{"$error":"#VALUE!"}},{"$f":"SUMIFS('[20]WorkDone DATA'!$L:$L,'[20]WorkDone DATA'!$N:$N,BOQ!AY$6,'[20]WorkDone DATA'!$G:$G,BOQ!$B96)*$G96","v":{"$error":"#VALUE!"}},{"$f":"SUMIFS('[20]WorkDone DATA'!$L:$L,'[20]WorkDone DATA'!$N:$N,BOQ!AZ$6,'[20]WorkDone DATA'!$G:$G,BOQ!$B96)*$G96","v":{"$error":"#VALUE!"}},{"$f":"SUMIFS('[20]WorkDone DATA'!$L:$L,'[20]WorkDone DATA'!$N:$N,BOQ!BA$6,'[20]WorkDone DATA'!$G:$G,BOQ!$B96)*$G96","v":{"$error":"#VALUE!"}},{"$f":"SUMIFS('[20]WorkDone DATA'!$L:$L,'[20]WorkDone DATA'!$N:$N,BOQ!BB$6,'[20]WorkDone DATA'!$G:$G,BOQ!$B96)*$G96","v":{"$error":"#VALUE!"}},{"$f":"SUMIFS('[20]WorkDone DATA'!$L:$L,'[20]WorkDone DATA'!$N:$N,BOQ!BC$6,'[20]WorkDone DATA'!$G:$G,BOQ!$B96)*$G96","v":{"$error":"#VALUE!"}},{"$f":"SUMIFS('[20]WorkDone DATA'!$L:$L,'[20]WorkDone DATA'!$N:$N,BOQ!BD$6,'[20]WorkDone DATA'!$G:$G,BOQ!$B96)*$G96","v":{"$error":"#VALUE!"}},{"$f":"SUMIFS('[20]WorkDone DATA'!$L:$L,'[20]WorkDone DATA'!$N:$N,BOQ!BE$6,'[20]WorkDone DATA'!$G:$G,BOQ!$B96)*$G96","v":{"$error":"#VALUE!"}},{"$f":"SUMIFS('[20]WorkDone DATA'!$L:$L,'[20]WorkDone DATA'!$N:$N,BOQ!BF$6,'[20]WorkDone DATA'!$G:$G,BOQ!$B96)*$G96","v":{"$error":"#VALUE!"}},{"$f":"SUMIFS('[20]WorkDone DATA'!$L:$L,'[20]WorkDone DATA'!$N:$N,BOQ!BG$6,'[20]WorkDone DATA'!$G:$G,BOQ!$B96)*$G96","v":{"$error":"#VALUE!"}},{"$f":"SUMIFS('[20]WorkDone DATA'!$L:$L,'[20]WorkDone DATA'!$N:$N,BOQ!BH$6,'[20]WorkDone DATA'!$G:$G,BOQ!$B96)*$G96","v":{"$error":"#VALUE!"}},{"$f":"SUMIFS('[20]WorkDone DATA'!$L:$L,'[20]WorkDone DATA'!$N:$N,BOQ!BI$6,'[20]WorkDone DATA'!$G:$G,BOQ!$B96)*$G96","v":{"$error":"#VALUE!"}},{"$f":"SUMIFS('[20]WorkDone DATA'!$L:$L,'[20]WorkDone DATA'!$N:$N,BOQ!BJ$6,'[20]WorkDone DATA'!$G:$G,BOQ!$B96)*$G96","v":{"$error":"#VALUE!"}},{"$f":"SUMIFS('[20]WorkDone DATA'!$L:$L,'[20]WorkDone DATA'!$N:$N,BOQ!BK$6,'[20]WorkDone DATA'!$G:$G,BOQ!$B96)*$G96","v":{"$error":"#VALUE!"}},{"$f":"SUMIFS('[20]WorkDone DATA'!$L:$L,'[20]WorkDone DATA'!$N:$N,BOQ!BL$6,'[20]WorkDone DATA'!$G:$G,BOQ!$B96)*$G96","v":{"$error":"#VALUE!"}},{"$f":"SUMIFS('[20]WorkDone DATA'!$L:$L,'[20]WorkDone DATA'!$N:$N,BOQ!BM$6,'[20]WorkDone DATA'!$G:$G,BOQ!$B96)*$G96","v":{"$error":"#VALUE!"}},{"$f":"SUMIFS('[20]WorkDone DATA'!$L:$L,'[20]WorkDone DATA'!$N:$N,BOQ!BN$6,'[20]WorkDone DATA'!$G:$G,BOQ!$B96)*$G96","v":{"$error":"#VALUE!"}},{"$f":"SUMIFS('[20]WorkDone DATA'!$L:$L,'[20]WorkDone DATA'!$N:$N,BOQ!BO$6,'[20]WorkDone DATA'!$G:$G,BOQ!$B96)*$G96","v":{"$error":"#VALUE!"}},{"$f":"SUMIFS('[20]WorkDone DATA'!$L:$L,'[20]WorkDone DATA'!$N:$N,BOQ!BP$6,'[20]WorkDone DATA'!$G:$G,BOQ!$B96)*$G96","v":{"$error":"#VALUE!"}},{"$f":"SUMIFS('[20]WorkDone DATA'!$L:$L,'[20]WorkDone DATA'!$N:$N,BOQ!BQ$6,'[20]WorkDone DATA'!$G:$G,BOQ!$B96)*$G96","v":{"$error":"#VALUE!"}},{"$f":"SUMIFS('[20]WorkDone DATA'!$L:$L,'[20]WorkDone DATA'!$N:$N,BOQ!BR$6,'[20]WorkDone DATA'!$G:$G,BOQ!$B96)*$G96","v":{"$error":"#VALUE!"}},{"$f":"SUMIFS('[20]WorkDone DATA'!$L:$L,'[20]WorkDone DATA'!$N:$N,BOQ!BS$6,'[20]WorkDone DATA'!$G:$G,BOQ!$B96)*$G96","v":{"$error":"#VALUE!"}},{"$f":"SUMIFS('[20]WorkDone DATA'!$L:$L,'[20]WorkDone DATA'!$N:$N,BOQ!BT$6,'[20]WorkDone DATA'!$G:$G,BOQ!$B96)*$G96","v":{"$error":"#VALUE!"}},{"$f":"SUMIFS('[20]WorkDone DATA'!$L:$L,'[20]WorkDone DATA'!$N:$N,BOQ!BU$6,'[20]WorkDone DATA'!$G:$G,BOQ!$B96)*$G96","v":{"$error":"#VALUE!"}},{"$f":"SUMIFS('[20]WorkDone DATA'!$L:$L,'[20]WorkDone DATA'!$N:$N,BOQ!BV$6,'[20]WorkDone DATA'!$G:$G,BOQ!$B96)*$G96","v":{"$error":"#VALUE!"}},{"$f":"SUMIFS('[20]WorkDone DATA'!$L:$L,'[20]WorkDone DATA'!$N:$N,BOQ!BW$6,'[20]WorkDone DATA'!$G:$G,BOQ!$B96)*$G96","v":{"$error":"#VALUE!"}},{"$f":"SUMIFS('[20]WorkDone DATA'!$L:$L,'[20]WorkDone DATA'!$N:$N,BOQ!BX$6,'[20]WorkDone DATA'!$G:$G,BOQ!$B96)*$G96","v":{"$error":"#VALUE!"}}]
[{"$f":"C95","v":"70mm2 x 3 core (CXX03NCV) 3.8kV/6.6kV"},2.046,"Installation","A","each",216,{"v":1814.46,"d":"1,814.46"},{"v":391923.36,"d":"391,923.36"},null,null,{"$error":"#VALUE!"},{"$error":"#VALUE!"},{"$error":"#VALUE!"},null,{"$error":"#VALUE!"},{"$error":"#VALUE!"},null,{"$f":"SUMIFS('[20]WorkDone DATA'!$L:$L,'[20]WorkDone DATA'!$N:$N,BOQ!S$6,'[20]WorkDone DATA'!$G:$G,BOQ!$B97)","v":{"$error":"#VALUE!"}},{"$error":"#VALUE!"},{"$f":"SUMIFS('[20]WorkDone DATA'!$L:$L,'[20]WorkDone DATA'!$N:$N,BOQ!U$6,'[20]WorkDone DATA'!$G:$G,BOQ!$B97)","v":{"$error":"#VALUE!"}},{"$error":"#VALUE!"},null,{"$f":"SUMIFS('[20]WorkDone DATA'!$L:$L,'[20]WorkDone DATA'!$N:$N,BOQ!W$6,'[20]WorkDone DATA'!$G:$G,BOQ!$B97)*$G97","v":{"$error":"#VALUE!"}},null,{"$f":"SUMIFS('[20]WorkDone DATA'!$L:$L,'[20]WorkDone DATA'!$N:$N,BOQ!Y$6,'[20]WorkDone DATA'!$G:$G,BOQ!$B97)*$G97","v":{"$error":"#VALUE!"}},null,{"$f":"SUMIFS('[20]WorkDone DATA'!$L:$L,'[20]WorkDone DATA'!$N:$N,BOQ!AA$6,'[20]WorkDone DATA'!$G:$G,BOQ!$B97)*$G97","v":{"$error":"#VALUE!"}},{"$f":"SUMIFS('[20]WorkDone DATA'!$L:$L,'[20]WorkDone DATA'!$N:$N,BOQ!AB$6,'[20]WorkDone DATA'!$G:$G,BOQ!$B97)*$G97","v":{"$error":"#VALUE!"}},{"$f":"SUMIFS('[20]WorkDone DATA'!$L:$L,'[20]WorkDone DATA'!$N:$N,BOQ!AC$6,'[20]WorkDone DATA'!$G:$G,BOQ!$B97)*$G97","v":{"$error":"#VALUE!"}},{"$f":"SUMIFS('[20]WorkDone DATA'!$L:$L,'[20]WorkDone DATA'!$N:$N,BOQ!AD$6,'[20]WorkDone DATA'!$G:$G,BOQ!$B97)*$G97","v":{"$error":"#VALUE!"}},{"$f":"SUMIFS('[20]WorkDone DATA'!$L:$L,'[20]WorkDone DATA'!$N:$N,BOQ!AE$6,'[20]WorkDone DATA'!$G:$G,BOQ!$B97)*$G97","v":{"$error":"#VALUE!"}},{"$f":"SUMIFS('[20]WorkDone DATA'!$L:$L,'[20]WorkDone DATA'!$N:$N,BOQ!AF$6,'[20]WorkDone DATA'!$G:$G,BOQ!$B97)*$G97","v":{"$error":"#VALUE!"}},{"$f":"SUMIFS('[20]WorkDone DATA'!$L:$L,'[20]WorkDone DATA'!$N:$N,BOQ!AG$6,'[20]WorkDone DATA'!$G:$G,BOQ!$B97)*$G97","v":{"$error":"#VALUE!"}},{"$f":"SUMIFS('[20]WorkDone DATA'!$L:$L,'[20]WorkDone DATA'!$N:$N,BOQ!AH$6,'[20]WorkDone DATA'!$G:$G,BOQ!$B97)*$G97","v":{"$error":"#VALUE!"}},{"$f":"SUMIFS('[20]WorkDone DATA'!$L:$L,'[20]WorkDone DATA'!$N:$N,BOQ!AI$6,'[20]WorkDone DATA'!$G:$G,BOQ!$B97)*$G97","v":{"$error":"#VALUE!"}},{"$f":"SUMIFS('[20]WorkDone DATA'!$L:$L,'[20]WorkDone DATA'!$N:$N,BOQ!AJ$6,'[20]WorkDone DATA'!$G:$G,BOQ!$B97)*$G97","v":{"$error":"#VALUE!"}},{"$f":"SUMIFS('[20]WorkDone DATA'!$L:$L,'[20]WorkDone DATA'!$N:$N,BOQ!AK$6,'[20]WorkDone DATA'!$G:$G,BOQ!$B97)*$G97","v":{"$error":"#VALUE!"}},{"$f":"SUMIFS('[20]WorkDone DATA'!$L:$L,'[20]WorkDone DATA'!$N:$N,BOQ!AL$6,'[20]WorkDone DATA'!$G:$G,BOQ!$B97)*$G97","v":{"$error":"#VALUE!"}},{"$f":"SUMIFS('[20]WorkDone DATA'!$L:$L,'[20]WorkDone DATA'!$N:$N,BOQ!AM$6,'[20]WorkDone DATA'!$G:$G,BOQ!$B97)*$G97","v":{"$error":"#VALUE!"}},{"$f":"SUMIFS('[20]WorkDone DATA'!$L:$L,'[20]WorkDone DATA'!$N:$N,BOQ!AN$6,'[20]WorkDone DATA'!$G:$G,BOQ!$B97)*$G97","v":{"$error":"#VALUE!"}},{"$f":"SUMIFS('[20]WorkDone DATA'!$L:$L,'[20]WorkDone DATA'!$N:$N,BOQ!AO$6,'[20]WorkDone DATA'!$G:$G,BOQ!$B97)*$G97","v":{"$error":"#VALUE!"}},{"$f":"SUMIFS('[20]WorkDone DATA'!$L:$L,'[20]WorkDone DATA'!$N:$N,BOQ!AP$6,'[20]WorkDone DATA'!$G:$G,BOQ!$B97)*$G97","v":{"$error":"#VALUE!"}},{"$f":"SUMIFS('[20]WorkDone DATA'!$L:$L,'[20]WorkDone DATA'!$N:$N,BOQ!AQ$6,'[20]WorkDone DATA'!$G:$G,BOQ!$B97)*$G97","v":{"$error":"#VALUE!"}},{"$f":"SUMIFS('[20]WorkDone DATA'!$L:$L,'[20]WorkDone DATA'!$N:$N,BOQ!AR$6,'[20]WorkDone DATA'!$G:$G,BOQ!$B97)*$G97","v":{"$error":"#VALUE!"}},{"$f":"SUMIFS('[20]WorkDone DATA'!$L:$L,'[20]WorkDone DATA'!$N:$N,BOQ!AS$6,'[20]WorkDone DATA'!$G:$G,BOQ!$B97)*$G97","v":{"$error":"#VALUE!"}},{"$f":"SUMIFS('[20]WorkDone DATA'!$L:$L,'[20]WorkDone DATA'!$N:$N,BOQ!AT$6,'[20]WorkDone DATA'!$G:$G,BOQ!$B97)*$G97","v":{"$error":"#VALUE!"}},{"$f":"SUMIFS('[20]WorkDone DATA'!$L:$L,'[20]WorkDone DATA'!$N:$N,BOQ!AU$6,'[20]WorkDone DATA'!$G:$G,BOQ!$B97)*$G97","v":{"$error":"#VALUE!"}},{"$f":"SUMIFS('[20]WorkDone DATA'!$L:$L,'[20]WorkDone DATA'!$N:$N,BOQ!AV$6,'[20]WorkDone DATA'!$G:$G,BOQ!$B97)*$G97","v":{"$error":"#VALUE!"}},{"$f":"SUMIFS('[20]WorkDone DATA'!$L:$L,'[20]WorkDone DATA'!$N:$N,BOQ!AW$6,'[20]WorkDone DATA'!$G:$G,BOQ!$B97)*$G97","v":{"$error":"#VALUE!"}},{"$f":"SUMIFS('[20]WorkDone DATA'!$L:$L,'[20]WorkDone DATA'!$N:$N,BOQ!AX$6,'[20]WorkDone DATA'!$G:$G,BOQ!$B97)*$G97","v":{"$error":"#VALUE!"}},{"$f":"SUMIFS('[20]WorkDone DATA'!$L:$L,'[20]WorkDone DATA'!$N:$N,BOQ!AY$6,'[20]WorkDone DATA'!$G:$G,BOQ!$B97)*$G97","v":{"$error":"#VALUE!"}},{"$f":"SUMIFS('[20]WorkDone DATA'!$L:$L,'[20]WorkDone DATA'!$N:$N,BOQ!AZ$6,'[20]WorkDone DATA'!$G:$G,BOQ!$B97)*$G97","v":{"$error":"#VALUE!"}},{"$f":"SUMIFS('[20]WorkDone DATA'!$L:$L,'[20]WorkDone DATA'!$N:$N,BOQ!BA$6,'[20]WorkDone DATA'!$G:$G,BOQ!$B97)*$G97","v":{"$error":"#VALUE!"}},{"$f":"SUMIFS('[20]WorkDone DATA'!$L:$L,'[20]WorkDone DATA'!$N:$N,BOQ!BB$6,'[20]WorkDone DATA'!$G:$G,BOQ!$B97)*$G97","v":{"$error":"#VALUE!"}},{"$f":"SUMIFS('[20]WorkDone DATA'!$L:$L,'[20]WorkDone DATA'!$N:$N,BOQ!BC$6,'[20]WorkDone DATA'!$G:$G,BOQ!$B97)*$G97","v":{"$error":"#VALUE!"}},{"$f":"SUMIFS('[20]WorkDone DATA'!$L:$L,'[20]WorkDone DATA'!$N:$N,BOQ!BD$6,'[20]WorkDone DATA'!$G:$G,BOQ!$B97)*$G97","v":{"$error":"#VALUE!"}},{"$f":"SUMIFS('[20]WorkDone DATA'!$L:$L,'[20]WorkDone DATA'!$N:$N,BOQ!BE$6,'[20]WorkDone DATA'!$G:$G,BOQ!$B97)*$G97","v":{"$error":"#VALUE!"}},{"$f":"SUMIFS('[20]WorkDone DATA'!$L:$L,'[20]WorkDone DATA'!$N:$N,BOQ!BF$6,'[20]WorkDone DATA'!$G:$G,BOQ!$B97)*$G97","v":{"$error":"#VALUE!"}},{"$f":"SUMIFS('[20]WorkDone DATA'!$L:$L,'[20]WorkDone DATA'!$N:$N,BOQ!BG$6,'[20]WorkDone DATA'!$G:$G,BOQ!$B97)*$G97","v":{"$error":"#VALUE!"}},{"$f":"SUMIFS('[20]WorkDone DATA'!$L:$L,'[20]WorkDone DATA'!$N:$N,BOQ!BH$6,'[20]WorkDone DATA'!$G:$G,BOQ!$B97)*$G97","v":{"$error":"#VALUE!"}},{"$f":"SUMIFS('[20]WorkDone DATA'!$L:$L,'[20]WorkDone DATA'!$N:$N,BOQ!BI$6,'[20]WorkDone DATA'!$G:$G,BOQ!$B97)*$G97","v":{"$error":"#VALUE!"}},{"$f":"SUMIFS('[20]WorkDone DATA'!$L:$L,'[20]WorkDone DATA'!$N:$N,BOQ!BJ$6,'[20]WorkDone DATA'!$G:$G,BOQ!$B97)*$G97","v":{"$error":"#VALUE!"}},{"$f":"SUMIFS('[20]WorkDone DATA'!$L:$L,'[20]WorkDone DATA'!$N:$N,BOQ!BK$6,'[20]WorkDone DATA'!$G:$G,BOQ!$B97)*$G97","v":{"$error":"#VALUE!"}},{"$f":"SUMIFS('[20]WorkDone DATA'!$L:$L,'[20]WorkDone DATA'!$N:$N,BOQ!BL$6,'[20]WorkDone DATA'!$G:$G,BOQ!$B97)*$G97","v":{"$error":"#VALUE!"}},{"$f":"SUMIFS('[20]WorkDone DATA'!$L:$L,'[20]WorkDone DATA'!$N:$N,BOQ!BM$6,'[20]WorkDone DATA'!$G:$G,BOQ!$B97)*$G97","v":{"$error":"#VALUE!"}},{"$f":"SUMIFS('[20]WorkDone DATA'!$L:$L,'[20]WorkDone DATA'!$N:$N,BOQ!BN$6,'[20]WorkDone DATA'!$G:$G,BOQ!$B97)*$G97","v":{"$error":"#VALUE!"}},{"$f":"SUMIFS('[20]WorkDone DATA'!$L:$L,'[20]WorkDone DATA'!$N:$N,BOQ!BO$6,'[20]WorkDone DATA'!$G:$G,BOQ!$B97)*$G97","v":{"$error":"#VALUE!"}},{"$f":"SUMIFS('[20]WorkDone DATA'!$L:$L,'[20]WorkDone DATA'!$N:$N,BOQ!BP$6,'[20]WorkDone DATA'!$G:$G,BOQ!$B97)*$G97","v":{"$error":"#VALUE!"}},{"$f":"SUMIFS('[20]WorkDone DATA'!$L:$L,'[20]WorkDone DATA'!$N:$N,BOQ!BQ$6,'[20]WorkDone DATA'!$G:$G,BOQ!$B97)*$G97","v":{"$error":"#VALUE!"}},{"$f":"SUMIFS('[20]WorkDone DATA'!$L:$L,'[20]WorkDone DATA'!$N:$N,BOQ!BR$6,'[20]WorkDone DATA'!$G:$G,BOQ!$B97)*$G97","v":{"$error":"#VALUE!"}},{"$f":"SUMIFS('[20]WorkDone DATA'!$L:$L,'[20]WorkDone DATA'!$N:$N,BOQ!BS$6,'[20]WorkDone DATA'!$G:$G,BOQ!$B97)*$G97","v":{"$error":"#VALUE!"}},{"$f":"SUMIFS('[20]WorkDone DATA'!$L:$L,'[20]WorkDone DATA'!$N:$N,BOQ!BT$6,'[20]WorkDone DATA'!$G:$G,BOQ!$B97)*$G97","v":{"$error":"#VALUE!"}},{"$f":"SUMIFS('[20]WorkDone DATA'!$L:$L,'[20]WorkDone DATA'!$N:$N,BOQ!BU$6,'[20]WorkDone DATA'!$G:$G,BOQ!$B97)*$G97","v":{"$error":"#VALUE!"}},{"$f":"SUMIFS('[20]WorkDone DATA'!$L:$L,'[20]WorkDone DATA'!$N:$N,BOQ!BV$6,'[20]WorkDone DATA'!$G:$G,BOQ!$B97)*$G97","v":{"$error":"#VALUE!"}},{"$f":"SUMIFS('[20]WorkDone DATA'!$L:$L,'[20]WorkDone DATA'!$N:$N,BOQ!BW$6,'[20]WorkDone DATA'!$G:$G,BOQ!$B97)*$G97","v":{"$error":"#VALUE!"}},{"$f":"SUMIFS('[20]WorkDone DATA'!$L:$L,'[20]WorkDone DATA'!$N:$N,BOQ!BX$6,'[20]WorkDone DATA'!$G:$G,BOQ!$B97)*$G97","v":{"$error":"#VALUE!"}}]
[null,null,"240mm2 x 3 core (CXX03TCV) 3.8kV/6.6kV",{"$nulls":4},0,{"$nulls":3},{"$error":"#VALUE!"},{"$error":"#VALUE!"},null,0,{"$error":"#VALUE!"},null,{"$f":"SUMIFS('[20]WorkDone DATA'!$L:$L,'[20]WorkDone DATA'!$N:$N,BOQ!S$6,'[20]WorkDone DATA'!$G:$G,BOQ!$B98)","v":{"$error":"#VALUE!"}},{"$error":"#VALUE!"},{"$f":"SUMIFS('[20]WorkDone DATA'!$L:$L,'[20]WorkDone DATA'!$N:$N,BOQ!U$6,'[20]WorkDone DATA'!$G:$G,BOQ!$B98)","v":{"$error":"#VALUE!"}},{"$error":"#VALUE!"},null,{"$f":"SUMIFS('[20]WorkDone DATA'!$L:$L,'[20]WorkDone DATA'!$N:$N,BOQ!W$6,'[20]WorkDone DATA'!$G:$G,BOQ!$B98)*$G98","v":{"$error":"#VALUE!"}},null,{"$f":"SUMIFS('[20]WorkDone DATA'!$L:$L,'[20]WorkDone DATA'!$N:$N,BOQ!Y$6,'[20]WorkDone DATA'!$G:$G,BOQ!$B98)*$G98","v":{"$error":"#VALUE!"}},null,{"$f":"SUMIFS('[20]WorkDone DATA'!$L:$L,'[20]WorkDone DATA'!$N:$N,BOQ!AA$6,'[20]WorkDone DATA'!$G:$G,BOQ!$B98)*$G98","v":{"$error":"#VALUE!"}},{"$f":"SUMIFS('[20]WorkDone DATA'!$L:$L,'[20]WorkDone DATA'!$N:$N,BOQ!AB$6,'[20]WorkDone DATA'!$G:$G,BOQ!$B98)*$G98","v":{"$error":"#VALUE!"}},{"$f":"SUMIFS('[20]WorkDone DATA'!$L:$L,'[20]WorkDone DATA'!$N:$N,BOQ!AC$6,'[20]WorkDone DATA'!$G:$G,BOQ!$B98)*$G98","v":{"$error":"#VALUE!"}},{"$f":"SUMIFS('[20]WorkDone DATA'!$L:$L,'[20]WorkDone DATA'!$N:$N,BOQ!AD$6,'[20]WorkDone DATA'!$G:$G,BOQ!$B98)*$G98","v":{"$error":"#VALUE!"}},{"$f":"SUMIFS('[20]WorkDone DATA'!$L:$L,'[20]WorkDone DATA'!$N:$N,BOQ!AE$6,'[20]WorkDone DATA'!$G:$G,BOQ!$B98)*$G98","v":{"$error":"#VALUE!"}},{"$f":"SUMIFS('[20]WorkDone DATA'!$L:$L,'[20]WorkDone DATA'!$N:$N,BOQ!AF$6,'[20]WorkDone DATA'!$G:$G,BOQ!$B98)*$G98","v":{"$error":"#VALUE!"}},{"$f":"SUMIFS('[20]WorkDone DATA'!$L:$L,'[20]WorkDone DATA'!$N:$N,BOQ!AG$6,'[20]WorkDone DATA'!$G:$G,BOQ!$B98)*$G98","v":{"$error":"#VALUE!"}},{"$f":"SUMIFS('[20]WorkDone DATA'!$L:$L,'[20]WorkDone DATA'!$N:$N,BOQ!AH$6,'[20]WorkDone DATA'!$G:$G,BOQ!$B98)*$G98","v":{"$error":"#VALUE!"}},{"$f":"SUMIFS('[20]WorkDone DATA'!$L:$L,'[20]WorkDone DATA'!$N:$N,BOQ!AI$6,'[20]WorkDone DATA'!$G:$G,BOQ!$B98)*$G98","v":{"$error":"#VALUE!"}},{"$f":"SUMIFS('[20]WorkDone DATA'!$L:$L,'[20]WorkDone DATA'!$N:$N,BOQ!AJ$6,'[20]WorkDone DATA'!$G:$G,BOQ!$B98)*$G98","v":{"$error":"#VALUE!"}},{"$f":"SUMIFS('[20]WorkDone DATA'!$L:$L,'[20]WorkDone DATA'!$N:$N,BOQ!AK$6,'[20]WorkDone DATA'!$G:$G,BOQ!$B98)*$G98","v":{"$error":"#VALUE!"}},{"$f":"SUMIFS('[20]WorkDone DATA'!$L:$L,'[20]WorkDone DATA'!$N:$N,BOQ!AL$6,'[20]WorkDone DATA'!$G:$G,BOQ!$B98)*$G98","v":{"$error":"#VALUE!"}},{"$f":"SUMIFS('[20]WorkDone DATA'!$L:$L,'[20]WorkDone DATA'!$N:$N,BOQ!AM$6,'[20]WorkDone DATA'!$G:$G,BOQ!$B98)*$G98","v":{"$error":"#VALUE!"}},{"$f":"SUMIFS('[20]WorkDone DATA'!$L:$L,'[20]WorkDone DATA'!$N:$N,BOQ!AN$6,'[20]WorkDone DATA'!$G:$G,BOQ!$B98)*$G98","v":{"$error":"#VALUE!"}},{"$f":"SUMIFS('[20]WorkDone DATA'!$L:$L,'[20]WorkDone DATA'!$N:$N,BOQ!AO$6,'[20]WorkDone DATA'!$G:$G,BOQ!$B98)*$G98","v":{"$error":"#VALUE!"}},{"$f":"SUMIFS('[20]WorkDone DATA'!$L:$L,'[20]WorkDone DATA'!$N:$N,BOQ!AP$6,'[20]WorkDone DATA'!$G:$G,BOQ!$B98)*$G98","v":{"$error":"#VALUE!"}},{"$f":"SUMIFS('[20]WorkDone DATA'!$L:$L,'[20]WorkDone DATA'!$N:$N,BOQ!AQ$6,'[20]WorkDone DATA'!$G:$G,BOQ!$B98)*$G98","v":{"$error":"#VALUE!"}},{"$f":"SUMIFS('[20]WorkDone DATA'!$L:$L,'[20]WorkDone DATA'!$N:$N,BOQ!AR$6,'[20]WorkDone DATA'!$G:$G,BOQ!$B98)*$G98","v":{"$error":"#VALUE!"}},{"$f":"SUMIFS('[20]WorkDone DATA'!$L:$L,'[20]WorkDone DATA'!$N:$N,BOQ!AS$6,'[20]WorkDone DATA'!$G:$G,BOQ!$B98)*$G98","v":{"$error":"#VALUE!"}},{"$f":"SUMIFS('[20]WorkDone DATA'!$L:$L,'[20]WorkDone DATA'!$N:$N,BOQ!AT$6,'[20]WorkDone DATA'!$G:$G,BOQ!$B98)*$G98","v":{"$error":"#VALUE!"}},{"$f":"SUMIFS('[20]WorkDone DATA'!$L:$L,'[20]WorkDone DATA'!$N:$N,BOQ!AU$6,'[20]WorkDone DATA'!$G:$G,BOQ!$B98)*$G98","v":{"$error":"#VALUE!"}},{"$f":"SUMIFS('[20]WorkDone DATA'!$L:$L,'[20]WorkDone DATA'!$N:$N,BOQ!AV$6,'[20]WorkDone DATA'!$G:$G,BOQ!$B98)*$G98","v":{"$error":"#VALUE!"}},{"$f":"SUMIFS('[20]WorkDone DATA'!$L:$L,'[20]WorkDone DATA'!$N:$N,BOQ!AW$6,'[20]WorkDone DATA'!$G:$G,BOQ!$B98)*$G98","v":{"$error":"#VALUE!"}},{"$f":"SUMIFS('[20]WorkDone DATA'!$L:$L,'[20]WorkDone DATA'!$N:$N,BOQ!AX$6,'[20]WorkDone DATA'!$G:$G,BOQ!$B98)*$G98","v":{"$error":"#VALUE!"}},{"$f":"SUMIFS('[20]WorkDone DATA'!$L:$L,'[20]WorkDone DATA'!$N:$N,BOQ!AY$6,'[20]WorkDone DATA'!$G:$G,BOQ!$B98)*$G98","v":{"$error":"#VALUE!"}},{"$f":"SUMIFS('[20]WorkDone DATA'!$L:$L,'[20]WorkDone DATA'!$N:$N,BOQ!AZ$6,'[20]WorkDone DATA'!$G:$G,BOQ!$B98)*$G98","v":{"$error":"#VALUE!"}},{"$f":"SUMIFS('[20]WorkDone DATA'!$L:$L,'[20]WorkDone DATA'!$N:$N,BOQ!BA$6,'[20]WorkDone DATA'!$G:$G,BOQ!$B98)*$G98","v":{"$error":"#VALUE!"}},{"$f":"SUMIFS('[20]WorkDone DATA'!$L:$L,'[20]WorkDone DATA'!$N:$N,BOQ!BB$6,'[20]WorkDone DATA'!$G:$G,BOQ!$B98)*$G98","v":{"$error":"#VALUE!"}},{"$f":"SUMIFS('[20]WorkDone DATA'!$L:$L,'[20]WorkDone DATA'!$N:$N,BOQ!BC$6,'[20]WorkDone DATA'!$G:$G,BOQ!$B98)*$G98","v":{"$error":"#VALUE!"}},{"$f":"SUMIFS('[20]WorkDone DATA'!$L:$L,'[20]WorkDone DATA'!$N:$N,BOQ!BD$6,'[20]WorkDone DATA'!$G:$G,BOQ!$B98)*$G98","v":{"$error":"#VALUE!"}},{"$f":"SUMIFS('[20]WorkDone DATA'!$L:$L,'[20]WorkDone DATA'!$N:$N,BOQ!BE$6,'[20]WorkDone DATA'!$G:$G,BOQ!$B98)*$G98","v":{"$error":"#VALUE!"}},{"$f":"SUMIFS('[20]WorkDone DATA'!$L:$L,'[20]WorkDone DATA'!$N:$N,BOQ!BF$6,'[20]WorkDone DATA'!$G:$G,BOQ!$B98)*$G98","v":{"$error":"#VALUE!"}},{"$f":"SUMIFS('[20]WorkDone DATA'!$L:$L,'[20]WorkDone DATA'!$N:$N,BOQ!BG$6,'[20]WorkDone DATA'!$G:$G,BOQ!$B98)*$G98","v":{"$error":"#VALUE!"}},{"$f":"SUMIFS('[20]WorkDone DATA'!$L:$L,'[20]WorkDone DATA'!$N:$N,BOQ!BH$6,'[20]WorkDone DATA'!$G:$G,BOQ!$B98)*$G98","v":{"$error":"#VALUE!"}},{"$f":"SUMIFS('[20]WorkDone DATA'!$L:$L,'[20]WorkDone DATA'!$N:$N,BOQ!BI$6,'[20]WorkDone DATA'!$G:$G,BOQ!$B98)*$G98","v":{"$error":"#VALUE!"}},{"$f":"SUMIFS('[20]WorkDone DATA'!$L:$L,'[20]WorkDone DATA'!$N:$N,BOQ!BJ$6,'[20]WorkDone DATA'!$G:$G,BOQ!$B98)*$G98","v":{"$error":"#VALUE!"}},{"$f":"SUMIFS('[20]WorkDone DATA'!$L:$L,'[20]WorkDone DATA'!$N:$N,BOQ!BK$6,'[20]WorkDone DATA'!$G:$G,BOQ!$B98)*$G98","v":{"$error":"#VALUE!"}},{"$f":"SUMIFS('[20]WorkDone DATA'!$L:$L,'[20]WorkDone DATA'!$N:$N,BOQ!BL$6,'[20]WorkDone DATA'!$G:$G,BOQ!$B98)*$G98","v":{"$error":"#VALUE!"}},{"$f":"SUMIFS('[20]WorkDone DATA'!$L:$L,'[20]WorkDone DATA'!$N:$N,BOQ!BM$6,'[20]WorkDone DATA'!$G:$G,BOQ!$B98)*$G98","v":{"$error":"#VALUE!"}},{"$f":"SUMIFS('[20]WorkDone DATA'!$L:$L,'[20]WorkDone DATA'!$N:$N,BOQ!BN$6,'[20]WorkDone DATA'!$G:$G,BOQ!$B98)*$G98","v":{"$error":"#VALUE!"}},{"$f":"SUMIFS('[20]WorkDone DATA'!$L:$L,'[20]WorkDone DATA'!$N:$N,BOQ!BO$6,'[20]WorkDone DATA'!$G:$G,BOQ!$B98)*$G98","v":{"$error":"#VALUE!"}},{"$f":"SUMIFS('[20]WorkDone DATA'!$L:$L,'[20]WorkDone DATA'!$N:$N,BOQ!BP$6,'[20]WorkDone DATA'!$G:$G,BOQ!$B98)*$G98","v":{"$error":"#VALUE!"}},{"$f":"SUMIFS('[20]WorkDone DATA'!$L:$L,'[20]WorkDone DATA'!$N:$N,BOQ!BQ$6,'[20]WorkDone DATA'!$G:$G,BOQ!$B98)*$G98","v":{"$error":"#VALUE!"}},{"$f":"SUMIFS('[20]WorkDone DATA'!$L:$L,'[20]WorkDone DATA'!$N:$N,BOQ!BR$6,'[20]WorkDone DATA'!$G:$G,BOQ!$B98)*$G98","v":{"$error":"#VALUE!"}},{"$f":"SUMIFS('[20]WorkDone DATA'!$L:$L,'[20]WorkDone DATA'!$N:$N,BOQ!BS$6,'[20]WorkDone DATA'!$G:$G,BOQ!$B98)*$G98","v":{"$error":"#VALUE!"}},{"$f":"SUMIFS('[20]WorkDone DATA'!$L:$L,'[20]WorkDone DATA'!$N:$N,BOQ!BT$6,'[20]WorkDone DATA'!$G:$G,BOQ!$B98)*$G98","v":{"$error":"#VALUE!"}},{"$f":"SUMIFS('[20]WorkDone DATA'!$L:$L,'[20]WorkDone DATA'!$N:$N,BOQ!BU$6,'[20]WorkDone DATA'!$G:$G,BOQ!$B98)*$G98","v":{"$error":"#VALUE!"}},{"$f":"SUMIFS('[20]WorkDone DATA'!$L:$L,'[20]WorkDone DATA'!$N:$N,BOQ!BV$6,'[20]WorkDone DATA'!$G:$G,BOQ!$B98)*$G98","v":{"$error":"#VALUE!"}},{"$f":"SUMIFS('[20]WorkDone DATA'!$L:$L,'[20]WorkDone DATA'!$N:$N,BOQ!BW$6,'[20]WorkDone DATA'!$G:$G,BOQ!$B98)*$G98","v":{"$error":"#VALUE!"}},{"$f":"SUMIFS('[20]WorkDone DATA'!$L:$L,'[20]WorkDone DATA'!$N:$N,BOQ!BX$6,'[20]WorkDone DATA'!$G:$G,BOQ!$B98)*$G98","v":{"$error":"#VALUE!"}}]
[{"$f":"C98","v":"240mm2 x 3 core (CXX03TCV) 3.8kV/6.6kV"},2.047,"Supply","E","each",90,{"v":7960.26,"d":"7,960.26"},{"v":716423.4,"d":"716,423.40"},null,null,{"$error":"#VALUE!"},{"$error":"#VALUE!"},{"$error":"#VALUE!"},null,{"$error":"#VALUE!"},{"$error":"#VALUE!"},null,{"$f":"SUMIFS('[20]WorkDone DATA'!$L:$L,'[20]WorkDone DATA'!$N:$N,BOQ!S$6,'[20]WorkDone DATA'!$G:$G,BOQ!$B99)","v":{"$error":"#VALUE!"}},{"$error":"#VALUE!"},{"$f":"SUMIFS('[20]WorkDone DATA'!$L:$L,'[20]WorkDone DATA'!$N:$N,BOQ!U$6,'[20]WorkDone DATA'!$G:$G,BOQ!$B99)","v":{"$error":"#VALUE!"}},{"$error":"#VALUE!"},null,{"$f":"SUMIFS('[20]WorkDone DATA'!$L:$L,'[20]WorkDone DATA'!$N:$N,BOQ!W$6,'[20]WorkDone DATA'!$G:$G,BOQ!$B99)*$G99","v":{"$error":"#VALUE!"}},null,{"$f":"SUMIFS('[20]WorkDone DATA'!$L:$L,'[20]WorkDone DATA'!$N:$N,BOQ!Y$6,'[20]WorkDone DATA'!$G:$G,BOQ!$B99)*$G99","v":{"$error":"#VALUE!"}},null,{"$f":"SUMIFS('[20]WorkDone DATA'!$L:$L,'[20]WorkDone DATA'!$N:$N,BOQ!AA$6,'[20]WorkDone DATA'!$G:$G,BOQ!$B99)*$G99","v":{"$error":"#VALUE!"}},{"$f":"SUMIFS('[20]WorkDone DATA'!$L:$L,'[20]WorkDone DATA'!$N:$N,BOQ!AB$6,'[20]WorkDone DATA'!$G:$G,BOQ!$B99)*$G99","v":{"$error":"#VALUE!"}},{"$f":"SUMIFS('[20]WorkDone DATA'!$L:$L,'[20]WorkDone DATA'!$N:$N,BOQ!AC$6,'[20]WorkDone DATA'!$G:$G,BOQ!$B99)*$G99","v":{"$error":"#VALUE!"}},{"$f":"SUMIFS('[20]WorkDone DATA'!$L:$L,'[20]WorkDone DATA'!$N:$N,BOQ!AD$6,'[20]WorkDone DATA'!$G:$G,BOQ!$B99)*$G99","v":{"$error":"#VALUE!"}},{"$f":"SUMIFS('[20]WorkDone DATA'!$L:$L,'[20]WorkDone DATA'!$N:$N,BOQ!AE$6,'[20]WorkDone DATA'!$G:$G,BOQ!$B99)*$G99","v":{"$error":"#VALUE!"}},{"$f":"SUMIFS('[20]WorkDone DATA'!$L:$L,'[20]WorkDone DATA'!$N:$N,BOQ!AF$6,'[20]WorkDone DATA'!$G:$G,BOQ!$B99)*$G99","v":{"$error":"#VALUE!"}},{"$f":"SUMIFS('[20]WorkDone DATA'!$L:$L,'[20]WorkDone DATA'!$N:$N,BOQ!AG$6,'[20]WorkDone DATA'!$G:$G,BOQ!$B99)*$G99","v":{"$error":"#VALUE!"}},{"$f":"SUMIFS('[20]WorkDone DATA'!$L:$L,'[20]WorkDone DATA'!$N:$N,BOQ!AH$6,'[20]WorkDone DATA'!$G:$G,BOQ!$B99)*$G99","v":{"$error":"#VALUE!"}},{"$f":"SUMIFS('[20]WorkDone DATA'!$L:$L,'[20]WorkDone DATA'!$N:$N,BOQ!AI$6,'[20]WorkDone DATA'!$G:$G,BOQ!$B99)*$G99","v":{"$error":"#VALUE!"}},{"$f":"SUMIFS('[20]WorkDone DATA'!$L:$L,'[20]WorkDone DATA'!$N:$N,BOQ!AJ$6,'[20]WorkDone DATA'!$G:$G,BOQ!$B99)*$G99","v":{"$error":"#VALUE!"}},{"$f":"SUMIFS('[20]WorkDone DATA'!$L:$L,'[20]WorkDone DATA'!$N:$N,BOQ!AK$6,'[20]WorkDone DATA'!$G:$G,BOQ!$B99)*$G99","v":{"$error":"#VALUE!"}},{"$f":"SUMIFS('[20]WorkDone DATA'!$L:$L,'[20]WorkDone DATA'!$N:$N,BOQ!AL$6,'[20]WorkDone DATA'!$G:$G,BOQ!$B99)*$G99","v":{"$error":"#VALUE!"}},{"$f":"SUMIFS('[20]WorkDone DATA'!$L:$L,'[20]WorkDone DATA'!$N:$N,BOQ!AM$6,'[20]WorkDone DATA'!$G:$G,BOQ!$B99)*$G99","v":{"$error":"#VALUE!"}},{"$f":"SUMIFS('[20]WorkDone DATA'!$L:$L,'[20]WorkDone DATA'!$N:$N,BOQ!AN$6,'[20]WorkDone DATA'!$G:$G,BOQ!$B99)*$G99","v":{"$error":"#VALUE!"}},{"$f":"SUMIFS('[20]WorkDone DATA'!$L:$L,'[20]WorkDone DATA'!$N:$N,BOQ!AO$6,'[20]WorkDone DATA'!$G:$G,BOQ!$B99)*$G99","v":{"$error":"#VALUE!"}},{"$f":"SUMIFS('[20]WorkDone DATA'!$L:$L,'[20]WorkDone DATA'!$N:$N,BOQ!AP$6,'[20]WorkDone DATA'!$G:$G,BOQ!$B99)*$G99","v":{"$error":"#VALUE!"}},{"$f":"SUMIFS('[20]WorkDone DATA'!$L:$L,'[20]WorkDone DATA'!$N:$N,BOQ!AQ$6,'[20]WorkDone DATA'!$G:$G,BOQ!$B99)*$G99","v":{"$error":"#VALUE!"}},{"$f":"SUMIFS('[20]WorkDone DATA'!$L:$L,'[20]WorkDone DATA'!$N:$N,BOQ!AR$6,'[20]WorkDone DATA'!$G:$G,BOQ!$B99)*$G99","v":{"$error":"#VALUE!"}},{"$f":"SUMIFS('[20]WorkDone DATA'!$L:$L,'[20]WorkDone DATA'!$N:$N,BOQ!AS$6,'[20]WorkDone DATA'!$G:$G,BOQ!$B99)*$G99","v":{"$error":"#VALUE!"}},{"$f":"SUMIFS('[20]WorkDone DATA'!$L:$L,'[20]WorkDone DATA'!$N:$N,BOQ!AT$6,'[20]WorkDone DATA'!$G:$G,BOQ!$B99)*$G99","v":{"$error":"#VALUE!"}},{"$f":"SUMIFS('[20]WorkDone DATA'!$L:$L,'[20]WorkDone DATA'!$N:$N,BOQ!AU$6,'[20]WorkDone DATA'!$G:$G,BOQ!$B99)*$G99","v":{"$error":"#VALUE!"}},{"$f":"SUMIFS('[20]WorkDone DATA'!$L:$L,'[20]WorkDone DATA'!$N:$N,BOQ!AV$6,'[20]WorkDone DATA'!$G:$G,BOQ!$B99)*$G99","v":{"$error":"#VALUE!"}},{"$f":"SUMIFS('[20]WorkDone DATA'!$L:$L,'[20]WorkDone DATA'!$N:$N,BOQ!AW$6,'[20]WorkDone DATA'!$G:$G,BOQ!$B99)*$G99","v":{"$error":"#VALUE!"}},{"$f":"SUMIFS('[20]WorkDone DATA'!$L:$L,'[20]WorkDone DATA'!$N:$N,BOQ!AX$6,'[20]WorkDone DATA'!$G:$G,BOQ!$B99)*$G99","v":{"$error":"#VALUE!"}},{"$f":"SUMIFS('[20]WorkDone DATA'!$L:$L,'[20]WorkDone DATA'!$N:$N,BOQ!AY$6,'[20]WorkDone DATA'!$G:$G,BOQ!$B99)*$G99","v":{"$error":"#VALUE!"}},{"$f":"SUMIFS('[20]WorkDone DATA'!$L:$L,'[20]WorkDone DATA'!$N:$N,BOQ!AZ$6,'[20]WorkDone DATA'!$G:$G,BOQ!$B99)*$G99","v":{"$error":"#VALUE!"}},{"$f":"SUMIFS('[20]WorkDone DATA'!$L:$L,'[20]WorkDone DATA'!$N:$N,BOQ!BA$6,'[20]WorkDone DATA'!$G:$G,BOQ!$B99)*$G99","v":{"$error":"#VALUE!"}},{"$f":"SUMIFS('[20]WorkDone DATA'!$L:$L,'[20]WorkDone DATA'!$N:$N,BOQ!BB$6,'[20]WorkDone DATA'!$G:$G,BOQ!$B99)*$G99","v":{"$error":"#VALUE!"}},{"$f":"SUMIFS('[20]WorkDone DATA'!$L:$L,'[20]WorkDone DATA'!$N:$N,BOQ!BC$6,'[20]WorkDone DATA'!$G:$G,BOQ!$B99)*$G99","v":{"$error":"#VALUE!"}},{"$f":"SUMIFS('[20]WorkDone DATA'!$L:$L,'[20]WorkDone DATA'!$N:$N,BOQ!BD$6,'[20]WorkDone DATA'!$G:$G,BOQ!$B99)*$G99","v":{"$error":"#VALUE!"}},{"$f":"SUMIFS('[20]WorkDone DATA'!$L:$L,'[20]WorkDone DATA'!$N:$N,BOQ!BE$6,'[20]WorkDone DATA'!$G:$G,BOQ!$B99)*$G99","v":{"$error":"#VALUE!"}},{"$f":"SUMIFS('[20]WorkDone DATA'!$L:$L,'[20]WorkDone DATA'!$N:$N,BOQ!BF$6,'[20]WorkDone DATA'!$G:$G,BOQ!$B99)*$G99","v":{"$error":"#VALUE!"}},{"$f":"SUMIFS('[20]WorkDone DATA'!$L:$L,'[20]WorkDone DATA'!$N:$N,BOQ!BG$6,'[20]WorkDone DATA'!$G:$G,BOQ!$B99)*$G99","v":{"$error":"#VALUE!"}},{"$f":"SUMIFS('[20]WorkDone DATA'!$L:$L,'[20]WorkDone DATA'!$N:$N,BOQ!BH$6,'[20]WorkDone DATA'!$G:$G,BOQ!$B99)*$G99","v":{"$error":"#VALUE!"}},{"$f":"SUMIFS('[20]WorkDone DATA'!$L:$L,'[20]WorkDone DATA'!$N:$N,BOQ!BI$6,'[20]WorkDone DATA'!$G:$G,BOQ!$B99)*$G99","v":{"$error":"#VALUE!"}},{"$f":"SUMIFS('[20]WorkDone DATA'!$L:$L,'[20]WorkDone DATA'!$N:$N,BOQ!BJ$6,'[20]WorkDone DATA'!$G:$G,BOQ!$B99)*$G99","v":{"$error":"#VALUE!"}},{"$f":"SUMIFS('[20]WorkDone DATA'!$L:$L,'[20]WorkDone DATA'!$N:$N,BOQ!BK$6,'[20]WorkDone DATA'!$G:$G,BOQ!$B99)*$G99","v":{"$error":"#VALUE!"}},{"$f":"SUMIFS('[20]WorkDone DATA'!$L:$L,'[20]WorkDone DATA'!$N:$N,BOQ!BL$6,'[20]WorkDone DATA'!$G:$G,BOQ!$B99)*$G99","v":{"$error":"#VALUE!"}},{"$f":"SUMIFS('[20]WorkDone DATA'!$L:$L,'[20]WorkDone DATA'!$N:$N,BOQ!BM$6,'[20]WorkDone DATA'!$G:$G,BOQ!$B99)*$G99","v":{"$error":"#VALUE!"}},{"$f":"SUMIFS('[20]WorkDone DATA'!$L:$L,'[20]WorkDone DATA'!$N:$N,BOQ!BN$6,'[20]WorkDone DATA'!$G:$G,BOQ!$B99)*$G99","v":{"$error":"#VALUE!"}},{"$f":"SUMIFS('[20]WorkDone DATA'!$L:$L,'[20]WorkDone DATA'!$N:$N,BOQ!BO$6,'[20]WorkDone DATA'!$G:$G,BOQ!$B99)*$G99","v":{"$error":"#VALUE!"}},{"$f":"SUMIFS('[20]WorkDone DATA'!$L:$L,'[20]WorkDone DATA'!$N:$N,BOQ!BP$6,'[20]WorkDone DATA'!$G:$G,BOQ!$B99)*$G99","v":{"$error":"#VALUE!"}},{"$f":"SUMIFS('[20]WorkDone DATA'!$L:$L,'[20]WorkDone DATA'!$N:$N,BOQ!BQ$6,'[20]WorkDone DATA'!$G:$G,BOQ!$B99)*$G99","v":{"$error":"#VALUE!"}},{"$f":"SUMIFS('[20]WorkDone DATA'!$L:$L,'[20]WorkDone DATA'!$N:$N,BOQ!BR$6,'[20]WorkDone DATA'!$G:$G,BOQ!$B99)*$G99","v":{"$error":"#VALUE!"}},{"$f":"SUMIFS('[20]WorkDone DATA'!$L:$L,'[20]WorkDone DATA'!$N:$N,BOQ!BS$6,'[20]WorkDone DATA'!$G:$G,BOQ!$B99)*$G99","v":{"$error":"#VALUE!"}},{"$f":"SUMIFS('[20]WorkDone DATA'!$L:$L,'[20]WorkDone DATA'!$N:$N,BOQ!BT$6,'[20]WorkDone DATA'!$G:$G,BOQ!$B99)*$G99","v":{"$error":"#VALUE!"}},{"$f":"SUMIFS('[20]WorkDone DATA'!$L:$L,'[20]WorkDone DATA'!$N:$N,BOQ!BU$6,'[20]WorkDone DATA'!$G:$G,BOQ!$B99)*$G99","v":{"$error":"#VALUE!"}},{"$f":"SUMIFS('[20]WorkDone DATA'!$L:$L,'[20]WorkDone DATA'!$N:$N,BOQ!BV$6,'[20]WorkDone DATA'!$G:$G,BOQ!$B99)*$G99","v":{"$error":"#VALUE!"}},{"$f":"SUMIFS('[20]WorkDone DATA'!$L:$L,'[20]WorkDone DATA'!$N:$N,BOQ!BW$6,'[20]WorkDone DATA'!$G:$G,BOQ!$B99)*$G99","v":{"$error":"#VALUE!"}},{"$f":"SUMIFS('[20]WorkDone DATA'!$L:$L,'[20]WorkDone DATA'!$N:$N,BOQ!BX$6,'[20]WorkDone DATA'!$G:$G,BOQ!$B99)*$G99","v":{"$error":"#VALUE!"}}]
[{"$f":"C98","v":"240mm2 x 3 core (CXX03TCV) 3.8kV/6.6kV"},2.048,"Installation","A","each",90,{"v":2864.77,"d":"2,864.77"},{"v":257829.3,"d":"257,829.30"},null,null,{"$error":"#VALUE!"},{"$error":"#VALUE!"},{"$error":"#VALUE!"},null,{"$error":"#VALUE!"},{"$error":"#VALUE!"},null,{"$f":"SUMIFS('[20]WorkDone DATA'!$L:$L,'[20]WorkDone DATA'!$N:$N,BOQ!S$6,'[20]WorkDone DATA'!$G:$G,BOQ!$B100)","v":{"$error":"#VALUE!"}},{"$error":"#VALUE!"},{"$f":"SUMIFS('[20]WorkDone DATA'!$L:$L,'[20]WorkDone DATA'!$N:$N,BOQ!U$6,'[20]WorkDone DATA'!$G:$G,BOQ!$B100)","v":{"$error":"#VALUE!"}},{"$error":"#VALUE!"},null,{"$f":"SUMIFS('[20]WorkDone DATA'!$L:$L,'[20]WorkDone DATA'!$N:$N,BOQ!W$6,'[20]WorkDone DATA'!$G:$G,BOQ!$B100)*$G100","v":{"$error":"#VALUE!"}},null,{"$f":"SUMIFS('[20]WorkDone DATA'!$L:$L,'[20]WorkDone DATA'!$N:$N,BOQ!Y$6,'[20]WorkDone DATA'!$G:$G,BOQ!$B100)*$G100","v":{"$error":"#VALUE!"}},null,{"$f":"SUMIFS('[20]WorkDone DATA'!$L:$L,'[20]WorkDone DATA'!$N:$N,BOQ!AA$6,'[20]WorkDone DATA'!$G:$G,BOQ!$B100)*$G100","v":{"$error":"#VALUE!"}},{"$f":"SUMIFS('[20]WorkDone DATA'!$L:$L,'[20]WorkDone DATA'!$N:$N,BOQ!AB$6,'[20]WorkDone DATA'!$G:$G,BOQ!$B100)*$G100","v":{"$error":"#VALUE!"}},{"$f":"SUMIFS('[20]WorkDone DATA'!$L:$L,'[20]WorkDone DATA'!$N:$N,BOQ!AC$6,'[20]WorkDone DATA'!$G:$G,BOQ!$B100)*$G100","v":{"$error":"#VALUE!"}},{"$f":"SUMIFS('[20]WorkDone DATA'!$L:$L,'[20]WorkDone DATA'!$N:$N,BOQ!AD$6,'[20]WorkDone DATA'!$G:$G,BOQ!$B100)*$G100","v":{"$error":"#VALUE!"}},{"$f":"SUMIFS('[20]WorkDone DATA'!$L:$L,'[20]WorkDone DATA'!$N:$N,BOQ!AE$6,'[20]WorkDone DATA'!$G:$G,BOQ!$B100)*$G100","v":{"$error":"#VALUE!"}},{"$f":"SUMIFS('[20]WorkDone DATA'!$L:$L,'[20]WorkDone DATA'!$N:$N,BOQ!AF$6,'[20]WorkDone DATA'!$G:$G,BOQ!$B100)*$G100","v":{"$error":"#VALUE!"}},{"$f":"SUMIFS('[20]WorkDone DATA'!$L:$L,'[20]WorkDone DATA'!$N:$N,BOQ!AG$6,'[20]WorkDone DATA'!$G:$G,BOQ!$B100)*$G100","v":{"$error":"#VALUE!"}},{"$f":"SUMIFS('[20]WorkDone DATA'!$L:$L,'[20]WorkDone DATA'!$N:$N,BOQ!AH$6,'[20]WorkDone DATA'!$G:$G,BOQ!$B100)*$G100","v":{"$error":"#VALUE!"}},{"$f":"SUMIFS('[20]WorkDone DATA'!$L:$L,'[20]WorkDone DATA'!$N:$N,BOQ!AI$6,'[20]WorkDone DATA'!$G:$G,BOQ!$B100)*$G100","v":{"$error":"#VALUE!"}},{"$f":"SUMIFS('[20]WorkDone DATA'!$L:$L,'[20]WorkDone DATA'!$N:$N,BOQ!AJ$6,'[20]WorkDone DATA'!$G:$G,BOQ!$B100)*$G100","v":{"$error":"#VALUE!"}},{"$f":"SUMIFS('[20]WorkDone DATA'!$L:$L,'[20]WorkDone DATA'!$N:$N,BOQ!AK$6,'[20]WorkDone DATA'!$G:$G,BOQ!$B100)*$G100","v":{"$error":"#VALUE!"}},{"$f":"SUMIFS('[20]WorkDone DATA'!$L:$L,'[20]WorkDone DATA'!$N:$N,BOQ!AL$6,'[20]WorkDone DATA'!$G:$G,BOQ!$B100)*$G100","v":{"$error":"#VALUE!"}},{"$f":"SUMIFS('[20]WorkDone DATA'!$L:$L,'[20]WorkDone DATA'!$N:$N,BOQ!AM$6,'[20]WorkDone DATA'!$G:$G,BOQ!$B100)*$G100","v":{"$error":"#VALUE!"}},{"$f":"SUMIFS('[20]WorkDone DATA'!$L:$L,'[20]WorkDone DATA'!$N:$N,BOQ!AN$6,'[20]WorkDone DATA'!$G:$G,BOQ!$B100)*$G100","v":{"$error":"#VALUE!"}},{"$f":"SUMIFS('[20]WorkDone DATA'!$L:$L,'[20]WorkDone DATA'!$N:$N,BOQ!AO$6,'[20]WorkDone DATA'!$G:$G,BOQ!$B100)*$G100","v":{"$error":"#VALUE!"}},{"$f":"SUMIFS('[20]WorkDone DATA'!$L:$L,'[20]WorkDone DATA'!$N:$N,BOQ!AP$6,'[20]WorkDone DATA'!$G:$G,BOQ!$B100)*$G100","v":{"$error":"#VALUE!"}},{"$f":"SUMIFS('[20]WorkDone DATA'!$L:$L,'[20]WorkDone DATA'!$N:$N,BOQ!AQ$6,'[20]WorkDone DATA'!$G:$G,BOQ!$B100)*$G100","v":{"$error":"#VALUE!"}},{"$f":"SUMIFS('[20]WorkDone DATA'!$L:$L,'[20]WorkDone DATA'!$N:$N,BOQ!AR$6,'[20]WorkDone DATA'!$G:$G,BOQ!$B100)*$G100","v":{"$error":"#VALUE!"}},{"$f":"SUMIFS('[20]WorkDone DATA'!$L:$L,'[20]WorkDone DATA'!$N:$N,BOQ!AS$6,'[20]WorkDone DATA'!$G:$G,BOQ!$B100)*$G100","v":{"$error":"#VALUE!"}},{"$f":"SUMIFS('[20]WorkDone DATA'!$L:$L,'[20]WorkDone DATA'!$N:$N,BOQ!AT$6,'[20]WorkDone DATA'!$G:$G,BOQ!$B100)*$G100","v":{"$error":"#VALUE!"}},{"$f":"SUMIFS('[20]WorkDone DATA'!$L:$L,'[20]WorkDone DATA'!$N:$N,BOQ!AU$6,'[20]WorkDone DATA'!$G:$G,BOQ!$B100)*$G100","v":{"$error":"#VALUE!"}},{"$f":"SUMIFS('[20]WorkDone DATA'!$L:$L,'[20]WorkDone DATA'!$N:$N,BOQ!AV$6,'[20]WorkDone DATA'!$G:$G,BOQ!$B100)*$G100","v":{"$error":"#VALUE!"}},{"$f":"SUMIFS('[20]WorkDone DATA'!$L:$L,'[20]WorkDone DATA'!$N:$N,BOQ!AW$6,'[20]WorkDone DATA'!$G:$G,BOQ!$B100)*$G100","v":{"$error":"#VALUE!"}},{"$f":"SUMIFS('[20]WorkDone DATA'!$L:$L,'[20]WorkDone DATA'!$N:$N,BOQ!AX$6,'[20]WorkDone DATA'!$G:$G,BOQ!$B100)*$G100","v":{"$error":"#VALUE!"}},{"$f":"SUMIFS('[20]WorkDone DATA'!$L:$L,'[20]WorkDone DATA'!$N:$N,BOQ!AY$6,'[20]WorkDone DATA'!$G:$G,BOQ!$B100)*$G100","v":{"$error":"#VALUE!"}},{"$f":"SUMIFS('[20]WorkDone DATA'!$L:$L,'[20]WorkDone DATA'!$N:$N,BOQ!AZ$6,'[20]WorkDone DATA'!$G:$G,BOQ!$B100)*$G100","v":{"$error":"#VALUE!"}},{"$f":"SUMIFS('[20]WorkDone DATA'!$L:$L,'[20]WorkDone DATA'!$N:$N,BOQ!BA$6,'[20]WorkDone DATA'!$G:$G,BOQ!$B100)*$G100","v":{"$error":"#VALUE!"}},{"$f":"SUMIFS('[20]WorkDone DATA'!$L:$L,'[20]WorkDone DATA'!$N:$N,BOQ!BB$6,'[20]WorkDone DATA'!$G:$G,BOQ!$B100)*$G100","v":{"$error":"#VALUE!"}},{"$f":"SUMIFS('[20]WorkDone DATA'!$L:$L,'[20]WorkDone DATA'!$N:$N,BOQ!BC$6,'[20]WorkDone DATA'!$G:$G,BOQ!$B100)*$G100","v":{"$error":"#VALUE!"}},{"$f":"SUMIFS('[20]WorkDone DATA'!$L:$L,'[20]WorkDone DATA'!$N:$N,BOQ!BD$6,'[20]WorkDone DATA'!$G:$G,BOQ!$B100)*$G100","v":{"$error":"#VALUE!"}},{"$f":"SUMIFS('[20]WorkDone DATA'!$L:$L,'[20]WorkDone DATA'!$N:$N,BOQ!BE$6,'[20]WorkDone DATA'!$G:$G,BOQ!$B100)*$G100","v":{"$error":"#VALUE!"}},{"$f":"SUMIFS('[20]WorkDone DATA'!$L:$L,'[20]WorkDone DATA'!$N:$N,BOQ!BF$6,'[20]WorkDone DATA'!$G:$G,BOQ!$B100)*$G100","v":{"$error":"#VALUE!"}},{"$f":"SUMIFS('[20]WorkDone DATA'!$L:$L,'[20]WorkDone DATA'!$N:$N,BOQ!BG$6,'[20]WorkDone DATA'!$G:$G,BOQ!$B100)*$G100","v":{"$error":"#VALUE!"}},{"$f":"SUMIFS('[20]WorkDone DATA'!$L:$L,'[20]WorkDone DATA'!$N:$N,BOQ!BH$6,'[20]WorkDone DATA'!$G:$G,BOQ!$B100)*$G100","v":{"$error":"#VALUE!"}},{"$f":"SUMIFS('[20]WorkDone DATA'!$L:$L,'[20]WorkDone DATA'!$N:$N,BOQ!BI$6,'[20]WorkDone DATA'!$G:$G,BOQ!$B100)*$G100","v":{"$error":"#VALUE!"}},{"$f":"SUMIFS('[20]WorkDone DATA'!$L:$L,'[20]WorkDone DATA'!$N:$N,BOQ!BJ$6,'[20]WorkDone DATA'!$G:$G,BOQ!$B100)*$G100","v":{"$error":"#VALUE!"}},{"$f":"SUMIFS('[20]WorkDone DATA'!$L:$L,'[20]WorkDone DATA'!$N:$N,BOQ!BK$6,'[20]WorkDone DATA'!$G:$G,BOQ!$B100)*$G100","v":{"$error":"#VALUE!"}},{"$f":"SUMIFS('[20]WorkDone DATA'!$L:$L,'[20]WorkDone DATA'!$N:$N,BOQ!BL$6,'[20]WorkDone DATA'!$G:$G,BOQ!$B100)*$G100","v":{"$error":"#VALUE!"}},{"$f":"SUMIFS('[20]WorkDone DATA'!$L:$L,'[20]WorkDone DATA'!$N:$N,BOQ!BM$6,'[20]WorkDone DATA'!$G:$G,BOQ!$B100)*$G100","v":{"$error":"#VALUE!"}},{"$f":"SUMIFS('[20]WorkDone DATA'!$L:$L,'[20]WorkDone DATA'!$N:$N,BOQ!BN$6,'[20]WorkDone DATA'!$G:$G,BOQ!$B100)*$G100","v":{"$error":"#VALUE!"}},{"$f":"SUMIFS('[20]WorkDone DATA'!$L:$L,'[20]WorkDone DATA'!$N:$N,BOQ!BO$6,'[20]WorkDone DATA'!$G:$G,BOQ!$B100)*$G100","v":{"$error":"#VALUE!"}},{"$f":"SUMIFS('[20]WorkDone DATA'!$L:$L,'[20]WorkDone DATA'!$N:$N,BOQ!BP$6,'[20]WorkDone DATA'!$G:$G,BOQ!$B100)*$G100","v":{"$error":"#VALUE!"}},{"$f":"SUMIFS('[20]WorkDone DATA'!$L:$L,'[20]WorkDone DATA'!$N:$N,BOQ!BQ$6,'[20]WorkDone DATA'!$G:$G,BOQ!$B100)*$G100","v":{"$error":"#VALUE!"}},{"$f":"SUMIFS('[20]WorkDone DATA'!$L:$L,'[20]WorkDone DATA'!$N:$N,BOQ!BR$6,'[20]WorkDone DATA'!$G:$G,BOQ!$B100)*$G100","v":{"$error":"#VALUE!"}},{"$f":"SUMIFS('[20]WorkDone DATA'!$L:$L,'[20]WorkDone DATA'!$N:$N,BOQ!BS$6,'[20]WorkDone DATA'!$G:$G,BOQ!$B100)*$G100","v":{"$error":"#VALUE!"}},{"$f":"SUMIFS('[20]WorkDone DATA'!$L:$L,'[20]WorkDone DATA'!$N:$N,BOQ!BT$6,'[20]WorkDone DATA'!$G:$G,BOQ!$B100)*$G100","v":{"$error":"#VALUE!"}},{"$f":"SUMIFS('[20]WorkDone DATA'!$L:$L,'[20]WorkDone DATA'!$N:$N,BOQ!BU$6,'[20]WorkDone DATA'!$G:$G,BOQ!$B100)*$G100","v":{"$error":"#VALUE!"}},{"$f":"SUMIFS('[20]WorkDone DATA'!$L:$L,'[20]WorkDone DATA'!$N:$N,BOQ!BV$6,'[20]WorkDone DATA'!$G:$G,BOQ!$B100)*$G100","v":{"$error":"#VALUE!"}},{"$f":"SUMIFS('[20]WorkDone DATA'!$L:$L,'[20]WorkDone DATA'!$N:$N,BOQ!BW$6,'[20]WorkDone DATA'!$G:$G,BOQ!$B100)*$G100","v":{"$error":"#VALUE!"}},{"$f":"SUMIFS('[20]WorkDone DATA'!$L:$L,'[20]WorkDone DATA'!$N:$N,BOQ!BX$6,'[20]WorkDone DATA'!$G:$G,BOQ!$B100)*$G100","v":{"$error":"#VALUE!"}}]
[{"$nulls":7},0,{"$nulls":3},{"$error":"#VALUE!"},{"$error":"#VALUE!"},null,0,{"$error":"#VALUE!"},null,{"$f":"SUMIFS('[20]WorkDone DATA'!$L:$L,'[20]WorkDone DATA'!$N:$N,BOQ!S$6,'[20]WorkDone DATA'!$G:$G,BOQ!$B101)","v":{"$error":"#VALUE!"}},{"$error":"#VALUE!"},{"$f":"SUMIFS('[20]WorkDone DATA'!$L:$L,'[20]WorkDone DATA'!$N:$N,BOQ!U$6,'[20]WorkDone DATA'!$G:$G,BOQ!$B101)","v":{"$error":"#VALUE!"}},{"$error":"#VALUE!"},null,{"$f":"SUMIFS('[20]WorkDone DATA'!$L:$L,'[20]WorkDone DATA'!$N:$N,BOQ!W$6,'[20]WorkDone DATA'!$G:$G,BOQ!$B101)*$G101","v":{"$error":"#VALUE!"}},null,{"$f":"SUMIFS('[20]WorkDone DATA'!$L:$L,'[20]WorkDone DATA'!$N:$N,BOQ!Y$6,'[20]WorkDone DATA'!$G:$G,BOQ!$B101)*$G101","v":{"$error":"#VALUE!"}},null,{"$f":"SUMIFS('[20]WorkDone DATA'!$L:$L,'[20]WorkDone DATA'!$N:$N,BOQ!AA$6,'[20]WorkDone DATA'!$G:$G,BOQ!$B101)*$G101","v":{"$error":"#VALUE!"}},{"$f":"SUMIFS('[20]WorkDone DATA'!$L:$L,'[20]WorkDone DATA'!$N:$N,BOQ!AB$6,'[20]WorkDone DATA'!$G:$G,BOQ!$B101)*$G101","v":{"$error":"#VALUE!"}},{"$f":"SUMIFS('[20]WorkDone DATA'!$L:$L,'[20]WorkDone DATA'!$N:$N,BOQ!AC$6,'[20]WorkDone DATA'!$G:$G,BOQ!$B101)*$G101","v":{"$error":"#VALUE!"}},{"$f":"SUMIFS('[20]WorkDone DATA'!$L:$L,'[20]WorkDone DATA'!$N:$N,BOQ!AD$6,'[20]WorkDone DATA'!$G:$G,BOQ!$B101)*$G101","v":{"$error":"#VALUE!"}},{"$f":"SUMIFS('[20]WorkDone DATA'!$L:$L,'[20]WorkDone DATA'!$N:$N,BOQ!AE$6,'[20]WorkDone DATA'!$G:$G,BOQ!$B101)*$G101","v":{"$error":"#VALUE!"}},{"$f":"SUMIFS('[20]WorkDone DATA'!$L:$L,'[20]WorkDone DATA'!$N:$N,BOQ!AF$6,'[20]WorkDone DATA'!$G:$G,BOQ!$B101)*$G101","v":{"$error":"#VALUE!"}},{"$f":"SUMIFS('[20]WorkDone DATA'!$L:$L,'[20]WorkDone DATA'!$N:$N,BOQ!AG$6,'[20]WorkDone DATA'!$G:$G,BOQ!$B101)*$G101","v":{"$error":"#VALUE!"}},{"$f":"SUMIFS('[20]WorkDone DATA'!$L:$L,'[20]WorkDone DATA'!$N:$N,BOQ!AH$6,'[20]WorkDone DATA'!$G:$G,BOQ!$B101)*$G101","v":{"$error":"#VALUE!"}},{"$f":"SUMIFS('[20]WorkDone DATA'!$L:$L,'[20]WorkDone DATA'!$N:$N,BOQ!AI$6,'[20]WorkDone DATA'!$G:$G,BOQ!$B101)*$G101","v":{"$error":"#VALUE!"}},{"$f":"SUMIFS('[20]WorkDone DATA'!$L:$L,'[20]WorkDone DATA'!$N:$N,BOQ!AJ$6,'[20]WorkDone DATA'!$G:$G,BOQ!$B101)*$G101","v":{"$error":"#VALUE!"}},{"$f":"SUMIFS('[20]WorkDone DATA'!$L:$L,'[20]WorkDone DATA'!$N:$N,BOQ!AK$6,'[20]WorkDone DATA'!$G:$G,BOQ!$B101)*$G101","v":{"$error":"#VALUE!"}},{"$f":"SUMIFS('[20]WorkDone DATA'!$L:$L,'[20]WorkDone DATA'!$N:$N,BOQ!AL$6,'[20]WorkDone DATA'!$G:$G,BOQ!$B101)*$G101","v":{"$error":"#VALUE!"}},{"$f":"SUMIFS('[20]WorkDone DATA'!$L:$L,'[20]WorkDone DATA'!$N:$N,BOQ!AM$6,'[20]WorkDone DATA'!$G:$G,BOQ!$B101)*$G101","v":{"$error":"#VALUE!"}},{"$f":"SUMIFS('[20]WorkDone DATA'!$L:$L,'[20]WorkDone DATA'!$N:$N,BOQ!AN$6,'[20]WorkDone DATA'!$G:$G,BOQ!$B101)*$G101","v":{"$error":"#VALUE!"}},{"$f":"SUMIFS('[20]WorkDone DATA'!$L:$L,'[20]WorkDone DATA'!$N:$N,BOQ!AO$6,'[20]WorkDone DATA'!$G:$G,BOQ!$B101)*$G101","v":{"$error":"#VALUE!"}},{"$f":"SUMIFS('[20]WorkDone DATA'!$L:$L,'[20]WorkDone DATA'!$N:$N,BOQ!AP$6,'[20]WorkDone DATA'!$G:$G,BOQ!$B101)*$G101","v":{"$error":"#VALUE!"}},{"$f":"SUMIFS('[20]WorkDone DATA'!$L:$L,'[20]WorkDone DATA'!$N:$N,BOQ!AQ$6,'[20]WorkDone DATA'!$G:$G,BOQ!$B101)*$G101","v":{"$error":"#VALUE!"}},{"$f":"SUMIFS('[20]WorkDone DATA'!$L:$L,'[20]WorkDone DATA'!$N:$N,BOQ!AR$6,'[20]WorkDone DATA'!$G:$G,BOQ!$B101)*$G101","v":{"$error":"#VALUE!"}},{"$f":"SUMIFS('[20]WorkDone DATA'!$L:$L,'[20]WorkDone DATA'!$N:$N,BOQ!AS$6,'[20]WorkDone DATA'!$G:$G,BOQ!$B101)*$G101","v":{"$error":"#VALUE!"}},{"$f":"SUMIFS('[20]WorkDone DATA'!$L:$L,'[20]WorkDone DATA'!$N:$N,BOQ!AT$6,'[20]WorkDone DATA'!$G:$G,BOQ!$B101)*$G101","v":{"$error":"#VALUE!"}},{"$f":"SUMIFS('[20]WorkDone DATA'!$L:$L,'[20]WorkDone DATA'!$N:$N,BOQ!AU$6,'[20]WorkDone DATA'!$G:$G,BOQ!$B101)*$G101","v":{"$error":"#VALUE!"}},{"$f":"SUMIFS('[20]WorkDone DATA'!$L:$L,'[20]WorkDone DATA'!$N:$N,BOQ!AV$6,'[20]WorkDone DATA'!$G:$G,BOQ!$B101)*$G101","v":{"$error":"#VALUE!"}},{"$f":"SUMIFS('[20]WorkDone DATA'!$L:$L,'[20]WorkDone DATA'!$N:$N,BOQ!AW$6,'[20]WorkDone DATA'!$G:$G,BOQ!$B101)*$G101","v":{"$error":"#VALUE!"}},{"$f":"SUMIFS('[20]WorkDone DATA'!$L:$L,'[20]WorkDone DATA'!$N:$N,BOQ!AX$6,'[20]WorkDone DATA'!$G:$G,BOQ!$B101)*$G101","v":{"$error":"#VALUE!"}},{"$f":"SUMIFS('[20]WorkDone DATA'!$L:$L,'[20]WorkDone DATA'!$N:$N,BOQ!AY$6,'[20]WorkDone DATA'!$G:$G,BOQ!$B101)*$G101","v":{"$error":"#VALUE!"}},{"$f":"SUMIFS('[20]WorkDone DATA'!$L:$L,'[20]WorkDone DATA'!$N:$N,BOQ!AZ$6,'[20]WorkDone DATA'!$G:$G,BOQ!$B101)*$G101","v":{"$error":"#VALUE!"}},{"$f":"SUMIFS('[20]WorkDone DATA'!$L:$L,'[20]WorkDone DATA'!$N:$N,BOQ!BA$6,'[20]WorkDone DATA'!$G:$G,BOQ!$B101)*$G101","v":{"$error":"#VALUE!"}},{"$f":"SUMIFS('[20]WorkDone DATA'!$L:$L,'[20]WorkDone DATA'!$N:$N,BOQ!BB$6,'[20]WorkDone DATA'!$G:$G,BOQ!$B101)*$G101","v":{"$error":"#VALUE!"}},{"$f":"SUMIFS('[20]WorkDone DATA'!$L:$L,'[20]WorkDone DATA'!$N:$N,BOQ!BC$6,'[20]WorkDone DATA'!$G:$G,BOQ!$B101)*$G101","v":{"$error":"#VALUE!"}},{"$f":"SUMIFS('[20]WorkDone DATA'!$L:$L,'[20]WorkDone DATA'!$N:$N,BOQ!BD$6,'[20]WorkDone DATA'!$G:$G,BOQ!$B101)*$G101","v":{"$error":"#VALUE!"}},{"$f":"SUMIFS('[20]WorkDone DATA'!$L:$L,'[20]WorkDone DATA'!$N:$N,BOQ!BE$6,'[20]WorkDone DATA'!$G:$G,BOQ!$B101)*$G101","v":{"$error":"#VALUE!"}},{"$f":"SUMIFS('[20]WorkDone DATA'!$L:$L,'[20]WorkDone DATA'!$N:$N,BOQ!BF$6,'[20]WorkDone DATA'!$G:$G,BOQ!$B101)*$G101","v":{"$error":"#VALUE!"}},{"$f":"SUMIFS('[20]WorkDone DATA'!$L:$L,'[20]WorkDone DATA'!$N:$N,BOQ!BG$6,'[20]WorkDone DATA'!$G:$G,BOQ!$B101)*$G101","v":{"$error":"#VALUE!"}},{"$f":"SUMIFS('[20]WorkDone DATA'!$L:$L,'[20]WorkDone DATA'!$N:$N,BOQ!BH$6,'[20]WorkDone DATA'!$G:$G,BOQ!$B101)*$G101","v":{"$error":"#VALUE!"}},{"$f":"SUMIFS('[20]WorkDone DATA'!$L:$L,'[20]WorkDone DATA'!$N:$N,BOQ!BI$6,'[20]WorkDone DATA'!$G:$G,BOQ!$B101)*$G101","v":{"$error":"#VALUE!"}},{"$f":"SUMIFS('[20]WorkDone DATA'!$L:$L,'[20]WorkDone DATA'!$N:$N,BOQ!BJ$6,'[20]WorkDone DATA'!$G:$G,BOQ!$B101)*$G101","v":{"$error":"#VALUE!"}},{"$f":"SUMIFS('[20]WorkDone DATA'!$L:$L,'[20]WorkDone DATA'!$N:$N,BOQ!BK$6,'[20]WorkDone DATA'!$G:$G,BOQ!$B101)*$G101","v":{"$error":"#VALUE!"}},{"$f":"SUMIFS('[20]WorkDone DATA'!$L:$L,'[20]WorkDone DATA'!$N:$N,BOQ!BL$6,'[20]WorkDone DATA'!$G:$G,BOQ!$B101)*$G101","v":{"$error":"#VALUE!"}},{"$f":"SUMIFS('[20]WorkDone DATA'!$L:$L,'[20]WorkDone DATA'!$N:$N,BOQ!BM$6,'[20]WorkDone DATA'!$G:$G,BOQ!$B101)*$G101","v":{"$error":"#VALUE!"}},{"$f":"SUMIFS('[20]WorkDone DATA'!$L:$L,'[20]WorkDone DATA'!$N:$N,BOQ!BN$6,'[20]WorkDone DATA'!$G:$G,BOQ!$B101)*$G101","v":{"$error":"#VALUE!"}},{"$f":"SUMIFS('[20]WorkDone DATA'!$L:$L,'[20]WorkDone DATA'!$N:$N,BOQ!BO$6,'[20]WorkDone DATA'!$G:$G,BOQ!$B101)*$G101","v":{"$error":"#VALUE!"}},{"$f":"SUMIFS('[20]WorkDone DATA'!$L:$L,'[20]WorkDone DATA'!$N:$N,BOQ!BP$6,'[20]WorkDone DATA'!$G:$G,BOQ!$B101)*$G101","v":{"$error":"#VALUE!"}},{"$f":"SUMIFS('[20]WorkDone DATA'!$L:$L,'[20]WorkDone DATA'!$N:$N,BOQ!BQ$6,'[20]WorkDone DATA'!$G:$G,BOQ!$B101)*$G101","v":{"$error":"#VALUE!"}},{"$f":"SUMIFS('[20]WorkDone DATA'!$L:$L,'[20]WorkDone DATA'!$N:$N,BOQ!BR$6,'[20]WorkDone DATA'!$G:$G,BOQ!$B101)*$G101","v":{"$error":"#VALUE!"}},{"$f":"SUMIFS('[20]WorkDone DATA'!$L:$L,'[20]WorkDone DATA'!$N:$N,BOQ!BS$6,'[20]WorkDone DATA'!$G:$G,BOQ!$B101)*$G101","v":{"$error":"#VALUE!"}},{"$f":"SUMIFS('[20]WorkDone DATA'!$L:$L,'[20]WorkDone DATA'!$N:$N,BOQ!BT$6,'[20]WorkDone DATA'!$G:$G,BOQ!$B101)*$G101","v":{"$error":"#VALUE!"}},{"$f":"SUMIFS('[20]WorkDone DATA'!$L:$L,'[20]WorkDone DATA'!$N:$N,BOQ!BU$6,'[20]WorkDone DATA'!$G:$G,BOQ!$B101)*$G101","v":{"$error":"#VALUE!"}},{"$f":"SUMIFS('[20]WorkDone DATA'!$L:$L,'[20]WorkDone DATA'!$N:$N,BOQ!BV$6,'[20]WorkDone DATA'!$G:$G,BOQ!$B101)*$G101","v":{"$error":"#VALUE!"}},{"$f":"SUMIFS('[20]WorkDone DATA'!$L:$L,'[20]WorkDone DATA'!$N:$N,BOQ!BW$6,'[20]WorkDone DATA'!$G:$G,BOQ!$B101)*$G101","v":{"$error":"#VALUE!"}},{"$f":"SUMIFS('[20]WorkDone DATA'!$L:$L,'[20]WorkDone DATA'!$N:$N,BOQ!BX$6,'[20]WorkDone DATA'!$G:$G,BOQ!$B101)*$G101","v":{"$error":"#VALUE!"}}]
[null,null,"Sub-Total for 6 Units",{"$nulls":4},0,{"$nulls":3},{"$error":"#VALUE!"},{"$error":"#VALUE!"},null,0,{"$error":"#VALUE!"},null,{"$f":"SUMIFS('[20]WorkDone DATA'!$L:$L,'[20]WorkDone DATA'!$N:$N,BOQ!S$6,'[20]WorkDone DATA'!$G:$G,BOQ!$B102)","v":{"$error":"#VALUE!"}},{"$error":"#VALUE!"},{"$f":"SUMIFS('[20]WorkDone DATA'!$L:$L,'[20]WorkDone DATA'!$N:$N,BOQ!U$6,'[20]WorkDone DATA'!$G:$G,BOQ!$B102)","v":{"$error":"#VALUE!"}},{"$error":"#VALUE!"},null,{"$f":"SUMIFS('[20]WorkDone DATA'!$L:$L,'[20]WorkDone DATA'!$N:$N,BOQ!W$6,'[20]WorkDone DATA'!$G:$G,BOQ!$B102)*$G102","v":{"$error":"#VALUE!"}},null,{"$f":"SUMIFS('[20]WorkDone DATA'!$L:$L,'[20]WorkDone DATA'!$N:$N,BOQ!Y$6,'[20]WorkDone DATA'!$G:$G,BOQ!$B102)*$G102","v":{"$error":"#VALUE!"}},null,{"$f":"SUMIFS('[20]WorkDone DATA'!$L:$L,'[20]WorkDone DATA'!$N:$N,BOQ!AA$6,'[20]WorkDone DATA'!$G:$G,BOQ!$B102)*$G102","v":{"$error":"#VALUE!"}},{"$f":"SUMIFS('[20]WorkDone DATA'!$L:$L,'[20]WorkDone DATA'!$N:$N,BOQ!AB$6,'[20]WorkDone DATA'!$G:$G,BOQ!$B102)*$G102","v":{"$error":"#VALUE!"}},{"$f":"SUMIFS('[20]WorkDone DATA'!$L:$L,'[20]WorkDone DATA'!$N:$N,BOQ!AC$6,'[20]WorkDone DATA'!$G:$G,BOQ!$B102)*$G102","v":{"$error":"#VALUE!"}},{"$f":"SUMIFS('[20]WorkDone DATA'!$L:$L,'[20]WorkDone DATA'!$N:$N,BOQ!AD$6,'[20]WorkDone DATA'!$G:$G,BOQ!$B102)*$G102","v":{"$error":"#VALUE!"}},{"$f":"SUMIFS('[20]WorkDone DATA'!$L:$L,'[20]WorkDone DATA'!$N:$N,BOQ!AE$6,'[20]WorkDone DATA'!$G:$G,BOQ!$B102)*$G102","v":{"$error":"#VALUE!"}},{"$f":"SUMIFS('[20]WorkDone DATA'!$L:$L,'[20]WorkDone DATA'!$N:$N,BOQ!AF$6,'[20]WorkDone DATA'!$G:$G,BOQ!$B102)*$G102","v":{"$error":"#VALUE!"}},{"$f":"SUMIFS('[20]WorkDone DATA'!$L:$L,'[20]WorkDone DATA'!$N:$N,BOQ!AG$6,'[20]WorkDone DATA'!$G:$G,BOQ!$B102)*$G102","v":{"$error":"#VALUE!"}},{"$f":"SUMIFS('[20]WorkDone DATA'!$L:$L,'[20]WorkDone DATA'!$N:$N,BOQ!AH$6,'[20]WorkDone DATA'!$G:$G,BOQ!$B102)*$G102","v":{"$error":"#VALUE!"}},{"$f":"SUMIFS('[20]WorkDone DATA'!$L:$L,'[20]WorkDone DATA'!$N:$N,BOQ!AI$6,'[20]WorkDone DATA'!$G:$G,BOQ!$B102)*$G102","v":{"$error":"#VALUE!"}},{"$f":"SUMIFS('[20]WorkDone DATA'!$L:$L,'[20]WorkDone DATA'!$N:$N,BOQ!AJ$6,'[20]WorkDone DATA'!$G:$G,BOQ!$B102)*$G102","v":{"$error":"#VALUE!"}},{"$f":"SUMIFS('[20]WorkDone DATA'!$L:$L,'[20]WorkDone DATA'!$N:$N,BOQ!AK$6,'[20]WorkDone DATA'!$G:$G,BOQ!$B102)*$G102","v":{"$error":"#VALUE!"}},{"$f":"SUMIFS('[20]WorkDone DATA'!$L:$L,'[20]WorkDone DATA'!$N:$N,BOQ!AL$6,'[20]WorkDone DATA'!$G:$G,BOQ!$B102)*$G102","v":{"$error":"#VALUE!"}},{"$f":"SUMIFS('[20]WorkDone DATA'!$L:$L,'[20]WorkDone DATA'!$N:$N,BOQ!AM$6,'[20]WorkDone DATA'!$G:$G,BOQ!$B102)*$G102","v":{"$error":"#VALUE!"}},{"$f":"SUMIFS('[20]WorkDone DATA'!$L:$L,'[20]WorkDone DATA'!$N:$N,BOQ!AN$6,'[20]WorkDone DATA'!$G:$G,BOQ!$B102)*$G102","v":{"$error":"#VALUE!"}},{"$f":"SUMIFS('[20]WorkDone DATA'!$L:$L,'[20]WorkDone DATA'!$N:$N,BOQ!AO$6,'[20]WorkDone DATA'!$G:$G,BOQ!$B102)*$G102","v":{"$error":"#VALUE!"}},{"$f":"SUMIFS('[20]WorkDone DATA'!$L:$L,'[20]WorkDone DATA'!$N:$N,BOQ!AP$6,'[20]WorkDone DATA'!$G:$G,BOQ!$B102)*$G102","v":{"$error":"#VALUE!"}},{"$f":"SUMIFS('[20]WorkDone DATA'!$L:$L,'[20]WorkDone DATA'!$N:$N,BOQ!AQ$6,'[20]WorkDone DATA'!$G:$G,BOQ!$B102)*$G102","v":{"$error":"#VALUE!"}},{"$f":"SUMIFS('[20]WorkDone DATA'!$L:$L,'[20]WorkDone DATA'!$N:$N,BOQ!AR$6,'[20]WorkDone DATA'!$G:$G,BOQ!$B102)*$G102","v":{"$error":"#VALUE!"}},{"$f":"SUMIFS('[20]WorkDone DATA'!$L:$L,'[20]WorkDone DATA'!$N:$N,BOQ!AS$6,'[20]WorkDone DATA'!$G:$G,BOQ!$B102)*$G102","v":{"$error":"#VALUE!"}},{"$f":"SUMIFS('[20]WorkDone DATA'!$L:$L,'[20]WorkDone DATA'!$N:$N,BOQ!AT$6,'[20]WorkDone DATA'!$G:$G,BOQ!$B102)*$G102","v":{"$error":"#VALUE!"}},{"$f":"SUMIFS('[20]WorkDone DATA'!$L:$L,'[20]WorkDone DATA'!$N:$N,BOQ!AU$6,'[20]WorkDone DATA'!$G:$G,BOQ!$B102)*$G102","v":{"$error":"#VALUE!"}},{"$f":"SUMIFS('[20]WorkDone DATA'!$L:$L,'[20]WorkDone DATA'!$N:$N,BOQ!AV$6,'[20]WorkDone DATA'!$G:$G,BOQ!$B102)*$G102","v":{"$error":"#VALUE!"}},{"$f":"SUMIFS('[20]WorkDone DATA'!$L:$L,'[20]WorkDone DATA'!$N:$N,BOQ!AW$6,'[20]WorkDone DATA'!$G:$G,BOQ!$B102)*$G102","v":{"$error":"#VALUE!"}},{"$f":"SUMIFS('[20]WorkDone DATA'!$L:$L,'[20]WorkDone DATA'!$N:$N,BOQ!AX$6,'[20]WorkDone DATA'!$G:$G,BOQ!$B102)*$G102","v":{"$error":"#VALUE!"}},{"$f":"SUMIFS('[20]WorkDone DATA'!$L:$L,'[20]WorkDone DATA'!$N:$N,BOQ!AY$6,'[20]WorkDone DATA'!$G:$G,BOQ!$B102)*$G102","v":{"$error":"#VALUE!"}},{"$f":"SUMIFS('[20]WorkDone DATA'!$L:$L,'[20]WorkDone DATA'!$N:$N,BOQ!AZ$6,'[20]WorkDone DATA'!$G:$G,BOQ!$B102)*$G102","v":{"$error":"#VALUE!"}},{"$f":"SUMIFS('[20]WorkDone DATA'!$L:$L,'[20]WorkDone DATA'!$N:$N,BOQ!BA$6,'[20]WorkDone DATA'!$G:$G,BOQ!$B102)*$G102","v":{"$error":"#VALUE!"}},{"$f":"SUMIFS('[20]WorkDone DATA'!$L:$L,'[20]WorkDone DATA'!$N:$N,BOQ!BB$6,'[20]WorkDone DATA'!$G:$G,BOQ!$B102)*$G102","v":{"$error":"#VALUE!"}},{"$f":"SUMIFS('[20]WorkDone DATA'!$L:$L,'[20]WorkDone DATA'!$N:$N,BOQ!BC$6,'[20]WorkDone DATA'!$G:$G,BOQ!$B102)*$G102","v":{"$error":"#VALUE!"}},{"$f":"SUMIFS('[20]WorkDone DATA'!$L:$L,'[20]WorkDone DATA'!$N:$N,BOQ!BD$6,'[20]WorkDone DATA'!$G:$G,BOQ!$B102)*$G102","v":{"$error":"#VALUE!"}},{"$f":"SUMIFS('[20]WorkDone DATA'!$L:$L,'[20]WorkDone DATA'!$N:$N,BOQ!BE$6,'[20]WorkDone DATA'!$G:$G,BOQ!$B102)*$G102","v":{"$error":"#VALUE!"}},{"$f":"SUMIFS('[20]WorkDone DATA'!$L:$L,'[20]WorkDone DATA'!$N:$N,BOQ!BF$6,'[20]WorkDone DATA'!$G:$G,BOQ!$B102)*$G102","v":{"$error":"#VALUE!"}},{"$f":"SUMIFS('[20]WorkDone DATA'!$L:$L,'[20]WorkDone DATA'!$N:$N,BOQ!BG$6,'[20]WorkDone DATA'!$G:$G,BOQ!$B102)*$G102","v":{"$error":"#VALUE!"}},{"$f":"SUMIFS('[20]WorkDone DATA'!$L:$L,'[20]WorkDone DATA'!$N:$N,BOQ!BH$6,'[20]WorkDone DATA'!$G:$G,BOQ!$B102)*$G102","v":{"$error":"#VALUE!"}},{"$f":"SUMIFS('[20]WorkDone DATA'!$L:$L,'[20]WorkDone DATA'!$N:$N,BOQ!BI$6,'[20]WorkDone DATA'!$G:$G,BOQ!$B102)*$G102","v":{"$error":"#VALUE!"}},{"$f":"SUMIFS('[20]WorkDone DATA'!$L:$L,'[20]WorkDone DATA'!$N:$N,BOQ!BJ$6,'[20]WorkDone DATA'!$G:$G,BOQ!$B102)*$G102","v":{"$error":"#VALUE!"}},{"$f":"SUMIFS('[20]WorkDone DATA'!$L:$L,'[20]WorkDone DATA'!$N:$N,BOQ!BK$6,'[20]WorkDone DATA'!$G:$G,BOQ!$B102)*$G102","v":{"$error":"#VALUE!"}},{"$f":"SUMIFS('[20]WorkDone DATA'!$L:$L,'[20]WorkDone DATA'!$N:$N,BOQ!BL$6,'[20]WorkDone DATA'!$G:$G,BOQ!$B102)*$G102","v":{"$error":"#VALUE!"}},{"$f":"SUMIFS('[20]WorkDone DATA'!$L:$L,'[20]WorkDone DATA'!$N:$N,BOQ!BM$6,'[20]WorkDone DATA'!$G:$G,BOQ!$B102)*$G102","v":{"$error":"#VALUE!"}},{"$f":"SUMIFS('[20]WorkDone DATA'!$L:$L,'[20]WorkDone DATA'!$N:$N,BOQ!BN$6,'[20]WorkDone DATA'!$G:$G,BOQ!$B102)*$G102","v":{"$error":"#VALUE!"}},{"$f":"SUMIFS('[20]WorkDone DATA'!$L:$L,'[20]WorkDone DATA'!$N:$N,BOQ!BO$6,'[20]WorkDone DATA'!$G:$G,BOQ!$B102)*$G102","v":{"$error":"#VALUE!"}},{"$f":"SUMIFS('[20]WorkDone DATA'!$L:$L,'[20]WorkDone DATA'!$N:$N,BOQ!BP$6,'[20]WorkDone DATA'!$G:$G,BOQ!$B102)*$G102","v":{"$error":"#VALUE!"}},{"$f":"SUMIFS('[20]WorkDone DATA'!$L:$L,'[20]WorkDone DATA'!$N:$N,BOQ!BQ$6,'[20]WorkDone DATA'!$G:$G,BOQ!$B102)*$G102","v":{"$error":"#VALUE!"}},{"$f":"SUMIFS('[20]WorkDone DATA'!$L:$L,'[20]WorkDone DATA'!$N:$N,BOQ!BR$6,'[20]WorkDone DATA'!$G:$G,BOQ!$B102)*$G102","v":{"$error":"#VALUE!"}},{"$f":"SUMIFS('[20]WorkDone DATA'!$L:$L,'[20]WorkDone DATA'!$N:$N,BOQ!BS$6,'[20]WorkDone DATA'!$G:$G,BOQ!$B102)*$G102","v":{"$error":"#VALUE!"}},{"$f":"SUMIFS('[20]WorkDone DATA'!$L:$L,'[20]WorkDone DATA'!$N:$N,BOQ!BT$6,'[20]WorkDone DATA'!$G:$G,BOQ!$B102)*$G102","v":{"$error":"#VALUE!"}},{"$f":"SUMIFS('[20]WorkDone DATA'!$L:$L,'[20]WorkDone DATA'!$N:$N,BOQ!BU$6,'[20]WorkDone DATA'!$G:$G,BOQ!$B102)*$G102","v":{"$error":"#VALUE!"}},{"$f":"SUMIFS('[20]WorkDone DATA'!$L:$L,'[20]WorkDone DATA'!$N:$N,BOQ!BV$6,'[20]WorkDone DATA'!$G:$G,BOQ!$B102)*$G102","v":{"$error":"#VALUE!"}},{"$f":"SUMIFS('[20]WorkDone DATA'!$L:$L,'[20]WorkDone DATA'!$N:$N,BOQ!BW$6,'[20]WorkDone DATA'!$G:$G,BOQ!$B102)*$G102","v":{"$error":"#VALUE!"}},{"$f":"SUMIFS('[20]WorkDone DATA'!$L:$L,'[20]WorkDone DATA'!$N:$N,BOQ!BX$6,'[20]WorkDone DATA'!$G:$G,BOQ!$B102)*$G102","v":{"$error":"#VALUE!"}}]
[{"$nulls":7},0,{"$nulls":3},{"$error":"#VALUE!"},{"$error":"#VALUE!"},null,0,{"$error":"#VALUE!"},null,{"$f":"SUMIFS('[20]WorkDone DATA'!$L:$L,'[20]WorkDone DATA'!$N:$N,BOQ!S$6,'[20]WorkDone DATA'!$G:$G,BOQ!$B103)","v":{"$error":"#VALUE!"}},{"$error":"#VALUE!"},{"$f":"SUMIFS('[20]WorkDone DATA'!$L:$L,'[20]WorkDone DATA'!$N:$N,BOQ!U$6,'[20]WorkDone DATA'!$G:$G,BOQ!$B103)","v":{"$error":"#VALUE!"}},{"$error":"#VALUE!"},null,{"$f":"SUMIFS('[20]WorkDone DATA'!$L:$L,'[20]WorkDone DATA'!$N:$N,BOQ!W$6,'[20]WorkDone DATA'!$G:$G,BOQ!$B103)*$G103","v":{"$error":"#VALUE!"}},null,{"$f":"SUMIFS('[20]WorkDone DATA'!$L:$L,'[20]WorkDone DATA'!$N:$N,BOQ!Y$6,'[20]WorkDone DATA'!$G:$G,BOQ!$B103)*$G103","v":{"$error":"#VALUE!"}},null,{"$f":"SUMIFS('[20]WorkDone DATA'!$L:$L,'[20]WorkDone DATA'!$N:$N,BOQ!AA$6,'[20]WorkDone DATA'!$G:$G,BOQ!$B103)*$G103","v":{"$error":"#VALUE!"}},{"$f":"SUMIFS('[20]WorkDone DATA'!$L:$L,'[20]WorkDone DATA'!$N:$N,BOQ!AB$6,'[20]WorkDone DATA'!$G:$G,BOQ!$B103)*$G103","v":{"$error":"#VALUE!"}},{"$f":"SUMIFS('[20]WorkDone DATA'!$L:$L,'[20]WorkDone DATA'!$N:$N,BOQ!AC$6,'[20]WorkDone DATA'!$G:$G,BOQ!$B103)*$G103","v":{"$error":"#VALUE!"}},{"$f":"SUMIFS('[20]WorkDone DATA'!$L:$L,'[20]WorkDone DATA'!$N:$N,BOQ!AD$6,'[20]WorkDone DATA'!$G:$G,BOQ!$B103)*$G103","v":{"$error":"#VALUE!"}},{"$f":"SUMIFS('[20]WorkDone DATA'!$L:$L,'[20]WorkDone DATA'!$N:$N,BOQ!AE$6,'[20]WorkDone DATA'!$G:$G,BOQ!$B103)*$G103","v":{"$error":"#VALUE!"}},{"$f":"SUMIFS('[20]WorkDone DATA'!$L:$L,'[20]WorkDone DATA'!$N:$N,BOQ!AF$6,'[20]WorkDone DATA'!$G:$G,BOQ!$B103)*$G103","v":{"$error":"#VALUE!"}},{"$f":"SUMIFS('[20]WorkDone DATA'!$L:$L,'[20]WorkDone DATA'!$N:$N,BOQ!AG$6,'[20]WorkDone DATA'!$G:$G,BOQ!$B103)*$G103","v":{"$error":"#VALUE!"}},{"$f":"SUMIFS('[20]WorkDone DATA'!$L:$L,'[20]WorkDone DATA'!$N:$N,BOQ!AH$6,'[20]WorkDone DATA'!$G:$G,BOQ!$B103)*$G103","v":{"$error":"#VALUE!"}},{"$f":"SUMIFS('[20]WorkDone DATA'!$L:$L,'[20]WorkDone DATA'!$N:$N,BOQ!AI$6,'[20]WorkDone DATA'!$G:$G,BOQ!$B103)*$G103","v":{"$error":"#VALUE!"}},{"$f":"SUMIFS('[20]WorkDone DATA'!$L:$L,'[20]WorkDone DATA'!$N:$N,BOQ!AJ$6,'[20]WorkDone DATA'!$G:$G,BOQ!$B103)*$G103","v":{"$error":"#VALUE!"}},{"$f":"SUMIFS('[20]WorkDone DATA'!$L:$L,'[20]WorkDone DATA'!$N:$N,BOQ!AK$6,'[20]WorkDone DATA'!$G:$G,BOQ!$B103)*$G103","v":{"$error":"#VALUE!"}},{"$f":"SUMIFS('[20]WorkDone DATA'!$L:$L,'[20]WorkDone DATA'!$N:$N,BOQ!AL$6,'[20]WorkDone DATA'!$G:$G,BOQ!$B103)*$G103","v":{"$error":"#VALUE!"}},{"$f":"SUMIFS('[20]WorkDone DATA'!$L:$L,'[20]WorkDone DATA'!$N:$N,BOQ!AM$6,'[20]WorkDone DATA'!$G:$G,BOQ!$B103)*$G103","v":{"$error":"#VALUE!"}},{"$f":"SUMIFS('[20]WorkDone DATA'!$L:$L,'[20]WorkDone DATA'!$N:$N,BOQ!AN$6,'[20]WorkDone DATA'!$G:$G,BOQ!$B103)*$G103","v":{"$error":"#VALUE!"}},{"$f":"SUMIFS('[20]WorkDone DATA'!$L:$L,'[20]WorkDone DATA'!$N:$N,BOQ!AO$6,'[20]WorkDone DATA'!$G:$G,BOQ!$B103)*$G103","v":{"$error":"#VALUE!"}},{"$f":"SUMIFS('[20]WorkDone DATA'!$L:$L,'[20]WorkDone DATA'!$N:$N,BOQ!AP$6,'[20]WorkDone DATA'!$G:$G,BOQ!$B103)*$G103","v":{"$error":"#VALUE!"}},{"$f":"SUMIFS('[20]WorkDone DATA'!$L:$L,'[20]WorkDone DATA'!$N:$N,BOQ!AQ$6,'[20]WorkDone DATA'!$G:$G,BOQ!$B103)*$G103","v":{"$error":"#VALUE!"}},{"$f":"SUMIFS('[20]WorkDone DATA'!$L:$L,'[20]WorkDone DATA'!$N:$N,BOQ!AR$6,'[20]WorkDone DATA'!$G:$G,BOQ!$B103)*$G103","v":{"$error":"#VALUE!"}},{"$f":"SUMIFS('[20]WorkDone DATA'!$L:$L,'[20]WorkDone DATA'!$N:$N,BOQ!AS$6,'[20]WorkDone DATA'!$G:$G,BOQ!$B103)*$G103","v":{"$error":"#VALUE!"}},{"$f":"SUMIFS('[20]WorkDone DATA'!$L:$L,'[20]WorkDone DATA'!$N:$N,BOQ!AT$6,'[20]WorkDone DATA'!$G:$G,BOQ!$B103)*$G103","v":{"$error":"#VALUE!"}},{"$f":"SUMIFS('[20]WorkDone DATA'!$L:$L,'[20]WorkDone DATA'!$N:$N,BOQ!AU$6,'[20]WorkDone DATA'!$G:$G,BOQ!$B103)*$G103","v":{"$error":"#VALUE!"}},{"$f":"SUMIFS('[20]WorkDone DATA'!$L:$L,'[20]WorkDone DATA'!$N:$N,BOQ!AV$6,'[20]WorkDone DATA'!$G:$G,BOQ!$B103)*$G103","v":{"$error":"#VALUE!"}},{"$f":"SUMIFS('[20]WorkDone DATA'!$L:$L,'[20]WorkDone DATA'!$N:$N,BOQ!AW$6,'[20]WorkDone DATA'!$G:$G,BOQ!$B103)*$G103","v":{"$error":"#VALUE!"}},{"$f":"SUMIFS('[20]WorkDone DATA'!$L:$L,'[20]WorkDone DATA'!$N:$N,BOQ!AX$6,'[20]WorkDone DATA'!$G:$G,BOQ!$B103)*$G103","v":{"$error":"#VALUE!"}},{"$f":"SUMIFS('[20]WorkDone DATA'!$L:$L,'[20]WorkDone DATA'!$N:$N,BOQ!AY$6,'[20]WorkDone DATA'!$G:$G,BOQ!$B103)*$G103","v":{"$error":"#VALUE!"}},{"$f":"SUMIFS('[20]WorkDone DATA'!$L:$L,'[20]WorkDone DATA'!$N:$N,BOQ!AZ$6,'[20]WorkDone DATA'!$G:$G,BOQ!$B103)*$G103","v":{"$error":"#VALUE!"}},{"$f":"SUMIFS('[20]WorkDone DATA'!$L:$L,'[20]WorkDone DATA'!$N:$N,BOQ!BA$6,'[20]WorkDone DATA'!$G:$G,BOQ!$B103)*$G103","v":{"$error":"#VALUE!"}},{"$f":"SUMIFS('[20]WorkDone DATA'!$L:$L,'[20]WorkDone DATA'!$N:$N,BOQ!BB$6,'[20]WorkDone DATA'!$G:$G,BOQ!$B103)*$G103","v":{"$error":"#VALUE!"}},{"$f":"SUMIFS('[20]WorkDone DATA'!$L:$L,'[20]WorkDone DATA'!$N:$N,BOQ!BC$6,'[20]WorkDone DATA'!$G:$G,BOQ!$B103)*$G103","v":{"$error":"#VALUE!"}},{"$f":"SUMIFS('[20]WorkDone DATA'!$L:$L,'[20]WorkDone DATA'!$N:$N,BOQ!BD$6,'[20]WorkDone DATA'!$G:$G,BOQ!$B103)*$G103","v":{"$error":"#VALUE!"}},{"$f":"SUMIFS('[20]WorkDone DATA'!$L:$L,'[20]WorkDone DATA'!$N:$N,BOQ!BE$6,'[20]WorkDone DATA'!$G:$G,BOQ!$B103)*$G103","v":{"$error":"#VALUE!"}},{"$f":"SUMIFS('[20]WorkDone DATA'!$L:$L,'[20]WorkDone DATA'!$N:$N,BOQ!BF$6,'[20]WorkDone DATA'!$G:$G,BOQ!$B103)*$G103","v":{"$error":"#VALUE!"}},{"$f":"SUMIFS('[20]WorkDone DATA'!$L:$L,'[20]WorkDone DATA'!$N:$N,BOQ!BG$6,'[20]WorkDone DATA'!$G:$G,BOQ!$B103)*$G103","v":{"$error":"#VALUE!"}},{"$f":"SUMIFS('[20]WorkDone DATA'!$L:$L,'[20]WorkDone DATA'!$N:$N,BOQ!BH$6,'[20]WorkDone DATA'!$G:$G,BOQ!$B103)*$G103","v":{"$error":"#VALUE!"}},{"$f":"SUMIFS('[20]WorkDone DATA'!$L:$L,'[20]WorkDone DATA'!$N:$N,BOQ!BI$6,'[20]WorkDone DATA'!$G:$G,BOQ!$B103)*$G103","v":{"$error":"#VALUE!"}},{"$f":"SUMIFS('[20]WorkDone DATA'!$L:$L,'[20]WorkDone DATA'!$N:$N,BOQ!BJ$6,'[20]WorkDone DATA'!$G:$G,BOQ!$B103)*$G103","v":{"$error":"#VALUE!"}},{"$f":"SUMIFS('[20]WorkDone DATA'!$L:$L,'[20]WorkDone DATA'!$N:$N,BOQ!BK$6,'[20]WorkDone DATA'!$G:$G,BOQ!$B103)*$G103","v":{"$error":"#VALUE!"}},{"$f":"SUMIFS('[20]WorkDone DATA'!$L:$L,'[20]WorkDone DATA'!$N:$N,BOQ!BL$6,'[20]WorkDone DATA'!$G:$G,BOQ!$B103)*$G103","v":{"$error":"#VALUE!"}},{"$f":"SUMIFS('[20]WorkDone DATA'!$L:$L,'[20]WorkDone DATA'!$N:$N,BOQ!BM$6,'[20]WorkDone DATA'!$G:$G,BOQ!$B103)*$G103","v":{"$error":"#VALUE!"}},{"$f":"SUMIFS('[20]WorkDone DATA'!$L:$L,'[20]WorkDone DATA'!$N:$N,BOQ!BN$6,'[20]WorkDone DATA'!$G:$G,BOQ!$B103)*$G103","v":{"$error":"#VALUE!"}},{"$f":"SUMIFS('[20]WorkDone DATA'!$L:$L,'[20]WorkDone DATA'!$N:$N,BOQ!BO$6,'[20]WorkDone DATA'!$G:$G,BOQ!$B103)*$G103","v":{"$error":"#VALUE!"}},{"$f":"SUMIFS('[20]WorkDone DATA'!$L:$L,'[20]WorkDone DATA'!$N:$N,BOQ!BP$6,'[20]WorkDone DATA'!$G:$G,BOQ!$B103)*$G103","v":{"$error":"#VALUE!"}},{"$f":"SUMIFS('[20]WorkDone DATA'!$L:$L,'[20]WorkDone DATA'!$N:$N,BOQ!BQ$6,'[20]WorkDone DATA'!$G:$G,BOQ!$B103)*$G103","v":{"$error":"#VALUE!"}},{"$f":"SUMIFS('[20]WorkDone DATA'!$L:$L,'[20]WorkDone DATA'!$N:$N,BOQ!BR$6,'[20]WorkDone DATA'!$G:$G,BOQ!$B103)*$G103","v":{"$error":"#VALUE!"}},{"$f":"SUMIFS('[20]WorkDone DATA'!$L:$L,'[20]WorkDone DATA'!$N:$N,BOQ!BS$6,'[20]WorkDone DATA'!$G:$G,BOQ!$B103)*$G103","v":{"$error":"#VALUE!"}},{"$f":"SUMIFS('[20]WorkDone DATA'!$L:$L,'[20]WorkDone DATA'!$N:$N,BOQ!BT$6,'[20]WorkDone DATA'!$G:$G,BOQ!$B103)*$G103","v":{"$error":"#VALUE!"}},{"$f":"SUMIFS('[20]WorkDone DATA'!$L:$L,'[20]WorkDone DATA'!$N:$N,BOQ!BU$6,'[20]WorkDone DATA'!$G:$G,BOQ!$B103)*$G103","v":{"$error":"#VALUE!"}},{"$f":"SUMIFS('[20]WorkDone DATA'!$L:$L,'[20]WorkDone DATA'!$N:$N,BOQ!BV$6,'[20]WorkDone DATA'!$G:$G,BOQ!$B103)*$G103","v":{"$error":"#VALUE!"}},{"$f":"SUMIFS('[20]WorkDone DATA'!$L:$L,'[20]WorkDone DATA'!$N:$N,BOQ!BW$6,'[20]WorkDone DATA'!$G:$G,BOQ!$B103)*$G103","v":{"$error":"#VALUE!"}},{"$f":"SUMIFS('[20]WorkDone DATA'!$L:$L,'[20]WorkDone DATA'!$N:$N,BOQ!BX$6,'[20]WorkDone DATA'!$G:$G,BOQ!$B103)*$G103","v":{"$error":"#VALUE!"}}]
[null,null,"Supports for installed MV cables",{"$nulls":4},0,{"$nulls":3},{"$error":"#VALUE!"},{"$error":"#VALUE!"},null,0,{"$error":"#VALUE!"},null,{"$f":"SUMIFS('[20]WorkDone DATA'!$L:$L,'[20]WorkDone DATA'!$N:$N,BOQ!S$6,'[20]WorkDone DATA'!$G:$G,BOQ!$B104)","v":{"$error":"#VALUE!"}},{"$error":"#VALUE!"},{"$f":"SUMIFS('[20]WorkDone DATA'!$L:$L,'[20]WorkDone DATA'!$N:$N,BOQ!U$6,'[20]WorkDone DATA'!$G:$G,BOQ!$B104)","v":{"$error":"#VALUE!"}},{"$error":"#VALUE!"},null,{"$f":"SUMIFS('[20]WorkDone DATA'!$L:$L,'[20]WorkDone DATA'!$N:$N,BOQ!W$6,'[20]WorkDone DATA'!$G:$G,BOQ!$B104)*$G104","v":{"$error":"#VALUE!"}},null,{"$f":"SUMIFS('[20]WorkDone DATA'!$L:$L,'[20]WorkDone DATA'!$N:$N,BOQ!Y$6,'[20]WorkDone DATA'!$G:$G,BOQ!$B104)*$G104","v":{"$error":"#VALUE!"}},null,{"$f":"SUMIFS('[20]WorkDone DATA'!$L:$L,'[20]WorkDone DATA'!$N:$N,BOQ!AA$6,'[20]WorkDone DATA'!$G:$G,BOQ!$B104)*$G104","v":{"$error":"#VALUE!"}},{"$f":"SUMIFS('[20]WorkDone DATA'!$L:$L,'[20]WorkDone DATA'!$N:$N,BOQ!AB$6,'[20]WorkDone DATA'!$G:$G,BOQ!$B104)*$G104","v":{"$error":"#VALUE!"}},{"$f":"SUMIFS('[20]WorkDone DATA'!$L:$L,'[20]WorkDone DATA'!$N:$N,BOQ!AC$6,'[20]WorkDone DATA'!$G:$G,BOQ!$B104)*$G104","v":{"$error":"#VALUE!"}},{"$f":"SUMIFS('[20]WorkDone DATA'!$L:$L,'[20]WorkDone DATA'!$N:$N,BOQ!AD$6,'[20]WorkDone DATA'!$G:$G,BOQ!$B104)*$G104","v":{"$error":"#VALUE!"}},{"$f":"SUMIFS('[20]WorkDone DATA'!$L:$L,'[20]WorkDone DATA'!$N:$N,BOQ!AE$6,'[20]WorkDone DATA'!$G:$G,BOQ!$B104)*$G104","v":{"$error":"#VALUE!"}},{"$f":"SUMIFS('[20]WorkDone DATA'!$L:$L,'[20]WorkDone DATA'!$N:$N,BOQ!AF$6,'[20]WorkDone DATA'!$G:$G,BOQ!$B104)*$G104","v":{"$error":"#VALUE!"}},{"$f":"SUMIFS('[20]WorkDone DATA'!$L:$L,'[20]WorkDone DATA'!$N:$N,BOQ!AG$6,'[20]WorkDone DATA'!$G:$G,BOQ!$B104)*$G104","v":{"$error":"#VALUE!"}},{"$f":"SUMIFS('[20]WorkDone DATA'!$L:$L,'[20]WorkDone DATA'!$N:$N,BOQ!AH$6,'[20]WorkDone DATA'!$G:$G,BOQ!$B104)*$G104","v":{"$error":"#VALUE!"}},{"$f":"SUMIFS('[20]WorkDone DATA'!$L:$L,'[20]WorkDone DATA'!$N:$N,BOQ!AI$6,'[20]WorkDone DATA'!$G:$G,BOQ!$B104)*$G104","v":{"$error":"#VALUE!"}},{"$f":"SUMIFS('[20]WorkDone DATA'!$L:$L,'[20]WorkDone DATA'!$N:$N,BOQ!AJ$6,'[20]WorkDone DATA'!$G:$G,BOQ!$B104)*$G104","v":{"$error":"#VALUE!"}},{"$f":"SUMIFS('[20]WorkDone DATA'!$L:$L,'[20]WorkDone DATA'!$N:$N,BOQ!AK$6,'[20]WorkDone DATA'!$G:$G,BOQ!$B104)*$G104","v":{"$error":"#VALUE!"}},{"$f":"SUMIFS('[20]WorkDone DATA'!$L:$L,'[20]WorkDone DATA'!$N:$N,BOQ!AL$6,'[20]WorkDone DATA'!$G:$G,BOQ!$B104)*$G104","v":{"$error":"#VALUE!"}},{"$f":"SUMIFS('[20]WorkDone DATA'!$L:$L,'[20]WorkDone DATA'!$N:$N,BOQ!AM$6,'[20]WorkDone DATA'!$G:$G,BOQ!$B104)*$G104","v":{"$error":"#VALUE!"}},{"$f":"SUMIFS('[20]WorkDone DATA'!$L:$L,'[20]WorkDone DATA'!$N:$N,BOQ!AN$6,'[20]WorkDone DATA'!$G:$G,BOQ!$B104)*$G104","v":{"$error":"#VALUE!"}},{"$f":"SUMIFS('[20]WorkDone DATA'!$L:$L,'[20]WorkDone DATA'!$N:$N,BOQ!AO$6,'[20]WorkDone DATA'!$G:$G,BOQ!$B104)*$G104","v":{"$error":"#VALUE!"}},{"$f":"SUMIFS('[20]WorkDone DATA'!$L:$L,'[20]WorkDone DATA'!$N:$N,BOQ!AP$6,'[20]WorkDone DATA'!$G:$G,BOQ!$B104)*$G104","v":{"$error":"#VALUE!"}},{"$f":"SUMIFS('[20]WorkDone DATA'!$L:$L,'[20]WorkDone DATA'!$N:$N,BOQ!AQ$6,'[20]WorkDone DATA'!$G:$G,BOQ!$B104)*$G104","v":{"$error":"#VALUE!"}},{"$f":"SUMIFS('[20]WorkDone DATA'!$L:$L,'[20]WorkDone DATA'!$N:$N,BOQ!AR$6,'[20]WorkDone DATA'!$G:$G,BOQ!$B104)*$G104","v":{"$error":"#VALUE!"}},{"$f":"SUMIFS('[20]WorkDone DATA'!$L:$L,'[20]WorkDone DATA'!$N:$N,BOQ!AS$6,'[20]WorkDone DATA'!$G:$G,BOQ!$B104)*$G104","v":{"$error":"#VALUE!"}},{"$f":"SUMIFS('[20]WorkDone DATA'!$L:$L,'[20]WorkDone DATA'!$N:$N,BOQ!AT$6,'[20]WorkDone DATA'!$G:$G,BOQ!$B104)*$G104","v":{"$error":"#VALUE!"}},{"$f":"SUMIFS('[20]WorkDone DATA'!$L:$L,'[20]WorkDone DATA'!$N:$N,BOQ!AU$6,'[20]WorkDone DATA'!$G:$G,BOQ!$B104)*$G104","v":{"$error":"#VALUE!"}},{"$f":"SUMIFS('[20]WorkDone DATA'!$L:$L,'[20]WorkDone DATA'!$N:$N,BOQ!AV$6,'[20]WorkDone DATA'!$G:$G,BOQ!$B104)*$G104","v":{"$error":"#VALUE!"}},{"$f":"SUMIFS('[20]WorkDone DATA'!$L:$L,'[20]WorkDone DATA'!$N:$N,BOQ!AW$6,'[20]WorkDone DATA'!$G:$G,BOQ!$B104)*$G104","v":{"$error":"#VALUE!"}},{"$f":"SUMIFS('[20]WorkDone DATA'!$L:$L,'[20]WorkDone DATA'!$N:$N,BOQ!AX$6,'[20]WorkDone DATA'!$G:$G,BOQ!$B104)*$G104","v":{"$error":"#VALUE!"}},{"$f":"SUMIFS('[20]WorkDone DATA'!$L:$L,'[20]WorkDone DATA'!$N:$N,BOQ!AY$6,'[20]WorkDone DATA'!$G:$G,BOQ!$B104)*$G104","v":{"$error":"#VALUE!"}},{"$f":"SUMIFS('[20]WorkDone DATA'!$L:$L,'[20]WorkDone DATA'!$N:$N,BOQ!AZ$6,'[20]WorkDone DATA'!$G:$G,BOQ!$B104)*$G104","v":{"$error":"#VALUE!"}},{"$f":"SUMIFS('[20]WorkDone DATA'!$L:$L,'[20]WorkDone DATA'!$N:$N,BOQ!BA$6,'[20]WorkDone DATA'!$G:$G,BOQ!$B104)*$G104","v":{"$error":"#VALUE!"}},{"$f":"SUMIFS('[20]WorkDone DATA'!$L:$L,'[20]WorkDone DATA'!$N:$N,BOQ!BB$6,'[20]WorkDone DATA'!$G:$G,BOQ!$B104)*$G104","v":{"$error":"#VALUE!"}},{"$f":"SUMIFS('[20]WorkDone DATA'!$L:$L,'[20]WorkDone DATA'!$N:$N,BOQ!BC$6,'[20]WorkDone DATA'!$G:$G,BOQ!$B104)*$G104","v":{"$error":"#VALUE!"}},{"$f":"SUMIFS('[20]WorkDone DATA'!$L:$L,'[20]WorkDone DATA'!$N:$N,BOQ!BD$6,'[20]WorkDone DATA'!$G:$G,BOQ!$B104)*$G104","v":{"$error":"#VALUE!"}},{"$f":"SUMIFS('[20]WorkDone DATA'!$L:$L,'[20]WorkDone DATA'!$N:$N,BOQ!BE$6,'[20]WorkDone DATA'!$G:$G,BOQ!$B104)*$G104","v":{"$error":"#VALUE!"}},{"$f":"SUMIFS('[20]WorkDone DATA'!$L:$L,'[20]WorkDone DATA'!$N:$N,BOQ!BF$6,'[20]WorkDone DATA'!$G:$G,BOQ!$B104)*$G104","v":{"$error":"#VALUE!"}},{"$f":"SUMIFS('[20]WorkDone DATA'!$L:$L,'[20]WorkDone DATA'!$N:$N,BOQ!BG$6,'[20]WorkDone DATA'!$G:$G,BOQ!$B104)*$G104","v":{"$error":"#VALUE!"}},{"$f":"SUMIFS('[20]WorkDone DATA'!$L:$L,'[20]WorkDone DATA'!$N:$N,BOQ!BH$6,'[20]WorkDone DATA'!$G:$G,BOQ!$B104)*$G104","v":{"$error":"#VALUE!"}},{"$f":"SUMIFS('[20]WorkDone DATA'!$L:$L,'[20]WorkDone DATA'!$N:$N,BOQ!BI$6,'[20]WorkDone DATA'!$G:$G,BOQ!$B104)*$G104","v":{"$error":"#VALUE!"}},{"$f":"SUMIFS('[20]WorkDone DATA'!$L:$L,'[20]WorkDone DATA'!$N:$N,BOQ!BJ$6,'[20]WorkDone DATA'!$G:$G,BOQ!$B104)*$G104","v":{"$error":"#VALUE!"}},{"$f":"SUMIFS('[20]WorkDone DATA'!$L:$L,'[20]WorkDone DATA'!$N:$N,BOQ!BK$6,'[20]WorkDone DATA'!$G:$G,BOQ!$B104)*$G104","v":{"$error":"#VALUE!"}},{"$f":"SUMIFS('[20]WorkDone DATA'!$L:$L,'[20]WorkDone DATA'!$N:$N,BOQ!BL$6,'[20]WorkDone DATA'!$G:$G,BOQ!$B104)*$G104","v":{"$error":"#VALUE!"}},{"$f":"SUMIFS('[20]WorkDone DATA'!$L:$L,'[20]WorkDone DATA'!$N:$N,BOQ!BM$6,'[20]WorkDone DATA'!$G:$G,BOQ!$B104)*$G104","v":{"$error":"#VALUE!"}},{"$f":"SUMIFS('[20]WorkDone DATA'!$L:$L,'[20]WorkDone DATA'!$N:$N,BOQ!BN$6,'[20]WorkDone DATA'!$G:$G,BOQ!$B104)*$G104","v":{"$error":"#VALUE!"}},{"$f":"SUMIFS('[20]WorkDone DATA'!$L:$L,'[20]WorkDone DATA'!$N:$N,BOQ!BO$6,'[20]WorkDone DATA'!$G:$G,BOQ!$B104)*$G104","v":{"$error":"#VALUE!"}},{"$f":"SUMIFS('[20]WorkDone DATA'!$L:$L,'[20]WorkDone DATA'!$N:$N,BOQ!BP$6,'[20]WorkDone DATA'!$G:$G,BOQ!$B104)*$G104","v":{"$error":"#VALUE!"}},{"$f":"SUMIFS('[20]WorkDone DATA'!$L:$L,'[20]WorkDone DATA'!$N:$N,BOQ!BQ$6,'[20]WorkDone DATA'!$G:$G,BOQ!$B104)*$G104","v":{"$error":"#VALUE!"}},{"$f":"SUMIFS('[20]WorkDone DATA'!$L:$L,'[20]WorkDone DATA'!$N:$N,BOQ!BR$6,'[20]WorkDone DATA'!$G:$G,BOQ!$B104)*$G104","v":{"$error":"#VALUE!"}},{"$f":"SUMIFS('[20]WorkDone DATA'!$L:$L,'[20]WorkDone DATA'!$N:$N,BOQ!BS$6,'[20]WorkDone DATA'!$G:$G,BOQ!$B104)*$G104","v":{"$error":"#VALUE!"}},{"$f":"SUMIFS('[20]WorkDone DATA'!$L:$L,'[20]WorkDone DATA'!$N:$N,BOQ!BT$6,'[20]WorkDone DATA'!$G:$G,BOQ!$B104)*$G104","v":{"$error":"#VALUE!"}},{"$f":"SUMIFS('[20]WorkDone DATA'!$L:$L,'[20]WorkDone DATA'!$N:$N,BOQ!BU$6,'[20]WorkDone DATA'!$G:$G,BOQ!$B104)*$G104","v":{"$error":"#VALUE!"}},{"$f":"SUMIFS('[20]WorkDone DATA'!$L:$L,'[20]WorkDone DATA'!$N:$N,BOQ!BV$6,'[20]WorkDone DATA'!$G:$G,BOQ!$B104)*$G104","v":{"$error":"#VALUE!"}},{"$f":"SUMIFS('[20]WorkDone DATA'!$L:$L,'[20]WorkDone DATA'!$N:$N,BOQ!BW$6,'[20]WorkDone DATA'!$G:$G,BOQ!$B104)*$G104","v":{"$error":"#VALUE!"}},{"$f":"SUMIFS('[20]WorkDone DATA'!$L:$L,'[20]WorkDone DATA'!$N:$N,BOQ!BX$6,'[20]WorkDone DATA'!$G:$G,BOQ!$B104)*$G104","v":{"$error":"#VALUE!"}}]
[{"$f":"C105","v":"Cleats and support steel"},2.049,"Cleats and support steel","C","no",{"v":4294.400000000001,"d":"4294"},911.37,{"v":3913787.3280000007,"d":"3,913,787.33"},null,null,{"$error":"#VALUE!"},{"$error":"#VALUE!"},{"$error":"#VALUE!"},null,{"$error":"#VALUE!"},{"$error":"#VALUE!"},null,{"$f":"SUMIFS('[20]WorkDone DATA'!$L:$L,'[20]WorkDone DATA'!$N:$N,BOQ!S$6,'[20]WorkDone DATA'!$G:$G,BOQ!$B105)","v":{"$error":"#VALUE!"}},{"$error":"#VALUE!"},{"$f":"SUMIFS('[20]WorkDone DATA'!$L:$L,'[20]WorkDone DATA'!$N:$N,BOQ!U$6,'[20]WorkDone DATA'!$G:$G,BOQ!$B105)","v":{"$error":"#VALUE!"}},{"$error":"#VALUE!"},null,{"$f":"SUMIFS('[20]WorkDone DATA'!$L:$L,'[20]WorkDone DATA'!$N:$N,BOQ!W$6,'[20]WorkDone DATA'!$G:$G,BOQ!$B105)*$G105","v":{"$error":"#VALUE!"}},null,{"$f":"SUMIFS('[20]WorkDone DATA'!$L:$L,'[20]WorkDone DATA'!$N:$N,BOQ!Y$6,'[20]WorkDone DATA'!$G:$G,BOQ!$B105)*$G105","v":{"$error":"#VALUE!"}},null,{"$f":"SUMIFS('[20]WorkDone DATA'!$L:$L,'[20]WorkDone DATA'!$N:$N,BOQ!AA$6,'[20]WorkDone DATA'!$G:$G,BOQ!$B105)*$G105","v":{"$error":"#VALUE!"}},{"$f":"SUMIFS('[20]WorkDone DATA'!$L:$L,'[20]WorkDone DATA'!$N:$N,BOQ!AB$6,'[20]WorkDone DATA'!$G:$G,BOQ!$B105)*$G105","v":{"$error":"#VALUE!"}},{"$f":"SUMIFS('[20]WorkDone DATA'!$L:$L,'[20]WorkDone DATA'!$N:$N,BOQ!AC$6,'[20]WorkDone DATA'!$G:$G,BOQ!$B105)*$G105","v":{"$error":"#VALUE!"}},{"$f":"SUMIFS('[20]WorkDone DATA'!$L:$L,'[20]WorkDone DATA'!$N:$N,BOQ!AD$6,'[20]WorkDone DATA'!$G:$G,BOQ!$B105)*$G105","v":{"$error":"#VALUE!"}},{"$f":"SUMIFS('[20]WorkDone DATA'!$L:$L,'[20]WorkDone DATA'!$N:$N,BOQ!AE$6,'[20]WorkDone DATA'!$G:$G,BOQ!$B105)*$G105","v":{"$error":"#VALUE!"}},{"$f":"SUMIFS('[20]WorkDone DATA'!$L:$L,'[20]WorkDone DATA'!$N:$N,BOQ!AF$6,'[20]WorkDone DATA'!$G:$G,BOQ!$B105)*$G105","v":{"$error":"#VALUE!"}},{"$f":"SUMIFS('[20]WorkDone DATA'!$L:$L,'[20]WorkDone DATA'!$N:$N,BOQ!AG$6,'[20]WorkDone DATA'!$G:$G,BOQ!$B105)*$G105","v":{"$error":"#VALUE!"}},{"$f":"SUMIFS('[20]WorkDone DATA'!$L:$L,'[20]WorkDone DATA'!$N:$N,BOQ!AH$6,'[20]WorkDone DATA'!$G:$G,BOQ!$B105)*$G105","v":{"$error":"#VALUE!"}},{"$f":"SUMIFS('[20]WorkDone DATA'!$L:$L,'[20]WorkDone DATA'!$N:$N,BOQ!AI$6,'[20]WorkDone DATA'!$G:$G,BOQ!$B105)*$G105","v":{"$error":"#VALUE!"}},{"$f":"SUMIFS('[20]WorkDone DATA'!$L:$L,'[20]WorkDone DATA'!$N:$N,BOQ!AJ$6,'[20]WorkDone DATA'!$G:$G,BOQ!$B105)*$G105","v":{"$error":"#VALUE!"}},{"$f":"SUMIFS('[20]WorkDone DATA'!$L:$L,'[20]WorkDone DATA'!$N:$N,BOQ!AK$6,'[20]WorkDone DATA'!$G:$G,BOQ!$B105)*$G105","v":{"$error":"#VALUE!"}},{"$f":"SUMIFS('[20]WorkDone DATA'!$L:$L,'[20]WorkDone DATA'!$N:$N,BOQ!AL$6,'[20]WorkDone DATA'!$G:$G,BOQ!$B105)*$G105","v":{"$error":"#VALUE!"}},{"$f":"SUMIFS('[20]WorkDone DATA'!$L:$L,'[20]WorkDone DATA'!$N:$N,BOQ!AM$6,'[20]WorkDone DATA'!$G:$G,BOQ!$B105)*$G105","v":{"$error":"#VALUE!"}},{"$f":"SUMIFS('[20]WorkDone DATA'!$L:$L,'[20]WorkDone DATA'!$N:$N,BOQ!AN$6,'[20]WorkDone DATA'!$G:$G,BOQ!$B105)*$G105","v":{"$error":"#VALUE!"}},{"$f":"SUMIFS('[20]WorkDone DATA'!$L:$L,'[20]WorkDone DATA'!$N:$N,BOQ!AO$6,'[20]WorkDone DATA'!$G:$G,BOQ!$B105)*$G105","v":{"$error":"#VALUE!"}},{"$f":"SUMIFS('[20]WorkDone DATA'!$L:$L,'[20]WorkDone DATA'!$N:$N,BOQ!AP$6,'[20]WorkDone DATA'!$G:$G,BOQ!$B105)*$G105","v":{"$error":"#VALUE!"}},{"$f":"SUMIFS('[20]WorkDone DATA'!$L:$L,'[20]WorkDone DATA'!$N:$N,BOQ!AQ$6,'[20]WorkDone DATA'!$G:$G,BOQ!$B105)*$G105","v":{"$error":"#VALUE!"}},{"$f":"SUMIFS('[20]WorkDone DATA'!$L:$L,'[20]WorkDone DATA'!$N:$N,BOQ!AR$6,'[20]WorkDone DATA'!$G:$G,BOQ!$B105)*$G105","v":{"$error":"#VALUE!"}},{"$f":"SUMIFS('[20]WorkDone DATA'!$L:$L,'[20]WorkDone DATA'!$N:$N,BOQ!AS$6,'[20]WorkDone DATA'!$G:$G,BOQ!$B105)*$G105","v":{"$error":"#VALUE!"}},{"$f":"SUMIFS('[20]WorkDone DATA'!$L:$L,'[20]WorkDone DATA'!$N:$N,BOQ!AT$6,'[20]WorkDone DATA'!$G:$G,BOQ!$B105)*$G105","v":{"$error":"#VALUE!"}},{"$f":"SUMIFS('[20]WorkDone DATA'!$L:$L,'[20]WorkDone DATA'!$N:$N,BOQ!AU$6,'[20]WorkDone DATA'!$G:$G,BOQ!$B105)*$G105","v":{"$error":"#VALUE!"}},{"$f":"SUMIFS('[20]WorkDone DATA'!$L:$L,'[20]WorkDone DATA'!$N:$N,BOQ!AV$6,'[20]WorkDone DATA'!$G:$G,BOQ!$B105)*$G105","v":{"$error":"#VALUE!"}},{"$f":"SUMIFS('[20]WorkDone DATA'!$L:$L,'[20]WorkDone DATA'!$N:$N,BOQ!AW$6,'[20]WorkDone DATA'!$G:$G,BOQ!$B105)*$G105","v":{"$error":"#VALUE!"}},{"$f":"SUMIFS('[20]WorkDone DATA'!$L:$L,'[20]WorkDone DATA'!$N:$N,BOQ!AX$6,'[20]WorkDone DATA'!$G:$G,BOQ!$B105)*$G105","v":{"$error":"#VALUE!"}},{"$f":"SUMIFS('[20]WorkDone DATA'!$L:$L,'[20]WorkDone DATA'!$N:$N,BOQ!AY$6,'[20]WorkDone DATA'!$G:$G,BOQ!$B105)*$G105","v":{"$error":"#VALUE!"}},{"$f":"SUMIFS('[20]WorkDone DATA'!$L:$L,'[20]WorkDone DATA'!$N:$N,BOQ!AZ$6,'[20]WorkDone DATA'!$G:$G,BOQ!$B105)*$G105","v":{"$error":"#VALUE!"}},{"$f":"SUMIFS('[20]WorkDone DATA'!$L:$L,'[20]WorkDone DATA'!$N:$N,BOQ!BA$6,'[20]WorkDone DATA'!$G:$G,BOQ!$B105)*$G105","v":{"$error":"#VALUE!"}},{"$f":"SUMIFS('[20]WorkDone DATA'!$L:$L,'[20]WorkDone DATA'!$N:$N,BOQ!BB$6,'[20]WorkDone DATA'!$G:$G,BOQ!$B105)*$G105","v":{"$error":"#VALUE!"}},{"$f":"SUMIFS('[20]WorkDone DATA'!$L:$L,'[20]WorkDone DATA'!$N:$N,BOQ!BC$6,'[20]WorkDone DATA'!$G:$G,BOQ!$B105)*$G105","v":{"$error":"#VALUE!"}},{"$f":"SUMIFS('[20]WorkDone DATA'!$L:$L,'[20]WorkDone DATA'!$N:$N,BOQ!BD$6,'[20]WorkDone DATA'!$G:$G,BOQ!$B105)*$G105","v":{"$error":"#VALUE!"}},{"$f":"SUMIFS('[20]WorkDone DATA'!$L:$L,'[20]WorkDone DATA'!$N:$N,BOQ!BE$6,'[20]WorkDone DATA'!$G:$G,BOQ!$B105)*$G105","v":{"$error":"#VALUE!"}},{"$f":"SUMIFS('[20]WorkDone DATA'!$L:$L,'[20]WorkDone DATA'!$N:$N,BOQ!BF$6,'[20]WorkDone DATA'!$G:$G,BOQ!$B105)*$G105","v":{"$error":"#VALUE!"}},{"$f":"SUMIFS('[20]WorkDone DATA'!$L:$L,'[20]WorkDone DATA'!$N:$N,BOQ!BG$6,'[20]WorkDone DATA'!$G:$G,BOQ!$B105)*$G105","v":{"$error":"#VALUE!"}},{"$f":"SUMIFS('[20]WorkDone DATA'!$L:$L,'[20]WorkDone DATA'!$N:$N,BOQ!BH$6,'[20]WorkDone DATA'!$G:$G,BOQ!$B105)*$G105","v":{"$error":"#VALUE!"}},{"$f":"SUMIFS('[20]WorkDone DATA'!$L:$L,'[20]WorkDone DATA'!$N:$N,BOQ!BI$6,'[20]WorkDone DATA'!$G:$G,BOQ!$B105)*$G105","v":{"$error":"#VALUE!"}},{"$f":"SUMIFS('[20]WorkDone DATA'!$L:$L,'[20]WorkDone DATA'!$N:$N,BOQ!BJ$6,'[20]WorkDone DATA'!$G:$G,BOQ!$B105)*$G105","v":{"$error":"#VALUE!"}},{"$f":"SUMIFS('[20]WorkDone DATA'!$L:$L,'[20]WorkDone DATA'!$N:$N,BOQ!BK$6,'[20]WorkDone DATA'!$G:$G,BOQ!$B105)*$G105","v":{"$error":"#VALUE!"}},{"$f":"SUMIFS('[20]WorkDone DATA'!$L:$L,'[20]WorkDone DATA'!$N:$N,BOQ!BL$6,'[20]WorkDone DATA'!$G:$G,BOQ!$B105)*$G105","v":{"$error":"#VALUE!"}},{"$f":"SUMIFS('[20]WorkDone DATA'!$L:$L,'[20]WorkDone DATA'!$N:$N,BOQ!BM$6,'[20]WorkDone DATA'!$G:$G,BOQ!$B105)*$G105","v":{"$error":"#VALUE!"}},{"$f":"SUMIFS('[20]WorkDone DATA'!$L:$L,'[20]WorkDone DATA'!$N:$N,BOQ!BN$6,'[20]WorkDone DATA'!$G:$G,BOQ!$B105)*$G105","v":{"$error":"#VALUE!"}},{"$f":"SUMIFS('[20]WorkDone DATA'!$L:$L,'[20]WorkDone DATA'!$N:$N,BOQ!BO$6,'[20]WorkDone DATA'!$G:$G,BOQ!$B105)*$G105","v":{"$error":"#VALUE!"}},{"$f":"SUMIFS('[20]WorkDone DATA'!$L:$L,'[20]WorkDone DATA'!$N:$N,BOQ!BP$6,'[20]WorkDone DATA'!$G:$G,BOQ!$B105)*$G105","v":{"$error":"#VALUE!"}},{"$f":"SUMIFS('[20]WorkDone DATA'!$L:$L,'[20]WorkDone DATA'!$N:$N,BOQ!BQ$6,'[20]WorkDone DATA'!$G:$G,BOQ!$B105)*$G105","v":{"$error":"#VALUE!"}},{"$f":"SUMIFS('[20]WorkDone DATA'!$L:$L,'[20]WorkDone DATA'!$N:$N,BOQ!BR$6,'[20]WorkDone DATA'!$G:$G,BOQ!$B105)*$G105","v":{"$error":"#VALUE!"}},{"$f":"SUMIFS('[20]WorkDone DATA'!$L:$L,'[20]WorkDone DATA'!$N:$N,BOQ!BS$6,'[20]WorkDone DATA'!$G:$G,BOQ!$B105)*$G105","v":{"$error":"#VALUE!"}},{"$f":"SUMIFS('[20]WorkDone DATA'!$L:$L,'[20]WorkDone DATA'!$N:$N,BOQ!BT$6,'[20]WorkDone DATA'!$G:$G,BOQ!$B105)*$G105","v":{"$error":"#VALUE!"}},{"$f":"SUMIFS('[20]WorkDone DATA'!$L:$L,'[20]WorkDone DATA'!$N:$N,BOQ!BU$6,'[20]WorkDone DATA'!$G:$G,BOQ!$B105)*$G105","v":{"$error":"#VALUE!"}},{"$f":"SUMIFS('[20]WorkDone DATA'!$L:$L,'[20]WorkDone DATA'!$N:$N,BOQ!BV$6,'[20]WorkDone DATA'!$G:$G,BOQ!$B105)*$G105","v":{"$error":"#VALUE!"}},{"$f":"SUMIFS('[20]WorkDone DATA'!$L:$L,'[20]WorkDone DATA'!$N:$N,BOQ!BW$6,'[20]WorkDone DATA'!$G:$G,BOQ!$B105)*$G105","v":{"$error":"#VALUE!"}},{"$f":"SUMIFS('[20]WorkDone DATA'!$L:$L,'[20]WorkDone DATA'!$N:$N,BOQ!BX$6,'[20]WorkDone DATA'!$G:$G,BOQ!$B105)*$G105","v":{"$error":"#VALUE!"}}]
[{"$nulls":7},0,{"$nulls":3},{"$error":"#VALUE!"},{"$error":"#VALUE!"},null,0,{"$error":"#VALUE!"},null,{"$f":"SUMIFS('[20]WorkDone DATA'!$L:$L,'[20]WorkDone DATA'!$N:$N,BOQ!S$6,'[20]WorkDone DATA'!$G:$G,BOQ!$B106)","v":{"$error":"#VALUE!"}},{"$error":"#VALUE!"},{"$f":"SUMIFS('[20]WorkDone DATA'!$L:$L,'[20]WorkDone DATA'!$N:$N,BOQ!U$6,'[20]WorkDone DATA'!$G:$G,BOQ!$B106)","v":{"$error":"#VALUE!"}},{"$error":"#VALUE!"},null,{"$f":"SUMIFS('[20]WorkDone DATA'!$L:$L,'[20]WorkDone DATA'!$N:$N,BOQ!W$6,'[20]WorkDone DATA'!$G:$G,BOQ!$B106)*$G106","v":{"$error":"#VALUE!"}},null,{"$f":"SUMIFS('[20]WorkDone DATA'!$L:$L,'[20]WorkDone DATA'!$N:$N,BOQ!Y$6,'[20]WorkDone DATA'!$G:$G,BOQ!$B106)*$G106","v":{"$error":"#VALUE!"}},null,{"$f":"SUMIFS('[20]WorkDone DATA'!$L:$L,'[20]WorkDone DATA'!$N:$N,BOQ!AA$6,'[20]WorkDone DATA'!$G:$G,BOQ!$B106)*$G106","v":{"$error":"#VALUE!"}},{"$f":"SUMIFS('[20]WorkDone DATA'!$L:$L,'[20]WorkDone DATA'!$N:$N,BOQ!AB$6,'[20]WorkDone DATA'!$G:$G,BOQ!$B106)*$G106","v":{"$error":"#VALUE!"}},{"$f":"SUMIFS('[20]WorkDone DATA'!$L:$L,'[20]WorkDone DATA'!$N:$N,BOQ!AC$6,'[20]WorkDone DATA'!$G:$G,BOQ!$B106)*$G106","v":{"$error":"#VALUE!"}},{"$f":"SUMIFS('[20]WorkDone DATA'!$L:$L,'[20]WorkDone DATA'!$N:$N,BOQ!AD$6,'[20]WorkDone DATA'!$G:$G,BOQ!$B106)*$G106","v":{"$error":"#VALUE!"}},{"$f":"SUMIFS('[20]WorkDone DATA'!$L:$L,'[20]WorkDone DATA'!$N:$N,BOQ!AE$6,'[20]WorkDone DATA'!$G:$G,BOQ!$B106)*$G106","v":{"$error":"#VALUE!"}},{"$f":"SUMIFS('[20]WorkDone DATA'!$L:$L,'[20]WorkDone DATA'!$N:$N,BOQ!AF$6,'[20]WorkDone DATA'!$G:$G,BOQ!$B106)*$G106","v":{"$error":"#VALUE!"}},{"$f":"SUMIFS('[20]WorkDone DATA'!$L:$L,'[20]WorkDone DATA'!$N:$N,BOQ!AG$6,'[20]WorkDone DATA'!$G:$G,BOQ!$B106)*$G106","v":{"$error":"#VALUE!"}},{"$f":"SUMIFS('[20]WorkDone DATA'!$L:$L,'[20]WorkDone DATA'!$N:$N,BOQ!AH$6,'[20]WorkDone DATA'!$G:$G,BOQ!$B106)*$G106","v":{"$error":"#VALUE!"}},{"$f":"SUMIFS('[20]WorkDone DATA'!$L:$L,'[20]WorkDone DATA'!$N:$N,BOQ!AI$6,'[20]WorkDone DATA'!$G:$G,BOQ!$B106)*$G106","v":{"$error":"#VALUE!"}},{"$f":"SUMIFS('[20]WorkDone DATA'!$L:$L,'[20]WorkDone DATA'!$N:$N,BOQ!AJ$6,'[20]WorkDone DATA'!$G:$G,BOQ!$B106)*$G106","v":{"$error":"#VALUE!"}},{"$f":"SUMIFS('[20]WorkDone DATA'!$L:$L,'[20]WorkDone DATA'!$N:$N,BOQ!AK$6,'[20]WorkDone DATA'!$G:$G,BOQ!$B106)*$G106","v":{"$error":"#VALUE!"}},{"$f":"SUMIFS('[20]WorkDone DATA'!$L:$L,'[20]WorkDone DATA'!$N:$N,BOQ!AL$6,'[20]WorkDone DATA'!$G:$G,BOQ!$B106)*$G106","v":{"$error":"#VALUE!"}},{"$f":"SUMIFS('[20]WorkDone DATA'!$L:$L,'[20]WorkDone DATA'!$N:$N,BOQ!AM$6,'[20]WorkDone DATA'!$G:$G,BOQ!$B106)*$G106","v":{"$error":"#VALUE!"}},{"$f":"SUMIFS('[20]WorkDone DATA'!$L:$L,'[20]WorkDone DATA'!$N:$N,BOQ!AN$6,'[20]WorkDone DATA'!$G:$G,BOQ!$B106)*$G106","v":{"$error":"#VALUE!"}},{"$f":"SUMIFS('[20]WorkDone DATA'!$L:$L,'[20]WorkDone DATA'!$N:$N,BOQ!AO$6,'[20]WorkDone DATA'!$G:$G,BOQ!$B106)*$G106","v":{"$error":"#VALUE!"}},{"$f":"SUMIFS('[20]WorkDone DATA'!$L:$L,'[20]WorkDone DATA'!$N:$N,BOQ!AP$6,'[20]WorkDone DATA'!$G:$G,BOQ!$B106)*$G106","v":{"$error":"#VALUE!"}},{"$f":"SUMIFS('[20]WorkDone DATA'!$L:$L,'[20]WorkDone DATA'!$N:$N,BOQ!AQ$6,'[20]WorkDone DATA'!$G:$G,BOQ!$B106)*$G106","v":{"$error":"#VALUE!"}},{"$f":"SUMIFS('[20]WorkDone DATA'!$L:$L,'[20]WorkDone DATA'!$N:$N,BOQ!AR$6,'[20]WorkDone DATA'!$G:$G,BOQ!$B106)*$G106","v":{"$error":"#VALUE!"}},{"$f":"SUMIFS('[20]WorkDone DATA'!$L:$L,'[20]WorkDone DATA'!$N:$N,BOQ!AS$6,'[20]WorkDone DATA'!$G:$G,BOQ!$B106)*$G106","v":{"$error":"#VALUE!"}},{"$f":"SUMIFS('[20]WorkDone DATA'!$L:$L,'[20]WorkDone DATA'!$N:$N,BOQ!AT$6,'[20]WorkDone DATA'!$G:$G,BOQ!$B106)*$G106","v":{"$error":"#VALUE!"}},{"$f":"SUMIFS('[20]WorkDone DATA'!$L:$L,'[20]WorkDone DATA'!$N:$N,BOQ!AU$6,'[20]WorkDone DATA'!$G:$G,BOQ!$B106)*$G106","v":{"$error":"#VALUE!"}},{"$f":"SUMIFS('[20]WorkDone DATA'!$L:$L,'[20]WorkDone DATA'!$N:$N,BOQ!AV$6,'[20]WorkDone DATA'!$G:$G,BOQ!$B106)*$G106","v":{"$error":"#VALUE!"}},{"$f":"SUMIFS('[20]WorkDone DATA'!$L:$L,'[20]WorkDone DATA'!$N:$N,BOQ!AW$6,'[20]WorkDone DATA'!$G:$G,BOQ!$B106)*$G106","v":{"$error":"#VALUE!"}},{"$f":"SUMIFS('[20]WorkDone DATA'!$L:$L,'[20]WorkDone DATA'!$N:$N,BOQ!AX$6,'[20]WorkDone DATA'!$G:$G,BOQ!$B106)*$G106","v":{"$error":"#VALUE!"}},{"$f":"SUMIFS('[20]WorkDone DATA'!$L:$L,'[20]WorkDone DATA'!$N:$N,BOQ!AY$6,'[20]WorkDone DATA'!$G:$G,BOQ!$B106)*$G106","v":{"$error":"#VALUE!"}},{"$f":"SUMIFS('[20]WorkDone DATA'!$L:$L,'[20]WorkDone DATA'!$N:$N,BOQ!AZ$6,'[20]WorkDone DATA'!$G:$G,BOQ!$B106)*$G106","v":{"$error":"#VALUE!"}},{"$f":"SUMIFS('[20]WorkDone DATA'!$L:$L,'[20]WorkDone DATA'!$N:$N,BOQ!BA$6,'[20]WorkDone DATA'!$G:$G,BOQ!$B106)*$G106","v":{"$error":"#VALUE!"}},{"$f":"SUMIFS('[20]WorkDone DATA'!$L:$L,'[20]WorkDone DATA'!$N:$N,BOQ!BB$6,'[20]WorkDone DATA'!$G:$G,BOQ!$B106)*$G106","v":{"$error":"#VALUE!"}},{"$f":"SUMIFS('[20]WorkDone DATA'!$L:$L,'[20]WorkDone DATA'!$N:$N,BOQ!BC$6,'[20]WorkDone DATA'!$G:$G,BOQ!$B106)*$G106","v":{"$error":"#VALUE!"}},{"$f":"SUMIFS('[20]WorkDone DATA'!$L:$L,'[20]WorkDone DATA'!$N:$N,BOQ!BD$6,'[20]WorkDone DATA'!$G:$G,BOQ!$B106)*$G106","v":{"$error":"#VALUE!"}},{"$f":"SUMIFS('[20]WorkDone DATA'!$L:$L,'[20]WorkDone DATA'!$N:$N,BOQ!BE$6,'[20]WorkDone DATA'!$G:$G,BOQ!$B106)*$G106","v":{"$error":"#VALUE!"}},{"$f":"SUMIFS('[20]WorkDone DATA'!$L:$L,'[20]WorkDone DATA'!$N:$N,BOQ!BF$6,'[20]WorkDone DATA'!$G:$G,BOQ!$B106)*$G106","v":{"$error":"#VALUE!"}},{"$f":"SUMIFS('[20]WorkDone DATA'!$L:$L,'[20]WorkDone DATA'!$N:$N,BOQ!BG$6,'[20]WorkDone DATA'!$G:$G,BOQ!$B106)*$G106","v":{"$error":"#VALUE!"}},{"$f":"SUMIFS('[20]WorkDone DATA'!$L:$L,'[20]WorkDone DATA'!$N:$N,BOQ!BH$6,'[20]WorkDone DATA'!$G:$G,BOQ!$B106)*$G106","v":{"$error":"#VALUE!"}},{"$f":"SUMIFS('[20]WorkDone DATA'!$L:$L,'[20]WorkDone DATA'!$N:$N,BOQ!BI$6,'[20]WorkDone DATA'!$G:$G,BOQ!$B106)*$G106","v":{"$error":"#VALUE!"}},{"$f":"SUMIFS('[20]WorkDone DATA'!$L:$L,'[20]WorkDone DATA'!$N:$N,BOQ!BJ$6,'[20]WorkDone DATA'!$G:$G,BOQ!$B106)*$G106","v":{"$error":"#VALUE!"}},{"$f":"SUMIFS('[20]WorkDone DATA'!$L:$L,'[20]WorkDone DATA'!$N:$N,BOQ!BK$6,'[20]WorkDone DATA'!$G:$G,BOQ!$B106)*$G106","v":{"$error":"#VALUE!"}},{"$f":"SUMIFS('[20]WorkDone DATA'!$L:$L,'[20]WorkDone DATA'!$N:$N,BOQ!BL$6,'[20]WorkDone DATA'!$G:$G,BOQ!$B106)*$G106","v":{"$error":"#VALUE!"}},{"$f":"SUMIFS('[20]WorkDone DATA'!$L:$L,'[20]WorkDone DATA'!$N:$N,BOQ!BM$6,'[20]WorkDone DATA'!$G:$G,BOQ!$B106)*$G106","v":{"$error":"#VALUE!"}},{"$f":"SUMIFS('[20]WorkDone DATA'!$L:$L,'[20]WorkDone DATA'!$N:$N,BOQ!BN$6,'[20]WorkDone DATA'!$G:$G,BOQ!$B106)*$G106","v":{"$error":"#VALUE!"}},{"$f":"SUMIFS('[20]WorkDone DATA'!$L:$L,'[20]WorkDone DATA'!$N:$N,BOQ!BO$6,'[20]WorkDone DATA'!$G:$G,BOQ!$B106)*$G106","v":{"$error":"#VALUE!"}},{"$f":"SUMIFS('[20]WorkDone DATA'!$L:$L,'[20]WorkDone DATA'!$N:$N,BOQ!BP$6,'[20]WorkDone DATA'!$G:$G,BOQ!$B106)*$G106","v":{"$error":"#VALUE!"}},{"$f":"SUMIFS('[20]WorkDone DATA'!$L:$L,'[20]WorkDone DATA'!$N:$N,BOQ!BQ$6,'[20]WorkDone DATA'!$G:$G,BOQ!$B106)*$G106","v":{"$error":"#VALUE!"}},{"$f":"SUMIFS('[20]WorkDone DATA'!$L:$L,'[20]WorkDone DATA'!$N:$N,BOQ!BR$6,'[20]WorkDone DATA'!$G:$G,BOQ!$B106)*$G106","v":{"$error":"#VALUE!"}},{"$f":"SUMIFS('[20]WorkDone DATA'!$L:$L,'[20]WorkDone DATA'!$N:$N,BOQ!BS$6,'[20]WorkDone DATA'!$G:$G,BOQ!$B106)*$G106","v":{"$error":"#VALUE!"}},{"$f":"SUMIFS('[20]WorkDone DATA'!$L:$L,'[20]WorkDone DATA'!$N:$N,BOQ!BT$6,'[20]WorkDone DATA'!$G:$G,BOQ!$B106)*$G106","v":{"$error":"#VALUE!"}},{"$f":"SUMIFS('[20]WorkDone DATA'!$L:$L,'[20]WorkDone DATA'!$N:$N,BOQ!BU$6,'[20]WorkDone DATA'!$G:$G,BOQ!$B106)*$G106","v":{"$error":"#VALUE!"}},{"$f":"SUMIFS('[20]WorkDone DATA'!$L:$L,'[20]WorkDone DATA'!$N:$N,BOQ!BV$6,'[20]WorkDone DATA'!$G:$G,BOQ!$B106)*$G106","v":{"$error":"#VALUE!"}},{"$f":"SUMIFS('[20]WorkDone DATA'!$L:$L,'[20]WorkDone DATA'!$N:$N,BOQ!BW$6,'[20]WorkDone DATA'!$G:$G,BOQ!$B106)*$G106","v":{"$error":"#VALUE!"}},{"$f":"SUMIFS('[20]WorkDone DATA'!$L:$L,'[20]WorkDone DATA'!$N:$N,BOQ!BX$6,'[20]WorkDone DATA'!$G:$G,BOQ!$B106)*$G106","v":{"$error":"#VALUE!"}}]
[null,null,"Disconnect and drop cables",{"$nulls":4},0,{"$nulls":3},{"$error":"#VALUE!"},{"$error":"#VALUE!"},null,0,{"$error":"#VALUE!"},null,{"$f":"SUMIFS('[20]WorkDone DATA'!$L:$L,'[20]WorkDone DATA'!$N:$N,BOQ!S$6,'[20]WorkDone DATA'!$G:$G,BOQ!$B107)","v":{"$error":"#VALUE!"}},{"$error":"#VALUE!"},{"$f":"SUMIFS('[20]WorkDone DATA'!$L:$L,'[20]WorkDone DATA'!$N:$N,BOQ!U$6,'[20]WorkDone DATA'!$G:$G,BOQ!$B107)","v":{"$error":"#VALUE!"}},{"$error":"#VALUE!"},null,{"$f":"SUMIFS('[20]WorkDone DATA'!$L:$L,'[20]WorkDone DATA'!$N:$N,BOQ!W$6,'[20]WorkDone DATA'!$G:$G,BOQ!$B107)*$G107","v":{"$error":"#VALUE!"}},null,{"$f":"SUMIFS('[20]WorkDone DATA'!$L:$L,'[20]WorkDone DATA'!$N:$N,BOQ!Y$6,'[20]WorkDone DATA'!$G:$G,BOQ!$B107)*$G107","v":{"$error":"#VALUE!"}},null,{"$f":"SUMIFS('[20]WorkDone DATA'!$L:$L,'[20]WorkDone DATA'!$N:$N,BOQ!AA$6,'[20]WorkDone DATA'!$G:$G,BOQ!$B107)*$G107","v":{"$error":"#VALUE!"}},{"$f":"SUMIFS('[20]WorkDone DATA'!$L:$L,'[20]WorkDone DATA'!$N:$N,BOQ!AB$6,'[20]WorkDone DATA'!$G:$G,BOQ!$B107)*$G107","v":{"$error":"#VALUE!"}},{"$f":"SUMIFS('[20]WorkDone DATA'!$L:$L,'[20]WorkDone DATA'!$N:$N,BOQ!AC$6,'[20]WorkDone DATA'!$G:$G,BOQ!$B107)*$G107","v":{"$error":"#VALUE!"}},{"$f":"SUMIFS('[20]WorkDone DATA'!$L:$L,'[20]WorkDone DATA'!$N:$N,BOQ!AD$6,'[20]WorkDone DATA'!$G:$G,BOQ!$B107)*$G107","v":{"$error":"#VALUE!"}},{"$f":"SUMIFS('[20]WorkDone DATA'!$L:$L,'[20]WorkDone DATA'!$N:$N,BOQ!AE$6,'[20]WorkDone DATA'!$G:$G,BOQ!$B107)*$G107","v":{"$error":"#VALUE!"}},{"$f":"SUMIFS('[20]WorkDone DATA'!$L:$L,'[20]WorkDone DATA'!$N:$N,BOQ!AF$6,'[20]WorkDone DATA'!$G:$G,BOQ!$B107)*$G107","v":{"$error":"#VALUE!"}},{"$f":"SUMIFS('[20]WorkDone DATA'!$L:$L,'[20]WorkDone DATA'!$N:$N,BOQ!AG$6,'[20]WorkDone DATA'!$G:$G,BOQ!$B107)*$G107","v":{"$error":"#VALUE!"}},{"$f":"SUMIFS('[20]WorkDone DATA'!$L:$L,'[20]WorkDone DATA'!$N:$N,BOQ!AH$6,'[20]WorkDone DATA'!$G:$G,BOQ!$B107)*$G107","v":{"$error":"#VALUE!"}},{"$f":"SUMIFS('[20]WorkDone DATA'!$L:$L,'[20]WorkDone DATA'!$N:$N,BOQ!AI$6,'[20]WorkDone DATA'!$G:$G,BOQ!$B107)*$G107","v":{"$error":"#VALUE!"}},{"$f":"SUMIFS('[20]WorkDone DATA'!$L:$L,'[20]WorkDone DATA'!$N:$N,BOQ!AJ$6,'[20]WorkDone DATA'!$G:$G,BOQ!$B107)*$G107","v":{"$error":"#VALUE!"}},{"$f":"SUMIFS('[20]WorkDone DATA'!$L:$L,'[20]WorkDone DATA'!$N:$N,BOQ!AK$6,'[20]WorkDone DATA'!$G:$G,BOQ!$B107)*$G107","v":{"$error":"#VALUE!"}},{"$f":"SUMIFS('[20]WorkDone DATA'!$L:$L,'[20]WorkDone DATA'!$N:$N,BOQ!AL$6,'[20]WorkDone DATA'!$G:$G,BOQ!$B107)*$G107","v":{"$error":"#VALUE!"}},{"$f":"SUMIFS('[20]WorkDone DATA'!$L:$L,'[20]WorkDone DATA'!$N:$N,BOQ!AM$6,'[20]WorkDone DATA'!$G:$G,BOQ!$B107)*$G107","v":{"$error":"#VALUE!"}},{"$f":"SUMIFS('[20]WorkDone DATA'!$L:$L,'[20]WorkDone DATA'!$N:$N,BOQ!AN$6,'[20]WorkDone DATA'!$G:$G,BOQ!$B107)*$G107","v":{"$error":"#VALUE!"}},{"$f":"SUMIFS('[20]WorkDone DATA'!$L:$L,'[20]WorkDone DATA'!$N:$N,BOQ!AO$6,'[20]WorkDone DATA'!$G:$G,BOQ!$B107)*$G107","v":{"$error":"#VALUE!"}},{"$f":"SUMIFS('[20]WorkDone DATA'!$L:$L,'[20]WorkDone DATA'!$N:$N,BOQ!AP$6,'[20]WorkDone DATA'!$G:$G,BOQ!$B107)*$G107","v":{"$error":"#VALUE!"}},{"$f":"SUMIFS('[20]WorkDone DATA'!$L:$L,'[20]WorkDone DATA'!$N:$N,BOQ!AQ$6,'[20]WorkDone DATA'!$G:$G,BOQ!$B107)*$G107","v":{"$error":"#VALUE!"}},{"$f":"SUMIFS('[20]WorkDone DATA'!$L:$L,'[20]WorkDone DATA'!$N:$N,BOQ!AR$6,'[20]WorkDone DATA'!$G:$G,BOQ!$B107)*$G107","v":{"$error":"#VALUE!"}},{"$f":"SUMIFS('[20]WorkDone DATA'!$L:$L,'[20]WorkDone DATA'!$N:$N,BOQ!AS$6,'[20]WorkDone DATA'!$G:$G,BOQ!$B107)*$G107","v":{"$error":"#VALUE!"}},{"$f":"SUMIFS('[20]WorkDone DATA'!$L:$L,'[20]WorkDone DATA'!$N:$N,BOQ!AT$6,'[20]WorkDone DATA'!$G:$G,BOQ!$B107)*$G107","v":{"$error":"#VALUE!"}},{"$f":"SUMIFS('[20]WorkDone DATA'!$L:$L,'[20]WorkDone DATA'!$N:$N,BOQ!AU$6,'[20]WorkDone DATA'!$G:$G,BOQ!$B107)*$G107","v":{"$error":"#VALUE!"}},{"$f":"SUMIFS('[20]WorkDone DATA'!$L:$L,'[20]WorkDone DATA'!$N:$N,BOQ!AV$6,'[20]WorkDone DATA'!$G:$G,BOQ!$B107)*$G107","v":{"$error":"#VALUE!"}},{"$f":"SUMIFS('[20]WorkDone DATA'!$L:$L,'[20]WorkDone DATA'!$N:$N,BOQ!AW$6,'[20]WorkDone DATA'!$G:$G,BOQ!$B107)*$G107","v":{"$error":"#VALUE!"}},{"$f":"SUMIFS('[20]WorkDone DATA'!$L:$L,'[20]WorkDone DATA'!$N:$N,BOQ!AX$6,'[20]WorkDone DATA'!$G:$G,BOQ!$B107)*$G107","v":{"$error":"#VALUE!"}},{"$f":"SUMIFS('[20]WorkDone DATA'!$L:$L,'[20]WorkDone DATA'!$N:$N,BOQ!AY$6,'[20]WorkDone DATA'!$G:$G,BOQ!$B107)*$G107","v":{"$error":"#VALUE!"}},{"$f":"SUMIFS('[20]WorkDone DATA'!$L:$L,'[20]WorkDone DATA'!$N:$N,BOQ!AZ$6,'[20]WorkDone DATA'!$G:$G,BOQ!$B107)*$G107","v":{"$error":"#VALUE!"}},{"$f":"SUMIFS('[20]WorkDone DATA'!$L:$L,'[20]WorkDone DATA'!$N:$N,BOQ!BA$6,'[20]WorkDone DATA'!$G:$G,BOQ!$B107)*$G107","v":{"$error":"#VALUE!"}},{"$f":"SUMIFS('[20]WorkDone DATA'!$L:$L,'[20]WorkDone DATA'!$N:$N,BOQ!BB$6,'[20]WorkDone DATA'!$G:$G,BOQ!$B107)*$G107","v":{"$error":"#VALUE!"}},{"$f":"SUMIFS('[20]WorkDone DATA'!$L:$L,'[20]WorkDone DATA'!$N:$N,BOQ!BC$6,'[20]WorkDone DATA'!$G:$G,BOQ!$B107)*$G107","v":{"$error":"#VALUE!"}},{"$f":"SUMIFS('[20]WorkDone DATA'!$L:$L,'[20]WorkDone DATA'!$N:$N,BOQ!BD$6,'[20]WorkDone DATA'!$G:$G,BOQ!$B107)*$G107","v":{"$error":"#VALUE!"}},{"$f":"SUMIFS('[20]WorkDone DATA'!$L:$L,'[20]WorkDone DATA'!$N:$N,BOQ!BE$6,'[20]WorkDone DATA'!$G:$G,BOQ!$B107)*$G107","v":{"$error":"#VALUE!"}},{"$f":"SUMIFS('[20]WorkDone DATA'!$L:$L,'[20]WorkDone DATA'!$N:$N,BOQ!BF$6,'[20]WorkDone DATA'!$G:$G,BOQ!$B107)*$G107","v":{"$error":"#VALUE!"}},{"$f":"SUMIFS('[20]WorkDone DATA'!$L:$L,'[20]WorkDone DATA'!$N:$N,BOQ!BG$6,'[20]WorkDone DATA'!$G:$G,BOQ!$B107)*$G107","v":{"$error":"#VALUE!"}},{"$f":"SUMIFS('[20]WorkDone DATA'!$L:$L,'[20]WorkDone DATA'!$N:$N,BOQ!BH$6,'[20]WorkDone DATA'!$G:$G,BOQ!$B107)*$G107","v":{"$error":"#VALUE!"}},{"$f":"SUMIFS('[20]WorkDone DATA'!$L:$L,'[20]WorkDone DATA'!$N:$N,BOQ!BI$6,'[20]WorkDone DATA'!$G:$G,BOQ!$B107)*$G107","v":{"$error":"#VALUE!"}},{"$f":"SUMIFS('[20]WorkDone DATA'!$L:$L,'[20]WorkDone DATA'!$N:$N,BOQ!BJ$6,'[20]WorkDone DATA'!$G:$G,BOQ!$B107)*$G107","v":{"$error":"#VALUE!"}},{"$f":"SUMIFS('[20]WorkDone DATA'!$L:$L,'[20]WorkDone DATA'!$N:$N,BOQ!BK$6,'[20]WorkDone DATA'!$G:$G,BOQ!$B107)*$G107","v":{"$error":"#VALUE!"}},{"$f":"SUMIFS('[20]WorkDone DATA'!$L:$L,'[20]WorkDone DATA'!$N:$N,BOQ!BL$6,'[20]WorkDone DATA'!$G:$G,BOQ!$B107)*$G107","v":{"$error":"#VALUE!"}},{"$f":"SUMIFS('[20]WorkDone DATA'!$L:$L,'[20]WorkDone DATA'!$N:$N,BOQ!BM$6,'[20]WorkDone DATA'!$G:$G,BOQ!$B107)*$G107","v":{"$error":"#VALUE!"}},{"$f":"SUMIFS('[20]WorkDone DATA'!$L:$L,'[20]WorkDone DATA'!$N:$N,BOQ!BN$6,'[20]WorkDone DATA'!$G:$G,BOQ!$B107)*$G107","v":{"$error":"#VALUE!"}},{"$f":"SUMIFS('[20]WorkDone DATA'!$L:$L,'[20]WorkDone DATA'!$N:$N,BOQ!BO$6,'[20]WorkDone DATA'!$G:$G,BOQ!$B107)*$G107","v":{"$error":"#VALUE!"}},{"$f":"SUMIFS('[20]WorkDone DATA'!$L:$L,'[20]WorkDone DATA'!$N:$N,BOQ!BP$6,'[20]WorkDone DATA'!$G:$G,BOQ!$B107)*$G107","v":{"$error":"#VALUE!"}},{"$f":"SUMIFS('[20]WorkDone DATA'!$L:$L,'[20]WorkDone DATA'!$N:$N,BOQ!BQ$6,'[20]WorkDone DATA'!$G:$G,BOQ!$B107)*$G107","v":{"$error":"#VALUE!"}},{"$f":"SUMIFS('[20]WorkDone DATA'!$L:$L,'[20]WorkDone DATA'!$N:$N,BOQ!BR$6,'[20]WorkDone DATA'!$G:$G,BOQ!$B107)*$G107","v":{"$error":"#VALUE!"}},{"$f":"SUMIFS('[20]WorkDone DATA'!$L:$L,'[20]WorkDone DATA'!$N:$N,BOQ!BS$6,'[20]WorkDone DATA'!$G:$G,BOQ!$B107)*$G107","v":{"$error":"#VALUE!"}},{"$f":"SUMIFS('[20]WorkDone DATA'!$L:$L,'[20]WorkDone DATA'!$N:$N,BOQ!BT$6,'[20]WorkDone DATA'!$G:$G,BOQ!$B107)*$G107","v":{"$error":"#VALUE!"}},{"$f":"SUMIFS('[20]WorkDone DATA'!$L:$L,'[20]WorkDone DATA'!$N:$N,BOQ!BU$6,'[20]WorkDone DATA'!$G:$G,BOQ!$B107)*$G107","v":{"$error":"#VALUE!"}},{"$f":"SUMIFS('[20]WorkDone DATA'!$L:$L,'[20]WorkDone DATA'!$N:$N,BOQ!BV$6,'[20]WorkDone DATA'!$G:$G,BOQ!$B107)*$G107","v":{"$error":"#VALUE!"}},{"$f":"SUMIFS('[20]WorkDone DATA'!$L:$L,'[20]WorkDone DATA'!$N:$N,BOQ!BW$6,'[20]WorkDone DATA'!$G:$G,BOQ!$B107)*$G107","v":{"$error":"#VALUE!"}},{"$f":"SUMIFS('[20]WorkDone DATA'!$L:$L,'[20]WorkDone DATA'!$N:$N,BOQ!BX$6,'[20]WorkDone DATA'!$G:$G,BOQ!$B107)*$G107","v":{"$error":"#VALUE!"}}]
[null,null,"MV Cables",{"$nulls":4},0,{"$nulls":3},{"$error":"#VALUE!"},{"$error":"#VALUE!"},null,0,{"$error":"#VALUE!"},null,{"$f":"SUMIFS('[20]WorkDone DATA'!$L:$L,'[20]WorkDone DATA'!$N:$N,BOQ!S$6,'[20]WorkDone DATA'!$G:$G,BOQ!$B108)","v":{"$error":"#VALUE!"}},{"$error":"#VALUE!"},{"$f":"SUMIFS('[20]WorkDone DATA'!$L:$L,'[20]WorkDone DATA'!$N:$N,BOQ!U$6,'[20]WorkDone DATA'!$G:$G,BOQ!$B108)","v":{"$error":"#VALUE!"}},{"$error":"#VALUE!"},null,{"$f":"SUMIFS('[20]WorkDone DATA'!$L:$L,'[20]WorkDone DATA'!$N:$N,BOQ!W$6,'[20]WorkDone DATA'!$G:$G,BOQ!$B108)*$G108","v":{"$error":"#VALUE!"}},null,{"$f":"SUMIFS('[20]WorkDone DATA'!$L:$L,'[20]WorkDone DATA'!$N:$N,BOQ!Y$6,'[20]WorkDone DATA'!$G:$G,BOQ!$B108)*$G108","v":{"$error":"#VALUE!"}},null,{"$f":"SUMIFS('[20]WorkDone DATA'!$L:$L,'[20]WorkDone DATA'!$N:$N,BOQ!AA$6,'[20]WorkDone DATA'!$G:$G,BOQ!$B108)*$G108","v":{"$error":"#VALUE!"}},{"$f":"SUMIFS('[20]WorkDone DATA'!$L:$L,'[20]WorkDone DATA'!$N:$N,BOQ!AB$6,'[20]WorkDone DATA'!$G:$G,BOQ!$B108)*$G108","v":{"$error":"#VALUE!"}},{"$f":"SUMIFS('[20]WorkDone DATA'!$L:$L,'[20]WorkDone DATA'!$N:$N,BOQ!AC$6,'[20]WorkDone DATA'!$G:$G,BOQ!$B108)*$G108","v":{"$error":"#VALUE!"}},{"$f":"SUMIFS('[20]WorkDone DATA'!$L:$L,'[20]WorkDone DATA'!$N:$N,BOQ!AD$6,'[20]WorkDone DATA'!$G:$G,BOQ!$B108)*$G108","v":{"$error":"#VALUE!"}},{"$f":"SUMIFS('[20]WorkDone DATA'!$L:$L,'[20]WorkDone DATA'!$N:$N,BOQ!AE$6,'[20]WorkDone DATA'!$G:$G,BOQ!$B108)*$G108","v":{"$error":"#VALUE!"}},{"$f":"SUMIFS('[20]WorkDone DATA'!$L:$L,'[20]WorkDone DATA'!$N:$N,BOQ!AF$6,'[20]WorkDone DATA'!$G:$G,BOQ!$B108)*$G108","v":{"$error":"#VALUE!"}},{"$f":"SUMIFS('[20]WorkDone DATA'!$L:$L,'[20]WorkDone DATA'!$N:$N,BOQ!AG$6,'[20]WorkDone DATA'!$G:$G,BOQ!$B108)*$G108","v":{"$error":"#VALUE!"}},{"$f":"SUMIFS('[20]WorkDone DATA'!$L:$L,'[20]WorkDone DATA'!$N:$N,BOQ!AH$6,'[20]WorkDone DATA'!$G:$G,BOQ!$B108)*$G108","v":{"$error":"#VALUE!"}},{"$f":"SUMIFS('[20]WorkDone DATA'!$L:$L,'[20]WorkDone DATA'!$N:$N,BOQ!AI$6,'[20]WorkDone DATA'!$G:$G,BOQ!$B108)*$G108","v":{"$error":"#VALUE!"}},{"$f":"SUMIFS('[20]WorkDone DATA'!$L:$L,'[20]WorkDone DATA'!$N:$N,BOQ!AJ$6,'[20]WorkDone DATA'!$G:$G,BOQ!$B108)*$G108","v":{"$error":"#VALUE!"}},{"$f":"SUMIFS('[20]WorkDone DATA'!$L:$L,'[20]WorkDone DATA'!$N:$N,BOQ!AK$6,'[20]WorkDone DATA'!$G:$G,BOQ!$B108)*$G108","v":{"$error":"#VALUE!"}},{"$f":"SUMIFS('[20]WorkDone DATA'!$L:$L,'[20]WorkDone DATA'!$N:$N,BOQ!AL$6,'[20]WorkDone DATA'!$G:$G,BOQ!$B108)*$G108","v":{"$error":"#VALUE!"}},{"$f":"SUMIFS('[20]WorkDone DATA'!$L:$L,'[20]WorkDone DATA'!$N:$N,BOQ!AM$6,'[20]WorkDone DATA'!$G:$G,BOQ!$B108)*$G108","v":{"$error":"#VALUE!"}},{"$f":"SUMIFS('[20]WorkDone DATA'!$L:$L,'[20]WorkDone DATA'!$N:$N,BOQ!AN$6,'[20]WorkDone DATA'!$G:$G,BOQ!$B108)*$G108","v":{"$error":"#VALUE!"}},{"$f":"SUMIFS('[20]WorkDone DATA'!$L:$L,'[20]WorkDone DATA'!$N:$N,BOQ!AO$6,'[20]WorkDone DATA'!$G:$G,BOQ!$B108)*$G108","v":{"$error":"#VALUE!"}},{"$f":"SUMIFS('[20]WorkDone DATA'!$L:$L,'[20]WorkDone DATA'!$N:$N,BOQ!AP$6,'[20]WorkDone DATA'!$G:$G,BOQ!$B108)*$G108","v":{"$error":"#VALUE!"}},{"$f":"SUMIFS('[20]WorkDone DATA'!$L:$L,'[20]WorkDone DATA'!$N:$N,BOQ!AQ$6,'[20]WorkDone DATA'!$G:$G,BOQ!$B108)*$G108","v":{"$error":"#VALUE!"}},{"$f":"SUMIFS('[20]WorkDone DATA'!$L:$L,'[20]WorkDone DATA'!$N:$N,BOQ!AR$6,'[20]WorkDone DATA'!$G:$G,BOQ!$B108)*$G108","v":{"$error":"#VALUE!"}},{"$f":"SUMIFS('[20]WorkDone DATA'!$L:$L,'[20]WorkDone DATA'!$N:$N,BOQ!AS$6,'[20]WorkDone DATA'!$G:$G,BOQ!$B108)*$G108","v":{"$error":"#VALUE!"}},{"$f":"SUMIFS('[20]WorkDone DATA'!$L:$L,'[20]WorkDone DATA'!$N:$N,BOQ!AT$6,'[20]WorkDone DATA'!$G:$G,BOQ!$B108)*$G108","v":{"$error":"#VALUE!"}},{"$f":"SUMIFS('[20]WorkDone DATA'!$L:$L,'[20]WorkDone DATA'!$N:$N,BOQ!AU$6,'[20]WorkDone DATA'!$G:$G,BOQ!$B108)*$G108","v":{"$error":"#VALUE!"}},{"$f":"SUMIFS('[20]WorkDone DATA'!$L:$L,'[20]WorkDone DATA'!$N:$N,BOQ!AV$6,'[20]WorkDone DATA'!$G:$G,BOQ!$B108)*$G108","v":{"$error":"#VALUE!"}},{"$f":"SUMIFS('[20]WorkDone DATA'!$L:$L,'[20]WorkDone DATA'!$N:$N,BOQ!AW$6,'[20]WorkDone DATA'!$G:$G,BOQ!$B108)*$G108","v":{"$error":"#VALUE!"}},{"$f":"SUMIFS('[20]WorkDone DATA'!$L:$L,'[20]WorkDone DATA'!$N:$N,BOQ!AX$6,'[20]WorkDone DATA'!$G:$G,BOQ!$B108)*$G108","v":{"$error":"#VALUE!"}},{"$f":"SUMIFS('[20]WorkDone DATA'!$L:$L,'[20]WorkDone DATA'!$N:$N,BOQ!AY$6,'[20]WorkDone DATA'!$G:$G,BOQ!$B108)*$G108","v":{"$error":"#VALUE!"}},{"$f":"SUMIFS('[20]WorkDone DATA'!$L:$L,'[20]WorkDone DATA'!$N:$N,BOQ!AZ$6,'[20]WorkDone DATA'!$G:$G,BOQ!$B108)*$G108","v":{"$error":"#VALUE!"}},{"$f":"SUMIFS('[20]WorkDone DATA'!$L:$L,'[20]WorkDone DATA'!$N:$N,BOQ!BA$6,'[20]WorkDone DATA'!$G:$G,BOQ!$B108)*$G108","v":{"$error":"#VALUE!"}},{"$f":"SUMIFS('[20]WorkDone DATA'!$L:$L,'[20]WorkDone DATA'!$N:$N,BOQ!BB$6,'[20]WorkDone DATA'!$G:$G,BOQ!$B108)*$G108","v":{"$error":"#VALUE!"}},{"$f":"SUMIFS('[20]WorkDone DATA'!$L:$L,'[20]WorkDone DATA'!$N:$N,BOQ!BC$6,'[20]WorkDone DATA'!$G:$G,BOQ!$B108)*$G108","v":{"$error":"#VALUE!"}},{"$f":"SUMIFS('[20]WorkDone DATA'!$L:$L,'[20]WorkDone DATA'!$N:$N,BOQ!BD$6,'[20]WorkDone DATA'!$G:$G,BOQ!$B108)*$G108","v":{"$error":"#VALUE!"}},{"$f":"SUMIFS('[20]WorkDone DATA'!$L:$L,'[20]WorkDone DATA'!$N:$N,BOQ!BE$6,'[20]WorkDone DATA'!$G:$G,BOQ!$B108)*$G108","v":{"$error":"#VALUE!"}},{"$f":"SUMIFS('[20]WorkDone DATA'!$L:$L,'[20]WorkDone DATA'!$N:$N,BOQ!BF$6,'[20]WorkDone DATA'!$G:$G,BOQ!$B108)*$G108","v":{"$error":"#VALUE!"}},{"$f":"SUMIFS('[20]WorkDone DATA'!$L:$L,'[20]WorkDone DATA'!$N:$N,BOQ!BG$6,'[20]WorkDone DATA'!$G:$G,BOQ!$B108)*$G108","v":{"$error":"#VALUE!"}},{"$f":"SUMIFS('[20]WorkDone DATA'!$L:$L,'[20]WorkDone DATA'!$N:$N,BOQ!BH$6,'[20]WorkDone DATA'!$G:$G,BOQ!$B108)*$G108","v":{"$error":"#VALUE!"}},{"$f":"SUMIFS('[20]WorkDone DATA'!$L:$L,'[20]WorkDone DATA'!$N:$N,BOQ!BI$6,'[20]WorkDone DATA'!$G:$G,BOQ!$B108)*$G108","v":{"$error":"#VALUE!"}},{"$f":"SUMIFS('[20]WorkDone DATA'!$L:$L,'[20]WorkDone DATA'!$N:$N,BOQ!BJ$6,'[20]WorkDone DATA'!$G:$G,BOQ!$B108)*$G108","v":{"$error":"#VALUE!"}},{"$f":"SUMIFS('[20]WorkDone DATA'!$L:$L,'[20]WorkDone DATA'!$N:$N,BOQ!BK$6,'[20]WorkDone DATA'!$G:$G,BOQ!$B108)*$G108","v":{"$error":"#VALUE!"}},{"$f":"SUMIFS('[20]WorkDone DATA'!$L:$L,'[20]WorkDone DATA'!$N:$N,BOQ!BL$6,'[20]WorkDone DATA'!$G:$G,BOQ!$B108)*$G108","v":{"$error":"#VALUE!"}},{"$f":"SUMIFS('[20]WorkDone DATA'!$L:$L,'[20]WorkDone DATA'!$N:$N,BOQ!BM$6,'[20]WorkDone DATA'!$G:$G,BOQ!$B108)*$G108","v":{"$error":"#VALUE!"}},{"$f":"SUMIFS('[20]WorkDone DATA'!$L:$L,'[20]WorkDone DATA'!$N:$N,BOQ!BN$6,'[20]WorkDone DATA'!$G:$G,BOQ!$B108)*$G108","v":{"$error":"#VALUE!"}},{"$f":"SUMIFS('[20]WorkDone DATA'!$L:$L,'[20]WorkDone DATA'!$N:$N,BOQ!BO$6,'[20]WorkDone DATA'!$G:$G,BOQ!$B108)*$G108","v":{"$error":"#VALUE!"}},{"$f":"SUMIFS('[20]WorkDone DATA'!$L:$L,'[20]WorkDone DATA'!$N:$N,BOQ!BP$6,'[20]WorkDone DATA'!$G:$G,BOQ!$B108)*$G108","v":{"$error":"#VALUE!"}},{"$f":"SUMIFS('[20]WorkDone DATA'!$L:$L,'[20]WorkDone DATA'!$N:$N,BOQ!BQ$6,'[20]WorkDone DATA'!$G:$G,BOQ!$B108)*$G108","v":{"$error":"#VALUE!"}},{"$f":"SUMIFS('[20]WorkDone DATA'!$L:$L,'[20]WorkDone DATA'!$N:$N,BOQ!BR$6,'[20]WorkDone DATA'!$G:$G,BOQ!$B108)*$G108","v":{"$error":"#VALUE!"}},{"$f":"SUMIFS('[20]WorkDone DATA'!$L:$L,'[20]WorkDone DATA'!$N:$N,BOQ!BS$6,'[20]WorkDone DATA'!$G:$G,BOQ!$B108)*$G108","v":{"$error":"#VALUE!"}},{"$f":"SUMIFS('[20]WorkDone DATA'!$L:$L,'[20]WorkDone DATA'!$N:$N,BOQ!BT$6,'[20]WorkDone DATA'!$G:$G,BOQ!$B108)*$G108","v":{"$error":"#VALUE!"}},{"$f":"SUMIFS('[20]WorkDone DATA'!$L:$L,'[20]WorkDone DATA'!$N:$N,BOQ!BU$6,'[20]WorkDone DATA'!$G:$G,BOQ!$B108)*$G108","v":{"$error":"#VALUE!"}},{"$f":"SUMIFS('[20]WorkDone DATA'!$L:$L,'[20]WorkDone DATA'!$N:$N,BOQ!BV$6,'[20]WorkDone DATA'!$G:$G,BOQ!$B108)*$G108","v":{"$error":"#VALUE!"}},{"$f":"SUMIFS('[20]WorkDone DATA'!$L:$L,'[20]WorkDone DATA'!$N:$N,BOQ!BW$6,'[20]WorkDone DATA'!$G:$G,BOQ!$B108)*$G108","v":{"$error":"#VALUE!"}},{"$f":"SUMIFS('[20]WorkDone DATA'!$L:$L,'[20]WorkDone DATA'!$N:$N,BOQ!BX$6,'[20]WorkDone DATA'!$G:$G,BOQ!$B108)*$G108","v":{"$error":"#VALUE!"}}]
[null,null,"PILC",{"$nulls":4},0,{"$nulls":3},{"$error":"#VALUE!"},{"$error":"#VALUE!"},null,0,{"$error":"#VALUE!"},null,{"$f":"SUMIFS('[20]WorkDone DATA'!$L:$L,'[20]WorkDone DATA'!$N:$N,BOQ!S$6,'[20]WorkDone DATA'!$G:$G,BOQ!$B109)","v":{"$error":"#VALUE!"}},{"$error":"#VALUE!"},{"$f":"SUMIFS('[20]WorkDone DATA'!$L:$L,'[20]WorkDone DATA'!$N:$N,BOQ!U$6,'[20]WorkDone DATA'!$G:$G,BOQ!$B109)","v":{"$error":"#VALUE!"}},{"$error":"#VALUE!"},null,{"$f":"SUMIFS('[20]WorkDone DATA'!$L:$L,'[20]WorkDone DATA'!$N:$N,BOQ!W$6,'[20]WorkDone DATA'!$G:$G,BOQ!$B109)*$G109","v":{"$error":"#VALUE!"}},null,{"$f":"SUMIFS('[20]WorkDone DATA'!$L:$L,'[20]WorkDone DATA'!$N:$N,BOQ!Y$6,'[20]WorkDone DATA'!$G:$G,BOQ!$B109)*$G109","v":{"$error":"#VALUE!"}},null,{"$f":"SUMIFS('[20]WorkDone DATA'!$L:$L,'[20]WorkDone DATA'!$N:$N,BOQ!AA$6,'[20]WorkDone DATA'!$G:$G,BOQ!$B109)*$G109","v":{"$error":"#VALUE!"}},{"$f":"SUMIFS('[20]WorkDone DATA'!$L:$L,'[20]WorkDone DATA'!$N:$N,BOQ!AB$6,'[20]WorkDone DATA'!$G:$G,BOQ!$B109)*$G109","v":{"$error":"#VALUE!"}},{"$f":"SUMIFS('[20]WorkDone DATA'!$L:$L,'[20]WorkDone DATA'!$N:$N,BOQ!AC$6,'[20]WorkDone DATA'!$G:$G,BOQ!$B109)*$G109","v":{"$error":"#VALUE!"}},{"$f":"SUMIFS('[20]WorkDone DATA'!$L:$L,'[20]WorkDone DATA'!$N:$N,BOQ!AD$6,'[20]WorkDone DATA'!$G:$G,BOQ!$B109)*$G109","v":{"$error":"#VALUE!"}},{"$f":"SUMIFS('[20]WorkDone DATA'!$L:$L,'[20]WorkDone DATA'!$N:$N,BOQ!AE$6,'[20]WorkDone DATA'!$G:$G,BOQ!$B109)*$G109","v":{"$error":"#VALUE!"}},{"$f":"SUMIFS('[20]WorkDone DATA'!$L:$L,'[20]WorkDone DATA'!$N:$N,BOQ!AF$6,'[20]WorkDone DATA'!$G:$G,BOQ!$B109)*$G109","v":{"$error":"#VALUE!"}},{"$f":"SUMIFS('[20]WorkDone DATA'!$L:$L,'[20]WorkDone DATA'!$N:$N,BOQ!AG$6,'[20]WorkDone DATA'!$G:$G,BOQ!$B109)*$G109","v":{"$error":"#VALUE!"}},{"$f":"SUMIFS('[20]WorkDone DATA'!$L:$L,'[20]WorkDone DATA'!$N:$N,BOQ!AH$6,'[20]WorkDone DATA'!$G:$G,BOQ!$B109)*$G109","v":{"$error":"#VALUE!"}},{"$f":"SUMIFS('[20]WorkDone DATA'!$L:$L,'[20]WorkDone DATA'!$N:$N,BOQ!AI$6,'[20]WorkDone DATA'!$G:$G,BOQ!$B109)*$G109","v":{"$error":"#VALUE!"}},{"$f":"SUMIFS('[20]WorkDone DATA'!$L:$L,'[20]WorkDone DATA'!$N:$N,BOQ!AJ$6,'[20]WorkDone DATA'!$G:$G,BOQ!$B109)*$G109","v":{"$error":"#VALUE!"}},{"$f":"SUMIFS('[20]WorkDone DATA'!$L:$L,'[20]WorkDone DATA'!$N:$N,BOQ!AK$6,'[20]WorkDone DATA'!$G:$G,BOQ!$B109)*$G109","v":{"$error":"#VALUE!"}},{"$f":"SUMIFS('[20]WorkDone DATA'!$L:$L,'[20]WorkDone DATA'!$N:$N,BOQ!AL$6,'[20]WorkDone DATA'!$G:$G,BOQ!$B109)*$G109","v":{"$error":"#VALUE!"}},{"$f":"SUMIFS('[20]WorkDone DATA'!$L:$L,'[20]WorkDone DATA'!$N:$N,BOQ!AM$6,'[20]WorkDone DATA'!$G:$G,BOQ!$B109)*$G109","v":{"$error":"#VALUE!"}},{"$f":"SUMIFS('[20]WorkDone DATA'!$L:$L,'[20]WorkDone DATA'!$N:$N,BOQ!AN$6,'[20]WorkDone DATA'!$G:$G,BOQ!$B109)*$G109","v":{"$error":"#VALUE!"}},{"$f":"SUMIFS('[20]WorkDone DATA'!$L:$L,'[20]WorkDone DATA'!$N:$N,BOQ!AO$6,'[20]WorkDone DATA'!$G:$G,BOQ!$B109)*$G109","v":{"$error":"#VALUE!"}},{"$f":"SUMIFS('[20]WorkDone DATA'!$L:$L,'[20]WorkDone DATA'!$N:$N,BOQ!AP$6,'[20]WorkDone DATA'!$G:$G,BOQ!$B109)*$G109","v":{"$error":"#VALUE!"}},{"$f":"SUMIFS('[20]WorkDone DATA'!$L:$L,'[20]WorkDone DATA'!$N:$N,BOQ!AQ$6,'[20]WorkDone DATA'!$G:$G,BOQ!$B109)*$G109","v":{"$error":"#VALUE!"}},{"$f":"SUMIFS('[20]WorkDone DATA'!$L:$L,'[20]WorkDone DATA'!$N:$N,BOQ!AR$6,'[20]WorkDone DATA'!$G:$G,BOQ!$B109)*$G109","v":{"$error":"#VALUE!"}},{"$f":"SUMIFS('[20]WorkDone DATA'!$L:$L,'[20]WorkDone DATA'!$N:$N,BOQ!AS$6,'[20]WorkDone DATA'!$G:$G,BOQ!$B109)*$G109","v":{"$error":"#VALUE!"}},{"$f":"SUMIFS('[20]WorkDone DATA'!$L:$L,'[20]WorkDone DATA'!$N:$N,BOQ!AT$6,'[20]WorkDone DATA'!$G:$G,BOQ!$B109)*$G109","v":{"$error":"#VALUE!"}},{"$f":"SUMIFS('[20]WorkDone DATA'!$L:$L,'[20]WorkDone DATA'!$N:$N,BOQ!AU$6,'[20]WorkDone DATA'!$G:$G,BOQ!$B109)*$G109","v":{"$error":"#VALUE!"}},{"$f":"SUMIFS('[20]WorkDone DATA'!$L:$L,'[20]WorkDone DATA'!$N:$N,BOQ!AV$6,'[20]WorkDone DATA'!$G:$G,BOQ!$B109)*$G109","v":{"$error":"#VALUE!"}},{"$f":"SUMIFS('[20]WorkDone DATA'!$L:$L,'[20]WorkDone DATA'!$N:$N,BOQ!AW$6,'[20]WorkDone DATA'!$G:$G,BOQ!$B109)*$G109","v":{"$error":"#VALUE!"}},{"$f":"SUMIFS('[20]WorkDone DATA'!$L:$L,'[20]WorkDone DATA'!$N:$N,BOQ!AX$6,'[20]WorkDone DATA'!$G:$G,BOQ!$B109)*$G109","v":{"$error":"#VALUE!"}},{"$f":"SUMIFS('[20]WorkDone DATA'!$L:$L,'[20]WorkDone DATA'!$N:$N,BOQ!AY$6,'[20]WorkDone DATA'!$G:$G,BOQ!$B109)*$G109","v":{"$error":"#VALUE!"}},{"$f":"SUMIFS('[20]WorkDone DATA'!$L:$L,'[20]WorkDone DATA'!$N:$N,BOQ!AZ$6,'[20]WorkDone DATA'!$G:$G,BOQ!$B109)*$G109","v":{"$error":"#VALUE!"}},{"$f":"SUMIFS('[20]WorkDone DATA'!$L:$L,'[20]WorkDone DATA'!$N:$N,BOQ!BA$6,'[20]WorkDone DATA'!$G:$G,BOQ!$B109)*$G109","v":{"$error":"#VALUE!"}},{"$f":"SUMIFS('[20]WorkDone DATA'!$L:$L,'[20]WorkDone DATA'!$N:$N,BOQ!BB$6,'[20]WorkDone DATA'!$G:$G,BOQ!$B109)*$G109","v":{"$error":"#VALUE!"}},{"$f":"SUMIFS('[20]WorkDone DATA'!$L:$L,'[20]WorkDone DATA'!$N:$N,BOQ!BC$6,'[20]WorkDone DATA'!$G:$G,BOQ!$B109)*$G109","v":{"$error":"#VALUE!"}},{"$f":"SUMIFS('[20]WorkDone DATA'!$L:$L,'[20]WorkDone DATA'!$N:$N,BOQ!BD$6,'[20]WorkDone DATA'!$G:$G,BOQ!$B109)*$G109","v":{"$error":"#VALUE!"}},{"$f":"SUMIFS('[20]WorkDone DATA'!$L:$L,'[20]WorkDone DATA'!$N:$N,BOQ!BE$6,'[20]WorkDone DATA'!$G:$G,BOQ!$B109)*$G109","v":{"$error":"#VALUE!"}},{"$f":"SUMIFS('[20]WorkDone DATA'!$L:$L,'[20]WorkDone DATA'!$N:$N,BOQ!BF$6,'[20]WorkDone DATA'!$G:$G,BOQ!$B109)*$G109","v":{"$error":"#VALUE!"}},{"$f":"SUMIFS('[20]WorkDone DATA'!$L:$L,'[20]WorkDone DATA'!$N:$N,BOQ!BG$6,'[20]WorkDone DATA'!$G:$G,BOQ!$B109)*$G109","v":{"$error":"#VALUE!"}},{"$f":"SUMIFS('[20]WorkDone DATA'!$L:$L,'[20]WorkDone DATA'!$N:$N,BOQ!BH$6,'[20]WorkDone DATA'!$G:$G,BOQ!$B109)*$G109","v":{"$error":"#VALUE!"}},{"$f":"SUMIFS('[20]WorkDone DATA'!$L:$L,'[20]WorkDone DATA'!$N:$N,BOQ!BI$6,'[20]WorkDone DATA'!$G:$G,BOQ!$B109)*$G109","v":{"$error":"#VALUE!"}},{"$f":"SUMIFS('[20]WorkDone DATA'!$L:$L,'[20]WorkDone DATA'!$N:$N,BOQ!BJ$6,'[20]WorkDone DATA'!$G:$G,BOQ!$B109)*$G109","v":{"$error":"#VALUE!"}},{"$f":"SUMIFS('[20]WorkDone DATA'!$L:$L,'[20]WorkDone DATA'!$N:$N,BOQ!BK$6,'[20]WorkDone DATA'!$G:$G,BOQ!$B109)*$G109","v":{"$error":"#VALUE!"}},{"$f":"SUMIFS('[20]WorkDone DATA'!$L:$L,'[20]WorkDone DATA'!$N:$N,BOQ!BL$6,'[20]WorkDone DATA'!$G:$G,BOQ!$B109)*$G109","v":{"$error":"#VALUE!"}},{"$f":"SUMIFS('[20]WorkDone DATA'!$L:$L,'[20]WorkDone DATA'!$N:$N,BOQ!BM$6,'[20]WorkDone DATA'!$G:$G,BOQ!$B109)*$G109","v":{"$error":"#VALUE!"}},{"$f":"SUMIFS('[20]WorkDone DATA'!$L:$L,'[20]WorkDone DATA'!$N:$N,BOQ!BN$6,'[20]WorkDone DATA'!$G:$G,BOQ!$B109)*$G109","v":{"$error":"#VALUE!"}},{"$f":"SUMIFS('[20]WorkDone DATA'!$L:$L,'[20]WorkDone DATA'!$N:$N,BOQ!BO$6,'[20]WorkDone DATA'!$G:$G,BOQ!$B109)*$G109","v":{"$error":"#VALUE!"}},{"$f":"SUMIFS('[20]WorkDone DATA'!$L:$L,'[20]WorkDone DATA'!$N:$N,BOQ!BP$6,'[20]WorkDone DATA'!$G:$G,BOQ!$B109)*$G109","v":{"$error":"#VALUE!"}},{"$f":"SUMIFS('[20]WorkDone DATA'!$L:$L,'[20]WorkDone DATA'!$N:$N,BOQ!BQ$6,'[20]WorkDone DATA'!$G:$G,BOQ!$B109)*$G109","v":{"$error":"#VALUE!"}},{"$f":"SUMIFS('[20]WorkDone DATA'!$L:$L,'[20]WorkDone DATA'!$N:$N,BOQ!BR$6,'[20]WorkDone DATA'!$G:$G,BOQ!$B109)*$G109","v":{"$error":"#VALUE!"}},{"$f":"SUMIFS('[20]WorkDone DATA'!$L:$L,'[20]WorkDone DATA'!$N:$N,BOQ!BS$6,'[20]WorkDone DATA'!$G:$G,BOQ!$B109)*$G109","v":{"$error":"#VALUE!"}},{"$f":"SUMIFS('[20]WorkDone DATA'!$L:$L,'[20]WorkDone DATA'!$N:$N,BOQ!BT$6,'[20]WorkDone DATA'!$G:$G,BOQ!$B109)*$G109","v":{"$error":"#VALUE!"}},{"$f":"SUMIFS('[20]WorkDone DATA'!$L:$L,'[20]WorkDone DATA'!$N:$N,BOQ!BU$6,'[20]WorkDone DATA'!$G:$G,BOQ!$B109)*$G109","v":{"$error":"#VALUE!"}},{"$f":"SUMIFS('[20]WorkDone DATA'!$L:$L,'[20]WorkDone DATA'!$N:$N,BOQ!BV$6,'[20]WorkDone DATA'!$G:$G,BOQ!$B109)*$G109","v":{"$error":"#VALUE!"}},{"$f":"SUMIFS('[20]WorkDone DATA'!$L:$L,'[20]WorkDone DATA'!$N:$N,BOQ!BW$6,'[20]WorkDone DATA'!$G:$G,BOQ!$B109)*$G109","v":{"$error":"#VALUE!"}},{"$f":"SUMIFS('[20]WorkDone DATA'!$L:$L,'[20]WorkDone DATA'!$N:$N,BOQ!BX$6,'[20]WorkDone DATA'!$G:$G,BOQ!$B109)*$G109","v":{"$error":"#VALUE!"}}]
[{"$f":"C110","v":"500mm2 x 1 core (ESL01WCV) 6.35kV/11kV  (Trefoil clamps)\n"},{"v":2.05,"d":"2.050"},"500mm2 x 1 core (ESL01WCV) 6.35kV/11kV  (Trefoil clamps)\n","C","each",432,182.15,{"v":78688.8,"d":"78,688.80"},null,null,{"$error":"#VALUE!"},{"$error":"#VALUE!"},{"$error":"#VALUE!"},null,{"$error":"#VALUE!"},{"$error":"#VALUE!"},null,{"$f":"SUMIFS('[20]WorkDone DATA'!$L:$L,'[20]WorkDone DATA'!$N:$N,BOQ!S$6,'[20]WorkDone DATA'!$G:$G,BOQ!$B110)","v":{"$error":"#VALUE!"}},{"$error":"#VALUE!"},{"$f":"SUMIFS('[20]WorkDone DATA'!$L:$L,'[20]WorkDone DATA'!$N:$N,BOQ!U$6,'[20]WorkDone DATA'!$G:$G,BOQ!$B110)","v":{"$error":"#VALUE!"}},{"$error":"#VALUE!"},null,{"$f":"SUMIFS('[20]WorkDone DATA'!$L:$L,'[20]WorkDone DATA'!$N:$N,BOQ!W$6,'[20]WorkDone DATA'!$G:$G,BOQ!$B110)*$G110","v":{"$error":"#VALUE!"}},null,{"$f":"SUMIFS('[20]WorkDone DATA'!$L:$L,'[20]WorkDone DATA'!$N:$N,BOQ!Y$6,'[20]WorkDone DATA'!$G:$G,BOQ!$B110)*$G110","v":{"$error":"#VALUE!"}},null,{"$f":"SUMIFS('[20]WorkDone DATA'!$L:$L,'[20]WorkDone DATA'!$N:$N,BOQ!AA$6,'[20]WorkDone DATA'!$G:$G,BOQ!$B110)*$G110","v":{"$error":"#VALUE!"}},{"$f":"SUMIFS('[20]WorkDone DATA'!$L:$L,'[20]WorkDone DATA'!$N:$N,BOQ!AB$6,'[20]WorkDone DATA'!$G:$G,BOQ!$B110)*$G110","v":{"$error":"#VALUE!"}},{"$f":"SUMIFS('[20]WorkDone DATA'!$L:$L,'[20]WorkDone DATA'!$N:$N,BOQ!AC$6,'[20]WorkDone DATA'!$G:$G,BOQ!$B110)*$G110","v":{"$error":"#VALUE!"}},{"$f":"SUMIFS('[20]WorkDone DATA'!$L:$L,'[20]WorkDone DATA'!$N:$N,BOQ!AD$6,'[20]WorkDone DATA'!$G:$G,BOQ!$B110)*$G110","v":{"$error":"#VALUE!"}},{"$f":"SUMIFS('[20]WorkDone DATA'!$L:$L,'[20]WorkDone DATA'!$N:$N,BOQ!AE$6,'[20]WorkDone DATA'!$G:$G,BOQ!$B110)*$G110","v":{"$error":"#VALUE!"}},{"$f":"SUMIFS('[20]WorkDone DATA'!$L:$L,'[20]WorkDone DATA'!$N:$N,BOQ!AF$6,'[20]WorkDone DATA'!$G:$G,BOQ!$B110)*$G110","v":{"$error":"#VALUE!"}},{"$f":"SUMIFS('[20]WorkDone DATA'!$L:$L,'[20]WorkDone DATA'!$N:$N,BOQ!AG$6,'[20]WorkDone DATA'!$G:$G,BOQ!$B110)*$G110","v":{"$error":"#VALUE!"}},{"$f":"SUMIFS('[20]WorkDone DATA'!$L:$L,'[20]WorkDone DATA'!$N:$N,BOQ!AH$6,'[20]WorkDone DATA'!$G:$G,BOQ!$B110)*$G110","v":{"$error":"#VALUE!"}},{"$f":"SUMIFS('[20]WorkDone DATA'!$L:$L,'[20]WorkDone DATA'!$N:$N,BOQ!AI$6,'[20]WorkDone DATA'!$G:$G,BOQ!$B110)*$G110","v":{"$error":"#VALUE!"}},{"$f":"SUMIFS('[20]WorkDone DATA'!$L:$L,'[20]WorkDone DATA'!$N:$N,BOQ!AJ$6,'[20]WorkDone DATA'!$G:$G,BOQ!$B110)*$G110","v":{"$error":"#VALUE!"}},{"$f":"SUMIFS('[20]WorkDone DATA'!$L:$L,'[20]WorkDone DATA'!$N:$N,BOQ!AK$6,'[20]WorkDone DATA'!$G:$G,BOQ!$B110)*$G110","v":{"$error":"#VALUE!"}},{"$f":"SUMIFS('[20]WorkDone DATA'!$L:$L,'[20]WorkDone DATA'!$N:$N,BOQ!AL$6,'[20]WorkDone DATA'!$G:$G,BOQ!$B110)*$G110","v":{"$error":"#VALUE!"}},{"$f":"SUMIFS('[20]WorkDone DATA'!$L:$L,'[20]WorkDone DATA'!$N:$N,BOQ!AM$6,'[20]WorkDone DATA'!$G:$G,BOQ!$B110)*$G110","v":{"$error":"#VALUE!"}},{"$f":"SUMIFS('[20]WorkDone DATA'!$L:$L,'[20]WorkDone DATA'!$N:$N,BOQ!AN$6,'[20]WorkDone DATA'!$G:$G,BOQ!$B110)*$G110","v":{"$error":"#VALUE!"}},{"$f":"SUMIFS('[20]WorkDone DATA'!$L:$L,'[20]WorkDone DATA'!$N:$N,BOQ!AO$6,'[20]WorkDone DATA'!$G:$G,BOQ!$B110)*$G110","v":{"$error":"#VALUE!"}},{"$f":"SUMIFS('[20]WorkDone DATA'!$L:$L,'[20]WorkDone DATA'!$N:$N,BOQ!AP$6,'[20]WorkDone DATA'!$G:$G,BOQ!$B110)*$G110","v":{"$error":"#VALUE!"}},{"$f":"SUMIFS('[20]WorkDone DATA'!$L:$L,'[20]WorkDone DATA'!$N:$N,BOQ!AQ$6,'[20]WorkDone DATA'!$G:$G,BOQ!$B110)*$G110","v":{"$error":"#VALUE!"}},{"$f":"SUMIFS('[20]WorkDone DATA'!$L:$L,'[20]WorkDone DATA'!$N:$N,BOQ!AR$6,'[20]WorkDone DATA'!$G:$G,BOQ!$B110)*$G110","v":{"$error":"#VALUE!"}},{"$f":"SUMIFS('[20]WorkDone DATA'!$L:$L,'[20]WorkDone DATA'!$N:$N,BOQ!AS$6,'[20]WorkDone DATA'!$G:$G,BOQ!$B110)*$G110","v":{"$error":"#VALUE!"}},{"$f":"SUMIFS('[20]WorkDone DATA'!$L:$L,'[20]WorkDone DATA'!$N:$N,BOQ!AT$6,'[20]WorkDone DATA'!$G:$G,BOQ!$B110)*$G110","v":{"$error":"#VALUE!"}},{"$f":"SUMIFS('[20]WorkDone DATA'!$L:$L,'[20]WorkDone DATA'!$N:$N,BOQ!AU$6,'[20]WorkDone DATA'!$G:$G,BOQ!$B110)*$G110","v":{"$error":"#VALUE!"}},{"$f":"SUMIFS('[20]WorkDone DATA'!$L:$L,'[20]WorkDone DATA'!$N:$N,BOQ!AV$6,'[20]WorkDone DATA'!$G:$G,BOQ!$B110)*$G110","v":{"$error":"#VALUE!"}},{"$f":"SUMIFS('[20]WorkDone DATA'!$L:$L,'[20]WorkDone DATA'!$N:$N,BOQ!AW$6,'[20]WorkDone DATA'!$G:$G,BOQ!$B110)*$G110","v":{"$error":"#VALUE!"}},{"$f":"SUMIFS('[20]WorkDone DATA'!$L:$L,'[20]WorkDone DATA'!$N:$N,BOQ!AX$6,'[20]WorkDone DATA'!$G:$G,BOQ!$B110)*$G110","v":{"$error":"#VALUE!"}},{"$f":"SUMIFS('[20]WorkDone DATA'!$L:$L,'[20]WorkDone DATA'!$N:$N,BOQ!AY$6,'[20]WorkDone DATA'!$G:$G,BOQ!$B110)*$G110","v":{"$error":"#VALUE!"}},{"$f":"SUMIFS('[20]WorkDone DATA'!$L:$L,'[20]WorkDone DATA'!$N:$N,BOQ!AZ$6,'[20]WorkDone DATA'!$G:$G,BOQ!$B110)*$G110","v":{"$error":"#VALUE!"}},{"$f":"SUMIFS('[20]WorkDone DATA'!$L:$L,'[20]WorkDone DATA'!$N:$N,BOQ!BA$6,'[20]WorkDone DATA'!$G:$G,BOQ!$B110)*$G110","v":{"$error":"#VALUE!"}},{"$f":"SUMIFS('[20]WorkDone DATA'!$L:$L,'[20]WorkDone DATA'!$N:$N,BOQ!BB$6,'[20]WorkDone DATA'!$G:$G,BOQ!$B110)*$G110","v":{"$error":"#VALUE!"}},{"$f":"SUMIFS('[20]WorkDone DATA'!$L:$L,'[20]WorkDone DATA'!$N:$N,BOQ!BC$6,'[20]WorkDone DATA'!$G:$G,BOQ!$B110)*$G110","v":{"$error":"#VALUE!"}},{"$f":"SUMIFS('[20]WorkDone DATA'!$L:$L,'[20]WorkDone DATA'!$N:$N,BOQ!BD$6,'[20]WorkDone DATA'!$G:$G,BOQ!$B110)*$G110","v":{"$error":"#VALUE!"}},{"$f":"SUMIFS('[20]WorkDone DATA'!$L:$L,'[20]WorkDone DATA'!$N:$N,BOQ!BE$6,'[20]WorkDone DATA'!$G:$G,BOQ!$B110)*$G110","v":{"$error":"#VALUE!"}},{"$f":"SUMIFS('[20]WorkDone DATA'!$L:$L,'[20]WorkDone DATA'!$N:$N,BOQ!BF$6,'[20]WorkDone DATA'!$G:$G,BOQ!$B110)*$G110","v":{"$error":"#VALUE!"}},{"$f":"SUMIFS('[20]WorkDone DATA'!$L:$L,'[20]WorkDone DATA'!$N:$N,BOQ!BG$6,'[20]WorkDone DATA'!$G:$G,BOQ!$B110)*$G110","v":{"$error":"#VALUE!"}},{"$f":"SUMIFS('[20]WorkDone DATA'!$L:$L,'[20]WorkDone DATA'!$N:$N,BOQ!BH$6,'[20]WorkDone DATA'!$G:$G,BOQ!$B110)*$G110","v":{"$error":"#VALUE!"}},{"$f":"SUMIFS('[20]WorkDone DATA'!$L:$L,'[20]WorkDone DATA'!$N:$N,BOQ!BI$6,'[20]WorkDone DATA'!$G:$G,BOQ!$B110)*$G110","v":{"$error":"#VALUE!"}},{"$f":"SUMIFS('[20]WorkDone DATA'!$L:$L,'[20]WorkDone DATA'!$N:$N,BOQ!BJ$6,'[20]WorkDone DATA'!$G:$G,BOQ!$B110)*$G110","v":{"$error":"#VALUE!"}},{"$f":"SUMIFS('[20]WorkDone DATA'!$L:$L,'[20]WorkDone DATA'!$N:$N,BOQ!BK$6,'[20]WorkDone DATA'!$G:$G,BOQ!$B110)*$G110","v":{"$error":"#VALUE!"}},{"$f":"SUMIFS('[20]WorkDone DATA'!$L:$L,'[20]WorkDone DATA'!$N:$N,BOQ!BL$6,'[20]WorkDone DATA'!$G:$G,BOQ!$B110)*$G110","v":{"$error":"#VALUE!"}},{"$f":"SUMIFS('[20]WorkDone DATA'!$L:$L,'[20]WorkDone DATA'!$N:$N,BOQ!BM$6,'[20]WorkDone DATA'!$G:$G,BOQ!$B110)*$G110","v":{"$error":"#VALUE!"}},{"$f":"SUMIFS('[20]WorkDone DATA'!$L:$L,'[20]WorkDone DATA'!$N:$N,BOQ!BN$6,'[20]WorkDone DATA'!$G:$G,BOQ!$B110)*$G110","v":{"$error":"#VALUE!"}},{"$f":"SUMIFS('[20]WorkDone DATA'!$L:$L,'[20]WorkDone DATA'!$N:$N,BOQ!BO$6,'[20]WorkDone DATA'!$G:$G,BOQ!$B110)*$G110","v":{"$error":"#VALUE!"}},{"$f":"SUMIFS('[20]WorkDone DATA'!$L:$L,'[20]WorkDone DATA'!$N:$N,BOQ!BP$6,'[20]WorkDone DATA'!$G:$G,BOQ!$B110)*$G110","v":{"$error":"#VALUE!"}},{"$f":"SUMIFS('[20]WorkDone DATA'!$L:$L,'[20]WorkDone DATA'!$N:$N,BOQ!BQ$6,'[20]WorkDone DATA'!$G:$G,BOQ!$B110)*$G110","v":{"$error":"#VALUE!"}},{"$f":"SUMIFS('[20]WorkDone DATA'!$L:$L,'[20]WorkDone DATA'!$N:$N,BOQ!BR$6,'[20]WorkDone DATA'!$G:$G,BOQ!$B110)*$G110","v":{"$error":"#VALUE!"}},{"$f":"SUMIFS('[20]WorkDone DATA'!$L:$L,'[20]WorkDone DATA'!$N:$N,BOQ!BS$6,'[20]WorkDone DATA'!$G:$G,BOQ!$B110)*$G110","v":{"$error":"#VALUE!"}},{"$f":"SUMIFS('[20]WorkDone DATA'!$L:$L,'[20]WorkDone DATA'!$N:$N,BOQ!BT$6,'[20]WorkDone DATA'!$G:$G,BOQ!$B110)*$G110","v":{"$error":"#VALUE!"}},{"$f":"SUMIFS('[20]WorkDone DATA'!$L:$L,'[20]WorkDone DATA'!$N:$N,BOQ!BU$6,'[20]WorkDone DATA'!$G:$G,BOQ!$B110)*$G110","v":{"$error":"#VALUE!"}},{"$f":"SUMIFS('[20]WorkDone DATA'!$L:$L,'[20]WorkDone DATA'!$N:$N,BOQ!BV$6,'[20]WorkDone DATA'!$G:$G,BOQ!$B110)*$G110","v":{"$error":"#VALUE!"}},{"$f":"SUMIFS('[20]WorkDone DATA'!$L:$L,'[20]WorkDone DATA'!$N:$N,BOQ!BW$6,'[20]WorkDone DATA'!$G:$G,BOQ!$B110)*$G110","v":{"$error":"#VALUE!"}},{"$f":"SUMIFS('[20]WorkDone DATA'!$L:$L,'[20]WorkDone DATA'!$N:$N,BOQ!BX$6,'[20]WorkDone DATA'!$G:$G,BOQ!$B110)*$G110","v":{"$error":"#VALUE!"}}]
["150mm2 x 3 core (ESW03RCV) 6.35kV/11 kV",2.051,"150mm2 x 3 core (ESW03RCV) 6.35kV/11 kV","C","each",54,182.15,{"v":9836.1,"d":"9,836.10"},null,null,{"$error":"#VALUE!"},{"$error":"#VALUE!"},{"$error":"#VALUE!"},null,{"$error":"#VALUE!"},{"$error":"#VALUE!"},null,{"$f":"SUMIFS('[20]WorkDone DATA'!$L:$L,'[20]WorkDone DATA'!$N:$N,BOQ!S$6,'[20]WorkDone DATA'!$G:$G,BOQ!$B111)","v":{"$error":"#VALUE!"}},{"$error":"#VALUE!"},{"$f":"SUMIFS('[20]WorkDone DATA'!$L:$L,'[20]WorkDone DATA'!$N:$N,BOQ!U$6,'[20]WorkDone DATA'!$G:$G,BOQ!$B111)","v":{"$error":"#VALUE!"}},{"$error":"#VALUE!"},null,{"$f":"SUMIFS('[20]WorkDone DATA'!$L:$L,'[20]WorkDone DATA'!$N:$N,BOQ!W$6,'[20]WorkDone DATA'!$G:$G,BOQ!$B111)*$G111","v":{"$error":"#VALUE!"}},null,{"$f":"SUMIFS('[20]WorkDone DATA'!$L:$L,'[20]WorkDone DATA'!$N:$N,BOQ!Y$6,'[20]WorkDone DATA'!$G:$G,BOQ!$B111)*$G111","v":{"$error":"#VALUE!"}},null,{"$f":"SUMIFS('[20]WorkDone DATA'!$L:$L,'[20]WorkDone DATA'!$N:$N,BOQ!AA$6,'[20]WorkDone DATA'!$G:$G,BOQ!$B111)*$G111","v":{"$error":"#VALUE!"}},{"$f":"SUMIFS('[20]WorkDone DATA'!$L:$L,'[20]WorkDone DATA'!$N:$N,BOQ!AB$6,'[20]WorkDone DATA'!$G:$G,BOQ!$B111)*$G111","v":{"$error":"#VALUE!"}},{"$f":"SUMIFS('[20]WorkDone DATA'!$L:$L,'[20]WorkDone DATA'!$N:$N,BOQ!AC$6,'[20]WorkDone DATA'!$G:$G,BOQ!$B111)*$G111","v":{"$error":"#VALUE!"}},{"$f":"SUMIFS('[20]WorkDone DATA'!$L:$L,'[20]WorkDone DATA'!$N:$N,BOQ!AD$6,'[20]WorkDone DATA'!$G:$G,BOQ!$B111)*$G111","v":{"$error":"#VALUE!"}},{"$f":"SUMIFS('[20]WorkDone DATA'!$L:$L,'[20]WorkDone DATA'!$N:$N,BOQ!AE$6,'[20]WorkDone DATA'!$G:$G,BOQ!$B111)*$G111","v":{"$error":"#VALUE!"}},{"$f":"SUMIFS('[20]WorkDone DATA'!$L:$L,'[20]WorkDone DATA'!$N:$N,BOQ!AF$6,'[20]WorkDone DATA'!$G:$G,BOQ!$B111)*$G111","v":{"$error":"#VALUE!"}},{"$f":"SUMIFS('[20]WorkDone DATA'!$L:$L,'[20]WorkDone DATA'!$N:$N,BOQ!AG$6,'[20]WorkDone DATA'!$G:$G,BOQ!$B111)*$G111","v":{"$error":"#VALUE!"}},{"$f":"SUMIFS('[20]WorkDone DATA'!$L:$L,'[20]WorkDone DATA'!$N:$N,BOQ!AH$6,'[20]WorkDone DATA'!$G:$G,BOQ!$B111)*$G111","v":{"$error":"#VALUE!"}},{"$f":"SUMIFS('[20]WorkDone DATA'!$L:$L,'[20]WorkDone DATA'!$N:$N,BOQ!AI$6,'[20]WorkDone DATA'!$G:$G,BOQ!$B111)*$G111","v":{"$error":"#VALUE!"}},{"$f":"SUMIFS('[20]WorkDone DATA'!$L:$L,'[20]WorkDone DATA'!$N:$N,BOQ!AJ$6,'[20]WorkDone DATA'!$G:$G,BOQ!$B111)*$G111","v":{"$error":"#VALUE!"}},{"$f":"SUMIFS('[20]WorkDone DATA'!$L:$L,'[20]WorkDone DATA'!$N:$N,BOQ!AK$6,'[20]WorkDone DATA'!$G:$G,BOQ!$B111)*$G111","v":{"$error":"#VALUE!"}},{"$f":"SUMIFS('[20]WorkDone DATA'!$L:$L,'[20]WorkDone DATA'!$N:$N,BOQ!AL$6,'[20]WorkDone DATA'!$G:$G,BOQ!$B111)*$G111","v":{"$error":"#VALUE!"}},{"$f":"SUMIFS('[20]WorkDone DATA'!$L:$L,'[20]WorkDone DATA'!$N:$N,BOQ!AM$6,'[20]WorkDone DATA'!$G:$G,BOQ!$B111)*$G111","v":{"$error":"#VALUE!"}},{"$f":"SUMIFS('[20]WorkDone DATA'!$L:$L,'[20]WorkDone DATA'!$N:$N,BOQ!AN$6,'[20]WorkDone DATA'!$G:$G,BOQ!$B111)*$G111","v":{"$error":"#VALUE!"}},{"$f":"SUMIFS('[20]WorkDone DATA'!$L:$L,'[20]WorkDone DATA'!$N:$N,BOQ!AO$6,'[20]WorkDone DATA'!$G:$G,BOQ!$B111)*$G111","v":{"$error":"#VALUE!"}},{"$f":"SUMIFS('[20]WorkDone DATA'!$L:$L,'[20]WorkDone DATA'!$N:$N,BOQ!AP$6,'[20]WorkDone DATA'!$G:$G,BOQ!$B111)*$G111","v":{"$error":"#VALUE!"}},{"$f":"SUMIFS('[20]WorkDone DATA'!$L:$L,'[20]WorkDone DATA'!$N:$N,BOQ!AQ$6,'[20]WorkDone DATA'!$G:$G,BOQ!$B111)*$G111","v":{"$error":"#VALUE!"}},{"$f":"SUMIFS('[20]WorkDone DATA'!$L:$L,'[20]WorkDone DATA'!$N:$N,BOQ!AR$6,'[20]WorkDone DATA'!$G:$G,BOQ!$B111)*$G111","v":{"$error":"#VALUE!"}},{"$f":"SUMIFS('[20]WorkDone DATA'!$L:$L,'[20]WorkDone DATA'!$N:$N,BOQ!AS$6,'[20]WorkDone DATA'!$G:$G,BOQ!$B111)*$G111","v":{"$error":"#VALUE!"}},{"$f":"SUMIFS('[20]WorkDone DATA'!$L:$L,'[20]WorkDone DATA'!$N:$N,BOQ!AT$6,'[20]WorkDone DATA'!$G:$G,BOQ!$B111)*$G111","v":{"$error":"#VALUE!"}},{"$f":"SUMIFS('[20]WorkDone DATA'!$L:$L,'[20]WorkDone DATA'!$N:$N,BOQ!AU$6,'[20]WorkDone DATA'!$G:$G,BOQ!$B111)*$G111","v":{"$error":"#VALUE!"}},{"$f":"SUMIFS('[20]WorkDone DATA'!$L:$L,'[20]WorkDone DATA'!$N:$N,BOQ!AV$6,'[20]WorkDone DATA'!$G:$G,BOQ!$B111)*$G111","v":{"$error":"#VALUE!"}},{"$f":"SUMIFS('[20]WorkDone DATA'!$L:$L,'[20]WorkDone DATA'!$N:$N,BOQ!AW$6,'[20]WorkDone DATA'!$G:$G,BOQ!$B111)*$G111","v":{"$error":"#VALUE!"}},{"$f":"SUMIFS('[20]WorkDone DATA'!$L:$L,'[20]WorkDone DATA'!$N:$N,BOQ!AX$6,'[20]WorkDone DATA'!$G:$G,BOQ!$B111)*$G111","v":{"$error":"#VALUE!"}},{"$f":"SUMIFS('[20]WorkDone DATA'!$L:$L,'[20]WorkDone DATA'!$N:$N,BOQ!AY$6,'[20]WorkDone DATA'!$G:$G,BOQ!$B111)*$G111","v":{"$error":"#VALUE!"}},{"$f":"SUMIFS('[20]WorkDone DATA'!$L:$L,'[20]WorkDone DATA'!$N:$N,BOQ!AZ$6,'[20]WorkDone DATA'!$G:$G,BOQ!$B111)*$G111","v":{"$error":"#VALUE!"}},{"$f":"SUMIFS('[20]WorkDone DATA'!$L:$L,'[20]WorkDone DATA'!$N:$N,BOQ!BA$6,'[20]WorkDone DATA'!$G:$G,BOQ!$B111)*$G111","v":{"$error":"#VALUE!"}},{"$f":"SUMIFS('[20]WorkDone DATA'!$L:$L,'[20]WorkDone DATA'!$N:$N,BOQ!BB$6,'[20]WorkDone DATA'!$G:$G,BOQ!$B111)*$G111","v":{"$error":"#VALUE!"}},{"$f":"SUMIFS('[20]WorkDone DATA'!$L:$L,'[20]WorkDone DATA'!$N:$N,BOQ!BC$6,'[20]WorkDone DATA'!$G:$G,BOQ!$B111)*$G111","v":{"$error":"#VALUE!"}},{"$f":"SUMIFS('[20]WorkDone DATA'!$L:$L,'[20]WorkDone DATA'!$N:$N,BOQ!BD$6,'[20]WorkDone DATA'!$G:$G,BOQ!$B111)*$G111","v":{"$error":"#VALUE!"}},{"$f":"SUMIFS('[20]WorkDone DATA'!$L:$L,'[20]WorkDone DATA'!$N:$N,BOQ!BE$6,'[20]WorkDone DATA'!$G:$G,BOQ!$B111)*$G111","v":{"$error":"#VALUE!"}},{"$f":"SUMIFS('[20]WorkDone DATA'!$L:$L,'[20]WorkDone DATA'!$N:$N,BOQ!BF$6,'[20]WorkDone DATA'!$G:$G,BOQ!$B111)*$G111","v":{"$error":"#VALUE!"}},{"$f":"SUMIFS('[20]WorkDone DATA'!$L:$L,'[20]WorkDone DATA'!$N:$N,BOQ!BG$6,'[20]WorkDone DATA'!$G:$G,BOQ!$B111)*$G111","v":{"$error":"#VALUE!"}},{"$f":"SUMIFS('[20]WorkDone DATA'!$L:$L,'[20]WorkDone DATA'!$N:$N,BOQ!BH$6,'[20]WorkDone DATA'!$G:$G,BOQ!$B111)*$G111","v":{"$error":"#VALUE!"}},{"$f":"SUMIFS('[20]WorkDone DATA'!$L:$L,'[20]WorkDone DATA'!$N:$N,BOQ!BI$6,'[20]WorkDone DATA'!$G:$G,BOQ!$B111)*$G111","v":{"$error":"#VALUE!"}},{"$f":"SUMIFS('[20]WorkDone DATA'!$L:$L,'[20]WorkDone DATA'!$N:$N,BOQ!BJ$6,'[20]WorkDone DATA'!$G:$G,BOQ!$B111)*$G111","v":{"$error":"#VALUE!"}},{"$f":"SUMIFS('[20]WorkDone DATA'!$L:$L,'[20]WorkDone DATA'!$N:$N,BOQ!BK$6,'[20]WorkDone DATA'!$G:$G,BOQ!$B111)*$G111","v":{"$error":"#VALUE!"}},{"$f":"SUMIFS('[20]WorkDone DATA'!$L:$L,'[20]WorkDone DATA'!$N:$N,BOQ!BL$6,'[20]WorkDone DATA'!$G:$G,BOQ!$B111)*$G111","v":{"$error":"#VALUE!"}},{"$f":"SUMIFS('[20]WorkDone DATA'!$L:$L,'[20]WorkDone DATA'!$N:$N,BOQ!BM$6,'[20]WorkDone DATA'!$G:$G,BOQ!$B111)*$G111","v":{"$error":"#VALUE!"}},{"$f":"SUMIFS('[20]WorkDone DATA'!$L:$L,'[20]WorkDone DATA'!$N:$N,BOQ!BN$6,'[20]WorkDone DATA'!$G:$G,BOQ!$B111)*$G111","v":{"$error":"#VALUE!"}},{"$f":"SUMIFS('[20]WorkDone DATA'!$L:$L,'[20]WorkDone DATA'!$N:$N,BOQ!BO$6,'[20]WorkDone DATA'!$G:$G,BOQ!$B111)*$G111","v":{"$error":"#VALUE!"}},{"$f":"SUMIFS('[20]WorkDone DATA'!$L:$L,'[20]WorkDone DATA'!$N:$N,BOQ!BP$6,'[20]WorkDone DATA'!$G:$G,BOQ!$B111)*$G111","v":{"$error":"#VALUE!"}},{"$f":"SUMIFS('[20]WorkDone DATA'!$L:$L,'[20]WorkDone DATA'!$N:$N,BOQ!BQ$6,'[20]WorkDone DATA'!$G:$G,BOQ!$B111)*$G111","v":{"$error":"#VALUE!"}},{"$f":"SUMIFS('[20]WorkDone DATA'!$L:$L,'[20]WorkDone DATA'!$N:$N,BOQ!BR$6,'[20]WorkDone DATA'!$G:$G,BOQ!$B111)*$G111","v":{"$error":"#VALUE!"}},{"$f":"SUMIFS('[20]WorkDone DATA'!$L:$L,'[20]WorkDone DATA'!$N:$N,BOQ!BS$6,'[20]WorkDone DATA'!$G:$G,BOQ!$B111)*$G111","v":{"$error":"#VALUE!"}},{"$f":"SUMIFS('[20]WorkDone DATA'!$L:$L,'[20]WorkDone DATA'!$N:$N,BOQ!BT$6,'[20]WorkDone DATA'!$G:$G,BOQ!$B111)*$G111","v":{"$error":"#VALUE!"}},{"$f":"SUMIFS('[20]WorkDone DATA'!$L:$L,'[20]WorkDone DATA'!$N:$N,BOQ!BU$6,'[20]WorkDone DATA'!$G:$G,BOQ!$B111)*$G111","v":{"$error":"#VALUE!"}},{"$f":"SUMIFS('[20]WorkDone DATA'!$L:$L,'[20]WorkDone DATA'!$N:$N,BOQ!BV$6,'[20]WorkDone DATA'!$G:$G,BOQ!$B111)*$G111","v":{"$error":"#VALUE!"}},{"$f":"SUMIFS('[20]WorkDone DATA'!$L:$L,'[20]WorkDone DATA'!$N:$N,BOQ!BW$6,'[20]WorkDone DATA'!$G:$G,BOQ!$B111)*$G111","v":{"$error":"#VALUE!"}},{"$f":"SUMIFS('[20]WorkDone DATA'!$L:$L,'[20]WorkDone DATA'!$N:$N,BOQ!BX$6,'[20]WorkDone DATA'!$G:$G,BOQ!$B111)*$G111","v":{"$error":"#VALUE!"}}]
["630mm2 x 1core (CPL01XCV)  3.8kV/1.9kV (Trefoil clamps)",2.052,"630mm2 x 1core (CPL01XCV)  3.8kV/1.9kV (Trefoil clamps)","C","each",252,182.15,{"v":45901.8,"d":"45,901.80"},null,null,{"$error":"#VALUE!"},{"$error":"#VALUE!"},{"$error":"#VALUE!"},null,{"$error":"#VALUE!"},{"$error":"#VALUE!"},null,{"$f":"SUMIFS('[20]WorkDone DATA'!$L:$L,'[20]WorkDone DATA'!$N:$N,BOQ!S$6,'[20]WorkDone DATA'!$G:$G,BOQ!$B112)","v":{"$error":"#VALUE!"}},{"$error":"#VALUE!"},{"$f":"SUMIFS('[20]WorkDone DATA'!$L:$L,'[20]WorkDone DATA'!$N:$N,BOQ!U$6,'[20]WorkDone DATA'!$G:$G,BOQ!$B112)","v":{"$error":"#VALUE!"}},{"$error":"#VALUE!"},null,{"$f":"SUMIFS('[20]WorkDone DATA'!$L:$L,'[20]WorkDone DATA'!$N:$N,BOQ!W$6,'[20]WorkDone DATA'!$G:$G,BOQ!$B112)*$G112","v":{"$error":"#VALUE!"}},null,{"$f":"SUMIFS('[20]WorkDone DATA'!$L:$L,'[20]WorkDone DATA'!$N:$N,BOQ!Y$6,'[20]WorkDone DATA'!$G:$G,BOQ!$B112)*$G112","v":{"$error":"#VALUE!"}},null,{"$f":"SUMIFS('[20]WorkDone DATA'!$L:$L,'[20]WorkDone DATA'!$N:$N,BOQ!AA$6,'[20]WorkDone DATA'!$G:$G,BOQ!$B112)*$G112","v":{"$error":"#VALUE!"}},{"$f":"SUMIFS('[20]WorkDone DATA'!$L:$L,'[20]WorkDone DATA'!$N:$N,BOQ!AB$6,'[20]WorkDone DATA'!$G:$G,BOQ!$B112)*$G112","v":{"$error":"#VALUE!"}},{"$f":"SUMIFS('[20]WorkDone DATA'!$L:$L,'[20]WorkDone DATA'!$N:$N,BOQ!AC$6,'[20]WorkDone DATA'!$G:$G,BOQ!$B112)*$G112","v":{"$error":"#VALUE!"}},{"$f":"SUMIFS('[20]WorkDone DATA'!$L:$L,'[20]WorkDone DATA'!$N:$N,BOQ!AD$6,'[20]WorkDone DATA'!$G:$G,BOQ!$B112)*$G112","v":{"$error":"#VALUE!"}},{"$f":"SUMIFS('[20]WorkDone DATA'!$L:$L,'[20]WorkDone DATA'!$N:$N,BOQ!AE$6,'[20]WorkDone DATA'!$G:$G,BOQ!$B112)*$G112","v":{"$error":"#VALUE!"}},{"$f":"SUMIFS('[20]WorkDone DATA'!$L:$L,'[20]WorkDone DATA'!$N:$N,BOQ!AF$6,'[20]WorkDone DATA'!$G:$G,BOQ!$B112)*$G112","v":{"$error":"#VALUE!"}},{"$f":"SUMIFS('[20]WorkDone DATA'!$L:$L,'[20]WorkDone DATA'!$N:$N,BOQ!AG$6,'[20]WorkDone DATA'!$G:$G,BOQ!$B112)*$G112","v":{"$error":"#VALUE!"}},{"$f":"SUMIFS('[20]WorkDone DATA'!$L:$L,'[20]WorkDone DATA'!$N:$N,BOQ!AH$6,'[20]WorkDone DATA'!$G:$G,BOQ!$B112)*$G112","v":{"$error":"#VALUE!"}},{"$f":"SUMIFS('[20]WorkDone DATA'!$L:$L,'[20]WorkDone DATA'!$N:$N,BOQ!AI$6,'[20]WorkDone DATA'!$G:$G,BOQ!$B112)*$G112","v":{"$error":"#VALUE!"}},{"$f":"SUMIFS('[20]WorkDone DATA'!$L:$L,'[20]WorkDone DATA'!$N:$N,BOQ!AJ$6,'[20]WorkDone DATA'!$G:$G,BOQ!$B112)*$G112","v":{"$error":"#VALUE!"}},{"$f":"SUMIFS('[20]WorkDone DATA'!$L:$L,'[20]WorkDone DATA'!$N:$N,BOQ!AK$6,'[20]WorkDone DATA'!$G:$G,BOQ!$B112)*$G112","v":{"$error":"#VALUE!"}},{"$f":"SUMIFS('[20]WorkDone DATA'!$L:$L,'[20]WorkDone DATA'!$N:$N,BOQ!AL$6,'[20]WorkDone DATA'!$G:$G,BOQ!$B112)*$G112","v":{"$error":"#VALUE!"}},{"$f":"SUMIFS('[20]WorkDone DATA'!$L:$L,'[20]WorkDone DATA'!$N:$N,BOQ!AM$6,'[20]WorkDone DATA'!$G:$G,BOQ!$B112)*$G112","v":{"$error":"#VALUE!"}},{"$f":"SUMIFS('[20]WorkDone DATA'!$L:$L,'[20]WorkDone DATA'!$N:$N,BOQ!AN$6,'[20]WorkDone DATA'!$G:$G,BOQ!$B112)*$G112","v":{"$error":"#VALUE!"}},{"$f":"SUMIFS('[20]WorkDone DATA'!$L:$L,'[20]WorkDone DATA'!$N:$N,BOQ!AO$6,'[20]WorkDone DATA'!$G:$G,BOQ!$B112)*$G112","v":{"$error":"#VALUE!"}},{"$f":"SUMIFS('[20]WorkDone DATA'!$L:$L,'[20]WorkDone DATA'!$N:$N,BOQ!AP$6,'[20]WorkDone DATA'!$G:$G,BOQ!$B112)*$G112","v":{"$error":"#VALUE!"}},{"$f":"SUMIFS('[20]WorkDone DATA'!$L:$L,'[20]WorkDone DATA'!$N:$N,BOQ!AQ$6,'[20]WorkDone DATA'!$G:$G,BOQ!$B112)*$G112","v":{"$error":"#VALUE!"}},{"$f":"SUMIFS('[20]WorkDone DATA'!$L:$L,'[20]WorkDone DATA'!$N:$N,BOQ!AR$6,'[20]WorkDone DATA'!$G:$G,BOQ!$B112)*$G112","v":{"$error":"#VALUE!"}},{"$f":"SUMIFS('[20]WorkDone DATA'!$L:$L,'[20]WorkDone DATA'!$N:$N,BOQ!AS$6,'[20]WorkDone DATA'!$G:$G,BOQ!$B112)*$G112","v":{"$error":"#VALUE!"}},{"$f":"SUMIFS('[20]WorkDone DATA'!$L:$L,'[20]WorkDone DATA'!$N:$N,BOQ!AT$6,'[20]WorkDone DATA'!$G:$G,BOQ!$B112)*$G112","v":{"$error":"#VALUE!"}},{"$f":"SUMIFS('[20]WorkDone DATA'!$L:$L,'[20]WorkDone DATA'!$N:$N,BOQ!AU$6,'[20]WorkDone DATA'!$G:$G,BOQ!$B112)*$G112","v":{"$error":"#VALUE!"}},{"$f":"SUMIFS('[20]WorkDone DATA'!$L:$L,'[20]WorkDone DATA'!$N:$N,BOQ!AV$6,'[20]WorkDone DATA'!$G:$G,BOQ!$B112)*$G112","v":{"$error":"#VALUE!"}},{"$f":"SUMIFS('[20]WorkDone DATA'!$L:$L,'[20]WorkDone DATA'!$N:$N,BOQ!AW$6,'[20]WorkDone DATA'!$G:$G,BOQ!$B112)*$G112","v":{"$error":"#VALUE!"}},{"$f":"SUMIFS('[20]WorkDone DATA'!$L:$L,'[20]WorkDone DATA'!$N:$N,BOQ!AX$6,'[20]WorkDone DATA'!$G:$G,BOQ!$B112)*$G112","v":{"$error":"#VALUE!"}},{"$f":"SUMIFS('[20]WorkDone DATA'!$L:$L,'[20]WorkDone DATA'!$N:$N,BOQ!AY$6,'[20]WorkDone DATA'!$G:$G,BOQ!$B112)*$G112","v":{"$error":"#VALUE!"}},{"$f":"SUMIFS('[20]WorkDone DATA'!$L:$L,'[20]WorkDone DATA'!$N:$N,BOQ!AZ$6,'[20]WorkDone DATA'!$G:$G,BOQ!$B112)*$G112","v":{"$error":"#VALUE!"}},{"$f":"SUMIFS('[20]WorkDone DATA'!$L:$L,'[20]WorkDone DATA'!$N:$N,BOQ!BA$6,'[20]WorkDone DATA'!$G:$G,BOQ!$B112)*$G112","v":{"$error":"#VALUE!"}},{"$f":"SUMIFS('[20]WorkDone DATA'!$L:$L,'[20]WorkDone DATA'!$N:$N,BOQ!BB$6,'[20]WorkDone DATA'!$G:$G,BOQ!$B112)*$G112","v":{"$error":"#VALUE!"}},{"$f":"SUMIFS('[20]WorkDone DATA'!$L:$L,'[20]WorkDone DATA'!$N:$N,BOQ!BC$6,'[20]WorkDone DATA'!$G:$G,BOQ!$B112)*$G112","v":{"$error":"#VALUE!"}},{"$f":"SUMIFS('[20]WorkDone DATA'!$L:$L,'[20]WorkDone DATA'!$N:$N,BOQ!BD$6,'[20]WorkDone DATA'!$G:$G,BOQ!$B112)*$G112","v":{"$error":"#VALUE!"}},{"$f":"SUMIFS('[20]WorkDone DATA'!$L:$L,'[20]WorkDone DATA'!$N:$N,BOQ!BE$6,'[20]WorkDone DATA'!$G:$G,BOQ!$B112)*$G112","v":{"$error":"#VALUE!"}},{"$f":"SUMIFS('[20]WorkDone DATA'!$L:$L,'[20]WorkDone DATA'!$N:$N,BOQ!BF$6,'[20]WorkDone DATA'!$G:$G,BOQ!$B112)*$G112","v":{"$error":"#VALUE!"}},{"$f":"SUMIFS('[20]WorkDone DATA'!$L:$L,'[20]WorkDone DATA'!$N:$N,BOQ!BG$6,'[20]WorkDone DATA'!$G:$G,BOQ!$B112)*$G112","v":{"$error":"#VALUE!"}},{"$f":"SUMIFS('[20]WorkDone DATA'!$L:$L,'[20]WorkDone DATA'!$N:$N,BOQ!BH$6,'[20]WorkDone DATA'!$G:$G,BOQ!$B112)*$G112","v":{"$error":"#VALUE!"}},{"$f":"SUMIFS('[20]WorkDone DATA'!$L:$L,'[20]WorkDone DATA'!$N:$N,BOQ!BI$6,'[20]WorkDone DATA'!$G:$G,BOQ!$B112)*$G112","v":{"$error":"#VALUE!"}},{"$f":"SUMIFS('[20]WorkDone DATA'!$L:$L,'[20]WorkDone DATA'!$N:$N,BOQ!BJ$6,'[20]WorkDone DATA'!$G:$G,BOQ!$B112)*$G112","v":{"$error":"#VALUE!"}},{"$f":"SUMIFS('[20]WorkDone DATA'!$L:$L,'[20]WorkDone DATA'!$N:$N,BOQ!BK$6,'[20]WorkDone DATA'!$G:$G,BOQ!$B112)*$G112","v":{"$error":"#VALUE!"}},{"$f":"SUMIFS('[20]WorkDone DATA'!$L:$L,'[20]WorkDone DATA'!$N:$N,BOQ!BL$6,'[20]WorkDone DATA'!$G:$G,BOQ!$B112)*$G112","v":{"$error":"#VALUE!"}},{"$f":"SUMIFS('[20]WorkDone DATA'!$L:$L,'[20]WorkDone DATA'!$N:$N,BOQ!BM$6,'[20]WorkDone DATA'!$G:$G,BOQ!$B112)*$G112","v":{"$error":"#VALUE!"}},{"$f":"SUMIFS('[20]WorkDone DATA'!$L:$L,'[20]WorkDone DATA'!$N:$N,BOQ!BN$6,'[20]WorkDone DATA'!$G:$G,BOQ!$B112)*$G112","v":{"$error":"#VALUE!"}},{"$f":"SUMIFS('[20]WorkDone DATA'!$L:$L,'[20]WorkDone DATA'!$N:$N,BOQ!BO$6,'[20]WorkDone DATA'!$G:$G,BOQ!$B112)*$G112","v":{"$error":"#VALUE!"}},{"$f":"SUMIFS('[20]WorkDone DATA'!$L:$L,'[20]WorkDone DATA'!$N:$N,BOQ!BP$6,'[20]WorkDone DATA'!$G:$G,BOQ!$B112)*$G112","v":{"$error":"#VALUE!"}},{"$f":"SUMIFS('[20]WorkDone DATA'!$L:$L,'[20]WorkDone DATA'!$N:$N,BOQ!BQ$6,'[20]WorkDone DATA'!$G:$G,BOQ!$B112)*$G112","v":{"$error":"#VALUE!"}},{"$f":"SUMIFS('[20]WorkDone DATA'!$L:$L,'[20]WorkDone DATA'!$N:$N,BOQ!BR$6,'[20]WorkDone DATA'!$G:$G,BOQ!$B112)*$G112","v":{"$error":"#VALUE!"}},{"$f":"SUMIFS('[20]WorkDone DATA'!$L:$L,'[20]WorkDone DATA'!$N:$N,BOQ!BS$6,'[20]WorkDone DATA'!$G:$G,BOQ!$B112)*$G112","v":{"$error":"#VALUE!"}},{"$f":"SUMIFS('[20]WorkDone DATA'!$L:$L,'[20]WorkDone DATA'!$N:$N,BOQ!BT$6,'[20]WorkDone DATA'!$G:$G,BOQ!$B112)*$G112","v":{"$error":"#VALUE!"}},{"$f":"SUMIFS('[20]WorkDone DATA'!$L:$L,'[20]WorkDone DATA'!$N:$N,BOQ!BU$6,'[20]WorkDone DATA'!$G:$G,BOQ!$B112)*$G112","v":{"$error":"#VALUE!"}},{"$f":"SUMIFS('[20]WorkDone DATA'!$L:$L,'[20]WorkDone DATA'!$N:$N,BOQ!BV$6,'[20]WorkDone DATA'!$G:$G,BOQ!$B112)*$G112","v":{"$error":"#VALUE!"}},{"$f":"SUMIFS('[20]WorkDone DATA'!$L:$L,'[20]WorkDone DATA'!$N:$N,BOQ!BW$6,'[20]WorkDone DATA'!$G:$G,BOQ!$B112)*$G112","v":{"$error":"#VALUE!"}},{"$f":"SUMIFS('[20]WorkDone DATA'!$L:$L,'[20]WorkDone DATA'!$N:$N,BOQ!BX$6,'[20]WorkDone DATA'!$G:$G,BOQ!$B112)*$G112","v":{"$error":"#VALUE!"}}]
["120mm x 3 core (CPW03QCV) 3.8kV/1.9kV",2.053,"120mm x 3 core (CPW03QCV) 3.8kV/1.9kV","C","each",24,182.15,{"v":4371.6,"d":"4,371.60"},null,null,{"$error":"#VALUE!"},{"$error":"#VALUE!"},{"$error":"#VALUE!"},null,{"$error":"#VALUE!"},{"$error":"#VALUE!"},null,{"$f":"SUMIFS('[20]WorkDone DATA'!$L:$L,'[20]WorkDone DATA'!$N:$N,BOQ!S$6,'[20]WorkDone DATA'!$G:$G,BOQ!$B113)","v":{"$error":"#VALUE!"}},{"$error":"#VALUE!"},{"$f":"SUMIFS('[20]WorkDone DATA'!$L:$L,'[20]WorkDone DATA'!$N:$N,BOQ!U$6,'[20]WorkDone DATA'!$G:$G,BOQ!$B113)","v":{"$error":"#VALUE!"}},{"$error":"#VALUE!"},null,{"$f":"SUMIFS('[20]WorkDone DATA'!$L:$L,'[20]WorkDone DATA'!$N:$N,BOQ!W$6,'[20]WorkDone DATA'!$G:$G,BOQ!$B113)*$G113","v":{"$error":"#VALUE!"}},null,{"$f":"SUMIFS('[20]WorkDone DATA'!$L:$L,'[20]WorkDone DATA'!$N:$N,BOQ!Y$6,'[20]WorkDone DATA'!$G:$G,BOQ!$B113)*$G113","v":{"$error":"#VALUE!"}},null,{"$f":"SUMIFS('[20]WorkDone DATA'!$L:$L,'[20]WorkDone DATA'!$N:$N,BOQ!AA$6,'[20]WorkDone DATA'!$G:$G,BOQ!$B113)*$G113","v":{"$error":"#VALUE!"}},{"$f":"SUMIFS('[20]WorkDone DATA'!$L:$L,'[20]WorkDone DATA'!$N:$N,BOQ!AB$6,'[20]WorkDone DATA'!$G:$G,BOQ!$B113)*$G113","v":{"$error":"#VALUE!"}},{"$f":"SUMIFS('[20]WorkDone DATA'!$L:$L,'[20]WorkDone DATA'!$N:$N,BOQ!AC$6,'[20]WorkDone DATA'!$G:$G,BOQ!$B113)*$G113","v":{"$error":"#VALUE!"}},{"$f":"SUMIFS('[20]WorkDone DATA'!$L:$L,'[20]WorkDone DATA'!$N:$N,BOQ!AD$6,'[20]WorkDone DATA'!$G:$G,BOQ!$B113)*$G113","v":{"$error":"#VALUE!"}},{"$f":"SUMIFS('[20]WorkDone DATA'!$L:$L,'[20]WorkDone DATA'!$N:$N,BOQ!AE$6,'[20]WorkDone DATA'!$G:$G,BOQ!$B113)*$G113","v":{"$error":"#VALUE!"}},{"$f":"SUMIFS('[20]WorkDone DATA'!$L:$L,'[20]WorkDone DATA'!$N:$N,BOQ!AF$6,'[20]WorkDone DATA'!$G:$G,BOQ!$B113)*$G113","v":{"$error":"#VALUE!"}},{"$f":"SUMIFS('[20]WorkDone DATA'!$L:$L,'[20]WorkDone DATA'!$N:$N,BOQ!AG$6,'[20]WorkDone DATA'!$G:$G,BOQ!$B113)*$G113","v":{"$error":"#VALUE!"}},{"$f":"SUMIFS('[20]WorkDone DATA'!$L:$L,'[20]WorkDone DATA'!$N:$N,BOQ!AH$6,'[20]WorkDone DATA'!$G:$G,BOQ!$B113)*$G113","v":{"$error":"#VALUE!"}},{"$f":"SUMIFS('[20]WorkDone DATA'!$L:$L,'[20]WorkDone DATA'!$N:$N,BOQ!AI$6,'[20]WorkDone DATA'!$G:$G,BOQ!$B113)*$G113","v":{"$error":"#VALUE!"}},{"$f":"SUMIFS('[20]WorkDone DATA'!$L:$L,'[20]WorkDone DATA'!$N:$N,BOQ!AJ$6,'[20]WorkDone DATA'!$G:$G,BOQ!$B113)*$G113","v":{"$error":"#VALUE!"}},{"$f":"SUMIFS('[20]WorkDone DATA'!$L:$L,'[20]WorkDone DATA'!$N:$N,BOQ!AK$6,'[20]WorkDone DATA'!$G:$G,BOQ!$B113)*$G113","v":{"$error":"#VALUE!"}},{"$f":"SUMIFS('[20]WorkDone DATA'!$L:$L,'[20]WorkDone DATA'!$N:$N,BOQ!AL$6,'[20]WorkDone DATA'!$G:$G,BOQ!$B113)*$G113","v":{"$error":"#VALUE!"}},{"$f":"SUMIFS('[20]WorkDone DATA'!$L:$L,'[20]WorkDone DATA'!$N:$N,BOQ!AM$6,'[20]WorkDone DATA'!$G:$G,BOQ!$B113)*$G113","v":{"$error":"#VALUE!"}},{"$f":"SUMIFS('[20]WorkDone DATA'!$L:$L,'[20]WorkDone DATA'!$N:$N,BOQ!AN$6,'[20]WorkDone DATA'!$G:$G,BOQ!$B113)*$G113","v":{"$error":"#VALUE!"}},{"$f":"SUMIFS('[20]WorkDone DATA'!$L:$L,'[20]WorkDone DATA'!$N:$N,BOQ!AO$6,'[20]WorkDone DATA'!$G:$G,BOQ!$B113)*$G113","v":{"$error":"#VALUE!"}},{"$f":"SUMIFS('[20]WorkDone DATA'!$L:$L,'[20]WorkDone DATA'!$N:$N,BOQ!AP$6,'[20]WorkDone DATA'!$G:$G,BOQ!$B113)*$G113","v":{"$error":"#VALUE!"}},{"$f":"SUMIFS('[20]WorkDone DATA'!$L:$L,'[20]WorkDone DATA'!$N:$N,BOQ!AQ$6,'[20]WorkDone DATA'!$G:$G,BOQ!$B113)*$G113","v":{"$error":"#VALUE!"}},{"$f":"SUMIFS('[20]WorkDone DATA'!$L:$L,'[20]WorkDone DATA'!$N:$N,BOQ!AR$6,'[20]WorkDone DATA'!$G:$G,BOQ!$B113)*$G113","v":{"$error":"#VALUE!"}},{"$f":"SUMIFS('[20]WorkDone DATA'!$L:$L,'[20]WorkDone DATA'!$N:$N,BOQ!AS$6,'[20]WorkDone DATA'!$G:$G,BOQ!$B113)*$G113","v":{"$error":"#VALUE!"}},{"$f":"SUMIFS('[20]WorkDone DATA'!$L:$L,'[20]WorkDone DATA'!$N:$N,BOQ!AT$6,'[20]WorkDone DATA'!$G:$G,BOQ!$B113)*$G113","v":{"$error":"#VALUE!"}},{"$f":"SUMIFS('[20]WorkDone DATA'!$L:$L,'[20]WorkDone DATA'!$N:$N,BOQ!AU$6,'[20]WorkDone DATA'!$G:$G,BOQ!$B113)*$G113","v":{"$error":"#VALUE!"}},{"$f":"SUMIFS('[20]WorkDone DATA'!$L:$L,'[20]WorkDone DATA'!$N:$N,BOQ!AV$6,'[20]WorkDone DATA'!$G:$G,BOQ!$B113)*$G113","v":{"$error":"#VALUE!"}},{"$f":"SUMIFS('[20]WorkDone DATA'!$L:$L,'[20]WorkDone DATA'!$N:$N,BOQ!AW$6,'[20]WorkDone DATA'!$G:$G,BOQ!$B113)*$G113","v":{"$error":"#VALUE!"}},{"$f":"SUMIFS('[20]WorkDone DATA'!$L:$L,'[20]WorkDone DATA'!$N:$N,BOQ!AX$6,'[20]WorkDone DATA'!$G:$G,BOQ!$B113)*$G113","v":{"$error":"#VALUE!"}},{"$f":"SUMIFS('[20]WorkDone DATA'!$L:$L,'[20]WorkDone DATA'!$N:$N,BOQ!AY$6,'[20]WorkDone DATA'!$G:$G,BOQ!$B113)*$G113","v":{"$error":"#VALUE!"}},{"$f":"SUMIFS('[20]WorkDone DATA'!$L:$L,'[20]WorkDone DATA'!$N:$N,BOQ!AZ$6,'[20]WorkDone DATA'!$G:$G,BOQ!$B113)*$G113","v":{"$error":"#VALUE!"}},{"$f":"SUMIFS('[20]WorkDone DATA'!$L:$L,'[20]WorkDone DATA'!$N:$N,BOQ!BA$6,'[20]WorkDone DATA'!$G:$G,BOQ!$B113)*$G113","v":{"$error":"#VALUE!"}},{"$f":"SUMIFS('[20]WorkDone DATA'!$L:$L,'[20]WorkDone DATA'!$N:$N,BOQ!BB$6,'[20]WorkDone DATA'!$G:$G,BOQ!$B113)*$G113","v":{"$error":"#VALUE!"}},{"$f":"SUMIFS('[20]WorkDone DATA'!$L:$L,'[20]WorkDone DATA'!$N:$N,BOQ!BC$6,'[20]WorkDone DATA'!$G:$G,BOQ!$B113)*$G113","v":{"$error":"#VALUE!"}},{"$f":"SUMIFS('[20]WorkDone DATA'!$L:$L,'[20]WorkDone DATA'!$N:$N,BOQ!BD$6,'[20]WorkDone DATA'!$G:$G,BOQ!$B113)*$G113","v":{"$error":"#VALUE!"}},{"$f":"SUMIFS('[20]WorkDone DATA'!$L:$L,'[20]WorkDone DATA'!$N:$N,BOQ!BE$6,'[20]WorkDone DATA'!$G:$G,BOQ!$B113)*$G113","v":{"$error":"#VALUE!"}},{"$f":"SUMIFS('[20]WorkDone DATA'!$L:$L,'[20]WorkDone DATA'!$N:$N,BOQ!BF$6,'[20]WorkDone DATA'!$G:$G,BOQ!$B113)*$G113","v":{"$error":"#VALUE!"}},{"$f":"SUMIFS('[20]WorkDone DATA'!$L:$L,'[20]WorkDone DATA'!$N:$N,BOQ!BG$6,'[20]WorkDone DATA'!$G:$G,BOQ!$B113)*$G113","v":{"$error":"#VALUE!"}},{"$f":"SUMIFS('[20]WorkDone DATA'!$L:$L,'[20]WorkDone DATA'!$N:$N,BOQ!BH$6,'[20]WorkDone DATA'!$G:$G,BOQ!$B113)*$G113","v":{"$error":"#VALUE!"}},{"$f":"SUMIFS('[20]WorkDone DATA'!$L:$L,'[20]WorkDone DATA'!$N:$N,BOQ!BI$6,'[20]WorkDone DATA'!$G:$G,BOQ!$B113)*$G113","v":{"$error":"#VALUE!"}},{"$f":"SUMIFS('[20]WorkDone DATA'!$L:$L,'[20]WorkDone DATA'!$N:$N,BOQ!BJ$6,'[20]WorkDone DATA'!$G:$G,BOQ!$B113)*$G113","v":{"$error":"#VALUE!"}},{"$f":"SUMIFS('[20]WorkDone DATA'!$L:$L,'[20]WorkDone DATA'!$N:$N,BOQ!BK$6,'[20]WorkDone DATA'!$G:$G,BOQ!$B113)*$G113","v":{"$error":"#VALUE!"}},{"$f":"SUMIFS('[20]WorkDone DATA'!$L:$L,'[20]WorkDone DATA'!$N:$N,BOQ!BL$6,'[20]WorkDone DATA'!$G:$G,BOQ!$B113)*$G113","v":{"$error":"#VALUE!"}},{"$f":"SUMIFS('[20]WorkDone DATA'!$L:$L,'[20]WorkDone DATA'!$N:$N,BOQ!BM$6,'[20]WorkDone DATA'!$G:$G,BOQ!$B113)*$G113","v":{"$error":"#VALUE!"}},{"$f":"SUMIFS('[20]WorkDone DATA'!$L:$L,'[20]WorkDone DATA'!$N:$N,BOQ!BN$6,'[20]WorkDone DATA'!$G:$G,BOQ!$B113)*$G113","v":{"$error":"#VALUE!"}},{"$f":"SUMIFS('[20]WorkDone DATA'!$L:$L,'[20]WorkDone DATA'!$N:$N,BOQ!BO$6,'[20]WorkDone DATA'!$G:$G,BOQ!$B113)*$G113","v":{"$error":"#VALUE!"}},{"$f":"SUMIFS('[20]WorkDone DATA'!$L:$L,'[20]WorkDone DATA'!$N:$N,BOQ!BP$6,'[20]WorkDone DATA'!$G:$G,BOQ!$B113)*$G113","v":{"$error":"#VALUE!"}},{"$f":"SUMIFS('[20]WorkDone DATA'!$L:$L,'[20]WorkDone DATA'!$N:$N,BOQ!BQ$6,'[20]WorkDone DATA'!$G:$G,BOQ!$B113)*$G113","v":{"$error":"#VALUE!"}},{"$f":"SUMIFS('[20]WorkDone DATA'!$L:$L,'[20]WorkDone DATA'!$N:$N,BOQ!BR$6,'[20]WorkDone DATA'!$G:$G,BOQ!$B113)*$G113","v":{"$error":"#VALUE!"}},{"$f":"SUMIFS('[20]WorkDone DATA'!$L:$L,'[20]WorkDone DATA'!$N:$N,BOQ!BS$6,'[20]WorkDone DATA'!$G:$G,BOQ!$B113)*$G113","v":{"$error":"#VALUE!"}},{"$f":"SUMIFS('[20]WorkDone DATA'!$L:$L,'[20]WorkDone DATA'!$N:$N,BOQ!BT$6,'[20]WorkDone DATA'!$G:$G,BOQ!$B113)*$G113","v":{"$error":"#VALUE!"}},{"$f":"SUMIFS('[20]WorkDone DATA'!$L:$L,'[20]WorkDone DATA'!$N:$N,BOQ!BU$6,'[20]WorkDone DATA'!$G:$G,BOQ!$B113)*$G113","v":{"$error":"#VALUE!"}},{"$f":"SUMIFS('[20]WorkDone DATA'!$L:$L,'[20]WorkDone DATA'!$N:$N,BOQ!BV$6,'[20]WorkDone DATA'!$G:$G,BOQ!$B113)*$G113","v":{"$error":"#VALUE!"}},{"$f":"SUMIFS('[20]WorkDone DATA'!$L:$L,'[20]WorkDone DATA'!$N:$N,BOQ!BW$6,'[20]WorkDone DATA'!$G:$G,BOQ!$B113)*$G113","v":{"$error":"#VALUE!"}},{"$f":"SUMIFS('[20]WorkDone DATA'!$L:$L,'[20]WorkDone DATA'!$N:$N,BOQ!BX$6,'[20]WorkDone DATA'!$G:$G,BOQ!$B113)*$G113","v":{"$error":"#VALUE!"}}]
["70mm x 3 core (CXG03NCV) 3.8kV/6.6kV",2.054,"70mm x 3 core (CXG03NCV) 3.8kV/6.6kV","C","each",72,182.15,{"v":13114.800000000001,"d":"13,114.80"},null,null,{"$error":"#VALUE!"},{"$error":"#VALUE!"},{"$error":"#VALUE!"},null,{"$error":"#VALUE!"},{"$error":"#VALUE!"},null,{"$f":"SUMIFS('[20]WorkDone DATA'!$L:$L,'[20]WorkDone DATA'!$N:$N,BOQ!S$6,'[20]WorkDone DATA'!$G:$G,BOQ!$B114)","v":{"$error":"#VALUE!"}},{"$error":"#VALUE!"},{"$f":"SUMIFS('[20]WorkDone DATA'!$L:$L,'[20]WorkDone DATA'!$N:$N,BOQ!U$6,'[20]WorkDone DATA'!$G:$G,BOQ!$B114)","v":{"$error":"#VALUE!"}},{"$error":"#VALUE!"},null,{"$f":"SUMIFS('[20]WorkDone DATA'!$L:$L,'[20]WorkDone DATA'!$N:$N,BOQ!W$6,'[20]WorkDone DATA'!$G:$G,BOQ!$B114)*$G114","v":{"$error":"#VALUE!"}},null,{"$f":"SUMIFS('[20]WorkDone DATA'!$L:$L,'[20]WorkDone DATA'!$N:$N,BOQ!Y$6,'[20]WorkDone DATA'!$G:$G,BOQ!$B114)*$G114","v":{"$error":"#VALUE!"}},null,{"$f":"SUMIFS('[20]WorkDone DATA'!$L:$L,'[20]WorkDone DATA'!$N:$N,BOQ!AA$6,'[20]WorkDone DATA'!$G:$G,BOQ!$B114)*$G114","v":{"$error":"#VALUE!"}},{"$f":"SUMIFS('[20]WorkDone DATA'!$L:$L,'[20]WorkDone DATA'!$N:$N,BOQ!AB$6,'[20]WorkDone DATA'!$G:$G,BOQ!$B114)*$G114","v":{"$error":"#VALUE!"}},{"$f":"SUMIFS('[20]WorkDone DATA'!$L:$L,'[20]WorkDone DATA'!$N:$N,BOQ!AC$6,'[20]WorkDone DATA'!$G:$G,BOQ!$B114)*$G114","v":{"$error":"#VALUE!"}},{"$f":"SUMIFS('[20]WorkDone DATA'!$L:$L,'[20]WorkDone DATA'!$N:$N,BOQ!AD$6,'[20]WorkDone DATA'!$G:$G,BOQ!$B114)*$G114","v":{"$error":"#VALUE!"}},{"$f":"SUMIFS('[20]WorkDone DATA'!$L:$L,'[20]WorkDone DATA'!$N:$N,BOQ!AE$6,'[20]WorkDone DATA'!$G:$G,BOQ!$B114)*$G114","v":{"$error":"#VALUE!"}},{"$f":"SUMIFS('[20]WorkDone DATA'!$L:$L,'[20]WorkDone DATA'!$N:$N,BOQ!AF$6,'[20]WorkDone DATA'!$G:$G,BOQ!$B114)*$G114","v":{"$error":"#VALUE!"}},{"$f":"SUMIFS('[20]WorkDone DATA'!$L:$L,'[20]WorkDone DATA'!$N:$N,BOQ!AG$6,'[20]WorkDone DATA'!$G:$G,BOQ!$B114)*$G114","v":{"$error":"#VALUE!"}},{"$f":"SUMIFS('[20]WorkDone DATA'!$L:$L,'[20]WorkDone DATA'!$N:$N,BOQ!AH$6,'[20]WorkDone DATA'!$G:$G,BOQ!$B114)*$G114","v":{"$error":"#VALUE!"}},{"$f":"SUMIFS('[20]WorkDone DATA'!$L:$L,'[20]WorkDone DATA'!$N:$N,BOQ!AI$6,'[20]WorkDone DATA'!$G:$G,BOQ!$B114)*$G114","v":{"$error":"#VALUE!"}},{"$f":"SUMIFS('[20]WorkDone DATA'!$L:$L,'[20]WorkDone DATA'!$N:$N,BOQ!AJ$6,'[20]WorkDone DATA'!$G:$G,BOQ!$B114)*$G114","v":{"$error":"#VALUE!"}},{"$f":"SUMIFS('[20]WorkDone DATA'!$L:$L,'[20]WorkDone DATA'!$N:$N,BOQ!AK$6,'[20]WorkDone DATA'!$G:$G,BOQ!$B114)*$G114","v":{"$error":"#VALUE!"}},{"$f":"SUMIFS('[20]WorkDone DATA'!$L:$L,'[20]WorkDone DATA'!$N:$N,BOQ!AL$6,'[20]WorkDone DATA'!$G:$G,BOQ!$B114)*$G114","v":{"$error":"#VALUE!"}},{"$f":"SUMIFS('[20]WorkDone DATA'!$L:$L,'[20]WorkDone DATA'!$N:$N,BOQ!AM$6,'[20]WorkDone DATA'!$G:$G,BOQ!$B114)*$G114","v":{"$error":"#VALUE!"}},{"$f":"SUMIFS('[20]WorkDone DATA'!$L:$L,'[20]WorkDone DATA'!$N:$N,BOQ!AN$6,'[20]WorkDone DATA'!$G:$G,BOQ!$B114)*$G114","v":{"$error":"#VALUE!"}},{"$f":"SUMIFS('[20]WorkDone DATA'!$L:$L,'[20]WorkDone DATA'!$N:$N,BOQ!AO$6,'[20]WorkDone DATA'!$G:$G,BOQ!$B114)*$G114","v":{"$error":"#VALUE!"}},{"$f":"SUMIFS('[20]WorkDone DATA'!$L:$L,'[20]WorkDone DATA'!$N:$N,BOQ!AP$6,'[20]WorkDone DATA'!$G:$G,BOQ!$B114)*$G114","v":{"$error":"#VALUE!"}},{"$f":"SUMIFS('[20]WorkDone DATA'!$L:$L,'[20]WorkDone DATA'!$N:$N,BOQ!AQ$6,'[20]WorkDone DATA'!$G:$G,BOQ!$B114)*$G114","v":{"$error":"#VALUE!"}},{"$f":"SUMIFS('[20]WorkDone DATA'!$L:$L,'[20]WorkDone DATA'!$N:$N,BOQ!AR$6,'[20]WorkDone DATA'!$G:$G,BOQ!$B114)*$G114","v":{"$error":"#VALUE!"}},{"$f":"SUMIFS('[20]WorkDone DATA'!$L:$L,'[20]WorkDone DATA'!$N:$N,BOQ!AS$6,'[20]WorkDone DATA'!$G:$G,BOQ!$B114)*$G114","v":{"$error":"#VALUE!"}},{"$f":"SUMIFS('[20]WorkDone DATA'!$L:$L,'[20]WorkDone DATA'!$N:$N,BOQ!AT$6,'[20]WorkDone DATA'!$G:$G,BOQ!$B114)*$G114","v":{"$error":"#VALUE!"}},{"$f":"SUMIFS('[20]WorkDone DATA'!$L:$L,'[20]WorkDone DATA'!$N:$N,BOQ!AU$6,'[20]WorkDone DATA'!$G:$G,BOQ!$B114)*$G114","v":{"$error":"#VALUE!"}},{"$f":"SUMIFS('[20]WorkDone DATA'!$L:$L,'[20]WorkDone DATA'!$N:$N,BOQ!AV$6,'[20]WorkDone DATA'!$G:$G,BOQ!$B114)*$G114","v":{"$error":"#VALUE!"}},{"$f":"SUMIFS('[20]WorkDone DATA'!$L:$L,'[20]WorkDone DATA'!$N:$N,BOQ!AW$6,'[20]WorkDone DATA'!$G:$G,BOQ!$B114)*$G114","v":{"$error":"#VALUE!"}},{"$f":"SUMIFS('[20]WorkDone DATA'!$L:$L,'[20]WorkDone DATA'!$N:$N,BOQ!AX$6,'[20]WorkDone DATA'!$G:$G,BOQ!$B114)*$G114","v":{"$error":"#VALUE!"}},{"$f":"SUMIFS('[20]WorkDone DATA'!$L:$L,'[20]WorkDone DATA'!$N:$N,BOQ!AY$6,'[20]WorkDone DATA'!$G:$G,BOQ!$B114)*$G114","v":{"$error":"#VALUE!"}},{"$f":"SUMIFS('[20]WorkDone DATA'!$L:$L,'[20]WorkDone DATA'!$N:$N,BOQ!AZ$6,'[20]WorkDone DATA'!$G:$G,BOQ!$B114)*$G114","v":{"$error":"#VALUE!"}},{"$f":"SUMIFS('[20]WorkDone DATA'!$L:$L,'[20]WorkDone DATA'!$N:$N,BOQ!BA$6,'[20]WorkDone DATA'!$G:$G,BOQ!$B114)*$G114","v":{"$error":"#VALUE!"}},{"$f":"SUMIFS('[20]WorkDone DATA'!$L:$L,'[20]WorkDone DATA'!$N:$N,BOQ!BB$6,'[20]WorkDone DATA'!$G:$G,BOQ!$B114)*$G114","v":{"$error":"#VALUE!"}},{"$f":"SUMIFS('[20]WorkDone DATA'!$L:$L,'[20]WorkDone DATA'!$N:$N,BOQ!BC$6,'[20]WorkDone DATA'!$G:$G,BOQ!$B114)*$G114","v":{"$error":"#VALUE!"}},{"$f":"SUMIFS('[20]WorkDone DATA'!$L:$L,'[20]WorkDone DATA'!$N:$N,BOQ!BD$6,'[20]WorkDone DATA'!$G:$G,BOQ!$B114)*$G114","v":{"$error":"#VALUE!"}},{"$f":"SUMIFS('[20]WorkDone DATA'!$L:$L,'[20]WorkDone DATA'!$N:$N,BOQ!BE$6,'[20]WorkDone DATA'!$G:$G,BOQ!$B114)*$G114","v":{"$error":"#VALUE!"}},{"$f":"SUMIFS('[20]WorkDone DATA'!$L:$L,'[20]WorkDone DATA'!$N:$N,BOQ!BF$6,'[20]WorkDone DATA'!$G:$G,BOQ!$B114)*$G114","v":{"$error":"#VALUE!"}},{"$f":"SUMIFS('[20]WorkDone DATA'!$L:$L,'[20]WorkDone DATA'!$N:$N,BOQ!BG$6,'[20]WorkDone DATA'!$G:$G,BOQ!$B114)*$G114","v":{"$error":"#VALUE!"}},{"$f":"SUMIFS('[20]WorkDone DATA'!$L:$L,'[20]WorkDone DATA'!$N:$N,BOQ!BH$6,'[20]WorkDone DATA'!$G:$G,BOQ!$B114)*$G114","v":{"$error":"#VALUE!"}},{"$f":"SUMIFS('[20]WorkDone DATA'!$L:$L,'[20]WorkDone DATA'!$N:$N,BOQ!BI$6,'[20]WorkDone DATA'!$G:$G,BOQ!$B114)*$G114","v":{"$error":"#VALUE!"}},{"$f":"SUMIFS('[20]WorkDone DATA'!$L:$L,'[20]WorkDone DATA'!$N:$N,BOQ!BJ$6,'[20]WorkDone DATA'!$G:$G,BOQ!$B114)*$G114","v":{"$error":"#VALUE!"}},{"$f":"SUMIFS('[20]WorkDone DATA'!$L:$L,'[20]WorkDone DATA'!$N:$N,BOQ!BK$6,'[20]WorkDone DATA'!$G:$G,BOQ!$B114)*$G114","v":{"$error":"#VALUE!"}},{"$f":"SUMIFS('[20]WorkDone DATA'!$L:$L,'[20]WorkDone DATA'!$N:$N,BOQ!BL$6,'[20]WorkDone DATA'!$G:$G,BOQ!$B114)*$G114","v":{"$error":"#VALUE!"}},{"$f":"SUMIFS('[20]WorkDone DATA'!$L:$L,'[20]WorkDone DATA'!$N:$N,BOQ!BM$6,'[20]WorkDone DATA'!$G:$G,BOQ!$B114)*$G114","v":{"$error":"#VALUE!"}},{"$f":"SUMIFS('[20]WorkDone DATA'!$L:$L,'[20]WorkDone DATA'!$N:$N,BOQ!BN$6,'[20]WorkDone DATA'!$G:$G,BOQ!$B114)*$G114","v":{"$error":"#VALUE!"}},{"$f":"SUMIFS('[20]WorkDone DATA'!$L:$L,'[20]WorkDone DATA'!$N:$N,BOQ!BO$6,'[20]WorkDone DATA'!$G:$G,BOQ!$B114)*$G114","v":{"$error":"#VALUE!"}},{"$f":"SUMIFS('[20]WorkDone DATA'!$L:$L,'[20]WorkDone DATA'!$N:$N,BOQ!BP$6,'[20]WorkDone DATA'!$G:$G,BOQ!$B114)*$G114","v":{"$error":"#VALUE!"}},{"$f":"SUMIFS('[20]WorkDone DATA'!$L:$L,'[20]WorkDone DATA'!$N:$N,BOQ!BQ$6,'[20]WorkDone DATA'!$G:$G,BOQ!$B114)*$G114","v":{"$error":"#VALUE!"}},{"$f":"SUMIFS('[20]WorkDone DATA'!$L:$L,'[20]WorkDone DATA'!$N:$N,BOQ!BR$6,'[20]WorkDone DATA'!$G:$G,BOQ!$B114)*$G114","v":{"$error":"#VALUE!"}},{"$f":"SUMIFS('[20]WorkDone DATA'!$L:$L,'[20]WorkDone DATA'!$N:$N,BOQ!BS$6,'[20]WorkDone DATA'!$G:$G,BOQ!$B114)*$G114","v":{"$error":"#VALUE!"}},{"$f":"SUMIFS('[20]WorkDone DATA'!$L:$L,'[20]WorkDone DATA'!$N:$N,BOQ!BT$6,'[20]WorkDone DATA'!$G:$G,BOQ!$B114)*$G114","v":{"$error":"#VALUE!"}},{"$f":"SUMIFS('[20]WorkDone DATA'!$L:$L,'[20]WorkDone DATA'!$N:$N,BOQ!BU$6,'[20]WorkDone DATA'!$G:$G,BOQ!$B114)*$G114","v":{"$error":"#VALUE!"}},{"$f":"SUMIFS('[20]WorkDone DATA'!$L:$L,'[20]WorkDone DATA'!$N:$N,BOQ!BV$6,'[20]WorkDone DATA'!$G:$G,BOQ!$B114)*$G114","v":{"$error":"#VALUE!"}},{"$f":"SUMIFS('[20]WorkDone DATA'!$L:$L,'[20]WorkDone DATA'!$N:$N,BOQ!BW$6,'[20]WorkDone DATA'!$G:$G,BOQ!$B114)*$G114","v":{"$error":"#VALUE!"}},{"$f":"SUMIFS('[20]WorkDone DATA'!$L:$L,'[20]WorkDone DATA'!$N:$N,BOQ!BX$6,'[20]WorkDone DATA'!$G:$G,BOQ!$B114)*$G114","v":{"$error":"#VALUE!"}}]
["240mm2 x 3 core (CPW03TCV) 3.8kV/6.6kV",2.055,"240mm2 x 3 core (CPW03TCV) 3.8kV/6.6kV","C","each",30,182.15,{"v":5464.5,"d":"5,464.50"},null,null,{"$error":"#VALUE!"},{"$error":"#VALUE!"},{"$error":"#VALUE!"},null,{"$error":"#VALUE!"},{"$error":"#VALUE!"},null,{"$f":"SUMIFS('[20]WorkDone DATA'!$L:$L,'[20]WorkDone DATA'!$N:$N,BOQ!S$6,'[20]WorkDone DATA'!$G:$G,BOQ!$B115)","v":{"$error":"#VALUE!"}},{"$error":"#VALUE!"},{"$f":"SUMIFS('[20]WorkDone DATA'!$L:$L,'[20]WorkDone DATA'!$N:$N,BOQ!U$6,'[20]WorkDone DATA'!$G:$G,BOQ!$B115)","v":{"$error":"#VALUE!"}},{"$error":"#VALUE!"},null,{"$f":"SUMIFS('[20]WorkDone DATA'!$L:$L,'[20]WorkDone DATA'!$N:$N,BOQ!W$6,'[20]WorkDone DATA'!$G:$G,BOQ!$B115)*$G115","v":{"$error":"#VALUE!"}},null,{"$f":"SUMIFS('[20]WorkDone DATA'!$L:$L,'[20]WorkDone DATA'!$N:$N,BOQ!Y$6,'[20]WorkDone DATA'!$G:$G,BOQ!$B115)*$G115","v":{"$error":"#VALUE!"}},null,{"$f":"SUMIFS('[20]WorkDone DATA'!$L:$L,'[20]WorkDone DATA'!$N:$N,BOQ!AA$6,'[20]WorkDone DATA'!$G:$G,BOQ!$B115)*$G115","v":{"$error":"#VALUE!"}},{"$f":"SUMIFS('[20]WorkDone DATA'!$L:$L,'[20]WorkDone DATA'!$N:$N,BOQ!AB$6,'[20]WorkDone DATA'!$G:$G,BOQ!$B115)*$G115","v":{"$error":"#VALUE!"}},{"$f":"SUMIFS('[20]WorkDone DATA'!$L:$L,'[20]WorkDone DATA'!$N:$N,BOQ!AC$6,'[20]WorkDone DATA'!$G:$G,BOQ!$B115)*$G115","v":{"$error":"#VALUE!"}},{"$f":"SUMIFS('[20]WorkDone DATA'!$L:$L,'[20]WorkDone DATA'!$N:$N,BOQ!AD$6,'[20]WorkDone DATA'!$G:$G,BOQ!$B115)*$G115","v":{"$error":"#VALUE!"}},{"$f":"SUMIFS('[20]WorkDone DATA'!$L:$L,'[20]WorkDone DATA'!$N:$N,BOQ!AE$6,'[20]WorkDone DATA'!$G:$G,BOQ!$B115)*$G115","v":{"$error":"#VALUE!"}},{"$f":"SUMIFS('[20]WorkDone DATA'!$L:$L,'[20]WorkDone DATA'!$N:$N,BOQ!AF$6,'[20]WorkDone DATA'!$G:$G,BOQ!$B115)*$G115","v":{"$error":"#VALUE!"}},{"$f":"SUMIFS('[20]WorkDone DATA'!$L:$L,'[20]WorkDone DATA'!$N:$N,BOQ!AG$6,'[20]WorkDone DATA'!$G:$G,BOQ!$B115)*$G115","v":{"$error":"#VALUE!"}},{"$f":"SUMIFS('[20]WorkDone DATA'!$L:$L,'[20]WorkDone DATA'!$N:$N,BOQ!AH$6,'[20]WorkDone DATA'!$G:$G,BOQ!$B115)*$G115","v":{"$error":"#VALUE!"}},{"$f":"SUMIFS('[20]WorkDone DATA'!$L:$L,'[20]WorkDone DATA'!$N:$N,BOQ!AI$6,'[20]WorkDone DATA'!$G:$G,BOQ!$B115)*$G115","v":{"$error":"#VALUE!"}},{"$f":"SUMIFS('[20]WorkDone DATA'!$L:$L,'[20]WorkDone DATA'!$N:$N,BOQ!AJ$6,'[20]WorkDone DATA'!$G:$G,BOQ!$B115)*$G115","v":{"$error":"#VALUE!"}},{"$f":"SUMIFS('[20]WorkDone DATA'!$L:$L,'[20]WorkDone DATA'!$N:$N,BOQ!AK$6,'[20]WorkDone DATA'!$G:$G,BOQ!$B115)*$G115","v":{"$error":"#VALUE!"}},{"$f":"SUMIFS('[20]WorkDone DATA'!$L:$L,'[20]WorkDone DATA'!$N:$N,BOQ!AL$6,'[20]WorkDone DATA'!$G:$G,BOQ!$B115)*$G115","v":{"$error":"#VALUE!"}},{"$f":"SUMIFS('[20]WorkDone DATA'!$L:$L,'[20]WorkDone DATA'!$N:$N,BOQ!AM$6,'[20]WorkDone DATA'!$G:$G,BOQ!$B115)*$G115","v":{"$error":"#VALUE!"}},{"$f":"SUMIFS('[20]WorkDone DATA'!$L:$L,'[20]WorkDone DATA'!$N:$N,BOQ!AN$6,'[20]WorkDone DATA'!$G:$G,BOQ!$B115)*$G115","v":{"$error":"#VALUE!"}},{"$f":"SUMIFS('[20]WorkDone DATA'!$L:$L,'[20]WorkDone DATA'!$N:$N,BOQ!AO$6,'[20]WorkDone DATA'!$G:$G,BOQ!$B115)*$G115","v":{"$error":"#VALUE!"}},{"$f":"SUMIFS('[20]WorkDone DATA'!$L:$L,'[20]WorkDone DATA'!$N:$N,BOQ!AP$6,'[20]WorkDone DATA'!$G:$G,BOQ!$B115)*$G115","v":{"$error":"#VALUE!"}},{"$f":"SUMIFS('[20]WorkDone DATA'!$L:$L,'[20]WorkDone DATA'!$N:$N,BOQ!AQ$6,'[20]WorkDone DATA'!$G:$G,BOQ!$B115)*$G115","v":{"$error":"#VALUE!"}},{"$f":"SUMIFS('[20]WorkDone DATA'!$L:$L,'[20]WorkDone DATA'!$N:$N,BOQ!AR$6,'[20]WorkDone DATA'!$G:$G,BOQ!$B115)*$G115","v":{"$error":"#VALUE!"}},{"$f":"SUMIFS('[20]WorkDone DATA'!$L:$L,'[20]WorkDone DATA'!$N:$N,BOQ!AS$6,'[20]WorkDone DATA'!$G:$G,BOQ!$B115)*$G115","v":{"$error":"#VALUE!"}},{"$f":"SUMIFS('[20]WorkDone DATA'!$L:$L,'[20]WorkDone DATA'!$N:$N,BOQ!AT$6,'[20]WorkDone DATA'!$G:$G,BOQ!$B115)*$G115","v":{"$error":"#VALUE!"}},{"$f":"SUMIFS('[20]WorkDone DATA'!$L:$L,'[20]WorkDone DATA'!$N:$N,BOQ!AU$6,'[20]WorkDone DATA'!$G:$G,BOQ!$B115)*$G115","v":{"$error":"#VALUE!"}},{"$f":"SUMIFS('[20]WorkDone DATA'!$L:$L,'[20]WorkDone DATA'!$N:$N,BOQ!AV$6,'[20]WorkDone DATA'!$G:$G,BOQ!$B115)*$G115","v":{"$error":"#VALUE!"}},{"$f":"SUMIFS('[20]WorkDone DATA'!$L:$L,'[20]WorkDone DATA'!$N:$N,BOQ!AW$6,'[20]WorkDone DATA'!$G:$G,BOQ!$B115)*$G115","v":{"$error":"#VALUE!"}},{"$f":"SUMIFS('[20]WorkDone DATA'!$L:$L,'[20]WorkDone DATA'!$N:$N,BOQ!AX$6,'[20]WorkDone DATA'!$G:$G,BOQ!$B115)*$G115","v":{"$error":"#VALUE!"}},{"$f":"SUMIFS('[20]WorkDone DATA'!$L:$L,'[20]WorkDone DATA'!$N:$N,BOQ!AY$6,'[20]WorkDone DATA'!$G:$G,BOQ!$B115)*$G115","v":{"$error":"#VALUE!"}},{"$f":"SUMIFS('[20]WorkDone DATA'!$L:$L,'[20]WorkDone DATA'!$N:$N,BOQ!AZ$6,'[20]WorkDone DATA'!$G:$G,BOQ!$B115)*$G115","v":{"$error":"#VALUE!"}},{"$f":"SUMIFS('[20]WorkDone DATA'!$L:$L,'[20]WorkDone DATA'!$N:$N,BOQ!BA$6,'[20]WorkDone DATA'!$G:$G,BOQ!$B115)*$G115","v":{"$error":"#VALUE!"}},{"$f":"SUMIFS('[20]WorkDone DATA'!$L:$L,'[20]WorkDone DATA'!$N:$N,BOQ!BB$6,'[20]WorkDone DATA'!$G:$G,BOQ!$B115)*$G115","v":{"$error":"#VALUE!"}},{"$f":"SUMIFS('[20]WorkDone DATA'!$L:$L,'[20]WorkDone DATA'!$N:$N,BOQ!BC$6,'[20]WorkDone DATA'!$G:$G,BOQ!$B115)*$G115","v":{"$error":"#VALUE!"}},{"$f":"SUMIFS('[20]WorkDone DATA'!$L:$L,'[20]WorkDone DATA'!$N:$N,BOQ!BD$6,'[20]WorkDone DATA'!$G:$G,BOQ!$B115)*$G115","v":{"$error":"#VALUE!"}},{"$f":"SUMIFS('[20]WorkDone DATA'!$L:$L,'[20]WorkDone DATA'!$N:$N,BOQ!BE$6,'[20]WorkDone DATA'!$G:$G,BOQ!$B115)*$G115","v":{"$error":"#VALUE!"}},{"$f":"SUMIFS('[20]WorkDone DATA'!$L:$L,'[20]WorkDone DATA'!$N:$N,BOQ!BF$6,'[20]WorkDone DATA'!$G:$G,BOQ!$B115)*$G115","v":{"$error":"#VALUE!"}},{"$f":"SUMIFS('[20]WorkDone DATA'!$L:$L,'[20]WorkDone DATA'!$N:$N,BOQ!BG$6,'[20]WorkDone DATA'!$G:$G,BOQ!$B115)*$G115","v":{"$error":"#VALUE!"}},{"$f":"SUMIFS('[20]WorkDone DATA'!$L:$L,'[20]WorkDone DATA'!$N:$N,BOQ!BH$6,'[20]WorkDone DATA'!$G:$G,BOQ!$B115)*$G115","v":{"$error":"#VALUE!"}},{"$f":"SUMIFS('[20]WorkDone DATA'!$L:$L,'[20]WorkDone DATA'!$N:$N,BOQ!BI$6,'[20]WorkDone DATA'!$G:$G,BOQ!$B115)*$G115","v":{"$error":"#VALUE!"}},{"$f":"SUMIFS('[20]WorkDone DATA'!$L:$L,'[20]WorkDone DATA'!$N:$N,BOQ!BJ$6,'[20]WorkDone DATA'!$G:$G,BOQ!$B115)*$G115","v":{"$error":"#VALUE!"}},{"$f":"SUMIFS('[20]WorkDone DATA'!$L:$L,'[20]WorkDone DATA'!$N:$N,BOQ!BK$6,'[20]WorkDone DATA'!$G:$G,BOQ!$B115)*$G115","v":{"$error":"#VALUE!"}},{"$f":"SUMIFS('[20]WorkDone DATA'!$L:$L,'[20]WorkDone DATA'!$N:$N,BOQ!BL$6,'[20]WorkDone DATA'!$G:$G,BOQ!$B115)*$G115","v":{"$error":"#VALUE!"}},{"$f":"SUMIFS('[20]WorkDone DATA'!$L:$L,'[20]WorkDone DATA'!$N:$N,BOQ!BM$6,'[20]WorkDone DATA'!$G:$G,BOQ!$B115)*$G115","v":{"$error":"#VALUE!"}},{"$f":"SUMIFS('[20]WorkDone DATA'!$L:$L,'[20]WorkDone DATA'!$N:$N,BOQ!BN$6,'[20]WorkDone DATA'!$G:$G,BOQ!$B115)*$G115","v":{"$error":"#VALUE!"}},{"$f":"SUMIFS('[20]WorkDone DATA'!$L:$L,'[20]WorkDone DATA'!$N:$N,BOQ!BO$6,'[20]WorkDone DATA'!$G:$G,BOQ!$B115)*$G115","v":{"$error":"#VALUE!"}},{"$f":"SUMIFS('[20]WorkDone DATA'!$L:$L,'[20]WorkDone DATA'!$N:$N,BOQ!BP$6,'[20]WorkDone DATA'!$G:$G,BOQ!$B115)*$G115","v":{"$error":"#VALUE!"}},{"$f":"SUMIFS('[20]WorkDone DATA'!$L:$L,'[20]WorkDone DATA'!$N:$N,BOQ!BQ$6,'[20]WorkDone DATA'!$G:$G,BOQ!$B115)*$G115","v":{"$error":"#VALUE!"}},{"$f":"SUMIFS('[20]WorkDone DATA'!$L:$L,'[20]WorkDone DATA'!$N:$N,BOQ!BR$6,'[20]WorkDone DATA'!$G:$G,BOQ!$B115)*$G115","v":{"$error":"#VALUE!"}},{"$f":"SUMIFS('[20]WorkDone DATA'!$L:$L,'[20]WorkDone DATA'!$N:$N,BOQ!BS$6,'[20]WorkDone DATA'!$G:$G,BOQ!$B115)*$G115","v":{"$error":"#VALUE!"}},{"$f":"SUMIFS('[20]WorkDone DATA'!$L:$L,'[20]WorkDone DATA'!$N:$N,BOQ!BT$6,'[20]WorkDone DATA'!$G:$G,BOQ!$B115)*$G115","v":{"$error":"#VALUE!"}},{"$f":"SUMIFS('[20]WorkDone DATA'!$L:$L,'[20]WorkDone DATA'!$N:$N,BOQ!BU$6,'[20]WorkDone DATA'!$G:$G,BOQ!$B115)*$G115","v":{"$error":"#VALUE!"}},{"$f":"SUMIFS('[20]WorkDone DATA'!$L:$L,'[20]WorkDone DATA'!$N:$N,BOQ!BV$6,'[20]WorkDone DATA'!$G:$G,BOQ!$B115)*$G115","v":{"$error":"#VALUE!"}},{"$f":"SUMIFS('[20]WorkDone DATA'!$L:$L,'[20]WorkDone DATA'!$N:$N,BOQ!BW$6,'[20]WorkDone DATA'!$G:$G,BOQ!$B115)*$G115","v":{"$error":"#VALUE!"}},{"$f":"SUMIFS('[20]WorkDone DATA'!$L:$L,'[20]WorkDone DATA'!$N:$N,BOQ!BX$6,'[20]WorkDone DATA'!$G:$G,BOQ!$B115)*$G115","v":{"$error":"#VALUE!"}}]
[null,null,"Sub-Total for 6 Units",{"$nulls":4},0,{"$nulls":3},{"$error":"#VALUE!"},{"$error":"#VALUE!"},null,0,{"$error":"#VALUE!"},null,{"$f":"SUMIFS('[20]WorkDone DATA'!$L:$L,'[20]WorkDone DATA'!$N:$N,BOQ!S$6,'[20]WorkDone DATA'!$G:$G,BOQ!$B116)","v":{"$error":"#VALUE!"}},{"$error":"#VALUE!"},{"$f":"SUMIFS('[20]WorkDone DATA'!$L:$L,'[20]WorkDone DATA'!$N:$N,BOQ!U$6,'[20]WorkDone DATA'!$G:$G,BOQ!$B116)","v":{"$error":"#VALUE!"}},{"$error":"#VALUE!"},null,{"$f":"SUMIFS('[20]WorkDone DATA'!$L:$L,'[20]WorkDone DATA'!$N:$N,BOQ!W$6,'[20]WorkDone DATA'!$G:$G,BOQ!$B116)*$G116","v":{"$error":"#VALUE!"}},null,{"$f":"SUMIFS('[20]WorkDone DATA'!$L:$L,'[20]WorkDone DATA'!$N:$N,BOQ!Y$6,'[20]WorkDone DATA'!$G:$G,BOQ!$B116)*$G116","v":{"$error":"#VALUE!"}},null,{"$f":"SUMIFS('[20]WorkDone DATA'!$L:$L,'[20]WorkDone DATA'!$N:$N,BOQ!AA$6,'[20]WorkDone DATA'!$G:$G,BOQ!$B116)*$G116","v":{"$error":"#VALUE!"}},{"$f":"SUMIFS('[20]WorkDone DATA'!$L:$L,'[20]WorkDone DATA'!$N:$N,BOQ!AB$6,'[20]WorkDone DATA'!$G:$G,BOQ!$B116)*$G116","v":{"$error":"#VALUE!"}},{"$f":"SUMIFS('[20]WorkDone DATA'!$L:$L,'[20]WorkDone DATA'!$N:$N,BOQ!AC$6,'[20]WorkDone DATA'!$G:$G,BOQ!$B116)*$G116","v":{"$error":"#VALUE!"}},{"$f":"SUMIFS('[20]WorkDone DATA'!$L:$L,'[20]WorkDone DATA'!$N:$N,BOQ!AD$6,'[20]WorkDone DATA'!$G:$G,BOQ!$B116)*$G116","v":{"$error":"#VALUE!"}},{"$f":"SUMIFS('[20]WorkDone DATA'!$L:$L,'[20]WorkDone DATA'!$N:$N,BOQ!AE$6,'[20]WorkDone DATA'!$G:$G,BOQ!$B116)*$G116","v":{"$error":"#VALUE!"}},{"$f":"SUMIFS('[20]WorkDone DATA'!$L:$L,'[20]WorkDone DATA'!$N:$N,BOQ!AF$6,'[20]WorkDone DATA'!$G:$G,BOQ!$B116)*$G116","v":{"$error":"#VALUE!"}},{"$f":"SUMIFS('[20]WorkDone DATA'!$L:$L,'[20]WorkDone DATA'!$N:$N,BOQ!AG$6,'[20]WorkDone DATA'!$G:$G,BOQ!$B116)*$G116","v":{"$error":"#VALUE!"}},{"$f":"SUMIFS('[20]WorkDone DATA'!$L:$L,'[20]WorkDone DATA'!$N:$N,BOQ!AH$6,'[20]WorkDone DATA'!$G:$G,BOQ!$B116)*$G116","v":{"$error":"#VALUE!"}},{"$f":"SUMIFS('[20]WorkDone DATA'!$L:$L,'[20]WorkDone DATA'!$N:$N,BOQ!AI$6,'[20]WorkDone DATA'!$G:$G,BOQ!$B116)*$G116","v":{"$error":"#VALUE!"}},{"$f":"SUMIFS('[20]WorkDone DATA'!$L:$L,'[20]WorkDone DATA'!$N:$N,BOQ!AJ$6,'[20]WorkDone DATA'!$G:$G,BOQ!$B116)*$G116","v":{"$error":"#VALUE!"}},{"$f":"SUMIFS('[20]WorkDone DATA'!$L:$L,'[20]WorkDone DATA'!$N:$N,BOQ!AK$6,'[20]WorkDone DATA'!$G:$G,BOQ!$B116)*$G116","v":{"$error":"#VALUE!"}},{"$f":"SUMIFS('[20]WorkDone DATA'!$L:$L,'[20]WorkDone DATA'!$N:$N,BOQ!AL$6,'[20]WorkDone DATA'!$G:$G,BOQ!$B116)*$G116","v":{"$error":"#VALUE!"}},{"$f":"SUMIFS('[20]WorkDone DATA'!$L:$L,'[20]WorkDone DATA'!$N:$N,BOQ!AM$6,'[20]WorkDone DATA'!$G:$G,BOQ!$B116)*$G116","v":{"$error":"#VALUE!"}},{"$f":"SUMIFS('[20]WorkDone DATA'!$L:$L,'[20]WorkDone DATA'!$N:$N,BOQ!AN$6,'[20]WorkDone DATA'!$G:$G,BOQ!$B116)*$G116","v":{"$error":"#VALUE!"}},{"$f":"SUMIFS('[20]WorkDone DATA'!$L:$L,'[20]WorkDone DATA'!$N:$N,BOQ!AO$6,'[20]WorkDone DATA'!$G:$G,BOQ!$B116)*$G116","v":{"$error":"#VALUE!"}},{"$f":"SUMIFS('[20]WorkDone DATA'!$L:$L,'[20]WorkDone DATA'!$N:$N,BOQ!AP$6,'[20]WorkDone DATA'!$G:$G,BOQ!$B116)*$G116","v":{"$error":"#VALUE!"}},{"$f":"SUMIFS('[20]WorkDone DATA'!$L:$L,'[20]WorkDone DATA'!$N:$N,BOQ!AQ$6,'[20]WorkDone DATA'!$G:$G,BOQ!$B116)*$G116","v":{"$error":"#VALUE!"}},{"$f":"SUMIFS('[20]WorkDone DATA'!$L:$L,'[20]WorkDone DATA'!$N:$N,BOQ!AR$6,'[20]WorkDone DATA'!$G:$G,BOQ!$B116)*$G116","v":{"$error":"#VALUE!"}},{"$f":"SUMIFS('[20]WorkDone DATA'!$L:$L,'[20]WorkDone DATA'!$N:$N,BOQ!AS$6,'[20]WorkDone DATA'!$G:$G,BOQ!$B116)*$G116","v":{"$error":"#VALUE!"}},{"$f":"SUMIFS('[20]WorkDone DATA'!$L:$L,'[20]WorkDone DATA'!$N:$N,BOQ!AT$6,'[20]WorkDone DATA'!$G:$G,BOQ!$B116)*$G116","v":{"$error":"#VALUE!"}},{"$f":"SUMIFS('[20]WorkDone DATA'!$L:$L,'[20]WorkDone DATA'!$N:$N,BOQ!AU$6,'[20]WorkDone DATA'!$G:$G,BOQ!$B116)*$G116","v":{"$error":"#VALUE!"}},{"$f":"SUMIFS('[20]WorkDone DATA'!$L:$L,'[20]WorkDone DATA'!$N:$N,BOQ!AV$6,'[20]WorkDone DATA'!$G:$G,BOQ!$B116)*$G116","v":{"$error":"#VALUE!"}},{"$f":"SUMIFS('[20]WorkDone DATA'!$L:$L,'[20]WorkDone DATA'!$N:$N,BOQ!AW$6,'[20]WorkDone DATA'!$G:$G,BOQ!$B116)*$G116","v":{"$error":"#VALUE!"}},{"$f":"SUMIFS('[20]WorkDone DATA'!$L:$L,'[20]WorkDone DATA'!$N:$N,BOQ!AX$6,'[20]WorkDone DATA'!$G:$G,BOQ!$B116)*$G116","v":{"$error":"#VALUE!"}},{"$f":"SUMIFS('[20]WorkDone DATA'!$L:$L,'[20]WorkDone DATA'!$N:$N,BOQ!AY$6,'[20]WorkDone DATA'!$G:$G,BOQ!$B116)*$G116","v":{"$error":"#VALUE!"}},{"$f":"SUMIFS('[20]WorkDone DATA'!$L:$L,'[20]WorkDone DATA'!$N:$N,BOQ!AZ$6,'[20]WorkDone DATA'!$G:$G,BOQ!$B116)*$G116","v":{"$error":"#VALUE!"}},{"$f":"SUMIFS('[20]WorkDone DATA'!$L:$L,'[20]WorkDone DATA'!$N:$N,BOQ!BA$6,'[20]WorkDone DATA'!$G:$G,BOQ!$B116)*$G116","v":{"$error":"#VALUE!"}},{"$f":"SUMIFS('[20]WorkDone DATA'!$L:$L,'[20]WorkDone DATA'!$N:$N,BOQ!BB$6,'[20]WorkDone DATA'!$G:$G,BOQ!$B116)*$G116","v":{"$error":"#VALUE!"}},{"$f":"SUMIFS('[20]WorkDone DATA'!$L:$L,'[20]WorkDone DATA'!$N:$N,BOQ!BC$6,'[20]WorkDone DATA'!$G:$G,BOQ!$B116)*$G116","v":{"$error":"#VALUE!"}},{"$f":"SUMIFS('[20]WorkDone DATA'!$L:$L,'[20]WorkDone DATA'!$N:$N,BOQ!BD$6,'[20]WorkDone DATA'!$G:$G,BOQ!$B116)*$G116","v":{"$error":"#VALUE!"}},{"$f":"SUMIFS('[20]WorkDone DATA'!$L:$L,'[20]WorkDone DATA'!$N:$N,BOQ!BE$6,'[20]WorkDone DATA'!$G:$G,BOQ!$B116)*$G116","v":{"$error":"#VALUE!"}},{"$f":"SUMIFS('[20]WorkDone DATA'!$L:$L,'[20]WorkDone DATA'!$N:$N,BOQ!BF$6,'[20]WorkDone DATA'!$G:$G,BOQ!$B116)*$G116","v":{"$error":"#VALUE!"}},{"$f":"SUMIFS('[20]WorkDone DATA'!$L:$L,'[20]WorkDone DATA'!$N:$N,BOQ!BG$6,'[20]WorkDone DATA'!$G:$G,BOQ!$B116)*$G116","v":{"$error":"#VALUE!"}},{"$f":"SUMIFS('[20]WorkDone DATA'!$L:$L,'[20]WorkDone DATA'!$N:$N,BOQ!BH$6,'[20]WorkDone DATA'!$G:$G,BOQ!$B116)*$G116","v":{"$error":"#VALUE!"}},{"$f":"SUMIFS('[20]WorkDone DATA'!$L:$L,'[20]WorkDone DATA'!$N:$N,BOQ!BI$6,'[20]WorkDone DATA'!$G:$G,BOQ!$B116)*$G116","v":{"$error":"#VALUE!"}},{"$f":"SUMIFS('[20]WorkDone DATA'!$L:$L,'[20]WorkDone DATA'!$N:$N,BOQ!BJ$6,'[20]WorkDone DATA'!$G:$G,BOQ!$B116)*$G116","v":{"$error":"#VALUE!"}},{"$f":"SUMIFS('[20]WorkDone DATA'!$L:$L,'[20]WorkDone DATA'!$N:$N,BOQ!BK$6,'[20]WorkDone DATA'!$G:$G,BOQ!$B116)*$G116","v":{"$error":"#VALUE!"}},{"$f":"SUMIFS('[20]WorkDone DATA'!$L:$L,'[20]WorkDone DATA'!$N:$N,BOQ!BL$6,'[20]WorkDone DATA'!$G:$G,BOQ!$B116)*$G116","v":{"$error":"#VALUE!"}},{"$f":"SUMIFS('[20]WorkDone DATA'!$L:$L,'[20]WorkDone DATA'!$N:$N,BOQ!BM$6,'[20]WorkDone DATA'!$G:$G,BOQ!$B116)*$G116","v":{"$error":"#VALUE!"}},{"$f":"SUMIFS('[20]WorkDone DATA'!$L:$L,'[20]WorkDone DATA'!$N:$N,BOQ!BN$6,'[20]WorkDone DATA'!$G:$G,BOQ!$B116)*$G116","v":{"$error":"#VALUE!"}},{"$f":"SUMIFS('[20]WorkDone DATA'!$L:$L,'[20]WorkDone DATA'!$N:$N,BOQ!BO$6,'[20]WorkDone DATA'!$G:$G,BOQ!$B116)*$G116","v":{"$error":"#VALUE!"}},{"$f":"SUMIFS('[20]WorkDone DATA'!$L:$L,'[20]WorkDone DATA'!$N:$N,BOQ!BP$6,'[20]WorkDone DATA'!$G:$G,BOQ!$B116)*$G116","v":{"$error":"#VALUE!"}},{"$f":"SUMIFS('[20]WorkDone DATA'!$L:$L,'[20]WorkDone DATA'!$N:$N,BOQ!BQ$6,'[20]WorkDone DATA'!$G:$G,BOQ!$B116)*$G116","v":{"$error":"#VALUE!"}},{"$f":"SUMIFS('[20]WorkDone DATA'!$L:$L,'[20]WorkDone DATA'!$N:$N,BOQ!BR$6,'[20]WorkDone DATA'!$G:$G,BOQ!$B116)*$G116","v":{"$error":"#VALUE!"}},{"$f":"SUMIFS('[20]WorkDone DATA'!$L:$L,'[20]WorkDone DATA'!$N:$N,BOQ!BS$6,'[20]WorkDone DATA'!$G:$G,BOQ!$B116)*$G116","v":{"$error":"#VALUE!"}},{"$f":"SUMIFS('[20]WorkDone DATA'!$L:$L,'[20]WorkDone DATA'!$N:$N,BOQ!BT$6,'[20]WorkDone DATA'!$G:$G,BOQ!$B116)*$G116","v":{"$error":"#VALUE!"}},{"$f":"SUMIFS('[20]WorkDone DATA'!$L:$L,'[20]WorkDone DATA'!$N:$N,BOQ!BU$6,'[20]WorkDone DATA'!$G:$G,BOQ!$B116)*$G116","v":{"$error":"#VALUE!"}},{"$f":"SUMIFS('[20]WorkDone DATA'!$L:$L,'[20]WorkDone DATA'!$N:$N,BOQ!BV$6,'[20]WorkDone DATA'!$G:$G,BOQ!$B116)*$G116","v":{"$error":"#VALUE!"}},{"$f":"SUMIFS('[20]WorkDone DATA'!$L:$L,'[20]WorkDone DATA'!$N:$N,BOQ!BW$6,'[20]WorkDone DATA'!$G:$G,BOQ!$B116)*$G116","v":{"$error":"#VALUE!"}},{"$f":"SUMIFS('[20]WorkDone DATA'!$L:$L,'[20]WorkDone DATA'!$N:$N,BOQ!BX$6,'[20]WorkDone DATA'!$G:$G,BOQ!$B116)*$G116","v":{"$error":"#VALUE!"}}]
[{"$nulls":7},0,{"$nulls":3},{"$error":"#VALUE!"},{"$error":"#VALUE!"},null,0,{"$error":"#VALUE!"},null,{"$f":"SUMIFS('[20]WorkDone DATA'!$L:$L,'[20]WorkDone DATA'!$N:$N,BOQ!S$6,'[20]WorkDone DATA'!$G:$G,BOQ!$B117)","v":{"$error":"#VALUE!"}},{"$error":"#VALUE!"},{"$f":"SUMIFS('[20]WorkDone DATA'!$L:$L,'[20]WorkDone DATA'!$N:$N,BOQ!U$6,'[20]WorkDone DATA'!$G:$G,BOQ!$B117)","v":{"$error":"#VALUE!"}},{"$error":"#VALUE!"},null,{"$f":"SUMIFS('[20]WorkDone DATA'!$L:$L,'[20]WorkDone DATA'!$N:$N,BOQ!W$6,'[20]WorkDone DATA'!$G:$G,BOQ!$B117)*$G117","v":{"$error":"#VALUE!"}},null,{"$f":"SUMIFS('[20]WorkDone DATA'!$L:$L,'[20]WorkDone DATA'!$N:$N,BOQ!Y$6,'[20]WorkDone DATA'!$G:$G,BOQ!$B117)*$G117","v":{"$error":"#VALUE!"}},null,{"$f":"SUMIFS('[20]WorkDone DATA'!$L:$L,'[20]WorkDone DATA'!$N:$N,BOQ!AA$6,'[20]WorkDone DATA'!$G:$G,BOQ!$B117)*$G117","v":{"$error":"#VALUE!"}},{"$f":"SUMIFS('[20]WorkDone DATA'!$L:$L,'[20]WorkDone DATA'!$N:$N,BOQ!AB$6,'[20]WorkDone DATA'!$G:$G,BOQ!$B117)*$G117","v":{"$error":"#VALUE!"}},{"$f":"SUMIFS('[20]WorkDone DATA'!$L:$L,'[20]WorkDone DATA'!$N:$N,BOQ!AC$6,'[20]WorkDone DATA'!$G:$G,BOQ!$B117)*$G117","v":{"$error":"#VALUE!"}},{"$f":"SUMIFS('[20]WorkDone DATA'!$L:$L,'[20]WorkDone DATA'!$N:$N,BOQ!AD$6,'[20]WorkDone DATA'!$G:$G,BOQ!$B117)*$G117","v":{"$error":"#VALUE!"}},{"$f":"SUMIFS('[20]WorkDone DATA'!$L:$L,'[20]WorkDone DATA'!$N:$N,BOQ!AE$6,'[20]WorkDone DATA'!$G:$G,BOQ!$B117)*$G117","v":{"$error":"#VALUE!"}},{"$f":"SUMIFS('[20]WorkDone DATA'!$L:$L,'[20]WorkDone DATA'!$N:$N,BOQ!AF$6,'[20]WorkDone DATA'!$G:$G,BOQ!$B117)*$G117","v":{"$error":"#VALUE!"}},{"$f":"SUMIFS('[20]WorkDone DATA'!$L:$L,'[20]WorkDone DATA'!$N:$N,BOQ!AG$6,'[20]WorkDone DATA'!$G:$G,BOQ!$B117)*$G117","v":{"$error":"#VALUE!"}},{"$f":"SUMIFS('[20]WorkDone DATA'!$L:$L,'[20]WorkDone DATA'!$N:$N,BOQ!AH$6,'[20]WorkDone DATA'!$G:$G,BOQ!$B117)*$G117","v":{"$error":"#VALUE!"}},{"$f":"SUMIFS('[20]WorkDone DATA'!$L:$L,'[20]WorkDone DATA'!$N:$N,BOQ!AI$6,'[20]WorkDone DATA'!$G:$G,BOQ!$B117)*$G117","v":{"$error":"#VALUE!"}},{"$f":"SUMIFS('[20]WorkDone DATA'!$L:$L,'[20]WorkDone DATA'!$N:$N,BOQ!AJ$6,'[20]WorkDone DATA'!$G:$G,BOQ!$B117)*$G117","v":{"$error":"#VALUE!"}},{"$f":"SUMIFS('[20]WorkDone DATA'!$L:$L,'[20]WorkDone DATA'!$N:$N,BOQ!AK$6,'[20]WorkDone DATA'!$G:$G,BOQ!$B117)*$G117","v":{"$error":"#VALUE!"}},{"$f":"SUMIFS('[20]WorkDone DATA'!$L:$L,'[20]WorkDone DATA'!$N:$N,BOQ!AL$6,'[20]WorkDone DATA'!$G:$G,BOQ!$B117)*$G117","v":{"$error":"#VALUE!"}},{"$f":"SUMIFS('[20]WorkDone DATA'!$L:$L,'[20]WorkDone DATA'!$N:$N,BOQ!AM$6,'[20]WorkDone DATA'!$G:$G,BOQ!$B117)*$G117","v":{"$error":"#VALUE!"}},{"$f":"SUMIFS('[20]WorkDone DATA'!$L:$L,'[20]WorkDone DATA'!$N:$N,BOQ!AN$6,'[20]WorkDone DATA'!$G:$G,BOQ!$B117)*$G117","v":{"$error":"#VALUE!"}},{"$f":"SUMIFS('[20]WorkDone DATA'!$L:$L,'[20]WorkDone DATA'!$N:$N,BOQ!AO$6,'[20]WorkDone DATA'!$G:$G,BOQ!$B117)*$G117","v":{"$error":"#VALUE!"}},{"$f":"SUMIFS('[20]WorkDone DATA'!$L:$L,'[20]WorkDone DATA'!$N:$N,BOQ!AP$6,'[20]WorkDone DATA'!$G:$G,BOQ!$B117)*$G117","v":{"$error":"#VALUE!"}},{"$f":"SUMIFS('[20]WorkDone DATA'!$L:$L,'[20]WorkDone DATA'!$N:$N,BOQ!AQ$6,'[20]WorkDone DATA'!$G:$G,BOQ!$B117)*$G117","v":{"$error":"#VALUE!"}},{"$f":"SUMIFS('[20]WorkDone DATA'!$L:$L,'[20]WorkDone DATA'!$N:$N,BOQ!AR$6,'[20]WorkDone DATA'!$G:$G,BOQ!$B117)*$G117","v":{"$error":"#VALUE!"}},{"$f":"SUMIFS('[20]WorkDone DATA'!$L:$L,'[20]WorkDone DATA'!$N:$N,BOQ!AS$6,'[20]WorkDone DATA'!$G:$G,BOQ!$B117)*$G117","v":{"$error":"#VALUE!"}},{"$f":"SUMIFS('[20]WorkDone DATA'!$L:$L,'[20]WorkDone DATA'!$N:$N,BOQ!AT$6,'[20]WorkDone DATA'!$G:$G,BOQ!$B117)*$G117","v":{"$error":"#VALUE!"}},{"$f":"SUMIFS('[20]WorkDone DATA'!$L:$L,'[20]WorkDone DATA'!$N:$N,BOQ!AU$6,'[20]WorkDone DATA'!$G:$G,BOQ!$B117)*$G117","v":{"$error":"#VALUE!"}},{"$f":"SUMIFS('[20]WorkDone DATA'!$L:$L,'[20]WorkDone DATA'!$N:$N,BOQ!AV$6,'[20]WorkDone DATA'!$G:$G,BOQ!$B117)*$G117","v":{"$error":"#VALUE!"}},{"$f":"SUMIFS('[20]WorkDone DATA'!$L:$L,'[20]WorkDone DATA'!$N:$N,BOQ!AW$6,'[20]WorkDone DATA'!$G:$G,BOQ!$B117)*$G117","v":{"$error":"#VALUE!"}},{"$f":"SUMIFS('[20]WorkDone DATA'!$L:$L,'[20]WorkDone DATA'!$N:$N,BOQ!AX$6,'[20]WorkDone DATA'!$G:$G,BOQ!$B117)*$G117","v":{"$error":"#VALUE!"}},{"$f":"SUMIFS('[20]WorkDone DATA'!$L:$L,'[20]WorkDone DATA'!$N:$N,BOQ!AY$6,'[20]WorkDone DATA'!$G:$G,BOQ!$B117)*$G117","v":{"$error":"#VALUE!"}},{"$f":"SUMIFS('[20]WorkDone DATA'!$L:$L,'[20]WorkDone DATA'!$N:$N,BOQ!AZ$6,'[20]WorkDone DATA'!$G:$G,BOQ!$B117)*$G117","v":{"$error":"#VALUE!"}},{"$f":"SUMIFS('[20]WorkDone DATA'!$L:$L,'[20]WorkDone DATA'!$N:$N,BOQ!BA$6,'[20]WorkDone DATA'!$G:$G,BOQ!$B117)*$G117","v":{"$error":"#VALUE!"}},{"$f":"SUMIFS('[20]WorkDone DATA'!$L:$L,'[20]WorkDone DATA'!$N:$N,BOQ!BB$6,'[20]WorkDone DATA'!$G:$G,BOQ!$B117)*$G117","v":{"$error":"#VALUE!"}},{"$f":"SUMIFS('[20]WorkDone DATA'!$L:$L,'[20]WorkDone DATA'!$N:$N,BOQ!BC$6,'[20]WorkDone DATA'!$G:$G,BOQ!$B117)*$G117","v":{"$error":"#VALUE!"}},{"$f":"SUMIFS('[20]WorkDone DATA'!$L:$L,'[20]WorkDone DATA'!$N:$N,BOQ!BD$6,'[20]WorkDone DATA'!$G:$G,BOQ!$B117)*$G117","v":{"$error":"#VALUE!"}},{"$f":"SUMIFS('[20]WorkDone DATA'!$L:$L,'[20]WorkDone DATA'!$N:$N,BOQ!BE$6,'[20]WorkDone DATA'!$G:$G,BOQ!$B117)*$G117","v":{"$error":"#VALUE!"}},{"$f":"SUMIFS('[20]WorkDone DATA'!$L:$L,'[20]WorkDone DATA'!$N:$N,BOQ!BF$6,'[20]WorkDone DATA'!$G:$G,BOQ!$B117)*$G117","v":{"$error":"#VALUE!"}},{"$f":"SUMIFS('[20]WorkDone DATA'!$L:$L,'[20]WorkDone DATA'!$N:$N,BOQ!BG$6,'[20]WorkDone DATA'!$G:$G,BOQ!$B117)*$G117","v":{"$error":"#VALUE!"}},{"$f":"SUMIFS('[20]WorkDone DATA'!$L:$L,'[20]WorkDone DATA'!$N:$N,BOQ!BH$6,'[20]WorkDone DATA'!$G:$G,BOQ!$B117)*$G117","v":{"$error":"#VALUE!"}},{"$f":"SUMIFS('[20]WorkDone DATA'!$L:$L,'[20]WorkDone DATA'!$N:$N,BOQ!BI$6,'[20]WorkDone DATA'!$G:$G,BOQ!$B117)*$G117","v":{"$error":"#VALUE!"}},{"$f":"SUMIFS('[20]WorkDone DATA'!$L:$L,'[20]WorkDone DATA'!$N:$N,BOQ!BJ$6,'[20]WorkDone DATA'!$G:$G,BOQ!$B117)*$G117","v":{"$error":"#VALUE!"}},{"$f":"SUMIFS('[20]WorkDone DATA'!$L:$L,'[20]WorkDone DATA'!$N:$N,BOQ!BK$6,'[20]WorkDone DATA'!$G:$G,BOQ!$B117)*$G117","v":{"$error":"#VALUE!"}},{"$f":"SUMIFS('[20]WorkDone DATA'!$L:$L,'[20]WorkDone DATA'!$N:$N,BOQ!BL$6,'[20]WorkDone DATA'!$G:$G,BOQ!$B117)*$G117","v":{"$error":"#VALUE!"}},{"$f":"SUMIFS('[20]WorkDone DATA'!$L:$L,'[20]WorkDone DATA'!$N:$N,BOQ!BM$6,'[20]WorkDone DATA'!$G:$G,BOQ!$B117)*$G117","v":{"$error":"#VALUE!"}},{"$f":"SUMIFS('[20]WorkDone DATA'!$L:$L,'[20]WorkDone DATA'!$N:$N,BOQ!BN$6,'[20]WorkDone DATA'!$G:$G,BOQ!$B117)*$G117","v":{"$error":"#VALUE!"}},{"$f":"SUMIFS('[20]WorkDone DATA'!$L:$L,'[20]WorkDone DATA'!$N:$N,BOQ!BO$6,'[20]WorkDone DATA'!$G:$G,BOQ!$B117)*$G117","v":{"$error":"#VALUE!"}},{"$f":"SUMIFS('[20]WorkDone DATA'!$L:$L,'[20]WorkDone DATA'!$N:$N,BOQ!BP$6,'[20]WorkDone DATA'!$G:$G,BOQ!$B117)*$G117","v":{"$error":"#VALUE!"}},{"$f":"SUMIFS('[20]WorkDone DATA'!$L:$L,'[20]WorkDone DATA'!$N:$N,BOQ!BQ$6,'[20]WorkDone DATA'!$G:$G,BOQ!$B117)*$G117","v":{"$error":"#VALUE!"}},{"$f":"SUMIFS('[20]WorkDone DATA'!$L:$L,'[20]WorkDone DATA'!$N:$N,BOQ!BR$6,'[20]WorkDone DATA'!$G:$G,BOQ!$B117)*$G117","v":{"$error":"#VALUE!"}},{"$f":"SUMIFS('[20]WorkDone DATA'!$L:$L,'[20]WorkDone DATA'!$N:$N,BOQ!BS$6,'[20]WorkDone DATA'!$G:$G,BOQ!$B117)*$G117","v":{"$error":"#VALUE!"}},{"$f":"SUMIFS('[20]WorkDone DATA'!$L:$L,'[20]WorkDone DATA'!$N:$N,BOQ!BT$6,'[20]WorkDone DATA'!$G:$G,BOQ!$B117)*$G117","v":{"$error":"#VALUE!"}},{"$f":"SUMIFS('[20]WorkDone DATA'!$L:$L,'[20]WorkDone DATA'!$N:$N,BOQ!BU$6,'[20]WorkDone DATA'!$G:$G,BOQ!$B117)*$G117","v":{"$error":"#VALUE!"}},{"$f":"SUMIFS('[20]WorkDone DATA'!$L:$L,'[20]WorkDone DATA'!$N:$N,BOQ!BV$6,'[20]WorkDone DATA'!$G:$G,BOQ!$B117)*$G117","v":{"$error":"#VALUE!"}},{"$f":"SUMIFS('[20]WorkDone DATA'!$L:$L,'[20]WorkDone DATA'!$N:$N,BOQ!BW$6,'[20]WorkDone DATA'!$G:$G,BOQ!$B117)*$G117","v":{"$error":"#VALUE!"}},{"$f":"SUMIFS('[20]WorkDone DATA'!$L:$L,'[20]WorkDone DATA'!$N:$N,BOQ!BX$6,'[20]WorkDone DATA'!$G:$G,BOQ!$B117)*$G117","v":{"$error":"#VALUE!"}}]
[null,null,"REMOVAL OF EXISTING REDUNDENT CABLE ",{"$nulls":4},0,{"$nulls":3},{"$error":"#VALUE!"},{"$error":"#VALUE!"},null,0,{"$error":"#VALUE!"},null,{"$f":"SUMIFS('[20]WorkDone DATA'!$L:$L,'[20]WorkDone DATA'!$N:$N,BOQ!S$6,'[20]WorkDone DATA'!$G:$G,BOQ!$B118)","v":{"$error":"#VALUE!"}},{"$error":"#VALUE!"},{"$f":"SUMIFS('[20]WorkDone DATA'!$L:$L,'[20]WorkDone DATA'!$N:$N,BOQ!U$6,'[20]WorkDone DATA'!$G:$G,BOQ!$B118)","v":{"$error":"#VALUE!"}},{"$error":"#VALUE!"},null,{"$f":"SUMIFS('[20]WorkDone DATA'!$L:$L,'[20]WorkDone DATA'!$N:$N,BOQ!W$6,'[20]WorkDone DATA'!$G:$G,BOQ!$B118)*$G118","v":{"$error":"#VALUE!"}},null,{"$f":"SUMIFS('[20]WorkDone DATA'!$L:$L,'[20]WorkDone DATA'!$N:$N,BOQ!Y$6,'[20]WorkDone DATA'!$G:$G,BOQ!$B118)*$G118","v":{"$error":"#VALUE!"}},null,{"$f":"SUMIFS('[20]WorkDone DATA'!$L:$L,'[20]WorkDone DATA'!$N:$N,BOQ!AA$6,'[20]WorkDone DATA'!$G:$G,BOQ!$B118)*$G118","v":{"$error":"#VALUE!"}},{"$f":"SUMIFS('[20]WorkDone DATA'!$L:$L,'[20]WorkDone DATA'!$N:$N,BOQ!AB$6,'[20]WorkDone DATA'!$G:$G,BOQ!$B118)*$G118","v":{"$error":"#VALUE!"}},{"$f":"SUMIFS('[20]WorkDone DATA'!$L:$L,'[20]WorkDone DATA'!$N:$N,BOQ!AC$6,'[20]WorkDone DATA'!$G:$G,BOQ!$B118)*$G118","v":{"$error":"#VALUE!"}},{"$f":"SUMIFS('[20]WorkDone DATA'!$L:$L,'[20]WorkDone DATA'!$N:$N,BOQ!AD$6,'[20]WorkDone DATA'!$G:$G,BOQ!$B118)*$G118","v":{"$error":"#VALUE!"}},{"$f":"SUMIFS('[20]WorkDone DATA'!$L:$L,'[20]WorkDone DATA'!$N:$N,BOQ!AE$6,'[20]WorkDone DATA'!$G:$G,BOQ!$B118)*$G118","v":{"$error":"#VALUE!"}},{"$f":"SUMIFS('[20]WorkDone DATA'!$L:$L,'[20]WorkDone DATA'!$N:$N,BOQ!AF$6,'[20]WorkDone DATA'!$G:$G,BOQ!$B118)*$G118","v":{"$error":"#VALUE!"}},{"$f":"SUMIFS('[20]WorkDone DATA'!$L:$L,'[20]WorkDone DATA'!$N:$N,BOQ!AG$6,'[20]WorkDone DATA'!$G:$G,BOQ!$B118)*$G118","v":{"$error":"#VALUE!"}},{"$f":"SUMIFS('[20]WorkDone DATA'!$L:$L,'[20]WorkDone DATA'!$N:$N,BOQ!AH$6,'[20]WorkDone DATA'!$G:$G,BOQ!$B118)*$G118","v":{"$error":"#VALUE!"}},{"$f":"SUMIFS('[20]WorkDone DATA'!$L:$L,'[20]WorkDone DATA'!$N:$N,BOQ!AI$6,'[20]WorkDone DATA'!$G:$G,BOQ!$B118)*$G118","v":{"$error":"#VALUE!"}},{"$f":"SUMIFS('[20]WorkDone DATA'!$L:$L,'[20]WorkDone DATA'!$N:$N,BOQ!AJ$6,'[20]WorkDone DATA'!$G:$G,BOQ!$B118)*$G118","v":{"$error":"#VALUE!"}},{"$f":"SUMIFS('[20]WorkDone DATA'!$L:$L,'[20]WorkDone DATA'!$N:$N,BOQ!AK$6,'[20]WorkDone DATA'!$G:$G,BOQ!$B118)*$G118","v":{"$error":"#VALUE!"}},{"$f":"SUMIFS('[20]WorkDone DATA'!$L:$L,'[20]WorkDone DATA'!$N:$N,BOQ!AL$6,'[20]WorkDone DATA'!$G:$G,BOQ!$B118)*$G118","v":{"$error":"#VALUE!"}},{"$f":"SUMIFS('[20]WorkDone DATA'!$L:$L,'[20]WorkDone DATA'!$N:$N,BOQ!AM$6,'[20]WorkDone DATA'!$G:$G,BOQ!$B118)*$G118","v":{"$error":"#VALUE!"}},{"$f":"SUMIFS('[20]WorkDone DATA'!$L:$L,'[20]WorkDone DATA'!$N:$N,BOQ!AN$6,'[20]WorkDone DATA'!$G:$G,BOQ!$B118)*$G118","v":{"$error":"#VALUE!"}},{"$f":"SUMIFS('[20]WorkDone DATA'!$L:$L,'[20]WorkDone DATA'!$N:$N,BOQ!AO$6,'[20]WorkDone DATA'!$G:$G,BOQ!$B118)*$G118","v":{"$error":"#VALUE!"}},{"$f":"SUMIFS('[20]WorkDone DATA'!$L:$L,'[20]WorkDone DATA'!$N:$N,BOQ!AP$6,'[20]WorkDone DATA'!$G:$G,BOQ!$B118)*$G118","v":{"$error":"#VALUE!"}},{"$f":"SUMIFS('[20]WorkDone DATA'!$L:$L,'[20]WorkDone DATA'!$N:$N,BOQ!AQ$6,'[20]WorkDone DATA'!$G:$G,BOQ!$B118)*$G118","v":{"$error":"#VALUE!"}},{"$f":"SUMIFS('[20]WorkDone DATA'!$L:$L,'[20]WorkDone DATA'!$N:$N,BOQ!AR$6,'[20]WorkDone DATA'!$G:$G,BOQ!$B118)*$G118","v":{"$error":"#VALUE!"}},{"$f":"SUMIFS('[20]WorkDone DATA'!$L:$L,'[20]WorkDone DATA'!$N:$N,BOQ!AS$6,'[20]WorkDone DATA'!$G:$G,BOQ!$B118)*$G118","v":{"$error":"#VALUE!"}},{"$f":"SUMIFS('[20]WorkDone DATA'!$L:$L,'[20]WorkDone DATA'!$N:$N,BOQ!AT$6,'[20]WorkDone DATA'!$G:$G,BOQ!$B118)*$G118","v":{"$error":"#VALUE!"}},{"$f":"SUMIFS('[20]WorkDone DATA'!$L:$L,'[20]WorkDone DATA'!$N:$N,BOQ!AU$6,'[20]WorkDone DATA'!$G:$G,BOQ!$B118)*$G118","v":{"$error":"#VALUE!"}},{"$f":"SUMIFS('[20]WorkDone DATA'!$L:$L,'[20]WorkDone DATA'!$N:$N,BOQ!AV$6,'[20]WorkDone DATA'!$G:$G,BOQ!$B118)*$G118","v":{"$error":"#VALUE!"}},{"$f":"SUMIFS('[20]WorkDone DATA'!$L:$L,'[20]WorkDone DATA'!$N:$N,BOQ!AW$6,'[20]WorkDone DATA'!$G:$G,BOQ!$B118)*$G118","v":{"$error":"#VALUE!"}},{"$f":"SUMIFS('[20]WorkDone DATA'!$L:$L,'[20]WorkDone DATA'!$N:$N,BOQ!AX$6,'[20]WorkDone DATA'!$G:$G,BOQ!$B118)*$G118","v":{"$error":"#VALUE!"}},{"$f":"SUMIFS('[20]WorkDone DATA'!$L:$L,'[20]WorkDone DATA'!$N:$N,BOQ!AY$6,'[20]WorkDone DATA'!$G:$G,BOQ!$B118)*$G118","v":{"$error":"#VALUE!"}},{"$f":"SUMIFS('[20]WorkDone DATA'!$L:$L,'[20]WorkDone DATA'!$N:$N,BOQ!AZ$6,'[20]WorkDone DATA'!$G:$G,BOQ!$B118)*$G118","v":{"$error":"#VALUE!"}},{"$f":"SUMIFS('[20]WorkDone DATA'!$L:$L,'[20]WorkDone DATA'!$N:$N,BOQ!BA$6,'[20]WorkDone DATA'!$G:$G,BOQ!$B118)*$G118","v":{"$error":"#VALUE!"}},{"$f":"SUMIFS('[20]WorkDone DATA'!$L:$L,'[20]WorkDone DATA'!$N:$N,BOQ!BB$6,'[20]WorkDone DATA'!$G:$G,BOQ!$B118)*$G118","v":{"$error":"#VALUE!"}},{"$f":"SUMIFS('[20]WorkDone DATA'!$L:$L,'[20]WorkDone DATA'!$N:$N,BOQ!BC$6,'[20]WorkDone DATA'!$G:$G,BOQ!$B118)*$G118","v":{"$error":"#VALUE!"}},{"$f":"SUMIFS('[20]WorkDone DATA'!$L:$L,'[20]WorkDone DATA'!$N:$N,BOQ!BD$6,'[20]WorkDone DATA'!$G:$G,BOQ!$B118)*$G118","v":{"$error":"#VALUE!"}},{"$f":"SUMIFS('[20]WorkDone DATA'!$L:$L,'[20]WorkDone DATA'!$N:$N,BOQ!BE$6,'[20]WorkDone DATA'!$G:$G,BOQ!$B118)*$G118","v":{"$error":"#VALUE!"}},{"$f":"SUMIFS('[20]WorkDone DATA'!$L:$L,'[20]WorkDone DATA'!$N:$N,BOQ!BF$6,'[20]WorkDone DATA'!$G:$G,BOQ!$B118)*$G118","v":{"$error":"#VALUE!"}},{"$f":"SUMIFS('[20]WorkDone DATA'!$L:$L,'[20]WorkDone DATA'!$N:$N,BOQ!BG$6,'[20]WorkDone DATA'!$G:$G,BOQ!$B118)*$G118","v":{"$error":"#VALUE!"}},{"$f":"SUMIFS('[20]WorkDone DATA'!$L:$L,'[20]WorkDone DATA'!$N:$N,BOQ!BH$6,'[20]WorkDone DATA'!$G:$G,BOQ!$B118)*$G118","v":{"$error":"#VALUE!"}},{"$f":"SUMIFS('[20]WorkDone DATA'!$L:$L,'[20]WorkDone DATA'!$N:$N,BOQ!BI$6,'[20]WorkDone DATA'!$G:$G,BOQ!$B118)*$G118","v":{"$error":"#VALUE!"}},{"$f":"SUMIFS('[20]WorkDone DATA'!$L:$L,'[20]WorkDone DATA'!$N:$N,BOQ!BJ$6,'[20]WorkDone DATA'!$G:$G,BOQ!$B118)*$G118","v":{"$error":"#VALUE!"}},{"$f":"SUMIFS('[20]WorkDone DATA'!$L:$L,'[20]WorkDone DATA'!$N:$N,BOQ!BK$6,'[20]WorkDone DATA'!$G:$G,BOQ!$B118)*$G118","v":{"$error":"#VALUE!"}},{"$f":"SUMIFS('[20]WorkDone DATA'!$L:$L,'[20]WorkDone DATA'!$N:$N,BOQ!BL$6,'[20]WorkDone DATA'!$G:$G,BOQ!$B118)*$G118","v":{"$error":"#VALUE!"}},{"$f":"SUMIFS('[20]WorkDone DATA'!$L:$L,'[20]WorkDone DATA'!$N:$N,BOQ!BM$6,'[20]WorkDone DATA'!$G:$G,BOQ!$B118)*$G118","v":{"$error":"#VALUE!"}},{"$f":"SUMIFS('[20]WorkDone DATA'!$L:$L,'[20]WorkDone DATA'!$N:$N,BOQ!BN$6,'[20]WorkDone DATA'!$G:$G,BOQ!$B118)*$G118","v":{"$error":"#VALUE!"}},{"$f":"SUMIFS('[20]WorkDone DATA'!$L:$L,'[20]WorkDone DATA'!$N:$N,BOQ!BO$6,'[20]WorkDone DATA'!$G:$G,BOQ!$B118)*$G118","v":{"$error":"#VALUE!"}},{"$f":"SUMIFS('[20]WorkDone DATA'!$L:$L,'[20]WorkDone DATA'!$N:$N,BOQ!BP$6,'[20]WorkDone DATA'!$G:$G,BOQ!$B118)*$G118","v":{"$error":"#VALUE!"}},{"$f":"SUMIFS('[20]WorkDone DATA'!$L:$L,'[20]WorkDone DATA'!$N:$N,BOQ!BQ$6,'[20]WorkDone DATA'!$G:$G,BOQ!$B118)*$G118","v":{"$error":"#VALUE!"}},{"$f":"SUMIFS('[20]WorkDone DATA'!$L:$L,'[20]WorkDone DATA'!$N:$N,BOQ!BR$6,'[20]WorkDone DATA'!$G:$G,BOQ!$B118)*$G118","v":{"$error":"#VALUE!"}},{"$f":"SUMIFS('[20]WorkDone DATA'!$L:$L,'[20]WorkDone DATA'!$N:$N,BOQ!BS$6,'[20]WorkDone DATA'!$G:$G,BOQ!$B118)*$G118","v":{"$error":"#VALUE!"}},{"$f":"SUMIFS('[20]WorkDone DATA'!$L:$L,'[20]WorkDone DATA'!$N:$N,BOQ!BT$6,'[20]WorkDone DATA'!$G:$G,BOQ!$B118)*$G118","v":{"$error":"#VALUE!"}},{"$f":"SUMIFS('[20]WorkDone DATA'!$L:$L,'[20]WorkDone DATA'!$N:$N,BOQ!BU$6,'[20]WorkDone DATA'!$G:$G,BOQ!$B118)*$G118","v":{"$error":"#VALUE!"}},{"$f":"SUMIFS('[20]WorkDone DATA'!$L:$L,'[20]WorkDone DATA'!$N:$N,BOQ!BV$6,'[20]WorkDone DATA'!$G:$G,BOQ!$B118)*$G118","v":{"$error":"#VALUE!"}},{"$f":"SUMIFS('[20]WorkDone DATA'!$L:$L,'[20]WorkDone DATA'!$N:$N,BOQ!BW$6,'[20]WorkDone DATA'!$G:$G,BOQ!$B118)*$G118","v":{"$error":"#VALUE!"}},{"$f":"SUMIFS('[20]WorkDone DATA'!$L:$L,'[20]WorkDone DATA'!$N:$N,BOQ!BX$6,'[20]WorkDone DATA'!$G:$G,BOQ!$B118)*$G118","v":{"$error":"#VALUE!"}}]
[null,null,"The following shall include for removal of cable previously fixed/laid in all positions, etc., to all heights above floor level, etc and in all areas including trefoil clamps, saddles, ties, etc.",{"$nulls":4},0,{"$nulls":3},{"$error":"#VALUE!"},{"$error":"#VALUE!"},null,0,{"$error":"#VALUE!"},null,{"$f":"SUMIFS('[20]WorkDone DATA'!$L:$L,'[20]WorkDone DATA'!$N:$N,BOQ!S$6,'[20]WorkDone DATA'!$G:$G,BOQ!$B119)","v":{"$error":"#VALUE!"}},{"$error":"#VALUE!"},{"$f":"SUMIFS('[20]WorkDone DATA'!$L:$L,'[20]WorkDone DATA'!$N:$N,BOQ!U$6,'[20]WorkDone DATA'!$G:$G,BOQ!$B119)","v":{"$error":"#VALUE!"}},{"$error":"#VALUE!"},null,{"$f":"SUMIFS('[20]WorkDone DATA'!$L:$L,'[20]WorkDone DATA'!$N:$N,BOQ!W$6,'[20]WorkDone DATA'!$G:$G,BOQ!$B119)*$G119","v":{"$error":"#VALUE!"}},null,{"$f":"SUMIFS('[20]WorkDone DATA'!$L:$L,'[20]WorkDone DATA'!$N:$N,BOQ!Y$6,'[20]WorkDone DATA'!$G:$G,BOQ!$B119)*$G119","v":{"$error":"#VALUE!"}},null,{"$f":"SUMIFS('[20]WorkDone DATA'!$L:$L,'[20]WorkDone DATA'!$N:$N,BOQ!AA$6,'[20]WorkDone DATA'!$G:$G,BOQ!$B119)*$G119","v":{"$error":"#VALUE!"}},{"$f":"SUMIFS('[20]WorkDone DATA'!$L:$L,'[20]WorkDone DATA'!$N:$N,BOQ!AB$6,'[20]WorkDone DATA'!$G:$G,BOQ!$B119)*$G119","v":{"$error":"#VALUE!"}},{"$f":"SUMIFS('[20]WorkDone DATA'!$L:$L,'[20]WorkDone DATA'!$N:$N,BOQ!AC$6,'[20]WorkDone DATA'!$G:$G,BOQ!$B119)*$G119","v":{"$error":"#VALUE!"}},{"$f":"SUMIFS('[20]WorkDone DATA'!$L:$L,'[20]WorkDone DATA'!$N:$N,BOQ!AD$6,'[20]WorkDone DATA'!$G:$G,BOQ!$B119)*$G119","v":{"$error":"#VALUE!"}},{"$f":"SUMIFS('[20]WorkDone DATA'!$L:$L,'[20]WorkDone DATA'!$N:$N,BOQ!AE$6,'[20]WorkDone DATA'!$G:$G,BOQ!$B119)*$G119","v":{"$error":"#VALUE!"}},{"$f":"SUMIFS('[20]WorkDone DATA'!$L:$L,'[20]WorkDone DATA'!$N:$N,BOQ!AF$6,'[20]WorkDone DATA'!$G:$G,BOQ!$B119)*$G119","v":{"$error":"#VALUE!"}},{"$f":"SUMIFS('[20]WorkDone DATA'!$L:$L,'[20]WorkDone DATA'!$N:$N,BOQ!AG$6,'[20]WorkDone DATA'!$G:$G,BOQ!$B119)*$G119","v":{"$error":"#VALUE!"}},{"$f":"SUMIFS('[20]WorkDone DATA'!$L:$L,'[20]WorkDone DATA'!$N:$N,BOQ!AH$6,'[20]WorkDone DATA'!$G:$G,BOQ!$B119)*$G119","v":{"$error":"#VALUE!"}},{"$f":"SUMIFS('[20]WorkDone DATA'!$L:$L,'[20]WorkDone DATA'!$N:$N,BOQ!AI$6,'[20]WorkDone DATA'!$G:$G,BOQ!$B119)*$G119","v":{"$error":"#VALUE!"}},{"$f":"SUMIFS('[20]WorkDone DATA'!$L:$L,'[20]WorkDone DATA'!$N:$N,BOQ!AJ$6,'[20]WorkDone DATA'!$G:$G,BOQ!$B119)*$G119","v":{"$error":"#VALUE!"}},{"$f":"SUMIFS('[20]WorkDone DATA'!$L:$L,'[20]WorkDone DATA'!$N:$N,BOQ!AK$6,'[20]WorkDone DATA'!$G:$G,BOQ!$B119)*$G119","v":{"$error":"#VALUE!"}},{"$f":"SUMIFS('[20]WorkDone DATA'!$L:$L,'[20]WorkDone DATA'!$N:$N,BOQ!AL$6,'[20]WorkDone DATA'!$G:$G,BOQ!$B119)*$G119","v":{"$error":"#VALUE!"}},{"$f":"SUMIFS('[20]WorkDone DATA'!$L:$L,'[20]WorkDone DATA'!$N:$N,BOQ!AM$6,'[20]WorkDone DATA'!$G:$G,BOQ!$B119)*$G119","v":{"$error":"#VALUE!"}},{"$f":"SUMIFS('[20]WorkDone DATA'!$L:$L,'[20]WorkDone DATA'!$N:$N,BOQ!AN$6,'[20]WorkDone DATA'!$G:$G,BOQ!$B119)*$G119","v":{"$error":"#VALUE!"}},{"$f":"SUMIFS('[20]WorkDone DATA'!$L:$L,'[20]WorkDone DATA'!$N:$N,BOQ!AO$6,'[20]WorkDone DATA'!$G:$G,BOQ!$B119)*$G119","v":{"$error":"#VALUE!"}},{"$f":"SUMIFS('[20]WorkDone DATA'!$L:$L,'[20]WorkDone DATA'!$N:$N,BOQ!AP$6,'[20]WorkDone DATA'!$G:$G,BOQ!$B119)*$G119","v":{"$error":"#VALUE!"}},{"$f":"SUMIFS('[20]WorkDone DATA'!$L:$L,'[20]WorkDone DATA'!$N:$N,BOQ!AQ$6,'[20]WorkDone DATA'!$G:$G,BOQ!$B119)*$G119","v":{"$error":"#VALUE!"}},{"$f":"SUMIFS('[20]WorkDone DATA'!$L:$L,'[20]WorkDone DATA'!$N:$N,BOQ!AR$6,'[20]WorkDone DATA'!$G:$G,BOQ!$B119)*$G119","v":{"$error":"#VALUE!"}},{"$f":"SUMIFS('[20]WorkDone DATA'!$L:$L,'[20]WorkDone DATA'!$N:$N,BOQ!AS$6,'[20]WorkDone DATA'!$G:$G,BOQ!$B119)*$G119","v":{"$error":"#VALUE!"}},{"$f":"SUMIFS('[20]WorkDone DATA'!$L:$L,'[20]WorkDone DATA'!$N:$N,BOQ!AT$6,'[20]WorkDone DATA'!$G:$G,BOQ!$B119)*$G119","v":{"$error":"#VALUE!"}},{"$f":"SUMIFS('[20]WorkDone DATA'!$L:$L,'[20]WorkDone DATA'!$N:$N,BOQ!AU$6,'[20]WorkDone DATA'!$G:$G,BOQ!$B119)*$G119","v":{"$error":"#VALUE!"}},{"$f":"SUMIFS('[20]WorkDone DATA'!$L:$L,'[20]WorkDone DATA'!$N:$N,BOQ!AV$6,'[20]WorkDone DATA'!$G:$G,BOQ!$B119)*$G119","v":{"$error":"#VALUE!"}},{"$f":"SUMIFS('[20]WorkDone DATA'!$L:$L,'[20]WorkDone DATA'!$N:$N,BOQ!AW$6,'[20]WorkDone DATA'!$G:$G,BOQ!$B119)*$G119","v":{"$error":"#VALUE!"}},{"$f":"SUMIFS('[20]WorkDone DATA'!$L:$L,'[20]WorkDone DATA'!$N:$N,BOQ!AX$6,'[20]WorkDone DATA'!$G:$G,BOQ!$B119)*$G119","v":{"$error":"#VALUE!"}},{"$f":"SUMIFS('[20]WorkDone DATA'!$L:$L,'[20]WorkDone DATA'!$N:$N,BOQ!AY$6,'[20]WorkDone DATA'!$G:$G,BOQ!$B119)*$G119","v":{"$error":"#VALUE!"}},{"$f":"SUMIFS('[20]WorkDone DATA'!$L:$L,'[20]WorkDone DATA'!$N:$N,BOQ!AZ$6,'[20]WorkDone DATA'!$G:$G,BOQ!$B119)*$G119","v":{"$error":"#VALUE!"}},{"$f":"SUMIFS('[20]WorkDone DATA'!$L:$L,'[20]WorkDone DATA'!$N:$N,BOQ!BA$6,'[20]WorkDone DATA'!$G:$G,BOQ!$B119)*$G119","v":{"$error":"#VALUE!"}},{"$f":"SUMIFS('[20]WorkDone DATA'!$L:$L,'[20]WorkDone DATA'!$N:$N,BOQ!BB$6,'[20]WorkDone DATA'!$G:$G,BOQ!$B119)*$G119","v":{"$error":"#VALUE!"}},{"$f":"SUMIFS('[20]WorkDone DATA'!$L:$L,'[20]WorkDone DATA'!$N:$N,BOQ!BC$6,'[20]WorkDone DATA'!$G:$G,BOQ!$B119)*$G119","v":{"$error":"#VALUE!"}},{"$f":"SUMIFS('[20]WorkDone DATA'!$L:$L,'[20]WorkDone DATA'!$N:$N,BOQ!BD$6,'[20]WorkDone DATA'!$G:$G,BOQ!$B119)*$G119","v":{"$error":"#VALUE!"}},{"$f":"SUMIFS('[20]WorkDone DATA'!$L:$L,'[20]WorkDone DATA'!$N:$N,BOQ!BE$6,'[20]WorkDone DATA'!$G:$G,BOQ!$B119)*$G119","v":{"$error":"#VALUE!"}},{"$f":"SUMIFS('[20]WorkDone DATA'!$L:$L,'[20]WorkDone DATA'!$N:$N,BOQ!BF$6,'[20]WorkDone DATA'!$G:$G,BOQ!$B119)*$G119","v":{"$error":"#VALUE!"}},{"$f":"SUMIFS('[20]WorkDone DATA'!$L:$L,'[20]WorkDone DATA'!$N:$N,BOQ!BG$6,'[20]WorkDone DATA'!$G:$G,BOQ!$B119)*$G119","v":{"$error":"#VALUE!"}},{"$f":"SUMIFS('[20]WorkDone DATA'!$L:$L,'[20]WorkDone DATA'!$N:$N,BOQ!BH$6,'[20]WorkDone DATA'!$G:$G,BOQ!$B119)*$G119","v":{"$error":"#VALUE!"}},{"$f":"SUMIFS('[20]WorkDone DATA'!$L:$L,'[20]WorkDone DATA'!$N:$N,BOQ!BI$6,'[20]WorkDone DATA'!$G:$G,BOQ!$B119)*$G119","v":{"$error":"#VALUE!"}},{"$f":"SUMIFS('[20]WorkDone DATA'!$L:$L,'[20]WorkDone DATA'!$N:$N,BOQ!BJ$6,'[20]WorkDone DATA'!$G:$G,BOQ!$B119)*$G119","v":{"$error":"#VALUE!"}},{"$f":"SUMIFS('[20]WorkDone DATA'!$L:$L,'[20]WorkDone DATA'!$N:$N,BOQ!BK$6,'[20]WorkDone DATA'!$G:$G,BOQ!$B119)*$G119","v":{"$error":"#VALUE!"}},{"$f":"SUMIFS('[20]WorkDone DATA'!$L:$L,'[20]WorkDone DATA'!$N:$N,BOQ!BL$6,'[20]WorkDone DATA'!$G:$G,BOQ!$B119)*$G119","v":{"$error":"#VALUE!"}},{"$f":"SUMIFS('[20]WorkDone DATA'!$L:$L,'[20]WorkDone DATA'!$N:$N,BOQ!BM$6,'[20]WorkDone DATA'!$G:$G,BOQ!$B119)*$G119","v":{"$error":"#VALUE!"}},{"$f":"SUMIFS('[20]WorkDone DATA'!$L:$L,'[20]WorkDone DATA'!$N:$N,BOQ!BN$6,'[20]WorkDone DATA'!$G:$G,BOQ!$B119)*$G119","v":{"$error":"#VALUE!"}},{"$f":"SUMIFS('[20]WorkDone DATA'!$L:$L,'[20]WorkDone DATA'!$N:$N,BOQ!BO$6,'[20]WorkDone DATA'!$G:$G,BOQ!$B119)*$G119","v":{"$error":"#VALUE!"}},{"$f":"SUMIFS('[20]WorkDone DATA'!$L:$L,'[20]WorkDone DATA'!$N:$N,BOQ!BP$6,'[20]WorkDone DATA'!$G:$G,BOQ!$B119)*$G119","v":{"$error":"#VALUE!"}},{"$f":"SUMIFS('[20]WorkDone DATA'!$L:$L,'[20]WorkDone DATA'!$N:$N,BOQ!BQ$6,'[20]WorkDone DATA'!$G:$G,BOQ!$B119)*$G119","v":{"$error":"#VALUE!"}},{"$f":"SUMIFS('[20]WorkDone DATA'!$L:$L,'[20]WorkDone DATA'!$N:$N,BOQ!BR$6,'[20]WorkDone DATA'!$G:$G,BOQ!$B119)*$G119","v":{"$error":"#VALUE!"}},{"$f":"SUMIFS('[20]WorkDone DATA'!$L:$L,'[20]WorkDone DATA'!$N:$N,BOQ!BS$6,'[20]WorkDone DATA'!$G:$G,BOQ!$B119)*$G119","v":{"$error":"#VALUE!"}},{"$f":"SUMIFS('[20]WorkDone DATA'!$L:$L,'[20]WorkDone DATA'!$N:$N,BOQ!BT$6,'[20]WorkDone DATA'!$G:$G,BOQ!$B119)*$G119","v":{"$error":"#VALUE!"}},{"$f":"SUMIFS('[20]WorkDone DATA'!$L:$L,'[20]WorkDone DATA'!$N:$N,BOQ!BU$6,'[20]WorkDone DATA'!$G:$G,BOQ!$B119)*$G119","v":{"$error":"#VALUE!"}},{"$f":"SUMIFS('[20]WorkDone DATA'!$L:$L,'[20]WorkDone DATA'!$N:$N,BOQ!BV$6,'[20]WorkDone DATA'!$G:$G,BOQ!$B119)*$G119","v":{"$error":"#VALUE!"}},{"$f":"SUMIFS('[20]WorkDone DATA'!$L:$L,'[20]WorkDone DATA'!$N:$N,BOQ!BW$6,'[20]WorkDone DATA'!$G:$G,BOQ!$B119)*$G119","v":{"$error":"#VALUE!"}},{"$f":"SUMIFS('[20]WorkDone DATA'!$L:$L,'[20]WorkDone DATA'!$N:$N,BOQ!BX$6,'[20]WorkDone DATA'!$G:$G,BOQ!$B119)*$G119","v":{"$error":"#VALUE!"}}]
[null,null,"MV Cables PILC",{"$nulls":4},0,{"$nulls":3},{"$error":"#VALUE!"},{"$error":"#VALUE!"},null,0,{"$error":"#VALUE!"},null,{"$f":"SUMIFS('[20]WorkDone DATA'!$L:$L,'[20]WorkDone DATA'!$N:$N,BOQ!S$6,'[20]WorkDone DATA'!$G:$G,BOQ!$B120)","v":{"$error":"#VALUE!"}},{"$error":"#VALUE!"},{"$f":"SUMIFS('[20]WorkDone DATA'!$L:$L,'[20]WorkDone DATA'!$N:$N,BOQ!U$6,'[20]WorkDone DATA'!$G:$G,BOQ!$B120)","v":{"$error":"#VALUE!"}},{"$error":"#VALUE!"},null,{"$f":"SUMIFS('[20]WorkDone DATA'!$L:$L,'[20]WorkDone DATA'!$N:$N,BOQ!W$6,'[20]WorkDone DATA'!$G:$G,BOQ!$B120)*$G120","v":{"$error":"#VALUE!"}},null,{"$f":"SUMIFS('[20]WorkDone DATA'!$L:$L,'[20]WorkDone DATA'!$N:$N,BOQ!Y$6,'[20]WorkDone DATA'!$G:$G,BOQ!$B120)*$G120","v":{"$error":"#VALUE!"}},null,{"$f":"SUMIFS('[20]WorkDone DATA'!$L:$L,'[20]WorkDone DATA'!$N:$N,BOQ!AA$6,'[20]WorkDone DATA'!$G:$G,BOQ!$B120)*$G120","v":{"$error":"#VALUE!"}},{"$f":"SUMIFS('[20]WorkDone DATA'!$L:$L,'[20]WorkDone DATA'!$N:$N,BOQ!AB$6,'[20]WorkDone DATA'!$G:$G,BOQ!$B120)*$G120","v":{"$error":"#VALUE!"}},{"$f":"SUMIFS('[20]WorkDone DATA'!$L:$L,'[20]WorkDone DATA'!$N:$N,BOQ!AC$6,'[20]WorkDone DATA'!$G:$G,BOQ!$B120)*$G120","v":{"$error":"#VALUE!"}},{"$f":"SUMIFS('[20]WorkDone DATA'!$L:$L,'[20]WorkDone DATA'!$N:$N,BOQ!AD$6,'[20]WorkDone DATA'!$G:$G,BOQ!$B120)*$G120","v":{"$error":"#VALUE!"}},{"$f":"SUMIFS('[20]WorkDone DATA'!$L:$L,'[20]WorkDone DATA'!$N:$N,BOQ!AE$6,'[20]WorkDone DATA'!$G:$G,BOQ!$B120)*$G120","v":{"$error":"#VALUE!"}},{"$f":"SUMIFS('[20]WorkDone DATA'!$L:$L,'[20]WorkDone DATA'!$N:$N,BOQ!AF$6,'[20]WorkDone DATA'!$G:$G,BOQ!$B120)*$G120","v":{"$error":"#VALUE!"}},{"$f":"SUMIFS('[20]WorkDone DATA'!$L:$L,'[20]WorkDone DATA'!$N:$N,BOQ!AG$6,'[20]WorkDone DATA'!$G:$G,BOQ!$B120)*$G120","v":{"$error":"#VALUE!"}},{"$f":"SUMIFS('[20]WorkDone DATA'!$L:$L,'[20]WorkDone DATA'!$N:$N,BOQ!AH$6,'[20]WorkDone DATA'!$G:$G,BOQ!$B120)*$G120","v":{"$error":"#VALUE!"}},{"$f":"SUMIFS('[20]WorkDone DATA'!$L:$L,'[20]WorkDone DATA'!$N:$N,BOQ!AI$6,'[20]WorkDone DATA'!$G:$G,BOQ!$B120)*$G120","v":{"$error":"#VALUE!"}},{"$f":"SUMIFS('[20]WorkDone DATA'!$L:$L,'[20]WorkDone DATA'!$N:$N,BOQ!AJ$6,'[20]WorkDone DATA'!$G:$G,BOQ!$B120)*$G120","v":{"$error":"#VALUE!"}},{"$f":"SUMIFS('[20]WorkDone DATA'!$L:$L,'[20]WorkDone DATA'!$N:$N,BOQ!AK$6,'[20]WorkDone DATA'!$G:$G,BOQ!$B120)*$G120","v":{"$error":"#VALUE!"}},{"$f":"SUMIFS('[20]WorkDone DATA'!$L:$L,'[20]WorkDone DATA'!$N:$N,BOQ!AL$6,'[20]WorkDone DATA'!$G:$G,BOQ!$B120)*$G120","v":{"$error":"#VALUE!"}},{"$f":"SUMIFS('[20]WorkDone DATA'!$L:$L,'[20]WorkDone DATA'!$N:$N,BOQ!AM$6,'[20]WorkDone DATA'!$G:$G,BOQ!$B120)*$G120","v":{"$error":"#VALUE!"}},{"$f":"SUMIFS('[20]WorkDone DATA'!$L:$L,'[20]WorkDone DATA'!$N:$N,BOQ!AN$6,'[20]WorkDone DATA'!$G:$G,BOQ!$B120)*$G120","v":{"$error":"#VALUE!"}},{"$f":"SUMIFS('[20]WorkDone DATA'!$L:$L,'[20]WorkDone DATA'!$N:$N,BOQ!AO$6,'[20]WorkDone DATA'!$G:$G,BOQ!$B120)*$G120","v":{"$error":"#VALUE!"}},{"$f":"SUMIFS('[20]WorkDone DATA'!$L:$L,'[20]WorkDone DATA'!$N:$N,BOQ!AP$6,'[20]WorkDone DATA'!$G:$G,BOQ!$B120)*$G120","v":{"$error":"#VALUE!"}},{"$f":"SUMIFS('[20]WorkDone DATA'!$L:$L,'[20]WorkDone DATA'!$N:$N,BOQ!AQ$6,'[20]WorkDone DATA'!$G:$G,BOQ!$B120)*$G120","v":{"$error":"#VALUE!"}},{"$f":"SUMIFS('[20]WorkDone DATA'!$L:$L,'[20]WorkDone DATA'!$N:$N,BOQ!AR$6,'[20]WorkDone DATA'!$G:$G,BOQ!$B120)*$G120","v":{"$error":"#VALUE!"}},{"$f":"SUMIFS('[20]WorkDone DATA'!$L:$L,'[20]WorkDone DATA'!$N:$N,BOQ!AS$6,'[20]WorkDone DATA'!$G:$G,BOQ!$B120)*$G120","v":{"$error":"#VALUE!"}},{"$f":"SUMIFS('[20]WorkDone DATA'!$L:$L,'[20]WorkDone DATA'!$N:$N,BOQ!AT$6,'[20]WorkDone DATA'!$G:$G,BOQ!$B120)*$G120","v":{"$error":"#VALUE!"}},{"$f":"SUMIFS('[20]WorkDone DATA'!$L:$L,'[20]WorkDone DATA'!$N:$N,BOQ!AU$6,'[20]WorkDone DATA'!$G:$G,BOQ!$B120)*$G120","v":{"$error":"#VALUE!"}},{"$f":"SUMIFS('[20]WorkDone DATA'!$L:$L,'[20]WorkDone DATA'!$N:$N,BOQ!AV$6,'[20]WorkDone DATA'!$G:$G,BOQ!$B120)*$G120","v":{"$error":"#VALUE!"}},{"$f":"SUMIFS('[20]WorkDone DATA'!$L:$L,'[20]WorkDone DATA'!$N:$N,BOQ!AW$6,'[20]WorkDone DATA'!$G:$G,BOQ!$B120)*$G120","v":{"$error":"#VALUE!"}},{"$f":"SUMIFS('[20]WorkDone DATA'!$L:$L,'[20]WorkDone DATA'!$N:$N,BOQ!AX$6,'[20]WorkDone DATA'!$G:$G,BOQ!$B120)*$G120","v":{"$error":"#VALUE!"}},{"$f":"SUMIFS('[20]WorkDone DATA'!$L:$L,'[20]WorkDone DATA'!$N:$N,BOQ!AY$6,'[20]WorkDone DATA'!$G:$G,BOQ!$B120)*$G120","v":{"$error":"#VALUE!"}},{"$f":"SUMIFS('[20]WorkDone DATA'!$L:$L,'[20]WorkDone DATA'!$N:$N,BOQ!AZ$6,'[20]WorkDone DATA'!$G:$G,BOQ!$B120)*$G120","v":{"$error":"#VALUE!"}},{"$f":"SUMIFS('[20]WorkDone DATA'!$L:$L,'[20]WorkDone DATA'!$N:$N,BOQ!BA$6,'[20]WorkDone DATA'!$G:$G,BOQ!$B120)*$G120","v":{"$error":"#VALUE!"}},{"$f":"SUMIFS('[20]WorkDone DATA'!$L:$L,'[20]WorkDone DATA'!$N:$N,BOQ!BB$6,'[20]WorkDone DATA'!$G:$G,BOQ!$B120)*$G120","v":{"$error":"#VALUE!"}},{"$f":"SUMIFS('[20]WorkDone DATA'!$L:$L,'[20]WorkDone DATA'!$N:$N,BOQ!BC$6,'[20]WorkDone DATA'!$G:$G,BOQ!$B120)*$G120","v":{"$error":"#VALUE!"}},{"$f":"SUMIFS('[20]WorkDone DATA'!$L:$L,'[20]WorkDone DATA'!$N:$N,BOQ!BD$6,'[20]WorkDone DATA'!$G:$G,BOQ!$B120)*$G120","v":{"$error":"#VALUE!"}},{"$f":"SUMIFS('[20]WorkDone DATA'!$L:$L,'[20]WorkDone DATA'!$N:$N,BOQ!BE$6,'[20]WorkDone DATA'!$G:$G,BOQ!$B120)*$G120","v":{"$error":"#VALUE!"}},{"$f":"SUMIFS('[20]WorkDone DATA'!$L:$L,'[20]WorkDone DATA'!$N:$N,BOQ!BF$6,'[20]WorkDone DATA'!$G:$G,BOQ!$B120)*$G120","v":{"$error":"#VALUE!"}},{"$f":"SUMIFS('[20]WorkDone DATA'!$L:$L,'[20]WorkDone DATA'!$N:$N,BOQ!BG$6,'[20]WorkDone DATA'!$G:$G,BOQ!$B120)*$G120","v":{"$error":"#VALUE!"}},{"$f":"SUMIFS('[20]WorkDone DATA'!$L:$L,'[20]WorkDone DATA'!$N:$N,BOQ!BH$6,'[20]WorkDone DATA'!$G:$G,BOQ!$B120)*$G120","v":{"$error":"#VALUE!"}},{"$f":"SUMIFS('[20]WorkDone DATA'!$L:$L,'[20]WorkDone DATA'!$N:$N,BOQ!BI$6,'[20]WorkDone DATA'!$G:$G,BOQ!$B120)*$G120","v":{"$error":"#VALUE!"}},{"$f":"SUMIFS('[20]WorkDone DATA'!$L:$L,'[20]WorkDone DATA'!$N:$N,BOQ!BJ$6,'[20]WorkDone DATA'!$G:$G,BOQ!$B120)*$G120","v":{"$error":"#VALUE!"}},{"$f":"SUMIFS('[20]WorkDone DATA'!$L:$L,'[20]WorkDone DATA'!$N:$N,BOQ!BK$6,'[20]WorkDone DATA'!$G:$G,BOQ!$B120)*$G120","v":{"$error":"#VALUE!"}},{"$f":"SUMIFS('[20]WorkDone DATA'!$L:$L,'[20]WorkDone DATA'!$N:$N,BOQ!BL$6,'[20]WorkDone DATA'!$G:$G,BOQ!$B120)*$G120","v":{"$error":"#VALUE!"}},{"$f":"SUMIFS('[20]WorkDone DATA'!$L:$L,'[20]WorkDone DATA'!$N:$N,BOQ!BM$6,'[20]WorkDone DATA'!$G:$G,BOQ!$B120)*$G120","v":{"$error":"#VALUE!"}},{"$f":"SUMIFS('[20]WorkDone DATA'!$L:$L,'[20]WorkDone DATA'!$N:$N,BOQ!BN$6,'[20]WorkDone DATA'!$G:$G,BOQ!$B120)*$G120","v":{"$error":"#VALUE!"}},{"$f":"SUMIFS('[20]WorkDone DATA'!$L:$L,'[20]WorkDone DATA'!$N:$N,BOQ!BO$6,'[20]WorkDone DATA'!$G:$G,BOQ!$B120)*$G120","v":{"$error":"#VALUE!"}},{"$f":"SUMIFS('[20]WorkDone DATA'!$L:$L,'[20]WorkDone DATA'!$N:$N,BOQ!BP$6,'[20]WorkDone DATA'!$G:$G,BOQ!$B120)*$G120","v":{"$error":"#VALUE!"}},{"$f":"SUMIFS('[20]WorkDone DATA'!$L:$L,'[20]WorkDone DATA'!$N:$N,BOQ!BQ$6,'[20]WorkDone DATA'!$G:$G,BOQ!$B120)*$G120","v":{"$error":"#VALUE!"}},{"$f":"SUMIFS('[20]WorkDone DATA'!$L:$L,'[20]WorkDone DATA'!$N:$N,BOQ!BR$6,'[20]WorkDone DATA'!$G:$G,BOQ!$B120)*$G120","v":{"$error":"#VALUE!"}},{"$f":"SUMIFS('[20]WorkDone DATA'!$L:$L,'[20]WorkDone DATA'!$N:$N,BOQ!BS$6,'[20]WorkDone DATA'!$G:$G,BOQ!$B120)*$G120","v":{"$error":"#VALUE!"}},{"$f":"SUMIFS('[20]WorkDone DATA'!$L:$L,'[20]WorkDone DATA'!$N:$N,BOQ!BT$6,'[20]WorkDone DATA'!$G:$G,BOQ!$B120)*$G120","v":{"$error":"#VALUE!"}},{"$f":"SUMIFS('[20]WorkDone DATA'!$L:$L,'[20]WorkDone DATA'!$N:$N,BOQ!BU$6,'[20]WorkDone DATA'!$G:$G,BOQ!$B120)*$G120","v":{"$error":"#VALUE!"}},{"$f":"SUMIFS('[20]WorkDone DATA'!$L:$L,'[20]WorkDone DATA'!$N:$N,BOQ!BV$6,'[20]WorkDone DATA'!$G:$G,BOQ!$B120)*$G120","v":{"$error":"#VALUE!"}},{"$f":"SUMIFS('[20]WorkDone DATA'!$L:$L,'[20]WorkDone DATA'!$N:$N,BOQ!BW$6,'[20]WorkDone DATA'!$G:$G,BOQ!$B120)*$G120","v":{"$error":"#VALUE!"}},{"$f":"SUMIFS('[20]WorkDone DATA'!$L:$L,'[20]WorkDone DATA'!$N:$N,BOQ!BX$6,'[20]WorkDone DATA'!$G:$G,BOQ!$B120)*$G120","v":{"$error":"#VALUE!"}}]
[{"$f":"C121","v":"500mm2 x 1 core (ESL01WCV) 6.35kV/11kV  (Trefoil clamps)\n"},2.056,"500mm2 x 1 core (ESL01WCV) 6.35kV/11kV  (Trefoil clamps)\n","C","each",24768,182.15,{"v":4511491.2,"d":"4,511,491.20"},null,null,{"$error":"#VALUE!"},{"$error":"#VALUE!"},{"$error":"#VALUE!"},null,{"$error":"#VALUE!"},{"$error":"#VALUE!"},null,{"$f":"SUMIFS('[20]WorkDone DATA'!$L:$L,'[20]WorkDone DATA'!$N:$N,BOQ!S$6,'[20]WorkDone DATA'!$G:$G,BOQ!$B121)","v":{"$error":"#VALUE!"}},{"$error":"#VALUE!"},{"$f":"SUMIFS('[20]WorkDone DATA'!$L:$L,'[20]WorkDone DATA'!$N:$N,BOQ!U$6,'[20]WorkDone DATA'!$G:$G,BOQ!$B121)","v":{"$error":"#VALUE!"}},{"$error":"#VALUE!"},null,{"$f":"SUMIFS('[20]WorkDone DATA'!$L:$L,'[20]WorkDone DATA'!$N:$N,BOQ!W$6,'[20]WorkDone DATA'!$G:$G,BOQ!$B121)*$G121","v":{"$error":"#VALUE!"}},null,{"$f":"SUMIFS('[20]WorkDone DATA'!$L:$L,'[20]WorkDone DATA'!$N:$N,BOQ!Y$6,'[20]WorkDone DATA'!$G:$G,BOQ!$B121)*$G121","v":{"$error":"#VALUE!"}},null,{"$f":"SUMIFS('[20]WorkDone DATA'!$L:$L,'[20]WorkDone DATA'!$N:$N,BOQ!AA$6,'[20]WorkDone DATA'!$G:$G,BOQ!$B121)*$G121","v":{"$error":"#VALUE!"}},{"$f":"SUMIFS('[20]WorkDone DATA'!$L:$L,'[20]WorkDone DATA'!$N:$N,BOQ!AB$6,'[20]WorkDone DATA'!$G:$G,BOQ!$B121)*$G121","v":{"$error":"#VALUE!"}},{"$f":"SUMIFS('[20]WorkDone DATA'!$L:$L,'[20]WorkDone DATA'!$N:$N,BOQ!AC$6,'[20]WorkDone DATA'!$G:$G,BOQ!$B121)*$G121","v":{"$error":"#VALUE!"}},{"$f":"SUMIFS('[20]WorkDone DATA'!$L:$L,'[20]WorkDone DATA'!$N:$N,BOQ!AD$6,'[20]WorkDone DATA'!$G:$G,BOQ!$B121)*$G121","v":{"$error":"#VALUE!"}},{"$f":"SUMIFS('[20]WorkDone DATA'!$L:$L,'[20]WorkDone DATA'!$N:$N,BOQ!AE$6,'[20]WorkDone DATA'!$G:$G,BOQ!$B121)*$G121","v":{"$error":"#VALUE!"}},{"$f":"SUMIFS('[20]WorkDone DATA'!$L:$L,'[20]WorkDone DATA'!$N:$N,BOQ!AF$6,'[20]WorkDone DATA'!$G:$G,BOQ!$B121)*$G121","v":{"$error":"#VALUE!"}},{"$f":"SUMIFS('[20]WorkDone DATA'!$L:$L,'[20]WorkDone DATA'!$N:$N,BOQ!AG$6,'[20]WorkDone DATA'!$G:$G,BOQ!$B121)*$G121","v":{"$error":"#VALUE!"}},{"$f":"SUMIFS('[20]WorkDone DATA'!$L:$L,'[20]WorkDone DATA'!$N:$N,BOQ!AH$6,'[20]WorkDone DATA'!$G:$G,BOQ!$B121)*$G121","v":{"$error":"#VALUE!"}},{"$f":"SUMIFS('[20]WorkDone DATA'!$L:$L,'[20]WorkDone DATA'!$N:$N,BOQ!AI$6,'[20]WorkDone DATA'!$G:$G,BOQ!$B121)*$G121","v":{"$error":"#VALUE!"}},{"$f":"SUMIFS('[20]WorkDone DATA'!$L:$L,'[20]WorkDone DATA'!$N:$N,BOQ!AJ$6,'[20]WorkDone DATA'!$G:$G,BOQ!$B121)*$G121","v":{"$error":"#VALUE!"}},{"$f":"SUMIFS('[20]WorkDone DATA'!$L:$L,'[20]WorkDone DATA'!$N:$N,BOQ!AK$6,'[20]WorkDone DATA'!$G:$G,BOQ!$B121)*$G121","v":{"$error":"#VALUE!"}},{"$f":"SUMIFS('[20]WorkDone DATA'!$L:$L,'[20]WorkDone DATA'!$N:$N,BOQ!AL$6,'[20]WorkDone DATA'!$G:$G,BOQ!$B121)*$G121","v":{"$error":"#VALUE!"}},{"$f":"SUMIFS('[20]WorkDone DATA'!$L:$L,'[20]WorkDone DATA'!$N:$N,BOQ!AM$6,'[20]WorkDone DATA'!$G:$G,BOQ!$B121)*$G121","v":{"$error":"#VALUE!"}},{"$f":"SUMIFS('[20]WorkDone DATA'!$L:$L,'[20]WorkDone DATA'!$N:$N,BOQ!AN$6,'[20]WorkDone DATA'!$G:$G,BOQ!$B121)*$G121","v":{"$error":"#VALUE!"}},{"$f":"SUMIFS('[20]WorkDone DATA'!$L:$L,'[20]WorkDone DATA'!$N:$N,BOQ!AO$6,'[20]WorkDone DATA'!$G:$G,BOQ!$B121)*$G121","v":{"$error":"#VALUE!"}},{"$f":"SUMIFS('[20]WorkDone DATA'!$L:$L,'[20]WorkDone DATA'!$N:$N,BOQ!AP$6,'[20]WorkDone DATA'!$G:$G,BOQ!$B121)*$G121","v":{"$error":"#VALUE!"}},{"$f":"SUMIFS('[20]WorkDone DATA'!$L:$L,'[20]WorkDone DATA'!$N:$N,BOQ!AQ$6,'[20]WorkDone DATA'!$G:$G,BOQ!$B121)*$G121","v":{"$error":"#VALUE!"}},{"$f":"SUMIFS('[20]WorkDone DATA'!$L:$L,'[20]WorkDone DATA'!$N:$N,BOQ!AR$6,'[20]WorkDone DATA'!$G:$G,BOQ!$B121)*$G121","v":{"$error":"#VALUE!"}},{"$f":"SUMIFS('[20]WorkDone DATA'!$L:$L,'[20]WorkDone DATA'!$N:$N,BOQ!AS$6,'[20]WorkDone DATA'!$G:$G,BOQ!$B121)*$G121","v":{"$error":"#VALUE!"}},{"$f":"SUMIFS('[20]WorkDone DATA'!$L:$L,'[20]WorkDone DATA'!$N:$N,BOQ!AT$6,'[20]WorkDone DATA'!$G:$G,BOQ!$B121)*$G121","v":{"$error":"#VALUE!"}},{"$f":"SUMIFS('[20]WorkDone DATA'!$L:$L,'[20]WorkDone DATA'!$N:$N,BOQ!AU$6,'[20]WorkDone DATA'!$G:$G,BOQ!$B121)*$G121","v":{"$error":"#VALUE!"}},{"$f":"SUMIFS('[20]WorkDone DATA'!$L:$L,'[20]WorkDone DATA'!$N:$N,BOQ!AV$6,'[20]WorkDone DATA'!$G:$G,BOQ!$B121)*$G121","v":{"$error":"#VALUE!"}},{"$f":"SUMIFS('[20]WorkDone DATA'!$L:$L,'[20]WorkDone DATA'!$N:$N,BOQ!AW$6,'[20]WorkDone DATA'!$G:$G,BOQ!$B121)*$G121","v":{"$error":"#VALUE!"}},{"$f":"SUMIFS('[20]WorkDone DATA'!$L:$L,'[20]WorkDone DATA'!$N:$N,BOQ!AX$6,'[20]WorkDone DATA'!$G:$G,BOQ!$B121)*$G121","v":{"$error":"#VALUE!"}},{"$f":"SUMIFS('[20]WorkDone DATA'!$L:$L,'[20]WorkDone DATA'!$N:$N,BOQ!AY$6,'[20]WorkDone DATA'!$G:$G,BOQ!$B121)*$G121","v":{"$error":"#VALUE!"}},{"$f":"SUMIFS('[20]WorkDone DATA'!$L:$L,'[20]WorkDone DATA'!$N:$N,BOQ!AZ$6,'[20]WorkDone DATA'!$G:$G,BOQ!$B121)*$G121","v":{"$error":"#VALUE!"}},{"$f":"SUMIFS('[20]WorkDone DATA'!$L:$L,'[20]WorkDone DATA'!$N:$N,BOQ!BA$6,'[20]WorkDone DATA'!$G:$G,BOQ!$B121)*$G121","v":{"$error":"#VALUE!"}},{"$f":"SUMIFS('[20]WorkDone DATA'!$L:$L,'[20]WorkDone DATA'!$N:$N,BOQ!BB$6,'[20]WorkDone DATA'!$G:$G,BOQ!$B121)*$G121","v":{"$error":"#VALUE!"}},{"$f":"SUMIFS('[20]WorkDone DATA'!$L:$L,'[20]WorkDone DATA'!$N:$N,BOQ!BC$6,'[20]WorkDone DATA'!$G:$G,BOQ!$B121)*$G121","v":{"$error":"#VALUE!"}},{"$f":"SUMIFS('[20]WorkDone DATA'!$L:$L,'[20]WorkDone DATA'!$N:$N,BOQ!BD$6,'[20]WorkDone DATA'!$G:$G,BOQ!$B121)*$G121","v":{"$error":"#VALUE!"}},{"$f":"SUMIFS('[20]WorkDone DATA'!$L:$L,'[20]WorkDone DATA'!$N:$N,BOQ!BE$6,'[20]WorkDone DATA'!$G:$G,BOQ!$B121)*$G121","v":{"$error":"#VALUE!"}},{"$f":"SUMIFS('[20]WorkDone DATA'!$L:$L,'[20]WorkDone DATA'!$N:$N,BOQ!BF$6,'[20]WorkDone DATA'!$G:$G,BOQ!$B121)*$G121","v":{"$error":"#VALUE!"}},{"$f":"SUMIFS('[20]WorkDone DATA'!$L:$L,'[20]WorkDone DATA'!$N:$N,BOQ!BG$6,'[20]WorkDone DATA'!$G:$G,BOQ!$B121)*$G121","v":{"$error":"#VALUE!"}},{"$f":"SUMIFS('[20]WorkDone DATA'!$L:$L,'[20]WorkDone DATA'!$N:$N,BOQ!BH$6,'[20]WorkDone DATA'!$G:$G,BOQ!$B121)*$G121","v":{"$error":"#VALUE!"}},{"$f":"SUMIFS('[20]WorkDone DATA'!$L:$L,'[20]WorkDone DATA'!$N:$N,BOQ!BI$6,'[20]WorkDone DATA'!$G:$G,BOQ!$B121)*$G121","v":{"$error":"#VALUE!"}},{"$f":"SUMIFS('[20]WorkDone DATA'!$L:$L,'[20]WorkDone DATA'!$N:$N,BOQ!BJ$6,'[20]WorkDone DATA'!$G:$G,BOQ!$B121)*$G121","v":{"$error":"#VALUE!"}},{"$f":"SUMIFS('[20]WorkDone DATA'!$L:$L,'[20]WorkDone DATA'!$N:$N,BOQ!BK$6,'[20]WorkDone DATA'!$G:$G,BOQ!$B121)*$G121","v":{"$error":"#VALUE!"}},{"$f":"SUMIFS('[20]WorkDone DATA'!$L:$L,'[20]WorkDone DATA'!$N:$N,BOQ!BL$6,'[20]WorkDone DATA'!$G:$G,BOQ!$B121)*$G121","v":{"$error":"#VALUE!"}},{"$f":"SUMIFS('[20]WorkDone DATA'!$L:$L,'[20]WorkDone DATA'!$N:$N,BOQ!BM$6,'[20]WorkDone DATA'!$G:$G,BOQ!$B121)*$G121","v":{"$error":"#VALUE!"}},{"$f":"SUMIFS('[20]WorkDone DATA'!$L:$L,'[20]WorkDone DATA'!$N:$N,BOQ!BN$6,'[20]WorkDone DATA'!$G:$G,BOQ!$B121)*$G121","v":{"$error":"#VALUE!"}},{"$f":"SUMIFS('[20]WorkDone DATA'!$L:$L,'[20]WorkDone DATA'!$N:$N,BOQ!BO$6,'[20]WorkDone DATA'!$G:$G,BOQ!$B121)*$G121","v":{"$error":"#VALUE!"}},{"$f":"SUMIFS('[20]WorkDone DATA'!$L:$L,'[20]WorkDone DATA'!$N:$N,BOQ!BP$6,'[20]WorkDone DATA'!$G:$G,BOQ!$B121)*$G121","v":{"$error":"#VALUE!"}},{"$f":"SUMIFS('[20]WorkDone DATA'!$L:$L,'[20]WorkDone DATA'!$N:$N,BOQ!BQ$6,'[20]WorkDone DATA'!$G:$G,BOQ!$B121)*$G121","v":{"$error":"#VALUE!"}},{"$f":"SUMIFS('[20]WorkDone DATA'!$L:$L,'[20]WorkDone DATA'!$N:$N,BOQ!BR$6,'[20]WorkDone DATA'!$G:$G,BOQ!$B121)*$G121","v":{"$error":"#VALUE!"}},{"$f":"SUMIFS('[20]WorkDone DATA'!$L:$L,'[20]WorkDone DATA'!$N:$N,BOQ!BS$6,'[20]WorkDone DATA'!$G:$G,BOQ!$B121)*$G121","v":{"$error":"#VALUE!"}},{"$f":"SUMIFS('[20]WorkDone DATA'!$L:$L,'[20]WorkDone DATA'!$N:$N,BOQ!BT$6,'[20]WorkDone DATA'!$G:$G,BOQ!$B121)*$G121","v":{"$error":"#VALUE!"}},{"$f":"SUMIFS('[20]WorkDone DATA'!$L:$L,'[20]WorkDone DATA'!$N:$N,BOQ!BU$6,'[20]WorkDone DATA'!$G:$G,BOQ!$B121)*$G121","v":{"$error":"#VALUE!"}},{"$f":"SUMIFS('[20]WorkDone DATA'!$L:$L,'[20]WorkDone DATA'!$N:$N,BOQ!BV$6,'[20]WorkDone DATA'!$G:$G,BOQ!$B121)*$G121","v":{"$error":"#VALUE!"}},{"$f":"SUMIFS('[20]WorkDone DATA'!$L:$L,'[20]WorkDone DATA'!$N:$N,BOQ!BW$6,'[20]WorkDone DATA'!$G:$G,BOQ!$B121)*$G121","v":{"$error":"#VALUE!"}},{"$f":"SUMIFS('[20]WorkDone DATA'!$L:$L,'[20]WorkDone DATA'!$N:$N,BOQ!BX$6,'[20]WorkDone DATA'!$G:$G,BOQ!$B121)*$G121","v":{"$error":"#VALUE!"}}]
["630mm2 x 1core (CPL01XCV)  3.8kV/1.9kV (Trefoil clamps)",2.057,"630mm2 x 1core (CPL01XCV)  3.8kV/1.9kV (Trefoil clamps)","C","each",6570,182.15,{"v":1196725.5,"d":"1,196,725.50"},null,null,{"$error":"#VALUE!"},{"$error":"#VALUE!"},{"$error":"#VALUE!"},null,{"$error":"#VALUE!"},{"$error":"#VALUE!"},null,{"$f":"SUMIFS('[20]WorkDone DATA'!$L:$L,'[20]WorkDone DATA'!$N:$N,BOQ!S$6,'[20]WorkDone DATA'!$G:$G,BOQ!$B122)","v":{"$error":"#VALUE!"}},{"$error":"#VALUE!"},{"$f":"SUMIFS('[20]WorkDone DATA'!$L:$L,'[20]WorkDone DATA'!$N:$N,BOQ!U$6,'[20]WorkDone DATA'!$G:$G,BOQ!$B122)","v":{"$error":"#VALUE!"}},{"$error":"#VALUE!"},null,{"$f":"SUMIFS('[20]WorkDone DATA'!$L:$L,'[20]WorkDone DATA'!$N:$N,BOQ!W$6,'[20]WorkDone DATA'!$G:$G,BOQ!$B122)*$G122","v":{"$error":"#VALUE!"}},null,{"$f":"SUMIFS('[20]WorkDone DATA'!$L:$L,'[20]WorkDone DATA'!$N:$N,BOQ!Y$6,'[20]WorkDone DATA'!$G:$G,BOQ!$B122)*$G122","v":{"$error":"#VALUE!"}},null,{"$f":"SUMIFS('[20]WorkDone DATA'!$L:$L,'[20]WorkDone DATA'!$N:$N,BOQ!AA$6,'[20]WorkDone DATA'!$G:$G,BOQ!$B122)*$G122","v":{"$error":"#VALUE!"}},{"$f":"SUMIFS('[20]WorkDone DATA'!$L:$L,'[20]WorkDone DATA'!$N:$N,BOQ!AB$6,'[20]WorkDone DATA'!$G:$G,BOQ!$B122)*$G122","v":{"$error":"#VALUE!"}},{"$f":"SUMIFS('[20]WorkDone DATA'!$L:$L,'[20]WorkDone DATA'!$N:$N,BOQ!AC$6,'[20]WorkDone DATA'!$G:$G,BOQ!$B122)*$G122","v":{"$error":"#VALUE!"}},{"$f":"SUMIFS('[20]WorkDone DATA'!$L:$L,'[20]WorkDone DATA'!$N:$N,BOQ!AD$6,'[20]WorkDone DATA'!$G:$G,BOQ!$B122)*$G122","v":{"$error":"#VALUE!"}},{"$f":"SUMIFS('[20]WorkDone DATA'!$L:$L,'[20]WorkDone DATA'!$N:$N,BOQ!AE$6,'[20]WorkDone DATA'!$G:$G,BOQ!$B122)*$G122","v":{"$error":"#VALUE!"}},{"$f":"SUMIFS('[20]WorkDone DATA'!$L:$L,'[20]WorkDone DATA'!$N:$N,BOQ!AF$6,'[20]WorkDone DATA'!$G:$G,BOQ!$B122)*$G122","v":{"$error":"#VALUE!"}},{"$f":"SUMIFS('[20]WorkDone DATA'!$L:$L,'[20]WorkDone DATA'!$N:$N,BOQ!AG$6,'[20]WorkDone DATA'!$G:$G,BOQ!$B122)*$G122","v":{"$error":"#VALUE!"}},{"$f":"SUMIFS('[20]WorkDone DATA'!$L:$L,'[20]WorkDone DATA'!$N:$N,BOQ!AH$6,'[20]WorkDone DATA'!$G:$G,BOQ!$B122)*$G122","v":{"$error":"#VALUE!"}},{"$f":"SUMIFS('[20]WorkDone DATA'!$L:$L,'[20]WorkDone DATA'!$N:$N,BOQ!AI$6,'[20]WorkDone DATA'!$G:$G,BOQ!$B122)*$G122","v":{"$error":"#VALUE!"}},{"$f":"SUMIFS('[20]WorkDone DATA'!$L:$L,'[20]WorkDone DATA'!$N:$N,BOQ!AJ$6,'[20]WorkDone DATA'!$G:$G,BOQ!$B122)*$G122","v":{"$error":"#VALUE!"}},{"$f":"SUMIFS('[20]WorkDone DATA'!$L:$L,'[20]WorkDone DATA'!$N:$N,BOQ!AK$6,'[20]WorkDone DATA'!$G:$G,BOQ!$B122)*$G122","v":{"$error":"#VALUE!"}},{"$f":"SUMIFS('[20]WorkDone DATA'!$L:$L,'[20]WorkDone DATA'!$N:$N,BOQ!AL$6,'[20]WorkDone DATA'!$G:$G,BOQ!$B122)*$G122","v":{"$error":"#VALUE!"}},{"$f":"SUMIFS('[20]WorkDone DATA'!$L:$L,'[20]WorkDone DATA'!$N:$N,BOQ!AM$6,'[20]WorkDone DATA'!$G:$G,BOQ!$B122)*$G122","v":{"$error":"#VALUE!"}},{"$f":"SUMIFS('[20]WorkDone DATA'!$L:$L,'[20]WorkDone DATA'!$N:$N,BOQ!AN$6,'[20]WorkDone DATA'!$G:$G,BOQ!$B122)*$G122","v":{"$error":"#VALUE!"}},{"$f":"SUMIFS('[20]WorkDone DATA'!$L:$L,'[20]WorkDone DATA'!$N:$N,BOQ!AO$6,'[20]WorkDone DATA'!$G:$G,BOQ!$B122)*$G122","v":{"$error":"#VALUE!"}},{"$f":"SUMIFS('[20]WorkDone DATA'!$L:$L,'[20]WorkDone DATA'!$N:$N,BOQ!AP$6,'[20]WorkDone DATA'!$G:$G,BOQ!$B122)*$G122","v":{"$error":"#VALUE!"}},{"$f":"SUMIFS('[20]WorkDone DATA'!$L:$L,'[20]WorkDone DATA'!$N:$N,BOQ!AQ$6,'[20]WorkDone DATA'!$G:$G,BOQ!$B122)*$G122","v":{"$error":"#VALUE!"}},{"$f":"SUMIFS('[20]WorkDone DATA'!$L:$L,'[20]WorkDone DATA'!$N:$N,BOQ!AR$6,'[20]WorkDone DATA'!$G:$G,BOQ!$B122)*$G122","v":{"$error":"#VALUE!"}},{"$f":"SUMIFS('[20]WorkDone DATA'!$L:$L,'[20]WorkDone DATA'!$N:$N,BOQ!AS$6,'[20]WorkDone DATA'!$G:$G,BOQ!$B122)*$G122","v":{"$error":"#VALUE!"}},{"$f":"SUMIFS('[20]WorkDone DATA'!$L:$L,'[20]WorkDone DATA'!$N:$N,BOQ!AT$6,'[20]WorkDone DATA'!$G:$G,BOQ!$B122)*$G122","v":{"$error":"#VALUE!"}},{"$f":"SUMIFS('[20]WorkDone DATA'!$L:$L,'[20]WorkDone DATA'!$N:$N,BOQ!AU$6,'[20]WorkDone DATA'!$G:$G,BOQ!$B122)*$G122","v":{"$error":"#VALUE!"}},{"$f":"SUMIFS('[20]WorkDone DATA'!$L:$L,'[20]WorkDone DATA'!$N:$N,BOQ!AV$6,'[20]WorkDone DATA'!$G:$G,BOQ!$B122)*$G122","v":{"$error":"#VALUE!"}},{"$f":"SUMIFS('[20]WorkDone DATA'!$L:$L,'[20]WorkDone DATA'!$N:$N,BOQ!AW$6,'[20]WorkDone DATA'!$G:$G,BOQ!$B122)*$G122","v":{"$error":"#VALUE!"}},{"$f":"SUMIFS('[20]WorkDone DATA'!$L:$L,'[20]WorkDone DATA'!$N:$N,BOQ!AX$6,'[20]WorkDone DATA'!$G:$G,BOQ!$B122)*$G122","v":{"$error":"#VALUE!"}},{"$f":"SUMIFS('[20]WorkDone DATA'!$L:$L,'[20]WorkDone DATA'!$N:$N,BOQ!AY$6,'[20]WorkDone DATA'!$G:$G,BOQ!$B122)*$G122","v":{"$error":"#VALUE!"}},{"$f":"SUMIFS('[20]WorkDone DATA'!$L:$L,'[20]WorkDone DATA'!$N:$N,BOQ!AZ$6,'[20]WorkDone DATA'!$G:$G,BOQ!$B122)*$G122","v":{"$error":"#VALUE!"}},{"$f":"SUMIFS('[20]WorkDone DATA'!$L:$L,'[20]WorkDone DATA'!$N:$N,BOQ!BA$6,'[20]WorkDone DATA'!$G:$G,BOQ!$B122)*$G122","v":{"$error":"#VALUE!"}},{"$f":"SUMIFS('[20]WorkDone DATA'!$L:$L,'[20]WorkDone DATA'!$N:$N,BOQ!BB$6,'[20]WorkDone DATA'!$G:$G,BOQ!$B122)*$G122","v":{"$error":"#VALUE!"}},{"$f":"SUMIFS('[20]WorkDone DATA'!$L:$L,'[20]WorkDone DATA'!$N:$N,BOQ!BC$6,'[20]WorkDone DATA'!$G:$G,BOQ!$B122)*$G122","v":{"$error":"#VALUE!"}},{"$f":"SUMIFS('[20]WorkDone DATA'!$L:$L,'[20]WorkDone DATA'!$N:$N,BOQ!BD$6,'[20]WorkDone DATA'!$G:$G,BOQ!$B122)*$G122","v":{"$error":"#VALUE!"}},{"$f":"SUMIFS('[20]WorkDone DATA'!$L:$L,'[20]WorkDone DATA'!$N:$N,BOQ!BE$6,'[20]WorkDone DATA'!$G:$G,BOQ!$B122)*$G122","v":{"$error":"#VALUE!"}},{"$f":"SUMIFS('[20]WorkDone DATA'!$L:$L,'[20]WorkDone DATA'!$N:$N,BOQ!BF$6,'[20]WorkDone DATA'!$G:$G,BOQ!$B122)*$G122","v":{"$error":"#VALUE!"}},{"$f":"SUMIFS('[20]WorkDone DATA'!$L:$L,'[20]WorkDone DATA'!$N:$N,BOQ!BG$6,'[20]WorkDone DATA'!$G:$G,BOQ!$B122)*$G122","v":{"$error":"#VALUE!"}},{"$f":"SUMIFS('[20]WorkDone DATA'!$L:$L,'[20]WorkDone DATA'!$N:$N,BOQ!BH$6,'[20]WorkDone DATA'!$G:$G,BOQ!$B122)*$G122","v":{"$error":"#VALUE!"}},{"$f":"SUMIFS('[20]WorkDone DATA'!$L:$L,'[20]WorkDone DATA'!$N:$N,BOQ!BI$6,'[20]WorkDone DATA'!$G:$G,BOQ!$B122)*$G122","v":{"$error":"#VALUE!"}},{"$f":"SUMIFS('[20]WorkDone DATA'!$L:$L,'[20]WorkDone DATA'!$N:$N,BOQ!BJ$6,'[20]WorkDone DATA'!$G:$G,BOQ!$B122)*$G122","v":{"$error":"#VALUE!"}},{"$f":"SUMIFS('[20]WorkDone DATA'!$L:$L,'[20]WorkDone DATA'!$N:$N,BOQ!BK$6,'[20]WorkDone DATA'!$G:$G,BOQ!$B122)*$G122","v":{"$error":"#VALUE!"}},{"$f":"SUMIFS('[20]WorkDone DATA'!$L:$L,'[20]WorkDone DATA'!$N:$N,BOQ!BL$6,'[20]WorkDone DATA'!$G:$G,BOQ!$B122)*$G122","v":{"$error":"#VALUE!"}},{"$f":"SUMIFS('[20]WorkDone DATA'!$L:$L,'[20]WorkDone DATA'!$N:$N,BOQ!BM$6,'[20]WorkDone DATA'!$G:$G,BOQ!$B122)*$G122","v":{"$error":"#VALUE!"}},{"$f":"SUMIFS('[20]WorkDone DATA'!$L:$L,'[20]WorkDone DATA'!$N:$N,BOQ!BN$6,'[20]WorkDone DATA'!$G:$G,BOQ!$B122)*$G122","v":{"$error":"#VALUE!"}},{"$f":"SUMIFS('[20]WorkDone DATA'!$L:$L,'[20]WorkDone DATA'!$N:$N,BOQ!BO$6,'[20]WorkDone DATA'!$G:$G,BOQ!$B122)*$G122","v":{"$error":"#VALUE!"}},{"$f":"SUMIFS('[20]WorkDone DATA'!$L:$L,'[20]WorkDone DATA'!$N:$N,BOQ!BP$6,'[20]WorkDone DATA'!$G:$G,BOQ!$B122)*$G122","v":{"$error":"#VALUE!"}},{"$f":"SUMIFS('[20]WorkDone DATA'!$L:$L,'[20]WorkDone DATA'!$N:$N,BOQ!BQ$6,'[20]WorkDone DATA'!$G:$G,BOQ!$B122)*$G122","v":{"$error":"#VALUE!"}},{"$f":"SUMIFS('[20]WorkDone DATA'!$L:$L,'[20]WorkDone DATA'!$N:$N,BOQ!BR$6,'[20]WorkDone DATA'!$G:$G,BOQ!$B122)*$G122","v":{"$error":"#VALUE!"}},{"$f":"SUMIFS('[20]WorkDone DATA'!$L:$L,'[20]WorkDone DATA'!$N:$N,BOQ!BS$6,'[20]WorkDone DATA'!$G:$G,BOQ!$B122)*$G122","v":{"$error":"#VALUE!"}},{"$f":"SUMIFS('[20]WorkDone DATA'!$L:$L,'[20]WorkDone DATA'!$N:$N,BOQ!BT$6,'[20]WorkDone DATA'!$G:$G,BOQ!$B122)*$G122","v":{"$error":"#VALUE!"}},{"$f":"SUMIFS('[20]WorkDone DATA'!$L:$L,'[20]WorkDone DATA'!$N:$N,BOQ!BU$6,'[20]WorkDone DATA'!$G:$G,BOQ!$B122)*$G122","v":{"$error":"#VALUE!"}},{"$f":"SUMIFS('[20]WorkDone DATA'!$L:$L,'[20]WorkDone DATA'!$N:$N,BOQ!BV$6,'[20]WorkDone DATA'!$G:$G,BOQ!$B122)*$G122","v":{"$error":"#VALUE!"}},{"$f":"SUMIFS('[20]WorkDone DATA'!$L:$L,'[20]WorkDone DATA'!$N:$N,BOQ!BW$6,'[20]WorkDone DATA'!$G:$G,BOQ!$B122)*$G122","v":{"$error":"#VALUE!"}},{"$f":"SUMIFS('[20]WorkDone DATA'!$L:$L,'[20]WorkDone DATA'!$N:$N,BOQ!BX$6,'[20]WorkDone DATA'!$G:$G,BOQ!$B122)*$G122","v":{"$error":"#VALUE!"}}]
["150mm2 x 3 core (ESW03RCV) 6.35kV/11 kV",2.058,"150mm2 x 3 core (ESW03RCV) 6.35kV/11 kV","C","each",2610,182.15,{"v":475411.5,"d":"475,411.50"},null,null,{"$error":"#VALUE!"},{"$error":"#VALUE!"},{"$error":"#VALUE!"},null,{"$error":"#VALUE!"},{"$error":"#VALUE!"},null,{"$f":"SUMIFS('[20]WorkDone DATA'!$L:$L,'[20]WorkDone DATA'!$N:$N,BOQ!S$6,'[20]WorkDone DATA'!$G:$G,BOQ!$B123)","v":{"$error":"#VALUE!"}},{"$error":"#VALUE!"},{"$f":"SUMIFS('[20]WorkDone DATA'!$L:$L,'[20]WorkDone DATA'!$N:$N,BOQ!U$6,'[20]WorkDone DATA'!$G:$G,BOQ!$B123)","v":{"$error":"#VALUE!"}},{"$error":"#VALUE!"},null,{"$f":"SUMIFS('[20]WorkDone DATA'!$L:$L,'[20]WorkDone DATA'!$N:$N,BOQ!W$6,'[20]WorkDone DATA'!$G:$G,BOQ!$B123)*$G123","v":{"$error":"#VALUE!"}},null,{"$f":"SUMIFS('[20]WorkDone DATA'!$L:$L,'[20]WorkDone DATA'!$N:$N,BOQ!Y$6,'[20]WorkDone DATA'!$G:$G,BOQ!$B123)*$G123","v":{"$error":"#VALUE!"}},null,{"$f":"SUMIFS('[20]WorkDone DATA'!$L:$L,'[20]WorkDone DATA'!$N:$N,BOQ!AA$6,'[20]WorkDone DATA'!$G:$G,BOQ!$B123)*$G123","v":{"$error":"#VALUE!"}},{"$f":"SUMIFS('[20]WorkDone DATA'!$L:$L,'[20]WorkDone DATA'!$N:$N,BOQ!AB$6,'[20]WorkDone DATA'!$G:$G,BOQ!$B123)*$G123","v":{"$error":"#VALUE!"}},{"$f":"SUMIFS('[20]WorkDone DATA'!$L:$L,'[20]WorkDone DATA'!$N:$N,BOQ!AC$6,'[20]WorkDone DATA'!$G:$G,BOQ!$B123)*$G123","v":{"$error":"#VALUE!"}},{"$f":"SUMIFS('[20]WorkDone DATA'!$L:$L,'[20]WorkDone DATA'!$N:$N,BOQ!AD$6,'[20]WorkDone DATA'!$G:$G,BOQ!$B123)*$G123","v":{"$error":"#VALUE!"}},{"$f":"SUMIFS('[20]WorkDone DATA'!$L:$L,'[20]WorkDone DATA'!$N:$N,BOQ!AE$6,'[20]WorkDone DATA'!$G:$G,BOQ!$B123)*$G123","v":{"$error":"#VALUE!"}},{"$f":"SUMIFS('[20]WorkDone DATA'!$L:$L,'[20]WorkDone DATA'!$N:$N,BOQ!AF$6,'[20]WorkDone DATA'!$G:$G,BOQ!$B123)*$G123","v":{"$error":"#VALUE!"}},{"$f":"SUMIFS('[20]WorkDone DATA'!$L:$L,'[20]WorkDone DATA'!$N:$N,BOQ!AG$6,'[20]WorkDone DATA'!$G:$G,BOQ!$B123)*$G123","v":{"$error":"#VALUE!"}},{"$f":"SUMIFS('[20]WorkDone DATA'!$L:$L,'[20]WorkDone DATA'!$N:$N,BOQ!AH$6,'[20]WorkDone DATA'!$G:$G,BOQ!$B123)*$G123","v":{"$error":"#VALUE!"}},{"$f":"SUMIFS('[20]WorkDone DATA'!$L:$L,'[20]WorkDone DATA'!$N:$N,BOQ!AI$6,'[20]WorkDone DATA'!$G:$G,BOQ!$B123)*$G123","v":{"$error":"#VALUE!"}},{"$f":"SUMIFS('[20]WorkDone DATA'!$L:$L,'[20]WorkDone DATA'!$N:$N,BOQ!AJ$6,'[20]WorkDone DATA'!$G:$G,BOQ!$B123)*$G123","v":{"$error":"#VALUE!"}},{"$f":"SUMIFS('[20]WorkDone DATA'!$L:$L,'[20]WorkDone DATA'!$N:$N,BOQ!AK$6,'[20]WorkDone DATA'!$G:$G,BOQ!$B123)*$G123","v":{"$error":"#VALUE!"}},{"$f":"SUMIFS('[20]WorkDone DATA'!$L:$L,'[20]WorkDone DATA'!$N:$N,BOQ!AL$6,'[20]WorkDone DATA'!$G:$G,BOQ!$B123)*$G123","v":{"$error":"#VALUE!"}},{"$f":"SUMIFS('[20]WorkDone DATA'!$L:$L,'[20]WorkDone DATA'!$N:$N,BOQ!AM$6,'[20]WorkDone DATA'!$G:$G,BOQ!$B123)*$G123","v":{"$error":"#VALUE!"}},{"$f":"SUMIFS('[20]WorkDone DATA'!$L:$L,'[20]WorkDone DATA'!$N:$N,BOQ!AN$6,'[20]WorkDone DATA'!$G:$G,BOQ!$B123)*$G123","v":{"$error":"#VALUE!"}},{"$f":"SUMIFS('[20]WorkDone DATA'!$L:$L,'[20]WorkDone DATA'!$N:$N,BOQ!AO$6,'[20]WorkDone DATA'!$G:$G,BOQ!$B123)*$G123","v":{"$error":"#VALUE!"}},{"$f":"SUMIFS('[20]WorkDone DATA'!$L:$L,'[20]WorkDone DATA'!$N:$N,BOQ!AP$6,'[20]WorkDone DATA'!$G:$G,BOQ!$B123)*$G123","v":{"$error":"#VALUE!"}},{"$f":"SUMIFS('[20]WorkDone DATA'!$L:$L,'[20]WorkDone DATA'!$N:$N,BOQ!AQ$6,'[20]WorkDone DATA'!$G:$G,BOQ!$B123)*$G123","v":{"$error":"#VALUE!"}},{"$f":"SUMIFS('[20]WorkDone DATA'!$L:$L,'[20]WorkDone DATA'!$N:$N,BOQ!AR$6,'[20]WorkDone DATA'!$G:$G,BOQ!$B123)*$G123","v":{"$error":"#VALUE!"}},{"$f":"SUMIFS('[20]WorkDone DATA'!$L:$L,'[20]WorkDone DATA'!$N:$N,BOQ!AS$6,'[20]WorkDone DATA'!$G:$G,BOQ!$B123)*$G123","v":{"$error":"#VALUE!"}},{"$f":"SUMIFS('[20]WorkDone DATA'!$L:$L,'[20]WorkDone DATA'!$N:$N,BOQ!AT$6,'[20]WorkDone DATA'!$G:$G,BOQ!$B123)*$G123","v":{"$error":"#VALUE!"}},{"$f":"SUMIFS('[20]WorkDone DATA'!$L:$L,'[20]WorkDone DATA'!$N:$N,BOQ!AU$6,'[20]WorkDone DATA'!$G:$G,BOQ!$B123)*$G123","v":{"$error":"#VALUE!"}},{"$f":"SUMIFS('[20]WorkDone DATA'!$L:$L,'[20]WorkDone DATA'!$N:$N,BOQ!AV$6,'[20]WorkDone DATA'!$G:$G,BOQ!$B123)*$G123","v":{"$error":"#VALUE!"}},{"$f":"SUMIFS('[20]WorkDone DATA'!$L:$L,'[20]WorkDone DATA'!$N:$N,BOQ!AW$6,'[20]WorkDone DATA'!$G:$G,BOQ!$B123)*$G123","v":{"$error":"#VALUE!"}},{"$f":"SUMIFS('[20]WorkDone DATA'!$L:$L,'[20]WorkDone DATA'!$N:$N,BOQ!AX$6,'[20]WorkDone DATA'!$G:$G,BOQ!$B123)*$G123","v":{"$error":"#VALUE!"}},{"$f":"SUMIFS('[20]WorkDone DATA'!$L:$L,'[20]WorkDone DATA'!$N:$N,BOQ!AY$6,'[20]WorkDone DATA'!$G:$G,BOQ!$B123)*$G123","v":{"$error":"#VALUE!"}},{"$f":"SUMIFS('[20]WorkDone DATA'!$L:$L,'[20]WorkDone DATA'!$N:$N,BOQ!AZ$6,'[20]WorkDone DATA'!$G:$G,BOQ!$B123)*$G123","v":{"$error":"#VALUE!"}},{"$f":"SUMIFS('[20]WorkDone DATA'!$L:$L,'[20]WorkDone DATA'!$N:$N,BOQ!BA$6,'[20]WorkDone DATA'!$G:$G,BOQ!$B123)*$G123","v":{"$error":"#VALUE!"}},{"$f":"SUMIFS('[20]WorkDone DATA'!$L:$L,'[20]WorkDone DATA'!$N:$N,BOQ!BB$6,'[20]WorkDone DATA'!$G:$G,BOQ!$B123)*$G123","v":{"$error":"#VALUE!"}},{"$f":"SUMIFS('[20]WorkDone DATA'!$L:$L,'[20]WorkDone DATA'!$N:$N,BOQ!BC$6,'[20]WorkDone DATA'!$G:$G,BOQ!$B123)*$G123","v":{"$error":"#VALUE!"}},{"$f":"SUMIFS('[20]WorkDone DATA'!$L:$L,'[20]WorkDone DATA'!$N:$N,BOQ!BD$6,'[20]WorkDone DATA'!$G:$G,BOQ!$B123)*$G123","v":{"$error":"#VALUE!"}},{"$f":"SUMIFS('[20]WorkDone DATA'!$L:$L,'[20]WorkDone DATA'!$N:$N,BOQ!BE$6,'[20]WorkDone DATA'!$G:$G,BOQ!$B123)*$G123","v":{"$error":"#VALUE!"}},{"$f":"SUMIFS('[20]WorkDone DATA'!$L:$L,'[20]WorkDone DATA'!$N:$N,BOQ!BF$6,'[20]WorkDone DATA'!$G:$G,BOQ!$B123)*$G123","v":{"$error":"#VALUE!"}},{"$f":"SUMIFS('[20]WorkDone DATA'!$L:$L,'[20]WorkDone DATA'!$N:$N,BOQ!BG$6,'[20]WorkDone DATA'!$G:$G,BOQ!$B123)*$G123","v":{"$error":"#VALUE!"}},{"$f":"SUMIFS('[20]WorkDone DATA'!$L:$L,'[20]WorkDone DATA'!$N:$N,BOQ!BH$6,'[20]WorkDone DATA'!$G:$G,BOQ!$B123)*$G123","v":{"$error":"#VALUE!"}},{"$f":"SUMIFS('[20]WorkDone DATA'!$L:$L,'[20]WorkDone DATA'!$N:$N,BOQ!BI$6,'[20]WorkDone DATA'!$G:$G,BOQ!$B123)*$G123","v":{"$error":"#VALUE!"}},{"$f":"SUMIFS('[20]WorkDone DATA'!$L:$L,'[20]WorkDone DATA'!$N:$N,BOQ!BJ$6,'[20]WorkDone DATA'!$G:$G,BOQ!$B123)*$G123","v":{"$error":"#VALUE!"}},{"$f":"SUMIFS('[20]WorkDone DATA'!$L:$L,'[20]WorkDone DATA'!$N:$N,BOQ!BK$6,'[20]WorkDone DATA'!$G:$G,BOQ!$B123)*$G123","v":{"$error":"#VALUE!"}},{"$f":"SUMIFS('[20]WorkDone DATA'!$L:$L,'[20]WorkDone DATA'!$N:$N,BOQ!BL$6,'[20]WorkDone DATA'!$G:$G,BOQ!$B123)*$G123","v":{"$error":"#VALUE!"}},{"$f":"SUMIFS('[20]WorkDone DATA'!$L:$L,'[20]WorkDone DATA'!$N:$N,BOQ!BM$6,'[20]WorkDone DATA'!$G:$G,BOQ!$B123)*$G123","v":{"$error":"#VALUE!"}},{"$f":"SUMIFS('[20]WorkDone DATA'!$L:$L,'[20]WorkDone DATA'!$N:$N,BOQ!BN$6,'[20]WorkDone DATA'!$G:$G,BOQ!$B123)*$G123","v":{"$error":"#VALUE!"}},{"$f":"SUMIFS('[20]WorkDone DATA'!$L:$L,'[20]WorkDone DATA'!$N:$N,BOQ!BO$6,'[20]WorkDone DATA'!$G:$G,BOQ!$B123)*$G123","v":{"$error":"#VALUE!"}},{"$f":"SUMIFS('[20]WorkDone DATA'!$L:$L,'[20]WorkDone DATA'!$N:$N,BOQ!BP$6,'[20]WorkDone DATA'!$G:$G,BOQ!$B123)*$G123","v":{"$error":"#VALUE!"}},{"$f":"SUMIFS('[20]WorkDone DATA'!$L:$L,'[20]WorkDone DATA'!$N:$N,BOQ!BQ$6,'[20]WorkDone DATA'!$G:$G,BOQ!$B123)*$G123","v":{"$error":"#VALUE!"}},{"$f":"SUMIFS('[20]WorkDone DATA'!$L:$L,'[20]WorkDone DATA'!$N:$N,BOQ!BR$6,'[20]WorkDone DATA'!$G:$G,BOQ!$B123)*$G123","v":{"$error":"#VALUE!"}},{"$f":"SUMIFS('[20]WorkDone DATA'!$L:$L,'[20]WorkDone DATA'!$N:$N,BOQ!BS$6,'[20]WorkDone DATA'!$G:$G,BOQ!$B123)*$G123","v":{"$error":"#VALUE!"}},{"$f":"SUMIFS('[20]WorkDone DATA'!$L:$L,'[20]WorkDone DATA'!$N:$N,BOQ!BT$6,'[20]WorkDone DATA'!$G:$G,BOQ!$B123)*$G123","v":{"$error":"#VALUE!"}},{"$f":"SUMIFS('[20]WorkDone DATA'!$L:$L,'[20]WorkDone DATA'!$N:$N,BOQ!BU$6,'[20]WorkDone DATA'!$G:$G,BOQ!$B123)*$G123","v":{"$error":"#VALUE!"}},{"$f":"SUMIFS('[20]WorkDone DATA'!$L:$L,'[20]WorkDone DATA'!$N:$N,BOQ!BV$6,'[20]WorkDone DATA'!$G:$G,BOQ!$B123)*$G123","v":{"$error":"#VALUE!"}},{"$f":"SUMIFS('[20]WorkDone DATA'!$L:$L,'[20]WorkDone DATA'!$N:$N,BOQ!BW$6,'[20]WorkDone DATA'!$G:$G,BOQ!$B123)*$G123","v":{"$error":"#VALUE!"}},{"$f":"SUMIFS('[20]WorkDone DATA'!$L:$L,'[20]WorkDone DATA'!$N:$N,BOQ!BX$6,'[20]WorkDone DATA'!$G:$G,BOQ!$B123)*$G123","v":{"$error":"#VALUE!"}}]
[{"$nulls":7},0,{"$nulls":3},{"$error":"#VALUE!"},{"$error":"#VALUE!"},null,0,{"$error":"#VALUE!"},null,{"$f":"SUMIFS('[20]WorkDone DATA'!$L:$L,'[20]WorkDone DATA'!$N:$N,BOQ!S$6,'[20]WorkDone DATA'!$G:$G,BOQ!$B124)","v":{"$error":"#VALUE!"}},{"$error":"#VALUE!"},{"$f":"SUMIFS('[20]WorkDone DATA'!$L:$L,'[20]WorkDone DATA'!$N:$N,BOQ!U$6,'[20]WorkDone DATA'!$G:$G,BOQ!$B124)","v":{"$error":"#VALUE!"}},{"$error":"#VALUE!"},null,{"$f":"SUMIFS('[20]WorkDone DATA'!$L:$L,'[20]WorkDone DATA'!$N:$N,BOQ!W$6,'[20]WorkDone DATA'!$G:$G,BOQ!$B124)*$G124","v":{"$error":"#VALUE!"}},null,{"$f":"SUMIFS('[20]WorkDone DATA'!$L:$L,'[20]WorkDone DATA'!$N:$N,BOQ!Y$6,'[20]WorkDone DATA'!$G:$G,BOQ!$B124)*$G124","v":{"$error":"#VALUE!"}},null,{"$f":"SUMIFS('[20]WorkDone DATA'!$L:$L,'[20]WorkDone DATA'!$N:$N,BOQ!AA$6,'[20]WorkDone DATA'!$G:$G,BOQ!$B124)*$G124","v":{"$error":"#VALUE!"}},{"$f":"SUMIFS('[20]WorkDone DATA'!$L:$L,'[20]WorkDone DATA'!$N:$N,BOQ!AB$6,'[20]WorkDone DATA'!$G:$G,BOQ!$B124)*$G124","v":{"$error":"#VALUE!"}},{"$f":"SUMIFS('[20]WorkDone DATA'!$L:$L,'[20]WorkDone DATA'!$N:$N,BOQ!AC$6,'[20]WorkDone DATA'!$G:$G,BOQ!$B124)*$G124","v":{"$error":"#VALUE!"}},{"$f":"SUMIFS('[20]WorkDone DATA'!$L:$L,'[20]WorkDone DATA'!$N:$N,BOQ!AD$6,'[20]WorkDone DATA'!$G:$G,BOQ!$B124)*$G124","v":{"$error":"#VALUE!"}},{"$f":"SUMIFS('[20]WorkDone DATA'!$L:$L,'[20]WorkDone DATA'!$N:$N,BOQ!AE$6,'[20]WorkDone DATA'!$G:$G,BOQ!$B124)*$G124","v":{"$error":"#VALUE!"}},{"$f":"SUMIFS('[20]WorkDone DATA'!$L:$L,'[20]WorkDone DATA'!$N:$N,BOQ!AF$6,'[20]WorkDone DATA'!$G:$G,BOQ!$B124)*$G124","v":{"$error":"#VALUE!"}},{"$f":"SUMIFS('[20]WorkDone DATA'!$L:$L,'[20]WorkDone DATA'!$N:$N,BOQ!AG$6,'[20]WorkDone DATA'!$G:$G,BOQ!$B124)*$G124","v":{"$error":"#VALUE!"}},{"$f":"SUMIFS('[20]WorkDone DATA'!$L:$L,'[20]WorkDone DATA'!$N:$N,BOQ!AH$6,'[20]WorkDone DATA'!$G:$G,BOQ!$B124)*$G124","v":{"$error":"#VALUE!"}},{"$f":"SUMIFS('[20]WorkDone DATA'!$L:$L,'[20]WorkDone DATA'!$N:$N,BOQ!AI$6,'[20]WorkDone DATA'!$G:$G,BOQ!$B124)*$G124","v":{"$error":"#VALUE!"}},{"$f":"SUMIFS('[20]WorkDone DATA'!$L:$L,'[20]WorkDone DATA'!$N:$N,BOQ!AJ$6,'[20]WorkDone DATA'!$G:$G,BOQ!$B124)*$G124","v":{"$error":"#VALUE!"}},{"$f":"SUMIFS('[20]WorkDone DATA'!$L:$L,'[20]WorkDone DATA'!$N:$N,BOQ!AK$6,'[20]WorkDone DATA'!$G:$G,BOQ!$B124)*$G124","v":{"$error":"#VALUE!"}},{"$f":"SUMIFS('[20]WorkDone DATA'!$L:$L,'[20]WorkDone DATA'!$N:$N,BOQ!AL$6,'[20]WorkDone DATA'!$G:$G,BOQ!$B124)*$G124","v":{"$error":"#VALUE!"}},{"$f":"SUMIFS('[20]WorkDone DATA'!$L:$L,'[20]WorkDone DATA'!$N:$N,BOQ!AM$6,'[20]WorkDone DATA'!$G:$G,BOQ!$B124)*$G124","v":{"$error":"#VALUE!"}},{"$f":"SUMIFS('[20]WorkDone DATA'!$L:$L,'[20]WorkDone DATA'!$N:$N,BOQ!AN$6,'[20]WorkDone DATA'!$G:$G,BOQ!$B124)*$G124","v":{"$error":"#VALUE!"}},{"$f":"SUMIFS('[20]WorkDone DATA'!$L:$L,'[20]WorkDone DATA'!$N:$N,BOQ!AO$6,'[20]WorkDone DATA'!$G:$G,BOQ!$B124)*$G124","v":{"$error":"#VALUE!"}},{"$f":"SUMIFS('[20]WorkDone DATA'!$L:$L,'[20]WorkDone DATA'!$N:$N,BOQ!AP$6,'[20]WorkDone DATA'!$G:$G,BOQ!$B124)*$G124","v":{"$error":"#VALUE!"}},{"$f":"SUMIFS('[20]WorkDone DATA'!$L:$L,'[20]WorkDone DATA'!$N:$N,BOQ!AQ$6,'[20]WorkDone DATA'!$G:$G,BOQ!$B124)*$G124","v":{"$error":"#VALUE!"}},{"$f":"SUMIFS('[20]WorkDone DATA'!$L:$L,'[20]WorkDone DATA'!$N:$N,BOQ!AR$6,'[20]WorkDone DATA'!$G:$G,BOQ!$B124)*$G124","v":{"$error":"#VALUE!"}},{"$f":"SUMIFS('[20]WorkDone DATA'!$L:$L,'[20]WorkDone DATA'!$N:$N,BOQ!AS$6,'[20]WorkDone DATA'!$G:$G,BOQ!$B124)*$G124","v":{"$error":"#VALUE!"}},{"$f":"SUMIFS('[20]WorkDone DATA'!$L:$L,'[20]WorkDone DATA'!$N:$N,BOQ!AT$6,'[20]WorkDone DATA'!$G:$G,BOQ!$B124)*$G124","v":{"$error":"#VALUE!"}},{"$f":"SUMIFS('[20]WorkDone DATA'!$L:$L,'[20]WorkDone DATA'!$N:$N,BOQ!AU$6,'[20]WorkDone DATA'!$G:$G,BOQ!$B124)*$G124","v":{"$error":"#VALUE!"}},{"$f":"SUMIFS('[20]WorkDone DATA'!$L:$L,'[20]WorkDone DATA'!$N:$N,BOQ!AV$6,'[20]WorkDone DATA'!$G:$G,BOQ!$B124)*$G124","v":{"$error":"#VALUE!"}},{"$f":"SUMIFS('[20]WorkDone DATA'!$L:$L,'[20]WorkDone DATA'!$N:$N,BOQ!AW$6,'[20]WorkDone DATA'!$G:$G,BOQ!$B124)*$G124","v":{"$error":"#VALUE!"}},{"$f":"SUMIFS('[20]WorkDone DATA'!$L:$L,'[20]WorkDone DATA'!$N:$N,BOQ!AX$6,'[20]WorkDone DATA'!$G:$G,BOQ!$B124)*$G124","v":{"$error":"#VALUE!"}},{"$f":"SUMIFS('[20]WorkDone DATA'!$L:$L,'[20]WorkDone DATA'!$N:$N,BOQ!AY$6,'[20]WorkDone DATA'!$G:$G,BOQ!$B124)*$G124","v":{"$error":"#VALUE!"}},{"$f":"SUMIFS('[20]WorkDone DATA'!$L:$L,'[20]WorkDone DATA'!$N:$N,BOQ!AZ$6,'[20]WorkDone DATA'!$G:$G,BOQ!$B124)*$G124","v":{"$error":"#VALUE!"}},{"$f":"SUMIFS('[20]WorkDone DATA'!$L:$L,'[20]WorkDone DATA'!$N:$N,BOQ!BA$6,'[20]WorkDone DATA'!$G:$G,BOQ!$B124)*$G124","v":{"$error":"#VALUE!"}},{"$f":"SUMIFS('[20]WorkDone DATA'!$L:$L,'[20]WorkDone DATA'!$N:$N,BOQ!BB$6,'[20]WorkDone DATA'!$G:$G,BOQ!$B124)*$G124","v":{"$error":"#VALUE!"}},{"$f":"SUMIFS('[20]WorkDone DATA'!$L:$L,'[20]WorkDone DATA'!$N:$N,BOQ!BC$6,'[20]WorkDone DATA'!$G:$G,BOQ!$B124)*$G124","v":{"$error":"#VALUE!"}},{"$f":"SUMIFS('[20]WorkDone DATA'!$L:$L,'[20]WorkDone DATA'!$N:$N,BOQ!BD$6,'[20]WorkDone DATA'!$G:$G,BOQ!$B124)*$G124","v":{"$error":"#VALUE!"}},{"$f":"SUMIFS('[20]WorkDone DATA'!$L:$L,'[20]WorkDone DATA'!$N:$N,BOQ!BE$6,'[20]WorkDone DATA'!$G:$G,BOQ!$B124)*$G124","v":{"$error":"#VALUE!"}},{"$f":"SUMIFS('[20]WorkDone DATA'!$L:$L,'[20]WorkDone DATA'!$N:$N,BOQ!BF$6,'[20]WorkDone DATA'!$G:$G,BOQ!$B124)*$G124","v":{"$error":"#VALUE!"}},{"$f":"SUMIFS('[20]WorkDone DATA'!$L:$L,'[20]WorkDone DATA'!$N:$N,BOQ!BG$6,'[20]WorkDone DATA'!$G:$G,BOQ!$B124)*$G124","v":{"$error":"#VALUE!"}},{"$f":"SUMIFS('[20]WorkDone DATA'!$L:$L,'[20]WorkDone DATA'!$N:$N,BOQ!BH$6,'[20]WorkDone DATA'!$G:$G,BOQ!$B124)*$G124","v":{"$error":"#VALUE!"}},{"$f":"SUMIFS('[20]WorkDone DATA'!$L:$L,'[20]WorkDone DATA'!$N:$N,BOQ!BI$6,'[20]WorkDone DATA'!$G:$G,BOQ!$B124)*$G124","v":{"$error":"#VALUE!"}},{"$f":"SUMIFS('[20]WorkDone DATA'!$L:$L,'[20]WorkDone DATA'!$N:$N,BOQ!BJ$6,'[20]WorkDone DATA'!$G:$G,BOQ!$B124)*$G124","v":{"$error":"#VALUE!"}},{"$f":"SUMIFS('[20]WorkDone DATA'!$L:$L,'[20]WorkDone DATA'!$N:$N,BOQ!BK$6,'[20]WorkDone DATA'!$G:$G,BOQ!$B124)*$G124","v":{"$error":"#VALUE!"}},{"$f":"SUMIFS('[20]WorkDone DATA'!$L:$L,'[20]WorkDone DATA'!$N:$N,BOQ!BL$6,'[20]WorkDone DATA'!$G:$G,BOQ!$B124)*$G124","v":{"$error":"#VALUE!"}},{"$f":"SUMIFS('[20]WorkDone DATA'!$L:$L,'[20]WorkDone DATA'!$N:$N,BOQ!BM$6,'[20]WorkDone DATA'!$G:$G,BOQ!$B124)*$G124","v":{"$error":"#VALUE!"}},{"$f":"SUMIFS('[20]WorkDone DATA'!$L:$L,'[20]WorkDone DATA'!$N:$N,BOQ!BN$6,'[20]WorkDone DATA'!$G:$G,BOQ!$B124)*$G124","v":{"$error":"#VALUE!"}},{"$f":"SUMIFS('[20]WorkDone DATA'!$L:$L,'[20]WorkDone DATA'!$N:$N,BOQ!BO$6,'[20]WorkDone DATA'!$G:$G,BOQ!$B124)*$G124","v":{"$error":"#VALUE!"}},{"$f":"SUMIFS('[20]WorkDone DATA'!$L:$L,'[20]WorkDone DATA'!$N:$N,BOQ!BP$6,'[20]WorkDone DATA'!$G:$G,BOQ!$B124)*$G124","v":{"$error":"#VALUE!"}},{"$f":"SUMIFS('[20]WorkDone DATA'!$L:$L,'[20]WorkDone DATA'!$N:$N,BOQ!BQ$6,'[20]WorkDone DATA'!$G:$G,BOQ!$B124)*$G124","v":{"$error":"#VALUE!"}},{"$f":"SUMIFS('[20]WorkDone DATA'!$L:$L,'[20]WorkDone DATA'!$N:$N,BOQ!BR$6,'[20]WorkDone DATA'!$G:$G,BOQ!$B124)*$G124","v":{"$error":"#VALUE!"}},{"$f":"SUMIFS('[20]WorkDone DATA'!$L:$L,'[20]WorkDone DATA'!$N:$N,BOQ!BS$6,'[20]WorkDone DATA'!$G:$G,BOQ!$B124)*$G124","v":{"$error":"#VALUE!"}},{"$f":"SUMIFS('[20]WorkDone DATA'!$L:$L,'[20]WorkDone DATA'!$N:$N,BOQ!BT$6,'[20]WorkDone DATA'!$G:$G,BOQ!$B124)*$G124","v":{"$error":"#VALUE!"}},{"$f":"SUMIFS('[20]WorkDone DATA'!$L:$L,'[20]WorkDone DATA'!$N:$N,BOQ!BU$6,'[20]WorkDone DATA'!$G:$G,BOQ!$B124)*$G124","v":{"$error":"#VALUE!"}},{"$f":"SUMIFS('[20]WorkDone DATA'!$L:$L,'[20]WorkDone DATA'!$N:$N,BOQ!BV$6,'[20]WorkDone DATA'!$G:$G,BOQ!$B124)*$G124","v":{"$error":"#VALUE!"}},{"$f":"SUMIFS('[20]WorkDone DATA'!$L:$L,'[20]WorkDone DATA'!$N:$N,BOQ!BW$6,'[20]WorkDone DATA'!$G:$G,BOQ!$B124)*$G124","v":{"$error":"#VALUE!"}},{"$f":"SUMIFS('[20]WorkDone DATA'!$L:$L,'[20]WorkDone DATA'!$N:$N,BOQ!BX$6,'[20]WorkDone DATA'!$G:$G,BOQ!$B124)*$G124","v":{"$error":"#VALUE!"}}]
[null,null,"COMMON PLANT - MV CABLES ",{"$nulls":4},0,{"$nulls":3},{"$error":"#VALUE!"},{"$error":"#VALUE!"},null,0,{"$error":"#VALUE!"},null,{"$f":"SUMIFS('[20]WorkDone DATA'!$L:$L,'[20]WorkDone DATA'!$N:$N,BOQ!S$6,'[20]WorkDone DATA'!$G:$G,BOQ!$B125)","v":{"$error":"#VALUE!"}},{"$error":"#VALUE!"},{"$f":"SUMIFS('[20]WorkDone DATA'!$L:$L,'[20]WorkDone DATA'!$N:$N,BOQ!U$6,'[20]WorkDone DATA'!$G:$G,BOQ!$B125)","v":{"$error":"#VALUE!"}},{"$error":"#VALUE!"},null,{"$f":"SUMIFS('[20]WorkDone DATA'!$L:$L,'[20]WorkDone DATA'!$N:$N,BOQ!W$6,'[20]WorkDone DATA'!$G:$G,BOQ!$B125)*$G125","v":{"$error":"#VALUE!"}},null,{"$f":"SUMIFS('[20]WorkDone DATA'!$L:$L,'[20]WorkDone DATA'!$N:$N,BOQ!Y$6,'[20]WorkDone DATA'!$G:$G,BOQ!$B125)*$G125","v":{"$error":"#VALUE!"}},null,{"$f":"SUMIFS('[20]WorkDone DATA'!$L:$L,'[20]WorkDone DATA'!$N:$N,BOQ!AA$6,'[20]WorkDone DATA'!$G:$G,BOQ!$B125)*$G125","v":{"$error":"#VALUE!"}},{"$f":"SUMIFS('[20]WorkDone DATA'!$L:$L,'[20]WorkDone DATA'!$N:$N,BOQ!AB$6,'[20]WorkDone DATA'!$G:$G,BOQ!$B125)*$G125","v":{"$error":"#VALUE!"}},{"$f":"SUMIFS('[20]WorkDone DATA'!$L:$L,'[20]WorkDone DATA'!$N:$N,BOQ!AC$6,'[20]WorkDone DATA'!$G:$G,BOQ!$B125)*$G125","v":{"$error":"#VALUE!"}},{"$f":"SUMIFS('[20]WorkDone DATA'!$L:$L,'[20]WorkDone DATA'!$N:$N,BOQ!AD$6,'[20]WorkDone DATA'!$G:$G,BOQ!$B125)*$G125","v":{"$error":"#VALUE!"}},{"$f":"SUMIFS('[20]WorkDone DATA'!$L:$L,'[20]WorkDone DATA'!$N:$N,BOQ!AE$6,'[20]WorkDone DATA'!$G:$G,BOQ!$B125)*$G125","v":{"$error":"#VALUE!"}},{"$f":"SUMIFS('[20]WorkDone DATA'!$L:$L,'[20]WorkDone DATA'!$N:$N,BOQ!AF$6,'[20]WorkDone DATA'!$G:$G,BOQ!$B125)*$G125","v":{"$error":"#VALUE!"}},{"$f":"SUMIFS('[20]WorkDone DATA'!$L:$L,'[20]WorkDone DATA'!$N:$N,BOQ!AG$6,'[20]WorkDone DATA'!$G:$G,BOQ!$B125)*$G125","v":{"$error":"#VALUE!"}},{"$f":"SUMIFS('[20]WorkDone DATA'!$L:$L,'[20]WorkDone DATA'!$N:$N,BOQ!AH$6,'[20]WorkDone DATA'!$G:$G,BOQ!$B125)*$G125","v":{"$error":"#VALUE!"}},{"$f":"SUMIFS('[20]WorkDone DATA'!$L:$L,'[20]WorkDone DATA'!$N:$N,BOQ!AI$6,'[20]WorkDone DATA'!$G:$G,BOQ!$B125)*$G125","v":{"$error":"#VALUE!"}},{"$f":"SUMIFS('[20]WorkDone DATA'!$L:$L,'[20]WorkDone DATA'!$N:$N,BOQ!AJ$6,'[20]WorkDone DATA'!$G:$G,BOQ!$B125)*$G125","v":{"$error":"#VALUE!"}},{"$f":"SUMIFS('[20]WorkDone DATA'!$L:$L,'[20]WorkDone DATA'!$N:$N,BOQ!AK$6,'[20]WorkDone DATA'!$G:$G,BOQ!$B125)*$G125","v":{"$error":"#VALUE!"}},{"$f":"SUMIFS('[20]WorkDone DATA'!$L:$L,'[20]WorkDone DATA'!$N:$N,BOQ!AL$6,'[20]WorkDone DATA'!$G:$G,BOQ!$B125)*$G125","v":{"$error":"#VALUE!"}},{"$f":"SUMIFS('[20]WorkDone DATA'!$L:$L,'[20]WorkDone DATA'!$N:$N,BOQ!AM$6,'[20]WorkDone DATA'!$G:$G,BOQ!$B125)*$G125","v":{"$error":"#VALUE!"}},{"$f":"SUMIFS('[20]WorkDone DATA'!$L:$L,'[20]WorkDone DATA'!$N:$N,BOQ!AN$6,'[20]WorkDone DATA'!$G:$G,BOQ!$B125)*$G125","v":{"$error":"#VALUE!"}},{"$f":"SUMIFS('[20]WorkDone DATA'!$L:$L,'[20]WorkDone DATA'!$N:$N,BOQ!AO$6,'[20]WorkDone DATA'!$G:$G,BOQ!$B125)*$G125","v":{"$error":"#VALUE!"}},{"$f":"SUMIFS('[20]WorkDone DATA'!$L:$L,'[20]WorkDone DATA'!$N:$N,BOQ!AP$6,'[20]WorkDone DATA'!$G:$G,BOQ!$B125)*$G125","v":{"$error":"#VALUE!"}},{"$f":"SUMIFS('[20]WorkDone DATA'!$L:$L,'[20]WorkDone DATA'!$N:$N,BOQ!AQ$6,'[20]WorkDone DATA'!$G:$G,BOQ!$B125)*$G125","v":{"$error":"#VALUE!"}},{"$f":"SUMIFS('[20]WorkDone DATA'!$L:$L,'[20]WorkDone DATA'!$N:$N,BOQ!AR$6,'[20]WorkDone DATA'!$G:$G,BOQ!$B125)*$G125","v":{"$error":"#VALUE!"}},{"$f":"SUMIFS('[20]WorkDone DATA'!$L:$L,'[20]WorkDone DATA'!$N:$N,BOQ!AS$6,'[20]WorkDone DATA'!$G:$G,BOQ!$B125)*$G125","v":{"$error":"#VALUE!"}},{"$f":"SUMIFS('[20]WorkDone DATA'!$L:$L,'[20]WorkDone DATA'!$N:$N,BOQ!AT$6,'[20]WorkDone DATA'!$G:$G,BOQ!$B125)*$G125","v":{"$error":"#VALUE!"}},{"$f":"SUMIFS('[20]WorkDone DATA'!$L:$L,'[20]WorkDone DATA'!$N:$N,BOQ!AU$6,'[20]WorkDone DATA'!$G:$G,BOQ!$B125)*$G125","v":{"$error":"#VALUE!"}},{"$f":"SUMIFS('[20]WorkDone DATA'!$L:$L,'[20]WorkDone DATA'!$N:$N,BOQ!AV$6,'[20]WorkDone DATA'!$G:$G,BOQ!$B125)*$G125","v":{"$error":"#VALUE!"}},{"$f":"SUMIFS('[20]WorkDone DATA'!$L:$L,'[20]WorkDone DATA'!$N:$N,BOQ!AW$6,'[20]WorkDone DATA'!$G:$G,BOQ!$B125)*$G125","v":{"$error":"#VALUE!"}},{"$f":"SUMIFS('[20]WorkDone DATA'!$L:$L,'[20]WorkDone DATA'!$N:$N,BOQ!AX$6,'[20]WorkDone DATA'!$G:$G,BOQ!$B125)*$G125","v":{"$error":"#VALUE!"}},{"$f":"SUMIFS('[20]WorkDone DATA'!$L:$L,'[20]WorkDone DATA'!$N:$N,BOQ!AY$6,'[20]WorkDone DATA'!$G:$G,BOQ!$B125)*$G125","v":{"$error":"#VALUE!"}},{"$f":"SUMIFS('[20]WorkDone DATA'!$L:$L,'[20]WorkDone DATA'!$N:$N,BOQ!AZ$6,'[20]WorkDone DATA'!$G:$G,BOQ!$B125)*$G125","v":{"$error":"#VALUE!"}},{"$f":"SUMIFS('[20]WorkDone DATA'!$L:$L,'[20]WorkDone DATA'!$N:$N,BOQ!BA$6,'[20]WorkDone DATA'!$G:$G,BOQ!$B125)*$G125","v":{"$error":"#VALUE!"}},{"$f":"SUMIFS('[20]WorkDone DATA'!$L:$L,'[20]WorkDone DATA'!$N:$N,BOQ!BB$6,'[20]WorkDone DATA'!$G:$G,BOQ!$B125)*$G125","v":{"$error":"#VALUE!"}},{"$f":"SUMIFS('[20]WorkDone DATA'!$L:$L,'[20]WorkDone DATA'!$N:$N,BOQ!BC$6,'[20]WorkDone DATA'!$G:$G,BOQ!$B125)*$G125","v":{"$error":"#VALUE!"}},{"$f":"SUMIFS('[20]WorkDone DATA'!$L:$L,'[20]WorkDone DATA'!$N:$N,BOQ!BD$6,'[20]WorkDone DATA'!$G:$G,BOQ!$B125)*$G125","v":{"$error":"#VALUE!"}},{"$f":"SUMIFS('[20]WorkDone DATA'!$L:$L,'[20]WorkDone DATA'!$N:$N,BOQ!BE$6,'[20]WorkDone DATA'!$G:$G,BOQ!$B125)*$G125","v":{"$error":"#VALUE!"}},{"$f":"SUMIFS('[20]WorkDone DATA'!$L:$L,'[20]WorkDone DATA'!$N:$N,BOQ!BF$6,'[20]WorkDone DATA'!$G:$G,BOQ!$B125)*$G125","v":{"$error":"#VALUE!"}},{"$f":"SUMIFS('[20]WorkDone DATA'!$L:$L,'[20]WorkDone DATA'!$N:$N,BOQ!BG$6,'[20]WorkDone DATA'!$G:$G,BOQ!$B125)*$G125","v":{"$error":"#VALUE!"}},{"$f":"SUMIFS('[20]WorkDone DATA'!$L:$L,'[20]WorkDone DATA'!$N:$N,BOQ!BH$6,'[20]WorkDone DATA'!$G:$G,BOQ!$B125)*$G125","v":{"$error":"#VALUE!"}},{"$f":"SUMIFS('[20]WorkDone DATA'!$L:$L,'[20]WorkDone DATA'!$N:$N,BOQ!BI$6,'[20]WorkDone DATA'!$G:$G,BOQ!$B125)*$G125","v":{"$error":"#VALUE!"}},{"$f":"SUMIFS('[20]WorkDone DATA'!$L:$L,'[20]WorkDone DATA'!$N:$N,BOQ!BJ$6,'[20]WorkDone DATA'!$G:$G,BOQ!$B125)*$G125","v":{"$error":"#VALUE!"}},{"$f":"SUMIFS('[20]WorkDone DATA'!$L:$L,'[20]WorkDone DATA'!$N:$N,BOQ!BK$6,'[20]WorkDone DATA'!$G:$G,BOQ!$B125)*$G125","v":{"$error":"#VALUE!"}},{"$f":"SUMIFS('[20]WorkDone DATA'!$L:$L,'[20]WorkDone DATA'!$N:$N,BOQ!BL$6,'[20]WorkDone DATA'!$G:$G,BOQ!$B125)*$G125","v":{"$error":"#VALUE!"}},{"$f":"SUMIFS('[20]WorkDone DATA'!$L:$L,'[20]WorkDone DATA'!$N:$N,BOQ!BM$6,'[20]WorkDone DATA'!$G:$G,BOQ!$B125)*$G125","v":{"$error":"#VALUE!"}},{"$f":"SUMIFS('[20]WorkDone DATA'!$L:$L,'[20]WorkDone DATA'!$N:$N,BOQ!BN$6,'[20]WorkDone DATA'!$G:$G,BOQ!$B125)*$G125","v":{"$error":"#VALUE!"}},{"$f":"SUMIFS('[20]WorkDone DATA'!$L:$L,'[20]WorkDone DATA'!$N:$N,BOQ!BO$6,'[20]WorkDone DATA'!$G:$G,BOQ!$B125)*$G125","v":{"$error":"#VALUE!"}},{"$f":"SUMIFS('[20]WorkDone DATA'!$L:$L,'[20]WorkDone DATA'!$N:$N,BOQ!BP$6,'[20]WorkDone DATA'!$G:$G,BOQ!$B125)*$G125","v":{"$error":"#VALUE!"}},{"$f":"SUMIFS('[20]WorkDone DATA'!$L:$L,'[20]WorkDone DATA'!$N:$N,BOQ!BQ$6,'[20]WorkDone DATA'!$G:$G,BOQ!$B125)*$G125","v":{"$error":"#VALUE!"}},{"$f":"SUMIFS('[20]WorkDone DATA'!$L:$L,'[20]WorkDone DATA'!$N:$N,BOQ!BR$6,'[20]WorkDone DATA'!$G:$G,BOQ!$B125)*$G125","v":{"$error":"#VALUE!"}},{"$f":"SUMIFS('[20]WorkDone DATA'!$L:$L,'[20]WorkDone DATA'!$N:$N,BOQ!BS$6,'[20]WorkDone DATA'!$G:$G,BOQ!$B125)*$G125","v":{"$error":"#VALUE!"}},{"$f":"SUMIFS('[20]WorkDone DATA'!$L:$L,'[20]WorkDone DATA'!$N:$N,BOQ!BT$6,'[20]WorkDone DATA'!$G:$G,BOQ!$B125)*$G125","v":{"$error":"#VALUE!"}},{"$f":"SUMIFS('[20]WorkDone DATA'!$L:$L,'[20]WorkDone DATA'!$N:$N,BOQ!BU$6,'[20]WorkDone DATA'!$G:$G,BOQ!$B125)*$G125","v":{"$error":"#VALUE!"}},{"$f":"SUMIFS('[20]WorkDone DATA'!$L:$L,'[20]WorkDone DATA'!$N:$N,BOQ!BV$6,'[20]WorkDone DATA'!$G:$G,BOQ!$B125)*$G125","v":{"$error":"#VALUE!"}},{"$f":"SUMIFS('[20]WorkDone DATA'!$L:$L,'[20]WorkDone DATA'!$N:$N,BOQ!BW$6,'[20]WorkDone DATA'!$G:$G,BOQ!$B125)*$G125","v":{"$error":"#VALUE!"}},{"$f":"SUMIFS('[20]WorkDone DATA'!$L:$L,'[20]WorkDone DATA'!$N:$N,BOQ!BX$6,'[20]WorkDone DATA'!$G:$G,BOQ!$B125)*$G125","v":{"$error":"#VALUE!"}}]
[null,null,"Installation of New MV Cables includiding fixing materials ",{"$nulls":4},0,{"$nulls":3},{"$error":"#VALUE!"},{"$error":"#VALUE!"},null,0,{"$error":"#VALUE!"},null,{"$f":"SUMIFS('[20]WorkDone DATA'!$L:$L,'[20]WorkDone DATA'!$N:$N,BOQ!S$6,'[20]WorkDone DATA'!$G:$G,BOQ!$B126)","v":{"$error":"#VALUE!"}},{"$error":"#VALUE!"},{"$f":"SUMIFS('[20]WorkDone DATA'!$L:$L,'[20]WorkDone DATA'!$N:$N,BOQ!U$6,'[20]WorkDone DATA'!$G:$G,BOQ!$B126)","v":{"$error":"#VALUE!"}},{"$error":"#VALUE!"},null,{"$f":"SUMIFS('[20]WorkDone DATA'!$L:$L,'[20]WorkDone DATA'!$N:$N,BOQ!W$6,'[20]WorkDone DATA'!$G:$G,BOQ!$B126)*$G126","v":{"$error":"#VALUE!"}},null,{"$f":"SUMIFS('[20]WorkDone DATA'!$L:$L,'[20]WorkDone DATA'!$N:$N,BOQ!Y$6,'[20]WorkDone DATA'!$G:$G,BOQ!$B126)*$G126","v":{"$error":"#VALUE!"}},null,{"$f":"SUMIFS('[20]WorkDone DATA'!$L:$L,'[20]WorkDone DATA'!$N:$N,BOQ!AA$6,'[20]WorkDone DATA'!$G:$G,BOQ!$B126)*$G126","v":{"$error":"#VALUE!"}},{"$f":"SUMIFS('[20]WorkDone DATA'!$L:$L,'[20]WorkDone DATA'!$N:$N,BOQ!AB$6,'[20]WorkDone DATA'!$G:$G,BOQ!$B126)*$G126","v":{"$error":"#VALUE!"}},{"$f":"SUMIFS('[20]WorkDone DATA'!$L:$L,'[20]WorkDone DATA'!$N:$N,BOQ!AC$6,'[20]WorkDone DATA'!$G:$G,BOQ!$B126)*$G126","v":{"$error":"#VALUE!"}},{"$f":"SUMIFS('[20]WorkDone DATA'!$L:$L,'[20]WorkDone DATA'!$N:$N,BOQ!AD$6,'[20]WorkDone DATA'!$G:$G,BOQ!$B126)*$G126","v":{"$error":"#VALUE!"}},{"$f":"SUMIFS('[20]WorkDone DATA'!$L:$L,'[20]WorkDone DATA'!$N:$N,BOQ!AE$6,'[20]WorkDone DATA'!$G:$G,BOQ!$B126)*$G126","v":{"$error":"#VALUE!"}},{"$f":"SUMIFS('[20]WorkDone DATA'!$L:$L,'[20]WorkDone DATA'!$N:$N,BOQ!AF$6,'[20]WorkDone DATA'!$G:$G,BOQ!$B126)*$G126","v":{"$error":"#VALUE!"}},{"$f":"SUMIFS('[20]WorkDone DATA'!$L:$L,'[20]WorkDone DATA'!$N:$N,BOQ!AG$6,'[20]WorkDone DATA'!$G:$G,BOQ!$B126)*$G126","v":{"$error":"#VALUE!"}},{"$f":"SUMIFS('[20]WorkDone DATA'!$L:$L,'[20]WorkDone DATA'!$N:$N,BOQ!AH$6,'[20]WorkDone DATA'!$G:$G,BOQ!$B126)*$G126","v":{"$error":"#VALUE!"}},{"$f":"SUMIFS('[20]WorkDone DATA'!$L:$L,'[20]WorkDone DATA'!$N:$N,BOQ!AI$6,'[20]WorkDone DATA'!$G:$G,BOQ!$B126)*$G126","v":{"$error":"#VALUE!"}},{"$f":"SUMIFS('[20]WorkDone DATA'!$L:$L,'[20]WorkDone DATA'!$N:$N,BOQ!AJ$6,'[20]WorkDone DATA'!$G:$G,BOQ!$B126)*$G126","v":{"$error":"#VALUE!"}},{"$f":"SUMIFS('[20]WorkDone DATA'!$L:$L,'[20]WorkDone DATA'!$N:$N,BOQ!AK$6,'[20]WorkDone DATA'!$G:$G,BOQ!$B126)*$G126","v":{"$error":"#VALUE!"}},{"$f":"SUMIFS('[20]WorkDone DATA'!$L:$L,'[20]WorkDone DATA'!$N:$N,BOQ!AL$6,'[20]WorkDone DATA'!$G:$G,BOQ!$B126)*$G126","v":{"$error":"#VALUE!"}},{"$f":"SUMIFS('[20]WorkDone DATA'!$L:$L,'[20]WorkDone DATA'!$N:$N,BOQ!AM$6,'[20]WorkDone DATA'!$G:$G,BOQ!$B126)*$G126","v":{"$error":"#VALUE!"}},{"$f":"SUMIFS('[20]WorkDone DATA'!$L:$L,'[20]WorkDone DATA'!$N:$N,BOQ!AN$6,'[20]WorkDone DATA'!$G:$G,BOQ!$B126)*$G126","v":{"$error":"#VALUE!"}},{"$f":"SUMIFS('[20]WorkDone DATA'!$L:$L,'[20]WorkDone DATA'!$N:$N,BOQ!AO$6,'[20]WorkDone DATA'!$G:$G,BOQ!$B126)*$G126","v":{"$error":"#VALUE!"}},{"$f":"SUMIFS('[20]WorkDone DATA'!$L:$L,'[20]WorkDone DATA'!$N:$N,BOQ!AP$6,'[20]WorkDone DATA'!$G:$G,BOQ!$B126)*$G126","v":{"$error":"#VALUE!"}},{"$f":"SUMIFS('[20]WorkDone DATA'!$L:$L,'[20]WorkDone DATA'!$N:$N,BOQ!AQ$6,'[20]WorkDone DATA'!$G:$G,BOQ!$B126)*$G126","v":{"$error":"#VALUE!"}},{"$f":"SUMIFS('[20]WorkDone DATA'!$L:$L,'[20]WorkDone DATA'!$N:$N,BOQ!AR$6,'[20]WorkDone DATA'!$G:$G,BOQ!$B126)*$G126","v":{"$error":"#VALUE!"}},{"$f":"SUMIFS('[20]WorkDone DATA'!$L:$L,'[20]WorkDone DATA'!$N:$N,BOQ!AS$6,'[20]WorkDone DATA'!$G:$G,BOQ!$B126)*$G126","v":{"$error":"#VALUE!"}},{"$f":"SUMIFS('[20]WorkDone DATA'!$L:$L,'[20]WorkDone DATA'!$N:$N,BOQ!AT$6,'[20]WorkDone DATA'!$G:$G,BOQ!$B126)*$G126","v":{"$error":"#VALUE!"}},{"$f":"SUMIFS('[20]WorkDone DATA'!$L:$L,'[20]WorkDone DATA'!$N:$N,BOQ!AU$6,'[20]WorkDone DATA'!$G:$G,BOQ!$B126)*$G126","v":{"$error":"#VALUE!"}},{"$f":"SUMIFS('[20]WorkDone DATA'!$L:$L,'[20]WorkDone DATA'!$N:$N,BOQ!AV$6,'[20]WorkDone DATA'!$G:$G,BOQ!$B126)*$G126","v":{"$error":"#VALUE!"}},{"$f":"SUMIFS('[20]WorkDone DATA'!$L:$L,'[20]WorkDone DATA'!$N:$N,BOQ!AW$6,'[20]WorkDone DATA'!$G:$G,BOQ!$B126)*$G126","v":{"$error":"#VALUE!"}},{"$f":"SUMIFS('[20]WorkDone DATA'!$L:$L,'[20]WorkDone DATA'!$N:$N,BOQ!AX$6,'[20]WorkDone DATA'!$G:$G,BOQ!$B126)*$G126","v":{"$error":"#VALUE!"}},{"$f":"SUMIFS('[20]WorkDone DATA'!$L:$L,'[20]WorkDone DATA'!$N:$N,BOQ!AY$6,'[20]WorkDone DATA'!$G:$G,BOQ!$B126)*$G126","v":{"$error":"#VALUE!"}},{"$f":"SUMIFS('[20]WorkDone DATA'!$L:$L,'[20]WorkDone DATA'!$N:$N,BOQ!AZ$6,'[20]WorkDone DATA'!$G:$G,BOQ!$B126)*$G126","v":{"$error":"#VALUE!"}},{"$f":"SUMIFS('[20]WorkDone DATA'!$L:$L,'[20]WorkDone DATA'!$N:$N,BOQ!BA$6,'[20]WorkDone DATA'!$G:$G,BOQ!$B126)*$G126","v":{"$error":"#VALUE!"}},{"$f":"SUMIFS('[20]WorkDone DATA'!$L:$L,'[20]WorkDone DATA'!$N:$N,BOQ!BB$6,'[20]WorkDone DATA'!$G:$G,BOQ!$B126)*$G126","v":{"$error":"#VALUE!"}},{"$f":"SUMIFS('[20]WorkDone DATA'!$L:$L,'[20]WorkDone DATA'!$N:$N,BOQ!BC$6,'[20]WorkDone DATA'!$G:$G,BOQ!$B126)*$G126","v":{"$error":"#VALUE!"}},{"$f":"SUMIFS('[20]WorkDone DATA'!$L:$L,'[20]WorkDone DATA'!$N:$N,BOQ!BD$6,'[20]WorkDone DATA'!$G:$G,BOQ!$B126)*$G126","v":{"$error":"#VALUE!"}},{"$f":"SUMIFS('[20]WorkDone DATA'!$L:$L,'[20]WorkDone DATA'!$N:$N,BOQ!BE$6,'[20]WorkDone DATA'!$G:$G,BOQ!$B126)*$G126","v":{"$error":"#VALUE!"}},{"$f":"SUMIFS('[20]WorkDone DATA'!$L:$L,'[20]WorkDone DATA'!$N:$N,BOQ!BF$6,'[20]WorkDone DATA'!$G:$G,BOQ!$B126)*$G126","v":{"$error":"#VALUE!"}},{"$f":"SUMIFS('[20]WorkDone DATA'!$L:$L,'[20]WorkDone DATA'!$N:$N,BOQ!BG$6,'[20]WorkDone DATA'!$G:$G,BOQ!$B126)*$G126","v":{"$error":"#VALUE!"}},{"$f":"SUMIFS('[20]WorkDone DATA'!$L:$L,'[20]WorkDone DATA'!$N:$N,BOQ!BH$6,'[20]WorkDone DATA'!$G:$G,BOQ!$B126)*$G126","v":{"$error":"#VALUE!"}},{"$f":"SUMIFS('[20]WorkDone DATA'!$L:$L,'[20]WorkDone DATA'!$N:$N,BOQ!BI$6,'[20]WorkDone DATA'!$G:$G,BOQ!$B126)*$G126","v":{"$error":"#VALUE!"}},{"$f":"SUMIFS('[20]WorkDone DATA'!$L:$L,'[20]WorkDone DATA'!$N:$N,BOQ!BJ$6,'[20]WorkDone DATA'!$G:$G,BOQ!$B126)*$G126","v":{"$error":"#VALUE!"}},{"$f":"SUMIFS('[20]WorkDone DATA'!$L:$L,'[20]WorkDone DATA'!$N:$N,BOQ!BK$6,'[20]WorkDone DATA'!$G:$G,BOQ!$B126)*$G126","v":{"$error":"#VALUE!"}},{"$f":"SUMIFS('[20]WorkDone DATA'!$L:$L,'[20]WorkDone DATA'!$N:$N,BOQ!BL$6,'[20]WorkDone DATA'!$G:$G,BOQ!$B126)*$G126","v":{"$error":"#VALUE!"}},{"$f":"SUMIFS('[20]WorkDone DATA'!$L:$L,'[20]WorkDone DATA'!$N:$N,BOQ!BM$6,'[20]WorkDone DATA'!$G:$G,BOQ!$B126)*$G126","v":{"$error":"#VALUE!"}},{"$f":"SUMIFS('[20]WorkDone DATA'!$L:$L,'[20]WorkDone DATA'!$N:$N,BOQ!BN$6,'[20]WorkDone DATA'!$G:$G,BOQ!$B126)*$G126","v":{"$error":"#VALUE!"}},{"$f":"SUMIFS('[20]WorkDone DATA'!$L:$L,'[20]WorkDone DATA'!$N:$N,BOQ!BO$6,'[20]WorkDone DATA'!$G:$G,BOQ!$B126)*$G126","v":{"$error":"#VALUE!"}},{"$f":"SUMIFS('[20]WorkDone DATA'!$L:$L,'[20]WorkDone DATA'!$N:$N,BOQ!BP$6,'[20]WorkDone DATA'!$G:$G,BOQ!$B126)*$G126","v":{"$error":"#VALUE!"}},{"$f":"SUMIFS('[20]WorkDone DATA'!$L:$L,'[20]WorkDone DATA'!$N:$N,BOQ!BQ$6,'[20]WorkDone DATA'!$G:$G,BOQ!$B126)*$G126","v":{"$error":"#VALUE!"}},{"$f":"SUMIFS('[20]WorkDone DATA'!$L:$L,'[20]WorkDone DATA'!$N:$N,BOQ!BR$6,'[20]WorkDone DATA'!$G:$G,BOQ!$B126)*$G126","v":{"$error":"#VALUE!"}},{"$f":"SUMIFS('[20]WorkDone DATA'!$L:$L,'[20]WorkDone DATA'!$N:$N,BOQ!BS$6,'[20]WorkDone DATA'!$G:$G,BOQ!$B126)*$G126","v":{"$error":"#VALUE!"}},{"$f":"SUMIFS('[20]WorkDone DATA'!$L:$L,'[20]WorkDone DATA'!$N:$N,BOQ!BT$6,'[20]WorkDone DATA'!$G:$G,BOQ!$B126)*$G126","v":{"$error":"#VALUE!"}},{"$f":"SUMIFS('[20]WorkDone DATA'!$L:$L,'[20]WorkDone DATA'!$N:$N,BOQ!BU$6,'[20]WorkDone DATA'!$G:$G,BOQ!$B126)*$G126","v":{"$error":"#VALUE!"}},{"$f":"SUMIFS('[20]WorkDone DATA'!$L:$L,'[20]WorkDone DATA'!$N:$N,BOQ!BV$6,'[20]WorkDone DATA'!$G:$G,BOQ!$B126)*$G126","v":{"$error":"#VALUE!"}},{"$f":"SUMIFS('[20]WorkDone DATA'!$L:$L,'[20]WorkDone DATA'!$N:$N,BOQ!BW$6,'[20]WorkDone DATA'!$G:$G,BOQ!$B126)*$G126","v":{"$error":"#VALUE!"}},{"$f":"SUMIFS('[20]WorkDone DATA'!$L:$L,'[20]WorkDone DATA'!$N:$N,BOQ!BX$6,'[20]WorkDone DATA'!$G:$G,BOQ!$B126)*$G126","v":{"$error":"#VALUE!"}}]
[null,null,"XLPE 11kV",{"$nulls":4},0,{"$nulls":3},{"$error":"#VALUE!"},{"$error":"#VALUE!"},null,0,{"$error":"#VALUE!"},null,{"$f":"SUMIFS('[20]WorkDone DATA'!$L:$L,'[20]WorkDone DATA'!$N:$N,BOQ!S$6,'[20]WorkDone DATA'!$G:$G,BOQ!$B127)","v":{"$error":"#VALUE!"}},{"$error":"#VALUE!"},{"$f":"SUMIFS('[20]WorkDone DATA'!$L:$L,'[20]WorkDone DATA'!$N:$N,BOQ!U$6,'[20]WorkDone DATA'!$G:$G,BOQ!$B127)","v":{"$error":"#VALUE!"}},{"$error":"#VALUE!"},null,{"$f":"SUMIFS('[20]WorkDone DATA'!$L:$L,'[20]WorkDone DATA'!$N:$N,BOQ!W$6,'[20]WorkDone DATA'!$G:$G,BOQ!$B127)*$G127","v":{"$error":"#VALUE!"}},null,{"$f":"SUMIFS('[20]WorkDone DATA'!$L:$L,'[20]WorkDone DATA'!$N:$N,BOQ!Y$6,'[20]WorkDone DATA'!$G:$G,BOQ!$B127)*$G127","v":{"$error":"#VALUE!"}},null,{"$f":"SUMIFS('[20]WorkDone DATA'!$L:$L,'[20]WorkDone DATA'!$N:$N,BOQ!AA$6,'[20]WorkDone DATA'!$G:$G,BOQ!$B127)*$G127","v":{"$error":"#VALUE!"}},{"$f":"SUMIFS('[20]WorkDone DATA'!$L:$L,'[20]WorkDone DATA'!$N:$N,BOQ!AB$6,'[20]WorkDone DATA'!$G:$G,BOQ!$B127)*$G127","v":{"$error":"#VALUE!"}},{"$f":"SUMIFS('[20]WorkDone DATA'!$L:$L,'[20]WorkDone DATA'!$N:$N,BOQ!AC$6,'[20]WorkDone DATA'!$G:$G,BOQ!$B127)*$G127","v":{"$error":"#VALUE!"}},{"$f":"SUMIFS('[20]WorkDone DATA'!$L:$L,'[20]WorkDone DATA'!$N:$N,BOQ!AD$6,'[20]WorkDone DATA'!$G:$G,BOQ!$B127)*$G127","v":{"$error":"#VALUE!"}},{"$f":"SUMIFS('[20]WorkDone DATA'!$L:$L,'[20]WorkDone DATA'!$N:$N,BOQ!AE$6,'[20]WorkDone DATA'!$G:$G,BOQ!$B127)*$G127","v":{"$error":"#VALUE!"}},{"$f":"SUMIFS('[20]WorkDone DATA'!$L:$L,'[20]WorkDone DATA'!$N:$N,BOQ!AF$6,'[20]WorkDone DATA'!$G:$G,BOQ!$B127)*$G127","v":{"$error":"#VALUE!"}},{"$f":"SUMIFS('[20]WorkDone DATA'!$L:$L,'[20]WorkDone DATA'!$N:$N,BOQ!AG$6,'[20]WorkDone DATA'!$G:$G,BOQ!$B127)*$G127","v":{"$error":"#VALUE!"}},{"$f":"SUMIFS('[20]WorkDone DATA'!$L:$L,'[20]WorkDone DATA'!$N:$N,BOQ!AH$6,'[20]WorkDone DATA'!$G:$G,BOQ!$B127)*$G127","v":{"$error":"#VALUE!"}},{"$f":"SUMIFS('[20]WorkDone DATA'!$L:$L,'[20]WorkDone DATA'!$N:$N,BOQ!AI$6,'[20]WorkDone DATA'!$G:$G,BOQ!$B127)*$G127","v":{"$error":"#VALUE!"}},{"$f":"SUMIFS('[20]WorkDone DATA'!$L:$L,'[20]WorkDone DATA'!$N:$N,BOQ!AJ$6,'[20]WorkDone DATA'!$G:$G,BOQ!$B127)*$G127","v":{"$error":"#VALUE!"}},{"$f":"SUMIFS('[20]WorkDone DATA'!$L:$L,'[20]WorkDone DATA'!$N:$N,BOQ!AK$6,'[20]WorkDone DATA'!$G:$G,BOQ!$B127)*$G127","v":{"$error":"#VALUE!"}},{"$f":"SUMIFS('[20]WorkDone DATA'!$L:$L,'[20]WorkDone DATA'!$N:$N,BOQ!AL$6,'[20]WorkDone DATA'!$G:$G,BOQ!$B127)*$G127","v":{"$error":"#VALUE!"}},{"$f":"SUMIFS('[20]WorkDone DATA'!$L:$L,'[20]WorkDone DATA'!$N:$N,BOQ!AM$6,'[20]WorkDone DATA'!$G:$G,BOQ!$B127)*$G127","v":{"$error":"#VALUE!"}},{"$f":"SUMIFS('[20]WorkDone DATA'!$L:$L,'[20]WorkDone DATA'!$N:$N,BOQ!AN$6,'[20]WorkDone DATA'!$G:$G,BOQ!$B127)*$G127","v":{"$error":"#VALUE!"}},{"$f":"SUMIFS('[20]WorkDone DATA'!$L:$L,'[20]WorkDone DATA'!$N:$N,BOQ!AO$6,'[20]WorkDone DATA'!$G:$G,BOQ!$B127)*$G127","v":{"$error":"#VALUE!"}},{"$f":"SUMIFS('[20]WorkDone DATA'!$L:$L,'[20]WorkDone DATA'!$N:$N,BOQ!AP$6,'[20]WorkDone DATA'!$G:$G,BOQ!$B127)*$G127","v":{"$error":"#VALUE!"}},{"$f":"SUMIFS('[20]WorkDone DATA'!$L:$L,'[20]WorkDone DATA'!$N:$N,BOQ!AQ$6,'[20]WorkDone DATA'!$G:$G,BOQ!$B127)*$G127","v":{"$error":"#VALUE!"}},{"$f":"SUMIFS('[20]WorkDone DATA'!$L:$L,'[20]WorkDone DATA'!$N:$N,BOQ!AR$6,'[20]WorkDone DATA'!$G:$G,BOQ!$B127)*$G127","v":{"$error":"#VALUE!"}},{"$f":"SUMIFS('[20]WorkDone DATA'!$L:$L,'[20]WorkDone DATA'!$N:$N,BOQ!AS$6,'[20]WorkDone DATA'!$G:$G,BOQ!$B127)*$G127","v":{"$error":"#VALUE!"}},{"$f":"SUMIFS('[20]WorkDone DATA'!$L:$L,'[20]WorkDone DATA'!$N:$N,BOQ!AT$6,'[20]WorkDone DATA'!$G:$G,BOQ!$B127)*$G127","v":{"$error":"#VALUE!"}},{"$f":"SUMIFS('[20]WorkDone DATA'!$L:$L,'[20]WorkDone DATA'!$N:$N,BOQ!AU$6,'[20]WorkDone DATA'!$G:$G,BOQ!$B127)*$G127","v":{"$error":"#VALUE!"}},{"$f":"SUMIFS('[20]WorkDone DATA'!$L:$L,'[20]WorkDone DATA'!$N:$N,BOQ!AV$6,'[20]WorkDone DATA'!$G:$G,BOQ!$B127)*$G127","v":{"$error":"#VALUE!"}},{"$f":"SUMIFS('[20]WorkDone DATA'!$L:$L,'[20]WorkDone DATA'!$N:$N,BOQ!AW$6,'[20]WorkDone DATA'!$G:$G,BOQ!$B127)*$G127","v":{"$error":"#VALUE!"}},{"$f":"SUMIFS('[20]WorkDone DATA'!$L:$L,'[20]WorkDone DATA'!$N:$N,BOQ!AX$6,'[20]WorkDone DATA'!$G:$G,BOQ!$B127)*$G127","v":{"$error":"#VALUE!"}},{"$f":"SUMIFS('[20]WorkDone DATA'!$L:$L,'[20]WorkDone DATA'!$N:$N,BOQ!AY$6,'[20]WorkDone DATA'!$G:$G,BOQ!$B127)*$G127","v":{"$error":"#VALUE!"}},{"$f":"SUMIFS('[20]WorkDone DATA'!$L:$L,'[20]WorkDone DATA'!$N:$N,BOQ!AZ$6,'[20]WorkDone DATA'!$G:$G,BOQ!$B127)*$G127","v":{"$error":"#VALUE!"}},{"$f":"SUMIFS('[20]WorkDone DATA'!$L:$L,'[20]WorkDone DATA'!$N:$N,BOQ!BA$6,'[20]WorkDone DATA'!$G:$G,BOQ!$B127)*$G127","v":{"$error":"#VALUE!"}},{"$f":"SUMIFS('[20]WorkDone DATA'!$L:$L,'[20]WorkDone DATA'!$N:$N,BOQ!BB$6,'[20]WorkDone DATA'!$G:$G,BOQ!$B127)*$G127","v":{"$error":"#VALUE!"}},{"$f":"SUMIFS('[20]WorkDone DATA'!$L:$L,'[20]WorkDone DATA'!$N:$N,BOQ!BC$6,'[20]WorkDone DATA'!$G:$G,BOQ!$B127)*$G127","v":{"$error":"#VALUE!"}},{"$f":"SUMIFS('[20]WorkDone DATA'!$L:$L,'[20]WorkDone DATA'!$N:$N,BOQ!BD$6,'[20]WorkDone DATA'!$G:$G,BOQ!$B127)*$G127","v":{"$error":"#VALUE!"}},{"$f":"SUMIFS('[20]WorkDone DATA'!$L:$L,'[20]WorkDone DATA'!$N:$N,BOQ!BE$6,'[20]WorkDone DATA'!$G:$G,BOQ!$B127)*$G127","v":{"$error":"#VALUE!"}},{"$f":"SUMIFS('[20]WorkDone DATA'!$L:$L,'[20]WorkDone DATA'!$N:$N,BOQ!BF$6,'[20]WorkDone DATA'!$G:$G,BOQ!$B127)*$G127","v":{"$error":"#VALUE!"}},{"$f":"SUMIFS('[20]WorkDone DATA'!$L:$L,'[20]WorkDone DATA'!$N:$N,BOQ!BG$6,'[20]WorkDone DATA'!$G:$G,BOQ!$B127)*$G127","v":{"$error":"#VALUE!"}},{"$f":"SUMIFS('[20]WorkDone DATA'!$L:$L,'[20]WorkDone DATA'!$N:$N,BOQ!BH$6,'[20]WorkDone DATA'!$G:$G,BOQ!$B127)*$G127","v":{"$error":"#VALUE!"}},{"$f":"SUMIFS('[20]WorkDone DATA'!$L:$L,'[20]WorkDone DATA'!$N:$N,BOQ!BI$6,'[20]WorkDone DATA'!$G:$G,BOQ!$B127)*$G127","v":{"$error":"#VALUE!"}},{"$f":"SUMIFS('[20]WorkDone DATA'!$L:$L,'[20]WorkDone DATA'!$N:$N,BOQ!BJ$6,'[20]WorkDone DATA'!$G:$G,BOQ!$B127)*$G127","v":{"$error":"#VALUE!"}},{"$f":"SUMIFS('[20]WorkDone DATA'!$L:$L,'[20]WorkDone DATA'!$N:$N,BOQ!BK$6,'[20]WorkDone DATA'!$G:$G,BOQ!$B127)*$G127","v":{"$error":"#VALUE!"}},{"$f":"SUMIFS('[20]WorkDone DATA'!$L:$L,'[20]WorkDone DATA'!$N:$N,BOQ!BL$6,'[20]WorkDone DATA'!$G:$G,BOQ!$B127)*$G127","v":{"$error":"#VALUE!"}},{"$f":"SUMIFS('[20]WorkDone DATA'!$L:$L,'[20]WorkDone DATA'!$N:$N,BOQ!BM$6,'[20]WorkDone DATA'!$G:$G,BOQ!$B127)*$G127","v":{"$error":"#VALUE!"}},{"$f":"SUMIFS('[20]WorkDone DATA'!$L:$L,'[20]WorkDone DATA'!$N:$N,BOQ!BN$6,'[20]WorkDone DATA'!$G:$G,BOQ!$B127)*$G127","v":{"$error":"#VALUE!"}},{"$f":"SUMIFS('[20]WorkDone DATA'!$L:$L,'[20]WorkDone DATA'!$N:$N,BOQ!BO$6,'[20]WorkDone DATA'!$G:$G,BOQ!$B127)*$G127","v":{"$error":"#VALUE!"}},{"$f":"SUMIFS('[20]WorkDone DATA'!$L:$L,'[20]WorkDone DATA'!$N:$N,BOQ!BP$6,'[20]WorkDone DATA'!$G:$G,BOQ!$B127)*$G127","v":{"$error":"#VALUE!"}},{"$f":"SUMIFS('[20]WorkDone DATA'!$L:$L,'[20]WorkDone DATA'!$N:$N,BOQ!BQ$6,'[20]WorkDone DATA'!$G:$G,BOQ!$B127)*$G127","v":{"$error":"#VALUE!"}},{"$f":"SUMIFS('[20]WorkDone DATA'!$L:$L,'[20]WorkDone DATA'!$N:$N,BOQ!BR$6,'[20]WorkDone DATA'!$G:$G,BOQ!$B127)*$G127","v":{"$error":"#VALUE!"}},{"$f":"SUMIFS('[20]WorkDone DATA'!$L:$L,'[20]WorkDone DATA'!$N:$N,BOQ!BS$6,'[20]WorkDone DATA'!$G:$G,BOQ!$B127)*$G127","v":{"$error":"#VALUE!"}},{"$f":"SUMIFS('[20]WorkDone DATA'!$L:$L,'[20]WorkDone DATA'!$N:$N,BOQ!BT$6,'[20]WorkDone DATA'!$G:$G,BOQ!$B127)*$G127","v":{"$error":"#VALUE!"}},{"$f":"SUMIFS('[20]WorkDone DATA'!$L:$L,'[20]WorkDone DATA'!$N:$N,BOQ!BU$6,'[20]WorkDone DATA'!$G:$G,BOQ!$B127)*$G127","v":{"$error":"#VALUE!"}},{"$f":"SUMIFS('[20]WorkDone DATA'!$L:$L,'[20]WorkDone DATA'!$N:$N,BOQ!BV$6,'[20]WorkDone DATA'!$G:$G,BOQ!$B127)*$G127","v":{"$error":"#VALUE!"}},{"$f":"SUMIFS('[20]WorkDone DATA'!$L:$L,'[20]WorkDone DATA'!$N:$N,BOQ!BW$6,'[20]WorkDone DATA'!$G:$G,BOQ!$B127)*$G127","v":{"$error":"#VALUE!"}},{"$f":"SUMIFS('[20]WorkDone DATA'!$L:$L,'[20]WorkDone DATA'!$N:$N,BOQ!BX$6,'[20]WorkDone DATA'!$G:$G,BOQ!$B127)*$G127","v":{"$error":"#VALUE!"}}]
[null,null,"500mm2 x 1 core (EXX01WCV) 6.35kV/11kV  (Trefoil clamps) ",{"$nulls":4},0,{"$nulls":3},{"$error":"#VALUE!"},{"$error":"#VALUE!"},null,0,{"$error":"#VALUE!"},null,{"$f":"SUMIFS('[20]WorkDone DATA'!$L:$L,'[20]WorkDone DATA'!$N:$N,BOQ!S$6,'[20]WorkDone DATA'!$G:$G,BOQ!$B128)","v":{"$error":"#VALUE!"}},{"$error":"#VALUE!"},{"$f":"SUMIFS('[20]WorkDone DATA'!$L:$L,'[20]WorkDone DATA'!$N:$N,BOQ!U$6,'[20]WorkDone DATA'!$G:$G,BOQ!$B128)","v":{"$error":"#VALUE!"}},{"$error":"#VALUE!"},null,{"$f":"SUMIFS('[20]WorkDone DATA'!$L:$L,'[20]WorkDone DATA'!$N:$N,BOQ!W$6,'[20]WorkDone DATA'!$G:$G,BOQ!$B128)*$G128","v":{"$error":"#VALUE!"}},null,{"$f":"SUMIFS('[20]WorkDone DATA'!$L:$L,'[20]WorkDone DATA'!$N:$N,BOQ!Y$6,'[20]WorkDone DATA'!$G:$G,BOQ!$B128)*$G128","v":{"$error":"#VALUE!"}},null,{"$f":"SUMIFS('[20]WorkDone DATA'!$L:$L,'[20]WorkDone DATA'!$N:$N,BOQ!AA$6,'[20]WorkDone DATA'!$G:$G,BOQ!$B128)*$G128","v":{"$error":"#VALUE!"}},{"$f":"SUMIFS('[20]WorkDone DATA'!$L:$L,'[20]WorkDone DATA'!$N:$N,BOQ!AB$6,'[20]WorkDone DATA'!$G:$G,BOQ!$B128)*$G128","v":{"$error":"#VALUE!"}},{"$f":"SUMIFS('[20]WorkDone DATA'!$L:$L,'[20]WorkDone DATA'!$N:$N,BOQ!AC$6,'[20]WorkDone DATA'!$G:$G,BOQ!$B128)*$G128","v":{"$error":"#VALUE!"}},{"$f":"SUMIFS('[20]WorkDone DATA'!$L:$L,'[20]WorkDone DATA'!$N:$N,BOQ!AD$6,'[20]WorkDone DATA'!$G:$G,BOQ!$B128)*$G128","v":{"$error":"#VALUE!"}},{"$f":"SUMIFS('[20]WorkDone DATA'!$L:$L,'[20]WorkDone DATA'!$N:$N,BOQ!AE$6,'[20]WorkDone DATA'!$G:$G,BOQ!$B128)*$G128","v":{"$error":"#VALUE!"}},{"$f":"SUMIFS('[20]WorkDone DATA'!$L:$L,'[20]WorkDone DATA'!$N:$N,BOQ!AF$6,'[20]WorkDone DATA'!$G:$G,BOQ!$B128)*$G128","v":{"$error":"#VALUE!"}},{"$f":"SUMIFS('[20]WorkDone DATA'!$L:$L,'[20]WorkDone DATA'!$N:$N,BOQ!AG$6,'[20]WorkDone DATA'!$G:$G,BOQ!$B128)*$G128","v":{"$error":"#VALUE!"}},{"$f":"SUMIFS('[20]WorkDone DATA'!$L:$L,'[20]WorkDone DATA'!$N:$N,BOQ!AH$6,'[20]WorkDone DATA'!$G:$G,BOQ!$B128)*$G128","v":{"$error":"#VALUE!"}},{"$f":"SUMIFS('[20]WorkDone DATA'!$L:$L,'[20]WorkDone DATA'!$N:$N,BOQ!AI$6,'[20]WorkDone DATA'!$G:$G,BOQ!$B128)*$G128","v":{"$error":"#VALUE!"}},{"$f":"SUMIFS('[20]WorkDone DATA'!$L:$L,'[20]WorkDone DATA'!$N:$N,BOQ!AJ$6,'[20]WorkDone DATA'!$G:$G,BOQ!$B128)*$G128","v":{"$error":"#VALUE!"}},{"$f":"SUMIFS('[20]WorkDone DATA'!$L:$L,'[20]WorkDone DATA'!$N:$N,BOQ!AK$6,'[20]WorkDone DATA'!$G:$G,BOQ!$B128)*$G128","v":{"$error":"#VALUE!"}},{"$f":"SUMIFS('[20]WorkDone DATA'!$L:$L,'[20]WorkDone DATA'!$N:$N,BOQ!AL$6,'[20]WorkDone DATA'!$G:$G,BOQ!$B128)*$G128","v":{"$error":"#VALUE!"}},{"$f":"SUMIFS('[20]WorkDone DATA'!$L:$L,'[20]WorkDone DATA'!$N:$N,BOQ!AM$6,'[20]WorkDone DATA'!$G:$G,BOQ!$B128)*$G128","v":{"$error":"#VALUE!"}},{"$f":"SUMIFS('[20]WorkDone DATA'!$L:$L,'[20]WorkDone DATA'!$N:$N,BOQ!AN$6,'[20]WorkDone DATA'!$G:$G,BOQ!$B128)*$G128","v":{"$error":"#VALUE!"}},{"$f":"SUMIFS('[20]WorkDone DATA'!$L:$L,'[20]WorkDone DATA'!$N:$N,BOQ!AO$6,'[20]WorkDone DATA'!$G:$G,BOQ!$B128)*$G128","v":{"$error":"#VALUE!"}},{"$f":"SUMIFS('[20]WorkDone DATA'!$L:$L,'[20]WorkDone DATA'!$N:$N,BOQ!AP$6,'[20]WorkDone DATA'!$G:$G,BOQ!$B128)*$G128","v":{"$error":"#VALUE!"}},{"$f":"SUMIFS('[20]WorkDone DATA'!$L:$L,'[20]WorkDone DATA'!$N:$N,BOQ!AQ$6,'[20]WorkDone DATA'!$G:$G,BOQ!$B128)*$G128","v":{"$error":"#VALUE!"}},{"$f":"SUMIFS('[20]WorkDone DATA'!$L:$L,'[20]WorkDone DATA'!$N:$N,BOQ!AR$6,'[20]WorkDone DATA'!$G:$G,BOQ!$B128)*$G128","v":{"$error":"#VALUE!"}},{"$f":"SUMIFS('[20]WorkDone DATA'!$L:$L,'[20]WorkDone DATA'!$N:$N,BOQ!AS$6,'[20]WorkDone DATA'!$G:$G,BOQ!$B128)*$G128","v":{"$error":"#VALUE!"}},{"$f":"SUMIFS('[20]WorkDone DATA'!$L:$L,'[20]WorkDone DATA'!$N:$N,BOQ!AT$6,'[20]WorkDone DATA'!$G:$G,BOQ!$B128)*$G128","v":{"$error":"#VALUE!"}},{"$f":"SUMIFS('[20]WorkDone DATA'!$L:$L,'[20]WorkDone DATA'!$N:$N,BOQ!AU$6,'[20]WorkDone DATA'!$G:$G,BOQ!$B128)*$G128","v":{"$error":"#VALUE!"}},{"$f":"SUMIFS('[20]WorkDone DATA'!$L:$L,'[20]WorkDone DATA'!$N:$N,BOQ!AV$6,'[20]WorkDone DATA'!$G:$G,BOQ!$B128)*$G128","v":{"$error":"#VALUE!"}},{"$f":"SUMIFS('[20]WorkDone DATA'!$L:$L,'[20]WorkDone DATA'!$N:$N,BOQ!AW$6,'[20]WorkDone DATA'!$G:$G,BOQ!$B128)*$G128","v":{"$error":"#VALUE!"}},{"$f":"SUMIFS('[20]WorkDone DATA'!$L:$L,'[20]WorkDone DATA'!$N:$N,BOQ!AX$6,'[20]WorkDone DATA'!$G:$G,BOQ!$B128)*$G128","v":{"$error":"#VALUE!"}},{"$f":"SUMIFS('[20]WorkDone DATA'!$L:$L,'[20]WorkDone DATA'!$N:$N,BOQ!AY$6,'[20]WorkDone DATA'!$G:$G,BOQ!$B128)*$G128","v":{"$error":"#VALUE!"}},{"$f":"SUMIFS('[20]WorkDone DATA'!$L:$L,'[20]WorkDone DATA'!$N:$N,BOQ!AZ$6,'[20]WorkDone DATA'!$G:$G,BOQ!$B128)*$G128","v":{"$error":"#VALUE!"}},{"$f":"SUMIFS('[20]WorkDone DATA'!$L:$L,'[20]WorkDone DATA'!$N:$N,BOQ!BA$6,'[20]WorkDone DATA'!$G:$G,BOQ!$B128)*$G128","v":{"$error":"#VALUE!"}},{"$f":"SUMIFS('[20]WorkDone DATA'!$L:$L,'[20]WorkDone DATA'!$N:$N,BOQ!BB$6,'[20]WorkDone DATA'!$G:$G,BOQ!$B128)*$G128","v":{"$error":"#VALUE!"}},{"$f":"SUMIFS('[20]WorkDone DATA'!$L:$L,'[20]WorkDone DATA'!$N:$N,BOQ!BC$6,'[20]WorkDone DATA'!$G:$G,BOQ!$B128)*$G128","v":{"$error":"#VALUE!"}},{"$f":"SUMIFS('[20]WorkDone DATA'!$L:$L,'[20]WorkDone DATA'!$N:$N,BOQ!BD$6,'[20]WorkDone DATA'!$G:$G,BOQ!$B128)*$G128","v":{"$error":"#VALUE!"}},{"$f":"SUMIFS('[20]WorkDone DATA'!$L:$L,'[20]WorkDone DATA'!$N:$N,BOQ!BE$6,'[20]WorkDone DATA'!$G:$G,BOQ!$B128)*$G128","v":{"$error":"#VALUE!"}},{"$f":"SUMIFS('[20]WorkDone DATA'!$L:$L,'[20]WorkDone DATA'!$N:$N,BOQ!BF$6,'[20]WorkDone DATA'!$G:$G,BOQ!$B128)*$G128","v":{"$error":"#VALUE!"}},{"$f":"SUMIFS('[20]WorkDone DATA'!$L:$L,'[20]WorkDone DATA'!$N:$N,BOQ!BG$6,'[20]WorkDone DATA'!$G:$G,BOQ!$B128)*$G128","v":{"$error":"#VALUE!"}},{"$f":"SUMIFS('[20]WorkDone DATA'!$L:$L,'[20]WorkDone DATA'!$N:$N,BOQ!BH$6,'[20]WorkDone DATA'!$G:$G,BOQ!$B128)*$G128","v":{"$error":"#VALUE!"}},{"$f":"SUMIFS('[20]WorkDone DATA'!$L:$L,'[20]WorkDone DATA'!$N:$N,BOQ!BI$6,'[20]WorkDone DATA'!$G:$G,BOQ!$B128)*$G128","v":{"$error":"#VALUE!"}},{"$f":"SUMIFS('[20]WorkDone DATA'!$L:$L,'[20]WorkDone DATA'!$N:$N,BOQ!BJ$6,'[20]WorkDone DATA'!$G:$G,BOQ!$B128)*$G128","v":{"$error":"#VALUE!"}},{"$f":"SUMIFS('[20]WorkDone DATA'!$L:$L,'[20]WorkDone DATA'!$N:$N,BOQ!BK$6,'[20]WorkDone DATA'!$G:$G,BOQ!$B128)*$G128","v":{"$error":"#VALUE!"}},{"$f":"SUMIFS('[20]WorkDone DATA'!$L:$L,'[20]WorkDone DATA'!$N:$N,BOQ!BL$6,'[20]WorkDone DATA'!$G:$G,BOQ!$B128)*$G128","v":{"$error":"#VALUE!"}},{"$f":"SUMIFS('[20]WorkDone DATA'!$L:$L,'[20]WorkDone DATA'!$N:$N,BOQ!BM$6,'[20]WorkDone DATA'!$G:$G,BOQ!$B128)*$G128","v":{"$error":"#VALUE!"}},{"$f":"SUMIFS('[20]WorkDone DATA'!$L:$L,'[20]WorkDone DATA'!$N:$N,BOQ!BN$6,'[20]WorkDone DATA'!$G:$G,BOQ!$B128)*$G128","v":{"$error":"#VALUE!"}},{"$f":"SUMIFS('[20]WorkDone DATA'!$L:$L,'[20]WorkDone DATA'!$N:$N,BOQ!BO$6,'[20]WorkDone DATA'!$G:$G,BOQ!$B128)*$G128","v":{"$error":"#VALUE!"}},{"$f":"SUMIFS('[20]WorkDone DATA'!$L:$L,'[20]WorkDone DATA'!$N:$N,BOQ!BP$6,'[20]WorkDone DATA'!$G:$G,BOQ!$B128)*$G128","v":{"$error":"#VALUE!"}},{"$f":"SUMIFS('[20]WorkDone DATA'!$L:$L,'[20]WorkDone DATA'!$N:$N,BOQ!BQ$6,'[20]WorkDone DATA'!$G:$G,BOQ!$B128)*$G128","v":{"$error":"#VALUE!"}},{"$f":"SUMIFS('[20]WorkDone DATA'!$L:$L,'[20]WorkDone DATA'!$N:$N,BOQ!BR$6,'[20]WorkDone DATA'!$G:$G,BOQ!$B128)*$G128","v":{"$error":"#VALUE!"}},{"$f":"SUMIFS('[20]WorkDone DATA'!$L:$L,'[20]WorkDone DATA'!$N:$N,BOQ!BS$6,'[20]WorkDone DATA'!$G:$G,BOQ!$B128)*$G128","v":{"$error":"#VALUE!"}},{"$f":"SUMIFS('[20]WorkDone DATA'!$L:$L,'[20]WorkDone DATA'!$N:$N,BOQ!BT$6,'[20]WorkDone DATA'!$G:$G,BOQ!$B128)*$G128","v":{"$error":"#VALUE!"}},{"$f":"SUMIFS('[20]WorkDone DATA'!$L:$L,'[20]WorkDone DATA'!$N:$N,BOQ!BU$6,'[20]WorkDone DATA'!$G:$G,BOQ!$B128)*$G128","v":{"$error":"#VALUE!"}},{"$f":"SUMIFS('[20]WorkDone DATA'!$L:$L,'[20]WorkDone DATA'!$N:$N,BOQ!BV$6,'[20]WorkDone DATA'!$G:$G,BOQ!$B128)*$G128","v":{"$error":"#VALUE!"}},{"$f":"SUMIFS('[20]WorkDone DATA'!$L:$L,'[20]WorkDone DATA'!$N:$N,BOQ!BW$6,'[20]WorkDone DATA'!$G:$G,BOQ!$B128)*$G128","v":{"$error":"#VALUE!"}},{"$f":"SUMIFS('[20]WorkDone DATA'!$L:$L,'[20]WorkDone DATA'!$N:$N,BOQ!BX$6,'[20]WorkDone DATA'!$G:$G,BOQ!$B128)*$G128","v":{"$error":"#VALUE!"}}]
[{"$f":"C128","v":"500mm2 x 1 core (EXX01WCV) 6.35kV/11kV  (Trefoil clamps) "},2.059,"Supply","E","m",5940,{"v":1400.31,"d":"1,400.31"},{"v":8317841.399999999,"d":"8,317,841.40"},null,null,{"$error":"#VALUE!"},{"$error":"#VALUE!"},{"$error":"#VALUE!"},null,{"$error":"#VALUE!"},{"$error":"#VALUE!"},null,{"$f":"SUMIFS('[20]WorkDone DATA'!$L:$L,'[20]WorkDone DATA'!$N:$N,BOQ!S$6,'[20]WorkDone DATA'!$G:$G,BOQ!$B129)","v":{"$error":"#VALUE!"}},{"$error":"#VALUE!"},{"$f":"SUMIFS('[20]WorkDone DATA'!$L:$L,'[20]WorkDone DATA'!$N:$N,BOQ!U$6,'[20]WorkDone DATA'!$G:$G,BOQ!$B129)","v":{"$error":"#VALUE!"}},{"$error":"#VALUE!"},null,{"$f":"SUMIFS('[20]WorkDone DATA'!$L:$L,'[20]WorkDone DATA'!$N:$N,BOQ!W$6,'[20]WorkDone DATA'!$G:$G,BOQ!$B129)*$G129","v":{"$error":"#VALUE!"}},null,{"$f":"SUMIFS('[20]WorkDone DATA'!$L:$L,'[20]WorkDone DATA'!$N:$N,BOQ!Y$6,'[20]WorkDone DATA'!$G:$G,BOQ!$B129)*$G129","v":{"$error":"#VALUE!"}},null,{"$f":"SUMIFS('[20]WorkDone DATA'!$L:$L,'[20]WorkDone DATA'!$N:$N,BOQ!AA$6,'[20]WorkDone DATA'!$G:$G,BOQ!$B129)*$G129","v":{"$error":"#VALUE!"}},{"$f":"SUMIFS('[20]WorkDone DATA'!$L:$L,'[20]WorkDone DATA'!$N:$N,BOQ!AB$6,'[20]WorkDone DATA'!$G:$G,BOQ!$B129)*$G129","v":{"$error":"#VALUE!"}},{"$f":"SUMIFS('[20]WorkDone DATA'!$L:$L,'[20]WorkDone DATA'!$N:$N,BOQ!AC$6,'[20]WorkDone DATA'!$G:$G,BOQ!$B129)*$G129","v":{"$error":"#VALUE!"}},{"$f":"SUMIFS('[20]WorkDone DATA'!$L:$L,'[20]WorkDone DATA'!$N:$N,BOQ!AD$6,'[20]WorkDone DATA'!$G:$G,BOQ!$B129)*$G129","v":{"$error":"#VALUE!"}},{"$f":"SUMIFS('[20]WorkDone DATA'!$L:$L,'[20]WorkDone DATA'!$N:$N,BOQ!AE$6,'[20]WorkDone DATA'!$G:$G,BOQ!$B129)*$G129","v":{"$error":"#VALUE!"}},{"$f":"SUMIFS('[20]WorkDone DATA'!$L:$L,'[20]WorkDone DATA'!$N:$N,BOQ!AF$6,'[20]WorkDone DATA'!$G:$G,BOQ!$B129)*$G129","v":{"$error":"#VALUE!"}},{"$f":"SUMIFS('[20]WorkDone DATA'!$L:$L,'[20]WorkDone DATA'!$N:$N,BOQ!AG$6,'[20]WorkDone DATA'!$G:$G,BOQ!$B129)*$G129","v":{"$error":"#VALUE!"}},{"$f":"SUMIFS('[20]WorkDone DATA'!$L:$L,'[20]WorkDone DATA'!$N:$N,BOQ!AH$6,'[20]WorkDone DATA'!$G:$G,BOQ!$B129)*$G129","v":{"$error":"#VALUE!"}},{"$f":"SUMIFS('[20]WorkDone DATA'!$L:$L,'[20]WorkDone DATA'!$N:$N,BOQ!AI$6,'[20]WorkDone DATA'!$G:$G,BOQ!$B129)*$G129","v":{"$error":"#VALUE!"}},{"$f":"SUMIFS('[20]WorkDone DATA'!$L:$L,'[20]WorkDone DATA'!$N:$N,BOQ!AJ$6,'[20]WorkDone DATA'!$G:$G,BOQ!$B129)*$G129","v":{"$error":"#VALUE!"}},{"$f":"SUMIFS('[20]WorkDone DATA'!$L:$L,'[20]WorkDone DATA'!$N:$N,BOQ!AK$6,'[20]WorkDone DATA'!$G:$G,BOQ!$B129)*$G129","v":{"$error":"#VALUE!"}},{"$f":"SUMIFS('[20]WorkDone DATA'!$L:$L,'[20]WorkDone DATA'!$N:$N,BOQ!AL$6,'[20]WorkDone DATA'!$G:$G,BOQ!$B129)*$G129","v":{"$error":"#VALUE!"}},{"$f":"SUMIFS('[20]WorkDone DATA'!$L:$L,'[20]WorkDone DATA'!$N:$N,BOQ!AM$6,'[20]WorkDone DATA'!$G:$G,BOQ!$B129)*$G129","v":{"$error":"#VALUE!"}},{"$f":"SUMIFS('[20]WorkDone DATA'!$L:$L,'[20]WorkDone DATA'!$N:$N,BOQ!AN$6,'[20]WorkDone DATA'!$G:$G,BOQ!$B129)*$G129","v":{"$error":"#VALUE!"}},{"$f":"SUMIFS('[20]WorkDone DATA'!$L:$L,'[20]WorkDone DATA'!$N:$N,BOQ!AO$6,'[20]WorkDone DATA'!$G:$G,BOQ!$B129)*$G129","v":{"$error":"#VALUE!"}},{"$f":"SUMIFS('[20]WorkDone DATA'!$L:$L,'[20]WorkDone DATA'!$N:$N,BOQ!AP$6,'[20]WorkDone DATA'!$G:$G,BOQ!$B129)*$G129","v":{"$error":"#VALUE!"}},{"$f":"SUMIFS('[20]WorkDone DATA'!$L:$L,'[20]WorkDone DATA'!$N:$N,BOQ!AQ$6,'[20]WorkDone DATA'!$G:$G,BOQ!$B129)*$G129","v":{"$error":"#VALUE!"}},{"$f":"SUMIFS('[20]WorkDone DATA'!$L:$L,'[20]WorkDone DATA'!$N:$N,BOQ!AR$6,'[20]WorkDone DATA'!$G:$G,BOQ!$B129)*$G129","v":{"$error":"#VALUE!"}},{"$f":"SUMIFS('[20]WorkDone DATA'!$L:$L,'[20]WorkDone DATA'!$N:$N,BOQ!AS$6,'[20]WorkDone DATA'!$G:$G,BOQ!$B129)*$G129","v":{"$error":"#VALUE!"}},{"$f":"SUMIFS('[20]WorkDone DATA'!$L:$L,'[20]WorkDone DATA'!$N:$N,BOQ!AT$6,'[20]WorkDone DATA'!$G:$G,BOQ!$B129)*$G129","v":{"$error":"#VALUE!"}},{"$f":"SUMIFS('[20]WorkDone DATA'!$L:$L,'[20]WorkDone DATA'!$N:$N,BOQ!AU$6,'[20]WorkDone DATA'!$G:$G,BOQ!$B129)*$G129","v":{"$error":"#VALUE!"}},{"$f":"SUMIFS('[20]WorkDone DATA'!$L:$L,'[20]WorkDone DATA'!$N:$N,BOQ!AV$6,'[20]WorkDone DATA'!$G:$G,BOQ!$B129)*$G129","v":{"$error":"#VALUE!"}},{"$f":"SUMIFS('[20]WorkDone DATA'!$L:$L,'[20]WorkDone DATA'!$N:$N,BOQ!AW$6,'[20]WorkDone DATA'!$G:$G,BOQ!$B129)*$G129","v":{"$error":"#VALUE!"}},{"$f":"SUMIFS('[20]WorkDone DATA'!$L:$L,'[20]WorkDone DATA'!$N:$N,BOQ!AX$6,'[20]WorkDone DATA'!$G:$G,BOQ!$B129)*$G129","v":{"$error":"#VALUE!"}},{"$f":"SUMIFS('[20]WorkDone DATA'!$L:$L,'[20]WorkDone DATA'!$N:$N,BOQ!AY$6,'[20]WorkDone DATA'!$G:$G,BOQ!$B129)*$G129","v":{"$error":"#VALUE!"}},{"$f":"SUMIFS('[20]WorkDone DATA'!$L:$L,'[20]WorkDone DATA'!$N:$N,BOQ!AZ$6,'[20]WorkDone DATA'!$G:$G,BOQ!$B129)*$G129","v":{"$error":"#VALUE!"}},{"$f":"SUMIFS('[20]WorkDone DATA'!$L:$L,'[20]WorkDone DATA'!$N:$N,BOQ!BA$6,'[20]WorkDone DATA'!$G:$G,BOQ!$B129)*$G129","v":{"$error":"#VALUE!"}},{"$f":"SUMIFS('[20]WorkDone DATA'!$L:$L,'[20]WorkDone DATA'!$N:$N,BOQ!BB$6,'[20]WorkDone DATA'!$G:$G,BOQ!$B129)*$G129","v":{"$error":"#VALUE!"}},{"$f":"SUMIFS('[20]WorkDone DATA'!$L:$L,'[20]WorkDone DATA'!$N:$N,BOQ!BC$6,'[20]WorkDone DATA'!$G:$G,BOQ!$B129)*$G129","v":{"$error":"#VALUE!"}},{"$f":"SUMIFS('[20]WorkDone DATA'!$L:$L,'[20]WorkDone DATA'!$N:$N,BOQ!BD$6,'[20]WorkDone DATA'!$G:$G,BOQ!$B129)*$G129","v":{"$error":"#VALUE!"}},{"$f":"SUMIFS('[20]WorkDone DATA'!$L:$L,'[20]WorkDone DATA'!$N:$N,BOQ!BE$6,'[20]WorkDone DATA'!$G:$G,BOQ!$B129)*$G129","v":{"$error":"#VALUE!"}},{"$f":"SUMIFS('[20]WorkDone DATA'!$L:$L,'[20]WorkDone DATA'!$N:$N,BOQ!BF$6,'[20]WorkDone DATA'!$G:$G,BOQ!$B129)*$G129","v":{"$error":"#VALUE!"}},{"$f":"SUMIFS('[20]WorkDone DATA'!$L:$L,'[20]WorkDone DATA'!$N:$N,BOQ!BG$6,'[20]WorkDone DATA'!$G:$G,BOQ!$B129)*$G129","v":{"$error":"#VALUE!"}},{"$f":"SUMIFS('[20]WorkDone DATA'!$L:$L,'[20]WorkDone DATA'!$N:$N,BOQ!BH$6,'[20]WorkDone DATA'!$G:$G,BOQ!$B129)*$G129","v":{"$error":"#VALUE!"}},{"$f":"SUMIFS('[20]WorkDone DATA'!$L:$L,'[20]WorkDone DATA'!$N:$N,BOQ!BI$6,'[20]WorkDone DATA'!$G:$G,BOQ!$B129)*$G129","v":{"$error":"#VALUE!"}},{"$f":"SUMIFS('[20]WorkDone DATA'!$L:$L,'[20]WorkDone DATA'!$N:$N,BOQ!BJ$6,'[20]WorkDone DATA'!$G:$G,BOQ!$B129)*$G129","v":{"$error":"#VALUE!"}},{"$f":"SUMIFS('[20]WorkDone DATA'!$L:$L,'[20]WorkDone DATA'!$N:$N,BOQ!BK$6,'[20]WorkDone DATA'!$G:$G,BOQ!$B129)*$G129","v":{"$error":"#VALUE!"}},{"$f":"SUMIFS('[20]WorkDone DATA'!$L:$L,'[20]WorkDone DATA'!$N:$N,BOQ!BL$6,'[20]WorkDone DATA'!$G:$G,BOQ!$B129)*$G129","v":{"$error":"#VALUE!"}},{"$f":"SUMIFS('[20]WorkDone DATA'!$L:$L,'[20]WorkDone DATA'!$N:$N,BOQ!BM$6,'[20]WorkDone DATA'!$G:$G,BOQ!$B129)*$G129","v":{"$error":"#VALUE!"}},{"$f":"SUMIFS('[20]WorkDone DATA'!$L:$L,'[20]WorkDone DATA'!$N:$N,BOQ!BN$6,'[20]WorkDone DATA'!$G:$G,BOQ!$B129)*$G129","v":{"$error":"#VALUE!"}},{"$f":"SUMIFS('[20]WorkDone DATA'!$L:$L,'[20]WorkDone DATA'!$N:$N,BOQ!BO$6,'[20]WorkDone DATA'!$G:$G,BOQ!$B129)*$G129","v":{"$error":"#VALUE!"}},{"$f":"SUMIFS('[20]WorkDone DATA'!$L:$L,'[20]WorkDone DATA'!$N:$N,BOQ!BP$6,'[20]WorkDone DATA'!$G:$G,BOQ!$B129)*$G129","v":{"$error":"#VALUE!"}},{"$f":"SUMIFS('[20]WorkDone DATA'!$L:$L,'[20]WorkDone DATA'!$N:$N,BOQ!BQ$6,'[20]WorkDone DATA'!$G:$G,BOQ!$B129)*$G129","v":{"$error":"#VALUE!"}},{"$f":"SUMIFS('[20]WorkDone DATA'!$L:$L,'[20]WorkDone DATA'!$N:$N,BOQ!BR$6,'[20]WorkDone DATA'!$G:$G,BOQ!$B129)*$G129","v":{"$error":"#VALUE!"}},{"$f":"SUMIFS('[20]WorkDone DATA'!$L:$L,'[20]WorkDone DATA'!$N:$N,BOQ!BS$6,'[20]WorkDone DATA'!$G:$G,BOQ!$B129)*$G129","v":{"$error":"#VALUE!"}},{"$f":"SUMIFS('[20]WorkDone DATA'!$L:$L,'[20]WorkDone DATA'!$N:$N,BOQ!BT$6,'[20]WorkDone DATA'!$G:$G,BOQ!$B129)*$G129","v":{"$error":"#VALUE!"}},{"$f":"SUMIFS('[20]WorkDone DATA'!$L:$L,'[20]WorkDone DATA'!$N:$N,BOQ!BU$6,'[20]WorkDone DATA'!$G:$G,BOQ!$B129)*$G129","v":{"$error":"#VALUE!"}},{"$f":"SUMIFS('[20]WorkDone DATA'!$L:$L,'[20]WorkDone DATA'!$N:$N,BOQ!BV$6,'[20]WorkDone DATA'!$G:$G,BOQ!$B129)*$G129","v":{"$error":"#VALUE!"}},{"$f":"SUMIFS('[20]WorkDone DATA'!$L:$L,'[20]WorkDone DATA'!$N:$N,BOQ!BW$6,'[20]WorkDone DATA'!$G:$G,BOQ!$B129)*$G129","v":{"$error":"#VALUE!"}},{"$f":"SUMIFS('[20]WorkDone DATA'!$L:$L,'[20]WorkDone DATA'!$N:$N,BOQ!BX$6,'[20]WorkDone DATA'!$G:$G,BOQ!$B129)*$G129","v":{"$error":"#VALUE!"}}]
[{"$f":"C128","v":"500mm2 x 1 core (EXX01WCV) 6.35kV/11kV  (Trefoil clamps) "},{"v":2.06,"d":"2.060"},"Installation","A","m",5940,117.05,{"v":695277,"d":"695,277.00"},null,null,{"$error":"#VALUE!"},{"$error":"#VALUE!"},{"$error":"#VALUE!"},null,{"$error":"#VALUE!"},{"$error":"#VALUE!"},null,{"$f":"SUMIFS('[20]WorkDone DATA'!$L:$L,'[20]WorkDone DATA'!$N:$N,BOQ!S$6,'[20]WorkDone DATA'!$G:$G,BOQ!$B130)","v":{"$error":"#VALUE!"}},{"$error":"#VALUE!"},{"$f":"SUMIFS('[20]WorkDone DATA'!$L:$L,'[20]WorkDone DATA'!$N:$N,BOQ!U$6,'[20]WorkDone DATA'!$G:$G,BOQ!$B130)","v":{"$error":"#VALUE!"}},{"$error":"#VALUE!"},null,{"$f":"SUMIFS('[20]WorkDone DATA'!$L:$L,'[20]WorkDone DATA'!$N:$N,BOQ!W$6,'[20]WorkDone DATA'!$G:$G,BOQ!$B130)*$G130","v":{"$error":"#VALUE!"}},null,{"$f":"SUMIFS('[20]WorkDone DATA'!$L:$L,'[20]WorkDone DATA'!$N:$N,BOQ!Y$6,'[20]WorkDone DATA'!$G:$G,BOQ!$B130)*$G130","v":{"$error":"#VALUE!"}},null,{"$f":"SUMIFS('[20]WorkDone DATA'!$L:$L,'[20]WorkDone DATA'!$N:$N,BOQ!AA$6,'[20]WorkDone DATA'!$G:$G,BOQ!$B130)*$G130","v":{"$error":"#VALUE!"}},{"$f":"SUMIFS('[20]WorkDone DATA'!$L:$L,'[20]WorkDone DATA'!$N:$N,BOQ!AB$6,'[20]WorkDone DATA'!$G:$G,BOQ!$B130)*$G130","v":{"$error":"#VALUE!"}},{"$f":"SUMIFS('[20]WorkDone DATA'!$L:$L,'[20]WorkDone DATA'!$N:$N,BOQ!AC$6,'[20]WorkDone DATA'!$G:$G,BOQ!$B130)*$G130","v":{"$error":"#VALUE!"}},{"$f":"SUMIFS('[20]WorkDone DATA'!$L:$L,'[20]WorkDone DATA'!$N:$N,BOQ!AD$6,'[20]WorkDone DATA'!$G:$G,BOQ!$B130)*$G130","v":{"$error":"#VALUE!"}},{"$f":"SUMIFS('[20]WorkDone DATA'!$L:$L,'[20]WorkDone DATA'!$N:$N,BOQ!AE$6,'[20]WorkDone DATA'!$G:$G,BOQ!$B130)*$G130","v":{"$error":"#VALUE!"}},{"$f":"SUMIFS('[20]WorkDone DATA'!$L:$L,'[20]WorkDone DATA'!$N:$N,BOQ!AF$6,'[20]WorkDone DATA'!$G:$G,BOQ!$B130)*$G130","v":{"$error":"#VALUE!"}},{"$f":"SUMIFS('[20]WorkDone DATA'!$L:$L,'[20]WorkDone DATA'!$N:$N,BOQ!AG$6,'[20]WorkDone DATA'!$G:$G,BOQ!$B130)*$G130","v":{"$error":"#VALUE!"}},{"$f":"SUMIFS('[20]WorkDone DATA'!$L:$L,'[20]WorkDone DATA'!$N:$N,BOQ!AH$6,'[20]WorkDone DATA'!$G:$G,BOQ!$B130)*$G130","v":{"$error":"#VALUE!"}},{"$f":"SUMIFS('[20]WorkDone DATA'!$L:$L,'[20]WorkDone DATA'!$N:$N,BOQ!AI$6,'[20]WorkDone DATA'!$G:$G,BOQ!$B130)*$G130","v":{"$error":"#VALUE!"}},{"$f":"SUMIFS('[20]WorkDone DATA'!$L:$L,'[20]WorkDone DATA'!$N:$N,BOQ!AJ$6,'[20]WorkDone DATA'!$G:$G,BOQ!$B130)*$G130","v":{"$error":"#VALUE!"}},{"$f":"SUMIFS('[20]WorkDone DATA'!$L:$L,'[20]WorkDone DATA'!$N:$N,BOQ!AK$6,'[20]WorkDone DATA'!$G:$G,BOQ!$B130)*$G130","v":{"$error":"#VALUE!"}},{"$f":"SUMIFS('[20]WorkDone DATA'!$L:$L,'[20]WorkDone DATA'!$N:$N,BOQ!AL$6,'[20]WorkDone DATA'!$G:$G,BOQ!$B130)*$G130","v":{"$error":"#VALUE!"}},{"$f":"SUMIFS('[20]WorkDone DATA'!$L:$L,'[20]WorkDone DATA'!$N:$N,BOQ!AM$6,'[20]WorkDone DATA'!$G:$G,BOQ!$B130)*$G130","v":{"$error":"#VALUE!"}},{"$f":"SUMIFS('[20]WorkDone DATA'!$L:$L,'[20]WorkDone DATA'!$N:$N,BOQ!AN$6,'[20]WorkDone DATA'!$G:$G,BOQ!$B130)*$G130","v":{"$error":"#VALUE!"}},{"$f":"SUMIFS('[20]WorkDone DATA'!$L:$L,'[20]WorkDone DATA'!$N:$N,BOQ!AO$6,'[20]WorkDone DATA'!$G:$G,BOQ!$B130)*$G130","v":{"$error":"#VALUE!"}},{"$f":"SUMIFS('[20]WorkDone DATA'!$L:$L,'[20]WorkDone DATA'!$N:$N,BOQ!AP$6,'[20]WorkDone DATA'!$G:$G,BOQ!$B130)*$G130","v":{"$error":"#VALUE!"}},{"$f":"SUMIFS('[20]WorkDone DATA'!$L:$L,'[20]WorkDone DATA'!$N:$N,BOQ!AQ$6,'[20]WorkDone DATA'!$G:$G,BOQ!$B130)*$G130","v":{"$error":"#VALUE!"}},{"$f":"SUMIFS('[20]WorkDone DATA'!$L:$L,'[20]WorkDone DATA'!$N:$N,BOQ!AR$6,'[20]WorkDone DATA'!$G:$G,BOQ!$B130)*$G130","v":{"$error":"#VALUE!"}},{"$f":"SUMIFS('[20]WorkDone DATA'!$L:$L,'[20]WorkDone DATA'!$N:$N,BOQ!AS$6,'[20]WorkDone DATA'!$G:$G,BOQ!$B130)*$G130","v":{"$error":"#VALUE!"}},{"$f":"SUMIFS('[20]WorkDone DATA'!$L:$L,'[20]WorkDone DATA'!$N:$N,BOQ!AT$6,'[20]WorkDone DATA'!$G:$G,BOQ!$B130)*$G130","v":{"$error":"#VALUE!"}},{"$f":"SUMIFS('[20]WorkDone DATA'!$L:$L,'[20]WorkDone DATA'!$N:$N,BOQ!AU$6,'[20]WorkDone DATA'!$G:$G,BOQ!$B130)*$G130","v":{"$error":"#VALUE!"}},{"$f":"SUMIFS('[20]WorkDone DATA'!$L:$L,'[20]WorkDone DATA'!$N:$N,BOQ!AV$6,'[20]WorkDone DATA'!$G:$G,BOQ!$B130)*$G130","v":{"$error":"#VALUE!"}},{"$f":"SUMIFS('[20]WorkDone DATA'!$L:$L,'[20]WorkDone DATA'!$N:$N,BOQ!AW$6,'[20]WorkDone DATA'!$G:$G,BOQ!$B130)*$G130","v":{"$error":"#VALUE!"}},{"$f":"SUMIFS('[20]WorkDone DATA'!$L:$L,'[20]WorkDone DATA'!$N:$N,BOQ!AX$6,'[20]WorkDone DATA'!$G:$G,BOQ!$B130)*$G130","v":{"$error":"#VALUE!"}},{"$f":"SUMIFS('[20]WorkDone DATA'!$L:$L,'[20]WorkDone DATA'!$N:$N,BOQ!AY$6,'[20]WorkDone DATA'!$G:$G,BOQ!$B130)*$G130","v":{"$error":"#VALUE!"}},{"$f":"SUMIFS('[20]WorkDone DATA'!$L:$L,'[20]WorkDone DATA'!$N:$N,BOQ!AZ$6,'[20]WorkDone DATA'!$G:$G,BOQ!$B130)*$G130","v":{"$error":"#VALUE!"}},{"$f":"SUMIFS('[20]WorkDone DATA'!$L:$L,'[20]WorkDone DATA'!$N:$N,BOQ!BA$6,'[20]WorkDone DATA'!$G:$G,BOQ!$B130)*$G130","v":{"$error":"#VALUE!"}},{"$f":"SUMIFS('[20]WorkDone DATA'!$L:$L,'[20]WorkDone DATA'!$N:$N,BOQ!BB$6,'[20]WorkDone DATA'!$G:$G,BOQ!$B130)*$G130","v":{"$error":"#VALUE!"}},{"$f":"SUMIFS('[20]WorkDone DATA'!$L:$L,'[20]WorkDone DATA'!$N:$N,BOQ!BC$6,'[20]WorkDone DATA'!$G:$G,BOQ!$B130)*$G130","v":{"$error":"#VALUE!"}},{"$f":"SUMIFS('[20]WorkDone DATA'!$L:$L,'[20]WorkDone DATA'!$N:$N,BOQ!BD$6,'[20]WorkDone DATA'!$G:$G,BOQ!$B130)*$G130","v":{"$error":"#VALUE!"}},{"$f":"SUMIFS('[20]WorkDone DATA'!$L:$L,'[20]WorkDone DATA'!$N:$N,BOQ!BE$6,'[20]WorkDone DATA'!$G:$G,BOQ!$B130)*$G130","v":{"$error":"#VALUE!"}},{"$f":"SUMIFS('[20]WorkDone DATA'!$L:$L,'[20]WorkDone DATA'!$N:$N,BOQ!BF$6,'[20]WorkDone DATA'!$G:$G,BOQ!$B130)*$G130","v":{"$error":"#VALUE!"}},{"$f":"SUMIFS('[20]WorkDone DATA'!$L:$L,'[20]WorkDone DATA'!$N:$N,BOQ!BG$6,'[20]WorkDone DATA'!$G:$G,BOQ!$B130)*$G130","v":{"$error":"#VALUE!"}},{"$f":"SUMIFS('[20]WorkDone DATA'!$L:$L,'[20]WorkDone DATA'!$N:$N,BOQ!BH$6,'[20]WorkDone DATA'!$G:$G,BOQ!$B130)*$G130","v":{"$error":"#VALUE!"}},{"$f":"SUMIFS('[20]WorkDone DATA'!$L:$L,'[20]WorkDone DATA'!$N:$N,BOQ!BI$6,'[20]WorkDone DATA'!$G:$G,BOQ!$B130)*$G130","v":{"$error":"#VALUE!"}},{"$f":"SUMIFS('[20]WorkDone DATA'!$L:$L,'[20]WorkDone DATA'!$N:$N,BOQ!BJ$6,'[20]WorkDone DATA'!$G:$G,BOQ!$B130)*$G130","v":{"$error":"#VALUE!"}},{"$f":"SUMIFS('[20]WorkDone DATA'!$L:$L,'[20]WorkDone DATA'!$N:$N,BOQ!BK$6,'[20]WorkDone DATA'!$G:$G,BOQ!$B130)*$G130","v":{"$error":"#VALUE!"}},{"$f":"SUMIFS('[20]WorkDone DATA'!$L:$L,'[20]WorkDone DATA'!$N:$N,BOQ!BL$6,'[20]WorkDone DATA'!$G:$G,BOQ!$B130)*$G130","v":{"$error":"#VALUE!"}},{"$f":"SUMIFS('[20]WorkDone DATA'!$L:$L,'[20]WorkDone DATA'!$N:$N,BOQ!BM$6,'[20]WorkDone DATA'!$G:$G,BOQ!$B130)*$G130","v":{"$error":"#VALUE!"}},{"$f":"SUMIFS('[20]WorkDone DATA'!$L:$L,'[20]WorkDone DATA'!$N:$N,BOQ!BN$6,'[20]WorkDone DATA'!$G:$G,BOQ!$B130)*$G130","v":{"$error":"#VALUE!"}},{"$f":"SUMIFS('[20]WorkDone DATA'!$L:$L,'[20]WorkDone DATA'!$N:$N,BOQ!BO$6,'[20]WorkDone DATA'!$G:$G,BOQ!$B130)*$G130","v":{"$error":"#VALUE!"}},{"$f":"SUMIFS('[20]WorkDone DATA'!$L:$L,'[20]WorkDone DATA'!$N:$N,BOQ!BP$6,'[20]WorkDone DATA'!$G:$G,BOQ!$B130)*$G130","v":{"$error":"#VALUE!"}},{"$f":"SUMIFS('[20]WorkDone DATA'!$L:$L,'[20]WorkDone DATA'!$N:$N,BOQ!BQ$6,'[20]WorkDone DATA'!$G:$G,BOQ!$B130)*$G130","v":{"$error":"#VALUE!"}},{"$f":"SUMIFS('[20]WorkDone DATA'!$L:$L,'[20]WorkDone DATA'!$N:$N,BOQ!BR$6,'[20]WorkDone DATA'!$G:$G,BOQ!$B130)*$G130","v":{"$error":"#VALUE!"}},{"$f":"SUMIFS('[20]WorkDone DATA'!$L:$L,'[20]WorkDone DATA'!$N:$N,BOQ!BS$6,'[20]WorkDone DATA'!$G:$G,BOQ!$B130)*$G130","v":{"$error":"#VALUE!"}},{"$f":"SUMIFS('[20]WorkDone DATA'!$L:$L,'[20]WorkDone DATA'!$N:$N,BOQ!BT$6,'[20]WorkDone DATA'!$G:$G,BOQ!$B130)*$G130","v":{"$error":"#VALUE!"}},{"$f":"SUMIFS('[20]WorkDone DATA'!$L:$L,'[20]WorkDone DATA'!$N:$N,BOQ!BU$6,'[20]WorkDone DATA'!$G:$G,BOQ!$B130)*$G130","v":{"$error":"#VALUE!"}},{"$f":"SUMIFS('[20]WorkDone DATA'!$L:$L,'[20]WorkDone DATA'!$N:$N,BOQ!BV$6,'[20]WorkDone DATA'!$G:$G,BOQ!$B130)*$G130","v":{"$error":"#VALUE!"}},{"$f":"SUMIFS('[20]WorkDone DATA'!$L:$L,'[20]WorkDone DATA'!$N:$N,BOQ!BW$6,'[20]WorkDone DATA'!$G:$G,BOQ!$B130)*$G130","v":{"$error":"#VALUE!"}},{"$f":"SUMIFS('[20]WorkDone DATA'!$L:$L,'[20]WorkDone DATA'!$N:$N,BOQ!BX$6,'[20]WorkDone DATA'!$G:$G,BOQ!$B130)*$G130","v":{"$error":"#VALUE!"}}]
[null,null,"185mm2 x 3 core (EXX03SCV) 6.35 kV/11kV ",{"$nulls":4},0,{"$nulls":3},{"$error":"#VALUE!"},{"$error":"#VALUE!"},null,0,{"$error":"#VALUE!"},null,{"$f":"SUMIFS('[20]WorkDone DATA'!$L:$L,'[20]WorkDone DATA'!$N:$N,BOQ!S$6,'[20]WorkDone DATA'!$G:$G,BOQ!$B131)","v":{"$error":"#VALUE!"}},{"$error":"#VALUE!"},{"$f":"SUMIFS('[20]WorkDone DATA'!$L:$L,'[20]WorkDone DATA'!$N:$N,BOQ!U$6,'[20]WorkDone DATA'!$G:$G,BOQ!$B131)","v":{"$error":"#VALUE!"}},{"$error":"#VALUE!"},null,{"$f":"SUMIFS('[20]WorkDone DATA'!$L:$L,'[20]WorkDone DATA'!$N:$N,BOQ!W$6,'[20]WorkDone DATA'!$G:$G,BOQ!$B131)*$G131","v":{"$error":"#VALUE!"}},null,{"$f":"SUMIFS('[20]WorkDone DATA'!$L:$L,'[20]WorkDone DATA'!$N:$N,BOQ!Y$6,'[20]WorkDone DATA'!$G:$G,BOQ!$B131)*$G131","v":{"$error":"#VALUE!"}},null,{"$f":"SUMIFS('[20]WorkDone DATA'!$L:$L,'[20]WorkDone DATA'!$N:$N,BOQ!AA$6,'[20]WorkDone DATA'!$G:$G,BOQ!$B131)*$G131","v":{"$error":"#VALUE!"}},{"$f":"SUMIFS('[20]WorkDone DATA'!$L:$L,'[20]WorkDone DATA'!$N:$N,BOQ!AB$6,'[20]WorkDone DATA'!$G:$G,BOQ!$B131)*$G131","v":{"$error":"#VALUE!"}},{"$f":"SUMIFS('[20]WorkDone DATA'!$L:$L,'[20]WorkDone DATA'!$N:$N,BOQ!AC$6,'[20]WorkDone DATA'!$G:$G,BOQ!$B131)*$G131","v":{"$error":"#VALUE!"}},{"$f":"SUMIFS('[20]WorkDone DATA'!$L:$L,'[20]WorkDone DATA'!$N:$N,BOQ!AD$6,'[20]WorkDone DATA'!$G:$G,BOQ!$B131)*$G131","v":{"$error":"#VALUE!"}},{"$f":"SUMIFS('[20]WorkDone DATA'!$L:$L,'[20]WorkDone DATA'!$N:$N,BOQ!AE$6,'[20]WorkDone DATA'!$G:$G,BOQ!$B131)*$G131","v":{"$error":"#VALUE!"}},{"$f":"SUMIFS('[20]WorkDone DATA'!$L:$L,'[20]WorkDone DATA'!$N:$N,BOQ!AF$6,'[20]WorkDone DATA'!$G:$G,BOQ!$B131)*$G131","v":{"$error":"#VALUE!"}},{"$f":"SUMIFS('[20]WorkDone DATA'!$L:$L,'[20]WorkDone DATA'!$N:$N,BOQ!AG$6,'[20]WorkDone DATA'!$G:$G,BOQ!$B131)*$G131","v":{"$error":"#VALUE!"}},{"$f":"SUMIFS('[20]WorkDone DATA'!$L:$L,'[20]WorkDone DATA'!$N:$N,BOQ!AH$6,'[20]WorkDone DATA'!$G:$G,BOQ!$B131)*$G131","v":{"$error":"#VALUE!"}},{"$f":"SUMIFS('[20]WorkDone DATA'!$L:$L,'[20]WorkDone DATA'!$N:$N,BOQ!AI$6,'[20]WorkDone DATA'!$G:$G,BOQ!$B131)*$G131","v":{"$error":"#VALUE!"}},{"$f":"SUMIFS('[20]WorkDone DATA'!$L:$L,'[20]WorkDone DATA'!$N:$N,BOQ!AJ$6,'[20]WorkDone DATA'!$G:$G,BOQ!$B131)*$G131","v":{"$error":"#VALUE!"}},{"$f":"SUMIFS('[20]WorkDone DATA'!$L:$L,'[20]WorkDone DATA'!$N:$N,BOQ!AK$6,'[20]WorkDone DATA'!$G:$G,BOQ!$B131)*$G131","v":{"$error":"#VALUE!"}},{"$f":"SUMIFS('[20]WorkDone DATA'!$L:$L,'[20]WorkDone DATA'!$N:$N,BOQ!AL$6,'[20]WorkDone DATA'!$G:$G,BOQ!$B131)*$G131","v":{"$error":"#VALUE!"}},{"$f":"SUMIFS('[20]WorkDone DATA'!$L:$L,'[20]WorkDone DATA'!$N:$N,BOQ!AM$6,'[20]WorkDone DATA'!$G:$G,BOQ!$B131)*$G131","v":{"$error":"#VALUE!"}},{"$f":"SUMIFS('[20]WorkDone DATA'!$L:$L,'[20]WorkDone DATA'!$N:$N,BOQ!AN$6,'[20]WorkDone DATA'!$G:$G,BOQ!$B131)*$G131","v":{"$error":"#VALUE!"}},{"$f":"SUMIFS('[20]WorkDone DATA'!$L:$L,'[20]WorkDone DATA'!$N:$N,BOQ!AO$6,'[20]WorkDone DATA'!$G:$G,BOQ!$B131)*$G131","v":{"$error":"#VALUE!"}},{"$f":"SUMIFS('[20]WorkDone DATA'!$L:$L,'[20]WorkDone DATA'!$N:$N,BOQ!AP$6,'[20]WorkDone DATA'!$G:$G,BOQ!$B131)*$G131","v":{"$error":"#VALUE!"}},{"$f":"SUMIFS('[20]WorkDone DATA'!$L:$L,'[20]WorkDone DATA'!$N:$N,BOQ!AQ$6,'[20]WorkDone DATA'!$G:$G,BOQ!$B131)*$G131","v":{"$error":"#VALUE!"}},{"$f":"SUMIFS('[20]WorkDone DATA'!$L:$L,'[20]WorkDone DATA'!$N:$N,BOQ!AR$6,'[20]WorkDone DATA'!$G:$G,BOQ!$B131)*$G131","v":{"$error":"#VALUE!"}},{"$f":"SUMIFS('[20]WorkDone DATA'!$L:$L,'[20]WorkDone DATA'!$N:$N,BOQ!AS$6,'[20]WorkDone DATA'!$G:$G,BOQ!$B131)*$G131","v":{"$error":"#VALUE!"}},{"$f":"SUMIFS('[20]WorkDone DATA'!$L:$L,'[20]WorkDone DATA'!$N:$N,BOQ!AT$6,'[20]WorkDone DATA'!$G:$G,BOQ!$B131)*$G131","v":{"$error":"#VALUE!"}},{"$f":"SUMIFS('[20]WorkDone DATA'!$L:$L,'[20]WorkDone DATA'!$N:$N,BOQ!AU$6,'[20]WorkDone DATA'!$G:$G,BOQ!$B131)*$G131","v":{"$error":"#VALUE!"}},{"$f":"SUMIFS('[20]WorkDone DATA'!$L:$L,'[20]WorkDone DATA'!$N:$N,BOQ!AV$6,'[20]WorkDone DATA'!$G:$G,BOQ!$B131)*$G131","v":{"$error":"#VALUE!"}},{"$f":"SUMIFS('[20]WorkDone DATA'!$L:$L,'[20]WorkDone DATA'!$N:$N,BOQ!AW$6,'[20]WorkDone DATA'!$G:$G,BOQ!$B131)*$G131","v":{"$error":"#VALUE!"}},{"$f":"SUMIFS('[20]WorkDone DATA'!$L:$L,'[20]WorkDone DATA'!$N:$N,BOQ!AX$6,'[20]WorkDone DATA'!$G:$G,BOQ!$B131)*$G131","v":{"$error":"#VALUE!"}},{"$f":"SUMIFS('[20]WorkDone DATA'!$L:$L,'[20]WorkDone DATA'!$N:$N,BOQ!AY$6,'[20]WorkDone DATA'!$G:$G,BOQ!$B131)*$G131","v":{"$error":"#VALUE!"}},{"$f":"SUMIFS('[20]WorkDone DATA'!$L:$L,'[20]WorkDone DATA'!$N:$N,BOQ!AZ$6,'[20]WorkDone DATA'!$G:$G,BOQ!$B131)*$G131","v":{"$error":"#VALUE!"}},{"$f":"SUMIFS('[20]WorkDone DATA'!$L:$L,'[20]WorkDone DATA'!$N:$N,BOQ!BA$6,'[20]WorkDone DATA'!$G:$G,BOQ!$B131)*$G131","v":{"$error":"#VALUE!"}},{"$f":"SUMIFS('[20]WorkDone DATA'!$L:$L,'[20]WorkDone DATA'!$N:$N,BOQ!BB$6,'[20]WorkDone DATA'!$G:$G,BOQ!$B131)*$G131","v":{"$error":"#VALUE!"}},{"$f":"SUMIFS('[20]WorkDone DATA'!$L:$L,'[20]WorkDone DATA'!$N:$N,BOQ!BC$6,'[20]WorkDone DATA'!$G:$G,BOQ!$B131)*$G131","v":{"$error":"#VALUE!"}},{"$f":"SUMIFS('[20]WorkDone DATA'!$L:$L,'[20]WorkDone DATA'!$N:$N,BOQ!BD$6,'[20]WorkDone DATA'!$G:$G,BOQ!$B131)*$G131","v":{"$error":"#VALUE!"}},{"$f":"SUMIFS('[20]WorkDone DATA'!$L:$L,'[20]WorkDone DATA'!$N:$N,BOQ!BE$6,'[20]WorkDone DATA'!$G:$G,BOQ!$B131)*$G131","v":{"$error":"#VALUE!"}},{"$f":"SUMIFS('[20]WorkDone DATA'!$L:$L,'[20]WorkDone DATA'!$N:$N,BOQ!BF$6,'[20]WorkDone DATA'!$G:$G,BOQ!$B131)*$G131","v":{"$error":"#VALUE!"}},{"$f":"SUMIFS('[20]WorkDone DATA'!$L:$L,'[20]WorkDone DATA'!$N:$N,BOQ!BG$6,'[20]WorkDone DATA'!$G:$G,BOQ!$B131)*$G131","v":{"$error":"#VALUE!"}},{"$f":"SUMIFS('[20]WorkDone DATA'!$L:$L,'[20]WorkDone DATA'!$N:$N,BOQ!BH$6,'[20]WorkDone DATA'!$G:$G,BOQ!$B131)*$G131","v":{"$error":"#VALUE!"}},{"$f":"SUMIFS('[20]WorkDone DATA'!$L:$L,'[20]WorkDone DATA'!$N:$N,BOQ!BI$6,'[20]WorkDone DATA'!$G:$G,BOQ!$B131)*$G131","v":{"$error":"#VALUE!"}},{"$f":"SUMIFS('[20]WorkDone DATA'!$L:$L,'[20]WorkDone DATA'!$N:$N,BOQ!BJ$6,'[20]WorkDone DATA'!$G:$G,BOQ!$B131)*$G131","v":{"$error":"#VALUE!"}},{"$f":"SUMIFS('[20]WorkDone DATA'!$L:$L,'[20]WorkDone DATA'!$N:$N,BOQ!BK$6,'[20]WorkDone DATA'!$G:$G,BOQ!$B131)*$G131","v":{"$error":"#VALUE!"}},{"$f":"SUMIFS('[20]WorkDone DATA'!$L:$L,'[20]WorkDone DATA'!$N:$N,BOQ!BL$6,'[20]WorkDone DATA'!$G:$G,BOQ!$B131)*$G131","v":{"$error":"#VALUE!"}},{"$f":"SUMIFS('[20]WorkDone DATA'!$L:$L,'[20]WorkDone DATA'!$N:$N,BOQ!BM$6,'[20]WorkDone DATA'!$G:$G,BOQ!$B131)*$G131","v":{"$error":"#VALUE!"}},{"$f":"SUMIFS('[20]WorkDone DATA'!$L:$L,'[20]WorkDone DATA'!$N:$N,BOQ!BN$6,'[20]WorkDone DATA'!$G:$G,BOQ!$B131)*$G131","v":{"$error":"#VALUE!"}},{"$f":"SUMIFS('[20]WorkDone DATA'!$L:$L,'[20]WorkDone DATA'!$N:$N,BOQ!BO$6,'[20]WorkDone DATA'!$G:$G,BOQ!$B131)*$G131","v":{"$error":"#VALUE!"}},{"$f":"SUMIFS('[20]WorkDone DATA'!$L:$L,'[20]WorkDone DATA'!$N:$N,BOQ!BP$6,'[20]WorkDone DATA'!$G:$G,BOQ!$B131)*$G131","v":{"$error":"#VALUE!"}},{"$f":"SUMIFS('[20]WorkDone DATA'!$L:$L,'[20]WorkDone DATA'!$N:$N,BOQ!BQ$6,'[20]WorkDone DATA'!$G:$G,BOQ!$B131)*$G131","v":{"$error":"#VALUE!"}},{"$f":"SUMIFS('[20]WorkDone DATA'!$L:$L,'[20]WorkDone DATA'!$N:$N,BOQ!BR$6,'[20]WorkDone DATA'!$G:$G,BOQ!$B131)*$G131","v":{"$error":"#VALUE!"}},{"$f":"SUMIFS('[20]WorkDone DATA'!$L:$L,'[20]WorkDone DATA'!$N:$N,BOQ!BS$6,'[20]WorkDone DATA'!$G:$G,BOQ!$B131)*$G131","v":{"$error":"#VALUE!"}},{"$f":"SUMIFS('[20]WorkDone DATA'!$L:$L,'[20]WorkDone DATA'!$N:$N,BOQ!BT$6,'[20]WorkDone DATA'!$G:$G,BOQ!$B131)*$G131","v":{"$error":"#VALUE!"}},{"$f":"SUMIFS('[20]WorkDone DATA'!$L:$L,'[20]WorkDone DATA'!$N:$N,BOQ!BU$6,'[20]WorkDone DATA'!$G:$G,BOQ!$B131)*$G131","v":{"$error":"#VALUE!"}},{"$f":"SUMIFS('[20]WorkDone DATA'!$L:$L,'[20]WorkDone DATA'!$N:$N,BOQ!BV$6,'[20]WorkDone DATA'!$G:$G,BOQ!$B131)*$G131","v":{"$error":"#VALUE!"}},{"$f":"SUMIFS('[20]WorkDone DATA'!$L:$L,'[20]WorkDone DATA'!$N:$N,BOQ!BW$6,'[20]WorkDone DATA'!$G:$G,BOQ!$B131)*$G131","v":{"$error":"#VALUE!"}},{"$f":"SUMIFS('[20]WorkDone DATA'!$L:$L,'[20]WorkDone DATA'!$N:$N,BOQ!BX$6,'[20]WorkDone DATA'!$G:$G,BOQ!$B131)*$G131","v":{"$error":"#VALUE!"}}]
[{"$f":"C131","v":"185mm2 x 3 core (EXX03SCV) 6.35 kV/11kV "},2.061,"Supply","E","m",400,{"v":2555.47,"d":"2,555.47"},{"v":1022187.9999999999,"d":"1,022,188.00"},null,null,{"$error":"#VALUE!"},{"$error":"#VALUE!"},{"$error":"#VALUE!"},null,{"$error":"#VALUE!"},{"$error":"#VALUE!"},null,{"$f":"SUMIFS('[20]WorkDone DATA'!$L:$L,'[20]WorkDone DATA'!$N:$N,BOQ!S$6,'[20]WorkDone DATA'!$G:$G,BOQ!$B132)","v":{"$error":"#VALUE!"}},{"$error":"#VALUE!"},{"$f":"SUMIFS('[20]WorkDone DATA'!$L:$L,'[20]WorkDone DATA'!$N:$N,BOQ!U$6,'[20]WorkDone DATA'!$G:$G,BOQ!$B132)","v":{"$error":"#VALUE!"}},{"$error":"#VALUE!"},null,{"$f":"SUMIFS('[20]WorkDone DATA'!$L:$L,'[20]WorkDone DATA'!$N:$N,BOQ!W$6,'[20]WorkDone DATA'!$G:$G,BOQ!$B132)*$G132","v":{"$error":"#VALUE!"}},null,{"$f":"SUMIFS('[20]WorkDone DATA'!$L:$L,'[20]WorkDone DATA'!$N:$N,BOQ!Y$6,'[20]WorkDone DATA'!$G:$G,BOQ!$B132)*$G132","v":{"$error":"#VALUE!"}},null,{"$f":"SUMIFS('[20]WorkDone DATA'!$L:$L,'[20]WorkDone DATA'!$N:$N,BOQ!AA$6,'[20]WorkDone DATA'!$G:$G,BOQ!$B132)*$G132","v":{"$error":"#VALUE!"}},{"$f":"SUMIFS('[20]WorkDone DATA'!$L:$L,'[20]WorkDone DATA'!$N:$N,BOQ!AB$6,'[20]WorkDone DATA'!$G:$G,BOQ!$B132)*$G132","v":{"$error":"#VALUE!"}},{"$f":"SUMIFS('[20]WorkDone DATA'!$L:$L,'[20]WorkDone DATA'!$N:$N,BOQ!AC$6,'[20]WorkDone DATA'!$G:$G,BOQ!$B132)*$G132","v":{"$error":"#VALUE!"}},{"$f":"SUMIFS('[20]WorkDone DATA'!$L:$L,'[20]WorkDone DATA'!$N:$N,BOQ!AD$6,'[20]WorkDone DATA'!$G:$G,BOQ!$B132)*$G132","v":{"$error":"#VALUE!"}},{"$f":"SUMIFS('[20]WorkDone DATA'!$L:$L,'[20]WorkDone DATA'!$N:$N,BOQ!AE$6,'[20]WorkDone DATA'!$G:$G,BOQ!$B132)*$G132","v":{"$error":"#VALUE!"}},{"$f":"SUMIFS('[20]WorkDone DATA'!$L:$L,'[20]WorkDone DATA'!$N:$N,BOQ!AF$6,'[20]WorkDone DATA'!$G:$G,BOQ!$B132)*$G132","v":{"$error":"#VALUE!"}},{"$f":"SUMIFS('[20]WorkDone DATA'!$L:$L,'[20]WorkDone DATA'!$N:$N,BOQ!AG$6,'[20]WorkDone DATA'!$G:$G,BOQ!$B132)*$G132","v":{"$error":"#VALUE!"}},{"$f":"SUMIFS('[20]WorkDone DATA'!$L:$L,'[20]WorkDone DATA'!$N:$N,BOQ!AH$6,'[20]WorkDone DATA'!$G:$G,BOQ!$B132)*$G132","v":{"$error":"#VALUE!"}},{"$f":"SUMIFS('[20]WorkDone DATA'!$L:$L,'[20]WorkDone DATA'!$N:$N,BOQ!AI$6,'[20]WorkDone DATA'!$G:$G,BOQ!$B132)*$G132","v":{"$error":"#VALUE!"}},{"$f":"SUMIFS('[20]WorkDone DATA'!$L:$L,'[20]WorkDone DATA'!$N:$N,BOQ!AJ$6,'[20]WorkDone DATA'!$G:$G,BOQ!$B132)*$G132","v":{"$error":"#VALUE!"}},{"$f":"SUMIFS('[20]WorkDone DATA'!$L:$L,'[20]WorkDone DATA'!$N:$N,BOQ!AK$6,'[20]WorkDone DATA'!$G:$G,BOQ!$B132)*$G132","v":{"$error":"#VALUE!"}},{"$f":"SUMIFS('[20]WorkDone DATA'!$L:$L,'[20]WorkDone DATA'!$N:$N,BOQ!AL$6,'[20]WorkDone DATA'!$G:$G,BOQ!$B132)*$G132","v":{"$error":"#VALUE!"}},{"$f":"SUMIFS('[20]WorkDone DATA'!$L:$L,'[20]WorkDone DATA'!$N:$N,BOQ!AM$6,'[20]WorkDone DATA'!$G:$G,BOQ!$B132)*$G132","v":{"$error":"#VALUE!"}},{"$f":"SUMIFS('[20]WorkDone DATA'!$L:$L,'[20]WorkDone DATA'!$N:$N,BOQ!AN$6,'[20]WorkDone DATA'!$G:$G,BOQ!$B132)*$G132","v":{"$error":"#VALUE!"}},{"$f":"SUMIFS('[20]WorkDone DATA'!$L:$L,'[20]WorkDone DATA'!$N:$N,BOQ!AO$6,'[20]WorkDone DATA'!$G:$G,BOQ!$B132)*$G132","v":{"$error":"#VALUE!"}},{"$f":"SUMIFS('[20]WorkDone DATA'!$L:$L,'[20]WorkDone DATA'!$N:$N,BOQ!AP$6,'[20]WorkDone DATA'!$G:$G,BOQ!$B132)*$G132","v":{"$error":"#VALUE!"}},{"$f":"SUMIFS('[20]WorkDone DATA'!$L:$L,'[20]WorkDone DATA'!$N:$N,BOQ!AQ$6,'[20]WorkDone DATA'!$G:$G,BOQ!$B132)*$G132","v":{"$error":"#VALUE!"}},{"$f":"SUMIFS('[20]WorkDone DATA'!$L:$L,'[20]WorkDone DATA'!$N:$N,BOQ!AR$6,'[20]WorkDone DATA'!$G:$G,BOQ!$B132)*$G132","v":{"$error":"#VALUE!"}},{"$f":"SUMIFS('[20]WorkDone DATA'!$L:$L,'[20]WorkDone DATA'!$N:$N,BOQ!AS$6,'[20]WorkDone DATA'!$G:$G,BOQ!$B132)*$G132","v":{"$error":"#VALUE!"}},{"$f":"SUMIFS('[20]WorkDone DATA'!$L:$L,'[20]WorkDone DATA'!$N:$N,BOQ!AT$6,'[20]WorkDone DATA'!$G:$G,BOQ!$B132)*$G132","v":{"$error":"#VALUE!"}},{"$f":"SUMIFS('[20]WorkDone DATA'!$L:$L,'[20]WorkDone DATA'!$N:$N,BOQ!AU$6,'[20]WorkDone DATA'!$G:$G,BOQ!$B132)*$G132","v":{"$error":"#VALUE!"}},{"$f":"SUMIFS('[20]WorkDone DATA'!$L:$L,'[20]WorkDone DATA'!$N:$N,BOQ!AV$6,'[20]WorkDone DATA'!$G:$G,BOQ!$B132)*$G132","v":{"$error":"#VALUE!"}},{"$f":"SUMIFS('[20]WorkDone DATA'!$L:$L,'[20]WorkDone DATA'!$N:$N,BOQ!AW$6,'[20]WorkDone DATA'!$G:$G,BOQ!$B132)*$G132","v":{"$error":"#VALUE!"}},{"$f":"SUMIFS('[20]WorkDone DATA'!$L:$L,'[20]WorkDone DATA'!$N:$N,BOQ!AX$6,'[20]WorkDone DATA'!$G:$G,BOQ!$B132)*$G132","v":{"$error":"#VALUE!"}},{"$f":"SUMIFS('[20]WorkDone DATA'!$L:$L,'[20]WorkDone DATA'!$N:$N,BOQ!AY$6,'[20]WorkDone DATA'!$G:$G,BOQ!$B132)*$G132","v":{"$error":"#VALUE!"}},{"$f":"SUMIFS('[20]WorkDone DATA'!$L:$L,'[20]WorkDone DATA'!$N:$N,BOQ!AZ$6,'[20]WorkDone DATA'!$G:$G,BOQ!$B132)*$G132","v":{"$error":"#VALUE!"}},{"$f":"SUMIFS('[20]WorkDone DATA'!$L:$L,'[20]WorkDone DATA'!$N:$N,BOQ!BA$6,'[20]WorkDone DATA'!$G:$G,BOQ!$B132)*$G132","v":{"$error":"#VALUE!"}},{"$f":"SUMIFS('[20]WorkDone DATA'!$L:$L,'[20]WorkDone DATA'!$N:$N,BOQ!BB$6,'[20]WorkDone DATA'!$G:$G,BOQ!$B132)*$G132","v":{"$error":"#VALUE!"}},{"$f":"SUMIFS('[20]WorkDone DATA'!$L:$L,'[20]WorkDone DATA'!$N:$N,BOQ!BC$6,'[20]WorkDone DATA'!$G:$G,BOQ!$B132)*$G132","v":{"$error":"#VALUE!"}},{"$f":"SUMIFS('[20]WorkDone DATA'!$L:$L,'[20]WorkDone DATA'!$N:$N,BOQ!BD$6,'[20]WorkDone DATA'!$G:$G,BOQ!$B132)*$G132","v":{"$error":"#VALUE!"}},{"$f":"SUMIFS('[20]WorkDone DATA'!$L:$L,'[20]WorkDone DATA'!$N:$N,BOQ!BE$6,'[20]WorkDone DATA'!$G:$G,BOQ!$B132)*$G132","v":{"$error":"#VALUE!"}},{"$f":"SUMIFS('[20]WorkDone DATA'!$L:$L,'[20]WorkDone DATA'!$N:$N,BOQ!BF$6,'[20]WorkDone DATA'!$G:$G,BOQ!$B132)*$G132","v":{"$error":"#VALUE!"}},{"$f":"SUMIFS('[20]WorkDone DATA'!$L:$L,'[20]WorkDone DATA'!$N:$N,BOQ!BG$6,'[20]WorkDone DATA'!$G:$G,BOQ!$B132)*$G132","v":{"$error":"#VALUE!"}},{"$f":"SUMIFS('[20]WorkDone DATA'!$L:$L,'[20]WorkDone DATA'!$N:$N,BOQ!BH$6,'[20]WorkDone DATA'!$G:$G,BOQ!$B132)*$G132","v":{"$error":"#VALUE!"}},{"$f":"SUMIFS('[20]WorkDone DATA'!$L:$L,'[20]WorkDone DATA'!$N:$N,BOQ!BI$6,'[20]WorkDone DATA'!$G:$G,BOQ!$B132)*$G132","v":{"$error":"#VALUE!"}},{"$f":"SUMIFS('[20]WorkDone DATA'!$L:$L,'[20]WorkDone DATA'!$N:$N,BOQ!BJ$6,'[20]WorkDone DATA'!$G:$G,BOQ!$B132)*$G132","v":{"$error":"#VALUE!"}},{"$f":"SUMIFS('[20]WorkDone DATA'!$L:$L,'[20]WorkDone DATA'!$N:$N,BOQ!BK$6,'[20]WorkDone DATA'!$G:$G,BOQ!$B132)*$G132","v":{"$error":"#VALUE!"}},{"$f":"SUMIFS('[20]WorkDone DATA'!$L:$L,'[20]WorkDone DATA'!$N:$N,BOQ!BL$6,'[20]WorkDone DATA'!$G:$G,BOQ!$B132)*$G132","v":{"$error":"#VALUE!"}},{"$f":"SUMIFS('[20]WorkDone DATA'!$L:$L,'[20]WorkDone DATA'!$N:$N,BOQ!BM$6,'[20]WorkDone DATA'!$G:$G,BOQ!$B132)*$G132","v":{"$error":"#VALUE!"}},{"$f":"SUMIFS('[20]WorkDone DATA'!$L:$L,'[20]WorkDone DATA'!$N:$N,BOQ!BN$6,'[20]WorkDone DATA'!$G:$G,BOQ!$B132)*$G132","v":{"$error":"#VALUE!"}},{"$f":"SUMIFS('[20]WorkDone DATA'!$L:$L,'[20]WorkDone DATA'!$N:$N,BOQ!BO$6,'[20]WorkDone DATA'!$G:$G,BOQ!$B132)*$G132","v":{"$error":"#VALUE!"}},{"$f":"SUMIFS('[20]WorkDone DATA'!$L:$L,'[20]WorkDone DATA'!$N:$N,BOQ!BP$6,'[20]WorkDone DATA'!$G:$G,BOQ!$B132)*$G132","v":{"$error":"#VALUE!"}},{"$f":"SUMIFS('[20]WorkDone DATA'!$L:$L,'[20]WorkDone DATA'!$N:$N,BOQ!BQ$6,'[20]WorkDone DATA'!$G:$G,BOQ!$B132)*$G132","v":{"$error":"#VALUE!"}},{"$f":"SUMIFS('[20]WorkDone DATA'!$L:$L,'[20]WorkDone DATA'!$N:$N,BOQ!BR$6,'[20]WorkDone DATA'!$G:$G,BOQ!$B132)*$G132","v":{"$error":"#VALUE!"}},{"$f":"SUMIFS('[20]WorkDone DATA'!$L:$L,'[20]WorkDone DATA'!$N:$N,BOQ!BS$6,'[20]WorkDone DATA'!$G:$G,BOQ!$B132)*$G132","v":{"$error":"#VALUE!"}},{"$f":"SUMIFS('[20]WorkDone DATA'!$L:$L,'[20]WorkDone DATA'!$N:$N,BOQ!BT$6,'[20]WorkDone DATA'!$G:$G,BOQ!$B132)*$G132","v":{"$error":"#VALUE!"}},{"$f":"SUMIFS('[20]WorkDone DATA'!$L:$L,'[20]WorkDone DATA'!$N:$N,BOQ!BU$6,'[20]WorkDone DATA'!$G:$G,BOQ!$B132)*$G132","v":{"$error":"#VALUE!"}},{"$f":"SUMIFS('[20]WorkDone DATA'!$L:$L,'[20]WorkDone DATA'!$N:$N,BOQ!BV$6,'[20]WorkDone DATA'!$G:$G,BOQ!$B132)*$G132","v":{"$error":"#VALUE!"}},{"$f":"SUMIFS('[20]WorkDone DATA'!$L:$L,'[20]WorkDone DATA'!$N:$N,BOQ!BW$6,'[20]WorkDone DATA'!$G:$G,BOQ!$B132)*$G132","v":{"$error":"#VALUE!"}},{"$f":"SUMIFS('[20]WorkDone DATA'!$L:$L,'[20]WorkDone DATA'!$N:$N,BOQ!BX$6,'[20]WorkDone DATA'!$G:$G,BOQ!$B132)*$G132","v":{"$error":"#VALUE!"}}]
[{"$f":"C131","v":"185mm2 x 3 core (EXX03SCV) 6.35 kV/11kV "},2.062,"Installation","A","m",400,152.62,{"v":61048,"d":"61,048.00"},null,null,{"$error":"#VALUE!"},{"$error":"#VALUE!"},{"$error":"#VALUE!"},null,{"$error":"#VALUE!"},{"$error":"#VALUE!"},null,{"$f":"SUMIFS('[20]WorkDone DATA'!$L:$L,'[20]WorkDone DATA'!$N:$N,BOQ!S$6,'[20]WorkDone DATA'!$G:$G,BOQ!$B133)","v":{"$error":"#VALUE!"}},{"$error":"#VALUE!"},{"$f":"SUMIFS('[20]WorkDone DATA'!$L:$L,'[20]WorkDone DATA'!$N:$N,BOQ!U$6,'[20]WorkDone DATA'!$G:$G,BOQ!$B133)","v":{"$error":"#VALUE!"}},{"$error":"#VALUE!"},null,{"$f":"SUMIFS('[20]WorkDone DATA'!$L:$L,'[20]WorkDone DATA'!$N:$N,BOQ!W$6,'[20]WorkDone DATA'!$G:$G,BOQ!$B133)*$G133","v":{"$error":"#VALUE!"}},null,{"$f":"SUMIFS('[20]WorkDone DATA'!$L:$L,'[20]WorkDone DATA'!$N:$N,BOQ!Y$6,'[20]WorkDone DATA'!$G:$G,BOQ!$B133)*$G133","v":{"$error":"#VALUE!"}},null,{"$f":"SUMIFS('[20]WorkDone DATA'!$L:$L,'[20]WorkDone DATA'!$N:$N,BOQ!AA$6,'[20]WorkDone DATA'!$G:$G,BOQ!$B133)*$G133","v":{"$error":"#VALUE!"}},{"$f":"SUMIFS('[20]WorkDone DATA'!$L:$L,'[20]WorkDone DATA'!$N:$N,BOQ!AB$6,'[20]WorkDone DATA'!$G:$G,BOQ!$B133)*$G133","v":{"$error":"#VALUE!"}},{"$f":"SUMIFS('[20]WorkDone DATA'!$L:$L,'[20]WorkDone DATA'!$N:$N,BOQ!AC$6,'[20]WorkDone DATA'!$G:$G,BOQ!$B133)*$G133","v":{"$error":"#VALUE!"}},{"$f":"SUMIFS('[20]WorkDone DATA'!$L:$L,'[20]WorkDone DATA'!$N:$N,BOQ!AD$6,'[20]WorkDone DATA'!$G:$G,BOQ!$B133)*$G133","v":{"$error":"#VALUE!"}},{"$f":"SUMIFS('[20]WorkDone DATA'!$L:$L,'[20]WorkDone DATA'!$N:$N,BOQ!AE$6,'[20]WorkDone DATA'!$G:$G,BOQ!$B133)*$G133","v":{"$error":"#VALUE!"}},{"$f":"SUMIFS('[20]WorkDone DATA'!$L:$L,'[20]WorkDone DATA'!$N:$N,BOQ!AF$6,'[20]WorkDone DATA'!$G:$G,BOQ!$B133)*$G133","v":{"$error":"#VALUE!"}},{"$f":"SUMIFS('[20]WorkDone DATA'!$L:$L,'[20]WorkDone DATA'!$N:$N,BOQ!AG$6,'[20]WorkDone DATA'!$G:$G,BOQ!$B133)*$G133","v":{"$error":"#VALUE!"}},{"$f":"SUMIFS('[20]WorkDone DATA'!$L:$L,'[20]WorkDone DATA'!$N:$N,BOQ!AH$6,'[20]WorkDone DATA'!$G:$G,BOQ!$B133)*$G133","v":{"$error":"#VALUE!"}},{"$f":"SUMIFS('[20]WorkDone DATA'!$L:$L,'[20]WorkDone DATA'!$N:$N,BOQ!AI$6,'[20]WorkDone DATA'!$G:$G,BOQ!$B133)*$G133","v":{"$error":"#VALUE!"}},{"$f":"SUMIFS('[20]WorkDone DATA'!$L:$L,'[20]WorkDone DATA'!$N:$N,BOQ!AJ$6,'[20]WorkDone DATA'!$G:$G,BOQ!$B133)*$G133","v":{"$error":"#VALUE!"}},{"$f":"SUMIFS('[20]WorkDone DATA'!$L:$L,'[20]WorkDone DATA'!$N:$N,BOQ!AK$6,'[20]WorkDone DATA'!$G:$G,BOQ!$B133)*$G133","v":{"$error":"#VALUE!"}},{"$f":"SUMIFS('[20]WorkDone DATA'!$L:$L,'[20]WorkDone DATA'!$N:$N,BOQ!AL$6,'[20]WorkDone DATA'!$G:$G,BOQ!$B133)*$G133","v":{"$error":"#VALUE!"}},{"$f":"SUMIFS('[20]WorkDone DATA'!$L:$L,'[20]WorkDone DATA'!$N:$N,BOQ!AM$6,'[20]WorkDone DATA'!$G:$G,BOQ!$B133)*$G133","v":{"$error":"#VALUE!"}},{"$f":"SUMIFS('[20]WorkDone DATA'!$L:$L,'[20]WorkDone DATA'!$N:$N,BOQ!AN$6,'[20]WorkDone DATA'!$G:$G,BOQ!$B133)*$G133","v":{"$error":"#VALUE!"}},{"$f":"SUMIFS('[20]WorkDone DATA'!$L:$L,'[20]WorkDone DATA'!$N:$N,BOQ!AO$6,'[20]WorkDone DATA'!$G:$G,BOQ!$B133)*$G133","v":{"$error":"#VALUE!"}},{"$f":"SUMIFS('[20]WorkDone DATA'!$L:$L,'[20]WorkDone DATA'!$N:$N,BOQ!AP$6,'[20]WorkDone DATA'!$G:$G,BOQ!$B133)*$G133","v":{"$error":"#VALUE!"}},{"$f":"SUMIFS('[20]WorkDone DATA'!$L:$L,'[20]WorkDone DATA'!$N:$N,BOQ!AQ$6,'[20]WorkDone DATA'!$G:$G,BOQ!$B133)*$G133","v":{"$error":"#VALUE!"}},{"$f":"SUMIFS('[20]WorkDone DATA'!$L:$L,'[20]WorkDone DATA'!$N:$N,BOQ!AR$6,'[20]WorkDone DATA'!$G:$G,BOQ!$B133)*$G133","v":{"$error":"#VALUE!"}},{"$f":"SUMIFS('[20]WorkDone DATA'!$L:$L,'[20]WorkDone DATA'!$N:$N,BOQ!AS$6,'[20]WorkDone DATA'!$G:$G,BOQ!$B133)*$G133","v":{"$error":"#VALUE!"}},{"$f":"SUMIFS('[20]WorkDone DATA'!$L:$L,'[20]WorkDone DATA'!$N:$N,BOQ!AT$6,'[20]WorkDone DATA'!$G:$G,BOQ!$B133)*$G133","v":{"$error":"#VALUE!"}},{"$f":"SUMIFS('[20]WorkDone DATA'!$L:$L,'[20]WorkDone DATA'!$N:$N,BOQ!AU$6,'[20]WorkDone DATA'!$G:$G,BOQ!$B133)*$G133","v":{"$error":"#VALUE!"}},{"$f":"SUMIFS('[20]WorkDone DATA'!$L:$L,'[20]WorkDone DATA'!$N:$N,BOQ!AV$6,'[20]WorkDone DATA'!$G:$G,BOQ!$B133)*$G133","v":{"$error":"#VALUE!"}},{"$f":"SUMIFS('[20]WorkDone DATA'!$L:$L,'[20]WorkDone DATA'!$N:$N,BOQ!AW$6,'[20]WorkDone DATA'!$G:$G,BOQ!$B133)*$G133","v":{"$error":"#VALUE!"}},{"$f":"SUMIFS('[20]WorkDone DATA'!$L:$L,'[20]WorkDone DATA'!$N:$N,BOQ!AX$6,'[20]WorkDone DATA'!$G:$G,BOQ!$B133)*$G133","v":{"$error":"#VALUE!"}},{"$f":"SUMIFS('[20]WorkDone DATA'!$L:$L,'[20]WorkDone DATA'!$N:$N,BOQ!AY$6,'[20]WorkDone DATA'!$G:$G,BOQ!$B133)*$G133","v":{"$error":"#VALUE!"}},{"$f":"SUMIFS('[20]WorkDone DATA'!$L:$L,'[20]WorkDone DATA'!$N:$N,BOQ!AZ$6,'[20]WorkDone DATA'!$G:$G,BOQ!$B133)*$G133","v":{"$error":"#VALUE!"}},{"$f":"SUMIFS('[20]WorkDone DATA'!$L:$L,'[20]WorkDone DATA'!$N:$N,BOQ!BA$6,'[20]WorkDone DATA'!$G:$G,BOQ!$B133)*$G133","v":{"$error":"#VALUE!"}},{"$f":"SUMIFS('[20]WorkDone DATA'!$L:$L,'[20]WorkDone DATA'!$N:$N,BOQ!BB$6,'[20]WorkDone DATA'!$G:$G,BOQ!$B133)*$G133","v":{"$error":"#VALUE!"}},{"$f":"SUMIFS('[20]WorkDone DATA'!$L:$L,'[20]WorkDone DATA'!$N:$N,BOQ!BC$6,'[20]WorkDone DATA'!$G:$G,BOQ!$B133)*$G133","v":{"$error":"#VALUE!"}},{"$f":"SUMIFS('[20]WorkDone DATA'!$L:$L,'[20]WorkDone DATA'!$N:$N,BOQ!BD$6,'[20]WorkDone DATA'!$G:$G,BOQ!$B133)*$G133","v":{"$error":"#VALUE!"}},{"$f":"SUMIFS('[20]WorkDone DATA'!$L:$L,'[20]WorkDone DATA'!$N:$N,BOQ!BE$6,'[20]WorkDone DATA'!$G:$G,BOQ!$B133)*$G133","v":{"$error":"#VALUE!"}},{"$f":"SUMIFS('[20]WorkDone DATA'!$L:$L,'[20]WorkDone DATA'!$N:$N,BOQ!BF$6,'[20]WorkDone DATA'!$G:$G,BOQ!$B133)*$G133","v":{"$error":"#VALUE!"}},{"$f":"SUMIFS('[20]WorkDone DATA'!$L:$L,'[20]WorkDone DATA'!$N:$N,BOQ!BG$6,'[20]WorkDone DATA'!$G:$G,BOQ!$B133)*$G133","v":{"$error":"#VALUE!"}},{"$f":"SUMIFS('[20]WorkDone DATA'!$L:$L,'[20]WorkDone DATA'!$N:$N,BOQ!BH$6,'[20]WorkDone DATA'!$G:$G,BOQ!$B133)*$G133","v":{"$error":"#VALUE!"}},{"$f":"SUMIFS('[20]WorkDone DATA'!$L:$L,'[20]WorkDone DATA'!$N:$N,BOQ!BI$6,'[20]WorkDone DATA'!$G:$G,BOQ!$B133)*$G133","v":{"$error":"#VALUE!"}},{"$f":"SUMIFS('[20]WorkDone DATA'!$L:$L,'[20]WorkDone DATA'!$N:$N,BOQ!BJ$6,'[20]WorkDone DATA'!$G:$G,BOQ!$B133)*$G133","v":{"$error":"#VALUE!"}},{"$f":"SUMIFS('[20]WorkDone DATA'!$L:$L,'[20]WorkDone DATA'!$N:$N,BOQ!BK$6,'[20]WorkDone DATA'!$G:$G,BOQ!$B133)*$G133","v":{"$error":"#VALUE!"}},{"$f":"SUMIFS('[20]WorkDone DATA'!$L:$L,'[20]WorkDone DATA'!$N:$N,BOQ!BL$6,'[20]WorkDone DATA'!$G:$G,BOQ!$B133)*$G133","v":{"$error":"#VALUE!"}},{"$f":"SUMIFS('[20]WorkDone DATA'!$L:$L,'[20]WorkDone DATA'!$N:$N,BOQ!BM$6,'[20]WorkDone DATA'!$G:$G,BOQ!$B133)*$G133","v":{"$error":"#VALUE!"}},{"$f":"SUMIFS('[20]WorkDone DATA'!$L:$L,'[20]WorkDone DATA'!$N:$N,BOQ!BN$6,'[20]WorkDone DATA'!$G:$G,BOQ!$B133)*$G133","v":{"$error":"#VALUE!"}},{"$f":"SUMIFS('[20]WorkDone DATA'!$L:$L,'[20]WorkDone DATA'!$N:$N,BOQ!BO$6,'[20]WorkDone DATA'!$G:$G,BOQ!$B133)*$G133","v":{"$error":"#VALUE!"}},{"$f":"SUMIFS('[20]WorkDone DATA'!$L:$L,'[20]WorkDone DATA'!$N:$N,BOQ!BP$6,'[20]WorkDone DATA'!$G:$G,BOQ!$B133)*$G133","v":{"$error":"#VALUE!"}},{"$f":"SUMIFS('[20]WorkDone DATA'!$L:$L,'[20]WorkDone DATA'!$N:$N,BOQ!BQ$6,'[20]WorkDone DATA'!$G:$G,BOQ!$B133)*$G133","v":{"$error":"#VALUE!"}},{"$f":"SUMIFS('[20]WorkDone DATA'!$L:$L,'[20]WorkDone DATA'!$N:$N,BOQ!BR$6,'[20]WorkDone DATA'!$G:$G,BOQ!$B133)*$G133","v":{"$error":"#VALUE!"}},{"$f":"SUMIFS('[20]WorkDone DATA'!$L:$L,'[20]WorkDone DATA'!$N:$N,BOQ!BS$6,'[20]WorkDone DATA'!$G:$G,BOQ!$B133)*$G133","v":{"$error":"#VALUE!"}},{"$f":"SUMIFS('[20]WorkDone DATA'!$L:$L,'[20]WorkDone DATA'!$N:$N,BOQ!BT$6,'[20]WorkDone DATA'!$G:$G,BOQ!$B133)*$G133","v":{"$error":"#VALUE!"}},{"$f":"SUMIFS('[20]WorkDone DATA'!$L:$L,'[20]WorkDone DATA'!$N:$N,BOQ!BU$6,'[20]WorkDone DATA'!$G:$G,BOQ!$B133)*$G133","v":{"$error":"#VALUE!"}},{"$f":"SUMIFS('[20]WorkDone DATA'!$L:$L,'[20]WorkDone DATA'!$N:$N,BOQ!BV$6,'[20]WorkDone DATA'!$G:$G,BOQ!$B133)*$G133","v":{"$error":"#VALUE!"}},{"$f":"SUMIFS('[20]WorkDone DATA'!$L:$L,'[20]WorkDone DATA'!$N:$N,BOQ!BW$6,'[20]WorkDone DATA'!$G:$G,BOQ!$B133)*$G133","v":{"$error":"#VALUE!"}},{"$f":"SUMIFS('[20]WorkDone DATA'!$L:$L,'[20]WorkDone DATA'!$N:$N,BOQ!BX$6,'[20]WorkDone DATA'!$G:$G,BOQ!$B133)*$G133","v":{"$error":"#VALUE!"}}]
[null,null,"150mm2 x 1core (EXX01RCV) 6.35 kV/11kV \n",{"$nulls":4},0,{"$nulls":3},{"$error":"#VALUE!"},{"$error":"#VALUE!"},null,0,{"$error":"#VALUE!"},null,{"$f":"SUMIFS('[20]WorkDone DATA'!$L:$L,'[20]WorkDone DATA'!$N:$N,BOQ!S$6,'[20]WorkDone DATA'!$G:$G,BOQ!$B134)","v":{"$error":"#VALUE!"}},{"$error":"#VALUE!"},{"$f":"SUMIFS('[20]WorkDone DATA'!$L:$L,'[20]WorkDone DATA'!$N:$N,BOQ!U$6,'[20]WorkDone DATA'!$G:$G,BOQ!$B134)","v":{"$error":"#VALUE!"}},{"$error":"#VALUE!"},null,{"$f":"SUMIFS('[20]WorkDone DATA'!$L:$L,'[20]WorkDone DATA'!$N:$N,BOQ!W$6,'[20]WorkDone DATA'!$G:$G,BOQ!$B134)*$G134","v":{"$error":"#VALUE!"}},null,{"$f":"SUMIFS('[20]WorkDone DATA'!$L:$L,'[20]WorkDone DATA'!$N:$N,BOQ!Y$6,'[20]WorkDone DATA'!$G:$G,BOQ!$B134)*$G134","v":{"$error":"#VALUE!"}},null,{"$f":"SUMIFS('[20]WorkDone DATA'!$L:$L,'[20]WorkDone DATA'!$N:$N,BOQ!AA$6,'[20]WorkDone DATA'!$G:$G,BOQ!$B134)*$G134","v":{"$error":"#VALUE!"}},{"$f":"SUMIFS('[20]WorkDone DATA'!$L:$L,'[20]WorkDone DATA'!$N:$N,BOQ!AB$6,'[20]WorkDone DATA'!$G:$G,BOQ!$B134)*$G134","v":{"$error":"#VALUE!"}},{"$f":"SUMIFS('[20]WorkDone DATA'!$L:$L,'[20]WorkDone DATA'!$N:$N,BOQ!AC$6,'[20]WorkDone DATA'!$G:$G,BOQ!$B134)*$G134","v":{"$error":"#VALUE!"}},{"$f":"SUMIFS('[20]WorkDone DATA'!$L:$L,'[20]WorkDone DATA'!$N:$N,BOQ!AD$6,'[20]WorkDone DATA'!$G:$G,BOQ!$B134)*$G134","v":{"$error":"#VALUE!"}},{"$f":"SUMIFS('[20]WorkDone DATA'!$L:$L,'[20]WorkDone DATA'!$N:$N,BOQ!AE$6,'[20]WorkDone DATA'!$G:$G,BOQ!$B134)*$G134","v":{"$error":"#VALUE!"}},{"$f":"SUMIFS('[20]WorkDone DATA'!$L:$L,'[20]WorkDone DATA'!$N:$N,BOQ!AF$6,'[20]WorkDone DATA'!$G:$G,BOQ!$B134)*$G134","v":{"$error":"#VALUE!"}},{"$f":"SUMIFS('[20]WorkDone DATA'!$L:$L,'[20]WorkDone DATA'!$N:$N,BOQ!AG$6,'[20]WorkDone DATA'!$G:$G,BOQ!$B134)*$G134","v":{"$error":"#VALUE!"}},{"$f":"SUMIFS('[20]WorkDone DATA'!$L:$L,'[20]WorkDone DATA'!$N:$N,BOQ!AH$6,'[20]WorkDone DATA'!$G:$G,BOQ!$B134)*$G134","v":{"$error":"#VALUE!"}},{"$f":"SUMIFS('[20]WorkDone DATA'!$L:$L,'[20]WorkDone DATA'!$N:$N,BOQ!AI$6,'[20]WorkDone DATA'!$G:$G,BOQ!$B134)*$G134","v":{"$error":"#VALUE!"}},{"$f":"SUMIFS('[20]WorkDone DATA'!$L:$L,'[20]WorkDone DATA'!$N:$N,BOQ!AJ$6,'[20]WorkDone DATA'!$G:$G,BOQ!$B134)*$G134","v":{"$error":"#VALUE!"}},{"$f":"SUMIFS('[20]WorkDone DATA'!$L:$L,'[20]WorkDone DATA'!$N:$N,BOQ!AK$6,'[20]WorkDone DATA'!$G:$G,BOQ!$B134)*$G134","v":{"$error":"#VALUE!"}},{"$f":"SUMIFS('[20]WorkDone DATA'!$L:$L,'[20]WorkDone DATA'!$N:$N,BOQ!AL$6,'[20]WorkDone DATA'!$G:$G,BOQ!$B134)*$G134","v":{"$error":"#VALUE!"}},{"$f":"SUMIFS('[20]WorkDone DATA'!$L:$L,'[20]WorkDone DATA'!$N:$N,BOQ!AM$6,'[20]WorkDone DATA'!$G:$G,BOQ!$B134)*$G134","v":{"$error":"#VALUE!"}},{"$f":"SUMIFS('[20]WorkDone DATA'!$L:$L,'[20]WorkDone DATA'!$N:$N,BOQ!AN$6,'[20]WorkDone DATA'!$G:$G,BOQ!$B134)*$G134","v":{"$error":"#VALUE!"}},{"$f":"SUMIFS('[20]WorkDone DATA'!$L:$L,'[20]WorkDone DATA'!$N:$N,BOQ!AO$6,'[20]WorkDone DATA'!$G:$G,BOQ!$B134)*$G134","v":{"$error":"#VALUE!"}},{"$f":"SUMIFS('[20]WorkDone DATA'!$L:$L,'[20]WorkDone DATA'!$N:$N,BOQ!AP$6,'[20]WorkDone DATA'!$G:$G,BOQ!$B134)*$G134","v":{"$error":"#VALUE!"}},{"$f":"SUMIFS('[20]WorkDone DATA'!$L:$L,'[20]WorkDone DATA'!$N:$N,BOQ!AQ$6,'[20]WorkDone DATA'!$G:$G,BOQ!$B134)*$G134","v":{"$error":"#VALUE!"}},{"$f":"SUMIFS('[20]WorkDone DATA'!$L:$L,'[20]WorkDone DATA'!$N:$N,BOQ!AR$6,'[20]WorkDone DATA'!$G:$G,BOQ!$B134)*$G134","v":{"$error":"#VALUE!"}},{"$f":"SUMIFS('[20]WorkDone DATA'!$L:$L,'[20]WorkDone DATA'!$N:$N,BOQ!AS$6,'[20]WorkDone DATA'!$G:$G,BOQ!$B134)*$G134","v":{"$error":"#VALUE!"}},{"$f":"SUMIFS('[20]WorkDone DATA'!$L:$L,'[20]WorkDone DATA'!$N:$N,BOQ!AT$6,'[20]WorkDone DATA'!$G:$G,BOQ!$B134)*$G134","v":{"$error":"#VALUE!"}},{"$f":"SUMIFS('[20]WorkDone DATA'!$L:$L,'[20]WorkDone DATA'!$N:$N,BOQ!AU$6,'[20]WorkDone DATA'!$G:$G,BOQ!$B134)*$G134","v":{"$error":"#VALUE!"}},{"$f":"SUMIFS('[20]WorkDone DATA'!$L:$L,'[20]WorkDone DATA'!$N:$N,BOQ!AV$6,'[20]WorkDone DATA'!$G:$G,BOQ!$B134)*$G134","v":{"$error":"#VALUE!"}},{"$f":"SUMIFS('[20]WorkDone DATA'!$L:$L,'[20]WorkDone DATA'!$N:$N,BOQ!AW$6,'[20]WorkDone DATA'!$G:$G,BOQ!$B134)*$G134","v":{"$error":"#VALUE!"}},{"$f":"SUMIFS('[20]WorkDone DATA'!$L:$L,'[20]WorkDone DATA'!$N:$N,BOQ!AX$6,'[20]WorkDone DATA'!$G:$G,BOQ!$B134)*$G134","v":{"$error":"#VALUE!"}},{"$f":"SUMIFS('[20]WorkDone DATA'!$L:$L,'[20]WorkDone DATA'!$N:$N,BOQ!AY$6,'[20]WorkDone DATA'!$G:$G,BOQ!$B134)*$G134","v":{"$error":"#VALUE!"}},{"$f":"SUMIFS('[20]WorkDone DATA'!$L:$L,'[20]WorkDone DATA'!$N:$N,BOQ!AZ$6,'[20]WorkDone DATA'!$G:$G,BOQ!$B134)*$G134","v":{"$error":"#VALUE!"}},{"$f":"SUMIFS('[20]WorkDone DATA'!$L:$L,'[20]WorkDone DATA'!$N:$N,BOQ!BA$6,'[20]WorkDone DATA'!$G:$G,BOQ!$B134)*$G134","v":{"$error":"#VALUE!"}},{"$f":"SUMIFS('[20]WorkDone DATA'!$L:$L,'[20]WorkDone DATA'!$N:$N,BOQ!BB$6,'[20]WorkDone DATA'!$G:$G,BOQ!$B134)*$G134","v":{"$error":"#VALUE!"}},{"$f":"SUMIFS('[20]WorkDone DATA'!$L:$L,'[20]WorkDone DATA'!$N:$N,BOQ!BC$6,'[20]WorkDone DATA'!$G:$G,BOQ!$B134)*$G134","v":{"$error":"#VALUE!"}},{"$f":"SUMIFS('[20]WorkDone DATA'!$L:$L,'[20]WorkDone DATA'!$N:$N,BOQ!BD$6,'[20]WorkDone DATA'!$G:$G,BOQ!$B134)*$G134","v":{"$error":"#VALUE!"}},{"$f":"SUMIFS('[20]WorkDone DATA'!$L:$L,'[20]WorkDone DATA'!$N:$N,BOQ!BE$6,'[20]WorkDone DATA'!$G:$G,BOQ!$B134)*$G134","v":{"$error":"#VALUE!"}},{"$f":"SUMIFS('[20]WorkDone DATA'!$L:$L,'[20]WorkDone DATA'!$N:$N,BOQ!BF$6,'[20]WorkDone DATA'!$G:$G,BOQ!$B134)*$G134","v":{"$error":"#VALUE!"}},{"$f":"SUMIFS('[20]WorkDone DATA'!$L:$L,'[20]WorkDone DATA'!$N:$N,BOQ!BG$6,'[20]WorkDone DATA'!$G:$G,BOQ!$B134)*$G134","v":{"$error":"#VALUE!"}},{"$f":"SUMIFS('[20]WorkDone DATA'!$L:$L,'[20]WorkDone DATA'!$N:$N,BOQ!BH$6,'[20]WorkDone DATA'!$G:$G,BOQ!$B134)*$G134","v":{"$error":"#VALUE!"}},{"$f":"SUMIFS('[20]WorkDone DATA'!$L:$L,'[20]WorkDone DATA'!$N:$N,BOQ!BI$6,'[20]WorkDone DATA'!$G:$G,BOQ!$B134)*$G134","v":{"$error":"#VALUE!"}},{"$f":"SUMIFS('[20]WorkDone DATA'!$L:$L,'[20]WorkDone DATA'!$N:$N,BOQ!BJ$6,'[20]WorkDone DATA'!$G:$G,BOQ!$B134)*$G134","v":{"$error":"#VALUE!"}},{"$f":"SUMIFS('[20]WorkDone DATA'!$L:$L,'[20]WorkDone DATA'!$N:$N,BOQ!BK$6,'[20]WorkDone DATA'!$G:$G,BOQ!$B134)*$G134","v":{"$error":"#VALUE!"}},{"$f":"SUMIFS('[20]WorkDone DATA'!$L:$L,'[20]WorkDone DATA'!$N:$N,BOQ!BL$6,'[20]WorkDone DATA'!$G:$G,BOQ!$B134)*$G134","v":{"$error":"#VALUE!"}},{"$f":"SUMIFS('[20]WorkDone DATA'!$L:$L,'[20]WorkDone DATA'!$N:$N,BOQ!BM$6,'[20]WorkDone DATA'!$G:$G,BOQ!$B134)*$G134","v":{"$error":"#VALUE!"}},{"$f":"SUMIFS('[20]WorkDone DATA'!$L:$L,'[20]WorkDone DATA'!$N:$N,BOQ!BN$6,'[20]WorkDone DATA'!$G:$G,BOQ!$B134)*$G134","v":{"$error":"#VALUE!"}},{"$f":"SUMIFS('[20]WorkDone DATA'!$L:$L,'[20]WorkDone DATA'!$N:$N,BOQ!BO$6,'[20]WorkDone DATA'!$G:$G,BOQ!$B134)*$G134","v":{"$error":"#VALUE!"}},{"$f":"SUMIFS('[20]WorkDone DATA'!$L:$L,'[20]WorkDone DATA'!$N:$N,BOQ!BP$6,'[20]WorkDone DATA'!$G:$G,BOQ!$B134)*$G134","v":{"$error":"#VALUE!"}},{"$f":"SUMIFS('[20]WorkDone DATA'!$L:$L,'[20]WorkDone DATA'!$N:$N,BOQ!BQ$6,'[20]WorkDone DATA'!$G:$G,BOQ!$B134)*$G134","v":{"$error":"#VALUE!"}},{"$f":"SUMIFS('[20]WorkDone DATA'!$L:$L,'[20]WorkDone DATA'!$N:$N,BOQ!BR$6,'[20]WorkDone DATA'!$G:$G,BOQ!$B134)*$G134","v":{"$error":"#VALUE!"}},{"$f":"SUMIFS('[20]WorkDone DATA'!$L:$L,'[20]WorkDone DATA'!$N:$N,BOQ!BS$6,'[20]WorkDone DATA'!$G:$G,BOQ!$B134)*$G134","v":{"$error":"#VALUE!"}},{"$f":"SUMIFS('[20]WorkDone DATA'!$L:$L,'[20]WorkDone DATA'!$N:$N,BOQ!BT$6,'[20]WorkDone DATA'!$G:$G,BOQ!$B134)*$G134","v":{"$error":"#VALUE!"}},{"$f":"SUMIFS('[20]WorkDone DATA'!$L:$L,'[20]WorkDone DATA'!$N:$N,BOQ!BU$6,'[20]WorkDone DATA'!$G:$G,BOQ!$B134)*$G134","v":{"$error":"#VALUE!"}},{"$f":"SUMIFS('[20]WorkDone DATA'!$L:$L,'[20]WorkDone DATA'!$N:$N,BOQ!BV$6,'[20]WorkDone DATA'!$G:$G,BOQ!$B134)*$G134","v":{"$error":"#VALUE!"}},{"$f":"SUMIFS('[20]WorkDone DATA'!$L:$L,'[20]WorkDone DATA'!$N:$N,BOQ!BW$6,'[20]WorkDone DATA'!$G:$G,BOQ!$B134)*$G134","v":{"$error":"#VALUE!"}},{"$f":"SUMIFS('[20]WorkDone DATA'!$L:$L,'[20]WorkDone DATA'!$N:$N,BOQ!BX$6,'[20]WorkDone DATA'!$G:$G,BOQ!$B134)*$G134","v":{"$error":"#VALUE!"}}]
[{"$f":"C134","v":"150mm2 x 1core (EXX01RCV) 6.35 kV/11kV \n"},2.063,"Supply","E","m",6910,510.09,{"v":3524721.9,"d":"3,524,721.90"},null,null,{"$error":"#VALUE!"},{"$error":"#VALUE!"},{"$error":"#VALUE!"},null,{"$error":"#VALUE!"},{"$error":"#VALUE!"},null,{"$f":"SUMIFS('[20]WorkDone DATA'!$L:$L,'[20]WorkDone DATA'!$N:$N,BOQ!S$6,'[20]WorkDone DATA'!$G:$G,BOQ!$B135)","v":{"$error":"#VALUE!"}},{"$error":"#VALUE!"},{"$f":"SUMIFS('[20]WorkDone DATA'!$L:$L,'[20]WorkDone DATA'!$N:$N,BOQ!U$6,'[20]WorkDone DATA'!$G:$G,BOQ!$B135)","v":{"$error":"#VALUE!"}},{"$error":"#VALUE!"},null,{"$f":"SUMIFS('[20]WorkDone DATA'!$L:$L,'[20]WorkDone DATA'!$N:$N,BOQ!W$6,'[20]WorkDone DATA'!$G:$G,BOQ!$B135)*$G135","v":{"$error":"#VALUE!"}},null,{"$f":"SUMIFS('[20]WorkDone DATA'!$L:$L,'[20]WorkDone DATA'!$N:$N,BOQ!Y$6,'[20]WorkDone DATA'!$G:$G,BOQ!$B135)*$G135","v":{"$error":"#VALUE!"}},null,{"$f":"SUMIFS('[20]WorkDone DATA'!$L:$L,'[20]WorkDone DATA'!$N:$N,BOQ!AA$6,'[20]WorkDone DATA'!$G:$G,BOQ!$B135)*$G135","v":{"$error":"#VALUE!"}},{"$f":"SUMIFS('[20]WorkDone DATA'!$L:$L,'[20]WorkDone DATA'!$N:$N,BOQ!AB$6,'[20]WorkDone DATA'!$G:$G,BOQ!$B135)*$G135","v":{"$error":"#VALUE!"}},{"$f":"SUMIFS('[20]WorkDone DATA'!$L:$L,'[20]WorkDone DATA'!$N:$N,BOQ!AC$6,'[20]WorkDone DATA'!$G:$G,BOQ!$B135)*$G135","v":{"$error":"#VALUE!"}},{"$f":"SUMIFS('[20]WorkDone DATA'!$L:$L,'[20]WorkDone DATA'!$N:$N,BOQ!AD$6,'[20]WorkDone DATA'!$G:$G,BOQ!$B135)*$G135","v":{"$error":"#VALUE!"}},{"$f":"SUMIFS('[20]WorkDone DATA'!$L:$L,'[20]WorkDone DATA'!$N:$N,BOQ!AE$6,'[20]WorkDone DATA'!$G:$G,BOQ!$B135)*$G135","v":{"$error":"#VALUE!"}},{"$f":"SUMIFS('[20]WorkDone DATA'!$L:$L,'[20]WorkDone DATA'!$N:$N,BOQ!AF$6,'[20]WorkDone DATA'!$G:$G,BOQ!$B135)*$G135","v":{"$error":"#VALUE!"}},{"$f":"SUMIFS('[20]WorkDone DATA'!$L:$L,'[20]WorkDone DATA'!$N:$N,BOQ!AG$6,'[20]WorkDone DATA'!$G:$G,BOQ!$B135)*$G135","v":{"$error":"#VALUE!"}},{"$f":"SUMIFS('[20]WorkDone DATA'!$L:$L,'[20]WorkDone DATA'!$N:$N,BOQ!AH$6,'[20]WorkDone DATA'!$G:$G,BOQ!$B135)*$G135","v":{"$error":"#VALUE!"}},{"$f":"SUMIFS('[20]WorkDone DATA'!$L:$L,'[20]WorkDone DATA'!$N:$N,BOQ!AI$6,'[20]WorkDone DATA'!$G:$G,BOQ!$B135)*$G135","v":{"$error":"#VALUE!"}},{"$f":"SUMIFS('[20]WorkDone DATA'!$L:$L,'[20]WorkDone DATA'!$N:$N,BOQ!AJ$6,'[20]WorkDone DATA'!$G:$G,BOQ!$B135)*$G135","v":{"$error":"#VALUE!"}},{"$f":"SUMIFS('[20]WorkDone DATA'!$L:$L,'[20]WorkDone DATA'!$N:$N,BOQ!AK$6,'[20]WorkDone DATA'!$G:$G,BOQ!$B135)*$G135","v":{"$error":"#VALUE!"}},{"$f":"SUMIFS('[20]WorkDone DATA'!$L:$L,'[20]WorkDone DATA'!$N:$N,BOQ!AL$6,'[20]WorkDone DATA'!$G:$G,BOQ!$B135)*$G135","v":{"$error":"#VALUE!"}},{"$f":"SUMIFS('[20]WorkDone DATA'!$L:$L,'[20]WorkDone DATA'!$N:$N,BOQ!AM$6,'[20]WorkDone DATA'!$G:$G,BOQ!$B135)*$G135","v":{"$error":"#VALUE!"}},{"$f":"SUMIFS('[20]WorkDone DATA'!$L:$L,'[20]WorkDone DATA'!$N:$N,BOQ!AN$6,'[20]WorkDone DATA'!$G:$G,BOQ!$B135)*$G135","v":{"$error":"#VALUE!"}},{"$f":"SUMIFS('[20]WorkDone DATA'!$L:$L,'[20]WorkDone DATA'!$N:$N,BOQ!AO$6,'[20]WorkDone DATA'!$G:$G,BOQ!$B135)*$G135","v":{"$error":"#VALUE!"}},{"$f":"SUMIFS('[20]WorkDone DATA'!$L:$L,'[20]WorkDone DATA'!$N:$N,BOQ!AP$6,'[20]WorkDone DATA'!$G:$G,BOQ!$B135)*$G135","v":{"$error":"#VALUE!"}},{"$f":"SUMIFS('[20]WorkDone DATA'!$L:$L,'[20]WorkDone DATA'!$N:$N,BOQ!AQ$6,'[20]WorkDone DATA'!$G:$G,BOQ!$B135)*$G135","v":{"$error":"#VALUE!"}},{"$f":"SUMIFS('[20]WorkDone DATA'!$L:$L,'[20]WorkDone DATA'!$N:$N,BOQ!AR$6,'[20]WorkDone DATA'!$G:$G,BOQ!$B135)*$G135","v":{"$error":"#VALUE!"}},{"$f":"SUMIFS('[20]WorkDone DATA'!$L:$L,'[20]WorkDone DATA'!$N:$N,BOQ!AS$6,'[20]WorkDone DATA'!$G:$G,BOQ!$B135)*$G135","v":{"$error":"#VALUE!"}},{"$f":"SUMIFS('[20]WorkDone DATA'!$L:$L,'[20]WorkDone DATA'!$N:$N,BOQ!AT$6,'[20]WorkDone DATA'!$G:$G,BOQ!$B135)*$G135","v":{"$error":"#VALUE!"}},{"$f":"SUMIFS('[20]WorkDone DATA'!$L:$L,'[20]WorkDone DATA'!$N:$N,BOQ!AU$6,'[20]WorkDone DATA'!$G:$G,BOQ!$B135)*$G135","v":{"$error":"#VALUE!"}},{"$f":"SUMIFS('[20]WorkDone DATA'!$L:$L,'[20]WorkDone DATA'!$N:$N,BOQ!AV$6,'[20]WorkDone DATA'!$G:$G,BOQ!$B135)*$G135","v":{"$error":"#VALUE!"}},{"$f":"SUMIFS('[20]WorkDone DATA'!$L:$L,'[20]WorkDone DATA'!$N:$N,BOQ!AW$6,'[20]WorkDone DATA'!$G:$G,BOQ!$B135)*$G135","v":{"$error":"#VALUE!"}},{"$f":"SUMIFS('[20]WorkDone DATA'!$L:$L,'[20]WorkDone DATA'!$N:$N,BOQ!AX$6,'[20]WorkDone DATA'!$G:$G,BOQ!$B135)*$G135","v":{"$error":"#VALUE!"}},{"$f":"SUMIFS('[20]WorkDone DATA'!$L:$L,'[20]WorkDone DATA'!$N:$N,BOQ!AY$6,'[20]WorkDone DATA'!$G:$G,BOQ!$B135)*$G135","v":{"$error":"#VALUE!"}},{"$f":"SUMIFS('[20]WorkDone DATA'!$L:$L,'[20]WorkDone DATA'!$N:$N,BOQ!AZ$6,'[20]WorkDone DATA'!$G:$G,BOQ!$B135)*$G135","v":{"$error":"#VALUE!"}},{"$f":"SUMIFS('[20]WorkDone DATA'!$L:$L,'[20]WorkDone DATA'!$N:$N,BOQ!BA$6,'[20]WorkDone DATA'!$G:$G,BOQ!$B135)*$G135","v":{"$error":"#VALUE!"}},{"$f":"SUMIFS('[20]WorkDone DATA'!$L:$L,'[20]WorkDone DATA'!$N:$N,BOQ!BB$6,'[20]WorkDone DATA'!$G:$G,BOQ!$B135)*$G135","v":{"$error":"#VALUE!"}},{"$f":"SUMIFS('[20]WorkDone DATA'!$L:$L,'[20]WorkDone DATA'!$N:$N,BOQ!BC$6,'[20]WorkDone DATA'!$G:$G,BOQ!$B135)*$G135","v":{"$error":"#VALUE!"}},{"$f":"SUMIFS('[20]WorkDone DATA'!$L:$L,'[20]WorkDone DATA'!$N:$N,BOQ!BD$6,'[20]WorkDone DATA'!$G:$G,BOQ!$B135)*$G135","v":{"$error":"#VALUE!"}},{"$f":"SUMIFS('[20]WorkDone DATA'!$L:$L,'[20]WorkDone DATA'!$N:$N,BOQ!BE$6,'[20]WorkDone DATA'!$G:$G,BOQ!$B135)*$G135","v":{"$error":"#VALUE!"}},{"$f":"SUMIFS('[20]WorkDone DATA'!$L:$L,'[20]WorkDone DATA'!$N:$N,BOQ!BF$6,'[20]WorkDone DATA'!$G:$G,BOQ!$B135)*$G135","v":{"$error":"#VALUE!"}},{"$f":"SUMIFS('[20]WorkDone DATA'!$L:$L,'[20]WorkDone DATA'!$N:$N,BOQ!BG$6,'[20]WorkDone DATA'!$G:$G,BOQ!$B135)*$G135","v":{"$error":"#VALUE!"}},{"$f":"SUMIFS('[20]WorkDone DATA'!$L:$L,'[20]WorkDone DATA'!$N:$N,BOQ!BH$6,'[20]WorkDone DATA'!$G:$G,BOQ!$B135)*$G135","v":{"$error":"#VALUE!"}},{"$f":"SUMIFS('[20]WorkDone DATA'!$L:$L,'[20]WorkDone DATA'!$N:$N,BOQ!BI$6,'[20]WorkDone DATA'!$G:$G,BOQ!$B135)*$G135","v":{"$error":"#VALUE!"}},{"$f":"SUMIFS('[20]WorkDone DATA'!$L:$L,'[20]WorkDone DATA'!$N:$N,BOQ!BJ$6,'[20]WorkDone DATA'!$G:$G,BOQ!$B135)*$G135","v":{"$error":"#VALUE!"}},{"$f":"SUMIFS('[20]WorkDone DATA'!$L:$L,'[20]WorkDone DATA'!$N:$N,BOQ!BK$6,'[20]WorkDone DATA'!$G:$G,BOQ!$B135)*$G135","v":{"$error":"#VALUE!"}},{"$f":"SUMIFS('[20]WorkDone DATA'!$L:$L,'[20]WorkDone DATA'!$N:$N,BOQ!BL$6,'[20]WorkDone DATA'!$G:$G,BOQ!$B135)*$G135","v":{"$error":"#VALUE!"}},{"$f":"SUMIFS('[20]WorkDone DATA'!$L:$L,'[20]WorkDone DATA'!$N:$N,BOQ!BM$6,'[20]WorkDone DATA'!$G:$G,BOQ!$B135)*$G135","v":{"$error":"#VALUE!"}},{"$f":"SUMIFS('[20]WorkDone DATA'!$L:$L,'[20]WorkDone DATA'!$N:$N,BOQ!BN$6,'[20]WorkDone DATA'!$G:$G,BOQ!$B135)*$G135","v":{"$error":"#VALUE!"}},{"$f":"SUMIFS('[20]WorkDone DATA'!$L:$L,'[20]WorkDone DATA'!$N:$N,BOQ!BO$6,'[20]WorkDone DATA'!$G:$G,BOQ!$B135)*$G135","v":{"$error":"#VALUE!"}},{"$f":"SUMIFS('[20]WorkDone DATA'!$L:$L,'[20]WorkDone DATA'!$N:$N,BOQ!BP$6,'[20]WorkDone DATA'!$G:$G,BOQ!$B135)*$G135","v":{"$error":"#VALUE!"}},{"$f":"SUMIFS('[20]WorkDone DATA'!$L:$L,'[20]WorkDone DATA'!$N:$N,BOQ!BQ$6,'[20]WorkDone DATA'!$G:$G,BOQ!$B135)*$G135","v":{"$error":"#VALUE!"}},{"$f":"SUMIFS('[20]WorkDone DATA'!$L:$L,'[20]WorkDone DATA'!$N:$N,BOQ!BR$6,'[20]WorkDone DATA'!$G:$G,BOQ!$B135)*$G135","v":{"$error":"#VALUE!"}},{"$f":"SUMIFS('[20]WorkDone DATA'!$L:$L,'[20]WorkDone DATA'!$N:$N,BOQ!BS$6,'[20]WorkDone DATA'!$G:$G,BOQ!$B135)*$G135","v":{"$error":"#VALUE!"}},{"$f":"SUMIFS('[20]WorkDone DATA'!$L:$L,'[20]WorkDone DATA'!$N:$N,BOQ!BT$6,'[20]WorkDone DATA'!$G:$G,BOQ!$B135)*$G135","v":{"$error":"#VALUE!"}},{"$f":"SUMIFS('[20]WorkDone DATA'!$L:$L,'[20]WorkDone DATA'!$N:$N,BOQ!BU$6,'[20]WorkDone DATA'!$G:$G,BOQ!$B135)*$G135","v":{"$error":"#VALUE!"}},{"$f":"SUMIFS('[20]WorkDone DATA'!$L:$L,'[20]WorkDone DATA'!$N:$N,BOQ!BV$6,'[20]WorkDone DATA'!$G:$G,BOQ!$B135)*$G135","v":{"$error":"#VALUE!"}},{"$f":"SUMIFS('[20]WorkDone DATA'!$L:$L,'[20]WorkDone DATA'!$N:$N,BOQ!BW$6,'[20]WorkDone DATA'!$G:$G,BOQ!$B135)*$G135","v":{"$error":"#VALUE!"}},{"$f":"SUMIFS('[20]WorkDone DATA'!$L:$L,'[20]WorkDone DATA'!$N:$N,BOQ!BX$6,'[20]WorkDone DATA'!$G:$G,BOQ!$B135)*$G135","v":{"$error":"#VALUE!"}}]
[{"$f":"C134","v":"150mm2 x 1core (EXX01RCV) 6.35 kV/11kV \n"},2.064,"Installation","A","m",6910,76.72,{"v":530135.2,"d":"530,135.20"},null,null,{"$error":"#VALUE!"},{"$error":"#VALUE!"},{"$error":"#VALUE!"},null,{"$error":"#VALUE!"},{"$error":"#VALUE!"},null,{"$f":"SUMIFS('[20]WorkDone DATA'!$L:$L,'[20]WorkDone DATA'!$N:$N,BOQ!S$6,'[20]WorkDone DATA'!$G:$G,BOQ!$B136)","v":{"$error":"#VALUE!"}},{"$error":"#VALUE!"},{"$f":"SUMIFS('[20]WorkDone DATA'!$L:$L,'[20]WorkDone DATA'!$N:$N,BOQ!U$6,'[20]WorkDone DATA'!$G:$G,BOQ!$B136)","v":{"$error":"#VALUE!"}},{"$error":"#VALUE!"},null,{"$f":"SUMIFS('[20]WorkDone DATA'!$L:$L,'[20]WorkDone DATA'!$N:$N,BOQ!W$6,'[20]WorkDone DATA'!$G:$G,BOQ!$B136)*$G136","v":{"$error":"#VALUE!"}},null,{"$f":"SUMIFS('[20]WorkDone DATA'!$L:$L,'[20]WorkDone DATA'!$N:$N,BOQ!Y$6,'[20]WorkDone DATA'!$G:$G,BOQ!$B136)*$G136","v":{"$error":"#VALUE!"}},null,{"$f":"SUMIFS('[20]WorkDone DATA'!$L:$L,'[20]WorkDone DATA'!$N:$N,BOQ!AA$6,'[20]WorkDone DATA'!$G:$G,BOQ!$B136)*$G136","v":{"$error":"#VALUE!"}},{"$f":"SUMIFS('[20]WorkDone DATA'!$L:$L,'[20]WorkDone DATA'!$N:$N,BOQ!AB$6,'[20]WorkDone DATA'!$G:$G,BOQ!$B136)*$G136","v":{"$error":"#VALUE!"}},{"$f":"SUMIFS('[20]WorkDone DATA'!$L:$L,'[20]WorkDone DATA'!$N:$N,BOQ!AC$6,'[20]WorkDone DATA'!$G:$G,BOQ!$B136)*$G136","v":{"$error":"#VALUE!"}},{"$f":"SUMIFS('[20]WorkDone DATA'!$L:$L,'[20]WorkDone DATA'!$N:$N,BOQ!AD$6,'[20]WorkDone DATA'!$G:$G,BOQ!$B136)*$G136","v":{"$error":"#VALUE!"}},{"$f":"SUMIFS('[20]WorkDone DATA'!$L:$L,'[20]WorkDone DATA'!$N:$N,BOQ!AE$6,'[20]WorkDone DATA'!$G:$G,BOQ!$B136)*$G136","v":{"$error":"#VALUE!"}},{"$f":"SUMIFS('[20]WorkDone DATA'!$L:$L,'[20]WorkDone DATA'!$N:$N,BOQ!AF$6,'[20]WorkDone DATA'!$G:$G,BOQ!$B136)*$G136","v":{"$error":"#VALUE!"}},{"$f":"SUMIFS('[20]WorkDone DATA'!$L:$L,'[20]WorkDone DATA'!$N:$N,BOQ!AG$6,'[20]WorkDone DATA'!$G:$G,BOQ!$B136)*$G136","v":{"$error":"#VALUE!"}},{"$f":"SUMIFS('[20]WorkDone DATA'!$L:$L,'[20]WorkDone DATA'!$N:$N,BOQ!AH$6,'[20]WorkDone DATA'!$G:$G,BOQ!$B136)*$G136","v":{"$error":"#VALUE!"}},{"$f":"SUMIFS('[20]WorkDone DATA'!$L:$L,'[20]WorkDone DATA'!$N:$N,BOQ!AI$6,'[20]WorkDone DATA'!$G:$G,BOQ!$B136)*$G136","v":{"$error":"#VALUE!"}},{"$f":"SUMIFS('[20]WorkDone DATA'!$L:$L,'[20]WorkDone DATA'!$N:$N,BOQ!AJ$6,'[20]WorkDone DATA'!$G:$G,BOQ!$B136)*$G136","v":{"$error":"#VALUE!"}},{"$f":"SUMIFS('[20]WorkDone DATA'!$L:$L,'[20]WorkDone DATA'!$N:$N,BOQ!AK$6,'[20]WorkDone DATA'!$G:$G,BOQ!$B136)*$G136","v":{"$error":"#VALUE!"}},{"$f":"SUMIFS('[20]WorkDone DATA'!$L:$L,'[20]WorkDone DATA'!$N:$N,BOQ!AL$6,'[20]WorkDone DATA'!$G:$G,BOQ!$B136)*$G136","v":{"$error":"#VALUE!"}},{"$f":"SUMIFS('[20]WorkDone DATA'!$L:$L,'[20]WorkDone DATA'!$N:$N,BOQ!AM$6,'[20]WorkDone DATA'!$G:$G,BOQ!$B136)*$G136","v":{"$error":"#VALUE!"}},{"$f":"SUMIFS('[20]WorkDone DATA'!$L:$L,'[20]WorkDone DATA'!$N:$N,BOQ!AN$6,'[20]WorkDone DATA'!$G:$G,BOQ!$B136)*$G136","v":{"$error":"#VALUE!"}},{"$f":"SUMIFS('[20]WorkDone DATA'!$L:$L,'[20]WorkDone DATA'!$N:$N,BOQ!AO$6,'[20]WorkDone DATA'!$G:$G,BOQ!$B136)*$G136","v":{"$error":"#VALUE!"}},{"$f":"SUMIFS('[20]WorkDone DATA'!$L:$L,'[20]WorkDone DATA'!$N:$N,BOQ!AP$6,'[20]WorkDone DATA'!$G:$G,BOQ!$B136)*$G136","v":{"$error":"#VALUE!"}},{"$f":"SUMIFS('[20]WorkDone DATA'!$L:$L,'[20]WorkDone DATA'!$N:$N,BOQ!AQ$6,'[20]WorkDone DATA'!$G:$G,BOQ!$B136)*$G136","v":{"$error":"#VALUE!"}},{"$f":"SUMIFS('[20]WorkDone DATA'!$L:$L,'[20]WorkDone DATA'!$N:$N,BOQ!AR$6,'[20]WorkDone DATA'!$G:$G,BOQ!$B136)*$G136","v":{"$error":"#VALUE!"}},{"$f":"SUMIFS('[20]WorkDone DATA'!$L:$L,'[20]WorkDone DATA'!$N:$N,BOQ!AS$6,'[20]WorkDone DATA'!$G:$G,BOQ!$B136)*$G136","v":{"$error":"#VALUE!"}},{"$f":"SUMIFS('[20]WorkDone DATA'!$L:$L,'[20]WorkDone DATA'!$N:$N,BOQ!AT$6,'[20]WorkDone DATA'!$G:$G,BOQ!$B136)*$G136","v":{"$error":"#VALUE!"}},{"$f":"SUMIFS('[20]WorkDone DATA'!$L:$L,'[20]WorkDone DATA'!$N:$N,BOQ!AU$6,'[20]WorkDone DATA'!$G:$G,BOQ!$B136)*$G136","v":{"$error":"#VALUE!"}},{"$f":"SUMIFS('[20]WorkDone DATA'!$L:$L,'[20]WorkDone DATA'!$N:$N,BOQ!AV$6,'[20]WorkDone DATA'!$G:$G,BOQ!$B136)*$G136","v":{"$error":"#VALUE!"}},{"$f":"SUMIFS('[20]WorkDone DATA'!$L:$L,'[20]WorkDone DATA'!$N:$N,BOQ!AW$6,'[20]WorkDone DATA'!$G:$G,BOQ!$B136)*$G136","v":{"$error":"#VALUE!"}},{"$f":"SUMIFS('[20]WorkDone DATA'!$L:$L,'[20]WorkDone DATA'!$N:$N,BOQ!AX$6,'[20]WorkDone DATA'!$G:$G,BOQ!$B136)*$G136","v":{"$error":"#VALUE!"}},{"$f":"SUMIFS('[20]WorkDone DATA'!$L:$L,'[20]WorkDone DATA'!$N:$N,BOQ!AY$6,'[20]WorkDone DATA'!$G:$G,BOQ!$B136)*$G136","v":{"$error":"#VALUE!"}},{"$f":"SUMIFS('[20]WorkDone DATA'!$L:$L,'[20]WorkDone DATA'!$N:$N,BOQ!AZ$6,'[20]WorkDone DATA'!$G:$G,BOQ!$B136)*$G136","v":{"$error":"#VALUE!"}},{"$f":"SUMIFS('[20]WorkDone DATA'!$L:$L,'[20]WorkDone DATA'!$N:$N,BOQ!BA$6,'[20]WorkDone DATA'!$G:$G,BOQ!$B136)*$G136","v":{"$error":"#VALUE!"}},{"$f":"SUMIFS('[20]WorkDone DATA'!$L:$L,'[20]WorkDone DATA'!$N:$N,BOQ!BB$6,'[20]WorkDone DATA'!$G:$G,BOQ!$B136)*$G136","v":{"$error":"#VALUE!"}},{"$f":"SUMIFS('[20]WorkDone DATA'!$L:$L,'[20]WorkDone DATA'!$N:$N,BOQ!BC$6,'[20]WorkDone DATA'!$G:$G,BOQ!$B136)*$G136","v":{"$error":"#VALUE!"}},{"$f":"SUMIFS('[20]WorkDone DATA'!$L:$L,'[20]WorkDone DATA'!$N:$N,BOQ!BD$6,'[20]WorkDone DATA'!$G:$G,BOQ!$B136)*$G136","v":{"$error":"#VALUE!"}},{"$f":"SUMIFS('[20]WorkDone DATA'!$L:$L,'[20]WorkDone DATA'!$N:$N,BOQ!BE$6,'[20]WorkDone DATA'!$G:$G,BOQ!$B136)*$G136","v":{"$error":"#VALUE!"}},{"$f":"SUMIFS('[20]WorkDone DATA'!$L:$L,'[20]WorkDone DATA'!$N:$N,BOQ!BF$6,'[20]WorkDone DATA'!$G:$G,BOQ!$B136)*$G136","v":{"$error":"#VALUE!"}},{"$f":"SUMIFS('[20]WorkDone DATA'!$L:$L,'[20]WorkDone DATA'!$N:$N,BOQ!BG$6,'[20]WorkDone DATA'!$G:$G,BOQ!$B136)*$G136","v":{"$error":"#VALUE!"}},{"$f":"SUMIFS('[20]WorkDone DATA'!$L:$L,'[20]WorkDone DATA'!$N:$N,BOQ!BH$6,'[20]WorkDone DATA'!$G:$G,BOQ!$B136)*$G136","v":{"$error":"#VALUE!"}},{"$f":"SUMIFS('[20]WorkDone DATA'!$L:$L,'[20]WorkDone DATA'!$N:$N,BOQ!BI$6,'[20]WorkDone DATA'!$G:$G,BOQ!$B136)*$G136","v":{"$error":"#VALUE!"}},{"$f":"SUMIFS('[20]WorkDone DATA'!$L:$L,'[20]WorkDone DATA'!$N:$N,BOQ!BJ$6,'[20]WorkDone DATA'!$G:$G,BOQ!$B136)*$G136","v":{"$error":"#VALUE!"}},{"$f":"SUMIFS('[20]WorkDone DATA'!$L:$L,'[20]WorkDone DATA'!$N:$N,BOQ!BK$6,'[20]WorkDone DATA'!$G:$G,BOQ!$B136)*$G136","v":{"$error":"#VALUE!"}},{"$f":"SUMIFS('[20]WorkDone DATA'!$L:$L,'[20]WorkDone DATA'!$N:$N,BOQ!BL$6,'[20]WorkDone DATA'!$G:$G,BOQ!$B136)*$G136","v":{"$error":"#VALUE!"}},{"$f":"SUMIFS('[20]WorkDone DATA'!$L:$L,'[20]WorkDone DATA'!$N:$N,BOQ!BM$6,'[20]WorkDone DATA'!$G:$G,BOQ!$B136)*$G136","v":{"$error":"#VALUE!"}},{"$f":"SUMIFS('[20]WorkDone DATA'!$L:$L,'[20]WorkDone DATA'!$N:$N,BOQ!BN$6,'[20]WorkDone DATA'!$G:$G,BOQ!$B136)*$G136","v":{"$error":"#VALUE!"}},{"$f":"SUMIFS('[20]WorkDone DATA'!$L:$L,'[20]WorkDone DATA'!$N:$N,BOQ!BO$6,'[20]WorkDone DATA'!$G:$G,BOQ!$B136)*$G136","v":{"$error":"#VALUE!"}},{"$f":"SUMIFS('[20]WorkDone DATA'!$L:$L,'[20]WorkDone DATA'!$N:$N,BOQ!BP$6,'[20]WorkDone DATA'!$G:$G,BOQ!$B136)*$G136","v":{"$error":"#VALUE!"}},{"$f":"SUMIFS('[20]WorkDone DATA'!$L:$L,'[20]WorkDone DATA'!$N:$N,BOQ!BQ$6,'[20]WorkDone DATA'!$G:$G,BOQ!$B136)*$G136","v":{"$error":"#VALUE!"}},{"$f":"SUMIFS('[20]WorkDone DATA'!$L:$L,'[20]WorkDone DATA'!$N:$N,BOQ!BR$6,'[20]WorkDone DATA'!$G:$G,BOQ!$B136)*$G136","v":{"$error":"#VALUE!"}},{"$f":"SUMIFS('[20]WorkDone DATA'!$L:$L,'[20]WorkDone DATA'!$N:$N,BOQ!BS$6,'[20]WorkDone DATA'!$G:$G,BOQ!$B136)*$G136","v":{"$error":"#VALUE!"}},{"$f":"SUMIFS('[20]WorkDone DATA'!$L:$L,'[20]WorkDone DATA'!$N:$N,BOQ!BT$6,'[20]WorkDone DATA'!$G:$G,BOQ!$B136)*$G136","v":{"$error":"#VALUE!"}},{"$f":"SUMIFS('[20]WorkDone DATA'!$L:$L,'[20]WorkDone DATA'!$N:$N,BOQ!BU$6,'[20]WorkDone DATA'!$G:$G,BOQ!$B136)*$G136","v":{"$error":"#VALUE!"}},{"$f":"SUMIFS('[20]WorkDone DATA'!$L:$L,'[20]WorkDone DATA'!$N:$N,BOQ!BV$6,'[20]WorkDone DATA'!$G:$G,BOQ!$B136)*$G136","v":{"$error":"#VALUE!"}},{"$f":"SUMIFS('[20]WorkDone DATA'!$L:$L,'[20]WorkDone DATA'!$N:$N,BOQ!BW$6,'[20]WorkDone DATA'!$G:$G,BOQ!$B136)*$G136","v":{"$error":"#VALUE!"}},{"$f":"SUMIFS('[20]WorkDone DATA'!$L:$L,'[20]WorkDone DATA'!$N:$N,BOQ!BX$6,'[20]WorkDone DATA'!$G:$G,BOQ!$B136)*$G136","v":{"$error":"#VALUE!"}}]
[null,null,"95mm2 x 3core (EXX03PCV) 6.35 kV/11kV ",{"$nulls":4},0,{"$nulls":3},{"$error":"#VALUE!"},{"$error":"#VALUE!"},null,0,{"$error":"#VALUE!"},null,{"$f":"SUMIFS('[20]WorkDone DATA'!$L:$L,'[20]WorkDone DATA'!$N:$N,BOQ!S$6,'[20]WorkDone DATA'!$G:$G,BOQ!$B137)","v":{"$error":"#VALUE!"}},{"$error":"#VALUE!"},{"$f":"SUMIFS('[20]WorkDone DATA'!$L:$L,'[20]WorkDone DATA'!$N:$N,BOQ!U$6,'[20]WorkDone DATA'!$G:$G,BOQ!$B137)","v":{"$error":"#VALUE!"}},{"$error":"#VALUE!"},null,{"$f":"SUMIFS('[20]WorkDone DATA'!$L:$L,'[20]WorkDone DATA'!$N:$N,BOQ!W$6,'[20]WorkDone DATA'!$G:$G,BOQ!$B137)*$G137","v":{"$error":"#VALUE!"}},null,{"$f":"SUMIFS('[20]WorkDone DATA'!$L:$L,'[20]WorkDone DATA'!$N:$N,BOQ!Y$6,'[20]WorkDone DATA'!$G:$G,BOQ!$B137)*$G137","v":{"$error":"#VALUE!"}},null,{"$f":"SUMIFS('[20]WorkDone DATA'!$L:$L,'[20]WorkDone DATA'!$N:$N,BOQ!AA$6,'[20]WorkDone DATA'!$G:$G,BOQ!$B137)*$G137","v":{"$error":"#VALUE!"}},{"$f":"SUMIFS('[20]WorkDone DATA'!$L:$L,'[20]WorkDone DATA'!$N:$N,BOQ!AB$6,'[20]WorkDone DATA'!$G:$G,BOQ!$B137)*$G137","v":{"$error":"#VALUE!"}},{"$f":"SUMIFS('[20]WorkDone DATA'!$L:$L,'[20]WorkDone DATA'!$N:$N,BOQ!AC$6,'[20]WorkDone DATA'!$G:$G,BOQ!$B137)*$G137","v":{"$error":"#VALUE!"}},{"$f":"SUMIFS('[20]WorkDone DATA'!$L:$L,'[20]WorkDone DATA'!$N:$N,BOQ!AD$6,'[20]WorkDone DATA'!$G:$G,BOQ!$B137)*$G137","v":{"$error":"#VALUE!"}},{"$f":"SUMIFS('[20]WorkDone DATA'!$L:$L,'[20]WorkDone DATA'!$N:$N,BOQ!AE$6,'[20]WorkDone DATA'!$G:$G,BOQ!$B137)*$G137","v":{"$error":"#VALUE!"}},{"$f":"SUMIFS('[20]WorkDone DATA'!$L:$L,'[20]WorkDone DATA'!$N:$N,BOQ!AF$6,'[20]WorkDone DATA'!$G:$G,BOQ!$B137)*$G137","v":{"$error":"#VALUE!"}},{"$f":"SUMIFS('[20]WorkDone DATA'!$L:$L,'[20]WorkDone DATA'!$N:$N,BOQ!AG$6,'[20]WorkDone DATA'!$G:$G,BOQ!$B137)*$G137","v":{"$error":"#VALUE!"}},{"$f":"SUMIFS('[20]WorkDone DATA'!$L:$L,'[20]WorkDone DATA'!$N:$N,BOQ!AH$6,'[20]WorkDone DATA'!$G:$G,BOQ!$B137)*$G137","v":{"$error":"#VALUE!"}},{"$f":"SUMIFS('[20]WorkDone DATA'!$L:$L,'[20]WorkDone DATA'!$N:$N,BOQ!AI$6,'[20]WorkDone DATA'!$G:$G,BOQ!$B137)*$G137","v":{"$error":"#VALUE!"}},{"$f":"SUMIFS('[20]WorkDone DATA'!$L:$L,'[20]WorkDone DATA'!$N:$N,BOQ!AJ$6,'[20]WorkDone DATA'!$G:$G,BOQ!$B137)*$G137","v":{"$error":"#VALUE!"}},{"$f":"SUMIFS('[20]WorkDone DATA'!$L:$L,'[20]WorkDone DATA'!$N:$N,BOQ!AK$6,'[20]WorkDone DATA'!$G:$G,BOQ!$B137)*$G137","v":{"$error":"#VALUE!"}},{"$f":"SUMIFS('[20]WorkDone DATA'!$L:$L,'[20]WorkDone DATA'!$N:$N,BOQ!AL$6,'[20]WorkDone DATA'!$G:$G,BOQ!$B137)*$G137","v":{"$error":"#VALUE!"}},{"$f":"SUMIFS('[20]WorkDone DATA'!$L:$L,'[20]WorkDone DATA'!$N:$N,BOQ!AM$6,'[20]WorkDone DATA'!$G:$G,BOQ!$B137)*$G137","v":{"$error":"#VALUE!"}},{"$f":"SUMIFS('[20]WorkDone DATA'!$L:$L,'[20]WorkDone DATA'!$N:$N,BOQ!AN$6,'[20]WorkDone DATA'!$G:$G,BOQ!$B137)*$G137","v":{"$error":"#VALUE!"}},{"$f":"SUMIFS('[20]WorkDone DATA'!$L:$L,'[20]WorkDone DATA'!$N:$N,BOQ!AO$6,'[20]WorkDone DATA'!$G:$G,BOQ!$B137)*$G137","v":{"$error":"#VALUE!"}},{"$f":"SUMIFS('[20]WorkDone DATA'!$L:$L,'[20]WorkDone DATA'!$N:$N,BOQ!AP$6,'[20]WorkDone DATA'!$G:$G,BOQ!$B137)*$G137","v":{"$error":"#VALUE!"}},{"$f":"SUMIFS('[20]WorkDone DATA'!$L:$L,'[20]WorkDone DATA'!$N:$N,BOQ!AQ$6,'[20]WorkDone DATA'!$G:$G,BOQ!$B137)*$G137","v":{"$error":"#VALUE!"}},{"$f":"SUMIFS('[20]WorkDone DATA'!$L:$L,'[20]WorkDone DATA'!$N:$N,BOQ!AR$6,'[20]WorkDone DATA'!$G:$G,BOQ!$B137)*$G137","v":{"$error":"#VALUE!"}},{"$f":"SUMIFS('[20]WorkDone DATA'!$L:$L,'[20]WorkDone DATA'!$N:$N,BOQ!AS$6,'[20]WorkDone DATA'!$G:$G,BOQ!$B137)*$G137","v":{"$error":"#VALUE!"}},{"$f":"SUMIFS('[20]WorkDone DATA'!$L:$L,'[20]WorkDone DATA'!$N:$N,BOQ!AT$6,'[20]WorkDone DATA'!$G:$G,BOQ!$B137)*$G137","v":{"$error":"#VALUE!"}},{"$f":"SUMIFS('[20]WorkDone DATA'!$L:$L,'[20]WorkDone DATA'!$N:$N,BOQ!AU$6,'[20]WorkDone DATA'!$G:$G,BOQ!$B137)*$G137","v":{"$error":"#VALUE!"}},{"$f":"SUMIFS('[20]WorkDone DATA'!$L:$L,'[20]WorkDone DATA'!$N:$N,BOQ!AV$6,'[20]WorkDone DATA'!$G:$G,BOQ!$B137)*$G137","v":{"$error":"#VALUE!"}},{"$f":"SUMIFS('[20]WorkDone DATA'!$L:$L,'[20]WorkDone DATA'!$N:$N,BOQ!AW$6,'[20]WorkDone DATA'!$G:$G,BOQ!$B137)*$G137","v":{"$error":"#VALUE!"}},{"$f":"SUMIFS('[20]WorkDone DATA'!$L:$L,'[20]WorkDone DATA'!$N:$N,BOQ!AX$6,'[20]WorkDone DATA'!$G:$G,BOQ!$B137)*$G137","v":{"$error":"#VALUE!"}},{"$f":"SUMIFS('[20]WorkDone DATA'!$L:$L,'[20]WorkDone DATA'!$N:$N,BOQ!AY$6,'[20]WorkDone DATA'!$G:$G,BOQ!$B137)*$G137","v":{"$error":"#VALUE!"}},{"$f":"SUMIFS('[20]WorkDone DATA'!$L:$L,'[20]WorkDone DATA'!$N:$N,BOQ!AZ$6,'[20]WorkDone DATA'!$G:$G,BOQ!$B137)*$G137","v":{"$error":"#VALUE!"}},{"$f":"SUMIFS('[20]WorkDone DATA'!$L:$L,'[20]WorkDone DATA'!$N:$N,BOQ!BA$6,'[20]WorkDone DATA'!$G:$G,BOQ!$B137)*$G137","v":{"$error":"#VALUE!"}},{"$f":"SUMIFS('[20]WorkDone DATA'!$L:$L,'[20]WorkDone DATA'!$N:$N,BOQ!BB$6,'[20]WorkDone DATA'!$G:$G,BOQ!$B137)*$G137","v":{"$error":"#VALUE!"}},{"$f":"SUMIFS('[20]WorkDone DATA'!$L:$L,'[20]WorkDone DATA'!$N:$N,BOQ!BC$6,'[20]WorkDone DATA'!$G:$G,BOQ!$B137)*$G137","v":{"$error":"#VALUE!"}},{"$f":"SUMIFS('[20]WorkDone DATA'!$L:$L,'[20]WorkDone DATA'!$N:$N,BOQ!BD$6,'[20]WorkDone DATA'!$G:$G,BOQ!$B137)*$G137","v":{"$error":"#VALUE!"}},{"$f":"SUMIFS('[20]WorkDone DATA'!$L:$L,'[20]WorkDone DATA'!$N:$N,BOQ!BE$6,'[20]WorkDone DATA'!$G:$G,BOQ!$B137)*$G137","v":{"$error":"#VALUE!"}},{"$f":"SUMIFS('[20]WorkDone DATA'!$L:$L,'[20]WorkDone DATA'!$N:$N,BOQ!BF$6,'[20]WorkDone DATA'!$G:$G,BOQ!$B137)*$G137","v":{"$error":"#VALUE!"}},{"$f":"SUMIFS('[20]WorkDone DATA'!$L:$L,'[20]WorkDone DATA'!$N:$N,BOQ!BG$6,'[20]WorkDone DATA'!$G:$G,BOQ!$B137)*$G137","v":{"$error":"#VALUE!"}},{"$f":"SUMIFS('[20]WorkDone DATA'!$L:$L,'[20]WorkDone DATA'!$N:$N,BOQ!BH$6,'[20]WorkDone DATA'!$G:$G,BOQ!$B137)*$G137","v":{"$error":"#VALUE!"}},{"$f":"SUMIFS('[20]WorkDone DATA'!$L:$L,'[20]WorkDone DATA'!$N:$N,BOQ!BI$6,'[20]WorkDone DATA'!$G:$G,BOQ!$B137)*$G137","v":{"$error":"#VALUE!"}},{"$f":"SUMIFS('[20]WorkDone DATA'!$L:$L,'[20]WorkDone DATA'!$N:$N,BOQ!BJ$6,'[20]WorkDone DATA'!$G:$G,BOQ!$B137)*$G137","v":{"$error":"#VALUE!"}},{"$f":"SUMIFS('[20]WorkDone DATA'!$L:$L,'[20]WorkDone DATA'!$N:$N,BOQ!BK$6,'[20]WorkDone DATA'!$G:$G,BOQ!$B137)*$G137","v":{"$error":"#VALUE!"}},{"$f":"SUMIFS('[20]WorkDone DATA'!$L:$L,'[20]WorkDone DATA'!$N:$N,BOQ!BL$6,'[20]WorkDone DATA'!$G:$G,BOQ!$B137)*$G137","v":{"$error":"#VALUE!"}},{"$f":"SUMIFS('[20]WorkDone DATA'!$L:$L,'[20]WorkDone DATA'!$N:$N,BOQ!BM$6,'[20]WorkDone DATA'!$G:$G,BOQ!$B137)*$G137","v":{"$error":"#VALUE!"}},{"$f":"SUMIFS('[20]WorkDone DATA'!$L:$L,'[20]WorkDone DATA'!$N:$N,BOQ!BN$6,'[20]WorkDone DATA'!$G:$G,BOQ!$B137)*$G137","v":{"$error":"#VALUE!"}},{"$f":"SUMIFS('[20]WorkDone DATA'!$L:$L,'[20]WorkDone DATA'!$N:$N,BOQ!BO$6,'[20]WorkDone DATA'!$G:$G,BOQ!$B137)*$G137","v":{"$error":"#VALUE!"}},{"$f":"SUMIFS('[20]WorkDone DATA'!$L:$L,'[20]WorkDone DATA'!$N:$N,BOQ!BP$6,'[20]WorkDone DATA'!$G:$G,BOQ!$B137)*$G137","v":{"$error":"#VALUE!"}},{"$f":"SUMIFS('[20]WorkDone DATA'!$L:$L,'[20]WorkDone DATA'!$N:$N,BOQ!BQ$6,'[20]WorkDone DATA'!$G:$G,BOQ!$B137)*$G137","v":{"$error":"#VALUE!"}},{"$f":"SUMIFS('[20]WorkDone DATA'!$L:$L,'[20]WorkDone DATA'!$N:$N,BOQ!BR$6,'[20]WorkDone DATA'!$G:$G,BOQ!$B137)*$G137","v":{"$error":"#VALUE!"}},{"$f":"SUMIFS('[20]WorkDone DATA'!$L:$L,'[20]WorkDone DATA'!$N:$N,BOQ!BS$6,'[20]WorkDone DATA'!$G:$G,BOQ!$B137)*$G137","v":{"$error":"#VALUE!"}},{"$f":"SUMIFS('[20]WorkDone DATA'!$L:$L,'[20]WorkDone DATA'!$N:$N,BOQ!BT$6,'[20]WorkDone DATA'!$G:$G,BOQ!$B137)*$G137","v":{"$error":"#VALUE!"}},{"$f":"SUMIFS('[20]WorkDone DATA'!$L:$L,'[20]WorkDone DATA'!$N:$N,BOQ!BU$6,'[20]WorkDone DATA'!$G:$G,BOQ!$B137)*$G137","v":{"$error":"#VALUE!"}},{"$f":"SUMIFS('[20]WorkDone DATA'!$L:$L,'[20]WorkDone DATA'!$N:$N,BOQ!BV$6,'[20]WorkDone DATA'!$G:$G,BOQ!$B137)*$G137","v":{"$error":"#VALUE!"}},{"$f":"SUMIFS('[20]WorkDone DATA'!$L:$L,'[20]WorkDone DATA'!$N:$N,BOQ!BW$6,'[20]WorkDone DATA'!$G:$G,BOQ!$B137)*$G137","v":{"$error":"#VALUE!"}},{"$f":"SUMIFS('[20]WorkDone DATA'!$L:$L,'[20]WorkDone DATA'!$N:$N,BOQ!BX$6,'[20]WorkDone DATA'!$G:$G,BOQ!$B137)*$G137","v":{"$error":"#VALUE!"}}]
[{"$f":"C137","v":"95mm2 x 3core (EXX03PCV) 6.35 kV/11kV "},2.065,"Supply","E","m",150,984.89,{"v":147733.5,"d":"147,733.50"},null,null,{"$error":"#VALUE!"},{"$error":"#VALUE!"},{"$error":"#VALUE!"},null,{"$error":"#VALUE!"},{"$error":"#VALUE!"},null,{"$f":"SUMIFS('[20]WorkDone DATA'!$L:$L,'[20]WorkDone DATA'!$N:$N,BOQ!S$6,'[20]WorkDone DATA'!$G:$G,BOQ!$B138)","v":{"$error":"#VALUE!"}},{"$error":"#VALUE!"},{"$f":"SUMIFS('[20]WorkDone DATA'!$L:$L,'[20]WorkDone DATA'!$N:$N,BOQ!U$6,'[20]WorkDone DATA'!$G:$G,BOQ!$B138)","v":{"$error":"#VALUE!"}},{"$error":"#VALUE!"},null,{"$f":"SUMIFS('[20]WorkDone DATA'!$L:$L,'[20]WorkDone DATA'!$N:$N,BOQ!W$6,'[20]WorkDone DATA'!$G:$G,BOQ!$B138)*$G138","v":{"$error":"#VALUE!"}},null,{"$f":"SUMIFS('[20]WorkDone DATA'!$L:$L,'[20]WorkDone DATA'!$N:$N,BOQ!Y$6,'[20]WorkDone DATA'!$G:$G,BOQ!$B138)*$G138","v":{"$error":"#VALUE!"}},null,{"$f":"SUMIFS('[20]WorkDone DATA'!$L:$L,'[20]WorkDone DATA'!$N:$N,BOQ!AA$6,'[20]WorkDone DATA'!$G:$G,BOQ!$B138)*$G138","v":{"$error":"#VALUE!"}},{"$f":"SUMIFS('[20]WorkDone DATA'!$L:$L,'[20]WorkDone DATA'!$N:$N,BOQ!AB$6,'[20]WorkDone DATA'!$G:$G,BOQ!$B138)*$G138","v":{"$error":"#VALUE!"}},{"$f":"SUMIFS('[20]WorkDone DATA'!$L:$L,'[20]WorkDone DATA'!$N:$N,BOQ!AC$6,'[20]WorkDone DATA'!$G:$G,BOQ!$B138)*$G138","v":{"$error":"#VALUE!"}},{"$f":"SUMIFS('[20]WorkDone DATA'!$L:$L,'[20]WorkDone DATA'!$N:$N,BOQ!AD$6,'[20]WorkDone DATA'!$G:$G,BOQ!$B138)*$G138","v":{"$error":"#VALUE!"}},{"$f":"SUMIFS('[20]WorkDone DATA'!$L:$L,'[20]WorkDone DATA'!$N:$N,BOQ!AE$6,'[20]WorkDone DATA'!$G:$G,BOQ!$B138)*$G138","v":{"$error":"#VALUE!"}},{"$f":"SUMIFS('[20]WorkDone DATA'!$L:$L,'[20]WorkDone DATA'!$N:$N,BOQ!AF$6,'[20]WorkDone DATA'!$G:$G,BOQ!$B138)*$G138","v":{"$error":"#VALUE!"}},{"$f":"SUMIFS('[20]WorkDone DATA'!$L:$L,'[20]WorkDone DATA'!$N:$N,BOQ!AG$6,'[20]WorkDone DATA'!$G:$G,BOQ!$B138)*$G138","v":{"$error":"#VALUE!"}},{"$f":"SUMIFS('[20]WorkDone DATA'!$L:$L,'[20]WorkDone DATA'!$N:$N,BOQ!AH$6,'[20]WorkDone DATA'!$G:$G,BOQ!$B138)*$G138","v":{"$error":"#VALUE!"}},{"$f":"SUMIFS('[20]WorkDone DATA'!$L:$L,'[20]WorkDone DATA'!$N:$N,BOQ!AI$6,'[20]WorkDone DATA'!$G:$G,BOQ!$B138)*$G138","v":{"$error":"#VALUE!"}},{"$f":"SUMIFS('[20]WorkDone DATA'!$L:$L,'[20]WorkDone DATA'!$N:$N,BOQ!AJ$6,'[20]WorkDone DATA'!$G:$G,BOQ!$B138)*$G138","v":{"$error":"#VALUE!"}},{"$f":"SUMIFS('[20]WorkDone DATA'!$L:$L,'[20]WorkDone DATA'!$N:$N,BOQ!AK$6,'[20]WorkDone DATA'!$G:$G,BOQ!$B138)*$G138","v":{"$error":"#VALUE!"}},{"$f":"SUMIFS('[20]WorkDone DATA'!$L:$L,'[20]WorkDone DATA'!$N:$N,BOQ!AL$6,'[20]WorkDone DATA'!$G:$G,BOQ!$B138)*$G138","v":{"$error":"#VALUE!"}},{"$f":"SUMIFS('[20]WorkDone DATA'!$L:$L,'[20]WorkDone DATA'!$N:$N,BOQ!AM$6,'[20]WorkDone DATA'!$G:$G,BOQ!$B138)*$G138","v":{"$error":"#VALUE!"}},{"$f":"SUMIFS('[20]WorkDone DATA'!$L:$L,'[20]WorkDone DATA'!$N:$N,BOQ!AN$6,'[20]WorkDone DATA'!$G:$G,BOQ!$B138)*$G138","v":{"$error":"#VALUE!"}},{"$f":"SUMIFS('[20]WorkDone DATA'!$L:$L,'[20]WorkDone DATA'!$N:$N,BOQ!AO$6,'[20]WorkDone DATA'!$G:$G,BOQ!$B138)*$G138","v":{"$error":"#VALUE!"}},{"$f":"SUMIFS('[20]WorkDone DATA'!$L:$L,'[20]WorkDone DATA'!$N:$N,BOQ!AP$6,'[20]WorkDone DATA'!$G:$G,BOQ!$B138)*$G138","v":{"$error":"#VALUE!"}},{"$f":"SUMIFS('[20]WorkDone DATA'!$L:$L,'[20]WorkDone DATA'!$N:$N,BOQ!AQ$6,'[20]WorkDone DATA'!$G:$G,BOQ!$B138)*$G138","v":{"$error":"#VALUE!"}},{"$f":"SUMIFS('[20]WorkDone DATA'!$L:$L,'[20]WorkDone DATA'!$N:$N,BOQ!AR$6,'[20]WorkDone DATA'!$G:$G,BOQ!$B138)*$G138","v":{"$error":"#VALUE!"}},{"$f":"SUMIFS('[20]WorkDone DATA'!$L:$L,'[20]WorkDone DATA'!$N:$N,BOQ!AS$6,'[20]WorkDone DATA'!$G:$G,BOQ!$B138)*$G138","v":{"$error":"#VALUE!"}},{"$f":"SUMIFS('[20]WorkDone DATA'!$L:$L,'[20]WorkDone DATA'!$N:$N,BOQ!AT$6,'[20]WorkDone DATA'!$G:$G,BOQ!$B138)*$G138","v":{"$error":"#VALUE!"}},{"$f":"SUMIFS('[20]WorkDone DATA'!$L:$L,'[20]WorkDone DATA'!$N:$N,BOQ!AU$6,'[20]WorkDone DATA'!$G:$G,BOQ!$B138)*$G138","v":{"$error":"#VALUE!"}},{"$f":"SUMIFS('[20]WorkDone DATA'!$L:$L,'[20]WorkDone DATA'!$N:$N,BOQ!AV$6,'[20]WorkDone DATA'!$G:$G,BOQ!$B138)*$G138","v":{"$error":"#VALUE!"}},{"$f":"SUMIFS('[20]WorkDone DATA'!$L:$L,'[20]WorkDone DATA'!$N:$N,BOQ!AW$6,'[20]WorkDone DATA'!$G:$G,BOQ!$B138)*$G138","v":{"$error":"#VALUE!"}},{"$f":"SUMIFS('[20]WorkDone DATA'!$L:$L,'[20]WorkDone DATA'!$N:$N,BOQ!AX$6,'[20]WorkDone DATA'!$G:$G,BOQ!$B138)*$G138","v":{"$error":"#VALUE!"}},{"$f":"SUMIFS('[20]WorkDone DATA'!$L:$L,'[20]WorkDone DATA'!$N:$N,BOQ!AY$6,'[20]WorkDone DATA'!$G:$G,BOQ!$B138)*$G138","v":{"$error":"#VALUE!"}},{"$f":"SUMIFS('[20]WorkDone DATA'!$L:$L,'[20]WorkDone DATA'!$N:$N,BOQ!AZ$6,'[20]WorkDone DATA'!$G:$G,BOQ!$B138)*$G138","v":{"$error":"#VALUE!"}},{"$f":"SUMIFS('[20]WorkDone DATA'!$L:$L,'[20]WorkDone DATA'!$N:$N,BOQ!BA$6,'[20]WorkDone DATA'!$G:$G,BOQ!$B138)*$G138","v":{"$error":"#VALUE!"}},{"$f":"SUMIFS('[20]WorkDone DATA'!$L:$L,'[20]WorkDone DATA'!$N:$N,BOQ!BB$6,'[20]WorkDone DATA'!$G:$G,BOQ!$B138)*$G138","v":{"$error":"#VALUE!"}},{"$f":"SUMIFS('[20]WorkDone DATA'!$L:$L,'[20]WorkDone DATA'!$N:$N,BOQ!BC$6,'[20]WorkDone DATA'!$G:$G,BOQ!$B138)*$G138","v":{"$error":"#VALUE!"}},{"$f":"SUMIFS('[20]WorkDone DATA'!$L:$L,'[20]WorkDone DATA'!$N:$N,BOQ!BD$6,'[20]WorkDone DATA'!$G:$G,BOQ!$B138)*$G138","v":{"$error":"#VALUE!"}},{"$f":"SUMIFS('[20]WorkDone DATA'!$L:$L,'[20]WorkDone DATA'!$N:$N,BOQ!BE$6,'[20]WorkDone DATA'!$G:$G,BOQ!$B138)*$G138","v":{"$error":"#VALUE!"}},{"$f":"SUMIFS('[20]WorkDone DATA'!$L:$L,'[20]WorkDone DATA'!$N:$N,BOQ!BF$6,'[20]WorkDone DATA'!$G:$G,BOQ!$B138)*$G138","v":{"$error":"#VALUE!"}},{"$f":"SUMIFS('[20]WorkDone DATA'!$L:$L,'[20]WorkDone DATA'!$N:$N,BOQ!BG$6,'[20]WorkDone DATA'!$G:$G,BOQ!$B138)*$G138","v":{"$error":"#VALUE!"}},{"$f":"SUMIFS('[20]WorkDone DATA'!$L:$L,'[20]WorkDone DATA'!$N:$N,BOQ!BH$6,'[20]WorkDone DATA'!$G:$G,BOQ!$B138)*$G138","v":{"$error":"#VALUE!"}},{"$f":"SUMIFS('[20]WorkDone DATA'!$L:$L,'[20]WorkDone DATA'!$N:$N,BOQ!BI$6,'[20]WorkDone DATA'!$G:$G,BOQ!$B138)*$G138","v":{"$error":"#VALUE!"}},{"$f":"SUMIFS('[20]WorkDone DATA'!$L:$L,'[20]WorkDone DATA'!$N:$N,BOQ!BJ$6,'[20]WorkDone DATA'!$G:$G,BOQ!$B138)*$G138","v":{"$error":"#VALUE!"}},{"$f":"SUMIFS('[20]WorkDone DATA'!$L:$L,'[20]WorkDone DATA'!$N:$N,BOQ!BK$6,'[20]WorkDone DATA'!$G:$G,BOQ!$B138)*$G138","v":{"$error":"#VALUE!"}},{"$f":"SUMIFS('[20]WorkDone DATA'!$L:$L,'[20]WorkDone DATA'!$N:$N,BOQ!BL$6,'[20]WorkDone DATA'!$G:$G,BOQ!$B138)*$G138","v":{"$error":"#VALUE!"}},{"$f":"SUMIFS('[20]WorkDone DATA'!$L:$L,'[20]WorkDone DATA'!$N:$N,BOQ!BM$6,'[20]WorkDone DATA'!$G:$G,BOQ!$B138)*$G138","v":{"$error":"#VALUE!"}},{"$f":"SUMIFS('[20]WorkDone DATA'!$L:$L,'[20]WorkDone DATA'!$N:$N,BOQ!BN$6,'[20]WorkDone DATA'!$G:$G,BOQ!$B138)*$G138","v":{"$error":"#VALUE!"}},{"$f":"SUMIFS('[20]WorkDone DATA'!$L:$L,'[20]WorkDone DATA'!$N:$N,BOQ!BO$6,'[20]WorkDone DATA'!$G:$G,BOQ!$B138)*$G138","v":{"$error":"#VALUE!"}},{"$f":"SUMIFS('[20]WorkDone DATA'!$L:$L,'[20]WorkDone DATA'!$N:$N,BOQ!BP$6,'[20]WorkDone DATA'!$G:$G,BOQ!$B138)*$G138","v":{"$error":"#VALUE!"}},{"$f":"SUMIFS('[20]WorkDone DATA'!$L:$L,'[20]WorkDone DATA'!$N:$N,BOQ!BQ$6,'[20]WorkDone DATA'!$G:$G,BOQ!$B138)*$G138","v":{"$error":"#VALUE!"}},{"$f":"SUMIFS('[20]WorkDone DATA'!$L:$L,'[20]WorkDone DATA'!$N:$N,BOQ!BR$6,'[20]WorkDone DATA'!$G:$G,BOQ!$B138)*$G138","v":{"$error":"#VALUE!"}},{"$f":"SUMIFS('[20]WorkDone DATA'!$L:$L,'[20]WorkDone DATA'!$N:$N,BOQ!BS$6,'[20]WorkDone DATA'!$G:$G,BOQ!$B138)*$G138","v":{"$error":"#VALUE!"}},{"$f":"SUMIFS('[20]WorkDone DATA'!$L:$L,'[20]WorkDone DATA'!$N:$N,BOQ!BT$6,'[20]WorkDone DATA'!$G:$G,BOQ!$B138)*$G138","v":{"$error":"#VALUE!"}},{"$f":"SUMIFS('[20]WorkDone DATA'!$L:$L,'[20]WorkDone DATA'!$N:$N,BOQ!BU$6,'[20]WorkDone DATA'!$G:$G,BOQ!$B138)*$G138","v":{"$error":"#VALUE!"}},{"$f":"SUMIFS('[20]WorkDone DATA'!$L:$L,'[20]WorkDone DATA'!$N:$N,BOQ!BV$6,'[20]WorkDone DATA'!$G:$G,BOQ!$B138)*$G138","v":{"$error":"#VALUE!"}},{"$f":"SUMIFS('[20]WorkDone DATA'!$L:$L,'[20]WorkDone DATA'!$N:$N,BOQ!BW$6,'[20]WorkDone DATA'!$G:$G,BOQ!$B138)*$G138","v":{"$error":"#VALUE!"}},{"$f":"SUMIFS('[20]WorkDone DATA'!$L:$L,'[20]WorkDone DATA'!$N:$N,BOQ!BX$6,'[20]WorkDone DATA'!$G:$G,BOQ!$B138)*$G138","v":{"$error":"#VALUE!"}}]
[{"$f":"C137","v":"95mm2 x 3core (EXX03PCV) 6.35 kV/11kV "},2.066,"Installation","A","m",150,72.68,{"v":10902.000000000002,"d":"10,902.00"},null,null,{"$error":"#VALUE!"},{"$error":"#VALUE!"},{"$error":"#VALUE!"},null,{"$error":"#VALUE!"},{"$error":"#VALUE!"},null,{"$f":"SUMIFS('[20]WorkDone DATA'!$L:$L,'[20]WorkDone DATA'!$N:$N,BOQ!S$6,'[20]WorkDone DATA'!$G:$G,BOQ!$B139)","v":{"$error":"#VALUE!"}},{"$error":"#VALUE!"},{"$f":"SUMIFS('[20]WorkDone DATA'!$L:$L,'[20]WorkDone DATA'!$N:$N,BOQ!U$6,'[20]WorkDone DATA'!$G:$G,BOQ!$B139)","v":{"$error":"#VALUE!"}},{"$error":"#VALUE!"},null,{"$f":"SUMIFS('[20]WorkDone DATA'!$L:$L,'[20]WorkDone DATA'!$N:$N,BOQ!W$6,'[20]WorkDone DATA'!$G:$G,BOQ!$B139)*$G139","v":{"$error":"#VALUE!"}},null,{"$f":"SUMIFS('[20]WorkDone DATA'!$L:$L,'[20]WorkDone DATA'!$N:$N,BOQ!Y$6,'[20]WorkDone DATA'!$G:$G,BOQ!$B139)*$G139","v":{"$error":"#VALUE!"}},null,{"$f":"SUMIFS('[20]WorkDone DATA'!$L:$L,'[20]WorkDone DATA'!$N:$N,BOQ!AA$6,'[20]WorkDone DATA'!$G:$G,BOQ!$B139)*$G139","v":{"$error":"#VALUE!"}},{"$f":"SUMIFS('[20]WorkDone DATA'!$L:$L,'[20]WorkDone DATA'!$N:$N,BOQ!AB$6,'[20]WorkDone DATA'!$G:$G,BOQ!$B139)*$G139","v":{"$error":"#VALUE!"}},{"$f":"SUMIFS('[20]WorkDone DATA'!$L:$L,'[20]WorkDone DATA'!$N:$N,BOQ!AC$6,'[20]WorkDone DATA'!$G:$G,BOQ!$B139)*$G139","v":{"$error":"#VALUE!"}},{"$f":"SUMIFS('[20]WorkDone DATA'!$L:$L,'[20]WorkDone DATA'!$N:$N,BOQ!AD$6,'[20]WorkDone DATA'!$G:$G,BOQ!$B139)*$G139","v":{"$error":"#VALUE!"}},{"$f":"SUMIFS('[20]WorkDone DATA'!$L:$L,'[20]WorkDone DATA'!$N:$N,BOQ!AE$6,'[20]WorkDone DATA'!$G:$G,BOQ!$B139)*$G139","v":{"$error":"#VALUE!"}},{"$f":"SUMIFS('[20]WorkDone DATA'!$L:$L,'[20]WorkDone DATA'!$N:$N,BOQ!AF$6,'[20]WorkDone DATA'!$G:$G,BOQ!$B139)*$G139","v":{"$error":"#VALUE!"}},{"$f":"SUMIFS('[20]WorkDone DATA'!$L:$L,'[20]WorkDone DATA'!$N:$N,BOQ!AG$6,'[20]WorkDone DATA'!$G:$G,BOQ!$B139)*$G139","v":{"$error":"#VALUE!"}},{"$f":"SUMIFS('[20]WorkDone DATA'!$L:$L,'[20]WorkDone DATA'!$N:$N,BOQ!AH$6,'[20]WorkDone DATA'!$G:$G,BOQ!$B139)*$G139","v":{"$error":"#VALUE!"}},{"$f":"SUMIFS('[20]WorkDone DATA'!$L:$L,'[20]WorkDone DATA'!$N:$N,BOQ!AI$6,'[20]WorkDone DATA'!$G:$G,BOQ!$B139)*$G139","v":{"$error":"#VALUE!"}},{"$f":"SUMIFS('[20]WorkDone DATA'!$L:$L,'[20]WorkDone DATA'!$N:$N,BOQ!AJ$6,'[20]WorkDone DATA'!$G:$G,BOQ!$B139)*$G139","v":{"$error":"#VALUE!"}},{"$f":"SUMIFS('[20]WorkDone DATA'!$L:$L,'[20]WorkDone DATA'!$N:$N,BOQ!AK$6,'[20]WorkDone DATA'!$G:$G,BOQ!$B139)*$G139","v":{"$error":"#VALUE!"}},{"$f":"SUMIFS('[20]WorkDone DATA'!$L:$L,'[20]WorkDone DATA'!$N:$N,BOQ!AL$6,'[20]WorkDone DATA'!$G:$G,BOQ!$B139)*$G139","v":{"$error":"#VALUE!"}},{"$f":"SUMIFS('[20]WorkDone DATA'!$L:$L,'[20]WorkDone DATA'!$N:$N,BOQ!AM$6,'[20]WorkDone DATA'!$G:$G,BOQ!$B139)*$G139","v":{"$error":"#VALUE!"}},{"$f":"SUMIFS('[20]WorkDone DATA'!$L:$L,'[20]WorkDone DATA'!$N:$N,BOQ!AN$6,'[20]WorkDone DATA'!$G:$G,BOQ!$B139)*$G139","v":{"$error":"#VALUE!"}},{"$f":"SUMIFS('[20]WorkDone DATA'!$L:$L,'[20]WorkDone DATA'!$N:$N,BOQ!AO$6,'[20]WorkDone DATA'!$G:$G,BOQ!$B139)*$G139","v":{"$error":"#VALUE!"}},{"$f":"SUMIFS('[20]WorkDone DATA'!$L:$L,'[20]WorkDone DATA'!$N:$N,BOQ!AP$6,'[20]WorkDone DATA'!$G:$G,BOQ!$B139)*$G139","v":{"$error":"#VALUE!"}},{"$f":"SUMIFS('[20]WorkDone DATA'!$L:$L,'[20]WorkDone DATA'!$N:$N,BOQ!AQ$6,'[20]WorkDone DATA'!$G:$G,BOQ!$B139)*$G139","v":{"$error":"#VALUE!"}},{"$f":"SUMIFS('[20]WorkDone DATA'!$L:$L,'[20]WorkDone DATA'!$N:$N,BOQ!AR$6,'[20]WorkDone DATA'!$G:$G,BOQ!$B139)*$G139","v":{"$error":"#VALUE!"}},{"$f":"SUMIFS('[20]WorkDone DATA'!$L:$L,'[20]WorkDone DATA'!$N:$N,BOQ!AS$6,'[20]WorkDone DATA'!$G:$G,BOQ!$B139)*$G139","v":{"$error":"#VALUE!"}},{"$f":"SUMIFS('[20]WorkDone DATA'!$L:$L,'[20]WorkDone DATA'!$N:$N,BOQ!AT$6,'[20]WorkDone DATA'!$G:$G,BOQ!$B139)*$G139","v":{"$error":"#VALUE!"}},{"$f":"SUMIFS('[20]WorkDone DATA'!$L:$L,'[20]WorkDone DATA'!$N:$N,BOQ!AU$6,'[20]WorkDone DATA'!$G:$G,BOQ!$B139)*$G139","v":{"$error":"#VALUE!"}},{"$f":"SUMIFS('[20]WorkDone DATA'!$L:$L,'[20]WorkDone DATA'!$N:$N,BOQ!AV$6,'[20]WorkDone DATA'!$G:$G,BOQ!$B139)*$G139","v":{"$error":"#VALUE!"}},{"$f":"SUMIFS('[20]WorkDone DATA'!$L:$L,'[20]WorkDone DATA'!$N:$N,BOQ!AW$6,'[20]WorkDone DATA'!$G:$G,BOQ!$B139)*$G139","v":{"$error":"#VALUE!"}},{"$f":"SUMIFS('[20]WorkDone DATA'!$L:$L,'[20]WorkDone DATA'!$N:$N,BOQ!AX$6,'[20]WorkDone DATA'!$G:$G,BOQ!$B139)*$G139","v":{"$error":"#VALUE!"}},{"$f":"SUMIFS('[20]WorkDone DATA'!$L:$L,'[20]WorkDone DATA'!$N:$N,BOQ!AY$6,'[20]WorkDone DATA'!$G:$G,BOQ!$B139)*$G139","v":{"$error":"#VALUE!"}},{"$f":"SUMIFS('[20]WorkDone DATA'!$L:$L,'[20]WorkDone DATA'!$N:$N,BOQ!AZ$6,'[20]WorkDone DATA'!$G:$G,BOQ!$B139)*$G139","v":{"$error":"#VALUE!"}},{"$f":"SUMIFS('[20]WorkDone DATA'!$L:$L,'[20]WorkDone DATA'!$N:$N,BOQ!BA$6,'[20]WorkDone DATA'!$G:$G,BOQ!$B139)*$G139","v":{"$error":"#VALUE!"}},{"$f":"SUMIFS('[20]WorkDone DATA'!$L:$L,'[20]WorkDone DATA'!$N:$N,BOQ!BB$6,'[20]WorkDone DATA'!$G:$G,BOQ!$B139)*$G139","v":{"$error":"#VALUE!"}},{"$f":"SUMIFS('[20]WorkDone DATA'!$L:$L,'[20]WorkDone DATA'!$N:$N,BOQ!BC$6,'[20]WorkDone DATA'!$G:$G,BOQ!$B139)*$G139","v":{"$error":"#VALUE!"}},{"$f":"SUMIFS('[20]WorkDone DATA'!$L:$L,'[20]WorkDone DATA'!$N:$N,BOQ!BD$6,'[20]WorkDone DATA'!$G:$G,BOQ!$B139)*$G139","v":{"$error":"#VALUE!"}},{"$f":"SUMIFS('[20]WorkDone DATA'!$L:$L,'[20]WorkDone DATA'!$N:$N,BOQ!BE$6,'[20]WorkDone DATA'!$G:$G,BOQ!$B139)*$G139","v":{"$error":"#VALUE!"}},{"$f":"SUMIFS('[20]WorkDone DATA'!$L:$L,'[20]WorkDone DATA'!$N:$N,BOQ!BF$6,'[20]WorkDone DATA'!$G:$G,BOQ!$B139)*$G139","v":{"$error":"#VALUE!"}},{"$f":"SUMIFS('[20]WorkDone DATA'!$L:$L,'[20]WorkDone DATA'!$N:$N,BOQ!BG$6,'[20]WorkDone DATA'!$G:$G,BOQ!$B139)*$G139","v":{"$error":"#VALUE!"}},{"$f":"SUMIFS('[20]WorkDone DATA'!$L:$L,'[20]WorkDone DATA'!$N:$N,BOQ!BH$6,'[20]WorkDone DATA'!$G:$G,BOQ!$B139)*$G139","v":{"$error":"#VALUE!"}},{"$f":"SUMIFS('[20]WorkDone DATA'!$L:$L,'[20]WorkDone DATA'!$N:$N,BOQ!BI$6,'[20]WorkDone DATA'!$G:$G,BOQ!$B139)*$G139","v":{"$error":"#VALUE!"}},{"$f":"SUMIFS('[20]WorkDone DATA'!$L:$L,'[20]WorkDone DATA'!$N:$N,BOQ!BJ$6,'[20]WorkDone DATA'!$G:$G,BOQ!$B139)*$G139","v":{"$error":"#VALUE!"}},{"$f":"SUMIFS('[20]WorkDone DATA'!$L:$L,'[20]WorkDone DATA'!$N:$N,BOQ!BK$6,'[20]WorkDone DATA'!$G:$G,BOQ!$B139)*$G139","v":{"$error":"#VALUE!"}},{"$f":"SUMIFS('[20]WorkDone DATA'!$L:$L,'[20]WorkDone DATA'!$N:$N,BOQ!BL$6,'[20]WorkDone DATA'!$G:$G,BOQ!$B139)*$G139","v":{"$error":"#VALUE!"}},{"$f":"SUMIFS('[20]WorkDone DATA'!$L:$L,'[20]WorkDone DATA'!$N:$N,BOQ!BM$6,'[20]WorkDone DATA'!$G:$G,BOQ!$B139)*$G139","v":{"$error":"#VALUE!"}},{"$f":"SUMIFS('[20]WorkDone DATA'!$L:$L,'[20]WorkDone DATA'!$N:$N,BOQ!BN$6,'[20]WorkDone DATA'!$G:$G,BOQ!$B139)*$G139","v":{"$error":"#VALUE!"}},{"$f":"SUMIFS('[20]WorkDone DATA'!$L:$L,'[20]WorkDone DATA'!$N:$N,BOQ!BO$6,'[20]WorkDone DATA'!$G:$G,BOQ!$B139)*$G139","v":{"$error":"#VALUE!"}},{"$f":"SUMIFS('[20]WorkDone DATA'!$L:$L,'[20]WorkDone DATA'!$N:$N,BOQ!BP$6,'[20]WorkDone DATA'!$G:$G,BOQ!$B139)*$G139","v":{"$error":"#VALUE!"}},{"$f":"SUMIFS('[20]WorkDone DATA'!$L:$L,'[20]WorkDone DATA'!$N:$N,BOQ!BQ$6,'[20]WorkDone DATA'!$G:$G,BOQ!$B139)*$G139","v":{"$error":"#VALUE!"}},{"$f":"SUMIFS('[20]WorkDone DATA'!$L:$L,'[20]WorkDone DATA'!$N:$N,BOQ!BR$6,'[20]WorkDone DATA'!$G:$G,BOQ!$B139)*$G139","v":{"$error":"#VALUE!"}},{"$f":"SUMIFS('[20]WorkDone DATA'!$L:$L,'[20]WorkDone DATA'!$N:$N,BOQ!BS$6,'[20]WorkDone DATA'!$G:$G,BOQ!$B139)*$G139","v":{"$error":"#VALUE!"}},{"$f":"SUMIFS('[20]WorkDone DATA'!$L:$L,'[20]WorkDone DATA'!$N:$N,BOQ!BT$6,'[20]WorkDone DATA'!$G:$G,BOQ!$B139)*$G139","v":{"$error":"#VALUE!"}},{"$f":"SUMIFS('[20]WorkDone DATA'!$L:$L,'[20]WorkDone DATA'!$N:$N,BOQ!BU$6,'[20]WorkDone DATA'!$G:$G,BOQ!$B139)*$G139","v":{"$error":"#VALUE!"}},{"$f":"SUMIFS('[20]WorkDone DATA'!$L:$L,'[20]WorkDone DATA'!$N:$N,BOQ!BV$6,'[20]WorkDone DATA'!$G:$G,BOQ!$B139)*$G139","v":{"$error":"#VALUE!"}},{"$f":"SUMIFS('[20]WorkDone DATA'!$L:$L,'[20]WorkDone DATA'!$N:$N,BOQ!BW$6,'[20]WorkDone DATA'!$G:$G,BOQ!$B139)*$G139","v":{"$error":"#VALUE!"}},{"$f":"SUMIFS('[20]WorkDone DATA'!$L:$L,'[20]WorkDone DATA'!$N:$N,BOQ!BX$6,'[20]WorkDone DATA'!$G:$G,BOQ!$B139)*$G139","v":{"$error":"#VALUE!"}}]
[null,null,"XLPE 3.3kV",{"$nulls":4},{"$f":"G140*F140","v":0},{"$nulls":3},{"$f":"SUMIF(R133:Y133,S133,R140:Y140)","v":{"$error":"#VALUE!"}},{"$f":"SUMIF(R133:BX133,S133,R140:BX140)","v":{"$error":"#VALUE!"}},null,{"$f":"F140-K140","v":0},{"$f":"H140-M140","v":{"$error":"#VALUE!"}},null,{"$f":"SUMIFS('[20]WorkDone DATA'!$L:$L,'[20]WorkDone DATA'!$N:$N,BOQ!S$6,'[20]WorkDone DATA'!$G:$G,BOQ!$B140)","v":{"$error":"#VALUE!"}},{"$f":"R140*G140","v":{"$error":"#VALUE!"}},{"$f":"SUMIFS('[20]WorkDone DATA'!$L:$L,'[20]WorkDone DATA'!$N:$N,BOQ!U$6,'[20]WorkDone DATA'!$G:$G,BOQ!$B140)","v":{"$error":"#VALUE!"}},{"$error":"#VALUE!"},null,{"$f":"SUMIFS('[20]WorkDone DATA'!$L:$L,'[20]WorkDone DATA'!$N:$N,BOQ!W$6,'[20]WorkDone DATA'!$G:$G,BOQ!$B140)*$G140","v":{"$error":"#VALUE!"}},null,{"$f":"SUMIFS('[20]WorkDone DATA'!$L:$L,'[20]WorkDone DATA'!$N:$N,BOQ!Y$6,'[20]WorkDone DATA'!$G:$G,BOQ!$B140)*$G140","v":{"$error":"#VALUE!"}},null,{"$f":"SUMIFS('[20]WorkDone DATA'!$L:$L,'[20]WorkDone DATA'!$N:$N,BOQ!AA$6,'[20]WorkDone DATA'!$G:$G,BOQ!$B140)*$G140","v":{"$error":"#VALUE!"}},{"$f":"SUMIFS('[20]WorkDone DATA'!$L:$L,'[20]WorkDone DATA'!$N:$N,BOQ!AB$6,'[20]WorkDone DATA'!$G:$G,BOQ!$B140)*$G140","v":{"$error":"#VALUE!"}},{"$f":"SUMIFS('[20]WorkDone DATA'!$L:$L,'[20]WorkDone DATA'!$N:$N,BOQ!AC$6,'[20]WorkDone DATA'!$G:$G,BOQ!$B140)*$G140","v":{"$error":"#VALUE!"}},{"$f":"SUMIFS('[20]WorkDone DATA'!$L:$L,'[20]WorkDone DATA'!$N:$N,BOQ!AD$6,'[20]WorkDone DATA'!$G:$G,BOQ!$B140)*$G140","v":{"$error":"#VALUE!"}},{"$f":"SUMIFS('[20]WorkDone DATA'!$L:$L,'[20]WorkDone DATA'!$N:$N,BOQ!AE$6,'[20]WorkDone DATA'!$G:$G,BOQ!$B140)*$G140","v":{"$error":"#VALUE!"}},{"$f":"SUMIFS('[20]WorkDone DATA'!$L:$L,'[20]WorkDone DATA'!$N:$N,BOQ!AF$6,'[20]WorkDone DATA'!$G:$G,BOQ!$B140)*$G140","v":{"$error":"#VALUE!"}},{"$f":"SUMIFS('[20]WorkDone DATA'!$L:$L,'[20]WorkDone DATA'!$N:$N,BOQ!AG$6,'[20]WorkDone DATA'!$G:$G,BOQ!$B140)*$G140","v":{"$error":"#VALUE!"}},{"$f":"SUMIFS('[20]WorkDone DATA'!$L:$L,'[20]WorkDone DATA'!$N:$N,BOQ!AH$6,'[20]WorkDone DATA'!$G:$G,BOQ!$B140)*$G140","v":{"$error":"#VALUE!"}},{"$f":"SUMIFS('[20]WorkDone DATA'!$L:$L,'[20]WorkDone DATA'!$N:$N,BOQ!AI$6,'[20]WorkDone DATA'!$G:$G,BOQ!$B140)*$G140","v":{"$error":"#VALUE!"}},{"$f":"SUMIFS('[20]WorkDone DATA'!$L:$L,'[20]WorkDone DATA'!$N:$N,BOQ!AJ$6,'[20]WorkDone DATA'!$G:$G,BOQ!$B140)*$G140","v":{"$error":"#VALUE!"}},{"$f":"SUMIFS('[20]WorkDone DATA'!$L:$L,'[20]WorkDone DATA'!$N:$N,BOQ!AK$6,'[20]WorkDone DATA'!$G:$G,BOQ!$B140)*$G140","v":{"$error":"#VALUE!"}},{"$f":"SUMIFS('[20]WorkDone DATA'!$L:$L,'[20]WorkDone DATA'!$N:$N,BOQ!AL$6,'[20]WorkDone DATA'!$G:$G,BOQ!$B140)*$G140","v":{"$error":"#VALUE!"}},{"$f":"SUMIFS('[20]WorkDone DATA'!$L:$L,'[20]WorkDone DATA'!$N:$N,BOQ!AM$6,'[20]WorkDone DATA'!$G:$G,BOQ!$B140)*$G140","v":{"$error":"#VALUE!"}},{"$f":"SUMIFS('[20]WorkDone DATA'!$L:$L,'[20]WorkDone DATA'!$N:$N,BOQ!AN$6,'[20]WorkDone DATA'!$G:$G,BOQ!$B140)*$G140","v":{"$error":"#VALUE!"}},{"$f":"SUMIFS('[20]WorkDone DATA'!$L:$L,'[20]WorkDone DATA'!$N:$N,BOQ!AO$6,'[20]WorkDone DATA'!$G:$G,BOQ!$B140)*$G140","v":{"$error":"#VALUE!"}},{"$f":"SUMIFS('[20]WorkDone DATA'!$L:$L,'[20]WorkDone DATA'!$N:$N,BOQ!AP$6,'[20]WorkDone DATA'!$G:$G,BOQ!$B140)*$G140","v":{"$error":"#VALUE!"}},{"$f":"SUMIFS('[20]WorkDone DATA'!$L:$L,'[20]WorkDone DATA'!$N:$N,BOQ!AQ$6,'[20]WorkDone DATA'!$G:$G,BOQ!$B140)*$G140","v":{"$error":"#VALUE!"}},{"$f":"SUMIFS('[20]WorkDone DATA'!$L:$L,'[20]WorkDone DATA'!$N:$N,BOQ!AR$6,'[20]WorkDone DATA'!$G:$G,BOQ!$B140)*$G140","v":{"$error":"#VALUE!"}},{"$f":"SUMIFS('[20]WorkDone DATA'!$L:$L,'[20]WorkDone DATA'!$N:$N,BOQ!AS$6,'[20]WorkDone DATA'!$G:$G,BOQ!$B140)*$G140","v":{"$error":"#VALUE!"}},{"$f":"SUMIFS('[20]WorkDone DATA'!$L:$L,'[20]WorkDone DATA'!$N:$N,BOQ!AT$6,'[20]WorkDone DATA'!$G:$G,BOQ!$B140)*$G140","v":{"$error":"#VALUE!"}},{"$f":"SUMIFS('[20]WorkDone DATA'!$L:$L,'[20]WorkDone DATA'!$N:$N,BOQ!AU$6,'[20]WorkDone DATA'!$G:$G,BOQ!$B140)*$G140","v":{"$error":"#VALUE!"}},{"$f":"SUMIFS('[20]WorkDone DATA'!$L:$L,'[20]WorkDone DATA'!$N:$N,BOQ!AV$6,'[20]WorkDone DATA'!$G:$G,BOQ!$B140)*$G140","v":{"$error":"#VALUE!"}},{"$f":"SUMIFS('[20]WorkDone DATA'!$L:$L,'[20]WorkDone DATA'!$N:$N,BOQ!AW$6,'[20]WorkDone DATA'!$G:$G,BOQ!$B140)*$G140","v":{"$error":"#VALUE!"}},{"$f":"SUMIFS('[20]WorkDone DATA'!$L:$L,'[20]WorkDone DATA'!$N:$N,BOQ!AX$6,'[20]WorkDone DATA'!$G:$G,BOQ!$B140)*$G140","v":{"$error":"#VALUE!"}},{"$f":"SUMIFS('[20]WorkDone DATA'!$L:$L,'[20]WorkDone DATA'!$N:$N,BOQ!AY$6,'[20]WorkDone DATA'!$G:$G,BOQ!$B140)*$G140","v":{"$error":"#VALUE!"}},{"$f":"SUMIFS('[20]WorkDone DATA'!$L:$L,'[20]WorkDone DATA'!$N:$N,BOQ!AZ$6,'[20]WorkDone DATA'!$G:$G,BOQ!$B140)*$G140","v":{"$error":"#VALUE!"}},{"$f":"SUMIFS('[20]WorkDone DATA'!$L:$L,'[20]WorkDone DATA'!$N:$N,BOQ!BA$6,'[20]WorkDone DATA'!$G:$G,BOQ!$B140)*$G140","v":{"$error":"#VALUE!"}},{"$f":"SUMIFS('[20]WorkDone DATA'!$L:$L,'[20]WorkDone DATA'!$N:$N,BOQ!BB$6,'[20]WorkDone DATA'!$G:$G,BOQ!$B140)*$G140","v":{"$error":"#VALUE!"}},{"$f":"SUMIFS('[20]WorkDone DATA'!$L:$L,'[20]WorkDone DATA'!$N:$N,BOQ!BC$6,'[20]WorkDone DATA'!$G:$G,BOQ!$B140)*$G140","v":{"$error":"#VALUE!"}},{"$f":"SUMIFS('[20]WorkDone DATA'!$L:$L,'[20]WorkDone DATA'!$N:$N,BOQ!BD$6,'[20]WorkDone DATA'!$G:$G,BOQ!$B140)*$G140","v":{"$error":"#VALUE!"}},{"$f":"SUMIFS('[20]WorkDone DATA'!$L:$L,'[20]WorkDone DATA'!$N:$N,BOQ!BE$6,'[20]WorkDone DATA'!$G:$G,BOQ!$B140)*$G140","v":{"$error":"#VALUE!"}},{"$f":"SUMIFS('[20]WorkDone DATA'!$L:$L,'[20]WorkDone DATA'!$N:$N,BOQ!BF$6,'[20]WorkDone DATA'!$G:$G,BOQ!$B140)*$G140","v":{"$error":"#VALUE!"}},{"$f":"SUMIFS('[20]WorkDone DATA'!$L:$L,'[20]WorkDone DATA'!$N:$N,BOQ!BG$6,'[20]WorkDone DATA'!$G:$G,BOQ!$B140)*$G140","v":{"$error":"#VALUE!"}},{"$f":"SUMIFS('[20]WorkDone DATA'!$L:$L,'[20]WorkDone DATA'!$N:$N,BOQ!BH$6,'[20]WorkDone DATA'!$G:$G,BOQ!$B140)*$G140","v":{"$error":"#VALUE!"}},{"$f":"SUMIFS('[20]WorkDone DATA'!$L:$L,'[20]WorkDone DATA'!$N:$N,BOQ!BI$6,'[20]WorkDone DATA'!$G:$G,BOQ!$B140)*$G140","v":{"$error":"#VALUE!"}},{"$f":"SUMIFS('[20]WorkDone DATA'!$L:$L,'[20]WorkDone DATA'!$N:$N,BOQ!BJ$6,'[20]WorkDone DATA'!$G:$G,BOQ!$B140)*$G140","v":{"$error":"#VALUE!"}},{"$f":"SUMIFS('[20]WorkDone DATA'!$L:$L,'[20]WorkDone DATA'!$N:$N,BOQ!BK$6,'[20]WorkDone DATA'!$G:$G,BOQ!$B140)*$G140","v":{"$error":"#VALUE!"}},{"$f":"SUMIFS('[20]WorkDone DATA'!$L:$L,'[20]WorkDone DATA'!$N:$N,BOQ!BL$6,'[20]WorkDone DATA'!$G:$G,BOQ!$B140)*$G140","v":{"$error":"#VALUE!"}},{"$f":"SUMIFS('[20]WorkDone DATA'!$L:$L,'[20]WorkDone DATA'!$N:$N,BOQ!BM$6,'[20]WorkDone DATA'!$G:$G,BOQ!$B140)*$G140","v":{"$error":"#VALUE!"}},{"$f":"SUMIFS('[20]WorkDone DATA'!$L:$L,'[20]WorkDone DATA'!$N:$N,BOQ!BN$6,'[20]WorkDone DATA'!$G:$G,BOQ!$B140)*$G140","v":{"$error":"#VALUE!"}},{"$f":"SUMIFS('[20]WorkDone DATA'!$L:$L,'[20]WorkDone DATA'!$N:$N,BOQ!BO$6,'[20]WorkDone DATA'!$G:$G,BOQ!$B140)*$G140","v":{"$error":"#VALUE!"}},{"$f":"SUMIFS('[20]WorkDone DATA'!$L:$L,'[20]WorkDone DATA'!$N:$N,BOQ!BP$6,'[20]WorkDone DATA'!$G:$G,BOQ!$B140)*$G140","v":{"$error":"#VALUE!"}},{"$f":"SUMIFS('[20]WorkDone DATA'!$L:$L,'[20]WorkDone DATA'!$N:$N,BOQ!BQ$6,'[20]WorkDone DATA'!$G:$G,BOQ!$B140)*$G140","v":{"$error":"#VALUE!"}},{"$f":"SUMIFS('[20]WorkDone DATA'!$L:$L,'[20]WorkDone DATA'!$N:$N,BOQ!BR$6,'[20]WorkDone DATA'!$G:$G,BOQ!$B140)*$G140","v":{"$error":"#VALUE!"}},{"$f":"SUMIFS('[20]WorkDone DATA'!$L:$L,'[20]WorkDone DATA'!$N:$N,BOQ!BS$6,'[20]WorkDone DATA'!$G:$G,BOQ!$B140)*$G140","v":{"$error":"#VALUE!"}},{"$f":"SUMIFS('[20]WorkDone DATA'!$L:$L,'[20]WorkDone DATA'!$N:$N,BOQ!BT$6,'[20]WorkDone DATA'!$G:$G,BOQ!$B140)*$G140","v":{"$error":"#VALUE!"}},{"$f":"SUMIFS('[20]WorkDone DATA'!$L:$L,'[20]WorkDone DATA'!$N:$N,BOQ!BU$6,'[20]WorkDone DATA'!$G:$G,BOQ!$B140)*$G140","v":{"$error":"#VALUE!"}},{"$f":"SUMIFS('[20]WorkDone DATA'!$L:$L,'[20]WorkDone DATA'!$N:$N,BOQ!BV$6,'[20]WorkDone DATA'!$G:$G,BOQ!$B140)*$G140","v":{"$error":"#VALUE!"}},{"$f":"SUMIFS('[20]WorkDone DATA'!$L:$L,'[20]WorkDone DATA'!$N:$N,BOQ!BW$6,'[20]WorkDone DATA'!$G:$G,BOQ!$B140)*$G140","v":{"$error":"#VALUE!"}},{"$f":"SUMIFS('[20]WorkDone DATA'!$L:$L,'[20]WorkDone DATA'!$N:$N,BOQ!BX$6,'[20]WorkDone DATA'!$G:$G,BOQ!$B140)*$G140","v":{"$error":"#VALUE!"}}]
[null,null,"630mm2 x 1core (CXX01XCV)  3.8kV/6.6kV",{"$nulls":4},0,{"$nulls":3},{"$error":"#VALUE!"},{"$error":"#VALUE!"},null,0,{"$error":"#VALUE!"},null,{"$f":"SUMIFS('[20]WorkDone DATA'!$L:$L,'[20]WorkDone DATA'!$N:$N,BOQ!S$6,'[20]WorkDone DATA'!$G:$G,BOQ!$B141)","v":{"$error":"#VALUE!"}},{"$error":"#VALUE!"},{"$f":"SUMIFS('[20]WorkDone DATA'!$L:$L,'[20]WorkDone DATA'!$N:$N,BOQ!U$6,'[20]WorkDone DATA'!$G:$G,BOQ!$B141)","v":{"$error":"#VALUE!"}},{"$f":"T141*G141","v":{"$error":"#VALUE!"}},null,{"$f":"SUMIFS('[20]WorkDone DATA'!$L:$L,'[20]WorkDone DATA'!$N:$N,BOQ!W$6,'[20]WorkDone DATA'!$G:$G,BOQ!$B141)*$G141","v":{"$error":"#VALUE!"}},null,{"$f":"SUMIFS('[20]WorkDone DATA'!$L:$L,'[20]WorkDone DATA'!$N:$N,BOQ!Y$6,'[20]WorkDone DATA'!$G:$G,BOQ!$B141)*$G141","v":{"$error":"#VALUE!"}},null,{"$f":"SUMIFS('[20]WorkDone DATA'!$L:$L,'[20]WorkDone DATA'!$N:$N,BOQ!AA$6,'[20]WorkDone DATA'!$G:$G,BOQ!$B141)*$G141","v":{"$error":"#VALUE!"}},{"$f":"SUMIFS('[20]WorkDone DATA'!$L:$L,'[20]WorkDone DATA'!$N:$N,BOQ!AB$6,'[20]WorkDone DATA'!$G:$G,BOQ!$B141)*$G141","v":{"$error":"#VALUE!"}},{"$f":"SUMIFS('[20]WorkDone DATA'!$L:$L,'[20]WorkDone DATA'!$N:$N,BOQ!AC$6,'[20]WorkDone DATA'!$G:$G,BOQ!$B141)*$G141","v":{"$error":"#VALUE!"}},{"$f":"SUMIFS('[20]WorkDone DATA'!$L:$L,'[20]WorkDone DATA'!$N:$N,BOQ!AD$6,'[20]WorkDone DATA'!$G:$G,BOQ!$B141)*$G141","v":{"$error":"#VALUE!"}},{"$f":"SUMIFS('[20]WorkDone DATA'!$L:$L,'[20]WorkDone DATA'!$N:$N,BOQ!AE$6,'[20]WorkDone DATA'!$G:$G,BOQ!$B141)*$G141","v":{"$error":"#VALUE!"}},{"$f":"SUMIFS('[20]WorkDone DATA'!$L:$L,'[20]WorkDone DATA'!$N:$N,BOQ!AF$6,'[20]WorkDone DATA'!$G:$G,BOQ!$B141)*$G141","v":{"$error":"#VALUE!"}},{"$f":"SUMIFS('[20]WorkDone DATA'!$L:$L,'[20]WorkDone DATA'!$N:$N,BOQ!AG$6,'[20]WorkDone DATA'!$G:$G,BOQ!$B141)*$G141","v":{"$error":"#VALUE!"}},{"$f":"SUMIFS('[20]WorkDone DATA'!$L:$L,'[20]WorkDone DATA'!$N:$N,BOQ!AH$6,'[20]WorkDone DATA'!$G:$G,BOQ!$B141)*$G141","v":{"$error":"#VALUE!"}},{"$f":"SUMIFS('[20]WorkDone DATA'!$L:$L,'[20]WorkDone DATA'!$N:$N,BOQ!AI$6,'[20]WorkDone DATA'!$G:$G,BOQ!$B141)*$G141","v":{"$error":"#VALUE!"}},{"$f":"SUMIFS('[20]WorkDone DATA'!$L:$L,'[20]WorkDone DATA'!$N:$N,BOQ!AJ$6,'[20]WorkDone DATA'!$G:$G,BOQ!$B141)*$G141","v":{"$error":"#VALUE!"}},{"$f":"SUMIFS('[20]WorkDone DATA'!$L:$L,'[20]WorkDone DATA'!$N:$N,BOQ!AK$6,'[20]WorkDone DATA'!$G:$G,BOQ!$B141)*$G141","v":{"$error":"#VALUE!"}},{"$f":"SUMIFS('[20]WorkDone DATA'!$L:$L,'[20]WorkDone DATA'!$N:$N,BOQ!AL$6,'[20]WorkDone DATA'!$G:$G,BOQ!$B141)*$G141","v":{"$error":"#VALUE!"}},{"$f":"SUMIFS('[20]WorkDone DATA'!$L:$L,'[20]WorkDone DATA'!$N:$N,BOQ!AM$6,'[20]WorkDone DATA'!$G:$G,BOQ!$B141)*$G141","v":{"$error":"#VALUE!"}},{"$f":"SUMIFS('[20]WorkDone DATA'!$L:$L,'[20]WorkDone DATA'!$N:$N,BOQ!AN$6,'[20]WorkDone DATA'!$G:$G,BOQ!$B141)*$G141","v":{"$error":"#VALUE!"}},{"$f":"SUMIFS('[20]WorkDone DATA'!$L:$L,'[20]WorkDone DATA'!$N:$N,BOQ!AO$6,'[20]WorkDone DATA'!$G:$G,BOQ!$B141)*$G141","v":{"$error":"#VALUE!"}},{"$f":"SUMIFS('[20]WorkDone DATA'!$L:$L,'[20]WorkDone DATA'!$N:$N,BOQ!AP$6,'[20]WorkDone DATA'!$G:$G,BOQ!$B141)*$G141","v":{"$error":"#VALUE!"}},{"$f":"SUMIFS('[20]WorkDone DATA'!$L:$L,'[20]WorkDone DATA'!$N:$N,BOQ!AQ$6,'[20]WorkDone DATA'!$G:$G,BOQ!$B141)*$G141","v":{"$error":"#VALUE!"}},{"$f":"SUMIFS('[20]WorkDone DATA'!$L:$L,'[20]WorkDone DATA'!$N:$N,BOQ!AR$6,'[20]WorkDone DATA'!$G:$G,BOQ!$B141)*$G141","v":{"$error":"#VALUE!"}},{"$f":"SUMIFS('[20]WorkDone DATA'!$L:$L,'[20]WorkDone DATA'!$N:$N,BOQ!AS$6,'[20]WorkDone DATA'!$G:$G,BOQ!$B141)*$G141","v":{"$error":"#VALUE!"}},{"$f":"SUMIFS('[20]WorkDone DATA'!$L:$L,'[20]WorkDone DATA'!$N:$N,BOQ!AT$6,'[20]WorkDone DATA'!$G:$G,BOQ!$B141)*$G141","v":{"$error":"#VALUE!"}},{"$f":"SUMIFS('[20]WorkDone DATA'!$L:$L,'[20]WorkDone DATA'!$N:$N,BOQ!AU$6,'[20]WorkDone DATA'!$G:$G,BOQ!$B141)*$G141","v":{"$error":"#VALUE!"}},{"$f":"SUMIFS('[20]WorkDone DATA'!$L:$L,'[20]WorkDone DATA'!$N:$N,BOQ!AV$6,'[20]WorkDone DATA'!$G:$G,BOQ!$B141)*$G141","v":{"$error":"#VALUE!"}},{"$f":"SUMIFS('[20]WorkDone DATA'!$L:$L,'[20]WorkDone DATA'!$N:$N,BOQ!AW$6,'[20]WorkDone DATA'!$G:$G,BOQ!$B141)*$G141","v":{"$error":"#VALUE!"}},{"$f":"SUMIFS('[20]WorkDone DATA'!$L:$L,'[20]WorkDone DATA'!$N:$N,BOQ!AX$6,'[20]WorkDone DATA'!$G:$G,BOQ!$B141)*$G141","v":{"$error":"#VALUE!"}},{"$f":"SUMIFS('[20]WorkDone DATA'!$L:$L,'[20]WorkDone DATA'!$N:$N,BOQ!AY$6,'[20]WorkDone DATA'!$G:$G,BOQ!$B141)*$G141","v":{"$error":"#VALUE!"}},{"$f":"SUMIFS('[20]WorkDone DATA'!$L:$L,'[20]WorkDone DATA'!$N:$N,BOQ!AZ$6,'[20]WorkDone DATA'!$G:$G,BOQ!$B141)*$G141","v":{"$error":"#VALUE!"}},{"$f":"SUMIFS('[20]WorkDone DATA'!$L:$L,'[20]WorkDone DATA'!$N:$N,BOQ!BA$6,'[20]WorkDone DATA'!$G:$G,BOQ!$B141)*$G141","v":{"$error":"#VALUE!"}},{"$f":"SUMIFS('[20]WorkDone DATA'!$L:$L,'[20]WorkDone DATA'!$N:$N,BOQ!BB$6,'[20]WorkDone DATA'!$G:$G,BOQ!$B141)*$G141","v":{"$error":"#VALUE!"}},{"$f":"SUMIFS('[20]WorkDone DATA'!$L:$L,'[20]WorkDone DATA'!$N:$N,BOQ!BC$6,'[20]WorkDone DATA'!$G:$G,BOQ!$B141)*$G141","v":{"$error":"#VALUE!"}},{"$f":"SUMIFS('[20]WorkDone DATA'!$L:$L,'[20]WorkDone DATA'!$N:$N,BOQ!BD$6,'[20]WorkDone DATA'!$G:$G,BOQ!$B141)*$G141","v":{"$error":"#VALUE!"}},{"$f":"SUMIFS('[20]WorkDone DATA'!$L:$L,'[20]WorkDone DATA'!$N:$N,BOQ!BE$6,'[20]WorkDone DATA'!$G:$G,BOQ!$B141)*$G141","v":{"$error":"#VALUE!"}},{"$f":"SUMIFS('[20]WorkDone DATA'!$L:$L,'[20]WorkDone DATA'!$N:$N,BOQ!BF$6,'[20]WorkDone DATA'!$G:$G,BOQ!$B141)*$G141","v":{"$error":"#VALUE!"}},{"$f":"SUMIFS('[20]WorkDone DATA'!$L:$L,'[20]WorkDone DATA'!$N:$N,BOQ!BG$6,'[20]WorkDone DATA'!$G:$G,BOQ!$B141)*$G141","v":{"$error":"#VALUE!"}},{"$f":"SUMIFS('[20]WorkDone DATA'!$L:$L,'[20]WorkDone DATA'!$N:$N,BOQ!BH$6,'[20]WorkDone DATA'!$G:$G,BOQ!$B141)*$G141","v":{"$error":"#VALUE!"}},{"$f":"SUMIFS('[20]WorkDone DATA'!$L:$L,'[20]WorkDone DATA'!$N:$N,BOQ!BI$6,'[20]WorkDone DATA'!$G:$G,BOQ!$B141)*$G141","v":{"$error":"#VALUE!"}},{"$f":"SUMIFS('[20]WorkDone DATA'!$L:$L,'[20]WorkDone DATA'!$N:$N,BOQ!BJ$6,'[20]WorkDone DATA'!$G:$G,BOQ!$B141)*$G141","v":{"$error":"#VALUE!"}},{"$f":"SUMIFS('[20]WorkDone DATA'!$L:$L,'[20]WorkDone DATA'!$N:$N,BOQ!BK$6,'[20]WorkDone DATA'!$G:$G,BOQ!$B141)*$G141","v":{"$error":"#VALUE!"}},{"$f":"SUMIFS('[20]WorkDone DATA'!$L:$L,'[20]WorkDone DATA'!$N:$N,BOQ!BL$6,'[20]WorkDone DATA'!$G:$G,BOQ!$B141)*$G141","v":{"$error":"#VALUE!"}},{"$f":"SUMIFS('[20]WorkDone DATA'!$L:$L,'[20]WorkDone DATA'!$N:$N,BOQ!BM$6,'[20]WorkDone DATA'!$G:$G,BOQ!$B141)*$G141","v":{"$error":"#VALUE!"}},{"$f":"SUMIFS('[20]WorkDone DATA'!$L:$L,'[20]WorkDone DATA'!$N:$N,BOQ!BN$6,'[20]WorkDone DATA'!$G:$G,BOQ!$B141)*$G141","v":{"$error":"#VALUE!"}},{"$f":"SUMIFS('[20]WorkDone DATA'!$L:$L,'[20]WorkDone DATA'!$N:$N,BOQ!BO$6,'[20]WorkDone DATA'!$G:$G,BOQ!$B141)*$G141","v":{"$error":"#VALUE!"}},{"$f":"SUMIFS('[20]WorkDone DATA'!$L:$L,'[20]WorkDone DATA'!$N:$N,BOQ!BP$6,'[20]WorkDone DATA'!$G:$G,BOQ!$B141)*$G141","v":{"$error":"#VALUE!"}},{"$f":"SUMIFS('[20]WorkDone DATA'!$L:$L,'[20]WorkDone DATA'!$N:$N,BOQ!BQ$6,'[20]WorkDone DATA'!$G:$G,BOQ!$B141)*$G141","v":{"$error":"#VALUE!"}},{"$f":"SUMIFS('[20]WorkDone DATA'!$L:$L,'[20]WorkDone DATA'!$N:$N,BOQ!BR$6,'[20]WorkDone DATA'!$G:$G,BOQ!$B141)*$G141","v":{"$error":"#VALUE!"}},{"$f":"SUMIFS('[20]WorkDone DATA'!$L:$L,'[20]WorkDone DATA'!$N:$N,BOQ!BS$6,'[20]WorkDone DATA'!$G:$G,BOQ!$B141)*$G141","v":{"$error":"#VALUE!"}},{"$f":"SUMIFS('[20]WorkDone DATA'!$L:$L,'[20]WorkDone DATA'!$N:$N,BOQ!BT$6,'[20]WorkDone DATA'!$G:$G,BOQ!$B141)*$G141","v":{"$error":"#VALUE!"}},{"$f":"SUMIFS('[20]WorkDone DATA'!$L:$L,'[20]WorkDone DATA'!$N:$N,BOQ!BU$6,'[20]WorkDone DATA'!$G:$G,BOQ!$B141)*$G141","v":{"$error":"#VALUE!"}},{"$f":"SUMIFS('[20]WorkDone DATA'!$L:$L,'[20]WorkDone DATA'!$N:$N,BOQ!BV$6,'[20]WorkDone DATA'!$G:$G,BOQ!$B141)*$G141","v":{"$error":"#VALUE!"}},{"$f":"SUMIFS('[20]WorkDone DATA'!$L:$L,'[20]WorkDone DATA'!$N:$N,BOQ!BW$6,'[20]WorkDone DATA'!$G:$G,BOQ!$B141)*$G141","v":{"$error":"#VALUE!"}},{"$f":"SUMIFS('[20]WorkDone DATA'!$L:$L,'[20]WorkDone DATA'!$N:$N,BOQ!BX$6,'[20]WorkDone DATA'!$G:$G,BOQ!$B141)*$G141","v":{"$error":"#VALUE!"}}]
[{"$f":"C141","v":"630mm2 x 1core (CXX01XCV)  3.8kV/6.6kV"},2.067,"Supply","E","m",540,{"v":1941.99,"d":"1,941.99"},{"v":1048674.6,"d":"1,048,674.60"},null,null,{"$f":"M142/G142","v":{"$error":"#VALUE!"}},{"$error":"#VALUE!"},{"$error":"#VALUE!"},null,{"$error":"#VALUE!"},{"$error":"#VALUE!"},null,{"$f":"SUMIFS('[20]WorkDone DATA'!$L:$L,'[20]WorkDone DATA'!$N:$N,BOQ!S$6,'[20]WorkDone DATA'!$G:$G,BOQ!$B142)","v":{"$error":"#VALUE!"}},{"$error":"#VALUE!"},{"$f":"SUMIFS('[20]WorkDone DATA'!$L:$L,'[20]WorkDone DATA'!$N:$N,BOQ!U$6,'[20]WorkDone DATA'!$G:$G,BOQ!$B142)","v":{"$error":"#VALUE!"}},{"$error":"#VALUE!"},null,{"$f":"SUMIFS('[20]WorkDone DATA'!$L:$L,'[20]WorkDone DATA'!$N:$N,BOQ!W$6,'[20]WorkDone DATA'!$G:$G,BOQ!$B142)*$G142","v":{"$error":"#VALUE!"}},null,{"$f":"SUMIFS('[20]WorkDone DATA'!$L:$L,'[20]WorkDone DATA'!$N:$N,BOQ!Y$6,'[20]WorkDone DATA'!$G:$G,BOQ!$B142)*$G142","v":{"$error":"#VALUE!"}},null,{"$f":"SUMIFS('[20]WorkDone DATA'!$L:$L,'[20]WorkDone DATA'!$N:$N,BOQ!AA$6,'[20]WorkDone DATA'!$G:$G,BOQ!$B142)*$G142","v":{"$error":"#VALUE!"}},{"$f":"SUMIFS('[20]WorkDone DATA'!$L:$L,'[20]WorkDone DATA'!$N:$N,BOQ!AB$6,'[20]WorkDone DATA'!$G:$G,BOQ!$B142)*$G142","v":{"$error":"#VALUE!"}},{"$f":"SUMIFS('[20]WorkDone DATA'!$L:$L,'[20]WorkDone DATA'!$N:$N,BOQ!AC$6,'[20]WorkDone DATA'!$G:$G,BOQ!$B142)*$G142","v":{"$error":"#VALUE!"}},{"$f":"SUMIFS('[20]WorkDone DATA'!$L:$L,'[20]WorkDone DATA'!$N:$N,BOQ!AD$6,'[20]WorkDone DATA'!$G:$G,BOQ!$B142)*$G142","v":{"$error":"#VALUE!"}},{"$f":"SUMIFS('[20]WorkDone DATA'!$L:$L,'[20]WorkDone DATA'!$N:$N,BOQ!AE$6,'[20]WorkDone DATA'!$G:$G,BOQ!$B142)*$G142","v":{"$error":"#VALUE!"}},{"$f":"SUMIFS('[20]WorkDone DATA'!$L:$L,'[20]WorkDone DATA'!$N:$N,BOQ!AF$6,'[20]WorkDone DATA'!$G:$G,BOQ!$B142)*$G142","v":{"$error":"#VALUE!"}},{"$f":"SUMIFS('[20]WorkDone DATA'!$L:$L,'[20]WorkDone DATA'!$N:$N,BOQ!AG$6,'[20]WorkDone DATA'!$G:$G,BOQ!$B142)*$G142","v":{"$error":"#VALUE!"}},{"$f":"SUMIFS('[20]WorkDone DATA'!$L:$L,'[20]WorkDone DATA'!$N:$N,BOQ!AH$6,'[20]WorkDone DATA'!$G:$G,BOQ!$B142)*$G142","v":{"$error":"#VALUE!"}},{"$f":"SUMIFS('[20]WorkDone DATA'!$L:$L,'[20]WorkDone DATA'!$N:$N,BOQ!AI$6,'[20]WorkDone DATA'!$G:$G,BOQ!$B142)*$G142","v":{"$error":"#VALUE!"}},{"$f":"SUMIFS('[20]WorkDone DATA'!$L:$L,'[20]WorkDone DATA'!$N:$N,BOQ!AJ$6,'[20]WorkDone DATA'!$G:$G,BOQ!$B142)*$G142","v":{"$error":"#VALUE!"}},{"$f":"SUMIFS('[20]WorkDone DATA'!$L:$L,'[20]WorkDone DATA'!$N:$N,BOQ!AK$6,'[20]WorkDone DATA'!$G:$G,BOQ!$B142)*$G142","v":{"$error":"#VALUE!"}},{"$f":"SUMIFS('[20]WorkDone DATA'!$L:$L,'[20]WorkDone DATA'!$N:$N,BOQ!AL$6,'[20]WorkDone DATA'!$G:$G,BOQ!$B142)*$G142","v":{"$error":"#VALUE!"}},{"$f":"SUMIFS('[20]WorkDone DATA'!$L:$L,'[20]WorkDone DATA'!$N:$N,BOQ!AM$6,'[20]WorkDone DATA'!$G:$G,BOQ!$B142)*$G142","v":{"$error":"#VALUE!"}},{"$f":"SUMIFS('[20]WorkDone DATA'!$L:$L,'[20]WorkDone DATA'!$N:$N,BOQ!AN$6,'[20]WorkDone DATA'!$G:$G,BOQ!$B142)*$G142","v":{"$error":"#VALUE!"}},{"$f":"SUMIFS('[20]WorkDone DATA'!$L:$L,'[20]WorkDone DATA'!$N:$N,BOQ!AO$6,'[20]WorkDone DATA'!$G:$G,BOQ!$B142)*$G142","v":{"$error":"#VALUE!"}},{"$f":"SUMIFS('[20]WorkDone DATA'!$L:$L,'[20]WorkDone DATA'!$N:$N,BOQ!AP$6,'[20]WorkDone DATA'!$G:$G,BOQ!$B142)*$G142","v":{"$error":"#VALUE!"}},{"$f":"SUMIFS('[20]WorkDone DATA'!$L:$L,'[20]WorkDone DATA'!$N:$N,BOQ!AQ$6,'[20]WorkDone DATA'!$G:$G,BOQ!$B142)*$G142","v":{"$error":"#VALUE!"}},{"$f":"SUMIFS('[20]WorkDone DATA'!$L:$L,'[20]WorkDone DATA'!$N:$N,BOQ!AR$6,'[20]WorkDone DATA'!$G:$G,BOQ!$B142)*$G142","v":{"$error":"#VALUE!"}},{"$f":"SUMIFS('[20]WorkDone DATA'!$L:$L,'[20]WorkDone DATA'!$N:$N,BOQ!AS$6,'[20]WorkDone DATA'!$G:$G,BOQ!$B142)*$G142","v":{"$error":"#VALUE!"}},{"$f":"SUMIFS('[20]WorkDone DATA'!$L:$L,'[20]WorkDone DATA'!$N:$N,BOQ!AT$6,'[20]WorkDone DATA'!$G:$G,BOQ!$B142)*$G142","v":{"$error":"#VALUE!"}},{"$f":"SUMIFS('[20]WorkDone DATA'!$L:$L,'[20]WorkDone DATA'!$N:$N,BOQ!AU$6,'[20]WorkDone DATA'!$G:$G,BOQ!$B142)*$G142","v":{"$error":"#VALUE!"}},{"$f":"SUMIFS('[20]WorkDone DATA'!$L:$L,'[20]WorkDone DATA'!$N:$N,BOQ!AV$6,'[20]WorkDone DATA'!$G:$G,BOQ!$B142)*$G142","v":{"$error":"#VALUE!"}},{"$f":"SUMIFS('[20]WorkDone DATA'!$L:$L,'[20]WorkDone DATA'!$N:$N,BOQ!AW$6,'[20]WorkDone DATA'!$G:$G,BOQ!$B142)*$G142","v":{"$error":"#VALUE!"}},{"$f":"SUMIFS('[20]WorkDone DATA'!$L:$L,'[20]WorkDone DATA'!$N:$N,BOQ!AX$6,'[20]WorkDone DATA'!$G:$G,BOQ!$B142)*$G142","v":{"$error":"#VALUE!"}},{"$f":"SUMIFS('[20]WorkDone DATA'!$L:$L,'[20]WorkDone DATA'!$N:$N,BOQ!AY$6,'[20]WorkDone DATA'!$G:$G,BOQ!$B142)*$G142","v":{"$error":"#VALUE!"}},{"$f":"SUMIFS('[20]WorkDone DATA'!$L:$L,'[20]WorkDone DATA'!$N:$N,BOQ!AZ$6,'[20]WorkDone DATA'!$G:$G,BOQ!$B142)*$G142","v":{"$error":"#VALUE!"}},{"$f":"SUMIFS('[20]WorkDone DATA'!$L:$L,'[20]WorkDone DATA'!$N:$N,BOQ!BA$6,'[20]WorkDone DATA'!$G:$G,BOQ!$B142)*$G142","v":{"$error":"#VALUE!"}},{"$f":"SUMIFS('[20]WorkDone DATA'!$L:$L,'[20]WorkDone DATA'!$N:$N,BOQ!BB$6,'[20]WorkDone DATA'!$G:$G,BOQ!$B142)*$G142","v":{"$error":"#VALUE!"}},{"$f":"SUMIFS('[20]WorkDone DATA'!$L:$L,'[20]WorkDone DATA'!$N:$N,BOQ!BC$6,'[20]WorkDone DATA'!$G:$G,BOQ!$B142)*$G142","v":{"$error":"#VALUE!"}},{"$f":"SUMIFS('[20]WorkDone DATA'!$L:$L,'[20]WorkDone DATA'!$N:$N,BOQ!BD$6,'[20]WorkDone DATA'!$G:$G,BOQ!$B142)*$G142","v":{"$error":"#VALUE!"}},{"$f":"SUMIFS('[20]WorkDone DATA'!$L:$L,'[20]WorkDone DATA'!$N:$N,BOQ!BE$6,'[20]WorkDone DATA'!$G:$G,BOQ!$B142)*$G142","v":{"$error":"#VALUE!"}},{"$f":"SUMIFS('[20]WorkDone DATA'!$L:$L,'[20]WorkDone DATA'!$N:$N,BOQ!BF$6,'[20]WorkDone DATA'!$G:$G,BOQ!$B142)*$G142","v":{"$error":"#VALUE!"}},{"$f":"SUMIFS('[20]WorkDone DATA'!$L:$L,'[20]WorkDone DATA'!$N:$N,BOQ!BG$6,'[20]WorkDone DATA'!$G:$G,BOQ!$B142)*$G142","v":{"$error":"#VALUE!"}},{"$f":"SUMIFS('[20]WorkDone DATA'!$L:$L,'[20]WorkDone DATA'!$N:$N,BOQ!BH$6,'[20]WorkDone DATA'!$G:$G,BOQ!$B142)*$G142","v":{"$error":"#VALUE!"}},{"$f":"SUMIFS('[20]WorkDone DATA'!$L:$L,'[20]WorkDone DATA'!$N:$N,BOQ!BI$6,'[20]WorkDone DATA'!$G:$G,BOQ!$B142)*$G142","v":{"$error":"#VALUE!"}},{"$f":"SUMIFS('[20]WorkDone DATA'!$L:$L,'[20]WorkDone DATA'!$N:$N,BOQ!BJ$6,'[20]WorkDone DATA'!$G:$G,BOQ!$B142)*$G142","v":{"$error":"#VALUE!"}},{"$f":"SUMIFS('[20]WorkDone DATA'!$L:$L,'[20]WorkDone DATA'!$N:$N,BOQ!BK$6,'[20]WorkDone DATA'!$G:$G,BOQ!$B142)*$G142","v":{"$error":"#VALUE!"}},{"$f":"SUMIFS('[20]WorkDone DATA'!$L:$L,'[20]WorkDone DATA'!$N:$N,BOQ!BL$6,'[20]WorkDone DATA'!$G:$G,BOQ!$B142)*$G142","v":{"$error":"#VALUE!"}},{"$f":"SUMIFS('[20]WorkDone DATA'!$L:$L,'[20]WorkDone DATA'!$N:$N,BOQ!BM$6,'[20]WorkDone DATA'!$G:$G,BOQ!$B142)*$G142","v":{"$error":"#VALUE!"}},{"$f":"SUMIFS('[20]WorkDone DATA'!$L:$L,'[20]WorkDone DATA'!$N:$N,BOQ!BN$6,'[20]WorkDone DATA'!$G:$G,BOQ!$B142)*$G142","v":{"$error":"#VALUE!"}},{"$f":"SUMIFS('[20]WorkDone DATA'!$L:$L,'[20]WorkDone DATA'!$N:$N,BOQ!BO$6,'[20]WorkDone DATA'!$G:$G,BOQ!$B142)*$G142","v":{"$error":"#VALUE!"}},{"$f":"SUMIFS('[20]WorkDone DATA'!$L:$L,'[20]WorkDone DATA'!$N:$N,BOQ!BP$6,'[20]WorkDone DATA'!$G:$G,BOQ!$B142)*$G142","v":{"$error":"#VALUE!"}},{"$f":"SUMIFS('[20]WorkDone DATA'!$L:$L,'[20]WorkDone DATA'!$N:$N,BOQ!BQ$6,'[20]WorkDone DATA'!$G:$G,BOQ!$B142)*$G142","v":{"$error":"#VALUE!"}},{"$f":"SUMIFS('[20]WorkDone DATA'!$L:$L,'[20]WorkDone DATA'!$N:$N,BOQ!BR$6,'[20]WorkDone DATA'!$G:$G,BOQ!$B142)*$G142","v":{"$error":"#VALUE!"}},{"$f":"SUMIFS('[20]WorkDone DATA'!$L:$L,'[20]WorkDone DATA'!$N:$N,BOQ!BS$6,'[20]WorkDone DATA'!$G:$G,BOQ!$B142)*$G142","v":{"$error":"#VALUE!"}},{"$f":"SUMIFS('[20]WorkDone DATA'!$L:$L,'[20]WorkDone DATA'!$N:$N,BOQ!BT$6,'[20]WorkDone DATA'!$G:$G,BOQ!$B142)*$G142","v":{"$error":"#VALUE!"}},{"$f":"SUMIFS('[20]WorkDone DATA'!$L:$L,'[20]WorkDone DATA'!$N:$N,BOQ!BU$6,'[20]WorkDone DATA'!$G:$G,BOQ!$B142)*$G142","v":{"$error":"#VALUE!"}},{"$f":"SUMIFS('[20]WorkDone DATA'!$L:$L,'[20]WorkDone DATA'!$N:$N,BOQ!BV$6,'[20]WorkDone DATA'!$G:$G,BOQ!$B142)*$G142","v":{"$error":"#VALUE!"}},{"$f":"SUMIFS('[20]WorkDone DATA'!$L:$L,'[20]WorkDone DATA'!$N:$N,BOQ!BW$6,'[20]WorkDone DATA'!$G:$G,BOQ!$B142)*$G142","v":{"$error":"#VALUE!"}},{"$f":"SUMIFS('[20]WorkDone DATA'!$L:$L,'[20]WorkDone DATA'!$N:$N,BOQ!BX$6,'[20]WorkDone DATA'!$G:$G,BOQ!$B142)*$G142","v":{"$error":"#VALUE!"}}]
[{"$f":"C141","v":"630mm2 x 1core (CXX01XCV)  3.8kV/6.6kV"},2.068,"Installation","A","m",540,117.05,{"v":63207,"d":"63,207.00"},null,null,{"$error":"#VALUE!"},{"$error":"#VALUE!"},{"$error":"#VALUE!"},null,{"$error":"#VALUE!"},{"$error":"#VALUE!"},null,{"$f":"SUMIFS('[20]WorkDone DATA'!$L:$L,'[20]WorkDone DATA'!$N:$N,BOQ!S$6,'[20]WorkDone DATA'!$G:$G,BOQ!$B143)","v":{"$error":"#VALUE!"}},{"$error":"#VALUE!"},{"$f":"SUMIFS('[20]WorkDone DATA'!$L:$L,'[20]WorkDone DATA'!$N:$N,BOQ!U$6,'[20]WorkDone DATA'!$G:$G,BOQ!$B143)","v":{"$error":"#VALUE!"}},{"$error":"#VALUE!"},null,{"$f":"SUMIFS('[20]WorkDone DATA'!$L:$L,'[20]WorkDone DATA'!$N:$N,BOQ!W$6,'[20]WorkDone DATA'!$G:$G,BOQ!$B143)*$G143","v":{"$error":"#VALUE!"}},null,{"$f":"SUMIFS('[20]WorkDone DATA'!$L:$L,'[20]WorkDone DATA'!$N:$N,BOQ!Y$6,'[20]WorkDone DATA'!$G:$G,BOQ!$B143)*$G143","v":{"$error":"#VALUE!"}},null,{"$f":"SUMIFS('[20]WorkDone DATA'!$L:$L,'[20]WorkDone DATA'!$N:$N,BOQ!AA$6,'[20]WorkDone DATA'!$G:$G,BOQ!$B143)*$G143","v":{"$error":"#VALUE!"}},{"$f":"SUMIFS('[20]WorkDone DATA'!$L:$L,'[20]WorkDone DATA'!$N:$N,BOQ!AB$6,'[20]WorkDone DATA'!$G:$G,BOQ!$B143)*$G143","v":{"$error":"#VALUE!"}},{"$f":"SUMIFS('[20]WorkDone DATA'!$L:$L,'[20]WorkDone DATA'!$N:$N,BOQ!AC$6,'[20]WorkDone DATA'!$G:$G,BOQ!$B143)*$G143","v":{"$error":"#VALUE!"}},{"$f":"SUMIFS('[20]WorkDone DATA'!$L:$L,'[20]WorkDone DATA'!$N:$N,BOQ!AD$6,'[20]WorkDone DATA'!$G:$G,BOQ!$B143)*$G143","v":{"$error":"#VALUE!"}},{"$f":"SUMIFS('[20]WorkDone DATA'!$L:$L,'[20]WorkDone DATA'!$N:$N,BOQ!AE$6,'[20]WorkDone DATA'!$G:$G,BOQ!$B143)*$G143","v":{"$error":"#VALUE!"}},{"$f":"SUMIFS('[20]WorkDone DATA'!$L:$L,'[20]WorkDone DATA'!$N:$N,BOQ!AF$6,'[20]WorkDone DATA'!$G:$G,BOQ!$B143)*$G143","v":{"$error":"#VALUE!"}},{"$f":"SUMIFS('[20]WorkDone DATA'!$L:$L,'[20]WorkDone DATA'!$N:$N,BOQ!AG$6,'[20]WorkDone DATA'!$G:$G,BOQ!$B143)*$G143","v":{"$error":"#VALUE!"}},{"$f":"SUMIFS('[20]WorkDone DATA'!$L:$L,'[20]WorkDone DATA'!$N:$N,BOQ!AH$6,'[20]WorkDone DATA'!$G:$G,BOQ!$B143)*$G143","v":{"$error":"#VALUE!"}},{"$f":"SUMIFS('[20]WorkDone DATA'!$L:$L,'[20]WorkDone DATA'!$N:$N,BOQ!AI$6,'[20]WorkDone DATA'!$G:$G,BOQ!$B143)*$G143","v":{"$error":"#VALUE!"}},{"$f":"SUMIFS('[20]WorkDone DATA'!$L:$L,'[20]WorkDone DATA'!$N:$N,BOQ!AJ$6,'[20]WorkDone DATA'!$G:$G,BOQ!$B143)*$G143","v":{"$error":"#VALUE!"}},{"$f":"SUMIFS('[20]WorkDone DATA'!$L:$L,'[20]WorkDone DATA'!$N:$N,BOQ!AK$6,'[20]WorkDone DATA'!$G:$G,BOQ!$B143)*$G143","v":{"$error":"#VALUE!"}},{"$f":"SUMIFS('[20]WorkDone DATA'!$L:$L,'[20]WorkDone DATA'!$N:$N,BOQ!AL$6,'[20]WorkDone DATA'!$G:$G,BOQ!$B143)*$G143","v":{"$error":"#VALUE!"}},{"$f":"SUMIFS('[20]WorkDone DATA'!$L:$L,'[20]WorkDone DATA'!$N:$N,BOQ!AM$6,'[20]WorkDone DATA'!$G:$G,BOQ!$B143)*$G143","v":{"$error":"#VALUE!"}},{"$f":"SUMIFS('[20]WorkDone DATA'!$L:$L,'[20]WorkDone DATA'!$N:$N,BOQ!AN$6,'[20]WorkDone DATA'!$G:$G,BOQ!$B143)*$G143","v":{"$error":"#VALUE!"}},{"$f":"SUMIFS('[20]WorkDone DATA'!$L:$L,'[20]WorkDone DATA'!$N:$N,BOQ!AO$6,'[20]WorkDone DATA'!$G:$G,BOQ!$B143)*$G143","v":{"$error":"#VALUE!"}},{"$f":"SUMIFS('[20]WorkDone DATA'!$L:$L,'[20]WorkDone DATA'!$N:$N,BOQ!AP$6,'[20]WorkDone DATA'!$G:$G,BOQ!$B143)*$G143","v":{"$error":"#VALUE!"}},{"$f":"SUMIFS('[20]WorkDone DATA'!$L:$L,'[20]WorkDone DATA'!$N:$N,BOQ!AQ$6,'[20]WorkDone DATA'!$G:$G,BOQ!$B143)*$G143","v":{"$error":"#VALUE!"}},{"$f":"SUMIFS('[20]WorkDone DATA'!$L:$L,'[20]WorkDone DATA'!$N:$N,BOQ!AR$6,'[20]WorkDone DATA'!$G:$G,BOQ!$B143)*$G143","v":{"$error":"#VALUE!"}},{"$f":"SUMIFS('[20]WorkDone DATA'!$L:$L,'[20]WorkDone DATA'!$N:$N,BOQ!AS$6,'[20]WorkDone DATA'!$G:$G,BOQ!$B143)*$G143","v":{"$error":"#VALUE!"}},{"$f":"SUMIFS('[20]WorkDone DATA'!$L:$L,'[20]WorkDone DATA'!$N:$N,BOQ!AT$6,'[20]WorkDone DATA'!$G:$G,BOQ!$B143)*$G143","v":{"$error":"#VALUE!"}},{"$f":"SUMIFS('[20]WorkDone DATA'!$L:$L,'[20]WorkDone DATA'!$N:$N,BOQ!AU$6,'[20]WorkDone DATA'!$G:$G,BOQ!$B143)*$G143","v":{"$error":"#VALUE!"}},{"$f":"SUMIFS('[20]WorkDone DATA'!$L:$L,'[20]WorkDone DATA'!$N:$N,BOQ!AV$6,'[20]WorkDone DATA'!$G:$G,BOQ!$B143)*$G143","v":{"$error":"#VALUE!"}},{"$f":"SUMIFS('[20]WorkDone DATA'!$L:$L,'[20]WorkDone DATA'!$N:$N,BOQ!AW$6,'[20]WorkDone DATA'!$G:$G,BOQ!$B143)*$G143","v":{"$error":"#VALUE!"}},{"$f":"SUMIFS('[20]WorkDone DATA'!$L:$L,'[20]WorkDone DATA'!$N:$N,BOQ!AX$6,'[20]WorkDone DATA'!$G:$G,BOQ!$B143)*$G143","v":{"$error":"#VALUE!"}},{"$f":"SUMIFS('[20]WorkDone DATA'!$L:$L,'[20]WorkDone DATA'!$N:$N,BOQ!AY$6,'[20]WorkDone DATA'!$G:$G,BOQ!$B143)*$G143","v":{"$error":"#VALUE!"}},{"$f":"SUMIFS('[20]WorkDone DATA'!$L:$L,'[20]WorkDone DATA'!$N:$N,BOQ!AZ$6,'[20]WorkDone DATA'!$G:$G,BOQ!$B143)*$G143","v":{"$error":"#VALUE!"}},{"$f":"SUMIFS('[20]WorkDone DATA'!$L:$L,'[20]WorkDone DATA'!$N:$N,BOQ!BA$6,'[20]WorkDone DATA'!$G:$G,BOQ!$B143)*$G143","v":{"$error":"#VALUE!"}},{"$f":"SUMIFS('[20]WorkDone DATA'!$L:$L,'[20]WorkDone DATA'!$N:$N,BOQ!BB$6,'[20]WorkDone DATA'!$G:$G,BOQ!$B143)*$G143","v":{"$error":"#VALUE!"}},{"$f":"SUMIFS('[20]WorkDone DATA'!$L:$L,'[20]WorkDone DATA'!$N:$N,BOQ!BC$6,'[20]WorkDone DATA'!$G:$G,BOQ!$B143)*$G143","v":{"$error":"#VALUE!"}},{"$f":"SUMIFS('[20]WorkDone DATA'!$L:$L,'[20]WorkDone DATA'!$N:$N,BOQ!BD$6,'[20]WorkDone DATA'!$G:$G,BOQ!$B143)*$G143","v":{"$error":"#VALUE!"}},{"$f":"SUMIFS('[20]WorkDone DATA'!$L:$L,'[20]WorkDone DATA'!$N:$N,BOQ!BE$6,'[20]WorkDone DATA'!$G:$G,BOQ!$B143)*$G143","v":{"$error":"#VALUE!"}},{"$f":"SUMIFS('[20]WorkDone DATA'!$L:$L,'[20]WorkDone DATA'!$N:$N,BOQ!BF$6,'[20]WorkDone DATA'!$G:$G,BOQ!$B143)*$G143","v":{"$error":"#VALUE!"}},{"$f":"SUMIFS('[20]WorkDone DATA'!$L:$L,'[20]WorkDone DATA'!$N:$N,BOQ!BG$6,'[20]WorkDone DATA'!$G:$G,BOQ!$B143)*$G143","v":{"$error":"#VALUE!"}},{"$f":"SUMIFS('[20]WorkDone DATA'!$L:$L,'[20]WorkDone DATA'!$N:$N,BOQ!BH$6,'[20]WorkDone DATA'!$G:$G,BOQ!$B143)*$G143","v":{"$error":"#VALUE!"}},{"$f":"SUMIFS('[20]WorkDone DATA'!$L:$L,'[20]WorkDone DATA'!$N:$N,BOQ!BI$6,'[20]WorkDone DATA'!$G:$G,BOQ!$B143)*$G143","v":{"$error":"#VALUE!"}},{"$f":"SUMIFS('[20]WorkDone DATA'!$L:$L,'[20]WorkDone DATA'!$N:$N,BOQ!BJ$6,'[20]WorkDone DATA'!$G:$G,BOQ!$B143)*$G143","v":{"$error":"#VALUE!"}},{"$f":"SUMIFS('[20]WorkDone DATA'!$L:$L,'[20]WorkDone DATA'!$N:$N,BOQ!BK$6,'[20]WorkDone DATA'!$G:$G,BOQ!$B143)*$G143","v":{"$error":"#VALUE!"}},{"$f":"SUMIFS('[20]WorkDone DATA'!$L:$L,'[20]WorkDone DATA'!$N:$N,BOQ!BL$6,'[20]WorkDone DATA'!$G:$G,BOQ!$B143)*$G143","v":{"$error":"#VALUE!"}},{"$f":"SUMIFS('[20]WorkDone DATA'!$L:$L,'[20]WorkDone DATA'!$N:$N,BOQ!BM$6,'[20]WorkDone DATA'!$G:$G,BOQ!$B143)*$G143","v":{"$error":"#VALUE!"}},{"$f":"SUMIFS('[20]WorkDone DATA'!$L:$L,'[20]WorkDone DATA'!$N:$N,BOQ!BN$6,'[20]WorkDone DATA'!$G:$G,BOQ!$B143)*$G143","v":{"$error":"#VALUE!"}},{"$f":"SUMIFS('[20]WorkDone DATA'!$L:$L,'[20]WorkDone DATA'!$N:$N,BOQ!BO$6,'[20]WorkDone DATA'!$G:$G,BOQ!$B143)*$G143","v":{"$error":"#VALUE!"}},{"$f":"SUMIFS('[20]WorkDone DATA'!$L:$L,'[20]WorkDone DATA'!$N:$N,BOQ!BP$6,'[20]WorkDone DATA'!$G:$G,BOQ!$B143)*$G143","v":{"$error":"#VALUE!"}},{"$f":"SUMIFS('[20]WorkDone DATA'!$L:$L,'[20]WorkDone DATA'!$N:$N,BOQ!BQ$6,'[20]WorkDone DATA'!$G:$G,BOQ!$B143)*$G143","v":{"$error":"#VALUE!"}},{"$f":"SUMIFS('[20]WorkDone DATA'!$L:$L,'[20]WorkDone DATA'!$N:$N,BOQ!BR$6,'[20]WorkDone DATA'!$G:$G,BOQ!$B143)*$G143","v":{"$error":"#VALUE!"}},{"$f":"SUMIFS('[20]WorkDone DATA'!$L:$L,'[20]WorkDone DATA'!$N:$N,BOQ!BS$6,'[20]WorkDone DATA'!$G:$G,BOQ!$B143)*$G143","v":{"$error":"#VALUE!"}},{"$f":"SUMIFS('[20]WorkDone DATA'!$L:$L,'[20]WorkDone DATA'!$N:$N,BOQ!BT$6,'[20]WorkDone DATA'!$G:$G,BOQ!$B143)*$G143","v":{"$error":"#VALUE!"}},{"$f":"SUMIFS('[20]WorkDone DATA'!$L:$L,'[20]WorkDone DATA'!$N:$N,BOQ!BU$6,'[20]WorkDone DATA'!$G:$G,BOQ!$B143)*$G143","v":{"$error":"#VALUE!"}},{"$f":"SUMIFS('[20]WorkDone DATA'!$L:$L,'[20]WorkDone DATA'!$N:$N,BOQ!BV$6,'[20]WorkDone DATA'!$G:$G,BOQ!$B143)*$G143","v":{"$error":"#VALUE!"}},{"$f":"SUMIFS('[20]WorkDone DATA'!$L:$L,'[20]WorkDone DATA'!$N:$N,BOQ!BW$6,'[20]WorkDone DATA'!$G:$G,BOQ!$B143)*$G143","v":{"$error":"#VALUE!"}},{"$f":"SUMIFS('[20]WorkDone DATA'!$L:$L,'[20]WorkDone DATA'!$N:$N,BOQ!BX$6,'[20]WorkDone DATA'!$G:$G,BOQ!$B143)*$G143","v":{"$error":"#VALUE!"}}]
[null,null,"240mm2 x 3 core (CXX03TCV) 3.8kV/6.6kV",{"$nulls":4},0,{"$nulls":3},{"$error":"#VALUE!"},{"$error":"#VALUE!"},null,0,{"$error":"#VALUE!"},null,{"$f":"SUMIFS('[20]WorkDone DATA'!$L:$L,'[20]WorkDone DATA'!$N:$N,BOQ!S$6,'[20]WorkDone DATA'!$G:$G,BOQ!$B144)","v":{"$error":"#VALUE!"}},{"$error":"#VALUE!"},{"$f":"SUMIFS('[20]WorkDone DATA'!$L:$L,'[20]WorkDone DATA'!$N:$N,BOQ!U$6,'[20]WorkDone DATA'!$G:$G,BOQ!$B144)","v":{"$error":"#VALUE!"}},{"$error":"#VALUE!"},null,{"$f":"SUMIFS('[20]WorkDone DATA'!$L:$L,'[20]WorkDone DATA'!$N:$N,BOQ!W$6,'[20]WorkDone DATA'!$G:$G,BOQ!$B144)*$G144","v":{"$error":"#VALUE!"}},null,{"$f":"SUMIFS('[20]WorkDone DATA'!$L:$L,'[20]WorkDone DATA'!$N:$N,BOQ!Y$6,'[20]WorkDone DATA'!$G:$G,BOQ!$B144)*$G144","v":{"$error":"#VALUE!"}},null,{"$f":"SUMIFS('[20]WorkDone DATA'!$L:$L,'[20]WorkDone DATA'!$N:$N,BOQ!AA$6,'[20]WorkDone DATA'!$G:$G,BOQ!$B144)*$G144","v":{"$error":"#VALUE!"}},{"$f":"SUMIFS('[20]WorkDone DATA'!$L:$L,'[20]WorkDone DATA'!$N:$N,BOQ!AB$6,'[20]WorkDone DATA'!$G:$G,BOQ!$B144)*$G144","v":{"$error":"#VALUE!"}},{"$f":"SUMIFS('[20]WorkDone DATA'!$L:$L,'[20]WorkDone DATA'!$N:$N,BOQ!AC$6,'[20]WorkDone DATA'!$G:$G,BOQ!$B144)*$G144","v":{"$error":"#VALUE!"}},{"$f":"SUMIFS('[20]WorkDone DATA'!$L:$L,'[20]WorkDone DATA'!$N:$N,BOQ!AD$6,'[20]WorkDone DATA'!$G:$G,BOQ!$B144)*$G144","v":{"$error":"#VALUE!"}},{"$f":"SUMIFS('[20]WorkDone DATA'!$L:$L,'[20]WorkDone DATA'!$N:$N,BOQ!AE$6,'[20]WorkDone DATA'!$G:$G,BOQ!$B144)*$G144","v":{"$error":"#VALUE!"}},{"$f":"SUMIFS('[20]WorkDone DATA'!$L:$L,'[20]WorkDone DATA'!$N:$N,BOQ!AF$6,'[20]WorkDone DATA'!$G:$G,BOQ!$B144)*$G144","v":{"$error":"#VALUE!"}},{"$f":"SUMIFS('[20]WorkDone DATA'!$L:$L,'[20]WorkDone DATA'!$N:$N,BOQ!AG$6,'[20]WorkDone DATA'!$G:$G,BOQ!$B144)*$G144","v":{"$error":"#VALUE!"}},{"$f":"SUMIFS('[20]WorkDone DATA'!$L:$L,'[20]WorkDone DATA'!$N:$N,BOQ!AH$6,'[20]WorkDone DATA'!$G:$G,BOQ!$B144)*$G144","v":{"$error":"#VALUE!"}},{"$f":"SUMIFS('[20]WorkDone DATA'!$L:$L,'[20]WorkDone DATA'!$N:$N,BOQ!AI$6,'[20]WorkDone DATA'!$G:$G,BOQ!$B144)*$G144","v":{"$error":"#VALUE!"}},{"$f":"SUMIFS('[20]WorkDone DATA'!$L:$L,'[20]WorkDone DATA'!$N:$N,BOQ!AJ$6,'[20]WorkDone DATA'!$G:$G,BOQ!$B144)*$G144","v":{"$error":"#VALUE!"}},{"$f":"SUMIFS('[20]WorkDone DATA'!$L:$L,'[20]WorkDone DATA'!$N:$N,BOQ!AK$6,'[20]WorkDone DATA'!$G:$G,BOQ!$B144)*$G144","v":{"$error":"#VALUE!"}},{"$f":"SUMIFS('[20]WorkDone DATA'!$L:$L,'[20]WorkDone DATA'!$N:$N,BOQ!AL$6,'[20]WorkDone DATA'!$G:$G,BOQ!$B144)*$G144","v":{"$error":"#VALUE!"}},{"$f":"SUMIFS('[20]WorkDone DATA'!$L:$L,'[20]WorkDone DATA'!$N:$N,BOQ!AM$6,'[20]WorkDone DATA'!$G:$G,BOQ!$B144)*$G144","v":{"$error":"#VALUE!"}},{"$f":"SUMIFS('[20]WorkDone DATA'!$L:$L,'[20]WorkDone DATA'!$N:$N,BOQ!AN$6,'[20]WorkDone DATA'!$G:$G,BOQ!$B144)*$G144","v":{"$error":"#VALUE!"}},{"$f":"SUMIFS('[20]WorkDone DATA'!$L:$L,'[20]WorkDone DATA'!$N:$N,BOQ!AO$6,'[20]WorkDone DATA'!$G:$G,BOQ!$B144)*$G144","v":{"$error":"#VALUE!"}},{"$f":"SUMIFS('[20]WorkDone DATA'!$L:$L,'[20]WorkDone DATA'!$N:$N,BOQ!AP$6,'[20]WorkDone DATA'!$G:$G,BOQ!$B144)*$G144","v":{"$error":"#VALUE!"}},{"$f":"SUMIFS('[20]WorkDone DATA'!$L:$L,'[20]WorkDone DATA'!$N:$N,BOQ!AQ$6,'[20]WorkDone DATA'!$G:$G,BOQ!$B144)*$G144","v":{"$error":"#VALUE!"}},{"$f":"SUMIFS('[20]WorkDone DATA'!$L:$L,'[20]WorkDone DATA'!$N:$N,BOQ!AR$6,'[20]WorkDone DATA'!$G:$G,BOQ!$B144)*$G144","v":{"$error":"#VALUE!"}},{"$f":"SUMIFS('[20]WorkDone DATA'!$L:$L,'[20]WorkDone DATA'!$N:$N,BOQ!AS$6,'[20]WorkDone DATA'!$G:$G,BOQ!$B144)*$G144","v":{"$error":"#VALUE!"}},{"$f":"SUMIFS('[20]WorkDone DATA'!$L:$L,'[20]WorkDone DATA'!$N:$N,BOQ!AT$6,'[20]WorkDone DATA'!$G:$G,BOQ!$B144)*$G144","v":{"$error":"#VALUE!"}},{"$f":"SUMIFS('[20]WorkDone DATA'!$L:$L,'[20]WorkDone DATA'!$N:$N,BOQ!AU$6,'[20]WorkDone DATA'!$G:$G,BOQ!$B144)*$G144","v":{"$error":"#VALUE!"}},{"$f":"SUMIFS('[20]WorkDone DATA'!$L:$L,'[20]WorkDone DATA'!$N:$N,BOQ!AV$6,'[20]WorkDone DATA'!$G:$G,BOQ!$B144)*$G144","v":{"$error":"#VALUE!"}},{"$f":"SUMIFS('[20]WorkDone DATA'!$L:$L,'[20]WorkDone DATA'!$N:$N,BOQ!AW$6,'[20]WorkDone DATA'!$G:$G,BOQ!$B144)*$G144","v":{"$error":"#VALUE!"}},{"$f":"SUMIFS('[20]WorkDone DATA'!$L:$L,'[20]WorkDone DATA'!$N:$N,BOQ!AX$6,'[20]WorkDone DATA'!$G:$G,BOQ!$B144)*$G144","v":{"$error":"#VALUE!"}},{"$f":"SUMIFS('[20]WorkDone DATA'!$L:$L,'[20]WorkDone DATA'!$N:$N,BOQ!AY$6,'[20]WorkDone DATA'!$G:$G,BOQ!$B144)*$G144","v":{"$error":"#VALUE!"}},{"$f":"SUMIFS('[20]WorkDone DATA'!$L:$L,'[20]WorkDone DATA'!$N:$N,BOQ!AZ$6,'[20]WorkDone DATA'!$G:$G,BOQ!$B144)*$G144","v":{"$error":"#VALUE!"}},{"$f":"SUMIFS('[20]WorkDone DATA'!$L:$L,'[20]WorkDone DATA'!$N:$N,BOQ!BA$6,'[20]WorkDone DATA'!$G:$G,BOQ!$B144)*$G144","v":{"$error":"#VALUE!"}},{"$f":"SUMIFS('[20]WorkDone DATA'!$L:$L,'[20]WorkDone DATA'!$N:$N,BOQ!BB$6,'[20]WorkDone DATA'!$G:$G,BOQ!$B144)*$G144","v":{"$error":"#VALUE!"}},{"$f":"SUMIFS('[20]WorkDone DATA'!$L:$L,'[20]WorkDone DATA'!$N:$N,BOQ!BC$6,'[20]WorkDone DATA'!$G:$G,BOQ!$B144)*$G144","v":{"$error":"#VALUE!"}},{"$f":"SUMIFS('[20]WorkDone DATA'!$L:$L,'[20]WorkDone DATA'!$N:$N,BOQ!BD$6,'[20]WorkDone DATA'!$G:$G,BOQ!$B144)*$G144","v":{"$error":"#VALUE!"}},{"$f":"SUMIFS('[20]WorkDone DATA'!$L:$L,'[20]WorkDone DATA'!$N:$N,BOQ!BE$6,'[20]WorkDone DATA'!$G:$G,BOQ!$B144)*$G144","v":{"$error":"#VALUE!"}},{"$f":"SUMIFS('[20]WorkDone DATA'!$L:$L,'[20]WorkDone DATA'!$N:$N,BOQ!BF$6,'[20]WorkDone DATA'!$G:$G,BOQ!$B144)*$G144","v":{"$error":"#VALUE!"}},{"$f":"SUMIFS('[20]WorkDone DATA'!$L:$L,'[20]WorkDone DATA'!$N:$N,BOQ!BG$6,'[20]WorkDone DATA'!$G:$G,BOQ!$B144)*$G144","v":{"$error":"#VALUE!"}},{"$f":"SUMIFS('[20]WorkDone DATA'!$L:$L,'[20]WorkDone DATA'!$N:$N,BOQ!BH$6,'[20]WorkDone DATA'!$G:$G,BOQ!$B144)*$G144","v":{"$error":"#VALUE!"}},{"$f":"SUMIFS('[20]WorkDone DATA'!$L:$L,'[20]WorkDone DATA'!$N:$N,BOQ!BI$6,'[20]WorkDone DATA'!$G:$G,BOQ!$B144)*$G144","v":{"$error":"#VALUE!"}},{"$f":"SUMIFS('[20]WorkDone DATA'!$L:$L,'[20]WorkDone DATA'!$N:$N,BOQ!BJ$6,'[20]WorkDone DATA'!$G:$G,BOQ!$B144)*$G144","v":{"$error":"#VALUE!"}},{"$f":"SUMIFS('[20]WorkDone DATA'!$L:$L,'[20]WorkDone DATA'!$N:$N,BOQ!BK$6,'[20]WorkDone DATA'!$G:$G,BOQ!$B144)*$G144","v":{"$error":"#VALUE!"}},{"$f":"SUMIFS('[20]WorkDone DATA'!$L:$L,'[20]WorkDone DATA'!$N:$N,BOQ!BL$6,'[20]WorkDone DATA'!$G:$G,BOQ!$B144)*$G144","v":{"$error":"#VALUE!"}},{"$f":"SUMIFS('[20]WorkDone DATA'!$L:$L,'[20]WorkDone DATA'!$N:$N,BOQ!BM$6,'[20]WorkDone DATA'!$G:$G,BOQ!$B144)*$G144","v":{"$error":"#VALUE!"}},{"$f":"SUMIFS('[20]WorkDone DATA'!$L:$L,'[20]WorkDone DATA'!$N:$N,BOQ!BN$6,'[20]WorkDone DATA'!$G:$G,BOQ!$B144)*$G144","v":{"$error":"#VALUE!"}},{"$f":"SUMIFS('[20]WorkDone DATA'!$L:$L,'[20]WorkDone DATA'!$N:$N,BOQ!BO$6,'[20]WorkDone DATA'!$G:$G,BOQ!$B144)*$G144","v":{"$error":"#VALUE!"}},{"$f":"SUMIFS('[20]WorkDone DATA'!$L:$L,'[20]WorkDone DATA'!$N:$N,BOQ!BP$6,'[20]WorkDone DATA'!$G:$G,BOQ!$B144)*$G144","v":{"$error":"#VALUE!"}},{"$f":"SUMIFS('[20]WorkDone DATA'!$L:$L,'[20]WorkDone DATA'!$N:$N,BOQ!BQ$6,'[20]WorkDone DATA'!$G:$G,BOQ!$B144)*$G144","v":{"$error":"#VALUE!"}},{"$f":"SUMIFS('[20]WorkDone DATA'!$L:$L,'[20]WorkDone DATA'!$N:$N,BOQ!BR$6,'[20]WorkDone DATA'!$G:$G,BOQ!$B144)*$G144","v":{"$error":"#VALUE!"}},{"$f":"SUMIFS('[20]WorkDone DATA'!$L:$L,'[20]WorkDone DATA'!$N:$N,BOQ!BS$6,'[20]WorkDone DATA'!$G:$G,BOQ!$B144)*$G144","v":{"$error":"#VALUE!"}},{"$f":"SUMIFS('[20]WorkDone DATA'!$L:$L,'[20]WorkDone DATA'!$N:$N,BOQ!BT$6,'[20]WorkDone DATA'!$G:$G,BOQ!$B144)*$G144","v":{"$error":"#VALUE!"}},{"$f":"SUMIFS('[20]WorkDone DATA'!$L:$L,'[20]WorkDone DATA'!$N:$N,BOQ!BU$6,'[20]WorkDone DATA'!$G:$G,BOQ!$B144)*$G144","v":{"$error":"#VALUE!"}},{"$f":"SUMIFS('[20]WorkDone DATA'!$L:$L,'[20]WorkDone DATA'!$N:$N,BOQ!BV$6,'[20]WorkDone DATA'!$G:$G,BOQ!$B144)*$G144","v":{"$error":"#VALUE!"}},{"$f":"SUMIFS('[20]WorkDone DATA'!$L:$L,'[20]WorkDone DATA'!$N:$N,BOQ!BW$6,'[20]WorkDone DATA'!$G:$G,BOQ!$B144)*$G144","v":{"$error":"#VALUE!"}},{"$f":"SUMIFS('[20]WorkDone DATA'!$L:$L,'[20]WorkDone DATA'!$N:$N,BOQ!BX$6,'[20]WorkDone DATA'!$G:$G,BOQ!$B144)*$G144","v":{"$error":"#VALUE!"}}]
[{"$f":"C144","v":"240mm2 x 3 core (CXX03TCV) 3.8kV/6.6kV"},2.069,"Supply","E","m",390,{"v":2105.75,"d":"2,105.75"},{"v":821242.5,"d":"821,242.50"},null,null,{"$error":"#VALUE!"},{"$error":"#VALUE!"},{"$error":"#VALUE!"},null,{"$error":"#VALUE!"},{"$error":"#VALUE!"},null,{"$f":"SUMIFS('[20]WorkDone DATA'!$L:$L,'[20]WorkDone DATA'!$N:$N,BOQ!S$6,'[20]WorkDone DATA'!$G:$G,BOQ!$B145)","v":{"$error":"#VALUE!"}},{"$error":"#VALUE!"},{"$f":"SUMIFS('[20]WorkDone DATA'!$L:$L,'[20]WorkDone DATA'!$N:$N,BOQ!U$6,'[20]WorkDone DATA'!$G:$G,BOQ!$B145)","v":{"$error":"#VALUE!"}},{"$error":"#VALUE!"},null,{"$f":"SUMIFS('[20]WorkDone DATA'!$L:$L,'[20]WorkDone DATA'!$N:$N,BOQ!W$6,'[20]WorkDone DATA'!$G:$G,BOQ!$B145)*$G145","v":{"$error":"#VALUE!"}},null,{"$f":"SUMIFS('[20]WorkDone DATA'!$L:$L,'[20]WorkDone DATA'!$N:$N,BOQ!Y$6,'[20]WorkDone DATA'!$G:$G,BOQ!$B145)*$G145","v":{"$error":"#VALUE!"}},null,{"$f":"SUMIFS('[20]WorkDone DATA'!$L:$L,'[20]WorkDone DATA'!$N:$N,BOQ!AA$6,'[20]WorkDone DATA'!$G:$G,BOQ!$B145)*$G145","v":{"$error":"#VALUE!"}},{"$f":"SUMIFS('[20]WorkDone DATA'!$L:$L,'[20]WorkDone DATA'!$N:$N,BOQ!AB$6,'[20]WorkDone DATA'!$G:$G,BOQ!$B145)*$G145","v":{"$error":"#VALUE!"}},{"$f":"SUMIFS('[20]WorkDone DATA'!$L:$L,'[20]WorkDone DATA'!$N:$N,BOQ!AC$6,'[20]WorkDone DATA'!$G:$G,BOQ!$B145)*$G145","v":{"$error":"#VALUE!"}},{"$f":"SUMIFS('[20]WorkDone DATA'!$L:$L,'[20]WorkDone DATA'!$N:$N,BOQ!AD$6,'[20]WorkDone DATA'!$G:$G,BOQ!$B145)*$G145","v":{"$error":"#VALUE!"}},{"$f":"SUMIFS('[20]WorkDone DATA'!$L:$L,'[20]WorkDone DATA'!$N:$N,BOQ!AE$6,'[20]WorkDone DATA'!$G:$G,BOQ!$B145)*$G145","v":{"$error":"#VALUE!"}},{"$f":"SUMIFS('[20]WorkDone DATA'!$L:$L,'[20]WorkDone DATA'!$N:$N,BOQ!AF$6,'[20]WorkDone DATA'!$G:$G,BOQ!$B145)*$G145","v":{"$error":"#VALUE!"}},{"$f":"SUMIFS('[20]WorkDone DATA'!$L:$L,'[20]WorkDone DATA'!$N:$N,BOQ!AG$6,'[20]WorkDone DATA'!$G:$G,BOQ!$B145)*$G145","v":{"$error":"#VALUE!"}},{"$f":"SUMIFS('[20]WorkDone DATA'!$L:$L,'[20]WorkDone DATA'!$N:$N,BOQ!AH$6,'[20]WorkDone DATA'!$G:$G,BOQ!$B145)*$G145","v":{"$error":"#VALUE!"}},{"$f":"SUMIFS('[20]WorkDone DATA'!$L:$L,'[20]WorkDone DATA'!$N:$N,BOQ!AI$6,'[20]WorkDone DATA'!$G:$G,BOQ!$B145)*$G145","v":{"$error":"#VALUE!"}},{"$f":"SUMIFS('[20]WorkDone DATA'!$L:$L,'[20]WorkDone DATA'!$N:$N,BOQ!AJ$6,'[20]WorkDone DATA'!$G:$G,BOQ!$B145)*$G145","v":{"$error":"#VALUE!"}},{"$f":"SUMIFS('[20]WorkDone DATA'!$L:$L,'[20]WorkDone DATA'!$N:$N,BOQ!AK$6,'[20]WorkDone DATA'!$G:$G,BOQ!$B145)*$G145","v":{"$error":"#VALUE!"}},{"$f":"SUMIFS('[20]WorkDone DATA'!$L:$L,'[20]WorkDone DATA'!$N:$N,BOQ!AL$6,'[20]WorkDone DATA'!$G:$G,BOQ!$B145)*$G145","v":{"$error":"#VALUE!"}},{"$f":"SUMIFS('[20]WorkDone DATA'!$L:$L,'[20]WorkDone DATA'!$N:$N,BOQ!AM$6,'[20]WorkDone DATA'!$G:$G,BOQ!$B145)*$G145","v":{"$error":"#VALUE!"}},{"$f":"SUMIFS('[20]WorkDone DATA'!$L:$L,'[20]WorkDone DATA'!$N:$N,BOQ!AN$6,'[20]WorkDone DATA'!$G:$G,BOQ!$B145)*$G145","v":{"$error":"#VALUE!"}},{"$f":"SUMIFS('[20]WorkDone DATA'!$L:$L,'[20]WorkDone DATA'!$N:$N,BOQ!AO$6,'[20]WorkDone DATA'!$G:$G,BOQ!$B145)*$G145","v":{"$error":"#VALUE!"}},{"$f":"SUMIFS('[20]WorkDone DATA'!$L:$L,'[20]WorkDone DATA'!$N:$N,BOQ!AP$6,'[20]WorkDone DATA'!$G:$G,BOQ!$B145)*$G145","v":{"$error":"#VALUE!"}},{"$f":"SUMIFS('[20]WorkDone DATA'!$L:$L,'[20]WorkDone DATA'!$N:$N,BOQ!AQ$6,'[20]WorkDone DATA'!$G:$G,BOQ!$B145)*$G145","v":{"$error":"#VALUE!"}},{"$f":"SUMIFS('[20]WorkDone DATA'!$L:$L,'[20]WorkDone DATA'!$N:$N,BOQ!AR$6,'[20]WorkDone DATA'!$G:$G,BOQ!$B145)*$G145","v":{"$error":"#VALUE!"}},{"$f":"SUMIFS('[20]WorkDone DATA'!$L:$L,'[20]WorkDone DATA'!$N:$N,BOQ!AS$6,'[20]WorkDone DATA'!$G:$G,BOQ!$B145)*$G145","v":{"$error":"#VALUE!"}},{"$f":"SUMIFS('[20]WorkDone DATA'!$L:$L,'[20]WorkDone DATA'!$N:$N,BOQ!AT$6,'[20]WorkDone DATA'!$G:$G,BOQ!$B145)*$G145","v":{"$error":"#VALUE!"}},{"$f":"SUMIFS('[20]WorkDone DATA'!$L:$L,'[20]WorkDone DATA'!$N:$N,BOQ!AU$6,'[20]WorkDone DATA'!$G:$G,BOQ!$B145)*$G145","v":{"$error":"#VALUE!"}},{"$f":"SUMIFS('[20]WorkDone DATA'!$L:$L,'[20]WorkDone DATA'!$N:$N,BOQ!AV$6,'[20]WorkDone DATA'!$G:$G,BOQ!$B145)*$G145","v":{"$error":"#VALUE!"}},{"$f":"SUMIFS('[20]WorkDone DATA'!$L:$L,'[20]WorkDone DATA'!$N:$N,BOQ!AW$6,'[20]WorkDone DATA'!$G:$G,BOQ!$B145)*$G145","v":{"$error":"#VALUE!"}},{"$f":"SUMIFS('[20]WorkDone DATA'!$L:$L,'[20]WorkDone DATA'!$N:$N,BOQ!AX$6,'[20]WorkDone DATA'!$G:$G,BOQ!$B145)*$G145","v":{"$error":"#VALUE!"}},{"$f":"SUMIFS('[20]WorkDone DATA'!$L:$L,'[20]WorkDone DATA'!$N:$N,BOQ!AY$6,'[20]WorkDone DATA'!$G:$G,BOQ!$B145)*$G145","v":{"$error":"#VALUE!"}},{"$f":"SUMIFS('[20]WorkDone DATA'!$L:$L,'[20]WorkDone DATA'!$N:$N,BOQ!AZ$6,'[20]WorkDone DATA'!$G:$G,BOQ!$B145)*$G145","v":{"$error":"#VALUE!"}},{"$f":"SUMIFS('[20]WorkDone DATA'!$L:$L,'[20]WorkDone DATA'!$N:$N,BOQ!BA$6,'[20]WorkDone DATA'!$G:$G,BOQ!$B145)*$G145","v":{"$error":"#VALUE!"}},{"$f":"SUMIFS('[20]WorkDone DATA'!$L:$L,'[20]WorkDone DATA'!$N:$N,BOQ!BB$6,'[20]WorkDone DATA'!$G:$G,BOQ!$B145)*$G145","v":{"$error":"#VALUE!"}},{"$f":"SUMIFS('[20]WorkDone DATA'!$L:$L,'[20]WorkDone DATA'!$N:$N,BOQ!BC$6,'[20]WorkDone DATA'!$G:$G,BOQ!$B145)*$G145","v":{"$error":"#VALUE!"}},{"$f":"SUMIFS('[20]WorkDone DATA'!$L:$L,'[20]WorkDone DATA'!$N:$N,BOQ!BD$6,'[20]WorkDone DATA'!$G:$G,BOQ!$B145)*$G145","v":{"$error":"#VALUE!"}},{"$f":"SUMIFS('[20]WorkDone DATA'!$L:$L,'[20]WorkDone DATA'!$N:$N,BOQ!BE$6,'[20]WorkDone DATA'!$G:$G,BOQ!$B145)*$G145","v":{"$error":"#VALUE!"}},{"$f":"SUMIFS('[20]WorkDone DATA'!$L:$L,'[20]WorkDone DATA'!$N:$N,BOQ!BF$6,'[20]WorkDone DATA'!$G:$G,BOQ!$B145)*$G145","v":{"$error":"#VALUE!"}},{"$f":"SUMIFS('[20]WorkDone DATA'!$L:$L,'[20]WorkDone DATA'!$N:$N,BOQ!BG$6,'[20]WorkDone DATA'!$G:$G,BOQ!$B145)*$G145","v":{"$error":"#VALUE!"}},{"$f":"SUMIFS('[20]WorkDone DATA'!$L:$L,'[20]WorkDone DATA'!$N:$N,BOQ!BH$6,'[20]WorkDone DATA'!$G:$G,BOQ!$B145)*$G145","v":{"$error":"#VALUE!"}},{"$f":"SUMIFS('[20]WorkDone DATA'!$L:$L,'[20]WorkDone DATA'!$N:$N,BOQ!BI$6,'[20]WorkDone DATA'!$G:$G,BOQ!$B145)*$G145","v":{"$error":"#VALUE!"}},{"$f":"SUMIFS('[20]WorkDone DATA'!$L:$L,'[20]WorkDone DATA'!$N:$N,BOQ!BJ$6,'[20]WorkDone DATA'!$G:$G,BOQ!$B145)*$G145","v":{"$error":"#VALUE!"}},{"$f":"SUMIFS('[20]WorkDone DATA'!$L:$L,'[20]WorkDone DATA'!$N:$N,BOQ!BK$6,'[20]WorkDone DATA'!$G:$G,BOQ!$B145)*$G145","v":{"$error":"#VALUE!"}},{"$f":"SUMIFS('[20]WorkDone DATA'!$L:$L,'[20]WorkDone DATA'!$N:$N,BOQ!BL$6,'[20]WorkDone DATA'!$G:$G,BOQ!$B145)*$G145","v":{"$error":"#VALUE!"}},{"$f":"SUMIFS('[20]WorkDone DATA'!$L:$L,'[20]WorkDone DATA'!$N:$N,BOQ!BM$6,'[20]WorkDone DATA'!$G:$G,BOQ!$B145)*$G145","v":{"$error":"#VALUE!"}},{"$f":"SUMIFS('[20]WorkDone DATA'!$L:$L,'[20]WorkDone DATA'!$N:$N,BOQ!BN$6,'[20]WorkDone DATA'!$G:$G,BOQ!$B145)*$G145","v":{"$error":"#VALUE!"}},{"$f":"SUMIFS('[20]WorkDone DATA'!$L:$L,'[20]WorkDone DATA'!$N:$N,BOQ!BO$6,'[20]WorkDone DATA'!$G:$G,BOQ!$B145)*$G145","v":{"$error":"#VALUE!"}},{"$f":"SUMIFS('[20]WorkDone DATA'!$L:$L,'[20]WorkDone DATA'!$N:$N,BOQ!BP$6,'[20]WorkDone DATA'!$G:$G,BOQ!$B145)*$G145","v":{"$error":"#VALUE!"}},{"$f":"SUMIFS('[20]WorkDone DATA'!$L:$L,'[20]WorkDone DATA'!$N:$N,BOQ!BQ$6,'[20]WorkDone DATA'!$G:$G,BOQ!$B145)*$G145","v":{"$error":"#VALUE!"}},{"$f":"SUMIFS('[20]WorkDone DATA'!$L:$L,'[20]WorkDone DATA'!$N:$N,BOQ!BR$6,'[20]WorkDone DATA'!$G:$G,BOQ!$B145)*$G145","v":{"$error":"#VALUE!"}},{"$f":"SUMIFS('[20]WorkDone DATA'!$L:$L,'[20]WorkDone DATA'!$N:$N,BOQ!BS$6,'[20]WorkDone DATA'!$G:$G,BOQ!$B145)*$G145","v":{"$error":"#VALUE!"}},{"$f":"SUMIFS('[20]WorkDone DATA'!$L:$L,'[20]WorkDone DATA'!$N:$N,BOQ!BT$6,'[20]WorkDone DATA'!$G:$G,BOQ!$B145)*$G145","v":{"$error":"#VALUE!"}},{"$f":"SUMIFS('[20]WorkDone DATA'!$L:$L,'[20]WorkDone DATA'!$N:$N,BOQ!BU$6,'[20]WorkDone DATA'!$G:$G,BOQ!$B145)*$G145","v":{"$error":"#VALUE!"}},{"$f":"SUMIFS('[20]WorkDone DATA'!$L:$L,'[20]WorkDone DATA'!$N:$N,BOQ!BV$6,'[20]WorkDone DATA'!$G:$G,BOQ!$B145)*$G145","v":{"$error":"#VALUE!"}},{"$f":"SUMIFS('[20]WorkDone DATA'!$L:$L,'[20]WorkDone DATA'!$N:$N,BOQ!BW$6,'[20]WorkDone DATA'!$G:$G,BOQ!$B145)*$G145","v":{"$error":"#VALUE!"}},{"$f":"SUMIFS('[20]WorkDone DATA'!$L:$L,'[20]WorkDone DATA'!$N:$N,BOQ!BX$6,'[20]WorkDone DATA'!$G:$G,BOQ!$B145)*$G145","v":{"$error":"#VALUE!"}}]
[{"$f":"C144","v":"240mm2 x 3 core (CXX03TCV) 3.8kV/6.6kV"},{"v":2.07,"d":"2.070"},"Installation","A","m",390,167.14,{"v":65184.59999999999,"d":"65,184.60"},null,null,{"$error":"#VALUE!"},{"$error":"#VALUE!"},{"$error":"#VALUE!"},null,{"$error":"#VALUE!"},{"$error":"#VALUE!"},null,{"$f":"SUMIFS('[20]WorkDone DATA'!$L:$L,'[20]WorkDone DATA'!$N:$N,BOQ!S$6,'[20]WorkDone DATA'!$G:$G,BOQ!$B146)","v":{"$error":"#VALUE!"}},{"$error":"#VALUE!"},{"$f":"SUMIFS('[20]WorkDone DATA'!$L:$L,'[20]WorkDone DATA'!$N:$N,BOQ!U$6,'[20]WorkDone DATA'!$G:$G,BOQ!$B146)","v":{"$error":"#VALUE!"}},{"$error":"#VALUE!"},null,{"$f":"SUMIFS('[20]WorkDone DATA'!$L:$L,'[20]WorkDone DATA'!$N:$N,BOQ!W$6,'[20]WorkDone DATA'!$G:$G,BOQ!$B146)*$G146","v":{"$error":"#VALUE!"}},null,{"$f":"SUMIFS('[20]WorkDone DATA'!$L:$L,'[20]WorkDone DATA'!$N:$N,BOQ!Y$6,'[20]WorkDone DATA'!$G:$G,BOQ!$B146)*$G146","v":{"$error":"#VALUE!"}},null,{"$f":"SUMIFS('[20]WorkDone DATA'!$L:$L,'[20]WorkDone DATA'!$N:$N,BOQ!AA$6,'[20]WorkDone DATA'!$G:$G,BOQ!$B146)*$G146","v":{"$error":"#VALUE!"}},{"$f":"SUMIFS('[20]WorkDone DATA'!$L:$L,'[20]WorkDone DATA'!$N:$N,BOQ!AB$6,'[20]WorkDone DATA'!$G:$G,BOQ!$B146)*$G146","v":{"$error":"#VALUE!"}},{"$f":"SUMIFS('[20]WorkDone DATA'!$L:$L,'[20]WorkDone DATA'!$N:$N,BOQ!AC$6,'[20]WorkDone DATA'!$G:$G,BOQ!$B146)*$G146","v":{"$error":"#VALUE!"}},{"$f":"SUMIFS('[20]WorkDone DATA'!$L:$L,'[20]WorkDone DATA'!$N:$N,BOQ!AD$6,'[20]WorkDone DATA'!$G:$G,BOQ!$B146)*$G146","v":{"$error":"#VALUE!"}},{"$f":"SUMIFS('[20]WorkDone DATA'!$L:$L,'[20]WorkDone DATA'!$N:$N,BOQ!AE$6,'[20]WorkDone DATA'!$G:$G,BOQ!$B146)*$G146","v":{"$error":"#VALUE!"}},{"$f":"SUMIFS('[20]WorkDone DATA'!$L:$L,'[20]WorkDone DATA'!$N:$N,BOQ!AF$6,'[20]WorkDone DATA'!$G:$G,BOQ!$B146)*$G146","v":{"$error":"#VALUE!"}},{"$f":"SUMIFS('[20]WorkDone DATA'!$L:$L,'[20]WorkDone DATA'!$N:$N,BOQ!AG$6,'[20]WorkDone DATA'!$G:$G,BOQ!$B146)*$G146","v":{"$error":"#VALUE!"}},{"$f":"SUMIFS('[20]WorkDone DATA'!$L:$L,'[20]WorkDone DATA'!$N:$N,BOQ!AH$6,'[20]WorkDone DATA'!$G:$G,BOQ!$B146)*$G146","v":{"$error":"#VALUE!"}},{"$f":"SUMIFS('[20]WorkDone DATA'!$L:$L,'[20]WorkDone DATA'!$N:$N,BOQ!AI$6,'[20]WorkDone DATA'!$G:$G,BOQ!$B146)*$G146","v":{"$error":"#VALUE!"}},{"$f":"SUMIFS('[20]WorkDone DATA'!$L:$L,'[20]WorkDone DATA'!$N:$N,BOQ!AJ$6,'[20]WorkDone DATA'!$G:$G,BOQ!$B146)*$G146","v":{"$error":"#VALUE!"}},{"$f":"SUMIFS('[20]WorkDone DATA'!$L:$L,'[20]WorkDone DATA'!$N:$N,BOQ!AK$6,'[20]WorkDone DATA'!$G:$G,BOQ!$B146)*$G146","v":{"$error":"#VALUE!"}},{"$f":"SUMIFS('[20]WorkDone DATA'!$L:$L,'[20]WorkDone DATA'!$N:$N,BOQ!AL$6,'[20]WorkDone DATA'!$G:$G,BOQ!$B146)*$G146","v":{"$error":"#VALUE!"}},{"$f":"SUMIFS('[20]WorkDone DATA'!$L:$L,'[20]WorkDone DATA'!$N:$N,BOQ!AM$6,'[20]WorkDone DATA'!$G:$G,BOQ!$B146)*$G146","v":{"$error":"#VALUE!"}},{"$f":"SUMIFS('[20]WorkDone DATA'!$L:$L,'[20]WorkDone DATA'!$N:$N,BOQ!AN$6,'[20]WorkDone DATA'!$G:$G,BOQ!$B146)*$G146","v":{"$error":"#VALUE!"}},{"$f":"SUMIFS('[20]WorkDone DATA'!$L:$L,'[20]WorkDone DATA'!$N:$N,BOQ!AO$6,'[20]WorkDone DATA'!$G:$G,BOQ!$B146)*$G146","v":{"$error":"#VALUE!"}},{"$f":"SUMIFS('[20]WorkDone DATA'!$L:$L,'[20]WorkDone DATA'!$N:$N,BOQ!AP$6,'[20]WorkDone DATA'!$G:$G,BOQ!$B146)*$G146","v":{"$error":"#VALUE!"}},{"$f":"SUMIFS('[20]WorkDone DATA'!$L:$L,'[20]WorkDone DATA'!$N:$N,BOQ!AQ$6,'[20]WorkDone DATA'!$G:$G,BOQ!$B146)*$G146","v":{"$error":"#VALUE!"}},{"$f":"SUMIFS('[20]WorkDone DATA'!$L:$L,'[20]WorkDone DATA'!$N:$N,BOQ!AR$6,'[20]WorkDone DATA'!$G:$G,BOQ!$B146)*$G146","v":{"$error":"#VALUE!"}},{"$f":"SUMIFS('[20]WorkDone DATA'!$L:$L,'[20]WorkDone DATA'!$N:$N,BOQ!AS$6,'[20]WorkDone DATA'!$G:$G,BOQ!$B146)*$G146","v":{"$error":"#VALUE!"}},{"$f":"SUMIFS('[20]WorkDone DATA'!$L:$L,'[20]WorkDone DATA'!$N:$N,BOQ!AT$6,'[20]WorkDone DATA'!$G:$G,BOQ!$B146)*$G146","v":{"$error":"#VALUE!"}},{"$f":"SUMIFS('[20]WorkDone DATA'!$L:$L,'[20]WorkDone DATA'!$N:$N,BOQ!AU$6,'[20]WorkDone DATA'!$G:$G,BOQ!$B146)*$G146","v":{"$error":"#VALUE!"}},{"$f":"SUMIFS('[20]WorkDone DATA'!$L:$L,'[20]WorkDone DATA'!$N:$N,BOQ!AV$6,'[20]WorkDone DATA'!$G:$G,BOQ!$B146)*$G146","v":{"$error":"#VALUE!"}},{"$f":"SUMIFS('[20]WorkDone DATA'!$L:$L,'[20]WorkDone DATA'!$N:$N,BOQ!AW$6,'[20]WorkDone DATA'!$G:$G,BOQ!$B146)*$G146","v":{"$error":"#VALUE!"}},{"$f":"SUMIFS('[20]WorkDone DATA'!$L:$L,'[20]WorkDone DATA'!$N:$N,BOQ!AX$6,'[20]WorkDone DATA'!$G:$G,BOQ!$B146)*$G146","v":{"$error":"#VALUE!"}},{"$f":"SUMIFS('[20]WorkDone DATA'!$L:$L,'[20]WorkDone DATA'!$N:$N,BOQ!AY$6,'[20]WorkDone DATA'!$G:$G,BOQ!$B146)*$G146","v":{"$error":"#VALUE!"}},{"$f":"SUMIFS('[20]WorkDone DATA'!$L:$L,'[20]WorkDone DATA'!$N:$N,BOQ!AZ$6,'[20]WorkDone DATA'!$G:$G,BOQ!$B146)*$G146","v":{"$error":"#VALUE!"}},{"$f":"SUMIFS('[20]WorkDone DATA'!$L:$L,'[20]WorkDone DATA'!$N:$N,BOQ!BA$6,'[20]WorkDone DATA'!$G:$G,BOQ!$B146)*$G146","v":{"$error":"#VALUE!"}},{"$f":"SUMIFS('[20]WorkDone DATA'!$L:$L,'[20]WorkDone DATA'!$N:$N,BOQ!BB$6,'[20]WorkDone DATA'!$G:$G,BOQ!$B146)*$G146","v":{"$error":"#VALUE!"}},{"$f":"SUMIFS('[20]WorkDone DATA'!$L:$L,'[20]WorkDone DATA'!$N:$N,BOQ!BC$6,'[20]WorkDone DATA'!$G:$G,BOQ!$B146)*$G146","v":{"$error":"#VALUE!"}},{"$f":"SUMIFS('[20]WorkDone DATA'!$L:$L,'[20]WorkDone DATA'!$N:$N,BOQ!BD$6,'[20]WorkDone DATA'!$G:$G,BOQ!$B146)*$G146","v":{"$error":"#VALUE!"}},{"$f":"SUMIFS('[20]WorkDone DATA'!$L:$L,'[20]WorkDone DATA'!$N:$N,BOQ!BE$6,'[20]WorkDone DATA'!$G:$G,BOQ!$B146)*$G146","v":{"$error":"#VALUE!"}},{"$f":"SUMIFS('[20]WorkDone DATA'!$L:$L,'[20]WorkDone DATA'!$N:$N,BOQ!BF$6,'[20]WorkDone DATA'!$G:$G,BOQ!$B146)*$G146","v":{"$error":"#VALUE!"}},{"$f":"SUMIFS('[20]WorkDone DATA'!$L:$L,'[20]WorkDone DATA'!$N:$N,BOQ!BG$6,'[20]WorkDone DATA'!$G:$G,BOQ!$B146)*$G146","v":{"$error":"#VALUE!"}},{"$f":"SUMIFS('[20]WorkDone DATA'!$L:$L,'[20]WorkDone DATA'!$N:$N,BOQ!BH$6,'[20]WorkDone DATA'!$G:$G,BOQ!$B146)*$G146","v":{"$error":"#VALUE!"}},{"$f":"SUMIFS('[20]WorkDone DATA'!$L:$L,'[20]WorkDone DATA'!$N:$N,BOQ!BI$6,'[20]WorkDone DATA'!$G:$G,BOQ!$B146)*$G146","v":{"$error":"#VALUE!"}},{"$f":"SUMIFS('[20]WorkDone DATA'!$L:$L,'[20]WorkDone DATA'!$N:$N,BOQ!BJ$6,'[20]WorkDone DATA'!$G:$G,BOQ!$B146)*$G146","v":{"$error":"#VALUE!"}},{"$f":"SUMIFS('[20]WorkDone DATA'!$L:$L,'[20]WorkDone DATA'!$N:$N,BOQ!BK$6,'[20]WorkDone DATA'!$G:$G,BOQ!$B146)*$G146","v":{"$error":"#VALUE!"}},{"$f":"SUMIFS('[20]WorkDone DATA'!$L:$L,'[20]WorkDone DATA'!$N:$N,BOQ!BL$6,'[20]WorkDone DATA'!$G:$G,BOQ!$B146)*$G146","v":{"$error":"#VALUE!"}},{"$f":"SUMIFS('[20]WorkDone DATA'!$L:$L,'[20]WorkDone DATA'!$N:$N,BOQ!BM$6,'[20]WorkDone DATA'!$G:$G,BOQ!$B146)*$G146","v":{"$error":"#VALUE!"}},{"$f":"SUMIFS('[20]WorkDone DATA'!$L:$L,'[20]WorkDone DATA'!$N:$N,BOQ!BN$6,'[20]WorkDone DATA'!$G:$G,BOQ!$B146)*$G146","v":{"$error":"#VALUE!"}},{"$f":"SUMIFS('[20]WorkDone DATA'!$L:$L,'[20]WorkDone DATA'!$N:$N,BOQ!BO$6,'[20]WorkDone DATA'!$G:$G,BOQ!$B146)*$G146","v":{"$error":"#VALUE!"}},{"$f":"SUMIFS('[20]WorkDone DATA'!$L:$L,'[20]WorkDone DATA'!$N:$N,BOQ!BP$6,'[20]WorkDone DATA'!$G:$G,BOQ!$B146)*$G146","v":{"$error":"#VALUE!"}},{"$f":"SUMIFS('[20]WorkDone DATA'!$L:$L,'[20]WorkDone DATA'!$N:$N,BOQ!BQ$6,'[20]WorkDone DATA'!$G:$G,BOQ!$B146)*$G146","v":{"$error":"#VALUE!"}},{"$f":"SUMIFS('[20]WorkDone DATA'!$L:$L,'[20]WorkDone DATA'!$N:$N,BOQ!BR$6,'[20]WorkDone DATA'!$G:$G,BOQ!$B146)*$G146","v":{"$error":"#VALUE!"}},{"$f":"SUMIFS('[20]WorkDone DATA'!$L:$L,'[20]WorkDone DATA'!$N:$N,BOQ!BS$6,'[20]WorkDone DATA'!$G:$G,BOQ!$B146)*$G146","v":{"$error":"#VALUE!"}},{"$f":"SUMIFS('[20]WorkDone DATA'!$L:$L,'[20]WorkDone DATA'!$N:$N,BOQ!BT$6,'[20]WorkDone DATA'!$G:$G,BOQ!$B146)*$G146","v":{"$error":"#VALUE!"}},{"$f":"SUMIFS('[20]WorkDone DATA'!$L:$L,'[20]WorkDone DATA'!$N:$N,BOQ!BU$6,'[20]WorkDone DATA'!$G:$G,BOQ!$B146)*$G146","v":{"$error":"#VALUE!"}},{"$f":"SUMIFS('[20]WorkDone DATA'!$L:$L,'[20]WorkDone DATA'!$N:$N,BOQ!BV$6,'[20]WorkDone DATA'!$G:$G,BOQ!$B146)*$G146","v":{"$error":"#VALUE!"}},{"$f":"SUMIFS('[20]WorkDone DATA'!$L:$L,'[20]WorkDone DATA'!$N:$N,BOQ!BW$6,'[20]WorkDone DATA'!$G:$G,BOQ!$B146)*$G146","v":{"$error":"#VALUE!"}},{"$f":"SUMIFS('[20]WorkDone DATA'!$L:$L,'[20]WorkDone DATA'!$N:$N,BOQ!BX$6,'[20]WorkDone DATA'!$G:$G,BOQ!$B146)*$G146","v":{"$error":"#VALUE!"}}]
[null,null,"120mm x 3 core (CXX03QCV) 3.8kV/6.6kV",{"$nulls":4},0,{"$nulls":3},{"$error":"#VALUE!"},{"$error":"#VALUE!"},null,0,{"$error":"#VALUE!"},null,{"$f":"SUMIFS('[20]WorkDone DATA'!$L:$L,'[20]WorkDone DATA'!$N:$N,BOQ!S$6,'[20]WorkDone DATA'!$G:$G,BOQ!$B147)","v":{"$error":"#VALUE!"}},{"$error":"#VALUE!"},{"$f":"SUMIFS('[20]WorkDone DATA'!$L:$L,'[20]WorkDone DATA'!$N:$N,BOQ!U$6,'[20]WorkDone DATA'!$G:$G,BOQ!$B147)","v":{"$error":"#VALUE!"}},{"$error":"#VALUE!"},null,{"$f":"SUMIFS('[20]WorkDone DATA'!$L:$L,'[20]WorkDone DATA'!$N:$N,BOQ!W$6,'[20]WorkDone DATA'!$G:$G,BOQ!$B147)*$G147","v":{"$error":"#VALUE!"}},null,{"$f":"SUMIFS('[20]WorkDone DATA'!$L:$L,'[20]WorkDone DATA'!$N:$N,BOQ!Y$6,'[20]WorkDone DATA'!$G:$G,BOQ!$B147)*$G147","v":{"$error":"#VALUE!"}},null,{"$f":"SUMIFS('[20]WorkDone DATA'!$L:$L,'[20]WorkDone DATA'!$N:$N,BOQ!AA$6,'[20]WorkDone DATA'!$G:$G,BOQ!$B147)*$G147","v":{"$error":"#VALUE!"}},{"$f":"SUMIFS('[20]WorkDone DATA'!$L:$L,'[20]WorkDone DATA'!$N:$N,BOQ!AB$6,'[20]WorkDone DATA'!$G:$G,BOQ!$B147)*$G147","v":{"$error":"#VALUE!"}},{"$f":"SUMIFS('[20]WorkDone DATA'!$L:$L,'[20]WorkDone DATA'!$N:$N,BOQ!AC$6,'[20]WorkDone DATA'!$G:$G,BOQ!$B147)*$G147","v":{"$error":"#VALUE!"}},{"$f":"SUMIFS('[20]WorkDone DATA'!$L:$L,'[20]WorkDone DATA'!$N:$N,BOQ!AD$6,'[20]WorkDone DATA'!$G:$G,BOQ!$B147)*$G147","v":{"$error":"#VALUE!"}},{"$f":"SUMIFS('[20]WorkDone DATA'!$L:$L,'[20]WorkDone DATA'!$N:$N,BOQ!AE$6,'[20]WorkDone DATA'!$G:$G,BOQ!$B147)*$G147","v":{"$error":"#VALUE!"}},{"$f":"SUMIFS('[20]WorkDone DATA'!$L:$L,'[20]WorkDone DATA'!$N:$N,BOQ!AF$6,'[20]WorkDone DATA'!$G:$G,BOQ!$B147)*$G147","v":{"$error":"#VALUE!"}},{"$f":"SUMIFS('[20]WorkDone DATA'!$L:$L,'[20]WorkDone DATA'!$N:$N,BOQ!AG$6,'[20]WorkDone DATA'!$G:$G,BOQ!$B147)*$G147","v":{"$error":"#VALUE!"}},{"$f":"SUMIFS('[20]WorkDone DATA'!$L:$L,'[20]WorkDone DATA'!$N:$N,BOQ!AH$6,'[20]WorkDone DATA'!$G:$G,BOQ!$B147)*$G147","v":{"$error":"#VALUE!"}},{"$f":"SUMIFS('[20]WorkDone DATA'!$L:$L,'[20]WorkDone DATA'!$N:$N,BOQ!AI$6,'[20]WorkDone DATA'!$G:$G,BOQ!$B147)*$G147","v":{"$error":"#VALUE!"}},{"$f":"SUMIFS('[20]WorkDone DATA'!$L:$L,'[20]WorkDone DATA'!$N:$N,BOQ!AJ$6,'[20]WorkDone DATA'!$G:$G,BOQ!$B147)*$G147","v":{"$error":"#VALUE!"}},{"$f":"SUMIFS('[20]WorkDone DATA'!$L:$L,'[20]WorkDone DATA'!$N:$N,BOQ!AK$6,'[20]WorkDone DATA'!$G:$G,BOQ!$B147)*$G147","v":{"$error":"#VALUE!"}},{"$f":"SUMIFS('[20]WorkDone DATA'!$L:$L,'[20]WorkDone DATA'!$N:$N,BOQ!AL$6,'[20]WorkDone DATA'!$G:$G,BOQ!$B147)*$G147","v":{"$error":"#VALUE!"}},{"$f":"SUMIFS('[20]WorkDone DATA'!$L:$L,'[20]WorkDone DATA'!$N:$N,BOQ!AM$6,'[20]WorkDone DATA'!$G:$G,BOQ!$B147)*$G147","v":{"$error":"#VALUE!"}},{"$f":"SUMIFS('[20]WorkDone DATA'!$L:$L,'[20]WorkDone DATA'!$N:$N,BOQ!AN$6,'[20]WorkDone DATA'!$G:$G,BOQ!$B147)*$G147","v":{"$error":"#VALUE!"}},{"$f":"SUMIFS('[20]WorkDone DATA'!$L:$L,'[20]WorkDone DATA'!$N:$N,BOQ!AO$6,'[20]WorkDone DATA'!$G:$G,BOQ!$B147)*$G147","v":{"$error":"#VALUE!"}},{"$f":"SUMIFS('[20]WorkDone DATA'!$L:$L,'[20]WorkDone DATA'!$N:$N,BOQ!AP$6,'[20]WorkDone DATA'!$G:$G,BOQ!$B147)*$G147","v":{"$error":"#VALUE!"}},{"$f":"SUMIFS('[20]WorkDone DATA'!$L:$L,'[20]WorkDone DATA'!$N:$N,BOQ!AQ$6,'[20]WorkDone DATA'!$G:$G,BOQ!$B147)*$G147","v":{"$error":"#VALUE!"}},{"$f":"SUMIFS('[20]WorkDone DATA'!$L:$L,'[20]WorkDone DATA'!$N:$N,BOQ!AR$6,'[20]WorkDone DATA'!$G:$G,BOQ!$B147)*$G147","v":{"$error":"#VALUE!"}},{"$f":"SUMIFS('[20]WorkDone DATA'!$L:$L,'[20]WorkDone DATA'!$N:$N,BOQ!AS$6,'[20]WorkDone DATA'!$G:$G,BOQ!$B147)*$G147","v":{"$error":"#VALUE!"}},{"$f":"SUMIFS('[20]WorkDone DATA'!$L:$L,'[20]WorkDone DATA'!$N:$N,BOQ!AT$6,'[20]WorkDone DATA'!$G:$G,BOQ!$B147)*$G147","v":{"$error":"#VALUE!"}},{"$f":"SUMIFS('[20]WorkDone DATA'!$L:$L,'[20]WorkDone DATA'!$N:$N,BOQ!AU$6,'[20]WorkDone DATA'!$G:$G,BOQ!$B147)*$G147","v":{"$error":"#VALUE!"}},{"$f":"SUMIFS('[20]WorkDone DATA'!$L:$L,'[20]WorkDone DATA'!$N:$N,BOQ!AV$6,'[20]WorkDone DATA'!$G:$G,BOQ!$B147)*$G147","v":{"$error":"#VALUE!"}},{"$f":"SUMIFS('[20]WorkDone DATA'!$L:$L,'[20]WorkDone DATA'!$N:$N,BOQ!AW$6,'[20]WorkDone DATA'!$G:$G,BOQ!$B147)*$G147","v":{"$error":"#VALUE!"}},{"$f":"SUMIFS('[20]WorkDone DATA'!$L:$L,'[20]WorkDone DATA'!$N:$N,BOQ!AX$6,'[20]WorkDone DATA'!$G:$G,BOQ!$B147)*$G147","v":{"$error":"#VALUE!"}},{"$f":"SUMIFS('[20]WorkDone DATA'!$L:$L,'[20]WorkDone DATA'!$N:$N,BOQ!AY$6,'[20]WorkDone DATA'!$G:$G,BOQ!$B147)*$G147","v":{"$error":"#VALUE!"}},{"$f":"SUMIFS('[20]WorkDone DATA'!$L:$L,'[20]WorkDone DATA'!$N:$N,BOQ!AZ$6,'[20]WorkDone DATA'!$G:$G,BOQ!$B147)*$G147","v":{"$error":"#VALUE!"}},{"$f":"SUMIFS('[20]WorkDone DATA'!$L:$L,'[20]WorkDone DATA'!$N:$N,BOQ!BA$6,'[20]WorkDone DATA'!$G:$G,BOQ!$B147)*$G147","v":{"$error":"#VALUE!"}},{"$f":"SUMIFS('[20]WorkDone DATA'!$L:$L,'[20]WorkDone DATA'!$N:$N,BOQ!BB$6,'[20]WorkDone DATA'!$G:$G,BOQ!$B147)*$G147","v":{"$error":"#VALUE!"}},{"$f":"SUMIFS('[20]WorkDone DATA'!$L:$L,'[20]WorkDone DATA'!$N:$N,BOQ!BC$6,'[20]WorkDone DATA'!$G:$G,BOQ!$B147)*$G147","v":{"$error":"#VALUE!"}},{"$f":"SUMIFS('[20]WorkDone DATA'!$L:$L,'[20]WorkDone DATA'!$N:$N,BOQ!BD$6,'[20]WorkDone DATA'!$G:$G,BOQ!$B147)*$G147","v":{"$error":"#VALUE!"}},{"$f":"SUMIFS('[20]WorkDone DATA'!$L:$L,'[20]WorkDone DATA'!$N:$N,BOQ!BE$6,'[20]WorkDone DATA'!$G:$G,BOQ!$B147)*$G147","v":{"$error":"#VALUE!"}},{"$f":"SUMIFS('[20]WorkDone DATA'!$L:$L,'[20]WorkDone DATA'!$N:$N,BOQ!BF$6,'[20]WorkDone DATA'!$G:$G,BOQ!$B147)*$G147","v":{"$error":"#VALUE!"}},{"$f":"SUMIFS('[20]WorkDone DATA'!$L:$L,'[20]WorkDone DATA'!$N:$N,BOQ!BG$6,'[20]WorkDone DATA'!$G:$G,BOQ!$B147)*$G147","v":{"$error":"#VALUE!"}},{"$f":"SUMIFS('[20]WorkDone DATA'!$L:$L,'[20]WorkDone DATA'!$N:$N,BOQ!BH$6,'[20]WorkDone DATA'!$G:$G,BOQ!$B147)*$G147","v":{"$error":"#VALUE!"}},{"$f":"SUMIFS('[20]WorkDone DATA'!$L:$L,'[20]WorkDone DATA'!$N:$N,BOQ!BI$6,'[20]WorkDone DATA'!$G:$G,BOQ!$B147)*$G147","v":{"$error":"#VALUE!"}},{"$f":"SUMIFS('[20]WorkDone DATA'!$L:$L,'[20]WorkDone DATA'!$N:$N,BOQ!BJ$6,'[20]WorkDone DATA'!$G:$G,BOQ!$B147)*$G147","v":{"$error":"#VALUE!"}},{"$f":"SUMIFS('[20]WorkDone DATA'!$L:$L,'[20]WorkDone DATA'!$N:$N,BOQ!BK$6,'[20]WorkDone DATA'!$G:$G,BOQ!$B147)*$G147","v":{"$error":"#VALUE!"}},{"$f":"SUMIFS('[20]WorkDone DATA'!$L:$L,'[20]WorkDone DATA'!$N:$N,BOQ!BL$6,'[20]WorkDone DATA'!$G:$G,BOQ!$B147)*$G147","v":{"$error":"#VALUE!"}},{"$f":"SUMIFS('[20]WorkDone DATA'!$L:$L,'[20]WorkDone DATA'!$N:$N,BOQ!BM$6,'[20]WorkDone DATA'!$G:$G,BOQ!$B147)*$G147","v":{"$error":"#VALUE!"}},{"$f":"SUMIFS('[20]WorkDone DATA'!$L:$L,'[20]WorkDone DATA'!$N:$N,BOQ!BN$6,'[20]WorkDone DATA'!$G:$G,BOQ!$B147)*$G147","v":{"$error":"#VALUE!"}},{"$f":"SUMIFS('[20]WorkDone DATA'!$L:$L,'[20]WorkDone DATA'!$N:$N,BOQ!BO$6,'[20]WorkDone DATA'!$G:$G,BOQ!$B147)*$G147","v":{"$error":"#VALUE!"}},{"$f":"SUMIFS('[20]WorkDone DATA'!$L:$L,'[20]WorkDone DATA'!$N:$N,BOQ!BP$6,'[20]WorkDone DATA'!$G:$G,BOQ!$B147)*$G147","v":{"$error":"#VALUE!"}},{"$f":"SUMIFS('[20]WorkDone DATA'!$L:$L,'[20]WorkDone DATA'!$N:$N,BOQ!BQ$6,'[20]WorkDone DATA'!$G:$G,BOQ!$B147)*$G147","v":{"$error":"#VALUE!"}},{"$f":"SUMIFS('[20]WorkDone DATA'!$L:$L,'[20]WorkDone DATA'!$N:$N,BOQ!BR$6,'[20]WorkDone DATA'!$G:$G,BOQ!$B147)*$G147","v":{"$error":"#VALUE!"}},{"$f":"SUMIFS('[20]WorkDone DATA'!$L:$L,'[20]WorkDone DATA'!$N:$N,BOQ!BS$6,'[20]WorkDone DATA'!$G:$G,BOQ!$B147)*$G147","v":{"$error":"#VALUE!"}},{"$f":"SUMIFS('[20]WorkDone DATA'!$L:$L,'[20]WorkDone DATA'!$N:$N,BOQ!BT$6,'[20]WorkDone DATA'!$G:$G,BOQ!$B147)*$G147","v":{"$error":"#VALUE!"}},{"$f":"SUMIFS('[20]WorkDone DATA'!$L:$L,'[20]WorkDone DATA'!$N:$N,BOQ!BU$6,'[20]WorkDone DATA'!$G:$G,BOQ!$B147)*$G147","v":{"$error":"#VALUE!"}},{"$f":"SUMIFS('[20]WorkDone DATA'!$L:$L,'[20]WorkDone DATA'!$N:$N,BOQ!BV$6,'[20]WorkDone DATA'!$G:$G,BOQ!$B147)*$G147","v":{"$error":"#VALUE!"}},{"$f":"SUMIFS('[20]WorkDone DATA'!$L:$L,'[20]WorkDone DATA'!$N:$N,BOQ!BW$6,'[20]WorkDone DATA'!$G:$G,BOQ!$B147)*$G147","v":{"$error":"#VALUE!"}},{"$f":"SUMIFS('[20]WorkDone DATA'!$L:$L,'[20]WorkDone DATA'!$N:$N,BOQ!BX$6,'[20]WorkDone DATA'!$G:$G,BOQ!$B147)*$G147","v":{"$error":"#VALUE!"}}]
[{"$f":"C147","v":"120mm x 3 core (CXX03QCV) 3.8kV/6.6kV"},2.071,"Supply","E","m",420,{"v":1149.79,"d":"1,149.79"},{"v":482911.8,"d":"482,911.80"},null,null,{"$error":"#VALUE!"},{"$error":"#VALUE!"},{"$error":"#VALUE!"},null,{"$error":"#VALUE!"},{"$error":"#VALUE!"},null,{"$f":"SUMIFS('[20]WorkDone DATA'!$L:$L,'[20]WorkDone DATA'!$N:$N,BOQ!S$6,'[20]WorkDone DATA'!$G:$G,BOQ!$B148)","v":{"$error":"#VALUE!"}},{"$error":"#VALUE!"},{"$f":"SUMIFS('[20]WorkDone DATA'!$L:$L,'[20]WorkDone DATA'!$N:$N,BOQ!U$6,'[20]WorkDone DATA'!$G:$G,BOQ!$B148)","v":{"$error":"#VALUE!"}},{"$error":"#VALUE!"},null,{"$f":"SUMIFS('[20]WorkDone DATA'!$L:$L,'[20]WorkDone DATA'!$N:$N,BOQ!W$6,'[20]WorkDone DATA'!$G:$G,BOQ!$B148)*$G148","v":{"$error":"#VALUE!"}},null,{"$f":"SUMIFS('[20]WorkDone DATA'!$L:$L,'[20]WorkDone DATA'!$N:$N,BOQ!Y$6,'[20]WorkDone DATA'!$G:$G,BOQ!$B148)*$G148","v":{"$error":"#VALUE!"}},null,{"$f":"SUMIFS('[20]WorkDone DATA'!$L:$L,'[20]WorkDone DATA'!$N:$N,BOQ!AA$6,'[20]WorkDone DATA'!$G:$G,BOQ!$B148)*$G148","v":{"$error":"#VALUE!"}},{"$f":"SUMIFS('[20]WorkDone DATA'!$L:$L,'[20]WorkDone DATA'!$N:$N,BOQ!AB$6,'[20]WorkDone DATA'!$G:$G,BOQ!$B148)*$G148","v":{"$error":"#VALUE!"}},{"$f":"SUMIFS('[20]WorkDone DATA'!$L:$L,'[20]WorkDone DATA'!$N:$N,BOQ!AC$6,'[20]WorkDone DATA'!$G:$G,BOQ!$B148)*$G148","v":{"$error":"#VALUE!"}},{"$f":"SUMIFS('[20]WorkDone DATA'!$L:$L,'[20]WorkDone DATA'!$N:$N,BOQ!AD$6,'[20]WorkDone DATA'!$G:$G,BOQ!$B148)*$G148","v":{"$error":"#VALUE!"}},{"$f":"SUMIFS('[20]WorkDone DATA'!$L:$L,'[20]WorkDone DATA'!$N:$N,BOQ!AE$6,'[20]WorkDone DATA'!$G:$G,BOQ!$B148)*$G148","v":{"$error":"#VALUE!"}},{"$f":"SUMIFS('[20]WorkDone DATA'!$L:$L,'[20]WorkDone DATA'!$N:$N,BOQ!AF$6,'[20]WorkDone DATA'!$G:$G,BOQ!$B148)*$G148","v":{"$error":"#VALUE!"}},{"$f":"SUMIFS('[20]WorkDone DATA'!$L:$L,'[20]WorkDone DATA'!$N:$N,BOQ!AG$6,'[20]WorkDone DATA'!$G:$G,BOQ!$B148)*$G148","v":{"$error":"#VALUE!"}},{"$f":"SUMIFS('[20]WorkDone DATA'!$L:$L,'[20]WorkDone DATA'!$N:$N,BOQ!AH$6,'[20]WorkDone DATA'!$G:$G,BOQ!$B148)*$G148","v":{"$error":"#VALUE!"}},{"$f":"SUMIFS('[20]WorkDone DATA'!$L:$L,'[20]WorkDone DATA'!$N:$N,BOQ!AI$6,'[20]WorkDone DATA'!$G:$G,BOQ!$B148)*$G148","v":{"$error":"#VALUE!"}},{"$f":"SUMIFS('[20]WorkDone DATA'!$L:$L,'[20]WorkDone DATA'!$N:$N,BOQ!AJ$6,'[20]WorkDone DATA'!$G:$G,BOQ!$B148)*$G148","v":{"$error":"#VALUE!"}},{"$f":"SUMIFS('[20]WorkDone DATA'!$L:$L,'[20]WorkDone DATA'!$N:$N,BOQ!AK$6,'[20]WorkDone DATA'!$G:$G,BOQ!$B148)*$G148","v":{"$error":"#VALUE!"}},{"$f":"SUMIFS('[20]WorkDone DATA'!$L:$L,'[20]WorkDone DATA'!$N:$N,BOQ!AL$6,'[20]WorkDone DATA'!$G:$G,BOQ!$B148)*$G148","v":{"$error":"#VALUE!"}},{"$f":"SUMIFS('[20]WorkDone DATA'!$L:$L,'[20]WorkDone DATA'!$N:$N,BOQ!AM$6,'[20]WorkDone DATA'!$G:$G,BOQ!$B148)*$G148","v":{"$error":"#VALUE!"}},{"$f":"SUMIFS('[20]WorkDone DATA'!$L:$L,'[20]WorkDone DATA'!$N:$N,BOQ!AN$6,'[20]WorkDone DATA'!$G:$G,BOQ!$B148)*$G148","v":{"$error":"#VALUE!"}},{"$f":"SUMIFS('[20]WorkDone DATA'!$L:$L,'[20]WorkDone DATA'!$N:$N,BOQ!AO$6,'[20]WorkDone DATA'!$G:$G,BOQ!$B148)*$G148","v":{"$error":"#VALUE!"}},{"$f":"SUMIFS('[20]WorkDone DATA'!$L:$L,'[20]WorkDone DATA'!$N:$N,BOQ!AP$6,'[20]WorkDone DATA'!$G:$G,BOQ!$B148)*$G148","v":{"$error":"#VALUE!"}},{"$f":"SUMIFS('[20]WorkDone DATA'!$L:$L,'[20]WorkDone DATA'!$N:$N,BOQ!AQ$6,'[20]WorkDone DATA'!$G:$G,BOQ!$B148)*$G148","v":{"$error":"#VALUE!"}},{"$f":"SUMIFS('[20]WorkDone DATA'!$L:$L,'[20]WorkDone DATA'!$N:$N,BOQ!AR$6,'[20]WorkDone DATA'!$G:$G,BOQ!$B148)*$G148","v":{"$error":"#VALUE!"}},{"$f":"SUMIFS('[20]WorkDone DATA'!$L:$L,'[20]WorkDone DATA'!$N:$N,BOQ!AS$6,'[20]WorkDone DATA'!$G:$G,BOQ!$B148)*$G148","v":{"$error":"#VALUE!"}},{"$f":"SUMIFS('[20]WorkDone DATA'!$L:$L,'[20]WorkDone DATA'!$N:$N,BOQ!AT$6,'[20]WorkDone DATA'!$G:$G,BOQ!$B148)*$G148","v":{"$error":"#VALUE!"}},{"$f":"SUMIFS('[20]WorkDone DATA'!$L:$L,'[20]WorkDone DATA'!$N:$N,BOQ!AU$6,'[20]WorkDone DATA'!$G:$G,BOQ!$B148)*$G148","v":{"$error":"#VALUE!"}},{"$f":"SUMIFS('[20]WorkDone DATA'!$L:$L,'[20]WorkDone DATA'!$N:$N,BOQ!AV$6,'[20]WorkDone DATA'!$G:$G,BOQ!$B148)*$G148","v":{"$error":"#VALUE!"}},{"$f":"SUMIFS('[20]WorkDone DATA'!$L:$L,'[20]WorkDone DATA'!$N:$N,BOQ!AW$6,'[20]WorkDone DATA'!$G:$G,BOQ!$B148)*$G148","v":{"$error":"#VALUE!"}},{"$f":"SUMIFS('[20]WorkDone DATA'!$L:$L,'[20]WorkDone DATA'!$N:$N,BOQ!AX$6,'[20]WorkDone DATA'!$G:$G,BOQ!$B148)*$G148","v":{"$error":"#VALUE!"}},{"$f":"SUMIFS('[20]WorkDone DATA'!$L:$L,'[20]WorkDone DATA'!$N:$N,BOQ!AY$6,'[20]WorkDone DATA'!$G:$G,BOQ!$B148)*$G148","v":{"$error":"#VALUE!"}},{"$f":"SUMIFS('[20]WorkDone DATA'!$L:$L,'[20]WorkDone DATA'!$N:$N,BOQ!AZ$6,'[20]WorkDone DATA'!$G:$G,BOQ!$B148)*$G148","v":{"$error":"#VALUE!"}},{"$f":"SUMIFS('[20]WorkDone DATA'!$L:$L,'[20]WorkDone DATA'!$N:$N,BOQ!BA$6,'[20]WorkDone DATA'!$G:$G,BOQ!$B148)*$G148","v":{"$error":"#VALUE!"}},{"$f":"SUMIFS('[20]WorkDone DATA'!$L:$L,'[20]WorkDone DATA'!$N:$N,BOQ!BB$6,'[20]WorkDone DATA'!$G:$G,BOQ!$B148)*$G148","v":{"$error":"#VALUE!"}},{"$f":"SUMIFS('[20]WorkDone DATA'!$L:$L,'[20]WorkDone DATA'!$N:$N,BOQ!BC$6,'[20]WorkDone DATA'!$G:$G,BOQ!$B148)*$G148","v":{"$error":"#VALUE!"}},{"$f":"SUMIFS('[20]WorkDone DATA'!$L:$L,'[20]WorkDone DATA'!$N:$N,BOQ!BD$6,'[20]WorkDone DATA'!$G:$G,BOQ!$B148)*$G148","v":{"$error":"#VALUE!"}},{"$f":"SUMIFS('[20]WorkDone DATA'!$L:$L,'[20]WorkDone DATA'!$N:$N,BOQ!BE$6,'[20]WorkDone DATA'!$G:$G,BOQ!$B148)*$G148","v":{"$error":"#VALUE!"}},{"$f":"SUMIFS('[20]WorkDone DATA'!$L:$L,'[20]WorkDone DATA'!$N:$N,BOQ!BF$6,'[20]WorkDone DATA'!$G:$G,BOQ!$B148)*$G148","v":{"$error":"#VALUE!"}},{"$f":"SUMIFS('[20]WorkDone DATA'!$L:$L,'[20]WorkDone DATA'!$N:$N,BOQ!BG$6,'[20]WorkDone DATA'!$G:$G,BOQ!$B148)*$G148","v":{"$error":"#VALUE!"}},{"$f":"SUMIFS('[20]WorkDone DATA'!$L:$L,'[20]WorkDone DATA'!$N:$N,BOQ!BH$6,'[20]WorkDone DATA'!$G:$G,BOQ!$B148)*$G148","v":{"$error":"#VALUE!"}},{"$f":"SUMIFS('[20]WorkDone DATA'!$L:$L,'[20]WorkDone DATA'!$N:$N,BOQ!BI$6,'[20]WorkDone DATA'!$G:$G,BOQ!$B148)*$G148","v":{"$error":"#VALUE!"}},{"$f":"SUMIFS('[20]WorkDone DATA'!$L:$L,'[20]WorkDone DATA'!$N:$N,BOQ!BJ$6,'[20]WorkDone DATA'!$G:$G,BOQ!$B148)*$G148","v":{"$error":"#VALUE!"}},{"$f":"SUMIFS('[20]WorkDone DATA'!$L:$L,'[20]WorkDone DATA'!$N:$N,BOQ!BK$6,'[20]WorkDone DATA'!$G:$G,BOQ!$B148)*$G148","v":{"$error":"#VALUE!"}},{"$f":"SUMIFS('[20]WorkDone DATA'!$L:$L,'[20]WorkDone DATA'!$N:$N,BOQ!BL$6,'[20]WorkDone DATA'!$G:$G,BOQ!$B148)*$G148","v":{"$error":"#VALUE!"}},{"$f":"SUMIFS('[20]WorkDone DATA'!$L:$L,'[20]WorkDone DATA'!$N:$N,BOQ!BM$6,'[20]WorkDone DATA'!$G:$G,BOQ!$B148)*$G148","v":{"$error":"#VALUE!"}},{"$f":"SUMIFS('[20]WorkDone DATA'!$L:$L,'[20]WorkDone DATA'!$N:$N,BOQ!BN$6,'[20]WorkDone DATA'!$G:$G,BOQ!$B148)*$G148","v":{"$error":"#VALUE!"}},{"$f":"SUMIFS('[20]WorkDone DATA'!$L:$L,'[20]WorkDone DATA'!$N:$N,BOQ!BO$6,'[20]WorkDone DATA'!$G:$G,BOQ!$B148)*$G148","v":{"$error":"#VALUE!"}},{"$f":"SUMIFS('[20]WorkDone DATA'!$L:$L,'[20]WorkDone DATA'!$N:$N,BOQ!BP$6,'[20]WorkDone DATA'!$G:$G,BOQ!$B148)*$G148","v":{"$error":"#VALUE!"}},{"$f":"SUMIFS('[20]WorkDone DATA'!$L:$L,'[20]WorkDone DATA'!$N:$N,BOQ!BQ$6,'[20]WorkDone DATA'!$G:$G,BOQ!$B148)*$G148","v":{"$error":"#VALUE!"}},{"$f":"SUMIFS('[20]WorkDone DATA'!$L:$L,'[20]WorkDone DATA'!$N:$N,BOQ!BR$6,'[20]WorkDone DATA'!$G:$G,BOQ!$B148)*$G148","v":{"$error":"#VALUE!"}},{"$f":"SUMIFS('[20]WorkDone DATA'!$L:$L,'[20]WorkDone DATA'!$N:$N,BOQ!BS$6,'[20]WorkDone DATA'!$G:$G,BOQ!$B148)*$G148","v":{"$error":"#VALUE!"}},{"$f":"SUMIFS('[20]WorkDone DATA'!$L:$L,'[20]WorkDone DATA'!$N:$N,BOQ!BT$6,'[20]WorkDone DATA'!$G:$G,BOQ!$B148)*$G148","v":{"$error":"#VALUE!"}},{"$f":"SUMIFS('[20]WorkDone DATA'!$L:$L,'[20]WorkDone DATA'!$N:$N,BOQ!BU$6,'[20]WorkDone DATA'!$G:$G,BOQ!$B148)*$G148","v":{"$error":"#VALUE!"}},{"$f":"SUMIFS('[20]WorkDone DATA'!$L:$L,'[20]WorkDone DATA'!$N:$N,BOQ!BV$6,'[20]WorkDone DATA'!$G:$G,BOQ!$B148)*$G148","v":{"$error":"#VALUE!"}},{"$f":"SUMIFS('[20]WorkDone DATA'!$L:$L,'[20]WorkDone DATA'!$N:$N,BOQ!BW$6,'[20]WorkDone DATA'!$G:$G,BOQ!$B148)*$G148","v":{"$error":"#VALUE!"}},{"$f":"SUMIFS('[20]WorkDone DATA'!$L:$L,'[20]WorkDone DATA'!$N:$N,BOQ!BX$6,'[20]WorkDone DATA'!$G:$G,BOQ!$B148)*$G148","v":{"$error":"#VALUE!"}}]
[{"$f":"C147","v":"120mm x 3 core (CXX03QCV) 3.8kV/6.6kV"},2.072,"Installation","A","m",420,73.47,{"v":30857.399999999998,"d":"30,857.40"},null,null,{"$error":"#VALUE!"},{"$error":"#VALUE!"},{"$error":"#VALUE!"},null,{"$error":"#VALUE!"},{"$error":"#VALUE!"},null,{"$f":"SUMIFS('[20]WorkDone DATA'!$L:$L,'[20]WorkDone DATA'!$N:$N,BOQ!S$6,'[20]WorkDone DATA'!$G:$G,BOQ!$B149)","v":{"$error":"#VALUE!"}},{"$error":"#VALUE!"},{"$f":"SUMIFS('[20]WorkDone DATA'!$L:$L,'[20]WorkDone DATA'!$N:$N,BOQ!U$6,'[20]WorkDone DATA'!$G:$G,BOQ!$B149)","v":{"$error":"#VALUE!"}},{"$error":"#VALUE!"},null,{"$f":"SUMIFS('[20]WorkDone DATA'!$L:$L,'[20]WorkDone DATA'!$N:$N,BOQ!W$6,'[20]WorkDone DATA'!$G:$G,BOQ!$B149)*$G149","v":{"$error":"#VALUE!"}},null,{"$f":"SUMIFS('[20]WorkDone DATA'!$L:$L,'[20]WorkDone DATA'!$N:$N,BOQ!Y$6,'[20]WorkDone DATA'!$G:$G,BOQ!$B149)*$G149","v":{"$error":"#VALUE!"}},null,{"$f":"SUMIFS('[20]WorkDone DATA'!$L:$L,'[20]WorkDone DATA'!$N:$N,BOQ!AA$6,'[20]WorkDone DATA'!$G:$G,BOQ!$B149)*$G149","v":{"$error":"#VALUE!"}},{"$f":"SUMIFS('[20]WorkDone DATA'!$L:$L,'[20]WorkDone DATA'!$N:$N,BOQ!AB$6,'[20]WorkDone DATA'!$G:$G,BOQ!$B149)*$G149","v":{"$error":"#VALUE!"}},{"$f":"SUMIFS('[20]WorkDone DATA'!$L:$L,'[20]WorkDone DATA'!$N:$N,BOQ!AC$6,'[20]WorkDone DATA'!$G:$G,BOQ!$B149)*$G149","v":{"$error":"#VALUE!"}},{"$f":"SUMIFS('[20]WorkDone DATA'!$L:$L,'[20]WorkDone DATA'!$N:$N,BOQ!AD$6,'[20]WorkDone DATA'!$G:$G,BOQ!$B149)*$G149","v":{"$error":"#VALUE!"}},{"$f":"SUMIFS('[20]WorkDone DATA'!$L:$L,'[20]WorkDone DATA'!$N:$N,BOQ!AE$6,'[20]WorkDone DATA'!$G:$G,BOQ!$B149)*$G149","v":{"$error":"#VALUE!"}},{"$f":"SUMIFS('[20]WorkDone DATA'!$L:$L,'[20]WorkDone DATA'!$N:$N,BOQ!AF$6,'[20]WorkDone DATA'!$G:$G,BOQ!$B149)*$G149","v":{"$error":"#VALUE!"}},{"$f":"SUMIFS('[20]WorkDone DATA'!$L:$L,'[20]WorkDone DATA'!$N:$N,BOQ!AG$6,'[20]WorkDone DATA'!$G:$G,BOQ!$B149)*$G149","v":{"$error":"#VALUE!"}},{"$f":"SUMIFS('[20]WorkDone DATA'!$L:$L,'[20]WorkDone DATA'!$N:$N,BOQ!AH$6,'[20]WorkDone DATA'!$G:$G,BOQ!$B149)*$G149","v":{"$error":"#VALUE!"}},{"$f":"SUMIFS('[20]WorkDone DATA'!$L:$L,'[20]WorkDone DATA'!$N:$N,BOQ!AI$6,'[20]WorkDone DATA'!$G:$G,BOQ!$B149)*$G149","v":{"$error":"#VALUE!"}},{"$f":"SUMIFS('[20]WorkDone DATA'!$L:$L,'[20]WorkDone DATA'!$N:$N,BOQ!AJ$6,'[20]WorkDone DATA'!$G:$G,BOQ!$B149)*$G149","v":{"$error":"#VALUE!"}},{"$f":"SUMIFS('[20]WorkDone DATA'!$L:$L,'[20]WorkDone DATA'!$N:$N,BOQ!AK$6,'[20]WorkDone DATA'!$G:$G,BOQ!$B149)*$G149","v":{"$error":"#VALUE!"}},{"$f":"SUMIFS('[20]WorkDone DATA'!$L:$L,'[20]WorkDone DATA'!$N:$N,BOQ!AL$6,'[20]WorkDone DATA'!$G:$G,BOQ!$B149)*$G149","v":{"$error":"#VALUE!"}},{"$f":"SUMIFS('[20]WorkDone DATA'!$L:$L,'[20]WorkDone DATA'!$N:$N,BOQ!AM$6,'[20]WorkDone DATA'!$G:$G,BOQ!$B149)*$G149","v":{"$error":"#VALUE!"}},{"$f":"SUMIFS('[20]WorkDone DATA'!$L:$L,'[20]WorkDone DATA'!$N:$N,BOQ!AN$6,'[20]WorkDone DATA'!$G:$G,BOQ!$B149)*$G149","v":{"$error":"#VALUE!"}},{"$f":"SUMIFS('[20]WorkDone DATA'!$L:$L,'[20]WorkDone DATA'!$N:$N,BOQ!AO$6,'[20]WorkDone DATA'!$G:$G,BOQ!$B149)*$G149","v":{"$error":"#VALUE!"}},{"$f":"SUMIFS('[20]WorkDone DATA'!$L:$L,'[20]WorkDone DATA'!$N:$N,BOQ!AP$6,'[20]WorkDone DATA'!$G:$G,BOQ!$B149)*$G149","v":{"$error":"#VALUE!"}},{"$f":"SUMIFS('[20]WorkDone DATA'!$L:$L,'[20]WorkDone DATA'!$N:$N,BOQ!AQ$6,'[20]WorkDone DATA'!$G:$G,BOQ!$B149)*$G149","v":{"$error":"#VALUE!"}},{"$f":"SUMIFS('[20]WorkDone DATA'!$L:$L,'[20]WorkDone DATA'!$N:$N,BOQ!AR$6,'[20]WorkDone DATA'!$G:$G,BOQ!$B149)*$G149","v":{"$error":"#VALUE!"}},{"$f":"SUMIFS('[20]WorkDone DATA'!$L:$L,'[20]WorkDone DATA'!$N:$N,BOQ!AS$6,'[20]WorkDone DATA'!$G:$G,BOQ!$B149)*$G149","v":{"$error":"#VALUE!"}},{"$f":"SUMIFS('[20]WorkDone DATA'!$L:$L,'[20]WorkDone DATA'!$N:$N,BOQ!AT$6,'[20]WorkDone DATA'!$G:$G,BOQ!$B149)*$G149","v":{"$error":"#VALUE!"}},{"$f":"SUMIFS('[20]WorkDone DATA'!$L:$L,'[20]WorkDone DATA'!$N:$N,BOQ!AU$6,'[20]WorkDone DATA'!$G:$G,BOQ!$B149)*$G149","v":{"$error":"#VALUE!"}},{"$f":"SUMIFS('[20]WorkDone DATA'!$L:$L,'[20]WorkDone DATA'!$N:$N,BOQ!AV$6,'[20]WorkDone DATA'!$G:$G,BOQ!$B149)*$G149","v":{"$error":"#VALUE!"}},{"$f":"SUMIFS('[20]WorkDone DATA'!$L:$L,'[20]WorkDone DATA'!$N:$N,BOQ!AW$6,'[20]WorkDone DATA'!$G:$G,BOQ!$B149)*$G149","v":{"$error":"#VALUE!"}},{"$f":"SUMIFS('[20]WorkDone DATA'!$L:$L,'[20]WorkDone DATA'!$N:$N,BOQ!AX$6,'[20]WorkDone DATA'!$G:$G,BOQ!$B149)*$G149","v":{"$error":"#VALUE!"}},{"$f":"SUMIFS('[20]WorkDone DATA'!$L:$L,'[20]WorkDone DATA'!$N:$N,BOQ!AY$6,'[20]WorkDone DATA'!$G:$G,BOQ!$B149)*$G149","v":{"$error":"#VALUE!"}},{"$f":"SUMIFS('[20]WorkDone DATA'!$L:$L,'[20]WorkDone DATA'!$N:$N,BOQ!AZ$6,'[20]WorkDone DATA'!$G:$G,BOQ!$B149)*$G149","v":{"$error":"#VALUE!"}},{"$f":"SUMIFS('[20]WorkDone DATA'!$L:$L,'[20]WorkDone DATA'!$N:$N,BOQ!BA$6,'[20]WorkDone DATA'!$G:$G,BOQ!$B149)*$G149","v":{"$error":"#VALUE!"}},{"$f":"SUMIFS('[20]WorkDone DATA'!$L:$L,'[20]WorkDone DATA'!$N:$N,BOQ!BB$6,'[20]WorkDone DATA'!$G:$G,BOQ!$B149)*$G149","v":{"$error":"#VALUE!"}},{"$f":"SUMIFS('[20]WorkDone DATA'!$L:$L,'[20]WorkDone DATA'!$N:$N,BOQ!BC$6,'[20]WorkDone DATA'!$G:$G,BOQ!$B149)*$G149","v":{"$error":"#VALUE!"}},{"$f":"SUMIFS('[20]WorkDone DATA'!$L:$L,'[20]WorkDone DATA'!$N:$N,BOQ!BD$6,'[20]WorkDone DATA'!$G:$G,BOQ!$B149)*$G149","v":{"$error":"#VALUE!"}},{"$f":"SUMIFS('[20]WorkDone DATA'!$L:$L,'[20]WorkDone DATA'!$N:$N,BOQ!BE$6,'[20]WorkDone DATA'!$G:$G,BOQ!$B149)*$G149","v":{"$error":"#VALUE!"}},{"$f":"SUMIFS('[20]WorkDone DATA'!$L:$L,'[20]WorkDone DATA'!$N:$N,BOQ!BF$6,'[20]WorkDone DATA'!$G:$G,BOQ!$B149)*$G149","v":{"$error":"#VALUE!"}},{"$f":"SUMIFS('[20]WorkDone DATA'!$L:$L,'[20]WorkDone DATA'!$N:$N,BOQ!BG$6,'[20]WorkDone DATA'!$G:$G,BOQ!$B149)*$G149","v":{"$error":"#VALUE!"}},{"$f":"SUMIFS('[20]WorkDone DATA'!$L:$L,'[20]WorkDone DATA'!$N:$N,BOQ!BH$6,'[20]WorkDone DATA'!$G:$G,BOQ!$B149)*$G149","v":{"$error":"#VALUE!"}},{"$f":"SUMIFS('[20]WorkDone DATA'!$L:$L,'[20]WorkDone DATA'!$N:$N,BOQ!BI$6,'[20]WorkDone DATA'!$G:$G,BOQ!$B149)*$G149","v":{"$error":"#VALUE!"}},{"$f":"SUMIFS('[20]WorkDone DATA'!$L:$L,'[20]WorkDone DATA'!$N:$N,BOQ!BJ$6,'[20]WorkDone DATA'!$G:$G,BOQ!$B149)*$G149","v":{"$error":"#VALUE!"}},{"$f":"SUMIFS('[20]WorkDone DATA'!$L:$L,'[20]WorkDone DATA'!$N:$N,BOQ!BK$6,'[20]WorkDone DATA'!$G:$G,BOQ!$B149)*$G149","v":{"$error":"#VALUE!"}},{"$f":"SUMIFS('[20]WorkDone DATA'!$L:$L,'[20]WorkDone DATA'!$N:$N,BOQ!BL$6,'[20]WorkDone DATA'!$G:$G,BOQ!$B149)*$G149","v":{"$error":"#VALUE!"}},{"$f":"SUMIFS('[20]WorkDone DATA'!$L:$L,'[20]WorkDone DATA'!$N:$N,BOQ!BM$6,'[20]WorkDone DATA'!$G:$G,BOQ!$B149)*$G149","v":{"$error":"#VALUE!"}},{"$f":"SUMIFS('[20]WorkDone DATA'!$L:$L,'[20]WorkDone DATA'!$N:$N,BOQ!BN$6,'[20]WorkDone DATA'!$G:$G,BOQ!$B149)*$G149","v":{"$error":"#VALUE!"}},{"$f":"SUMIFS('[20]WorkDone DATA'!$L:$L,'[20]WorkDone DATA'!$N:$N,BOQ!BO$6,'[20]WorkDone DATA'!$G:$G,BOQ!$B149)*$G149","v":{"$error":"#VALUE!"}},{"$f":"SUMIFS('[20]WorkDone DATA'!$L:$L,'[20]WorkDone DATA'!$N:$N,BOQ!BP$6,'[20]WorkDone DATA'!$G:$G,BOQ!$B149)*$G149","v":{"$error":"#VALUE!"}},{"$f":"SUMIFS('[20]WorkDone DATA'!$L:$L,'[20]WorkDone DATA'!$N:$N,BOQ!BQ$6,'[20]WorkDone DATA'!$G:$G,BOQ!$B149)*$G149","v":{"$error":"#VALUE!"}},{"$f":"SUMIFS('[20]WorkDone DATA'!$L:$L,'[20]WorkDone DATA'!$N:$N,BOQ!BR$6,'[20]WorkDone DATA'!$G:$G,BOQ!$B149)*$G149","v":{"$error":"#VALUE!"}},{"$f":"SUMIFS('[20]WorkDone DATA'!$L:$L,'[20]WorkDone DATA'!$N:$N,BOQ!BS$6,'[20]WorkDone DATA'!$G:$G,BOQ!$B149)*$G149","v":{"$error":"#VALUE!"}},{"$f":"SUMIFS('[20]WorkDone DATA'!$L:$L,'[20]WorkDone DATA'!$N:$N,BOQ!BT$6,'[20]WorkDone DATA'!$G:$G,BOQ!$B149)*$G149","v":{"$error":"#VALUE!"}},{"$f":"SUMIFS('[20]WorkDone DATA'!$L:$L,'[20]WorkDone DATA'!$N:$N,BOQ!BU$6,'[20]WorkDone DATA'!$G:$G,BOQ!$B149)*$G149","v":{"$error":"#VALUE!"}},{"$f":"SUMIFS('[20]WorkDone DATA'!$L:$L,'[20]WorkDone DATA'!$N:$N,BOQ!BV$6,'[20]WorkDone DATA'!$G:$G,BOQ!$B149)*$G149","v":{"$error":"#VALUE!"}},{"$f":"SUMIFS('[20]WorkDone DATA'!$L:$L,'[20]WorkDone DATA'!$N:$N,BOQ!BW$6,'[20]WorkDone DATA'!$G:$G,BOQ!$B149)*$G149","v":{"$error":"#VALUE!"}},{"$f":"SUMIFS('[20]WorkDone DATA'!$L:$L,'[20]WorkDone DATA'!$N:$N,BOQ!BX$6,'[20]WorkDone DATA'!$G:$G,BOQ!$B149)*$G149","v":{"$error":"#VALUE!"}}]
[null,null,"70mm2 x 3 core (CXX03NCV) 3.8kV/6.6kV",{"$nulls":4},0,{"$nulls":3},{"$error":"#VALUE!"},{"$error":"#VALUE!"},null,0,{"$error":"#VALUE!"},null,{"$f":"SUMIFS('[20]WorkDone DATA'!$L:$L,'[20]WorkDone DATA'!$N:$N,BOQ!S$6,'[20]WorkDone DATA'!$G:$G,BOQ!$B150)","v":{"$error":"#VALUE!"}},{"$error":"#VALUE!"},{"$f":"SUMIFS('[20]WorkDone DATA'!$L:$L,'[20]WorkDone DATA'!$N:$N,BOQ!U$6,'[20]WorkDone DATA'!$G:$G,BOQ!$B150)","v":{"$error":"#VALUE!"}},{"$error":"#VALUE!"},null,{"$f":"SUMIFS('[20]WorkDone DATA'!$L:$L,'[20]WorkDone DATA'!$N:$N,BOQ!W$6,'[20]WorkDone DATA'!$G:$G,BOQ!$B150)*$G150","v":{"$error":"#VALUE!"}},null,{"$f":"SUMIFS('[20]WorkDone DATA'!$L:$L,'[20]WorkDone DATA'!$N:$N,BOQ!Y$6,'[20]WorkDone DATA'!$G:$G,BOQ!$B150)*$G150","v":{"$error":"#VALUE!"}},null,{"$f":"SUMIFS('[20]WorkDone DATA'!$L:$L,'[20]WorkDone DATA'!$N:$N,BOQ!AA$6,'[20]WorkDone DATA'!$G:$G,BOQ!$B150)*$G150","v":{"$error":"#VALUE!"}},{"$f":"SUMIFS('[20]WorkDone DATA'!$L:$L,'[20]WorkDone DATA'!$N:$N,BOQ!AB$6,'[20]WorkDone DATA'!$G:$G,BOQ!$B150)*$G150","v":{"$error":"#VALUE!"}},{"$f":"SUMIFS('[20]WorkDone DATA'!$L:$L,'[20]WorkDone DATA'!$N:$N,BOQ!AC$6,'[20]WorkDone DATA'!$G:$G,BOQ!$B150)*$G150","v":{"$error":"#VALUE!"}},{"$f":"SUMIFS('[20]WorkDone DATA'!$L:$L,'[20]WorkDone DATA'!$N:$N,BOQ!AD$6,'[20]WorkDone DATA'!$G:$G,BOQ!$B150)*$G150","v":{"$error":"#VALUE!"}},{"$f":"SUMIFS('[20]WorkDone DATA'!$L:$L,'[20]WorkDone DATA'!$N:$N,BOQ!AE$6,'[20]WorkDone DATA'!$G:$G,BOQ!$B150)*$G150","v":{"$error":"#VALUE!"}},{"$f":"SUMIFS('[20]WorkDone DATA'!$L:$L,'[20]WorkDone DATA'!$N:$N,BOQ!AF$6,'[20]WorkDone DATA'!$G:$G,BOQ!$B150)*$G150","v":{"$error":"#VALUE!"}},{"$f":"SUMIFS('[20]WorkDone DATA'!$L:$L,'[20]WorkDone DATA'!$N:$N,BOQ!AG$6,'[20]WorkDone DATA'!$G:$G,BOQ!$B150)*$G150","v":{"$error":"#VALUE!"}},{"$f":"SUMIFS('[20]WorkDone DATA'!$L:$L,'[20]WorkDone DATA'!$N:$N,BOQ!AH$6,'[20]WorkDone DATA'!$G:$G,BOQ!$B150)*$G150","v":{"$error":"#VALUE!"}},{"$f":"SUMIFS('[20]WorkDone DATA'!$L:$L,'[20]WorkDone DATA'!$N:$N,BOQ!AI$6,'[20]WorkDone DATA'!$G:$G,BOQ!$B150)*$G150","v":{"$error":"#VALUE!"}},{"$f":"SUMIFS('[20]WorkDone DATA'!$L:$L,'[20]WorkDone DATA'!$N:$N,BOQ!AJ$6,'[20]WorkDone DATA'!$G:$G,BOQ!$B150)*$G150","v":{"$error":"#VALUE!"}},{"$f":"SUMIFS('[20]WorkDone DATA'!$L:$L,'[20]WorkDone DATA'!$N:$N,BOQ!AK$6,'[20]WorkDone DATA'!$G:$G,BOQ!$B150)*$G150","v":{"$error":"#VALUE!"}},{"$f":"SUMIFS('[20]WorkDone DATA'!$L:$L,'[20]WorkDone DATA'!$N:$N,BOQ!AL$6,'[20]WorkDone DATA'!$G:$G,BOQ!$B150)*$G150","v":{"$error":"#VALUE!"}},{"$f":"SUMIFS('[20]WorkDone DATA'!$L:$L,'[20]WorkDone DATA'!$N:$N,BOQ!AM$6,'[20]WorkDone DATA'!$G:$G,BOQ!$B150)*$G150","v":{"$error":"#VALUE!"}},{"$f":"SUMIFS('[20]WorkDone DATA'!$L:$L,'[20]WorkDone DATA'!$N:$N,BOQ!AN$6,'[20]WorkDone DATA'!$G:$G,BOQ!$B150)*$G150","v":{"$error":"#VALUE!"}},{"$f":"SUMIFS('[20]WorkDone DATA'!$L:$L,'[20]WorkDone DATA'!$N:$N,BOQ!AO$6,'[20]WorkDone DATA'!$G:$G,BOQ!$B150)*$G150","v":{"$error":"#VALUE!"}},{"$f":"SUMIFS('[20]WorkDone DATA'!$L:$L,'[20]WorkDone DATA'!$N:$N,BOQ!AP$6,'[20]WorkDone DATA'!$G:$G,BOQ!$B150)*$G150","v":{"$error":"#VALUE!"}},{"$f":"SUMIFS('[20]WorkDone DATA'!$L:$L,'[20]WorkDone DATA'!$N:$N,BOQ!AQ$6,'[20]WorkDone DATA'!$G:$G,BOQ!$B150)*$G150","v":{"$error":"#VALUE!"}},{"$f":"SUMIFS('[20]WorkDone DATA'!$L:$L,'[20]WorkDone DATA'!$N:$N,BOQ!AR$6,'[20]WorkDone DATA'!$G:$G,BOQ!$B150)*$G150","v":{"$error":"#VALUE!"}},{"$f":"SUMIFS('[20]WorkDone DATA'!$L:$L,'[20]WorkDone DATA'!$N:$N,BOQ!AS$6,'[20]WorkDone DATA'!$G:$G,BOQ!$B150)*$G150","v":{"$error":"#VALUE!"}},{"$f":"SUMIFS('[20]WorkDone DATA'!$L:$L,'[20]WorkDone DATA'!$N:$N,BOQ!AT$6,'[20]WorkDone DATA'!$G:$G,BOQ!$B150)*$G150","v":{"$error":"#VALUE!"}},{"$f":"SUMIFS('[20]WorkDone DATA'!$L:$L,'[20]WorkDone DATA'!$N:$N,BOQ!AU$6,'[20]WorkDone DATA'!$G:$G,BOQ!$B150)*$G150","v":{"$error":"#VALUE!"}},{"$f":"SUMIFS('[20]WorkDone DATA'!$L:$L,'[20]WorkDone DATA'!$N:$N,BOQ!AV$6,'[20]WorkDone DATA'!$G:$G,BOQ!$B150)*$G150","v":{"$error":"#VALUE!"}},{"$f":"SUMIFS('[20]WorkDone DATA'!$L:$L,'[20]WorkDone DATA'!$N:$N,BOQ!AW$6,'[20]WorkDone DATA'!$G:$G,BOQ!$B150)*$G150","v":{"$error":"#VALUE!"}},{"$f":"SUMIFS('[20]WorkDone DATA'!$L:$L,'[20]WorkDone DATA'!$N:$N,BOQ!AX$6,'[20]WorkDone DATA'!$G:$G,BOQ!$B150)*$G150","v":{"$error":"#VALUE!"}},{"$f":"SUMIFS('[20]WorkDone DATA'!$L:$L,'[20]WorkDone DATA'!$N:$N,BOQ!AY$6,'[20]WorkDone DATA'!$G:$G,BOQ!$B150)*$G150","v":{"$error":"#VALUE!"}},{"$f":"SUMIFS('[20]WorkDone DATA'!$L:$L,'[20]WorkDone DATA'!$N:$N,BOQ!AZ$6,'[20]WorkDone DATA'!$G:$G,BOQ!$B150)*$G150","v":{"$error":"#VALUE!"}},{"$f":"SUMIFS('[20]WorkDone DATA'!$L:$L,'[20]WorkDone DATA'!$N:$N,BOQ!BA$6,'[20]WorkDone DATA'!$G:$G,BOQ!$B150)*$G150","v":{"$error":"#VALUE!"}},{"$f":"SUMIFS('[20]WorkDone DATA'!$L:$L,'[20]WorkDone DATA'!$N:$N,BOQ!BB$6,'[20]WorkDone DATA'!$G:$G,BOQ!$B150)*$G150","v":{"$error":"#VALUE!"}},{"$f":"SUMIFS('[20]WorkDone DATA'!$L:$L,'[20]WorkDone DATA'!$N:$N,BOQ!BC$6,'[20]WorkDone DATA'!$G:$G,BOQ!$B150)*$G150","v":{"$error":"#VALUE!"}},{"$f":"SUMIFS('[20]WorkDone DATA'!$L:$L,'[20]WorkDone DATA'!$N:$N,BOQ!BD$6,'[20]WorkDone DATA'!$G:$G,BOQ!$B150)*$G150","v":{"$error":"#VALUE!"}},{"$f":"SUMIFS('[20]WorkDone DATA'!$L:$L,'[20]WorkDone DATA'!$N:$N,BOQ!BE$6,'[20]WorkDone DATA'!$G:$G,BOQ!$B150)*$G150","v":{"$error":"#VALUE!"}},{"$f":"SUMIFS('[20]WorkDone DATA'!$L:$L,'[20]WorkDone DATA'!$N:$N,BOQ!BF$6,'[20]WorkDone DATA'!$G:$G,BOQ!$B150)*$G150","v":{"$error":"#VALUE!"}},{"$f":"SUMIFS('[20]WorkDone DATA'!$L:$L,'[20]WorkDone DATA'!$N:$N,BOQ!BG$6,'[20]WorkDone DATA'!$G:$G,BOQ!$B150)*$G150","v":{"$error":"#VALUE!"}},{"$f":"SUMIFS('[20]WorkDone DATA'!$L:$L,'[20]WorkDone DATA'!$N:$N,BOQ!BH$6,'[20]WorkDone DATA'!$G:$G,BOQ!$B150)*$G150","v":{"$error":"#VALUE!"}},{"$f":"SUMIFS('[20]WorkDone DATA'!$L:$L,'[20]WorkDone DATA'!$N:$N,BOQ!BI$6,'[20]WorkDone DATA'!$G:$G,BOQ!$B150)*$G150","v":{"$error":"#VALUE!"}},{"$f":"SUMIFS('[20]WorkDone DATA'!$L:$L,'[20]WorkDone DATA'!$N:$N,BOQ!BJ$6,'[20]WorkDone DATA'!$G:$G,BOQ!$B150)*$G150","v":{"$error":"#VALUE!"}},{"$f":"SUMIFS('[20]WorkDone DATA'!$L:$L,'[20]WorkDone DATA'!$N:$N,BOQ!BK$6,'[20]WorkDone DATA'!$G:$G,BOQ!$B150)*$G150","v":{"$error":"#VALUE!"}},{"$f":"SUMIFS('[20]WorkDone DATA'!$L:$L,'[20]WorkDone DATA'!$N:$N,BOQ!BL$6,'[20]WorkDone DATA'!$G:$G,BOQ!$B150)*$G150","v":{"$error":"#VALUE!"}},{"$f":"SUMIFS('[20]WorkDone DATA'!$L:$L,'[20]WorkDone DATA'!$N:$N,BOQ!BM$6,'[20]WorkDone DATA'!$G:$G,BOQ!$B150)*$G150","v":{"$error":"#VALUE!"}},{"$f":"SUMIFS('[20]WorkDone DATA'!$L:$L,'[20]WorkDone DATA'!$N:$N,BOQ!BN$6,'[20]WorkDone DATA'!$G:$G,BOQ!$B150)*$G150","v":{"$error":"#VALUE!"}},{"$f":"SUMIFS('[20]WorkDone DATA'!$L:$L,'[20]WorkDone DATA'!$N:$N,BOQ!BO$6,'[20]WorkDone DATA'!$G:$G,BOQ!$B150)*$G150","v":{"$error":"#VALUE!"}},{"$f":"SUMIFS('[20]WorkDone DATA'!$L:$L,'[20]WorkDone DATA'!$N:$N,BOQ!BP$6,'[20]WorkDone DATA'!$G:$G,BOQ!$B150)*$G150","v":{"$error":"#VALUE!"}},{"$f":"SUMIFS('[20]WorkDone DATA'!$L:$L,'[20]WorkDone DATA'!$N:$N,BOQ!BQ$6,'[20]WorkDone DATA'!$G:$G,BOQ!$B150)*$G150","v":{"$error":"#VALUE!"}},{"$f":"SUMIFS('[20]WorkDone DATA'!$L:$L,'[20]WorkDone DATA'!$N:$N,BOQ!BR$6,'[20]WorkDone DATA'!$G:$G,BOQ!$B150)*$G150","v":{"$error":"#VALUE!"}},{"$f":"SUMIFS('[20]WorkDone DATA'!$L:$L,'[20]WorkDone DATA'!$N:$N,BOQ!BS$6,'[20]WorkDone DATA'!$G:$G,BOQ!$B150)*$G150","v":{"$error":"#VALUE!"}},{"$f":"SUMIFS('[20]WorkDone DATA'!$L:$L,'[20]WorkDone DATA'!$N:$N,BOQ!BT$6,'[20]WorkDone DATA'!$G:$G,BOQ!$B150)*$G150","v":{"$error":"#VALUE!"}},{"$f":"SUMIFS('[20]WorkDone DATA'!$L:$L,'[20]WorkDone DATA'!$N:$N,BOQ!BU$6,'[20]WorkDone DATA'!$G:$G,BOQ!$B150)*$G150","v":{"$error":"#VALUE!"}},{"$f":"SUMIFS('[20]WorkDone DATA'!$L:$L,'[20]WorkDone DATA'!$N:$N,BOQ!BV$6,'[20]WorkDone DATA'!$G:$G,BOQ!$B150)*$G150","v":{"$error":"#VALUE!"}},{"$f":"SUMIFS('[20]WorkDone DATA'!$L:$L,'[20]WorkDone DATA'!$N:$N,BOQ!BW$6,'[20]WorkDone DATA'!$G:$G,BOQ!$B150)*$G150","v":{"$error":"#VALUE!"}},{"$f":"SUMIFS('[20]WorkDone DATA'!$L:$L,'[20]WorkDone DATA'!$N:$N,BOQ!BX$6,'[20]WorkDone DATA'!$G:$G,BOQ!$B150)*$G150","v":{"$error":"#VALUE!"}}]
[{"$f":"C150","v":"70mm2 x 3 core (CXX03NCV) 3.8kV/6.6kV"},2.073,"Supply","E","m",300,764.75,{"v":229425,"d":"229,425.00"},null,null,{"$error":"#VALUE!"},{"$error":"#VALUE!"},{"$error":"#VALUE!"},null,{"$error":"#VALUE!"},{"$error":"#VALUE!"},null,{"$f":"SUMIFS('[20]WorkDone DATA'!$L:$L,'[20]WorkDone DATA'!$N:$N,BOQ!S$6,'[20]WorkDone DATA'!$G:$G,BOQ!$B151)","v":{"$error":"#VALUE!"}},{"$error":"#VALUE!"},{"$f":"SUMIFS('[20]WorkDone DATA'!$L:$L,'[20]WorkDone DATA'!$N:$N,BOQ!U$6,'[20]WorkDone DATA'!$G:$G,BOQ!$B151)","v":{"$error":"#VALUE!"}},{"$error":"#VALUE!"},null,{"$f":"SUMIFS('[20]WorkDone DATA'!$L:$L,'[20]WorkDone DATA'!$N:$N,BOQ!W$6,'[20]WorkDone DATA'!$G:$G,BOQ!$B151)*$G151","v":{"$error":"#VALUE!"}},null,{"$f":"SUMIFS('[20]WorkDone DATA'!$L:$L,'[20]WorkDone DATA'!$N:$N,BOQ!Y$6,'[20]WorkDone DATA'!$G:$G,BOQ!$B151)*$G151","v":{"$error":"#VALUE!"}},null,{"$f":"SUMIFS('[20]WorkDone DATA'!$L:$L,'[20]WorkDone DATA'!$N:$N,BOQ!AA$6,'[20]WorkDone DATA'!$G:$G,BOQ!$B151)*$G151","v":{"$error":"#VALUE!"}},{"$f":"SUMIFS('[20]WorkDone DATA'!$L:$L,'[20]WorkDone DATA'!$N:$N,BOQ!AB$6,'[20]WorkDone DATA'!$G:$G,BOQ!$B151)*$G151","v":{"$error":"#VALUE!"}},{"$f":"SUMIFS('[20]WorkDone DATA'!$L:$L,'[20]WorkDone DATA'!$N:$N,BOQ!AC$6,'[20]WorkDone DATA'!$G:$G,BOQ!$B151)*$G151","v":{"$error":"#VALUE!"}},{"$f":"SUMIFS('[20]WorkDone DATA'!$L:$L,'[20]WorkDone DATA'!$N:$N,BOQ!AD$6,'[20]WorkDone DATA'!$G:$G,BOQ!$B151)*$G151","v":{"$error":"#VALUE!"}},{"$f":"SUMIFS('[20]WorkDone DATA'!$L:$L,'[20]WorkDone DATA'!$N:$N,BOQ!AE$6,'[20]WorkDone DATA'!$G:$G,BOQ!$B151)*$G151","v":{"$error":"#VALUE!"}},{"$f":"SUMIFS('[20]WorkDone DATA'!$L:$L,'[20]WorkDone DATA'!$N:$N,BOQ!AF$6,'[20]WorkDone DATA'!$G:$G,BOQ!$B151)*$G151","v":{"$error":"#VALUE!"}},{"$f":"SUMIFS('[20]WorkDone DATA'!$L:$L,'[20]WorkDone DATA'!$N:$N,BOQ!AG$6,'[20]WorkDone DATA'!$G:$G,BOQ!$B151)*$G151","v":{"$error":"#VALUE!"}},{"$f":"SUMIFS('[20]WorkDone DATA'!$L:$L,'[20]WorkDone DATA'!$N:$N,BOQ!AH$6,'[20]WorkDone DATA'!$G:$G,BOQ!$B151)*$G151","v":{"$error":"#VALUE!"}},{"$f":"SUMIFS('[20]WorkDone DATA'!$L:$L,'[20]WorkDone DATA'!$N:$N,BOQ!AI$6,'[20]WorkDone DATA'!$G:$G,BOQ!$B151)*$G151","v":{"$error":"#VALUE!"}},{"$f":"SUMIFS('[20]WorkDone DATA'!$L:$L,'[20]WorkDone DATA'!$N:$N,BOQ!AJ$6,'[20]WorkDone DATA'!$G:$G,BOQ!$B151)*$G151","v":{"$error":"#VALUE!"}},{"$f":"SUMIFS('[20]WorkDone DATA'!$L:$L,'[20]WorkDone DATA'!$N:$N,BOQ!AK$6,'[20]WorkDone DATA'!$G:$G,BOQ!$B151)*$G151","v":{"$error":"#VALUE!"}},{"$f":"SUMIFS('[20]WorkDone DATA'!$L:$L,'[20]WorkDone DATA'!$N:$N,BOQ!AL$6,'[20]WorkDone DATA'!$G:$G,BOQ!$B151)*$G151","v":{"$error":"#VALUE!"}},{"$f":"SUMIFS('[20]WorkDone DATA'!$L:$L,'[20]WorkDone DATA'!$N:$N,BOQ!AM$6,'[20]WorkDone DATA'!$G:$G,BOQ!$B151)*$G151","v":{"$error":"#VALUE!"}},{"$f":"SUMIFS('[20]WorkDone DATA'!$L:$L,'[20]WorkDone DATA'!$N:$N,BOQ!AN$6,'[20]WorkDone DATA'!$G:$G,BOQ!$B151)*$G151","v":{"$error":"#VALUE!"}},{"$f":"SUMIFS('[20]WorkDone DATA'!$L:$L,'[20]WorkDone DATA'!$N:$N,BOQ!AO$6,'[20]WorkDone DATA'!$G:$G,BOQ!$B151)*$G151","v":{"$error":"#VALUE!"}},{"$f":"SUMIFS('[20]WorkDone DATA'!$L:$L,'[20]WorkDone DATA'!$N:$N,BOQ!AP$6,'[20]WorkDone DATA'!$G:$G,BOQ!$B151)*$G151","v":{"$error":"#VALUE!"}},{"$f":"SUMIFS('[20]WorkDone DATA'!$L:$L,'[20]WorkDone DATA'!$N:$N,BOQ!AQ$6,'[20]WorkDone DATA'!$G:$G,BOQ!$B151)*$G151","v":{"$error":"#VALUE!"}},{"$f":"SUMIFS('[20]WorkDone DATA'!$L:$L,'[20]WorkDone DATA'!$N:$N,BOQ!AR$6,'[20]WorkDone DATA'!$G:$G,BOQ!$B151)*$G151","v":{"$error":"#VALUE!"}},{"$f":"SUMIFS('[20]WorkDone DATA'!$L:$L,'[20]WorkDone DATA'!$N:$N,BOQ!AS$6,'[20]WorkDone DATA'!$G:$G,BOQ!$B151)*$G151","v":{"$error":"#VALUE!"}},{"$f":"SUMIFS('[20]WorkDone DATA'!$L:$L,'[20]WorkDone DATA'!$N:$N,BOQ!AT$6,'[20]WorkDone DATA'!$G:$G,BOQ!$B151)*$G151","v":{"$error":"#VALUE!"}},{"$f":"SUMIFS('[20]WorkDone DATA'!$L:$L,'[20]WorkDone DATA'!$N:$N,BOQ!AU$6,'[20]WorkDone DATA'!$G:$G,BOQ!$B151)*$G151","v":{"$error":"#VALUE!"}},{"$f":"SUMIFS('[20]WorkDone DATA'!$L:$L,'[20]WorkDone DATA'!$N:$N,BOQ!AV$6,'[20]WorkDone DATA'!$G:$G,BOQ!$B151)*$G151","v":{"$error":"#VALUE!"}},{"$f":"SUMIFS('[20]WorkDone DATA'!$L:$L,'[20]WorkDone DATA'!$N:$N,BOQ!AW$6,'[20]WorkDone DATA'!$G:$G,BOQ!$B151)*$G151","v":{"$error":"#VALUE!"}},{"$f":"SUMIFS('[20]WorkDone DATA'!$L:$L,'[20]WorkDone DATA'!$N:$N,BOQ!AX$6,'[20]WorkDone DATA'!$G:$G,BOQ!$B151)*$G151","v":{"$error":"#VALUE!"}},{"$f":"SUMIFS('[20]WorkDone DATA'!$L:$L,'[20]WorkDone DATA'!$N:$N,BOQ!AY$6,'[20]WorkDone DATA'!$G:$G,BOQ!$B151)*$G151","v":{"$error":"#VALUE!"}},{"$f":"SUMIFS('[20]WorkDone DATA'!$L:$L,'[20]WorkDone DATA'!$N:$N,BOQ!AZ$6,'[20]WorkDone DATA'!$G:$G,BOQ!$B151)*$G151","v":{"$error":"#VALUE!"}},{"$f":"SUMIFS('[20]WorkDone DATA'!$L:$L,'[20]WorkDone DATA'!$N:$N,BOQ!BA$6,'[20]WorkDone DATA'!$G:$G,BOQ!$B151)*$G151","v":{"$error":"#VALUE!"}},{"$f":"SUMIFS('[20]WorkDone DATA'!$L:$L,'[20]WorkDone DATA'!$N:$N,BOQ!BB$6,'[20]WorkDone DATA'!$G:$G,BOQ!$B151)*$G151","v":{"$error":"#VALUE!"}},{"$f":"SUMIFS('[20]WorkDone DATA'!$L:$L,'[20]WorkDone DATA'!$N:$N,BOQ!BC$6,'[20]WorkDone DATA'!$G:$G,BOQ!$B151)*$G151","v":{"$error":"#VALUE!"}},{"$f":"SUMIFS('[20]WorkDone DATA'!$L:$L,'[20]WorkDone DATA'!$N:$N,BOQ!BD$6,'[20]WorkDone DATA'!$G:$G,BOQ!$B151)*$G151","v":{"$error":"#VALUE!"}},{"$f":"SUMIFS('[20]WorkDone DATA'!$L:$L,'[20]WorkDone DATA'!$N:$N,BOQ!BE$6,'[20]WorkDone DATA'!$G:$G,BOQ!$B151)*$G151","v":{"$error":"#VALUE!"}},{"$f":"SUMIFS('[20]WorkDone DATA'!$L:$L,'[20]WorkDone DATA'!$N:$N,BOQ!BF$6,'[20]WorkDone DATA'!$G:$G,BOQ!$B151)*$G151","v":{"$error":"#VALUE!"}},{"$f":"SUMIFS('[20]WorkDone DATA'!$L:$L,'[20]WorkDone DATA'!$N:$N,BOQ!BG$6,'[20]WorkDone DATA'!$G:$G,BOQ!$B151)*$G151","v":{"$error":"#VALUE!"}},{"$f":"SUMIFS('[20]WorkDone DATA'!$L:$L,'[20]WorkDone DATA'!$N:$N,BOQ!BH$6,'[20]WorkDone DATA'!$G:$G,BOQ!$B151)*$G151","v":{"$error":"#VALUE!"}},{"$f":"SUMIFS('[20]WorkDone DATA'!$L:$L,'[20]WorkDone DATA'!$N:$N,BOQ!BI$6,'[20]WorkDone DATA'!$G:$G,BOQ!$B151)*$G151","v":{"$error":"#VALUE!"}},{"$f":"SUMIFS('[20]WorkDone DATA'!$L:$L,'[20]WorkDone DATA'!$N:$N,BOQ!BJ$6,'[20]WorkDone DATA'!$G:$G,BOQ!$B151)*$G151","v":{"$error":"#VALUE!"}},{"$f":"SUMIFS('[20]WorkDone DATA'!$L:$L,'[20]WorkDone DATA'!$N:$N,BOQ!BK$6,'[20]WorkDone DATA'!$G:$G,BOQ!$B151)*$G151","v":{"$error":"#VALUE!"}},{"$f":"SUMIFS('[20]WorkDone DATA'!$L:$L,'[20]WorkDone DATA'!$N:$N,BOQ!BL$6,'[20]WorkDone DATA'!$G:$G,BOQ!$B151)*$G151","v":{"$error":"#VALUE!"}},{"$f":"SUMIFS('[20]WorkDone DATA'!$L:$L,'[20]WorkDone DATA'!$N:$N,BOQ!BM$6,'[20]WorkDone DATA'!$G:$G,BOQ!$B151)*$G151","v":{"$error":"#VALUE!"}},{"$f":"SUMIFS('[20]WorkDone DATA'!$L:$L,'[20]WorkDone DATA'!$N:$N,BOQ!BN$6,'[20]WorkDone DATA'!$G:$G,BOQ!$B151)*$G151","v":{"$error":"#VALUE!"}},{"$f":"SUMIFS('[20]WorkDone DATA'!$L:$L,'[20]WorkDone DATA'!$N:$N,BOQ!BO$6,'[20]WorkDone DATA'!$G:$G,BOQ!$B151)*$G151","v":{"$error":"#VALUE!"}},{"$f":"SUMIFS('[20]WorkDone DATA'!$L:$L,'[20]WorkDone DATA'!$N:$N,BOQ!BP$6,'[20]WorkDone DATA'!$G:$G,BOQ!$B151)*$G151","v":{"$error":"#VALUE!"}},{"$f":"SUMIFS('[20]WorkDone DATA'!$L:$L,'[20]WorkDone DATA'!$N:$N,BOQ!BQ$6,'[20]WorkDone DATA'!$G:$G,BOQ!$B151)*$G151","v":{"$error":"#VALUE!"}},{"$f":"SUMIFS('[20]WorkDone DATA'!$L:$L,'[20]WorkDone DATA'!$N:$N,BOQ!BR$6,'[20]WorkDone DATA'!$G:$G,BOQ!$B151)*$G151","v":{"$error":"#VALUE!"}},{"$f":"SUMIFS('[20]WorkDone DATA'!$L:$L,'[20]WorkDone DATA'!$N:$N,BOQ!BS$6,'[20]WorkDone DATA'!$G:$G,BOQ!$B151)*$G151","v":{"$error":"#VALUE!"}},{"$f":"SUMIFS('[20]WorkDone DATA'!$L:$L,'[20]WorkDone DATA'!$N:$N,BOQ!BT$6,'[20]WorkDone DATA'!$G:$G,BOQ!$B151)*$G151","v":{"$error":"#VALUE!"}},{"$f":"SUMIFS('[20]WorkDone DATA'!$L:$L,'[20]WorkDone DATA'!$N:$N,BOQ!BU$6,'[20]WorkDone DATA'!$G:$G,BOQ!$B151)*$G151","v":{"$error":"#VALUE!"}},{"$f":"SUMIFS('[20]WorkDone DATA'!$L:$L,'[20]WorkDone DATA'!$N:$N,BOQ!BV$6,'[20]WorkDone DATA'!$G:$G,BOQ!$B151)*$G151","v":{"$error":"#VALUE!"}},{"$f":"SUMIFS('[20]WorkDone DATA'!$L:$L,'[20]WorkDone DATA'!$N:$N,BOQ!BW$6,'[20]WorkDone DATA'!$G:$G,BOQ!$B151)*$G151","v":{"$error":"#VALUE!"}},{"$f":"SUMIFS('[20]WorkDone DATA'!$L:$L,'[20]WorkDone DATA'!$N:$N,BOQ!BX$6,'[20]WorkDone DATA'!$G:$G,BOQ!$B151)*$G151","v":{"$error":"#VALUE!"}}]
[{"$f":"C150","v":"70mm2 x 3 core (CXX03NCV) 3.8kV/6.6kV"},2.074,"Installation","A","m",300,64.61,{"v":19383,"d":"19,383.00"},null,null,{"$error":"#VALUE!"},{"$error":"#VALUE!"},{"$error":"#VALUE!"},null,{"$error":"#VALUE!"},{"$error":"#VALUE!"},null,{"$f":"SUMIFS('[20]WorkDone DATA'!$L:$L,'[20]WorkDone DATA'!$N:$N,BOQ!S$6,'[20]WorkDone DATA'!$G:$G,BOQ!$B152)","v":{"$error":"#VALUE!"}},{"$error":"#VALUE!"},{"$f":"SUMIFS('[20]WorkDone DATA'!$L:$L,'[20]WorkDone DATA'!$N:$N,BOQ!U$6,'[20]WorkDone DATA'!$G:$G,BOQ!$B152)","v":{"$error":"#VALUE!"}},{"$error":"#VALUE!"},null,{"$f":"SUMIFS('[20]WorkDone DATA'!$L:$L,'[20]WorkDone DATA'!$N:$N,BOQ!W$6,'[20]WorkDone DATA'!$G:$G,BOQ!$B152)*$G152","v":{"$error":"#VALUE!"}},null,{"$f":"SUMIFS('[20]WorkDone DATA'!$L:$L,'[20]WorkDone DATA'!$N:$N,BOQ!Y$6,'[20]WorkDone DATA'!$G:$G,BOQ!$B152)*$G152","v":{"$error":"#VALUE!"}},null,{"$f":"SUMIFS('[20]WorkDone DATA'!$L:$L,'[20]WorkDone DATA'!$N:$N,BOQ!AA$6,'[20]WorkDone DATA'!$G:$G,BOQ!$B152)*$G152","v":{"$error":"#VALUE!"}},{"$f":"SUMIFS('[20]WorkDone DATA'!$L:$L,'[20]WorkDone DATA'!$N:$N,BOQ!AB$6,'[20]WorkDone DATA'!$G:$G,BOQ!$B152)*$G152","v":{"$error":"#VALUE!"}},{"$f":"SUMIFS('[20]WorkDone DATA'!$L:$L,'[20]WorkDone DATA'!$N:$N,BOQ!AC$6,'[20]WorkDone DATA'!$G:$G,BOQ!$B152)*$G152","v":{"$error":"#VALUE!"}},{"$f":"SUMIFS('[20]WorkDone DATA'!$L:$L,'[20]WorkDone DATA'!$N:$N,BOQ!AD$6,'[20]WorkDone DATA'!$G:$G,BOQ!$B152)*$G152","v":{"$error":"#VALUE!"}},{"$f":"SUMIFS('[20]WorkDone DATA'!$L:$L,'[20]WorkDone DATA'!$N:$N,BOQ!AE$6,'[20]WorkDone DATA'!$G:$G,BOQ!$B152)*$G152","v":{"$error":"#VALUE!"}},{"$f":"SUMIFS('[20]WorkDone DATA'!$L:$L,'[20]WorkDone DATA'!$N:$N,BOQ!AF$6,'[20]WorkDone DATA'!$G:$G,BOQ!$B152)*$G152","v":{"$error":"#VALUE!"}},{"$f":"SUMIFS('[20]WorkDone DATA'!$L:$L,'[20]WorkDone DATA'!$N:$N,BOQ!AG$6,'[20]WorkDone DATA'!$G:$G,BOQ!$B152)*$G152","v":{"$error":"#VALUE!"}},{"$f":"SUMIFS('[20]WorkDone DATA'!$L:$L,'[20]WorkDone DATA'!$N:$N,BOQ!AH$6,'[20]WorkDone DATA'!$G:$G,BOQ!$B152)*$G152","v":{"$error":"#VALUE!"}},{"$f":"SUMIFS('[20]WorkDone DATA'!$L:$L,'[20]WorkDone DATA'!$N:$N,BOQ!AI$6,'[20]WorkDone DATA'!$G:$G,BOQ!$B152)*$G152","v":{"$error":"#VALUE!"}},{"$f":"SUMIFS('[20]WorkDone DATA'!$L:$L,'[20]WorkDone DATA'!$N:$N,BOQ!AJ$6,'[20]WorkDone DATA'!$G:$G,BOQ!$B152)*$G152","v":{"$error":"#VALUE!"}},{"$f":"SUMIFS('[20]WorkDone DATA'!$L:$L,'[20]WorkDone DATA'!$N:$N,BOQ!AK$6,'[20]WorkDone DATA'!$G:$G,BOQ!$B152)*$G152","v":{"$error":"#VALUE!"}},{"$f":"SUMIFS('[20]WorkDone DATA'!$L:$L,'[20]WorkDone DATA'!$N:$N,BOQ!AL$6,'[20]WorkDone DATA'!$G:$G,BOQ!$B152)*$G152","v":{"$error":"#VALUE!"}},{"$f":"SUMIFS('[20]WorkDone DATA'!$L:$L,'[20]WorkDone DATA'!$N:$N,BOQ!AM$6,'[20]WorkDone DATA'!$G:$G,BOQ!$B152)*$G152","v":{"$error":"#VALUE!"}},{"$f":"SUMIFS('[20]WorkDone DATA'!$L:$L,'[20]WorkDone DATA'!$N:$N,BOQ!AN$6,'[20]WorkDone DATA'!$G:$G,BOQ!$B152)*$G152","v":{"$error":"#VALUE!"}},{"$f":"SUMIFS('[20]WorkDone DATA'!$L:$L,'[20]WorkDone DATA'!$N:$N,BOQ!AO$6,'[20]WorkDone DATA'!$G:$G,BOQ!$B152)*$G152","v":{"$error":"#VALUE!"}},{"$f":"SUMIFS('[20]WorkDone DATA'!$L:$L,'[20]WorkDone DATA'!$N:$N,BOQ!AP$6,'[20]WorkDone DATA'!$G:$G,BOQ!$B152)*$G152","v":{"$error":"#VALUE!"}},{"$f":"SUMIFS('[20]WorkDone DATA'!$L:$L,'[20]WorkDone DATA'!$N:$N,BOQ!AQ$6,'[20]WorkDone DATA'!$G:$G,BOQ!$B152)*$G152","v":{"$error":"#VALUE!"}},{"$f":"SUMIFS('[20]WorkDone DATA'!$L:$L,'[20]WorkDone DATA'!$N:$N,BOQ!AR$6,'[20]WorkDone DATA'!$G:$G,BOQ!$B152)*$G152","v":{"$error":"#VALUE!"}},{"$f":"SUMIFS('[20]WorkDone DATA'!$L:$L,'[20]WorkDone DATA'!$N:$N,BOQ!AS$6,'[20]WorkDone DATA'!$G:$G,BOQ!$B152)*$G152","v":{"$error":"#VALUE!"}},{"$f":"SUMIFS('[20]WorkDone DATA'!$L:$L,'[20]WorkDone DATA'!$N:$N,BOQ!AT$6,'[20]WorkDone DATA'!$G:$G,BOQ!$B152)*$G152","v":{"$error":"#VALUE!"}},{"$f":"SUMIFS('[20]WorkDone DATA'!$L:$L,'[20]WorkDone DATA'!$N:$N,BOQ!AU$6,'[20]WorkDone DATA'!$G:$G,BOQ!$B152)*$G152","v":{"$error":"#VALUE!"}},{"$f":"SUMIFS('[20]WorkDone DATA'!$L:$L,'[20]WorkDone DATA'!$N:$N,BOQ!AV$6,'[20]WorkDone DATA'!$G:$G,BOQ!$B152)*$G152","v":{"$error":"#VALUE!"}},{"$f":"SUMIFS('[20]WorkDone DATA'!$L:$L,'[20]WorkDone DATA'!$N:$N,BOQ!AW$6,'[20]WorkDone DATA'!$G:$G,BOQ!$B152)*$G152","v":{"$error":"#VALUE!"}},{"$f":"SUMIFS('[20]WorkDone DATA'!$L:$L,'[20]WorkDone DATA'!$N:$N,BOQ!AX$6,'[20]WorkDone DATA'!$G:$G,BOQ!$B152)*$G152","v":{"$error":"#VALUE!"}},{"$f":"SUMIFS('[20]WorkDone DATA'!$L:$L,'[20]WorkDone DATA'!$N:$N,BOQ!AY$6,'[20]WorkDone DATA'!$G:$G,BOQ!$B152)*$G152","v":{"$error":"#VALUE!"}},{"$f":"SUMIFS('[20]WorkDone DATA'!$L:$L,'[20]WorkDone DATA'!$N:$N,BOQ!AZ$6,'[20]WorkDone DATA'!$G:$G,BOQ!$B152)*$G152","v":{"$error":"#VALUE!"}},{"$f":"SUMIFS('[20]WorkDone DATA'!$L:$L,'[20]WorkDone DATA'!$N:$N,BOQ!BA$6,'[20]WorkDone DATA'!$G:$G,BOQ!$B152)*$G152","v":{"$error":"#VALUE!"}},{"$f":"SUMIFS('[20]WorkDone DATA'!$L:$L,'[20]WorkDone DATA'!$N:$N,BOQ!BB$6,'[20]WorkDone DATA'!$G:$G,BOQ!$B152)*$G152","v":{"$error":"#VALUE!"}},{"$f":"SUMIFS('[20]WorkDone DATA'!$L:$L,'[20]WorkDone DATA'!$N:$N,BOQ!BC$6,'[20]WorkDone DATA'!$G:$G,BOQ!$B152)*$G152","v":{"$error":"#VALUE!"}},{"$f":"SUMIFS('[20]WorkDone DATA'!$L:$L,'[20]WorkDone DATA'!$N:$N,BOQ!BD$6,'[20]WorkDone DATA'!$G:$G,BOQ!$B152)*$G152","v":{"$error":"#VALUE!"}},{"$f":"SUMIFS('[20]WorkDone DATA'!$L:$L,'[20]WorkDone DATA'!$N:$N,BOQ!BE$6,'[20]WorkDone DATA'!$G:$G,BOQ!$B152)*$G152","v":{"$error":"#VALUE!"}},{"$f":"SUMIFS('[20]WorkDone DATA'!$L:$L,'[20]WorkDone DATA'!$N:$N,BOQ!BF$6,'[20]WorkDone DATA'!$G:$G,BOQ!$B152)*$G152","v":{"$error":"#VALUE!"}},{"$f":"SUMIFS('[20]WorkDone DATA'!$L:$L,'[20]WorkDone DATA'!$N:$N,BOQ!BG$6,'[20]WorkDone DATA'!$G:$G,BOQ!$B152)*$G152","v":{"$error":"#VALUE!"}},{"$f":"SUMIFS('[20]WorkDone DATA'!$L:$L,'[20]WorkDone DATA'!$N:$N,BOQ!BH$6,'[20]WorkDone DATA'!$G:$G,BOQ!$B152)*$G152","v":{"$error":"#VALUE!"}},{"$f":"SUMIFS('[20]WorkDone DATA'!$L:$L,'[20]WorkDone DATA'!$N:$N,BOQ!BI$6,'[20]WorkDone DATA'!$G:$G,BOQ!$B152)*$G152","v":{"$error":"#VALUE!"}},{"$f":"SUMIFS('[20]WorkDone DATA'!$L:$L,'[20]WorkDone DATA'!$N:$N,BOQ!BJ$6,'[20]WorkDone DATA'!$G:$G,BOQ!$B152)*$G152","v":{"$error":"#VALUE!"}},{"$f":"SUMIFS('[20]WorkDone DATA'!$L:$L,'[20]WorkDone DATA'!$N:$N,BOQ!BK$6,'[20]WorkDone DATA'!$G:$G,BOQ!$B152)*$G152","v":{"$error":"#VALUE!"}},{"$f":"SUMIFS('[20]WorkDone DATA'!$L:$L,'[20]WorkDone DATA'!$N:$N,BOQ!BL$6,'[20]WorkDone DATA'!$G:$G,BOQ!$B152)*$G152","v":{"$error":"#VALUE!"}},{"$f":"SUMIFS('[20]WorkDone DATA'!$L:$L,'[20]WorkDone DATA'!$N:$N,BOQ!BM$6,'[20]WorkDone DATA'!$G:$G,BOQ!$B152)*$G152","v":{"$error":"#VALUE!"}},{"$f":"SUMIFS('[20]WorkDone DATA'!$L:$L,'[20]WorkDone DATA'!$N:$N,BOQ!BN$6,'[20]WorkDone DATA'!$G:$G,BOQ!$B152)*$G152","v":{"$error":"#VALUE!"}},{"$f":"SUMIFS('[20]WorkDone DATA'!$L:$L,'[20]WorkDone DATA'!$N:$N,BOQ!BO$6,'[20]WorkDone DATA'!$G:$G,BOQ!$B152)*$G152","v":{"$error":"#VALUE!"}},{"$f":"SUMIFS('[20]WorkDone DATA'!$L:$L,'[20]WorkDone DATA'!$N:$N,BOQ!BP$6,'[20]WorkDone DATA'!$G:$G,BOQ!$B152)*$G152","v":{"$error":"#VALUE!"}},{"$f":"SUMIFS('[20]WorkDone DATA'!$L:$L,'[20]WorkDone DATA'!$N:$N,BOQ!BQ$6,'[20]WorkDone DATA'!$G:$G,BOQ!$B152)*$G152","v":{"$error":"#VALUE!"}},{"$f":"SUMIFS('[20]WorkDone DATA'!$L:$L,'[20]WorkDone DATA'!$N:$N,BOQ!BR$6,'[20]WorkDone DATA'!$G:$G,BOQ!$B152)*$G152","v":{"$error":"#VALUE!"}},{"$f":"SUMIFS('[20]WorkDone DATA'!$L:$L,'[20]WorkDone DATA'!$N:$N,BOQ!BS$6,'[20]WorkDone DATA'!$G:$G,BOQ!$B152)*$G152","v":{"$error":"#VALUE!"}},{"$f":"SUMIFS('[20]WorkDone DATA'!$L:$L,'[20]WorkDone DATA'!$N:$N,BOQ!BT$6,'[20]WorkDone DATA'!$G:$G,BOQ!$B152)*$G152","v":{"$error":"#VALUE!"}},{"$f":"SUMIFS('[20]WorkDone DATA'!$L:$L,'[20]WorkDone DATA'!$N:$N,BOQ!BU$6,'[20]WorkDone DATA'!$G:$G,BOQ!$B152)*$G152","v":{"$error":"#VALUE!"}},{"$f":"SUMIFS('[20]WorkDone DATA'!$L:$L,'[20]WorkDone DATA'!$N:$N,BOQ!BV$6,'[20]WorkDone DATA'!$G:$G,BOQ!$B152)*$G152","v":{"$error":"#VALUE!"}},{"$f":"SUMIFS('[20]WorkDone DATA'!$L:$L,'[20]WorkDone DATA'!$N:$N,BOQ!BW$6,'[20]WorkDone DATA'!$G:$G,BOQ!$B152)*$G152","v":{"$error":"#VALUE!"}},{"$f":"SUMIFS('[20]WorkDone DATA'!$L:$L,'[20]WorkDone DATA'!$N:$N,BOQ!BX$6,'[20]WorkDone DATA'!$G:$G,BOQ!$B152)*$G152","v":{"$error":"#VALUE!"}}]
[{"$nulls":7},0,{"$nulls":3},{"$error":"#VALUE!"},{"$error":"#VALUE!"},null,0,{"$error":"#VALUE!"},null,{"$f":"SUMIFS('[20]WorkDone DATA'!$L:$L,'[20]WorkDone DATA'!$N:$N,BOQ!S$6,'[20]WorkDone DATA'!$G:$G,BOQ!$B153)","v":{"$error":"#VALUE!"}},{"$error":"#VALUE!"},{"$f":"SUMIFS('[20]WorkDone DATA'!$L:$L,'[20]WorkDone DATA'!$N:$N,BOQ!U$6,'[20]WorkDone DATA'!$G:$G,BOQ!$B153)","v":{"$error":"#VALUE!"}},{"$error":"#VALUE!"},null,{"$f":"SUMIFS('[20]WorkDone DATA'!$L:$L,'[20]WorkDone DATA'!$N:$N,BOQ!W$6,'[20]WorkDone DATA'!$G:$G,BOQ!$B153)*$G153","v":{"$error":"#VALUE!"}},null,{"$f":"SUMIFS('[20]WorkDone DATA'!$L:$L,'[20]WorkDone DATA'!$N:$N,BOQ!Y$6,'[20]WorkDone DATA'!$G:$G,BOQ!$B153)*$G153","v":{"$error":"#VALUE!"}},null,{"$f":"SUMIFS('[20]WorkDone DATA'!$L:$L,'[20]WorkDone DATA'!$N:$N,BOQ!AA$6,'[20]WorkDone DATA'!$G:$G,BOQ!$B153)*$G153","v":{"$error":"#VALUE!"}},{"$f":"SUMIFS('[20]WorkDone DATA'!$L:$L,'[20]WorkDone DATA'!$N:$N,BOQ!AB$6,'[20]WorkDone DATA'!$G:$G,BOQ!$B153)*$G153","v":{"$error":"#VALUE!"}},{"$f":"SUMIFS('[20]WorkDone DATA'!$L:$L,'[20]WorkDone DATA'!$N:$N,BOQ!AC$6,'[20]WorkDone DATA'!$G:$G,BOQ!$B153)*$G153","v":{"$error":"#VALUE!"}},{"$f":"SUMIFS('[20]WorkDone DATA'!$L:$L,'[20]WorkDone DATA'!$N:$N,BOQ!AD$6,'[20]WorkDone DATA'!$G:$G,BOQ!$B153)*$G153","v":{"$error":"#VALUE!"}},{"$f":"SUMIFS('[20]WorkDone DATA'!$L:$L,'[20]WorkDone DATA'!$N:$N,BOQ!AE$6,'[20]WorkDone DATA'!$G:$G,BOQ!$B153)*$G153","v":{"$error":"#VALUE!"}},{"$f":"SUMIFS('[20]WorkDone DATA'!$L:$L,'[20]WorkDone DATA'!$N:$N,BOQ!AF$6,'[20]WorkDone DATA'!$G:$G,BOQ!$B153)*$G153","v":{"$error":"#VALUE!"}},{"$f":"SUMIFS('[20]WorkDone DATA'!$L:$L,'[20]WorkDone DATA'!$N:$N,BOQ!AG$6,'[20]WorkDone DATA'!$G:$G,BOQ!$B153)*$G153","v":{"$error":"#VALUE!"}},{"$f":"SUMIFS('[20]WorkDone DATA'!$L:$L,'[20]WorkDone DATA'!$N:$N,BOQ!AH$6,'[20]WorkDone DATA'!$G:$G,BOQ!$B153)*$G153","v":{"$error":"#VALUE!"}},{"$f":"SUMIFS('[20]WorkDone DATA'!$L:$L,'[20]WorkDone DATA'!$N:$N,BOQ!AI$6,'[20]WorkDone DATA'!$G:$G,BOQ!$B153)*$G153","v":{"$error":"#VALUE!"}},{"$f":"SUMIFS('[20]WorkDone DATA'!$L:$L,'[20]WorkDone DATA'!$N:$N,BOQ!AJ$6,'[20]WorkDone DATA'!$G:$G,BOQ!$B153)*$G153","v":{"$error":"#VALUE!"}},{"$f":"SUMIFS('[20]WorkDone DATA'!$L:$L,'[20]WorkDone DATA'!$N:$N,BOQ!AK$6,'[20]WorkDone DATA'!$G:$G,BOQ!$B153)*$G153","v":{"$error":"#VALUE!"}},{"$f":"SUMIFS('[20]WorkDone DATA'!$L:$L,'[20]WorkDone DATA'!$N:$N,BOQ!AL$6,'[20]WorkDone DATA'!$G:$G,BOQ!$B153)*$G153","v":{"$error":"#VALUE!"}},{"$f":"SUMIFS('[20]WorkDone DATA'!$L:$L,'[20]WorkDone DATA'!$N:$N,BOQ!AM$6,'[20]WorkDone DATA'!$G:$G,BOQ!$B153)*$G153","v":{"$error":"#VALUE!"}},{"$f":"SUMIFS('[20]WorkDone DATA'!$L:$L,'[20]WorkDone DATA'!$N:$N,BOQ!AN$6,'[20]WorkDone DATA'!$G:$G,BOQ!$B153)*$G153","v":{"$error":"#VALUE!"}},{"$f":"SUMIFS('[20]WorkDone DATA'!$L:$L,'[20]WorkDone DATA'!$N:$N,BOQ!AO$6,'[20]WorkDone DATA'!$G:$G,BOQ!$B153)*$G153","v":{"$error":"#VALUE!"}},{"$f":"SUMIFS('[20]WorkDone DATA'!$L:$L,'[20]WorkDone DATA'!$N:$N,BOQ!AP$6,'[20]WorkDone DATA'!$G:$G,BOQ!$B153)*$G153","v":{"$error":"#VALUE!"}},{"$f":"SUMIFS('[20]WorkDone DATA'!$L:$L,'[20]WorkDone DATA'!$N:$N,BOQ!AQ$6,'[20]WorkDone DATA'!$G:$G,BOQ!$B153)*$G153","v":{"$error":"#VALUE!"}},{"$f":"SUMIFS('[20]WorkDone DATA'!$L:$L,'[20]WorkDone DATA'!$N:$N,BOQ!AR$6,'[20]WorkDone DATA'!$G:$G,BOQ!$B153)*$G153","v":{"$error":"#VALUE!"}},{"$f":"SUMIFS('[20]WorkDone DATA'!$L:$L,'[20]WorkDone DATA'!$N:$N,BOQ!AS$6,'[20]WorkDone DATA'!$G:$G,BOQ!$B153)*$G153","v":{"$error":"#VALUE!"}},{"$f":"SUMIFS('[20]WorkDone DATA'!$L:$L,'[20]WorkDone DATA'!$N:$N,BOQ!AT$6,'[20]WorkDone DATA'!$G:$G,BOQ!$B153)*$G153","v":{"$error":"#VALUE!"}},{"$f":"SUMIFS('[20]WorkDone DATA'!$L:$L,'[20]WorkDone DATA'!$N:$N,BOQ!AU$6,'[20]WorkDone DATA'!$G:$G,BOQ!$B153)*$G153","v":{"$error":"#VALUE!"}},{"$f":"SUMIFS('[20]WorkDone DATA'!$L:$L,'[20]WorkDone DATA'!$N:$N,BOQ!AV$6,'[20]WorkDone DATA'!$G:$G,BOQ!$B153)*$G153","v":{"$error":"#VALUE!"}},{"$f":"SUMIFS('[20]WorkDone DATA'!$L:$L,'[20]WorkDone DATA'!$N:$N,BOQ!AW$6,'[20]WorkDone DATA'!$G:$G,BOQ!$B153)*$G153","v":{"$error":"#VALUE!"}},{"$f":"SUMIFS('[20]WorkDone DATA'!$L:$L,'[20]WorkDone DATA'!$N:$N,BOQ!AX$6,'[20]WorkDone DATA'!$G:$G,BOQ!$B153)*$G153","v":{"$error":"#VALUE!"}},{"$f":"SUMIFS('[20]WorkDone DATA'!$L:$L,'[20]WorkDone DATA'!$N:$N,BOQ!AY$6,'[20]WorkDone DATA'!$G:$G,BOQ!$B153)*$G153","v":{"$error":"#VALUE!"}},{"$f":"SUMIFS('[20]WorkDone DATA'!$L:$L,'[20]WorkDone DATA'!$N:$N,BOQ!AZ$6,'[20]WorkDone DATA'!$G:$G,BOQ!$B153)*$G153","v":{"$error":"#VALUE!"}},{"$f":"SUMIFS('[20]WorkDone DATA'!$L:$L,'[20]WorkDone DATA'!$N:$N,BOQ!BA$6,'[20]WorkDone DATA'!$G:$G,BOQ!$B153)*$G153","v":{"$error":"#VALUE!"}},{"$f":"SUMIFS('[20]WorkDone DATA'!$L:$L,'[20]WorkDone DATA'!$N:$N,BOQ!BB$6,'[20]WorkDone DATA'!$G:$G,BOQ!$B153)*$G153","v":{"$error":"#VALUE!"}},{"$f":"SUMIFS('[20]WorkDone DATA'!$L:$L,'[20]WorkDone DATA'!$N:$N,BOQ!BC$6,'[20]WorkDone DATA'!$G:$G,BOQ!$B153)*$G153","v":{"$error":"#VALUE!"}},{"$f":"SUMIFS('[20]WorkDone DATA'!$L:$L,'[20]WorkDone DATA'!$N:$N,BOQ!BD$6,'[20]WorkDone DATA'!$G:$G,BOQ!$B153)*$G153","v":{"$error":"#VALUE!"}},{"$f":"SUMIFS('[20]WorkDone DATA'!$L:$L,'[20]WorkDone DATA'!$N:$N,BOQ!BE$6,'[20]WorkDone DATA'!$G:$G,BOQ!$B153)*$G153","v":{"$error":"#VALUE!"}},{"$f":"SUMIFS('[20]WorkDone DATA'!$L:$L,'[20]WorkDone DATA'!$N:$N,BOQ!BF$6,'[20]WorkDone DATA'!$G:$G,BOQ!$B153)*$G153","v":{"$error":"#VALUE!"}},{"$f":"SUMIFS('[20]WorkDone DATA'!$L:$L,'[20]WorkDone DATA'!$N:$N,BOQ!BG$6,'[20]WorkDone DATA'!$G:$G,BOQ!$B153)*$G153","v":{"$error":"#VALUE!"}},{"$f":"SUMIFS('[20]WorkDone DATA'!$L:$L,'[20]WorkDone DATA'!$N:$N,BOQ!BH$6,'[20]WorkDone DATA'!$G:$G,BOQ!$B153)*$G153","v":{"$error":"#VALUE!"}},{"$f":"SUMIFS('[20]WorkDone DATA'!$L:$L,'[20]WorkDone DATA'!$N:$N,BOQ!BI$6,'[20]WorkDone DATA'!$G:$G,BOQ!$B153)*$G153","v":{"$error":"#VALUE!"}},{"$f":"SUMIFS('[20]WorkDone DATA'!$L:$L,'[20]WorkDone DATA'!$N:$N,BOQ!BJ$6,'[20]WorkDone DATA'!$G:$G,BOQ!$B153)*$G153","v":{"$error":"#VALUE!"}},{"$f":"SUMIFS('[20]WorkDone DATA'!$L:$L,'[20]WorkDone DATA'!$N:$N,BOQ!BK$6,'[20]WorkDone DATA'!$G:$G,BOQ!$B153)*$G153","v":{"$error":"#VALUE!"}},{"$f":"SUMIFS('[20]WorkDone DATA'!$L:$L,'[20]WorkDone DATA'!$N:$N,BOQ!BL$6,'[20]WorkDone DATA'!$G:$G,BOQ!$B153)*$G153","v":{"$error":"#VALUE!"}},{"$f":"SUMIFS('[20]WorkDone DATA'!$L:$L,'[20]WorkDone DATA'!$N:$N,BOQ!BM$6,'[20]WorkDone DATA'!$G:$G,BOQ!$B153)*$G153","v":{"$error":"#VALUE!"}},{"$f":"SUMIFS('[20]WorkDone DATA'!$L:$L,'[20]WorkDone DATA'!$N:$N,BOQ!BN$6,'[20]WorkDone DATA'!$G:$G,BOQ!$B153)*$G153","v":{"$error":"#VALUE!"}},{"$f":"SUMIFS('[20]WorkDone DATA'!$L:$L,'[20]WorkDone DATA'!$N:$N,BOQ!BO$6,'[20]WorkDone DATA'!$G:$G,BOQ!$B153)*$G153","v":{"$error":"#VALUE!"}},{"$f":"SUMIFS('[20]WorkDone DATA'!$L:$L,'[20]WorkDone DATA'!$N:$N,BOQ!BP$6,'[20]WorkDone DATA'!$G:$G,BOQ!$B153)*$G153","v":{"$error":"#VALUE!"}},{"$f":"SUMIFS('[20]WorkDone DATA'!$L:$L,'[20]WorkDone DATA'!$N:$N,BOQ!BQ$6,'[20]WorkDone DATA'!$G:$G,BOQ!$B153)*$G153","v":{"$error":"#VALUE!"}},{"$f":"SUMIFS('[20]WorkDone DATA'!$L:$L,'[20]WorkDone DATA'!$N:$N,BOQ!BR$6,'[20]WorkDone DATA'!$G:$G,BOQ!$B153)*$G153","v":{"$error":"#VALUE!"}},{"$f":"SUMIFS('[20]WorkDone DATA'!$L:$L,'[20]WorkDone DATA'!$N:$N,BOQ!BS$6,'[20]WorkDone DATA'!$G:$G,BOQ!$B153)*$G153","v":{"$error":"#VALUE!"}},{"$f":"SUMIFS('[20]WorkDone DATA'!$L:$L,'[20]WorkDone DATA'!$N:$N,BOQ!BT$6,'[20]WorkDone DATA'!$G:$G,BOQ!$B153)*$G153","v":{"$error":"#VALUE!"}},{"$f":"SUMIFS('[20]WorkDone DATA'!$L:$L,'[20]WorkDone DATA'!$N:$N,BOQ!BU$6,'[20]WorkDone DATA'!$G:$G,BOQ!$B153)*$G153","v":{"$error":"#VALUE!"}},{"$f":"SUMIFS('[20]WorkDone DATA'!$L:$L,'[20]WorkDone DATA'!$N:$N,BOQ!BV$6,'[20]WorkDone DATA'!$G:$G,BOQ!$B153)*$G153","v":{"$error":"#VALUE!"}},{"$f":"SUMIFS('[20]WorkDone DATA'!$L:$L,'[20]WorkDone DATA'!$N:$N,BOQ!BW$6,'[20]WorkDone DATA'!$G:$G,BOQ!$B153)*$G153","v":{"$error":"#VALUE!"}},{"$f":"SUMIFS('[20]WorkDone DATA'!$L:$L,'[20]WorkDone DATA'!$N:$N,BOQ!BX$6,'[20]WorkDone DATA'!$G:$G,BOQ!$B153)*$G153","v":{"$error":"#VALUE!"}}]
[null,null,"Terminate both ends on MV only",{"$nulls":4},0,{"$nulls":3},{"$error":"#VALUE!"},{"$error":"#VALUE!"},null,0,{"$error":"#VALUE!"},null,{"$f":"SUMIFS('[20]WorkDone DATA'!$L:$L,'[20]WorkDone DATA'!$N:$N,BOQ!S$6,'[20]WorkDone DATA'!$G:$G,BOQ!$B154)","v":{"$error":"#VALUE!"}},{"$error":"#VALUE!"},{"$f":"SUMIFS('[20]WorkDone DATA'!$L:$L,'[20]WorkDone DATA'!$N:$N,BOQ!U$6,'[20]WorkDone DATA'!$G:$G,BOQ!$B154)","v":{"$error":"#VALUE!"}},{"$error":"#VALUE!"},null,{"$f":"SUMIFS('[20]WorkDone DATA'!$L:$L,'[20]WorkDone DATA'!$N:$N,BOQ!W$6,'[20]WorkDone DATA'!$G:$G,BOQ!$B154)*$G154","v":{"$error":"#VALUE!"}},null,{"$f":"SUMIFS('[20]WorkDone DATA'!$L:$L,'[20]WorkDone DATA'!$N:$N,BOQ!Y$6,'[20]WorkDone DATA'!$G:$G,BOQ!$B154)*$G154","v":{"$error":"#VALUE!"}},null,{"$f":"SUMIFS('[20]WorkDone DATA'!$L:$L,'[20]WorkDone DATA'!$N:$N,BOQ!AA$6,'[20]WorkDone DATA'!$G:$G,BOQ!$B154)*$G154","v":{"$error":"#VALUE!"}},{"$f":"SUMIFS('[20]WorkDone DATA'!$L:$L,'[20]WorkDone DATA'!$N:$N,BOQ!AB$6,'[20]WorkDone DATA'!$G:$G,BOQ!$B154)*$G154","v":{"$error":"#VALUE!"}},{"$f":"SUMIFS('[20]WorkDone DATA'!$L:$L,'[20]WorkDone DATA'!$N:$N,BOQ!AC$6,'[20]WorkDone DATA'!$G:$G,BOQ!$B154)*$G154","v":{"$error":"#VALUE!"}},{"$f":"SUMIFS('[20]WorkDone DATA'!$L:$L,'[20]WorkDone DATA'!$N:$N,BOQ!AD$6,'[20]WorkDone DATA'!$G:$G,BOQ!$B154)*$G154","v":{"$error":"#VALUE!"}},{"$f":"SUMIFS('[20]WorkDone DATA'!$L:$L,'[20]WorkDone DATA'!$N:$N,BOQ!AE$6,'[20]WorkDone DATA'!$G:$G,BOQ!$B154)*$G154","v":{"$error":"#VALUE!"}},{"$f":"SUMIFS('[20]WorkDone DATA'!$L:$L,'[20]WorkDone DATA'!$N:$N,BOQ!AF$6,'[20]WorkDone DATA'!$G:$G,BOQ!$B154)*$G154","v":{"$error":"#VALUE!"}},{"$f":"SUMIFS('[20]WorkDone DATA'!$L:$L,'[20]WorkDone DATA'!$N:$N,BOQ!AG$6,'[20]WorkDone DATA'!$G:$G,BOQ!$B154)*$G154","v":{"$error":"#VALUE!"}},{"$f":"SUMIFS('[20]WorkDone DATA'!$L:$L,'[20]WorkDone DATA'!$N:$N,BOQ!AH$6,'[20]WorkDone DATA'!$G:$G,BOQ!$B154)*$G154","v":{"$error":"#VALUE!"}},{"$f":"SUMIFS('[20]WorkDone DATA'!$L:$L,'[20]WorkDone DATA'!$N:$N,BOQ!AI$6,'[20]WorkDone DATA'!$G:$G,BOQ!$B154)*$G154","v":{"$error":"#VALUE!"}},{"$f":"SUMIFS('[20]WorkDone DATA'!$L:$L,'[20]WorkDone DATA'!$N:$N,BOQ!AJ$6,'[20]WorkDone DATA'!$G:$G,BOQ!$B154)*$G154","v":{"$error":"#VALUE!"}},{"$f":"SUMIFS('[20]WorkDone DATA'!$L:$L,'[20]WorkDone DATA'!$N:$N,BOQ!AK$6,'[20]WorkDone DATA'!$G:$G,BOQ!$B154)*$G154","v":{"$error":"#VALUE!"}},{"$f":"SUMIFS('[20]WorkDone DATA'!$L:$L,'[20]WorkDone DATA'!$N:$N,BOQ!AL$6,'[20]WorkDone DATA'!$G:$G,BOQ!$B154)*$G154","v":{"$error":"#VALUE!"}},{"$f":"SUMIFS('[20]WorkDone DATA'!$L:$L,'[20]WorkDone DATA'!$N:$N,BOQ!AM$6,'[20]WorkDone DATA'!$G:$G,BOQ!$B154)*$G154","v":{"$error":"#VALUE!"}},{"$f":"SUMIFS('[20]WorkDone DATA'!$L:$L,'[20]WorkDone DATA'!$N:$N,BOQ!AN$6,'[20]WorkDone DATA'!$G:$G,BOQ!$B154)*$G154","v":{"$error":"#VALUE!"}},{"$f":"SUMIFS('[20]WorkDone DATA'!$L:$L,'[20]WorkDone DATA'!$N:$N,BOQ!AO$6,'[20]WorkDone DATA'!$G:$G,BOQ!$B154)*$G154","v":{"$error":"#VALUE!"}},{"$f":"SUMIFS('[20]WorkDone DATA'!$L:$L,'[20]WorkDone DATA'!$N:$N,BOQ!AP$6,'[20]WorkDone DATA'!$G:$G,BOQ!$B154)*$G154","v":{"$error":"#VALUE!"}},{"$f":"SUMIFS('[20]WorkDone DATA'!$L:$L,'[20]WorkDone DATA'!$N:$N,BOQ!AQ$6,'[20]WorkDone DATA'!$G:$G,BOQ!$B154)*$G154","v":{"$error":"#VALUE!"}},{"$f":"SUMIFS('[20]WorkDone DATA'!$L:$L,'[20]WorkDone DATA'!$N:$N,BOQ!AR$6,'[20]WorkDone DATA'!$G:$G,BOQ!$B154)*$G154","v":{"$error":"#VALUE!"}},{"$f":"SUMIFS('[20]WorkDone DATA'!$L:$L,'[20]WorkDone DATA'!$N:$N,BOQ!AS$6,'[20]WorkDone DATA'!$G:$G,BOQ!$B154)*$G154","v":{"$error":"#VALUE!"}},{"$f":"SUMIFS('[20]WorkDone DATA'!$L:$L,'[20]WorkDone DATA'!$N:$N,BOQ!AT$6,'[20]WorkDone DATA'!$G:$G,BOQ!$B154)*$G154","v":{"$error":"#VALUE!"}},{"$f":"SUMIFS('[20]WorkDone DATA'!$L:$L,'[20]WorkDone DATA'!$N:$N,BOQ!AU$6,'[20]WorkDone DATA'!$G:$G,BOQ!$B154)*$G154","v":{"$error":"#VALUE!"}},{"$f":"SUMIFS('[20]WorkDone DATA'!$L:$L,'[20]WorkDone DATA'!$N:$N,BOQ!AV$6,'[20]WorkDone DATA'!$G:$G,BOQ!$B154)*$G154","v":{"$error":"#VALUE!"}},{"$f":"SUMIFS('[20]WorkDone DATA'!$L:$L,'[20]WorkDone DATA'!$N:$N,BOQ!AW$6,'[20]WorkDone DATA'!$G:$G,BOQ!$B154)*$G154","v":{"$error":"#VALUE!"}},{"$f":"SUMIFS('[20]WorkDone DATA'!$L:$L,'[20]WorkDone DATA'!$N:$N,BOQ!AX$6,'[20]WorkDone DATA'!$G:$G,BOQ!$B154)*$G154","v":{"$error":"#VALUE!"}},{"$f":"SUMIFS('[20]WorkDone DATA'!$L:$L,'[20]WorkDone DATA'!$N:$N,BOQ!AY$6,'[20]WorkDone DATA'!$G:$G,BOQ!$B154)*$G154","v":{"$error":"#VALUE!"}},{"$f":"SUMIFS('[20]WorkDone DATA'!$L:$L,'[20]WorkDone DATA'!$N:$N,BOQ!AZ$6,'[20]WorkDone DATA'!$G:$G,BOQ!$B154)*$G154","v":{"$error":"#VALUE!"}},{"$f":"SUMIFS('[20]WorkDone DATA'!$L:$L,'[20]WorkDone DATA'!$N:$N,BOQ!BA$6,'[20]WorkDone DATA'!$G:$G,BOQ!$B154)*$G154","v":{"$error":"#VALUE!"}},{"$f":"SUMIFS('[20]WorkDone DATA'!$L:$L,'[20]WorkDone DATA'!$N:$N,BOQ!BB$6,'[20]WorkDone DATA'!$G:$G,BOQ!$B154)*$G154","v":{"$error":"#VALUE!"}},{"$f":"SUMIFS('[20]WorkDone DATA'!$L:$L,'[20]WorkDone DATA'!$N:$N,BOQ!BC$6,'[20]WorkDone DATA'!$G:$G,BOQ!$B154)*$G154","v":{"$error":"#VALUE!"}},{"$f":"SUMIFS('[20]WorkDone DATA'!$L:$L,'[20]WorkDone DATA'!$N:$N,BOQ!BD$6,'[20]WorkDone DATA'!$G:$G,BOQ!$B154)*$G154","v":{"$error":"#VALUE!"}},{"$f":"SUMIFS('[20]WorkDone DATA'!$L:$L,'[20]WorkDone DATA'!$N:$N,BOQ!BE$6,'[20]WorkDone DATA'!$G:$G,BOQ!$B154)*$G154","v":{"$error":"#VALUE!"}},{"$f":"SUMIFS('[20]WorkDone DATA'!$L:$L,'[20]WorkDone DATA'!$N:$N,BOQ!BF$6,'[20]WorkDone DATA'!$G:$G,BOQ!$B154)*$G154","v":{"$error":"#VALUE!"}},{"$f":"SUMIFS('[20]WorkDone DATA'!$L:$L,'[20]WorkDone DATA'!$N:$N,BOQ!BG$6,'[20]WorkDone DATA'!$G:$G,BOQ!$B154)*$G154","v":{"$error":"#VALUE!"}},{"$f":"SUMIFS('[20]WorkDone DATA'!$L:$L,'[20]WorkDone DATA'!$N:$N,BOQ!BH$6,'[20]WorkDone DATA'!$G:$G,BOQ!$B154)*$G154","v":{"$error":"#VALUE!"}},{"$f":"SUMIFS('[20]WorkDone DATA'!$L:$L,'[20]WorkDone DATA'!$N:$N,BOQ!BI$6,'[20]WorkDone DATA'!$G:$G,BOQ!$B154)*$G154","v":{"$error":"#VALUE!"}},{"$f":"SUMIFS('[20]WorkDone DATA'!$L:$L,'[20]WorkDone DATA'!$N:$N,BOQ!BJ$6,'[20]WorkDone DATA'!$G:$G,BOQ!$B154)*$G154","v":{"$error":"#VALUE!"}},{"$f":"SUMIFS('[20]WorkDone DATA'!$L:$L,'[20]WorkDone DATA'!$N:$N,BOQ!BK$6,'[20]WorkDone DATA'!$G:$G,BOQ!$B154)*$G154","v":{"$error":"#VALUE!"}},{"$f":"SUMIFS('[20]WorkDone DATA'!$L:$L,'[20]WorkDone DATA'!$N:$N,BOQ!BL$6,'[20]WorkDone DATA'!$G:$G,BOQ!$B154)*$G154","v":{"$error":"#VALUE!"}},{"$f":"SUMIFS('[20]WorkDone DATA'!$L:$L,'[20]WorkDone DATA'!$N:$N,BOQ!BM$6,'[20]WorkDone DATA'!$G:$G,BOQ!$B154)*$G154","v":{"$error":"#VALUE!"}},{"$f":"SUMIFS('[20]WorkDone DATA'!$L:$L,'[20]WorkDone DATA'!$N:$N,BOQ!BN$6,'[20]WorkDone DATA'!$G:$G,BOQ!$B154)*$G154","v":{"$error":"#VALUE!"}},{"$f":"SUMIFS('[20]WorkDone DATA'!$L:$L,'[20]WorkDone DATA'!$N:$N,BOQ!BO$6,'[20]WorkDone DATA'!$G:$G,BOQ!$B154)*$G154","v":{"$error":"#VALUE!"}},{"$f":"SUMIFS('[20]WorkDone DATA'!$L:$L,'[20]WorkDone DATA'!$N:$N,BOQ!BP$6,'[20]WorkDone DATA'!$G:$G,BOQ!$B154)*$G154","v":{"$error":"#VALUE!"}},{"$f":"SUMIFS('[20]WorkDone DATA'!$L:$L,'[20]WorkDone DATA'!$N:$N,BOQ!BQ$6,'[20]WorkDone DATA'!$G:$G,BOQ!$B154)*$G154","v":{"$error":"#VALUE!"}},{"$f":"SUMIFS('[20]WorkDone DATA'!$L:$L,'[20]WorkDone DATA'!$N:$N,BOQ!BR$6,'[20]WorkDone DATA'!$G:$G,BOQ!$B154)*$G154","v":{"$error":"#VALUE!"}},{"$f":"SUMIFS('[20]WorkDone DATA'!$L:$L,'[20]WorkDone DATA'!$N:$N,BOQ!BS$6,'[20]WorkDone DATA'!$G:$G,BOQ!$B154)*$G154","v":{"$error":"#VALUE!"}},{"$f":"SUMIFS('[20]WorkDone DATA'!$L:$L,'[20]WorkDone DATA'!$N:$N,BOQ!BT$6,'[20]WorkDone DATA'!$G:$G,BOQ!$B154)*$G154","v":{"$error":"#VALUE!"}},{"$f":"SUMIFS('[20]WorkDone DATA'!$L:$L,'[20]WorkDone DATA'!$N:$N,BOQ!BU$6,'[20]WorkDone DATA'!$G:$G,BOQ!$B154)*$G154","v":{"$error":"#VALUE!"}},{"$f":"SUMIFS('[20]WorkDone DATA'!$L:$L,'[20]WorkDone DATA'!$N:$N,BOQ!BV$6,'[20]WorkDone DATA'!$G:$G,BOQ!$B154)*$G154","v":{"$error":"#VALUE!"}},{"$f":"SUMIFS('[20]WorkDone DATA'!$L:$L,'[20]WorkDone DATA'!$N:$N,BOQ!BW$6,'[20]WorkDone DATA'!$G:$G,BOQ!$B154)*$G154","v":{"$error":"#VALUE!"}},{"$f":"SUMIFS('[20]WorkDone DATA'!$L:$L,'[20]WorkDone DATA'!$N:$N,BOQ!BX$6,'[20]WorkDone DATA'!$G:$G,BOQ!$B154)*$G154","v":{"$error":"#VALUE!"}}]
[null,null,"XLPE 11kV",{"$nulls":4},0,{"$nulls":3},{"$error":"#VALUE!"},{"$error":"#VALUE!"},null,0,{"$error":"#VALUE!"},null,{"$f":"SUMIFS('[20]WorkDone DATA'!$L:$L,'[20]WorkDone DATA'!$N:$N,BOQ!S$6,'[20]WorkDone DATA'!$G:$G,BOQ!$B155)","v":{"$error":"#VALUE!"}},{"$error":"#VALUE!"},{"$f":"SUMIFS('[20]WorkDone DATA'!$L:$L,'[20]WorkDone DATA'!$N:$N,BOQ!U$6,'[20]WorkDone DATA'!$G:$G,BOQ!$B155)","v":{"$error":"#VALUE!"}},{"$error":"#VALUE!"},null,{"$f":"SUMIFS('[20]WorkDone DATA'!$L:$L,'[20]WorkDone DATA'!$N:$N,BOQ!W$6,'[20]WorkDone DATA'!$G:$G,BOQ!$B155)*$G155","v":{"$error":"#VALUE!"}},null,{"$f":"SUMIFS('[20]WorkDone DATA'!$L:$L,'[20]WorkDone DATA'!$N:$N,BOQ!Y$6,'[20]WorkDone DATA'!$G:$G,BOQ!$B155)*$G155","v":{"$error":"#VALUE!"}},null,{"$f":"SUMIFS('[20]WorkDone DATA'!$L:$L,'[20]WorkDone DATA'!$N:$N,BOQ!AA$6,'[20]WorkDone DATA'!$G:$G,BOQ!$B155)*$G155","v":{"$error":"#VALUE!"}},{"$f":"SUMIFS('[20]WorkDone DATA'!$L:$L,'[20]WorkDone DATA'!$N:$N,BOQ!AB$6,'[20]WorkDone DATA'!$G:$G,BOQ!$B155)*$G155","v":{"$error":"#VALUE!"}},{"$f":"SUMIFS('[20]WorkDone DATA'!$L:$L,'[20]WorkDone DATA'!$N:$N,BOQ!AC$6,'[20]WorkDone DATA'!$G:$G,BOQ!$B155)*$G155","v":{"$error":"#VALUE!"}},{"$f":"SUMIFS('[20]WorkDone DATA'!$L:$L,'[20]WorkDone DATA'!$N:$N,BOQ!AD$6,'[20]WorkDone DATA'!$G:$G,BOQ!$B155)*$G155","v":{"$error":"#VALUE!"}},{"$f":"SUMIFS('[20]WorkDone DATA'!$L:$L,'[20]WorkDone DATA'!$N:$N,BOQ!AE$6,'[20]WorkDone DATA'!$G:$G,BOQ!$B155)*$G155","v":{"$error":"#VALUE!"}},{"$f":"SUMIFS('[20]WorkDone DATA'!$L:$L,'[20]WorkDone DATA'!$N:$N,BOQ!AF$6,'[20]WorkDone DATA'!$G:$G,BOQ!$B155)*$G155","v":{"$error":"#VALUE!"}},{"$f":"SUMIFS('[20]WorkDone DATA'!$L:$L,'[20]WorkDone DATA'!$N:$N,BOQ!AG$6,'[20]WorkDone DATA'!$G:$G,BOQ!$B155)*$G155","v":{"$error":"#VALUE!"}},{"$f":"SUMIFS('[20]WorkDone DATA'!$L:$L,'[20]WorkDone DATA'!$N:$N,BOQ!AH$6,'[20]WorkDone DATA'!$G:$G,BOQ!$B155)*$G155","v":{"$error":"#VALUE!"}},{"$f":"SUMIFS('[20]WorkDone DATA'!$L:$L,'[20]WorkDone DATA'!$N:$N,BOQ!AI$6,'[20]WorkDone DATA'!$G:$G,BOQ!$B155)*$G155","v":{"$error":"#VALUE!"}},{"$f":"SUMIFS('[20]WorkDone DATA'!$L:$L,'[20]WorkDone DATA'!$N:$N,BOQ!AJ$6,'[20]WorkDone DATA'!$G:$G,BOQ!$B155)*$G155","v":{"$error":"#VALUE!"}},{"$f":"SUMIFS('[20]WorkDone DATA'!$L:$L,'[20]WorkDone DATA'!$N:$N,BOQ!AK$6,'[20]WorkDone DATA'!$G:$G,BOQ!$B155)*$G155","v":{"$error":"#VALUE!"}},{"$f":"SUMIFS('[20]WorkDone DATA'!$L:$L,'[20]WorkDone DATA'!$N:$N,BOQ!AL$6,'[20]WorkDone DATA'!$G:$G,BOQ!$B155)*$G155","v":{"$error":"#VALUE!"}},{"$f":"SUMIFS('[20]WorkDone DATA'!$L:$L,'[20]WorkDone DATA'!$N:$N,BOQ!AM$6,'[20]WorkDone DATA'!$G:$G,BOQ!$B155)*$G155","v":{"$error":"#VALUE!"}},{"$f":"SUMIFS('[20]WorkDone DATA'!$L:$L,'[20]WorkDone DATA'!$N:$N,BOQ!AN$6,'[20]WorkDone DATA'!$G:$G,BOQ!$B155)*$G155","v":{"$error":"#VALUE!"}},{"$f":"SUMIFS('[20]WorkDone DATA'!$L:$L,'[20]WorkDone DATA'!$N:$N,BOQ!AO$6,'[20]WorkDone DATA'!$G:$G,BOQ!$B155)*$G155","v":{"$error":"#VALUE!"}},{"$f":"SUMIFS('[20]WorkDone DATA'!$L:$L,'[20]WorkDone DATA'!$N:$N,BOQ!AP$6,'[20]WorkDone DATA'!$G:$G,BOQ!$B155)*$G155","v":{"$error":"#VALUE!"}},{"$f":"SUMIFS('[20]WorkDone DATA'!$L:$L,'[20]WorkDone DATA'!$N:$N,BOQ!AQ$6,'[20]WorkDone DATA'!$G:$G,BOQ!$B155)*$G155","v":{"$error":"#VALUE!"}},{"$f":"SUMIFS('[20]WorkDone DATA'!$L:$L,'[20]WorkDone DATA'!$N:$N,BOQ!AR$6,'[20]WorkDone DATA'!$G:$G,BOQ!$B155)*$G155","v":{"$error":"#VALUE!"}},{"$f":"SUMIFS('[20]WorkDone DATA'!$L:$L,'[20]WorkDone DATA'!$N:$N,BOQ!AS$6,'[20]WorkDone DATA'!$G:$G,BOQ!$B155)*$G155","v":{"$error":"#VALUE!"}},{"$f":"SUMIFS('[20]WorkDone DATA'!$L:$L,'[20]WorkDone DATA'!$N:$N,BOQ!AT$6,'[20]WorkDone DATA'!$G:$G,BOQ!$B155)*$G155","v":{"$error":"#VALUE!"}},{"$f":"SUMIFS('[20]WorkDone DATA'!$L:$L,'[20]WorkDone DATA'!$N:$N,BOQ!AU$6,'[20]WorkDone DATA'!$G:$G,BOQ!$B155)*$G155","v":{"$error":"#VALUE!"}},{"$f":"SUMIFS('[20]WorkDone DATA'!$L:$L,'[20]WorkDone DATA'!$N:$N,BOQ!AV$6,'[20]WorkDone DATA'!$G:$G,BOQ!$B155)*$G155","v":{"$error":"#VALUE!"}},{"$f":"SUMIFS('[20]WorkDone DATA'!$L:$L,'[20]WorkDone DATA'!$N:$N,BOQ!AW$6,'[20]WorkDone DATA'!$G:$G,BOQ!$B155)*$G155","v":{"$error":"#VALUE!"}},{"$f":"SUMIFS('[20]WorkDone DATA'!$L:$L,'[20]WorkDone DATA'!$N:$N,BOQ!AX$6,'[20]WorkDone DATA'!$G:$G,BOQ!$B155)*$G155","v":{"$error":"#VALUE!"}},{"$f":"SUMIFS('[20]WorkDone DATA'!$L:$L,'[20]WorkDone DATA'!$N:$N,BOQ!AY$6,'[20]WorkDone DATA'!$G:$G,BOQ!$B155)*$G155","v":{"$error":"#VALUE!"}},{"$f":"SUMIFS('[20]WorkDone DATA'!$L:$L,'[20]WorkDone DATA'!$N:$N,BOQ!AZ$6,'[20]WorkDone DATA'!$G:$G,BOQ!$B155)*$G155","v":{"$error":"#VALUE!"}},{"$f":"SUMIFS('[20]WorkDone DATA'!$L:$L,'[20]WorkDone DATA'!$N:$N,BOQ!BA$6,'[20]WorkDone DATA'!$G:$G,BOQ!$B155)*$G155","v":{"$error":"#VALUE!"}},{"$f":"SUMIFS('[20]WorkDone DATA'!$L:$L,'[20]WorkDone DATA'!$N:$N,BOQ!BB$6,'[20]WorkDone DATA'!$G:$G,BOQ!$B155)*$G155","v":{"$error":"#VALUE!"}},{"$f":"SUMIFS('[20]WorkDone DATA'!$L:$L,'[20]WorkDone DATA'!$N:$N,BOQ!BC$6,'[20]WorkDone DATA'!$G:$G,BOQ!$B155)*$G155","v":{"$error":"#VALUE!"}},{"$f":"SUMIFS('[20]WorkDone DATA'!$L:$L,'[20]WorkDone DATA'!$N:$N,BOQ!BD$6,'[20]WorkDone DATA'!$G:$G,BOQ!$B155)*$G155","v":{"$error":"#VALUE!"}},{"$f":"SUMIFS('[20]WorkDone DATA'!$L:$L,'[20]WorkDone DATA'!$N:$N,BOQ!BE$6,'[20]WorkDone DATA'!$G:$G,BOQ!$B155)*$G155","v":{"$error":"#VALUE!"}},{"$f":"SUMIFS('[20]WorkDone DATA'!$L:$L,'[20]WorkDone DATA'!$N:$N,BOQ!BF$6,'[20]WorkDone DATA'!$G:$G,BOQ!$B155)*$G155","v":{"$error":"#VALUE!"}},{"$f":"SUMIFS('[20]WorkDone DATA'!$L:$L,'[20]WorkDone DATA'!$N:$N,BOQ!BG$6,'[20]WorkDone DATA'!$G:$G,BOQ!$B155)*$G155","v":{"$error":"#VALUE!"}},{"$f":"SUMIFS('[20]WorkDone DATA'!$L:$L,'[20]WorkDone DATA'!$N:$N,BOQ!BH$6,'[20]WorkDone DATA'!$G:$G,BOQ!$B155)*$G155","v":{"$error":"#VALUE!"}},{"$f":"SUMIFS('[20]WorkDone DATA'!$L:$L,'[20]WorkDone DATA'!$N:$N,BOQ!BI$6,'[20]WorkDone DATA'!$G:$G,BOQ!$B155)*$G155","v":{"$error":"#VALUE!"}},{"$f":"SUMIFS('[20]WorkDone DATA'!$L:$L,'[20]WorkDone DATA'!$N:$N,BOQ!BJ$6,'[20]WorkDone DATA'!$G:$G,BOQ!$B155)*$G155","v":{"$error":"#VALUE!"}},{"$f":"SUMIFS('[20]WorkDone DATA'!$L:$L,'[20]WorkDone DATA'!$N:$N,BOQ!BK$6,'[20]WorkDone DATA'!$G:$G,BOQ!$B155)*$G155","v":{"$error":"#VALUE!"}},{"$f":"SUMIFS('[20]WorkDone DATA'!$L:$L,'[20]WorkDone DATA'!$N:$N,BOQ!BL$6,'[20]WorkDone DATA'!$G:$G,BOQ!$B155)*$G155","v":{"$error":"#VALUE!"}},{"$f":"SUMIFS('[20]WorkDone DATA'!$L:$L,'[20]WorkDone DATA'!$N:$N,BOQ!BM$6,'[20]WorkDone DATA'!$G:$G,BOQ!$B155)*$G155","v":{"$error":"#VALUE!"}},{"$f":"SUMIFS('[20]WorkDone DATA'!$L:$L,'[20]WorkDone DATA'!$N:$N,BOQ!BN$6,'[20]WorkDone DATA'!$G:$G,BOQ!$B155)*$G155","v":{"$error":"#VALUE!"}},{"$f":"SUMIFS('[20]WorkDone DATA'!$L:$L,'[20]WorkDone DATA'!$N:$N,BOQ!BO$6,'[20]WorkDone DATA'!$G:$G,BOQ!$B155)*$G155","v":{"$error":"#VALUE!"}},{"$f":"SUMIFS('[20]WorkDone DATA'!$L:$L,'[20]WorkDone DATA'!$N:$N,BOQ!BP$6,'[20]WorkDone DATA'!$G:$G,BOQ!$B155)*$G155","v":{"$error":"#VALUE!"}},{"$f":"SUMIFS('[20]WorkDone DATA'!$L:$L,'[20]WorkDone DATA'!$N:$N,BOQ!BQ$6,'[20]WorkDone DATA'!$G:$G,BOQ!$B155)*$G155","v":{"$error":"#VALUE!"}},{"$f":"SUMIFS('[20]WorkDone DATA'!$L:$L,'[20]WorkDone DATA'!$N:$N,BOQ!BR$6,'[20]WorkDone DATA'!$G:$G,BOQ!$B155)*$G155","v":{"$error":"#VALUE!"}},{"$f":"SUMIFS('[20]WorkDone DATA'!$L:$L,'[20]WorkDone DATA'!$N:$N,BOQ!BS$6,'[20]WorkDone DATA'!$G:$G,BOQ!$B155)*$G155","v":{"$error":"#VALUE!"}},{"$f":"SUMIFS('[20]WorkDone DATA'!$L:$L,'[20]WorkDone DATA'!$N:$N,BOQ!BT$6,'[20]WorkDone DATA'!$G:$G,BOQ!$B155)*$G155","v":{"$error":"#VALUE!"}},{"$f":"SUMIFS('[20]WorkDone DATA'!$L:$L,'[20]WorkDone DATA'!$N:$N,BOQ!BU$6,'[20]WorkDone DATA'!$G:$G,BOQ!$B155)*$G155","v":{"$error":"#VALUE!"}},{"$f":"SUMIFS('[20]WorkDone DATA'!$L:$L,'[20]WorkDone DATA'!$N:$N,BOQ!BV$6,'[20]WorkDone DATA'!$G:$G,BOQ!$B155)*$G155","v":{"$error":"#VALUE!"}},{"$f":"SUMIFS('[20]WorkDone DATA'!$L:$L,'[20]WorkDone DATA'!$N:$N,BOQ!BW$6,'[20]WorkDone DATA'!$G:$G,BOQ!$B155)*$G155","v":{"$error":"#VALUE!"}},{"$f":"SUMIFS('[20]WorkDone DATA'!$L:$L,'[20]WorkDone DATA'!$N:$N,BOQ!BX$6,'[20]WorkDone DATA'!$G:$G,BOQ!$B155)*$G155","v":{"$error":"#VALUE!"}}]
[null,null,"500mm2 x 1 core (EXX01WCV) 6.35kV/11kV  (Trefoil clamps) ",{"$nulls":4},0,{"$nulls":3},{"$error":"#VALUE!"},{"$error":"#VALUE!"},null,0,{"$error":"#VALUE!"},null,{"$f":"SUMIFS('[20]WorkDone DATA'!$L:$L,'[20]WorkDone DATA'!$N:$N,BOQ!S$6,'[20]WorkDone DATA'!$G:$G,BOQ!$B156)","v":{"$error":"#VALUE!"}},{"$error":"#VALUE!"},{"$f":"SUMIFS('[20]WorkDone DATA'!$L:$L,'[20]WorkDone DATA'!$N:$N,BOQ!U$6,'[20]WorkDone DATA'!$G:$G,BOQ!$B156)","v":{"$error":"#VALUE!"}},{"$error":"#VALUE!"},null,{"$f":"SUMIFS('[20]WorkDone DATA'!$L:$L,'[20]WorkDone DATA'!$N:$N,BOQ!W$6,'[20]WorkDone DATA'!$G:$G,BOQ!$B156)*$G156","v":{"$error":"#VALUE!"}},null,{"$f":"SUMIFS('[20]WorkDone DATA'!$L:$L,'[20]WorkDone DATA'!$N:$N,BOQ!Y$6,'[20]WorkDone DATA'!$G:$G,BOQ!$B156)*$G156","v":{"$error":"#VALUE!"}},null,{"$f":"SUMIFS('[20]WorkDone DATA'!$L:$L,'[20]WorkDone DATA'!$N:$N,BOQ!AA$6,'[20]WorkDone DATA'!$G:$G,BOQ!$B156)*$G156","v":{"$error":"#VALUE!"}},{"$f":"SUMIFS('[20]WorkDone DATA'!$L:$L,'[20]WorkDone DATA'!$N:$N,BOQ!AB$6,'[20]WorkDone DATA'!$G:$G,BOQ!$B156)*$G156","v":{"$error":"#VALUE!"}},{"$f":"SUMIFS('[20]WorkDone DATA'!$L:$L,'[20]WorkDone DATA'!$N:$N,BOQ!AC$6,'[20]WorkDone DATA'!$G:$G,BOQ!$B156)*$G156","v":{"$error":"#VALUE!"}},{"$f":"SUMIFS('[20]WorkDone DATA'!$L:$L,'[20]WorkDone DATA'!$N:$N,BOQ!AD$6,'[20]WorkDone DATA'!$G:$G,BOQ!$B156)*$G156","v":{"$error":"#VALUE!"}},{"$f":"SUMIFS('[20]WorkDone DATA'!$L:$L,'[20]WorkDone DATA'!$N:$N,BOQ!AE$6,'[20]WorkDone DATA'!$G:$G,BOQ!$B156)*$G156","v":{"$error":"#VALUE!"}},{"$f":"SUMIFS('[20]WorkDone DATA'!$L:$L,'[20]WorkDone DATA'!$N:$N,BOQ!AF$6,'[20]WorkDone DATA'!$G:$G,BOQ!$B156)*$G156","v":{"$error":"#VALUE!"}},{"$f":"SUMIFS('[20]WorkDone DATA'!$L:$L,'[20]WorkDone DATA'!$N:$N,BOQ!AG$6,'[20]WorkDone DATA'!$G:$G,BOQ!$B156)*$G156","v":{"$error":"#VALUE!"}},{"$f":"SUMIFS('[20]WorkDone DATA'!$L:$L,'[20]WorkDone DATA'!$N:$N,BOQ!AH$6,'[20]WorkDone DATA'!$G:$G,BOQ!$B156)*$G156","v":{"$error":"#VALUE!"}},{"$f":"SUMIFS('[20]WorkDone DATA'!$L:$L,'[20]WorkDone DATA'!$N:$N,BOQ!AI$6,'[20]WorkDone DATA'!$G:$G,BOQ!$B156)*$G156","v":{"$error":"#VALUE!"}},{"$f":"SUMIFS('[20]WorkDone DATA'!$L:$L,'[20]WorkDone DATA'!$N:$N,BOQ!AJ$6,'[20]WorkDone DATA'!$G:$G,BOQ!$B156)*$G156","v":{"$error":"#VALUE!"}},{"$f":"SUMIFS('[20]WorkDone DATA'!$L:$L,'[20]WorkDone DATA'!$N:$N,BOQ!AK$6,'[20]WorkDone DATA'!$G:$G,BOQ!$B156)*$G156","v":{"$error":"#VALUE!"}},{"$f":"SUMIFS('[20]WorkDone DATA'!$L:$L,'[20]WorkDone DATA'!$N:$N,BOQ!AL$6,'[20]WorkDone DATA'!$G:$G,BOQ!$B156)*$G156","v":{"$error":"#VALUE!"}},{"$f":"SUMIFS('[20]WorkDone DATA'!$L:$L,'[20]WorkDone DATA'!$N:$N,BOQ!AM$6,'[20]WorkDone DATA'!$G:$G,BOQ!$B156)*$G156","v":{"$error":"#VALUE!"}},{"$f":"SUMIFS('[20]WorkDone DATA'!$L:$L,'[20]WorkDone DATA'!$N:$N,BOQ!AN$6,'[20]WorkDone DATA'!$G:$G,BOQ!$B156)*$G156","v":{"$error":"#VALUE!"}},{"$f":"SUMIFS('[20]WorkDone DATA'!$L:$L,'[20]WorkDone DATA'!$N:$N,BOQ!AO$6,'[20]WorkDone DATA'!$G:$G,BOQ!$B156)*$G156","v":{"$error":"#VALUE!"}},{"$f":"SUMIFS('[20]WorkDone DATA'!$L:$L,'[20]WorkDone DATA'!$N:$N,BOQ!AP$6,'[20]WorkDone DATA'!$G:$G,BOQ!$B156)*$G156","v":{"$error":"#VALUE!"}},{"$f":"SUMIFS('[20]WorkDone DATA'!$L:$L,'[20]WorkDone DATA'!$N:$N,BOQ!AQ$6,'[20]WorkDone DATA'!$G:$G,BOQ!$B156)*$G156","v":{"$error":"#VALUE!"}},{"$f":"SUMIFS('[20]WorkDone DATA'!$L:$L,'[20]WorkDone DATA'!$N:$N,BOQ!AR$6,'[20]WorkDone DATA'!$G:$G,BOQ!$B156)*$G156","v":{"$error":"#VALUE!"}},{"$f":"SUMIFS('[20]WorkDone DATA'!$L:$L,'[20]WorkDone DATA'!$N:$N,BOQ!AS$6,'[20]WorkDone DATA'!$G:$G,BOQ!$B156)*$G156","v":{"$error":"#VALUE!"}},{"$f":"SUMIFS('[20]WorkDone DATA'!$L:$L,'[20]WorkDone DATA'!$N:$N,BOQ!AT$6,'[20]WorkDone DATA'!$G:$G,BOQ!$B156)*$G156","v":{"$error":"#VALUE!"}},{"$f":"SUMIFS('[20]WorkDone DATA'!$L:$L,'[20]WorkDone DATA'!$N:$N,BOQ!AU$6,'[20]WorkDone DATA'!$G:$G,BOQ!$B156)*$G156","v":{"$error":"#VALUE!"}},{"$f":"SUMIFS('[20]WorkDone DATA'!$L:$L,'[20]WorkDone DATA'!$N:$N,BOQ!AV$6,'[20]WorkDone DATA'!$G:$G,BOQ!$B156)*$G156","v":{"$error":"#VALUE!"}},{"$f":"SUMIFS('[20]WorkDone DATA'!$L:$L,'[20]WorkDone DATA'!$N:$N,BOQ!AW$6,'[20]WorkDone DATA'!$G:$G,BOQ!$B156)*$G156","v":{"$error":"#VALUE!"}},{"$f":"SUMIFS('[20]WorkDone DATA'!$L:$L,'[20]WorkDone DATA'!$N:$N,BOQ!AX$6,'[20]WorkDone DATA'!$G:$G,BOQ!$B156)*$G156","v":{"$error":"#VALUE!"}},{"$f":"SUMIFS('[20]WorkDone DATA'!$L:$L,'[20]WorkDone DATA'!$N:$N,BOQ!AY$6,'[20]WorkDone DATA'!$G:$G,BOQ!$B156)*$G156","v":{"$error":"#VALUE!"}},{"$f":"SUMIFS('[20]WorkDone DATA'!$L:$L,'[20]WorkDone DATA'!$N:$N,BOQ!AZ$6,'[20]WorkDone DATA'!$G:$G,BOQ!$B156)*$G156","v":{"$error":"#VALUE!"}},{"$f":"SUMIFS('[20]WorkDone DATA'!$L:$L,'[20]WorkDone DATA'!$N:$N,BOQ!BA$6,'[20]WorkDone DATA'!$G:$G,BOQ!$B156)*$G156","v":{"$error":"#VALUE!"}},{"$f":"SUMIFS('[20]WorkDone DATA'!$L:$L,'[20]WorkDone DATA'!$N:$N,BOQ!BB$6,'[20]WorkDone DATA'!$G:$G,BOQ!$B156)*$G156","v":{"$error":"#VALUE!"}},{"$f":"SUMIFS('[20]WorkDone DATA'!$L:$L,'[20]WorkDone DATA'!$N:$N,BOQ!BC$6,'[20]WorkDone DATA'!$G:$G,BOQ!$B156)*$G156","v":{"$error":"#VALUE!"}},{"$f":"SUMIFS('[20]WorkDone DATA'!$L:$L,'[20]WorkDone DATA'!$N:$N,BOQ!BD$6,'[20]WorkDone DATA'!$G:$G,BOQ!$B156)*$G156","v":{"$error":"#VALUE!"}},{"$f":"SUMIFS('[20]WorkDone DATA'!$L:$L,'[20]WorkDone DATA'!$N:$N,BOQ!BE$6,'[20]WorkDone DATA'!$G:$G,BOQ!$B156)*$G156","v":{"$error":"#VALUE!"}},{"$f":"SUMIFS('[20]WorkDone DATA'!$L:$L,'[20]WorkDone DATA'!$N:$N,BOQ!BF$6,'[20]WorkDone DATA'!$G:$G,BOQ!$B156)*$G156","v":{"$error":"#VALUE!"}},{"$f":"SUMIFS('[20]WorkDone DATA'!$L:$L,'[20]WorkDone DATA'!$N:$N,BOQ!BG$6,'[20]WorkDone DATA'!$G:$G,BOQ!$B156)*$G156","v":{"$error":"#VALUE!"}},{"$f":"SUMIFS('[20]WorkDone DATA'!$L:$L,'[20]WorkDone DATA'!$N:$N,BOQ!BH$6,'[20]WorkDone DATA'!$G:$G,BOQ!$B156)*$G156","v":{"$error":"#VALUE!"}},{"$f":"SUMIFS('[20]WorkDone DATA'!$L:$L,'[20]WorkDone DATA'!$N:$N,BOQ!BI$6,'[20]WorkDone DATA'!$G:$G,BOQ!$B156)*$G156","v":{"$error":"#VALUE!"}},{"$f":"SUMIFS('[20]WorkDone DATA'!$L:$L,'[20]WorkDone DATA'!$N:$N,BOQ!BJ$6,'[20]WorkDone DATA'!$G:$G,BOQ!$B156)*$G156","v":{"$error":"#VALUE!"}},{"$f":"SUMIFS('[20]WorkDone DATA'!$L:$L,'[20]WorkDone DATA'!$N:$N,BOQ!BK$6,'[20]WorkDone DATA'!$G:$G,BOQ!$B156)*$G156","v":{"$error":"#VALUE!"}},{"$f":"SUMIFS('[20]WorkDone DATA'!$L:$L,'[20]WorkDone DATA'!$N:$N,BOQ!BL$6,'[20]WorkDone DATA'!$G:$G,BOQ!$B156)*$G156","v":{"$error":"#VALUE!"}},{"$f":"SUMIFS('[20]WorkDone DATA'!$L:$L,'[20]WorkDone DATA'!$N:$N,BOQ!BM$6,'[20]WorkDone DATA'!$G:$G,BOQ!$B156)*$G156","v":{"$error":"#VALUE!"}},{"$f":"SUMIFS('[20]WorkDone DATA'!$L:$L,'[20]WorkDone DATA'!$N:$N,BOQ!BN$6,'[20]WorkDone DATA'!$G:$G,BOQ!$B156)*$G156","v":{"$error":"#VALUE!"}},{"$f":"SUMIFS('[20]WorkDone DATA'!$L:$L,'[20]WorkDone DATA'!$N:$N,BOQ!BO$6,'[20]WorkDone DATA'!$G:$G,BOQ!$B156)*$G156","v":{"$error":"#VALUE!"}},{"$f":"SUMIFS('[20]WorkDone DATA'!$L:$L,'[20]WorkDone DATA'!$N:$N,BOQ!BP$6,'[20]WorkDone DATA'!$G:$G,BOQ!$B156)*$G156","v":{"$error":"#VALUE!"}},{"$f":"SUMIFS('[20]WorkDone DATA'!$L:$L,'[20]WorkDone DATA'!$N:$N,BOQ!BQ$6,'[20]WorkDone DATA'!$G:$G,BOQ!$B156)*$G156","v":{"$error":"#VALUE!"}},{"$f":"SUMIFS('[20]WorkDone DATA'!$L:$L,'[20]WorkDone DATA'!$N:$N,BOQ!BR$6,'[20]WorkDone DATA'!$G:$G,BOQ!$B156)*$G156","v":{"$error":"#VALUE!"}},{"$f":"SUMIFS('[20]WorkDone DATA'!$L:$L,'[20]WorkDone DATA'!$N:$N,BOQ!BS$6,'[20]WorkDone DATA'!$G:$G,BOQ!$B156)*$G156","v":{"$error":"#VALUE!"}},{"$f":"SUMIFS('[20]WorkDone DATA'!$L:$L,'[20]WorkDone DATA'!$N:$N,BOQ!BT$6,'[20]WorkDone DATA'!$G:$G,BOQ!$B156)*$G156","v":{"$error":"#VALUE!"}},{"$f":"SUMIFS('[20]WorkDone DATA'!$L:$L,'[20]WorkDone DATA'!$N:$N,BOQ!BU$6,'[20]WorkDone DATA'!$G:$G,BOQ!$B156)*$G156","v":{"$error":"#VALUE!"}},{"$f":"SUMIFS('[20]WorkDone DATA'!$L:$L,'[20]WorkDone DATA'!$N:$N,BOQ!BV$6,'[20]WorkDone DATA'!$G:$G,BOQ!$B156)*$G156","v":{"$error":"#VALUE!"}},{"$f":"SUMIFS('[20]WorkDone DATA'!$L:$L,'[20]WorkDone DATA'!$N:$N,BOQ!BW$6,'[20]WorkDone DATA'!$G:$G,BOQ!$B156)*$G156","v":{"$error":"#VALUE!"}},{"$f":"SUMIFS('[20]WorkDone DATA'!$L:$L,'[20]WorkDone DATA'!$N:$N,BOQ!BX$6,'[20]WorkDone DATA'!$G:$G,BOQ!$B156)*$G156","v":{"$error":"#VALUE!"}}]
[{"$f":"C156","v":"500mm2 x 1 core (EXX01WCV) 6.35kV/11kV  (Trefoil clamps) "},2.075,"Supply","E","set",264,{"v":6766.19,"d":"6,766.19"},{"v":1786274.16,"d":"1,786,274.16"},null,null,{"$error":"#VALUE!"},{"$error":"#VALUE!"},{"$error":"#VALUE!"},null,{"$error":"#VALUE!"},{"$error":"#VALUE!"},null,{"$f":"SUMIFS('[20]WorkDone DATA'!$L:$L,'[20]WorkDone DATA'!$N:$N,BOQ!S$6,'[20]WorkDone DATA'!$G:$G,BOQ!$B157)","v":{"$error":"#VALUE!"}},{"$error":"#VALUE!"},{"$f":"SUMIFS('[20]WorkDone DATA'!$L:$L,'[20]WorkDone DATA'!$N:$N,BOQ!U$6,'[20]WorkDone DATA'!$G:$G,BOQ!$B157)","v":{"$error":"#VALUE!"}},{"$error":"#VALUE!"},null,{"$f":"SUMIFS('[20]WorkDone DATA'!$L:$L,'[20]WorkDone DATA'!$N:$N,BOQ!W$6,'[20]WorkDone DATA'!$G:$G,BOQ!$B157)*$G157","v":{"$error":"#VALUE!"}},null,{"$f":"SUMIFS('[20]WorkDone DATA'!$L:$L,'[20]WorkDone DATA'!$N:$N,BOQ!Y$6,'[20]WorkDone DATA'!$G:$G,BOQ!$B157)*$G157","v":{"$error":"#VALUE!"}},null,{"$f":"SUMIFS('[20]WorkDone DATA'!$L:$L,'[20]WorkDone DATA'!$N:$N,BOQ!AA$6,'[20]WorkDone DATA'!$G:$G,BOQ!$B157)*$G157","v":{"$error":"#VALUE!"}},{"$f":"SUMIFS('[20]WorkDone DATA'!$L:$L,'[20]WorkDone DATA'!$N:$N,BOQ!AB$6,'[20]WorkDone DATA'!$G:$G,BOQ!$B157)*$G157","v":{"$error":"#VALUE!"}},{"$f":"SUMIFS('[20]WorkDone DATA'!$L:$L,'[20]WorkDone DATA'!$N:$N,BOQ!AC$6,'[20]WorkDone DATA'!$G:$G,BOQ!$B157)*$G157","v":{"$error":"#VALUE!"}},{"$f":"SUMIFS('[20]WorkDone DATA'!$L:$L,'[20]WorkDone DATA'!$N:$N,BOQ!AD$6,'[20]WorkDone DATA'!$G:$G,BOQ!$B157)*$G157","v":{"$error":"#VALUE!"}},{"$f":"SUMIFS('[20]WorkDone DATA'!$L:$L,'[20]WorkDone DATA'!$N:$N,BOQ!AE$6,'[20]WorkDone DATA'!$G:$G,BOQ!$B157)*$G157","v":{"$error":"#VALUE!"}},{"$f":"SUMIFS('[20]WorkDone DATA'!$L:$L,'[20]WorkDone DATA'!$N:$N,BOQ!AF$6,'[20]WorkDone DATA'!$G:$G,BOQ!$B157)*$G157","v":{"$error":"#VALUE!"}},{"$f":"SUMIFS('[20]WorkDone DATA'!$L:$L,'[20]WorkDone DATA'!$N:$N,BOQ!AG$6,'[20]WorkDone DATA'!$G:$G,BOQ!$B157)*$G157","v":{"$error":"#VALUE!"}},{"$f":"SUMIFS('[20]WorkDone DATA'!$L:$L,'[20]WorkDone DATA'!$N:$N,BOQ!AH$6,'[20]WorkDone DATA'!$G:$G,BOQ!$B157)*$G157","v":{"$error":"#VALUE!"}},{"$f":"SUMIFS('[20]WorkDone DATA'!$L:$L,'[20]WorkDone DATA'!$N:$N,BOQ!AI$6,'[20]WorkDone DATA'!$G:$G,BOQ!$B157)*$G157","v":{"$error":"#VALUE!"}},{"$f":"SUMIFS('[20]WorkDone DATA'!$L:$L,'[20]WorkDone DATA'!$N:$N,BOQ!AJ$6,'[20]WorkDone DATA'!$G:$G,BOQ!$B157)*$G157","v":{"$error":"#VALUE!"}},{"$f":"SUMIFS('[20]WorkDone DATA'!$L:$L,'[20]WorkDone DATA'!$N:$N,BOQ!AK$6,'[20]WorkDone DATA'!$G:$G,BOQ!$B157)*$G157","v":{"$error":"#VALUE!"}},{"$f":"SUMIFS('[20]WorkDone DATA'!$L:$L,'[20]WorkDone DATA'!$N:$N,BOQ!AL$6,'[20]WorkDone DATA'!$G:$G,BOQ!$B157)*$G157","v":{"$error":"#VALUE!"}},{"$f":"SUMIFS('[20]WorkDone DATA'!$L:$L,'[20]WorkDone DATA'!$N:$N,BOQ!AM$6,'[20]WorkDone DATA'!$G:$G,BOQ!$B157)*$G157","v":{"$error":"#VALUE!"}},{"$f":"SUMIFS('[20]WorkDone DATA'!$L:$L,'[20]WorkDone DATA'!$N:$N,BOQ!AN$6,'[20]WorkDone DATA'!$G:$G,BOQ!$B157)*$G157","v":{"$error":"#VALUE!"}},{"$f":"SUMIFS('[20]WorkDone DATA'!$L:$L,'[20]WorkDone DATA'!$N:$N,BOQ!AO$6,'[20]WorkDone DATA'!$G:$G,BOQ!$B157)*$G157","v":{"$error":"#VALUE!"}},{"$f":"SUMIFS('[20]WorkDone DATA'!$L:$L,'[20]WorkDone DATA'!$N:$N,BOQ!AP$6,'[20]WorkDone DATA'!$G:$G,BOQ!$B157)*$G157","v":{"$error":"#VALUE!"}},{"$f":"SUMIFS('[20]WorkDone DATA'!$L:$L,'[20]WorkDone DATA'!$N:$N,BOQ!AQ$6,'[20]WorkDone DATA'!$G:$G,BOQ!$B157)*$G157","v":{"$error":"#VALUE!"}},{"$f":"SUMIFS('[20]WorkDone DATA'!$L:$L,'[20]WorkDone DATA'!$N:$N,BOQ!AR$6,'[20]WorkDone DATA'!$G:$G,BOQ!$B157)*$G157","v":{"$error":"#VALUE!"}},{"$f":"SUMIFS('[20]WorkDone DATA'!$L:$L,'[20]WorkDone DATA'!$N:$N,BOQ!AS$6,'[20]WorkDone DATA'!$G:$G,BOQ!$B157)*$G157","v":{"$error":"#VALUE!"}},{"$f":"SUMIFS('[20]WorkDone DATA'!$L:$L,'[20]WorkDone DATA'!$N:$N,BOQ!AT$6,'[20]WorkDone DATA'!$G:$G,BOQ!$B157)*$G157","v":{"$error":"#VALUE!"}},{"$f":"SUMIFS('[20]WorkDone DATA'!$L:$L,'[20]WorkDone DATA'!$N:$N,BOQ!AU$6,'[20]WorkDone DATA'!$G:$G,BOQ!$B157)*$G157","v":{"$error":"#VALUE!"}},{"$f":"SUMIFS('[20]WorkDone DATA'!$L:$L,'[20]WorkDone DATA'!$N:$N,BOQ!AV$6,'[20]WorkDone DATA'!$G:$G,BOQ!$B157)*$G157","v":{"$error":"#VALUE!"}},{"$f":"SUMIFS('[20]WorkDone DATA'!$L:$L,'[20]WorkDone DATA'!$N:$N,BOQ!AW$6,'[20]WorkDone DATA'!$G:$G,BOQ!$B157)*$G157","v":{"$error":"#VALUE!"}},{"$f":"SUMIFS('[20]WorkDone DATA'!$L:$L,'[20]WorkDone DATA'!$N:$N,BOQ!AX$6,'[20]WorkDone DATA'!$G:$G,BOQ!$B157)*$G157","v":{"$error":"#VALUE!"}},{"$f":"SUMIFS('[20]WorkDone DATA'!$L:$L,'[20]WorkDone DATA'!$N:$N,BOQ!AY$6,'[20]WorkDone DATA'!$G:$G,BOQ!$B157)*$G157","v":{"$error":"#VALUE!"}},{"$f":"SUMIFS('[20]WorkDone DATA'!$L:$L,'[20]WorkDone DATA'!$N:$N,BOQ!AZ$6,'[20]WorkDone DATA'!$G:$G,BOQ!$B157)*$G157","v":{"$error":"#VALUE!"}},{"$f":"SUMIFS('[20]WorkDone DATA'!$L:$L,'[20]WorkDone DATA'!$N:$N,BOQ!BA$6,'[20]WorkDone DATA'!$G:$G,BOQ!$B157)*$G157","v":{"$error":"#VALUE!"}},{"$f":"SUMIFS('[20]WorkDone DATA'!$L:$L,'[20]WorkDone DATA'!$N:$N,BOQ!BB$6,'[20]WorkDone DATA'!$G:$G,BOQ!$B157)*$G157","v":{"$error":"#VALUE!"}},{"$f":"SUMIFS('[20]WorkDone DATA'!$L:$L,'[20]WorkDone DATA'!$N:$N,BOQ!BC$6,'[20]WorkDone DATA'!$G:$G,BOQ!$B157)*$G157","v":{"$error":"#VALUE!"}},{"$f":"SUMIFS('[20]WorkDone DATA'!$L:$L,'[20]WorkDone DATA'!$N:$N,BOQ!BD$6,'[20]WorkDone DATA'!$G:$G,BOQ!$B157)*$G157","v":{"$error":"#VALUE!"}},{"$f":"SUMIFS('[20]WorkDone DATA'!$L:$L,'[20]WorkDone DATA'!$N:$N,BOQ!BE$6,'[20]WorkDone DATA'!$G:$G,BOQ!$B157)*$G157","v":{"$error":"#VALUE!"}},{"$f":"SUMIFS('[20]WorkDone DATA'!$L:$L,'[20]WorkDone DATA'!$N:$N,BOQ!BF$6,'[20]WorkDone DATA'!$G:$G,BOQ!$B157)*$G157","v":{"$error":"#VALUE!"}},{"$f":"SUMIFS('[20]WorkDone DATA'!$L:$L,'[20]WorkDone DATA'!$N:$N,BOQ!BG$6,'[20]WorkDone DATA'!$G:$G,BOQ!$B157)*$G157","v":{"$error":"#VALUE!"}},{"$f":"SUMIFS('[20]WorkDone DATA'!$L:$L,'[20]WorkDone DATA'!$N:$N,BOQ!BH$6,'[20]WorkDone DATA'!$G:$G,BOQ!$B157)*$G157","v":{"$error":"#VALUE!"}},{"$f":"SUMIFS('[20]WorkDone DATA'!$L:$L,'[20]WorkDone DATA'!$N:$N,BOQ!BI$6,'[20]WorkDone DATA'!$G:$G,BOQ!$B157)*$G157","v":{"$error":"#VALUE!"}},{"$f":"SUMIFS('[20]WorkDone DATA'!$L:$L,'[20]WorkDone DATA'!$N:$N,BOQ!BJ$6,'[20]WorkDone DATA'!$G:$G,BOQ!$B157)*$G157","v":{"$error":"#VALUE!"}},{"$f":"SUMIFS('[20]WorkDone DATA'!$L:$L,'[20]WorkDone DATA'!$N:$N,BOQ!BK$6,'[20]WorkDone DATA'!$G:$G,BOQ!$B157)*$G157","v":{"$error":"#VALUE!"}},{"$f":"SUMIFS('[20]WorkDone DATA'!$L:$L,'[20]WorkDone DATA'!$N:$N,BOQ!BL$6,'[20]WorkDone DATA'!$G:$G,BOQ!$B157)*$G157","v":{"$error":"#VALUE!"}},{"$f":"SUMIFS('[20]WorkDone DATA'!$L:$L,'[20]WorkDone DATA'!$N:$N,BOQ!BM$6,'[20]WorkDone DATA'!$G:$G,BOQ!$B157)*$G157","v":{"$error":"#VALUE!"}},{"$f":"SUMIFS('[20]WorkDone DATA'!$L:$L,'[20]WorkDone DATA'!$N:$N,BOQ!BN$6,'[20]WorkDone DATA'!$G:$G,BOQ!$B157)*$G157","v":{"$error":"#VALUE!"}},{"$f":"SUMIFS('[20]WorkDone DATA'!$L:$L,'[20]WorkDone DATA'!$N:$N,BOQ!BO$6,'[20]WorkDone DATA'!$G:$G,BOQ!$B157)*$G157","v":{"$error":"#VALUE!"}},{"$f":"SUMIFS('[20]WorkDone DATA'!$L:$L,'[20]WorkDone DATA'!$N:$N,BOQ!BP$6,'[20]WorkDone DATA'!$G:$G,BOQ!$B157)*$G157","v":{"$error":"#VALUE!"}},{"$f":"SUMIFS('[20]WorkDone DATA'!$L:$L,'[20]WorkDone DATA'!$N:$N,BOQ!BQ$6,'[20]WorkDone DATA'!$G:$G,BOQ!$B157)*$G157","v":{"$error":"#VALUE!"}},{"$f":"SUMIFS('[20]WorkDone DATA'!$L:$L,'[20]WorkDone DATA'!$N:$N,BOQ!BR$6,'[20]WorkDone DATA'!$G:$G,BOQ!$B157)*$G157","v":{"$error":"#VALUE!"}},{"$f":"SUMIFS('[20]WorkDone DATA'!$L:$L,'[20]WorkDone DATA'!$N:$N,BOQ!BS$6,'[20]WorkDone DATA'!$G:$G,BOQ!$B157)*$G157","v":{"$error":"#VALUE!"}},{"$f":"SUMIFS('[20]WorkDone DATA'!$L:$L,'[20]WorkDone DATA'!$N:$N,BOQ!BT$6,'[20]WorkDone DATA'!$G:$G,BOQ!$B157)*$G157","v":{"$error":"#VALUE!"}},{"$f":"SUMIFS('[20]WorkDone DATA'!$L:$L,'[20]WorkDone DATA'!$N:$N,BOQ!BU$6,'[20]WorkDone DATA'!$G:$G,BOQ!$B157)*$G157","v":{"$error":"#VALUE!"}},{"$f":"SUMIFS('[20]WorkDone DATA'!$L:$L,'[20]WorkDone DATA'!$N:$N,BOQ!BV$6,'[20]WorkDone DATA'!$G:$G,BOQ!$B157)*$G157","v":{"$error":"#VALUE!"}},{"$f":"SUMIFS('[20]WorkDone DATA'!$L:$L,'[20]WorkDone DATA'!$N:$N,BOQ!BW$6,'[20]WorkDone DATA'!$G:$G,BOQ!$B157)*$G157","v":{"$error":"#VALUE!"}},{"$f":"SUMIFS('[20]WorkDone DATA'!$L:$L,'[20]WorkDone DATA'!$N:$N,BOQ!BX$6,'[20]WorkDone DATA'!$G:$G,BOQ!$B157)*$G157","v":{"$error":"#VALUE!"}}]
[{"$f":"C156","v":"500mm2 x 1 core (EXX01WCV) 6.35kV/11kV  (Trefoil clamps) "},2.076,"Installation","A","set",264,{"v":3609.98,"d":"3,609.98"},{"v":953034.72,"d":"953,034.72"},null,null,{"$error":"#VALUE!"},{"$error":"#VALUE!"},{"$error":"#VALUE!"},null,{"$error":"#VALUE!"},{"$error":"#VALUE!"},null,{"$f":"SUMIFS('[20]WorkDone DATA'!$L:$L,'[20]WorkDone DATA'!$N:$N,BOQ!S$6,'[20]WorkDone DATA'!$G:$G,BOQ!$B158)","v":{"$error":"#VALUE!"}},{"$error":"#VALUE!"},{"$f":"SUMIFS('[20]WorkDone DATA'!$L:$L,'[20]WorkDone DATA'!$N:$N,BOQ!U$6,'[20]WorkDone DATA'!$G:$G,BOQ!$B158)","v":{"$error":"#VALUE!"}},{"$error":"#VALUE!"},null,{"$f":"SUMIFS('[20]WorkDone DATA'!$L:$L,'[20]WorkDone DATA'!$N:$N,BOQ!W$6,'[20]WorkDone DATA'!$G:$G,BOQ!$B158)*$G158","v":{"$error":"#VALUE!"}},null,{"$f":"SUMIFS('[20]WorkDone DATA'!$L:$L,'[20]WorkDone DATA'!$N:$N,BOQ!Y$6,'[20]WorkDone DATA'!$G:$G,BOQ!$B158)*$G158","v":{"$error":"#VALUE!"}},null,{"$f":"SUMIFS('[20]WorkDone DATA'!$L:$L,'[20]WorkDone DATA'!$N:$N,BOQ!AA$6,'[20]WorkDone DATA'!$G:$G,BOQ!$B158)*$G158","v":{"$error":"#VALUE!"}},{"$f":"SUMIFS('[20]WorkDone DATA'!$L:$L,'[20]WorkDone DATA'!$N:$N,BOQ!AB$6,'[20]WorkDone DATA'!$G:$G,BOQ!$B158)*$G158","v":{"$error":"#VALUE!"}},{"$f":"SUMIFS('[20]WorkDone DATA'!$L:$L,'[20]WorkDone DATA'!$N:$N,BOQ!AC$6,'[20]WorkDone DATA'!$G:$G,BOQ!$B158)*$G158","v":{"$error":"#VALUE!"}},{"$f":"SUMIFS('[20]WorkDone DATA'!$L:$L,'[20]WorkDone DATA'!$N:$N,BOQ!AD$6,'[20]WorkDone DATA'!$G:$G,BOQ!$B158)*$G158","v":{"$error":"#VALUE!"}},{"$f":"SUMIFS('[20]WorkDone DATA'!$L:$L,'[20]WorkDone DATA'!$N:$N,BOQ!AE$6,'[20]WorkDone DATA'!$G:$G,BOQ!$B158)*$G158","v":{"$error":"#VALUE!"}},{"$f":"SUMIFS('[20]WorkDone DATA'!$L:$L,'[20]WorkDone DATA'!$N:$N,BOQ!AF$6,'[20]WorkDone DATA'!$G:$G,BOQ!$B158)*$G158","v":{"$error":"#VALUE!"}},{"$f":"SUMIFS('[20]WorkDone DATA'!$L:$L,'[20]WorkDone DATA'!$N:$N,BOQ!AG$6,'[20]WorkDone DATA'!$G:$G,BOQ!$B158)*$G158","v":{"$error":"#VALUE!"}},{"$f":"SUMIFS('[20]WorkDone DATA'!$L:$L,'[20]WorkDone DATA'!$N:$N,BOQ!AH$6,'[20]WorkDone DATA'!$G:$G,BOQ!$B158)*$G158","v":{"$error":"#VALUE!"}},{"$f":"SUMIFS('[20]WorkDone DATA'!$L:$L,'[20]WorkDone DATA'!$N:$N,BOQ!AI$6,'[20]WorkDone DATA'!$G:$G,BOQ!$B158)*$G158","v":{"$error":"#VALUE!"}},{"$f":"SUMIFS('[20]WorkDone DATA'!$L:$L,'[20]WorkDone DATA'!$N:$N,BOQ!AJ$6,'[20]WorkDone DATA'!$G:$G,BOQ!$B158)*$G158","v":{"$error":"#VALUE!"}},{"$f":"SUMIFS('[20]WorkDone DATA'!$L:$L,'[20]WorkDone DATA'!$N:$N,BOQ!AK$6,'[20]WorkDone DATA'!$G:$G,BOQ!$B158)*$G158","v":{"$error":"#VALUE!"}},{"$f":"SUMIFS('[20]WorkDone DATA'!$L:$L,'[20]WorkDone DATA'!$N:$N,BOQ!AL$6,'[20]WorkDone DATA'!$G:$G,BOQ!$B158)*$G158","v":{"$error":"#VALUE!"}},{"$f":"SUMIFS('[20]WorkDone DATA'!$L:$L,'[20]WorkDone DATA'!$N:$N,BOQ!AM$6,'[20]WorkDone DATA'!$G:$G,BOQ!$B158)*$G158","v":{"$error":"#VALUE!"}},{"$f":"SUMIFS('[20]WorkDone DATA'!$L:$L,'[20]WorkDone DATA'!$N:$N,BOQ!AN$6,'[20]WorkDone DATA'!$G:$G,BOQ!$B158)*$G158","v":{"$error":"#VALUE!"}},{"$f":"SUMIFS('[20]WorkDone DATA'!$L:$L,'[20]WorkDone DATA'!$N:$N,BOQ!AO$6,'[20]WorkDone DATA'!$G:$G,BOQ!$B158)*$G158","v":{"$error":"#VALUE!"}},{"$f":"SUMIFS('[20]WorkDone DATA'!$L:$L,'[20]WorkDone DATA'!$N:$N,BOQ!AP$6,'[20]WorkDone DATA'!$G:$G,BOQ!$B158)*$G158","v":{"$error":"#VALUE!"}},{"$f":"SUMIFS('[20]WorkDone DATA'!$L:$L,'[20]WorkDone DATA'!$N:$N,BOQ!AQ$6,'[20]WorkDone DATA'!$G:$G,BOQ!$B158)*$G158","v":{"$error":"#VALUE!"}},{"$f":"SUMIFS('[20]WorkDone DATA'!$L:$L,'[20]WorkDone DATA'!$N:$N,BOQ!AR$6,'[20]WorkDone DATA'!$G:$G,BOQ!$B158)*$G158","v":{"$error":"#VALUE!"}},{"$f":"SUMIFS('[20]WorkDone DATA'!$L:$L,'[20]WorkDone DATA'!$N:$N,BOQ!AS$6,'[20]WorkDone DATA'!$G:$G,BOQ!$B158)*$G158","v":{"$error":"#VALUE!"}},{"$f":"SUMIFS('[20]WorkDone DATA'!$L:$L,'[20]WorkDone DATA'!$N:$N,BOQ!AT$6,'[20]WorkDone DATA'!$G:$G,BOQ!$B158)*$G158","v":{"$error":"#VALUE!"}},{"$f":"SUMIFS('[20]WorkDone DATA'!$L:$L,'[20]WorkDone DATA'!$N:$N,BOQ!AU$6,'[20]WorkDone DATA'!$G:$G,BOQ!$B158)*$G158","v":{"$error":"#VALUE!"}},{"$f":"SUMIFS('[20]WorkDone DATA'!$L:$L,'[20]WorkDone DATA'!$N:$N,BOQ!AV$6,'[20]WorkDone DATA'!$G:$G,BOQ!$B158)*$G158","v":{"$error":"#VALUE!"}},{"$f":"SUMIFS('[20]WorkDone DATA'!$L:$L,'[20]WorkDone DATA'!$N:$N,BOQ!AW$6,'[20]WorkDone DATA'!$G:$G,BOQ!$B158)*$G158","v":{"$error":"#VALUE!"}},{"$f":"SUMIFS('[20]WorkDone DATA'!$L:$L,'[20]WorkDone DATA'!$N:$N,BOQ!AX$6,'[20]WorkDone DATA'!$G:$G,BOQ!$B158)*$G158","v":{"$error":"#VALUE!"}},{"$f":"SUMIFS('[20]WorkDone DATA'!$L:$L,'[20]WorkDone DATA'!$N:$N,BOQ!AY$6,'[20]WorkDone DATA'!$G:$G,BOQ!$B158)*$G158","v":{"$error":"#VALUE!"}},{"$f":"SUMIFS('[20]WorkDone DATA'!$L:$L,'[20]WorkDone DATA'!$N:$N,BOQ!AZ$6,'[20]WorkDone DATA'!$G:$G,BOQ!$B158)*$G158","v":{"$error":"#VALUE!"}},{"$f":"SUMIFS('[20]WorkDone DATA'!$L:$L,'[20]WorkDone DATA'!$N:$N,BOQ!BA$6,'[20]WorkDone DATA'!$G:$G,BOQ!$B158)*$G158","v":{"$error":"#VALUE!"}},{"$f":"SUMIFS('[20]WorkDone DATA'!$L:$L,'[20]WorkDone DATA'!$N:$N,BOQ!BB$6,'[20]WorkDone DATA'!$G:$G,BOQ!$B158)*$G158","v":{"$error":"#VALUE!"}},{"$f":"SUMIFS('[20]WorkDone DATA'!$L:$L,'[20]WorkDone DATA'!$N:$N,BOQ!BC$6,'[20]WorkDone DATA'!$G:$G,BOQ!$B158)*$G158","v":{"$error":"#VALUE!"}},{"$f":"SUMIFS('[20]WorkDone DATA'!$L:$L,'[20]WorkDone DATA'!$N:$N,BOQ!BD$6,'[20]WorkDone DATA'!$G:$G,BOQ!$B158)*$G158","v":{"$error":"#VALUE!"}},{"$f":"SUMIFS('[20]WorkDone DATA'!$L:$L,'[20]WorkDone DATA'!$N:$N,BOQ!BE$6,'[20]WorkDone DATA'!$G:$G,BOQ!$B158)*$G158","v":{"$error":"#VALUE!"}},{"$f":"SUMIFS('[20]WorkDone DATA'!$L:$L,'[20]WorkDone DATA'!$N:$N,BOQ!BF$6,'[20]WorkDone DATA'!$G:$G,BOQ!$B158)*$G158","v":{"$error":"#VALUE!"}},{"$f":"SUMIFS('[20]WorkDone DATA'!$L:$L,'[20]WorkDone DATA'!$N:$N,BOQ!BG$6,'[20]WorkDone DATA'!$G:$G,BOQ!$B158)*$G158","v":{"$error":"#VALUE!"}},{"$f":"SUMIFS('[20]WorkDone DATA'!$L:$L,'[20]WorkDone DATA'!$N:$N,BOQ!BH$6,'[20]WorkDone DATA'!$G:$G,BOQ!$B158)*$G158","v":{"$error":"#VALUE!"}},{"$f":"SUMIFS('[20]WorkDone DATA'!$L:$L,'[20]WorkDone DATA'!$N:$N,BOQ!BI$6,'[20]WorkDone DATA'!$G:$G,BOQ!$B158)*$G158","v":{"$error":"#VALUE!"}},{"$f":"SUMIFS('[20]WorkDone DATA'!$L:$L,'[20]WorkDone DATA'!$N:$N,BOQ!BJ$6,'[20]WorkDone DATA'!$G:$G,BOQ!$B158)*$G158","v":{"$error":"#VALUE!"}},{"$f":"SUMIFS('[20]WorkDone DATA'!$L:$L,'[20]WorkDone DATA'!$N:$N,BOQ!BK$6,'[20]WorkDone DATA'!$G:$G,BOQ!$B158)*$G158","v":{"$error":"#VALUE!"}},{"$f":"SUMIFS('[20]WorkDone DATA'!$L:$L,'[20]WorkDone DATA'!$N:$N,BOQ!BL$6,'[20]WorkDone DATA'!$G:$G,BOQ!$B158)*$G158","v":{"$error":"#VALUE!"}},{"$f":"SUMIFS('[20]WorkDone DATA'!$L:$L,'[20]WorkDone DATA'!$N:$N,BOQ!BM$6,'[20]WorkDone DATA'!$G:$G,BOQ!$B158)*$G158","v":{"$error":"#VALUE!"}},{"$f":"SUMIFS('[20]WorkDone DATA'!$L:$L,'[20]WorkDone DATA'!$N:$N,BOQ!BN$6,'[20]WorkDone DATA'!$G:$G,BOQ!$B158)*$G158","v":{"$error":"#VALUE!"}},{"$f":"SUMIFS('[20]WorkDone DATA'!$L:$L,'[20]WorkDone DATA'!$N:$N,BOQ!BO$6,'[20]WorkDone DATA'!$G:$G,BOQ!$B158)*$G158","v":{"$error":"#VALUE!"}},{"$f":"SUMIFS('[20]WorkDone DATA'!$L:$L,'[20]WorkDone DATA'!$N:$N,BOQ!BP$6,'[20]WorkDone DATA'!$G:$G,BOQ!$B158)*$G158","v":{"$error":"#VALUE!"}},{"$f":"SUMIFS('[20]WorkDone DATA'!$L:$L,'[20]WorkDone DATA'!$N:$N,BOQ!BQ$6,'[20]WorkDone DATA'!$G:$G,BOQ!$B158)*$G158","v":{"$error":"#VALUE!"}},{"$f":"SUMIFS('[20]WorkDone DATA'!$L:$L,'[20]WorkDone DATA'!$N:$N,BOQ!BR$6,'[20]WorkDone DATA'!$G:$G,BOQ!$B158)*$G158","v":{"$error":"#VALUE!"}},{"$f":"SUMIFS('[20]WorkDone DATA'!$L:$L,'[20]WorkDone DATA'!$N:$N,BOQ!BS$6,'[20]WorkDone DATA'!$G:$G,BOQ!$B158)*$G158","v":{"$error":"#VALUE!"}},{"$f":"SUMIFS('[20]WorkDone DATA'!$L:$L,'[20]WorkDone DATA'!$N:$N,BOQ!BT$6,'[20]WorkDone DATA'!$G:$G,BOQ!$B158)*$G158","v":{"$error":"#VALUE!"}},{"$f":"SUMIFS('[20]WorkDone DATA'!$L:$L,'[20]WorkDone DATA'!$N:$N,BOQ!BU$6,'[20]WorkDone DATA'!$G:$G,BOQ!$B158)*$G158","v":{"$error":"#VALUE!"}},{"$f":"SUMIFS('[20]WorkDone DATA'!$L:$L,'[20]WorkDone DATA'!$N:$N,BOQ!BV$6,'[20]WorkDone DATA'!$G:$G,BOQ!$B158)*$G158","v":{"$error":"#VALUE!"}},{"$f":"SUMIFS('[20]WorkDone DATA'!$L:$L,'[20]WorkDone DATA'!$N:$N,BOQ!BW$6,'[20]WorkDone DATA'!$G:$G,BOQ!$B158)*$G158","v":{"$error":"#VALUE!"}},{"$f":"SUMIFS('[20]WorkDone DATA'!$L:$L,'[20]WorkDone DATA'!$N:$N,BOQ!BX$6,'[20]WorkDone DATA'!$G:$G,BOQ!$B158)*$G158","v":{"$error":"#VALUE!"}}]
[null,null,"185mm2 x 3 core (EXX03SCV) 6.35 kV/11kV ",{"$nulls":4},0,{"$nulls":3},{"$error":"#VALUE!"},{"$error":"#VALUE!"},null,0,{"$error":"#VALUE!"},null,{"$f":"SUMIFS('[20]WorkDone DATA'!$L:$L,'[20]WorkDone DATA'!$N:$N,BOQ!S$6,'[20]WorkDone DATA'!$G:$G,BOQ!$B159)","v":{"$error":"#VALUE!"}},{"$error":"#VALUE!"},{"$f":"SUMIFS('[20]WorkDone DATA'!$L:$L,'[20]WorkDone DATA'!$N:$N,BOQ!U$6,'[20]WorkDone DATA'!$G:$G,BOQ!$B159)","v":{"$error":"#VALUE!"}},{"$error":"#VALUE!"},null,{"$f":"SUMIFS('[20]WorkDone DATA'!$L:$L,'[20]WorkDone DATA'!$N:$N,BOQ!W$6,'[20]WorkDone DATA'!$G:$G,BOQ!$B159)*$G159","v":{"$error":"#VALUE!"}},null,{"$f":"SUMIFS('[20]WorkDone DATA'!$L:$L,'[20]WorkDone DATA'!$N:$N,BOQ!Y$6,'[20]WorkDone DATA'!$G:$G,BOQ!$B159)*$G159","v":{"$error":"#VALUE!"}},null,{"$f":"SUMIFS('[20]WorkDone DATA'!$L:$L,'[20]WorkDone DATA'!$N:$N,BOQ!AA$6,'[20]WorkDone DATA'!$G:$G,BOQ!$B159)*$G159","v":{"$error":"#VALUE!"}},{"$f":"SUMIFS('[20]WorkDone DATA'!$L:$L,'[20]WorkDone DATA'!$N:$N,BOQ!AB$6,'[20]WorkDone DATA'!$G:$G,BOQ!$B159)*$G159","v":{"$error":"#VALUE!"}},{"$f":"SUMIFS('[20]WorkDone DATA'!$L:$L,'[20]WorkDone DATA'!$N:$N,BOQ!AC$6,'[20]WorkDone DATA'!$G:$G,BOQ!$B159)*$G159","v":{"$error":"#VALUE!"}},{"$f":"SUMIFS('[20]WorkDone DATA'!$L:$L,'[20]WorkDone DATA'!$N:$N,BOQ!AD$6,'[20]WorkDone DATA'!$G:$G,BOQ!$B159)*$G159","v":{"$error":"#VALUE!"}},{"$f":"SUMIFS('[20]WorkDone DATA'!$L:$L,'[20]WorkDone DATA'!$N:$N,BOQ!AE$6,'[20]WorkDone DATA'!$G:$G,BOQ!$B159)*$G159","v":{"$error":"#VALUE!"}},{"$f":"SUMIFS('[20]WorkDone DATA'!$L:$L,'[20]WorkDone DATA'!$N:$N,BOQ!AF$6,'[20]WorkDone DATA'!$G:$G,BOQ!$B159)*$G159","v":{"$error":"#VALUE!"}},{"$f":"SUMIFS('[20]WorkDone DATA'!$L:$L,'[20]WorkDone DATA'!$N:$N,BOQ!AG$6,'[20]WorkDone DATA'!$G:$G,BOQ!$B159)*$G159","v":{"$error":"#VALUE!"}},{"$f":"SUMIFS('[20]WorkDone DATA'!$L:$L,'[20]WorkDone DATA'!$N:$N,BOQ!AH$6,'[20]WorkDone DATA'!$G:$G,BOQ!$B159)*$G159","v":{"$error":"#VALUE!"}},{"$f":"SUMIFS('[20]WorkDone DATA'!$L:$L,'[20]WorkDone DATA'!$N:$N,BOQ!AI$6,'[20]WorkDone DATA'!$G:$G,BOQ!$B159)*$G159","v":{"$error":"#VALUE!"}},{"$f":"SUMIFS('[20]WorkDone DATA'!$L:$L,'[20]WorkDone DATA'!$N:$N,BOQ!AJ$6,'[20]WorkDone DATA'!$G:$G,BOQ!$B159)*$G159","v":{"$error":"#VALUE!"}},{"$f":"SUMIFS('[20]WorkDone DATA'!$L:$L,'[20]WorkDone DATA'!$N:$N,BOQ!AK$6,'[20]WorkDone DATA'!$G:$G,BOQ!$B159)*$G159","v":{"$error":"#VALUE!"}},{"$f":"SUMIFS('[20]WorkDone DATA'!$L:$L,'[20]WorkDone DATA'!$N:$N,BOQ!AL$6,'[20]WorkDone DATA'!$G:$G,BOQ!$B159)*$G159","v":{"$error":"#VALUE!"}},{"$f":"SUMIFS('[20]WorkDone DATA'!$L:$L,'[20]WorkDone DATA'!$N:$N,BOQ!AM$6,'[20]WorkDone DATA'!$G:$G,BOQ!$B159)*$G159","v":{"$error":"#VALUE!"}},{"$f":"SUMIFS('[20]WorkDone DATA'!$L:$L,'[20]WorkDone DATA'!$N:$N,BOQ!AN$6,'[20]WorkDone DATA'!$G:$G,BOQ!$B159)*$G159","v":{"$error":"#VALUE!"}},{"$f":"SUMIFS('[20]WorkDone DATA'!$L:$L,'[20]WorkDone DATA'!$N:$N,BOQ!AO$6,'[20]WorkDone DATA'!$G:$G,BOQ!$B159)*$G159","v":{"$error":"#VALUE!"}},{"$f":"SUMIFS('[20]WorkDone DATA'!$L:$L,'[20]WorkDone DATA'!$N:$N,BOQ!AP$6,'[20]WorkDone DATA'!$G:$G,BOQ!$B159)*$G159","v":{"$error":"#VALUE!"}},{"$f":"SUMIFS('[20]WorkDone DATA'!$L:$L,'[20]WorkDone DATA'!$N:$N,BOQ!AQ$6,'[20]WorkDone DATA'!$G:$G,BOQ!$B159)*$G159","v":{"$error":"#VALUE!"}},{"$f":"SUMIFS('[20]WorkDone DATA'!$L:$L,'[20]WorkDone DATA'!$N:$N,BOQ!AR$6,'[20]WorkDone DATA'!$G:$G,BOQ!$B159)*$G159","v":{"$error":"#VALUE!"}},{"$f":"SUMIFS('[20]WorkDone DATA'!$L:$L,'[20]WorkDone DATA'!$N:$N,BOQ!AS$6,'[20]WorkDone DATA'!$G:$G,BOQ!$B159)*$G159","v":{"$error":"#VALUE!"}},{"$f":"SUMIFS('[20]WorkDone DATA'!$L:$L,'[20]WorkDone DATA'!$N:$N,BOQ!AT$6,'[20]WorkDone DATA'!$G:$G,BOQ!$B159)*$G159","v":{"$error":"#VALUE!"}},{"$f":"SUMIFS('[20]WorkDone DATA'!$L:$L,'[20]WorkDone DATA'!$N:$N,BOQ!AU$6,'[20]WorkDone DATA'!$G:$G,BOQ!$B159)*$G159","v":{"$error":"#VALUE!"}},{"$f":"SUMIFS('[20]WorkDone DATA'!$L:$L,'[20]WorkDone DATA'!$N:$N,BOQ!AV$6,'[20]WorkDone DATA'!$G:$G,BOQ!$B159)*$G159","v":{"$error":"#VALUE!"}},{"$f":"SUMIFS('[20]WorkDone DATA'!$L:$L,'[20]WorkDone DATA'!$N:$N,BOQ!AW$6,'[20]WorkDone DATA'!$G:$G,BOQ!$B159)*$G159","v":{"$error":"#VALUE!"}},{"$f":"SUMIFS('[20]WorkDone DATA'!$L:$L,'[20]WorkDone DATA'!$N:$N,BOQ!AX$6,'[20]WorkDone DATA'!$G:$G,BOQ!$B159)*$G159","v":{"$error":"#VALUE!"}},{"$f":"SUMIFS('[20]WorkDone DATA'!$L:$L,'[20]WorkDone DATA'!$N:$N,BOQ!AY$6,'[20]WorkDone DATA'!$G:$G,BOQ!$B159)*$G159","v":{"$error":"#VALUE!"}},{"$f":"SUMIFS('[20]WorkDone DATA'!$L:$L,'[20]WorkDone DATA'!$N:$N,BOQ!AZ$6,'[20]WorkDone DATA'!$G:$G,BOQ!$B159)*$G159","v":{"$error":"#VALUE!"}},{"$f":"SUMIFS('[20]WorkDone DATA'!$L:$L,'[20]WorkDone DATA'!$N:$N,BOQ!BA$6,'[20]WorkDone DATA'!$G:$G,BOQ!$B159)*$G159","v":{"$error":"#VALUE!"}},{"$f":"SUMIFS('[20]WorkDone DATA'!$L:$L,'[20]WorkDone DATA'!$N:$N,BOQ!BB$6,'[20]WorkDone DATA'!$G:$G,BOQ!$B159)*$G159","v":{"$error":"#VALUE!"}},{"$f":"SUMIFS('[20]WorkDone DATA'!$L:$L,'[20]WorkDone DATA'!$N:$N,BOQ!BC$6,'[20]WorkDone DATA'!$G:$G,BOQ!$B159)*$G159","v":{"$error":"#VALUE!"}},{"$f":"SUMIFS('[20]WorkDone DATA'!$L:$L,'[20]WorkDone DATA'!$N:$N,BOQ!BD$6,'[20]WorkDone DATA'!$G:$G,BOQ!$B159)*$G159","v":{"$error":"#VALUE!"}},{"$f":"SUMIFS('[20]WorkDone DATA'!$L:$L,'[20]WorkDone DATA'!$N:$N,BOQ!BE$6,'[20]WorkDone DATA'!$G:$G,BOQ!$B159)*$G159","v":{"$error":"#VALUE!"}},{"$f":"SUMIFS('[20]WorkDone DATA'!$L:$L,'[20]WorkDone DATA'!$N:$N,BOQ!BF$6,'[20]WorkDone DATA'!$G:$G,BOQ!$B159)*$G159","v":{"$error":"#VALUE!"}},{"$f":"SUMIFS('[20]WorkDone DATA'!$L:$L,'[20]WorkDone DATA'!$N:$N,BOQ!BG$6,'[20]WorkDone DATA'!$G:$G,BOQ!$B159)*$G159","v":{"$error":"#VALUE!"}},{"$f":"SUMIFS('[20]WorkDone DATA'!$L:$L,'[20]WorkDone DATA'!$N:$N,BOQ!BH$6,'[20]WorkDone DATA'!$G:$G,BOQ!$B159)*$G159","v":{"$error":"#VALUE!"}},{"$f":"SUMIFS('[20]WorkDone DATA'!$L:$L,'[20]WorkDone DATA'!$N:$N,BOQ!BI$6,'[20]WorkDone DATA'!$G:$G,BOQ!$B159)*$G159","v":{"$error":"#VALUE!"}},{"$f":"SUMIFS('[20]WorkDone DATA'!$L:$L,'[20]WorkDone DATA'!$N:$N,BOQ!BJ$6,'[20]WorkDone DATA'!$G:$G,BOQ!$B159)*$G159","v":{"$error":"#VALUE!"}},{"$f":"SUMIFS('[20]WorkDone DATA'!$L:$L,'[20]WorkDone DATA'!$N:$N,BOQ!BK$6,'[20]WorkDone DATA'!$G:$G,BOQ!$B159)*$G159","v":{"$error":"#VALUE!"}},{"$f":"SUMIFS('[20]WorkDone DATA'!$L:$L,'[20]WorkDone DATA'!$N:$N,BOQ!BL$6,'[20]WorkDone DATA'!$G:$G,BOQ!$B159)*$G159","v":{"$error":"#VALUE!"}},{"$f":"SUMIFS('[20]WorkDone DATA'!$L:$L,'[20]WorkDone DATA'!$N:$N,BOQ!BM$6,'[20]WorkDone DATA'!$G:$G,BOQ!$B159)*$G159","v":{"$error":"#VALUE!"}},{"$f":"SUMIFS('[20]WorkDone DATA'!$L:$L,'[20]WorkDone DATA'!$N:$N,BOQ!BN$6,'[20]WorkDone DATA'!$G:$G,BOQ!$B159)*$G159","v":{"$error":"#VALUE!"}},{"$f":"SUMIFS('[20]WorkDone DATA'!$L:$L,'[20]WorkDone DATA'!$N:$N,BOQ!BO$6,'[20]WorkDone DATA'!$G:$G,BOQ!$B159)*$G159","v":{"$error":"#VALUE!"}},{"$f":"SUMIFS('[20]WorkDone DATA'!$L:$L,'[20]WorkDone DATA'!$N:$N,BOQ!BP$6,'[20]WorkDone DATA'!$G:$G,BOQ!$B159)*$G159","v":{"$error":"#VALUE!"}},{"$f":"SUMIFS('[20]WorkDone DATA'!$L:$L,'[20]WorkDone DATA'!$N:$N,BOQ!BQ$6,'[20]WorkDone DATA'!$G:$G,BOQ!$B159)*$G159","v":{"$error":"#VALUE!"}},{"$f":"SUMIFS('[20]WorkDone DATA'!$L:$L,'[20]WorkDone DATA'!$N:$N,BOQ!BR$6,'[20]WorkDone DATA'!$G:$G,BOQ!$B159)*$G159","v":{"$error":"#VALUE!"}},{"$f":"SUMIFS('[20]WorkDone DATA'!$L:$L,'[20]WorkDone DATA'!$N:$N,BOQ!BS$6,'[20]WorkDone DATA'!$G:$G,BOQ!$B159)*$G159","v":{"$error":"#VALUE!"}},{"$f":"SUMIFS('[20]WorkDone DATA'!$L:$L,'[20]WorkDone DATA'!$N:$N,BOQ!BT$6,'[20]WorkDone DATA'!$G:$G,BOQ!$B159)*$G159","v":{"$error":"#VALUE!"}},{"$f":"SUMIFS('[20]WorkDone DATA'!$L:$L,'[20]WorkDone DATA'!$N:$N,BOQ!BU$6,'[20]WorkDone DATA'!$G:$G,BOQ!$B159)*$G159","v":{"$error":"#VALUE!"}},{"$f":"SUMIFS('[20]WorkDone DATA'!$L:$L,'[20]WorkDone DATA'!$N:$N,BOQ!BV$6,'[20]WorkDone DATA'!$G:$G,BOQ!$B159)*$G159","v":{"$error":"#VALUE!"}},{"$f":"SUMIFS('[20]WorkDone DATA'!$L:$L,'[20]WorkDone DATA'!$N:$N,BOQ!BW$6,'[20]WorkDone DATA'!$G:$G,BOQ!$B159)*$G159","v":{"$error":"#VALUE!"}},{"$f":"SUMIFS('[20]WorkDone DATA'!$L:$L,'[20]WorkDone DATA'!$N:$N,BOQ!BX$6,'[20]WorkDone DATA'!$G:$G,BOQ!$B159)*$G159","v":{"$error":"#VALUE!"}}]
[{"$f":"C159","v":"185mm2 x 3 core (EXX03SCV) 6.35 kV/11kV "},2.077,"Supply","E","set",8,{"v":3273.86,"d":"3,273.86"},{"v":26190.88,"d":"26,190.88"},null,null,{"$error":"#VALUE!"},{"$error":"#VALUE!"},{"$error":"#VALUE!"},null,{"$error":"#VALUE!"},{"$error":"#VALUE!"},null,{"$f":"SUMIFS('[20]WorkDone DATA'!$L:$L,'[20]WorkDone DATA'!$N:$N,BOQ!S$6,'[20]WorkDone DATA'!$G:$G,BOQ!$B160)","v":{"$error":"#VALUE!"}},{"$error":"#VALUE!"},{"$f":"SUMIFS('[20]WorkDone DATA'!$L:$L,'[20]WorkDone DATA'!$N:$N,BOQ!U$6,'[20]WorkDone DATA'!$G:$G,BOQ!$B160)","v":{"$error":"#VALUE!"}},{"$error":"#VALUE!"},null,{"$f":"SUMIFS('[20]WorkDone DATA'!$L:$L,'[20]WorkDone DATA'!$N:$N,BOQ!W$6,'[20]WorkDone DATA'!$G:$G,BOQ!$B160)*$G160","v":{"$error":"#VALUE!"}},null,{"$f":"SUMIFS('[20]WorkDone DATA'!$L:$L,'[20]WorkDone DATA'!$N:$N,BOQ!Y$6,'[20]WorkDone DATA'!$G:$G,BOQ!$B160)*$G160","v":{"$error":"#VALUE!"}},null,{"$f":"SUMIFS('[20]WorkDone DATA'!$L:$L,'[20]WorkDone DATA'!$N:$N,BOQ!AA$6,'[20]WorkDone DATA'!$G:$G,BOQ!$B160)*$G160","v":{"$error":"#VALUE!"}},{"$f":"SUMIFS('[20]WorkDone DATA'!$L:$L,'[20]WorkDone DATA'!$N:$N,BOQ!AB$6,'[20]WorkDone DATA'!$G:$G,BOQ!$B160)*$G160","v":{"$error":"#VALUE!"}},{"$f":"SUMIFS('[20]WorkDone DATA'!$L:$L,'[20]WorkDone DATA'!$N:$N,BOQ!AC$6,'[20]WorkDone DATA'!$G:$G,BOQ!$B160)*$G160","v":{"$error":"#VALUE!"}},{"$f":"SUMIFS('[20]WorkDone DATA'!$L:$L,'[20]WorkDone DATA'!$N:$N,BOQ!AD$6,'[20]WorkDone DATA'!$G:$G,BOQ!$B160)*$G160","v":{"$error":"#VALUE!"}},{"$f":"SUMIFS('[20]WorkDone DATA'!$L:$L,'[20]WorkDone DATA'!$N:$N,BOQ!AE$6,'[20]WorkDone DATA'!$G:$G,BOQ!$B160)*$G160","v":{"$error":"#VALUE!"}},{"$f":"SUMIFS('[20]WorkDone DATA'!$L:$L,'[20]WorkDone DATA'!$N:$N,BOQ!AF$6,'[20]WorkDone DATA'!$G:$G,BOQ!$B160)*$G160","v":{"$error":"#VALUE!"}},{"$f":"SUMIFS('[20]WorkDone DATA'!$L:$L,'[20]WorkDone DATA'!$N:$N,BOQ!AG$6,'[20]WorkDone DATA'!$G:$G,BOQ!$B160)*$G160","v":{"$error":"#VALUE!"}},{"$f":"SUMIFS('[20]WorkDone DATA'!$L:$L,'[20]WorkDone DATA'!$N:$N,BOQ!AH$6,'[20]WorkDone DATA'!$G:$G,BOQ!$B160)*$G160","v":{"$error":"#VALUE!"}},{"$f":"SUMIFS('[20]WorkDone DATA'!$L:$L,'[20]WorkDone DATA'!$N:$N,BOQ!AI$6,'[20]WorkDone DATA'!$G:$G,BOQ!$B160)*$G160","v":{"$error":"#VALUE!"}},{"$f":"SUMIFS('[20]WorkDone DATA'!$L:$L,'[20]WorkDone DATA'!$N:$N,BOQ!AJ$6,'[20]WorkDone DATA'!$G:$G,BOQ!$B160)*$G160","v":{"$error":"#VALUE!"}},{"$f":"SUMIFS('[20]WorkDone DATA'!$L:$L,'[20]WorkDone DATA'!$N:$N,BOQ!AK$6,'[20]WorkDone DATA'!$G:$G,BOQ!$B160)*$G160","v":{"$error":"#VALUE!"}},{"$f":"SUMIFS('[20]WorkDone DATA'!$L:$L,'[20]WorkDone DATA'!$N:$N,BOQ!AL$6,'[20]WorkDone DATA'!$G:$G,BOQ!$B160)*$G160","v":{"$error":"#VALUE!"}},{"$f":"SUMIFS('[20]WorkDone DATA'!$L:$L,'[20]WorkDone DATA'!$N:$N,BOQ!AM$6,'[20]WorkDone DATA'!$G:$G,BOQ!$B160)*$G160","v":{"$error":"#VALUE!"}},{"$f":"SUMIFS('[20]WorkDone DATA'!$L:$L,'[20]WorkDone DATA'!$N:$N,BOQ!AN$6,'[20]WorkDone DATA'!$G:$G,BOQ!$B160)*$G160","v":{"$error":"#VALUE!"}},{"$f":"SUMIFS('[20]WorkDone DATA'!$L:$L,'[20]WorkDone DATA'!$N:$N,BOQ!AO$6,'[20]WorkDone DATA'!$G:$G,BOQ!$B160)*$G160","v":{"$error":"#VALUE!"}},{"$f":"SUMIFS('[20]WorkDone DATA'!$L:$L,'[20]WorkDone DATA'!$N:$N,BOQ!AP$6,'[20]WorkDone DATA'!$G:$G,BOQ!$B160)*$G160","v":{"$error":"#VALUE!"}},{"$f":"SUMIFS('[20]WorkDone DATA'!$L:$L,'[20]WorkDone DATA'!$N:$N,BOQ!AQ$6,'[20]WorkDone DATA'!$G:$G,BOQ!$B160)*$G160","v":{"$error":"#VALUE!"}},{"$f":"SUMIFS('[20]WorkDone DATA'!$L:$L,'[20]WorkDone DATA'!$N:$N,BOQ!AR$6,'[20]WorkDone DATA'!$G:$G,BOQ!$B160)*$G160","v":{"$error":"#VALUE!"}},{"$f":"SUMIFS('[20]WorkDone DATA'!$L:$L,'[20]WorkDone DATA'!$N:$N,BOQ!AS$6,'[20]WorkDone DATA'!$G:$G,BOQ!$B160)*$G160","v":{"$error":"#VALUE!"}},{"$f":"SUMIFS('[20]WorkDone DATA'!$L:$L,'[20]WorkDone DATA'!$N:$N,BOQ!AT$6,'[20]WorkDone DATA'!$G:$G,BOQ!$B160)*$G160","v":{"$error":"#VALUE!"}},{"$f":"SUMIFS('[20]WorkDone DATA'!$L:$L,'[20]WorkDone DATA'!$N:$N,BOQ!AU$6,'[20]WorkDone DATA'!$G:$G,BOQ!$B160)*$G160","v":{"$error":"#VALUE!"}},{"$f":"SUMIFS('[20]WorkDone DATA'!$L:$L,'[20]WorkDone DATA'!$N:$N,BOQ!AV$6,'[20]WorkDone DATA'!$G:$G,BOQ!$B160)*$G160","v":{"$error":"#VALUE!"}},{"$f":"SUMIFS('[20]WorkDone DATA'!$L:$L,'[20]WorkDone DATA'!$N:$N,BOQ!AW$6,'[20]WorkDone DATA'!$G:$G,BOQ!$B160)*$G160","v":{"$error":"#VALUE!"}},{"$f":"SUMIFS('[20]WorkDone DATA'!$L:$L,'[20]WorkDone DATA'!$N:$N,BOQ!AX$6,'[20]WorkDone DATA'!$G:$G,BOQ!$B160)*$G160","v":{"$error":"#VALUE!"}},{"$f":"SUMIFS('[20]WorkDone DATA'!$L:$L,'[20]WorkDone DATA'!$N:$N,BOQ!AY$6,'[20]WorkDone DATA'!$G:$G,BOQ!$B160)*$G160","v":{"$error":"#VALUE!"}},{"$f":"SUMIFS('[20]WorkDone DATA'!$L:$L,'[20]WorkDone DATA'!$N:$N,BOQ!AZ$6,'[20]WorkDone DATA'!$G:$G,BOQ!$B160)*$G160","v":{"$error":"#VALUE!"}},{"$f":"SUMIFS('[20]WorkDone DATA'!$L:$L,'[20]WorkDone DATA'!$N:$N,BOQ!BA$6,'[20]WorkDone DATA'!$G:$G,BOQ!$B160)*$G160","v":{"$error":"#VALUE!"}},{"$f":"SUMIFS('[20]WorkDone DATA'!$L:$L,'[20]WorkDone DATA'!$N:$N,BOQ!BB$6,'[20]WorkDone DATA'!$G:$G,BOQ!$B160)*$G160","v":{"$error":"#VALUE!"}},{"$f":"SUMIFS('[20]WorkDone DATA'!$L:$L,'[20]WorkDone DATA'!$N:$N,BOQ!BC$6,'[20]WorkDone DATA'!$G:$G,BOQ!$B160)*$G160","v":{"$error":"#VALUE!"}},{"$f":"SUMIFS('[20]WorkDone DATA'!$L:$L,'[20]WorkDone DATA'!$N:$N,BOQ!BD$6,'[20]WorkDone DATA'!$G:$G,BOQ!$B160)*$G160","v":{"$error":"#VALUE!"}},{"$f":"SUMIFS('[20]WorkDone DATA'!$L:$L,'[20]WorkDone DATA'!$N:$N,BOQ!BE$6,'[20]WorkDone DATA'!$G:$G,BOQ!$B160)*$G160","v":{"$error":"#VALUE!"}},{"$f":"SUMIFS('[20]WorkDone DATA'!$L:$L,'[20]WorkDone DATA'!$N:$N,BOQ!BF$6,'[20]WorkDone DATA'!$G:$G,BOQ!$B160)*$G160","v":{"$error":"#VALUE!"}},{"$f":"SUMIFS('[20]WorkDone DATA'!$L:$L,'[20]WorkDone DATA'!$N:$N,BOQ!BG$6,'[20]WorkDone DATA'!$G:$G,BOQ!$B160)*$G160","v":{"$error":"#VALUE!"}},{"$f":"SUMIFS('[20]WorkDone DATA'!$L:$L,'[20]WorkDone DATA'!$N:$N,BOQ!BH$6,'[20]WorkDone DATA'!$G:$G,BOQ!$B160)*$G160","v":{"$error":"#VALUE!"}},{"$f":"SUMIFS('[20]WorkDone DATA'!$L:$L,'[20]WorkDone DATA'!$N:$N,BOQ!BI$6,'[20]WorkDone DATA'!$G:$G,BOQ!$B160)*$G160","v":{"$error":"#VALUE!"}},{"$f":"SUMIFS('[20]WorkDone DATA'!$L:$L,'[20]WorkDone DATA'!$N:$N,BOQ!BJ$6,'[20]WorkDone DATA'!$G:$G,BOQ!$B160)*$G160","v":{"$error":"#VALUE!"}},{"$f":"SUMIFS('[20]WorkDone DATA'!$L:$L,'[20]WorkDone DATA'!$N:$N,BOQ!BK$6,'[20]WorkDone DATA'!$G:$G,BOQ!$B160)*$G160","v":{"$error":"#VALUE!"}},{"$f":"SUMIFS('[20]WorkDone DATA'!$L:$L,'[20]WorkDone DATA'!$N:$N,BOQ!BL$6,'[20]WorkDone DATA'!$G:$G,BOQ!$B160)*$G160","v":{"$error":"#VALUE!"}},{"$f":"SUMIFS('[20]WorkDone DATA'!$L:$L,'[20]WorkDone DATA'!$N:$N,BOQ!BM$6,'[20]WorkDone DATA'!$G:$G,BOQ!$B160)*$G160","v":{"$error":"#VALUE!"}},{"$f":"SUMIFS('[20]WorkDone DATA'!$L:$L,'[20]WorkDone DATA'!$N:$N,BOQ!BN$6,'[20]WorkDone DATA'!$G:$G,BOQ!$B160)*$G160","v":{"$error":"#VALUE!"}},{"$f":"SUMIFS('[20]WorkDone DATA'!$L:$L,'[20]WorkDone DATA'!$N:$N,BOQ!BO$6,'[20]WorkDone DATA'!$G:$G,BOQ!$B160)*$G160","v":{"$error":"#VALUE!"}},{"$f":"SUMIFS('[20]WorkDone DATA'!$L:$L,'[20]WorkDone DATA'!$N:$N,BOQ!BP$6,'[20]WorkDone DATA'!$G:$G,BOQ!$B160)*$G160","v":{"$error":"#VALUE!"}},{"$f":"SUMIFS('[20]WorkDone DATA'!$L:$L,'[20]WorkDone DATA'!$N:$N,BOQ!BQ$6,'[20]WorkDone DATA'!$G:$G,BOQ!$B160)*$G160","v":{"$error":"#VALUE!"}},{"$f":"SUMIFS('[20]WorkDone DATA'!$L:$L,'[20]WorkDone DATA'!$N:$N,BOQ!BR$6,'[20]WorkDone DATA'!$G:$G,BOQ!$B160)*$G160","v":{"$error":"#VALUE!"}},{"$f":"SUMIFS('[20]WorkDone DATA'!$L:$L,'[20]WorkDone DATA'!$N:$N,BOQ!BS$6,'[20]WorkDone DATA'!$G:$G,BOQ!$B160)*$G160","v":{"$error":"#VALUE!"}},{"$f":"SUMIFS('[20]WorkDone DATA'!$L:$L,'[20]WorkDone DATA'!$N:$N,BOQ!BT$6,'[20]WorkDone DATA'!$G:$G,BOQ!$B160)*$G160","v":{"$error":"#VALUE!"}},{"$f":"SUMIFS('[20]WorkDone DATA'!$L:$L,'[20]WorkDone DATA'!$N:$N,BOQ!BU$6,'[20]WorkDone DATA'!$G:$G,BOQ!$B160)*$G160","v":{"$error":"#VALUE!"}},{"$f":"SUMIFS('[20]WorkDone DATA'!$L:$L,'[20]WorkDone DATA'!$N:$N,BOQ!BV$6,'[20]WorkDone DATA'!$G:$G,BOQ!$B160)*$G160","v":{"$error":"#VALUE!"}},{"$f":"SUMIFS('[20]WorkDone DATA'!$L:$L,'[20]WorkDone DATA'!$N:$N,BOQ!BW$6,'[20]WorkDone DATA'!$G:$G,BOQ!$B160)*$G160","v":{"$error":"#VALUE!"}},{"$f":"SUMIFS('[20]WorkDone DATA'!$L:$L,'[20]WorkDone DATA'!$N:$N,BOQ!BX$6,'[20]WorkDone DATA'!$G:$G,BOQ!$B160)*$G160","v":{"$error":"#VALUE!"}}]
[{"$f":"C159","v":"185mm2 x 3 core (EXX03SCV) 6.35 kV/11kV "},2.078,"Installation","A","set",8,{"v":2787.62,"d":"2,787.62"},{"v":22300.96,"d":"22,300.96"},null,null,{"$error":"#VALUE!"},{"$error":"#VALUE!"},{"$error":"#VALUE!"},null,{"$error":"#VALUE!"},{"$error":"#VALUE!"},null,{"$f":"SUMIFS('[20]WorkDone DATA'!$L:$L,'[20]WorkDone DATA'!$N:$N,BOQ!S$6,'[20]WorkDone DATA'!$G:$G,BOQ!$B161)","v":{"$error":"#VALUE!"}},{"$error":"#VALUE!"},{"$f":"SUMIFS('[20]WorkDone DATA'!$L:$L,'[20]WorkDone DATA'!$N:$N,BOQ!U$6,'[20]WorkDone DATA'!$G:$G,BOQ!$B161)","v":{"$error":"#VALUE!"}},{"$error":"#VALUE!"},null,{"$f":"SUMIFS('[20]WorkDone DATA'!$L:$L,'[20]WorkDone DATA'!$N:$N,BOQ!W$6,'[20]WorkDone DATA'!$G:$G,BOQ!$B161)*$G161","v":{"$error":"#VALUE!"}},null,{"$f":"SUMIFS('[20]WorkDone DATA'!$L:$L,'[20]WorkDone DATA'!$N:$N,BOQ!Y$6,'[20]WorkDone DATA'!$G:$G,BOQ!$B161)*$G161","v":{"$error":"#VALUE!"}},null,{"$f":"SUMIFS('[20]WorkDone DATA'!$L:$L,'[20]WorkDone DATA'!$N:$N,BOQ!AA$6,'[20]WorkDone DATA'!$G:$G,BOQ!$B161)*$G161","v":{"$error":"#VALUE!"}},{"$f":"SUMIFS('[20]WorkDone DATA'!$L:$L,'[20]WorkDone DATA'!$N:$N,BOQ!AB$6,'[20]WorkDone DATA'!$G:$G,BOQ!$B161)*$G161","v":{"$error":"#VALUE!"}},{"$f":"SUMIFS('[20]WorkDone DATA'!$L:$L,'[20]WorkDone DATA'!$N:$N,BOQ!AC$6,'[20]WorkDone DATA'!$G:$G,BOQ!$B161)*$G161","v":{"$error":"#VALUE!"}},{"$f":"SUMIFS('[20]WorkDone DATA'!$L:$L,'[20]WorkDone DATA'!$N:$N,BOQ!AD$6,'[20]WorkDone DATA'!$G:$G,BOQ!$B161)*$G161","v":{"$error":"#VALUE!"}},{"$f":"SUMIFS('[20]WorkDone DATA'!$L:$L,'[20]WorkDone DATA'!$N:$N,BOQ!AE$6,'[20]WorkDone DATA'!$G:$G,BOQ!$B161)*$G161","v":{"$error":"#VALUE!"}},{"$f":"SUMIFS('[20]WorkDone DATA'!$L:$L,'[20]WorkDone DATA'!$N:$N,BOQ!AF$6,'[20]WorkDone DATA'!$G:$G,BOQ!$B161)*$G161","v":{"$error":"#VALUE!"}},{"$f":"SUMIFS('[20]WorkDone DATA'!$L:$L,'[20]WorkDone DATA'!$N:$N,BOQ!AG$6,'[20]WorkDone DATA'!$G:$G,BOQ!$B161)*$G161","v":{"$error":"#VALUE!"}},{"$f":"SUMIFS('[20]WorkDone DATA'!$L:$L,'[20]WorkDone DATA'!$N:$N,BOQ!AH$6,'[20]WorkDone DATA'!$G:$G,BOQ!$B161)*$G161","v":{"$error":"#VALUE!"}},{"$f":"SUMIFS('[20]WorkDone DATA'!$L:$L,'[20]WorkDone DATA'!$N:$N,BOQ!AI$6,'[20]WorkDone DATA'!$G:$G,BOQ!$B161)*$G161","v":{"$error":"#VALUE!"}},{"$f":"SUMIFS('[20]WorkDone DATA'!$L:$L,'[20]WorkDone DATA'!$N:$N,BOQ!AJ$6,'[20]WorkDone DATA'!$G:$G,BOQ!$B161)*$G161","v":{"$error":"#VALUE!"}},{"$f":"SUMIFS('[20]WorkDone DATA'!$L:$L,'[20]WorkDone DATA'!$N:$N,BOQ!AK$6,'[20]WorkDone DATA'!$G:$G,BOQ!$B161)*$G161","v":{"$error":"#VALUE!"}},{"$f":"SUMIFS('[20]WorkDone DATA'!$L:$L,'[20]WorkDone DATA'!$N:$N,BOQ!AL$6,'[20]WorkDone DATA'!$G:$G,BOQ!$B161)*$G161","v":{"$error":"#VALUE!"}},{"$f":"SUMIFS('[20]WorkDone DATA'!$L:$L,'[20]WorkDone DATA'!$N:$N,BOQ!AM$6,'[20]WorkDone DATA'!$G:$G,BOQ!$B161)*$G161","v":{"$error":"#VALUE!"}},{"$f":"SUMIFS('[20]WorkDone DATA'!$L:$L,'[20]WorkDone DATA'!$N:$N,BOQ!AN$6,'[20]WorkDone DATA'!$G:$G,BOQ!$B161)*$G161","v":{"$error":"#VALUE!"}},{"$f":"SUMIFS('[20]WorkDone DATA'!$L:$L,'[20]WorkDone DATA'!$N:$N,BOQ!AO$6,'[20]WorkDone DATA'!$G:$G,BOQ!$B161)*$G161","v":{"$error":"#VALUE!"}},{"$f":"SUMIFS('[20]WorkDone DATA'!$L:$L,'[20]WorkDone DATA'!$N:$N,BOQ!AP$6,'[20]WorkDone DATA'!$G:$G,BOQ!$B161)*$G161","v":{"$error":"#VALUE!"}},{"$f":"SUMIFS('[20]WorkDone DATA'!$L:$L,'[20]WorkDone DATA'!$N:$N,BOQ!AQ$6,'[20]WorkDone DATA'!$G:$G,BOQ!$B161)*$G161","v":{"$error":"#VALUE!"}},{"$f":"SUMIFS('[20]WorkDone DATA'!$L:$L,'[20]WorkDone DATA'!$N:$N,BOQ!AR$6,'[20]WorkDone DATA'!$G:$G,BOQ!$B161)*$G161","v":{"$error":"#VALUE!"}},{"$f":"SUMIFS('[20]WorkDone DATA'!$L:$L,'[20]WorkDone DATA'!$N:$N,BOQ!AS$6,'[20]WorkDone DATA'!$G:$G,BOQ!$B161)*$G161","v":{"$error":"#VALUE!"}},{"$f":"SUMIFS('[20]WorkDone DATA'!$L:$L,'[20]WorkDone DATA'!$N:$N,BOQ!AT$6,'[20]WorkDone DATA'!$G:$G,BOQ!$B161)*$G161","v":{"$error":"#VALUE!"}},{"$f":"SUMIFS('[20]WorkDone DATA'!$L:$L,'[20]WorkDone DATA'!$N:$N,BOQ!AU$6,'[20]WorkDone DATA'!$G:$G,BOQ!$B161)*$G161","v":{"$error":"#VALUE!"}},{"$f":"SUMIFS('[20]WorkDone DATA'!$L:$L,'[20]WorkDone DATA'!$N:$N,BOQ!AV$6,'[20]WorkDone DATA'!$G:$G,BOQ!$B161)*$G161","v":{"$error":"#VALUE!"}},{"$f":"SUMIFS('[20]WorkDone DATA'!$L:$L,'[20]WorkDone DATA'!$N:$N,BOQ!AW$6,'[20]WorkDone DATA'!$G:$G,BOQ!$B161)*$G161","v":{"$error":"#VALUE!"}},{"$f":"SUMIFS('[20]WorkDone DATA'!$L:$L,'[20]WorkDone DATA'!$N:$N,BOQ!AX$6,'[20]WorkDone DATA'!$G:$G,BOQ!$B161)*$G161","v":{"$error":"#VALUE!"}},{"$f":"SUMIFS('[20]WorkDone DATA'!$L:$L,'[20]WorkDone DATA'!$N:$N,BOQ!AY$6,'[20]WorkDone DATA'!$G:$G,BOQ!$B161)*$G161","v":{"$error":"#VALUE!"}},{"$f":"SUMIFS('[20]WorkDone DATA'!$L:$L,'[20]WorkDone DATA'!$N:$N,BOQ!AZ$6,'[20]WorkDone DATA'!$G:$G,BOQ!$B161)*$G161","v":{"$error":"#VALUE!"}},{"$f":"SUMIFS('[20]WorkDone DATA'!$L:$L,'[20]WorkDone DATA'!$N:$N,BOQ!BA$6,'[20]WorkDone DATA'!$G:$G,BOQ!$B161)*$G161","v":{"$error":"#VALUE!"}},{"$f":"SUMIFS('[20]WorkDone DATA'!$L:$L,'[20]WorkDone DATA'!$N:$N,BOQ!BB$6,'[20]WorkDone DATA'!$G:$G,BOQ!$B161)*$G161","v":{"$error":"#VALUE!"}},{"$f":"SUMIFS('[20]WorkDone DATA'!$L:$L,'[20]WorkDone DATA'!$N:$N,BOQ!BC$6,'[20]WorkDone DATA'!$G:$G,BOQ!$B161)*$G161","v":{"$error":"#VALUE!"}},{"$f":"SUMIFS('[20]WorkDone DATA'!$L:$L,'[20]WorkDone DATA'!$N:$N,BOQ!BD$6,'[20]WorkDone DATA'!$G:$G,BOQ!$B161)*$G161","v":{"$error":"#VALUE!"}},{"$f":"SUMIFS('[20]WorkDone DATA'!$L:$L,'[20]WorkDone DATA'!$N:$N,BOQ!BE$6,'[20]WorkDone DATA'!$G:$G,BOQ!$B161)*$G161","v":{"$error":"#VALUE!"}},{"$f":"SUMIFS('[20]WorkDone DATA'!$L:$L,'[20]WorkDone DATA'!$N:$N,BOQ!BF$6,'[20]WorkDone DATA'!$G:$G,BOQ!$B161)*$G161","v":{"$error":"#VALUE!"}},{"$f":"SUMIFS('[20]WorkDone DATA'!$L:$L,'[20]WorkDone DATA'!$N:$N,BOQ!BG$6,'[20]WorkDone DATA'!$G:$G,BOQ!$B161)*$G161","v":{"$error":"#VALUE!"}},{"$f":"SUMIFS('[20]WorkDone DATA'!$L:$L,'[20]WorkDone DATA'!$N:$N,BOQ!BH$6,'[20]WorkDone DATA'!$G:$G,BOQ!$B161)*$G161","v":{"$error":"#VALUE!"}},{"$f":"SUMIFS('[20]WorkDone DATA'!$L:$L,'[20]WorkDone DATA'!$N:$N,BOQ!BI$6,'[20]WorkDone DATA'!$G:$G,BOQ!$B161)*$G161","v":{"$error":"#VALUE!"}},{"$f":"SUMIFS('[20]WorkDone DATA'!$L:$L,'[20]WorkDone DATA'!$N:$N,BOQ!BJ$6,'[20]WorkDone DATA'!$G:$G,BOQ!$B161)*$G161","v":{"$error":"#VALUE!"}},{"$f":"SUMIFS('[20]WorkDone DATA'!$L:$L,'[20]WorkDone DATA'!$N:$N,BOQ!BK$6,'[20]WorkDone DATA'!$G:$G,BOQ!$B161)*$G161","v":{"$error":"#VALUE!"}},{"$f":"SUMIFS('[20]WorkDone DATA'!$L:$L,'[20]WorkDone DATA'!$N:$N,BOQ!BL$6,'[20]WorkDone DATA'!$G:$G,BOQ!$B161)*$G161","v":{"$error":"#VALUE!"}},{"$f":"SUMIFS('[20]WorkDone DATA'!$L:$L,'[20]WorkDone DATA'!$N:$N,BOQ!BM$6,'[20]WorkDone DATA'!$G:$G,BOQ!$B161)*$G161","v":{"$error":"#VALUE!"}},{"$f":"SUMIFS('[20]WorkDone DATA'!$L:$L,'[20]WorkDone DATA'!$N:$N,BOQ!BN$6,'[20]WorkDone DATA'!$G:$G,BOQ!$B161)*$G161","v":{"$error":"#VALUE!"}},{"$f":"SUMIFS('[20]WorkDone DATA'!$L:$L,'[20]WorkDone DATA'!$N:$N,BOQ!BO$6,'[20]WorkDone DATA'!$G:$G,BOQ!$B161)*$G161","v":{"$error":"#VALUE!"}},{"$f":"SUMIFS('[20]WorkDone DATA'!$L:$L,'[20]WorkDone DATA'!$N:$N,BOQ!BP$6,'[20]WorkDone DATA'!$G:$G,BOQ!$B161)*$G161","v":{"$error":"#VALUE!"}},{"$f":"SUMIFS('[20]WorkDone DATA'!$L:$L,'[20]WorkDone DATA'!$N:$N,BOQ!BQ$6,'[20]WorkDone DATA'!$G:$G,BOQ!$B161)*$G161","v":{"$error":"#VALUE!"}},{"$f":"SUMIFS('[20]WorkDone DATA'!$L:$L,'[20]WorkDone DATA'!$N:$N,BOQ!BR$6,'[20]WorkDone DATA'!$G:$G,BOQ!$B161)*$G161","v":{"$error":"#VALUE!"}},{"$f":"SUMIFS('[20]WorkDone DATA'!$L:$L,'[20]WorkDone DATA'!$N:$N,BOQ!BS$6,'[20]WorkDone DATA'!$G:$G,BOQ!$B161)*$G161","v":{"$error":"#VALUE!"}},{"$f":"SUMIFS('[20]WorkDone DATA'!$L:$L,'[20]WorkDone DATA'!$N:$N,BOQ!BT$6,'[20]WorkDone DATA'!$G:$G,BOQ!$B161)*$G161","v":{"$error":"#VALUE!"}},{"$f":"SUMIFS('[20]WorkDone DATA'!$L:$L,'[20]WorkDone DATA'!$N:$N,BOQ!BU$6,'[20]WorkDone DATA'!$G:$G,BOQ!$B161)*$G161","v":{"$error":"#VALUE!"}},{"$f":"SUMIFS('[20]WorkDone DATA'!$L:$L,'[20]WorkDone DATA'!$N:$N,BOQ!BV$6,'[20]WorkDone DATA'!$G:$G,BOQ!$B161)*$G161","v":{"$error":"#VALUE!"}},{"$f":"SUMIFS('[20]WorkDone DATA'!$L:$L,'[20]WorkDone DATA'!$N:$N,BOQ!BW$6,'[20]WorkDone DATA'!$G:$G,BOQ!$B161)*$G161","v":{"$error":"#VALUE!"}},{"$f":"SUMIFS('[20]WorkDone DATA'!$L:$L,'[20]WorkDone DATA'!$N:$N,BOQ!BX$6,'[20]WorkDone DATA'!$G:$G,BOQ!$B161)*$G161","v":{"$error":"#VALUE!"}}]
[null,null,"150mm2 x 1core (EXX01RCV) 6.35 kV/11kV Cut & Join\n",{"$nulls":4},0,{"$nulls":3},{"$error":"#VALUE!"},{"$error":"#VALUE!"},null,0,{"$error":"#VALUE!"},null,{"$f":"SUMIFS('[20]WorkDone DATA'!$L:$L,'[20]WorkDone DATA'!$N:$N,BOQ!S$6,'[20]WorkDone DATA'!$G:$G,BOQ!$B162)","v":{"$error":"#VALUE!"}},{"$error":"#VALUE!"},{"$f":"SUMIFS('[20]WorkDone DATA'!$L:$L,'[20]WorkDone DATA'!$N:$N,BOQ!U$6,'[20]WorkDone DATA'!$G:$G,BOQ!$B162)","v":{"$error":"#VALUE!"}},{"$error":"#VALUE!"},null,{"$f":"SUMIFS('[20]WorkDone DATA'!$L:$L,'[20]WorkDone DATA'!$N:$N,BOQ!W$6,'[20]WorkDone DATA'!$G:$G,BOQ!$B162)*$G162","v":{"$error":"#VALUE!"}},null,{"$f":"SUMIFS('[20]WorkDone DATA'!$L:$L,'[20]WorkDone DATA'!$N:$N,BOQ!Y$6,'[20]WorkDone DATA'!$G:$G,BOQ!$B162)*$G162","v":{"$error":"#VALUE!"}},null,{"$f":"SUMIFS('[20]WorkDone DATA'!$L:$L,'[20]WorkDone DATA'!$N:$N,BOQ!AA$6,'[20]WorkDone DATA'!$G:$G,BOQ!$B162)*$G162","v":{"$error":"#VALUE!"}},{"$f":"SUMIFS('[20]WorkDone DATA'!$L:$L,'[20]WorkDone DATA'!$N:$N,BOQ!AB$6,'[20]WorkDone DATA'!$G:$G,BOQ!$B162)*$G162","v":{"$error":"#VALUE!"}},{"$f":"SUMIFS('[20]WorkDone DATA'!$L:$L,'[20]WorkDone DATA'!$N:$N,BOQ!AC$6,'[20]WorkDone DATA'!$G:$G,BOQ!$B162)*$G162","v":{"$error":"#VALUE!"}},{"$f":"SUMIFS('[20]WorkDone DATA'!$L:$L,'[20]WorkDone DATA'!$N:$N,BOQ!AD$6,'[20]WorkDone DATA'!$G:$G,BOQ!$B162)*$G162","v":{"$error":"#VALUE!"}},{"$f":"SUMIFS('[20]WorkDone DATA'!$L:$L,'[20]WorkDone DATA'!$N:$N,BOQ!AE$6,'[20]WorkDone DATA'!$G:$G,BOQ!$B162)*$G162","v":{"$error":"#VALUE!"}},{"$f":"SUMIFS('[20]WorkDone DATA'!$L:$L,'[20]WorkDone DATA'!$N:$N,BOQ!AF$6,'[20]WorkDone DATA'!$G:$G,BOQ!$B162)*$G162","v":{"$error":"#VALUE!"}},{"$f":"SUMIFS('[20]WorkDone DATA'!$L:$L,'[20]WorkDone DATA'!$N:$N,BOQ!AG$6,'[20]WorkDone DATA'!$G:$G,BOQ!$B162)*$G162","v":{"$error":"#VALUE!"}},{"$f":"SUMIFS('[20]WorkDone DATA'!$L:$L,'[20]WorkDone DATA'!$N:$N,BOQ!AH$6,'[20]WorkDone DATA'!$G:$G,BOQ!$B162)*$G162","v":{"$error":"#VALUE!"}},{"$f":"SUMIFS('[20]WorkDone DATA'!$L:$L,'[20]WorkDone DATA'!$N:$N,BOQ!AI$6,'[20]WorkDone DATA'!$G:$G,BOQ!$B162)*$G162","v":{"$error":"#VALUE!"}},{"$f":"SUMIFS('[20]WorkDone DATA'!$L:$L,'[20]WorkDone DATA'!$N:$N,BOQ!AJ$6,'[20]WorkDone DATA'!$G:$G,BOQ!$B162)*$G162","v":{"$error":"#VALUE!"}},{"$f":"SUMIFS('[20]WorkDone DATA'!$L:$L,'[20]WorkDone DATA'!$N:$N,BOQ!AK$6,'[20]WorkDone DATA'!$G:$G,BOQ!$B162)*$G162","v":{"$error":"#VALUE!"}},{"$f":"SUMIFS('[20]WorkDone DATA'!$L:$L,'[20]WorkDone DATA'!$N:$N,BOQ!AL$6,'[20]WorkDone DATA'!$G:$G,BOQ!$B162)*$G162","v":{"$error":"#VALUE!"}},{"$f":"SUMIFS('[20]WorkDone DATA'!$L:$L,'[20]WorkDone DATA'!$N:$N,BOQ!AM$6,'[20]WorkDone DATA'!$G:$G,BOQ!$B162)*$G162","v":{"$error":"#VALUE!"}},{"$f":"SUMIFS('[20]WorkDone DATA'!$L:$L,'[20]WorkDone DATA'!$N:$N,BOQ!AN$6,'[20]WorkDone DATA'!$G:$G,BOQ!$B162)*$G162","v":{"$error":"#VALUE!"}},{"$f":"SUMIFS('[20]WorkDone DATA'!$L:$L,'[20]WorkDone DATA'!$N:$N,BOQ!AO$6,'[20]WorkDone DATA'!$G:$G,BOQ!$B162)*$G162","v":{"$error":"#VALUE!"}},{"$f":"SUMIFS('[20]WorkDone DATA'!$L:$L,'[20]WorkDone DATA'!$N:$N,BOQ!AP$6,'[20]WorkDone DATA'!$G:$G,BOQ!$B162)*$G162","v":{"$error":"#VALUE!"}},{"$f":"SUMIFS('[20]WorkDone DATA'!$L:$L,'[20]WorkDone DATA'!$N:$N,BOQ!AQ$6,'[20]WorkDone DATA'!$G:$G,BOQ!$B162)*$G162","v":{"$error":"#VALUE!"}},{"$f":"SUMIFS('[20]WorkDone DATA'!$L:$L,'[20]WorkDone DATA'!$N:$N,BOQ!AR$6,'[20]WorkDone DATA'!$G:$G,BOQ!$B162)*$G162","v":{"$error":"#VALUE!"}},{"$f":"SUMIFS('[20]WorkDone DATA'!$L:$L,'[20]WorkDone DATA'!$N:$N,BOQ!AS$6,'[20]WorkDone DATA'!$G:$G,BOQ!$B162)*$G162","v":{"$error":"#VALUE!"}},{"$f":"SUMIFS('[20]WorkDone DATA'!$L:$L,'[20]WorkDone DATA'!$N:$N,BOQ!AT$6,'[20]WorkDone DATA'!$G:$G,BOQ!$B162)*$G162","v":{"$error":"#VALUE!"}},{"$f":"SUMIFS('[20]WorkDone DATA'!$L:$L,'[20]WorkDone DATA'!$N:$N,BOQ!AU$6,'[20]WorkDone DATA'!$G:$G,BOQ!$B162)*$G162","v":{"$error":"#VALUE!"}},{"$f":"SUMIFS('[20]WorkDone DATA'!$L:$L,'[20]WorkDone DATA'!$N:$N,BOQ!AV$6,'[20]WorkDone DATA'!$G:$G,BOQ!$B162)*$G162","v":{"$error":"#VALUE!"}},{"$f":"SUMIFS('[20]WorkDone DATA'!$L:$L,'[20]WorkDone DATA'!$N:$N,BOQ!AW$6,'[20]WorkDone DATA'!$G:$G,BOQ!$B162)*$G162","v":{"$error":"#VALUE!"}},{"$f":"SUMIFS('[20]WorkDone DATA'!$L:$L,'[20]WorkDone DATA'!$N:$N,BOQ!AX$6,'[20]WorkDone DATA'!$G:$G,BOQ!$B162)*$G162","v":{"$error":"#VALUE!"}},{"$f":"SUMIFS('[20]WorkDone DATA'!$L:$L,'[20]WorkDone DATA'!$N:$N,BOQ!AY$6,'[20]WorkDone DATA'!$G:$G,BOQ!$B162)*$G162","v":{"$error":"#VALUE!"}},{"$f":"SUMIFS('[20]WorkDone DATA'!$L:$L,'[20]WorkDone DATA'!$N:$N,BOQ!AZ$6,'[20]WorkDone DATA'!$G:$G,BOQ!$B162)*$G162","v":{"$error":"#VALUE!"}},{"$f":"SUMIFS('[20]WorkDone DATA'!$L:$L,'[20]WorkDone DATA'!$N:$N,BOQ!BA$6,'[20]WorkDone DATA'!$G:$G,BOQ!$B162)*$G162","v":{"$error":"#VALUE!"}},{"$f":"SUMIFS('[20]WorkDone DATA'!$L:$L,'[20]WorkDone DATA'!$N:$N,BOQ!BB$6,'[20]WorkDone DATA'!$G:$G,BOQ!$B162)*$G162","v":{"$error":"#VALUE!"}},{"$f":"SUMIFS('[20]WorkDone DATA'!$L:$L,'[20]WorkDone DATA'!$N:$N,BOQ!BC$6,'[20]WorkDone DATA'!$G:$G,BOQ!$B162)*$G162","v":{"$error":"#VALUE!"}},{"$f":"SUMIFS('[20]WorkDone DATA'!$L:$L,'[20]WorkDone DATA'!$N:$N,BOQ!BD$6,'[20]WorkDone DATA'!$G:$G,BOQ!$B162)*$G162","v":{"$error":"#VALUE!"}},{"$f":"SUMIFS('[20]WorkDone DATA'!$L:$L,'[20]WorkDone DATA'!$N:$N,BOQ!BE$6,'[20]WorkDone DATA'!$G:$G,BOQ!$B162)*$G162","v":{"$error":"#VALUE!"}},{"$f":"SUMIFS('[20]WorkDone DATA'!$L:$L,'[20]WorkDone DATA'!$N:$N,BOQ!BF$6,'[20]WorkDone DATA'!$G:$G,BOQ!$B162)*$G162","v":{"$error":"#VALUE!"}},{"$f":"SUMIFS('[20]WorkDone DATA'!$L:$L,'[20]WorkDone DATA'!$N:$N,BOQ!BG$6,'[20]WorkDone DATA'!$G:$G,BOQ!$B162)*$G162","v":{"$error":"#VALUE!"}},{"$f":"SUMIFS('[20]WorkDone DATA'!$L:$L,'[20]WorkDone DATA'!$N:$N,BOQ!BH$6,'[20]WorkDone DATA'!$G:$G,BOQ!$B162)*$G162","v":{"$error":"#VALUE!"}},{"$f":"SUMIFS('[20]WorkDone DATA'!$L:$L,'[20]WorkDone DATA'!$N:$N,BOQ!BI$6,'[20]WorkDone DATA'!$G:$G,BOQ!$B162)*$G162","v":{"$error":"#VALUE!"}},{"$f":"SUMIFS('[20]WorkDone DATA'!$L:$L,'[20]WorkDone DATA'!$N:$N,BOQ!BJ$6,'[20]WorkDone DATA'!$G:$G,BOQ!$B162)*$G162","v":{"$error":"#VALUE!"}},{"$f":"SUMIFS('[20]WorkDone DATA'!$L:$L,'[20]WorkDone DATA'!$N:$N,BOQ!BK$6,'[20]WorkDone DATA'!$G:$G,BOQ!$B162)*$G162","v":{"$error":"#VALUE!"}},{"$f":"SUMIFS('[20]WorkDone DATA'!$L:$L,'[20]WorkDone DATA'!$N:$N,BOQ!BL$6,'[20]WorkDone DATA'!$G:$G,BOQ!$B162)*$G162","v":{"$error":"#VALUE!"}},{"$f":"SUMIFS('[20]WorkDone DATA'!$L:$L,'[20]WorkDone DATA'!$N:$N,BOQ!BM$6,'[20]WorkDone DATA'!$G:$G,BOQ!$B162)*$G162","v":{"$error":"#VALUE!"}},{"$f":"SUMIFS('[20]WorkDone DATA'!$L:$L,'[20]WorkDone DATA'!$N:$N,BOQ!BN$6,'[20]WorkDone DATA'!$G:$G,BOQ!$B162)*$G162","v":{"$error":"#VALUE!"}},{"$f":"SUMIFS('[20]WorkDone DATA'!$L:$L,'[20]WorkDone DATA'!$N:$N,BOQ!BO$6,'[20]WorkDone DATA'!$G:$G,BOQ!$B162)*$G162","v":{"$error":"#VALUE!"}},{"$f":"SUMIFS('[20]WorkDone DATA'!$L:$L,'[20]WorkDone DATA'!$N:$N,BOQ!BP$6,'[20]WorkDone DATA'!$G:$G,BOQ!$B162)*$G162","v":{"$error":"#VALUE!"}},{"$f":"SUMIFS('[20]WorkDone DATA'!$L:$L,'[20]WorkDone DATA'!$N:$N,BOQ!BQ$6,'[20]WorkDone DATA'!$G:$G,BOQ!$B162)*$G162","v":{"$error":"#VALUE!"}},{"$f":"SUMIFS('[20]WorkDone DATA'!$L:$L,'[20]WorkDone DATA'!$N:$N,BOQ!BR$6,'[20]WorkDone DATA'!$G:$G,BOQ!$B162)*$G162","v":{"$error":"#VALUE!"}},{"$f":"SUMIFS('[20]WorkDone DATA'!$L:$L,'[20]WorkDone DATA'!$N:$N,BOQ!BS$6,'[20]WorkDone DATA'!$G:$G,BOQ!$B162)*$G162","v":{"$error":"#VALUE!"}},{"$f":"SUMIFS('[20]WorkDone DATA'!$L:$L,'[20]WorkDone DATA'!$N:$N,BOQ!BT$6,'[20]WorkDone DATA'!$G:$G,BOQ!$B162)*$G162","v":{"$error":"#VALUE!"}},{"$f":"SUMIFS('[20]WorkDone DATA'!$L:$L,'[20]WorkDone DATA'!$N:$N,BOQ!BU$6,'[20]WorkDone DATA'!$G:$G,BOQ!$B162)*$G162","v":{"$error":"#VALUE!"}},{"$f":"SUMIFS('[20]WorkDone DATA'!$L:$L,'[20]WorkDone DATA'!$N:$N,BOQ!BV$6,'[20]WorkDone DATA'!$G:$G,BOQ!$B162)*$G162","v":{"$error":"#VALUE!"}},{"$f":"SUMIFS('[20]WorkDone DATA'!$L:$L,'[20]WorkDone DATA'!$N:$N,BOQ!BW$6,'[20]WorkDone DATA'!$G:$G,BOQ!$B162)*$G162","v":{"$error":"#VALUE!"}},{"$f":"SUMIFS('[20]WorkDone DATA'!$L:$L,'[20]WorkDone DATA'!$N:$N,BOQ!BX$6,'[20]WorkDone DATA'!$G:$G,BOQ!$B162)*$G162","v":{"$error":"#VALUE!"}}]
[{"$f":"C162","v":"150mm2 x 1core (EXX01RCV) 6.35 kV/11kV Cut & Join\n"},2.079,"Supply","E","set",150,{"v":2995.78,"d":"2,995.78"},{"v":449367.00000000006,"d":"449,367.00"},null,null,{"$error":"#VALUE!"},{"$error":"#VALUE!"},{"$error":"#VALUE!"},null,{"$error":"#VALUE!"},{"$error":"#VALUE!"},null,{"$f":"SUMIFS('[20]WorkDone DATA'!$L:$L,'[20]WorkDone DATA'!$N:$N,BOQ!S$6,'[20]WorkDone DATA'!$G:$G,BOQ!$B163)","v":{"$error":"#VALUE!"}},{"$error":"#VALUE!"},{"$f":"SUMIFS('[20]WorkDone DATA'!$L:$L,'[20]WorkDone DATA'!$N:$N,BOQ!U$6,'[20]WorkDone DATA'!$G:$G,BOQ!$B163)","v":{"$error":"#VALUE!"}},{"$error":"#VALUE!"},null,{"$f":"SUMIFS('[20]WorkDone DATA'!$L:$L,'[20]WorkDone DATA'!$N:$N,BOQ!W$6,'[20]WorkDone DATA'!$G:$G,BOQ!$B163)*$G163","v":{"$error":"#VALUE!"}},null,{"$f":"SUMIFS('[20]WorkDone DATA'!$L:$L,'[20]WorkDone DATA'!$N:$N,BOQ!Y$6,'[20]WorkDone DATA'!$G:$G,BOQ!$B163)*$G163","v":{"$error":"#VALUE!"}},null,{"$f":"SUMIFS('[20]WorkDone DATA'!$L:$L,'[20]WorkDone DATA'!$N:$N,BOQ!AA$6,'[20]WorkDone DATA'!$G:$G,BOQ!$B163)*$G163","v":{"$error":"#VALUE!"}},{"$f":"SUMIFS('[20]WorkDone DATA'!$L:$L,'[20]WorkDone DATA'!$N:$N,BOQ!AB$6,'[20]WorkDone DATA'!$G:$G,BOQ!$B163)*$G163","v":{"$error":"#VALUE!"}},{"$f":"SUMIFS('[20]WorkDone DATA'!$L:$L,'[20]WorkDone DATA'!$N:$N,BOQ!AC$6,'[20]WorkDone DATA'!$G:$G,BOQ!$B163)*$G163","v":{"$error":"#VALUE!"}},{"$f":"SUMIFS('[20]WorkDone DATA'!$L:$L,'[20]WorkDone DATA'!$N:$N,BOQ!AD$6,'[20]WorkDone DATA'!$G:$G,BOQ!$B163)*$G163","v":{"$error":"#VALUE!"}},{"$f":"SUMIFS('[20]WorkDone DATA'!$L:$L,'[20]WorkDone DATA'!$N:$N,BOQ!AE$6,'[20]WorkDone DATA'!$G:$G,BOQ!$B163)*$G163","v":{"$error":"#VALUE!"}},{"$f":"SUMIFS('[20]WorkDone DATA'!$L:$L,'[20]WorkDone DATA'!$N:$N,BOQ!AF$6,'[20]WorkDone DATA'!$G:$G,BOQ!$B163)*$G163","v":{"$error":"#VALUE!"}},{"$f":"SUMIFS('[20]WorkDone DATA'!$L:$L,'[20]WorkDone DATA'!$N:$N,BOQ!AG$6,'[20]WorkDone DATA'!$G:$G,BOQ!$B163)*$G163","v":{"$error":"#VALUE!"}},{"$f":"SUMIFS('[20]WorkDone DATA'!$L:$L,'[20]WorkDone DATA'!$N:$N,BOQ!AH$6,'[20]WorkDone DATA'!$G:$G,BOQ!$B163)*$G163","v":{"$error":"#VALUE!"}},{"$f":"SUMIFS('[20]WorkDone DATA'!$L:$L,'[20]WorkDone DATA'!$N:$N,BOQ!AI$6,'[20]WorkDone DATA'!$G:$G,BOQ!$B163)*$G163","v":{"$error":"#VALUE!"}},{"$f":"SUMIFS('[20]WorkDone DATA'!$L:$L,'[20]WorkDone DATA'!$N:$N,BOQ!AJ$6,'[20]WorkDone DATA'!$G:$G,BOQ!$B163)*$G163","v":{"$error":"#VALUE!"}},{"$f":"SUMIFS('[20]WorkDone DATA'!$L:$L,'[20]WorkDone DATA'!$N:$N,BOQ!AK$6,'[20]WorkDone DATA'!$G:$G,BOQ!$B163)*$G163","v":{"$error":"#VALUE!"}},{"$f":"SUMIFS('[20]WorkDone DATA'!$L:$L,'[20]WorkDone DATA'!$N:$N,BOQ!AL$6,'[20]WorkDone DATA'!$G:$G,BOQ!$B163)*$G163","v":{"$error":"#VALUE!"}},{"$f":"SUMIFS('[20]WorkDone DATA'!$L:$L,'[20]WorkDone DATA'!$N:$N,BOQ!AM$6,'[20]WorkDone DATA'!$G:$G,BOQ!$B163)*$G163","v":{"$error":"#VALUE!"}},{"$f":"SUMIFS('[20]WorkDone DATA'!$L:$L,'[20]WorkDone DATA'!$N:$N,BOQ!AN$6,'[20]WorkDone DATA'!$G:$G,BOQ!$B163)*$G163","v":{"$error":"#VALUE!"}},{"$f":"SUMIFS('[20]WorkDone DATA'!$L:$L,'[20]WorkDone DATA'!$N:$N,BOQ!AO$6,'[20]WorkDone DATA'!$G:$G,BOQ!$B163)*$G163","v":{"$error":"#VALUE!"}},{"$f":"SUMIFS('[20]WorkDone DATA'!$L:$L,'[20]WorkDone DATA'!$N:$N,BOQ!AP$6,'[20]WorkDone DATA'!$G:$G,BOQ!$B163)*$G163","v":{"$error":"#VALUE!"}},{"$f":"SUMIFS('[20]WorkDone DATA'!$L:$L,'[20]WorkDone DATA'!$N:$N,BOQ!AQ$6,'[20]WorkDone DATA'!$G:$G,BOQ!$B163)*$G163","v":{"$error":"#VALUE!"}},{"$f":"SUMIFS('[20]WorkDone DATA'!$L:$L,'[20]WorkDone DATA'!$N:$N,BOQ!AR$6,'[20]WorkDone DATA'!$G:$G,BOQ!$B163)*$G163","v":{"$error":"#VALUE!"}},{"$f":"SUMIFS('[20]WorkDone DATA'!$L:$L,'[20]WorkDone DATA'!$N:$N,BOQ!AS$6,'[20]WorkDone DATA'!$G:$G,BOQ!$B163)*$G163","v":{"$error":"#VALUE!"}},{"$f":"SUMIFS('[20]WorkDone DATA'!$L:$L,'[20]WorkDone DATA'!$N:$N,BOQ!AT$6,'[20]WorkDone DATA'!$G:$G,BOQ!$B163)*$G163","v":{"$error":"#VALUE!"}},{"$f":"SUMIFS('[20]WorkDone DATA'!$L:$L,'[20]WorkDone DATA'!$N:$N,BOQ!AU$6,'[20]WorkDone DATA'!$G:$G,BOQ!$B163)*$G163","v":{"$error":"#VALUE!"}},{"$f":"SUMIFS('[20]WorkDone DATA'!$L:$L,'[20]WorkDone DATA'!$N:$N,BOQ!AV$6,'[20]WorkDone DATA'!$G:$G,BOQ!$B163)*$G163","v":{"$error":"#VALUE!"}},{"$f":"SUMIFS('[20]WorkDone DATA'!$L:$L,'[20]WorkDone DATA'!$N:$N,BOQ!AW$6,'[20]WorkDone DATA'!$G:$G,BOQ!$B163)*$G163","v":{"$error":"#VALUE!"}},{"$f":"SUMIFS('[20]WorkDone DATA'!$L:$L,'[20]WorkDone DATA'!$N:$N,BOQ!AX$6,'[20]WorkDone DATA'!$G:$G,BOQ!$B163)*$G163","v":{"$error":"#VALUE!"}},{"$f":"SUMIFS('[20]WorkDone DATA'!$L:$L,'[20]WorkDone DATA'!$N:$N,BOQ!AY$6,'[20]WorkDone DATA'!$G:$G,BOQ!$B163)*$G163","v":{"$error":"#VALUE!"}},{"$f":"SUMIFS('[20]WorkDone DATA'!$L:$L,'[20]WorkDone DATA'!$N:$N,BOQ!AZ$6,'[20]WorkDone DATA'!$G:$G,BOQ!$B163)*$G163","v":{"$error":"#VALUE!"}},{"$f":"SUMIFS('[20]WorkDone DATA'!$L:$L,'[20]WorkDone DATA'!$N:$N,BOQ!BA$6,'[20]WorkDone DATA'!$G:$G,BOQ!$B163)*$G163","v":{"$error":"#VALUE!"}},{"$f":"SUMIFS('[20]WorkDone DATA'!$L:$L,'[20]WorkDone DATA'!$N:$N,BOQ!BB$6,'[20]WorkDone DATA'!$G:$G,BOQ!$B163)*$G163","v":{"$error":"#VALUE!"}},{"$f":"SUMIFS('[20]WorkDone DATA'!$L:$L,'[20]WorkDone DATA'!$N:$N,BOQ!BC$6,'[20]WorkDone DATA'!$G:$G,BOQ!$B163)*$G163","v":{"$error":"#VALUE!"}},{"$f":"SUMIFS('[20]WorkDone DATA'!$L:$L,'[20]WorkDone DATA'!$N:$N,BOQ!BD$6,'[20]WorkDone DATA'!$G:$G,BOQ!$B163)*$G163","v":{"$error":"#VALUE!"}},{"$f":"SUMIFS('[20]WorkDone DATA'!$L:$L,'[20]WorkDone DATA'!$N:$N,BOQ!BE$6,'[20]WorkDone DATA'!$G:$G,BOQ!$B163)*$G163","v":{"$error":"#VALUE!"}},{"$f":"SUMIFS('[20]WorkDone DATA'!$L:$L,'[20]WorkDone DATA'!$N:$N,BOQ!BF$6,'[20]WorkDone DATA'!$G:$G,BOQ!$B163)*$G163","v":{"$error":"#VALUE!"}},{"$f":"SUMIFS('[20]WorkDone DATA'!$L:$L,'[20]WorkDone DATA'!$N:$N,BOQ!BG$6,'[20]WorkDone DATA'!$G:$G,BOQ!$B163)*$G163","v":{"$error":"#VALUE!"}},{"$f":"SUMIFS('[20]WorkDone DATA'!$L:$L,'[20]WorkDone DATA'!$N:$N,BOQ!BH$6,'[20]WorkDone DATA'!$G:$G,BOQ!$B163)*$G163","v":{"$error":"#VALUE!"}},{"$f":"SUMIFS('[20]WorkDone DATA'!$L:$L,'[20]WorkDone DATA'!$N:$N,BOQ!BI$6,'[20]WorkDone DATA'!$G:$G,BOQ!$B163)*$G163","v":{"$error":"#VALUE!"}},{"$f":"SUMIFS('[20]WorkDone DATA'!$L:$L,'[20]WorkDone DATA'!$N:$N,BOQ!BJ$6,'[20]WorkDone DATA'!$G:$G,BOQ!$B163)*$G163","v":{"$error":"#VALUE!"}},{"$f":"SUMIFS('[20]WorkDone DATA'!$L:$L,'[20]WorkDone DATA'!$N:$N,BOQ!BK$6,'[20]WorkDone DATA'!$G:$G,BOQ!$B163)*$G163","v":{"$error":"#VALUE!"}},{"$f":"SUMIFS('[20]WorkDone DATA'!$L:$L,'[20]WorkDone DATA'!$N:$N,BOQ!BL$6,'[20]WorkDone DATA'!$G:$G,BOQ!$B163)*$G163","v":{"$error":"#VALUE!"}},{"$f":"SUMIFS('[20]WorkDone DATA'!$L:$L,'[20]WorkDone DATA'!$N:$N,BOQ!BM$6,'[20]WorkDone DATA'!$G:$G,BOQ!$B163)*$G163","v":{"$error":"#VALUE!"}},{"$f":"SUMIFS('[20]WorkDone DATA'!$L:$L,'[20]WorkDone DATA'!$N:$N,BOQ!BN$6,'[20]WorkDone DATA'!$G:$G,BOQ!$B163)*$G163","v":{"$error":"#VALUE!"}},{"$f":"SUMIFS('[20]WorkDone DATA'!$L:$L,'[20]WorkDone DATA'!$N:$N,BOQ!BO$6,'[20]WorkDone DATA'!$G:$G,BOQ!$B163)*$G163","v":{"$error":"#VALUE!"}},{"$f":"SUMIFS('[20]WorkDone DATA'!$L:$L,'[20]WorkDone DATA'!$N:$N,BOQ!BP$6,'[20]WorkDone DATA'!$G:$G,BOQ!$B163)*$G163","v":{"$error":"#VALUE!"}},{"$f":"SUMIFS('[20]WorkDone DATA'!$L:$L,'[20]WorkDone DATA'!$N:$N,BOQ!BQ$6,'[20]WorkDone DATA'!$G:$G,BOQ!$B163)*$G163","v":{"$error":"#VALUE!"}},{"$f":"SUMIFS('[20]WorkDone DATA'!$L:$L,'[20]WorkDone DATA'!$N:$N,BOQ!BR$6,'[20]WorkDone DATA'!$G:$G,BOQ!$B163)*$G163","v":{"$error":"#VALUE!"}},{"$f":"SUMIFS('[20]WorkDone DATA'!$L:$L,'[20]WorkDone DATA'!$N:$N,BOQ!BS$6,'[20]WorkDone DATA'!$G:$G,BOQ!$B163)*$G163","v":{"$error":"#VALUE!"}},{"$f":"SUMIFS('[20]WorkDone DATA'!$L:$L,'[20]WorkDone DATA'!$N:$N,BOQ!BT$6,'[20]WorkDone DATA'!$G:$G,BOQ!$B163)*$G163","v":{"$error":"#VALUE!"}},{"$f":"SUMIFS('[20]WorkDone DATA'!$L:$L,'[20]WorkDone DATA'!$N:$N,BOQ!BU$6,'[20]WorkDone DATA'!$G:$G,BOQ!$B163)*$G163","v":{"$error":"#VALUE!"}},{"$f":"SUMIFS('[20]WorkDone DATA'!$L:$L,'[20]WorkDone DATA'!$N:$N,BOQ!BV$6,'[20]WorkDone DATA'!$G:$G,BOQ!$B163)*$G163","v":{"$error":"#VALUE!"}},{"$f":"SUMIFS('[20]WorkDone DATA'!$L:$L,'[20]WorkDone DATA'!$N:$N,BOQ!BW$6,'[20]WorkDone DATA'!$G:$G,BOQ!$B163)*$G163","v":{"$error":"#VALUE!"}},{"$f":"SUMIFS('[20]WorkDone DATA'!$L:$L,'[20]WorkDone DATA'!$N:$N,BOQ!BX$6,'[20]WorkDone DATA'!$G:$G,BOQ!$B163)*$G163","v":{"$error":"#VALUE!"}}]
[{"$f":"C162","v":"150mm2 x 1core (EXX01RCV) 6.35 kV/11kV Cut & Join\n"},{"v":2.08,"d":"2.080"},"Installation","A","set",150,{"v":2325.35,"d":"2,325.35"},{"v":348802.5,"d":"348,802.50"},null,null,{"$error":"#VALUE!"},{"$error":"#VALUE!"},{"$error":"#VALUE!"},null,{"$error":"#VALUE!"},{"$error":"#VALUE!"},null,{"$f":"SUMIFS('[20]WorkDone DATA'!$L:$L,'[20]WorkDone DATA'!$N:$N,BOQ!S$6,'[20]WorkDone DATA'!$G:$G,BOQ!$B164)","v":{"$error":"#VALUE!"}},{"$error":"#VALUE!"},{"$f":"SUMIFS('[20]WorkDone DATA'!$L:$L,'[20]WorkDone DATA'!$N:$N,BOQ!U$6,'[20]WorkDone DATA'!$G:$G,BOQ!$B164)","v":{"$error":"#VALUE!"}},{"$error":"#VALUE!"},null,{"$f":"SUMIFS('[20]WorkDone DATA'!$L:$L,'[20]WorkDone DATA'!$N:$N,BOQ!W$6,'[20]WorkDone DATA'!$G:$G,BOQ!$B164)*$G164","v":{"$error":"#VALUE!"}},null,{"$f":"SUMIFS('[20]WorkDone DATA'!$L:$L,'[20]WorkDone DATA'!$N:$N,BOQ!Y$6,'[20]WorkDone DATA'!$G:$G,BOQ!$B164)*$G164","v":{"$error":"#VALUE!"}},null,{"$f":"SUMIFS('[20]WorkDone DATA'!$L:$L,'[20]WorkDone DATA'!$N:$N,BOQ!AA$6,'[20]WorkDone DATA'!$G:$G,BOQ!$B164)*$G164","v":{"$error":"#VALUE!"}},{"$f":"SUMIFS('[20]WorkDone DATA'!$L:$L,'[20]WorkDone DATA'!$N:$N,BOQ!AB$6,'[20]WorkDone DATA'!$G:$G,BOQ!$B164)*$G164","v":{"$error":"#VALUE!"}},{"$f":"SUMIFS('[20]WorkDone DATA'!$L:$L,'[20]WorkDone DATA'!$N:$N,BOQ!AC$6,'[20]WorkDone DATA'!$G:$G,BOQ!$B164)*$G164","v":{"$error":"#VALUE!"}},{"$f":"SUMIFS('[20]WorkDone DATA'!$L:$L,'[20]WorkDone DATA'!$N:$N,BOQ!AD$6,'[20]WorkDone DATA'!$G:$G,BOQ!$B164)*$G164","v":{"$error":"#VALUE!"}},{"$f":"SUMIFS('[20]WorkDone DATA'!$L:$L,'[20]WorkDone DATA'!$N:$N,BOQ!AE$6,'[20]WorkDone DATA'!$G:$G,BOQ!$B164)*$G164","v":{"$error":"#VALUE!"}},{"$f":"SUMIFS('[20]WorkDone DATA'!$L:$L,'[20]WorkDone DATA'!$N:$N,BOQ!AF$6,'[20]WorkDone DATA'!$G:$G,BOQ!$B164)*$G164","v":{"$error":"#VALUE!"}},{"$f":"SUMIFS('[20]WorkDone DATA'!$L:$L,'[20]WorkDone DATA'!$N:$N,BOQ!AG$6,'[20]WorkDone DATA'!$G:$G,BOQ!$B164)*$G164","v":{"$error":"#VALUE!"}},{"$f":"SUMIFS('[20]WorkDone DATA'!$L:$L,'[20]WorkDone DATA'!$N:$N,BOQ!AH$6,'[20]WorkDone DATA'!$G:$G,BOQ!$B164)*$G164","v":{"$error":"#VALUE!"}},{"$f":"SUMIFS('[20]WorkDone DATA'!$L:$L,'[20]WorkDone DATA'!$N:$N,BOQ!AI$6,'[20]WorkDone DATA'!$G:$G,BOQ!$B164)*$G164","v":{"$error":"#VALUE!"}},{"$f":"SUMIFS('[20]WorkDone DATA'!$L:$L,'[20]WorkDone DATA'!$N:$N,BOQ!AJ$6,'[20]WorkDone DATA'!$G:$G,BOQ!$B164)*$G164","v":{"$error":"#VALUE!"}},{"$f":"SUMIFS('[20]WorkDone DATA'!$L:$L,'[20]WorkDone DATA'!$N:$N,BOQ!AK$6,'[20]WorkDone DATA'!$G:$G,BOQ!$B164)*$G164","v":{"$error":"#VALUE!"}},{"$f":"SUMIFS('[20]WorkDone DATA'!$L:$L,'[20]WorkDone DATA'!$N:$N,BOQ!AL$6,'[20]WorkDone DATA'!$G:$G,BOQ!$B164)*$G164","v":{"$error":"#VALUE!"}},{"$f":"SUMIFS('[20]WorkDone DATA'!$L:$L,'[20]WorkDone DATA'!$N:$N,BOQ!AM$6,'[20]WorkDone DATA'!$G:$G,BOQ!$B164)*$G164","v":{"$error":"#VALUE!"}},{"$f":"SUMIFS('[20]WorkDone DATA'!$L:$L,'[20]WorkDone DATA'!$N:$N,BOQ!AN$6,'[20]WorkDone DATA'!$G:$G,BOQ!$B164)*$G164","v":{"$error":"#VALUE!"}},{"$f":"SUMIFS('[20]WorkDone DATA'!$L:$L,'[20]WorkDone DATA'!$N:$N,BOQ!AO$6,'[20]WorkDone DATA'!$G:$G,BOQ!$B164)*$G164","v":{"$error":"#VALUE!"}},{"$f":"SUMIFS('[20]WorkDone DATA'!$L:$L,'[20]WorkDone DATA'!$N:$N,BOQ!AP$6,'[20]WorkDone DATA'!$G:$G,BOQ!$B164)*$G164","v":{"$error":"#VALUE!"}},{"$f":"SUMIFS('[20]WorkDone DATA'!$L:$L,'[20]WorkDone DATA'!$N:$N,BOQ!AQ$6,'[20]WorkDone DATA'!$G:$G,BOQ!$B164)*$G164","v":{"$error":"#VALUE!"}},{"$f":"SUMIFS('[20]WorkDone DATA'!$L:$L,'[20]WorkDone DATA'!$N:$N,BOQ!AR$6,'[20]WorkDone DATA'!$G:$G,BOQ!$B164)*$G164","v":{"$error":"#VALUE!"}},{"$f":"SUMIFS('[20]WorkDone DATA'!$L:$L,'[20]WorkDone DATA'!$N:$N,BOQ!AS$6,'[20]WorkDone DATA'!$G:$G,BOQ!$B164)*$G164","v":{"$error":"#VALUE!"}},{"$f":"SUMIFS('[20]WorkDone DATA'!$L:$L,'[20]WorkDone DATA'!$N:$N,BOQ!AT$6,'[20]WorkDone DATA'!$G:$G,BOQ!$B164)*$G164","v":{"$error":"#VALUE!"}},{"$f":"SUMIFS('[20]WorkDone DATA'!$L:$L,'[20]WorkDone DATA'!$N:$N,BOQ!AU$6,'[20]WorkDone DATA'!$G:$G,BOQ!$B164)*$G164","v":{"$error":"#VALUE!"}},{"$f":"SUMIFS('[20]WorkDone DATA'!$L:$L,'[20]WorkDone DATA'!$N:$N,BOQ!AV$6,'[20]WorkDone DATA'!$G:$G,BOQ!$B164)*$G164","v":{"$error":"#VALUE!"}},{"$f":"SUMIFS('[20]WorkDone DATA'!$L:$L,'[20]WorkDone DATA'!$N:$N,BOQ!AW$6,'[20]WorkDone DATA'!$G:$G,BOQ!$B164)*$G164","v":{"$error":"#VALUE!"}},{"$f":"SUMIFS('[20]WorkDone DATA'!$L:$L,'[20]WorkDone DATA'!$N:$N,BOQ!AX$6,'[20]WorkDone DATA'!$G:$G,BOQ!$B164)*$G164","v":{"$error":"#VALUE!"}},{"$f":"SUMIFS('[20]WorkDone DATA'!$L:$L,'[20]WorkDone DATA'!$N:$N,BOQ!AY$6,'[20]WorkDone DATA'!$G:$G,BOQ!$B164)*$G164","v":{"$error":"#VALUE!"}},{"$f":"SUMIFS('[20]WorkDone DATA'!$L:$L,'[20]WorkDone DATA'!$N:$N,BOQ!AZ$6,'[20]WorkDone DATA'!$G:$G,BOQ!$B164)*$G164","v":{"$error":"#VALUE!"}},{"$f":"SUMIFS('[20]WorkDone DATA'!$L:$L,'[20]WorkDone DATA'!$N:$N,BOQ!BA$6,'[20]WorkDone DATA'!$G:$G,BOQ!$B164)*$G164","v":{"$error":"#VALUE!"}},{"$f":"SUMIFS('[20]WorkDone DATA'!$L:$L,'[20]WorkDone DATA'!$N:$N,BOQ!BB$6,'[20]WorkDone DATA'!$G:$G,BOQ!$B164)*$G164","v":{"$error":"#VALUE!"}},{"$f":"SUMIFS('[20]WorkDone DATA'!$L:$L,'[20]WorkDone DATA'!$N:$N,BOQ!BC$6,'[20]WorkDone DATA'!$G:$G,BOQ!$B164)*$G164","v":{"$error":"#VALUE!"}},{"$f":"SUMIFS('[20]WorkDone DATA'!$L:$L,'[20]WorkDone DATA'!$N:$N,BOQ!BD$6,'[20]WorkDone DATA'!$G:$G,BOQ!$B164)*$G164","v":{"$error":"#VALUE!"}},{"$f":"SUMIFS('[20]WorkDone DATA'!$L:$L,'[20]WorkDone DATA'!$N:$N,BOQ!BE$6,'[20]WorkDone DATA'!$G:$G,BOQ!$B164)*$G164","v":{"$error":"#VALUE!"}},{"$f":"SUMIFS('[20]WorkDone DATA'!$L:$L,'[20]WorkDone DATA'!$N:$N,BOQ!BF$6,'[20]WorkDone DATA'!$G:$G,BOQ!$B164)*$G164","v":{"$error":"#VALUE!"}},{"$f":"SUMIFS('[20]WorkDone DATA'!$L:$L,'[20]WorkDone DATA'!$N:$N,BOQ!BG$6,'[20]WorkDone DATA'!$G:$G,BOQ!$B164)*$G164","v":{"$error":"#VALUE!"}},{"$f":"SUMIFS('[20]WorkDone DATA'!$L:$L,'[20]WorkDone DATA'!$N:$N,BOQ!BH$6,'[20]WorkDone DATA'!$G:$G,BOQ!$B164)*$G164","v":{"$error":"#VALUE!"}},{"$f":"SUMIFS('[20]WorkDone DATA'!$L:$L,'[20]WorkDone DATA'!$N:$N,BOQ!BI$6,'[20]WorkDone DATA'!$G:$G,BOQ!$B164)*$G164","v":{"$error":"#VALUE!"}},{"$f":"SUMIFS('[20]WorkDone DATA'!$L:$L,'[20]WorkDone DATA'!$N:$N,BOQ!BJ$6,'[20]WorkDone DATA'!$G:$G,BOQ!$B164)*$G164","v":{"$error":"#VALUE!"}},{"$f":"SUMIFS('[20]WorkDone DATA'!$L:$L,'[20]WorkDone DATA'!$N:$N,BOQ!BK$6,'[20]WorkDone DATA'!$G:$G,BOQ!$B164)*$G164","v":{"$error":"#VALUE!"}},{"$f":"SUMIFS('[20]WorkDone DATA'!$L:$L,'[20]WorkDone DATA'!$N:$N,BOQ!BL$6,'[20]WorkDone DATA'!$G:$G,BOQ!$B164)*$G164","v":{"$error":"#VALUE!"}},{"$f":"SUMIFS('[20]WorkDone DATA'!$L:$L,'[20]WorkDone DATA'!$N:$N,BOQ!BM$6,'[20]WorkDone DATA'!$G:$G,BOQ!$B164)*$G164","v":{"$error":"#VALUE!"}},{"$f":"SUMIFS('[20]WorkDone DATA'!$L:$L,'[20]WorkDone DATA'!$N:$N,BOQ!BN$6,'[20]WorkDone DATA'!$G:$G,BOQ!$B164)*$G164","v":{"$error":"#VALUE!"}},{"$f":"SUMIFS('[20]WorkDone DATA'!$L:$L,'[20]WorkDone DATA'!$N:$N,BOQ!BO$6,'[20]WorkDone DATA'!$G:$G,BOQ!$B164)*$G164","v":{"$error":"#VALUE!"}},{"$f":"SUMIFS('[20]WorkDone DATA'!$L:$L,'[20]WorkDone DATA'!$N:$N,BOQ!BP$6,'[20]WorkDone DATA'!$G:$G,BOQ!$B164)*$G164","v":{"$error":"#VALUE!"}},{"$f":"SUMIFS('[20]WorkDone DATA'!$L:$L,'[20]WorkDone DATA'!$N:$N,BOQ!BQ$6,'[20]WorkDone DATA'!$G:$G,BOQ!$B164)*$G164","v":{"$error":"#VALUE!"}},{"$f":"SUMIFS('[20]WorkDone DATA'!$L:$L,'[20]WorkDone DATA'!$N:$N,BOQ!BR$6,'[20]WorkDone DATA'!$G:$G,BOQ!$B164)*$G164","v":{"$error":"#VALUE!"}},{"$f":"SUMIFS('[20]WorkDone DATA'!$L:$L,'[20]WorkDone DATA'!$N:$N,BOQ!BS$6,'[20]WorkDone DATA'!$G:$G,BOQ!$B164)*$G164","v":{"$error":"#VALUE!"}},{"$f":"SUMIFS('[20]WorkDone DATA'!$L:$L,'[20]WorkDone DATA'!$N:$N,BOQ!BT$6,'[20]WorkDone DATA'!$G:$G,BOQ!$B164)*$G164","v":{"$error":"#VALUE!"}},{"$f":"SUMIFS('[20]WorkDone DATA'!$L:$L,'[20]WorkDone DATA'!$N:$N,BOQ!BU$6,'[20]WorkDone DATA'!$G:$G,BOQ!$B164)*$G164","v":{"$error":"#VALUE!"}},{"$f":"SUMIFS('[20]WorkDone DATA'!$L:$L,'[20]WorkDone DATA'!$N:$N,BOQ!BV$6,'[20]WorkDone DATA'!$G:$G,BOQ!$B164)*$G164","v":{"$error":"#VALUE!"}},{"$f":"SUMIFS('[20]WorkDone DATA'!$L:$L,'[20]WorkDone DATA'!$N:$N,BOQ!BW$6,'[20]WorkDone DATA'!$G:$G,BOQ!$B164)*$G164","v":{"$error":"#VALUE!"}},{"$f":"SUMIFS('[20]WorkDone DATA'!$L:$L,'[20]WorkDone DATA'!$N:$N,BOQ!BX$6,'[20]WorkDone DATA'!$G:$G,BOQ!$B164)*$G164","v":{"$error":"#VALUE!"}}]
[null,null,"95mm2 x 3core (EXX03PCV) 6.35 kV/11kV ",{"$nulls":4},0,{"$nulls":3},{"$error":"#VALUE!"},{"$error":"#VALUE!"},null,0,{"$error":"#VALUE!"},null,{"$f":"SUMIFS('[20]WorkDone DATA'!$L:$L,'[20]WorkDone DATA'!$N:$N,BOQ!S$6,'[20]WorkDone DATA'!$G:$G,BOQ!$B165)","v":{"$error":"#VALUE!"}},{"$error":"#VALUE!"},{"$f":"SUMIFS('[20]WorkDone DATA'!$L:$L,'[20]WorkDone DATA'!$N:$N,BOQ!U$6,'[20]WorkDone DATA'!$G:$G,BOQ!$B165)","v":{"$error":"#VALUE!"}},{"$error":"#VALUE!"},null,{"$f":"SUMIFS('[20]WorkDone DATA'!$L:$L,'[20]WorkDone DATA'!$N:$N,BOQ!W$6,'[20]WorkDone DATA'!$G:$G,BOQ!$B165)*$G165","v":{"$error":"#VALUE!"}},null,{"$f":"SUMIFS('[20]WorkDone DATA'!$L:$L,'[20]WorkDone DATA'!$N:$N,BOQ!Y$6,'[20]WorkDone DATA'!$G:$G,BOQ!$B165)*$G165","v":{"$error":"#VALUE!"}},null,{"$f":"SUMIFS('[20]WorkDone DATA'!$L:$L,'[20]WorkDone DATA'!$N:$N,BOQ!AA$6,'[20]WorkDone DATA'!$G:$G,BOQ!$B165)*$G165","v":{"$error":"#VALUE!"}},{"$f":"SUMIFS('[20]WorkDone DATA'!$L:$L,'[20]WorkDone DATA'!$N:$N,BOQ!AB$6,'[20]WorkDone DATA'!$G:$G,BOQ!$B165)*$G165","v":{"$error":"#VALUE!"}},{"$f":"SUMIFS('[20]WorkDone DATA'!$L:$L,'[20]WorkDone DATA'!$N:$N,BOQ!AC$6,'[20]WorkDone DATA'!$G:$G,BOQ!$B165)*$G165","v":{"$error":"#VALUE!"}},{"$f":"SUMIFS('[20]WorkDone DATA'!$L:$L,'[20]WorkDone DATA'!$N:$N,BOQ!AD$6,'[20]WorkDone DATA'!$G:$G,BOQ!$B165)*$G165","v":{"$error":"#VALUE!"}},{"$f":"SUMIFS('[20]WorkDone DATA'!$L:$L,'[20]WorkDone DATA'!$N:$N,BOQ!AE$6,'[20]WorkDone DATA'!$G:$G,BOQ!$B165)*$G165","v":{"$error":"#VALUE!"}},{"$f":"SUMIFS('[20]WorkDone DATA'!$L:$L,'[20]WorkDone DATA'!$N:$N,BOQ!AF$6,'[20]WorkDone DATA'!$G:$G,BOQ!$B165)*$G165","v":{"$error":"#VALUE!"}},{"$f":"SUMIFS('[20]WorkDone DATA'!$L:$L,'[20]WorkDone DATA'!$N:$N,BOQ!AG$6,'[20]WorkDone DATA'!$G:$G,BOQ!$B165)*$G165","v":{"$error":"#VALUE!"}},{"$f":"SUMIFS('[20]WorkDone DATA'!$L:$L,'[20]WorkDone DATA'!$N:$N,BOQ!AH$6,'[20]WorkDone DATA'!$G:$G,BOQ!$B165)*$G165","v":{"$error":"#VALUE!"}},{"$f":"SUMIFS('[20]WorkDone DATA'!$L:$L,'[20]WorkDone DATA'!$N:$N,BOQ!AI$6,'[20]WorkDone DATA'!$G:$G,BOQ!$B165)*$G165","v":{"$error":"#VALUE!"}},{"$f":"SUMIFS('[20]WorkDone DATA'!$L:$L,'[20]WorkDone DATA'!$N:$N,BOQ!AJ$6,'[20]WorkDone DATA'!$G:$G,BOQ!$B165)*$G165","v":{"$error":"#VALUE!"}},{"$f":"SUMIFS('[20]WorkDone DATA'!$L:$L,'[20]WorkDone DATA'!$N:$N,BOQ!AK$6,'[20]WorkDone DATA'!$G:$G,BOQ!$B165)*$G165","v":{"$error":"#VALUE!"}},{"$f":"SUMIFS('[20]WorkDone DATA'!$L:$L,'[20]WorkDone DATA'!$N:$N,BOQ!AL$6,'[20]WorkDone DATA'!$G:$G,BOQ!$B165)*$G165","v":{"$error":"#VALUE!"}},{"$f":"SUMIFS('[20]WorkDone DATA'!$L:$L,'[20]WorkDone DATA'!$N:$N,BOQ!AM$6,'[20]WorkDone DATA'!$G:$G,BOQ!$B165)*$G165","v":{"$error":"#VALUE!"}},{"$f":"SUMIFS('[20]WorkDone DATA'!$L:$L,'[20]WorkDone DATA'!$N:$N,BOQ!AN$6,'[20]WorkDone DATA'!$G:$G,BOQ!$B165)*$G165","v":{"$error":"#VALUE!"}},{"$f":"SUMIFS('[20]WorkDone DATA'!$L:$L,'[20]WorkDone DATA'!$N:$N,BOQ!AO$6,'[20]WorkDone DATA'!$G:$G,BOQ!$B165)*$G165","v":{"$error":"#VALUE!"}},{"$f":"SUMIFS('[20]WorkDone DATA'!$L:$L,'[20]WorkDone DATA'!$N:$N,BOQ!AP$6,'[20]WorkDone DATA'!$G:$G,BOQ!$B165)*$G165","v":{"$error":"#VALUE!"}},{"$f":"SUMIFS('[20]WorkDone DATA'!$L:$L,'[20]WorkDone DATA'!$N:$N,BOQ!AQ$6,'[20]WorkDone DATA'!$G:$G,BOQ!$B165)*$G165","v":{"$error":"#VALUE!"}},{"$f":"SUMIFS('[20]WorkDone DATA'!$L:$L,'[20]WorkDone DATA'!$N:$N,BOQ!AR$6,'[20]WorkDone DATA'!$G:$G,BOQ!$B165)*$G165","v":{"$error":"#VALUE!"}},{"$f":"SUMIFS('[20]WorkDone DATA'!$L:$L,'[20]WorkDone DATA'!$N:$N,BOQ!AS$6,'[20]WorkDone DATA'!$G:$G,BOQ!$B165)*$G165","v":{"$error":"#VALUE!"}},{"$f":"SUMIFS('[20]WorkDone DATA'!$L:$L,'[20]WorkDone DATA'!$N:$N,BOQ!AT$6,'[20]WorkDone DATA'!$G:$G,BOQ!$B165)*$G165","v":{"$error":"#VALUE!"}},{"$f":"SUMIFS('[20]WorkDone DATA'!$L:$L,'[20]WorkDone DATA'!$N:$N,BOQ!AU$6,'[20]WorkDone DATA'!$G:$G,BOQ!$B165)*$G165","v":{"$error":"#VALUE!"}},{"$f":"SUMIFS('[20]WorkDone DATA'!$L:$L,'[20]WorkDone DATA'!$N:$N,BOQ!AV$6,'[20]WorkDone DATA'!$G:$G,BOQ!$B165)*$G165","v":{"$error":"#VALUE!"}},{"$f":"SUMIFS('[20]WorkDone DATA'!$L:$L,'[20]WorkDone DATA'!$N:$N,BOQ!AW$6,'[20]WorkDone DATA'!$G:$G,BOQ!$B165)*$G165","v":{"$error":"#VALUE!"}},{"$f":"SUMIFS('[20]WorkDone DATA'!$L:$L,'[20]WorkDone DATA'!$N:$N,BOQ!AX$6,'[20]WorkDone DATA'!$G:$G,BOQ!$B165)*$G165","v":{"$error":"#VALUE!"}},{"$f":"SUMIFS('[20]WorkDone DATA'!$L:$L,'[20]WorkDone DATA'!$N:$N,BOQ!AY$6,'[20]WorkDone DATA'!$G:$G,BOQ!$B165)*$G165","v":{"$error":"#VALUE!"}},{"$f":"SUMIFS('[20]WorkDone DATA'!$L:$L,'[20]WorkDone DATA'!$N:$N,BOQ!AZ$6,'[20]WorkDone DATA'!$G:$G,BOQ!$B165)*$G165","v":{"$error":"#VALUE!"}},{"$f":"SUMIFS('[20]WorkDone DATA'!$L:$L,'[20]WorkDone DATA'!$N:$N,BOQ!BA$6,'[20]WorkDone DATA'!$G:$G,BOQ!$B165)*$G165","v":{"$error":"#VALUE!"}},{"$f":"SUMIFS('[20]WorkDone DATA'!$L:$L,'[20]WorkDone DATA'!$N:$N,BOQ!BB$6,'[20]WorkDone DATA'!$G:$G,BOQ!$B165)*$G165","v":{"$error":"#VALUE!"}},{"$f":"SUMIFS('[20]WorkDone DATA'!$L:$L,'[20]WorkDone DATA'!$N:$N,BOQ!BC$6,'[20]WorkDone DATA'!$G:$G,BOQ!$B165)*$G165","v":{"$error":"#VALUE!"}},{"$f":"SUMIFS('[20]WorkDone DATA'!$L:$L,'[20]WorkDone DATA'!$N:$N,BOQ!BD$6,'[20]WorkDone DATA'!$G:$G,BOQ!$B165)*$G165","v":{"$error":"#VALUE!"}},{"$f":"SUMIFS('[20]WorkDone DATA'!$L:$L,'[20]WorkDone DATA'!$N:$N,BOQ!BE$6,'[20]WorkDone DATA'!$G:$G,BOQ!$B165)*$G165","v":{"$error":"#VALUE!"}},{"$f":"SUMIFS('[20]WorkDone DATA'!$L:$L,'[20]WorkDone DATA'!$N:$N,BOQ!BF$6,'[20]WorkDone DATA'!$G:$G,BOQ!$B165)*$G165","v":{"$error":"#VALUE!"}},{"$f":"SUMIFS('[20]WorkDone DATA'!$L:$L,'[20]WorkDone DATA'!$N:$N,BOQ!BG$6,'[20]WorkDone DATA'!$G:$G,BOQ!$B165)*$G165","v":{"$error":"#VALUE!"}},{"$f":"SUMIFS('[20]WorkDone DATA'!$L:$L,'[20]WorkDone DATA'!$N:$N,BOQ!BH$6,'[20]WorkDone DATA'!$G:$G,BOQ!$B165)*$G165","v":{"$error":"#VALUE!"}},{"$f":"SUMIFS('[20]WorkDone DATA'!$L:$L,'[20]WorkDone DATA'!$N:$N,BOQ!BI$6,'[20]WorkDone DATA'!$G:$G,BOQ!$B165)*$G165","v":{"$error":"#VALUE!"}},{"$f":"SUMIFS('[20]WorkDone DATA'!$L:$L,'[20]WorkDone DATA'!$N:$N,BOQ!BJ$6,'[20]WorkDone DATA'!$G:$G,BOQ!$B165)*$G165","v":{"$error":"#VALUE!"}},{"$f":"SUMIFS('[20]WorkDone DATA'!$L:$L,'[20]WorkDone DATA'!$N:$N,BOQ!BK$6,'[20]WorkDone DATA'!$G:$G,BOQ!$B165)*$G165","v":{"$error":"#VALUE!"}},{"$f":"SUMIFS('[20]WorkDone DATA'!$L:$L,'[20]WorkDone DATA'!$N:$N,BOQ!BL$6,'[20]WorkDone DATA'!$G:$G,BOQ!$B165)*$G165","v":{"$error":"#VALUE!"}},{"$f":"SUMIFS('[20]WorkDone DATA'!$L:$L,'[20]WorkDone DATA'!$N:$N,BOQ!BM$6,'[20]WorkDone DATA'!$G:$G,BOQ!$B165)*$G165","v":{"$error":"#VALUE!"}},{"$f":"SUMIFS('[20]WorkDone DATA'!$L:$L,'[20]WorkDone DATA'!$N:$N,BOQ!BN$6,'[20]WorkDone DATA'!$G:$G,BOQ!$B165)*$G165","v":{"$error":"#VALUE!"}},{"$f":"SUMIFS('[20]WorkDone DATA'!$L:$L,'[20]WorkDone DATA'!$N:$N,BOQ!BO$6,'[20]WorkDone DATA'!$G:$G,BOQ!$B165)*$G165","v":{"$error":"#VALUE!"}},{"$f":"SUMIFS('[20]WorkDone DATA'!$L:$L,'[20]WorkDone DATA'!$N:$N,BOQ!BP$6,'[20]WorkDone DATA'!$G:$G,BOQ!$B165)*$G165","v":{"$error":"#VALUE!"}},{"$f":"SUMIFS('[20]WorkDone DATA'!$L:$L,'[20]WorkDone DATA'!$N:$N,BOQ!BQ$6,'[20]WorkDone DATA'!$G:$G,BOQ!$B165)*$G165","v":{"$error":"#VALUE!"}},{"$f":"SUMIFS('[20]WorkDone DATA'!$L:$L,'[20]WorkDone DATA'!$N:$N,BOQ!BR$6,'[20]WorkDone DATA'!$G:$G,BOQ!$B165)*$G165","v":{"$error":"#VALUE!"}},{"$f":"SUMIFS('[20]WorkDone DATA'!$L:$L,'[20]WorkDone DATA'!$N:$N,BOQ!BS$6,'[20]WorkDone DATA'!$G:$G,BOQ!$B165)*$G165","v":{"$error":"#VALUE!"}},{"$f":"SUMIFS('[20]WorkDone DATA'!$L:$L,'[20]WorkDone DATA'!$N:$N,BOQ!BT$6,'[20]WorkDone DATA'!$G:$G,BOQ!$B165)*$G165","v":{"$error":"#VALUE!"}},{"$f":"SUMIFS('[20]WorkDone DATA'!$L:$L,'[20]WorkDone DATA'!$N:$N,BOQ!BU$6,'[20]WorkDone DATA'!$G:$G,BOQ!$B165)*$G165","v":{"$error":"#VALUE!"}},{"$f":"SUMIFS('[20]WorkDone DATA'!$L:$L,'[20]WorkDone DATA'!$N:$N,BOQ!BV$6,'[20]WorkDone DATA'!$G:$G,BOQ!$B165)*$G165","v":{"$error":"#VALUE!"}},{"$f":"SUMIFS('[20]WorkDone DATA'!$L:$L,'[20]WorkDone DATA'!$N:$N,BOQ!BW$6,'[20]WorkDone DATA'!$G:$G,BOQ!$B165)*$G165","v":{"$error":"#VALUE!"}},{"$f":"SUMIFS('[20]WorkDone DATA'!$L:$L,'[20]WorkDone DATA'!$N:$N,BOQ!BX$6,'[20]WorkDone DATA'!$G:$G,BOQ!$B165)*$G165","v":{"$error":"#VALUE!"}}]
[{"$f":"C165","v":"95mm2 x 3core (EXX03PCV) 6.35 kV/11kV "},2.081,"Supply","E","set",8,{"v":3735.24,"d":"3,735.24"},{"v":29881.92,"d":"29,881.92"},null,null,{"$error":"#VALUE!"},{"$error":"#VALUE!"},{"$error":"#VALUE!"},null,{"$error":"#VALUE!"},{"$error":"#VALUE!"},null,{"$f":"SUMIFS('[20]WorkDone DATA'!$L:$L,'[20]WorkDone DATA'!$N:$N,BOQ!S$6,'[20]WorkDone DATA'!$G:$G,BOQ!$B166)","v":{"$error":"#VALUE!"}},{"$error":"#VALUE!"},{"$f":"SUMIFS('[20]WorkDone DATA'!$L:$L,'[20]WorkDone DATA'!$N:$N,BOQ!U$6,'[20]WorkDone DATA'!$G:$G,BOQ!$B166)","v":{"$error":"#VALUE!"}},{"$error":"#VALUE!"},null,{"$f":"SUMIFS('[20]WorkDone DATA'!$L:$L,'[20]WorkDone DATA'!$N:$N,BOQ!W$6,'[20]WorkDone DATA'!$G:$G,BOQ!$B166)*$G166","v":{"$error":"#VALUE!"}},null,{"$f":"SUMIFS('[20]WorkDone DATA'!$L:$L,'[20]WorkDone DATA'!$N:$N,BOQ!Y$6,'[20]WorkDone DATA'!$G:$G,BOQ!$B166)*$G166","v":{"$error":"#VALUE!"}},null,{"$f":"SUMIFS('[20]WorkDone DATA'!$L:$L,'[20]WorkDone DATA'!$N:$N,BOQ!AA$6,'[20]WorkDone DATA'!$G:$G,BOQ!$B166)*$G166","v":{"$error":"#VALUE!"}},{"$f":"SUMIFS('[20]WorkDone DATA'!$L:$L,'[20]WorkDone DATA'!$N:$N,BOQ!AB$6,'[20]WorkDone DATA'!$G:$G,BOQ!$B166)*$G166","v":{"$error":"#VALUE!"}},{"$f":"SUMIFS('[20]WorkDone DATA'!$L:$L,'[20]WorkDone DATA'!$N:$N,BOQ!AC$6,'[20]WorkDone DATA'!$G:$G,BOQ!$B166)*$G166","v":{"$error":"#VALUE!"}},{"$f":"SUMIFS('[20]WorkDone DATA'!$L:$L,'[20]WorkDone DATA'!$N:$N,BOQ!AD$6,'[20]WorkDone DATA'!$G:$G,BOQ!$B166)*$G166","v":{"$error":"#VALUE!"}},{"$f":"SUMIFS('[20]WorkDone DATA'!$L:$L,'[20]WorkDone DATA'!$N:$N,BOQ!AE$6,'[20]WorkDone DATA'!$G:$G,BOQ!$B166)*$G166","v":{"$error":"#VALUE!"}},{"$f":"SUMIFS('[20]WorkDone DATA'!$L:$L,'[20]WorkDone DATA'!$N:$N,BOQ!AF$6,'[20]WorkDone DATA'!$G:$G,BOQ!$B166)*$G166","v":{"$error":"#VALUE!"}},{"$f":"SUMIFS('[20]WorkDone DATA'!$L:$L,'[20]WorkDone DATA'!$N:$N,BOQ!AG$6,'[20]WorkDone DATA'!$G:$G,BOQ!$B166)*$G166","v":{"$error":"#VALUE!"}},{"$f":"SUMIFS('[20]WorkDone DATA'!$L:$L,'[20]WorkDone DATA'!$N:$N,BOQ!AH$6,'[20]WorkDone DATA'!$G:$G,BOQ!$B166)*$G166","v":{"$error":"#VALUE!"}},{"$f":"SUMIFS('[20]WorkDone DATA'!$L:$L,'[20]WorkDone DATA'!$N:$N,BOQ!AI$6,'[20]WorkDone DATA'!$G:$G,BOQ!$B166)*$G166","v":{"$error":"#VALUE!"}},{"$f":"SUMIFS('[20]WorkDone DATA'!$L:$L,'[20]WorkDone DATA'!$N:$N,BOQ!AJ$6,'[20]WorkDone DATA'!$G:$G,BOQ!$B166)*$G166","v":{"$error":"#VALUE!"}},{"$f":"SUMIFS('[20]WorkDone DATA'!$L:$L,'[20]WorkDone DATA'!$N:$N,BOQ!AK$6,'[20]WorkDone DATA'!$G:$G,BOQ!$B166)*$G166","v":{"$error":"#VALUE!"}},{"$f":"SUMIFS('[20]WorkDone DATA'!$L:$L,'[20]WorkDone DATA'!$N:$N,BOQ!AL$6,'[20]WorkDone DATA'!$G:$G,BOQ!$B166)*$G166","v":{"$error":"#VALUE!"}},{"$f":"SUMIFS('[20]WorkDone DATA'!$L:$L,'[20]WorkDone DATA'!$N:$N,BOQ!AM$6,'[20]WorkDone DATA'!$G:$G,BOQ!$B166)*$G166","v":{"$error":"#VALUE!"}},{"$f":"SUMIFS('[20]WorkDone DATA'!$L:$L,'[20]WorkDone DATA'!$N:$N,BOQ!AN$6,'[20]WorkDone DATA'!$G:$G,BOQ!$B166)*$G166","v":{"$error":"#VALUE!"}},{"$f":"SUMIFS('[20]WorkDone DATA'!$L:$L,'[20]WorkDone DATA'!$N:$N,BOQ!AO$6,'[20]WorkDone DATA'!$G:$G,BOQ!$B166)*$G166","v":{"$error":"#VALUE!"}},{"$f":"SUMIFS('[20]WorkDone DATA'!$L:$L,'[20]WorkDone DATA'!$N:$N,BOQ!AP$6,'[20]WorkDone DATA'!$G:$G,BOQ!$B166)*$G166","v":{"$error":"#VALUE!"}},{"$f":"SUMIFS('[20]WorkDone DATA'!$L:$L,'[20]WorkDone DATA'!$N:$N,BOQ!AQ$6,'[20]WorkDone DATA'!$G:$G,BOQ!$B166)*$G166","v":{"$error":"#VALUE!"}},{"$f":"SUMIFS('[20]WorkDone DATA'!$L:$L,'[20]WorkDone DATA'!$N:$N,BOQ!AR$6,'[20]WorkDone DATA'!$G:$G,BOQ!$B166)*$G166","v":{"$error":"#VALUE!"}},{"$f":"SUMIFS('[20]WorkDone DATA'!$L:$L,'[20]WorkDone DATA'!$N:$N,BOQ!AS$6,'[20]WorkDone DATA'!$G:$G,BOQ!$B166)*$G166","v":{"$error":"#VALUE!"}},{"$f":"SUMIFS('[20]WorkDone DATA'!$L:$L,'[20]WorkDone DATA'!$N:$N,BOQ!AT$6,'[20]WorkDone DATA'!$G:$G,BOQ!$B166)*$G166","v":{"$error":"#VALUE!"}},{"$f":"SUMIFS('[20]WorkDone DATA'!$L:$L,'[20]WorkDone DATA'!$N:$N,BOQ!AU$6,'[20]WorkDone DATA'!$G:$G,BOQ!$B166)*$G166","v":{"$error":"#VALUE!"}},{"$f":"SUMIFS('[20]WorkDone DATA'!$L:$L,'[20]WorkDone DATA'!$N:$N,BOQ!AV$6,'[20]WorkDone DATA'!$G:$G,BOQ!$B166)*$G166","v":{"$error":"#VALUE!"}},{"$f":"SUMIFS('[20]WorkDone DATA'!$L:$L,'[20]WorkDone DATA'!$N:$N,BOQ!AW$6,'[20]WorkDone DATA'!$G:$G,BOQ!$B166)*$G166","v":{"$error":"#VALUE!"}},{"$f":"SUMIFS('[20]WorkDone DATA'!$L:$L,'[20]WorkDone DATA'!$N:$N,BOQ!AX$6,'[20]WorkDone DATA'!$G:$G,BOQ!$B166)*$G166","v":{"$error":"#VALUE!"}},{"$f":"SUMIFS('[20]WorkDone DATA'!$L:$L,'[20]WorkDone DATA'!$N:$N,BOQ!AY$6,'[20]WorkDone DATA'!$G:$G,BOQ!$B166)*$G166","v":{"$error":"#VALUE!"}},{"$f":"SUMIFS('[20]WorkDone DATA'!$L:$L,'[20]WorkDone DATA'!$N:$N,BOQ!AZ$6,'[20]WorkDone DATA'!$G:$G,BOQ!$B166)*$G166","v":{"$error":"#VALUE!"}},{"$f":"SUMIFS('[20]WorkDone DATA'!$L:$L,'[20]WorkDone DATA'!$N:$N,BOQ!BA$6,'[20]WorkDone DATA'!$G:$G,BOQ!$B166)*$G166","v":{"$error":"#VALUE!"}},{"$f":"SUMIFS('[20]WorkDone DATA'!$L:$L,'[20]WorkDone DATA'!$N:$N,BOQ!BB$6,'[20]WorkDone DATA'!$G:$G,BOQ!$B166)*$G166","v":{"$error":"#VALUE!"}},{"$f":"SUMIFS('[20]WorkDone DATA'!$L:$L,'[20]WorkDone DATA'!$N:$N,BOQ!BC$6,'[20]WorkDone DATA'!$G:$G,BOQ!$B166)*$G166","v":{"$error":"#VALUE!"}},{"$f":"SUMIFS('[20]WorkDone DATA'!$L:$L,'[20]WorkDone DATA'!$N:$N,BOQ!BD$6,'[20]WorkDone DATA'!$G:$G,BOQ!$B166)*$G166","v":{"$error":"#VALUE!"}},{"$f":"SUMIFS('[20]WorkDone DATA'!$L:$L,'[20]WorkDone DATA'!$N:$N,BOQ!BE$6,'[20]WorkDone DATA'!$G:$G,BOQ!$B166)*$G166","v":{"$error":"#VALUE!"}},{"$f":"SUMIFS('[20]WorkDone DATA'!$L:$L,'[20]WorkDone DATA'!$N:$N,BOQ!BF$6,'[20]WorkDone DATA'!$G:$G,BOQ!$B166)*$G166","v":{"$error":"#VALUE!"}},{"$f":"SUMIFS('[20]WorkDone DATA'!$L:$L,'[20]WorkDone DATA'!$N:$N,BOQ!BG$6,'[20]WorkDone DATA'!$G:$G,BOQ!$B166)*$G166","v":{"$error":"#VALUE!"}},{"$f":"SUMIFS('[20]WorkDone DATA'!$L:$L,'[20]WorkDone DATA'!$N:$N,BOQ!BH$6,'[20]WorkDone DATA'!$G:$G,BOQ!$B166)*$G166","v":{"$error":"#VALUE!"}},{"$f":"SUMIFS('[20]WorkDone DATA'!$L:$L,'[20]WorkDone DATA'!$N:$N,BOQ!BI$6,'[20]WorkDone DATA'!$G:$G,BOQ!$B166)*$G166","v":{"$error":"#VALUE!"}},{"$f":"SUMIFS('[20]WorkDone DATA'!$L:$L,'[20]WorkDone DATA'!$N:$N,BOQ!BJ$6,'[20]WorkDone DATA'!$G:$G,BOQ!$B166)*$G166","v":{"$error":"#VALUE!"}},{"$f":"SUMIFS('[20]WorkDone DATA'!$L:$L,'[20]WorkDone DATA'!$N:$N,BOQ!BK$6,'[20]WorkDone DATA'!$G:$G,BOQ!$B166)*$G166","v":{"$error":"#VALUE!"}},{"$f":"SUMIFS('[20]WorkDone DATA'!$L:$L,'[20]WorkDone DATA'!$N:$N,BOQ!BL$6,'[20]WorkDone DATA'!$G:$G,BOQ!$B166)*$G166","v":{"$error":"#VALUE!"}},{"$f":"SUMIFS('[20]WorkDone DATA'!$L:$L,'[20]WorkDone DATA'!$N:$N,BOQ!BM$6,'[20]WorkDone DATA'!$G:$G,BOQ!$B166)*$G166","v":{"$error":"#VALUE!"}},{"$f":"SUMIFS('[20]WorkDone DATA'!$L:$L,'[20]WorkDone DATA'!$N:$N,BOQ!BN$6,'[20]WorkDone DATA'!$G:$G,BOQ!$B166)*$G166","v":{"$error":"#VALUE!"}},{"$f":"SUMIFS('[20]WorkDone DATA'!$L:$L,'[20]WorkDone DATA'!$N:$N,BOQ!BO$6,'[20]WorkDone DATA'!$G:$G,BOQ!$B166)*$G166","v":{"$error":"#VALUE!"}},{"$f":"SUMIFS('[20]WorkDone DATA'!$L:$L,'[20]WorkDone DATA'!$N:$N,BOQ!BP$6,'[20]WorkDone DATA'!$G:$G,BOQ!$B166)*$G166","v":{"$error":"#VALUE!"}},{"$f":"SUMIFS('[20]WorkDone DATA'!$L:$L,'[20]WorkDone DATA'!$N:$N,BOQ!BQ$6,'[20]WorkDone DATA'!$G:$G,BOQ!$B166)*$G166","v":{"$error":"#VALUE!"}},{"$f":"SUMIFS('[20]WorkDone DATA'!$L:$L,'[20]WorkDone DATA'!$N:$N,BOQ!BR$6,'[20]WorkDone DATA'!$G:$G,BOQ!$B166)*$G166","v":{"$error":"#VALUE!"}},{"$f":"SUMIFS('[20]WorkDone DATA'!$L:$L,'[20]WorkDone DATA'!$N:$N,BOQ!BS$6,'[20]WorkDone DATA'!$G:$G,BOQ!$B166)*$G166","v":{"$error":"#VALUE!"}},{"$f":"SUMIFS('[20]WorkDone DATA'!$L:$L,'[20]WorkDone DATA'!$N:$N,BOQ!BT$6,'[20]WorkDone DATA'!$G:$G,BOQ!$B166)*$G166","v":{"$error":"#VALUE!"}},{"$f":"SUMIFS('[20]WorkDone DATA'!$L:$L,'[20]WorkDone DATA'!$N:$N,BOQ!BU$6,'[20]WorkDone DATA'!$G:$G,BOQ!$B166)*$G166","v":{"$error":"#VALUE!"}},{"$f":"SUMIFS('[20]WorkDone DATA'!$L:$L,'[20]WorkDone DATA'!$N:$N,BOQ!BV$6,'[20]WorkDone DATA'!$G:$G,BOQ!$B166)*$G166","v":{"$error":"#VALUE!"}},{"$f":"SUMIFS('[20]WorkDone DATA'!$L:$L,'[20]WorkDone DATA'!$N:$N,BOQ!BW$6,'[20]WorkDone DATA'!$G:$G,BOQ!$B166)*$G166","v":{"$error":"#VALUE!"}},{"$f":"SUMIFS('[20]WorkDone DATA'!$L:$L,'[20]WorkDone DATA'!$N:$N,BOQ!BX$6,'[20]WorkDone DATA'!$G:$G,BOQ!$B166)*$G166","v":{"$error":"#VALUE!"}}]
[{"$f":"C165","v":"95mm2 x 3core (EXX03PCV) 6.35 kV/11kV "},2.082,"Installation","A","set",8,{"v":4613.92,"d":"4,613.92"},{"v":36911.36,"d":"36,911.36"},null,null,{"$error":"#VALUE!"},{"$error":"#VALUE!"},{"$error":"#VALUE!"},null,{"$error":"#VALUE!"},{"$error":"#VALUE!"},null,{"$f":"SUMIFS('[20]WorkDone DATA'!$L:$L,'[20]WorkDone DATA'!$N:$N,BOQ!S$6,'[20]WorkDone DATA'!$G:$G,BOQ!$B167)","v":{"$error":"#VALUE!"}},{"$error":"#VALUE!"},{"$f":"SUMIFS('[20]WorkDone DATA'!$L:$L,'[20]WorkDone DATA'!$N:$N,BOQ!U$6,'[20]WorkDone DATA'!$G:$G,BOQ!$B167)","v":{"$error":"#VALUE!"}},{"$error":"#VALUE!"},null,{"$f":"SUMIFS('[20]WorkDone DATA'!$L:$L,'[20]WorkDone DATA'!$N:$N,BOQ!W$6,'[20]WorkDone DATA'!$G:$G,BOQ!$B167)*$G167","v":{"$error":"#VALUE!"}},null,{"$f":"SUMIFS('[20]WorkDone DATA'!$L:$L,'[20]WorkDone DATA'!$N:$N,BOQ!Y$6,'[20]WorkDone DATA'!$G:$G,BOQ!$B167)*$G167","v":{"$error":"#VALUE!"}},null,{"$f":"SUMIFS('[20]WorkDone DATA'!$L:$L,'[20]WorkDone DATA'!$N:$N,BOQ!AA$6,'[20]WorkDone DATA'!$G:$G,BOQ!$B167)*$G167","v":{"$error":"#VALUE!"}},{"$f":"SUMIFS('[20]WorkDone DATA'!$L:$L,'[20]WorkDone DATA'!$N:$N,BOQ!AB$6,'[20]WorkDone DATA'!$G:$G,BOQ!$B167)*$G167","v":{"$error":"#VALUE!"}},{"$f":"SUMIFS('[20]WorkDone DATA'!$L:$L,'[20]WorkDone DATA'!$N:$N,BOQ!AC$6,'[20]WorkDone DATA'!$G:$G,BOQ!$B167)*$G167","v":{"$error":"#VALUE!"}},{"$f":"SUMIFS('[20]WorkDone DATA'!$L:$L,'[20]WorkDone DATA'!$N:$N,BOQ!AD$6,'[20]WorkDone DATA'!$G:$G,BOQ!$B167)*$G167","v":{"$error":"#VALUE!"}},{"$f":"SUMIFS('[20]WorkDone DATA'!$L:$L,'[20]WorkDone DATA'!$N:$N,BOQ!AE$6,'[20]WorkDone DATA'!$G:$G,BOQ!$B167)*$G167","v":{"$error":"#VALUE!"}},{"$f":"SUMIFS('[20]WorkDone DATA'!$L:$L,'[20]WorkDone DATA'!$N:$N,BOQ!AF$6,'[20]WorkDone DATA'!$G:$G,BOQ!$B167)*$G167","v":{"$error":"#VALUE!"}},{"$f":"SUMIFS('[20]WorkDone DATA'!$L:$L,'[20]WorkDone DATA'!$N:$N,BOQ!AG$6,'[20]WorkDone DATA'!$G:$G,BOQ!$B167)*$G167","v":{"$error":"#VALUE!"}},{"$f":"SUMIFS('[20]WorkDone DATA'!$L:$L,'[20]WorkDone DATA'!$N:$N,BOQ!AH$6,'[20]WorkDone DATA'!$G:$G,BOQ!$B167)*$G167","v":{"$error":"#VALUE!"}},{"$f":"SUMIFS('[20]WorkDone DATA'!$L:$L,'[20]WorkDone DATA'!$N:$N,BOQ!AI$6,'[20]WorkDone DATA'!$G:$G,BOQ!$B167)*$G167","v":{"$error":"#VALUE!"}},{"$f":"SUMIFS('[20]WorkDone DATA'!$L:$L,'[20]WorkDone DATA'!$N:$N,BOQ!AJ$6,'[20]WorkDone DATA'!$G:$G,BOQ!$B167)*$G167","v":{"$error":"#VALUE!"}},{"$f":"SUMIFS('[20]WorkDone DATA'!$L:$L,'[20]WorkDone DATA'!$N:$N,BOQ!AK$6,'[20]WorkDone DATA'!$G:$G,BOQ!$B167)*$G167","v":{"$error":"#VALUE!"}},{"$f":"SUMIFS('[20]WorkDone DATA'!$L:$L,'[20]WorkDone DATA'!$N:$N,BOQ!AL$6,'[20]WorkDone DATA'!$G:$G,BOQ!$B167)*$G167","v":{"$error":"#VALUE!"}},{"$f":"SUMIFS('[20]WorkDone DATA'!$L:$L,'[20]WorkDone DATA'!$N:$N,BOQ!AM$6,'[20]WorkDone DATA'!$G:$G,BOQ!$B167)*$G167","v":{"$error":"#VALUE!"}},{"$f":"SUMIFS('[20]WorkDone DATA'!$L:$L,'[20]WorkDone DATA'!$N:$N,BOQ!AN$6,'[20]WorkDone DATA'!$G:$G,BOQ!$B167)*$G167","v":{"$error":"#VALUE!"}},{"$f":"SUMIFS('[20]WorkDone DATA'!$L:$L,'[20]WorkDone DATA'!$N:$N,BOQ!AO$6,'[20]WorkDone DATA'!$G:$G,BOQ!$B167)*$G167","v":{"$error":"#VALUE!"}},{"$f":"SUMIFS('[20]WorkDone DATA'!$L:$L,'[20]WorkDone DATA'!$N:$N,BOQ!AP$6,'[20]WorkDone DATA'!$G:$G,BOQ!$B167)*$G167","v":{"$error":"#VALUE!"}},{"$f":"SUMIFS('[20]WorkDone DATA'!$L:$L,'[20]WorkDone DATA'!$N:$N,BOQ!AQ$6,'[20]WorkDone DATA'!$G:$G,BOQ!$B167)*$G167","v":{"$error":"#VALUE!"}},{"$f":"SUMIFS('[20]WorkDone DATA'!$L:$L,'[20]WorkDone DATA'!$N:$N,BOQ!AR$6,'[20]WorkDone DATA'!$G:$G,BOQ!$B167)*$G167","v":{"$error":"#VALUE!"}},{"$f":"SUMIFS('[20]WorkDone DATA'!$L:$L,'[20]WorkDone DATA'!$N:$N,BOQ!AS$6,'[20]WorkDone DATA'!$G:$G,BOQ!$B167)*$G167","v":{"$error":"#VALUE!"}},{"$f":"SUMIFS('[20]WorkDone DATA'!$L:$L,'[20]WorkDone DATA'!$N:$N,BOQ!AT$6,'[20]WorkDone DATA'!$G:$G,BOQ!$B167)*$G167","v":{"$error":"#VALUE!"}},{"$f":"SUMIFS('[20]WorkDone DATA'!$L:$L,'[20]WorkDone DATA'!$N:$N,BOQ!AU$6,'[20]WorkDone DATA'!$G:$G,BOQ!$B167)*$G167","v":{"$error":"#VALUE!"}},{"$f":"SUMIFS('[20]WorkDone DATA'!$L:$L,'[20]WorkDone DATA'!$N:$N,BOQ!AV$6,'[20]WorkDone DATA'!$G:$G,BOQ!$B167)*$G167","v":{"$error":"#VALUE!"}},{"$f":"SUMIFS('[20]WorkDone DATA'!$L:$L,'[20]WorkDone DATA'!$N:$N,BOQ!AW$6,'[20]WorkDone DATA'!$G:$G,BOQ!$B167)*$G167","v":{"$error":"#VALUE!"}},{"$f":"SUMIFS('[20]WorkDone DATA'!$L:$L,'[20]WorkDone DATA'!$N:$N,BOQ!AX$6,'[20]WorkDone DATA'!$G:$G,BOQ!$B167)*$G167","v":{"$error":"#VALUE!"}},{"$f":"SUMIFS('[20]WorkDone DATA'!$L:$L,'[20]WorkDone DATA'!$N:$N,BOQ!AY$6,'[20]WorkDone DATA'!$G:$G,BOQ!$B167)*$G167","v":{"$error":"#VALUE!"}},{"$f":"SUMIFS('[20]WorkDone DATA'!$L:$L,'[20]WorkDone DATA'!$N:$N,BOQ!AZ$6,'[20]WorkDone DATA'!$G:$G,BOQ!$B167)*$G167","v":{"$error":"#VALUE!"}},{"$f":"SUMIFS('[20]WorkDone DATA'!$L:$L,'[20]WorkDone DATA'!$N:$N,BOQ!BA$6,'[20]WorkDone DATA'!$G:$G,BOQ!$B167)*$G167","v":{"$error":"#VALUE!"}},{"$f":"SUMIFS('[20]WorkDone DATA'!$L:$L,'[20]WorkDone DATA'!$N:$N,BOQ!BB$6,'[20]WorkDone DATA'!$G:$G,BOQ!$B167)*$G167","v":{"$error":"#VALUE!"}},{"$f":"SUMIFS('[20]WorkDone DATA'!$L:$L,'[20]WorkDone DATA'!$N:$N,BOQ!BC$6,'[20]WorkDone DATA'!$G:$G,BOQ!$B167)*$G167","v":{"$error":"#VALUE!"}},{"$f":"SUMIFS('[20]WorkDone DATA'!$L:$L,'[20]WorkDone DATA'!$N:$N,BOQ!BD$6,'[20]WorkDone DATA'!$G:$G,BOQ!$B167)*$G167","v":{"$error":"#VALUE!"}},{"$f":"SUMIFS('[20]WorkDone DATA'!$L:$L,'[20]WorkDone DATA'!$N:$N,BOQ!BE$6,'[20]WorkDone DATA'!$G:$G,BOQ!$B167)*$G167","v":{"$error":"#VALUE!"}},{"$f":"SUMIFS('[20]WorkDone DATA'!$L:$L,'[20]WorkDone DATA'!$N:$N,BOQ!BF$6,'[20]WorkDone DATA'!$G:$G,BOQ!$B167)*$G167","v":{"$error":"#VALUE!"}},{"$f":"SUMIFS('[20]WorkDone DATA'!$L:$L,'[20]WorkDone DATA'!$N:$N,BOQ!BG$6,'[20]WorkDone DATA'!$G:$G,BOQ!$B167)*$G167","v":{"$error":"#VALUE!"}},{"$f":"SUMIFS('[20]WorkDone DATA'!$L:$L,'[20]WorkDone DATA'!$N:$N,BOQ!BH$6,'[20]WorkDone DATA'!$G:$G,BOQ!$B167)*$G167","v":{"$error":"#VALUE!"}},{"$f":"SUMIFS('[20]WorkDone DATA'!$L:$L,'[20]WorkDone DATA'!$N:$N,BOQ!BI$6,'[20]WorkDone DATA'!$G:$G,BOQ!$B167)*$G167","v":{"$error":"#VALUE!"}},{"$f":"SUMIFS('[20]WorkDone DATA'!$L:$L,'[20]WorkDone DATA'!$N:$N,BOQ!BJ$6,'[20]WorkDone DATA'!$G:$G,BOQ!$B167)*$G167","v":{"$error":"#VALUE!"}},{"$f":"SUMIFS('[20]WorkDone DATA'!$L:$L,'[20]WorkDone DATA'!$N:$N,BOQ!BK$6,'[20]WorkDone DATA'!$G:$G,BOQ!$B167)*$G167","v":{"$error":"#VALUE!"}},{"$f":"SUMIFS('[20]WorkDone DATA'!$L:$L,'[20]WorkDone DATA'!$N:$N,BOQ!BL$6,'[20]WorkDone DATA'!$G:$G,BOQ!$B167)*$G167","v":{"$error":"#VALUE!"}},{"$f":"SUMIFS('[20]WorkDone DATA'!$L:$L,'[20]WorkDone DATA'!$N:$N,BOQ!BM$6,'[20]WorkDone DATA'!$G:$G,BOQ!$B167)*$G167","v":{"$error":"#VALUE!"}},{"$f":"SUMIFS('[20]WorkDone DATA'!$L:$L,'[20]WorkDone DATA'!$N:$N,BOQ!BN$6,'[20]WorkDone DATA'!$G:$G,BOQ!$B167)*$G167","v":{"$error":"#VALUE!"}},{"$f":"SUMIFS('[20]WorkDone DATA'!$L:$L,'[20]WorkDone DATA'!$N:$N,BOQ!BO$6,'[20]WorkDone DATA'!$G:$G,BOQ!$B167)*$G167","v":{"$error":"#VALUE!"}},{"$f":"SUMIFS('[20]WorkDone DATA'!$L:$L,'[20]WorkDone DATA'!$N:$N,BOQ!BP$6,'[20]WorkDone DATA'!$G:$G,BOQ!$B167)*$G167","v":{"$error":"#VALUE!"}},{"$f":"SUMIFS('[20]WorkDone DATA'!$L:$L,'[20]WorkDone DATA'!$N:$N,BOQ!BQ$6,'[20]WorkDone DATA'!$G:$G,BOQ!$B167)*$G167","v":{"$error":"#VALUE!"}},{"$f":"SUMIFS('[20]WorkDone DATA'!$L:$L,'[20]WorkDone DATA'!$N:$N,BOQ!BR$6,'[20]WorkDone DATA'!$G:$G,BOQ!$B167)*$G167","v":{"$error":"#VALUE!"}},{"$f":"SUMIFS('[20]WorkDone DATA'!$L:$L,'[20]WorkDone DATA'!$N:$N,BOQ!BS$6,'[20]WorkDone DATA'!$G:$G,BOQ!$B167)*$G167","v":{"$error":"#VALUE!"}},{"$f":"SUMIFS('[20]WorkDone DATA'!$L:$L,'[20]WorkDone DATA'!$N:$N,BOQ!BT$6,'[20]WorkDone DATA'!$G:$G,BOQ!$B167)*$G167","v":{"$error":"#VALUE!"}},{"$f":"SUMIFS('[20]WorkDone DATA'!$L:$L,'[20]WorkDone DATA'!$N:$N,BOQ!BU$6,'[20]WorkDone DATA'!$G:$G,BOQ!$B167)*$G167","v":{"$error":"#VALUE!"}},{"$f":"SUMIFS('[20]WorkDone DATA'!$L:$L,'[20]WorkDone DATA'!$N:$N,BOQ!BV$6,'[20]WorkDone DATA'!$G:$G,BOQ!$B167)*$G167","v":{"$error":"#VALUE!"}},{"$f":"SUMIFS('[20]WorkDone DATA'!$L:$L,'[20]WorkDone DATA'!$N:$N,BOQ!BW$6,'[20]WorkDone DATA'!$G:$G,BOQ!$B167)*$G167","v":{"$error":"#VALUE!"}},{"$f":"SUMIFS('[20]WorkDone DATA'!$L:$L,'[20]WorkDone DATA'!$N:$N,BOQ!BX$6,'[20]WorkDone DATA'!$G:$G,BOQ!$B167)*$G167","v":{"$error":"#VALUE!"}}]
[null,null,"XLPE 3.3kV",{"$nulls":4},0,{"$nulls":3},{"$error":"#VALUE!"},{"$error":"#VALUE!"},null,0,{"$error":"#VALUE!"},null,{"$f":"SUMIFS('[20]WorkDone DATA'!$L:$L,'[20]WorkDone DATA'!$N:$N,BOQ!S$6,'[20]WorkDone DATA'!$G:$G,BOQ!$B168)","v":{"$error":"#VALUE!"}},{"$error":"#VALUE!"},{"$f":"SUMIFS('[20]WorkDone DATA'!$L:$L,'[20]WorkDone DATA'!$N:$N,BOQ!U$6,'[20]WorkDone DATA'!$G:$G,BOQ!$B168)","v":{"$error":"#VALUE!"}},{"$error":"#VALUE!"},null,{"$f":"SUMIFS('[20]WorkDone DATA'!$L:$L,'[20]WorkDone DATA'!$N:$N,BOQ!W$6,'[20]WorkDone DATA'!$G:$G,BOQ!$B168)*$G168","v":{"$error":"#VALUE!"}},null,{"$f":"SUMIFS('[20]WorkDone DATA'!$L:$L,'[20]WorkDone DATA'!$N:$N,BOQ!Y$6,'[20]WorkDone DATA'!$G:$G,BOQ!$B168)*$G168","v":{"$error":"#VALUE!"}},null,{"$f":"SUMIFS('[20]WorkDone DATA'!$L:$L,'[20]WorkDone DATA'!$N:$N,BOQ!AA$6,'[20]WorkDone DATA'!$G:$G,BOQ!$B168)*$G168","v":{"$error":"#VALUE!"}},{"$f":"SUMIFS('[20]WorkDone DATA'!$L:$L,'[20]WorkDone DATA'!$N:$N,BOQ!AB$6,'[20]WorkDone DATA'!$G:$G,BOQ!$B168)*$G168","v":{"$error":"#VALUE!"}},{"$f":"SUMIFS('[20]WorkDone DATA'!$L:$L,'[20]WorkDone DATA'!$N:$N,BOQ!AC$6,'[20]WorkDone DATA'!$G:$G,BOQ!$B168)*$G168","v":{"$error":"#VALUE!"}},{"$f":"SUMIFS('[20]WorkDone DATA'!$L:$L,'[20]WorkDone DATA'!$N:$N,BOQ!AD$6,'[20]WorkDone DATA'!$G:$G,BOQ!$B168)*$G168","v":{"$error":"#VALUE!"}},{"$f":"SUMIFS('[20]WorkDone DATA'!$L:$L,'[20]WorkDone DATA'!$N:$N,BOQ!AE$6,'[20]WorkDone DATA'!$G:$G,BOQ!$B168)*$G168","v":{"$error":"#VALUE!"}},{"$f":"SUMIFS('[20]WorkDone DATA'!$L:$L,'[20]WorkDone DATA'!$N:$N,BOQ!AF$6,'[20]WorkDone DATA'!$G:$G,BOQ!$B168)*$G168","v":{"$error":"#VALUE!"}},{"$f":"SUMIFS('[20]WorkDone DATA'!$L:$L,'[20]WorkDone DATA'!$N:$N,BOQ!AG$6,'[20]WorkDone DATA'!$G:$G,BOQ!$B168)*$G168","v":{"$error":"#VALUE!"}},{"$f":"SUMIFS('[20]WorkDone DATA'!$L:$L,'[20]WorkDone DATA'!$N:$N,BOQ!AH$6,'[20]WorkDone DATA'!$G:$G,BOQ!$B168)*$G168","v":{"$error":"#VALUE!"}},{"$f":"SUMIFS('[20]WorkDone DATA'!$L:$L,'[20]WorkDone DATA'!$N:$N,BOQ!AI$6,'[20]WorkDone DATA'!$G:$G,BOQ!$B168)*$G168","v":{"$error":"#VALUE!"}},{"$f":"SUMIFS('[20]WorkDone DATA'!$L:$L,'[20]WorkDone DATA'!$N:$N,BOQ!AJ$6,'[20]WorkDone DATA'!$G:$G,BOQ!$B168)*$G168","v":{"$error":"#VALUE!"}},{"$f":"SUMIFS('[20]WorkDone DATA'!$L:$L,'[20]WorkDone DATA'!$N:$N,BOQ!AK$6,'[20]WorkDone DATA'!$G:$G,BOQ!$B168)*$G168","v":{"$error":"#VALUE!"}},{"$f":"SUMIFS('[20]WorkDone DATA'!$L:$L,'[20]WorkDone DATA'!$N:$N,BOQ!AL$6,'[20]WorkDone DATA'!$G:$G,BOQ!$B168)*$G168","v":{"$error":"#VALUE!"}},{"$f":"SUMIFS('[20]WorkDone DATA'!$L:$L,'[20]WorkDone DATA'!$N:$N,BOQ!AM$6,'[20]WorkDone DATA'!$G:$G,BOQ!$B168)*$G168","v":{"$error":"#VALUE!"}},{"$f":"SUMIFS('[20]WorkDone DATA'!$L:$L,'[20]WorkDone DATA'!$N:$N,BOQ!AN$6,'[20]WorkDone DATA'!$G:$G,BOQ!$B168)*$G168","v":{"$error":"#VALUE!"}},{"$f":"SUMIFS('[20]WorkDone DATA'!$L:$L,'[20]WorkDone DATA'!$N:$N,BOQ!AO$6,'[20]WorkDone DATA'!$G:$G,BOQ!$B168)*$G168","v":{"$error":"#VALUE!"}},{"$f":"SUMIFS('[20]WorkDone DATA'!$L:$L,'[20]WorkDone DATA'!$N:$N,BOQ!AP$6,'[20]WorkDone DATA'!$G:$G,BOQ!$B168)*$G168","v":{"$error":"#VALUE!"}},{"$f":"SUMIFS('[20]WorkDone DATA'!$L:$L,'[20]WorkDone DATA'!$N:$N,BOQ!AQ$6,'[20]WorkDone DATA'!$G:$G,BOQ!$B168)*$G168","v":{"$error":"#VALUE!"}},{"$f":"SUMIFS('[20]WorkDone DATA'!$L:$L,'[20]WorkDone DATA'!$N:$N,BOQ!AR$6,'[20]WorkDone DATA'!$G:$G,BOQ!$B168)*$G168","v":{"$error":"#VALUE!"}},{"$f":"SUMIFS('[20]WorkDone DATA'!$L:$L,'[20]WorkDone DATA'!$N:$N,BOQ!AS$6,'[20]WorkDone DATA'!$G:$G,BOQ!$B168)*$G168","v":{"$error":"#VALUE!"}},{"$f":"SUMIFS('[20]WorkDone DATA'!$L:$L,'[20]WorkDone DATA'!$N:$N,BOQ!AT$6,'[20]WorkDone DATA'!$G:$G,BOQ!$B168)*$G168","v":{"$error":"#VALUE!"}},{"$f":"SUMIFS('[20]WorkDone DATA'!$L:$L,'[20]WorkDone DATA'!$N:$N,BOQ!AU$6,'[20]WorkDone DATA'!$G:$G,BOQ!$B168)*$G168","v":{"$error":"#VALUE!"}},{"$f":"SUMIFS('[20]WorkDone DATA'!$L:$L,'[20]WorkDone DATA'!$N:$N,BOQ!AV$6,'[20]WorkDone DATA'!$G:$G,BOQ!$B168)*$G168","v":{"$error":"#VALUE!"}},{"$f":"SUMIFS('[20]WorkDone DATA'!$L:$L,'[20]WorkDone DATA'!$N:$N,BOQ!AW$6,'[20]WorkDone DATA'!$G:$G,BOQ!$B168)*$G168","v":{"$error":"#VALUE!"}},{"$f":"SUMIFS('[20]WorkDone DATA'!$L:$L,'[20]WorkDone DATA'!$N:$N,BOQ!AX$6,'[20]WorkDone DATA'!$G:$G,BOQ!$B168)*$G168","v":{"$error":"#VALUE!"}},{"$f":"SUMIFS('[20]WorkDone DATA'!$L:$L,'[20]WorkDone DATA'!$N:$N,BOQ!AY$6,'[20]WorkDone DATA'!$G:$G,BOQ!$B168)*$G168","v":{"$error":"#VALUE!"}},{"$f":"SUMIFS('[20]WorkDone DATA'!$L:$L,'[20]WorkDone DATA'!$N:$N,BOQ!AZ$6,'[20]WorkDone DATA'!$G:$G,BOQ!$B168)*$G168","v":{"$error":"#VALUE!"}},{"$f":"SUMIFS('[20]WorkDone DATA'!$L:$L,'[20]WorkDone DATA'!$N:$N,BOQ!BA$6,'[20]WorkDone DATA'!$G:$G,BOQ!$B168)*$G168","v":{"$error":"#VALUE!"}},{"$f":"SUMIFS('[20]WorkDone DATA'!$L:$L,'[20]WorkDone DATA'!$N:$N,BOQ!BB$6,'[20]WorkDone DATA'!$G:$G,BOQ!$B168)*$G168","v":{"$error":"#VALUE!"}},{"$f":"SUMIFS('[20]WorkDone DATA'!$L:$L,'[20]WorkDone DATA'!$N:$N,BOQ!BC$6,'[20]WorkDone DATA'!$G:$G,BOQ!$B168)*$G168","v":{"$error":"#VALUE!"}},{"$f":"SUMIFS('[20]WorkDone DATA'!$L:$L,'[20]WorkDone DATA'!$N:$N,BOQ!BD$6,'[20]WorkDone DATA'!$G:$G,BOQ!$B168)*$G168","v":{"$error":"#VALUE!"}},{"$f":"SUMIFS('[20]WorkDone DATA'!$L:$L,'[20]WorkDone DATA'!$N:$N,BOQ!BE$6,'[20]WorkDone DATA'!$G:$G,BOQ!$B168)*$G168","v":{"$error":"#VALUE!"}},{"$f":"SUMIFS('[20]WorkDone DATA'!$L:$L,'[20]WorkDone DATA'!$N:$N,BOQ!BF$6,'[20]WorkDone DATA'!$G:$G,BOQ!$B168)*$G168","v":{"$error":"#VALUE!"}},{"$f":"SUMIFS('[20]WorkDone DATA'!$L:$L,'[20]WorkDone DATA'!$N:$N,BOQ!BG$6,'[20]WorkDone DATA'!$G:$G,BOQ!$B168)*$G168","v":{"$error":"#VALUE!"}},{"$f":"SUMIFS('[20]WorkDone DATA'!$L:$L,'[20]WorkDone DATA'!$N:$N,BOQ!BH$6,'[20]WorkDone DATA'!$G:$G,BOQ!$B168)*$G168","v":{"$error":"#VALUE!"}},{"$f":"SUMIFS('[20]WorkDone DATA'!$L:$L,'[20]WorkDone DATA'!$N:$N,BOQ!BI$6,'[20]WorkDone DATA'!$G:$G,BOQ!$B168)*$G168","v":{"$error":"#VALUE!"}},{"$f":"SUMIFS('[20]WorkDone DATA'!$L:$L,'[20]WorkDone DATA'!$N:$N,BOQ!BJ$6,'[20]WorkDone DATA'!$G:$G,BOQ!$B168)*$G168","v":{"$error":"#VALUE!"}},{"$f":"SUMIFS('[20]WorkDone DATA'!$L:$L,'[20]WorkDone DATA'!$N:$N,BOQ!BK$6,'[20]WorkDone DATA'!$G:$G,BOQ!$B168)*$G168","v":{"$error":"#VALUE!"}},{"$f":"SUMIFS('[20]WorkDone DATA'!$L:$L,'[20]WorkDone DATA'!$N:$N,BOQ!BL$6,'[20]WorkDone DATA'!$G:$G,BOQ!$B168)*$G168","v":{"$error":"#VALUE!"}},{"$f":"SUMIFS('[20]WorkDone DATA'!$L:$L,'[20]WorkDone DATA'!$N:$N,BOQ!BM$6,'[20]WorkDone DATA'!$G:$G,BOQ!$B168)*$G168","v":{"$error":"#VALUE!"}},{"$f":"SUMIFS('[20]WorkDone DATA'!$L:$L,'[20]WorkDone DATA'!$N:$N,BOQ!BN$6,'[20]WorkDone DATA'!$G:$G,BOQ!$B168)*$G168","v":{"$error":"#VALUE!"}},{"$f":"SUMIFS('[20]WorkDone DATA'!$L:$L,'[20]WorkDone DATA'!$N:$N,BOQ!BO$6,'[20]WorkDone DATA'!$G:$G,BOQ!$B168)*$G168","v":{"$error":"#VALUE!"}},{"$f":"SUMIFS('[20]WorkDone DATA'!$L:$L,'[20]WorkDone DATA'!$N:$N,BOQ!BP$6,'[20]WorkDone DATA'!$G:$G,BOQ!$B168)*$G168","v":{"$error":"#VALUE!"}},{"$f":"SUMIFS('[20]WorkDone DATA'!$L:$L,'[20]WorkDone DATA'!$N:$N,BOQ!BQ$6,'[20]WorkDone DATA'!$G:$G,BOQ!$B168)*$G168","v":{"$error":"#VALUE!"}},{"$f":"SUMIFS('[20]WorkDone DATA'!$L:$L,'[20]WorkDone DATA'!$N:$N,BOQ!BR$6,'[20]WorkDone DATA'!$G:$G,BOQ!$B168)*$G168","v":{"$error":"#VALUE!"}},{"$f":"SUMIFS('[20]WorkDone DATA'!$L:$L,'[20]WorkDone DATA'!$N:$N,BOQ!BS$6,'[20]WorkDone DATA'!$G:$G,BOQ!$B168)*$G168","v":{"$error":"#VALUE!"}},{"$f":"SUMIFS('[20]WorkDone DATA'!$L:$L,'[20]WorkDone DATA'!$N:$N,BOQ!BT$6,'[20]WorkDone DATA'!$G:$G,BOQ!$B168)*$G168","v":{"$error":"#VALUE!"}},{"$f":"SUMIFS('[20]WorkDone DATA'!$L:$L,'[20]WorkDone DATA'!$N:$N,BOQ!BU$6,'[20]WorkDone DATA'!$G:$G,BOQ!$B168)*$G168","v":{"$error":"#VALUE!"}},{"$f":"SUMIFS('[20]WorkDone DATA'!$L:$L,'[20]WorkDone DATA'!$N:$N,BOQ!BV$6,'[20]WorkDone DATA'!$G:$G,BOQ!$B168)*$G168","v":{"$error":"#VALUE!"}},{"$f":"SUMIFS('[20]WorkDone DATA'!$L:$L,'[20]WorkDone DATA'!$N:$N,BOQ!BW$6,'[20]WorkDone DATA'!$G:$G,BOQ!$B168)*$G168","v":{"$error":"#VALUE!"}},{"$f":"SUMIFS('[20]WorkDone DATA'!$L:$L,'[20]WorkDone DATA'!$N:$N,BOQ!BX$6,'[20]WorkDone DATA'!$G:$G,BOQ!$B168)*$G168","v":{"$error":"#VALUE!"}}]
[null,null,"630mm2 x 1core (CXX01XCV)  3.8kV/6.6kV",{"$nulls":4},0,{"$nulls":3},{"$error":"#VALUE!"},{"$error":"#VALUE!"},null,0,{"$error":"#VALUE!"},null,{"$f":"SUMIFS('[20]WorkDone DATA'!$L:$L,'[20]WorkDone DATA'!$N:$N,BOQ!S$6,'[20]WorkDone DATA'!$G:$G,BOQ!$B169)","v":{"$error":"#VALUE!"}},{"$error":"#VALUE!"},{"$f":"SUMIFS('[20]WorkDone DATA'!$L:$L,'[20]WorkDone DATA'!$N:$N,BOQ!U$6,'[20]WorkDone DATA'!$G:$G,BOQ!$B169)","v":{"$error":"#VALUE!"}},{"$error":"#VALUE!"},null,{"$f":"SUMIFS('[20]WorkDone DATA'!$L:$L,'[20]WorkDone DATA'!$N:$N,BOQ!W$6,'[20]WorkDone DATA'!$G:$G,BOQ!$B169)*$G169","v":{"$error":"#VALUE!"}},null,{"$f":"SUMIFS('[20]WorkDone DATA'!$L:$L,'[20]WorkDone DATA'!$N:$N,BOQ!Y$6,'[20]WorkDone DATA'!$G:$G,BOQ!$B169)*$G169","v":{"$error":"#VALUE!"}},null,{"$f":"SUMIFS('[20]WorkDone DATA'!$L:$L,'[20]WorkDone DATA'!$N:$N,BOQ!AA$6,'[20]WorkDone DATA'!$G:$G,BOQ!$B169)*$G169","v":{"$error":"#VALUE!"}},{"$f":"SUMIFS('[20]WorkDone DATA'!$L:$L,'[20]WorkDone DATA'!$N:$N,BOQ!AB$6,'[20]WorkDone DATA'!$G:$G,BOQ!$B169)*$G169","v":{"$error":"#VALUE!"}},{"$f":"SUMIFS('[20]WorkDone DATA'!$L:$L,'[20]WorkDone DATA'!$N:$N,BOQ!AC$6,'[20]WorkDone DATA'!$G:$G,BOQ!$B169)*$G169","v":{"$error":"#VALUE!"}},{"$f":"SUMIFS('[20]WorkDone DATA'!$L:$L,'[20]WorkDone DATA'!$N:$N,BOQ!AD$6,'[20]WorkDone DATA'!$G:$G,BOQ!$B169)*$G169","v":{"$error":"#VALUE!"}},{"$f":"SUMIFS('[20]WorkDone DATA'!$L:$L,'[20]WorkDone DATA'!$N:$N,BOQ!AE$6,'[20]WorkDone DATA'!$G:$G,BOQ!$B169)*$G169","v":{"$error":"#VALUE!"}},{"$f":"SUMIFS('[20]WorkDone DATA'!$L:$L,'[20]WorkDone DATA'!$N:$N,BOQ!AF$6,'[20]WorkDone DATA'!$G:$G,BOQ!$B169)*$G169","v":{"$error":"#VALUE!"}},{"$f":"SUMIFS('[20]WorkDone DATA'!$L:$L,'[20]WorkDone DATA'!$N:$N,BOQ!AG$6,'[20]WorkDone DATA'!$G:$G,BOQ!$B169)*$G169","v":{"$error":"#VALUE!"}},{"$f":"SUMIFS('[20]WorkDone DATA'!$L:$L,'[20]WorkDone DATA'!$N:$N,BOQ!AH$6,'[20]WorkDone DATA'!$G:$G,BOQ!$B169)*$G169","v":{"$error":"#VALUE!"}},{"$f":"SUMIFS('[20]WorkDone DATA'!$L:$L,'[20]WorkDone DATA'!$N:$N,BOQ!AI$6,'[20]WorkDone DATA'!$G:$G,BOQ!$B169)*$G169","v":{"$error":"#VALUE!"}},{"$f":"SUMIFS('[20]WorkDone DATA'!$L:$L,'[20]WorkDone DATA'!$N:$N,BOQ!AJ$6,'[20]WorkDone DATA'!$G:$G,BOQ!$B169)*$G169","v":{"$error":"#VALUE!"}},{"$f":"SUMIFS('[20]WorkDone DATA'!$L:$L,'[20]WorkDone DATA'!$N:$N,BOQ!AK$6,'[20]WorkDone DATA'!$G:$G,BOQ!$B169)*$G169","v":{"$error":"#VALUE!"}},{"$f":"SUMIFS('[20]WorkDone DATA'!$L:$L,'[20]WorkDone DATA'!$N:$N,BOQ!AL$6,'[20]WorkDone DATA'!$G:$G,BOQ!$B169)*$G169","v":{"$error":"#VALUE!"}},{"$f":"SUMIFS('[20]WorkDone DATA'!$L:$L,'[20]WorkDone DATA'!$N:$N,BOQ!AM$6,'[20]WorkDone DATA'!$G:$G,BOQ!$B169)*$G169","v":{"$error":"#VALUE!"}},{"$f":"SUMIFS('[20]WorkDone DATA'!$L:$L,'[20]WorkDone DATA'!$N:$N,BOQ!AN$6,'[20]WorkDone DATA'!$G:$G,BOQ!$B169)*$G169","v":{"$error":"#VALUE!"}},{"$f":"SUMIFS('[20]WorkDone DATA'!$L:$L,'[20]WorkDone DATA'!$N:$N,BOQ!AO$6,'[20]WorkDone DATA'!$G:$G,BOQ!$B169)*$G169","v":{"$error":"#VALUE!"}},{"$f":"SUMIFS('[20]WorkDone DATA'!$L:$L,'[20]WorkDone DATA'!$N:$N,BOQ!AP$6,'[20]WorkDone DATA'!$G:$G,BOQ!$B169)*$G169","v":{"$error":"#VALUE!"}},{"$f":"SUMIFS('[20]WorkDone DATA'!$L:$L,'[20]WorkDone DATA'!$N:$N,BOQ!AQ$6,'[20]WorkDone DATA'!$G:$G,BOQ!$B169)*$G169","v":{"$error":"#VALUE!"}},{"$f":"SUMIFS('[20]WorkDone DATA'!$L:$L,'[20]WorkDone DATA'!$N:$N,BOQ!AR$6,'[20]WorkDone DATA'!$G:$G,BOQ!$B169)*$G169","v":{"$error":"#VALUE!"}},{"$f":"SUMIFS('[20]WorkDone DATA'!$L:$L,'[20]WorkDone DATA'!$N:$N,BOQ!AS$6,'[20]WorkDone DATA'!$G:$G,BOQ!$B169)*$G169","v":{"$error":"#VALUE!"}},{"$f":"SUMIFS('[20]WorkDone DATA'!$L:$L,'[20]WorkDone DATA'!$N:$N,BOQ!AT$6,'[20]WorkDone DATA'!$G:$G,BOQ!$B169)*$G169","v":{"$error":"#VALUE!"}},{"$f":"SUMIFS('[20]WorkDone DATA'!$L:$L,'[20]WorkDone DATA'!$N:$N,BOQ!AU$6,'[20]WorkDone DATA'!$G:$G,BOQ!$B169)*$G169","v":{"$error":"#VALUE!"}},{"$f":"SUMIFS('[20]WorkDone DATA'!$L:$L,'[20]WorkDone DATA'!$N:$N,BOQ!AV$6,'[20]WorkDone DATA'!$G:$G,BOQ!$B169)*$G169","v":{"$error":"#VALUE!"}},{"$f":"SUMIFS('[20]WorkDone DATA'!$L:$L,'[20]WorkDone DATA'!$N:$N,BOQ!AW$6,'[20]WorkDone DATA'!$G:$G,BOQ!$B169)*$G169","v":{"$error":"#VALUE!"}},{"$f":"SUMIFS('[20]WorkDone DATA'!$L:$L,'[20]WorkDone DATA'!$N:$N,BOQ!AX$6,'[20]WorkDone DATA'!$G:$G,BOQ!$B169)*$G169","v":{"$error":"#VALUE!"}},{"$f":"SUMIFS('[20]WorkDone DATA'!$L:$L,'[20]WorkDone DATA'!$N:$N,BOQ!AY$6,'[20]WorkDone DATA'!$G:$G,BOQ!$B169)*$G169","v":{"$error":"#VALUE!"}},{"$f":"SUMIFS('[20]WorkDone DATA'!$L:$L,'[20]WorkDone DATA'!$N:$N,BOQ!AZ$6,'[20]WorkDone DATA'!$G:$G,BOQ!$B169)*$G169","v":{"$error":"#VALUE!"}},{"$f":"SUMIFS('[20]WorkDone DATA'!$L:$L,'[20]WorkDone DATA'!$N:$N,BOQ!BA$6,'[20]WorkDone DATA'!$G:$G,BOQ!$B169)*$G169","v":{"$error":"#VALUE!"}},{"$f":"SUMIFS('[20]WorkDone DATA'!$L:$L,'[20]WorkDone DATA'!$N:$N,BOQ!BB$6,'[20]WorkDone DATA'!$G:$G,BOQ!$B169)*$G169","v":{"$error":"#VALUE!"}},{"$f":"SUMIFS('[20]WorkDone DATA'!$L:$L,'[20]WorkDone DATA'!$N:$N,BOQ!BC$6,'[20]WorkDone DATA'!$G:$G,BOQ!$B169)*$G169","v":{"$error":"#VALUE!"}},{"$f":"SUMIFS('[20]WorkDone DATA'!$L:$L,'[20]WorkDone DATA'!$N:$N,BOQ!BD$6,'[20]WorkDone DATA'!$G:$G,BOQ!$B169)*$G169","v":{"$error":"#VALUE!"}},{"$f":"SUMIFS('[20]WorkDone DATA'!$L:$L,'[20]WorkDone DATA'!$N:$N,BOQ!BE$6,'[20]WorkDone DATA'!$G:$G,BOQ!$B169)*$G169","v":{"$error":"#VALUE!"}},{"$f":"SUMIFS('[20]WorkDone DATA'!$L:$L,'[20]WorkDone DATA'!$N:$N,BOQ!BF$6,'[20]WorkDone DATA'!$G:$G,BOQ!$B169)*$G169","v":{"$error":"#VALUE!"}},{"$f":"SUMIFS('[20]WorkDone DATA'!$L:$L,'[20]WorkDone DATA'!$N:$N,BOQ!BG$6,'[20]WorkDone DATA'!$G:$G,BOQ!$B169)*$G169","v":{"$error":"#VALUE!"}},{"$f":"SUMIFS('[20]WorkDone DATA'!$L:$L,'[20]WorkDone DATA'!$N:$N,BOQ!BH$6,'[20]WorkDone DATA'!$G:$G,BOQ!$B169)*$G169","v":{"$error":"#VALUE!"}},{"$f":"SUMIFS('[20]WorkDone DATA'!$L:$L,'[20]WorkDone DATA'!$N:$N,BOQ!BI$6,'[20]WorkDone DATA'!$G:$G,BOQ!$B169)*$G169","v":{"$error":"#VALUE!"}},{"$f":"SUMIFS('[20]WorkDone DATA'!$L:$L,'[20]WorkDone DATA'!$N:$N,BOQ!BJ$6,'[20]WorkDone DATA'!$G:$G,BOQ!$B169)*$G169","v":{"$error":"#VALUE!"}},{"$f":"SUMIFS('[20]WorkDone DATA'!$L:$L,'[20]WorkDone DATA'!$N:$N,BOQ!BK$6,'[20]WorkDone DATA'!$G:$G,BOQ!$B169)*$G169","v":{"$error":"#VALUE!"}},{"$f":"SUMIFS('[20]WorkDone DATA'!$L:$L,'[20]WorkDone DATA'!$N:$N,BOQ!BL$6,'[20]WorkDone DATA'!$G:$G,BOQ!$B169)*$G169","v":{"$error":"#VALUE!"}},{"$f":"SUMIFS('[20]WorkDone DATA'!$L:$L,'[20]WorkDone DATA'!$N:$N,BOQ!BM$6,'[20]WorkDone DATA'!$G:$G,BOQ!$B169)*$G169","v":{"$error":"#VALUE!"}},{"$f":"SUMIFS('[20]WorkDone DATA'!$L:$L,'[20]WorkDone DATA'!$N:$N,BOQ!BN$6,'[20]WorkDone DATA'!$G:$G,BOQ!$B169)*$G169","v":{"$error":"#VALUE!"}},{"$f":"SUMIFS('[20]WorkDone DATA'!$L:$L,'[20]WorkDone DATA'!$N:$N,BOQ!BO$6,'[20]WorkDone DATA'!$G:$G,BOQ!$B169)*$G169","v":{"$error":"#VALUE!"}},{"$f":"SUMIFS('[20]WorkDone DATA'!$L:$L,'[20]WorkDone DATA'!$N:$N,BOQ!BP$6,'[20]WorkDone DATA'!$G:$G,BOQ!$B169)*$G169","v":{"$error":"#VALUE!"}},{"$f":"SUMIFS('[20]WorkDone DATA'!$L:$L,'[20]WorkDone DATA'!$N:$N,BOQ!BQ$6,'[20]WorkDone DATA'!$G:$G,BOQ!$B169)*$G169","v":{"$error":"#VALUE!"}},{"$f":"SUMIFS('[20]WorkDone DATA'!$L:$L,'[20]WorkDone DATA'!$N:$N,BOQ!BR$6,'[20]WorkDone DATA'!$G:$G,BOQ!$B169)*$G169","v":{"$error":"#VALUE!"}},{"$f":"SUMIFS('[20]WorkDone DATA'!$L:$L,'[20]WorkDone DATA'!$N:$N,BOQ!BS$6,'[20]WorkDone DATA'!$G:$G,BOQ!$B169)*$G169","v":{"$error":"#VALUE!"}},{"$f":"SUMIFS('[20]WorkDone DATA'!$L:$L,'[20]WorkDone DATA'!$N:$N,BOQ!BT$6,'[20]WorkDone DATA'!$G:$G,BOQ!$B169)*$G169","v":{"$error":"#VALUE!"}},{"$f":"SUMIFS('[20]WorkDone DATA'!$L:$L,'[20]WorkDone DATA'!$N:$N,BOQ!BU$6,'[20]WorkDone DATA'!$G:$G,BOQ!$B169)*$G169","v":{"$error":"#VALUE!"}},{"$f":"SUMIFS('[20]WorkDone DATA'!$L:$L,'[20]WorkDone DATA'!$N:$N,BOQ!BV$6,'[20]WorkDone DATA'!$G:$G,BOQ!$B169)*$G169","v":{"$error":"#VALUE!"}},{"$f":"SUMIFS('[20]WorkDone DATA'!$L:$L,'[20]WorkDone DATA'!$N:$N,BOQ!BW$6,'[20]WorkDone DATA'!$G:$G,BOQ!$B169)*$G169","v":{"$error":"#VALUE!"}},{"$f":"SUMIFS('[20]WorkDone DATA'!$L:$L,'[20]WorkDone DATA'!$N:$N,BOQ!BX$6,'[20]WorkDone DATA'!$G:$G,BOQ!$B169)*$G169","v":{"$error":"#VALUE!"}}]
[{"$f":"C169","v":"630mm2 x 1core (CXX01XCV)  3.8kV/6.6kV"},2.083,"Supply","E","set",36,{"v":6766.19,"d":"6,766.19"},{"v":243582.84,"d":"243,582.84"},null,null,{"$error":"#VALUE!"},{"$error":"#VALUE!"},{"$error":"#VALUE!"},null,{"$error":"#VALUE!"},{"$error":"#VALUE!"},null,{"$f":"SUMIFS('[20]WorkDone DATA'!$L:$L,'[20]WorkDone DATA'!$N:$N,BOQ!S$6,'[20]WorkDone DATA'!$G:$G,BOQ!$B170)","v":{"$error":"#VALUE!"}},{"$error":"#VALUE!"},{"$f":"SUMIFS('[20]WorkDone DATA'!$L:$L,'[20]WorkDone DATA'!$N:$N,BOQ!U$6,'[20]WorkDone DATA'!$G:$G,BOQ!$B170)","v":{"$error":"#VALUE!"}},{"$error":"#VALUE!"},null,{"$f":"SUMIFS('[20]WorkDone DATA'!$L:$L,'[20]WorkDone DATA'!$N:$N,BOQ!W$6,'[20]WorkDone DATA'!$G:$G,BOQ!$B170)*$G170","v":{"$error":"#VALUE!"}},null,{"$f":"SUMIFS('[20]WorkDone DATA'!$L:$L,'[20]WorkDone DATA'!$N:$N,BOQ!Y$6,'[20]WorkDone DATA'!$G:$G,BOQ!$B170)*$G170","v":{"$error":"#VALUE!"}},null,{"$f":"SUMIFS('[20]WorkDone DATA'!$L:$L,'[20]WorkDone DATA'!$N:$N,BOQ!AA$6,'[20]WorkDone DATA'!$G:$G,BOQ!$B170)*$G170","v":{"$error":"#VALUE!"}},{"$f":"SUMIFS('[20]WorkDone DATA'!$L:$L,'[20]WorkDone DATA'!$N:$N,BOQ!AB$6,'[20]WorkDone DATA'!$G:$G,BOQ!$B170)*$G170","v":{"$error":"#VALUE!"}},{"$f":"SUMIFS('[20]WorkDone DATA'!$L:$L,'[20]WorkDone DATA'!$N:$N,BOQ!AC$6,'[20]WorkDone DATA'!$G:$G,BOQ!$B170)*$G170","v":{"$error":"#VALUE!"}},{"$f":"SUMIFS('[20]WorkDone DATA'!$L:$L,'[20]WorkDone DATA'!$N:$N,BOQ!AD$6,'[20]WorkDone DATA'!$G:$G,BOQ!$B170)*$G170","v":{"$error":"#VALUE!"}},{"$f":"SUMIFS('[20]WorkDone DATA'!$L:$L,'[20]WorkDone DATA'!$N:$N,BOQ!AE$6,'[20]WorkDone DATA'!$G:$G,BOQ!$B170)*$G170","v":{"$error":"#VALUE!"}},{"$f":"SUMIFS('[20]WorkDone DATA'!$L:$L,'[20]WorkDone DATA'!$N:$N,BOQ!AF$6,'[20]WorkDone DATA'!$G:$G,BOQ!$B170)*$G170","v":{"$error":"#VALUE!"}},{"$f":"SUMIFS('[20]WorkDone DATA'!$L:$L,'[20]WorkDone DATA'!$N:$N,BOQ!AG$6,'[20]WorkDone DATA'!$G:$G,BOQ!$B170)*$G170","v":{"$error":"#VALUE!"}},{"$f":"SUMIFS('[20]WorkDone DATA'!$L:$L,'[20]WorkDone DATA'!$N:$N,BOQ!AH$6,'[20]WorkDone DATA'!$G:$G,BOQ!$B170)*$G170","v":{"$error":"#VALUE!"}},{"$f":"SUMIFS('[20]WorkDone DATA'!$L:$L,'[20]WorkDone DATA'!$N:$N,BOQ!AI$6,'[20]WorkDone DATA'!$G:$G,BOQ!$B170)*$G170","v":{"$error":"#VALUE!"}},{"$f":"SUMIFS('[20]WorkDone DATA'!$L:$L,'[20]WorkDone DATA'!$N:$N,BOQ!AJ$6,'[20]WorkDone DATA'!$G:$G,BOQ!$B170)*$G170","v":{"$error":"#VALUE!"}},{"$f":"SUMIFS('[20]WorkDone DATA'!$L:$L,'[20]WorkDone DATA'!$N:$N,BOQ!AK$6,'[20]WorkDone DATA'!$G:$G,BOQ!$B170)*$G170","v":{"$error":"#VALUE!"}},{"$f":"SUMIFS('[20]WorkDone DATA'!$L:$L,'[20]WorkDone DATA'!$N:$N,BOQ!AL$6,'[20]WorkDone DATA'!$G:$G,BOQ!$B170)*$G170","v":{"$error":"#VALUE!"}},{"$f":"SUMIFS('[20]WorkDone DATA'!$L:$L,'[20]WorkDone DATA'!$N:$N,BOQ!AM$6,'[20]WorkDone DATA'!$G:$G,BOQ!$B170)*$G170","v":{"$error":"#VALUE!"}},{"$f":"SUMIFS('[20]WorkDone DATA'!$L:$L,'[20]WorkDone DATA'!$N:$N,BOQ!AN$6,'[20]WorkDone DATA'!$G:$G,BOQ!$B170)*$G170","v":{"$error":"#VALUE!"}},{"$f":"SUMIFS('[20]WorkDone DATA'!$L:$L,'[20]WorkDone DATA'!$N:$N,BOQ!AO$6,'[20]WorkDone DATA'!$G:$G,BOQ!$B170)*$G170","v":{"$error":"#VALUE!"}},{"$f":"SUMIFS('[20]WorkDone DATA'!$L:$L,'[20]WorkDone DATA'!$N:$N,BOQ!AP$6,'[20]WorkDone DATA'!$G:$G,BOQ!$B170)*$G170","v":{"$error":"#VALUE!"}},{"$f":"SUMIFS('[20]WorkDone DATA'!$L:$L,'[20]WorkDone DATA'!$N:$N,BOQ!AQ$6,'[20]WorkDone DATA'!$G:$G,BOQ!$B170)*$G170","v":{"$error":"#VALUE!"}},{"$f":"SUMIFS('[20]WorkDone DATA'!$L:$L,'[20]WorkDone DATA'!$N:$N,BOQ!AR$6,'[20]WorkDone DATA'!$G:$G,BOQ!$B170)*$G170","v":{"$error":"#VALUE!"}},{"$f":"SUMIFS('[20]WorkDone DATA'!$L:$L,'[20]WorkDone DATA'!$N:$N,BOQ!AS$6,'[20]WorkDone DATA'!$G:$G,BOQ!$B170)*$G170","v":{"$error":"#VALUE!"}},{"$f":"SUMIFS('[20]WorkDone DATA'!$L:$L,'[20]WorkDone DATA'!$N:$N,BOQ!AT$6,'[20]WorkDone DATA'!$G:$G,BOQ!$B170)*$G170","v":{"$error":"#VALUE!"}},{"$f":"SUMIFS('[20]WorkDone DATA'!$L:$L,'[20]WorkDone DATA'!$N:$N,BOQ!AU$6,'[20]WorkDone DATA'!$G:$G,BOQ!$B170)*$G170","v":{"$error":"#VALUE!"}},{"$f":"SUMIFS('[20]WorkDone DATA'!$L:$L,'[20]WorkDone DATA'!$N:$N,BOQ!AV$6,'[20]WorkDone DATA'!$G:$G,BOQ!$B170)*$G170","v":{"$error":"#VALUE!"}},{"$f":"SUMIFS('[20]WorkDone DATA'!$L:$L,'[20]WorkDone DATA'!$N:$N,BOQ!AW$6,'[20]WorkDone DATA'!$G:$G,BOQ!$B170)*$G170","v":{"$error":"#VALUE!"}},{"$f":"SUMIFS('[20]WorkDone DATA'!$L:$L,'[20]WorkDone DATA'!$N:$N,BOQ!AX$6,'[20]WorkDone DATA'!$G:$G,BOQ!$B170)*$G170","v":{"$error":"#VALUE!"}},{"$f":"SUMIFS('[20]WorkDone DATA'!$L:$L,'[20]WorkDone DATA'!$N:$N,BOQ!AY$6,'[20]WorkDone DATA'!$G:$G,BOQ!$B170)*$G170","v":{"$error":"#VALUE!"}},{"$f":"SUMIFS('[20]WorkDone DATA'!$L:$L,'[20]WorkDone DATA'!$N:$N,BOQ!AZ$6,'[20]WorkDone DATA'!$G:$G,BOQ!$B170)*$G170","v":{"$error":"#VALUE!"}},{"$f":"SUMIFS('[20]WorkDone DATA'!$L:$L,'[20]WorkDone DATA'!$N:$N,BOQ!BA$6,'[20]WorkDone DATA'!$G:$G,BOQ!$B170)*$G170","v":{"$error":"#VALUE!"}},{"$f":"SUMIFS('[20]WorkDone DATA'!$L:$L,'[20]WorkDone DATA'!$N:$N,BOQ!BB$6,'[20]WorkDone DATA'!$G:$G,BOQ!$B170)*$G170","v":{"$error":"#VALUE!"}},{"$f":"SUMIFS('[20]WorkDone DATA'!$L:$L,'[20]WorkDone DATA'!$N:$N,BOQ!BC$6,'[20]WorkDone DATA'!$G:$G,BOQ!$B170)*$G170","v":{"$error":"#VALUE!"}},{"$f":"SUMIFS('[20]WorkDone DATA'!$L:$L,'[20]WorkDone DATA'!$N:$N,BOQ!BD$6,'[20]WorkDone DATA'!$G:$G,BOQ!$B170)*$G170","v":{"$error":"#VALUE!"}},{"$f":"SUMIFS('[20]WorkDone DATA'!$L:$L,'[20]WorkDone DATA'!$N:$N,BOQ!BE$6,'[20]WorkDone DATA'!$G:$G,BOQ!$B170)*$G170","v":{"$error":"#VALUE!"}},{"$f":"SUMIFS('[20]WorkDone DATA'!$L:$L,'[20]WorkDone DATA'!$N:$N,BOQ!BF$6,'[20]WorkDone DATA'!$G:$G,BOQ!$B170)*$G170","v":{"$error":"#VALUE!"}},{"$f":"SUMIFS('[20]WorkDone DATA'!$L:$L,'[20]WorkDone DATA'!$N:$N,BOQ!BG$6,'[20]WorkDone DATA'!$G:$G,BOQ!$B170)*$G170","v":{"$error":"#VALUE!"}},{"$f":"SUMIFS('[20]WorkDone DATA'!$L:$L,'[20]WorkDone DATA'!$N:$N,BOQ!BH$6,'[20]WorkDone DATA'!$G:$G,BOQ!$B170)*$G170","v":{"$error":"#VALUE!"}},{"$f":"SUMIFS('[20]WorkDone DATA'!$L:$L,'[20]WorkDone DATA'!$N:$N,BOQ!BI$6,'[20]WorkDone DATA'!$G:$G,BOQ!$B170)*$G170","v":{"$error":"#VALUE!"}},{"$f":"SUMIFS('[20]WorkDone DATA'!$L:$L,'[20]WorkDone DATA'!$N:$N,BOQ!BJ$6,'[20]WorkDone DATA'!$G:$G,BOQ!$B170)*$G170","v":{"$error":"#VALUE!"}},{"$f":"SUMIFS('[20]WorkDone DATA'!$L:$L,'[20]WorkDone DATA'!$N:$N,BOQ!BK$6,'[20]WorkDone DATA'!$G:$G,BOQ!$B170)*$G170","v":{"$error":"#VALUE!"}},{"$f":"SUMIFS('[20]WorkDone DATA'!$L:$L,'[20]WorkDone DATA'!$N:$N,BOQ!BL$6,'[20]WorkDone DATA'!$G:$G,BOQ!$B170)*$G170","v":{"$error":"#VALUE!"}},{"$f":"SUMIFS('[20]WorkDone DATA'!$L:$L,'[20]WorkDone DATA'!$N:$N,BOQ!BM$6,'[20]WorkDone DATA'!$G:$G,BOQ!$B170)*$G170","v":{"$error":"#VALUE!"}},{"$f":"SUMIFS('[20]WorkDone DATA'!$L:$L,'[20]WorkDone DATA'!$N:$N,BOQ!BN$6,'[20]WorkDone DATA'!$G:$G,BOQ!$B170)*$G170","v":{"$error":"#VALUE!"}},{"$f":"SUMIFS('[20]WorkDone DATA'!$L:$L,'[20]WorkDone DATA'!$N:$N,BOQ!BO$6,'[20]WorkDone DATA'!$G:$G,BOQ!$B170)*$G170","v":{"$error":"#VALUE!"}},{"$f":"SUMIFS('[20]WorkDone DATA'!$L:$L,'[20]WorkDone DATA'!$N:$N,BOQ!BP$6,'[20]WorkDone DATA'!$G:$G,BOQ!$B170)*$G170","v":{"$error":"#VALUE!"}},{"$f":"SUMIFS('[20]WorkDone DATA'!$L:$L,'[20]WorkDone DATA'!$N:$N,BOQ!BQ$6,'[20]WorkDone DATA'!$G:$G,BOQ!$B170)*$G170","v":{"$error":"#VALUE!"}},{"$f":"SUMIFS('[20]WorkDone DATA'!$L:$L,'[20]WorkDone DATA'!$N:$N,BOQ!BR$6,'[20]WorkDone DATA'!$G:$G,BOQ!$B170)*$G170","v":{"$error":"#VALUE!"}},{"$f":"SUMIFS('[20]WorkDone DATA'!$L:$L,'[20]WorkDone DATA'!$N:$N,BOQ!BS$6,'[20]WorkDone DATA'!$G:$G,BOQ!$B170)*$G170","v":{"$error":"#VALUE!"}},{"$f":"SUMIFS('[20]WorkDone DATA'!$L:$L,'[20]WorkDone DATA'!$N:$N,BOQ!BT$6,'[20]WorkDone DATA'!$G:$G,BOQ!$B170)*$G170","v":{"$error":"#VALUE!"}},{"$f":"SUMIFS('[20]WorkDone DATA'!$L:$L,'[20]WorkDone DATA'!$N:$N,BOQ!BU$6,'[20]WorkDone DATA'!$G:$G,BOQ!$B170)*$G170","v":{"$error":"#VALUE!"}},{"$f":"SUMIFS('[20]WorkDone DATA'!$L:$L,'[20]WorkDone DATA'!$N:$N,BOQ!BV$6,'[20]WorkDone DATA'!$G:$G,BOQ!$B170)*$G170","v":{"$error":"#VALUE!"}},{"$f":"SUMIFS('[20]WorkDone DATA'!$L:$L,'[20]WorkDone DATA'!$N:$N,BOQ!BW$6,'[20]WorkDone DATA'!$G:$G,BOQ!$B170)*$G170","v":{"$error":"#VALUE!"}},{"$f":"SUMIFS('[20]WorkDone DATA'!$L:$L,'[20]WorkDone DATA'!$N:$N,BOQ!BX$6,'[20]WorkDone DATA'!$G:$G,BOQ!$B170)*$G170","v":{"$error":"#VALUE!"}}]
[{"$f":"C169","v":"630mm2 x 1core (CXX01XCV)  3.8kV/6.6kV"},2.084,"Installation","A","set",36,{"v":3609.98,"d":"3,609.98"},{"v":129959.28,"d":"129,959.28"},null,null,{"$error":"#VALUE!"},{"$error":"#VALUE!"},{"$error":"#VALUE!"},null,{"$error":"#VALUE!"},{"$error":"#VALUE!"},null,{"$f":"SUMIFS('[20]WorkDone DATA'!$L:$L,'[20]WorkDone DATA'!$N:$N,BOQ!S$6,'[20]WorkDone DATA'!$G:$G,BOQ!$B171)","v":{"$error":"#VALUE!"}},{"$error":"#VALUE!"},{"$f":"SUMIFS('[20]WorkDone DATA'!$L:$L,'[20]WorkDone DATA'!$N:$N,BOQ!U$6,'[20]WorkDone DATA'!$G:$G,BOQ!$B171)","v":{"$error":"#VALUE!"}},{"$error":"#VALUE!"},null,{"$f":"SUMIFS('[20]WorkDone DATA'!$L:$L,'[20]WorkDone DATA'!$N:$N,BOQ!W$6,'[20]WorkDone DATA'!$G:$G,BOQ!$B171)*$G171","v":{"$error":"#VALUE!"}},null,{"$f":"SUMIFS('[20]WorkDone DATA'!$L:$L,'[20]WorkDone DATA'!$N:$N,BOQ!Y$6,'[20]WorkDone DATA'!$G:$G,BOQ!$B171)*$G171","v":{"$error":"#VALUE!"}},null,{"$f":"SUMIFS('[20]WorkDone DATA'!$L:$L,'[20]WorkDone DATA'!$N:$N,BOQ!AA$6,'[20]WorkDone DATA'!$G:$G,BOQ!$B171)*$G171","v":{"$error":"#VALUE!"}},{"$f":"SUMIFS('[20]WorkDone DATA'!$L:$L,'[20]WorkDone DATA'!$N:$N,BOQ!AB$6,'[20]WorkDone DATA'!$G:$G,BOQ!$B171)*$G171","v":{"$error":"#VALUE!"}},{"$f":"SUMIFS('[20]WorkDone DATA'!$L:$L,'[20]WorkDone DATA'!$N:$N,BOQ!AC$6,'[20]WorkDone DATA'!$G:$G,BOQ!$B171)*$G171","v":{"$error":"#VALUE!"}},{"$f":"SUMIFS('[20]WorkDone DATA'!$L:$L,'[20]WorkDone DATA'!$N:$N,BOQ!AD$6,'[20]WorkDone DATA'!$G:$G,BOQ!$B171)*$G171","v":{"$error":"#VALUE!"}},{"$f":"SUMIFS('[20]WorkDone DATA'!$L:$L,'[20]WorkDone DATA'!$N:$N,BOQ!AE$6,'[20]WorkDone DATA'!$G:$G,BOQ!$B171)*$G171","v":{"$error":"#VALUE!"}},{"$f":"SUMIFS('[20]WorkDone DATA'!$L:$L,'[20]WorkDone DATA'!$N:$N,BOQ!AF$6,'[20]WorkDone DATA'!$G:$G,BOQ!$B171)*$G171","v":{"$error":"#VALUE!"}},{"$f":"SUMIFS('[20]WorkDone DATA'!$L:$L,'[20]WorkDone DATA'!$N:$N,BOQ!AG$6,'[20]WorkDone DATA'!$G:$G,BOQ!$B171)*$G171","v":{"$error":"#VALUE!"}},{"$f":"SUMIFS('[20]WorkDone DATA'!$L:$L,'[20]WorkDone DATA'!$N:$N,BOQ!AH$6,'[20]WorkDone DATA'!$G:$G,BOQ!$B171)*$G171","v":{"$error":"#VALUE!"}},{"$f":"SUMIFS('[20]WorkDone DATA'!$L:$L,'[20]WorkDone DATA'!$N:$N,BOQ!AI$6,'[20]WorkDone DATA'!$G:$G,BOQ!$B171)*$G171","v":{"$error":"#VALUE!"}},{"$f":"SUMIFS('[20]WorkDone DATA'!$L:$L,'[20]WorkDone DATA'!$N:$N,BOQ!AJ$6,'[20]WorkDone DATA'!$G:$G,BOQ!$B171)*$G171","v":{"$error":"#VALUE!"}},{"$f":"SUMIFS('[20]WorkDone DATA'!$L:$L,'[20]WorkDone DATA'!$N:$N,BOQ!AK$6,'[20]WorkDone DATA'!$G:$G,BOQ!$B171)*$G171","v":{"$error":"#VALUE!"}},{"$f":"SUMIFS('[20]WorkDone DATA'!$L:$L,'[20]WorkDone DATA'!$N:$N,BOQ!AL$6,'[20]WorkDone DATA'!$G:$G,BOQ!$B171)*$G171","v":{"$error":"#VALUE!"}},{"$f":"SUMIFS('[20]WorkDone DATA'!$L:$L,'[20]WorkDone DATA'!$N:$N,BOQ!AM$6,'[20]WorkDone DATA'!$G:$G,BOQ!$B171)*$G171","v":{"$error":"#VALUE!"}},{"$f":"SUMIFS('[20]WorkDone DATA'!$L:$L,'[20]WorkDone DATA'!$N:$N,BOQ!AN$6,'[20]WorkDone DATA'!$G:$G,BOQ!$B171)*$G171","v":{"$error":"#VALUE!"}},{"$f":"SUMIFS('[20]WorkDone DATA'!$L:$L,'[20]WorkDone DATA'!$N:$N,BOQ!AO$6,'[20]WorkDone DATA'!$G:$G,BOQ!$B171)*$G171","v":{"$error":"#VALUE!"}},{"$f":"SUMIFS('[20]WorkDone DATA'!$L:$L,'[20]WorkDone DATA'!$N:$N,BOQ!AP$6,'[20]WorkDone DATA'!$G:$G,BOQ!$B171)*$G171","v":{"$error":"#VALUE!"}},{"$f":"SUMIFS('[20]WorkDone DATA'!$L:$L,'[20]WorkDone DATA'!$N:$N,BOQ!AQ$6,'[20]WorkDone DATA'!$G:$G,BOQ!$B171)*$G171","v":{"$error":"#VALUE!"}},{"$f":"SUMIFS('[20]WorkDone DATA'!$L:$L,'[20]WorkDone DATA'!$N:$N,BOQ!AR$6,'[20]WorkDone DATA'!$G:$G,BOQ!$B171)*$G171","v":{"$error":"#VALUE!"}},{"$f":"SUMIFS('[20]WorkDone DATA'!$L:$L,'[20]WorkDone DATA'!$N:$N,BOQ!AS$6,'[20]WorkDone DATA'!$G:$G,BOQ!$B171)*$G171","v":{"$error":"#VALUE!"}},{"$f":"SUMIFS('[20]WorkDone DATA'!$L:$L,'[20]WorkDone DATA'!$N:$N,BOQ!AT$6,'[20]WorkDone DATA'!$G:$G,BOQ!$B171)*$G171","v":{"$error":"#VALUE!"}},{"$f":"SUMIFS('[20]WorkDone DATA'!$L:$L,'[20]WorkDone DATA'!$N:$N,BOQ!AU$6,'[20]WorkDone DATA'!$G:$G,BOQ!$B171)*$G171","v":{"$error":"#VALUE!"}},{"$f":"SUMIFS('[20]WorkDone DATA'!$L:$L,'[20]WorkDone DATA'!$N:$N,BOQ!AV$6,'[20]WorkDone DATA'!$G:$G,BOQ!$B171)*$G171","v":{"$error":"#VALUE!"}},{"$f":"SUMIFS('[20]WorkDone DATA'!$L:$L,'[20]WorkDone DATA'!$N:$N,BOQ!AW$6,'[20]WorkDone DATA'!$G:$G,BOQ!$B171)*$G171","v":{"$error":"#VALUE!"}},{"$f":"SUMIFS('[20]WorkDone DATA'!$L:$L,'[20]WorkDone DATA'!$N:$N,BOQ!AX$6,'[20]WorkDone DATA'!$G:$G,BOQ!$B171)*$G171","v":{"$error":"#VALUE!"}},{"$f":"SUMIFS('[20]WorkDone DATA'!$L:$L,'[20]WorkDone DATA'!$N:$N,BOQ!AY$6,'[20]WorkDone DATA'!$G:$G,BOQ!$B171)*$G171","v":{"$error":"#VALUE!"}},{"$f":"SUMIFS('[20]WorkDone DATA'!$L:$L,'[20]WorkDone DATA'!$N:$N,BOQ!AZ$6,'[20]WorkDone DATA'!$G:$G,BOQ!$B171)*$G171","v":{"$error":"#VALUE!"}},{"$f":"SUMIFS('[20]WorkDone DATA'!$L:$L,'[20]WorkDone DATA'!$N:$N,BOQ!BA$6,'[20]WorkDone DATA'!$G:$G,BOQ!$B171)*$G171","v":{"$error":"#VALUE!"}},{"$f":"SUMIFS('[20]WorkDone DATA'!$L:$L,'[20]WorkDone DATA'!$N:$N,BOQ!BB$6,'[20]WorkDone DATA'!$G:$G,BOQ!$B171)*$G171","v":{"$error":"#VALUE!"}},{"$f":"SUMIFS('[20]WorkDone DATA'!$L:$L,'[20]WorkDone DATA'!$N:$N,BOQ!BC$6,'[20]WorkDone DATA'!$G:$G,BOQ!$B171)*$G171","v":{"$error":"#VALUE!"}},{"$f":"SUMIFS('[20]WorkDone DATA'!$L:$L,'[20]WorkDone DATA'!$N:$N,BOQ!BD$6,'[20]WorkDone DATA'!$G:$G,BOQ!$B171)*$G171","v":{"$error":"#VALUE!"}},{"$f":"SUMIFS('[20]WorkDone DATA'!$L:$L,'[20]WorkDone DATA'!$N:$N,BOQ!BE$6,'[20]WorkDone DATA'!$G:$G,BOQ!$B171)*$G171","v":{"$error":"#VALUE!"}},{"$f":"SUMIFS('[20]WorkDone DATA'!$L:$L,'[20]WorkDone DATA'!$N:$N,BOQ!BF$6,'[20]WorkDone DATA'!$G:$G,BOQ!$B171)*$G171","v":{"$error":"#VALUE!"}},{"$f":"SUMIFS('[20]WorkDone DATA'!$L:$L,'[20]WorkDone DATA'!$N:$N,BOQ!BG$6,'[20]WorkDone DATA'!$G:$G,BOQ!$B171)*$G171","v":{"$error":"#VALUE!"}},{"$f":"SUMIFS('[20]WorkDone DATA'!$L:$L,'[20]WorkDone DATA'!$N:$N,BOQ!BH$6,'[20]WorkDone DATA'!$G:$G,BOQ!$B171)*$G171","v":{"$error":"#VALUE!"}},{"$f":"SUMIFS('[20]WorkDone DATA'!$L:$L,'[20]WorkDone DATA'!$N:$N,BOQ!BI$6,'[20]WorkDone DATA'!$G:$G,BOQ!$B171)*$G171","v":{"$error":"#VALUE!"}},{"$f":"SUMIFS('[20]WorkDone DATA'!$L:$L,'[20]WorkDone DATA'!$N:$N,BOQ!BJ$6,'[20]WorkDone DATA'!$G:$G,BOQ!$B171)*$G171","v":{"$error":"#VALUE!"}},{"$f":"SUMIFS('[20]WorkDone DATA'!$L:$L,'[20]WorkDone DATA'!$N:$N,BOQ!BK$6,'[20]WorkDone DATA'!$G:$G,BOQ!$B171)*$G171","v":{"$error":"#VALUE!"}},{"$f":"SUMIFS('[20]WorkDone DATA'!$L:$L,'[20]WorkDone DATA'!$N:$N,BOQ!BL$6,'[20]WorkDone DATA'!$G:$G,BOQ!$B171)*$G171","v":{"$error":"#VALUE!"}},{"$f":"SUMIFS('[20]WorkDone DATA'!$L:$L,'[20]WorkDone DATA'!$N:$N,BOQ!BM$6,'[20]WorkDone DATA'!$G:$G,BOQ!$B171)*$G171","v":{"$error":"#VALUE!"}},{"$f":"SUMIFS('[20]WorkDone DATA'!$L:$L,'[20]WorkDone DATA'!$N:$N,BOQ!BN$6,'[20]WorkDone DATA'!$G:$G,BOQ!$B171)*$G171","v":{"$error":"#VALUE!"}},{"$f":"SUMIFS('[20]WorkDone DATA'!$L:$L,'[20]WorkDone DATA'!$N:$N,BOQ!BO$6,'[20]WorkDone DATA'!$G:$G,BOQ!$B171)*$G171","v":{"$error":"#VALUE!"}},{"$f":"SUMIFS('[20]WorkDone DATA'!$L:$L,'[20]WorkDone DATA'!$N:$N,BOQ!BP$6,'[20]WorkDone DATA'!$G:$G,BOQ!$B171)*$G171","v":{"$error":"#VALUE!"}},{"$f":"SUMIFS('[20]WorkDone DATA'!$L:$L,'[20]WorkDone DATA'!$N:$N,BOQ!BQ$6,'[20]WorkDone DATA'!$G:$G,BOQ!$B171)*$G171","v":{"$error":"#VALUE!"}},{"$f":"SUMIFS('[20]WorkDone DATA'!$L:$L,'[20]WorkDone DATA'!$N:$N,BOQ!BR$6,'[20]WorkDone DATA'!$G:$G,BOQ!$B171)*$G171","v":{"$error":"#VALUE!"}},{"$f":"SUMIFS('[20]WorkDone DATA'!$L:$L,'[20]WorkDone DATA'!$N:$N,BOQ!BS$6,'[20]WorkDone DATA'!$G:$G,BOQ!$B171)*$G171","v":{"$error":"#VALUE!"}},{"$f":"SUMIFS('[20]WorkDone DATA'!$L:$L,'[20]WorkDone DATA'!$N:$N,BOQ!BT$6,'[20]WorkDone DATA'!$G:$G,BOQ!$B171)*$G171","v":{"$error":"#VALUE!"}},{"$f":"SUMIFS('[20]WorkDone DATA'!$L:$L,'[20]WorkDone DATA'!$N:$N,BOQ!BU$6,'[20]WorkDone DATA'!$G:$G,BOQ!$B171)*$G171","v":{"$error":"#VALUE!"}},{"$f":"SUMIFS('[20]WorkDone DATA'!$L:$L,'[20]WorkDone DATA'!$N:$N,BOQ!BV$6,'[20]WorkDone DATA'!$G:$G,BOQ!$B171)*$G171","v":{"$error":"#VALUE!"}},{"$f":"SUMIFS('[20]WorkDone DATA'!$L:$L,'[20]WorkDone DATA'!$N:$N,BOQ!BW$6,'[20]WorkDone DATA'!$G:$G,BOQ!$B171)*$G171","v":{"$error":"#VALUE!"}},{"$f":"SUMIFS('[20]WorkDone DATA'!$L:$L,'[20]WorkDone DATA'!$N:$N,BOQ!BX$6,'[20]WorkDone DATA'!$G:$G,BOQ!$B171)*$G171","v":{"$error":"#VALUE!"}}]
[null,null,"240mm2 x 3 core (CXX03TCV) 3.8kV/6.6kV",{"$nulls":4},0,{"$nulls":3},{"$error":"#VALUE!"},{"$error":"#VALUE!"},null,0,{"$error":"#VALUE!"},null,{"$f":"SUMIFS('[20]WorkDone DATA'!$L:$L,'[20]WorkDone DATA'!$N:$N,BOQ!S$6,'[20]WorkDone DATA'!$G:$G,BOQ!$B172)","v":{"$error":"#VALUE!"}},{"$error":"#VALUE!"},{"$f":"SUMIFS('[20]WorkDone DATA'!$L:$L,'[20]WorkDone DATA'!$N:$N,BOQ!U$6,'[20]WorkDone DATA'!$G:$G,BOQ!$B172)","v":{"$error":"#VALUE!"}},{"$error":"#VALUE!"},null,{"$f":"SUMIFS('[20]WorkDone DATA'!$L:$L,'[20]WorkDone DATA'!$N:$N,BOQ!W$6,'[20]WorkDone DATA'!$G:$G,BOQ!$B172)*$G172","v":{"$error":"#VALUE!"}},null,{"$f":"SUMIFS('[20]WorkDone DATA'!$L:$L,'[20]WorkDone DATA'!$N:$N,BOQ!Y$6,'[20]WorkDone DATA'!$G:$G,BOQ!$B172)*$G172","v":{"$error":"#VALUE!"}},null,{"$f":"SUMIFS('[20]WorkDone DATA'!$L:$L,'[20]WorkDone DATA'!$N:$N,BOQ!AA$6,'[20]WorkDone DATA'!$G:$G,BOQ!$B172)*$G172","v":{"$error":"#VALUE!"}},{"$f":"SUMIFS('[20]WorkDone DATA'!$L:$L,'[20]WorkDone DATA'!$N:$N,BOQ!AB$6,'[20]WorkDone DATA'!$G:$G,BOQ!$B172)*$G172","v":{"$error":"#VALUE!"}},{"$f":"SUMIFS('[20]WorkDone DATA'!$L:$L,'[20]WorkDone DATA'!$N:$N,BOQ!AC$6,'[20]WorkDone DATA'!$G:$G,BOQ!$B172)*$G172","v":{"$error":"#VALUE!"}},{"$f":"SUMIFS('[20]WorkDone DATA'!$L:$L,'[20]WorkDone DATA'!$N:$N,BOQ!AD$6,'[20]WorkDone DATA'!$G:$G,BOQ!$B172)*$G172","v":{"$error":"#VALUE!"}},{"$f":"SUMIFS('[20]WorkDone DATA'!$L:$L,'[20]WorkDone DATA'!$N:$N,BOQ!AE$6,'[20]WorkDone DATA'!$G:$G,BOQ!$B172)*$G172","v":{"$error":"#VALUE!"}},{"$f":"SUMIFS('[20]WorkDone DATA'!$L:$L,'[20]WorkDone DATA'!$N:$N,BOQ!AF$6,'[20]WorkDone DATA'!$G:$G,BOQ!$B172)*$G172","v":{"$error":"#VALUE!"}},{"$f":"SUMIFS('[20]WorkDone DATA'!$L:$L,'[20]WorkDone DATA'!$N:$N,BOQ!AG$6,'[20]WorkDone DATA'!$G:$G,BOQ!$B172)*$G172","v":{"$error":"#VALUE!"}},{"$f":"SUMIFS('[20]WorkDone DATA'!$L:$L,'[20]WorkDone DATA'!$N:$N,BOQ!AH$6,'[20]WorkDone DATA'!$G:$G,BOQ!$B172)*$G172","v":{"$error":"#VALUE!"}},{"$f":"SUMIFS('[20]WorkDone DATA'!$L:$L,'[20]WorkDone DATA'!$N:$N,BOQ!AI$6,'[20]WorkDone DATA'!$G:$G,BOQ!$B172)*$G172","v":{"$error":"#VALUE!"}},{"$f":"SUMIFS('[20]WorkDone DATA'!$L:$L,'[20]WorkDone DATA'!$N:$N,BOQ!AJ$6,'[20]WorkDone DATA'!$G:$G,BOQ!$B172)*$G172","v":{"$error":"#VALUE!"}},{"$f":"SUMIFS('[20]WorkDone DATA'!$L:$L,'[20]WorkDone DATA'!$N:$N,BOQ!AK$6,'[20]WorkDone DATA'!$G:$G,BOQ!$B172)*$G172","v":{"$error":"#VALUE!"}},{"$f":"SUMIFS('[20]WorkDone DATA'!$L:$L,'[20]WorkDone DATA'!$N:$N,BOQ!AL$6,'[20]WorkDone DATA'!$G:$G,BOQ!$B172)*$G172","v":{"$error":"#VALUE!"}},{"$f":"SUMIFS('[20]WorkDone DATA'!$L:$L,'[20]WorkDone DATA'!$N:$N,BOQ!AM$6,'[20]WorkDone DATA'!$G:$G,BOQ!$B172)*$G172","v":{"$error":"#VALUE!"}},{"$f":"SUMIFS('[20]WorkDone DATA'!$L:$L,'[20]WorkDone DATA'!$N:$N,BOQ!AN$6,'[20]WorkDone DATA'!$G:$G,BOQ!$B172)*$G172","v":{"$error":"#VALUE!"}},{"$f":"SUMIFS('[20]WorkDone DATA'!$L:$L,'[20]WorkDone DATA'!$N:$N,BOQ!AO$6,'[20]WorkDone DATA'!$G:$G,BOQ!$B172)*$G172","v":{"$error":"#VALUE!"}},{"$f":"SUMIFS('[20]WorkDone DATA'!$L:$L,'[20]WorkDone DATA'!$N:$N,BOQ!AP$6,'[20]WorkDone DATA'!$G:$G,BOQ!$B172)*$G172","v":{"$error":"#VALUE!"}},{"$f":"SUMIFS('[20]WorkDone DATA'!$L:$L,'[20]WorkDone DATA'!$N:$N,BOQ!AQ$6,'[20]WorkDone DATA'!$G:$G,BOQ!$B172)*$G172","v":{"$error":"#VALUE!"}},{"$f":"SUMIFS('[20]WorkDone DATA'!$L:$L,'[20]WorkDone DATA'!$N:$N,BOQ!AR$6,'[20]WorkDone DATA'!$G:$G,BOQ!$B172)*$G172","v":{"$error":"#VALUE!"}},{"$f":"SUMIFS('[20]WorkDone DATA'!$L:$L,'[20]WorkDone DATA'!$N:$N,BOQ!AS$6,'[20]WorkDone DATA'!$G:$G,BOQ!$B172)*$G172","v":{"$error":"#VALUE!"}},{"$f":"SUMIFS('[20]WorkDone DATA'!$L:$L,'[20]WorkDone DATA'!$N:$N,BOQ!AT$6,'[20]WorkDone DATA'!$G:$G,BOQ!$B172)*$G172","v":{"$error":"#VALUE!"}},{"$f":"SUMIFS('[20]WorkDone DATA'!$L:$L,'[20]WorkDone DATA'!$N:$N,BOQ!AU$6,'[20]WorkDone DATA'!$G:$G,BOQ!$B172)*$G172","v":{"$error":"#VALUE!"}},{"$f":"SUMIFS('[20]WorkDone DATA'!$L:$L,'[20]WorkDone DATA'!$N:$N,BOQ!AV$6,'[20]WorkDone DATA'!$G:$G,BOQ!$B172)*$G172","v":{"$error":"#VALUE!"}},{"$f":"SUMIFS('[20]WorkDone DATA'!$L:$L,'[20]WorkDone DATA'!$N:$N,BOQ!AW$6,'[20]WorkDone DATA'!$G:$G,BOQ!$B172)*$G172","v":{"$error":"#VALUE!"}},{"$f":"SUMIFS('[20]WorkDone DATA'!$L:$L,'[20]WorkDone DATA'!$N:$N,BOQ!AX$6,'[20]WorkDone DATA'!$G:$G,BOQ!$B172)*$G172","v":{"$error":"#VALUE!"}},{"$f":"SUMIFS('[20]WorkDone DATA'!$L:$L,'[20]WorkDone DATA'!$N:$N,BOQ!AY$6,'[20]WorkDone DATA'!$G:$G,BOQ!$B172)*$G172","v":{"$error":"#VALUE!"}},{"$f":"SUMIFS('[20]WorkDone DATA'!$L:$L,'[20]WorkDone DATA'!$N:$N,BOQ!AZ$6,'[20]WorkDone DATA'!$G:$G,BOQ!$B172)*$G172","v":{"$error":"#VALUE!"}},{"$f":"SUMIFS('[20]WorkDone DATA'!$L:$L,'[20]WorkDone DATA'!$N:$N,BOQ!BA$6,'[20]WorkDone DATA'!$G:$G,BOQ!$B172)*$G172","v":{"$error":"#VALUE!"}},{"$f":"SUMIFS('[20]WorkDone DATA'!$L:$L,'[20]WorkDone DATA'!$N:$N,BOQ!BB$6,'[20]WorkDone DATA'!$G:$G,BOQ!$B172)*$G172","v":{"$error":"#VALUE!"}},{"$f":"SUMIFS('[20]WorkDone DATA'!$L:$L,'[20]WorkDone DATA'!$N:$N,BOQ!BC$6,'[20]WorkDone DATA'!$G:$G,BOQ!$B172)*$G172","v":{"$error":"#VALUE!"}},{"$f":"SUMIFS('[20]WorkDone DATA'!$L:$L,'[20]WorkDone DATA'!$N:$N,BOQ!BD$6,'[20]WorkDone DATA'!$G:$G,BOQ!$B172)*$G172","v":{"$error":"#VALUE!"}},{"$f":"SUMIFS('[20]WorkDone DATA'!$L:$L,'[20]WorkDone DATA'!$N:$N,BOQ!BE$6,'[20]WorkDone DATA'!$G:$G,BOQ!$B172)*$G172","v":{"$error":"#VALUE!"}},{"$f":"SUMIFS('[20]WorkDone DATA'!$L:$L,'[20]WorkDone DATA'!$N:$N,BOQ!BF$6,'[20]WorkDone DATA'!$G:$G,BOQ!$B172)*$G172","v":{"$error":"#VALUE!"}},{"$f":"SUMIFS('[20]WorkDone DATA'!$L:$L,'[20]WorkDone DATA'!$N:$N,BOQ!BG$6,'[20]WorkDone DATA'!$G:$G,BOQ!$B172)*$G172","v":{"$error":"#VALUE!"}},{"$f":"SUMIFS('[20]WorkDone DATA'!$L:$L,'[20]WorkDone DATA'!$N:$N,BOQ!BH$6,'[20]WorkDone DATA'!$G:$G,BOQ!$B172)*$G172","v":{"$error":"#VALUE!"}},{"$f":"SUMIFS('[20]WorkDone DATA'!$L:$L,'[20]WorkDone DATA'!$N:$N,BOQ!BI$6,'[20]WorkDone DATA'!$G:$G,BOQ!$B172)*$G172","v":{"$error":"#VALUE!"}},{"$f":"SUMIFS('[20]WorkDone DATA'!$L:$L,'[20]WorkDone DATA'!$N:$N,BOQ!BJ$6,'[20]WorkDone DATA'!$G:$G,BOQ!$B172)*$G172","v":{"$error":"#VALUE!"}},{"$f":"SUMIFS('[20]WorkDone DATA'!$L:$L,'[20]WorkDone DATA'!$N:$N,BOQ!BK$6,'[20]WorkDone DATA'!$G:$G,BOQ!$B172)*$G172","v":{"$error":"#VALUE!"}},{"$f":"SUMIFS('[20]WorkDone DATA'!$L:$L,'[20]WorkDone DATA'!$N:$N,BOQ!BL$6,'[20]WorkDone DATA'!$G:$G,BOQ!$B172)*$G172","v":{"$error":"#VALUE!"}},{"$f":"SUMIFS('[20]WorkDone DATA'!$L:$L,'[20]WorkDone DATA'!$N:$N,BOQ!BM$6,'[20]WorkDone DATA'!$G:$G,BOQ!$B172)*$G172","v":{"$error":"#VALUE!"}},{"$f":"SUMIFS('[20]WorkDone DATA'!$L:$L,'[20]WorkDone DATA'!$N:$N,BOQ!BN$6,'[20]WorkDone DATA'!$G:$G,BOQ!$B172)*$G172","v":{"$error":"#VALUE!"}},{"$f":"SUMIFS('[20]WorkDone DATA'!$L:$L,'[20]WorkDone DATA'!$N:$N,BOQ!BO$6,'[20]WorkDone DATA'!$G:$G,BOQ!$B172)*$G172","v":{"$error":"#VALUE!"}},{"$f":"SUMIFS('[20]WorkDone DATA'!$L:$L,'[20]WorkDone DATA'!$N:$N,BOQ!BP$6,'[20]WorkDone DATA'!$G:$G,BOQ!$B172)*$G172","v":{"$error":"#VALUE!"}},{"$f":"SUMIFS('[20]WorkDone DATA'!$L:$L,'[20]WorkDone DATA'!$N:$N,BOQ!BQ$6,'[20]WorkDone DATA'!$G:$G,BOQ!$B172)*$G172","v":{"$error":"#VALUE!"}},{"$f":"SUMIFS('[20]WorkDone DATA'!$L:$L,'[20]WorkDone DATA'!$N:$N,BOQ!BR$6,'[20]WorkDone DATA'!$G:$G,BOQ!$B172)*$G172","v":{"$error":"#VALUE!"}},{"$f":"SUMIFS('[20]WorkDone DATA'!$L:$L,'[20]WorkDone DATA'!$N:$N,BOQ!BS$6,'[20]WorkDone DATA'!$G:$G,BOQ!$B172)*$G172","v":{"$error":"#VALUE!"}},{"$f":"SUMIFS('[20]WorkDone DATA'!$L:$L,'[20]WorkDone DATA'!$N:$N,BOQ!BT$6,'[20]WorkDone DATA'!$G:$G,BOQ!$B172)*$G172","v":{"$error":"#VALUE!"}},{"$f":"SUMIFS('[20]WorkDone DATA'!$L:$L,'[20]WorkDone DATA'!$N:$N,BOQ!BU$6,'[20]WorkDone DATA'!$G:$G,BOQ!$B172)*$G172","v":{"$error":"#VALUE!"}},{"$f":"SUMIFS('[20]WorkDone DATA'!$L:$L,'[20]WorkDone DATA'!$N:$N,BOQ!BV$6,'[20]WorkDone DATA'!$G:$G,BOQ!$B172)*$G172","v":{"$error":"#VALUE!"}},{"$f":"SUMIFS('[20]WorkDone DATA'!$L:$L,'[20]WorkDone DATA'!$N:$N,BOQ!BW$6,'[20]WorkDone DATA'!$G:$G,BOQ!$B172)*$G172","v":{"$error":"#VALUE!"}},{"$f":"SUMIFS('[20]WorkDone DATA'!$L:$L,'[20]WorkDone DATA'!$N:$N,BOQ!BX$6,'[20]WorkDone DATA'!$G:$G,BOQ!$B172)*$G172","v":{"$error":"#VALUE!"}}]
[{"$f":"C172","v":"240mm2 x 3 core (CXX03TCV) 3.8kV/6.6kV"},2.085,"Supply","E","set",26,{"v":4606.36,"d":"4,606.36"},{"v":119765.35999999999,"d":"119,765.36"},null,null,{"$error":"#VALUE!"},{"$error":"#VALUE!"},{"$error":"#VALUE!"},null,{"$error":"#VALUE!"},{"$error":"#VALUE!"},null,{"$f":"SUMIFS('[20]WorkDone DATA'!$L:$L,'[20]WorkDone DATA'!$N:$N,BOQ!S$6,'[20]WorkDone DATA'!$G:$G,BOQ!$B173)","v":{"$error":"#VALUE!"}},{"$error":"#VALUE!"},{"$f":"SUMIFS('[20]WorkDone DATA'!$L:$L,'[20]WorkDone DATA'!$N:$N,BOQ!U$6,'[20]WorkDone DATA'!$G:$G,BOQ!$B173)","v":{"$error":"#VALUE!"}},{"$error":"#VALUE!"},null,{"$f":"SUMIFS('[20]WorkDone DATA'!$L:$L,'[20]WorkDone DATA'!$N:$N,BOQ!W$6,'[20]WorkDone DATA'!$G:$G,BOQ!$B173)*$G173","v":{"$error":"#VALUE!"}},null,{"$f":"SUMIFS('[20]WorkDone DATA'!$L:$L,'[20]WorkDone DATA'!$N:$N,BOQ!Y$6,'[20]WorkDone DATA'!$G:$G,BOQ!$B173)*$G173","v":{"$error":"#VALUE!"}},null,{"$f":"SUMIFS('[20]WorkDone DATA'!$L:$L,'[20]WorkDone DATA'!$N:$N,BOQ!AA$6,'[20]WorkDone DATA'!$G:$G,BOQ!$B173)*$G173","v":{"$error":"#VALUE!"}},{"$f":"SUMIFS('[20]WorkDone DATA'!$L:$L,'[20]WorkDone DATA'!$N:$N,BOQ!AB$6,'[20]WorkDone DATA'!$G:$G,BOQ!$B173)*$G173","v":{"$error":"#VALUE!"}},{"$f":"SUMIFS('[20]WorkDone DATA'!$L:$L,'[20]WorkDone DATA'!$N:$N,BOQ!AC$6,'[20]WorkDone DATA'!$G:$G,BOQ!$B173)*$G173","v":{"$error":"#VALUE!"}},{"$f":"SUMIFS('[20]WorkDone DATA'!$L:$L,'[20]WorkDone DATA'!$N:$N,BOQ!AD$6,'[20]WorkDone DATA'!$G:$G,BOQ!$B173)*$G173","v":{"$error":"#VALUE!"}},{"$f":"SUMIFS('[20]WorkDone DATA'!$L:$L,'[20]WorkDone DATA'!$N:$N,BOQ!AE$6,'[20]WorkDone DATA'!$G:$G,BOQ!$B173)*$G173","v":{"$error":"#VALUE!"}},{"$f":"SUMIFS('[20]WorkDone DATA'!$L:$L,'[20]WorkDone DATA'!$N:$N,BOQ!AF$6,'[20]WorkDone DATA'!$G:$G,BOQ!$B173)*$G173","v":{"$error":"#VALUE!"}},{"$f":"SUMIFS('[20]WorkDone DATA'!$L:$L,'[20]WorkDone DATA'!$N:$N,BOQ!AG$6,'[20]WorkDone DATA'!$G:$G,BOQ!$B173)*$G173","v":{"$error":"#VALUE!"}},{"$f":"SUMIFS('[20]WorkDone DATA'!$L:$L,'[20]WorkDone DATA'!$N:$N,BOQ!AH$6,'[20]WorkDone DATA'!$G:$G,BOQ!$B173)*$G173","v":{"$error":"#VALUE!"}},{"$f":"SUMIFS('[20]WorkDone DATA'!$L:$L,'[20]WorkDone DATA'!$N:$N,BOQ!AI$6,'[20]WorkDone DATA'!$G:$G,BOQ!$B173)*$G173","v":{"$error":"#VALUE!"}},{"$f":"SUMIFS('[20]WorkDone DATA'!$L:$L,'[20]WorkDone DATA'!$N:$N,BOQ!AJ$6,'[20]WorkDone DATA'!$G:$G,BOQ!$B173)*$G173","v":{"$error":"#VALUE!"}},{"$f":"SUMIFS('[20]WorkDone DATA'!$L:$L,'[20]WorkDone DATA'!$N:$N,BOQ!AK$6,'[20]WorkDone DATA'!$G:$G,BOQ!$B173)*$G173","v":{"$error":"#VALUE!"}},{"$f":"SUMIFS('[20]WorkDone DATA'!$L:$L,'[20]WorkDone DATA'!$N:$N,BOQ!AL$6,'[20]WorkDone DATA'!$G:$G,BOQ!$B173)*$G173","v":{"$error":"#VALUE!"}},{"$f":"SUMIFS('[20]WorkDone DATA'!$L:$L,'[20]WorkDone DATA'!$N:$N,BOQ!AM$6,'[20]WorkDone DATA'!$G:$G,BOQ!$B173)*$G173","v":{"$error":"#VALUE!"}},{"$f":"SUMIFS('[20]WorkDone DATA'!$L:$L,'[20]WorkDone DATA'!$N:$N,BOQ!AN$6,'[20]WorkDone DATA'!$G:$G,BOQ!$B173)*$G173","v":{"$error":"#VALUE!"}},{"$f":"SUMIFS('[20]WorkDone DATA'!$L:$L,'[20]WorkDone DATA'!$N:$N,BOQ!AO$6,'[20]WorkDone DATA'!$G:$G,BOQ!$B173)*$G173","v":{"$error":"#VALUE!"}},{"$f":"SUMIFS('[20]WorkDone DATA'!$L:$L,'[20]WorkDone DATA'!$N:$N,BOQ!AP$6,'[20]WorkDone DATA'!$G:$G,BOQ!$B173)*$G173","v":{"$error":"#VALUE!"}},{"$f":"SUMIFS('[20]WorkDone DATA'!$L:$L,'[20]WorkDone DATA'!$N:$N,BOQ!AQ$6,'[20]WorkDone DATA'!$G:$G,BOQ!$B173)*$G173","v":{"$error":"#VALUE!"}},{"$f":"SUMIFS('[20]WorkDone DATA'!$L:$L,'[20]WorkDone DATA'!$N:$N,BOQ!AR$6,'[20]WorkDone DATA'!$G:$G,BOQ!$B173)*$G173","v":{"$error":"#VALUE!"}},{"$f":"SUMIFS('[20]WorkDone DATA'!$L:$L,'[20]WorkDone DATA'!$N:$N,BOQ!AS$6,'[20]WorkDone DATA'!$G:$G,BOQ!$B173)*$G173","v":{"$error":"#VALUE!"}},{"$f":"SUMIFS('[20]WorkDone DATA'!$L:$L,'[20]WorkDone DATA'!$N:$N,BOQ!AT$6,'[20]WorkDone DATA'!$G:$G,BOQ!$B173)*$G173","v":{"$error":"#VALUE!"}},{"$f":"SUMIFS('[20]WorkDone DATA'!$L:$L,'[20]WorkDone DATA'!$N:$N,BOQ!AU$6,'[20]WorkDone DATA'!$G:$G,BOQ!$B173)*$G173","v":{"$error":"#VALUE!"}},{"$f":"SUMIFS('[20]WorkDone DATA'!$L:$L,'[20]WorkDone DATA'!$N:$N,BOQ!AV$6,'[20]WorkDone DATA'!$G:$G,BOQ!$B173)*$G173","v":{"$error":"#VALUE!"}},{"$f":"SUMIFS('[20]WorkDone DATA'!$L:$L,'[20]WorkDone DATA'!$N:$N,BOQ!AW$6,'[20]WorkDone DATA'!$G:$G,BOQ!$B173)*$G173","v":{"$error":"#VALUE!"}},{"$f":"SUMIFS('[20]WorkDone DATA'!$L:$L,'[20]WorkDone DATA'!$N:$N,BOQ!AX$6,'[20]WorkDone DATA'!$G:$G,BOQ!$B173)*$G173","v":{"$error":"#VALUE!"}},{"$f":"SUMIFS('[20]WorkDone DATA'!$L:$L,'[20]WorkDone DATA'!$N:$N,BOQ!AY$6,'[20]WorkDone DATA'!$G:$G,BOQ!$B173)*$G173","v":{"$error":"#VALUE!"}},{"$f":"SUMIFS('[20]WorkDone DATA'!$L:$L,'[20]WorkDone DATA'!$N:$N,BOQ!AZ$6,'[20]WorkDone DATA'!$G:$G,BOQ!$B173)*$G173","v":{"$error":"#VALUE!"}},{"$f":"SUMIFS('[20]WorkDone DATA'!$L:$L,'[20]WorkDone DATA'!$N:$N,BOQ!BA$6,'[20]WorkDone DATA'!$G:$G,BOQ!$B173)*$G173","v":{"$error":"#VALUE!"}},{"$f":"SUMIFS('[20]WorkDone DATA'!$L:$L,'[20]WorkDone DATA'!$N:$N,BOQ!BB$6,'[20]WorkDone DATA'!$G:$G,BOQ!$B173)*$G173","v":{"$error":"#VALUE!"}},{"$f":"SUMIFS('[20]WorkDone DATA'!$L:$L,'[20]WorkDone DATA'!$N:$N,BOQ!BC$6,'[20]WorkDone DATA'!$G:$G,BOQ!$B173)*$G173","v":{"$error":"#VALUE!"}},{"$f":"SUMIFS('[20]WorkDone DATA'!$L:$L,'[20]WorkDone DATA'!$N:$N,BOQ!BD$6,'[20]WorkDone DATA'!$G:$G,BOQ!$B173)*$G173","v":{"$error":"#VALUE!"}},{"$f":"SUMIFS('[20]WorkDone DATA'!$L:$L,'[20]WorkDone DATA'!$N:$N,BOQ!BE$6,'[20]WorkDone DATA'!$G:$G,BOQ!$B173)*$G173","v":{"$error":"#VALUE!"}},{"$f":"SUMIFS('[20]WorkDone DATA'!$L:$L,'[20]WorkDone DATA'!$N:$N,BOQ!BF$6,'[20]WorkDone DATA'!$G:$G,BOQ!$B173)*$G173","v":{"$error":"#VALUE!"}},{"$f":"SUMIFS('[20]WorkDone DATA'!$L:$L,'[20]WorkDone DATA'!$N:$N,BOQ!BG$6,'[20]WorkDone DATA'!$G:$G,BOQ!$B173)*$G173","v":{"$error":"#VALUE!"}},{"$f":"SUMIFS('[20]WorkDone DATA'!$L:$L,'[20]WorkDone DATA'!$N:$N,BOQ!BH$6,'[20]WorkDone DATA'!$G:$G,BOQ!$B173)*$G173","v":{"$error":"#VALUE!"}},{"$f":"SUMIFS('[20]WorkDone DATA'!$L:$L,'[20]WorkDone DATA'!$N:$N,BOQ!BI$6,'[20]WorkDone DATA'!$G:$G,BOQ!$B173)*$G173","v":{"$error":"#VALUE!"}},{"$f":"SUMIFS('[20]WorkDone DATA'!$L:$L,'[20]WorkDone DATA'!$N:$N,BOQ!BJ$6,'[20]WorkDone DATA'!$G:$G,BOQ!$B173)*$G173","v":{"$error":"#VALUE!"}},{"$f":"SUMIFS('[20]WorkDone DATA'!$L:$L,'[20]WorkDone DATA'!$N:$N,BOQ!BK$6,'[20]WorkDone DATA'!$G:$G,BOQ!$B173)*$G173","v":{"$error":"#VALUE!"}},{"$f":"SUMIFS('[20]WorkDone DATA'!$L:$L,'[20]WorkDone DATA'!$N:$N,BOQ!BL$6,'[20]WorkDone DATA'!$G:$G,BOQ!$B173)*$G173","v":{"$error":"#VALUE!"}},{"$f":"SUMIFS('[20]WorkDone DATA'!$L:$L,'[20]WorkDone DATA'!$N:$N,BOQ!BM$6,'[20]WorkDone DATA'!$G:$G,BOQ!$B173)*$G173","v":{"$error":"#VALUE!"}},{"$f":"SUMIFS('[20]WorkDone DATA'!$L:$L,'[20]WorkDone DATA'!$N:$N,BOQ!BN$6,'[20]WorkDone DATA'!$G:$G,BOQ!$B173)*$G173","v":{"$error":"#VALUE!"}},{"$f":"SUMIFS('[20]WorkDone DATA'!$L:$L,'[20]WorkDone DATA'!$N:$N,BOQ!BO$6,'[20]WorkDone DATA'!$G:$G,BOQ!$B173)*$G173","v":{"$error":"#VALUE!"}},{"$f":"SUMIFS('[20]WorkDone DATA'!$L:$L,'[20]WorkDone DATA'!$N:$N,BOQ!BP$6,'[20]WorkDone DATA'!$G:$G,BOQ!$B173)*$G173","v":{"$error":"#VALUE!"}},{"$f":"SUMIFS('[20]WorkDone DATA'!$L:$L,'[20]WorkDone DATA'!$N:$N,BOQ!BQ$6,'[20]WorkDone DATA'!$G:$G,BOQ!$B173)*$G173","v":{"$error":"#VALUE!"}},{"$f":"SUMIFS('[20]WorkDone DATA'!$L:$L,'[20]WorkDone DATA'!$N:$N,BOQ!BR$6,'[20]WorkDone DATA'!$G:$G,BOQ!$B173)*$G173","v":{"$error":"#VALUE!"}},{"$f":"SUMIFS('[20]WorkDone DATA'!$L:$L,'[20]WorkDone DATA'!$N:$N,BOQ!BS$6,'[20]WorkDone DATA'!$G:$G,BOQ!$B173)*$G173","v":{"$error":"#VALUE!"}},{"$f":"SUMIFS('[20]WorkDone DATA'!$L:$L,'[20]WorkDone DATA'!$N:$N,BOQ!BT$6,'[20]WorkDone DATA'!$G:$G,BOQ!$B173)*$G173","v":{"$error":"#VALUE!"}},{"$f":"SUMIFS('[20]WorkDone DATA'!$L:$L,'[20]WorkDone DATA'!$N:$N,BOQ!BU$6,'[20]WorkDone DATA'!$G:$G,BOQ!$B173)*$G173","v":{"$error":"#VALUE!"}},{"$f":"SUMIFS('[20]WorkDone DATA'!$L:$L,'[20]WorkDone DATA'!$N:$N,BOQ!BV$6,'[20]WorkDone DATA'!$G:$G,BOQ!$B173)*$G173","v":{"$error":"#VALUE!"}},{"$f":"SUMIFS('[20]WorkDone DATA'!$L:$L,'[20]WorkDone DATA'!$N:$N,BOQ!BW$6,'[20]WorkDone DATA'!$G:$G,BOQ!$B173)*$G173","v":{"$error":"#VALUE!"}},{"$f":"SUMIFS('[20]WorkDone DATA'!$L:$L,'[20]WorkDone DATA'!$N:$N,BOQ!BX$6,'[20]WorkDone DATA'!$G:$G,BOQ!$B173)*$G173","v":{"$error":"#VALUE!"}}]
[{"$f":"C172","v":"240mm2 x 3 core (CXX03TCV) 3.8kV/6.6kV"},2.086,"Installation","A","set",26,{"v":2864.77,"d":"2,864.77"},{"v":74484.02,"d":"74,484.02"},null,null,{"$error":"#VALUE!"},{"$error":"#VALUE!"},{"$error":"#VALUE!"},null,{"$error":"#VALUE!"},{"$error":"#VALUE!"},null,{"$f":"SUMIFS('[20]WorkDone DATA'!$L:$L,'[20]WorkDone DATA'!$N:$N,BOQ!S$6,'[20]WorkDone DATA'!$G:$G,BOQ!$B174)","v":{"$error":"#VALUE!"}},{"$error":"#VALUE!"},{"$f":"SUMIFS('[20]WorkDone DATA'!$L:$L,'[20]WorkDone DATA'!$N:$N,BOQ!U$6,'[20]WorkDone DATA'!$G:$G,BOQ!$B174)","v":{"$error":"#VALUE!"}},{"$error":"#VALUE!"},null,{"$f":"SUMIFS('[20]WorkDone DATA'!$L:$L,'[20]WorkDone DATA'!$N:$N,BOQ!W$6,'[20]WorkDone DATA'!$G:$G,BOQ!$B174)*$G174","v":{"$error":"#VALUE!"}},null,{"$f":"SUMIFS('[20]WorkDone DATA'!$L:$L,'[20]WorkDone DATA'!$N:$N,BOQ!Y$6,'[20]WorkDone DATA'!$G:$G,BOQ!$B174)*$G174","v":{"$error":"#VALUE!"}},null,{"$f":"SUMIFS('[20]WorkDone DATA'!$L:$L,'[20]WorkDone DATA'!$N:$N,BOQ!AA$6,'[20]WorkDone DATA'!$G:$G,BOQ!$B174)*$G174","v":{"$error":"#VALUE!"}},{"$f":"SUMIFS('[20]WorkDone DATA'!$L:$L,'[20]WorkDone DATA'!$N:$N,BOQ!AB$6,'[20]WorkDone DATA'!$G:$G,BOQ!$B174)*$G174","v":{"$error":"#VALUE!"}},{"$f":"SUMIFS('[20]WorkDone DATA'!$L:$L,'[20]WorkDone DATA'!$N:$N,BOQ!AC$6,'[20]WorkDone DATA'!$G:$G,BOQ!$B174)*$G174","v":{"$error":"#VALUE!"}},{"$f":"SUMIFS('[20]WorkDone DATA'!$L:$L,'[20]WorkDone DATA'!$N:$N,BOQ!AD$6,'[20]WorkDone DATA'!$G:$G,BOQ!$B174)*$G174","v":{"$error":"#VALUE!"}},{"$f":"SUMIFS('[20]WorkDone DATA'!$L:$L,'[20]WorkDone DATA'!$N:$N,BOQ!AE$6,'[20]WorkDone DATA'!$G:$G,BOQ!$B174)*$G174","v":{"$error":"#VALUE!"}},{"$f":"SUMIFS('[20]WorkDone DATA'!$L:$L,'[20]WorkDone DATA'!$N:$N,BOQ!AF$6,'[20]WorkDone DATA'!$G:$G,BOQ!$B174)*$G174","v":{"$error":"#VALUE!"}},{"$f":"SUMIFS('[20]WorkDone DATA'!$L:$L,'[20]WorkDone DATA'!$N:$N,BOQ!AG$6,'[20]WorkDone DATA'!$G:$G,BOQ!$B174)*$G174","v":{"$error":"#VALUE!"}},{"$f":"SUMIFS('[20]WorkDone DATA'!$L:$L,'[20]WorkDone DATA'!$N:$N,BOQ!AH$6,'[20]WorkDone DATA'!$G:$G,BOQ!$B174)*$G174","v":{"$error":"#VALUE!"}},{"$f":"SUMIFS('[20]WorkDone DATA'!$L:$L,'[20]WorkDone DATA'!$N:$N,BOQ!AI$6,'[20]WorkDone DATA'!$G:$G,BOQ!$B174)*$G174","v":{"$error":"#VALUE!"}},{"$f":"SUMIFS('[20]WorkDone DATA'!$L:$L,'[20]WorkDone DATA'!$N:$N,BOQ!AJ$6,'[20]WorkDone DATA'!$G:$G,BOQ!$B174)*$G174","v":{"$error":"#VALUE!"}},{"$f":"SUMIFS('[20]WorkDone DATA'!$L:$L,'[20]WorkDone DATA'!$N:$N,BOQ!AK$6,'[20]WorkDone DATA'!$G:$G,BOQ!$B174)*$G174","v":{"$error":"#VALUE!"}},{"$f":"SUMIFS('[20]WorkDone DATA'!$L:$L,'[20]WorkDone DATA'!$N:$N,BOQ!AL$6,'[20]WorkDone DATA'!$G:$G,BOQ!$B174)*$G174","v":{"$error":"#VALUE!"}},{"$f":"SUMIFS('[20]WorkDone DATA'!$L:$L,'[20]WorkDone DATA'!$N:$N,BOQ!AM$6,'[20]WorkDone DATA'!$G:$G,BOQ!$B174)*$G174","v":{"$error":"#VALUE!"}},{"$f":"SUMIFS('[20]WorkDone DATA'!$L:$L,'[20]WorkDone DATA'!$N:$N,BOQ!AN$6,'[20]WorkDone DATA'!$G:$G,BOQ!$B174)*$G174","v":{"$error":"#VALUE!"}},{"$f":"SUMIFS('[20]WorkDone DATA'!$L:$L,'[20]WorkDone DATA'!$N:$N,BOQ!AO$6,'[20]WorkDone DATA'!$G:$G,BOQ!$B174)*$G174","v":{"$error":"#VALUE!"}},{"$f":"SUMIFS('[20]WorkDone DATA'!$L:$L,'[20]WorkDone DATA'!$N:$N,BOQ!AP$6,'[20]WorkDone DATA'!$G:$G,BOQ!$B174)*$G174","v":{"$error":"#VALUE!"}},{"$f":"SUMIFS('[20]WorkDone DATA'!$L:$L,'[20]WorkDone DATA'!$N:$N,BOQ!AQ$6,'[20]WorkDone DATA'!$G:$G,BOQ!$B174)*$G174","v":{"$error":"#VALUE!"}},{"$f":"SUMIFS('[20]WorkDone DATA'!$L:$L,'[20]WorkDone DATA'!$N:$N,BOQ!AR$6,'[20]WorkDone DATA'!$G:$G,BOQ!$B174)*$G174","v":{"$error":"#VALUE!"}},{"$f":"SUMIFS('[20]WorkDone DATA'!$L:$L,'[20]WorkDone DATA'!$N:$N,BOQ!AS$6,'[20]WorkDone DATA'!$G:$G,BOQ!$B174)*$G174","v":{"$error":"#VALUE!"}},{"$f":"SUMIFS('[20]WorkDone DATA'!$L:$L,'[20]WorkDone DATA'!$N:$N,BOQ!AT$6,'[20]WorkDone DATA'!$G:$G,BOQ!$B174)*$G174","v":{"$error":"#VALUE!"}},{"$f":"SUMIFS('[20]WorkDone DATA'!$L:$L,'[20]WorkDone DATA'!$N:$N,BOQ!AU$6,'[20]WorkDone DATA'!$G:$G,BOQ!$B174)*$G174","v":{"$error":"#VALUE!"}},{"$f":"SUMIFS('[20]WorkDone DATA'!$L:$L,'[20]WorkDone DATA'!$N:$N,BOQ!AV$6,'[20]WorkDone DATA'!$G:$G,BOQ!$B174)*$G174","v":{"$error":"#VALUE!"}},{"$f":"SUMIFS('[20]WorkDone DATA'!$L:$L,'[20]WorkDone DATA'!$N:$N,BOQ!AW$6,'[20]WorkDone DATA'!$G:$G,BOQ!$B174)*$G174","v":{"$error":"#VALUE!"}},{"$f":"SUMIFS('[20]WorkDone DATA'!$L:$L,'[20]WorkDone DATA'!$N:$N,BOQ!AX$6,'[20]WorkDone DATA'!$G:$G,BOQ!$B174)*$G174","v":{"$error":"#VALUE!"}},{"$f":"SUMIFS('[20]WorkDone DATA'!$L:$L,'[20]WorkDone DATA'!$N:$N,BOQ!AY$6,'[20]WorkDone DATA'!$G:$G,BOQ!$B174)*$G174","v":{"$error":"#VALUE!"}},{"$f":"SUMIFS('[20]WorkDone DATA'!$L:$L,'[20]WorkDone DATA'!$N:$N,BOQ!AZ$6,'[20]WorkDone DATA'!$G:$G,BOQ!$B174)*$G174","v":{"$error":"#VALUE!"}},{"$f":"SUMIFS('[20]WorkDone DATA'!$L:$L,'[20]WorkDone DATA'!$N:$N,BOQ!BA$6,'[20]WorkDone DATA'!$G:$G,BOQ!$B174)*$G174","v":{"$error":"#VALUE!"}},{"$f":"SUMIFS('[20]WorkDone DATA'!$L:$L,'[20]WorkDone DATA'!$N:$N,BOQ!BB$6,'[20]WorkDone DATA'!$G:$G,BOQ!$B174)*$G174","v":{"$error":"#VALUE!"}},{"$f":"SUMIFS('[20]WorkDone DATA'!$L:$L,'[20]WorkDone DATA'!$N:$N,BOQ!BC$6,'[20]WorkDone DATA'!$G:$G,BOQ!$B174)*$G174","v":{"$error":"#VALUE!"}},{"$f":"SUMIFS('[20]WorkDone DATA'!$L:$L,'[20]WorkDone DATA'!$N:$N,BOQ!BD$6,'[20]WorkDone DATA'!$G:$G,BOQ!$B174)*$G174","v":{"$error":"#VALUE!"}},{"$f":"SUMIFS('[20]WorkDone DATA'!$L:$L,'[20]WorkDone DATA'!$N:$N,BOQ!BE$6,'[20]WorkDone DATA'!$G:$G,BOQ!$B174)*$G174","v":{"$error":"#VALUE!"}},{"$f":"SUMIFS('[20]WorkDone DATA'!$L:$L,'[20]WorkDone DATA'!$N:$N,BOQ!BF$6,'[20]WorkDone DATA'!$G:$G,BOQ!$B174)*$G174","v":{"$error":"#VALUE!"}},{"$f":"SUMIFS('[20]WorkDone DATA'!$L:$L,'[20]WorkDone DATA'!$N:$N,BOQ!BG$6,'[20]WorkDone DATA'!$G:$G,BOQ!$B174)*$G174","v":{"$error":"#VALUE!"}},{"$f":"SUMIFS('[20]WorkDone DATA'!$L:$L,'[20]WorkDone DATA'!$N:$N,BOQ!BH$6,'[20]WorkDone DATA'!$G:$G,BOQ!$B174)*$G174","v":{"$error":"#VALUE!"}},{"$f":"SUMIFS('[20]WorkDone DATA'!$L:$L,'[20]WorkDone DATA'!$N:$N,BOQ!BI$6,'[20]WorkDone DATA'!$G:$G,BOQ!$B174)*$G174","v":{"$error":"#VALUE!"}},{"$f":"SUMIFS('[20]WorkDone DATA'!$L:$L,'[20]WorkDone DATA'!$N:$N,BOQ!BJ$6,'[20]WorkDone DATA'!$G:$G,BOQ!$B174)*$G174","v":{"$error":"#VALUE!"}},{"$f":"SUMIFS('[20]WorkDone DATA'!$L:$L,'[20]WorkDone DATA'!$N:$N,BOQ!BK$6,'[20]WorkDone DATA'!$G:$G,BOQ!$B174)*$G174","v":{"$error":"#VALUE!"}},{"$f":"SUMIFS('[20]WorkDone DATA'!$L:$L,'[20]WorkDone DATA'!$N:$N,BOQ!BL$6,'[20]WorkDone DATA'!$G:$G,BOQ!$B174)*$G174","v":{"$error":"#VALUE!"}},{"$f":"SUMIFS('[20]WorkDone DATA'!$L:$L,'[20]WorkDone DATA'!$N:$N,BOQ!BM$6,'[20]WorkDone DATA'!$G:$G,BOQ!$B174)*$G174","v":{"$error":"#VALUE!"}},{"$f":"SUMIFS('[20]WorkDone DATA'!$L:$L,'[20]WorkDone DATA'!$N:$N,BOQ!BN$6,'[20]WorkDone DATA'!$G:$G,BOQ!$B174)*$G174","v":{"$error":"#VALUE!"}},{"$f":"SUMIFS('[20]WorkDone DATA'!$L:$L,'[20]WorkDone DATA'!$N:$N,BOQ!BO$6,'[20]WorkDone DATA'!$G:$G,BOQ!$B174)*$G174","v":{"$error":"#VALUE!"}},{"$f":"SUMIFS('[20]WorkDone DATA'!$L:$L,'[20]WorkDone DATA'!$N:$N,BOQ!BP$6,'[20]WorkDone DATA'!$G:$G,BOQ!$B174)*$G174","v":{"$error":"#VALUE!"}},{"$f":"SUMIFS('[20]WorkDone DATA'!$L:$L,'[20]WorkDone DATA'!$N:$N,BOQ!BQ$6,'[20]WorkDone DATA'!$G:$G,BOQ!$B174)*$G174","v":{"$error":"#VALUE!"}},{"$f":"SUMIFS('[20]WorkDone DATA'!$L:$L,'[20]WorkDone DATA'!$N:$N,BOQ!BR$6,'[20]WorkDone DATA'!$G:$G,BOQ!$B174)*$G174","v":{"$error":"#VALUE!"}},{"$f":"SUMIFS('[20]WorkDone DATA'!$L:$L,'[20]WorkDone DATA'!$N:$N,BOQ!BS$6,'[20]WorkDone DATA'!$G:$G,BOQ!$B174)*$G174","v":{"$error":"#VALUE!"}},{"$f":"SUMIFS('[20]WorkDone DATA'!$L:$L,'[20]WorkDone DATA'!$N:$N,BOQ!BT$6,'[20]WorkDone DATA'!$G:$G,BOQ!$B174)*$G174","v":{"$error":"#VALUE!"}},{"$f":"SUMIFS('[20]WorkDone DATA'!$L:$L,'[20]WorkDone DATA'!$N:$N,BOQ!BU$6,'[20]WorkDone DATA'!$G:$G,BOQ!$B174)*$G174","v":{"$error":"#VALUE!"}},{"$f":"SUMIFS('[20]WorkDone DATA'!$L:$L,'[20]WorkDone DATA'!$N:$N,BOQ!BV$6,'[20]WorkDone DATA'!$G:$G,BOQ!$B174)*$G174","v":{"$error":"#VALUE!"}},{"$f":"SUMIFS('[20]WorkDone DATA'!$L:$L,'[20]WorkDone DATA'!$N:$N,BOQ!BW$6,'[20]WorkDone DATA'!$G:$G,BOQ!$B174)*$G174","v":{"$error":"#VALUE!"}},{"$f":"SUMIFS('[20]WorkDone DATA'!$L:$L,'[20]WorkDone DATA'!$N:$N,BOQ!BX$6,'[20]WorkDone DATA'!$G:$G,BOQ!$B174)*$G174","v":{"$error":"#VALUE!"}}]
[null,null,"120mm x 3 core (CXX03QCV) 3.8kV/6.6kV",{"$nulls":4},0,{"$nulls":3},{"$error":"#VALUE!"},{"$error":"#VALUE!"},null,0,{"$error":"#VALUE!"},null,{"$f":"SUMIFS('[20]WorkDone DATA'!$L:$L,'[20]WorkDone DATA'!$N:$N,BOQ!S$6,'[20]WorkDone DATA'!$G:$G,BOQ!$B175)","v":{"$error":"#VALUE!"}},{"$error":"#VALUE!"},{"$f":"SUMIFS('[20]WorkDone DATA'!$L:$L,'[20]WorkDone DATA'!$N:$N,BOQ!U$6,'[20]WorkDone DATA'!$G:$G,BOQ!$B175)","v":{"$error":"#VALUE!"}},{"$error":"#VALUE!"},null,{"$f":"SUMIFS('[20]WorkDone DATA'!$L:$L,'[20]WorkDone DATA'!$N:$N,BOQ!W$6,'[20]WorkDone DATA'!$G:$G,BOQ!$B175)*$G175","v":{"$error":"#VALUE!"}},null,{"$f":"SUMIFS('[20]WorkDone DATA'!$L:$L,'[20]WorkDone DATA'!$N:$N,BOQ!Y$6,'[20]WorkDone DATA'!$G:$G,BOQ!$B175)*$G175","v":{"$error":"#VALUE!"}},null,{"$f":"SUMIFS('[20]WorkDone DATA'!$L:$L,'[20]WorkDone DATA'!$N:$N,BOQ!AA$6,'[20]WorkDone DATA'!$G:$G,BOQ!$B175)*$G175","v":{"$error":"#VALUE!"}},{"$f":"SUMIFS('[20]WorkDone DATA'!$L:$L,'[20]WorkDone DATA'!$N:$N,BOQ!AB$6,'[20]WorkDone DATA'!$G:$G,BOQ!$B175)*$G175","v":{"$error":"#VALUE!"}},{"$f":"SUMIFS('[20]WorkDone DATA'!$L:$L,'[20]WorkDone DATA'!$N:$N,BOQ!AC$6,'[20]WorkDone DATA'!$G:$G,BOQ!$B175)*$G175","v":{"$error":"#VALUE!"}},{"$f":"SUMIFS('[20]WorkDone DATA'!$L:$L,'[20]WorkDone DATA'!$N:$N,BOQ!AD$6,'[20]WorkDone DATA'!$G:$G,BOQ!$B175)*$G175","v":{"$error":"#VALUE!"}},{"$f":"SUMIFS('[20]WorkDone DATA'!$L:$L,'[20]WorkDone DATA'!$N:$N,BOQ!AE$6,'[20]WorkDone DATA'!$G:$G,BOQ!$B175)*$G175","v":{"$error":"#VALUE!"}},{"$f":"SUMIFS('[20]WorkDone DATA'!$L:$L,'[20]WorkDone DATA'!$N:$N,BOQ!AF$6,'[20]WorkDone DATA'!$G:$G,BOQ!$B175)*$G175","v":{"$error":"#VALUE!"}},{"$f":"SUMIFS('[20]WorkDone DATA'!$L:$L,'[20]WorkDone DATA'!$N:$N,BOQ!AG$6,'[20]WorkDone DATA'!$G:$G,BOQ!$B175)*$G175","v":{"$error":"#VALUE!"}},{"$f":"SUMIFS('[20]WorkDone DATA'!$L:$L,'[20]WorkDone DATA'!$N:$N,BOQ!AH$6,'[20]WorkDone DATA'!$G:$G,BOQ!$B175)*$G175","v":{"$error":"#VALUE!"}},{"$f":"SUMIFS('[20]WorkDone DATA'!$L:$L,'[20]WorkDone DATA'!$N:$N,BOQ!AI$6,'[20]WorkDone DATA'!$G:$G,BOQ!$B175)*$G175","v":{"$error":"#VALUE!"}},{"$f":"SUMIFS('[20]WorkDone DATA'!$L:$L,'[20]WorkDone DATA'!$N:$N,BOQ!AJ$6,'[20]WorkDone DATA'!$G:$G,BOQ!$B175)*$G175","v":{"$error":"#VALUE!"}},{"$f":"SUMIFS('[20]WorkDone DATA'!$L:$L,'[20]WorkDone DATA'!$N:$N,BOQ!AK$6,'[20]WorkDone DATA'!$G:$G,BOQ!$B175)*$G175","v":{"$error":"#VALUE!"}},{"$f":"SUMIFS('[20]WorkDone DATA'!$L:$L,'[20]WorkDone DATA'!$N:$N,BOQ!AL$6,'[20]WorkDone DATA'!$G:$G,BOQ!$B175)*$G175","v":{"$error":"#VALUE!"}},{"$f":"SUMIFS('[20]WorkDone DATA'!$L:$L,'[20]WorkDone DATA'!$N:$N,BOQ!AM$6,'[20]WorkDone DATA'!$G:$G,BOQ!$B175)*$G175","v":{"$error":"#VALUE!"}},{"$f":"SUMIFS('[20]WorkDone DATA'!$L:$L,'[20]WorkDone DATA'!$N:$N,BOQ!AN$6,'[20]WorkDone DATA'!$G:$G,BOQ!$B175)*$G175","v":{"$error":"#VALUE!"}},{"$f":"SUMIFS('[20]WorkDone DATA'!$L:$L,'[20]WorkDone DATA'!$N:$N,BOQ!AO$6,'[20]WorkDone DATA'!$G:$G,BOQ!$B175)*$G175","v":{"$error":"#VALUE!"}},{"$f":"SUMIFS('[20]WorkDone DATA'!$L:$L,'[20]WorkDone DATA'!$N:$N,BOQ!AP$6,'[20]WorkDone DATA'!$G:$G,BOQ!$B175)*$G175","v":{"$error":"#VALUE!"}},{"$f":"SUMIFS('[20]WorkDone DATA'!$L:$L,'[20]WorkDone DATA'!$N:$N,BOQ!AQ$6,'[20]WorkDone DATA'!$G:$G,BOQ!$B175)*$G175","v":{"$error":"#VALUE!"}},{"$f":"SUMIFS('[20]WorkDone DATA'!$L:$L,'[20]WorkDone DATA'!$N:$N,BOQ!AR$6,'[20]WorkDone DATA'!$G:$G,BOQ!$B175)*$G175","v":{"$error":"#VALUE!"}},{"$f":"SUMIFS('[20]WorkDone DATA'!$L:$L,'[20]WorkDone DATA'!$N:$N,BOQ!AS$6,'[20]WorkDone DATA'!$G:$G,BOQ!$B175)*$G175","v":{"$error":"#VALUE!"}},{"$f":"SUMIFS('[20]WorkDone DATA'!$L:$L,'[20]WorkDone DATA'!$N:$N,BOQ!AT$6,'[20]WorkDone DATA'!$G:$G,BOQ!$B175)*$G175","v":{"$error":"#VALUE!"}},{"$f":"SUMIFS('[20]WorkDone DATA'!$L:$L,'[20]WorkDone DATA'!$N:$N,BOQ!AU$6,'[20]WorkDone DATA'!$G:$G,BOQ!$B175)*$G175","v":{"$error":"#VALUE!"}},{"$f":"SUMIFS('[20]WorkDone DATA'!$L:$L,'[20]WorkDone DATA'!$N:$N,BOQ!AV$6,'[20]WorkDone DATA'!$G:$G,BOQ!$B175)*$G175","v":{"$error":"#VALUE!"}},{"$f":"SUMIFS('[20]WorkDone DATA'!$L:$L,'[20]WorkDone DATA'!$N:$N,BOQ!AW$6,'[20]WorkDone DATA'!$G:$G,BOQ!$B175)*$G175","v":{"$error":"#VALUE!"}},{"$f":"SUMIFS('[20]WorkDone DATA'!$L:$L,'[20]WorkDone DATA'!$N:$N,BOQ!AX$6,'[20]WorkDone DATA'!$G:$G,BOQ!$B175)*$G175","v":{"$error":"#VALUE!"}},{"$f":"SUMIFS('[20]WorkDone DATA'!$L:$L,'[20]WorkDone DATA'!$N:$N,BOQ!AY$6,'[20]WorkDone DATA'!$G:$G,BOQ!$B175)*$G175","v":{"$error":"#VALUE!"}},{"$f":"SUMIFS('[20]WorkDone DATA'!$L:$L,'[20]WorkDone DATA'!$N:$N,BOQ!AZ$6,'[20]WorkDone DATA'!$G:$G,BOQ!$B175)*$G175","v":{"$error":"#VALUE!"}},{"$f":"SUMIFS('[20]WorkDone DATA'!$L:$L,'[20]WorkDone DATA'!$N:$N,BOQ!BA$6,'[20]WorkDone DATA'!$G:$G,BOQ!$B175)*$G175","v":{"$error":"#VALUE!"}},{"$f":"SUMIFS('[20]WorkDone DATA'!$L:$L,'[20]WorkDone DATA'!$N:$N,BOQ!BB$6,'[20]WorkDone DATA'!$G:$G,BOQ!$B175)*$G175","v":{"$error":"#VALUE!"}},{"$f":"SUMIFS('[20]WorkDone DATA'!$L:$L,'[20]WorkDone DATA'!$N:$N,BOQ!BC$6,'[20]WorkDone DATA'!$G:$G,BOQ!$B175)*$G175","v":{"$error":"#VALUE!"}},{"$f":"SUMIFS('[20]WorkDone DATA'!$L:$L,'[20]WorkDone DATA'!$N:$N,BOQ!BD$6,'[20]WorkDone DATA'!$G:$G,BOQ!$B175)*$G175","v":{"$error":"#VALUE!"}},{"$f":"SUMIFS('[20]WorkDone DATA'!$L:$L,'[20]WorkDone DATA'!$N:$N,BOQ!BE$6,'[20]WorkDone DATA'!$G:$G,BOQ!$B175)*$G175","v":{"$error":"#VALUE!"}},{"$f":"SUMIFS('[20]WorkDone DATA'!$L:$L,'[20]WorkDone DATA'!$N:$N,BOQ!BF$6,'[20]WorkDone DATA'!$G:$G,BOQ!$B175)*$G175","v":{"$error":"#VALUE!"}},{"$f":"SUMIFS('[20]WorkDone DATA'!$L:$L,'[20]WorkDone DATA'!$N:$N,BOQ!BG$6,'[20]WorkDone DATA'!$G:$G,BOQ!$B175)*$G175","v":{"$error":"#VALUE!"}},{"$f":"SUMIFS('[20]WorkDone DATA'!$L:$L,'[20]WorkDone DATA'!$N:$N,BOQ!BH$6,'[20]WorkDone DATA'!$G:$G,BOQ!$B175)*$G175","v":{"$error":"#VALUE!"}},{"$f":"SUMIFS('[20]WorkDone DATA'!$L:$L,'[20]WorkDone DATA'!$N:$N,BOQ!BI$6,'[20]WorkDone DATA'!$G:$G,BOQ!$B175)*$G175","v":{"$error":"#VALUE!"}},{"$f":"SUMIFS('[20]WorkDone DATA'!$L:$L,'[20]WorkDone DATA'!$N:$N,BOQ!BJ$6,'[20]WorkDone DATA'!$G:$G,BOQ!$B175)*$G175","v":{"$error":"#VALUE!"}},{"$f":"SUMIFS('[20]WorkDone DATA'!$L:$L,'[20]WorkDone DATA'!$N:$N,BOQ!BK$6,'[20]WorkDone DATA'!$G:$G,BOQ!$B175)*$G175","v":{"$error":"#VALUE!"}},{"$f":"SUMIFS('[20]WorkDone DATA'!$L:$L,'[20]WorkDone DATA'!$N:$N,BOQ!BL$6,'[20]WorkDone DATA'!$G:$G,BOQ!$B175)*$G175","v":{"$error":"#VALUE!"}},{"$f":"SUMIFS('[20]WorkDone DATA'!$L:$L,'[20]WorkDone DATA'!$N:$N,BOQ!BM$6,'[20]WorkDone DATA'!$G:$G,BOQ!$B175)*$G175","v":{"$error":"#VALUE!"}},{"$f":"SUMIFS('[20]WorkDone DATA'!$L:$L,'[20]WorkDone DATA'!$N:$N,BOQ!BN$6,'[20]WorkDone DATA'!$G:$G,BOQ!$B175)*$G175","v":{"$error":"#VALUE!"}},{"$f":"SUMIFS('[20]WorkDone DATA'!$L:$L,'[20]WorkDone DATA'!$N:$N,BOQ!BO$6,'[20]WorkDone DATA'!$G:$G,BOQ!$B175)*$G175","v":{"$error":"#VALUE!"}},{"$f":"SUMIFS('[20]WorkDone DATA'!$L:$L,'[20]WorkDone DATA'!$N:$N,BOQ!BP$6,'[20]WorkDone DATA'!$G:$G,BOQ!$B175)*$G175","v":{"$error":"#VALUE!"}},{"$f":"SUMIFS('[20]WorkDone DATA'!$L:$L,'[20]WorkDone DATA'!$N:$N,BOQ!BQ$6,'[20]WorkDone DATA'!$G:$G,BOQ!$B175)*$G175","v":{"$error":"#VALUE!"}},{"$f":"SUMIFS('[20]WorkDone DATA'!$L:$L,'[20]WorkDone DATA'!$N:$N,BOQ!BR$6,'[20]WorkDone DATA'!$G:$G,BOQ!$B175)*$G175","v":{"$error":"#VALUE!"}},{"$f":"SUMIFS('[20]WorkDone DATA'!$L:$L,'[20]WorkDone DATA'!$N:$N,BOQ!BS$6,'[20]WorkDone DATA'!$G:$G,BOQ!$B175)*$G175","v":{"$error":"#VALUE!"}},{"$f":"SUMIFS('[20]WorkDone DATA'!$L:$L,'[20]WorkDone DATA'!$N:$N,BOQ!BT$6,'[20]WorkDone DATA'!$G:$G,BOQ!$B175)*$G175","v":{"$error":"#VALUE!"}},{"$f":"SUMIFS('[20]WorkDone DATA'!$L:$L,'[20]WorkDone DATA'!$N:$N,BOQ!BU$6,'[20]WorkDone DATA'!$G:$G,BOQ!$B175)*$G175","v":{"$error":"#VALUE!"}},{"$f":"SUMIFS('[20]WorkDone DATA'!$L:$L,'[20]WorkDone DATA'!$N:$N,BOQ!BV$6,'[20]WorkDone DATA'!$G:$G,BOQ!$B175)*$G175","v":{"$error":"#VALUE!"}},{"$f":"SUMIFS('[20]WorkDone DATA'!$L:$L,'[20]WorkDone DATA'!$N:$N,BOQ!BW$6,'[20]WorkDone DATA'!$G:$G,BOQ!$B175)*$G175","v":{"$error":"#VALUE!"}},{"$f":"SUMIFS('[20]WorkDone DATA'!$L:$L,'[20]WorkDone DATA'!$N:$N,BOQ!BX$6,'[20]WorkDone DATA'!$G:$G,BOQ!$B175)*$G175","v":{"$error":"#VALUE!"}}]
[{"$f":"C175","v":"120mm x 3 core (CXX03QCV) 3.8kV/6.6kV"},2.087,"Supply","E","set",28,{"v":3231.12,"d":"3,231.12"},{"v":90471.36,"d":"90,471.36"},null,null,{"$error":"#VALUE!"},{"$error":"#VALUE!"},{"$error":"#VALUE!"},null,{"$error":"#VALUE!"},{"$error":"#VALUE!"},null,{"$f":"SUMIFS('[20]WorkDone DATA'!$L:$L,'[20]WorkDone DATA'!$N:$N,BOQ!S$6,'[20]WorkDone DATA'!$G:$G,BOQ!$B176)","v":{"$error":"#VALUE!"}},{"$error":"#VALUE!"},{"$f":"SUMIFS('[20]WorkDone DATA'!$L:$L,'[20]WorkDone DATA'!$N:$N,BOQ!U$6,'[20]WorkDone DATA'!$G:$G,BOQ!$B176)","v":{"$error":"#VALUE!"}},{"$error":"#VALUE!"},null,{"$f":"SUMIFS('[20]WorkDone DATA'!$L:$L,'[20]WorkDone DATA'!$N:$N,BOQ!W$6,'[20]WorkDone DATA'!$G:$G,BOQ!$B176)*$G176","v":{"$error":"#VALUE!"}},null,{"$f":"SUMIFS('[20]WorkDone DATA'!$L:$L,'[20]WorkDone DATA'!$N:$N,BOQ!Y$6,'[20]WorkDone DATA'!$G:$G,BOQ!$B176)*$G176","v":{"$error":"#VALUE!"}},null,{"$f":"SUMIFS('[20]WorkDone DATA'!$L:$L,'[20]WorkDone DATA'!$N:$N,BOQ!AA$6,'[20]WorkDone DATA'!$G:$G,BOQ!$B176)*$G176","v":{"$error":"#VALUE!"}},{"$f":"SUMIFS('[20]WorkDone DATA'!$L:$L,'[20]WorkDone DATA'!$N:$N,BOQ!AB$6,'[20]WorkDone DATA'!$G:$G,BOQ!$B176)*$G176","v":{"$error":"#VALUE!"}},{"$f":"SUMIFS('[20]WorkDone DATA'!$L:$L,'[20]WorkDone DATA'!$N:$N,BOQ!AC$6,'[20]WorkDone DATA'!$G:$G,BOQ!$B176)*$G176","v":{"$error":"#VALUE!"}},{"$f":"SUMIFS('[20]WorkDone DATA'!$L:$L,'[20]WorkDone DATA'!$N:$N,BOQ!AD$6,'[20]WorkDone DATA'!$G:$G,BOQ!$B176)*$G176","v":{"$error":"#VALUE!"}},{"$f":"SUMIFS('[20]WorkDone DATA'!$L:$L,'[20]WorkDone DATA'!$N:$N,BOQ!AE$6,'[20]WorkDone DATA'!$G:$G,BOQ!$B176)*$G176","v":{"$error":"#VALUE!"}},{"$f":"SUMIFS('[20]WorkDone DATA'!$L:$L,'[20]WorkDone DATA'!$N:$N,BOQ!AF$6,'[20]WorkDone DATA'!$G:$G,BOQ!$B176)*$G176","v":{"$error":"#VALUE!"}},{"$f":"SUMIFS('[20]WorkDone DATA'!$L:$L,'[20]WorkDone DATA'!$N:$N,BOQ!AG$6,'[20]WorkDone DATA'!$G:$G,BOQ!$B176)*$G176","v":{"$error":"#VALUE!"}},{"$f":"SUMIFS('[20]WorkDone DATA'!$L:$L,'[20]WorkDone DATA'!$N:$N,BOQ!AH$6,'[20]WorkDone DATA'!$G:$G,BOQ!$B176)*$G176","v":{"$error":"#VALUE!"}},{"$f":"SUMIFS('[20]WorkDone DATA'!$L:$L,'[20]WorkDone DATA'!$N:$N,BOQ!AI$6,'[20]WorkDone DATA'!$G:$G,BOQ!$B176)*$G176","v":{"$error":"#VALUE!"}},{"$f":"SUMIFS('[20]WorkDone DATA'!$L:$L,'[20]WorkDone DATA'!$N:$N,BOQ!AJ$6,'[20]WorkDone DATA'!$G:$G,BOQ!$B176)*$G176","v":{"$error":"#VALUE!"}},{"$f":"SUMIFS('[20]WorkDone DATA'!$L:$L,'[20]WorkDone DATA'!$N:$N,BOQ!AK$6,'[20]WorkDone DATA'!$G:$G,BOQ!$B176)*$G176","v":{"$error":"#VALUE!"}},{"$f":"SUMIFS('[20]WorkDone DATA'!$L:$L,'[20]WorkDone DATA'!$N:$N,BOQ!AL$6,'[20]WorkDone DATA'!$G:$G,BOQ!$B176)*$G176","v":{"$error":"#VALUE!"}},{"$f":"SUMIFS('[20]WorkDone DATA'!$L:$L,'[20]WorkDone DATA'!$N:$N,BOQ!AM$6,'[20]WorkDone DATA'!$G:$G,BOQ!$B176)*$G176","v":{"$error":"#VALUE!"}},{"$f":"SUMIFS('[20]WorkDone DATA'!$L:$L,'[20]WorkDone DATA'!$N:$N,BOQ!AN$6,'[20]WorkDone DATA'!$G:$G,BOQ!$B176)*$G176","v":{"$error":"#VALUE!"}},{"$f":"SUMIFS('[20]WorkDone DATA'!$L:$L,'[20]WorkDone DATA'!$N:$N,BOQ!AO$6,'[20]WorkDone DATA'!$G:$G,BOQ!$B176)*$G176","v":{"$error":"#VALUE!"}},{"$f":"SUMIFS('[20]WorkDone DATA'!$L:$L,'[20]WorkDone DATA'!$N:$N,BOQ!AP$6,'[20]WorkDone DATA'!$G:$G,BOQ!$B176)*$G176","v":{"$error":"#VALUE!"}},{"$f":"SUMIFS('[20]WorkDone DATA'!$L:$L,'[20]WorkDone DATA'!$N:$N,BOQ!AQ$6,'[20]WorkDone DATA'!$G:$G,BOQ!$B176)*$G176","v":{"$error":"#VALUE!"}},{"$f":"SUMIFS('[20]WorkDone DATA'!$L:$L,'[20]WorkDone DATA'!$N:$N,BOQ!AR$6,'[20]WorkDone DATA'!$G:$G,BOQ!$B176)*$G176","v":{"$error":"#VALUE!"}},{"$f":"SUMIFS('[20]WorkDone DATA'!$L:$L,'[20]WorkDone DATA'!$N:$N,BOQ!AS$6,'[20]WorkDone DATA'!$G:$G,BOQ!$B176)*$G176","v":{"$error":"#VALUE!"}},{"$f":"SUMIFS('[20]WorkDone DATA'!$L:$L,'[20]WorkDone DATA'!$N:$N,BOQ!AT$6,'[20]WorkDone DATA'!$G:$G,BOQ!$B176)*$G176","v":{"$error":"#VALUE!"}},{"$f":"SUMIFS('[20]WorkDone DATA'!$L:$L,'[20]WorkDone DATA'!$N:$N,BOQ!AU$6,'[20]WorkDone DATA'!$G:$G,BOQ!$B176)*$G176","v":{"$error":"#VALUE!"}},{"$f":"SUMIFS('[20]WorkDone DATA'!$L:$L,'[20]WorkDone DATA'!$N:$N,BOQ!AV$6,'[20]WorkDone DATA'!$G:$G,BOQ!$B176)*$G176","v":{"$error":"#VALUE!"}},{"$f":"SUMIFS('[20]WorkDone DATA'!$L:$L,'[20]WorkDone DATA'!$N:$N,BOQ!AW$6,'[20]WorkDone DATA'!$G:$G,BOQ!$B176)*$G176","v":{"$error":"#VALUE!"}},{"$f":"SUMIFS('[20]WorkDone DATA'!$L:$L,'[20]WorkDone DATA'!$N:$N,BOQ!AX$6,'[20]WorkDone DATA'!$G:$G,BOQ!$B176)*$G176","v":{"$error":"#VALUE!"}},{"$f":"SUMIFS('[20]WorkDone DATA'!$L:$L,'[20]WorkDone DATA'!$N:$N,BOQ!AY$6,'[20]WorkDone DATA'!$G:$G,BOQ!$B176)*$G176","v":{"$error":"#VALUE!"}},{"$f":"SUMIFS('[20]WorkDone DATA'!$L:$L,'[20]WorkDone DATA'!$N:$N,BOQ!AZ$6,'[20]WorkDone DATA'!$G:$G,BOQ!$B176)*$G176","v":{"$error":"#VALUE!"}},{"$f":"SUMIFS('[20]WorkDone DATA'!$L:$L,'[20]WorkDone DATA'!$N:$N,BOQ!BA$6,'[20]WorkDone DATA'!$G:$G,BOQ!$B176)*$G176","v":{"$error":"#VALUE!"}},{"$f":"SUMIFS('[20]WorkDone DATA'!$L:$L,'[20]WorkDone DATA'!$N:$N,BOQ!BB$6,'[20]WorkDone DATA'!$G:$G,BOQ!$B176)*$G176","v":{"$error":"#VALUE!"}},{"$f":"SUMIFS('[20]WorkDone DATA'!$L:$L,'[20]WorkDone DATA'!$N:$N,BOQ!BC$6,'[20]WorkDone DATA'!$G:$G,BOQ!$B176)*$G176","v":{"$error":"#VALUE!"}},{"$f":"SUMIFS('[20]WorkDone DATA'!$L:$L,'[20]WorkDone DATA'!$N:$N,BOQ!BD$6,'[20]WorkDone DATA'!$G:$G,BOQ!$B176)*$G176","v":{"$error":"#VALUE!"}},{"$f":"SUMIFS('[20]WorkDone DATA'!$L:$L,'[20]WorkDone DATA'!$N:$N,BOQ!BE$6,'[20]WorkDone DATA'!$G:$G,BOQ!$B176)*$G176","v":{"$error":"#VALUE!"}},{"$f":"SUMIFS('[20]WorkDone DATA'!$L:$L,'[20]WorkDone DATA'!$N:$N,BOQ!BF$6,'[20]WorkDone DATA'!$G:$G,BOQ!$B176)*$G176","v":{"$error":"#VALUE!"}},{"$f":"SUMIFS('[20]WorkDone DATA'!$L:$L,'[20]WorkDone DATA'!$N:$N,BOQ!BG$6,'[20]WorkDone DATA'!$G:$G,BOQ!$B176)*$G176","v":{"$error":"#VALUE!"}},{"$f":"SUMIFS('[20]WorkDone DATA'!$L:$L,'[20]WorkDone DATA'!$N:$N,BOQ!BH$6,'[20]WorkDone DATA'!$G:$G,BOQ!$B176)*$G176","v":{"$error":"#VALUE!"}},{"$f":"SUMIFS('[20]WorkDone DATA'!$L:$L,'[20]WorkDone DATA'!$N:$N,BOQ!BI$6,'[20]WorkDone DATA'!$G:$G,BOQ!$B176)*$G176","v":{"$error":"#VALUE!"}},{"$f":"SUMIFS('[20]WorkDone DATA'!$L:$L,'[20]WorkDone DATA'!$N:$N,BOQ!BJ$6,'[20]WorkDone DATA'!$G:$G,BOQ!$B176)*$G176","v":{"$error":"#VALUE!"}},{"$f":"SUMIFS('[20]WorkDone DATA'!$L:$L,'[20]WorkDone DATA'!$N:$N,BOQ!BK$6,'[20]WorkDone DATA'!$G:$G,BOQ!$B176)*$G176","v":{"$error":"#VALUE!"}},{"$f":"SUMIFS('[20]WorkDone DATA'!$L:$L,'[20]WorkDone DATA'!$N:$N,BOQ!BL$6,'[20]WorkDone DATA'!$G:$G,BOQ!$B176)*$G176","v":{"$error":"#VALUE!"}},{"$f":"SUMIFS('[20]WorkDone DATA'!$L:$L,'[20]WorkDone DATA'!$N:$N,BOQ!BM$6,'[20]WorkDone DATA'!$G:$G,BOQ!$B176)*$G176","v":{"$error":"#VALUE!"}},{"$f":"SUMIFS('[20]WorkDone DATA'!$L:$L,'[20]WorkDone DATA'!$N:$N,BOQ!BN$6,'[20]WorkDone DATA'!$G:$G,BOQ!$B176)*$G176","v":{"$error":"#VALUE!"}},{"$f":"SUMIFS('[20]WorkDone DATA'!$L:$L,'[20]WorkDone DATA'!$N:$N,BOQ!BO$6,'[20]WorkDone DATA'!$G:$G,BOQ!$B176)*$G176","v":{"$error":"#VALUE!"}},{"$f":"SUMIFS('[20]WorkDone DATA'!$L:$L,'[20]WorkDone DATA'!$N:$N,BOQ!BP$6,'[20]WorkDone DATA'!$G:$G,BOQ!$B176)*$G176","v":{"$error":"#VALUE!"}},{"$f":"SUMIFS('[20]WorkDone DATA'!$L:$L,'[20]WorkDone DATA'!$N:$N,BOQ!BQ$6,'[20]WorkDone DATA'!$G:$G,BOQ!$B176)*$G176","v":{"$error":"#VALUE!"}},{"$f":"SUMIFS('[20]WorkDone DATA'!$L:$L,'[20]WorkDone DATA'!$N:$N,BOQ!BR$6,'[20]WorkDone DATA'!$G:$G,BOQ!$B176)*$G176","v":{"$error":"#VALUE!"}},{"$f":"SUMIFS('[20]WorkDone DATA'!$L:$L,'[20]WorkDone DATA'!$N:$N,BOQ!BS$6,'[20]WorkDone DATA'!$G:$G,BOQ!$B176)*$G176","v":{"$error":"#VALUE!"}},{"$f":"SUMIFS('[20]WorkDone DATA'!$L:$L,'[20]WorkDone DATA'!$N:$N,BOQ!BT$6,'[20]WorkDone DATA'!$G:$G,BOQ!$B176)*$G176","v":{"$error":"#VALUE!"}},{"$f":"SUMIFS('[20]WorkDone DATA'!$L:$L,'[20]WorkDone DATA'!$N:$N,BOQ!BU$6,'[20]WorkDone DATA'!$G:$G,BOQ!$B176)*$G176","v":{"$error":"#VALUE!"}},{"$f":"SUMIFS('[20]WorkDone DATA'!$L:$L,'[20]WorkDone DATA'!$N:$N,BOQ!BV$6,'[20]WorkDone DATA'!$G:$G,BOQ!$B176)*$G176","v":{"$error":"#VALUE!"}},{"$f":"SUMIFS('[20]WorkDone DATA'!$L:$L,'[20]WorkDone DATA'!$N:$N,BOQ!BW$6,'[20]WorkDone DATA'!$G:$G,BOQ!$B176)*$G176","v":{"$error":"#VALUE!"}},{"$f":"SUMIFS('[20]WorkDone DATA'!$L:$L,'[20]WorkDone DATA'!$N:$N,BOQ!BX$6,'[20]WorkDone DATA'!$G:$G,BOQ!$B176)*$G176","v":{"$error":"#VALUE!"}}]
[{"$f":"C175","v":"120mm x 3 core (CXX03QCV) 3.8kV/6.6kV"},2.088,"Installation","A","set",28,{"v":1865.76,"d":"1,865.76"},{"v":52241.28,"d":"52,241.28"},null,null,{"$error":"#VALUE!"},{"$error":"#VALUE!"},{"$error":"#VALUE!"},null,{"$error":"#VALUE!"},{"$error":"#VALUE!"},null,{"$f":"SUMIFS('[20]WorkDone DATA'!$L:$L,'[20]WorkDone DATA'!$N:$N,BOQ!S$6,'[20]WorkDone DATA'!$G:$G,BOQ!$B177)","v":{"$error":"#VALUE!"}},{"$error":"#VALUE!"},{"$f":"SUMIFS('[20]WorkDone DATA'!$L:$L,'[20]WorkDone DATA'!$N:$N,BOQ!U$6,'[20]WorkDone DATA'!$G:$G,BOQ!$B177)","v":{"$error":"#VALUE!"}},{"$error":"#VALUE!"},null,{"$f":"SUMIFS('[20]WorkDone DATA'!$L:$L,'[20]WorkDone DATA'!$N:$N,BOQ!W$6,'[20]WorkDone DATA'!$G:$G,BOQ!$B177)*$G177","v":{"$error":"#VALUE!"}},null,{"$f":"SUMIFS('[20]WorkDone DATA'!$L:$L,'[20]WorkDone DATA'!$N:$N,BOQ!Y$6,'[20]WorkDone DATA'!$G:$G,BOQ!$B177)*$G177","v":{"$error":"#VALUE!"}},null,{"$f":"SUMIFS('[20]WorkDone DATA'!$L:$L,'[20]WorkDone DATA'!$N:$N,BOQ!AA$6,'[20]WorkDone DATA'!$G:$G,BOQ!$B177)*$G177","v":{"$error":"#VALUE!"}},{"$f":"SUMIFS('[20]WorkDone DATA'!$L:$L,'[20]WorkDone DATA'!$N:$N,BOQ!AB$6,'[20]WorkDone DATA'!$G:$G,BOQ!$B177)*$G177","v":{"$error":"#VALUE!"}},{"$f":"SUMIFS('[20]WorkDone DATA'!$L:$L,'[20]WorkDone DATA'!$N:$N,BOQ!AC$6,'[20]WorkDone DATA'!$G:$G,BOQ!$B177)*$G177","v":{"$error":"#VALUE!"}},{"$f":"SUMIFS('[20]WorkDone DATA'!$L:$L,'[20]WorkDone DATA'!$N:$N,BOQ!AD$6,'[20]WorkDone DATA'!$G:$G,BOQ!$B177)*$G177","v":{"$error":"#VALUE!"}},{"$f":"SUMIFS('[20]WorkDone DATA'!$L:$L,'[20]WorkDone DATA'!$N:$N,BOQ!AE$6,'[20]WorkDone DATA'!$G:$G,BOQ!$B177)*$G177","v":{"$error":"#VALUE!"}},{"$f":"SUMIFS('[20]WorkDone DATA'!$L:$L,'[20]WorkDone DATA'!$N:$N,BOQ!AF$6,'[20]WorkDone DATA'!$G:$G,BOQ!$B177)*$G177","v":{"$error":"#VALUE!"}},{"$f":"SUMIFS('[20]WorkDone DATA'!$L:$L,'[20]WorkDone DATA'!$N:$N,BOQ!AG$6,'[20]WorkDone DATA'!$G:$G,BOQ!$B177)*$G177","v":{"$error":"#VALUE!"}},{"$f":"SUMIFS('[20]WorkDone DATA'!$L:$L,'[20]WorkDone DATA'!$N:$N,BOQ!AH$6,'[20]WorkDone DATA'!$G:$G,BOQ!$B177)*$G177","v":{"$error":"#VALUE!"}},{"$f":"SUMIFS('[20]WorkDone DATA'!$L:$L,'[20]WorkDone DATA'!$N:$N,BOQ!AI$6,'[20]WorkDone DATA'!$G:$G,BOQ!$B177)*$G177","v":{"$error":"#VALUE!"}},{"$f":"SUMIFS('[20]WorkDone DATA'!$L:$L,'[20]WorkDone DATA'!$N:$N,BOQ!AJ$6,'[20]WorkDone DATA'!$G:$G,BOQ!$B177)*$G177","v":{"$error":"#VALUE!"}},{"$f":"SUMIFS('[20]WorkDone DATA'!$L:$L,'[20]WorkDone DATA'!$N:$N,BOQ!AK$6,'[20]WorkDone DATA'!$G:$G,BOQ!$B177)*$G177","v":{"$error":"#VALUE!"}},{"$f":"SUMIFS('[20]WorkDone DATA'!$L:$L,'[20]WorkDone DATA'!$N:$N,BOQ!AL$6,'[20]WorkDone DATA'!$G:$G,BOQ!$B177)*$G177","v":{"$error":"#VALUE!"}},{"$f":"SUMIFS('[20]WorkDone DATA'!$L:$L,'[20]WorkDone DATA'!$N:$N,BOQ!AM$6,'[20]WorkDone DATA'!$G:$G,BOQ!$B177)*$G177","v":{"$error":"#VALUE!"}},{"$f":"SUMIFS('[20]WorkDone DATA'!$L:$L,'[20]WorkDone DATA'!$N:$N,BOQ!AN$6,'[20]WorkDone DATA'!$G:$G,BOQ!$B177)*$G177","v":{"$error":"#VALUE!"}},{"$f":"SUMIFS('[20]WorkDone DATA'!$L:$L,'[20]WorkDone DATA'!$N:$N,BOQ!AO$6,'[20]WorkDone DATA'!$G:$G,BOQ!$B177)*$G177","v":{"$error":"#VALUE!"}},{"$f":"SUMIFS('[20]WorkDone DATA'!$L:$L,'[20]WorkDone DATA'!$N:$N,BOQ!AP$6,'[20]WorkDone DATA'!$G:$G,BOQ!$B177)*$G177","v":{"$error":"#VALUE!"}},{"$f":"SUMIFS('[20]WorkDone DATA'!$L:$L,'[20]WorkDone DATA'!$N:$N,BOQ!AQ$6,'[20]WorkDone DATA'!$G:$G,BOQ!$B177)*$G177","v":{"$error":"#VALUE!"}},{"$f":"SUMIFS('[20]WorkDone DATA'!$L:$L,'[20]WorkDone DATA'!$N:$N,BOQ!AR$6,'[20]WorkDone DATA'!$G:$G,BOQ!$B177)*$G177","v":{"$error":"#VALUE!"}},{"$f":"SUMIFS('[20]WorkDone DATA'!$L:$L,'[20]WorkDone DATA'!$N:$N,BOQ!AS$6,'[20]WorkDone DATA'!$G:$G,BOQ!$B177)*$G177","v":{"$error":"#VALUE!"}},{"$f":"SUMIFS('[20]WorkDone DATA'!$L:$L,'[20]WorkDone DATA'!$N:$N,BOQ!AT$6,'[20]WorkDone DATA'!$G:$G,BOQ!$B177)*$G177","v":{"$error":"#VALUE!"}},{"$f":"SUMIFS('[20]WorkDone DATA'!$L:$L,'[20]WorkDone DATA'!$N:$N,BOQ!AU$6,'[20]WorkDone DATA'!$G:$G,BOQ!$B177)*$G177","v":{"$error":"#VALUE!"}},{"$f":"SUMIFS('[20]WorkDone DATA'!$L:$L,'[20]WorkDone DATA'!$N:$N,BOQ!AV$6,'[20]WorkDone DATA'!$G:$G,BOQ!$B177)*$G177","v":{"$error":"#VALUE!"}},{"$f":"SUMIFS('[20]WorkDone DATA'!$L:$L,'[20]WorkDone DATA'!$N:$N,BOQ!AW$6,'[20]WorkDone DATA'!$G:$G,BOQ!$B177)*$G177","v":{"$error":"#VALUE!"}},{"$f":"SUMIFS('[20]WorkDone DATA'!$L:$L,'[20]WorkDone DATA'!$N:$N,BOQ!AX$6,'[20]WorkDone DATA'!$G:$G,BOQ!$B177)*$G177","v":{"$error":"#VALUE!"}},{"$f":"SUMIFS('[20]WorkDone DATA'!$L:$L,'[20]WorkDone DATA'!$N:$N,BOQ!AY$6,'[20]WorkDone DATA'!$G:$G,BOQ!$B177)*$G177","v":{"$error":"#VALUE!"}},{"$f":"SUMIFS('[20]WorkDone DATA'!$L:$L,'[20]WorkDone DATA'!$N:$N,BOQ!AZ$6,'[20]WorkDone DATA'!$G:$G,BOQ!$B177)*$G177","v":{"$error":"#VALUE!"}},{"$f":"SUMIFS('[20]WorkDone DATA'!$L:$L,'[20]WorkDone DATA'!$N:$N,BOQ!BA$6,'[20]WorkDone DATA'!$G:$G,BOQ!$B177)*$G177","v":{"$error":"#VALUE!"}},{"$f":"SUMIFS('[20]WorkDone DATA'!$L:$L,'[20]WorkDone DATA'!$N:$N,BOQ!BB$6,'[20]WorkDone DATA'!$G:$G,BOQ!$B177)*$G177","v":{"$error":"#VALUE!"}},{"$f":"SUMIFS('[20]WorkDone DATA'!$L:$L,'[20]WorkDone DATA'!$N:$N,BOQ!BC$6,'[20]WorkDone DATA'!$G:$G,BOQ!$B177)*$G177","v":{"$error":"#VALUE!"}},{"$f":"SUMIFS('[20]WorkDone DATA'!$L:$L,'[20]WorkDone DATA'!$N:$N,BOQ!BD$6,'[20]WorkDone DATA'!$G:$G,BOQ!$B177)*$G177","v":{"$error":"#VALUE!"}},{"$f":"SUMIFS('[20]WorkDone DATA'!$L:$L,'[20]WorkDone DATA'!$N:$N,BOQ!BE$6,'[20]WorkDone DATA'!$G:$G,BOQ!$B177)*$G177","v":{"$error":"#VALUE!"}},{"$f":"SUMIFS('[20]WorkDone DATA'!$L:$L,'[20]WorkDone DATA'!$N:$N,BOQ!BF$6,'[20]WorkDone DATA'!$G:$G,BOQ!$B177)*$G177","v":{"$error":"#VALUE!"}},{"$f":"SUMIFS('[20]WorkDone DATA'!$L:$L,'[20]WorkDone DATA'!$N:$N,BOQ!BG$6,'[20]WorkDone DATA'!$G:$G,BOQ!$B177)*$G177","v":{"$error":"#VALUE!"}},{"$f":"SUMIFS('[20]WorkDone DATA'!$L:$L,'[20]WorkDone DATA'!$N:$N,BOQ!BH$6,'[20]WorkDone DATA'!$G:$G,BOQ!$B177)*$G177","v":{"$error":"#VALUE!"}},{"$f":"SUMIFS('[20]WorkDone DATA'!$L:$L,'[20]WorkDone DATA'!$N:$N,BOQ!BI$6,'[20]WorkDone DATA'!$G:$G,BOQ!$B177)*$G177","v":{"$error":"#VALUE!"}},{"$f":"SUMIFS('[20]WorkDone DATA'!$L:$L,'[20]WorkDone DATA'!$N:$N,BOQ!BJ$6,'[20]WorkDone DATA'!$G:$G,BOQ!$B177)*$G177","v":{"$error":"#VALUE!"}},{"$f":"SUMIFS('[20]WorkDone DATA'!$L:$L,'[20]WorkDone DATA'!$N:$N,BOQ!BK$6,'[20]WorkDone DATA'!$G:$G,BOQ!$B177)*$G177","v":{"$error":"#VALUE!"}},{"$f":"SUMIFS('[20]WorkDone DATA'!$L:$L,'[20]WorkDone DATA'!$N:$N,BOQ!BL$6,'[20]WorkDone DATA'!$G:$G,BOQ!$B177)*$G177","v":{"$error":"#VALUE!"}},{"$f":"SUMIFS('[20]WorkDone DATA'!$L:$L,'[20]WorkDone DATA'!$N:$N,BOQ!BM$6,'[20]WorkDone DATA'!$G:$G,BOQ!$B177)*$G177","v":{"$error":"#VALUE!"}},{"$f":"SUMIFS('[20]WorkDone DATA'!$L:$L,'[20]WorkDone DATA'!$N:$N,BOQ!BN$6,'[20]WorkDone DATA'!$G:$G,BOQ!$B177)*$G177","v":{"$error":"#VALUE!"}},{"$f":"SUMIFS('[20]WorkDone DATA'!$L:$L,'[20]WorkDone DATA'!$N:$N,BOQ!BO$6,'[20]WorkDone DATA'!$G:$G,BOQ!$B177)*$G177","v":{"$error":"#VALUE!"}},{"$f":"SUMIFS('[20]WorkDone DATA'!$L:$L,'[20]WorkDone DATA'!$N:$N,BOQ!BP$6,'[20]WorkDone DATA'!$G:$G,BOQ!$B177)*$G177","v":{"$error":"#VALUE!"}},{"$f":"SUMIFS('[20]WorkDone DATA'!$L:$L,'[20]WorkDone DATA'!$N:$N,BOQ!BQ$6,'[20]WorkDone DATA'!$G:$G,BOQ!$B177)*$G177","v":{"$error":"#VALUE!"}},{"$f":"SUMIFS('[20]WorkDone DATA'!$L:$L,'[20]WorkDone DATA'!$N:$N,BOQ!BR$6,'[20]WorkDone DATA'!$G:$G,BOQ!$B177)*$G177","v":{"$error":"#VALUE!"}},{"$f":"SUMIFS('[20]WorkDone DATA'!$L:$L,'[20]WorkDone DATA'!$N:$N,BOQ!BS$6,'[20]WorkDone DATA'!$G:$G,BOQ!$B177)*$G177","v":{"$error":"#VALUE!"}},{"$f":"SUMIFS('[20]WorkDone DATA'!$L:$L,'[20]WorkDone DATA'!$N:$N,BOQ!BT$6,'[20]WorkDone DATA'!$G:$G,BOQ!$B177)*$G177","v":{"$error":"#VALUE!"}},{"$f":"SUMIFS('[20]WorkDone DATA'!$L:$L,'[20]WorkDone DATA'!$N:$N,BOQ!BU$6,'[20]WorkDone DATA'!$G:$G,BOQ!$B177)*$G177","v":{"$error":"#VALUE!"}},{"$f":"SUMIFS('[20]WorkDone DATA'!$L:$L,'[20]WorkDone DATA'!$N:$N,BOQ!BV$6,'[20]WorkDone DATA'!$G:$G,BOQ!$B177)*$G177","v":{"$error":"#VALUE!"}},{"$f":"SUMIFS('[20]WorkDone DATA'!$L:$L,'[20]WorkDone DATA'!$N:$N,BOQ!BW$6,'[20]WorkDone DATA'!$G:$G,BOQ!$B177)*$G177","v":{"$error":"#VALUE!"}},{"$f":"SUMIFS('[20]WorkDone DATA'!$L:$L,'[20]WorkDone DATA'!$N:$N,BOQ!BX$6,'[20]WorkDone DATA'!$G:$G,BOQ!$B177)*$G177","v":{"$error":"#VALUE!"}}]
[null,null,"70mm2 x 3 core (CXX03NCV) 3.8kV/6.6kV",{"$nulls":4},0,{"$nulls":3},{"$error":"#VALUE!"},{"$error":"#VALUE!"},null,0,{"$error":"#VALUE!"},null,{"$f":"SUMIFS('[20]WorkDone DATA'!$L:$L,'[20]WorkDone DATA'!$N:$N,BOQ!S$6,'[20]WorkDone DATA'!$G:$G,BOQ!$B178)","v":{"$error":"#VALUE!"}},{"$error":"#VALUE!"},{"$f":"SUMIFS('[20]WorkDone DATA'!$L:$L,'[20]WorkDone DATA'!$N:$N,BOQ!U$6,'[20]WorkDone DATA'!$G:$G,BOQ!$B178)","v":{"$error":"#VALUE!"}},{"$error":"#VALUE!"},null,{"$f":"SUMIFS('[20]WorkDone DATA'!$L:$L,'[20]WorkDone DATA'!$N:$N,BOQ!W$6,'[20]WorkDone DATA'!$G:$G,BOQ!$B178)*$G178","v":{"$error":"#VALUE!"}},null,{"$f":"SUMIFS('[20]WorkDone DATA'!$L:$L,'[20]WorkDone DATA'!$N:$N,BOQ!Y$6,'[20]WorkDone DATA'!$G:$G,BOQ!$B178)*$G178","v":{"$error":"#VALUE!"}},null,{"$f":"SUMIFS('[20]WorkDone DATA'!$L:$L,'[20]WorkDone DATA'!$N:$N,BOQ!AA$6,'[20]WorkDone DATA'!$G:$G,BOQ!$B178)*$G178","v":{"$error":"#VALUE!"}},{"$f":"SUMIFS('[20]WorkDone DATA'!$L:$L,'[20]WorkDone DATA'!$N:$N,BOQ!AB$6,'[20]WorkDone DATA'!$G:$G,BOQ!$B178)*$G178","v":{"$error":"#VALUE!"}},{"$f":"SUMIFS('[20]WorkDone DATA'!$L:$L,'[20]WorkDone DATA'!$N:$N,BOQ!AC$6,'[20]WorkDone DATA'!$G:$G,BOQ!$B178)*$G178","v":{"$error":"#VALUE!"}},{"$f":"SUMIFS('[20]WorkDone DATA'!$L:$L,'[20]WorkDone DATA'!$N:$N,BOQ!AD$6,'[20]WorkDone DATA'!$G:$G,BOQ!$B178)*$G178","v":{"$error":"#VALUE!"}},{"$f":"SUMIFS('[20]WorkDone DATA'!$L:$L,'[20]WorkDone DATA'!$N:$N,BOQ!AE$6,'[20]WorkDone DATA'!$G:$G,BOQ!$B178)*$G178","v":{"$error":"#VALUE!"}},{"$f":"SUMIFS('[20]WorkDone DATA'!$L:$L,'[20]WorkDone DATA'!$N:$N,BOQ!AF$6,'[20]WorkDone DATA'!$G:$G,BOQ!$B178)*$G178","v":{"$error":"#VALUE!"}},{"$f":"SUMIFS('[20]WorkDone DATA'!$L:$L,'[20]WorkDone DATA'!$N:$N,BOQ!AG$6,'[20]WorkDone DATA'!$G:$G,BOQ!$B178)*$G178","v":{"$error":"#VALUE!"}},{"$f":"SUMIFS('[20]WorkDone DATA'!$L:$L,'[20]WorkDone DATA'!$N:$N,BOQ!AH$6,'[20]WorkDone DATA'!$G:$G,BOQ!$B178)*$G178","v":{"$error":"#VALUE!"}},{"$f":"SUMIFS('[20]WorkDone DATA'!$L:$L,'[20]WorkDone DATA'!$N:$N,BOQ!AI$6,'[20]WorkDone DATA'!$G:$G,BOQ!$B178)*$G178","v":{"$error":"#VALUE!"}},{"$f":"SUMIFS('[20]WorkDone DATA'!$L:$L,'[20]WorkDone DATA'!$N:$N,BOQ!AJ$6,'[20]WorkDone DATA'!$G:$G,BOQ!$B178)*$G178","v":{"$error":"#VALUE!"}},{"$f":"SUMIFS('[20]WorkDone DATA'!$L:$L,'[20]WorkDone DATA'!$N:$N,BOQ!AK$6,'[20]WorkDone DATA'!$G:$G,BOQ!$B178)*$G178","v":{"$error":"#VALUE!"}},{"$f":"SUMIFS('[20]WorkDone DATA'!$L:$L,'[20]WorkDone DATA'!$N:$N,BOQ!AL$6,'[20]WorkDone DATA'!$G:$G,BOQ!$B178)*$G178","v":{"$error":"#VALUE!"}},{"$f":"SUMIFS('[20]WorkDone DATA'!$L:$L,'[20]WorkDone DATA'!$N:$N,BOQ!AM$6,'[20]WorkDone DATA'!$G:$G,BOQ!$B178)*$G178","v":{"$error":"#VALUE!"}},{"$f":"SUMIFS('[20]WorkDone DATA'!$L:$L,'[20]WorkDone DATA'!$N:$N,BOQ!AN$6,'[20]WorkDone DATA'!$G:$G,BOQ!$B178)*$G178","v":{"$error":"#VALUE!"}},{"$f":"SUMIFS('[20]WorkDone DATA'!$L:$L,'[20]WorkDone DATA'!$N:$N,BOQ!AO$6,'[20]WorkDone DATA'!$G:$G,BOQ!$B178)*$G178","v":{"$error":"#VALUE!"}},{"$f":"SUMIFS('[20]WorkDone DATA'!$L:$L,'[20]WorkDone DATA'!$N:$N,BOQ!AP$6,'[20]WorkDone DATA'!$G:$G,BOQ!$B178)*$G178","v":{"$error":"#VALUE!"}},{"$f":"SUMIFS('[20]WorkDone DATA'!$L:$L,'[20]WorkDone DATA'!$N:$N,BOQ!AQ$6,'[20]WorkDone DATA'!$G:$G,BOQ!$B178)*$G178","v":{"$error":"#VALUE!"}},{"$f":"SUMIFS('[20]WorkDone DATA'!$L:$L,'[20]WorkDone DATA'!$N:$N,BOQ!AR$6,'[20]WorkDone DATA'!$G:$G,BOQ!$B178)*$G178","v":{"$error":"#VALUE!"}},{"$f":"SUMIFS('[20]WorkDone DATA'!$L:$L,'[20]WorkDone DATA'!$N:$N,BOQ!AS$6,'[20]WorkDone DATA'!$G:$G,BOQ!$B178)*$G178","v":{"$error":"#VALUE!"}},{"$f":"SUMIFS('[20]WorkDone DATA'!$L:$L,'[20]WorkDone DATA'!$N:$N,BOQ!AT$6,'[20]WorkDone DATA'!$G:$G,BOQ!$B178)*$G178","v":{"$error":"#VALUE!"}},{"$f":"SUMIFS('[20]WorkDone DATA'!$L:$L,'[20]WorkDone DATA'!$N:$N,BOQ!AU$6,'[20]WorkDone DATA'!$G:$G,BOQ!$B178)*$G178","v":{"$error":"#VALUE!"}},{"$f":"SUMIFS('[20]WorkDone DATA'!$L:$L,'[20]WorkDone DATA'!$N:$N,BOQ!AV$6,'[20]WorkDone DATA'!$G:$G,BOQ!$B178)*$G178","v":{"$error":"#VALUE!"}},{"$f":"SUMIFS('[20]WorkDone DATA'!$L:$L,'[20]WorkDone DATA'!$N:$N,BOQ!AW$6,'[20]WorkDone DATA'!$G:$G,BOQ!$B178)*$G178","v":{"$error":"#VALUE!"}},{"$f":"SUMIFS('[20]WorkDone DATA'!$L:$L,'[20]WorkDone DATA'!$N:$N,BOQ!AX$6,'[20]WorkDone DATA'!$G:$G,BOQ!$B178)*$G178","v":{"$error":"#VALUE!"}},{"$f":"SUMIFS('[20]WorkDone DATA'!$L:$L,'[20]WorkDone DATA'!$N:$N,BOQ!AY$6,'[20]WorkDone DATA'!$G:$G,BOQ!$B178)*$G178","v":{"$error":"#VALUE!"}},{"$f":"SUMIFS('[20]WorkDone DATA'!$L:$L,'[20]WorkDone DATA'!$N:$N,BOQ!AZ$6,'[20]WorkDone DATA'!$G:$G,BOQ!$B178)*$G178","v":{"$error":"#VALUE!"}},{"$f":"SUMIFS('[20]WorkDone DATA'!$L:$L,'[20]WorkDone DATA'!$N:$N,BOQ!BA$6,'[20]WorkDone DATA'!$G:$G,BOQ!$B178)*$G178","v":{"$error":"#VALUE!"}},{"$f":"SUMIFS('[20]WorkDone DATA'!$L:$L,'[20]WorkDone DATA'!$N:$N,BOQ!BB$6,'[20]WorkDone DATA'!$G:$G,BOQ!$B178)*$G178","v":{"$error":"#VALUE!"}},{"$f":"SUMIFS('[20]WorkDone DATA'!$L:$L,'[20]WorkDone DATA'!$N:$N,BOQ!BC$6,'[20]WorkDone DATA'!$G:$G,BOQ!$B178)*$G178","v":{"$error":"#VALUE!"}},{"$f":"SUMIFS('[20]WorkDone DATA'!$L:$L,'[20]WorkDone DATA'!$N:$N,BOQ!BD$6,'[20]WorkDone DATA'!$G:$G,BOQ!$B178)*$G178","v":{"$error":"#VALUE!"}},{"$f":"SUMIFS('[20]WorkDone DATA'!$L:$L,'[20]WorkDone DATA'!$N:$N,BOQ!BE$6,'[20]WorkDone DATA'!$G:$G,BOQ!$B178)*$G178","v":{"$error":"#VALUE!"}},{"$f":"SUMIFS('[20]WorkDone DATA'!$L:$L,'[20]WorkDone DATA'!$N:$N,BOQ!BF$6,'[20]WorkDone DATA'!$G:$G,BOQ!$B178)*$G178","v":{"$error":"#VALUE!"}},{"$f":"SUMIFS('[20]WorkDone DATA'!$L:$L,'[20]WorkDone DATA'!$N:$N,BOQ!BG$6,'[20]WorkDone DATA'!$G:$G,BOQ!$B178)*$G178","v":{"$error":"#VALUE!"}},{"$f":"SUMIFS('[20]WorkDone DATA'!$L:$L,'[20]WorkDone DATA'!$N:$N,BOQ!BH$6,'[20]WorkDone DATA'!$G:$G,BOQ!$B178)*$G178","v":{"$error":"#VALUE!"}},{"$f":"SUMIFS('[20]WorkDone DATA'!$L:$L,'[20]WorkDone DATA'!$N:$N,BOQ!BI$6,'[20]WorkDone DATA'!$G:$G,BOQ!$B178)*$G178","v":{"$error":"#VALUE!"}},{"$f":"SUMIFS('[20]WorkDone DATA'!$L:$L,'[20]WorkDone DATA'!$N:$N,BOQ!BJ$6,'[20]WorkDone DATA'!$G:$G,BOQ!$B178)*$G178","v":{"$error":"#VALUE!"}},{"$f":"SUMIFS('[20]WorkDone DATA'!$L:$L,'[20]WorkDone DATA'!$N:$N,BOQ!BK$6,'[20]WorkDone DATA'!$G:$G,BOQ!$B178)*$G178","v":{"$error":"#VALUE!"}},{"$f":"SUMIFS('[20]WorkDone DATA'!$L:$L,'[20]WorkDone DATA'!$N:$N,BOQ!BL$6,'[20]WorkDone DATA'!$G:$G,BOQ!$B178)*$G178","v":{"$error":"#VALUE!"}},{"$f":"SUMIFS('[20]WorkDone DATA'!$L:$L,'[20]WorkDone DATA'!$N:$N,BOQ!BM$6,'[20]WorkDone DATA'!$G:$G,BOQ!$B178)*$G178","v":{"$error":"#VALUE!"}},{"$f":"SUMIFS('[20]WorkDone DATA'!$L:$L,'[20]WorkDone DATA'!$N:$N,BOQ!BN$6,'[20]WorkDone DATA'!$G:$G,BOQ!$B178)*$G178","v":{"$error":"#VALUE!"}},{"$f":"SUMIFS('[20]WorkDone DATA'!$L:$L,'[20]WorkDone DATA'!$N:$N,BOQ!BO$6,'[20]WorkDone DATA'!$G:$G,BOQ!$B178)*$G178","v":{"$error":"#VALUE!"}},{"$f":"SUMIFS('[20]WorkDone DATA'!$L:$L,'[20]WorkDone DATA'!$N:$N,BOQ!BP$6,'[20]WorkDone DATA'!$G:$G,BOQ!$B178)*$G178","v":{"$error":"#VALUE!"}},{"$f":"SUMIFS('[20]WorkDone DATA'!$L:$L,'[20]WorkDone DATA'!$N:$N,BOQ!BQ$6,'[20]WorkDone DATA'!$G:$G,BOQ!$B178)*$G178","v":{"$error":"#VALUE!"}},{"$f":"SUMIFS('[20]WorkDone DATA'!$L:$L,'[20]WorkDone DATA'!$N:$N,BOQ!BR$6,'[20]WorkDone DATA'!$G:$G,BOQ!$B178)*$G178","v":{"$error":"#VALUE!"}},{"$f":"SUMIFS('[20]WorkDone DATA'!$L:$L,'[20]WorkDone DATA'!$N:$N,BOQ!BS$6,'[20]WorkDone DATA'!$G:$G,BOQ!$B178)*$G178","v":{"$error":"#VALUE!"}},{"$f":"SUMIFS('[20]WorkDone DATA'!$L:$L,'[20]WorkDone DATA'!$N:$N,BOQ!BT$6,'[20]WorkDone DATA'!$G:$G,BOQ!$B178)*$G178","v":{"$error":"#VALUE!"}},{"$f":"SUMIFS('[20]WorkDone DATA'!$L:$L,'[20]WorkDone DATA'!$N:$N,BOQ!BU$6,'[20]WorkDone DATA'!$G:$G,BOQ!$B178)*$G178","v":{"$error":"#VALUE!"}},{"$f":"SUMIFS('[20]WorkDone DATA'!$L:$L,'[20]WorkDone DATA'!$N:$N,BOQ!BV$6,'[20]WorkDone DATA'!$G:$G,BOQ!$B178)*$G178","v":{"$error":"#VALUE!"}},{"$f":"SUMIFS('[20]WorkDone DATA'!$L:$L,'[20]WorkDone DATA'!$N:$N,BOQ!BW$6,'[20]WorkDone DATA'!$G:$G,BOQ!$B178)*$G178","v":{"$error":"#VALUE!"}},{"$f":"SUMIFS('[20]WorkDone DATA'!$L:$L,'[20]WorkDone DATA'!$N:$N,BOQ!BX$6,'[20]WorkDone DATA'!$G:$G,BOQ!$B178)*$G178","v":{"$error":"#VALUE!"}}]
[{"$f":"C178","v":"70mm2 x 3 core (CXX03NCV) 3.8kV/6.6kV"},2.089,"Supply","E","set",20,{"v":2898.89,"d":"2,898.89"},{"v":57977.799999999996,"d":"57,977.80"},null,null,{"$error":"#VALUE!"},{"$error":"#VALUE!"},{"$error":"#VALUE!"},null,{"$error":"#VALUE!"},{"$error":"#VALUE!"},null,{"$f":"SUMIFS('[20]WorkDone DATA'!$L:$L,'[20]WorkDone DATA'!$N:$N,BOQ!S$6,'[20]WorkDone DATA'!$G:$G,BOQ!$B179)","v":{"$error":"#VALUE!"}},{"$error":"#VALUE!"},{"$f":"SUMIFS('[20]WorkDone DATA'!$L:$L,'[20]WorkDone DATA'!$N:$N,BOQ!U$6,'[20]WorkDone DATA'!$G:$G,BOQ!$B179)","v":{"$error":"#VALUE!"}},{"$error":"#VALUE!"},null,{"$f":"SUMIFS('[20]WorkDone DATA'!$L:$L,'[20]WorkDone DATA'!$N:$N,BOQ!W$6,'[20]WorkDone DATA'!$G:$G,BOQ!$B179)*$G179","v":{"$error":"#VALUE!"}},null,{"$f":"SUMIFS('[20]WorkDone DATA'!$L:$L,'[20]WorkDone DATA'!$N:$N,BOQ!Y$6,'[20]WorkDone DATA'!$G:$G,BOQ!$B179)*$G179","v":{"$error":"#VALUE!"}},null,{"$f":"SUMIFS('[20]WorkDone DATA'!$L:$L,'[20]WorkDone DATA'!$N:$N,BOQ!AA$6,'[20]WorkDone DATA'!$G:$G,BOQ!$B179)*$G179","v":{"$error":"#VALUE!"}},{"$f":"SUMIFS('[20]WorkDone DATA'!$L:$L,'[20]WorkDone DATA'!$N:$N,BOQ!AB$6,'[20]WorkDone DATA'!$G:$G,BOQ!$B179)*$G179","v":{"$error":"#VALUE!"}},{"$f":"SUMIFS('[20]WorkDone DATA'!$L:$L,'[20]WorkDone DATA'!$N:$N,BOQ!AC$6,'[20]WorkDone DATA'!$G:$G,BOQ!$B179)*$G179","v":{"$error":"#VALUE!"}},{"$f":"SUMIFS('[20]WorkDone DATA'!$L:$L,'[20]WorkDone DATA'!$N:$N,BOQ!AD$6,'[20]WorkDone DATA'!$G:$G,BOQ!$B179)*$G179","v":{"$error":"#VALUE!"}},{"$f":"SUMIFS('[20]WorkDone DATA'!$L:$L,'[20]WorkDone DATA'!$N:$N,BOQ!AE$6,'[20]WorkDone DATA'!$G:$G,BOQ!$B179)*$G179","v":{"$error":"#VALUE!"}},{"$f":"SUMIFS('[20]WorkDone DATA'!$L:$L,'[20]WorkDone DATA'!$N:$N,BOQ!AF$6,'[20]WorkDone DATA'!$G:$G,BOQ!$B179)*$G179","v":{"$error":"#VALUE!"}},{"$f":"SUMIFS('[20]WorkDone DATA'!$L:$L,'[20]WorkDone DATA'!$N:$N,BOQ!AG$6,'[20]WorkDone DATA'!$G:$G,BOQ!$B179)*$G179","v":{"$error":"#VALUE!"}},{"$f":"SUMIFS('[20]WorkDone DATA'!$L:$L,'[20]WorkDone DATA'!$N:$N,BOQ!AH$6,'[20]WorkDone DATA'!$G:$G,BOQ!$B179)*$G179","v":{"$error":"#VALUE!"}},{"$f":"SUMIFS('[20]WorkDone DATA'!$L:$L,'[20]WorkDone DATA'!$N:$N,BOQ!AI$6,'[20]WorkDone DATA'!$G:$G,BOQ!$B179)*$G179","v":{"$error":"#VALUE!"}},{"$f":"SUMIFS('[20]WorkDone DATA'!$L:$L,'[20]WorkDone DATA'!$N:$N,BOQ!AJ$6,'[20]WorkDone DATA'!$G:$G,BOQ!$B179)*$G179","v":{"$error":"#VALUE!"}},{"$f":"SUMIFS('[20]WorkDone DATA'!$L:$L,'[20]WorkDone DATA'!$N:$N,BOQ!AK$6,'[20]WorkDone DATA'!$G:$G,BOQ!$B179)*$G179","v":{"$error":"#VALUE!"}},{"$f":"SUMIFS('[20]WorkDone DATA'!$L:$L,'[20]WorkDone DATA'!$N:$N,BOQ!AL$6,'[20]WorkDone DATA'!$G:$G,BOQ!$B179)*$G179","v":{"$error":"#VALUE!"}},{"$f":"SUMIFS('[20]WorkDone DATA'!$L:$L,'[20]WorkDone DATA'!$N:$N,BOQ!AM$6,'[20]WorkDone DATA'!$G:$G,BOQ!$B179)*$G179","v":{"$error":"#VALUE!"}},{"$f":"SUMIFS('[20]WorkDone DATA'!$L:$L,'[20]WorkDone DATA'!$N:$N,BOQ!AN$6,'[20]WorkDone DATA'!$G:$G,BOQ!$B179)*$G179","v":{"$error":"#VALUE!"}},{"$f":"SUMIFS('[20]WorkDone DATA'!$L:$L,'[20]WorkDone DATA'!$N:$N,BOQ!AO$6,'[20]WorkDone DATA'!$G:$G,BOQ!$B179)*$G179","v":{"$error":"#VALUE!"}},{"$f":"SUMIFS('[20]WorkDone DATA'!$L:$L,'[20]WorkDone DATA'!$N:$N,BOQ!AP$6,'[20]WorkDone DATA'!$G:$G,BOQ!$B179)*$G179","v":{"$error":"#VALUE!"}},{"$f":"SUMIFS('[20]WorkDone DATA'!$L:$L,'[20]WorkDone DATA'!$N:$N,BOQ!AQ$6,'[20]WorkDone DATA'!$G:$G,BOQ!$B179)*$G179","v":{"$error":"#VALUE!"}},{"$f":"SUMIFS('[20]WorkDone DATA'!$L:$L,'[20]WorkDone DATA'!$N:$N,BOQ!AR$6,'[20]WorkDone DATA'!$G:$G,BOQ!$B179)*$G179","v":{"$error":"#VALUE!"}},{"$f":"SUMIFS('[20]WorkDone DATA'!$L:$L,'[20]WorkDone DATA'!$N:$N,BOQ!AS$6,'[20]WorkDone DATA'!$G:$G,BOQ!$B179)*$G179","v":{"$error":"#VALUE!"}},{"$f":"SUMIFS('[20]WorkDone DATA'!$L:$L,'[20]WorkDone DATA'!$N:$N,BOQ!AT$6,'[20]WorkDone DATA'!$G:$G,BOQ!$B179)*$G179","v":{"$error":"#VALUE!"}},{"$f":"SUMIFS('[20]WorkDone DATA'!$L:$L,'[20]WorkDone DATA'!$N:$N,BOQ!AU$6,'[20]WorkDone DATA'!$G:$G,BOQ!$B179)*$G179","v":{"$error":"#VALUE!"}},{"$f":"SUMIFS('[20]WorkDone DATA'!$L:$L,'[20]WorkDone DATA'!$N:$N,BOQ!AV$6,'[20]WorkDone DATA'!$G:$G,BOQ!$B179)*$G179","v":{"$error":"#VALUE!"}},{"$f":"SUMIFS('[20]WorkDone DATA'!$L:$L,'[20]WorkDone DATA'!$N:$N,BOQ!AW$6,'[20]WorkDone DATA'!$G:$G,BOQ!$B179)*$G179","v":{"$error":"#VALUE!"}},{"$f":"SUMIFS('[20]WorkDone DATA'!$L:$L,'[20]WorkDone DATA'!$N:$N,BOQ!AX$6,'[20]WorkDone DATA'!$G:$G,BOQ!$B179)*$G179","v":{"$error":"#VALUE!"}},{"$f":"SUMIFS('[20]WorkDone DATA'!$L:$L,'[20]WorkDone DATA'!$N:$N,BOQ!AY$6,'[20]WorkDone DATA'!$G:$G,BOQ!$B179)*$G179","v":{"$error":"#VALUE!"}},{"$f":"SUMIFS('[20]WorkDone DATA'!$L:$L,'[20]WorkDone DATA'!$N:$N,BOQ!AZ$6,'[20]WorkDone DATA'!$G:$G,BOQ!$B179)*$G179","v":{"$error":"#VALUE!"}},{"$f":"SUMIFS('[20]WorkDone DATA'!$L:$L,'[20]WorkDone DATA'!$N:$N,BOQ!BA$6,'[20]WorkDone DATA'!$G:$G,BOQ!$B179)*$G179","v":{"$error":"#VALUE!"}},{"$f":"SUMIFS('[20]WorkDone DATA'!$L:$L,'[20]WorkDone DATA'!$N:$N,BOQ!BB$6,'[20]WorkDone DATA'!$G:$G,BOQ!$B179)*$G179","v":{"$error":"#VALUE!"}},{"$f":"SUMIFS('[20]WorkDone DATA'!$L:$L,'[20]WorkDone DATA'!$N:$N,BOQ!BC$6,'[20]WorkDone DATA'!$G:$G,BOQ!$B179)*$G179","v":{"$error":"#VALUE!"}},{"$f":"SUMIFS('[20]WorkDone DATA'!$L:$L,'[20]WorkDone DATA'!$N:$N,BOQ!BD$6,'[20]WorkDone DATA'!$G:$G,BOQ!$B179)*$G179","v":{"$error":"#VALUE!"}},{"$f":"SUMIFS('[20]WorkDone DATA'!$L:$L,'[20]WorkDone DATA'!$N:$N,BOQ!BE$6,'[20]WorkDone DATA'!$G:$G,BOQ!$B179)*$G179","v":{"$error":"#VALUE!"}},{"$f":"SUMIFS('[20]WorkDone DATA'!$L:$L,'[20]WorkDone DATA'!$N:$N,BOQ!BF$6,'[20]WorkDone DATA'!$G:$G,BOQ!$B179)*$G179","v":{"$error":"#VALUE!"}},{"$f":"SUMIFS('[20]WorkDone DATA'!$L:$L,'[20]WorkDone DATA'!$N:$N,BOQ!BG$6,'[20]WorkDone DATA'!$G:$G,BOQ!$B179)*$G179","v":{"$error":"#VALUE!"}},{"$f":"SUMIFS('[20]WorkDone DATA'!$L:$L,'[20]WorkDone DATA'!$N:$N,BOQ!BH$6,'[20]WorkDone DATA'!$G:$G,BOQ!$B179)*$G179","v":{"$error":"#VALUE!"}},{"$f":"SUMIFS('[20]WorkDone DATA'!$L:$L,'[20]WorkDone DATA'!$N:$N,BOQ!BI$6,'[20]WorkDone DATA'!$G:$G,BOQ!$B179)*$G179","v":{"$error":"#VALUE!"}},{"$f":"SUMIFS('[20]WorkDone DATA'!$L:$L,'[20]WorkDone DATA'!$N:$N,BOQ!BJ$6,'[20]WorkDone DATA'!$G:$G,BOQ!$B179)*$G179","v":{"$error":"#VALUE!"}},{"$f":"SUMIFS('[20]WorkDone DATA'!$L:$L,'[20]WorkDone DATA'!$N:$N,BOQ!BK$6,'[20]WorkDone DATA'!$G:$G,BOQ!$B179)*$G179","v":{"$error":"#VALUE!"}},{"$f":"SUMIFS('[20]WorkDone DATA'!$L:$L,'[20]WorkDone DATA'!$N:$N,BOQ!BL$6,'[20]WorkDone DATA'!$G:$G,BOQ!$B179)*$G179","v":{"$error":"#VALUE!"}},{"$f":"SUMIFS('[20]WorkDone DATA'!$L:$L,'[20]WorkDone DATA'!$N:$N,BOQ!BM$6,'[20]WorkDone DATA'!$G:$G,BOQ!$B179)*$G179","v":{"$error":"#VALUE!"}},{"$f":"SUMIFS('[20]WorkDone DATA'!$L:$L,'[20]WorkDone DATA'!$N:$N,BOQ!BN$6,'[20]WorkDone DATA'!$G:$G,BOQ!$B179)*$G179","v":{"$error":"#VALUE!"}},{"$f":"SUMIFS('[20]WorkDone DATA'!$L:$L,'[20]WorkDone DATA'!$N:$N,BOQ!BO$6,'[20]WorkDone DATA'!$G:$G,BOQ!$B179)*$G179","v":{"$error":"#VALUE!"}},{"$f":"SUMIFS('[20]WorkDone DATA'!$L:$L,'[20]WorkDone DATA'!$N:$N,BOQ!BP$6,'[20]WorkDone DATA'!$G:$G,BOQ!$B179)*$G179","v":{"$error":"#VALUE!"}},{"$f":"SUMIFS('[20]WorkDone DATA'!$L:$L,'[20]WorkDone DATA'!$N:$N,BOQ!BQ$6,'[20]WorkDone DATA'!$G:$G,BOQ!$B179)*$G179","v":{"$error":"#VALUE!"}},{"$f":"SUMIFS('[20]WorkDone DATA'!$L:$L,'[20]WorkDone DATA'!$N:$N,BOQ!BR$6,'[20]WorkDone DATA'!$G:$G,BOQ!$B179)*$G179","v":{"$error":"#VALUE!"}},{"$f":"SUMIFS('[20]WorkDone DATA'!$L:$L,'[20]WorkDone DATA'!$N:$N,BOQ!BS$6,'[20]WorkDone DATA'!$G:$G,BOQ!$B179)*$G179","v":{"$error":"#VALUE!"}},{"$f":"SUMIFS('[20]WorkDone DATA'!$L:$L,'[20]WorkDone DATA'!$N:$N,BOQ!BT$6,'[20]WorkDone DATA'!$G:$G,BOQ!$B179)*$G179","v":{"$error":"#VALUE!"}},{"$f":"SUMIFS('[20]WorkDone DATA'!$L:$L,'[20]WorkDone DATA'!$N:$N,BOQ!BU$6,'[20]WorkDone DATA'!$G:$G,BOQ!$B179)*$G179","v":{"$error":"#VALUE!"}},{"$f":"SUMIFS('[20]WorkDone DATA'!$L:$L,'[20]WorkDone DATA'!$N:$N,BOQ!BV$6,'[20]WorkDone DATA'!$G:$G,BOQ!$B179)*$G179","v":{"$error":"#VALUE!"}},{"$f":"SUMIFS('[20]WorkDone DATA'!$L:$L,'[20]WorkDone DATA'!$N:$N,BOQ!BW$6,'[20]WorkDone DATA'!$G:$G,BOQ!$B179)*$G179","v":{"$error":"#VALUE!"}},{"$f":"SUMIFS('[20]WorkDone DATA'!$L:$L,'[20]WorkDone DATA'!$N:$N,BOQ!BX$6,'[20]WorkDone DATA'!$G:$G,BOQ!$B179)*$G179","v":{"$error":"#VALUE!"}}]
[{"$f":"C178","v":"70mm2 x 3 core (CXX03NCV) 3.8kV/6.6kV"},{"v":2.09,"d":"2.090"},"Installation","A","set",20,{"v":1814.46,"d":"1,814.46"},{"v":36289.2,"d":"36,289.20"},null,null,{"$error":"#VALUE!"},{"$error":"#VALUE!"},{"$error":"#VALUE!"},null,{"$error":"#VALUE!"},{"$error":"#VALUE!"},null,{"$f":"SUMIFS('[20]WorkDone DATA'!$L:$L,'[20]WorkDone DATA'!$N:$N,BOQ!S$6,'[20]WorkDone DATA'!$G:$G,BOQ!$B180)","v":{"$error":"#VALUE!"}},{"$error":"#VALUE!"},{"$f":"SUMIFS('[20]WorkDone DATA'!$L:$L,'[20]WorkDone DATA'!$N:$N,BOQ!U$6,'[20]WorkDone DATA'!$G:$G,BOQ!$B180)","v":{"$error":"#VALUE!"}},{"$error":"#VALUE!"},null,{"$f":"SUMIFS('[20]WorkDone DATA'!$L:$L,'[20]WorkDone DATA'!$N:$N,BOQ!W$6,'[20]WorkDone DATA'!$G:$G,BOQ!$B180)*$G180","v":{"$error":"#VALUE!"}},null,{"$f":"SUMIFS('[20]WorkDone DATA'!$L:$L,'[20]WorkDone DATA'!$N:$N,BOQ!Y$6,'[20]WorkDone DATA'!$G:$G,BOQ!$B180)*$G180","v":{"$error":"#VALUE!"}},null,{"$f":"SUMIFS('[20]WorkDone DATA'!$L:$L,'[20]WorkDone DATA'!$N:$N,BOQ!AA$6,'[20]WorkDone DATA'!$G:$G,BOQ!$B180)*$G180","v":{"$error":"#VALUE!"}},{"$f":"SUMIFS('[20]WorkDone DATA'!$L:$L,'[20]WorkDone DATA'!$N:$N,BOQ!AB$6,'[20]WorkDone DATA'!$G:$G,BOQ!$B180)*$G180","v":{"$error":"#VALUE!"}},{"$f":"SUMIFS('[20]WorkDone DATA'!$L:$L,'[20]WorkDone DATA'!$N:$N,BOQ!AC$6,'[20]WorkDone DATA'!$G:$G,BOQ!$B180)*$G180","v":{"$error":"#VALUE!"}},{"$f":"SUMIFS('[20]WorkDone DATA'!$L:$L,'[20]WorkDone DATA'!$N:$N,BOQ!AD$6,'[20]WorkDone DATA'!$G:$G,BOQ!$B180)*$G180","v":{"$error":"#VALUE!"}},{"$f":"SUMIFS('[20]WorkDone DATA'!$L:$L,'[20]WorkDone DATA'!$N:$N,BOQ!AE$6,'[20]WorkDone DATA'!$G:$G,BOQ!$B180)*$G180","v":{"$error":"#VALUE!"}},{"$f":"SUMIFS('[20]WorkDone DATA'!$L:$L,'[20]WorkDone DATA'!$N:$N,BOQ!AF$6,'[20]WorkDone DATA'!$G:$G,BOQ!$B180)*$G180","v":{"$error":"#VALUE!"}},{"$f":"SUMIFS('[20]WorkDone DATA'!$L:$L,'[20]WorkDone DATA'!$N:$N,BOQ!AG$6,'[20]WorkDone DATA'!$G:$G,BOQ!$B180)*$G180","v":{"$error":"#VALUE!"}},{"$f":"SUMIFS('[20]WorkDone DATA'!$L:$L,'[20]WorkDone DATA'!$N:$N,BOQ!AH$6,'[20]WorkDone DATA'!$G:$G,BOQ!$B180)*$G180","v":{"$error":"#VALUE!"}},{"$f":"SUMIFS('[20]WorkDone DATA'!$L:$L,'[20]WorkDone DATA'!$N:$N,BOQ!AI$6,'[20]WorkDone DATA'!$G:$G,BOQ!$B180)*$G180","v":{"$error":"#VALUE!"}},{"$f":"SUMIFS('[20]WorkDone DATA'!$L:$L,'[20]WorkDone DATA'!$N:$N,BOQ!AJ$6,'[20]WorkDone DATA'!$G:$G,BOQ!$B180)*$G180","v":{"$error":"#VALUE!"}},{"$f":"SUMIFS('[20]WorkDone DATA'!$L:$L,'[20]WorkDone DATA'!$N:$N,BOQ!AK$6,'[20]WorkDone DATA'!$G:$G,BOQ!$B180)*$G180","v":{"$error":"#VALUE!"}},{"$f":"SUMIFS('[20]WorkDone DATA'!$L:$L,'[20]WorkDone DATA'!$N:$N,BOQ!AL$6,'[20]WorkDone DATA'!$G:$G,BOQ!$B180)*$G180","v":{"$error":"#VALUE!"}},{"$f":"SUMIFS('[20]WorkDone DATA'!$L:$L,'[20]WorkDone DATA'!$N:$N,BOQ!AM$6,'[20]WorkDone DATA'!$G:$G,BOQ!$B180)*$G180","v":{"$error":"#VALUE!"}},{"$f":"SUMIFS('[20]WorkDone DATA'!$L:$L,'[20]WorkDone DATA'!$N:$N,BOQ!AN$6,'[20]WorkDone DATA'!$G:$G,BOQ!$B180)*$G180","v":{"$error":"#VALUE!"}},{"$f":"SUMIFS('[20]WorkDone DATA'!$L:$L,'[20]WorkDone DATA'!$N:$N,BOQ!AO$6,'[20]WorkDone DATA'!$G:$G,BOQ!$B180)*$G180","v":{"$error":"#VALUE!"}},{"$f":"SUMIFS('[20]WorkDone DATA'!$L:$L,'[20]WorkDone DATA'!$N:$N,BOQ!AP$6,'[20]WorkDone DATA'!$G:$G,BOQ!$B180)*$G180","v":{"$error":"#VALUE!"}},{"$f":"SUMIFS('[20]WorkDone DATA'!$L:$L,'[20]WorkDone DATA'!$N:$N,BOQ!AQ$6,'[20]WorkDone DATA'!$G:$G,BOQ!$B180)*$G180","v":{"$error":"#VALUE!"}},{"$f":"SUMIFS('[20]WorkDone DATA'!$L:$L,'[20]WorkDone DATA'!$N:$N,BOQ!AR$6,'[20]WorkDone DATA'!$G:$G,BOQ!$B180)*$G180","v":{"$error":"#VALUE!"}},{"$f":"SUMIFS('[20]WorkDone DATA'!$L:$L,'[20]WorkDone DATA'!$N:$N,BOQ!AS$6,'[20]WorkDone DATA'!$G:$G,BOQ!$B180)*$G180","v":{"$error":"#VALUE!"}},{"$f":"SUMIFS('[20]WorkDone DATA'!$L:$L,'[20]WorkDone DATA'!$N:$N,BOQ!AT$6,'[20]WorkDone DATA'!$G:$G,BOQ!$B180)*$G180","v":{"$error":"#VALUE!"}},{"$f":"SUMIFS('[20]WorkDone DATA'!$L:$L,'[20]WorkDone DATA'!$N:$N,BOQ!AU$6,'[20]WorkDone DATA'!$G:$G,BOQ!$B180)*$G180","v":{"$error":"#VALUE!"}},{"$f":"SUMIFS('[20]WorkDone DATA'!$L:$L,'[20]WorkDone DATA'!$N:$N,BOQ!AV$6,'[20]WorkDone DATA'!$G:$G,BOQ!$B180)*$G180","v":{"$error":"#VALUE!"}},{"$f":"SUMIFS('[20]WorkDone DATA'!$L:$L,'[20]WorkDone DATA'!$N:$N,BOQ!AW$6,'[20]WorkDone DATA'!$G:$G,BOQ!$B180)*$G180","v":{"$error":"#VALUE!"}},{"$f":"SUMIFS('[20]WorkDone DATA'!$L:$L,'[20]WorkDone DATA'!$N:$N,BOQ!AX$6,'[20]WorkDone DATA'!$G:$G,BOQ!$B180)*$G180","v":{"$error":"#VALUE!"}},{"$f":"SUMIFS('[20]WorkDone DATA'!$L:$L,'[20]WorkDone DATA'!$N:$N,BOQ!AY$6,'[20]WorkDone DATA'!$G:$G,BOQ!$B180)*$G180","v":{"$error":"#VALUE!"}},{"$f":"SUMIFS('[20]WorkDone DATA'!$L:$L,'[20]WorkDone DATA'!$N:$N,BOQ!AZ$6,'[20]WorkDone DATA'!$G:$G,BOQ!$B180)*$G180","v":{"$error":"#VALUE!"}},{"$f":"SUMIFS('[20]WorkDone DATA'!$L:$L,'[20]WorkDone DATA'!$N:$N,BOQ!BA$6,'[20]WorkDone DATA'!$G:$G,BOQ!$B180)*$G180","v":{"$error":"#VALUE!"}},{"$f":"SUMIFS('[20]WorkDone DATA'!$L:$L,'[20]WorkDone DATA'!$N:$N,BOQ!BB$6,'[20]WorkDone DATA'!$G:$G,BOQ!$B180)*$G180","v":{"$error":"#VALUE!"}},{"$f":"SUMIFS('[20]WorkDone DATA'!$L:$L,'[20]WorkDone DATA'!$N:$N,BOQ!BC$6,'[20]WorkDone DATA'!$G:$G,BOQ!$B180)*$G180","v":{"$error":"#VALUE!"}},{"$f":"SUMIFS('[20]WorkDone DATA'!$L:$L,'[20]WorkDone DATA'!$N:$N,BOQ!BD$6,'[20]WorkDone DATA'!$G:$G,BOQ!$B180)*$G180","v":{"$error":"#VALUE!"}},{"$f":"SUMIFS('[20]WorkDone DATA'!$L:$L,'[20]WorkDone DATA'!$N:$N,BOQ!BE$6,'[20]WorkDone DATA'!$G:$G,BOQ!$B180)*$G180","v":{"$error":"#VALUE!"}},{"$f":"SUMIFS('[20]WorkDone DATA'!$L:$L,'[20]WorkDone DATA'!$N:$N,BOQ!BF$6,'[20]WorkDone DATA'!$G:$G,BOQ!$B180)*$G180","v":{"$error":"#VALUE!"}},{"$f":"SUMIFS('[20]WorkDone DATA'!$L:$L,'[20]WorkDone DATA'!$N:$N,BOQ!BG$6,'[20]WorkDone DATA'!$G:$G,BOQ!$B180)*$G180","v":{"$error":"#VALUE!"}},{"$f":"SUMIFS('[20]WorkDone DATA'!$L:$L,'[20]WorkDone DATA'!$N:$N,BOQ!BH$6,'[20]WorkDone DATA'!$G:$G,BOQ!$B180)*$G180","v":{"$error":"#VALUE!"}},{"$f":"SUMIFS('[20]WorkDone DATA'!$L:$L,'[20]WorkDone DATA'!$N:$N,BOQ!BI$6,'[20]WorkDone DATA'!$G:$G,BOQ!$B180)*$G180","v":{"$error":"#VALUE!"}},{"$f":"SUMIFS('[20]WorkDone DATA'!$L:$L,'[20]WorkDone DATA'!$N:$N,BOQ!BJ$6,'[20]WorkDone DATA'!$G:$G,BOQ!$B180)*$G180","v":{"$error":"#VALUE!"}},{"$f":"SUMIFS('[20]WorkDone DATA'!$L:$L,'[20]WorkDone DATA'!$N:$N,BOQ!BK$6,'[20]WorkDone DATA'!$G:$G,BOQ!$B180)*$G180","v":{"$error":"#VALUE!"}},{"$f":"SUMIFS('[20]WorkDone DATA'!$L:$L,'[20]WorkDone DATA'!$N:$N,BOQ!BL$6,'[20]WorkDone DATA'!$G:$G,BOQ!$B180)*$G180","v":{"$error":"#VALUE!"}},{"$f":"SUMIFS('[20]WorkDone DATA'!$L:$L,'[20]WorkDone DATA'!$N:$N,BOQ!BM$6,'[20]WorkDone DATA'!$G:$G,BOQ!$B180)*$G180","v":{"$error":"#VALUE!"}},{"$f":"SUMIFS('[20]WorkDone DATA'!$L:$L,'[20]WorkDone DATA'!$N:$N,BOQ!BN$6,'[20]WorkDone DATA'!$G:$G,BOQ!$B180)*$G180","v":{"$error":"#VALUE!"}},{"$f":"SUMIFS('[20]WorkDone DATA'!$L:$L,'[20]WorkDone DATA'!$N:$N,BOQ!BO$6,'[20]WorkDone DATA'!$G:$G,BOQ!$B180)*$G180","v":{"$error":"#VALUE!"}},{"$f":"SUMIFS('[20]WorkDone DATA'!$L:$L,'[20]WorkDone DATA'!$N:$N,BOQ!BP$6,'[20]WorkDone DATA'!$G:$G,BOQ!$B180)*$G180","v":{"$error":"#VALUE!"}},{"$f":"SUMIFS('[20]WorkDone DATA'!$L:$L,'[20]WorkDone DATA'!$N:$N,BOQ!BQ$6,'[20]WorkDone DATA'!$G:$G,BOQ!$B180)*$G180","v":{"$error":"#VALUE!"}},{"$f":"SUMIFS('[20]WorkDone DATA'!$L:$L,'[20]WorkDone DATA'!$N:$N,BOQ!BR$6,'[20]WorkDone DATA'!$G:$G,BOQ!$B180)*$G180","v":{"$error":"#VALUE!"}},{"$f":"SUMIFS('[20]WorkDone DATA'!$L:$L,'[20]WorkDone DATA'!$N:$N,BOQ!BS$6,'[20]WorkDone DATA'!$G:$G,BOQ!$B180)*$G180","v":{"$error":"#VALUE!"}},{"$f":"SUMIFS('[20]WorkDone DATA'!$L:$L,'[20]WorkDone DATA'!$N:$N,BOQ!BT$6,'[20]WorkDone DATA'!$G:$G,BOQ!$B180)*$G180","v":{"$error":"#VALUE!"}},{"$f":"SUMIFS('[20]WorkDone DATA'!$L:$L,'[20]WorkDone DATA'!$N:$N,BOQ!BU$6,'[20]WorkDone DATA'!$G:$G,BOQ!$B180)*$G180","v":{"$error":"#VALUE!"}},{"$f":"SUMIFS('[20]WorkDone DATA'!$L:$L,'[20]WorkDone DATA'!$N:$N,BOQ!BV$6,'[20]WorkDone DATA'!$G:$G,BOQ!$B180)*$G180","v":{"$error":"#VALUE!"}},{"$f":"SUMIFS('[20]WorkDone DATA'!$L:$L,'[20]WorkDone DATA'!$N:$N,BOQ!BW$6,'[20]WorkDone DATA'!$G:$G,BOQ!$B180)*$G180","v":{"$error":"#VALUE!"}},{"$f":"SUMIFS('[20]WorkDone DATA'!$L:$L,'[20]WorkDone DATA'!$N:$N,BOQ!BX$6,'[20]WorkDone DATA'!$G:$G,BOQ!$B180)*$G180","v":{"$error":"#VALUE!"}}]
[{"$nulls":7},0,{"$nulls":3},{"$error":"#VALUE!"},{"$error":"#VALUE!"},null,0,{"$error":"#VALUE!"},null,{"$f":"SUMIFS('[20]WorkDone DATA'!$L:$L,'[20]WorkDone DATA'!$N:$N,BOQ!S$6,'[20]WorkDone DATA'!$G:$G,BOQ!$B181)","v":{"$error":"#VALUE!"}},{"$error":"#VALUE!"},{"$f":"SUMIFS('[20]WorkDone DATA'!$L:$L,'[20]WorkDone DATA'!$N:$N,BOQ!U$6,'[20]WorkDone DATA'!$G:$G,BOQ!$B181)","v":{"$error":"#VALUE!"}},{"$error":"#VALUE!"},null,{"$f":"SUMIFS('[20]WorkDone DATA'!$L:$L,'[20]WorkDone DATA'!$N:$N,BOQ!W$6,'[20]WorkDone DATA'!$G:$G,BOQ!$B181)*$G181","v":{"$error":"#VALUE!"}},null,{"$f":"SUMIFS('[20]WorkDone DATA'!$L:$L,'[20]WorkDone DATA'!$N:$N,BOQ!Y$6,'[20]WorkDone DATA'!$G:$G,BOQ!$B181)*$G181","v":{"$error":"#VALUE!"}},null,{"$f":"SUMIFS('[20]WorkDone DATA'!$L:$L,'[20]WorkDone DATA'!$N:$N,BOQ!AA$6,'[20]WorkDone DATA'!$G:$G,BOQ!$B181)*$G181","v":{"$error":"#VALUE!"}},{"$f":"SUMIFS('[20]WorkDone DATA'!$L:$L,'[20]WorkDone DATA'!$N:$N,BOQ!AB$6,'[20]WorkDone DATA'!$G:$G,BOQ!$B181)*$G181","v":{"$error":"#VALUE!"}},{"$f":"SUMIFS('[20]WorkDone DATA'!$L:$L,'[20]WorkDone DATA'!$N:$N,BOQ!AC$6,'[20]WorkDone DATA'!$G:$G,BOQ!$B181)*$G181","v":{"$error":"#VALUE!"}},{"$f":"SUMIFS('[20]WorkDone DATA'!$L:$L,'[20]WorkDone DATA'!$N:$N,BOQ!AD$6,'[20]WorkDone DATA'!$G:$G,BOQ!$B181)*$G181","v":{"$error":"#VALUE!"}},{"$f":"SUMIFS('[20]WorkDone DATA'!$L:$L,'[20]WorkDone DATA'!$N:$N,BOQ!AE$6,'[20]WorkDone DATA'!$G:$G,BOQ!$B181)*$G181","v":{"$error":"#VALUE!"}},{"$f":"SUMIFS('[20]WorkDone DATA'!$L:$L,'[20]WorkDone DATA'!$N:$N,BOQ!AF$6,'[20]WorkDone DATA'!$G:$G,BOQ!$B181)*$G181","v":{"$error":"#VALUE!"}},{"$f":"SUMIFS('[20]WorkDone DATA'!$L:$L,'[20]WorkDone DATA'!$N:$N,BOQ!AG$6,'[20]WorkDone DATA'!$G:$G,BOQ!$B181)*$G181","v":{"$error":"#VALUE!"}},{"$f":"SUMIFS('[20]WorkDone DATA'!$L:$L,'[20]WorkDone DATA'!$N:$N,BOQ!AH$6,'[20]WorkDone DATA'!$G:$G,BOQ!$B181)*$G181","v":{"$error":"#VALUE!"}},{"$f":"SUMIFS('[20]WorkDone DATA'!$L:$L,'[20]WorkDone DATA'!$N:$N,BOQ!AI$6,'[20]WorkDone DATA'!$G:$G,BOQ!$B181)*$G181","v":{"$error":"#VALUE!"}},{"$f":"SUMIFS('[20]WorkDone DATA'!$L:$L,'[20]WorkDone DATA'!$N:$N,BOQ!AJ$6,'[20]WorkDone DATA'!$G:$G,BOQ!$B181)*$G181","v":{"$error":"#VALUE!"}},{"$f":"SUMIFS('[20]WorkDone DATA'!$L:$L,'[20]WorkDone DATA'!$N:$N,BOQ!AK$6,'[20]WorkDone DATA'!$G:$G,BOQ!$B181)*$G181","v":{"$error":"#VALUE!"}},{"$f":"SUMIFS('[20]WorkDone DATA'!$L:$L,'[20]WorkDone DATA'!$N:$N,BOQ!AL$6,'[20]WorkDone DATA'!$G:$G,BOQ!$B181)*$G181","v":{"$error":"#VALUE!"}},{"$f":"SUMIFS('[20]WorkDone DATA'!$L:$L,'[20]WorkDone DATA'!$N:$N,BOQ!AM$6,'[20]WorkDone DATA'!$G:$G,BOQ!$B181)*$G181","v":{"$error":"#VALUE!"}},{"$f":"SUMIFS('[20]WorkDone DATA'!$L:$L,'[20]WorkDone DATA'!$N:$N,BOQ!AN$6,'[20]WorkDone DATA'!$G:$G,BOQ!$B181)*$G181","v":{"$error":"#VALUE!"}},{"$f":"SUMIFS('[20]WorkDone DATA'!$L:$L,'[20]WorkDone DATA'!$N:$N,BOQ!AO$6,'[20]WorkDone DATA'!$G:$G,BOQ!$B181)*$G181","v":{"$error":"#VALUE!"}},{"$f":"SUMIFS('[20]WorkDone DATA'!$L:$L,'[20]WorkDone DATA'!$N:$N,BOQ!AP$6,'[20]WorkDone DATA'!$G:$G,BOQ!$B181)*$G181","v":{"$error":"#VALUE!"}},{"$f":"SUMIFS('[20]WorkDone DATA'!$L:$L,'[20]WorkDone DATA'!$N:$N,BOQ!AQ$6,'[20]WorkDone DATA'!$G:$G,BOQ!$B181)*$G181","v":{"$error":"#VALUE!"}},{"$f":"SUMIFS('[20]WorkDone DATA'!$L:$L,'[20]WorkDone DATA'!$N:$N,BOQ!AR$6,'[20]WorkDone DATA'!$G:$G,BOQ!$B181)*$G181","v":{"$error":"#VALUE!"}},{"$f":"SUMIFS('[20]WorkDone DATA'!$L:$L,'[20]WorkDone DATA'!$N:$N,BOQ!AS$6,'[20]WorkDone DATA'!$G:$G,BOQ!$B181)*$G181","v":{"$error":"#VALUE!"}},{"$f":"SUMIFS('[20]WorkDone DATA'!$L:$L,'[20]WorkDone DATA'!$N:$N,BOQ!AT$6,'[20]WorkDone DATA'!$G:$G,BOQ!$B181)*$G181","v":{"$error":"#VALUE!"}},{"$f":"SUMIFS('[20]WorkDone DATA'!$L:$L,'[20]WorkDone DATA'!$N:$N,BOQ!AU$6,'[20]WorkDone DATA'!$G:$G,BOQ!$B181)*$G181","v":{"$error":"#VALUE!"}},{"$f":"SUMIFS('[20]WorkDone DATA'!$L:$L,'[20]WorkDone DATA'!$N:$N,BOQ!AV$6,'[20]WorkDone DATA'!$G:$G,BOQ!$B181)*$G181","v":{"$error":"#VALUE!"}},{"$f":"SUMIFS('[20]WorkDone DATA'!$L:$L,'[20]WorkDone DATA'!$N:$N,BOQ!AW$6,'[20]WorkDone DATA'!$G:$G,BOQ!$B181)*$G181","v":{"$error":"#VALUE!"}},{"$f":"SUMIFS('[20]WorkDone DATA'!$L:$L,'[20]WorkDone DATA'!$N:$N,BOQ!AX$6,'[20]WorkDone DATA'!$G:$G,BOQ!$B181)*$G181","v":{"$error":"#VALUE!"}},{"$f":"SUMIFS('[20]WorkDone DATA'!$L:$L,'[20]WorkDone DATA'!$N:$N,BOQ!AY$6,'[20]WorkDone DATA'!$G:$G,BOQ!$B181)*$G181","v":{"$error":"#VALUE!"}},{"$f":"SUMIFS('[20]WorkDone DATA'!$L:$L,'[20]WorkDone DATA'!$N:$N,BOQ!AZ$6,'[20]WorkDone DATA'!$G:$G,BOQ!$B181)*$G181","v":{"$error":"#VALUE!"}},{"$f":"SUMIFS('[20]WorkDone DATA'!$L:$L,'[20]WorkDone DATA'!$N:$N,BOQ!BA$6,'[20]WorkDone DATA'!$G:$G,BOQ!$B181)*$G181","v":{"$error":"#VALUE!"}},{"$f":"SUMIFS('[20]WorkDone DATA'!$L:$L,'[20]WorkDone DATA'!$N:$N,BOQ!BB$6,'[20]WorkDone DATA'!$G:$G,BOQ!$B181)*$G181","v":{"$error":"#VALUE!"}},{"$f":"SUMIFS('[20]WorkDone DATA'!$L:$L,'[20]WorkDone DATA'!$N:$N,BOQ!BC$6,'[20]WorkDone DATA'!$G:$G,BOQ!$B181)*$G181","v":{"$error":"#VALUE!"}},{"$f":"SUMIFS('[20]WorkDone DATA'!$L:$L,'[20]WorkDone DATA'!$N:$N,BOQ!BD$6,'[20]WorkDone DATA'!$G:$G,BOQ!$B181)*$G181","v":{"$error":"#VALUE!"}},{"$f":"SUMIFS('[20]WorkDone DATA'!$L:$L,'[20]WorkDone DATA'!$N:$N,BOQ!BE$6,'[20]WorkDone DATA'!$G:$G,BOQ!$B181)*$G181","v":{"$error":"#VALUE!"}},{"$f":"SUMIFS('[20]WorkDone DATA'!$L:$L,'[20]WorkDone DATA'!$N:$N,BOQ!BF$6,'[20]WorkDone DATA'!$G:$G,BOQ!$B181)*$G181","v":{"$error":"#VALUE!"}},{"$f":"SUMIFS('[20]WorkDone DATA'!$L:$L,'[20]WorkDone DATA'!$N:$N,BOQ!BG$6,'[20]WorkDone DATA'!$G:$G,BOQ!$B181)*$G181","v":{"$error":"#VALUE!"}},{"$f":"SUMIFS('[20]WorkDone DATA'!$L:$L,'[20]WorkDone DATA'!$N:$N,BOQ!BH$6,'[20]WorkDone DATA'!$G:$G,BOQ!$B181)*$G181","v":{"$error":"#VALUE!"}},{"$f":"SUMIFS('[20]WorkDone DATA'!$L:$L,'[20]WorkDone DATA'!$N:$N,BOQ!BI$6,'[20]WorkDone DATA'!$G:$G,BOQ!$B181)*$G181","v":{"$error":"#VALUE!"}},{"$f":"SUMIFS('[20]WorkDone DATA'!$L:$L,'[20]WorkDone DATA'!$N:$N,BOQ!BJ$6,'[20]WorkDone DATA'!$G:$G,BOQ!$B181)*$G181","v":{"$error":"#VALUE!"}},{"$f":"SUMIFS('[20]WorkDone DATA'!$L:$L,'[20]WorkDone DATA'!$N:$N,BOQ!BK$6,'[20]WorkDone DATA'!$G:$G,BOQ!$B181)*$G181","v":{"$error":"#VALUE!"}},{"$f":"SUMIFS('[20]WorkDone DATA'!$L:$L,'[20]WorkDone DATA'!$N:$N,BOQ!BL$6,'[20]WorkDone DATA'!$G:$G,BOQ!$B181)*$G181","v":{"$error":"#VALUE!"}},{"$f":"SUMIFS('[20]WorkDone DATA'!$L:$L,'[20]WorkDone DATA'!$N:$N,BOQ!BM$6,'[20]WorkDone DATA'!$G:$G,BOQ!$B181)*$G181","v":{"$error":"#VALUE!"}},{"$f":"SUMIFS('[20]WorkDone DATA'!$L:$L,'[20]WorkDone DATA'!$N:$N,BOQ!BN$6,'[20]WorkDone DATA'!$G:$G,BOQ!$B181)*$G181","v":{"$error":"#VALUE!"}},{"$f":"SUMIFS('[20]WorkDone DATA'!$L:$L,'[20]WorkDone DATA'!$N:$N,BOQ!BO$6,'[20]WorkDone DATA'!$G:$G,BOQ!$B181)*$G181","v":{"$error":"#VALUE!"}},{"$f":"SUMIFS('[20]WorkDone DATA'!$L:$L,'[20]WorkDone DATA'!$N:$N,BOQ!BP$6,'[20]WorkDone DATA'!$G:$G,BOQ!$B181)*$G181","v":{"$error":"#VALUE!"}},{"$f":"SUMIFS('[20]WorkDone DATA'!$L:$L,'[20]WorkDone DATA'!$N:$N,BOQ!BQ$6,'[20]WorkDone DATA'!$G:$G,BOQ!$B181)*$G181","v":{"$error":"#VALUE!"}},{"$f":"SUMIFS('[20]WorkDone DATA'!$L:$L,'[20]WorkDone DATA'!$N:$N,BOQ!BR$6,'[20]WorkDone DATA'!$G:$G,BOQ!$B181)*$G181","v":{"$error":"#VALUE!"}},{"$f":"SUMIFS('[20]WorkDone DATA'!$L:$L,'[20]WorkDone DATA'!$N:$N,BOQ!BS$6,'[20]WorkDone DATA'!$G:$G,BOQ!$B181)*$G181","v":{"$error":"#VALUE!"}},{"$f":"SUMIFS('[20]WorkDone DATA'!$L:$L,'[20]WorkDone DATA'!$N:$N,BOQ!BT$6,'[20]WorkDone DATA'!$G:$G,BOQ!$B181)*$G181","v":{"$error":"#VALUE!"}},{"$f":"SUMIFS('[20]WorkDone DATA'!$L:$L,'[20]WorkDone DATA'!$N:$N,BOQ!BU$6,'[20]WorkDone DATA'!$G:$G,BOQ!$B181)*$G181","v":{"$error":"#VALUE!"}},{"$f":"SUMIFS('[20]WorkDone DATA'!$L:$L,'[20]WorkDone DATA'!$N:$N,BOQ!BV$6,'[20]WorkDone DATA'!$G:$G,BOQ!$B181)*$G181","v":{"$error":"#VALUE!"}},{"$f":"SUMIFS('[20]WorkDone DATA'!$L:$L,'[20]WorkDone DATA'!$N:$N,BOQ!BW$6,'[20]WorkDone DATA'!$G:$G,BOQ!$B181)*$G181","v":{"$error":"#VALUE!"}},{"$f":"SUMIFS('[20]WorkDone DATA'!$L:$L,'[20]WorkDone DATA'!$N:$N,BOQ!BX$6,'[20]WorkDone DATA'!$G:$G,BOQ!$B181)*$G181","v":{"$error":"#VALUE!"}}]
[null,null,"MV Cables",{"$nulls":4},0,{"$nulls":3},{"$error":"#VALUE!"},{"$error":"#VALUE!"},null,0,{"$error":"#VALUE!"},null,{"$f":"SUMIFS('[20]WorkDone DATA'!$L:$L,'[20]WorkDone DATA'!$N:$N,BOQ!S$6,'[20]WorkDone DATA'!$G:$G,BOQ!$B182)","v":{"$error":"#VALUE!"}},{"$error":"#VALUE!"},{"$f":"SUMIFS('[20]WorkDone DATA'!$L:$L,'[20]WorkDone DATA'!$N:$N,BOQ!U$6,'[20]WorkDone DATA'!$G:$G,BOQ!$B182)","v":{"$error":"#VALUE!"}},{"$error":"#VALUE!"},null,{"$f":"SUMIFS('[20]WorkDone DATA'!$L:$L,'[20]WorkDone DATA'!$N:$N,BOQ!W$6,'[20]WorkDone DATA'!$G:$G,BOQ!$B182)*$G182","v":{"$error":"#VALUE!"}},null,{"$f":"SUMIFS('[20]WorkDone DATA'!$L:$L,'[20]WorkDone DATA'!$N:$N,BOQ!Y$6,'[20]WorkDone DATA'!$G:$G,BOQ!$B182)*$G182","v":{"$error":"#VALUE!"}},null,{"$f":"SUMIFS('[20]WorkDone DATA'!$L:$L,'[20]WorkDone DATA'!$N:$N,BOQ!AA$6,'[20]WorkDone DATA'!$G:$G,BOQ!$B182)*$G182","v":{"$error":"#VALUE!"}},{"$f":"SUMIFS('[20]WorkDone DATA'!$L:$L,'[20]WorkDone DATA'!$N:$N,BOQ!AB$6,'[20]WorkDone DATA'!$G:$G,BOQ!$B182)*$G182","v":{"$error":"#VALUE!"}},{"$f":"SUMIFS('[20]WorkDone DATA'!$L:$L,'[20]WorkDone DATA'!$N:$N,BOQ!AC$6,'[20]WorkDone DATA'!$G:$G,BOQ!$B182)*$G182","v":{"$error":"#VALUE!"}},{"$f":"SUMIFS('[20]WorkDone DATA'!$L:$L,'[20]WorkDone DATA'!$N:$N,BOQ!AD$6,'[20]WorkDone DATA'!$G:$G,BOQ!$B182)*$G182","v":{"$error":"#VALUE!"}},{"$f":"SUMIFS('[20]WorkDone DATA'!$L:$L,'[20]WorkDone DATA'!$N:$N,BOQ!AE$6,'[20]WorkDone DATA'!$G:$G,BOQ!$B182)*$G182","v":{"$error":"#VALUE!"}},{"$f":"SUMIFS('[20]WorkDone DATA'!$L:$L,'[20]WorkDone DATA'!$N:$N,BOQ!AF$6,'[20]WorkDone DATA'!$G:$G,BOQ!$B182)*$G182","v":{"$error":"#VALUE!"}},{"$f":"SUMIFS('[20]WorkDone DATA'!$L:$L,'[20]WorkDone DATA'!$N:$N,BOQ!AG$6,'[20]WorkDone DATA'!$G:$G,BOQ!$B182)*$G182","v":{"$error":"#VALUE!"}},{"$f":"SUMIFS('[20]WorkDone DATA'!$L:$L,'[20]WorkDone DATA'!$N:$N,BOQ!AH$6,'[20]WorkDone DATA'!$G:$G,BOQ!$B182)*$G182","v":{"$error":"#VALUE!"}},{"$f":"SUMIFS('[20]WorkDone DATA'!$L:$L,'[20]WorkDone DATA'!$N:$N,BOQ!AI$6,'[20]WorkDone DATA'!$G:$G,BOQ!$B182)*$G182","v":{"$error":"#VALUE!"}},{"$f":"SUMIFS('[20]WorkDone DATA'!$L:$L,'[20]WorkDone DATA'!$N:$N,BOQ!AJ$6,'[20]WorkDone DATA'!$G:$G,BOQ!$B182)*$G182","v":{"$error":"#VALUE!"}},{"$f":"SUMIFS('[20]WorkDone DATA'!$L:$L,'[20]WorkDone DATA'!$N:$N,BOQ!AK$6,'[20]WorkDone DATA'!$G:$G,BOQ!$B182)*$G182","v":{"$error":"#VALUE!"}},{"$f":"SUMIFS('[20]WorkDone DATA'!$L:$L,'[20]WorkDone DATA'!$N:$N,BOQ!AL$6,'[20]WorkDone DATA'!$G:$G,BOQ!$B182)*$G182","v":{"$error":"#VALUE!"}},{"$f":"SUMIFS('[20]WorkDone DATA'!$L:$L,'[20]WorkDone DATA'!$N:$N,BOQ!AM$6,'[20]WorkDone DATA'!$G:$G,BOQ!$B182)*$G182","v":{"$error":"#VALUE!"}},{"$f":"SUMIFS('[20]WorkDone DATA'!$L:$L,'[20]WorkDone DATA'!$N:$N,BOQ!AN$6,'[20]WorkDone DATA'!$G:$G,BOQ!$B182)*$G182","v":{"$error":"#VALUE!"}},{"$f":"SUMIFS('[20]WorkDone DATA'!$L:$L,'[20]WorkDone DATA'!$N:$N,BOQ!AO$6,'[20]WorkDone DATA'!$G:$G,BOQ!$B182)*$G182","v":{"$error":"#VALUE!"}},{"$f":"SUMIFS('[20]WorkDone DATA'!$L:$L,'[20]WorkDone DATA'!$N:$N,BOQ!AP$6,'[20]WorkDone DATA'!$G:$G,BOQ!$B182)*$G182","v":{"$error":"#VALUE!"}},{"$f":"SUMIFS('[20]WorkDone DATA'!$L:$L,'[20]WorkDone DATA'!$N:$N,BOQ!AQ$6,'[20]WorkDone DATA'!$G:$G,BOQ!$B182)*$G182","v":{"$error":"#VALUE!"}},{"$f":"SUMIFS('[20]WorkDone DATA'!$L:$L,'[20]WorkDone DATA'!$N:$N,BOQ!AR$6,'[20]WorkDone DATA'!$G:$G,BOQ!$B182)*$G182","v":{"$error":"#VALUE!"}},{"$f":"SUMIFS('[20]WorkDone DATA'!$L:$L,'[20]WorkDone DATA'!$N:$N,BOQ!AS$6,'[20]WorkDone DATA'!$G:$G,BOQ!$B182)*$G182","v":{"$error":"#VALUE!"}},{"$f":"SUMIFS('[20]WorkDone DATA'!$L:$L,'[20]WorkDone DATA'!$N:$N,BOQ!AT$6,'[20]WorkDone DATA'!$G:$G,BOQ!$B182)*$G182","v":{"$error":"#VALUE!"}},{"$f":"SUMIFS('[20]WorkDone DATA'!$L:$L,'[20]WorkDone DATA'!$N:$N,BOQ!AU$6,'[20]WorkDone DATA'!$G:$G,BOQ!$B182)*$G182","v":{"$error":"#VALUE!"}},{"$f":"SUMIFS('[20]WorkDone DATA'!$L:$L,'[20]WorkDone DATA'!$N:$N,BOQ!AV$6,'[20]WorkDone DATA'!$G:$G,BOQ!$B182)*$G182","v":{"$error":"#VALUE!"}},{"$f":"SUMIFS('[20]WorkDone DATA'!$L:$L,'[20]WorkDone DATA'!$N:$N,BOQ!AW$6,'[20]WorkDone DATA'!$G:$G,BOQ!$B182)*$G182","v":{"$error":"#VALUE!"}},{"$f":"SUMIFS('[20]WorkDone DATA'!$L:$L,'[20]WorkDone DATA'!$N:$N,BOQ!AX$6,'[20]WorkDone DATA'!$G:$G,BOQ!$B182)*$G182","v":{"$error":"#VALUE!"}},{"$f":"SUMIFS('[20]WorkDone DATA'!$L:$L,'[20]WorkDone DATA'!$N:$N,BOQ!AY$6,'[20]WorkDone DATA'!$G:$G,BOQ!$B182)*$G182","v":{"$error":"#VALUE!"}},{"$f":"SUMIFS('[20]WorkDone DATA'!$L:$L,'[20]WorkDone DATA'!$N:$N,BOQ!AZ$6,'[20]WorkDone DATA'!$G:$G,BOQ!$B182)*$G182","v":{"$error":"#VALUE!"}},{"$f":"SUMIFS('[20]WorkDone DATA'!$L:$L,'[20]WorkDone DATA'!$N:$N,BOQ!BA$6,'[20]WorkDone DATA'!$G:$G,BOQ!$B182)*$G182","v":{"$error":"#VALUE!"}},{"$f":"SUMIFS('[20]WorkDone DATA'!$L:$L,'[20]WorkDone DATA'!$N:$N,BOQ!BB$6,'[20]WorkDone DATA'!$G:$G,BOQ!$B182)*$G182","v":{"$error":"#VALUE!"}},{"$f":"SUMIFS('[20]WorkDone DATA'!$L:$L,'[20]WorkDone DATA'!$N:$N,BOQ!BC$6,'[20]WorkDone DATA'!$G:$G,BOQ!$B182)*$G182","v":{"$error":"#VALUE!"}},{"$f":"SUMIFS('[20]WorkDone DATA'!$L:$L,'[20]WorkDone DATA'!$N:$N,BOQ!BD$6,'[20]WorkDone DATA'!$G:$G,BOQ!$B182)*$G182","v":{"$error":"#VALUE!"}},{"$f":"SUMIFS('[20]WorkDone DATA'!$L:$L,'[20]WorkDone DATA'!$N:$N,BOQ!BE$6,'[20]WorkDone DATA'!$G:$G,BOQ!$B182)*$G182","v":{"$error":"#VALUE!"}},{"$f":"SUMIFS('[20]WorkDone DATA'!$L:$L,'[20]WorkDone DATA'!$N:$N,BOQ!BF$6,'[20]WorkDone DATA'!$G:$G,BOQ!$B182)*$G182","v":{"$error":"#VALUE!"}},{"$f":"SUMIFS('[20]WorkDone DATA'!$L:$L,'[20]WorkDone DATA'!$N:$N,BOQ!BG$6,'[20]WorkDone DATA'!$G:$G,BOQ!$B182)*$G182","v":{"$error":"#VALUE!"}},{"$f":"SUMIFS('[20]WorkDone DATA'!$L:$L,'[20]WorkDone DATA'!$N:$N,BOQ!BH$6,'[20]WorkDone DATA'!$G:$G,BOQ!$B182)*$G182","v":{"$error":"#VALUE!"}},{"$f":"SUMIFS('[20]WorkDone DATA'!$L:$L,'[20]WorkDone DATA'!$N:$N,BOQ!BI$6,'[20]WorkDone DATA'!$G:$G,BOQ!$B182)*$G182","v":{"$error":"#VALUE!"}},{"$f":"SUMIFS('[20]WorkDone DATA'!$L:$L,'[20]WorkDone DATA'!$N:$N,BOQ!BJ$6,'[20]WorkDone DATA'!$G:$G,BOQ!$B182)*$G182","v":{"$error":"#VALUE!"}},{"$f":"SUMIFS('[20]WorkDone DATA'!$L:$L,'[20]WorkDone DATA'!$N:$N,BOQ!BK$6,'[20]WorkDone DATA'!$G:$G,BOQ!$B182)*$G182","v":{"$error":"#VALUE!"}},{"$f":"SUMIFS('[20]WorkDone DATA'!$L:$L,'[20]WorkDone DATA'!$N:$N,BOQ!BL$6,'[20]WorkDone DATA'!$G:$G,BOQ!$B182)*$G182","v":{"$error":"#VALUE!"}},{"$f":"SUMIFS('[20]WorkDone DATA'!$L:$L,'[20]WorkDone DATA'!$N:$N,BOQ!BM$6,'[20]WorkDone DATA'!$G:$G,BOQ!$B182)*$G182","v":{"$error":"#VALUE!"}},{"$f":"SUMIFS('[20]WorkDone DATA'!$L:$L,'[20]WorkDone DATA'!$N:$N,BOQ!BN$6,'[20]WorkDone DATA'!$G:$G,BOQ!$B182)*$G182","v":{"$error":"#VALUE!"}},{"$f":"SUMIFS('[20]WorkDone DATA'!$L:$L,'[20]WorkDone DATA'!$N:$N,BOQ!BO$6,'[20]WorkDone DATA'!$G:$G,BOQ!$B182)*$G182","v":{"$error":"#VALUE!"}},{"$f":"SUMIFS('[20]WorkDone DATA'!$L:$L,'[20]WorkDone DATA'!$N:$N,BOQ!BP$6,'[20]WorkDone DATA'!$G:$G,BOQ!$B182)*$G182","v":{"$error":"#VALUE!"}},{"$f":"SUMIFS('[20]WorkDone DATA'!$L:$L,'[20]WorkDone DATA'!$N:$N,BOQ!BQ$6,'[20]WorkDone DATA'!$G:$G,BOQ!$B182)*$G182","v":{"$error":"#VALUE!"}},{"$f":"SUMIFS('[20]WorkDone DATA'!$L:$L,'[20]WorkDone DATA'!$N:$N,BOQ!BR$6,'[20]WorkDone DATA'!$G:$G,BOQ!$B182)*$G182","v":{"$error":"#VALUE!"}},{"$f":"SUMIFS('[20]WorkDone DATA'!$L:$L,'[20]WorkDone DATA'!$N:$N,BOQ!BS$6,'[20]WorkDone DATA'!$G:$G,BOQ!$B182)*$G182","v":{"$error":"#VALUE!"}},{"$f":"SUMIFS('[20]WorkDone DATA'!$L:$L,'[20]WorkDone DATA'!$N:$N,BOQ!BT$6,'[20]WorkDone DATA'!$G:$G,BOQ!$B182)*$G182","v":{"$error":"#VALUE!"}},{"$f":"SUMIFS('[20]WorkDone DATA'!$L:$L,'[20]WorkDone DATA'!$N:$N,BOQ!BU$6,'[20]WorkDone DATA'!$G:$G,BOQ!$B182)*$G182","v":{"$error":"#VALUE!"}},{"$f":"SUMIFS('[20]WorkDone DATA'!$L:$L,'[20]WorkDone DATA'!$N:$N,BOQ!BV$6,'[20]WorkDone DATA'!$G:$G,BOQ!$B182)*$G182","v":{"$error":"#VALUE!"}},{"$f":"SUMIFS('[20]WorkDone DATA'!$L:$L,'[20]WorkDone DATA'!$N:$N,BOQ!BW$6,'[20]WorkDone DATA'!$G:$G,BOQ!$B182)*$G182","v":{"$error":"#VALUE!"}},{"$f":"SUMIFS('[20]WorkDone DATA'!$L:$L,'[20]WorkDone DATA'!$N:$N,BOQ!BX$6,'[20]WorkDone DATA'!$G:$G,BOQ!$B182)*$G182","v":{"$error":"#VALUE!"}}]
[null,null,"Inline Tri-furcation joint complete for 11kV PILC to XLPE stranded copper cable (Ferrules)",{"$nulls":4},0,{"$nulls":3},{"$error":"#VALUE!"},{"$error":"#VALUE!"},null,0,{"$error":"#VALUE!"},null,{"$f":"SUMIFS('[20]WorkDone DATA'!$L:$L,'[20]WorkDone DATA'!$N:$N,BOQ!S$6,'[20]WorkDone DATA'!$G:$G,BOQ!$B183)","v":{"$error":"#VALUE!"}},{"$error":"#VALUE!"},{"$f":"SUMIFS('[20]WorkDone DATA'!$L:$L,'[20]WorkDone DATA'!$N:$N,BOQ!U$6,'[20]WorkDone DATA'!$G:$G,BOQ!$B183)","v":{"$error":"#VALUE!"}},{"$error":"#VALUE!"},null,{"$f":"SUMIFS('[20]WorkDone DATA'!$L:$L,'[20]WorkDone DATA'!$N:$N,BOQ!W$6,'[20]WorkDone DATA'!$G:$G,BOQ!$B183)*$G183","v":{"$error":"#VALUE!"}},null,{"$f":"SUMIFS('[20]WorkDone DATA'!$L:$L,'[20]WorkDone DATA'!$N:$N,BOQ!Y$6,'[20]WorkDone DATA'!$G:$G,BOQ!$B183)*$G183","v":{"$error":"#VALUE!"}},null,{"$f":"SUMIFS('[20]WorkDone DATA'!$L:$L,'[20]WorkDone DATA'!$N:$N,BOQ!AA$6,'[20]WorkDone DATA'!$G:$G,BOQ!$B183)*$G183","v":{"$error":"#VALUE!"}},{"$f":"SUMIFS('[20]WorkDone DATA'!$L:$L,'[20]WorkDone DATA'!$N:$N,BOQ!AB$6,'[20]WorkDone DATA'!$G:$G,BOQ!$B183)*$G183","v":{"$error":"#VALUE!"}},{"$f":"SUMIFS('[20]WorkDone DATA'!$L:$L,'[20]WorkDone DATA'!$N:$N,BOQ!AC$6,'[20]WorkDone DATA'!$G:$G,BOQ!$B183)*$G183","v":{"$error":"#VALUE!"}},{"$f":"SUMIFS('[20]WorkDone DATA'!$L:$L,'[20]WorkDone DATA'!$N:$N,BOQ!AD$6,'[20]WorkDone DATA'!$G:$G,BOQ!$B183)*$G183","v":{"$error":"#VALUE!"}},{"$f":"SUMIFS('[20]WorkDone DATA'!$L:$L,'[20]WorkDone DATA'!$N:$N,BOQ!AE$6,'[20]WorkDone DATA'!$G:$G,BOQ!$B183)*$G183","v":{"$error":"#VALUE!"}},{"$f":"SUMIFS('[20]WorkDone DATA'!$L:$L,'[20]WorkDone DATA'!$N:$N,BOQ!AF$6,'[20]WorkDone DATA'!$G:$G,BOQ!$B183)*$G183","v":{"$error":"#VALUE!"}},{"$f":"SUMIFS('[20]WorkDone DATA'!$L:$L,'[20]WorkDone DATA'!$N:$N,BOQ!AG$6,'[20]WorkDone DATA'!$G:$G,BOQ!$B183)*$G183","v":{"$error":"#VALUE!"}},{"$f":"SUMIFS('[20]WorkDone DATA'!$L:$L,'[20]WorkDone DATA'!$N:$N,BOQ!AH$6,'[20]WorkDone DATA'!$G:$G,BOQ!$B183)*$G183","v":{"$error":"#VALUE!"}},{"$f":"SUMIFS('[20]WorkDone DATA'!$L:$L,'[20]WorkDone DATA'!$N:$N,BOQ!AI$6,'[20]WorkDone DATA'!$G:$G,BOQ!$B183)*$G183","v":{"$error":"#VALUE!"}},{"$f":"SUMIFS('[20]WorkDone DATA'!$L:$L,'[20]WorkDone DATA'!$N:$N,BOQ!AJ$6,'[20]WorkDone DATA'!$G:$G,BOQ!$B183)*$G183","v":{"$error":"#VALUE!"}},{"$f":"SUMIFS('[20]WorkDone DATA'!$L:$L,'[20]WorkDone DATA'!$N:$N,BOQ!AK$6,'[20]WorkDone DATA'!$G:$G,BOQ!$B183)*$G183","v":{"$error":"#VALUE!"}},{"$f":"SUMIFS('[20]WorkDone DATA'!$L:$L,'[20]WorkDone DATA'!$N:$N,BOQ!AL$6,'[20]WorkDone DATA'!$G:$G,BOQ!$B183)*$G183","v":{"$error":"#VALUE!"}},{"$f":"SUMIFS('[20]WorkDone DATA'!$L:$L,'[20]WorkDone DATA'!$N:$N,BOQ!AM$6,'[20]WorkDone DATA'!$G:$G,BOQ!$B183)*$G183","v":{"$error":"#VALUE!"}},{"$f":"SUMIFS('[20]WorkDone DATA'!$L:$L,'[20]WorkDone DATA'!$N:$N,BOQ!AN$6,'[20]WorkDone DATA'!$G:$G,BOQ!$B183)*$G183","v":{"$error":"#VALUE!"}},{"$f":"SUMIFS('[20]WorkDone DATA'!$L:$L,'[20]WorkDone DATA'!$N:$N,BOQ!AO$6,'[20]WorkDone DATA'!$G:$G,BOQ!$B183)*$G183","v":{"$error":"#VALUE!"}},{"$f":"SUMIFS('[20]WorkDone DATA'!$L:$L,'[20]WorkDone DATA'!$N:$N,BOQ!AP$6,'[20]WorkDone DATA'!$G:$G,BOQ!$B183)*$G183","v":{"$error":"#VALUE!"}},{"$f":"SUMIFS('[20]WorkDone DATA'!$L:$L,'[20]WorkDone DATA'!$N:$N,BOQ!AQ$6,'[20]WorkDone DATA'!$G:$G,BOQ!$B183)*$G183","v":{"$error":"#VALUE!"}},{"$f":"SUMIFS('[20]WorkDone DATA'!$L:$L,'[20]WorkDone DATA'!$N:$N,BOQ!AR$6,'[20]WorkDone DATA'!$G:$G,BOQ!$B183)*$G183","v":{"$error":"#VALUE!"}},{"$f":"SUMIFS('[20]WorkDone DATA'!$L:$L,'[20]WorkDone DATA'!$N:$N,BOQ!AS$6,'[20]WorkDone DATA'!$G:$G,BOQ!$B183)*$G183","v":{"$error":"#VALUE!"}},{"$f":"SUMIFS('[20]WorkDone DATA'!$L:$L,'[20]WorkDone DATA'!$N:$N,BOQ!AT$6,'[20]WorkDone DATA'!$G:$G,BOQ!$B183)*$G183","v":{"$error":"#VALUE!"}},{"$f":"SUMIFS('[20]WorkDone DATA'!$L:$L,'[20]WorkDone DATA'!$N:$N,BOQ!AU$6,'[20]WorkDone DATA'!$G:$G,BOQ!$B183)*$G183","v":{"$error":"#VALUE!"}},{"$f":"SUMIFS('[20]WorkDone DATA'!$L:$L,'[20]WorkDone DATA'!$N:$N,BOQ!AV$6,'[20]WorkDone DATA'!$G:$G,BOQ!$B183)*$G183","v":{"$error":"#VALUE!"}},{"$f":"SUMIFS('[20]WorkDone DATA'!$L:$L,'[20]WorkDone DATA'!$N:$N,BOQ!AW$6,'[20]WorkDone DATA'!$G:$G,BOQ!$B183)*$G183","v":{"$error":"#VALUE!"}},{"$f":"SUMIFS('[20]WorkDone DATA'!$L:$L,'[20]WorkDone DATA'!$N:$N,BOQ!AX$6,'[20]WorkDone DATA'!$G:$G,BOQ!$B183)*$G183","v":{"$error":"#VALUE!"}},{"$f":"SUMIFS('[20]WorkDone DATA'!$L:$L,'[20]WorkDone DATA'!$N:$N,BOQ!AY$6,'[20]WorkDone DATA'!$G:$G,BOQ!$B183)*$G183","v":{"$error":"#VALUE!"}},{"$f":"SUMIFS('[20]WorkDone DATA'!$L:$L,'[20]WorkDone DATA'!$N:$N,BOQ!AZ$6,'[20]WorkDone DATA'!$G:$G,BOQ!$B183)*$G183","v":{"$error":"#VALUE!"}},{"$f":"SUMIFS('[20]WorkDone DATA'!$L:$L,'[20]WorkDone DATA'!$N:$N,BOQ!BA$6,'[20]WorkDone DATA'!$G:$G,BOQ!$B183)*$G183","v":{"$error":"#VALUE!"}},{"$f":"SUMIFS('[20]WorkDone DATA'!$L:$L,'[20]WorkDone DATA'!$N:$N,BOQ!BB$6,'[20]WorkDone DATA'!$G:$G,BOQ!$B183)*$G183","v":{"$error":"#VALUE!"}},{"$f":"SUMIFS('[20]WorkDone DATA'!$L:$L,'[20]WorkDone DATA'!$N:$N,BOQ!BC$6,'[20]WorkDone DATA'!$G:$G,BOQ!$B183)*$G183","v":{"$error":"#VALUE!"}},{"$f":"SUMIFS('[20]WorkDone DATA'!$L:$L,'[20]WorkDone DATA'!$N:$N,BOQ!BD$6,'[20]WorkDone DATA'!$G:$G,BOQ!$B183)*$G183","v":{"$error":"#VALUE!"}},{"$f":"SUMIFS('[20]WorkDone DATA'!$L:$L,'[20]WorkDone DATA'!$N:$N,BOQ!BE$6,'[20]WorkDone DATA'!$G:$G,BOQ!$B183)*$G183","v":{"$error":"#VALUE!"}},{"$f":"SUMIFS('[20]WorkDone DATA'!$L:$L,'[20]WorkDone DATA'!$N:$N,BOQ!BF$6,'[20]WorkDone DATA'!$G:$G,BOQ!$B183)*$G183","v":{"$error":"#VALUE!"}},{"$f":"SUMIFS('[20]WorkDone DATA'!$L:$L,'[20]WorkDone DATA'!$N:$N,BOQ!BG$6,'[20]WorkDone DATA'!$G:$G,BOQ!$B183)*$G183","v":{"$error":"#VALUE!"}},{"$f":"SUMIFS('[20]WorkDone DATA'!$L:$L,'[20]WorkDone DATA'!$N:$N,BOQ!BH$6,'[20]WorkDone DATA'!$G:$G,BOQ!$B183)*$G183","v":{"$error":"#VALUE!"}},{"$f":"SUMIFS('[20]WorkDone DATA'!$L:$L,'[20]WorkDone DATA'!$N:$N,BOQ!BI$6,'[20]WorkDone DATA'!$G:$G,BOQ!$B183)*$G183","v":{"$error":"#VALUE!"}},{"$f":"SUMIFS('[20]WorkDone DATA'!$L:$L,'[20]WorkDone DATA'!$N:$N,BOQ!BJ$6,'[20]WorkDone DATA'!$G:$G,BOQ!$B183)*$G183","v":{"$error":"#VALUE!"}},{"$f":"SUMIFS('[20]WorkDone DATA'!$L:$L,'[20]WorkDone DATA'!$N:$N,BOQ!BK$6,'[20]WorkDone DATA'!$G:$G,BOQ!$B183)*$G183","v":{"$error":"#VALUE!"}},{"$f":"SUMIFS('[20]WorkDone DATA'!$L:$L,'[20]WorkDone DATA'!$N:$N,BOQ!BL$6,'[20]WorkDone DATA'!$G:$G,BOQ!$B183)*$G183","v":{"$error":"#VALUE!"}},{"$f":"SUMIFS('[20]WorkDone DATA'!$L:$L,'[20]WorkDone DATA'!$N:$N,BOQ!BM$6,'[20]WorkDone DATA'!$G:$G,BOQ!$B183)*$G183","v":{"$error":"#VALUE!"}},{"$f":"SUMIFS('[20]WorkDone DATA'!$L:$L,'[20]WorkDone DATA'!$N:$N,BOQ!BN$6,'[20]WorkDone DATA'!$G:$G,BOQ!$B183)*$G183","v":{"$error":"#VALUE!"}},{"$f":"SUMIFS('[20]WorkDone DATA'!$L:$L,'[20]WorkDone DATA'!$N:$N,BOQ!BO$6,'[20]WorkDone DATA'!$G:$G,BOQ!$B183)*$G183","v":{"$error":"#VALUE!"}},{"$f":"SUMIFS('[20]WorkDone DATA'!$L:$L,'[20]WorkDone DATA'!$N:$N,BOQ!BP$6,'[20]WorkDone DATA'!$G:$G,BOQ!$B183)*$G183","v":{"$error":"#VALUE!"}},{"$f":"SUMIFS('[20]WorkDone DATA'!$L:$L,'[20]WorkDone DATA'!$N:$N,BOQ!BQ$6,'[20]WorkDone DATA'!$G:$G,BOQ!$B183)*$G183","v":{"$error":"#VALUE!"}},{"$f":"SUMIFS('[20]WorkDone DATA'!$L:$L,'[20]WorkDone DATA'!$N:$N,BOQ!BR$6,'[20]WorkDone DATA'!$G:$G,BOQ!$B183)*$G183","v":{"$error":"#VALUE!"}},{"$f":"SUMIFS('[20]WorkDone DATA'!$L:$L,'[20]WorkDone DATA'!$N:$N,BOQ!BS$6,'[20]WorkDone DATA'!$G:$G,BOQ!$B183)*$G183","v":{"$error":"#VALUE!"}},{"$f":"SUMIFS('[20]WorkDone DATA'!$L:$L,'[20]WorkDone DATA'!$N:$N,BOQ!BT$6,'[20]WorkDone DATA'!$G:$G,BOQ!$B183)*$G183","v":{"$error":"#VALUE!"}},{"$f":"SUMIFS('[20]WorkDone DATA'!$L:$L,'[20]WorkDone DATA'!$N:$N,BOQ!BU$6,'[20]WorkDone DATA'!$G:$G,BOQ!$B183)*$G183","v":{"$error":"#VALUE!"}},{"$f":"SUMIFS('[20]WorkDone DATA'!$L:$L,'[20]WorkDone DATA'!$N:$N,BOQ!BV$6,'[20]WorkDone DATA'!$G:$G,BOQ!$B183)*$G183","v":{"$error":"#VALUE!"}},{"$f":"SUMIFS('[20]WorkDone DATA'!$L:$L,'[20]WorkDone DATA'!$N:$N,BOQ!BW$6,'[20]WorkDone DATA'!$G:$G,BOQ!$B183)*$G183","v":{"$error":"#VALUE!"}},{"$f":"SUMIFS('[20]WorkDone DATA'!$L:$L,'[20]WorkDone DATA'!$N:$N,BOQ!BX$6,'[20]WorkDone DATA'!$G:$G,BOQ!$B183)*$G183","v":{"$error":"#VALUE!"}}]
[null,null,"Normal Joints",{"$nulls":4},0,{"$nulls":3},{"$error":"#VALUE!"},{"$error":"#VALUE!"},null,0,{"$error":"#VALUE!"},null,{"$f":"SUMIFS('[20]WorkDone DATA'!$L:$L,'[20]WorkDone DATA'!$N:$N,BOQ!S$6,'[20]WorkDone DATA'!$G:$G,BOQ!$B184)","v":{"$error":"#VALUE!"}},{"$error":"#VALUE!"},{"$f":"SUMIFS('[20]WorkDone DATA'!$L:$L,'[20]WorkDone DATA'!$N:$N,BOQ!U$6,'[20]WorkDone DATA'!$G:$G,BOQ!$B184)","v":{"$error":"#VALUE!"}},{"$error":"#VALUE!"},null,{"$f":"SUMIFS('[20]WorkDone DATA'!$L:$L,'[20]WorkDone DATA'!$N:$N,BOQ!W$6,'[20]WorkDone DATA'!$G:$G,BOQ!$B184)*$G184","v":{"$error":"#VALUE!"}},null,{"$f":"SUMIFS('[20]WorkDone DATA'!$L:$L,'[20]WorkDone DATA'!$N:$N,BOQ!Y$6,'[20]WorkDone DATA'!$G:$G,BOQ!$B184)*$G184","v":{"$error":"#VALUE!"}},null,{"$f":"SUMIFS('[20]WorkDone DATA'!$L:$L,'[20]WorkDone DATA'!$N:$N,BOQ!AA$6,'[20]WorkDone DATA'!$G:$G,BOQ!$B184)*$G184","v":{"$error":"#VALUE!"}},{"$f":"SUMIFS('[20]WorkDone DATA'!$L:$L,'[20]WorkDone DATA'!$N:$N,BOQ!AB$6,'[20]WorkDone DATA'!$G:$G,BOQ!$B184)*$G184","v":{"$error":"#VALUE!"}},{"$f":"SUMIFS('[20]WorkDone DATA'!$L:$L,'[20]WorkDone DATA'!$N:$N,BOQ!AC$6,'[20]WorkDone DATA'!$G:$G,BOQ!$B184)*$G184","v":{"$error":"#VALUE!"}},{"$f":"SUMIFS('[20]WorkDone DATA'!$L:$L,'[20]WorkDone DATA'!$N:$N,BOQ!AD$6,'[20]WorkDone DATA'!$G:$G,BOQ!$B184)*$G184","v":{"$error":"#VALUE!"}},{"$f":"SUMIFS('[20]WorkDone DATA'!$L:$L,'[20]WorkDone DATA'!$N:$N,BOQ!AE$6,'[20]WorkDone DATA'!$G:$G,BOQ!$B184)*$G184","v":{"$error":"#VALUE!"}},{"$f":"SUMIFS('[20]WorkDone DATA'!$L:$L,'[20]WorkDone DATA'!$N:$N,BOQ!AF$6,'[20]WorkDone DATA'!$G:$G,BOQ!$B184)*$G184","v":{"$error":"#VALUE!"}},{"$f":"SUMIFS('[20]WorkDone DATA'!$L:$L,'[20]WorkDone DATA'!$N:$N,BOQ!AG$6,'[20]WorkDone DATA'!$G:$G,BOQ!$B184)*$G184","v":{"$error":"#VALUE!"}},{"$f":"SUMIFS('[20]WorkDone DATA'!$L:$L,'[20]WorkDone DATA'!$N:$N,BOQ!AH$6,'[20]WorkDone DATA'!$G:$G,BOQ!$B184)*$G184","v":{"$error":"#VALUE!"}},{"$f":"SUMIFS('[20]WorkDone DATA'!$L:$L,'[20]WorkDone DATA'!$N:$N,BOQ!AI$6,'[20]WorkDone DATA'!$G:$G,BOQ!$B184)*$G184","v":{"$error":"#VALUE!"}},{"$f":"SUMIFS('[20]WorkDone DATA'!$L:$L,'[20]WorkDone DATA'!$N:$N,BOQ!AJ$6,'[20]WorkDone DATA'!$G:$G,BOQ!$B184)*$G184","v":{"$error":"#VALUE!"}},{"$f":"SUMIFS('[20]WorkDone DATA'!$L:$L,'[20]WorkDone DATA'!$N:$N,BOQ!AK$6,'[20]WorkDone DATA'!$G:$G,BOQ!$B184)*$G184","v":{"$error":"#VALUE!"}},{"$f":"SUMIFS('[20]WorkDone DATA'!$L:$L,'[20]WorkDone DATA'!$N:$N,BOQ!AL$6,'[20]WorkDone DATA'!$G:$G,BOQ!$B184)*$G184","v":{"$error":"#VALUE!"}},{"$f":"SUMIFS('[20]WorkDone DATA'!$L:$L,'[20]WorkDone DATA'!$N:$N,BOQ!AM$6,'[20]WorkDone DATA'!$G:$G,BOQ!$B184)*$G184","v":{"$error":"#VALUE!"}},{"$f":"SUMIFS('[20]WorkDone DATA'!$L:$L,'[20]WorkDone DATA'!$N:$N,BOQ!AN$6,'[20]WorkDone DATA'!$G:$G,BOQ!$B184)*$G184","v":{"$error":"#VALUE!"}},{"$f":"SUMIFS('[20]WorkDone DATA'!$L:$L,'[20]WorkDone DATA'!$N:$N,BOQ!AO$6,'[20]WorkDone DATA'!$G:$G,BOQ!$B184)*$G184","v":{"$error":"#VALUE!"}},{"$f":"SUMIFS('[20]WorkDone DATA'!$L:$L,'[20]WorkDone DATA'!$N:$N,BOQ!AP$6,'[20]WorkDone DATA'!$G:$G,BOQ!$B184)*$G184","v":{"$error":"#VALUE!"}},{"$f":"SUMIFS('[20]WorkDone DATA'!$L:$L,'[20]WorkDone DATA'!$N:$N,BOQ!AQ$6,'[20]WorkDone DATA'!$G:$G,BOQ!$B184)*$G184","v":{"$error":"#VALUE!"}},{"$f":"SUMIFS('[20]WorkDone DATA'!$L:$L,'[20]WorkDone DATA'!$N:$N,BOQ!AR$6,'[20]WorkDone DATA'!$G:$G,BOQ!$B184)*$G184","v":{"$error":"#VALUE!"}},{"$f":"SUMIFS('[20]WorkDone DATA'!$L:$L,'[20]WorkDone DATA'!$N:$N,BOQ!AS$6,'[20]WorkDone DATA'!$G:$G,BOQ!$B184)*$G184","v":{"$error":"#VALUE!"}},{"$f":"SUMIFS('[20]WorkDone DATA'!$L:$L,'[20]WorkDone DATA'!$N:$N,BOQ!AT$6,'[20]WorkDone DATA'!$G:$G,BOQ!$B184)*$G184","v":{"$error":"#VALUE!"}},{"$f":"SUMIFS('[20]WorkDone DATA'!$L:$L,'[20]WorkDone DATA'!$N:$N,BOQ!AU$6,'[20]WorkDone DATA'!$G:$G,BOQ!$B184)*$G184","v":{"$error":"#VALUE!"}},{"$f":"SUMIFS('[20]WorkDone DATA'!$L:$L,'[20]WorkDone DATA'!$N:$N,BOQ!AV$6,'[20]WorkDone DATA'!$G:$G,BOQ!$B184)*$G184","v":{"$error":"#VALUE!"}},{"$f":"SUMIFS('[20]WorkDone DATA'!$L:$L,'[20]WorkDone DATA'!$N:$N,BOQ!AW$6,'[20]WorkDone DATA'!$G:$G,BOQ!$B184)*$G184","v":{"$error":"#VALUE!"}},{"$f":"SUMIFS('[20]WorkDone DATA'!$L:$L,'[20]WorkDone DATA'!$N:$N,BOQ!AX$6,'[20]WorkDone DATA'!$G:$G,BOQ!$B184)*$G184","v":{"$error":"#VALUE!"}},{"$f":"SUMIFS('[20]WorkDone DATA'!$L:$L,'[20]WorkDone DATA'!$N:$N,BOQ!AY$6,'[20]WorkDone DATA'!$G:$G,BOQ!$B184)*$G184","v":{"$error":"#VALUE!"}},{"$f":"SUMIFS('[20]WorkDone DATA'!$L:$L,'[20]WorkDone DATA'!$N:$N,BOQ!AZ$6,'[20]WorkDone DATA'!$G:$G,BOQ!$B184)*$G184","v":{"$error":"#VALUE!"}},{"$f":"SUMIFS('[20]WorkDone DATA'!$L:$L,'[20]WorkDone DATA'!$N:$N,BOQ!BA$6,'[20]WorkDone DATA'!$G:$G,BOQ!$B184)*$G184","v":{"$error":"#VALUE!"}},{"$f":"SUMIFS('[20]WorkDone DATA'!$L:$L,'[20]WorkDone DATA'!$N:$N,BOQ!BB$6,'[20]WorkDone DATA'!$G:$G,BOQ!$B184)*$G184","v":{"$error":"#VALUE!"}},{"$f":"SUMIFS('[20]WorkDone DATA'!$L:$L,'[20]WorkDone DATA'!$N:$N,BOQ!BC$6,'[20]WorkDone DATA'!$G:$G,BOQ!$B184)*$G184","v":{"$error":"#VALUE!"}},{"$f":"SUMIFS('[20]WorkDone DATA'!$L:$L,'[20]WorkDone DATA'!$N:$N,BOQ!BD$6,'[20]WorkDone DATA'!$G:$G,BOQ!$B184)*$G184","v":{"$error":"#VALUE!"}},{"$f":"SUMIFS('[20]WorkDone DATA'!$L:$L,'[20]WorkDone DATA'!$N:$N,BOQ!BE$6,'[20]WorkDone DATA'!$G:$G,BOQ!$B184)*$G184","v":{"$error":"#VALUE!"}},{"$f":"SUMIFS('[20]WorkDone DATA'!$L:$L,'[20]WorkDone DATA'!$N:$N,BOQ!BF$6,'[20]WorkDone DATA'!$G:$G,BOQ!$B184)*$G184","v":{"$error":"#VALUE!"}},{"$f":"SUMIFS('[20]WorkDone DATA'!$L:$L,'[20]WorkDone DATA'!$N:$N,BOQ!BG$6,'[20]WorkDone DATA'!$G:$G,BOQ!$B184)*$G184","v":{"$error":"#VALUE!"}},{"$f":"SUMIFS('[20]WorkDone DATA'!$L:$L,'[20]WorkDone DATA'!$N:$N,BOQ!BH$6,'[20]WorkDone DATA'!$G:$G,BOQ!$B184)*$G184","v":{"$error":"#VALUE!"}},{"$f":"SUMIFS('[20]WorkDone DATA'!$L:$L,'[20]WorkDone DATA'!$N:$N,BOQ!BI$6,'[20]WorkDone DATA'!$G:$G,BOQ!$B184)*$G184","v":{"$error":"#VALUE!"}},{"$f":"SUMIFS('[20]WorkDone DATA'!$L:$L,'[20]WorkDone DATA'!$N:$N,BOQ!BJ$6,'[20]WorkDone DATA'!$G:$G,BOQ!$B184)*$G184","v":{"$error":"#VALUE!"}},{"$f":"SUMIFS('[20]WorkDone DATA'!$L:$L,'[20]WorkDone DATA'!$N:$N,BOQ!BK$6,'[20]WorkDone DATA'!$G:$G,BOQ!$B184)*$G184","v":{"$error":"#VALUE!"}},{"$f":"SUMIFS('[20]WorkDone DATA'!$L:$L,'[20]WorkDone DATA'!$N:$N,BOQ!BL$6,'[20]WorkDone DATA'!$G:$G,BOQ!$B184)*$G184","v":{"$error":"#VALUE!"}},{"$f":"SUMIFS('[20]WorkDone DATA'!$L:$L,'[20]WorkDone DATA'!$N:$N,BOQ!BM$6,'[20]WorkDone DATA'!$G:$G,BOQ!$B184)*$G184","v":{"$error":"#VALUE!"}},{"$f":"SUMIFS('[20]WorkDone DATA'!$L:$L,'[20]WorkDone DATA'!$N:$N,BOQ!BN$6,'[20]WorkDone DATA'!$G:$G,BOQ!$B184)*$G184","v":{"$error":"#VALUE!"}},{"$f":"SUMIFS('[20]WorkDone DATA'!$L:$L,'[20]WorkDone DATA'!$N:$N,BOQ!BO$6,'[20]WorkDone DATA'!$G:$G,BOQ!$B184)*$G184","v":{"$error":"#VALUE!"}},{"$f":"SUMIFS('[20]WorkDone DATA'!$L:$L,'[20]WorkDone DATA'!$N:$N,BOQ!BP$6,'[20]WorkDone DATA'!$G:$G,BOQ!$B184)*$G184","v":{"$error":"#VALUE!"}},{"$f":"SUMIFS('[20]WorkDone DATA'!$L:$L,'[20]WorkDone DATA'!$N:$N,BOQ!BQ$6,'[20]WorkDone DATA'!$G:$G,BOQ!$B184)*$G184","v":{"$error":"#VALUE!"}},{"$f":"SUMIFS('[20]WorkDone DATA'!$L:$L,'[20]WorkDone DATA'!$N:$N,BOQ!BR$6,'[20]WorkDone DATA'!$G:$G,BOQ!$B184)*$G184","v":{"$error":"#VALUE!"}},{"$f":"SUMIFS('[20]WorkDone DATA'!$L:$L,'[20]WorkDone DATA'!$N:$N,BOQ!BS$6,'[20]WorkDone DATA'!$G:$G,BOQ!$B184)*$G184","v":{"$error":"#VALUE!"}},{"$f":"SUMIFS('[20]WorkDone DATA'!$L:$L,'[20]WorkDone DATA'!$N:$N,BOQ!BT$6,'[20]WorkDone DATA'!$G:$G,BOQ!$B184)*$G184","v":{"$error":"#VALUE!"}},{"$f":"SUMIFS('[20]WorkDone DATA'!$L:$L,'[20]WorkDone DATA'!$N:$N,BOQ!BU$6,'[20]WorkDone DATA'!$G:$G,BOQ!$B184)*$G184","v":{"$error":"#VALUE!"}},{"$f":"SUMIFS('[20]WorkDone DATA'!$L:$L,'[20]WorkDone DATA'!$N:$N,BOQ!BV$6,'[20]WorkDone DATA'!$G:$G,BOQ!$B184)*$G184","v":{"$error":"#VALUE!"}},{"$f":"SUMIFS('[20]WorkDone DATA'!$L:$L,'[20]WorkDone DATA'!$N:$N,BOQ!BW$6,'[20]WorkDone DATA'!$G:$G,BOQ!$B184)*$G184","v":{"$error":"#VALUE!"}},{"$f":"SUMIFS('[20]WorkDone DATA'!$L:$L,'[20]WorkDone DATA'!$N:$N,BOQ!BX$6,'[20]WorkDone DATA'!$G:$G,BOQ!$B184)*$G184","v":{"$error":"#VALUE!"}}]
[null,null,"XLPE 11kV",{"$nulls":4},0,{"$nulls":3},{"$error":"#VALUE!"},{"$error":"#VALUE!"},null,0,{"$error":"#VALUE!"},null,{"$f":"SUMIFS('[20]WorkDone DATA'!$L:$L,'[20]WorkDone DATA'!$N:$N,BOQ!S$6,'[20]WorkDone DATA'!$G:$G,BOQ!$B185)","v":{"$error":"#VALUE!"}},{"$error":"#VALUE!"},{"$f":"SUMIFS('[20]WorkDone DATA'!$L:$L,'[20]WorkDone DATA'!$N:$N,BOQ!U$6,'[20]WorkDone DATA'!$G:$G,BOQ!$B185)","v":{"$error":"#VALUE!"}},{"$error":"#VALUE!"},null,{"$f":"SUMIFS('[20]WorkDone DATA'!$L:$L,'[20]WorkDone DATA'!$N:$N,BOQ!W$6,'[20]WorkDone DATA'!$G:$G,BOQ!$B185)*$G185","v":{"$error":"#VALUE!"}},null,{"$f":"SUMIFS('[20]WorkDone DATA'!$L:$L,'[20]WorkDone DATA'!$N:$N,BOQ!Y$6,'[20]WorkDone DATA'!$G:$G,BOQ!$B185)*$G185","v":{"$error":"#VALUE!"}},null,{"$f":"SUMIFS('[20]WorkDone DATA'!$L:$L,'[20]WorkDone DATA'!$N:$N,BOQ!AA$6,'[20]WorkDone DATA'!$G:$G,BOQ!$B185)*$G185","v":{"$error":"#VALUE!"}},{"$f":"SUMIFS('[20]WorkDone DATA'!$L:$L,'[20]WorkDone DATA'!$N:$N,BOQ!AB$6,'[20]WorkDone DATA'!$G:$G,BOQ!$B185)*$G185","v":{"$error":"#VALUE!"}},{"$f":"SUMIFS('[20]WorkDone DATA'!$L:$L,'[20]WorkDone DATA'!$N:$N,BOQ!AC$6,'[20]WorkDone DATA'!$G:$G,BOQ!$B185)*$G185","v":{"$error":"#VALUE!"}},{"$f":"SUMIFS('[20]WorkDone DATA'!$L:$L,'[20]WorkDone DATA'!$N:$N,BOQ!AD$6,'[20]WorkDone DATA'!$G:$G,BOQ!$B185)*$G185","v":{"$error":"#VALUE!"}},{"$f":"SUMIFS('[20]WorkDone DATA'!$L:$L,'[20]WorkDone DATA'!$N:$N,BOQ!AE$6,'[20]WorkDone DATA'!$G:$G,BOQ!$B185)*$G185","v":{"$error":"#VALUE!"}},{"$f":"SUMIFS('[20]WorkDone DATA'!$L:$L,'[20]WorkDone DATA'!$N:$N,BOQ!AF$6,'[20]WorkDone DATA'!$G:$G,BOQ!$B185)*$G185","v":{"$error":"#VALUE!"}},{"$f":"SUMIFS('[20]WorkDone DATA'!$L:$L,'[20]WorkDone DATA'!$N:$N,BOQ!AG$6,'[20]WorkDone DATA'!$G:$G,BOQ!$B185)*$G185","v":{"$error":"#VALUE!"}},{"$f":"SUMIFS('[20]WorkDone DATA'!$L:$L,'[20]WorkDone DATA'!$N:$N,BOQ!AH$6,'[20]WorkDone DATA'!$G:$G,BOQ!$B185)*$G185","v":{"$error":"#VALUE!"}},{"$f":"SUMIFS('[20]WorkDone DATA'!$L:$L,'[20]WorkDone DATA'!$N:$N,BOQ!AI$6,'[20]WorkDone DATA'!$G:$G,BOQ!$B185)*$G185","v":{"$error":"#VALUE!"}},{"$f":"SUMIFS('[20]WorkDone DATA'!$L:$L,'[20]WorkDone DATA'!$N:$N,BOQ!AJ$6,'[20]WorkDone DATA'!$G:$G,BOQ!$B185)*$G185","v":{"$error":"#VALUE!"}},{"$f":"SUMIFS('[20]WorkDone DATA'!$L:$L,'[20]WorkDone DATA'!$N:$N,BOQ!AK$6,'[20]WorkDone DATA'!$G:$G,BOQ!$B185)*$G185","v":{"$error":"#VALUE!"}},{"$f":"SUMIFS('[20]WorkDone DATA'!$L:$L,'[20]WorkDone DATA'!$N:$N,BOQ!AL$6,'[20]WorkDone DATA'!$G:$G,BOQ!$B185)*$G185","v":{"$error":"#VALUE!"}},{"$f":"SUMIFS('[20]WorkDone DATA'!$L:$L,'[20]WorkDone DATA'!$N:$N,BOQ!AM$6,'[20]WorkDone DATA'!$G:$G,BOQ!$B185)*$G185","v":{"$error":"#VALUE!"}},{"$f":"SUMIFS('[20]WorkDone DATA'!$L:$L,'[20]WorkDone DATA'!$N:$N,BOQ!AN$6,'[20]WorkDone DATA'!$G:$G,BOQ!$B185)*$G185","v":{"$error":"#VALUE!"}},{"$f":"SUMIFS('[20]WorkDone DATA'!$L:$L,'[20]WorkDone DATA'!$N:$N,BOQ!AO$6,'[20]WorkDone DATA'!$G:$G,BOQ!$B185)*$G185","v":{"$error":"#VALUE!"}},{"$f":"SUMIFS('[20]WorkDone DATA'!$L:$L,'[20]WorkDone DATA'!$N:$N,BOQ!AP$6,'[20]WorkDone DATA'!$G:$G,BOQ!$B185)*$G185","v":{"$error":"#VALUE!"}},{"$f":"SUMIFS('[20]WorkDone DATA'!$L:$L,'[20]WorkDone DATA'!$N:$N,BOQ!AQ$6,'[20]WorkDone DATA'!$G:$G,BOQ!$B185)*$G185","v":{"$error":"#VALUE!"}},{"$f":"SUMIFS('[20]WorkDone DATA'!$L:$L,'[20]WorkDone DATA'!$N:$N,BOQ!AR$6,'[20]WorkDone DATA'!$G:$G,BOQ!$B185)*$G185","v":{"$error":"#VALUE!"}},{"$f":"SUMIFS('[20]WorkDone DATA'!$L:$L,'[20]WorkDone DATA'!$N:$N,BOQ!AS$6,'[20]WorkDone DATA'!$G:$G,BOQ!$B185)*$G185","v":{"$error":"#VALUE!"}},{"$f":"SUMIFS('[20]WorkDone DATA'!$L:$L,'[20]WorkDone DATA'!$N:$N,BOQ!AT$6,'[20]WorkDone DATA'!$G:$G,BOQ!$B185)*$G185","v":{"$error":"#VALUE!"}},{"$f":"SUMIFS('[20]WorkDone DATA'!$L:$L,'[20]WorkDone DATA'!$N:$N,BOQ!AU$6,'[20]WorkDone DATA'!$G:$G,BOQ!$B185)*$G185","v":{"$error":"#VALUE!"}},{"$f":"SUMIFS('[20]WorkDone DATA'!$L:$L,'[20]WorkDone DATA'!$N:$N,BOQ!AV$6,'[20]WorkDone DATA'!$G:$G,BOQ!$B185)*$G185","v":{"$error":"#VALUE!"}},{"$f":"SUMIFS('[20]WorkDone DATA'!$L:$L,'[20]WorkDone DATA'!$N:$N,BOQ!AW$6,'[20]WorkDone DATA'!$G:$G,BOQ!$B185)*$G185","v":{"$error":"#VALUE!"}},{"$f":"SUMIFS('[20]WorkDone DATA'!$L:$L,'[20]WorkDone DATA'!$N:$N,BOQ!AX$6,'[20]WorkDone DATA'!$G:$G,BOQ!$B185)*$G185","v":{"$error":"#VALUE!"}},{"$f":"SUMIFS('[20]WorkDone DATA'!$L:$L,'[20]WorkDone DATA'!$N:$N,BOQ!AY$6,'[20]WorkDone DATA'!$G:$G,BOQ!$B185)*$G185","v":{"$error":"#VALUE!"}},{"$f":"SUMIFS('[20]WorkDone DATA'!$L:$L,'[20]WorkDone DATA'!$N:$N,BOQ!AZ$6,'[20]WorkDone DATA'!$G:$G,BOQ!$B185)*$G185","v":{"$error":"#VALUE!"}},{"$f":"SUMIFS('[20]WorkDone DATA'!$L:$L,'[20]WorkDone DATA'!$N:$N,BOQ!BA$6,'[20]WorkDone DATA'!$G:$G,BOQ!$B185)*$G185","v":{"$error":"#VALUE!"}},{"$f":"SUMIFS('[20]WorkDone DATA'!$L:$L,'[20]WorkDone DATA'!$N:$N,BOQ!BB$6,'[20]WorkDone DATA'!$G:$G,BOQ!$B185)*$G185","v":{"$error":"#VALUE!"}},{"$f":"SUMIFS('[20]WorkDone DATA'!$L:$L,'[20]WorkDone DATA'!$N:$N,BOQ!BC$6,'[20]WorkDone DATA'!$G:$G,BOQ!$B185)*$G185","v":{"$error":"#VALUE!"}},{"$f":"SUMIFS('[20]WorkDone DATA'!$L:$L,'[20]WorkDone DATA'!$N:$N,BOQ!BD$6,'[20]WorkDone DATA'!$G:$G,BOQ!$B185)*$G185","v":{"$error":"#VALUE!"}},{"$f":"SUMIFS('[20]WorkDone DATA'!$L:$L,'[20]WorkDone DATA'!$N:$N,BOQ!BE$6,'[20]WorkDone DATA'!$G:$G,BOQ!$B185)*$G185","v":{"$error":"#VALUE!"}},{"$f":"SUMIFS('[20]WorkDone DATA'!$L:$L,'[20]WorkDone DATA'!$N:$N,BOQ!BF$6,'[20]WorkDone DATA'!$G:$G,BOQ!$B185)*$G185","v":{"$error":"#VALUE!"}},{"$f":"SUMIFS('[20]WorkDone DATA'!$L:$L,'[20]WorkDone DATA'!$N:$N,BOQ!BG$6,'[20]WorkDone DATA'!$G:$G,BOQ!$B185)*$G185","v":{"$error":"#VALUE!"}},{"$f":"SUMIFS('[20]WorkDone DATA'!$L:$L,'[20]WorkDone DATA'!$N:$N,BOQ!BH$6,'[20]WorkDone DATA'!$G:$G,BOQ!$B185)*$G185","v":{"$error":"#VALUE!"}},{"$f":"SUMIFS('[20]WorkDone DATA'!$L:$L,'[20]WorkDone DATA'!$N:$N,BOQ!BI$6,'[20]WorkDone DATA'!$G:$G,BOQ!$B185)*$G185","v":{"$error":"#VALUE!"}},{"$f":"SUMIFS('[20]WorkDone DATA'!$L:$L,'[20]WorkDone DATA'!$N:$N,BOQ!BJ$6,'[20]WorkDone DATA'!$G:$G,BOQ!$B185)*$G185","v":{"$error":"#VALUE!"}},{"$f":"SUMIFS('[20]WorkDone DATA'!$L:$L,'[20]WorkDone DATA'!$N:$N,BOQ!BK$6,'[20]WorkDone DATA'!$G:$G,BOQ!$B185)*$G185","v":{"$error":"#VALUE!"}},{"$f":"SUMIFS('[20]WorkDone DATA'!$L:$L,'[20]WorkDone DATA'!$N:$N,BOQ!BL$6,'[20]WorkDone DATA'!$G:$G,BOQ!$B185)*$G185","v":{"$error":"#VALUE!"}},{"$f":"SUMIFS('[20]WorkDone DATA'!$L:$L,'[20]WorkDone DATA'!$N:$N,BOQ!BM$6,'[20]WorkDone DATA'!$G:$G,BOQ!$B185)*$G185","v":{"$error":"#VALUE!"}},{"$f":"SUMIFS('[20]WorkDone DATA'!$L:$L,'[20]WorkDone DATA'!$N:$N,BOQ!BN$6,'[20]WorkDone DATA'!$G:$G,BOQ!$B185)*$G185","v":{"$error":"#VALUE!"}},{"$f":"SUMIFS('[20]WorkDone DATA'!$L:$L,'[20]WorkDone DATA'!$N:$N,BOQ!BO$6,'[20]WorkDone DATA'!$G:$G,BOQ!$B185)*$G185","v":{"$error":"#VALUE!"}},{"$f":"SUMIFS('[20]WorkDone DATA'!$L:$L,'[20]WorkDone DATA'!$N:$N,BOQ!BP$6,'[20]WorkDone DATA'!$G:$G,BOQ!$B185)*$G185","v":{"$error":"#VALUE!"}},{"$f":"SUMIFS('[20]WorkDone DATA'!$L:$L,'[20]WorkDone DATA'!$N:$N,BOQ!BQ$6,'[20]WorkDone DATA'!$G:$G,BOQ!$B185)*$G185","v":{"$error":"#VALUE!"}},{"$f":"SUMIFS('[20]WorkDone DATA'!$L:$L,'[20]WorkDone DATA'!$N:$N,BOQ!BR$6,'[20]WorkDone DATA'!$G:$G,BOQ!$B185)*$G185","v":{"$error":"#VALUE!"}},{"$f":"SUMIFS('[20]WorkDone DATA'!$L:$L,'[20]WorkDone DATA'!$N:$N,BOQ!BS$6,'[20]WorkDone DATA'!$G:$G,BOQ!$B185)*$G185","v":{"$error":"#VALUE!"}},{"$f":"SUMIFS('[20]WorkDone DATA'!$L:$L,'[20]WorkDone DATA'!$N:$N,BOQ!BT$6,'[20]WorkDone DATA'!$G:$G,BOQ!$B185)*$G185","v":{"$error":"#VALUE!"}},{"$f":"SUMIFS('[20]WorkDone DATA'!$L:$L,'[20]WorkDone DATA'!$N:$N,BOQ!BU$6,'[20]WorkDone DATA'!$G:$G,BOQ!$B185)*$G185","v":{"$error":"#VALUE!"}},{"$f":"SUMIFS('[20]WorkDone DATA'!$L:$L,'[20]WorkDone DATA'!$N:$N,BOQ!BV$6,'[20]WorkDone DATA'!$G:$G,BOQ!$B185)*$G185","v":{"$error":"#VALUE!"}},{"$f":"SUMIFS('[20]WorkDone DATA'!$L:$L,'[20]WorkDone DATA'!$N:$N,BOQ!BW$6,'[20]WorkDone DATA'!$G:$G,BOQ!$B185)*$G185","v":{"$error":"#VALUE!"}},{"$f":"SUMIFS('[20]WorkDone DATA'!$L:$L,'[20]WorkDone DATA'!$N:$N,BOQ!BX$6,'[20]WorkDone DATA'!$G:$G,BOQ!$B185)*$G185","v":{"$error":"#VALUE!"}}]
[null,null,"500mm2 x 1 core (EXX01WCV) 6.35kV/11kV  (Trefoil clamps) ",{"$nulls":4},0,{"$nulls":3},{"$error":"#VALUE!"},{"$error":"#VALUE!"},null,0,{"$error":"#VALUE!"},null,{"$f":"SUMIFS('[20]WorkDone DATA'!$L:$L,'[20]WorkDone DATA'!$N:$N,BOQ!S$6,'[20]WorkDone DATA'!$G:$G,BOQ!$B186)","v":{"$error":"#VALUE!"}},{"$error":"#VALUE!"},{"$f":"SUMIFS('[20]WorkDone DATA'!$L:$L,'[20]WorkDone DATA'!$N:$N,BOQ!U$6,'[20]WorkDone DATA'!$G:$G,BOQ!$B186)","v":{"$error":"#VALUE!"}},{"$error":"#VALUE!"},null,{"$f":"SUMIFS('[20]WorkDone DATA'!$L:$L,'[20]WorkDone DATA'!$N:$N,BOQ!W$6,'[20]WorkDone DATA'!$G:$G,BOQ!$B186)*$G186","v":{"$error":"#VALUE!"}},null,{"$f":"SUMIFS('[20]WorkDone DATA'!$L:$L,'[20]WorkDone DATA'!$N:$N,BOQ!Y$6,'[20]WorkDone DATA'!$G:$G,BOQ!$B186)*$G186","v":{"$error":"#VALUE!"}},null,{"$f":"SUMIFS('[20]WorkDone DATA'!$L:$L,'[20]WorkDone DATA'!$N:$N,BOQ!AA$6,'[20]WorkDone DATA'!$G:$G,BOQ!$B186)*$G186","v":{"$error":"#VALUE!"}},{"$f":"SUMIFS('[20]WorkDone DATA'!$L:$L,'[20]WorkDone DATA'!$N:$N,BOQ!AB$6,'[20]WorkDone DATA'!$G:$G,BOQ!$B186)*$G186","v":{"$error":"#VALUE!"}},{"$f":"SUMIFS('[20]WorkDone DATA'!$L:$L,'[20]WorkDone DATA'!$N:$N,BOQ!AC$6,'[20]WorkDone DATA'!$G:$G,BOQ!$B186)*$G186","v":{"$error":"#VALUE!"}},{"$f":"SUMIFS('[20]WorkDone DATA'!$L:$L,'[20]WorkDone DATA'!$N:$N,BOQ!AD$6,'[20]WorkDone DATA'!$G:$G,BOQ!$B186)*$G186","v":{"$error":"#VALUE!"}},{"$f":"SUMIFS('[20]WorkDone DATA'!$L:$L,'[20]WorkDone DATA'!$N:$N,BOQ!AE$6,'[20]WorkDone DATA'!$G:$G,BOQ!$B186)*$G186","v":{"$error":"#VALUE!"}},{"$f":"SUMIFS('[20]WorkDone DATA'!$L:$L,'[20]WorkDone DATA'!$N:$N,BOQ!AF$6,'[20]WorkDone DATA'!$G:$G,BOQ!$B186)*$G186","v":{"$error":"#VALUE!"}},{"$f":"SUMIFS('[20]WorkDone DATA'!$L:$L,'[20]WorkDone DATA'!$N:$N,BOQ!AG$6,'[20]WorkDone DATA'!$G:$G,BOQ!$B186)*$G186","v":{"$error":"#VALUE!"}},{"$f":"SUMIFS('[20]WorkDone DATA'!$L:$L,'[20]WorkDone DATA'!$N:$N,BOQ!AH$6,'[20]WorkDone DATA'!$G:$G,BOQ!$B186)*$G186","v":{"$error":"#VALUE!"}},{"$f":"SUMIFS('[20]WorkDone DATA'!$L:$L,'[20]WorkDone DATA'!$N:$N,BOQ!AI$6,'[20]WorkDone DATA'!$G:$G,BOQ!$B186)*$G186","v":{"$error":"#VALUE!"}},{"$f":"SUMIFS('[20]WorkDone DATA'!$L:$L,'[20]WorkDone DATA'!$N:$N,BOQ!AJ$6,'[20]WorkDone DATA'!$G:$G,BOQ!$B186)*$G186","v":{"$error":"#VALUE!"}},{"$f":"SUMIFS('[20]WorkDone DATA'!$L:$L,'[20]WorkDone DATA'!$N:$N,BOQ!AK$6,'[20]WorkDone DATA'!$G:$G,BOQ!$B186)*$G186","v":{"$error":"#VALUE!"}},{"$f":"SUMIFS('[20]WorkDone DATA'!$L:$L,'[20]WorkDone DATA'!$N:$N,BOQ!AL$6,'[20]WorkDone DATA'!$G:$G,BOQ!$B186)*$G186","v":{"$error":"#VALUE!"}},{"$f":"SUMIFS('[20]WorkDone DATA'!$L:$L,'[20]WorkDone DATA'!$N:$N,BOQ!AM$6,'[20]WorkDone DATA'!$G:$G,BOQ!$B186)*$G186","v":{"$error":"#VALUE!"}},{"$f":"SUMIFS('[20]WorkDone DATA'!$L:$L,'[20]WorkDone DATA'!$N:$N,BOQ!AN$6,'[20]WorkDone DATA'!$G:$G,BOQ!$B186)*$G186","v":{"$error":"#VALUE!"}},{"$f":"SUMIFS('[20]WorkDone DATA'!$L:$L,'[20]WorkDone DATA'!$N:$N,BOQ!AO$6,'[20]WorkDone DATA'!$G:$G,BOQ!$B186)*$G186","v":{"$error":"#VALUE!"}},{"$f":"SUMIFS('[20]WorkDone DATA'!$L:$L,'[20]WorkDone DATA'!$N:$N,BOQ!AP$6,'[20]WorkDone DATA'!$G:$G,BOQ!$B186)*$G186","v":{"$error":"#VALUE!"}},{"$f":"SUMIFS('[20]WorkDone DATA'!$L:$L,'[20]WorkDone DATA'!$N:$N,BOQ!AQ$6,'[20]WorkDone DATA'!$G:$G,BOQ!$B186)*$G186","v":{"$error":"#VALUE!"}},{"$f":"SUMIFS('[20]WorkDone DATA'!$L:$L,'[20]WorkDone DATA'!$N:$N,BOQ!AR$6,'[20]WorkDone DATA'!$G:$G,BOQ!$B186)*$G186","v":{"$error":"#VALUE!"}},{"$f":"SUMIFS('[20]WorkDone DATA'!$L:$L,'[20]WorkDone DATA'!$N:$N,BOQ!AS$6,'[20]WorkDone DATA'!$G:$G,BOQ!$B186)*$G186","v":{"$error":"#VALUE!"}},{"$f":"SUMIFS('[20]WorkDone DATA'!$L:$L,'[20]WorkDone DATA'!$N:$N,BOQ!AT$6,'[20]WorkDone DATA'!$G:$G,BOQ!$B186)*$G186","v":{"$error":"#VALUE!"}},{"$f":"SUMIFS('[20]WorkDone DATA'!$L:$L,'[20]WorkDone DATA'!$N:$N,BOQ!AU$6,'[20]WorkDone DATA'!$G:$G,BOQ!$B186)*$G186","v":{"$error":"#VALUE!"}},{"$f":"SUMIFS('[20]WorkDone DATA'!$L:$L,'[20]WorkDone DATA'!$N:$N,BOQ!AV$6,'[20]WorkDone DATA'!$G:$G,BOQ!$B186)*$G186","v":{"$error":"#VALUE!"}},{"$f":"SUMIFS('[20]WorkDone DATA'!$L:$L,'[20]WorkDone DATA'!$N:$N,BOQ!AW$6,'[20]WorkDone DATA'!$G:$G,BOQ!$B186)*$G186","v":{"$error":"#VALUE!"}},{"$f":"SUMIFS('[20]WorkDone DATA'!$L:$L,'[20]WorkDone DATA'!$N:$N,BOQ!AX$6,'[20]WorkDone DATA'!$G:$G,BOQ!$B186)*$G186","v":{"$error":"#VALUE!"}},{"$f":"SUMIFS('[20]WorkDone DATA'!$L:$L,'[20]WorkDone DATA'!$N:$N,BOQ!AY$6,'[20]WorkDone DATA'!$G:$G,BOQ!$B186)*$G186","v":{"$error":"#VALUE!"}},{"$f":"SUMIFS('[20]WorkDone DATA'!$L:$L,'[20]WorkDone DATA'!$N:$N,BOQ!AZ$6,'[20]WorkDone DATA'!$G:$G,BOQ!$B186)*$G186","v":{"$error":"#VALUE!"}},{"$f":"SUMIFS('[20]WorkDone DATA'!$L:$L,'[20]WorkDone DATA'!$N:$N,BOQ!BA$6,'[20]WorkDone DATA'!$G:$G,BOQ!$B186)*$G186","v":{"$error":"#VALUE!"}},{"$f":"SUMIFS('[20]WorkDone DATA'!$L:$L,'[20]WorkDone DATA'!$N:$N,BOQ!BB$6,'[20]WorkDone DATA'!$G:$G,BOQ!$B186)*$G186","v":{"$error":"#VALUE!"}},{"$f":"SUMIFS('[20]WorkDone DATA'!$L:$L,'[20]WorkDone DATA'!$N:$N,BOQ!BC$6,'[20]WorkDone DATA'!$G:$G,BOQ!$B186)*$G186","v":{"$error":"#VALUE!"}},{"$f":"SUMIFS('[20]WorkDone DATA'!$L:$L,'[20]WorkDone DATA'!$N:$N,BOQ!BD$6,'[20]WorkDone DATA'!$G:$G,BOQ!$B186)*$G186","v":{"$error":"#VALUE!"}},{"$f":"SUMIFS('[20]WorkDone DATA'!$L:$L,'[20]WorkDone DATA'!$N:$N,BOQ!BE$6,'[20]WorkDone DATA'!$G:$G,BOQ!$B186)*$G186","v":{"$error":"#VALUE!"}},{"$f":"SUMIFS('[20]WorkDone DATA'!$L:$L,'[20]WorkDone DATA'!$N:$N,BOQ!BF$6,'[20]WorkDone DATA'!$G:$G,BOQ!$B186)*$G186","v":{"$error":"#VALUE!"}},{"$f":"SUMIFS('[20]WorkDone DATA'!$L:$L,'[20]WorkDone DATA'!$N:$N,BOQ!BG$6,'[20]WorkDone DATA'!$G:$G,BOQ!$B186)*$G186","v":{"$error":"#VALUE!"}},{"$f":"SUMIFS('[20]WorkDone DATA'!$L:$L,'[20]WorkDone DATA'!$N:$N,BOQ!BH$6,'[20]WorkDone DATA'!$G:$G,BOQ!$B186)*$G186","v":{"$error":"#VALUE!"}},{"$f":"SUMIFS('[20]WorkDone DATA'!$L:$L,'[20]WorkDone DATA'!$N:$N,BOQ!BI$6,'[20]WorkDone DATA'!$G:$G,BOQ!$B186)*$G186","v":{"$error":"#VALUE!"}},{"$f":"SUMIFS('[20]WorkDone DATA'!$L:$L,'[20]WorkDone DATA'!$N:$N,BOQ!BJ$6,'[20]WorkDone DATA'!$G:$G,BOQ!$B186)*$G186","v":{"$error":"#VALUE!"}},{"$f":"SUMIFS('[20]WorkDone DATA'!$L:$L,'[20]WorkDone DATA'!$N:$N,BOQ!BK$6,'[20]WorkDone DATA'!$G:$G,BOQ!$B186)*$G186","v":{"$error":"#VALUE!"}},{"$f":"SUMIFS('[20]WorkDone DATA'!$L:$L,'[20]WorkDone DATA'!$N:$N,BOQ!BL$6,'[20]WorkDone DATA'!$G:$G,BOQ!$B186)*$G186","v":{"$error":"#VALUE!"}},{"$f":"SUMIFS('[20]WorkDone DATA'!$L:$L,'[20]WorkDone DATA'!$N:$N,BOQ!BM$6,'[20]WorkDone DATA'!$G:$G,BOQ!$B186)*$G186","v":{"$error":"#VALUE!"}},{"$f":"SUMIFS('[20]WorkDone DATA'!$L:$L,'[20]WorkDone DATA'!$N:$N,BOQ!BN$6,'[20]WorkDone DATA'!$G:$G,BOQ!$B186)*$G186","v":{"$error":"#VALUE!"}},{"$f":"SUMIFS('[20]WorkDone DATA'!$L:$L,'[20]WorkDone DATA'!$N:$N,BOQ!BO$6,'[20]WorkDone DATA'!$G:$G,BOQ!$B186)*$G186","v":{"$error":"#VALUE!"}},{"$f":"SUMIFS('[20]WorkDone DATA'!$L:$L,'[20]WorkDone DATA'!$N:$N,BOQ!BP$6,'[20]WorkDone DATA'!$G:$G,BOQ!$B186)*$G186","v":{"$error":"#VALUE!"}},{"$f":"SUMIFS('[20]WorkDone DATA'!$L:$L,'[20]WorkDone DATA'!$N:$N,BOQ!BQ$6,'[20]WorkDone DATA'!$G:$G,BOQ!$B186)*$G186","v":{"$error":"#VALUE!"}},{"$f":"SUMIFS('[20]WorkDone DATA'!$L:$L,'[20]WorkDone DATA'!$N:$N,BOQ!BR$6,'[20]WorkDone DATA'!$G:$G,BOQ!$B186)*$G186","v":{"$error":"#VALUE!"}},{"$f":"SUMIFS('[20]WorkDone DATA'!$L:$L,'[20]WorkDone DATA'!$N:$N,BOQ!BS$6,'[20]WorkDone DATA'!$G:$G,BOQ!$B186)*$G186","v":{"$error":"#VALUE!"}},{"$f":"SUMIFS('[20]WorkDone DATA'!$L:$L,'[20]WorkDone DATA'!$N:$N,BOQ!BT$6,'[20]WorkDone DATA'!$G:$G,BOQ!$B186)*$G186","v":{"$error":"#VALUE!"}},{"$f":"SUMIFS('[20]WorkDone DATA'!$L:$L,'[20]WorkDone DATA'!$N:$N,BOQ!BU$6,'[20]WorkDone DATA'!$G:$G,BOQ!$B186)*$G186","v":{"$error":"#VALUE!"}},{"$f":"SUMIFS('[20]WorkDone DATA'!$L:$L,'[20]WorkDone DATA'!$N:$N,BOQ!BV$6,'[20]WorkDone DATA'!$G:$G,BOQ!$B186)*$G186","v":{"$error":"#VALUE!"}},{"$f":"SUMIFS('[20]WorkDone DATA'!$L:$L,'[20]WorkDone DATA'!$N:$N,BOQ!BW$6,'[20]WorkDone DATA'!$G:$G,BOQ!$B186)*$G186","v":{"$error":"#VALUE!"}},{"$f":"SUMIFS('[20]WorkDone DATA'!$L:$L,'[20]WorkDone DATA'!$N:$N,BOQ!BX$6,'[20]WorkDone DATA'!$G:$G,BOQ!$B186)*$G186","v":{"$error":"#VALUE!"}}]
[{"$f":"C186","v":"500mm2 x 1 core (EXX01WCV) 6.35kV/11kV  (Trefoil clamps) "},2.091,"Supply","E","each",396,{"v":4454.51,"d":"4,454.51"},{"v":1763985.9600000002,"d":"1,763,985.96"},null,null,{"$error":"#VALUE!"},{"$error":"#VALUE!"},{"$error":"#VALUE!"},null,{"$error":"#VALUE!"},{"$error":"#VALUE!"},null,{"$f":"SUMIFS('[20]WorkDone DATA'!$L:$L,'[20]WorkDone DATA'!$N:$N,BOQ!S$6,'[20]WorkDone DATA'!$G:$G,BOQ!$B187)","v":{"$error":"#VALUE!"}},{"$error":"#VALUE!"},{"$f":"SUMIFS('[20]WorkDone DATA'!$L:$L,'[20]WorkDone DATA'!$N:$N,BOQ!U$6,'[20]WorkDone DATA'!$G:$G,BOQ!$B187)","v":{"$error":"#VALUE!"}},{"$error":"#VALUE!"},null,{"$f":"SUMIFS('[20]WorkDone DATA'!$L:$L,'[20]WorkDone DATA'!$N:$N,BOQ!W$6,'[20]WorkDone DATA'!$G:$G,BOQ!$B187)*$G187","v":{"$error":"#VALUE!"}},null,{"$f":"SUMIFS('[20]WorkDone DATA'!$L:$L,'[20]WorkDone DATA'!$N:$N,BOQ!Y$6,'[20]WorkDone DATA'!$G:$G,BOQ!$B187)*$G187","v":{"$error":"#VALUE!"}},null,{"$f":"SUMIFS('[20]WorkDone DATA'!$L:$L,'[20]WorkDone DATA'!$N:$N,BOQ!AA$6,'[20]WorkDone DATA'!$G:$G,BOQ!$B187)*$G187","v":{"$error":"#VALUE!"}},{"$f":"SUMIFS('[20]WorkDone DATA'!$L:$L,'[20]WorkDone DATA'!$N:$N,BOQ!AB$6,'[20]WorkDone DATA'!$G:$G,BOQ!$B187)*$G187","v":{"$error":"#VALUE!"}},{"$f":"SUMIFS('[20]WorkDone DATA'!$L:$L,'[20]WorkDone DATA'!$N:$N,BOQ!AC$6,'[20]WorkDone DATA'!$G:$G,BOQ!$B187)*$G187","v":{"$error":"#VALUE!"}},{"$f":"SUMIFS('[20]WorkDone DATA'!$L:$L,'[20]WorkDone DATA'!$N:$N,BOQ!AD$6,'[20]WorkDone DATA'!$G:$G,BOQ!$B187)*$G187","v":{"$error":"#VALUE!"}},{"$f":"SUMIFS('[20]WorkDone DATA'!$L:$L,'[20]WorkDone DATA'!$N:$N,BOQ!AE$6,'[20]WorkDone DATA'!$G:$G,BOQ!$B187)*$G187","v":{"$error":"#VALUE!"}},{"$f":"SUMIFS('[20]WorkDone DATA'!$L:$L,'[20]WorkDone DATA'!$N:$N,BOQ!AF$6,'[20]WorkDone DATA'!$G:$G,BOQ!$B187)*$G187","v":{"$error":"#VALUE!"}},{"$f":"SUMIFS('[20]WorkDone DATA'!$L:$L,'[20]WorkDone DATA'!$N:$N,BOQ!AG$6,'[20]WorkDone DATA'!$G:$G,BOQ!$B187)*$G187","v":{"$error":"#VALUE!"}},{"$f":"SUMIFS('[20]WorkDone DATA'!$L:$L,'[20]WorkDone DATA'!$N:$N,BOQ!AH$6,'[20]WorkDone DATA'!$G:$G,BOQ!$B187)*$G187","v":{"$error":"#VALUE!"}},{"$f":"SUMIFS('[20]WorkDone DATA'!$L:$L,'[20]WorkDone DATA'!$N:$N,BOQ!AI$6,'[20]WorkDone DATA'!$G:$G,BOQ!$B187)*$G187","v":{"$error":"#VALUE!"}},{"$f":"SUMIFS('[20]WorkDone DATA'!$L:$L,'[20]WorkDone DATA'!$N:$N,BOQ!AJ$6,'[20]WorkDone DATA'!$G:$G,BOQ!$B187)*$G187","v":{"$error":"#VALUE!"}},{"$f":"SUMIFS('[20]WorkDone DATA'!$L:$L,'[20]WorkDone DATA'!$N:$N,BOQ!AK$6,'[20]WorkDone DATA'!$G:$G,BOQ!$B187)*$G187","v":{"$error":"#VALUE!"}},{"$f":"SUMIFS('[20]WorkDone DATA'!$L:$L,'[20]WorkDone DATA'!$N:$N,BOQ!AL$6,'[20]WorkDone DATA'!$G:$G,BOQ!$B187)*$G187","v":{"$error":"#VALUE!"}},{"$f":"SUMIFS('[20]WorkDone DATA'!$L:$L,'[20]WorkDone DATA'!$N:$N,BOQ!AM$6,'[20]WorkDone DATA'!$G:$G,BOQ!$B187)*$G187","v":{"$error":"#VALUE!"}},{"$f":"SUMIFS('[20]WorkDone DATA'!$L:$L,'[20]WorkDone DATA'!$N:$N,BOQ!AN$6,'[20]WorkDone DATA'!$G:$G,BOQ!$B187)*$G187","v":{"$error":"#VALUE!"}},{"$f":"SUMIFS('[20]WorkDone DATA'!$L:$L,'[20]WorkDone DATA'!$N:$N,BOQ!AO$6,'[20]WorkDone DATA'!$G:$G,BOQ!$B187)*$G187","v":{"$error":"#VALUE!"}},{"$f":"SUMIFS('[20]WorkDone DATA'!$L:$L,'[20]WorkDone DATA'!$N:$N,BOQ!AP$6,'[20]WorkDone DATA'!$G:$G,BOQ!$B187)*$G187","v":{"$error":"#VALUE!"}},{"$f":"SUMIFS('[20]WorkDone DATA'!$L:$L,'[20]WorkDone DATA'!$N:$N,BOQ!AQ$6,'[20]WorkDone DATA'!$G:$G,BOQ!$B187)*$G187","v":{"$error":"#VALUE!"}},{"$f":"SUMIFS('[20]WorkDone DATA'!$L:$L,'[20]WorkDone DATA'!$N:$N,BOQ!AR$6,'[20]WorkDone DATA'!$G:$G,BOQ!$B187)*$G187","v":{"$error":"#VALUE!"}},{"$f":"SUMIFS('[20]WorkDone DATA'!$L:$L,'[20]WorkDone DATA'!$N:$N,BOQ!AS$6,'[20]WorkDone DATA'!$G:$G,BOQ!$B187)*$G187","v":{"$error":"#VALUE!"}},{"$f":"SUMIFS('[20]WorkDone DATA'!$L:$L,'[20]WorkDone DATA'!$N:$N,BOQ!AT$6,'[20]WorkDone DATA'!$G:$G,BOQ!$B187)*$G187","v":{"$error":"#VALUE!"}},{"$f":"SUMIFS('[20]WorkDone DATA'!$L:$L,'[20]WorkDone DATA'!$N:$N,BOQ!AU$6,'[20]WorkDone DATA'!$G:$G,BOQ!$B187)*$G187","v":{"$error":"#VALUE!"}},{"$f":"SUMIFS('[20]WorkDone DATA'!$L:$L,'[20]WorkDone DATA'!$N:$N,BOQ!AV$6,'[20]WorkDone DATA'!$G:$G,BOQ!$B187)*$G187","v":{"$error":"#VALUE!"}},{"$f":"SUMIFS('[20]WorkDone DATA'!$L:$L,'[20]WorkDone DATA'!$N:$N,BOQ!AW$6,'[20]WorkDone DATA'!$G:$G,BOQ!$B187)*$G187","v":{"$error":"#VALUE!"}},{"$f":"SUMIFS('[20]WorkDone DATA'!$L:$L,'[20]WorkDone DATA'!$N:$N,BOQ!AX$6,'[20]WorkDone DATA'!$G:$G,BOQ!$B187)*$G187","v":{"$error":"#VALUE!"}},{"$f":"SUMIFS('[20]WorkDone DATA'!$L:$L,'[20]WorkDone DATA'!$N:$N,BOQ!AY$6,'[20]WorkDone DATA'!$G:$G,BOQ!$B187)*$G187","v":{"$error":"#VALUE!"}},{"$f":"SUMIFS('[20]WorkDone DATA'!$L:$L,'[20]WorkDone DATA'!$N:$N,BOQ!AZ$6,'[20]WorkDone DATA'!$G:$G,BOQ!$B187)*$G187","v":{"$error":"#VALUE!"}},{"$f":"SUMIFS('[20]WorkDone DATA'!$L:$L,'[20]WorkDone DATA'!$N:$N,BOQ!BA$6,'[20]WorkDone DATA'!$G:$G,BOQ!$B187)*$G187","v":{"$error":"#VALUE!"}},{"$f":"SUMIFS('[20]WorkDone DATA'!$L:$L,'[20]WorkDone DATA'!$N:$N,BOQ!BB$6,'[20]WorkDone DATA'!$G:$G,BOQ!$B187)*$G187","v":{"$error":"#VALUE!"}},{"$f":"SUMIFS('[20]WorkDone DATA'!$L:$L,'[20]WorkDone DATA'!$N:$N,BOQ!BC$6,'[20]WorkDone DATA'!$G:$G,BOQ!$B187)*$G187","v":{"$error":"#VALUE!"}},{"$f":"SUMIFS('[20]WorkDone DATA'!$L:$L,'[20]WorkDone DATA'!$N:$N,BOQ!BD$6,'[20]WorkDone DATA'!$G:$G,BOQ!$B187)*$G187","v":{"$error":"#VALUE!"}},{"$f":"SUMIFS('[20]WorkDone DATA'!$L:$L,'[20]WorkDone DATA'!$N:$N,BOQ!BE$6,'[20]WorkDone DATA'!$G:$G,BOQ!$B187)*$G187","v":{"$error":"#VALUE!"}},{"$f":"SUMIFS('[20]WorkDone DATA'!$L:$L,'[20]WorkDone DATA'!$N:$N,BOQ!BF$6,'[20]WorkDone DATA'!$G:$G,BOQ!$B187)*$G187","v":{"$error":"#VALUE!"}},{"$f":"SUMIFS('[20]WorkDone DATA'!$L:$L,'[20]WorkDone DATA'!$N:$N,BOQ!BG$6,'[20]WorkDone DATA'!$G:$G,BOQ!$B187)*$G187","v":{"$error":"#VALUE!"}},{"$f":"SUMIFS('[20]WorkDone DATA'!$L:$L,'[20]WorkDone DATA'!$N:$N,BOQ!BH$6,'[20]WorkDone DATA'!$G:$G,BOQ!$B187)*$G187","v":{"$error":"#VALUE!"}},{"$f":"SUMIFS('[20]WorkDone DATA'!$L:$L,'[20]WorkDone DATA'!$N:$N,BOQ!BI$6,'[20]WorkDone DATA'!$G:$G,BOQ!$B187)*$G187","v":{"$error":"#VALUE!"}},{"$f":"SUMIFS('[20]WorkDone DATA'!$L:$L,'[20]WorkDone DATA'!$N:$N,BOQ!BJ$6,'[20]WorkDone DATA'!$G:$G,BOQ!$B187)*$G187","v":{"$error":"#VALUE!"}},{"$f":"SUMIFS('[20]WorkDone DATA'!$L:$L,'[20]WorkDone DATA'!$N:$N,BOQ!BK$6,'[20]WorkDone DATA'!$G:$G,BOQ!$B187)*$G187","v":{"$error":"#VALUE!"}},{"$f":"SUMIFS('[20]WorkDone DATA'!$L:$L,'[20]WorkDone DATA'!$N:$N,BOQ!BL$6,'[20]WorkDone DATA'!$G:$G,BOQ!$B187)*$G187","v":{"$error":"#VALUE!"}},{"$f":"SUMIFS('[20]WorkDone DATA'!$L:$L,'[20]WorkDone DATA'!$N:$N,BOQ!BM$6,'[20]WorkDone DATA'!$G:$G,BOQ!$B187)*$G187","v":{"$error":"#VALUE!"}},{"$f":"SUMIFS('[20]WorkDone DATA'!$L:$L,'[20]WorkDone DATA'!$N:$N,BOQ!BN$6,'[20]WorkDone DATA'!$G:$G,BOQ!$B187)*$G187","v":{"$error":"#VALUE!"}},{"$f":"SUMIFS('[20]WorkDone DATA'!$L:$L,'[20]WorkDone DATA'!$N:$N,BOQ!BO$6,'[20]WorkDone DATA'!$G:$G,BOQ!$B187)*$G187","v":{"$error":"#VALUE!"}},{"$f":"SUMIFS('[20]WorkDone DATA'!$L:$L,'[20]WorkDone DATA'!$N:$N,BOQ!BP$6,'[20]WorkDone DATA'!$G:$G,BOQ!$B187)*$G187","v":{"$error":"#VALUE!"}},{"$f":"SUMIFS('[20]WorkDone DATA'!$L:$L,'[20]WorkDone DATA'!$N:$N,BOQ!BQ$6,'[20]WorkDone DATA'!$G:$G,BOQ!$B187)*$G187","v":{"$error":"#VALUE!"}},{"$f":"SUMIFS('[20]WorkDone DATA'!$L:$L,'[20]WorkDone DATA'!$N:$N,BOQ!BR$6,'[20]WorkDone DATA'!$G:$G,BOQ!$B187)*$G187","v":{"$error":"#VALUE!"}},{"$f":"SUMIFS('[20]WorkDone DATA'!$L:$L,'[20]WorkDone DATA'!$N:$N,BOQ!BS$6,'[20]WorkDone DATA'!$G:$G,BOQ!$B187)*$G187","v":{"$error":"#VALUE!"}},{"$f":"SUMIFS('[20]WorkDone DATA'!$L:$L,'[20]WorkDone DATA'!$N:$N,BOQ!BT$6,'[20]WorkDone DATA'!$G:$G,BOQ!$B187)*$G187","v":{"$error":"#VALUE!"}},{"$f":"SUMIFS('[20]WorkDone DATA'!$L:$L,'[20]WorkDone DATA'!$N:$N,BOQ!BU$6,'[20]WorkDone DATA'!$G:$G,BOQ!$B187)*$G187","v":{"$error":"#VALUE!"}},{"$f":"SUMIFS('[20]WorkDone DATA'!$L:$L,'[20]WorkDone DATA'!$N:$N,BOQ!BV$6,'[20]WorkDone DATA'!$G:$G,BOQ!$B187)*$G187","v":{"$error":"#VALUE!"}},{"$f":"SUMIFS('[20]WorkDone DATA'!$L:$L,'[20]WorkDone DATA'!$N:$N,BOQ!BW$6,'[20]WorkDone DATA'!$G:$G,BOQ!$B187)*$G187","v":{"$error":"#VALUE!"}},{"$f":"SUMIFS('[20]WorkDone DATA'!$L:$L,'[20]WorkDone DATA'!$N:$N,BOQ!BX$6,'[20]WorkDone DATA'!$G:$G,BOQ!$B187)*$G187","v":{"$error":"#VALUE!"}}]
[{"$f":"C186","v":"500mm2 x 1 core (EXX01WCV) 6.35kV/11kV  (Trefoil clamps) "},2.092,"Installation","A","each",396,{"v":3609.98,"d":"3,609.98"},{"v":1429552.08,"d":"1,429,552.08"},null,null,{"$error":"#VALUE!"},{"$error":"#VALUE!"},{"$error":"#VALUE!"},null,{"$error":"#VALUE!"},{"$error":"#VALUE!"},null,{"$f":"SUMIFS('[20]WorkDone DATA'!$L:$L,'[20]WorkDone DATA'!$N:$N,BOQ!S$6,'[20]WorkDone DATA'!$G:$G,BOQ!$B188)","v":{"$error":"#VALUE!"}},{"$error":"#VALUE!"},{"$f":"SUMIFS('[20]WorkDone DATA'!$L:$L,'[20]WorkDone DATA'!$N:$N,BOQ!U$6,'[20]WorkDone DATA'!$G:$G,BOQ!$B188)","v":{"$error":"#VALUE!"}},{"$error":"#VALUE!"},null,{"$f":"SUMIFS('[20]WorkDone DATA'!$L:$L,'[20]WorkDone DATA'!$N:$N,BOQ!W$6,'[20]WorkDone DATA'!$G:$G,BOQ!$B188)*$G188","v":{"$error":"#VALUE!"}},null,{"$f":"SUMIFS('[20]WorkDone DATA'!$L:$L,'[20]WorkDone DATA'!$N:$N,BOQ!Y$6,'[20]WorkDone DATA'!$G:$G,BOQ!$B188)*$G188","v":{"$error":"#VALUE!"}},null,{"$f":"SUMIFS('[20]WorkDone DATA'!$L:$L,'[20]WorkDone DATA'!$N:$N,BOQ!AA$6,'[20]WorkDone DATA'!$G:$G,BOQ!$B188)*$G188","v":{"$error":"#VALUE!"}},{"$f":"SUMIFS('[20]WorkDone DATA'!$L:$L,'[20]WorkDone DATA'!$N:$N,BOQ!AB$6,'[20]WorkDone DATA'!$G:$G,BOQ!$B188)*$G188","v":{"$error":"#VALUE!"}},{"$f":"SUMIFS('[20]WorkDone DATA'!$L:$L,'[20]WorkDone DATA'!$N:$N,BOQ!AC$6,'[20]WorkDone DATA'!$G:$G,BOQ!$B188)*$G188","v":{"$error":"#VALUE!"}},{"$f":"SUMIFS('[20]WorkDone DATA'!$L:$L,'[20]WorkDone DATA'!$N:$N,BOQ!AD$6,'[20]WorkDone DATA'!$G:$G,BOQ!$B188)*$G188","v":{"$error":"#VALUE!"}},{"$f":"SUMIFS('[20]WorkDone DATA'!$L:$L,'[20]WorkDone DATA'!$N:$N,BOQ!AE$6,'[20]WorkDone DATA'!$G:$G,BOQ!$B188)*$G188","v":{"$error":"#VALUE!"}},{"$f":"SUMIFS('[20]WorkDone DATA'!$L:$L,'[20]WorkDone DATA'!$N:$N,BOQ!AF$6,'[20]WorkDone DATA'!$G:$G,BOQ!$B188)*$G188","v":{"$error":"#VALUE!"}},{"$f":"SUMIFS('[20]WorkDone DATA'!$L:$L,'[20]WorkDone DATA'!$N:$N,BOQ!AG$6,'[20]WorkDone DATA'!$G:$G,BOQ!$B188)*$G188","v":{"$error":"#VALUE!"}},{"$f":"SUMIFS('[20]WorkDone DATA'!$L:$L,'[20]WorkDone DATA'!$N:$N,BOQ!AH$6,'[20]WorkDone DATA'!$G:$G,BOQ!$B188)*$G188","v":{"$error":"#VALUE!"}},{"$f":"SUMIFS('[20]WorkDone DATA'!$L:$L,'[20]WorkDone DATA'!$N:$N,BOQ!AI$6,'[20]WorkDone DATA'!$G:$G,BOQ!$B188)*$G188","v":{"$error":"#VALUE!"}},{"$f":"SUMIFS('[20]WorkDone DATA'!$L:$L,'[20]WorkDone DATA'!$N:$N,BOQ!AJ$6,'[20]WorkDone DATA'!$G:$G,BOQ!$B188)*$G188","v":{"$error":"#VALUE!"}},{"$f":"SUMIFS('[20]WorkDone DATA'!$L:$L,'[20]WorkDone DATA'!$N:$N,BOQ!AK$6,'[20]WorkDone DATA'!$G:$G,BOQ!$B188)*$G188","v":{"$error":"#VALUE!"}},{"$f":"SUMIFS('[20]WorkDone DATA'!$L:$L,'[20]WorkDone DATA'!$N:$N,BOQ!AL$6,'[20]WorkDone DATA'!$G:$G,BOQ!$B188)*$G188","v":{"$error":"#VALUE!"}},{"$f":"SUMIFS('[20]WorkDone DATA'!$L:$L,'[20]WorkDone DATA'!$N:$N,BOQ!AM$6,'[20]WorkDone DATA'!$G:$G,BOQ!$B188)*$G188","v":{"$error":"#VALUE!"}},{"$f":"SUMIFS('[20]WorkDone DATA'!$L:$L,'[20]WorkDone DATA'!$N:$N,BOQ!AN$6,'[20]WorkDone DATA'!$G:$G,BOQ!$B188)*$G188","v":{"$error":"#VALUE!"}},{"$f":"SUMIFS('[20]WorkDone DATA'!$L:$L,'[20]WorkDone DATA'!$N:$N,BOQ!AO$6,'[20]WorkDone DATA'!$G:$G,BOQ!$B188)*$G188","v":{"$error":"#VALUE!"}},{"$f":"SUMIFS('[20]WorkDone DATA'!$L:$L,'[20]WorkDone DATA'!$N:$N,BOQ!AP$6,'[20]WorkDone DATA'!$G:$G,BOQ!$B188)*$G188","v":{"$error":"#VALUE!"}},{"$f":"SUMIFS('[20]WorkDone DATA'!$L:$L,'[20]WorkDone DATA'!$N:$N,BOQ!AQ$6,'[20]WorkDone DATA'!$G:$G,BOQ!$B188)*$G188","v":{"$error":"#VALUE!"}},{"$f":"SUMIFS('[20]WorkDone DATA'!$L:$L,'[20]WorkDone DATA'!$N:$N,BOQ!AR$6,'[20]WorkDone DATA'!$G:$G,BOQ!$B188)*$G188","v":{"$error":"#VALUE!"}},{"$f":"SUMIFS('[20]WorkDone DATA'!$L:$L,'[20]WorkDone DATA'!$N:$N,BOQ!AS$6,'[20]WorkDone DATA'!$G:$G,BOQ!$B188)*$G188","v":{"$error":"#VALUE!"}},{"$f":"SUMIFS('[20]WorkDone DATA'!$L:$L,'[20]WorkDone DATA'!$N:$N,BOQ!AT$6,'[20]WorkDone DATA'!$G:$G,BOQ!$B188)*$G188","v":{"$error":"#VALUE!"}},{"$f":"SUMIFS('[20]WorkDone DATA'!$L:$L,'[20]WorkDone DATA'!$N:$N,BOQ!AU$6,'[20]WorkDone DATA'!$G:$G,BOQ!$B188)*$G188","v":{"$error":"#VALUE!"}},{"$f":"SUMIFS('[20]WorkDone DATA'!$L:$L,'[20]WorkDone DATA'!$N:$N,BOQ!AV$6,'[20]WorkDone DATA'!$G:$G,BOQ!$B188)*$G188","v":{"$error":"#VALUE!"}},{"$f":"SUMIFS('[20]WorkDone DATA'!$L:$L,'[20]WorkDone DATA'!$N:$N,BOQ!AW$6,'[20]WorkDone DATA'!$G:$G,BOQ!$B188)*$G188","v":{"$error":"#VALUE!"}},{"$f":"SUMIFS('[20]WorkDone DATA'!$L:$L,'[20]WorkDone DATA'!$N:$N,BOQ!AX$6,'[20]WorkDone DATA'!$G:$G,BOQ!$B188)*$G188","v":{"$error":"#VALUE!"}},{"$f":"SUMIFS('[20]WorkDone DATA'!$L:$L,'[20]WorkDone DATA'!$N:$N,BOQ!AY$6,'[20]WorkDone DATA'!$G:$G,BOQ!$B188)*$G188","v":{"$error":"#VALUE!"}},{"$f":"SUMIFS('[20]WorkDone DATA'!$L:$L,'[20]WorkDone DATA'!$N:$N,BOQ!AZ$6,'[20]WorkDone DATA'!$G:$G,BOQ!$B188)*$G188","v":{"$error":"#VALUE!"}},{"$f":"SUMIFS('[20]WorkDone DATA'!$L:$L,'[20]WorkDone DATA'!$N:$N,BOQ!BA$6,'[20]WorkDone DATA'!$G:$G,BOQ!$B188)*$G188","v":{"$error":"#VALUE!"}},{"$f":"SUMIFS('[20]WorkDone DATA'!$L:$L,'[20]WorkDone DATA'!$N:$N,BOQ!BB$6,'[20]WorkDone DATA'!$G:$G,BOQ!$B188)*$G188","v":{"$error":"#VALUE!"}},{"$f":"SUMIFS('[20]WorkDone DATA'!$L:$L,'[20]WorkDone DATA'!$N:$N,BOQ!BC$6,'[20]WorkDone DATA'!$G:$G,BOQ!$B188)*$G188","v":{"$error":"#VALUE!"}},{"$f":"SUMIFS('[20]WorkDone DATA'!$L:$L,'[20]WorkDone DATA'!$N:$N,BOQ!BD$6,'[20]WorkDone DATA'!$G:$G,BOQ!$B188)*$G188","v":{"$error":"#VALUE!"}},{"$f":"SUMIFS('[20]WorkDone DATA'!$L:$L,'[20]WorkDone DATA'!$N:$N,BOQ!BE$6,'[20]WorkDone DATA'!$G:$G,BOQ!$B188)*$G188","v":{"$error":"#VALUE!"}},{"$f":"SUMIFS('[20]WorkDone DATA'!$L:$L,'[20]WorkDone DATA'!$N:$N,BOQ!BF$6,'[20]WorkDone DATA'!$G:$G,BOQ!$B188)*$G188","v":{"$error":"#VALUE!"}},{"$f":"SUMIFS('[20]WorkDone DATA'!$L:$L,'[20]WorkDone DATA'!$N:$N,BOQ!BG$6,'[20]WorkDone DATA'!$G:$G,BOQ!$B188)*$G188","v":{"$error":"#VALUE!"}},{"$f":"SUMIFS('[20]WorkDone DATA'!$L:$L,'[20]WorkDone DATA'!$N:$N,BOQ!BH$6,'[20]WorkDone DATA'!$G:$G,BOQ!$B188)*$G188","v":{"$error":"#VALUE!"}},{"$f":"SUMIFS('[20]WorkDone DATA'!$L:$L,'[20]WorkDone DATA'!$N:$N,BOQ!BI$6,'[20]WorkDone DATA'!$G:$G,BOQ!$B188)*$G188","v":{"$error":"#VALUE!"}},{"$f":"SUMIFS('[20]WorkDone DATA'!$L:$L,'[20]WorkDone DATA'!$N:$N,BOQ!BJ$6,'[20]WorkDone DATA'!$G:$G,BOQ!$B188)*$G188","v":{"$error":"#VALUE!"}},{"$f":"SUMIFS('[20]WorkDone DATA'!$L:$L,'[20]WorkDone DATA'!$N:$N,BOQ!BK$6,'[20]WorkDone DATA'!$G:$G,BOQ!$B188)*$G188","v":{"$error":"#VALUE!"}},{"$f":"SUMIFS('[20]WorkDone DATA'!$L:$L,'[20]WorkDone DATA'!$N:$N,BOQ!BL$6,'[20]WorkDone DATA'!$G:$G,BOQ!$B188)*$G188","v":{"$error":"#VALUE!"}},{"$f":"SUMIFS('[20]WorkDone DATA'!$L:$L,'[20]WorkDone DATA'!$N:$N,BOQ!BM$6,'[20]WorkDone DATA'!$G:$G,BOQ!$B188)*$G188","v":{"$error":"#VALUE!"}},{"$f":"SUMIFS('[20]WorkDone DATA'!$L:$L,'[20]WorkDone DATA'!$N:$N,BOQ!BN$6,'[20]WorkDone DATA'!$G:$G,BOQ!$B188)*$G188","v":{"$error":"#VALUE!"}},{"$f":"SUMIFS('[20]WorkDone DATA'!$L:$L,'[20]WorkDone DATA'!$N:$N,BOQ!BO$6,'[20]WorkDone DATA'!$G:$G,BOQ!$B188)*$G188","v":{"$error":"#VALUE!"}},{"$f":"SUMIFS('[20]WorkDone DATA'!$L:$L,'[20]WorkDone DATA'!$N:$N,BOQ!BP$6,'[20]WorkDone DATA'!$G:$G,BOQ!$B188)*$G188","v":{"$error":"#VALUE!"}},{"$f":"SUMIFS('[20]WorkDone DATA'!$L:$L,'[20]WorkDone DATA'!$N:$N,BOQ!BQ$6,'[20]WorkDone DATA'!$G:$G,BOQ!$B188)*$G188","v":{"$error":"#VALUE!"}},{"$f":"SUMIFS('[20]WorkDone DATA'!$L:$L,'[20]WorkDone DATA'!$N:$N,BOQ!BR$6,'[20]WorkDone DATA'!$G:$G,BOQ!$B188)*$G188","v":{"$error":"#VALUE!"}},{"$f":"SUMIFS('[20]WorkDone DATA'!$L:$L,'[20]WorkDone DATA'!$N:$N,BOQ!BS$6,'[20]WorkDone DATA'!$G:$G,BOQ!$B188)*$G188","v":{"$error":"#VALUE!"}},{"$f":"SUMIFS('[20]WorkDone DATA'!$L:$L,'[20]WorkDone DATA'!$N:$N,BOQ!BT$6,'[20]WorkDone DATA'!$G:$G,BOQ!$B188)*$G188","v":{"$error":"#VALUE!"}},{"$f":"SUMIFS('[20]WorkDone DATA'!$L:$L,'[20]WorkDone DATA'!$N:$N,BOQ!BU$6,'[20]WorkDone DATA'!$G:$G,BOQ!$B188)*$G188","v":{"$error":"#VALUE!"}},{"$f":"SUMIFS('[20]WorkDone DATA'!$L:$L,'[20]WorkDone DATA'!$N:$N,BOQ!BV$6,'[20]WorkDone DATA'!$G:$G,BOQ!$B188)*$G188","v":{"$error":"#VALUE!"}},{"$f":"SUMIFS('[20]WorkDone DATA'!$L:$L,'[20]WorkDone DATA'!$N:$N,BOQ!BW$6,'[20]WorkDone DATA'!$G:$G,BOQ!$B188)*$G188","v":{"$error":"#VALUE!"}},{"$f":"SUMIFS('[20]WorkDone DATA'!$L:$L,'[20]WorkDone DATA'!$N:$N,BOQ!BX$6,'[20]WorkDone DATA'!$G:$G,BOQ!$B188)*$G188","v":{"$error":"#VALUE!"}}]
[null,null,"185mm2 x 3 core (EXX03SCV) 6.35 kV/11kV ",{"$nulls":4},0,{"$nulls":3},{"$error":"#VALUE!"},{"$error":"#VALUE!"},null,0,{"$error":"#VALUE!"},null,{"$f":"SUMIFS('[20]WorkDone DATA'!$L:$L,'[20]WorkDone DATA'!$N:$N,BOQ!S$6,'[20]WorkDone DATA'!$G:$G,BOQ!$B189)","v":{"$error":"#VALUE!"}},{"$error":"#VALUE!"},{"$f":"SUMIFS('[20]WorkDone DATA'!$L:$L,'[20]WorkDone DATA'!$N:$N,BOQ!U$6,'[20]WorkDone DATA'!$G:$G,BOQ!$B189)","v":{"$error":"#VALUE!"}},{"$error":"#VALUE!"},null,{"$f":"SUMIFS('[20]WorkDone DATA'!$L:$L,'[20]WorkDone DATA'!$N:$N,BOQ!W$6,'[20]WorkDone DATA'!$G:$G,BOQ!$B189)*$G189","v":{"$error":"#VALUE!"}},null,{"$f":"SUMIFS('[20]WorkDone DATA'!$L:$L,'[20]WorkDone DATA'!$N:$N,BOQ!Y$6,'[20]WorkDone DATA'!$G:$G,BOQ!$B189)*$G189","v":{"$error":"#VALUE!"}},null,{"$f":"SUMIFS('[20]WorkDone DATA'!$L:$L,'[20]WorkDone DATA'!$N:$N,BOQ!AA$6,'[20]WorkDone DATA'!$G:$G,BOQ!$B189)*$G189","v":{"$error":"#VALUE!"}},{"$f":"SUMIFS('[20]WorkDone DATA'!$L:$L,'[20]WorkDone DATA'!$N:$N,BOQ!AB$6,'[20]WorkDone DATA'!$G:$G,BOQ!$B189)*$G189","v":{"$error":"#VALUE!"}},{"$f":"SUMIFS('[20]WorkDone DATA'!$L:$L,'[20]WorkDone DATA'!$N:$N,BOQ!AC$6,'[20]WorkDone DATA'!$G:$G,BOQ!$B189)*$G189","v":{"$error":"#VALUE!"}},{"$f":"SUMIFS('[20]WorkDone DATA'!$L:$L,'[20]WorkDone DATA'!$N:$N,BOQ!AD$6,'[20]WorkDone DATA'!$G:$G,BOQ!$B189)*$G189","v":{"$error":"#VALUE!"}},{"$f":"SUMIFS('[20]WorkDone DATA'!$L:$L,'[20]WorkDone DATA'!$N:$N,BOQ!AE$6,'[20]WorkDone DATA'!$G:$G,BOQ!$B189)*$G189","v":{"$error":"#VALUE!"}},{"$f":"SUMIFS('[20]WorkDone DATA'!$L:$L,'[20]WorkDone DATA'!$N:$N,BOQ!AF$6,'[20]WorkDone DATA'!$G:$G,BOQ!$B189)*$G189","v":{"$error":"#VALUE!"}},{"$f":"SUMIFS('[20]WorkDone DATA'!$L:$L,'[20]WorkDone DATA'!$N:$N,BOQ!AG$6,'[20]WorkDone DATA'!$G:$G,BOQ!$B189)*$G189","v":{"$error":"#VALUE!"}},{"$f":"SUMIFS('[20]WorkDone DATA'!$L:$L,'[20]WorkDone DATA'!$N:$N,BOQ!AH$6,'[20]WorkDone DATA'!$G:$G,BOQ!$B189)*$G189","v":{"$error":"#VALUE!"}},{"$f":"SUMIFS('[20]WorkDone DATA'!$L:$L,'[20]WorkDone DATA'!$N:$N,BOQ!AI$6,'[20]WorkDone DATA'!$G:$G,BOQ!$B189)*$G189","v":{"$error":"#VALUE!"}},{"$f":"SUMIFS('[20]WorkDone DATA'!$L:$L,'[20]WorkDone DATA'!$N:$N,BOQ!AJ$6,'[20]WorkDone DATA'!$G:$G,BOQ!$B189)*$G189","v":{"$error":"#VALUE!"}},{"$f":"SUMIFS('[20]WorkDone DATA'!$L:$L,'[20]WorkDone DATA'!$N:$N,BOQ!AK$6,'[20]WorkDone DATA'!$G:$G,BOQ!$B189)*$G189","v":{"$error":"#VALUE!"}},{"$f":"SUMIFS('[20]WorkDone DATA'!$L:$L,'[20]WorkDone DATA'!$N:$N,BOQ!AL$6,'[20]WorkDone DATA'!$G:$G,BOQ!$B189)*$G189","v":{"$error":"#VALUE!"}},{"$f":"SUMIFS('[20]WorkDone DATA'!$L:$L,'[20]WorkDone DATA'!$N:$N,BOQ!AM$6,'[20]WorkDone DATA'!$G:$G,BOQ!$B189)*$G189","v":{"$error":"#VALUE!"}},{"$f":"SUMIFS('[20]WorkDone DATA'!$L:$L,'[20]WorkDone DATA'!$N:$N,BOQ!AN$6,'[20]WorkDone DATA'!$G:$G,BOQ!$B189)*$G189","v":{"$error":"#VALUE!"}},{"$f":"SUMIFS('[20]WorkDone DATA'!$L:$L,'[20]WorkDone DATA'!$N:$N,BOQ!AO$6,'[20]WorkDone DATA'!$G:$G,BOQ!$B189)*$G189","v":{"$error":"#VALUE!"}},{"$f":"SUMIFS('[20]WorkDone DATA'!$L:$L,'[20]WorkDone DATA'!$N:$N,BOQ!AP$6,'[20]WorkDone DATA'!$G:$G,BOQ!$B189)*$G189","v":{"$error":"#VALUE!"}},{"$f":"SUMIFS('[20]WorkDone DATA'!$L:$L,'[20]WorkDone DATA'!$N:$N,BOQ!AQ$6,'[20]WorkDone DATA'!$G:$G,BOQ!$B189)*$G189","v":{"$error":"#VALUE!"}},{"$f":"SUMIFS('[20]WorkDone DATA'!$L:$L,'[20]WorkDone DATA'!$N:$N,BOQ!AR$6,'[20]WorkDone DATA'!$G:$G,BOQ!$B189)*$G189","v":{"$error":"#VALUE!"}},{"$f":"SUMIFS('[20]WorkDone DATA'!$L:$L,'[20]WorkDone DATA'!$N:$N,BOQ!AS$6,'[20]WorkDone DATA'!$G:$G,BOQ!$B189)*$G189","v":{"$error":"#VALUE!"}},{"$f":"SUMIFS('[20]WorkDone DATA'!$L:$L,'[20]WorkDone DATA'!$N:$N,BOQ!AT$6,'[20]WorkDone DATA'!$G:$G,BOQ!$B189)*$G189","v":{"$error":"#VALUE!"}},{"$f":"SUMIFS('[20]WorkDone DATA'!$L:$L,'[20]WorkDone DATA'!$N:$N,BOQ!AU$6,'[20]WorkDone DATA'!$G:$G,BOQ!$B189)*$G189","v":{"$error":"#VALUE!"}},{"$f":"SUMIFS('[20]WorkDone DATA'!$L:$L,'[20]WorkDone DATA'!$N:$N,BOQ!AV$6,'[20]WorkDone DATA'!$G:$G,BOQ!$B189)*$G189","v":{"$error":"#VALUE!"}},{"$f":"SUMIFS('[20]WorkDone DATA'!$L:$L,'[20]WorkDone DATA'!$N:$N,BOQ!AW$6,'[20]WorkDone DATA'!$G:$G,BOQ!$B189)*$G189","v":{"$error":"#VALUE!"}},{"$f":"SUMIFS('[20]WorkDone DATA'!$L:$L,'[20]WorkDone DATA'!$N:$N,BOQ!AX$6,'[20]WorkDone DATA'!$G:$G,BOQ!$B189)*$G189","v":{"$error":"#VALUE!"}},{"$f":"SUMIFS('[20]WorkDone DATA'!$L:$L,'[20]WorkDone DATA'!$N:$N,BOQ!AY$6,'[20]WorkDone DATA'!$G:$G,BOQ!$B189)*$G189","v":{"$error":"#VALUE!"}},{"$f":"SUMIFS('[20]WorkDone DATA'!$L:$L,'[20]WorkDone DATA'!$N:$N,BOQ!AZ$6,'[20]WorkDone DATA'!$G:$G,BOQ!$B189)*$G189","v":{"$error":"#VALUE!"}},{"$f":"SUMIFS('[20]WorkDone DATA'!$L:$L,'[20]WorkDone DATA'!$N:$N,BOQ!BA$6,'[20]WorkDone DATA'!$G:$G,BOQ!$B189)*$G189","v":{"$error":"#VALUE!"}},{"$f":"SUMIFS('[20]WorkDone DATA'!$L:$L,'[20]WorkDone DATA'!$N:$N,BOQ!BB$6,'[20]WorkDone DATA'!$G:$G,BOQ!$B189)*$G189","v":{"$error":"#VALUE!"}},{"$f":"SUMIFS('[20]WorkDone DATA'!$L:$L,'[20]WorkDone DATA'!$N:$N,BOQ!BC$6,'[20]WorkDone DATA'!$G:$G,BOQ!$B189)*$G189","v":{"$error":"#VALUE!"}},{"$f":"SUMIFS('[20]WorkDone DATA'!$L:$L,'[20]WorkDone DATA'!$N:$N,BOQ!BD$6,'[20]WorkDone DATA'!$G:$G,BOQ!$B189)*$G189","v":{"$error":"#VALUE!"}},{"$f":"SUMIFS('[20]WorkDone DATA'!$L:$L,'[20]WorkDone DATA'!$N:$N,BOQ!BE$6,'[20]WorkDone DATA'!$G:$G,BOQ!$B189)*$G189","v":{"$error":"#VALUE!"}},{"$f":"SUMIFS('[20]WorkDone DATA'!$L:$L,'[20]WorkDone DATA'!$N:$N,BOQ!BF$6,'[20]WorkDone DATA'!$G:$G,BOQ!$B189)*$G189","v":{"$error":"#VALUE!"}},{"$f":"SUMIFS('[20]WorkDone DATA'!$L:$L,'[20]WorkDone DATA'!$N:$N,BOQ!BG$6,'[20]WorkDone DATA'!$G:$G,BOQ!$B189)*$G189","v":{"$error":"#VALUE!"}},{"$f":"SUMIFS('[20]WorkDone DATA'!$L:$L,'[20]WorkDone DATA'!$N:$N,BOQ!BH$6,'[20]WorkDone DATA'!$G:$G,BOQ!$B189)*$G189","v":{"$error":"#VALUE!"}},{"$f":"SUMIFS('[20]WorkDone DATA'!$L:$L,'[20]WorkDone DATA'!$N:$N,BOQ!BI$6,'[20]WorkDone DATA'!$G:$G,BOQ!$B189)*$G189","v":{"$error":"#VALUE!"}},{"$f":"SUMIFS('[20]WorkDone DATA'!$L:$L,'[20]WorkDone DATA'!$N:$N,BOQ!BJ$6,'[20]WorkDone DATA'!$G:$G,BOQ!$B189)*$G189","v":{"$error":"#VALUE!"}},{"$f":"SUMIFS('[20]WorkDone DATA'!$L:$L,'[20]WorkDone DATA'!$N:$N,BOQ!BK$6,'[20]WorkDone DATA'!$G:$G,BOQ!$B189)*$G189","v":{"$error":"#VALUE!"}},{"$f":"SUMIFS('[20]WorkDone DATA'!$L:$L,'[20]WorkDone DATA'!$N:$N,BOQ!BL$6,'[20]WorkDone DATA'!$G:$G,BOQ!$B189)*$G189","v":{"$error":"#VALUE!"}},{"$f":"SUMIFS('[20]WorkDone DATA'!$L:$L,'[20]WorkDone DATA'!$N:$N,BOQ!BM$6,'[20]WorkDone DATA'!$G:$G,BOQ!$B189)*$G189","v":{"$error":"#VALUE!"}},{"$f":"SUMIFS('[20]WorkDone DATA'!$L:$L,'[20]WorkDone DATA'!$N:$N,BOQ!BN$6,'[20]WorkDone DATA'!$G:$G,BOQ!$B189)*$G189","v":{"$error":"#VALUE!"}},{"$f":"SUMIFS('[20]WorkDone DATA'!$L:$L,'[20]WorkDone DATA'!$N:$N,BOQ!BO$6,'[20]WorkDone DATA'!$G:$G,BOQ!$B189)*$G189","v":{"$error":"#VALUE!"}},{"$f":"SUMIFS('[20]WorkDone DATA'!$L:$L,'[20]WorkDone DATA'!$N:$N,BOQ!BP$6,'[20]WorkDone DATA'!$G:$G,BOQ!$B189)*$G189","v":{"$error":"#VALUE!"}},{"$f":"SUMIFS('[20]WorkDone DATA'!$L:$L,'[20]WorkDone DATA'!$N:$N,BOQ!BQ$6,'[20]WorkDone DATA'!$G:$G,BOQ!$B189)*$G189","v":{"$error":"#VALUE!"}},{"$f":"SUMIFS('[20]WorkDone DATA'!$L:$L,'[20]WorkDone DATA'!$N:$N,BOQ!BR$6,'[20]WorkDone DATA'!$G:$G,BOQ!$B189)*$G189","v":{"$error":"#VALUE!"}},{"$f":"SUMIFS('[20]WorkDone DATA'!$L:$L,'[20]WorkDone DATA'!$N:$N,BOQ!BS$6,'[20]WorkDone DATA'!$G:$G,BOQ!$B189)*$G189","v":{"$error":"#VALUE!"}},{"$f":"SUMIFS('[20]WorkDone DATA'!$L:$L,'[20]WorkDone DATA'!$N:$N,BOQ!BT$6,'[20]WorkDone DATA'!$G:$G,BOQ!$B189)*$G189","v":{"$error":"#VALUE!"}},{"$f":"SUMIFS('[20]WorkDone DATA'!$L:$L,'[20]WorkDone DATA'!$N:$N,BOQ!BU$6,'[20]WorkDone DATA'!$G:$G,BOQ!$B189)*$G189","v":{"$error":"#VALUE!"}},{"$f":"SUMIFS('[20]WorkDone DATA'!$L:$L,'[20]WorkDone DATA'!$N:$N,BOQ!BV$6,'[20]WorkDone DATA'!$G:$G,BOQ!$B189)*$G189","v":{"$error":"#VALUE!"}},{"$f":"SUMIFS('[20]WorkDone DATA'!$L:$L,'[20]WorkDone DATA'!$N:$N,BOQ!BW$6,'[20]WorkDone DATA'!$G:$G,BOQ!$B189)*$G189","v":{"$error":"#VALUE!"}},{"$f":"SUMIFS('[20]WorkDone DATA'!$L:$L,'[20]WorkDone DATA'!$N:$N,BOQ!BX$6,'[20]WorkDone DATA'!$G:$G,BOQ!$B189)*$G189","v":{"$error":"#VALUE!"}}]
[{"$f":"C189","v":"185mm2 x 3 core (EXX03SCV) 6.35 kV/11kV "},2.093,"Supply","E","each",12,{"v":6399.85,"d":"6,399.85"},{"v":76798.20000000001,"d":"76,798.20"},null,null,{"$error":"#VALUE!"},{"$error":"#VALUE!"},{"$error":"#VALUE!"},null,{"$error":"#VALUE!"},{"$error":"#VALUE!"},null,{"$f":"SUMIFS('[20]WorkDone DATA'!$L:$L,'[20]WorkDone DATA'!$N:$N,BOQ!S$6,'[20]WorkDone DATA'!$G:$G,BOQ!$B190)","v":{"$error":"#VALUE!"}},{"$error":"#VALUE!"},{"$f":"SUMIFS('[20]WorkDone DATA'!$L:$L,'[20]WorkDone DATA'!$N:$N,BOQ!U$6,'[20]WorkDone DATA'!$G:$G,BOQ!$B190)","v":{"$error":"#VALUE!"}},{"$error":"#VALUE!"},null,{"$f":"SUMIFS('[20]WorkDone DATA'!$L:$L,'[20]WorkDone DATA'!$N:$N,BOQ!W$6,'[20]WorkDone DATA'!$G:$G,BOQ!$B190)*$G190","v":{"$error":"#VALUE!"}},null,{"$f":"SUMIFS('[20]WorkDone DATA'!$L:$L,'[20]WorkDone DATA'!$N:$N,BOQ!Y$6,'[20]WorkDone DATA'!$G:$G,BOQ!$B190)*$G190","v":{"$error":"#VALUE!"}},null,{"$f":"SUMIFS('[20]WorkDone DATA'!$L:$L,'[20]WorkDone DATA'!$N:$N,BOQ!AA$6,'[20]WorkDone DATA'!$G:$G,BOQ!$B190)*$G190","v":{"$error":"#VALUE!"}},{"$f":"SUMIFS('[20]WorkDone DATA'!$L:$L,'[20]WorkDone DATA'!$N:$N,BOQ!AB$6,'[20]WorkDone DATA'!$G:$G,BOQ!$B190)*$G190","v":{"$error":"#VALUE!"}},{"$f":"SUMIFS('[20]WorkDone DATA'!$L:$L,'[20]WorkDone DATA'!$N:$N,BOQ!AC$6,'[20]WorkDone DATA'!$G:$G,BOQ!$B190)*$G190","v":{"$error":"#VALUE!"}},{"$f":"SUMIFS('[20]WorkDone DATA'!$L:$L,'[20]WorkDone DATA'!$N:$N,BOQ!AD$6,'[20]WorkDone DATA'!$G:$G,BOQ!$B190)*$G190","v":{"$error":"#VALUE!"}},{"$f":"SUMIFS('[20]WorkDone DATA'!$L:$L,'[20]WorkDone DATA'!$N:$N,BOQ!AE$6,'[20]WorkDone DATA'!$G:$G,BOQ!$B190)*$G190","v":{"$error":"#VALUE!"}},{"$f":"SUMIFS('[20]WorkDone DATA'!$L:$L,'[20]WorkDone DATA'!$N:$N,BOQ!AF$6,'[20]WorkDone DATA'!$G:$G,BOQ!$B190)*$G190","v":{"$error":"#VALUE!"}},{"$f":"SUMIFS('[20]WorkDone DATA'!$L:$L,'[20]WorkDone DATA'!$N:$N,BOQ!AG$6,'[20]WorkDone DATA'!$G:$G,BOQ!$B190)*$G190","v":{"$error":"#VALUE!"}},{"$f":"SUMIFS('[20]WorkDone DATA'!$L:$L,'[20]WorkDone DATA'!$N:$N,BOQ!AH$6,'[20]WorkDone DATA'!$G:$G,BOQ!$B190)*$G190","v":{"$error":"#VALUE!"}},{"$f":"SUMIFS('[20]WorkDone DATA'!$L:$L,'[20]WorkDone DATA'!$N:$N,BOQ!AI$6,'[20]WorkDone DATA'!$G:$G,BOQ!$B190)*$G190","v":{"$error":"#VALUE!"}},{"$f":"SUMIFS('[20]WorkDone DATA'!$L:$L,'[20]WorkDone DATA'!$N:$N,BOQ!AJ$6,'[20]WorkDone DATA'!$G:$G,BOQ!$B190)*$G190","v":{"$error":"#VALUE!"}},{"$f":"SUMIFS('[20]WorkDone DATA'!$L:$L,'[20]WorkDone DATA'!$N:$N,BOQ!AK$6,'[20]WorkDone DATA'!$G:$G,BOQ!$B190)*$G190","v":{"$error":"#VALUE!"}},{"$f":"SUMIFS('[20]WorkDone DATA'!$L:$L,'[20]WorkDone DATA'!$N:$N,BOQ!AL$6,'[20]WorkDone DATA'!$G:$G,BOQ!$B190)*$G190","v":{"$error":"#VALUE!"}},{"$f":"SUMIFS('[20]WorkDone DATA'!$L:$L,'[20]WorkDone DATA'!$N:$N,BOQ!AM$6,'[20]WorkDone DATA'!$G:$G,BOQ!$B190)*$G190","v":{"$error":"#VALUE!"}},{"$f":"SUMIFS('[20]WorkDone DATA'!$L:$L,'[20]WorkDone DATA'!$N:$N,BOQ!AN$6,'[20]WorkDone DATA'!$G:$G,BOQ!$B190)*$G190","v":{"$error":"#VALUE!"}},{"$f":"SUMIFS('[20]WorkDone DATA'!$L:$L,'[20]WorkDone DATA'!$N:$N,BOQ!AO$6,'[20]WorkDone DATA'!$G:$G,BOQ!$B190)*$G190","v":{"$error":"#VALUE!"}},{"$f":"SUMIFS('[20]WorkDone DATA'!$L:$L,'[20]WorkDone DATA'!$N:$N,BOQ!AP$6,'[20]WorkDone DATA'!$G:$G,BOQ!$B190)*$G190","v":{"$error":"#VALUE!"}},{"$f":"SUMIFS('[20]WorkDone DATA'!$L:$L,'[20]WorkDone DATA'!$N:$N,BOQ!AQ$6,'[20]WorkDone DATA'!$G:$G,BOQ!$B190)*$G190","v":{"$error":"#VALUE!"}},{"$f":"SUMIFS('[20]WorkDone DATA'!$L:$L,'[20]WorkDone DATA'!$N:$N,BOQ!AR$6,'[20]WorkDone DATA'!$G:$G,BOQ!$B190)*$G190","v":{"$error":"#VALUE!"}},{"$f":"SUMIFS('[20]WorkDone DATA'!$L:$L,'[20]WorkDone DATA'!$N:$N,BOQ!AS$6,'[20]WorkDone DATA'!$G:$G,BOQ!$B190)*$G190","v":{"$error":"#VALUE!"}},{"$f":"SUMIFS('[20]WorkDone DATA'!$L:$L,'[20]WorkDone DATA'!$N:$N,BOQ!AT$6,'[20]WorkDone DATA'!$G:$G,BOQ!$B190)*$G190","v":{"$error":"#VALUE!"}},{"$f":"SUMIFS('[20]WorkDone DATA'!$L:$L,'[20]WorkDone DATA'!$N:$N,BOQ!AU$6,'[20]WorkDone DATA'!$G:$G,BOQ!$B190)*$G190","v":{"$error":"#VALUE!"}},{"$f":"SUMIFS('[20]WorkDone DATA'!$L:$L,'[20]WorkDone DATA'!$N:$N,BOQ!AV$6,'[20]WorkDone DATA'!$G:$G,BOQ!$B190)*$G190","v":{"$error":"#VALUE!"}},{"$f":"SUMIFS('[20]WorkDone DATA'!$L:$L,'[20]WorkDone DATA'!$N:$N,BOQ!AW$6,'[20]WorkDone DATA'!$G:$G,BOQ!$B190)*$G190","v":{"$error":"#VALUE!"}},{"$f":"SUMIFS('[20]WorkDone DATA'!$L:$L,'[20]WorkDone DATA'!$N:$N,BOQ!AX$6,'[20]WorkDone DATA'!$G:$G,BOQ!$B190)*$G190","v":{"$error":"#VALUE!"}},{"$f":"SUMIFS('[20]WorkDone DATA'!$L:$L,'[20]WorkDone DATA'!$N:$N,BOQ!AY$6,'[20]WorkDone DATA'!$G:$G,BOQ!$B190)*$G190","v":{"$error":"#VALUE!"}},{"$f":"SUMIFS('[20]WorkDone DATA'!$L:$L,'[20]WorkDone DATA'!$N:$N,BOQ!AZ$6,'[20]WorkDone DATA'!$G:$G,BOQ!$B190)*$G190","v":{"$error":"#VALUE!"}},{"$f":"SUMIFS('[20]WorkDone DATA'!$L:$L,'[20]WorkDone DATA'!$N:$N,BOQ!BA$6,'[20]WorkDone DATA'!$G:$G,BOQ!$B190)*$G190","v":{"$error":"#VALUE!"}},{"$f":"SUMIFS('[20]WorkDone DATA'!$L:$L,'[20]WorkDone DATA'!$N:$N,BOQ!BB$6,'[20]WorkDone DATA'!$G:$G,BOQ!$B190)*$G190","v":{"$error":"#VALUE!"}},{"$f":"SUMIFS('[20]WorkDone DATA'!$L:$L,'[20]WorkDone DATA'!$N:$N,BOQ!BC$6,'[20]WorkDone DATA'!$G:$G,BOQ!$B190)*$G190","v":{"$error":"#VALUE!"}},{"$f":"SUMIFS('[20]WorkDone DATA'!$L:$L,'[20]WorkDone DATA'!$N:$N,BOQ!BD$6,'[20]WorkDone DATA'!$G:$G,BOQ!$B190)*$G190","v":{"$error":"#VALUE!"}},{"$f":"SUMIFS('[20]WorkDone DATA'!$L:$L,'[20]WorkDone DATA'!$N:$N,BOQ!BE$6,'[20]WorkDone DATA'!$G:$G,BOQ!$B190)*$G190","v":{"$error":"#VALUE!"}},{"$f":"SUMIFS('[20]WorkDone DATA'!$L:$L,'[20]WorkDone DATA'!$N:$N,BOQ!BF$6,'[20]WorkDone DATA'!$G:$G,BOQ!$B190)*$G190","v":{"$error":"#VALUE!"}},{"$f":"SUMIFS('[20]WorkDone DATA'!$L:$L,'[20]WorkDone DATA'!$N:$N,BOQ!BG$6,'[20]WorkDone DATA'!$G:$G,BOQ!$B190)*$G190","v":{"$error":"#VALUE!"}},{"$f":"SUMIFS('[20]WorkDone DATA'!$L:$L,'[20]WorkDone DATA'!$N:$N,BOQ!BH$6,'[20]WorkDone DATA'!$G:$G,BOQ!$B190)*$G190","v":{"$error":"#VALUE!"}},{"$f":"SUMIFS('[20]WorkDone DATA'!$L:$L,'[20]WorkDone DATA'!$N:$N,BOQ!BI$6,'[20]WorkDone DATA'!$G:$G,BOQ!$B190)*$G190","v":{"$error":"#VALUE!"}},{"$f":"SUMIFS('[20]WorkDone DATA'!$L:$L,'[20]WorkDone DATA'!$N:$N,BOQ!BJ$6,'[20]WorkDone DATA'!$G:$G,BOQ!$B190)*$G190","v":{"$error":"#VALUE!"}},{"$f":"SUMIFS('[20]WorkDone DATA'!$L:$L,'[20]WorkDone DATA'!$N:$N,BOQ!BK$6,'[20]WorkDone DATA'!$G:$G,BOQ!$B190)*$G190","v":{"$error":"#VALUE!"}},{"$f":"SUMIFS('[20]WorkDone DATA'!$L:$L,'[20]WorkDone DATA'!$N:$N,BOQ!BL$6,'[20]WorkDone DATA'!$G:$G,BOQ!$B190)*$G190","v":{"$error":"#VALUE!"}},{"$f":"SUMIFS('[20]WorkDone DATA'!$L:$L,'[20]WorkDone DATA'!$N:$N,BOQ!BM$6,'[20]WorkDone DATA'!$G:$G,BOQ!$B190)*$G190","v":{"$error":"#VALUE!"}},{"$f":"SUMIFS('[20]WorkDone DATA'!$L:$L,'[20]WorkDone DATA'!$N:$N,BOQ!BN$6,'[20]WorkDone DATA'!$G:$G,BOQ!$B190)*$G190","v":{"$error":"#VALUE!"}},{"$f":"SUMIFS('[20]WorkDone DATA'!$L:$L,'[20]WorkDone DATA'!$N:$N,BOQ!BO$6,'[20]WorkDone DATA'!$G:$G,BOQ!$B190)*$G190","v":{"$error":"#VALUE!"}},{"$f":"SUMIFS('[20]WorkDone DATA'!$L:$L,'[20]WorkDone DATA'!$N:$N,BOQ!BP$6,'[20]WorkDone DATA'!$G:$G,BOQ!$B190)*$G190","v":{"$error":"#VALUE!"}},{"$f":"SUMIFS('[20]WorkDone DATA'!$L:$L,'[20]WorkDone DATA'!$N:$N,BOQ!BQ$6,'[20]WorkDone DATA'!$G:$G,BOQ!$B190)*$G190","v":{"$error":"#VALUE!"}},{"$f":"SUMIFS('[20]WorkDone DATA'!$L:$L,'[20]WorkDone DATA'!$N:$N,BOQ!BR$6,'[20]WorkDone DATA'!$G:$G,BOQ!$B190)*$G190","v":{"$error":"#VALUE!"}},{"$f":"SUMIFS('[20]WorkDone DATA'!$L:$L,'[20]WorkDone DATA'!$N:$N,BOQ!BS$6,'[20]WorkDone DATA'!$G:$G,BOQ!$B190)*$G190","v":{"$error":"#VALUE!"}},{"$f":"SUMIFS('[20]WorkDone DATA'!$L:$L,'[20]WorkDone DATA'!$N:$N,BOQ!BT$6,'[20]WorkDone DATA'!$G:$G,BOQ!$B190)*$G190","v":{"$error":"#VALUE!"}},{"$f":"SUMIFS('[20]WorkDone DATA'!$L:$L,'[20]WorkDone DATA'!$N:$N,BOQ!BU$6,'[20]WorkDone DATA'!$G:$G,BOQ!$B190)*$G190","v":{"$error":"#VALUE!"}},{"$f":"SUMIFS('[20]WorkDone DATA'!$L:$L,'[20]WorkDone DATA'!$N:$N,BOQ!BV$6,'[20]WorkDone DATA'!$G:$G,BOQ!$B190)*$G190","v":{"$error":"#VALUE!"}},{"$f":"SUMIFS('[20]WorkDone DATA'!$L:$L,'[20]WorkDone DATA'!$N:$N,BOQ!BW$6,'[20]WorkDone DATA'!$G:$G,BOQ!$B190)*$G190","v":{"$error":"#VALUE!"}},{"$f":"SUMIFS('[20]WorkDone DATA'!$L:$L,'[20]WorkDone DATA'!$N:$N,BOQ!BX$6,'[20]WorkDone DATA'!$G:$G,BOQ!$B190)*$G190","v":{"$error":"#VALUE!"}}]
[{"$f":"C189","v":"185mm2 x 3 core (EXX03SCV) 6.35 kV/11kV "},2.094,"Installation","A","each",12,{"v":2787.62,"d":"2,787.62"},{"v":33451.44,"d":"33,451.44"},null,null,{"$error":"#VALUE!"},{"$error":"#VALUE!"},{"$error":"#VALUE!"},null,{"$error":"#VALUE!"},{"$error":"#VALUE!"},null,{"$f":"SUMIFS('[20]WorkDone DATA'!$L:$L,'[20]WorkDone DATA'!$N:$N,BOQ!S$6,'[20]WorkDone DATA'!$G:$G,BOQ!$B191)","v":{"$error":"#VALUE!"}},{"$error":"#VALUE!"},{"$f":"SUMIFS('[20]WorkDone DATA'!$L:$L,'[20]WorkDone DATA'!$N:$N,BOQ!U$6,'[20]WorkDone DATA'!$G:$G,BOQ!$B191)","v":{"$error":"#VALUE!"}},{"$error":"#VALUE!"},null,{"$f":"SUMIFS('[20]WorkDone DATA'!$L:$L,'[20]WorkDone DATA'!$N:$N,BOQ!W$6,'[20]WorkDone DATA'!$G:$G,BOQ!$B191)*$G191","v":{"$error":"#VALUE!"}},null,{"$f":"SUMIFS('[20]WorkDone DATA'!$L:$L,'[20]WorkDone DATA'!$N:$N,BOQ!Y$6,'[20]WorkDone DATA'!$G:$G,BOQ!$B191)*$G191","v":{"$error":"#VALUE!"}},null,{"$f":"SUMIFS('[20]WorkDone DATA'!$L:$L,'[20]WorkDone DATA'!$N:$N,BOQ!AA$6,'[20]WorkDone DATA'!$G:$G,BOQ!$B191)*$G191","v":{"$error":"#VALUE!"}},{"$f":"SUMIFS('[20]WorkDone DATA'!$L:$L,'[20]WorkDone DATA'!$N:$N,BOQ!AB$6,'[20]WorkDone DATA'!$G:$G,BOQ!$B191)*$G191","v":{"$error":"#VALUE!"}},{"$f":"SUMIFS('[20]WorkDone DATA'!$L:$L,'[20]WorkDone DATA'!$N:$N,BOQ!AC$6,'[20]WorkDone DATA'!$G:$G,BOQ!$B191)*$G191","v":{"$error":"#VALUE!"}},{"$f":"SUMIFS('[20]WorkDone DATA'!$L:$L,'[20]WorkDone DATA'!$N:$N,BOQ!AD$6,'[20]WorkDone DATA'!$G:$G,BOQ!$B191)*$G191","v":{"$error":"#VALUE!"}},{"$f":"SUMIFS('[20]WorkDone DATA'!$L:$L,'[20]WorkDone DATA'!$N:$N,BOQ!AE$6,'[20]WorkDone DATA'!$G:$G,BOQ!$B191)*$G191","v":{"$error":"#VALUE!"}},{"$f":"SUMIFS('[20]WorkDone DATA'!$L:$L,'[20]WorkDone DATA'!$N:$N,BOQ!AF$6,'[20]WorkDone DATA'!$G:$G,BOQ!$B191)*$G191","v":{"$error":"#VALUE!"}},{"$f":"SUMIFS('[20]WorkDone DATA'!$L:$L,'[20]WorkDone DATA'!$N:$N,BOQ!AG$6,'[20]WorkDone DATA'!$G:$G,BOQ!$B191)*$G191","v":{"$error":"#VALUE!"}},{"$f":"SUMIFS('[20]WorkDone DATA'!$L:$L,'[20]WorkDone DATA'!$N:$N,BOQ!AH$6,'[20]WorkDone DATA'!$G:$G,BOQ!$B191)*$G191","v":{"$error":"#VALUE!"}},{"$f":"SUMIFS('[20]WorkDone DATA'!$L:$L,'[20]WorkDone DATA'!$N:$N,BOQ!AI$6,'[20]WorkDone DATA'!$G:$G,BOQ!$B191)*$G191","v":{"$error":"#VALUE!"}},{"$f":"SUMIFS('[20]WorkDone DATA'!$L:$L,'[20]WorkDone DATA'!$N:$N,BOQ!AJ$6,'[20]WorkDone DATA'!$G:$G,BOQ!$B191)*$G191","v":{"$error":"#VALUE!"}},{"$f":"SUMIFS('[20]WorkDone DATA'!$L:$L,'[20]WorkDone DATA'!$N:$N,BOQ!AK$6,'[20]WorkDone DATA'!$G:$G,BOQ!$B191)*$G191","v":{"$error":"#VALUE!"}},{"$f":"SUMIFS('[20]WorkDone DATA'!$L:$L,'[20]WorkDone DATA'!$N:$N,BOQ!AL$6,'[20]WorkDone DATA'!$G:$G,BOQ!$B191)*$G191","v":{"$error":"#VALUE!"}},{"$f":"SUMIFS('[20]WorkDone DATA'!$L:$L,'[20]WorkDone DATA'!$N:$N,BOQ!AM$6,'[20]WorkDone DATA'!$G:$G,BOQ!$B191)*$G191","v":{"$error":"#VALUE!"}},{"$f":"SUMIFS('[20]WorkDone DATA'!$L:$L,'[20]WorkDone DATA'!$N:$N,BOQ!AN$6,'[20]WorkDone DATA'!$G:$G,BOQ!$B191)*$G191","v":{"$error":"#VALUE!"}},{"$f":"SUMIFS('[20]WorkDone DATA'!$L:$L,'[20]WorkDone DATA'!$N:$N,BOQ!AO$6,'[20]WorkDone DATA'!$G:$G,BOQ!$B191)*$G191","v":{"$error":"#VALUE!"}},{"$f":"SUMIFS('[20]WorkDone DATA'!$L:$L,'[20]WorkDone DATA'!$N:$N,BOQ!AP$6,'[20]WorkDone DATA'!$G:$G,BOQ!$B191)*$G191","v":{"$error":"#VALUE!"}},{"$f":"SUMIFS('[20]WorkDone DATA'!$L:$L,'[20]WorkDone DATA'!$N:$N,BOQ!AQ$6,'[20]WorkDone DATA'!$G:$G,BOQ!$B191)*$G191","v":{"$error":"#VALUE!"}},{"$f":"SUMIFS('[20]WorkDone DATA'!$L:$L,'[20]WorkDone DATA'!$N:$N,BOQ!AR$6,'[20]WorkDone DATA'!$G:$G,BOQ!$B191)*$G191","v":{"$error":"#VALUE!"}},{"$f":"SUMIFS('[20]WorkDone DATA'!$L:$L,'[20]WorkDone DATA'!$N:$N,BOQ!AS$6,'[20]WorkDone DATA'!$G:$G,BOQ!$B191)*$G191","v":{"$error":"#VALUE!"}},{"$f":"SUMIFS('[20]WorkDone DATA'!$L:$L,'[20]WorkDone DATA'!$N:$N,BOQ!AT$6,'[20]WorkDone DATA'!$G:$G,BOQ!$B191)*$G191","v":{"$error":"#VALUE!"}},{"$f":"SUMIFS('[20]WorkDone DATA'!$L:$L,'[20]WorkDone DATA'!$N:$N,BOQ!AU$6,'[20]WorkDone DATA'!$G:$G,BOQ!$B191)*$G191","v":{"$error":"#VALUE!"}},{"$f":"SUMIFS('[20]WorkDone DATA'!$L:$L,'[20]WorkDone DATA'!$N:$N,BOQ!AV$6,'[20]WorkDone DATA'!$G:$G,BOQ!$B191)*$G191","v":{"$error":"#VALUE!"}},{"$f":"SUMIFS('[20]WorkDone DATA'!$L:$L,'[20]WorkDone DATA'!$N:$N,BOQ!AW$6,'[20]WorkDone DATA'!$G:$G,BOQ!$B191)*$G191","v":{"$error":"#VALUE!"}},{"$f":"SUMIFS('[20]WorkDone DATA'!$L:$L,'[20]WorkDone DATA'!$N:$N,BOQ!AX$6,'[20]WorkDone DATA'!$G:$G,BOQ!$B191)*$G191","v":{"$error":"#VALUE!"}},{"$f":"SUMIFS('[20]WorkDone DATA'!$L:$L,'[20]WorkDone DATA'!$N:$N,BOQ!AY$6,'[20]WorkDone DATA'!$G:$G,BOQ!$B191)*$G191","v":{"$error":"#VALUE!"}},{"$f":"SUMIFS('[20]WorkDone DATA'!$L:$L,'[20]WorkDone DATA'!$N:$N,BOQ!AZ$6,'[20]WorkDone DATA'!$G:$G,BOQ!$B191)*$G191","v":{"$error":"#VALUE!"}},{"$f":"SUMIFS('[20]WorkDone DATA'!$L:$L,'[20]WorkDone DATA'!$N:$N,BOQ!BA$6,'[20]WorkDone DATA'!$G:$G,BOQ!$B191)*$G191","v":{"$error":"#VALUE!"}},{"$f":"SUMIFS('[20]WorkDone DATA'!$L:$L,'[20]WorkDone DATA'!$N:$N,BOQ!BB$6,'[20]WorkDone DATA'!$G:$G,BOQ!$B191)*$G191","v":{"$error":"#VALUE!"}},{"$f":"SUMIFS('[20]WorkDone DATA'!$L:$L,'[20]WorkDone DATA'!$N:$N,BOQ!BC$6,'[20]WorkDone DATA'!$G:$G,BOQ!$B191)*$G191","v":{"$error":"#VALUE!"}},{"$f":"SUMIFS('[20]WorkDone DATA'!$L:$L,'[20]WorkDone DATA'!$N:$N,BOQ!BD$6,'[20]WorkDone DATA'!$G:$G,BOQ!$B191)*$G191","v":{"$error":"#VALUE!"}},{"$f":"SUMIFS('[20]WorkDone DATA'!$L:$L,'[20]WorkDone DATA'!$N:$N,BOQ!BE$6,'[20]WorkDone DATA'!$G:$G,BOQ!$B191)*$G191","v":{"$error":"#VALUE!"}},{"$f":"SUMIFS('[20]WorkDone DATA'!$L:$L,'[20]WorkDone DATA'!$N:$N,BOQ!BF$6,'[20]WorkDone DATA'!$G:$G,BOQ!$B191)*$G191","v":{"$error":"#VALUE!"}},{"$f":"SUMIFS('[20]WorkDone DATA'!$L:$L,'[20]WorkDone DATA'!$N:$N,BOQ!BG$6,'[20]WorkDone DATA'!$G:$G,BOQ!$B191)*$G191","v":{"$error":"#VALUE!"}},{"$f":"SUMIFS('[20]WorkDone DATA'!$L:$L,'[20]WorkDone DATA'!$N:$N,BOQ!BH$6,'[20]WorkDone DATA'!$G:$G,BOQ!$B191)*$G191","v":{"$error":"#VALUE!"}},{"$f":"SUMIFS('[20]WorkDone DATA'!$L:$L,'[20]WorkDone DATA'!$N:$N,BOQ!BI$6,'[20]WorkDone DATA'!$G:$G,BOQ!$B191)*$G191","v":{"$error":"#VALUE!"}},{"$f":"SUMIFS('[20]WorkDone DATA'!$L:$L,'[20]WorkDone DATA'!$N:$N,BOQ!BJ$6,'[20]WorkDone DATA'!$G:$G,BOQ!$B191)*$G191","v":{"$error":"#VALUE!"}},{"$f":"SUMIFS('[20]WorkDone DATA'!$L:$L,'[20]WorkDone DATA'!$N:$N,BOQ!BK$6,'[20]WorkDone DATA'!$G:$G,BOQ!$B191)*$G191","v":{"$error":"#VALUE!"}},{"$f":"SUMIFS('[20]WorkDone DATA'!$L:$L,'[20]WorkDone DATA'!$N:$N,BOQ!BL$6,'[20]WorkDone DATA'!$G:$G,BOQ!$B191)*$G191","v":{"$error":"#VALUE!"}},{"$f":"SUMIFS('[20]WorkDone DATA'!$L:$L,'[20]WorkDone DATA'!$N:$N,BOQ!BM$6,'[20]WorkDone DATA'!$G:$G,BOQ!$B191)*$G191","v":{"$error":"#VALUE!"}},{"$f":"SUMIFS('[20]WorkDone DATA'!$L:$L,'[20]WorkDone DATA'!$N:$N,BOQ!BN$6,'[20]WorkDone DATA'!$G:$G,BOQ!$B191)*$G191","v":{"$error":"#VALUE!"}},{"$f":"SUMIFS('[20]WorkDone DATA'!$L:$L,'[20]WorkDone DATA'!$N:$N,BOQ!BO$6,'[20]WorkDone DATA'!$G:$G,BOQ!$B191)*$G191","v":{"$error":"#VALUE!"}},{"$f":"SUMIFS('[20]WorkDone DATA'!$L:$L,'[20]WorkDone DATA'!$N:$N,BOQ!BP$6,'[20]WorkDone DATA'!$G:$G,BOQ!$B191)*$G191","v":{"$error":"#VALUE!"}},{"$f":"SUMIFS('[20]WorkDone DATA'!$L:$L,'[20]WorkDone DATA'!$N:$N,BOQ!BQ$6,'[20]WorkDone DATA'!$G:$G,BOQ!$B191)*$G191","v":{"$error":"#VALUE!"}},{"$f":"SUMIFS('[20]WorkDone DATA'!$L:$L,'[20]WorkDone DATA'!$N:$N,BOQ!BR$6,'[20]WorkDone DATA'!$G:$G,BOQ!$B191)*$G191","v":{"$error":"#VALUE!"}},{"$f":"SUMIFS('[20]WorkDone DATA'!$L:$L,'[20]WorkDone DATA'!$N:$N,BOQ!BS$6,'[20]WorkDone DATA'!$G:$G,BOQ!$B191)*$G191","v":{"$error":"#VALUE!"}},{"$f":"SUMIFS('[20]WorkDone DATA'!$L:$L,'[20]WorkDone DATA'!$N:$N,BOQ!BT$6,'[20]WorkDone DATA'!$G:$G,BOQ!$B191)*$G191","v":{"$error":"#VALUE!"}},{"$f":"SUMIFS('[20]WorkDone DATA'!$L:$L,'[20]WorkDone DATA'!$N:$N,BOQ!BU$6,'[20]WorkDone DATA'!$G:$G,BOQ!$B191)*$G191","v":{"$error":"#VALUE!"}},{"$f":"SUMIFS('[20]WorkDone DATA'!$L:$L,'[20]WorkDone DATA'!$N:$N,BOQ!BV$6,'[20]WorkDone DATA'!$G:$G,BOQ!$B191)*$G191","v":{"$error":"#VALUE!"}},{"$f":"SUMIFS('[20]WorkDone DATA'!$L:$L,'[20]WorkDone DATA'!$N:$N,BOQ!BW$6,'[20]WorkDone DATA'!$G:$G,BOQ!$B191)*$G191","v":{"$error":"#VALUE!"}},{"$f":"SUMIFS('[20]WorkDone DATA'!$L:$L,'[20]WorkDone DATA'!$N:$N,BOQ!BX$6,'[20]WorkDone DATA'!$G:$G,BOQ!$B191)*$G191","v":{"$error":"#VALUE!"}}]
[null,null,"150mm2 x 1core (EXX01RCV) 6.35 kV/11kV Cut & Join\n",{"$nulls":4},0,{"$nulls":3},{"$error":"#VALUE!"},{"$error":"#VALUE!"},null,0,{"$error":"#VALUE!"},null,{"$f":"SUMIFS('[20]WorkDone DATA'!$L:$L,'[20]WorkDone DATA'!$N:$N,BOQ!S$6,'[20]WorkDone DATA'!$G:$G,BOQ!$B192)","v":{"$error":"#VALUE!"}},{"$error":"#VALUE!"},{"$f":"SUMIFS('[20]WorkDone DATA'!$L:$L,'[20]WorkDone DATA'!$N:$N,BOQ!U$6,'[20]WorkDone DATA'!$G:$G,BOQ!$B192)","v":{"$error":"#VALUE!"}},{"$error":"#VALUE!"},null,{"$f":"SUMIFS('[20]WorkDone DATA'!$L:$L,'[20]WorkDone DATA'!$N:$N,BOQ!W$6,'[20]WorkDone DATA'!$G:$G,BOQ!$B192)*$G192","v":{"$error":"#VALUE!"}},null,{"$f":"SUMIFS('[20]WorkDone DATA'!$L:$L,'[20]WorkDone DATA'!$N:$N,BOQ!Y$6,'[20]WorkDone DATA'!$G:$G,BOQ!$B192)*$G192","v":{"$error":"#VALUE!"}},null,{"$f":"SUMIFS('[20]WorkDone DATA'!$L:$L,'[20]WorkDone DATA'!$N:$N,BOQ!AA$6,'[20]WorkDone DATA'!$G:$G,BOQ!$B192)*$G192","v":{"$error":"#VALUE!"}},{"$f":"SUMIFS('[20]WorkDone DATA'!$L:$L,'[20]WorkDone DATA'!$N:$N,BOQ!AB$6,'[20]WorkDone DATA'!$G:$G,BOQ!$B192)*$G192","v":{"$error":"#VALUE!"}},{"$f":"SUMIFS('[20]WorkDone DATA'!$L:$L,'[20]WorkDone DATA'!$N:$N,BOQ!AC$6,'[20]WorkDone DATA'!$G:$G,BOQ!$B192)*$G192","v":{"$error":"#VALUE!"}},{"$f":"SUMIFS('[20]WorkDone DATA'!$L:$L,'[20]WorkDone DATA'!$N:$N,BOQ!AD$6,'[20]WorkDone DATA'!$G:$G,BOQ!$B192)*$G192","v":{"$error":"#VALUE!"}},{"$f":"SUMIFS('[20]WorkDone DATA'!$L:$L,'[20]WorkDone DATA'!$N:$N,BOQ!AE$6,'[20]WorkDone DATA'!$G:$G,BOQ!$B192)*$G192","v":{"$error":"#VALUE!"}},{"$f":"SUMIFS('[20]WorkDone DATA'!$L:$L,'[20]WorkDone DATA'!$N:$N,BOQ!AF$6,'[20]WorkDone DATA'!$G:$G,BOQ!$B192)*$G192","v":{"$error":"#VALUE!"}},{"$f":"SUMIFS('[20]WorkDone DATA'!$L:$L,'[20]WorkDone DATA'!$N:$N,BOQ!AG$6,'[20]WorkDone DATA'!$G:$G,BOQ!$B192)*$G192","v":{"$error":"#VALUE!"}},{"$f":"SUMIFS('[20]WorkDone DATA'!$L:$L,'[20]WorkDone DATA'!$N:$N,BOQ!AH$6,'[20]WorkDone DATA'!$G:$G,BOQ!$B192)*$G192","v":{"$error":"#VALUE!"}},{"$f":"SUMIFS('[20]WorkDone DATA'!$L:$L,'[20]WorkDone DATA'!$N:$N,BOQ!AI$6,'[20]WorkDone DATA'!$G:$G,BOQ!$B192)*$G192","v":{"$error":"#VALUE!"}},{"$f":"SUMIFS('[20]WorkDone DATA'!$L:$L,'[20]WorkDone DATA'!$N:$N,BOQ!AJ$6,'[20]WorkDone DATA'!$G:$G,BOQ!$B192)*$G192","v":{"$error":"#VALUE!"}},{"$f":"SUMIFS('[20]WorkDone DATA'!$L:$L,'[20]WorkDone DATA'!$N:$N,BOQ!AK$6,'[20]WorkDone DATA'!$G:$G,BOQ!$B192)*$G192","v":{"$error":"#VALUE!"}},{"$f":"SUMIFS('[20]WorkDone DATA'!$L:$L,'[20]WorkDone DATA'!$N:$N,BOQ!AL$6,'[20]WorkDone DATA'!$G:$G,BOQ!$B192)*$G192","v":{"$error":"#VALUE!"}},{"$f":"SUMIFS('[20]WorkDone DATA'!$L:$L,'[20]WorkDone DATA'!$N:$N,BOQ!AM$6,'[20]WorkDone DATA'!$G:$G,BOQ!$B192)*$G192","v":{"$error":"#VALUE!"}},{"$f":"SUMIFS('[20]WorkDone DATA'!$L:$L,'[20]WorkDone DATA'!$N:$N,BOQ!AN$6,'[20]WorkDone DATA'!$G:$G,BOQ!$B192)*$G192","v":{"$error":"#VALUE!"}},{"$f":"SUMIFS('[20]WorkDone DATA'!$L:$L,'[20]WorkDone DATA'!$N:$N,BOQ!AO$6,'[20]WorkDone DATA'!$G:$G,BOQ!$B192)*$G192","v":{"$error":"#VALUE!"}},{"$f":"SUMIFS('[20]WorkDone DATA'!$L:$L,'[20]WorkDone DATA'!$N:$N,BOQ!AP$6,'[20]WorkDone DATA'!$G:$G,BOQ!$B192)*$G192","v":{"$error":"#VALUE!"}},{"$f":"SUMIFS('[20]WorkDone DATA'!$L:$L,'[20]WorkDone DATA'!$N:$N,BOQ!AQ$6,'[20]WorkDone DATA'!$G:$G,BOQ!$B192)*$G192","v":{"$error":"#VALUE!"}},{"$f":"SUMIFS('[20]WorkDone DATA'!$L:$L,'[20]WorkDone DATA'!$N:$N,BOQ!AR$6,'[20]WorkDone DATA'!$G:$G,BOQ!$B192)*$G192","v":{"$error":"#VALUE!"}},{"$f":"SUMIFS('[20]WorkDone DATA'!$L:$L,'[20]WorkDone DATA'!$N:$N,BOQ!AS$6,'[20]WorkDone DATA'!$G:$G,BOQ!$B192)*$G192","v":{"$error":"#VALUE!"}},{"$f":"SUMIFS('[20]WorkDone DATA'!$L:$L,'[20]WorkDone DATA'!$N:$N,BOQ!AT$6,'[20]WorkDone DATA'!$G:$G,BOQ!$B192)*$G192","v":{"$error":"#VALUE!"}},{"$f":"SUMIFS('[20]WorkDone DATA'!$L:$L,'[20]WorkDone DATA'!$N:$N,BOQ!AU$6,'[20]WorkDone DATA'!$G:$G,BOQ!$B192)*$G192","v":{"$error":"#VALUE!"}},{"$f":"SUMIFS('[20]WorkDone DATA'!$L:$L,'[20]WorkDone DATA'!$N:$N,BOQ!AV$6,'[20]WorkDone DATA'!$G:$G,BOQ!$B192)*$G192","v":{"$error":"#VALUE!"}},{"$f":"SUMIFS('[20]WorkDone DATA'!$L:$L,'[20]WorkDone DATA'!$N:$N,BOQ!AW$6,'[20]WorkDone DATA'!$G:$G,BOQ!$B192)*$G192","v":{"$error":"#VALUE!"}},{"$f":"SUMIFS('[20]WorkDone DATA'!$L:$L,'[20]WorkDone DATA'!$N:$N,BOQ!AX$6,'[20]WorkDone DATA'!$G:$G,BOQ!$B192)*$G192","v":{"$error":"#VALUE!"}},{"$f":"SUMIFS('[20]WorkDone DATA'!$L:$L,'[20]WorkDone DATA'!$N:$N,BOQ!AY$6,'[20]WorkDone DATA'!$G:$G,BOQ!$B192)*$G192","v":{"$error":"#VALUE!"}},{"$f":"SUMIFS('[20]WorkDone DATA'!$L:$L,'[20]WorkDone DATA'!$N:$N,BOQ!AZ$6,'[20]WorkDone DATA'!$G:$G,BOQ!$B192)*$G192","v":{"$error":"#VALUE!"}},{"$f":"SUMIFS('[20]WorkDone DATA'!$L:$L,'[20]WorkDone DATA'!$N:$N,BOQ!BA$6,'[20]WorkDone DATA'!$G:$G,BOQ!$B192)*$G192","v":{"$error":"#VALUE!"}},{"$f":"SUMIFS('[20]WorkDone DATA'!$L:$L,'[20]WorkDone DATA'!$N:$N,BOQ!BB$6,'[20]WorkDone DATA'!$G:$G,BOQ!$B192)*$G192","v":{"$error":"#VALUE!"}},{"$f":"SUMIFS('[20]WorkDone DATA'!$L:$L,'[20]WorkDone DATA'!$N:$N,BOQ!BC$6,'[20]WorkDone DATA'!$G:$G,BOQ!$B192)*$G192","v":{"$error":"#VALUE!"}},{"$f":"SUMIFS('[20]WorkDone DATA'!$L:$L,'[20]WorkDone DATA'!$N:$N,BOQ!BD$6,'[20]WorkDone DATA'!$G:$G,BOQ!$B192)*$G192","v":{"$error":"#VALUE!"}},{"$f":"SUMIFS('[20]WorkDone DATA'!$L:$L,'[20]WorkDone DATA'!$N:$N,BOQ!BE$6,'[20]WorkDone DATA'!$G:$G,BOQ!$B192)*$G192","v":{"$error":"#VALUE!"}},{"$f":"SUMIFS('[20]WorkDone DATA'!$L:$L,'[20]WorkDone DATA'!$N:$N,BOQ!BF$6,'[20]WorkDone DATA'!$G:$G,BOQ!$B192)*$G192","v":{"$error":"#VALUE!"}},{"$f":"SUMIFS('[20]WorkDone DATA'!$L:$L,'[20]WorkDone DATA'!$N:$N,BOQ!BG$6,'[20]WorkDone DATA'!$G:$G,BOQ!$B192)*$G192","v":{"$error":"#VALUE!"}},{"$f":"SUMIFS('[20]WorkDone DATA'!$L:$L,'[20]WorkDone DATA'!$N:$N,BOQ!BH$6,'[20]WorkDone DATA'!$G:$G,BOQ!$B192)*$G192","v":{"$error":"#VALUE!"}},{"$f":"SUMIFS('[20]WorkDone DATA'!$L:$L,'[20]WorkDone DATA'!$N:$N,BOQ!BI$6,'[20]WorkDone DATA'!$G:$G,BOQ!$B192)*$G192","v":{"$error":"#VALUE!"}},{"$f":"SUMIFS('[20]WorkDone DATA'!$L:$L,'[20]WorkDone DATA'!$N:$N,BOQ!BJ$6,'[20]WorkDone DATA'!$G:$G,BOQ!$B192)*$G192","v":{"$error":"#VALUE!"}},{"$f":"SUMIFS('[20]WorkDone DATA'!$L:$L,'[20]WorkDone DATA'!$N:$N,BOQ!BK$6,'[20]WorkDone DATA'!$G:$G,BOQ!$B192)*$G192","v":{"$error":"#VALUE!"}},{"$f":"SUMIFS('[20]WorkDone DATA'!$L:$L,'[20]WorkDone DATA'!$N:$N,BOQ!BL$6,'[20]WorkDone DATA'!$G:$G,BOQ!$B192)*$G192","v":{"$error":"#VALUE!"}},{"$f":"SUMIFS('[20]WorkDone DATA'!$L:$L,'[20]WorkDone DATA'!$N:$N,BOQ!BM$6,'[20]WorkDone DATA'!$G:$G,BOQ!$B192)*$G192","v":{"$error":"#VALUE!"}},{"$f":"SUMIFS('[20]WorkDone DATA'!$L:$L,'[20]WorkDone DATA'!$N:$N,BOQ!BN$6,'[20]WorkDone DATA'!$G:$G,BOQ!$B192)*$G192","v":{"$error":"#VALUE!"}},{"$f":"SUMIFS('[20]WorkDone DATA'!$L:$L,'[20]WorkDone DATA'!$N:$N,BOQ!BO$6,'[20]WorkDone DATA'!$G:$G,BOQ!$B192)*$G192","v":{"$error":"#VALUE!"}},{"$f":"SUMIFS('[20]WorkDone DATA'!$L:$L,'[20]WorkDone DATA'!$N:$N,BOQ!BP$6,'[20]WorkDone DATA'!$G:$G,BOQ!$B192)*$G192","v":{"$error":"#VALUE!"}},{"$f":"SUMIFS('[20]WorkDone DATA'!$L:$L,'[20]WorkDone DATA'!$N:$N,BOQ!BQ$6,'[20]WorkDone DATA'!$G:$G,BOQ!$B192)*$G192","v":{"$error":"#VALUE!"}},{"$f":"SUMIFS('[20]WorkDone DATA'!$L:$L,'[20]WorkDone DATA'!$N:$N,BOQ!BR$6,'[20]WorkDone DATA'!$G:$G,BOQ!$B192)*$G192","v":{"$error":"#VALUE!"}},{"$f":"SUMIFS('[20]WorkDone DATA'!$L:$L,'[20]WorkDone DATA'!$N:$N,BOQ!BS$6,'[20]WorkDone DATA'!$G:$G,BOQ!$B192)*$G192","v":{"$error":"#VALUE!"}},{"$f":"SUMIFS('[20]WorkDone DATA'!$L:$L,'[20]WorkDone DATA'!$N:$N,BOQ!BT$6,'[20]WorkDone DATA'!$G:$G,BOQ!$B192)*$G192","v":{"$error":"#VALUE!"}},{"$f":"SUMIFS('[20]WorkDone DATA'!$L:$L,'[20]WorkDone DATA'!$N:$N,BOQ!BU$6,'[20]WorkDone DATA'!$G:$G,BOQ!$B192)*$G192","v":{"$error":"#VALUE!"}},{"$f":"SUMIFS('[20]WorkDone DATA'!$L:$L,'[20]WorkDone DATA'!$N:$N,BOQ!BV$6,'[20]WorkDone DATA'!$G:$G,BOQ!$B192)*$G192","v":{"$error":"#VALUE!"}},{"$f":"SUMIFS('[20]WorkDone DATA'!$L:$L,'[20]WorkDone DATA'!$N:$N,BOQ!BW$6,'[20]WorkDone DATA'!$G:$G,BOQ!$B192)*$G192","v":{"$error":"#VALUE!"}},{"$f":"SUMIFS('[20]WorkDone DATA'!$L:$L,'[20]WorkDone DATA'!$N:$N,BOQ!BX$6,'[20]WorkDone DATA'!$G:$G,BOQ!$B192)*$G192","v":{"$error":"#VALUE!"}}]
[{"$f":"C192","v":"150mm2 x 1core (EXX01RCV) 6.35 kV/11kV Cut & Join\n"},2.095,"Supply","E","each",450,{"v":2475,"d":"2,475.00"},{"v":1113750,"d":"1,113,750.00"},null,null,{"$error":"#VALUE!"},{"$error":"#VALUE!"},{"$error":"#VALUE!"},null,{"$error":"#VALUE!"},{"$error":"#VALUE!"},null,{"$f":"SUMIFS('[20]WorkDone DATA'!$L:$L,'[20]WorkDone DATA'!$N:$N,BOQ!S$6,'[20]WorkDone DATA'!$G:$G,BOQ!$B193)","v":{"$error":"#VALUE!"}},{"$error":"#VALUE!"},{"$f":"SUMIFS('[20]WorkDone DATA'!$L:$L,'[20]WorkDone DATA'!$N:$N,BOQ!U$6,'[20]WorkDone DATA'!$G:$G,BOQ!$B193)","v":{"$error":"#VALUE!"}},{"$error":"#VALUE!"},null,{"$f":"SUMIFS('[20]WorkDone DATA'!$L:$L,'[20]WorkDone DATA'!$N:$N,BOQ!W$6,'[20]WorkDone DATA'!$G:$G,BOQ!$B193)*$G193","v":{"$error":"#VALUE!"}},null,{"$f":"SUMIFS('[20]WorkDone DATA'!$L:$L,'[20]WorkDone DATA'!$N:$N,BOQ!Y$6,'[20]WorkDone DATA'!$G:$G,BOQ!$B193)*$G193","v":{"$error":"#VALUE!"}},null,{"$f":"SUMIFS('[20]WorkDone DATA'!$L:$L,'[20]WorkDone DATA'!$N:$N,BOQ!AA$6,'[20]WorkDone DATA'!$G:$G,BOQ!$B193)*$G193","v":{"$error":"#VALUE!"}},{"$f":"SUMIFS('[20]WorkDone DATA'!$L:$L,'[20]WorkDone DATA'!$N:$N,BOQ!AB$6,'[20]WorkDone DATA'!$G:$G,BOQ!$B193)*$G193","v":{"$error":"#VALUE!"}},{"$f":"SUMIFS('[20]WorkDone DATA'!$L:$L,'[20]WorkDone DATA'!$N:$N,BOQ!AC$6,'[20]WorkDone DATA'!$G:$G,BOQ!$B193)*$G193","v":{"$error":"#VALUE!"}},{"$f":"SUMIFS('[20]WorkDone DATA'!$L:$L,'[20]WorkDone DATA'!$N:$N,BOQ!AD$6,'[20]WorkDone DATA'!$G:$G,BOQ!$B193)*$G193","v":{"$error":"#VALUE!"}},{"$f":"SUMIFS('[20]WorkDone DATA'!$L:$L,'[20]WorkDone DATA'!$N:$N,BOQ!AE$6,'[20]WorkDone DATA'!$G:$G,BOQ!$B193)*$G193","v":{"$error":"#VALUE!"}},{"$f":"SUMIFS('[20]WorkDone DATA'!$L:$L,'[20]WorkDone DATA'!$N:$N,BOQ!AF$6,'[20]WorkDone DATA'!$G:$G,BOQ!$B193)*$G193","v":{"$error":"#VALUE!"}},{"$f":"SUMIFS('[20]WorkDone DATA'!$L:$L,'[20]WorkDone DATA'!$N:$N,BOQ!AG$6,'[20]WorkDone DATA'!$G:$G,BOQ!$B193)*$G193","v":{"$error":"#VALUE!"}},{"$f":"SUMIFS('[20]WorkDone DATA'!$L:$L,'[20]WorkDone DATA'!$N:$N,BOQ!AH$6,'[20]WorkDone DATA'!$G:$G,BOQ!$B193)*$G193","v":{"$error":"#VALUE!"}},{"$f":"SUMIFS('[20]WorkDone DATA'!$L:$L,'[20]WorkDone DATA'!$N:$N,BOQ!AI$6,'[20]WorkDone DATA'!$G:$G,BOQ!$B193)*$G193","v":{"$error":"#VALUE!"}},{"$f":"SUMIFS('[20]WorkDone DATA'!$L:$L,'[20]WorkDone DATA'!$N:$N,BOQ!AJ$6,'[20]WorkDone DATA'!$G:$G,BOQ!$B193)*$G193","v":{"$error":"#VALUE!"}},{"$f":"SUMIFS('[20]WorkDone DATA'!$L:$L,'[20]WorkDone DATA'!$N:$N,BOQ!AK$6,'[20]WorkDone DATA'!$G:$G,BOQ!$B193)*$G193","v":{"$error":"#VALUE!"}},{"$f":"SUMIFS('[20]WorkDone DATA'!$L:$L,'[20]WorkDone DATA'!$N:$N,BOQ!AL$6,'[20]WorkDone DATA'!$G:$G,BOQ!$B193)*$G193","v":{"$error":"#VALUE!"}},{"$f":"SUMIFS('[20]WorkDone DATA'!$L:$L,'[20]WorkDone DATA'!$N:$N,BOQ!AM$6,'[20]WorkDone DATA'!$G:$G,BOQ!$B193)*$G193","v":{"$error":"#VALUE!"}},{"$f":"SUMIFS('[20]WorkDone DATA'!$L:$L,'[20]WorkDone DATA'!$N:$N,BOQ!AN$6,'[20]WorkDone DATA'!$G:$G,BOQ!$B193)*$G193","v":{"$error":"#VALUE!"}},{"$f":"SUMIFS('[20]WorkDone DATA'!$L:$L,'[20]WorkDone DATA'!$N:$N,BOQ!AO$6,'[20]WorkDone DATA'!$G:$G,BOQ!$B193)*$G193","v":{"$error":"#VALUE!"}},{"$f":"SUMIFS('[20]WorkDone DATA'!$L:$L,'[20]WorkDone DATA'!$N:$N,BOQ!AP$6,'[20]WorkDone DATA'!$G:$G,BOQ!$B193)*$G193","v":{"$error":"#VALUE!"}},{"$f":"SUMIFS('[20]WorkDone DATA'!$L:$L,'[20]WorkDone DATA'!$N:$N,BOQ!AQ$6,'[20]WorkDone DATA'!$G:$G,BOQ!$B193)*$G193","v":{"$error":"#VALUE!"}},{"$f":"SUMIFS('[20]WorkDone DATA'!$L:$L,'[20]WorkDone DATA'!$N:$N,BOQ!AR$6,'[20]WorkDone DATA'!$G:$G,BOQ!$B193)*$G193","v":{"$error":"#VALUE!"}},{"$f":"SUMIFS('[20]WorkDone DATA'!$L:$L,'[20]WorkDone DATA'!$N:$N,BOQ!AS$6,'[20]WorkDone DATA'!$G:$G,BOQ!$B193)*$G193","v":{"$error":"#VALUE!"}},{"$f":"SUMIFS('[20]WorkDone DATA'!$L:$L,'[20]WorkDone DATA'!$N:$N,BOQ!AT$6,'[20]WorkDone DATA'!$G:$G,BOQ!$B193)*$G193","v":{"$error":"#VALUE!"}},{"$f":"SUMIFS('[20]WorkDone DATA'!$L:$L,'[20]WorkDone DATA'!$N:$N,BOQ!AU$6,'[20]WorkDone DATA'!$G:$G,BOQ!$B193)*$G193","v":{"$error":"#VALUE!"}},{"$f":"SUMIFS('[20]WorkDone DATA'!$L:$L,'[20]WorkDone DATA'!$N:$N,BOQ!AV$6,'[20]WorkDone DATA'!$G:$G,BOQ!$B193)*$G193","v":{"$error":"#VALUE!"}},{"$f":"SUMIFS('[20]WorkDone DATA'!$L:$L,'[20]WorkDone DATA'!$N:$N,BOQ!AW$6,'[20]WorkDone DATA'!$G:$G,BOQ!$B193)*$G193","v":{"$error":"#VALUE!"}},{"$f":"SUMIFS('[20]WorkDone DATA'!$L:$L,'[20]WorkDone DATA'!$N:$N,BOQ!AX$6,'[20]WorkDone DATA'!$G:$G,BOQ!$B193)*$G193","v":{"$error":"#VALUE!"}},{"$f":"SUMIFS('[20]WorkDone DATA'!$L:$L,'[20]WorkDone DATA'!$N:$N,BOQ!AY$6,'[20]WorkDone DATA'!$G:$G,BOQ!$B193)*$G193","v":{"$error":"#VALUE!"}},{"$f":"SUMIFS('[20]WorkDone DATA'!$L:$L,'[20]WorkDone DATA'!$N:$N,BOQ!AZ$6,'[20]WorkDone DATA'!$G:$G,BOQ!$B193)*$G193","v":{"$error":"#VALUE!"}},{"$f":"SUMIFS('[20]WorkDone DATA'!$L:$L,'[20]WorkDone DATA'!$N:$N,BOQ!BA$6,'[20]WorkDone DATA'!$G:$G,BOQ!$B193)*$G193","v":{"$error":"#VALUE!"}},{"$f":"SUMIFS('[20]WorkDone DATA'!$L:$L,'[20]WorkDone DATA'!$N:$N,BOQ!BB$6,'[20]WorkDone DATA'!$G:$G,BOQ!$B193)*$G193","v":{"$error":"#VALUE!"}},{"$f":"SUMIFS('[20]WorkDone DATA'!$L:$L,'[20]WorkDone DATA'!$N:$N,BOQ!BC$6,'[20]WorkDone DATA'!$G:$G,BOQ!$B193)*$G193","v":{"$error":"#VALUE!"}},{"$f":"SUMIFS('[20]WorkDone DATA'!$L:$L,'[20]WorkDone DATA'!$N:$N,BOQ!BD$6,'[20]WorkDone DATA'!$G:$G,BOQ!$B193)*$G193","v":{"$error":"#VALUE!"}},{"$f":"SUMIFS('[20]WorkDone DATA'!$L:$L,'[20]WorkDone DATA'!$N:$N,BOQ!BE$6,'[20]WorkDone DATA'!$G:$G,BOQ!$B193)*$G193","v":{"$error":"#VALUE!"}},{"$f":"SUMIFS('[20]WorkDone DATA'!$L:$L,'[20]WorkDone DATA'!$N:$N,BOQ!BF$6,'[20]WorkDone DATA'!$G:$G,BOQ!$B193)*$G193","v":{"$error":"#VALUE!"}},{"$f":"SUMIFS('[20]WorkDone DATA'!$L:$L,'[20]WorkDone DATA'!$N:$N,BOQ!BG$6,'[20]WorkDone DATA'!$G:$G,BOQ!$B193)*$G193","v":{"$error":"#VALUE!"}},{"$f":"SUMIFS('[20]WorkDone DATA'!$L:$L,'[20]WorkDone DATA'!$N:$N,BOQ!BH$6,'[20]WorkDone DATA'!$G:$G,BOQ!$B193)*$G193","v":{"$error":"#VALUE!"}},{"$f":"SUMIFS('[20]WorkDone DATA'!$L:$L,'[20]WorkDone DATA'!$N:$N,BOQ!BI$6,'[20]WorkDone DATA'!$G:$G,BOQ!$B193)*$G193","v":{"$error":"#VALUE!"}},{"$f":"SUMIFS('[20]WorkDone DATA'!$L:$L,'[20]WorkDone DATA'!$N:$N,BOQ!BJ$6,'[20]WorkDone DATA'!$G:$G,BOQ!$B193)*$G193","v":{"$error":"#VALUE!"}},{"$f":"SUMIFS('[20]WorkDone DATA'!$L:$L,'[20]WorkDone DATA'!$N:$N,BOQ!BK$6,'[20]WorkDone DATA'!$G:$G,BOQ!$B193)*$G193","v":{"$error":"#VALUE!"}},{"$f":"SUMIFS('[20]WorkDone DATA'!$L:$L,'[20]WorkDone DATA'!$N:$N,BOQ!BL$6,'[20]WorkDone DATA'!$G:$G,BOQ!$B193)*$G193","v":{"$error":"#VALUE!"}},{"$f":"SUMIFS('[20]WorkDone DATA'!$L:$L,'[20]WorkDone DATA'!$N:$N,BOQ!BM$6,'[20]WorkDone DATA'!$G:$G,BOQ!$B193)*$G193","v":{"$error":"#VALUE!"}},{"$f":"SUMIFS('[20]WorkDone DATA'!$L:$L,'[20]WorkDone DATA'!$N:$N,BOQ!BN$6,'[20]WorkDone DATA'!$G:$G,BOQ!$B193)*$G193","v":{"$error":"#VALUE!"}},{"$f":"SUMIFS('[20]WorkDone DATA'!$L:$L,'[20]WorkDone DATA'!$N:$N,BOQ!BO$6,'[20]WorkDone DATA'!$G:$G,BOQ!$B193)*$G193","v":{"$error":"#VALUE!"}},{"$f":"SUMIFS('[20]WorkDone DATA'!$L:$L,'[20]WorkDone DATA'!$N:$N,BOQ!BP$6,'[20]WorkDone DATA'!$G:$G,BOQ!$B193)*$G193","v":{"$error":"#VALUE!"}},{"$f":"SUMIFS('[20]WorkDone DATA'!$L:$L,'[20]WorkDone DATA'!$N:$N,BOQ!BQ$6,'[20]WorkDone DATA'!$G:$G,BOQ!$B193)*$G193","v":{"$error":"#VALUE!"}},{"$f":"SUMIFS('[20]WorkDone DATA'!$L:$L,'[20]WorkDone DATA'!$N:$N,BOQ!BR$6,'[20]WorkDone DATA'!$G:$G,BOQ!$B193)*$G193","v":{"$error":"#VALUE!"}},{"$f":"SUMIFS('[20]WorkDone DATA'!$L:$L,'[20]WorkDone DATA'!$N:$N,BOQ!BS$6,'[20]WorkDone DATA'!$G:$G,BOQ!$B193)*$G193","v":{"$error":"#VALUE!"}},{"$f":"SUMIFS('[20]WorkDone DATA'!$L:$L,'[20]WorkDone DATA'!$N:$N,BOQ!BT$6,'[20]WorkDone DATA'!$G:$G,BOQ!$B193)*$G193","v":{"$error":"#VALUE!"}},{"$f":"SUMIFS('[20]WorkDone DATA'!$L:$L,'[20]WorkDone DATA'!$N:$N,BOQ!BU$6,'[20]WorkDone DATA'!$G:$G,BOQ!$B193)*$G193","v":{"$error":"#VALUE!"}},{"$f":"SUMIFS('[20]WorkDone DATA'!$L:$L,'[20]WorkDone DATA'!$N:$N,BOQ!BV$6,'[20]WorkDone DATA'!$G:$G,BOQ!$B193)*$G193","v":{"$error":"#VALUE!"}},{"$f":"SUMIFS('[20]WorkDone DATA'!$L:$L,'[20]WorkDone DATA'!$N:$N,BOQ!BW$6,'[20]WorkDone DATA'!$G:$G,BOQ!$B193)*$G193","v":{"$error":"#VALUE!"}},{"$f":"SUMIFS('[20]WorkDone DATA'!$L:$L,'[20]WorkDone DATA'!$N:$N,BOQ!BX$6,'[20]WorkDone DATA'!$G:$G,BOQ!$B193)*$G193","v":{"$error":"#VALUE!"}}]
[{"$f":"C192","v":"150mm2 x 1core (EXX01RCV) 6.35 kV/11kV Cut & Join\n"},2.096,"Installation","A","each",450,{"v":2325.35,"d":"2,325.35"},{"v":1046407.5,"d":"1,046,407.50"},null,null,{"$error":"#VALUE!"},{"$error":"#VALUE!"},{"$error":"#VALUE!"},null,{"$error":"#VALUE!"},{"$error":"#VALUE!"},null,{"$f":"SUMIFS('[20]WorkDone DATA'!$L:$L,'[20]WorkDone DATA'!$N:$N,BOQ!S$6,'[20]WorkDone DATA'!$G:$G,BOQ!$B194)","v":{"$error":"#VALUE!"}},{"$error":"#VALUE!"},{"$f":"SUMIFS('[20]WorkDone DATA'!$L:$L,'[20]WorkDone DATA'!$N:$N,BOQ!U$6,'[20]WorkDone DATA'!$G:$G,BOQ!$B194)","v":{"$error":"#VALUE!"}},{"$error":"#VALUE!"},null,{"$f":"SUMIFS('[20]WorkDone DATA'!$L:$L,'[20]WorkDone DATA'!$N:$N,BOQ!W$6,'[20]WorkDone DATA'!$G:$G,BOQ!$B194)*$G194","v":{"$error":"#VALUE!"}},null,{"$f":"SUMIFS('[20]WorkDone DATA'!$L:$L,'[20]WorkDone DATA'!$N:$N,BOQ!Y$6,'[20]WorkDone DATA'!$G:$G,BOQ!$B194)*$G194","v":{"$error":"#VALUE!"}},null,{"$f":"SUMIFS('[20]WorkDone DATA'!$L:$L,'[20]WorkDone DATA'!$N:$N,BOQ!AA$6,'[20]WorkDone DATA'!$G:$G,BOQ!$B194)*$G194","v":{"$error":"#VALUE!"}},{"$f":"SUMIFS('[20]WorkDone DATA'!$L:$L,'[20]WorkDone DATA'!$N:$N,BOQ!AB$6,'[20]WorkDone DATA'!$G:$G,BOQ!$B194)*$G194","v":{"$error":"#VALUE!"}},{"$f":"SUMIFS('[20]WorkDone DATA'!$L:$L,'[20]WorkDone DATA'!$N:$N,BOQ!AC$6,'[20]WorkDone DATA'!$G:$G,BOQ!$B194)*$G194","v":{"$error":"#VALUE!"}},{"$f":"SUMIFS('[20]WorkDone DATA'!$L:$L,'[20]WorkDone DATA'!$N:$N,BOQ!AD$6,'[20]WorkDone DATA'!$G:$G,BOQ!$B194)*$G194","v":{"$error":"#VALUE!"}},{"$f":"SUMIFS('[20]WorkDone DATA'!$L:$L,'[20]WorkDone DATA'!$N:$N,BOQ!AE$6,'[20]WorkDone DATA'!$G:$G,BOQ!$B194)*$G194","v":{"$error":"#VALUE!"}},{"$f":"SUMIFS('[20]WorkDone DATA'!$L:$L,'[20]WorkDone DATA'!$N:$N,BOQ!AF$6,'[20]WorkDone DATA'!$G:$G,BOQ!$B194)*$G194","v":{"$error":"#VALUE!"}},{"$f":"SUMIFS('[20]WorkDone DATA'!$L:$L,'[20]WorkDone DATA'!$N:$N,BOQ!AG$6,'[20]WorkDone DATA'!$G:$G,BOQ!$B194)*$G194","v":{"$error":"#VALUE!"}},{"$f":"SUMIFS('[20]WorkDone DATA'!$L:$L,'[20]WorkDone DATA'!$N:$N,BOQ!AH$6,'[20]WorkDone DATA'!$G:$G,BOQ!$B194)*$G194","v":{"$error":"#VALUE!"}},{"$f":"SUMIFS('[20]WorkDone DATA'!$L:$L,'[20]WorkDone DATA'!$N:$N,BOQ!AI$6,'[20]WorkDone DATA'!$G:$G,BOQ!$B194)*$G194","v":{"$error":"#VALUE!"}},{"$f":"SUMIFS('[20]WorkDone DATA'!$L:$L,'[20]WorkDone DATA'!$N:$N,BOQ!AJ$6,'[20]WorkDone DATA'!$G:$G,BOQ!$B194)*$G194","v":{"$error":"#VALUE!"}},{"$f":"SUMIFS('[20]WorkDone DATA'!$L:$L,'[20]WorkDone DATA'!$N:$N,BOQ!AK$6,'[20]WorkDone DATA'!$G:$G,BOQ!$B194)*$G194","v":{"$error":"#VALUE!"}},{"$f":"SUMIFS('[20]WorkDone DATA'!$L:$L,'[20]WorkDone DATA'!$N:$N,BOQ!AL$6,'[20]WorkDone DATA'!$G:$G,BOQ!$B194)*$G194","v":{"$error":"#VALUE!"}},{"$f":"SUMIFS('[20]WorkDone DATA'!$L:$L,'[20]WorkDone DATA'!$N:$N,BOQ!AM$6,'[20]WorkDone DATA'!$G:$G,BOQ!$B194)*$G194","v":{"$error":"#VALUE!"}},{"$f":"SUMIFS('[20]WorkDone DATA'!$L:$L,'[20]WorkDone DATA'!$N:$N,BOQ!AN$6,'[20]WorkDone DATA'!$G:$G,BOQ!$B194)*$G194","v":{"$error":"#VALUE!"}},{"$f":"SUMIFS('[20]WorkDone DATA'!$L:$L,'[20]WorkDone DATA'!$N:$N,BOQ!AO$6,'[20]WorkDone DATA'!$G:$G,BOQ!$B194)*$G194","v":{"$error":"#VALUE!"}},{"$f":"SUMIFS('[20]WorkDone DATA'!$L:$L,'[20]WorkDone DATA'!$N:$N,BOQ!AP$6,'[20]WorkDone DATA'!$G:$G,BOQ!$B194)*$G194","v":{"$error":"#VALUE!"}},{"$f":"SUMIFS('[20]WorkDone DATA'!$L:$L,'[20]WorkDone DATA'!$N:$N,BOQ!AQ$6,'[20]WorkDone DATA'!$G:$G,BOQ!$B194)*$G194","v":{"$error":"#VALUE!"}},{"$f":"SUMIFS('[20]WorkDone DATA'!$L:$L,'[20]WorkDone DATA'!$N:$N,BOQ!AR$6,'[20]WorkDone DATA'!$G:$G,BOQ!$B194)*$G194","v":{"$error":"#VALUE!"}},{"$f":"SUMIFS('[20]WorkDone DATA'!$L:$L,'[20]WorkDone DATA'!$N:$N,BOQ!AS$6,'[20]WorkDone DATA'!$G:$G,BOQ!$B194)*$G194","v":{"$error":"#VALUE!"}},{"$f":"SUMIFS('[20]WorkDone DATA'!$L:$L,'[20]WorkDone DATA'!$N:$N,BOQ!AT$6,'[20]WorkDone DATA'!$G:$G,BOQ!$B194)*$G194","v":{"$error":"#VALUE!"}},{"$f":"SUMIFS('[20]WorkDone DATA'!$L:$L,'[20]WorkDone DATA'!$N:$N,BOQ!AU$6,'[20]WorkDone DATA'!$G:$G,BOQ!$B194)*$G194","v":{"$error":"#VALUE!"}},{"$f":"SUMIFS('[20]WorkDone DATA'!$L:$L,'[20]WorkDone DATA'!$N:$N,BOQ!AV$6,'[20]WorkDone DATA'!$G:$G,BOQ!$B194)*$G194","v":{"$error":"#VALUE!"}},{"$f":"SUMIFS('[20]WorkDone DATA'!$L:$L,'[20]WorkDone DATA'!$N:$N,BOQ!AW$6,'[20]WorkDone DATA'!$G:$G,BOQ!$B194)*$G194","v":{"$error":"#VALUE!"}},{"$f":"SUMIFS('[20]WorkDone DATA'!$L:$L,'[20]WorkDone DATA'!$N:$N,BOQ!AX$6,'[20]WorkDone DATA'!$G:$G,BOQ!$B194)*$G194","v":{"$error":"#VALUE!"}},{"$f":"SUMIFS('[20]WorkDone DATA'!$L:$L,'[20]WorkDone DATA'!$N:$N,BOQ!AY$6,'[20]WorkDone DATA'!$G:$G,BOQ!$B194)*$G194","v":{"$error":"#VALUE!"}},{"$f":"SUMIFS('[20]WorkDone DATA'!$L:$L,'[20]WorkDone DATA'!$N:$N,BOQ!AZ$6,'[20]WorkDone DATA'!$G:$G,BOQ!$B194)*$G194","v":{"$error":"#VALUE!"}},{"$f":"SUMIFS('[20]WorkDone DATA'!$L:$L,'[20]WorkDone DATA'!$N:$N,BOQ!BA$6,'[20]WorkDone DATA'!$G:$G,BOQ!$B194)*$G194","v":{"$error":"#VALUE!"}},{"$f":"SUMIFS('[20]WorkDone DATA'!$L:$L,'[20]WorkDone DATA'!$N:$N,BOQ!BB$6,'[20]WorkDone DATA'!$G:$G,BOQ!$B194)*$G194","v":{"$error":"#VALUE!"}},{"$f":"SUMIFS('[20]WorkDone DATA'!$L:$L,'[20]WorkDone DATA'!$N:$N,BOQ!BC$6,'[20]WorkDone DATA'!$G:$G,BOQ!$B194)*$G194","v":{"$error":"#VALUE!"}},{"$f":"SUMIFS('[20]WorkDone DATA'!$L:$L,'[20]WorkDone DATA'!$N:$N,BOQ!BD$6,'[20]WorkDone DATA'!$G:$G,BOQ!$B194)*$G194","v":{"$error":"#VALUE!"}},{"$f":"SUMIFS('[20]WorkDone DATA'!$L:$L,'[20]WorkDone DATA'!$N:$N,BOQ!BE$6,'[20]WorkDone DATA'!$G:$G,BOQ!$B194)*$G194","v":{"$error":"#VALUE!"}},{"$f":"SUMIFS('[20]WorkDone DATA'!$L:$L,'[20]WorkDone DATA'!$N:$N,BOQ!BF$6,'[20]WorkDone DATA'!$G:$G,BOQ!$B194)*$G194","v":{"$error":"#VALUE!"}},{"$f":"SUMIFS('[20]WorkDone DATA'!$L:$L,'[20]WorkDone DATA'!$N:$N,BOQ!BG$6,'[20]WorkDone DATA'!$G:$G,BOQ!$B194)*$G194","v":{"$error":"#VALUE!"}},{"$f":"SUMIFS('[20]WorkDone DATA'!$L:$L,'[20]WorkDone DATA'!$N:$N,BOQ!BH$6,'[20]WorkDone DATA'!$G:$G,BOQ!$B194)*$G194","v":{"$error":"#VALUE!"}},{"$f":"SUMIFS('[20]WorkDone DATA'!$L:$L,'[20]WorkDone DATA'!$N:$N,BOQ!BI$6,'[20]WorkDone DATA'!$G:$G,BOQ!$B194)*$G194","v":{"$error":"#VALUE!"}},{"$f":"SUMIFS('[20]WorkDone DATA'!$L:$L,'[20]WorkDone DATA'!$N:$N,BOQ!BJ$6,'[20]WorkDone DATA'!$G:$G,BOQ!$B194)*$G194","v":{"$error":"#VALUE!"}},{"$f":"SUMIFS('[20]WorkDone DATA'!$L:$L,'[20]WorkDone DATA'!$N:$N,BOQ!BK$6,'[20]WorkDone DATA'!$G:$G,BOQ!$B194)*$G194","v":{"$error":"#VALUE!"}},{"$f":"SUMIFS('[20]WorkDone DATA'!$L:$L,'[20]WorkDone DATA'!$N:$N,BOQ!BL$6,'[20]WorkDone DATA'!$G:$G,BOQ!$B194)*$G194","v":{"$error":"#VALUE!"}},{"$f":"SUMIFS('[20]WorkDone DATA'!$L:$L,'[20]WorkDone DATA'!$N:$N,BOQ!BM$6,'[20]WorkDone DATA'!$G:$G,BOQ!$B194)*$G194","v":{"$error":"#VALUE!"}},{"$f":"SUMIFS('[20]WorkDone DATA'!$L:$L,'[20]WorkDone DATA'!$N:$N,BOQ!BN$6,'[20]WorkDone DATA'!$G:$G,BOQ!$B194)*$G194","v":{"$error":"#VALUE!"}},{"$f":"SUMIFS('[20]WorkDone DATA'!$L:$L,'[20]WorkDone DATA'!$N:$N,BOQ!BO$6,'[20]WorkDone DATA'!$G:$G,BOQ!$B194)*$G194","v":{"$error":"#VALUE!"}},{"$f":"SUMIFS('[20]WorkDone DATA'!$L:$L,'[20]WorkDone DATA'!$N:$N,BOQ!BP$6,'[20]WorkDone DATA'!$G:$G,BOQ!$B194)*$G194","v":{"$error":"#VALUE!"}},{"$f":"SUMIFS('[20]WorkDone DATA'!$L:$L,'[20]WorkDone DATA'!$N:$N,BOQ!BQ$6,'[20]WorkDone DATA'!$G:$G,BOQ!$B194)*$G194","v":{"$error":"#VALUE!"}},{"$f":"SUMIFS('[20]WorkDone DATA'!$L:$L,'[20]WorkDone DATA'!$N:$N,BOQ!BR$6,'[20]WorkDone DATA'!$G:$G,BOQ!$B194)*$G194","v":{"$error":"#VALUE!"}},{"$f":"SUMIFS('[20]WorkDone DATA'!$L:$L,'[20]WorkDone DATA'!$N:$N,BOQ!BS$6,'[20]WorkDone DATA'!$G:$G,BOQ!$B194)*$G194","v":{"$error":"#VALUE!"}},{"$f":"SUMIFS('[20]WorkDone DATA'!$L:$L,'[20]WorkDone DATA'!$N:$N,BOQ!BT$6,'[20]WorkDone DATA'!$G:$G,BOQ!$B194)*$G194","v":{"$error":"#VALUE!"}},{"$f":"SUMIFS('[20]WorkDone DATA'!$L:$L,'[20]WorkDone DATA'!$N:$N,BOQ!BU$6,'[20]WorkDone DATA'!$G:$G,BOQ!$B194)*$G194","v":{"$error":"#VALUE!"}},{"$f":"SUMIFS('[20]WorkDone DATA'!$L:$L,'[20]WorkDone DATA'!$N:$N,BOQ!BV$6,'[20]WorkDone DATA'!$G:$G,BOQ!$B194)*$G194","v":{"$error":"#VALUE!"}},{"$f":"SUMIFS('[20]WorkDone DATA'!$L:$L,'[20]WorkDone DATA'!$N:$N,BOQ!BW$6,'[20]WorkDone DATA'!$G:$G,BOQ!$B194)*$G194","v":{"$error":"#VALUE!"}},{"$f":"SUMIFS('[20]WorkDone DATA'!$L:$L,'[20]WorkDone DATA'!$N:$N,BOQ!BX$6,'[20]WorkDone DATA'!$G:$G,BOQ!$B194)*$G194","v":{"$error":"#VALUE!"}}]
[null,null,"95mm2 x 3core (EXX03PCV) 6.35 kV/11kV ",{"$nulls":4},0,{"$nulls":3},{"$error":"#VALUE!"},{"$error":"#VALUE!"},null,0,{"$error":"#VALUE!"},null,{"$f":"SUMIFS('[20]WorkDone DATA'!$L:$L,'[20]WorkDone DATA'!$N:$N,BOQ!S$6,'[20]WorkDone DATA'!$G:$G,BOQ!$B195)","v":{"$error":"#VALUE!"}},{"$error":"#VALUE!"},{"$f":"SUMIFS('[20]WorkDone DATA'!$L:$L,'[20]WorkDone DATA'!$N:$N,BOQ!U$6,'[20]WorkDone DATA'!$G:$G,BOQ!$B195)","v":{"$error":"#VALUE!"}},{"$error":"#VALUE!"},null,{"$f":"SUMIFS('[20]WorkDone DATA'!$L:$L,'[20]WorkDone DATA'!$N:$N,BOQ!W$6,'[20]WorkDone DATA'!$G:$G,BOQ!$B195)*$G195","v":{"$error":"#VALUE!"}},null,{"$f":"SUMIFS('[20]WorkDone DATA'!$L:$L,'[20]WorkDone DATA'!$N:$N,BOQ!Y$6,'[20]WorkDone DATA'!$G:$G,BOQ!$B195)*$G195","v":{"$error":"#VALUE!"}},null,{"$f":"SUMIFS('[20]WorkDone DATA'!$L:$L,'[20]WorkDone DATA'!$N:$N,BOQ!AA$6,'[20]WorkDone DATA'!$G:$G,BOQ!$B195)*$G195","v":{"$error":"#VALUE!"}},{"$f":"SUMIFS('[20]WorkDone DATA'!$L:$L,'[20]WorkDone DATA'!$N:$N,BOQ!AB$6,'[20]WorkDone DATA'!$G:$G,BOQ!$B195)*$G195","v":{"$error":"#VALUE!"}},{"$f":"SUMIFS('[20]WorkDone DATA'!$L:$L,'[20]WorkDone DATA'!$N:$N,BOQ!AC$6,'[20]WorkDone DATA'!$G:$G,BOQ!$B195)*$G195","v":{"$error":"#VALUE!"}},{"$f":"SUMIFS('[20]WorkDone DATA'!$L:$L,'[20]WorkDone DATA'!$N:$N,BOQ!AD$6,'[20]WorkDone DATA'!$G:$G,BOQ!$B195)*$G195","v":{"$error":"#VALUE!"}},{"$f":"SUMIFS('[20]WorkDone DATA'!$L:$L,'[20]WorkDone DATA'!$N:$N,BOQ!AE$6,'[20]WorkDone DATA'!$G:$G,BOQ!$B195)*$G195","v":{"$error":"#VALUE!"}},{"$f":"SUMIFS('[20]WorkDone DATA'!$L:$L,'[20]WorkDone DATA'!$N:$N,BOQ!AF$6,'[20]WorkDone DATA'!$G:$G,BOQ!$B195)*$G195","v":{"$error":"#VALUE!"}},{"$f":"SUMIFS('[20]WorkDone DATA'!$L:$L,'[20]WorkDone DATA'!$N:$N,BOQ!AG$6,'[20]WorkDone DATA'!$G:$G,BOQ!$B195)*$G195","v":{"$error":"#VALUE!"}},{"$f":"SUMIFS('[20]WorkDone DATA'!$L:$L,'[20]WorkDone DATA'!$N:$N,BOQ!AH$6,'[20]WorkDone DATA'!$G:$G,BOQ!$B195)*$G195","v":{"$error":"#VALUE!"}},{"$f":"SUMIFS('[20]WorkDone DATA'!$L:$L,'[20]WorkDone DATA'!$N:$N,BOQ!AI$6,'[20]WorkDone DATA'!$G:$G,BOQ!$B195)*$G195","v":{"$error":"#VALUE!"}},{"$f":"SUMIFS('[20]WorkDone DATA'!$L:$L,'[20]WorkDone DATA'!$N:$N,BOQ!AJ$6,'[20]WorkDone DATA'!$G:$G,BOQ!$B195)*$G195","v":{"$error":"#VALUE!"}},{"$f":"SUMIFS('[20]WorkDone DATA'!$L:$L,'[20]WorkDone DATA'!$N:$N,BOQ!AK$6,'[20]WorkDone DATA'!$G:$G,BOQ!$B195)*$G195","v":{"$error":"#VALUE!"}},{"$f":"SUMIFS('[20]WorkDone DATA'!$L:$L,'[20]WorkDone DATA'!$N:$N,BOQ!AL$6,'[20]WorkDone DATA'!$G:$G,BOQ!$B195)*$G195","v":{"$error":"#VALUE!"}},{"$f":"SUMIFS('[20]WorkDone DATA'!$L:$L,'[20]WorkDone DATA'!$N:$N,BOQ!AM$6,'[20]WorkDone DATA'!$G:$G,BOQ!$B195)*$G195","v":{"$error":"#VALUE!"}},{"$f":"SUMIFS('[20]WorkDone DATA'!$L:$L,'[20]WorkDone DATA'!$N:$N,BOQ!AN$6,'[20]WorkDone DATA'!$G:$G,BOQ!$B195)*$G195","v":{"$error":"#VALUE!"}},{"$f":"SUMIFS('[20]WorkDone DATA'!$L:$L,'[20]WorkDone DATA'!$N:$N,BOQ!AO$6,'[20]WorkDone DATA'!$G:$G,BOQ!$B195)*$G195","v":{"$error":"#VALUE!"}},{"$f":"SUMIFS('[20]WorkDone DATA'!$L:$L,'[20]WorkDone DATA'!$N:$N,BOQ!AP$6,'[20]WorkDone DATA'!$G:$G,BOQ!$B195)*$G195","v":{"$error":"#VALUE!"}},{"$f":"SUMIFS('[20]WorkDone DATA'!$L:$L,'[20]WorkDone DATA'!$N:$N,BOQ!AQ$6,'[20]WorkDone DATA'!$G:$G,BOQ!$B195)*$G195","v":{"$error":"#VALUE!"}},{"$f":"SUMIFS('[20]WorkDone DATA'!$L:$L,'[20]WorkDone DATA'!$N:$N,BOQ!AR$6,'[20]WorkDone DATA'!$G:$G,BOQ!$B195)*$G195","v":{"$error":"#VALUE!"}},{"$f":"SUMIFS('[20]WorkDone DATA'!$L:$L,'[20]WorkDone DATA'!$N:$N,BOQ!AS$6,'[20]WorkDone DATA'!$G:$G,BOQ!$B195)*$G195","v":{"$error":"#VALUE!"}},{"$f":"SUMIFS('[20]WorkDone DATA'!$L:$L,'[20]WorkDone DATA'!$N:$N,BOQ!AT$6,'[20]WorkDone DATA'!$G:$G,BOQ!$B195)*$G195","v":{"$error":"#VALUE!"}},{"$f":"SUMIFS('[20]WorkDone DATA'!$L:$L,'[20]WorkDone DATA'!$N:$N,BOQ!AU$6,'[20]WorkDone DATA'!$G:$G,BOQ!$B195)*$G195","v":{"$error":"#VALUE!"}},{"$f":"SUMIFS('[20]WorkDone DATA'!$L:$L,'[20]WorkDone DATA'!$N:$N,BOQ!AV$6,'[20]WorkDone DATA'!$G:$G,BOQ!$B195)*$G195","v":{"$error":"#VALUE!"}},{"$f":"SUMIFS('[20]WorkDone DATA'!$L:$L,'[20]WorkDone DATA'!$N:$N,BOQ!AW$6,'[20]WorkDone DATA'!$G:$G,BOQ!$B195)*$G195","v":{"$error":"#VALUE!"}},{"$f":"SUMIFS('[20]WorkDone DATA'!$L:$L,'[20]WorkDone DATA'!$N:$N,BOQ!AX$6,'[20]WorkDone DATA'!$G:$G,BOQ!$B195)*$G195","v":{"$error":"#VALUE!"}},{"$f":"SUMIFS('[20]WorkDone DATA'!$L:$L,'[20]WorkDone DATA'!$N:$N,BOQ!AY$6,'[20]WorkDone DATA'!$G:$G,BOQ!$B195)*$G195","v":{"$error":"#VALUE!"}},{"$f":"SUMIFS('[20]WorkDone DATA'!$L:$L,'[20]WorkDone DATA'!$N:$N,BOQ!AZ$6,'[20]WorkDone DATA'!$G:$G,BOQ!$B195)*$G195","v":{"$error":"#VALUE!"}},{"$f":"SUMIFS('[20]WorkDone DATA'!$L:$L,'[20]WorkDone DATA'!$N:$N,BOQ!BA$6,'[20]WorkDone DATA'!$G:$G,BOQ!$B195)*$G195","v":{"$error":"#VALUE!"}},{"$f":"SUMIFS('[20]WorkDone DATA'!$L:$L,'[20]WorkDone DATA'!$N:$N,BOQ!BB$6,'[20]WorkDone DATA'!$G:$G,BOQ!$B195)*$G195","v":{"$error":"#VALUE!"}},{"$f":"SUMIFS('[20]WorkDone DATA'!$L:$L,'[20]WorkDone DATA'!$N:$N,BOQ!BC$6,'[20]WorkDone DATA'!$G:$G,BOQ!$B195)*$G195","v":{"$error":"#VALUE!"}},{"$f":"SUMIFS('[20]WorkDone DATA'!$L:$L,'[20]WorkDone DATA'!$N:$N,BOQ!BD$6,'[20]WorkDone DATA'!$G:$G,BOQ!$B195)*$G195","v":{"$error":"#VALUE!"}},{"$f":"SUMIFS('[20]WorkDone DATA'!$L:$L,'[20]WorkDone DATA'!$N:$N,BOQ!BE$6,'[20]WorkDone DATA'!$G:$G,BOQ!$B195)*$G195","v":{"$error":"#VALUE!"}},{"$f":"SUMIFS('[20]WorkDone DATA'!$L:$L,'[20]WorkDone DATA'!$N:$N,BOQ!BF$6,'[20]WorkDone DATA'!$G:$G,BOQ!$B195)*$G195","v":{"$error":"#VALUE!"}},{"$f":"SUMIFS('[20]WorkDone DATA'!$L:$L,'[20]WorkDone DATA'!$N:$N,BOQ!BG$6,'[20]WorkDone DATA'!$G:$G,BOQ!$B195)*$G195","v":{"$error":"#VALUE!"}},{"$f":"SUMIFS('[20]WorkDone DATA'!$L:$L,'[20]WorkDone DATA'!$N:$N,BOQ!BH$6,'[20]WorkDone DATA'!$G:$G,BOQ!$B195)*$G195","v":{"$error":"#VALUE!"}},{"$f":"SUMIFS('[20]WorkDone DATA'!$L:$L,'[20]WorkDone DATA'!$N:$N,BOQ!BI$6,'[20]WorkDone DATA'!$G:$G,BOQ!$B195)*$G195","v":{"$error":"#VALUE!"}},{"$f":"SUMIFS('[20]WorkDone DATA'!$L:$L,'[20]WorkDone DATA'!$N:$N,BOQ!BJ$6,'[20]WorkDone DATA'!$G:$G,BOQ!$B195)*$G195","v":{"$error":"#VALUE!"}},{"$f":"SUMIFS('[20]WorkDone DATA'!$L:$L,'[20]WorkDone DATA'!$N:$N,BOQ!BK$6,'[20]WorkDone DATA'!$G:$G,BOQ!$B195)*$G195","v":{"$error":"#VALUE!"}},{"$f":"SUMIFS('[20]WorkDone DATA'!$L:$L,'[20]WorkDone DATA'!$N:$N,BOQ!BL$6,'[20]WorkDone DATA'!$G:$G,BOQ!$B195)*$G195","v":{"$error":"#VALUE!"}},{"$f":"SUMIFS('[20]WorkDone DATA'!$L:$L,'[20]WorkDone DATA'!$N:$N,BOQ!BM$6,'[20]WorkDone DATA'!$G:$G,BOQ!$B195)*$G195","v":{"$error":"#VALUE!"}},{"$f":"SUMIFS('[20]WorkDone DATA'!$L:$L,'[20]WorkDone DATA'!$N:$N,BOQ!BN$6,'[20]WorkDone DATA'!$G:$G,BOQ!$B195)*$G195","v":{"$error":"#VALUE!"}},{"$f":"SUMIFS('[20]WorkDone DATA'!$L:$L,'[20]WorkDone DATA'!$N:$N,BOQ!BO$6,'[20]WorkDone DATA'!$G:$G,BOQ!$B195)*$G195","v":{"$error":"#VALUE!"}},{"$f":"SUMIFS('[20]WorkDone DATA'!$L:$L,'[20]WorkDone DATA'!$N:$N,BOQ!BP$6,'[20]WorkDone DATA'!$G:$G,BOQ!$B195)*$G195","v":{"$error":"#VALUE!"}},{"$f":"SUMIFS('[20]WorkDone DATA'!$L:$L,'[20]WorkDone DATA'!$N:$N,BOQ!BQ$6,'[20]WorkDone DATA'!$G:$G,BOQ!$B195)*$G195","v":{"$error":"#VALUE!"}},{"$f":"SUMIFS('[20]WorkDone DATA'!$L:$L,'[20]WorkDone DATA'!$N:$N,BOQ!BR$6,'[20]WorkDone DATA'!$G:$G,BOQ!$B195)*$G195","v":{"$error":"#VALUE!"}},{"$f":"SUMIFS('[20]WorkDone DATA'!$L:$L,'[20]WorkDone DATA'!$N:$N,BOQ!BS$6,'[20]WorkDone DATA'!$G:$G,BOQ!$B195)*$G195","v":{"$error":"#VALUE!"}},{"$f":"SUMIFS('[20]WorkDone DATA'!$L:$L,'[20]WorkDone DATA'!$N:$N,BOQ!BT$6,'[20]WorkDone DATA'!$G:$G,BOQ!$B195)*$G195","v":{"$error":"#VALUE!"}},{"$f":"SUMIFS('[20]WorkDone DATA'!$L:$L,'[20]WorkDone DATA'!$N:$N,BOQ!BU$6,'[20]WorkDone DATA'!$G:$G,BOQ!$B195)*$G195","v":{"$error":"#VALUE!"}},{"$f":"SUMIFS('[20]WorkDone DATA'!$L:$L,'[20]WorkDone DATA'!$N:$N,BOQ!BV$6,'[20]WorkDone DATA'!$G:$G,BOQ!$B195)*$G195","v":{"$error":"#VALUE!"}},{"$f":"SUMIFS('[20]WorkDone DATA'!$L:$L,'[20]WorkDone DATA'!$N:$N,BOQ!BW$6,'[20]WorkDone DATA'!$G:$G,BOQ!$B195)*$G195","v":{"$error":"#VALUE!"}},{"$f":"SUMIFS('[20]WorkDone DATA'!$L:$L,'[20]WorkDone DATA'!$N:$N,BOQ!BX$6,'[20]WorkDone DATA'!$G:$G,BOQ!$B195)*$G195","v":{"$error":"#VALUE!"}}]
[{"$f":"C195","v":"95mm2 x 3core (EXX03PCV) 6.35 kV/11kV "},2.097,"Supply","E","each",12,{"v":4772.01,"d":"4,772.01"},{"v":57264.12,"d":"57,264.12"},null,null,{"$error":"#VALUE!"},{"$error":"#VALUE!"},{"$error":"#VALUE!"},null,{"$error":"#VALUE!"},{"$error":"#VALUE!"},null,{"$f":"SUMIFS('[20]WorkDone DATA'!$L:$L,'[20]WorkDone DATA'!$N:$N,BOQ!S$6,'[20]WorkDone DATA'!$G:$G,BOQ!$B196)","v":{"$error":"#VALUE!"}},{"$error":"#VALUE!"},{"$f":"SUMIFS('[20]WorkDone DATA'!$L:$L,'[20]WorkDone DATA'!$N:$N,BOQ!U$6,'[20]WorkDone DATA'!$G:$G,BOQ!$B196)","v":{"$error":"#VALUE!"}},{"$error":"#VALUE!"},null,{"$f":"SUMIFS('[20]WorkDone DATA'!$L:$L,'[20]WorkDone DATA'!$N:$N,BOQ!W$6,'[20]WorkDone DATA'!$G:$G,BOQ!$B196)*$G196","v":{"$error":"#VALUE!"}},null,{"$f":"SUMIFS('[20]WorkDone DATA'!$L:$L,'[20]WorkDone DATA'!$N:$N,BOQ!Y$6,'[20]WorkDone DATA'!$G:$G,BOQ!$B196)*$G196","v":{"$error":"#VALUE!"}},null,{"$f":"SUMIFS('[20]WorkDone DATA'!$L:$L,'[20]WorkDone DATA'!$N:$N,BOQ!AA$6,'[20]WorkDone DATA'!$G:$G,BOQ!$B196)*$G196","v":{"$error":"#VALUE!"}},{"$f":"SUMIFS('[20]WorkDone DATA'!$L:$L,'[20]WorkDone DATA'!$N:$N,BOQ!AB$6,'[20]WorkDone DATA'!$G:$G,BOQ!$B196)*$G196","v":{"$error":"#VALUE!"}},{"$f":"SUMIFS('[20]WorkDone DATA'!$L:$L,'[20]WorkDone DATA'!$N:$N,BOQ!AC$6,'[20]WorkDone DATA'!$G:$G,BOQ!$B196)*$G196","v":{"$error":"#VALUE!"}},{"$f":"SUMIFS('[20]WorkDone DATA'!$L:$L,'[20]WorkDone DATA'!$N:$N,BOQ!AD$6,'[20]WorkDone DATA'!$G:$G,BOQ!$B196)*$G196","v":{"$error":"#VALUE!"}},{"$f":"SUMIFS('[20]WorkDone DATA'!$L:$L,'[20]WorkDone DATA'!$N:$N,BOQ!AE$6,'[20]WorkDone DATA'!$G:$G,BOQ!$B196)*$G196","v":{"$error":"#VALUE!"}},{"$f":"SUMIFS('[20]WorkDone DATA'!$L:$L,'[20]WorkDone DATA'!$N:$N,BOQ!AF$6,'[20]WorkDone DATA'!$G:$G,BOQ!$B196)*$G196","v":{"$error":"#VALUE!"}},{"$f":"SUMIFS('[20]WorkDone DATA'!$L:$L,'[20]WorkDone DATA'!$N:$N,BOQ!AG$6,'[20]WorkDone DATA'!$G:$G,BOQ!$B196)*$G196","v":{"$error":"#VALUE!"}},{"$f":"SUMIFS('[20]WorkDone DATA'!$L:$L,'[20]WorkDone DATA'!$N:$N,BOQ!AH$6,'[20]WorkDone DATA'!$G:$G,BOQ!$B196)*$G196","v":{"$error":"#VALUE!"}},{"$f":"SUMIFS('[20]WorkDone DATA'!$L:$L,'[20]WorkDone DATA'!$N:$N,BOQ!AI$6,'[20]WorkDone DATA'!$G:$G,BOQ!$B196)*$G196","v":{"$error":"#VALUE!"}},{"$f":"SUMIFS('[20]WorkDone DATA'!$L:$L,'[20]WorkDone DATA'!$N:$N,BOQ!AJ$6,'[20]WorkDone DATA'!$G:$G,BOQ!$B196)*$G196","v":{"$error":"#VALUE!"}},{"$f":"SUMIFS('[20]WorkDone DATA'!$L:$L,'[20]WorkDone DATA'!$N:$N,BOQ!AK$6,'[20]WorkDone DATA'!$G:$G,BOQ!$B196)*$G196","v":{"$error":"#VALUE!"}},{"$f":"SUMIFS('[20]WorkDone DATA'!$L:$L,'[20]WorkDone DATA'!$N:$N,BOQ!AL$6,'[20]WorkDone DATA'!$G:$G,BOQ!$B196)*$G196","v":{"$error":"#VALUE!"}},{"$f":"SUMIFS('[20]WorkDone DATA'!$L:$L,'[20]WorkDone DATA'!$N:$N,BOQ!AM$6,'[20]WorkDone DATA'!$G:$G,BOQ!$B196)*$G196","v":{"$error":"#VALUE!"}},{"$f":"SUMIFS('[20]WorkDone DATA'!$L:$L,'[20]WorkDone DATA'!$N:$N,BOQ!AN$6,'[20]WorkDone DATA'!$G:$G,BOQ!$B196)*$G196","v":{"$error":"#VALUE!"}},{"$f":"SUMIFS('[20]WorkDone DATA'!$L:$L,'[20]WorkDone DATA'!$N:$N,BOQ!AO$6,'[20]WorkDone DATA'!$G:$G,BOQ!$B196)*$G196","v":{"$error":"#VALUE!"}},{"$f":"SUMIFS('[20]WorkDone DATA'!$L:$L,'[20]WorkDone DATA'!$N:$N,BOQ!AP$6,'[20]WorkDone DATA'!$G:$G,BOQ!$B196)*$G196","v":{"$error":"#VALUE!"}},{"$f":"SUMIFS('[20]WorkDone DATA'!$L:$L,'[20]WorkDone DATA'!$N:$N,BOQ!AQ$6,'[20]WorkDone DATA'!$G:$G,BOQ!$B196)*$G196","v":{"$error":"#VALUE!"}},{"$f":"SUMIFS('[20]WorkDone DATA'!$L:$L,'[20]WorkDone DATA'!$N:$N,BOQ!AR$6,'[20]WorkDone DATA'!$G:$G,BOQ!$B196)*$G196","v":{"$error":"#VALUE!"}},{"$f":"SUMIFS('[20]WorkDone DATA'!$L:$L,'[20]WorkDone DATA'!$N:$N,BOQ!AS$6,'[20]WorkDone DATA'!$G:$G,BOQ!$B196)*$G196","v":{"$error":"#VALUE!"}},{"$f":"SUMIFS('[20]WorkDone DATA'!$L:$L,'[20]WorkDone DATA'!$N:$N,BOQ!AT$6,'[20]WorkDone DATA'!$G:$G,BOQ!$B196)*$G196","v":{"$error":"#VALUE!"}},{"$f":"SUMIFS('[20]WorkDone DATA'!$L:$L,'[20]WorkDone DATA'!$N:$N,BOQ!AU$6,'[20]WorkDone DATA'!$G:$G,BOQ!$B196)*$G196","v":{"$error":"#VALUE!"}},{"$f":"SUMIFS('[20]WorkDone DATA'!$L:$L,'[20]WorkDone DATA'!$N:$N,BOQ!AV$6,'[20]WorkDone DATA'!$G:$G,BOQ!$B196)*$G196","v":{"$error":"#VALUE!"}},{"$f":"SUMIFS('[20]WorkDone DATA'!$L:$L,'[20]WorkDone DATA'!$N:$N,BOQ!AW$6,'[20]WorkDone DATA'!$G:$G,BOQ!$B196)*$G196","v":{"$error":"#VALUE!"}},{"$f":"SUMIFS('[20]WorkDone DATA'!$L:$L,'[20]WorkDone DATA'!$N:$N,BOQ!AX$6,'[20]WorkDone DATA'!$G:$G,BOQ!$B196)*$G196","v":{"$error":"#VALUE!"}},{"$f":"SUMIFS('[20]WorkDone DATA'!$L:$L,'[20]WorkDone DATA'!$N:$N,BOQ!AY$6,'[20]WorkDone DATA'!$G:$G,BOQ!$B196)*$G196","v":{"$error":"#VALUE!"}},{"$f":"SUMIFS('[20]WorkDone DATA'!$L:$L,'[20]WorkDone DATA'!$N:$N,BOQ!AZ$6,'[20]WorkDone DATA'!$G:$G,BOQ!$B196)*$G196","v":{"$error":"#VALUE!"}},{"$f":"SUMIFS('[20]WorkDone DATA'!$L:$L,'[20]WorkDone DATA'!$N:$N,BOQ!BA$6,'[20]WorkDone DATA'!$G:$G,BOQ!$B196)*$G196","v":{"$error":"#VALUE!"}},{"$f":"SUMIFS('[20]WorkDone DATA'!$L:$L,'[20]WorkDone DATA'!$N:$N,BOQ!BB$6,'[20]WorkDone DATA'!$G:$G,BOQ!$B196)*$G196","v":{"$error":"#VALUE!"}},{"$f":"SUMIFS('[20]WorkDone DATA'!$L:$L,'[20]WorkDone DATA'!$N:$N,BOQ!BC$6,'[20]WorkDone DATA'!$G:$G,BOQ!$B196)*$G196","v":{"$error":"#VALUE!"}},{"$f":"SUMIFS('[20]WorkDone DATA'!$L:$L,'[20]WorkDone DATA'!$N:$N,BOQ!BD$6,'[20]WorkDone DATA'!$G:$G,BOQ!$B196)*$G196","v":{"$error":"#VALUE!"}},{"$f":"SUMIFS('[20]WorkDone DATA'!$L:$L,'[20]WorkDone DATA'!$N:$N,BOQ!BE$6,'[20]WorkDone DATA'!$G:$G,BOQ!$B196)*$G196","v":{"$error":"#VALUE!"}},{"$f":"SUMIFS('[20]WorkDone DATA'!$L:$L,'[20]WorkDone DATA'!$N:$N,BOQ!BF$6,'[20]WorkDone DATA'!$G:$G,BOQ!$B196)*$G196","v":{"$error":"#VALUE!"}},{"$f":"SUMIFS('[20]WorkDone DATA'!$L:$L,'[20]WorkDone DATA'!$N:$N,BOQ!BG$6,'[20]WorkDone DATA'!$G:$G,BOQ!$B196)*$G196","v":{"$error":"#VALUE!"}},{"$f":"SUMIFS('[20]WorkDone DATA'!$L:$L,'[20]WorkDone DATA'!$N:$N,BOQ!BH$6,'[20]WorkDone DATA'!$G:$G,BOQ!$B196)*$G196","v":{"$error":"#VALUE!"}},{"$f":"SUMIFS('[20]WorkDone DATA'!$L:$L,'[20]WorkDone DATA'!$N:$N,BOQ!BI$6,'[20]WorkDone DATA'!$G:$G,BOQ!$B196)*$G196","v":{"$error":"#VALUE!"}},{"$f":"SUMIFS('[20]WorkDone DATA'!$L:$L,'[20]WorkDone DATA'!$N:$N,BOQ!BJ$6,'[20]WorkDone DATA'!$G:$G,BOQ!$B196)*$G196","v":{"$error":"#VALUE!"}},{"$f":"SUMIFS('[20]WorkDone DATA'!$L:$L,'[20]WorkDone DATA'!$N:$N,BOQ!BK$6,'[20]WorkDone DATA'!$G:$G,BOQ!$B196)*$G196","v":{"$error":"#VALUE!"}},{"$f":"SUMIFS('[20]WorkDone DATA'!$L:$L,'[20]WorkDone DATA'!$N:$N,BOQ!BL$6,'[20]WorkDone DATA'!$G:$G,BOQ!$B196)*$G196","v":{"$error":"#VALUE!"}},{"$f":"SUMIFS('[20]WorkDone DATA'!$L:$L,'[20]WorkDone DATA'!$N:$N,BOQ!BM$6,'[20]WorkDone DATA'!$G:$G,BOQ!$B196)*$G196","v":{"$error":"#VALUE!"}},{"$f":"SUMIFS('[20]WorkDone DATA'!$L:$L,'[20]WorkDone DATA'!$N:$N,BOQ!BN$6,'[20]WorkDone DATA'!$G:$G,BOQ!$B196)*$G196","v":{"$error":"#VALUE!"}},{"$f":"SUMIFS('[20]WorkDone DATA'!$L:$L,'[20]WorkDone DATA'!$N:$N,BOQ!BO$6,'[20]WorkDone DATA'!$G:$G,BOQ!$B196)*$G196","v":{"$error":"#VALUE!"}},{"$f":"SUMIFS('[20]WorkDone DATA'!$L:$L,'[20]WorkDone DATA'!$N:$N,BOQ!BP$6,'[20]WorkDone DATA'!$G:$G,BOQ!$B196)*$G196","v":{"$error":"#VALUE!"}},{"$f":"SUMIFS('[20]WorkDone DATA'!$L:$L,'[20]WorkDone DATA'!$N:$N,BOQ!BQ$6,'[20]WorkDone DATA'!$G:$G,BOQ!$B196)*$G196","v":{"$error":"#VALUE!"}},{"$f":"SUMIFS('[20]WorkDone DATA'!$L:$L,'[20]WorkDone DATA'!$N:$N,BOQ!BR$6,'[20]WorkDone DATA'!$G:$G,BOQ!$B196)*$G196","v":{"$error":"#VALUE!"}},{"$f":"SUMIFS('[20]WorkDone DATA'!$L:$L,'[20]WorkDone DATA'!$N:$N,BOQ!BS$6,'[20]WorkDone DATA'!$G:$G,BOQ!$B196)*$G196","v":{"$error":"#VALUE!"}},{"$f":"SUMIFS('[20]WorkDone DATA'!$L:$L,'[20]WorkDone DATA'!$N:$N,BOQ!BT$6,'[20]WorkDone DATA'!$G:$G,BOQ!$B196)*$G196","v":{"$error":"#VALUE!"}},{"$f":"SUMIFS('[20]WorkDone DATA'!$L:$L,'[20]WorkDone DATA'!$N:$N,BOQ!BU$6,'[20]WorkDone DATA'!$G:$G,BOQ!$B196)*$G196","v":{"$error":"#VALUE!"}},{"$f":"SUMIFS('[20]WorkDone DATA'!$L:$L,'[20]WorkDone DATA'!$N:$N,BOQ!BV$6,'[20]WorkDone DATA'!$G:$G,BOQ!$B196)*$G196","v":{"$error":"#VALUE!"}},{"$f":"SUMIFS('[20]WorkDone DATA'!$L:$L,'[20]WorkDone DATA'!$N:$N,BOQ!BW$6,'[20]WorkDone DATA'!$G:$G,BOQ!$B196)*$G196","v":{"$error":"#VALUE!"}},{"$f":"SUMIFS('[20]WorkDone DATA'!$L:$L,'[20]WorkDone DATA'!$N:$N,BOQ!BX$6,'[20]WorkDone DATA'!$G:$G,BOQ!$B196)*$G196","v":{"$error":"#VALUE!"}}]
[{"$f":"C195","v":"95mm2 x 3core (EXX03PCV) 6.35 kV/11kV "},2.098,"Installation","A","each",12,{"v":4613.92,"d":"4,613.92"},{"v":55367.04,"d":"55,367.04"},null,null,{"$error":"#VALUE!"},{"$error":"#VALUE!"},{"$error":"#VALUE!"},null,{"$error":"#VALUE!"},{"$error":"#VALUE!"},null,{"$f":"SUMIFS('[20]WorkDone DATA'!$L:$L,'[20]WorkDone DATA'!$N:$N,BOQ!S$6,'[20]WorkDone DATA'!$G:$G,BOQ!$B197)","v":{"$error":"#VALUE!"}},{"$error":"#VALUE!"},{"$f":"SUMIFS('[20]WorkDone DATA'!$L:$L,'[20]WorkDone DATA'!$N:$N,BOQ!U$6,'[20]WorkDone DATA'!$G:$G,BOQ!$B197)","v":{"$error":"#VALUE!"}},{"$error":"#VALUE!"},null,{"$f":"SUMIFS('[20]WorkDone DATA'!$L:$L,'[20]WorkDone DATA'!$N:$N,BOQ!W$6,'[20]WorkDone DATA'!$G:$G,BOQ!$B197)*$G197","v":{"$error":"#VALUE!"}},null,{"$f":"SUMIFS('[20]WorkDone DATA'!$L:$L,'[20]WorkDone DATA'!$N:$N,BOQ!Y$6,'[20]WorkDone DATA'!$G:$G,BOQ!$B197)*$G197","v":{"$error":"#VALUE!"}},null,{"$f":"SUMIFS('[20]WorkDone DATA'!$L:$L,'[20]WorkDone DATA'!$N:$N,BOQ!AA$6,'[20]WorkDone DATA'!$G:$G,BOQ!$B197)*$G197","v":{"$error":"#VALUE!"}},{"$f":"SUMIFS('[20]WorkDone DATA'!$L:$L,'[20]WorkDone DATA'!$N:$N,BOQ!AB$6,'[20]WorkDone DATA'!$G:$G,BOQ!$B197)*$G197","v":{"$error":"#VALUE!"}},{"$f":"SUMIFS('[20]WorkDone DATA'!$L:$L,'[20]WorkDone DATA'!$N:$N,BOQ!AC$6,'[20]WorkDone DATA'!$G:$G,BOQ!$B197)*$G197","v":{"$error":"#VALUE!"}},{"$f":"SUMIFS('[20]WorkDone DATA'!$L:$L,'[20]WorkDone DATA'!$N:$N,BOQ!AD$6,'[20]WorkDone DATA'!$G:$G,BOQ!$B197)*$G197","v":{"$error":"#VALUE!"}},{"$f":"SUMIFS('[20]WorkDone DATA'!$L:$L,'[20]WorkDone DATA'!$N:$N,BOQ!AE$6,'[20]WorkDone DATA'!$G:$G,BOQ!$B197)*$G197","v":{"$error":"#VALUE!"}},{"$f":"SUMIFS('[20]WorkDone DATA'!$L:$L,'[20]WorkDone DATA'!$N:$N,BOQ!AF$6,'[20]WorkDone DATA'!$G:$G,BOQ!$B197)*$G197","v":{"$error":"#VALUE!"}},{"$f":"SUMIFS('[20]WorkDone DATA'!$L:$L,'[20]WorkDone DATA'!$N:$N,BOQ!AG$6,'[20]WorkDone DATA'!$G:$G,BOQ!$B197)*$G197","v":{"$error":"#VALUE!"}},{"$f":"SUMIFS('[20]WorkDone DATA'!$L:$L,'[20]WorkDone DATA'!$N:$N,BOQ!AH$6,'[20]WorkDone DATA'!$G:$G,BOQ!$B197)*$G197","v":{"$error":"#VALUE!"}},{"$f":"SUMIFS('[20]WorkDone DATA'!$L:$L,'[20]WorkDone DATA'!$N:$N,BOQ!AI$6,'[20]WorkDone DATA'!$G:$G,BOQ!$B197)*$G197","v":{"$error":"#VALUE!"}},{"$f":"SUMIFS('[20]WorkDone DATA'!$L:$L,'[20]WorkDone DATA'!$N:$N,BOQ!AJ$6,'[20]WorkDone DATA'!$G:$G,BOQ!$B197)*$G197","v":{"$error":"#VALUE!"}},{"$f":"SUMIFS('[20]WorkDone DATA'!$L:$L,'[20]WorkDone DATA'!$N:$N,BOQ!AK$6,'[20]WorkDone DATA'!$G:$G,BOQ!$B197)*$G197","v":{"$error":"#VALUE!"}},{"$f":"SUMIFS('[20]WorkDone DATA'!$L:$L,'[20]WorkDone DATA'!$N:$N,BOQ!AL$6,'[20]WorkDone DATA'!$G:$G,BOQ!$B197)*$G197","v":{"$error":"#VALUE!"}},{"$f":"SUMIFS('[20]WorkDone DATA'!$L:$L,'[20]WorkDone DATA'!$N:$N,BOQ!AM$6,'[20]WorkDone DATA'!$G:$G,BOQ!$B197)*$G197","v":{"$error":"#VALUE!"}},{"$f":"SUMIFS('[20]WorkDone DATA'!$L:$L,'[20]WorkDone DATA'!$N:$N,BOQ!AN$6,'[20]WorkDone DATA'!$G:$G,BOQ!$B197)*$G197","v":{"$error":"#VALUE!"}},{"$f":"SUMIFS('[20]WorkDone DATA'!$L:$L,'[20]WorkDone DATA'!$N:$N,BOQ!AO$6,'[20]WorkDone DATA'!$G:$G,BOQ!$B197)*$G197","v":{"$error":"#VALUE!"}},{"$f":"SUMIFS('[20]WorkDone DATA'!$L:$L,'[20]WorkDone DATA'!$N:$N,BOQ!AP$6,'[20]WorkDone DATA'!$G:$G,BOQ!$B197)*$G197","v":{"$error":"#VALUE!"}},{"$f":"SUMIFS('[20]WorkDone DATA'!$L:$L,'[20]WorkDone DATA'!$N:$N,BOQ!AQ$6,'[20]WorkDone DATA'!$G:$G,BOQ!$B197)*$G197","v":{"$error":"#VALUE!"}},{"$f":"SUMIFS('[20]WorkDone DATA'!$L:$L,'[20]WorkDone DATA'!$N:$N,BOQ!AR$6,'[20]WorkDone DATA'!$G:$G,BOQ!$B197)*$G197","v":{"$error":"#VALUE!"}},{"$f":"SUMIFS('[20]WorkDone DATA'!$L:$L,'[20]WorkDone DATA'!$N:$N,BOQ!AS$6,'[20]WorkDone DATA'!$G:$G,BOQ!$B197)*$G197","v":{"$error":"#VALUE!"}},{"$f":"SUMIFS('[20]WorkDone DATA'!$L:$L,'[20]WorkDone DATA'!$N:$N,BOQ!AT$6,'[20]WorkDone DATA'!$G:$G,BOQ!$B197)*$G197","v":{"$error":"#VALUE!"}},{"$f":"SUMIFS('[20]WorkDone DATA'!$L:$L,'[20]WorkDone DATA'!$N:$N,BOQ!AU$6,'[20]WorkDone DATA'!$G:$G,BOQ!$B197)*$G197","v":{"$error":"#VALUE!"}},{"$f":"SUMIFS('[20]WorkDone DATA'!$L:$L,'[20]WorkDone DATA'!$N:$N,BOQ!AV$6,'[20]WorkDone DATA'!$G:$G,BOQ!$B197)*$G197","v":{"$error":"#VALUE!"}},{"$f":"SUMIFS('[20]WorkDone DATA'!$L:$L,'[20]WorkDone DATA'!$N:$N,BOQ!AW$6,'[20]WorkDone DATA'!$G:$G,BOQ!$B197)*$G197","v":{"$error":"#VALUE!"}},{"$f":"SUMIFS('[20]WorkDone DATA'!$L:$L,'[20]WorkDone DATA'!$N:$N,BOQ!AX$6,'[20]WorkDone DATA'!$G:$G,BOQ!$B197)*$G197","v":{"$error":"#VALUE!"}},{"$f":"SUMIFS('[20]WorkDone DATA'!$L:$L,'[20]WorkDone DATA'!$N:$N,BOQ!AY$6,'[20]WorkDone DATA'!$G:$G,BOQ!$B197)*$G197","v":{"$error":"#VALUE!"}},{"$f":"SUMIFS('[20]WorkDone DATA'!$L:$L,'[20]WorkDone DATA'!$N:$N,BOQ!AZ$6,'[20]WorkDone DATA'!$G:$G,BOQ!$B197)*$G197","v":{"$error":"#VALUE!"}},{"$f":"SUMIFS('[20]WorkDone DATA'!$L:$L,'[20]WorkDone DATA'!$N:$N,BOQ!BA$6,'[20]WorkDone DATA'!$G:$G,BOQ!$B197)*$G197","v":{"$error":"#VALUE!"}},{"$f":"SUMIFS('[20]WorkDone DATA'!$L:$L,'[20]WorkDone DATA'!$N:$N,BOQ!BB$6,'[20]WorkDone DATA'!$G:$G,BOQ!$B197)*$G197","v":{"$error":"#VALUE!"}},{"$f":"SUMIFS('[20]WorkDone DATA'!$L:$L,'[20]WorkDone DATA'!$N:$N,BOQ!BC$6,'[20]WorkDone DATA'!$G:$G,BOQ!$B197)*$G197","v":{"$error":"#VALUE!"}},{"$f":"SUMIFS('[20]WorkDone DATA'!$L:$L,'[20]WorkDone DATA'!$N:$N,BOQ!BD$6,'[20]WorkDone DATA'!$G:$G,BOQ!$B197)*$G197","v":{"$error":"#VALUE!"}},{"$f":"SUMIFS('[20]WorkDone DATA'!$L:$L,'[20]WorkDone DATA'!$N:$N,BOQ!BE$6,'[20]WorkDone DATA'!$G:$G,BOQ!$B197)*$G197","v":{"$error":"#VALUE!"}},{"$f":"SUMIFS('[20]WorkDone DATA'!$L:$L,'[20]WorkDone DATA'!$N:$N,BOQ!BF$6,'[20]WorkDone DATA'!$G:$G,BOQ!$B197)*$G197","v":{"$error":"#VALUE!"}},{"$f":"SUMIFS('[20]WorkDone DATA'!$L:$L,'[20]WorkDone DATA'!$N:$N,BOQ!BG$6,'[20]WorkDone DATA'!$G:$G,BOQ!$B197)*$G197","v":{"$error":"#VALUE!"}},{"$f":"SUMIFS('[20]WorkDone DATA'!$L:$L,'[20]WorkDone DATA'!$N:$N,BOQ!BH$6,'[20]WorkDone DATA'!$G:$G,BOQ!$B197)*$G197","v":{"$error":"#VALUE!"}},{"$f":"SUMIFS('[20]WorkDone DATA'!$L:$L,'[20]WorkDone DATA'!$N:$N,BOQ!BI$6,'[20]WorkDone DATA'!$G:$G,BOQ!$B197)*$G197","v":{"$error":"#VALUE!"}},{"$f":"SUMIFS('[20]WorkDone DATA'!$L:$L,'[20]WorkDone DATA'!$N:$N,BOQ!BJ$6,'[20]WorkDone DATA'!$G:$G,BOQ!$B197)*$G197","v":{"$error":"#VALUE!"}},{"$f":"SUMIFS('[20]WorkDone DATA'!$L:$L,'[20]WorkDone DATA'!$N:$N,BOQ!BK$6,'[20]WorkDone DATA'!$G:$G,BOQ!$B197)*$G197","v":{"$error":"#VALUE!"}},{"$f":"SUMIFS('[20]WorkDone DATA'!$L:$L,'[20]WorkDone DATA'!$N:$N,BOQ!BL$6,'[20]WorkDone DATA'!$G:$G,BOQ!$B197)*$G197","v":{"$error":"#VALUE!"}},{"$f":"SUMIFS('[20]WorkDone DATA'!$L:$L,'[20]WorkDone DATA'!$N:$N,BOQ!BM$6,'[20]WorkDone DATA'!$G:$G,BOQ!$B197)*$G197","v":{"$error":"#VALUE!"}},{"$f":"SUMIFS('[20]WorkDone DATA'!$L:$L,'[20]WorkDone DATA'!$N:$N,BOQ!BN$6,'[20]WorkDone DATA'!$G:$G,BOQ!$B197)*$G197","v":{"$error":"#VALUE!"}},{"$f":"SUMIFS('[20]WorkDone DATA'!$L:$L,'[20]WorkDone DATA'!$N:$N,BOQ!BO$6,'[20]WorkDone DATA'!$G:$G,BOQ!$B197)*$G197","v":{"$error":"#VALUE!"}},{"$f":"SUMIFS('[20]WorkDone DATA'!$L:$L,'[20]WorkDone DATA'!$N:$N,BOQ!BP$6,'[20]WorkDone DATA'!$G:$G,BOQ!$B197)*$G197","v":{"$error":"#VALUE!"}},{"$f":"SUMIFS('[20]WorkDone DATA'!$L:$L,'[20]WorkDone DATA'!$N:$N,BOQ!BQ$6,'[20]WorkDone DATA'!$G:$G,BOQ!$B197)*$G197","v":{"$error":"#VALUE!"}},{"$f":"SUMIFS('[20]WorkDone DATA'!$L:$L,'[20]WorkDone DATA'!$N:$N,BOQ!BR$6,'[20]WorkDone DATA'!$G:$G,BOQ!$B197)*$G197","v":{"$error":"#VALUE!"}},{"$f":"SUMIFS('[20]WorkDone DATA'!$L:$L,'[20]WorkDone DATA'!$N:$N,BOQ!BS$6,'[20]WorkDone DATA'!$G:$G,BOQ!$B197)*$G197","v":{"$error":"#VALUE!"}},{"$f":"SUMIFS('[20]WorkDone DATA'!$L:$L,'[20]WorkDone DATA'!$N:$N,BOQ!BT$6,'[20]WorkDone DATA'!$G:$G,BOQ!$B197)*$G197","v":{"$error":"#VALUE!"}},{"$f":"SUMIFS('[20]WorkDone DATA'!$L:$L,'[20]WorkDone DATA'!$N:$N,BOQ!BU$6,'[20]WorkDone DATA'!$G:$G,BOQ!$B197)*$G197","v":{"$error":"#VALUE!"}},{"$f":"SUMIFS('[20]WorkDone DATA'!$L:$L,'[20]WorkDone DATA'!$N:$N,BOQ!BV$6,'[20]WorkDone DATA'!$G:$G,BOQ!$B197)*$G197","v":{"$error":"#VALUE!"}},{"$f":"SUMIFS('[20]WorkDone DATA'!$L:$L,'[20]WorkDone DATA'!$N:$N,BOQ!BW$6,'[20]WorkDone DATA'!$G:$G,BOQ!$B197)*$G197","v":{"$error":"#VALUE!"}},{"$f":"SUMIFS('[20]WorkDone DATA'!$L:$L,'[20]WorkDone DATA'!$N:$N,BOQ!BX$6,'[20]WorkDone DATA'!$G:$G,BOQ!$B197)*$G197","v":{"$error":"#VALUE!"}}]
[null,null,"XLPE 3.3kV",{"$nulls":4},0,{"$nulls":3},{"$error":"#VALUE!"},{"$error":"#VALUE!"},null,0,{"$error":"#VALUE!"},null,{"$f":"SUMIFS('[20]WorkDone DATA'!$L:$L,'[20]WorkDone DATA'!$N:$N,BOQ!S$6,'[20]WorkDone DATA'!$G:$G,BOQ!$B198)","v":{"$error":"#VALUE!"}},{"$error":"#VALUE!"},{"$f":"SUMIFS('[20]WorkDone DATA'!$L:$L,'[20]WorkDone DATA'!$N:$N,BOQ!U$6,'[20]WorkDone DATA'!$G:$G,BOQ!$B198)","v":{"$error":"#VALUE!"}},{"$error":"#VALUE!"},null,{"$f":"SUMIFS('[20]WorkDone DATA'!$L:$L,'[20]WorkDone DATA'!$N:$N,BOQ!W$6,'[20]WorkDone DATA'!$G:$G,BOQ!$B198)*$G198","v":{"$error":"#VALUE!"}},null,{"$f":"SUMIFS('[20]WorkDone DATA'!$L:$L,'[20]WorkDone DATA'!$N:$N,BOQ!Y$6,'[20]WorkDone DATA'!$G:$G,BOQ!$B198)*$G198","v":{"$error":"#VALUE!"}},null,{"$f":"SUMIFS('[20]WorkDone DATA'!$L:$L,'[20]WorkDone DATA'!$N:$N,BOQ!AA$6,'[20]WorkDone DATA'!$G:$G,BOQ!$B198)*$G198","v":{"$error":"#VALUE!"}},{"$f":"SUMIFS('[20]WorkDone DATA'!$L:$L,'[20]WorkDone DATA'!$N:$N,BOQ!AB$6,'[20]WorkDone DATA'!$G:$G,BOQ!$B198)*$G198","v":{"$error":"#VALUE!"}},{"$f":"SUMIFS('[20]WorkDone DATA'!$L:$L,'[20]WorkDone DATA'!$N:$N,BOQ!AC$6,'[20]WorkDone DATA'!$G:$G,BOQ!$B198)*$G198","v":{"$error":"#VALUE!"}},{"$f":"SUMIFS('[20]WorkDone DATA'!$L:$L,'[20]WorkDone DATA'!$N:$N,BOQ!AD$6,'[20]WorkDone DATA'!$G:$G,BOQ!$B198)*$G198","v":{"$error":"#VALUE!"}},{"$f":"SUMIFS('[20]WorkDone DATA'!$L:$L,'[20]WorkDone DATA'!$N:$N,BOQ!AE$6,'[20]WorkDone DATA'!$G:$G,BOQ!$B198)*$G198","v":{"$error":"#VALUE!"}},{"$f":"SUMIFS('[20]WorkDone DATA'!$L:$L,'[20]WorkDone DATA'!$N:$N,BOQ!AF$6,'[20]WorkDone DATA'!$G:$G,BOQ!$B198)*$G198","v":{"$error":"#VALUE!"}},{"$f":"SUMIFS('[20]WorkDone DATA'!$L:$L,'[20]WorkDone DATA'!$N:$N,BOQ!AG$6,'[20]WorkDone DATA'!$G:$G,BOQ!$B198)*$G198","v":{"$error":"#VALUE!"}},{"$f":"SUMIFS('[20]WorkDone DATA'!$L:$L,'[20]WorkDone DATA'!$N:$N,BOQ!AH$6,'[20]WorkDone DATA'!$G:$G,BOQ!$B198)*$G198","v":{"$error":"#VALUE!"}},{"$f":"SUMIFS('[20]WorkDone DATA'!$L:$L,'[20]WorkDone DATA'!$N:$N,BOQ!AI$6,'[20]WorkDone DATA'!$G:$G,BOQ!$B198)*$G198","v":{"$error":"#VALUE!"}},{"$f":"SUMIFS('[20]WorkDone DATA'!$L:$L,'[20]WorkDone DATA'!$N:$N,BOQ!AJ$6,'[20]WorkDone DATA'!$G:$G,BOQ!$B198)*$G198","v":{"$error":"#VALUE!"}},{"$f":"SUMIFS('[20]WorkDone DATA'!$L:$L,'[20]WorkDone DATA'!$N:$N,BOQ!AK$6,'[20]WorkDone DATA'!$G:$G,BOQ!$B198)*$G198","v":{"$error":"#VALUE!"}},{"$f":"SUMIFS('[20]WorkDone DATA'!$L:$L,'[20]WorkDone DATA'!$N:$N,BOQ!AL$6,'[20]WorkDone DATA'!$G:$G,BOQ!$B198)*$G198","v":{"$error":"#VALUE!"}},{"$f":"SUMIFS('[20]WorkDone DATA'!$L:$L,'[20]WorkDone DATA'!$N:$N,BOQ!AM$6,'[20]WorkDone DATA'!$G:$G,BOQ!$B198)*$G198","v":{"$error":"#VALUE!"}},{"$f":"SUMIFS('[20]WorkDone DATA'!$L:$L,'[20]WorkDone DATA'!$N:$N,BOQ!AN$6,'[20]WorkDone DATA'!$G:$G,BOQ!$B198)*$G198","v":{"$error":"#VALUE!"}},{"$f":"SUMIFS('[20]WorkDone DATA'!$L:$L,'[20]WorkDone DATA'!$N:$N,BOQ!AO$6,'[20]WorkDone DATA'!$G:$G,BOQ!$B198)*$G198","v":{"$error":"#VALUE!"}},{"$f":"SUMIFS('[20]WorkDone DATA'!$L:$L,'[20]WorkDone DATA'!$N:$N,BOQ!AP$6,'[20]WorkDone DATA'!$G:$G,BOQ!$B198)*$G198","v":{"$error":"#VALUE!"}},{"$f":"SUMIFS('[20]WorkDone DATA'!$L:$L,'[20]WorkDone DATA'!$N:$N,BOQ!AQ$6,'[20]WorkDone DATA'!$G:$G,BOQ!$B198)*$G198","v":{"$error":"#VALUE!"}},{"$f":"SUMIFS('[20]WorkDone DATA'!$L:$L,'[20]WorkDone DATA'!$N:$N,BOQ!AR$6,'[20]WorkDone DATA'!$G:$G,BOQ!$B198)*$G198","v":{"$error":"#VALUE!"}},{"$f":"SUMIFS('[20]WorkDone DATA'!$L:$L,'[20]WorkDone DATA'!$N:$N,BOQ!AS$6,'[20]WorkDone DATA'!$G:$G,BOQ!$B198)*$G198","v":{"$error":"#VALUE!"}},{"$f":"SUMIFS('[20]WorkDone DATA'!$L:$L,'[20]WorkDone DATA'!$N:$N,BOQ!AT$6,'[20]WorkDone DATA'!$G:$G,BOQ!$B198)*$G198","v":{"$error":"#VALUE!"}},{"$f":"SUMIFS('[20]WorkDone DATA'!$L:$L,'[20]WorkDone DATA'!$N:$N,BOQ!AU$6,'[20]WorkDone DATA'!$G:$G,BOQ!$B198)*$G198","v":{"$error":"#VALUE!"}},{"$f":"SUMIFS('[20]WorkDone DATA'!$L:$L,'[20]WorkDone DATA'!$N:$N,BOQ!AV$6,'[20]WorkDone DATA'!$G:$G,BOQ!$B198)*$G198","v":{"$error":"#VALUE!"}},{"$f":"SUMIFS('[20]WorkDone DATA'!$L:$L,'[20]WorkDone DATA'!$N:$N,BOQ!AW$6,'[20]WorkDone DATA'!$G:$G,BOQ!$B198)*$G198","v":{"$error":"#VALUE!"}},{"$f":"SUMIFS('[20]WorkDone DATA'!$L:$L,'[20]WorkDone DATA'!$N:$N,BOQ!AX$6,'[20]WorkDone DATA'!$G:$G,BOQ!$B198)*$G198","v":{"$error":"#VALUE!"}},{"$f":"SUMIFS('[20]WorkDone DATA'!$L:$L,'[20]WorkDone DATA'!$N:$N,BOQ!AY$6,'[20]WorkDone DATA'!$G:$G,BOQ!$B198)*$G198","v":{"$error":"#VALUE!"}},{"$f":"SUMIFS('[20]WorkDone DATA'!$L:$L,'[20]WorkDone DATA'!$N:$N,BOQ!AZ$6,'[20]WorkDone DATA'!$G:$G,BOQ!$B198)*$G198","v":{"$error":"#VALUE!"}},{"$f":"SUMIFS('[20]WorkDone DATA'!$L:$L,'[20]WorkDone DATA'!$N:$N,BOQ!BA$6,'[20]WorkDone DATA'!$G:$G,BOQ!$B198)*$G198","v":{"$error":"#VALUE!"}},{"$f":"SUMIFS('[20]WorkDone DATA'!$L:$L,'[20]WorkDone DATA'!$N:$N,BOQ!BB$6,'[20]WorkDone DATA'!$G:$G,BOQ!$B198)*$G198","v":{"$error":"#VALUE!"}},{"$f":"SUMIFS('[20]WorkDone DATA'!$L:$L,'[20]WorkDone DATA'!$N:$N,BOQ!BC$6,'[20]WorkDone DATA'!$G:$G,BOQ!$B198)*$G198","v":{"$error":"#VALUE!"}},{"$f":"SUMIFS('[20]WorkDone DATA'!$L:$L,'[20]WorkDone DATA'!$N:$N,BOQ!BD$6,'[20]WorkDone DATA'!$G:$G,BOQ!$B198)*$G198","v":{"$error":"#VALUE!"}},{"$f":"SUMIFS('[20]WorkDone DATA'!$L:$L,'[20]WorkDone DATA'!$N:$N,BOQ!BE$6,'[20]WorkDone DATA'!$G:$G,BOQ!$B198)*$G198","v":{"$error":"#VALUE!"}},{"$f":"SUMIFS('[20]WorkDone DATA'!$L:$L,'[20]WorkDone DATA'!$N:$N,BOQ!BF$6,'[20]WorkDone DATA'!$G:$G,BOQ!$B198)*$G198","v":{"$error":"#VALUE!"}},{"$f":"SUMIFS('[20]WorkDone DATA'!$L:$L,'[20]WorkDone DATA'!$N:$N,BOQ!BG$6,'[20]WorkDone DATA'!$G:$G,BOQ!$B198)*$G198","v":{"$error":"#VALUE!"}},{"$f":"SUMIFS('[20]WorkDone DATA'!$L:$L,'[20]WorkDone DATA'!$N:$N,BOQ!BH$6,'[20]WorkDone DATA'!$G:$G,BOQ!$B198)*$G198","v":{"$error":"#VALUE!"}},{"$f":"SUMIFS('[20]WorkDone DATA'!$L:$L,'[20]WorkDone DATA'!$N:$N,BOQ!BI$6,'[20]WorkDone DATA'!$G:$G,BOQ!$B198)*$G198","v":{"$error":"#VALUE!"}},{"$f":"SUMIFS('[20]WorkDone DATA'!$L:$L,'[20]WorkDone DATA'!$N:$N,BOQ!BJ$6,'[20]WorkDone DATA'!$G:$G,BOQ!$B198)*$G198","v":{"$error":"#VALUE!"}},{"$f":"SUMIFS('[20]WorkDone DATA'!$L:$L,'[20]WorkDone DATA'!$N:$N,BOQ!BK$6,'[20]WorkDone DATA'!$G:$G,BOQ!$B198)*$G198","v":{"$error":"#VALUE!"}},{"$f":"SUMIFS('[20]WorkDone DATA'!$L:$L,'[20]WorkDone DATA'!$N:$N,BOQ!BL$6,'[20]WorkDone DATA'!$G:$G,BOQ!$B198)*$G198","v":{"$error":"#VALUE!"}},{"$f":"SUMIFS('[20]WorkDone DATA'!$L:$L,'[20]WorkDone DATA'!$N:$N,BOQ!BM$6,'[20]WorkDone DATA'!$G:$G,BOQ!$B198)*$G198","v":{"$error":"#VALUE!"}},{"$f":"SUMIFS('[20]WorkDone DATA'!$L:$L,'[20]WorkDone DATA'!$N:$N,BOQ!BN$6,'[20]WorkDone DATA'!$G:$G,BOQ!$B198)*$G198","v":{"$error":"#VALUE!"}},{"$f":"SUMIFS('[20]WorkDone DATA'!$L:$L,'[20]WorkDone DATA'!$N:$N,BOQ!BO$6,'[20]WorkDone DATA'!$G:$G,BOQ!$B198)*$G198","v":{"$error":"#VALUE!"}},{"$f":"SUMIFS('[20]WorkDone DATA'!$L:$L,'[20]WorkDone DATA'!$N:$N,BOQ!BP$6,'[20]WorkDone DATA'!$G:$G,BOQ!$B198)*$G198","v":{"$error":"#VALUE!"}},{"$f":"SUMIFS('[20]WorkDone DATA'!$L:$L,'[20]WorkDone DATA'!$N:$N,BOQ!BQ$6,'[20]WorkDone DATA'!$G:$G,BOQ!$B198)*$G198","v":{"$error":"#VALUE!"}},{"$f":"SUMIFS('[20]WorkDone DATA'!$L:$L,'[20]WorkDone DATA'!$N:$N,BOQ!BR$6,'[20]WorkDone DATA'!$G:$G,BOQ!$B198)*$G198","v":{"$error":"#VALUE!"}},{"$f":"SUMIFS('[20]WorkDone DATA'!$L:$L,'[20]WorkDone DATA'!$N:$N,BOQ!BS$6,'[20]WorkDone DATA'!$G:$G,BOQ!$B198)*$G198","v":{"$error":"#VALUE!"}},{"$f":"SUMIFS('[20]WorkDone DATA'!$L:$L,'[20]WorkDone DATA'!$N:$N,BOQ!BT$6,'[20]WorkDone DATA'!$G:$G,BOQ!$B198)*$G198","v":{"$error":"#VALUE!"}},{"$f":"SUMIFS('[20]WorkDone DATA'!$L:$L,'[20]WorkDone DATA'!$N:$N,BOQ!BU$6,'[20]WorkDone DATA'!$G:$G,BOQ!$B198)*$G198","v":{"$error":"#VALUE!"}},{"$f":"SUMIFS('[20]WorkDone DATA'!$L:$L,'[20]WorkDone DATA'!$N:$N,BOQ!BV$6,'[20]WorkDone DATA'!$G:$G,BOQ!$B198)*$G198","v":{"$error":"#VALUE!"}},{"$f":"SUMIFS('[20]WorkDone DATA'!$L:$L,'[20]WorkDone DATA'!$N:$N,BOQ!BW$6,'[20]WorkDone DATA'!$G:$G,BOQ!$B198)*$G198","v":{"$error":"#VALUE!"}},{"$f":"SUMIFS('[20]WorkDone DATA'!$L:$L,'[20]WorkDone DATA'!$N:$N,BOQ!BX$6,'[20]WorkDone DATA'!$G:$G,BOQ!$B198)*$G198","v":{"$error":"#VALUE!"}}]
[null,null,"630mm2 x 1core (CXX01XCV)  3.8kV/6.6kV",{"$nulls":4},0,{"$nulls":3},{"$error":"#VALUE!"},{"$error":"#VALUE!"},null,0,{"$error":"#VALUE!"},null,{"$f":"SUMIFS('[20]WorkDone DATA'!$L:$L,'[20]WorkDone DATA'!$N:$N,BOQ!S$6,'[20]WorkDone DATA'!$G:$G,BOQ!$B199)","v":{"$error":"#VALUE!"}},{"$error":"#VALUE!"},{"$f":"SUMIFS('[20]WorkDone DATA'!$L:$L,'[20]WorkDone DATA'!$N:$N,BOQ!U$6,'[20]WorkDone DATA'!$G:$G,BOQ!$B199)","v":{"$error":"#VALUE!"}},{"$error":"#VALUE!"},null,{"$f":"SUMIFS('[20]WorkDone DATA'!$L:$L,'[20]WorkDone DATA'!$N:$N,BOQ!W$6,'[20]WorkDone DATA'!$G:$G,BOQ!$B199)*$G199","v":{"$error":"#VALUE!"}},null,{"$f":"SUMIFS('[20]WorkDone DATA'!$L:$L,'[20]WorkDone DATA'!$N:$N,BOQ!Y$6,'[20]WorkDone DATA'!$G:$G,BOQ!$B199)*$G199","v":{"$error":"#VALUE!"}},null,{"$f":"SUMIFS('[20]WorkDone DATA'!$L:$L,'[20]WorkDone DATA'!$N:$N,BOQ!AA$6,'[20]WorkDone DATA'!$G:$G,BOQ!$B199)*$G199","v":{"$error":"#VALUE!"}},{"$f":"SUMIFS('[20]WorkDone DATA'!$L:$L,'[20]WorkDone DATA'!$N:$N,BOQ!AB$6,'[20]WorkDone DATA'!$G:$G,BOQ!$B199)*$G199","v":{"$error":"#VALUE!"}},{"$f":"SUMIFS('[20]WorkDone DATA'!$L:$L,'[20]WorkDone DATA'!$N:$N,BOQ!AC$6,'[20]WorkDone DATA'!$G:$G,BOQ!$B199)*$G199","v":{"$error":"#VALUE!"}},{"$f":"SUMIFS('[20]WorkDone DATA'!$L:$L,'[20]WorkDone DATA'!$N:$N,BOQ!AD$6,'[20]WorkDone DATA'!$G:$G,BOQ!$B199)*$G199","v":{"$error":"#VALUE!"}},{"$f":"SUMIFS('[20]WorkDone DATA'!$L:$L,'[20]WorkDone DATA'!$N:$N,BOQ!AE$6,'[20]WorkDone DATA'!$G:$G,BOQ!$B199)*$G199","v":{"$error":"#VALUE!"}},{"$f":"SUMIFS('[20]WorkDone DATA'!$L:$L,'[20]WorkDone DATA'!$N:$N,BOQ!AF$6,'[20]WorkDone DATA'!$G:$G,BOQ!$B199)*$G199","v":{"$error":"#VALUE!"}},{"$f":"SUMIFS('[20]WorkDone DATA'!$L:$L,'[20]WorkDone DATA'!$N:$N,BOQ!AG$6,'[20]WorkDone DATA'!$G:$G,BOQ!$B199)*$G199","v":{"$error":"#VALUE!"}},{"$f":"SUMIFS('[20]WorkDone DATA'!$L:$L,'[20]WorkDone DATA'!$N:$N,BOQ!AH$6,'[20]WorkDone DATA'!$G:$G,BOQ!$B199)*$G199","v":{"$error":"#VALUE!"}},{"$f":"SUMIFS('[20]WorkDone DATA'!$L:$L,'[20]WorkDone DATA'!$N:$N,BOQ!AI$6,'[20]WorkDone DATA'!$G:$G,BOQ!$B199)*$G199","v":{"$error":"#VALUE!"}},{"$f":"SUMIFS('[20]WorkDone DATA'!$L:$L,'[20]WorkDone DATA'!$N:$N,BOQ!AJ$6,'[20]WorkDone DATA'!$G:$G,BOQ!$B199)*$G199","v":{"$error":"#VALUE!"}},{"$f":"SUMIFS('[20]WorkDone DATA'!$L:$L,'[20]WorkDone DATA'!$N:$N,BOQ!AK$6,'[20]WorkDone DATA'!$G:$G,BOQ!$B199)*$G199","v":{"$error":"#VALUE!"}},{"$f":"SUMIFS('[20]WorkDone DATA'!$L:$L,'[20]WorkDone DATA'!$N:$N,BOQ!AL$6,'[20]WorkDone DATA'!$G:$G,BOQ!$B199)*$G199","v":{"$error":"#VALUE!"}},{"$f":"SUMIFS('[20]WorkDone DATA'!$L:$L,'[20]WorkDone DATA'!$N:$N,BOQ!AM$6,'[20]WorkDone DATA'!$G:$G,BOQ!$B199)*$G199","v":{"$error":"#VALUE!"}},{"$f":"SUMIFS('[20]WorkDone DATA'!$L:$L,'[20]WorkDone DATA'!$N:$N,BOQ!AN$6,'[20]WorkDone DATA'!$G:$G,BOQ!$B199)*$G199","v":{"$error":"#VALUE!"}},{"$f":"SUMIFS('[20]WorkDone DATA'!$L:$L,'[20]WorkDone DATA'!$N:$N,BOQ!AO$6,'[20]WorkDone DATA'!$G:$G,BOQ!$B199)*$G199","v":{"$error":"#VALUE!"}},{"$f":"SUMIFS('[20]WorkDone DATA'!$L:$L,'[20]WorkDone DATA'!$N:$N,BOQ!AP$6,'[20]WorkDone DATA'!$G:$G,BOQ!$B199)*$G199","v":{"$error":"#VALUE!"}},{"$f":"SUMIFS('[20]WorkDone DATA'!$L:$L,'[20]WorkDone DATA'!$N:$N,BOQ!AQ$6,'[20]WorkDone DATA'!$G:$G,BOQ!$B199)*$G199","v":{"$error":"#VALUE!"}},{"$f":"SUMIFS('[20]WorkDone DATA'!$L:$L,'[20]WorkDone DATA'!$N:$N,BOQ!AR$6,'[20]WorkDone DATA'!$G:$G,BOQ!$B199)*$G199","v":{"$error":"#VALUE!"}},{"$f":"SUMIFS('[20]WorkDone DATA'!$L:$L,'[20]WorkDone DATA'!$N:$N,BOQ!AS$6,'[20]WorkDone DATA'!$G:$G,BOQ!$B199)*$G199","v":{"$error":"#VALUE!"}},{"$f":"SUMIFS('[20]WorkDone DATA'!$L:$L,'[20]WorkDone DATA'!$N:$N,BOQ!AT$6,'[20]WorkDone DATA'!$G:$G,BOQ!$B199)*$G199","v":{"$error":"#VALUE!"}},{"$f":"SUMIFS('[20]WorkDone DATA'!$L:$L,'[20]WorkDone DATA'!$N:$N,BOQ!AU$6,'[20]WorkDone DATA'!$G:$G,BOQ!$B199)*$G199","v":{"$error":"#VALUE!"}},{"$f":"SUMIFS('[20]WorkDone DATA'!$L:$L,'[20]WorkDone DATA'!$N:$N,BOQ!AV$6,'[20]WorkDone DATA'!$G:$G,BOQ!$B199)*$G199","v":{"$error":"#VALUE!"}},{"$f":"SUMIFS('[20]WorkDone DATA'!$L:$L,'[20]WorkDone DATA'!$N:$N,BOQ!AW$6,'[20]WorkDone DATA'!$G:$G,BOQ!$B199)*$G199","v":{"$error":"#VALUE!"}},{"$f":"SUMIFS('[20]WorkDone DATA'!$L:$L,'[20]WorkDone DATA'!$N:$N,BOQ!AX$6,'[20]WorkDone DATA'!$G:$G,BOQ!$B199)*$G199","v":{"$error":"#VALUE!"}},{"$f":"SUMIFS('[20]WorkDone DATA'!$L:$L,'[20]WorkDone DATA'!$N:$N,BOQ!AY$6,'[20]WorkDone DATA'!$G:$G,BOQ!$B199)*$G199","v":{"$error":"#VALUE!"}},{"$f":"SUMIFS('[20]WorkDone DATA'!$L:$L,'[20]WorkDone DATA'!$N:$N,BOQ!AZ$6,'[20]WorkDone DATA'!$G:$G,BOQ!$B199)*$G199","v":{"$error":"#VALUE!"}},{"$f":"SUMIFS('[20]WorkDone DATA'!$L:$L,'[20]WorkDone DATA'!$N:$N,BOQ!BA$6,'[20]WorkDone DATA'!$G:$G,BOQ!$B199)*$G199","v":{"$error":"#VALUE!"}},{"$f":"SUMIFS('[20]WorkDone DATA'!$L:$L,'[20]WorkDone DATA'!$N:$N,BOQ!BB$6,'[20]WorkDone DATA'!$G:$G,BOQ!$B199)*$G199","v":{"$error":"#VALUE!"}},{"$f":"SUMIFS('[20]WorkDone DATA'!$L:$L,'[20]WorkDone DATA'!$N:$N,BOQ!BC$6,'[20]WorkDone DATA'!$G:$G,BOQ!$B199)*$G199","v":{"$error":"#VALUE!"}},{"$f":"SUMIFS('[20]WorkDone DATA'!$L:$L,'[20]WorkDone DATA'!$N:$N,BOQ!BD$6,'[20]WorkDone DATA'!$G:$G,BOQ!$B199)*$G199","v":{"$error":"#VALUE!"}},{"$f":"SUMIFS('[20]WorkDone DATA'!$L:$L,'[20]WorkDone DATA'!$N:$N,BOQ!BE$6,'[20]WorkDone DATA'!$G:$G,BOQ!$B199)*$G199","v":{"$error":"#VALUE!"}},{"$f":"SUMIFS('[20]WorkDone DATA'!$L:$L,'[20]WorkDone DATA'!$N:$N,BOQ!BF$6,'[20]WorkDone DATA'!$G:$G,BOQ!$B199)*$G199","v":{"$error":"#VALUE!"}},{"$f":"SUMIFS('[20]WorkDone DATA'!$L:$L,'[20]WorkDone DATA'!$N:$N,BOQ!BG$6,'[20]WorkDone DATA'!$G:$G,BOQ!$B199)*$G199","v":{"$error":"#VALUE!"}},{"$f":"SUMIFS('[20]WorkDone DATA'!$L:$L,'[20]WorkDone DATA'!$N:$N,BOQ!BH$6,'[20]WorkDone DATA'!$G:$G,BOQ!$B199)*$G199","v":{"$error":"#VALUE!"}},{"$f":"SUMIFS('[20]WorkDone DATA'!$L:$L,'[20]WorkDone DATA'!$N:$N,BOQ!BI$6,'[20]WorkDone DATA'!$G:$G,BOQ!$B199)*$G199","v":{"$error":"#VALUE!"}},{"$f":"SUMIFS('[20]WorkDone DATA'!$L:$L,'[20]WorkDone DATA'!$N:$N,BOQ!BJ$6,'[20]WorkDone DATA'!$G:$G,BOQ!$B199)*$G199","v":{"$error":"#VALUE!"}},{"$f":"SUMIFS('[20]WorkDone DATA'!$L:$L,'[20]WorkDone DATA'!$N:$N,BOQ!BK$6,'[20]WorkDone DATA'!$G:$G,BOQ!$B199)*$G199","v":{"$error":"#VALUE!"}},{"$f":"SUMIFS('[20]WorkDone DATA'!$L:$L,'[20]WorkDone DATA'!$N:$N,BOQ!BL$6,'[20]WorkDone DATA'!$G:$G,BOQ!$B199)*$G199","v":{"$error":"#VALUE!"}},{"$f":"SUMIFS('[20]WorkDone DATA'!$L:$L,'[20]WorkDone DATA'!$N:$N,BOQ!BM$6,'[20]WorkDone DATA'!$G:$G,BOQ!$B199)*$G199","v":{"$error":"#VALUE!"}},{"$f":"SUMIFS('[20]WorkDone DATA'!$L:$L,'[20]WorkDone DATA'!$N:$N,BOQ!BN$6,'[20]WorkDone DATA'!$G:$G,BOQ!$B199)*$G199","v":{"$error":"#VALUE!"}},{"$f":"SUMIFS('[20]WorkDone DATA'!$L:$L,'[20]WorkDone DATA'!$N:$N,BOQ!BO$6,'[20]WorkDone DATA'!$G:$G,BOQ!$B199)*$G199","v":{"$error":"#VALUE!"}},{"$f":"SUMIFS('[20]WorkDone DATA'!$L:$L,'[20]WorkDone DATA'!$N:$N,BOQ!BP$6,'[20]WorkDone DATA'!$G:$G,BOQ!$B199)*$G199","v":{"$error":"#VALUE!"}},{"$f":"SUMIFS('[20]WorkDone DATA'!$L:$L,'[20]WorkDone DATA'!$N:$N,BOQ!BQ$6,'[20]WorkDone DATA'!$G:$G,BOQ!$B199)*$G199","v":{"$error":"#VALUE!"}},{"$f":"SUMIFS('[20]WorkDone DATA'!$L:$L,'[20]WorkDone DATA'!$N:$N,BOQ!BR$6,'[20]WorkDone DATA'!$G:$G,BOQ!$B199)*$G199","v":{"$error":"#VALUE!"}},{"$f":"SUMIFS('[20]WorkDone DATA'!$L:$L,'[20]WorkDone DATA'!$N:$N,BOQ!BS$6,'[20]WorkDone DATA'!$G:$G,BOQ!$B199)*$G199","v":{"$error":"#VALUE!"}},{"$f":"SUMIFS('[20]WorkDone DATA'!$L:$L,'[20]WorkDone DATA'!$N:$N,BOQ!BT$6,'[20]WorkDone DATA'!$G:$G,BOQ!$B199)*$G199","v":{"$error":"#VALUE!"}},{"$f":"SUMIFS('[20]WorkDone DATA'!$L:$L,'[20]WorkDone DATA'!$N:$N,BOQ!BU$6,'[20]WorkDone DATA'!$G:$G,BOQ!$B199)*$G199","v":{"$error":"#VALUE!"}},{"$f":"SUMIFS('[20]WorkDone DATA'!$L:$L,'[20]WorkDone DATA'!$N:$N,BOQ!BV$6,'[20]WorkDone DATA'!$G:$G,BOQ!$B199)*$G199","v":{"$error":"#VALUE!"}},{"$f":"SUMIFS('[20]WorkDone DATA'!$L:$L,'[20]WorkDone DATA'!$N:$N,BOQ!BW$6,'[20]WorkDone DATA'!$G:$G,BOQ!$B199)*$G199","v":{"$error":"#VALUE!"}},{"$f":"SUMIFS('[20]WorkDone DATA'!$L:$L,'[20]WorkDone DATA'!$N:$N,BOQ!BX$6,'[20]WorkDone DATA'!$G:$G,BOQ!$B199)*$G199","v":{"$error":"#VALUE!"}}]
[{"$f":"C199","v":"630mm2 x 1core (CXX01XCV)  3.8kV/6.6kV"},2.099,"Supply","E","each",36,{"v":4576.1,"d":"4,576.10"},{"v":164739.6,"d":"164,739.60"},null,null,{"$error":"#VALUE!"},{"$error":"#VALUE!"},{"$error":"#VALUE!"},null,{"$error":"#VALUE!"},{"$error":"#VALUE!"},null,{"$f":"SUMIFS('[20]WorkDone DATA'!$L:$L,'[20]WorkDone DATA'!$N:$N,BOQ!S$6,'[20]WorkDone DATA'!$G:$G,BOQ!$B200)","v":{"$error":"#VALUE!"}},{"$error":"#VALUE!"},{"$f":"SUMIFS('[20]WorkDone DATA'!$L:$L,'[20]WorkDone DATA'!$N:$N,BOQ!U$6,'[20]WorkDone DATA'!$G:$G,BOQ!$B200)","v":{"$error":"#VALUE!"}},{"$error":"#VALUE!"},null,{"$f":"SUMIFS('[20]WorkDone DATA'!$L:$L,'[20]WorkDone DATA'!$N:$N,BOQ!W$6,'[20]WorkDone DATA'!$G:$G,BOQ!$B200)*$G200","v":{"$error":"#VALUE!"}},null,{"$f":"SUMIFS('[20]WorkDone DATA'!$L:$L,'[20]WorkDone DATA'!$N:$N,BOQ!Y$6,'[20]WorkDone DATA'!$G:$G,BOQ!$B200)*$G200","v":{"$error":"#VALUE!"}},null,{"$f":"SUMIFS('[20]WorkDone DATA'!$L:$L,'[20]WorkDone DATA'!$N:$N,BOQ!AA$6,'[20]WorkDone DATA'!$G:$G,BOQ!$B200)*$G200","v":{"$error":"#VALUE!"}},{"$f":"SUMIFS('[20]WorkDone DATA'!$L:$L,'[20]WorkDone DATA'!$N:$N,BOQ!AB$6,'[20]WorkDone DATA'!$G:$G,BOQ!$B200)*$G200","v":{"$error":"#VALUE!"}},{"$f":"SUMIFS('[20]WorkDone DATA'!$L:$L,'[20]WorkDone DATA'!$N:$N,BOQ!AC$6,'[20]WorkDone DATA'!$G:$G,BOQ!$B200)*$G200","v":{"$error":"#VALUE!"}},{"$f":"SUMIFS('[20]WorkDone DATA'!$L:$L,'[20]WorkDone DATA'!$N:$N,BOQ!AD$6,'[20]WorkDone DATA'!$G:$G,BOQ!$B200)*$G200","v":{"$error":"#VALUE!"}},{"$f":"SUMIFS('[20]WorkDone DATA'!$L:$L,'[20]WorkDone DATA'!$N:$N,BOQ!AE$6,'[20]WorkDone DATA'!$G:$G,BOQ!$B200)*$G200","v":{"$error":"#VALUE!"}},{"$f":"SUMIFS('[20]WorkDone DATA'!$L:$L,'[20]WorkDone DATA'!$N:$N,BOQ!AF$6,'[20]WorkDone DATA'!$G:$G,BOQ!$B200)*$G200","v":{"$error":"#VALUE!"}},{"$f":"SUMIFS('[20]WorkDone DATA'!$L:$L,'[20]WorkDone DATA'!$N:$N,BOQ!AG$6,'[20]WorkDone DATA'!$G:$G,BOQ!$B200)*$G200","v":{"$error":"#VALUE!"}},{"$f":"SUMIFS('[20]WorkDone DATA'!$L:$L,'[20]WorkDone DATA'!$N:$N,BOQ!AH$6,'[20]WorkDone DATA'!$G:$G,BOQ!$B200)*$G200","v":{"$error":"#VALUE!"}},{"$f":"SUMIFS('[20]WorkDone DATA'!$L:$L,'[20]WorkDone DATA'!$N:$N,BOQ!AI$6,'[20]WorkDone DATA'!$G:$G,BOQ!$B200)*$G200","v":{"$error":"#VALUE!"}},{"$f":"SUMIFS('[20]WorkDone DATA'!$L:$L,'[20]WorkDone DATA'!$N:$N,BOQ!AJ$6,'[20]WorkDone DATA'!$G:$G,BOQ!$B200)*$G200","v":{"$error":"#VALUE!"}},{"$f":"SUMIFS('[20]WorkDone DATA'!$L:$L,'[20]WorkDone DATA'!$N:$N,BOQ!AK$6,'[20]WorkDone DATA'!$G:$G,BOQ!$B200)*$G200","v":{"$error":"#VALUE!"}},{"$f":"SUMIFS('[20]WorkDone DATA'!$L:$L,'[20]WorkDone DATA'!$N:$N,BOQ!AL$6,'[20]WorkDone DATA'!$G:$G,BOQ!$B200)*$G200","v":{"$error":"#VALUE!"}},{"$f":"SUMIFS('[20]WorkDone DATA'!$L:$L,'[20]WorkDone DATA'!$N:$N,BOQ!AM$6,'[20]WorkDone DATA'!$G:$G,BOQ!$B200)*$G200","v":{"$error":"#VALUE!"}},{"$f":"SUMIFS('[20]WorkDone DATA'!$L:$L,'[20]WorkDone DATA'!$N:$N,BOQ!AN$6,'[20]WorkDone DATA'!$G:$G,BOQ!$B200)*$G200","v":{"$error":"#VALUE!"}},{"$f":"SUMIFS('[20]WorkDone DATA'!$L:$L,'[20]WorkDone DATA'!$N:$N,BOQ!AO$6,'[20]WorkDone DATA'!$G:$G,BOQ!$B200)*$G200","v":{"$error":"#VALUE!"}},{"$f":"SUMIFS('[20]WorkDone DATA'!$L:$L,'[20]WorkDone DATA'!$N:$N,BOQ!AP$6,'[20]WorkDone DATA'!$G:$G,BOQ!$B200)*$G200","v":{"$error":"#VALUE!"}},{"$f":"SUMIFS('[20]WorkDone DATA'!$L:$L,'[20]WorkDone DATA'!$N:$N,BOQ!AQ$6,'[20]WorkDone DATA'!$G:$G,BOQ!$B200)*$G200","v":{"$error":"#VALUE!"}},{"$f":"SUMIFS('[20]WorkDone DATA'!$L:$L,'[20]WorkDone DATA'!$N:$N,BOQ!AR$6,'[20]WorkDone DATA'!$G:$G,BOQ!$B200)*$G200","v":{"$error":"#VALUE!"}},{"$f":"SUMIFS('[20]WorkDone DATA'!$L:$L,'[20]WorkDone DATA'!$N:$N,BOQ!AS$6,'[20]WorkDone DATA'!$G:$G,BOQ!$B200)*$G200","v":{"$error":"#VALUE!"}},{"$f":"SUMIFS('[20]WorkDone DATA'!$L:$L,'[20]WorkDone DATA'!$N:$N,BOQ!AT$6,'[20]WorkDone DATA'!$G:$G,BOQ!$B200)*$G200","v":{"$error":"#VALUE!"}},{"$f":"SUMIFS('[20]WorkDone DATA'!$L:$L,'[20]WorkDone DATA'!$N:$N,BOQ!AU$6,'[20]WorkDone DATA'!$G:$G,BOQ!$B200)*$G200","v":{"$error":"#VALUE!"}},{"$f":"SUMIFS('[20]WorkDone DATA'!$L:$L,'[20]WorkDone DATA'!$N:$N,BOQ!AV$6,'[20]WorkDone DATA'!$G:$G,BOQ!$B200)*$G200","v":{"$error":"#VALUE!"}},{"$f":"SUMIFS('[20]WorkDone DATA'!$L:$L,'[20]WorkDone DATA'!$N:$N,BOQ!AW$6,'[20]WorkDone DATA'!$G:$G,BOQ!$B200)*$G200","v":{"$error":"#VALUE!"}},{"$f":"SUMIFS('[20]WorkDone DATA'!$L:$L,'[20]WorkDone DATA'!$N:$N,BOQ!AX$6,'[20]WorkDone DATA'!$G:$G,BOQ!$B200)*$G200","v":{"$error":"#VALUE!"}},{"$f":"SUMIFS('[20]WorkDone DATA'!$L:$L,'[20]WorkDone DATA'!$N:$N,BOQ!AY$6,'[20]WorkDone DATA'!$G:$G,BOQ!$B200)*$G200","v":{"$error":"#VALUE!"}},{"$f":"SUMIFS('[20]WorkDone DATA'!$L:$L,'[20]WorkDone DATA'!$N:$N,BOQ!AZ$6,'[20]WorkDone DATA'!$G:$G,BOQ!$B200)*$G200","v":{"$error":"#VALUE!"}},{"$f":"SUMIFS('[20]WorkDone DATA'!$L:$L,'[20]WorkDone DATA'!$N:$N,BOQ!BA$6,'[20]WorkDone DATA'!$G:$G,BOQ!$B200)*$G200","v":{"$error":"#VALUE!"}},{"$f":"SUMIFS('[20]WorkDone DATA'!$L:$L,'[20]WorkDone DATA'!$N:$N,BOQ!BB$6,'[20]WorkDone DATA'!$G:$G,BOQ!$B200)*$G200","v":{"$error":"#VALUE!"}},{"$f":"SUMIFS('[20]WorkDone DATA'!$L:$L,'[20]WorkDone DATA'!$N:$N,BOQ!BC$6,'[20]WorkDone DATA'!$G:$G,BOQ!$B200)*$G200","v":{"$error":"#VALUE!"}},{"$f":"SUMIFS('[20]WorkDone DATA'!$L:$L,'[20]WorkDone DATA'!$N:$N,BOQ!BD$6,'[20]WorkDone DATA'!$G:$G,BOQ!$B200)*$G200","v":{"$error":"#VALUE!"}},{"$f":"SUMIFS('[20]WorkDone DATA'!$L:$L,'[20]WorkDone DATA'!$N:$N,BOQ!BE$6,'[20]WorkDone DATA'!$G:$G,BOQ!$B200)*$G200","v":{"$error":"#VALUE!"}},{"$f":"SUMIFS('[20]WorkDone DATA'!$L:$L,'[20]WorkDone DATA'!$N:$N,BOQ!BF$6,'[20]WorkDone DATA'!$G:$G,BOQ!$B200)*$G200","v":{"$error":"#VALUE!"}},{"$f":"SUMIFS('[20]WorkDone DATA'!$L:$L,'[20]WorkDone DATA'!$N:$N,BOQ!BG$6,'[20]WorkDone DATA'!$G:$G,BOQ!$B200)*$G200","v":{"$error":"#VALUE!"}},{"$f":"SUMIFS('[20]WorkDone DATA'!$L:$L,'[20]WorkDone DATA'!$N:$N,BOQ!BH$6,'[20]WorkDone DATA'!$G:$G,BOQ!$B200)*$G200","v":{"$error":"#VALUE!"}},{"$f":"SUMIFS('[20]WorkDone DATA'!$L:$L,'[20]WorkDone DATA'!$N:$N,BOQ!BI$6,'[20]WorkDone DATA'!$G:$G,BOQ!$B200)*$G200","v":{"$error":"#VALUE!"}},{"$f":"SUMIFS('[20]WorkDone DATA'!$L:$L,'[20]WorkDone DATA'!$N:$N,BOQ!BJ$6,'[20]WorkDone DATA'!$G:$G,BOQ!$B200)*$G200","v":{"$error":"#VALUE!"}},{"$f":"SUMIFS('[20]WorkDone DATA'!$L:$L,'[20]WorkDone DATA'!$N:$N,BOQ!BK$6,'[20]WorkDone DATA'!$G:$G,BOQ!$B200)*$G200","v":{"$error":"#VALUE!"}},{"$f":"SUMIFS('[20]WorkDone DATA'!$L:$L,'[20]WorkDone DATA'!$N:$N,BOQ!BL$6,'[20]WorkDone DATA'!$G:$G,BOQ!$B200)*$G200","v":{"$error":"#VALUE!"}},{"$f":"SUMIFS('[20]WorkDone DATA'!$L:$L,'[20]WorkDone DATA'!$N:$N,BOQ!BM$6,'[20]WorkDone DATA'!$G:$G,BOQ!$B200)*$G200","v":{"$error":"#VALUE!"}},{"$f":"SUMIFS('[20]WorkDone DATA'!$L:$L,'[20]WorkDone DATA'!$N:$N,BOQ!BN$6,'[20]WorkDone DATA'!$G:$G,BOQ!$B200)*$G200","v":{"$error":"#VALUE!"}},{"$f":"SUMIFS('[20]WorkDone DATA'!$L:$L,'[20]WorkDone DATA'!$N:$N,BOQ!BO$6,'[20]WorkDone DATA'!$G:$G,BOQ!$B200)*$G200","v":{"$error":"#VALUE!"}},{"$f":"SUMIFS('[20]WorkDone DATA'!$L:$L,'[20]WorkDone DATA'!$N:$N,BOQ!BP$6,'[20]WorkDone DATA'!$G:$G,BOQ!$B200)*$G200","v":{"$error":"#VALUE!"}},{"$f":"SUMIFS('[20]WorkDone DATA'!$L:$L,'[20]WorkDone DATA'!$N:$N,BOQ!BQ$6,'[20]WorkDone DATA'!$G:$G,BOQ!$B200)*$G200","v":{"$error":"#VALUE!"}},{"$f":"SUMIFS('[20]WorkDone DATA'!$L:$L,'[20]WorkDone DATA'!$N:$N,BOQ!BR$6,'[20]WorkDone DATA'!$G:$G,BOQ!$B200)*$G200","v":{"$error":"#VALUE!"}},{"$f":"SUMIFS('[20]WorkDone DATA'!$L:$L,'[20]WorkDone DATA'!$N:$N,BOQ!BS$6,'[20]WorkDone DATA'!$G:$G,BOQ!$B200)*$G200","v":{"$error":"#VALUE!"}},{"$f":"SUMIFS('[20]WorkDone DATA'!$L:$L,'[20]WorkDone DATA'!$N:$N,BOQ!BT$6,'[20]WorkDone DATA'!$G:$G,BOQ!$B200)*$G200","v":{"$error":"#VALUE!"}},{"$f":"SUMIFS('[20]WorkDone DATA'!$L:$L,'[20]WorkDone DATA'!$N:$N,BOQ!BU$6,'[20]WorkDone DATA'!$G:$G,BOQ!$B200)*$G200","v":{"$error":"#VALUE!"}},{"$f":"SUMIFS('[20]WorkDone DATA'!$L:$L,'[20]WorkDone DATA'!$N:$N,BOQ!BV$6,'[20]WorkDone DATA'!$G:$G,BOQ!$B200)*$G200","v":{"$error":"#VALUE!"}},{"$f":"SUMIFS('[20]WorkDone DATA'!$L:$L,'[20]WorkDone DATA'!$N:$N,BOQ!BW$6,'[20]WorkDone DATA'!$G:$G,BOQ!$B200)*$G200","v":{"$error":"#VALUE!"}},{"$f":"SUMIFS('[20]WorkDone DATA'!$L:$L,'[20]WorkDone DATA'!$N:$N,BOQ!BX$6,'[20]WorkDone DATA'!$G:$G,BOQ!$B200)*$G200","v":{"$error":"#VALUE!"}}]
[{"$f":"C199","v":"630mm2 x 1core (CXX01XCV)  3.8kV/6.6kV"},{"v":2.1,"d":"2.100"},"Installation","A","each",36,{"v":3609.98,"d":"3,609.98"},{"v":129959.28,"d":"129,959.28"},null,null,{"$error":"#VALUE!"},{"$error":"#VALUE!"},{"$error":"#VALUE!"},null,{"$error":"#VALUE!"},{"$error":"#VALUE!"},null,{"$f":"SUMIFS('[20]WorkDone DATA'!$L:$L,'[20]WorkDone DATA'!$N:$N,BOQ!S$6,'[20]WorkDone DATA'!$G:$G,BOQ!$B201)","v":{"$error":"#VALUE!"}},{"$error":"#VALUE!"},{"$f":"SUMIFS('[20]WorkDone DATA'!$L:$L,'[20]WorkDone DATA'!$N:$N,BOQ!U$6,'[20]WorkDone DATA'!$G:$G,BOQ!$B201)","v":{"$error":"#VALUE!"}},{"$error":"#VALUE!"},null,{"$f":"SUMIFS('[20]WorkDone DATA'!$L:$L,'[20]WorkDone DATA'!$N:$N,BOQ!W$6,'[20]WorkDone DATA'!$G:$G,BOQ!$B201)*$G201","v":{"$error":"#VALUE!"}},null,{"$f":"SUMIFS('[20]WorkDone DATA'!$L:$L,'[20]WorkDone DATA'!$N:$N,BOQ!Y$6,'[20]WorkDone DATA'!$G:$G,BOQ!$B201)*$G201","v":{"$error":"#VALUE!"}},null,{"$f":"SUMIFS('[20]WorkDone DATA'!$L:$L,'[20]WorkDone DATA'!$N:$N,BOQ!AA$6,'[20]WorkDone DATA'!$G:$G,BOQ!$B201)*$G201","v":{"$error":"#VALUE!"}},{"$f":"SUMIFS('[20]WorkDone DATA'!$L:$L,'[20]WorkDone DATA'!$N:$N,BOQ!AB$6,'[20]WorkDone DATA'!$G:$G,BOQ!$B201)*$G201","v":{"$error":"#VALUE!"}},{"$f":"SUMIFS('[20]WorkDone DATA'!$L:$L,'[20]WorkDone DATA'!$N:$N,BOQ!AC$6,'[20]WorkDone DATA'!$G:$G,BOQ!$B201)*$G201","v":{"$error":"#VALUE!"}},{"$f":"SUMIFS('[20]WorkDone DATA'!$L:$L,'[20]WorkDone DATA'!$N:$N,BOQ!AD$6,'[20]WorkDone DATA'!$G:$G,BOQ!$B201)*$G201","v":{"$error":"#VALUE!"}},{"$f":"SUMIFS('[20]WorkDone DATA'!$L:$L,'[20]WorkDone DATA'!$N:$N,BOQ!AE$6,'[20]WorkDone DATA'!$G:$G,BOQ!$B201)*$G201","v":{"$error":"#VALUE!"}},{"$f":"SUMIFS('[20]WorkDone DATA'!$L:$L,'[20]WorkDone DATA'!$N:$N,BOQ!AF$6,'[20]WorkDone DATA'!$G:$G,BOQ!$B201)*$G201","v":{"$error":"#VALUE!"}},{"$f":"SUMIFS('[20]WorkDone DATA'!$L:$L,'[20]WorkDone DATA'!$N:$N,BOQ!AG$6,'[20]WorkDone DATA'!$G:$G,BOQ!$B201)*$G201","v":{"$error":"#VALUE!"}},{"$f":"SUMIFS('[20]WorkDone DATA'!$L:$L,'[20]WorkDone DATA'!$N:$N,BOQ!AH$6,'[20]WorkDone DATA'!$G:$G,BOQ!$B201)*$G201","v":{"$error":"#VALUE!"}},{"$f":"SUMIFS('[20]WorkDone DATA'!$L:$L,'[20]WorkDone DATA'!$N:$N,BOQ!AI$6,'[20]WorkDone DATA'!$G:$G,BOQ!$B201)*$G201","v":{"$error":"#VALUE!"}},{"$f":"SUMIFS('[20]WorkDone DATA'!$L:$L,'[20]WorkDone DATA'!$N:$N,BOQ!AJ$6,'[20]WorkDone DATA'!$G:$G,BOQ!$B201)*$G201","v":{"$error":"#VALUE!"}},{"$f":"SUMIFS('[20]WorkDone DATA'!$L:$L,'[20]WorkDone DATA'!$N:$N,BOQ!AK$6,'[20]WorkDone DATA'!$G:$G,BOQ!$B201)*$G201","v":{"$error":"#VALUE!"}},{"$f":"SUMIFS('[20]WorkDone DATA'!$L:$L,'[20]WorkDone DATA'!$N:$N,BOQ!AL$6,'[20]WorkDone DATA'!$G:$G,BOQ!$B201)*$G201","v":{"$error":"#VALUE!"}},{"$f":"SUMIFS('[20]WorkDone DATA'!$L:$L,'[20]WorkDone DATA'!$N:$N,BOQ!AM$6,'[20]WorkDone DATA'!$G:$G,BOQ!$B201)*$G201","v":{"$error":"#VALUE!"}},{"$f":"SUMIFS('[20]WorkDone DATA'!$L:$L,'[20]WorkDone DATA'!$N:$N,BOQ!AN$6,'[20]WorkDone DATA'!$G:$G,BOQ!$B201)*$G201","v":{"$error":"#VALUE!"}},{"$f":"SUMIFS('[20]WorkDone DATA'!$L:$L,'[20]WorkDone DATA'!$N:$N,BOQ!AO$6,'[20]WorkDone DATA'!$G:$G,BOQ!$B201)*$G201","v":{"$error":"#VALUE!"}},{"$f":"SUMIFS('[20]WorkDone DATA'!$L:$L,'[20]WorkDone DATA'!$N:$N,BOQ!AP$6,'[20]WorkDone DATA'!$G:$G,BOQ!$B201)*$G201","v":{"$error":"#VALUE!"}},{"$f":"SUMIFS('[20]WorkDone DATA'!$L:$L,'[20]WorkDone DATA'!$N:$N,BOQ!AQ$6,'[20]WorkDone DATA'!$G:$G,BOQ!$B201)*$G201","v":{"$error":"#VALUE!"}},{"$f":"SUMIFS('[20]WorkDone DATA'!$L:$L,'[20]WorkDone DATA'!$N:$N,BOQ!AR$6,'[20]WorkDone DATA'!$G:$G,BOQ!$B201)*$G201","v":{"$error":"#VALUE!"}},{"$f":"SUMIFS('[20]WorkDone DATA'!$L:$L,'[20]WorkDone DATA'!$N:$N,BOQ!AS$6,'[20]WorkDone DATA'!$G:$G,BOQ!$B201)*$G201","v":{"$error":"#VALUE!"}},{"$f":"SUMIFS('[20]WorkDone DATA'!$L:$L,'[20]WorkDone DATA'!$N:$N,BOQ!AT$6,'[20]WorkDone DATA'!$G:$G,BOQ!$B201)*$G201","v":{"$error":"#VALUE!"}},{"$f":"SUMIFS('[20]WorkDone DATA'!$L:$L,'[20]WorkDone DATA'!$N:$N,BOQ!AU$6,'[20]WorkDone DATA'!$G:$G,BOQ!$B201)*$G201","v":{"$error":"#VALUE!"}},{"$f":"SUMIFS('[20]WorkDone DATA'!$L:$L,'[20]WorkDone DATA'!$N:$N,BOQ!AV$6,'[20]WorkDone DATA'!$G:$G,BOQ!$B201)*$G201","v":{"$error":"#VALUE!"}},{"$f":"SUMIFS('[20]WorkDone DATA'!$L:$L,'[20]WorkDone DATA'!$N:$N,BOQ!AW$6,'[20]WorkDone DATA'!$G:$G,BOQ!$B201)*$G201","v":{"$error":"#VALUE!"}},{"$f":"SUMIFS('[20]WorkDone DATA'!$L:$L,'[20]WorkDone DATA'!$N:$N,BOQ!AX$6,'[20]WorkDone DATA'!$G:$G,BOQ!$B201)*$G201","v":{"$error":"#VALUE!"}},{"$f":"SUMIFS('[20]WorkDone DATA'!$L:$L,'[20]WorkDone DATA'!$N:$N,BOQ!AY$6,'[20]WorkDone DATA'!$G:$G,BOQ!$B201)*$G201","v":{"$error":"#VALUE!"}},{"$f":"SUMIFS('[20]WorkDone DATA'!$L:$L,'[20]WorkDone DATA'!$N:$N,BOQ!AZ$6,'[20]WorkDone DATA'!$G:$G,BOQ!$B201)*$G201","v":{"$error":"#VALUE!"}},{"$f":"SUMIFS('[20]WorkDone DATA'!$L:$L,'[20]WorkDone DATA'!$N:$N,BOQ!BA$6,'[20]WorkDone DATA'!$G:$G,BOQ!$B201)*$G201","v":{"$error":"#VALUE!"}},{"$f":"SUMIFS('[20]WorkDone DATA'!$L:$L,'[20]WorkDone DATA'!$N:$N,BOQ!BB$6,'[20]WorkDone DATA'!$G:$G,BOQ!$B201)*$G201","v":{"$error":"#VALUE!"}},{"$f":"SUMIFS('[20]WorkDone DATA'!$L:$L,'[20]WorkDone DATA'!$N:$N,BOQ!BC$6,'[20]WorkDone DATA'!$G:$G,BOQ!$B201)*$G201","v":{"$error":"#VALUE!"}},{"$f":"SUMIFS('[20]WorkDone DATA'!$L:$L,'[20]WorkDone DATA'!$N:$N,BOQ!BD$6,'[20]WorkDone DATA'!$G:$G,BOQ!$B201)*$G201","v":{"$error":"#VALUE!"}},{"$f":"SUMIFS('[20]WorkDone DATA'!$L:$L,'[20]WorkDone DATA'!$N:$N,BOQ!BE$6,'[20]WorkDone DATA'!$G:$G,BOQ!$B201)*$G201","v":{"$error":"#VALUE!"}},{"$f":"SUMIFS('[20]WorkDone DATA'!$L:$L,'[20]WorkDone DATA'!$N:$N,BOQ!BF$6,'[20]WorkDone DATA'!$G:$G,BOQ!$B201)*$G201","v":{"$error":"#VALUE!"}},{"$f":"SUMIFS('[20]WorkDone DATA'!$L:$L,'[20]WorkDone DATA'!$N:$N,BOQ!BG$6,'[20]WorkDone DATA'!$G:$G,BOQ!$B201)*$G201","v":{"$error":"#VALUE!"}},{"$f":"SUMIFS('[20]WorkDone DATA'!$L:$L,'[20]WorkDone DATA'!$N:$N,BOQ!BH$6,'[20]WorkDone DATA'!$G:$G,BOQ!$B201)*$G201","v":{"$error":"#VALUE!"}},{"$f":"SUMIFS('[20]WorkDone DATA'!$L:$L,'[20]WorkDone DATA'!$N:$N,BOQ!BI$6,'[20]WorkDone DATA'!$G:$G,BOQ!$B201)*$G201","v":{"$error":"#VALUE!"}},{"$f":"SUMIFS('[20]WorkDone DATA'!$L:$L,'[20]WorkDone DATA'!$N:$N,BOQ!BJ$6,'[20]WorkDone DATA'!$G:$G,BOQ!$B201)*$G201","v":{"$error":"#VALUE!"}},{"$f":"SUMIFS('[20]WorkDone DATA'!$L:$L,'[20]WorkDone DATA'!$N:$N,BOQ!BK$6,'[20]WorkDone DATA'!$G:$G,BOQ!$B201)*$G201","v":{"$error":"#VALUE!"}},{"$f":"SUMIFS('[20]WorkDone DATA'!$L:$L,'[20]WorkDone DATA'!$N:$N,BOQ!BL$6,'[20]WorkDone DATA'!$G:$G,BOQ!$B201)*$G201","v":{"$error":"#VALUE!"}},{"$f":"SUMIFS('[20]WorkDone DATA'!$L:$L,'[20]WorkDone DATA'!$N:$N,BOQ!BM$6,'[20]WorkDone DATA'!$G:$G,BOQ!$B201)*$G201","v":{"$error":"#VALUE!"}},{"$f":"SUMIFS('[20]WorkDone DATA'!$L:$L,'[20]WorkDone DATA'!$N:$N,BOQ!BN$6,'[20]WorkDone DATA'!$G:$G,BOQ!$B201)*$G201","v":{"$error":"#VALUE!"}},{"$f":"SUMIFS('[20]WorkDone DATA'!$L:$L,'[20]WorkDone DATA'!$N:$N,BOQ!BO$6,'[20]WorkDone DATA'!$G:$G,BOQ!$B201)*$G201","v":{"$error":"#VALUE!"}},{"$f":"SUMIFS('[20]WorkDone DATA'!$L:$L,'[20]WorkDone DATA'!$N:$N,BOQ!BP$6,'[20]WorkDone DATA'!$G:$G,BOQ!$B201)*$G201","v":{"$error":"#VALUE!"}},{"$f":"SUMIFS('[20]WorkDone DATA'!$L:$L,'[20]WorkDone DATA'!$N:$N,BOQ!BQ$6,'[20]WorkDone DATA'!$G:$G,BOQ!$B201)*$G201","v":{"$error":"#VALUE!"}},{"$f":"SUMIFS('[20]WorkDone DATA'!$L:$L,'[20]WorkDone DATA'!$N:$N,BOQ!BR$6,'[20]WorkDone DATA'!$G:$G,BOQ!$B201)*$G201","v":{"$error":"#VALUE!"}},{"$f":"SUMIFS('[20]WorkDone DATA'!$L:$L,'[20]WorkDone DATA'!$N:$N,BOQ!BS$6,'[20]WorkDone DATA'!$G:$G,BOQ!$B201)*$G201","v":{"$error":"#VALUE!"}},{"$f":"SUMIFS('[20]WorkDone DATA'!$L:$L,'[20]WorkDone DATA'!$N:$N,BOQ!BT$6,'[20]WorkDone DATA'!$G:$G,BOQ!$B201)*$G201","v":{"$error":"#VALUE!"}},{"$f":"SUMIFS('[20]WorkDone DATA'!$L:$L,'[20]WorkDone DATA'!$N:$N,BOQ!BU$6,'[20]WorkDone DATA'!$G:$G,BOQ!$B201)*$G201","v":{"$error":"#VALUE!"}},{"$f":"SUMIFS('[20]WorkDone DATA'!$L:$L,'[20]WorkDone DATA'!$N:$N,BOQ!BV$6,'[20]WorkDone DATA'!$G:$G,BOQ!$B201)*$G201","v":{"$error":"#VALUE!"}},{"$f":"SUMIFS('[20]WorkDone DATA'!$L:$L,'[20]WorkDone DATA'!$N:$N,BOQ!BW$6,'[20]WorkDone DATA'!$G:$G,BOQ!$B201)*$G201","v":{"$error":"#VALUE!"}},{"$f":"SUMIFS('[20]WorkDone DATA'!$L:$L,'[20]WorkDone DATA'!$N:$N,BOQ!BX$6,'[20]WorkDone DATA'!$G:$G,BOQ!$B201)*$G201","v":{"$error":"#VALUE!"}}]
[null,null,"240mm2 x 3 core (CXX03TCV) 3.8kV/6.6kV",{"$nulls":4},0,{"$nulls":3},{"$error":"#VALUE!"},{"$error":"#VALUE!"},null,0,{"$error":"#VALUE!"},null,{"$f":"SUMIFS('[20]WorkDone DATA'!$L:$L,'[20]WorkDone DATA'!$N:$N,BOQ!S$6,'[20]WorkDone DATA'!$G:$G,BOQ!$B202)","v":{"$error":"#VALUE!"}},{"$error":"#VALUE!"},{"$f":"SUMIFS('[20]WorkDone DATA'!$L:$L,'[20]WorkDone DATA'!$N:$N,BOQ!U$6,'[20]WorkDone DATA'!$G:$G,BOQ!$B202)","v":{"$error":"#VALUE!"}},{"$error":"#VALUE!"},null,{"$f":"SUMIFS('[20]WorkDone DATA'!$L:$L,'[20]WorkDone DATA'!$N:$N,BOQ!W$6,'[20]WorkDone DATA'!$G:$G,BOQ!$B202)*$G202","v":{"$error":"#VALUE!"}},null,{"$f":"SUMIFS('[20]WorkDone DATA'!$L:$L,'[20]WorkDone DATA'!$N:$N,BOQ!Y$6,'[20]WorkDone DATA'!$G:$G,BOQ!$B202)*$G202","v":{"$error":"#VALUE!"}},null,{"$f":"SUMIFS('[20]WorkDone DATA'!$L:$L,'[20]WorkDone DATA'!$N:$N,BOQ!AA$6,'[20]WorkDone DATA'!$G:$G,BOQ!$B202)*$G202","v":{"$error":"#VALUE!"}},{"$f":"SUMIFS('[20]WorkDone DATA'!$L:$L,'[20]WorkDone DATA'!$N:$N,BOQ!AB$6,'[20]WorkDone DATA'!$G:$G,BOQ!$B202)*$G202","v":{"$error":"#VALUE!"}},{"$f":"SUMIFS('[20]WorkDone DATA'!$L:$L,'[20]WorkDone DATA'!$N:$N,BOQ!AC$6,'[20]WorkDone DATA'!$G:$G,BOQ!$B202)*$G202","v":{"$error":"#VALUE!"}},{"$f":"SUMIFS('[20]WorkDone DATA'!$L:$L,'[20]WorkDone DATA'!$N:$N,BOQ!AD$6,'[20]WorkDone DATA'!$G:$G,BOQ!$B202)*$G202","v":{"$error":"#VALUE!"}},{"$f":"SUMIFS('[20]WorkDone DATA'!$L:$L,'[20]WorkDone DATA'!$N:$N,BOQ!AE$6,'[20]WorkDone DATA'!$G:$G,BOQ!$B202)*$G202","v":{"$error":"#VALUE!"}},{"$f":"SUMIFS('[20]WorkDone DATA'!$L:$L,'[20]WorkDone DATA'!$N:$N,BOQ!AF$6,'[20]WorkDone DATA'!$G:$G,BOQ!$B202)*$G202","v":{"$error":"#VALUE!"}},{"$f":"SUMIFS('[20]WorkDone DATA'!$L:$L,'[20]WorkDone DATA'!$N:$N,BOQ!AG$6,'[20]WorkDone DATA'!$G:$G,BOQ!$B202)*$G202","v":{"$error":"#VALUE!"}},{"$f":"SUMIFS('[20]WorkDone DATA'!$L:$L,'[20]WorkDone DATA'!$N:$N,BOQ!AH$6,'[20]WorkDone DATA'!$G:$G,BOQ!$B202)*$G202","v":{"$error":"#VALUE!"}},{"$f":"SUMIFS('[20]WorkDone DATA'!$L:$L,'[20]WorkDone DATA'!$N:$N,BOQ!AI$6,'[20]WorkDone DATA'!$G:$G,BOQ!$B202)*$G202","v":{"$error":"#VALUE!"}},{"$f":"SUMIFS('[20]WorkDone DATA'!$L:$L,'[20]WorkDone DATA'!$N:$N,BOQ!AJ$6,'[20]WorkDone DATA'!$G:$G,BOQ!$B202)*$G202","v":{"$error":"#VALUE!"}},{"$f":"SUMIFS('[20]WorkDone DATA'!$L:$L,'[20]WorkDone DATA'!$N:$N,BOQ!AK$6,'[20]WorkDone DATA'!$G:$G,BOQ!$B202)*$G202","v":{"$error":"#VALUE!"}},{"$f":"SUMIFS('[20]WorkDone DATA'!$L:$L,'[20]WorkDone DATA'!$N:$N,BOQ!AL$6,'[20]WorkDone DATA'!$G:$G,BOQ!$B202)*$G202","v":{"$error":"#VALUE!"}},{"$f":"SUMIFS('[20]WorkDone DATA'!$L:$L,'[20]WorkDone DATA'!$N:$N,BOQ!AM$6,'[20]WorkDone DATA'!$G:$G,BOQ!$B202)*$G202","v":{"$error":"#VALUE!"}},{"$f":"SUMIFS('[20]WorkDone DATA'!$L:$L,'[20]WorkDone DATA'!$N:$N,BOQ!AN$6,'[20]WorkDone DATA'!$G:$G,BOQ!$B202)*$G202","v":{"$error":"#VALUE!"}},{"$f":"SUMIFS('[20]WorkDone DATA'!$L:$L,'[20]WorkDone DATA'!$N:$N,BOQ!AO$6,'[20]WorkDone DATA'!$G:$G,BOQ!$B202)*$G202","v":{"$error":"#VALUE!"}},{"$f":"SUMIFS('[20]WorkDone DATA'!$L:$L,'[20]WorkDone DATA'!$N:$N,BOQ!AP$6,'[20]WorkDone DATA'!$G:$G,BOQ!$B202)*$G202","v":{"$error":"#VALUE!"}},{"$f":"SUMIFS('[20]WorkDone DATA'!$L:$L,'[20]WorkDone DATA'!$N:$N,BOQ!AQ$6,'[20]WorkDone DATA'!$G:$G,BOQ!$B202)*$G202","v":{"$error":"#VALUE!"}},{"$f":"SUMIFS('[20]WorkDone DATA'!$L:$L,'[20]WorkDone DATA'!$N:$N,BOQ!AR$6,'[20]WorkDone DATA'!$G:$G,BOQ!$B202)*$G202","v":{"$error":"#VALUE!"}},{"$f":"SUMIFS('[20]WorkDone DATA'!$L:$L,'[20]WorkDone DATA'!$N:$N,BOQ!AS$6,'[20]WorkDone DATA'!$G:$G,BOQ!$B202)*$G202","v":{"$error":"#VALUE!"}},{"$f":"SUMIFS('[20]WorkDone DATA'!$L:$L,'[20]WorkDone DATA'!$N:$N,BOQ!AT$6,'[20]WorkDone DATA'!$G:$G,BOQ!$B202)*$G202","v":{"$error":"#VALUE!"}},{"$f":"SUMIFS('[20]WorkDone DATA'!$L:$L,'[20]WorkDone DATA'!$N:$N,BOQ!AU$6,'[20]WorkDone DATA'!$G:$G,BOQ!$B202)*$G202","v":{"$error":"#VALUE!"}},{"$f":"SUMIFS('[20]WorkDone DATA'!$L:$L,'[20]WorkDone DATA'!$N:$N,BOQ!AV$6,'[20]WorkDone DATA'!$G:$G,BOQ!$B202)*$G202","v":{"$error":"#VALUE!"}},{"$f":"SUMIFS('[20]WorkDone DATA'!$L:$L,'[20]WorkDone DATA'!$N:$N,BOQ!AW$6,'[20]WorkDone DATA'!$G:$G,BOQ!$B202)*$G202","v":{"$error":"#VALUE!"}},{"$f":"SUMIFS('[20]WorkDone DATA'!$L:$L,'[20]WorkDone DATA'!$N:$N,BOQ!AX$6,'[20]WorkDone DATA'!$G:$G,BOQ!$B202)*$G202","v":{"$error":"#VALUE!"}},{"$f":"SUMIFS('[20]WorkDone DATA'!$L:$L,'[20]WorkDone DATA'!$N:$N,BOQ!AY$6,'[20]WorkDone DATA'!$G:$G,BOQ!$B202)*$G202","v":{"$error":"#VALUE!"}},{"$f":"SUMIFS('[20]WorkDone DATA'!$L:$L,'[20]WorkDone DATA'!$N:$N,BOQ!AZ$6,'[20]WorkDone DATA'!$G:$G,BOQ!$B202)*$G202","v":{"$error":"#VALUE!"}},{"$f":"SUMIFS('[20]WorkDone DATA'!$L:$L,'[20]WorkDone DATA'!$N:$N,BOQ!BA$6,'[20]WorkDone DATA'!$G:$G,BOQ!$B202)*$G202","v":{"$error":"#VALUE!"}},{"$f":"SUMIFS('[20]WorkDone DATA'!$L:$L,'[20]WorkDone DATA'!$N:$N,BOQ!BB$6,'[20]WorkDone DATA'!$G:$G,BOQ!$B202)*$G202","v":{"$error":"#VALUE!"}},{"$f":"SUMIFS('[20]WorkDone DATA'!$L:$L,'[20]WorkDone DATA'!$N:$N,BOQ!BC$6,'[20]WorkDone DATA'!$G:$G,BOQ!$B202)*$G202","v":{"$error":"#VALUE!"}},{"$f":"SUMIFS('[20]WorkDone DATA'!$L:$L,'[20]WorkDone DATA'!$N:$N,BOQ!BD$6,'[20]WorkDone DATA'!$G:$G,BOQ!$B202)*$G202","v":{"$error":"#VALUE!"}},{"$f":"SUMIFS('[20]WorkDone DATA'!$L:$L,'[20]WorkDone DATA'!$N:$N,BOQ!BE$6,'[20]WorkDone DATA'!$G:$G,BOQ!$B202)*$G202","v":{"$error":"#VALUE!"}},{"$f":"SUMIFS('[20]WorkDone DATA'!$L:$L,'[20]WorkDone DATA'!$N:$N,BOQ!BF$6,'[20]WorkDone DATA'!$G:$G,BOQ!$B202)*$G202","v":{"$error":"#VALUE!"}},{"$f":"SUMIFS('[20]WorkDone DATA'!$L:$L,'[20]WorkDone DATA'!$N:$N,BOQ!BG$6,'[20]WorkDone DATA'!$G:$G,BOQ!$B202)*$G202","v":{"$error":"#VALUE!"}},{"$f":"SUMIFS('[20]WorkDone DATA'!$L:$L,'[20]WorkDone DATA'!$N:$N,BOQ!BH$6,'[20]WorkDone DATA'!$G:$G,BOQ!$B202)*$G202","v":{"$error":"#VALUE!"}},{"$f":"SUMIFS('[20]WorkDone DATA'!$L:$L,'[20]WorkDone DATA'!$N:$N,BOQ!BI$6,'[20]WorkDone DATA'!$G:$G,BOQ!$B202)*$G202","v":{"$error":"#VALUE!"}},{"$f":"SUMIFS('[20]WorkDone DATA'!$L:$L,'[20]WorkDone DATA'!$N:$N,BOQ!BJ$6,'[20]WorkDone DATA'!$G:$G,BOQ!$B202)*$G202","v":{"$error":"#VALUE!"}},{"$f":"SUMIFS('[20]WorkDone DATA'!$L:$L,'[20]WorkDone DATA'!$N:$N,BOQ!BK$6,'[20]WorkDone DATA'!$G:$G,BOQ!$B202)*$G202","v":{"$error":"#VALUE!"}},{"$f":"SUMIFS('[20]WorkDone DATA'!$L:$L,'[20]WorkDone DATA'!$N:$N,BOQ!BL$6,'[20]WorkDone DATA'!$G:$G,BOQ!$B202)*$G202","v":{"$error":"#VALUE!"}},{"$f":"SUMIFS('[20]WorkDone DATA'!$L:$L,'[20]WorkDone DATA'!$N:$N,BOQ!BM$6,'[20]WorkDone DATA'!$G:$G,BOQ!$B202)*$G202","v":{"$error":"#VALUE!"}},{"$f":"SUMIFS('[20]WorkDone DATA'!$L:$L,'[20]WorkDone DATA'!$N:$N,BOQ!BN$6,'[20]WorkDone DATA'!$G:$G,BOQ!$B202)*$G202","v":{"$error":"#VALUE!"}},{"$f":"SUMIFS('[20]WorkDone DATA'!$L:$L,'[20]WorkDone DATA'!$N:$N,BOQ!BO$6,'[20]WorkDone DATA'!$G:$G,BOQ!$B202)*$G202","v":{"$error":"#VALUE!"}},{"$f":"SUMIFS('[20]WorkDone DATA'!$L:$L,'[20]WorkDone DATA'!$N:$N,BOQ!BP$6,'[20]WorkDone DATA'!$G:$G,BOQ!$B202)*$G202","v":{"$error":"#VALUE!"}},{"$f":"SUMIFS('[20]WorkDone DATA'!$L:$L,'[20]WorkDone DATA'!$N:$N,BOQ!BQ$6,'[20]WorkDone DATA'!$G:$G,BOQ!$B202)*$G202","v":{"$error":"#VALUE!"}},{"$f":"SUMIFS('[20]WorkDone DATA'!$L:$L,'[20]WorkDone DATA'!$N:$N,BOQ!BR$6,'[20]WorkDone DATA'!$G:$G,BOQ!$B202)*$G202","v":{"$error":"#VALUE!"}},{"$f":"SUMIFS('[20]WorkDone DATA'!$L:$L,'[20]WorkDone DATA'!$N:$N,BOQ!BS$6,'[20]WorkDone DATA'!$G:$G,BOQ!$B202)*$G202","v":{"$error":"#VALUE!"}},{"$f":"SUMIFS('[20]WorkDone DATA'!$L:$L,'[20]WorkDone DATA'!$N:$N,BOQ!BT$6,'[20]WorkDone DATA'!$G:$G,BOQ!$B202)*$G202","v":{"$error":"#VALUE!"}},{"$f":"SUMIFS('[20]WorkDone DATA'!$L:$L,'[20]WorkDone DATA'!$N:$N,BOQ!BU$6,'[20]WorkDone DATA'!$G:$G,BOQ!$B202)*$G202","v":{"$error":"#VALUE!"}},{"$f":"SUMIFS('[20]WorkDone DATA'!$L:$L,'[20]WorkDone DATA'!$N:$N,BOQ!BV$6,'[20]WorkDone DATA'!$G:$G,BOQ!$B202)*$G202","v":{"$error":"#VALUE!"}},{"$f":"SUMIFS('[20]WorkDone DATA'!$L:$L,'[20]WorkDone DATA'!$N:$N,BOQ!BW$6,'[20]WorkDone DATA'!$G:$G,BOQ!$B202)*$G202","v":{"$error":"#VALUE!"}},{"$f":"SUMIFS('[20]WorkDone DATA'!$L:$L,'[20]WorkDone DATA'!$N:$N,BOQ!BX$6,'[20]WorkDone DATA'!$G:$G,BOQ!$B202)*$G202","v":{"$error":"#VALUE!"}}]
[{"$f":"C202","v":"240mm2 x 3 core (CXX03TCV) 3.8kV/6.6kV"},2.101,"Supply","E","each",26,{"v":7960.26,"d":"7,960.26"},{"v":206966.76,"d":"206,966.76"},null,null,{"$error":"#VALUE!"},{"$error":"#VALUE!"},{"$error":"#VALUE!"},null,{"$error":"#VALUE!"},{"$error":"#VALUE!"},null,{"$f":"SUMIFS('[20]WorkDone DATA'!$L:$L,'[20]WorkDone DATA'!$N:$N,BOQ!S$6,'[20]WorkDone DATA'!$G:$G,BOQ!$B203)","v":{"$error":"#VALUE!"}},{"$error":"#VALUE!"},{"$f":"SUMIFS('[20]WorkDone DATA'!$L:$L,'[20]WorkDone DATA'!$N:$N,BOQ!U$6,'[20]WorkDone DATA'!$G:$G,BOQ!$B203)","v":{"$error":"#VALUE!"}},{"$error":"#VALUE!"},null,{"$f":"SUMIFS('[20]WorkDone DATA'!$L:$L,'[20]WorkDone DATA'!$N:$N,BOQ!W$6,'[20]WorkDone DATA'!$G:$G,BOQ!$B203)*$G203","v":{"$error":"#VALUE!"}},null,{"$f":"SUMIFS('[20]WorkDone DATA'!$L:$L,'[20]WorkDone DATA'!$N:$N,BOQ!Y$6,'[20]WorkDone DATA'!$G:$G,BOQ!$B203)*$G203","v":{"$error":"#VALUE!"}},null,{"$f":"SUMIFS('[20]WorkDone DATA'!$L:$L,'[20]WorkDone DATA'!$N:$N,BOQ!AA$6,'[20]WorkDone DATA'!$G:$G,BOQ!$B203)*$G203","v":{"$error":"#VALUE!"}},{"$f":"SUMIFS('[20]WorkDone DATA'!$L:$L,'[20]WorkDone DATA'!$N:$N,BOQ!AB$6,'[20]WorkDone DATA'!$G:$G,BOQ!$B203)*$G203","v":{"$error":"#VALUE!"}},{"$f":"SUMIFS('[20]WorkDone DATA'!$L:$L,'[20]WorkDone DATA'!$N:$N,BOQ!AC$6,'[20]WorkDone DATA'!$G:$G,BOQ!$B203)*$G203","v":{"$error":"#VALUE!"}},{"$f":"SUMIFS('[20]WorkDone DATA'!$L:$L,'[20]WorkDone DATA'!$N:$N,BOQ!AD$6,'[20]WorkDone DATA'!$G:$G,BOQ!$B203)*$G203","v":{"$error":"#VALUE!"}},{"$f":"SUMIFS('[20]WorkDone DATA'!$L:$L,'[20]WorkDone DATA'!$N:$N,BOQ!AE$6,'[20]WorkDone DATA'!$G:$G,BOQ!$B203)*$G203","v":{"$error":"#VALUE!"}},{"$f":"SUMIFS('[20]WorkDone DATA'!$L:$L,'[20]WorkDone DATA'!$N:$N,BOQ!AF$6,'[20]WorkDone DATA'!$G:$G,BOQ!$B203)*$G203","v":{"$error":"#VALUE!"}},{"$f":"SUMIFS('[20]WorkDone DATA'!$L:$L,'[20]WorkDone DATA'!$N:$N,BOQ!AG$6,'[20]WorkDone DATA'!$G:$G,BOQ!$B203)*$G203","v":{"$error":"#VALUE!"}},{"$f":"SUMIFS('[20]WorkDone DATA'!$L:$L,'[20]WorkDone DATA'!$N:$N,BOQ!AH$6,'[20]WorkDone DATA'!$G:$G,BOQ!$B203)*$G203","v":{"$error":"#VALUE!"}},{"$f":"SUMIFS('[20]WorkDone DATA'!$L:$L,'[20]WorkDone DATA'!$N:$N,BOQ!AI$6,'[20]WorkDone DATA'!$G:$G,BOQ!$B203)*$G203","v":{"$error":"#VALUE!"}},{"$f":"SUMIFS('[20]WorkDone DATA'!$L:$L,'[20]WorkDone DATA'!$N:$N,BOQ!AJ$6,'[20]WorkDone DATA'!$G:$G,BOQ!$B203)*$G203","v":{"$error":"#VALUE!"}},{"$f":"SUMIFS('[20]WorkDone DATA'!$L:$L,'[20]WorkDone DATA'!$N:$N,BOQ!AK$6,'[20]WorkDone DATA'!$G:$G,BOQ!$B203)*$G203","v":{"$error":"#VALUE!"}},{"$f":"SUMIFS('[20]WorkDone DATA'!$L:$L,'[20]WorkDone DATA'!$N:$N,BOQ!AL$6,'[20]WorkDone DATA'!$G:$G,BOQ!$B203)*$G203","v":{"$error":"#VALUE!"}},{"$f":"SUMIFS('[20]WorkDone DATA'!$L:$L,'[20]WorkDone DATA'!$N:$N,BOQ!AM$6,'[20]WorkDone DATA'!$G:$G,BOQ!$B203)*$G203","v":{"$error":"#VALUE!"}},{"$f":"SUMIFS('[20]WorkDone DATA'!$L:$L,'[20]WorkDone DATA'!$N:$N,BOQ!AN$6,'[20]WorkDone DATA'!$G:$G,BOQ!$B203)*$G203","v":{"$error":"#VALUE!"}},{"$f":"SUMIFS('[20]WorkDone DATA'!$L:$L,'[20]WorkDone DATA'!$N:$N,BOQ!AO$6,'[20]WorkDone DATA'!$G:$G,BOQ!$B203)*$G203","v":{"$error":"#VALUE!"}},{"$f":"SUMIFS('[20]WorkDone DATA'!$L:$L,'[20]WorkDone DATA'!$N:$N,BOQ!AP$6,'[20]WorkDone DATA'!$G:$G,BOQ!$B203)*$G203","v":{"$error":"#VALUE!"}},{"$f":"SUMIFS('[20]WorkDone DATA'!$L:$L,'[20]WorkDone DATA'!$N:$N,BOQ!AQ$6,'[20]WorkDone DATA'!$G:$G,BOQ!$B203)*$G203","v":{"$error":"#VALUE!"}},{"$f":"SUMIFS('[20]WorkDone DATA'!$L:$L,'[20]WorkDone DATA'!$N:$N,BOQ!AR$6,'[20]WorkDone DATA'!$G:$G,BOQ!$B203)*$G203","v":{"$error":"#VALUE!"}},{"$f":"SUMIFS('[20]WorkDone DATA'!$L:$L,'[20]WorkDone DATA'!$N:$N,BOQ!AS$6,'[20]WorkDone DATA'!$G:$G,BOQ!$B203)*$G203","v":{"$error":"#VALUE!"}},{"$f":"SUMIFS('[20]WorkDone DATA'!$L:$L,'[20]WorkDone DATA'!$N:$N,BOQ!AT$6,'[20]WorkDone DATA'!$G:$G,BOQ!$B203)*$G203","v":{"$error":"#VALUE!"}},{"$f":"SUMIFS('[20]WorkDone DATA'!$L:$L,'[20]WorkDone DATA'!$N:$N,BOQ!AU$6,'[20]WorkDone DATA'!$G:$G,BOQ!$B203)*$G203","v":{"$error":"#VALUE!"}},{"$f":"SUMIFS('[20]WorkDone DATA'!$L:$L,'[20]WorkDone DATA'!$N:$N,BOQ!AV$6,'[20]WorkDone DATA'!$G:$G,BOQ!$B203)*$G203","v":{"$error":"#VALUE!"}},{"$f":"SUMIFS('[20]WorkDone DATA'!$L:$L,'[20]WorkDone DATA'!$N:$N,BOQ!AW$6,'[20]WorkDone DATA'!$G:$G,BOQ!$B203)*$G203","v":{"$error":"#VALUE!"}},{"$f":"SUMIFS('[20]WorkDone DATA'!$L:$L,'[20]WorkDone DATA'!$N:$N,BOQ!AX$6,'[20]WorkDone DATA'!$G:$G,BOQ!$B203)*$G203","v":{"$error":"#VALUE!"}},{"$f":"SUMIFS('[20]WorkDone DATA'!$L:$L,'[20]WorkDone DATA'!$N:$N,BOQ!AY$6,'[20]WorkDone DATA'!$G:$G,BOQ!$B203)*$G203","v":{"$error":"#VALUE!"}},{"$f":"SUMIFS('[20]WorkDone DATA'!$L:$L,'[20]WorkDone DATA'!$N:$N,BOQ!AZ$6,'[20]WorkDone DATA'!$G:$G,BOQ!$B203)*$G203","v":{"$error":"#VALUE!"}},{"$f":"SUMIFS('[20]WorkDone DATA'!$L:$L,'[20]WorkDone DATA'!$N:$N,BOQ!BA$6,'[20]WorkDone DATA'!$G:$G,BOQ!$B203)*$G203","v":{"$error":"#VALUE!"}},{"$f":"SUMIFS('[20]WorkDone DATA'!$L:$L,'[20]WorkDone DATA'!$N:$N,BOQ!BB$6,'[20]WorkDone DATA'!$G:$G,BOQ!$B203)*$G203","v":{"$error":"#VALUE!"}},{"$f":"SUMIFS('[20]WorkDone DATA'!$L:$L,'[20]WorkDone DATA'!$N:$N,BOQ!BC$6,'[20]WorkDone DATA'!$G:$G,BOQ!$B203)*$G203","v":{"$error":"#VALUE!"}},{"$f":"SUMIFS('[20]WorkDone DATA'!$L:$L,'[20]WorkDone DATA'!$N:$N,BOQ!BD$6,'[20]WorkDone DATA'!$G:$G,BOQ!$B203)*$G203","v":{"$error":"#VALUE!"}},{"$f":"SUMIFS('[20]WorkDone DATA'!$L:$L,'[20]WorkDone DATA'!$N:$N,BOQ!BE$6,'[20]WorkDone DATA'!$G:$G,BOQ!$B203)*$G203","v":{"$error":"#VALUE!"}},{"$f":"SUMIFS('[20]WorkDone DATA'!$L:$L,'[20]WorkDone DATA'!$N:$N,BOQ!BF$6,'[20]WorkDone DATA'!$G:$G,BOQ!$B203)*$G203","v":{"$error":"#VALUE!"}},{"$f":"SUMIFS('[20]WorkDone DATA'!$L:$L,'[20]WorkDone DATA'!$N:$N,BOQ!BG$6,'[20]WorkDone DATA'!$G:$G,BOQ!$B203)*$G203","v":{"$error":"#VALUE!"}},{"$f":"SUMIFS('[20]WorkDone DATA'!$L:$L,'[20]WorkDone DATA'!$N:$N,BOQ!BH$6,'[20]WorkDone DATA'!$G:$G,BOQ!$B203)*$G203","v":{"$error":"#VALUE!"}},{"$f":"SUMIFS('[20]WorkDone DATA'!$L:$L,'[20]WorkDone DATA'!$N:$N,BOQ!BI$6,'[20]WorkDone DATA'!$G:$G,BOQ!$B203)*$G203","v":{"$error":"#VALUE!"}},{"$f":"SUMIFS('[20]WorkDone DATA'!$L:$L,'[20]WorkDone DATA'!$N:$N,BOQ!BJ$6,'[20]WorkDone DATA'!$G:$G,BOQ!$B203)*$G203","v":{"$error":"#VALUE!"}},{"$f":"SUMIFS('[20]WorkDone DATA'!$L:$L,'[20]WorkDone DATA'!$N:$N,BOQ!BK$6,'[20]WorkDone DATA'!$G:$G,BOQ!$B203)*$G203","v":{"$error":"#VALUE!"}},{"$f":"SUMIFS('[20]WorkDone DATA'!$L:$L,'[20]WorkDone DATA'!$N:$N,BOQ!BL$6,'[20]WorkDone DATA'!$G:$G,BOQ!$B203)*$G203","v":{"$error":"#VALUE!"}},{"$f":"SUMIFS('[20]WorkDone DATA'!$L:$L,'[20]WorkDone DATA'!$N:$N,BOQ!BM$6,'[20]WorkDone DATA'!$G:$G,BOQ!$B203)*$G203","v":{"$error":"#VALUE!"}},{"$f":"SUMIFS('[20]WorkDone DATA'!$L:$L,'[20]WorkDone DATA'!$N:$N,BOQ!BN$6,'[20]WorkDone DATA'!$G:$G,BOQ!$B203)*$G203","v":{"$error":"#VALUE!"}},{"$f":"SUMIFS('[20]WorkDone DATA'!$L:$L,'[20]WorkDone DATA'!$N:$N,BOQ!BO$6,'[20]WorkDone DATA'!$G:$G,BOQ!$B203)*$G203","v":{"$error":"#VALUE!"}},{"$f":"SUMIFS('[20]WorkDone DATA'!$L:$L,'[20]WorkDone DATA'!$N:$N,BOQ!BP$6,'[20]WorkDone DATA'!$G:$G,BOQ!$B203)*$G203","v":{"$error":"#VALUE!"}},{"$f":"SUMIFS('[20]WorkDone DATA'!$L:$L,'[20]WorkDone DATA'!$N:$N,BOQ!BQ$6,'[20]WorkDone DATA'!$G:$G,BOQ!$B203)*$G203","v":{"$error":"#VALUE!"}},{"$f":"SUMIFS('[20]WorkDone DATA'!$L:$L,'[20]WorkDone DATA'!$N:$N,BOQ!BR$6,'[20]WorkDone DATA'!$G:$G,BOQ!$B203)*$G203","v":{"$error":"#VALUE!"}},{"$f":"SUMIFS('[20]WorkDone DATA'!$L:$L,'[20]WorkDone DATA'!$N:$N,BOQ!BS$6,'[20]WorkDone DATA'!$G:$G,BOQ!$B203)*$G203","v":{"$error":"#VALUE!"}},{"$f":"SUMIFS('[20]WorkDone DATA'!$L:$L,'[20]WorkDone DATA'!$N:$N,BOQ!BT$6,'[20]WorkDone DATA'!$G:$G,BOQ!$B203)*$G203","v":{"$error":"#VALUE!"}},{"$f":"SUMIFS('[20]WorkDone DATA'!$L:$L,'[20]WorkDone DATA'!$N:$N,BOQ!BU$6,'[20]WorkDone DATA'!$G:$G,BOQ!$B203)*$G203","v":{"$error":"#VALUE!"}},{"$f":"SUMIFS('[20]WorkDone DATA'!$L:$L,'[20]WorkDone DATA'!$N:$N,BOQ!BV$6,'[20]WorkDone DATA'!$G:$G,BOQ!$B203)*$G203","v":{"$error":"#VALUE!"}},{"$f":"SUMIFS('[20]WorkDone DATA'!$L:$L,'[20]WorkDone DATA'!$N:$N,BOQ!BW$6,'[20]WorkDone DATA'!$G:$G,BOQ!$B203)*$G203","v":{"$error":"#VALUE!"}},{"$f":"SUMIFS('[20]WorkDone DATA'!$L:$L,'[20]WorkDone DATA'!$N:$N,BOQ!BX$6,'[20]WorkDone DATA'!$G:$G,BOQ!$B203)*$G203","v":{"$error":"#VALUE!"}}]
[{"$f":"C202","v":"240mm2 x 3 core (CXX03TCV) 3.8kV/6.6kV"},2.102,"Installation","A","each",26,167.14,{"$f":"G204*F204","v":{"v":4345.639999999999,"d":"4,345.64"}},null,null,{"$error":"#VALUE!"},{"$f":"SUMIF(R197:Y197,S197,R204:Y204)","v":{"$error":"#VALUE!"}},{"$f":"SUMIF(R197:BX197,S197,R204:BX204)","v":{"$error":"#VALUE!"}},null,{"$f":"F204-K204","v":{"$error":"#VALUE!"}},{"$f":"H204-M204","v":{"$error":"#VALUE!"}},null,{"$f":"SUMIFS('[20]WorkDone DATA'!$L:$L,'[20]WorkDone DATA'!$N:$N,BOQ!S$6,'[20]WorkDone DATA'!$G:$G,BOQ!$B204)","v":{"$error":"#VALUE!"}},{"$f":"R204*G204","v":{"$error":"#VALUE!"}},{"$f":"SUMIFS('[20]WorkDone DATA'!$L:$L,'[20]WorkDone DATA'!$N:$N,BOQ!U$6,'[20]WorkDone DATA'!$G:$G,BOQ!$B204)","v":{"$error":"#VALUE!"}},{"$error":"#VALUE!"},null,{"$f":"SUMIFS('[20]WorkDone DATA'!$L:$L,'[20]WorkDone DATA'!$N:$N,BOQ!W$6,'[20]WorkDone DATA'!$G:$G,BOQ!$B204)*$G204","v":{"$error":"#VALUE!"}},null,{"$f":"SUMIFS('[20]WorkDone DATA'!$L:$L,'[20]WorkDone DATA'!$N:$N,BOQ!Y$6,'[20]WorkDone DATA'!$G:$G,BOQ!$B204)*$G204","v":{"$error":"#VALUE!"}},null,{"$f":"SUMIFS('[20]WorkDone DATA'!$L:$L,'[20]WorkDone DATA'!$N:$N,BOQ!AA$6,'[20]WorkDone DATA'!$G:$G,BOQ!$B204)*$G204","v":{"$error":"#VALUE!"}},{"$f":"SUMIFS('[20]WorkDone DATA'!$L:$L,'[20]WorkDone DATA'!$N:$N,BOQ!AB$6,'[20]WorkDone DATA'!$G:$G,BOQ!$B204)*$G204","v":{"$error":"#VALUE!"}},{"$f":"SUMIFS('[20]WorkDone DATA'!$L:$L,'[20]WorkDone DATA'!$N:$N,BOQ!AC$6,'[20]WorkDone DATA'!$G:$G,BOQ!$B204)*$G204","v":{"$error":"#VALUE!"}},{"$f":"SUMIFS('[20]WorkDone DATA'!$L:$L,'[20]WorkDone DATA'!$N:$N,BOQ!AD$6,'[20]WorkDone DATA'!$G:$G,BOQ!$B204)*$G204","v":{"$error":"#VALUE!"}},{"$f":"SUMIFS('[20]WorkDone DATA'!$L:$L,'[20]WorkDone DATA'!$N:$N,BOQ!AE$6,'[20]WorkDone DATA'!$G:$G,BOQ!$B204)*$G204","v":{"$error":"#VALUE!"}},{"$f":"SUMIFS('[20]WorkDone DATA'!$L:$L,'[20]WorkDone DATA'!$N:$N,BOQ!AF$6,'[20]WorkDone DATA'!$G:$G,BOQ!$B204)*$G204","v":{"$error":"#VALUE!"}},{"$f":"SUMIFS('[20]WorkDone DATA'!$L:$L,'[20]WorkDone DATA'!$N:$N,BOQ!AG$6,'[20]WorkDone DATA'!$G:$G,BOQ!$B204)*$G204","v":{"$error":"#VALUE!"}},{"$f":"SUMIFS('[20]WorkDone DATA'!$L:$L,'[20]WorkDone DATA'!$N:$N,BOQ!AH$6,'[20]WorkDone DATA'!$G:$G,BOQ!$B204)*$G204","v":{"$error":"#VALUE!"}},{"$f":"SUMIFS('[20]WorkDone DATA'!$L:$L,'[20]WorkDone DATA'!$N:$N,BOQ!AI$6,'[20]WorkDone DATA'!$G:$G,BOQ!$B204)*$G204","v":{"$error":"#VALUE!"}},{"$f":"SUMIFS('[20]WorkDone DATA'!$L:$L,'[20]WorkDone DATA'!$N:$N,BOQ!AJ$6,'[20]WorkDone DATA'!$G:$G,BOQ!$B204)*$G204","v":{"$error":"#VALUE!"}},{"$f":"SUMIFS('[20]WorkDone DATA'!$L:$L,'[20]WorkDone DATA'!$N:$N,BOQ!AK$6,'[20]WorkDone DATA'!$G:$G,BOQ!$B204)*$G204","v":{"$error":"#VALUE!"}},{"$f":"SUMIFS('[20]WorkDone DATA'!$L:$L,'[20]WorkDone DATA'!$N:$N,BOQ!AL$6,'[20]WorkDone DATA'!$G:$G,BOQ!$B204)*$G204","v":{"$error":"#VALUE!"}},{"$f":"SUMIFS('[20]WorkDone DATA'!$L:$L,'[20]WorkDone DATA'!$N:$N,BOQ!AM$6,'[20]WorkDone DATA'!$G:$G,BOQ!$B204)*$G204","v":{"$error":"#VALUE!"}},{"$f":"SUMIFS('[20]WorkDone DATA'!$L:$L,'[20]WorkDone DATA'!$N:$N,BOQ!AN$6,'[20]WorkDone DATA'!$G:$G,BOQ!$B204)*$G204","v":{"$error":"#VALUE!"}},{"$f":"SUMIFS('[20]WorkDone DATA'!$L:$L,'[20]WorkDone DATA'!$N:$N,BOQ!AO$6,'[20]WorkDone DATA'!$G:$G,BOQ!$B204)*$G204","v":{"$error":"#VALUE!"}},{"$f":"SUMIFS('[20]WorkDone DATA'!$L:$L,'[20]WorkDone DATA'!$N:$N,BOQ!AP$6,'[20]WorkDone DATA'!$G:$G,BOQ!$B204)*$G204","v":{"$error":"#VALUE!"}},{"$f":"SUMIFS('[20]WorkDone DATA'!$L:$L,'[20]WorkDone DATA'!$N:$N,BOQ!AQ$6,'[20]WorkDone DATA'!$G:$G,BOQ!$B204)*$G204","v":{"$error":"#VALUE!"}},{"$f":"SUMIFS('[20]WorkDone DATA'!$L:$L,'[20]WorkDone DATA'!$N:$N,BOQ!AR$6,'[20]WorkDone DATA'!$G:$G,BOQ!$B204)*$G204","v":{"$error":"#VALUE!"}},{"$f":"SUMIFS('[20]WorkDone DATA'!$L:$L,'[20]WorkDone DATA'!$N:$N,BOQ!AS$6,'[20]WorkDone DATA'!$G:$G,BOQ!$B204)*$G204","v":{"$error":"#VALUE!"}},{"$f":"SUMIFS('[20]WorkDone DATA'!$L:$L,'[20]WorkDone DATA'!$N:$N,BOQ!AT$6,'[20]WorkDone DATA'!$G:$G,BOQ!$B204)*$G204","v":{"$error":"#VALUE!"}},{"$f":"SUMIFS('[20]WorkDone DATA'!$L:$L,'[20]WorkDone DATA'!$N:$N,BOQ!AU$6,'[20]WorkDone DATA'!$G:$G,BOQ!$B204)*$G204","v":{"$error":"#VALUE!"}},{"$f":"SUMIFS('[20]WorkDone DATA'!$L:$L,'[20]WorkDone DATA'!$N:$N,BOQ!AV$6,'[20]WorkDone DATA'!$G:$G,BOQ!$B204)*$G204","v":{"$error":"#VALUE!"}},{"$f":"SUMIFS('[20]WorkDone DATA'!$L:$L,'[20]WorkDone DATA'!$N:$N,BOQ!AW$6,'[20]WorkDone DATA'!$G:$G,BOQ!$B204)*$G204","v":{"$error":"#VALUE!"}},{"$f":"SUMIFS('[20]WorkDone DATA'!$L:$L,'[20]WorkDone DATA'!$N:$N,BOQ!AX$6,'[20]WorkDone DATA'!$G:$G,BOQ!$B204)*$G204","v":{"$error":"#VALUE!"}},{"$f":"SUMIFS('[20]WorkDone DATA'!$L:$L,'[20]WorkDone DATA'!$N:$N,BOQ!AY$6,'[20]WorkDone DATA'!$G:$G,BOQ!$B204)*$G204","v":{"$error":"#VALUE!"}},{"$f":"SUMIFS('[20]WorkDone DATA'!$L:$L,'[20]WorkDone DATA'!$N:$N,BOQ!AZ$6,'[20]WorkDone DATA'!$G:$G,BOQ!$B204)*$G204","v":{"$error":"#VALUE!"}},{"$f":"SUMIFS('[20]WorkDone DATA'!$L:$L,'[20]WorkDone DATA'!$N:$N,BOQ!BA$6,'[20]WorkDone DATA'!$G:$G,BOQ!$B204)*$G204","v":{"$error":"#VALUE!"}},{"$f":"SUMIFS('[20]WorkDone DATA'!$L:$L,'[20]WorkDone DATA'!$N:$N,BOQ!BB$6,'[20]WorkDone DATA'!$G:$G,BOQ!$B204)*$G204","v":{"$error":"#VALUE!"}},{"$f":"SUMIFS('[20]WorkDone DATA'!$L:$L,'[20]WorkDone DATA'!$N:$N,BOQ!BC$6,'[20]WorkDone DATA'!$G:$G,BOQ!$B204)*$G204","v":{"$error":"#VALUE!"}},{"$f":"SUMIFS('[20]WorkDone DATA'!$L:$L,'[20]WorkDone DATA'!$N:$N,BOQ!BD$6,'[20]WorkDone DATA'!$G:$G,BOQ!$B204)*$G204","v":{"$error":"#VALUE!"}},{"$f":"SUMIFS('[20]WorkDone DATA'!$L:$L,'[20]WorkDone DATA'!$N:$N,BOQ!BE$6,'[20]WorkDone DATA'!$G:$G,BOQ!$B204)*$G204","v":{"$error":"#VALUE!"}},{"$f":"SUMIFS('[20]WorkDone DATA'!$L:$L,'[20]WorkDone DATA'!$N:$N,BOQ!BF$6,'[20]WorkDone DATA'!$G:$G,BOQ!$B204)*$G204","v":{"$error":"#VALUE!"}},{"$f":"SUMIFS('[20]WorkDone DATA'!$L:$L,'[20]WorkDone DATA'!$N:$N,BOQ!BG$6,'[20]WorkDone DATA'!$G:$G,BOQ!$B204)*$G204","v":{"$error":"#VALUE!"}},{"$f":"SUMIFS('[20]WorkDone DATA'!$L:$L,'[20]WorkDone DATA'!$N:$N,BOQ!BH$6,'[20]WorkDone DATA'!$G:$G,BOQ!$B204)*$G204","v":{"$error":"#VALUE!"}},{"$f":"SUMIFS('[20]WorkDone DATA'!$L:$L,'[20]WorkDone DATA'!$N:$N,BOQ!BI$6,'[20]WorkDone DATA'!$G:$G,BOQ!$B204)*$G204","v":{"$error":"#VALUE!"}},{"$f":"SUMIFS('[20]WorkDone DATA'!$L:$L,'[20]WorkDone DATA'!$N:$N,BOQ!BJ$6,'[20]WorkDone DATA'!$G:$G,BOQ!$B204)*$G204","v":{"$error":"#VALUE!"}},{"$f":"SUMIFS('[20]WorkDone DATA'!$L:$L,'[20]WorkDone DATA'!$N:$N,BOQ!BK$6,'[20]WorkDone DATA'!$G:$G,BOQ!$B204)*$G204","v":{"$error":"#VALUE!"}},{"$f":"SUMIFS('[20]WorkDone DATA'!$L:$L,'[20]WorkDone DATA'!$N:$N,BOQ!BL$6,'[20]WorkDone DATA'!$G:$G,BOQ!$B204)*$G204","v":{"$error":"#VALUE!"}},{"$f":"SUMIFS('[20]WorkDone DATA'!$L:$L,'[20]WorkDone DATA'!$N:$N,BOQ!BM$6,'[20]WorkDone DATA'!$G:$G,BOQ!$B204)*$G204","v":{"$error":"#VALUE!"}},{"$f":"SUMIFS('[20]WorkDone DATA'!$L:$L,'[20]WorkDone DATA'!$N:$N,BOQ!BN$6,'[20]WorkDone DATA'!$G:$G,BOQ!$B204)*$G204","v":{"$error":"#VALUE!"}},{"$f":"SUMIFS('[20]WorkDone DATA'!$L:$L,'[20]WorkDone DATA'!$N:$N,BOQ!BO$6,'[20]WorkDone DATA'!$G:$G,BOQ!$B204)*$G204","v":{"$error":"#VALUE!"}},{"$f":"SUMIFS('[20]WorkDone DATA'!$L:$L,'[20]WorkDone DATA'!$N:$N,BOQ!BP$6,'[20]WorkDone DATA'!$G:$G,BOQ!$B204)*$G204","v":{"$error":"#VALUE!"}},{"$f":"SUMIFS('[20]WorkDone DATA'!$L:$L,'[20]WorkDone DATA'!$N:$N,BOQ!BQ$6,'[20]WorkDone DATA'!$G:$G,BOQ!$B204)*$G204","v":{"$error":"#VALUE!"}},{"$f":"SUMIFS('[20]WorkDone DATA'!$L:$L,'[20]WorkDone DATA'!$N:$N,BOQ!BR$6,'[20]WorkDone DATA'!$G:$G,BOQ!$B204)*$G204","v":{"$error":"#VALUE!"}},{"$f":"SUMIFS('[20]WorkDone DATA'!$L:$L,'[20]WorkDone DATA'!$N:$N,BOQ!BS$6,'[20]WorkDone DATA'!$G:$G,BOQ!$B204)*$G204","v":{"$error":"#VALUE!"}},{"$f":"SUMIFS('[20]WorkDone DATA'!$L:$L,'[20]WorkDone DATA'!$N:$N,BOQ!BT$6,'[20]WorkDone DATA'!$G:$G,BOQ!$B204)*$G204","v":{"$error":"#VALUE!"}},{"$f":"SUMIFS('[20]WorkDone DATA'!$L:$L,'[20]WorkDone DATA'!$N:$N,BOQ!BU$6,'[20]WorkDone DATA'!$G:$G,BOQ!$B204)*$G204","v":{"$error":"#VALUE!"}},{"$f":"SUMIFS('[20]WorkDone DATA'!$L:$L,'[20]WorkDone DATA'!$N:$N,BOQ!BV$6,'[20]WorkDone DATA'!$G:$G,BOQ!$B204)*$G204","v":{"$error":"#VALUE!"}},{"$f":"SUMIFS('[20]WorkDone DATA'!$L:$L,'[20]WorkDone DATA'!$N:$N,BOQ!BW$6,'[20]WorkDone DATA'!$G:$G,BOQ!$B204)*$G204","v":{"$error":"#VALUE!"}},{"$f":"SUMIFS('[20]WorkDone DATA'!$L:$L,'[20]WorkDone DATA'!$N:$N,BOQ!BX$6,'[20]WorkDone DATA'!$G:$G,BOQ!$B204)*$G204","v":{"$error":"#VALUE!"}}]
[null,null,"120mm x 3 core (CXX03QCV) 3.8kV/6.6kV",{"$nulls":4},0,{"$nulls":3},{"$error":"#VALUE!"},{"$error":"#VALUE!"},null,0,{"$error":"#VALUE!"},null,{"$f":"SUMIFS('[20]WorkDone DATA'!$L:$L,'[20]WorkDone DATA'!$N:$N,BOQ!S$6,'[20]WorkDone DATA'!$G:$G,BOQ!$B205)","v":{"$error":"#VALUE!"}},{"$error":"#VALUE!"},{"$f":"SUMIFS('[20]WorkDone DATA'!$L:$L,'[20]WorkDone DATA'!$N:$N,BOQ!U$6,'[20]WorkDone DATA'!$G:$G,BOQ!$B205)","v":{"$error":"#VALUE!"}},{"$f":"T205*G205","v":{"$error":"#VALUE!"}},null,{"$f":"SUMIFS('[20]WorkDone DATA'!$L:$L,'[20]WorkDone DATA'!$N:$N,BOQ!W$6,'[20]WorkDone DATA'!$G:$G,BOQ!$B205)*$G205","v":{"$error":"#VALUE!"}},null,{"$f":"SUMIFS('[20]WorkDone DATA'!$L:$L,'[20]WorkDone DATA'!$N:$N,BOQ!Y$6,'[20]WorkDone DATA'!$G:$G,BOQ!$B205)*$G205","v":{"$error":"#VALUE!"}},null,{"$f":"SUMIFS('[20]WorkDone DATA'!$L:$L,'[20]WorkDone DATA'!$N:$N,BOQ!AA$6,'[20]WorkDone DATA'!$G:$G,BOQ!$B205)*$G205","v":{"$error":"#VALUE!"}},{"$f":"SUMIFS('[20]WorkDone DATA'!$L:$L,'[20]WorkDone DATA'!$N:$N,BOQ!AB$6,'[20]WorkDone DATA'!$G:$G,BOQ!$B205)*$G205","v":{"$error":"#VALUE!"}},{"$f":"SUMIFS('[20]WorkDone DATA'!$L:$L,'[20]WorkDone DATA'!$N:$N,BOQ!AC$6,'[20]WorkDone DATA'!$G:$G,BOQ!$B205)*$G205","v":{"$error":"#VALUE!"}},{"$f":"SUMIFS('[20]WorkDone DATA'!$L:$L,'[20]WorkDone DATA'!$N:$N,BOQ!AD$6,'[20]WorkDone DATA'!$G:$G,BOQ!$B205)*$G205","v":{"$error":"#VALUE!"}},{"$f":"SUMIFS('[20]WorkDone DATA'!$L:$L,'[20]WorkDone DATA'!$N:$N,BOQ!AE$6,'[20]WorkDone DATA'!$G:$G,BOQ!$B205)*$G205","v":{"$error":"#VALUE!"}},{"$f":"SUMIFS('[20]WorkDone DATA'!$L:$L,'[20]WorkDone DATA'!$N:$N,BOQ!AF$6,'[20]WorkDone DATA'!$G:$G,BOQ!$B205)*$G205","v":{"$error":"#VALUE!"}},{"$f":"SUMIFS('[20]WorkDone DATA'!$L:$L,'[20]WorkDone DATA'!$N:$N,BOQ!AG$6,'[20]WorkDone DATA'!$G:$G,BOQ!$B205)*$G205","v":{"$error":"#VALUE!"}},{"$f":"SUMIFS('[20]WorkDone DATA'!$L:$L,'[20]WorkDone DATA'!$N:$N,BOQ!AH$6,'[20]WorkDone DATA'!$G:$G,BOQ!$B205)*$G205","v":{"$error":"#VALUE!"}},{"$f":"SUMIFS('[20]WorkDone DATA'!$L:$L,'[20]WorkDone DATA'!$N:$N,BOQ!AI$6,'[20]WorkDone DATA'!$G:$G,BOQ!$B205)*$G205","v":{"$error":"#VALUE!"}},{"$f":"SUMIFS('[20]WorkDone DATA'!$L:$L,'[20]WorkDone DATA'!$N:$N,BOQ!AJ$6,'[20]WorkDone DATA'!$G:$G,BOQ!$B205)*$G205","v":{"$error":"#VALUE!"}},{"$f":"SUMIFS('[20]WorkDone DATA'!$L:$L,'[20]WorkDone DATA'!$N:$N,BOQ!AK$6,'[20]WorkDone DATA'!$G:$G,BOQ!$B205)*$G205","v":{"$error":"#VALUE!"}},{"$f":"SUMIFS('[20]WorkDone DATA'!$L:$L,'[20]WorkDone DATA'!$N:$N,BOQ!AL$6,'[20]WorkDone DATA'!$G:$G,BOQ!$B205)*$G205","v":{"$error":"#VALUE!"}},{"$f":"SUMIFS('[20]WorkDone DATA'!$L:$L,'[20]WorkDone DATA'!$N:$N,BOQ!AM$6,'[20]WorkDone DATA'!$G:$G,BOQ!$B205)*$G205","v":{"$error":"#VALUE!"}},{"$f":"SUMIFS('[20]WorkDone DATA'!$L:$L,'[20]WorkDone DATA'!$N:$N,BOQ!AN$6,'[20]WorkDone DATA'!$G:$G,BOQ!$B205)*$G205","v":{"$error":"#VALUE!"}},{"$f":"SUMIFS('[20]WorkDone DATA'!$L:$L,'[20]WorkDone DATA'!$N:$N,BOQ!AO$6,'[20]WorkDone DATA'!$G:$G,BOQ!$B205)*$G205","v":{"$error":"#VALUE!"}},{"$f":"SUMIFS('[20]WorkDone DATA'!$L:$L,'[20]WorkDone DATA'!$N:$N,BOQ!AP$6,'[20]WorkDone DATA'!$G:$G,BOQ!$B205)*$G205","v":{"$error":"#VALUE!"}},{"$f":"SUMIFS('[20]WorkDone DATA'!$L:$L,'[20]WorkDone DATA'!$N:$N,BOQ!AQ$6,'[20]WorkDone DATA'!$G:$G,BOQ!$B205)*$G205","v":{"$error":"#VALUE!"}},{"$f":"SUMIFS('[20]WorkDone DATA'!$L:$L,'[20]WorkDone DATA'!$N:$N,BOQ!AR$6,'[20]WorkDone DATA'!$G:$G,BOQ!$B205)*$G205","v":{"$error":"#VALUE!"}},{"$f":"SUMIFS('[20]WorkDone DATA'!$L:$L,'[20]WorkDone DATA'!$N:$N,BOQ!AS$6,'[20]WorkDone DATA'!$G:$G,BOQ!$B205)*$G205","v":{"$error":"#VALUE!"}},{"$f":"SUMIFS('[20]WorkDone DATA'!$L:$L,'[20]WorkDone DATA'!$N:$N,BOQ!AT$6,'[20]WorkDone DATA'!$G:$G,BOQ!$B205)*$G205","v":{"$error":"#VALUE!"}},{"$f":"SUMIFS('[20]WorkDone DATA'!$L:$L,'[20]WorkDone DATA'!$N:$N,BOQ!AU$6,'[20]WorkDone DATA'!$G:$G,BOQ!$B205)*$G205","v":{"$error":"#VALUE!"}},{"$f":"SUMIFS('[20]WorkDone DATA'!$L:$L,'[20]WorkDone DATA'!$N:$N,BOQ!AV$6,'[20]WorkDone DATA'!$G:$G,BOQ!$B205)*$G205","v":{"$error":"#VALUE!"}},{"$f":"SUMIFS('[20]WorkDone DATA'!$L:$L,'[20]WorkDone DATA'!$N:$N,BOQ!AW$6,'[20]WorkDone DATA'!$G:$G,BOQ!$B205)*$G205","v":{"$error":"#VALUE!"}},{"$f":"SUMIFS('[20]WorkDone DATA'!$L:$L,'[20]WorkDone DATA'!$N:$N,BOQ!AX$6,'[20]WorkDone DATA'!$G:$G,BOQ!$B205)*$G205","v":{"$error":"#VALUE!"}},{"$f":"SUMIFS('[20]WorkDone DATA'!$L:$L,'[20]WorkDone DATA'!$N:$N,BOQ!AY$6,'[20]WorkDone DATA'!$G:$G,BOQ!$B205)*$G205","v":{"$error":"#VALUE!"}},{"$f":"SUMIFS('[20]WorkDone DATA'!$L:$L,'[20]WorkDone DATA'!$N:$N,BOQ!AZ$6,'[20]WorkDone DATA'!$G:$G,BOQ!$B205)*$G205","v":{"$error":"#VALUE!"}},{"$f":"SUMIFS('[20]WorkDone DATA'!$L:$L,'[20]WorkDone DATA'!$N:$N,BOQ!BA$6,'[20]WorkDone DATA'!$G:$G,BOQ!$B205)*$G205","v":{"$error":"#VALUE!"}},{"$f":"SUMIFS('[20]WorkDone DATA'!$L:$L,'[20]WorkDone DATA'!$N:$N,BOQ!BB$6,'[20]WorkDone DATA'!$G:$G,BOQ!$B205)*$G205","v":{"$error":"#VALUE!"}},{"$f":"SUMIFS('[20]WorkDone DATA'!$L:$L,'[20]WorkDone DATA'!$N:$N,BOQ!BC$6,'[20]WorkDone DATA'!$G:$G,BOQ!$B205)*$G205","v":{"$error":"#VALUE!"}},{"$f":"SUMIFS('[20]WorkDone DATA'!$L:$L,'[20]WorkDone DATA'!$N:$N,BOQ!BD$6,'[20]WorkDone DATA'!$G:$G,BOQ!$B205)*$G205","v":{"$error":"#VALUE!"}},{"$f":"SUMIFS('[20]WorkDone DATA'!$L:$L,'[20]WorkDone DATA'!$N:$N,BOQ!BE$6,'[20]WorkDone DATA'!$G:$G,BOQ!$B205)*$G205","v":{"$error":"#VALUE!"}},{"$f":"SUMIFS('[20]WorkDone DATA'!$L:$L,'[20]WorkDone DATA'!$N:$N,BOQ!BF$6,'[20]WorkDone DATA'!$G:$G,BOQ!$B205)*$G205","v":{"$error":"#VALUE!"}},{"$f":"SUMIFS('[20]WorkDone DATA'!$L:$L,'[20]WorkDone DATA'!$N:$N,BOQ!BG$6,'[20]WorkDone DATA'!$G:$G,BOQ!$B205)*$G205","v":{"$error":"#VALUE!"}},{"$f":"SUMIFS('[20]WorkDone DATA'!$L:$L,'[20]WorkDone DATA'!$N:$N,BOQ!BH$6,'[20]WorkDone DATA'!$G:$G,BOQ!$B205)*$G205","v":{"$error":"#VALUE!"}},{"$f":"SUMIFS('[20]WorkDone DATA'!$L:$L,'[20]WorkDone DATA'!$N:$N,BOQ!BI$6,'[20]WorkDone DATA'!$G:$G,BOQ!$B205)*$G205","v":{"$error":"#VALUE!"}},{"$f":"SUMIFS('[20]WorkDone DATA'!$L:$L,'[20]WorkDone DATA'!$N:$N,BOQ!BJ$6,'[20]WorkDone DATA'!$G:$G,BOQ!$B205)*$G205","v":{"$error":"#VALUE!"}},{"$f":"SUMIFS('[20]WorkDone DATA'!$L:$L,'[20]WorkDone DATA'!$N:$N,BOQ!BK$6,'[20]WorkDone DATA'!$G:$G,BOQ!$B205)*$G205","v":{"$error":"#VALUE!"}},{"$f":"SUMIFS('[20]WorkDone DATA'!$L:$L,'[20]WorkDone DATA'!$N:$N,BOQ!BL$6,'[20]WorkDone DATA'!$G:$G,BOQ!$B205)*$G205","v":{"$error":"#VALUE!"}},{"$f":"SUMIFS('[20]WorkDone DATA'!$L:$L,'[20]WorkDone DATA'!$N:$N,BOQ!BM$6,'[20]WorkDone DATA'!$G:$G,BOQ!$B205)*$G205","v":{"$error":"#VALUE!"}},{"$f":"SUMIFS('[20]WorkDone DATA'!$L:$L,'[20]WorkDone DATA'!$N:$N,BOQ!BN$6,'[20]WorkDone DATA'!$G:$G,BOQ!$B205)*$G205","v":{"$error":"#VALUE!"}},{"$f":"SUMIFS('[20]WorkDone DATA'!$L:$L,'[20]WorkDone DATA'!$N:$N,BOQ!BO$6,'[20]WorkDone DATA'!$G:$G,BOQ!$B205)*$G205","v":{"$error":"#VALUE!"}},{"$f":"SUMIFS('[20]WorkDone DATA'!$L:$L,'[20]WorkDone DATA'!$N:$N,BOQ!BP$6,'[20]WorkDone DATA'!$G:$G,BOQ!$B205)*$G205","v":{"$error":"#VALUE!"}},{"$f":"SUMIFS('[20]WorkDone DATA'!$L:$L,'[20]WorkDone DATA'!$N:$N,BOQ!BQ$6,'[20]WorkDone DATA'!$G:$G,BOQ!$B205)*$G205","v":{"$error":"#VALUE!"}},{"$f":"SUMIFS('[20]WorkDone DATA'!$L:$L,'[20]WorkDone DATA'!$N:$N,BOQ!BR$6,'[20]WorkDone DATA'!$G:$G,BOQ!$B205)*$G205","v":{"$error":"#VALUE!"}},{"$f":"SUMIFS('[20]WorkDone DATA'!$L:$L,'[20]WorkDone DATA'!$N:$N,BOQ!BS$6,'[20]WorkDone DATA'!$G:$G,BOQ!$B205)*$G205","v":{"$error":"#VALUE!"}},{"$f":"SUMIFS('[20]WorkDone DATA'!$L:$L,'[20]WorkDone DATA'!$N:$N,BOQ!BT$6,'[20]WorkDone DATA'!$G:$G,BOQ!$B205)*$G205","v":{"$error":"#VALUE!"}},{"$f":"SUMIFS('[20]WorkDone DATA'!$L:$L,'[20]WorkDone DATA'!$N:$N,BOQ!BU$6,'[20]WorkDone DATA'!$G:$G,BOQ!$B205)*$G205","v":{"$error":"#VALUE!"}},{"$f":"SUMIFS('[20]WorkDone DATA'!$L:$L,'[20]WorkDone DATA'!$N:$N,BOQ!BV$6,'[20]WorkDone DATA'!$G:$G,BOQ!$B205)*$G205","v":{"$error":"#VALUE!"}},{"$f":"SUMIFS('[20]WorkDone DATA'!$L:$L,'[20]WorkDone DATA'!$N:$N,BOQ!BW$6,'[20]WorkDone DATA'!$G:$G,BOQ!$B205)*$G205","v":{"$error":"#VALUE!"}},{"$f":"SUMIFS('[20]WorkDone DATA'!$L:$L,'[20]WorkDone DATA'!$N:$N,BOQ!BX$6,'[20]WorkDone DATA'!$G:$G,BOQ!$B205)*$G205","v":{"$error":"#VALUE!"}}]
[{"$f":"C205","v":"120mm x 3 core (CXX03QCV) 3.8kV/6.6kV"},2.103,"Supply","E","each",28,{"v":6401.18,"d":"6,401.18"},{"v":179233.04,"d":"179,233.04"},null,null,{"$f":"M206/G206","v":{"$error":"#VALUE!"}},{"$error":"#VALUE!"},{"$error":"#VALUE!"},null,{"$error":"#VALUE!"},{"$error":"#VALUE!"},null,{"$f":"SUMIFS('[20]WorkDone DATA'!$L:$L,'[20]WorkDone DATA'!$N:$N,BOQ!S$6,'[20]WorkDone DATA'!$G:$G,BOQ!$B206)","v":{"$error":"#VALUE!"}},{"$error":"#VALUE!"},{"$f":"SUMIFS('[20]WorkDone DATA'!$L:$L,'[20]WorkDone DATA'!$N:$N,BOQ!U$6,'[20]WorkDone DATA'!$G:$G,BOQ!$B206)","v":{"$error":"#VALUE!"}},{"$error":"#VALUE!"},null,{"$f":"SUMIFS('[20]WorkDone DATA'!$L:$L,'[20]WorkDone DATA'!$N:$N,BOQ!W$6,'[20]WorkDone DATA'!$G:$G,BOQ!$B206)*$G206","v":{"$error":"#VALUE!"}},null,{"$f":"SUMIFS('[20]WorkDone DATA'!$L:$L,'[20]WorkDone DATA'!$N:$N,BOQ!Y$6,'[20]WorkDone DATA'!$G:$G,BOQ!$B206)*$G206","v":{"$error":"#VALUE!"}},null,{"$f":"SUMIFS('[20]WorkDone DATA'!$L:$L,'[20]WorkDone DATA'!$N:$N,BOQ!AA$6,'[20]WorkDone DATA'!$G:$G,BOQ!$B206)*$G206","v":{"$error":"#VALUE!"}},{"$f":"SUMIFS('[20]WorkDone DATA'!$L:$L,'[20]WorkDone DATA'!$N:$N,BOQ!AB$6,'[20]WorkDone DATA'!$G:$G,BOQ!$B206)*$G206","v":{"$error":"#VALUE!"}},{"$f":"SUMIFS('[20]WorkDone DATA'!$L:$L,'[20]WorkDone DATA'!$N:$N,BOQ!AC$6,'[20]WorkDone DATA'!$G:$G,BOQ!$B206)*$G206","v":{"$error":"#VALUE!"}},{"$f":"SUMIFS('[20]WorkDone DATA'!$L:$L,'[20]WorkDone DATA'!$N:$N,BOQ!AD$6,'[20]WorkDone DATA'!$G:$G,BOQ!$B206)*$G206","v":{"$error":"#VALUE!"}},{"$f":"SUMIFS('[20]WorkDone DATA'!$L:$L,'[20]WorkDone DATA'!$N:$N,BOQ!AE$6,'[20]WorkDone DATA'!$G:$G,BOQ!$B206)*$G206","v":{"$error":"#VALUE!"}},{"$f":"SUMIFS('[20]WorkDone DATA'!$L:$L,'[20]WorkDone DATA'!$N:$N,BOQ!AF$6,'[20]WorkDone DATA'!$G:$G,BOQ!$B206)*$G206","v":{"$error":"#VALUE!"}},{"$f":"SUMIFS('[20]WorkDone DATA'!$L:$L,'[20]WorkDone DATA'!$N:$N,BOQ!AG$6,'[20]WorkDone DATA'!$G:$G,BOQ!$B206)*$G206","v":{"$error":"#VALUE!"}},{"$f":"SUMIFS('[20]WorkDone DATA'!$L:$L,'[20]WorkDone DATA'!$N:$N,BOQ!AH$6,'[20]WorkDone DATA'!$G:$G,BOQ!$B206)*$G206","v":{"$error":"#VALUE!"}},{"$f":"SUMIFS('[20]WorkDone DATA'!$L:$L,'[20]WorkDone DATA'!$N:$N,BOQ!AI$6,'[20]WorkDone DATA'!$G:$G,BOQ!$B206)*$G206","v":{"$error":"#VALUE!"}},{"$f":"SUMIFS('[20]WorkDone DATA'!$L:$L,'[20]WorkDone DATA'!$N:$N,BOQ!AJ$6,'[20]WorkDone DATA'!$G:$G,BOQ!$B206)*$G206","v":{"$error":"#VALUE!"}},{"$f":"SUMIFS('[20]WorkDone DATA'!$L:$L,'[20]WorkDone DATA'!$N:$N,BOQ!AK$6,'[20]WorkDone DATA'!$G:$G,BOQ!$B206)*$G206","v":{"$error":"#VALUE!"}},{"$f":"SUMIFS('[20]WorkDone DATA'!$L:$L,'[20]WorkDone DATA'!$N:$N,BOQ!AL$6,'[20]WorkDone DATA'!$G:$G,BOQ!$B206)*$G206","v":{"$error":"#VALUE!"}},{"$f":"SUMIFS('[20]WorkDone DATA'!$L:$L,'[20]WorkDone DATA'!$N:$N,BOQ!AM$6,'[20]WorkDone DATA'!$G:$G,BOQ!$B206)*$G206","v":{"$error":"#VALUE!"}},{"$f":"SUMIFS('[20]WorkDone DATA'!$L:$L,'[20]WorkDone DATA'!$N:$N,BOQ!AN$6,'[20]WorkDone DATA'!$G:$G,BOQ!$B206)*$G206","v":{"$error":"#VALUE!"}},{"$f":"SUMIFS('[20]WorkDone DATA'!$L:$L,'[20]WorkDone DATA'!$N:$N,BOQ!AO$6,'[20]WorkDone DATA'!$G:$G,BOQ!$B206)*$G206","v":{"$error":"#VALUE!"}},{"$f":"SUMIFS('[20]WorkDone DATA'!$L:$L,'[20]WorkDone DATA'!$N:$N,BOQ!AP$6,'[20]WorkDone DATA'!$G:$G,BOQ!$B206)*$G206","v":{"$error":"#VALUE!"}},{"$f":"SUMIFS('[20]WorkDone DATA'!$L:$L,'[20]WorkDone DATA'!$N:$N,BOQ!AQ$6,'[20]WorkDone DATA'!$G:$G,BOQ!$B206)*$G206","v":{"$error":"#VALUE!"}},{"$f":"SUMIFS('[20]WorkDone DATA'!$L:$L,'[20]WorkDone DATA'!$N:$N,BOQ!AR$6,'[20]WorkDone DATA'!$G:$G,BOQ!$B206)*$G206","v":{"$error":"#VALUE!"}},{"$f":"SUMIFS('[20]WorkDone DATA'!$L:$L,'[20]WorkDone DATA'!$N:$N,BOQ!AS$6,'[20]WorkDone DATA'!$G:$G,BOQ!$B206)*$G206","v":{"$error":"#VALUE!"}},{"$f":"SUMIFS('[20]WorkDone DATA'!$L:$L,'[20]WorkDone DATA'!$N:$N,BOQ!AT$6,'[20]WorkDone DATA'!$G:$G,BOQ!$B206)*$G206","v":{"$error":"#VALUE!"}},{"$f":"SUMIFS('[20]WorkDone DATA'!$L:$L,'[20]WorkDone DATA'!$N:$N,BOQ!AU$6,'[20]WorkDone DATA'!$G:$G,BOQ!$B206)*$G206","v":{"$error":"#VALUE!"}},{"$f":"SUMIFS('[20]WorkDone DATA'!$L:$L,'[20]WorkDone DATA'!$N:$N,BOQ!AV$6,'[20]WorkDone DATA'!$G:$G,BOQ!$B206)*$G206","v":{"$error":"#VALUE!"}},{"$f":"SUMIFS('[20]WorkDone DATA'!$L:$L,'[20]WorkDone DATA'!$N:$N,BOQ!AW$6,'[20]WorkDone DATA'!$G:$G,BOQ!$B206)*$G206","v":{"$error":"#VALUE!"}},{"$f":"SUMIFS('[20]WorkDone DATA'!$L:$L,'[20]WorkDone DATA'!$N:$N,BOQ!AX$6,'[20]WorkDone DATA'!$G:$G,BOQ!$B206)*$G206","v":{"$error":"#VALUE!"}},{"$f":"SUMIFS('[20]WorkDone DATA'!$L:$L,'[20]WorkDone DATA'!$N:$N,BOQ!AY$6,'[20]WorkDone DATA'!$G:$G,BOQ!$B206)*$G206","v":{"$error":"#VALUE!"}},{"$f":"SUMIFS('[20]WorkDone DATA'!$L:$L,'[20]WorkDone DATA'!$N:$N,BOQ!AZ$6,'[20]WorkDone DATA'!$G:$G,BOQ!$B206)*$G206","v":{"$error":"#VALUE!"}},{"$f":"SUMIFS('[20]WorkDone DATA'!$L:$L,'[20]WorkDone DATA'!$N:$N,BOQ!BA$6,'[20]WorkDone DATA'!$G:$G,BOQ!$B206)*$G206","v":{"$error":"#VALUE!"}},{"$f":"SUMIFS('[20]WorkDone DATA'!$L:$L,'[20]WorkDone DATA'!$N:$N,BOQ!BB$6,'[20]WorkDone DATA'!$G:$G,BOQ!$B206)*$G206","v":{"$error":"#VALUE!"}},{"$f":"SUMIFS('[20]WorkDone DATA'!$L:$L,'[20]WorkDone DATA'!$N:$N,BOQ!BC$6,'[20]WorkDone DATA'!$G:$G,BOQ!$B206)*$G206","v":{"$error":"#VALUE!"}},{"$f":"SUMIFS('[20]WorkDone DATA'!$L:$L,'[20]WorkDone DATA'!$N:$N,BOQ!BD$6,'[20]WorkDone DATA'!$G:$G,BOQ!$B206)*$G206","v":{"$error":"#VALUE!"}},{"$f":"SUMIFS('[20]WorkDone DATA'!$L:$L,'[20]WorkDone DATA'!$N:$N,BOQ!BE$6,'[20]WorkDone DATA'!$G:$G,BOQ!$B206)*$G206","v":{"$error":"#VALUE!"}},{"$f":"SUMIFS('[20]WorkDone DATA'!$L:$L,'[20]WorkDone DATA'!$N:$N,BOQ!BF$6,'[20]WorkDone DATA'!$G:$G,BOQ!$B206)*$G206","v":{"$error":"#VALUE!"}},{"$f":"SUMIFS('[20]WorkDone DATA'!$L:$L,'[20]WorkDone DATA'!$N:$N,BOQ!BG$6,'[20]WorkDone DATA'!$G:$G,BOQ!$B206)*$G206","v":{"$error":"#VALUE!"}},{"$f":"SUMIFS('[20]WorkDone DATA'!$L:$L,'[20]WorkDone DATA'!$N:$N,BOQ!BH$6,'[20]WorkDone DATA'!$G:$G,BOQ!$B206)*$G206","v":{"$error":"#VALUE!"}},{"$f":"SUMIFS('[20]WorkDone DATA'!$L:$L,'[20]WorkDone DATA'!$N:$N,BOQ!BI$6,'[20]WorkDone DATA'!$G:$G,BOQ!$B206)*$G206","v":{"$error":"#VALUE!"}},{"$f":"SUMIFS('[20]WorkDone DATA'!$L:$L,'[20]WorkDone DATA'!$N:$N,BOQ!BJ$6,'[20]WorkDone DATA'!$G:$G,BOQ!$B206)*$G206","v":{"$error":"#VALUE!"}},{"$f":"SUMIFS('[20]WorkDone DATA'!$L:$L,'[20]WorkDone DATA'!$N:$N,BOQ!BK$6,'[20]WorkDone DATA'!$G:$G,BOQ!$B206)*$G206","v":{"$error":"#VALUE!"}},{"$f":"SUMIFS('[20]WorkDone DATA'!$L:$L,'[20]WorkDone DATA'!$N:$N,BOQ!BL$6,'[20]WorkDone DATA'!$G:$G,BOQ!$B206)*$G206","v":{"$error":"#VALUE!"}},{"$f":"SUMIFS('[20]WorkDone DATA'!$L:$L,'[20]WorkDone DATA'!$N:$N,BOQ!BM$6,'[20]WorkDone DATA'!$G:$G,BOQ!$B206)*$G206","v":{"$error":"#VALUE!"}},{"$f":"SUMIFS('[20]WorkDone DATA'!$L:$L,'[20]WorkDone DATA'!$N:$N,BOQ!BN$6,'[20]WorkDone DATA'!$G:$G,BOQ!$B206)*$G206","v":{"$error":"#VALUE!"}},{"$f":"SUMIFS('[20]WorkDone DATA'!$L:$L,'[20]WorkDone DATA'!$N:$N,BOQ!BO$6,'[20]WorkDone DATA'!$G:$G,BOQ!$B206)*$G206","v":{"$error":"#VALUE!"}},{"$f":"SUMIFS('[20]WorkDone DATA'!$L:$L,'[20]WorkDone DATA'!$N:$N,BOQ!BP$6,'[20]WorkDone DATA'!$G:$G,BOQ!$B206)*$G206","v":{"$error":"#VALUE!"}},{"$f":"SUMIFS('[20]WorkDone DATA'!$L:$L,'[20]WorkDone DATA'!$N:$N,BOQ!BQ$6,'[20]WorkDone DATA'!$G:$G,BOQ!$B206)*$G206","v":{"$error":"#VALUE!"}},{"$f":"SUMIFS('[20]WorkDone DATA'!$L:$L,'[20]WorkDone DATA'!$N:$N,BOQ!BR$6,'[20]WorkDone DATA'!$G:$G,BOQ!$B206)*$G206","v":{"$error":"#VALUE!"}},{"$f":"SUMIFS('[20]WorkDone DATA'!$L:$L,'[20]WorkDone DATA'!$N:$N,BOQ!BS$6,'[20]WorkDone DATA'!$G:$G,BOQ!$B206)*$G206","v":{"$error":"#VALUE!"}},{"$f":"SUMIFS('[20]WorkDone DATA'!$L:$L,'[20]WorkDone DATA'!$N:$N,BOQ!BT$6,'[20]WorkDone DATA'!$G:$G,BOQ!$B206)*$G206","v":{"$error":"#VALUE!"}},{"$f":"SUMIFS('[20]WorkDone DATA'!$L:$L,'[20]WorkDone DATA'!$N:$N,BOQ!BU$6,'[20]WorkDone DATA'!$G:$G,BOQ!$B206)*$G206","v":{"$error":"#VALUE!"}},{"$f":"SUMIFS('[20]WorkDone DATA'!$L:$L,'[20]WorkDone DATA'!$N:$N,BOQ!BV$6,'[20]WorkDone DATA'!$G:$G,BOQ!$B206)*$G206","v":{"$error":"#VALUE!"}},{"$f":"SUMIFS('[20]WorkDone DATA'!$L:$L,'[20]WorkDone DATA'!$N:$N,BOQ!BW$6,'[20]WorkDone DATA'!$G:$G,BOQ!$B206)*$G206","v":{"$error":"#VALUE!"}},{"$f":"SUMIFS('[20]WorkDone DATA'!$L:$L,'[20]WorkDone DATA'!$N:$N,BOQ!BX$6,'[20]WorkDone DATA'!$G:$G,BOQ!$B206)*$G206","v":{"$error":"#VALUE!"}}]
[{"$f":"C205","v":"120mm x 3 core (CXX03QCV) 3.8kV/6.6kV"},2.104,"Installation","A","each",28,{"v":1865.76,"d":"1,865.76"},{"v":52241.28,"d":"52,241.28"},null,null,{"$error":"#VALUE!"},{"$error":"#VALUE!"},{"$error":"#VALUE!"},null,{"$error":"#VALUE!"},{"$error":"#VALUE!"},null,{"$f":"SUMIFS('[20]WorkDone DATA'!$L:$L,'[20]WorkDone DATA'!$N:$N,BOQ!S$6,'[20]WorkDone DATA'!$G:$G,BOQ!$B207)","v":{"$error":"#VALUE!"}},{"$error":"#VALUE!"},{"$f":"SUMIFS('[20]WorkDone DATA'!$L:$L,'[20]WorkDone DATA'!$N:$N,BOQ!U$6,'[20]WorkDone DATA'!$G:$G,BOQ!$B207)","v":{"$error":"#VALUE!"}},{"$error":"#VALUE!"},null,{"$f":"SUMIFS('[20]WorkDone DATA'!$L:$L,'[20]WorkDone DATA'!$N:$N,BOQ!W$6,'[20]WorkDone DATA'!$G:$G,BOQ!$B207)*$G207","v":{"$error":"#VALUE!"}},null,{"$f":"SUMIFS('[20]WorkDone DATA'!$L:$L,'[20]WorkDone DATA'!$N:$N,BOQ!Y$6,'[20]WorkDone DATA'!$G:$G,BOQ!$B207)*$G207","v":{"$error":"#VALUE!"}},null,{"$f":"SUMIFS('[20]WorkDone DATA'!$L:$L,'[20]WorkDone DATA'!$N:$N,BOQ!AA$6,'[20]WorkDone DATA'!$G:$G,BOQ!$B207)*$G207","v":{"$error":"#VALUE!"}},{"$f":"SUMIFS('[20]WorkDone DATA'!$L:$L,'[20]WorkDone DATA'!$N:$N,BOQ!AB$6,'[20]WorkDone DATA'!$G:$G,BOQ!$B207)*$G207","v":{"$error":"#VALUE!"}},{"$f":"SUMIFS('[20]WorkDone DATA'!$L:$L,'[20]WorkDone DATA'!$N:$N,BOQ!AC$6,'[20]WorkDone DATA'!$G:$G,BOQ!$B207)*$G207","v":{"$error":"#VALUE!"}},{"$f":"SUMIFS('[20]WorkDone DATA'!$L:$L,'[20]WorkDone DATA'!$N:$N,BOQ!AD$6,'[20]WorkDone DATA'!$G:$G,BOQ!$B207)*$G207","v":{"$error":"#VALUE!"}},{"$f":"SUMIFS('[20]WorkDone DATA'!$L:$L,'[20]WorkDone DATA'!$N:$N,BOQ!AE$6,'[20]WorkDone DATA'!$G:$G,BOQ!$B207)*$G207","v":{"$error":"#VALUE!"}},{"$f":"SUMIFS('[20]WorkDone DATA'!$L:$L,'[20]WorkDone DATA'!$N:$N,BOQ!AF$6,'[20]WorkDone DATA'!$G:$G,BOQ!$B207)*$G207","v":{"$error":"#VALUE!"}},{"$f":"SUMIFS('[20]WorkDone DATA'!$L:$L,'[20]WorkDone DATA'!$N:$N,BOQ!AG$6,'[20]WorkDone DATA'!$G:$G,BOQ!$B207)*$G207","v":{"$error":"#VALUE!"}},{"$f":"SUMIFS('[20]WorkDone DATA'!$L:$L,'[20]WorkDone DATA'!$N:$N,BOQ!AH$6,'[20]WorkDone DATA'!$G:$G,BOQ!$B207)*$G207","v":{"$error":"#VALUE!"}},{"$f":"SUMIFS('[20]WorkDone DATA'!$L:$L,'[20]WorkDone DATA'!$N:$N,BOQ!AI$6,'[20]WorkDone DATA'!$G:$G,BOQ!$B207)*$G207","v":{"$error":"#VALUE!"}},{"$f":"SUMIFS('[20]WorkDone DATA'!$L:$L,'[20]WorkDone DATA'!$N:$N,BOQ!AJ$6,'[20]WorkDone DATA'!$G:$G,BOQ!$B207)*$G207","v":{"$error":"#VALUE!"}},{"$f":"SUMIFS('[20]WorkDone DATA'!$L:$L,'[20]WorkDone DATA'!$N:$N,BOQ!AK$6,'[20]WorkDone DATA'!$G:$G,BOQ!$B207)*$G207","v":{"$error":"#VALUE!"}},{"$f":"SUMIFS('[20]WorkDone DATA'!$L:$L,'[20]WorkDone DATA'!$N:$N,BOQ!AL$6,'[20]WorkDone DATA'!$G:$G,BOQ!$B207)*$G207","v":{"$error":"#VALUE!"}},{"$f":"SUMIFS('[20]WorkDone DATA'!$L:$L,'[20]WorkDone DATA'!$N:$N,BOQ!AM$6,'[20]WorkDone DATA'!$G:$G,BOQ!$B207)*$G207","v":{"$error":"#VALUE!"}},{"$f":"SUMIFS('[20]WorkDone DATA'!$L:$L,'[20]WorkDone DATA'!$N:$N,BOQ!AN$6,'[20]WorkDone DATA'!$G:$G,BOQ!$B207)*$G207","v":{"$error":"#VALUE!"}},{"$f":"SUMIFS('[20]WorkDone DATA'!$L:$L,'[20]WorkDone DATA'!$N:$N,BOQ!AO$6,'[20]WorkDone DATA'!$G:$G,BOQ!$B207)*$G207","v":{"$error":"#VALUE!"}},{"$f":"SUMIFS('[20]WorkDone DATA'!$L:$L,'[20]WorkDone DATA'!$N:$N,BOQ!AP$6,'[20]WorkDone DATA'!$G:$G,BOQ!$B207)*$G207","v":{"$error":"#VALUE!"}},{"$f":"SUMIFS('[20]WorkDone DATA'!$L:$L,'[20]WorkDone DATA'!$N:$N,BOQ!AQ$6,'[20]WorkDone DATA'!$G:$G,BOQ!$B207)*$G207","v":{"$error":"#VALUE!"}},{"$f":"SUMIFS('[20]WorkDone DATA'!$L:$L,'[20]WorkDone DATA'!$N:$N,BOQ!AR$6,'[20]WorkDone DATA'!$G:$G,BOQ!$B207)*$G207","v":{"$error":"#VALUE!"}},{"$f":"SUMIFS('[20]WorkDone DATA'!$L:$L,'[20]WorkDone DATA'!$N:$N,BOQ!AS$6,'[20]WorkDone DATA'!$G:$G,BOQ!$B207)*$G207","v":{"$error":"#VALUE!"}},{"$f":"SUMIFS('[20]WorkDone DATA'!$L:$L,'[20]WorkDone DATA'!$N:$N,BOQ!AT$6,'[20]WorkDone DATA'!$G:$G,BOQ!$B207)*$G207","v":{"$error":"#VALUE!"}},{"$f":"SUMIFS('[20]WorkDone DATA'!$L:$L,'[20]WorkDone DATA'!$N:$N,BOQ!AU$6,'[20]WorkDone DATA'!$G:$G,BOQ!$B207)*$G207","v":{"$error":"#VALUE!"}},{"$f":"SUMIFS('[20]WorkDone DATA'!$L:$L,'[20]WorkDone DATA'!$N:$N,BOQ!AV$6,'[20]WorkDone DATA'!$G:$G,BOQ!$B207)*$G207","v":{"$error":"#VALUE!"}},{"$f":"SUMIFS('[20]WorkDone DATA'!$L:$L,'[20]WorkDone DATA'!$N:$N,BOQ!AW$6,'[20]WorkDone DATA'!$G:$G,BOQ!$B207)*$G207","v":{"$error":"#VALUE!"}},{"$f":"SUMIFS('[20]WorkDone DATA'!$L:$L,'[20]WorkDone DATA'!$N:$N,BOQ!AX$6,'[20]WorkDone DATA'!$G:$G,BOQ!$B207)*$G207","v":{"$error":"#VALUE!"}},{"$f":"SUMIFS('[20]WorkDone DATA'!$L:$L,'[20]WorkDone DATA'!$N:$N,BOQ!AY$6,'[20]WorkDone DATA'!$G:$G,BOQ!$B207)*$G207","v":{"$error":"#VALUE!"}},{"$f":"SUMIFS('[20]WorkDone DATA'!$L:$L,'[20]WorkDone DATA'!$N:$N,BOQ!AZ$6,'[20]WorkDone DATA'!$G:$G,BOQ!$B207)*$G207","v":{"$error":"#VALUE!"}},{"$f":"SUMIFS('[20]WorkDone DATA'!$L:$L,'[20]WorkDone DATA'!$N:$N,BOQ!BA$6,'[20]WorkDone DATA'!$G:$G,BOQ!$B207)*$G207","v":{"$error":"#VALUE!"}},{"$f":"SUMIFS('[20]WorkDone DATA'!$L:$L,'[20]WorkDone DATA'!$N:$N,BOQ!BB$6,'[20]WorkDone DATA'!$G:$G,BOQ!$B207)*$G207","v":{"$error":"#VALUE!"}},{"$f":"SUMIFS('[20]WorkDone DATA'!$L:$L,'[20]WorkDone DATA'!$N:$N,BOQ!BC$6,'[20]WorkDone DATA'!$G:$G,BOQ!$B207)*$G207","v":{"$error":"#VALUE!"}},{"$f":"SUMIFS('[20]WorkDone DATA'!$L:$L,'[20]WorkDone DATA'!$N:$N,BOQ!BD$6,'[20]WorkDone DATA'!$G:$G,BOQ!$B207)*$G207","v":{"$error":"#VALUE!"}},{"$f":"SUMIFS('[20]WorkDone DATA'!$L:$L,'[20]WorkDone DATA'!$N:$N,BOQ!BE$6,'[20]WorkDone DATA'!$G:$G,BOQ!$B207)*$G207","v":{"$error":"#VALUE!"}},{"$f":"SUMIFS('[20]WorkDone DATA'!$L:$L,'[20]WorkDone DATA'!$N:$N,BOQ!BF$6,'[20]WorkDone DATA'!$G:$G,BOQ!$B207)*$G207","v":{"$error":"#VALUE!"}},{"$f":"SUMIFS('[20]WorkDone DATA'!$L:$L,'[20]WorkDone DATA'!$N:$N,BOQ!BG$6,'[20]WorkDone DATA'!$G:$G,BOQ!$B207)*$G207","v":{"$error":"#VALUE!"}},{"$f":"SUMIFS('[20]WorkDone DATA'!$L:$L,'[20]WorkDone DATA'!$N:$N,BOQ!BH$6,'[20]WorkDone DATA'!$G:$G,BOQ!$B207)*$G207","v":{"$error":"#VALUE!"}},{"$f":"SUMIFS('[20]WorkDone DATA'!$L:$L,'[20]WorkDone DATA'!$N:$N,BOQ!BI$6,'[20]WorkDone DATA'!$G:$G,BOQ!$B207)*$G207","v":{"$error":"#VALUE!"}},{"$f":"SUMIFS('[20]WorkDone DATA'!$L:$L,'[20]WorkDone DATA'!$N:$N,BOQ!BJ$6,'[20]WorkDone DATA'!$G:$G,BOQ!$B207)*$G207","v":{"$error":"#VALUE!"}},{"$f":"SUMIFS('[20]WorkDone DATA'!$L:$L,'[20]WorkDone DATA'!$N:$N,BOQ!BK$6,'[20]WorkDone DATA'!$G:$G,BOQ!$B207)*$G207","v":{"$error":"#VALUE!"}},{"$f":"SUMIFS('[20]WorkDone DATA'!$L:$L,'[20]WorkDone DATA'!$N:$N,BOQ!BL$6,'[20]WorkDone DATA'!$G:$G,BOQ!$B207)*$G207","v":{"$error":"#VALUE!"}},{"$f":"SUMIFS('[20]WorkDone DATA'!$L:$L,'[20]WorkDone DATA'!$N:$N,BOQ!BM$6,'[20]WorkDone DATA'!$G:$G,BOQ!$B207)*$G207","v":{"$error":"#VALUE!"}},{"$f":"SUMIFS('[20]WorkDone DATA'!$L:$L,'[20]WorkDone DATA'!$N:$N,BOQ!BN$6,'[20]WorkDone DATA'!$G:$G,BOQ!$B207)*$G207","v":{"$error":"#VALUE!"}},{"$f":"SUMIFS('[20]WorkDone DATA'!$L:$L,'[20]WorkDone DATA'!$N:$N,BOQ!BO$6,'[20]WorkDone DATA'!$G:$G,BOQ!$B207)*$G207","v":{"$error":"#VALUE!"}},{"$f":"SUMIFS('[20]WorkDone DATA'!$L:$L,'[20]WorkDone DATA'!$N:$N,BOQ!BP$6,'[20]WorkDone DATA'!$G:$G,BOQ!$B207)*$G207","v":{"$error":"#VALUE!"}},{"$f":"SUMIFS('[20]WorkDone DATA'!$L:$L,'[20]WorkDone DATA'!$N:$N,BOQ!BQ$6,'[20]WorkDone DATA'!$G:$G,BOQ!$B207)*$G207","v":{"$error":"#VALUE!"}},{"$f":"SUMIFS('[20]WorkDone DATA'!$L:$L,'[20]WorkDone DATA'!$N:$N,BOQ!BR$6,'[20]WorkDone DATA'!$G:$G,BOQ!$B207)*$G207","v":{"$error":"#VALUE!"}},{"$f":"SUMIFS('[20]WorkDone DATA'!$L:$L,'[20]WorkDone DATA'!$N:$N,BOQ!BS$6,'[20]WorkDone DATA'!$G:$G,BOQ!$B207)*$G207","v":{"$error":"#VALUE!"}},{"$f":"SUMIFS('[20]WorkDone DATA'!$L:$L,'[20]WorkDone DATA'!$N:$N,BOQ!BT$6,'[20]WorkDone DATA'!$G:$G,BOQ!$B207)*$G207","v":{"$error":"#VALUE!"}},{"$f":"SUMIFS('[20]WorkDone DATA'!$L:$L,'[20]WorkDone DATA'!$N:$N,BOQ!BU$6,'[20]WorkDone DATA'!$G:$G,BOQ!$B207)*$G207","v":{"$error":"#VALUE!"}},{"$f":"SUMIFS('[20]WorkDone DATA'!$L:$L,'[20]WorkDone DATA'!$N:$N,BOQ!BV$6,'[20]WorkDone DATA'!$G:$G,BOQ!$B207)*$G207","v":{"$error":"#VALUE!"}},{"$f":"SUMIFS('[20]WorkDone DATA'!$L:$L,'[20]WorkDone DATA'!$N:$N,BOQ!BW$6,'[20]WorkDone DATA'!$G:$G,BOQ!$B207)*$G207","v":{"$error":"#VALUE!"}},{"$f":"SUMIFS('[20]WorkDone DATA'!$L:$L,'[20]WorkDone DATA'!$N:$N,BOQ!BX$6,'[20]WorkDone DATA'!$G:$G,BOQ!$B207)*$G207","v":{"$error":"#VALUE!"}}]
[null,null,"70mm2 x 3 core (CXX03NCV) 3.8kV/6.6kV",{"$nulls":4},0,{"$nulls":3},{"$error":"#VALUE!"},{"$error":"#VALUE!"},null,0,{"$error":"#VALUE!"},null,{"$f":"SUMIFS('[20]WorkDone DATA'!$L:$L,'[20]WorkDone DATA'!$N:$N,BOQ!S$6,'[20]WorkDone DATA'!$G:$G,BOQ!$B208)","v":{"$error":"#VALUE!"}},{"$error":"#VALUE!"},{"$f":"SUMIFS('[20]WorkDone DATA'!$L:$L,'[20]WorkDone DATA'!$N:$N,BOQ!U$6,'[20]WorkDone DATA'!$G:$G,BOQ!$B208)","v":{"$error":"#VALUE!"}},{"$error":"#VALUE!"},null,{"$f":"SUMIFS('[20]WorkDone DATA'!$L:$L,'[20]WorkDone DATA'!$N:$N,BOQ!W$6,'[20]WorkDone DATA'!$G:$G,BOQ!$B208)*$G208","v":{"$error":"#VALUE!"}},null,{"$f":"SUMIFS('[20]WorkDone DATA'!$L:$L,'[20]WorkDone DATA'!$N:$N,BOQ!Y$6,'[20]WorkDone DATA'!$G:$G,BOQ!$B208)*$G208","v":{"$error":"#VALUE!"}},null,{"$f":"SUMIFS('[20]WorkDone DATA'!$L:$L,'[20]WorkDone DATA'!$N:$N,BOQ!AA$6,'[20]WorkDone DATA'!$G:$G,BOQ!$B208)*$G208","v":{"$error":"#VALUE!"}},{"$f":"SUMIFS('[20]WorkDone DATA'!$L:$L,'[20]WorkDone DATA'!$N:$N,BOQ!AB$6,'[20]WorkDone DATA'!$G:$G,BOQ!$B208)*$G208","v":{"$error":"#VALUE!"}},{"$f":"SUMIFS('[20]WorkDone DATA'!$L:$L,'[20]WorkDone DATA'!$N:$N,BOQ!AC$6,'[20]WorkDone DATA'!$G:$G,BOQ!$B208)*$G208","v":{"$error":"#VALUE!"}},{"$f":"SUMIFS('[20]WorkDone DATA'!$L:$L,'[20]WorkDone DATA'!$N:$N,BOQ!AD$6,'[20]WorkDone DATA'!$G:$G,BOQ!$B208)*$G208","v":{"$error":"#VALUE!"}},{"$f":"SUMIFS('[20]WorkDone DATA'!$L:$L,'[20]WorkDone DATA'!$N:$N,BOQ!AE$6,'[20]WorkDone DATA'!$G:$G,BOQ!$B208)*$G208","v":{"$error":"#VALUE!"}},{"$f":"SUMIFS('[20]WorkDone DATA'!$L:$L,'[20]WorkDone DATA'!$N:$N,BOQ!AF$6,'[20]WorkDone DATA'!$G:$G,BOQ!$B208)*$G208","v":{"$error":"#VALUE!"}},{"$f":"SUMIFS('[20]WorkDone DATA'!$L:$L,'[20]WorkDone DATA'!$N:$N,BOQ!AG$6,'[20]WorkDone DATA'!$G:$G,BOQ!$B208)*$G208","v":{"$error":"#VALUE!"}},{"$f":"SUMIFS('[20]WorkDone DATA'!$L:$L,'[20]WorkDone DATA'!$N:$N,BOQ!AH$6,'[20]WorkDone DATA'!$G:$G,BOQ!$B208)*$G208","v":{"$error":"#VALUE!"}},{"$f":"SUMIFS('[20]WorkDone DATA'!$L:$L,'[20]WorkDone DATA'!$N:$N,BOQ!AI$6,'[20]WorkDone DATA'!$G:$G,BOQ!$B208)*$G208","v":{"$error":"#VALUE!"}},{"$f":"SUMIFS('[20]WorkDone DATA'!$L:$L,'[20]WorkDone DATA'!$N:$N,BOQ!AJ$6,'[20]WorkDone DATA'!$G:$G,BOQ!$B208)*$G208","v":{"$error":"#VALUE!"}},{"$f":"SUMIFS('[20]WorkDone DATA'!$L:$L,'[20]WorkDone DATA'!$N:$N,BOQ!AK$6,'[20]WorkDone DATA'!$G:$G,BOQ!$B208)*$G208","v":{"$error":"#VALUE!"}},{"$f":"SUMIFS('[20]WorkDone DATA'!$L:$L,'[20]WorkDone DATA'!$N:$N,BOQ!AL$6,'[20]WorkDone DATA'!$G:$G,BOQ!$B208)*$G208","v":{"$error":"#VALUE!"}},{"$f":"SUMIFS('[20]WorkDone DATA'!$L:$L,'[20]WorkDone DATA'!$N:$N,BOQ!AM$6,'[20]WorkDone DATA'!$G:$G,BOQ!$B208)*$G208","v":{"$error":"#VALUE!"}},{"$f":"SUMIFS('[20]WorkDone DATA'!$L:$L,'[20]WorkDone DATA'!$N:$N,BOQ!AN$6,'[20]WorkDone DATA'!$G:$G,BOQ!$B208)*$G208","v":{"$error":"#VALUE!"}},{"$f":"SUMIFS('[20]WorkDone DATA'!$L:$L,'[20]WorkDone DATA'!$N:$N,BOQ!AO$6,'[20]WorkDone DATA'!$G:$G,BOQ!$B208)*$G208","v":{"$error":"#VALUE!"}},{"$f":"SUMIFS('[20]WorkDone DATA'!$L:$L,'[20]WorkDone DATA'!$N:$N,BOQ!AP$6,'[20]WorkDone DATA'!$G:$G,BOQ!$B208)*$G208","v":{"$error":"#VALUE!"}},{"$f":"SUMIFS('[20]WorkDone DATA'!$L:$L,'[20]WorkDone DATA'!$N:$N,BOQ!AQ$6,'[20]WorkDone DATA'!$G:$G,BOQ!$B208)*$G208","v":{"$error":"#VALUE!"}},{"$f":"SUMIFS('[20]WorkDone DATA'!$L:$L,'[20]WorkDone DATA'!$N:$N,BOQ!AR$6,'[20]WorkDone DATA'!$G:$G,BOQ!$B208)*$G208","v":{"$error":"#VALUE!"}},{"$f":"SUMIFS('[20]WorkDone DATA'!$L:$L,'[20]WorkDone DATA'!$N:$N,BOQ!AS$6,'[20]WorkDone DATA'!$G:$G,BOQ!$B208)*$G208","v":{"$error":"#VALUE!"}},{"$f":"SUMIFS('[20]WorkDone DATA'!$L:$L,'[20]WorkDone DATA'!$N:$N,BOQ!AT$6,'[20]WorkDone DATA'!$G:$G,BOQ!$B208)*$G208","v":{"$error":"#VALUE!"}},{"$f":"SUMIFS('[20]WorkDone DATA'!$L:$L,'[20]WorkDone DATA'!$N:$N,BOQ!AU$6,'[20]WorkDone DATA'!$G:$G,BOQ!$B208)*$G208","v":{"$error":"#VALUE!"}},{"$f":"SUMIFS('[20]WorkDone DATA'!$L:$L,'[20]WorkDone DATA'!$N:$N,BOQ!AV$6,'[20]WorkDone DATA'!$G:$G,BOQ!$B208)*$G208","v":{"$error":"#VALUE!"}},{"$f":"SUMIFS('[20]WorkDone DATA'!$L:$L,'[20]WorkDone DATA'!$N:$N,BOQ!AW$6,'[20]WorkDone DATA'!$G:$G,BOQ!$B208)*$G208","v":{"$error":"#VALUE!"}},{"$f":"SUMIFS('[20]WorkDone DATA'!$L:$L,'[20]WorkDone DATA'!$N:$N,BOQ!AX$6,'[20]WorkDone DATA'!$G:$G,BOQ!$B208)*$G208","v":{"$error":"#VALUE!"}},{"$f":"SUMIFS('[20]WorkDone DATA'!$L:$L,'[20]WorkDone DATA'!$N:$N,BOQ!AY$6,'[20]WorkDone DATA'!$G:$G,BOQ!$B208)*$G208","v":{"$error":"#VALUE!"}},{"$f":"SUMIFS('[20]WorkDone DATA'!$L:$L,'[20]WorkDone DATA'!$N:$N,BOQ!AZ$6,'[20]WorkDone DATA'!$G:$G,BOQ!$B208)*$G208","v":{"$error":"#VALUE!"}},{"$f":"SUMIFS('[20]WorkDone DATA'!$L:$L,'[20]WorkDone DATA'!$N:$N,BOQ!BA$6,'[20]WorkDone DATA'!$G:$G,BOQ!$B208)*$G208","v":{"$error":"#VALUE!"}},{"$f":"SUMIFS('[20]WorkDone DATA'!$L:$L,'[20]WorkDone DATA'!$N:$N,BOQ!BB$6,'[20]WorkDone DATA'!$G:$G,BOQ!$B208)*$G208","v":{"$error":"#VALUE!"}},{"$f":"SUMIFS('[20]WorkDone DATA'!$L:$L,'[20]WorkDone DATA'!$N:$N,BOQ!BC$6,'[20]WorkDone DATA'!$G:$G,BOQ!$B208)*$G208","v":{"$error":"#VALUE!"}},{"$f":"SUMIFS('[20]WorkDone DATA'!$L:$L,'[20]WorkDone DATA'!$N:$N,BOQ!BD$6,'[20]WorkDone DATA'!$G:$G,BOQ!$B208)*$G208","v":{"$error":"#VALUE!"}},{"$f":"SUMIFS('[20]WorkDone DATA'!$L:$L,'[20]WorkDone DATA'!$N:$N,BOQ!BE$6,'[20]WorkDone DATA'!$G:$G,BOQ!$B208)*$G208","v":{"$error":"#VALUE!"}},{"$f":"SUMIFS('[20]WorkDone DATA'!$L:$L,'[20]WorkDone DATA'!$N:$N,BOQ!BF$6,'[20]WorkDone DATA'!$G:$G,BOQ!$B208)*$G208","v":{"$error":"#VALUE!"}},{"$f":"SUMIFS('[20]WorkDone DATA'!$L:$L,'[20]WorkDone DATA'!$N:$N,BOQ!BG$6,'[20]WorkDone DATA'!$G:$G,BOQ!$B208)*$G208","v":{"$error":"#VALUE!"}},{"$f":"SUMIFS('[20]WorkDone DATA'!$L:$L,'[20]WorkDone DATA'!$N:$N,BOQ!BH$6,'[20]WorkDone DATA'!$G:$G,BOQ!$B208)*$G208","v":{"$error":"#VALUE!"}},{"$f":"SUMIFS('[20]WorkDone DATA'!$L:$L,'[20]WorkDone DATA'!$N:$N,BOQ!BI$6,'[20]WorkDone DATA'!$G:$G,BOQ!$B208)*$G208","v":{"$error":"#VALUE!"}},{"$f":"SUMIFS('[20]WorkDone DATA'!$L:$L,'[20]WorkDone DATA'!$N:$N,BOQ!BJ$6,'[20]WorkDone DATA'!$G:$G,BOQ!$B208)*$G208","v":{"$error":"#VALUE!"}},{"$f":"SUMIFS('[20]WorkDone DATA'!$L:$L,'[20]WorkDone DATA'!$N:$N,BOQ!BK$6,'[20]WorkDone DATA'!$G:$G,BOQ!$B208)*$G208","v":{"$error":"#VALUE!"}},{"$f":"SUMIFS('[20]WorkDone DATA'!$L:$L,'[20]WorkDone DATA'!$N:$N,BOQ!BL$6,'[20]WorkDone DATA'!$G:$G,BOQ!$B208)*$G208","v":{"$error":"#VALUE!"}},{"$f":"SUMIFS('[20]WorkDone DATA'!$L:$L,'[20]WorkDone DATA'!$N:$N,BOQ!BM$6,'[20]WorkDone DATA'!$G:$G,BOQ!$B208)*$G208","v":{"$error":"#VALUE!"}},{"$f":"SUMIFS('[20]WorkDone DATA'!$L:$L,'[20]WorkDone DATA'!$N:$N,BOQ!BN$6,'[20]WorkDone DATA'!$G:$G,BOQ!$B208)*$G208","v":{"$error":"#VALUE!"}},{"$f":"SUMIFS('[20]WorkDone DATA'!$L:$L,'[20]WorkDone DATA'!$N:$N,BOQ!BO$6,'[20]WorkDone DATA'!$G:$G,BOQ!$B208)*$G208","v":{"$error":"#VALUE!"}},{"$f":"SUMIFS('[20]WorkDone DATA'!$L:$L,'[20]WorkDone DATA'!$N:$N,BOQ!BP$6,'[20]WorkDone DATA'!$G:$G,BOQ!$B208)*$G208","v":{"$error":"#VALUE!"}},{"$f":"SUMIFS('[20]WorkDone DATA'!$L:$L,'[20]WorkDone DATA'!$N:$N,BOQ!BQ$6,'[20]WorkDone DATA'!$G:$G,BOQ!$B208)*$G208","v":{"$error":"#VALUE!"}},{"$f":"SUMIFS('[20]WorkDone DATA'!$L:$L,'[20]WorkDone DATA'!$N:$N,BOQ!BR$6,'[20]WorkDone DATA'!$G:$G,BOQ!$B208)*$G208","v":{"$error":"#VALUE!"}},{"$f":"SUMIFS('[20]WorkDone DATA'!$L:$L,'[20]WorkDone DATA'!$N:$N,BOQ!BS$6,'[20]WorkDone DATA'!$G:$G,BOQ!$B208)*$G208","v":{"$error":"#VALUE!"}},{"$f":"SUMIFS('[20]WorkDone DATA'!$L:$L,'[20]WorkDone DATA'!$N:$N,BOQ!BT$6,'[20]WorkDone DATA'!$G:$G,BOQ!$B208)*$G208","v":{"$error":"#VALUE!"}},{"$f":"SUMIFS('[20]WorkDone DATA'!$L:$L,'[20]WorkDone DATA'!$N:$N,BOQ!BU$6,'[20]WorkDone DATA'!$G:$G,BOQ!$B208)*$G208","v":{"$error":"#VALUE!"}},{"$f":"SUMIFS('[20]WorkDone DATA'!$L:$L,'[20]WorkDone DATA'!$N:$N,BOQ!BV$6,'[20]WorkDone DATA'!$G:$G,BOQ!$B208)*$G208","v":{"$error":"#VALUE!"}},{"$f":"SUMIFS('[20]WorkDone DATA'!$L:$L,'[20]WorkDone DATA'!$N:$N,BOQ!BW$6,'[20]WorkDone DATA'!$G:$G,BOQ!$B208)*$G208","v":{"$error":"#VALUE!"}},{"$f":"SUMIFS('[20]WorkDone DATA'!$L:$L,'[20]WorkDone DATA'!$N:$N,BOQ!BX$6,'[20]WorkDone DATA'!$G:$G,BOQ!$B208)*$G208","v":{"$error":"#VALUE!"}}]
[{"$f":"C208","v":"70mm2 x 3 core (CXX03NCV) 3.8kV/6.6kV"},2.105,"Supply","E","each",20,{"v":4771.75,"d":"4,771.75"},{"v":95435,"d":"95,435.00"},null,null,{"$error":"#VALUE!"},{"$error":"#VALUE!"},{"$error":"#VALUE!"},null,{"$error":"#VALUE!"},{"$error":"#VALUE!"},null,{"$f":"SUMIFS('[20]WorkDone DATA'!$L:$L,'[20]WorkDone DATA'!$N:$N,BOQ!S$6,'[20]WorkDone DATA'!$G:$G,BOQ!$B209)","v":{"$error":"#VALUE!"}},{"$error":"#VALUE!"},{"$f":"SUMIFS('[20]WorkDone DATA'!$L:$L,'[20]WorkDone DATA'!$N:$N,BOQ!U$6,'[20]WorkDone DATA'!$G:$G,BOQ!$B209)","v":{"$error":"#VALUE!"}},{"$error":"#VALUE!"},null,{"$f":"SUMIFS('[20]WorkDone DATA'!$L:$L,'[20]WorkDone DATA'!$N:$N,BOQ!W$6,'[20]WorkDone DATA'!$G:$G,BOQ!$B209)*$G209","v":{"$error":"#VALUE!"}},null,{"$f":"SUMIFS('[20]WorkDone DATA'!$L:$L,'[20]WorkDone DATA'!$N:$N,BOQ!Y$6,'[20]WorkDone DATA'!$G:$G,BOQ!$B209)*$G209","v":{"$error":"#VALUE!"}},null,{"$f":"SUMIFS('[20]WorkDone DATA'!$L:$L,'[20]WorkDone DATA'!$N:$N,BOQ!AA$6,'[20]WorkDone DATA'!$G:$G,BOQ!$B209)*$G209","v":{"$error":"#VALUE!"}},{"$f":"SUMIFS('[20]WorkDone DATA'!$L:$L,'[20]WorkDone DATA'!$N:$N,BOQ!AB$6,'[20]WorkDone DATA'!$G:$G,BOQ!$B209)*$G209","v":{"$error":"#VALUE!"}},{"$f":"SUMIFS('[20]WorkDone DATA'!$L:$L,'[20]WorkDone DATA'!$N:$N,BOQ!AC$6,'[20]WorkDone DATA'!$G:$G,BOQ!$B209)*$G209","v":{"$error":"#VALUE!"}},{"$f":"SUMIFS('[20]WorkDone DATA'!$L:$L,'[20]WorkDone DATA'!$N:$N,BOQ!AD$6,'[20]WorkDone DATA'!$G:$G,BOQ!$B209)*$G209","v":{"$error":"#VALUE!"}},{"$f":"SUMIFS('[20]WorkDone DATA'!$L:$L,'[20]WorkDone DATA'!$N:$N,BOQ!AE$6,'[20]WorkDone DATA'!$G:$G,BOQ!$B209)*$G209","v":{"$error":"#VALUE!"}},{"$f":"SUMIFS('[20]WorkDone DATA'!$L:$L,'[20]WorkDone DATA'!$N:$N,BOQ!AF$6,'[20]WorkDone DATA'!$G:$G,BOQ!$B209)*$G209","v":{"$error":"#VALUE!"}},{"$f":"SUMIFS('[20]WorkDone DATA'!$L:$L,'[20]WorkDone DATA'!$N:$N,BOQ!AG$6,'[20]WorkDone DATA'!$G:$G,BOQ!$B209)*$G209","v":{"$error":"#VALUE!"}},{"$f":"SUMIFS('[20]WorkDone DATA'!$L:$L,'[20]WorkDone DATA'!$N:$N,BOQ!AH$6,'[20]WorkDone DATA'!$G:$G,BOQ!$B209)*$G209","v":{"$error":"#VALUE!"}},{"$f":"SUMIFS('[20]WorkDone DATA'!$L:$L,'[20]WorkDone DATA'!$N:$N,BOQ!AI$6,'[20]WorkDone DATA'!$G:$G,BOQ!$B209)*$G209","v":{"$error":"#VALUE!"}},{"$f":"SUMIFS('[20]WorkDone DATA'!$L:$L,'[20]WorkDone DATA'!$N:$N,BOQ!AJ$6,'[20]WorkDone DATA'!$G:$G,BOQ!$B209)*$G209","v":{"$error":"#VALUE!"}},{"$f":"SUMIFS('[20]WorkDone DATA'!$L:$L,'[20]WorkDone DATA'!$N:$N,BOQ!AK$6,'[20]WorkDone DATA'!$G:$G,BOQ!$B209)*$G209","v":{"$error":"#VALUE!"}},{"$f":"SUMIFS('[20]WorkDone DATA'!$L:$L,'[20]WorkDone DATA'!$N:$N,BOQ!AL$6,'[20]WorkDone DATA'!$G:$G,BOQ!$B209)*$G209","v":{"$error":"#VALUE!"}},{"$f":"SUMIFS('[20]WorkDone DATA'!$L:$L,'[20]WorkDone DATA'!$N:$N,BOQ!AM$6,'[20]WorkDone DATA'!$G:$G,BOQ!$B209)*$G209","v":{"$error":"#VALUE!"}},{"$f":"SUMIFS('[20]WorkDone DATA'!$L:$L,'[20]WorkDone DATA'!$N:$N,BOQ!AN$6,'[20]WorkDone DATA'!$G:$G,BOQ!$B209)*$G209","v":{"$error":"#VALUE!"}},{"$f":"SUMIFS('[20]WorkDone DATA'!$L:$L,'[20]WorkDone DATA'!$N:$N,BOQ!AO$6,'[20]WorkDone DATA'!$G:$G,BOQ!$B209)*$G209","v":{"$error":"#VALUE!"}},{"$f":"SUMIFS('[20]WorkDone DATA'!$L:$L,'[20]WorkDone DATA'!$N:$N,BOQ!AP$6,'[20]WorkDone DATA'!$G:$G,BOQ!$B209)*$G209","v":{"$error":"#VALUE!"}},{"$f":"SUMIFS('[20]WorkDone DATA'!$L:$L,'[20]WorkDone DATA'!$N:$N,BOQ!AQ$6,'[20]WorkDone DATA'!$G:$G,BOQ!$B209)*$G209","v":{"$error":"#VALUE!"}},{"$f":"SUMIFS('[20]WorkDone DATA'!$L:$L,'[20]WorkDone DATA'!$N:$N,BOQ!AR$6,'[20]WorkDone DATA'!$G:$G,BOQ!$B209)*$G209","v":{"$error":"#VALUE!"}},{"$f":"SUMIFS('[20]WorkDone DATA'!$L:$L,'[20]WorkDone DATA'!$N:$N,BOQ!AS$6,'[20]WorkDone DATA'!$G:$G,BOQ!$B209)*$G209","v":{"$error":"#VALUE!"}},{"$f":"SUMIFS('[20]WorkDone DATA'!$L:$L,'[20]WorkDone DATA'!$N:$N,BOQ!AT$6,'[20]WorkDone DATA'!$G:$G,BOQ!$B209)*$G209","v":{"$error":"#VALUE!"}},{"$f":"SUMIFS('[20]WorkDone DATA'!$L:$L,'[20]WorkDone DATA'!$N:$N,BOQ!AU$6,'[20]WorkDone DATA'!$G:$G,BOQ!$B209)*$G209","v":{"$error":"#VALUE!"}},{"$f":"SUMIFS('[20]WorkDone DATA'!$L:$L,'[20]WorkDone DATA'!$N:$N,BOQ!AV$6,'[20]WorkDone DATA'!$G:$G,BOQ!$B209)*$G209","v":{"$error":"#VALUE!"}},{"$f":"SUMIFS('[20]WorkDone DATA'!$L:$L,'[20]WorkDone DATA'!$N:$N,BOQ!AW$6,'[20]WorkDone DATA'!$G:$G,BOQ!$B209)*$G209","v":{"$error":"#VALUE!"}},{"$f":"SUMIFS('[20]WorkDone DATA'!$L:$L,'[20]WorkDone DATA'!$N:$N,BOQ!AX$6,'[20]WorkDone DATA'!$G:$G,BOQ!$B209)*$G209","v":{"$error":"#VALUE!"}},{"$f":"SUMIFS('[20]WorkDone DATA'!$L:$L,'[20]WorkDone DATA'!$N:$N,BOQ!AY$6,'[20]WorkDone DATA'!$G:$G,BOQ!$B209)*$G209","v":{"$error":"#VALUE!"}},{"$f":"SUMIFS('[20]WorkDone DATA'!$L:$L,'[20]WorkDone DATA'!$N:$N,BOQ!AZ$6,'[20]WorkDone DATA'!$G:$G,BOQ!$B209)*$G209","v":{"$error":"#VALUE!"}},{"$f":"SUMIFS('[20]WorkDone DATA'!$L:$L,'[20]WorkDone DATA'!$N:$N,BOQ!BA$6,'[20]WorkDone DATA'!$G:$G,BOQ!$B209)*$G209","v":{"$error":"#VALUE!"}},{"$f":"SUMIFS('[20]WorkDone DATA'!$L:$L,'[20]WorkDone DATA'!$N:$N,BOQ!BB$6,'[20]WorkDone DATA'!$G:$G,BOQ!$B209)*$G209","v":{"$error":"#VALUE!"}},{"$f":"SUMIFS('[20]WorkDone DATA'!$L:$L,'[20]WorkDone DATA'!$N:$N,BOQ!BC$6,'[20]WorkDone DATA'!$G:$G,BOQ!$B209)*$G209","v":{"$error":"#VALUE!"}},{"$f":"SUMIFS('[20]WorkDone DATA'!$L:$L,'[20]WorkDone DATA'!$N:$N,BOQ!BD$6,'[20]WorkDone DATA'!$G:$G,BOQ!$B209)*$G209","v":{"$error":"#VALUE!"}},{"$f":"SUMIFS('[20]WorkDone DATA'!$L:$L,'[20]WorkDone DATA'!$N:$N,BOQ!BE$6,'[20]WorkDone DATA'!$G:$G,BOQ!$B209)*$G209","v":{"$error":"#VALUE!"}},{"$f":"SUMIFS('[20]WorkDone DATA'!$L:$L,'[20]WorkDone DATA'!$N:$N,BOQ!BF$6,'[20]WorkDone DATA'!$G:$G,BOQ!$B209)*$G209","v":{"$error":"#VALUE!"}},{"$f":"SUMIFS('[20]WorkDone DATA'!$L:$L,'[20]WorkDone DATA'!$N:$N,BOQ!BG$6,'[20]WorkDone DATA'!$G:$G,BOQ!$B209)*$G209","v":{"$error":"#VALUE!"}},{"$f":"SUMIFS('[20]WorkDone DATA'!$L:$L,'[20]WorkDone DATA'!$N:$N,BOQ!BH$6,'[20]WorkDone DATA'!$G:$G,BOQ!$B209)*$G209","v":{"$error":"#VALUE!"}},{"$f":"SUMIFS('[20]WorkDone DATA'!$L:$L,'[20]WorkDone DATA'!$N:$N,BOQ!BI$6,'[20]WorkDone DATA'!$G:$G,BOQ!$B209)*$G209","v":{"$error":"#VALUE!"}},{"$f":"SUMIFS('[20]WorkDone DATA'!$L:$L,'[20]WorkDone DATA'!$N:$N,BOQ!BJ$6,'[20]WorkDone DATA'!$G:$G,BOQ!$B209)*$G209","v":{"$error":"#VALUE!"}},{"$f":"SUMIFS('[20]WorkDone DATA'!$L:$L,'[20]WorkDone DATA'!$N:$N,BOQ!BK$6,'[20]WorkDone DATA'!$G:$G,BOQ!$B209)*$G209","v":{"$error":"#VALUE!"}},{"$f":"SUMIFS('[20]WorkDone DATA'!$L:$L,'[20]WorkDone DATA'!$N:$N,BOQ!BL$6,'[20]WorkDone DATA'!$G:$G,BOQ!$B209)*$G209","v":{"$error":"#VALUE!"}},{"$f":"SUMIFS('[20]WorkDone DATA'!$L:$L,'[20]WorkDone DATA'!$N:$N,BOQ!BM$6,'[20]WorkDone DATA'!$G:$G,BOQ!$B209)*$G209","v":{"$error":"#VALUE!"}},{"$f":"SUMIFS('[20]WorkDone DATA'!$L:$L,'[20]WorkDone DATA'!$N:$N,BOQ!BN$6,'[20]WorkDone DATA'!$G:$G,BOQ!$B209)*$G209","v":{"$error":"#VALUE!"}},{"$f":"SUMIFS('[20]WorkDone DATA'!$L:$L,'[20]WorkDone DATA'!$N:$N,BOQ!BO$6,'[20]WorkDone DATA'!$G:$G,BOQ!$B209)*$G209","v":{"$error":"#VALUE!"}},{"$f":"SUMIFS('[20]WorkDone DATA'!$L:$L,'[20]WorkDone DATA'!$N:$N,BOQ!BP$6,'[20]WorkDone DATA'!$G:$G,BOQ!$B209)*$G209","v":{"$error":"#VALUE!"}},{"$f":"SUMIFS('[20]WorkDone DATA'!$L:$L,'[20]WorkDone DATA'!$N:$N,BOQ!BQ$6,'[20]WorkDone DATA'!$G:$G,BOQ!$B209)*$G209","v":{"$error":"#VALUE!"}},{"$f":"SUMIFS('[20]WorkDone DATA'!$L:$L,'[20]WorkDone DATA'!$N:$N,BOQ!BR$6,'[20]WorkDone DATA'!$G:$G,BOQ!$B209)*$G209","v":{"$error":"#VALUE!"}},{"$f":"SUMIFS('[20]WorkDone DATA'!$L:$L,'[20]WorkDone DATA'!$N:$N,BOQ!BS$6,'[20]WorkDone DATA'!$G:$G,BOQ!$B209)*$G209","v":{"$error":"#VALUE!"}},{"$f":"SUMIFS('[20]WorkDone DATA'!$L:$L,'[20]WorkDone DATA'!$N:$N,BOQ!BT$6,'[20]WorkDone DATA'!$G:$G,BOQ!$B209)*$G209","v":{"$error":"#VALUE!"}},{"$f":"SUMIFS('[20]WorkDone DATA'!$L:$L,'[20]WorkDone DATA'!$N:$N,BOQ!BU$6,'[20]WorkDone DATA'!$G:$G,BOQ!$B209)*$G209","v":{"$error":"#VALUE!"}},{"$f":"SUMIFS('[20]WorkDone DATA'!$L:$L,'[20]WorkDone DATA'!$N:$N,BOQ!BV$6,'[20]WorkDone DATA'!$G:$G,BOQ!$B209)*$G209","v":{"$error":"#VALUE!"}},{"$f":"SUMIFS('[20]WorkDone DATA'!$L:$L,'[20]WorkDone DATA'!$N:$N,BOQ!BW$6,'[20]WorkDone DATA'!$G:$G,BOQ!$B209)*$G209","v":{"$error":"#VALUE!"}},{"$f":"SUMIFS('[20]WorkDone DATA'!$L:$L,'[20]WorkDone DATA'!$N:$N,BOQ!BX$6,'[20]WorkDone DATA'!$G:$G,BOQ!$B209)*$G209","v":{"$error":"#VALUE!"}}]
[{"$f":"C208","v":"70mm2 x 3 core (CXX03NCV) 3.8kV/6.6kV"},2.106,"Installation","A","each",20,{"v":1814.46,"d":"1,814.46"},{"v":36289.2,"d":"36,289.20"},null,null,{"$error":"#VALUE!"},{"$error":"#VALUE!"},{"$error":"#VALUE!"},null,{"$error":"#VALUE!"},{"$error":"#VALUE!"},null,{"$f":"SUMIFS('[20]WorkDone DATA'!$L:$L,'[20]WorkDone DATA'!$N:$N,BOQ!S$6,'[20]WorkDone DATA'!$G:$G,BOQ!$B210)","v":{"$error":"#VALUE!"}},{"$error":"#VALUE!"},{"$f":"SUMIFS('[20]WorkDone DATA'!$L:$L,'[20]WorkDone DATA'!$N:$N,BOQ!U$6,'[20]WorkDone DATA'!$G:$G,BOQ!$B210)","v":{"$error":"#VALUE!"}},{"$error":"#VALUE!"},null,{"$f":"SUMIFS('[20]WorkDone DATA'!$L:$L,'[20]WorkDone DATA'!$N:$N,BOQ!W$6,'[20]WorkDone DATA'!$G:$G,BOQ!$B210)*$G210","v":{"$error":"#VALUE!"}},null,{"$f":"SUMIFS('[20]WorkDone DATA'!$L:$L,'[20]WorkDone DATA'!$N:$N,BOQ!Y$6,'[20]WorkDone DATA'!$G:$G,BOQ!$B210)*$G210","v":{"$error":"#VALUE!"}},null,{"$f":"SUMIFS('[20]WorkDone DATA'!$L:$L,'[20]WorkDone DATA'!$N:$N,BOQ!AA$6,'[20]WorkDone DATA'!$G:$G,BOQ!$B210)*$G210","v":{"$error":"#VALUE!"}},{"$f":"SUMIFS('[20]WorkDone DATA'!$L:$L,'[20]WorkDone DATA'!$N:$N,BOQ!AB$6,'[20]WorkDone DATA'!$G:$G,BOQ!$B210)*$G210","v":{"$error":"#VALUE!"}},{"$f":"SUMIFS('[20]WorkDone DATA'!$L:$L,'[20]WorkDone DATA'!$N:$N,BOQ!AC$6,'[20]WorkDone DATA'!$G:$G,BOQ!$B210)*$G210","v":{"$error":"#VALUE!"}},{"$f":"SUMIFS('[20]WorkDone DATA'!$L:$L,'[20]WorkDone DATA'!$N:$N,BOQ!AD$6,'[20]WorkDone DATA'!$G:$G,BOQ!$B210)*$G210","v":{"$error":"#VALUE!"}},{"$f":"SUMIFS('[20]WorkDone DATA'!$L:$L,'[20]WorkDone DATA'!$N:$N,BOQ!AE$6,'[20]WorkDone DATA'!$G:$G,BOQ!$B210)*$G210","v":{"$error":"#VALUE!"}},{"$f":"SUMIFS('[20]WorkDone DATA'!$L:$L,'[20]WorkDone DATA'!$N:$N,BOQ!AF$6,'[20]WorkDone DATA'!$G:$G,BOQ!$B210)*$G210","v":{"$error":"#VALUE!"}},{"$f":"SUMIFS('[20]WorkDone DATA'!$L:$L,'[20]WorkDone DATA'!$N:$N,BOQ!AG$6,'[20]WorkDone DATA'!$G:$G,BOQ!$B210)*$G210","v":{"$error":"#VALUE!"}},{"$f":"SUMIFS('[20]WorkDone DATA'!$L:$L,'[20]WorkDone DATA'!$N:$N,BOQ!AH$6,'[20]WorkDone DATA'!$G:$G,BOQ!$B210)*$G210","v":{"$error":"#VALUE!"}},{"$f":"SUMIFS('[20]WorkDone DATA'!$L:$L,'[20]WorkDone DATA'!$N:$N,BOQ!AI$6,'[20]WorkDone DATA'!$G:$G,BOQ!$B210)*$G210","v":{"$error":"#VALUE!"}},{"$f":"SUMIFS('[20]WorkDone DATA'!$L:$L,'[20]WorkDone DATA'!$N:$N,BOQ!AJ$6,'[20]WorkDone DATA'!$G:$G,BOQ!$B210)*$G210","v":{"$error":"#VALUE!"}},{"$f":"SUMIFS('[20]WorkDone DATA'!$L:$L,'[20]WorkDone DATA'!$N:$N,BOQ!AK$6,'[20]WorkDone DATA'!$G:$G,BOQ!$B210)*$G210","v":{"$error":"#VALUE!"}},{"$f":"SUMIFS('[20]WorkDone DATA'!$L:$L,'[20]WorkDone DATA'!$N:$N,BOQ!AL$6,'[20]WorkDone DATA'!$G:$G,BOQ!$B210)*$G210","v":{"$error":"#VALUE!"}},{"$f":"SUMIFS('[20]WorkDone DATA'!$L:$L,'[20]WorkDone DATA'!$N:$N,BOQ!AM$6,'[20]WorkDone DATA'!$G:$G,BOQ!$B210)*$G210","v":{"$error":"#VALUE!"}},{"$f":"SUMIFS('[20]WorkDone DATA'!$L:$L,'[20]WorkDone DATA'!$N:$N,BOQ!AN$6,'[20]WorkDone DATA'!$G:$G,BOQ!$B210)*$G210","v":{"$error":"#VALUE!"}},{"$f":"SUMIFS('[20]WorkDone DATA'!$L:$L,'[20]WorkDone DATA'!$N:$N,BOQ!AO$6,'[20]WorkDone DATA'!$G:$G,BOQ!$B210)*$G210","v":{"$error":"#VALUE!"}},{"$f":"SUMIFS('[20]WorkDone DATA'!$L:$L,'[20]WorkDone DATA'!$N:$N,BOQ!AP$6,'[20]WorkDone DATA'!$G:$G,BOQ!$B210)*$G210","v":{"$error":"#VALUE!"}},{"$f":"SUMIFS('[20]WorkDone DATA'!$L:$L,'[20]WorkDone DATA'!$N:$N,BOQ!AQ$6,'[20]WorkDone DATA'!$G:$G,BOQ!$B210)*$G210","v":{"$error":"#VALUE!"}},{"$f":"SUMIFS('[20]WorkDone DATA'!$L:$L,'[20]WorkDone DATA'!$N:$N,BOQ!AR$6,'[20]WorkDone DATA'!$G:$G,BOQ!$B210)*$G210","v":{"$error":"#VALUE!"}},{"$f":"SUMIFS('[20]WorkDone DATA'!$L:$L,'[20]WorkDone DATA'!$N:$N,BOQ!AS$6,'[20]WorkDone DATA'!$G:$G,BOQ!$B210)*$G210","v":{"$error":"#VALUE!"}},{"$f":"SUMIFS('[20]WorkDone DATA'!$L:$L,'[20]WorkDone DATA'!$N:$N,BOQ!AT$6,'[20]WorkDone DATA'!$G:$G,BOQ!$B210)*$G210","v":{"$error":"#VALUE!"}},{"$f":"SUMIFS('[20]WorkDone DATA'!$L:$L,'[20]WorkDone DATA'!$N:$N,BOQ!AU$6,'[20]WorkDone DATA'!$G:$G,BOQ!$B210)*$G210","v":{"$error":"#VALUE!"}},{"$f":"SUMIFS('[20]WorkDone DATA'!$L:$L,'[20]WorkDone DATA'!$N:$N,BOQ!AV$6,'[20]WorkDone DATA'!$G:$G,BOQ!$B210)*$G210","v":{"$error":"#VALUE!"}},{"$f":"SUMIFS('[20]WorkDone DATA'!$L:$L,'[20]WorkDone DATA'!$N:$N,BOQ!AW$6,'[20]WorkDone DATA'!$G:$G,BOQ!$B210)*$G210","v":{"$error":"#VALUE!"}},{"$f":"SUMIFS('[20]WorkDone DATA'!$L:$L,'[20]WorkDone DATA'!$N:$N,BOQ!AX$6,'[20]WorkDone DATA'!$G:$G,BOQ!$B210)*$G210","v":{"$error":"#VALUE!"}},{"$f":"SUMIFS('[20]WorkDone DATA'!$L:$L,'[20]WorkDone DATA'!$N:$N,BOQ!AY$6,'[20]WorkDone DATA'!$G:$G,BOQ!$B210)*$G210","v":{"$error":"#VALUE!"}},{"$f":"SUMIFS('[20]WorkDone DATA'!$L:$L,'[20]WorkDone DATA'!$N:$N,BOQ!AZ$6,'[20]WorkDone DATA'!$G:$G,BOQ!$B210)*$G210","v":{"$error":"#VALUE!"}},{"$f":"SUMIFS('[20]WorkDone DATA'!$L:$L,'[20]WorkDone DATA'!$N:$N,BOQ!BA$6,'[20]WorkDone DATA'!$G:$G,BOQ!$B210)*$G210","v":{"$error":"#VALUE!"}},{"$f":"SUMIFS('[20]WorkDone DATA'!$L:$L,'[20]WorkDone DATA'!$N:$N,BOQ!BB$6,'[20]WorkDone DATA'!$G:$G,BOQ!$B210)*$G210","v":{"$error":"#VALUE!"}},{"$f":"SUMIFS('[20]WorkDone DATA'!$L:$L,'[20]WorkDone DATA'!$N:$N,BOQ!BC$6,'[20]WorkDone DATA'!$G:$G,BOQ!$B210)*$G210","v":{"$error":"#VALUE!"}},{"$f":"SUMIFS('[20]WorkDone DATA'!$L:$L,'[20]WorkDone DATA'!$N:$N,BOQ!BD$6,'[20]WorkDone DATA'!$G:$G,BOQ!$B210)*$G210","v":{"$error":"#VALUE!"}},{"$f":"SUMIFS('[20]WorkDone DATA'!$L:$L,'[20]WorkDone DATA'!$N:$N,BOQ!BE$6,'[20]WorkDone DATA'!$G:$G,BOQ!$B210)*$G210","v":{"$error":"#VALUE!"}},{"$f":"SUMIFS('[20]WorkDone DATA'!$L:$L,'[20]WorkDone DATA'!$N:$N,BOQ!BF$6,'[20]WorkDone DATA'!$G:$G,BOQ!$B210)*$G210","v":{"$error":"#VALUE!"}},{"$f":"SUMIFS('[20]WorkDone DATA'!$L:$L,'[20]WorkDone DATA'!$N:$N,BOQ!BG$6,'[20]WorkDone DATA'!$G:$G,BOQ!$B210)*$G210","v":{"$error":"#VALUE!"}},{"$f":"SUMIFS('[20]WorkDone DATA'!$L:$L,'[20]WorkDone DATA'!$N:$N,BOQ!BH$6,'[20]WorkDone DATA'!$G:$G,BOQ!$B210)*$G210","v":{"$error":"#VALUE!"}},{"$f":"SUMIFS('[20]WorkDone DATA'!$L:$L,'[20]WorkDone DATA'!$N:$N,BOQ!BI$6,'[20]WorkDone DATA'!$G:$G,BOQ!$B210)*$G210","v":{"$error":"#VALUE!"}},{"$f":"SUMIFS('[20]WorkDone DATA'!$L:$L,'[20]WorkDone DATA'!$N:$N,BOQ!BJ$6,'[20]WorkDone DATA'!$G:$G,BOQ!$B210)*$G210","v":{"$error":"#VALUE!"}},{"$f":"SUMIFS('[20]WorkDone DATA'!$L:$L,'[20]WorkDone DATA'!$N:$N,BOQ!BK$6,'[20]WorkDone DATA'!$G:$G,BOQ!$B210)*$G210","v":{"$error":"#VALUE!"}},{"$f":"SUMIFS('[20]WorkDone DATA'!$L:$L,'[20]WorkDone DATA'!$N:$N,BOQ!BL$6,'[20]WorkDone DATA'!$G:$G,BOQ!$B210)*$G210","v":{"$error":"#VALUE!"}},{"$f":"SUMIFS('[20]WorkDone DATA'!$L:$L,'[20]WorkDone DATA'!$N:$N,BOQ!BM$6,'[20]WorkDone DATA'!$G:$G,BOQ!$B210)*$G210","v":{"$error":"#VALUE!"}},{"$f":"SUMIFS('[20]WorkDone DATA'!$L:$L,'[20]WorkDone DATA'!$N:$N,BOQ!BN$6,'[20]WorkDone DATA'!$G:$G,BOQ!$B210)*$G210","v":{"$error":"#VALUE!"}},{"$f":"SUMIFS('[20]WorkDone DATA'!$L:$L,'[20]WorkDone DATA'!$N:$N,BOQ!BO$6,'[20]WorkDone DATA'!$G:$G,BOQ!$B210)*$G210","v":{"$error":"#VALUE!"}},{"$f":"SUMIFS('[20]WorkDone DATA'!$L:$L,'[20]WorkDone DATA'!$N:$N,BOQ!BP$6,'[20]WorkDone DATA'!$G:$G,BOQ!$B210)*$G210","v":{"$error":"#VALUE!"}},{"$f":"SUMIFS('[20]WorkDone DATA'!$L:$L,'[20]WorkDone DATA'!$N:$N,BOQ!BQ$6,'[20]WorkDone DATA'!$G:$G,BOQ!$B210)*$G210","v":{"$error":"#VALUE!"}},{"$f":"SUMIFS('[20]WorkDone DATA'!$L:$L,'[20]WorkDone DATA'!$N:$N,BOQ!BR$6,'[20]WorkDone DATA'!$G:$G,BOQ!$B210)*$G210","v":{"$error":"#VALUE!"}},{"$f":"SUMIFS('[20]WorkDone DATA'!$L:$L,'[20]WorkDone DATA'!$N:$N,BOQ!BS$6,'[20]WorkDone DATA'!$G:$G,BOQ!$B210)*$G210","v":{"$error":"#VALUE!"}},{"$f":"SUMIFS('[20]WorkDone DATA'!$L:$L,'[20]WorkDone DATA'!$N:$N,BOQ!BT$6,'[20]WorkDone DATA'!$G:$G,BOQ!$B210)*$G210","v":{"$error":"#VALUE!"}},{"$f":"SUMIFS('[20]WorkDone DATA'!$L:$L,'[20]WorkDone DATA'!$N:$N,BOQ!BU$6,'[20]WorkDone DATA'!$G:$G,BOQ!$B210)*$G210","v":{"$error":"#VALUE!"}},{"$f":"SUMIFS('[20]WorkDone DATA'!$L:$L,'[20]WorkDone DATA'!$N:$N,BOQ!BV$6,'[20]WorkDone DATA'!$G:$G,BOQ!$B210)*$G210","v":{"$error":"#VALUE!"}},{"$f":"SUMIFS('[20]WorkDone DATA'!$L:$L,'[20]WorkDone DATA'!$N:$N,BOQ!BW$6,'[20]WorkDone DATA'!$G:$G,BOQ!$B210)*$G210","v":{"$error":"#VALUE!"}},{"$f":"SUMIFS('[20]WorkDone DATA'!$L:$L,'[20]WorkDone DATA'!$N:$N,BOQ!BX$6,'[20]WorkDone DATA'!$G:$G,BOQ!$B210)*$G210","v":{"$error":"#VALUE!"}}]
[{"$nulls":7},0,{"$nulls":3},{"$error":"#VALUE!"},{"$error":"#VALUE!"},null,0,{"$error":"#VALUE!"},null,{"$f":"SUMIFS('[20]WorkDone DATA'!$L:$L,'[20]WorkDone DATA'!$N:$N,BOQ!S$6,'[20]WorkDone DATA'!$G:$G,BOQ!$B211)","v":{"$error":"#VALUE!"}},{"$error":"#VALUE!"},{"$f":"SUMIFS('[20]WorkDone DATA'!$L:$L,'[20]WorkDone DATA'!$N:$N,BOQ!U$6,'[20]WorkDone DATA'!$G:$G,BOQ!$B211)","v":{"$error":"#VALUE!"}},{"$error":"#VALUE!"},null,{"$f":"SUMIFS('[20]WorkDone DATA'!$L:$L,'[20]WorkDone DATA'!$N:$N,BOQ!W$6,'[20]WorkDone DATA'!$G:$G,BOQ!$B211)*$G211","v":{"$error":"#VALUE!"}},null,{"$f":"SUMIFS('[20]WorkDone DATA'!$L:$L,'[20]WorkDone DATA'!$N:$N,BOQ!Y$6,'[20]WorkDone DATA'!$G:$G,BOQ!$B211)*$G211","v":{"$error":"#VALUE!"}},null,{"$f":"SUMIFS('[20]WorkDone DATA'!$L:$L,'[20]WorkDone DATA'!$N:$N,BOQ!AA$6,'[20]WorkDone DATA'!$G:$G,BOQ!$B211)*$G211","v":{"$error":"#VALUE!"}},{"$f":"SUMIFS('[20]WorkDone DATA'!$L:$L,'[20]WorkDone DATA'!$N:$N,BOQ!AB$6,'[20]WorkDone DATA'!$G:$G,BOQ!$B211)*$G211","v":{"$error":"#VALUE!"}},{"$f":"SUMIFS('[20]WorkDone DATA'!$L:$L,'[20]WorkDone DATA'!$N:$N,BOQ!AC$6,'[20]WorkDone DATA'!$G:$G,BOQ!$B211)*$G211","v":{"$error":"#VALUE!"}},{"$f":"SUMIFS('[20]WorkDone DATA'!$L:$L,'[20]WorkDone DATA'!$N:$N,BOQ!AD$6,'[20]WorkDone DATA'!$G:$G,BOQ!$B211)*$G211","v":{"$error":"#VALUE!"}},{"$f":"SUMIFS('[20]WorkDone DATA'!$L:$L,'[20]WorkDone DATA'!$N:$N,BOQ!AE$6,'[20]WorkDone DATA'!$G:$G,BOQ!$B211)*$G211","v":{"$error":"#VALUE!"}},{"$f":"SUMIFS('[20]WorkDone DATA'!$L:$L,'[20]WorkDone DATA'!$N:$N,BOQ!AF$6,'[20]WorkDone DATA'!$G:$G,BOQ!$B211)*$G211","v":{"$error":"#VALUE!"}},{"$f":"SUMIFS('[20]WorkDone DATA'!$L:$L,'[20]WorkDone DATA'!$N:$N,BOQ!AG$6,'[20]WorkDone DATA'!$G:$G,BOQ!$B211)*$G211","v":{"$error":"#VALUE!"}},{"$f":"SUMIFS('[20]WorkDone DATA'!$L:$L,'[20]WorkDone DATA'!$N:$N,BOQ!AH$6,'[20]WorkDone DATA'!$G:$G,BOQ!$B211)*$G211","v":{"$error":"#VALUE!"}},{"$f":"SUMIFS('[20]WorkDone DATA'!$L:$L,'[20]WorkDone DATA'!$N:$N,BOQ!AI$6,'[20]WorkDone DATA'!$G:$G,BOQ!$B211)*$G211","v":{"$error":"#VALUE!"}},{"$f":"SUMIFS('[20]WorkDone DATA'!$L:$L,'[20]WorkDone DATA'!$N:$N,BOQ!AJ$6,'[20]WorkDone DATA'!$G:$G,BOQ!$B211)*$G211","v":{"$error":"#VALUE!"}},{"$f":"SUMIFS('[20]WorkDone DATA'!$L:$L,'[20]WorkDone DATA'!$N:$N,BOQ!AK$6,'[20]WorkDone DATA'!$G:$G,BOQ!$B211)*$G211","v":{"$error":"#VALUE!"}},{"$f":"SUMIFS('[20]WorkDone DATA'!$L:$L,'[20]WorkDone DATA'!$N:$N,BOQ!AL$6,'[20]WorkDone DATA'!$G:$G,BOQ!$B211)*$G211","v":{"$error":"#VALUE!"}},{"$f":"SUMIFS('[20]WorkDone DATA'!$L:$L,'[20]WorkDone DATA'!$N:$N,BOQ!AM$6,'[20]WorkDone DATA'!$G:$G,BOQ!$B211)*$G211","v":{"$error":"#VALUE!"}},{"$f":"SUMIFS('[20]WorkDone DATA'!$L:$L,'[20]WorkDone DATA'!$N:$N,BOQ!AN$6,'[20]WorkDone DATA'!$G:$G,BOQ!$B211)*$G211","v":{"$error":"#VALUE!"}},{"$f":"SUMIFS('[20]WorkDone DATA'!$L:$L,'[20]WorkDone DATA'!$N:$N,BOQ!AO$6,'[20]WorkDone DATA'!$G:$G,BOQ!$B211)*$G211","v":{"$error":"#VALUE!"}},{"$f":"SUMIFS('[20]WorkDone DATA'!$L:$L,'[20]WorkDone DATA'!$N:$N,BOQ!AP$6,'[20]WorkDone DATA'!$G:$G,BOQ!$B211)*$G211","v":{"$error":"#VALUE!"}},{"$f":"SUMIFS('[20]WorkDone DATA'!$L:$L,'[20]WorkDone DATA'!$N:$N,BOQ!AQ$6,'[20]WorkDone DATA'!$G:$G,BOQ!$B211)*$G211","v":{"$error":"#VALUE!"}},{"$f":"SUMIFS('[20]WorkDone DATA'!$L:$L,'[20]WorkDone DATA'!$N:$N,BOQ!AR$6,'[20]WorkDone DATA'!$G:$G,BOQ!$B211)*$G211","v":{"$error":"#VALUE!"}},{"$f":"SUMIFS('[20]WorkDone DATA'!$L:$L,'[20]WorkDone DATA'!$N:$N,BOQ!AS$6,'[20]WorkDone DATA'!$G:$G,BOQ!$B211)*$G211","v":{"$error":"#VALUE!"}},{"$f":"SUMIFS('[20]WorkDone DATA'!$L:$L,'[20]WorkDone DATA'!$N:$N,BOQ!AT$6,'[20]WorkDone DATA'!$G:$G,BOQ!$B211)*$G211","v":{"$error":"#VALUE!"}},{"$f":"SUMIFS('[20]WorkDone DATA'!$L:$L,'[20]WorkDone DATA'!$N:$N,BOQ!AU$6,'[20]WorkDone DATA'!$G:$G,BOQ!$B211)*$G211","v":{"$error":"#VALUE!"}},{"$f":"SUMIFS('[20]WorkDone DATA'!$L:$L,'[20]WorkDone DATA'!$N:$N,BOQ!AV$6,'[20]WorkDone DATA'!$G:$G,BOQ!$B211)*$G211","v":{"$error":"#VALUE!"}},{"$f":"SUMIFS('[20]WorkDone DATA'!$L:$L,'[20]WorkDone DATA'!$N:$N,BOQ!AW$6,'[20]WorkDone DATA'!$G:$G,BOQ!$B211)*$G211","v":{"$error":"#VALUE!"}},{"$f":"SUMIFS('[20]WorkDone DATA'!$L:$L,'[20]WorkDone DATA'!$N:$N,BOQ!AX$6,'[20]WorkDone DATA'!$G:$G,BOQ!$B211)*$G211","v":{"$error":"#VALUE!"}},{"$f":"SUMIFS('[20]WorkDone DATA'!$L:$L,'[20]WorkDone DATA'!$N:$N,BOQ!AY$6,'[20]WorkDone DATA'!$G:$G,BOQ!$B211)*$G211","v":{"$error":"#VALUE!"}},{"$f":"SUMIFS('[20]WorkDone DATA'!$L:$L,'[20]WorkDone DATA'!$N:$N,BOQ!AZ$6,'[20]WorkDone DATA'!$G:$G,BOQ!$B211)*$G211","v":{"$error":"#VALUE!"}},{"$f":"SUMIFS('[20]WorkDone DATA'!$L:$L,'[20]WorkDone DATA'!$N:$N,BOQ!BA$6,'[20]WorkDone DATA'!$G:$G,BOQ!$B211)*$G211","v":{"$error":"#VALUE!"}},{"$f":"SUMIFS('[20]WorkDone DATA'!$L:$L,'[20]WorkDone DATA'!$N:$N,BOQ!BB$6,'[20]WorkDone DATA'!$G:$G,BOQ!$B211)*$G211","v":{"$error":"#VALUE!"}},{"$f":"SUMIFS('[20]WorkDone DATA'!$L:$L,'[20]WorkDone DATA'!$N:$N,BOQ!BC$6,'[20]WorkDone DATA'!$G:$G,BOQ!$B211)*$G211","v":{"$error":"#VALUE!"}},{"$f":"SUMIFS('[20]WorkDone DATA'!$L:$L,'[20]WorkDone DATA'!$N:$N,BOQ!BD$6,'[20]WorkDone DATA'!$G:$G,BOQ!$B211)*$G211","v":{"$error":"#VALUE!"}},{"$f":"SUMIFS('[20]WorkDone DATA'!$L:$L,'[20]WorkDone DATA'!$N:$N,BOQ!BE$6,'[20]WorkDone DATA'!$G:$G,BOQ!$B211)*$G211","v":{"$error":"#VALUE!"}},{"$f":"SUMIFS('[20]WorkDone DATA'!$L:$L,'[20]WorkDone DATA'!$N:$N,BOQ!BF$6,'[20]WorkDone DATA'!$G:$G,BOQ!$B211)*$G211","v":{"$error":"#VALUE!"}},{"$f":"SUMIFS('[20]WorkDone DATA'!$L:$L,'[20]WorkDone DATA'!$N:$N,BOQ!BG$6,'[20]WorkDone DATA'!$G:$G,BOQ!$B211)*$G211","v":{"$error":"#VALUE!"}},{"$f":"SUMIFS('[20]WorkDone DATA'!$L:$L,'[20]WorkDone DATA'!$N:$N,BOQ!BH$6,'[20]WorkDone DATA'!$G:$G,BOQ!$B211)*$G211","v":{"$error":"#VALUE!"}},{"$f":"SUMIFS('[20]WorkDone DATA'!$L:$L,'[20]WorkDone DATA'!$N:$N,BOQ!BI$6,'[20]WorkDone DATA'!$G:$G,BOQ!$B211)*$G211","v":{"$error":"#VALUE!"}},{"$f":"SUMIFS('[20]WorkDone DATA'!$L:$L,'[20]WorkDone DATA'!$N:$N,BOQ!BJ$6,'[20]WorkDone DATA'!$G:$G,BOQ!$B211)*$G211","v":{"$error":"#VALUE!"}},{"$f":"SUMIFS('[20]WorkDone DATA'!$L:$L,'[20]WorkDone DATA'!$N:$N,BOQ!BK$6,'[20]WorkDone DATA'!$G:$G,BOQ!$B211)*$G211","v":{"$error":"#VALUE!"}},{"$f":"SUMIFS('[20]WorkDone DATA'!$L:$L,'[20]WorkDone DATA'!$N:$N,BOQ!BL$6,'[20]WorkDone DATA'!$G:$G,BOQ!$B211)*$G211","v":{"$error":"#VALUE!"}},{"$f":"SUMIFS('[20]WorkDone DATA'!$L:$L,'[20]WorkDone DATA'!$N:$N,BOQ!BM$6,'[20]WorkDone DATA'!$G:$G,BOQ!$B211)*$G211","v":{"$error":"#VALUE!"}},{"$f":"SUMIFS('[20]WorkDone DATA'!$L:$L,'[20]WorkDone DATA'!$N:$N,BOQ!BN$6,'[20]WorkDone DATA'!$G:$G,BOQ!$B211)*$G211","v":{"$error":"#VALUE!"}},{"$f":"SUMIFS('[20]WorkDone DATA'!$L:$L,'[20]WorkDone DATA'!$N:$N,BOQ!BO$6,'[20]WorkDone DATA'!$G:$G,BOQ!$B211)*$G211","v":{"$error":"#VALUE!"}},{"$f":"SUMIFS('[20]WorkDone DATA'!$L:$L,'[20]WorkDone DATA'!$N:$N,BOQ!BP$6,'[20]WorkDone DATA'!$G:$G,BOQ!$B211)*$G211","v":{"$error":"#VALUE!"}},{"$f":"SUMIFS('[20]WorkDone DATA'!$L:$L,'[20]WorkDone DATA'!$N:$N,BOQ!BQ$6,'[20]WorkDone DATA'!$G:$G,BOQ!$B211)*$G211","v":{"$error":"#VALUE!"}},{"$f":"SUMIFS('[20]WorkDone DATA'!$L:$L,'[20]WorkDone DATA'!$N:$N,BOQ!BR$6,'[20]WorkDone DATA'!$G:$G,BOQ!$B211)*$G211","v":{"$error":"#VALUE!"}},{"$f":"SUMIFS('[20]WorkDone DATA'!$L:$L,'[20]WorkDone DATA'!$N:$N,BOQ!BS$6,'[20]WorkDone DATA'!$G:$G,BOQ!$B211)*$G211","v":{"$error":"#VALUE!"}},{"$f":"SUMIFS('[20]WorkDone DATA'!$L:$L,'[20]WorkDone DATA'!$N:$N,BOQ!BT$6,'[20]WorkDone DATA'!$G:$G,BOQ!$B211)*$G211","v":{"$error":"#VALUE!"}},{"$f":"SUMIFS('[20]WorkDone DATA'!$L:$L,'[20]WorkDone DATA'!$N:$N,BOQ!BU$6,'[20]WorkDone DATA'!$G:$G,BOQ!$B211)*$G211","v":{"$error":"#VALUE!"}},{"$f":"SUMIFS('[20]WorkDone DATA'!$L:$L,'[20]WorkDone DATA'!$N:$N,BOQ!BV$6,'[20]WorkDone DATA'!$G:$G,BOQ!$B211)*$G211","v":{"$error":"#VALUE!"}},{"$f":"SUMIFS('[20]WorkDone DATA'!$L:$L,'[20]WorkDone DATA'!$N:$N,BOQ!BW$6,'[20]WorkDone DATA'!$G:$G,BOQ!$B211)*$G211","v":{"$error":"#VALUE!"}},{"$f":"SUMIFS('[20]WorkDone DATA'!$L:$L,'[20]WorkDone DATA'!$N:$N,BOQ!BX$6,'[20]WorkDone DATA'!$G:$G,BOQ!$B211)*$G211","v":{"$error":"#VALUE!"}}]
[null,null,"Disconnect and drop cables",{"$nulls":4},0,{"$nulls":3},{"$error":"#VALUE!"},{"$error":"#VALUE!"},null,0,{"$error":"#VALUE!"},null,{"$f":"SUMIFS('[20]WorkDone DATA'!$L:$L,'[20]WorkDone DATA'!$N:$N,BOQ!S$6,'[20]WorkDone DATA'!$G:$G,BOQ!$B212)","v":{"$error":"#VALUE!"}},{"$error":"#VALUE!"},{"$f":"SUMIFS('[20]WorkDone DATA'!$L:$L,'[20]WorkDone DATA'!$N:$N,BOQ!U$6,'[20]WorkDone DATA'!$G:$G,BOQ!$B212)","v":{"$error":"#VALUE!"}},{"$error":"#VALUE!"},null,{"$f":"SUMIFS('[20]WorkDone DATA'!$L:$L,'[20]WorkDone DATA'!$N:$N,BOQ!W$6,'[20]WorkDone DATA'!$G:$G,BOQ!$B212)*$G212","v":{"$error":"#VALUE!"}},null,{"$f":"SUMIFS('[20]WorkDone DATA'!$L:$L,'[20]WorkDone DATA'!$N:$N,BOQ!Y$6,'[20]WorkDone DATA'!$G:$G,BOQ!$B212)*$G212","v":{"$error":"#VALUE!"}},null,{"$f":"SUMIFS('[20]WorkDone DATA'!$L:$L,'[20]WorkDone DATA'!$N:$N,BOQ!AA$6,'[20]WorkDone DATA'!$G:$G,BOQ!$B212)*$G212","v":{"$error":"#VALUE!"}},{"$f":"SUMIFS('[20]WorkDone DATA'!$L:$L,'[20]WorkDone DATA'!$N:$N,BOQ!AB$6,'[20]WorkDone DATA'!$G:$G,BOQ!$B212)*$G212","v":{"$error":"#VALUE!"}},{"$f":"SUMIFS('[20]WorkDone DATA'!$L:$L,'[20]WorkDone DATA'!$N:$N,BOQ!AC$6,'[20]WorkDone DATA'!$G:$G,BOQ!$B212)*$G212","v":{"$error":"#VALUE!"}},{"$f":"SUMIFS('[20]WorkDone DATA'!$L:$L,'[20]WorkDone DATA'!$N:$N,BOQ!AD$6,'[20]WorkDone DATA'!$G:$G,BOQ!$B212)*$G212","v":{"$error":"#VALUE!"}},{"$f":"SUMIFS('[20]WorkDone DATA'!$L:$L,'[20]WorkDone DATA'!$N:$N,BOQ!AE$6,'[20]WorkDone DATA'!$G:$G,BOQ!$B212)*$G212","v":{"$error":"#VALUE!"}},{"$f":"SUMIFS('[20]WorkDone DATA'!$L:$L,'[20]WorkDone DATA'!$N:$N,BOQ!AF$6,'[20]WorkDone DATA'!$G:$G,BOQ!$B212)*$G212","v":{"$error":"#VALUE!"}},{"$f":"SUMIFS('[20]WorkDone DATA'!$L:$L,'[20]WorkDone DATA'!$N:$N,BOQ!AG$6,'[20]WorkDone DATA'!$G:$G,BOQ!$B212)*$G212","v":{"$error":"#VALUE!"}},{"$f":"SUMIFS('[20]WorkDone DATA'!$L:$L,'[20]WorkDone DATA'!$N:$N,BOQ!AH$6,'[20]WorkDone DATA'!$G:$G,BOQ!$B212)*$G212","v":{"$error":"#VALUE!"}},{"$f":"SUMIFS('[20]WorkDone DATA'!$L:$L,'[20]WorkDone DATA'!$N:$N,BOQ!AI$6,'[20]WorkDone DATA'!$G:$G,BOQ!$B212)*$G212","v":{"$error":"#VALUE!"}},{"$f":"SUMIFS('[20]WorkDone DATA'!$L:$L,'[20]WorkDone DATA'!$N:$N,BOQ!AJ$6,'[20]WorkDone DATA'!$G:$G,BOQ!$B212)*$G212","v":{"$error":"#VALUE!"}},{"$f":"SUMIFS('[20]WorkDone DATA'!$L:$L,'[20]WorkDone DATA'!$N:$N,BOQ!AK$6,'[20]WorkDone DATA'!$G:$G,BOQ!$B212)*$G212","v":{"$error":"#VALUE!"}},{"$f":"SUMIFS('[20]WorkDone DATA'!$L:$L,'[20]WorkDone DATA'!$N:$N,BOQ!AL$6,'[20]WorkDone DATA'!$G:$G,BOQ!$B212)*$G212","v":{"$error":"#VALUE!"}},{"$f":"SUMIFS('[20]WorkDone DATA'!$L:$L,'[20]WorkDone DATA'!$N:$N,BOQ!AM$6,'[20]WorkDone DATA'!$G:$G,BOQ!$B212)*$G212","v":{"$error":"#VALUE!"}},{"$f":"SUMIFS('[20]WorkDone DATA'!$L:$L,'[20]WorkDone DATA'!$N:$N,BOQ!AN$6,'[20]WorkDone DATA'!$G:$G,BOQ!$B212)*$G212","v":{"$error":"#VALUE!"}},{"$f":"SUMIFS('[20]WorkDone DATA'!$L:$L,'[20]WorkDone DATA'!$N:$N,BOQ!AO$6,'[20]WorkDone DATA'!$G:$G,BOQ!$B212)*$G212","v":{"$error":"#VALUE!"}},{"$f":"SUMIFS('[20]WorkDone DATA'!$L:$L,'[20]WorkDone DATA'!$N:$N,BOQ!AP$6,'[20]WorkDone DATA'!$G:$G,BOQ!$B212)*$G212","v":{"$error":"#VALUE!"}},{"$f":"SUMIFS('[20]WorkDone DATA'!$L:$L,'[20]WorkDone DATA'!$N:$N,BOQ!AQ$6,'[20]WorkDone DATA'!$G:$G,BOQ!$B212)*$G212","v":{"$error":"#VALUE!"}},{"$f":"SUMIFS('[20]WorkDone DATA'!$L:$L,'[20]WorkDone DATA'!$N:$N,BOQ!AR$6,'[20]WorkDone DATA'!$G:$G,BOQ!$B212)*$G212","v":{"$error":"#VALUE!"}},{"$f":"SUMIFS('[20]WorkDone DATA'!$L:$L,'[20]WorkDone DATA'!$N:$N,BOQ!AS$6,'[20]WorkDone DATA'!$G:$G,BOQ!$B212)*$G212","v":{"$error":"#VALUE!"}},{"$f":"SUMIFS('[20]WorkDone DATA'!$L:$L,'[20]WorkDone DATA'!$N:$N,BOQ!AT$6,'[20]WorkDone DATA'!$G:$G,BOQ!$B212)*$G212","v":{"$error":"#VALUE!"}},{"$f":"SUMIFS('[20]WorkDone DATA'!$L:$L,'[20]WorkDone DATA'!$N:$N,BOQ!AU$6,'[20]WorkDone DATA'!$G:$G,BOQ!$B212)*$G212","v":{"$error":"#VALUE!"}},{"$f":"SUMIFS('[20]WorkDone DATA'!$L:$L,'[20]WorkDone DATA'!$N:$N,BOQ!AV$6,'[20]WorkDone DATA'!$G:$G,BOQ!$B212)*$G212","v":{"$error":"#VALUE!"}},{"$f":"SUMIFS('[20]WorkDone DATA'!$L:$L,'[20]WorkDone DATA'!$N:$N,BOQ!AW$6,'[20]WorkDone DATA'!$G:$G,BOQ!$B212)*$G212","v":{"$error":"#VALUE!"}},{"$f":"SUMIFS('[20]WorkDone DATA'!$L:$L,'[20]WorkDone DATA'!$N:$N,BOQ!AX$6,'[20]WorkDone DATA'!$G:$G,BOQ!$B212)*$G212","v":{"$error":"#VALUE!"}},{"$f":"SUMIFS('[20]WorkDone DATA'!$L:$L,'[20]WorkDone DATA'!$N:$N,BOQ!AY$6,'[20]WorkDone DATA'!$G:$G,BOQ!$B212)*$G212","v":{"$error":"#VALUE!"}},{"$f":"SUMIFS('[20]WorkDone DATA'!$L:$L,'[20]WorkDone DATA'!$N:$N,BOQ!AZ$6,'[20]WorkDone DATA'!$G:$G,BOQ!$B212)*$G212","v":{"$error":"#VALUE!"}},{"$f":"SUMIFS('[20]WorkDone DATA'!$L:$L,'[20]WorkDone DATA'!$N:$N,BOQ!BA$6,'[20]WorkDone DATA'!$G:$G,BOQ!$B212)*$G212","v":{"$error":"#VALUE!"}},{"$f":"SUMIFS('[20]WorkDone DATA'!$L:$L,'[20]WorkDone DATA'!$N:$N,BOQ!BB$6,'[20]WorkDone DATA'!$G:$G,BOQ!$B212)*$G212","v":{"$error":"#VALUE!"}},{"$f":"SUMIFS('[20]WorkDone DATA'!$L:$L,'[20]WorkDone DATA'!$N:$N,BOQ!BC$6,'[20]WorkDone DATA'!$G:$G,BOQ!$B212)*$G212","v":{"$error":"#VALUE!"}},{"$f":"SUMIFS('[20]WorkDone DATA'!$L:$L,'[20]WorkDone DATA'!$N:$N,BOQ!BD$6,'[20]WorkDone DATA'!$G:$G,BOQ!$B212)*$G212","v":{"$error":"#VALUE!"}},{"$f":"SUMIFS('[20]WorkDone DATA'!$L:$L,'[20]WorkDone DATA'!$N:$N,BOQ!BE$6,'[20]WorkDone DATA'!$G:$G,BOQ!$B212)*$G212","v":{"$error":"#VALUE!"}},{"$f":"SUMIFS('[20]WorkDone DATA'!$L:$L,'[20]WorkDone DATA'!$N:$N,BOQ!BF$6,'[20]WorkDone DATA'!$G:$G,BOQ!$B212)*$G212","v":{"$error":"#VALUE!"}},{"$f":"SUMIFS('[20]WorkDone DATA'!$L:$L,'[20]WorkDone DATA'!$N:$N,BOQ!BG$6,'[20]WorkDone DATA'!$G:$G,BOQ!$B212)*$G212","v":{"$error":"#VALUE!"}},{"$f":"SUMIFS('[20]WorkDone DATA'!$L:$L,'[20]WorkDone DATA'!$N:$N,BOQ!BH$6,'[20]WorkDone DATA'!$G:$G,BOQ!$B212)*$G212","v":{"$error":"#VALUE!"}},{"$f":"SUMIFS('[20]WorkDone DATA'!$L:$L,'[20]WorkDone DATA'!$N:$N,BOQ!BI$6,'[20]WorkDone DATA'!$G:$G,BOQ!$B212)*$G212","v":{"$error":"#VALUE!"}},{"$f":"SUMIFS('[20]WorkDone DATA'!$L:$L,'[20]WorkDone DATA'!$N:$N,BOQ!BJ$6,'[20]WorkDone DATA'!$G:$G,BOQ!$B212)*$G212","v":{"$error":"#VALUE!"}},{"$f":"SUMIFS('[20]WorkDone DATA'!$L:$L,'[20]WorkDone DATA'!$N:$N,BOQ!BK$6,'[20]WorkDone DATA'!$G:$G,BOQ!$B212)*$G212","v":{"$error":"#VALUE!"}},{"$f":"SUMIFS('[20]WorkDone DATA'!$L:$L,'[20]WorkDone DATA'!$N:$N,BOQ!BL$6,'[20]WorkDone DATA'!$G:$G,BOQ!$B212)*$G212","v":{"$error":"#VALUE!"}},{"$f":"SUMIFS('[20]WorkDone DATA'!$L:$L,'[20]WorkDone DATA'!$N:$N,BOQ!BM$6,'[20]WorkDone DATA'!$G:$G,BOQ!$B212)*$G212","v":{"$error":"#VALUE!"}},{"$f":"SUMIFS('[20]WorkDone DATA'!$L:$L,'[20]WorkDone DATA'!$N:$N,BOQ!BN$6,'[20]WorkDone DATA'!$G:$G,BOQ!$B212)*$G212","v":{"$error":"#VALUE!"}},{"$f":"SUMIFS('[20]WorkDone DATA'!$L:$L,'[20]WorkDone DATA'!$N:$N,BOQ!BO$6,'[20]WorkDone DATA'!$G:$G,BOQ!$B212)*$G212","v":{"$error":"#VALUE!"}},{"$f":"SUMIFS('[20]WorkDone DATA'!$L:$L,'[20]WorkDone DATA'!$N:$N,BOQ!BP$6,'[20]WorkDone DATA'!$G:$G,BOQ!$B212)*$G212","v":{"$error":"#VALUE!"}},{"$f":"SUMIFS('[20]WorkDone DATA'!$L:$L,'[20]WorkDone DATA'!$N:$N,BOQ!BQ$6,'[20]WorkDone DATA'!$G:$G,BOQ!$B212)*$G212","v":{"$error":"#VALUE!"}},{"$f":"SUMIFS('[20]WorkDone DATA'!$L:$L,'[20]WorkDone DATA'!$N:$N,BOQ!BR$6,'[20]WorkDone DATA'!$G:$G,BOQ!$B212)*$G212","v":{"$error":"#VALUE!"}},{"$f":"SUMIFS('[20]WorkDone DATA'!$L:$L,'[20]WorkDone DATA'!$N:$N,BOQ!BS$6,'[20]WorkDone DATA'!$G:$G,BOQ!$B212)*$G212","v":{"$error":"#VALUE!"}},{"$f":"SUMIFS('[20]WorkDone DATA'!$L:$L,'[20]WorkDone DATA'!$N:$N,BOQ!BT$6,'[20]WorkDone DATA'!$G:$G,BOQ!$B212)*$G212","v":{"$error":"#VALUE!"}},{"$f":"SUMIFS('[20]WorkDone DATA'!$L:$L,'[20]WorkDone DATA'!$N:$N,BOQ!BU$6,'[20]WorkDone DATA'!$G:$G,BOQ!$B212)*$G212","v":{"$error":"#VALUE!"}},{"$f":"SUMIFS('[20]WorkDone DATA'!$L:$L,'[20]WorkDone DATA'!$N:$N,BOQ!BV$6,'[20]WorkDone DATA'!$G:$G,BOQ!$B212)*$G212","v":{"$error":"#VALUE!"}},{"$f":"SUMIFS('[20]WorkDone DATA'!$L:$L,'[20]WorkDone DATA'!$N:$N,BOQ!BW$6,'[20]WorkDone DATA'!$G:$G,BOQ!$B212)*$G212","v":{"$error":"#VALUE!"}},{"$f":"SUMIFS('[20]WorkDone DATA'!$L:$L,'[20]WorkDone DATA'!$N:$N,BOQ!BX$6,'[20]WorkDone DATA'!$G:$G,BOQ!$B212)*$G212","v":{"$error":"#VALUE!"}}]
[null,null,"MV Cables",{"$nulls":4},0,{"$nulls":3},{"$error":"#VALUE!"},{"$error":"#VALUE!"},null,0,{"$error":"#VALUE!"},null,{"$f":"SUMIFS('[20]WorkDone DATA'!$L:$L,'[20]WorkDone DATA'!$N:$N,BOQ!S$6,'[20]WorkDone DATA'!$G:$G,BOQ!$B213)","v":{"$error":"#VALUE!"}},{"$error":"#VALUE!"},{"$f":"SUMIFS('[20]WorkDone DATA'!$L:$L,'[20]WorkDone DATA'!$N:$N,BOQ!U$6,'[20]WorkDone DATA'!$G:$G,BOQ!$B213)","v":{"$error":"#VALUE!"}},{"$error":"#VALUE!"},null,{"$f":"SUMIFS('[20]WorkDone DATA'!$L:$L,'[20]WorkDone DATA'!$N:$N,BOQ!W$6,'[20]WorkDone DATA'!$G:$G,BOQ!$B213)*$G213","v":{"$error":"#VALUE!"}},null,{"$f":"SUMIFS('[20]WorkDone DATA'!$L:$L,'[20]WorkDone DATA'!$N:$N,BOQ!Y$6,'[20]WorkDone DATA'!$G:$G,BOQ!$B213)*$G213","v":{"$error":"#VALUE!"}},null,{"$f":"SUMIFS('[20]WorkDone DATA'!$L:$L,'[20]WorkDone DATA'!$N:$N,BOQ!AA$6,'[20]WorkDone DATA'!$G:$G,BOQ!$B213)*$G213","v":{"$error":"#VALUE!"}},{"$f":"SUMIFS('[20]WorkDone DATA'!$L:$L,'[20]WorkDone DATA'!$N:$N,BOQ!AB$6,'[20]WorkDone DATA'!$G:$G,BOQ!$B213)*$G213","v":{"$error":"#VALUE!"}},{"$f":"SUMIFS('[20]WorkDone DATA'!$L:$L,'[20]WorkDone DATA'!$N:$N,BOQ!AC$6,'[20]WorkDone DATA'!$G:$G,BOQ!$B213)*$G213","v":{"$error":"#VALUE!"}},{"$f":"SUMIFS('[20]WorkDone DATA'!$L:$L,'[20]WorkDone DATA'!$N:$N,BOQ!AD$6,'[20]WorkDone DATA'!$G:$G,BOQ!$B213)*$G213","v":{"$error":"#VALUE!"}},{"$f":"SUMIFS('[20]WorkDone DATA'!$L:$L,'[20]WorkDone DATA'!$N:$N,BOQ!AE$6,'[20]WorkDone DATA'!$G:$G,BOQ!$B213)*$G213","v":{"$error":"#VALUE!"}},{"$f":"SUMIFS('[20]WorkDone DATA'!$L:$L,'[20]WorkDone DATA'!$N:$N,BOQ!AF$6,'[20]WorkDone DATA'!$G:$G,BOQ!$B213)*$G213","v":{"$error":"#VALUE!"}},{"$f":"SUMIFS('[20]WorkDone DATA'!$L:$L,'[20]WorkDone DATA'!$N:$N,BOQ!AG$6,'[20]WorkDone DATA'!$G:$G,BOQ!$B213)*$G213","v":{"$error":"#VALUE!"}},{"$f":"SUMIFS('[20]WorkDone DATA'!$L:$L,'[20]WorkDone DATA'!$N:$N,BOQ!AH$6,'[20]WorkDone DATA'!$G:$G,BOQ!$B213)*$G213","v":{"$error":"#VALUE!"}},{"$f":"SUMIFS('[20]WorkDone DATA'!$L:$L,'[20]WorkDone DATA'!$N:$N,BOQ!AI$6,'[20]WorkDone DATA'!$G:$G,BOQ!$B213)*$G213","v":{"$error":"#VALUE!"}},{"$f":"SUMIFS('[20]WorkDone DATA'!$L:$L,'[20]WorkDone DATA'!$N:$N,BOQ!AJ$6,'[20]WorkDone DATA'!$G:$G,BOQ!$B213)*$G213","v":{"$error":"#VALUE!"}},{"$f":"SUMIFS('[20]WorkDone DATA'!$L:$L,'[20]WorkDone DATA'!$N:$N,BOQ!AK$6,'[20]WorkDone DATA'!$G:$G,BOQ!$B213)*$G213","v":{"$error":"#VALUE!"}},{"$f":"SUMIFS('[20]WorkDone DATA'!$L:$L,'[20]WorkDone DATA'!$N:$N,BOQ!AL$6,'[20]WorkDone DATA'!$G:$G,BOQ!$B213)*$G213","v":{"$error":"#VALUE!"}},{"$f":"SUMIFS('[20]WorkDone DATA'!$L:$L,'[20]WorkDone DATA'!$N:$N,BOQ!AM$6,'[20]WorkDone DATA'!$G:$G,BOQ!$B213)*$G213","v":{"$error":"#VALUE!"}},{"$f":"SUMIFS('[20]WorkDone DATA'!$L:$L,'[20]WorkDone DATA'!$N:$N,BOQ!AN$6,'[20]WorkDone DATA'!$G:$G,BOQ!$B213)*$G213","v":{"$error":"#VALUE!"}},{"$f":"SUMIFS('[20]WorkDone DATA'!$L:$L,'[20]WorkDone DATA'!$N:$N,BOQ!AO$6,'[20]WorkDone DATA'!$G:$G,BOQ!$B213)*$G213","v":{"$error":"#VALUE!"}},{"$f":"SUMIFS('[20]WorkDone DATA'!$L:$L,'[20]WorkDone DATA'!$N:$N,BOQ!AP$6,'[20]WorkDone DATA'!$G:$G,BOQ!$B213)*$G213","v":{"$error":"#VALUE!"}},{"$f":"SUMIFS('[20]WorkDone DATA'!$L:$L,'[20]WorkDone DATA'!$N:$N,BOQ!AQ$6,'[20]WorkDone DATA'!$G:$G,BOQ!$B213)*$G213","v":{"$error":"#VALUE!"}},{"$f":"SUMIFS('[20]WorkDone DATA'!$L:$L,'[20]WorkDone DATA'!$N:$N,BOQ!AR$6,'[20]WorkDone DATA'!$G:$G,BOQ!$B213)*$G213","v":{"$error":"#VALUE!"}},{"$f":"SUMIFS('[20]WorkDone DATA'!$L:$L,'[20]WorkDone DATA'!$N:$N,BOQ!AS$6,'[20]WorkDone DATA'!$G:$G,BOQ!$B213)*$G213","v":{"$error":"#VALUE!"}},{"$f":"SUMIFS('[20]WorkDone DATA'!$L:$L,'[20]WorkDone DATA'!$N:$N,BOQ!AT$6,'[20]WorkDone DATA'!$G:$G,BOQ!$B213)*$G213","v":{"$error":"#VALUE!"}},{"$f":"SUMIFS('[20]WorkDone DATA'!$L:$L,'[20]WorkDone DATA'!$N:$N,BOQ!AU$6,'[20]WorkDone DATA'!$G:$G,BOQ!$B213)*$G213","v":{"$error":"#VALUE!"}},{"$f":"SUMIFS('[20]WorkDone DATA'!$L:$L,'[20]WorkDone DATA'!$N:$N,BOQ!AV$6,'[20]WorkDone DATA'!$G:$G,BOQ!$B213)*$G213","v":{"$error":"#VALUE!"}},{"$f":"SUMIFS('[20]WorkDone DATA'!$L:$L,'[20]WorkDone DATA'!$N:$N,BOQ!AW$6,'[20]WorkDone DATA'!$G:$G,BOQ!$B213)*$G213","v":{"$error":"#VALUE!"}},{"$f":"SUMIFS('[20]WorkDone DATA'!$L:$L,'[20]WorkDone DATA'!$N:$N,BOQ!AX$6,'[20]WorkDone DATA'!$G:$G,BOQ!$B213)*$G213","v":{"$error":"#VALUE!"}},{"$f":"SUMIFS('[20]WorkDone DATA'!$L:$L,'[20]WorkDone DATA'!$N:$N,BOQ!AY$6,'[20]WorkDone DATA'!$G:$G,BOQ!$B213)*$G213","v":{"$error":"#VALUE!"}},{"$f":"SUMIFS('[20]WorkDone DATA'!$L:$L,'[20]WorkDone DATA'!$N:$N,BOQ!AZ$6,'[20]WorkDone DATA'!$G:$G,BOQ!$B213)*$G213","v":{"$error":"#VALUE!"}},{"$f":"SUMIFS('[20]WorkDone DATA'!$L:$L,'[20]WorkDone DATA'!$N:$N,BOQ!BA$6,'[20]WorkDone DATA'!$G:$G,BOQ!$B213)*$G213","v":{"$error":"#VALUE!"}},{"$f":"SUMIFS('[20]WorkDone DATA'!$L:$L,'[20]WorkDone DATA'!$N:$N,BOQ!BB$6,'[20]WorkDone DATA'!$G:$G,BOQ!$B213)*$G213","v":{"$error":"#VALUE!"}},{"$f":"SUMIFS('[20]WorkDone DATA'!$L:$L,'[20]WorkDone DATA'!$N:$N,BOQ!BC$6,'[20]WorkDone DATA'!$G:$G,BOQ!$B213)*$G213","v":{"$error":"#VALUE!"}},{"$f":"SUMIFS('[20]WorkDone DATA'!$L:$L,'[20]WorkDone DATA'!$N:$N,BOQ!BD$6,'[20]WorkDone DATA'!$G:$G,BOQ!$B213)*$G213","v":{"$error":"#VALUE!"}},{"$f":"SUMIFS('[20]WorkDone DATA'!$L:$L,'[20]WorkDone DATA'!$N:$N,BOQ!BE$6,'[20]WorkDone DATA'!$G:$G,BOQ!$B213)*$G213","v":{"$error":"#VALUE!"}},{"$f":"SUMIFS('[20]WorkDone DATA'!$L:$L,'[20]WorkDone DATA'!$N:$N,BOQ!BF$6,'[20]WorkDone DATA'!$G:$G,BOQ!$B213)*$G213","v":{"$error":"#VALUE!"}},{"$f":"SUMIFS('[20]WorkDone DATA'!$L:$L,'[20]WorkDone DATA'!$N:$N,BOQ!BG$6,'[20]WorkDone DATA'!$G:$G,BOQ!$B213)*$G213","v":{"$error":"#VALUE!"}},{"$f":"SUMIFS('[20]WorkDone DATA'!$L:$L,'[20]WorkDone DATA'!$N:$N,BOQ!BH$6,'[20]WorkDone DATA'!$G:$G,BOQ!$B213)*$G213","v":{"$error":"#VALUE!"}},{"$f":"SUMIFS('[20]WorkDone DATA'!$L:$L,'[20]WorkDone DATA'!$N:$N,BOQ!BI$6,'[20]WorkDone DATA'!$G:$G,BOQ!$B213)*$G213","v":{"$error":"#VALUE!"}},{"$f":"SUMIFS('[20]WorkDone DATA'!$L:$L,'[20]WorkDone DATA'!$N:$N,BOQ!BJ$6,'[20]WorkDone DATA'!$G:$G,BOQ!$B213)*$G213","v":{"$error":"#VALUE!"}},{"$f":"SUMIFS('[20]WorkDone DATA'!$L:$L,'[20]WorkDone DATA'!$N:$N,BOQ!BK$6,'[20]WorkDone DATA'!$G:$G,BOQ!$B213)*$G213","v":{"$error":"#VALUE!"}},{"$f":"SUMIFS('[20]WorkDone DATA'!$L:$L,'[20]WorkDone DATA'!$N:$N,BOQ!BL$6,'[20]WorkDone DATA'!$G:$G,BOQ!$B213)*$G213","v":{"$error":"#VALUE!"}},{"$f":"SUMIFS('[20]WorkDone DATA'!$L:$L,'[20]WorkDone DATA'!$N:$N,BOQ!BM$6,'[20]WorkDone DATA'!$G:$G,BOQ!$B213)*$G213","v":{"$error":"#VALUE!"}},{"$f":"SUMIFS('[20]WorkDone DATA'!$L:$L,'[20]WorkDone DATA'!$N:$N,BOQ!BN$6,'[20]WorkDone DATA'!$G:$G,BOQ!$B213)*$G213","v":{"$error":"#VALUE!"}},{"$f":"SUMIFS('[20]WorkDone DATA'!$L:$L,'[20]WorkDone DATA'!$N:$N,BOQ!BO$6,'[20]WorkDone DATA'!$G:$G,BOQ!$B213)*$G213","v":{"$error":"#VALUE!"}},{"$f":"SUMIFS('[20]WorkDone DATA'!$L:$L,'[20]WorkDone DATA'!$N:$N,BOQ!BP$6,'[20]WorkDone DATA'!$G:$G,BOQ!$B213)*$G213","v":{"$error":"#VALUE!"}},{"$f":"SUMIFS('[20]WorkDone DATA'!$L:$L,'[20]WorkDone DATA'!$N:$N,BOQ!BQ$6,'[20]WorkDone DATA'!$G:$G,BOQ!$B213)*$G213","v":{"$error":"#VALUE!"}},{"$f":"SUMIFS('[20]WorkDone DATA'!$L:$L,'[20]WorkDone DATA'!$N:$N,BOQ!BR$6,'[20]WorkDone DATA'!$G:$G,BOQ!$B213)*$G213","v":{"$error":"#VALUE!"}},{"$f":"SUMIFS('[20]WorkDone DATA'!$L:$L,'[20]WorkDone DATA'!$N:$N,BOQ!BS$6,'[20]WorkDone DATA'!$G:$G,BOQ!$B213)*$G213","v":{"$error":"#VALUE!"}},{"$f":"SUMIFS('[20]WorkDone DATA'!$L:$L,'[20]WorkDone DATA'!$N:$N,BOQ!BT$6,'[20]WorkDone DATA'!$G:$G,BOQ!$B213)*$G213","v":{"$error":"#VALUE!"}},{"$f":"SUMIFS('[20]WorkDone DATA'!$L:$L,'[20]WorkDone DATA'!$N:$N,BOQ!BU$6,'[20]WorkDone DATA'!$G:$G,BOQ!$B213)*$G213","v":{"$error":"#VALUE!"}},{"$f":"SUMIFS('[20]WorkDone DATA'!$L:$L,'[20]WorkDone DATA'!$N:$N,BOQ!BV$6,'[20]WorkDone DATA'!$G:$G,BOQ!$B213)*$G213","v":{"$error":"#VALUE!"}},{"$f":"SUMIFS('[20]WorkDone DATA'!$L:$L,'[20]WorkDone DATA'!$N:$N,BOQ!BW$6,'[20]WorkDone DATA'!$G:$G,BOQ!$B213)*$G213","v":{"$error":"#VALUE!"}},{"$f":"SUMIFS('[20]WorkDone DATA'!$L:$L,'[20]WorkDone DATA'!$N:$N,BOQ!BX$6,'[20]WorkDone DATA'!$G:$G,BOQ!$B213)*$G213","v":{"$error":"#VALUE!"}}]
[null,null,"PILC 11kV",{"$nulls":4},0,{"$nulls":3},{"$error":"#VALUE!"},{"$error":"#VALUE!"},null,0,{"$error":"#VALUE!"},null,{"$f":"SUMIFS('[20]WorkDone DATA'!$L:$L,'[20]WorkDone DATA'!$N:$N,BOQ!S$6,'[20]WorkDone DATA'!$G:$G,BOQ!$B214)","v":{"$error":"#VALUE!"}},{"$error":"#VALUE!"},{"$f":"SUMIFS('[20]WorkDone DATA'!$L:$L,'[20]WorkDone DATA'!$N:$N,BOQ!U$6,'[20]WorkDone DATA'!$G:$G,BOQ!$B214)","v":{"$error":"#VALUE!"}},{"$error":"#VALUE!"},null,{"$f":"SUMIFS('[20]WorkDone DATA'!$L:$L,'[20]WorkDone DATA'!$N:$N,BOQ!W$6,'[20]WorkDone DATA'!$G:$G,BOQ!$B214)*$G214","v":{"$error":"#VALUE!"}},null,{"$f":"SUMIFS('[20]WorkDone DATA'!$L:$L,'[20]WorkDone DATA'!$N:$N,BOQ!Y$6,'[20]WorkDone DATA'!$G:$G,BOQ!$B214)*$G214","v":{"$error":"#VALUE!"}},null,{"$f":"SUMIFS('[20]WorkDone DATA'!$L:$L,'[20]WorkDone DATA'!$N:$N,BOQ!AA$6,'[20]WorkDone DATA'!$G:$G,BOQ!$B214)*$G214","v":{"$error":"#VALUE!"}},{"$f":"SUMIFS('[20]WorkDone DATA'!$L:$L,'[20]WorkDone DATA'!$N:$N,BOQ!AB$6,'[20]WorkDone DATA'!$G:$G,BOQ!$B214)*$G214","v":{"$error":"#VALUE!"}},{"$f":"SUMIFS('[20]WorkDone DATA'!$L:$L,'[20]WorkDone DATA'!$N:$N,BOQ!AC$6,'[20]WorkDone DATA'!$G:$G,BOQ!$B214)*$G214","v":{"$error":"#VALUE!"}},{"$f":"SUMIFS('[20]WorkDone DATA'!$L:$L,'[20]WorkDone DATA'!$N:$N,BOQ!AD$6,'[20]WorkDone DATA'!$G:$G,BOQ!$B214)*$G214","v":{"$error":"#VALUE!"}},{"$f":"SUMIFS('[20]WorkDone DATA'!$L:$L,'[20]WorkDone DATA'!$N:$N,BOQ!AE$6,'[20]WorkDone DATA'!$G:$G,BOQ!$B214)*$G214","v":{"$error":"#VALUE!"}},{"$f":"SUMIFS('[20]WorkDone DATA'!$L:$L,'[20]WorkDone DATA'!$N:$N,BOQ!AF$6,'[20]WorkDone DATA'!$G:$G,BOQ!$B214)*$G214","v":{"$error":"#VALUE!"}},{"$f":"SUMIFS('[20]WorkDone DATA'!$L:$L,'[20]WorkDone DATA'!$N:$N,BOQ!AG$6,'[20]WorkDone DATA'!$G:$G,BOQ!$B214)*$G214","v":{"$error":"#VALUE!"}},{"$f":"SUMIFS('[20]WorkDone DATA'!$L:$L,'[20]WorkDone DATA'!$N:$N,BOQ!AH$6,'[20]WorkDone DATA'!$G:$G,BOQ!$B214)*$G214","v":{"$error":"#VALUE!"}},{"$f":"SUMIFS('[20]WorkDone DATA'!$L:$L,'[20]WorkDone DATA'!$N:$N,BOQ!AI$6,'[20]WorkDone DATA'!$G:$G,BOQ!$B214)*$G214","v":{"$error":"#VALUE!"}},{"$f":"SUMIFS('[20]WorkDone DATA'!$L:$L,'[20]WorkDone DATA'!$N:$N,BOQ!AJ$6,'[20]WorkDone DATA'!$G:$G,BOQ!$B214)*$G214","v":{"$error":"#VALUE!"}},{"$f":"SUMIFS('[20]WorkDone DATA'!$L:$L,'[20]WorkDone DATA'!$N:$N,BOQ!AK$6,'[20]WorkDone DATA'!$G:$G,BOQ!$B214)*$G214","v":{"$error":"#VALUE!"}},{"$f":"SUMIFS('[20]WorkDone DATA'!$L:$L,'[20]WorkDone DATA'!$N:$N,BOQ!AL$6,'[20]WorkDone DATA'!$G:$G,BOQ!$B214)*$G214","v":{"$error":"#VALUE!"}},{"$f":"SUMIFS('[20]WorkDone DATA'!$L:$L,'[20]WorkDone DATA'!$N:$N,BOQ!AM$6,'[20]WorkDone DATA'!$G:$G,BOQ!$B214)*$G214","v":{"$error":"#VALUE!"}},{"$f":"SUMIFS('[20]WorkDone DATA'!$L:$L,'[20]WorkDone DATA'!$N:$N,BOQ!AN$6,'[20]WorkDone DATA'!$G:$G,BOQ!$B214)*$G214","v":{"$error":"#VALUE!"}},{"$f":"SUMIFS('[20]WorkDone DATA'!$L:$L,'[20]WorkDone DATA'!$N:$N,BOQ!AO$6,'[20]WorkDone DATA'!$G:$G,BOQ!$B214)*$G214","v":{"$error":"#VALUE!"}},{"$f":"SUMIFS('[20]WorkDone DATA'!$L:$L,'[20]WorkDone DATA'!$N:$N,BOQ!AP$6,'[20]WorkDone DATA'!$G:$G,BOQ!$B214)*$G214","v":{"$error":"#VALUE!"}},{"$f":"SUMIFS('[20]WorkDone DATA'!$L:$L,'[20]WorkDone DATA'!$N:$N,BOQ!AQ$6,'[20]WorkDone DATA'!$G:$G,BOQ!$B214)*$G214","v":{"$error":"#VALUE!"}},{"$f":"SUMIFS('[20]WorkDone DATA'!$L:$L,'[20]WorkDone DATA'!$N:$N,BOQ!AR$6,'[20]WorkDone DATA'!$G:$G,BOQ!$B214)*$G214","v":{"$error":"#VALUE!"}},{"$f":"SUMIFS('[20]WorkDone DATA'!$L:$L,'[20]WorkDone DATA'!$N:$N,BOQ!AS$6,'[20]WorkDone DATA'!$G:$G,BOQ!$B214)*$G214","v":{"$error":"#VALUE!"}},{"$f":"SUMIFS('[20]WorkDone DATA'!$L:$L,'[20]WorkDone DATA'!$N:$N,BOQ!AT$6,'[20]WorkDone DATA'!$G:$G,BOQ!$B214)*$G214","v":{"$error":"#VALUE!"}},{"$f":"SUMIFS('[20]WorkDone DATA'!$L:$L,'[20]WorkDone DATA'!$N:$N,BOQ!AU$6,'[20]WorkDone DATA'!$G:$G,BOQ!$B214)*$G214","v":{"$error":"#VALUE!"}},{"$f":"SUMIFS('[20]WorkDone DATA'!$L:$L,'[20]WorkDone DATA'!$N:$N,BOQ!AV$6,'[20]WorkDone DATA'!$G:$G,BOQ!$B214)*$G214","v":{"$error":"#VALUE!"}},{"$f":"SUMIFS('[20]WorkDone DATA'!$L:$L,'[20]WorkDone DATA'!$N:$N,BOQ!AW$6,'[20]WorkDone DATA'!$G:$G,BOQ!$B214)*$G214","v":{"$error":"#VALUE!"}},{"$f":"SUMIFS('[20]WorkDone DATA'!$L:$L,'[20]WorkDone DATA'!$N:$N,BOQ!AX$6,'[20]WorkDone DATA'!$G:$G,BOQ!$B214)*$G214","v":{"$error":"#VALUE!"}},{"$f":"SUMIFS('[20]WorkDone DATA'!$L:$L,'[20]WorkDone DATA'!$N:$N,BOQ!AY$6,'[20]WorkDone DATA'!$G:$G,BOQ!$B214)*$G214","v":{"$error":"#VALUE!"}},{"$f":"SUMIFS('[20]WorkDone DATA'!$L:$L,'[20]WorkDone DATA'!$N:$N,BOQ!AZ$6,'[20]WorkDone DATA'!$G:$G,BOQ!$B214)*$G214","v":{"$error":"#VALUE!"}},{"$f":"SUMIFS('[20]WorkDone DATA'!$L:$L,'[20]WorkDone DATA'!$N:$N,BOQ!BA$6,'[20]WorkDone DATA'!$G:$G,BOQ!$B214)*$G214","v":{"$error":"#VALUE!"}},{"$f":"SUMIFS('[20]WorkDone DATA'!$L:$L,'[20]WorkDone DATA'!$N:$N,BOQ!BB$6,'[20]WorkDone DATA'!$G:$G,BOQ!$B214)*$G214","v":{"$error":"#VALUE!"}},{"$f":"SUMIFS('[20]WorkDone DATA'!$L:$L,'[20]WorkDone DATA'!$N:$N,BOQ!BC$6,'[20]WorkDone DATA'!$G:$G,BOQ!$B214)*$G214","v":{"$error":"#VALUE!"}},{"$f":"SUMIFS('[20]WorkDone DATA'!$L:$L,'[20]WorkDone DATA'!$N:$N,BOQ!BD$6,'[20]WorkDone DATA'!$G:$G,BOQ!$B214)*$G214","v":{"$error":"#VALUE!"}},{"$f":"SUMIFS('[20]WorkDone DATA'!$L:$L,'[20]WorkDone DATA'!$N:$N,BOQ!BE$6,'[20]WorkDone DATA'!$G:$G,BOQ!$B214)*$G214","v":{"$error":"#VALUE!"}},{"$f":"SUMIFS('[20]WorkDone DATA'!$L:$L,'[20]WorkDone DATA'!$N:$N,BOQ!BF$6,'[20]WorkDone DATA'!$G:$G,BOQ!$B214)*$G214","v":{"$error":"#VALUE!"}},{"$f":"SUMIFS('[20]WorkDone DATA'!$L:$L,'[20]WorkDone DATA'!$N:$N,BOQ!BG$6,'[20]WorkDone DATA'!$G:$G,BOQ!$B214)*$G214","v":{"$error":"#VALUE!"}},{"$f":"SUMIFS('[20]WorkDone DATA'!$L:$L,'[20]WorkDone DATA'!$N:$N,BOQ!BH$6,'[20]WorkDone DATA'!$G:$G,BOQ!$B214)*$G214","v":{"$error":"#VALUE!"}},{"$f":"SUMIFS('[20]WorkDone DATA'!$L:$L,'[20]WorkDone DATA'!$N:$N,BOQ!BI$6,'[20]WorkDone DATA'!$G:$G,BOQ!$B214)*$G214","v":{"$error":"#VALUE!"}},{"$f":"SUMIFS('[20]WorkDone DATA'!$L:$L,'[20]WorkDone DATA'!$N:$N,BOQ!BJ$6,'[20]WorkDone DATA'!$G:$G,BOQ!$B214)*$G214","v":{"$error":"#VALUE!"}},{"$f":"SUMIFS('[20]WorkDone DATA'!$L:$L,'[20]WorkDone DATA'!$N:$N,BOQ!BK$6,'[20]WorkDone DATA'!$G:$G,BOQ!$B214)*$G214","v":{"$error":"#VALUE!"}},{"$f":"SUMIFS('[20]WorkDone DATA'!$L:$L,'[20]WorkDone DATA'!$N:$N,BOQ!BL$6,'[20]WorkDone DATA'!$G:$G,BOQ!$B214)*$G214","v":{"$error":"#VALUE!"}},{"$f":"SUMIFS('[20]WorkDone DATA'!$L:$L,'[20]WorkDone DATA'!$N:$N,BOQ!BM$6,'[20]WorkDone DATA'!$G:$G,BOQ!$B214)*$G214","v":{"$error":"#VALUE!"}},{"$f":"SUMIFS('[20]WorkDone DATA'!$L:$L,'[20]WorkDone DATA'!$N:$N,BOQ!BN$6,'[20]WorkDone DATA'!$G:$G,BOQ!$B214)*$G214","v":{"$error":"#VALUE!"}},{"$f":"SUMIFS('[20]WorkDone DATA'!$L:$L,'[20]WorkDone DATA'!$N:$N,BOQ!BO$6,'[20]WorkDone DATA'!$G:$G,BOQ!$B214)*$G214","v":{"$error":"#VALUE!"}},{"$f":"SUMIFS('[20]WorkDone DATA'!$L:$L,'[20]WorkDone DATA'!$N:$N,BOQ!BP$6,'[20]WorkDone DATA'!$G:$G,BOQ!$B214)*$G214","v":{"$error":"#VALUE!"}},{"$f":"SUMIFS('[20]WorkDone DATA'!$L:$L,'[20]WorkDone DATA'!$N:$N,BOQ!BQ$6,'[20]WorkDone DATA'!$G:$G,BOQ!$B214)*$G214","v":{"$error":"#VALUE!"}},{"$f":"SUMIFS('[20]WorkDone DATA'!$L:$L,'[20]WorkDone DATA'!$N:$N,BOQ!BR$6,'[20]WorkDone DATA'!$G:$G,BOQ!$B214)*$G214","v":{"$error":"#VALUE!"}},{"$f":"SUMIFS('[20]WorkDone DATA'!$L:$L,'[20]WorkDone DATA'!$N:$N,BOQ!BS$6,'[20]WorkDone DATA'!$G:$G,BOQ!$B214)*$G214","v":{"$error":"#VALUE!"}},{"$f":"SUMIFS('[20]WorkDone DATA'!$L:$L,'[20]WorkDone DATA'!$N:$N,BOQ!BT$6,'[20]WorkDone DATA'!$G:$G,BOQ!$B214)*$G214","v":{"$error":"#VALUE!"}},{"$f":"SUMIFS('[20]WorkDone DATA'!$L:$L,'[20]WorkDone DATA'!$N:$N,BOQ!BU$6,'[20]WorkDone DATA'!$G:$G,BOQ!$B214)*$G214","v":{"$error":"#VALUE!"}},{"$f":"SUMIFS('[20]WorkDone DATA'!$L:$L,'[20]WorkDone DATA'!$N:$N,BOQ!BV$6,'[20]WorkDone DATA'!$G:$G,BOQ!$B214)*$G214","v":{"$error":"#VALUE!"}},{"$f":"SUMIFS('[20]WorkDone DATA'!$L:$L,'[20]WorkDone DATA'!$N:$N,BOQ!BW$6,'[20]WorkDone DATA'!$G:$G,BOQ!$B214)*$G214","v":{"$error":"#VALUE!"}},{"$f":"SUMIFS('[20]WorkDone DATA'!$L:$L,'[20]WorkDone DATA'!$N:$N,BOQ!BX$6,'[20]WorkDone DATA'!$G:$G,BOQ!$B214)*$G214","v":{"$error":"#VALUE!"}}]
[{"$f":"C215","v":"500mm2 x 1 core (ESL01WCV) 6.35kV/11kV "},2.107,"500mm2 x 1 core (ESL01WCV) 6.35kV/11kV ","A","each",198,182.03,{"v":36041.94,"d":"36,041.94"},null,null,{"$error":"#VALUE!"},{"$error":"#VALUE!"},{"$error":"#VALUE!"},null,{"$error":"#VALUE!"},{"$error":"#VALUE!"},null,{"$f":"SUMIFS('[20]WorkDone DATA'!$L:$L,'[20]WorkDone DATA'!$N:$N,BOQ!S$6,'[20]WorkDone DATA'!$G:$G,BOQ!$B215)","v":{"$error":"#VALUE!"}},{"$error":"#VALUE!"},{"$f":"SUMIFS('[20]WorkDone DATA'!$L:$L,'[20]WorkDone DATA'!$N:$N,BOQ!U$6,'[20]WorkDone DATA'!$G:$G,BOQ!$B215)","v":{"$error":"#VALUE!"}},{"$error":"#VALUE!"},null,{"$f":"SUMIFS('[20]WorkDone DATA'!$L:$L,'[20]WorkDone DATA'!$N:$N,BOQ!W$6,'[20]WorkDone DATA'!$G:$G,BOQ!$B215)*$G215","v":{"$error":"#VALUE!"}},null,{"$f":"SUMIFS('[20]WorkDone DATA'!$L:$L,'[20]WorkDone DATA'!$N:$N,BOQ!Y$6,'[20]WorkDone DATA'!$G:$G,BOQ!$B215)*$G215","v":{"$error":"#VALUE!"}},null,{"$f":"SUMIFS('[20]WorkDone DATA'!$L:$L,'[20]WorkDone DATA'!$N:$N,BOQ!AA$6,'[20]WorkDone DATA'!$G:$G,BOQ!$B215)*$G215","v":{"$error":"#VALUE!"}},{"$f":"SUMIFS('[20]WorkDone DATA'!$L:$L,'[20]WorkDone DATA'!$N:$N,BOQ!AB$6,'[20]WorkDone DATA'!$G:$G,BOQ!$B215)*$G215","v":{"$error":"#VALUE!"}},{"$f":"SUMIFS('[20]WorkDone DATA'!$L:$L,'[20]WorkDone DATA'!$N:$N,BOQ!AC$6,'[20]WorkDone DATA'!$G:$G,BOQ!$B215)*$G215","v":{"$error":"#VALUE!"}},{"$f":"SUMIFS('[20]WorkDone DATA'!$L:$L,'[20]WorkDone DATA'!$N:$N,BOQ!AD$6,'[20]WorkDone DATA'!$G:$G,BOQ!$B215)*$G215","v":{"$error":"#VALUE!"}},{"$f":"SUMIFS('[20]WorkDone DATA'!$L:$L,'[20]WorkDone DATA'!$N:$N,BOQ!AE$6,'[20]WorkDone DATA'!$G:$G,BOQ!$B215)*$G215","v":{"$error":"#VALUE!"}},{"$f":"SUMIFS('[20]WorkDone DATA'!$L:$L,'[20]WorkDone DATA'!$N:$N,BOQ!AF$6,'[20]WorkDone DATA'!$G:$G,BOQ!$B215)*$G215","v":{"$error":"#VALUE!"}},{"$f":"SUMIFS('[20]WorkDone DATA'!$L:$L,'[20]WorkDone DATA'!$N:$N,BOQ!AG$6,'[20]WorkDone DATA'!$G:$G,BOQ!$B215)*$G215","v":{"$error":"#VALUE!"}},{"$f":"SUMIFS('[20]WorkDone DATA'!$L:$L,'[20]WorkDone DATA'!$N:$N,BOQ!AH$6,'[20]WorkDone DATA'!$G:$G,BOQ!$B215)*$G215","v":{"$error":"#VALUE!"}},{"$f":"SUMIFS('[20]WorkDone DATA'!$L:$L,'[20]WorkDone DATA'!$N:$N,BOQ!AI$6,'[20]WorkDone DATA'!$G:$G,BOQ!$B215)*$G215","v":{"$error":"#VALUE!"}},{"$f":"SUMIFS('[20]WorkDone DATA'!$L:$L,'[20]WorkDone DATA'!$N:$N,BOQ!AJ$6,'[20]WorkDone DATA'!$G:$G,BOQ!$B215)*$G215","v":{"$error":"#VALUE!"}},{"$f":"SUMIFS('[20]WorkDone DATA'!$L:$L,'[20]WorkDone DATA'!$N:$N,BOQ!AK$6,'[20]WorkDone DATA'!$G:$G,BOQ!$B215)*$G215","v":{"$error":"#VALUE!"}},{"$f":"SUMIFS('[20]WorkDone DATA'!$L:$L,'[20]WorkDone DATA'!$N:$N,BOQ!AL$6,'[20]WorkDone DATA'!$G:$G,BOQ!$B215)*$G215","v":{"$error":"#VALUE!"}},{"$f":"SUMIFS('[20]WorkDone DATA'!$L:$L,'[20]WorkDone DATA'!$N:$N,BOQ!AM$6,'[20]WorkDone DATA'!$G:$G,BOQ!$B215)*$G215","v":{"$error":"#VALUE!"}},{"$f":"SUMIFS('[20]WorkDone DATA'!$L:$L,'[20]WorkDone DATA'!$N:$N,BOQ!AN$6,'[20]WorkDone DATA'!$G:$G,BOQ!$B215)*$G215","v":{"$error":"#VALUE!"}},{"$f":"SUMIFS('[20]WorkDone DATA'!$L:$L,'[20]WorkDone DATA'!$N:$N,BOQ!AO$6,'[20]WorkDone DATA'!$G:$G,BOQ!$B215)*$G215","v":{"$error":"#VALUE!"}},{"$f":"SUMIFS('[20]WorkDone DATA'!$L:$L,'[20]WorkDone DATA'!$N:$N,BOQ!AP$6,'[20]WorkDone DATA'!$G:$G,BOQ!$B215)*$G215","v":{"$error":"#VALUE!"}},{"$f":"SUMIFS('[20]WorkDone DATA'!$L:$L,'[20]WorkDone DATA'!$N:$N,BOQ!AQ$6,'[20]WorkDone DATA'!$G:$G,BOQ!$B215)*$G215","v":{"$error":"#VALUE!"}},{"$f":"SUMIFS('[20]WorkDone DATA'!$L:$L,'[20]WorkDone DATA'!$N:$N,BOQ!AR$6,'[20]WorkDone DATA'!$G:$G,BOQ!$B215)*$G215","v":{"$error":"#VALUE!"}},{"$f":"SUMIFS('[20]WorkDone DATA'!$L:$L,'[20]WorkDone DATA'!$N:$N,BOQ!AS$6,'[20]WorkDone DATA'!$G:$G,BOQ!$B215)*$G215","v":{"$error":"#VALUE!"}},{"$f":"SUMIFS('[20]WorkDone DATA'!$L:$L,'[20]WorkDone DATA'!$N:$N,BOQ!AT$6,'[20]WorkDone DATA'!$G:$G,BOQ!$B215)*$G215","v":{"$error":"#VALUE!"}},{"$f":"SUMIFS('[20]WorkDone DATA'!$L:$L,'[20]WorkDone DATA'!$N:$N,BOQ!AU$6,'[20]WorkDone DATA'!$G:$G,BOQ!$B215)*$G215","v":{"$error":"#VALUE!"}},{"$f":"SUMIFS('[20]WorkDone DATA'!$L:$L,'[20]WorkDone DATA'!$N:$N,BOQ!AV$6,'[20]WorkDone DATA'!$G:$G,BOQ!$B215)*$G215","v":{"$error":"#VALUE!"}},{"$f":"SUMIFS('[20]WorkDone DATA'!$L:$L,'[20]WorkDone DATA'!$N:$N,BOQ!AW$6,'[20]WorkDone DATA'!$G:$G,BOQ!$B215)*$G215","v":{"$error":"#VALUE!"}},{"$f":"SUMIFS('[20]WorkDone DATA'!$L:$L,'[20]WorkDone DATA'!$N:$N,BOQ!AX$6,'[20]WorkDone DATA'!$G:$G,BOQ!$B215)*$G215","v":{"$error":"#VALUE!"}},{"$f":"SUMIFS('[20]WorkDone DATA'!$L:$L,'[20]WorkDone DATA'!$N:$N,BOQ!AY$6,'[20]WorkDone DATA'!$G:$G,BOQ!$B215)*$G215","v":{"$error":"#VALUE!"}},{"$f":"SUMIFS('[20]WorkDone DATA'!$L:$L,'[20]WorkDone DATA'!$N:$N,BOQ!AZ$6,'[20]WorkDone DATA'!$G:$G,BOQ!$B215)*$G215","v":{"$error":"#VALUE!"}},{"$f":"SUMIFS('[20]WorkDone DATA'!$L:$L,'[20]WorkDone DATA'!$N:$N,BOQ!BA$6,'[20]WorkDone DATA'!$G:$G,BOQ!$B215)*$G215","v":{"$error":"#VALUE!"}},{"$f":"SUMIFS('[20]WorkDone DATA'!$L:$L,'[20]WorkDone DATA'!$N:$N,BOQ!BB$6,'[20]WorkDone DATA'!$G:$G,BOQ!$B215)*$G215","v":{"$error":"#VALUE!"}},{"$f":"SUMIFS('[20]WorkDone DATA'!$L:$L,'[20]WorkDone DATA'!$N:$N,BOQ!BC$6,'[20]WorkDone DATA'!$G:$G,BOQ!$B215)*$G215","v":{"$error":"#VALUE!"}},{"$f":"SUMIFS('[20]WorkDone DATA'!$L:$L,'[20]WorkDone DATA'!$N:$N,BOQ!BD$6,'[20]WorkDone DATA'!$G:$G,BOQ!$B215)*$G215","v":{"$error":"#VALUE!"}},{"$f":"SUMIFS('[20]WorkDone DATA'!$L:$L,'[20]WorkDone DATA'!$N:$N,BOQ!BE$6,'[20]WorkDone DATA'!$G:$G,BOQ!$B215)*$G215","v":{"$error":"#VALUE!"}},{"$f":"SUMIFS('[20]WorkDone DATA'!$L:$L,'[20]WorkDone DATA'!$N:$N,BOQ!BF$6,'[20]WorkDone DATA'!$G:$G,BOQ!$B215)*$G215","v":{"$error":"#VALUE!"}},{"$f":"SUMIFS('[20]WorkDone DATA'!$L:$L,'[20]WorkDone DATA'!$N:$N,BOQ!BG$6,'[20]WorkDone DATA'!$G:$G,BOQ!$B215)*$G215","v":{"$error":"#VALUE!"}},{"$f":"SUMIFS('[20]WorkDone DATA'!$L:$L,'[20]WorkDone DATA'!$N:$N,BOQ!BH$6,'[20]WorkDone DATA'!$G:$G,BOQ!$B215)*$G215","v":{"$error":"#VALUE!"}},{"$f":"SUMIFS('[20]WorkDone DATA'!$L:$L,'[20]WorkDone DATA'!$N:$N,BOQ!BI$6,'[20]WorkDone DATA'!$G:$G,BOQ!$B215)*$G215","v":{"$error":"#VALUE!"}},{"$f":"SUMIFS('[20]WorkDone DATA'!$L:$L,'[20]WorkDone DATA'!$N:$N,BOQ!BJ$6,'[20]WorkDone DATA'!$G:$G,BOQ!$B215)*$G215","v":{"$error":"#VALUE!"}},{"$f":"SUMIFS('[20]WorkDone DATA'!$L:$L,'[20]WorkDone DATA'!$N:$N,BOQ!BK$6,'[20]WorkDone DATA'!$G:$G,BOQ!$B215)*$G215","v":{"$error":"#VALUE!"}},{"$f":"SUMIFS('[20]WorkDone DATA'!$L:$L,'[20]WorkDone DATA'!$N:$N,BOQ!BL$6,'[20]WorkDone DATA'!$G:$G,BOQ!$B215)*$G215","v":{"$error":"#VALUE!"}},{"$f":"SUMIFS('[20]WorkDone DATA'!$L:$L,'[20]WorkDone DATA'!$N:$N,BOQ!BM$6,'[20]WorkDone DATA'!$G:$G,BOQ!$B215)*$G215","v":{"$error":"#VALUE!"}},{"$f":"SUMIFS('[20]WorkDone DATA'!$L:$L,'[20]WorkDone DATA'!$N:$N,BOQ!BN$6,'[20]WorkDone DATA'!$G:$G,BOQ!$B215)*$G215","v":{"$error":"#VALUE!"}},{"$f":"SUMIFS('[20]WorkDone DATA'!$L:$L,'[20]WorkDone DATA'!$N:$N,BOQ!BO$6,'[20]WorkDone DATA'!$G:$G,BOQ!$B215)*$G215","v":{"$error":"#VALUE!"}},{"$f":"SUMIFS('[20]WorkDone DATA'!$L:$L,'[20]WorkDone DATA'!$N:$N,BOQ!BP$6,'[20]WorkDone DATA'!$G:$G,BOQ!$B215)*$G215","v":{"$error":"#VALUE!"}},{"$f":"SUMIFS('[20]WorkDone DATA'!$L:$L,'[20]WorkDone DATA'!$N:$N,BOQ!BQ$6,'[20]WorkDone DATA'!$G:$G,BOQ!$B215)*$G215","v":{"$error":"#VALUE!"}},{"$f":"SUMIFS('[20]WorkDone DATA'!$L:$L,'[20]WorkDone DATA'!$N:$N,BOQ!BR$6,'[20]WorkDone DATA'!$G:$G,BOQ!$B215)*$G215","v":{"$error":"#VALUE!"}},{"$f":"SUMIFS('[20]WorkDone DATA'!$L:$L,'[20]WorkDone DATA'!$N:$N,BOQ!BS$6,'[20]WorkDone DATA'!$G:$G,BOQ!$B215)*$G215","v":{"$error":"#VALUE!"}},{"$f":"SUMIFS('[20]WorkDone DATA'!$L:$L,'[20]WorkDone DATA'!$N:$N,BOQ!BT$6,'[20]WorkDone DATA'!$G:$G,BOQ!$B215)*$G215","v":{"$error":"#VALUE!"}},{"$f":"SUMIFS('[20]WorkDone DATA'!$L:$L,'[20]WorkDone DATA'!$N:$N,BOQ!BU$6,'[20]WorkDone DATA'!$G:$G,BOQ!$B215)*$G215","v":{"$error":"#VALUE!"}},{"$f":"SUMIFS('[20]WorkDone DATA'!$L:$L,'[20]WorkDone DATA'!$N:$N,BOQ!BV$6,'[20]WorkDone DATA'!$G:$G,BOQ!$B215)*$G215","v":{"$error":"#VALUE!"}},{"$f":"SUMIFS('[20]WorkDone DATA'!$L:$L,'[20]WorkDone DATA'!$N:$N,BOQ!BW$6,'[20]WorkDone DATA'!$G:$G,BOQ!$B215)*$G215","v":{"$error":"#VALUE!"}},{"$f":"SUMIFS('[20]WorkDone DATA'!$L:$L,'[20]WorkDone DATA'!$N:$N,BOQ!BX$6,'[20]WorkDone DATA'!$G:$G,BOQ!$B215)*$G215","v":{"$error":"#VALUE!"}}]
["185mm2 x 3 core (ESW03SCV) 6.35 kV/11kV ",2.108,"185mm2 x 3 core (ESW03SCV) 6.35 kV/11kV ","A","each",2,182.03,364.06,null,null,{"$error":"#VALUE!"},{"$error":"#VALUE!"},{"$error":"#VALUE!"},null,{"$error":"#VALUE!"},{"$error":"#VALUE!"},null,{"$f":"SUMIFS('[20]WorkDone DATA'!$L:$L,'[20]WorkDone DATA'!$N:$N,BOQ!S$6,'[20]WorkDone DATA'!$G:$G,BOQ!$B216)","v":{"$error":"#VALUE!"}},{"$error":"#VALUE!"},{"$f":"SUMIFS('[20]WorkDone DATA'!$L:$L,'[20]WorkDone DATA'!$N:$N,BOQ!U$6,'[20]WorkDone DATA'!$G:$G,BOQ!$B216)","v":{"$error":"#VALUE!"}},{"$error":"#VALUE!"},null,{"$f":"SUMIFS('[20]WorkDone DATA'!$L:$L,'[20]WorkDone DATA'!$N:$N,BOQ!W$6,'[20]WorkDone DATA'!$G:$G,BOQ!$B216)*$G216","v":{"$error":"#VALUE!"}},null,{"$f":"SUMIFS('[20]WorkDone DATA'!$L:$L,'[20]WorkDone DATA'!$N:$N,BOQ!Y$6,'[20]WorkDone DATA'!$G:$G,BOQ!$B216)*$G216","v":{"$error":"#VALUE!"}},null,{"$f":"SUMIFS('[20]WorkDone DATA'!$L:$L,'[20]WorkDone DATA'!$N:$N,BOQ!AA$6,'[20]WorkDone DATA'!$G:$G,BOQ!$B216)*$G216","v":{"$error":"#VALUE!"}},{"$f":"SUMIFS('[20]WorkDone DATA'!$L:$L,'[20]WorkDone DATA'!$N:$N,BOQ!AB$6,'[20]WorkDone DATA'!$G:$G,BOQ!$B216)*$G216","v":{"$error":"#VALUE!"}},{"$f":"SUMIFS('[20]WorkDone DATA'!$L:$L,'[20]WorkDone DATA'!$N:$N,BOQ!AC$6,'[20]WorkDone DATA'!$G:$G,BOQ!$B216)*$G216","v":{"$error":"#VALUE!"}},{"$f":"SUMIFS('[20]WorkDone DATA'!$L:$L,'[20]WorkDone DATA'!$N:$N,BOQ!AD$6,'[20]WorkDone DATA'!$G:$G,BOQ!$B216)*$G216","v":{"$error":"#VALUE!"}},{"$f":"SUMIFS('[20]WorkDone DATA'!$L:$L,'[20]WorkDone DATA'!$N:$N,BOQ!AE$6,'[20]WorkDone DATA'!$G:$G,BOQ!$B216)*$G216","v":{"$error":"#VALUE!"}},{"$f":"SUMIFS('[20]WorkDone DATA'!$L:$L,'[20]WorkDone DATA'!$N:$N,BOQ!AF$6,'[20]WorkDone DATA'!$G:$G,BOQ!$B216)*$G216","v":{"$error":"#VALUE!"}},{"$f":"SUMIFS('[20]WorkDone DATA'!$L:$L,'[20]WorkDone DATA'!$N:$N,BOQ!AG$6,'[20]WorkDone DATA'!$G:$G,BOQ!$B216)*$G216","v":{"$error":"#VALUE!"}},{"$f":"SUMIFS('[20]WorkDone DATA'!$L:$L,'[20]WorkDone DATA'!$N:$N,BOQ!AH$6,'[20]WorkDone DATA'!$G:$G,BOQ!$B216)*$G216","v":{"$error":"#VALUE!"}},{"$f":"SUMIFS('[20]WorkDone DATA'!$L:$L,'[20]WorkDone DATA'!$N:$N,BOQ!AI$6,'[20]WorkDone DATA'!$G:$G,BOQ!$B216)*$G216","v":{"$error":"#VALUE!"}},{"$f":"SUMIFS('[20]WorkDone DATA'!$L:$L,'[20]WorkDone DATA'!$N:$N,BOQ!AJ$6,'[20]WorkDone DATA'!$G:$G,BOQ!$B216)*$G216","v":{"$error":"#VALUE!"}},{"$f":"SUMIFS('[20]WorkDone DATA'!$L:$L,'[20]WorkDone DATA'!$N:$N,BOQ!AK$6,'[20]WorkDone DATA'!$G:$G,BOQ!$B216)*$G216","v":{"$error":"#VALUE!"}},{"$f":"SUMIFS('[20]WorkDone DATA'!$L:$L,'[20]WorkDone DATA'!$N:$N,BOQ!AL$6,'[20]WorkDone DATA'!$G:$G,BOQ!$B216)*$G216","v":{"$error":"#VALUE!"}},{"$f":"SUMIFS('[20]WorkDone DATA'!$L:$L,'[20]WorkDone DATA'!$N:$N,BOQ!AM$6,'[20]WorkDone DATA'!$G:$G,BOQ!$B216)*$G216","v":{"$error":"#VALUE!"}},{"$f":"SUMIFS('[20]WorkDone DATA'!$L:$L,'[20]WorkDone DATA'!$N:$N,BOQ!AN$6,'[20]WorkDone DATA'!$G:$G,BOQ!$B216)*$G216","v":{"$error":"#VALUE!"}},{"$f":"SUMIFS('[20]WorkDone DATA'!$L:$L,'[20]WorkDone DATA'!$N:$N,BOQ!AO$6,'[20]WorkDone DATA'!$G:$G,BOQ!$B216)*$G216","v":{"$error":"#VALUE!"}},{"$f":"SUMIFS('[20]WorkDone DATA'!$L:$L,'[20]WorkDone DATA'!$N:$N,BOQ!AP$6,'[20]WorkDone DATA'!$G:$G,BOQ!$B216)*$G216","v":{"$error":"#VALUE!"}},{"$f":"SUMIFS('[20]WorkDone DATA'!$L:$L,'[20]WorkDone DATA'!$N:$N,BOQ!AQ$6,'[20]WorkDone DATA'!$G:$G,BOQ!$B216)*$G216","v":{"$error":"#VALUE!"}},{"$f":"SUMIFS('[20]WorkDone DATA'!$L:$L,'[20]WorkDone DATA'!$N:$N,BOQ!AR$6,'[20]WorkDone DATA'!$G:$G,BOQ!$B216)*$G216","v":{"$error":"#VALUE!"}},{"$f":"SUMIFS('[20]WorkDone DATA'!$L:$L,'[20]WorkDone DATA'!$N:$N,BOQ!AS$6,'[20]WorkDone DATA'!$G:$G,BOQ!$B216)*$G216","v":{"$error":"#VALUE!"}},{"$f":"SUMIFS('[20]WorkDone DATA'!$L:$L,'[20]WorkDone DATA'!$N:$N,BOQ!AT$6,'[20]WorkDone DATA'!$G:$G,BOQ!$B216)*$G216","v":{"$error":"#VALUE!"}},{"$f":"SUMIFS('[20]WorkDone DATA'!$L:$L,'[20]WorkDone DATA'!$N:$N,BOQ!AU$6,'[20]WorkDone DATA'!$G:$G,BOQ!$B216)*$G216","v":{"$error":"#VALUE!"}},{"$f":"SUMIFS('[20]WorkDone DATA'!$L:$L,'[20]WorkDone DATA'!$N:$N,BOQ!AV$6,'[20]WorkDone DATA'!$G:$G,BOQ!$B216)*$G216","v":{"$error":"#VALUE!"}},{"$f":"SUMIFS('[20]WorkDone DATA'!$L:$L,'[20]WorkDone DATA'!$N:$N,BOQ!AW$6,'[20]WorkDone DATA'!$G:$G,BOQ!$B216)*$G216","v":{"$error":"#VALUE!"}},{"$f":"SUMIFS('[20]WorkDone DATA'!$L:$L,'[20]WorkDone DATA'!$N:$N,BOQ!AX$6,'[20]WorkDone DATA'!$G:$G,BOQ!$B216)*$G216","v":{"$error":"#VALUE!"}},{"$f":"SUMIFS('[20]WorkDone DATA'!$L:$L,'[20]WorkDone DATA'!$N:$N,BOQ!AY$6,'[20]WorkDone DATA'!$G:$G,BOQ!$B216)*$G216","v":{"$error":"#VALUE!"}},{"$f":"SUMIFS('[20]WorkDone DATA'!$L:$L,'[20]WorkDone DATA'!$N:$N,BOQ!AZ$6,'[20]WorkDone DATA'!$G:$G,BOQ!$B216)*$G216","v":{"$error":"#VALUE!"}},{"$f":"SUMIFS('[20]WorkDone DATA'!$L:$L,'[20]WorkDone DATA'!$N:$N,BOQ!BA$6,'[20]WorkDone DATA'!$G:$G,BOQ!$B216)*$G216","v":{"$error":"#VALUE!"}},{"$f":"SUMIFS('[20]WorkDone DATA'!$L:$L,'[20]WorkDone DATA'!$N:$N,BOQ!BB$6,'[20]WorkDone DATA'!$G:$G,BOQ!$B216)*$G216","v":{"$error":"#VALUE!"}},{"$f":"SUMIFS('[20]WorkDone DATA'!$L:$L,'[20]WorkDone DATA'!$N:$N,BOQ!BC$6,'[20]WorkDone DATA'!$G:$G,BOQ!$B216)*$G216","v":{"$error":"#VALUE!"}},{"$f":"SUMIFS('[20]WorkDone DATA'!$L:$L,'[20]WorkDone DATA'!$N:$N,BOQ!BD$6,'[20]WorkDone DATA'!$G:$G,BOQ!$B216)*$G216","v":{"$error":"#VALUE!"}},{"$f":"SUMIFS('[20]WorkDone DATA'!$L:$L,'[20]WorkDone DATA'!$N:$N,BOQ!BE$6,'[20]WorkDone DATA'!$G:$G,BOQ!$B216)*$G216","v":{"$error":"#VALUE!"}},{"$f":"SUMIFS('[20]WorkDone DATA'!$L:$L,'[20]WorkDone DATA'!$N:$N,BOQ!BF$6,'[20]WorkDone DATA'!$G:$G,BOQ!$B216)*$G216","v":{"$error":"#VALUE!"}},{"$f":"SUMIFS('[20]WorkDone DATA'!$L:$L,'[20]WorkDone DATA'!$N:$N,BOQ!BG$6,'[20]WorkDone DATA'!$G:$G,BOQ!$B216)*$G216","v":{"$error":"#VALUE!"}},{"$f":"SUMIFS('[20]WorkDone DATA'!$L:$L,'[20]WorkDone DATA'!$N:$N,BOQ!BH$6,'[20]WorkDone DATA'!$G:$G,BOQ!$B216)*$G216","v":{"$error":"#VALUE!"}},{"$f":"SUMIFS('[20]WorkDone DATA'!$L:$L,'[20]WorkDone DATA'!$N:$N,BOQ!BI$6,'[20]WorkDone DATA'!$G:$G,BOQ!$B216)*$G216","v":{"$error":"#VALUE!"}},{"$f":"SUMIFS('[20]WorkDone DATA'!$L:$L,'[20]WorkDone DATA'!$N:$N,BOQ!BJ$6,'[20]WorkDone DATA'!$G:$G,BOQ!$B216)*$G216","v":{"$error":"#VALUE!"}},{"$f":"SUMIFS('[20]WorkDone DATA'!$L:$L,'[20]WorkDone DATA'!$N:$N,BOQ!BK$6,'[20]WorkDone DATA'!$G:$G,BOQ!$B216)*$G216","v":{"$error":"#VALUE!"}},{"$f":"SUMIFS('[20]WorkDone DATA'!$L:$L,'[20]WorkDone DATA'!$N:$N,BOQ!BL$6,'[20]WorkDone DATA'!$G:$G,BOQ!$B216)*$G216","v":{"$error":"#VALUE!"}},{"$f":"SUMIFS('[20]WorkDone DATA'!$L:$L,'[20]WorkDone DATA'!$N:$N,BOQ!BM$6,'[20]WorkDone DATA'!$G:$G,BOQ!$B216)*$G216","v":{"$error":"#VALUE!"}},{"$f":"SUMIFS('[20]WorkDone DATA'!$L:$L,'[20]WorkDone DATA'!$N:$N,BOQ!BN$6,'[20]WorkDone DATA'!$G:$G,BOQ!$B216)*$G216","v":{"$error":"#VALUE!"}},{"$f":"SUMIFS('[20]WorkDone DATA'!$L:$L,'[20]WorkDone DATA'!$N:$N,BOQ!BO$6,'[20]WorkDone DATA'!$G:$G,BOQ!$B216)*$G216","v":{"$error":"#VALUE!"}},{"$f":"SUMIFS('[20]WorkDone DATA'!$L:$L,'[20]WorkDone DATA'!$N:$N,BOQ!BP$6,'[20]WorkDone DATA'!$G:$G,BOQ!$B216)*$G216","v":{"$error":"#VALUE!"}},{"$f":"SUMIFS('[20]WorkDone DATA'!$L:$L,'[20]WorkDone DATA'!$N:$N,BOQ!BQ$6,'[20]WorkDone DATA'!$G:$G,BOQ!$B216)*$G216","v":{"$error":"#VALUE!"}},{"$f":"SUMIFS('[20]WorkDone DATA'!$L:$L,'[20]WorkDone DATA'!$N:$N,BOQ!BR$6,'[20]WorkDone DATA'!$G:$G,BOQ!$B216)*$G216","v":{"$error":"#VALUE!"}},{"$f":"SUMIFS('[20]WorkDone DATA'!$L:$L,'[20]WorkDone DATA'!$N:$N,BOQ!BS$6,'[20]WorkDone DATA'!$G:$G,BOQ!$B216)*$G216","v":{"$error":"#VALUE!"}},{"$f":"SUMIFS('[20]WorkDone DATA'!$L:$L,'[20]WorkDone DATA'!$N:$N,BOQ!BT$6,'[20]WorkDone DATA'!$G:$G,BOQ!$B216)*$G216","v":{"$error":"#VALUE!"}},{"$f":"SUMIFS('[20]WorkDone DATA'!$L:$L,'[20]WorkDone DATA'!$N:$N,BOQ!BU$6,'[20]WorkDone DATA'!$G:$G,BOQ!$B216)*$G216","v":{"$error":"#VALUE!"}},{"$f":"SUMIFS('[20]WorkDone DATA'!$L:$L,'[20]WorkDone DATA'!$N:$N,BOQ!BV$6,'[20]WorkDone DATA'!$G:$G,BOQ!$B216)*$G216","v":{"$error":"#VALUE!"}},{"$f":"SUMIFS('[20]WorkDone DATA'!$L:$L,'[20]WorkDone DATA'!$N:$N,BOQ!BW$6,'[20]WorkDone DATA'!$G:$G,BOQ!$B216)*$G216","v":{"$error":"#VALUE!"}},{"$f":"SUMIFS('[20]WorkDone DATA'!$L:$L,'[20]WorkDone DATA'!$N:$N,BOQ!BX$6,'[20]WorkDone DATA'!$G:$G,BOQ!$B216)*$G216","v":{"$error":"#VALUE!"}}]
["150mm2 x 1core (ESW03RCV) 6.35 kV/11kV",2.109,"150mm2 x 1core (ESW03RCV) 6.35 kV/11kV","A","each",75,182.03,{"v":13652.25,"d":"13,652.25"},null,null,{"$error":"#VALUE!"},{"$error":"#VALUE!"},{"$error":"#VALUE!"},null,{"$error":"#VALUE!"},{"$error":"#VALUE!"},null,{"$f":"SUMIFS('[20]WorkDone DATA'!$L:$L,'[20]WorkDone DATA'!$N:$N,BOQ!S$6,'[20]WorkDone DATA'!$G:$G,BOQ!$B217)","v":{"$error":"#VALUE!"}},{"$error":"#VALUE!"},{"$f":"SUMIFS('[20]WorkDone DATA'!$L:$L,'[20]WorkDone DATA'!$N:$N,BOQ!U$6,'[20]WorkDone DATA'!$G:$G,BOQ!$B217)","v":{"$error":"#VALUE!"}},{"$error":"#VALUE!"},null,{"$f":"SUMIFS('[20]WorkDone DATA'!$L:$L,'[20]WorkDone DATA'!$N:$N,BOQ!W$6,'[20]WorkDone DATA'!$G:$G,BOQ!$B217)*$G217","v":{"$error":"#VALUE!"}},null,{"$f":"SUMIFS('[20]WorkDone DATA'!$L:$L,'[20]WorkDone DATA'!$N:$N,BOQ!Y$6,'[20]WorkDone DATA'!$G:$G,BOQ!$B217)*$G217","v":{"$error":"#VALUE!"}},null,{"$f":"SUMIFS('[20]WorkDone DATA'!$L:$L,'[20]WorkDone DATA'!$N:$N,BOQ!AA$6,'[20]WorkDone DATA'!$G:$G,BOQ!$B217)*$G217","v":{"$error":"#VALUE!"}},{"$f":"SUMIFS('[20]WorkDone DATA'!$L:$L,'[20]WorkDone DATA'!$N:$N,BOQ!AB$6,'[20]WorkDone DATA'!$G:$G,BOQ!$B217)*$G217","v":{"$error":"#VALUE!"}},{"$f":"SUMIFS('[20]WorkDone DATA'!$L:$L,'[20]WorkDone DATA'!$N:$N,BOQ!AC$6,'[20]WorkDone DATA'!$G:$G,BOQ!$B217)*$G217","v":{"$error":"#VALUE!"}},{"$f":"SUMIFS('[20]WorkDone DATA'!$L:$L,'[20]WorkDone DATA'!$N:$N,BOQ!AD$6,'[20]WorkDone DATA'!$G:$G,BOQ!$B217)*$G217","v":{"$error":"#VALUE!"}},{"$f":"SUMIFS('[20]WorkDone DATA'!$L:$L,'[20]WorkDone DATA'!$N:$N,BOQ!AE$6,'[20]WorkDone DATA'!$G:$G,BOQ!$B217)*$G217","v":{"$error":"#VALUE!"}},{"$f":"SUMIFS('[20]WorkDone DATA'!$L:$L,'[20]WorkDone DATA'!$N:$N,BOQ!AF$6,'[20]WorkDone DATA'!$G:$G,BOQ!$B217)*$G217","v":{"$error":"#VALUE!"}},{"$f":"SUMIFS('[20]WorkDone DATA'!$L:$L,'[20]WorkDone DATA'!$N:$N,BOQ!AG$6,'[20]WorkDone DATA'!$G:$G,BOQ!$B217)*$G217","v":{"$error":"#VALUE!"}},{"$f":"SUMIFS('[20]WorkDone DATA'!$L:$L,'[20]WorkDone DATA'!$N:$N,BOQ!AH$6,'[20]WorkDone DATA'!$G:$G,BOQ!$B217)*$G217","v":{"$error":"#VALUE!"}},{"$f":"SUMIFS('[20]WorkDone DATA'!$L:$L,'[20]WorkDone DATA'!$N:$N,BOQ!AI$6,'[20]WorkDone DATA'!$G:$G,BOQ!$B217)*$G217","v":{"$error":"#VALUE!"}},{"$f":"SUMIFS('[20]WorkDone DATA'!$L:$L,'[20]WorkDone DATA'!$N:$N,BOQ!AJ$6,'[20]WorkDone DATA'!$G:$G,BOQ!$B217)*$G217","v":{"$error":"#VALUE!"}},{"$f":"SUMIFS('[20]WorkDone DATA'!$L:$L,'[20]WorkDone DATA'!$N:$N,BOQ!AK$6,'[20]WorkDone DATA'!$G:$G,BOQ!$B217)*$G217","v":{"$error":"#VALUE!"}},{"$f":"SUMIFS('[20]WorkDone DATA'!$L:$L,'[20]WorkDone DATA'!$N:$N,BOQ!AL$6,'[20]WorkDone DATA'!$G:$G,BOQ!$B217)*$G217","v":{"$error":"#VALUE!"}},{"$f":"SUMIFS('[20]WorkDone DATA'!$L:$L,'[20]WorkDone DATA'!$N:$N,BOQ!AM$6,'[20]WorkDone DATA'!$G:$G,BOQ!$B217)*$G217","v":{"$error":"#VALUE!"}},{"$f":"SUMIFS('[20]WorkDone DATA'!$L:$L,'[20]WorkDone DATA'!$N:$N,BOQ!AN$6,'[20]WorkDone DATA'!$G:$G,BOQ!$B217)*$G217","v":{"$error":"#VALUE!"}},{"$f":"SUMIFS('[20]WorkDone DATA'!$L:$L,'[20]WorkDone DATA'!$N:$N,BOQ!AO$6,'[20]WorkDone DATA'!$G:$G,BOQ!$B217)*$G217","v":{"$error":"#VALUE!"}},{"$f":"SUMIFS('[20]WorkDone DATA'!$L:$L,'[20]WorkDone DATA'!$N:$N,BOQ!AP$6,'[20]WorkDone DATA'!$G:$G,BOQ!$B217)*$G217","v":{"$error":"#VALUE!"}},{"$f":"SUMIFS('[20]WorkDone DATA'!$L:$L,'[20]WorkDone DATA'!$N:$N,BOQ!AQ$6,'[20]WorkDone DATA'!$G:$G,BOQ!$B217)*$G217","v":{"$error":"#VALUE!"}},{"$f":"SUMIFS('[20]WorkDone DATA'!$L:$L,'[20]WorkDone DATA'!$N:$N,BOQ!AR$6,'[20]WorkDone DATA'!$G:$G,BOQ!$B217)*$G217","v":{"$error":"#VALUE!"}},{"$f":"SUMIFS('[20]WorkDone DATA'!$L:$L,'[20]WorkDone DATA'!$N:$N,BOQ!AS$6,'[20]WorkDone DATA'!$G:$G,BOQ!$B217)*$G217","v":{"$error":"#VALUE!"}},{"$f":"SUMIFS('[20]WorkDone DATA'!$L:$L,'[20]WorkDone DATA'!$N:$N,BOQ!AT$6,'[20]WorkDone DATA'!$G:$G,BOQ!$B217)*$G217","v":{"$error":"#VALUE!"}},{"$f":"SUMIFS('[20]WorkDone DATA'!$L:$L,'[20]WorkDone DATA'!$N:$N,BOQ!AU$6,'[20]WorkDone DATA'!$G:$G,BOQ!$B217)*$G217","v":{"$error":"#VALUE!"}},{"$f":"SUMIFS('[20]WorkDone DATA'!$L:$L,'[20]WorkDone DATA'!$N:$N,BOQ!AV$6,'[20]WorkDone DATA'!$G:$G,BOQ!$B217)*$G217","v":{"$error":"#VALUE!"}},{"$f":"SUMIFS('[20]WorkDone DATA'!$L:$L,'[20]WorkDone DATA'!$N:$N,BOQ!AW$6,'[20]WorkDone DATA'!$G:$G,BOQ!$B217)*$G217","v":{"$error":"#VALUE!"}},{"$f":"SUMIFS('[20]WorkDone DATA'!$L:$L,'[20]WorkDone DATA'!$N:$N,BOQ!AX$6,'[20]WorkDone DATA'!$G:$G,BOQ!$B217)*$G217","v":{"$error":"#VALUE!"}},{"$f":"SUMIFS('[20]WorkDone DATA'!$L:$L,'[20]WorkDone DATA'!$N:$N,BOQ!AY$6,'[20]WorkDone DATA'!$G:$G,BOQ!$B217)*$G217","v":{"$error":"#VALUE!"}},{"$f":"SUMIFS('[20]WorkDone DATA'!$L:$L,'[20]WorkDone DATA'!$N:$N,BOQ!AZ$6,'[20]WorkDone DATA'!$G:$G,BOQ!$B217)*$G217","v":{"$error":"#VALUE!"}},{"$f":"SUMIFS('[20]WorkDone DATA'!$L:$L,'[20]WorkDone DATA'!$N:$N,BOQ!BA$6,'[20]WorkDone DATA'!$G:$G,BOQ!$B217)*$G217","v":{"$error":"#VALUE!"}},{"$f":"SUMIFS('[20]WorkDone DATA'!$L:$L,'[20]WorkDone DATA'!$N:$N,BOQ!BB$6,'[20]WorkDone DATA'!$G:$G,BOQ!$B217)*$G217","v":{"$error":"#VALUE!"}},{"$f":"SUMIFS('[20]WorkDone DATA'!$L:$L,'[20]WorkDone DATA'!$N:$N,BOQ!BC$6,'[20]WorkDone DATA'!$G:$G,BOQ!$B217)*$G217","v":{"$error":"#VALUE!"}},{"$f":"SUMIFS('[20]WorkDone DATA'!$L:$L,'[20]WorkDone DATA'!$N:$N,BOQ!BD$6,'[20]WorkDone DATA'!$G:$G,BOQ!$B217)*$G217","v":{"$error":"#VALUE!"}},{"$f":"SUMIFS('[20]WorkDone DATA'!$L:$L,'[20]WorkDone DATA'!$N:$N,BOQ!BE$6,'[20]WorkDone DATA'!$G:$G,BOQ!$B217)*$G217","v":{"$error":"#VALUE!"}},{"$f":"SUMIFS('[20]WorkDone DATA'!$L:$L,'[20]WorkDone DATA'!$N:$N,BOQ!BF$6,'[20]WorkDone DATA'!$G:$G,BOQ!$B217)*$G217","v":{"$error":"#VALUE!"}},{"$f":"SUMIFS('[20]WorkDone DATA'!$L:$L,'[20]WorkDone DATA'!$N:$N,BOQ!BG$6,'[20]WorkDone DATA'!$G:$G,BOQ!$B217)*$G217","v":{"$error":"#VALUE!"}},{"$f":"SUMIFS('[20]WorkDone DATA'!$L:$L,'[20]WorkDone DATA'!$N:$N,BOQ!BH$6,'[20]WorkDone DATA'!$G:$G,BOQ!$B217)*$G217","v":{"$error":"#VALUE!"}},{"$f":"SUMIFS('[20]WorkDone DATA'!$L:$L,'[20]WorkDone DATA'!$N:$N,BOQ!BI$6,'[20]WorkDone DATA'!$G:$G,BOQ!$B217)*$G217","v":{"$error":"#VALUE!"}},{"$f":"SUMIFS('[20]WorkDone DATA'!$L:$L,'[20]WorkDone DATA'!$N:$N,BOQ!BJ$6,'[20]WorkDone DATA'!$G:$G,BOQ!$B217)*$G217","v":{"$error":"#VALUE!"}},{"$f":"SUMIFS('[20]WorkDone DATA'!$L:$L,'[20]WorkDone DATA'!$N:$N,BOQ!BK$6,'[20]WorkDone DATA'!$G:$G,BOQ!$B217)*$G217","v":{"$error":"#VALUE!"}},{"$f":"SUMIFS('[20]WorkDone DATA'!$L:$L,'[20]WorkDone DATA'!$N:$N,BOQ!BL$6,'[20]WorkDone DATA'!$G:$G,BOQ!$B217)*$G217","v":{"$error":"#VALUE!"}},{"$f":"SUMIFS('[20]WorkDone DATA'!$L:$L,'[20]WorkDone DATA'!$N:$N,BOQ!BM$6,'[20]WorkDone DATA'!$G:$G,BOQ!$B217)*$G217","v":{"$error":"#VALUE!"}},{"$f":"SUMIFS('[20]WorkDone DATA'!$L:$L,'[20]WorkDone DATA'!$N:$N,BOQ!BN$6,'[20]WorkDone DATA'!$G:$G,BOQ!$B217)*$G217","v":{"$error":"#VALUE!"}},{"$f":"SUMIFS('[20]WorkDone DATA'!$L:$L,'[20]WorkDone DATA'!$N:$N,BOQ!BO$6,'[20]WorkDone DATA'!$G:$G,BOQ!$B217)*$G217","v":{"$error":"#VALUE!"}},{"$f":"SUMIFS('[20]WorkDone DATA'!$L:$L,'[20]WorkDone DATA'!$N:$N,BOQ!BP$6,'[20]WorkDone DATA'!$G:$G,BOQ!$B217)*$G217","v":{"$error":"#VALUE!"}},{"$f":"SUMIFS('[20]WorkDone DATA'!$L:$L,'[20]WorkDone DATA'!$N:$N,BOQ!BQ$6,'[20]WorkDone DATA'!$G:$G,BOQ!$B217)*$G217","v":{"$error":"#VALUE!"}},{"$f":"SUMIFS('[20]WorkDone DATA'!$L:$L,'[20]WorkDone DATA'!$N:$N,BOQ!BR$6,'[20]WorkDone DATA'!$G:$G,BOQ!$B217)*$G217","v":{"$error":"#VALUE!"}},{"$f":"SUMIFS('[20]WorkDone DATA'!$L:$L,'[20]WorkDone DATA'!$N:$N,BOQ!BS$6,'[20]WorkDone DATA'!$G:$G,BOQ!$B217)*$G217","v":{"$error":"#VALUE!"}},{"$f":"SUMIFS('[20]WorkDone DATA'!$L:$L,'[20]WorkDone DATA'!$N:$N,BOQ!BT$6,'[20]WorkDone DATA'!$G:$G,BOQ!$B217)*$G217","v":{"$error":"#VALUE!"}},{"$f":"SUMIFS('[20]WorkDone DATA'!$L:$L,'[20]WorkDone DATA'!$N:$N,BOQ!BU$6,'[20]WorkDone DATA'!$G:$G,BOQ!$B217)*$G217","v":{"$error":"#VALUE!"}},{"$f":"SUMIFS('[20]WorkDone DATA'!$L:$L,'[20]WorkDone DATA'!$N:$N,BOQ!BV$6,'[20]WorkDone DATA'!$G:$G,BOQ!$B217)*$G217","v":{"$error":"#VALUE!"}},{"$f":"SUMIFS('[20]WorkDone DATA'!$L:$L,'[20]WorkDone DATA'!$N:$N,BOQ!BW$6,'[20]WorkDone DATA'!$G:$G,BOQ!$B217)*$G217","v":{"$error":"#VALUE!"}},{"$f":"SUMIFS('[20]WorkDone DATA'!$L:$L,'[20]WorkDone DATA'!$N:$N,BOQ!BX$6,'[20]WorkDone DATA'!$G:$G,BOQ!$B217)*$G217","v":{"$error":"#VALUE!"}}]
["70mm2 x 3 core (ESW03NCV) 6.35kV/11 kV",{"v":2.11,"d":"2.110"},"70mm2 x 3 core (ESW03NCV) 6.35kV/11 kV","A","each",1,182.03,182.03,null,null,{"$error":"#VALUE!"},{"$error":"#VALUE!"},{"$error":"#VALUE!"},null,{"$error":"#VALUE!"},{"$error":"#VALUE!"},null,{"$f":"SUMIFS('[20]WorkDone DATA'!$L:$L,'[20]WorkDone DATA'!$N:$N,BOQ!S$6,'[20]WorkDone DATA'!$G:$G,BOQ!$B218)","v":{"$error":"#VALUE!"}},{"$error":"#VALUE!"},{"$f":"SUMIFS('[20]WorkDone DATA'!$L:$L,'[20]WorkDone DATA'!$N:$N,BOQ!U$6,'[20]WorkDone DATA'!$G:$G,BOQ!$B218)","v":{"$error":"#VALUE!"}},{"$error":"#VALUE!"},null,{"$f":"SUMIFS('[20]WorkDone DATA'!$L:$L,'[20]WorkDone DATA'!$N:$N,BOQ!W$6,'[20]WorkDone DATA'!$G:$G,BOQ!$B218)*$G218","v":{"$error":"#VALUE!"}},null,{"$f":"SUMIFS('[20]WorkDone DATA'!$L:$L,'[20]WorkDone DATA'!$N:$N,BOQ!Y$6,'[20]WorkDone DATA'!$G:$G,BOQ!$B218)*$G218","v":{"$error":"#VALUE!"}},null,{"$f":"SUMIFS('[20]WorkDone DATA'!$L:$L,'[20]WorkDone DATA'!$N:$N,BOQ!AA$6,'[20]WorkDone DATA'!$G:$G,BOQ!$B218)*$G218","v":{"$error":"#VALUE!"}},{"$f":"SUMIFS('[20]WorkDone DATA'!$L:$L,'[20]WorkDone DATA'!$N:$N,BOQ!AB$6,'[20]WorkDone DATA'!$G:$G,BOQ!$B218)*$G218","v":{"$error":"#VALUE!"}},{"$f":"SUMIFS('[20]WorkDone DATA'!$L:$L,'[20]WorkDone DATA'!$N:$N,BOQ!AC$6,'[20]WorkDone DATA'!$G:$G,BOQ!$B218)*$G218","v":{"$error":"#VALUE!"}},{"$f":"SUMIFS('[20]WorkDone DATA'!$L:$L,'[20]WorkDone DATA'!$N:$N,BOQ!AD$6,'[20]WorkDone DATA'!$G:$G,BOQ!$B218)*$G218","v":{"$error":"#VALUE!"}},{"$f":"SUMIFS('[20]WorkDone DATA'!$L:$L,'[20]WorkDone DATA'!$N:$N,BOQ!AE$6,'[20]WorkDone DATA'!$G:$G,BOQ!$B218)*$G218","v":{"$error":"#VALUE!"}},{"$f":"SUMIFS('[20]WorkDone DATA'!$L:$L,'[20]WorkDone DATA'!$N:$N,BOQ!AF$6,'[20]WorkDone DATA'!$G:$G,BOQ!$B218)*$G218","v":{"$error":"#VALUE!"}},{"$f":"SUMIFS('[20]WorkDone DATA'!$L:$L,'[20]WorkDone DATA'!$N:$N,BOQ!AG$6,'[20]WorkDone DATA'!$G:$G,BOQ!$B218)*$G218","v":{"$error":"#VALUE!"}},{"$f":"SUMIFS('[20]WorkDone DATA'!$L:$L,'[20]WorkDone DATA'!$N:$N,BOQ!AH$6,'[20]WorkDone DATA'!$G:$G,BOQ!$B218)*$G218","v":{"$error":"#VALUE!"}},{"$f":"SUMIFS('[20]WorkDone DATA'!$L:$L,'[20]WorkDone DATA'!$N:$N,BOQ!AI$6,'[20]WorkDone DATA'!$G:$G,BOQ!$B218)*$G218","v":{"$error":"#VALUE!"}},{"$f":"SUMIFS('[20]WorkDone DATA'!$L:$L,'[20]WorkDone DATA'!$N:$N,BOQ!AJ$6,'[20]WorkDone DATA'!$G:$G,BOQ!$B218)*$G218","v":{"$error":"#VALUE!"}},{"$f":"SUMIFS('[20]WorkDone DATA'!$L:$L,'[20]WorkDone DATA'!$N:$N,BOQ!AK$6,'[20]WorkDone DATA'!$G:$G,BOQ!$B218)*$G218","v":{"$error":"#VALUE!"}},{"$f":"SUMIFS('[20]WorkDone DATA'!$L:$L,'[20]WorkDone DATA'!$N:$N,BOQ!AL$6,'[20]WorkDone DATA'!$G:$G,BOQ!$B218)*$G218","v":{"$error":"#VALUE!"}},{"$f":"SUMIFS('[20]WorkDone DATA'!$L:$L,'[20]WorkDone DATA'!$N:$N,BOQ!AM$6,'[20]WorkDone DATA'!$G:$G,BOQ!$B218)*$G218","v":{"$error":"#VALUE!"}},{"$f":"SUMIFS('[20]WorkDone DATA'!$L:$L,'[20]WorkDone DATA'!$N:$N,BOQ!AN$6,'[20]WorkDone DATA'!$G:$G,BOQ!$B218)*$G218","v":{"$error":"#VALUE!"}},{"$f":"SUMIFS('[20]WorkDone DATA'!$L:$L,'[20]WorkDone DATA'!$N:$N,BOQ!AO$6,'[20]WorkDone DATA'!$G:$G,BOQ!$B218)*$G218","v":{"$error":"#VALUE!"}},{"$f":"SUMIFS('[20]WorkDone DATA'!$L:$L,'[20]WorkDone DATA'!$N:$N,BOQ!AP$6,'[20]WorkDone DATA'!$G:$G,BOQ!$B218)*$G218","v":{"$error":"#VALUE!"}},{"$f":"SUMIFS('[20]WorkDone DATA'!$L:$L,'[20]WorkDone DATA'!$N:$N,BOQ!AQ$6,'[20]WorkDone DATA'!$G:$G,BOQ!$B218)*$G218","v":{"$error":"#VALUE!"}},{"$f":"SUMIFS('[20]WorkDone DATA'!$L:$L,'[20]WorkDone DATA'!$N:$N,BOQ!AR$6,'[20]WorkDone DATA'!$G:$G,BOQ!$B218)*$G218","v":{"$error":"#VALUE!"}},{"$f":"SUMIFS('[20]WorkDone DATA'!$L:$L,'[20]WorkDone DATA'!$N:$N,BOQ!AS$6,'[20]WorkDone DATA'!$G:$G,BOQ!$B218)*$G218","v":{"$error":"#VALUE!"}},{"$f":"SUMIFS('[20]WorkDone DATA'!$L:$L,'[20]WorkDone DATA'!$N:$N,BOQ!AT$6,'[20]WorkDone DATA'!$G:$G,BOQ!$B218)*$G218","v":{"$error":"#VALUE!"}},{"$f":"SUMIFS('[20]WorkDone DATA'!$L:$L,'[20]WorkDone DATA'!$N:$N,BOQ!AU$6,'[20]WorkDone DATA'!$G:$G,BOQ!$B218)*$G218","v":{"$error":"#VALUE!"}},{"$f":"SUMIFS('[20]WorkDone DATA'!$L:$L,'[20]WorkDone DATA'!$N:$N,BOQ!AV$6,'[20]WorkDone DATA'!$G:$G,BOQ!$B218)*$G218","v":{"$error":"#VALUE!"}},{"$f":"SUMIFS('[20]WorkDone DATA'!$L:$L,'[20]WorkDone DATA'!$N:$N,BOQ!AW$6,'[20]WorkDone DATA'!$G:$G,BOQ!$B218)*$G218","v":{"$error":"#VALUE!"}},{"$f":"SUMIFS('[20]WorkDone DATA'!$L:$L,'[20]WorkDone DATA'!$N:$N,BOQ!AX$6,'[20]WorkDone DATA'!$G:$G,BOQ!$B218)*$G218","v":{"$error":"#VALUE!"}},{"$f":"SUMIFS('[20]WorkDone DATA'!$L:$L,'[20]WorkDone DATA'!$N:$N,BOQ!AY$6,'[20]WorkDone DATA'!$G:$G,BOQ!$B218)*$G218","v":{"$error":"#VALUE!"}},{"$f":"SUMIFS('[20]WorkDone DATA'!$L:$L,'[20]WorkDone DATA'!$N:$N,BOQ!AZ$6,'[20]WorkDone DATA'!$G:$G,BOQ!$B218)*$G218","v":{"$error":"#VALUE!"}},{"$f":"SUMIFS('[20]WorkDone DATA'!$L:$L,'[20]WorkDone DATA'!$N:$N,BOQ!BA$6,'[20]WorkDone DATA'!$G:$G,BOQ!$B218)*$G218","v":{"$error":"#VALUE!"}},{"$f":"SUMIFS('[20]WorkDone DATA'!$L:$L,'[20]WorkDone DATA'!$N:$N,BOQ!BB$6,'[20]WorkDone DATA'!$G:$G,BOQ!$B218)*$G218","v":{"$error":"#VALUE!"}},{"$f":"SUMIFS('[20]WorkDone DATA'!$L:$L,'[20]WorkDone DATA'!$N:$N,BOQ!BC$6,'[20]WorkDone DATA'!$G:$G,BOQ!$B218)*$G218","v":{"$error":"#VALUE!"}},{"$f":"SUMIFS('[20]WorkDone DATA'!$L:$L,'[20]WorkDone DATA'!$N:$N,BOQ!BD$6,'[20]WorkDone DATA'!$G:$G,BOQ!$B218)*$G218","v":{"$error":"#VALUE!"}},{"$f":"SUMIFS('[20]WorkDone DATA'!$L:$L,'[20]WorkDone DATA'!$N:$N,BOQ!BE$6,'[20]WorkDone DATA'!$G:$G,BOQ!$B218)*$G218","v":{"$error":"#VALUE!"}},{"$f":"SUMIFS('[20]WorkDone DATA'!$L:$L,'[20]WorkDone DATA'!$N:$N,BOQ!BF$6,'[20]WorkDone DATA'!$G:$G,BOQ!$B218)*$G218","v":{"$error":"#VALUE!"}},{"$f":"SUMIFS('[20]WorkDone DATA'!$L:$L,'[20]WorkDone DATA'!$N:$N,BOQ!BG$6,'[20]WorkDone DATA'!$G:$G,BOQ!$B218)*$G218","v":{"$error":"#VALUE!"}},{"$f":"SUMIFS('[20]WorkDone DATA'!$L:$L,'[20]WorkDone DATA'!$N:$N,BOQ!BH$6,'[20]WorkDone DATA'!$G:$G,BOQ!$B218)*$G218","v":{"$error":"#VALUE!"}},{"$f":"SUMIFS('[20]WorkDone DATA'!$L:$L,'[20]WorkDone DATA'!$N:$N,BOQ!BI$6,'[20]WorkDone DATA'!$G:$G,BOQ!$B218)*$G218","v":{"$error":"#VALUE!"}},{"$f":"SUMIFS('[20]WorkDone DATA'!$L:$L,'[20]WorkDone DATA'!$N:$N,BOQ!BJ$6,'[20]WorkDone DATA'!$G:$G,BOQ!$B218)*$G218","v":{"$error":"#VALUE!"}},{"$f":"SUMIFS('[20]WorkDone DATA'!$L:$L,'[20]WorkDone DATA'!$N:$N,BOQ!BK$6,'[20]WorkDone DATA'!$G:$G,BOQ!$B218)*$G218","v":{"$error":"#VALUE!"}},{"$f":"SUMIFS('[20]WorkDone DATA'!$L:$L,'[20]WorkDone DATA'!$N:$N,BOQ!BL$6,'[20]WorkDone DATA'!$G:$G,BOQ!$B218)*$G218","v":{"$error":"#VALUE!"}},{"$f":"SUMIFS('[20]WorkDone DATA'!$L:$L,'[20]WorkDone DATA'!$N:$N,BOQ!BM$6,'[20]WorkDone DATA'!$G:$G,BOQ!$B218)*$G218","v":{"$error":"#VALUE!"}},{"$f":"SUMIFS('[20]WorkDone DATA'!$L:$L,'[20]WorkDone DATA'!$N:$N,BOQ!BN$6,'[20]WorkDone DATA'!$G:$G,BOQ!$B218)*$G218","v":{"$error":"#VALUE!"}},{"$f":"SUMIFS('[20]WorkDone DATA'!$L:$L,'[20]WorkDone DATA'!$N:$N,BOQ!BO$6,'[20]WorkDone DATA'!$G:$G,BOQ!$B218)*$G218","v":{"$error":"#VALUE!"}},{"$f":"SUMIFS('[20]WorkDone DATA'!$L:$L,'[20]WorkDone DATA'!$N:$N,BOQ!BP$6,'[20]WorkDone DATA'!$G:$G,BOQ!$B218)*$G218","v":{"$error":"#VALUE!"}},{"$f":"SUMIFS('[20]WorkDone DATA'!$L:$L,'[20]WorkDone DATA'!$N:$N,BOQ!BQ$6,'[20]WorkDone DATA'!$G:$G,BOQ!$B218)*$G218","v":{"$error":"#VALUE!"}},{"$f":"SUMIFS('[20]WorkDone DATA'!$L:$L,'[20]WorkDone DATA'!$N:$N,BOQ!BR$6,'[20]WorkDone DATA'!$G:$G,BOQ!$B218)*$G218","v":{"$error":"#VALUE!"}},{"$f":"SUMIFS('[20]WorkDone DATA'!$L:$L,'[20]WorkDone DATA'!$N:$N,BOQ!BS$6,'[20]WorkDone DATA'!$G:$G,BOQ!$B218)*$G218","v":{"$error":"#VALUE!"}},{"$f":"SUMIFS('[20]WorkDone DATA'!$L:$L,'[20]WorkDone DATA'!$N:$N,BOQ!BT$6,'[20]WorkDone DATA'!$G:$G,BOQ!$B218)*$G218","v":{"$error":"#VALUE!"}},{"$f":"SUMIFS('[20]WorkDone DATA'!$L:$L,'[20]WorkDone DATA'!$N:$N,BOQ!BU$6,'[20]WorkDone DATA'!$G:$G,BOQ!$B218)*$G218","v":{"$error":"#VALUE!"}},{"$f":"SUMIFS('[20]WorkDone DATA'!$L:$L,'[20]WorkDone DATA'!$N:$N,BOQ!BV$6,'[20]WorkDone DATA'!$G:$G,BOQ!$B218)*$G218","v":{"$error":"#VALUE!"}},{"$f":"SUMIFS('[20]WorkDone DATA'!$L:$L,'[20]WorkDone DATA'!$N:$N,BOQ!BW$6,'[20]WorkDone DATA'!$G:$G,BOQ!$B218)*$G218","v":{"$error":"#VALUE!"}},{"$f":"SUMIFS('[20]WorkDone DATA'!$L:$L,'[20]WorkDone DATA'!$N:$N,BOQ!BX$6,'[20]WorkDone DATA'!$G:$G,BOQ!$B218)*$G218","v":{"$error":"#VALUE!"}}]
[{"$nulls":7},0,{"$nulls":3},{"$error":"#VALUE!"},{"$error":"#VALUE!"},null,0,{"$error":"#VALUE!"},null,{"$f":"SUMIFS('[20]WorkDone DATA'!$L:$L,'[20]WorkDone DATA'!$N:$N,BOQ!S$6,'[20]WorkDone DATA'!$G:$G,BOQ!$B219)","v":{"$error":"#VALUE!"}},{"$error":"#VALUE!"},{"$f":"SUMIFS('[20]WorkDone DATA'!$L:$L,'[20]WorkDone DATA'!$N:$N,BOQ!U$6,'[20]WorkDone DATA'!$G:$G,BOQ!$B219)","v":{"$error":"#VALUE!"}},{"$error":"#VALUE!"},null,{"$f":"SUMIFS('[20]WorkDone DATA'!$L:$L,'[20]WorkDone DATA'!$N:$N,BOQ!W$6,'[20]WorkDone DATA'!$G:$G,BOQ!$B219)*$G219","v":{"$error":"#VALUE!"}},null,{"$f":"SUMIFS('[20]WorkDone DATA'!$L:$L,'[20]WorkDone DATA'!$N:$N,BOQ!Y$6,'[20]WorkDone DATA'!$G:$G,BOQ!$B219)*$G219","v":{"$error":"#VALUE!"}},null,{"$f":"SUMIFS('[20]WorkDone DATA'!$L:$L,'[20]WorkDone DATA'!$N:$N,BOQ!AA$6,'[20]WorkDone DATA'!$G:$G,BOQ!$B219)*$G219","v":{"$error":"#VALUE!"}},{"$f":"SUMIFS('[20]WorkDone DATA'!$L:$L,'[20]WorkDone DATA'!$N:$N,BOQ!AB$6,'[20]WorkDone DATA'!$G:$G,BOQ!$B219)*$G219","v":{"$error":"#VALUE!"}},{"$f":"SUMIFS('[20]WorkDone DATA'!$L:$L,'[20]WorkDone DATA'!$N:$N,BOQ!AC$6,'[20]WorkDone DATA'!$G:$G,BOQ!$B219)*$G219","v":{"$error":"#VALUE!"}},{"$f":"SUMIFS('[20]WorkDone DATA'!$L:$L,'[20]WorkDone DATA'!$N:$N,BOQ!AD$6,'[20]WorkDone DATA'!$G:$G,BOQ!$B219)*$G219","v":{"$error":"#VALUE!"}},{"$f":"SUMIFS('[20]WorkDone DATA'!$L:$L,'[20]WorkDone DATA'!$N:$N,BOQ!AE$6,'[20]WorkDone DATA'!$G:$G,BOQ!$B219)*$G219","v":{"$error":"#VALUE!"}},{"$f":"SUMIFS('[20]WorkDone DATA'!$L:$L,'[20]WorkDone DATA'!$N:$N,BOQ!AF$6,'[20]WorkDone DATA'!$G:$G,BOQ!$B219)*$G219","v":{"$error":"#VALUE!"}},{"$f":"SUMIFS('[20]WorkDone DATA'!$L:$L,'[20]WorkDone DATA'!$N:$N,BOQ!AG$6,'[20]WorkDone DATA'!$G:$G,BOQ!$B219)*$G219","v":{"$error":"#VALUE!"}},{"$f":"SUMIFS('[20]WorkDone DATA'!$L:$L,'[20]WorkDone DATA'!$N:$N,BOQ!AH$6,'[20]WorkDone DATA'!$G:$G,BOQ!$B219)*$G219","v":{"$error":"#VALUE!"}},{"$f":"SUMIFS('[20]WorkDone DATA'!$L:$L,'[20]WorkDone DATA'!$N:$N,BOQ!AI$6,'[20]WorkDone DATA'!$G:$G,BOQ!$B219)*$G219","v":{"$error":"#VALUE!"}},{"$f":"SUMIFS('[20]WorkDone DATA'!$L:$L,'[20]WorkDone DATA'!$N:$N,BOQ!AJ$6,'[20]WorkDone DATA'!$G:$G,BOQ!$B219)*$G219","v":{"$error":"#VALUE!"}},{"$f":"SUMIFS('[20]WorkDone DATA'!$L:$L,'[20]WorkDone DATA'!$N:$N,BOQ!AK$6,'[20]WorkDone DATA'!$G:$G,BOQ!$B219)*$G219","v":{"$error":"#VALUE!"}},{"$f":"SUMIFS('[20]WorkDone DATA'!$L:$L,'[20]WorkDone DATA'!$N:$N,BOQ!AL$6,'[20]WorkDone DATA'!$G:$G,BOQ!$B219)*$G219","v":{"$error":"#VALUE!"}},{"$f":"SUMIFS('[20]WorkDone DATA'!$L:$L,'[20]WorkDone DATA'!$N:$N,BOQ!AM$6,'[20]WorkDone DATA'!$G:$G,BOQ!$B219)*$G219","v":{"$error":"#VALUE!"}},{"$f":"SUMIFS('[20]WorkDone DATA'!$L:$L,'[20]WorkDone DATA'!$N:$N,BOQ!AN$6,'[20]WorkDone DATA'!$G:$G,BOQ!$B219)*$G219","v":{"$error":"#VALUE!"}},{"$f":"SUMIFS('[20]WorkDone DATA'!$L:$L,'[20]WorkDone DATA'!$N:$N,BOQ!AO$6,'[20]WorkDone DATA'!$G:$G,BOQ!$B219)*$G219","v":{"$error":"#VALUE!"}},{"$f":"SUMIFS('[20]WorkDone DATA'!$L:$L,'[20]WorkDone DATA'!$N:$N,BOQ!AP$6,'[20]WorkDone DATA'!$G:$G,BOQ!$B219)*$G219","v":{"$error":"#VALUE!"}},{"$f":"SUMIFS('[20]WorkDone DATA'!$L:$L,'[20]WorkDone DATA'!$N:$N,BOQ!AQ$6,'[20]WorkDone DATA'!$G:$G,BOQ!$B219)*$G219","v":{"$error":"#VALUE!"}},{"$f":"SUMIFS('[20]WorkDone DATA'!$L:$L,'[20]WorkDone DATA'!$N:$N,BOQ!AR$6,'[20]WorkDone DATA'!$G:$G,BOQ!$B219)*$G219","v":{"$error":"#VALUE!"}},{"$f":"SUMIFS('[20]WorkDone DATA'!$L:$L,'[20]WorkDone DATA'!$N:$N,BOQ!AS$6,'[20]WorkDone DATA'!$G:$G,BOQ!$B219)*$G219","v":{"$error":"#VALUE!"}},{"$f":"SUMIFS('[20]WorkDone DATA'!$L:$L,'[20]WorkDone DATA'!$N:$N,BOQ!AT$6,'[20]WorkDone DATA'!$G:$G,BOQ!$B219)*$G219","v":{"$error":"#VALUE!"}},{"$f":"SUMIFS('[20]WorkDone DATA'!$L:$L,'[20]WorkDone DATA'!$N:$N,BOQ!AU$6,'[20]WorkDone DATA'!$G:$G,BOQ!$B219)*$G219","v":{"$error":"#VALUE!"}},{"$f":"SUMIFS('[20]WorkDone DATA'!$L:$L,'[20]WorkDone DATA'!$N:$N,BOQ!AV$6,'[20]WorkDone DATA'!$G:$G,BOQ!$B219)*$G219","v":{"$error":"#VALUE!"}},{"$f":"SUMIFS('[20]WorkDone DATA'!$L:$L,'[20]WorkDone DATA'!$N:$N,BOQ!AW$6,'[20]WorkDone DATA'!$G:$G,BOQ!$B219)*$G219","v":{"$error":"#VALUE!"}},{"$f":"SUMIFS('[20]WorkDone DATA'!$L:$L,'[20]WorkDone DATA'!$N:$N,BOQ!AX$6,'[20]WorkDone DATA'!$G:$G,BOQ!$B219)*$G219","v":{"$error":"#VALUE!"}},{"$f":"SUMIFS('[20]WorkDone DATA'!$L:$L,'[20]WorkDone DATA'!$N:$N,BOQ!AY$6,'[20]WorkDone DATA'!$G:$G,BOQ!$B219)*$G219","v":{"$error":"#VALUE!"}},{"$f":"SUMIFS('[20]WorkDone DATA'!$L:$L,'[20]WorkDone DATA'!$N:$N,BOQ!AZ$6,'[20]WorkDone DATA'!$G:$G,BOQ!$B219)*$G219","v":{"$error":"#VALUE!"}},{"$f":"SUMIFS('[20]WorkDone DATA'!$L:$L,'[20]WorkDone DATA'!$N:$N,BOQ!BA$6,'[20]WorkDone DATA'!$G:$G,BOQ!$B219)*$G219","v":{"$error":"#VALUE!"}},{"$f":"SUMIFS('[20]WorkDone DATA'!$L:$L,'[20]WorkDone DATA'!$N:$N,BOQ!BB$6,'[20]WorkDone DATA'!$G:$G,BOQ!$B219)*$G219","v":{"$error":"#VALUE!"}},{"$f":"SUMIFS('[20]WorkDone DATA'!$L:$L,'[20]WorkDone DATA'!$N:$N,BOQ!BC$6,'[20]WorkDone DATA'!$G:$G,BOQ!$B219)*$G219","v":{"$error":"#VALUE!"}},{"$f":"SUMIFS('[20]WorkDone DATA'!$L:$L,'[20]WorkDone DATA'!$N:$N,BOQ!BD$6,'[20]WorkDone DATA'!$G:$G,BOQ!$B219)*$G219","v":{"$error":"#VALUE!"}},{"$f":"SUMIFS('[20]WorkDone DATA'!$L:$L,'[20]WorkDone DATA'!$N:$N,BOQ!BE$6,'[20]WorkDone DATA'!$G:$G,BOQ!$B219)*$G219","v":{"$error":"#VALUE!"}},{"$f":"SUMIFS('[20]WorkDone DATA'!$L:$L,'[20]WorkDone DATA'!$N:$N,BOQ!BF$6,'[20]WorkDone DATA'!$G:$G,BOQ!$B219)*$G219","v":{"$error":"#VALUE!"}},{"$f":"SUMIFS('[20]WorkDone DATA'!$L:$L,'[20]WorkDone DATA'!$N:$N,BOQ!BG$6,'[20]WorkDone DATA'!$G:$G,BOQ!$B219)*$G219","v":{"$error":"#VALUE!"}},{"$f":"SUMIFS('[20]WorkDone DATA'!$L:$L,'[20]WorkDone DATA'!$N:$N,BOQ!BH$6,'[20]WorkDone DATA'!$G:$G,BOQ!$B219)*$G219","v":{"$error":"#VALUE!"}},{"$f":"SUMIFS('[20]WorkDone DATA'!$L:$L,'[20]WorkDone DATA'!$N:$N,BOQ!BI$6,'[20]WorkDone DATA'!$G:$G,BOQ!$B219)*$G219","v":{"$error":"#VALUE!"}},{"$f":"SUMIFS('[20]WorkDone DATA'!$L:$L,'[20]WorkDone DATA'!$N:$N,BOQ!BJ$6,'[20]WorkDone DATA'!$G:$G,BOQ!$B219)*$G219","v":{"$error":"#VALUE!"}},{"$f":"SUMIFS('[20]WorkDone DATA'!$L:$L,'[20]WorkDone DATA'!$N:$N,BOQ!BK$6,'[20]WorkDone DATA'!$G:$G,BOQ!$B219)*$G219","v":{"$error":"#VALUE!"}},{"$f":"SUMIFS('[20]WorkDone DATA'!$L:$L,'[20]WorkDone DATA'!$N:$N,BOQ!BL$6,'[20]WorkDone DATA'!$G:$G,BOQ!$B219)*$G219","v":{"$error":"#VALUE!"}},{"$f":"SUMIFS('[20]WorkDone DATA'!$L:$L,'[20]WorkDone DATA'!$N:$N,BOQ!BM$6,'[20]WorkDone DATA'!$G:$G,BOQ!$B219)*$G219","v":{"$error":"#VALUE!"}},{"$f":"SUMIFS('[20]WorkDone DATA'!$L:$L,'[20]WorkDone DATA'!$N:$N,BOQ!BN$6,'[20]WorkDone DATA'!$G:$G,BOQ!$B219)*$G219","v":{"$error":"#VALUE!"}},{"$f":"SUMIFS('[20]WorkDone DATA'!$L:$L,'[20]WorkDone DATA'!$N:$N,BOQ!BO$6,'[20]WorkDone DATA'!$G:$G,BOQ!$B219)*$G219","v":{"$error":"#VALUE!"}},{"$f":"SUMIFS('[20]WorkDone DATA'!$L:$L,'[20]WorkDone DATA'!$N:$N,BOQ!BP$6,'[20]WorkDone DATA'!$G:$G,BOQ!$B219)*$G219","v":{"$error":"#VALUE!"}},{"$f":"SUMIFS('[20]WorkDone DATA'!$L:$L,'[20]WorkDone DATA'!$N:$N,BOQ!BQ$6,'[20]WorkDone DATA'!$G:$G,BOQ!$B219)*$G219","v":{"$error":"#VALUE!"}},{"$f":"SUMIFS('[20]WorkDone DATA'!$L:$L,'[20]WorkDone DATA'!$N:$N,BOQ!BR$6,'[20]WorkDone DATA'!$G:$G,BOQ!$B219)*$G219","v":{"$error":"#VALUE!"}},{"$f":"SUMIFS('[20]WorkDone DATA'!$L:$L,'[20]WorkDone DATA'!$N:$N,BOQ!BS$6,'[20]WorkDone DATA'!$G:$G,BOQ!$B219)*$G219","v":{"$error":"#VALUE!"}},{"$f":"SUMIFS('[20]WorkDone DATA'!$L:$L,'[20]WorkDone DATA'!$N:$N,BOQ!BT$6,'[20]WorkDone DATA'!$G:$G,BOQ!$B219)*$G219","v":{"$error":"#VALUE!"}},{"$f":"SUMIFS('[20]WorkDone DATA'!$L:$L,'[20]WorkDone DATA'!$N:$N,BOQ!BU$6,'[20]WorkDone DATA'!$G:$G,BOQ!$B219)*$G219","v":{"$error":"#VALUE!"}},{"$f":"SUMIFS('[20]WorkDone DATA'!$L:$L,'[20]WorkDone DATA'!$N:$N,BOQ!BV$6,'[20]WorkDone DATA'!$G:$G,BOQ!$B219)*$G219","v":{"$error":"#VALUE!"}},{"$f":"SUMIFS('[20]WorkDone DATA'!$L:$L,'[20]WorkDone DATA'!$N:$N,BOQ!BW$6,'[20]WorkDone DATA'!$G:$G,BOQ!$B219)*$G219","v":{"$error":"#VALUE!"}},{"$f":"SUMIFS('[20]WorkDone DATA'!$L:$L,'[20]WorkDone DATA'!$N:$N,BOQ!BX$6,'[20]WorkDone DATA'!$G:$G,BOQ!$B219)*$G219","v":{"$error":"#VALUE!"}}]
[null,null,"PILC 3.3kV",{"$nulls":4},0,{"$nulls":3},{"$error":"#VALUE!"},{"$error":"#VALUE!"},null,0,{"$error":"#VALUE!"},null,{"$f":"SUMIFS('[20]WorkDone DATA'!$L:$L,'[20]WorkDone DATA'!$N:$N,BOQ!S$6,'[20]WorkDone DATA'!$G:$G,BOQ!$B220)","v":{"$error":"#VALUE!"}},{"$error":"#VALUE!"},{"$f":"SUMIFS('[20]WorkDone DATA'!$L:$L,'[20]WorkDone DATA'!$N:$N,BOQ!U$6,'[20]WorkDone DATA'!$G:$G,BOQ!$B220)","v":{"$error":"#VALUE!"}},{"$error":"#VALUE!"},null,{"$f":"SUMIFS('[20]WorkDone DATA'!$L:$L,'[20]WorkDone DATA'!$N:$N,BOQ!W$6,'[20]WorkDone DATA'!$G:$G,BOQ!$B220)*$G220","v":{"$error":"#VALUE!"}},null,{"$f":"SUMIFS('[20]WorkDone DATA'!$L:$L,'[20]WorkDone DATA'!$N:$N,BOQ!Y$6,'[20]WorkDone DATA'!$G:$G,BOQ!$B220)*$G220","v":{"$error":"#VALUE!"}},null,{"$f":"SUMIFS('[20]WorkDone DATA'!$L:$L,'[20]WorkDone DATA'!$N:$N,BOQ!AA$6,'[20]WorkDone DATA'!$G:$G,BOQ!$B220)*$G220","v":{"$error":"#VALUE!"}},{"$f":"SUMIFS('[20]WorkDone DATA'!$L:$L,'[20]WorkDone DATA'!$N:$N,BOQ!AB$6,'[20]WorkDone DATA'!$G:$G,BOQ!$B220)*$G220","v":{"$error":"#VALUE!"}},{"$f":"SUMIFS('[20]WorkDone DATA'!$L:$L,'[20]WorkDone DATA'!$N:$N,BOQ!AC$6,'[20]WorkDone DATA'!$G:$G,BOQ!$B220)*$G220","v":{"$error":"#VALUE!"}},{"$f":"SUMIFS('[20]WorkDone DATA'!$L:$L,'[20]WorkDone DATA'!$N:$N,BOQ!AD$6,'[20]WorkDone DATA'!$G:$G,BOQ!$B220)*$G220","v":{"$error":"#VALUE!"}},{"$f":"SUMIFS('[20]WorkDone DATA'!$L:$L,'[20]WorkDone DATA'!$N:$N,BOQ!AE$6,'[20]WorkDone DATA'!$G:$G,BOQ!$B220)*$G220","v":{"$error":"#VALUE!"}},{"$f":"SUMIFS('[20]WorkDone DATA'!$L:$L,'[20]WorkDone DATA'!$N:$N,BOQ!AF$6,'[20]WorkDone DATA'!$G:$G,BOQ!$B220)*$G220","v":{"$error":"#VALUE!"}},{"$f":"SUMIFS('[20]WorkDone DATA'!$L:$L,'[20]WorkDone DATA'!$N:$N,BOQ!AG$6,'[20]WorkDone DATA'!$G:$G,BOQ!$B220)*$G220","v":{"$error":"#VALUE!"}},{"$f":"SUMIFS('[20]WorkDone DATA'!$L:$L,'[20]WorkDone DATA'!$N:$N,BOQ!AH$6,'[20]WorkDone DATA'!$G:$G,BOQ!$B220)*$G220","v":{"$error":"#VALUE!"}},{"$f":"SUMIFS('[20]WorkDone DATA'!$L:$L,'[20]WorkDone DATA'!$N:$N,BOQ!AI$6,'[20]WorkDone DATA'!$G:$G,BOQ!$B220)*$G220","v":{"$error":"#VALUE!"}},{"$f":"SUMIFS('[20]WorkDone DATA'!$L:$L,'[20]WorkDone DATA'!$N:$N,BOQ!AJ$6,'[20]WorkDone DATA'!$G:$G,BOQ!$B220)*$G220","v":{"$error":"#VALUE!"}},{"$f":"SUMIFS('[20]WorkDone DATA'!$L:$L,'[20]WorkDone DATA'!$N:$N,BOQ!AK$6,'[20]WorkDone DATA'!$G:$G,BOQ!$B220)*$G220","v":{"$error":"#VALUE!"}},{"$f":"SUMIFS('[20]WorkDone DATA'!$L:$L,'[20]WorkDone DATA'!$N:$N,BOQ!AL$6,'[20]WorkDone DATA'!$G:$G,BOQ!$B220)*$G220","v":{"$error":"#VALUE!"}},{"$f":"SUMIFS('[20]WorkDone DATA'!$L:$L,'[20]WorkDone DATA'!$N:$N,BOQ!AM$6,'[20]WorkDone DATA'!$G:$G,BOQ!$B220)*$G220","v":{"$error":"#VALUE!"}},{"$f":"SUMIFS('[20]WorkDone DATA'!$L:$L,'[20]WorkDone DATA'!$N:$N,BOQ!AN$6,'[20]WorkDone DATA'!$G:$G,BOQ!$B220)*$G220","v":{"$error":"#VALUE!"}},{"$f":"SUMIFS('[20]WorkDone DATA'!$L:$L,'[20]WorkDone DATA'!$N:$N,BOQ!AO$6,'[20]WorkDone DATA'!$G:$G,BOQ!$B220)*$G220","v":{"$error":"#VALUE!"}},{"$f":"SUMIFS('[20]WorkDone DATA'!$L:$L,'[20]WorkDone DATA'!$N:$N,BOQ!AP$6,'[20]WorkDone DATA'!$G:$G,BOQ!$B220)*$G220","v":{"$error":"#VALUE!"}},{"$f":"SUMIFS('[20]WorkDone DATA'!$L:$L,'[20]WorkDone DATA'!$N:$N,BOQ!AQ$6,'[20]WorkDone DATA'!$G:$G,BOQ!$B220)*$G220","v":{"$error":"#VALUE!"}},{"$f":"SUMIFS('[20]WorkDone DATA'!$L:$L,'[20]WorkDone DATA'!$N:$N,BOQ!AR$6,'[20]WorkDone DATA'!$G:$G,BOQ!$B220)*$G220","v":{"$error":"#VALUE!"}},{"$f":"SUMIFS('[20]WorkDone DATA'!$L:$L,'[20]WorkDone DATA'!$N:$N,BOQ!AS$6,'[20]WorkDone DATA'!$G:$G,BOQ!$B220)*$G220","v":{"$error":"#VALUE!"}},{"$f":"SUMIFS('[20]WorkDone DATA'!$L:$L,'[20]WorkDone DATA'!$N:$N,BOQ!AT$6,'[20]WorkDone DATA'!$G:$G,BOQ!$B220)*$G220","v":{"$error":"#VALUE!"}},{"$f":"SUMIFS('[20]WorkDone DATA'!$L:$L,'[20]WorkDone DATA'!$N:$N,BOQ!AU$6,'[20]WorkDone DATA'!$G:$G,BOQ!$B220)*$G220","v":{"$error":"#VALUE!"}},{"$f":"SUMIFS('[20]WorkDone DATA'!$L:$L,'[20]WorkDone DATA'!$N:$N,BOQ!AV$6,'[20]WorkDone DATA'!$G:$G,BOQ!$B220)*$G220","v":{"$error":"#VALUE!"}},{"$f":"SUMIFS('[20]WorkDone DATA'!$L:$L,'[20]WorkDone DATA'!$N:$N,BOQ!AW$6,'[20]WorkDone DATA'!$G:$G,BOQ!$B220)*$G220","v":{"$error":"#VALUE!"}},{"$f":"SUMIFS('[20]WorkDone DATA'!$L:$L,'[20]WorkDone DATA'!$N:$N,BOQ!AX$6,'[20]WorkDone DATA'!$G:$G,BOQ!$B220)*$G220","v":{"$error":"#VALUE!"}},{"$f":"SUMIFS('[20]WorkDone DATA'!$L:$L,'[20]WorkDone DATA'!$N:$N,BOQ!AY$6,'[20]WorkDone DATA'!$G:$G,BOQ!$B220)*$G220","v":{"$error":"#VALUE!"}},{"$f":"SUMIFS('[20]WorkDone DATA'!$L:$L,'[20]WorkDone DATA'!$N:$N,BOQ!AZ$6,'[20]WorkDone DATA'!$G:$G,BOQ!$B220)*$G220","v":{"$error":"#VALUE!"}},{"$f":"SUMIFS('[20]WorkDone DATA'!$L:$L,'[20]WorkDone DATA'!$N:$N,BOQ!BA$6,'[20]WorkDone DATA'!$G:$G,BOQ!$B220)*$G220","v":{"$error":"#VALUE!"}},{"$f":"SUMIFS('[20]WorkDone DATA'!$L:$L,'[20]WorkDone DATA'!$N:$N,BOQ!BB$6,'[20]WorkDone DATA'!$G:$G,BOQ!$B220)*$G220","v":{"$error":"#VALUE!"}},{"$f":"SUMIFS('[20]WorkDone DATA'!$L:$L,'[20]WorkDone DATA'!$N:$N,BOQ!BC$6,'[20]WorkDone DATA'!$G:$G,BOQ!$B220)*$G220","v":{"$error":"#VALUE!"}},{"$f":"SUMIFS('[20]WorkDone DATA'!$L:$L,'[20]WorkDone DATA'!$N:$N,BOQ!BD$6,'[20]WorkDone DATA'!$G:$G,BOQ!$B220)*$G220","v":{"$error":"#VALUE!"}},{"$f":"SUMIFS('[20]WorkDone DATA'!$L:$L,'[20]WorkDone DATA'!$N:$N,BOQ!BE$6,'[20]WorkDone DATA'!$G:$G,BOQ!$B220)*$G220","v":{"$error":"#VALUE!"}},{"$f":"SUMIFS('[20]WorkDone DATA'!$L:$L,'[20]WorkDone DATA'!$N:$N,BOQ!BF$6,'[20]WorkDone DATA'!$G:$G,BOQ!$B220)*$G220","v":{"$error":"#VALUE!"}},{"$f":"SUMIFS('[20]WorkDone DATA'!$L:$L,'[20]WorkDone DATA'!$N:$N,BOQ!BG$6,'[20]WorkDone DATA'!$G:$G,BOQ!$B220)*$G220","v":{"$error":"#VALUE!"}},{"$f":"SUMIFS('[20]WorkDone DATA'!$L:$L,'[20]WorkDone DATA'!$N:$N,BOQ!BH$6,'[20]WorkDone DATA'!$G:$G,BOQ!$B220)*$G220","v":{"$error":"#VALUE!"}},{"$f":"SUMIFS('[20]WorkDone DATA'!$L:$L,'[20]WorkDone DATA'!$N:$N,BOQ!BI$6,'[20]WorkDone DATA'!$G:$G,BOQ!$B220)*$G220","v":{"$error":"#VALUE!"}},{"$f":"SUMIFS('[20]WorkDone DATA'!$L:$L,'[20]WorkDone DATA'!$N:$N,BOQ!BJ$6,'[20]WorkDone DATA'!$G:$G,BOQ!$B220)*$G220","v":{"$error":"#VALUE!"}},{"$f":"SUMIFS('[20]WorkDone DATA'!$L:$L,'[20]WorkDone DATA'!$N:$N,BOQ!BK$6,'[20]WorkDone DATA'!$G:$G,BOQ!$B220)*$G220","v":{"$error":"#VALUE!"}},{"$f":"SUMIFS('[20]WorkDone DATA'!$L:$L,'[20]WorkDone DATA'!$N:$N,BOQ!BL$6,'[20]WorkDone DATA'!$G:$G,BOQ!$B220)*$G220","v":{"$error":"#VALUE!"}},{"$f":"SUMIFS('[20]WorkDone DATA'!$L:$L,'[20]WorkDone DATA'!$N:$N,BOQ!BM$6,'[20]WorkDone DATA'!$G:$G,BOQ!$B220)*$G220","v":{"$error":"#VALUE!"}},{"$f":"SUMIFS('[20]WorkDone DATA'!$L:$L,'[20]WorkDone DATA'!$N:$N,BOQ!BN$6,'[20]WorkDone DATA'!$G:$G,BOQ!$B220)*$G220","v":{"$error":"#VALUE!"}},{"$f":"SUMIFS('[20]WorkDone DATA'!$L:$L,'[20]WorkDone DATA'!$N:$N,BOQ!BO$6,'[20]WorkDone DATA'!$G:$G,BOQ!$B220)*$G220","v":{"$error":"#VALUE!"}},{"$f":"SUMIFS('[20]WorkDone DATA'!$L:$L,'[20]WorkDone DATA'!$N:$N,BOQ!BP$6,'[20]WorkDone DATA'!$G:$G,BOQ!$B220)*$G220","v":{"$error":"#VALUE!"}},{"$f":"SUMIFS('[20]WorkDone DATA'!$L:$L,'[20]WorkDone DATA'!$N:$N,BOQ!BQ$6,'[20]WorkDone DATA'!$G:$G,BOQ!$B220)*$G220","v":{"$error":"#VALUE!"}},{"$f":"SUMIFS('[20]WorkDone DATA'!$L:$L,'[20]WorkDone DATA'!$N:$N,BOQ!BR$6,'[20]WorkDone DATA'!$G:$G,BOQ!$B220)*$G220","v":{"$error":"#VALUE!"}},{"$f":"SUMIFS('[20]WorkDone DATA'!$L:$L,'[20]WorkDone DATA'!$N:$N,BOQ!BS$6,'[20]WorkDone DATA'!$G:$G,BOQ!$B220)*$G220","v":{"$error":"#VALUE!"}},{"$f":"SUMIFS('[20]WorkDone DATA'!$L:$L,'[20]WorkDone DATA'!$N:$N,BOQ!BT$6,'[20]WorkDone DATA'!$G:$G,BOQ!$B220)*$G220","v":{"$error":"#VALUE!"}},{"$f":"SUMIFS('[20]WorkDone DATA'!$L:$L,'[20]WorkDone DATA'!$N:$N,BOQ!BU$6,'[20]WorkDone DATA'!$G:$G,BOQ!$B220)*$G220","v":{"$error":"#VALUE!"}},{"$f":"SUMIFS('[20]WorkDone DATA'!$L:$L,'[20]WorkDone DATA'!$N:$N,BOQ!BV$6,'[20]WorkDone DATA'!$G:$G,BOQ!$B220)*$G220","v":{"$error":"#VALUE!"}},{"$f":"SUMIFS('[20]WorkDone DATA'!$L:$L,'[20]WorkDone DATA'!$N:$N,BOQ!BW$6,'[20]WorkDone DATA'!$G:$G,BOQ!$B220)*$G220","v":{"$error":"#VALUE!"}},{"$f":"SUMIFS('[20]WorkDone DATA'!$L:$L,'[20]WorkDone DATA'!$N:$N,BOQ!BX$6,'[20]WorkDone DATA'!$G:$G,BOQ!$B220)*$G220","v":{"$error":"#VALUE!"}}]
[{"$f":"C221","v":"630mm2 x 1core (CPL01XCV)  3.8kV/6.6kV"},2.111,"630mm2 x 1core (CPL01XCV)  3.8kV/6.6kV","A","each",36,182.03,{"v":6553.08,"d":"6,553.08"},null,null,{"$error":"#VALUE!"},{"$error":"#VALUE!"},{"$error":"#VALUE!"},null,{"$error":"#VALUE!"},{"$error":"#VALUE!"},null,{"$f":"SUMIFS('[20]WorkDone DATA'!$L:$L,'[20]WorkDone DATA'!$N:$N,BOQ!S$6,'[20]WorkDone DATA'!$G:$G,BOQ!$B221)","v":{"$error":"#VALUE!"}},{"$error":"#VALUE!"},{"$f":"SUMIFS('[20]WorkDone DATA'!$L:$L,'[20]WorkDone DATA'!$N:$N,BOQ!U$6,'[20]WorkDone DATA'!$G:$G,BOQ!$B221)","v":{"$error":"#VALUE!"}},{"$error":"#VALUE!"},null,{"$f":"SUMIFS('[20]WorkDone DATA'!$L:$L,'[20]WorkDone DATA'!$N:$N,BOQ!W$6,'[20]WorkDone DATA'!$G:$G,BOQ!$B221)*$G221","v":{"$error":"#VALUE!"}},null,{"$f":"SUMIFS('[20]WorkDone DATA'!$L:$L,'[20]WorkDone DATA'!$N:$N,BOQ!Y$6,'[20]WorkDone DATA'!$G:$G,BOQ!$B221)*$G221","v":{"$error":"#VALUE!"}},null,{"$f":"SUMIFS('[20]WorkDone DATA'!$L:$L,'[20]WorkDone DATA'!$N:$N,BOQ!AA$6,'[20]WorkDone DATA'!$G:$G,BOQ!$B221)*$G221","v":{"$error":"#VALUE!"}},{"$f":"SUMIFS('[20]WorkDone DATA'!$L:$L,'[20]WorkDone DATA'!$N:$N,BOQ!AB$6,'[20]WorkDone DATA'!$G:$G,BOQ!$B221)*$G221","v":{"$error":"#VALUE!"}},{"$f":"SUMIFS('[20]WorkDone DATA'!$L:$L,'[20]WorkDone DATA'!$N:$N,BOQ!AC$6,'[20]WorkDone DATA'!$G:$G,BOQ!$B221)*$G221","v":{"$error":"#VALUE!"}},{"$f":"SUMIFS('[20]WorkDone DATA'!$L:$L,'[20]WorkDone DATA'!$N:$N,BOQ!AD$6,'[20]WorkDone DATA'!$G:$G,BOQ!$B221)*$G221","v":{"$error":"#VALUE!"}},{"$f":"SUMIFS('[20]WorkDone DATA'!$L:$L,'[20]WorkDone DATA'!$N:$N,BOQ!AE$6,'[20]WorkDone DATA'!$G:$G,BOQ!$B221)*$G221","v":{"$error":"#VALUE!"}},{"$f":"SUMIFS('[20]WorkDone DATA'!$L:$L,'[20]WorkDone DATA'!$N:$N,BOQ!AF$6,'[20]WorkDone DATA'!$G:$G,BOQ!$B221)*$G221","v":{"$error":"#VALUE!"}},{"$f":"SUMIFS('[20]WorkDone DATA'!$L:$L,'[20]WorkDone DATA'!$N:$N,BOQ!AG$6,'[20]WorkDone DATA'!$G:$G,BOQ!$B221)*$G221","v":{"$error":"#VALUE!"}},{"$f":"SUMIFS('[20]WorkDone DATA'!$L:$L,'[20]WorkDone DATA'!$N:$N,BOQ!AH$6,'[20]WorkDone DATA'!$G:$G,BOQ!$B221)*$G221","v":{"$error":"#VALUE!"}},{"$f":"SUMIFS('[20]WorkDone DATA'!$L:$L,'[20]WorkDone DATA'!$N:$N,BOQ!AI$6,'[20]WorkDone DATA'!$G:$G,BOQ!$B221)*$G221","v":{"$error":"#VALUE!"}},{"$f":"SUMIFS('[20]WorkDone DATA'!$L:$L,'[20]WorkDone DATA'!$N:$N,BOQ!AJ$6,'[20]WorkDone DATA'!$G:$G,BOQ!$B221)*$G221","v":{"$error":"#VALUE!"}},{"$f":"SUMIFS('[20]WorkDone DATA'!$L:$L,'[20]WorkDone DATA'!$N:$N,BOQ!AK$6,'[20]WorkDone DATA'!$G:$G,BOQ!$B221)*$G221","v":{"$error":"#VALUE!"}},{"$f":"SUMIFS('[20]WorkDone DATA'!$L:$L,'[20]WorkDone DATA'!$N:$N,BOQ!AL$6,'[20]WorkDone DATA'!$G:$G,BOQ!$B221)*$G221","v":{"$error":"#VALUE!"}},{"$f":"SUMIFS('[20]WorkDone DATA'!$L:$L,'[20]WorkDone DATA'!$N:$N,BOQ!AM$6,'[20]WorkDone DATA'!$G:$G,BOQ!$B221)*$G221","v":{"$error":"#VALUE!"}},{"$f":"SUMIFS('[20]WorkDone DATA'!$L:$L,'[20]WorkDone DATA'!$N:$N,BOQ!AN$6,'[20]WorkDone DATA'!$G:$G,BOQ!$B221)*$G221","v":{"$error":"#VALUE!"}},{"$f":"SUMIFS('[20]WorkDone DATA'!$L:$L,'[20]WorkDone DATA'!$N:$N,BOQ!AO$6,'[20]WorkDone DATA'!$G:$G,BOQ!$B221)*$G221","v":{"$error":"#VALUE!"}},{"$f":"SUMIFS('[20]WorkDone DATA'!$L:$L,'[20]WorkDone DATA'!$N:$N,BOQ!AP$6,'[20]WorkDone DATA'!$G:$G,BOQ!$B221)*$G221","v":{"$error":"#VALUE!"}},{"$f":"SUMIFS('[20]WorkDone DATA'!$L:$L,'[20]WorkDone DATA'!$N:$N,BOQ!AQ$6,'[20]WorkDone DATA'!$G:$G,BOQ!$B221)*$G221","v":{"$error":"#VALUE!"}},{"$f":"SUMIFS('[20]WorkDone DATA'!$L:$L,'[20]WorkDone DATA'!$N:$N,BOQ!AR$6,'[20]WorkDone DATA'!$G:$G,BOQ!$B221)*$G221","v":{"$error":"#VALUE!"}},{"$f":"SUMIFS('[20]WorkDone DATA'!$L:$L,'[20]WorkDone DATA'!$N:$N,BOQ!AS$6,'[20]WorkDone DATA'!$G:$G,BOQ!$B221)*$G221","v":{"$error":"#VALUE!"}},{"$f":"SUMIFS('[20]WorkDone DATA'!$L:$L,'[20]WorkDone DATA'!$N:$N,BOQ!AT$6,'[20]WorkDone DATA'!$G:$G,BOQ!$B221)*$G221","v":{"$error":"#VALUE!"}},{"$f":"SUMIFS('[20]WorkDone DATA'!$L:$L,'[20]WorkDone DATA'!$N:$N,BOQ!AU$6,'[20]WorkDone DATA'!$G:$G,BOQ!$B221)*$G221","v":{"$error":"#VALUE!"}},{"$f":"SUMIFS('[20]WorkDone DATA'!$L:$L,'[20]WorkDone DATA'!$N:$N,BOQ!AV$6,'[20]WorkDone DATA'!$G:$G,BOQ!$B221)*$G221","v":{"$error":"#VALUE!"}},{"$f":"SUMIFS('[20]WorkDone DATA'!$L:$L,'[20]WorkDone DATA'!$N:$N,BOQ!AW$6,'[20]WorkDone DATA'!$G:$G,BOQ!$B221)*$G221","v":{"$error":"#VALUE!"}},{"$f":"SUMIFS('[20]WorkDone DATA'!$L:$L,'[20]WorkDone DATA'!$N:$N,BOQ!AX$6,'[20]WorkDone DATA'!$G:$G,BOQ!$B221)*$G221","v":{"$error":"#VALUE!"}},{"$f":"SUMIFS('[20]WorkDone DATA'!$L:$L,'[20]WorkDone DATA'!$N:$N,BOQ!AY$6,'[20]WorkDone DATA'!$G:$G,BOQ!$B221)*$G221","v":{"$error":"#VALUE!"}},{"$f":"SUMIFS('[20]WorkDone DATA'!$L:$L,'[20]WorkDone DATA'!$N:$N,BOQ!AZ$6,'[20]WorkDone DATA'!$G:$G,BOQ!$B221)*$G221","v":{"$error":"#VALUE!"}},{"$f":"SUMIFS('[20]WorkDone DATA'!$L:$L,'[20]WorkDone DATA'!$N:$N,BOQ!BA$6,'[20]WorkDone DATA'!$G:$G,BOQ!$B221)*$G221","v":{"$error":"#VALUE!"}},{"$f":"SUMIFS('[20]WorkDone DATA'!$L:$L,'[20]WorkDone DATA'!$N:$N,BOQ!BB$6,'[20]WorkDone DATA'!$G:$G,BOQ!$B221)*$G221","v":{"$error":"#VALUE!"}},{"$f":"SUMIFS('[20]WorkDone DATA'!$L:$L,'[20]WorkDone DATA'!$N:$N,BOQ!BC$6,'[20]WorkDone DATA'!$G:$G,BOQ!$B221)*$G221","v":{"$error":"#VALUE!"}},{"$f":"SUMIFS('[20]WorkDone DATA'!$L:$L,'[20]WorkDone DATA'!$N:$N,BOQ!BD$6,'[20]WorkDone DATA'!$G:$G,BOQ!$B221)*$G221","v":{"$error":"#VALUE!"}},{"$f":"SUMIFS('[20]WorkDone DATA'!$L:$L,'[20]WorkDone DATA'!$N:$N,BOQ!BE$6,'[20]WorkDone DATA'!$G:$G,BOQ!$B221)*$G221","v":{"$error":"#VALUE!"}},{"$f":"SUMIFS('[20]WorkDone DATA'!$L:$L,'[20]WorkDone DATA'!$N:$N,BOQ!BF$6,'[20]WorkDone DATA'!$G:$G,BOQ!$B221)*$G221","v":{"$error":"#VALUE!"}},{"$f":"SUMIFS('[20]WorkDone DATA'!$L:$L,'[20]WorkDone DATA'!$N:$N,BOQ!BG$6,'[20]WorkDone DATA'!$G:$G,BOQ!$B221)*$G221","v":{"$error":"#VALUE!"}},{"$f":"SUMIFS('[20]WorkDone DATA'!$L:$L,'[20]WorkDone DATA'!$N:$N,BOQ!BH$6,'[20]WorkDone DATA'!$G:$G,BOQ!$B221)*$G221","v":{"$error":"#VALUE!"}},{"$f":"SUMIFS('[20]WorkDone DATA'!$L:$L,'[20]WorkDone DATA'!$N:$N,BOQ!BI$6,'[20]WorkDone DATA'!$G:$G,BOQ!$B221)*$G221","v":{"$error":"#VALUE!"}},{"$f":"SUMIFS('[20]WorkDone DATA'!$L:$L,'[20]WorkDone DATA'!$N:$N,BOQ!BJ$6,'[20]WorkDone DATA'!$G:$G,BOQ!$B221)*$G221","v":{"$error":"#VALUE!"}},{"$f":"SUMIFS('[20]WorkDone DATA'!$L:$L,'[20]WorkDone DATA'!$N:$N,BOQ!BK$6,'[20]WorkDone DATA'!$G:$G,BOQ!$B221)*$G221","v":{"$error":"#VALUE!"}},{"$f":"SUMIFS('[20]WorkDone DATA'!$L:$L,'[20]WorkDone DATA'!$N:$N,BOQ!BL$6,'[20]WorkDone DATA'!$G:$G,BOQ!$B221)*$G221","v":{"$error":"#VALUE!"}},{"$f":"SUMIFS('[20]WorkDone DATA'!$L:$L,'[20]WorkDone DATA'!$N:$N,BOQ!BM$6,'[20]WorkDone DATA'!$G:$G,BOQ!$B221)*$G221","v":{"$error":"#VALUE!"}},{"$f":"SUMIFS('[20]WorkDone DATA'!$L:$L,'[20]WorkDone DATA'!$N:$N,BOQ!BN$6,'[20]WorkDone DATA'!$G:$G,BOQ!$B221)*$G221","v":{"$error":"#VALUE!"}},{"$f":"SUMIFS('[20]WorkDone DATA'!$L:$L,'[20]WorkDone DATA'!$N:$N,BOQ!BO$6,'[20]WorkDone DATA'!$G:$G,BOQ!$B221)*$G221","v":{"$error":"#VALUE!"}},{"$f":"SUMIFS('[20]WorkDone DATA'!$L:$L,'[20]WorkDone DATA'!$N:$N,BOQ!BP$6,'[20]WorkDone DATA'!$G:$G,BOQ!$B221)*$G221","v":{"$error":"#VALUE!"}},{"$f":"SUMIFS('[20]WorkDone DATA'!$L:$L,'[20]WorkDone DATA'!$N:$N,BOQ!BQ$6,'[20]WorkDone DATA'!$G:$G,BOQ!$B221)*$G221","v":{"$error":"#VALUE!"}},{"$f":"SUMIFS('[20]WorkDone DATA'!$L:$L,'[20]WorkDone DATA'!$N:$N,BOQ!BR$6,'[20]WorkDone DATA'!$G:$G,BOQ!$B221)*$G221","v":{"$error":"#VALUE!"}},{"$f":"SUMIFS('[20]WorkDone DATA'!$L:$L,'[20]WorkDone DATA'!$N:$N,BOQ!BS$6,'[20]WorkDone DATA'!$G:$G,BOQ!$B221)*$G221","v":{"$error":"#VALUE!"}},{"$f":"SUMIFS('[20]WorkDone DATA'!$L:$L,'[20]WorkDone DATA'!$N:$N,BOQ!BT$6,'[20]WorkDone DATA'!$G:$G,BOQ!$B221)*$G221","v":{"$error":"#VALUE!"}},{"$f":"SUMIFS('[20]WorkDone DATA'!$L:$L,'[20]WorkDone DATA'!$N:$N,BOQ!BU$6,'[20]WorkDone DATA'!$G:$G,BOQ!$B221)*$G221","v":{"$error":"#VALUE!"}},{"$f":"SUMIFS('[20]WorkDone DATA'!$L:$L,'[20]WorkDone DATA'!$N:$N,BOQ!BV$6,'[20]WorkDone DATA'!$G:$G,BOQ!$B221)*$G221","v":{"$error":"#VALUE!"}},{"$f":"SUMIFS('[20]WorkDone DATA'!$L:$L,'[20]WorkDone DATA'!$N:$N,BOQ!BW$6,'[20]WorkDone DATA'!$G:$G,BOQ!$B221)*$G221","v":{"$error":"#VALUE!"}},{"$f":"SUMIFS('[20]WorkDone DATA'!$L:$L,'[20]WorkDone DATA'!$N:$N,BOQ!BX$6,'[20]WorkDone DATA'!$G:$G,BOQ!$B221)*$G221","v":{"$error":"#VALUE!"}}]
["240mm2 x 3 core (CPW03TCV) 3.8kV/6.6kV",2.112,"240mm2 x 3 core (CPW03TCV) 3.8kV/6.6kV","A","each",26,182.03,{"v":4732.78,"d":"4,732.78"},null,null,{"$error":"#VALUE!"},{"$error":"#VALUE!"},{"$error":"#VALUE!"},null,{"$error":"#VALUE!"},{"$error":"#VALUE!"},null,{"$f":"SUMIFS('[20]WorkDone DATA'!$L:$L,'[20]WorkDone DATA'!$N:$N,BOQ!S$6,'[20]WorkDone DATA'!$G:$G,BOQ!$B222)","v":{"$error":"#VALUE!"}},{"$error":"#VALUE!"},{"$f":"SUMIFS('[20]WorkDone DATA'!$L:$L,'[20]WorkDone DATA'!$N:$N,BOQ!U$6,'[20]WorkDone DATA'!$G:$G,BOQ!$B222)","v":{"$error":"#VALUE!"}},{"$error":"#VALUE!"},null,{"$f":"SUMIFS('[20]WorkDone DATA'!$L:$L,'[20]WorkDone DATA'!$N:$N,BOQ!W$6,'[20]WorkDone DATA'!$G:$G,BOQ!$B222)*$G222","v":{"$error":"#VALUE!"}},null,{"$f":"SUMIFS('[20]WorkDone DATA'!$L:$L,'[20]WorkDone DATA'!$N:$N,BOQ!Y$6,'[20]WorkDone DATA'!$G:$G,BOQ!$B222)*$G222","v":{"$error":"#VALUE!"}},null,{"$f":"SUMIFS('[20]WorkDone DATA'!$L:$L,'[20]WorkDone DATA'!$N:$N,BOQ!AA$6,'[20]WorkDone DATA'!$G:$G,BOQ!$B222)*$G222","v":{"$error":"#VALUE!"}},{"$f":"SUMIFS('[20]WorkDone DATA'!$L:$L,'[20]WorkDone DATA'!$N:$N,BOQ!AB$6,'[20]WorkDone DATA'!$G:$G,BOQ!$B222)*$G222","v":{"$error":"#VALUE!"}},{"$f":"SUMIFS('[20]WorkDone DATA'!$L:$L,'[20]WorkDone DATA'!$N:$N,BOQ!AC$6,'[20]WorkDone DATA'!$G:$G,BOQ!$B222)*$G222","v":{"$error":"#VALUE!"}},{"$f":"SUMIFS('[20]WorkDone DATA'!$L:$L,'[20]WorkDone DATA'!$N:$N,BOQ!AD$6,'[20]WorkDone DATA'!$G:$G,BOQ!$B222)*$G222","v":{"$error":"#VALUE!"}},{"$f":"SUMIFS('[20]WorkDone DATA'!$L:$L,'[20]WorkDone DATA'!$N:$N,BOQ!AE$6,'[20]WorkDone DATA'!$G:$G,BOQ!$B222)*$G222","v":{"$error":"#VALUE!"}},{"$f":"SUMIFS('[20]WorkDone DATA'!$L:$L,'[20]WorkDone DATA'!$N:$N,BOQ!AF$6,'[20]WorkDone DATA'!$G:$G,BOQ!$B222)*$G222","v":{"$error":"#VALUE!"}},{"$f":"SUMIFS('[20]WorkDone DATA'!$L:$L,'[20]WorkDone DATA'!$N:$N,BOQ!AG$6,'[20]WorkDone DATA'!$G:$G,BOQ!$B222)*$G222","v":{"$error":"#VALUE!"}},{"$f":"SUMIFS('[20]WorkDone DATA'!$L:$L,'[20]WorkDone DATA'!$N:$N,BOQ!AH$6,'[20]WorkDone DATA'!$G:$G,BOQ!$B222)*$G222","v":{"$error":"#VALUE!"}},{"$f":"SUMIFS('[20]WorkDone DATA'!$L:$L,'[20]WorkDone DATA'!$N:$N,BOQ!AI$6,'[20]WorkDone DATA'!$G:$G,BOQ!$B222)*$G222","v":{"$error":"#VALUE!"}},{"$f":"SUMIFS('[20]WorkDone DATA'!$L:$L,'[20]WorkDone DATA'!$N:$N,BOQ!AJ$6,'[20]WorkDone DATA'!$G:$G,BOQ!$B222)*$G222","v":{"$error":"#VALUE!"}},{"$f":"SUMIFS('[20]WorkDone DATA'!$L:$L,'[20]WorkDone DATA'!$N:$N,BOQ!AK$6,'[20]WorkDone DATA'!$G:$G,BOQ!$B222)*$G222","v":{"$error":"#VALUE!"}},{"$f":"SUMIFS('[20]WorkDone DATA'!$L:$L,'[20]WorkDone DATA'!$N:$N,BOQ!AL$6,'[20]WorkDone DATA'!$G:$G,BOQ!$B222)*$G222","v":{"$error":"#VALUE!"}},{"$f":"SUMIFS('[20]WorkDone DATA'!$L:$L,'[20]WorkDone DATA'!$N:$N,BOQ!AM$6,'[20]WorkDone DATA'!$G:$G,BOQ!$B222)*$G222","v":{"$error":"#VALUE!"}},{"$f":"SUMIFS('[20]WorkDone DATA'!$L:$L,'[20]WorkDone DATA'!$N:$N,BOQ!AN$6,'[20]WorkDone DATA'!$G:$G,BOQ!$B222)*$G222","v":{"$error":"#VALUE!"}},{"$f":"SUMIFS('[20]WorkDone DATA'!$L:$L,'[20]WorkDone DATA'!$N:$N,BOQ!AO$6,'[20]WorkDone DATA'!$G:$G,BOQ!$B222)*$G222","v":{"$error":"#VALUE!"}},{"$f":"SUMIFS('[20]WorkDone DATA'!$L:$L,'[20]WorkDone DATA'!$N:$N,BOQ!AP$6,'[20]WorkDone DATA'!$G:$G,BOQ!$B222)*$G222","v":{"$error":"#VALUE!"}},{"$f":"SUMIFS('[20]WorkDone DATA'!$L:$L,'[20]WorkDone DATA'!$N:$N,BOQ!AQ$6,'[20]WorkDone DATA'!$G:$G,BOQ!$B222)*$G222","v":{"$error":"#VALUE!"}},{"$f":"SUMIFS('[20]WorkDone DATA'!$L:$L,'[20]WorkDone DATA'!$N:$N,BOQ!AR$6,'[20]WorkDone DATA'!$G:$G,BOQ!$B222)*$G222","v":{"$error":"#VALUE!"}},{"$f":"SUMIFS('[20]WorkDone DATA'!$L:$L,'[20]WorkDone DATA'!$N:$N,BOQ!AS$6,'[20]WorkDone DATA'!$G:$G,BOQ!$B222)*$G222","v":{"$error":"#VALUE!"}},{"$f":"SUMIFS('[20]WorkDone DATA'!$L:$L,'[20]WorkDone DATA'!$N:$N,BOQ!AT$6,'[20]WorkDone DATA'!$G:$G,BOQ!$B222)*$G222","v":{"$error":"#VALUE!"}},{"$f":"SUMIFS('[20]WorkDone DATA'!$L:$L,'[20]WorkDone DATA'!$N:$N,BOQ!AU$6,'[20]WorkDone DATA'!$G:$G,BOQ!$B222)*$G222","v":{"$error":"#VALUE!"}},{"$f":"SUMIFS('[20]WorkDone DATA'!$L:$L,'[20]WorkDone DATA'!$N:$N,BOQ!AV$6,'[20]WorkDone DATA'!$G:$G,BOQ!$B222)*$G222","v":{"$error":"#VALUE!"}},{"$f":"SUMIFS('[20]WorkDone DATA'!$L:$L,'[20]WorkDone DATA'!$N:$N,BOQ!AW$6,'[20]WorkDone DATA'!$G:$G,BOQ!$B222)*$G222","v":{"$error":"#VALUE!"}},{"$f":"SUMIFS('[20]WorkDone DATA'!$L:$L,'[20]WorkDone DATA'!$N:$N,BOQ!AX$6,'[20]WorkDone DATA'!$G:$G,BOQ!$B222)*$G222","v":{"$error":"#VALUE!"}},{"$f":"SUMIFS('[20]WorkDone DATA'!$L:$L,'[20]WorkDone DATA'!$N:$N,BOQ!AY$6,'[20]WorkDone DATA'!$G:$G,BOQ!$B222)*$G222","v":{"$error":"#VALUE!"}},{"$f":"SUMIFS('[20]WorkDone DATA'!$L:$L,'[20]WorkDone DATA'!$N:$N,BOQ!AZ$6,'[20]WorkDone DATA'!$G:$G,BOQ!$B222)*$G222","v":{"$error":"#VALUE!"}},{"$f":"SUMIFS('[20]WorkDone DATA'!$L:$L,'[20]WorkDone DATA'!$N:$N,BOQ!BA$6,'[20]WorkDone DATA'!$G:$G,BOQ!$B222)*$G222","v":{"$error":"#VALUE!"}},{"$f":"SUMIFS('[20]WorkDone DATA'!$L:$L,'[20]WorkDone DATA'!$N:$N,BOQ!BB$6,'[20]WorkDone DATA'!$G:$G,BOQ!$B222)*$G222","v":{"$error":"#VALUE!"}},{"$f":"SUMIFS('[20]WorkDone DATA'!$L:$L,'[20]WorkDone DATA'!$N:$N,BOQ!BC$6,'[20]WorkDone DATA'!$G:$G,BOQ!$B222)*$G222","v":{"$error":"#VALUE!"}},{"$f":"SUMIFS('[20]WorkDone DATA'!$L:$L,'[20]WorkDone DATA'!$N:$N,BOQ!BD$6,'[20]WorkDone DATA'!$G:$G,BOQ!$B222)*$G222","v":{"$error":"#VALUE!"}},{"$f":"SUMIFS('[20]WorkDone DATA'!$L:$L,'[20]WorkDone DATA'!$N:$N,BOQ!BE$6,'[20]WorkDone DATA'!$G:$G,BOQ!$B222)*$G222","v":{"$error":"#VALUE!"}},{"$f":"SUMIFS('[20]WorkDone DATA'!$L:$L,'[20]WorkDone DATA'!$N:$N,BOQ!BF$6,'[20]WorkDone DATA'!$G:$G,BOQ!$B222)*$G222","v":{"$error":"#VALUE!"}},{"$f":"SUMIFS('[20]WorkDone DATA'!$L:$L,'[20]WorkDone DATA'!$N:$N,BOQ!BG$6,'[20]WorkDone DATA'!$G:$G,BOQ!$B222)*$G222","v":{"$error":"#VALUE!"}},{"$f":"SUMIFS('[20]WorkDone DATA'!$L:$L,'[20]WorkDone DATA'!$N:$N,BOQ!BH$6,'[20]WorkDone DATA'!$G:$G,BOQ!$B222)*$G222","v":{"$error":"#VALUE!"}},{"$f":"SUMIFS('[20]WorkDone DATA'!$L:$L,'[20]WorkDone DATA'!$N:$N,BOQ!BI$6,'[20]WorkDone DATA'!$G:$G,BOQ!$B222)*$G222","v":{"$error":"#VALUE!"}},{"$f":"SUMIFS('[20]WorkDone DATA'!$L:$L,'[20]WorkDone DATA'!$N:$N,BOQ!BJ$6,'[20]WorkDone DATA'!$G:$G,BOQ!$B222)*$G222","v":{"$error":"#VALUE!"}},{"$f":"SUMIFS('[20]WorkDone DATA'!$L:$L,'[20]WorkDone DATA'!$N:$N,BOQ!BK$6,'[20]WorkDone DATA'!$G:$G,BOQ!$B222)*$G222","v":{"$error":"#VALUE!"}},{"$f":"SUMIFS('[20]WorkDone DATA'!$L:$L,'[20]WorkDone DATA'!$N:$N,BOQ!BL$6,'[20]WorkDone DATA'!$G:$G,BOQ!$B222)*$G222","v":{"$error":"#VALUE!"}},{"$f":"SUMIFS('[20]WorkDone DATA'!$L:$L,'[20]WorkDone DATA'!$N:$N,BOQ!BM$6,'[20]WorkDone DATA'!$G:$G,BOQ!$B222)*$G222","v":{"$error":"#VALUE!"}},{"$f":"SUMIFS('[20]WorkDone DATA'!$L:$L,'[20]WorkDone DATA'!$N:$N,BOQ!BN$6,'[20]WorkDone DATA'!$G:$G,BOQ!$B222)*$G222","v":{"$error":"#VALUE!"}},{"$f":"SUMIFS('[20]WorkDone DATA'!$L:$L,'[20]WorkDone DATA'!$N:$N,BOQ!BO$6,'[20]WorkDone DATA'!$G:$G,BOQ!$B222)*$G222","v":{"$error":"#VALUE!"}},{"$f":"SUMIFS('[20]WorkDone DATA'!$L:$L,'[20]WorkDone DATA'!$N:$N,BOQ!BP$6,'[20]WorkDone DATA'!$G:$G,BOQ!$B222)*$G222","v":{"$error":"#VALUE!"}},{"$f":"SUMIFS('[20]WorkDone DATA'!$L:$L,'[20]WorkDone DATA'!$N:$N,BOQ!BQ$6,'[20]WorkDone DATA'!$G:$G,BOQ!$B222)*$G222","v":{"$error":"#VALUE!"}},{"$f":"SUMIFS('[20]WorkDone DATA'!$L:$L,'[20]WorkDone DATA'!$N:$N,BOQ!BR$6,'[20]WorkDone DATA'!$G:$G,BOQ!$B222)*$G222","v":{"$error":"#VALUE!"}},{"$f":"SUMIFS('[20]WorkDone DATA'!$L:$L,'[20]WorkDone DATA'!$N:$N,BOQ!BS$6,'[20]WorkDone DATA'!$G:$G,BOQ!$B222)*$G222","v":{"$error":"#VALUE!"}},{"$f":"SUMIFS('[20]WorkDone DATA'!$L:$L,'[20]WorkDone DATA'!$N:$N,BOQ!BT$6,'[20]WorkDone DATA'!$G:$G,BOQ!$B222)*$G222","v":{"$error":"#VALUE!"}},{"$f":"SUMIFS('[20]WorkDone DATA'!$L:$L,'[20]WorkDone DATA'!$N:$N,BOQ!BU$6,'[20]WorkDone DATA'!$G:$G,BOQ!$B222)*$G222","v":{"$error":"#VALUE!"}},{"$f":"SUMIFS('[20]WorkDone DATA'!$L:$L,'[20]WorkDone DATA'!$N:$N,BOQ!BV$6,'[20]WorkDone DATA'!$G:$G,BOQ!$B222)*$G222","v":{"$error":"#VALUE!"}},{"$f":"SUMIFS('[20]WorkDone DATA'!$L:$L,'[20]WorkDone DATA'!$N:$N,BOQ!BW$6,'[20]WorkDone DATA'!$G:$G,BOQ!$B222)*$G222","v":{"$error":"#VALUE!"}},{"$f":"SUMIFS('[20]WorkDone DATA'!$L:$L,'[20]WorkDone DATA'!$N:$N,BOQ!BX$6,'[20]WorkDone DATA'!$G:$G,BOQ!$B222)*$G222","v":{"$error":"#VALUE!"}}]
["120mm x 3 core (CPW03QCV) 3.8kV/6.6kV",2.113,"120mm x 3 core (CPW03QCV) 3.8kV/6.6kV","A","each",28,182.03,{"v":5096.84,"d":"5,096.84"},null,null,{"$error":"#VALUE!"},{"$error":"#VALUE!"},{"$error":"#VALUE!"},null,{"$error":"#VALUE!"},{"$error":"#VALUE!"},null,{"$f":"SUMIFS('[20]WorkDone DATA'!$L:$L,'[20]WorkDone DATA'!$N:$N,BOQ!S$6,'[20]WorkDone DATA'!$G:$G,BOQ!$B223)","v":{"$error":"#VALUE!"}},{"$error":"#VALUE!"},{"$f":"SUMIFS('[20]WorkDone DATA'!$L:$L,'[20]WorkDone DATA'!$N:$N,BOQ!U$6,'[20]WorkDone DATA'!$G:$G,BOQ!$B223)","v":{"$error":"#VALUE!"}},{"$error":"#VALUE!"},null,{"$f":"SUMIFS('[20]WorkDone DATA'!$L:$L,'[20]WorkDone DATA'!$N:$N,BOQ!W$6,'[20]WorkDone DATA'!$G:$G,BOQ!$B223)*$G223","v":{"$error":"#VALUE!"}},null,{"$f":"SUMIFS('[20]WorkDone DATA'!$L:$L,'[20]WorkDone DATA'!$N:$N,BOQ!Y$6,'[20]WorkDone DATA'!$G:$G,BOQ!$B223)*$G223","v":{"$error":"#VALUE!"}},null,{"$f":"SUMIFS('[20]WorkDone DATA'!$L:$L,'[20]WorkDone DATA'!$N:$N,BOQ!AA$6,'[20]WorkDone DATA'!$G:$G,BOQ!$B223)*$G223","v":{"$error":"#VALUE!"}},{"$f":"SUMIFS('[20]WorkDone DATA'!$L:$L,'[20]WorkDone DATA'!$N:$N,BOQ!AB$6,'[20]WorkDone DATA'!$G:$G,BOQ!$B223)*$G223","v":{"$error":"#VALUE!"}},{"$f":"SUMIFS('[20]WorkDone DATA'!$L:$L,'[20]WorkDone DATA'!$N:$N,BOQ!AC$6,'[20]WorkDone DATA'!$G:$G,BOQ!$B223)*$G223","v":{"$error":"#VALUE!"}},{"$f":"SUMIFS('[20]WorkDone DATA'!$L:$L,'[20]WorkDone DATA'!$N:$N,BOQ!AD$6,'[20]WorkDone DATA'!$G:$G,BOQ!$B223)*$G223","v":{"$error":"#VALUE!"}},{"$f":"SUMIFS('[20]WorkDone DATA'!$L:$L,'[20]WorkDone DATA'!$N:$N,BOQ!AE$6,'[20]WorkDone DATA'!$G:$G,BOQ!$B223)*$G223","v":{"$error":"#VALUE!"}},{"$f":"SUMIFS('[20]WorkDone DATA'!$L:$L,'[20]WorkDone DATA'!$N:$N,BOQ!AF$6,'[20]WorkDone DATA'!$G:$G,BOQ!$B223)*$G223","v":{"$error":"#VALUE!"}},{"$f":"SUMIFS('[20]WorkDone DATA'!$L:$L,'[20]WorkDone DATA'!$N:$N,BOQ!AG$6,'[20]WorkDone DATA'!$G:$G,BOQ!$B223)*$G223","v":{"$error":"#VALUE!"}},{"$f":"SUMIFS('[20]WorkDone DATA'!$L:$L,'[20]WorkDone DATA'!$N:$N,BOQ!AH$6,'[20]WorkDone DATA'!$G:$G,BOQ!$B223)*$G223","v":{"$error":"#VALUE!"}},{"$f":"SUMIFS('[20]WorkDone DATA'!$L:$L,'[20]WorkDone DATA'!$N:$N,BOQ!AI$6,'[20]WorkDone DATA'!$G:$G,BOQ!$B223)*$G223","v":{"$error":"#VALUE!"}},{"$f":"SUMIFS('[20]WorkDone DATA'!$L:$L,'[20]WorkDone DATA'!$N:$N,BOQ!AJ$6,'[20]WorkDone DATA'!$G:$G,BOQ!$B223)*$G223","v":{"$error":"#VALUE!"}},{"$f":"SUMIFS('[20]WorkDone DATA'!$L:$L,'[20]WorkDone DATA'!$N:$N,BOQ!AK$6,'[20]WorkDone DATA'!$G:$G,BOQ!$B223)*$G223","v":{"$error":"#VALUE!"}},{"$f":"SUMIFS('[20]WorkDone DATA'!$L:$L,'[20]WorkDone DATA'!$N:$N,BOQ!AL$6,'[20]WorkDone DATA'!$G:$G,BOQ!$B223)*$G223","v":{"$error":"#VALUE!"}},{"$f":"SUMIFS('[20]WorkDone DATA'!$L:$L,'[20]WorkDone DATA'!$N:$N,BOQ!AM$6,'[20]WorkDone DATA'!$G:$G,BOQ!$B223)*$G223","v":{"$error":"#VALUE!"}},{"$f":"SUMIFS('[20]WorkDone DATA'!$L:$L,'[20]WorkDone DATA'!$N:$N,BOQ!AN$6,'[20]WorkDone DATA'!$G:$G,BOQ!$B223)*$G223","v":{"$error":"#VALUE!"}},{"$f":"SUMIFS('[20]WorkDone DATA'!$L:$L,'[20]WorkDone DATA'!$N:$N,BOQ!AO$6,'[20]WorkDone DATA'!$G:$G,BOQ!$B223)*$G223","v":{"$error":"#VALUE!"}},{"$f":"SUMIFS('[20]WorkDone DATA'!$L:$L,'[20]WorkDone DATA'!$N:$N,BOQ!AP$6,'[20]WorkDone DATA'!$G:$G,BOQ!$B223)*$G223","v":{"$error":"#VALUE!"}},{"$f":"SUMIFS('[20]WorkDone DATA'!$L:$L,'[20]WorkDone DATA'!$N:$N,BOQ!AQ$6,'[20]WorkDone DATA'!$G:$G,BOQ!$B223)*$G223","v":{"$error":"#VALUE!"}},{"$f":"SUMIFS('[20]WorkDone DATA'!$L:$L,'[20]WorkDone DATA'!$N:$N,BOQ!AR$6,'[20]WorkDone DATA'!$G:$G,BOQ!$B223)*$G223","v":{"$error":"#VALUE!"}},{"$f":"SUMIFS('[20]WorkDone DATA'!$L:$L,'[20]WorkDone DATA'!$N:$N,BOQ!AS$6,'[20]WorkDone DATA'!$G:$G,BOQ!$B223)*$G223","v":{"$error":"#VALUE!"}},{"$f":"SUMIFS('[20]WorkDone DATA'!$L:$L,'[20]WorkDone DATA'!$N:$N,BOQ!AT$6,'[20]WorkDone DATA'!$G:$G,BOQ!$B223)*$G223","v":{"$error":"#VALUE!"}},{"$f":"SUMIFS('[20]WorkDone DATA'!$L:$L,'[20]WorkDone DATA'!$N:$N,BOQ!AU$6,'[20]WorkDone DATA'!$G:$G,BOQ!$B223)*$G223","v":{"$error":"#VALUE!"}},{"$f":"SUMIFS('[20]WorkDone DATA'!$L:$L,'[20]WorkDone DATA'!$N:$N,BOQ!AV$6,'[20]WorkDone DATA'!$G:$G,BOQ!$B223)*$G223","v":{"$error":"#VALUE!"}},{"$f":"SUMIFS('[20]WorkDone DATA'!$L:$L,'[20]WorkDone DATA'!$N:$N,BOQ!AW$6,'[20]WorkDone DATA'!$G:$G,BOQ!$B223)*$G223","v":{"$error":"#VALUE!"}},{"$f":"SUMIFS('[20]WorkDone DATA'!$L:$L,'[20]WorkDone DATA'!$N:$N,BOQ!AX$6,'[20]WorkDone DATA'!$G:$G,BOQ!$B223)*$G223","v":{"$error":"#VALUE!"}},{"$f":"SUMIFS('[20]WorkDone DATA'!$L:$L,'[20]WorkDone DATA'!$N:$N,BOQ!AY$6,'[20]WorkDone DATA'!$G:$G,BOQ!$B223)*$G223","v":{"$error":"#VALUE!"}},{"$f":"SUMIFS('[20]WorkDone DATA'!$L:$L,'[20]WorkDone DATA'!$N:$N,BOQ!AZ$6,'[20]WorkDone DATA'!$G:$G,BOQ!$B223)*$G223","v":{"$error":"#VALUE!"}},{"$f":"SUMIFS('[20]WorkDone DATA'!$L:$L,'[20]WorkDone DATA'!$N:$N,BOQ!BA$6,'[20]WorkDone DATA'!$G:$G,BOQ!$B223)*$G223","v":{"$error":"#VALUE!"}},{"$f":"SUMIFS('[20]WorkDone DATA'!$L:$L,'[20]WorkDone DATA'!$N:$N,BOQ!BB$6,'[20]WorkDone DATA'!$G:$G,BOQ!$B223)*$G223","v":{"$error":"#VALUE!"}},{"$f":"SUMIFS('[20]WorkDone DATA'!$L:$L,'[20]WorkDone DATA'!$N:$N,BOQ!BC$6,'[20]WorkDone DATA'!$G:$G,BOQ!$B223)*$G223","v":{"$error":"#VALUE!"}},{"$f":"SUMIFS('[20]WorkDone DATA'!$L:$L,'[20]WorkDone DATA'!$N:$N,BOQ!BD$6,'[20]WorkDone DATA'!$G:$G,BOQ!$B223)*$G223","v":{"$error":"#VALUE!"}},{"$f":"SUMIFS('[20]WorkDone DATA'!$L:$L,'[20]WorkDone DATA'!$N:$N,BOQ!BE$6,'[20]WorkDone DATA'!$G:$G,BOQ!$B223)*$G223","v":{"$error":"#VALUE!"}},{"$f":"SUMIFS('[20]WorkDone DATA'!$L:$L,'[20]WorkDone DATA'!$N:$N,BOQ!BF$6,'[20]WorkDone DATA'!$G:$G,BOQ!$B223)*$G223","v":{"$error":"#VALUE!"}},{"$f":"SUMIFS('[20]WorkDone DATA'!$L:$L,'[20]WorkDone DATA'!$N:$N,BOQ!BG$6,'[20]WorkDone DATA'!$G:$G,BOQ!$B223)*$G223","v":{"$error":"#VALUE!"}},{"$f":"SUMIFS('[20]WorkDone DATA'!$L:$L,'[20]WorkDone DATA'!$N:$N,BOQ!BH$6,'[20]WorkDone DATA'!$G:$G,BOQ!$B223)*$G223","v":{"$error":"#VALUE!"}},{"$f":"SUMIFS('[20]WorkDone DATA'!$L:$L,'[20]WorkDone DATA'!$N:$N,BOQ!BI$6,'[20]WorkDone DATA'!$G:$G,BOQ!$B223)*$G223","v":{"$error":"#VALUE!"}},{"$f":"SUMIFS('[20]WorkDone DATA'!$L:$L,'[20]WorkDone DATA'!$N:$N,BOQ!BJ$6,'[20]WorkDone DATA'!$G:$G,BOQ!$B223)*$G223","v":{"$error":"#VALUE!"}},{"$f":"SUMIFS('[20]WorkDone DATA'!$L:$L,'[20]WorkDone DATA'!$N:$N,BOQ!BK$6,'[20]WorkDone DATA'!$G:$G,BOQ!$B223)*$G223","v":{"$error":"#VALUE!"}},{"$f":"SUMIFS('[20]WorkDone DATA'!$L:$L,'[20]WorkDone DATA'!$N:$N,BOQ!BL$6,'[20]WorkDone DATA'!$G:$G,BOQ!$B223)*$G223","v":{"$error":"#VALUE!"}},{"$f":"SUMIFS('[20]WorkDone DATA'!$L:$L,'[20]WorkDone DATA'!$N:$N,BOQ!BM$6,'[20]WorkDone DATA'!$G:$G,BOQ!$B223)*$G223","v":{"$error":"#VALUE!"}},{"$f":"SUMIFS('[20]WorkDone DATA'!$L:$L,'[20]WorkDone DATA'!$N:$N,BOQ!BN$6,'[20]WorkDone DATA'!$G:$G,BOQ!$B223)*$G223","v":{"$error":"#VALUE!"}},{"$f":"SUMIFS('[20]WorkDone DATA'!$L:$L,'[20]WorkDone DATA'!$N:$N,BOQ!BO$6,'[20]WorkDone DATA'!$G:$G,BOQ!$B223)*$G223","v":{"$error":"#VALUE!"}},{"$f":"SUMIFS('[20]WorkDone DATA'!$L:$L,'[20]WorkDone DATA'!$N:$N,BOQ!BP$6,'[20]WorkDone DATA'!$G:$G,BOQ!$B223)*$G223","v":{"$error":"#VALUE!"}},{"$f":"SUMIFS('[20]WorkDone DATA'!$L:$L,'[20]WorkDone DATA'!$N:$N,BOQ!BQ$6,'[20]WorkDone DATA'!$G:$G,BOQ!$B223)*$G223","v":{"$error":"#VALUE!"}},{"$f":"SUMIFS('[20]WorkDone DATA'!$L:$L,'[20]WorkDone DATA'!$N:$N,BOQ!BR$6,'[20]WorkDone DATA'!$G:$G,BOQ!$B223)*$G223","v":{"$error":"#VALUE!"}},{"$f":"SUMIFS('[20]WorkDone DATA'!$L:$L,'[20]WorkDone DATA'!$N:$N,BOQ!BS$6,'[20]WorkDone DATA'!$G:$G,BOQ!$B223)*$G223","v":{"$error":"#VALUE!"}},{"$f":"SUMIFS('[20]WorkDone DATA'!$L:$L,'[20]WorkDone DATA'!$N:$N,BOQ!BT$6,'[20]WorkDone DATA'!$G:$G,BOQ!$B223)*$G223","v":{"$error":"#VALUE!"}},{"$f":"SUMIFS('[20]WorkDone DATA'!$L:$L,'[20]WorkDone DATA'!$N:$N,BOQ!BU$6,'[20]WorkDone DATA'!$G:$G,BOQ!$B223)*$G223","v":{"$error":"#VALUE!"}},{"$f":"SUMIFS('[20]WorkDone DATA'!$L:$L,'[20]WorkDone DATA'!$N:$N,BOQ!BV$6,'[20]WorkDone DATA'!$G:$G,BOQ!$B223)*$G223","v":{"$error":"#VALUE!"}},{"$f":"SUMIFS('[20]WorkDone DATA'!$L:$L,'[20]WorkDone DATA'!$N:$N,BOQ!BW$6,'[20]WorkDone DATA'!$G:$G,BOQ!$B223)*$G223","v":{"$error":"#VALUE!"}},{"$f":"SUMIFS('[20]WorkDone DATA'!$L:$L,'[20]WorkDone DATA'!$N:$N,BOQ!BX$6,'[20]WorkDone DATA'!$G:$G,BOQ!$B223)*$G223","v":{"$error":"#VALUE!"}}]
["70mm2 x 3 core (CXG03NCV) 3.8kV/6.6kV",2.114,"70mm2 x 3 core (CXG03NCV) 3.8kV/6.6kV","A","each",20,182.03,{"v":3640.6,"d":"3,640.60"},null,null,{"$error":"#VALUE!"},{"$error":"#VALUE!"},{"$error":"#VALUE!"},null,{"$error":"#VALUE!"},{"$error":"#VALUE!"},null,{"$f":"SUMIFS('[20]WorkDone DATA'!$L:$L,'[20]WorkDone DATA'!$N:$N,BOQ!S$6,'[20]WorkDone DATA'!$G:$G,BOQ!$B224)","v":{"$error":"#VALUE!"}},{"$error":"#VALUE!"},{"$f":"SUMIFS('[20]WorkDone DATA'!$L:$L,'[20]WorkDone DATA'!$N:$N,BOQ!U$6,'[20]WorkDone DATA'!$G:$G,BOQ!$B224)","v":{"$error":"#VALUE!"}},{"$error":"#VALUE!"},null,{"$f":"SUMIFS('[20]WorkDone DATA'!$L:$L,'[20]WorkDone DATA'!$N:$N,BOQ!W$6,'[20]WorkDone DATA'!$G:$G,BOQ!$B224)*$G224","v":{"$error":"#VALUE!"}},null,{"$f":"SUMIFS('[20]WorkDone DATA'!$L:$L,'[20]WorkDone DATA'!$N:$N,BOQ!Y$6,'[20]WorkDone DATA'!$G:$G,BOQ!$B224)*$G224","v":{"$error":"#VALUE!"}},null,{"$f":"SUMIFS('[20]WorkDone DATA'!$L:$L,'[20]WorkDone DATA'!$N:$N,BOQ!AA$6,'[20]WorkDone DATA'!$G:$G,BOQ!$B224)*$G224","v":{"$error":"#VALUE!"}},{"$f":"SUMIFS('[20]WorkDone DATA'!$L:$L,'[20]WorkDone DATA'!$N:$N,BOQ!AB$6,'[20]WorkDone DATA'!$G:$G,BOQ!$B224)*$G224","v":{"$error":"#VALUE!"}},{"$f":"SUMIFS('[20]WorkDone DATA'!$L:$L,'[20]WorkDone DATA'!$N:$N,BOQ!AC$6,'[20]WorkDone DATA'!$G:$G,BOQ!$B224)*$G224","v":{"$error":"#VALUE!"}},{"$f":"SUMIFS('[20]WorkDone DATA'!$L:$L,'[20]WorkDone DATA'!$N:$N,BOQ!AD$6,'[20]WorkDone DATA'!$G:$G,BOQ!$B224)*$G224","v":{"$error":"#VALUE!"}},{"$f":"SUMIFS('[20]WorkDone DATA'!$L:$L,'[20]WorkDone DATA'!$N:$N,BOQ!AE$6,'[20]WorkDone DATA'!$G:$G,BOQ!$B224)*$G224","v":{"$error":"#VALUE!"}},{"$f":"SUMIFS('[20]WorkDone DATA'!$L:$L,'[20]WorkDone DATA'!$N:$N,BOQ!AF$6,'[20]WorkDone DATA'!$G:$G,BOQ!$B224)*$G224","v":{"$error":"#VALUE!"}},{"$f":"SUMIFS('[20]WorkDone DATA'!$L:$L,'[20]WorkDone DATA'!$N:$N,BOQ!AG$6,'[20]WorkDone DATA'!$G:$G,BOQ!$B224)*$G224","v":{"$error":"#VALUE!"}},{"$f":"SUMIFS('[20]WorkDone DATA'!$L:$L,'[20]WorkDone DATA'!$N:$N,BOQ!AH$6,'[20]WorkDone DATA'!$G:$G,BOQ!$B224)*$G224","v":{"$error":"#VALUE!"}},{"$f":"SUMIFS('[20]WorkDone DATA'!$L:$L,'[20]WorkDone DATA'!$N:$N,BOQ!AI$6,'[20]WorkDone DATA'!$G:$G,BOQ!$B224)*$G224","v":{"$error":"#VALUE!"}},{"$f":"SUMIFS('[20]WorkDone DATA'!$L:$L,'[20]WorkDone DATA'!$N:$N,BOQ!AJ$6,'[20]WorkDone DATA'!$G:$G,BOQ!$B224)*$G224","v":{"$error":"#VALUE!"}},{"$f":"SUMIFS('[20]WorkDone DATA'!$L:$L,'[20]WorkDone DATA'!$N:$N,BOQ!AK$6,'[20]WorkDone DATA'!$G:$G,BOQ!$B224)*$G224","v":{"$error":"#VALUE!"}},{"$f":"SUMIFS('[20]WorkDone DATA'!$L:$L,'[20]WorkDone DATA'!$N:$N,BOQ!AL$6,'[20]WorkDone DATA'!$G:$G,BOQ!$B224)*$G224","v":{"$error":"#VALUE!"}},{"$f":"SUMIFS('[20]WorkDone DATA'!$L:$L,'[20]WorkDone DATA'!$N:$N,BOQ!AM$6,'[20]WorkDone DATA'!$G:$G,BOQ!$B224)*$G224","v":{"$error":"#VALUE!"}},{"$f":"SUMIFS('[20]WorkDone DATA'!$L:$L,'[20]WorkDone DATA'!$N:$N,BOQ!AN$6,'[20]WorkDone DATA'!$G:$G,BOQ!$B224)*$G224","v":{"$error":"#VALUE!"}},{"$f":"SUMIFS('[20]WorkDone DATA'!$L:$L,'[20]WorkDone DATA'!$N:$N,BOQ!AO$6,'[20]WorkDone DATA'!$G:$G,BOQ!$B224)*$G224","v":{"$error":"#VALUE!"}},{"$f":"SUMIFS('[20]WorkDone DATA'!$L:$L,'[20]WorkDone DATA'!$N:$N,BOQ!AP$6,'[20]WorkDone DATA'!$G:$G,BOQ!$B224)*$G224","v":{"$error":"#VALUE!"}},{"$f":"SUMIFS('[20]WorkDone DATA'!$L:$L,'[20]WorkDone DATA'!$N:$N,BOQ!AQ$6,'[20]WorkDone DATA'!$G:$G,BOQ!$B224)*$G224","v":{"$error":"#VALUE!"}},{"$f":"SUMIFS('[20]WorkDone DATA'!$L:$L,'[20]WorkDone DATA'!$N:$N,BOQ!AR$6,'[20]WorkDone DATA'!$G:$G,BOQ!$B224)*$G224","v":{"$error":"#VALUE!"}},{"$f":"SUMIFS('[20]WorkDone DATA'!$L:$L,'[20]WorkDone DATA'!$N:$N,BOQ!AS$6,'[20]WorkDone DATA'!$G:$G,BOQ!$B224)*$G224","v":{"$error":"#VALUE!"}},{"$f":"SUMIFS('[20]WorkDone DATA'!$L:$L,'[20]WorkDone DATA'!$N:$N,BOQ!AT$6,'[20]WorkDone DATA'!$G:$G,BOQ!$B224)*$G224","v":{"$error":"#VALUE!"}},{"$f":"SUMIFS('[20]WorkDone DATA'!$L:$L,'[20]WorkDone DATA'!$N:$N,BOQ!AU$6,'[20]WorkDone DATA'!$G:$G,BOQ!$B224)*$G224","v":{"$error":"#VALUE!"}},{"$f":"SUMIFS('[20]WorkDone DATA'!$L:$L,'[20]WorkDone DATA'!$N:$N,BOQ!AV$6,'[20]WorkDone DATA'!$G:$G,BOQ!$B224)*$G224","v":{"$error":"#VALUE!"}},{"$f":"SUMIFS('[20]WorkDone DATA'!$L:$L,'[20]WorkDone DATA'!$N:$N,BOQ!AW$6,'[20]WorkDone DATA'!$G:$G,BOQ!$B224)*$G224","v":{"$error":"#VALUE!"}},{"$f":"SUMIFS('[20]WorkDone DATA'!$L:$L,'[20]WorkDone DATA'!$N:$N,BOQ!AX$6,'[20]WorkDone DATA'!$G:$G,BOQ!$B224)*$G224","v":{"$error":"#VALUE!"}},{"$f":"SUMIFS('[20]WorkDone DATA'!$L:$L,'[20]WorkDone DATA'!$N:$N,BOQ!AY$6,'[20]WorkDone DATA'!$G:$G,BOQ!$B224)*$G224","v":{"$error":"#VALUE!"}},{"$f":"SUMIFS('[20]WorkDone DATA'!$L:$L,'[20]WorkDone DATA'!$N:$N,BOQ!AZ$6,'[20]WorkDone DATA'!$G:$G,BOQ!$B224)*$G224","v":{"$error":"#VALUE!"}},{"$f":"SUMIFS('[20]WorkDone DATA'!$L:$L,'[20]WorkDone DATA'!$N:$N,BOQ!BA$6,'[20]WorkDone DATA'!$G:$G,BOQ!$B224)*$G224","v":{"$error":"#VALUE!"}},{"$f":"SUMIFS('[20]WorkDone DATA'!$L:$L,'[20]WorkDone DATA'!$N:$N,BOQ!BB$6,'[20]WorkDone DATA'!$G:$G,BOQ!$B224)*$G224","v":{"$error":"#VALUE!"}},{"$f":"SUMIFS('[20]WorkDone DATA'!$L:$L,'[20]WorkDone DATA'!$N:$N,BOQ!BC$6,'[20]WorkDone DATA'!$G:$G,BOQ!$B224)*$G224","v":{"$error":"#VALUE!"}},{"$f":"SUMIFS('[20]WorkDone DATA'!$L:$L,'[20]WorkDone DATA'!$N:$N,BOQ!BD$6,'[20]WorkDone DATA'!$G:$G,BOQ!$B224)*$G224","v":{"$error":"#VALUE!"}},{"$f":"SUMIFS('[20]WorkDone DATA'!$L:$L,'[20]WorkDone DATA'!$N:$N,BOQ!BE$6,'[20]WorkDone DATA'!$G:$G,BOQ!$B224)*$G224","v":{"$error":"#VALUE!"}},{"$f":"SUMIFS('[20]WorkDone DATA'!$L:$L,'[20]WorkDone DATA'!$N:$N,BOQ!BF$6,'[20]WorkDone DATA'!$G:$G,BOQ!$B224)*$G224","v":{"$error":"#VALUE!"}},{"$f":"SUMIFS('[20]WorkDone DATA'!$L:$L,'[20]WorkDone DATA'!$N:$N,BOQ!BG$6,'[20]WorkDone DATA'!$G:$G,BOQ!$B224)*$G224","v":{"$error":"#VALUE!"}},{"$f":"SUMIFS('[20]WorkDone DATA'!$L:$L,'[20]WorkDone DATA'!$N:$N,BOQ!BH$6,'[20]WorkDone DATA'!$G:$G,BOQ!$B224)*$G224","v":{"$error":"#VALUE!"}},{"$f":"SUMIFS('[20]WorkDone DATA'!$L:$L,'[20]WorkDone DATA'!$N:$N,BOQ!BI$6,'[20]WorkDone DATA'!$G:$G,BOQ!$B224)*$G224","v":{"$error":"#VALUE!"}},{"$f":"SUMIFS('[20]WorkDone DATA'!$L:$L,'[20]WorkDone DATA'!$N:$N,BOQ!BJ$6,'[20]WorkDone DATA'!$G:$G,BOQ!$B224)*$G224","v":{"$error":"#VALUE!"}},{"$f":"SUMIFS('[20]WorkDone DATA'!$L:$L,'[20]WorkDone DATA'!$N:$N,BOQ!BK$6,'[20]WorkDone DATA'!$G:$G,BOQ!$B224)*$G224","v":{"$error":"#VALUE!"}},{"$f":"SUMIFS('[20]WorkDone DATA'!$L:$L,'[20]WorkDone DATA'!$N:$N,BOQ!BL$6,'[20]WorkDone DATA'!$G:$G,BOQ!$B224)*$G224","v":{"$error":"#VALUE!"}},{"$f":"SUMIFS('[20]WorkDone DATA'!$L:$L,'[20]WorkDone DATA'!$N:$N,BOQ!BM$6,'[20]WorkDone DATA'!$G:$G,BOQ!$B224)*$G224","v":{"$error":"#VALUE!"}},{"$f":"SUMIFS('[20]WorkDone DATA'!$L:$L,'[20]WorkDone DATA'!$N:$N,BOQ!BN$6,'[20]WorkDone DATA'!$G:$G,BOQ!$B224)*$G224","v":{"$error":"#VALUE!"}},{"$f":"SUMIFS('[20]WorkDone DATA'!$L:$L,'[20]WorkDone DATA'!$N:$N,BOQ!BO$6,'[20]WorkDone DATA'!$G:$G,BOQ!$B224)*$G224","v":{"$error":"#VALUE!"}},{"$f":"SUMIFS('[20]WorkDone DATA'!$L:$L,'[20]WorkDone DATA'!$N:$N,BOQ!BP$6,'[20]WorkDone DATA'!$G:$G,BOQ!$B224)*$G224","v":{"$error":"#VALUE!"}},{"$f":"SUMIFS('[20]WorkDone DATA'!$L:$L,'[20]WorkDone DATA'!$N:$N,BOQ!BQ$6,'[20]WorkDone DATA'!$G:$G,BOQ!$B224)*$G224","v":{"$error":"#VALUE!"}},{"$f":"SUMIFS('[20]WorkDone DATA'!$L:$L,'[20]WorkDone DATA'!$N:$N,BOQ!BR$6,'[20]WorkDone DATA'!$G:$G,BOQ!$B224)*$G224","v":{"$error":"#VALUE!"}},{"$f":"SUMIFS('[20]WorkDone DATA'!$L:$L,'[20]WorkDone DATA'!$N:$N,BOQ!BS$6,'[20]WorkDone DATA'!$G:$G,BOQ!$B224)*$G224","v":{"$error":"#VALUE!"}},{"$f":"SUMIFS('[20]WorkDone DATA'!$L:$L,'[20]WorkDone DATA'!$N:$N,BOQ!BT$6,'[20]WorkDone DATA'!$G:$G,BOQ!$B224)*$G224","v":{"$error":"#VALUE!"}},{"$f":"SUMIFS('[20]WorkDone DATA'!$L:$L,'[20]WorkDone DATA'!$N:$N,BOQ!BU$6,'[20]WorkDone DATA'!$G:$G,BOQ!$B224)*$G224","v":{"$error":"#VALUE!"}},{"$f":"SUMIFS('[20]WorkDone DATA'!$L:$L,'[20]WorkDone DATA'!$N:$N,BOQ!BV$6,'[20]WorkDone DATA'!$G:$G,BOQ!$B224)*$G224","v":{"$error":"#VALUE!"}},{"$f":"SUMIFS('[20]WorkDone DATA'!$L:$L,'[20]WorkDone DATA'!$N:$N,BOQ!BW$6,'[20]WorkDone DATA'!$G:$G,BOQ!$B224)*$G224","v":{"$error":"#VALUE!"}},{"$f":"SUMIFS('[20]WorkDone DATA'!$L:$L,'[20]WorkDone DATA'!$N:$N,BOQ!BX$6,'[20]WorkDone DATA'!$G:$G,BOQ!$B224)*$G224","v":{"$error":"#VALUE!"}}]
[{"$nulls":7},0,{"$nulls":3},{"$error":"#VALUE!"},{"$error":"#VALUE!"},null,0,{"$error":"#VALUE!"},null,{"$f":"SUMIFS('[20]WorkDone DATA'!$L:$L,'[20]WorkDone DATA'!$N:$N,BOQ!S$6,'[20]WorkDone DATA'!$G:$G,BOQ!$B225)","v":{"$error":"#VALUE!"}},{"$error":"#VALUE!"},{"$f":"SUMIFS('[20]WorkDone DATA'!$L:$L,'[20]WorkDone DATA'!$N:$N,BOQ!U$6,'[20]WorkDone DATA'!$G:$G,BOQ!$B225)","v":{"$error":"#VALUE!"}},{"$error":"#VALUE!"},null,{"$f":"SUMIFS('[20]WorkDone DATA'!$L:$L,'[20]WorkDone DATA'!$N:$N,BOQ!W$6,'[20]WorkDone DATA'!$G:$G,BOQ!$B225)*$G225","v":{"$error":"#VALUE!"}},null,{"$f":"SUMIFS('[20]WorkDone DATA'!$L:$L,'[20]WorkDone DATA'!$N:$N,BOQ!Y$6,'[20]WorkDone DATA'!$G:$G,BOQ!$B225)*$G225","v":{"$error":"#VALUE!"}},null,{"$f":"SUMIFS('[20]WorkDone DATA'!$L:$L,'[20]WorkDone DATA'!$N:$N,BOQ!AA$6,'[20]WorkDone DATA'!$G:$G,BOQ!$B225)*$G225","v":{"$error":"#VALUE!"}},{"$f":"SUMIFS('[20]WorkDone DATA'!$L:$L,'[20]WorkDone DATA'!$N:$N,BOQ!AB$6,'[20]WorkDone DATA'!$G:$G,BOQ!$B225)*$G225","v":{"$error":"#VALUE!"}},{"$f":"SUMIFS('[20]WorkDone DATA'!$L:$L,'[20]WorkDone DATA'!$N:$N,BOQ!AC$6,'[20]WorkDone DATA'!$G:$G,BOQ!$B225)*$G225","v":{"$error":"#VALUE!"}},{"$f":"SUMIFS('[20]WorkDone DATA'!$L:$L,'[20]WorkDone DATA'!$N:$N,BOQ!AD$6,'[20]WorkDone DATA'!$G:$G,BOQ!$B225)*$G225","v":{"$error":"#VALUE!"}},{"$f":"SUMIFS('[20]WorkDone DATA'!$L:$L,'[20]WorkDone DATA'!$N:$N,BOQ!AE$6,'[20]WorkDone DATA'!$G:$G,BOQ!$B225)*$G225","v":{"$error":"#VALUE!"}},{"$f":"SUMIFS('[20]WorkDone DATA'!$L:$L,'[20]WorkDone DATA'!$N:$N,BOQ!AF$6,'[20]WorkDone DATA'!$G:$G,BOQ!$B225)*$G225","v":{"$error":"#VALUE!"}},{"$f":"SUMIFS('[20]WorkDone DATA'!$L:$L,'[20]WorkDone DATA'!$N:$N,BOQ!AG$6,'[20]WorkDone DATA'!$G:$G,BOQ!$B225)*$G225","v":{"$error":"#VALUE!"}},{"$f":"SUMIFS('[20]WorkDone DATA'!$L:$L,'[20]WorkDone DATA'!$N:$N,BOQ!AH$6,'[20]WorkDone DATA'!$G:$G,BOQ!$B225)*$G225","v":{"$error":"#VALUE!"}},{"$f":"SUMIFS('[20]WorkDone DATA'!$L:$L,'[20]WorkDone DATA'!$N:$N,BOQ!AI$6,'[20]WorkDone DATA'!$G:$G,BOQ!$B225)*$G225","v":{"$error":"#VALUE!"}},{"$f":"SUMIFS('[20]WorkDone DATA'!$L:$L,'[20]WorkDone DATA'!$N:$N,BOQ!AJ$6,'[20]WorkDone DATA'!$G:$G,BOQ!$B225)*$G225","v":{"$error":"#VALUE!"}},{"$f":"SUMIFS('[20]WorkDone DATA'!$L:$L,'[20]WorkDone DATA'!$N:$N,BOQ!AK$6,'[20]WorkDone DATA'!$G:$G,BOQ!$B225)*$G225","v":{"$error":"#VALUE!"}},{"$f":"SUMIFS('[20]WorkDone DATA'!$L:$L,'[20]WorkDone DATA'!$N:$N,BOQ!AL$6,'[20]WorkDone DATA'!$G:$G,BOQ!$B225)*$G225","v":{"$error":"#VALUE!"}},{"$f":"SUMIFS('[20]WorkDone DATA'!$L:$L,'[20]WorkDone DATA'!$N:$N,BOQ!AM$6,'[20]WorkDone DATA'!$G:$G,BOQ!$B225)*$G225","v":{"$error":"#VALUE!"}},{"$f":"SUMIFS('[20]WorkDone DATA'!$L:$L,'[20]WorkDone DATA'!$N:$N,BOQ!AN$6,'[20]WorkDone DATA'!$G:$G,BOQ!$B225)*$G225","v":{"$error":"#VALUE!"}},{"$f":"SUMIFS('[20]WorkDone DATA'!$L:$L,'[20]WorkDone DATA'!$N:$N,BOQ!AO$6,'[20]WorkDone DATA'!$G:$G,BOQ!$B225)*$G225","v":{"$error":"#VALUE!"}},{"$f":"SUMIFS('[20]WorkDone DATA'!$L:$L,'[20]WorkDone DATA'!$N:$N,BOQ!AP$6,'[20]WorkDone DATA'!$G:$G,BOQ!$B225)*$G225","v":{"$error":"#VALUE!"}},{"$f":"SUMIFS('[20]WorkDone DATA'!$L:$L,'[20]WorkDone DATA'!$N:$N,BOQ!AQ$6,'[20]WorkDone DATA'!$G:$G,BOQ!$B225)*$G225","v":{"$error":"#VALUE!"}},{"$f":"SUMIFS('[20]WorkDone DATA'!$L:$L,'[20]WorkDone DATA'!$N:$N,BOQ!AR$6,'[20]WorkDone DATA'!$G:$G,BOQ!$B225)*$G225","v":{"$error":"#VALUE!"}},{"$f":"SUMIFS('[20]WorkDone DATA'!$L:$L,'[20]WorkDone DATA'!$N:$N,BOQ!AS$6,'[20]WorkDone DATA'!$G:$G,BOQ!$B225)*$G225","v":{"$error":"#VALUE!"}},{"$f":"SUMIFS('[20]WorkDone DATA'!$L:$L,'[20]WorkDone DATA'!$N:$N,BOQ!AT$6,'[20]WorkDone DATA'!$G:$G,BOQ!$B225)*$G225","v":{"$error":"#VALUE!"}},{"$f":"SUMIFS('[20]WorkDone DATA'!$L:$L,'[20]WorkDone DATA'!$N:$N,BOQ!AU$6,'[20]WorkDone DATA'!$G:$G,BOQ!$B225)*$G225","v":{"$error":"#VALUE!"}},{"$f":"SUMIFS('[20]WorkDone DATA'!$L:$L,'[20]WorkDone DATA'!$N:$N,BOQ!AV$6,'[20]WorkDone DATA'!$G:$G,BOQ!$B225)*$G225","v":{"$error":"#VALUE!"}},{"$f":"SUMIFS('[20]WorkDone DATA'!$L:$L,'[20]WorkDone DATA'!$N:$N,BOQ!AW$6,'[20]WorkDone DATA'!$G:$G,BOQ!$B225)*$G225","v":{"$error":"#VALUE!"}},{"$f":"SUMIFS('[20]WorkDone DATA'!$L:$L,'[20]WorkDone DATA'!$N:$N,BOQ!AX$6,'[20]WorkDone DATA'!$G:$G,BOQ!$B225)*$G225","v":{"$error":"#VALUE!"}},{"$f":"SUMIFS('[20]WorkDone DATA'!$L:$L,'[20]WorkDone DATA'!$N:$N,BOQ!AY$6,'[20]WorkDone DATA'!$G:$G,BOQ!$B225)*$G225","v":{"$error":"#VALUE!"}},{"$f":"SUMIFS('[20]WorkDone DATA'!$L:$L,'[20]WorkDone DATA'!$N:$N,BOQ!AZ$6,'[20]WorkDone DATA'!$G:$G,BOQ!$B225)*$G225","v":{"$error":"#VALUE!"}},{"$f":"SUMIFS('[20]WorkDone DATA'!$L:$L,'[20]WorkDone DATA'!$N:$N,BOQ!BA$6,'[20]WorkDone DATA'!$G:$G,BOQ!$B225)*$G225","v":{"$error":"#VALUE!"}},{"$f":"SUMIFS('[20]WorkDone DATA'!$L:$L,'[20]WorkDone DATA'!$N:$N,BOQ!BB$6,'[20]WorkDone DATA'!$G:$G,BOQ!$B225)*$G225","v":{"$error":"#VALUE!"}},{"$f":"SUMIFS('[20]WorkDone DATA'!$L:$L,'[20]WorkDone DATA'!$N:$N,BOQ!BC$6,'[20]WorkDone DATA'!$G:$G,BOQ!$B225)*$G225","v":{"$error":"#VALUE!"}},{"$f":"SUMIFS('[20]WorkDone DATA'!$L:$L,'[20]WorkDone DATA'!$N:$N,BOQ!BD$6,'[20]WorkDone DATA'!$G:$G,BOQ!$B225)*$G225","v":{"$error":"#VALUE!"}},{"$f":"SUMIFS('[20]WorkDone DATA'!$L:$L,'[20]WorkDone DATA'!$N:$N,BOQ!BE$6,'[20]WorkDone DATA'!$G:$G,BOQ!$B225)*$G225","v":{"$error":"#VALUE!"}},{"$f":"SUMIFS('[20]WorkDone DATA'!$L:$L,'[20]WorkDone DATA'!$N:$N,BOQ!BF$6,'[20]WorkDone DATA'!$G:$G,BOQ!$B225)*$G225","v":{"$error":"#VALUE!"}},{"$f":"SUMIFS('[20]WorkDone DATA'!$L:$L,'[20]WorkDone DATA'!$N:$N,BOQ!BG$6,'[20]WorkDone DATA'!$G:$G,BOQ!$B225)*$G225","v":{"$error":"#VALUE!"}},{"$f":"SUMIFS('[20]WorkDone DATA'!$L:$L,'[20]WorkDone DATA'!$N:$N,BOQ!BH$6,'[20]WorkDone DATA'!$G:$G,BOQ!$B225)*$G225","v":{"$error":"#VALUE!"}},{"$f":"SUMIFS('[20]WorkDone DATA'!$L:$L,'[20]WorkDone DATA'!$N:$N,BOQ!BI$6,'[20]WorkDone DATA'!$G:$G,BOQ!$B225)*$G225","v":{"$error":"#VALUE!"}},{"$f":"SUMIFS('[20]WorkDone DATA'!$L:$L,'[20]WorkDone DATA'!$N:$N,BOQ!BJ$6,'[20]WorkDone DATA'!$G:$G,BOQ!$B225)*$G225","v":{"$error":"#VALUE!"}},{"$f":"SUMIFS('[20]WorkDone DATA'!$L:$L,'[20]WorkDone DATA'!$N:$N,BOQ!BK$6,'[20]WorkDone DATA'!$G:$G,BOQ!$B225)*$G225","v":{"$error":"#VALUE!"}},{"$f":"SUMIFS('[20]WorkDone DATA'!$L:$L,'[20]WorkDone DATA'!$N:$N,BOQ!BL$6,'[20]WorkDone DATA'!$G:$G,BOQ!$B225)*$G225","v":{"$error":"#VALUE!"}},{"$f":"SUMIFS('[20]WorkDone DATA'!$L:$L,'[20]WorkDone DATA'!$N:$N,BOQ!BM$6,'[20]WorkDone DATA'!$G:$G,BOQ!$B225)*$G225","v":{"$error":"#VALUE!"}},{"$f":"SUMIFS('[20]WorkDone DATA'!$L:$L,'[20]WorkDone DATA'!$N:$N,BOQ!BN$6,'[20]WorkDone DATA'!$G:$G,BOQ!$B225)*$G225","v":{"$error":"#VALUE!"}},{"$f":"SUMIFS('[20]WorkDone DATA'!$L:$L,'[20]WorkDone DATA'!$N:$N,BOQ!BO$6,'[20]WorkDone DATA'!$G:$G,BOQ!$B225)*$G225","v":{"$error":"#VALUE!"}},{"$f":"SUMIFS('[20]WorkDone DATA'!$L:$L,'[20]WorkDone DATA'!$N:$N,BOQ!BP$6,'[20]WorkDone DATA'!$G:$G,BOQ!$B225)*$G225","v":{"$error":"#VALUE!"}},{"$f":"SUMIFS('[20]WorkDone DATA'!$L:$L,'[20]WorkDone DATA'!$N:$N,BOQ!BQ$6,'[20]WorkDone DATA'!$G:$G,BOQ!$B225)*$G225","v":{"$error":"#VALUE!"}},{"$f":"SUMIFS('[20]WorkDone DATA'!$L:$L,'[20]WorkDone DATA'!$N:$N,BOQ!BR$6,'[20]WorkDone DATA'!$G:$G,BOQ!$B225)*$G225","v":{"$error":"#VALUE!"}},{"$f":"SUMIFS('[20]WorkDone DATA'!$L:$L,'[20]WorkDone DATA'!$N:$N,BOQ!BS$6,'[20]WorkDone DATA'!$G:$G,BOQ!$B225)*$G225","v":{"$error":"#VALUE!"}},{"$f":"SUMIFS('[20]WorkDone DATA'!$L:$L,'[20]WorkDone DATA'!$N:$N,BOQ!BT$6,'[20]WorkDone DATA'!$G:$G,BOQ!$B225)*$G225","v":{"$error":"#VALUE!"}},{"$f":"SUMIFS('[20]WorkDone DATA'!$L:$L,'[20]WorkDone DATA'!$N:$N,BOQ!BU$6,'[20]WorkDone DATA'!$G:$G,BOQ!$B225)*$G225","v":{"$error":"#VALUE!"}},{"$f":"SUMIFS('[20]WorkDone DATA'!$L:$L,'[20]WorkDone DATA'!$N:$N,BOQ!BV$6,'[20]WorkDone DATA'!$G:$G,BOQ!$B225)*$G225","v":{"$error":"#VALUE!"}},{"$f":"SUMIFS('[20]WorkDone DATA'!$L:$L,'[20]WorkDone DATA'!$N:$N,BOQ!BW$6,'[20]WorkDone DATA'!$G:$G,BOQ!$B225)*$G225","v":{"$error":"#VALUE!"}},{"$f":"SUMIFS('[20]WorkDone DATA'!$L:$L,'[20]WorkDone DATA'!$N:$N,BOQ!BX$6,'[20]WorkDone DATA'!$G:$G,BOQ!$B225)*$G225","v":{"$error":"#VALUE!"}}]
[{"$nulls":7},0,{"$nulls":3},{"$error":"#VALUE!"},{"$error":"#VALUE!"},null,0,{"$error":"#VALUE!"},null,{"$f":"SUMIFS('[20]WorkDone DATA'!$L:$L,'[20]WorkDone DATA'!$N:$N,BOQ!S$6,'[20]WorkDone DATA'!$G:$G,BOQ!$B226)","v":{"$error":"#VALUE!"}},{"$error":"#VALUE!"},{"$f":"SUMIFS('[20]WorkDone DATA'!$L:$L,'[20]WorkDone DATA'!$N:$N,BOQ!U$6,'[20]WorkDone DATA'!$G:$G,BOQ!$B226)","v":{"$error":"#VALUE!"}},{"$error":"#VALUE!"},null,{"$f":"SUMIFS('[20]WorkDone DATA'!$L:$L,'[20]WorkDone DATA'!$N:$N,BOQ!W$6,'[20]WorkDone DATA'!$G:$G,BOQ!$B226)*$G226","v":{"$error":"#VALUE!"}},null,{"$f":"SUMIFS('[20]WorkDone DATA'!$L:$L,'[20]WorkDone DATA'!$N:$N,BOQ!Y$6,'[20]WorkDone DATA'!$G:$G,BOQ!$B226)*$G226","v":{"$error":"#VALUE!"}},null,{"$f":"SUMIFS('[20]WorkDone DATA'!$L:$L,'[20]WorkDone DATA'!$N:$N,BOQ!AA$6,'[20]WorkDone DATA'!$G:$G,BOQ!$B226)*$G226","v":{"$error":"#VALUE!"}},{"$f":"SUMIFS('[20]WorkDone DATA'!$L:$L,'[20]WorkDone DATA'!$N:$N,BOQ!AB$6,'[20]WorkDone DATA'!$G:$G,BOQ!$B226)*$G226","v":{"$error":"#VALUE!"}},{"$f":"SUMIFS('[20]WorkDone DATA'!$L:$L,'[20]WorkDone DATA'!$N:$N,BOQ!AC$6,'[20]WorkDone DATA'!$G:$G,BOQ!$B226)*$G226","v":{"$error":"#VALUE!"}},{"$f":"SUMIFS('[20]WorkDone DATA'!$L:$L,'[20]WorkDone DATA'!$N:$N,BOQ!AD$6,'[20]WorkDone DATA'!$G:$G,BOQ!$B226)*$G226","v":{"$error":"#VALUE!"}},{"$f":"SUMIFS('[20]WorkDone DATA'!$L:$L,'[20]WorkDone DATA'!$N:$N,BOQ!AE$6,'[20]WorkDone DATA'!$G:$G,BOQ!$B226)*$G226","v":{"$error":"#VALUE!"}},{"$f":"SUMIFS('[20]WorkDone DATA'!$L:$L,'[20]WorkDone DATA'!$N:$N,BOQ!AF$6,'[20]WorkDone DATA'!$G:$G,BOQ!$B226)*$G226","v":{"$error":"#VALUE!"}},{"$f":"SUMIFS('[20]WorkDone DATA'!$L:$L,'[20]WorkDone DATA'!$N:$N,BOQ!AG$6,'[20]WorkDone DATA'!$G:$G,BOQ!$B226)*$G226","v":{"$error":"#VALUE!"}},{"$f":"SUMIFS('[20]WorkDone DATA'!$L:$L,'[20]WorkDone DATA'!$N:$N,BOQ!AH$6,'[20]WorkDone DATA'!$G:$G,BOQ!$B226)*$G226","v":{"$error":"#VALUE!"}},{"$f":"SUMIFS('[20]WorkDone DATA'!$L:$L,'[20]WorkDone DATA'!$N:$N,BOQ!AI$6,'[20]WorkDone DATA'!$G:$G,BOQ!$B226)*$G226","v":{"$error":"#VALUE!"}},{"$f":"SUMIFS('[20]WorkDone DATA'!$L:$L,'[20]WorkDone DATA'!$N:$N,BOQ!AJ$6,'[20]WorkDone DATA'!$G:$G,BOQ!$B226)*$G226","v":{"$error":"#VALUE!"}},{"$f":"SUMIFS('[20]WorkDone DATA'!$L:$L,'[20]WorkDone DATA'!$N:$N,BOQ!AK$6,'[20]WorkDone DATA'!$G:$G,BOQ!$B226)*$G226","v":{"$error":"#VALUE!"}},{"$f":"SUMIFS('[20]WorkDone DATA'!$L:$L,'[20]WorkDone DATA'!$N:$N,BOQ!AL$6,'[20]WorkDone DATA'!$G:$G,BOQ!$B226)*$G226","v":{"$error":"#VALUE!"}},{"$f":"SUMIFS('[20]WorkDone DATA'!$L:$L,'[20]WorkDone DATA'!$N:$N,BOQ!AM$6,'[20]WorkDone DATA'!$G:$G,BOQ!$B226)*$G226","v":{"$error":"#VALUE!"}},{"$f":"SUMIFS('[20]WorkDone DATA'!$L:$L,'[20]WorkDone DATA'!$N:$N,BOQ!AN$6,'[20]WorkDone DATA'!$G:$G,BOQ!$B226)*$G226","v":{"$error":"#VALUE!"}},{"$f":"SUMIFS('[20]WorkDone DATA'!$L:$L,'[20]WorkDone DATA'!$N:$N,BOQ!AO$6,'[20]WorkDone DATA'!$G:$G,BOQ!$B226)*$G226","v":{"$error":"#VALUE!"}},{"$f":"SUMIFS('[20]WorkDone DATA'!$L:$L,'[20]WorkDone DATA'!$N:$N,BOQ!AP$6,'[20]WorkDone DATA'!$G:$G,BOQ!$B226)*$G226","v":{"$error":"#VALUE!"}},{"$f":"SUMIFS('[20]WorkDone DATA'!$L:$L,'[20]WorkDone DATA'!$N:$N,BOQ!AQ$6,'[20]WorkDone DATA'!$G:$G,BOQ!$B226)*$G226","v":{"$error":"#VALUE!"}},{"$f":"SUMIFS('[20]WorkDone DATA'!$L:$L,'[20]WorkDone DATA'!$N:$N,BOQ!AR$6,'[20]WorkDone DATA'!$G:$G,BOQ!$B226)*$G226","v":{"$error":"#VALUE!"}},{"$f":"SUMIFS('[20]WorkDone DATA'!$L:$L,'[20]WorkDone DATA'!$N:$N,BOQ!AS$6,'[20]WorkDone DATA'!$G:$G,BOQ!$B226)*$G226","v":{"$error":"#VALUE!"}},{"$f":"SUMIFS('[20]WorkDone DATA'!$L:$L,'[20]WorkDone DATA'!$N:$N,BOQ!AT$6,'[20]WorkDone DATA'!$G:$G,BOQ!$B226)*$G226","v":{"$error":"#VALUE!"}},{"$f":"SUMIFS('[20]WorkDone DATA'!$L:$L,'[20]WorkDone DATA'!$N:$N,BOQ!AU$6,'[20]WorkDone DATA'!$G:$G,BOQ!$B226)*$G226","v":{"$error":"#VALUE!"}},{"$f":"SUMIFS('[20]WorkDone DATA'!$L:$L,'[20]WorkDone DATA'!$N:$N,BOQ!AV$6,'[20]WorkDone DATA'!$G:$G,BOQ!$B226)*$G226","v":{"$error":"#VALUE!"}},{"$f":"SUMIFS('[20]WorkDone DATA'!$L:$L,'[20]WorkDone DATA'!$N:$N,BOQ!AW$6,'[20]WorkDone DATA'!$G:$G,BOQ!$B226)*$G226","v":{"$error":"#VALUE!"}},{"$f":"SUMIFS('[20]WorkDone DATA'!$L:$L,'[20]WorkDone DATA'!$N:$N,BOQ!AX$6,'[20]WorkDone DATA'!$G:$G,BOQ!$B226)*$G226","v":{"$error":"#VALUE!"}},{"$f":"SUMIFS('[20]WorkDone DATA'!$L:$L,'[20]WorkDone DATA'!$N:$N,BOQ!AY$6,'[20]WorkDone DATA'!$G:$G,BOQ!$B226)*$G226","v":{"$error":"#VALUE!"}},{"$f":"SUMIFS('[20]WorkDone DATA'!$L:$L,'[20]WorkDone DATA'!$N:$N,BOQ!AZ$6,'[20]WorkDone DATA'!$G:$G,BOQ!$B226)*$G226","v":{"$error":"#VALUE!"}},{"$f":"SUMIFS('[20]WorkDone DATA'!$L:$L,'[20]WorkDone DATA'!$N:$N,BOQ!BA$6,'[20]WorkDone DATA'!$G:$G,BOQ!$B226)*$G226","v":{"$error":"#VALUE!"}},{"$f":"SUMIFS('[20]WorkDone DATA'!$L:$L,'[20]WorkDone DATA'!$N:$N,BOQ!BB$6,'[20]WorkDone DATA'!$G:$G,BOQ!$B226)*$G226","v":{"$error":"#VALUE!"}},{"$f":"SUMIFS('[20]WorkDone DATA'!$L:$L,'[20]WorkDone DATA'!$N:$N,BOQ!BC$6,'[20]WorkDone DATA'!$G:$G,BOQ!$B226)*$G226","v":{"$error":"#VALUE!"}},{"$f":"SUMIFS('[20]WorkDone DATA'!$L:$L,'[20]WorkDone DATA'!$N:$N,BOQ!BD$6,'[20]WorkDone DATA'!$G:$G,BOQ!$B226)*$G226","v":{"$error":"#VALUE!"}},{"$f":"SUMIFS('[20]WorkDone DATA'!$L:$L,'[20]WorkDone DATA'!$N:$N,BOQ!BE$6,'[20]WorkDone DATA'!$G:$G,BOQ!$B226)*$G226","v":{"$error":"#VALUE!"}},{"$f":"SUMIFS('[20]WorkDone DATA'!$L:$L,'[20]WorkDone DATA'!$N:$N,BOQ!BF$6,'[20]WorkDone DATA'!$G:$G,BOQ!$B226)*$G226","v":{"$error":"#VALUE!"}},{"$f":"SUMIFS('[20]WorkDone DATA'!$L:$L,'[20]WorkDone DATA'!$N:$N,BOQ!BG$6,'[20]WorkDone DATA'!$G:$G,BOQ!$B226)*$G226","v":{"$error":"#VALUE!"}},{"$f":"SUMIFS('[20]WorkDone DATA'!$L:$L,'[20]WorkDone DATA'!$N:$N,BOQ!BH$6,'[20]WorkDone DATA'!$G:$G,BOQ!$B226)*$G226","v":{"$error":"#VALUE!"}},{"$f":"SUMIFS('[20]WorkDone DATA'!$L:$L,'[20]WorkDone DATA'!$N:$N,BOQ!BI$6,'[20]WorkDone DATA'!$G:$G,BOQ!$B226)*$G226","v":{"$error":"#VALUE!"}},{"$f":"SUMIFS('[20]WorkDone DATA'!$L:$L,'[20]WorkDone DATA'!$N:$N,BOQ!BJ$6,'[20]WorkDone DATA'!$G:$G,BOQ!$B226)*$G226","v":{"$error":"#VALUE!"}},{"$f":"SUMIFS('[20]WorkDone DATA'!$L:$L,'[20]WorkDone DATA'!$N:$N,BOQ!BK$6,'[20]WorkDone DATA'!$G:$G,BOQ!$B226)*$G226","v":{"$error":"#VALUE!"}},{"$f":"SUMIFS('[20]WorkDone DATA'!$L:$L,'[20]WorkDone DATA'!$N:$N,BOQ!BL$6,'[20]WorkDone DATA'!$G:$G,BOQ!$B226)*$G226","v":{"$error":"#VALUE!"}},{"$f":"SUMIFS('[20]WorkDone DATA'!$L:$L,'[20]WorkDone DATA'!$N:$N,BOQ!BM$6,'[20]WorkDone DATA'!$G:$G,BOQ!$B226)*$G226","v":{"$error":"#VALUE!"}},{"$f":"SUMIFS('[20]WorkDone DATA'!$L:$L,'[20]WorkDone DATA'!$N:$N,BOQ!BN$6,'[20]WorkDone DATA'!$G:$G,BOQ!$B226)*$G226","v":{"$error":"#VALUE!"}},{"$f":"SUMIFS('[20]WorkDone DATA'!$L:$L,'[20]WorkDone DATA'!$N:$N,BOQ!BO$6,'[20]WorkDone DATA'!$G:$G,BOQ!$B226)*$G226","v":{"$error":"#VALUE!"}},{"$f":"SUMIFS('[20]WorkDone DATA'!$L:$L,'[20]WorkDone DATA'!$N:$N,BOQ!BP$6,'[20]WorkDone DATA'!$G:$G,BOQ!$B226)*$G226","v":{"$error":"#VALUE!"}},{"$f":"SUMIFS('[20]WorkDone DATA'!$L:$L,'[20]WorkDone DATA'!$N:$N,BOQ!BQ$6,'[20]WorkDone DATA'!$G:$G,BOQ!$B226)*$G226","v":{"$error":"#VALUE!"}},{"$f":"SUMIFS('[20]WorkDone DATA'!$L:$L,'[20]WorkDone DATA'!$N:$N,BOQ!BR$6,'[20]WorkDone DATA'!$G:$G,BOQ!$B226)*$G226","v":{"$error":"#VALUE!"}},{"$f":"SUMIFS('[20]WorkDone DATA'!$L:$L,'[20]WorkDone DATA'!$N:$N,BOQ!BS$6,'[20]WorkDone DATA'!$G:$G,BOQ!$B226)*$G226","v":{"$error":"#VALUE!"}},{"$f":"SUMIFS('[20]WorkDone DATA'!$L:$L,'[20]WorkDone DATA'!$N:$N,BOQ!BT$6,'[20]WorkDone DATA'!$G:$G,BOQ!$B226)*$G226","v":{"$error":"#VALUE!"}},{"$f":"SUMIFS('[20]WorkDone DATA'!$L:$L,'[20]WorkDone DATA'!$N:$N,BOQ!BU$6,'[20]WorkDone DATA'!$G:$G,BOQ!$B226)*$G226","v":{"$error":"#VALUE!"}},{"$f":"SUMIFS('[20]WorkDone DATA'!$L:$L,'[20]WorkDone DATA'!$N:$N,BOQ!BV$6,'[20]WorkDone DATA'!$G:$G,BOQ!$B226)*$G226","v":{"$error":"#VALUE!"}},{"$f":"SUMIFS('[20]WorkDone DATA'!$L:$L,'[20]WorkDone DATA'!$N:$N,BOQ!BW$6,'[20]WorkDone DATA'!$G:$G,BOQ!$B226)*$G226","v":{"$error":"#VALUE!"}},{"$f":"SUMIFS('[20]WorkDone DATA'!$L:$L,'[20]WorkDone DATA'!$N:$N,BOQ!BX$6,'[20]WorkDone DATA'!$G:$G,BOQ!$B226)*$G226","v":{"$error":"#VALUE!"}}]
[null,null,"RACKING",{"$nulls":4},0,{"$nulls":3},{"$error":"#VALUE!"},{"$error":"#VALUE!"},null,0,{"$error":"#VALUE!"},null,{"$f":"SUMIFS('[20]WorkDone DATA'!$L:$L,'[20]WorkDone DATA'!$N:$N,BOQ!S$6,'[20]WorkDone DATA'!$G:$G,BOQ!$B227)","v":{"$error":"#VALUE!"}},{"$error":"#VALUE!"},{"$f":"SUMIFS('[20]WorkDone DATA'!$L:$L,'[20]WorkDone DATA'!$N:$N,BOQ!U$6,'[20]WorkDone DATA'!$G:$G,BOQ!$B227)","v":{"$error":"#VALUE!"}},{"$error":"#VALUE!"},null,{"$f":"SUMIFS('[20]WorkDone DATA'!$L:$L,'[20]WorkDone DATA'!$N:$N,BOQ!W$6,'[20]WorkDone DATA'!$G:$G,BOQ!$B227)*$G227","v":{"$error":"#VALUE!"}},null,{"$f":"SUMIFS('[20]WorkDone DATA'!$L:$L,'[20]WorkDone DATA'!$N:$N,BOQ!Y$6,'[20]WorkDone DATA'!$G:$G,BOQ!$B227)*$G227","v":{"$error":"#VALUE!"}},null,{"$f":"SUMIFS('[20]WorkDone DATA'!$L:$L,'[20]WorkDone DATA'!$N:$N,BOQ!AA$6,'[20]WorkDone DATA'!$G:$G,BOQ!$B227)*$G227","v":{"$error":"#VALUE!"}},{"$f":"SUMIFS('[20]WorkDone DATA'!$L:$L,'[20]WorkDone DATA'!$N:$N,BOQ!AB$6,'[20]WorkDone DATA'!$G:$G,BOQ!$B227)*$G227","v":{"$error":"#VALUE!"}},{"$f":"SUMIFS('[20]WorkDone DATA'!$L:$L,'[20]WorkDone DATA'!$N:$N,BOQ!AC$6,'[20]WorkDone DATA'!$G:$G,BOQ!$B227)*$G227","v":{"$error":"#VALUE!"}},{"$f":"SUMIFS('[20]WorkDone DATA'!$L:$L,'[20]WorkDone DATA'!$N:$N,BOQ!AD$6,'[20]WorkDone DATA'!$G:$G,BOQ!$B227)*$G227","v":{"$error":"#VALUE!"}},{"$f":"SUMIFS('[20]WorkDone DATA'!$L:$L,'[20]WorkDone DATA'!$N:$N,BOQ!AE$6,'[20]WorkDone DATA'!$G:$G,BOQ!$B227)*$G227","v":{"$error":"#VALUE!"}},{"$f":"SUMIFS('[20]WorkDone DATA'!$L:$L,'[20]WorkDone DATA'!$N:$N,BOQ!AF$6,'[20]WorkDone DATA'!$G:$G,BOQ!$B227)*$G227","v":{"$error":"#VALUE!"}},{"$f":"SUMIFS('[20]WorkDone DATA'!$L:$L,'[20]WorkDone DATA'!$N:$N,BOQ!AG$6,'[20]WorkDone DATA'!$G:$G,BOQ!$B227)*$G227","v":{"$error":"#VALUE!"}},{"$f":"SUMIFS('[20]WorkDone DATA'!$L:$L,'[20]WorkDone DATA'!$N:$N,BOQ!AH$6,'[20]WorkDone DATA'!$G:$G,BOQ!$B227)*$G227","v":{"$error":"#VALUE!"}},{"$f":"SUMIFS('[20]WorkDone DATA'!$L:$L,'[20]WorkDone DATA'!$N:$N,BOQ!AI$6,'[20]WorkDone DATA'!$G:$G,BOQ!$B227)*$G227","v":{"$error":"#VALUE!"}},{"$f":"SUMIFS('[20]WorkDone DATA'!$L:$L,'[20]WorkDone DATA'!$N:$N,BOQ!AJ$6,'[20]WorkDone DATA'!$G:$G,BOQ!$B227)*$G227","v":{"$error":"#VALUE!"}},{"$f":"SUMIFS('[20]WorkDone DATA'!$L:$L,'[20]WorkDone DATA'!$N:$N,BOQ!AK$6,'[20]WorkDone DATA'!$G:$G,BOQ!$B227)*$G227","v":{"$error":"#VALUE!"}},{"$f":"SUMIFS('[20]WorkDone DATA'!$L:$L,'[20]WorkDone DATA'!$N:$N,BOQ!AL$6,'[20]WorkDone DATA'!$G:$G,BOQ!$B227)*$G227","v":{"$error":"#VALUE!"}},{"$f":"SUMIFS('[20]WorkDone DATA'!$L:$L,'[20]WorkDone DATA'!$N:$N,BOQ!AM$6,'[20]WorkDone DATA'!$G:$G,BOQ!$B227)*$G227","v":{"$error":"#VALUE!"}},{"$f":"SUMIFS('[20]WorkDone DATA'!$L:$L,'[20]WorkDone DATA'!$N:$N,BOQ!AN$6,'[20]WorkDone DATA'!$G:$G,BOQ!$B227)*$G227","v":{"$error":"#VALUE!"}},{"$f":"SUMIFS('[20]WorkDone DATA'!$L:$L,'[20]WorkDone DATA'!$N:$N,BOQ!AO$6,'[20]WorkDone DATA'!$G:$G,BOQ!$B227)*$G227","v":{"$error":"#VALUE!"}},{"$f":"SUMIFS('[20]WorkDone DATA'!$L:$L,'[20]WorkDone DATA'!$N:$N,BOQ!AP$6,'[20]WorkDone DATA'!$G:$G,BOQ!$B227)*$G227","v":{"$error":"#VALUE!"}},{"$f":"SUMIFS('[20]WorkDone DATA'!$L:$L,'[20]WorkDone DATA'!$N:$N,BOQ!AQ$6,'[20]WorkDone DATA'!$G:$G,BOQ!$B227)*$G227","v":{"$error":"#VALUE!"}},{"$f":"SUMIFS('[20]WorkDone DATA'!$L:$L,'[20]WorkDone DATA'!$N:$N,BOQ!AR$6,'[20]WorkDone DATA'!$G:$G,BOQ!$B227)*$G227","v":{"$error":"#VALUE!"}},{"$f":"SUMIFS('[20]WorkDone DATA'!$L:$L,'[20]WorkDone DATA'!$N:$N,BOQ!AS$6,'[20]WorkDone DATA'!$G:$G,BOQ!$B227)*$G227","v":{"$error":"#VALUE!"}},{"$f":"SUMIFS('[20]WorkDone DATA'!$L:$L,'[20]WorkDone DATA'!$N:$N,BOQ!AT$6,'[20]WorkDone DATA'!$G:$G,BOQ!$B227)*$G227","v":{"$error":"#VALUE!"}},{"$f":"SUMIFS('[20]WorkDone DATA'!$L:$L,'[20]WorkDone DATA'!$N:$N,BOQ!AU$6,'[20]WorkDone DATA'!$G:$G,BOQ!$B227)*$G227","v":{"$error":"#VALUE!"}},{"$f":"SUMIFS('[20]WorkDone DATA'!$L:$L,'[20]WorkDone DATA'!$N:$N,BOQ!AV$6,'[20]WorkDone DATA'!$G:$G,BOQ!$B227)*$G227","v":{"$error":"#VALUE!"}},{"$f":"SUMIFS('[20]WorkDone DATA'!$L:$L,'[20]WorkDone DATA'!$N:$N,BOQ!AW$6,'[20]WorkDone DATA'!$G:$G,BOQ!$B227)*$G227","v":{"$error":"#VALUE!"}},{"$f":"SUMIFS('[20]WorkDone DATA'!$L:$L,'[20]WorkDone DATA'!$N:$N,BOQ!AX$6,'[20]WorkDone DATA'!$G:$G,BOQ!$B227)*$G227","v":{"$error":"#VALUE!"}},{"$f":"SUMIFS('[20]WorkDone DATA'!$L:$L,'[20]WorkDone DATA'!$N:$N,BOQ!AY$6,'[20]WorkDone DATA'!$G:$G,BOQ!$B227)*$G227","v":{"$error":"#VALUE!"}},{"$f":"SUMIFS('[20]WorkDone DATA'!$L:$L,'[20]WorkDone DATA'!$N:$N,BOQ!AZ$6,'[20]WorkDone DATA'!$G:$G,BOQ!$B227)*$G227","v":{"$error":"#VALUE!"}},{"$f":"SUMIFS('[20]WorkDone DATA'!$L:$L,'[20]WorkDone DATA'!$N:$N,BOQ!BA$6,'[20]WorkDone DATA'!$G:$G,BOQ!$B227)*$G227","v":{"$error":"#VALUE!"}},{"$f":"SUMIFS('[20]WorkDone DATA'!$L:$L,'[20]WorkDone DATA'!$N:$N,BOQ!BB$6,'[20]WorkDone DATA'!$G:$G,BOQ!$B227)*$G227","v":{"$error":"#VALUE!"}},{"$f":"SUMIFS('[20]WorkDone DATA'!$L:$L,'[20]WorkDone DATA'!$N:$N,BOQ!BC$6,'[20]WorkDone DATA'!$G:$G,BOQ!$B227)*$G227","v":{"$error":"#VALUE!"}},{"$f":"SUMIFS('[20]WorkDone DATA'!$L:$L,'[20]WorkDone DATA'!$N:$N,BOQ!BD$6,'[20]WorkDone DATA'!$G:$G,BOQ!$B227)*$G227","v":{"$error":"#VALUE!"}},{"$f":"SUMIFS('[20]WorkDone DATA'!$L:$L,'[20]WorkDone DATA'!$N:$N,BOQ!BE$6,'[20]WorkDone DATA'!$G:$G,BOQ!$B227)*$G227","v":{"$error":"#VALUE!"}},{"$f":"SUMIFS('[20]WorkDone DATA'!$L:$L,'[20]WorkDone DATA'!$N:$N,BOQ!BF$6,'[20]WorkDone DATA'!$G:$G,BOQ!$B227)*$G227","v":{"$error":"#VALUE!"}},{"$f":"SUMIFS('[20]WorkDone DATA'!$L:$L,'[20]WorkDone DATA'!$N:$N,BOQ!BG$6,'[20]WorkDone DATA'!$G:$G,BOQ!$B227)*$G227","v":{"$error":"#VALUE!"}},{"$f":"SUMIFS('[20]WorkDone DATA'!$L:$L,'[20]WorkDone DATA'!$N:$N,BOQ!BH$6,'[20]WorkDone DATA'!$G:$G,BOQ!$B227)*$G227","v":{"$error":"#VALUE!"}},{"$f":"SUMIFS('[20]WorkDone DATA'!$L:$L,'[20]WorkDone DATA'!$N:$N,BOQ!BI$6,'[20]WorkDone DATA'!$G:$G,BOQ!$B227)*$G227","v":{"$error":"#VALUE!"}},{"$f":"SUMIFS('[20]WorkDone DATA'!$L:$L,'[20]WorkDone DATA'!$N:$N,BOQ!BJ$6,'[20]WorkDone DATA'!$G:$G,BOQ!$B227)*$G227","v":{"$error":"#VALUE!"}},{"$f":"SUMIFS('[20]WorkDone DATA'!$L:$L,'[20]WorkDone DATA'!$N:$N,BOQ!BK$6,'[20]WorkDone DATA'!$G:$G,BOQ!$B227)*$G227","v":{"$error":"#VALUE!"}},{"$f":"SUMIFS('[20]WorkDone DATA'!$L:$L,'[20]WorkDone DATA'!$N:$N,BOQ!BL$6,'[20]WorkDone DATA'!$G:$G,BOQ!$B227)*$G227","v":{"$error":"#VALUE!"}},{"$f":"SUMIFS('[20]WorkDone DATA'!$L:$L,'[20]WorkDone DATA'!$N:$N,BOQ!BM$6,'[20]WorkDone DATA'!$G:$G,BOQ!$B227)*$G227","v":{"$error":"#VALUE!"}},{"$f":"SUMIFS('[20]WorkDone DATA'!$L:$L,'[20]WorkDone DATA'!$N:$N,BOQ!BN$6,'[20]WorkDone DATA'!$G:$G,BOQ!$B227)*$G227","v":{"$error":"#VALUE!"}},{"$f":"SUMIFS('[20]WorkDone DATA'!$L:$L,'[20]WorkDone DATA'!$N:$N,BOQ!BO$6,'[20]WorkDone DATA'!$G:$G,BOQ!$B227)*$G227","v":{"$error":"#VALUE!"}},{"$f":"SUMIFS('[20]WorkDone DATA'!$L:$L,'[20]WorkDone DATA'!$N:$N,BOQ!BP$6,'[20]WorkDone DATA'!$G:$G,BOQ!$B227)*$G227","v":{"$error":"#VALUE!"}},{"$f":"SUMIFS('[20]WorkDone DATA'!$L:$L,'[20]WorkDone DATA'!$N:$N,BOQ!BQ$6,'[20]WorkDone DATA'!$G:$G,BOQ!$B227)*$G227","v":{"$error":"#VALUE!"}},{"$f":"SUMIFS('[20]WorkDone DATA'!$L:$L,'[20]WorkDone DATA'!$N:$N,BOQ!BR$6,'[20]WorkDone DATA'!$G:$G,BOQ!$B227)*$G227","v":{"$error":"#VALUE!"}},{"$f":"SUMIFS('[20]WorkDone DATA'!$L:$L,'[20]WorkDone DATA'!$N:$N,BOQ!BS$6,'[20]WorkDone DATA'!$G:$G,BOQ!$B227)*$G227","v":{"$error":"#VALUE!"}},{"$f":"SUMIFS('[20]WorkDone DATA'!$L:$L,'[20]WorkDone DATA'!$N:$N,BOQ!BT$6,'[20]WorkDone DATA'!$G:$G,BOQ!$B227)*$G227","v":{"$error":"#VALUE!"}},{"$f":"SUMIFS('[20]WorkDone DATA'!$L:$L,'[20]WorkDone DATA'!$N:$N,BOQ!BU$6,'[20]WorkDone DATA'!$G:$G,BOQ!$B227)*$G227","v":{"$error":"#VALUE!"}},{"$f":"SUMIFS('[20]WorkDone DATA'!$L:$L,'[20]WorkDone DATA'!$N:$N,BOQ!BV$6,'[20]WorkDone DATA'!$G:$G,BOQ!$B227)*$G227","v":{"$error":"#VALUE!"}},{"$f":"SUMIFS('[20]WorkDone DATA'!$L:$L,'[20]WorkDone DATA'!$N:$N,BOQ!BW$6,'[20]WorkDone DATA'!$G:$G,BOQ!$B227)*$G227","v":{"$error":"#VALUE!"}},{"$f":"SUMIFS('[20]WorkDone DATA'!$L:$L,'[20]WorkDone DATA'!$N:$N,BOQ!BX$6,'[20]WorkDone DATA'!$G:$G,BOQ!$B227)*$G227","v":{"$error":"#VALUE!"}}]
[null,null,"CABLE TRAY AND ACCESSORIES",{"$nulls":4},0,{"$nulls":3},{"$error":"#VALUE!"},{"$error":"#VALUE!"},null,0,{"$error":"#VALUE!"},null,{"$f":"SUMIFS('[20]WorkDone DATA'!$L:$L,'[20]WorkDone DATA'!$N:$N,BOQ!S$6,'[20]WorkDone DATA'!$G:$G,BOQ!$B228)","v":{"$error":"#VALUE!"}},{"$error":"#VALUE!"},{"$f":"SUMIFS('[20]WorkDone DATA'!$L:$L,'[20]WorkDone DATA'!$N:$N,BOQ!U$6,'[20]WorkDone DATA'!$G:$G,BOQ!$B228)","v":{"$error":"#VALUE!"}},{"$error":"#VALUE!"},null,{"$f":"SUMIFS('[20]WorkDone DATA'!$L:$L,'[20]WorkDone DATA'!$N:$N,BOQ!W$6,'[20]WorkDone DATA'!$G:$G,BOQ!$B228)*$G228","v":{"$error":"#VALUE!"}},null,{"$f":"SUMIFS('[20]WorkDone DATA'!$L:$L,'[20]WorkDone DATA'!$N:$N,BOQ!Y$6,'[20]WorkDone DATA'!$G:$G,BOQ!$B228)*$G228","v":{"$error":"#VALUE!"}},null,{"$f":"SUMIFS('[20]WorkDone DATA'!$L:$L,'[20]WorkDone DATA'!$N:$N,BOQ!AA$6,'[20]WorkDone DATA'!$G:$G,BOQ!$B228)*$G228","v":{"$error":"#VALUE!"}},{"$f":"SUMIFS('[20]WorkDone DATA'!$L:$L,'[20]WorkDone DATA'!$N:$N,BOQ!AB$6,'[20]WorkDone DATA'!$G:$G,BOQ!$B228)*$G228","v":{"$error":"#VALUE!"}},{"$f":"SUMIFS('[20]WorkDone DATA'!$L:$L,'[20]WorkDone DATA'!$N:$N,BOQ!AC$6,'[20]WorkDone DATA'!$G:$G,BOQ!$B228)*$G228","v":{"$error":"#VALUE!"}},{"$f":"SUMIFS('[20]WorkDone DATA'!$L:$L,'[20]WorkDone DATA'!$N:$N,BOQ!AD$6,'[20]WorkDone DATA'!$G:$G,BOQ!$B228)*$G228","v":{"$error":"#VALUE!"}},{"$f":"SUMIFS('[20]WorkDone DATA'!$L:$L,'[20]WorkDone DATA'!$N:$N,BOQ!AE$6,'[20]WorkDone DATA'!$G:$G,BOQ!$B228)*$G228","v":{"$error":"#VALUE!"}},{"$f":"SUMIFS('[20]WorkDone DATA'!$L:$L,'[20]WorkDone DATA'!$N:$N,BOQ!AF$6,'[20]WorkDone DATA'!$G:$G,BOQ!$B228)*$G228","v":{"$error":"#VALUE!"}},{"$f":"SUMIFS('[20]WorkDone DATA'!$L:$L,'[20]WorkDone DATA'!$N:$N,BOQ!AG$6,'[20]WorkDone DATA'!$G:$G,BOQ!$B228)*$G228","v":{"$error":"#VALUE!"}},{"$f":"SUMIFS('[20]WorkDone DATA'!$L:$L,'[20]WorkDone DATA'!$N:$N,BOQ!AH$6,'[20]WorkDone DATA'!$G:$G,BOQ!$B228)*$G228","v":{"$error":"#VALUE!"}},{"$f":"SUMIFS('[20]WorkDone DATA'!$L:$L,'[20]WorkDone DATA'!$N:$N,BOQ!AI$6,'[20]WorkDone DATA'!$G:$G,BOQ!$B228)*$G228","v":{"$error":"#VALUE!"}},{"$f":"SUMIFS('[20]WorkDone DATA'!$L:$L,'[20]WorkDone DATA'!$N:$N,BOQ!AJ$6,'[20]WorkDone DATA'!$G:$G,BOQ!$B228)*$G228","v":{"$error":"#VALUE!"}},{"$f":"SUMIFS('[20]WorkDone DATA'!$L:$L,'[20]WorkDone DATA'!$N:$N,BOQ!AK$6,'[20]WorkDone DATA'!$G:$G,BOQ!$B228)*$G228","v":{"$error":"#VALUE!"}},{"$f":"SUMIFS('[20]WorkDone DATA'!$L:$L,'[20]WorkDone DATA'!$N:$N,BOQ!AL$6,'[20]WorkDone DATA'!$G:$G,BOQ!$B228)*$G228","v":{"$error":"#VALUE!"}},{"$f":"SUMIFS('[20]WorkDone DATA'!$L:$L,'[20]WorkDone DATA'!$N:$N,BOQ!AM$6,'[20]WorkDone DATA'!$G:$G,BOQ!$B228)*$G228","v":{"$error":"#VALUE!"}},{"$f":"SUMIFS('[20]WorkDone DATA'!$L:$L,'[20]WorkDone DATA'!$N:$N,BOQ!AN$6,'[20]WorkDone DATA'!$G:$G,BOQ!$B228)*$G228","v":{"$error":"#VALUE!"}},{"$f":"SUMIFS('[20]WorkDone DATA'!$L:$L,'[20]WorkDone DATA'!$N:$N,BOQ!AO$6,'[20]WorkDone DATA'!$G:$G,BOQ!$B228)*$G228","v":{"$error":"#VALUE!"}},{"$f":"SUMIFS('[20]WorkDone DATA'!$L:$L,'[20]WorkDone DATA'!$N:$N,BOQ!AP$6,'[20]WorkDone DATA'!$G:$G,BOQ!$B228)*$G228","v":{"$error":"#VALUE!"}},{"$f":"SUMIFS('[20]WorkDone DATA'!$L:$L,'[20]WorkDone DATA'!$N:$N,BOQ!AQ$6,'[20]WorkDone DATA'!$G:$G,BOQ!$B228)*$G228","v":{"$error":"#VALUE!"}},{"$f":"SUMIFS('[20]WorkDone DATA'!$L:$L,'[20]WorkDone DATA'!$N:$N,BOQ!AR$6,'[20]WorkDone DATA'!$G:$G,BOQ!$B228)*$G228","v":{"$error":"#VALUE!"}},{"$f":"SUMIFS('[20]WorkDone DATA'!$L:$L,'[20]WorkDone DATA'!$N:$N,BOQ!AS$6,'[20]WorkDone DATA'!$G:$G,BOQ!$B228)*$G228","v":{"$error":"#VALUE!"}},{"$f":"SUMIFS('[20]WorkDone DATA'!$L:$L,'[20]WorkDone DATA'!$N:$N,BOQ!AT$6,'[20]WorkDone DATA'!$G:$G,BOQ!$B228)*$G228","v":{"$error":"#VALUE!"}},{"$f":"SUMIFS('[20]WorkDone DATA'!$L:$L,'[20]WorkDone DATA'!$N:$N,BOQ!AU$6,'[20]WorkDone DATA'!$G:$G,BOQ!$B228)*$G228","v":{"$error":"#VALUE!"}},{"$f":"SUMIFS('[20]WorkDone DATA'!$L:$L,'[20]WorkDone DATA'!$N:$N,BOQ!AV$6,'[20]WorkDone DATA'!$G:$G,BOQ!$B228)*$G228","v":{"$error":"#VALUE!"}},{"$f":"SUMIFS('[20]WorkDone DATA'!$L:$L,'[20]WorkDone DATA'!$N:$N,BOQ!AW$6,'[20]WorkDone DATA'!$G:$G,BOQ!$B228)*$G228","v":{"$error":"#VALUE!"}},{"$f":"SUMIFS('[20]WorkDone DATA'!$L:$L,'[20]WorkDone DATA'!$N:$N,BOQ!AX$6,'[20]WorkDone DATA'!$G:$G,BOQ!$B228)*$G228","v":{"$error":"#VALUE!"}},{"$f":"SUMIFS('[20]WorkDone DATA'!$L:$L,'[20]WorkDone DATA'!$N:$N,BOQ!AY$6,'[20]WorkDone DATA'!$G:$G,BOQ!$B228)*$G228","v":{"$error":"#VALUE!"}},{"$f":"SUMIFS('[20]WorkDone DATA'!$L:$L,'[20]WorkDone DATA'!$N:$N,BOQ!AZ$6,'[20]WorkDone DATA'!$G:$G,BOQ!$B228)*$G228","v":{"$error":"#VALUE!"}},{"$f":"SUMIFS('[20]WorkDone DATA'!$L:$L,'[20]WorkDone DATA'!$N:$N,BOQ!BA$6,'[20]WorkDone DATA'!$G:$G,BOQ!$B228)*$G228","v":{"$error":"#VALUE!"}},{"$f":"SUMIFS('[20]WorkDone DATA'!$L:$L,'[20]WorkDone DATA'!$N:$N,BOQ!BB$6,'[20]WorkDone DATA'!$G:$G,BOQ!$B228)*$G228","v":{"$error":"#VALUE!"}},{"$f":"SUMIFS('[20]WorkDone DATA'!$L:$L,'[20]WorkDone DATA'!$N:$N,BOQ!BC$6,'[20]WorkDone DATA'!$G:$G,BOQ!$B228)*$G228","v":{"$error":"#VALUE!"}},{"$f":"SUMIFS('[20]WorkDone DATA'!$L:$L,'[20]WorkDone DATA'!$N:$N,BOQ!BD$6,'[20]WorkDone DATA'!$G:$G,BOQ!$B228)*$G228","v":{"$error":"#VALUE!"}},{"$f":"SUMIFS('[20]WorkDone DATA'!$L:$L,'[20]WorkDone DATA'!$N:$N,BOQ!BE$6,'[20]WorkDone DATA'!$G:$G,BOQ!$B228)*$G228","v":{"$error":"#VALUE!"}},{"$f":"SUMIFS('[20]WorkDone DATA'!$L:$L,'[20]WorkDone DATA'!$N:$N,BOQ!BF$6,'[20]WorkDone DATA'!$G:$G,BOQ!$B228)*$G228","v":{"$error":"#VALUE!"}},{"$f":"SUMIFS('[20]WorkDone DATA'!$L:$L,'[20]WorkDone DATA'!$N:$N,BOQ!BG$6,'[20]WorkDone DATA'!$G:$G,BOQ!$B228)*$G228","v":{"$error":"#VALUE!"}},{"$f":"SUMIFS('[20]WorkDone DATA'!$L:$L,'[20]WorkDone DATA'!$N:$N,BOQ!BH$6,'[20]WorkDone DATA'!$G:$G,BOQ!$B228)*$G228","v":{"$error":"#VALUE!"}},{"$f":"SUMIFS('[20]WorkDone DATA'!$L:$L,'[20]WorkDone DATA'!$N:$N,BOQ!BI$6,'[20]WorkDone DATA'!$G:$G,BOQ!$B228)*$G228","v":{"$error":"#VALUE!"}},{"$f":"SUMIFS('[20]WorkDone DATA'!$L:$L,'[20]WorkDone DATA'!$N:$N,BOQ!BJ$6,'[20]WorkDone DATA'!$G:$G,BOQ!$B228)*$G228","v":{"$error":"#VALUE!"}},{"$f":"SUMIFS('[20]WorkDone DATA'!$L:$L,'[20]WorkDone DATA'!$N:$N,BOQ!BK$6,'[20]WorkDone DATA'!$G:$G,BOQ!$B228)*$G228","v":{"$error":"#VALUE!"}},{"$f":"SUMIFS('[20]WorkDone DATA'!$L:$L,'[20]WorkDone DATA'!$N:$N,BOQ!BL$6,'[20]WorkDone DATA'!$G:$G,BOQ!$B228)*$G228","v":{"$error":"#VALUE!"}},{"$f":"SUMIFS('[20]WorkDone DATA'!$L:$L,'[20]WorkDone DATA'!$N:$N,BOQ!BM$6,'[20]WorkDone DATA'!$G:$G,BOQ!$B228)*$G228","v":{"$error":"#VALUE!"}},{"$f":"SUMIFS('[20]WorkDone DATA'!$L:$L,'[20]WorkDone DATA'!$N:$N,BOQ!BN$6,'[20]WorkDone DATA'!$G:$G,BOQ!$B228)*$G228","v":{"$error":"#VALUE!"}},{"$f":"SUMIFS('[20]WorkDone DATA'!$L:$L,'[20]WorkDone DATA'!$N:$N,BOQ!BO$6,'[20]WorkDone DATA'!$G:$G,BOQ!$B228)*$G228","v":{"$error":"#VALUE!"}},{"$f":"SUMIFS('[20]WorkDone DATA'!$L:$L,'[20]WorkDone DATA'!$N:$N,BOQ!BP$6,'[20]WorkDone DATA'!$G:$G,BOQ!$B228)*$G228","v":{"$error":"#VALUE!"}},{"$f":"SUMIFS('[20]WorkDone DATA'!$L:$L,'[20]WorkDone DATA'!$N:$N,BOQ!BQ$6,'[20]WorkDone DATA'!$G:$G,BOQ!$B228)*$G228","v":{"$error":"#VALUE!"}},{"$f":"SUMIFS('[20]WorkDone DATA'!$L:$L,'[20]WorkDone DATA'!$N:$N,BOQ!BR$6,'[20]WorkDone DATA'!$G:$G,BOQ!$B228)*$G228","v":{"$error":"#VALUE!"}},{"$f":"SUMIFS('[20]WorkDone DATA'!$L:$L,'[20]WorkDone DATA'!$N:$N,BOQ!BS$6,'[20]WorkDone DATA'!$G:$G,BOQ!$B228)*$G228","v":{"$error":"#VALUE!"}},{"$f":"SUMIFS('[20]WorkDone DATA'!$L:$L,'[20]WorkDone DATA'!$N:$N,BOQ!BT$6,'[20]WorkDone DATA'!$G:$G,BOQ!$B228)*$G228","v":{"$error":"#VALUE!"}},{"$f":"SUMIFS('[20]WorkDone DATA'!$L:$L,'[20]WorkDone DATA'!$N:$N,BOQ!BU$6,'[20]WorkDone DATA'!$G:$G,BOQ!$B228)*$G228","v":{"$error":"#VALUE!"}},{"$f":"SUMIFS('[20]WorkDone DATA'!$L:$L,'[20]WorkDone DATA'!$N:$N,BOQ!BV$6,'[20]WorkDone DATA'!$G:$G,BOQ!$B228)*$G228","v":{"$error":"#VALUE!"}},{"$f":"SUMIFS('[20]WorkDone DATA'!$L:$L,'[20]WorkDone DATA'!$N:$N,BOQ!BW$6,'[20]WorkDone DATA'!$G:$G,BOQ!$B228)*$G228","v":{"$error":"#VALUE!"}},{"$f":"SUMIFS('[20]WorkDone DATA'!$L:$L,'[20]WorkDone DATA'!$N:$N,BOQ!BX$6,'[20]WorkDone DATA'!$G:$G,BOQ!$B228)*$G228","v":{"$error":"#VALUE!"}}]
[null,null,"Cold drawn high tensile galvanized wire mesh cable tray (O-L GRIDSPAN GS 50x50) fixed in all positions, etc., to all heights above floor level, etc and to all areas. Complete with splice clamp sets, hold down brackets, bolts, nuts and washers, etc.",{"$nulls":4},0,{"$nulls":3},{"$error":"#VALUE!"},{"$error":"#VALUE!"},null,0,{"$error":"#VALUE!"},null,{"$f":"SUMIFS('[20]WorkDone DATA'!$L:$L,'[20]WorkDone DATA'!$N:$N,BOQ!S$6,'[20]WorkDone DATA'!$G:$G,BOQ!$B229)","v":{"$error":"#VALUE!"}},{"$error":"#VALUE!"},{"$f":"SUMIFS('[20]WorkDone DATA'!$L:$L,'[20]WorkDone DATA'!$N:$N,BOQ!U$6,'[20]WorkDone DATA'!$G:$G,BOQ!$B229)","v":{"$error":"#VALUE!"}},{"$error":"#VALUE!"},null,{"$f":"SUMIFS('[20]WorkDone DATA'!$L:$L,'[20]WorkDone DATA'!$N:$N,BOQ!W$6,'[20]WorkDone DATA'!$G:$G,BOQ!$B229)*$G229","v":{"$error":"#VALUE!"}},null,{"$f":"SUMIFS('[20]WorkDone DATA'!$L:$L,'[20]WorkDone DATA'!$N:$N,BOQ!Y$6,'[20]WorkDone DATA'!$G:$G,BOQ!$B229)*$G229","v":{"$error":"#VALUE!"}},null,{"$f":"SUMIFS('[20]WorkDone DATA'!$L:$L,'[20]WorkDone DATA'!$N:$N,BOQ!AA$6,'[20]WorkDone DATA'!$G:$G,BOQ!$B229)*$G229","v":{"$error":"#VALUE!"}},{"$f":"SUMIFS('[20]WorkDone DATA'!$L:$L,'[20]WorkDone DATA'!$N:$N,BOQ!AB$6,'[20]WorkDone DATA'!$G:$G,BOQ!$B229)*$G229","v":{"$error":"#VALUE!"}},{"$f":"SUMIFS('[20]WorkDone DATA'!$L:$L,'[20]WorkDone DATA'!$N:$N,BOQ!AC$6,'[20]WorkDone DATA'!$G:$G,BOQ!$B229)*$G229","v":{"$error":"#VALUE!"}},{"$f":"SUMIFS('[20]WorkDone DATA'!$L:$L,'[20]WorkDone DATA'!$N:$N,BOQ!AD$6,'[20]WorkDone DATA'!$G:$G,BOQ!$B229)*$G229","v":{"$error":"#VALUE!"}},{"$f":"SUMIFS('[20]WorkDone DATA'!$L:$L,'[20]WorkDone DATA'!$N:$N,BOQ!AE$6,'[20]WorkDone DATA'!$G:$G,BOQ!$B229)*$G229","v":{"$error":"#VALUE!"}},{"$f":"SUMIFS('[20]WorkDone DATA'!$L:$L,'[20]WorkDone DATA'!$N:$N,BOQ!AF$6,'[20]WorkDone DATA'!$G:$G,BOQ!$B229)*$G229","v":{"$error":"#VALUE!"}},{"$f":"SUMIFS('[20]WorkDone DATA'!$L:$L,'[20]WorkDone DATA'!$N:$N,BOQ!AG$6,'[20]WorkDone DATA'!$G:$G,BOQ!$B229)*$G229","v":{"$error":"#VALUE!"}},{"$f":"SUMIFS('[20]WorkDone DATA'!$L:$L,'[20]WorkDone DATA'!$N:$N,BOQ!AH$6,'[20]WorkDone DATA'!$G:$G,BOQ!$B229)*$G229","v":{"$error":"#VALUE!"}},{"$f":"SUMIFS('[20]WorkDone DATA'!$L:$L,'[20]WorkDone DATA'!$N:$N,BOQ!AI$6,'[20]WorkDone DATA'!$G:$G,BOQ!$B229)*$G229","v":{"$error":"#VALUE!"}},{"$f":"SUMIFS('[20]WorkDone DATA'!$L:$L,'[20]WorkDone DATA'!$N:$N,BOQ!AJ$6,'[20]WorkDone DATA'!$G:$G,BOQ!$B229)*$G229","v":{"$error":"#VALUE!"}},{"$f":"SUMIFS('[20]WorkDone DATA'!$L:$L,'[20]WorkDone DATA'!$N:$N,BOQ!AK$6,'[20]WorkDone DATA'!$G:$G,BOQ!$B229)*$G229","v":{"$error":"#VALUE!"}},{"$f":"SUMIFS('[20]WorkDone DATA'!$L:$L,'[20]WorkDone DATA'!$N:$N,BOQ!AL$6,'[20]WorkDone DATA'!$G:$G,BOQ!$B229)*$G229","v":{"$error":"#VALUE!"}},{"$f":"SUMIFS('[20]WorkDone DATA'!$L:$L,'[20]WorkDone DATA'!$N:$N,BOQ!AM$6,'[20]WorkDone DATA'!$G:$G,BOQ!$B229)*$G229","v":{"$error":"#VALUE!"}},{"$f":"SUMIFS('[20]WorkDone DATA'!$L:$L,'[20]WorkDone DATA'!$N:$N,BOQ!AN$6,'[20]WorkDone DATA'!$G:$G,BOQ!$B229)*$G229","v":{"$error":"#VALUE!"}},{"$f":"SUMIFS('[20]WorkDone DATA'!$L:$L,'[20]WorkDone DATA'!$N:$N,BOQ!AO$6,'[20]WorkDone DATA'!$G:$G,BOQ!$B229)*$G229","v":{"$error":"#VALUE!"}},{"$f":"SUMIFS('[20]WorkDone DATA'!$L:$L,'[20]WorkDone DATA'!$N:$N,BOQ!AP$6,'[20]WorkDone DATA'!$G:$G,BOQ!$B229)*$G229","v":{"$error":"#VALUE!"}},{"$f":"SUMIFS('[20]WorkDone DATA'!$L:$L,'[20]WorkDone DATA'!$N:$N,BOQ!AQ$6,'[20]WorkDone DATA'!$G:$G,BOQ!$B229)*$G229","v":{"$error":"#VALUE!"}},{"$f":"SUMIFS('[20]WorkDone DATA'!$L:$L,'[20]WorkDone DATA'!$N:$N,BOQ!AR$6,'[20]WorkDone DATA'!$G:$G,BOQ!$B229)*$G229","v":{"$error":"#VALUE!"}},{"$f":"SUMIFS('[20]WorkDone DATA'!$L:$L,'[20]WorkDone DATA'!$N:$N,BOQ!AS$6,'[20]WorkDone DATA'!$G:$G,BOQ!$B229)*$G229","v":{"$error":"#VALUE!"}},{"$f":"SUMIFS('[20]WorkDone DATA'!$L:$L,'[20]WorkDone DATA'!$N:$N,BOQ!AT$6,'[20]WorkDone DATA'!$G:$G,BOQ!$B229)*$G229","v":{"$error":"#VALUE!"}},{"$f":"SUMIFS('[20]WorkDone DATA'!$L:$L,'[20]WorkDone DATA'!$N:$N,BOQ!AU$6,'[20]WorkDone DATA'!$G:$G,BOQ!$B229)*$G229","v":{"$error":"#VALUE!"}},{"$f":"SUMIFS('[20]WorkDone DATA'!$L:$L,'[20]WorkDone DATA'!$N:$N,BOQ!AV$6,'[20]WorkDone DATA'!$G:$G,BOQ!$B229)*$G229","v":{"$error":"#VALUE!"}},{"$f":"SUMIFS('[20]WorkDone DATA'!$L:$L,'[20]WorkDone DATA'!$N:$N,BOQ!AW$6,'[20]WorkDone DATA'!$G:$G,BOQ!$B229)*$G229","v":{"$error":"#VALUE!"}},{"$f":"SUMIFS('[20]WorkDone DATA'!$L:$L,'[20]WorkDone DATA'!$N:$N,BOQ!AX$6,'[20]WorkDone DATA'!$G:$G,BOQ!$B229)*$G229","v":{"$error":"#VALUE!"}},{"$f":"SUMIFS('[20]WorkDone DATA'!$L:$L,'[20]WorkDone DATA'!$N:$N,BOQ!AY$6,'[20]WorkDone DATA'!$G:$G,BOQ!$B229)*$G229","v":{"$error":"#VALUE!"}},{"$f":"SUMIFS('[20]WorkDone DATA'!$L:$L,'[20]WorkDone DATA'!$N:$N,BOQ!AZ$6,'[20]WorkDone DATA'!$G:$G,BOQ!$B229)*$G229","v":{"$error":"#VALUE!"}},{"$f":"SUMIFS('[20]WorkDone DATA'!$L:$L,'[20]WorkDone DATA'!$N:$N,BOQ!BA$6,'[20]WorkDone DATA'!$G:$G,BOQ!$B229)*$G229","v":{"$error":"#VALUE!"}},{"$f":"SUMIFS('[20]WorkDone DATA'!$L:$L,'[20]WorkDone DATA'!$N:$N,BOQ!BB$6,'[20]WorkDone DATA'!$G:$G,BOQ!$B229)*$G229","v":{"$error":"#VALUE!"}},{"$f":"SUMIFS('[20]WorkDone DATA'!$L:$L,'[20]WorkDone DATA'!$N:$N,BOQ!BC$6,'[20]WorkDone DATA'!$G:$G,BOQ!$B229)*$G229","v":{"$error":"#VALUE!"}},{"$f":"SUMIFS('[20]WorkDone DATA'!$L:$L,'[20]WorkDone DATA'!$N:$N,BOQ!BD$6,'[20]WorkDone DATA'!$G:$G,BOQ!$B229)*$G229","v":{"$error":"#VALUE!"}},{"$f":"SUMIFS('[20]WorkDone DATA'!$L:$L,'[20]WorkDone DATA'!$N:$N,BOQ!BE$6,'[20]WorkDone DATA'!$G:$G,BOQ!$B229)*$G229","v":{"$error":"#VALUE!"}},{"$f":"SUMIFS('[20]WorkDone DATA'!$L:$L,'[20]WorkDone DATA'!$N:$N,BOQ!BF$6,'[20]WorkDone DATA'!$G:$G,BOQ!$B229)*$G229","v":{"$error":"#VALUE!"}},{"$f":"SUMIFS('[20]WorkDone DATA'!$L:$L,'[20]WorkDone DATA'!$N:$N,BOQ!BG$6,'[20]WorkDone DATA'!$G:$G,BOQ!$B229)*$G229","v":{"$error":"#VALUE!"}},{"$f":"SUMIFS('[20]WorkDone DATA'!$L:$L,'[20]WorkDone DATA'!$N:$N,BOQ!BH$6,'[20]WorkDone DATA'!$G:$G,BOQ!$B229)*$G229","v":{"$error":"#VALUE!"}},{"$f":"SUMIFS('[20]WorkDone DATA'!$L:$L,'[20]WorkDone DATA'!$N:$N,BOQ!BI$6,'[20]WorkDone DATA'!$G:$G,BOQ!$B229)*$G229","v":{"$error":"#VALUE!"}},{"$f":"SUMIFS('[20]WorkDone DATA'!$L:$L,'[20]WorkDone DATA'!$N:$N,BOQ!BJ$6,'[20]WorkDone DATA'!$G:$G,BOQ!$B229)*$G229","v":{"$error":"#VALUE!"}},{"$f":"SUMIFS('[20]WorkDone DATA'!$L:$L,'[20]WorkDone DATA'!$N:$N,BOQ!BK$6,'[20]WorkDone DATA'!$G:$G,BOQ!$B229)*$G229","v":{"$error":"#VALUE!"}},{"$f":"SUMIFS('[20]WorkDone DATA'!$L:$L,'[20]WorkDone DATA'!$N:$N,BOQ!BL$6,'[20]WorkDone DATA'!$G:$G,BOQ!$B229)*$G229","v":{"$error":"#VALUE!"}},{"$f":"SUMIFS('[20]WorkDone DATA'!$L:$L,'[20]WorkDone DATA'!$N:$N,BOQ!BM$6,'[20]WorkDone DATA'!$G:$G,BOQ!$B229)*$G229","v":{"$error":"#VALUE!"}},{"$f":"SUMIFS('[20]WorkDone DATA'!$L:$L,'[20]WorkDone DATA'!$N:$N,BOQ!BN$6,'[20]WorkDone DATA'!$G:$G,BOQ!$B229)*$G229","v":{"$error":"#VALUE!"}},{"$f":"SUMIFS('[20]WorkDone DATA'!$L:$L,'[20]WorkDone DATA'!$N:$N,BOQ!BO$6,'[20]WorkDone DATA'!$G:$G,BOQ!$B229)*$G229","v":{"$error":"#VALUE!"}},{"$f":"SUMIFS('[20]WorkDone DATA'!$L:$L,'[20]WorkDone DATA'!$N:$N,BOQ!BP$6,'[20]WorkDone DATA'!$G:$G,BOQ!$B229)*$G229","v":{"$error":"#VALUE!"}},{"$f":"SUMIFS('[20]WorkDone DATA'!$L:$L,'[20]WorkDone DATA'!$N:$N,BOQ!BQ$6,'[20]WorkDone DATA'!$G:$G,BOQ!$B229)*$G229","v":{"$error":"#VALUE!"}},{"$f":"SUMIFS('[20]WorkDone DATA'!$L:$L,'[20]WorkDone DATA'!$N:$N,BOQ!BR$6,'[20]WorkDone DATA'!$G:$G,BOQ!$B229)*$G229","v":{"$error":"#VALUE!"}},{"$f":"SUMIFS('[20]WorkDone DATA'!$L:$L,'[20]WorkDone DATA'!$N:$N,BOQ!BS$6,'[20]WorkDone DATA'!$G:$G,BOQ!$B229)*$G229","v":{"$error":"#VALUE!"}},{"$f":"SUMIFS('[20]WorkDone DATA'!$L:$L,'[20]WorkDone DATA'!$N:$N,BOQ!BT$6,'[20]WorkDone DATA'!$G:$G,BOQ!$B229)*$G229","v":{"$error":"#VALUE!"}},{"$f":"SUMIFS('[20]WorkDone DATA'!$L:$L,'[20]WorkDone DATA'!$N:$N,BOQ!BU$6,'[20]WorkDone DATA'!$G:$G,BOQ!$B229)*$G229","v":{"$error":"#VALUE!"}},{"$f":"SUMIFS('[20]WorkDone DATA'!$L:$L,'[20]WorkDone DATA'!$N:$N,BOQ!BV$6,'[20]WorkDone DATA'!$G:$G,BOQ!$B229)*$G229","v":{"$error":"#VALUE!"}},{"$f":"SUMIFS('[20]WorkDone DATA'!$L:$L,'[20]WorkDone DATA'!$N:$N,BOQ!BW$6,'[20]WorkDone DATA'!$G:$G,BOQ!$B229)*$G229","v":{"$error":"#VALUE!"}},{"$f":"SUMIFS('[20]WorkDone DATA'!$L:$L,'[20]WorkDone DATA'!$N:$N,BOQ!BX$6,'[20]WorkDone DATA'!$G:$G,BOQ!$B229)*$G229","v":{"$error":"#VALUE!"}}]
[null,null,"650mm Long x 89mm high (O-L 251-650)",{"$nulls":4},0,{"$nulls":3},{"$error":"#VALUE!"},{"$error":"#VALUE!"},null,0,{"$error":"#VALUE!"},null,{"$f":"SUMIFS('[20]WorkDone DATA'!$L:$L,'[20]WorkDone DATA'!$N:$N,BOQ!S$6,'[20]WorkDone DATA'!$G:$G,BOQ!$B230)","v":{"$error":"#VALUE!"}},{"$error":"#VALUE!"},{"$f":"SUMIFS('[20]WorkDone DATA'!$L:$L,'[20]WorkDone DATA'!$N:$N,BOQ!U$6,'[20]WorkDone DATA'!$G:$G,BOQ!$B230)","v":{"$error":"#VALUE!"}},{"$error":"#VALUE!"},null,{"$f":"SUMIFS('[20]WorkDone DATA'!$L:$L,'[20]WorkDone DATA'!$N:$N,BOQ!W$6,'[20]WorkDone DATA'!$G:$G,BOQ!$B230)*$G230","v":{"$error":"#VALUE!"}},null,{"$f":"SUMIFS('[20]WorkDone DATA'!$L:$L,'[20]WorkDone DATA'!$N:$N,BOQ!Y$6,'[20]WorkDone DATA'!$G:$G,BOQ!$B230)*$G230","v":{"$error":"#VALUE!"}},null,{"$f":"SUMIFS('[20]WorkDone DATA'!$L:$L,'[20]WorkDone DATA'!$N:$N,BOQ!AA$6,'[20]WorkDone DATA'!$G:$G,BOQ!$B230)*$G230","v":{"$error":"#VALUE!"}},{"$f":"SUMIFS('[20]WorkDone DATA'!$L:$L,'[20]WorkDone DATA'!$N:$N,BOQ!AB$6,'[20]WorkDone DATA'!$G:$G,BOQ!$B230)*$G230","v":{"$error":"#VALUE!"}},{"$f":"SUMIFS('[20]WorkDone DATA'!$L:$L,'[20]WorkDone DATA'!$N:$N,BOQ!AC$6,'[20]WorkDone DATA'!$G:$G,BOQ!$B230)*$G230","v":{"$error":"#VALUE!"}},{"$f":"SUMIFS('[20]WorkDone DATA'!$L:$L,'[20]WorkDone DATA'!$N:$N,BOQ!AD$6,'[20]WorkDone DATA'!$G:$G,BOQ!$B230)*$G230","v":{"$error":"#VALUE!"}},{"$f":"SUMIFS('[20]WorkDone DATA'!$L:$L,'[20]WorkDone DATA'!$N:$N,BOQ!AE$6,'[20]WorkDone DATA'!$G:$G,BOQ!$B230)*$G230","v":{"$error":"#VALUE!"}},{"$f":"SUMIFS('[20]WorkDone DATA'!$L:$L,'[20]WorkDone DATA'!$N:$N,BOQ!AF$6,'[20]WorkDone DATA'!$G:$G,BOQ!$B230)*$G230","v":{"$error":"#VALUE!"}},{"$f":"SUMIFS('[20]WorkDone DATA'!$L:$L,'[20]WorkDone DATA'!$N:$N,BOQ!AG$6,'[20]WorkDone DATA'!$G:$G,BOQ!$B230)*$G230","v":{"$error":"#VALUE!"}},{"$f":"SUMIFS('[20]WorkDone DATA'!$L:$L,'[20]WorkDone DATA'!$N:$N,BOQ!AH$6,'[20]WorkDone DATA'!$G:$G,BOQ!$B230)*$G230","v":{"$error":"#VALUE!"}},{"$f":"SUMIFS('[20]WorkDone DATA'!$L:$L,'[20]WorkDone DATA'!$N:$N,BOQ!AI$6,'[20]WorkDone DATA'!$G:$G,BOQ!$B230)*$G230","v":{"$error":"#VALUE!"}},{"$f":"SUMIFS('[20]WorkDone DATA'!$L:$L,'[20]WorkDone DATA'!$N:$N,BOQ!AJ$6,'[20]WorkDone DATA'!$G:$G,BOQ!$B230)*$G230","v":{"$error":"#VALUE!"}},{"$f":"SUMIFS('[20]WorkDone DATA'!$L:$L,'[20]WorkDone DATA'!$N:$N,BOQ!AK$6,'[20]WorkDone DATA'!$G:$G,BOQ!$B230)*$G230","v":{"$error":"#VALUE!"}},{"$f":"SUMIFS('[20]WorkDone DATA'!$L:$L,'[20]WorkDone DATA'!$N:$N,BOQ!AL$6,'[20]WorkDone DATA'!$G:$G,BOQ!$B230)*$G230","v":{"$error":"#VALUE!"}},{"$f":"SUMIFS('[20]WorkDone DATA'!$L:$L,'[20]WorkDone DATA'!$N:$N,BOQ!AM$6,'[20]WorkDone DATA'!$G:$G,BOQ!$B230)*$G230","v":{"$error":"#VALUE!"}},{"$f":"SUMIFS('[20]WorkDone DATA'!$L:$L,'[20]WorkDone DATA'!$N:$N,BOQ!AN$6,'[20]WorkDone DATA'!$G:$G,BOQ!$B230)*$G230","v":{"$error":"#VALUE!"}},{"$f":"SUMIFS('[20]WorkDone DATA'!$L:$L,'[20]WorkDone DATA'!$N:$N,BOQ!AO$6,'[20]WorkDone DATA'!$G:$G,BOQ!$B230)*$G230","v":{"$error":"#VALUE!"}},{"$f":"SUMIFS('[20]WorkDone DATA'!$L:$L,'[20]WorkDone DATA'!$N:$N,BOQ!AP$6,'[20]WorkDone DATA'!$G:$G,BOQ!$B230)*$G230","v":{"$error":"#VALUE!"}},{"$f":"SUMIFS('[20]WorkDone DATA'!$L:$L,'[20]WorkDone DATA'!$N:$N,BOQ!AQ$6,'[20]WorkDone DATA'!$G:$G,BOQ!$B230)*$G230","v":{"$error":"#VALUE!"}},{"$f":"SUMIFS('[20]WorkDone DATA'!$L:$L,'[20]WorkDone DATA'!$N:$N,BOQ!AR$6,'[20]WorkDone DATA'!$G:$G,BOQ!$B230)*$G230","v":{"$error":"#VALUE!"}},{"$f":"SUMIFS('[20]WorkDone DATA'!$L:$L,'[20]WorkDone DATA'!$N:$N,BOQ!AS$6,'[20]WorkDone DATA'!$G:$G,BOQ!$B230)*$G230","v":{"$error":"#VALUE!"}},{"$f":"SUMIFS('[20]WorkDone DATA'!$L:$L,'[20]WorkDone DATA'!$N:$N,BOQ!AT$6,'[20]WorkDone DATA'!$G:$G,BOQ!$B230)*$G230","v":{"$error":"#VALUE!"}},{"$f":"SUMIFS('[20]WorkDone DATA'!$L:$L,'[20]WorkDone DATA'!$N:$N,BOQ!AU$6,'[20]WorkDone DATA'!$G:$G,BOQ!$B230)*$G230","v":{"$error":"#VALUE!"}},{"$f":"SUMIFS('[20]WorkDone DATA'!$L:$L,'[20]WorkDone DATA'!$N:$N,BOQ!AV$6,'[20]WorkDone DATA'!$G:$G,BOQ!$B230)*$G230","v":{"$error":"#VALUE!"}},{"$f":"SUMIFS('[20]WorkDone DATA'!$L:$L,'[20]WorkDone DATA'!$N:$N,BOQ!AW$6,'[20]WorkDone DATA'!$G:$G,BOQ!$B230)*$G230","v":{"$error":"#VALUE!"}},{"$f":"SUMIFS('[20]WorkDone DATA'!$L:$L,'[20]WorkDone DATA'!$N:$N,BOQ!AX$6,'[20]WorkDone DATA'!$G:$G,BOQ!$B230)*$G230","v":{"$error":"#VALUE!"}},{"$f":"SUMIFS('[20]WorkDone DATA'!$L:$L,'[20]WorkDone DATA'!$N:$N,BOQ!AY$6,'[20]WorkDone DATA'!$G:$G,BOQ!$B230)*$G230","v":{"$error":"#VALUE!"}},{"$f":"SUMIFS('[20]WorkDone DATA'!$L:$L,'[20]WorkDone DATA'!$N:$N,BOQ!AZ$6,'[20]WorkDone DATA'!$G:$G,BOQ!$B230)*$G230","v":{"$error":"#VALUE!"}},{"$f":"SUMIFS('[20]WorkDone DATA'!$L:$L,'[20]WorkDone DATA'!$N:$N,BOQ!BA$6,'[20]WorkDone DATA'!$G:$G,BOQ!$B230)*$G230","v":{"$error":"#VALUE!"}},{"$f":"SUMIFS('[20]WorkDone DATA'!$L:$L,'[20]WorkDone DATA'!$N:$N,BOQ!BB$6,'[20]WorkDone DATA'!$G:$G,BOQ!$B230)*$G230","v":{"$error":"#VALUE!"}},{"$f":"SUMIFS('[20]WorkDone DATA'!$L:$L,'[20]WorkDone DATA'!$N:$N,BOQ!BC$6,'[20]WorkDone DATA'!$G:$G,BOQ!$B230)*$G230","v":{"$error":"#VALUE!"}},{"$f":"SUMIFS('[20]WorkDone DATA'!$L:$L,'[20]WorkDone DATA'!$N:$N,BOQ!BD$6,'[20]WorkDone DATA'!$G:$G,BOQ!$B230)*$G230","v":{"$error":"#VALUE!"}},{"$f":"SUMIFS('[20]WorkDone DATA'!$L:$L,'[20]WorkDone DATA'!$N:$N,BOQ!BE$6,'[20]WorkDone DATA'!$G:$G,BOQ!$B230)*$G230","v":{"$error":"#VALUE!"}},{"$f":"SUMIFS('[20]WorkDone DATA'!$L:$L,'[20]WorkDone DATA'!$N:$N,BOQ!BF$6,'[20]WorkDone DATA'!$G:$G,BOQ!$B230)*$G230","v":{"$error":"#VALUE!"}},{"$f":"SUMIFS('[20]WorkDone DATA'!$L:$L,'[20]WorkDone DATA'!$N:$N,BOQ!BG$6,'[20]WorkDone DATA'!$G:$G,BOQ!$B230)*$G230","v":{"$error":"#VALUE!"}},{"$f":"SUMIFS('[20]WorkDone DATA'!$L:$L,'[20]WorkDone DATA'!$N:$N,BOQ!BH$6,'[20]WorkDone DATA'!$G:$G,BOQ!$B230)*$G230","v":{"$error":"#VALUE!"}},{"$f":"SUMIFS('[20]WorkDone DATA'!$L:$L,'[20]WorkDone DATA'!$N:$N,BOQ!BI$6,'[20]WorkDone DATA'!$G:$G,BOQ!$B230)*$G230","v":{"$error":"#VALUE!"}},{"$f":"SUMIFS('[20]WorkDone DATA'!$L:$L,'[20]WorkDone DATA'!$N:$N,BOQ!BJ$6,'[20]WorkDone DATA'!$G:$G,BOQ!$B230)*$G230","v":{"$error":"#VALUE!"}},{"$f":"SUMIFS('[20]WorkDone DATA'!$L:$L,'[20]WorkDone DATA'!$N:$N,BOQ!BK$6,'[20]WorkDone DATA'!$G:$G,BOQ!$B230)*$G230","v":{"$error":"#VALUE!"}},{"$f":"SUMIFS('[20]WorkDone DATA'!$L:$L,'[20]WorkDone DATA'!$N:$N,BOQ!BL$6,'[20]WorkDone DATA'!$G:$G,BOQ!$B230)*$G230","v":{"$error":"#VALUE!"}},{"$f":"SUMIFS('[20]WorkDone DATA'!$L:$L,'[20]WorkDone DATA'!$N:$N,BOQ!BM$6,'[20]WorkDone DATA'!$G:$G,BOQ!$B230)*$G230","v":{"$error":"#VALUE!"}},{"$f":"SUMIFS('[20]WorkDone DATA'!$L:$L,'[20]WorkDone DATA'!$N:$N,BOQ!BN$6,'[20]WorkDone DATA'!$G:$G,BOQ!$B230)*$G230","v":{"$error":"#VALUE!"}},{"$f":"SUMIFS('[20]WorkDone DATA'!$L:$L,'[20]WorkDone DATA'!$N:$N,BOQ!BO$6,'[20]WorkDone DATA'!$G:$G,BOQ!$B230)*$G230","v":{"$error":"#VALUE!"}},{"$f":"SUMIFS('[20]WorkDone DATA'!$L:$L,'[20]WorkDone DATA'!$N:$N,BOQ!BP$6,'[20]WorkDone DATA'!$G:$G,BOQ!$B230)*$G230","v":{"$error":"#VALUE!"}},{"$f":"SUMIFS('[20]WorkDone DATA'!$L:$L,'[20]WorkDone DATA'!$N:$N,BOQ!BQ$6,'[20]WorkDone DATA'!$G:$G,BOQ!$B230)*$G230","v":{"$error":"#VALUE!"}},{"$f":"SUMIFS('[20]WorkDone DATA'!$L:$L,'[20]WorkDone DATA'!$N:$N,BOQ!BR$6,'[20]WorkDone DATA'!$G:$G,BOQ!$B230)*$G230","v":{"$error":"#VALUE!"}},{"$f":"SUMIFS('[20]WorkDone DATA'!$L:$L,'[20]WorkDone DATA'!$N:$N,BOQ!BS$6,'[20]WorkDone DATA'!$G:$G,BOQ!$B230)*$G230","v":{"$error":"#VALUE!"}},{"$f":"SUMIFS('[20]WorkDone DATA'!$L:$L,'[20]WorkDone DATA'!$N:$N,BOQ!BT$6,'[20]WorkDone DATA'!$G:$G,BOQ!$B230)*$G230","v":{"$error":"#VALUE!"}},{"$f":"SUMIFS('[20]WorkDone DATA'!$L:$L,'[20]WorkDone DATA'!$N:$N,BOQ!BU$6,'[20]WorkDone DATA'!$G:$G,BOQ!$B230)*$G230","v":{"$error":"#VALUE!"}},{"$f":"SUMIFS('[20]WorkDone DATA'!$L:$L,'[20]WorkDone DATA'!$N:$N,BOQ!BV$6,'[20]WorkDone DATA'!$G:$G,BOQ!$B230)*$G230","v":{"$error":"#VALUE!"}},{"$f":"SUMIFS('[20]WorkDone DATA'!$L:$L,'[20]WorkDone DATA'!$N:$N,BOQ!BW$6,'[20]WorkDone DATA'!$G:$G,BOQ!$B230)*$G230","v":{"$error":"#VALUE!"}},{"$f":"SUMIFS('[20]WorkDone DATA'!$L:$L,'[20]WorkDone DATA'!$N:$N,BOQ!BX$6,'[20]WorkDone DATA'!$G:$G,BOQ!$B230)*$G230","v":{"$error":"#VALUE!"}}]
[{"$f":"C230","v":"650mm Long x 89mm high (O-L 251-650)"},2.115,"Supply","C","each",150,126.45,{"v":18967.5,"d":"18,967.50"},null,null,{"$error":"#VALUE!"},{"$error":"#VALUE!"},{"$error":"#VALUE!"},null,{"$error":"#VALUE!"},{"$error":"#VALUE!"},null,{"$f":"SUMIFS('[20]WorkDone DATA'!$L:$L,'[20]WorkDone DATA'!$N:$N,BOQ!S$6,'[20]WorkDone DATA'!$G:$G,BOQ!$B231)","v":{"$error":"#VALUE!"}},{"$error":"#VALUE!"},{"$f":"SUMIFS('[20]WorkDone DATA'!$L:$L,'[20]WorkDone DATA'!$N:$N,BOQ!U$6,'[20]WorkDone DATA'!$G:$G,BOQ!$B231)","v":{"$error":"#VALUE!"}},{"$error":"#VALUE!"},null,{"$f":"SUMIFS('[20]WorkDone DATA'!$L:$L,'[20]WorkDone DATA'!$N:$N,BOQ!W$6,'[20]WorkDone DATA'!$G:$G,BOQ!$B231)*$G231","v":{"$error":"#VALUE!"}},null,{"$f":"SUMIFS('[20]WorkDone DATA'!$L:$L,'[20]WorkDone DATA'!$N:$N,BOQ!Y$6,'[20]WorkDone DATA'!$G:$G,BOQ!$B231)*$G231","v":{"$error":"#VALUE!"}},null,{"$f":"SUMIFS('[20]WorkDone DATA'!$L:$L,'[20]WorkDone DATA'!$N:$N,BOQ!AA$6,'[20]WorkDone DATA'!$G:$G,BOQ!$B231)*$G231","v":{"$error":"#VALUE!"}},{"$f":"SUMIFS('[20]WorkDone DATA'!$L:$L,'[20]WorkDone DATA'!$N:$N,BOQ!AB$6,'[20]WorkDone DATA'!$G:$G,BOQ!$B231)*$G231","v":{"$error":"#VALUE!"}},{"$f":"SUMIFS('[20]WorkDone DATA'!$L:$L,'[20]WorkDone DATA'!$N:$N,BOQ!AC$6,'[20]WorkDone DATA'!$G:$G,BOQ!$B231)*$G231","v":{"$error":"#VALUE!"}},{"$f":"SUMIFS('[20]WorkDone DATA'!$L:$L,'[20]WorkDone DATA'!$N:$N,BOQ!AD$6,'[20]WorkDone DATA'!$G:$G,BOQ!$B231)*$G231","v":{"$error":"#VALUE!"}},{"$f":"SUMIFS('[20]WorkDone DATA'!$L:$L,'[20]WorkDone DATA'!$N:$N,BOQ!AE$6,'[20]WorkDone DATA'!$G:$G,BOQ!$B231)*$G231","v":{"$error":"#VALUE!"}},{"$f":"SUMIFS('[20]WorkDone DATA'!$L:$L,'[20]WorkDone DATA'!$N:$N,BOQ!AF$6,'[20]WorkDone DATA'!$G:$G,BOQ!$B231)*$G231","v":{"$error":"#VALUE!"}},{"$f":"SUMIFS('[20]WorkDone DATA'!$L:$L,'[20]WorkDone DATA'!$N:$N,BOQ!AG$6,'[20]WorkDone DATA'!$G:$G,BOQ!$B231)*$G231","v":{"$error":"#VALUE!"}},{"$f":"SUMIFS('[20]WorkDone DATA'!$L:$L,'[20]WorkDone DATA'!$N:$N,BOQ!AH$6,'[20]WorkDone DATA'!$G:$G,BOQ!$B231)*$G231","v":{"$error":"#VALUE!"}},{"$f":"SUMIFS('[20]WorkDone DATA'!$L:$L,'[20]WorkDone DATA'!$N:$N,BOQ!AI$6,'[20]WorkDone DATA'!$G:$G,BOQ!$B231)*$G231","v":{"$error":"#VALUE!"}},{"$f":"SUMIFS('[20]WorkDone DATA'!$L:$L,'[20]WorkDone DATA'!$N:$N,BOQ!AJ$6,'[20]WorkDone DATA'!$G:$G,BOQ!$B231)*$G231","v":{"$error":"#VALUE!"}},{"$f":"SUMIFS('[20]WorkDone DATA'!$L:$L,'[20]WorkDone DATA'!$N:$N,BOQ!AK$6,'[20]WorkDone DATA'!$G:$G,BOQ!$B231)*$G231","v":{"$error":"#VALUE!"}},{"$f":"SUMIFS('[20]WorkDone DATA'!$L:$L,'[20]WorkDone DATA'!$N:$N,BOQ!AL$6,'[20]WorkDone DATA'!$G:$G,BOQ!$B231)*$G231","v":{"$error":"#VALUE!"}},{"$f":"SUMIFS('[20]WorkDone DATA'!$L:$L,'[20]WorkDone DATA'!$N:$N,BOQ!AM$6,'[20]WorkDone DATA'!$G:$G,BOQ!$B231)*$G231","v":{"$error":"#VALUE!"}},{"$f":"SUMIFS('[20]WorkDone DATA'!$L:$L,'[20]WorkDone DATA'!$N:$N,BOQ!AN$6,'[20]WorkDone DATA'!$G:$G,BOQ!$B231)*$G231","v":{"$error":"#VALUE!"}},{"$f":"SUMIFS('[20]WorkDone DATA'!$L:$L,'[20]WorkDone DATA'!$N:$N,BOQ!AO$6,'[20]WorkDone DATA'!$G:$G,BOQ!$B231)*$G231","v":{"$error":"#VALUE!"}},{"$f":"SUMIFS('[20]WorkDone DATA'!$L:$L,'[20]WorkDone DATA'!$N:$N,BOQ!AP$6,'[20]WorkDone DATA'!$G:$G,BOQ!$B231)*$G231","v":{"$error":"#VALUE!"}},{"$f":"SUMIFS('[20]WorkDone DATA'!$L:$L,'[20]WorkDone DATA'!$N:$N,BOQ!AQ$6,'[20]WorkDone DATA'!$G:$G,BOQ!$B231)*$G231","v":{"$error":"#VALUE!"}},{"$f":"SUMIFS('[20]WorkDone DATA'!$L:$L,'[20]WorkDone DATA'!$N:$N,BOQ!AR$6,'[20]WorkDone DATA'!$G:$G,BOQ!$B231)*$G231","v":{"$error":"#VALUE!"}},{"$f":"SUMIFS('[20]WorkDone DATA'!$L:$L,'[20]WorkDone DATA'!$N:$N,BOQ!AS$6,'[20]WorkDone DATA'!$G:$G,BOQ!$B231)*$G231","v":{"$error":"#VALUE!"}},{"$f":"SUMIFS('[20]WorkDone DATA'!$L:$L,'[20]WorkDone DATA'!$N:$N,BOQ!AT$6,'[20]WorkDone DATA'!$G:$G,BOQ!$B231)*$G231","v":{"$error":"#VALUE!"}},{"$f":"SUMIFS('[20]WorkDone DATA'!$L:$L,'[20]WorkDone DATA'!$N:$N,BOQ!AU$6,'[20]WorkDone DATA'!$G:$G,BOQ!$B231)*$G231","v":{"$error":"#VALUE!"}},{"$f":"SUMIFS('[20]WorkDone DATA'!$L:$L,'[20]WorkDone DATA'!$N:$N,BOQ!AV$6,'[20]WorkDone DATA'!$G:$G,BOQ!$B231)*$G231","v":{"$error":"#VALUE!"}},{"$f":"SUMIFS('[20]WorkDone DATA'!$L:$L,'[20]WorkDone DATA'!$N:$N,BOQ!AW$6,'[20]WorkDone DATA'!$G:$G,BOQ!$B231)*$G231","v":{"$error":"#VALUE!"}},{"$f":"SUMIFS('[20]WorkDone DATA'!$L:$L,'[20]WorkDone DATA'!$N:$N,BOQ!AX$6,'[20]WorkDone DATA'!$G:$G,BOQ!$B231)*$G231","v":{"$error":"#VALUE!"}},{"$f":"SUMIFS('[20]WorkDone DATA'!$L:$L,'[20]WorkDone DATA'!$N:$N,BOQ!AY$6,'[20]WorkDone DATA'!$G:$G,BOQ!$B231)*$G231","v":{"$error":"#VALUE!"}},{"$f":"SUMIFS('[20]WorkDone DATA'!$L:$L,'[20]WorkDone DATA'!$N:$N,BOQ!AZ$6,'[20]WorkDone DATA'!$G:$G,BOQ!$B231)*$G231","v":{"$error":"#VALUE!"}},{"$f":"SUMIFS('[20]WorkDone DATA'!$L:$L,'[20]WorkDone DATA'!$N:$N,BOQ!BA$6,'[20]WorkDone DATA'!$G:$G,BOQ!$B231)*$G231","v":{"$error":"#VALUE!"}},{"$f":"SUMIFS('[20]WorkDone DATA'!$L:$L,'[20]WorkDone DATA'!$N:$N,BOQ!BB$6,'[20]WorkDone DATA'!$G:$G,BOQ!$B231)*$G231","v":{"$error":"#VALUE!"}},{"$f":"SUMIFS('[20]WorkDone DATA'!$L:$L,'[20]WorkDone DATA'!$N:$N,BOQ!BC$6,'[20]WorkDone DATA'!$G:$G,BOQ!$B231)*$G231","v":{"$error":"#VALUE!"}},{"$f":"SUMIFS('[20]WorkDone DATA'!$L:$L,'[20]WorkDone DATA'!$N:$N,BOQ!BD$6,'[20]WorkDone DATA'!$G:$G,BOQ!$B231)*$G231","v":{"$error":"#VALUE!"}},{"$f":"SUMIFS('[20]WorkDone DATA'!$L:$L,'[20]WorkDone DATA'!$N:$N,BOQ!BE$6,'[20]WorkDone DATA'!$G:$G,BOQ!$B231)*$G231","v":{"$error":"#VALUE!"}},{"$f":"SUMIFS('[20]WorkDone DATA'!$L:$L,'[20]WorkDone DATA'!$N:$N,BOQ!BF$6,'[20]WorkDone DATA'!$G:$G,BOQ!$B231)*$G231","v":{"$error":"#VALUE!"}},{"$f":"SUMIFS('[20]WorkDone DATA'!$L:$L,'[20]WorkDone DATA'!$N:$N,BOQ!BG$6,'[20]WorkDone DATA'!$G:$G,BOQ!$B231)*$G231","v":{"$error":"#VALUE!"}},{"$f":"SUMIFS('[20]WorkDone DATA'!$L:$L,'[20]WorkDone DATA'!$N:$N,BOQ!BH$6,'[20]WorkDone DATA'!$G:$G,BOQ!$B231)*$G231","v":{"$error":"#VALUE!"}},{"$f":"SUMIFS('[20]WorkDone DATA'!$L:$L,'[20]WorkDone DATA'!$N:$N,BOQ!BI$6,'[20]WorkDone DATA'!$G:$G,BOQ!$B231)*$G231","v":{"$error":"#VALUE!"}},{"$f":"SUMIFS('[20]WorkDone DATA'!$L:$L,'[20]WorkDone DATA'!$N:$N,BOQ!BJ$6,'[20]WorkDone DATA'!$G:$G,BOQ!$B231)*$G231","v":{"$error":"#VALUE!"}},{"$f":"SUMIFS('[20]WorkDone DATA'!$L:$L,'[20]WorkDone DATA'!$N:$N,BOQ!BK$6,'[20]WorkDone DATA'!$G:$G,BOQ!$B231)*$G231","v":{"$error":"#VALUE!"}},{"$f":"SUMIFS('[20]WorkDone DATA'!$L:$L,'[20]WorkDone DATA'!$N:$N,BOQ!BL$6,'[20]WorkDone DATA'!$G:$G,BOQ!$B231)*$G231","v":{"$error":"#VALUE!"}},{"$f":"SUMIFS('[20]WorkDone DATA'!$L:$L,'[20]WorkDone DATA'!$N:$N,BOQ!BM$6,'[20]WorkDone DATA'!$G:$G,BOQ!$B231)*$G231","v":{"$error":"#VALUE!"}},{"$f":"SUMIFS('[20]WorkDone DATA'!$L:$L,'[20]WorkDone DATA'!$N:$N,BOQ!BN$6,'[20]WorkDone DATA'!$G:$G,BOQ!$B231)*$G231","v":{"$error":"#VALUE!"}},{"$f":"SUMIFS('[20]WorkDone DATA'!$L:$L,'[20]WorkDone DATA'!$N:$N,BOQ!BO$6,'[20]WorkDone DATA'!$G:$G,BOQ!$B231)*$G231","v":{"$error":"#VALUE!"}},{"$f":"SUMIFS('[20]WorkDone DATA'!$L:$L,'[20]WorkDone DATA'!$N:$N,BOQ!BP$6,'[20]WorkDone DATA'!$G:$G,BOQ!$B231)*$G231","v":{"$error":"#VALUE!"}},{"$f":"SUMIFS('[20]WorkDone DATA'!$L:$L,'[20]WorkDone DATA'!$N:$N,BOQ!BQ$6,'[20]WorkDone DATA'!$G:$G,BOQ!$B231)*$G231","v":{"$error":"#VALUE!"}},{"$f":"SUMIFS('[20]WorkDone DATA'!$L:$L,'[20]WorkDone DATA'!$N:$N,BOQ!BR$6,'[20]WorkDone DATA'!$G:$G,BOQ!$B231)*$G231","v":{"$error":"#VALUE!"}},{"$f":"SUMIFS('[20]WorkDone DATA'!$L:$L,'[20]WorkDone DATA'!$N:$N,BOQ!BS$6,'[20]WorkDone DATA'!$G:$G,BOQ!$B231)*$G231","v":{"$error":"#VALUE!"}},{"$f":"SUMIFS('[20]WorkDone DATA'!$L:$L,'[20]WorkDone DATA'!$N:$N,BOQ!BT$6,'[20]WorkDone DATA'!$G:$G,BOQ!$B231)*$G231","v":{"$error":"#VALUE!"}},{"$f":"SUMIFS('[20]WorkDone DATA'!$L:$L,'[20]WorkDone DATA'!$N:$N,BOQ!BU$6,'[20]WorkDone DATA'!$G:$G,BOQ!$B231)*$G231","v":{"$error":"#VALUE!"}},{"$f":"SUMIFS('[20]WorkDone DATA'!$L:$L,'[20]WorkDone DATA'!$N:$N,BOQ!BV$6,'[20]WorkDone DATA'!$G:$G,BOQ!$B231)*$G231","v":{"$error":"#VALUE!"}},{"$f":"SUMIFS('[20]WorkDone DATA'!$L:$L,'[20]WorkDone DATA'!$N:$N,BOQ!BW$6,'[20]WorkDone DATA'!$G:$G,BOQ!$B231)*$G231","v":{"$error":"#VALUE!"}},{"$f":"SUMIFS('[20]WorkDone DATA'!$L:$L,'[20]WorkDone DATA'!$N:$N,BOQ!BX$6,'[20]WorkDone DATA'!$G:$G,BOQ!$B231)*$G231","v":{"$error":"#VALUE!"}}]
[{"$f":"C230","v":"650mm Long x 89mm high (O-L 251-650)"},2.116,"Installation","A","each",150,161.71,{"v":24256.5,"d":"24,256.50"},null,null,{"$error":"#VALUE!"},{"$error":"#VALUE!"},{"$error":"#VALUE!"},null,{"$error":"#VALUE!"},{"$error":"#VALUE!"},null,{"$f":"SUMIFS('[20]WorkDone DATA'!$L:$L,'[20]WorkDone DATA'!$N:$N,BOQ!S$6,'[20]WorkDone DATA'!$G:$G,BOQ!$B232)","v":{"$error":"#VALUE!"}},{"$error":"#VALUE!"},{"$f":"SUMIFS('[20]WorkDone DATA'!$L:$L,'[20]WorkDone DATA'!$N:$N,BOQ!U$6,'[20]WorkDone DATA'!$G:$G,BOQ!$B232)","v":{"$error":"#VALUE!"}},{"$error":"#VALUE!"},null,{"$f":"SUMIFS('[20]WorkDone DATA'!$L:$L,'[20]WorkDone DATA'!$N:$N,BOQ!W$6,'[20]WorkDone DATA'!$G:$G,BOQ!$B232)*$G232","v":{"$error":"#VALUE!"}},null,{"$f":"SUMIFS('[20]WorkDone DATA'!$L:$L,'[20]WorkDone DATA'!$N:$N,BOQ!Y$6,'[20]WorkDone DATA'!$G:$G,BOQ!$B232)*$G232","v":{"$error":"#VALUE!"}},null,{"$f":"SUMIFS('[20]WorkDone DATA'!$L:$L,'[20]WorkDone DATA'!$N:$N,BOQ!AA$6,'[20]WorkDone DATA'!$G:$G,BOQ!$B232)*$G232","v":{"$error":"#VALUE!"}},{"$f":"SUMIFS('[20]WorkDone DATA'!$L:$L,'[20]WorkDone DATA'!$N:$N,BOQ!AB$6,'[20]WorkDone DATA'!$G:$G,BOQ!$B232)*$G232","v":{"$error":"#VALUE!"}},{"$f":"SUMIFS('[20]WorkDone DATA'!$L:$L,'[20]WorkDone DATA'!$N:$N,BOQ!AC$6,'[20]WorkDone DATA'!$G:$G,BOQ!$B232)*$G232","v":{"$error":"#VALUE!"}},{"$f":"SUMIFS('[20]WorkDone DATA'!$L:$L,'[20]WorkDone DATA'!$N:$N,BOQ!AD$6,'[20]WorkDone DATA'!$G:$G,BOQ!$B232)*$G232","v":{"$error":"#VALUE!"}},{"$f":"SUMIFS('[20]WorkDone DATA'!$L:$L,'[20]WorkDone DATA'!$N:$N,BOQ!AE$6,'[20]WorkDone DATA'!$G:$G,BOQ!$B232)*$G232","v":{"$error":"#VALUE!"}},{"$f":"SUMIFS('[20]WorkDone DATA'!$L:$L,'[20]WorkDone DATA'!$N:$N,BOQ!AF$6,'[20]WorkDone DATA'!$G:$G,BOQ!$B232)*$G232","v":{"$error":"#VALUE!"}},{"$f":"SUMIFS('[20]WorkDone DATA'!$L:$L,'[20]WorkDone DATA'!$N:$N,BOQ!AG$6,'[20]WorkDone DATA'!$G:$G,BOQ!$B232)*$G232","v":{"$error":"#VALUE!"}},{"$f":"SUMIFS('[20]WorkDone DATA'!$L:$L,'[20]WorkDone DATA'!$N:$N,BOQ!AH$6,'[20]WorkDone DATA'!$G:$G,BOQ!$B232)*$G232","v":{"$error":"#VALUE!"}},{"$f":"SUMIFS('[20]WorkDone DATA'!$L:$L,'[20]WorkDone DATA'!$N:$N,BOQ!AI$6,'[20]WorkDone DATA'!$G:$G,BOQ!$B232)*$G232","v":{"$error":"#VALUE!"}},{"$f":"SUMIFS('[20]WorkDone DATA'!$L:$L,'[20]WorkDone DATA'!$N:$N,BOQ!AJ$6,'[20]WorkDone DATA'!$G:$G,BOQ!$B232)*$G232","v":{"$error":"#VALUE!"}},{"$f":"SUMIFS('[20]WorkDone DATA'!$L:$L,'[20]WorkDone DATA'!$N:$N,BOQ!AK$6,'[20]WorkDone DATA'!$G:$G,BOQ!$B232)*$G232","v":{"$error":"#VALUE!"}},{"$f":"SUMIFS('[20]WorkDone DATA'!$L:$L,'[20]WorkDone DATA'!$N:$N,BOQ!AL$6,'[20]WorkDone DATA'!$G:$G,BOQ!$B232)*$G232","v":{"$error":"#VALUE!"}},{"$f":"SUMIFS('[20]WorkDone DATA'!$L:$L,'[20]WorkDone DATA'!$N:$N,BOQ!AM$6,'[20]WorkDone DATA'!$G:$G,BOQ!$B232)*$G232","v":{"$error":"#VALUE!"}},{"$f":"SUMIFS('[20]WorkDone DATA'!$L:$L,'[20]WorkDone DATA'!$N:$N,BOQ!AN$6,'[20]WorkDone DATA'!$G:$G,BOQ!$B232)*$G232","v":{"$error":"#VALUE!"}},{"$f":"SUMIFS('[20]WorkDone DATA'!$L:$L,'[20]WorkDone DATA'!$N:$N,BOQ!AO$6,'[20]WorkDone DATA'!$G:$G,BOQ!$B232)*$G232","v":{"$error":"#VALUE!"}},{"$f":"SUMIFS('[20]WorkDone DATA'!$L:$L,'[20]WorkDone DATA'!$N:$N,BOQ!AP$6,'[20]WorkDone DATA'!$G:$G,BOQ!$B232)*$G232","v":{"$error":"#VALUE!"}},{"$f":"SUMIFS('[20]WorkDone DATA'!$L:$L,'[20]WorkDone DATA'!$N:$N,BOQ!AQ$6,'[20]WorkDone DATA'!$G:$G,BOQ!$B232)*$G232","v":{"$error":"#VALUE!"}},{"$f":"SUMIFS('[20]WorkDone DATA'!$L:$L,'[20]WorkDone DATA'!$N:$N,BOQ!AR$6,'[20]WorkDone DATA'!$G:$G,BOQ!$B232)*$G232","v":{"$error":"#VALUE!"}},{"$f":"SUMIFS('[20]WorkDone DATA'!$L:$L,'[20]WorkDone DATA'!$N:$N,BOQ!AS$6,'[20]WorkDone DATA'!$G:$G,BOQ!$B232)*$G232","v":{"$error":"#VALUE!"}},{"$f":"SUMIFS('[20]WorkDone DATA'!$L:$L,'[20]WorkDone DATA'!$N:$N,BOQ!AT$6,'[20]WorkDone DATA'!$G:$G,BOQ!$B232)*$G232","v":{"$error":"#VALUE!"}},{"$f":"SUMIFS('[20]WorkDone DATA'!$L:$L,'[20]WorkDone DATA'!$N:$N,BOQ!AU$6,'[20]WorkDone DATA'!$G:$G,BOQ!$B232)*$G232","v":{"$error":"#VALUE!"}},{"$f":"SUMIFS('[20]WorkDone DATA'!$L:$L,'[20]WorkDone DATA'!$N:$N,BOQ!AV$6,'[20]WorkDone DATA'!$G:$G,BOQ!$B232)*$G232","v":{"$error":"#VALUE!"}},{"$f":"SUMIFS('[20]WorkDone DATA'!$L:$L,'[20]WorkDone DATA'!$N:$N,BOQ!AW$6,'[20]WorkDone DATA'!$G:$G,BOQ!$B232)*$G232","v":{"$error":"#VALUE!"}},{"$f":"SUMIFS('[20]WorkDone DATA'!$L:$L,'[20]WorkDone DATA'!$N:$N,BOQ!AX$6,'[20]WorkDone DATA'!$G:$G,BOQ!$B232)*$G232","v":{"$error":"#VALUE!"}},{"$f":"SUMIFS('[20]WorkDone DATA'!$L:$L,'[20]WorkDone DATA'!$N:$N,BOQ!AY$6,'[20]WorkDone DATA'!$G:$G,BOQ!$B232)*$G232","v":{"$error":"#VALUE!"}},{"$f":"SUMIFS('[20]WorkDone DATA'!$L:$L,'[20]WorkDone DATA'!$N:$N,BOQ!AZ$6,'[20]WorkDone DATA'!$G:$G,BOQ!$B232)*$G232","v":{"$error":"#VALUE!"}},{"$f":"SUMIFS('[20]WorkDone DATA'!$L:$L,'[20]WorkDone DATA'!$N:$N,BOQ!BA$6,'[20]WorkDone DATA'!$G:$G,BOQ!$B232)*$G232","v":{"$error":"#VALUE!"}},{"$f":"SUMIFS('[20]WorkDone DATA'!$L:$L,'[20]WorkDone DATA'!$N:$N,BOQ!BB$6,'[20]WorkDone DATA'!$G:$G,BOQ!$B232)*$G232","v":{"$error":"#VALUE!"}},{"$f":"SUMIFS('[20]WorkDone DATA'!$L:$L,'[20]WorkDone DATA'!$N:$N,BOQ!BC$6,'[20]WorkDone DATA'!$G:$G,BOQ!$B232)*$G232","v":{"$error":"#VALUE!"}},{"$f":"SUMIFS('[20]WorkDone DATA'!$L:$L,'[20]WorkDone DATA'!$N:$N,BOQ!BD$6,'[20]WorkDone DATA'!$G:$G,BOQ!$B232)*$G232","v":{"$error":"#VALUE!"}},{"$f":"SUMIFS('[20]WorkDone DATA'!$L:$L,'[20]WorkDone DATA'!$N:$N,BOQ!BE$6,'[20]WorkDone DATA'!$G:$G,BOQ!$B232)*$G232","v":{"$error":"#VALUE!"}},{"$f":"SUMIFS('[20]WorkDone DATA'!$L:$L,'[20]WorkDone DATA'!$N:$N,BOQ!BF$6,'[20]WorkDone DATA'!$G:$G,BOQ!$B232)*$G232","v":{"$error":"#VALUE!"}},{"$f":"SUMIFS('[20]WorkDone DATA'!$L:$L,'[20]WorkDone DATA'!$N:$N,BOQ!BG$6,'[20]WorkDone DATA'!$G:$G,BOQ!$B232)*$G232","v":{"$error":"#VALUE!"}},{"$f":"SUMIFS('[20]WorkDone DATA'!$L:$L,'[20]WorkDone DATA'!$N:$N,BOQ!BH$6,'[20]WorkDone DATA'!$G:$G,BOQ!$B232)*$G232","v":{"$error":"#VALUE!"}},{"$f":"SUMIFS('[20]WorkDone DATA'!$L:$L,'[20]WorkDone DATA'!$N:$N,BOQ!BI$6,'[20]WorkDone DATA'!$G:$G,BOQ!$B232)*$G232","v":{"$error":"#VALUE!"}},{"$f":"SUMIFS('[20]WorkDone DATA'!$L:$L,'[20]WorkDone DATA'!$N:$N,BOQ!BJ$6,'[20]WorkDone DATA'!$G:$G,BOQ!$B232)*$G232","v":{"$error":"#VALUE!"}},{"$f":"SUMIFS('[20]WorkDone DATA'!$L:$L,'[20]WorkDone DATA'!$N:$N,BOQ!BK$6,'[20]WorkDone DATA'!$G:$G,BOQ!$B232)*$G232","v":{"$error":"#VALUE!"}},{"$f":"SUMIFS('[20]WorkDone DATA'!$L:$L,'[20]WorkDone DATA'!$N:$N,BOQ!BL$6,'[20]WorkDone DATA'!$G:$G,BOQ!$B232)*$G232","v":{"$error":"#VALUE!"}},{"$f":"SUMIFS('[20]WorkDone DATA'!$L:$L,'[20]WorkDone DATA'!$N:$N,BOQ!BM$6,'[20]WorkDone DATA'!$G:$G,BOQ!$B232)*$G232","v":{"$error":"#VALUE!"}},{"$f":"SUMIFS('[20]WorkDone DATA'!$L:$L,'[20]WorkDone DATA'!$N:$N,BOQ!BN$6,'[20]WorkDone DATA'!$G:$G,BOQ!$B232)*$G232","v":{"$error":"#VALUE!"}},{"$f":"SUMIFS('[20]WorkDone DATA'!$L:$L,'[20]WorkDone DATA'!$N:$N,BOQ!BO$6,'[20]WorkDone DATA'!$G:$G,BOQ!$B232)*$G232","v":{"$error":"#VALUE!"}},{"$f":"SUMIFS('[20]WorkDone DATA'!$L:$L,'[20]WorkDone DATA'!$N:$N,BOQ!BP$6,'[20]WorkDone DATA'!$G:$G,BOQ!$B232)*$G232","v":{"$error":"#VALUE!"}},{"$f":"SUMIFS('[20]WorkDone DATA'!$L:$L,'[20]WorkDone DATA'!$N:$N,BOQ!BQ$6,'[20]WorkDone DATA'!$G:$G,BOQ!$B232)*$G232","v":{"$error":"#VALUE!"}},{"$f":"SUMIFS('[20]WorkDone DATA'!$L:$L,'[20]WorkDone DATA'!$N:$N,BOQ!BR$6,'[20]WorkDone DATA'!$G:$G,BOQ!$B232)*$G232","v":{"$error":"#VALUE!"}},{"$f":"SUMIFS('[20]WorkDone DATA'!$L:$L,'[20]WorkDone DATA'!$N:$N,BOQ!BS$6,'[20]WorkDone DATA'!$G:$G,BOQ!$B232)*$G232","v":{"$error":"#VALUE!"}},{"$f":"SUMIFS('[20]WorkDone DATA'!$L:$L,'[20]WorkDone DATA'!$N:$N,BOQ!BT$6,'[20]WorkDone DATA'!$G:$G,BOQ!$B232)*$G232","v":{"$error":"#VALUE!"}},{"$f":"SUMIFS('[20]WorkDone DATA'!$L:$L,'[20]WorkDone DATA'!$N:$N,BOQ!BU$6,'[20]WorkDone DATA'!$G:$G,BOQ!$B232)*$G232","v":{"$error":"#VALUE!"}},{"$f":"SUMIFS('[20]WorkDone DATA'!$L:$L,'[20]WorkDone DATA'!$N:$N,BOQ!BV$6,'[20]WorkDone DATA'!$G:$G,BOQ!$B232)*$G232","v":{"$error":"#VALUE!"}},{"$f":"SUMIFS('[20]WorkDone DATA'!$L:$L,'[20]WorkDone DATA'!$N:$N,BOQ!BW$6,'[20]WorkDone DATA'!$G:$G,BOQ!$B232)*$G232","v":{"$error":"#VALUE!"}},{"$f":"SUMIFS('[20]WorkDone DATA'!$L:$L,'[20]WorkDone DATA'!$N:$N,BOQ!BX$6,'[20]WorkDone DATA'!$G:$G,BOQ!$B232)*$G232","v":{"$error":"#VALUE!"}}]
[null,null,"UNI-STRUT",{"$nulls":4},0,{"$nulls":3},{"$error":"#VALUE!"},{"$error":"#VALUE!"},null,0,{"$error":"#VALUE!"},null,{"$f":"SUMIFS('[20]WorkDone DATA'!$L:$L,'[20]WorkDone DATA'!$N:$N,BOQ!S$6,'[20]WorkDone DATA'!$G:$G,BOQ!$B233)","v":{"$error":"#VALUE!"}},{"$error":"#VALUE!"},{"$f":"SUMIFS('[20]WorkDone DATA'!$L:$L,'[20]WorkDone DATA'!$N:$N,BOQ!U$6,'[20]WorkDone DATA'!$G:$G,BOQ!$B233)","v":{"$error":"#VALUE!"}},{"$error":"#VALUE!"},null,{"$f":"SUMIFS('[20]WorkDone DATA'!$L:$L,'[20]WorkDone DATA'!$N:$N,BOQ!W$6,'[20]WorkDone DATA'!$G:$G,BOQ!$B233)*$G233","v":{"$error":"#VALUE!"}},null,{"$f":"SUMIFS('[20]WorkDone DATA'!$L:$L,'[20]WorkDone DATA'!$N:$N,BOQ!Y$6,'[20]WorkDone DATA'!$G:$G,BOQ!$B233)*$G233","v":{"$error":"#VALUE!"}},null,{"$f":"SUMIFS('[20]WorkDone DATA'!$L:$L,'[20]WorkDone DATA'!$N:$N,BOQ!AA$6,'[20]WorkDone DATA'!$G:$G,BOQ!$B233)*$G233","v":{"$error":"#VALUE!"}},{"$f":"SUMIFS('[20]WorkDone DATA'!$L:$L,'[20]WorkDone DATA'!$N:$N,BOQ!AB$6,'[20]WorkDone DATA'!$G:$G,BOQ!$B233)*$G233","v":{"$error":"#VALUE!"}},{"$f":"SUMIFS('[20]WorkDone DATA'!$L:$L,'[20]WorkDone DATA'!$N:$N,BOQ!AC$6,'[20]WorkDone DATA'!$G:$G,BOQ!$B233)*$G233","v":{"$error":"#VALUE!"}},{"$f":"SUMIFS('[20]WorkDone DATA'!$L:$L,'[20]WorkDone DATA'!$N:$N,BOQ!AD$6,'[20]WorkDone DATA'!$G:$G,BOQ!$B233)*$G233","v":{"$error":"#VALUE!"}},{"$f":"SUMIFS('[20]WorkDone DATA'!$L:$L,'[20]WorkDone DATA'!$N:$N,BOQ!AE$6,'[20]WorkDone DATA'!$G:$G,BOQ!$B233)*$G233","v":{"$error":"#VALUE!"}},{"$f":"SUMIFS('[20]WorkDone DATA'!$L:$L,'[20]WorkDone DATA'!$N:$N,BOQ!AF$6,'[20]WorkDone DATA'!$G:$G,BOQ!$B233)*$G233","v":{"$error":"#VALUE!"}},{"$f":"SUMIFS('[20]WorkDone DATA'!$L:$L,'[20]WorkDone DATA'!$N:$N,BOQ!AG$6,'[20]WorkDone DATA'!$G:$G,BOQ!$B233)*$G233","v":{"$error":"#VALUE!"}},{"$f":"SUMIFS('[20]WorkDone DATA'!$L:$L,'[20]WorkDone DATA'!$N:$N,BOQ!AH$6,'[20]WorkDone DATA'!$G:$G,BOQ!$B233)*$G233","v":{"$error":"#VALUE!"}},{"$f":"SUMIFS('[20]WorkDone DATA'!$L:$L,'[20]WorkDone DATA'!$N:$N,BOQ!AI$6,'[20]WorkDone DATA'!$G:$G,BOQ!$B233)*$G233","v":{"$error":"#VALUE!"}},{"$f":"SUMIFS('[20]WorkDone DATA'!$L:$L,'[20]WorkDone DATA'!$N:$N,BOQ!AJ$6,'[20]WorkDone DATA'!$G:$G,BOQ!$B233)*$G233","v":{"$error":"#VALUE!"}},{"$f":"SUMIFS('[20]WorkDone DATA'!$L:$L,'[20]WorkDone DATA'!$N:$N,BOQ!AK$6,'[20]WorkDone DATA'!$G:$G,BOQ!$B233)*$G233","v":{"$error":"#VALUE!"}},{"$f":"SUMIFS('[20]WorkDone DATA'!$L:$L,'[20]WorkDone DATA'!$N:$N,BOQ!AL$6,'[20]WorkDone DATA'!$G:$G,BOQ!$B233)*$G233","v":{"$error":"#VALUE!"}},{"$f":"SUMIFS('[20]WorkDone DATA'!$L:$L,'[20]WorkDone DATA'!$N:$N,BOQ!AM$6,'[20]WorkDone DATA'!$G:$G,BOQ!$B233)*$G233","v":{"$error":"#VALUE!"}},{"$f":"SUMIFS('[20]WorkDone DATA'!$L:$L,'[20]WorkDone DATA'!$N:$N,BOQ!AN$6,'[20]WorkDone DATA'!$G:$G,BOQ!$B233)*$G233","v":{"$error":"#VALUE!"}},{"$f":"SUMIFS('[20]WorkDone DATA'!$L:$L,'[20]WorkDone DATA'!$N:$N,BOQ!AO$6,'[20]WorkDone DATA'!$G:$G,BOQ!$B233)*$G233","v":{"$error":"#VALUE!"}},{"$f":"SUMIFS('[20]WorkDone DATA'!$L:$L,'[20]WorkDone DATA'!$N:$N,BOQ!AP$6,'[20]WorkDone DATA'!$G:$G,BOQ!$B233)*$G233","v":{"$error":"#VALUE!"}},{"$f":"SUMIFS('[20]WorkDone DATA'!$L:$L,'[20]WorkDone DATA'!$N:$N,BOQ!AQ$6,'[20]WorkDone DATA'!$G:$G,BOQ!$B233)*$G233","v":{"$error":"#VALUE!"}},{"$f":"SUMIFS('[20]WorkDone DATA'!$L:$L,'[20]WorkDone DATA'!$N:$N,BOQ!AR$6,'[20]WorkDone DATA'!$G:$G,BOQ!$B233)*$G233","v":{"$error":"#VALUE!"}},{"$f":"SUMIFS('[20]WorkDone DATA'!$L:$L,'[20]WorkDone DATA'!$N:$N,BOQ!AS$6,'[20]WorkDone DATA'!$G:$G,BOQ!$B233)*$G233","v":{"$error":"#VALUE!"}},{"$f":"SUMIFS('[20]WorkDone DATA'!$L:$L,'[20]WorkDone DATA'!$N:$N,BOQ!AT$6,'[20]WorkDone DATA'!$G:$G,BOQ!$B233)*$G233","v":{"$error":"#VALUE!"}},{"$f":"SUMIFS('[20]WorkDone DATA'!$L:$L,'[20]WorkDone DATA'!$N:$N,BOQ!AU$6,'[20]WorkDone DATA'!$G:$G,BOQ!$B233)*$G233","v":{"$error":"#VALUE!"}},{"$f":"SUMIFS('[20]WorkDone DATA'!$L:$L,'[20]WorkDone DATA'!$N:$N,BOQ!AV$6,'[20]WorkDone DATA'!$G:$G,BOQ!$B233)*$G233","v":{"$error":"#VALUE!"}},{"$f":"SUMIFS('[20]WorkDone DATA'!$L:$L,'[20]WorkDone DATA'!$N:$N,BOQ!AW$6,'[20]WorkDone DATA'!$G:$G,BOQ!$B233)*$G233","v":{"$error":"#VALUE!"}},{"$f":"SUMIFS('[20]WorkDone DATA'!$L:$L,'[20]WorkDone DATA'!$N:$N,BOQ!AX$6,'[20]WorkDone DATA'!$G:$G,BOQ!$B233)*$G233","v":{"$error":"#VALUE!"}},{"$f":"SUMIFS('[20]WorkDone DATA'!$L:$L,'[20]WorkDone DATA'!$N:$N,BOQ!AY$6,'[20]WorkDone DATA'!$G:$G,BOQ!$B233)*$G233","v":{"$error":"#VALUE!"}},{"$f":"SUMIFS('[20]WorkDone DATA'!$L:$L,'[20]WorkDone DATA'!$N:$N,BOQ!AZ$6,'[20]WorkDone DATA'!$G:$G,BOQ!$B233)*$G233","v":{"$error":"#VALUE!"}},{"$f":"SUMIFS('[20]WorkDone DATA'!$L:$L,'[20]WorkDone DATA'!$N:$N,BOQ!BA$6,'[20]WorkDone DATA'!$G:$G,BOQ!$B233)*$G233","v":{"$error":"#VALUE!"}},{"$f":"SUMIFS('[20]WorkDone DATA'!$L:$L,'[20]WorkDone DATA'!$N:$N,BOQ!BB$6,'[20]WorkDone DATA'!$G:$G,BOQ!$B233)*$G233","v":{"$error":"#VALUE!"}},{"$f":"SUMIFS('[20]WorkDone DATA'!$L:$L,'[20]WorkDone DATA'!$N:$N,BOQ!BC$6,'[20]WorkDone DATA'!$G:$G,BOQ!$B233)*$G233","v":{"$error":"#VALUE!"}},{"$f":"SUMIFS('[20]WorkDone DATA'!$L:$L,'[20]WorkDone DATA'!$N:$N,BOQ!BD$6,'[20]WorkDone DATA'!$G:$G,BOQ!$B233)*$G233","v":{"$error":"#VALUE!"}},{"$f":"SUMIFS('[20]WorkDone DATA'!$L:$L,'[20]WorkDone DATA'!$N:$N,BOQ!BE$6,'[20]WorkDone DATA'!$G:$G,BOQ!$B233)*$G233","v":{"$error":"#VALUE!"}},{"$f":"SUMIFS('[20]WorkDone DATA'!$L:$L,'[20]WorkDone DATA'!$N:$N,BOQ!BF$6,'[20]WorkDone DATA'!$G:$G,BOQ!$B233)*$G233","v":{"$error":"#VALUE!"}},{"$f":"SUMIFS('[20]WorkDone DATA'!$L:$L,'[20]WorkDone DATA'!$N:$N,BOQ!BG$6,'[20]WorkDone DATA'!$G:$G,BOQ!$B233)*$G233","v":{"$error":"#VALUE!"}},{"$f":"SUMIFS('[20]WorkDone DATA'!$L:$L,'[20]WorkDone DATA'!$N:$N,BOQ!BH$6,'[20]WorkDone DATA'!$G:$G,BOQ!$B233)*$G233","v":{"$error":"#VALUE!"}},{"$f":"SUMIFS('[20]WorkDone DATA'!$L:$L,'[20]WorkDone DATA'!$N:$N,BOQ!BI$6,'[20]WorkDone DATA'!$G:$G,BOQ!$B233)*$G233","v":{"$error":"#VALUE!"}},{"$f":"SUMIFS('[20]WorkDone DATA'!$L:$L,'[20]WorkDone DATA'!$N:$N,BOQ!BJ$6,'[20]WorkDone DATA'!$G:$G,BOQ!$B233)*$G233","v":{"$error":"#VALUE!"}},{"$f":"SUMIFS('[20]WorkDone DATA'!$L:$L,'[20]WorkDone DATA'!$N:$N,BOQ!BK$6,'[20]WorkDone DATA'!$G:$G,BOQ!$B233)*$G233","v":{"$error":"#VALUE!"}},{"$f":"SUMIFS('[20]WorkDone DATA'!$L:$L,'[20]WorkDone DATA'!$N:$N,BOQ!BL$6,'[20]WorkDone DATA'!$G:$G,BOQ!$B233)*$G233","v":{"$error":"#VALUE!"}},{"$f":"SUMIFS('[20]WorkDone DATA'!$L:$L,'[20]WorkDone DATA'!$N:$N,BOQ!BM$6,'[20]WorkDone DATA'!$G:$G,BOQ!$B233)*$G233","v":{"$error":"#VALUE!"}},{"$f":"SUMIFS('[20]WorkDone DATA'!$L:$L,'[20]WorkDone DATA'!$N:$N,BOQ!BN$6,'[20]WorkDone DATA'!$G:$G,BOQ!$B233)*$G233","v":{"$error":"#VALUE!"}},{"$f":"SUMIFS('[20]WorkDone DATA'!$L:$L,'[20]WorkDone DATA'!$N:$N,BOQ!BO$6,'[20]WorkDone DATA'!$G:$G,BOQ!$B233)*$G233","v":{"$error":"#VALUE!"}},{"$f":"SUMIFS('[20]WorkDone DATA'!$L:$L,'[20]WorkDone DATA'!$N:$N,BOQ!BP$6,'[20]WorkDone DATA'!$G:$G,BOQ!$B233)*$G233","v":{"$error":"#VALUE!"}},{"$f":"SUMIFS('[20]WorkDone DATA'!$L:$L,'[20]WorkDone DATA'!$N:$N,BOQ!BQ$6,'[20]WorkDone DATA'!$G:$G,BOQ!$B233)*$G233","v":{"$error":"#VALUE!"}},{"$f":"SUMIFS('[20]WorkDone DATA'!$L:$L,'[20]WorkDone DATA'!$N:$N,BOQ!BR$6,'[20]WorkDone DATA'!$G:$G,BOQ!$B233)*$G233","v":{"$error":"#VALUE!"}},{"$f":"SUMIFS('[20]WorkDone DATA'!$L:$L,'[20]WorkDone DATA'!$N:$N,BOQ!BS$6,'[20]WorkDone DATA'!$G:$G,BOQ!$B233)*$G233","v":{"$error":"#VALUE!"}},{"$f":"SUMIFS('[20]WorkDone DATA'!$L:$L,'[20]WorkDone DATA'!$N:$N,BOQ!BT$6,'[20]WorkDone DATA'!$G:$G,BOQ!$B233)*$G233","v":{"$error":"#VALUE!"}},{"$f":"SUMIFS('[20]WorkDone DATA'!$L:$L,'[20]WorkDone DATA'!$N:$N,BOQ!BU$6,'[20]WorkDone DATA'!$G:$G,BOQ!$B233)*$G233","v":{"$error":"#VALUE!"}},{"$f":"SUMIFS('[20]WorkDone DATA'!$L:$L,'[20]WorkDone DATA'!$N:$N,BOQ!BV$6,'[20]WorkDone DATA'!$G:$G,BOQ!$B233)*$G233","v":{"$error":"#VALUE!"}},{"$f":"SUMIFS('[20]WorkDone DATA'!$L:$L,'[20]WorkDone DATA'!$N:$N,BOQ!BW$6,'[20]WorkDone DATA'!$G:$G,BOQ!$B233)*$G233","v":{"$error":"#VALUE!"}},{"$f":"SUMIFS('[20]WorkDone DATA'!$L:$L,'[20]WorkDone DATA'!$N:$N,BOQ!BX$6,'[20]WorkDone DATA'!$G:$G,BOQ!$B233)*$G233","v":{"$error":"#VALUE!"}}]
[null,null,"Double Uni-strut (90 x 45mm) Rack Support",{"$nulls":4},0,{"$nulls":3},{"$error":"#VALUE!"},{"$error":"#VALUE!"},null,0,{"$error":"#VALUE!"},null,{"$f":"SUMIFS('[20]WorkDone DATA'!$L:$L,'[20]WorkDone DATA'!$N:$N,BOQ!S$6,'[20]WorkDone DATA'!$G:$G,BOQ!$B234)","v":{"$error":"#VALUE!"}},{"$error":"#VALUE!"},{"$f":"SUMIFS('[20]WorkDone DATA'!$L:$L,'[20]WorkDone DATA'!$N:$N,BOQ!U$6,'[20]WorkDone DATA'!$G:$G,BOQ!$B234)","v":{"$error":"#VALUE!"}},{"$error":"#VALUE!"},null,{"$f":"SUMIFS('[20]WorkDone DATA'!$L:$L,'[20]WorkDone DATA'!$N:$N,BOQ!W$6,'[20]WorkDone DATA'!$G:$G,BOQ!$B234)*$G234","v":{"$error":"#VALUE!"}},null,{"$f":"SUMIFS('[20]WorkDone DATA'!$L:$L,'[20]WorkDone DATA'!$N:$N,BOQ!Y$6,'[20]WorkDone DATA'!$G:$G,BOQ!$B234)*$G234","v":{"$error":"#VALUE!"}},null,{"$f":"SUMIFS('[20]WorkDone DATA'!$L:$L,'[20]WorkDone DATA'!$N:$N,BOQ!AA$6,'[20]WorkDone DATA'!$G:$G,BOQ!$B234)*$G234","v":{"$error":"#VALUE!"}},{"$f":"SUMIFS('[20]WorkDone DATA'!$L:$L,'[20]WorkDone DATA'!$N:$N,BOQ!AB$6,'[20]WorkDone DATA'!$G:$G,BOQ!$B234)*$G234","v":{"$error":"#VALUE!"}},{"$f":"SUMIFS('[20]WorkDone DATA'!$L:$L,'[20]WorkDone DATA'!$N:$N,BOQ!AC$6,'[20]WorkDone DATA'!$G:$G,BOQ!$B234)*$G234","v":{"$error":"#VALUE!"}},{"$f":"SUMIFS('[20]WorkDone DATA'!$L:$L,'[20]WorkDone DATA'!$N:$N,BOQ!AD$6,'[20]WorkDone DATA'!$G:$G,BOQ!$B234)*$G234","v":{"$error":"#VALUE!"}},{"$f":"SUMIFS('[20]WorkDone DATA'!$L:$L,'[20]WorkDone DATA'!$N:$N,BOQ!AE$6,'[20]WorkDone DATA'!$G:$G,BOQ!$B234)*$G234","v":{"$error":"#VALUE!"}},{"$f":"SUMIFS('[20]WorkDone DATA'!$L:$L,'[20]WorkDone DATA'!$N:$N,BOQ!AF$6,'[20]WorkDone DATA'!$G:$G,BOQ!$B234)*$G234","v":{"$error":"#VALUE!"}},{"$f":"SUMIFS('[20]WorkDone DATA'!$L:$L,'[20]WorkDone DATA'!$N:$N,BOQ!AG$6,'[20]WorkDone DATA'!$G:$G,BOQ!$B234)*$G234","v":{"$error":"#VALUE!"}},{"$f":"SUMIFS('[20]WorkDone DATA'!$L:$L,'[20]WorkDone DATA'!$N:$N,BOQ!AH$6,'[20]WorkDone DATA'!$G:$G,BOQ!$B234)*$G234","v":{"$error":"#VALUE!"}},{"$f":"SUMIFS('[20]WorkDone DATA'!$L:$L,'[20]WorkDone DATA'!$N:$N,BOQ!AI$6,'[20]WorkDone DATA'!$G:$G,BOQ!$B234)*$G234","v":{"$error":"#VALUE!"}},{"$f":"SUMIFS('[20]WorkDone DATA'!$L:$L,'[20]WorkDone DATA'!$N:$N,BOQ!AJ$6,'[20]WorkDone DATA'!$G:$G,BOQ!$B234)*$G234","v":{"$error":"#VALUE!"}},{"$f":"SUMIFS('[20]WorkDone DATA'!$L:$L,'[20]WorkDone DATA'!$N:$N,BOQ!AK$6,'[20]WorkDone DATA'!$G:$G,BOQ!$B234)*$G234","v":{"$error":"#VALUE!"}},{"$f":"SUMIFS('[20]WorkDone DATA'!$L:$L,'[20]WorkDone DATA'!$N:$N,BOQ!AL$6,'[20]WorkDone DATA'!$G:$G,BOQ!$B234)*$G234","v":{"$error":"#VALUE!"}},{"$f":"SUMIFS('[20]WorkDone DATA'!$L:$L,'[20]WorkDone DATA'!$N:$N,BOQ!AM$6,'[20]WorkDone DATA'!$G:$G,BOQ!$B234)*$G234","v":{"$error":"#VALUE!"}},{"$f":"SUMIFS('[20]WorkDone DATA'!$L:$L,'[20]WorkDone DATA'!$N:$N,BOQ!AN$6,'[20]WorkDone DATA'!$G:$G,BOQ!$B234)*$G234","v":{"$error":"#VALUE!"}},{"$f":"SUMIFS('[20]WorkDone DATA'!$L:$L,'[20]WorkDone DATA'!$N:$N,BOQ!AO$6,'[20]WorkDone DATA'!$G:$G,BOQ!$B234)*$G234","v":{"$error":"#VALUE!"}},{"$f":"SUMIFS('[20]WorkDone DATA'!$L:$L,'[20]WorkDone DATA'!$N:$N,BOQ!AP$6,'[20]WorkDone DATA'!$G:$G,BOQ!$B234)*$G234","v":{"$error":"#VALUE!"}},{"$f":"SUMIFS('[20]WorkDone DATA'!$L:$L,'[20]WorkDone DATA'!$N:$N,BOQ!AQ$6,'[20]WorkDone DATA'!$G:$G,BOQ!$B234)*$G234","v":{"$error":"#VALUE!"}},{"$f":"SUMIFS('[20]WorkDone DATA'!$L:$L,'[20]WorkDone DATA'!$N:$N,BOQ!AR$6,'[20]WorkDone DATA'!$G:$G,BOQ!$B234)*$G234","v":{"$error":"#VALUE!"}},{"$f":"SUMIFS('[20]WorkDone DATA'!$L:$L,'[20]WorkDone DATA'!$N:$N,BOQ!AS$6,'[20]WorkDone DATA'!$G:$G,BOQ!$B234)*$G234","v":{"$error":"#VALUE!"}},{"$f":"SUMIFS('[20]WorkDone DATA'!$L:$L,'[20]WorkDone DATA'!$N:$N,BOQ!AT$6,'[20]WorkDone DATA'!$G:$G,BOQ!$B234)*$G234","v":{"$error":"#VALUE!"}},{"$f":"SUMIFS('[20]WorkDone DATA'!$L:$L,'[20]WorkDone DATA'!$N:$N,BOQ!AU$6,'[20]WorkDone DATA'!$G:$G,BOQ!$B234)*$G234","v":{"$error":"#VALUE!"}},{"$f":"SUMIFS('[20]WorkDone DATA'!$L:$L,'[20]WorkDone DATA'!$N:$N,BOQ!AV$6,'[20]WorkDone DATA'!$G:$G,BOQ!$B234)*$G234","v":{"$error":"#VALUE!"}},{"$f":"SUMIFS('[20]WorkDone DATA'!$L:$L,'[20]WorkDone DATA'!$N:$N,BOQ!AW$6,'[20]WorkDone DATA'!$G:$G,BOQ!$B234)*$G234","v":{"$error":"#VALUE!"}},{"$f":"SUMIFS('[20]WorkDone DATA'!$L:$L,'[20]WorkDone DATA'!$N:$N,BOQ!AX$6,'[20]WorkDone DATA'!$G:$G,BOQ!$B234)*$G234","v":{"$error":"#VALUE!"}},{"$f":"SUMIFS('[20]WorkDone DATA'!$L:$L,'[20]WorkDone DATA'!$N:$N,BOQ!AY$6,'[20]WorkDone DATA'!$G:$G,BOQ!$B234)*$G234","v":{"$error":"#VALUE!"}},{"$f":"SUMIFS('[20]WorkDone DATA'!$L:$L,'[20]WorkDone DATA'!$N:$N,BOQ!AZ$6,'[20]WorkDone DATA'!$G:$G,BOQ!$B234)*$G234","v":{"$error":"#VALUE!"}},{"$f":"SUMIFS('[20]WorkDone DATA'!$L:$L,'[20]WorkDone DATA'!$N:$N,BOQ!BA$6,'[20]WorkDone DATA'!$G:$G,BOQ!$B234)*$G234","v":{"$error":"#VALUE!"}},{"$f":"SUMIFS('[20]WorkDone DATA'!$L:$L,'[20]WorkDone DATA'!$N:$N,BOQ!BB$6,'[20]WorkDone DATA'!$G:$G,BOQ!$B234)*$G234","v":{"$error":"#VALUE!"}},{"$f":"SUMIFS('[20]WorkDone DATA'!$L:$L,'[20]WorkDone DATA'!$N:$N,BOQ!BC$6,'[20]WorkDone DATA'!$G:$G,BOQ!$B234)*$G234","v":{"$error":"#VALUE!"}},{"$f":"SUMIFS('[20]WorkDone DATA'!$L:$L,'[20]WorkDone DATA'!$N:$N,BOQ!BD$6,'[20]WorkDone DATA'!$G:$G,BOQ!$B234)*$G234","v":{"$error":"#VALUE!"}},{"$f":"SUMIFS('[20]WorkDone DATA'!$L:$L,'[20]WorkDone DATA'!$N:$N,BOQ!BE$6,'[20]WorkDone DATA'!$G:$G,BOQ!$B234)*$G234","v":{"$error":"#VALUE!"}},{"$f":"SUMIFS('[20]WorkDone DATA'!$L:$L,'[20]WorkDone DATA'!$N:$N,BOQ!BF$6,'[20]WorkDone DATA'!$G:$G,BOQ!$B234)*$G234","v":{"$error":"#VALUE!"}},{"$f":"SUMIFS('[20]WorkDone DATA'!$L:$L,'[20]WorkDone DATA'!$N:$N,BOQ!BG$6,'[20]WorkDone DATA'!$G:$G,BOQ!$B234)*$G234","v":{"$error":"#VALUE!"}},{"$f":"SUMIFS('[20]WorkDone DATA'!$L:$L,'[20]WorkDone DATA'!$N:$N,BOQ!BH$6,'[20]WorkDone DATA'!$G:$G,BOQ!$B234)*$G234","v":{"$error":"#VALUE!"}},{"$f":"SUMIFS('[20]WorkDone DATA'!$L:$L,'[20]WorkDone DATA'!$N:$N,BOQ!BI$6,'[20]WorkDone DATA'!$G:$G,BOQ!$B234)*$G234","v":{"$error":"#VALUE!"}},{"$f":"SUMIFS('[20]WorkDone DATA'!$L:$L,'[20]WorkDone DATA'!$N:$N,BOQ!BJ$6,'[20]WorkDone DATA'!$G:$G,BOQ!$B234)*$G234","v":{"$error":"#VALUE!"}},{"$f":"SUMIFS('[20]WorkDone DATA'!$L:$L,'[20]WorkDone DATA'!$N:$N,BOQ!BK$6,'[20]WorkDone DATA'!$G:$G,BOQ!$B234)*$G234","v":{"$error":"#VALUE!"}},{"$f":"SUMIFS('[20]WorkDone DATA'!$L:$L,'[20]WorkDone DATA'!$N:$N,BOQ!BL$6,'[20]WorkDone DATA'!$G:$G,BOQ!$B234)*$G234","v":{"$error":"#VALUE!"}},{"$f":"SUMIFS('[20]WorkDone DATA'!$L:$L,'[20]WorkDone DATA'!$N:$N,BOQ!BM$6,'[20]WorkDone DATA'!$G:$G,BOQ!$B234)*$G234","v":{"$error":"#VALUE!"}},{"$f":"SUMIFS('[20]WorkDone DATA'!$L:$L,'[20]WorkDone DATA'!$N:$N,BOQ!BN$6,'[20]WorkDone DATA'!$G:$G,BOQ!$B234)*$G234","v":{"$error":"#VALUE!"}},{"$f":"SUMIFS('[20]WorkDone DATA'!$L:$L,'[20]WorkDone DATA'!$N:$N,BOQ!BO$6,'[20]WorkDone DATA'!$G:$G,BOQ!$B234)*$G234","v":{"$error":"#VALUE!"}},{"$f":"SUMIFS('[20]WorkDone DATA'!$L:$L,'[20]WorkDone DATA'!$N:$N,BOQ!BP$6,'[20]WorkDone DATA'!$G:$G,BOQ!$B234)*$G234","v":{"$error":"#VALUE!"}},{"$f":"SUMIFS('[20]WorkDone DATA'!$L:$L,'[20]WorkDone DATA'!$N:$N,BOQ!BQ$6,'[20]WorkDone DATA'!$G:$G,BOQ!$B234)*$G234","v":{"$error":"#VALUE!"}},{"$f":"SUMIFS('[20]WorkDone DATA'!$L:$L,'[20]WorkDone DATA'!$N:$N,BOQ!BR$6,'[20]WorkDone DATA'!$G:$G,BOQ!$B234)*$G234","v":{"$error":"#VALUE!"}},{"$f":"SUMIFS('[20]WorkDone DATA'!$L:$L,'[20]WorkDone DATA'!$N:$N,BOQ!BS$6,'[20]WorkDone DATA'!$G:$G,BOQ!$B234)*$G234","v":{"$error":"#VALUE!"}},{"$f":"SUMIFS('[20]WorkDone DATA'!$L:$L,'[20]WorkDone DATA'!$N:$N,BOQ!BT$6,'[20]WorkDone DATA'!$G:$G,BOQ!$B234)*$G234","v":{"$error":"#VALUE!"}},{"$f":"SUMIFS('[20]WorkDone DATA'!$L:$L,'[20]WorkDone DATA'!$N:$N,BOQ!BU$6,'[20]WorkDone DATA'!$G:$G,BOQ!$B234)*$G234","v":{"$error":"#VALUE!"}},{"$f":"SUMIFS('[20]WorkDone DATA'!$L:$L,'[20]WorkDone DATA'!$N:$N,BOQ!BV$6,'[20]WorkDone DATA'!$G:$G,BOQ!$B234)*$G234","v":{"$error":"#VALUE!"}},{"$f":"SUMIFS('[20]WorkDone DATA'!$L:$L,'[20]WorkDone DATA'!$N:$N,BOQ!BW$6,'[20]WorkDone DATA'!$G:$G,BOQ!$B234)*$G234","v":{"$error":"#VALUE!"}},{"$f":"SUMIFS('[20]WorkDone DATA'!$L:$L,'[20]WorkDone DATA'!$N:$N,BOQ!BX$6,'[20]WorkDone DATA'!$G:$G,BOQ!$B234)*$G234","v":{"$error":"#VALUE!"}}]
[{"$f":"C234","v":"Double Uni-strut (90 x 45mm) Rack Support"},2.117,"Supply","C","m",3500,297.03,{"v":1039604.9999999999,"d":"1,039,605.00"},null,null,{"$error":"#VALUE!"},{"$error":"#VALUE!"},{"$error":"#VALUE!"},null,{"$error":"#VALUE!"},{"$error":"#VALUE!"},null,{"$f":"SUMIFS('[20]WorkDone DATA'!$L:$L,'[20]WorkDone DATA'!$N:$N,BOQ!S$6,'[20]WorkDone DATA'!$G:$G,BOQ!$B235)","v":{"$error":"#VALUE!"}},{"$error":"#VALUE!"},{"$f":"SUMIFS('[20]WorkDone DATA'!$L:$L,'[20]WorkDone DATA'!$N:$N,BOQ!U$6,'[20]WorkDone DATA'!$G:$G,BOQ!$B235)","v":{"$error":"#VALUE!"}},{"$error":"#VALUE!"},null,{"$f":"SUMIFS('[20]WorkDone DATA'!$L:$L,'[20]WorkDone DATA'!$N:$N,BOQ!W$6,'[20]WorkDone DATA'!$G:$G,BOQ!$B235)*$G235","v":{"$error":"#VALUE!"}},null,{"$f":"SUMIFS('[20]WorkDone DATA'!$L:$L,'[20]WorkDone DATA'!$N:$N,BOQ!Y$6,'[20]WorkDone DATA'!$G:$G,BOQ!$B235)*$G235","v":{"$error":"#VALUE!"}},null,{"$f":"SUMIFS('[20]WorkDone DATA'!$L:$L,'[20]WorkDone DATA'!$N:$N,BOQ!AA$6,'[20]WorkDone DATA'!$G:$G,BOQ!$B235)*$G235","v":{"$error":"#VALUE!"}},{"$f":"SUMIFS('[20]WorkDone DATA'!$L:$L,'[20]WorkDone DATA'!$N:$N,BOQ!AB$6,'[20]WorkDone DATA'!$G:$G,BOQ!$B235)*$G235","v":{"$error":"#VALUE!"}},{"$f":"SUMIFS('[20]WorkDone DATA'!$L:$L,'[20]WorkDone DATA'!$N:$N,BOQ!AC$6,'[20]WorkDone DATA'!$G:$G,BOQ!$B235)*$G235","v":{"$error":"#VALUE!"}},{"$f":"SUMIFS('[20]WorkDone DATA'!$L:$L,'[20]WorkDone DATA'!$N:$N,BOQ!AD$6,'[20]WorkDone DATA'!$G:$G,BOQ!$B235)*$G235","v":{"$error":"#VALUE!"}},{"$f":"SUMIFS('[20]WorkDone DATA'!$L:$L,'[20]WorkDone DATA'!$N:$N,BOQ!AE$6,'[20]WorkDone DATA'!$G:$G,BOQ!$B235)*$G235","v":{"$error":"#VALUE!"}},{"$f":"SUMIFS('[20]WorkDone DATA'!$L:$L,'[20]WorkDone DATA'!$N:$N,BOQ!AF$6,'[20]WorkDone DATA'!$G:$G,BOQ!$B235)*$G235","v":{"$error":"#VALUE!"}},{"$f":"SUMIFS('[20]WorkDone DATA'!$L:$L,'[20]WorkDone DATA'!$N:$N,BOQ!AG$6,'[20]WorkDone DATA'!$G:$G,BOQ!$B235)*$G235","v":{"$error":"#VALUE!"}},{"$f":"SUMIFS('[20]WorkDone DATA'!$L:$L,'[20]WorkDone DATA'!$N:$N,BOQ!AH$6,'[20]WorkDone DATA'!$G:$G,BOQ!$B235)*$G235","v":{"$error":"#VALUE!"}},{"$f":"SUMIFS('[20]WorkDone DATA'!$L:$L,'[20]WorkDone DATA'!$N:$N,BOQ!AI$6,'[20]WorkDone DATA'!$G:$G,BOQ!$B235)*$G235","v":{"$error":"#VALUE!"}},{"$f":"SUMIFS('[20]WorkDone DATA'!$L:$L,'[20]WorkDone DATA'!$N:$N,BOQ!AJ$6,'[20]WorkDone DATA'!$G:$G,BOQ!$B235)*$G235","v":{"$error":"#VALUE!"}},{"$f":"SUMIFS('[20]WorkDone DATA'!$L:$L,'[20]WorkDone DATA'!$N:$N,BOQ!AK$6,'[20]WorkDone DATA'!$G:$G,BOQ!$B235)*$G235","v":{"$error":"#VALUE!"}},{"$f":"SUMIFS('[20]WorkDone DATA'!$L:$L,'[20]WorkDone DATA'!$N:$N,BOQ!AL$6,'[20]WorkDone DATA'!$G:$G,BOQ!$B235)*$G235","v":{"$error":"#VALUE!"}},{"$f":"SUMIFS('[20]WorkDone DATA'!$L:$L,'[20]WorkDone DATA'!$N:$N,BOQ!AM$6,'[20]WorkDone DATA'!$G:$G,BOQ!$B235)*$G235","v":{"$error":"#VALUE!"}},{"$f":"SUMIFS('[20]WorkDone DATA'!$L:$L,'[20]WorkDone DATA'!$N:$N,BOQ!AN$6,'[20]WorkDone DATA'!$G:$G,BOQ!$B235)*$G235","v":{"$error":"#VALUE!"}},{"$f":"SUMIFS('[20]WorkDone DATA'!$L:$L,'[20]WorkDone DATA'!$N:$N,BOQ!AO$6,'[20]WorkDone DATA'!$G:$G,BOQ!$B235)*$G235","v":{"$error":"#VALUE!"}},{"$f":"SUMIFS('[20]WorkDone DATA'!$L:$L,'[20]WorkDone DATA'!$N:$N,BOQ!AP$6,'[20]WorkDone DATA'!$G:$G,BOQ!$B235)*$G235","v":{"$error":"#VALUE!"}},{"$f":"SUMIFS('[20]WorkDone DATA'!$L:$L,'[20]WorkDone DATA'!$N:$N,BOQ!AQ$6,'[20]WorkDone DATA'!$G:$G,BOQ!$B235)*$G235","v":{"$error":"#VALUE!"}},{"$f":"SUMIFS('[20]WorkDone DATA'!$L:$L,'[20]WorkDone DATA'!$N:$N,BOQ!AR$6,'[20]WorkDone DATA'!$G:$G,BOQ!$B235)*$G235","v":{"$error":"#VALUE!"}},{"$f":"SUMIFS('[20]WorkDone DATA'!$L:$L,'[20]WorkDone DATA'!$N:$N,BOQ!AS$6,'[20]WorkDone DATA'!$G:$G,BOQ!$B235)*$G235","v":{"$error":"#VALUE!"}},{"$f":"SUMIFS('[20]WorkDone DATA'!$L:$L,'[20]WorkDone DATA'!$N:$N,BOQ!AT$6,'[20]WorkDone DATA'!$G:$G,BOQ!$B235)*$G235","v":{"$error":"#VALUE!"}},{"$f":"SUMIFS('[20]WorkDone DATA'!$L:$L,'[20]WorkDone DATA'!$N:$N,BOQ!AU$6,'[20]WorkDone DATA'!$G:$G,BOQ!$B235)*$G235","v":{"$error":"#VALUE!"}},{"$f":"SUMIFS('[20]WorkDone DATA'!$L:$L,'[20]WorkDone DATA'!$N:$N,BOQ!AV$6,'[20]WorkDone DATA'!$G:$G,BOQ!$B235)*$G235","v":{"$error":"#VALUE!"}},{"$f":"SUMIFS('[20]WorkDone DATA'!$L:$L,'[20]WorkDone DATA'!$N:$N,BOQ!AW$6,'[20]WorkDone DATA'!$G:$G,BOQ!$B235)*$G235","v":{"$error":"#VALUE!"}},{"$f":"SUMIFS('[20]WorkDone DATA'!$L:$L,'[20]WorkDone DATA'!$N:$N,BOQ!AX$6,'[20]WorkDone DATA'!$G:$G,BOQ!$B235)*$G235","v":{"$error":"#VALUE!"}},{"$f":"SUMIFS('[20]WorkDone DATA'!$L:$L,'[20]WorkDone DATA'!$N:$N,BOQ!AY$6,'[20]WorkDone DATA'!$G:$G,BOQ!$B235)*$G235","v":{"$error":"#VALUE!"}},{"$f":"SUMIFS('[20]WorkDone DATA'!$L:$L,'[20]WorkDone DATA'!$N:$N,BOQ!AZ$6,'[20]WorkDone DATA'!$G:$G,BOQ!$B235)*$G235","v":{"$error":"#VALUE!"}},{"$f":"SUMIFS('[20]WorkDone DATA'!$L:$L,'[20]WorkDone DATA'!$N:$N,BOQ!BA$6,'[20]WorkDone DATA'!$G:$G,BOQ!$B235)*$G235","v":{"$error":"#VALUE!"}},{"$f":"SUMIFS('[20]WorkDone DATA'!$L:$L,'[20]WorkDone DATA'!$N:$N,BOQ!BB$6,'[20]WorkDone DATA'!$G:$G,BOQ!$B235)*$G235","v":{"$error":"#VALUE!"}},{"$f":"SUMIFS('[20]WorkDone DATA'!$L:$L,'[20]WorkDone DATA'!$N:$N,BOQ!BC$6,'[20]WorkDone DATA'!$G:$G,BOQ!$B235)*$G235","v":{"$error":"#VALUE!"}},{"$f":"SUMIFS('[20]WorkDone DATA'!$L:$L,'[20]WorkDone DATA'!$N:$N,BOQ!BD$6,'[20]WorkDone DATA'!$G:$G,BOQ!$B235)*$G235","v":{"$error":"#VALUE!"}},{"$f":"SUMIFS('[20]WorkDone DATA'!$L:$L,'[20]WorkDone DATA'!$N:$N,BOQ!BE$6,'[20]WorkDone DATA'!$G:$G,BOQ!$B235)*$G235","v":{"$error":"#VALUE!"}},{"$f":"SUMIFS('[20]WorkDone DATA'!$L:$L,'[20]WorkDone DATA'!$N:$N,BOQ!BF$6,'[20]WorkDone DATA'!$G:$G,BOQ!$B235)*$G235","v":{"$error":"#VALUE!"}},{"$f":"SUMIFS('[20]WorkDone DATA'!$L:$L,'[20]WorkDone DATA'!$N:$N,BOQ!BG$6,'[20]WorkDone DATA'!$G:$G,BOQ!$B235)*$G235","v":{"$error":"#VALUE!"}},{"$f":"SUMIFS('[20]WorkDone DATA'!$L:$L,'[20]WorkDone DATA'!$N:$N,BOQ!BH$6,'[20]WorkDone DATA'!$G:$G,BOQ!$B235)*$G235","v":{"$error":"#VALUE!"}},{"$f":"SUMIFS('[20]WorkDone DATA'!$L:$L,'[20]WorkDone DATA'!$N:$N,BOQ!BI$6,'[20]WorkDone DATA'!$G:$G,BOQ!$B235)*$G235","v":{"$error":"#VALUE!"}},{"$f":"SUMIFS('[20]WorkDone DATA'!$L:$L,'[20]WorkDone DATA'!$N:$N,BOQ!BJ$6,'[20]WorkDone DATA'!$G:$G,BOQ!$B235)*$G235","v":{"$error":"#VALUE!"}},{"$f":"SUMIFS('[20]WorkDone DATA'!$L:$L,'[20]WorkDone DATA'!$N:$N,BOQ!BK$6,'[20]WorkDone DATA'!$G:$G,BOQ!$B235)*$G235","v":{"$error":"#VALUE!"}},{"$f":"SUMIFS('[20]WorkDone DATA'!$L:$L,'[20]WorkDone DATA'!$N:$N,BOQ!BL$6,'[20]WorkDone DATA'!$G:$G,BOQ!$B235)*$G235","v":{"$error":"#VALUE!"}},{"$f":"SUMIFS('[20]WorkDone DATA'!$L:$L,'[20]WorkDone DATA'!$N:$N,BOQ!BM$6,'[20]WorkDone DATA'!$G:$G,BOQ!$B235)*$G235","v":{"$error":"#VALUE!"}},{"$f":"SUMIFS('[20]WorkDone DATA'!$L:$L,'[20]WorkDone DATA'!$N:$N,BOQ!BN$6,'[20]WorkDone DATA'!$G:$G,BOQ!$B235)*$G235","v":{"$error":"#VALUE!"}},{"$f":"SUMIFS('[20]WorkDone DATA'!$L:$L,'[20]WorkDone DATA'!$N:$N,BOQ!BO$6,'[20]WorkDone DATA'!$G:$G,BOQ!$B235)*$G235","v":{"$error":"#VALUE!"}},{"$f":"SUMIFS('[20]WorkDone DATA'!$L:$L,'[20]WorkDone DATA'!$N:$N,BOQ!BP$6,'[20]WorkDone DATA'!$G:$G,BOQ!$B235)*$G235","v":{"$error":"#VALUE!"}},{"$f":"SUMIFS('[20]WorkDone DATA'!$L:$L,'[20]WorkDone DATA'!$N:$N,BOQ!BQ$6,'[20]WorkDone DATA'!$G:$G,BOQ!$B235)*$G235","v":{"$error":"#VALUE!"}},{"$f":"SUMIFS('[20]WorkDone DATA'!$L:$L,'[20]WorkDone DATA'!$N:$N,BOQ!BR$6,'[20]WorkDone DATA'!$G:$G,BOQ!$B235)*$G235","v":{"$error":"#VALUE!"}},{"$f":"SUMIFS('[20]WorkDone DATA'!$L:$L,'[20]WorkDone DATA'!$N:$N,BOQ!BS$6,'[20]WorkDone DATA'!$G:$G,BOQ!$B235)*$G235","v":{"$error":"#VALUE!"}},{"$f":"SUMIFS('[20]WorkDone DATA'!$L:$L,'[20]WorkDone DATA'!$N:$N,BOQ!BT$6,'[20]WorkDone DATA'!$G:$G,BOQ!$B235)*$G235","v":{"$error":"#VALUE!"}},{"$f":"SUMIFS('[20]WorkDone DATA'!$L:$L,'[20]WorkDone DATA'!$N:$N,BOQ!BU$6,'[20]WorkDone DATA'!$G:$G,BOQ!$B235)*$G235","v":{"$error":"#VALUE!"}},{"$f":"SUMIFS('[20]WorkDone DATA'!$L:$L,'[20]WorkDone DATA'!$N:$N,BOQ!BV$6,'[20]WorkDone DATA'!$G:$G,BOQ!$B235)*$G235","v":{"$error":"#VALUE!"}},{"$f":"SUMIFS('[20]WorkDone DATA'!$L:$L,'[20]WorkDone DATA'!$N:$N,BOQ!BW$6,'[20]WorkDone DATA'!$G:$G,BOQ!$B235)*$G235","v":{"$error":"#VALUE!"}},{"$f":"SUMIFS('[20]WorkDone DATA'!$L:$L,'[20]WorkDone DATA'!$N:$N,BOQ!BX$6,'[20]WorkDone DATA'!$G:$G,BOQ!$B235)*$G235","v":{"$error":"#VALUE!"}}]
[{"$f":"C234","v":"Double Uni-strut (90 x 45mm) Rack Support"},2.118,"Installation","A","m",3500,242.45,{"v":848575,"d":"848,575.00"},null,null,{"$error":"#VALUE!"},{"$error":"#VALUE!"},{"$error":"#VALUE!"},null,{"$error":"#VALUE!"},{"$error":"#VALUE!"},null,{"$f":"SUMIFS('[20]WorkDone DATA'!$L:$L,'[20]WorkDone DATA'!$N:$N,BOQ!S$6,'[20]WorkDone DATA'!$G:$G,BOQ!$B236)","v":{"$error":"#VALUE!"}},{"$error":"#VALUE!"},{"$f":"SUMIFS('[20]WorkDone DATA'!$L:$L,'[20]WorkDone DATA'!$N:$N,BOQ!U$6,'[20]WorkDone DATA'!$G:$G,BOQ!$B236)","v":{"$error":"#VALUE!"}},{"$error":"#VALUE!"},null,{"$f":"SUMIFS('[20]WorkDone DATA'!$L:$L,'[20]WorkDone DATA'!$N:$N,BOQ!W$6,'[20]WorkDone DATA'!$G:$G,BOQ!$B236)*$G236","v":{"$error":"#VALUE!"}},null,{"$f":"SUMIFS('[20]WorkDone DATA'!$L:$L,'[20]WorkDone DATA'!$N:$N,BOQ!Y$6,'[20]WorkDone DATA'!$G:$G,BOQ!$B236)*$G236","v":{"$error":"#VALUE!"}},null,{"$f":"SUMIFS('[20]WorkDone DATA'!$L:$L,'[20]WorkDone DATA'!$N:$N,BOQ!AA$6,'[20]WorkDone DATA'!$G:$G,BOQ!$B236)*$G236","v":{"$error":"#VALUE!"}},{"$f":"SUMIFS('[20]WorkDone DATA'!$L:$L,'[20]WorkDone DATA'!$N:$N,BOQ!AB$6,'[20]WorkDone DATA'!$G:$G,BOQ!$B236)*$G236","v":{"$error":"#VALUE!"}},{"$f":"SUMIFS('[20]WorkDone DATA'!$L:$L,'[20]WorkDone DATA'!$N:$N,BOQ!AC$6,'[20]WorkDone DATA'!$G:$G,BOQ!$B236)*$G236","v":{"$error":"#VALUE!"}},{"$f":"SUMIFS('[20]WorkDone DATA'!$L:$L,'[20]WorkDone DATA'!$N:$N,BOQ!AD$6,'[20]WorkDone DATA'!$G:$G,BOQ!$B236)*$G236","v":{"$error":"#VALUE!"}},{"$f":"SUMIFS('[20]WorkDone DATA'!$L:$L,'[20]WorkDone DATA'!$N:$N,BOQ!AE$6,'[20]WorkDone DATA'!$G:$G,BOQ!$B236)*$G236","v":{"$error":"#VALUE!"}},{"$f":"SUMIFS('[20]WorkDone DATA'!$L:$L,'[20]WorkDone DATA'!$N:$N,BOQ!AF$6,'[20]WorkDone DATA'!$G:$G,BOQ!$B236)*$G236","v":{"$error":"#VALUE!"}},{"$f":"SUMIFS('[20]WorkDone DATA'!$L:$L,'[20]WorkDone DATA'!$N:$N,BOQ!AG$6,'[20]WorkDone DATA'!$G:$G,BOQ!$B236)*$G236","v":{"$error":"#VALUE!"}},{"$f":"SUMIFS('[20]WorkDone DATA'!$L:$L,'[20]WorkDone DATA'!$N:$N,BOQ!AH$6,'[20]WorkDone DATA'!$G:$G,BOQ!$B236)*$G236","v":{"$error":"#VALUE!"}},{"$f":"SUMIFS('[20]WorkDone DATA'!$L:$L,'[20]WorkDone DATA'!$N:$N,BOQ!AI$6,'[20]WorkDone DATA'!$G:$G,BOQ!$B236)*$G236","v":{"$error":"#VALUE!"}},{"$f":"SUMIFS('[20]WorkDone DATA'!$L:$L,'[20]WorkDone DATA'!$N:$N,BOQ!AJ$6,'[20]WorkDone DATA'!$G:$G,BOQ!$B236)*$G236","v":{"$error":"#VALUE!"}},{"$f":"SUMIFS('[20]WorkDone DATA'!$L:$L,'[20]WorkDone DATA'!$N:$N,BOQ!AK$6,'[20]WorkDone DATA'!$G:$G,BOQ!$B236)*$G236","v":{"$error":"#VALUE!"}},{"$f":"SUMIFS('[20]WorkDone DATA'!$L:$L,'[20]WorkDone DATA'!$N:$N,BOQ!AL$6,'[20]WorkDone DATA'!$G:$G,BOQ!$B236)*$G236","v":{"$error":"#VALUE!"}},{"$f":"SUMIFS('[20]WorkDone DATA'!$L:$L,'[20]WorkDone DATA'!$N:$N,BOQ!AM$6,'[20]WorkDone DATA'!$G:$G,BOQ!$B236)*$G236","v":{"$error":"#VALUE!"}},{"$f":"SUMIFS('[20]WorkDone DATA'!$L:$L,'[20]WorkDone DATA'!$N:$N,BOQ!AN$6,'[20]WorkDone DATA'!$G:$G,BOQ!$B236)*$G236","v":{"$error":"#VALUE!"}},{"$f":"SUMIFS('[20]WorkDone DATA'!$L:$L,'[20]WorkDone DATA'!$N:$N,BOQ!AO$6,'[20]WorkDone DATA'!$G:$G,BOQ!$B236)*$G236","v":{"$error":"#VALUE!"}},{"$f":"SUMIFS('[20]WorkDone DATA'!$L:$L,'[20]WorkDone DATA'!$N:$N,BOQ!AP$6,'[20]WorkDone DATA'!$G:$G,BOQ!$B236)*$G236","v":{"$error":"#VALUE!"}},{"$f":"SUMIFS('[20]WorkDone DATA'!$L:$L,'[20]WorkDone DATA'!$N:$N,BOQ!AQ$6,'[20]WorkDone DATA'!$G:$G,BOQ!$B236)*$G236","v":{"$error":"#VALUE!"}},{"$f":"SUMIFS('[20]WorkDone DATA'!$L:$L,'[20]WorkDone DATA'!$N:$N,BOQ!AR$6,'[20]WorkDone DATA'!$G:$G,BOQ!$B236)*$G236","v":{"$error":"#VALUE!"}},{"$f":"SUMIFS('[20]WorkDone DATA'!$L:$L,'[20]WorkDone DATA'!$N:$N,BOQ!AS$6,'[20]WorkDone DATA'!$G:$G,BOQ!$B236)*$G236","v":{"$error":"#VALUE!"}},{"$f":"SUMIFS('[20]WorkDone DATA'!$L:$L,'[20]WorkDone DATA'!$N:$N,BOQ!AT$6,'[20]WorkDone DATA'!$G:$G,BOQ!$B236)*$G236","v":{"$error":"#VALUE!"}},{"$f":"SUMIFS('[20]WorkDone DATA'!$L:$L,'[20]WorkDone DATA'!$N:$N,BOQ!AU$6,'[20]WorkDone DATA'!$G:$G,BOQ!$B236)*$G236","v":{"$error":"#VALUE!"}},{"$f":"SUMIFS('[20]WorkDone DATA'!$L:$L,'[20]WorkDone DATA'!$N:$N,BOQ!AV$6,'[20]WorkDone DATA'!$G:$G,BOQ!$B236)*$G236","v":{"$error":"#VALUE!"}},{"$f":"SUMIFS('[20]WorkDone DATA'!$L:$L,'[20]WorkDone DATA'!$N:$N,BOQ!AW$6,'[20]WorkDone DATA'!$G:$G,BOQ!$B236)*$G236","v":{"$error":"#VALUE!"}},{"$f":"SUMIFS('[20]WorkDone DATA'!$L:$L,'[20]WorkDone DATA'!$N:$N,BOQ!AX$6,'[20]WorkDone DATA'!$G:$G,BOQ!$B236)*$G236","v":{"$error":"#VALUE!"}},{"$f":"SUMIFS('[20]WorkDone DATA'!$L:$L,'[20]WorkDone DATA'!$N:$N,BOQ!AY$6,'[20]WorkDone DATA'!$G:$G,BOQ!$B236)*$G236","v":{"$error":"#VALUE!"}},{"$f":"SUMIFS('[20]WorkDone DATA'!$L:$L,'[20]WorkDone DATA'!$N:$N,BOQ!AZ$6,'[20]WorkDone DATA'!$G:$G,BOQ!$B236)*$G236","v":{"$error":"#VALUE!"}},{"$f":"SUMIFS('[20]WorkDone DATA'!$L:$L,'[20]WorkDone DATA'!$N:$N,BOQ!BA$6,'[20]WorkDone DATA'!$G:$G,BOQ!$B236)*$G236","v":{"$error":"#VALUE!"}},{"$f":"SUMIFS('[20]WorkDone DATA'!$L:$L,'[20]WorkDone DATA'!$N:$N,BOQ!BB$6,'[20]WorkDone DATA'!$G:$G,BOQ!$B236)*$G236","v":{"$error":"#VALUE!"}},{"$f":"SUMIFS('[20]WorkDone DATA'!$L:$L,'[20]WorkDone DATA'!$N:$N,BOQ!BC$6,'[20]WorkDone DATA'!$G:$G,BOQ!$B236)*$G236","v":{"$error":"#VALUE!"}},{"$f":"SUMIFS('[20]WorkDone DATA'!$L:$L,'[20]WorkDone DATA'!$N:$N,BOQ!BD$6,'[20]WorkDone DATA'!$G:$G,BOQ!$B236)*$G236","v":{"$error":"#VALUE!"}},{"$f":"SUMIFS('[20]WorkDone DATA'!$L:$L,'[20]WorkDone DATA'!$N:$N,BOQ!BE$6,'[20]WorkDone DATA'!$G:$G,BOQ!$B236)*$G236","v":{"$error":"#VALUE!"}},{"$f":"SUMIFS('[20]WorkDone DATA'!$L:$L,'[20]WorkDone DATA'!$N:$N,BOQ!BF$6,'[20]WorkDone DATA'!$G:$G,BOQ!$B236)*$G236","v":{"$error":"#VALUE!"}},{"$f":"SUMIFS('[20]WorkDone DATA'!$L:$L,'[20]WorkDone DATA'!$N:$N,BOQ!BG$6,'[20]WorkDone DATA'!$G:$G,BOQ!$B236)*$G236","v":{"$error":"#VALUE!"}},{"$f":"SUMIFS('[20]WorkDone DATA'!$L:$L,'[20]WorkDone DATA'!$N:$N,BOQ!BH$6,'[20]WorkDone DATA'!$G:$G,BOQ!$B236)*$G236","v":{"$error":"#VALUE!"}},{"$f":"SUMIFS('[20]WorkDone DATA'!$L:$L,'[20]WorkDone DATA'!$N:$N,BOQ!BI$6,'[20]WorkDone DATA'!$G:$G,BOQ!$B236)*$G236","v":{"$error":"#VALUE!"}},{"$f":"SUMIFS('[20]WorkDone DATA'!$L:$L,'[20]WorkDone DATA'!$N:$N,BOQ!BJ$6,'[20]WorkDone DATA'!$G:$G,BOQ!$B236)*$G236","v":{"$error":"#VALUE!"}},{"$f":"SUMIFS('[20]WorkDone DATA'!$L:$L,'[20]WorkDone DATA'!$N:$N,BOQ!BK$6,'[20]WorkDone DATA'!$G:$G,BOQ!$B236)*$G236","v":{"$error":"#VALUE!"}},{"$f":"SUMIFS('[20]WorkDone DATA'!$L:$L,'[20]WorkDone DATA'!$N:$N,BOQ!BL$6,'[20]WorkDone DATA'!$G:$G,BOQ!$B236)*$G236","v":{"$error":"#VALUE!"}},{"$f":"SUMIFS('[20]WorkDone DATA'!$L:$L,'[20]WorkDone DATA'!$N:$N,BOQ!BM$6,'[20]WorkDone DATA'!$G:$G,BOQ!$B236)*$G236","v":{"$error":"#VALUE!"}},{"$f":"SUMIFS('[20]WorkDone DATA'!$L:$L,'[20]WorkDone DATA'!$N:$N,BOQ!BN$6,'[20]WorkDone DATA'!$G:$G,BOQ!$B236)*$G236","v":{"$error":"#VALUE!"}},{"$f":"SUMIFS('[20]WorkDone DATA'!$L:$L,'[20]WorkDone DATA'!$N:$N,BOQ!BO$6,'[20]WorkDone DATA'!$G:$G,BOQ!$B236)*$G236","v":{"$error":"#VALUE!"}},{"$f":"SUMIFS('[20]WorkDone DATA'!$L:$L,'[20]WorkDone DATA'!$N:$N,BOQ!BP$6,'[20]WorkDone DATA'!$G:$G,BOQ!$B236)*$G236","v":{"$error":"#VALUE!"}},{"$f":"SUMIFS('[20]WorkDone DATA'!$L:$L,'[20]WorkDone DATA'!$N:$N,BOQ!BQ$6,'[20]WorkDone DATA'!$G:$G,BOQ!$B236)*$G236","v":{"$error":"#VALUE!"}},{"$f":"SUMIFS('[20]WorkDone DATA'!$L:$L,'[20]WorkDone DATA'!$N:$N,BOQ!BR$6,'[20]WorkDone DATA'!$G:$G,BOQ!$B236)*$G236","v":{"$error":"#VALUE!"}},{"$f":"SUMIFS('[20]WorkDone DATA'!$L:$L,'[20]WorkDone DATA'!$N:$N,BOQ!BS$6,'[20]WorkDone DATA'!$G:$G,BOQ!$B236)*$G236","v":{"$error":"#VALUE!"}},{"$f":"SUMIFS('[20]WorkDone DATA'!$L:$L,'[20]WorkDone DATA'!$N:$N,BOQ!BT$6,'[20]WorkDone DATA'!$G:$G,BOQ!$B236)*$G236","v":{"$error":"#VALUE!"}},{"$f":"SUMIFS('[20]WorkDone DATA'!$L:$L,'[20]WorkDone DATA'!$N:$N,BOQ!BU$6,'[20]WorkDone DATA'!$G:$G,BOQ!$B236)*$G236","v":{"$error":"#VALUE!"}},{"$f":"SUMIFS('[20]WorkDone DATA'!$L:$L,'[20]WorkDone DATA'!$N:$N,BOQ!BV$6,'[20]WorkDone DATA'!$G:$G,BOQ!$B236)*$G236","v":{"$error":"#VALUE!"}},{"$f":"SUMIFS('[20]WorkDone DATA'!$L:$L,'[20]WorkDone DATA'!$N:$N,BOQ!BW$6,'[20]WorkDone DATA'!$G:$G,BOQ!$B236)*$G236","v":{"$error":"#VALUE!"}},{"$f":"SUMIFS('[20]WorkDone DATA'!$L:$L,'[20]WorkDone DATA'!$N:$N,BOQ!BX$6,'[20]WorkDone DATA'!$G:$G,BOQ!$B236)*$G236","v":{"$error":"#VALUE!"}}]
[null,null,"Single Uni-strut (45 x 45mm) Rack Support",{"$nulls":4},0,{"$nulls":3},{"$error":"#VALUE!"},{"$error":"#VALUE!"},null,0,{"$error":"#VALUE!"},null,{"$f":"SUMIFS('[20]WorkDone DATA'!$L:$L,'[20]WorkDone DATA'!$N:$N,BOQ!S$6,'[20]WorkDone DATA'!$G:$G,BOQ!$B237)","v":{"$error":"#VALUE!"}},{"$error":"#VALUE!"},{"$f":"SUMIFS('[20]WorkDone DATA'!$L:$L,'[20]WorkDone DATA'!$N:$N,BOQ!U$6,'[20]WorkDone DATA'!$G:$G,BOQ!$B237)","v":{"$error":"#VALUE!"}},{"$error":"#VALUE!"},null,{"$f":"SUMIFS('[20]WorkDone DATA'!$L:$L,'[20]WorkDone DATA'!$N:$N,BOQ!W$6,'[20]WorkDone DATA'!$G:$G,BOQ!$B237)*$G237","v":{"$error":"#VALUE!"}},null,{"$f":"SUMIFS('[20]WorkDone DATA'!$L:$L,'[20]WorkDone DATA'!$N:$N,BOQ!Y$6,'[20]WorkDone DATA'!$G:$G,BOQ!$B237)*$G237","v":{"$error":"#VALUE!"}},null,{"$f":"SUMIFS('[20]WorkDone DATA'!$L:$L,'[20]WorkDone DATA'!$N:$N,BOQ!AA$6,'[20]WorkDone DATA'!$G:$G,BOQ!$B237)*$G237","v":{"$error":"#VALUE!"}},{"$f":"SUMIFS('[20]WorkDone DATA'!$L:$L,'[20]WorkDone DATA'!$N:$N,BOQ!AB$6,'[20]WorkDone DATA'!$G:$G,BOQ!$B237)*$G237","v":{"$error":"#VALUE!"}},{"$f":"SUMIFS('[20]WorkDone DATA'!$L:$L,'[20]WorkDone DATA'!$N:$N,BOQ!AC$6,'[20]WorkDone DATA'!$G:$G,BOQ!$B237)*$G237","v":{"$error":"#VALUE!"}},{"$f":"SUMIFS('[20]WorkDone DATA'!$L:$L,'[20]WorkDone DATA'!$N:$N,BOQ!AD$6,'[20]WorkDone DATA'!$G:$G,BOQ!$B237)*$G237","v":{"$error":"#VALUE!"}},{"$f":"SUMIFS('[20]WorkDone DATA'!$L:$L,'[20]WorkDone DATA'!$N:$N,BOQ!AE$6,'[20]WorkDone DATA'!$G:$G,BOQ!$B237)*$G237","v":{"$error":"#VALUE!"}},{"$f":"SUMIFS('[20]WorkDone DATA'!$L:$L,'[20]WorkDone DATA'!$N:$N,BOQ!AF$6,'[20]WorkDone DATA'!$G:$G,BOQ!$B237)*$G237","v":{"$error":"#VALUE!"}},{"$f":"SUMIFS('[20]WorkDone DATA'!$L:$L,'[20]WorkDone DATA'!$N:$N,BOQ!AG$6,'[20]WorkDone DATA'!$G:$G,BOQ!$B237)*$G237","v":{"$error":"#VALUE!"}},{"$f":"SUMIFS('[20]WorkDone DATA'!$L:$L,'[20]WorkDone DATA'!$N:$N,BOQ!AH$6,'[20]WorkDone DATA'!$G:$G,BOQ!$B237)*$G237","v":{"$error":"#VALUE!"}},{"$f":"SUMIFS('[20]WorkDone DATA'!$L:$L,'[20]WorkDone DATA'!$N:$N,BOQ!AI$6,'[20]WorkDone DATA'!$G:$G,BOQ!$B237)*$G237","v":{"$error":"#VALUE!"}},{"$f":"SUMIFS('[20]WorkDone DATA'!$L:$L,'[20]WorkDone DATA'!$N:$N,BOQ!AJ$6,'[20]WorkDone DATA'!$G:$G,BOQ!$B237)*$G237","v":{"$error":"#VALUE!"}},{"$f":"SUMIFS('[20]WorkDone DATA'!$L:$L,'[20]WorkDone DATA'!$N:$N,BOQ!AK$6,'[20]WorkDone DATA'!$G:$G,BOQ!$B237)*$G237","v":{"$error":"#VALUE!"}},{"$f":"SUMIFS('[20]WorkDone DATA'!$L:$L,'[20]WorkDone DATA'!$N:$N,BOQ!AL$6,'[20]WorkDone DATA'!$G:$G,BOQ!$B237)*$G237","v":{"$error":"#VALUE!"}},{"$f":"SUMIFS('[20]WorkDone DATA'!$L:$L,'[20]WorkDone DATA'!$N:$N,BOQ!AM$6,'[20]WorkDone DATA'!$G:$G,BOQ!$B237)*$G237","v":{"$error":"#VALUE!"}},{"$f":"SUMIFS('[20]WorkDone DATA'!$L:$L,'[20]WorkDone DATA'!$N:$N,BOQ!AN$6,'[20]WorkDone DATA'!$G:$G,BOQ!$B237)*$G237","v":{"$error":"#VALUE!"}},{"$f":"SUMIFS('[20]WorkDone DATA'!$L:$L,'[20]WorkDone DATA'!$N:$N,BOQ!AO$6,'[20]WorkDone DATA'!$G:$G,BOQ!$B237)*$G237","v":{"$error":"#VALUE!"}},{"$f":"SUMIFS('[20]WorkDone DATA'!$L:$L,'[20]WorkDone DATA'!$N:$N,BOQ!AP$6,'[20]WorkDone DATA'!$G:$G,BOQ!$B237)*$G237","v":{"$error":"#VALUE!"}},{"$f":"SUMIFS('[20]WorkDone DATA'!$L:$L,'[20]WorkDone DATA'!$N:$N,BOQ!AQ$6,'[20]WorkDone DATA'!$G:$G,BOQ!$B237)*$G237","v":{"$error":"#VALUE!"}},{"$f":"SUMIFS('[20]WorkDone DATA'!$L:$L,'[20]WorkDone DATA'!$N:$N,BOQ!AR$6,'[20]WorkDone DATA'!$G:$G,BOQ!$B237)*$G237","v":{"$error":"#VALUE!"}},{"$f":"SUMIFS('[20]WorkDone DATA'!$L:$L,'[20]WorkDone DATA'!$N:$N,BOQ!AS$6,'[20]WorkDone DATA'!$G:$G,BOQ!$B237)*$G237","v":{"$error":"#VALUE!"}},{"$f":"SUMIFS('[20]WorkDone DATA'!$L:$L,'[20]WorkDone DATA'!$N:$N,BOQ!AT$6,'[20]WorkDone DATA'!$G:$G,BOQ!$B237)*$G237","v":{"$error":"#VALUE!"}},{"$f":"SUMIFS('[20]WorkDone DATA'!$L:$L,'[20]WorkDone DATA'!$N:$N,BOQ!AU$6,'[20]WorkDone DATA'!$G:$G,BOQ!$B237)*$G237","v":{"$error":"#VALUE!"}},{"$f":"SUMIFS('[20]WorkDone DATA'!$L:$L,'[20]WorkDone DATA'!$N:$N,BOQ!AV$6,'[20]WorkDone DATA'!$G:$G,BOQ!$B237)*$G237","v":{"$error":"#VALUE!"}},{"$f":"SUMIFS('[20]WorkDone DATA'!$L:$L,'[20]WorkDone DATA'!$N:$N,BOQ!AW$6,'[20]WorkDone DATA'!$G:$G,BOQ!$B237)*$G237","v":{"$error":"#VALUE!"}},{"$f":"SUMIFS('[20]WorkDone DATA'!$L:$L,'[20]WorkDone DATA'!$N:$N,BOQ!AX$6,'[20]WorkDone DATA'!$G:$G,BOQ!$B237)*$G237","v":{"$error":"#VALUE!"}},{"$f":"SUMIFS('[20]WorkDone DATA'!$L:$L,'[20]WorkDone DATA'!$N:$N,BOQ!AY$6,'[20]WorkDone DATA'!$G:$G,BOQ!$B237)*$G237","v":{"$error":"#VALUE!"}},{"$f":"SUMIFS('[20]WorkDone DATA'!$L:$L,'[20]WorkDone DATA'!$N:$N,BOQ!AZ$6,'[20]WorkDone DATA'!$G:$G,BOQ!$B237)*$G237","v":{"$error":"#VALUE!"}},{"$f":"SUMIFS('[20]WorkDone DATA'!$L:$L,'[20]WorkDone DATA'!$N:$N,BOQ!BA$6,'[20]WorkDone DATA'!$G:$G,BOQ!$B237)*$G237","v":{"$error":"#VALUE!"}},{"$f":"SUMIFS('[20]WorkDone DATA'!$L:$L,'[20]WorkDone DATA'!$N:$N,BOQ!BB$6,'[20]WorkDone DATA'!$G:$G,BOQ!$B237)*$G237","v":{"$error":"#VALUE!"}},{"$f":"SUMIFS('[20]WorkDone DATA'!$L:$L,'[20]WorkDone DATA'!$N:$N,BOQ!BC$6,'[20]WorkDone DATA'!$G:$G,BOQ!$B237)*$G237","v":{"$error":"#VALUE!"}},{"$f":"SUMIFS('[20]WorkDone DATA'!$L:$L,'[20]WorkDone DATA'!$N:$N,BOQ!BD$6,'[20]WorkDone DATA'!$G:$G,BOQ!$B237)*$G237","v":{"$error":"#VALUE!"}},{"$f":"SUMIFS('[20]WorkDone DATA'!$L:$L,'[20]WorkDone DATA'!$N:$N,BOQ!BE$6,'[20]WorkDone DATA'!$G:$G,BOQ!$B237)*$G237","v":{"$error":"#VALUE!"}},{"$f":"SUMIFS('[20]WorkDone DATA'!$L:$L,'[20]WorkDone DATA'!$N:$N,BOQ!BF$6,'[20]WorkDone DATA'!$G:$G,BOQ!$B237)*$G237","v":{"$error":"#VALUE!"}},{"$f":"SUMIFS('[20]WorkDone DATA'!$L:$L,'[20]WorkDone DATA'!$N:$N,BOQ!BG$6,'[20]WorkDone DATA'!$G:$G,BOQ!$B237)*$G237","v":{"$error":"#VALUE!"}},{"$f":"SUMIFS('[20]WorkDone DATA'!$L:$L,'[20]WorkDone DATA'!$N:$N,BOQ!BH$6,'[20]WorkDone DATA'!$G:$G,BOQ!$B237)*$G237","v":{"$error":"#VALUE!"}},{"$f":"SUMIFS('[20]WorkDone DATA'!$L:$L,'[20]WorkDone DATA'!$N:$N,BOQ!BI$6,'[20]WorkDone DATA'!$G:$G,BOQ!$B237)*$G237","v":{"$error":"#VALUE!"}},{"$f":"SUMIFS('[20]WorkDone DATA'!$L:$L,'[20]WorkDone DATA'!$N:$N,BOQ!BJ$6,'[20]WorkDone DATA'!$G:$G,BOQ!$B237)*$G237","v":{"$error":"#VALUE!"}},{"$f":"SUMIFS('[20]WorkDone DATA'!$L:$L,'[20]WorkDone DATA'!$N:$N,BOQ!BK$6,'[20]WorkDone DATA'!$G:$G,BOQ!$B237)*$G237","v":{"$error":"#VALUE!"}},{"$f":"SUMIFS('[20]WorkDone DATA'!$L:$L,'[20]WorkDone DATA'!$N:$N,BOQ!BL$6,'[20]WorkDone DATA'!$G:$G,BOQ!$B237)*$G237","v":{"$error":"#VALUE!"}},{"$f":"SUMIFS('[20]WorkDone DATA'!$L:$L,'[20]WorkDone DATA'!$N:$N,BOQ!BM$6,'[20]WorkDone DATA'!$G:$G,BOQ!$B237)*$G237","v":{"$error":"#VALUE!"}},{"$f":"SUMIFS('[20]WorkDone DATA'!$L:$L,'[20]WorkDone DATA'!$N:$N,BOQ!BN$6,'[20]WorkDone DATA'!$G:$G,BOQ!$B237)*$G237","v":{"$error":"#VALUE!"}},{"$f":"SUMIFS('[20]WorkDone DATA'!$L:$L,'[20]WorkDone DATA'!$N:$N,BOQ!BO$6,'[20]WorkDone DATA'!$G:$G,BOQ!$B237)*$G237","v":{"$error":"#VALUE!"}},{"$f":"SUMIFS('[20]WorkDone DATA'!$L:$L,'[20]WorkDone DATA'!$N:$N,BOQ!BP$6,'[20]WorkDone DATA'!$G:$G,BOQ!$B237)*$G237","v":{"$error":"#VALUE!"}},{"$f":"SUMIFS('[20]WorkDone DATA'!$L:$L,'[20]WorkDone DATA'!$N:$N,BOQ!BQ$6,'[20]WorkDone DATA'!$G:$G,BOQ!$B237)*$G237","v":{"$error":"#VALUE!"}},{"$f":"SUMIFS('[20]WorkDone DATA'!$L:$L,'[20]WorkDone DATA'!$N:$N,BOQ!BR$6,'[20]WorkDone DATA'!$G:$G,BOQ!$B237)*$G237","v":{"$error":"#VALUE!"}},{"$f":"SUMIFS('[20]WorkDone DATA'!$L:$L,'[20]WorkDone DATA'!$N:$N,BOQ!BS$6,'[20]WorkDone DATA'!$G:$G,BOQ!$B237)*$G237","v":{"$error":"#VALUE!"}},{"$f":"SUMIFS('[20]WorkDone DATA'!$L:$L,'[20]WorkDone DATA'!$N:$N,BOQ!BT$6,'[20]WorkDone DATA'!$G:$G,BOQ!$B237)*$G237","v":{"$error":"#VALUE!"}},{"$f":"SUMIFS('[20]WorkDone DATA'!$L:$L,'[20]WorkDone DATA'!$N:$N,BOQ!BU$6,'[20]WorkDone DATA'!$G:$G,BOQ!$B237)*$G237","v":{"$error":"#VALUE!"}},{"$f":"SUMIFS('[20]WorkDone DATA'!$L:$L,'[20]WorkDone DATA'!$N:$N,BOQ!BV$6,'[20]WorkDone DATA'!$G:$G,BOQ!$B237)*$G237","v":{"$error":"#VALUE!"}},{"$f":"SUMIFS('[20]WorkDone DATA'!$L:$L,'[20]WorkDone DATA'!$N:$N,BOQ!BW$6,'[20]WorkDone DATA'!$G:$G,BOQ!$B237)*$G237","v":{"$error":"#VALUE!"}},{"$f":"SUMIFS('[20]WorkDone DATA'!$L:$L,'[20]WorkDone DATA'!$N:$N,BOQ!BX$6,'[20]WorkDone DATA'!$G:$G,BOQ!$B237)*$G237","v":{"$error":"#VALUE!"}}]
[{"$f":"C237","v":"Single Uni-strut (45 x 45mm) Rack Support"},{"v":2.1189999999999998,"d":"2.119"},"Supply","C","m",1800,131.66,{"v":236988,"d":"236,988.00"},null,null,{"$error":"#VALUE!"},{"$error":"#VALUE!"},{"$error":"#VALUE!"},null,{"$error":"#VALUE!"},{"$error":"#VALUE!"},null,{"$f":"SUMIFS('[20]WorkDone DATA'!$L:$L,'[20]WorkDone DATA'!$N:$N,BOQ!S$6,'[20]WorkDone DATA'!$G:$G,BOQ!$B238)","v":{"$error":"#VALUE!"}},{"$error":"#VALUE!"},{"$f":"SUMIFS('[20]WorkDone DATA'!$L:$L,'[20]WorkDone DATA'!$N:$N,BOQ!U$6,'[20]WorkDone DATA'!$G:$G,BOQ!$B238)","v":{"$error":"#VALUE!"}},{"$error":"#VALUE!"},null,{"$f":"SUMIFS('[20]WorkDone DATA'!$L:$L,'[20]WorkDone DATA'!$N:$N,BOQ!W$6,'[20]WorkDone DATA'!$G:$G,BOQ!$B238)*$G238","v":{"$error":"#VALUE!"}},null,{"$f":"SUMIFS('[20]WorkDone DATA'!$L:$L,'[20]WorkDone DATA'!$N:$N,BOQ!Y$6,'[20]WorkDone DATA'!$G:$G,BOQ!$B238)*$G238","v":{"$error":"#VALUE!"}},null,{"$f":"SUMIFS('[20]WorkDone DATA'!$L:$L,'[20]WorkDone DATA'!$N:$N,BOQ!AA$6,'[20]WorkDone DATA'!$G:$G,BOQ!$B238)*$G238","v":{"$error":"#VALUE!"}},{"$f":"SUMIFS('[20]WorkDone DATA'!$L:$L,'[20]WorkDone DATA'!$N:$N,BOQ!AB$6,'[20]WorkDone DATA'!$G:$G,BOQ!$B238)*$G238","v":{"$error":"#VALUE!"}},{"$f":"SUMIFS('[20]WorkDone DATA'!$L:$L,'[20]WorkDone DATA'!$N:$N,BOQ!AC$6,'[20]WorkDone DATA'!$G:$G,BOQ!$B238)*$G238","v":{"$error":"#VALUE!"}},{"$f":"SUMIFS('[20]WorkDone DATA'!$L:$L,'[20]WorkDone DATA'!$N:$N,BOQ!AD$6,'[20]WorkDone DATA'!$G:$G,BOQ!$B238)*$G238","v":{"$error":"#VALUE!"}},{"$f":"SUMIFS('[20]WorkDone DATA'!$L:$L,'[20]WorkDone DATA'!$N:$N,BOQ!AE$6,'[20]WorkDone DATA'!$G:$G,BOQ!$B238)*$G238","v":{"$error":"#VALUE!"}},{"$f":"SUMIFS('[20]WorkDone DATA'!$L:$L,'[20]WorkDone DATA'!$N:$N,BOQ!AF$6,'[20]WorkDone DATA'!$G:$G,BOQ!$B238)*$G238","v":{"$error":"#VALUE!"}},{"$f":"SUMIFS('[20]WorkDone DATA'!$L:$L,'[20]WorkDone DATA'!$N:$N,BOQ!AG$6,'[20]WorkDone DATA'!$G:$G,BOQ!$B238)*$G238","v":{"$error":"#VALUE!"}},{"$f":"SUMIFS('[20]WorkDone DATA'!$L:$L,'[20]WorkDone DATA'!$N:$N,BOQ!AH$6,'[20]WorkDone DATA'!$G:$G,BOQ!$B238)*$G238","v":{"$error":"#VALUE!"}},{"$f":"SUMIFS('[20]WorkDone DATA'!$L:$L,'[20]WorkDone DATA'!$N:$N,BOQ!AI$6,'[20]WorkDone DATA'!$G:$G,BOQ!$B238)*$G238","v":{"$error":"#VALUE!"}},{"$f":"SUMIFS('[20]WorkDone DATA'!$L:$L,'[20]WorkDone DATA'!$N:$N,BOQ!AJ$6,'[20]WorkDone DATA'!$G:$G,BOQ!$B238)*$G238","v":{"$error":"#VALUE!"}},{"$f":"SUMIFS('[20]WorkDone DATA'!$L:$L,'[20]WorkDone DATA'!$N:$N,BOQ!AK$6,'[20]WorkDone DATA'!$G:$G,BOQ!$B238)*$G238","v":{"$error":"#VALUE!"}},{"$f":"SUMIFS('[20]WorkDone DATA'!$L:$L,'[20]WorkDone DATA'!$N:$N,BOQ!AL$6,'[20]WorkDone DATA'!$G:$G,BOQ!$B238)*$G238","v":{"$error":"#VALUE!"}},{"$f":"SUMIFS('[20]WorkDone DATA'!$L:$L,'[20]WorkDone DATA'!$N:$N,BOQ!AM$6,'[20]WorkDone DATA'!$G:$G,BOQ!$B238)*$G238","v":{"$error":"#VALUE!"}},{"$f":"SUMIFS('[20]WorkDone DATA'!$L:$L,'[20]WorkDone DATA'!$N:$N,BOQ!AN$6,'[20]WorkDone DATA'!$G:$G,BOQ!$B238)*$G238","v":{"$error":"#VALUE!"}},{"$f":"SUMIFS('[20]WorkDone DATA'!$L:$L,'[20]WorkDone DATA'!$N:$N,BOQ!AO$6,'[20]WorkDone DATA'!$G:$G,BOQ!$B238)*$G238","v":{"$error":"#VALUE!"}},{"$f":"SUMIFS('[20]WorkDone DATA'!$L:$L,'[20]WorkDone DATA'!$N:$N,BOQ!AP$6,'[20]WorkDone DATA'!$G:$G,BOQ!$B238)*$G238","v":{"$error":"#VALUE!"}},{"$f":"SUMIFS('[20]WorkDone DATA'!$L:$L,'[20]WorkDone DATA'!$N:$N,BOQ!AQ$6,'[20]WorkDone DATA'!$G:$G,BOQ!$B238)*$G238","v":{"$error":"#VALUE!"}},{"$f":"SUMIFS('[20]WorkDone DATA'!$L:$L,'[20]WorkDone DATA'!$N:$N,BOQ!AR$6,'[20]WorkDone DATA'!$G:$G,BOQ!$B238)*$G238","v":{"$error":"#VALUE!"}},{"$f":"SUMIFS('[20]WorkDone DATA'!$L:$L,'[20]WorkDone DATA'!$N:$N,BOQ!AS$6,'[20]WorkDone DATA'!$G:$G,BOQ!$B238)*$G238","v":{"$error":"#VALUE!"}},{"$f":"SUMIFS('[20]WorkDone DATA'!$L:$L,'[20]WorkDone DATA'!$N:$N,BOQ!AT$6,'[20]WorkDone DATA'!$G:$G,BOQ!$B238)*$G238","v":{"$error":"#VALUE!"}},{"$f":"SUMIFS('[20]WorkDone DATA'!$L:$L,'[20]WorkDone DATA'!$N:$N,BOQ!AU$6,'[20]WorkDone DATA'!$G:$G,BOQ!$B238)*$G238","v":{"$error":"#VALUE!"}},{"$f":"SUMIFS('[20]WorkDone DATA'!$L:$L,'[20]WorkDone DATA'!$N:$N,BOQ!AV$6,'[20]WorkDone DATA'!$G:$G,BOQ!$B238)*$G238","v":{"$error":"#VALUE!"}},{"$f":"SUMIFS('[20]WorkDone DATA'!$L:$L,'[20]WorkDone DATA'!$N:$N,BOQ!AW$6,'[20]WorkDone DATA'!$G:$G,BOQ!$B238)*$G238","v":{"$error":"#VALUE!"}},{"$f":"SUMIFS('[20]WorkDone DATA'!$L:$L,'[20]WorkDone DATA'!$N:$N,BOQ!AX$6,'[20]WorkDone DATA'!$G:$G,BOQ!$B238)*$G238","v":{"$error":"#VALUE!"}},{"$f":"SUMIFS('[20]WorkDone DATA'!$L:$L,'[20]WorkDone DATA'!$N:$N,BOQ!AY$6,'[20]WorkDone DATA'!$G:$G,BOQ!$B238)*$G238","v":{"$error":"#VALUE!"}},{"$f":"SUMIFS('[20]WorkDone DATA'!$L:$L,'[20]WorkDone DATA'!$N:$N,BOQ!AZ$6,'[20]WorkDone DATA'!$G:$G,BOQ!$B238)*$G238","v":{"$error":"#VALUE!"}},{"$f":"SUMIFS('[20]WorkDone DATA'!$L:$L,'[20]WorkDone DATA'!$N:$N,BOQ!BA$6,'[20]WorkDone DATA'!$G:$G,BOQ!$B238)*$G238","v":{"$error":"#VALUE!"}},{"$f":"SUMIFS('[20]WorkDone DATA'!$L:$L,'[20]WorkDone DATA'!$N:$N,BOQ!BB$6,'[20]WorkDone DATA'!$G:$G,BOQ!$B238)*$G238","v":{"$error":"#VALUE!"}},{"$f":"SUMIFS('[20]WorkDone DATA'!$L:$L,'[20]WorkDone DATA'!$N:$N,BOQ!BC$6,'[20]WorkDone DATA'!$G:$G,BOQ!$B238)*$G238","v":{"$error":"#VALUE!"}},{"$f":"SUMIFS('[20]WorkDone DATA'!$L:$L,'[20]WorkDone DATA'!$N:$N,BOQ!BD$6,'[20]WorkDone DATA'!$G:$G,BOQ!$B238)*$G238","v":{"$error":"#VALUE!"}},{"$f":"SUMIFS('[20]WorkDone DATA'!$L:$L,'[20]WorkDone DATA'!$N:$N,BOQ!BE$6,'[20]WorkDone DATA'!$G:$G,BOQ!$B238)*$G238","v":{"$error":"#VALUE!"}},{"$f":"SUMIFS('[20]WorkDone DATA'!$L:$L,'[20]WorkDone DATA'!$N:$N,BOQ!BF$6,'[20]WorkDone DATA'!$G:$G,BOQ!$B238)*$G238","v":{"$error":"#VALUE!"}},{"$f":"SUMIFS('[20]WorkDone DATA'!$L:$L,'[20]WorkDone DATA'!$N:$N,BOQ!BG$6,'[20]WorkDone DATA'!$G:$G,BOQ!$B238)*$G238","v":{"$error":"#VALUE!"}},{"$f":"SUMIFS('[20]WorkDone DATA'!$L:$L,'[20]WorkDone DATA'!$N:$N,BOQ!BH$6,'[20]WorkDone DATA'!$G:$G,BOQ!$B238)*$G238","v":{"$error":"#VALUE!"}},{"$f":"SUMIFS('[20]WorkDone DATA'!$L:$L,'[20]WorkDone DATA'!$N:$N,BOQ!BI$6,'[20]WorkDone DATA'!$G:$G,BOQ!$B238)*$G238","v":{"$error":"#VALUE!"}},{"$f":"SUMIFS('[20]WorkDone DATA'!$L:$L,'[20]WorkDone DATA'!$N:$N,BOQ!BJ$6,'[20]WorkDone DATA'!$G:$G,BOQ!$B238)*$G238","v":{"$error":"#VALUE!"}},{"$f":"SUMIFS('[20]WorkDone DATA'!$L:$L,'[20]WorkDone DATA'!$N:$N,BOQ!BK$6,'[20]WorkDone DATA'!$G:$G,BOQ!$B238)*$G238","v":{"$error":"#VALUE!"}},{"$f":"SUMIFS('[20]WorkDone DATA'!$L:$L,'[20]WorkDone DATA'!$N:$N,BOQ!BL$6,'[20]WorkDone DATA'!$G:$G,BOQ!$B238)*$G238","v":{"$error":"#VALUE!"}},{"$f":"SUMIFS('[20]WorkDone DATA'!$L:$L,'[20]WorkDone DATA'!$N:$N,BOQ!BM$6,'[20]WorkDone DATA'!$G:$G,BOQ!$B238)*$G238","v":{"$error":"#VALUE!"}},{"$f":"SUMIFS('[20]WorkDone DATA'!$L:$L,'[20]WorkDone DATA'!$N:$N,BOQ!BN$6,'[20]WorkDone DATA'!$G:$G,BOQ!$B238)*$G238","v":{"$error":"#VALUE!"}},{"$f":"SUMIFS('[20]WorkDone DATA'!$L:$L,'[20]WorkDone DATA'!$N:$N,BOQ!BO$6,'[20]WorkDone DATA'!$G:$G,BOQ!$B238)*$G238","v":{"$error":"#VALUE!"}},{"$f":"SUMIFS('[20]WorkDone DATA'!$L:$L,'[20]WorkDone DATA'!$N:$N,BOQ!BP$6,'[20]WorkDone DATA'!$G:$G,BOQ!$B238)*$G238","v":{"$error":"#VALUE!"}},{"$f":"SUMIFS('[20]WorkDone DATA'!$L:$L,'[20]WorkDone DATA'!$N:$N,BOQ!BQ$6,'[20]WorkDone DATA'!$G:$G,BOQ!$B238)*$G238","v":{"$error":"#VALUE!"}},{"$f":"SUMIFS('[20]WorkDone DATA'!$L:$L,'[20]WorkDone DATA'!$N:$N,BOQ!BR$6,'[20]WorkDone DATA'!$G:$G,BOQ!$B238)*$G238","v":{"$error":"#VALUE!"}},{"$f":"SUMIFS('[20]WorkDone DATA'!$L:$L,'[20]WorkDone DATA'!$N:$N,BOQ!BS$6,'[20]WorkDone DATA'!$G:$G,BOQ!$B238)*$G238","v":{"$error":"#VALUE!"}},{"$f":"SUMIFS('[20]WorkDone DATA'!$L:$L,'[20]WorkDone DATA'!$N:$N,BOQ!BT$6,'[20]WorkDone DATA'!$G:$G,BOQ!$B238)*$G238","v":{"$error":"#VALUE!"}},{"$f":"SUMIFS('[20]WorkDone DATA'!$L:$L,'[20]WorkDone DATA'!$N:$N,BOQ!BU$6,'[20]WorkDone DATA'!$G:$G,BOQ!$B238)*$G238","v":{"$error":"#VALUE!"}},{"$f":"SUMIFS('[20]WorkDone DATA'!$L:$L,'[20]WorkDone DATA'!$N:$N,BOQ!BV$6,'[20]WorkDone DATA'!$G:$G,BOQ!$B238)*$G238","v":{"$error":"#VALUE!"}},{"$f":"SUMIFS('[20]WorkDone DATA'!$L:$L,'[20]WorkDone DATA'!$N:$N,BOQ!BW$6,'[20]WorkDone DATA'!$G:$G,BOQ!$B238)*$G238","v":{"$error":"#VALUE!"}},{"$f":"SUMIFS('[20]WorkDone DATA'!$L:$L,'[20]WorkDone DATA'!$N:$N,BOQ!BX$6,'[20]WorkDone DATA'!$G:$G,BOQ!$B238)*$G238","v":{"$error":"#VALUE!"}}]
[{"$f":"C237","v":"Single Uni-strut (45 x 45mm) Rack Support"},{"v":2.12,"d":"2.120"},"Installation","A","m",1800,220.41,{"v":396738,"d":"396,738.00"},null,null,{"$error":"#VALUE!"},{"$error":"#VALUE!"},{"$error":"#VALUE!"},null,{"$error":"#VALUE!"},{"$error":"#VALUE!"},null,{"$f":"SUMIFS('[20]WorkDone DATA'!$L:$L,'[20]WorkDone DATA'!$N:$N,BOQ!S$6,'[20]WorkDone DATA'!$G:$G,BOQ!$B239)","v":{"$error":"#VALUE!"}},{"$error":"#VALUE!"},{"$f":"SUMIFS('[20]WorkDone DATA'!$L:$L,'[20]WorkDone DATA'!$N:$N,BOQ!U$6,'[20]WorkDone DATA'!$G:$G,BOQ!$B239)","v":{"$error":"#VALUE!"}},{"$error":"#VALUE!"},null,{"$f":"SUMIFS('[20]WorkDone DATA'!$L:$L,'[20]WorkDone DATA'!$N:$N,BOQ!W$6,'[20]WorkDone DATA'!$G:$G,BOQ!$B239)*$G239","v":{"$error":"#VALUE!"}},null,{"$f":"SUMIFS('[20]WorkDone DATA'!$L:$L,'[20]WorkDone DATA'!$N:$N,BOQ!Y$6,'[20]WorkDone DATA'!$G:$G,BOQ!$B239)*$G239","v":{"$error":"#VALUE!"}},null,{"$f":"SUMIFS('[20]WorkDone DATA'!$L:$L,'[20]WorkDone DATA'!$N:$N,BOQ!AA$6,'[20]WorkDone DATA'!$G:$G,BOQ!$B239)*$G239","v":{"$error":"#VALUE!"}},{"$f":"SUMIFS('[20]WorkDone DATA'!$L:$L,'[20]WorkDone DATA'!$N:$N,BOQ!AB$6,'[20]WorkDone DATA'!$G:$G,BOQ!$B239)*$G239","v":{"$error":"#VALUE!"}},{"$f":"SUMIFS('[20]WorkDone DATA'!$L:$L,'[20]WorkDone DATA'!$N:$N,BOQ!AC$6,'[20]WorkDone DATA'!$G:$G,BOQ!$B239)*$G239","v":{"$error":"#VALUE!"}},{"$f":"SUMIFS('[20]WorkDone DATA'!$L:$L,'[20]WorkDone DATA'!$N:$N,BOQ!AD$6,'[20]WorkDone DATA'!$G:$G,BOQ!$B239)*$G239","v":{"$error":"#VALUE!"}},{"$f":"SUMIFS('[20]WorkDone DATA'!$L:$L,'[20]WorkDone DATA'!$N:$N,BOQ!AE$6,'[20]WorkDone DATA'!$G:$G,BOQ!$B239)*$G239","v":{"$error":"#VALUE!"}},{"$f":"SUMIFS('[20]WorkDone DATA'!$L:$L,'[20]WorkDone DATA'!$N:$N,BOQ!AF$6,'[20]WorkDone DATA'!$G:$G,BOQ!$B239)*$G239","v":{"$error":"#VALUE!"}},{"$f":"SUMIFS('[20]WorkDone DATA'!$L:$L,'[20]WorkDone DATA'!$N:$N,BOQ!AG$6,'[20]WorkDone DATA'!$G:$G,BOQ!$B239)*$G239","v":{"$error":"#VALUE!"}},{"$f":"SUMIFS('[20]WorkDone DATA'!$L:$L,'[20]WorkDone DATA'!$N:$N,BOQ!AH$6,'[20]WorkDone DATA'!$G:$G,BOQ!$B239)*$G239","v":{"$error":"#VALUE!"}},{"$f":"SUMIFS('[20]WorkDone DATA'!$L:$L,'[20]WorkDone DATA'!$N:$N,BOQ!AI$6,'[20]WorkDone DATA'!$G:$G,BOQ!$B239)*$G239","v":{"$error":"#VALUE!"}},{"$f":"SUMIFS('[20]WorkDone DATA'!$L:$L,'[20]WorkDone DATA'!$N:$N,BOQ!AJ$6,'[20]WorkDone DATA'!$G:$G,BOQ!$B239)*$G239","v":{"$error":"#VALUE!"}},{"$f":"SUMIFS('[20]WorkDone DATA'!$L:$L,'[20]WorkDone DATA'!$N:$N,BOQ!AK$6,'[20]WorkDone DATA'!$G:$G,BOQ!$B239)*$G239","v":{"$error":"#VALUE!"}},{"$f":"SUMIFS('[20]WorkDone DATA'!$L:$L,'[20]WorkDone DATA'!$N:$N,BOQ!AL$6,'[20]WorkDone DATA'!$G:$G,BOQ!$B239)*$G239","v":{"$error":"#VALUE!"}},{"$f":"SUMIFS('[20]WorkDone DATA'!$L:$L,'[20]WorkDone DATA'!$N:$N,BOQ!AM$6,'[20]WorkDone DATA'!$G:$G,BOQ!$B239)*$G239","v":{"$error":"#VALUE!"}},{"$f":"SUMIFS('[20]WorkDone DATA'!$L:$L,'[20]WorkDone DATA'!$N:$N,BOQ!AN$6,'[20]WorkDone DATA'!$G:$G,BOQ!$B239)*$G239","v":{"$error":"#VALUE!"}},{"$f":"SUMIFS('[20]WorkDone DATA'!$L:$L,'[20]WorkDone DATA'!$N:$N,BOQ!AO$6,'[20]WorkDone DATA'!$G:$G,BOQ!$B239)*$G239","v":{"$error":"#VALUE!"}},{"$f":"SUMIFS('[20]WorkDone DATA'!$L:$L,'[20]WorkDone DATA'!$N:$N,BOQ!AP$6,'[20]WorkDone DATA'!$G:$G,BOQ!$B239)*$G239","v":{"$error":"#VALUE!"}},{"$f":"SUMIFS('[20]WorkDone DATA'!$L:$L,'[20]WorkDone DATA'!$N:$N,BOQ!AQ$6,'[20]WorkDone DATA'!$G:$G,BOQ!$B239)*$G239","v":{"$error":"#VALUE!"}},{"$f":"SUMIFS('[20]WorkDone DATA'!$L:$L,'[20]WorkDone DATA'!$N:$N,BOQ!AR$6,'[20]WorkDone DATA'!$G:$G,BOQ!$B239)*$G239","v":{"$error":"#VALUE!"}},{"$f":"SUMIFS('[20]WorkDone DATA'!$L:$L,'[20]WorkDone DATA'!$N:$N,BOQ!AS$6,'[20]WorkDone DATA'!$G:$G,BOQ!$B239)*$G239","v":{"$error":"#VALUE!"}},{"$f":"SUMIFS('[20]WorkDone DATA'!$L:$L,'[20]WorkDone DATA'!$N:$N,BOQ!AT$6,'[20]WorkDone DATA'!$G:$G,BOQ!$B239)*$G239","v":{"$error":"#VALUE!"}},{"$f":"SUMIFS('[20]WorkDone DATA'!$L:$L,'[20]WorkDone DATA'!$N:$N,BOQ!AU$6,'[20]WorkDone DATA'!$G:$G,BOQ!$B239)*$G239","v":{"$error":"#VALUE!"}},{"$f":"SUMIFS('[20]WorkDone DATA'!$L:$L,'[20]WorkDone DATA'!$N:$N,BOQ!AV$6,'[20]WorkDone DATA'!$G:$G,BOQ!$B239)*$G239","v":{"$error":"#VALUE!"}},{"$f":"SUMIFS('[20]WorkDone DATA'!$L:$L,'[20]WorkDone DATA'!$N:$N,BOQ!AW$6,'[20]WorkDone DATA'!$G:$G,BOQ!$B239)*$G239","v":{"$error":"#VALUE!"}},{"$f":"SUMIFS('[20]WorkDone DATA'!$L:$L,'[20]WorkDone DATA'!$N:$N,BOQ!AX$6,'[20]WorkDone DATA'!$G:$G,BOQ!$B239)*$G239","v":{"$error":"#VALUE!"}},{"$f":"SUMIFS('[20]WorkDone DATA'!$L:$L,'[20]WorkDone DATA'!$N:$N,BOQ!AY$6,'[20]WorkDone DATA'!$G:$G,BOQ!$B239)*$G239","v":{"$error":"#VALUE!"}},{"$f":"SUMIFS('[20]WorkDone DATA'!$L:$L,'[20]WorkDone DATA'!$N:$N,BOQ!AZ$6,'[20]WorkDone DATA'!$G:$G,BOQ!$B239)*$G239","v":{"$error":"#VALUE!"}},{"$f":"SUMIFS('[20]WorkDone DATA'!$L:$L,'[20]WorkDone DATA'!$N:$N,BOQ!BA$6,'[20]WorkDone DATA'!$G:$G,BOQ!$B239)*$G239","v":{"$error":"#VALUE!"}},{"$f":"SUMIFS('[20]WorkDone DATA'!$L:$L,'[20]WorkDone DATA'!$N:$N,BOQ!BB$6,'[20]WorkDone DATA'!$G:$G,BOQ!$B239)*$G239","v":{"$error":"#VALUE!"}},{"$f":"SUMIFS('[20]WorkDone DATA'!$L:$L,'[20]WorkDone DATA'!$N:$N,BOQ!BC$6,'[20]WorkDone DATA'!$G:$G,BOQ!$B239)*$G239","v":{"$error":"#VALUE!"}},{"$f":"SUMIFS('[20]WorkDone DATA'!$L:$L,'[20]WorkDone DATA'!$N:$N,BOQ!BD$6,'[20]WorkDone DATA'!$G:$G,BOQ!$B239)*$G239","v":{"$error":"#VALUE!"}},{"$f":"SUMIFS('[20]WorkDone DATA'!$L:$L,'[20]WorkDone DATA'!$N:$N,BOQ!BE$6,'[20]WorkDone DATA'!$G:$G,BOQ!$B239)*$G239","v":{"$error":"#VALUE!"}},{"$f":"SUMIFS('[20]WorkDone DATA'!$L:$L,'[20]WorkDone DATA'!$N:$N,BOQ!BF$6,'[20]WorkDone DATA'!$G:$G,BOQ!$B239)*$G239","v":{"$error":"#VALUE!"}},{"$f":"SUMIFS('[20]WorkDone DATA'!$L:$L,'[20]WorkDone DATA'!$N:$N,BOQ!BG$6,'[20]WorkDone DATA'!$G:$G,BOQ!$B239)*$G239","v":{"$error":"#VALUE!"}},{"$f":"SUMIFS('[20]WorkDone DATA'!$L:$L,'[20]WorkDone DATA'!$N:$N,BOQ!BH$6,'[20]WorkDone DATA'!$G:$G,BOQ!$B239)*$G239","v":{"$error":"#VALUE!"}},{"$f":"SUMIFS('[20]WorkDone DATA'!$L:$L,'[20]WorkDone DATA'!$N:$N,BOQ!BI$6,'[20]WorkDone DATA'!$G:$G,BOQ!$B239)*$G239","v":{"$error":"#VALUE!"}},{"$f":"SUMIFS('[20]WorkDone DATA'!$L:$L,'[20]WorkDone DATA'!$N:$N,BOQ!BJ$6,'[20]WorkDone DATA'!$G:$G,BOQ!$B239)*$G239","v":{"$error":"#VALUE!"}},{"$f":"SUMIFS('[20]WorkDone DATA'!$L:$L,'[20]WorkDone DATA'!$N:$N,BOQ!BK$6,'[20]WorkDone DATA'!$G:$G,BOQ!$B239)*$G239","v":{"$error":"#VALUE!"}},{"$f":"SUMIFS('[20]WorkDone DATA'!$L:$L,'[20]WorkDone DATA'!$N:$N,BOQ!BL$6,'[20]WorkDone DATA'!$G:$G,BOQ!$B239)*$G239","v":{"$error":"#VALUE!"}},{"$f":"SUMIFS('[20]WorkDone DATA'!$L:$L,'[20]WorkDone DATA'!$N:$N,BOQ!BM$6,'[20]WorkDone DATA'!$G:$G,BOQ!$B239)*$G239","v":{"$error":"#VALUE!"}},{"$f":"SUMIFS('[20]WorkDone DATA'!$L:$L,'[20]WorkDone DATA'!$N:$N,BOQ!BN$6,'[20]WorkDone DATA'!$G:$G,BOQ!$B239)*$G239","v":{"$error":"#VALUE!"}},{"$f":"SUMIFS('[20]WorkDone DATA'!$L:$L,'[20]WorkDone DATA'!$N:$N,BOQ!BO$6,'[20]WorkDone DATA'!$G:$G,BOQ!$B239)*$G239","v":{"$error":"#VALUE!"}},{"$f":"SUMIFS('[20]WorkDone DATA'!$L:$L,'[20]WorkDone DATA'!$N:$N,BOQ!BP$6,'[20]WorkDone DATA'!$G:$G,BOQ!$B239)*$G239","v":{"$error":"#VALUE!"}},{"$f":"SUMIFS('[20]WorkDone DATA'!$L:$L,'[20]WorkDone DATA'!$N:$N,BOQ!BQ$6,'[20]WorkDone DATA'!$G:$G,BOQ!$B239)*$G239","v":{"$error":"#VALUE!"}},{"$f":"SUMIFS('[20]WorkDone DATA'!$L:$L,'[20]WorkDone DATA'!$N:$N,BOQ!BR$6,'[20]WorkDone DATA'!$G:$G,BOQ!$B239)*$G239","v":{"$error":"#VALUE!"}},{"$f":"SUMIFS('[20]WorkDone DATA'!$L:$L,'[20]WorkDone DATA'!$N:$N,BOQ!BS$6,'[20]WorkDone DATA'!$G:$G,BOQ!$B239)*$G239","v":{"$error":"#VALUE!"}},{"$f":"SUMIFS('[20]WorkDone DATA'!$L:$L,'[20]WorkDone DATA'!$N:$N,BOQ!BT$6,'[20]WorkDone DATA'!$G:$G,BOQ!$B239)*$G239","v":{"$error":"#VALUE!"}},{"$f":"SUMIFS('[20]WorkDone DATA'!$L:$L,'[20]WorkDone DATA'!$N:$N,BOQ!BU$6,'[20]WorkDone DATA'!$G:$G,BOQ!$B239)*$G239","v":{"$error":"#VALUE!"}},{"$f":"SUMIFS('[20]WorkDone DATA'!$L:$L,'[20]WorkDone DATA'!$N:$N,BOQ!BV$6,'[20]WorkDone DATA'!$G:$G,BOQ!$B239)*$G239","v":{"$error":"#VALUE!"}},{"$f":"SUMIFS('[20]WorkDone DATA'!$L:$L,'[20]WorkDone DATA'!$N:$N,BOQ!BW$6,'[20]WorkDone DATA'!$G:$G,BOQ!$B239)*$G239","v":{"$error":"#VALUE!"}},{"$f":"SUMIFS('[20]WorkDone DATA'!$L:$L,'[20]WorkDone DATA'!$N:$N,BOQ!BX$6,'[20]WorkDone DATA'!$G:$G,BOQ!$B239)*$G239","v":{"$error":"#VALUE!"}}]
[{"$nulls":7},0,{"$nulls":3},{"$error":"#VALUE!"},{"$error":"#VALUE!"},null,0,{"$error":"#VALUE!"},null,{"$f":"SUMIFS('[20]WorkDone DATA'!$L:$L,'[20]WorkDone DATA'!$N:$N,BOQ!S$6,'[20]WorkDone DATA'!$G:$G,BOQ!$B240)","v":{"$error":"#VALUE!"}},{"$error":"#VALUE!"},{"$f":"SUMIFS('[20]WorkDone DATA'!$L:$L,'[20]WorkDone DATA'!$N:$N,BOQ!U$6,'[20]WorkDone DATA'!$G:$G,BOQ!$B240)","v":{"$error":"#VALUE!"}},{"$error":"#VALUE!"},null,{"$f":"SUMIFS('[20]WorkDone DATA'!$L:$L,'[20]WorkDone DATA'!$N:$N,BOQ!W$6,'[20]WorkDone DATA'!$G:$G,BOQ!$B240)*$G240","v":{"$error":"#VALUE!"}},null,{"$f":"SUMIFS('[20]WorkDone DATA'!$L:$L,'[20]WorkDone DATA'!$N:$N,BOQ!Y$6,'[20]WorkDone DATA'!$G:$G,BOQ!$B240)*$G240","v":{"$error":"#VALUE!"}},null,{"$f":"SUMIFS('[20]WorkDone DATA'!$L:$L,'[20]WorkDone DATA'!$N:$N,BOQ!AA$6,'[20]WorkDone DATA'!$G:$G,BOQ!$B240)*$G240","v":{"$error":"#VALUE!"}},{"$f":"SUMIFS('[20]WorkDone DATA'!$L:$L,'[20]WorkDone DATA'!$N:$N,BOQ!AB$6,'[20]WorkDone DATA'!$G:$G,BOQ!$B240)*$G240","v":{"$error":"#VALUE!"}},{"$f":"SUMIFS('[20]WorkDone DATA'!$L:$L,'[20]WorkDone DATA'!$N:$N,BOQ!AC$6,'[20]WorkDone DATA'!$G:$G,BOQ!$B240)*$G240","v":{"$error":"#VALUE!"}},{"$f":"SUMIFS('[20]WorkDone DATA'!$L:$L,'[20]WorkDone DATA'!$N:$N,BOQ!AD$6,'[20]WorkDone DATA'!$G:$G,BOQ!$B240)*$G240","v":{"$error":"#VALUE!"}},{"$f":"SUMIFS('[20]WorkDone DATA'!$L:$L,'[20]WorkDone DATA'!$N:$N,BOQ!AE$6,'[20]WorkDone DATA'!$G:$G,BOQ!$B240)*$G240","v":{"$error":"#VALUE!"}},{"$f":"SUMIFS('[20]WorkDone DATA'!$L:$L,'[20]WorkDone DATA'!$N:$N,BOQ!AF$6,'[20]WorkDone DATA'!$G:$G,BOQ!$B240)*$G240","v":{"$error":"#VALUE!"}},{"$f":"SUMIFS('[20]WorkDone DATA'!$L:$L,'[20]WorkDone DATA'!$N:$N,BOQ!AG$6,'[20]WorkDone DATA'!$G:$G,BOQ!$B240)*$G240","v":{"$error":"#VALUE!"}},{"$f":"SUMIFS('[20]WorkDone DATA'!$L:$L,'[20]WorkDone DATA'!$N:$N,BOQ!AH$6,'[20]WorkDone DATA'!$G:$G,BOQ!$B240)*$G240","v":{"$error":"#VALUE!"}},{"$f":"SUMIFS('[20]WorkDone DATA'!$L:$L,'[20]WorkDone DATA'!$N:$N,BOQ!AI$6,'[20]WorkDone DATA'!$G:$G,BOQ!$B240)*$G240","v":{"$error":"#VALUE!"}},{"$f":"SUMIFS('[20]WorkDone DATA'!$L:$L,'[20]WorkDone DATA'!$N:$N,BOQ!AJ$6,'[20]WorkDone DATA'!$G:$G,BOQ!$B240)*$G240","v":{"$error":"#VALUE!"}},{"$f":"SUMIFS('[20]WorkDone DATA'!$L:$L,'[20]WorkDone DATA'!$N:$N,BOQ!AK$6,'[20]WorkDone DATA'!$G:$G,BOQ!$B240)*$G240","v":{"$error":"#VALUE!"}},{"$f":"SUMIFS('[20]WorkDone DATA'!$L:$L,'[20]WorkDone DATA'!$N:$N,BOQ!AL$6,'[20]WorkDone DATA'!$G:$G,BOQ!$B240)*$G240","v":{"$error":"#VALUE!"}},{"$f":"SUMIFS('[20]WorkDone DATA'!$L:$L,'[20]WorkDone DATA'!$N:$N,BOQ!AM$6,'[20]WorkDone DATA'!$G:$G,BOQ!$B240)*$G240","v":{"$error":"#VALUE!"}},{"$f":"SUMIFS('[20]WorkDone DATA'!$L:$L,'[20]WorkDone DATA'!$N:$N,BOQ!AN$6,'[20]WorkDone DATA'!$G:$G,BOQ!$B240)*$G240","v":{"$error":"#VALUE!"}},{"$f":"SUMIFS('[20]WorkDone DATA'!$L:$L,'[20]WorkDone DATA'!$N:$N,BOQ!AO$6,'[20]WorkDone DATA'!$G:$G,BOQ!$B240)*$G240","v":{"$error":"#VALUE!"}},{"$f":"SUMIFS('[20]WorkDone DATA'!$L:$L,'[20]WorkDone DATA'!$N:$N,BOQ!AP$6,'[20]WorkDone DATA'!$G:$G,BOQ!$B240)*$G240","v":{"$error":"#VALUE!"}},{"$f":"SUMIFS('[20]WorkDone DATA'!$L:$L,'[20]WorkDone DATA'!$N:$N,BOQ!AQ$6,'[20]WorkDone DATA'!$G:$G,BOQ!$B240)*$G240","v":{"$error":"#VALUE!"}},{"$f":"SUMIFS('[20]WorkDone DATA'!$L:$L,'[20]WorkDone DATA'!$N:$N,BOQ!AR$6,'[20]WorkDone DATA'!$G:$G,BOQ!$B240)*$G240","v":{"$error":"#VALUE!"}},{"$f":"SUMIFS('[20]WorkDone DATA'!$L:$L,'[20]WorkDone DATA'!$N:$N,BOQ!AS$6,'[20]WorkDone DATA'!$G:$G,BOQ!$B240)*$G240","v":{"$error":"#VALUE!"}},{"$f":"SUMIFS('[20]WorkDone DATA'!$L:$L,'[20]WorkDone DATA'!$N:$N,BOQ!AT$6,'[20]WorkDone DATA'!$G:$G,BOQ!$B240)*$G240","v":{"$error":"#VALUE!"}},{"$f":"SUMIFS('[20]WorkDone DATA'!$L:$L,'[20]WorkDone DATA'!$N:$N,BOQ!AU$6,'[20]WorkDone DATA'!$G:$G,BOQ!$B240)*$G240","v":{"$error":"#VALUE!"}},{"$f":"SUMIFS('[20]WorkDone DATA'!$L:$L,'[20]WorkDone DATA'!$N:$N,BOQ!AV$6,'[20]WorkDone DATA'!$G:$G,BOQ!$B240)*$G240","v":{"$error":"#VALUE!"}},{"$f":"SUMIFS('[20]WorkDone DATA'!$L:$L,'[20]WorkDone DATA'!$N:$N,BOQ!AW$6,'[20]WorkDone DATA'!$G:$G,BOQ!$B240)*$G240","v":{"$error":"#VALUE!"}},{"$f":"SUMIFS('[20]WorkDone DATA'!$L:$L,'[20]WorkDone DATA'!$N:$N,BOQ!AX$6,'[20]WorkDone DATA'!$G:$G,BOQ!$B240)*$G240","v":{"$error":"#VALUE!"}},{"$f":"SUMIFS('[20]WorkDone DATA'!$L:$L,'[20]WorkDone DATA'!$N:$N,BOQ!AY$6,'[20]WorkDone DATA'!$G:$G,BOQ!$B240)*$G240","v":{"$error":"#VALUE!"}},{"$f":"SUMIFS('[20]WorkDone DATA'!$L:$L,'[20]WorkDone DATA'!$N:$N,BOQ!AZ$6,'[20]WorkDone DATA'!$G:$G,BOQ!$B240)*$G240","v":{"$error":"#VALUE!"}},{"$f":"SUMIFS('[20]WorkDone DATA'!$L:$L,'[20]WorkDone DATA'!$N:$N,BOQ!BA$6,'[20]WorkDone DATA'!$G:$G,BOQ!$B240)*$G240","v":{"$error":"#VALUE!"}},{"$f":"SUMIFS('[20]WorkDone DATA'!$L:$L,'[20]WorkDone DATA'!$N:$N,BOQ!BB$6,'[20]WorkDone DATA'!$G:$G,BOQ!$B240)*$G240","v":{"$error":"#VALUE!"}},{"$f":"SUMIFS('[20]WorkDone DATA'!$L:$L,'[20]WorkDone DATA'!$N:$N,BOQ!BC$6,'[20]WorkDone DATA'!$G:$G,BOQ!$B240)*$G240","v":{"$error":"#VALUE!"}},{"$f":"SUMIFS('[20]WorkDone DATA'!$L:$L,'[20]WorkDone DATA'!$N:$N,BOQ!BD$6,'[20]WorkDone DATA'!$G:$G,BOQ!$B240)*$G240","v":{"$error":"#VALUE!"}},{"$f":"SUMIFS('[20]WorkDone DATA'!$L:$L,'[20]WorkDone DATA'!$N:$N,BOQ!BE$6,'[20]WorkDone DATA'!$G:$G,BOQ!$B240)*$G240","v":{"$error":"#VALUE!"}},{"$f":"SUMIFS('[20]WorkDone DATA'!$L:$L,'[20]WorkDone DATA'!$N:$N,BOQ!BF$6,'[20]WorkDone DATA'!$G:$G,BOQ!$B240)*$G240","v":{"$error":"#VALUE!"}},{"$f":"SUMIFS('[20]WorkDone DATA'!$L:$L,'[20]WorkDone DATA'!$N:$N,BOQ!BG$6,'[20]WorkDone DATA'!$G:$G,BOQ!$B240)*$G240","v":{"$error":"#VALUE!"}},{"$f":"SUMIFS('[20]WorkDone DATA'!$L:$L,'[20]WorkDone DATA'!$N:$N,BOQ!BH$6,'[20]WorkDone DATA'!$G:$G,BOQ!$B240)*$G240","v":{"$error":"#VALUE!"}},{"$f":"SUMIFS('[20]WorkDone DATA'!$L:$L,'[20]WorkDone DATA'!$N:$N,BOQ!BI$6,'[20]WorkDone DATA'!$G:$G,BOQ!$B240)*$G240","v":{"$error":"#VALUE!"}},{"$f":"SUMIFS('[20]WorkDone DATA'!$L:$L,'[20]WorkDone DATA'!$N:$N,BOQ!BJ$6,'[20]WorkDone DATA'!$G:$G,BOQ!$B240)*$G240","v":{"$error":"#VALUE!"}},{"$f":"SUMIFS('[20]WorkDone DATA'!$L:$L,'[20]WorkDone DATA'!$N:$N,BOQ!BK$6,'[20]WorkDone DATA'!$G:$G,BOQ!$B240)*$G240","v":{"$error":"#VALUE!"}},{"$f":"SUMIFS('[20]WorkDone DATA'!$L:$L,'[20]WorkDone DATA'!$N:$N,BOQ!BL$6,'[20]WorkDone DATA'!$G:$G,BOQ!$B240)*$G240","v":{"$error":"#VALUE!"}},{"$f":"SUMIFS('[20]WorkDone DATA'!$L:$L,'[20]WorkDone DATA'!$N:$N,BOQ!BM$6,'[20]WorkDone DATA'!$G:$G,BOQ!$B240)*$G240","v":{"$error":"#VALUE!"}},{"$f":"SUMIFS('[20]WorkDone DATA'!$L:$L,'[20]WorkDone DATA'!$N:$N,BOQ!BN$6,'[20]WorkDone DATA'!$G:$G,BOQ!$B240)*$G240","v":{"$error":"#VALUE!"}},{"$f":"SUMIFS('[20]WorkDone DATA'!$L:$L,'[20]WorkDone DATA'!$N:$N,BOQ!BO$6,'[20]WorkDone DATA'!$G:$G,BOQ!$B240)*$G240","v":{"$error":"#VALUE!"}},{"$f":"SUMIFS('[20]WorkDone DATA'!$L:$L,'[20]WorkDone DATA'!$N:$N,BOQ!BP$6,'[20]WorkDone DATA'!$G:$G,BOQ!$B240)*$G240","v":{"$error":"#VALUE!"}},{"$f":"SUMIFS('[20]WorkDone DATA'!$L:$L,'[20]WorkDone DATA'!$N:$N,BOQ!BQ$6,'[20]WorkDone DATA'!$G:$G,BOQ!$B240)*$G240","v":{"$error":"#VALUE!"}},{"$f":"SUMIFS('[20]WorkDone DATA'!$L:$L,'[20]WorkDone DATA'!$N:$N,BOQ!BR$6,'[20]WorkDone DATA'!$G:$G,BOQ!$B240)*$G240","v":{"$error":"#VALUE!"}},{"$f":"SUMIFS('[20]WorkDone DATA'!$L:$L,'[20]WorkDone DATA'!$N:$N,BOQ!BS$6,'[20]WorkDone DATA'!$G:$G,BOQ!$B240)*$G240","v":{"$error":"#VALUE!"}},{"$f":"SUMIFS('[20]WorkDone DATA'!$L:$L,'[20]WorkDone DATA'!$N:$N,BOQ!BT$6,'[20]WorkDone DATA'!$G:$G,BOQ!$B240)*$G240","v":{"$error":"#VALUE!"}},{"$f":"SUMIFS('[20]WorkDone DATA'!$L:$L,'[20]WorkDone DATA'!$N:$N,BOQ!BU$6,'[20]WorkDone DATA'!$G:$G,BOQ!$B240)*$G240","v":{"$error":"#VALUE!"}},{"$f":"SUMIFS('[20]WorkDone DATA'!$L:$L,'[20]WorkDone DATA'!$N:$N,BOQ!BV$6,'[20]WorkDone DATA'!$G:$G,BOQ!$B240)*$G240","v":{"$error":"#VALUE!"}},{"$f":"SUMIFS('[20]WorkDone DATA'!$L:$L,'[20]WorkDone DATA'!$N:$N,BOQ!BW$6,'[20]WorkDone DATA'!$G:$G,BOQ!$B240)*$G240","v":{"$error":"#VALUE!"}},{"$f":"SUMIFS('[20]WorkDone DATA'!$L:$L,'[20]WorkDone DATA'!$N:$N,BOQ!BX$6,'[20]WorkDone DATA'!$G:$G,BOQ!$B240)*$G240","v":{"$error":"#VALUE!"}}]
[null,null,"CABLE TRAY AND ACCESSORIES",{"$nulls":4},0,{"$nulls":3},{"$error":"#VALUE!"},{"$error":"#VALUE!"},null,0,{"$error":"#VALUE!"},null,{"$f":"SUMIFS('[20]WorkDone DATA'!$L:$L,'[20]WorkDone DATA'!$N:$N,BOQ!S$6,'[20]WorkDone DATA'!$G:$G,BOQ!$B241)","v":{"$error":"#VALUE!"}},{"$error":"#VALUE!"},{"$f":"SUMIFS('[20]WorkDone DATA'!$L:$L,'[20]WorkDone DATA'!$N:$N,BOQ!U$6,'[20]WorkDone DATA'!$G:$G,BOQ!$B241)","v":{"$error":"#VALUE!"}},{"$error":"#VALUE!"},null,{"$f":"SUMIFS('[20]WorkDone DATA'!$L:$L,'[20]WorkDone DATA'!$N:$N,BOQ!W$6,'[20]WorkDone DATA'!$G:$G,BOQ!$B241)*$G241","v":{"$error":"#VALUE!"}},null,{"$f":"SUMIFS('[20]WorkDone DATA'!$L:$L,'[20]WorkDone DATA'!$N:$N,BOQ!Y$6,'[20]WorkDone DATA'!$G:$G,BOQ!$B241)*$G241","v":{"$error":"#VALUE!"}},null,{"$f":"SUMIFS('[20]WorkDone DATA'!$L:$L,'[20]WorkDone DATA'!$N:$N,BOQ!AA$6,'[20]WorkDone DATA'!$G:$G,BOQ!$B241)*$G241","v":{"$error":"#VALUE!"}},{"$f":"SUMIFS('[20]WorkDone DATA'!$L:$L,'[20]WorkDone DATA'!$N:$N,BOQ!AB$6,'[20]WorkDone DATA'!$G:$G,BOQ!$B241)*$G241","v":{"$error":"#VALUE!"}},{"$f":"SUMIFS('[20]WorkDone DATA'!$L:$L,'[20]WorkDone DATA'!$N:$N,BOQ!AC$6,'[20]WorkDone DATA'!$G:$G,BOQ!$B241)*$G241","v":{"$error":"#VALUE!"}},{"$f":"SUMIFS('[20]WorkDone DATA'!$L:$L,'[20]WorkDone DATA'!$N:$N,BOQ!AD$6,'[20]WorkDone DATA'!$G:$G,BOQ!$B241)*$G241","v":{"$error":"#VALUE!"}},{"$f":"SUMIFS('[20]WorkDone DATA'!$L:$L,'[20]WorkDone DATA'!$N:$N,BOQ!AE$6,'[20]WorkDone DATA'!$G:$G,BOQ!$B241)*$G241","v":{"$error":"#VALUE!"}},{"$f":"SUMIFS('[20]WorkDone DATA'!$L:$L,'[20]WorkDone DATA'!$N:$N,BOQ!AF$6,'[20]WorkDone DATA'!$G:$G,BOQ!$B241)*$G241","v":{"$error":"#VALUE!"}},{"$f":"SUMIFS('[20]WorkDone DATA'!$L:$L,'[20]WorkDone DATA'!$N:$N,BOQ!AG$6,'[20]WorkDone DATA'!$G:$G,BOQ!$B241)*$G241","v":{"$error":"#VALUE!"}},{"$f":"SUMIFS('[20]WorkDone DATA'!$L:$L,'[20]WorkDone DATA'!$N:$N,BOQ!AH$6,'[20]WorkDone DATA'!$G:$G,BOQ!$B241)*$G241","v":{"$error":"#VALUE!"}},{"$f":"SUMIFS('[20]WorkDone DATA'!$L:$L,'[20]WorkDone DATA'!$N:$N,BOQ!AI$6,'[20]WorkDone DATA'!$G:$G,BOQ!$B241)*$G241","v":{"$error":"#VALUE!"}},{"$f":"SUMIFS('[20]WorkDone DATA'!$L:$L,'[20]WorkDone DATA'!$N:$N,BOQ!AJ$6,'[20]WorkDone DATA'!$G:$G,BOQ!$B241)*$G241","v":{"$error":"#VALUE!"}},{"$f":"SUMIFS('[20]WorkDone DATA'!$L:$L,'[20]WorkDone DATA'!$N:$N,BOQ!AK$6,'[20]WorkDone DATA'!$G:$G,BOQ!$B241)*$G241","v":{"$error":"#VALUE!"}},{"$f":"SUMIFS('[20]WorkDone DATA'!$L:$L,'[20]WorkDone DATA'!$N:$N,BOQ!AL$6,'[20]WorkDone DATA'!$G:$G,BOQ!$B241)*$G241","v":{"$error":"#VALUE!"}},{"$f":"SUMIFS('[20]WorkDone DATA'!$L:$L,'[20]WorkDone DATA'!$N:$N,BOQ!AM$6,'[20]WorkDone DATA'!$G:$G,BOQ!$B241)*$G241","v":{"$error":"#VALUE!"}},{"$f":"SUMIFS('[20]WorkDone DATA'!$L:$L,'[20]WorkDone DATA'!$N:$N,BOQ!AN$6,'[20]WorkDone DATA'!$G:$G,BOQ!$B241)*$G241","v":{"$error":"#VALUE!"}},{"$f":"SUMIFS('[20]WorkDone DATA'!$L:$L,'[20]WorkDone DATA'!$N:$N,BOQ!AO$6,'[20]WorkDone DATA'!$G:$G,BOQ!$B241)*$G241","v":{"$error":"#VALUE!"}},{"$f":"SUMIFS('[20]WorkDone DATA'!$L:$L,'[20]WorkDone DATA'!$N:$N,BOQ!AP$6,'[20]WorkDone DATA'!$G:$G,BOQ!$B241)*$G241","v":{"$error":"#VALUE!"}},{"$f":"SUMIFS('[20]WorkDone DATA'!$L:$L,'[20]WorkDone DATA'!$N:$N,BOQ!AQ$6,'[20]WorkDone DATA'!$G:$G,BOQ!$B241)*$G241","v":{"$error":"#VALUE!"}},{"$f":"SUMIFS('[20]WorkDone DATA'!$L:$L,'[20]WorkDone DATA'!$N:$N,BOQ!AR$6,'[20]WorkDone DATA'!$G:$G,BOQ!$B241)*$G241","v":{"$error":"#VALUE!"}},{"$f":"SUMIFS('[20]WorkDone DATA'!$L:$L,'[20]WorkDone DATA'!$N:$N,BOQ!AS$6,'[20]WorkDone DATA'!$G:$G,BOQ!$B241)*$G241","v":{"$error":"#VALUE!"}},{"$f":"SUMIFS('[20]WorkDone DATA'!$L:$L,'[20]WorkDone DATA'!$N:$N,BOQ!AT$6,'[20]WorkDone DATA'!$G:$G,BOQ!$B241)*$G241","v":{"$error":"#VALUE!"}},{"$f":"SUMIFS('[20]WorkDone DATA'!$L:$L,'[20]WorkDone DATA'!$N:$N,BOQ!AU$6,'[20]WorkDone DATA'!$G:$G,BOQ!$B241)*$G241","v":{"$error":"#VALUE!"}},{"$f":"SUMIFS('[20]WorkDone DATA'!$L:$L,'[20]WorkDone DATA'!$N:$N,BOQ!AV$6,'[20]WorkDone DATA'!$G:$G,BOQ!$B241)*$G241","v":{"$error":"#VALUE!"}},{"$f":"SUMIFS('[20]WorkDone DATA'!$L:$L,'[20]WorkDone DATA'!$N:$N,BOQ!AW$6,'[20]WorkDone DATA'!$G:$G,BOQ!$B241)*$G241","v":{"$error":"#VALUE!"}},{"$f":"SUMIFS('[20]WorkDone DATA'!$L:$L,'[20]WorkDone DATA'!$N:$N,BOQ!AX$6,'[20]WorkDone DATA'!$G:$G,BOQ!$B241)*$G241","v":{"$error":"#VALUE!"}},{"$f":"SUMIFS('[20]WorkDone DATA'!$L:$L,'[20]WorkDone DATA'!$N:$N,BOQ!AY$6,'[20]WorkDone DATA'!$G:$G,BOQ!$B241)*$G241","v":{"$error":"#VALUE!"}},{"$f":"SUMIFS('[20]WorkDone DATA'!$L:$L,'[20]WorkDone DATA'!$N:$N,BOQ!AZ$6,'[20]WorkDone DATA'!$G:$G,BOQ!$B241)*$G241","v":{"$error":"#VALUE!"}},{"$f":"SUMIFS('[20]WorkDone DATA'!$L:$L,'[20]WorkDone DATA'!$N:$N,BOQ!BA$6,'[20]WorkDone DATA'!$G:$G,BOQ!$B241)*$G241","v":{"$error":"#VALUE!"}},{"$f":"SUMIFS('[20]WorkDone DATA'!$L:$L,'[20]WorkDone DATA'!$N:$N,BOQ!BB$6,'[20]WorkDone DATA'!$G:$G,BOQ!$B241)*$G241","v":{"$error":"#VALUE!"}},{"$f":"SUMIFS('[20]WorkDone DATA'!$L:$L,'[20]WorkDone DATA'!$N:$N,BOQ!BC$6,'[20]WorkDone DATA'!$G:$G,BOQ!$B241)*$G241","v":{"$error":"#VALUE!"}},{"$f":"SUMIFS('[20]WorkDone DATA'!$L:$L,'[20]WorkDone DATA'!$N:$N,BOQ!BD$6,'[20]WorkDone DATA'!$G:$G,BOQ!$B241)*$G241","v":{"$error":"#VALUE!"}},{"$f":"SUMIFS('[20]WorkDone DATA'!$L:$L,'[20]WorkDone DATA'!$N:$N,BOQ!BE$6,'[20]WorkDone DATA'!$G:$G,BOQ!$B241)*$G241","v":{"$error":"#VALUE!"}},{"$f":"SUMIFS('[20]WorkDone DATA'!$L:$L,'[20]WorkDone DATA'!$N:$N,BOQ!BF$6,'[20]WorkDone DATA'!$G:$G,BOQ!$B241)*$G241","v":{"$error":"#VALUE!"}},{"$f":"SUMIFS('[20]WorkDone DATA'!$L:$L,'[20]WorkDone DATA'!$N:$N,BOQ!BG$6,'[20]WorkDone DATA'!$G:$G,BOQ!$B241)*$G241","v":{"$error":"#VALUE!"}},{"$f":"SUMIFS('[20]WorkDone DATA'!$L:$L,'[20]WorkDone DATA'!$N:$N,BOQ!BH$6,'[20]WorkDone DATA'!$G:$G,BOQ!$B241)*$G241","v":{"$error":"#VALUE!"}},{"$f":"SUMIFS('[20]WorkDone DATA'!$L:$L,'[20]WorkDone DATA'!$N:$N,BOQ!BI$6,'[20]WorkDone DATA'!$G:$G,BOQ!$B241)*$G241","v":{"$error":"#VALUE!"}},{"$f":"SUMIFS('[20]WorkDone DATA'!$L:$L,'[20]WorkDone DATA'!$N:$N,BOQ!BJ$6,'[20]WorkDone DATA'!$G:$G,BOQ!$B241)*$G241","v":{"$error":"#VALUE!"}},{"$f":"SUMIFS('[20]WorkDone DATA'!$L:$L,'[20]WorkDone DATA'!$N:$N,BOQ!BK$6,'[20]WorkDone DATA'!$G:$G,BOQ!$B241)*$G241","v":{"$error":"#VALUE!"}},{"$f":"SUMIFS('[20]WorkDone DATA'!$L:$L,'[20]WorkDone DATA'!$N:$N,BOQ!BL$6,'[20]WorkDone DATA'!$G:$G,BOQ!$B241)*$G241","v":{"$error":"#VALUE!"}},{"$f":"SUMIFS('[20]WorkDone DATA'!$L:$L,'[20]WorkDone DATA'!$N:$N,BOQ!BM$6,'[20]WorkDone DATA'!$G:$G,BOQ!$B241)*$G241","v":{"$error":"#VALUE!"}},{"$f":"SUMIFS('[20]WorkDone DATA'!$L:$L,'[20]WorkDone DATA'!$N:$N,BOQ!BN$6,'[20]WorkDone DATA'!$G:$G,BOQ!$B241)*$G241","v":{"$error":"#VALUE!"}},{"$f":"SUMIFS('[20]WorkDone DATA'!$L:$L,'[20]WorkDone DATA'!$N:$N,BOQ!BO$6,'[20]WorkDone DATA'!$G:$G,BOQ!$B241)*$G241","v":{"$error":"#VALUE!"}},{"$f":"SUMIFS('[20]WorkDone DATA'!$L:$L,'[20]WorkDone DATA'!$N:$N,BOQ!BP$6,'[20]WorkDone DATA'!$G:$G,BOQ!$B241)*$G241","v":{"$error":"#VALUE!"}},{"$f":"SUMIFS('[20]WorkDone DATA'!$L:$L,'[20]WorkDone DATA'!$N:$N,BOQ!BQ$6,'[20]WorkDone DATA'!$G:$G,BOQ!$B241)*$G241","v":{"$error":"#VALUE!"}},{"$f":"SUMIFS('[20]WorkDone DATA'!$L:$L,'[20]WorkDone DATA'!$N:$N,BOQ!BR$6,'[20]WorkDone DATA'!$G:$G,BOQ!$B241)*$G241","v":{"$error":"#VALUE!"}},{"$f":"SUMIFS('[20]WorkDone DATA'!$L:$L,'[20]WorkDone DATA'!$N:$N,BOQ!BS$6,'[20]WorkDone DATA'!$G:$G,BOQ!$B241)*$G241","v":{"$error":"#VALUE!"}},{"$f":"SUMIFS('[20]WorkDone DATA'!$L:$L,'[20]WorkDone DATA'!$N:$N,BOQ!BT$6,'[20]WorkDone DATA'!$G:$G,BOQ!$B241)*$G241","v":{"$error":"#VALUE!"}},{"$f":"SUMIFS('[20]WorkDone DATA'!$L:$L,'[20]WorkDone DATA'!$N:$N,BOQ!BU$6,'[20]WorkDone DATA'!$G:$G,BOQ!$B241)*$G241","v":{"$error":"#VALUE!"}},{"$f":"SUMIFS('[20]WorkDone DATA'!$L:$L,'[20]WorkDone DATA'!$N:$N,BOQ!BV$6,'[20]WorkDone DATA'!$G:$G,BOQ!$B241)*$G241","v":{"$error":"#VALUE!"}},{"$f":"SUMIFS('[20]WorkDone DATA'!$L:$L,'[20]WorkDone DATA'!$N:$N,BOQ!BW$6,'[20]WorkDone DATA'!$G:$G,BOQ!$B241)*$G241","v":{"$error":"#VALUE!"}},{"$f":"SUMIFS('[20]WorkDone DATA'!$L:$L,'[20]WorkDone DATA'!$N:$N,BOQ!BX$6,'[20]WorkDone DATA'!$G:$G,BOQ!$B241)*$G241","v":{"$error":"#VALUE!"}}]
[null,null,"Cold drawn high tensile galvanized wire mesh cable tray (O-L GRIDSPAN GS 50x50) fixed in all positions, to all heights above floor level, brackets, bolts, nuts and washers, etc.",{"$nulls":4},0,{"$nulls":3},{"$error":"#VALUE!"},{"$error":"#VALUE!"},null,0,{"$error":"#VALUE!"},null,{"$f":"SUMIFS('[20]WorkDone DATA'!$L:$L,'[20]WorkDone DATA'!$N:$N,BOQ!S$6,'[20]WorkDone DATA'!$G:$G,BOQ!$B242)","v":{"$error":"#VALUE!"}},{"$error":"#VALUE!"},{"$f":"SUMIFS('[20]WorkDone DATA'!$L:$L,'[20]WorkDone DATA'!$N:$N,BOQ!U$6,'[20]WorkDone DATA'!$G:$G,BOQ!$B242)","v":{"$error":"#VALUE!"}},{"$error":"#VALUE!"},null,{"$f":"SUMIFS('[20]WorkDone DATA'!$L:$L,'[20]WorkDone DATA'!$N:$N,BOQ!W$6,'[20]WorkDone DATA'!$G:$G,BOQ!$B242)*$G242","v":{"$error":"#VALUE!"}},null,{"$f":"SUMIFS('[20]WorkDone DATA'!$L:$L,'[20]WorkDone DATA'!$N:$N,BOQ!Y$6,'[20]WorkDone DATA'!$G:$G,BOQ!$B242)*$G242","v":{"$error":"#VALUE!"}},null,{"$f":"SUMIFS('[20]WorkDone DATA'!$L:$L,'[20]WorkDone DATA'!$N:$N,BOQ!AA$6,'[20]WorkDone DATA'!$G:$G,BOQ!$B242)*$G242","v":{"$error":"#VALUE!"}},{"$f":"SUMIFS('[20]WorkDone DATA'!$L:$L,'[20]WorkDone DATA'!$N:$N,BOQ!AB$6,'[20]WorkDone DATA'!$G:$G,BOQ!$B242)*$G242","v":{"$error":"#VALUE!"}},{"$f":"SUMIFS('[20]WorkDone DATA'!$L:$L,'[20]WorkDone DATA'!$N:$N,BOQ!AC$6,'[20]WorkDone DATA'!$G:$G,BOQ!$B242)*$G242","v":{"$error":"#VALUE!"}},{"$f":"SUMIFS('[20]WorkDone DATA'!$L:$L,'[20]WorkDone DATA'!$N:$N,BOQ!AD$6,'[20]WorkDone DATA'!$G:$G,BOQ!$B242)*$G242","v":{"$error":"#VALUE!"}},{"$f":"SUMIFS('[20]WorkDone DATA'!$L:$L,'[20]WorkDone DATA'!$N:$N,BOQ!AE$6,'[20]WorkDone DATA'!$G:$G,BOQ!$B242)*$G242","v":{"$error":"#VALUE!"}},{"$f":"SUMIFS('[20]WorkDone DATA'!$L:$L,'[20]WorkDone DATA'!$N:$N,BOQ!AF$6,'[20]WorkDone DATA'!$G:$G,BOQ!$B242)*$G242","v":{"$error":"#VALUE!"}},{"$f":"SUMIFS('[20]WorkDone DATA'!$L:$L,'[20]WorkDone DATA'!$N:$N,BOQ!AG$6,'[20]WorkDone DATA'!$G:$G,BOQ!$B242)*$G242","v":{"$error":"#VALUE!"}},{"$f":"SUMIFS('[20]WorkDone DATA'!$L:$L,'[20]WorkDone DATA'!$N:$N,BOQ!AH$6,'[20]WorkDone DATA'!$G:$G,BOQ!$B242)*$G242","v":{"$error":"#VALUE!"}},{"$f":"SUMIFS('[20]WorkDone DATA'!$L:$L,'[20]WorkDone DATA'!$N:$N,BOQ!AI$6,'[20]WorkDone DATA'!$G:$G,BOQ!$B242)*$G242","v":{"$error":"#VALUE!"}},{"$f":"SUMIFS('[20]WorkDone DATA'!$L:$L,'[20]WorkDone DATA'!$N:$N,BOQ!AJ$6,'[20]WorkDone DATA'!$G:$G,BOQ!$B242)*$G242","v":{"$error":"#VALUE!"}},{"$f":"SUMIFS('[20]WorkDone DATA'!$L:$L,'[20]WorkDone DATA'!$N:$N,BOQ!AK$6,'[20]WorkDone DATA'!$G:$G,BOQ!$B242)*$G242","v":{"$error":"#VALUE!"}},{"$f":"SUMIFS('[20]WorkDone DATA'!$L:$L,'[20]WorkDone DATA'!$N:$N,BOQ!AL$6,'[20]WorkDone DATA'!$G:$G,BOQ!$B242)*$G242","v":{"$error":"#VALUE!"}},{"$f":"SUMIFS('[20]WorkDone DATA'!$L:$L,'[20]WorkDone DATA'!$N:$N,BOQ!AM$6,'[20]WorkDone DATA'!$G:$G,BOQ!$B242)*$G242","v":{"$error":"#VALUE!"}},{"$f":"SUMIFS('[20]WorkDone DATA'!$L:$L,'[20]WorkDone DATA'!$N:$N,BOQ!AN$6,'[20]WorkDone DATA'!$G:$G,BOQ!$B242)*$G242","v":{"$error":"#VALUE!"}},{"$f":"SUMIFS('[20]WorkDone DATA'!$L:$L,'[20]WorkDone DATA'!$N:$N,BOQ!AO$6,'[20]WorkDone DATA'!$G:$G,BOQ!$B242)*$G242","v":{"$error":"#VALUE!"}},{"$f":"SUMIFS('[20]WorkDone DATA'!$L:$L,'[20]WorkDone DATA'!$N:$N,BOQ!AP$6,'[20]WorkDone DATA'!$G:$G,BOQ!$B242)*$G242","v":{"$error":"#VALUE!"}},{"$f":"SUMIFS('[20]WorkDone DATA'!$L:$L,'[20]WorkDone DATA'!$N:$N,BOQ!AQ$6,'[20]WorkDone DATA'!$G:$G,BOQ!$B242)*$G242","v":{"$error":"#VALUE!"}},{"$f":"SUMIFS('[20]WorkDone DATA'!$L:$L,'[20]WorkDone DATA'!$N:$N,BOQ!AR$6,'[20]WorkDone DATA'!$G:$G,BOQ!$B242)*$G242","v":{"$error":"#VALUE!"}},{"$f":"SUMIFS('[20]WorkDone DATA'!$L:$L,'[20]WorkDone DATA'!$N:$N,BOQ!AS$6,'[20]WorkDone DATA'!$G:$G,BOQ!$B242)*$G242","v":{"$error":"#VALUE!"}},{"$f":"SUMIFS('[20]WorkDone DATA'!$L:$L,'[20]WorkDone DATA'!$N:$N,BOQ!AT$6,'[20]WorkDone DATA'!$G:$G,BOQ!$B242)*$G242","v":{"$error":"#VALUE!"}},{"$f":"SUMIFS('[20]WorkDone DATA'!$L:$L,'[20]WorkDone DATA'!$N:$N,BOQ!AU$6,'[20]WorkDone DATA'!$G:$G,BOQ!$B242)*$G242","v":{"$error":"#VALUE!"}},{"$f":"SUMIFS('[20]WorkDone DATA'!$L:$L,'[20]WorkDone DATA'!$N:$N,BOQ!AV$6,'[20]WorkDone DATA'!$G:$G,BOQ!$B242)*$G242","v":{"$error":"#VALUE!"}},{"$f":"SUMIFS('[20]WorkDone DATA'!$L:$L,'[20]WorkDone DATA'!$N:$N,BOQ!AW$6,'[20]WorkDone DATA'!$G:$G,BOQ!$B242)*$G242","v":{"$error":"#VALUE!"}},{"$f":"SUMIFS('[20]WorkDone DATA'!$L:$L,'[20]WorkDone DATA'!$N:$N,BOQ!AX$6,'[20]WorkDone DATA'!$G:$G,BOQ!$B242)*$G242","v":{"$error":"#VALUE!"}},{"$f":"SUMIFS('[20]WorkDone DATA'!$L:$L,'[20]WorkDone DATA'!$N:$N,BOQ!AY$6,'[20]WorkDone DATA'!$G:$G,BOQ!$B242)*$G242","v":{"$error":"#VALUE!"}},{"$f":"SUMIFS('[20]WorkDone DATA'!$L:$L,'[20]WorkDone DATA'!$N:$N,BOQ!AZ$6,'[20]WorkDone DATA'!$G:$G,BOQ!$B242)*$G242","v":{"$error":"#VALUE!"}},{"$f":"SUMIFS('[20]WorkDone DATA'!$L:$L,'[20]WorkDone DATA'!$N:$N,BOQ!BA$6,'[20]WorkDone DATA'!$G:$G,BOQ!$B242)*$G242","v":{"$error":"#VALUE!"}},{"$f":"SUMIFS('[20]WorkDone DATA'!$L:$L,'[20]WorkDone DATA'!$N:$N,BOQ!BB$6,'[20]WorkDone DATA'!$G:$G,BOQ!$B242)*$G242","v":{"$error":"#VALUE!"}},{"$f":"SUMIFS('[20]WorkDone DATA'!$L:$L,'[20]WorkDone DATA'!$N:$N,BOQ!BC$6,'[20]WorkDone DATA'!$G:$G,BOQ!$B242)*$G242","v":{"$error":"#VALUE!"}},{"$f":"SUMIFS('[20]WorkDone DATA'!$L:$L,'[20]WorkDone DATA'!$N:$N,BOQ!BD$6,'[20]WorkDone DATA'!$G:$G,BOQ!$B242)*$G242","v":{"$error":"#VALUE!"}},{"$f":"SUMIFS('[20]WorkDone DATA'!$L:$L,'[20]WorkDone DATA'!$N:$N,BOQ!BE$6,'[20]WorkDone DATA'!$G:$G,BOQ!$B242)*$G242","v":{"$error":"#VALUE!"}},{"$f":"SUMIFS('[20]WorkDone DATA'!$L:$L,'[20]WorkDone DATA'!$N:$N,BOQ!BF$6,'[20]WorkDone DATA'!$G:$G,BOQ!$B242)*$G242","v":{"$error":"#VALUE!"}},{"$f":"SUMIFS('[20]WorkDone DATA'!$L:$L,'[20]WorkDone DATA'!$N:$N,BOQ!BG$6,'[20]WorkDone DATA'!$G:$G,BOQ!$B242)*$G242","v":{"$error":"#VALUE!"}},{"$f":"SUMIFS('[20]WorkDone DATA'!$L:$L,'[20]WorkDone DATA'!$N:$N,BOQ!BH$6,'[20]WorkDone DATA'!$G:$G,BOQ!$B242)*$G242","v":{"$error":"#VALUE!"}},{"$f":"SUMIFS('[20]WorkDone DATA'!$L:$L,'[20]WorkDone DATA'!$N:$N,BOQ!BI$6,'[20]WorkDone DATA'!$G:$G,BOQ!$B242)*$G242","v":{"$error":"#VALUE!"}},{"$f":"SUMIFS('[20]WorkDone DATA'!$L:$L,'[20]WorkDone DATA'!$N:$N,BOQ!BJ$6,'[20]WorkDone DATA'!$G:$G,BOQ!$B242)*$G242","v":{"$error":"#VALUE!"}},{"$f":"SUMIFS('[20]WorkDone DATA'!$L:$L,'[20]WorkDone DATA'!$N:$N,BOQ!BK$6,'[20]WorkDone DATA'!$G:$G,BOQ!$B242)*$G242","v":{"$error":"#VALUE!"}},{"$f":"SUMIFS('[20]WorkDone DATA'!$L:$L,'[20]WorkDone DATA'!$N:$N,BOQ!BL$6,'[20]WorkDone DATA'!$G:$G,BOQ!$B242)*$G242","v":{"$error":"#VALUE!"}},{"$f":"SUMIFS('[20]WorkDone DATA'!$L:$L,'[20]WorkDone DATA'!$N:$N,BOQ!BM$6,'[20]WorkDone DATA'!$G:$G,BOQ!$B242)*$G242","v":{"$error":"#VALUE!"}},{"$f":"SUMIFS('[20]WorkDone DATA'!$L:$L,'[20]WorkDone DATA'!$N:$N,BOQ!BN$6,'[20]WorkDone DATA'!$G:$G,BOQ!$B242)*$G242","v":{"$error":"#VALUE!"}},{"$f":"SUMIFS('[20]WorkDone DATA'!$L:$L,'[20]WorkDone DATA'!$N:$N,BOQ!BO$6,'[20]WorkDone DATA'!$G:$G,BOQ!$B242)*$G242","v":{"$error":"#VALUE!"}},{"$f":"SUMIFS('[20]WorkDone DATA'!$L:$L,'[20]WorkDone DATA'!$N:$N,BOQ!BP$6,'[20]WorkDone DATA'!$G:$G,BOQ!$B242)*$G242","v":{"$error":"#VALUE!"}},{"$f":"SUMIFS('[20]WorkDone DATA'!$L:$L,'[20]WorkDone DATA'!$N:$N,BOQ!BQ$6,'[20]WorkDone DATA'!$G:$G,BOQ!$B242)*$G242","v":{"$error":"#VALUE!"}},{"$f":"SUMIFS('[20]WorkDone DATA'!$L:$L,'[20]WorkDone DATA'!$N:$N,BOQ!BR$6,'[20]WorkDone DATA'!$G:$G,BOQ!$B242)*$G242","v":{"$error":"#VALUE!"}},{"$f":"SUMIFS('[20]WorkDone DATA'!$L:$L,'[20]WorkDone DATA'!$N:$N,BOQ!BS$6,'[20]WorkDone DATA'!$G:$G,BOQ!$B242)*$G242","v":{"$error":"#VALUE!"}},{"$f":"SUMIFS('[20]WorkDone DATA'!$L:$L,'[20]WorkDone DATA'!$N:$N,BOQ!BT$6,'[20]WorkDone DATA'!$G:$G,BOQ!$B242)*$G242","v":{"$error":"#VALUE!"}},{"$f":"SUMIFS('[20]WorkDone DATA'!$L:$L,'[20]WorkDone DATA'!$N:$N,BOQ!BU$6,'[20]WorkDone DATA'!$G:$G,BOQ!$B242)*$G242","v":{"$error":"#VALUE!"}},{"$f":"SUMIFS('[20]WorkDone DATA'!$L:$L,'[20]WorkDone DATA'!$N:$N,BOQ!BV$6,'[20]WorkDone DATA'!$G:$G,BOQ!$B242)*$G242","v":{"$error":"#VALUE!"}},{"$f":"SUMIFS('[20]WorkDone DATA'!$L:$L,'[20]WorkDone DATA'!$N:$N,BOQ!BW$6,'[20]WorkDone DATA'!$G:$G,BOQ!$B242)*$G242","v":{"$error":"#VALUE!"}},{"$f":"SUMIFS('[20]WorkDone DATA'!$L:$L,'[20]WorkDone DATA'!$N:$N,BOQ!BX$6,'[20]WorkDone DATA'!$G:$G,BOQ!$B242)*$G242","v":{"$error":"#VALUE!"}}]
[null,null,"300mm x 75mm",{"$nulls":4},0,{"$nulls":3},{"$error":"#VALUE!"},{"$error":"#VALUE!"},null,0,{"$error":"#VALUE!"},null,{"$f":"SUMIFS('[20]WorkDone DATA'!$L:$L,'[20]WorkDone DATA'!$N:$N,BOQ!S$6,'[20]WorkDone DATA'!$G:$G,BOQ!$B243)","v":{"$error":"#VALUE!"}},{"$error":"#VALUE!"},{"$f":"SUMIFS('[20]WorkDone DATA'!$L:$L,'[20]WorkDone DATA'!$N:$N,BOQ!U$6,'[20]WorkDone DATA'!$G:$G,BOQ!$B243)","v":{"$error":"#VALUE!"}},{"$error":"#VALUE!"},null,{"$f":"SUMIFS('[20]WorkDone DATA'!$L:$L,'[20]WorkDone DATA'!$N:$N,BOQ!W$6,'[20]WorkDone DATA'!$G:$G,BOQ!$B243)*$G243","v":{"$error":"#VALUE!"}},null,{"$f":"SUMIFS('[20]WorkDone DATA'!$L:$L,'[20]WorkDone DATA'!$N:$N,BOQ!Y$6,'[20]WorkDone DATA'!$G:$G,BOQ!$B243)*$G243","v":{"$error":"#VALUE!"}},null,{"$f":"SUMIFS('[20]WorkDone DATA'!$L:$L,'[20]WorkDone DATA'!$N:$N,BOQ!AA$6,'[20]WorkDone DATA'!$G:$G,BOQ!$B243)*$G243","v":{"$error":"#VALUE!"}},{"$f":"SUMIFS('[20]WorkDone DATA'!$L:$L,'[20]WorkDone DATA'!$N:$N,BOQ!AB$6,'[20]WorkDone DATA'!$G:$G,BOQ!$B243)*$G243","v":{"$error":"#VALUE!"}},{"$f":"SUMIFS('[20]WorkDone DATA'!$L:$L,'[20]WorkDone DATA'!$N:$N,BOQ!AC$6,'[20]WorkDone DATA'!$G:$G,BOQ!$B243)*$G243","v":{"$error":"#VALUE!"}},{"$f":"SUMIFS('[20]WorkDone DATA'!$L:$L,'[20]WorkDone DATA'!$N:$N,BOQ!AD$6,'[20]WorkDone DATA'!$G:$G,BOQ!$B243)*$G243","v":{"$error":"#VALUE!"}},{"$f":"SUMIFS('[20]WorkDone DATA'!$L:$L,'[20]WorkDone DATA'!$N:$N,BOQ!AE$6,'[20]WorkDone DATA'!$G:$G,BOQ!$B243)*$G243","v":{"$error":"#VALUE!"}},{"$f":"SUMIFS('[20]WorkDone DATA'!$L:$L,'[20]WorkDone DATA'!$N:$N,BOQ!AF$6,'[20]WorkDone DATA'!$G:$G,BOQ!$B243)*$G243","v":{"$error":"#VALUE!"}},{"$f":"SUMIFS('[20]WorkDone DATA'!$L:$L,'[20]WorkDone DATA'!$N:$N,BOQ!AG$6,'[20]WorkDone DATA'!$G:$G,BOQ!$B243)*$G243","v":{"$error":"#VALUE!"}},{"$f":"SUMIFS('[20]WorkDone DATA'!$L:$L,'[20]WorkDone DATA'!$N:$N,BOQ!AH$6,'[20]WorkDone DATA'!$G:$G,BOQ!$B243)*$G243","v":{"$error":"#VALUE!"}},{"$f":"SUMIFS('[20]WorkDone DATA'!$L:$L,'[20]WorkDone DATA'!$N:$N,BOQ!AI$6,'[20]WorkDone DATA'!$G:$G,BOQ!$B243)*$G243","v":{"$error":"#VALUE!"}},{"$f":"SUMIFS('[20]WorkDone DATA'!$L:$L,'[20]WorkDone DATA'!$N:$N,BOQ!AJ$6,'[20]WorkDone DATA'!$G:$G,BOQ!$B243)*$G243","v":{"$error":"#VALUE!"}},{"$f":"SUMIFS('[20]WorkDone DATA'!$L:$L,'[20]WorkDone DATA'!$N:$N,BOQ!AK$6,'[20]WorkDone DATA'!$G:$G,BOQ!$B243)*$G243","v":{"$error":"#VALUE!"}},{"$f":"SUMIFS('[20]WorkDone DATA'!$L:$L,'[20]WorkDone DATA'!$N:$N,BOQ!AL$6,'[20]WorkDone DATA'!$G:$G,BOQ!$B243)*$G243","v":{"$error":"#VALUE!"}},{"$f":"SUMIFS('[20]WorkDone DATA'!$L:$L,'[20]WorkDone DATA'!$N:$N,BOQ!AM$6,'[20]WorkDone DATA'!$G:$G,BOQ!$B243)*$G243","v":{"$error":"#VALUE!"}},{"$f":"SUMIFS('[20]WorkDone DATA'!$L:$L,'[20]WorkDone DATA'!$N:$N,BOQ!AN$6,'[20]WorkDone DATA'!$G:$G,BOQ!$B243)*$G243","v":{"$error":"#VALUE!"}},{"$f":"SUMIFS('[20]WorkDone DATA'!$L:$L,'[20]WorkDone DATA'!$N:$N,BOQ!AO$6,'[20]WorkDone DATA'!$G:$G,BOQ!$B243)*$G243","v":{"$error":"#VALUE!"}},{"$f":"SUMIFS('[20]WorkDone DATA'!$L:$L,'[20]WorkDone DATA'!$N:$N,BOQ!AP$6,'[20]WorkDone DATA'!$G:$G,BOQ!$B243)*$G243","v":{"$error":"#VALUE!"}},{"$f":"SUMIFS('[20]WorkDone DATA'!$L:$L,'[20]WorkDone DATA'!$N:$N,BOQ!AQ$6,'[20]WorkDone DATA'!$G:$G,BOQ!$B243)*$G243","v":{"$error":"#VALUE!"}},{"$f":"SUMIFS('[20]WorkDone DATA'!$L:$L,'[20]WorkDone DATA'!$N:$N,BOQ!AR$6,'[20]WorkDone DATA'!$G:$G,BOQ!$B243)*$G243","v":{"$error":"#VALUE!"}},{"$f":"SUMIFS('[20]WorkDone DATA'!$L:$L,'[20]WorkDone DATA'!$N:$N,BOQ!AS$6,'[20]WorkDone DATA'!$G:$G,BOQ!$B243)*$G243","v":{"$error":"#VALUE!"}},{"$f":"SUMIFS('[20]WorkDone DATA'!$L:$L,'[20]WorkDone DATA'!$N:$N,BOQ!AT$6,'[20]WorkDone DATA'!$G:$G,BOQ!$B243)*$G243","v":{"$error":"#VALUE!"}},{"$f":"SUMIFS('[20]WorkDone DATA'!$L:$L,'[20]WorkDone DATA'!$N:$N,BOQ!AU$6,'[20]WorkDone DATA'!$G:$G,BOQ!$B243)*$G243","v":{"$error":"#VALUE!"}},{"$f":"SUMIFS('[20]WorkDone DATA'!$L:$L,'[20]WorkDone DATA'!$N:$N,BOQ!AV$6,'[20]WorkDone DATA'!$G:$G,BOQ!$B243)*$G243","v":{"$error":"#VALUE!"}},{"$f":"SUMIFS('[20]WorkDone DATA'!$L:$L,'[20]WorkDone DATA'!$N:$N,BOQ!AW$6,'[20]WorkDone DATA'!$G:$G,BOQ!$B243)*$G243","v":{"$error":"#VALUE!"}},{"$f":"SUMIFS('[20]WorkDone DATA'!$L:$L,'[20]WorkDone DATA'!$N:$N,BOQ!AX$6,'[20]WorkDone DATA'!$G:$G,BOQ!$B243)*$G243","v":{"$error":"#VALUE!"}},{"$f":"SUMIFS('[20]WorkDone DATA'!$L:$L,'[20]WorkDone DATA'!$N:$N,BOQ!AY$6,'[20]WorkDone DATA'!$G:$G,BOQ!$B243)*$G243","v":{"$error":"#VALUE!"}},{"$f":"SUMIFS('[20]WorkDone DATA'!$L:$L,'[20]WorkDone DATA'!$N:$N,BOQ!AZ$6,'[20]WorkDone DATA'!$G:$G,BOQ!$B243)*$G243","v":{"$error":"#VALUE!"}},{"$f":"SUMIFS('[20]WorkDone DATA'!$L:$L,'[20]WorkDone DATA'!$N:$N,BOQ!BA$6,'[20]WorkDone DATA'!$G:$G,BOQ!$B243)*$G243","v":{"$error":"#VALUE!"}},{"$f":"SUMIFS('[20]WorkDone DATA'!$L:$L,'[20]WorkDone DATA'!$N:$N,BOQ!BB$6,'[20]WorkDone DATA'!$G:$G,BOQ!$B243)*$G243","v":{"$error":"#VALUE!"}},{"$f":"SUMIFS('[20]WorkDone DATA'!$L:$L,'[20]WorkDone DATA'!$N:$N,BOQ!BC$6,'[20]WorkDone DATA'!$G:$G,BOQ!$B243)*$G243","v":{"$error":"#VALUE!"}},{"$f":"SUMIFS('[20]WorkDone DATA'!$L:$L,'[20]WorkDone DATA'!$N:$N,BOQ!BD$6,'[20]WorkDone DATA'!$G:$G,BOQ!$B243)*$G243","v":{"$error":"#VALUE!"}},{"$f":"SUMIFS('[20]WorkDone DATA'!$L:$L,'[20]WorkDone DATA'!$N:$N,BOQ!BE$6,'[20]WorkDone DATA'!$G:$G,BOQ!$B243)*$G243","v":{"$error":"#VALUE!"}},{"$f":"SUMIFS('[20]WorkDone DATA'!$L:$L,'[20]WorkDone DATA'!$N:$N,BOQ!BF$6,'[20]WorkDone DATA'!$G:$G,BOQ!$B243)*$G243","v":{"$error":"#VALUE!"}},{"$f":"SUMIFS('[20]WorkDone DATA'!$L:$L,'[20]WorkDone DATA'!$N:$N,BOQ!BG$6,'[20]WorkDone DATA'!$G:$G,BOQ!$B243)*$G243","v":{"$error":"#VALUE!"}},{"$f":"SUMIFS('[20]WorkDone DATA'!$L:$L,'[20]WorkDone DATA'!$N:$N,BOQ!BH$6,'[20]WorkDone DATA'!$G:$G,BOQ!$B243)*$G243","v":{"$error":"#VALUE!"}},{"$f":"SUMIFS('[20]WorkDone DATA'!$L:$L,'[20]WorkDone DATA'!$N:$N,BOQ!BI$6,'[20]WorkDone DATA'!$G:$G,BOQ!$B243)*$G243","v":{"$error":"#VALUE!"}},{"$f":"SUMIFS('[20]WorkDone DATA'!$L:$L,'[20]WorkDone DATA'!$N:$N,BOQ!BJ$6,'[20]WorkDone DATA'!$G:$G,BOQ!$B243)*$G243","v":{"$error":"#VALUE!"}},{"$f":"SUMIFS('[20]WorkDone DATA'!$L:$L,'[20]WorkDone DATA'!$N:$N,BOQ!BK$6,'[20]WorkDone DATA'!$G:$G,BOQ!$B243)*$G243","v":{"$error":"#VALUE!"}},{"$f":"SUMIFS('[20]WorkDone DATA'!$L:$L,'[20]WorkDone DATA'!$N:$N,BOQ!BL$6,'[20]WorkDone DATA'!$G:$G,BOQ!$B243)*$G243","v":{"$error":"#VALUE!"}},{"$f":"SUMIFS('[20]WorkDone DATA'!$L:$L,'[20]WorkDone DATA'!$N:$N,BOQ!BM$6,'[20]WorkDone DATA'!$G:$G,BOQ!$B243)*$G243","v":{"$error":"#VALUE!"}},{"$f":"SUMIFS('[20]WorkDone DATA'!$L:$L,'[20]WorkDone DATA'!$N:$N,BOQ!BN$6,'[20]WorkDone DATA'!$G:$G,BOQ!$B243)*$G243","v":{"$error":"#VALUE!"}},{"$f":"SUMIFS('[20]WorkDone DATA'!$L:$L,'[20]WorkDone DATA'!$N:$N,BOQ!BO$6,'[20]WorkDone DATA'!$G:$G,BOQ!$B243)*$G243","v":{"$error":"#VALUE!"}},{"$f":"SUMIFS('[20]WorkDone DATA'!$L:$L,'[20]WorkDone DATA'!$N:$N,BOQ!BP$6,'[20]WorkDone DATA'!$G:$G,BOQ!$B243)*$G243","v":{"$error":"#VALUE!"}},{"$f":"SUMIFS('[20]WorkDone DATA'!$L:$L,'[20]WorkDone DATA'!$N:$N,BOQ!BQ$6,'[20]WorkDone DATA'!$G:$G,BOQ!$B243)*$G243","v":{"$error":"#VALUE!"}},{"$f":"SUMIFS('[20]WorkDone DATA'!$L:$L,'[20]WorkDone DATA'!$N:$N,BOQ!BR$6,'[20]WorkDone DATA'!$G:$G,BOQ!$B243)*$G243","v":{"$error":"#VALUE!"}},{"$f":"SUMIFS('[20]WorkDone DATA'!$L:$L,'[20]WorkDone DATA'!$N:$N,BOQ!BS$6,'[20]WorkDone DATA'!$G:$G,BOQ!$B243)*$G243","v":{"$error":"#VALUE!"}},{"$f":"SUMIFS('[20]WorkDone DATA'!$L:$L,'[20]WorkDone DATA'!$N:$N,BOQ!BT$6,'[20]WorkDone DATA'!$G:$G,BOQ!$B243)*$G243","v":{"$error":"#VALUE!"}},{"$f":"SUMIFS('[20]WorkDone DATA'!$L:$L,'[20]WorkDone DATA'!$N:$N,BOQ!BU$6,'[20]WorkDone DATA'!$G:$G,BOQ!$B243)*$G243","v":{"$error":"#VALUE!"}},{"$f":"SUMIFS('[20]WorkDone DATA'!$L:$L,'[20]WorkDone DATA'!$N:$N,BOQ!BV$6,'[20]WorkDone DATA'!$G:$G,BOQ!$B243)*$G243","v":{"$error":"#VALUE!"}},{"$f":"SUMIFS('[20]WorkDone DATA'!$L:$L,'[20]WorkDone DATA'!$N:$N,BOQ!BW$6,'[20]WorkDone DATA'!$G:$G,BOQ!$B243)*$G243","v":{"$error":"#VALUE!"}},{"$f":"SUMIFS('[20]WorkDone DATA'!$L:$L,'[20]WorkDone DATA'!$N:$N,BOQ!BX$6,'[20]WorkDone DATA'!$G:$G,BOQ!$B243)*$G243","v":{"$error":"#VALUE!"}}]
[{"$f":"C243","v":"300mm x 75mm"},2.121,"Supply","C","m",700,254.06,{"v":177842,"d":"177,842.00"},null,null,{"$error":"#VALUE!"},{"$error":"#VALUE!"},{"$error":"#VALUE!"},null,{"$error":"#VALUE!"},{"$error":"#VALUE!"},null,{"$f":"SUMIFS('[20]WorkDone DATA'!$L:$L,'[20]WorkDone DATA'!$N:$N,BOQ!S$6,'[20]WorkDone DATA'!$G:$G,BOQ!$B244)","v":{"$error":"#VALUE!"}},{"$error":"#VALUE!"},{"$f":"SUMIFS('[20]WorkDone DATA'!$L:$L,'[20]WorkDone DATA'!$N:$N,BOQ!U$6,'[20]WorkDone DATA'!$G:$G,BOQ!$B244)","v":{"$error":"#VALUE!"}},{"$error":"#VALUE!"},null,{"$f":"SUMIFS('[20]WorkDone DATA'!$L:$L,'[20]WorkDone DATA'!$N:$N,BOQ!W$6,'[20]WorkDone DATA'!$G:$G,BOQ!$B244)*$G244","v":{"$error":"#VALUE!"}},null,{"$f":"SUMIFS('[20]WorkDone DATA'!$L:$L,'[20]WorkDone DATA'!$N:$N,BOQ!Y$6,'[20]WorkDone DATA'!$G:$G,BOQ!$B244)*$G244","v":{"$error":"#VALUE!"}},null,{"$f":"SUMIFS('[20]WorkDone DATA'!$L:$L,'[20]WorkDone DATA'!$N:$N,BOQ!AA$6,'[20]WorkDone DATA'!$G:$G,BOQ!$B244)*$G244","v":{"$error":"#VALUE!"}},{"$f":"SUMIFS('[20]WorkDone DATA'!$L:$L,'[20]WorkDone DATA'!$N:$N,BOQ!AB$6,'[20]WorkDone DATA'!$G:$G,BOQ!$B244)*$G244","v":{"$error":"#VALUE!"}},{"$f":"SUMIFS('[20]WorkDone DATA'!$L:$L,'[20]WorkDone DATA'!$N:$N,BOQ!AC$6,'[20]WorkDone DATA'!$G:$G,BOQ!$B244)*$G244","v":{"$error":"#VALUE!"}},{"$f":"SUMIFS('[20]WorkDone DATA'!$L:$L,'[20]WorkDone DATA'!$N:$N,BOQ!AD$6,'[20]WorkDone DATA'!$G:$G,BOQ!$B244)*$G244","v":{"$error":"#VALUE!"}},{"$f":"SUMIFS('[20]WorkDone DATA'!$L:$L,'[20]WorkDone DATA'!$N:$N,BOQ!AE$6,'[20]WorkDone DATA'!$G:$G,BOQ!$B244)*$G244","v":{"$error":"#VALUE!"}},{"$f":"SUMIFS('[20]WorkDone DATA'!$L:$L,'[20]WorkDone DATA'!$N:$N,BOQ!AF$6,'[20]WorkDone DATA'!$G:$G,BOQ!$B244)*$G244","v":{"$error":"#VALUE!"}},{"$f":"SUMIFS('[20]WorkDone DATA'!$L:$L,'[20]WorkDone DATA'!$N:$N,BOQ!AG$6,'[20]WorkDone DATA'!$G:$G,BOQ!$B244)*$G244","v":{"$error":"#VALUE!"}},{"$f":"SUMIFS('[20]WorkDone DATA'!$L:$L,'[20]WorkDone DATA'!$N:$N,BOQ!AH$6,'[20]WorkDone DATA'!$G:$G,BOQ!$B244)*$G244","v":{"$error":"#VALUE!"}},{"$f":"SUMIFS('[20]WorkDone DATA'!$L:$L,'[20]WorkDone DATA'!$N:$N,BOQ!AI$6,'[20]WorkDone DATA'!$G:$G,BOQ!$B244)*$G244","v":{"$error":"#VALUE!"}},{"$f":"SUMIFS('[20]WorkDone DATA'!$L:$L,'[20]WorkDone DATA'!$N:$N,BOQ!AJ$6,'[20]WorkDone DATA'!$G:$G,BOQ!$B244)*$G244","v":{"$error":"#VALUE!"}},{"$f":"SUMIFS('[20]WorkDone DATA'!$L:$L,'[20]WorkDone DATA'!$N:$N,BOQ!AK$6,'[20]WorkDone DATA'!$G:$G,BOQ!$B244)*$G244","v":{"$error":"#VALUE!"}},{"$f":"SUMIFS('[20]WorkDone DATA'!$L:$L,'[20]WorkDone DATA'!$N:$N,BOQ!AL$6,'[20]WorkDone DATA'!$G:$G,BOQ!$B244)*$G244","v":{"$error":"#VALUE!"}},{"$f":"SUMIFS('[20]WorkDone DATA'!$L:$L,'[20]WorkDone DATA'!$N:$N,BOQ!AM$6,'[20]WorkDone DATA'!$G:$G,BOQ!$B244)*$G244","v":{"$error":"#VALUE!"}},{"$f":"SUMIFS('[20]WorkDone DATA'!$L:$L,'[20]WorkDone DATA'!$N:$N,BOQ!AN$6,'[20]WorkDone DATA'!$G:$G,BOQ!$B244)*$G244","v":{"$error":"#VALUE!"}},{"$f":"SUMIFS('[20]WorkDone DATA'!$L:$L,'[20]WorkDone DATA'!$N:$N,BOQ!AO$6,'[20]WorkDone DATA'!$G:$G,BOQ!$B244)*$G244","v":{"$error":"#VALUE!"}},{"$f":"SUMIFS('[20]WorkDone DATA'!$L:$L,'[20]WorkDone DATA'!$N:$N,BOQ!AP$6,'[20]WorkDone DATA'!$G:$G,BOQ!$B244)*$G244","v":{"$error":"#VALUE!"}},{"$f":"SUMIFS('[20]WorkDone DATA'!$L:$L,'[20]WorkDone DATA'!$N:$N,BOQ!AQ$6,'[20]WorkDone DATA'!$G:$G,BOQ!$B244)*$G244","v":{"$error":"#VALUE!"}},{"$f":"SUMIFS('[20]WorkDone DATA'!$L:$L,'[20]WorkDone DATA'!$N:$N,BOQ!AR$6,'[20]WorkDone DATA'!$G:$G,BOQ!$B244)*$G244","v":{"$error":"#VALUE!"}},{"$f":"SUMIFS('[20]WorkDone DATA'!$L:$L,'[20]WorkDone DATA'!$N:$N,BOQ!AS$6,'[20]WorkDone DATA'!$G:$G,BOQ!$B244)*$G244","v":{"$error":"#VALUE!"}},{"$f":"SUMIFS('[20]WorkDone DATA'!$L:$L,'[20]WorkDone DATA'!$N:$N,BOQ!AT$6,'[20]WorkDone DATA'!$G:$G,BOQ!$B244)*$G244","v":{"$error":"#VALUE!"}},{"$f":"SUMIFS('[20]WorkDone DATA'!$L:$L,'[20]WorkDone DATA'!$N:$N,BOQ!AU$6,'[20]WorkDone DATA'!$G:$G,BOQ!$B244)*$G244","v":{"$error":"#VALUE!"}},{"$f":"SUMIFS('[20]WorkDone DATA'!$L:$L,'[20]WorkDone DATA'!$N:$N,BOQ!AV$6,'[20]WorkDone DATA'!$G:$G,BOQ!$B244)*$G244","v":{"$error":"#VALUE!"}},{"$f":"SUMIFS('[20]WorkDone DATA'!$L:$L,'[20]WorkDone DATA'!$N:$N,BOQ!AW$6,'[20]WorkDone DATA'!$G:$G,BOQ!$B244)*$G244","v":{"$error":"#VALUE!"}},{"$f":"SUMIFS('[20]WorkDone DATA'!$L:$L,'[20]WorkDone DATA'!$N:$N,BOQ!AX$6,'[20]WorkDone DATA'!$G:$G,BOQ!$B244)*$G244","v":{"$error":"#VALUE!"}},{"$f":"SUMIFS('[20]WorkDone DATA'!$L:$L,'[20]WorkDone DATA'!$N:$N,BOQ!AY$6,'[20]WorkDone DATA'!$G:$G,BOQ!$B244)*$G244","v":{"$error":"#VALUE!"}},{"$f":"SUMIFS('[20]WorkDone DATA'!$L:$L,'[20]WorkDone DATA'!$N:$N,BOQ!AZ$6,'[20]WorkDone DATA'!$G:$G,BOQ!$B244)*$G244","v":{"$error":"#VALUE!"}},{"$f":"SUMIFS('[20]WorkDone DATA'!$L:$L,'[20]WorkDone DATA'!$N:$N,BOQ!BA$6,'[20]WorkDone DATA'!$G:$G,BOQ!$B244)*$G244","v":{"$error":"#VALUE!"}},{"$f":"SUMIFS('[20]WorkDone DATA'!$L:$L,'[20]WorkDone DATA'!$N:$N,BOQ!BB$6,'[20]WorkDone DATA'!$G:$G,BOQ!$B244)*$G244","v":{"$error":"#VALUE!"}},{"$f":"SUMIFS('[20]WorkDone DATA'!$L:$L,'[20]WorkDone DATA'!$N:$N,BOQ!BC$6,'[20]WorkDone DATA'!$G:$G,BOQ!$B244)*$G244","v":{"$error":"#VALUE!"}},{"$f":"SUMIFS('[20]WorkDone DATA'!$L:$L,'[20]WorkDone DATA'!$N:$N,BOQ!BD$6,'[20]WorkDone DATA'!$G:$G,BOQ!$B244)*$G244","v":{"$error":"#VALUE!"}},{"$f":"SUMIFS('[20]WorkDone DATA'!$L:$L,'[20]WorkDone DATA'!$N:$N,BOQ!BE$6,'[20]WorkDone DATA'!$G:$G,BOQ!$B244)*$G244","v":{"$error":"#VALUE!"}},{"$f":"SUMIFS('[20]WorkDone DATA'!$L:$L,'[20]WorkDone DATA'!$N:$N,BOQ!BF$6,'[20]WorkDone DATA'!$G:$G,BOQ!$B244)*$G244","v":{"$error":"#VALUE!"}},{"$f":"SUMIFS('[20]WorkDone DATA'!$L:$L,'[20]WorkDone DATA'!$N:$N,BOQ!BG$6,'[20]WorkDone DATA'!$G:$G,BOQ!$B244)*$G244","v":{"$error":"#VALUE!"}},{"$f":"SUMIFS('[20]WorkDone DATA'!$L:$L,'[20]WorkDone DATA'!$N:$N,BOQ!BH$6,'[20]WorkDone DATA'!$G:$G,BOQ!$B244)*$G244","v":{"$error":"#VALUE!"}},{"$f":"SUMIFS('[20]WorkDone DATA'!$L:$L,'[20]WorkDone DATA'!$N:$N,BOQ!BI$6,'[20]WorkDone DATA'!$G:$G,BOQ!$B244)*$G244","v":{"$error":"#VALUE!"}},{"$f":"SUMIFS('[20]WorkDone DATA'!$L:$L,'[20]WorkDone DATA'!$N:$N,BOQ!BJ$6,'[20]WorkDone DATA'!$G:$G,BOQ!$B244)*$G244","v":{"$error":"#VALUE!"}},{"$f":"SUMIFS('[20]WorkDone DATA'!$L:$L,'[20]WorkDone DATA'!$N:$N,BOQ!BK$6,'[20]WorkDone DATA'!$G:$G,BOQ!$B244)*$G244","v":{"$error":"#VALUE!"}},{"$f":"SUMIFS('[20]WorkDone DATA'!$L:$L,'[20]WorkDone DATA'!$N:$N,BOQ!BL$6,'[20]WorkDone DATA'!$G:$G,BOQ!$B244)*$G244","v":{"$error":"#VALUE!"}},{"$f":"SUMIFS('[20]WorkDone DATA'!$L:$L,'[20]WorkDone DATA'!$N:$N,BOQ!BM$6,'[20]WorkDone DATA'!$G:$G,BOQ!$B244)*$G244","v":{"$error":"#VALUE!"}},{"$f":"SUMIFS('[20]WorkDone DATA'!$L:$L,'[20]WorkDone DATA'!$N:$N,BOQ!BN$6,'[20]WorkDone DATA'!$G:$G,BOQ!$B244)*$G244","v":{"$error":"#VALUE!"}},{"$f":"SUMIFS('[20]WorkDone DATA'!$L:$L,'[20]WorkDone DATA'!$N:$N,BOQ!BO$6,'[20]WorkDone DATA'!$G:$G,BOQ!$B244)*$G244","v":{"$error":"#VALUE!"}},{"$f":"SUMIFS('[20]WorkDone DATA'!$L:$L,'[20]WorkDone DATA'!$N:$N,BOQ!BP$6,'[20]WorkDone DATA'!$G:$G,BOQ!$B244)*$G244","v":{"$error":"#VALUE!"}},{"$f":"SUMIFS('[20]WorkDone DATA'!$L:$L,'[20]WorkDone DATA'!$N:$N,BOQ!BQ$6,'[20]WorkDone DATA'!$G:$G,BOQ!$B244)*$G244","v":{"$error":"#VALUE!"}},{"$f":"SUMIFS('[20]WorkDone DATA'!$L:$L,'[20]WorkDone DATA'!$N:$N,BOQ!BR$6,'[20]WorkDone DATA'!$G:$G,BOQ!$B244)*$G244","v":{"$error":"#VALUE!"}},{"$f":"SUMIFS('[20]WorkDone DATA'!$L:$L,'[20]WorkDone DATA'!$N:$N,BOQ!BS$6,'[20]WorkDone DATA'!$G:$G,BOQ!$B244)*$G244","v":{"$error":"#VALUE!"}},{"$f":"SUMIFS('[20]WorkDone DATA'!$L:$L,'[20]WorkDone DATA'!$N:$N,BOQ!BT$6,'[20]WorkDone DATA'!$G:$G,BOQ!$B244)*$G244","v":{"$error":"#VALUE!"}},{"$f":"SUMIFS('[20]WorkDone DATA'!$L:$L,'[20]WorkDone DATA'!$N:$N,BOQ!BU$6,'[20]WorkDone DATA'!$G:$G,BOQ!$B244)*$G244","v":{"$error":"#VALUE!"}},{"$f":"SUMIFS('[20]WorkDone DATA'!$L:$L,'[20]WorkDone DATA'!$N:$N,BOQ!BV$6,'[20]WorkDone DATA'!$G:$G,BOQ!$B244)*$G244","v":{"$error":"#VALUE!"}},{"$f":"SUMIFS('[20]WorkDone DATA'!$L:$L,'[20]WorkDone DATA'!$N:$N,BOQ!BW$6,'[20]WorkDone DATA'!$G:$G,BOQ!$B244)*$G244","v":{"$error":"#VALUE!"}},{"$f":"SUMIFS('[20]WorkDone DATA'!$L:$L,'[20]WorkDone DATA'!$N:$N,BOQ!BX$6,'[20]WorkDone DATA'!$G:$G,BOQ!$B244)*$G244","v":{"$error":"#VALUE!"}}]
[{"$f":"C243","v":"300mm x 75mm"},2.122,"Installation","A","m",700,194.04,{"v":135828,"d":"135,828.00"},null,null,{"$error":"#VALUE!"},{"$error":"#VALUE!"},{"$error":"#VALUE!"},null,{"$error":"#VALUE!"},{"$error":"#VALUE!"},null,{"$f":"SUMIFS('[20]WorkDone DATA'!$L:$L,'[20]WorkDone DATA'!$N:$N,BOQ!S$6,'[20]WorkDone DATA'!$G:$G,BOQ!$B245)","v":{"$error":"#VALUE!"}},{"$error":"#VALUE!"},{"$f":"SUMIFS('[20]WorkDone DATA'!$L:$L,'[20]WorkDone DATA'!$N:$N,BOQ!U$6,'[20]WorkDone DATA'!$G:$G,BOQ!$B245)","v":{"$error":"#VALUE!"}},{"$error":"#VALUE!"},null,{"$f":"SUMIFS('[20]WorkDone DATA'!$L:$L,'[20]WorkDone DATA'!$N:$N,BOQ!W$6,'[20]WorkDone DATA'!$G:$G,BOQ!$B245)*$G245","v":{"$error":"#VALUE!"}},nul